{"text_format":"1","workbook":"xlsx","n_sheets":14,"sheets":["MENU","DADOS","NOVO","BDI","ORÇAMENTO","CÁLCULO","EVENTOS","CRONO","CRONOPLE","PLE","QCI","BM","RRE","OFÍCIO"],"not_rendered":{"charts":0,"images":2,"macros":1,"external_links":0,"defined_names":288,"comments":7,"pivot_tables":0},"unopened":[],"bounds":{"document_bytes":16777216,"sheet_cells":100000,"rows_first":2000,"rows_last":500,"rows_between":2000,"halvings":0,"cell_chars":16384,"cell_head_chars":4096},"cells_cut":0,"cells_raw":0,"read":"whole","date_system":"1900"}

{"sheet":"MENU","index":0,"n_rows":24,"n_cols":15,"rows_kept":24,"cut":false,"hidden":false,"merged":[[19,1,19,7],[7,1,7,7],[1,4,2,6],[15,1,15,7]]}
[null,null,null,null,null,null,null,null,null,"PM"]
[null,null,null,null,{"$f":"CHOOSE(MATCH(Objeto,{\"PM\",\"PO\"}),\"PLANILHA MÚLTIPLA \",\"PLANILHA ORÇAMENTÁRIA \")& Versao","v":"PLANILHA MÚLTIPLA v3.0.5"},null,null,null,null,"v3.0.5"]
[null,null,null,null,null,null,null,null,null,null,null,null,null,null,1]
[null,null,null,null,null,null,null,null,null,null,null,null,null,null,2]
[null,null,null,null,null,null,null,null,null,"Proposto"]
[null,null,null,null,"DADOS DO CONTRATO",null,"NOVIDADES DA VERSÃO",null,null,"Licitado"]
[null,null,null,null,null,null,null,null,null,"PLE"]
[null,{"$f":"IF($O$3<>2,\"DOCUMENTAÇÃO DA PROPOSTA\",\"PROPOSTA: Para visualizar/preencher esta seção, altere o TIPO DE ORÇAMENTO para 'Proposto'\")","v":"DOCUMENTAÇÃO DA PROPOSTA"},null,null,null,null,null,null,null,"BM",null,"LEGENDA:"]
[null,null,null,null,null,null,null,null,null,null,null,"Cores das células:"]
[null,null,{"$f":"IF(TIPOORCAMENTO<>\"Proposto\",\"\",\"                    BDI                    \")","v":"                    BDI                    "},null,{"$f":"IF(TIPOORCAMENTO<>\"Proposto\",\"\",\"             ORÇAMENTO             \")","v":"             ORÇAMENTO             "},null,{"$f":"IF(TIPOORCAMENTO<>\"Proposto\",\"\",\"MEMÓRIA DE CÁLCULO / PLQ\")","v":"MEMÓRIA DE CÁLCULO / PLQ"},null,null,null,null,null,null,"Fundo amarelo: células para preencher"]
[]
[null,null,{"$f":"IF(TIPOORCAMENTO<>\"Proposto\",\"\",\"                    QCI                    \")","v":"                    QCI                    "},null,{"$f":"IF(TIPOORCAMENTO<>\"Proposto\",\"\",\"CRONOGRAMA FÍSICO-FINANCEIRO\")","v":"CRONOGRAMA FÍSICO-FINANCEIRO"},null,null,null,null,null,null,null,null,"Fundo azul: células para seleção de opções"]
[]
[null,null,{"$f":"IF(TIPOORCAMENTO<>\"Proposto\",\"\",\"Obs: Composições e Cotações devem ser preenchidas diretamente no arquivo Referência \"&IF(ISBLANK(Import.DataBase),\"mm-aaaa\",TEXT(Import.DataBase,\"mm-aaaa\"))&\".xls.\")","v":"Obs: Composições e Cotações devem ser preenchidas diretamente no arquivo Referência 05-2020.xls."}]
[null,null,null,null,null,null,null,null,null,null,null,"Cores dos botões:"]
[null,{"$f":"IF($O$3<>2,\"PÓS-LICITADO: Para visualizar/preencher esta seção, altere o TIPO DE ORÇAMENTO para 'Licitado'\",\"RESULTADO DO PROCESSO LICITATÓRIO\")","v":"PÓS-LICITADO: Para visualizar/preencher esta seção, altere o TIPO DE ORÇAMENTO para 'Licitado'"},null,null,null,null,null,null,null,null,null,null,null,"Fundo azul: navegação entre abas"]
[]
[null,null,{"$f":"IF(TIPOORCAMENTO<>\"Licitado\",\"\",\"             ORÇAMENTO             \")","v":""},null,{"$f":"IF(TIPOORCAMENTO<>\"Licitado\",\"\",\"                    QCI                    \")","v":""},null,{"$f":"IF(TIPOORCAMENTO<>\"Licitado\",\"\",\"CRONOGRAMA FÍSICO-FINANCEIRO\")","v":""},null,null,null,null,null,null,"Fundo laranja: execução de macro"]
[]
[null,{"$f":"IF($O$3<>2,\"ACOMPANHAMENTO: Para visualizar/preencher esta seção, altere o TIPO DE ORÇAMENTO para 'Licitado'\",\"ACOMPANHAMENTO DO EMPREENDIMENTO\")","v":"ACOMPANHAMENTO: Para visualizar/preencher esta seção, altere o TIPO DE ORÇAMENTO para 'Licitado'"}]
[]
[null,null,{"$f":"IF(OR(TIPOORCAMENTO<>\"Licitado\",ACOMPANHAMENTO<>\"PLE\"),\"\",\"PLAN. DE LEVANT. DE EVENTOS - PLE\")","v":""},null,{"$f":"IF(TIPOORCAMENTO<>\"Licitado\",\"\",\"                    RRE                    \")","v":""},null,{"$f":"IF(OR(TIPOORCAMENTO<>\"Licitado\",ACOMPANHAMENTO<>\"BM\"),\"\",\"  BOLETIM DE MEDIÇÃO - BM  \")","v":""}]
[]
[null,null,null,null,{"$f":"IF(TIPOORCAMENTO<>\"Licitado\",\"\",\"OF. DE SOLICITAÇÃO DE DESBLOQUEIO\")","v":""}]

{"sheet":"DADOS","index":1,"n_rows":60,"n_cols":44,"rows_kept":60,"cut":false,"hidden":false,"merged":[[48,4,48,5],[57,4,57,5],[0,11,0,43],[2,4,2,5],[14,4,14,5],[20,4,20,5],[26,4,26,5],[33,4,33,5],[44,4,44,5]]}
[null,null,null,null,"A. DOCUMENTAÇÃO DA PROPOSTA",null,null,null,null,null,null,"Sub-Itens de Investimento"]
[null,null,null,null,null,null,null,null,null,"Itens de Investimento","Unidades habitacionais",{"$f":"COUNTA(K:K)-1","v":3},"Equipamentos comunitários",{"$f":"COUNTA(M:M)-1","v":6},"Pavimentação",{"$f":"COUNTA(O:O)-1","v":6},"Drenagem ",{"$f":"COUNTA(Q:Q)-1","v":6},"Abastecimento de água",{"$f":"COUNTA(S:S)-1","v":11},"Esgotamento sanitário",{"$f":"COUNTA(U:U)-1","v":8},"Energia elétrica e iluminação pública",{"$f":"COUNTA(W:W)-1","v":4},"Coleta e tratamento de resíduos sólidos",{"$f":"COUNTA(Y:Y)-1","v":6},"Contenção e estabilização de encostas ",{"$f":"COUNTA(AA:AA)-1","v":2},"Regularização fundiária",{"$f":"COUNTA(AC:AC)-1","v":2},"Aquisição de terreno",{"$f":"COUNTA(AE:AE)-1","v":2},"Aquisição de equipamentos e insumos",{"$f":"COUNTA(AG:AG)-1","v":1},"Elaboração de estudos e projetos",{"$f":"COUNTA(AI:AI)-1","v":1},"Instrumentos e ações em planejamento e gestão pública",{"$f":"COUNTA(AK:AK)-1","v":1},"Ações complementares às obras",{"$f":"COUNTA(AM:AM)-1","v":3},"Gerenciamento",{"$f":"COUNTA(AO:AO)-1","v":1},"Trabalho social",{"$f":"COUNTA(AQ:AQ)-1","v":4}]
[null,null,null,null,"Dados do Contrato (Inicial)",null,null,null,null,"Unidades habitacionais","Aquisição","un","Convivência comunitária, assistência social e/ou comunitária","m²","Capeamento de vias","m²","Obras de microdrenagem ","m","Captação subterrânea","m³/s","Ligações domiciliares e/ou intradomiciliares","un","Iluminação pública - luminárias","un","Acondicionamento ","un","Estabilização de taludes","m²","Desapropriacões/Indenizações","m²","Aquisição de terreno","m²","Aquisição de equipamentos e insumos","un","Elaboração de estudos e projetos","un","Instrumentos e ações em planejamento e gestão pública","un","Avaliação pós intervenção","un","Gerenciamento","%CT","Projeto de Trabalho Social Preliminar","nº fam"]
[null,null,null,null,"Fonte de recursos:","(SELECIONAR)",null,null,null,"Equipamentos comunitários","Construção","un","Educação e cultura","m²","Recapeamento de vias","m²","Desassoreamento de cursos de água","m","Captação superficial","m³/s","Rede coletora e/ou condominial","m","Ligações domiciliares","un","Aterro sanitário e/ou disposição final","m³","Obras complementares a ações de redução de risco e/ou contenções","m²","Projeto de Regularização Fundiária","m²","Benfeitorias","m²",null,null,null,null,null,null,"Demolições","un",null,null,"Projeto de Trabalho Social","nº fam"]
[null,null,null,null,"Proponente/Tomador:","Prefeitura Municipal de Ouro/SC",null,null,null,"Pavimentação","Reforma e/ou melhoria","un","Esportes","m²","Obras de artes especiais","m","Canalização de cursos de água","m","Estação de bombeamento de água bruta","m³/s","Coletor tronco e/ou interceptores","m","Linhas de distribuição - baixa tensão ","m","Erradicação de lixões","m³",null,null,null,null,null,null,null,null,null,null,null,null,"Plano de Reassentamento e medidas compensatórias","un",null,null,"Plano de Desenvolvimento Socioterritorial","nº fam"]
[null,null,null,null,"Município/UF:","Ouro/SC",null,null,null,"Drenagem ",null,null,"Lazer e turismo","m²","Pavimentação de calçadas","m²","Recomposição de vegetação ciliar, renaturalização de cursos de água ou restauração de margens","m²","Adução","m","Emissário","m","Linhas de transmissão - alta tensão ","m","Sistema de coleta seletiva tradicional, transporte e/ou equipamentos","un",null,null,null,null,null,null,null,null,null,null,null,null,null,null,null,null,"Plano de Gestão Condominial","nº fam"]
[null,null,null,null,"Nº da Operação (0000000-00):",null,null,null,null,"Abastecimento de água",null,null,"Saúde","m²","Pavimentação de vias","m²","Reservatório de amortecimento de cheias","m³","Estação de Tratamento de Água (ETA)","m³/s","Estação Elevatória","m³/s",null,null,"Tratamento local ","un"]
[null,null,null,null,"Nº do SICONV (000000):",null,null,null,null,"Esgotamento sanitário",null,null,"Segurança pública","m²","Sinalização","m²","Estação de Bombeamento","m³/s","Estação de bombeamento de água tratada","m³/s","Estação de Tratamento de Esgoto (ETE)","m³/s",null,null,"Usinas de reciclagem ","m²"]
[null,null,null,null,{"$f":"IF(F4=\"FGTS\",\"Valor de Financiamento Contratado (R$):\",\"Valor do Repasse Contratado (R$):\")","v":"Valor do Repasse Contratado (R$):"},null,null,null,null,"Energia elétrica e iluminação pública",null,null,null,null,null,null,null,null,"Linha de recalque","m","Sistema simplificado de tratamento","m³/s"]
[null,null,null,null,"Valor de Contrapartida Contratada (R$):",null,null,null,null,"Coleta e tratamento de resíduos sólidos",null,null,null,null,null,null,null,null,"Reservação","m³","Unidades sanitárias","un"]
[null,null,null,null,"% mínimo de Contrapartida:",null,null,null,null,"Contenção e estabilização de encostas ",null,null,null,null,null,null,null,null,"Rede de distribuição","m"]
[null,null,null,null,"R$ mínimo de Contrapartida (se houver):",null,null,null,null,"Regularização fundiária",null,null,null,null,null,null,null,null,"Ligações domiciliares e/ou intradomiciliares","un"]
[null,null,null,null,"% máximo de Contrapartida:",null,null,null,null,"Aquisição de terreno",null,null,null,null,null,null,null,null,"Sistema simplificado de abastecimento","m"]
[null,null,null,null,null,null,null,null,null,"Aquisição de equipamentos e insumos"]
[null,null,null,null,"Dados do Empreendimento e Orçamento",null,null,null,null,"Elaboração de estudos e projetos"]
[null,null,null,null,"Nome/apelido:","FECHAMENTO DA GARAGEM DE MÁQUINAS",null,null,null,"Instrumentos e ações em planejamento e gestão pública"]
[null,null,null,null,"Descrição do Objeto do Lote / CTEF:","GARAGEM DE MÁQUINAS",null,null,null,"Ações complementares às obras"]
[null,null,null,null,"Regime previdenciário previsto para a obra:","NÃO DESONERADO",null,null,null,"Gerenciamento"]
[null,null,null,null,"Data base do Orçamento:","2020-05-01",null,null,null,"Trabalho social"]
[]
[null,null,null,null,"Responsável pelo Orçamento"]
[null,null,null,null,"Nome:","André Brito Dotti"]
[null,null,null,null,"CREA/CAU:","162.237-5"]
[null,null,null,null,"ART/RRT:","7.438.364-2"]
[null,null,null,null,"Data do preenchimento:",{"$f":"TODAY()","v":"2020-07-23"}]
[]
[null,null,null,null,"Responsável pelo Tomador (Prefeito, no caso de Municípios)"]
[null,null,null,null,"Nome:","Antonio José Bissani"]
[null,null,null,null,"Cargo:","Prefeito Municipal"]
[]
[]
[null,null,null,null,"B. RESULTADO DO PROCESSO LICITATÓRIO"]
[]
[null,null,null,null,"Licitação"]
[null,null,null,null,"Data de emissão dos documentos de licitação:"]
[null,null,null,null,"Nº do CTEF (contrato com empresa):"]
[null,null,null,null,"Nome da empresa:"]
[null,null,null,null,"CNPJ da empresa:"]
[null,null,null,null,"Regime de execução do CTEF:","(SELECIONAR)"]
[null,null,null,null,"Data base do CTEF:"]
[]
[]
[null,null,null,null,"C. ACOMPANHAMENTO DO EMPREENDIMENTO"]
[]
[null,null,null,null,"Dados da obra"]
[null,null,null,null,"Data do Início da Obra:"]
[null,null,null,null,"Data de fechamento do RRE:",{"$f":"TODAY()","v":"2020-07-23"}]
[]
[null,null,null,null,"Responsável pela Fiscalização"]
[null,null,null,null,"Nome:"]
[null,null,null,null,"Profissão:"]
[null,null,null,null,"CREA/CAU (para obras/projetos):"]
[null,null,null,null,"ART/RRT (para obras/projetos):"]
[]
[]
[null,null,null,null,"D. ACOMPANHAMENTO CAIXA"]
[]
[null,null,null,null,"Responsável Gerencial"]
[null,null,null,null,"Nome:"]
[null,null,null,null,"Função:"]

{"sheet":"NOVO","index":2,"n_rows":47,"n_cols":4,"rows_kept":47,"cut":false,"hidden":false,"merged":[]}
[]
[]
[null,"Novidades da Versão"]
[]
[]
["V3.0.0"]
[null,"GERAL"]
[null,null,{"$f":"IF(D8<>\"\",\"▪\",\"\")","v":"▪"},"Lançamento: Adequação à Portaria 424/2016. Acompanhamento por Eventos."]
[null,null,{"$f":"IF(D9<>\"\",\"▪\",\"\")","v":""}]
["V3.0.1"]
[null,"GERAL"]
[null,null,{"$f":"IF(D12<>\"\",\"▪\",\"\")","v":"▪"},"Ajustes de formatações."]
[null,"PO"]
[null,null,{"$f":"IF(D14<>\"\",\"▪\",\"\")","v":"▪"},"Correção da aplicação do BDI não desonerado."]
[null,null,{"$f":"IF(D15<>\"\",\"▪\",\"\")","v":"▪"},"Inclusão de coluna exclusiva \"Preço Unitário Edital\", para o Modo 'Orçamento Licitado'."]
[]
["V3.0.2"]
[null,"GERAL"]
[null,null,{"$f":"IF(D19<>\"\",\"▪\",\"\")","v":"▪"},"Ajustes de formatações."]
[null,null,{"$f":"IF(D20<>\"\",\"▪\",\"\")","v":"▪"},"Correção do Problema de Guias ocultas no BROFFICE."]
[null,"ORÇAMENTO"]
[null,null,{"$f":"IF(D22<>\"\",\"▪\",\"\")","v":"▪"},"Ampliada obtenção de dados da Planilha Referência de 20.000 para 65.536 linhas."]
[null,"CRONOGRAMA"]
[null,null,{"$f":"IF(D24<>\"\",\"▪\",\"\")","v":"▪"},"Correção na formulação do total acumulado por Repasse, CP e Outros"]
[null,"QCI"]
[null,null,{"$f":"IF(D26<>\"\",\"▪\",\"\")","v":"▪"},"Correção na formulação do arredondamento no rateio dos valores do QCI."]
[null,"RRE"]
[null,null,{"$f":"IF(D28<>\"\",\"▪\",\"\")","v":"▪"},"Correção na formulação do total por Repasse, CP e Outros."]
[]
["V3.0.3"]
[null,"GERAL"]
[null,null,{"$f":"IF(D32<>\"\",\"▪\",\"\")","v":"▪"},"Correção do Problema de Guias ocultas no BROFFICE."]
[null,"CÁLCULO"]
[null,null,{"$f":"IF(D34<>\"\",\"▪\",\"\")","v":"▪"},"Corrigida lentidão e travamento ao incluir e excluir frentes."]
[]
[]
["V3.0.4"]
[null,"BDI"]
[null,null,{"$f":"IF(D39<>\"\",\"▪\",\"\")","v":"▪"},"Correção da CPRB que exibia 4,5% mesmo quando não desonerado."]
[null,"CRONOGRAMA"]
[null,null,{"$f":"IF(D41<>\"\",\"▪\",\"\")","v":"▪"},"Correção da distribuição de Repasse, CP e Outros para as metas manuais."]
[null,"QCI"]
[null,null,{"$f":"IF(D43<>\"\",\"▪\",\"\")","v":"▪"},"Adicionado botão para adotar a CP do QCI como CP do contrato (zera saldo a reprogramar de CP)."]
[]
["V3.0.5"]
[null,"GERAL"]
[null,null,{"$f":"IF(D47<>\"\",\"▪\",\"\")","v":"▪"},"Corrigido modo de Cálculo da Planilha para Automático."]

{"sheet":"BDI","index":3,"n_rows":146,"n_cols":26,"rows_kept":146,"cut":false,"hidden":false,"merged":[[128,9,128,12],[119,9,119,18],[122,9,122,18],[124,9,124,12],[124,15,124,18],[125,9,125,12],[127,9,127,12],[115,13,115,15],[107,9,107,16],[107,20,107,22],[108,9,108,16],[108,20,108,22],[109,9,109,16],[111,10,111,18],[117,9,117,18],[5,8,9,8],[113,9,113,18],[106,9,106,16],[114,12,115,12],[104,9,104,16],[102,9,102,16],[68,9,68,16],[114,13,114,15],[114,16,115,16],[101,9,101,16],[101,20,101,22],[104,20,104,22],[105,9,105,16],[105,20,105,22],[103,9,103,16],[103,20,103,22],[102,20,102,22],[106,20,106,22],[98,24,99,24],[98,25,99,25],[98,9,99,16],[98,17,99,17],[98,18,99,18],[98,23,99,23],[100,9,100,16],[100,20,100,22],[95,9,95,18],[96,9,96,18],[98,20,99,22],[65,9,65,16],[65,20,65,22],[66,20,66,22],[67,9,67,16],[67,20,67,22],[93,9,93,18],[84,9,84,12],[84,15,84,18],[66,9,66,16],[77,9,77,18],[69,9,69,16],[71,10,71,18],[88,9,88,12],[68,20,68,22],[85,9,85,12],[87,9,87,12],[73,9,73,18],[74,12,75,12],[79,9,79,18],[82,9,82,18],[75,13,75,15],[74,13,74,15],[74,16,75,16],[55,9,55,18],[56,9,56,18],[63,9,63,16],[63,20,63,22],[61,9,61,16],[61,20,61,22],[62,9,62,16],[62,20,62,22],[64,9,64,16],[64,20,64,22],[58,24,59,24],[58,25,59,25],[58,9,59,16],[58,17,59,17],[58,18,59,18],[58,20,59,22],[58,23,59,23],[60,9,60,16],[60,20,60,22],[48,9,48,12],[53,9,53,18],[44,9,44,12],[44,15,44,18],[45,9,45,12],[47,9,47,12],[34,13,34,15],[34,16,35,16],[39,9,39,18],[42,9,42,18],[26,9,26,16],[26,20,26,22],[27,9,27,16],[27,20,27,22],[23,9,23,16],[23,20,23,22],[35,13,35,15],[37,9,37,18],[29,9,29,16],[31,10,31,18],[28,9,28,16],[28,20,28,22],[33,9,33,18],[34,12,35,12],[22,9,22,16],[22,20,22,22],[20,9,20,16],[20,20,20,22],[21,9,21,16],[21,20,21,22],[24,9,24,16],[24,20,24,22],[25,9,25,16],[25,20,25,22],[18,23,19,23],[18,24,19,24],[16,9,16,18],[18,25,19,25],[18,20,19,22],[18,9,19,16],[18,17,19,17],[18,18,19,18],[13,9,13,18],[15,9,15,18],[4,9,4,10],[4,11,4,12],[4,13,4,18],[0,17,0,18],[1,17,1,18],[3,9,3,10],[3,11,3,12],[3,13,3,18],[10,9,10,16],[10,17,10,18],[6,9,6,18],[7,9,7,18],[9,9,9,16],[9,17,9,18]]}
[null,null,null,null,"MIN","MED","MAX",null,null,null,null,null,null,null,{"$f":"\"Quadro de Composição do BDI\"","v":"Quadro de Composição do BDI"},null,null,"Grau de Sigilo"]
["Construção e Reforma de Edifícios","AC",{"$f":"CONCATENATE(A2,\"-\",B2)","v":"Construção e Reforma de Edifícios-AC"},null,0.03,0.04,5.5E-2,null,null,null,null,null,null,null,null,null,null,"#PUBLICO"]
[{"$f":"A2","v":"Construção e Reforma de Edifícios"},"SG","Construção e Reforma de Edifícios-SG",null,8.0000000000000002E-3,8.0000000000000002E-3,0.01]
[{"$f":"A3","v":"Construção e Reforma de Edifícios"},"R","Construção e Reforma de Edifícios-R",null,9.7000000000000003E-3,1.2699999999999999E-2,1.2699999999999999E-2,null,null,"Nº OPERAÇÃO",null,"Nº SICONV",null,"PROPONENTE / TOMADOR"]
[{"$f":"A4","v":"Construção e Reforma de Edifícios"},"DF","Construção e Reforma de Edifícios-DF",null,5.8999999999999999E-3,1.23E-2,1.3899999999999999E-2,null,null,{"$f":"Import.CR","v":0},null,{"$f":"Import.SICONV","v":0},null,{"$f":"Import.Proponente","v":"Prefeitura Municipal de Ouro/SC"}]
[{"$f":"A5","v":"Construção e Reforma de Edifícios"},"L","Construção e Reforma de Edifícios-L",null,6.1600000000000002E-2,7.400000000000001E-2,8.9600000000000013E-2,null,"FILTRO"]
[{"$f":"A6","v":"Construção e Reforma de Edifícios"},"BDI PAD","Construção e Reforma de Edifícios-BDI PAD",null,0.2034,0.22120000000000001,0.25,null,null,"APELIDO DO EMPREENDIMENTO / DESCRIÇÃO DO LOTE"]
["Construção de Praças Urbanas, Rodovias, Ferrovias e recapeamento e pavimentação de vias urbanas","AC","Construção de Praças Urbanas, Rodovias, Ferrovias e recapeamento e pavimentação de vias urbanas-AC",null,3.7999999999999999E-2,4.0099999999999997E-2,4.6699999999999998E-2,null,null,{"$f":"Import.Apelido&\" / \"&Import.DescLote","v":"FECHAMENTO DA GARAGEM DE MÁQUINAS / GARAGEM DE MÁQUINAS"}]
["Construção de Praças Urbanas, Rodovias, Ferrovias e recapeamento e pavimentação de vias urbanas","SG","Construção de Praças Urbanas, Rodovias, Ferrovias e recapeamento e pavimentação de vias urbanas-SG",null,3.2000000000000002E-3,4.0000000000000001E-3,7.4000000000000003E-3]
["Construção de Praças Urbanas, Rodovias, Ferrovias e recapeamento e pavimentação de vias urbanas","R","Construção de Praças Urbanas, Rodovias, Ferrovias e recapeamento e pavimentação de vias urbanas-R",null,5.0000000000000001E-3,5.6000000000000008E-3,9.7000000000000003E-3,null,null,"Conforme legislação tributária municipal, definir estimativa de percentual da base de cálculo para o ISS:",null,null,null,null,null,null,null,0.03]
["Construção de Praças Urbanas, Rodovias, Ferrovias e recapeamento e pavimentação de vias urbanas","DF","Construção de Praças Urbanas, Rodovias, Ferrovias e recapeamento e pavimentação de vias urbanas-DF",null,1.0200000000000001E-2,1.11E-2,1.21E-2,null,"↓","Sobre a base de cálculo, definir a respectiva alíquota do ISS (entre 2% e 5%):",null,null,null,null,null,null,null,1]
["Construção de Praças Urbanas, Rodovias, Ferrovias e recapeamento e pavimentação de vias urbanas","L","Construção de Praças Urbanas, Rodovias, Ferrovias e recapeamento e pavimentação de vias urbanas-L",null,6.6400000000000001E-2,7.2999999999999995E-2,8.6899999999999991E-2,null,"F"]
["Construção de Praças Urbanas, Rodovias, Ferrovias e recapeamento e pavimentação de vias urbanas","BDI PAD","Construção de Praças Urbanas, Rodovias, Ferrovias e recapeamento e pavimentação de vias urbanas-BDI PAD",null,0.19600000000000001,0.2097,0.24230000000000002,null,"F"]
["Construção de Redes de Abastecimento de Água, Coleta de Esgoto","AC","Construção de Redes de Abastecimento de Água, Coleta de Esgoto-AC",null,3.4300000000000004E-2,4.9299999999999997E-2,6.7099999999999993E-2,null,"F","BDI 1"]
[{"$f":"A14","v":"Construção de Redes de Abastecimento de Água, Coleta de Esgoto"},"SG","Construção de Redes de Abastecimento de Água, Coleta de Esgoto-SG",null,2.8000000000000004E-3,4.8999999999999998E-3,7.4999999999999997E-3,null,"F"]
[{"$f":"A15","v":"Construção de Redes de Abastecimento de Água, Coleta de Esgoto"},"R","Construção de Redes de Abastecimento de Água, Coleta de Esgoto-R",null,0.01,1.3899999999999999E-2,1.7399999999999999E-2,null,"F","TIPO DE OBRA"]
[{"$f":"A16","v":"Construção de Redes de Abastecimento de Água, Coleta de Esgoto"},"DF","Construção de Redes de Abastecimento de Água, Coleta de Esgoto-DF",null,9.3999999999999986E-3,9.8999999999999991E-3,1.1699999999999999E-2,null,"F","Construção e Reforma de Edifícios"]
[{"$f":"A17","v":"Construção de Redes de Abastecimento de Água, Coleta de Esgoto"},"L","Construção de Redes de Abastecimento de Água, Coleta de Esgoto-L",null,6.7400000000000002E-2,8.0399999999999985E-2,9.4E-2,null,"F"]
[{"$f":"A18","v":"Construção de Redes de Abastecimento de Água, Coleta de Esgoto"},"BDI PAD","Construção de Redes de Abastecimento de Água, Coleta de Esgoto-BDI PAD",null,0.20760000000000001,0.24179999999999999,0.26440000000000002,null,"F","Itens",null,null,null,null,null,null,null,"Siglas","% Adotado",null,"Situação",null,null,"1º Quartil","Médio","3º Quartil"]
["Construção e Manutenção de Estações e Redes de Distribuição de Energia Elétrica","AC","Construção e Manutenção de Estações e Redes de Distribuição de Energia Elétrica-AC",null,5.2900000000000003E-2,5.9200000000000003E-2,7.9299999999999995E-2,null,"F"]
[{"$f":"A20","v":"Construção e Manutenção de Estações e Redes de Distribuição de Energia Elétrica"},"SG","Construção e Manutenção de Estações e Redes de Distribuição de Energia Elétrica-SG",null,2.5000000000000001E-3,5.1000000000000004E-3,5.6000000000000008E-3,null,"F",{"$f":"IF($J$17=$A$146,\"Encargos Sociais incidentes sobre a mão de obra\",\"Administração Central\")","v":"Administração Central"},null,null,null,null,null,null,null,{"$f":"IF($J17=$A$146,\"K1\",\"AC\")","v":"AC"},0.03,null,"-",null,null,{"$f":"VLOOKUP(CONCATENATE(J17,\"-\",R21),$C$2:$G$136,3,FALSE)","v":0.03},{"$f":"VLOOKUP(CONCATENATE(J17,\"-\",R21),$C$2:$G$136,4,FALSE)","v":0.04},{"$f":"VLOOKUP(CONCATENATE(J17,\"-\",R21),$C$2:$G$136,5,FALSE)","v":5.5E-2}]
[{"$f":"A21","v":"Construção e Manutenção de Estações e Redes de Distribuição de Energia Elétrica"},"R","Construção e Manutenção de Estações e Redes de Distribuição de Energia Elétrica-R",null,0.01,1.4800000000000001E-2,1.9699999999999999E-2,null,"F",{"$f":"IF($J$17=$A$146,\"Administração Central da empresa ou consultoria - overhead\",\"Seguro e Garantia\")","v":"Seguro e Garantia"},null,null,null,null,null,null,null,{"$f":"IF($J17=$A$146,\"K2\",\"SG\")","v":"SG"},8.0000000000000002E-3,null,"-",null,null,{"$f":"VLOOKUP(CONCATENATE(J17,\"-\",R22),$C$2:$G$136,3,FALSE)","v":8.0000000000000002E-3},{"$f":"VLOOKUP(CONCATENATE(J17,\"-\",R22),$C$2:$G$136,4,FALSE)","v":8.0000000000000002E-3},{"$f":"VLOOKUP(CONCATENATE(J17,\"-\",R22),$C$2:$G$136,5,FALSE)","v":0.01}]
[{"$f":"A22","v":"Construção e Manutenção de Estações e Redes de Distribuição de Energia Elétrica"},"DF","Construção e Manutenção de Estações e Redes de Distribuição de Energia Elétrica-DF",null,1.01E-2,1.0700000000000001E-2,1.11E-2,null,"F",{"$f":"IF($J$17=$A$146,\"\",\"Risco\")","v":"Risco"},null,null,null,null,null,null,null,{"$f":"IF($J17=$A$146,\"\",\"R\")","v":"R"},9.7000000000000003E-3,null,"-",null,null,{"$f":"VLOOKUP(CONCATENATE(J17,\"-\",R23),$C$2:$G$136,3,FALSE)","v":9.7000000000000003E-3},{"$f":"VLOOKUP(CONCATENATE(J17,\"-\",R23),$C$2:$G$136,4,FALSE)","v":1.2699999999999999E-2},{"$f":"VLOOKUP(CONCATENATE(J17,\"-\",R23),$C$2:$G$136,5,FALSE)","v":1.2699999999999999E-2}]
[{"$f":"A23","v":"Construção e Manutenção de Estações e Redes de Distribuição de Energia Elétrica"},"L","Construção e Manutenção de Estações e Redes de Distribuição de Energia Elétrica-L",null,0.08,8.3100000000000007E-2,9.5100000000000004E-2,null,"F",{"$f":"IF($J$17=$A$146,\"\",\"Despesas Financeiras\")","v":"Despesas Financeiras"},null,null,null,null,null,null,null,{"$f":"IF($J17=$A$146,\"\",\"DF\")","v":"DF"},5.8999999999999999E-3,null,"-",null,null,{"$f":"VLOOKUP(CONCATENATE(J17,\"-\",R24),$C$2:$G$136,3,FALSE)","v":5.8999999999999999E-3},{"$f":"VLOOKUP(CONCATENATE(J17,\"-\",R24),$C$2:$G$136,4,FALSE)","v":1.23E-2},{"$f":"VLOOKUP(CONCATENATE(J17,\"-\",R24),$C$2:$G$136,5,FALSE)","v":1.3899999999999999E-2}]
[{"$f":"A24","v":"Construção e Manutenção de Estações e Redes de Distribuição de Energia Elétrica"},"BDI PAD","Construção e Manutenção de Estações e Redes de Distribuição de Energia Elétrica-BDI PAD",null,0.24,0.25840000000000002,0.27860000000000001,null,"F",{"$f":"IF($J$17=$A$146,\"Margem bruta da empresa de consultoria\",\"Lucro\")","v":"Lucro"},null,null,null,null,null,null,null,{"$f":"IF($J17=$A$146,\"K3\",\"L\")","v":"L"},6.6000000000000003E-2,null,"-",null,null,{"$f":"VLOOKUP(CONCATENATE(J17,\"-\",R25),$C$2:$G$136,3,FALSE)","v":6.1600000000000002E-2},{"$f":"VLOOKUP(CONCATENATE(J17,\"-\",R25),$C$2:$G$136,4,FALSE)","v":7.400000000000001E-2},{"$f":"VLOOKUP(CONCATENATE(J17,\"-\",R25),$C$2:$G$136,5,FALSE)","v":8.9600000000000013E-2}]
["Obras Portuárias, Marítimas e Fluviais","AC","Obras Portuárias, Marítimas e Fluviais-AC",null,0.04,5.5199999999999999E-2,7.85E-2,null,"F","Tributos (impostos COFINS 3%, e  PIS 0,65%)",null,null,null,null,null,null,null,"CP",3.6499999999999998E-2,null,"-",null,null,3.6499999999999998E-2,3.6499999999999998E-2,3.6499999999999998E-2]
[{"$f":"A26","v":"Obras Portuárias, Marítimas e Fluviais"},"SG","Obras Portuárias, Marítimas e Fluviais-SG",null,8.1000000000000013E-3,1.2199999999999999E-2,1.9900000000000001E-2,null,"F","Tributos (ISS, variável de acordo com o município)",null,null,null,null,null,null,null,"ISS",{"$f":"IF(AND($J17<>$A$145,COUNTA(OFFSET(S20,1,0,6))>0),$R$11*$R$10,0)","v":0.03},null,"-",null,null,0,2.5000000000000001E-2,0.05]
[{"$f":"A27","v":"Obras Portuárias, Marítimas e Fluviais"},"R","Obras Portuárias, Marítimas e Fluviais-R",null,1.46E-2,2.3199999999999998E-2,3.1600000000000003E-2,null,"F","Tributos (Contribuição Previdenciária sobre a Receita Bruta - 0% ou 4,5% - Desoneração)",null,null,null,null,null,null,null,"CPRB",{"$f":"IF(BDI.Opcao<>\"Desonerado\",0,IF(AND($J17<>$A$145,COUNTA(OFFSET(S20,1,0,6))>0),4.5%,0%))","v":0},null,"-",null,null,0,4.4999999999999998E-2,4.4999999999999998E-2]
[{"$f":"A28","v":"Obras Portuárias, Marítimas e Fluviais"},"DF","Obras Portuárias, Marítimas e Fluviais-DF",null,9.3999999999999986E-3,1.0200000000000001E-2,1.3300000000000001E-2,null,"F","BDI SEM desoneração (Fórmula Acórdão TCU)",null,null,null,null,null,null,null,"BDI PAD",{"$f":"IF($J17=$A$145,0,ROUND((((1+S21+S22+S23)*(1+S24)*(1+S25)/(1-(S26+S27)))-1),4))","v":0.20349999999999999},null,{"$f":"IF(OR($J$17=$A$146,$J$17=$A$145,AND(S29>=X29,S29<=Z29)),\"OK\",\"FORA DO INTERVALO\")","v":"OK"},null,null,{"$f":"IF($J17=$A$145,0,VLOOKUP(CONCATENATE($J17,\"-\",$R29),$C$2:$G$136,3,FALSE))","v":0.2034},{"$f":"IF($J17=$A$145,0,VLOOKUP(CONCATENATE($J17,\"-\",$R29),$C$2:$G$136,4,FALSE))","v":0.22120000000000001},{"$f":"IF($J17=$A$145,0,VLOOKUP(CONCATENATE($J17,\"-\",$R29),$C$2:$G$136,5,FALSE))","v":0.25}]
[{"$f":"A29","v":"Obras Portuárias, Marítimas e Fluviais"},"L","Obras Portuárias, Marítimas e Fluviais-L",null,7.1399999999999991E-2,8.4000000000000005E-2,0.1043,null,"F","BDI COM desoneração",null,null,null,null,null,null,null,"BDI DES",{"$f":"IF($J17=$A$145,0,ROUND((((1+S21+S22+S23)*(1+S24)*(1+S25)/(1-(S26+S27+S28)))-1),4))","v":0.20349999999999999}]
[{"$f":"A30","v":"Obras Portuárias, Marítimas e Fluviais"},"BDI PAD","Obras Portuárias, Marítimas e Fluviais-BDI PAD",null,0.22800000000000001,0.27479999999999999,0.3095,null,"F"]
["Fornecimento de Materiais e Equipamentos (aquisição indireta - em conjunto com licitação de obras)","AC","Fornecimento de Materiais e Equipamentos (aquisição indireta - em conjunto com licitação de obras)-AC",null,1.4999999999999999E-2,3.4500000000000003E-2,4.4900000000000002E-2,null,"F",{"$f":"IF(U29<>\"ok\",\"X\",\"\")","v":""},{"$f":"IF(U29<>\"ok\",\"Anexo: Relatório Técnico Circunstanciado justificando a adoção do percentual de cada parcela do BDI.\",\"\")","v":""}]
[{"$f":"A32","v":"Fornecimento de Materiais e Equipamentos (aquisição indireta - em conjunto com licitação de obras)"},"SG","Fornecimento de Materiais e Equipamentos (aquisição indireta - em conjunto com licitação de obras)-SG",null,3.0000000000000001E-3,4.7999999999999996E-3,8.199999999999999E-3,null,"F"]
[{"$f":"A33","v":"Fornecimento de Materiais e Equipamentos (aquisição indireta - em conjunto com licitação de obras)"},"R","Fornecimento de Materiais e Equipamentos (aquisição indireta - em conjunto com licitação de obras)-R",null,5.6000000000000008E-3,8.5000000000000006E-3,8.8999999999999999E-3,null,"F","Os valores de BDI foram calculados com o emprego da fórmula:"]
[{"$f":"A34","v":"Fornecimento de Materiais e Equipamentos (aquisição indireta - em conjunto com licitação de obras)"},"DF","Fornecimento de Materiais e Equipamentos (aquisição indireta - em conjunto com licitação de obras)-DF",null,8.5000000000000006E-3,8.5000000000000006E-3,1.11E-2,null,"F",null,null,null,"BDI =",{"$f":"IF($J17=$A$146,\"(1+K1+K2)*(1+K3)\",\"(1+AC + S + R + G)*(1 + DF)*(1+L)\")","v":"(1+AC + S + R + G)*(1 + DF)*(1+L)"},null,null," - 1"]
[{"$f":"A35","v":"Fornecimento de Materiais e Equipamentos (aquisição indireta - em conjunto com licitação de obras)"},"L","Fornecimento de Materiais e Equipamentos (aquisição indireta - em conjunto com licitação de obras)-L",null,3.5000000000000003E-2,5.1100000000000007E-2,6.2199999999999998E-2,null,"F",null,null,null,null,"(1-CP-ISS-CRPB)"]
[{"$f":"A36","v":"Fornecimento de Materiais e Equipamentos (aquisição indireta - em conjunto com licitação de obras)"},"BDI PAD","Fornecimento de Materiais e Equipamentos (aquisição indireta - em conjunto com licitação de obras)-BDI PAD",null,0.111,0.14019999999999999,0.16800000000000001,null,"F"]
["Fornecimento de Materiais e Equipamentos (aquisição direta)","AC","Fornecimento de Materiais e Equipamentos (aquisição direta)-AC",null,"-","-","-",null,"F",{"$f":"CONCATENATE(\"Declaro para os devidos fins que, conforme legislação tributária municipal, a base de cálculo deste tipo de obra corresponde à \",$R$10*100,\"%, com a respectiva alíquota de \",$R$11*100,\"%.\")","v":"Declaro para os devidos fins que, conforme legislação tributária municipal, a base de cálculo deste tipo de obra corresponde à 3%, com a respectiva alíquota de 100%."}]
["Fornecimento de Materiais e Equipamentos (aquisição direta)","SG","Fornecimento de Materiais e Equipamentos (aquisição direta)-SG",null,"-","-","-",null,"F"]
["Fornecimento de Materiais e Equipamentos (aquisição direta)","R","Fornecimento de Materiais e Equipamentos (aquisição direta)-R",null,"-","-","-",null,"F",{"$f":"CONCATENATE(\"Declaro para os devidos fins que o regime de Contribuição Previdenciária sobre a Receita Bruta adotado para elaboração do orçamento foi \",IF(DESONERACAO=\"Sim\",\"COM\",\"SEM\"),\" Desoneração, e que esta é a alternativa mais adequada para a Administração Pública.\")","v":"Declaro para os devidos fins que o regime de Contribuição Previdenciária sobre a Receita Bruta adotado para elaboração do orçamento foi SEM Desoneração, e que esta é a alternativa mais adequada para a Administração Pública."}]
["Fornecimento de Materiais e Equipamentos (aquisição direta)","DF","Fornecimento de Materiais e Equipamentos (aquisição direta)-DF",null,"-","-","-",null,"F"]
["Fornecimento de Materiais e Equipamentos (aquisição direta)","L","Fornecimento de Materiais e Equipamentos (aquisição direta)-L",null,"-","-","-",null,"F","Observações:"]
["Fornecimento de Materiais e Equipamentos (aquisição direta)","BDI PAD","Fornecimento de Materiais e Equipamentos (aquisição direta)-BDI PAD",null,"-","-","-",null,"F"]
["Estudos e Projetos, Planos e Gerenciamento e outros correlatos","K1","Estudos e Projetos, Planos e Gerenciamento e outros correlatos-K1",null,"-","-","-",null,"F"]
[{"$f":"A44","v":"Estudos e Projetos, Planos e Gerenciamento e outros correlatos"},"K2","Estudos e Projetos, Planos e Gerenciamento e outros correlatos-K2",null,"-",0.2,"-",null,"F",{"$f":"Import.Município","v":"Ouro/SC"},null,null,null,null,null,{"$f":"DADOS!$F$25","v":"2020-07-23"}]
[{"$f":"A45","v":"Estudos e Projetos, Planos e Gerenciamento e outros correlatos"},null,"Estudos e Projetos, Planos e Gerenciamento e outros correlatos-",null,"-","-","-",null,"F","Local",null,null,null,null,null,"Data"]
[{"$f":"A46","v":"Estudos e Projetos, Planos e Gerenciamento e outros correlatos"},null,"Estudos e Projetos, Planos e Gerenciamento e outros correlatos-",null,"-","-","-",null,"F"]
[{"$f":"A47","v":"Estudos e Projetos, Planos e Gerenciamento e outros correlatos"},"K3","Estudos e Projetos, Planos e Gerenciamento e outros correlatos-K3",null,"-",0.12,"-",null,"F"]
[{"$f":"A48","v":"Estudos e Projetos, Planos e Gerenciamento e outros correlatos"},"BDI PAD","Estudos e Projetos, Planos e Gerenciamento e outros correlatos-BDI PAD",null,"-","-","-",null,"F","Responsável Técnico"]
[null,null,null,null,null,null,null,null,"F","Nome:",{"$f":"Import.RespOrçamento","v":"André Brito Dotti"}]
[null,null,null,null,null,null,null,null,"F","CREA/CAU:","162.237-5"]
[null,null,null,null,null,null,null,null,"F","ART/RRT:","7.438.364-2"]
[null,null,null,null,null,null,null,null,"F"]
[null,null,null,null,null,null,null,null,{"$f":"IF($S$69=0,\"\",\"F\")","v":""},"BDI 2"]
[null,null,null,null,null,null,null,null,{"$f":"IF($S$69=0,\"\",\"F\")","v":""}]
[null,null,null,null,null,null,null,null,"","TIPO DE OBRA"]
[null,null,null,null,null,null,null,null,"","(SELECIONAR)"]
[null,null,null,null,null,null,null,null,""]
[null,null,null,null,null,null,null,null,"","Itens",null,null,null,null,null,null,null,"Siglas","% Adotado",null,"Situação",null,null,"1º Quartil","Médio","3º Quartil"]
[null,null,null,null,null,null,null,null,""]
[null,null,null,null,null,null,null,null,"",{"$f":"IF($J$17=$A$146,\"Encargos Sociais incidentes sobre a mão de obra\",\"Administração Central\")","v":"Administração Central"},null,null,null,null,null,null,null,{"$f":"IF($J57=$A$146,\"K1\",\"AC\")","v":"AC"},null,null,"-",null,null,{"$f":"VLOOKUP(CONCATENATE(J57,\"-\",R61),$C$2:$G$136,3,FALSE)","v":{"$error":"#N/A"}},{"$f":"VLOOKUP(CONCATENATE(J57,\"-\",R61),$C$2:$G$136,4,FALSE)","v":{"$error":"#N/A"}},{"$f":"VLOOKUP(CONCATENATE(J57,\"-\",R61),$C$2:$G$136,5,FALSE)","v":{"$error":"#N/A"}}]
[null,null,null,null,null,null,null,null,"",{"$f":"IF($J$17=$A$146,\"Administração Central da empresa ou consultoria - overhead\",\"Seguro e Garantia\")","v":"Seguro e Garantia"},null,null,null,null,null,null,null,{"$f":"IF($J57=$A$146,\"K2\",\"SG\")","v":"SG"},null,null,"-",null,null,{"$f":"VLOOKUP(CONCATENATE(J57,\"-\",R62),$C$2:$G$136,3,FALSE)","v":{"$error":"#N/A"}},{"$f":"VLOOKUP(CONCATENATE(J57,\"-\",R62),$C$2:$G$136,4,FALSE)","v":{"$error":"#N/A"}},{"$f":"VLOOKUP(CONCATENATE(J57,\"-\",R62),$C$2:$G$136,5,FALSE)","v":{"$error":"#N/A"}}]
[null,null,null,null,null,null,null,null,"",{"$f":"IF($J$17=$A$146,\"\",\"Risco\")","v":"Risco"},null,null,null,null,null,null,null,{"$f":"IF($J57=$A$146,\"\",\"R\")","v":"R"},null,null,"-",null,null,{"$f":"VLOOKUP(CONCATENATE(J57,\"-\",R63),$C$2:$G$136,3,FALSE)","v":{"$error":"#N/A"}},{"$f":"VLOOKUP(CONCATENATE(J57,\"-\",R63),$C$2:$G$136,4,FALSE)","v":{"$error":"#N/A"}},{"$f":"VLOOKUP(CONCATENATE(J57,\"-\",R63),$C$2:$G$136,5,FALSE)","v":{"$error":"#N/A"}}]
[null,null,null,null,null,null,null,null,"",{"$f":"IF($J$17=$A$146,\"\",\"Despesas Financeiras\")","v":"Despesas Financeiras"},null,null,null,null,null,null,null,{"$f":"IF($J57=$A$146,\"\",\"DF\")","v":"DF"},null,null,"-",null,null,{"$f":"VLOOKUP(CONCATENATE(J57,\"-\",R64),$C$2:$G$136,3,FALSE)","v":{"$error":"#N/A"}},{"$f":"VLOOKUP(CONCATENATE(J57,\"-\",R64),$C$2:$G$136,4,FALSE)","v":{"$error":"#N/A"}},{"$f":"VLOOKUP(CONCATENATE(J57,\"-\",R64),$C$2:$G$136,5,FALSE)","v":{"$error":"#N/A"}}]
[null,null,null,null,null,null,null,null,"",{"$f":"IF($J$17=$A$146,\"Margem bruta da empresa de consultoria\",\"Lucro\")","v":"Lucro"},null,null,null,null,null,null,null,{"$f":"IF($J57=$A$146,\"K3\",\"L\")","v":"L"},null,null,"-",null,null,{"$f":"VLOOKUP(CONCATENATE(J57,\"-\",R65),$C$2:$G$136,3,FALSE)","v":{"$error":"#N/A"}},{"$f":"VLOOKUP(CONCATENATE(J57,\"-\",R65),$C$2:$G$136,4,FALSE)","v":{"$error":"#N/A"}},{"$f":"VLOOKUP(CONCATENATE(J57,\"-\",R65),$C$2:$G$136,5,FALSE)","v":{"$error":"#N/A"}}]
[null,null,null,null,null,null,null,null,"","Tributos (impostos COFINS 3%, e  PIS 0,65%)",null,null,null,null,null,null,null,"CP",null,null,"-",null,null,3.6499999999999998E-2,3.6499999999999998E-2,3.6499999999999998E-2]
[null,null,null,null,null,null,null,null,"","Tributos (ISS, variável de acordo com o município)",null,null,null,null,null,null,null,"ISS",{"$f":"IF(AND($J57<>$A$145,COUNTA(OFFSET(S60,1,0,6))>0),$R$11*$R$10,0)","v":0},null,"-",null,null,0,2.5000000000000001E-2,0.05]
[null,null,null,null,null,null,null,null,"","Tributos (Contribuição Previdenciária sobre a Receita Bruta - 0% ou 4,5% - Desoneração)",null,null,null,null,null,null,null,"CPRB",{"$f":"IF(BDI.Opcao<>\"Desonerado\",0,IF(AND($J57<>$A$145,COUNTA(OFFSET(S60,1,0,6))>0),4.5%,0%))","v":0},null,"-",null,null,0,4.4999999999999998E-2,4.4999999999999998E-2]
[null,null,null,null,null,null,null,null,"","BDI SEM desoneração (Fórmula Acórdão TCU)",null,null,null,null,null,null,null,"BDI PAD",{"$f":"IF($J57=$A$145,0,ROUND((((1+S61+S62+S63)*(1+S64)*(1+S65)/(1-(S66+S67)))-1),4))","v":0},null,{"$f":"IF(OR($J$17=$A$146,$J$17=$A$145,AND(S69>=X69,S69<=Z69)),\"OK\",\"FORA DO INTERVALO\")","v":{"$error":"#N/A"}},null,null,{"$f":"IF($J57=$A$145,0,VLOOKUP(CONCATENATE($J57,\"-\",$R69),$C$2:$G$136,3,FALSE))","v":{"$error":"#N/A"}},{"$f":"IF($J57=$A$145,0,VLOOKUP(CONCATENATE($J57,\"-\",$R69),$C$2:$G$136,4,FALSE))","v":{"$error":"#N/A"}},{"$f":"IF($J57=$A$145,0,VLOOKUP(CONCATENATE($J57,\"-\",$R69),$C$2:$G$136,5,FALSE))","v":{"$error":"#N/A"}}]
[null,null,null,null,null,null,null,null,"","BDI COM desoneração",null,null,null,null,null,null,null,"BDI DES",{"$f":"IF($J57=$A$145,0,ROUND((((1+S61+S62+S63)*(1+S64)*(1+S65)/(1-(S66+S67+S68)))-1),4))","v":0}]
[null,null,null,null,null,null,null,null,""]
[null,null,null,null,null,null,null,null,"",{"$f":"IF(U69<>\"ok\",\"X\",\"\")","v":{"$error":"#N/A"}},{"$f":"IF(U69<>\"ok\",\"Anexo: Relatório Técnico Circunstanciado justificando a adoção do percentual de cada parcela do BDI.\",\"\")","v":{"$error":"#N/A"}}]
[null,null,null,null,null,null,null,null,""]
[null,null,null,null,null,null,null,null,"","Os valores de BDI foram calculados com o emprego da fórmula:"]
[null,null,null,null,null,null,null,null,"",null,null,null,"BDI =",{"$f":"IF($J57=$A$146,\"(1+K1+K2)*(1+K3)\",\"(1+AC + S + R + G)*(1 + DF)*(1+L)\")","v":"(1+AC + S + R + G)*(1 + DF)*(1+L)"},null,null," - 1"]
[null,null,null,null,null,null,null,null,"",null,null,null,null,"(1-CP-ISS-CRPB)"]
[null,null,null,null,null,null,null,null,""]
[null,null,null,null,null,null,null,null,"",{"$f":"CONCATENATE(\"Declaro para os devidos fins que, conforme legislação tributária municipal, a base de cálculo deste tipo de obra corresponde à \",$R$10*100,\"%, com a respectiva alíquota de \",$R$11*100,\"%.\")","v":"Declaro para os devidos fins que, conforme legislação tributária municipal, a base de cálculo deste tipo de obra corresponde à 3%, com a respectiva alíquota de 100%."}]
[null,null,null,null,null,null,null,null,""]
[null,null,null,null,null,null,null,null,"",{"$f":"CONCATENATE(\"Declaro para os devidos fins que o regime de Contribuição Previdenciária sobre a Receita Bruta adotado para elaboração do orçamento foi \",IF(DESONERACAO=\"Sim\",\"COM\",\"SEM\"),\" Desoneração, e que esta é a alternativa mais adequada para a Administração Pública.\")","v":"Declaro para os devidos fins que o regime de Contribuição Previdenciária sobre a Receita Bruta adotado para elaboração do orçamento foi SEM Desoneração, e que esta é a alternativa mais adequada para a Administração Pública."}]
[null,null,null,null,null,null,null,null,""]
[null,null,null,null,null,null,null,null,"","Observações:"]
[null,null,null,null,null,null,null,null,""]
[null,null,null,null,null,null,null,null,""]
[null,null,null,null,null,null,null,null,"",{"$f":"Import.Município","v":"Ouro/SC"},null,null,null,null,null,{"$f":"DADOS!$F$25","v":"2020-07-23"}]
[null,null,null,null,null,null,null,null,"","Local",null,null,null,null,null,"Data"]
[null,null,null,null,null,null,null,null,""]
[null,null,null,null,null,null,null,null,""]
[null,null,null,null,null,null,null,null,"","Responsável Técnico"]
[null,null,null,null,null,null,null,null,"","Nome:",{"$f":"Import.RespOrçamento","v":"André Brito Dotti"}]
[null,null,null,null,null,null,null,null,"","CREA/CAU:","162.237-5"]
[null,null,null,null,null,null,null,null,"","ART/RRT:","7.438.364-2"]
[null,null,null,null,null,null,null,null,""]
[null,null,null,null,null,null,null,null,{"$f":"IF($S$109=0,\"\",\"F\")","v":""},"BDI 3"]
[null,null,null,null,null,null,null,null,{"$f":"IF($S$109=0,\"\",\"F\")","v":""}]
[null,null,null,null,null,null,null,null,"","TIPO DE OBRA"]
[null,null,null,null,null,null,null,null,"","(SELECIONAR)"]
[null,null,null,null,null,null,null,null,""]
[null,null,null,null,null,null,null,null,"","Itens",null,null,null,null,null,null,null,"Siglas","% Adotado",null,"Situação",null,null,"1º Quartil","Médio","3º Quartil"]
[null,null,null,null,null,null,null,null,""]
[null,null,null,null,null,null,null,null,"",{"$f":"IF($J$17=$A$146,\"Encargos Sociais incidentes sobre a mão de obra\",\"Administração Central\")","v":"Administração Central"},null,null,null,null,null,null,null,{"$f":"IF($J97=$A$146,\"K1\",\"AC\")","v":"AC"},null,null,"-",null,null,{"$f":"VLOOKUP(CONCATENATE(J97,\"-\",R101),$C$2:$G$136,3,FALSE)","v":{"$error":"#N/A"}},{"$f":"VLOOKUP(CONCATENATE(J97,\"-\",R101),$C$2:$G$136,4,FALSE)","v":{"$error":"#N/A"}},{"$f":"VLOOKUP(CONCATENATE(J97,\"-\",R101),$C$2:$G$136,5,FALSE)","v":{"$error":"#N/A"}}]
[null,null,null,null,null,null,null,null,"",{"$f":"IF($J$17=$A$146,\"Administração Central da empresa ou consultoria - overhead\",\"Seguro e Garantia\")","v":"Seguro e Garantia"},null,null,null,null,null,null,null,{"$f":"IF($J97=$A$146,\"K2\",\"SG\")","v":"SG"},null,null,"-",null,null,{"$f":"VLOOKUP(CONCATENATE(J97,\"-\",R102),$C$2:$G$136,3,FALSE)","v":{"$error":"#N/A"}},{"$f":"VLOOKUP(CONCATENATE(J97,\"-\",R102),$C$2:$G$136,4,FALSE)","v":{"$error":"#N/A"}},{"$f":"VLOOKUP(CONCATENATE(J97,\"-\",R102),$C$2:$G$136,5,FALSE)","v":{"$error":"#N/A"}}]
[null,null,null,null,null,null,null,null,"",{"$f":"IF($J$17=$A$146,\"\",\"Risco\")","v":"Risco"},null,null,null,null,null,null,null,{"$f":"IF($J97=$A$146,\"\",\"R\")","v":"R"},null,null,"-",null,null,{"$f":"VLOOKUP(CONCATENATE(J97,\"-\",R103),$C$2:$G$136,3,FALSE)","v":{"$error":"#N/A"}},{"$f":"VLOOKUP(CONCATENATE(J97,\"-\",R103),$C$2:$G$136,4,FALSE)","v":{"$error":"#N/A"}},{"$f":"VLOOKUP(CONCATENATE(J97,\"-\",R103),$C$2:$G$136,5,FALSE)","v":{"$error":"#N/A"}}]
[null,null,null,null,null,null,null,null,"",{"$f":"IF($J$17=$A$146,\"\",\"Despesas Financeiras\")","v":"Despesas Financeiras"},null,null,null,null,null,null,null,{"$f":"IF($J97=$A$146,\"\",\"DF\")","v":"DF"},null,null,"-",null,null,{"$f":"VLOOKUP(CONCATENATE(J97,\"-\",R104),$C$2:$G$136,3,FALSE)","v":{"$error":"#N/A"}},{"$f":"VLOOKUP(CONCATENATE(J97,\"-\",R104),$C$2:$G$136,4,FALSE)","v":{"$error":"#N/A"}},{"$f":"VLOOKUP(CONCATENATE(J97,\"-\",R104),$C$2:$G$136,5,FALSE)","v":{"$error":"#N/A"}}]
[null,null,null,null,null,null,null,null,"",{"$f":"IF($J$17=$A$146,\"Margem bruta da empresa de consultoria\",\"Lucro\")","v":"Lucro"},null,null,null,null,null,null,null,{"$f":"IF($J97=$A$146,\"K3\",\"L\")","v":"L"},null,null,"-",null,null,{"$f":"VLOOKUP(CONCATENATE(J97,\"-\",R105),$C$2:$G$136,3,FALSE)","v":{"$error":"#N/A"}},{"$f":"VLOOKUP(CONCATENATE(J97,\"-\",R105),$C$2:$G$136,4,FALSE)","v":{"$error":"#N/A"}},{"$f":"VLOOKUP(CONCATENATE(J97,\"-\",R105),$C$2:$G$136,5,FALSE)","v":{"$error":"#N/A"}}]
[null,null,null,null,null,null,null,null,"","Tributos (impostos COFINS 3%, e  PIS 0,65%)",null,null,null,null,null,null,null,"CP",null,null,"-",null,null,3.6499999999999998E-2,3.6499999999999998E-2,3.6499999999999998E-2]
[null,null,null,null,null,null,null,null,"","Tributos (ISS, variável de acordo com o município)",null,null,null,null,null,null,null,"ISS",{"$f":"IF(AND($J97<>$A$145,COUNTA(OFFSET(S100,1,0,6))>0),$R$11*$R$10,0)","v":0},null,"-",null,null,0,2.5000000000000001E-2,0.05]
[null,null,null,null,null,null,null,null,"","Tributos (Contribuição Previdenciária sobre a Receita Bruta - 0% ou 4,5% - Desoneração)",null,null,null,null,null,null,null,"CPRB",{"$f":"IF(BDI.Opcao<>\"Desonerado\",0,IF(AND($J97<>$A$145,COUNTA(OFFSET(S100,1,0,6))>0),4.5%,0%))","v":0},null,"-",null,null,0,4.4999999999999998E-2,4.4999999999999998E-2]
[null,null,null,null,null,null,null,null,"","BDI SEM desoneração (Fórmula Acórdão TCU)",null,null,null,null,null,null,null,"BDI PAD",{"$f":"IF($J97=$A$145,0,ROUND((((1+S101+S102+S103)*(1+S104)*(1+S105)/(1-(S106+S107)))-1),4))","v":0},null,{"$f":"IF(OR($J$17=$A$146,$J$17=$A$145,AND(S109>=X109,S109<=Z109)),\"OK\",\"FORA DO INTERVALO\")","v":{"$error":"#N/A"}},null,null,{"$f":"IF($J97=$A$145,0,VLOOKUP(CONCATENATE($J97,\"-\",$R109),$C$2:$G$136,3,FALSE))","v":{"$error":"#N/A"}},{"$f":"IF($J97=$A$145,0,VLOOKUP(CONCATENATE($J97,\"-\",$R109),$C$2:$G$136,4,FALSE))","v":{"$error":"#N/A"}},{"$f":"IF($J97=$A$145,0,VLOOKUP(CONCATENATE($J97,\"-\",$R109),$C$2:$G$136,5,FALSE))","v":{"$error":"#N/A"}}]
[null,null,null,null,null,null,null,null,"","BDI COM desoneração",null,null,null,null,null,null,null,"BDI DES",{"$f":"IF($J97=$A$145,0,ROUND((((1+S101+S102+S103)*(1+S104)*(1+S105)/(1-(S106+S107+S108)))-1),4))","v":0}]
[null,null,null,null,null,null,null,null,""]
[null,null,null,null,null,null,null,null,"",{"$f":"IF(U109<>\"ok\",\"X\",\"\")","v":{"$error":"#N/A"}},{"$f":"IF(U109<>\"ok\",\"Anexo: Relatório Técnico Circunstanciado justificando a adoção do percentual de cada parcela do BDI.\",\"\")","v":{"$error":"#N/A"}}]
[null,null,null,null,null,null,null,null,""]
[null,null,null,null,null,null,null,null,"","Os valores de BDI foram calculados com o emprego da fórmula:"]
[null,null,null,null,null,null,null,null,"",null,null,null,"BDI =",{"$f":"IF($J97=$A$146,\"(1+K1+K2)*(1+K3)\",\"(1+AC + S + R + G)*(1 + DF)*(1+L)\")","v":"(1+AC + S + R + G)*(1 + DF)*(1+L)"},null,null," - 1"]
[null,null,null,null,null,null,null,null,"",null,null,null,null,"(1-CP-ISS-CRPB)"]
[null,null,null,null,null,null,null,null,""]
[null,null,null,null,null,null,null,null,"",{"$f":"CONCATENATE(\"Declaro para os devidos fins que, conforme legislação tributária municipal, a base de cálculo deste tipo de obra corresponde à \",$R$10*100,\"%, com a respectiva alíquota de \",$R$11*100,\"%.\")","v":"Declaro para os devidos fins que, conforme legislação tributária municipal, a base de cálculo deste tipo de obra corresponde à 3%, com a respectiva alíquota de 100%."}]
[null,null,null,null,null,null,null,null,""]
[null,null,null,null,null,null,null,null,"",{"$f":"CONCATENATE(\"Declaro para os devidos fins que o regime de Contribuição Previdenciária sobre a Receita Bruta adotado para elaboração do orçamento foi \",IF(DESONERACAO=\"Sim\",\"COM\",\"SEM\"),\" Desoneração, e que esta é a alternativa mais adequada para a Administração Pública.\")","v":"Declaro para os devidos fins que o regime de Contribuição Previdenciária sobre a Receita Bruta adotado para elaboração do orçamento foi SEM Desoneração, e que esta é a alternativa mais adequada para a Administração Pública."}]
[null,null,null,null,null,null,null,null,""]
[null,null,null,null,null,null,null,null,"","Observações:"]
[null,null,null,null,null,null,null,null,""]
[null,null,null,null,null,null,null,null,""]
[null,null,null,null,null,null,null,null,"",{"$f":"Import.Município","v":"Ouro/SC"},null,null,null,null,null,{"$f":"DADOS!$F$25","v":"2020-07-23"}]
[null,null,null,null,null,null,null,null,"","Local",null,null,null,null,null,"Data"]
[null,null,null,null,null,null,null,null,""]
[null,null,null,null,null,null,null,null,""]
[null,null,null,null,null,null,null,null,"","Responsável Técnico"]
[null,null,null,null,null,null,null,null,"","Nome:",{"$f":"Import.RespOrçamento","v":"André Brito Dotti"}]
[null,null,null,null,null,null,null,null,"","CREA/CAU:","162.237-5"]
[null,null,null,null,null,null,null,null,"","ART/RRT:","7.438.364-2"]
[]
[]
[]
[]
[]
["(SELECIONAR)"]
["Construção e Reforma de Edifícios"]
["Construção de Praças Urbanas, Rodovias, Ferrovias e recapeamento e pavimentação de vias urbanas"]
["Construção de Redes de Abastecimento de Água, Coleta de Esgoto"]
["Construção e Manutenção de Estações e Redes de Distribuição de Energia Elétrica"]
["Obras Portuárias, Marítimas e Fluviais"]
["Fornecimento de Materiais e Equipamentos (aquisição indireta - em conjunto com licitação de obras)"]
["Fornecimento de Materiais e Equipamentos (aquisição direta)"]
["Estudos e Projetos, Planos e Gerenciamento e outros correlatos"]

{"sheet":"ORÇAMENTO","index":4,"n_rows":171,"n_cols":40,"rows_kept":171,"cut":false,"hidden":false,"merged":[[4,30,4,31],[6,14,6,15],[6,18,6,20],[6,37,10,37],[7,24,11,24],[7,25,11,25],[11,26,11,27],[6,35,10,35],[3,14,3,15],[3,18,3,23],[4,14,4,15],[4,18,4,23],[7,5,7,10],[7,11,11,11],[7,14,7,15],[7,18,7,20],[8,5,8,10],[169,14,169,16],[14,14,14,17],[156,16,156,23],[159,14,161,23],[163,14,163,23],[166,14,166,16],[164,14,164,23]]}
[null,null,null,null,null,null,null,null,null,null,null,null,null,null,null,null,null,"PO - PLANILHA ORÇAMENTÁRIA",null,null,null,null,null,"Grau de Sigilo"]
[null,null,null,"LOTE","Meta","Nível 2","Nível 3","Nível 4","Serviço",null,null,null,null,null,null,null,null,{"$f":"IF(TIPOORCAMENTO=\"licitado\",\"Orçamento Licitado\",\"Orçamento Base para Licitação\")&\" - \"&import.recurso","v":"Orçamento Base para Licitação - (SELECIONAR)"},null,null,null,null,null,"#PUBLICO"]
[]
["Nmax",null,null,null,null,"BDI 1","BDI 2","BDI 3",0,null,null,null,null,null,"Nº OPERAÇÃO",null,"Nº SICONV","PROPONENTE / TOMADOR","APELIDO DO EMPREENDIMENTO"]
[{"$f":"MAX($C$15:$C$154)","v":2},null,null,null,null,{"$f":"IF(BDI.Opcao=\"DESONERADO\",BDI!$S$30,BDI!$S$29)","v":0.20349999999999999},{"$f":"IF(BDI.Opcao=\"DESONERADO\",BDI!$S$70,BDI!$S$69)","v":0},{"$f":"IF(BDI.Opcao=\"DESONERADO\",BDI!$S$110,BDI!$S$109)","v":0},null,null,null,null,null,null,{"$f":"Import.CR","v":0},null,{"$f":"Import.SICONV","v":0},{"$f":"Import.Proponente","v":"Prefeitura Municipal de Ouro/SC"},{"$f":"Import.Apelido","v":"FECHAMENTO DA GARAGEM DE MÁQUINAS"},null,null,null,null,null,null,null,null,null,null,null,"Arredondamento"]
[]
[null,null,null,null,null,null,null,null,null,null,null,null,null,null,"LOCALIDADE SINAPI",null,"DATA BASE",{"$f":"IF(TIPOORCAMENTO=\"Licitado\",\"NOME DA EMPRESA\",\"DESCRIÇÃO DO LOTE\")","v":"DESCRIÇÃO DO LOTE"},{"$f":"IF(TIPOORCAMENTO=\"Licitado\",\"REGIME DE EXECUÇÃO\",\"MUNICÍPIO / UF\")","v":"MUNICÍPIO / UF"},null,null,{"$f":"IF(TIPOORCAMENTO=\"Licitado\",\"\",\"BDI 1\")","v":"BDI 1"},{"$f":"IF(TIPOORCAMENTO=\"Licitado\",\"\",\"BDI 2\")","v":"BDI 2"},{"$f":"IF(TIPOORCAMENTO=\"Licitado\",\"Nº CTEF\",\"BDI 3\")","v":"BDI 3"},null,null,null,null,null,null,"Quantidade",true,null,null,null,"QUANTIDADES: ACOMP. POR BM",null,"PREÇO UNITÁRIO LICITADO"]
[null,null,null,null,null,{"$f":"IF(LEN(INFO(\"release\"))>5,\"'Referência \"&Excel_BuiltIn_Database&\".xls'#Banco.$a5:$a$65536\",\"'[Referência \"&Excel_BuiltIn_Database&\".xls]Banco'!$a5:$a$65536\")","v":"'[Referência 05-2020.xls]Banco'!$a5:$a$65536"},null,null,null,null,null,"FILTRO",null,null,{"$f":"IF(ISERROR(INDIRECT($F$9)),\"(N/D: 'Referência \"&Excel_BuiltIn_Database&\".xls)\",INDIRECT($F$9))","v":"FLORIANOPOLIS"},null,{"$f":"TEXT(Import.DataBase,\"mm-aa\")&IF(DESONERACAO=\"Sim\",\" (DES.)\",\" (N DES.)\")","v":"05-20 (N DES.)"},{"$f":"IF(TIPOORCAMENTO=\"Licitado\",Import.empresa,Import.DescLote)","v":"GARAGEM DE MÁQUINAS"},{"$f":"IF(TIPOORCAMENTO=\"Licitado\",Import.RegimeExecução,Import.Município)","v":"Ouro/SC"},null,null,{"$f":"IF(TIPOORCAMENTO=\"Licitado\",\"\",TEXT(F5,\"0,00%\"))","v":"20,35%"},{"$f":"IF(TIPOORCAMENTO=\"Licitado\",\"\",TEXT(G5,\"0,00%\"))","v":"0,00%"},{"$f":"IF(TIPOORCAMENTO=\"Licitado\",Import.CTEF,TEXT(H5,\"0,00%\"))","v":"0,00%"},"RECURSO","SGL RECURSO",null,null,null,null,"Custo Unitáro",true]
[null,null,null,null,null,{"$f":"IF(LEN(INFO(\"release\"))>5,\"'Referência \"&Excel_BuiltIn_Database&\".xls'#Banco.$d$3\",\"'[Referência \"&Excel_BuiltIn_Database&\".xls]Banco'!$d$3\")","v":"'[Referência 05-2020.xls]Banco'!$d$3"},null,null,null,null,null,null,null,null,null,null,null,null,null,null,null,null,null,null,null,null,null,null,null,null,"BDI",true]
[null,null,null,null,null,null,null,null,null,null,null,null,null,null,null,null,null,null,null,null,null,null,null,null,null,null,null,null,"ERRO GERAL",null,"Preço Unitário",true]
[null,null,null,null,null,null,null,null,null,null,null,null,null,null,null,null,null,null,null,null,null,null,null,null,null,null,null,null,{"$f":"IF(COUNTIF($AC$15:OFFSET($AC$154,-1,0),\"DESCRIÇÃO\")+COUNTIF($AC$15:OFFSET($AC$154,-1,0),\"UNIDADE\")+COUNTIF($AC$15:OFFSET($AC$154,-1,0),\"SEM VALOR\")>0,\"NÃO OK\",\"OK\")","v":"OK"},null,"Preço Total",true]
[null,null,null,null,null,null,null,null,null,null,null,null,null,null,null,null,null,null,null,null,null,null,null,null,null,null,"Valores não Arredondados",null,null,null,null,null,null,null,null,"↓",null,"↓"]
["Nível E","Save Nivel","Nível C","Altura","n1","n2","n3","n4","n5","Czero","Cnível","↓","Nível","Nível Corrigido","Item","Fonte","Código","Descrição","Unidade","Quantidade",{"$f":"IF(TIPOORCAMENTO=\"Licitado\",\"\",\"Custo Unitário (sem BDI) (R$)\")","v":"Custo Unitário (sem BDI) (R$)"},{"$f":"IF(TIPOORCAMENTO=\"Licitado\",\"\",\"BDI\n(%)\")","v":"BDI\n(%)"},"Preço Unitário (com BDI) (R$)","Preço Total\n(R$)","↓","↓","Contrapartida (R$)","Outros (R$)","Erro de Dados","Lista Crono","Concatenação Fonte-Código","BancoDesloc","Custo Unitário Referência (R$)",{"$f":"IF(TIPOORCAMENTO=\"LICITADO\",\"Valor BDI Edital\",\"Valor BDI\")","v":"Valor BDI"},null,"Quantidade",null,"Preço Unitário (com BDI) (R$)","Preço Total\nLicit. (R$)","Preço Unitário Edital (R$)"]
[{"$f":"CHOOSE(1+LOG(1+2*(ORÇAMENTO.Nivel=\"Meta\")+4*(ORÇAMENTO.Nivel=\"Nível 2\")+8*(ORÇAMENTO.Nivel=\"Nível 3\")+16*(ORÇAMENTO.Nivel=\"Nível 4\")+32*(ORÇAMENTO.Nivel=\"Serviço\"),2),0,1,2,3,4,\"S\")","v":"S"},{"$f":"IF(OR(C14=\"s\",C14=0),OFFSET(B14,-1,0),C14)","v":"Save Nivel"},{"$f":"IF(OFFSET(C14,-1,0)=\"L\",1,IF(OFFSET(C14,-1,0)=1,2,IF(OR(A14=\"s\",A14=0),\"S\",IF(AND(OFFSET(C14,-1,0)=2,A14=4),3,IF(AND(OR(OFFSET(C14,-1,0)=\"s\",OFFSET(C14,-1,0)=0),A14<>\"s\",A14>OFFSET(B14,-1,0)),OFFSET(B14,-1,0),A14)))))","v":"S"},{"$f":"IF(OR(C14=\"S\",C14=0),0,IF(ISERROR(K14),J14,SMALL(J14:K14,1)))","v":0},{"$f":"IF($C14=1,OFFSET(E14,-1,0)+MAX(1,COUNTIF(QCI!$A$13:$A$24,OFFSET(ORÇAMENTO!E14,-1,0))),OFFSET(E14,-1,0))","v":"n1"},{"$f":"IF($C14=1,0,IF($C14=2,OFFSET(F14,-1,0)+1,OFFSET(F14,-1,0)))","v":"n2"},{"$f":"IF(AND($C14<=2,$C14<>0),0,IF($C14=3,OFFSET(G14,-1,0)+1,OFFSET(G14,-1,0)))","v":"n3"},{"$f":"IF(AND($C14<=3,$C14<>0),0,IF($C14=4,OFFSET(H14,-1,0)+1,OFFSET(H14,-1,0)))","v":"n4"},{"$f":"IF(AND($C14<=4,$C14<>0),0,IF(AND($C14=\"S\",$X14>0),OFFSET(I14,-1,0)+1,OFFSET(I14,-1,0)))","v":"n5"},{"$f":"IF(OR($C14=\"S\",$C14=0),0,MATCH(0,OFFSET($D14,1,$C14,ROW($C$154)-ROW($C14)),0))","v":0},{"$f":"IF(OR($C14=\"S\",$C14=0),0,MATCH(OFFSET($D14,0,$C14)+IF($C14<>1,1,COUNTIF(QCI!$A$13:$A$24,ORÇAMENTO!E14)),OFFSET($D14,1,$C14,ROW($C$154)-ROW($C14)),0))","v":0},{"$f":"IF(OR($X14>0,$C14=1,$C14=2,$C14=3,$C14=4),\"F\",\"\")","v":""},"Serviço",{"$f":"CHOOSE(1+LOG(1+2*(C14=1)+4*(C14=2)+8*(C14=3)+16*(C14=4)+32*(C14=\"S\"),2),\"\",\"Meta\",\"Nível 2\",\"Nível 3\",\"Nível 4\",\"Serviço\")","v":"Serviço"},{"$f":"IF(OR($C14=0,$L14=\"\"),\"-\",CONCATENATE(E14&\".\",IF(AND($A$5>=2,$C14>=2),F14&\".\",\"\"),IF(AND($A$5>=3,$C14>=3),G14&\".\",\"\"),IF(AND($A$5>=4,$C14>=4),H14&\".\",\"\"),IF($C14=\"S\",I14&\".\",\"\")))","v":"-"},"SINAPI",null,{"$f":"IF($C14=\"S\",REFERENCIA.Descricao,\"(digite a descrição aqui)\")","v":"(Sem Código)"},{"$f":"REFERENCIA.Unidade","v":"-"},{"$f":"OFFSET(CÁLCULO!H$15,ROW($T14)-ROW(T$15),0)","v":0},null,"BDI 1",{"$f":"IF($C14=\"S\",ROUND(IF(TIPOORCAMENTO=\"Proposto\",ORÇAMENTO.CustoUnitario*(1+$AH14),ORÇAMENTO.PrecoUnitarioLicitado),15-13*$AF$10),0)","v":0},{"$f":"IF($C14=\"S\",VTOTAL1,IF($C14=0,0,ROUND(SomaAgrup,15-13*$AF$11)))","v":0},"RA",{"$f":"IF(AND($C14=\"S\",$X14>0),IF(ISBLANK($Y14),\"RA\",LEFT($Y14,2)),\"\")","v":""},{"$f":"IF($C14=\"S\",IF($Z14=\"CP\",$X14,IF($Z14=\"RA\",(($X14)*QCI!$AA$3),0)),SomaAgrup)","v":0},{"$f":"IF($C14=\"S\",IF($Z14=\"OU\",ROUND($X14,2),0),SomaAgrup)","v":0},{"$f":"IF($N14=\"\",\"\",IF(ORÇAMENTO.Descricao=\"\",\"DESCRIÇÃO\",IF(AND($C14=\"S\",ORÇAMENTO.Unidade=\"\"),\"UNIDADE\",IF($X14<0,\"VALOR NEGATIVO\",IF(OR(AND(TIPOORCAMENTO=\"Proposto\",$AG14<>\"\",$AG14>0,ORÇAMENTO.CustoUnitario>$AG14),AND(TIPOORCAMENTO=\"LICITADO\",ORÇAMENTO.PrecoUnitarioLicitado>$AN14)),\"ACIMA REF.\",\"\")))))","v":""},{"$f":"IF(C14<=CRONO.NivelExibicao,MAX($AD$15:OFFSET(AD14,-1,0))+IF($C14<>1,1,MAX(1,COUNTIF(QCI!$A$13:$A$24,OFFSET($E14,-1,0)))),\"\")","v":""},{"$f":"IF(AND($C14=\"S\",ORÇAMENTO.CodBarra<>\"\"),IF(ORÇAMENTO.Fonte=\"\",ORÇAMENTO.CodBarra,CONCATENATE(ORÇAMENTO.Fonte,\" \",ORÇAMENTO.CodBarra)))","v":false},{"$f":"IF(ISERROR(INDIRECT(ORÇAMENTO.BancoRef)),\"(abra o arquivo 'Referência \"&Excel_BuiltIn_Database&\".xls)\",IF(OR($C14<>\"S\",ORÇAMENTO.CodBarra=\"\"),\"(Sem Código)\",IF(ISERROR(MATCH($AE14,INDIRECT(ORÇAMENTO.BancoRef),0)),\"(Código não identificado nas referências)\",MATCH($AE14,INDIRECT(ORÇAMENTO.BancoRef),0))))","v":"(Sem Código)"},{"$f":"ROUND(IF(DESONERACAO=\"sim\",REFERENCIA.Desonerado,REFERENCIA.NaoDesonerado),2)","v":0},{"$f":"ROUND(IF(ISNUMBER(ORÇAMENTO.OpcaoBDI),ORÇAMENTO.OpcaoBDI,IF(LEFT(ORÇAMENTO.OpcaoBDI,3)=\"BDI\",HLOOKUP(ORÇAMENTO.OpcaoBDI,$F$4:$H$5,2,FALSE),0)),15-11*$AF$9)","v":0.20349999999999999},null,null,null,null,{"$f":"$X14","v":0},{"$f":"ROUND(ORÇAMENTO.CustoUnitario*(1+$AH14),2)","v":0}]
[0,null,"L",{"$f":"COUNTA(OFFSET(D15,1,0):D$154)","v":138},0,null,null,null,null,null,null,"F",{"$f":"IF(TIPOORCAMENTO=\"LICITADO\",\"CTEF\",\"LOTE\")","v":"LOTE"},{"$f":"IF(TIPOORCAMENTO=\"LICITADO\",\"CTEF\",\"LOTE\")","v":"LOTE"},{"$f":"Import.DescLote","v":"GARAGEM DE MÁQUINAS"},null,null,null,null,null,null,null,null,{"$f":"SUMIF(OFFSET($C15,1,0,ROW(X154)-ROW(X15)-1),\"S\",OFFSET(X15,1,0,ROW(X154)-ROW(X15)-1))","v":298436.46000000002},null,{"$f":"IF(AND($C15=\"S\",$X15>0),LEFT($Y15,2),\"\")","v":""},{"$f":"SUMIF(OFFSET($C15,1,0,ROW(AA154)-ROW(AA15)-1),\"S\",OFFSET(AA15,1,0,ROW(AA154)-ROW(AA15)-1))","v":298436.46000000002},{"$f":"SUMIF(OFFSET($C15,1,0,ROW(AB154)-ROW(AB15)-1),\"S\",OFFSET(AB15,1,0,ROW(AB154)-ROW(AB15)-1))","v":0},null,null,null,null,null,null,null,null,null,null,298436.46000000002]
[{"$f":"CHOOSE(1+LOG(1+2*(ORÇAMENTO.Nivel=\"Meta\")+4*(ORÇAMENTO.Nivel=\"Nível 2\")+8*(ORÇAMENTO.Nivel=\"Nível 3\")+16*(ORÇAMENTO.Nivel=\"Nível 4\")+32*(ORÇAMENTO.Nivel=\"Serviço\"),2),0,1,2,3,4,\"S\")","v":1},{"$f":"IF(OR(C16=\"s\",C16=0),OFFSET(B16,-1,0),C16)","v":1},{"$f":"IF(OFFSET(C16,-1,0)=\"L\",1,IF(OFFSET(C16,-1,0)=1,2,IF(OR(A16=\"s\",A16=0),\"S\",IF(AND(OFFSET(C16,-1,0)=2,A16=4),3,IF(AND(OR(OFFSET(C16,-1,0)=\"s\",OFFSET(C16,-1,0)=0),A16<>\"s\",A16>OFFSET(B16,-1,0)),OFFSET(B16,-1,0),A16)))))","v":1},{"$f":"IF(OR(C16=\"S\",C16=0),0,IF(ISERROR(K16),J16,SMALL(J16:K16,1)))","v":138},{"$f":"IF($C16=1,OFFSET(E16,-1,0)+MAX(1,COUNTIF(QCI!$A$13:$A$24,OFFSET(ORÇAMENTO!E16,-1,0))),OFFSET(E16,-1,0))","v":1},{"$f":"IF($C16=1,0,IF($C16=2,OFFSET(F16,-1,0)+1,OFFSET(F16,-1,0)))","v":0},{"$f":"IF(AND($C16<=2,$C16<>0),0,IF($C16=3,OFFSET(G16,-1,0)+1,OFFSET(G16,-1,0)))","v":0},{"$f":"IF(AND($C16<=3,$C16<>0),0,IF($C16=4,OFFSET(H16,-1,0)+1,OFFSET(H16,-1,0)))","v":0},{"$f":"IF(AND($C16<=4,$C16<>0),0,IF(AND($C16=\"S\",$X16>0),OFFSET(I16,-1,0)+1,OFFSET(I16,-1,0)))","v":0},{"$f":"IF(OR($C16=\"S\",$C16=0),0,MATCH(0,OFFSET($D16,1,$C16,ROW($C$154)-ROW($C16)),0))","v":138},{"$f":"IF(OR($C16=\"S\",$C16=0),0,MATCH(OFFSET($D16,0,$C16)+IF($C16<>1,1,COUNTIF(QCI!$A$13:$A$24,ORÇAMENTO!E16)),OFFSET($D16,1,$C16,ROW($C$154)-ROW($C16)),0))","v":{"$error":"#N/A"}},{"$f":"IF(OR($X16>0,$C16=1,$C16=2,$C16=3,$C16=4),\"F\",\"\")","v":"F"},"Meta",{"$f":"CHOOSE(1+LOG(1+2*(C16=1)+4*(C16=2)+8*(C16=3)+16*(C16=4)+32*(C16=\"S\"),2),\"\",\"Meta\",\"Nível 2\",\"Nível 3\",\"Nível 4\",\"Serviço\")","v":"Meta"},{"$f":"IF(OR($C16=0,$L16=\"\"),\"-\",CONCATENATE(E16&\".\",IF(AND($A$5>=2,$C16>=2),F16&\".\",\"\"),IF(AND($A$5>=3,$C16>=3),G16&\".\",\"\"),IF(AND($A$5>=4,$C16>=4),H16&\".\",\"\"),IF($C16=\"S\",I16&\".\",\"\")))","v":"1."},"SINAPI",null,"FECHAMENTO GARAGEM DE MÁQUINAS","-",{"$f":"OFFSET(CÁLCULO!H$15,ROW($T16)-ROW(T$15),0)","v":0},null,"BDI 1",{"$f":"IF($C16=\"S\",ROUND(IF(TIPOORCAMENTO=\"Proposto\",ORÇAMENTO.CustoUnitario*(1+$AH16),ORÇAMENTO.PrecoUnitarioLicitado),15-13*$AF$10),0)","v":0},{"$f":"IF($C16=\"S\",VTOTAL1,IF($C16=0,0,ROUND(SomaAgrup,15-13*$AF$11)))","v":298436.46000000002},"RA",{"$f":"IF(AND($C16=\"S\",$X16>0),IF(ISBLANK($Y16),\"RA\",LEFT($Y16,2)),\"\")","v":""},{"$f":"IF($C16=\"S\",IF($Z16=\"CP\",$X16,IF($Z16=\"RA\",(($X16)*QCI!$AA$3),0)),SomaAgrup)","v":298436.46000000002},{"$f":"IF($C16=\"S\",IF($Z16=\"OU\",ROUND($X16,2),0),SomaAgrup)","v":0},{"$f":"IF($N16=\"\",\"\",IF(ORÇAMENTO.Descricao=\"\",\"DESCRIÇÃO\",IF(AND($C16=\"S\",ORÇAMENTO.Unidade=\"\"),\"UNIDADE\",IF($X16<0,\"VALOR NEGATIVO\",IF(OR(AND(TIPOORCAMENTO=\"Proposto\",$AG16<>\"\",$AG16>0,ORÇAMENTO.CustoUnitario>$AG16),AND(TIPOORCAMENTO=\"LICITADO\",ORÇAMENTO.PrecoUnitarioLicitado>$AN16)),\"ACIMA REF.\",\"\")))))","v":""},{"$f":"IF(C16<=CRONO.NivelExibicao,MAX($AD$15:OFFSET(AD16,-1,0))+IF($C16<>1,1,MAX(1,COUNTIF(QCI!$A$13:$A$24,OFFSET($E16,-1,0)))),\"\")","v":1},{"$f":"IF(AND($C16=\"S\",ORÇAMENTO.CodBarra<>\"\"),IF(ORÇAMENTO.Fonte=\"\",ORÇAMENTO.CodBarra,CONCATENATE(ORÇAMENTO.Fonte,\" \",ORÇAMENTO.CodBarra)))","v":false},{"$f":"IF(ISERROR(INDIRECT(ORÇAMENTO.BancoRef)),\"(abra o arquivo 'Referência \"&Excel_BuiltIn_Database&\".xls)\",IF(OR($C16<>\"S\",ORÇAMENTO.CodBarra=\"\"),\"(Sem Código)\",IF(ISERROR(MATCH($AE16,INDIRECT(ORÇAMENTO.BancoRef),0)),\"(Código não identificado nas referências)\",MATCH($AE16,INDIRECT(ORÇAMENTO.BancoRef),0))))","v":"(Sem Código)"},{"$f":"ROUND(IF(DESONERACAO=\"sim\",REFERENCIA.Desonerado,REFERENCIA.NaoDesonerado),2)","v":0},{"$f":"ROUND(IF(ISNUMBER(ORÇAMENTO.OpcaoBDI),ORÇAMENTO.OpcaoBDI,IF(LEFT(ORÇAMENTO.OpcaoBDI,3)=\"BDI\",HLOOKUP(ORÇAMENTO.OpcaoBDI,$F$4:$H$5,2,FALSE),0)),15-11*$AF$9)","v":0.20349999999999999},null,null,null,null,298436.46000000002,{"$f":"ROUND(ORÇAMENTO.CustoUnitario*(1+$AH16),2)","v":0}]
[{"$f":"CHOOSE(1+LOG(1+2*(ORÇAMENTO.Nivel=\"Meta\")+4*(ORÇAMENTO.Nivel=\"Nível 2\")+8*(ORÇAMENTO.Nivel=\"Nível 3\")+16*(ORÇAMENTO.Nivel=\"Nível 4\")+32*(ORÇAMENTO.Nivel=\"Serviço\"),2),0,1,2,3,4,\"S\")","v":2},2,2,2,{"$f":"IF($C17=1,OFFSET(E17,-1,0)+MAX(1,COUNTIF(QCI!$A$13:$A$24,OFFSET(ORÇAMENTO!E17,-1,0))),OFFSET(E17,-1,0))","v":1},1,0,0,0,137,{"$f":"IF(OR($C17=\"S\",$C17=0),0,MATCH(OFFSET($D17,0,$C17)+IF($C17<>1,1,COUNTIF(QCI!$A$13:$A$24,ORÇAMENTO!E17)),OFFSET($D17,1,$C17,ROW($C$154)-ROW($C17)),0))","v":2},"F","Nível 2","Nível 2","1.1.","SINAPI","74209/001","SERVIÇOS INICIAIS","-",{"$f":"OFFSET(CÁLCULO!H$15,ROW($T17)-ROW(T$15),0)","v":0},null,"BDI 1",{"$f":"IF($C17=\"S\",ROUND(IF(TIPOORCAMENTO=\"Proposto\",ORÇAMENTO.CustoUnitario*(1+$AH17),ORÇAMENTO.PrecoUnitarioLicitado),15-13*$AF$10),0)","v":0},{"$f":"IF($C17=\"S\",VTOTAL1,IF($C17=0,0,ROUND(SomaAgrup,15-13*$AF$11)))","v":752.2},"RA","",{"$f":"IF($C17=\"S\",IF($Z17=\"CP\",$X17,IF($Z17=\"RA\",(($X17)*QCI!$AA$3),0)),SomaAgrup)","v":752.2},{"$f":"IF($C17=\"S\",IF($Z17=\"OU\",ROUND($X17,2),0),SomaAgrup)","v":0},{"$f":"IF($N17=\"\",\"\",IF(ORÇAMENTO.Descricao=\"\",\"DESCRIÇÃO\",IF(AND($C17=\"S\",ORÇAMENTO.Unidade=\"\"),\"UNIDADE\",IF($X17<0,\"VALOR NEGATIVO\",IF(OR(AND(TIPOORCAMENTO=\"Proposto\",$AG17<>\"\",$AG17>0,ORÇAMENTO.CustoUnitario>$AG17),AND(TIPOORCAMENTO=\"LICITADO\",ORÇAMENTO.PrecoUnitarioLicitado>$AN17)),\"ACIMA REF.\",\"\")))))","v":""},{"$f":"IF(C17<=CRONO.NivelExibicao,MAX($AD$15:OFFSET(AD17,-1,0))+IF($C17<>1,1,MAX(1,COUNTIF(QCI!$A$13:$A$24,OFFSET($E17,-1,0)))),\"\")","v":2},{"$f":"IF(AND($C17=\"S\",ORÇAMENTO.CodBarra<>\"\"),IF(ORÇAMENTO.Fonte=\"\",ORÇAMENTO.CodBarra,CONCATENATE(ORÇAMENTO.Fonte,\" \",ORÇAMENTO.CodBarra)))","v":false},{"$f":"IF(ISERROR(INDIRECT(ORÇAMENTO.BancoRef)),\"(abra o arquivo 'Referência \"&Excel_BuiltIn_Database&\".xls)\",IF(OR($C17<>\"S\",ORÇAMENTO.CodBarra=\"\"),\"(Sem Código)\",IF(ISERROR(MATCH($AE17,INDIRECT(ORÇAMENTO.BancoRef),0)),\"(Código não identificado nas referências)\",MATCH($AE17,INDIRECT(ORÇAMENTO.BancoRef),0))))","v":"(Sem Código)"},{"$f":"ROUND(IF(DESONERACAO=\"sim\",REFERENCIA.Desonerado,REFERENCIA.NaoDesonerado),2)","v":0},{"$f":"ROUND(IF(ISNUMBER(ORÇAMENTO.OpcaoBDI),ORÇAMENTO.OpcaoBDI,IF(LEFT(ORÇAMENTO.OpcaoBDI,3)=\"BDI\",HLOOKUP(ORÇAMENTO.OpcaoBDI,$F$4:$H$5,2,FALSE),0)),15-11*$AF$9)","v":0.20349999999999999},null,null,null,null,752.2,{"$f":"ROUND(ORÇAMENTO.CustoUnitario*(1+$AH17),2)","v":0}]
[{"$f":"CHOOSE(1+LOG(1+2*(ORÇAMENTO.Nivel=\"Meta\")+4*(ORÇAMENTO.Nivel=\"Nível 2\")+8*(ORÇAMENTO.Nivel=\"Nível 3\")+16*(ORÇAMENTO.Nivel=\"Nível 4\")+32*(ORÇAMENTO.Nivel=\"Serviço\"),2),0,1,2,3,4,\"S\")","v":"S"},2,"S",0,{"$f":"IF($C18=1,OFFSET(E18,-1,0)+MAX(1,COUNTIF(QCI!$A$13:$A$24,OFFSET(ORÇAMENTO!E18,-1,0))),OFFSET(E18,-1,0))","v":1},1,0,0,1,0,{"$f":"IF(OR($C18=\"S\",$C18=0),0,MATCH(OFFSET($D18,0,$C18)+IF($C18<>1,1,COUNTIF(QCI!$A$13:$A$24,ORÇAMENTO!E18)),OFFSET($D18,1,$C18,ROW($C$154)-ROW($C18)),0))","v":0},"F","Serviço","Serviço","1.1.1.","SINAPI-I","4813","PLACA DE OBRA EM CHAPA GALVANIZADA","M2    ",{"$f":"OFFSET(CÁLCULO!H$15,ROW($T18)-ROW(T$15),0)","v":2.5},250,"BDI 1",{"$f":"IF($C18=\"S\",ROUND(IF(TIPOORCAMENTO=\"Proposto\",ORÇAMENTO.CustoUnitario*(1+$AH18),ORÇAMENTO.PrecoUnitarioLicitado),15-13*$AF$10),0)","v":300.88},{"$f":"IF($C18=\"S\",VTOTAL1,IF($C18=0,0,ROUND(SomaAgrup,15-13*$AF$11)))","v":752.2},"RA","RA",{"$f":"IF($C18=\"S\",IF($Z18=\"CP\",$X18,IF($Z18=\"RA\",(($X18)*QCI!$AA$3),0)),SomaAgrup)","v":752.2},{"$f":"IF($C18=\"S\",IF($Z18=\"OU\",ROUND($X18,2),0),SomaAgrup)","v":0},{"$f":"IF($N18=\"\",\"\",IF(ORÇAMENTO.Descricao=\"\",\"DESCRIÇÃO\",IF(AND($C18=\"S\",ORÇAMENTO.Unidade=\"\"),\"UNIDADE\",IF($X18<0,\"VALOR NEGATIVO\",IF(OR(AND(TIPOORCAMENTO=\"Proposto\",$AG18<>\"\",$AG18>0,ORÇAMENTO.CustoUnitario>$AG18),AND(TIPOORCAMENTO=\"LICITADO\",ORÇAMENTO.PrecoUnitarioLicitado>$AN18)),\"ACIMA REF.\",\"\")))))","v":""},{"$f":"IF(C18<=CRONO.NivelExibicao,MAX($AD$15:OFFSET(AD18,-1,0))+IF($C18<>1,1,MAX(1,COUNTIF(QCI!$A$13:$A$24,OFFSET($E18,-1,0)))),\"\")","v":""},{"$f":"IF(AND($C18=\"S\",ORÇAMENTO.CodBarra<>\"\"),IF(ORÇAMENTO.Fonte=\"\",ORÇAMENTO.CodBarra,CONCATENATE(ORÇAMENTO.Fonte,\" \",ORÇAMENTO.CodBarra)))","v":"SINAPI-I 4813"},{"$f":"IF(ISERROR(INDIRECT(ORÇAMENTO.BancoRef)),\"(abra o arquivo 'Referência \"&Excel_BuiltIn_Database&\".xls)\",IF(OR($C18<>\"S\",ORÇAMENTO.CodBarra=\"\"),\"(Sem Código)\",IF(ISERROR(MATCH($AE18,INDIRECT(ORÇAMENTO.BancoRef),0)),\"(Código não identificado nas referências)\",MATCH($AE18,INDIRECT(ORÇAMENTO.BancoRef),0))))","v":10234},{"$f":"ROUND(IF(DESONERACAO=\"sim\",REFERENCIA.Desonerado,REFERENCIA.NaoDesonerado),2)","v":300},{"$f":"ROUND(IF(ISNUMBER(ORÇAMENTO.OpcaoBDI),ORÇAMENTO.OpcaoBDI,IF(LEFT(ORÇAMENTO.OpcaoBDI,3)=\"BDI\",HLOOKUP(ORÇAMENTO.OpcaoBDI,$F$4:$H$5,2,FALSE),0)),15-11*$AF$9)","v":0.20349999999999999},null,2.5,null,null,752.2,{"$f":"ROUND(ORÇAMENTO.CustoUnitario*(1+$AH18),2)","v":300.88}]
[{"$f":"CHOOSE(1+LOG(1+2*(ORÇAMENTO.Nivel=\"Meta\")+4*(ORÇAMENTO.Nivel=\"Nível 2\")+8*(ORÇAMENTO.Nivel=\"Nível 3\")+16*(ORÇAMENTO.Nivel=\"Nível 4\")+32*(ORÇAMENTO.Nivel=\"Serviço\"),2),0,1,2,3,4,\"S\")","v":2},2,2,27,{"$f":"IF($C19=1,OFFSET(E19,-1,0)+MAX(1,COUNTIF(QCI!$A$13:$A$24,OFFSET(ORÇAMENTO!E19,-1,0))),OFFSET(E19,-1,0))","v":1},2,0,0,0,135,{"$f":"IF(OR($C19=\"S\",$C19=0),0,MATCH(OFFSET($D19,0,$C19)+IF($C19<>1,1,COUNTIF(QCI!$A$13:$A$24,ORÇAMENTO!E19)),OFFSET($D19,1,$C19,ROW($C$154)-ROW($C19)),0))","v":27},"F","Nível 2","Nível 2","1.2.","SINAPI",null,"ESTRUTURA","-",{"$f":"OFFSET(CÁLCULO!H$15,ROW($T19)-ROW(T$15),0)","v":0},0,"BDI 1",{"$f":"IF($C19=\"S\",ROUND(IF(TIPOORCAMENTO=\"Proposto\",ORÇAMENTO.CustoUnitario*(1+$AH19),ORÇAMENTO.PrecoUnitarioLicitado),15-13*$AF$10),0)","v":0},{"$f":"IF($C19=\"S\",VTOTAL1,IF($C19=0,0,ROUND(SomaAgrup,15-13*$AF$11)))","v":36611.370000000003},"RA","",{"$f":"IF($C19=\"S\",IF($Z19=\"CP\",$X19,IF($Z19=\"RA\",(($X19)*QCI!$AA$3),0)),SomaAgrup)","v":36611.369999999995},{"$f":"IF($C19=\"S\",IF($Z19=\"OU\",ROUND($X19,2),0),SomaAgrup)","v":0},{"$f":"IF($N19=\"\",\"\",IF(ORÇAMENTO.Descricao=\"\",\"DESCRIÇÃO\",IF(AND($C19=\"S\",ORÇAMENTO.Unidade=\"\"),\"UNIDADE\",IF($X19<0,\"VALOR NEGATIVO\",IF(OR(AND(TIPOORCAMENTO=\"Proposto\",$AG19<>\"\",$AG19>0,ORÇAMENTO.CustoUnitario>$AG19),AND(TIPOORCAMENTO=\"LICITADO\",ORÇAMENTO.PrecoUnitarioLicitado>$AN19)),\"ACIMA REF.\",\"\")))))","v":""},{"$f":"IF(C19<=CRONO.NivelExibicao,MAX($AD$15:OFFSET(AD19,-1,0))+IF($C19<>1,1,MAX(1,COUNTIF(QCI!$A$13:$A$24,OFFSET($E19,-1,0)))),\"\")","v":3},{"$f":"IF(AND($C19=\"S\",ORÇAMENTO.CodBarra<>\"\"),IF(ORÇAMENTO.Fonte=\"\",ORÇAMENTO.CodBarra,CONCATENATE(ORÇAMENTO.Fonte,\" \",ORÇAMENTO.CodBarra)))","v":false},{"$f":"IF(ISERROR(INDIRECT(ORÇAMENTO.BancoRef)),\"(abra o arquivo 'Referência \"&Excel_BuiltIn_Database&\".xls)\",IF(OR($C19<>\"S\",ORÇAMENTO.CodBarra=\"\"),\"(Sem Código)\",IF(ISERROR(MATCH($AE19,INDIRECT(ORÇAMENTO.BancoRef),0)),\"(Código não identificado nas referências)\",MATCH($AE19,INDIRECT(ORÇAMENTO.BancoRef),0))))","v":"(Sem Código)"},{"$f":"ROUND(IF(DESONERACAO=\"sim\",REFERENCIA.Desonerado,REFERENCIA.NaoDesonerado),2)","v":0},{"$f":"ROUND(IF(ISNUMBER(ORÇAMENTO.OpcaoBDI),ORÇAMENTO.OpcaoBDI,IF(LEFT(ORÇAMENTO.OpcaoBDI,3)=\"BDI\",HLOOKUP(ORÇAMENTO.OpcaoBDI,$F$4:$H$5,2,FALSE),0)),15-11*$AF$9)","v":0.20349999999999999},null,null,null,null,36611.370000000003,{"$f":"ROUND(ORÇAMENTO.CustoUnitario*(1+$AH19),2)","v":0}]
["S",2,"S",0,{"$f":"IF($C20=1,OFFSET(E20,-1,0)+MAX(1,COUNTIF(QCI!$A$13:$A$24,OFFSET(ORÇAMENTO!E20,-1,0))),OFFSET(E20,-1,0))","v":1},2,0,0,1,0,{"$f":"IF(OR($C20=\"S\",$C20=0),0,MATCH(OFFSET($D20,0,$C20)+IF($C20<>1,1,COUNTIF(QCI!$A$13:$A$24,ORÇAMENTO!E20)),OFFSET($D20,1,$C20,ROW($C$154)-ROW($C20)),0))","v":0},"F","Serviço","Serviço","1.2.1.","SINAPI","96521","ESCAVAÇÃO MECANIZADA PARA VIGA BALDRAME E RADIER, COM PREVISÃO DE FÔRMA, COM RETROESCAVADEIRA","M3",{"$f":"OFFSET(CÁLCULO!H$15,ROW($T20)-ROW(T$15),0)","v":10.58},{"$f":"AG20*0.9","v":26.28},"BDI 1",31.63,334.65,"RA","RA",{"$f":"IF($C20=\"S\",IF($Z20=\"CP\",$X20,IF($Z20=\"RA\",(($X20)*QCI!$AA$3),0)),SomaAgrup)","v":334.65},0,"",{"$f":"IF(C20<=CRONO.NivelExibicao,MAX($AD$15:OFFSET(AD20,-1,0))+IF($C20<>1,1,MAX(1,COUNTIF(QCI!$A$13:$A$24,OFFSET($E20,-1,0)))),\"\")","v":""},"SINAPI 96521",4884,29.2,0.20349999999999999,null,{"$f":"(AJ22*0.3)+(0.6*0.25*((15.3*2)+(4.75*5)))","v":10.5825},null,null,334.65,31.63]
["S",2,"S",0,{"$f":"IF($C21=1,OFFSET(E21,-1,0)+MAX(1,COUNTIF(QCI!$A$13:$A$24,OFFSET(ORÇAMENTO!E21,-1,0))),OFFSET(E21,-1,0))","v":1},2,0,0,2,0,{"$f":"IF(OR($C21=\"S\",$C21=0),0,MATCH(OFFSET($D21,0,$C21)+IF($C21<>1,1,COUNTIF(QCI!$A$13:$A$24,ORÇAMENTO!E21)),OFFSET($D21,1,$C21,ROW($C$154)-ROW($C21)),0))","v":0},"F","Serviço","Serviço","1.2.2.","SINAPI","96995","REATERRO MANUAL APILOADO COM SOQUETE","M3",{"$f":"OFFSET(CÁLCULO!H$15,ROW($T21)-ROW(T$15),0)","v":2.12},38,"BDI 1",45.73,96.95,"RA","RA",{"$f":"IF($C21=\"S\",IF($Z21=\"CP\",$X21,IF($Z21=\"RA\",(($X21)*QCI!$AA$3),0)),SomaAgrup)","v":96.95},0,"",{"$f":"IF(C21<=CRONO.NivelExibicao,MAX($AD$15:OFFSET(AD21,-1,0))+IF($C21<>1,1,MAX(1,COUNTIF(QCI!$A$13:$A$24,OFFSET($E21,-1,0)))),\"\")","v":""},"SINAPI 96995",5042,40.99,0.20349999999999999,null,{"$f":"AJ20*0.2","v":2.1164999999999998},null,null,96.95,45.73]
["S",2,"S",0,{"$f":"IF($C22=1,OFFSET(E22,-1,0)+MAX(1,COUNTIF(QCI!$A$13:$A$24,OFFSET(ORÇAMENTO!E22,-1,0))),OFFSET(E22,-1,0))","v":1},2,0,0,3,0,{"$f":"IF(OR($C22=\"S\",$C22=0),0,MATCH(OFFSET($D22,0,$C22)+IF($C22<>1,1,COUNTIF(QCI!$A$13:$A$24,ORÇAMENTO!E22)),OFFSET($D22,1,$C22,ROW($C$154)-ROW($C22)),0))","v":0},"F","Serviço","Serviço","1.2.3.","SINAPI","97083","COMPACTAÇÃO MECÂNICA DE SOLO PARA EXECUÇÃO DE RADIER, COM COMPACTADOR DE SOLOS A PERCUSSÃO. AF_09/2017","M2",{"$f":"OFFSET(CÁLCULO!H$15,ROW($T22)-ROW(T$15),0)","v":8.1},2.5,"BDI 1",3.01,24.38,"RA","RA",{"$f":"IF($C22=\"S\",IF($Z22=\"CP\",$X22,IF($Z22=\"RA\",(($X22)*QCI!$AA$3),0)),SomaAgrup)","v":24.38},0,"",{"$f":"IF(C22<=CRONO.NivelExibicao,MAX($AD$15:OFFSET(AD22,-1,0))+IF($C22<>1,1,MAX(1,COUNTIF(QCI!$A$13:$A$24,OFFSET($E22,-1,0)))),\"\")","v":""},"SINAPI 97083",2100,2.69,0.20349999999999999,null,{"$f":"1.62/0.2","v":8.1},null,null,24.38,3.01]
["S",2,"S",0,{"$f":"IF($C23=1,OFFSET(E23,-1,0)+MAX(1,COUNTIF(QCI!$A$13:$A$24,OFFSET(ORÇAMENTO!E23,-1,0))),OFFSET(E23,-1,0))","v":1},2,0,0,4,0,{"$f":"IF(OR($C23=\"S\",$C23=0),0,MATCH(OFFSET($D23,0,$C23)+IF($C23<>1,1,COUNTIF(QCI!$A$13:$A$24,ORÇAMENTO!E23)),OFFSET($D23,1,$C23,ROW($C$154)-ROW($C23)),0))","v":0},"F","Serviço","Serviço","1.2.4.","SINAPI","92759","ARMAÇÃO DE PILAR OU VIGA DE UMA ESTRUTURA CONVENCIONAL DE CONCRETO ARMADO EM UM EDIFÍCIO DE MÚLTIPLOS PAVIMENTOS UTILIZANDO AÇO CA-60 DE 5,0 MM - MONTAGEM. AF_12/2015","KG",{"$f":"OFFSET(CÁLCULO!H$15,ROW($T23)-ROW(T$15),0)","v":142.4},10,"BDI 1",12.04,1714.5,"RA","RA",{"$f":"IF($C23=\"S\",IF($Z23=\"CP\",$X23,IF($Z23=\"RA\",(($X23)*QCI!$AA$3),0)),SomaAgrup)","v":1714.5},0,"",{"$f":"IF(C23<=CRONO.NivelExibicao,MAX($AD$15:OFFSET(AD23,-1,0))+IF($C23<>1,1,MAX(1,COUNTIF(QCI!$A$13:$A$24,OFFSET($E23,-1,0)))),\"\")","v":""},"SINAPI 92759",2308,10.73,0.20349999999999999,null,{"$f":"15.8+88.4+38.2","v":142.4},null,null,1714.5,12.04]
["S",2,"S",0,{"$f":"IF($C24=1,OFFSET(E24,-1,0)+MAX(1,COUNTIF(QCI!$A$13:$A$24,OFFSET(ORÇAMENTO!E24,-1,0))),OFFSET(E24,-1,0))","v":1},2,0,0,5,0,{"$f":"IF(OR($C24=\"S\",$C24=0),0,MATCH(OFFSET($D24,0,$C24)+IF($C24<>1,1,COUNTIF(QCI!$A$13:$A$24,ORÇAMENTO!E24)),OFFSET($D24,1,$C24,ROW($C$154)-ROW($C24)),0))","v":0},"F","Serviço","Serviço","1.2.5.","SINAPI","92760","ARMAÇÃO DE PILAR OU VIGA DE UMA ESTRUTURA CONVENCIONAL DE CONCRETO ARMADO EM UM EDIFÍCIO DE MÚLTIPLOS PAVIMENTOS UTILIZANDO AÇO CA-50 DE 6,3 MM - MONTAGEM. AF_12/2015","KG",{"$f":"OFFSET(CÁLCULO!H$15,ROW($T24)-ROW(T$15),0)","v":5.0999999999999996},9,"BDI 1",10.83,55.23,"RA","RA",{"$f":"IF($C24=\"S\",IF($Z24=\"CP\",$X24,IF($Z24=\"RA\",(($X24)*QCI!$AA$3),0)),SomaAgrup)","v":55.23},0,"",{"$f":"IF(C24<=CRONO.NivelExibicao,MAX($AD$15:OFFSET(AD24,-1,0))+IF($C24<>1,1,MAX(1,COUNTIF(QCI!$A$13:$A$24,OFFSET($E24,-1,0)))),\"\")","v":""},"SINAPI 92760",2309,9.61,0.20349999999999999,null,{"$f":"2.3+2.8","v":5.0999999999999996},null,null,55.23,10.83]
["S",2,"S",0,{"$f":"IF($C25=1,OFFSET(E25,-1,0)+MAX(1,COUNTIF(QCI!$A$13:$A$24,OFFSET(ORÇAMENTO!E25,-1,0))),OFFSET(E25,-1,0))","v":1},2,0,0,6,0,{"$f":"IF(OR($C25=\"S\",$C25=0),0,MATCH(OFFSET($D25,0,$C25)+IF($C25<>1,1,COUNTIF(QCI!$A$13:$A$24,ORÇAMENTO!E25)),OFFSET($D25,1,$C25,ROW($C$154)-ROW($C25)),0))","v":0},"F","Serviço","Serviço","1.2.6.","SINAPI","92761","ARMAÇÃO DE PILAR OU VIGA DE UMA ESTRUTURA CONVENCIONAL DE CONCRETO ARMADO EM UM EDIFÍCIO DE MÚLTIPLOS PAVIMENTOS UTILIZANDO AÇO CA-50 DE 8,0 MM - MONTAGEM. AF_12/2015","KG",{"$f":"OFFSET(CÁLCULO!H$15,ROW($T25)-ROW(T$15),0)","v":86.8},8,"BDI 1",9.6300000000000008,835.88,"RA","RA",{"$f":"IF($C25=\"S\",IF($Z25=\"CP\",$X25,IF($Z25=\"RA\",(($X25)*QCI!$AA$3),0)),SomaAgrup)","v":835.88},0,"",{"$f":"IF(C25<=CRONO.NivelExibicao,MAX($AD$15:OFFSET(AD25,-1,0))+IF($C25<>1,1,MAX(1,COUNTIF(QCI!$A$13:$A$24,OFFSET($E25,-1,0)))),\"\")","v":""},"SINAPI 92761",2310,8.6999999999999993,0.20349999999999999,null,{"$f":"26.2+60.6","v":86.8},null,null,835.88,9.6300000000000008]
["S",2,"S",0,{"$f":"IF($C26=1,OFFSET(E26,-1,0)+MAX(1,COUNTIF(QCI!$A$13:$A$24,OFFSET(ORÇAMENTO!E26,-1,0))),OFFSET(E26,-1,0))","v":1},2,0,0,7,0,{"$f":"IF(OR($C26=\"S\",$C26=0),0,MATCH(OFFSET($D26,0,$C26)+IF($C26<>1,1,COUNTIF(QCI!$A$13:$A$24,ORÇAMENTO!E26)),OFFSET($D26,1,$C26,ROW($C$154)-ROW($C26)),0))","v":0},"F","Serviço","Serviço","1.2.7.","SINAPI","92762","ARMAÇÃO DE PILAR OU VIGA DE UMA ESTRUTURA CONVENCIONAL DE CONCRETO ARMADO EM UM EDIFÍCIO DE MÚLTIPLOS PAVIMENTOS UTILIZANDO AÇO CA-50 DE 10,0 MM - MONTAGEM. AF_12/2015","KG",{"$f":"OFFSET(CÁLCULO!H$15,ROW($T26)-ROW(T$15),0)","v":168.8},7,"BDI 1",8.42,1421.3,"RA","RA",{"$f":"IF($C26=\"S\",IF($Z26=\"CP\",$X26,IF($Z26=\"RA\",(($X26)*QCI!$AA$3),0)),SomaAgrup)","v":1421.3},0,"",{"$f":"IF(C26<=CRONO.NivelExibicao,MAX($AD$15:OFFSET(AD26,-1,0))+IF($C26<>1,1,MAX(1,COUNTIF(QCI!$A$13:$A$24,OFFSET($E26,-1,0)))),\"\")","v":""},"SINAPI 92762",2311,7.62,0.20349999999999999,null,{"$f":"28.2+112.9+27.7","v":168.79999999999998},null,null,1421.3,8.42]
["S",2,"S",0,{"$f":"IF($C27=1,OFFSET(E27,-1,0)+MAX(1,COUNTIF(QCI!$A$13:$A$24,OFFSET(ORÇAMENTO!E27,-1,0))),OFFSET(E27,-1,0))","v":1},2,0,0,8,0,{"$f":"IF(OR($C27=\"S\",$C27=0),0,MATCH(OFFSET($D27,0,$C27)+IF($C27<>1,1,COUNTIF(QCI!$A$13:$A$24,ORÇAMENTO!E27)),OFFSET($D27,1,$C27,ROW($C$154)-ROW($C27)),0))","v":0},"F","Serviço","Serviço","1.2.8.","SINAPI","92763","ARMAÇÃO DE PILAR OU VIGA DE UMA ESTRUTURA CONVENCIONAL DE CONCRETO ARMADO EM UM EDIFÍCIO DE MÚLTIPLOS PAVIMENTOS UTILIZANDO AÇO CA-50 DE 12,5 MM - MONTAGEM. AF_12/2015","KG",{"$f":"OFFSET(CÁLCULO!H$15,ROW($T27)-ROW(T$15),0)","v":303.5},6,"BDI 1",7.22,2191.27,"RA","RA",{"$f":"IF($C27=\"S\",IF($Z27=\"CP\",$X27,IF($Z27=\"RA\",(($X27)*QCI!$AA$3),0)),SomaAgrup)","v":2191.27},0,"",{"$f":"IF(C27<=CRONO.NivelExibicao,MAX($AD$15:OFFSET(AD27,-1,0))+IF($C27<>1,1,MAX(1,COUNTIF(QCI!$A$13:$A$24,OFFSET($E27,-1,0)))),\"\")","v":""},"SINAPI 92763",2312,6.34,0.20349999999999999,null,{"$f":"43.6+259.9","v":303.5},null,null,2191.27,7.22]
["S",2,"S",0,{"$f":"IF($C28=1,OFFSET(E28,-1,0)+MAX(1,COUNTIF(QCI!$A$13:$A$24,OFFSET(ORÇAMENTO!E28,-1,0))),OFFSET(E28,-1,0))","v":1},2,0,0,9,0,{"$f":"IF(OR($C28=\"S\",$C28=0),0,MATCH(OFFSET($D28,0,$C28)+IF($C28<>1,1,COUNTIF(QCI!$A$13:$A$24,ORÇAMENTO!E28)),OFFSET($D28,1,$C28,ROW($C$154)-ROW($C28)),0))","v":0},"F","Serviço","Serviço","1.2.9.","SINAPI","92769","ARMAÇÃO DE LAJE DE UMA ESTRUTURA CONVENCIONAL DE CONCRETO ARMADO EM UM EDIFÍCIO DE MÚLTIPLOS PAVIMENTOS UTILIZANDO AÇO CA-50 DE 6,3 MM - MONTAGEM. AF_12/2015","KG",{"$f":"OFFSET(CÁLCULO!H$15,ROW($T28)-ROW(T$15),0)","v":128.19999999999999},8,"BDI 1",9.6300000000000008,1234.57,"RA","RA",{"$f":"IF($C28=\"S\",IF($Z28=\"CP\",$X28,IF($Z28=\"RA\",(($X28)*QCI!$AA$3),0)),SomaAgrup)","v":1234.57},0,"",{"$f":"IF(C28<=CRONO.NivelExibicao,MAX($AD$15:OFFSET(AD28,-1,0))+IF($C28<>1,1,MAX(1,COUNTIF(QCI!$A$13:$A$24,OFFSET($E28,-1,0)))),\"\")","v":""},"SINAPI 92769",2318,8.58,0.20349999999999999,null,{"$f":"128.2","v":128.19999999999999},null,null,1234.57,9.6300000000000008]
["S",2,"S",0,{"$f":"IF($C29=1,OFFSET(E29,-1,0)+MAX(1,COUNTIF(QCI!$A$13:$A$24,OFFSET(ORÇAMENTO!E29,-1,0))),OFFSET(E29,-1,0))","v":1},2,0,0,10,0,{"$f":"IF(OR($C29=\"S\",$C29=0),0,MATCH(OFFSET($D29,0,$C29)+IF($C29<>1,1,COUNTIF(QCI!$A$13:$A$24,ORÇAMENTO!E29)),OFFSET($D29,1,$C29,ROW($C$154)-ROW($C29)),0))","v":0},"F","Serviço","Serviço","1.2.10.","SINAPI","92770","ARMAÇÃO DE LAJE DE UMA ESTRUTURA CONVENCIONAL DE CONCRETO ARMADO EM UM EDIFÍCIO DE MÚLTIPLOS PAVIMENTOS UTILIZANDO AÇO CA-50 DE 8,0 MM - MONTAGEM. AF_12/2015","KG",{"$f":"OFFSET(CÁLCULO!H$15,ROW($T29)-ROW(T$15),0)","v":306.3},7,"BDI 1",8.42,2579.0500000000002,"RA","RA",{"$f":"IF($C29=\"S\",IF($Z29=\"CP\",$X29,IF($Z29=\"RA\",(($X29)*QCI!$AA$3),0)),SomaAgrup)","v":2579.0500000000002},0,"",{"$f":"IF(C29<=CRONO.NivelExibicao,MAX($AD$15:OFFSET(AD29,-1,0))+IF($C29<>1,1,MAX(1,COUNTIF(QCI!$A$13:$A$24,OFFSET($E29,-1,0)))),\"\")","v":""},"SINAPI 92770",2319,7.94,0.20349999999999999,null,{"$f":"136+170.3","v":306.3},null,null,2579.0500000000002,8.42]
[{"$f":"CHOOSE(1+LOG(1+2*(ORÇAMENTO.Nivel=\"Meta\")+4*(ORÇAMENTO.Nivel=\"Nível 2\")+8*(ORÇAMENTO.Nivel=\"Nível 3\")+16*(ORÇAMENTO.Nivel=\"Nível 4\")+32*(ORÇAMENTO.Nivel=\"Serviço\"),2),0,1,2,3,4,\"S\")","v":"S"},{"$f":"IF(OR(C30=\"s\",C30=0),OFFSET(B30,-1,0),C30)","v":2},{"$f":"IF(OFFSET(C30,-1,0)=\"L\",1,IF(OFFSET(C30,-1,0)=1,2,IF(OR(A30=\"s\",A30=0),\"S\",IF(AND(OFFSET(C30,-1,0)=2,A30=4),3,IF(AND(OR(OFFSET(C30,-1,0)=\"s\",OFFSET(C30,-1,0)=0),A30<>\"s\",A30>OFFSET(B30,-1,0)),OFFSET(B30,-1,0),A30)))))","v":"S"},{"$f":"IF(OR(C30=\"S\",C30=0),0,IF(ISERROR(K30),J30,SMALL(J30:K30,1)))","v":0},{"$f":"IF($C30=1,OFFSET(E30,-1,0)+MAX(1,COUNTIF(QCI!$A$13:$A$24,OFFSET(ORÇAMENTO!E30,-1,0))),OFFSET(E30,-1,0))","v":1},{"$f":"IF($C30=1,0,IF($C30=2,OFFSET(F30,-1,0)+1,OFFSET(F30,-1,0)))","v":2},{"$f":"IF(AND($C30<=2,$C30<>0),0,IF($C30=3,OFFSET(G30,-1,0)+1,OFFSET(G30,-1,0)))","v":0},{"$f":"IF(AND($C30<=3,$C30<>0),0,IF($C30=4,OFFSET(H30,-1,0)+1,OFFSET(H30,-1,0)))","v":0},{"$f":"IF(AND($C30<=4,$C30<>0),0,IF(AND($C30=\"S\",$X30>0),OFFSET(I30,-1,0)+1,OFFSET(I30,-1,0)))","v":11},0,{"$f":"IF(OR($C30=\"S\",$C30=0),0,MATCH(OFFSET($D30,0,$C30)+IF($C30<>1,1,COUNTIF(QCI!$A$13:$A$24,ORÇAMENTO!E30)),OFFSET($D30,1,$C30,ROW($C$154)-ROW($C30)),0))","v":0},{"$f":"IF(OR($X30>0,$C30=1,$C30=2,$C30=3,$C30=4),\"F\",\"\")","v":"F"},"Serviço",{"$f":"CHOOSE(1+LOG(1+2*(C30=1)+4*(C30=2)+8*(C30=3)+16*(C30=4)+32*(C30=\"S\"),2),\"\",\"Meta\",\"Nível 2\",\"Nível 3\",\"Nível 4\",\"Serviço\")","v":"Serviço"},{"$f":"IF(OR($C30=0,$L30=\"\"),\"-\",CONCATENATE(E30&\".\",IF(AND($A$5>=2,$C30>=2),F30&\".\",\"\"),IF(AND($A$5>=3,$C30>=3),G30&\".\",\"\"),IF(AND($A$5>=4,$C30>=4),H30&\".\",\"\"),IF($C30=\"S\",I30&\".\",\"\")))","v":"1.2.11."},"SINAPI","92771","ARMAÇÃO DE LAJE DE UMA ESTRUTURA CONVENCIONAL DE CONCRETO ARMADO EM UM EDIFÍCIO DE MÚLTIPLOS PAVIMENTOS UTILIZANDO AÇO CA-50 DE 10,0 MM - MONTAGEM. AF_12/2015","KG",{"$f":"OFFSET(CÁLCULO!H$15,ROW($T30)-ROW(T$15),0)","v":67.5},6,"BDI 1",{"$f":"IF($C30=\"S\",ROUND(IF(TIPOORCAMENTO=\"Proposto\",ORÇAMENTO.CustoUnitario*(1+$AH30),ORÇAMENTO.PrecoUnitarioLicitado),15-13*$AF$10),0)","v":7.22},{"$f":"IF($C30=\"S\",VTOTAL1,IF($C30=0,0,ROUND(SomaAgrup,15-13*$AF$11)))","v":487.35},"RA",{"$f":"IF(AND($C30=\"S\",$X30>0),IF(ISBLANK($Y30),\"RA\",LEFT($Y30,2)),\"\")","v":"RA"},{"$f":"IF($C30=\"S\",IF($Z30=\"CP\",$X30,IF($Z30=\"RA\",(($X30)*QCI!$AA$3),0)),SomaAgrup)","v":487.35},{"$f":"IF($C30=\"S\",IF($Z30=\"OU\",ROUND($X30,2),0),SomaAgrup)","v":0},{"$f":"IF($N30=\"\",\"\",IF(ORÇAMENTO.Descricao=\"\",\"DESCRIÇÃO\",IF(AND($C30=\"S\",ORÇAMENTO.Unidade=\"\"),\"UNIDADE\",IF($X30<0,\"VALOR NEGATIVO\",IF(OR(AND(TIPOORCAMENTO=\"Proposto\",$AG30<>\"\",$AG30>0,ORÇAMENTO.CustoUnitario>$AG30),AND(TIPOORCAMENTO=\"LICITADO\",ORÇAMENTO.PrecoUnitarioLicitado>$AN30)),\"ACIMA REF.\",\"\")))))","v":""},{"$f":"IF(C30<=CRONO.NivelExibicao,MAX($AD$15:OFFSET(AD30,-1,0))+IF($C30<>1,1,MAX(1,COUNTIF(QCI!$A$13:$A$24,OFFSET($E30,-1,0)))),\"\")","v":""},{"$f":"IF(AND($C30=\"S\",ORÇAMENTO.CodBarra<>\"\"),IF(ORÇAMENTO.Fonte=\"\",ORÇAMENTO.CodBarra,CONCATENATE(ORÇAMENTO.Fonte,\" \",ORÇAMENTO.CodBarra)))","v":"SINAPI 92771"},{"$f":"IF(ISERROR(INDIRECT(ORÇAMENTO.BancoRef)),\"(abra o arquivo 'Referência \"&Excel_BuiltIn_Database&\".xls)\",IF(OR($C30<>\"S\",ORÇAMENTO.CodBarra=\"\"),\"(Sem Código)\",IF(ISERROR(MATCH($AE30,INDIRECT(ORÇAMENTO.BancoRef),0)),\"(Código não identificado nas referências)\",MATCH($AE30,INDIRECT(ORÇAMENTO.BancoRef),0))))","v":2320},{"$f":"ROUND(IF(DESONERACAO=\"sim\",REFERENCIA.Desonerado,REFERENCIA.NaoDesonerado),2)","v":7.02},{"$f":"ROUND(IF(ISNUMBER(ORÇAMENTO.OpcaoBDI),ORÇAMENTO.OpcaoBDI,IF(LEFT(ORÇAMENTO.OpcaoBDI,3)=\"BDI\",HLOOKUP(ORÇAMENTO.OpcaoBDI,$F$4:$H$5,2,FALSE),0)),15-11*$AF$9)","v":0.20349999999999999},null,{"$f":"0.6+66.9","v":67.5},null,null,487.35,{"$f":"ROUND(ORÇAMENTO.CustoUnitario*(1+$AH30),2)","v":7.22}]
["S",{"$f":"IF(OR(C31=\"s\",C31=0),OFFSET(B31,-1,0),C31)","v":2},{"$f":"IF(OFFSET(C31,-1,0)=\"L\",1,IF(OFFSET(C31,-1,0)=1,2,IF(OR(A31=\"s\",A31=0),\"S\",IF(AND(OFFSET(C31,-1,0)=2,A31=4),3,IF(AND(OR(OFFSET(C31,-1,0)=\"s\",OFFSET(C31,-1,0)=0),A31<>\"s\",A31>OFFSET(B31,-1,0)),OFFSET(B31,-1,0),A31)))))","v":"S"},{"$f":"IF(OR(C31=\"S\",C31=0),0,IF(ISERROR(K31),J31,SMALL(J31:K31,1)))","v":0},{"$f":"IF($C31=1,OFFSET(E31,-1,0)+MAX(1,COUNTIF(QCI!$A$13:$A$24,OFFSET(ORÇAMENTO!E31,-1,0))),OFFSET(E31,-1,0))","v":1},{"$f":"IF($C31=1,0,IF($C31=2,OFFSET(F31,-1,0)+1,OFFSET(F31,-1,0)))","v":2},{"$f":"IF(AND($C31<=2,$C31<>0),0,IF($C31=3,OFFSET(G31,-1,0)+1,OFFSET(G31,-1,0)))","v":0},{"$f":"IF(AND($C31<=3,$C31<>0),0,IF($C31=4,OFFSET(H31,-1,0)+1,OFFSET(H31,-1,0)))","v":0},{"$f":"IF(AND($C31<=4,$C31<>0),0,IF(AND($C31=\"S\",$X31>0),OFFSET(I31,-1,0)+1,OFFSET(I31,-1,0)))","v":12},0,{"$f":"IF(OR($C31=\"S\",$C31=0),0,MATCH(OFFSET($D31,0,$C31)+IF($C31<>1,1,COUNTIF(QCI!$A$13:$A$24,ORÇAMENTO!E31)),OFFSET($D31,1,$C31,ROW($C$154)-ROW($C31)),0))","v":0},{"$f":"IF(OR($X31>0,$C31=1,$C31=2,$C31=3,$C31=4),\"F\",\"\")","v":"F"},"Serviço",{"$f":"CHOOSE(1+LOG(1+2*(C31=1)+4*(C31=2)+8*(C31=3)+16*(C31=4)+32*(C31=\"S\"),2),\"\",\"Meta\",\"Nível 2\",\"Nível 3\",\"Nível 4\",\"Serviço\")","v":"Serviço"},{"$f":"IF(OR($C31=0,$L31=\"\"),\"-\",CONCATENATE(E31&\".\",IF(AND($A$5>=2,$C31>=2),F31&\".\",\"\"),IF(AND($A$5>=3,$C31>=3),G31&\".\",\"\"),IF(AND($A$5>=4,$C31>=4),H31&\".\",\"\"),IF($C31=\"S\",I31&\".\",\"\")))","v":"1.2.12."},"SINAPI","92772","ARMAÇÃO DE LAJE DE UMA ESTRUTURA CONVENCIONAL DE CONCRETO ARMADO EM UM EDIFÍCIO DE MÚLTIPLOS PAVIMENTOS UTILIZANDO AÇO CA-50 DE 12,5 MM - MONTAGEM. AF_12/2015","KG",{"$f":"OFFSET(CÁLCULO!H$15,ROW($T31)-ROW(T$15),0)","v":6.9},5.5,"BDI 1",6.62,45.68,"RA",{"$f":"IF(AND($C31=\"S\",$X31>0),IF(ISBLANK($Y31),\"RA\",LEFT($Y31,2)),\"\")","v":"RA"},{"$f":"IF($C31=\"S\",IF($Z31=\"CP\",$X31,IF($Z31=\"RA\",(($X31)*QCI!$AA$3),0)),SomaAgrup)","v":45.68},0,"",{"$f":"IF(C31<=CRONO.NivelExibicao,MAX($AD$15:OFFSET(AD31,-1,0))+IF($C31<>1,1,MAX(1,COUNTIF(QCI!$A$13:$A$24,OFFSET($E31,-1,0)))),\"\")","v":""},"SINAPI 92772",2321,5.9,0.20349999999999999,null,{"$f":"6.9","v":6.9},null,null,45.68,6.62]
["S",2,"S",0,{"$f":"IF($C32=1,OFFSET(E32,-1,0)+MAX(1,COUNTIF(QCI!$A$13:$A$24,OFFSET(ORÇAMENTO!E32,-1,0))),OFFSET(E32,-1,0))","v":1},2,0,0,13,0,{"$f":"IF(OR($C32=\"S\",$C32=0),0,MATCH(OFFSET($D32,0,$C32)+IF($C32<>1,1,COUNTIF(QCI!$A$13:$A$24,ORÇAMENTO!E32)),OFFSET($D32,1,$C32,ROW($C$154)-ROW($C32)),0))","v":0},"F","Serviço","Serviço","1.2.13.","SINAPI","92773","ARMAÇÃO DE LAJE DE UMA ESTRUTURA CONVENCIONAL DE CONCRETO ARMADO EM UM EDIFÍCIO DE MÚLTIPLOS PAVIMENTOS UTILIZANDO AÇO CA-50 DE 16,0 MM - MONTAGEM. AF_12/2015","KG",{"$f":"OFFSET(CÁLCULO!H$15,ROW($T32)-ROW(T$15),0)","v":65.900000000000006},5,"BDI 1",6.02,396.72,"RA","RA",{"$f":"IF($C32=\"S\",IF($Z32=\"CP\",$X32,IF($Z32=\"RA\",(($X32)*QCI!$AA$3),0)),SomaAgrup)","v":396.72},0,"",{"$f":"IF(C32<=CRONO.NivelExibicao,MAX($AD$15:OFFSET(AD32,-1,0))+IF($C32<>1,1,MAX(1,COUNTIF(QCI!$A$13:$A$24,OFFSET($E32,-1,0)))),\"\")","v":""},"SINAPI 92773",2322,5.59,0.20349999999999999,null,{"$f":"65.9","v":65.900000000000006},null,null,396.72,6.02]
["S",2,"S",0,{"$f":"IF($C33=1,OFFSET(E33,-1,0)+MAX(1,COUNTIF(QCI!$A$13:$A$24,OFFSET(ORÇAMENTO!E33,-1,0))),OFFSET(E33,-1,0))","v":1},2,0,0,14,0,{"$f":"IF(OR($C33=\"S\",$C33=0),0,MATCH(OFFSET($D33,0,$C33)+IF($C33<>1,1,COUNTIF(QCI!$A$13:$A$24,ORÇAMENTO!E33)),OFFSET($D33,1,$C33,ROW($C$154)-ROW($C33)),0))","v":0},"F","Serviço","Serviço","1.2.14.","SINAPI","95943","ARMAÇÃO DE ESCADA, COM 2 LANCES, DE UMA ESTRUTURA CONVENCIONAL DE CONCRETO ARMADO UTILIZANDO AÇO CA-60 DE 5,0 MM - MONTAGEM. AF_01/2017","KG",{"$f":"OFFSET(CÁLCULO!H$15,ROW($T33)-ROW(T$15),0)","v":20.3},15,"BDI 1",18.05,366.42,"RA","RA",{"$f":"IF($C33=\"S\",IF($Z33=\"CP\",$X33,IF($Z33=\"RA\",(($X33)*QCI!$AA$3),0)),SomaAgrup)","v":366.42},0,"",{"$f":"IF(C33<=CRONO.NivelExibicao,MAX($AD$15:OFFSET(AD33,-1,0))+IF($C33<>1,1,MAX(1,COUNTIF(QCI!$A$13:$A$24,OFFSET($E33,-1,0)))),\"\")","v":""},"SINAPI 95943",2399,16.47,0.20349999999999999,null,20.3,null,null,366.42,18.05]
["S",2,"S",0,{"$f":"IF($C34=1,OFFSET(E34,-1,0)+MAX(1,COUNTIF(QCI!$A$13:$A$24,OFFSET(ORÇAMENTO!E34,-1,0))),OFFSET(E34,-1,0))","v":1},2,0,0,15,0,{"$f":"IF(OR($C34=\"S\",$C34=0),0,MATCH(OFFSET($D34,0,$C34)+IF($C34<>1,1,COUNTIF(QCI!$A$13:$A$24,ORÇAMENTO!E34)),OFFSET($D34,1,$C34,ROW($C$154)-ROW($C34)),0))","v":0},"F","Serviço","Serviço","1.2.15.","SINAPI","95944","ARMAÇÃO DE ESCADA, COM 2 LANCES, DE UMA ESTRUTURA CONVENCIONAL DE CONCRETO ARMADO UTILIZANDO AÇO CA-50 DE 6,3 MM - MONTAGEM. AF_01/2017","KG",{"$f":"OFFSET(CÁLCULO!H$15,ROW($T34)-ROW(T$15),0)","v":22.2},13,"BDI 1",15.65,347.43,"RA","RA",{"$f":"IF($C34=\"S\",IF($Z34=\"CP\",$X34,IF($Z34=\"RA\",(($X34)*QCI!$AA$3),0)),SomaAgrup)","v":347.43},0,"",{"$f":"IF(C34<=CRONO.NivelExibicao,MAX($AD$15:OFFSET(AD34,-1,0))+IF($C34<>1,1,MAX(1,COUNTIF(QCI!$A$13:$A$24,OFFSET($E34,-1,0)))),\"\")","v":""},"SINAPI 95944",2400,14.53,0.20349999999999999,null,22.2,null,null,347.43,15.65]
["S",2,"S",0,{"$f":"IF($C35=1,OFFSET(E35,-1,0)+MAX(1,COUNTIF(QCI!$A$13:$A$24,OFFSET(ORÇAMENTO!E35,-1,0))),OFFSET(E35,-1,0))","v":1},2,0,0,16,0,{"$f":"IF(OR($C35=\"S\",$C35=0),0,MATCH(OFFSET($D35,0,$C35)+IF($C35<>1,1,COUNTIF(QCI!$A$13:$A$24,ORÇAMENTO!E35)),OFFSET($D35,1,$C35,ROW($C$154)-ROW($C35)),0))","v":0},"F","Serviço","Serviço","1.2.16.","SINAPI","95945","ARMAÇÃO DE ESCADA, COM 2 LANCES, DE UMA ESTRUTURA CONVENCIONAL DE CONCRETO ARMADO UTILIZANDO AÇO CA-50 DE 8,0 MM - MONTAGEM. AF_01/2017","KG",{"$f":"OFFSET(CÁLCULO!H$15,ROW($T35)-ROW(T$15),0)","v":10},10,"BDI 1",12.04,120.4,"RA","RA",{"$f":"IF($C35=\"S\",IF($Z35=\"CP\",$X35,IF($Z35=\"RA\",(($X35)*QCI!$AA$3),0)),SomaAgrup)","v":120.4},0,"",{"$f":"IF(C35<=CRONO.NivelExibicao,MAX($AD$15:OFFSET(AD35,-1,0))+IF($C35<>1,1,MAX(1,COUNTIF(QCI!$A$13:$A$24,OFFSET($E35,-1,0)))),\"\")","v":""},"SINAPI 95945",2401,11.22,0.20349999999999999,null,10,null,null,120.4,12.04]
["S",2,"S",0,{"$f":"IF($C36=1,OFFSET(E36,-1,0)+MAX(1,COUNTIF(QCI!$A$13:$A$24,OFFSET(ORÇAMENTO!E36,-1,0))),OFFSET(E36,-1,0))","v":1},2,0,0,17,0,{"$f":"IF(OR($C36=\"S\",$C36=0),0,MATCH(OFFSET($D36,0,$C36)+IF($C36<>1,1,COUNTIF(QCI!$A$13:$A$24,ORÇAMENTO!E36)),OFFSET($D36,1,$C36,ROW($C$154)-ROW($C36)),0))","v":0},"F","Serviço","Serviço","1.2.17.","SINAPI","95946","ARMAÇÃO DE ESCADA, COM 2 LANCES, DE UMA ESTRUTURA CONVENCIONAL DE CONCRETO ARMADO UTILIZANDO AÇO CA-50 DE 10,0 MM - MONTAGEM. AF_01/2017","KG",{"$f":"OFFSET(CÁLCULO!H$15,ROW($T36)-ROW(T$15),0)","v":68.2},8,"BDI 1",9.6300000000000008,656.77,"RA","RA",{"$f":"IF($C36=\"S\",IF($Z36=\"CP\",$X36,IF($Z36=\"RA\",(($X36)*QCI!$AA$3),0)),SomaAgrup)","v":656.77},0,"",{"$f":"IF(C36<=CRONO.NivelExibicao,MAX($AD$15:OFFSET(AD36,-1,0))+IF($C36<>1,1,MAX(1,COUNTIF(QCI!$A$13:$A$24,OFFSET($E36,-1,0)))),\"\")","v":""},"SINAPI 95946",2402,8.57,0.20349999999999999,null,68.2,null,null,656.77,9.6300000000000008]
["S",{"$f":"IF(OR(C37=\"s\",C37=0),OFFSET(B37,-1,0),C37)","v":2},{"$f":"IF(OFFSET(C37,-1,0)=\"L\",1,IF(OFFSET(C37,-1,0)=1,2,IF(OR(A37=\"s\",A37=0),\"S\",IF(AND(OFFSET(C37,-1,0)=2,A37=4),3,IF(AND(OR(OFFSET(C37,-1,0)=\"s\",OFFSET(C37,-1,0)=0),A37<>\"s\",A37>OFFSET(B37,-1,0)),OFFSET(B37,-1,0),A37)))))","v":"S"},{"$f":"IF(OR(C37=\"S\",C37=0),0,IF(ISERROR(K37),J37,SMALL(J37:K37,1)))","v":0},{"$f":"IF($C37=1,OFFSET(E37,-1,0)+MAX(1,COUNTIF(QCI!$A$13:$A$24,OFFSET(ORÇAMENTO!E37,-1,0))),OFFSET(E37,-1,0))","v":1},{"$f":"IF($C37=1,0,IF($C37=2,OFFSET(F37,-1,0)+1,OFFSET(F37,-1,0)))","v":2},{"$f":"IF(AND($C37<=2,$C37<>0),0,IF($C37=3,OFFSET(G37,-1,0)+1,OFFSET(G37,-1,0)))","v":0},{"$f":"IF(AND($C37<=3,$C37<>0),0,IF($C37=4,OFFSET(H37,-1,0)+1,OFFSET(H37,-1,0)))","v":0},{"$f":"IF(AND($C37<=4,$C37<>0),0,IF(AND($C37=\"S\",$X37>0),OFFSET(I37,-1,0)+1,OFFSET(I37,-1,0)))","v":18},0,{"$f":"IF(OR($C37=\"S\",$C37=0),0,MATCH(OFFSET($D37,0,$C37)+IF($C37<>1,1,COUNTIF(QCI!$A$13:$A$24,ORÇAMENTO!E37)),OFFSET($D37,1,$C37,ROW($C$154)-ROW($C37)),0))","v":0},{"$f":"IF(OR($X37>0,$C37=1,$C37=2,$C37=3,$C37=4),\"F\",\"\")","v":"F"},"Serviço",{"$f":"CHOOSE(1+LOG(1+2*(C37=1)+4*(C37=2)+8*(C37=3)+16*(C37=4)+32*(C37=\"S\"),2),\"\",\"Meta\",\"Nível 2\",\"Nível 3\",\"Nível 4\",\"Serviço\")","v":"Serviço"},{"$f":"IF(OR($C37=0,$L37=\"\"),\"-\",CONCATENATE(E37&\".\",IF(AND($A$5>=2,$C37>=2),F37&\".\",\"\"),IF(AND($A$5>=3,$C37>=3),G37&\".\",\"\"),IF(AND($A$5>=4,$C37>=4),H37&\".\",\"\"),IF($C37=\"S\",I37&\".\",\"\")))","v":"1.2.18."},"SINAPI","92413","FABRICAÇÃO, MONTAGEM E DESMONTAGEM DE FÔRMA DE PILARES RETANGULARES E ESTRUTURAS SIMILARES, PÉ-DIREITO SIMPLES, EM MADEIRA SERRADA","M2",{"$f":"OFFSET(CÁLCULO!H$15,ROW($T37)-ROW(T$15),0)","v":10.8},75,"BDI 1",90.26,974.81,"RA",{"$f":"IF(AND($C37=\"S\",$X37>0),IF(ISBLANK($Y37),\"RA\",LEFT($Y37,2)),\"\")","v":"RA"},{"$f":"IF($C37=\"S\",IF($Z37=\"CP\",$X37,IF($Z37=\"RA\",(($X37)*QCI!$AA$3),0)),SomaAgrup)","v":974.81},0,"",{"$f":"IF(C37<=CRONO.NivelExibicao,MAX($AD$15:OFFSET(AD37,-1,0))+IF($C37<>1,1,MAX(1,COUNTIF(QCI!$A$13:$A$24,OFFSET($E37,-1,0)))),\"\")","v":""},"SINAPI 92413",2137,97.48,0.20349999999999999,null,10.8,null,null,974.81,90.26]
["S",2,"S",0,{"$f":"IF($C38=1,OFFSET(E38,-1,0)+MAX(1,COUNTIF(QCI!$A$13:$A$24,OFFSET(ORÇAMENTO!E38,-1,0))),OFFSET(E38,-1,0))","v":1},2,0,0,19,0,{"$f":"IF(OR($C38=\"S\",$C38=0),0,MATCH(OFFSET($D38,0,$C38)+IF($C38<>1,1,COUNTIF(QCI!$A$13:$A$24,ORÇAMENTO!E38)),OFFSET($D38,1,$C38,ROW($C$154)-ROW($C38)),0))","v":0},"F","Serviço","Serviço","1.2.19.","SINAPI","96536","FABRICAÇÃO, MONTAGEM E DESMONTAGEM DE FÔRMA PARA VIGA, EM MADEIRA SERRADA, E=25 MM","M2",{"$f":"OFFSET(CÁLCULO!H$15,ROW($T38)-ROW(T$15),0)","v":91.29},30,"BDI 1",36.11,3296.48,"RA","RA",{"$f":"IF($C38=\"S\",IF($Z38=\"CP\",$X38,IF($Z38=\"RA\",(($X38)*QCI!$AA$3),0)),SomaAgrup)","v":3296.48},0,"",{"$f":"IF(C38<=CRONO.NivelExibicao,MAX($AD$15:OFFSET(AD38,-1,0))+IF($C38<>1,1,MAX(1,COUNTIF(QCI!$A$13:$A$24,OFFSET($E38,-1,0)))),\"\")","v":""},"SINAPI 96536",2283,66.569999999999993,0.20349999999999999,null,{"$f":"64.14+27.15","v":91.289999999999992},null,null,3296.48,36.11]
[{"$f":"CHOOSE(1+LOG(1+2*(ORÇAMENTO.Nivel=\"Meta\")+4*(ORÇAMENTO.Nivel=\"Nível 2\")+8*(ORÇAMENTO.Nivel=\"Nível 3\")+16*(ORÇAMENTO.Nivel=\"Nível 4\")+32*(ORÇAMENTO.Nivel=\"Serviço\"),2),0,1,2,3,4,\"S\")","v":"S"},2,"S",0,{"$f":"IF($C39=1,OFFSET(E39,-1,0)+MAX(1,COUNTIF(QCI!$A$13:$A$24,OFFSET(ORÇAMENTO!E39,-1,0))),OFFSET(E39,-1,0))","v":1},2,0,0,20,0,{"$f":"IF(OR($C39=\"S\",$C39=0),0,MATCH(OFFSET($D39,0,$C39)+IF($C39<>1,1,COUNTIF(QCI!$A$13:$A$24,ORÇAMENTO!E39)),OFFSET($D39,1,$C39,ROW($C$154)-ROW($C39)),0))","v":0},"F","Serviço","Serviço","1.2.20.","SINAPI","97086","FABRICAÇÃO, MONTAGEM E DESMONTAGEM DE FORMA PARA RADIER, EM MADEIRA SERRADA, 4 UTILIZAÇÕES. AF_09/2017","M2",{"$f":"OFFSET(CÁLCULO!H$15,ROW($T39)-ROW(T$15),0)","v":2.74},80,"BDI 1",{"$f":"IF($C39=\"S\",ROUND(IF(TIPOORCAMENTO=\"Proposto\",ORÇAMENTO.CustoUnitario*(1+$AH39),ORÇAMENTO.PrecoUnitarioLicitado),15-13*$AF$10),0)","v":96.28},{"$f":"IF($C39=\"S\",VTOTAL1,IF($C39=0,0,ROUND(SomaAgrup,15-13*$AF$11)))","v":263.81},"RA","RA",{"$f":"IF($C39=\"S\",IF($Z39=\"CP\",$X39,IF($Z39=\"RA\",(($X39)*QCI!$AA$3),0)),SomaAgrup)","v":263.81},{"$f":"IF($C39=\"S\",IF($Z39=\"OU\",ROUND($X39,2),0),SomaAgrup)","v":0},{"$f":"IF($N39=\"\",\"\",IF(ORÇAMENTO.Descricao=\"\",\"DESCRIÇÃO\",IF(AND($C39=\"S\",ORÇAMENTO.Unidade=\"\"),\"UNIDADE\",IF($X39<0,\"VALOR NEGATIVO\",IF(OR(AND(TIPOORCAMENTO=\"Proposto\",$AG39<>\"\",$AG39>0,ORÇAMENTO.CustoUnitario>$AG39),AND(TIPOORCAMENTO=\"LICITADO\",ORÇAMENTO.PrecoUnitarioLicitado>$AN39)),\"ACIMA REF.\",\"\")))))","v":""},{"$f":"IF(C39<=CRONO.NivelExibicao,MAX($AD$15:OFFSET(AD39,-1,0))+IF($C39<>1,1,MAX(1,COUNTIF(QCI!$A$13:$A$24,OFFSET($E39,-1,0)))),\"\")","v":""},{"$f":"IF(AND($C39=\"S\",ORÇAMENTO.CodBarra<>\"\"),IF(ORÇAMENTO.Fonte=\"\",ORÇAMENTO.CodBarra,CONCATENATE(ORÇAMENTO.Fonte,\" \",ORÇAMENTO.CodBarra)))","v":"SINAPI 97086"},{"$f":"IF(ISERROR(INDIRECT(ORÇAMENTO.BancoRef)),\"(abra o arquivo 'Referência \"&Excel_BuiltIn_Database&\".xls)\",IF(OR($C39<>\"S\",ORÇAMENTO.CodBarra=\"\"),\"(Sem Código)\",IF(ISERROR(MATCH($AE39,INDIRECT(ORÇAMENTO.BancoRef),0)),\"(Código não identificado nas referências)\",MATCH($AE39,INDIRECT(ORÇAMENTO.BancoRef),0))))","v":2102},{"$f":"ROUND(IF(DESONERACAO=\"sim\",REFERENCIA.Desonerado,REFERENCIA.NaoDesonerado),2)","v":119.65},{"$f":"ROUND(IF(ISNUMBER(ORÇAMENTO.OpcaoBDI),ORÇAMENTO.OpcaoBDI,IF(LEFT(ORÇAMENTO.OpcaoBDI,3)=\"BDI\",HLOOKUP(ORÇAMENTO.OpcaoBDI,$F$4:$H$5,2,FALSE),0)),15-11*$AF$9)","v":0.20349999999999999},null,2.74,null,null,263.81,{"$f":"ROUND(ORÇAMENTO.CustoUnitario*(1+$AH39),2)","v":96.28}]
[{"$f":"CHOOSE(1+LOG(1+2*(ORÇAMENTO.Nivel=\"Meta\")+4*(ORÇAMENTO.Nivel=\"Nível 2\")+8*(ORÇAMENTO.Nivel=\"Nível 3\")+16*(ORÇAMENTO.Nivel=\"Nível 4\")+32*(ORÇAMENTO.Nivel=\"Serviço\"),2),0,1,2,3,4,\"S\")","v":"S"},2,"S",0,{"$f":"IF($C40=1,OFFSET(E40,-1,0)+MAX(1,COUNTIF(QCI!$A$13:$A$24,OFFSET(ORÇAMENTO!E40,-1,0))),OFFSET(E40,-1,0))","v":1},2,0,0,21,0,{"$f":"IF(OR($C40=\"S\",$C40=0),0,MATCH(OFFSET($D40,0,$C40)+IF($C40<>1,1,COUNTIF(QCI!$A$13:$A$24,ORÇAMENTO!E40)),OFFSET($D40,1,$C40,ROW($C$154)-ROW($C40)),0))","v":0},"F","Serviço","Serviço","1.2.21.","SINAPI","92510","MONTAGEM E DESMONTAGEM DE FÔRMA DE LAJE MACIÇA COM ÁREA MÉDIA MAIOR QUE 20 M², PÉ-DIREITO SIMPLES, EM CHAPA DE MADEIRA COMPENSADA RESINADA, 2 UTILIZAÇÕES. AF_12/2015","M2",{"$f":"OFFSET(CÁLCULO!H$15,ROW($T40)-ROW(T$15),0)","v":69.44},30,"BDI 1",{"$f":"IF($C40=\"S\",ROUND(IF(TIPOORCAMENTO=\"Proposto\",ORÇAMENTO.CustoUnitario*(1+$AH40),ORÇAMENTO.PrecoUnitarioLicitado),15-13*$AF$10),0)","v":36.11},{"$f":"IF($C40=\"S\",VTOTAL1,IF($C40=0,0,ROUND(SomaAgrup,15-13*$AF$11)))","v":2507.48},"RA","RA",{"$f":"IF($C40=\"S\",IF($Z40=\"CP\",$X40,IF($Z40=\"RA\",(($X40)*QCI!$AA$3),0)),SomaAgrup)","v":2507.48},{"$f":"IF($C40=\"S\",IF($Z40=\"OU\",ROUND($X40,2),0),SomaAgrup)","v":0},{"$f":"IF($N40=\"\",\"\",IF(ORÇAMENTO.Descricao=\"\",\"DESCRIÇÃO\",IF(AND($C40=\"S\",ORÇAMENTO.Unidade=\"\"),\"UNIDADE\",IF($X40<0,\"VALOR NEGATIVO\",IF(OR(AND(TIPOORCAMENTO=\"Proposto\",$AG40<>\"\",$AG40>0,ORÇAMENTO.CustoUnitario>$AG40),AND(TIPOORCAMENTO=\"LICITADO\",ORÇAMENTO.PrecoUnitarioLicitado>$AN40)),\"ACIMA REF.\",\"\")))))","v":""},{"$f":"IF(C40<=CRONO.NivelExibicao,MAX($AD$15:OFFSET(AD40,-1,0))+IF($C40<>1,1,MAX(1,COUNTIF(QCI!$A$13:$A$24,OFFSET($E40,-1,0)))),\"\")","v":""},{"$f":"IF(AND($C40=\"S\",ORÇAMENTO.CodBarra<>\"\"),IF(ORÇAMENTO.Fonte=\"\",ORÇAMENTO.CodBarra,CONCATENATE(ORÇAMENTO.Fonte,\" \",ORÇAMENTO.CodBarra)))","v":"SINAPI 92510"},{"$f":"IF(ISERROR(INDIRECT(ORÇAMENTO.BancoRef)),\"(abra o arquivo 'Referência \"&Excel_BuiltIn_Database&\".xls)\",IF(OR($C40<>\"S\",ORÇAMENTO.CodBarra=\"\"),\"(Sem Código)\",IF(ISERROR(MATCH($AE40,INDIRECT(ORÇAMENTO.BancoRef),0)),\"(Código não identificado nas referências)\",MATCH($AE40,INDIRECT(ORÇAMENTO.BancoRef),0))))","v":2234},{"$f":"ROUND(IF(DESONERACAO=\"sim\",REFERENCIA.Desonerado,REFERENCIA.NaoDesonerado),2)","v":45.35},{"$f":"ROUND(IF(ISNUMBER(ORÇAMENTO.OpcaoBDI),ORÇAMENTO.OpcaoBDI,IF(LEFT(ORÇAMENTO.OpcaoBDI,3)=\"BDI\",HLOOKUP(ORÇAMENTO.OpcaoBDI,$F$4:$H$5,2,FALSE),0)),15-11*$AF$9)","v":0.20349999999999999},null,69.44,null,null,2507.48,{"$f":"ROUND(ORÇAMENTO.CustoUnitario*(1+$AH40),2)","v":36.11}]
[{"$f":"CHOOSE(1+LOG(1+2*(ORÇAMENTO.Nivel=\"Meta\")+4*(ORÇAMENTO.Nivel=\"Nível 2\")+8*(ORÇAMENTO.Nivel=\"Nível 3\")+16*(ORÇAMENTO.Nivel=\"Nível 4\")+32*(ORÇAMENTO.Nivel=\"Serviço\"),2),0,1,2,3,4,\"S\")","v":"S"},2,"S",0,{"$f":"IF($C41=1,OFFSET(E41,-1,0)+MAX(1,COUNTIF(QCI!$A$13:$A$24,OFFSET(ORÇAMENTO!E41,-1,0))),OFFSET(E41,-1,0))","v":1},2,0,0,22,0,{"$f":"IF(OR($C41=\"S\",$C41=0),0,MATCH(OFFSET($D41,0,$C41)+IF($C41<>1,1,COUNTIF(QCI!$A$13:$A$24,ORÇAMENTO!E41)),OFFSET($D41,1,$C41,ROW($C$154)-ROW($C41)),0))","v":0},"F","Serviço","Serviço","1.2.22.","SINAPI","73301","ESCORAMENTO FORMAS ATE H = 3,30M, COM MADEIRA DE 3A QUALIDADE, NAO APARELHADA, APROVEITAMENTO TABUAS 3X E PRUMOS 4X.","M3",{"$f":"OFFSET(CÁLCULO!H$15,ROW($T41)-ROW(T$15),0)","v":265.07},8,"BDI 1",{"$f":"IF($C41=\"S\",ROUND(IF(TIPOORCAMENTO=\"Proposto\",ORÇAMENTO.CustoUnitario*(1+$AH41),ORÇAMENTO.PrecoUnitarioLicitado),15-13*$AF$10),0)","v":9.6300000000000008},{"$f":"IF($C41=\"S\",VTOTAL1,IF($C41=0,0,ROUND(SomaAgrup,15-13*$AF$11)))","v":2552.62},"RA","RA",{"$f":"IF($C41=\"S\",IF($Z41=\"CP\",$X41,IF($Z41=\"RA\",(($X41)*QCI!$AA$3),0)),SomaAgrup)","v":2552.62},{"$f":"IF($C41=\"S\",IF($Z41=\"OU\",ROUND($X41,2),0),SomaAgrup)","v":0},{"$f":"IF($N41=\"\",\"\",IF(ORÇAMENTO.Descricao=\"\",\"DESCRIÇÃO\",IF(AND($C41=\"S\",ORÇAMENTO.Unidade=\"\"),\"UNIDADE\",IF($X41<0,\"VALOR NEGATIVO\",IF(OR(AND(TIPOORCAMENTO=\"Proposto\",$AG41<>\"\",$AG41>0,ORÇAMENTO.CustoUnitario>$AG41),AND(TIPOORCAMENTO=\"LICITADO\",ORÇAMENTO.PrecoUnitarioLicitado>$AN41)),\"ACIMA REF.\",\"\")))))","v":""},{"$f":"IF(C41<=CRONO.NivelExibicao,MAX($AD$15:OFFSET(AD41,-1,0))+IF($C41<>1,1,MAX(1,COUNTIF(QCI!$A$13:$A$24,OFFSET($E41,-1,0)))),\"\")","v":""},{"$f":"IF(AND($C41=\"S\",ORÇAMENTO.CodBarra<>\"\"),IF(ORÇAMENTO.Fonte=\"\",ORÇAMENTO.CodBarra,CONCATENATE(ORÇAMENTO.Fonte,\" \",ORÇAMENTO.CodBarra)))","v":"SINAPI 73301"},{"$f":"IF(ISERROR(INDIRECT(ORÇAMENTO.BancoRef)),\"(abra o arquivo 'Referência \"&Excel_BuiltIn_Database&\".xls)\",IF(OR($C41<>\"S\",ORÇAMENTO.CodBarra=\"\"),\"(Sem Código)\",IF(ISERROR(MATCH($AE41,INDIRECT(ORÇAMENTO.BancoRef),0)),\"(Código não identificado nas referências)\",MATCH($AE41,INDIRECT(ORÇAMENTO.BancoRef),0))))","v":1869},{"$f":"ROUND(IF(DESONERACAO=\"sim\",REFERENCIA.Desonerado,REFERENCIA.NaoDesonerado),2)","v":10.11},{"$f":"ROUND(IF(ISNUMBER(ORÇAMENTO.OpcaoBDI),ORÇAMENTO.OpcaoBDI,IF(LEFT(ORÇAMENTO.OpcaoBDI,3)=\"BDI\",HLOOKUP(ORÇAMENTO.OpcaoBDI,$F$4:$H$5,2,FALSE),0)),15-11*$AF$9)","v":0.20349999999999999},null,{"$f":"3.3*15.3*5.25","v":265.07249999999999},null,null,2552.62,{"$f":"ROUND(ORÇAMENTO.CustoUnitario*(1+$AH41),2)","v":9.6300000000000008}]
[{"$f":"CHOOSE(1+LOG(1+2*(ORÇAMENTO.Nivel=\"Meta\")+4*(ORÇAMENTO.Nivel=\"Nível 2\")+8*(ORÇAMENTO.Nivel=\"Nível 3\")+16*(ORÇAMENTO.Nivel=\"Nível 4\")+32*(ORÇAMENTO.Nivel=\"Serviço\"),2),0,1,2,3,4,\"S\")","v":"S"},2,"S",0,{"$f":"IF($C42=1,OFFSET(E42,-1,0)+MAX(1,COUNTIF(QCI!$A$13:$A$24,OFFSET(ORÇAMENTO!E42,-1,0))),OFFSET(E42,-1,0))","v":1},2,0,0,23,0,{"$f":"IF(OR($C42=\"S\",$C42=0),0,MATCH(OFFSET($D42,0,$C42)+IF($C42<>1,1,COUNTIF(QCI!$A$13:$A$24,ORÇAMENTO!E42)),OFFSET($D42,1,$C42,ROW($C$154)-ROW($C42)),0))","v":0},"F","Serviço","Serviço","1.2.23.","SINAPI","95939","MONTAGEM E DESMONTAGEM DE FÔRMA PARA ESCADAS, COM 2 LANCES, EM CHAPA DE MADEIRA COMPENSADA RESINADA, 4 UTILIZAÇÕES. AF_01/2017","M2",{"$f":"OFFSET(CÁLCULO!H$15,ROW($T42)-ROW(T$15),0)","v":21.1},70,"BDI 1",{"$f":"IF($C42=\"S\",ROUND(IF(TIPOORCAMENTO=\"Proposto\",ORÇAMENTO.CustoUnitario*(1+$AH42),ORÇAMENTO.PrecoUnitarioLicitado),15-13*$AF$10),0)","v":84.25},{"$f":"IF($C42=\"S\",VTOTAL1,IF($C42=0,0,ROUND(SomaAgrup,15-13*$AF$11)))","v":1777.68},"RA","RA",{"$f":"IF($C42=\"S\",IF($Z42=\"CP\",$X42,IF($Z42=\"RA\",(($X42)*QCI!$AA$3),0)),SomaAgrup)","v":1777.68},{"$f":"IF($C42=\"S\",IF($Z42=\"OU\",ROUND($X42,2),0),SomaAgrup)","v":0},{"$f":"IF($N42=\"\",\"\",IF(ORÇAMENTO.Descricao=\"\",\"DESCRIÇÃO\",IF(AND($C42=\"S\",ORÇAMENTO.Unidade=\"\"),\"UNIDADE\",IF($X42<0,\"VALOR NEGATIVO\",IF(OR(AND(TIPOORCAMENTO=\"Proposto\",$AG42<>\"\",$AG42>0,ORÇAMENTO.CustoUnitario>$AG42),AND(TIPOORCAMENTO=\"LICITADO\",ORÇAMENTO.PrecoUnitarioLicitado>$AN42)),\"ACIMA REF.\",\"\")))))","v":""},{"$f":"IF(C42<=CRONO.NivelExibicao,MAX($AD$15:OFFSET(AD42,-1,0))+IF($C42<>1,1,MAX(1,COUNTIF(QCI!$A$13:$A$24,OFFSET($E42,-1,0)))),\"\")","v":""},{"$f":"IF(AND($C42=\"S\",ORÇAMENTO.CodBarra<>\"\"),IF(ORÇAMENTO.Fonte=\"\",ORÇAMENTO.CodBarra,CONCATENATE(ORÇAMENTO.Fonte,\" \",ORÇAMENTO.CodBarra)))","v":"SINAPI 95939"},{"$f":"IF(ISERROR(INDIRECT(ORÇAMENTO.BancoRef)),\"(abra o arquivo 'Referência \"&Excel_BuiltIn_Database&\".xls)\",IF(OR($C42<>\"S\",ORÇAMENTO.CodBarra=\"\"),\"(Sem Código)\",IF(ISERROR(MATCH($AE42,INDIRECT(ORÇAMENTO.BancoRef),0)),\"(Código não identificado nas referências)\",MATCH($AE42,INDIRECT(ORÇAMENTO.BancoRef),0))))","v":2268},{"$f":"ROUND(IF(DESONERACAO=\"sim\",REFERENCIA.Desonerado,REFERENCIA.NaoDesonerado),2)","v":180.49},{"$f":"ROUND(IF(ISNUMBER(ORÇAMENTO.OpcaoBDI),ORÇAMENTO.OpcaoBDI,IF(LEFT(ORÇAMENTO.OpcaoBDI,3)=\"BDI\",HLOOKUP(ORÇAMENTO.OpcaoBDI,$F$4:$H$5,2,FALSE),0)),15-11*$AF$9)","v":0.20349999999999999},null,21.1,null,null,1777.68,{"$f":"ROUND(ORÇAMENTO.CustoUnitario*(1+$AH42),2)","v":84.25}]
[{"$f":"CHOOSE(1+LOG(1+2*(ORÇAMENTO.Nivel=\"Meta\")+4*(ORÇAMENTO.Nivel=\"Nível 2\")+8*(ORÇAMENTO.Nivel=\"Nível 3\")+16*(ORÇAMENTO.Nivel=\"Nível 4\")+32*(ORÇAMENTO.Nivel=\"Serviço\"),2),0,1,2,3,4,\"S\")","v":"S"},2,"S",0,{"$f":"IF($C43=1,OFFSET(E43,-1,0)+MAX(1,COUNTIF(QCI!$A$13:$A$24,OFFSET(ORÇAMENTO!E43,-1,0))),OFFSET(E43,-1,0))","v":1},2,0,0,24,0,{"$f":"IF(OR($C43=\"S\",$C43=0),0,MATCH(OFFSET($D43,0,$C43)+IF($C43<>1,1,COUNTIF(QCI!$A$13:$A$24,ORÇAMENTO!E43)),OFFSET($D43,1,$C43,ROW($C$154)-ROW($C43)),0))","v":0},"F","Serviço","Serviço","1.2.24.","SINAPI","96624","LASTRO COM MATERIAL GRANULAR (PEDRA BRITADA N.2), APLICADO EM RADIERS E VIGAS DE BALDRAME, ESPESSURA DE 10 CM","M3",{"$f":"OFFSET(CÁLCULO!H$15,ROW($T43)-ROW(T$15),0)","v":6.25},90,"BDI 1",{"$f":"IF($C43=\"S\",ROUND(IF(TIPOORCAMENTO=\"Proposto\",ORÇAMENTO.CustoUnitario*(1+$AH43),ORÇAMENTO.PrecoUnitarioLicitado),15-13*$AF$10),0)","v":108.32},{"$f":"IF($C43=\"S\",VTOTAL1,IF($C43=0,0,ROUND(SomaAgrup,15-13*$AF$11)))","v":677},"RA","RA",{"$f":"IF($C43=\"S\",IF($Z43=\"CP\",$X43,IF($Z43=\"RA\",(($X43)*QCI!$AA$3),0)),SomaAgrup)","v":677},{"$f":"IF($C43=\"S\",IF($Z43=\"OU\",ROUND($X43,2),0),SomaAgrup)","v":0},{"$f":"IF($N43=\"\",\"\",IF(ORÇAMENTO.Descricao=\"\",\"DESCRIÇÃO\",IF(AND($C43=\"S\",ORÇAMENTO.Unidade=\"\"),\"UNIDADE\",IF($X43<0,\"VALOR NEGATIVO\",IF(OR(AND(TIPOORCAMENTO=\"Proposto\",$AG43<>\"\",$AG43>0,ORÇAMENTO.CustoUnitario>$AG43),AND(TIPOORCAMENTO=\"LICITADO\",ORÇAMENTO.PrecoUnitarioLicitado>$AN43)),\"ACIMA REF.\",\"\")))))","v":""},{"$f":"IF(C43<=CRONO.NivelExibicao,MAX($AD$15:OFFSET(AD43,-1,0))+IF($C43<>1,1,MAX(1,COUNTIF(QCI!$A$13:$A$24,OFFSET($E43,-1,0)))),\"\")","v":""},{"$f":"IF(AND($C43=\"S\",ORÇAMENTO.CodBarra<>\"\"),IF(ORÇAMENTO.Fonte=\"\",ORÇAMENTO.CodBarra,CONCATENATE(ORÇAMENTO.Fonte,\" \",ORÇAMENTO.CodBarra)))","v":"SINAPI 96624"},{"$f":"IF(ISERROR(INDIRECT(ORÇAMENTO.BancoRef)),\"(abra o arquivo 'Referência \"&Excel_BuiltIn_Database&\".xls)\",IF(OR($C43<>\"S\",ORÇAMENTO.CodBarra=\"\"),\"(Sem Código)\",IF(ISERROR(MATCH($AE43,INDIRECT(ORÇAMENTO.BancoRef),0)),\"(Código não identificado nas referências)\",MATCH($AE43,INDIRECT(ORÇAMENTO.BancoRef),0))))","v":2098},{"$f":"ROUND(IF(DESONERACAO=\"sim\",REFERENCIA.Desonerado,REFERENCIA.NaoDesonerado),2)","v":100.16},{"$f":"ROUND(IF(ISNUMBER(ORÇAMENTO.OpcaoBDI),ORÇAMENTO.OpcaoBDI,IF(LEFT(ORÇAMENTO.OpcaoBDI,3)=\"BDI\",HLOOKUP(ORÇAMENTO.OpcaoBDI,$F$4:$H$5,2,FALSE),0)),15-11*$AF$9)","v":0.20349999999999999},null,{"$f":"((15.3*2)+(4.75*5)+8.1)*0.1","v":6.245000000000001},null,null,677,{"$f":"ROUND(ORÇAMENTO.CustoUnitario*(1+$AH43),2)","v":108.32}]
["S",2,"S",0,{"$f":"IF($C44=1,OFFSET(E44,-1,0)+MAX(1,COUNTIF(QCI!$A$13:$A$24,OFFSET(ORÇAMENTO!E44,-1,0))),OFFSET(E44,-1,0))","v":1},2,0,0,25,0,{"$f":"IF(OR($C44=\"S\",$C44=0),0,MATCH(OFFSET($D44,0,$C44)+IF($C44<>1,1,COUNTIF(QCI!$A$13:$A$24,ORÇAMENTO!E44)),OFFSET($D44,1,$C44,ROW($C$154)-ROW($C44)),0))","v":0},"F","Serviço","Serviço","1.2.25.","SINAPI","98557","IMPERMEABILIZAÇÃO DE SUPERFÍCIE COM EMULSÃO ASFÁLTICA, 2 DEMÃOS","M2",{"$f":"OFFSET(CÁLCULO!H$15,ROW($T44)-ROW(T$15),0)","v":66.88},25,"BDI 1",30.09,2012.42,"RA","RA",{"$f":"IF($C44=\"S\",IF($Z44=\"CP\",$X44,IF($Z44=\"RA\",(($X44)*QCI!$AA$3),0)),SomaAgrup)","v":2012.42},0,"",{"$f":"IF(C44<=CRONO.NivelExibicao,MAX($AD$15:OFFSET(AD44,-1,0))+IF($C44<>1,1,MAX(1,COUNTIF(QCI!$A$13:$A$24,OFFSET($E44,-1,0)))),\"\")","v":""},"SINAPI 98557",2588,30.35,0.20349999999999999,null,{"$f":"2.74+64.14","v":66.88},null,null,2012.42,30.09]
["S",2,"S",0,{"$f":"IF($C45=1,OFFSET(E45,-1,0)+MAX(1,COUNTIF(QCI!$A$13:$A$24,OFFSET(ORÇAMENTO!E45,-1,0))),OFFSET(E45,-1,0))","v":1},2,0,0,26,0,{"$f":"IF(OR($C45=\"S\",$C45=0),0,MATCH(OFFSET($D45,0,$C45)+IF($C45<>1,1,COUNTIF(QCI!$A$13:$A$24,ORÇAMENTO!E45)),OFFSET($D45,1,$C45,ROW($C$154)-ROW($C45)),0))","v":0},"F","Serviço","Serviço","1.2.26.","SINAPI","96557","CONCRETAGEM DE ESTRUTURAS DE CONCRETO ARMADO, FCK 30 MPA, COM USO DE BOMBA -\u0096 LANÇAMENTO, ADENSAMENTO E ACABAMENTO","M3",{"$f":"OFFSET(CÁLCULO!H$15,ROW($T45)-ROW(T$15),0)","v":21.08},380,"BDI 1",457.33,9640.52,"RA","RA",{"$f":"IF($C45=\"S\",IF($Z45=\"CP\",$X45,IF($Z45=\"RA\",(($X45)*QCI!$AA$3),0)),SomaAgrup)","v":9640.52},0,"",{"$f":"IF(C45<=CRONO.NivelExibicao,MAX($AD$15:OFFSET(AD45,-1,0))+IF($C45<>1,1,MAX(1,COUNTIF(QCI!$A$13:$A$24,OFFSET($E45,-1,0)))),\"\")","v":""},"SINAPI 96557",2477,420.48,0.20349999999999999,null,{"$f":"1.62+0.61+5.34+9.72+1.64+2.15","v":21.08},null,null,9640.52,457.33]
[{"$f":"CHOOSE(1+LOG(1+2*(ORÇAMENTO.Nivel=\"Meta\")+4*(ORÇAMENTO.Nivel=\"Nível 2\")+8*(ORÇAMENTO.Nivel=\"Nível 3\")+16*(ORÇAMENTO.Nivel=\"Nível 4\")+32*(ORÇAMENTO.Nivel=\"Serviço\"),2),0,1,2,3,4,\"S\")","v":2},{"$f":"IF(OR(C46=\"s\",C46=0),OFFSET(B46,-1,0),C46)","v":2},{"$f":"IF(OFFSET(C46,-1,0)=\"L\",1,IF(OFFSET(C46,-1,0)=1,2,IF(OR(A46=\"s\",A46=0),\"S\",IF(AND(OFFSET(C46,-1,0)=2,A46=4),3,IF(AND(OR(OFFSET(C46,-1,0)=\"s\",OFFSET(C46,-1,0)=0),A46<>\"s\",A46>OFFSET(B46,-1,0)),OFFSET(B46,-1,0),A46)))))","v":2},{"$f":"IF(OR(C46=\"S\",C46=0),0,IF(ISERROR(K46),J46,SMALL(J46:K46,1)))","v":10},{"$f":"IF($C46=1,OFFSET(E46,-1,0)+MAX(1,COUNTIF(QCI!$A$13:$A$24,OFFSET(ORÇAMENTO!E46,-1,0))),OFFSET(E46,-1,0))","v":1},{"$f":"IF($C46=1,0,IF($C46=2,OFFSET(F46,-1,0)+1,OFFSET(F46,-1,0)))","v":3},{"$f":"IF(AND($C46<=2,$C46<>0),0,IF($C46=3,OFFSET(G46,-1,0)+1,OFFSET(G46,-1,0)))","v":0},{"$f":"IF(AND($C46<=3,$C46<>0),0,IF($C46=4,OFFSET(H46,-1,0)+1,OFFSET(H46,-1,0)))","v":0},{"$f":"IF(AND($C46<=4,$C46<>0),0,IF(AND($C46=\"S\",$X46>0),OFFSET(I46,-1,0)+1,OFFSET(I46,-1,0)))","v":0},108,{"$f":"IF(OR($C46=\"S\",$C46=0),0,MATCH(OFFSET($D46,0,$C46)+IF($C46<>1,1,COUNTIF(QCI!$A$13:$A$24,ORÇAMENTO!E46)),OFFSET($D46,1,$C46,ROW($C$154)-ROW($C46)),0))","v":10},{"$f":"IF(OR($X46>0,$C46=1,$C46=2,$C46=3,$C46=4),\"F\",\"\")","v":"F"},"Nível 2",{"$f":"CHOOSE(1+LOG(1+2*(C46=1)+4*(C46=2)+8*(C46=3)+16*(C46=4)+32*(C46=\"S\"),2),\"\",\"Meta\",\"Nível 2\",\"Nível 3\",\"Nível 4\",\"Serviço\")","v":"Nível 2"},{"$f":"IF(OR($C46=0,$L46=\"\"),\"-\",CONCATENATE(E46&\".\",IF(AND($A$5>=2,$C46>=2),F46&\".\",\"\"),IF(AND($A$5>=3,$C46>=3),G46&\".\",\"\"),IF(AND($A$5>=4,$C46>=4),H46&\".\",\"\"),IF($C46=\"S\",I46&\".\",\"\")))","v":"1.3."},null,null,"ALVENARIA, REVESTIMENTO E PINTURA","-",{"$f":"OFFSET(CÁLCULO!H$15,ROW($T46)-ROW(T$15),0)","v":0},0,"BDI 1",{"$f":"IF($C46=\"S\",ROUND(IF(TIPOORCAMENTO=\"Proposto\",ORÇAMENTO.CustoUnitario*(1+$AH46),ORÇAMENTO.PrecoUnitarioLicitado),15-13*$AF$10),0)","v":0},{"$f":"IF($C46=\"S\",VTOTAL1,IF($C46=0,0,ROUND(SomaAgrup,15-13*$AF$11)))","v":61155.35},"RA",{"$f":"IF(AND($C46=\"S\",$X46>0),IF(ISBLANK($Y46),\"RA\",LEFT($Y46,2)),\"\")","v":""},{"$f":"IF($C46=\"S\",IF($Z46=\"CP\",$X46,IF($Z46=\"RA\",(($X46)*QCI!$AA$3),0)),SomaAgrup)","v":61155.350000000006},{"$f":"IF($C46=\"S\",IF($Z46=\"OU\",ROUND($X46,2),0),SomaAgrup)","v":0},{"$f":"IF($N46=\"\",\"\",IF(ORÇAMENTO.Descricao=\"\",\"DESCRIÇÃO\",IF(AND($C46=\"S\",ORÇAMENTO.Unidade=\"\"),\"UNIDADE\",IF($X46<0,\"VALOR NEGATIVO\",IF(OR(AND(TIPOORCAMENTO=\"Proposto\",$AG46<>\"\",$AG46>0,ORÇAMENTO.CustoUnitario>$AG46),AND(TIPOORCAMENTO=\"LICITADO\",ORÇAMENTO.PrecoUnitarioLicitado>$AN46)),\"ACIMA REF.\",\"\")))))","v":""},{"$f":"IF(C46<=CRONO.NivelExibicao,MAX($AD$15:OFFSET(AD46,-1,0))+IF($C46<>1,1,MAX(1,COUNTIF(QCI!$A$13:$A$24,OFFSET($E46,-1,0)))),\"\")","v":4},{"$f":"IF(AND($C46=\"S\",ORÇAMENTO.CodBarra<>\"\"),IF(ORÇAMENTO.Fonte=\"\",ORÇAMENTO.CodBarra,CONCATENATE(ORÇAMENTO.Fonte,\" \",ORÇAMENTO.CodBarra)))","v":false},{"$f":"IF(ISERROR(INDIRECT(ORÇAMENTO.BancoRef)),\"(abra o arquivo 'Referência \"&Excel_BuiltIn_Database&\".xls)\",IF(OR($C46<>\"S\",ORÇAMENTO.CodBarra=\"\"),\"(Sem Código)\",IF(ISERROR(MATCH($AE46,INDIRECT(ORÇAMENTO.BancoRef),0)),\"(Código não identificado nas referências)\",MATCH($AE46,INDIRECT(ORÇAMENTO.BancoRef),0))))","v":"(Sem Código)"},{"$f":"ROUND(IF(DESONERACAO=\"sim\",REFERENCIA.Desonerado,REFERENCIA.NaoDesonerado),2)","v":0},{"$f":"ROUND(IF(ISNUMBER(ORÇAMENTO.OpcaoBDI),ORÇAMENTO.OpcaoBDI,IF(LEFT(ORÇAMENTO.OpcaoBDI,3)=\"BDI\",HLOOKUP(ORÇAMENTO.OpcaoBDI,$F$4:$H$5,2,FALSE),0)),15-11*$AF$9)","v":0.20349999999999999},null,null,null,null,61155.35,{"$f":"ROUND(ORÇAMENTO.CustoUnitario*(1+$AH46),2)","v":0}]
[{"$f":"CHOOSE(1+LOG(1+2*(ORÇAMENTO.Nivel=\"Meta\")+4*(ORÇAMENTO.Nivel=\"Nível 2\")+8*(ORÇAMENTO.Nivel=\"Nível 3\")+16*(ORÇAMENTO.Nivel=\"Nível 4\")+32*(ORÇAMENTO.Nivel=\"Serviço\"),2),0,1,2,3,4,\"S\")","v":"S"},{"$f":"IF(OR(C47=\"s\",C47=0),OFFSET(B47,-1,0),C47)","v":2},{"$f":"IF(OFFSET(C47,-1,0)=\"L\",1,IF(OFFSET(C47,-1,0)=1,2,IF(OR(A47=\"s\",A47=0),\"S\",IF(AND(OFFSET(C47,-1,0)=2,A47=4),3,IF(AND(OR(OFFSET(C47,-1,0)=\"s\",OFFSET(C47,-1,0)=0),A47<>\"s\",A47>OFFSET(B47,-1,0)),OFFSET(B47,-1,0),A47)))))","v":"S"},{"$f":"IF(OR(C47=\"S\",C47=0),0,IF(ISERROR(K47),J47,SMALL(J47:K47,1)))","v":0},{"$f":"IF($C47=1,OFFSET(E47,-1,0)+MAX(1,COUNTIF(QCI!$A$13:$A$24,OFFSET(ORÇAMENTO!E47,-1,0))),OFFSET(E47,-1,0))","v":1},{"$f":"IF($C47=1,0,IF($C47=2,OFFSET(F47,-1,0)+1,OFFSET(F47,-1,0)))","v":3},{"$f":"IF(AND($C47<=2,$C47<>0),0,IF($C47=3,OFFSET(G47,-1,0)+1,OFFSET(G47,-1,0)))","v":0},{"$f":"IF(AND($C47<=3,$C47<>0),0,IF($C47=4,OFFSET(H47,-1,0)+1,OFFSET(H47,-1,0)))","v":0},{"$f":"IF(AND($C47<=4,$C47<>0),0,IF(AND($C47=\"S\",$X47>0),OFFSET(I47,-1,0)+1,OFFSET(I47,-1,0)))","v":1},{"$f":"IF(OR($C47=\"S\",$C47=0),0,MATCH(0,OFFSET($D47,1,$C47,ROW($C$154)-ROW($C47)),0))","v":0},{"$f":"IF(OR($C47=\"S\",$C47=0),0,MATCH(OFFSET($D47,0,$C47)+IF($C47<>1,1,COUNTIF(QCI!$A$13:$A$24,ORÇAMENTO!E47)),OFFSET($D47,1,$C47,ROW($C$154)-ROW($C47)),0))","v":0},{"$f":"IF(OR($X47>0,$C47=1,$C47=2,$C47=3,$C47=4),\"F\",\"\")","v":"F"},"Serviço",{"$f":"CHOOSE(1+LOG(1+2*(C47=1)+4*(C47=2)+8*(C47=3)+16*(C47=4)+32*(C47=\"S\"),2),\"\",\"Meta\",\"Nível 2\",\"Nível 3\",\"Nível 4\",\"Serviço\")","v":"Serviço"},{"$f":"IF(OR($C47=0,$L47=\"\"),\"-\",CONCATENATE(E47&\".\",IF(AND($A$5>=2,$C47>=2),F47&\".\",\"\"),IF(AND($A$5>=3,$C47>=3),G47&\".\",\"\"),IF(AND($A$5>=4,$C47>=4),H47&\".\",\"\"),IF($C47=\"S\",I47&\".\",\"\")))","v":"1.3.1."},"SINAPI","89296","ALVENARIA BLOCOS CERÂMICOS APARENTE (ESPESSURA DE 14 CM), PARA PAREDES COM VÃOS, UTILIZANDO PALHETA E ARGAMASSA DE ASSENTAMENTO COM PREPARO EM BETONEIRA",{"$f":"REFERENCIA.Unidade","v":"M2"},{"$f":"OFFSET(CÁLCULO!H$15,ROW($T47)-ROW(T$15),0)","v":338.84},40,"BDI 1",{"$f":"IF($C47=\"S\",ROUND(IF(TIPOORCAMENTO=\"Proposto\",ORÇAMENTO.CustoUnitario*(1+$AH47),ORÇAMENTO.PrecoUnitarioLicitado),15-13*$AF$10),0)","v":48.14},{"$f":"IF($C47=\"S\",VTOTAL1,IF($C47=0,0,ROUND(SomaAgrup,15-13*$AF$11)))","v":16311.76},"RA",{"$f":"IF(AND($C47=\"S\",$X47>0),IF(ISBLANK($Y47),\"RA\",LEFT($Y47,2)),\"\")","v":"RA"},{"$f":"IF($C47=\"S\",IF($Z47=\"CP\",$X47,IF($Z47=\"RA\",(($X47)*QCI!$AA$3),0)),SomaAgrup)","v":16311.76},{"$f":"IF($C47=\"S\",IF($Z47=\"OU\",ROUND($X47,2),0),SomaAgrup)","v":0},{"$f":"IF($N47=\"\",\"\",IF(ORÇAMENTO.Descricao=\"\",\"DESCRIÇÃO\",IF(AND($C47=\"S\",ORÇAMENTO.Unidade=\"\"),\"UNIDADE\",IF($X47<0,\"VALOR NEGATIVO\",IF(OR(AND(TIPOORCAMENTO=\"Proposto\",$AG47<>\"\",$AG47>0,ORÇAMENTO.CustoUnitario>$AG47),AND(TIPOORCAMENTO=\"LICITADO\",ORÇAMENTO.PrecoUnitarioLicitado>$AN47)),\"ACIMA REF.\",\"\")))))","v":""},{"$f":"IF(C47<=CRONO.NivelExibicao,MAX($AD$15:OFFSET(AD47,-1,0))+IF($C47<>1,1,MAX(1,COUNTIF(QCI!$A$13:$A$24,OFFSET($E47,-1,0)))),\"\")","v":""},{"$f":"IF(AND($C47=\"S\",ORÇAMENTO.CodBarra<>\"\"),IF(ORÇAMENTO.Fonte=\"\",ORÇAMENTO.CodBarra,CONCATENATE(ORÇAMENTO.Fonte,\" \",ORÇAMENTO.CodBarra)))","v":"SINAPI 89296"},{"$f":"IF(ISERROR(INDIRECT(ORÇAMENTO.BancoRef)),\"(abra o arquivo 'Referência \"&Excel_BuiltIn_Database&\".xls)\",IF(OR($C47<>\"S\",ORÇAMENTO.CodBarra=\"\"),\"(Sem Código)\",IF(ISERROR(MATCH($AE47,INDIRECT(ORÇAMENTO.BancoRef),0)),\"(Código não identificado nas referências)\",MATCH($AE47,INDIRECT(ORÇAMENTO.BancoRef),0))))","v":5170},{"$f":"ROUND(IF(DESONERACAO=\"sim\",REFERENCIA.Desonerado,REFERENCIA.NaoDesonerado),2)","v":62.86},{"$f":"ROUND(IF(ISNUMBER(ORÇAMENTO.OpcaoBDI),ORÇAMENTO.OpcaoBDI,IF(LEFT(ORÇAMENTO.OpcaoBDI,3)=\"BDI\",HLOOKUP(ORÇAMENTO.OpcaoBDI,$F$4:$H$5,2,FALSE),0)),15-11*$AF$9)","v":0.20349999999999999},null,338.84,null,null,16311.76,{"$f":"ROUND(ORÇAMENTO.CustoUnitario*(1+$AH47),2)","v":48.14}]
["S",2,"S",0,{"$f":"IF($C48=1,OFFSET(E48,-1,0)+MAX(1,COUNTIF(QCI!$A$13:$A$24,OFFSET(ORÇAMENTO!E48,-1,0))),OFFSET(E48,-1,0))","v":1},3,0,0,2,0,{"$f":"IF(OR($C48=\"S\",$C48=0),0,MATCH(OFFSET($D48,0,$C48)+IF($C48<>1,1,COUNTIF(QCI!$A$13:$A$24,ORÇAMENTO!E48)),OFFSET($D48,1,$C48,ROW($C$154)-ROW($C48)),0))","v":0},"F","Serviço","Serviço","1.3.2.","SINAPI","87879","CHAPISCO APLICADO EM ALVENARIAS E ESTRUTURAS DE CONCRETO INTERNAS, ARGAMASSA TRAÇO 1:3 COM PREPARO MECÂNICO","M2",{"$f":"OFFSET(CÁLCULO!H$15,ROW($T48)-ROW(T$15),0)","v":45.23},3,"BDI 1",3.61,163.28,"RA","RA",{"$f":"IF($C48=\"S\",IF($Z48=\"CP\",$X48,IF($Z48=\"RA\",(($X48)*QCI!$AA$3),0)),SomaAgrup)","v":163.28},0,"",{"$f":"IF(C48<=CRONO.NivelExibicao,MAX($AD$15:OFFSET(AD48,-1,0))+IF($C48<>1,1,MAX(1,COUNTIF(QCI!$A$13:$A$24,OFFSET($E48,-1,0)))),\"\")","v":""},"SINAPI 87879",5635,3.32,0.20349999999999999,null,{"$f":"AJ50","v":45.225000000000001},null,null,163.28,3.61]
["S",2,"S",0,{"$f":"IF($C49=1,OFFSET(E49,-1,0)+MAX(1,COUNTIF(QCI!$A$13:$A$24,OFFSET(ORÇAMENTO!E49,-1,0))),OFFSET(E49,-1,0))","v":1},3,0,0,3,0,{"$f":"IF(OR($C49=\"S\",$C49=0),0,MATCH(OFFSET($D49,0,$C49)+IF($C49<>1,1,COUNTIF(QCI!$A$13:$A$24,ORÇAMENTO!E49)),OFFSET($D49,1,$C49,ROW($C$154)-ROW($C49)),0))","v":0},"F","Serviço","Serviço","1.3.3.","SINAPI","87531","EMBOÇO, PARA RECEBIMENTO DE CERÂMICA, EM ARGAMASSA TRAÇO 1:2:8, PREPARO MECÂNICO, APLICADO MANUALMENTE EM FACES INTERNAS DE PAREDES, ESPESSURA DE 20MM, COM EXECUÇÃO DE TALISCAS","M2",{"$f":"OFFSET(CÁLCULO!H$15,ROW($T49)-ROW(T$15),0)","v":45.23},20,"BDI 1",24.07,1088.69,"RA","RA",{"$f":"IF($C49=\"S\",IF($Z49=\"CP\",$X49,IF($Z49=\"RA\",(($X49)*QCI!$AA$3),0)),SomaAgrup)","v":1088.69},0,"",{"$f":"IF(C49<=CRONO.NivelExibicao,MAX($AD$15:OFFSET(AD49,-1,0))+IF($C49<>1,1,MAX(1,COUNTIF(QCI!$A$13:$A$24,OFFSET($E49,-1,0)))),\"\")","v":""},"SINAPI 87531",5694,25.76,0.20349999999999999,null,{"$f":"AJ48","v":45.225000000000001},null,null,1088.69,24.07]
["S",2,"S",0,{"$f":"IF($C50=1,OFFSET(E50,-1,0)+MAX(1,COUNTIF(QCI!$A$13:$A$24,OFFSET(ORÇAMENTO!E50,-1,0))),OFFSET(E50,-1,0))","v":1},3,0,0,4,0,{"$f":"IF(OR($C50=\"S\",$C50=0),0,MATCH(OFFSET($D50,0,$C50)+IF($C50<>1,1,COUNTIF(QCI!$A$13:$A$24,ORÇAMENTO!E50)),OFFSET($D50,1,$C50,ROW($C$154)-ROW($C50)),0))","v":0},"F","Serviço","Serviço","1.3.4.","SINAPI","87273","REVESTIMENTO CERÂMICO PARA PAREDES INTERNAS COM PLACAS TIPO ESMALTADA EXTRA DE DIMENSÕES 33X45 CM","M2",{"$f":"OFFSET(CÁLCULO!H$15,ROW($T50)-ROW(T$15),0)","v":45.23},45,"BDI 1",54.16,2449.66,"RA","RA",{"$f":"IF($C50=\"S\",IF($Z50=\"CP\",$X50,IF($Z50=\"RA\",(($X50)*QCI!$AA$3),0)),SomaAgrup)","v":2449.66},0,"",{"$f":"IF(C50<=CRONO.NivelExibicao,MAX($AD$15:OFFSET(AD50,-1,0))+IF($C50<>1,1,MAX(1,COUNTIF(QCI!$A$13:$A$24,OFFSET($E50,-1,0)))),\"\")","v":""},"SINAPI 87273",5804,55.49,0.20349999999999999,null,{"$f":"(2.4+1.6+1.05+1.7)*2*3.35","v":45.225000000000001},null,null,2449.66,54.16]
["S",2,"S",0,{"$f":"IF($C51=1,OFFSET(E51,-1,0)+MAX(1,COUNTIF(QCI!$A$13:$A$24,OFFSET(ORÇAMENTO!E51,-1,0))),OFFSET(E51,-1,0))","v":1},3,0,0,5,0,{"$f":"IF(OR($C51=\"S\",$C51=0),0,MATCH(OFFSET($D51,0,$C51)+IF($C51<>1,1,COUNTIF(QCI!$A$13:$A$24,ORÇAMENTO!E51)),OFFSET($D51,1,$C51,ROW($C$154)-ROW($C51)),0))","v":0},"F","Serviço","Serviço","1.3.5.","SINAPI",88484,{"$f":"IF($C51=\"S\",REFERENCIA.Descricao,\"(digite a descrição aqui)\")","v":"APLICAÇÃO DE FUNDO SELADOR ACRÍLICO EM TETO, UMA DEMÃO. AF_06/2014"},{"$f":"REFERENCIA.Unidade","v":"M2"},{"$f":"OFFSET(CÁLCULO!H$15,ROW($T51)-ROW(T$15),0)","v":71.39},2.2000000000000002,"BDI 1",2.65,189.18,"RA","RA",{"$f":"IF($C51=\"S\",IF($Z51=\"CP\",$X51,IF($Z51=\"RA\",(($X51)*QCI!$AA$3),0)),SomaAgrup)","v":189.18},0,"",{"$f":"IF(C51<=CRONO.NivelExibicao,MAX($AD$15:OFFSET(AD51,-1,0))+IF($C51<>1,1,MAX(1,COUNTIF(QCI!$A$13:$A$24,OFFSET($E51,-1,0)))),\"\")","v":""},"SINAPI 88484",5384,2.44,0.20349999999999999,null,{"$f":"27.96+3.84+5.64+1.78+18.81+13.36","v":71.39},null,null,189.18,2.65]
["S",2,"S",0,{"$f":"IF($C52=1,OFFSET(E52,-1,0)+MAX(1,COUNTIF(QCI!$A$13:$A$24,OFFSET(ORÇAMENTO!E52,-1,0))),OFFSET(E52,-1,0))","v":1},3,0,0,6,0,{"$f":"IF(OR($C52=\"S\",$C52=0),0,MATCH(OFFSET($D52,0,$C52)+IF($C52<>1,1,COUNTIF(QCI!$A$13:$A$24,ORÇAMENTO!E52)),OFFSET($D52,1,$C52,ROW($C$154)-ROW($C52)),0))","v":0},"F","Serviço","Serviço","1.3.6.","SINAPI",88488,{"$f":"IF($C52=\"S\",REFERENCIA.Descricao,\"(digite a descrição aqui)\")","v":"APLICAÇÃO MANUAL DE PINTURA COM TINTA LÁTEX ACRÍLICA EM TETO, DUAS DEMÃOS. AF_06/2014"},{"$f":"REFERENCIA.Unidade","v":"M2"},{"$f":"OFFSET(CÁLCULO!H$15,ROW($T52)-ROW(T$15),0)","v":71.39},12,"BDI 1",14.44,1030.8699999999999,"RA","RA",{"$f":"IF($C52=\"S\",IF($Z52=\"CP\",$X52,IF($Z52=\"RA\",(($X52)*QCI!$AA$3),0)),SomaAgrup)","v":1030.8699999999999},0,"",{"$f":"IF(C52<=CRONO.NivelExibicao,MAX($AD$15:OFFSET(AD52,-1,0))+IF($C52<>1,1,MAX(1,COUNTIF(QCI!$A$13:$A$24,OFFSET($E52,-1,0)))),\"\")","v":""},"SINAPI 88488",5388,14.42,0.20349999999999999,null,{"$f":"AJ51","v":71.39},null,null,1030.8699999999999,14.44]
[{"$f":"CHOOSE(1+LOG(1+2*(ORÇAMENTO.Nivel=\"Meta\")+4*(ORÇAMENTO.Nivel=\"Nível 2\")+8*(ORÇAMENTO.Nivel=\"Nível 3\")+16*(ORÇAMENTO.Nivel=\"Nível 4\")+32*(ORÇAMENTO.Nivel=\"Serviço\"),2),0,1,2,3,4,\"S\")","v":"S"},{"$f":"IF(OR(C53=\"s\",C53=0),OFFSET(B53,-1,0),C53)","v":2},{"$f":"IF(OFFSET(C53,-1,0)=\"L\",1,IF(OFFSET(C53,-1,0)=1,2,IF(OR(A53=\"s\",A53=0),\"S\",IF(AND(OFFSET(C53,-1,0)=2,A53=4),3,IF(AND(OR(OFFSET(C53,-1,0)=\"s\",OFFSET(C53,-1,0)=0),A53<>\"s\",A53>OFFSET(B53,-1,0)),OFFSET(B53,-1,0),A53)))))","v":"S"},{"$f":"IF(OR(C53=\"S\",C53=0),0,IF(ISERROR(K53),J53,SMALL(J53:K53,1)))","v":0},{"$f":"IF($C53=1,OFFSET(E53,-1,0)+MAX(1,COUNTIF(QCI!$A$13:$A$24,OFFSET(ORÇAMENTO!E53,-1,0))),OFFSET(E53,-1,0))","v":1},{"$f":"IF($C53=1,0,IF($C53=2,OFFSET(F53,-1,0)+1,OFFSET(F53,-1,0)))","v":3},{"$f":"IF(AND($C53<=2,$C53<>0),0,IF($C53=3,OFFSET(G53,-1,0)+1,OFFSET(G53,-1,0)))","v":0},{"$f":"IF(AND($C53<=3,$C53<>0),0,IF($C53=4,OFFSET(H53,-1,0)+1,OFFSET(H53,-1,0)))","v":0},{"$f":"IF(AND($C53<=4,$C53<>0),0,IF(AND($C53=\"S\",$X53>0),OFFSET(I53,-1,0)+1,OFFSET(I53,-1,0)))","v":7},0,{"$f":"IF(OR($C53=\"S\",$C53=0),0,MATCH(OFFSET($D53,0,$C53)+IF($C53<>1,1,COUNTIF(QCI!$A$13:$A$24,ORÇAMENTO!E53)),OFFSET($D53,1,$C53,ROW($C$154)-ROW($C53)),0))","v":0},{"$f":"IF(OR($X53>0,$C53=1,$C53=2,$C53=3,$C53=4),\"F\",\"\")","v":"F"},"Serviço",{"$f":"CHOOSE(1+LOG(1+2*(C53=1)+4*(C53=2)+8*(C53=3)+16*(C53=4)+32*(C53=\"S\"),2),\"\",\"Meta\",\"Nível 2\",\"Nível 3\",\"Nível 4\",\"Serviço\")","v":"Serviço"},{"$f":"IF(OR($C53=0,$L53=\"\"),\"-\",CONCATENATE(E53&\".\",IF(AND($A$5>=2,$C53>=2),F53&\".\",\"\"),IF(AND($A$5>=3,$C53>=3),G53&\".\",\"\"),IF(AND($A$5>=4,$C53>=4),H53&\".\",\"\"),IF($C53=\"S\",I53&\".\",\"\")))","v":"1.3.7."},"SINAPI","79466",{"$f":"IF($C53=\"S\",REFERENCIA.Descricao,\"(digite a descrição aqui)\")","v":"PINTURA COM VERNIZ POLIURETANO, 2 DEMAOS"},{"$f":"REFERENCIA.Unidade","v":"M2"},{"$f":"OFFSET(CÁLCULO!H$15,ROW($T53)-ROW(T$15),0)","v":904.78},15,"BDI 1",{"$f":"IF($C53=\"S\",ROUND(IF(TIPOORCAMENTO=\"Proposto\",ORÇAMENTO.CustoUnitario*(1+$AH53),ORÇAMENTO.PrecoUnitarioLicitado),15-13*$AF$10),0)","v":18.05},{"$f":"IF($C53=\"S\",VTOTAL1,IF($C53=0,0,ROUND(SomaAgrup,15-13*$AF$11)))","v":16331.28},"RA",{"$f":"IF(AND($C53=\"S\",$X53>0),IF(ISBLANK($Y53),\"RA\",LEFT($Y53,2)),\"\")","v":"RA"},{"$f":"IF($C53=\"S\",IF($Z53=\"CP\",$X53,IF($Z53=\"RA\",(($X53)*QCI!$AA$3),0)),SomaAgrup)","v":16331.28},{"$f":"IF($C53=\"S\",IF($Z53=\"OU\",ROUND($X53,2),0),SomaAgrup)","v":0},{"$f":"IF($N53=\"\",\"\",IF(ORÇAMENTO.Descricao=\"\",\"DESCRIÇÃO\",IF(AND($C53=\"S\",ORÇAMENTO.Unidade=\"\"),\"UNIDADE\",IF($X53<0,\"VALOR NEGATIVO\",IF(OR(AND(TIPOORCAMENTO=\"Proposto\",$AG53<>\"\",$AG53>0,ORÇAMENTO.CustoUnitario>$AG53),AND(TIPOORCAMENTO=\"LICITADO\",ORÇAMENTO.PrecoUnitarioLicitado>$AN53)),\"ACIMA REF.\",\"\")))))","v":""},{"$f":"IF(C53<=CRONO.NivelExibicao,MAX($AD$15:OFFSET(AD53,-1,0))+IF($C53<>1,1,MAX(1,COUNTIF(QCI!$A$13:$A$24,OFFSET($E53,-1,0)))),\"\")","v":""},{"$f":"IF(AND($C53=\"S\",ORÇAMENTO.CodBarra<>\"\"),IF(ORÇAMENTO.Fonte=\"\",ORÇAMENTO.CodBarra,CONCATENATE(ORÇAMENTO.Fonte,\" \",ORÇAMENTO.CodBarra)))","v":"SINAPI 79466"},{"$f":"IF(ISERROR(INDIRECT(ORÇAMENTO.BancoRef)),\"(abra o arquivo 'Referência \"&Excel_BuiltIn_Database&\".xls)\",IF(OR($C53<>\"S\",ORÇAMENTO.CodBarra=\"\"),\"(Sem Código)\",IF(ISERROR(MATCH($AE53,INDIRECT(ORÇAMENTO.BancoRef),0)),\"(Código não identificado nas referências)\",MATCH($AE53,INDIRECT(ORÇAMENTO.BancoRef),0))))","v":5423},{"$f":"ROUND(IF(DESONERACAO=\"sim\",REFERENCIA.Desonerado,REFERENCIA.NaoDesonerado),2)","v":20.03},{"$f":"ROUND(IF(ISNUMBER(ORÇAMENTO.OpcaoBDI),ORÇAMENTO.OpcaoBDI,IF(LEFT(ORÇAMENTO.OpcaoBDI,3)=\"BDI\",HLOOKUP(ORÇAMENTO.OpcaoBDI,$F$4:$H$5,2,FALSE),0)),15-11*$AF$9)","v":0.20349999999999999},null,{"$f":"950-AJ50","v":904.77499999999998},null,null,16331.28,{"$f":"ROUND(ORÇAMENTO.CustoUnitario*(1+$AH53),2)","v":18.05}]
[{"$f":"CHOOSE(1+LOG(1+2*(ORÇAMENTO.Nivel=\"Meta\")+4*(ORÇAMENTO.Nivel=\"Nível 2\")+8*(ORÇAMENTO.Nivel=\"Nível 3\")+16*(ORÇAMENTO.Nivel=\"Nível 4\")+32*(ORÇAMENTO.Nivel=\"Serviço\"),2),0,1,2,3,4,\"S\")","v":"S"},{"$f":"IF(OR(C54=\"s\",C54=0),OFFSET(B54,-1,0),C54)","v":2},{"$f":"IF(OFFSET(C54,-1,0)=\"L\",1,IF(OFFSET(C54,-1,0)=1,2,IF(OR(A54=\"s\",A54=0),\"S\",IF(AND(OFFSET(C54,-1,0)=2,A54=4),3,IF(AND(OR(OFFSET(C54,-1,0)=\"s\",OFFSET(C54,-1,0)=0),A54<>\"s\",A54>OFFSET(B54,-1,0)),OFFSET(B54,-1,0),A54)))))","v":"S"},{"$f":"IF(OR(C54=\"S\",C54=0),0,IF(ISERROR(K54),J54,SMALL(J54:K54,1)))","v":0},{"$f":"IF($C54=1,OFFSET(E54,-1,0)+MAX(1,COUNTIF(QCI!$A$13:$A$24,OFFSET(ORÇAMENTO!E54,-1,0))),OFFSET(E54,-1,0))","v":1},{"$f":"IF($C54=1,0,IF($C54=2,OFFSET(F54,-1,0)+1,OFFSET(F54,-1,0)))","v":3},{"$f":"IF(AND($C54<=2,$C54<>0),0,IF($C54=3,OFFSET(G54,-1,0)+1,OFFSET(G54,-1,0)))","v":0},{"$f":"IF(AND($C54<=3,$C54<>0),0,IF($C54=4,OFFSET(H54,-1,0)+1,OFFSET(H54,-1,0)))","v":0},{"$f":"IF(AND($C54<=4,$C54<>0),0,IF(AND($C54=\"S\",$X54>0),OFFSET(I54,-1,0)+1,OFFSET(I54,-1,0)))","v":8},0,{"$f":"IF(OR($C54=\"S\",$C54=0),0,MATCH(OFFSET($D54,0,$C54)+IF($C54<>1,1,COUNTIF(QCI!$A$13:$A$24,ORÇAMENTO!E54)),OFFSET($D54,1,$C54,ROW($C$154)-ROW($C54)),0))","v":0},{"$f":"IF(OR($X54>0,$C54=1,$C54=2,$C54=3,$C54=4),\"F\",\"\")","v":"F"},"Serviço",{"$f":"CHOOSE(1+LOG(1+2*(C54=1)+4*(C54=2)+8*(C54=3)+16*(C54=4)+32*(C54=\"S\"),2),\"\",\"Meta\",\"Nível 2\",\"Nível 3\",\"Nível 4\",\"Serviço\")","v":"Serviço"},{"$f":"IF(OR($C54=0,$L54=\"\"),\"-\",CONCATENATE(E54&\".\",IF(AND($A$5>=2,$C54>=2),F54&\".\",\"\"),IF(AND($A$5>=3,$C54>=3),G54&\".\",\"\"),IF(AND($A$5>=4,$C54>=4),H54&\".\",\"\"),IF($C54=\"S\",I54&\".\",\"\")))","v":"1.3.8."},"SINAPI","94213","TELHAMENTO COM TELHA DE AÇO/ALUMÍNIO E = 0,5 MM, INCLUSO IÇAMENTO","M2",{"$f":"OFFSET(CÁLCULO!H$15,ROW($T54)-ROW(T$15),0)","v":311.14},39,"BDI 1",{"$f":"IF($C54=\"S\",ROUND(IF(TIPOORCAMENTO=\"Proposto\",ORÇAMENTO.CustoUnitario*(1+$AH54),ORÇAMENTO.PrecoUnitarioLicitado),15-13*$AF$10),0)","v":46.94},{"$f":"IF($C54=\"S\",VTOTAL1,IF($C54=0,0,ROUND(SomaAgrup,15-13*$AF$11)))","v":14604.91},"RA",{"$f":"IF(AND($C54=\"S\",$X54>0),IF(ISBLANK($Y54),\"RA\",LEFT($Y54,2)),\"\")","v":"RA"},{"$f":"IF($C54=\"S\",IF($Z54=\"CP\",$X54,IF($Z54=\"RA\",(($X54)*QCI!$AA$3),0)),SomaAgrup)","v":14604.91},{"$f":"IF($C54=\"S\",IF($Z54=\"OU\",ROUND($X54,2),0),SomaAgrup)","v":0},{"$f":"IF($N54=\"\",\"\",IF(ORÇAMENTO.Descricao=\"\",\"DESCRIÇÃO\",IF(AND($C54=\"S\",ORÇAMENTO.Unidade=\"\"),\"UNIDADE\",IF($X54<0,\"VALOR NEGATIVO\",IF(OR(AND(TIPOORCAMENTO=\"Proposto\",$AG54<>\"\",$AG54>0,ORÇAMENTO.CustoUnitario>$AG54),AND(TIPOORCAMENTO=\"LICITADO\",ORÇAMENTO.PrecoUnitarioLicitado>$AN54)),\"ACIMA REF.\",\"\")))))","v":""},{"$f":"IF(C54<=CRONO.NivelExibicao,MAX($AD$15:OFFSET(AD54,-1,0))+IF($C54<>1,1,MAX(1,COUNTIF(QCI!$A$13:$A$24,OFFSET($E54,-1,0)))),\"\")","v":""},{"$f":"IF(AND($C54=\"S\",ORÇAMENTO.CodBarra<>\"\"),IF(ORÇAMENTO.Fonte=\"\",ORÇAMENTO.CodBarra,CONCATENATE(ORÇAMENTO.Fonte,\" \",ORÇAMENTO.CodBarra)))","v":"SINAPI 94213"},{"$f":"IF(ISERROR(INDIRECT(ORÇAMENTO.BancoRef)),\"(abra o arquivo 'Referência \"&Excel_BuiltIn_Database&\".xls)\",IF(OR($C54<>\"S\",ORÇAMENTO.CodBarra=\"\"),\"(Sem Código)\",IF(ISERROR(MATCH($AE54,INDIRECT(ORÇAMENTO.BancoRef),0)),\"(Código não identificado nas referências)\",MATCH($AE54,INDIRECT(ORÇAMENTO.BancoRef),0))))","v":1447},{"$f":"ROUND(IF(DESONERACAO=\"sim\",REFERENCIA.Desonerado,REFERENCIA.NaoDesonerado),2)","v":47.17},{"$f":"ROUND(IF(ISNUMBER(ORÇAMENTO.OpcaoBDI),ORÇAMENTO.OpcaoBDI,IF(LEFT(ORÇAMENTO.OpcaoBDI,3)=\"BDI\",HLOOKUP(ORÇAMENTO.OpcaoBDI,$F$4:$H$5,2,FALSE),0)),15-11*$AF$9)","v":0.20349999999999999},null,{"$f":"(42.75*6.1)+(25.18*2)","v":311.13499999999999},null,null,14604.91,{"$f":"ROUND(ORÇAMENTO.CustoUnitario*(1+$AH54),2)","v":46.94}]
[{"$f":"CHOOSE(1+LOG(1+2*(ORÇAMENTO.Nivel=\"Meta\")+4*(ORÇAMENTO.Nivel=\"Nível 2\")+8*(ORÇAMENTO.Nivel=\"Nível 3\")+16*(ORÇAMENTO.Nivel=\"Nível 4\")+32*(ORÇAMENTO.Nivel=\"Serviço\"),2),0,1,2,3,4,\"S\")","v":"S"},{"$f":"IF(OR(C55=\"s\",C55=0),OFFSET(B55,-1,0),C55)","v":2},{"$f":"IF(OFFSET(C55,-1,0)=\"L\",1,IF(OFFSET(C55,-1,0)=1,2,IF(OR(A55=\"s\",A55=0),\"S\",IF(AND(OFFSET(C55,-1,0)=2,A55=4),3,IF(AND(OR(OFFSET(C55,-1,0)=\"s\",OFFSET(C55,-1,0)=0),A55<>\"s\",A55>OFFSET(B55,-1,0)),OFFSET(B55,-1,0),A55)))))","v":"S"},{"$f":"IF(OR(C55=\"S\",C55=0),0,IF(ISERROR(K55),J55,SMALL(J55:K55,1)))","v":0},{"$f":"IF($C55=1,OFFSET(E55,-1,0)+MAX(1,COUNTIF(QCI!$A$13:$A$24,OFFSET(ORÇAMENTO!E55,-1,0))),OFFSET(E55,-1,0))","v":1},{"$f":"IF($C55=1,0,IF($C55=2,OFFSET(F55,-1,0)+1,OFFSET(F55,-1,0)))","v":3},{"$f":"IF(AND($C55<=2,$C55<>0),0,IF($C55=3,OFFSET(G55,-1,0)+1,OFFSET(G55,-1,0)))","v":0},{"$f":"IF(AND($C55<=3,$C55<>0),0,IF($C55=4,OFFSET(H55,-1,0)+1,OFFSET(H55,-1,0)))","v":0},{"$f":"IF(AND($C55<=4,$C55<>0),0,IF(AND($C55=\"S\",$X55>0),OFFSET(I55,-1,0)+1,OFFSET(I55,-1,0)))","v":9},0,{"$f":"IF(OR($C55=\"S\",$C55=0),0,MATCH(OFFSET($D55,0,$C55)+IF($C55<>1,1,COUNTIF(QCI!$A$13:$A$24,ORÇAMENTO!E55)),OFFSET($D55,1,$C55,ROW($C$154)-ROW($C55)),0))","v":0},{"$f":"IF(OR($X55>0,$C55=1,$C55=2,$C55=3,$C55=4),\"F\",\"\")","v":"F"},"Serviço",{"$f":"CHOOSE(1+LOG(1+2*(C55=1)+4*(C55=2)+8*(C55=3)+16*(C55=4)+32*(C55=\"S\"),2),\"\",\"Meta\",\"Nível 2\",\"Nível 3\",\"Nível 4\",\"Serviço\")","v":"Serviço"},{"$f":"IF(OR($C55=0,$L55=\"\"),\"-\",CONCATENATE(E55&\".\",IF(AND($A$5>=2,$C55>=2),F55&\".\",\"\"),IF(AND($A$5>=3,$C55>=3),G55&\".\",\"\"),IF(AND($A$5>=4,$C55>=4),H55&\".\",\"\"),IF($C55=\"S\",I55&\".\",\"\")))","v":"1.3.9."},"AMMOC",113,"ESTRUTURA EM AÇO GALVANIZADO PARA FIXAÇÃO DE TELHA EM FECHAMENTO VERTICAL","M²",{"$f":"OFFSET(CÁLCULO!H$15,ROW($T55)-ROW(T$15),0)","v":311.14},24,"BDI 1",{"$f":"IF($C55=\"S\",ROUND(IF(TIPOORCAMENTO=\"Proposto\",ORÇAMENTO.CustoUnitario*(1+$AH55),ORÇAMENTO.PrecoUnitarioLicitado),15-13*$AF$10),0)","v":28.88},{"$f":"IF($C55=\"S\",VTOTAL1,IF($C55=0,0,ROUND(SomaAgrup,15-13*$AF$11)))","v":8985.7199999999993},"RA",{"$f":"IF(AND($C55=\"S\",$X55>0),IF(ISBLANK($Y55),\"RA\",LEFT($Y55,2)),\"\")","v":"RA"},{"$f":"IF($C55=\"S\",IF($Z55=\"CP\",$X55,IF($Z55=\"RA\",(($X55)*QCI!$AA$3),0)),SomaAgrup)","v":8985.7199999999993},{"$f":"IF($C55=\"S\",IF($Z55=\"OU\",ROUND($X55,2),0),SomaAgrup)","v":0},{"$f":"IF($N55=\"\",\"\",IF(ORÇAMENTO.Descricao=\"\",\"DESCRIÇÃO\",IF(AND($C55=\"S\",ORÇAMENTO.Unidade=\"\"),\"UNIDADE\",IF($X55<0,\"VALOR NEGATIVO\",IF(OR(AND(TIPOORCAMENTO=\"Proposto\",$AG55<>\"\",$AG55>0,ORÇAMENTO.CustoUnitario>$AG55),AND(TIPOORCAMENTO=\"LICITADO\",ORÇAMENTO.PrecoUnitarioLicitado>$AN55)),\"ACIMA REF.\",\"\")))))","v":""},{"$f":"IF(C55<=CRONO.NivelExibicao,MAX($AD$15:OFFSET(AD55,-1,0))+IF($C55<>1,1,MAX(1,COUNTIF(QCI!$A$13:$A$24,OFFSET($E55,-1,0)))),\"\")","v":""},{"$f":"IF(AND($C55=\"S\",ORÇAMENTO.CodBarra<>\"\"),IF(ORÇAMENTO.Fonte=\"\",ORÇAMENTO.CodBarra,CONCATENATE(ORÇAMENTO.Fonte,\" \",ORÇAMENTO.CodBarra)))","v":"AMMOC 113"},{"$f":"IF(ISERROR(INDIRECT(ORÇAMENTO.BancoRef)),\"(abra o arquivo 'Referência \"&Excel_BuiltIn_Database&\".xls)\",IF(OR($C55<>\"S\",ORÇAMENTO.CodBarra=\"\"),\"(Sem Código)\",IF(ISERROR(MATCH($AE55,INDIRECT(ORÇAMENTO.BancoRef),0)),\"(Código não identificado nas referências)\",MATCH($AE55,INDIRECT(ORÇAMENTO.BancoRef),0))))","v":115},{"$f":"ROUND(IF(DESONERACAO=\"sim\",REFERENCIA.Desonerado,REFERENCIA.NaoDesonerado),2)","v":29.01},{"$f":"ROUND(IF(ISNUMBER(ORÇAMENTO.OpcaoBDI),ORÇAMENTO.OpcaoBDI,IF(LEFT(ORÇAMENTO.OpcaoBDI,3)=\"BDI\",HLOOKUP(ORÇAMENTO.OpcaoBDI,$F$4:$H$5,2,FALSE),0)),15-11*$AF$9)","v":0.20349999999999999},null,{"$f":"AJ54","v":311.13499999999999},null,null,8985.7199999999993,{"$f":"ROUND(ORÇAMENTO.CustoUnitario*(1+$AH55),2)","v":28.88}]
[2,2,2,3,{"$f":"IF($C56=1,OFFSET(E56,-1,0)+MAX(1,COUNTIF(QCI!$A$13:$A$24,OFFSET(ORÇAMENTO!E56,-1,0))),OFFSET(E56,-1,0))","v":1},4,0,0,0,98,{"$f":"IF(OR($C56=\"S\",$C56=0),0,MATCH(OFFSET($D56,0,$C56)+IF($C56<>1,1,COUNTIF(QCI!$A$13:$A$24,ORÇAMENTO!E56)),OFFSET($D56,1,$C56,ROW($C$154)-ROW($C56)),0))","v":3},"F","Nível 2","Nível 2","1.4.","SINAPI",null,"FORRO","-",{"$f":"OFFSET(CÁLCULO!H$15,ROW($T56)-ROW(T$15),0)","v":0},0,"BDI 1",0,3828.95,"RA","",{"$f":"IF($C56=\"S\",IF($Z56=\"CP\",$X56,IF($Z56=\"RA\",(($X56)*QCI!$AA$3),0)),SomaAgrup)","v":3828.95},0,"",{"$f":"IF(C56<=CRONO.NivelExibicao,MAX($AD$15:OFFSET(AD56,-1,0))+IF($C56<>1,1,MAX(1,COUNTIF(QCI!$A$13:$A$24,OFFSET($E56,-1,0)))),\"\")","v":5},false,"(Sem Código)",0,0.20349999999999999,null,null,null,null,3828.95,0]
[{"$f":"CHOOSE(1+LOG(1+2*(ORÇAMENTO.Nivel=\"Meta\")+4*(ORÇAMENTO.Nivel=\"Nível 2\")+8*(ORÇAMENTO.Nivel=\"Nível 3\")+16*(ORÇAMENTO.Nivel=\"Nível 4\")+32*(ORÇAMENTO.Nivel=\"Serviço\"),2),0,1,2,3,4,\"S\")","v":"S"},{"$f":"IF(OR(C57=\"s\",C57=0),OFFSET(B57,-1,0),C57)","v":2},{"$f":"IF(OFFSET(C57,-1,0)=\"L\",1,IF(OFFSET(C57,-1,0)=1,2,IF(OR(A57=\"s\",A57=0),\"S\",IF(AND(OFFSET(C57,-1,0)=2,A57=4),3,IF(AND(OR(OFFSET(C57,-1,0)=\"s\",OFFSET(C57,-1,0)=0),A57<>\"s\",A57>OFFSET(B57,-1,0)),OFFSET(B57,-1,0),A57)))))","v":"S"},{"$f":"IF(OR(C57=\"S\",C57=0),0,IF(ISERROR(K57),J57,SMALL(J57:K57,1)))","v":0},{"$f":"IF($C57=1,OFFSET(E57,-1,0)+MAX(1,COUNTIF(QCI!$A$13:$A$24,OFFSET(ORÇAMENTO!E57,-1,0))),OFFSET(E57,-1,0))","v":1},{"$f":"IF($C57=1,0,IF($C57=2,OFFSET(F57,-1,0)+1,OFFSET(F57,-1,0)))","v":4},{"$f":"IF(AND($C57<=2,$C57<>0),0,IF($C57=3,OFFSET(G57,-1,0)+1,OFFSET(G57,-1,0)))","v":0},{"$f":"IF(AND($C57<=3,$C57<>0),0,IF($C57=4,OFFSET(H57,-1,0)+1,OFFSET(H57,-1,0)))","v":0},{"$f":"IF(AND($C57<=4,$C57<>0),0,IF(AND($C57=\"S\",$X57>0),OFFSET(I57,-1,0)+1,OFFSET(I57,-1,0)))","v":1},0,{"$f":"IF(OR($C57=\"S\",$C57=0),0,MATCH(OFFSET($D57,0,$C57)+IF($C57<>1,1,COUNTIF(QCI!$A$13:$A$24,ORÇAMENTO!E57)),OFFSET($D57,1,$C57,ROW($C$154)-ROW($C57)),0))","v":0},{"$f":"IF(OR($X57>0,$C57=1,$C57=2,$C57=3,$C57=4),\"F\",\"\")","v":"F"},"Serviço",{"$f":"CHOOSE(1+LOG(1+2*(C57=1)+4*(C57=2)+8*(C57=3)+16*(C57=4)+32*(C57=\"S\"),2),\"\",\"Meta\",\"Nível 2\",\"Nível 3\",\"Nível 4\",\"Serviço\")","v":"Serviço"},{"$f":"IF(OR($C57=0,$L57=\"\"),\"-\",CONCATENATE(E57&\".\",IF(AND($A$5>=2,$C57>=2),F57&\".\",\"\"),IF(AND($A$5>=3,$C57>=3),G57&\".\",\"\"),IF(AND($A$5>=4,$C57>=4),H57&\".\",\"\"),IF($C57=\"S\",I57&\".\",\"\")))","v":"1.4.1."},"SINAPI","96116","FORRO EM RÉGUAS DE PVC, FRISADO, PARA AMBIENTES COMERCIAIS, INCLUSIVE ESTRUTURA DE FIXAÇÃO","M2",{"$f":"OFFSET(CÁLCULO!H$15,ROW($T57)-ROW(T$15),0)","v":72.59},38,"BDI 1",{"$f":"IF($C57=\"S\",ROUND(IF(TIPOORCAMENTO=\"Proposto\",ORÇAMENTO.CustoUnitario*(1+$AH57),ORÇAMENTO.PrecoUnitarioLicitado),15-13*$AF$10),0)","v":45.73},{"$f":"IF($C57=\"S\",VTOTAL1,IF($C57=0,0,ROUND(SomaAgrup,15-13*$AF$11)))","v":3319.54},"RA",{"$f":"IF(AND($C57=\"S\",$X57>0),IF(ISBLANK($Y57),\"RA\",LEFT($Y57,2)),\"\")","v":"RA"},{"$f":"IF($C57=\"S\",IF($Z57=\"CP\",$X57,IF($Z57=\"RA\",(($X57)*QCI!$AA$3),0)),SomaAgrup)","v":3319.54},{"$f":"IF($C57=\"S\",IF($Z57=\"OU\",ROUND($X57,2),0),SomaAgrup)","v":0},{"$f":"IF($N57=\"\",\"\",IF(ORÇAMENTO.Descricao=\"\",\"DESCRIÇÃO\",IF(AND($C57=\"S\",ORÇAMENTO.Unidade=\"\"),\"UNIDADE\",IF($X57<0,\"VALOR NEGATIVO\",IF(OR(AND(TIPOORCAMENTO=\"Proposto\",$AG57<>\"\",$AG57>0,ORÇAMENTO.CustoUnitario>$AG57),AND(TIPOORCAMENTO=\"LICITADO\",ORÇAMENTO.PrecoUnitarioLicitado>$AN57)),\"ACIMA REF.\",\"\")))))","v":""},{"$f":"IF(C57<=CRONO.NivelExibicao,MAX($AD$15:OFFSET(AD57,-1,0))+IF($C57<>1,1,MAX(1,COUNTIF(QCI!$A$13:$A$24,OFFSET($E57,-1,0)))),\"\")","v":""},{"$f":"IF(AND($C57=\"S\",ORÇAMENTO.CodBarra<>\"\"),IF(ORÇAMENTO.Fonte=\"\",ORÇAMENTO.CodBarra,CONCATENATE(ORÇAMENTO.Fonte,\" \",ORÇAMENTO.CodBarra)))","v":"SINAPI 96116"},{"$f":"IF(ISERROR(INDIRECT(ORÇAMENTO.BancoRef)),\"(abra o arquivo 'Referência \"&Excel_BuiltIn_Database&\".xls)\",IF(OR($C57<>\"S\",ORÇAMENTO.CodBarra=\"\"),\"(Sem Código)\",IF(ISERROR(MATCH($AE57,INDIRECT(ORÇAMENTO.BancoRef),0)),\"(Código não identificado nas referências)\",MATCH($AE57,INDIRECT(ORÇAMENTO.BancoRef),0))))","v":5836},{"$f":"ROUND(IF(DESONERACAO=\"sim\",REFERENCIA.Desonerado,REFERENCIA.NaoDesonerado),2)","v":44.43},{"$f":"ROUND(IF(ISNUMBER(ORÇAMENTO.OpcaoBDI),ORÇAMENTO.OpcaoBDI,IF(LEFT(ORÇAMENTO.OpcaoBDI,3)=\"BDI\",HLOOKUP(ORÇAMENTO.OpcaoBDI,$F$4:$H$5,2,FALSE),0)),15-11*$AF$9)","v":0.20349999999999999},null,{"$f":"32.91+35.01+4.67","v":72.589999999999989},null,null,3319.54,{"$f":"ROUND(ORÇAMENTO.CustoUnitario*(1+$AH57),2)","v":45.73}]
[{"$f":"CHOOSE(1+LOG(1+2*(ORÇAMENTO.Nivel=\"Meta\")+4*(ORÇAMENTO.Nivel=\"Nível 2\")+8*(ORÇAMENTO.Nivel=\"Nível 3\")+16*(ORÇAMENTO.Nivel=\"Nível 4\")+32*(ORÇAMENTO.Nivel=\"Serviço\"),2),0,1,2,3,4,\"S\")","v":"S"},{"$f":"IF(OR(C58=\"s\",C58=0),OFFSET(B58,-1,0),C58)","v":2},{"$f":"IF(OFFSET(C58,-1,0)=\"L\",1,IF(OFFSET(C58,-1,0)=1,2,IF(OR(A58=\"s\",A58=0),\"S\",IF(AND(OFFSET(C58,-1,0)=2,A58=4),3,IF(AND(OR(OFFSET(C58,-1,0)=\"s\",OFFSET(C58,-1,0)=0),A58<>\"s\",A58>OFFSET(B58,-1,0)),OFFSET(B58,-1,0),A58)))))","v":"S"},{"$f":"IF(OR(C58=\"S\",C58=0),0,IF(ISERROR(K58),J58,SMALL(J58:K58,1)))","v":0},{"$f":"IF($C58=1,OFFSET(E58,-1,0)+MAX(1,COUNTIF(QCI!$A$13:$A$24,OFFSET(ORÇAMENTO!E58,-1,0))),OFFSET(E58,-1,0))","v":1},{"$f":"IF($C58=1,0,IF($C58=2,OFFSET(F58,-1,0)+1,OFFSET(F58,-1,0)))","v":4},{"$f":"IF(AND($C58<=2,$C58<>0),0,IF($C58=3,OFFSET(G58,-1,0)+1,OFFSET(G58,-1,0)))","v":0},{"$f":"IF(AND($C58<=3,$C58<>0),0,IF($C58=4,OFFSET(H58,-1,0)+1,OFFSET(H58,-1,0)))","v":0},{"$f":"IF(AND($C58<=4,$C58<>0),0,IF(AND($C58=\"S\",$X58>0),OFFSET(I58,-1,0)+1,OFFSET(I58,-1,0)))","v":2},0,{"$f":"IF(OR($C58=\"S\",$C58=0),0,MATCH(OFFSET($D58,0,$C58)+IF($C58<>1,1,COUNTIF(QCI!$A$13:$A$24,ORÇAMENTO!E58)),OFFSET($D58,1,$C58,ROW($C$154)-ROW($C58)),0))","v":0},{"$f":"IF(OR($X58>0,$C58=1,$C58=2,$C58=3,$C58=4),\"F\",\"\")","v":"F"},"Serviço",{"$f":"CHOOSE(1+LOG(1+2*(C58=1)+4*(C58=2)+8*(C58=3)+16*(C58=4)+32*(C58=\"S\"),2),\"\",\"Meta\",\"Nível 2\",\"Nível 3\",\"Nível 4\",\"Serviço\")","v":"Serviço"},{"$f":"IF(OR($C58=0,$L58=\"\"),\"-\",CONCATENATE(E58&\".\",IF(AND($A$5>=2,$C58>=2),F58&\".\",\"\"),IF(AND($A$5>=3,$C58>=3),G58&\".\",\"\"),IF(AND($A$5>=4,$C58>=4),H58&\".\",\"\"),IF($C58=\"S\",I58&\".\",\"\")))","v":"1.4.2."},"SINAPI","96121","ACABAMENTOS PARA FORRO (RODA-FORRO EM PVC)","M",{"$f":"OFFSET(CÁLCULO!H$15,ROW($T58)-ROW(T$15),0)","v":60.5},7,"BDI 1",{"$f":"IF($C58=\"S\",ROUND(IF(TIPOORCAMENTO=\"Proposto\",ORÇAMENTO.CustoUnitario*(1+$AH58),ORÇAMENTO.PrecoUnitarioLicitado),15-13*$AF$10),0)","v":8.42},{"$f":"IF($C58=\"S\",VTOTAL1,IF($C58=0,0,ROUND(SomaAgrup,15-13*$AF$11)))","v":509.41},"RA",{"$f":"IF(AND($C58=\"S\",$X58>0),IF(ISBLANK($Y58),\"RA\",LEFT($Y58,2)),\"\")","v":"RA"},{"$f":"IF($C58=\"S\",IF($Z58=\"CP\",$X58,IF($Z58=\"RA\",(($X58)*QCI!$AA$3),0)),SomaAgrup)","v":509.41},{"$f":"IF($C58=\"S\",IF($Z58=\"OU\",ROUND($X58,2),0),SomaAgrup)","v":0},{"$f":"IF($N58=\"\",\"\",IF(ORÇAMENTO.Descricao=\"\",\"DESCRIÇÃO\",IF(AND($C58=\"S\",ORÇAMENTO.Unidade=\"\"),\"UNIDADE\",IF($X58<0,\"VALOR NEGATIVO\",IF(OR(AND(TIPOORCAMENTO=\"Proposto\",$AG58<>\"\",$AG58>0,ORÇAMENTO.CustoUnitario>$AG58),AND(TIPOORCAMENTO=\"LICITADO\",ORÇAMENTO.PrecoUnitarioLicitado>$AN58)),\"ACIMA REF.\",\"\")))))","v":""},{"$f":"IF(C58<=CRONO.NivelExibicao,MAX($AD$15:OFFSET(AD58,-1,0))+IF($C58<>1,1,MAX(1,COUNTIF(QCI!$A$13:$A$24,OFFSET($E58,-1,0)))),\"\")","v":""},{"$f":"IF(AND($C58=\"S\",ORÇAMENTO.CodBarra<>\"\"),IF(ORÇAMENTO.Fonte=\"\",ORÇAMENTO.CodBarra,CONCATENATE(ORÇAMENTO.Fonte,\" \",ORÇAMENTO.CodBarra)))","v":"SINAPI 96121"},{"$f":"IF(ISERROR(INDIRECT(ORÇAMENTO.BancoRef)),\"(abra o arquivo 'Referência \"&Excel_BuiltIn_Database&\".xls)\",IF(OR($C58<>\"S\",ORÇAMENTO.CodBarra=\"\"),\"(Sem Código)\",IF(ISERROR(MATCH($AE58,INDIRECT(ORÇAMENTO.BancoRef),0)),\"(Código não identificado nas referências)\",MATCH($AE58,INDIRECT(ORÇAMENTO.BancoRef),0))))","v":5837},{"$f":"ROUND(IF(DESONERACAO=\"sim\",REFERENCIA.Desonerado,REFERENCIA.NaoDesonerado),2)","v":8.15},{"$f":"ROUND(IF(ISNUMBER(ORÇAMENTO.OpcaoBDI),ORÇAMENTO.OpcaoBDI,IF(LEFT(ORÇAMENTO.OpcaoBDI,3)=\"BDI\",HLOOKUP(ORÇAMENTO.OpcaoBDI,$F$4:$H$5,2,FALSE),0)),15-11*$AF$9)","v":0.20349999999999999},null,{"$f":"26.3+11+23.2","v":60.5},null,null,509.41,{"$f":"ROUND(ORÇAMENTO.CustoUnitario*(1+$AH58),2)","v":8.42}]
[2,2,2,8,{"$f":"IF($C59=1,OFFSET(E59,-1,0)+MAX(1,COUNTIF(QCI!$A$13:$A$24,OFFSET(ORÇAMENTO!E59,-1,0))),OFFSET(E59,-1,0))","v":1},5,0,0,0,95,{"$f":"IF(OR($C59=\"S\",$C59=0),0,MATCH(OFFSET($D59,0,$C59)+IF($C59<>1,1,COUNTIF(QCI!$A$13:$A$24,ORÇAMENTO!E59)),OFFSET($D59,1,$C59,ROW($C$154)-ROW($C59)),0))","v":8},"F","Nível 2","Nível 2","1.5.","SINAPI",null,"ESQUADRIAS","-",{"$f":"OFFSET(CÁLCULO!H$15,ROW($T59)-ROW(T$15),0)","v":0},0,"BDI 1",0,20845.04,"RA","",{"$f":"IF($C59=\"S\",IF($Z59=\"CP\",$X59,IF($Z59=\"RA\",(($X59)*QCI!$AA$3),0)),SomaAgrup)","v":20845.04},0,"",{"$f":"IF(C59<=CRONO.NivelExibicao,MAX($AD$15:OFFSET(AD59,-1,0))+IF($C59<>1,1,MAX(1,COUNTIF(QCI!$A$13:$A$24,OFFSET($E59,-1,0)))),\"\")","v":6},false,"(Sem Código)",0,0.20349999999999999,null,null,null,null,20845.04,0]
["S",2,"S",0,{"$f":"IF($C60=1,OFFSET(E60,-1,0)+MAX(1,COUNTIF(QCI!$A$13:$A$24,OFFSET(ORÇAMENTO!E60,-1,0))),OFFSET(E60,-1,0))","v":1},5,0,0,1,0,{"$f":"IF(OR($C60=\"S\",$C60=0),0,MATCH(OFFSET($D60,0,$C60)+IF($C60<>1,1,COUNTIF(QCI!$A$13:$A$24,ORÇAMENTO!E60)),OFFSET($D60,1,$C60,ROW($C$154)-ROW($C60)),0))","v":0},"F","Serviço","Serviço","1.5.1.","SINAPI","94570","JANELA DE ALUMÍNIO DE CORRER COM 2 FOLHAS PARA VIDROS, COM VIDROS, BATENTE, ACABAMENTO COM ACETATO OU BRILHANTE E FERRAGENS. FORNECIMENTO E INSTALAÇÃO","M2",{"$f":"OFFSET(CÁLCULO!H$15,ROW($T60)-ROW(T$15),0)","v":5.4},270,"BDI 1",324.95,1754.73,"RA","RA",{"$f":"IF($C60=\"S\",IF($Z60=\"CP\",$X60,IF($Z60=\"RA\",(($X60)*QCI!$AA$3),0)),SomaAgrup)","v":1754.73},0,"",{"$f":"IF(C60<=CRONO.NivelExibicao,MAX($AD$15:OFFSET(AD60,-1,0))+IF($C60<>1,1,MAX(1,COUNTIF(QCI!$A$13:$A$24,OFFSET($E60,-1,0)))),\"\")","v":""},"SINAPI 94570",2028,288.10000000000002,0.20349999999999999,null,{"$f":"1.5*1.2*3","v":5.3999999999999995},null,null,1754.73,324.95]
["S",2,"S",0,{"$f":"IF($C61=1,OFFSET(E61,-1,0)+MAX(1,COUNTIF(QCI!$A$13:$A$24,OFFSET(ORÇAMENTO!E61,-1,0))),OFFSET(E61,-1,0))","v":1},5,0,0,2,0,{"$f":"IF(OR($C61=\"S\",$C61=0),0,MATCH(OFFSET($D61,0,$C61)+IF($C61<>1,1,COUNTIF(QCI!$A$13:$A$24,ORÇAMENTO!E61)),OFFSET($D61,1,$C61,ROW($C$154)-ROW($C61)),0))","v":0},"F","Serviço","Serviço","1.5.2.","SINAPI","94573","JANELA DE ALUMÍNIO DE CORRER COM 4 FOLHAS PARA VIDROS, COM VIDROS, BATENTE, ACABAMENTO COM ACETATO OU BRILHANTE E FERRAGENS. FORNECIMENTO E INSTALAÇÃO","M2",{"$f":"OFFSET(CÁLCULO!H$15,ROW($T61)-ROW(T$15),0)","v":16.559999999999999},295,"BDI 1",355.03,5879.3,"RA","RA",{"$f":"IF($C61=\"S\",IF($Z61=\"CP\",$X61,IF($Z61=\"RA\",(($X61)*QCI!$AA$3),0)),SomaAgrup)","v":5879.3},0,"",{"$f":"IF(C61<=CRONO.NivelExibicao,MAX($AD$15:OFFSET(AD61,-1,0))+IF($C61<>1,1,MAX(1,COUNTIF(QCI!$A$13:$A$24,OFFSET($E61,-1,0)))),\"\")","v":""},"SINAPI 94573",2030,334.87,0.20349999999999999,null,{"$f":"(0.9*2.4*5)+(2*1.2*2.4)","v":16.560000000000002},null,null,5879.3,355.03]
["S",2,"S",0,{"$f":"IF($C62=1,OFFSET(E62,-1,0)+MAX(1,COUNTIF(QCI!$A$13:$A$24,OFFSET(ORÇAMENTO!E62,-1,0))),OFFSET(E62,-1,0))","v":1},5,0,0,3,0,{"$f":"IF(OR($C62=\"S\",$C62=0),0,MATCH(OFFSET($D62,0,$C62)+IF($C62<>1,1,COUNTIF(QCI!$A$13:$A$24,ORÇAMENTO!E62)),OFFSET($D62,1,$C62,ROW($C$154)-ROW($C62)),0))","v":0},"F","Serviço","Serviço","1.5.3.","SINAPI","94559","JANELA DE AÇO TIPO BASCULANTE PARA VIDROS, COM BATENTE, FERRAGENS E PINTURA ANTICORROSIVA. EXCLUSIVE VIDROS. FORNECIMENTO E INSTALAÇÃO","M2",{"$f":"OFFSET(CÁLCULO!H$15,ROW($T62)-ROW(T$15),0)","v":0.84},570,"BDI 1",686,576.24,"RA","RA",{"$f":"IF($C62=\"S\",IF($Z62=\"CP\",$X62,IF($Z62=\"RA\",(($X62)*QCI!$AA$3),0)),SomaAgrup)","v":576.24},0,"",{"$f":"IF(C62<=CRONO.NivelExibicao,MAX($AD$15:OFFSET(AD62,-1,0))+IF($C62<>1,1,MAX(1,COUNTIF(QCI!$A$13:$A$24,OFFSET($E62,-1,0)))),\"\")","v":""},"SINAPI 94559",1979,607.29999999999995,0.20349999999999999,null,{"$f":"0.7*0.6*2","v":0.84},null,null,576.24,686]
["S",2,"S",0,{"$f":"IF($C63=1,OFFSET(E63,-1,0)+MAX(1,COUNTIF(QCI!$A$13:$A$24,OFFSET(ORÇAMENTO!E63,-1,0))),OFFSET(E63,-1,0))","v":1},5,0,0,4,0,{"$f":"IF(OR($C63=\"S\",$C63=0),0,MATCH(OFFSET($D63,0,$C63)+IF($C63<>1,1,COUNTIF(QCI!$A$13:$A$24,ORÇAMENTO!E63)),OFFSET($D63,1,$C63,ROW($C$154)-ROW($C63)),0))","v":0},"F","Serviço","Serviço","1.5.4.","SINAPI","72120","VIDRO TEMPERADO INCOLOR, ESPESSURA 10 MM, FORNECIMENTO E INSTALACAO, INCLUSIVE MASSA PARA VEDAÇÃO","M2",{"$f":"OFFSET(CÁLCULO!H$15,ROW($T63)-ROW(T$15),0)","v":0.84},220,"BDI 1",264.77,222.41,"RA","RA",{"$f":"IF($C63=\"S\",IF($Z63=\"CP\",$X63,IF($Z63=\"RA\",(($X63)*QCI!$AA$3),0)),SomaAgrup)","v":222.41},0,"",{"$f":"IF(C63<=CRONO.NivelExibicao,MAX($AD$15:OFFSET(AD63,-1,0))+IF($C63<>1,1,MAX(1,COUNTIF(QCI!$A$13:$A$24,OFFSET($E63,-1,0)))),\"\")","v":""},"SINAPI 72120",2015,232.5,0.20349999999999999,null,{"$f":"AJ62","v":0.84},null,null,222.41,264.77]
["S",2,"S",0,{"$f":"IF($C64=1,OFFSET(E64,-1,0)+MAX(1,COUNTIF(QCI!$A$13:$A$24,OFFSET(ORÇAMENTO!E64,-1,0))),OFFSET(E64,-1,0))","v":1},5,0,0,5,0,{"$f":"IF(OR($C64=\"S\",$C64=0),0,MATCH(OFFSET($D64,0,$C64)+IF($C64<>1,1,COUNTIF(QCI!$A$13:$A$24,ORÇAMENTO!E64)),OFFSET($D64,1,$C64,ROW($C$154)-ROW($C64)),0))","v":0},"F","Serviço","Serviço","1.5.5.","SINAPI","91341","PORTA EM ALUMÍNIO DE ABRIR TIPO VENEZIANA COM GUARNIÇÃO, FIXAÇÃO COM PARAFUSOS - FORNECIMENTO E INSTALAÇÃO","M2",{"$f":"OFFSET(CÁLCULO!H$15,ROW($T64)-ROW(T$15),0)","v":3.57},550,"BDI 1",661.93,2363.09,"RA","RA",{"$f":"IF($C64=\"S\",IF($Z64=\"CP\",$X64,IF($Z64=\"RA\",(($X64)*QCI!$AA$3),0)),SomaAgrup)","v":2363.09},0,"",{"$f":"IF(C64<=CRONO.NivelExibicao,MAX($AD$15:OFFSET(AD64,-1,0))+IF($C64<>1,1,MAX(1,COUNTIF(QCI!$A$13:$A$24,OFFSET($E64,-1,0)))),\"\")","v":""},"SINAPI 91341",1996,651.19000000000005,0.20349999999999999,null,{"$f":"(0.9*2.1)+(0.8*2.1)","v":3.5700000000000003},null,null,2363.09,661.93]
["S",2,"S",0,{"$f":"IF($C65=1,OFFSET(E65,-1,0)+MAX(1,COUNTIF(QCI!$A$13:$A$24,OFFSET(ORÇAMENTO!E65,-1,0))),OFFSET(E65,-1,0))","v":1},5,0,0,6,0,{"$f":"IF(OR($C65=\"S\",$C65=0),0,MATCH(OFFSET($D65,0,$C65)+IF($C65<>1,1,COUNTIF(QCI!$A$13:$A$24,ORÇAMENTO!E65)),OFFSET($D65,1,$C65,ROW($C$154)-ROW($C65)),0))","v":0},"F","Serviço","Serviço","1.5.6.","SINAPI","91338","PORTA DE ALUMÍNIO DE ABRIR COM LAMBRI, COM GUARNIÇÃO, FIXAÇÃO COM PARAFUSOS - FORNECIMENTO E INSTALAÇÃO","M2",{"$f":"OFFSET(CÁLCULO!H$15,ROW($T65)-ROW(T$15),0)","v":9.24},750,"BDI 1",902.63,8340.2999999999993,"RA","RA",{"$f":"IF($C65=\"S\",IF($Z65=\"CP\",$X65,IF($Z65=\"RA\",(($X65)*QCI!$AA$3),0)),SomaAgrup)","v":8340.2999999999993},0,"",{"$f":"IF(C65<=CRONO.NivelExibicao,MAX($AD$15:OFFSET(AD65,-1,0))+IF($C65<>1,1,MAX(1,COUNTIF(QCI!$A$13:$A$24,OFFSET($E65,-1,0)))),\"\")","v":""},"SINAPI 91338",1995,899.09,0.20349999999999999,null,{"$f":"(0.9*2.1*4)+(0.8*2.1*1)","v":9.24},null,null,8340.2999999999993,902.63]
[{"$f":"CHOOSE(1+LOG(1+2*(ORÇAMENTO.Nivel=\"Meta\")+4*(ORÇAMENTO.Nivel=\"Nível 2\")+8*(ORÇAMENTO.Nivel=\"Nível 3\")+16*(ORÇAMENTO.Nivel=\"Nível 4\")+32*(ORÇAMENTO.Nivel=\"Serviço\"),2),0,1,2,3,4,\"S\")","v":"S"},{"$f":"IF(OR(C66=\"s\",C66=0),OFFSET(B66,-1,0),C66)","v":2},{"$f":"IF(OFFSET(C66,-1,0)=\"L\",1,IF(OFFSET(C66,-1,0)=1,2,IF(OR(A66=\"s\",A66=0),\"S\",IF(AND(OFFSET(C66,-1,0)=2,A66=4),3,IF(AND(OR(OFFSET(C66,-1,0)=\"s\",OFFSET(C66,-1,0)=0),A66<>\"s\",A66>OFFSET(B66,-1,0)),OFFSET(B66,-1,0),A66)))))","v":"S"},{"$f":"IF(OR(C66=\"S\",C66=0),0,IF(ISERROR(K66),J66,SMALL(J66:K66,1)))","v":0},{"$f":"IF($C66=1,OFFSET(E66,-1,0)+MAX(1,COUNTIF(QCI!$A$13:$A$24,OFFSET(ORÇAMENTO!E66,-1,0))),OFFSET(E66,-1,0))","v":1},{"$f":"IF($C66=1,0,IF($C66=2,OFFSET(F66,-1,0)+1,OFFSET(F66,-1,0)))","v":5},{"$f":"IF(AND($C66<=2,$C66<>0),0,IF($C66=3,OFFSET(G66,-1,0)+1,OFFSET(G66,-1,0)))","v":0},{"$f":"IF(AND($C66<=3,$C66<>0),0,IF($C66=4,OFFSET(H66,-1,0)+1,OFFSET(H66,-1,0)))","v":0},{"$f":"IF(AND($C66<=4,$C66<>0),0,IF(AND($C66=\"S\",$X66>0),OFFSET(I66,-1,0)+1,OFFSET(I66,-1,0)))","v":7},0,{"$f":"IF(OR($C66=\"S\",$C66=0),0,MATCH(OFFSET($D66,0,$C66)+IF($C66<>1,1,COUNTIF(QCI!$A$13:$A$24,ORÇAMENTO!E66)),OFFSET($D66,1,$C66,ROW($C$154)-ROW($C66)),0))","v":0},{"$f":"IF(OR($X66>0,$C66=1,$C66=2,$C66=3,$C66=4),\"F\",\"\")","v":"F"},"Serviço",{"$f":"CHOOSE(1+LOG(1+2*(C66=1)+4*(C66=2)+8*(C66=3)+16*(C66=4)+32*(C66=\"S\"),2),\"\",\"Meta\",\"Nível 2\",\"Nível 3\",\"Nível 4\",\"Serviço\")","v":"Serviço"},{"$f":"IF(OR($C66=0,$L66=\"\"),\"-\",CONCATENATE(E66&\".\",IF(AND($A$5>=2,$C66>=2),F66&\".\",\"\"),IF(AND($A$5>=3,$C66>=3),G66&\".\",\"\"),IF(AND($A$5>=4,$C66>=4),H66&\".\",\"\"),IF($C66=\"S\",I66&\".\",\"\")))","v":"1.5.7."},"SINAPI","94587","CONTRAMARCO DE AÇO, FIXAÇÃO COM ARGAMASSA - FORNECIMENTO E INSTALAÇÃO","M",{"$f":"OFFSET(CÁLCULO!H$15,ROW($T66)-ROW(T$15),0)","v":35.5},40,"BDI 1",{"$f":"IF($C66=\"S\",ROUND(IF(TIPOORCAMENTO=\"Proposto\",ORÇAMENTO.CustoUnitario*(1+$AH66),ORÇAMENTO.PrecoUnitarioLicitado),15-13*$AF$10),0)","v":48.14},{"$f":"IF($C66=\"S\",VTOTAL1,IF($C66=0,0,ROUND(SomaAgrup,15-13*$AF$11)))","v":1708.97},"RA",{"$f":"IF(AND($C66=\"S\",$X66>0),IF(ISBLANK($Y66),\"RA\",LEFT($Y66,2)),\"\")","v":"RA"},{"$f":"IF($C66=\"S\",IF($Z66=\"CP\",$X66,IF($Z66=\"RA\",(($X66)*QCI!$AA$3),0)),SomaAgrup)","v":1708.97},{"$f":"IF($C66=\"S\",IF($Z66=\"OU\",ROUND($X66,2),0),SomaAgrup)","v":0},{"$f":"IF($N66=\"\",\"\",IF(ORÇAMENTO.Descricao=\"\",\"DESCRIÇÃO\",IF(AND($C66=\"S\",ORÇAMENTO.Unidade=\"\"),\"UNIDADE\",IF($X66<0,\"VALOR NEGATIVO\",IF(OR(AND(TIPOORCAMENTO=\"Proposto\",$AG66<>\"\",$AG66>0,ORÇAMENTO.CustoUnitario>$AG66),AND(TIPOORCAMENTO=\"LICITADO\",ORÇAMENTO.PrecoUnitarioLicitado>$AN66)),\"ACIMA REF.\",\"\")))))","v":""},{"$f":"IF(C66<=CRONO.NivelExibicao,MAX($AD$15:OFFSET(AD66,-1,0))+IF($C66<>1,1,MAX(1,COUNTIF(QCI!$A$13:$A$24,OFFSET($E66,-1,0)))),\"\")","v":""},{"$f":"IF(AND($C66=\"S\",ORÇAMENTO.CodBarra<>\"\"),IF(ORÇAMENTO.Fonte=\"\",ORÇAMENTO.CodBarra,CONCATENATE(ORÇAMENTO.Fonte,\" \",ORÇAMENTO.CodBarra)))","v":"SINAPI 94587"},{"$f":"IF(ISERROR(INDIRECT(ORÇAMENTO.BancoRef)),\"(abra o arquivo 'Referência \"&Excel_BuiltIn_Database&\".xls)\",IF(OR($C66<>\"S\",ORÇAMENTO.CodBarra=\"\"),\"(Sem Código)\",IF(ISERROR(MATCH($AE66,INDIRECT(ORÇAMENTO.BancoRef),0)),\"(Código não identificado nas referências)\",MATCH($AE66,INDIRECT(ORÇAMENTO.BancoRef),0))))","v":1983},{"$f":"ROUND(IF(DESONERACAO=\"sim\",REFERENCIA.Desonerado,REFERENCIA.NaoDesonerado),2)","v":43.16},{"$f":"ROUND(IF(ISNUMBER(ORÇAMENTO.OpcaoBDI),ORÇAMENTO.OpcaoBDI,IF(LEFT(ORÇAMENTO.OpcaoBDI,3)=\"BDI\",HLOOKUP(ORÇAMENTO.OpcaoBDI,$F$4:$H$5,2,FALSE),0)),15-11*$AF$9)","v":0.20349999999999999},null,{"$f":"((0.8+2.1+2.1)*2)+((0.9+2.1+2.1)*5)","v":35.5},null,null,1708.97,{"$f":"ROUND(ORÇAMENTO.CustoUnitario*(1+$AH66),2)","v":48.14}]
[2,2,2,8,{"$f":"IF($C67=1,OFFSET(E67,-1,0)+MAX(1,COUNTIF(QCI!$A$13:$A$24,OFFSET(ORÇAMENTO!E67,-1,0))),OFFSET(E67,-1,0))","v":1},6,0,0,0,87,{"$f":"IF(OR($C67=\"S\",$C67=0),0,MATCH(OFFSET($D67,0,$C67)+IF($C67<>1,1,COUNTIF(QCI!$A$13:$A$24,ORÇAMENTO!E67)),OFFSET($D67,1,$C67,ROW($C$154)-ROW($C67)),0))","v":8},"F","Nível 2","Nível 2","1.6.","SINAPI",null,"PAVIMENTAÇÃO","-",{"$f":"OFFSET(CÁLCULO!H$15,ROW($T67)-ROW(T$15),0)","v":0},0,"BDI 1",0,22800.52,"RA","",{"$f":"IF($C67=\"S\",IF($Z67=\"CP\",$X67,IF($Z67=\"RA\",(($X67)*QCI!$AA$3),0)),SomaAgrup)","v":22800.519999999997},0,"",{"$f":"IF(C67<=CRONO.NivelExibicao,MAX($AD$15:OFFSET(AD67,-1,0))+IF($C67<>1,1,MAX(1,COUNTIF(QCI!$A$13:$A$24,OFFSET($E67,-1,0)))),\"\")","v":7},false,"(Sem Código)",0,0.20349999999999999,null,null,null,null,22800.52,0]
["S",2,"S",0,{"$f":"IF($C68=1,OFFSET(E68,-1,0)+MAX(1,COUNTIF(QCI!$A$13:$A$24,OFFSET(ORÇAMENTO!E68,-1,0))),OFFSET(E68,-1,0))","v":1},6,0,0,1,0,{"$f":"IF(OR($C68=\"S\",$C68=0),0,MATCH(OFFSET($D68,0,$C68)+IF($C68<>1,1,COUNTIF(QCI!$A$13:$A$24,ORÇAMENTO!E68)),OFFSET($D68,1,$C68,ROW($C$154)-ROW($C68)),0))","v":0},"F","Serviço","Serviço","1.6.1.","SINAPI","96622","LASTRO COM MATERIAL GRANULAR, APLICAÇÃO EM PISOS OU RADIERS, ESPESSURA DE 5 CM","M3",{"$f":"OFFSET(CÁLCULO!H$15,ROW($T68)-ROW(T$15),0)","v":1.1399999999999999},85,"BDI 1",102.3,116.62,"RA","RA",{"$f":"IF($C68=\"S\",IF($Z68=\"CP\",$X68,IF($Z68=\"RA\",(($X68)*QCI!$AA$3),0)),SomaAgrup)","v":116.62},0,"",{"$f":"IF(C68<=CRONO.NivelExibicao,MAX($AD$15:OFFSET(AD68,-1,0))+IF($C68<>1,1,MAX(1,COUNTIF(QCI!$A$13:$A$24,OFFSET($E68,-1,0)))),\"\")","v":""},"SINAPI 96622",2096,105.39,0.20349999999999999,null,{"$f":"0.05*22.72","v":1.1359999999999999},null,null,116.62,102.3]
["S",2,"S",0,{"$f":"IF($C69=1,OFFSET(E69,-1,0)+MAX(1,COUNTIF(QCI!$A$13:$A$24,OFFSET(ORÇAMENTO!E69,-1,0))),OFFSET(E69,-1,0))","v":1},6,0,0,2,0,{"$f":"IF(OR($C69=\"S\",$C69=0),0,MATCH(OFFSET($D69,0,$C69)+IF($C69<>1,1,COUNTIF(QCI!$A$13:$A$24,ORÇAMENTO!E69)),OFFSET($D69,1,$C69,ROW($C$154)-ROW($C69)),0))","v":0},"F","Serviço","Serviço","1.6.2.","SINAPI","94995","EXECUÇÃO DE PASSEIO (CALÇADA) OU PISO DE CONCRETO COM CONCRETO MOLDADO IN LOCO, USINADO, ACABAMENTO CONVENCIONAL, ESPESSURA 8 CM, ARMADO","M2",{"$f":"OFFSET(CÁLCULO!H$15,ROW($T69)-ROW(T$15),0)","v":22.72},60,"BDI 1",72.209999999999994,1640.61,"RA","RA",{"$f":"IF($C69=\"S\",IF($Z69=\"CP\",$X69,IF($Z69=\"RA\",(($X69)*QCI!$AA$3),0)),SomaAgrup)","v":1640.61},0,"",{"$f":"IF(C69<=CRONO.NivelExibicao,MAX($AD$15:OFFSET(AD69,-1,0))+IF($C69<>1,1,MAX(1,COUNTIF(QCI!$A$13:$A$24,OFFSET($E69,-1,0)))),\"\")","v":""},"SINAPI 94995",5548,64.44,0.20349999999999999,null,22.72,null,null,1640.61,72.209999999999994]
[{"$f":"CHOOSE(1+LOG(1+2*(ORÇAMENTO.Nivel=\"Meta\")+4*(ORÇAMENTO.Nivel=\"Nível 2\")+8*(ORÇAMENTO.Nivel=\"Nível 3\")+16*(ORÇAMENTO.Nivel=\"Nível 4\")+32*(ORÇAMENTO.Nivel=\"Serviço\"),2),0,1,2,3,4,\"S\")","v":"S"},{"$f":"IF(OR(C70=\"s\",C70=0),OFFSET(B70,-1,0),C70)","v":2},{"$f":"IF(OFFSET(C70,-1,0)=\"L\",1,IF(OFFSET(C70,-1,0)=1,2,IF(OR(A70=\"s\",A70=0),\"S\",IF(AND(OFFSET(C70,-1,0)=2,A70=4),3,IF(AND(OR(OFFSET(C70,-1,0)=\"s\",OFFSET(C70,-1,0)=0),A70<>\"s\",A70>OFFSET(B70,-1,0)),OFFSET(B70,-1,0),A70)))))","v":"S"},{"$f":"IF(OR(C70=\"S\",C70=0),0,IF(ISERROR(K70),J70,SMALL(J70:K70,1)))","v":0},{"$f":"IF($C70=1,OFFSET(E70,-1,0)+MAX(1,COUNTIF(QCI!$A$13:$A$24,OFFSET(ORÇAMENTO!E70,-1,0))),OFFSET(E70,-1,0))","v":1},{"$f":"IF($C70=1,0,IF($C70=2,OFFSET(F70,-1,0)+1,OFFSET(F70,-1,0)))","v":6},{"$f":"IF(AND($C70<=2,$C70<>0),0,IF($C70=3,OFFSET(G70,-1,0)+1,OFFSET(G70,-1,0)))","v":0},{"$f":"IF(AND($C70<=3,$C70<>0),0,IF($C70=4,OFFSET(H70,-1,0)+1,OFFSET(H70,-1,0)))","v":0},{"$f":"IF(AND($C70<=4,$C70<>0),0,IF(AND($C70=\"S\",$X70>0),OFFSET(I70,-1,0)+1,OFFSET(I70,-1,0)))","v":3},0,{"$f":"IF(OR($C70=\"S\",$C70=0),0,MATCH(OFFSET($D70,0,$C70)+IF($C70<>1,1,COUNTIF(QCI!$A$13:$A$24,ORÇAMENTO!E70)),OFFSET($D70,1,$C70,ROW($C$154)-ROW($C70)),0))","v":0},{"$f":"IF(OR($X70>0,$C70=1,$C70=2,$C70=3,$C70=4),\"F\",\"\")","v":"F"},"Serviço",{"$f":"CHOOSE(1+LOG(1+2*(C70=1)+4*(C70=2)+8*(C70=3)+16*(C70=4)+32*(C70=\"S\"),2),\"\",\"Meta\",\"Nível 2\",\"Nível 3\",\"Nível 4\",\"Serviço\")","v":"Serviço"},{"$f":"IF(OR($C70=0,$L70=\"\"),\"-\",CONCATENATE(E70&\".\",IF(AND($A$5>=2,$C70>=2),F70&\".\",\"\"),IF(AND($A$5>=3,$C70>=3),G70&\".\",\"\"),IF(AND($A$5>=4,$C70>=4),H70&\".\",\"\"),IF($C70=\"S\",I70&\".\",\"\")))","v":"1.6.3."},"SINAPI","87642","CONTRAPISO EM ARGAMASSA TRAÇO 1:4 (CIMENTO E AREIA), PREPARO MANUAL, APLICADO EM ÁREAS SECAS SOBRE LAJE, ADERIDO, ESPESSURA 4 CM","M2",{"$f":"OFFSET(CÁLCULO!H$15,ROW($T70)-ROW(T$15),0)","v":174.91},30,"BDI 1",{"$f":"IF($C70=\"S\",ROUND(IF(TIPOORCAMENTO=\"Proposto\",ORÇAMENTO.CustoUnitario*(1+$AH70),ORÇAMENTO.PrecoUnitarioLicitado),15-13*$AF$10),0)","v":36.11},{"$f":"IF($C70=\"S\",VTOTAL1,IF($C70=0,0,ROUND(SomaAgrup,15-13*$AF$11)))","v":6316},"RA",{"$f":"IF(AND($C70=\"S\",$X70>0),IF(ISBLANK($Y70),\"RA\",LEFT($Y70,2)),\"\")","v":"RA"},{"$f":"IF($C70=\"S\",IF($Z70=\"CP\",$X70,IF($Z70=\"RA\",(($X70)*QCI!$AA$3),0)),SomaAgrup)","v":6316},{"$f":"IF($C70=\"S\",IF($Z70=\"OU\",ROUND($X70,2),0),SomaAgrup)","v":0},{"$f":"IF($N70=\"\",\"\",IF(ORÇAMENTO.Descricao=\"\",\"DESCRIÇÃO\",IF(AND($C70=\"S\",ORÇAMENTO.Unidade=\"\"),\"UNIDADE\",IF($X70<0,\"VALOR NEGATIVO\",IF(OR(AND(TIPOORCAMENTO=\"Proposto\",$AG70<>\"\",$AG70>0,ORÇAMENTO.CustoUnitario>$AG70),AND(TIPOORCAMENTO=\"LICITADO\",ORÇAMENTO.PrecoUnitarioLicitado>$AN70)),\"ACIMA REF.\",\"\")))))","v":""},{"$f":"IF(C70<=CRONO.NivelExibicao,MAX($AD$15:OFFSET(AD70,-1,0))+IF($C70<>1,1,MAX(1,COUNTIF(QCI!$A$13:$A$24,OFFSET($E70,-1,0)))),\"\")","v":""},{"$f":"IF(AND($C70=\"S\",ORÇAMENTO.CodBarra<>\"\"),IF(ORÇAMENTO.Fonte=\"\",ORÇAMENTO.CodBarra,CONCATENATE(ORÇAMENTO.Fonte,\" \",ORÇAMENTO.CodBarra)))","v":"SINAPI 87642"},{"$f":"IF(ISERROR(INDIRECT(ORÇAMENTO.BancoRef)),\"(abra o arquivo 'Referência \"&Excel_BuiltIn_Database&\".xls)\",IF(OR($C70<>\"S\",ORÇAMENTO.CodBarra=\"\"),\"(Sem Código)\",IF(ISERROR(MATCH($AE70,INDIRECT(ORÇAMENTO.BancoRef),0)),\"(Código não identificado nas referências)\",MATCH($AE70,INDIRECT(ORÇAMENTO.BancoRef),0))))","v":5562},{"$f":"ROUND(IF(DESONERACAO=\"sim\",REFERENCIA.Desonerado,REFERENCIA.NaoDesonerado),2)","v":42.91},{"$f":"ROUND(IF(ISNUMBER(ORÇAMENTO.OpcaoBDI),ORÇAMENTO.OpcaoBDI,IF(LEFT(ORÇAMENTO.OpcaoBDI,3)=\"BDI\",HLOOKUP(ORÇAMENTO.OpcaoBDI,$F$4:$H$5,2,FALSE),0)),15-11*$AF$9)","v":0.20349999999999999},null,{"$f":"27.96+3.84+5.64+1.78+18.81+13.36+12+6.72+6.48+2.4+3.12+35.01+4.88+32.91","v":174.91},null,null,6316,{"$f":"ROUND(ORÇAMENTO.CustoUnitario*(1+$AH70),2)","v":36.11}]
["S",{"$f":"IF(OR(C71=\"s\",C71=0),OFFSET(B71,-1,0),C71)","v":2},{"$f":"IF(OFFSET(C71,-1,0)=\"L\",1,IF(OFFSET(C71,-1,0)=1,2,IF(OR(A71=\"s\",A71=0),\"S\",IF(AND(OFFSET(C71,-1,0)=2,A71=4),3,IF(AND(OR(OFFSET(C71,-1,0)=\"s\",OFFSET(C71,-1,0)=0),A71<>\"s\",A71>OFFSET(B71,-1,0)),OFFSET(B71,-1,0),A71)))))","v":"S"},{"$f":"IF(OR(C71=\"S\",C71=0),0,IF(ISERROR(K71),J71,SMALL(J71:K71,1)))","v":0},{"$f":"IF($C71=1,OFFSET(E71,-1,0)+MAX(1,COUNTIF(QCI!$A$13:$A$24,OFFSET(ORÇAMENTO!E71,-1,0))),OFFSET(E71,-1,0))","v":1},{"$f":"IF($C71=1,0,IF($C71=2,OFFSET(F71,-1,0)+1,OFFSET(F71,-1,0)))","v":6},{"$f":"IF(AND($C71<=2,$C71<>0),0,IF($C71=3,OFFSET(G71,-1,0)+1,OFFSET(G71,-1,0)))","v":0},{"$f":"IF(AND($C71<=3,$C71<>0),0,IF($C71=4,OFFSET(H71,-1,0)+1,OFFSET(H71,-1,0)))","v":0},{"$f":"IF(AND($C71<=4,$C71<>0),0,IF(AND($C71=\"S\",$X71>0),OFFSET(I71,-1,0)+1,OFFSET(I71,-1,0)))","v":4},0,{"$f":"IF(OR($C71=\"S\",$C71=0),0,MATCH(OFFSET($D71,0,$C71)+IF($C71<>1,1,COUNTIF(QCI!$A$13:$A$24,ORÇAMENTO!E71)),OFFSET($D71,1,$C71,ROW($C$154)-ROW($C71)),0))","v":0},{"$f":"IF(OR($X71>0,$C71=1,$C71=2,$C71=3,$C71=4),\"F\",\"\")","v":"F"},"Serviço",{"$f":"CHOOSE(1+LOG(1+2*(C71=1)+4*(C71=2)+8*(C71=3)+16*(C71=4)+32*(C71=\"S\"),2),\"\",\"Meta\",\"Nível 2\",\"Nível 3\",\"Nível 4\",\"Serviço\")","v":"Serviço"},{"$f":"IF(OR($C71=0,$L71=\"\"),\"-\",CONCATENATE(E71&\".\",IF(AND($A$5>=2,$C71>=2),F71&\".\",\"\"),IF(AND($A$5>=3,$C71>=3),G71&\".\",\"\"),IF(AND($A$5>=4,$C71>=4),H71&\".\",\"\"),IF($C71=\"S\",I71&\".\",\"\")))","v":"1.6.4."},"SINAPI","98557","IMPERMEABILIZAÇÃO DE SUPERFÍCIE COM EMULSÃO ASFÁLTICA, 2 DEMÃOS","M2",{"$f":"OFFSET(CÁLCULO!H$15,ROW($T71)-ROW(T$15),0)","v":5.62},28,"BDI 1",33.700000000000003,189.39,"RA",{"$f":"IF(AND($C71=\"S\",$X71>0),IF(ISBLANK($Y71),\"RA\",LEFT($Y71,2)),\"\")","v":"RA"},{"$f":"IF($C71=\"S\",IF($Z71=\"CP\",$X71,IF($Z71=\"RA\",(($X71)*QCI!$AA$3),0)),SomaAgrup)","v":189.39},0,"",{"$f":"IF(C71<=CRONO.NivelExibicao,MAX($AD$15:OFFSET(AD71,-1,0))+IF($C71<>1,1,MAX(1,COUNTIF(QCI!$A$13:$A$24,OFFSET($E71,-1,0)))),\"\")","v":""},"SINAPI 98557",2588,30.35,0.20349999999999999,null,{"$f":"3.84+1.78","v":5.62},null,null,189.39,33.700000000000003]
["S",2,"S",0,{"$f":"IF($C72=1,OFFSET(E72,-1,0)+MAX(1,COUNTIF(QCI!$A$13:$A$24,OFFSET(ORÇAMENTO!E72,-1,0))),OFFSET(E72,-1,0))","v":1},6,0,0,5,0,{"$f":"IF(OR($C72=\"S\",$C72=0),0,MATCH(OFFSET($D72,0,$C72)+IF($C72<>1,1,COUNTIF(QCI!$A$13:$A$24,ORÇAMENTO!E72)),OFFSET($D72,1,$C72,ROW($C$154)-ROW($C72)),0))","v":0},"F","Serviço","Serviço","1.6.5.","SINAPI","87251","REVESTIMENTO CERÂMICO PARA PISO COM PLACAS TIPO ESMALTADA EXTRA DE DIMENSÕES 60X60 CM","M2",{"$f":"OFFSET(CÁLCULO!H$15,ROW($T72)-ROW(T$15),0)","v":174.91},30,"BDI 1",36.11,6316,"RA","RA",{"$f":"IF($C72=\"S\",IF($Z72=\"CP\",$X72,IF($Z72=\"RA\",(($X72)*QCI!$AA$3),0)),SomaAgrup)","v":6316},0,"",{"$f":"IF(C72<=CRONO.NivelExibicao,MAX($AD$15:OFFSET(AD72,-1,0))+IF($C72<>1,1,MAX(1,COUNTIF(QCI!$A$13:$A$24,OFFSET($E72,-1,0)))),\"\")","v":""},"SINAPI 87251",5487,34.229999999999997,0.20349999999999999,null,{"$f":"AJ70","v":174.91},null,null,6316,36.11]
["S",2,"S",0,{"$f":"IF($C73=1,OFFSET(E73,-1,0)+MAX(1,COUNTIF(QCI!$A$13:$A$24,OFFSET(ORÇAMENTO!E73,-1,0))),OFFSET(E73,-1,0))","v":1},6,0,0,6,0,{"$f":"IF(OR($C73=\"S\",$C73=0),0,MATCH(OFFSET($D73,0,$C73)+IF($C73<>1,1,COUNTIF(QCI!$A$13:$A$24,ORÇAMENTO!E73)),OFFSET($D73,1,$C73,ROW($C$154)-ROW($C73)),0))","v":0},"F","Serviço","Serviço","1.6.6.","SINAPI","88649","RODAPÉ CERÂMICO DE 7 CM DE ALTURA COM PLACAS TIPO ESMALTADA EXTRA DE DIMENSÕES 60X60 CM","M",{"$f":"OFFSET(CÁLCULO!H$15,ROW($T73)-ROW(T$15),0)","v":138},5.5,"BDI 1",6.62,913.56,"RA","RA",{"$f":"IF($C73=\"S\",IF($Z73=\"CP\",$X73,IF($Z73=\"RA\",(($X73)*QCI!$AA$3),0)),SomaAgrup)","v":913.56},0,"",{"$f":"IF(C73<=CRONO.NivelExibicao,MAX($AD$15:OFFSET(AD73,-1,0))+IF($C73<>1,1,MAX(1,COUNTIF(QCI!$A$13:$A$24,OFFSET($E73,-1,0)))),\"\")","v":""},"SINAPI 88649",5535,5.9,0.20349999999999999,null,{"$f":"21.2+11.5+17.5+15.3+10+5.15+7.85+26.3+23.2","v":138},null,null,913.56,6.62]
["S",2,"S",0,{"$f":"IF($C74=1,OFFSET(E74,-1,0)+MAX(1,COUNTIF(QCI!$A$13:$A$24,OFFSET(ORÇAMENTO!E74,-1,0))),OFFSET(E74,-1,0))","v":1},6,0,0,7,0,{"$f":"IF(OR($C74=\"S\",$C74=0),0,MATCH(OFFSET($D74,0,$C74)+IF($C74<>1,1,COUNTIF(QCI!$A$13:$A$24,ORÇAMENTO!E74)),OFFSET($D74,1,$C74,ROW($C$154)-ROW($C74)),0))","v":0},"F","Serviço","Serviço","1.6.7.","SINAPI","99837","GUARDA-CORPO DE AÇO GALVANIZADO DE 1,10M, MONTANTES TUBULARES DE 1.1/4\" ESPAÇADOS DE 1,20M, TRAVESSA SUPERIOR DE 1.1/2\", GRADIL FORMADO POR TUBOS HORIZONTAIS DE 1\" E VERTICAIS DE 3/4\", FIXADO COM CHUMBADOR MECÂNICO","M",{"$f":"OFFSET(CÁLCULO!H$15,ROW($T74)-ROW(T$15),0)","v":17.350000000000001},350,"BDI 1",421.23,7308.34,"RA","RA",{"$f":"IF($C74=\"S\",IF($Z74=\"CP\",$X74,IF($Z74=\"RA\",(($X74)*QCI!$AA$3),0)),SomaAgrup)","v":7308.34},0,"",{"$f":"IF(C74<=CRONO.NivelExibicao,MAX($AD$15:OFFSET(AD74,-1,0))+IF($C74<>1,1,MAX(1,COUNTIF(QCI!$A$13:$A$24,OFFSET($E74,-1,0)))),\"\")","v":""},"SINAPI 99837",1985,399.62,0.20349999999999999,null,17.350000000000001,null,null,7308.34,421.23]
[{"$f":"CHOOSE(1+LOG(1+2*(ORÇAMENTO.Nivel=\"Meta\")+4*(ORÇAMENTO.Nivel=\"Nível 2\")+8*(ORÇAMENTO.Nivel=\"Nível 3\")+16*(ORÇAMENTO.Nivel=\"Nível 4\")+32*(ORÇAMENTO.Nivel=\"Serviço\"),2),0,1,2,3,4,\"S\")","v":2},2,2,17,{"$f":"IF($C75=1,OFFSET(E75,-1,0)+MAX(1,COUNTIF(QCI!$A$13:$A$24,OFFSET(ORÇAMENTO!E75,-1,0))),OFFSET(E75,-1,0))","v":1},7,0,0,0,79,{"$f":"IF(OR($C75=\"S\",$C75=0),0,MATCH(OFFSET($D75,0,$C75)+IF($C75<>1,1,COUNTIF(QCI!$A$13:$A$24,ORÇAMENTO!E75)),OFFSET($D75,1,$C75,ROW($C$154)-ROW($C75)),0))","v":17},"F","Nível 2","Nível 2","1.7.","SINAPI",null,"APARELHOS SANITÁRIOS","-",{"$f":"OFFSET(CÁLCULO!H$15,ROW($T75)-ROW(T$15),0)","v":0},0,"BDI 1",{"$f":"IF($C75=\"S\",ROUND(IF(TIPOORCAMENTO=\"Proposto\",ORÇAMENTO.CustoUnitario*(1+$AH75),ORÇAMENTO.PrecoUnitarioLicitado),15-13*$AF$10),0)","v":0},{"$f":"IF($C75=\"S\",VTOTAL1,IF($C75=0,0,ROUND(SomaAgrup,15-13*$AF$11)))","v":7122.12},"RA","",{"$f":"IF($C75=\"S\",IF($Z75=\"CP\",$X75,IF($Z75=\"RA\",(($X75)*QCI!$AA$3),0)),SomaAgrup)","v":7122.1200000000008},{"$f":"IF($C75=\"S\",IF($Z75=\"OU\",ROUND($X75,2),0),SomaAgrup)","v":0},{"$f":"IF($N75=\"\",\"\",IF(ORÇAMENTO.Descricao=\"\",\"DESCRIÇÃO\",IF(AND($C75=\"S\",ORÇAMENTO.Unidade=\"\"),\"UNIDADE\",IF($X75<0,\"VALOR NEGATIVO\",IF(OR(AND(TIPOORCAMENTO=\"Proposto\",$AG75<>\"\",$AG75>0,ORÇAMENTO.CustoUnitario>$AG75),AND(TIPOORCAMENTO=\"LICITADO\",ORÇAMENTO.PrecoUnitarioLicitado>$AN75)),\"ACIMA REF.\",\"\")))))","v":""},{"$f":"IF(C75<=CRONO.NivelExibicao,MAX($AD$15:OFFSET(AD75,-1,0))+IF($C75<>1,1,MAX(1,COUNTIF(QCI!$A$13:$A$24,OFFSET($E75,-1,0)))),\"\")","v":8},{"$f":"IF(AND($C75=\"S\",ORÇAMENTO.CodBarra<>\"\"),IF(ORÇAMENTO.Fonte=\"\",ORÇAMENTO.CodBarra,CONCATENATE(ORÇAMENTO.Fonte,\" \",ORÇAMENTO.CodBarra)))","v":false},{"$f":"IF(ISERROR(INDIRECT(ORÇAMENTO.BancoRef)),\"(abra o arquivo 'Referência \"&Excel_BuiltIn_Database&\".xls)\",IF(OR($C75<>\"S\",ORÇAMENTO.CodBarra=\"\"),\"(Sem Código)\",IF(ISERROR(MATCH($AE75,INDIRECT(ORÇAMENTO.BancoRef),0)),\"(Código não identificado nas referências)\",MATCH($AE75,INDIRECT(ORÇAMENTO.BancoRef),0))))","v":"(Sem Código)"},{"$f":"ROUND(IF(DESONERACAO=\"sim\",REFERENCIA.Desonerado,REFERENCIA.NaoDesonerado),2)","v":0},{"$f":"ROUND(IF(ISNUMBER(ORÇAMENTO.OpcaoBDI),ORÇAMENTO.OpcaoBDI,IF(LEFT(ORÇAMENTO.OpcaoBDI,3)=\"BDI\",HLOOKUP(ORÇAMENTO.OpcaoBDI,$F$4:$H$5,2,FALSE),0)),15-11*$AF$9)","v":0.20349999999999999},null,null,null,null,7122.12,{"$f":"ROUND(ORÇAMENTO.CustoUnitario*(1+$AH75),2)","v":0}]
["S",2,"S",0,{"$f":"IF($C76=1,OFFSET(E76,-1,0)+MAX(1,COUNTIF(QCI!$A$13:$A$24,OFFSET(ORÇAMENTO!E76,-1,0))),OFFSET(E76,-1,0))","v":1},7,0,0,1,0,{"$f":"IF(OR($C76=\"S\",$C76=0),0,MATCH(OFFSET($D76,0,$C76)+IF($C76<>1,1,COUNTIF(QCI!$A$13:$A$24,ORÇAMENTO!E76)),OFFSET($D76,1,$C76,ROW($C$154)-ROW($C76)),0))","v":0},"F","Serviço","Serviço","1.7.1.","SINAPI","86942","LAVATÓRIO LOUÇA BRANCA SUSPENSO OU EMBUTIDO, 29,5X39 CM OU EQUIVALENTE, PADRÃO POPULAR, INCLUSO SIFÃO TIPO GARRAFA EM PVC, VÁLVULA E ENGATE FLEXÍVEL 30 CM EM PLÁSTICO E TORNEIRA CROMADA DE MESA, PADRÃO POPULAR - FORNECIMENTO E INSTALAÇÃO","UN",{"$f":"OFFSET(CÁLCULO!H$15,ROW($T76)-ROW(T$15),0)","v":2},175,"BDI 1",210.61,421.22,"RA","RA",{"$f":"IF($C76=\"S\",IF($Z76=\"CP\",$X76,IF($Z76=\"RA\",(($X76)*QCI!$AA$3),0)),SomaAgrup)","v":421.22},0,"",{"$f":"IF(C76<=CRONO.NivelExibicao,MAX($AD$15:OFFSET(AD76,-1,0))+IF($C76<>1,1,MAX(1,COUNTIF(QCI!$A$13:$A$24,OFFSET($E76,-1,0)))),\"\")","v":""},"SINAPI 86942",4618,186.31,0.20349999999999999,null,2,null,null,421.22,210.61]
["S",2,"S",0,{"$f":"IF($C77=1,OFFSET(E77,-1,0)+MAX(1,COUNTIF(QCI!$A$13:$A$24,OFFSET(ORÇAMENTO!E77,-1,0))),OFFSET(E77,-1,0))","v":1},7,0,0,2,0,{"$f":"IF(OR($C77=\"S\",$C77=0),0,MATCH(OFFSET($D77,0,$C77)+IF($C77<>1,1,COUNTIF(QCI!$A$13:$A$24,ORÇAMENTO!E77)),OFFSET($D77,1,$C77,ROW($C$154)-ROW($C77)),0))","v":0},"F","Serviço","Serviço","1.7.2.","SINAPI","95472","VASO SANITÁRIO SIFONADO CONVENCIONAL PARA PCD SEM FURO FRONTAL COM LOUÇA BRANCA SEM ASSENTO, INCLUSO CONJUNTO DE LIGAÇÃO PARA BACIA SANITÁRIA AJUSTÁVEL - FORNECIMENTO E INSTALAÇÃO","UN",{"$f":"OFFSET(CÁLCULO!H$15,ROW($T77)-ROW(T$15),0)","v":1},590,"BDI 1",710.07,710.07,"RA","RA",{"$f":"IF($C77=\"S\",IF($Z77=\"CP\",$X77,IF($Z77=\"RA\",(($X77)*QCI!$AA$3),0)),SomaAgrup)","v":710.07},0,"",{"$f":"IF(C77<=CRONO.NivelExibicao,MAX($AD$15:OFFSET(AD77,-1,0))+IF($C77<>1,1,MAX(1,COUNTIF(QCI!$A$13:$A$24,OFFSET($E77,-1,0)))),\"\")","v":""},"SINAPI 95472",4627,624.54999999999995,0.20349999999999999,null,1,null,null,710.07,710.07]
["S",2,"S",0,{"$f":"IF($C78=1,OFFSET(E78,-1,0)+MAX(1,COUNTIF(QCI!$A$13:$A$24,OFFSET(ORÇAMENTO!E78,-1,0))),OFFSET(E78,-1,0))","v":1},7,0,0,3,0,{"$f":"IF(OR($C78=\"S\",$C78=0),0,MATCH(OFFSET($D78,0,$C78)+IF($C78<>1,1,COUNTIF(QCI!$A$13:$A$24,ORÇAMENTO!E78)),OFFSET($D78,1,$C78,ROW($C$154)-ROW($C78)),0))","v":0},"F","Serviço","Serviço","1.7.3.","SINAPI","95470","VASO SANITÁRIO SIFONADO CONVENCIONAL COM LOUÇA BRANCA, INCLUSO CONJUNTO DE LIGAÇÃO PARA BACIA SANITÁRIA AJUSTÁVEL - FORNECIMENTO E INSTALAÇÃO","UN",{"$f":"OFFSET(CÁLCULO!H$15,ROW($T78)-ROW(T$15),0)","v":1},155,"BDI 1",186.54,186.54,"RA","RA",{"$f":"IF($C78=\"S\",IF($Z78=\"CP\",$X78,IF($Z78=\"RA\",(($X78)*QCI!$AA$3),0)),SomaAgrup)","v":186.54},0,"",{"$f":"IF(C78<=CRONO.NivelExibicao,MAX($AD$15:OFFSET(AD78,-1,0))+IF($C78<>1,1,MAX(1,COUNTIF(QCI!$A$13:$A$24,OFFSET($E78,-1,0)))),\"\")","v":""},"SINAPI 95470",4625,164.71,0.20349999999999999,null,1,null,null,186.54,186.54]
["S",2,"S",0,{"$f":"IF($C79=1,OFFSET(E79,-1,0)+MAX(1,COUNTIF(QCI!$A$13:$A$24,OFFSET(ORÇAMENTO!E79,-1,0))),OFFSET(E79,-1,0))","v":1},7,0,0,4,0,{"$f":"IF(OR($C79=\"S\",$C79=0),0,MATCH(OFFSET($D79,0,$C79)+IF($C79<>1,1,COUNTIF(QCI!$A$13:$A$24,ORÇAMENTO!E79)),OFFSET($D79,1,$C79,ROW($C$154)-ROW($C79)),0))","v":0},"F","Serviço","Serviço","1.7.4.","SINAPI","99635","VÁLVULA DE DESCARGA METÁLICA, BASE 1 1/2 \", ACABAMENTO METALICO CROMADO - FORNECIMENTO E INSTALAÇÃO","UN",{"$f":"OFFSET(CÁLCULO!H$15,ROW($T79)-ROW(T$15),0)","v":2},205,"BDI 1",246.72,493.44,"RA","RA",{"$f":"IF($C79=\"S\",IF($Z79=\"CP\",$X79,IF($Z79=\"RA\",(($X79)*QCI!$AA$3),0)),SomaAgrup)","v":493.44},0,"",{"$f":"IF(C79<=CRONO.NivelExibicao,MAX($AD$15:OFFSET(AD79,-1,0))+IF($C79<>1,1,MAX(1,COUNTIF(QCI!$A$13:$A$24,OFFSET($E79,-1,0)))),\"\")","v":""},"SINAPI 99635",4765,216.27,0.20349999999999999,null,2,null,null,493.44,246.72]
["S",2,"S",0,{"$f":"IF($C80=1,OFFSET(E80,-1,0)+MAX(1,COUNTIF(QCI!$A$13:$A$24,OFFSET(ORÇAMENTO!E80,-1,0))),OFFSET(E80,-1,0))","v":1},7,0,0,5,0,{"$f":"IF(OR($C80=\"S\",$C80=0),0,MATCH(OFFSET($D80,0,$C80)+IF($C80<>1,1,COUNTIF(QCI!$A$13:$A$24,ORÇAMENTO!E80)),OFFSET($D80,1,$C80,ROW($C$154)-ROW($C80)),0))","v":0},"F","Serviço","Serviço","1.7.5.","SINAPI-I","36795","TORNEIRA CROMADA DE MESA PARA LAVATORIO COM SENSOR DE PRESENCA","UN    ",{"$f":"OFFSET(CÁLCULO!H$15,ROW($T80)-ROW(T$15),0)","v":2},600,"BDI 1",722.1,1444.2,"RA","RA",{"$f":"IF($C80=\"S\",IF($Z80=\"CP\",$X80,IF($Z80=\"RA\",(($X80)*QCI!$AA$3),0)),SomaAgrup)","v":1444.2},0,"",{"$f":"IF(C80<=CRONO.NivelExibicao,MAX($AD$15:OFFSET(AD80,-1,0))+IF($C80<>1,1,MAX(1,COUNTIF(QCI!$A$13:$A$24,OFFSET($E80,-1,0)))),\"\")","v":""},"SINAPI-I 36795",11212,647.12,0.20349999999999999,null,2,null,null,1444.2,722.1]
["S",2,"S",0,{"$f":"IF($C81=1,OFFSET(E81,-1,0)+MAX(1,COUNTIF(QCI!$A$13:$A$24,OFFSET(ORÇAMENTO!E81,-1,0))),OFFSET(E81,-1,0))","v":1},7,0,0,6,0,{"$f":"IF(OR($C81=\"S\",$C81=0),0,MATCH(OFFSET($D81,0,$C81)+IF($C81<>1,1,COUNTIF(QCI!$A$13:$A$24,ORÇAMENTO!E81)),OFFSET($D81,1,$C81,ROW($C$154)-ROW($C81)),0))","v":0},"F","Serviço","Serviço","1.7.6.","SINAPI-I",37400,"PAPELEIRA PLASTICA TIPO DISPENSER PARA PAPEL HIGIENICO ROLAO","UN    ",{"$f":"OFFSET(CÁLCULO!H$15,ROW($T81)-ROW(T$15),0)","v":2},50,"BDI 1",60.18,120.36,"RA","RA",{"$f":"IF($C81=\"S\",IF($Z81=\"CP\",$X81,IF($Z81=\"RA\",(($X81)*QCI!$AA$3),0)),SomaAgrup)","v":120.36},0,"",{"$f":"IF(C81<=CRONO.NivelExibicao,MAX($AD$15:OFFSET(AD81,-1,0))+IF($C81<>1,1,MAX(1,COUNTIF(QCI!$A$13:$A$24,OFFSET($E81,-1,0)))),\"\")","v":""},"SINAPI-I 37400",9991,53.51,0.20349999999999999,null,2,null,null,120.36,60.18]
[{"$f":"CHOOSE(1+LOG(1+2*(ORÇAMENTO.Nivel=\"Meta\")+4*(ORÇAMENTO.Nivel=\"Nível 2\")+8*(ORÇAMENTO.Nivel=\"Nível 3\")+16*(ORÇAMENTO.Nivel=\"Nível 4\")+32*(ORÇAMENTO.Nivel=\"Serviço\"),2),0,1,2,3,4,\"S\")","v":"S"},{"$f":"IF(OR(C82=\"s\",C82=0),OFFSET(B82,-1,0),C82)","v":2},{"$f":"IF(OFFSET(C82,-1,0)=\"L\",1,IF(OFFSET(C82,-1,0)=1,2,IF(OR(A82=\"s\",A82=0),\"S\",IF(AND(OFFSET(C82,-1,0)=2,A82=4),3,IF(AND(OR(OFFSET(C82,-1,0)=\"s\",OFFSET(C82,-1,0)=0),A82<>\"s\",A82>OFFSET(B82,-1,0)),OFFSET(B82,-1,0),A82)))))","v":"S"},{"$f":"IF(OR(C82=\"S\",C82=0),0,IF(ISERROR(K82),J82,SMALL(J82:K82,1)))","v":0},{"$f":"IF($C82=1,OFFSET(E82,-1,0)+MAX(1,COUNTIF(QCI!$A$13:$A$24,OFFSET(ORÇAMENTO!E82,-1,0))),OFFSET(E82,-1,0))","v":1},{"$f":"IF($C82=1,0,IF($C82=2,OFFSET(F82,-1,0)+1,OFFSET(F82,-1,0)))","v":7},{"$f":"IF(AND($C82<=2,$C82<>0),0,IF($C82=3,OFFSET(G82,-1,0)+1,OFFSET(G82,-1,0)))","v":0},{"$f":"IF(AND($C82<=3,$C82<>0),0,IF($C82=4,OFFSET(H82,-1,0)+1,OFFSET(H82,-1,0)))","v":0},{"$f":"IF(AND($C82<=4,$C82<>0),0,IF(AND($C82=\"S\",$X82>0),OFFSET(I82,-1,0)+1,OFFSET(I82,-1,0)))","v":7},0,{"$f":"IF(OR($C82=\"S\",$C82=0),0,MATCH(OFFSET($D82,0,$C82)+IF($C82<>1,1,COUNTIF(QCI!$A$13:$A$24,ORÇAMENTO!E82)),OFFSET($D82,1,$C82,ROW($C$154)-ROW($C82)),0))","v":0},{"$f":"IF(OR($X82>0,$C82=1,$C82=2,$C82=3,$C82=4),\"F\",\"\")","v":"F"},"Serviço",{"$f":"CHOOSE(1+LOG(1+2*(C82=1)+4*(C82=2)+8*(C82=3)+16*(C82=4)+32*(C82=\"S\"),2),\"\",\"Meta\",\"Nível 2\",\"Nível 3\",\"Nível 4\",\"Serviço\")","v":"Serviço"},{"$f":"IF(OR($C82=0,$L82=\"\"),\"-\",CONCATENATE(E82&\".\",IF(AND($A$5>=2,$C82>=2),F82&\".\",\"\"),IF(AND($A$5>=3,$C82>=3),G82&\".\",\"\"),IF(AND($A$5>=4,$C82>=4),H82&\".\",\"\"),IF($C82=\"S\",I82&\".\",\"\")))","v":"1.7.7."},"SINAPI-I","37401","TOALHEIRO PLASTICO TIPO DISPENSER PARA PAPEL TOALHA INTERFOLHADO","UN    ",{"$f":"OFFSET(CÁLCULO!H$15,ROW($T82)-ROW(T$15),0)","v":2},50,"BDI 1",{"$f":"IF($C82=\"S\",ROUND(IF(TIPOORCAMENTO=\"Proposto\",ORÇAMENTO.CustoUnitario*(1+$AH82),ORÇAMENTO.PrecoUnitarioLicitado),15-13*$AF$10),0)","v":60.18},{"$f":"IF($C82=\"S\",VTOTAL1,IF($C82=0,0,ROUND(SomaAgrup,15-13*$AF$11)))","v":120.36},"RA",{"$f":"IF(AND($C82=\"S\",$X82>0),IF(ISBLANK($Y82),\"RA\",LEFT($Y82,2)),\"\")","v":"RA"},{"$f":"IF($C82=\"S\",IF($Z82=\"CP\",$X82,IF($Z82=\"RA\",(($X82)*QCI!$AA$3),0)),SomaAgrup)","v":120.36},{"$f":"IF($C82=\"S\",IF($Z82=\"OU\",ROUND($X82,2),0),SomaAgrup)","v":0},{"$f":"IF($N82=\"\",\"\",IF(ORÇAMENTO.Descricao=\"\",\"DESCRIÇÃO\",IF(AND($C82=\"S\",ORÇAMENTO.Unidade=\"\"),\"UNIDADE\",IF($X82<0,\"VALOR NEGATIVO\",IF(OR(AND(TIPOORCAMENTO=\"Proposto\",$AG82<>\"\",$AG82>0,ORÇAMENTO.CustoUnitario>$AG82),AND(TIPOORCAMENTO=\"LICITADO\",ORÇAMENTO.PrecoUnitarioLicitado>$AN82)),\"ACIMA REF.\",\"\")))))","v":""},{"$f":"IF(C82<=CRONO.NivelExibicao,MAX($AD$15:OFFSET(AD82,-1,0))+IF($C82<>1,1,MAX(1,COUNTIF(QCI!$A$13:$A$24,OFFSET($E82,-1,0)))),\"\")","v":""},{"$f":"IF(AND($C82=\"S\",ORÇAMENTO.CodBarra<>\"\"),IF(ORÇAMENTO.Fonte=\"\",ORÇAMENTO.CodBarra,CONCATENATE(ORÇAMENTO.Fonte,\" \",ORÇAMENTO.CodBarra)))","v":"SINAPI-I 37401"},{"$f":"IF(ISERROR(INDIRECT(ORÇAMENTO.BancoRef)),\"(abra o arquivo 'Referência \"&Excel_BuiltIn_Database&\".xls)\",IF(OR($C82<>\"S\",ORÇAMENTO.CodBarra=\"\"),\"(Sem Código)\",IF(ISERROR(MATCH($AE82,INDIRECT(ORÇAMENTO.BancoRef),0)),\"(Código não identificado nas referências)\",MATCH($AE82,INDIRECT(ORÇAMENTO.BancoRef),0))))","v":11191},{"$f":"ROUND(IF(DESONERACAO=\"sim\",REFERENCIA.Desonerado,REFERENCIA.NaoDesonerado),2)","v":53.51},{"$f":"ROUND(IF(ISNUMBER(ORÇAMENTO.OpcaoBDI),ORÇAMENTO.OpcaoBDI,IF(LEFT(ORÇAMENTO.OpcaoBDI,3)=\"BDI\",HLOOKUP(ORÇAMENTO.OpcaoBDI,$F$4:$H$5,2,FALSE),0)),15-11*$AF$9)","v":0.20349999999999999},null,2,null,null,120.36,{"$f":"ROUND(ORÇAMENTO.CustoUnitario*(1+$AH82),2)","v":60.18}]
["S",2,"S",0,{"$f":"IF($C83=1,OFFSET(E83,-1,0)+MAX(1,COUNTIF(QCI!$A$13:$A$24,OFFSET(ORÇAMENTO!E83,-1,0))),OFFSET(E83,-1,0))","v":1},7,0,0,8,0,{"$f":"IF(OR($C83=\"S\",$C83=0),0,MATCH(OFFSET($D83,0,$C83)+IF($C83<>1,1,COUNTIF(QCI!$A$13:$A$24,ORÇAMENTO!E83)),OFFSET($D83,1,$C83,ROW($C$154)-ROW($C83)),0))","v":0},"F","Serviço","Serviço","1.7.8.","SINAPI-I","11758","SABONETEIRA PLASTICA TIPO DISPENSER PARA SABONETE LIQUIDO COM RESERVATORIO 800 A 1500 ML","UN    ",{"$f":"OFFSET(CÁLCULO!H$15,ROW($T83)-ROW(T$15),0)","v":2},48,"BDI 1",57.77,115.54,"RA","RA",{"$f":"IF($C83=\"S\",IF($Z83=\"CP\",$X83,IF($Z83=\"RA\",(($X83)*QCI!$AA$3),0)),SomaAgrup)","v":115.54},0,"",{"$f":"IF(C83<=CRONO.NivelExibicao,MAX($AD$15:OFFSET(AD83,-1,0))+IF($C83<>1,1,MAX(1,COUNTIF(QCI!$A$13:$A$24,OFFSET($E83,-1,0)))),\"\")","v":""},"SINAPI-I 11758",10626,51.4,0.20349999999999999,null,2,null,null,115.54,57.77]
["S",2,"S",0,{"$f":"IF($C84=1,OFFSET(E84,-1,0)+MAX(1,COUNTIF(QCI!$A$13:$A$24,OFFSET(ORÇAMENTO!E84,-1,0))),OFFSET(E84,-1,0))","v":1},7,0,0,9,{"$f":"IF(OR($C84=\"S\",$C84=0),0,MATCH(0,OFFSET($D84,1,$C84,ROW($C$154)-ROW($C84)),0))","v":0},{"$f":"IF(OR($C84=\"S\",$C84=0),0,MATCH(OFFSET($D84,0,$C84)+IF($C84<>1,1,COUNTIF(QCI!$A$13:$A$24,ORÇAMENTO!E84)),OFFSET($D84,1,$C84,ROW($C$154)-ROW($C84)),0))","v":0},"F","Serviço","Serviço","1.7.9.","SINAPI-I",37399,"CABIDE/GANCHO DE BANHEIRO SIMPLES EM METAL CROMADO","UN    ",{"$f":"OFFSET(CÁLCULO!H$15,ROW($T84)-ROW(T$15),0)","v":2},18,"BDI 1",21.66,43.32,"RA","RA",{"$f":"IF($C84=\"S\",IF($Z84=\"CP\",$X84,IF($Z84=\"RA\",(($X84)*QCI!$AA$3),0)),SomaAgrup)","v":43.32},0,"",{"$f":"IF(C84<=CRONO.NivelExibicao,MAX($AD$15:OFFSET(AD84,-1,0))+IF($C84<>1,1,MAX(1,COUNTIF(QCI!$A$13:$A$24,OFFSET($E84,-1,0)))),\"\")","v":""},"SINAPI-I 37399",7301,19.170000000000002,0.20349999999999999,null,2,null,null,43.32,21.66]
["S",2,"S",0,{"$f":"IF($C85=1,OFFSET(E85,-1,0)+MAX(1,COUNTIF(QCI!$A$13:$A$24,OFFSET(ORÇAMENTO!E85,-1,0))),OFFSET(E85,-1,0))","v":1},7,0,0,10,0,{"$f":"IF(OR($C85=\"S\",$C85=0),0,MATCH(OFFSET($D85,0,$C85)+IF($C85<>1,1,COUNTIF(QCI!$A$13:$A$24,ORÇAMENTO!E85)),OFFSET($D85,1,$C85,ROW($C$154)-ROW($C85)),0))","v":0},"F","Serviço","Serviço","1.7.10.","SINAPI-I",11795,"GRANITO PARA BANCADA, POLIDO, TIPO ANDORINHA/ QUARTZ/ CASTELO/ CORUMBA OU OUTROS EQUIVALENTES DA REGIÃO, E= 2,5 CM","M2    ",{"$f":"OFFSET(CÁLCULO!H$15,ROW($T85)-ROW(T$15),0)","v":1.6},390,"BDI 1",469.37,750.99,"RA","RA",{"$f":"IF($C85=\"S\",IF($Z85=\"CP\",$X85,IF($Z85=\"RA\",(($X85)*QCI!$AA$3),0)),SomaAgrup)","v":750.99},0,"",{"$f":"IF(C85<=CRONO.NivelExibicao,MAX($AD$15:OFFSET(AD85,-1,0))+IF($C85<>1,1,MAX(1,COUNTIF(QCI!$A$13:$A$24,OFFSET($E85,-1,0)))),\"\")","v":""},"SINAPI-I 11795",8932,418.86,0.20349999999999999,null,{"$f":"1*0.8*2","v":1.6},null,null,750.99,469.37]
["S",2,"S",0,{"$f":"IF($C86=1,OFFSET(E86,-1,0)+MAX(1,COUNTIF(QCI!$A$13:$A$24,OFFSET(ORÇAMENTO!E86,-1,0))),OFFSET(E86,-1,0))","v":1},7,0,0,11,0,{"$f":"IF(OR($C86=\"S\",$C86=0),0,MATCH(OFFSET($D86,0,$C86)+IF($C86<>1,1,COUNTIF(QCI!$A$13:$A$24,ORÇAMENTO!E86)),OFFSET($D86,1,$C86,ROW($C$154)-ROW($C86)),0))","v":0},"F","Serviço","Serviço","1.7.11.","SINAPI-I",11186,"ESPELHO CRISTAL E = 4 MM","M2    ",{"$f":"OFFSET(CÁLCULO!H$15,ROW($T86)-ROW(T$15),0)","v":1.92},290,"BDI 1",349.02,670.12,"RA","RA",{"$f":"IF($C86=\"S\",IF($Z86=\"CP\",$X86,IF($Z86=\"RA\",(($X86)*QCI!$AA$3),0)),SomaAgrup)","v":670.12},0,"",{"$f":"IF(C86<=CRONO.NivelExibicao,MAX($AD$15:OFFSET(AD86,-1,0))+IF($C86<>1,1,MAX(1,COUNTIF(QCI!$A$13:$A$24,OFFSET($E86,-1,0)))),\"\")","v":""},"SINAPI-I 11186",8665,315.33,0.20349999999999999,null,{"$f":"1.2*0.8*2","v":1.92},null,null,670.12,349.02]
["S",2,"S",0,{"$f":"IF($C87=1,OFFSET(E87,-1,0)+MAX(1,COUNTIF(QCI!$A$13:$A$24,OFFSET(ORÇAMENTO!E87,-1,0))),OFFSET(E87,-1,0))","v":1},7,0,0,12,0,{"$f":"IF(OR($C87=\"S\",$C87=0),0,MATCH(OFFSET($D87,0,$C87)+IF($C87<>1,1,COUNTIF(QCI!$A$13:$A$24,ORÇAMENTO!E87)),OFFSET($D87,1,$C87,ROW($C$154)-ROW($C87)),0))","v":0},"F","Serviço","Serviço","1.7.12.","SINAPI","86920","TANQUE DE LOUÇA BRANCA COM COLUNA, 30 L OU EQUIVALENTE, INCLUSO SIFÃO FLEXÍVEL EM PVC, VÁLVULA PLÁSTICA E TORNEIRA DE METAL CROMADO PADRÃO POPULAR - FORNECIMENTO E INSTALAÇÃO","UN",{"$f":"OFFSET(CÁLCULO!H$15,ROW($T87)-ROW(T$15),0)","v":1},600,"BDI 1",722.1,722.1,"RA","RA",{"$f":"IF($C87=\"S\",IF($Z87=\"CP\",$X87,IF($Z87=\"RA\",(($X87)*QCI!$AA$3),0)),SomaAgrup)","v":722.1},0,"",{"$f":"IF(C87<=CRONO.NivelExibicao,MAX($AD$15:OFFSET(AD87,-1,0))+IF($C87<>1,1,MAX(1,COUNTIF(QCI!$A$13:$A$24,OFFSET($E87,-1,0)))),\"\")","v":""},"SINAPI 86920",4596,633.58000000000004,0.20349999999999999,null,1,null,null,722.1,722.1]
["S",{"$f":"IF(OR(C88=\"s\",C88=0),OFFSET(B88,-1,0),C88)","v":2},{"$f":"IF(OFFSET(C88,-1,0)=\"L\",1,IF(OFFSET(C88,-1,0)=1,2,IF(OR(A88=\"s\",A88=0),\"S\",IF(AND(OFFSET(C88,-1,0)=2,A88=4),3,IF(AND(OR(OFFSET(C88,-1,0)=\"s\",OFFSET(C88,-1,0)=0),A88<>\"s\",A88>OFFSET(B88,-1,0)),OFFSET(B88,-1,0),A88)))))","v":"S"},{"$f":"IF(OR(C88=\"S\",C88=0),0,IF(ISERROR(K88),J88,SMALL(J88:K88,1)))","v":0},{"$f":"IF($C88=1,OFFSET(E88,-1,0)+MAX(1,COUNTIF(QCI!$A$13:$A$24,OFFSET(ORÇAMENTO!E88,-1,0))),OFFSET(E88,-1,0))","v":1},{"$f":"IF($C88=1,0,IF($C88=2,OFFSET(F88,-1,0)+1,OFFSET(F88,-1,0)))","v":7},{"$f":"IF(AND($C88<=2,$C88<>0),0,IF($C88=3,OFFSET(G88,-1,0)+1,OFFSET(G88,-1,0)))","v":0},{"$f":"IF(AND($C88<=3,$C88<>0),0,IF($C88=4,OFFSET(H88,-1,0)+1,OFFSET(H88,-1,0)))","v":0},{"$f":"IF(AND($C88<=4,$C88<>0),0,IF(AND($C88=\"S\",$X88>0),OFFSET(I88,-1,0)+1,OFFSET(I88,-1,0)))","v":13},0,{"$f":"IF(OR($C88=\"S\",$C88=0),0,MATCH(OFFSET($D88,0,$C88)+IF($C88<>1,1,COUNTIF(QCI!$A$13:$A$24,ORÇAMENTO!E88)),OFFSET($D88,1,$C88,ROW($C$154)-ROW($C88)),0))","v":0},{"$f":"IF(OR($X88>0,$C88=1,$C88=2,$C88=3,$C88=4),\"F\",\"\")","v":"F"},"Serviço",{"$f":"CHOOSE(1+LOG(1+2*(C88=1)+4*(C88=2)+8*(C88=3)+16*(C88=4)+32*(C88=\"S\"),2),\"\",\"Meta\",\"Nível 2\",\"Nível 3\",\"Nível 4\",\"Serviço\")","v":"Serviço"},{"$f":"IF(OR($C88=0,$L88=\"\"),\"-\",CONCATENATE(E88&\".\",IF(AND($A$5>=2,$C88>=2),F88&\".\",\"\"),IF(AND($A$5>=3,$C88>=3),G88&\".\",\"\"),IF(AND($A$5>=4,$C88>=4),H88&\".\",\"\"),IF($C88=\"S\",I88&\".\",\"\")))","v":"1.7.13."},"Cotação","22 AMMOC","BARRA DE APOIO INOX POLIDO 40 CM","UN",{"$f":"OFFSET(CÁLCULO!H$15,ROW($T88)-ROW(T$15),0)","v":3},100,"BDI 1",120.35,361.05,"RA",{"$f":"IF(AND($C88=\"S\",$X88>0),IF(ISBLANK($Y88),\"RA\",LEFT($Y88,2)),\"\")","v":"RA"},{"$f":"IF($C88=\"S\",IF($Z88=\"CP\",$X88,IF($Z88=\"RA\",(($X88)*QCI!$AA$3),0)),SomaAgrup)","v":361.05},0,"",{"$f":"IF(C88<=CRONO.NivelExibicao,MAX($AD$15:OFFSET(AD88,-1,0))+IF($C88<>1,1,MAX(1,COUNTIF(QCI!$A$13:$A$24,OFFSET($E88,-1,0)))),\"\")","v":""},"Cotação 22 AMMOC",161,114,0.20349999999999999,null,3,null,null,361.05,120.35]
["S",{"$f":"IF(OR(C89=\"s\",C89=0),OFFSET(B89,-1,0),C89)","v":2},{"$f":"IF(OFFSET(C89,-1,0)=\"L\",1,IF(OFFSET(C89,-1,0)=1,2,IF(OR(A89=\"s\",A89=0),\"S\",IF(AND(OFFSET(C89,-1,0)=2,A89=4),3,IF(AND(OR(OFFSET(C89,-1,0)=\"s\",OFFSET(C89,-1,0)=0),A89<>\"s\",A89>OFFSET(B89,-1,0)),OFFSET(B89,-1,0),A89)))))","v":"S"},{"$f":"IF(OR(C89=\"S\",C89=0),0,IF(ISERROR(K89),J89,SMALL(J89:K89,1)))","v":0},{"$f":"IF($C89=1,OFFSET(E89,-1,0)+MAX(1,COUNTIF(QCI!$A$13:$A$24,OFFSET(ORÇAMENTO!E89,-1,0))),OFFSET(E89,-1,0))","v":1},{"$f":"IF($C89=1,0,IF($C89=2,OFFSET(F89,-1,0)+1,OFFSET(F89,-1,0)))","v":7},{"$f":"IF(AND($C89<=2,$C89<>0),0,IF($C89=3,OFFSET(G89,-1,0)+1,OFFSET(G89,-1,0)))","v":0},{"$f":"IF(AND($C89<=3,$C89<>0),0,IF($C89=4,OFFSET(H89,-1,0)+1,OFFSET(H89,-1,0)))","v":0},{"$f":"IF(AND($C89<=4,$C89<>0),0,IF(AND($C89=\"S\",$X89>0),OFFSET(I89,-1,0)+1,OFFSET(I89,-1,0)))","v":14},0,{"$f":"IF(OR($C89=\"S\",$C89=0),0,MATCH(OFFSET($D89,0,$C89)+IF($C89<>1,1,COUNTIF(QCI!$A$13:$A$24,ORÇAMENTO!E89)),OFFSET($D89,1,$C89,ROW($C$154)-ROW($C89)),0))","v":0},{"$f":"IF(OR($X89>0,$C89=1,$C89=2,$C89=3,$C89=4),\"F\",\"\")","v":"F"},"Serviço",{"$f":"CHOOSE(1+LOG(1+2*(C89=1)+4*(C89=2)+8*(C89=3)+16*(C89=4)+32*(C89=\"S\"),2),\"\",\"Meta\",\"Nível 2\",\"Nível 3\",\"Nível 4\",\"Serviço\")","v":"Serviço"},{"$f":"IF(OR($C89=0,$L89=\"\"),\"-\",CONCATENATE(E89&\".\",IF(AND($A$5>=2,$C89>=2),F89&\".\",\"\"),IF(AND($A$5>=3,$C89>=3),G89&\".\",\"\"),IF(AND($A$5>=4,$C89>=4),H89&\".\",\"\"),IF($C89=\"S\",I89&\".\",\"\")))","v":"1.7.14."},"SINAPI-I",36081,"BARRA DE APOIO RETA, EM AÇO INOX POLIDO, COMPRIMENTO 80 CM, DIÂMETRO MINIMO 3 CM","UN    ",{"$f":"OFFSET(CÁLCULO!H$15,ROW($T89)-ROW(T$15),0)","v":2},160,"BDI 1",192.56,385.12,"RA",{"$f":"IF(AND($C89=\"S\",$X89>0),IF(ISBLANK($Y89),\"RA\",LEFT($Y89,2)),\"\")","v":"RA"},{"$f":"IF($C89=\"S\",IF($Z89=\"CP\",$X89,IF($Z89=\"RA\",(($X89)*QCI!$AA$3),0)),SomaAgrup)","v":385.12},0,"",{"$f":"IF(C89<=CRONO.NivelExibicao,MAX($AD$15:OFFSET(AD89,-1,0))+IF($C89<>1,1,MAX(1,COUNTIF(QCI!$A$13:$A$24,OFFSET($E89,-1,0)))),\"\")","v":""},"SINAPI-I 36081",7019,178.9,0.20349999999999999,null,2,null,null,385.12,192.56]
["S",2,"S",0,{"$f":"IF($C90=1,OFFSET(E90,-1,0)+MAX(1,COUNTIF(QCI!$A$13:$A$24,OFFSET(ORÇAMENTO!E90,-1,0))),OFFSET(E90,-1,0))","v":1},7,0,0,15,0,{"$f":"IF(OR($C90=\"S\",$C90=0),0,MATCH(OFFSET($D90,0,$C90)+IF($C90<>1,1,COUNTIF(QCI!$A$13:$A$24,ORÇAMENTO!E90)),OFFSET($D90,1,$C90,ROW($C$154)-ROW($C90)),0))","v":0},"F","Serviço","Serviço","1.7.15.","SINAPI-I",36205,"BARRA DE APOIO RETA, EM ACO INOX POLIDO, COMPRIMENTO 70 CM, DIÂMETRO MINIMO 3 CM","UN    ",{"$f":"OFFSET(CÁLCULO!H$15,ROW($T90)-ROW(T$15),0)","v":1},150,"BDI 1",180.53,180.53,"RA","RA",{"$f":"IF($C90=\"S\",IF($Z90=\"CP\",$X90,IF($Z90=\"RA\",(($X90)*QCI!$AA$3),0)),SomaAgrup)","v":180.53},0,"",{"$f":"IF(C90<=CRONO.NivelExibicao,MAX($AD$15:OFFSET(AD90,-1,0))+IF($C90<>1,1,MAX(1,COUNTIF(QCI!$A$13:$A$24,OFFSET($E90,-1,0)))),\"\")","v":""},"SINAPI-I 36205",7018,167.78,0.20349999999999999,null,1,null,null,180.53,180.53]
["S",2,"S",0,{"$f":"IF($C91=1,OFFSET(E91,-1,0)+MAX(1,COUNTIF(QCI!$A$13:$A$24,OFFSET(ORÇAMENTO!E91,-1,0))),OFFSET(E91,-1,0))","v":1},7,0,0,16,0,{"$f":"IF(OR($C91=\"S\",$C91=0),0,MATCH(OFFSET($D91,0,$C91)+IF($C91<>1,1,COUNTIF(QCI!$A$13:$A$24,ORÇAMENTO!E91)),OFFSET($D91,1,$C91,ROW($C$154)-ROW($C91)),0))","v":0},"F","Serviço","Serviço","1.7.16.","Cotação","5 AMMOC","SIRENE AUDIOVISUAL PCD (NBR 9050), INCLUSO TODO O SISTEMA COM ACIONADOR  E INSTALAÇÃO","UN",{"$f":"OFFSET(CÁLCULO!H$15,ROW($T91)-ROW(T$15),0)","v":1},330,"BDI 1",397.16,397.16,"RA","RA",{"$f":"IF($C91=\"S\",IF($Z91=\"CP\",$X91,IF($Z91=\"RA\",(($X91)*QCI!$AA$3),0)),SomaAgrup)","v":397.16},0,"",{"$f":"IF(C91<=CRONO.NivelExibicao,MAX($AD$15:OFFSET(AD91,-1,0))+IF($C91<>1,1,MAX(1,COUNTIF(QCI!$A$13:$A$24,OFFSET($E91,-1,0)))),\"\")","v":""},"Cotação 5 AMMOC",144,350,0.20349999999999999,null,1,null,null,397.16,397.16]
[2,2,2,22,{"$f":"IF($C92=1,OFFSET(E92,-1,0)+MAX(1,COUNTIF(QCI!$A$13:$A$24,OFFSET(ORÇAMENTO!E92,-1,0))),OFFSET(E92,-1,0))","v":1},8,0,0,0,62,{"$f":"IF(OR($C92=\"S\",$C92=0),0,MATCH(OFFSET($D92,0,$C92)+IF($C92<>1,1,COUNTIF(QCI!$A$13:$A$24,ORÇAMENTO!E92)),OFFSET($D92,1,$C92,ROW($C$154)-ROW($C92)),0))","v":22},"F","Nível 2","Nível 2","1.8.","SINAPI",null,"INSTALAÇÕES HIDROSSANITÁRIAS","-",{"$f":"OFFSET(CÁLCULO!H$15,ROW($T92)-ROW(T$15),0)","v":0},0,"BDI 1",0,12251.45,"RA","",{"$f":"IF($C92=\"S\",IF($Z92=\"CP\",$X92,IF($Z92=\"RA\",(($X92)*QCI!$AA$3),0)),SomaAgrup)","v":12251.45},0,"",{"$f":"IF(C92<=CRONO.NivelExibicao,MAX($AD$15:OFFSET(AD92,-1,0))+IF($C92<>1,1,MAX(1,COUNTIF(QCI!$A$13:$A$24,OFFSET($E92,-1,0)))),\"\")","v":9},false,"(Sem Código)",0,0.20349999999999999,null,null,null,null,12251.45,0]
["S",2,"S",0,{"$f":"IF($C93=1,OFFSET(E93,-1,0)+MAX(1,COUNTIF(QCI!$A$13:$A$24,OFFSET(ORÇAMENTO!E93,-1,0))),OFFSET(E93,-1,0))","v":1},8,0,0,1,0,{"$f":"IF(OR($C93=\"S\",$C93=0),0,MATCH(OFFSET($D93,0,$C93)+IF($C93<>1,1,COUNTIF(QCI!$A$13:$A$24,ORÇAMENTO!E93)),OFFSET($D93,1,$C93,ROW($C$154)-ROW($C93)),0))","v":0},"F","Serviço","Serviço","1.8.1.","SINAPI","95675","HIDRÔMETRO DN 25 (3/4), 5,0 M³/H FORNECIMENTO E INSTALAÇÃO","UN",{"$f":"OFFSET(CÁLCULO!H$15,ROW($T93)-ROW(T$15),0)","v":1},180,"BDI 1",216.63,216.63,"RA","RA",{"$f":"IF($C93=\"S\",IF($Z93=\"CP\",$X93,IF($Z93=\"RA\",(($X93)*QCI!$AA$3),0)),SomaAgrup)","v":216.63},0,"",{"$f":"IF(C93<=CRONO.NivelExibicao,MAX($AD$15:OFFSET(AD93,-1,0))+IF($C93<>1,1,MAX(1,COUNTIF(QCI!$A$13:$A$24,OFFSET($E93,-1,0)))),\"\")","v":""},"SINAPI 95675",4780,193.63,0.20349999999999999,null,1,null,null,216.63,216.63]
["S",2,"S",0,{"$f":"IF($C94=1,OFFSET(E94,-1,0)+MAX(1,COUNTIF(QCI!$A$13:$A$24,OFFSET(ORÇAMENTO!E94,-1,0))),OFFSET(E94,-1,0))","v":1},8,0,0,2,0,{"$f":"IF(OR($C94=\"S\",$C94=0),0,MATCH(OFFSET($D94,0,$C94)+IF($C94<>1,1,COUNTIF(QCI!$A$13:$A$24,ORÇAMENTO!E94)),OFFSET($D94,1,$C94,ROW($C$154)-ROW($C94)),0))","v":0},"F","Serviço","Serviço","1.8.2.","SINAPI","95635","KIT CAVALETE PARA MEDIÇÃO DE ÁGUA - ENTRADA PRINCIPAL, EM PVC SOLDÁVEL DN 25 (3/4\") FORNECIMENTO E INSTALAÇÃO (EXCLUSIVE HIDRÔMETRO)","UN",{"$f":"OFFSET(CÁLCULO!H$15,ROW($T94)-ROW(T$15),0)","v":1},120,"BDI 1",144.41999999999999,144.41999999999999,"RA","RA",{"$f":"IF($C94=\"S\",IF($Z94=\"CP\",$X94,IF($Z94=\"RA\",(($X94)*QCI!$AA$3),0)),SomaAgrup)","v":144.41999999999999},0,"",{"$f":"IF(C94<=CRONO.NivelExibicao,MAX($AD$15:OFFSET(AD94,-1,0))+IF($C94<>1,1,MAX(1,COUNTIF(QCI!$A$13:$A$24,OFFSET($E94,-1,0)))),\"\")","v":""},"SINAPI 95635",4767,129.57,0.20349999999999999,null,1,null,null,144.41999999999999,144.41999999999999]
["S",2,"S",0,{"$f":"IF($C95=1,OFFSET(E95,-1,0)+MAX(1,COUNTIF(QCI!$A$13:$A$24,OFFSET(ORÇAMENTO!E95,-1,0))),OFFSET(E95,-1,0))","v":1},8,0,0,3,0,{"$f":"IF(OR($C95=\"S\",$C95=0),0,MATCH(OFFSET($D95,0,$C95)+IF($C95<>1,1,COUNTIF(QCI!$A$13:$A$24,ORÇAMENTO!E95)),OFFSET($D95,1,$C95,ROW($C$154)-ROW($C95)),0))","v":0},"F","Serviço","Serviço","1.8.3.","SINAPI","95676","CAIXA EM CONCRETO PRÉ-MOLDADO PARA ABRIGO DE HIDRÔMETRO COM DN 20 (1/2\u0094)\u0096 FORNECIMENTO E INSTALAÇÃO","UN",{"$f":"OFFSET(CÁLCULO!H$15,ROW($T95)-ROW(T$15),0)","v":1},70,"BDI 1",84.25,84.25,"RA","RA",{"$f":"IF($C95=\"S\",IF($Z95=\"CP\",$X95,IF($Z95=\"RA\",(($X95)*QCI!$AA$3),0)),SomaAgrup)","v":84.25},0,"",{"$f":"IF(C95<=CRONO.NivelExibicao,MAX($AD$15:OFFSET(AD95,-1,0))+IF($C95<>1,1,MAX(1,COUNTIF(QCI!$A$13:$A$24,OFFSET($E95,-1,0)))),\"\")","v":""},"SINAPI 95676",4781,74.36,0.20349999999999999,null,1,null,null,84.25,84.25]
["S",2,"S",0,{"$f":"IF($C96=1,OFFSET(E96,-1,0)+MAX(1,COUNTIF(QCI!$A$13:$A$24,OFFSET(ORÇAMENTO!E96,-1,0))),OFFSET(E96,-1,0))","v":1},8,0,0,4,0,{"$f":"IF(OR($C96=\"S\",$C96=0),0,MATCH(OFFSET($D96,0,$C96)+IF($C96<>1,1,COUNTIF(QCI!$A$13:$A$24,ORÇAMENTO!E96)),OFFSET($D96,1,$C96,ROW($C$154)-ROW($C96)),0))","v":0},"F","Serviço","Serviço","1.8.4.","SINAPI","91784","INSTALAÇÃO DE TUBOS DE PVC, SOLDÁVEL, ÁGUA FRIA, DN 20 MM (INSTALADO EM RAMAL, SUB-RAMAL OU RAMAL DE DISTRIBUIÇÃO), INCLUSIVE CONEXÕES, CORTES E FIXAÇÕES","M",{"$f":"OFFSET(CÁLCULO!H$15,ROW($T96)-ROW(T$15),0)","v":20},30,"BDI 1",36.11,722.2,"RA","RA",{"$f":"IF($C96=\"S\",IF($Z96=\"CP\",$X96,IF($Z96=\"RA\",(($X96)*QCI!$AA$3),0)),SomaAgrup)","v":722.2},0,"",{"$f":"IF(C96<=CRONO.NivelExibicao,MAX($AD$15:OFFSET(AD96,-1,0))+IF($C96<>1,1,MAX(1,COUNTIF(QCI!$A$13:$A$24,OFFSET($E96,-1,0)))),\"\")","v":""},"SINAPI 91784",3238,35.909999999999997,0.20349999999999999,null,20,null,null,722.2,36.11]
["S",2,"S",0,{"$f":"IF($C97=1,OFFSET(E97,-1,0)+MAX(1,COUNTIF(QCI!$A$13:$A$24,OFFSET(ORÇAMENTO!E97,-1,0))),OFFSET(E97,-1,0))","v":1},8,0,0,5,0,{"$f":"IF(OR($C97=\"S\",$C97=0),0,MATCH(OFFSET($D97,0,$C97)+IF($C97<>1,1,COUNTIF(QCI!$A$13:$A$24,ORÇAMENTO!E97)),OFFSET($D97,1,$C97,ROW($C$154)-ROW($C97)),0))","v":0},"F","Serviço","Serviço","1.8.5.","SINAPI","91785","INSTALAÇÃO DE TUBOS DE PVC, SOLDÁVEL, ÁGUA FRIA, DN 25 MM (INSTALADO EM RAMAL, SUB-RAMAL, RAMAL DE DISTRIBUIÇÃO OU PRUMADA), INCLUSIVE CONEXÕES, CORTES E FIXAÇÕES","M",{"$f":"OFFSET(CÁLCULO!H$15,ROW($T97)-ROW(T$15),0)","v":40.9},30,"BDI 1",36.11,1476.9,"RA","RA",{"$f":"IF($C97=\"S\",IF($Z97=\"CP\",$X97,IF($Z97=\"RA\",(($X97)*QCI!$AA$3),0)),SomaAgrup)","v":1476.9},0,"",{"$f":"IF(C97<=CRONO.NivelExibicao,MAX($AD$15:OFFSET(AD97,-1,0))+IF($C97<>1,1,MAX(1,COUNTIF(QCI!$A$13:$A$24,OFFSET($E97,-1,0)))),\"\")","v":""},"SINAPI 91785",3239,35.35,0.20349999999999999,null,{"$f":"27.2674*1.5","v":40.9011},null,null,1476.9,36.11]
["S",2,"S",0,{"$f":"IF($C98=1,OFFSET(E98,-1,0)+MAX(1,COUNTIF(QCI!$A$13:$A$24,OFFSET(ORÇAMENTO!E98,-1,0))),OFFSET(E98,-1,0))","v":1},8,0,0,6,0,{"$f":"IF(OR($C98=\"S\",$C98=0),0,MATCH(OFFSET($D98,0,$C98)+IF($C98<>1,1,COUNTIF(QCI!$A$13:$A$24,ORÇAMENTO!E98)),OFFSET($D98,1,$C98,ROW($C$154)-ROW($C98)),0))","v":0},"F","Serviço","Serviço","1.8.6.","SINAPI","91786","INSTALAÇÃO TUBOS DE PVC, SOLDÁVEL, ÁGUA FRIA, DN 32 MM (INSTALADO EM RAMAL, SUB-RAMAL, RAMAL DE DISTRIBUIÇÃO OU PRUMADA), INCLUSIVE CONEXÕES, CORTES E FIXAÇÕES","M",{"$f":"OFFSET(CÁLCULO!H$15,ROW($T98)-ROW(T$15),0)","v":5},20,"BDI 1",24.07,120.35,"RA","RA",{"$f":"IF($C98=\"S\",IF($Z98=\"CP\",$X98,IF($Z98=\"RA\",(($X98)*QCI!$AA$3),0)),SomaAgrup)","v":120.35},0,"",{"$f":"IF(C98<=CRONO.NivelExibicao,MAX($AD$15:OFFSET(AD98,-1,0))+IF($C98<>1,1,MAX(1,COUNTIF(QCI!$A$13:$A$24,OFFSET($E98,-1,0)))),\"\")","v":""},"SINAPI 91786",3240,21.27,0.20349999999999999,null,5,null,null,120.35,24.07]
[{"$f":"CHOOSE(1+LOG(1+2*(ORÇAMENTO.Nivel=\"Meta\")+4*(ORÇAMENTO.Nivel=\"Nível 2\")+8*(ORÇAMENTO.Nivel=\"Nível 3\")+16*(ORÇAMENTO.Nivel=\"Nível 4\")+32*(ORÇAMENTO.Nivel=\"Serviço\"),2),0,1,2,3,4,\"S\")","v":"S"},{"$f":"IF(OR(C99=\"s\",C99=0),OFFSET(B99,-1,0),C99)","v":2},{"$f":"IF(OFFSET(C99,-1,0)=\"L\",1,IF(OFFSET(C99,-1,0)=1,2,IF(OR(A99=\"s\",A99=0),\"S\",IF(AND(OFFSET(C99,-1,0)=2,A99=4),3,IF(AND(OR(OFFSET(C99,-1,0)=\"s\",OFFSET(C99,-1,0)=0),A99<>\"s\",A99>OFFSET(B99,-1,0)),OFFSET(B99,-1,0),A99)))))","v":"S"},{"$f":"IF(OR(C99=\"S\",C99=0),0,IF(ISERROR(K99),J99,SMALL(J99:K99,1)))","v":0},{"$f":"IF($C99=1,OFFSET(E99,-1,0)+MAX(1,COUNTIF(QCI!$A$13:$A$24,OFFSET(ORÇAMENTO!E99,-1,0))),OFFSET(E99,-1,0))","v":1},{"$f":"IF($C99=1,0,IF($C99=2,OFFSET(F99,-1,0)+1,OFFSET(F99,-1,0)))","v":8},{"$f":"IF(AND($C99<=2,$C99<>0),0,IF($C99=3,OFFSET(G99,-1,0)+1,OFFSET(G99,-1,0)))","v":0},{"$f":"IF(AND($C99<=3,$C99<>0),0,IF($C99=4,OFFSET(H99,-1,0)+1,OFFSET(H99,-1,0)))","v":0},{"$f":"IF(AND($C99<=4,$C99<>0),0,IF(AND($C99=\"S\",$X99>0),OFFSET(I99,-1,0)+1,OFFSET(I99,-1,0)))","v":7},0,{"$f":"IF(OR($C99=\"S\",$C99=0),0,MATCH(OFFSET($D99,0,$C99)+IF($C99<>1,1,COUNTIF(QCI!$A$13:$A$24,ORÇAMENTO!E99)),OFFSET($D99,1,$C99,ROW($C$154)-ROW($C99)),0))","v":0},{"$f":"IF(OR($X99>0,$C99=1,$C99=2,$C99=3,$C99=4),\"F\",\"\")","v":"F"},"Serviço",{"$f":"CHOOSE(1+LOG(1+2*(C99=1)+4*(C99=2)+8*(C99=3)+16*(C99=4)+32*(C99=\"S\"),2),\"\",\"Meta\",\"Nível 2\",\"Nível 3\",\"Nível 4\",\"Serviço\")","v":"Serviço"},{"$f":"IF(OR($C99=0,$L99=\"\"),\"-\",CONCATENATE(E99&\".\",IF(AND($A$5>=2,$C99>=2),F99&\".\",\"\"),IF(AND($A$5>=3,$C99>=3),G99&\".\",\"\"),IF(AND($A$5>=4,$C99>=4),H99&\".\",\"\"),IF($C99=\"S\",I99&\".\",\"\")))","v":"1.8.7."},"SINAPI","91788","(COMPOSIÇÃO REPRESENTATIVA) DO SERVIÇO DE INSTALAÇÃO DE TUBOS DE PVC, SOLDÁVEL, ÁGUA FRIA, DN 50 MM (INSTALADO EM PRUMADA), INCLUSIVE CONEXÕES, CORTES E FIXAÇÕES, PARA PRÉDIOS","M",{"$f":"OFFSET(CÁLCULO!H$15,ROW($T99)-ROW(T$15),0)","v":14},25,"BDI 1",{"$f":"IF($C99=\"S\",ROUND(IF(TIPOORCAMENTO=\"Proposto\",ORÇAMENTO.CustoUnitario*(1+$AH99),ORÇAMENTO.PrecoUnitarioLicitado),15-13*$AF$10),0)","v":30.09},{"$f":"IF($C99=\"S\",VTOTAL1,IF($C99=0,0,ROUND(SomaAgrup,15-13*$AF$11)))","v":421.26},"RA",{"$f":"IF(AND($C99=\"S\",$X99>0),IF(ISBLANK($Y99),\"RA\",LEFT($Y99,2)),\"\")","v":"RA"},{"$f":"IF($C99=\"S\",IF($Z99=\"CP\",$X99,IF($Z99=\"RA\",(($X99)*QCI!$AA$3),0)),SomaAgrup)","v":421.26},{"$f":"IF($C99=\"S\",IF($Z99=\"OU\",ROUND($X99,2),0),SomaAgrup)","v":0},{"$f":"IF($N99=\"\",\"\",IF(ORÇAMENTO.Descricao=\"\",\"DESCRIÇÃO\",IF(AND($C99=\"S\",ORÇAMENTO.Unidade=\"\"),\"UNIDADE\",IF($X99<0,\"VALOR NEGATIVO\",IF(OR(AND(TIPOORCAMENTO=\"Proposto\",$AG99<>\"\",$AG99>0,ORÇAMENTO.CustoUnitario>$AG99),AND(TIPOORCAMENTO=\"LICITADO\",ORÇAMENTO.PrecoUnitarioLicitado>$AN99)),\"ACIMA REF.\",\"\")))))","v":""},{"$f":"IF(C99<=CRONO.NivelExibicao,MAX($AD$15:OFFSET(AD99,-1,0))+IF($C99<>1,1,MAX(1,COUNTIF(QCI!$A$13:$A$24,OFFSET($E99,-1,0)))),\"\")","v":""},{"$f":"IF(AND($C99=\"S\",ORÇAMENTO.CodBarra<>\"\"),IF(ORÇAMENTO.Fonte=\"\",ORÇAMENTO.CodBarra,CONCATENATE(ORÇAMENTO.Fonte,\" \",ORÇAMENTO.CodBarra)))","v":"SINAPI 91788"},{"$f":"IF(ISERROR(INDIRECT(ORÇAMENTO.BancoRef)),\"(abra o arquivo 'Referência \"&Excel_BuiltIn_Database&\".xls)\",IF(OR($C99<>\"S\",ORÇAMENTO.CodBarra=\"\"),\"(Sem Código)\",IF(ISERROR(MATCH($AE99,INDIRECT(ORÇAMENTO.BancoRef),0)),\"(Código não identificado nas referências)\",MATCH($AE99,INDIRECT(ORÇAMENTO.BancoRef),0))))","v":3242},{"$f":"ROUND(IF(DESONERACAO=\"sim\",REFERENCIA.Desonerado,REFERENCIA.NaoDesonerado),2)","v":28.08},{"$f":"ROUND(IF(ISNUMBER(ORÇAMENTO.OpcaoBDI),ORÇAMENTO.OpcaoBDI,IF(LEFT(ORÇAMENTO.OpcaoBDI,3)=\"BDI\",HLOOKUP(ORÇAMENTO.OpcaoBDI,$F$4:$H$5,2,FALSE),0)),15-11*$AF$9)","v":0.20349999999999999},null,14,null,null,421.26,{"$f":"ROUND(ORÇAMENTO.CustoUnitario*(1+$AH99),2)","v":30.09}]
[{"$f":"CHOOSE(1+LOG(1+2*(ORÇAMENTO.Nivel=\"Meta\")+4*(ORÇAMENTO.Nivel=\"Nível 2\")+8*(ORÇAMENTO.Nivel=\"Nível 3\")+16*(ORÇAMENTO.Nivel=\"Nível 4\")+32*(ORÇAMENTO.Nivel=\"Serviço\"),2),0,1,2,3,4,\"S\")","v":"S"},{"$f":"IF(OR(C100=\"s\",C100=0),OFFSET(B100,-1,0),C100)","v":2},{"$f":"IF(OFFSET(C100,-1,0)=\"L\",1,IF(OFFSET(C100,-1,0)=1,2,IF(OR(A100=\"s\",A100=0),\"S\",IF(AND(OFFSET(C100,-1,0)=2,A100=4),3,IF(AND(OR(OFFSET(C100,-1,0)=\"s\",OFFSET(C100,-1,0)=0),A100<>\"s\",A100>OFFSET(B100,-1,0)),OFFSET(B100,-1,0),A100)))))","v":"S"},{"$f":"IF(OR(C100=\"S\",C100=0),0,IF(ISERROR(K100),J100,SMALL(J100:K100,1)))","v":0},{"$f":"IF($C100=1,OFFSET(E100,-1,0)+MAX(1,COUNTIF(QCI!$A$13:$A$24,OFFSET(ORÇAMENTO!E100,-1,0))),OFFSET(E100,-1,0))","v":1},{"$f":"IF($C100=1,0,IF($C100=2,OFFSET(F100,-1,0)+1,OFFSET(F100,-1,0)))","v":8},{"$f":"IF(AND($C100<=2,$C100<>0),0,IF($C100=3,OFFSET(G100,-1,0)+1,OFFSET(G100,-1,0)))","v":0},{"$f":"IF(AND($C100<=3,$C100<>0),0,IF($C100=4,OFFSET(H100,-1,0)+1,OFFSET(H100,-1,0)))","v":0},{"$f":"IF(AND($C100<=4,$C100<>0),0,IF(AND($C100=\"S\",$X100>0),OFFSET(I100,-1,0)+1,OFFSET(I100,-1,0)))","v":8},0,{"$f":"IF(OR($C100=\"S\",$C100=0),0,MATCH(OFFSET($D100,0,$C100)+IF($C100<>1,1,COUNTIF(QCI!$A$13:$A$24,ORÇAMENTO!E100)),OFFSET($D100,1,$C100,ROW($C$154)-ROW($C100)),0))","v":0},{"$f":"IF(OR($X100>0,$C100=1,$C100=2,$C100=3,$C100=4),\"F\",\"\")","v":"F"},"Serviço",{"$f":"CHOOSE(1+LOG(1+2*(C100=1)+4*(C100=2)+8*(C100=3)+16*(C100=4)+32*(C100=\"S\"),2),\"\",\"Meta\",\"Nível 2\",\"Nível 3\",\"Nível 4\",\"Serviço\")","v":"Serviço"},{"$f":"IF(OR($C100=0,$L100=\"\"),\"-\",CONCATENATE(E100&\".\",IF(AND($A$5>=2,$C100>=2),F100&\".\",\"\"),IF(AND($A$5>=3,$C100>=3),G100&\".\",\"\"),IF(AND($A$5>=4,$C100>=4),H100&\".\",\"\"),IF($C100=\"S\",I100&\".\",\"\")))","v":"1.8.8."},"SINAPI","88504","CAIXA D´AGUA EM POLIETILENO, 500 LITROS, COM ACESSÓRIOS","UN",{"$f":"OFFSET(CÁLCULO!H$15,ROW($T100)-ROW(T$15),0)","v":1},500,"BDI 1",{"$f":"IF($C100=\"S\",ROUND(IF(TIPOORCAMENTO=\"Proposto\",ORÇAMENTO.CustoUnitario*(1+$AH100),ORÇAMENTO.PrecoUnitarioLicitado),15-13*$AF$10),0)","v":601.75},{"$f":"IF($C100=\"S\",VTOTAL1,IF($C100=0,0,ROUND(SomaAgrup,15-13*$AF$11)))","v":601.75},"RA",{"$f":"IF(AND($C100=\"S\",$X100>0),IF(ISBLANK($Y100),\"RA\",LEFT($Y100,2)),\"\")","v":"RA"},{"$f":"IF($C100=\"S\",IF($Z100=\"CP\",$X100,IF($Z100=\"RA\",(($X100)*QCI!$AA$3),0)),SomaAgrup)","v":601.75},{"$f":"IF($C100=\"S\",IF($Z100=\"OU\",ROUND($X100,2),0),SomaAgrup)","v":0},{"$f":"IF($N100=\"\",\"\",IF(ORÇAMENTO.Descricao=\"\",\"DESCRIÇÃO\",IF(AND($C100=\"S\",ORÇAMENTO.Unidade=\"\"),\"UNIDADE\",IF($X100<0,\"VALOR NEGATIVO\",IF(OR(AND(TIPOORCAMENTO=\"Proposto\",$AG100<>\"\",$AG100>0,ORÇAMENTO.CustoUnitario>$AG100),AND(TIPOORCAMENTO=\"LICITADO\",ORÇAMENTO.PrecoUnitarioLicitado>$AN100)),\"ACIMA REF.\",\"\")))))","v":""},{"$f":"IF(C100<=CRONO.NivelExibicao,MAX($AD$15:OFFSET(AD100,-1,0))+IF($C100<>1,1,MAX(1,COUNTIF(QCI!$A$13:$A$24,OFFSET($E100,-1,0)))),\"\")","v":""},{"$f":"IF(AND($C100=\"S\",ORÇAMENTO.CodBarra<>\"\"),IF(ORÇAMENTO.Fonte=\"\",ORÇAMENTO.CodBarra,CONCATENATE(ORÇAMENTO.Fonte,\" \",ORÇAMENTO.CodBarra)))","v":"SINAPI 88504"},{"$f":"IF(ISERROR(INDIRECT(ORÇAMENTO.BancoRef)),\"(abra o arquivo 'Referência \"&Excel_BuiltIn_Database&\".xls)\",IF(OR($C100<>\"S\",ORÇAMENTO.CodBarra=\"\"),\"(Sem Código)\",IF(ISERROR(MATCH($AE100,INDIRECT(ORÇAMENTO.BancoRef),0)),\"(Código não identificado nas referências)\",MATCH($AE100,INDIRECT(ORÇAMENTO.BancoRef),0))))","v":4526},{"$f":"ROUND(IF(DESONERACAO=\"sim\",REFERENCIA.Desonerado,REFERENCIA.NaoDesonerado),2)","v":582.16999999999996},{"$f":"ROUND(IF(ISNUMBER(ORÇAMENTO.OpcaoBDI),ORÇAMENTO.OpcaoBDI,IF(LEFT(ORÇAMENTO.OpcaoBDI,3)=\"BDI\",HLOOKUP(ORÇAMENTO.OpcaoBDI,$F$4:$H$5,2,FALSE),0)),15-11*$AF$9)","v":0.20349999999999999},null,1,null,null,601.75,{"$f":"ROUND(ORÇAMENTO.CustoUnitario*(1+$AH100),2)","v":601.75}]
[{"$f":"CHOOSE(1+LOG(1+2*(ORÇAMENTO.Nivel=\"Meta\")+4*(ORÇAMENTO.Nivel=\"Nível 2\")+8*(ORÇAMENTO.Nivel=\"Nível 3\")+16*(ORÇAMENTO.Nivel=\"Nível 4\")+32*(ORÇAMENTO.Nivel=\"Serviço\"),2),0,1,2,3,4,\"S\")","v":"S"},2,"S",0,{"$f":"IF($C101=1,OFFSET(E101,-1,0)+MAX(1,COUNTIF(QCI!$A$13:$A$24,OFFSET(ORÇAMENTO!E101,-1,0))),OFFSET(E101,-1,0))","v":1},8,0,0,9,0,{"$f":"IF(OR($C101=\"S\",$C101=0),0,MATCH(OFFSET($D101,0,$C101)+IF($C101<>1,1,COUNTIF(QCI!$A$13:$A$24,ORÇAMENTO!E101)),OFFSET($D101,1,$C101,ROW($C$154)-ROW($C101)),0))","v":0},"F","Serviço","Serviço","1.8.9.","SINAPI","94497","REGISTRO DE GAVETA BRUTO, LATÃO, ROSCÁVEL, 1 1/2\u0094, INSTALADO EM RESERVAÇÃO DE ÁGUA DE EDIFICAÇÃO QUE POSSUA RESERVATÓRIO DE FIBRA/FIBROCIMENTO \u0096 FORNECIMENTO E INSTALAÇÃO","UN",{"$f":"OFFSET(CÁLCULO!H$15,ROW($T101)-ROW(T$15),0)","v":1},95,"BDI 1",{"$f":"IF($C101=\"S\",ROUND(IF(TIPOORCAMENTO=\"Proposto\",ORÇAMENTO.CustoUnitario*(1+$AH101),ORÇAMENTO.PrecoUnitarioLicitado),15-13*$AF$10),0)","v":114.33},{"$f":"IF($C101=\"S\",VTOTAL1,IF($C101=0,0,ROUND(SomaAgrup,15-13*$AF$11)))","v":114.33},"RA","RA",{"$f":"IF($C101=\"S\",IF($Z101=\"CP\",$X101,IF($Z101=\"RA\",(($X101)*QCI!$AA$3),0)),SomaAgrup)","v":114.33},{"$f":"IF($C101=\"S\",IF($Z101=\"OU\",ROUND($X101,2),0),SomaAgrup)","v":0},{"$f":"IF($N101=\"\",\"\",IF(ORÇAMENTO.Descricao=\"\",\"DESCRIÇÃO\",IF(AND($C101=\"S\",ORÇAMENTO.Unidade=\"\"),\"UNIDADE\",IF($X101<0,\"VALOR NEGATIVO\",IF(OR(AND(TIPOORCAMENTO=\"Proposto\",$AG101<>\"\",$AG101>0,ORÇAMENTO.CustoUnitario>$AG101),AND(TIPOORCAMENTO=\"LICITADO\",ORÇAMENTO.PrecoUnitarioLicitado>$AN101)),\"ACIMA REF.\",\"\")))))","v":""},{"$f":"IF(C101<=CRONO.NivelExibicao,MAX($AD$15:OFFSET(AD101,-1,0))+IF($C101<>1,1,MAX(1,COUNTIF(QCI!$A$13:$A$24,OFFSET($E101,-1,0)))),\"\")","v":""},{"$f":"IF(AND($C101=\"S\",ORÇAMENTO.CodBarra<>\"\"),IF(ORÇAMENTO.Fonte=\"\",ORÇAMENTO.CodBarra,CONCATENATE(ORÇAMENTO.Fonte,\" \",ORÇAMENTO.CodBarra)))","v":"SINAPI 94497"},{"$f":"IF(ISERROR(INDIRECT(ORÇAMENTO.BancoRef)),\"(abra o arquivo 'Referência \"&Excel_BuiltIn_Database&\".xls)\",IF(OR($C101<>\"S\",ORÇAMENTO.CodBarra=\"\"),\"(Sem Código)\",IF(ISERROR(MATCH($AE101,INDIRECT(ORÇAMENTO.BancoRef),0)),\"(Código não identificado nas referências)\",MATCH($AE101,INDIRECT(ORÇAMENTO.BancoRef),0))))","v":4729},{"$f":"ROUND(IF(DESONERACAO=\"sim\",REFERENCIA.Desonerado,REFERENCIA.NaoDesonerado),2)","v":101.66},{"$f":"ROUND(IF(ISNUMBER(ORÇAMENTO.OpcaoBDI),ORÇAMENTO.OpcaoBDI,IF(LEFT(ORÇAMENTO.OpcaoBDI,3)=\"BDI\",HLOOKUP(ORÇAMENTO.OpcaoBDI,$F$4:$H$5,2,FALSE),0)),15-11*$AF$9)","v":0.20349999999999999},null,1,null,null,114.33,{"$f":"ROUND(ORÇAMENTO.CustoUnitario*(1+$AH101),2)","v":114.33}]
["S",2,"S",0,{"$f":"IF($C102=1,OFFSET(E102,-1,0)+MAX(1,COUNTIF(QCI!$A$13:$A$24,OFFSET(ORÇAMENTO!E102,-1,0))),OFFSET(E102,-1,0))","v":1},8,0,0,10,0,{"$f":"IF(OR($C102=\"S\",$C102=0),0,MATCH(OFFSET($D102,0,$C102)+IF($C102<>1,1,COUNTIF(QCI!$A$13:$A$24,ORÇAMENTO!E102)),OFFSET($D102,1,$C102,ROW($C$154)-ROW($C102)),0))","v":0},"F","Serviço","Serviço","1.8.10.","SINAPI","94495","REGISTRO DE GAVETA BRUTO, LATÃO, ROSCÁVEL, 1\u0094, INSTALADO EM RESERVAÇÃO DE ÁGUA DE EDIFICAÇÃO QUE POSSUA RESERVATÓRIO DE FIBRA/FIBROCIMENTO \u0096 FORNECIMENTO E INSTALAÇÃO","UN",{"$f":"OFFSET(CÁLCULO!H$15,ROW($T102)-ROW(T$15),0)","v":1},65,"BDI 1",78.23,78.23,"RA","RA",{"$f":"IF($C102=\"S\",IF($Z102=\"CP\",$X102,IF($Z102=\"RA\",(($X102)*QCI!$AA$3),0)),SomaAgrup)","v":78.23},0,"",{"$f":"IF(C102<=CRONO.NivelExibicao,MAX($AD$15:OFFSET(AD102,-1,0))+IF($C102<>1,1,MAX(1,COUNTIF(QCI!$A$13:$A$24,OFFSET($E102,-1,0)))),\"\")","v":""},"SINAPI 94495",4727,71.97,0.20349999999999999,null,1,null,null,78.23,78.23]
[{"$f":"CHOOSE(1+LOG(1+2*(ORÇAMENTO.Nivel=\"Meta\")+4*(ORÇAMENTO.Nivel=\"Nível 2\")+8*(ORÇAMENTO.Nivel=\"Nível 3\")+16*(ORÇAMENTO.Nivel=\"Nível 4\")+32*(ORÇAMENTO.Nivel=\"Serviço\"),2),0,1,2,3,4,\"S\")","v":"S"},{"$f":"IF(OR(C103=\"s\",C103=0),OFFSET(B103,-1,0),C103)","v":2},{"$f":"IF(OFFSET(C103,-1,0)=\"L\",1,IF(OFFSET(C103,-1,0)=1,2,IF(OR(A103=\"s\",A103=0),\"S\",IF(AND(OFFSET(C103,-1,0)=2,A103=4),3,IF(AND(OR(OFFSET(C103,-1,0)=\"s\",OFFSET(C103,-1,0)=0),A103<>\"s\",A103>OFFSET(B103,-1,0)),OFFSET(B103,-1,0),A103)))))","v":"S"},{"$f":"IF(OR(C103=\"S\",C103=0),0,IF(ISERROR(K103),J103,SMALL(J103:K103,1)))","v":0},{"$f":"IF($C103=1,OFFSET(E103,-1,0)+MAX(1,COUNTIF(QCI!$A$13:$A$24,OFFSET(ORÇAMENTO!E103,-1,0))),OFFSET(E103,-1,0))","v":1},{"$f":"IF($C103=1,0,IF($C103=2,OFFSET(F103,-1,0)+1,OFFSET(F103,-1,0)))","v":8},{"$f":"IF(AND($C103<=2,$C103<>0),0,IF($C103=3,OFFSET(G103,-1,0)+1,OFFSET(G103,-1,0)))","v":0},{"$f":"IF(AND($C103<=3,$C103<>0),0,IF($C103=4,OFFSET(H103,-1,0)+1,OFFSET(H103,-1,0)))","v":0},{"$f":"IF(AND($C103<=4,$C103<>0),0,IF(AND($C103=\"S\",$X103>0),OFFSET(I103,-1,0)+1,OFFSET(I103,-1,0)))","v":11},0,{"$f":"IF(OR($C103=\"S\",$C103=0),0,MATCH(OFFSET($D103,0,$C103)+IF($C103<>1,1,COUNTIF(QCI!$A$13:$A$24,ORÇAMENTO!E103)),OFFSET($D103,1,$C103,ROW($C$154)-ROW($C103)),0))","v":0},{"$f":"IF(OR($X103>0,$C103=1,$C103=2,$C103=3,$C103=4),\"F\",\"\")","v":"F"},"Serviço",{"$f":"CHOOSE(1+LOG(1+2*(C103=1)+4*(C103=2)+8*(C103=3)+16*(C103=4)+32*(C103=\"S\"),2),\"\",\"Meta\",\"Nível 2\",\"Nível 3\",\"Nível 4\",\"Serviço\")","v":"Serviço"},{"$f":"IF(OR($C103=0,$L103=\"\"),\"-\",CONCATENATE(E103&\".\",IF(AND($A$5>=2,$C103>=2),F103&\".\",\"\"),IF(AND($A$5>=3,$C103>=3),G103&\".\",\"\"),IF(AND($A$5>=4,$C103>=4),H103&\".\",\"\"),IF($C103=\"S\",I103&\".\",\"\")))","v":"1.8.11."},"SINAPI","89353","REGISTRO DE GAVETA BRUTO, LATÃO, ROSCÁVEL, 3/4\", FORNECIDO E INSTALADO EM RAMAL DE ÁGUA","UN",{"$f":"OFFSET(CÁLCULO!H$15,ROW($T103)-ROW(T$15),0)","v":1},30,"BDI 1",{"$f":"IF($C103=\"S\",ROUND(IF(TIPOORCAMENTO=\"Proposto\",ORÇAMENTO.CustoUnitario*(1+$AH103),ORÇAMENTO.PrecoUnitarioLicitado),15-13*$AF$10),0)","v":36.11},{"$f":"IF($C103=\"S\",VTOTAL1,IF($C103=0,0,ROUND(SomaAgrup,15-13*$AF$11)))","v":36.11},"RA",{"$f":"IF(AND($C103=\"S\",$X103>0),IF(ISBLANK($Y103),\"RA\",LEFT($Y103,2)),\"\")","v":"RA"},{"$f":"IF($C103=\"S\",IF($Z103=\"CP\",$X103,IF($Z103=\"RA\",(($X103)*QCI!$AA$3),0)),SomaAgrup)","v":36.11},{"$f":"IF($C103=\"S\",IF($Z103=\"OU\",ROUND($X103,2),0),SomaAgrup)","v":0},{"$f":"IF($N103=\"\",\"\",IF(ORÇAMENTO.Descricao=\"\",\"DESCRIÇÃO\",IF(AND($C103=\"S\",ORÇAMENTO.Unidade=\"\"),\"UNIDADE\",IF($X103<0,\"VALOR NEGATIVO\",IF(OR(AND(TIPOORCAMENTO=\"Proposto\",$AG103<>\"\",$AG103>0,ORÇAMENTO.CustoUnitario>$AG103),AND(TIPOORCAMENTO=\"LICITADO\",ORÇAMENTO.PrecoUnitarioLicitado>$AN103)),\"ACIMA REF.\",\"\")))))","v":""},{"$f":"IF(C103<=CRONO.NivelExibicao,MAX($AD$15:OFFSET(AD103,-1,0))+IF($C103<>1,1,MAX(1,COUNTIF(QCI!$A$13:$A$24,OFFSET($E103,-1,0)))),\"\")","v":""},{"$f":"IF(AND($C103=\"S\",ORÇAMENTO.CodBarra<>\"\"),IF(ORÇAMENTO.Fonte=\"\",ORÇAMENTO.CodBarra,CONCATENATE(ORÇAMENTO.Fonte,\" \",ORÇAMENTO.CodBarra)))","v":"SINAPI 89353"},{"$f":"IF(ISERROR(INDIRECT(ORÇAMENTO.BancoRef)),\"(abra o arquivo 'Referência \"&Excel_BuiltIn_Database&\".xls)\",IF(OR($C103<>\"S\",ORÇAMENTO.CodBarra=\"\"),\"(Sem Código)\",IF(ISERROR(MATCH($AE103,INDIRECT(ORÇAMENTO.BancoRef),0)),\"(Código não identificado nas referências)\",MATCH($AE103,INDIRECT(ORÇAMENTO.BancoRef),0))))","v":4708},{"$f":"ROUND(IF(DESONERACAO=\"sim\",REFERENCIA.Desonerado,REFERENCIA.NaoDesonerado),2)","v":33.79},{"$f":"ROUND(IF(ISNUMBER(ORÇAMENTO.OpcaoBDI),ORÇAMENTO.OpcaoBDI,IF(LEFT(ORÇAMENTO.OpcaoBDI,3)=\"BDI\",HLOOKUP(ORÇAMENTO.OpcaoBDI,$F$4:$H$5,2,FALSE),0)),15-11*$AF$9)","v":0.20349999999999999},null,1,null,null,36.11,{"$f":"ROUND(ORÇAMENTO.CustoUnitario*(1+$AH103),2)","v":36.11}]
[{"$f":"CHOOSE(1+LOG(1+2*(ORÇAMENTO.Nivel=\"Meta\")+4*(ORÇAMENTO.Nivel=\"Nível 2\")+8*(ORÇAMENTO.Nivel=\"Nível 3\")+16*(ORÇAMENTO.Nivel=\"Nível 4\")+32*(ORÇAMENTO.Nivel=\"Serviço\"),2),0,1,2,3,4,\"S\")","v":"S"},{"$f":"IF(OR(C104=\"s\",C104=0),OFFSET(B104,-1,0),C104)","v":2},{"$f":"IF(OFFSET(C104,-1,0)=\"L\",1,IF(OFFSET(C104,-1,0)=1,2,IF(OR(A104=\"s\",A104=0),\"S\",IF(AND(OFFSET(C104,-1,0)=2,A104=4),3,IF(AND(OR(OFFSET(C104,-1,0)=\"s\",OFFSET(C104,-1,0)=0),A104<>\"s\",A104>OFFSET(B104,-1,0)),OFFSET(B104,-1,0),A104)))))","v":"S"},{"$f":"IF(OR(C104=\"S\",C104=0),0,IF(ISERROR(K104),J104,SMALL(J104:K104,1)))","v":0},{"$f":"IF($C104=1,OFFSET(E104,-1,0)+MAX(1,COUNTIF(QCI!$A$13:$A$24,OFFSET(ORÇAMENTO!E104,-1,0))),OFFSET(E104,-1,0))","v":1},{"$f":"IF($C104=1,0,IF($C104=2,OFFSET(F104,-1,0)+1,OFFSET(F104,-1,0)))","v":8},{"$f":"IF(AND($C104<=2,$C104<>0),0,IF($C104=3,OFFSET(G104,-1,0)+1,OFFSET(G104,-1,0)))","v":0},{"$f":"IF(AND($C104<=3,$C104<>0),0,IF($C104=4,OFFSET(H104,-1,0)+1,OFFSET(H104,-1,0)))","v":0},{"$f":"IF(AND($C104<=4,$C104<>0),0,IF(AND($C104=\"S\",$X104>0),OFFSET(I104,-1,0)+1,OFFSET(I104,-1,0)))","v":12},0,{"$f":"IF(OR($C104=\"S\",$C104=0),0,MATCH(OFFSET($D104,0,$C104)+IF($C104<>1,1,COUNTIF(QCI!$A$13:$A$24,ORÇAMENTO!E104)),OFFSET($D104,1,$C104,ROW($C$154)-ROW($C104)),0))","v":0},{"$f":"IF(OR($X104>0,$C104=1,$C104=2,$C104=3,$C104=4),\"F\",\"\")","v":"F"},"Serviço",{"$f":"CHOOSE(1+LOG(1+2*(C104=1)+4*(C104=2)+8*(C104=3)+16*(C104=4)+32*(C104=\"S\"),2),\"\",\"Meta\",\"Nível 2\",\"Nível 3\",\"Nível 4\",\"Serviço\")","v":"Serviço"},{"$f":"IF(OR($C104=0,$L104=\"\"),\"-\",CONCATENATE(E104&\".\",IF(AND($A$5>=2,$C104>=2),F104&\".\",\"\"),IF(AND($A$5>=3,$C104>=3),G104&\".\",\"\"),IF(AND($A$5>=4,$C104>=4),H104&\".\",\"\"),IF($C104=\"S\",I104&\".\",\"\")))","v":"1.8.12."},"SINAPI","89352","REGISTRO DE GAVETA BRUTO, LATÃO, ROSCÁVEL, 1/2\", FORNECIDO E INSTALADO EM RAMAL DE ÁGUA","UN",{"$f":"OFFSET(CÁLCULO!H$15,ROW($T104)-ROW(T$15),0)","v":1},30,"BDI 1",{"$f":"IF($C104=\"S\",ROUND(IF(TIPOORCAMENTO=\"Proposto\",ORÇAMENTO.CustoUnitario*(1+$AH104),ORÇAMENTO.PrecoUnitarioLicitado),15-13*$AF$10),0)","v":36.11},{"$f":"IF($C104=\"S\",VTOTAL1,IF($C104=0,0,ROUND(SomaAgrup,15-13*$AF$11)))","v":36.11},"RA",{"$f":"IF(AND($C104=\"S\",$X104>0),IF(ISBLANK($Y104),\"RA\",LEFT($Y104,2)),\"\")","v":"RA"},{"$f":"IF($C104=\"S\",IF($Z104=\"CP\",$X104,IF($Z104=\"RA\",(($X104)*QCI!$AA$3),0)),SomaAgrup)","v":36.11},{"$f":"IF($C104=\"S\",IF($Z104=\"OU\",ROUND($X104,2),0),SomaAgrup)","v":0},{"$f":"IF($N104=\"\",\"\",IF(ORÇAMENTO.Descricao=\"\",\"DESCRIÇÃO\",IF(AND($C104=\"S\",ORÇAMENTO.Unidade=\"\"),\"UNIDADE\",IF($X104<0,\"VALOR NEGATIVO\",IF(OR(AND(TIPOORCAMENTO=\"Proposto\",$AG104<>\"\",$AG104>0,ORÇAMENTO.CustoUnitario>$AG104),AND(TIPOORCAMENTO=\"LICITADO\",ORÇAMENTO.PrecoUnitarioLicitado>$AN104)),\"ACIMA REF.\",\"\")))))","v":""},{"$f":"IF(C104<=CRONO.NivelExibicao,MAX($AD$15:OFFSET(AD104,-1,0))+IF($C104<>1,1,MAX(1,COUNTIF(QCI!$A$13:$A$24,OFFSET($E104,-1,0)))),\"\")","v":""},{"$f":"IF(AND($C104=\"S\",ORÇAMENTO.CodBarra<>\"\"),IF(ORÇAMENTO.Fonte=\"\",ORÇAMENTO.CodBarra,CONCATENATE(ORÇAMENTO.Fonte,\" \",ORÇAMENTO.CodBarra)))","v":"SINAPI 89352"},{"$f":"IF(ISERROR(INDIRECT(ORÇAMENTO.BancoRef)),\"(abra o arquivo 'Referência \"&Excel_BuiltIn_Database&\".xls)\",IF(OR($C104<>\"S\",ORÇAMENTO.CodBarra=\"\"),\"(Sem Código)\",IF(ISERROR(MATCH($AE104,INDIRECT(ORÇAMENTO.BancoRef),0)),\"(Código não identificado nas referências)\",MATCH($AE104,INDIRECT(ORÇAMENTO.BancoRef),0))))","v":4707},{"$f":"ROUND(IF(DESONERACAO=\"sim\",REFERENCIA.Desonerado,REFERENCIA.NaoDesonerado),2)","v":32.47},{"$f":"ROUND(IF(ISNUMBER(ORÇAMENTO.OpcaoBDI),ORÇAMENTO.OpcaoBDI,IF(LEFT(ORÇAMENTO.OpcaoBDI,3)=\"BDI\",HLOOKUP(ORÇAMENTO.OpcaoBDI,$F$4:$H$5,2,FALSE),0)),15-11*$AF$9)","v":0.20349999999999999},null,1,null,null,36.11,{"$f":"ROUND(ORÇAMENTO.CustoUnitario*(1+$AH104),2)","v":36.11}]
["S",2,"S",0,{"$f":"IF($C105=1,OFFSET(E105,-1,0)+MAX(1,COUNTIF(QCI!$A$13:$A$24,OFFSET(ORÇAMENTO!E105,-1,0))),OFFSET(E105,-1,0))","v":1},8,0,0,13,0,{"$f":"IF(OR($C105=\"S\",$C105=0),0,MATCH(OFFSET($D105,0,$C105)+IF($C105<>1,1,COUNTIF(QCI!$A$13:$A$24,ORÇAMENTO!E105)),OFFSET($D105,1,$C105,ROW($C$154)-ROW($C105)),0))","v":0},"F","Serviço","Serviço","1.8.13.","SINAPI",91792,"INSTALAÇÃO DE TUBO DE PVC, SÉRIE NORMAL, ESGOTO PREDIAL, DN 40 MM (INSTALADO EM RAMAL DE DESCARGA OU RAMAL DE ESGOTO SANITÁRIO), INCLUSIVE CONEXÕES, CORTES E FIXAÇÕES","M",{"$f":"OFFSET(CÁLCULO!H$15,ROW($T105)-ROW(T$15),0)","v":4},40,"BDI 1",48.14,192.56,"RA","RA",{"$f":"IF($C105=\"S\",IF($Z105=\"CP\",$X105,IF($Z105=\"RA\",(($X105)*QCI!$AA$3),0)),SomaAgrup)","v":192.56},0,"",{"$f":"IF(C105<=CRONO.NivelExibicao,MAX($AD$15:OFFSET(AD105,-1,0))+IF($C105<>1,1,MAX(1,COUNTIF(QCI!$A$13:$A$24,OFFSET($E105,-1,0)))),\"\")","v":""},"SINAPI 91792",3246,46.8,0.20349999999999999,null,4,null,null,192.56,48.14]
["S",2,"S",0,{"$f":"IF($C106=1,OFFSET(E106,-1,0)+MAX(1,COUNTIF(QCI!$A$13:$A$24,OFFSET(ORÇAMENTO!E106,-1,0))),OFFSET(E106,-1,0))","v":1},8,0,0,14,0,{"$f":"IF(OR($C106=\"S\",$C106=0),0,MATCH(OFFSET($D106,0,$C106)+IF($C106<>1,1,COUNTIF(QCI!$A$13:$A$24,ORÇAMENTO!E106)),OFFSET($D106,1,$C106,ROW($C$154)-ROW($C106)),0))","v":0},"F","Serviço","Serviço","1.8.14.","SINAPI",91793,"INSTALAÇÃO DE TUBO DE PVC, SÉRIE NORMAL, ESGOTO PREDIAL, DN 50 MM (INSTALADO EM RAMAL DE DESCARGA OU RAMAL DE ESGOTO SANITÁRIO), INCLUSIVE CONEXÕES, CORTES E FIXAÇÕES","M",{"$f":"OFFSET(CÁLCULO!H$15,ROW($T106)-ROW(T$15),0)","v":10},60,"BDI 1",72.209999999999994,722.1,"RA","RA",{"$f":"IF($C106=\"S\",IF($Z106=\"CP\",$X106,IF($Z106=\"RA\",(($X106)*QCI!$AA$3),0)),SomaAgrup)","v":722.1},0,"",{"$f":"IF(C106<=CRONO.NivelExibicao,MAX($AD$15:OFFSET(AD106,-1,0))+IF($C106<>1,1,MAX(1,COUNTIF(QCI!$A$13:$A$24,OFFSET($E106,-1,0)))),\"\")","v":""},"SINAPI 91793",3247,67.180000000000007,0.20349999999999999,null,10,null,null,722.1,72.209999999999994]
["S",2,"S",0,{"$f":"IF($C107=1,OFFSET(E107,-1,0)+MAX(1,COUNTIF(QCI!$A$13:$A$24,OFFSET(ORÇAMENTO!E107,-1,0))),OFFSET(E107,-1,0))","v":1},8,0,0,15,0,{"$f":"IF(OR($C107=\"S\",$C107=0),0,MATCH(OFFSET($D107,0,$C107)+IF($C107<>1,1,COUNTIF(QCI!$A$13:$A$24,ORÇAMENTO!E107)),OFFSET($D107,1,$C107,ROW($C$154)-ROW($C107)),0))","v":0},"F","Serviço","Serviço","1.8.15.","SINAPI","91795","INSTALAÇÃO TUBO PVC, SÉRIE N, ESGOTO PREDIAL, 100 MM (INSTALADO RAMAL DESCARGA, RAMAL DE ESGOTO, PRUMADA, VENTILAÇÃO OU SUB-COLETOR AÉREO), INCLUSIVE CONEXÕES E CORTES, FIXAÇÕES","M",{"$f":"OFFSET(CÁLCULO!H$15,ROW($T107)-ROW(T$15),0)","v":25},45,"BDI 1",54.16,1354,"RA","RA",{"$f":"IF($C107=\"S\",IF($Z107=\"CP\",$X107,IF($Z107=\"RA\",(($X107)*QCI!$AA$3),0)),SomaAgrup)","v":1354},0,"",{"$f":"IF(C107<=CRONO.NivelExibicao,MAX($AD$15:OFFSET(AD107,-1,0))+IF($C107<>1,1,MAX(1,COUNTIF(QCI!$A$13:$A$24,OFFSET($E107,-1,0)))),\"\")","v":""},"SINAPI 91795",3249,49.61,0.20349999999999999,null,25,null,null,1354,54.16]
["S",2,"S",0,{"$f":"IF($C108=1,OFFSET(E108,-1,0)+MAX(1,COUNTIF(QCI!$A$13:$A$24,OFFSET(ORÇAMENTO!E108,-1,0))),OFFSET(E108,-1,0))","v":1},8,0,0,16,0,{"$f":"IF(OR($C108=\"S\",$C108=0),0,MATCH(OFFSET($D108,0,$C108)+IF($C108<>1,1,COUNTIF(QCI!$A$13:$A$24,ORÇAMENTO!E108)),OFFSET($D108,1,$C108,ROW($C$154)-ROW($C108)),0))","v":0},"F","Serviço","Serviço","1.8.16.","SINAPI","98104","CAIXA DE GORDURA SIMPLES (CAPACIDADE: 36 L), RETANGULAR, EM ALVENARIA COM TIJOLOS CERÂMICOS MACIÇOS, DIMENSÕES INTERNAS = 0,4X0,4 M, ALTURA INTERNA MÁXIMA = 0,8 M","UN",{"$f":"OFFSET(CÁLCULO!H$15,ROW($T108)-ROW(T$15),0)","v":1},300,"BDI 1",361.05,361.05,"RA","RA",{"$f":"IF($C108=\"S\",IF($Z108=\"CP\",$X108,IF($Z108=\"RA\",(($X108)*QCI!$AA$3),0)),SomaAgrup)","v":361.05},0,"",{"$f":"IF(C108<=CRONO.NivelExibicao,MAX($AD$15:OFFSET(AD108,-1,0))+IF($C108<>1,1,MAX(1,COUNTIF(QCI!$A$13:$A$24,OFFSET($E108,-1,0)))),\"\")","v":""},"SINAPI 98104",4538,320.18,0.20349999999999999,null,1,null,null,361.05,361.05]
["S",2,"S",0,{"$f":"IF($C109=1,OFFSET(E109,-1,0)+MAX(1,COUNTIF(QCI!$A$13:$A$24,OFFSET(ORÇAMENTO!E109,-1,0))),OFFSET(E109,-1,0))","v":1},8,0,0,17,0,{"$f":"IF(OR($C109=\"S\",$C109=0),0,MATCH(OFFSET($D109,0,$C109)+IF($C109<>1,1,COUNTIF(QCI!$A$13:$A$24,ORÇAMENTO!E109)),OFFSET($D109,1,$C109,ROW($C$154)-ROW($C109)),0))","v":0},"F","Serviço","Serviço","1.8.17.","SINAPI","74166/1","CAIXA DE INSPEÇÃO EM CONCRETO PRÉ-MOLDADO DN 60 CM COM TAMPA H= 60 CM - FORNECIMENTO E INSTALAÇÃO","UN",{"$f":"OFFSET(CÁLCULO!H$15,ROW($T109)-ROW(T$15),0)","v":3},200,"BDI 1",240.7,722.1,"RA","RA",{"$f":"IF($C109=\"S\",IF($Z109=\"CP\",$X109,IF($Z109=\"RA\",(($X109)*QCI!$AA$3),0)),SomaAgrup)","v":722.1},0,"",{"$f":"IF(C109<=CRONO.NivelExibicao,MAX($AD$15:OFFSET(AD109,-1,0))+IF($C109<>1,1,MAX(1,COUNTIF(QCI!$A$13:$A$24,OFFSET($E109,-1,0)))),\"\")","v":""},"SINAPI 74166/1",4523,210.73,0.20349999999999999,null,3,null,null,722.1,240.7]
[{"$f":"CHOOSE(1+LOG(1+2*(ORÇAMENTO.Nivel=\"Meta\")+4*(ORÇAMENTO.Nivel=\"Nível 2\")+8*(ORÇAMENTO.Nivel=\"Nível 3\")+16*(ORÇAMENTO.Nivel=\"Nível 4\")+32*(ORÇAMENTO.Nivel=\"Serviço\"),2),0,1,2,3,4,\"S\")","v":"S"},{"$f":"IF(OR(C110=\"s\",C110=0),OFFSET(B110,-1,0),C110)","v":2},{"$f":"IF(OFFSET(C110,-1,0)=\"L\",1,IF(OFFSET(C110,-1,0)=1,2,IF(OR(A110=\"s\",A110=0),\"S\",IF(AND(OFFSET(C110,-1,0)=2,A110=4),3,IF(AND(OR(OFFSET(C110,-1,0)=\"s\",OFFSET(C110,-1,0)=0),A110<>\"s\",A110>OFFSET(B110,-1,0)),OFFSET(B110,-1,0),A110)))))","v":"S"},{"$f":"IF(OR(C110=\"S\",C110=0),0,IF(ISERROR(K110),J110,SMALL(J110:K110,1)))","v":0},{"$f":"IF($C110=1,OFFSET(E110,-1,0)+MAX(1,COUNTIF(QCI!$A$13:$A$24,OFFSET(ORÇAMENTO!E110,-1,0))),OFFSET(E110,-1,0))","v":1},{"$f":"IF($C110=1,0,IF($C110=2,OFFSET(F110,-1,0)+1,OFFSET(F110,-1,0)))","v":8},{"$f":"IF(AND($C110<=2,$C110<>0),0,IF($C110=3,OFFSET(G110,-1,0)+1,OFFSET(G110,-1,0)))","v":0},{"$f":"IF(AND($C110<=3,$C110<>0),0,IF($C110=4,OFFSET(H110,-1,0)+1,OFFSET(H110,-1,0)))","v":0},{"$f":"IF(AND($C110<=4,$C110<>0),0,IF(AND($C110=\"S\",$X110>0),OFFSET(I110,-1,0)+1,OFFSET(I110,-1,0)))","v":18},0,{"$f":"IF(OR($C110=\"S\",$C110=0),0,MATCH(OFFSET($D110,0,$C110)+IF($C110<>1,1,COUNTIF(QCI!$A$13:$A$24,ORÇAMENTO!E110)),OFFSET($D110,1,$C110,ROW($C$154)-ROW($C110)),0))","v":0},{"$f":"IF(OR($X110>0,$C110=1,$C110=2,$C110=3,$C110=4),\"F\",\"\")","v":"F"},"Serviço",{"$f":"CHOOSE(1+LOG(1+2*(C110=1)+4*(C110=2)+8*(C110=3)+16*(C110=4)+32*(C110=\"S\"),2),\"\",\"Meta\",\"Nível 2\",\"Nível 3\",\"Nível 4\",\"Serviço\")","v":"Serviço"},{"$f":"IF(OR($C110=0,$L110=\"\"),\"-\",CONCATENATE(E110&\".\",IF(AND($A$5>=2,$C110>=2),F110&\".\",\"\"),IF(AND($A$5>=3,$C110>=3),G110&\".\",\"\"),IF(AND($A$5>=4,$C110>=4),H110&\".\",\"\"),IF($C110=\"S\",I110&\".\",\"\")))","v":"1.8.18."},"SINAPI","89710","RALO SECO, PVC, DN 100 X 40 MM, JUNTA SOLDÁVEL, FORNECIDO E INSTALADO EM RAMAL DE DESCARGA OU EM RAMAL DE ESGOTO SANITÁRIO","UN",{"$f":"OFFSET(CÁLCULO!H$15,ROW($T110)-ROW(T$15),0)","v":1},7.5,"BDI 1",{"$f":"IF($C110=\"S\",ROUND(IF(TIPOORCAMENTO=\"Proposto\",ORÇAMENTO.CustoUnitario*(1+$AH110),ORÇAMENTO.PrecoUnitarioLicitado),15-13*$AF$10),0)","v":9.0299999999999994},{"$f":"IF($C110=\"S\",VTOTAL1,IF($C110=0,0,ROUND(SomaAgrup,15-13*$AF$11)))","v":9.0299999999999994},"RA",{"$f":"IF(AND($C110=\"S\",$X110>0),IF(ISBLANK($Y110),\"RA\",LEFT($Y110,2)),\"\")","v":"RA"},{"$f":"IF($C110=\"S\",IF($Z110=\"CP\",$X110,IF($Z110=\"RA\",(($X110)*QCI!$AA$3),0)),SomaAgrup)","v":9.0299999999999994},{"$f":"IF($C110=\"S\",IF($Z110=\"OU\",ROUND($X110,2),0),SomaAgrup)","v":0},{"$f":"IF($N110=\"\",\"\",IF(ORÇAMENTO.Descricao=\"\",\"DESCRIÇÃO\",IF(AND($C110=\"S\",ORÇAMENTO.Unidade=\"\"),\"UNIDADE\",IF($X110<0,\"VALOR NEGATIVO\",IF(OR(AND(TIPOORCAMENTO=\"Proposto\",$AG110<>\"\",$AG110>0,ORÇAMENTO.CustoUnitario>$AG110),AND(TIPOORCAMENTO=\"LICITADO\",ORÇAMENTO.PrecoUnitarioLicitado>$AN110)),\"ACIMA REF.\",\"\")))))","v":""},{"$f":"IF(C110<=CRONO.NivelExibicao,MAX($AD$15:OFFSET(AD110,-1,0))+IF($C110<>1,1,MAX(1,COUNTIF(QCI!$A$13:$A$24,OFFSET($E110,-1,0)))),\"\")","v":""},{"$f":"IF(AND($C110=\"S\",ORÇAMENTO.CodBarra<>\"\"),IF(ORÇAMENTO.Fonte=\"\",ORÇAMENTO.CodBarra,CONCATENATE(ORÇAMENTO.Fonte,\" \",ORÇAMENTO.CodBarra)))","v":"SINAPI 89710"},{"$f":"IF(ISERROR(INDIRECT(ORÇAMENTO.BancoRef)),\"(abra o arquivo 'Referência \"&Excel_BuiltIn_Database&\".xls)\",IF(OR($C110<>\"S\",ORÇAMENTO.CodBarra=\"\"),\"(Sem Código)\",IF(ISERROR(MATCH($AE110,INDIRECT(ORÇAMENTO.BancoRef),0)),\"(Código não identificado nas referências)\",MATCH($AE110,INDIRECT(ORÇAMENTO.BancoRef),0))))","v":4558},{"$f":"ROUND(IF(DESONERACAO=\"sim\",REFERENCIA.Desonerado,REFERENCIA.NaoDesonerado),2)","v":8.4},{"$f":"ROUND(IF(ISNUMBER(ORÇAMENTO.OpcaoBDI),ORÇAMENTO.OpcaoBDI,IF(LEFT(ORÇAMENTO.OpcaoBDI,3)=\"BDI\",HLOOKUP(ORÇAMENTO.OpcaoBDI,$F$4:$H$5,2,FALSE),0)),15-11*$AF$9)","v":0.20349999999999999},null,1,null,null,9.0299999999999994,{"$f":"ROUND(ORÇAMENTO.CustoUnitario*(1+$AH110),2)","v":9.0299999999999994}]
["S",2,"S",0,{"$f":"IF($C111=1,OFFSET(E111,-1,0)+MAX(1,COUNTIF(QCI!$A$13:$A$24,OFFSET(ORÇAMENTO!E111,-1,0))),OFFSET(E111,-1,0))","v":1},8,0,0,19,0,{"$f":"IF(OR($C111=\"S\",$C111=0),0,MATCH(OFFSET($D111,0,$C111)+IF($C111<>1,1,COUNTIF(QCI!$A$13:$A$24,ORÇAMENTO!E111)),OFFSET($D111,1,$C111,ROW($C$154)-ROW($C111)),0))","v":0},"F","Serviço","Serviço","1.8.19.","SINAPI-I","11712","CAIXA SIFONADA PVC, 150 X 150 X 50 MM, COM GRELHA QUADRADA BRANCA (NBR 5688)","UN    ",{"$f":"OFFSET(CÁLCULO!H$15,ROW($T111)-ROW(T$15),0)","v":1},20,"BDI 1",24.07,24.07,"RA","RA",{"$f":"IF($C111=\"S\",IF($Z111=\"CP\",$X111,IF($Z111=\"RA\",(($X111)*QCI!$AA$3),0)),SomaAgrup)","v":24.07},0,"",{"$f":"IF(C111<=CRONO.NivelExibicao,MAX($AD$15:OFFSET(AD111,-1,0))+IF($C111<>1,1,MAX(1,COUNTIF(QCI!$A$13:$A$24,OFFSET($E111,-1,0)))),\"\")","v":""},"SINAPI-I 11712",7535,23,0.20349999999999999,null,1,null,null,24.07,24.07]
[{"$f":"CHOOSE(1+LOG(1+2*(ORÇAMENTO.Nivel=\"Meta\")+4*(ORÇAMENTO.Nivel=\"Nível 2\")+8*(ORÇAMENTO.Nivel=\"Nível 3\")+16*(ORÇAMENTO.Nivel=\"Nível 4\")+32*(ORÇAMENTO.Nivel=\"Serviço\"),2),0,1,2,3,4,\"S\")","v":"S"},{"$f":"IF(OR(C112=\"s\",C112=0),OFFSET(B112,-1,0),C112)","v":2},{"$f":"IF(OFFSET(C112,-1,0)=\"L\",1,IF(OFFSET(C112,-1,0)=1,2,IF(OR(A112=\"s\",A112=0),\"S\",IF(AND(OFFSET(C112,-1,0)=2,A112=4),3,IF(AND(OR(OFFSET(C112,-1,0)=\"s\",OFFSET(C112,-1,0)=0),A112<>\"s\",A112>OFFSET(B112,-1,0)),OFFSET(B112,-1,0),A112)))))","v":"S"},{"$f":"IF(OR(C112=\"S\",C112=0),0,IF(ISERROR(K112),J112,SMALL(J112:K112,1)))","v":0},{"$f":"IF($C112=1,OFFSET(E112,-1,0)+MAX(1,COUNTIF(QCI!$A$13:$A$24,OFFSET(ORÇAMENTO!E112,-1,0))),OFFSET(E112,-1,0))","v":1},{"$f":"IF($C112=1,0,IF($C112=2,OFFSET(F112,-1,0)+1,OFFSET(F112,-1,0)))","v":8},{"$f":"IF(AND($C112<=2,$C112<>0),0,IF($C112=3,OFFSET(G112,-1,0)+1,OFFSET(G112,-1,0)))","v":0},{"$f":"IF(AND($C112<=3,$C112<>0),0,IF($C112=4,OFFSET(H112,-1,0)+1,OFFSET(H112,-1,0)))","v":0},{"$f":"IF(AND($C112<=4,$C112<>0),0,IF(AND($C112=\"S\",$X112>0),OFFSET(I112,-1,0)+1,OFFSET(I112,-1,0)))","v":20},0,{"$f":"IF(OR($C112=\"S\",$C112=0),0,MATCH(OFFSET($D112,0,$C112)+IF($C112<>1,1,COUNTIF(QCI!$A$13:$A$24,ORÇAMENTO!E112)),OFFSET($D112,1,$C112,ROW($C$154)-ROW($C112)),0))","v":0},{"$f":"IF(OR($X112>0,$C112=1,$C112=2,$C112=3,$C112=4),\"F\",\"\")","v":"F"},"Serviço",{"$f":"CHOOSE(1+LOG(1+2*(C112=1)+4*(C112=2)+8*(C112=3)+16*(C112=4)+32*(C112=\"S\"),2),\"\",\"Meta\",\"Nível 2\",\"Nível 3\",\"Nível 4\",\"Serviço\")","v":"Serviço"},{"$f":"IF(OR($C112=0,$L112=\"\"),\"-\",CONCATENATE(E112&\".\",IF(AND($A$5>=2,$C112>=2),F112&\".\",\"\"),IF(AND($A$5>=3,$C112>=3),G112&\".\",\"\"),IF(AND($A$5>=4,$C112>=4),H112&\".\",\"\"),IF($C112=\"S\",I112&\".\",\"\")))","v":"1.8.20."},"SINAPI","98054","TANQUE SÉPTICO CIRCULAR, EM CONCRETO PRÉ-MOLDADO, DIÂMETRO INTERNO = 1,88 M, ALTURA INTERNA = 2,50 M, VOLUME ÚTIL: 6245,8 L (PARA 32 CONTRIBUINTES)","UN",{"$f":"OFFSET(CÁLCULO!H$15,ROW($T112)-ROW(T$15),0)","v":1},2200,"BDI 1",{"$f":"IF($C112=\"S\",ROUND(IF(TIPOORCAMENTO=\"Proposto\",ORÇAMENTO.CustoUnitario*(1+$AH112),ORÇAMENTO.PrecoUnitarioLicitado),15-13*$AF$10),0)","v":2647.7},{"$f":"IF($C112=\"S\",VTOTAL1,IF($C112=0,0,ROUND(SomaAgrup,15-13*$AF$11)))","v":2647.7},"RA",{"$f":"IF(AND($C112=\"S\",$X112>0),IF(ISBLANK($Y112),\"RA\",LEFT($Y112,2)),\"\")","v":"RA"},{"$f":"IF($C112=\"S\",IF($Z112=\"CP\",$X112,IF($Z112=\"RA\",(($X112)*QCI!$AA$3),0)),SomaAgrup)","v":2647.7},{"$f":"IF($C112=\"S\",IF($Z112=\"OU\",ROUND($X112,2),0),SomaAgrup)","v":0},{"$f":"IF($N112=\"\",\"\",IF(ORÇAMENTO.Descricao=\"\",\"DESCRIÇÃO\",IF(AND($C112=\"S\",ORÇAMENTO.Unidade=\"\"),\"UNIDADE\",IF($X112<0,\"VALOR NEGATIVO\",IF(OR(AND(TIPOORCAMENTO=\"Proposto\",$AG112<>\"\",$AG112>0,ORÇAMENTO.CustoUnitario>$AG112),AND(TIPOORCAMENTO=\"LICITADO\",ORÇAMENTO.PrecoUnitarioLicitado>$AN112)),\"ACIMA REF.\",\"\")))))","v":""},{"$f":"IF(C112<=CRONO.NivelExibicao,MAX($AD$15:OFFSET(AD112,-1,0))+IF($C112<>1,1,MAX(1,COUNTIF(QCI!$A$13:$A$24,OFFSET($E112,-1,0)))),\"\")","v":""},{"$f":"IF(AND($C112=\"S\",ORÇAMENTO.CodBarra<>\"\"),IF(ORÇAMENTO.Fonte=\"\",ORÇAMENTO.CodBarra,CONCATENATE(ORÇAMENTO.Fonte,\" \",ORÇAMENTO.CodBarra)))","v":"SINAPI 98054"},{"$f":"IF(ISERROR(INDIRECT(ORÇAMENTO.BancoRef)),\"(abra o arquivo 'Referência \"&Excel_BuiltIn_Database&\".xls)\",IF(OR($C112<>\"S\",ORÇAMENTO.CodBarra=\"\"),\"(Sem Código)\",IF(ISERROR(MATCH($AE112,INDIRECT(ORÇAMENTO.BancoRef),0)),\"(Código não identificado nas referências)\",MATCH($AE112,INDIRECT(ORÇAMENTO.BancoRef),0))))","v":4662},{"$f":"ROUND(IF(DESONERACAO=\"sim\",REFERENCIA.Desonerado,REFERENCIA.NaoDesonerado),2)","v":2488.5700000000002},{"$f":"ROUND(IF(ISNUMBER(ORÇAMENTO.OpcaoBDI),ORÇAMENTO.OpcaoBDI,IF(LEFT(ORÇAMENTO.OpcaoBDI,3)=\"BDI\",HLOOKUP(ORÇAMENTO.OpcaoBDI,$F$4:$H$5,2,FALSE),0)),15-11*$AF$9)","v":0.20349999999999999},null,1,null,null,2647.7,{"$f":"ROUND(ORÇAMENTO.CustoUnitario*(1+$AH112),2)","v":2647.7}]
[{"$f":"CHOOSE(1+LOG(1+2*(ORÇAMENTO.Nivel=\"Meta\")+4*(ORÇAMENTO.Nivel=\"Nível 2\")+8*(ORÇAMENTO.Nivel=\"Nível 3\")+16*(ORÇAMENTO.Nivel=\"Nível 4\")+32*(ORÇAMENTO.Nivel=\"Serviço\"),2),0,1,2,3,4,\"S\")","v":"S"},{"$f":"IF(OR(C113=\"s\",C113=0),OFFSET(B113,-1,0),C113)","v":2},{"$f":"IF(OFFSET(C113,-1,0)=\"L\",1,IF(OFFSET(C113,-1,0)=1,2,IF(OR(A113=\"s\",A113=0),\"S\",IF(AND(OFFSET(C113,-1,0)=2,A113=4),3,IF(AND(OR(OFFSET(C113,-1,0)=\"s\",OFFSET(C113,-1,0)=0),A113<>\"s\",A113>OFFSET(B113,-1,0)),OFFSET(B113,-1,0),A113)))))","v":"S"},{"$f":"IF(OR(C113=\"S\",C113=0),0,IF(ISERROR(K113),J113,SMALL(J113:K113,1)))","v":0},{"$f":"IF($C113=1,OFFSET(E113,-1,0)+MAX(1,COUNTIF(QCI!$A$13:$A$24,OFFSET(ORÇAMENTO!E113,-1,0))),OFFSET(E113,-1,0))","v":1},{"$f":"IF($C113=1,0,IF($C113=2,OFFSET(F113,-1,0)+1,OFFSET(F113,-1,0)))","v":8},{"$f":"IF(AND($C113<=2,$C113<>0),0,IF($C113=3,OFFSET(G113,-1,0)+1,OFFSET(G113,-1,0)))","v":0},{"$f":"IF(AND($C113<=3,$C113<>0),0,IF($C113=4,OFFSET(H113,-1,0)+1,OFFSET(H113,-1,0)))","v":0},{"$f":"IF(AND($C113<=4,$C113<>0),0,IF(AND($C113=\"S\",$X113>0),OFFSET(I113,-1,0)+1,OFFSET(I113,-1,0)))","v":21},0,{"$f":"IF(OR($C113=\"S\",$C113=0),0,MATCH(OFFSET($D113,0,$C113)+IF($C113<>1,1,COUNTIF(QCI!$A$13:$A$24,ORÇAMENTO!E113)),OFFSET($D113,1,$C113,ROW($C$154)-ROW($C113)),0))","v":0},{"$f":"IF(OR($X113>0,$C113=1,$C113=2,$C113=3,$C113=4),\"F\",\"\")","v":"F"},"Serviço",{"$f":"CHOOSE(1+LOG(1+2*(C113=1)+4*(C113=2)+8*(C113=3)+16*(C113=4)+32*(C113=\"S\"),2),\"\",\"Meta\",\"Nível 2\",\"Nível 3\",\"Nível 4\",\"Serviço\")","v":"Serviço"},{"$f":"IF(OR($C113=0,$L113=\"\"),\"-\",CONCATENATE(E113&\".\",IF(AND($A$5>=2,$C113>=2),F113&\".\",\"\"),IF(AND($A$5>=3,$C113>=3),G113&\".\",\"\"),IF(AND($A$5>=4,$C113>=4),H113&\".\",\"\"),IF($C113=\"S\",I113&\".\",\"\")))","v":"1.8.21."},"AMMOC","137","SUMIDOURO EM ANEL PRÉ MOLDADO FURADO D=2M, H= 2,00 M, INCLUSO ESCAVAÇÃO, REJUNTAMENTO, FUNDO, PREENCHIMENTO EM RACHÃO E TAMPA","UN",{"$f":"OFFSET(CÁLCULO!H$15,ROW($T113)-ROW(T$15),0)","v":1},1800,"BDI 1",{"$f":"IF($C113=\"S\",ROUND(IF(TIPOORCAMENTO=\"Proposto\",ORÇAMENTO.CustoUnitario*(1+$AH113),ORÇAMENTO.PrecoUnitarioLicitado),15-13*$AF$10),0)","v":2166.3000000000002},{"$f":"IF($C113=\"S\",VTOTAL1,IF($C113=0,0,ROUND(SomaAgrup,15-13*$AF$11)))","v":2166.3000000000002},"RA",{"$f":"IF(AND($C113=\"S\",$X113>0),IF(ISBLANK($Y113),\"RA\",LEFT($Y113,2)),\"\")","v":"RA"},{"$f":"IF($C113=\"S\",IF($Z113=\"CP\",$X113,IF($Z113=\"RA\",(($X113)*QCI!$AA$3),0)),SomaAgrup)","v":2166.3000000000002},{"$f":"IF($C113=\"S\",IF($Z113=\"OU\",ROUND($X113,2),0),SomaAgrup)","v":0},{"$f":"IF($N113=\"\",\"\",IF(ORÇAMENTO.Descricao=\"\",\"DESCRIÇÃO\",IF(AND($C113=\"S\",ORÇAMENTO.Unidade=\"\"),\"UNIDADE\",IF($X113<0,\"VALOR NEGATIVO\",IF(OR(AND(TIPOORCAMENTO=\"Proposto\",$AG113<>\"\",$AG113>0,ORÇAMENTO.CustoUnitario>$AG113),AND(TIPOORCAMENTO=\"LICITADO\",ORÇAMENTO.PrecoUnitarioLicitado>$AN113)),\"ACIMA REF.\",\"\")))))","v":""},{"$f":"IF(C113<=CRONO.NivelExibicao,MAX($AD$15:OFFSET(AD113,-1,0))+IF($C113<>1,1,MAX(1,COUNTIF(QCI!$A$13:$A$24,OFFSET($E113,-1,0)))),\"\")","v":""},{"$f":"IF(AND($C113=\"S\",ORÇAMENTO.CodBarra<>\"\"),IF(ORÇAMENTO.Fonte=\"\",ORÇAMENTO.CodBarra,CONCATENATE(ORÇAMENTO.Fonte,\" \",ORÇAMENTO.CodBarra)))","v":"AMMOC 137"},{"$f":"IF(ISERROR(INDIRECT(ORÇAMENTO.BancoRef)),\"(abra o arquivo 'Referência \"&Excel_BuiltIn_Database&\".xls)\",IF(OR($C113<>\"S\",ORÇAMENTO.CodBarra=\"\"),\"(Sem Código)\",IF(ISERROR(MATCH($AE113,INDIRECT(ORÇAMENTO.BancoRef),0)),\"(Código não identificado nas referências)\",MATCH($AE113,INDIRECT(ORÇAMENTO.BancoRef),0))))","v":138},{"$f":"ROUND(IF(DESONERACAO=\"sim\",REFERENCIA.Desonerado,REFERENCIA.NaoDesonerado),2)","v":2081.15},{"$f":"ROUND(IF(ISNUMBER(ORÇAMENTO.OpcaoBDI),ORÇAMENTO.OpcaoBDI,IF(LEFT(ORÇAMENTO.OpcaoBDI,3)=\"BDI\",HLOOKUP(ORÇAMENTO.OpcaoBDI,$F$4:$H$5,2,FALSE),0)),15-11*$AF$9)","v":0.20349999999999999},null,1,null,null,2166.3000000000002,{"$f":"ROUND(ORÇAMENTO.CustoUnitario*(1+$AH113),2)","v":2166.3000000000002}]
[2,2,2,21,{"$f":"IF($C114=1,OFFSET(E114,-1,0)+MAX(1,COUNTIF(QCI!$A$13:$A$24,OFFSET(ORÇAMENTO!E114,-1,0))),OFFSET(E114,-1,0))","v":1},9,0,0,0,40,{"$f":"IF(OR($C114=\"S\",$C114=0),0,MATCH(OFFSET($D114,0,$C114)+IF($C114<>1,1,COUNTIF(QCI!$A$13:$A$24,ORÇAMENTO!E114)),OFFSET($D114,1,$C114,ROW($C$154)-ROW($C114)),0))","v":21},"F","Nível 2","Nível 2","1.9.","SINAPI",null,"INSTALAÇÕES ELÉTRICAS","-",{"$f":"OFFSET(CÁLCULO!H$15,ROW($T114)-ROW(T$15),0)","v":0},0,"BDI 1",0,17071.47,"RA","",{"$f":"IF($C114=\"S\",IF($Z114=\"CP\",$X114,IF($Z114=\"RA\",(($X114)*QCI!$AA$3),0)),SomaAgrup)","v":17071.470000000005},0,"",{"$f":"IF(C114<=CRONO.NivelExibicao,MAX($AD$15:OFFSET(AD114,-1,0))+IF($C114<>1,1,MAX(1,COUNTIF(QCI!$A$13:$A$24,OFFSET($E114,-1,0)))),\"\")","v":10},false,"(Sem Código)",0,0.20349999999999999,null,null,null,null,17071.47,0]
[{"$f":"CHOOSE(1+LOG(1+2*(ORÇAMENTO.Nivel=\"Meta\")+4*(ORÇAMENTO.Nivel=\"Nível 2\")+8*(ORÇAMENTO.Nivel=\"Nível 3\")+16*(ORÇAMENTO.Nivel=\"Nível 4\")+32*(ORÇAMENTO.Nivel=\"Serviço\"),2),0,1,2,3,4,\"S\")","v":"S"},{"$f":"IF(OR(C115=\"s\",C115=0),OFFSET(B115,-1,0),C115)","v":2},{"$f":"IF(OFFSET(C115,-1,0)=\"L\",1,IF(OFFSET(C115,-1,0)=1,2,IF(OR(A115=\"s\",A115=0),\"S\",IF(AND(OFFSET(C115,-1,0)=2,A115=4),3,IF(AND(OR(OFFSET(C115,-1,0)=\"s\",OFFSET(C115,-1,0)=0),A115<>\"s\",A115>OFFSET(B115,-1,0)),OFFSET(B115,-1,0),A115)))))","v":"S"},{"$f":"IF(OR(C115=\"S\",C115=0),0,IF(ISERROR(K115),J115,SMALL(J115:K115,1)))","v":0},{"$f":"IF($C115=1,OFFSET(E115,-1,0)+MAX(1,COUNTIF(QCI!$A$13:$A$24,OFFSET(ORÇAMENTO!E115,-1,0))),OFFSET(E115,-1,0))","v":1},{"$f":"IF($C115=1,0,IF($C115=2,OFFSET(F115,-1,0)+1,OFFSET(F115,-1,0)))","v":9},{"$f":"IF(AND($C115<=2,$C115<>0),0,IF($C115=3,OFFSET(G115,-1,0)+1,OFFSET(G115,-1,0)))","v":0},{"$f":"IF(AND($C115<=3,$C115<>0),0,IF($C115=4,OFFSET(H115,-1,0)+1,OFFSET(H115,-1,0)))","v":0},{"$f":"IF(AND($C115<=4,$C115<>0),0,IF(AND($C115=\"S\",$X115>0),OFFSET(I115,-1,0)+1,OFFSET(I115,-1,0)))","v":1},0,{"$f":"IF(OR($C115=\"S\",$C115=0),0,MATCH(OFFSET($D115,0,$C115)+IF($C115<>1,1,COUNTIF(QCI!$A$13:$A$24,ORÇAMENTO!E115)),OFFSET($D115,1,$C115,ROW($C$154)-ROW($C115)),0))","v":0},{"$f":"IF(OR($X115>0,$C115=1,$C115=2,$C115=3,$C115=4),\"F\",\"\")","v":"F"},"Serviço",{"$f":"CHOOSE(1+LOG(1+2*(C115=1)+4*(C115=2)+8*(C115=3)+16*(C115=4)+32*(C115=\"S\"),2),\"\",\"Meta\",\"Nível 2\",\"Nível 3\",\"Nível 4\",\"Serviço\")","v":"Serviço"},{"$f":"IF(OR($C115=0,$L115=\"\"),\"-\",CONCATENATE(E115&\".\",IF(AND($A$5>=2,$C115>=2),F115&\".\",\"\"),IF(AND($A$5>=3,$C115>=3),G115&\".\",\"\"),IF(AND($A$5>=4,$C115>=4),H115&\".\",\"\"),IF($C115=\"S\",I115&\".\",\"\")))","v":"1.9.1."},"AMMOC","72","ENTRADA DE ENERGIA ELÉTRICA POSTE PADRÃO CELESC","UN ",{"$f":"OFFSET(CÁLCULO!H$15,ROW($T115)-ROW(T$15),0)","v":1},1800,"BDI 1",{"$f":"IF($C115=\"S\",ROUND(IF(TIPOORCAMENTO=\"Proposto\",ORÇAMENTO.CustoUnitario*(1+$AH115),ORÇAMENTO.PrecoUnitarioLicitado),15-13*$AF$10),0)","v":2166.3000000000002},{"$f":"IF($C115=\"S\",VTOTAL1,IF($C115=0,0,ROUND(SomaAgrup,15-13*$AF$11)))","v":2166.3000000000002},"RA",{"$f":"IF(AND($C115=\"S\",$X115>0),IF(ISBLANK($Y115),\"RA\",LEFT($Y115,2)),\"\")","v":"RA"},{"$f":"IF($C115=\"S\",IF($Z115=\"CP\",$X115,IF($Z115=\"RA\",(($X115)*QCI!$AA$3),0)),SomaAgrup)","v":2166.3000000000002},{"$f":"IF($C115=\"S\",IF($Z115=\"OU\",ROUND($X115,2),0),SomaAgrup)","v":0},{"$f":"IF($N115=\"\",\"\",IF(ORÇAMENTO.Descricao=\"\",\"DESCRIÇÃO\",IF(AND($C115=\"S\",ORÇAMENTO.Unidade=\"\"),\"UNIDADE\",IF($X115<0,\"VALOR NEGATIVO\",IF(OR(AND(TIPOORCAMENTO=\"Proposto\",$AG115<>\"\",$AG115>0,ORÇAMENTO.CustoUnitario>$AG115),AND(TIPOORCAMENTO=\"LICITADO\",ORÇAMENTO.PrecoUnitarioLicitado>$AN115)),\"ACIMA REF.\",\"\")))))","v":""},{"$f":"IF(C115<=CRONO.NivelExibicao,MAX($AD$15:OFFSET(AD115,-1,0))+IF($C115<>1,1,MAX(1,COUNTIF(QCI!$A$13:$A$24,OFFSET($E115,-1,0)))),\"\")","v":""},{"$f":"IF(AND($C115=\"S\",ORÇAMENTO.CodBarra<>\"\"),IF(ORÇAMENTO.Fonte=\"\",ORÇAMENTO.CodBarra,CONCATENATE(ORÇAMENTO.Fonte,\" \",ORÇAMENTO.CodBarra)))","v":"AMMOC 72"},{"$f":"IF(ISERROR(INDIRECT(ORÇAMENTO.BancoRef)),\"(abra o arquivo 'Referência \"&Excel_BuiltIn_Database&\".xls)\",IF(OR($C115<>\"S\",ORÇAMENTO.CodBarra=\"\"),\"(Sem Código)\",IF(ISERROR(MATCH($AE115,INDIRECT(ORÇAMENTO.BancoRef),0)),\"(Código não identificado nas referências)\",MATCH($AE115,INDIRECT(ORÇAMENTO.BancoRef),0))))","v":74},{"$f":"ROUND(IF(DESONERACAO=\"sim\",REFERENCIA.Desonerado,REFERENCIA.NaoDesonerado),2)","v":1952.83},{"$f":"ROUND(IF(ISNUMBER(ORÇAMENTO.OpcaoBDI),ORÇAMENTO.OpcaoBDI,IF(LEFT(ORÇAMENTO.OpcaoBDI,3)=\"BDI\",HLOOKUP(ORÇAMENTO.OpcaoBDI,$F$4:$H$5,2,FALSE),0)),15-11*$AF$9)","v":0.20349999999999999},null,1,null,null,2166.3000000000002,{"$f":"ROUND(ORÇAMENTO.CustoUnitario*(1+$AH115),2)","v":2166.3000000000002}]
[{"$f":"CHOOSE(1+LOG(1+2*(ORÇAMENTO.Nivel=\"Meta\")+4*(ORÇAMENTO.Nivel=\"Nível 2\")+8*(ORÇAMENTO.Nivel=\"Nível 3\")+16*(ORÇAMENTO.Nivel=\"Nível 4\")+32*(ORÇAMENTO.Nivel=\"Serviço\"),2),0,1,2,3,4,\"S\")","v":"S"},{"$f":"IF(OR(C116=\"s\",C116=0),OFFSET(B116,-1,0),C116)","v":2},{"$f":"IF(OFFSET(C116,-1,0)=\"L\",1,IF(OFFSET(C116,-1,0)=1,2,IF(OR(A116=\"s\",A116=0),\"S\",IF(AND(OFFSET(C116,-1,0)=2,A116=4),3,IF(AND(OR(OFFSET(C116,-1,0)=\"s\",OFFSET(C116,-1,0)=0),A116<>\"s\",A116>OFFSET(B116,-1,0)),OFFSET(B116,-1,0),A116)))))","v":"S"},{"$f":"IF(OR(C116=\"S\",C116=0),0,IF(ISERROR(K116),J116,SMALL(J116:K116,1)))","v":0},{"$f":"IF($C116=1,OFFSET(E116,-1,0)+MAX(1,COUNTIF(QCI!$A$13:$A$24,OFFSET(ORÇAMENTO!E116,-1,0))),OFFSET(E116,-1,0))","v":1},{"$f":"IF($C116=1,0,IF($C116=2,OFFSET(F116,-1,0)+1,OFFSET(F116,-1,0)))","v":9},{"$f":"IF(AND($C116<=2,$C116<>0),0,IF($C116=3,OFFSET(G116,-1,0)+1,OFFSET(G116,-1,0)))","v":0},{"$f":"IF(AND($C116<=3,$C116<>0),0,IF($C116=4,OFFSET(H116,-1,0)+1,OFFSET(H116,-1,0)))","v":0},{"$f":"IF(AND($C116<=4,$C116<>0),0,IF(AND($C116=\"S\",$X116>0),OFFSET(I116,-1,0)+1,OFFSET(I116,-1,0)))","v":2},{"$f":"IF(OR($C116=\"S\",$C116=0),0,MATCH(0,OFFSET($D116,1,$C116,ROW($C$154)-ROW($C116)),0))","v":0},{"$f":"IF(OR($C116=\"S\",$C116=0),0,MATCH(OFFSET($D116,0,$C116)+IF($C116<>1,1,COUNTIF(QCI!$A$13:$A$24,ORÇAMENTO!E116)),OFFSET($D116,1,$C116,ROW($C$154)-ROW($C116)),0))","v":0},{"$f":"IF(OR($X116>0,$C116=1,$C116=2,$C116=3,$C116=4),\"F\",\"\")","v":"F"},"Serviço",{"$f":"CHOOSE(1+LOG(1+2*(C116=1)+4*(C116=2)+8*(C116=3)+16*(C116=4)+32*(C116=\"S\"),2),\"\",\"Meta\",\"Nível 2\",\"Nível 3\",\"Nível 4\",\"Serviço\")","v":"Serviço"},{"$f":"IF(OR($C116=0,$L116=\"\"),\"-\",CONCATENATE(E116&\".\",IF(AND($A$5>=2,$C116>=2),F116&\".\",\"\"),IF(AND($A$5>=3,$C116>=3),G116&\".\",\"\"),IF(AND($A$5>=4,$C116>=4),H116&\".\",\"\"),IF($C116=\"S\",I116&\".\",\"\")))","v":"1.9.2."},"SINAPI-I","11251","CAIXA DE PASSAGEM/ LUZ / TELEFONIA, DE EMBUTIR,  EM CHAPA DE ACO GALVANIZADO, DIMENSOES 40 X 40 X *12* CM (PADRAO CONCESSIONARIA LOCAL)","UN    ",{"$f":"OFFSET(CÁLCULO!H$15,ROW($T116)-ROW(T$15),0)","v":1},75,"BDI 1",{"$f":"IF($C116=\"S\",ROUND(IF(TIPOORCAMENTO=\"Proposto\",ORÇAMENTO.CustoUnitario*(1+$AH116),ORÇAMENTO.PrecoUnitarioLicitado),15-13*$AF$10),0)","v":90.26},{"$f":"IF($C116=\"S\",VTOTAL1,IF($C116=0,0,ROUND(SomaAgrup,15-13*$AF$11)))","v":90.26},"RA",{"$f":"IF(AND($C116=\"S\",$X116>0),IF(ISBLANK($Y116),\"RA\",LEFT($Y116,2)),\"\")","v":"RA"},{"$f":"IF($C116=\"S\",IF($Z116=\"CP\",$X116,IF($Z116=\"RA\",(($X116)*QCI!$AA$3),0)),SomaAgrup)","v":90.26},{"$f":"IF($C116=\"S\",IF($Z116=\"OU\",ROUND($X116,2),0),SomaAgrup)","v":0},{"$f":"IF($N116=\"\",\"\",IF(ORÇAMENTO.Descricao=\"\",\"DESCRIÇÃO\",IF(AND($C116=\"S\",ORÇAMENTO.Unidade=\"\"),\"UNIDADE\",IF($X116<0,\"VALOR NEGATIVO\",IF(OR(AND(TIPOORCAMENTO=\"Proposto\",$AG116<>\"\",$AG116>0,ORÇAMENTO.CustoUnitario>$AG116),AND(TIPOORCAMENTO=\"LICITADO\",ORÇAMENTO.PrecoUnitarioLicitado>$AN116)),\"ACIMA REF.\",\"\")))))","v":""},{"$f":"IF(C116<=CRONO.NivelExibicao,MAX($AD$15:OFFSET(AD116,-1,0))+IF($C116<>1,1,MAX(1,COUNTIF(QCI!$A$13:$A$24,OFFSET($E116,-1,0)))),\"\")","v":""},{"$f":"IF(AND($C116=\"S\",ORÇAMENTO.CodBarra<>\"\"),IF(ORÇAMENTO.Fonte=\"\",ORÇAMENTO.CodBarra,CONCATENATE(ORÇAMENTO.Fonte,\" \",ORÇAMENTO.CodBarra)))","v":"SINAPI-I 11251"},{"$f":"IF(ISERROR(INDIRECT(ORÇAMENTO.BancoRef)),\"(abra o arquivo 'Referência \"&Excel_BuiltIn_Database&\".xls)\",IF(OR($C116<>\"S\",ORÇAMENTO.CodBarra=\"\"),\"(Sem Código)\",IF(ISERROR(MATCH($AE116,INDIRECT(ORÇAMENTO.BancoRef),0)),\"(Código não identificado nas referências)\",MATCH($AE116,INDIRECT(ORÇAMENTO.BancoRef),0))))","v":7506},{"$f":"ROUND(IF(DESONERACAO=\"sim\",REFERENCIA.Desonerado,REFERENCIA.NaoDesonerado),2)","v":81.73},{"$f":"ROUND(IF(ISNUMBER(ORÇAMENTO.OpcaoBDI),ORÇAMENTO.OpcaoBDI,IF(LEFT(ORÇAMENTO.OpcaoBDI,3)=\"BDI\",HLOOKUP(ORÇAMENTO.OpcaoBDI,$F$4:$H$5,2,FALSE),0)),15-11*$AF$9)","v":0.20349999999999999},null,1,null,null,90.26,{"$f":"ROUND(ORÇAMENTO.CustoUnitario*(1+$AH116),2)","v":90.26}]
[{"$f":"CHOOSE(1+LOG(1+2*(ORÇAMENTO.Nivel=\"Meta\")+4*(ORÇAMENTO.Nivel=\"Nível 2\")+8*(ORÇAMENTO.Nivel=\"Nível 3\")+16*(ORÇAMENTO.Nivel=\"Nível 4\")+32*(ORÇAMENTO.Nivel=\"Serviço\"),2),0,1,2,3,4,\"S\")","v":"S"},{"$f":"IF(OR(C117=\"s\",C117=0),OFFSET(B117,-1,0),C117)","v":2},{"$f":"IF(OFFSET(C117,-1,0)=\"L\",1,IF(OFFSET(C117,-1,0)=1,2,IF(OR(A117=\"s\",A117=0),\"S\",IF(AND(OFFSET(C117,-1,0)=2,A117=4),3,IF(AND(OR(OFFSET(C117,-1,0)=\"s\",OFFSET(C117,-1,0)=0),A117<>\"s\",A117>OFFSET(B117,-1,0)),OFFSET(B117,-1,0),A117)))))","v":"S"},{"$f":"IF(OR(C117=\"S\",C117=0),0,IF(ISERROR(K117),J117,SMALL(J117:K117,1)))","v":0},{"$f":"IF($C117=1,OFFSET(E117,-1,0)+MAX(1,COUNTIF(QCI!$A$13:$A$24,OFFSET(ORÇAMENTO!E117,-1,0))),OFFSET(E117,-1,0))","v":1},{"$f":"IF($C117=1,0,IF($C117=2,OFFSET(F117,-1,0)+1,OFFSET(F117,-1,0)))","v":9},{"$f":"IF(AND($C117<=2,$C117<>0),0,IF($C117=3,OFFSET(G117,-1,0)+1,OFFSET(G117,-1,0)))","v":0},{"$f":"IF(AND($C117<=3,$C117<>0),0,IF($C117=4,OFFSET(H117,-1,0)+1,OFFSET(H117,-1,0)))","v":0},{"$f":"IF(AND($C117<=4,$C117<>0),0,IF(AND($C117=\"S\",$X117>0),OFFSET(I117,-1,0)+1,OFFSET(I117,-1,0)))","v":3},0,{"$f":"IF(OR($C117=\"S\",$C117=0),0,MATCH(OFFSET($D117,0,$C117)+IF($C117<>1,1,COUNTIF(QCI!$A$13:$A$24,ORÇAMENTO!E117)),OFFSET($D117,1,$C117,ROW($C$154)-ROW($C117)),0))","v":0},{"$f":"IF(OR($X117>0,$C117=1,$C117=2,$C117=3,$C117=4),\"F\",\"\")","v":"F"},"Serviço",{"$f":"CHOOSE(1+LOG(1+2*(C117=1)+4*(C117=2)+8*(C117=3)+16*(C117=4)+32*(C117=\"S\"),2),\"\",\"Meta\",\"Nível 2\",\"Nível 3\",\"Nível 4\",\"Serviço\")","v":"Serviço"},{"$f":"IF(OR($C117=0,$L117=\"\"),\"-\",CONCATENATE(E117&\".\",IF(AND($A$5>=2,$C117>=2),F117&\".\",\"\"),IF(AND($A$5>=3,$C117>=3),G117&\".\",\"\"),IF(AND($A$5>=4,$C117>=4),H117&\".\",\"\"),IF($C117=\"S\",I117&\".\",\"\")))","v":"1.9.3."},"SINAPI-I","39693","CAIXA DE PROTECAO EXTERNA PARA MEDIDOR HOROSAZONAL, DE BAIXA TENSAO, COM MODULO, EM CHAPA DE ACO (PADRAO DA CONCESSIONARIA LOCAL)","UN    ",{"$f":"OFFSET(CÁLCULO!H$15,ROW($T117)-ROW(T$15),0)","v":1},1400,"BDI 1",{"$f":"IF($C117=\"S\",ROUND(IF(TIPOORCAMENTO=\"Proposto\",ORÇAMENTO.CustoUnitario*(1+$AH117),ORÇAMENTO.PrecoUnitarioLicitado),15-13*$AF$10),0)","v":1684.9},{"$f":"IF($C117=\"S\",VTOTAL1,IF($C117=0,0,ROUND(SomaAgrup,15-13*$AF$11)))","v":1684.9},"RA",{"$f":"IF(AND($C117=\"S\",$X117>0),IF(ISBLANK($Y117),\"RA\",LEFT($Y117,2)),\"\")","v":"RA"},{"$f":"IF($C117=\"S\",IF($Z117=\"CP\",$X117,IF($Z117=\"RA\",(($X117)*QCI!$AA$3),0)),SomaAgrup)","v":1684.9},{"$f":"IF($C117=\"S\",IF($Z117=\"OU\",ROUND($X117,2),0),SomaAgrup)","v":0},{"$f":"IF($N117=\"\",\"\",IF(ORÇAMENTO.Descricao=\"\",\"DESCRIÇÃO\",IF(AND($C117=\"S\",ORÇAMENTO.Unidade=\"\"),\"UNIDADE\",IF($X117<0,\"VALOR NEGATIVO\",IF(OR(AND(TIPOORCAMENTO=\"Proposto\",$AG117<>\"\",$AG117>0,ORÇAMENTO.CustoUnitario>$AG117),AND(TIPOORCAMENTO=\"LICITADO\",ORÇAMENTO.PrecoUnitarioLicitado>$AN117)),\"ACIMA REF.\",\"\")))))","v":""},{"$f":"IF(C117<=CRONO.NivelExibicao,MAX($AD$15:OFFSET(AD117,-1,0))+IF($C117<>1,1,MAX(1,COUNTIF(QCI!$A$13:$A$24,OFFSET($E117,-1,0)))),\"\")","v":""},{"$f":"IF(AND($C117=\"S\",ORÇAMENTO.CodBarra<>\"\"),IF(ORÇAMENTO.Fonte=\"\",ORÇAMENTO.CodBarra,CONCATENATE(ORÇAMENTO.Fonte,\" \",ORÇAMENTO.CodBarra)))","v":"SINAPI-I 39693"},{"$f":"IF(ISERROR(INDIRECT(ORÇAMENTO.BancoRef)),\"(abra o arquivo 'Referência \"&Excel_BuiltIn_Database&\".xls)\",IF(OR($C117<>\"S\",ORÇAMENTO.CodBarra=\"\"),\"(Sem Código)\",IF(ISERROR(MATCH($AE117,INDIRECT(ORÇAMENTO.BancoRef),0)),\"(Código não identificado nas referências)\",MATCH($AE117,INDIRECT(ORÇAMENTO.BancoRef),0))))","v":7513},{"$f":"ROUND(IF(DESONERACAO=\"sim\",REFERENCIA.Desonerado,REFERENCIA.NaoDesonerado),2)","v":1592.86},{"$f":"ROUND(IF(ISNUMBER(ORÇAMENTO.OpcaoBDI),ORÇAMENTO.OpcaoBDI,IF(LEFT(ORÇAMENTO.OpcaoBDI,3)=\"BDI\",HLOOKUP(ORÇAMENTO.OpcaoBDI,$F$4:$H$5,2,FALSE),0)),15-11*$AF$9)","v":0.20349999999999999},null,1,null,null,1684.9,{"$f":"ROUND(ORÇAMENTO.CustoUnitario*(1+$AH117),2)","v":1684.9}]
["S",2,"S",0,{"$f":"IF($C118=1,OFFSET(E118,-1,0)+MAX(1,COUNTIF(QCI!$A$13:$A$24,OFFSET(ORÇAMENTO!E118,-1,0))),OFFSET(E118,-1,0))","v":1},9,0,0,4,0,{"$f":"IF(OR($C118=\"S\",$C118=0),0,MATCH(OFFSET($D118,0,$C118)+IF($C118<>1,1,COUNTIF(QCI!$A$13:$A$24,ORÇAMENTO!E118)),OFFSET($D118,1,$C118,ROW($C$154)-ROW($C118)),0))","v":0},"F","Serviço","Serviço","1.9.4.","SINAPI","74131/005","QUADRO DE DISTRIBUIÇÃO DE ENERGIA DE EMBUTIR, EM CHAPA METÁLICA, PARA 24 DISJUNTORES TERMOMAGNÉTICOS MONOPOLARES, COM BARRAMENTO TRIFÁSICO E NEUTRO, FORNECIMENTO E INSTALAÇÃO","UN",{"$f":"OFFSET(CÁLCULO!H$15,ROW($T118)-ROW(T$15),0)","v":1},400,"BDI 1",481.4,481.4,"RA","RA",{"$f":"IF($C118=\"S\",IF($Z118=\"CP\",$X118,IF($Z118=\"RA\",(($X118)*QCI!$AA$3),0)),SomaAgrup)","v":481.4},0,"",{"$f":"IF(C118<=CRONO.NivelExibicao,MAX($AD$15:OFFSET(AD118,-1,0))+IF($C118<>1,1,MAX(1,COUNTIF(QCI!$A$13:$A$24,OFFSET($E118,-1,0)))),\"\")","v":""},"SINAPI 74131/5",2836,460.61,0.20349999999999999,null,1,null,null,481.4,481.4]
["S",2,"S",0,{"$f":"IF($C119=1,OFFSET(E119,-1,0)+MAX(1,COUNTIF(QCI!$A$13:$A$24,OFFSET(ORÇAMENTO!E119,-1,0))),OFFSET(E119,-1,0))","v":1},9,0,0,5,0,{"$f":"IF(OR($C119=\"S\",$C119=0),0,MATCH(OFFSET($D119,0,$C119)+IF($C119<>1,1,COUNTIF(QCI!$A$13:$A$24,ORÇAMENTO!E119)),OFFSET($D119,1,$C119,ROW($C$154)-ROW($C119)),0))","v":0},"F","Serviço","Serviço","1.9.5.","SINAPI","74130/5","DISJUNTOR TERMOMAGNÉTICO TRIPOLAR PADRÃO NEMA (AMERICANO) 60 A 100A, 240 V, FORNECIMENTO E INSTALAÇÃO","UN",{"$f":"OFFSET(CÁLCULO!H$15,ROW($T119)-ROW(T$15),0)","v":1},110,"BDI 1",132.38999999999999,132.38999999999999,"RA","RA",{"$f":"IF($C119=\"S\",IF($Z119=\"CP\",$X119,IF($Z119=\"RA\",(($X119)*QCI!$AA$3),0)),SomaAgrup)","v":132.38999999999999},0,"",{"$f":"IF(C119<=CRONO.NivelExibicao,MAX($AD$15:OFFSET(AD119,-1,0))+IF($C119<>1,1,MAX(1,COUNTIF(QCI!$A$13:$A$24,OFFSET($E119,-1,0)))),\"\")","v":""},"SINAPI 74130/5",2828,123.05,0.20349999999999999,null,1,null,null,132.38999999999999,132.38999999999999]
[{"$f":"CHOOSE(1+LOG(1+2*(ORÇAMENTO.Nivel=\"Meta\")+4*(ORÇAMENTO.Nivel=\"Nível 2\")+8*(ORÇAMENTO.Nivel=\"Nível 3\")+16*(ORÇAMENTO.Nivel=\"Nível 4\")+32*(ORÇAMENTO.Nivel=\"Serviço\"),2),0,1,2,3,4,\"S\")","v":"S"},{"$f":"IF(OR(C120=\"s\",C120=0),OFFSET(B120,-1,0),C120)","v":2},{"$f":"IF(OFFSET(C120,-1,0)=\"L\",1,IF(OFFSET(C120,-1,0)=1,2,IF(OR(A120=\"s\",A120=0),\"S\",IF(AND(OFFSET(C120,-1,0)=2,A120=4),3,IF(AND(OR(OFFSET(C120,-1,0)=\"s\",OFFSET(C120,-1,0)=0),A120<>\"s\",A120>OFFSET(B120,-1,0)),OFFSET(B120,-1,0),A120)))))","v":"S"},{"$f":"IF(OR(C120=\"S\",C120=0),0,IF(ISERROR(K120),J120,SMALL(J120:K120,1)))","v":0},{"$f":"IF($C120=1,OFFSET(E120,-1,0)+MAX(1,COUNTIF(QCI!$A$13:$A$24,OFFSET(ORÇAMENTO!E120,-1,0))),OFFSET(E120,-1,0))","v":1},{"$f":"IF($C120=1,0,IF($C120=2,OFFSET(F120,-1,0)+1,OFFSET(F120,-1,0)))","v":9},{"$f":"IF(AND($C120<=2,$C120<>0),0,IF($C120=3,OFFSET(G120,-1,0)+1,OFFSET(G120,-1,0)))","v":0},{"$f":"IF(AND($C120<=3,$C120<>0),0,IF($C120=4,OFFSET(H120,-1,0)+1,OFFSET(H120,-1,0)))","v":0},{"$f":"IF(AND($C120<=4,$C120<>0),0,IF(AND($C120=\"S\",$X120>0),OFFSET(I120,-1,0)+1,OFFSET(I120,-1,0)))","v":6},0,{"$f":"IF(OR($C120=\"S\",$C120=0),0,MATCH(OFFSET($D120,0,$C120)+IF($C120<>1,1,COUNTIF(QCI!$A$13:$A$24,ORÇAMENTO!E120)),OFFSET($D120,1,$C120,ROW($C$154)-ROW($C120)),0))","v":0},{"$f":"IF(OR($X120>0,$C120=1,$C120=2,$C120=3,$C120=4),\"F\",\"\")","v":"F"},"Serviço",{"$f":"CHOOSE(1+LOG(1+2*(C120=1)+4*(C120=2)+8*(C120=3)+16*(C120=4)+32*(C120=\"S\"),2),\"\",\"Meta\",\"Nível 2\",\"Nível 3\",\"Nível 4\",\"Serviço\")","v":"Serviço"},{"$f":"IF(OR($C120=0,$L120=\"\"),\"-\",CONCATENATE(E120&\".\",IF(AND($A$5>=2,$C120>=2),F120&\".\",\"\"),IF(AND($A$5>=3,$C120>=3),G120&\".\",\"\"),IF(AND($A$5>=4,$C120>=4),H120&\".\",\"\"),IF($C120=\"S\",I120&\".\",\"\")))","v":"1.9.6."},"SINAPI","93668","DISJUNTOR TRIPOLAR TIPO DIN, CORRENTE NOMINAL DE 16A - FORNECIMENTO E INSTALAÇÃO. AF_04/2016","UN",{"$f":"OFFSET(CÁLCULO!H$15,ROW($T120)-ROW(T$15),0)","v":2},60,"BDI 1",{"$f":"IF($C120=\"S\",ROUND(IF(TIPOORCAMENTO=\"Proposto\",ORÇAMENTO.CustoUnitario*(1+$AH120),ORÇAMENTO.PrecoUnitarioLicitado),15-13*$AF$10),0)","v":72.209999999999994},{"$f":"IF($C120=\"S\",VTOTAL1,IF($C120=0,0,ROUND(SomaAgrup,15-13*$AF$11)))","v":144.41999999999999},"RA",{"$f":"IF(AND($C120=\"S\",$X120>0),IF(ISBLANK($Y120),\"RA\",LEFT($Y120,2)),\"\")","v":"RA"},{"$f":"IF($C120=\"S\",IF($Z120=\"CP\",$X120,IF($Z120=\"RA\",(($X120)*QCI!$AA$3),0)),SomaAgrup)","v":144.41999999999999},{"$f":"IF($C120=\"S\",IF($Z120=\"OU\",ROUND($X120,2),0),SomaAgrup)","v":0},{"$f":"IF($N120=\"\",\"\",IF(ORÇAMENTO.Descricao=\"\",\"DESCRIÇÃO\",IF(AND($C120=\"S\",ORÇAMENTO.Unidade=\"\"),\"UNIDADE\",IF($X120<0,\"VALOR NEGATIVO\",IF(OR(AND(TIPOORCAMENTO=\"Proposto\",$AG120<>\"\",$AG120>0,ORÇAMENTO.CustoUnitario>$AG120),AND(TIPOORCAMENTO=\"LICITADO\",ORÇAMENTO.PrecoUnitarioLicitado>$AN120)),\"ACIMA REF.\",\"\")))))","v":""},{"$f":"IF(C120<=CRONO.NivelExibicao,MAX($AD$15:OFFSET(AD120,-1,0))+IF($C120<>1,1,MAX(1,COUNTIF(QCI!$A$13:$A$24,OFFSET($E120,-1,0)))),\"\")","v":""},{"$f":"IF(AND($C120=\"S\",ORÇAMENTO.CodBarra<>\"\"),IF(ORÇAMENTO.Fonte=\"\",ORÇAMENTO.CodBarra,CONCATENATE(ORÇAMENTO.Fonte,\" \",ORÇAMENTO.CodBarra)))","v":"SINAPI 93668"},{"$f":"IF(ISERROR(INDIRECT(ORÇAMENTO.BancoRef)),\"(abra o arquivo 'Referência \"&Excel_BuiltIn_Database&\".xls)\",IF(OR($C120<>\"S\",ORÇAMENTO.CodBarra=\"\"),\"(Sem Código)\",IF(ISERROR(MATCH($AE120,INDIRECT(ORÇAMENTO.BancoRef),0)),\"(Código não identificado nas referências)\",MATCH($AE120,INDIRECT(ORÇAMENTO.BancoRef),0))))","v":2857},{"$f":"ROUND(IF(DESONERACAO=\"sim\",REFERENCIA.Desonerado,REFERENCIA.NaoDesonerado),2)","v":68.150000000000006},{"$f":"ROUND(IF(ISNUMBER(ORÇAMENTO.OpcaoBDI),ORÇAMENTO.OpcaoBDI,IF(LEFT(ORÇAMENTO.OpcaoBDI,3)=\"BDI\",HLOOKUP(ORÇAMENTO.OpcaoBDI,$F$4:$H$5,2,FALSE),0)),15-11*$AF$9)","v":0.20349999999999999},null,2,null,null,144.41999999999999,{"$f":"ROUND(ORÇAMENTO.CustoUnitario*(1+$AH120),2)","v":72.209999999999994}]
[{"$f":"CHOOSE(1+LOG(1+2*(ORÇAMENTO.Nivel=\"Meta\")+4*(ORÇAMENTO.Nivel=\"Nível 2\")+8*(ORÇAMENTO.Nivel=\"Nível 3\")+16*(ORÇAMENTO.Nivel=\"Nível 4\")+32*(ORÇAMENTO.Nivel=\"Serviço\"),2),0,1,2,3,4,\"S\")","v":"S"},{"$f":"IF(OR(C121=\"s\",C121=0),OFFSET(B121,-1,0),C121)","v":2},{"$f":"IF(OFFSET(C121,-1,0)=\"L\",1,IF(OFFSET(C121,-1,0)=1,2,IF(OR(A121=\"s\",A121=0),\"S\",IF(AND(OFFSET(C121,-1,0)=2,A121=4),3,IF(AND(OR(OFFSET(C121,-1,0)=\"s\",OFFSET(C121,-1,0)=0),A121<>\"s\",A121>OFFSET(B121,-1,0)),OFFSET(B121,-1,0),A121)))))","v":"S"},{"$f":"IF(OR(C121=\"S\",C121=0),0,IF(ISERROR(K121),J121,SMALL(J121:K121,1)))","v":0},{"$f":"IF($C121=1,OFFSET(E121,-1,0)+MAX(1,COUNTIF(QCI!$A$13:$A$24,OFFSET(ORÇAMENTO!E121,-1,0))),OFFSET(E121,-1,0))","v":1},{"$f":"IF($C121=1,0,IF($C121=2,OFFSET(F121,-1,0)+1,OFFSET(F121,-1,0)))","v":9},{"$f":"IF(AND($C121<=2,$C121<>0),0,IF($C121=3,OFFSET(G121,-1,0)+1,OFFSET(G121,-1,0)))","v":0},{"$f":"IF(AND($C121<=3,$C121<>0),0,IF($C121=4,OFFSET(H121,-1,0)+1,OFFSET(H121,-1,0)))","v":0},{"$f":"IF(AND($C121<=4,$C121<>0),0,IF(AND($C121=\"S\",$X121>0),OFFSET(I121,-1,0)+1,OFFSET(I121,-1,0)))","v":7},0,{"$f":"IF(OR($C121=\"S\",$C121=0),0,MATCH(OFFSET($D121,0,$C121)+IF($C121<>1,1,COUNTIF(QCI!$A$13:$A$24,ORÇAMENTO!E121)),OFFSET($D121,1,$C121,ROW($C$154)-ROW($C121)),0))","v":0},{"$f":"IF(OR($X121>0,$C121=1,$C121=2,$C121=3,$C121=4),\"F\",\"\")","v":"F"},"Serviço",{"$f":"CHOOSE(1+LOG(1+2*(C121=1)+4*(C121=2)+8*(C121=3)+16*(C121=4)+32*(C121=\"S\"),2),\"\",\"Meta\",\"Nível 2\",\"Nível 3\",\"Nível 4\",\"Serviço\")","v":"Serviço"},{"$f":"IF(OR($C121=0,$L121=\"\"),\"-\",CONCATENATE(E121&\".\",IF(AND($A$5>=2,$C121>=2),F121&\".\",\"\"),IF(AND($A$5>=3,$C121>=3),G121&\".\",\"\"),IF(AND($A$5>=4,$C121>=4),H121&\".\",\"\"),IF($C121=\"S\",I121&\".\",\"\")))","v":"1.9.7."},"SINAPI","93672","DISJUNTOR TRIPOLAR TIPO DIN, CORRENTE NOMINAL DE 40A - FORNECIMENTO E INSTALAÇÃO","UN",{"$f":"OFFSET(CÁLCULO!H$15,ROW($T121)-ROW(T$15),0)","v":1},75,"BDI 1",{"$f":"IF($C121=\"S\",ROUND(IF(TIPOORCAMENTO=\"Proposto\",ORÇAMENTO.CustoUnitario*(1+$AH121),ORÇAMENTO.PrecoUnitarioLicitado),15-13*$AF$10),0)","v":90.26},{"$f":"IF($C121=\"S\",VTOTAL1,IF($C121=0,0,ROUND(SomaAgrup,15-13*$AF$11)))","v":90.26},"RA",{"$f":"IF(AND($C121=\"S\",$X121>0),IF(ISBLANK($Y121),\"RA\",LEFT($Y121,2)),\"\")","v":"RA"},{"$f":"IF($C121=\"S\",IF($Z121=\"CP\",$X121,IF($Z121=\"RA\",(($X121)*QCI!$AA$3),0)),SomaAgrup)","v":90.26},{"$f":"IF($C121=\"S\",IF($Z121=\"OU\",ROUND($X121,2),0),SomaAgrup)","v":0},{"$f":"IF($N121=\"\",\"\",IF(ORÇAMENTO.Descricao=\"\",\"DESCRIÇÃO\",IF(AND($C121=\"S\",ORÇAMENTO.Unidade=\"\"),\"UNIDADE\",IF($X121<0,\"VALOR NEGATIVO\",IF(OR(AND(TIPOORCAMENTO=\"Proposto\",$AG121<>\"\",$AG121>0,ORÇAMENTO.CustoUnitario>$AG121),AND(TIPOORCAMENTO=\"LICITADO\",ORÇAMENTO.PrecoUnitarioLicitado>$AN121)),\"ACIMA REF.\",\"\")))))","v":""},{"$f":"IF(C121<=CRONO.NivelExibicao,MAX($AD$15:OFFSET(AD121,-1,0))+IF($C121<>1,1,MAX(1,COUNTIF(QCI!$A$13:$A$24,OFFSET($E121,-1,0)))),\"\")","v":""},{"$f":"IF(AND($C121=\"S\",ORÇAMENTO.CodBarra<>\"\"),IF(ORÇAMENTO.Fonte=\"\",ORÇAMENTO.CodBarra,CONCATENATE(ORÇAMENTO.Fonte,\" \",ORÇAMENTO.CodBarra)))","v":"SINAPI 93672"},{"$f":"IF(ISERROR(INDIRECT(ORÇAMENTO.BancoRef)),\"(abra o arquivo 'Referência \"&Excel_BuiltIn_Database&\".xls)\",IF(OR($C121<>\"S\",ORÇAMENTO.CodBarra=\"\"),\"(Sem Código)\",IF(ISERROR(MATCH($AE121,INDIRECT(ORÇAMENTO.BancoRef),0)),\"(Código não identificado nas referências)\",MATCH($AE121,INDIRECT(ORÇAMENTO.BancoRef),0))))","v":2861},{"$f":"ROUND(IF(DESONERACAO=\"sim\",REFERENCIA.Desonerado,REFERENCIA.NaoDesonerado),2)","v":81.81},{"$f":"ROUND(IF(ISNUMBER(ORÇAMENTO.OpcaoBDI),ORÇAMENTO.OpcaoBDI,IF(LEFT(ORÇAMENTO.OpcaoBDI,3)=\"BDI\",HLOOKUP(ORÇAMENTO.OpcaoBDI,$F$4:$H$5,2,FALSE),0)),15-11*$AF$9)","v":0.20349999999999999},null,1,null,null,90.26,{"$f":"ROUND(ORÇAMENTO.CustoUnitario*(1+$AH121),2)","v":90.26}]
[{"$f":"CHOOSE(1+LOG(1+2*(ORÇAMENTO.Nivel=\"Meta\")+4*(ORÇAMENTO.Nivel=\"Nível 2\")+8*(ORÇAMENTO.Nivel=\"Nível 3\")+16*(ORÇAMENTO.Nivel=\"Nível 4\")+32*(ORÇAMENTO.Nivel=\"Serviço\"),2),0,1,2,3,4,\"S\")","v":"S"},{"$f":"IF(OR(C122=\"s\",C122=0),OFFSET(B122,-1,0),C122)","v":2},{"$f":"IF(OFFSET(C122,-1,0)=\"L\",1,IF(OFFSET(C122,-1,0)=1,2,IF(OR(A122=\"s\",A122=0),\"S\",IF(AND(OFFSET(C122,-1,0)=2,A122=4),3,IF(AND(OR(OFFSET(C122,-1,0)=\"s\",OFFSET(C122,-1,0)=0),A122<>\"s\",A122>OFFSET(B122,-1,0)),OFFSET(B122,-1,0),A122)))))","v":"S"},{"$f":"IF(OR(C122=\"S\",C122=0),0,IF(ISERROR(K122),J122,SMALL(J122:K122,1)))","v":0},{"$f":"IF($C122=1,OFFSET(E122,-1,0)+MAX(1,COUNTIF(QCI!$A$13:$A$24,OFFSET(ORÇAMENTO!E122,-1,0))),OFFSET(E122,-1,0))","v":1},{"$f":"IF($C122=1,0,IF($C122=2,OFFSET(F122,-1,0)+1,OFFSET(F122,-1,0)))","v":9},{"$f":"IF(AND($C122<=2,$C122<>0),0,IF($C122=3,OFFSET(G122,-1,0)+1,OFFSET(G122,-1,0)))","v":0},{"$f":"IF(AND($C122<=3,$C122<>0),0,IF($C122=4,OFFSET(H122,-1,0)+1,OFFSET(H122,-1,0)))","v":0},{"$f":"IF(AND($C122<=4,$C122<>0),0,IF(AND($C122=\"S\",$X122>0),OFFSET(I122,-1,0)+1,OFFSET(I122,-1,0)))","v":8},0,{"$f":"IF(OR($C122=\"S\",$C122=0),0,MATCH(OFFSET($D122,0,$C122)+IF($C122<>1,1,COUNTIF(QCI!$A$13:$A$24,ORÇAMENTO!E122)),OFFSET($D122,1,$C122,ROW($C$154)-ROW($C122)),0))","v":0},{"$f":"IF(OR($X122>0,$C122=1,$C122=2,$C122=3,$C122=4),\"F\",\"\")","v":"F"},"Serviço",{"$f":"CHOOSE(1+LOG(1+2*(C122=1)+4*(C122=2)+8*(C122=3)+16*(C122=4)+32*(C122=\"S\"),2),\"\",\"Meta\",\"Nível 2\",\"Nível 3\",\"Nível 4\",\"Serviço\")","v":"Serviço"},{"$f":"IF(OR($C122=0,$L122=\"\"),\"-\",CONCATENATE(E122&\".\",IF(AND($A$5>=2,$C122>=2),F122&\".\",\"\"),IF(AND($A$5>=3,$C122>=3),G122&\".\",\"\"),IF(AND($A$5>=4,$C122>=4),H122&\".\",\"\"),IF($C122=\"S\",I122&\".\",\"\")))","v":"1.9.8."},"SINAPI","93653","DISJUNTOR MONOPOLAR TIPO DIN, CORRENTE NOMINAL DE 10A - FORNECIMENTO E INSTALAÇÃO","UN",{"$f":"OFFSET(CÁLCULO!H$15,ROW($T122)-ROW(T$15),0)","v":9},10,"BDI 1",{"$f":"IF($C122=\"S\",ROUND(IF(TIPOORCAMENTO=\"Proposto\",ORÇAMENTO.CustoUnitario*(1+$AH122),ORÇAMENTO.PrecoUnitarioLicitado),15-13*$AF$10),0)","v":12.04},{"$f":"IF($C122=\"S\",VTOTAL1,IF($C122=0,0,ROUND(SomaAgrup,15-13*$AF$11)))","v":108.36},"RA",{"$f":"IF(AND($C122=\"S\",$X122>0),IF(ISBLANK($Y122),\"RA\",LEFT($Y122,2)),\"\")","v":"RA"},{"$f":"IF($C122=\"S\",IF($Z122=\"CP\",$X122,IF($Z122=\"RA\",(($X122)*QCI!$AA$3),0)),SomaAgrup)","v":108.36},{"$f":"IF($C122=\"S\",IF($Z122=\"OU\",ROUND($X122,2),0),SomaAgrup)","v":0},{"$f":"IF($N122=\"\",\"\",IF(ORÇAMENTO.Descricao=\"\",\"DESCRIÇÃO\",IF(AND($C122=\"S\",ORÇAMENTO.Unidade=\"\"),\"UNIDADE\",IF($X122<0,\"VALOR NEGATIVO\",IF(OR(AND(TIPOORCAMENTO=\"Proposto\",$AG122<>\"\",$AG122>0,ORÇAMENTO.CustoUnitario>$AG122),AND(TIPOORCAMENTO=\"LICITADO\",ORÇAMENTO.PrecoUnitarioLicitado>$AN122)),\"ACIMA REF.\",\"\")))))","v":""},{"$f":"IF(C122<=CRONO.NivelExibicao,MAX($AD$15:OFFSET(AD122,-1,0))+IF($C122<>1,1,MAX(1,COUNTIF(QCI!$A$13:$A$24,OFFSET($E122,-1,0)))),\"\")","v":""},{"$f":"IF(AND($C122=\"S\",ORÇAMENTO.CodBarra<>\"\"),IF(ORÇAMENTO.Fonte=\"\",ORÇAMENTO.CodBarra,CONCATENATE(ORÇAMENTO.Fonte,\" \",ORÇAMENTO.CodBarra)))","v":"SINAPI 93653"},{"$f":"IF(ISERROR(INDIRECT(ORÇAMENTO.BancoRef)),\"(abra o arquivo 'Referência \"&Excel_BuiltIn_Database&\".xls)\",IF(OR($C122<>\"S\",ORÇAMENTO.CodBarra=\"\"),\"(Sem Código)\",IF(ISERROR(MATCH($AE122,INDIRECT(ORÇAMENTO.BancoRef),0)),\"(Código não identificado nas referências)\",MATCH($AE122,INDIRECT(ORÇAMENTO.BancoRef),0))))","v":2842},{"$f":"ROUND(IF(DESONERACAO=\"sim\",REFERENCIA.Desonerado,REFERENCIA.NaoDesonerado),2)","v":10.72},{"$f":"ROUND(IF(ISNUMBER(ORÇAMENTO.OpcaoBDI),ORÇAMENTO.OpcaoBDI,IF(LEFT(ORÇAMENTO.OpcaoBDI,3)=\"BDI\",HLOOKUP(ORÇAMENTO.OpcaoBDI,$F$4:$H$5,2,FALSE),0)),15-11*$AF$9)","v":0.20349999999999999},null,9,null,null,108.36,{"$f":"ROUND(ORÇAMENTO.CustoUnitario*(1+$AH122),2)","v":12.04}]
["S",2,"S",0,{"$f":"IF($C123=1,OFFSET(E123,-1,0)+MAX(1,COUNTIF(QCI!$A$13:$A$24,OFFSET(ORÇAMENTO!E123,-1,0))),OFFSET(E123,-1,0))","v":1},9,0,0,9,0,{"$f":"IF(OR($C123=\"S\",$C123=0),0,MATCH(OFFSET($D123,0,$C123)+IF($C123<>1,1,COUNTIF(QCI!$A$13:$A$24,ORÇAMENTO!E123)),OFFSET($D123,1,$C123,ROW($C$154)-ROW($C123)),0))","v":0},"F","Serviço","Serviço","1.9.9.","SINAPI","93128","PONTO DE ILUMINAÇÃO RESIDENCIAL INCLUINDO INTERRUPTOR SIMPLES, CAIXA ELÉTRICA, ELETRODUTO, CABO, RASGO, QUEBRA E CHUMBAMENTO (EXCLUINDO LUMINÁRIA E LÂMPADA)","UN",{"$f":"OFFSET(CÁLCULO!H$15,ROW($T123)-ROW(T$15),0)","v":26},100,"BDI 1",120.35,3129.1,"RA","RA",{"$f":"IF($C123=\"S\",IF($Z123=\"CP\",$X123,IF($Z123=\"RA\",(($X123)*QCI!$AA$3),0)),SomaAgrup)","v":3129.1},0,"",{"$f":"IF(C123<=CRONO.NivelExibicao,MAX($AD$15:OFFSET(AD123,-1,0))+IF($C123<>1,1,MAX(1,COUNTIF(QCI!$A$13:$A$24,OFFSET($E123,-1,0)))),\"\")","v":""},"SINAPI 93128",3089,129.36000000000001,0.20349999999999999,null,{"$f":"1+18+5+2","v":26},null,null,3129.1,120.35]
[{"$f":"CHOOSE(1+LOG(1+2*(ORÇAMENTO.Nivel=\"Meta\")+4*(ORÇAMENTO.Nivel=\"Nível 2\")+8*(ORÇAMENTO.Nivel=\"Nível 3\")+16*(ORÇAMENTO.Nivel=\"Nível 4\")+32*(ORÇAMENTO.Nivel=\"Serviço\"),2),0,1,2,3,4,\"S\")","v":"S"},{"$f":"IF(OR(C124=\"s\",C124=0),OFFSET(B124,-1,0),C124)","v":2},{"$f":"IF(OFFSET(C124,-1,0)=\"L\",1,IF(OFFSET(C124,-1,0)=1,2,IF(OR(A124=\"s\",A124=0),\"S\",IF(AND(OFFSET(C124,-1,0)=2,A124=4),3,IF(AND(OR(OFFSET(C124,-1,0)=\"s\",OFFSET(C124,-1,0)=0),A124<>\"s\",A124>OFFSET(B124,-1,0)),OFFSET(B124,-1,0),A124)))))","v":"S"},{"$f":"IF(OR(C124=\"S\",C124=0),0,IF(ISERROR(K124),J124,SMALL(J124:K124,1)))","v":0},{"$f":"IF($C124=1,OFFSET(E124,-1,0)+MAX(1,COUNTIF(QCI!$A$13:$A$24,OFFSET(ORÇAMENTO!E124,-1,0))),OFFSET(E124,-1,0))","v":1},{"$f":"IF($C124=1,0,IF($C124=2,OFFSET(F124,-1,0)+1,OFFSET(F124,-1,0)))","v":9},{"$f":"IF(AND($C124<=2,$C124<>0),0,IF($C124=3,OFFSET(G124,-1,0)+1,OFFSET(G124,-1,0)))","v":0},{"$f":"IF(AND($C124<=3,$C124<>0),0,IF($C124=4,OFFSET(H124,-1,0)+1,OFFSET(H124,-1,0)))","v":0},{"$f":"IF(AND($C124<=4,$C124<>0),0,IF(AND($C124=\"S\",$X124>0),OFFSET(I124,-1,0)+1,OFFSET(I124,-1,0)))","v":10},0,{"$f":"IF(OR($C124=\"S\",$C124=0),0,MATCH(OFFSET($D124,0,$C124)+IF($C124<>1,1,COUNTIF(QCI!$A$13:$A$24,ORÇAMENTO!E124)),OFFSET($D124,1,$C124,ROW($C$154)-ROW($C124)),0))","v":0},{"$f":"IF(OR($X124>0,$C124=1,$C124=2,$C124=3,$C124=4),\"F\",\"\")","v":"F"},"Serviço",{"$f":"CHOOSE(1+LOG(1+2*(C124=1)+4*(C124=2)+8*(C124=3)+16*(C124=4)+32*(C124=\"S\"),2),\"\",\"Meta\",\"Nível 2\",\"Nível 3\",\"Nível 4\",\"Serviço\")","v":"Serviço"},{"$f":"IF(OR($C124=0,$L124=\"\"),\"-\",CONCATENATE(E124&\".\",IF(AND($A$5>=2,$C124>=2),F124&\".\",\"\"),IF(AND($A$5>=3,$C124>=3),G124&\".\",\"\"),IF(AND($A$5>=4,$C124>=4),H124&\".\",\"\"),IF($C124=\"S\",I124&\".\",\"\")))","v":"1.9.10."},"SINAPI","93145","PONTO DE ILUMINAÇÃO E TOMADA, RESIDENCIAL, INCLUINDO INTERRUPTOR SIMPLES E TOMADA 10A/250V, CAIXA ELÉTRICA, ELETRODUTO, CABO, RASGO, QUEBRA E CHUMBAMENTO (EXCLUINDO LUMINÁRIA E LÂMPADA)","UN",{"$f":"OFFSET(CÁLCULO!H$15,ROW($T124)-ROW(T$15),0)","v":7},150,"BDI 1",{"$f":"IF($C124=\"S\",ROUND(IF(TIPOORCAMENTO=\"Proposto\",ORÇAMENTO.CustoUnitario*(1+$AH124),ORÇAMENTO.PrecoUnitarioLicitado),15-13*$AF$10),0)","v":180.53},{"$f":"IF($C124=\"S\",VTOTAL1,IF($C124=0,0,ROUND(SomaAgrup,15-13*$AF$11)))","v":1263.71},"RA",{"$f":"IF(AND($C124=\"S\",$X124>0),IF(ISBLANK($Y124),\"RA\",LEFT($Y124,2)),\"\")","v":"RA"},{"$f":"IF($C124=\"S\",IF($Z124=\"CP\",$X124,IF($Z124=\"RA\",(($X124)*QCI!$AA$3),0)),SomaAgrup)","v":1263.71},{"$f":"IF($C124=\"S\",IF($Z124=\"OU\",ROUND($X124,2),0),SomaAgrup)","v":0},{"$f":"IF($N124=\"\",\"\",IF(ORÇAMENTO.Descricao=\"\",\"DESCRIÇÃO\",IF(AND($C124=\"S\",ORÇAMENTO.Unidade=\"\"),\"UNIDADE\",IF($X124<0,\"VALOR NEGATIVO\",IF(OR(AND(TIPOORCAMENTO=\"Proposto\",$AG124<>\"\",$AG124>0,ORÇAMENTO.CustoUnitario>$AG124),AND(TIPOORCAMENTO=\"LICITADO\",ORÇAMENTO.PrecoUnitarioLicitado>$AN124)),\"ACIMA REF.\",\"\")))))","v":""},{"$f":"IF(C124<=CRONO.NivelExibicao,MAX($AD$15:OFFSET(AD124,-1,0))+IF($C124<>1,1,MAX(1,COUNTIF(QCI!$A$13:$A$24,OFFSET($E124,-1,0)))),\"\")","v":""},{"$f":"IF(AND($C124=\"S\",ORÇAMENTO.CodBarra<>\"\"),IF(ORÇAMENTO.Fonte=\"\",ORÇAMENTO.CodBarra,CONCATENATE(ORÇAMENTO.Fonte,\" \",ORÇAMENTO.CodBarra)))","v":"SINAPI 93145"},{"$f":"IF(ISERROR(INDIRECT(ORÇAMENTO.BancoRef)),\"(abra o arquivo 'Referência \"&Excel_BuiltIn_Database&\".xls)\",IF(OR($C124<>\"S\",ORÇAMENTO.CodBarra=\"\"),\"(Sem Código)\",IF(ISERROR(MATCH($AE124,INDIRECT(ORÇAMENTO.BancoRef),0)),\"(Código não identificado nas referências)\",MATCH($AE124,INDIRECT(ORÇAMENTO.BancoRef),0))))","v":3098},{"$f":"ROUND(IF(DESONERACAO=\"sim\",REFERENCIA.Desonerado,REFERENCIA.NaoDesonerado),2)","v":186.73},{"$f":"ROUND(IF(ISNUMBER(ORÇAMENTO.OpcaoBDI),ORÇAMENTO.OpcaoBDI,IF(LEFT(ORÇAMENTO.OpcaoBDI,3)=\"BDI\",HLOOKUP(ORÇAMENTO.OpcaoBDI,$F$4:$H$5,2,FALSE),0)),15-11*$AF$9)","v":0.20349999999999999},null,{"$f":"5+2","v":7},null,null,1263.71,{"$f":"ROUND(ORÇAMENTO.CustoUnitario*(1+$AH124),2)","v":180.53}]
["S",2,"S",0,{"$f":"IF($C125=1,OFFSET(E125,-1,0)+MAX(1,COUNTIF(QCI!$A$13:$A$24,OFFSET(ORÇAMENTO!E125,-1,0))),OFFSET(E125,-1,0))","v":1},9,0,0,11,0,{"$f":"IF(OR($C125=\"S\",$C125=0),0,MATCH(OFFSET($D125,0,$C125)+IF($C125<>1,1,COUNTIF(QCI!$A$13:$A$24,ORÇAMENTO!E125)),OFFSET($D125,1,$C125,ROW($C$154)-ROW($C125)),0))","v":0},"F","Serviço","Serviço","1.9.11.","SINAPI","93141","PONTO DE TOMADA RESIDENCIAL INCLUINDO TOMADA 10A/250V, CAIXA ELÉTRICA, ELETRODUTO, CABO, RASGO, QUEBRA E CHUMBAMENTO","UN",{"$f":"OFFSET(CÁLCULO!H$15,ROW($T125)-ROW(T$15),0)","v":18},135,"BDI 1",162.47,2924.46,"RA","RA",{"$f":"IF($C125=\"S\",IF($Z125=\"CP\",$X125,IF($Z125=\"RA\",(($X125)*QCI!$AA$3),0)),SomaAgrup)","v":2924.46},0,"",{"$f":"IF(C125<=CRONO.NivelExibicao,MAX($AD$15:OFFSET(AD125,-1,0))+IF($C125<>1,1,MAX(1,COUNTIF(QCI!$A$13:$A$24,OFFSET($E125,-1,0)))),\"\")","v":""},"SINAPI 93141",3094,154.44,0.20349999999999999,null,18,null,null,2924.46,162.47]
["S",2,"S",0,{"$f":"IF($C126=1,OFFSET(E126,-1,0)+MAX(1,COUNTIF(QCI!$A$13:$A$24,OFFSET(ORÇAMENTO!E126,-1,0))),OFFSET(E126,-1,0))","v":1},9,0,0,12,0,{"$f":"IF(OR($C126=\"S\",$C126=0),0,MATCH(OFFSET($D126,0,$C126)+IF($C126<>1,1,COUNTIF(QCI!$A$13:$A$24,ORÇAMENTO!E126)),OFFSET($D126,1,$C126,ROW($C$154)-ROW($C126)),0))","v":0},"F","Serviço","Serviço","1.9.12.","SINAPI","97585","LUMINÁRIA TIPO CALHA, DE SOBREPOR, COM 2 LÂMPADAS TUBULARES FLUORESCENTES DE 18 W, COM REATOR DE PARTIDA RÁPIDA - FORNECIMENTO E INSTALAÇÃO","UN",{"$f":"OFFSET(CÁLCULO!H$15,ROW($T126)-ROW(T$15),0)","v":14},55,"BDI 1",66.19,926.66,"RA","RA",{"$f":"IF($C126=\"S\",IF($Z126=\"CP\",$X126,IF($Z126=\"RA\",(($X126)*QCI!$AA$3),0)),SomaAgrup)","v":926.66},0,"",{"$f":"IF(C126<=CRONO.NivelExibicao,MAX($AD$15:OFFSET(AD126,-1,0))+IF($C126<>1,1,MAX(1,COUNTIF(QCI!$A$13:$A$24,OFFSET($E126,-1,0)))),\"\")","v":""},"SINAPI 97585",2960,61.65,0.20349999999999999,null,14,null,null,926.66,66.19]
[{"$f":"CHOOSE(1+LOG(1+2*(ORÇAMENTO.Nivel=\"Meta\")+4*(ORÇAMENTO.Nivel=\"Nível 2\")+8*(ORÇAMENTO.Nivel=\"Nível 3\")+16*(ORÇAMENTO.Nivel=\"Nível 4\")+32*(ORÇAMENTO.Nivel=\"Serviço\"),2),0,1,2,3,4,\"S\")","v":"S"},{"$f":"IF(OR(C127=\"s\",C127=0),OFFSET(B127,-1,0),C127)","v":2},{"$f":"IF(OFFSET(C127,-1,0)=\"L\",1,IF(OFFSET(C127,-1,0)=1,2,IF(OR(A127=\"s\",A127=0),\"S\",IF(AND(OFFSET(C127,-1,0)=2,A127=4),3,IF(AND(OR(OFFSET(C127,-1,0)=\"s\",OFFSET(C127,-1,0)=0),A127<>\"s\",A127>OFFSET(B127,-1,0)),OFFSET(B127,-1,0),A127)))))","v":"S"},{"$f":"IF(OR(C127=\"S\",C127=0),0,IF(ISERROR(K127),J127,SMALL(J127:K127,1)))","v":0},{"$f":"IF($C127=1,OFFSET(E127,-1,0)+MAX(1,COUNTIF(QCI!$A$13:$A$24,OFFSET(ORÇAMENTO!E127,-1,0))),OFFSET(E127,-1,0))","v":1},{"$f":"IF($C127=1,0,IF($C127=2,OFFSET(F127,-1,0)+1,OFFSET(F127,-1,0)))","v":9},{"$f":"IF(AND($C127<=2,$C127<>0),0,IF($C127=3,OFFSET(G127,-1,0)+1,OFFSET(G127,-1,0)))","v":0},{"$f":"IF(AND($C127<=3,$C127<>0),0,IF($C127=4,OFFSET(H127,-1,0)+1,OFFSET(H127,-1,0)))","v":0},{"$f":"IF(AND($C127<=4,$C127<>0),0,IF(AND($C127=\"S\",$X127>0),OFFSET(I127,-1,0)+1,OFFSET(I127,-1,0)))","v":13},0,{"$f":"IF(OR($C127=\"S\",$C127=0),0,MATCH(OFFSET($D127,0,$C127)+IF($C127<>1,1,COUNTIF(QCI!$A$13:$A$24,ORÇAMENTO!E127)),OFFSET($D127,1,$C127,ROW($C$154)-ROW($C127)),0))","v":0},{"$f":"IF(OR($X127>0,$C127=1,$C127=2,$C127=3,$C127=4),\"F\",\"\")","v":"F"},"Serviço",{"$f":"CHOOSE(1+LOG(1+2*(C127=1)+4*(C127=2)+8*(C127=3)+16*(C127=4)+32*(C127=\"S\"),2),\"\",\"Meta\",\"Nível 2\",\"Nível 3\",\"Nível 4\",\"Serviço\")","v":"Serviço"},{"$f":"IF(OR($C127=0,$L127=\"\"),\"-\",CONCATENATE(E127&\".\",IF(AND($A$5>=2,$C127>=2),F127&\".\",\"\"),IF(AND($A$5>=3,$C127>=3),G127&\".\",\"\"),IF(AND($A$5>=4,$C127>=4),H127&\".\",\"\"),IF($C127=\"S\",I127&\".\",\"\")))","v":"1.9.13."},"SINAPI","97593","LUMINÁRIA TIPO SPOT, DE SOBREPOR, COM 1 LÂMPADA FLUORESCENTE DE 15 W, SEM REATOR - FORNECIMENTO E INSTALAÇÃO","UN",{"$f":"OFFSET(CÁLCULO!H$15,ROW($T127)-ROW(T$15),0)","v":6},70,"BDI 1",{"$f":"IF($C127=\"S\",ROUND(IF(TIPOORCAMENTO=\"Proposto\",ORÇAMENTO.CustoUnitario*(1+$AH127),ORÇAMENTO.PrecoUnitarioLicitado),15-13*$AF$10),0)","v":84.25},{"$f":"IF($C127=\"S\",VTOTAL1,IF($C127=0,0,ROUND(SomaAgrup,15-13*$AF$11)))","v":505.5},"RA",{"$f":"IF(AND($C127=\"S\",$X127>0),IF(ISBLANK($Y127),\"RA\",LEFT($Y127,2)),\"\")","v":"RA"},{"$f":"IF($C127=\"S\",IF($Z127=\"CP\",$X127,IF($Z127=\"RA\",(($X127)*QCI!$AA$3),0)),SomaAgrup)","v":505.5},{"$f":"IF($C127=\"S\",IF($Z127=\"OU\",ROUND($X127,2),0),SomaAgrup)","v":0},{"$f":"IF($N127=\"\",\"\",IF(ORÇAMENTO.Descricao=\"\",\"DESCRIÇÃO\",IF(AND($C127=\"S\",ORÇAMENTO.Unidade=\"\"),\"UNIDADE\",IF($X127<0,\"VALOR NEGATIVO\",IF(OR(AND(TIPOORCAMENTO=\"Proposto\",$AG127<>\"\",$AG127>0,ORÇAMENTO.CustoUnitario>$AG127),AND(TIPOORCAMENTO=\"LICITADO\",ORÇAMENTO.PrecoUnitarioLicitado>$AN127)),\"ACIMA REF.\",\"\")))))","v":""},{"$f":"IF(C127<=CRONO.NivelExibicao,MAX($AD$15:OFFSET(AD127,-1,0))+IF($C127<>1,1,MAX(1,COUNTIF(QCI!$A$13:$A$24,OFFSET($E127,-1,0)))),\"\")","v":""},{"$f":"IF(AND($C127=\"S\",ORÇAMENTO.CodBarra<>\"\"),IF(ORÇAMENTO.Fonte=\"\",ORÇAMENTO.CodBarra,CONCATENATE(ORÇAMENTO.Fonte,\" \",ORÇAMENTO.CodBarra)))","v":"SINAPI 97593"},{"$f":"IF(ISERROR(INDIRECT(ORÇAMENTO.BancoRef)),\"(abra o arquivo 'Referência \"&Excel_BuiltIn_Database&\".xls)\",IF(OR($C127<>\"S\",ORÇAMENTO.CodBarra=\"\"),\"(Sem Código)\",IF(ISERROR(MATCH($AE127,INDIRECT(ORÇAMENTO.BancoRef),0)),\"(Código não identificado nas referências)\",MATCH($AE127,INDIRECT(ORÇAMENTO.BancoRef),0))))","v":2967},{"$f":"ROUND(IF(DESONERACAO=\"sim\",REFERENCIA.Desonerado,REFERENCIA.NaoDesonerado),2)","v":78.84},{"$f":"ROUND(IF(ISNUMBER(ORÇAMENTO.OpcaoBDI),ORÇAMENTO.OpcaoBDI,IF(LEFT(ORÇAMENTO.OpcaoBDI,3)=\"BDI\",HLOOKUP(ORÇAMENTO.OpcaoBDI,$F$4:$H$5,2,FALSE),0)),15-11*$AF$9)","v":0.20349999999999999},null,6,null,null,505.5,{"$f":"ROUND(ORÇAMENTO.CustoUnitario*(1+$AH127),2)","v":84.25}]
[{"$f":"CHOOSE(1+LOG(1+2*(ORÇAMENTO.Nivel=\"Meta\")+4*(ORÇAMENTO.Nivel=\"Nível 2\")+8*(ORÇAMENTO.Nivel=\"Nível 3\")+16*(ORÇAMENTO.Nivel=\"Nível 4\")+32*(ORÇAMENTO.Nivel=\"Serviço\"),2),0,1,2,3,4,\"S\")","v":"S"},{"$f":"IF(OR(C128=\"s\",C128=0),OFFSET(B128,-1,0),C128)","v":2},{"$f":"IF(OFFSET(C128,-1,0)=\"L\",1,IF(OFFSET(C128,-1,0)=1,2,IF(OR(A128=\"s\",A128=0),\"S\",IF(AND(OFFSET(C128,-1,0)=2,A128=4),3,IF(AND(OR(OFFSET(C128,-1,0)=\"s\",OFFSET(C128,-1,0)=0),A128<>\"s\",A128>OFFSET(B128,-1,0)),OFFSET(B128,-1,0),A128)))))","v":"S"},{"$f":"IF(OR(C128=\"S\",C128=0),0,IF(ISERROR(K128),J128,SMALL(J128:K128,1)))","v":0},{"$f":"IF($C128=1,OFFSET(E128,-1,0)+MAX(1,COUNTIF(QCI!$A$13:$A$24,OFFSET(ORÇAMENTO!E128,-1,0))),OFFSET(E128,-1,0))","v":1},{"$f":"IF($C128=1,0,IF($C128=2,OFFSET(F128,-1,0)+1,OFFSET(F128,-1,0)))","v":9},{"$f":"IF(AND($C128<=2,$C128<>0),0,IF($C128=3,OFFSET(G128,-1,0)+1,OFFSET(G128,-1,0)))","v":0},{"$f":"IF(AND($C128<=3,$C128<>0),0,IF($C128=4,OFFSET(H128,-1,0)+1,OFFSET(H128,-1,0)))","v":0},{"$f":"IF(AND($C128<=4,$C128<>0),0,IF(AND($C128=\"S\",$X128>0),OFFSET(I128,-1,0)+1,OFFSET(I128,-1,0)))","v":14},0,{"$f":"IF(OR($C128=\"S\",$C128=0),0,MATCH(OFFSET($D128,0,$C128)+IF($C128<>1,1,COUNTIF(QCI!$A$13:$A$24,ORÇAMENTO!E128)),OFFSET($D128,1,$C128,ROW($C$154)-ROW($C128)),0))","v":0},{"$f":"IF(OR($X128>0,$C128=1,$C128=2,$C128=3,$C128=4),\"F\",\"\")","v":"F"},"Serviço",{"$f":"CHOOSE(1+LOG(1+2*(C128=1)+4*(C128=2)+8*(C128=3)+16*(C128=4)+32*(C128=\"S\"),2),\"\",\"Meta\",\"Nível 2\",\"Nível 3\",\"Nível 4\",\"Serviço\")","v":"Serviço"},{"$f":"IF(OR($C128=0,$L128=\"\"),\"-\",CONCATENATE(E128&\".\",IF(AND($A$5>=2,$C128>=2),F128&\".\",\"\"),IF(AND($A$5>=3,$C128>=3),G128&\".\",\"\"),IF(AND($A$5>=4,$C128>=4),H128&\".\",\"\"),IF($C128=\"S\",I128&\".\",\"\")))","v":"1.9.14."},"SINAPI-I","39391","LUMINARIA LED REFLETOR RETANGULAR BIVOLT, LUZ BRANCA, 50 W","UN    ",{"$f":"OFFSET(CÁLCULO!H$15,ROW($T128)-ROW(T$15),0)","v":5},45,"BDI 1",{"$f":"IF($C128=\"S\",ROUND(IF(TIPOORCAMENTO=\"Proposto\",ORÇAMENTO.CustoUnitario*(1+$AH128),ORÇAMENTO.PrecoUnitarioLicitado),15-13*$AF$10),0)","v":54.16},{"$f":"IF($C128=\"S\",VTOTAL1,IF($C128=0,0,ROUND(SomaAgrup,15-13*$AF$11)))","v":270.8},"RA",{"$f":"IF(AND($C128=\"S\",$X128>0),IF(ISBLANK($Y128),\"RA\",LEFT($Y128,2)),\"\")","v":"RA"},{"$f":"IF($C128=\"S\",IF($Z128=\"CP\",$X128,IF($Z128=\"RA\",(($X128)*QCI!$AA$3),0)),SomaAgrup)","v":270.8},{"$f":"IF($C128=\"S\",IF($Z128=\"OU\",ROUND($X128,2),0),SomaAgrup)","v":0},{"$f":"IF($N128=\"\",\"\",IF(ORÇAMENTO.Descricao=\"\",\"DESCRIÇÃO\",IF(AND($C128=\"S\",ORÇAMENTO.Unidade=\"\"),\"UNIDADE\",IF($X128<0,\"VALOR NEGATIVO\",IF(OR(AND(TIPOORCAMENTO=\"Proposto\",$AG128<>\"\",$AG128>0,ORÇAMENTO.CustoUnitario>$AG128),AND(TIPOORCAMENTO=\"LICITADO\",ORÇAMENTO.PrecoUnitarioLicitado>$AN128)),\"ACIMA REF.\",\"\")))))","v":""},{"$f":"IF(C128<=CRONO.NivelExibicao,MAX($AD$15:OFFSET(AD128,-1,0))+IF($C128<>1,1,MAX(1,COUNTIF(QCI!$A$13:$A$24,OFFSET($E128,-1,0)))),\"\")","v":""},{"$f":"IF(AND($C128=\"S\",ORÇAMENTO.CodBarra<>\"\"),IF(ORÇAMENTO.Fonte=\"\",ORÇAMENTO.CodBarra,CONCATENATE(ORÇAMENTO.Fonte,\" \",ORÇAMENTO.CodBarra)))","v":"SINAPI-I 39391"},{"$f":"IF(ISERROR(INDIRECT(ORÇAMENTO.BancoRef)),\"(abra o arquivo 'Referência \"&Excel_BuiltIn_Database&\".xls)\",IF(OR($C128<>\"S\",ORÇAMENTO.CodBarra=\"\"),\"(Sem Código)\",IF(ISERROR(MATCH($AE128,INDIRECT(ORÇAMENTO.BancoRef),0)),\"(Código não identificado nas referências)\",MATCH($AE128,INDIRECT(ORÇAMENTO.BancoRef),0))))","v":9438},{"$f":"ROUND(IF(DESONERACAO=\"sim\",REFERENCIA.Desonerado,REFERENCIA.NaoDesonerado),2)","v":49.87},{"$f":"ROUND(IF(ISNUMBER(ORÇAMENTO.OpcaoBDI),ORÇAMENTO.OpcaoBDI,IF(LEFT(ORÇAMENTO.OpcaoBDI,3)=\"BDI\",HLOOKUP(ORÇAMENTO.OpcaoBDI,$F$4:$H$5,2,FALSE),0)),15-11*$AF$9)","v":0.20349999999999999},null,5,null,null,270.8,{"$f":"ROUND(ORÇAMENTO.CustoUnitario*(1+$AH128),2)","v":54.16}]
["S",2,"S",0,{"$f":"IF($C129=1,OFFSET(E129,-1,0)+MAX(1,COUNTIF(QCI!$A$13:$A$24,OFFSET(ORÇAMENTO!E129,-1,0))),OFFSET(E129,-1,0))","v":1},9,0,0,15,0,{"$f":"IF(OR($C129=\"S\",$C129=0),0,MATCH(OFFSET($D129,0,$C129)+IF($C129<>1,1,COUNTIF(QCI!$A$13:$A$24,ORÇAMENTO!E129)),OFFSET($D129,1,$C129,ROW($C$154)-ROW($C129)),0))","v":0},"F","Serviço","Serviço","1.9.15.","SINAPI","91924","CABO DE COBRE FLEXÍVEL ISOLADO, 1,5 MM², ANTI-CHAMA 450/750 V, PARA CIRCUITOS TERMINAIS - FORNECIMENTO E INSTALAÇÃO","M",{"$f":"OFFSET(CÁLCULO!H$15,ROW($T129)-ROW(T$15),0)","v":157.4},2,"BDI 1",2.41,379.33,"RA","RA",{"$f":"IF($C129=\"S\",IF($Z129=\"CP\",$X129,IF($Z129=\"RA\",(($X129)*QCI!$AA$3),0)),SomaAgrup)","v":379.33},0,"",{"$f":"IF(C129<=CRONO.NivelExibicao,MAX($AD$15:OFFSET(AD129,-1,0))+IF($C129<>1,1,MAX(1,COUNTIF(QCI!$A$13:$A$24,OFFSET($E129,-1,0)))),\"\")","v":""},"SINAPI 91924",2725,2.15,0.20349999999999999,null,157.4,null,null,379.33,2.41]
["S",2,"S",0,{"$f":"IF($C130=1,OFFSET(E130,-1,0)+MAX(1,COUNTIF(QCI!$A$13:$A$24,OFFSET(ORÇAMENTO!E130,-1,0))),OFFSET(E130,-1,0))","v":1},9,0,0,16,0,{"$f":"IF(OR($C130=\"S\",$C130=0),0,MATCH(OFFSET($D130,0,$C130)+IF($C130<>1,1,COUNTIF(QCI!$A$13:$A$24,ORÇAMENTO!E130)),OFFSET($D130,1,$C130,ROW($C$154)-ROW($C130)),0))","v":0},"F","Serviço","Serviço","1.9.16.","SINAPI","91926","CABO DE COBRE FLEXÍVEL ISOLADO, 2,5 MM², ANTI-CHAMA 450/750 V, PARA CIRCUITOS TERMINAIS - FORNECIMENTO E INSTALAÇÃO","M",{"$f":"OFFSET(CÁLCULO!H$15,ROW($T130)-ROW(T$15),0)","v":402.55},2.8,"BDI 1",3.37,1356.59,"RA","RA",{"$f":"IF($C130=\"S\",IF($Z130=\"CP\",$X130,IF($Z130=\"RA\",(($X130)*QCI!$AA$3),0)),SomaAgrup)","v":1356.59},0,"",{"$f":"IF(C130<=CRONO.NivelExibicao,MAX($AD$15:OFFSET(AD130,-1,0))+IF($C130<>1,1,MAX(1,COUNTIF(QCI!$A$13:$A$24,OFFSET($E130,-1,0)))),\"\")","v":""},"SINAPI 91926",2727,3.04,0.20349999999999999,null,402.55,null,null,1356.59,3.37]
[{"$f":"CHOOSE(1+LOG(1+2*(ORÇAMENTO.Nivel=\"Meta\")+4*(ORÇAMENTO.Nivel=\"Nível 2\")+8*(ORÇAMENTO.Nivel=\"Nível 3\")+16*(ORÇAMENTO.Nivel=\"Nível 4\")+32*(ORÇAMENTO.Nivel=\"Serviço\"),2),0,1,2,3,4,\"S\")","v":"S"},{"$f":"IF(OR(C131=\"s\",C131=0),OFFSET(B131,-1,0),C131)","v":2},{"$f":"IF(OFFSET(C131,-1,0)=\"L\",1,IF(OFFSET(C131,-1,0)=1,2,IF(OR(A131=\"s\",A131=0),\"S\",IF(AND(OFFSET(C131,-1,0)=2,A131=4),3,IF(AND(OR(OFFSET(C131,-1,0)=\"s\",OFFSET(C131,-1,0)=0),A131<>\"s\",A131>OFFSET(B131,-1,0)),OFFSET(B131,-1,0),A131)))))","v":"S"},{"$f":"IF(OR(C131=\"S\",C131=0),0,IF(ISERROR(K131),J131,SMALL(J131:K131,1)))","v":0},{"$f":"IF($C131=1,OFFSET(E131,-1,0)+MAX(1,COUNTIF(QCI!$A$13:$A$24,OFFSET(ORÇAMENTO!E131,-1,0))),OFFSET(E131,-1,0))","v":1},{"$f":"IF($C131=1,0,IF($C131=2,OFFSET(F131,-1,0)+1,OFFSET(F131,-1,0)))","v":9},{"$f":"IF(AND($C131<=2,$C131<>0),0,IF($C131=3,OFFSET(G131,-1,0)+1,OFFSET(G131,-1,0)))","v":0},{"$f":"IF(AND($C131<=3,$C131<>0),0,IF($C131=4,OFFSET(H131,-1,0)+1,OFFSET(H131,-1,0)))","v":0},{"$f":"IF(AND($C131<=4,$C131<>0),0,IF(AND($C131=\"S\",$X131>0),OFFSET(I131,-1,0)+1,OFFSET(I131,-1,0)))","v":17},0,{"$f":"IF(OR($C131=\"S\",$C131=0),0,MATCH(OFFSET($D131,0,$C131)+IF($C131<>1,1,COUNTIF(QCI!$A$13:$A$24,ORÇAMENTO!E131)),OFFSET($D131,1,$C131,ROW($C$154)-ROW($C131)),0))","v":0},{"$f":"IF(OR($X131>0,$C131=1,$C131=2,$C131=3,$C131=4),\"F\",\"\")","v":"F"},"Serviço",{"$f":"CHOOSE(1+LOG(1+2*(C131=1)+4*(C131=2)+8*(C131=3)+16*(C131=4)+32*(C131=\"S\"),2),\"\",\"Meta\",\"Nível 2\",\"Nível 3\",\"Nível 4\",\"Serviço\")","v":"Serviço"},{"$f":"IF(OR($C131=0,$L131=\"\"),\"-\",CONCATENATE(E131&\".\",IF(AND($A$5>=2,$C131>=2),F131&\".\",\"\"),IF(AND($A$5>=3,$C131>=3),G131&\".\",\"\"),IF(AND($A$5>=4,$C131>=4),H131&\".\",\"\"),IF($C131=\"S\",I131&\".\",\"\")))","v":"1.9.17."},"SINAPI","91932","CABO DE COBRE FLEXÍVEL ISOLADO, 10 MM², ANTI-CHAMA 450/750 V, PARA CIRCUITOS TERMINAIS - FORNECIMENTO E INSTALAÇÃO","M",{"$f":"OFFSET(CÁLCULO!H$15,ROW($T131)-ROW(T$15),0)","v":20},9.9,"BDI 1",{"$f":"IF($C131=\"S\",ROUND(IF(TIPOORCAMENTO=\"Proposto\",ORÇAMENTO.CustoUnitario*(1+$AH131),ORÇAMENTO.PrecoUnitarioLicitado),15-13*$AF$10),0)","v":11.91},{"$f":"IF($C131=\"S\",VTOTAL1,IF($C131=0,0,ROUND(SomaAgrup,15-13*$AF$11)))","v":238.2},"RA",{"$f":"IF(AND($C131=\"S\",$X131>0),IF(ISBLANK($Y131),\"RA\",LEFT($Y131,2)),\"\")","v":"RA"},{"$f":"IF($C131=\"S\",IF($Z131=\"CP\",$X131,IF($Z131=\"RA\",(($X131)*QCI!$AA$3),0)),SomaAgrup)","v":238.2},{"$f":"IF($C131=\"S\",IF($Z131=\"OU\",ROUND($X131,2),0),SomaAgrup)","v":0},{"$f":"IF($N131=\"\",\"\",IF(ORÇAMENTO.Descricao=\"\",\"DESCRIÇÃO\",IF(AND($C131=\"S\",ORÇAMENTO.Unidade=\"\"),\"UNIDADE\",IF($X131<0,\"VALOR NEGATIVO\",IF(OR(AND(TIPOORCAMENTO=\"Proposto\",$AG131<>\"\",$AG131>0,ORÇAMENTO.CustoUnitario>$AG131),AND(TIPOORCAMENTO=\"LICITADO\",ORÇAMENTO.PrecoUnitarioLicitado>$AN131)),\"ACIMA REF.\",\"\")))))","v":""},{"$f":"IF(C131<=CRONO.NivelExibicao,MAX($AD$15:OFFSET(AD131,-1,0))+IF($C131<>1,1,MAX(1,COUNTIF(QCI!$A$13:$A$24,OFFSET($E131,-1,0)))),\"\")","v":""},{"$f":"IF(AND($C131=\"S\",ORÇAMENTO.CodBarra<>\"\"),IF(ORÇAMENTO.Fonte=\"\",ORÇAMENTO.CodBarra,CONCATENATE(ORÇAMENTO.Fonte,\" \",ORÇAMENTO.CodBarra)))","v":"SINAPI 91932"},{"$f":"IF(ISERROR(INDIRECT(ORÇAMENTO.BancoRef)),\"(abra o arquivo 'Referência \"&Excel_BuiltIn_Database&\".xls)\",IF(OR($C131<>\"S\",ORÇAMENTO.CodBarra=\"\"),\"(Sem Código)\",IF(ISERROR(MATCH($AE131,INDIRECT(ORÇAMENTO.BancoRef),0)),\"(Código não identificado nas referências)\",MATCH($AE131,INDIRECT(ORÇAMENTO.BancoRef),0))))","v":2733},{"$f":"ROUND(IF(DESONERACAO=\"sim\",REFERENCIA.Desonerado,REFERENCIA.NaoDesonerado),2)","v":10.46},{"$f":"ROUND(IF(ISNUMBER(ORÇAMENTO.OpcaoBDI),ORÇAMENTO.OpcaoBDI,IF(LEFT(ORÇAMENTO.OpcaoBDI,3)=\"BDI\",HLOOKUP(ORÇAMENTO.OpcaoBDI,$F$4:$H$5,2,FALSE),0)),15-11*$AF$9)","v":0.20349999999999999},null,20,null,null,238.2,{"$f":"ROUND(ORÇAMENTO.CustoUnitario*(1+$AH131),2)","v":11.91}]
[{"$f":"CHOOSE(1+LOG(1+2*(ORÇAMENTO.Nivel=\"Meta\")+4*(ORÇAMENTO.Nivel=\"Nível 2\")+8*(ORÇAMENTO.Nivel=\"Nível 3\")+16*(ORÇAMENTO.Nivel=\"Nível 4\")+32*(ORÇAMENTO.Nivel=\"Serviço\"),2),0,1,2,3,4,\"S\")","v":"S"},2,"S",0,{"$f":"IF($C132=1,OFFSET(E132,-1,0)+MAX(1,COUNTIF(QCI!$A$13:$A$24,OFFSET(ORÇAMENTO!E132,-1,0))),OFFSET(E132,-1,0))","v":1},9,0,0,18,0,{"$f":"IF(OR($C132=\"S\",$C132=0),0,MATCH(OFFSET($D132,0,$C132)+IF($C132<>1,1,COUNTIF(QCI!$A$13:$A$24,ORÇAMENTO!E132)),OFFSET($D132,1,$C132,ROW($C$154)-ROW($C132)),0))","v":0},"F","Serviço","Serviço","1.9.18.","SINAPI","91834","ELETRODUTO FLEXÍVEL CORRUGADO, PVC, DN 25 MM (3/4\"), PARA CIRCUITOS TERMINAIS, INSTALADO EM FORRO - FORNECIMENTO E INSTALAÇÃO","M",{"$f":"OFFSET(CÁLCULO!H$15,ROW($T132)-ROW(T$15),0)","v":114.6},6,"BDI 1",{"$f":"IF($C132=\"S\",ROUND(IF(TIPOORCAMENTO=\"Proposto\",ORÇAMENTO.CustoUnitario*(1+$AH132),ORÇAMENTO.PrecoUnitarioLicitado),15-13*$AF$10),0)","v":7.22},{"$f":"IF($C132=\"S\",VTOTAL1,IF($C132=0,0,ROUND(SomaAgrup,15-13*$AF$11)))","v":827.41},"RA","RA",{"$f":"IF($C132=\"S\",IF($Z132=\"CP\",$X132,IF($Z132=\"RA\",(($X132)*QCI!$AA$3),0)),SomaAgrup)","v":827.41},{"$f":"IF($C132=\"S\",IF($Z132=\"OU\",ROUND($X132,2),0),SomaAgrup)","v":0},{"$f":"IF($N132=\"\",\"\",IF(ORÇAMENTO.Descricao=\"\",\"DESCRIÇÃO\",IF(AND($C132=\"S\",ORÇAMENTO.Unidade=\"\"),\"UNIDADE\",IF($X132<0,\"VALOR NEGATIVO\",IF(OR(AND(TIPOORCAMENTO=\"Proposto\",$AG132<>\"\",$AG132>0,ORÇAMENTO.CustoUnitario>$AG132),AND(TIPOORCAMENTO=\"LICITADO\",ORÇAMENTO.PrecoUnitarioLicitado>$AN132)),\"ACIMA REF.\",\"\")))))","v":""},{"$f":"IF(C132<=CRONO.NivelExibicao,MAX($AD$15:OFFSET(AD132,-1,0))+IF($C132<>1,1,MAX(1,COUNTIF(QCI!$A$13:$A$24,OFFSET($E132,-1,0)))),\"\")","v":""},{"$f":"IF(AND($C132=\"S\",ORÇAMENTO.CodBarra<>\"\"),IF(ORÇAMENTO.Fonte=\"\",ORÇAMENTO.CodBarra,CONCATENATE(ORÇAMENTO.Fonte,\" \",ORÇAMENTO.CodBarra)))","v":"SINAPI 91834"},{"$f":"IF(ISERROR(INDIRECT(ORÇAMENTO.BancoRef)),\"(abra o arquivo 'Referência \"&Excel_BuiltIn_Database&\".xls)\",IF(OR($C132<>\"S\",ORÇAMENTO.CodBarra=\"\"),\"(Sem Código)\",IF(ISERROR(MATCH($AE132,INDIRECT(ORÇAMENTO.BancoRef),0)),\"(Código não identificado nas referências)\",MATCH($AE132,INDIRECT(ORÇAMENTO.BancoRef),0))))","v":2602},{"$f":"ROUND(IF(DESONERACAO=\"sim\",REFERENCIA.Desonerado,REFERENCIA.NaoDesonerado),2)","v":6.82},{"$f":"ROUND(IF(ISNUMBER(ORÇAMENTO.OpcaoBDI),ORÇAMENTO.OpcaoBDI,IF(LEFT(ORÇAMENTO.OpcaoBDI,3)=\"BDI\",HLOOKUP(ORÇAMENTO.OpcaoBDI,$F$4:$H$5,2,FALSE),0)),15-11*$AF$9)","v":0.20349999999999999},null,114.6,null,null,827.41,{"$f":"ROUND(ORÇAMENTO.CustoUnitario*(1+$AH132),2)","v":7.22}]
[{"$f":"CHOOSE(1+LOG(1+2*(ORÇAMENTO.Nivel=\"Meta\")+4*(ORÇAMENTO.Nivel=\"Nível 2\")+8*(ORÇAMENTO.Nivel=\"Nível 3\")+16*(ORÇAMENTO.Nivel=\"Nível 4\")+32*(ORÇAMENTO.Nivel=\"Serviço\"),2),0,1,2,3,4,\"S\")","v":"S"},{"$f":"IF(OR(C133=\"s\",C133=0),OFFSET(B133,-1,0),C133)","v":2},{"$f":"IF(OFFSET(C133,-1,0)=\"L\",1,IF(OFFSET(C133,-1,0)=1,2,IF(OR(A133=\"s\",A133=0),\"S\",IF(AND(OFFSET(C133,-1,0)=2,A133=4),3,IF(AND(OR(OFFSET(C133,-1,0)=\"s\",OFFSET(C133,-1,0)=0),A133<>\"s\",A133>OFFSET(B133,-1,0)),OFFSET(B133,-1,0),A133)))))","v":"S"},{"$f":"IF(OR(C133=\"S\",C133=0),0,IF(ISERROR(K133),J133,SMALL(J133:K133,1)))","v":0},{"$f":"IF($C133=1,OFFSET(E133,-1,0)+MAX(1,COUNTIF(QCI!$A$13:$A$24,OFFSET(ORÇAMENTO!E133,-1,0))),OFFSET(E133,-1,0))","v":1},{"$f":"IF($C133=1,0,IF($C133=2,OFFSET(F133,-1,0)+1,OFFSET(F133,-1,0)))","v":9},{"$f":"IF(AND($C133<=2,$C133<>0),0,IF($C133=3,OFFSET(G133,-1,0)+1,OFFSET(G133,-1,0)))","v":0},{"$f":"IF(AND($C133<=3,$C133<>0),0,IF($C133=4,OFFSET(H133,-1,0)+1,OFFSET(H133,-1,0)))","v":0},{"$f":"IF(AND($C133<=4,$C133<>0),0,IF(AND($C133=\"S\",$X133>0),OFFSET(I133,-1,0)+1,OFFSET(I133,-1,0)))","v":19},0,{"$f":"IF(OR($C133=\"S\",$C133=0),0,MATCH(OFFSET($D133,0,$C133)+IF($C133<>1,1,COUNTIF(QCI!$A$13:$A$24,ORÇAMENTO!E133)),OFFSET($D133,1,$C133,ROW($C$154)-ROW($C133)),0))","v":0},{"$f":"IF(OR($X133>0,$C133=1,$C133=2,$C133=3,$C133=4),\"F\",\"\")","v":"F"},"Serviço",{"$f":"CHOOSE(1+LOG(1+2*(C133=1)+4*(C133=2)+8*(C133=3)+16*(C133=4)+32*(C133=\"S\"),2),\"\",\"Meta\",\"Nível 2\",\"Nível 3\",\"Nível 4\",\"Serviço\")","v":"Serviço"},{"$f":"IF(OR($C133=0,$L133=\"\"),\"-\",CONCATENATE(E133&\".\",IF(AND($A$5>=2,$C133>=2),F133&\".\",\"\"),IF(AND($A$5>=3,$C133>=3),G133&\".\",\"\"),IF(AND($A$5>=4,$C133>=4),H133&\".\",\"\"),IF($C133=\"S\",I133&\".\",\"\")))","v":"1.9.19."},"SINAPI","91836","ELETRODUTO FLEXÍVEL CORRUGADO, PVC, DN 32 MM (1\"), PARA CIRCUITOS TERMINAIS, INSTALADO EM FORRO - FORNECIMENTO E INSTALAÇÃO","M",{"$f":"OFFSET(CÁLCULO!H$15,ROW($T133)-ROW(T$15),0)","v":8},8,"BDI 1",{"$f":"IF($C133=\"S\",ROUND(IF(TIPOORCAMENTO=\"Proposto\",ORÇAMENTO.CustoUnitario*(1+$AH133),ORÇAMENTO.PrecoUnitarioLicitado),15-13*$AF$10),0)","v":9.6300000000000008},{"$f":"IF($C133=\"S\",VTOTAL1,IF($C133=0,0,ROUND(SomaAgrup,15-13*$AF$11)))","v":77.040000000000006},"RA",{"$f":"IF(AND($C133=\"S\",$X133>0),IF(ISBLANK($Y133),\"RA\",LEFT($Y133,2)),\"\")","v":"RA"},{"$f":"IF($C133=\"S\",IF($Z133=\"CP\",$X133,IF($Z133=\"RA\",(($X133)*QCI!$AA$3),0)),SomaAgrup)","v":77.040000000000006},{"$f":"IF($C133=\"S\",IF($Z133=\"OU\",ROUND($X133,2),0),SomaAgrup)","v":0},{"$f":"IF($N133=\"\",\"\",IF(ORÇAMENTO.Descricao=\"\",\"DESCRIÇÃO\",IF(AND($C133=\"S\",ORÇAMENTO.Unidade=\"\"),\"UNIDADE\",IF($X133<0,\"VALOR NEGATIVO\",IF(OR(AND(TIPOORCAMENTO=\"Proposto\",$AG133<>\"\",$AG133>0,ORÇAMENTO.CustoUnitario>$AG133),AND(TIPOORCAMENTO=\"LICITADO\",ORÇAMENTO.PrecoUnitarioLicitado>$AN133)),\"ACIMA REF.\",\"\")))))","v":""},{"$f":"IF(C133<=CRONO.NivelExibicao,MAX($AD$15:OFFSET(AD133,-1,0))+IF($C133<>1,1,MAX(1,COUNTIF(QCI!$A$13:$A$24,OFFSET($E133,-1,0)))),\"\")","v":""},{"$f":"IF(AND($C133=\"S\",ORÇAMENTO.CodBarra<>\"\"),IF(ORÇAMENTO.Fonte=\"\",ORÇAMENTO.CodBarra,CONCATENATE(ORÇAMENTO.Fonte,\" \",ORÇAMENTO.CodBarra)))","v":"SINAPI 91836"},{"$f":"IF(ISERROR(INDIRECT(ORÇAMENTO.BancoRef)),\"(abra o arquivo 'Referência \"&Excel_BuiltIn_Database&\".xls)\",IF(OR($C133<>\"S\",ORÇAMENTO.CodBarra=\"\"),\"(Sem Código)\",IF(ISERROR(MATCH($AE133,INDIRECT(ORÇAMENTO.BancoRef),0)),\"(Código não identificado nas referências)\",MATCH($AE133,INDIRECT(ORÇAMENTO.BancoRef),0))))","v":2604},{"$f":"ROUND(IF(DESONERACAO=\"sim\",REFERENCIA.Desonerado,REFERENCIA.NaoDesonerado),2)","v":8.73},{"$f":"ROUND(IF(ISNUMBER(ORÇAMENTO.OpcaoBDI),ORÇAMENTO.OpcaoBDI,IF(LEFT(ORÇAMENTO.OpcaoBDI,3)=\"BDI\",HLOOKUP(ORÇAMENTO.OpcaoBDI,$F$4:$H$5,2,FALSE),0)),15-11*$AF$9)","v":0.20349999999999999},null,8,null,null,77.040000000000006,{"$f":"ROUND(ORÇAMENTO.CustoUnitario*(1+$AH133),2)","v":9.6300000000000008}]
["S",2,"S",0,{"$f":"IF($C134=1,OFFSET(E134,-1,0)+MAX(1,COUNTIF(QCI!$A$13:$A$24,OFFSET(ORÇAMENTO!E134,-1,0))),OFFSET(E134,-1,0))","v":1},9,0,0,20,0,{"$f":"IF(OR($C134=\"S\",$C134=0),0,MATCH(OFFSET($D134,0,$C134)+IF($C134<>1,1,COUNTIF(QCI!$A$13:$A$24,ORÇAMENTO!E134)),OFFSET($D134,1,$C134,ROW($C$154)-ROW($C134)),0))","v":0},"F","Serviço","Serviço","1.9.20.","SINAPI-I","3380","HASTE DE ATERRAMENTO EM ACO COM 3,00 M DE COMPRIMENTO E DN = 5/8\", REVESTIDA COM BAIXA CAMADA DE COBRE, COM CONECTOR TIPO GRAMPO","UN    ",{"$f":"OFFSET(CÁLCULO!H$15,ROW($T134)-ROW(T$15),0)","v":6},38,"BDI 1",45.73,274.38,"RA","RA",{"$f":"IF($C134=\"S\",IF($Z134=\"CP\",$X134,IF($Z134=\"RA\",(($X134)*QCI!$AA$3),0)),SomaAgrup)","v":274.38},0,"",{"$f":"IF(C134<=CRONO.NivelExibicao,MAX($AD$15:OFFSET(AD134,-1,0))+IF($C134<>1,1,MAX(1,COUNTIF(QCI!$A$13:$A$24,OFFSET($E134,-1,0)))),\"\")","v":""},"SINAPI-I 3380",6544,40.76,0.20349999999999999,null,6,null,null,274.38,45.73]
[2,2,2,7,{"$f":"IF($C135=1,OFFSET(E135,-1,0)+MAX(1,COUNTIF(QCI!$A$13:$A$24,OFFSET(ORÇAMENTO!E135,-1,0))),OFFSET(E135,-1,0))","v":1},10,0,0,0,19,{"$f":"IF(OR($C135=\"S\",$C135=0),0,MATCH(OFFSET($D135,0,$C135)+IF($C135<>1,1,COUNTIF(QCI!$A$13:$A$24,ORÇAMENTO!E135)),OFFSET($D135,1,$C135,ROW($C$154)-ROW($C135)),0))","v":7},"F","Nível 2","Nível 2","1.10.","SINAPI",null,"PLUVIAIS","-",{"$f":"OFFSET(CÁLCULO!H$15,ROW($T135)-ROW(T$15),0)","v":0},null,"BDI 1",0,32147.95,"RA","",{"$f":"IF($C135=\"S\",IF($Z135=\"CP\",$X135,IF($Z135=\"RA\",(($X135)*QCI!$AA$3),0)),SomaAgrup)","v":32147.949999999997},0,"",{"$f":"IF(C135<=CRONO.NivelExibicao,MAX($AD$15:OFFSET(AD135,-1,0))+IF($C135<>1,1,MAX(1,COUNTIF(QCI!$A$13:$A$24,OFFSET($E135,-1,0)))),\"\")","v":11},false,"(Sem Código)",0,0.20349999999999999,null,null,null,null,32147.95,0]
["S",2,"S",0,{"$f":"IF($C136=1,OFFSET(E136,-1,0)+MAX(1,COUNTIF(QCI!$A$13:$A$24,OFFSET(ORÇAMENTO!E136,-1,0))),OFFSET(E136,-1,0))","v":1},10,0,0,1,0,{"$f":"IF(OR($C136=\"S\",$C136=0),0,MATCH(OFFSET($D136,0,$C136)+IF($C136<>1,1,COUNTIF(QCI!$A$13:$A$24,ORÇAMENTO!E136)),OFFSET($D136,1,$C136,ROW($C$154)-ROW($C136)),0))","v":0},"F","Serviço","Serviço","1.10.1.","AMMOC","16","CISTERNA COM RESERVATÓRIO DE 5.000L,  PARA COLETAS DE AGUAS DA CHUVA E REUTILIZAÇÃO, COM BOMBA CENTRÍFUGA","UN ",{"$f":"OFFSET(CÁLCULO!H$15,ROW($T136)-ROW(T$15),0)","v":1},6400,"BDI 1",7702.4,7702.4,"RA","RA",{"$f":"IF($C136=\"S\",IF($Z136=\"CP\",$X136,IF($Z136=\"RA\",(($X136)*QCI!$AA$3),0)),SomaAgrup)","v":7702.4},0,"",{"$f":"IF(C136<=CRONO.NivelExibicao,MAX($AD$15:OFFSET(AD136,-1,0))+IF($C136<>1,1,MAX(1,COUNTIF(QCI!$A$13:$A$24,OFFSET($E136,-1,0)))),\"\")","v":""},"AMMOC 16",18,6751.12,0.20349999999999999,null,1,null,null,7702.4,7702.4]
["S",2,"S",0,{"$f":"IF($C137=1,OFFSET(E137,-1,0)+MAX(1,COUNTIF(QCI!$A$13:$A$24,OFFSET(ORÇAMENTO!E137,-1,0))),OFFSET(E137,-1,0))","v":1},10,0,0,2,0,{"$f":"IF(OR($C137=\"S\",$C137=0),0,MATCH(OFFSET($D137,0,$C137)+IF($C137<>1,1,COUNTIF(QCI!$A$13:$A$24,ORÇAMENTO!E137)),OFFSET($D137,1,$C137,ROW($C$154)-ROW($C137)),0))","v":0},"F","Serviço","Serviço","1.10.2.","SINAPI","94229","CALHA EM CHAPA DE AÇO GALVANIZADO NÚMERO 24, DESENVOLVIMENTO DE 100 CM, INCLUSO TRANSPORTE VERTICAL","M",{"$f":"OFFSET(CÁLCULO!H$15,ROW($T137)-ROW(T$15),0)","v":103.3},100,"BDI 1",120.35,12432.16,"RA","RA",{"$f":"IF($C137=\"S\",IF($Z137=\"CP\",$X137,IF($Z137=\"RA\",(($X137)*QCI!$AA$3),0)),SomaAgrup)","v":12432.16},0,"",{"$f":"IF(C137<=CRONO.NivelExibicao,MAX($AD$15:OFFSET(AD137,-1,0))+IF($C137<>1,1,MAX(1,COUNTIF(QCI!$A$13:$A$24,OFFSET($E137,-1,0)))),\"\")","v":""},"SINAPI 94229",1465,126.03,0.20349999999999999,null,{"$f":"51.65*2","v":103.3},null,null,12432.16,120.35]
["S",2,"S",0,{"$f":"IF($C138=1,OFFSET(E138,-1,0)+MAX(1,COUNTIF(QCI!$A$13:$A$24,OFFSET(ORÇAMENTO!E138,-1,0))),OFFSET(E138,-1,0))","v":1},10,0,0,3,0,{"$f":"IF(OR($C138=\"S\",$C138=0),0,MATCH(OFFSET($D138,0,$C138)+IF($C138<>1,1,COUNTIF(QCI!$A$13:$A$24,ORÇAMENTO!E138)),OFFSET($D138,1,$C138,ROW($C$154)-ROW($C138)),0))","v":0},"F","Serviço","Serviço","1.10.3.","SINAPI","91790","(COMPOSIÇÃO REPRESENTATIVA) DO SERVIÇO DE INSTALAÇÃO DE TUBOS DE PVC, SÉRIE R, ÁGUA PLUVIAL, DN 100 MM (INSTALADO EM RAMAL DE ENCAMINHAMENTO, OU CONDUTORES VERTICAIS), INCLUSIVE CONEXÕES, CORTES E FIXAÇÕES, PARA PRÉDIOS","M",{"$f":"OFFSET(CÁLCULO!H$15,ROW($T138)-ROW(T$15),0)","v":159.30000000000001},40,"BDI 1",48.14,7668.7,"RA","RA",{"$f":"IF($C138=\"S\",IF($Z138=\"CP\",$X138,IF($Z138=\"RA\",(($X138)*QCI!$AA$3),0)),SomaAgrup)","v":7668.7},0,"",{"$f":"IF(C138<=CRONO.NivelExibicao,MAX($AD$15:OFFSET(AD138,-1,0))+IF($C138<>1,1,MAX(1,COUNTIF(QCI!$A$13:$A$24,OFFSET($E138,-1,0)))),\"\")","v":""},"SINAPI 91790",3244,45.09,0.20349999999999999,null,{"$f":"7*8+103.3","v":159.30000000000001},null,null,7668.7,48.14]
["S",2,"S",0,{"$f":"IF($C139=1,OFFSET(E139,-1,0)+MAX(1,COUNTIF(QCI!$A$13:$A$24,OFFSET(ORÇAMENTO!E139,-1,0))),OFFSET(E139,-1,0))","v":1},10,0,0,4,0,{"$f":"IF(OR($C139=\"S\",$C139=0),0,MATCH(OFFSET($D139,0,$C139)+IF($C139<>1,1,COUNTIF(QCI!$A$13:$A$24,ORÇAMENTO!E139)),OFFSET($D139,1,$C139,ROW($C$154)-ROW($C139)),0))","v":0},"F","Serviço","Serviço","1.10.4.","SINAPI","83446","CAIXA DE PASSAGEM 30X30X40 COM TAMPA E DRENO BRITA","UN",{"$f":"OFFSET(CÁLCULO!H$15,ROW($T139)-ROW(T$15),0)","v":10},150,"BDI 1",180.53,1805.3,"RA","RA",{"$f":"IF($C139=\"S\",IF($Z139=\"CP\",$X139,IF($Z139=\"RA\",(($X139)*QCI!$AA$3),0)),SomaAgrup)","v":1805.3},0,"",{"$f":"IF(C139<=CRONO.NivelExibicao,MAX($AD$15:OFFSET(AD139,-1,0))+IF($C139<>1,1,MAX(1,COUNTIF(QCI!$A$13:$A$24,OFFSET($E139,-1,0)))),\"\")","v":""},"SINAPI 83446",2761,166.33,0.20349999999999999,null,10,null,null,1805.3,180.53]
["S",2,"S",0,{"$f":"IF($C140=1,OFFSET(E140,-1,0)+MAX(1,COUNTIF(QCI!$A$13:$A$24,OFFSET(ORÇAMENTO!E140,-1,0))),OFFSET(E140,-1,0))","v":1},10,0,0,5,0,{"$f":"IF(OR($C140=\"S\",$C140=0),0,MATCH(OFFSET($D140,0,$C140)+IF($C140<>1,1,COUNTIF(QCI!$A$13:$A$24,ORÇAMENTO!E140)),OFFSET($D140,1,$C140,ROW($C$154)-ROW($C140)),0))","v":0},"F","Serviço","Serviço","1.10.5.","SINAPI","89957","PONTO DE CONSUMO TERMINAL DE ÁGUA FRIA (SUBRAMAL) COM TUBULAÇÃO DE PVC, DN 25 MM, INSTALADO EM RAMAL DE ÁGUA, INCLUSOS, FIXAÇÃO, TORNEIRA, CHUMBAMENTO","UN",{"$f":"OFFSET(CÁLCULO!H$15,ROW($T140)-ROW(T$15),0)","v":1},110,"BDI 1",132.38999999999999,132.38999999999999,"RA","RA",{"$f":"IF($C140=\"S\",IF($Z140=\"CP\",$X140,IF($Z140=\"RA\",(($X140)*QCI!$AA$3),0)),SomaAgrup)","v":132.38999999999999},0,"",{"$f":"IF(C140<=CRONO.NivelExibicao,MAX($AD$15:OFFSET(AD140,-1,0))+IF($C140<>1,1,MAX(1,COUNTIF(QCI!$A$13:$A$24,OFFSET($E140,-1,0)))),\"\")","v":""},"SINAPI 89957",4703,117.62,0.20349999999999999,null,1,null,null,132.38999999999999,132.38999999999999]
["S",2,"S",0,{"$f":"IF($C141=1,OFFSET(E141,-1,0)+MAX(1,COUNTIF(QCI!$A$13:$A$24,OFFSET(ORÇAMENTO!E141,-1,0))),OFFSET(E141,-1,0))","v":1},10,0,0,6,0,{"$f":"IF(OR($C141=\"S\",$C141=0),0,MATCH(OFFSET($D141,0,$C141)+IF($C141<>1,1,COUNTIF(QCI!$A$13:$A$24,ORÇAMENTO!E141)),OFFSET($D141,1,$C141,ROW($C$154)-ROW($C141)),0))","v":0},"F","Serviço","Serviço","1.10.6.","SINAPI","91790","EXTRAVASOR, DA CISTERNA EM  TUBOS DE PVC, SÉRIE R, ÁGUA PLUVIAL, DN 100 MM (INSTALADO EM CONDUTORES VERTICAIS), INCLUSIVE CONEXÕES, CORTES E FIXAÇÕES","M",{"$f":"OFFSET(CÁLCULO!H$15,ROW($T141)-ROW(T$15),0)","v":50},40,"BDI 1",48.14,2407,"RA","RA",{"$f":"IF($C141=\"S\",IF($Z141=\"CP\",$X141,IF($Z141=\"RA\",(($X141)*QCI!$AA$3),0)),SomaAgrup)","v":2407},0,"",{"$f":"IF(C141<=CRONO.NivelExibicao,MAX($AD$15:OFFSET(AD141,-1,0))+IF($C141<>1,1,MAX(1,COUNTIF(QCI!$A$13:$A$24,OFFSET($E141,-1,0)))),\"\")","v":""},"SINAPI 91790",3244,45.09,0.20349999999999999,null,50,null,null,2407,48.14]
[2,2,2,7,{"$f":"IF($C142=1,OFFSET(E142,-1,0)+MAX(1,COUNTIF(QCI!$A$13:$A$24,OFFSET(ORÇAMENTO!E142,-1,0))),OFFSET(E142,-1,0))","v":1},11,0,0,0,12,{"$f":"IF(OR($C142=\"S\",$C142=0),0,MATCH(OFFSET($D142,0,$C142)+IF($C142<>1,1,COUNTIF(QCI!$A$13:$A$24,ORÇAMENTO!E142)),OFFSET($D142,1,$C142,ROW($C$154)-ROW($C142)),0))","v":7},"F","Nível 2","Nível 2","1.11.","SINAPI",null,"PREVENTIVO DE INCÊNDIO","-",{"$f":"OFFSET(CÁLCULO!H$15,ROW($T142)-ROW(T$15),0)","v":0},0,"BDI 1",0,1733.09,"RA","",{"$f":"IF($C142=\"S\",IF($Z142=\"CP\",$X142,IF($Z142=\"RA\",(($X142)*QCI!$AA$3),0)),SomaAgrup)","v":1733.0900000000001},0,"",{"$f":"IF(C142<=CRONO.NivelExibicao,MAX($AD$15:OFFSET(AD142,-1,0))+IF($C142<>1,1,MAX(1,COUNTIF(QCI!$A$13:$A$24,OFFSET($E142,-1,0)))),\"\")","v":12},false,"(Sem Código)",0,0.20349999999999999,null,null,null,null,1733.09,0]
["S",2,"S",0,{"$f":"IF($C143=1,OFFSET(E143,-1,0)+MAX(1,COUNTIF(QCI!$A$13:$A$24,OFFSET(ORÇAMENTO!E143,-1,0))),OFFSET(E143,-1,0))","v":1},11,0,0,1,0,{"$f":"IF(OR($C143=\"S\",$C143=0),0,MATCH(OFFSET($D143,0,$C143)+IF($C143<>1,1,COUNTIF(QCI!$A$13:$A$24,ORÇAMENTO!E143)),OFFSET($D143,1,$C143,ROW($C$154)-ROW($C143)),0))","v":0},"F","Serviço","Serviço","1.11.1.","SINAPI",72553,"EXTINTOR DE PQS 4 KG - FORNECIMENTO E INSTALAÇÃO","UN",{"$f":"OFFSET(CÁLCULO!H$15,ROW($T143)-ROW(T$15),0)","v":3},110,"BDI 1",132.38999999999999,397.17,"RA","RA",{"$f":"IF($C143=\"S\",IF($Z143=\"CP\",$X143,IF($Z143=\"RA\",(($X143)*QCI!$AA$3),0)),SomaAgrup)","v":397.17},0,"",{"$f":"IF(C143<=CRONO.NivelExibicao,MAX($AD$15:OFFSET(AD143,-1,0))+IF($C143<>1,1,MAX(1,COUNTIF(QCI!$A$13:$A$24,OFFSET($E143,-1,0)))),\"\")","v":""},"SINAPI 72553",3121,125.25,0.20349999999999999,null,3,null,null,397.17,132.38999999999999]
["S",2,"S",0,{"$f":"IF($C144=1,OFFSET(E144,-1,0)+MAX(1,COUNTIF(QCI!$A$13:$A$24,OFFSET(ORÇAMENTO!E144,-1,0))),OFFSET(E144,-1,0))","v":1},11,0,0,2,0,{"$f":"IF(OR($C144=\"S\",$C144=0),0,MATCH(OFFSET($D144,0,$C144)+IF($C144<>1,1,COUNTIF(QCI!$A$13:$A$24,ORÇAMENTO!E144)),OFFSET($D144,1,$C144,ROW($C$154)-ROW($C144)),0))","v":0},"F","Serviço","Serviço","1.11.2.","SINAPI","97599","LUMINÁRIA DE EMERGÊNCIA 30 LEDS - FORNECIMENTO E INSTALAÇÃO","UN    ",{"$f":"OFFSET(CÁLCULO!H$15,ROW($T144)-ROW(T$15),0)","v":9},25,"BDI 1",30.09,270.81,"RA","RA",{"$f":"IF($C144=\"S\",IF($Z144=\"CP\",$X144,IF($Z144=\"RA\",(($X144)*QCI!$AA$3),0)),SomaAgrup)","v":270.81},0,"",{"$f":"IF(C144<=CRONO.NivelExibicao,MAX($AD$15:OFFSET(AD144,-1,0))+IF($C144<>1,1,MAX(1,COUNTIF(QCI!$A$13:$A$24,OFFSET($E144,-1,0)))),\"\")","v":""},"SINAPI 97599",2973,27.78,0.20349999999999999,null,9,null,null,270.81,30.09]
[{"$f":"CHOOSE(1+LOG(1+2*(ORÇAMENTO.Nivel=\"Meta\")+4*(ORÇAMENTO.Nivel=\"Nível 2\")+8*(ORÇAMENTO.Nivel=\"Nível 3\")+16*(ORÇAMENTO.Nivel=\"Nível 4\")+32*(ORÇAMENTO.Nivel=\"Serviço\"),2),0,1,2,3,4,\"S\")","v":"S"},{"$f":"IF(OR(C145=\"s\",C145=0),OFFSET(B145,-1,0),C145)","v":2},{"$f":"IF(OFFSET(C145,-1,0)=\"L\",1,IF(OFFSET(C145,-1,0)=1,2,IF(OR(A145=\"s\",A145=0),\"S\",IF(AND(OFFSET(C145,-1,0)=2,A145=4),3,IF(AND(OR(OFFSET(C145,-1,0)=\"s\",OFFSET(C145,-1,0)=0),A145<>\"s\",A145>OFFSET(B145,-1,0)),OFFSET(B145,-1,0),A145)))))","v":"S"},{"$f":"IF(OR(C145=\"S\",C145=0),0,IF(ISERROR(K145),J145,SMALL(J145:K145,1)))","v":0},{"$f":"IF($C145=1,OFFSET(E145,-1,0)+MAX(1,COUNTIF(QCI!$A$13:$A$24,OFFSET(ORÇAMENTO!E145,-1,0))),OFFSET(E145,-1,0))","v":1},{"$f":"IF($C145=1,0,IF($C145=2,OFFSET(F145,-1,0)+1,OFFSET(F145,-1,0)))","v":11},{"$f":"IF(AND($C145<=2,$C145<>0),0,IF($C145=3,OFFSET(G145,-1,0)+1,OFFSET(G145,-1,0)))","v":0},{"$f":"IF(AND($C145<=3,$C145<>0),0,IF($C145=4,OFFSET(H145,-1,0)+1,OFFSET(H145,-1,0)))","v":0},{"$f":"IF(AND($C145<=4,$C145<>0),0,IF(AND($C145=\"S\",$X145>0),OFFSET(I145,-1,0)+1,OFFSET(I145,-1,0)))","v":3},0,{"$f":"IF(OR($C145=\"S\",$C145=0),0,MATCH(OFFSET($D145,0,$C145)+IF($C145<>1,1,COUNTIF(QCI!$A$13:$A$24,ORÇAMENTO!E145)),OFFSET($D145,1,$C145,ROW($C$154)-ROW($C145)),0))","v":0},{"$f":"IF(OR($X145>0,$C145=1,$C145=2,$C145=3,$C145=4),\"F\",\"\")","v":"F"},"Serviço",{"$f":"CHOOSE(1+LOG(1+2*(C145=1)+4*(C145=2)+8*(C145=3)+16*(C145=4)+32*(C145=\"S\"),2),\"\",\"Meta\",\"Nível 2\",\"Nível 3\",\"Nível 4\",\"Serviço\")","v":"Serviço"},{"$f":"IF(OR($C145=0,$L145=\"\"),\"-\",CONCATENATE(E145&\".\",IF(AND($A$5>=2,$C145>=2),F145&\".\",\"\"),IF(AND($A$5>=3,$C145>=3),G145&\".\",\"\"),IF(AND($A$5>=4,$C145>=4),H145&\".\",\"\"),IF($C145=\"S\",I145&\".\",\"\")))","v":"1.11.3."},"Cotação","4 AMMOC","LUMINÁRIA DE EMERGÊNCIA, BLOCO AUTONOMO 2 x 55 LEDS, FORNECIMENTO E INSTALAÇÃO","UN",{"$f":"OFFSET(CÁLCULO!H$15,ROW($T145)-ROW(T$15),0)","v":2},330,"BDI 1",{"$f":"IF($C145=\"S\",ROUND(IF(TIPOORCAMENTO=\"Proposto\",ORÇAMENTO.CustoUnitario*(1+$AH145),ORÇAMENTO.PrecoUnitarioLicitado),15-13*$AF$10),0)","v":397.16},{"$f":"IF($C145=\"S\",VTOTAL1,IF($C145=0,0,ROUND(SomaAgrup,15-13*$AF$11)))","v":794.32},"RA",{"$f":"IF(AND($C145=\"S\",$X145>0),IF(ISBLANK($Y145),\"RA\",LEFT($Y145,2)),\"\")","v":"RA"},{"$f":"IF($C145=\"S\",IF($Z145=\"CP\",$X145,IF($Z145=\"RA\",(($X145)*QCI!$AA$3),0)),SomaAgrup)","v":794.32},{"$f":"IF($C145=\"S\",IF($Z145=\"OU\",ROUND($X145,2),0),SomaAgrup)","v":0},{"$f":"IF($N145=\"\",\"\",IF(ORÇAMENTO.Descricao=\"\",\"DESCRIÇÃO\",IF(AND($C145=\"S\",ORÇAMENTO.Unidade=\"\"),\"UNIDADE\",IF($X145<0,\"VALOR NEGATIVO\",IF(OR(AND(TIPOORCAMENTO=\"Proposto\",$AG145<>\"\",$AG145>0,ORÇAMENTO.CustoUnitario>$AG145),AND(TIPOORCAMENTO=\"LICITADO\",ORÇAMENTO.PrecoUnitarioLicitado>$AN145)),\"ACIMA REF.\",\"\")))))","v":""},{"$f":"IF(C145<=CRONO.NivelExibicao,MAX($AD$15:OFFSET(AD145,-1,0))+IF($C145<>1,1,MAX(1,COUNTIF(QCI!$A$13:$A$24,OFFSET($E145,-1,0)))),\"\")","v":""},{"$f":"IF(AND($C145=\"S\",ORÇAMENTO.CodBarra<>\"\"),IF(ORÇAMENTO.Fonte=\"\",ORÇAMENTO.CodBarra,CONCATENATE(ORÇAMENTO.Fonte,\" \",ORÇAMENTO.CodBarra)))","v":"Cotação 4 AMMOC"},{"$f":"IF(ISERROR(INDIRECT(ORÇAMENTO.BancoRef)),\"(abra o arquivo 'Referência \"&Excel_BuiltIn_Database&\".xls)\",IF(OR($C145<>\"S\",ORÇAMENTO.CodBarra=\"\"),\"(Sem Código)\",IF(ISERROR(MATCH($AE145,INDIRECT(ORÇAMENTO.BancoRef),0)),\"(Código não identificado nas referências)\",MATCH($AE145,INDIRECT(ORÇAMENTO.BancoRef),0))))","v":143},{"$f":"ROUND(IF(DESONERACAO=\"sim\",REFERENCIA.Desonerado,REFERENCIA.NaoDesonerado),2)","v":355},{"$f":"ROUND(IF(ISNUMBER(ORÇAMENTO.OpcaoBDI),ORÇAMENTO.OpcaoBDI,IF(LEFT(ORÇAMENTO.OpcaoBDI,3)=\"BDI\",HLOOKUP(ORÇAMENTO.OpcaoBDI,$F$4:$H$5,2,FALSE),0)),15-11*$AF$9)","v":0.20349999999999999},null,2,null,null,794.32,{"$f":"ROUND(ORÇAMENTO.CustoUnitario*(1+$AH145),2)","v":397.16}]
["S",2,"S",0,{"$f":"IF($C146=1,OFFSET(E146,-1,0)+MAX(1,COUNTIF(QCI!$A$13:$A$24,OFFSET(ORÇAMENTO!E146,-1,0))),OFFSET(E146,-1,0))","v":1},11,0,0,4,0,{"$f":"IF(OR($C146=\"S\",$C146=0),0,MATCH(OFFSET($D146,0,$C146)+IF($C146<>1,1,COUNTIF(QCI!$A$13:$A$24,ORÇAMENTO!E146)),OFFSET($D146,1,$C146,ROW($C$154)-ROW($C146)),0))","v":0},"F","Serviço","Serviço","1.11.4.","SINAPI-I","37558","PLACA DE SINALIZAÇÃO DE SEGURANCA CONTRA INCÊNDIO, FOTOLUMINESCENTE, RETANGULAR, ATÉ 20X40 CM, EM PVC 2 MM ANTI-CHAMAS (SÍMBOLOS, CORES E PICTOGRAMAS CONFORME NBR 13434)","UN    ",{"$f":"OFFSET(CÁLCULO!H$15,ROW($T146)-ROW(T$15),0)","v":2},25,"BDI 1",30.09,60.18,"RA","RA",{"$f":"IF($C146=\"S\",IF($Z146=\"CP\",$X146,IF($Z146=\"RA\",(($X146)*QCI!$AA$3),0)),SomaAgrup)","v":60.18},0,"",{"$f":"IF(C146<=CRONO.NivelExibicao,MAX($AD$15:OFFSET(AD146,-1,0))+IF($C146<>1,1,MAX(1,COUNTIF(QCI!$A$13:$A$24,OFFSET($E146,-1,0)))),\"\")","v":""},"SINAPI-I 37558",10240,28.41,0.20349999999999999,null,2,null,null,60.18,30.09]
[{"$f":"CHOOSE(1+LOG(1+2*(ORÇAMENTO.Nivel=\"Meta\")+4*(ORÇAMENTO.Nivel=\"Nível 2\")+8*(ORÇAMENTO.Nivel=\"Nível 3\")+16*(ORÇAMENTO.Nivel=\"Nível 4\")+32*(ORÇAMENTO.Nivel=\"Serviço\"),2),0,1,2,3,4,\"S\")","v":"S"},{"$f":"IF(OR(C147=\"s\",C147=0),OFFSET(B147,-1,0),C147)","v":2},{"$f":"IF(OFFSET(C147,-1,0)=\"L\",1,IF(OFFSET(C147,-1,0)=1,2,IF(OR(A147=\"s\",A147=0),\"S\",IF(AND(OFFSET(C147,-1,0)=2,A147=4),3,IF(AND(OR(OFFSET(C147,-1,0)=\"s\",OFFSET(C147,-1,0)=0),A147<>\"s\",A147>OFFSET(B147,-1,0)),OFFSET(B147,-1,0),A147)))))","v":"S"},{"$f":"IF(OR(C147=\"S\",C147=0),0,IF(ISERROR(K147),J147,SMALL(J147:K147,1)))","v":0},{"$f":"IF($C147=1,OFFSET(E147,-1,0)+MAX(1,COUNTIF(QCI!$A$13:$A$24,OFFSET(ORÇAMENTO!E147,-1,0))),OFFSET(E147,-1,0))","v":1},{"$f":"IF($C147=1,0,IF($C147=2,OFFSET(F147,-1,0)+1,OFFSET(F147,-1,0)))","v":11},{"$f":"IF(AND($C147<=2,$C147<>0),0,IF($C147=3,OFFSET(G147,-1,0)+1,OFFSET(G147,-1,0)))","v":0},{"$f":"IF(AND($C147<=3,$C147<>0),0,IF($C147=4,OFFSET(H147,-1,0)+1,OFFSET(H147,-1,0)))","v":0},{"$f":"IF(AND($C147<=4,$C147<>0),0,IF(AND($C147=\"S\",$X147>0),OFFSET(I147,-1,0)+1,OFFSET(I147,-1,0)))","v":5},0,{"$f":"IF(OR($C147=\"S\",$C147=0),0,MATCH(OFFSET($D147,0,$C147)+IF($C147<>1,1,COUNTIF(QCI!$A$13:$A$24,ORÇAMENTO!E147)),OFFSET($D147,1,$C147,ROW($C$154)-ROW($C147)),0))","v":0},{"$f":"IF(OR($X147>0,$C147=1,$C147=2,$C147=3,$C147=4),\"F\",\"\")","v":"F"},"Serviço",{"$f":"CHOOSE(1+LOG(1+2*(C147=1)+4*(C147=2)+8*(C147=3)+16*(C147=4)+32*(C147=\"S\"),2),\"\",\"Meta\",\"Nível 2\",\"Nível 3\",\"Nível 4\",\"Serviço\")","v":"Serviço"},{"$f":"IF(OR($C147=0,$L147=\"\"),\"-\",CONCATENATE(E147&\".\",IF(AND($A$5>=2,$C147>=2),F147&\".\",\"\"),IF(AND($A$5>=3,$C147>=3),G147&\".\",\"\"),IF(AND($A$5>=4,$C147>=4),H147&\".\",\"\"),IF($C147=\"S\",I147&\".\",\"\")))","v":"1.11.5."},"DEINFRA","43729","PLACA DE SINALIZAÇÃO FACE ÚNICA COM LÂMPADA DE LED","UN",{"$f":"OFFSET(CÁLCULO!H$15,ROW($T147)-ROW(T$15),0)","v":1},95,"BDI 1",{"$f":"IF($C147=\"S\",ROUND(IF(TIPOORCAMENTO=\"Proposto\",ORÇAMENTO.CustoUnitario*(1+$AH147),ORÇAMENTO.PrecoUnitarioLicitado),15-13*$AF$10),0)","v":114.33},{"$f":"IF($C147=\"S\",VTOTAL1,IF($C147=0,0,ROUND(SomaAgrup,15-13*$AF$11)))","v":114.33},"RA",{"$f":"IF(AND($C147=\"S\",$X147>0),IF(ISBLANK($Y147),\"RA\",LEFT($Y147,2)),\"\")","v":"RA"},{"$f":"IF($C147=\"S\",IF($Z147=\"CP\",$X147,IF($Z147=\"RA\",(($X147)*QCI!$AA$3),0)),SomaAgrup)","v":114.33},{"$f":"IF($C147=\"S\",IF($Z147=\"OU\",ROUND($X147,2),0),SomaAgrup)","v":0},{"$f":"IF($N147=\"\",\"\",IF(ORÇAMENTO.Descricao=\"\",\"DESCRIÇÃO\",IF(AND($C147=\"S\",ORÇAMENTO.Unidade=\"\"),\"UNIDADE\",IF($X147<0,\"VALOR NEGATIVO\",IF(OR(AND(TIPOORCAMENTO=\"Proposto\",$AG147<>\"\",$AG147>0,ORÇAMENTO.CustoUnitario>$AG147),AND(TIPOORCAMENTO=\"LICITADO\",ORÇAMENTO.PrecoUnitarioLicitado>$AN147)),\"ACIMA REF.\",\"\")))))","v":""},{"$f":"IF(C147<=CRONO.NivelExibicao,MAX($AD$15:OFFSET(AD147,-1,0))+IF($C147<>1,1,MAX(1,COUNTIF(QCI!$A$13:$A$24,OFFSET($E147,-1,0)))),\"\")","v":""},{"$f":"IF(AND($C147=\"S\",ORÇAMENTO.CodBarra<>\"\"),IF(ORÇAMENTO.Fonte=\"\",ORÇAMENTO.CodBarra,CONCATENATE(ORÇAMENTO.Fonte,\" \",ORÇAMENTO.CodBarra)))","v":"DEINFRA 43729"},{"$f":"IF(ISERROR(INDIRECT(ORÇAMENTO.BancoRef)),\"(abra o arquivo 'Referência \"&Excel_BuiltIn_Database&\".xls)\",IF(OR($C147<>\"S\",ORÇAMENTO.CodBarra=\"\"),\"(Sem Código)\",IF(ISERROR(MATCH($AE147,INDIRECT(ORÇAMENTO.BancoRef),0)),\"(Código não identificado nas referências)\",MATCH($AE147,INDIRECT(ORÇAMENTO.BancoRef),0))))","v":12886},{"$f":"ROUND(IF(DESONERACAO=\"sim\",REFERENCIA.Desonerado,REFERENCIA.NaoDesonerado),2)","v":102.47},{"$f":"ROUND(IF(ISNUMBER(ORÇAMENTO.OpcaoBDI),ORÇAMENTO.OpcaoBDI,IF(LEFT(ORÇAMENTO.OpcaoBDI,3)=\"BDI\",HLOOKUP(ORÇAMENTO.OpcaoBDI,$F$4:$H$5,2,FALSE),0)),15-11*$AF$9)","v":0.20349999999999999},null,1,null,null,114.33,{"$f":"ROUND(ORÇAMENTO.CustoUnitario*(1+$AH147),2)","v":114.33}]
[{"$f":"CHOOSE(1+LOG(1+2*(ORÇAMENTO.Nivel=\"Meta\")+4*(ORÇAMENTO.Nivel=\"Nível 2\")+8*(ORÇAMENTO.Nivel=\"Nível 3\")+16*(ORÇAMENTO.Nivel=\"Nível 4\")+32*(ORÇAMENTO.Nivel=\"Serviço\"),2),0,1,2,3,4,\"S\")","v":"S"},{"$f":"IF(OR(C148=\"s\",C148=0),OFFSET(B148,-1,0),C148)","v":2},{"$f":"IF(OFFSET(C148,-1,0)=\"L\",1,IF(OFFSET(C148,-1,0)=1,2,IF(OR(A148=\"s\",A148=0),\"S\",IF(AND(OFFSET(C148,-1,0)=2,A148=4),3,IF(AND(OR(OFFSET(C148,-1,0)=\"s\",OFFSET(C148,-1,0)=0),A148<>\"s\",A148>OFFSET(B148,-1,0)),OFFSET(B148,-1,0),A148)))))","v":"S"},{"$f":"IF(OR(C148=\"S\",C148=0),0,IF(ISERROR(K148),J148,SMALL(J148:K148,1)))","v":0},{"$f":"IF($C148=1,OFFSET(E148,-1,0)+MAX(1,COUNTIF(QCI!$A$13:$A$24,OFFSET(ORÇAMENTO!E148,-1,0))),OFFSET(E148,-1,0))","v":1},{"$f":"IF($C148=1,0,IF($C148=2,OFFSET(F148,-1,0)+1,OFFSET(F148,-1,0)))","v":11},{"$f":"IF(AND($C148<=2,$C148<>0),0,IF($C148=3,OFFSET(G148,-1,0)+1,OFFSET(G148,-1,0)))","v":0},{"$f":"IF(AND($C148<=3,$C148<>0),0,IF($C148=4,OFFSET(H148,-1,0)+1,OFFSET(H148,-1,0)))","v":0},{"$f":"IF(AND($C148<=4,$C148<>0),0,IF(AND($C148=\"S\",$X148>0),OFFSET(I148,-1,0)+1,OFFSET(I148,-1,0)))","v":6},{"$f":"IF(OR($C148=\"S\",$C148=0),0,MATCH(0,OFFSET($D148,1,$C148,ROW($C$154)-ROW($C148)),0))","v":0},{"$f":"IF(OR($C148=\"S\",$C148=0),0,MATCH(OFFSET($D148,0,$C148)+IF($C148<>1,1,COUNTIF(QCI!$A$13:$A$24,ORÇAMENTO!E148)),OFFSET($D148,1,$C148,ROW($C$154)-ROW($C148)),0))","v":0},{"$f":"IF(OR($X148>0,$C148=1,$C148=2,$C148=3,$C148=4),\"F\",\"\")","v":"F"},"Serviço",{"$f":"CHOOSE(1+LOG(1+2*(C148=1)+4*(C148=2)+8*(C148=3)+16*(C148=4)+32*(C148=\"S\"),2),\"\",\"Meta\",\"Nível 2\",\"Nível 3\",\"Nível 4\",\"Serviço\")","v":"Serviço"},{"$f":"IF(OR($C148=0,$L148=\"\"),\"-\",CONCATENATE(E148&\".\",IF(AND($A$5>=2,$C148>=2),F148&\".\",\"\"),IF(AND($A$5>=3,$C148>=3),G148&\".\",\"\"),IF(AND($A$5>=4,$C148>=4),H148&\".\",\"\"),IF($C148=\"S\",I148&\".\",\"\")))","v":"1.11.6."},"Cotação","43 AMMOC","FOGÃO ELÉTRICO 2 BOCAS - 2.000 W - 220 V","UN ",{"$f":"OFFSET(CÁLCULO!H$15,ROW($T148)-ROW(T$15),0)","v":1},80,"BDI 1",{"$f":"IF($C148=\"S\",ROUND(IF(TIPOORCAMENTO=\"Proposto\",ORÇAMENTO.CustoUnitario*(1+$AH148),ORÇAMENTO.PrecoUnitarioLicitado),15-13*$AF$10),0)","v":96.28},{"$f":"IF($C148=\"S\",VTOTAL1,IF($C148=0,0,ROUND(SomaAgrup,15-13*$AF$11)))","v":96.28},"RA",{"$f":"IF(AND($C148=\"S\",$X148>0),IF(ISBLANK($Y148),\"RA\",LEFT($Y148,2)),\"\")","v":"RA"},{"$f":"IF($C148=\"S\",IF($Z148=\"CP\",$X148,IF($Z148=\"RA\",(($X148)*QCI!$AA$3),0)),SomaAgrup)","v":96.28},{"$f":"IF($C148=\"S\",IF($Z148=\"OU\",ROUND($X148,2),0),SomaAgrup)","v":0},{"$f":"IF($N148=\"\",\"\",IF(ORÇAMENTO.Descricao=\"\",\"DESCRIÇÃO\",IF(AND($C148=\"S\",ORÇAMENTO.Unidade=\"\"),\"UNIDADE\",IF($X148<0,\"VALOR NEGATIVO\",IF(OR(AND(TIPOORCAMENTO=\"Proposto\",$AG148<>\"\",$AG148>0,ORÇAMENTO.CustoUnitario>$AG148),AND(TIPOORCAMENTO=\"LICITADO\",ORÇAMENTO.PrecoUnitarioLicitado>$AN148)),\"ACIMA REF.\",\"\")))))","v":""},{"$f":"IF(C148<=CRONO.NivelExibicao,MAX($AD$15:OFFSET(AD148,-1,0))+IF($C148<>1,1,MAX(1,COUNTIF(QCI!$A$13:$A$24,OFFSET($E148,-1,0)))),\"\")","v":""},{"$f":"IF(AND($C148=\"S\",ORÇAMENTO.CodBarra<>\"\"),IF(ORÇAMENTO.Fonte=\"\",ORÇAMENTO.CodBarra,CONCATENATE(ORÇAMENTO.Fonte,\" \",ORÇAMENTO.CodBarra)))","v":"Cotação 43 AMMOC"},{"$f":"IF(ISERROR(INDIRECT(ORÇAMENTO.BancoRef)),\"(abra o arquivo 'Referência \"&Excel_BuiltIn_Database&\".xls)\",IF(OR($C148<>\"S\",ORÇAMENTO.CodBarra=\"\"),\"(Sem Código)\",IF(ISERROR(MATCH($AE148,INDIRECT(ORÇAMENTO.BancoRef),0)),\"(Código não identificado nas referências)\",MATCH($AE148,INDIRECT(ORÇAMENTO.BancoRef),0))))","v":182},{"$f":"ROUND(IF(DESONERACAO=\"sim\",REFERENCIA.Desonerado,REFERENCIA.NaoDesonerado),2)","v":89.1},{"$f":"ROUND(IF(ISNUMBER(ORÇAMENTO.OpcaoBDI),ORÇAMENTO.OpcaoBDI,IF(LEFT(ORÇAMENTO.OpcaoBDI,3)=\"BDI\",HLOOKUP(ORÇAMENTO.OpcaoBDI,$F$4:$H$5,2,FALSE),0)),15-11*$AF$9)","v":0.20349999999999999},null,1,null,null,96.28,{"$f":"ROUND(ORÇAMENTO.CustoUnitario*(1+$AH148),2)","v":96.28}]
[{"$f":"CHOOSE(1+LOG(1+2*(ORÇAMENTO.Nivel=\"Meta\")+4*(ORÇAMENTO.Nivel=\"Nível 2\")+8*(ORÇAMENTO.Nivel=\"Nível 3\")+16*(ORÇAMENTO.Nivel=\"Nível 4\")+32*(ORÇAMENTO.Nivel=\"Serviço\"),2),0,1,2,3,4,\"S\")","v":2},{"$f":"IF(OR(C149=\"s\",C149=0),OFFSET(B149,-1,0),C149)","v":2},{"$f":"IF(OFFSET(C149,-1,0)=\"L\",1,IF(OFFSET(C149,-1,0)=1,2,IF(OR(A149=\"s\",A149=0),\"S\",IF(AND(OFFSET(C149,-1,0)=2,A149=4),3,IF(AND(OR(OFFSET(C149,-1,0)=\"s\",OFFSET(C149,-1,0)=0),A149<>\"s\",A149>OFFSET(B149,-1,0)),OFFSET(B149,-1,0),A149)))))","v":2},{"$f":"IF(OR(C149=\"S\",C149=0),0,IF(ISERROR(K149),J149,SMALL(J149:K149,1)))","v":3},{"$f":"IF($C149=1,OFFSET(E149,-1,0)+MAX(1,COUNTIF(QCI!$A$13:$A$24,OFFSET(ORÇAMENTO!E149,-1,0))),OFFSET(E149,-1,0))","v":1},{"$f":"IF($C149=1,0,IF($C149=2,OFFSET(F149,-1,0)+1,OFFSET(F149,-1,0)))","v":12},{"$f":"IF(AND($C149<=2,$C149<>0),0,IF($C149=3,OFFSET(G149,-1,0)+1,OFFSET(G149,-1,0)))","v":0},{"$f":"IF(AND($C149<=3,$C149<>0),0,IF($C149=4,OFFSET(H149,-1,0)+1,OFFSET(H149,-1,0)))","v":0},{"$f":"IF(AND($C149<=4,$C149<>0),0,IF(AND($C149=\"S\",$X149>0),OFFSET(I149,-1,0)+1,OFFSET(I149,-1,0)))","v":0},5,{"$f":"IF(OR($C149=\"S\",$C149=0),0,MATCH(OFFSET($D149,0,$C149)+IF($C149<>1,1,COUNTIF(QCI!$A$13:$A$24,ORÇAMENTO!E149)),OFFSET($D149,1,$C149,ROW($C$154)-ROW($C149)),0))","v":3},{"$f":"IF(OR($X149>0,$C149=1,$C149=2,$C149=3,$C149=4),\"F\",\"\")","v":"F"},"Nível 2",{"$f":"CHOOSE(1+LOG(1+2*(C149=1)+4*(C149=2)+8*(C149=3)+16*(C149=4)+32*(C149=\"S\"),2),\"\",\"Meta\",\"Nível 2\",\"Nível 3\",\"Nível 4\",\"Serviço\")","v":"Nível 2"},{"$f":"IF(OR($C149=0,$L149=\"\"),\"-\",CONCATENATE(E149&\".\",IF(AND($A$5>=2,$C149>=2),F149&\".\",\"\"),IF(AND($A$5>=3,$C149>=3),G149&\".\",\"\"),IF(AND($A$5>=4,$C149>=4),H149&\".\",\"\"),IF($C149=\"S\",I149&\".\",\"\")))","v":"1.12."},"SINAPI",null,"CERCAMENTO","-",{"$f":"OFFSET(CÁLCULO!H$15,ROW($T149)-ROW(T$15),0)","v":0},0,"BDI 1",{"$f":"IF($C149=\"S\",ROUND(IF(TIPOORCAMENTO=\"Proposto\",ORÇAMENTO.CustoUnitario*(1+$AH149),ORÇAMENTO.PrecoUnitarioLicitado),15-13*$AF$10),0)","v":0},{"$f":"IF($C149=\"S\",VTOTAL1,IF($C149=0,0,ROUND(SomaAgrup,15-13*$AF$11)))","v":81211.95},"RA",{"$f":"IF(AND($C149=\"S\",$X149>0),IF(ISBLANK($Y149),\"RA\",LEFT($Y149,2)),\"\")","v":""},{"$f":"IF($C149=\"S\",IF($Z149=\"CP\",$X149,IF($Z149=\"RA\",(($X149)*QCI!$AA$3),0)),SomaAgrup)","v":81211.95},{"$f":"IF($C149=\"S\",IF($Z149=\"OU\",ROUND($X149,2),0),SomaAgrup)","v":0},{"$f":"IF($N149=\"\",\"\",IF(ORÇAMENTO.Descricao=\"\",\"DESCRIÇÃO\",IF(AND($C149=\"S\",ORÇAMENTO.Unidade=\"\"),\"UNIDADE\",IF($X149<0,\"VALOR NEGATIVO\",IF(OR(AND(TIPOORCAMENTO=\"Proposto\",$AG149<>\"\",$AG149>0,ORÇAMENTO.CustoUnitario>$AG149),AND(TIPOORCAMENTO=\"LICITADO\",ORÇAMENTO.PrecoUnitarioLicitado>$AN149)),\"ACIMA REF.\",\"\")))))","v":""},{"$f":"IF(C149<=CRONO.NivelExibicao,MAX($AD$15:OFFSET(AD149,-1,0))+IF($C149<>1,1,MAX(1,COUNTIF(QCI!$A$13:$A$24,OFFSET($E149,-1,0)))),\"\")","v":13},{"$f":"IF(AND($C149=\"S\",ORÇAMENTO.CodBarra<>\"\"),IF(ORÇAMENTO.Fonte=\"\",ORÇAMENTO.CodBarra,CONCATENATE(ORÇAMENTO.Fonte,\" \",ORÇAMENTO.CodBarra)))","v":false},{"$f":"IF(ISERROR(INDIRECT(ORÇAMENTO.BancoRef)),\"(abra o arquivo 'Referência \"&Excel_BuiltIn_Database&\".xls)\",IF(OR($C149<>\"S\",ORÇAMENTO.CodBarra=\"\"),\"(Sem Código)\",IF(ISERROR(MATCH($AE149,INDIRECT(ORÇAMENTO.BancoRef),0)),\"(Código não identificado nas referências)\",MATCH($AE149,INDIRECT(ORÇAMENTO.BancoRef),0))))","v":"(Sem Código)"},{"$f":"ROUND(IF(DESONERACAO=\"sim\",REFERENCIA.Desonerado,REFERENCIA.NaoDesonerado),2)","v":0},{"$f":"ROUND(IF(ISNUMBER(ORÇAMENTO.OpcaoBDI),ORÇAMENTO.OpcaoBDI,IF(LEFT(ORÇAMENTO.OpcaoBDI,3)=\"BDI\",HLOOKUP(ORÇAMENTO.OpcaoBDI,$F$4:$H$5,2,FALSE),0)),15-11*$AF$9)","v":0.20349999999999999},null,null,null,null,81211.95,{"$f":"ROUND(ORÇAMENTO.CustoUnitario*(1+$AH149),2)","v":0}]
[{"$f":"CHOOSE(1+LOG(1+2*(ORÇAMENTO.Nivel=\"Meta\")+4*(ORÇAMENTO.Nivel=\"Nível 2\")+8*(ORÇAMENTO.Nivel=\"Nível 3\")+16*(ORÇAMENTO.Nivel=\"Nível 4\")+32*(ORÇAMENTO.Nivel=\"Serviço\"),2),0,1,2,3,4,\"S\")","v":"S"},{"$f":"IF(OR(C150=\"s\",C150=0),OFFSET(B150,-1,0),C150)","v":2},{"$f":"IF(OFFSET(C150,-1,0)=\"L\",1,IF(OFFSET(C150,-1,0)=1,2,IF(OR(A150=\"s\",A150=0),\"S\",IF(AND(OFFSET(C150,-1,0)=2,A150=4),3,IF(AND(OR(OFFSET(C150,-1,0)=\"s\",OFFSET(C150,-1,0)=0),A150<>\"s\",A150>OFFSET(B150,-1,0)),OFFSET(B150,-1,0),A150)))))","v":"S"},{"$f":"IF(OR(C150=\"S\",C150=0),0,IF(ISERROR(K150),J150,SMALL(J150:K150,1)))","v":0},{"$f":"IF($C150=1,OFFSET(E150,-1,0)+MAX(1,COUNTIF(QCI!$A$13:$A$24,OFFSET(ORÇAMENTO!E150,-1,0))),OFFSET(E150,-1,0))","v":1},{"$f":"IF($C150=1,0,IF($C150=2,OFFSET(F150,-1,0)+1,OFFSET(F150,-1,0)))","v":12},{"$f":"IF(AND($C150<=2,$C150<>0),0,IF($C150=3,OFFSET(G150,-1,0)+1,OFFSET(G150,-1,0)))","v":0},{"$f":"IF(AND($C150<=3,$C150<>0),0,IF($C150=4,OFFSET(H150,-1,0)+1,OFFSET(H150,-1,0)))","v":0},{"$f":"IF(AND($C150<=4,$C150<>0),0,IF(AND($C150=\"S\",$X150>0),OFFSET(I150,-1,0)+1,OFFSET(I150,-1,0)))","v":1},0,{"$f":"IF(OR($C150=\"S\",$C150=0),0,MATCH(OFFSET($D150,0,$C150)+IF($C150<>1,1,COUNTIF(QCI!$A$13:$A$24,ORÇAMENTO!E150)),OFFSET($D150,1,$C150,ROW($C$154)-ROW($C150)),0))","v":0},{"$f":"IF(OR($X150>0,$C150=1,$C150=2,$C150=3,$C150=4),\"F\",\"\")","v":"F"},"Serviço",{"$f":"CHOOSE(1+LOG(1+2*(C150=1)+4*(C150=2)+8*(C150=3)+16*(C150=4)+32*(C150=\"S\"),2),\"\",\"Meta\",\"Nível 2\",\"Nível 3\",\"Nível 4\",\"Serviço\")","v":"Serviço"},{"$f":"IF(OR($C150=0,$L150=\"\"),\"-\",CONCATENATE(E150&\".\",IF(AND($A$5>=2,$C150>=2),F150&\".\",\"\"),IF(AND($A$5>=3,$C150>=3),G150&\".\",\"\"),IF(AND($A$5>=4,$C150>=4),H150&\".\",\"\"),IF($C150=\"S\",I150&\".\",\"\")))","v":"1.12.1."},"AMMOC","138","ALAMBRADO COM MOUROES EM CONCRETO, CHUMBADOS EM CONCRETO, MURETA EM BLOCOS COM CINTA DE AMARRAÇÃO, ACABAMENTO COM CHAPISCO,  EMBOCO E PINTURA (H=0,50M) E TELA EM ARAME GALVANIZADO H=1,50M, FIXADA COM ARAME INCLUSO ESTICADORES","M",{"$f":"OFFSET(CÁLCULO!H$15,ROW($T150)-ROW(T$15),0)","v":339.36},190,"BDI 1",{"$f":"IF($C150=\"S\",ROUND(IF(TIPOORCAMENTO=\"Proposto\",ORÇAMENTO.CustoUnitario*(1+$AH150),ORÇAMENTO.PrecoUnitarioLicitado),15-13*$AF$10),0)","v":228.67},{"$f":"IF($C150=\"S\",VTOTAL1,IF($C150=0,0,ROUND(SomaAgrup,15-13*$AF$11)))","v":77601.45},"RA",{"$f":"IF(AND($C150=\"S\",$X150>0),IF(ISBLANK($Y150),\"RA\",LEFT($Y150,2)),\"\")","v":"RA"},{"$f":"IF($C150=\"S\",IF($Z150=\"CP\",$X150,IF($Z150=\"RA\",(($X150)*QCI!$AA$3),0)),SomaAgrup)","v":77601.45},{"$f":"IF($C150=\"S\",IF($Z150=\"OU\",ROUND($X150,2),0),SomaAgrup)","v":0},{"$f":"IF($N150=\"\",\"\",IF(ORÇAMENTO.Descricao=\"\",\"DESCRIÇÃO\",IF(AND($C150=\"S\",ORÇAMENTO.Unidade=\"\"),\"UNIDADE\",IF($X150<0,\"VALOR NEGATIVO\",IF(OR(AND(TIPOORCAMENTO=\"Proposto\",$AG150<>\"\",$AG150>0,ORÇAMENTO.CustoUnitario>$AG150),AND(TIPOORCAMENTO=\"LICITADO\",ORÇAMENTO.PrecoUnitarioLicitado>$AN150)),\"ACIMA REF.\",\"\")))))","v":""},{"$f":"IF(C150<=CRONO.NivelExibicao,MAX($AD$15:OFFSET(AD150,-1,0))+IF($C150<>1,1,MAX(1,COUNTIF(QCI!$A$13:$A$24,OFFSET($E150,-1,0)))),\"\")","v":""},{"$f":"IF(AND($C150=\"S\",ORÇAMENTO.CodBarra<>\"\"),IF(ORÇAMENTO.Fonte=\"\",ORÇAMENTO.CodBarra,CONCATENATE(ORÇAMENTO.Fonte,\" \",ORÇAMENTO.CodBarra)))","v":"AMMOC 138"},{"$f":"IF(ISERROR(INDIRECT(ORÇAMENTO.BancoRef)),\"(abra o arquivo 'Referência \"&Excel_BuiltIn_Database&\".xls)\",IF(OR($C150<>\"S\",ORÇAMENTO.CodBarra=\"\"),\"(Sem Código)\",IF(ISERROR(MATCH($AE150,INDIRECT(ORÇAMENTO.BancoRef),0)),\"(Código não identificado nas referências)\",MATCH($AE150,INDIRECT(ORÇAMENTO.BancoRef),0))))","v":139},{"$f":"ROUND(IF(DESONERACAO=\"sim\",REFERENCIA.Desonerado,REFERENCIA.NaoDesonerado),2)","v":226.89},{"$f":"ROUND(IF(ISNUMBER(ORÇAMENTO.OpcaoBDI),ORÇAMENTO.OpcaoBDI,IF(LEFT(ORÇAMENTO.OpcaoBDI,3)=\"BDI\",HLOOKUP(ORÇAMENTO.OpcaoBDI,$F$4:$H$5,2,FALSE),0)),15-11*$AF$9)","v":0.20349999999999999},null,339.36,null,null,77601.45,{"$f":"ROUND(ORÇAMENTO.CustoUnitario*(1+$AH150),2)","v":228.67}]
[{"$f":"CHOOSE(1+LOG(1+2*(ORÇAMENTO.Nivel=\"Meta\")+4*(ORÇAMENTO.Nivel=\"Nível 2\")+8*(ORÇAMENTO.Nivel=\"Nível 3\")+16*(ORÇAMENTO.Nivel=\"Nível 4\")+32*(ORÇAMENTO.Nivel=\"Serviço\"),2),0,1,2,3,4,\"S\")","v":"S"},{"$f":"IF(OR(C151=\"s\",C151=0),OFFSET(B151,-1,0),C151)","v":2},{"$f":"IF(OFFSET(C151,-1,0)=\"L\",1,IF(OFFSET(C151,-1,0)=1,2,IF(OR(A151=\"s\",A151=0),\"S\",IF(AND(OFFSET(C151,-1,0)=2,A151=4),3,IF(AND(OR(OFFSET(C151,-1,0)=\"s\",OFFSET(C151,-1,0)=0),A151<>\"s\",A151>OFFSET(B151,-1,0)),OFFSET(B151,-1,0),A151)))))","v":"S"},{"$f":"IF(OR(C151=\"S\",C151=0),0,IF(ISERROR(K151),J151,SMALL(J151:K151,1)))","v":0},{"$f":"IF($C151=1,OFFSET(E151,-1,0)+MAX(1,COUNTIF(QCI!$A$13:$A$24,OFFSET(ORÇAMENTO!E151,-1,0))),OFFSET(E151,-1,0))","v":1},{"$f":"IF($C151=1,0,IF($C151=2,OFFSET(F151,-1,0)+1,OFFSET(F151,-1,0)))","v":12},{"$f":"IF(AND($C151<=2,$C151<>0),0,IF($C151=3,OFFSET(G151,-1,0)+1,OFFSET(G151,-1,0)))","v":0},{"$f":"IF(AND($C151<=3,$C151<>0),0,IF($C151=4,OFFSET(H151,-1,0)+1,OFFSET(H151,-1,0)))","v":0},{"$f":"IF(AND($C151<=4,$C151<>0),0,IF(AND($C151=\"S\",$X151>0),OFFSET(I151,-1,0)+1,OFFSET(I151,-1,0)))","v":2},0,{"$f":"IF(OR($C151=\"S\",$C151=0),0,MATCH(OFFSET($D151,0,$C151)+IF($C151<>1,1,COUNTIF(QCI!$A$13:$A$24,ORÇAMENTO!E151)),OFFSET($D151,1,$C151,ROW($C$154)-ROW($C151)),0))","v":0},{"$f":"IF(OR($X151>0,$C151=1,$C151=2,$C151=3,$C151=4),\"F\",\"\")","v":"F"},"Serviço",{"$f":"CHOOSE(1+LOG(1+2*(C151=1)+4*(C151=2)+8*(C151=3)+16*(C151=4)+32*(C151=\"S\"),2),\"\",\"Meta\",\"Nível 2\",\"Nível 3\",\"Nível 4\",\"Serviço\")","v":"Serviço"},{"$f":"IF(OR($C151=0,$L151=\"\"),\"-\",CONCATENATE(E151&\".\",IF(AND($A$5>=2,$C151>=2),F151&\".\",\"\"),IF(AND($A$5>=3,$C151>=3),G151&\".\",\"\"),IF(AND($A$5>=4,$C151>=4),H151&\".\",\"\"),IF($C151=\"S\",I151&\".\",\"\")))","v":"1.12.2."},"SINAPI-I","37562","PORTAO DE CORRER EM GRADIL FIXO DE BARRA DE FERRO CHATA DE 3 X 1/4\" NA VERTICAL, ACABAMENTO NATURAL, COM TRILHOS E ROLDANAS","M2    ",{"$f":"OFFSET(CÁLCULO!H$15,ROW($T151)-ROW(T$15),0)","v":10},300,"BDI 1",{"$f":"IF($C151=\"S\",ROUND(IF(TIPOORCAMENTO=\"Proposto\",ORÇAMENTO.CustoUnitario*(1+$AH151),ORÇAMENTO.PrecoUnitarioLicitado),15-13*$AF$10),0)","v":361.05},{"$f":"IF($C151=\"S\",VTOTAL1,IF($C151=0,0,ROUND(SomaAgrup,15-13*$AF$11)))","v":3610.5},"RA",{"$f":"IF(AND($C151=\"S\",$X151>0),IF(ISBLANK($Y151),\"RA\",LEFT($Y151,2)),\"\")","v":"RA"},{"$f":"IF($C151=\"S\",IF($Z151=\"CP\",$X151,IF($Z151=\"RA\",(($X151)*QCI!$AA$3),0)),SomaAgrup)","v":3610.5},{"$f":"IF($C151=\"S\",IF($Z151=\"OU\",ROUND($X151,2),0),SomaAgrup)","v":0},{"$f":"IF($N151=\"\",\"\",IF(ORÇAMENTO.Descricao=\"\",\"DESCRIÇÃO\",IF(AND($C151=\"S\",ORÇAMENTO.Unidade=\"\"),\"UNIDADE\",IF($X151<0,\"VALOR NEGATIVO\",IF(OR(AND(TIPOORCAMENTO=\"Proposto\",$AG151<>\"\",$AG151>0,ORÇAMENTO.CustoUnitario>$AG151),AND(TIPOORCAMENTO=\"LICITADO\",ORÇAMENTO.PrecoUnitarioLicitado>$AN151)),\"ACIMA REF.\",\"\")))))","v":""},{"$f":"IF(C151<=CRONO.NivelExibicao,MAX($AD$15:OFFSET(AD151,-1,0))+IF($C151<>1,1,MAX(1,COUNTIF(QCI!$A$13:$A$24,OFFSET($E151,-1,0)))),\"\")","v":""},{"$f":"IF(AND($C151=\"S\",ORÇAMENTO.CodBarra<>\"\"),IF(ORÇAMENTO.Fonte=\"\",ORÇAMENTO.CodBarra,CONCATENATE(ORÇAMENTO.Fonte,\" \",ORÇAMENTO.CodBarra)))","v":"SINAPI-I 37562"},{"$f":"IF(ISERROR(INDIRECT(ORÇAMENTO.BancoRef)),\"(abra o arquivo 'Referência \"&Excel_BuiltIn_Database&\".xls)\",IF(OR($C151<>\"S\",ORÇAMENTO.CodBarra=\"\"),\"(Sem Código)\",IF(ISERROR(MATCH($AE151,INDIRECT(ORÇAMENTO.BancoRef),0)),\"(Código não identificado nas referências)\",MATCH($AE151,INDIRECT(ORÇAMENTO.BancoRef),0))))","v":10347},{"$f":"ROUND(IF(DESONERACAO=\"sim\",REFERENCIA.Desonerado,REFERENCIA.NaoDesonerado),2)","v":363.01},{"$f":"ROUND(IF(ISNUMBER(ORÇAMENTO.OpcaoBDI),ORÇAMENTO.OpcaoBDI,IF(LEFT(ORÇAMENTO.OpcaoBDI,3)=\"BDI\",HLOOKUP(ORÇAMENTO.OpcaoBDI,$F$4:$H$5,2,FALSE),0)),15-11*$AF$9)","v":0.20349999999999999},null,10,null,null,3610.5,{"$f":"ROUND(ORÇAMENTO.CustoUnitario*(1+$AH151),2)","v":361.05}]
[2,2,2,2,{"$f":"IF($C152=1,OFFSET(E152,-1,0)+MAX(1,COUNTIF(QCI!$A$13:$A$24,OFFSET(ORÇAMENTO!E152,-1,0))),OFFSET(E152,-1,0))","v":1},13,0,0,0,2,{"$f":"IF(OR($C152=\"S\",$C152=0),0,MATCH(OFFSET($D152,0,$C152)+IF($C152<>1,1,COUNTIF(QCI!$A$13:$A$24,ORÇAMENTO!E152)),OFFSET($D152,1,$C152,ROW($C$154)-ROW($C152)),0))","v":{"$error":"#N/A"}},"F","Nível 2","Nível 2","1.13.","SINAPI",null,"SERVIÇOS FINAIS","-",{"$f":"OFFSET(CÁLCULO!H$15,ROW($T152)-ROW(T$15),0)","v":0},0,"BDI 1",0,905,"RA","",{"$f":"IF($C152=\"S\",IF($Z152=\"CP\",$X152,IF($Z152=\"RA\",(($X152)*QCI!$AA$3),0)),SomaAgrup)","v":905},0,"",{"$f":"IF(C152<=CRONO.NivelExibicao,MAX($AD$15:OFFSET(AD152,-1,0))+IF($C152<>1,1,MAX(1,COUNTIF(QCI!$A$13:$A$24,OFFSET($E152,-1,0)))),\"\")","v":14},false,"(Sem Código)",0,0.20349999999999999,null,null,null,null,905,0]
["S",2,"S",0,{"$f":"IF($C153=1,OFFSET(E153,-1,0)+MAX(1,COUNTIF(QCI!$A$13:$A$24,OFFSET(ORÇAMENTO!E153,-1,0))),OFFSET(E153,-1,0))","v":1},13,0,0,1,0,{"$f":"IF(OR($C153=\"S\",$C153=0),0,MATCH(OFFSET($D153,0,$C153)+IF($C153<>1,1,COUNTIF(QCI!$A$13:$A$24,ORÇAMENTO!E153)),OFFSET($D153,1,$C153,ROW($C$154)-ROW($C153)),0))","v":0},"F","Serviço","Serviço","1.13.1.","SINAPI","99803","LIMPEZA DE OBRA - PISO, PAREDES, APARELHOS E DEMAIS","M2",{"$f":"OFFSET(CÁLCULO!H$15,ROW($T153)-ROW(T$15),0)","v":500},1.5,"BDI 1",1.81,905,"RA","RA",{"$f":"IF($C153=\"S\",IF($Z153=\"CP\",$X153,IF($Z153=\"RA\",(($X153)*QCI!$AA$3),0)),SomaAgrup)","v":905},0,"",{"$f":"IF(C153<=CRONO.NivelExibicao,MAX($AD$15:OFFSET(AD153,-1,0))+IF($C153<>1,1,MAX(1,COUNTIF(QCI!$A$13:$A$24,OFFSET($E153,-1,0)))),\"\")","v":""},"SINAPI 99803",6091,1.65,0.20349999999999999,null,500,null,null,905,1.81]
[-1,null,-1,null,0,0,0,0,0,null,null,"F"]
[]
[]
[null,null,null,null,null,null,null,null,null,null,null,null,null,null,"Encargos sociais:",null,"Para elaboração deste orçamento, foram utilizados os encargos sociais do SINAPI para a Unidade da Federação indicada."]
[]
[null,null,null,null,null,null,null,null,null,null,null,null,null,null,"Observações:"]
[]
[]
[]
[]
[null,null,null,null,null,null,null,null,null,null,null,null,null,null,{"$f":"IF(AND($AF$7=FALSE,$AF$8=FALSE,$AF$9=FALSE,$AF$10=FALSE,$AF$11=FALSE),\"Não foi considerado arredondamento nos valores da planilha.\",CONCATENATE(\"Foi considerado arredondamento de duas casas decimais para \",IF($AF$7=TRUE,\"Quantidade; \",\"\"),IF($AF$8=TRUE,\"Custo Unitário; \",\"\"),IF($AF$9=TRUE,\"BDI; \",\"\"),IF($AF$10=TRUE,\"Preço Unitário; \",\"\"),IF($AF$11=TRUE,\"Preço Total.\",\"\")))","v":"Foi considerado arredondamento de duas casas decimais para Quantidade; Custo Unitário; BDI; Preço Unitário; Preço Total."}]
[null,null,null,null,null,null,null,null,null,null,null,null,null,null,"Siglas da Composição do Investimento: RA - Rateio proporcional entre Repasse e Contrapartida; RP - 100% Repasse; CP - 100% Contrapartida; OU - 100% Outros."]
[]
[null,null,null,null,null,null,null,null,null,null,null,null,null,null,{"$f":"Import.Município","v":"Ouro/SC"}]
[null,null,null,null,null,null,null,null,null,null,null,null,null,null,"Local",null,null,null,"Responsável Técnico"]
[null,null,null,null,null,null,null,null,null,null,null,null,null,null,null,null,null,null,"Nome:",{"$f":"Import.RespOrçamento","v":"André Brito Dotti"}]
[null,null,null,null,null,null,null,null,null,null,null,null,null,null,{"$f":"DADOS!$F$25","v":"2020-07-23"},null,null,null,"CREA/CAU:","162.237-5"]
[null,null,null,null,null,null,null,null,null,null,null,null,null,null,"Data",null,null,null,"ART/RRT:","7.438.364-2"]

{"sheet":"CÁLCULO","index":5,"n_rows":162,"n_cols":59,"rows_kept":162,"cut":false,"hidden":false,"merged":[[14,4,14,7],[3,4,3,5],[3,6,3,7],[3,18,3,19],[3,20,3,25],[4,4,4,5],[4,6,4,7],[4,18,4,19],[4,20,4,25],[0,5,0,7],[0,16,0,17],[0,24,0,25],[1,5,1,7],[1,16,1,17],[1,24,1,25]]}
[null,null,null,null,null,{"$f":"IF(ACOMPANHAMENTO=\"BM\",\"MEMÓRIA DE CÁLCULO\",\"PLQ - PLANILHA DE LEVANTAMENTO DE QUANTIDADES\")","v":"MEMÓRIA DE CÁLCULO"},null,null,null,null,null,null,null,null,null,null,"Grau de Sigilo",null,null,null,null,null,null,null,"Grau de Sigilo"]
[null,null,null,null,null,{"$f":"IF(ACOMPANHAMENTO=\"BM\",\"\",\"Memória de Cálculo\")&\" - \"&import.recurso","v":" - (SELECIONAR)"},null,null,null,null,null,null,null,null,null,null,"#PUBLICO",null,null,null,null,null,null,null,"#PUBLICO"]
[]
[null,null,null,null,"APELIDO DO EMPREENDIMENTO",null,"Nº SICONV",null,"Nº OPERAÇÃO",null,"PROPONENTE / TOMADOR",null,null,null,null,null,null,null,"Nº OPERAÇÃO",null,"PROPONENTE / TOMADOR"]
[null,null,null,null,{"$f":"Import.Apelido","v":"FECHAMENTO DA GARAGEM DE MÁQUINAS"},null,{"$f":"Import.SICONV","v":0},null,{"$f":"Import.CR","v":0},null,{"$f":"Import.Proponente","v":"Prefeitura Municipal de Ouro/SC"},null,null,null,null,null,null,null,{"$f":"Import.CR","v":0},null,{"$f":"Import.Proponente","v":"Prefeitura Municipal de Ouro/SC"}]
[null,null,null,null,null,null,null,null,null,null,null,null,null,null,null,null,null,null,null,null,null,null,null,null,null,null,null,"Preços dos serviços por frente",null,null,null,null,null,null,null,null,null,null,"Mês do cronograma",null,null,null,null,null,null,null,null,null,null,"Número da Medição"]
[]
[]
[]
[]
[]
[{"$f":"IF(OFFSET(EVENTOS!$C$5,1,0)=\"Automática, conforme os agrupadores Nível 4 do Orçamento\",4,IF(OFFSET(EVENTOS!$C$5,1,0)=\"Automática, conforme os agrupadores Nível 3 do Orçamento\",3,IF(OFFSET(EVENTOS!$C$5,1,0)=\"Definir Manualmente\",\"Manual\",2)))","v":2},"Empty",null,null,null,null,null,null,null,".","Nº AGRUPADOR DE EVENTOS",".",{"$f":"IF(ACOMPANHAMENTO=\"BM\",0,COUNTIF(M15:M154,0))","v":0},"FRENTES DE OBRA:",null,".",null,null,null,null,null,null,null,null,null,null,".",{"$f":"OFFSET($P$12,0,AB$13)","v":0},{"$f":"OFFSET($P$12,0,AC$13)","v":0},0,0,0,0,0,0,0,0,null,{"$f":"OFFSET($P$12,0,AM$13)","v":0},{"$f":"OFFSET($P$12,0,AN$13)","v":0},0,0,0,0,0,0,0,0,null,{"$f":"OFFSET($P$12,0,AX$13)","v":0},{"$f":"OFFSET($P$12,0,AY$13)","v":0},0,0,0,0,0,0,0,0]
["AUTOEVENTO","Empty",null,"Nível","Item","Descrição","Unidade","Quantidade","Memória de Cálculo",null,"Nº",null,"# Evento","Agrupador de Eventos",{"$f":"OFFSET(O13,0,-1)+1","v":{"$error":"#VALUE!"}},null,{"$f":"OFFSET(Q13,0,-1)+1","v":1},2,3,4,5,6,7,8,9,10,null,{"$f":"OFFSET(AB13,0,-1)+1","v":1},2,3,4,5,6,7,8,9,10,null,1,2,3,4,5,6,7,8,9,10,null,1,2,3,4,5,6,7,8,9,10]
[{"$f":"IF(AUTOEVENTO=\"Manual\",IF(K14<>\"\",MIN(VALUE(LEFT(K14,FIND(\".\",K14)-1)),COUNTA(EVENTOS.Lista)),0),IF(OR($B14>AUTOEVENTO,$B14=\"S\",$B14=0),SUBSTITUTE(OFFSET($A14,-1,0),IF($D14=\"Serviço\",\".\",\"\"),\"\"),ROW(A14)-ROW($A$15)&\".\"))","v":"AUTOEVENTO"},{"$f":"OFFSET(ORÇAMENTO!C$15,ROW(B14)-ROW(B$15),0)","v":"S"},{"$f":"OFFSET(ORÇAMENTO!L$15,ROW(C14)-ROW(C$15),0)","v":""},{"$f":"OFFSET(ORÇAMENTO!N$15,ROW(D14)-ROW(D$15),0)","v":"Serviço"},{"$f":"OFFSET(ORÇAMENTO!O$15,ROW(E14)-ROW(E$15),0)","v":"-"},{"$f":"OFFSET(ORÇAMENTO!R$15,ROW(F14)-ROW(F$15),0)","v":"(Sem Código)"},{"$f":"IF($D14<>\"Serviço\",\"\",OFFSET(ORÇAMENTO!S$15,ROW(G14)-ROW(G$15),0))","v":"-"},{"$f":"IF($D14<>\"Serviço\",0,IF(ACOMPANHAMENTO=\"BM\",ROUND(OFFSET(ORÇAMENTO!AJ$15,ROW(H14)-ROW(H$15),0),15-13*ORÇAMENTO!$AF$7),SUMPRODUCT(($Q$12:$AA$12<>\"\")*ROUND($Q14:$AA14,15-13*ORÇAMENTO!$AF$7))))","v":0},null,null,null,".",{"$f":"IF($D14<>\"Serviço\",\"\",IF(AUTOEVENTO=\"manual\",$A14,IF(ISERROR(MATCH($A14,$A$15:OFFSET($A14,-1,0),0)),MAX($M$15:OFFSET(M14,-1,0))+1,INDEX($M$15:OFFSET(M14,-1,0),MATCH($A14,$A$15:OFFSET($A14,-1,0),0)))))","v":"# Evento"},{"$f":"IF($D14<>\"Serviço\",\"\",IF(AUTOEVENTO=\"Manual\",IF($A14=0,\"<-- defina o número do agrupador\",OFFSET(EVENTOS!$D$14,$A14,0)),OFFSET($F$15,$A14,0)))","v":{"$error":"#VALUE!"}},null,null,null,null,null,null,null,null,null,null,null,null,null,{"$f":"IF(AND($D14=\"Serviço\",AB$12<>0,$H14>0,OR(AUTOEVENTO<>\"manual\",$M14<>1)),ROUND(OFFSET($P14,0,AB$13),15-13*ORÇAMENTO!$AF$7)/$H14*OFFSET(ORÇAMENTO!$X$15,ROW(AB14)-ROW(AB$15),0),0)","v":0},{"$f":"IF(AND($D14=\"Serviço\",AC$12<>0,$H14>0,OR(AUTOEVENTO<>\"manual\",$M14<>1)),ROUND(OFFSET($P14,0,AC$13),15-13*ORÇAMENTO!$AF$7)/$H14*OFFSET(ORÇAMENTO!$X$15,ROW(AC14)-ROW(AC$15),0),0)","v":0},{"$f":"IF(AND($D14=\"Serviço\",AD$12<>0,$H14>0,OR(AUTOEVENTO<>\"manual\",$M14<>1)),ROUND(OFFSET($P14,0,AD$13),15-13*ORÇAMENTO!$AF$7)/$H14*OFFSET(ORÇAMENTO!$X$15,ROW(AD14)-ROW(AD$15),0),0)","v":0},{"$f":"IF(AND($D14=\"Serviço\",AE$12<>0,$H14>0,OR(AUTOEVENTO<>\"manual\",$M14<>1)),ROUND(OFFSET($P14,0,AE$13),15-13*ORÇAMENTO!$AF$7)/$H14*OFFSET(ORÇAMENTO!$X$15,ROW(AE14)-ROW(AE$15),0),0)","v":0},{"$f":"IF(AND($D14=\"Serviço\",AF$12<>0,$H14>0,OR(AUTOEVENTO<>\"manual\",$M14<>1)),ROUND(OFFSET($P14,0,AF$13),15-13*ORÇAMENTO!$AF$7)/$H14*OFFSET(ORÇAMENTO!$X$15,ROW(AF14)-ROW(AF$15),0),0)","v":0},{"$f":"IF(AND($D14=\"Serviço\",AG$12<>0,$H14>0,OR(AUTOEVENTO<>\"manual\",$M14<>1)),ROUND(OFFSET($P14,0,AG$13),15-13*ORÇAMENTO!$AF$7)/$H14*OFFSET(ORÇAMENTO!$X$15,ROW(AG14)-ROW(AG$15),0),0)","v":0},{"$f":"IF(AND($D14=\"Serviço\",AH$12<>0,$H14>0,OR(AUTOEVENTO<>\"manual\",$M14<>1)),ROUND(OFFSET($P14,0,AH$13),15-13*ORÇAMENTO!$AF$7)/$H14*OFFSET(ORÇAMENTO!$X$15,ROW(AH14)-ROW(AH$15),0),0)","v":0},{"$f":"IF(AND($D14=\"Serviço\",AI$12<>0,$H14>0,OR(AUTOEVENTO<>\"manual\",$M14<>1)),ROUND(OFFSET($P14,0,AI$13),15-13*ORÇAMENTO!$AF$7)/$H14*OFFSET(ORÇAMENTO!$X$15,ROW(AI14)-ROW(AI$15),0),0)","v":0},{"$f":"IF(AND($D14=\"Serviço\",AJ$12<>0,$H14>0,OR(AUTOEVENTO<>\"manual\",$M14<>1)),ROUND(OFFSET($P14,0,AJ$13),15-13*ORÇAMENTO!$AF$7)/$H14*OFFSET(ORÇAMENTO!$X$15,ROW(AJ14)-ROW(AJ$15),0),0)","v":0},{"$f":"IF(AND($D14=\"Serviço\",AK$12<>0,$H14>0,OR(AUTOEVENTO<>\"manual\",$M14<>1)),ROUND(OFFSET($P14,0,AK$13),15-13*ORÇAMENTO!$AF$7)/$H14*OFFSET(ORÇAMENTO!$X$15,ROW(AK14)-ROW(AK$15),0),0)","v":0},null,{"$f":"IF($D14<>\"Serviço\",0,IF(AND(AUTOEVENTO=\"Manual\",$M14=1),0,IF(OFFSET(CRONOPLE!$F$14,$M14,AM$13)=\"\",10^12,OFFSET(CRONOPLE!$F$14,$M14,AM$13))))","v":{"$error":"#VALUE!"}},{"$f":"IF($D14<>\"Serviço\",0,IF(AND(AUTOEVENTO=\"Manual\",$M14=1),0,IF(OFFSET(CRONOPLE!$F$14,$M14,AN$13)=\"\",10^12,OFFSET(CRONOPLE!$F$14,$M14,AN$13))))","v":{"$error":"#VALUE!"}},{"$f":"IF($D14<>\"Serviço\",0,IF(AND(AUTOEVENTO=\"Manual\",$M14=1),0,IF(OFFSET(CRONOPLE!$F$14,$M14,AO$13)=\"\",10^12,OFFSET(CRONOPLE!$F$14,$M14,AO$13))))","v":{"$error":"#VALUE!"}},{"$f":"IF($D14<>\"Serviço\",0,IF(AND(AUTOEVENTO=\"Manual\",$M14=1),0,IF(OFFSET(CRONOPLE!$F$14,$M14,AP$13)=\"\",10^12,OFFSET(CRONOPLE!$F$14,$M14,AP$13))))","v":{"$error":"#VALUE!"}},{"$f":"IF($D14<>\"Serviço\",0,IF(AND(AUTOEVENTO=\"Manual\",$M14=1),0,IF(OFFSET(CRONOPLE!$F$14,$M14,AQ$13)=\"\",10^12,OFFSET(CRONOPLE!$F$14,$M14,AQ$13))))","v":{"$error":"#VALUE!"}},{"$f":"IF($D14<>\"Serviço\",0,IF(AND(AUTOEVENTO=\"Manual\",$M14=1),0,IF(OFFSET(CRONOPLE!$F$14,$M14,AR$13)=\"\",10^12,OFFSET(CRONOPLE!$F$14,$M14,AR$13))))","v":{"$error":"#VALUE!"}},{"$f":"IF($D14<>\"Serviço\",0,IF(AND(AUTOEVENTO=\"Manual\",$M14=1),0,IF(OFFSET(CRONOPLE!$F$14,$M14,AS$13)=\"\",10^12,OFFSET(CRONOPLE!$F$14,$M14,AS$13))))","v":{"$error":"#VALUE!"}},{"$f":"IF($D14<>\"Serviço\",0,IF(AND(AUTOEVENTO=\"Manual\",$M14=1),0,IF(OFFSET(CRONOPLE!$F$14,$M14,AT$13)=\"\",10^12,OFFSET(CRONOPLE!$F$14,$M14,AT$13))))","v":{"$error":"#VALUE!"}},{"$f":"IF($D14<>\"Serviço\",0,IF(AND(AUTOEVENTO=\"Manual\",$M14=1),0,IF(OFFSET(CRONOPLE!$F$14,$M14,AU$13)=\"\",10^12,OFFSET(CRONOPLE!$F$14,$M14,AU$13))))","v":{"$error":"#VALUE!"}},{"$f":"IF($D14<>\"Serviço\",0,IF(AND(AUTOEVENTO=\"Manual\",$M14=1),0,IF(OFFSET(CRONOPLE!$F$14,$M14,AV$13)=\"\",10^12,OFFSET(CRONOPLE!$F$14,$M14,AV$13))))","v":{"$error":"#VALUE!"}},null,{"$f":"IF($D14<>\"Serviço\",0,IF(OR(AND(AUTOEVENTO=\"Manual\",$M14=1),$M14>(ROW(PLE.lastrow)-ROW(PLE.firstrow))),0,IF(OFFSET(PLE!$G$14,$M14,AX$13)=\"\",10^12,OFFSET(PLE!$G$14,$M14,AX$13))))","v":0},{"$f":"IF($D14<>\"Serviço\",0,IF(OR(AND(AUTOEVENTO=\"Manual\",$M14=1),$M14>(ROW(PLE.lastrow)-ROW(PLE.firstrow))),0,IF(OFFSET(PLE!$G$14,$M14,AY$13)=\"\",10^12,OFFSET(PLE!$G$14,$M14,AY$13))))","v":0},{"$f":"IF($D14<>\"Serviço\",0,IF(OR(AND(AUTOEVENTO=\"Manual\",$M14=1),$M14>(ROW(PLE.lastrow)-ROW(PLE.firstrow))),0,IF(OFFSET(PLE!$G$14,$M14,AZ$13)=\"\",10^12,OFFSET(PLE!$G$14,$M14,AZ$13))))","v":0},{"$f":"IF($D14<>\"Serviço\",0,IF(OR(AND(AUTOEVENTO=\"Manual\",$M14=1),$M14>(ROW(PLE.lastrow)-ROW(PLE.firstrow))),0,IF(OFFSET(PLE!$G$14,$M14,BA$13)=\"\",10^12,OFFSET(PLE!$G$14,$M14,BA$13))))","v":0},{"$f":"IF($D14<>\"Serviço\",0,IF(OR(AND(AUTOEVENTO=\"Manual\",$M14=1),$M14>(ROW(PLE.lastrow)-ROW(PLE.firstrow))),0,IF(OFFSET(PLE!$G$14,$M14,BB$13)=\"\",10^12,OFFSET(PLE!$G$14,$M14,BB$13))))","v":0},{"$f":"IF($D14<>\"Serviço\",0,IF(OR(AND(AUTOEVENTO=\"Manual\",$M14=1),$M14>(ROW(PLE.lastrow)-ROW(PLE.firstrow))),0,IF(OFFSET(PLE!$G$14,$M14,BC$13)=\"\",10^12,OFFSET(PLE!$G$14,$M14,BC$13))))","v":0},{"$f":"IF($D14<>\"Serviço\",0,IF(OR(AND(AUTOEVENTO=\"Manual\",$M14=1),$M14>(ROW(PLE.lastrow)-ROW(PLE.firstrow))),0,IF(OFFSET(PLE!$G$14,$M14,BD$13)=\"\",10^12,OFFSET(PLE!$G$14,$M14,BD$13))))","v":0},{"$f":"IF($D14<>\"Serviço\",0,IF(OR(AND(AUTOEVENTO=\"Manual\",$M14=1),$M14>(ROW(PLE.lastrow)-ROW(PLE.firstrow))),0,IF(OFFSET(PLE!$G$14,$M14,BE$13)=\"\",10^12,OFFSET(PLE!$G$14,$M14,BE$13))))","v":0},{"$f":"IF($D14<>\"Serviço\",0,IF(OR(AND(AUTOEVENTO=\"Manual\",$M14=1),$M14>(ROW(PLE.lastrow)-ROW(PLE.firstrow))),0,IF(OFFSET(PLE!$G$14,$M14,BF$13)=\"\",10^12,OFFSET(PLE!$G$14,$M14,BF$13))))","v":0},{"$f":"IF($D14<>\"Serviço\",0,IF(OR(AND(AUTOEVENTO=\"Manual\",$M14=1),$M14>(ROW(PLE.lastrow)-ROW(PLE.firstrow))),0,IF(OFFSET(PLE!$G$14,$M14,BG$13)=\"\",10^12,OFFSET(PLE!$G$14,$M14,BG$13))))","v":0}]
[null,{"$f":"OFFSET(ORÇAMENTO!C$15,ROW(B15)-ROW(B$15),0)","v":"L"},{"$f":"OFFSET(ORÇAMENTO!L$15,ROW(C15)-ROW(C$15),0)","v":"F"},{"$f":"IF(TIPOORCAMENTO=\"LICITADO\",\"CTEF\",\"LOTE\")","v":"LOTE"},{"$f":"Import.DescLote","v":"GARAGEM DE MÁQUINAS"},null,null,null,null,null,null,".",{"$f":"IF(AUTOEVENTO=\"MANUAL\",0,1)","v":1},"TOTAL FINANC. POR FRENTE (R$):",{"$f":"OFFSET($AA$15,0,O$13)","v":{"$error":"#VALUE!"}},null,{"$f":"OFFSET($AA$15,0,Q$13)","v":0},0,0,0,0,0,0,0,0,0,null,{"$f":"ROUND(SUM(OFFSET(AB$15,1,0):AB$154),2)","v":0},{"$f":"SUM(OFFSET(AC$15,1,0):AC$154)","v":0},{"$f":"SUM(OFFSET(AD$15,1,0):AD$154)","v":0},{"$f":"SUM(OFFSET(AE$15,1,0):AE$154)","v":0},{"$f":"SUM(OFFSET(AF$15,1,0):AF$154)","v":0},{"$f":"SUM(OFFSET(AG$15,1,0):AG$154)","v":0},{"$f":"SUM(OFFSET(AH$15,1,0):AH$154)","v":0},{"$f":"SUM(OFFSET(AI$15,1,0):AI$154)","v":0},{"$f":"SUM(OFFSET(AJ$15,1,0):AJ$154)","v":0},{"$f":"SUM(OFFSET(AK$15,1,0):AK$154)","v":0},null,{"$f":"10^12","v":1000000000000},{"$f":"10^12","v":1000000000000},1000000000000,1000000000000,1000000000000,1000000000000,1000000000000,1000000000000,1000000000000,1000000000000,null,{"$f":"10^12","v":1000000000000},1000000000000,1000000000000,1000000000000,1000000000000,1000000000000,1000000000000,1000000000000,1000000000000,1000000000000]
[{"$f":"IF(AUTOEVENTO=\"Manual\",IF(K16<>\"\",MIN(VALUE(LEFT(K16,FIND(\".\",K16)-1)),COUNTA(EVENTOS.Lista)),0),IF(OR($B16>AUTOEVENTO,$B16=\"S\",$B16=0),SUBSTITUTE(OFFSET($A16,-1,0),IF($D16=\"Serviço\",\".\",\"\"),\"\"),ROW(A16)-ROW($A$15)&\".\"))","v":"1."},{"$f":"OFFSET(ORÇAMENTO!C$15,ROW(B16)-ROW(B$15),0)","v":1},{"$f":"OFFSET(ORÇAMENTO!L$15,ROW(C16)-ROW(C$15),0)","v":"F"},{"$f":"OFFSET(ORÇAMENTO!N$15,ROW(D16)-ROW(D$15),0)","v":"Meta"},{"$f":"OFFSET(ORÇAMENTO!O$15,ROW(E16)-ROW(E$15),0)","v":"1."},{"$f":"OFFSET(ORÇAMENTO!R$15,ROW(F16)-ROW(F$15),0)","v":"FECHAMENTO GARAGEM DE MÁQUINAS"},{"$f":"IF($D16<>\"Serviço\",\"\",OFFSET(ORÇAMENTO!S$15,ROW(G16)-ROW(G$15),0))","v":""},{"$f":"IF($D16<>\"Serviço\",0,IF(ACOMPANHAMENTO=\"BM\",ROUND(OFFSET(ORÇAMENTO!AJ$15,ROW(H16)-ROW(H$15),0),15-13*ORÇAMENTO!$AF$7),SUMPRODUCT(($Q$12:$AA$12<>\"\")*ROUND($Q16:$AA16,15-13*ORÇAMENTO!$AF$7))))","v":0},null,null,null,".",{"$f":"IF($D16<>\"Serviço\",\"\",IF(AUTOEVENTO=\"manual\",$A16,IF(ISERROR(MATCH($A16,$A$15:OFFSET($A16,-1,0),0)),MAX($M$15:OFFSET(M16,-1,0))+1,INDEX($M$15:OFFSET(M16,-1,0),MATCH($A16,$A$15:OFFSET($A16,-1,0),0)))))","v":""},{"$f":"IF($D16<>\"Serviço\",\"\",IF(AUTOEVENTO=\"Manual\",IF($A16=0,\"<-- defina o número do agrupador\",OFFSET(EVENTOS!$D$14,$A16,0)),OFFSET($F$15,$A16,0)))","v":""},null,null,null,null,null,null,null,null,null,null,null,null,null,{"$f":"IF(AND($D16=\"Serviço\",AB$12<>0,$H16>0,OR(AUTOEVENTO<>\"manual\",$M16<>1)),ROUND(OFFSET($P16,0,AB$13),15-13*ORÇAMENTO!$AF$7)/$H16*OFFSET(ORÇAMENTO!$X$15,ROW(AB16)-ROW(AB$15),0),0)","v":0},{"$f":"IF(AND($D16=\"Serviço\",AC$12<>0,$H16>0,OR(AUTOEVENTO<>\"manual\",$M16<>1)),ROUND(OFFSET($P16,0,AC$13),15-13*ORÇAMENTO!$AF$7)/$H16*OFFSET(ORÇAMENTO!$X$15,ROW(AC16)-ROW(AC$15),0),0)","v":0},{"$f":"IF(AND($D16=\"Serviço\",AD$12<>0,$H16>0,OR(AUTOEVENTO<>\"manual\",$M16<>1)),ROUND(OFFSET($P16,0,AD$13),15-13*ORÇAMENTO!$AF$7)/$H16*OFFSET(ORÇAMENTO!$X$15,ROW(AD16)-ROW(AD$15),0),0)","v":0},{"$f":"IF(AND($D16=\"Serviço\",AE$12<>0,$H16>0,OR(AUTOEVENTO<>\"manual\",$M16<>1)),ROUND(OFFSET($P16,0,AE$13),15-13*ORÇAMENTO!$AF$7)/$H16*OFFSET(ORÇAMENTO!$X$15,ROW(AE16)-ROW(AE$15),0),0)","v":0},{"$f":"IF(AND($D16=\"Serviço\",AF$12<>0,$H16>0,OR(AUTOEVENTO<>\"manual\",$M16<>1)),ROUND(OFFSET($P16,0,AF$13),15-13*ORÇAMENTO!$AF$7)/$H16*OFFSET(ORÇAMENTO!$X$15,ROW(AF16)-ROW(AF$15),0),0)","v":0},{"$f":"IF(AND($D16=\"Serviço\",AG$12<>0,$H16>0,OR(AUTOEVENTO<>\"manual\",$M16<>1)),ROUND(OFFSET($P16,0,AG$13),15-13*ORÇAMENTO!$AF$7)/$H16*OFFSET(ORÇAMENTO!$X$15,ROW(AG16)-ROW(AG$15),0),0)","v":0},{"$f":"IF(AND($D16=\"Serviço\",AH$12<>0,$H16>0,OR(AUTOEVENTO<>\"manual\",$M16<>1)),ROUND(OFFSET($P16,0,AH$13),15-13*ORÇAMENTO!$AF$7)/$H16*OFFSET(ORÇAMENTO!$X$15,ROW(AH16)-ROW(AH$15),0),0)","v":0},{"$f":"IF(AND($D16=\"Serviço\",AI$12<>0,$H16>0,OR(AUTOEVENTO<>\"manual\",$M16<>1)),ROUND(OFFSET($P16,0,AI$13),15-13*ORÇAMENTO!$AF$7)/$H16*OFFSET(ORÇAMENTO!$X$15,ROW(AI16)-ROW(AI$15),0),0)","v":0},{"$f":"IF(AND($D16=\"Serviço\",AJ$12<>0,$H16>0,OR(AUTOEVENTO<>\"manual\",$M16<>1)),ROUND(OFFSET($P16,0,AJ$13),15-13*ORÇAMENTO!$AF$7)/$H16*OFFSET(ORÇAMENTO!$X$15,ROW(AJ16)-ROW(AJ$15),0),0)","v":0},{"$f":"IF(AND($D16=\"Serviço\",AK$12<>0,$H16>0,OR(AUTOEVENTO<>\"manual\",$M16<>1)),ROUND(OFFSET($P16,0,AK$13),15-13*ORÇAMENTO!$AF$7)/$H16*OFFSET(ORÇAMENTO!$X$15,ROW(AK16)-ROW(AK$15),0),0)","v":0},null,{"$f":"IF($D16<>\"Serviço\",0,IF(AND(AUTOEVENTO=\"Manual\",$M16=1),0,IF(OFFSET(CRONOPLE!$F$14,$M16,AM$13)=\"\",10^12,OFFSET(CRONOPLE!$F$14,$M16,AM$13))))","v":0},{"$f":"IF($D16<>\"Serviço\",0,IF(AND(AUTOEVENTO=\"Manual\",$M16=1),0,IF(OFFSET(CRONOPLE!$F$14,$M16,AN$13)=\"\",10^12,OFFSET(CRONOPLE!$F$14,$M16,AN$13))))","v":0},{"$f":"IF($D16<>\"Serviço\",0,IF(AND(AUTOEVENTO=\"Manual\",$M16=1),0,IF(OFFSET(CRONOPLE!$F$14,$M16,AO$13)=\"\",10^12,OFFSET(CRONOPLE!$F$14,$M16,AO$13))))","v":0},{"$f":"IF($D16<>\"Serviço\",0,IF(AND(AUTOEVENTO=\"Manual\",$M16=1),0,IF(OFFSET(CRONOPLE!$F$14,$M16,AP$13)=\"\",10^12,OFFSET(CRONOPLE!$F$14,$M16,AP$13))))","v":0},{"$f":"IF($D16<>\"Serviço\",0,IF(AND(AUTOEVENTO=\"Manual\",$M16=1),0,IF(OFFSET(CRONOPLE!$F$14,$M16,AQ$13)=\"\",10^12,OFFSET(CRONOPLE!$F$14,$M16,AQ$13))))","v":0},{"$f":"IF($D16<>\"Serviço\",0,IF(AND(AUTOEVENTO=\"Manual\",$M16=1),0,IF(OFFSET(CRONOPLE!$F$14,$M16,AR$13)=\"\",10^12,OFFSET(CRONOPLE!$F$14,$M16,AR$13))))","v":0},{"$f":"IF($D16<>\"Serviço\",0,IF(AND(AUTOEVENTO=\"Manual\",$M16=1),0,IF(OFFSET(CRONOPLE!$F$14,$M16,AS$13)=\"\",10^12,OFFSET(CRONOPLE!$F$14,$M16,AS$13))))","v":0},{"$f":"IF($D16<>\"Serviço\",0,IF(AND(AUTOEVENTO=\"Manual\",$M16=1),0,IF(OFFSET(CRONOPLE!$F$14,$M16,AT$13)=\"\",10^12,OFFSET(CRONOPLE!$F$14,$M16,AT$13))))","v":0},{"$f":"IF($D16<>\"Serviço\",0,IF(AND(AUTOEVENTO=\"Manual\",$M16=1),0,IF(OFFSET(CRONOPLE!$F$14,$M16,AU$13)=\"\",10^12,OFFSET(CRONOPLE!$F$14,$M16,AU$13))))","v":0},{"$f":"IF($D16<>\"Serviço\",0,IF(AND(AUTOEVENTO=\"Manual\",$M16=1),0,IF(OFFSET(CRONOPLE!$F$14,$M16,AV$13)=\"\",10^12,OFFSET(CRONOPLE!$F$14,$M16,AV$13))))","v":0},null,{"$f":"IF($D16<>\"Serviço\",0,IF(OR(AND(AUTOEVENTO=\"Manual\",$M16=1),$M16>(ROW(PLE.lastrow)-ROW(PLE.firstrow))),0,IF(OFFSET(PLE!$G$14,$M16,AX$13)=\"\",10^12,OFFSET(PLE!$G$14,$M16,AX$13))))","v":0},{"$f":"IF($D16<>\"Serviço\",0,IF(OR(AND(AUTOEVENTO=\"Manual\",$M16=1),$M16>(ROW(PLE.lastrow)-ROW(PLE.firstrow))),0,IF(OFFSET(PLE!$G$14,$M16,AY$13)=\"\",10^12,OFFSET(PLE!$G$14,$M16,AY$13))))","v":0},{"$f":"IF($D16<>\"Serviço\",0,IF(OR(AND(AUTOEVENTO=\"Manual\",$M16=1),$M16>(ROW(PLE.lastrow)-ROW(PLE.firstrow))),0,IF(OFFSET(PLE!$G$14,$M16,AZ$13)=\"\",10^12,OFFSET(PLE!$G$14,$M16,AZ$13))))","v":0},{"$f":"IF($D16<>\"Serviço\",0,IF(OR(AND(AUTOEVENTO=\"Manual\",$M16=1),$M16>(ROW(PLE.lastrow)-ROW(PLE.firstrow))),0,IF(OFFSET(PLE!$G$14,$M16,BA$13)=\"\",10^12,OFFSET(PLE!$G$14,$M16,BA$13))))","v":0},{"$f":"IF($D16<>\"Serviço\",0,IF(OR(AND(AUTOEVENTO=\"Manual\",$M16=1),$M16>(ROW(PLE.lastrow)-ROW(PLE.firstrow))),0,IF(OFFSET(PLE!$G$14,$M16,BB$13)=\"\",10^12,OFFSET(PLE!$G$14,$M16,BB$13))))","v":0},{"$f":"IF($D16<>\"Serviço\",0,IF(OR(AND(AUTOEVENTO=\"Manual\",$M16=1),$M16>(ROW(PLE.lastrow)-ROW(PLE.firstrow))),0,IF(OFFSET(PLE!$G$14,$M16,BC$13)=\"\",10^12,OFFSET(PLE!$G$14,$M16,BC$13))))","v":0},{"$f":"IF($D16<>\"Serviço\",0,IF(OR(AND(AUTOEVENTO=\"Manual\",$M16=1),$M16>(ROW(PLE.lastrow)-ROW(PLE.firstrow))),0,IF(OFFSET(PLE!$G$14,$M16,BD$13)=\"\",10^12,OFFSET(PLE!$G$14,$M16,BD$13))))","v":0},{"$f":"IF($D16<>\"Serviço\",0,IF(OR(AND(AUTOEVENTO=\"Manual\",$M16=1),$M16>(ROW(PLE.lastrow)-ROW(PLE.firstrow))),0,IF(OFFSET(PLE!$G$14,$M16,BE$13)=\"\",10^12,OFFSET(PLE!$G$14,$M16,BE$13))))","v":0},{"$f":"IF($D16<>\"Serviço\",0,IF(OR(AND(AUTOEVENTO=\"Manual\",$M16=1),$M16>(ROW(PLE.lastrow)-ROW(PLE.firstrow))),0,IF(OFFSET(PLE!$G$14,$M16,BF$13)=\"\",10^12,OFFSET(PLE!$G$14,$M16,BF$13))))","v":0},{"$f":"IF($D16<>\"Serviço\",0,IF(OR(AND(AUTOEVENTO=\"Manual\",$M16=1),$M16>(ROW(PLE.lastrow)-ROW(PLE.firstrow))),0,IF(OFFSET(PLE!$G$14,$M16,BG$13)=\"\",10^12,OFFSET(PLE!$G$14,$M16,BG$13))))","v":0}]
[{"$f":"IF(AUTOEVENTO=\"Manual\",IF(K17<>\"\",MIN(VALUE(LEFT(K17,FIND(\".\",K17)-1)),COUNTA(EVENTOS.Lista)),0),IF(OR($B17>AUTOEVENTO,$B17=\"S\",$B17=0),SUBSTITUTE(OFFSET($A17,-1,0),IF($D17=\"Serviço\",\".\",\"\"),\"\"),ROW(A17)-ROW($A$15)&\".\"))","v":"2."},{"$f":"OFFSET(ORÇAMENTO!C$15,ROW(B17)-ROW(B$15),0)","v":2},{"$f":"OFFSET(ORÇAMENTO!L$15,ROW(C17)-ROW(C$15),0)","v":"F"},{"$f":"OFFSET(ORÇAMENTO!N$15,ROW(D17)-ROW(D$15),0)","v":"Nível 2"},{"$f":"OFFSET(ORÇAMENTO!O$15,ROW(E17)-ROW(E$15),0)","v":"1.1."},{"$f":"OFFSET(ORÇAMENTO!R$15,ROW(F17)-ROW(F$15),0)","v":"SERVIÇOS INICIAIS"},{"$f":"IF($D17<>\"Serviço\",\"\",OFFSET(ORÇAMENTO!S$15,ROW(G17)-ROW(G$15),0))","v":""},{"$f":"IF($D17<>\"Serviço\",0,IF(ACOMPANHAMENTO=\"BM\",ROUND(OFFSET(ORÇAMENTO!AJ$15,ROW(H17)-ROW(H$15),0),15-13*ORÇAMENTO!$AF$7),SUMPRODUCT(($Q$12:$AA$12<>\"\")*ROUND($Q17:$AA17,15-13*ORÇAMENTO!$AF$7))))","v":0},null,null,null,".",{"$f":"IF($D17<>\"Serviço\",\"\",IF(AUTOEVENTO=\"manual\",$A17,IF(ISERROR(MATCH($A17,$A$15:OFFSET($A17,-1,0),0)),MAX($M$15:OFFSET(M17,-1,0))+1,INDEX($M$15:OFFSET(M17,-1,0),MATCH($A17,$A$15:OFFSET($A17,-1,0),0)))))","v":""},{"$f":"IF($D17<>\"Serviço\",\"\",IF(AUTOEVENTO=\"Manual\",IF($A17=0,\"<-- defina o número do agrupador\",OFFSET(EVENTOS!$D$14,$A17,0)),OFFSET($F$15,$A17,0)))","v":""},null,null,null,null,null,null,null,null,null,null,null,null,null,{"$f":"IF(AND($D17=\"Serviço\",AB$12<>0,$H17>0,OR(AUTOEVENTO<>\"manual\",$M17<>1)),ROUND(OFFSET($P17,0,AB$13),15-13*ORÇAMENTO!$AF$7)/$H17*OFFSET(ORÇAMENTO!$X$15,ROW(AB17)-ROW(AB$15),0),0)","v":0},{"$f":"IF(AND($D17=\"Serviço\",AC$12<>0,$H17>0,OR(AUTOEVENTO<>\"manual\",$M17<>1)),ROUND(OFFSET($P17,0,AC$13),15-13*ORÇAMENTO!$AF$7)/$H17*OFFSET(ORÇAMENTO!$X$15,ROW(AC17)-ROW(AC$15),0),0)","v":0},{"$f":"IF(AND($D17=\"Serviço\",AD$12<>0,$H17>0,OR(AUTOEVENTO<>\"manual\",$M17<>1)),ROUND(OFFSET($P17,0,AD$13),15-13*ORÇAMENTO!$AF$7)/$H17*OFFSET(ORÇAMENTO!$X$15,ROW(AD17)-ROW(AD$15),0),0)","v":0},{"$f":"IF(AND($D17=\"Serviço\",AE$12<>0,$H17>0,OR(AUTOEVENTO<>\"manual\",$M17<>1)),ROUND(OFFSET($P17,0,AE$13),15-13*ORÇAMENTO!$AF$7)/$H17*OFFSET(ORÇAMENTO!$X$15,ROW(AE17)-ROW(AE$15),0),0)","v":0},{"$f":"IF(AND($D17=\"Serviço\",AF$12<>0,$H17>0,OR(AUTOEVENTO<>\"manual\",$M17<>1)),ROUND(OFFSET($P17,0,AF$13),15-13*ORÇAMENTO!$AF$7)/$H17*OFFSET(ORÇAMENTO!$X$15,ROW(AF17)-ROW(AF$15),0),0)","v":0},{"$f":"IF(AND($D17=\"Serviço\",AG$12<>0,$H17>0,OR(AUTOEVENTO<>\"manual\",$M17<>1)),ROUND(OFFSET($P17,0,AG$13),15-13*ORÇAMENTO!$AF$7)/$H17*OFFSET(ORÇAMENTO!$X$15,ROW(AG17)-ROW(AG$15),0),0)","v":0},{"$f":"IF(AND($D17=\"Serviço\",AH$12<>0,$H17>0,OR(AUTOEVENTO<>\"manual\",$M17<>1)),ROUND(OFFSET($P17,0,AH$13),15-13*ORÇAMENTO!$AF$7)/$H17*OFFSET(ORÇAMENTO!$X$15,ROW(AH17)-ROW(AH$15),0),0)","v":0},{"$f":"IF(AND($D17=\"Serviço\",AI$12<>0,$H17>0,OR(AUTOEVENTO<>\"manual\",$M17<>1)),ROUND(OFFSET($P17,0,AI$13),15-13*ORÇAMENTO!$AF$7)/$H17*OFFSET(ORÇAMENTO!$X$15,ROW(AI17)-ROW(AI$15),0),0)","v":0},{"$f":"IF(AND($D17=\"Serviço\",AJ$12<>0,$H17>0,OR(AUTOEVENTO<>\"manual\",$M17<>1)),ROUND(OFFSET($P17,0,AJ$13),15-13*ORÇAMENTO!$AF$7)/$H17*OFFSET(ORÇAMENTO!$X$15,ROW(AJ17)-ROW(AJ$15),0),0)","v":0},{"$f":"IF(AND($D17=\"Serviço\",AK$12<>0,$H17>0,OR(AUTOEVENTO<>\"manual\",$M17<>1)),ROUND(OFFSET($P17,0,AK$13),15-13*ORÇAMENTO!$AF$7)/$H17*OFFSET(ORÇAMENTO!$X$15,ROW(AK17)-ROW(AK$15),0),0)","v":0},null,{"$f":"IF($D17<>\"Serviço\",0,IF(AND(AUTOEVENTO=\"Manual\",$M17=1),0,IF(OFFSET(CRONOPLE!$F$14,$M17,AM$13)=\"\",10^12,OFFSET(CRONOPLE!$F$14,$M17,AM$13))))","v":0},{"$f":"IF($D17<>\"Serviço\",0,IF(AND(AUTOEVENTO=\"Manual\",$M17=1),0,IF(OFFSET(CRONOPLE!$F$14,$M17,AN$13)=\"\",10^12,OFFSET(CRONOPLE!$F$14,$M17,AN$13))))","v":0},{"$f":"IF($D17<>\"Serviço\",0,IF(AND(AUTOEVENTO=\"Manual\",$M17=1),0,IF(OFFSET(CRONOPLE!$F$14,$M17,AO$13)=\"\",10^12,OFFSET(CRONOPLE!$F$14,$M17,AO$13))))","v":0},{"$f":"IF($D17<>\"Serviço\",0,IF(AND(AUTOEVENTO=\"Manual\",$M17=1),0,IF(OFFSET(CRONOPLE!$F$14,$M17,AP$13)=\"\",10^12,OFFSET(CRONOPLE!$F$14,$M17,AP$13))))","v":0},{"$f":"IF($D17<>\"Serviço\",0,IF(AND(AUTOEVENTO=\"Manual\",$M17=1),0,IF(OFFSET(CRONOPLE!$F$14,$M17,AQ$13)=\"\",10^12,OFFSET(CRONOPLE!$F$14,$M17,AQ$13))))","v":0},{"$f":"IF($D17<>\"Serviço\",0,IF(AND(AUTOEVENTO=\"Manual\",$M17=1),0,IF(OFFSET(CRONOPLE!$F$14,$M17,AR$13)=\"\",10^12,OFFSET(CRONOPLE!$F$14,$M17,AR$13))))","v":0},{"$f":"IF($D17<>\"Serviço\",0,IF(AND(AUTOEVENTO=\"Manual\",$M17=1),0,IF(OFFSET(CRONOPLE!$F$14,$M17,AS$13)=\"\",10^12,OFFSET(CRONOPLE!$F$14,$M17,AS$13))))","v":0},{"$f":"IF($D17<>\"Serviço\",0,IF(AND(AUTOEVENTO=\"Manual\",$M17=1),0,IF(OFFSET(CRONOPLE!$F$14,$M17,AT$13)=\"\",10^12,OFFSET(CRONOPLE!$F$14,$M17,AT$13))))","v":0},{"$f":"IF($D17<>\"Serviço\",0,IF(AND(AUTOEVENTO=\"Manual\",$M17=1),0,IF(OFFSET(CRONOPLE!$F$14,$M17,AU$13)=\"\",10^12,OFFSET(CRONOPLE!$F$14,$M17,AU$13))))","v":0},{"$f":"IF($D17<>\"Serviço\",0,IF(AND(AUTOEVENTO=\"Manual\",$M17=1),0,IF(OFFSET(CRONOPLE!$F$14,$M17,AV$13)=\"\",10^12,OFFSET(CRONOPLE!$F$14,$M17,AV$13))))","v":0},null,{"$f":"IF($D17<>\"Serviço\",0,IF(OR(AND(AUTOEVENTO=\"Manual\",$M17=1),$M17>(ROW(PLE.lastrow)-ROW(PLE.firstrow))),0,IF(OFFSET(PLE!$G$14,$M17,AX$13)=\"\",10^12,OFFSET(PLE!$G$14,$M17,AX$13))))","v":0},{"$f":"IF($D17<>\"Serviço\",0,IF(OR(AND(AUTOEVENTO=\"Manual\",$M17=1),$M17>(ROW(PLE.lastrow)-ROW(PLE.firstrow))),0,IF(OFFSET(PLE!$G$14,$M17,AY$13)=\"\",10^12,OFFSET(PLE!$G$14,$M17,AY$13))))","v":0},{"$f":"IF($D17<>\"Serviço\",0,IF(OR(AND(AUTOEVENTO=\"Manual\",$M17=1),$M17>(ROW(PLE.lastrow)-ROW(PLE.firstrow))),0,IF(OFFSET(PLE!$G$14,$M17,AZ$13)=\"\",10^12,OFFSET(PLE!$G$14,$M17,AZ$13))))","v":0},{"$f":"IF($D17<>\"Serviço\",0,IF(OR(AND(AUTOEVENTO=\"Manual\",$M17=1),$M17>(ROW(PLE.lastrow)-ROW(PLE.firstrow))),0,IF(OFFSET(PLE!$G$14,$M17,BA$13)=\"\",10^12,OFFSET(PLE!$G$14,$M17,BA$13))))","v":0},{"$f":"IF($D17<>\"Serviço\",0,IF(OR(AND(AUTOEVENTO=\"Manual\",$M17=1),$M17>(ROW(PLE.lastrow)-ROW(PLE.firstrow))),0,IF(OFFSET(PLE!$G$14,$M17,BB$13)=\"\",10^12,OFFSET(PLE!$G$14,$M17,BB$13))))","v":0},{"$f":"IF($D17<>\"Serviço\",0,IF(OR(AND(AUTOEVENTO=\"Manual\",$M17=1),$M17>(ROW(PLE.lastrow)-ROW(PLE.firstrow))),0,IF(OFFSET(PLE!$G$14,$M17,BC$13)=\"\",10^12,OFFSET(PLE!$G$14,$M17,BC$13))))","v":0},{"$f":"IF($D17<>\"Serviço\",0,IF(OR(AND(AUTOEVENTO=\"Manual\",$M17=1),$M17>(ROW(PLE.lastrow)-ROW(PLE.firstrow))),0,IF(OFFSET(PLE!$G$14,$M17,BD$13)=\"\",10^12,OFFSET(PLE!$G$14,$M17,BD$13))))","v":0},{"$f":"IF($D17<>\"Serviço\",0,IF(OR(AND(AUTOEVENTO=\"Manual\",$M17=1),$M17>(ROW(PLE.lastrow)-ROW(PLE.firstrow))),0,IF(OFFSET(PLE!$G$14,$M17,BE$13)=\"\",10^12,OFFSET(PLE!$G$14,$M17,BE$13))))","v":0},{"$f":"IF($D17<>\"Serviço\",0,IF(OR(AND(AUTOEVENTO=\"Manual\",$M17=1),$M17>(ROW(PLE.lastrow)-ROW(PLE.firstrow))),0,IF(OFFSET(PLE!$G$14,$M17,BF$13)=\"\",10^12,OFFSET(PLE!$G$14,$M17,BF$13))))","v":0},{"$f":"IF($D17<>\"Serviço\",0,IF(OR(AND(AUTOEVENTO=\"Manual\",$M17=1),$M17>(ROW(PLE.lastrow)-ROW(PLE.firstrow))),0,IF(OFFSET(PLE!$G$14,$M17,BG$13)=\"\",10^12,OFFSET(PLE!$G$14,$M17,BG$13))))","v":0}]
[{"$f":"IF(AUTOEVENTO=\"Manual\",IF(K18<>\"\",MIN(VALUE(LEFT(K18,FIND(\".\",K18)-1)),COUNTA(EVENTOS.Lista)),0),IF(OR($B18>AUTOEVENTO,$B18=\"S\",$B18=0),SUBSTITUTE(OFFSET($A18,-1,0),IF($D18=\"Serviço\",\".\",\"\"),\"\"),ROW(A18)-ROW($A$15)&\".\"))","v":"2"},{"$f":"OFFSET(ORÇAMENTO!C$15,ROW(B18)-ROW(B$15),0)","v":"S"},{"$f":"OFFSET(ORÇAMENTO!L$15,ROW(C18)-ROW(C$15),0)","v":"F"},{"$f":"OFFSET(ORÇAMENTO!N$15,ROW(D18)-ROW(D$15),0)","v":"Serviço"},{"$f":"OFFSET(ORÇAMENTO!O$15,ROW(E18)-ROW(E$15),0)","v":"1.1.1."},{"$f":"OFFSET(ORÇAMENTO!R$15,ROW(F18)-ROW(F$15),0)","v":"PLACA DE OBRA EM CHAPA GALVANIZADA"},{"$f":"IF($D18<>\"Serviço\",\"\",OFFSET(ORÇAMENTO!S$15,ROW(G18)-ROW(G$15),0))","v":"M2    "},{"$f":"IF($D18<>\"Serviço\",0,IF(ACOMPANHAMENTO=\"BM\",ROUND(OFFSET(ORÇAMENTO!AJ$15,ROW(H18)-ROW(H$15),0),15-13*ORÇAMENTO!$AF$7),SUMPRODUCT(($Q$12:$AA$12<>\"\")*ROUND($Q18:$AA18,15-13*ORÇAMENTO!$AF$7))))","v":2.5},null,null,null,".",{"$f":"IF($D18<>\"Serviço\",\"\",IF(AUTOEVENTO=\"manual\",$A18,IF(ISERROR(MATCH($A18,$A$15:OFFSET($A18,-1,0),0)),MAX($M$15:OFFSET(M18,-1,0))+1,INDEX($M$15:OFFSET(M18,-1,0),MATCH($A18,$A$15:OFFSET($A18,-1,0),0)))))","v":2},{"$f":"IF($D18<>\"Serviço\",\"\",IF(AUTOEVENTO=\"Manual\",IF($A18=0,\"<-- defina o número do agrupador\",OFFSET(EVENTOS!$D$14,$A18,0)),OFFSET($F$15,$A18,0)))","v":"SERVIÇOS INICIAIS"},null,null,null,null,null,null,null,null,null,null,null,null,null,{"$f":"IF(AND($D18=\"Serviço\",AB$12<>0,$H18>0,OR(AUTOEVENTO<>\"manual\",$M18<>1)),ROUND(OFFSET($P18,0,AB$13),15-13*ORÇAMENTO!$AF$7)/$H18*OFFSET(ORÇAMENTO!$X$15,ROW(AB18)-ROW(AB$15),0),0)","v":0},{"$f":"IF(AND($D18=\"Serviço\",AC$12<>0,$H18>0,OR(AUTOEVENTO<>\"manual\",$M18<>1)),ROUND(OFFSET($P18,0,AC$13),15-13*ORÇAMENTO!$AF$7)/$H18*OFFSET(ORÇAMENTO!$X$15,ROW(AC18)-ROW(AC$15),0),0)","v":0},{"$f":"IF(AND($D18=\"Serviço\",AD$12<>0,$H18>0,OR(AUTOEVENTO<>\"manual\",$M18<>1)),ROUND(OFFSET($P18,0,AD$13),15-13*ORÇAMENTO!$AF$7)/$H18*OFFSET(ORÇAMENTO!$X$15,ROW(AD18)-ROW(AD$15),0),0)","v":0},{"$f":"IF(AND($D18=\"Serviço\",AE$12<>0,$H18>0,OR(AUTOEVENTO<>\"manual\",$M18<>1)),ROUND(OFFSET($P18,0,AE$13),15-13*ORÇAMENTO!$AF$7)/$H18*OFFSET(ORÇAMENTO!$X$15,ROW(AE18)-ROW(AE$15),0),0)","v":0},{"$f":"IF(AND($D18=\"Serviço\",AF$12<>0,$H18>0,OR(AUTOEVENTO<>\"manual\",$M18<>1)),ROUND(OFFSET($P18,0,AF$13),15-13*ORÇAMENTO!$AF$7)/$H18*OFFSET(ORÇAMENTO!$X$15,ROW(AF18)-ROW(AF$15),0),0)","v":0},{"$f":"IF(AND($D18=\"Serviço\",AG$12<>0,$H18>0,OR(AUTOEVENTO<>\"manual\",$M18<>1)),ROUND(OFFSET($P18,0,AG$13),15-13*ORÇAMENTO!$AF$7)/$H18*OFFSET(ORÇAMENTO!$X$15,ROW(AG18)-ROW(AG$15),0),0)","v":0},{"$f":"IF(AND($D18=\"Serviço\",AH$12<>0,$H18>0,OR(AUTOEVENTO<>\"manual\",$M18<>1)),ROUND(OFFSET($P18,0,AH$13),15-13*ORÇAMENTO!$AF$7)/$H18*OFFSET(ORÇAMENTO!$X$15,ROW(AH18)-ROW(AH$15),0),0)","v":0},{"$f":"IF(AND($D18=\"Serviço\",AI$12<>0,$H18>0,OR(AUTOEVENTO<>\"manual\",$M18<>1)),ROUND(OFFSET($P18,0,AI$13),15-13*ORÇAMENTO!$AF$7)/$H18*OFFSET(ORÇAMENTO!$X$15,ROW(AI18)-ROW(AI$15),0),0)","v":0},{"$f":"IF(AND($D18=\"Serviço\",AJ$12<>0,$H18>0,OR(AUTOEVENTO<>\"manual\",$M18<>1)),ROUND(OFFSET($P18,0,AJ$13),15-13*ORÇAMENTO!$AF$7)/$H18*OFFSET(ORÇAMENTO!$X$15,ROW(AJ18)-ROW(AJ$15),0),0)","v":0},{"$f":"IF(AND($D18=\"Serviço\",AK$12<>0,$H18>0,OR(AUTOEVENTO<>\"manual\",$M18<>1)),ROUND(OFFSET($P18,0,AK$13),15-13*ORÇAMENTO!$AF$7)/$H18*OFFSET(ORÇAMENTO!$X$15,ROW(AK18)-ROW(AK$15),0),0)","v":0},null,{"$f":"IF($D18<>\"Serviço\",0,IF(AND(AUTOEVENTO=\"Manual\",$M18=1),0,IF(OFFSET(CRONOPLE!$F$14,$M18,AM$13)=\"\",10^12,OFFSET(CRONOPLE!$F$14,$M18,AM$13))))","v":1000000000000},{"$f":"IF($D18<>\"Serviço\",0,IF(AND(AUTOEVENTO=\"Manual\",$M18=1),0,IF(OFFSET(CRONOPLE!$F$14,$M18,AN$13)=\"\",10^12,OFFSET(CRONOPLE!$F$14,$M18,AN$13))))","v":1000000000000},{"$f":"IF($D18<>\"Serviço\",0,IF(AND(AUTOEVENTO=\"Manual\",$M18=1),0,IF(OFFSET(CRONOPLE!$F$14,$M18,AO$13)=\"\",10^12,OFFSET(CRONOPLE!$F$14,$M18,AO$13))))","v":1000000000000},{"$f":"IF($D18<>\"Serviço\",0,IF(AND(AUTOEVENTO=\"Manual\",$M18=1),0,IF(OFFSET(CRONOPLE!$F$14,$M18,AP$13)=\"\",10^12,OFFSET(CRONOPLE!$F$14,$M18,AP$13))))","v":1000000000000},{"$f":"IF($D18<>\"Serviço\",0,IF(AND(AUTOEVENTO=\"Manual\",$M18=1),0,IF(OFFSET(CRONOPLE!$F$14,$M18,AQ$13)=\"\",10^12,OFFSET(CRONOPLE!$F$14,$M18,AQ$13))))","v":1000000000000},{"$f":"IF($D18<>\"Serviço\",0,IF(AND(AUTOEVENTO=\"Manual\",$M18=1),0,IF(OFFSET(CRONOPLE!$F$14,$M18,AR$13)=\"\",10^12,OFFSET(CRONOPLE!$F$14,$M18,AR$13))))","v":1000000000000},{"$f":"IF($D18<>\"Serviço\",0,IF(AND(AUTOEVENTO=\"Manual\",$M18=1),0,IF(OFFSET(CRONOPLE!$F$14,$M18,AS$13)=\"\",10^12,OFFSET(CRONOPLE!$F$14,$M18,AS$13))))","v":1000000000000},{"$f":"IF($D18<>\"Serviço\",0,IF(AND(AUTOEVENTO=\"Manual\",$M18=1),0,IF(OFFSET(CRONOPLE!$F$14,$M18,AT$13)=\"\",10^12,OFFSET(CRONOPLE!$F$14,$M18,AT$13))))","v":1000000000000},{"$f":"IF($D18<>\"Serviço\",0,IF(AND(AUTOEVENTO=\"Manual\",$M18=1),0,IF(OFFSET(CRONOPLE!$F$14,$M18,AU$13)=\"\",10^12,OFFSET(CRONOPLE!$F$14,$M18,AU$13))))","v":1000000000000},{"$f":"IF($D18<>\"Serviço\",0,IF(AND(AUTOEVENTO=\"Manual\",$M18=1),0,IF(OFFSET(CRONOPLE!$F$14,$M18,AV$13)=\"\",10^12,OFFSET(CRONOPLE!$F$14,$M18,AV$13))))","v":1000000000000},null,{"$f":"IF($D18<>\"Serviço\",0,IF(OR(AND(AUTOEVENTO=\"Manual\",$M18=1),$M18>(ROW(PLE.lastrow)-ROW(PLE.firstrow))),0,IF(OFFSET(PLE!$G$14,$M18,AX$13)=\"\",10^12,OFFSET(PLE!$G$14,$M18,AX$13))))","v":1000000000000},{"$f":"IF($D18<>\"Serviço\",0,IF(OR(AND(AUTOEVENTO=\"Manual\",$M18=1),$M18>(ROW(PLE.lastrow)-ROW(PLE.firstrow))),0,IF(OFFSET(PLE!$G$14,$M18,AY$13)=\"\",10^12,OFFSET(PLE!$G$14,$M18,AY$13))))","v":1000000000000},{"$f":"IF($D18<>\"Serviço\",0,IF(OR(AND(AUTOEVENTO=\"Manual\",$M18=1),$M18>(ROW(PLE.lastrow)-ROW(PLE.firstrow))),0,IF(OFFSET(PLE!$G$14,$M18,AZ$13)=\"\",10^12,OFFSET(PLE!$G$14,$M18,AZ$13))))","v":1000000000000},{"$f":"IF($D18<>\"Serviço\",0,IF(OR(AND(AUTOEVENTO=\"Manual\",$M18=1),$M18>(ROW(PLE.lastrow)-ROW(PLE.firstrow))),0,IF(OFFSET(PLE!$G$14,$M18,BA$13)=\"\",10^12,OFFSET(PLE!$G$14,$M18,BA$13))))","v":1000000000000},{"$f":"IF($D18<>\"Serviço\",0,IF(OR(AND(AUTOEVENTO=\"Manual\",$M18=1),$M18>(ROW(PLE.lastrow)-ROW(PLE.firstrow))),0,IF(OFFSET(PLE!$G$14,$M18,BB$13)=\"\",10^12,OFFSET(PLE!$G$14,$M18,BB$13))))","v":1000000000000},{"$f":"IF($D18<>\"Serviço\",0,IF(OR(AND(AUTOEVENTO=\"Manual\",$M18=1),$M18>(ROW(PLE.lastrow)-ROW(PLE.firstrow))),0,IF(OFFSET(PLE!$G$14,$M18,BC$13)=\"\",10^12,OFFSET(PLE!$G$14,$M18,BC$13))))","v":1000000000000},{"$f":"IF($D18<>\"Serviço\",0,IF(OR(AND(AUTOEVENTO=\"Manual\",$M18=1),$M18>(ROW(PLE.lastrow)-ROW(PLE.firstrow))),0,IF(OFFSET(PLE!$G$14,$M18,BD$13)=\"\",10^12,OFFSET(PLE!$G$14,$M18,BD$13))))","v":1000000000000},{"$f":"IF($D18<>\"Serviço\",0,IF(OR(AND(AUTOEVENTO=\"Manual\",$M18=1),$M18>(ROW(PLE.lastrow)-ROW(PLE.firstrow))),0,IF(OFFSET(PLE!$G$14,$M18,BE$13)=\"\",10^12,OFFSET(PLE!$G$14,$M18,BE$13))))","v":1000000000000},{"$f":"IF($D18<>\"Serviço\",0,IF(OR(AND(AUTOEVENTO=\"Manual\",$M18=1),$M18>(ROW(PLE.lastrow)-ROW(PLE.firstrow))),0,IF(OFFSET(PLE!$G$14,$M18,BF$13)=\"\",10^12,OFFSET(PLE!$G$14,$M18,BF$13))))","v":1000000000000},{"$f":"IF($D18<>\"Serviço\",0,IF(OR(AND(AUTOEVENTO=\"Manual\",$M18=1),$M18>(ROW(PLE.lastrow)-ROW(PLE.firstrow))),0,IF(OFFSET(PLE!$G$14,$M18,BG$13)=\"\",10^12,OFFSET(PLE!$G$14,$M18,BG$13))))","v":1000000000000}]
[{"$f":"IF(AUTOEVENTO=\"Manual\",IF(K19<>\"\",MIN(VALUE(LEFT(K19,FIND(\".\",K19)-1)),COUNTA(EVENTOS.Lista)),0),IF(OR($B19>AUTOEVENTO,$B19=\"S\",$B19=0),SUBSTITUTE(OFFSET($A19,-1,0),IF($D19=\"Serviço\",\".\",\"\"),\"\"),ROW(A19)-ROW($A$15)&\".\"))","v":"4."},{"$f":"OFFSET(ORÇAMENTO!C$15,ROW(B19)-ROW(B$15),0)","v":2},{"$f":"OFFSET(ORÇAMENTO!L$15,ROW(C19)-ROW(C$15),0)","v":"F"},{"$f":"OFFSET(ORÇAMENTO!N$15,ROW(D19)-ROW(D$15),0)","v":"Nível 2"},{"$f":"OFFSET(ORÇAMENTO!O$15,ROW(E19)-ROW(E$15),0)","v":"1.2."},{"$f":"OFFSET(ORÇAMENTO!R$15,ROW(F19)-ROW(F$15),0)","v":"ESTRUTURA"},{"$f":"IF($D19<>\"Serviço\",\"\",OFFSET(ORÇAMENTO!S$15,ROW(G19)-ROW(G$15),0))","v":""},{"$f":"IF($D19<>\"Serviço\",0,IF(ACOMPANHAMENTO=\"BM\",ROUND(OFFSET(ORÇAMENTO!AJ$15,ROW(H19)-ROW(H$15),0),15-13*ORÇAMENTO!$AF$7),SUMPRODUCT(($Q$12:$AA$12<>\"\")*ROUND($Q19:$AA19,15-13*ORÇAMENTO!$AF$7))))","v":0},null,null,null,".",{"$f":"IF($D19<>\"Serviço\",\"\",IF(AUTOEVENTO=\"manual\",$A19,IF(ISERROR(MATCH($A19,$A$15:OFFSET($A19,-1,0),0)),MAX($M$15:OFFSET(M19,-1,0))+1,INDEX($M$15:OFFSET(M19,-1,0),MATCH($A19,$A$15:OFFSET($A19,-1,0),0)))))","v":""},{"$f":"IF($D19<>\"Serviço\",\"\",IF(AUTOEVENTO=\"Manual\",IF($A19=0,\"<-- defina o número do agrupador\",OFFSET(EVENTOS!$D$14,$A19,0)),OFFSET($F$15,$A19,0)))","v":""},null,null,null,null,null,null,null,null,null,null,null,null,null,{"$f":"IF(AND($D19=\"Serviço\",AB$12<>0,$H19>0,OR(AUTOEVENTO<>\"manual\",$M19<>1)),ROUND(OFFSET($P19,0,AB$13),15-13*ORÇAMENTO!$AF$7)/$H19*OFFSET(ORÇAMENTO!$X$15,ROW(AB19)-ROW(AB$15),0),0)","v":0},{"$f":"IF(AND($D19=\"Serviço\",AC$12<>0,$H19>0,OR(AUTOEVENTO<>\"manual\",$M19<>1)),ROUND(OFFSET($P19,0,AC$13),15-13*ORÇAMENTO!$AF$7)/$H19*OFFSET(ORÇAMENTO!$X$15,ROW(AC19)-ROW(AC$15),0),0)","v":0},{"$f":"IF(AND($D19=\"Serviço\",AD$12<>0,$H19>0,OR(AUTOEVENTO<>\"manual\",$M19<>1)),ROUND(OFFSET($P19,0,AD$13),15-13*ORÇAMENTO!$AF$7)/$H19*OFFSET(ORÇAMENTO!$X$15,ROW(AD19)-ROW(AD$15),0),0)","v":0},{"$f":"IF(AND($D19=\"Serviço\",AE$12<>0,$H19>0,OR(AUTOEVENTO<>\"manual\",$M19<>1)),ROUND(OFFSET($P19,0,AE$13),15-13*ORÇAMENTO!$AF$7)/$H19*OFFSET(ORÇAMENTO!$X$15,ROW(AE19)-ROW(AE$15),0),0)","v":0},{"$f":"IF(AND($D19=\"Serviço\",AF$12<>0,$H19>0,OR(AUTOEVENTO<>\"manual\",$M19<>1)),ROUND(OFFSET($P19,0,AF$13),15-13*ORÇAMENTO!$AF$7)/$H19*OFFSET(ORÇAMENTO!$X$15,ROW(AF19)-ROW(AF$15),0),0)","v":0},{"$f":"IF(AND($D19=\"Serviço\",AG$12<>0,$H19>0,OR(AUTOEVENTO<>\"manual\",$M19<>1)),ROUND(OFFSET($P19,0,AG$13),15-13*ORÇAMENTO!$AF$7)/$H19*OFFSET(ORÇAMENTO!$X$15,ROW(AG19)-ROW(AG$15),0),0)","v":0},{"$f":"IF(AND($D19=\"Serviço\",AH$12<>0,$H19>0,OR(AUTOEVENTO<>\"manual\",$M19<>1)),ROUND(OFFSET($P19,0,AH$13),15-13*ORÇAMENTO!$AF$7)/$H19*OFFSET(ORÇAMENTO!$X$15,ROW(AH19)-ROW(AH$15),0),0)","v":0},{"$f":"IF(AND($D19=\"Serviço\",AI$12<>0,$H19>0,OR(AUTOEVENTO<>\"manual\",$M19<>1)),ROUND(OFFSET($P19,0,AI$13),15-13*ORÇAMENTO!$AF$7)/$H19*OFFSET(ORÇAMENTO!$X$15,ROW(AI19)-ROW(AI$15),0),0)","v":0},{"$f":"IF(AND($D19=\"Serviço\",AJ$12<>0,$H19>0,OR(AUTOEVENTO<>\"manual\",$M19<>1)),ROUND(OFFSET($P19,0,AJ$13),15-13*ORÇAMENTO!$AF$7)/$H19*OFFSET(ORÇAMENTO!$X$15,ROW(AJ19)-ROW(AJ$15),0),0)","v":0},{"$f":"IF(AND($D19=\"Serviço\",AK$12<>0,$H19>0,OR(AUTOEVENTO<>\"manual\",$M19<>1)),ROUND(OFFSET($P19,0,AK$13),15-13*ORÇAMENTO!$AF$7)/$H19*OFFSET(ORÇAMENTO!$X$15,ROW(AK19)-ROW(AK$15),0),0)","v":0},null,{"$f":"IF($D19<>\"Serviço\",0,IF(AND(AUTOEVENTO=\"Manual\",$M19=1),0,IF(OFFSET(CRONOPLE!$F$14,$M19,AM$13)=\"\",10^12,OFFSET(CRONOPLE!$F$14,$M19,AM$13))))","v":0},{"$f":"IF($D19<>\"Serviço\",0,IF(AND(AUTOEVENTO=\"Manual\",$M19=1),0,IF(OFFSET(CRONOPLE!$F$14,$M19,AN$13)=\"\",10^12,OFFSET(CRONOPLE!$F$14,$M19,AN$13))))","v":0},{"$f":"IF($D19<>\"Serviço\",0,IF(AND(AUTOEVENTO=\"Manual\",$M19=1),0,IF(OFFSET(CRONOPLE!$F$14,$M19,AO$13)=\"\",10^12,OFFSET(CRONOPLE!$F$14,$M19,AO$13))))","v":0},{"$f":"IF($D19<>\"Serviço\",0,IF(AND(AUTOEVENTO=\"Manual\",$M19=1),0,IF(OFFSET(CRONOPLE!$F$14,$M19,AP$13)=\"\",10^12,OFFSET(CRONOPLE!$F$14,$M19,AP$13))))","v":0},{"$f":"IF($D19<>\"Serviço\",0,IF(AND(AUTOEVENTO=\"Manual\",$M19=1),0,IF(OFFSET(CRONOPLE!$F$14,$M19,AQ$13)=\"\",10^12,OFFSET(CRONOPLE!$F$14,$M19,AQ$13))))","v":0},{"$f":"IF($D19<>\"Serviço\",0,IF(AND(AUTOEVENTO=\"Manual\",$M19=1),0,IF(OFFSET(CRONOPLE!$F$14,$M19,AR$13)=\"\",10^12,OFFSET(CRONOPLE!$F$14,$M19,AR$13))))","v":0},{"$f":"IF($D19<>\"Serviço\",0,IF(AND(AUTOEVENTO=\"Manual\",$M19=1),0,IF(OFFSET(CRONOPLE!$F$14,$M19,AS$13)=\"\",10^12,OFFSET(CRONOPLE!$F$14,$M19,AS$13))))","v":0},{"$f":"IF($D19<>\"Serviço\",0,IF(AND(AUTOEVENTO=\"Manual\",$M19=1),0,IF(OFFSET(CRONOPLE!$F$14,$M19,AT$13)=\"\",10^12,OFFSET(CRONOPLE!$F$14,$M19,AT$13))))","v":0},{"$f":"IF($D19<>\"Serviço\",0,IF(AND(AUTOEVENTO=\"Manual\",$M19=1),0,IF(OFFSET(CRONOPLE!$F$14,$M19,AU$13)=\"\",10^12,OFFSET(CRONOPLE!$F$14,$M19,AU$13))))","v":0},{"$f":"IF($D19<>\"Serviço\",0,IF(AND(AUTOEVENTO=\"Manual\",$M19=1),0,IF(OFFSET(CRONOPLE!$F$14,$M19,AV$13)=\"\",10^12,OFFSET(CRONOPLE!$F$14,$M19,AV$13))))","v":0},null,{"$f":"IF($D19<>\"Serviço\",0,IF(OR(AND(AUTOEVENTO=\"Manual\",$M19=1),$M19>(ROW(PLE.lastrow)-ROW(PLE.firstrow))),0,IF(OFFSET(PLE!$G$14,$M19,AX$13)=\"\",10^12,OFFSET(PLE!$G$14,$M19,AX$13))))","v":0},{"$f":"IF($D19<>\"Serviço\",0,IF(OR(AND(AUTOEVENTO=\"Manual\",$M19=1),$M19>(ROW(PLE.lastrow)-ROW(PLE.firstrow))),0,IF(OFFSET(PLE!$G$14,$M19,AY$13)=\"\",10^12,OFFSET(PLE!$G$14,$M19,AY$13))))","v":0},{"$f":"IF($D19<>\"Serviço\",0,IF(OR(AND(AUTOEVENTO=\"Manual\",$M19=1),$M19>(ROW(PLE.lastrow)-ROW(PLE.firstrow))),0,IF(OFFSET(PLE!$G$14,$M19,AZ$13)=\"\",10^12,OFFSET(PLE!$G$14,$M19,AZ$13))))","v":0},{"$f":"IF($D19<>\"Serviço\",0,IF(OR(AND(AUTOEVENTO=\"Manual\",$M19=1),$M19>(ROW(PLE.lastrow)-ROW(PLE.firstrow))),0,IF(OFFSET(PLE!$G$14,$M19,BA$13)=\"\",10^12,OFFSET(PLE!$G$14,$M19,BA$13))))","v":0},{"$f":"IF($D19<>\"Serviço\",0,IF(OR(AND(AUTOEVENTO=\"Manual\",$M19=1),$M19>(ROW(PLE.lastrow)-ROW(PLE.firstrow))),0,IF(OFFSET(PLE!$G$14,$M19,BB$13)=\"\",10^12,OFFSET(PLE!$G$14,$M19,BB$13))))","v":0},{"$f":"IF($D19<>\"Serviço\",0,IF(OR(AND(AUTOEVENTO=\"Manual\",$M19=1),$M19>(ROW(PLE.lastrow)-ROW(PLE.firstrow))),0,IF(OFFSET(PLE!$G$14,$M19,BC$13)=\"\",10^12,OFFSET(PLE!$G$14,$M19,BC$13))))","v":0},{"$f":"IF($D19<>\"Serviço\",0,IF(OR(AND(AUTOEVENTO=\"Manual\",$M19=1),$M19>(ROW(PLE.lastrow)-ROW(PLE.firstrow))),0,IF(OFFSET(PLE!$G$14,$M19,BD$13)=\"\",10^12,OFFSET(PLE!$G$14,$M19,BD$13))))","v":0},{"$f":"IF($D19<>\"Serviço\",0,IF(OR(AND(AUTOEVENTO=\"Manual\",$M19=1),$M19>(ROW(PLE.lastrow)-ROW(PLE.firstrow))),0,IF(OFFSET(PLE!$G$14,$M19,BE$13)=\"\",10^12,OFFSET(PLE!$G$14,$M19,BE$13))))","v":0},{"$f":"IF($D19<>\"Serviço\",0,IF(OR(AND(AUTOEVENTO=\"Manual\",$M19=1),$M19>(ROW(PLE.lastrow)-ROW(PLE.firstrow))),0,IF(OFFSET(PLE!$G$14,$M19,BF$13)=\"\",10^12,OFFSET(PLE!$G$14,$M19,BF$13))))","v":0},{"$f":"IF($D19<>\"Serviço\",0,IF(OR(AND(AUTOEVENTO=\"Manual\",$M19=1),$M19>(ROW(PLE.lastrow)-ROW(PLE.firstrow))),0,IF(OFFSET(PLE!$G$14,$M19,BG$13)=\"\",10^12,OFFSET(PLE!$G$14,$M19,BG$13))))","v":0}]
["4",{"$f":"OFFSET(ORÇAMENTO!C$15,ROW(B20)-ROW(B$15),0)","v":"S"},{"$f":"OFFSET(ORÇAMENTO!L$15,ROW(C20)-ROW(C$15),0)","v":"F"},{"$f":"OFFSET(ORÇAMENTO!N$15,ROW(D20)-ROW(D$15),0)","v":"Serviço"},{"$f":"OFFSET(ORÇAMENTO!O$15,ROW(E20)-ROW(E$15),0)","v":"1.2.1."},{"$f":"OFFSET(ORÇAMENTO!R$15,ROW(F20)-ROW(F$15),0)","v":"ESCAVAÇÃO MECANIZADA PARA VIGA BALDRAME E RADIER, COM PREVISÃO DE FÔRMA, COM RETROESCAVADEIRA"},{"$f":"IF($D20<>\"Serviço\",\"\",OFFSET(ORÇAMENTO!S$15,ROW(G20)-ROW(G$15),0))","v":"M3"},{"$f":"IF($D20<>\"Serviço\",0,IF(ACOMPANHAMENTO=\"BM\",ROUND(OFFSET(ORÇAMENTO!AJ$15,ROW(H20)-ROW(H$15),0),15-13*ORÇAMENTO!$AF$7),SUMPRODUCT(($Q$12:$AA$12<>\"\")*ROUND($Q20:$AA20,15-13*ORÇAMENTO!$AF$7))))","v":10.58},null,null,null,".",{"$f":"IF($D20<>\"Serviço\",\"\",IF(AUTOEVENTO=\"manual\",$A20,IF(ISERROR(MATCH($A20,$A$15:OFFSET($A20,-1,0),0)),MAX($M$15:OFFSET(M20,-1,0))+1,INDEX($M$15:OFFSET(M20,-1,0),MATCH($A20,$A$15:OFFSET($A20,-1,0),0)))))","v":3},{"$f":"IF($D20<>\"Serviço\",\"\",IF(AUTOEVENTO=\"Manual\",IF($A20=0,\"<-- defina o número do agrupador\",OFFSET(EVENTOS!$D$14,$A20,0)),OFFSET($F$15,$A20,0)))","v":"ESTRUTURA"},null,null,null,null,null,null,null,null,null,null,null,null,null,{"$f":"IF(AND($D20=\"Serviço\",AB$12<>0,$H20>0,OR(AUTOEVENTO<>\"manual\",$M20<>1)),ROUND(OFFSET($P20,0,AB$13),15-13*ORÇAMENTO!$AF$7)/$H20*OFFSET(ORÇAMENTO!$X$15,ROW(AB20)-ROW(AB$15),0),0)","v":0},{"$f":"IF(AND($D20=\"Serviço\",AC$12<>0,$H20>0,OR(AUTOEVENTO<>\"manual\",$M20<>1)),ROUND(OFFSET($P20,0,AC$13),15-13*ORÇAMENTO!$AF$7)/$H20*OFFSET(ORÇAMENTO!$X$15,ROW(AC20)-ROW(AC$15),0),0)","v":0},{"$f":"IF(AND($D20=\"Serviço\",AD$12<>0,$H20>0,OR(AUTOEVENTO<>\"manual\",$M20<>1)),ROUND(OFFSET($P20,0,AD$13),15-13*ORÇAMENTO!$AF$7)/$H20*OFFSET(ORÇAMENTO!$X$15,ROW(AD20)-ROW(AD$15),0),0)","v":0},{"$f":"IF(AND($D20=\"Serviço\",AE$12<>0,$H20>0,OR(AUTOEVENTO<>\"manual\",$M20<>1)),ROUND(OFFSET($P20,0,AE$13),15-13*ORÇAMENTO!$AF$7)/$H20*OFFSET(ORÇAMENTO!$X$15,ROW(AE20)-ROW(AE$15),0),0)","v":0},{"$f":"IF(AND($D20=\"Serviço\",AF$12<>0,$H20>0,OR(AUTOEVENTO<>\"manual\",$M20<>1)),ROUND(OFFSET($P20,0,AF$13),15-13*ORÇAMENTO!$AF$7)/$H20*OFFSET(ORÇAMENTO!$X$15,ROW(AF20)-ROW(AF$15),0),0)","v":0},{"$f":"IF(AND($D20=\"Serviço\",AG$12<>0,$H20>0,OR(AUTOEVENTO<>\"manual\",$M20<>1)),ROUND(OFFSET($P20,0,AG$13),15-13*ORÇAMENTO!$AF$7)/$H20*OFFSET(ORÇAMENTO!$X$15,ROW(AG20)-ROW(AG$15),0),0)","v":0},{"$f":"IF(AND($D20=\"Serviço\",AH$12<>0,$H20>0,OR(AUTOEVENTO<>\"manual\",$M20<>1)),ROUND(OFFSET($P20,0,AH$13),15-13*ORÇAMENTO!$AF$7)/$H20*OFFSET(ORÇAMENTO!$X$15,ROW(AH20)-ROW(AH$15),0),0)","v":0},{"$f":"IF(AND($D20=\"Serviço\",AI$12<>0,$H20>0,OR(AUTOEVENTO<>\"manual\",$M20<>1)),ROUND(OFFSET($P20,0,AI$13),15-13*ORÇAMENTO!$AF$7)/$H20*OFFSET(ORÇAMENTO!$X$15,ROW(AI20)-ROW(AI$15),0),0)","v":0},{"$f":"IF(AND($D20=\"Serviço\",AJ$12<>0,$H20>0,OR(AUTOEVENTO<>\"manual\",$M20<>1)),ROUND(OFFSET($P20,0,AJ$13),15-13*ORÇAMENTO!$AF$7)/$H20*OFFSET(ORÇAMENTO!$X$15,ROW(AJ20)-ROW(AJ$15),0),0)","v":0},{"$f":"IF(AND($D20=\"Serviço\",AK$12<>0,$H20>0,OR(AUTOEVENTO<>\"manual\",$M20<>1)),ROUND(OFFSET($P20,0,AK$13),15-13*ORÇAMENTO!$AF$7)/$H20*OFFSET(ORÇAMENTO!$X$15,ROW(AK20)-ROW(AK$15),0),0)","v":0},null,{"$f":"IF($D20<>\"Serviço\",0,IF(AND(AUTOEVENTO=\"Manual\",$M20=1),0,IF(OFFSET(CRONOPLE!$F$14,$M20,AM$13)=\"\",10^12,OFFSET(CRONOPLE!$F$14,$M20,AM$13))))","v":1000000000000},{"$f":"IF($D20<>\"Serviço\",0,IF(AND(AUTOEVENTO=\"Manual\",$M20=1),0,IF(OFFSET(CRONOPLE!$F$14,$M20,AN$13)=\"\",10^12,OFFSET(CRONOPLE!$F$14,$M20,AN$13))))","v":1000000000000},{"$f":"IF($D20<>\"Serviço\",0,IF(AND(AUTOEVENTO=\"Manual\",$M20=1),0,IF(OFFSET(CRONOPLE!$F$14,$M20,AO$13)=\"\",10^12,OFFSET(CRONOPLE!$F$14,$M20,AO$13))))","v":1000000000000},{"$f":"IF($D20<>\"Serviço\",0,IF(AND(AUTOEVENTO=\"Manual\",$M20=1),0,IF(OFFSET(CRONOPLE!$F$14,$M20,AP$13)=\"\",10^12,OFFSET(CRONOPLE!$F$14,$M20,AP$13))))","v":1000000000000},{"$f":"IF($D20<>\"Serviço\",0,IF(AND(AUTOEVENTO=\"Manual\",$M20=1),0,IF(OFFSET(CRONOPLE!$F$14,$M20,AQ$13)=\"\",10^12,OFFSET(CRONOPLE!$F$14,$M20,AQ$13))))","v":1000000000000},{"$f":"IF($D20<>\"Serviço\",0,IF(AND(AUTOEVENTO=\"Manual\",$M20=1),0,IF(OFFSET(CRONOPLE!$F$14,$M20,AR$13)=\"\",10^12,OFFSET(CRONOPLE!$F$14,$M20,AR$13))))","v":1000000000000},{"$f":"IF($D20<>\"Serviço\",0,IF(AND(AUTOEVENTO=\"Manual\",$M20=1),0,IF(OFFSET(CRONOPLE!$F$14,$M20,AS$13)=\"\",10^12,OFFSET(CRONOPLE!$F$14,$M20,AS$13))))","v":1000000000000},{"$f":"IF($D20<>\"Serviço\",0,IF(AND(AUTOEVENTO=\"Manual\",$M20=1),0,IF(OFFSET(CRONOPLE!$F$14,$M20,AT$13)=\"\",10^12,OFFSET(CRONOPLE!$F$14,$M20,AT$13))))","v":1000000000000},{"$f":"IF($D20<>\"Serviço\",0,IF(AND(AUTOEVENTO=\"Manual\",$M20=1),0,IF(OFFSET(CRONOPLE!$F$14,$M20,AU$13)=\"\",10^12,OFFSET(CRONOPLE!$F$14,$M20,AU$13))))","v":1000000000000},{"$f":"IF($D20<>\"Serviço\",0,IF(AND(AUTOEVENTO=\"Manual\",$M20=1),0,IF(OFFSET(CRONOPLE!$F$14,$M20,AV$13)=\"\",10^12,OFFSET(CRONOPLE!$F$14,$M20,AV$13))))","v":1000000000000},null,{"$f":"IF($D20<>\"Serviço\",0,IF(OR(AND(AUTOEVENTO=\"Manual\",$M20=1),$M20>(ROW(PLE.lastrow)-ROW(PLE.firstrow))),0,IF(OFFSET(PLE!$G$14,$M20,AX$13)=\"\",10^12,OFFSET(PLE!$G$14,$M20,AX$13))))","v":1000000000000},{"$f":"IF($D20<>\"Serviço\",0,IF(OR(AND(AUTOEVENTO=\"Manual\",$M20=1),$M20>(ROW(PLE.lastrow)-ROW(PLE.firstrow))),0,IF(OFFSET(PLE!$G$14,$M20,AY$13)=\"\",10^12,OFFSET(PLE!$G$14,$M20,AY$13))))","v":1000000000000},{"$f":"IF($D20<>\"Serviço\",0,IF(OR(AND(AUTOEVENTO=\"Manual\",$M20=1),$M20>(ROW(PLE.lastrow)-ROW(PLE.firstrow))),0,IF(OFFSET(PLE!$G$14,$M20,AZ$13)=\"\",10^12,OFFSET(PLE!$G$14,$M20,AZ$13))))","v":1000000000000},{"$f":"IF($D20<>\"Serviço\",0,IF(OR(AND(AUTOEVENTO=\"Manual\",$M20=1),$M20>(ROW(PLE.lastrow)-ROW(PLE.firstrow))),0,IF(OFFSET(PLE!$G$14,$M20,BA$13)=\"\",10^12,OFFSET(PLE!$G$14,$M20,BA$13))))","v":1000000000000},{"$f":"IF($D20<>\"Serviço\",0,IF(OR(AND(AUTOEVENTO=\"Manual\",$M20=1),$M20>(ROW(PLE.lastrow)-ROW(PLE.firstrow))),0,IF(OFFSET(PLE!$G$14,$M20,BB$13)=\"\",10^12,OFFSET(PLE!$G$14,$M20,BB$13))))","v":1000000000000},{"$f":"IF($D20<>\"Serviço\",0,IF(OR(AND(AUTOEVENTO=\"Manual\",$M20=1),$M20>(ROW(PLE.lastrow)-ROW(PLE.firstrow))),0,IF(OFFSET(PLE!$G$14,$M20,BC$13)=\"\",10^12,OFFSET(PLE!$G$14,$M20,BC$13))))","v":1000000000000},{"$f":"IF($D20<>\"Serviço\",0,IF(OR(AND(AUTOEVENTO=\"Manual\",$M20=1),$M20>(ROW(PLE.lastrow)-ROW(PLE.firstrow))),0,IF(OFFSET(PLE!$G$14,$M20,BD$13)=\"\",10^12,OFFSET(PLE!$G$14,$M20,BD$13))))","v":1000000000000},{"$f":"IF($D20<>\"Serviço\",0,IF(OR(AND(AUTOEVENTO=\"Manual\",$M20=1),$M20>(ROW(PLE.lastrow)-ROW(PLE.firstrow))),0,IF(OFFSET(PLE!$G$14,$M20,BE$13)=\"\",10^12,OFFSET(PLE!$G$14,$M20,BE$13))))","v":1000000000000},{"$f":"IF($D20<>\"Serviço\",0,IF(OR(AND(AUTOEVENTO=\"Manual\",$M20=1),$M20>(ROW(PLE.lastrow)-ROW(PLE.firstrow))),0,IF(OFFSET(PLE!$G$14,$M20,BF$13)=\"\",10^12,OFFSET(PLE!$G$14,$M20,BF$13))))","v":1000000000000},{"$f":"IF($D20<>\"Serviço\",0,IF(OR(AND(AUTOEVENTO=\"Manual\",$M20=1),$M20>(ROW(PLE.lastrow)-ROW(PLE.firstrow))),0,IF(OFFSET(PLE!$G$14,$M20,BG$13)=\"\",10^12,OFFSET(PLE!$G$14,$M20,BG$13))))","v":1000000000000}]
["4",{"$f":"OFFSET(ORÇAMENTO!C$15,ROW(B21)-ROW(B$15),0)","v":"S"},{"$f":"OFFSET(ORÇAMENTO!L$15,ROW(C21)-ROW(C$15),0)","v":"F"},{"$f":"OFFSET(ORÇAMENTO!N$15,ROW(D21)-ROW(D$15),0)","v":"Serviço"},{"$f":"OFFSET(ORÇAMENTO!O$15,ROW(E21)-ROW(E$15),0)","v":"1.2.2."},{"$f":"OFFSET(ORÇAMENTO!R$15,ROW(F21)-ROW(F$15),0)","v":"REATERRO MANUAL APILOADO COM SOQUETE"},{"$f":"IF($D21<>\"Serviço\",\"\",OFFSET(ORÇAMENTO!S$15,ROW(G21)-ROW(G$15),0))","v":"M3"},{"$f":"IF($D21<>\"Serviço\",0,IF(ACOMPANHAMENTO=\"BM\",ROUND(OFFSET(ORÇAMENTO!AJ$15,ROW(H21)-ROW(H$15),0),15-13*ORÇAMENTO!$AF$7),SUMPRODUCT(($Q$12:$AA$12<>\"\")*ROUND($Q21:$AA21,15-13*ORÇAMENTO!$AF$7))))","v":2.12},null,null,null,".",{"$f":"IF($D21<>\"Serviço\",\"\",IF(AUTOEVENTO=\"manual\",$A21,IF(ISERROR(MATCH($A21,$A$15:OFFSET($A21,-1,0),0)),MAX($M$15:OFFSET(M21,-1,0))+1,INDEX($M$15:OFFSET(M21,-1,0),MATCH($A21,$A$15:OFFSET($A21,-1,0),0)))))","v":3},{"$f":"IF($D21<>\"Serviço\",\"\",IF(AUTOEVENTO=\"Manual\",IF($A21=0,\"<-- defina o número do agrupador\",OFFSET(EVENTOS!$D$14,$A21,0)),OFFSET($F$15,$A21,0)))","v":"ESTRUTURA"},null,null,null,null,null,null,null,null,null,null,null,null,null,{"$f":"IF(AND($D21=\"Serviço\",AB$12<>0,$H21>0,OR(AUTOEVENTO<>\"manual\",$M21<>1)),ROUND(OFFSET($P21,0,AB$13),15-13*ORÇAMENTO!$AF$7)/$H21*OFFSET(ORÇAMENTO!$X$15,ROW(AB21)-ROW(AB$15),0),0)","v":0},{"$f":"IF(AND($D21=\"Serviço\",AC$12<>0,$H21>0,OR(AUTOEVENTO<>\"manual\",$M21<>1)),ROUND(OFFSET($P21,0,AC$13),15-13*ORÇAMENTO!$AF$7)/$H21*OFFSET(ORÇAMENTO!$X$15,ROW(AC21)-ROW(AC$15),0),0)","v":0},{"$f":"IF(AND($D21=\"Serviço\",AD$12<>0,$H21>0,OR(AUTOEVENTO<>\"manual\",$M21<>1)),ROUND(OFFSET($P21,0,AD$13),15-13*ORÇAMENTO!$AF$7)/$H21*OFFSET(ORÇAMENTO!$X$15,ROW(AD21)-ROW(AD$15),0),0)","v":0},{"$f":"IF(AND($D21=\"Serviço\",AE$12<>0,$H21>0,OR(AUTOEVENTO<>\"manual\",$M21<>1)),ROUND(OFFSET($P21,0,AE$13),15-13*ORÇAMENTO!$AF$7)/$H21*OFFSET(ORÇAMENTO!$X$15,ROW(AE21)-ROW(AE$15),0),0)","v":0},{"$f":"IF(AND($D21=\"Serviço\",AF$12<>0,$H21>0,OR(AUTOEVENTO<>\"manual\",$M21<>1)),ROUND(OFFSET($P21,0,AF$13),15-13*ORÇAMENTO!$AF$7)/$H21*OFFSET(ORÇAMENTO!$X$15,ROW(AF21)-ROW(AF$15),0),0)","v":0},{"$f":"IF(AND($D21=\"Serviço\",AG$12<>0,$H21>0,OR(AUTOEVENTO<>\"manual\",$M21<>1)),ROUND(OFFSET($P21,0,AG$13),15-13*ORÇAMENTO!$AF$7)/$H21*OFFSET(ORÇAMENTO!$X$15,ROW(AG21)-ROW(AG$15),0),0)","v":0},{"$f":"IF(AND($D21=\"Serviço\",AH$12<>0,$H21>0,OR(AUTOEVENTO<>\"manual\",$M21<>1)),ROUND(OFFSET($P21,0,AH$13),15-13*ORÇAMENTO!$AF$7)/$H21*OFFSET(ORÇAMENTO!$X$15,ROW(AH21)-ROW(AH$15),0),0)","v":0},{"$f":"IF(AND($D21=\"Serviço\",AI$12<>0,$H21>0,OR(AUTOEVENTO<>\"manual\",$M21<>1)),ROUND(OFFSET($P21,0,AI$13),15-13*ORÇAMENTO!$AF$7)/$H21*OFFSET(ORÇAMENTO!$X$15,ROW(AI21)-ROW(AI$15),0),0)","v":0},{"$f":"IF(AND($D21=\"Serviço\",AJ$12<>0,$H21>0,OR(AUTOEVENTO<>\"manual\",$M21<>1)),ROUND(OFFSET($P21,0,AJ$13),15-13*ORÇAMENTO!$AF$7)/$H21*OFFSET(ORÇAMENTO!$X$15,ROW(AJ21)-ROW(AJ$15),0),0)","v":0},{"$f":"IF(AND($D21=\"Serviço\",AK$12<>0,$H21>0,OR(AUTOEVENTO<>\"manual\",$M21<>1)),ROUND(OFFSET($P21,0,AK$13),15-13*ORÇAMENTO!$AF$7)/$H21*OFFSET(ORÇAMENTO!$X$15,ROW(AK21)-ROW(AK$15),0),0)","v":0},null,{"$f":"IF($D21<>\"Serviço\",0,IF(AND(AUTOEVENTO=\"Manual\",$M21=1),0,IF(OFFSET(CRONOPLE!$F$14,$M21,AM$13)=\"\",10^12,OFFSET(CRONOPLE!$F$14,$M21,AM$13))))","v":1000000000000},{"$f":"IF($D21<>\"Serviço\",0,IF(AND(AUTOEVENTO=\"Manual\",$M21=1),0,IF(OFFSET(CRONOPLE!$F$14,$M21,AN$13)=\"\",10^12,OFFSET(CRONOPLE!$F$14,$M21,AN$13))))","v":1000000000000},{"$f":"IF($D21<>\"Serviço\",0,IF(AND(AUTOEVENTO=\"Manual\",$M21=1),0,IF(OFFSET(CRONOPLE!$F$14,$M21,AO$13)=\"\",10^12,OFFSET(CRONOPLE!$F$14,$M21,AO$13))))","v":1000000000000},{"$f":"IF($D21<>\"Serviço\",0,IF(AND(AUTOEVENTO=\"Manual\",$M21=1),0,IF(OFFSET(CRONOPLE!$F$14,$M21,AP$13)=\"\",10^12,OFFSET(CRONOPLE!$F$14,$M21,AP$13))))","v":1000000000000},{"$f":"IF($D21<>\"Serviço\",0,IF(AND(AUTOEVENTO=\"Manual\",$M21=1),0,IF(OFFSET(CRONOPLE!$F$14,$M21,AQ$13)=\"\",10^12,OFFSET(CRONOPLE!$F$14,$M21,AQ$13))))","v":1000000000000},{"$f":"IF($D21<>\"Serviço\",0,IF(AND(AUTOEVENTO=\"Manual\",$M21=1),0,IF(OFFSET(CRONOPLE!$F$14,$M21,AR$13)=\"\",10^12,OFFSET(CRONOPLE!$F$14,$M21,AR$13))))","v":1000000000000},{"$f":"IF($D21<>\"Serviço\",0,IF(AND(AUTOEVENTO=\"Manual\",$M21=1),0,IF(OFFSET(CRONOPLE!$F$14,$M21,AS$13)=\"\",10^12,OFFSET(CRONOPLE!$F$14,$M21,AS$13))))","v":1000000000000},{"$f":"IF($D21<>\"Serviço\",0,IF(AND(AUTOEVENTO=\"Manual\",$M21=1),0,IF(OFFSET(CRONOPLE!$F$14,$M21,AT$13)=\"\",10^12,OFFSET(CRONOPLE!$F$14,$M21,AT$13))))","v":1000000000000},{"$f":"IF($D21<>\"Serviço\",0,IF(AND(AUTOEVENTO=\"Manual\",$M21=1),0,IF(OFFSET(CRONOPLE!$F$14,$M21,AU$13)=\"\",10^12,OFFSET(CRONOPLE!$F$14,$M21,AU$13))))","v":1000000000000},{"$f":"IF($D21<>\"Serviço\",0,IF(AND(AUTOEVENTO=\"Manual\",$M21=1),0,IF(OFFSET(CRONOPLE!$F$14,$M21,AV$13)=\"\",10^12,OFFSET(CRONOPLE!$F$14,$M21,AV$13))))","v":1000000000000},null,{"$f":"IF($D21<>\"Serviço\",0,IF(OR(AND(AUTOEVENTO=\"Manual\",$M21=1),$M21>(ROW(PLE.lastrow)-ROW(PLE.firstrow))),0,IF(OFFSET(PLE!$G$14,$M21,AX$13)=\"\",10^12,OFFSET(PLE!$G$14,$M21,AX$13))))","v":1000000000000},{"$f":"IF($D21<>\"Serviço\",0,IF(OR(AND(AUTOEVENTO=\"Manual\",$M21=1),$M21>(ROW(PLE.lastrow)-ROW(PLE.firstrow))),0,IF(OFFSET(PLE!$G$14,$M21,AY$13)=\"\",10^12,OFFSET(PLE!$G$14,$M21,AY$13))))","v":1000000000000},{"$f":"IF($D21<>\"Serviço\",0,IF(OR(AND(AUTOEVENTO=\"Manual\",$M21=1),$M21>(ROW(PLE.lastrow)-ROW(PLE.firstrow))),0,IF(OFFSET(PLE!$G$14,$M21,AZ$13)=\"\",10^12,OFFSET(PLE!$G$14,$M21,AZ$13))))","v":1000000000000},{"$f":"IF($D21<>\"Serviço\",0,IF(OR(AND(AUTOEVENTO=\"Manual\",$M21=1),$M21>(ROW(PLE.lastrow)-ROW(PLE.firstrow))),0,IF(OFFSET(PLE!$G$14,$M21,BA$13)=\"\",10^12,OFFSET(PLE!$G$14,$M21,BA$13))))","v":1000000000000},{"$f":"IF($D21<>\"Serviço\",0,IF(OR(AND(AUTOEVENTO=\"Manual\",$M21=1),$M21>(ROW(PLE.lastrow)-ROW(PLE.firstrow))),0,IF(OFFSET(PLE!$G$14,$M21,BB$13)=\"\",10^12,OFFSET(PLE!$G$14,$M21,BB$13))))","v":1000000000000},{"$f":"IF($D21<>\"Serviço\",0,IF(OR(AND(AUTOEVENTO=\"Manual\",$M21=1),$M21>(ROW(PLE.lastrow)-ROW(PLE.firstrow))),0,IF(OFFSET(PLE!$G$14,$M21,BC$13)=\"\",10^12,OFFSET(PLE!$G$14,$M21,BC$13))))","v":1000000000000},{"$f":"IF($D21<>\"Serviço\",0,IF(OR(AND(AUTOEVENTO=\"Manual\",$M21=1),$M21>(ROW(PLE.lastrow)-ROW(PLE.firstrow))),0,IF(OFFSET(PLE!$G$14,$M21,BD$13)=\"\",10^12,OFFSET(PLE!$G$14,$M21,BD$13))))","v":1000000000000},{"$f":"IF($D21<>\"Serviço\",0,IF(OR(AND(AUTOEVENTO=\"Manual\",$M21=1),$M21>(ROW(PLE.lastrow)-ROW(PLE.firstrow))),0,IF(OFFSET(PLE!$G$14,$M21,BE$13)=\"\",10^12,OFFSET(PLE!$G$14,$M21,BE$13))))","v":1000000000000},{"$f":"IF($D21<>\"Serviço\",0,IF(OR(AND(AUTOEVENTO=\"Manual\",$M21=1),$M21>(ROW(PLE.lastrow)-ROW(PLE.firstrow))),0,IF(OFFSET(PLE!$G$14,$M21,BF$13)=\"\",10^12,OFFSET(PLE!$G$14,$M21,BF$13))))","v":1000000000000},{"$f":"IF($D21<>\"Serviço\",0,IF(OR(AND(AUTOEVENTO=\"Manual\",$M21=1),$M21>(ROW(PLE.lastrow)-ROW(PLE.firstrow))),0,IF(OFFSET(PLE!$G$14,$M21,BG$13)=\"\",10^12,OFFSET(PLE!$G$14,$M21,BG$13))))","v":1000000000000}]
["4",{"$f":"OFFSET(ORÇAMENTO!C$15,ROW(B22)-ROW(B$15),0)","v":"S"},{"$f":"OFFSET(ORÇAMENTO!L$15,ROW(C22)-ROW(C$15),0)","v":"F"},{"$f":"OFFSET(ORÇAMENTO!N$15,ROW(D22)-ROW(D$15),0)","v":"Serviço"},{"$f":"OFFSET(ORÇAMENTO!O$15,ROW(E22)-ROW(E$15),0)","v":"1.2.3."},{"$f":"OFFSET(ORÇAMENTO!R$15,ROW(F22)-ROW(F$15),0)","v":"COMPACTAÇÃO MECÂNICA DE SOLO PARA EXECUÇÃO DE RADIER, COM COMPACTADOR DE SOLOS A PERCUSSÃO. AF_09/2017"},{"$f":"IF($D22<>\"Serviço\",\"\",OFFSET(ORÇAMENTO!S$15,ROW(G22)-ROW(G$15),0))","v":"M2"},{"$f":"IF($D22<>\"Serviço\",0,IF(ACOMPANHAMENTO=\"BM\",ROUND(OFFSET(ORÇAMENTO!AJ$15,ROW(H22)-ROW(H$15),0),15-13*ORÇAMENTO!$AF$7),SUMPRODUCT(($Q$12:$AA$12<>\"\")*ROUND($Q22:$AA22,15-13*ORÇAMENTO!$AF$7))))","v":8.1},null,null,null,".",{"$f":"IF($D22<>\"Serviço\",\"\",IF(AUTOEVENTO=\"manual\",$A22,IF(ISERROR(MATCH($A22,$A$15:OFFSET($A22,-1,0),0)),MAX($M$15:OFFSET(M22,-1,0))+1,INDEX($M$15:OFFSET(M22,-1,0),MATCH($A22,$A$15:OFFSET($A22,-1,0),0)))))","v":3},{"$f":"IF($D22<>\"Serviço\",\"\",IF(AUTOEVENTO=\"Manual\",IF($A22=0,\"<-- defina o número do agrupador\",OFFSET(EVENTOS!$D$14,$A22,0)),OFFSET($F$15,$A22,0)))","v":"ESTRUTURA"},null,null,null,null,null,null,null,null,null,null,null,null,null,{"$f":"IF(AND($D22=\"Serviço\",AB$12<>0,$H22>0,OR(AUTOEVENTO<>\"manual\",$M22<>1)),ROUND(OFFSET($P22,0,AB$13),15-13*ORÇAMENTO!$AF$7)/$H22*OFFSET(ORÇAMENTO!$X$15,ROW(AB22)-ROW(AB$15),0),0)","v":0},{"$f":"IF(AND($D22=\"Serviço\",AC$12<>0,$H22>0,OR(AUTOEVENTO<>\"manual\",$M22<>1)),ROUND(OFFSET($P22,0,AC$13),15-13*ORÇAMENTO!$AF$7)/$H22*OFFSET(ORÇAMENTO!$X$15,ROW(AC22)-ROW(AC$15),0),0)","v":0},{"$f":"IF(AND($D22=\"Serviço\",AD$12<>0,$H22>0,OR(AUTOEVENTO<>\"manual\",$M22<>1)),ROUND(OFFSET($P22,0,AD$13),15-13*ORÇAMENTO!$AF$7)/$H22*OFFSET(ORÇAMENTO!$X$15,ROW(AD22)-ROW(AD$15),0),0)","v":0},{"$f":"IF(AND($D22=\"Serviço\",AE$12<>0,$H22>0,OR(AUTOEVENTO<>\"manual\",$M22<>1)),ROUND(OFFSET($P22,0,AE$13),15-13*ORÇAMENTO!$AF$7)/$H22*OFFSET(ORÇAMENTO!$X$15,ROW(AE22)-ROW(AE$15),0),0)","v":0},{"$f":"IF(AND($D22=\"Serviço\",AF$12<>0,$H22>0,OR(AUTOEVENTO<>\"manual\",$M22<>1)),ROUND(OFFSET($P22,0,AF$13),15-13*ORÇAMENTO!$AF$7)/$H22*OFFSET(ORÇAMENTO!$X$15,ROW(AF22)-ROW(AF$15),0),0)","v":0},{"$f":"IF(AND($D22=\"Serviço\",AG$12<>0,$H22>0,OR(AUTOEVENTO<>\"manual\",$M22<>1)),ROUND(OFFSET($P22,0,AG$13),15-13*ORÇAMENTO!$AF$7)/$H22*OFFSET(ORÇAMENTO!$X$15,ROW(AG22)-ROW(AG$15),0),0)","v":0},{"$f":"IF(AND($D22=\"Serviço\",AH$12<>0,$H22>0,OR(AUTOEVENTO<>\"manual\",$M22<>1)),ROUND(OFFSET($P22,0,AH$13),15-13*ORÇAMENTO!$AF$7)/$H22*OFFSET(ORÇAMENTO!$X$15,ROW(AH22)-ROW(AH$15),0),0)","v":0},{"$f":"IF(AND($D22=\"Serviço\",AI$12<>0,$H22>0,OR(AUTOEVENTO<>\"manual\",$M22<>1)),ROUND(OFFSET($P22,0,AI$13),15-13*ORÇAMENTO!$AF$7)/$H22*OFFSET(ORÇAMENTO!$X$15,ROW(AI22)-ROW(AI$15),0),0)","v":0},{"$f":"IF(AND($D22=\"Serviço\",AJ$12<>0,$H22>0,OR(AUTOEVENTO<>\"manual\",$M22<>1)),ROUND(OFFSET($P22,0,AJ$13),15-13*ORÇAMENTO!$AF$7)/$H22*OFFSET(ORÇAMENTO!$X$15,ROW(AJ22)-ROW(AJ$15),0),0)","v":0},{"$f":"IF(AND($D22=\"Serviço\",AK$12<>0,$H22>0,OR(AUTOEVENTO<>\"manual\",$M22<>1)),ROUND(OFFSET($P22,0,AK$13),15-13*ORÇAMENTO!$AF$7)/$H22*OFFSET(ORÇAMENTO!$X$15,ROW(AK22)-ROW(AK$15),0),0)","v":0},null,{"$f":"IF($D22<>\"Serviço\",0,IF(AND(AUTOEVENTO=\"Manual\",$M22=1),0,IF(OFFSET(CRONOPLE!$F$14,$M22,AM$13)=\"\",10^12,OFFSET(CRONOPLE!$F$14,$M22,AM$13))))","v":1000000000000},{"$f":"IF($D22<>\"Serviço\",0,IF(AND(AUTOEVENTO=\"Manual\",$M22=1),0,IF(OFFSET(CRONOPLE!$F$14,$M22,AN$13)=\"\",10^12,OFFSET(CRONOPLE!$F$14,$M22,AN$13))))","v":1000000000000},{"$f":"IF($D22<>\"Serviço\",0,IF(AND(AUTOEVENTO=\"Manual\",$M22=1),0,IF(OFFSET(CRONOPLE!$F$14,$M22,AO$13)=\"\",10^12,OFFSET(CRONOPLE!$F$14,$M22,AO$13))))","v":1000000000000},{"$f":"IF($D22<>\"Serviço\",0,IF(AND(AUTOEVENTO=\"Manual\",$M22=1),0,IF(OFFSET(CRONOPLE!$F$14,$M22,AP$13)=\"\",10^12,OFFSET(CRONOPLE!$F$14,$M22,AP$13))))","v":1000000000000},{"$f":"IF($D22<>\"Serviço\",0,IF(AND(AUTOEVENTO=\"Manual\",$M22=1),0,IF(OFFSET(CRONOPLE!$F$14,$M22,AQ$13)=\"\",10^12,OFFSET(CRONOPLE!$F$14,$M22,AQ$13))))","v":1000000000000},{"$f":"IF($D22<>\"Serviço\",0,IF(AND(AUTOEVENTO=\"Manual\",$M22=1),0,IF(OFFSET(CRONOPLE!$F$14,$M22,AR$13)=\"\",10^12,OFFSET(CRONOPLE!$F$14,$M22,AR$13))))","v":1000000000000},{"$f":"IF($D22<>\"Serviço\",0,IF(AND(AUTOEVENTO=\"Manual\",$M22=1),0,IF(OFFSET(CRONOPLE!$F$14,$M22,AS$13)=\"\",10^12,OFFSET(CRONOPLE!$F$14,$M22,AS$13))))","v":1000000000000},{"$f":"IF($D22<>\"Serviço\",0,IF(AND(AUTOEVENTO=\"Manual\",$M22=1),0,IF(OFFSET(CRONOPLE!$F$14,$M22,AT$13)=\"\",10^12,OFFSET(CRONOPLE!$F$14,$M22,AT$13))))","v":1000000000000},{"$f":"IF($D22<>\"Serviço\",0,IF(AND(AUTOEVENTO=\"Manual\",$M22=1),0,IF(OFFSET(CRONOPLE!$F$14,$M22,AU$13)=\"\",10^12,OFFSET(CRONOPLE!$F$14,$M22,AU$13))))","v":1000000000000},{"$f":"IF($D22<>\"Serviço\",0,IF(AND(AUTOEVENTO=\"Manual\",$M22=1),0,IF(OFFSET(CRONOPLE!$F$14,$M22,AV$13)=\"\",10^12,OFFSET(CRONOPLE!$F$14,$M22,AV$13))))","v":1000000000000},null,{"$f":"IF($D22<>\"Serviço\",0,IF(OR(AND(AUTOEVENTO=\"Manual\",$M22=1),$M22>(ROW(PLE.lastrow)-ROW(PLE.firstrow))),0,IF(OFFSET(PLE!$G$14,$M22,AX$13)=\"\",10^12,OFFSET(PLE!$G$14,$M22,AX$13))))","v":1000000000000},{"$f":"IF($D22<>\"Serviço\",0,IF(OR(AND(AUTOEVENTO=\"Manual\",$M22=1),$M22>(ROW(PLE.lastrow)-ROW(PLE.firstrow))),0,IF(OFFSET(PLE!$G$14,$M22,AY$13)=\"\",10^12,OFFSET(PLE!$G$14,$M22,AY$13))))","v":1000000000000},{"$f":"IF($D22<>\"Serviço\",0,IF(OR(AND(AUTOEVENTO=\"Manual\",$M22=1),$M22>(ROW(PLE.lastrow)-ROW(PLE.firstrow))),0,IF(OFFSET(PLE!$G$14,$M22,AZ$13)=\"\",10^12,OFFSET(PLE!$G$14,$M22,AZ$13))))","v":1000000000000},{"$f":"IF($D22<>\"Serviço\",0,IF(OR(AND(AUTOEVENTO=\"Manual\",$M22=1),$M22>(ROW(PLE.lastrow)-ROW(PLE.firstrow))),0,IF(OFFSET(PLE!$G$14,$M22,BA$13)=\"\",10^12,OFFSET(PLE!$G$14,$M22,BA$13))))","v":1000000000000},{"$f":"IF($D22<>\"Serviço\",0,IF(OR(AND(AUTOEVENTO=\"Manual\",$M22=1),$M22>(ROW(PLE.lastrow)-ROW(PLE.firstrow))),0,IF(OFFSET(PLE!$G$14,$M22,BB$13)=\"\",10^12,OFFSET(PLE!$G$14,$M22,BB$13))))","v":1000000000000},{"$f":"IF($D22<>\"Serviço\",0,IF(OR(AND(AUTOEVENTO=\"Manual\",$M22=1),$M22>(ROW(PLE.lastrow)-ROW(PLE.firstrow))),0,IF(OFFSET(PLE!$G$14,$M22,BC$13)=\"\",10^12,OFFSET(PLE!$G$14,$M22,BC$13))))","v":1000000000000},{"$f":"IF($D22<>\"Serviço\",0,IF(OR(AND(AUTOEVENTO=\"Manual\",$M22=1),$M22>(ROW(PLE.lastrow)-ROW(PLE.firstrow))),0,IF(OFFSET(PLE!$G$14,$M22,BD$13)=\"\",10^12,OFFSET(PLE!$G$14,$M22,BD$13))))","v":1000000000000},{"$f":"IF($D22<>\"Serviço\",0,IF(OR(AND(AUTOEVENTO=\"Manual\",$M22=1),$M22>(ROW(PLE.lastrow)-ROW(PLE.firstrow))),0,IF(OFFSET(PLE!$G$14,$M22,BE$13)=\"\",10^12,OFFSET(PLE!$G$14,$M22,BE$13))))","v":1000000000000},{"$f":"IF($D22<>\"Serviço\",0,IF(OR(AND(AUTOEVENTO=\"Manual\",$M22=1),$M22>(ROW(PLE.lastrow)-ROW(PLE.firstrow))),0,IF(OFFSET(PLE!$G$14,$M22,BF$13)=\"\",10^12,OFFSET(PLE!$G$14,$M22,BF$13))))","v":1000000000000},{"$f":"IF($D22<>\"Serviço\",0,IF(OR(AND(AUTOEVENTO=\"Manual\",$M22=1),$M22>(ROW(PLE.lastrow)-ROW(PLE.firstrow))),0,IF(OFFSET(PLE!$G$14,$M22,BG$13)=\"\",10^12,OFFSET(PLE!$G$14,$M22,BG$13))))","v":1000000000000}]
["4",{"$f":"OFFSET(ORÇAMENTO!C$15,ROW(B23)-ROW(B$15),0)","v":"S"},{"$f":"OFFSET(ORÇAMENTO!L$15,ROW(C23)-ROW(C$15),0)","v":"F"},{"$f":"OFFSET(ORÇAMENTO!N$15,ROW(D23)-ROW(D$15),0)","v":"Serviço"},{"$f":"OFFSET(ORÇAMENTO!O$15,ROW(E23)-ROW(E$15),0)","v":"1.2.4."},{"$f":"OFFSET(ORÇAMENTO!R$15,ROW(F23)-ROW(F$15),0)","v":"ARMAÇÃO DE PILAR OU VIGA DE UMA ESTRUTURA CONVENCIONAL DE CONCRETO ARMADO EM UM EDIFÍCIO DE MÚLTIPLOS PAVIMENTOS UTILIZANDO AÇO CA-60 DE 5,0 MM - MONTAGEM. AF_12/2015"},{"$f":"IF($D23<>\"Serviço\",\"\",OFFSET(ORÇAMENTO!S$15,ROW(G23)-ROW(G$15),0))","v":"KG"},{"$f":"IF($D23<>\"Serviço\",0,IF(ACOMPANHAMENTO=\"BM\",ROUND(OFFSET(ORÇAMENTO!AJ$15,ROW(H23)-ROW(H$15),0),15-13*ORÇAMENTO!$AF$7),SUMPRODUCT(($Q$12:$AA$12<>\"\")*ROUND($Q23:$AA23,15-13*ORÇAMENTO!$AF$7))))","v":142.4},null,null,null,".",{"$f":"IF($D23<>\"Serviço\",\"\",IF(AUTOEVENTO=\"manual\",$A23,IF(ISERROR(MATCH($A23,$A$15:OFFSET($A23,-1,0),0)),MAX($M$15:OFFSET(M23,-1,0))+1,INDEX($M$15:OFFSET(M23,-1,0),MATCH($A23,$A$15:OFFSET($A23,-1,0),0)))))","v":3},{"$f":"IF($D23<>\"Serviço\",\"\",IF(AUTOEVENTO=\"Manual\",IF($A23=0,\"<-- defina o número do agrupador\",OFFSET(EVENTOS!$D$14,$A23,0)),OFFSET($F$15,$A23,0)))","v":"ESTRUTURA"},null,null,null,null,null,null,null,null,null,null,null,null,null,{"$f":"IF(AND($D23=\"Serviço\",AB$12<>0,$H23>0,OR(AUTOEVENTO<>\"manual\",$M23<>1)),ROUND(OFFSET($P23,0,AB$13),15-13*ORÇAMENTO!$AF$7)/$H23*OFFSET(ORÇAMENTO!$X$15,ROW(AB23)-ROW(AB$15),0),0)","v":0},{"$f":"IF(AND($D23=\"Serviço\",AC$12<>0,$H23>0,OR(AUTOEVENTO<>\"manual\",$M23<>1)),ROUND(OFFSET($P23,0,AC$13),15-13*ORÇAMENTO!$AF$7)/$H23*OFFSET(ORÇAMENTO!$X$15,ROW(AC23)-ROW(AC$15),0),0)","v":0},{"$f":"IF(AND($D23=\"Serviço\",AD$12<>0,$H23>0,OR(AUTOEVENTO<>\"manual\",$M23<>1)),ROUND(OFFSET($P23,0,AD$13),15-13*ORÇAMENTO!$AF$7)/$H23*OFFSET(ORÇAMENTO!$X$15,ROW(AD23)-ROW(AD$15),0),0)","v":0},{"$f":"IF(AND($D23=\"Serviço\",AE$12<>0,$H23>0,OR(AUTOEVENTO<>\"manual\",$M23<>1)),ROUND(OFFSET($P23,0,AE$13),15-13*ORÇAMENTO!$AF$7)/$H23*OFFSET(ORÇAMENTO!$X$15,ROW(AE23)-ROW(AE$15),0),0)","v":0},{"$f":"IF(AND($D23=\"Serviço\",AF$12<>0,$H23>0,OR(AUTOEVENTO<>\"manual\",$M23<>1)),ROUND(OFFSET($P23,0,AF$13),15-13*ORÇAMENTO!$AF$7)/$H23*OFFSET(ORÇAMENTO!$X$15,ROW(AF23)-ROW(AF$15),0),0)","v":0},{"$f":"IF(AND($D23=\"Serviço\",AG$12<>0,$H23>0,OR(AUTOEVENTO<>\"manual\",$M23<>1)),ROUND(OFFSET($P23,0,AG$13),15-13*ORÇAMENTO!$AF$7)/$H23*OFFSET(ORÇAMENTO!$X$15,ROW(AG23)-ROW(AG$15),0),0)","v":0},{"$f":"IF(AND($D23=\"Serviço\",AH$12<>0,$H23>0,OR(AUTOEVENTO<>\"manual\",$M23<>1)),ROUND(OFFSET($P23,0,AH$13),15-13*ORÇAMENTO!$AF$7)/$H23*OFFSET(ORÇAMENTO!$X$15,ROW(AH23)-ROW(AH$15),0),0)","v":0},{"$f":"IF(AND($D23=\"Serviço\",AI$12<>0,$H23>0,OR(AUTOEVENTO<>\"manual\",$M23<>1)),ROUND(OFFSET($P23,0,AI$13),15-13*ORÇAMENTO!$AF$7)/$H23*OFFSET(ORÇAMENTO!$X$15,ROW(AI23)-ROW(AI$15),0),0)","v":0},{"$f":"IF(AND($D23=\"Serviço\",AJ$12<>0,$H23>0,OR(AUTOEVENTO<>\"manual\",$M23<>1)),ROUND(OFFSET($P23,0,AJ$13),15-13*ORÇAMENTO!$AF$7)/$H23*OFFSET(ORÇAMENTO!$X$15,ROW(AJ23)-ROW(AJ$15),0),0)","v":0},{"$f":"IF(AND($D23=\"Serviço\",AK$12<>0,$H23>0,OR(AUTOEVENTO<>\"manual\",$M23<>1)),ROUND(OFFSET($P23,0,AK$13),15-13*ORÇAMENTO!$AF$7)/$H23*OFFSET(ORÇAMENTO!$X$15,ROW(AK23)-ROW(AK$15),0),0)","v":0},null,{"$f":"IF($D23<>\"Serviço\",0,IF(AND(AUTOEVENTO=\"Manual\",$M23=1),0,IF(OFFSET(CRONOPLE!$F$14,$M23,AM$13)=\"\",10^12,OFFSET(CRONOPLE!$F$14,$M23,AM$13))))","v":1000000000000},{"$f":"IF($D23<>\"Serviço\",0,IF(AND(AUTOEVENTO=\"Manual\",$M23=1),0,IF(OFFSET(CRONOPLE!$F$14,$M23,AN$13)=\"\",10^12,OFFSET(CRONOPLE!$F$14,$M23,AN$13))))","v":1000000000000},{"$f":"IF($D23<>\"Serviço\",0,IF(AND(AUTOEVENTO=\"Manual\",$M23=1),0,IF(OFFSET(CRONOPLE!$F$14,$M23,AO$13)=\"\",10^12,OFFSET(CRONOPLE!$F$14,$M23,AO$13))))","v":1000000000000},{"$f":"IF($D23<>\"Serviço\",0,IF(AND(AUTOEVENTO=\"Manual\",$M23=1),0,IF(OFFSET(CRONOPLE!$F$14,$M23,AP$13)=\"\",10^12,OFFSET(CRONOPLE!$F$14,$M23,AP$13))))","v":1000000000000},{"$f":"IF($D23<>\"Serviço\",0,IF(AND(AUTOEVENTO=\"Manual\",$M23=1),0,IF(OFFSET(CRONOPLE!$F$14,$M23,AQ$13)=\"\",10^12,OFFSET(CRONOPLE!$F$14,$M23,AQ$13))))","v":1000000000000},{"$f":"IF($D23<>\"Serviço\",0,IF(AND(AUTOEVENTO=\"Manual\",$M23=1),0,IF(OFFSET(CRONOPLE!$F$14,$M23,AR$13)=\"\",10^12,OFFSET(CRONOPLE!$F$14,$M23,AR$13))))","v":1000000000000},{"$f":"IF($D23<>\"Serviço\",0,IF(AND(AUTOEVENTO=\"Manual\",$M23=1),0,IF(OFFSET(CRONOPLE!$F$14,$M23,AS$13)=\"\",10^12,OFFSET(CRONOPLE!$F$14,$M23,AS$13))))","v":1000000000000},{"$f":"IF($D23<>\"Serviço\",0,IF(AND(AUTOEVENTO=\"Manual\",$M23=1),0,IF(OFFSET(CRONOPLE!$F$14,$M23,AT$13)=\"\",10^12,OFFSET(CRONOPLE!$F$14,$M23,AT$13))))","v":1000000000000},{"$f":"IF($D23<>\"Serviço\",0,IF(AND(AUTOEVENTO=\"Manual\",$M23=1),0,IF(OFFSET(CRONOPLE!$F$14,$M23,AU$13)=\"\",10^12,OFFSET(CRONOPLE!$F$14,$M23,AU$13))))","v":1000000000000},{"$f":"IF($D23<>\"Serviço\",0,IF(AND(AUTOEVENTO=\"Manual\",$M23=1),0,IF(OFFSET(CRONOPLE!$F$14,$M23,AV$13)=\"\",10^12,OFFSET(CRONOPLE!$F$14,$M23,AV$13))))","v":1000000000000},null,{"$f":"IF($D23<>\"Serviço\",0,IF(OR(AND(AUTOEVENTO=\"Manual\",$M23=1),$M23>(ROW(PLE.lastrow)-ROW(PLE.firstrow))),0,IF(OFFSET(PLE!$G$14,$M23,AX$13)=\"\",10^12,OFFSET(PLE!$G$14,$M23,AX$13))))","v":1000000000000},{"$f":"IF($D23<>\"Serviço\",0,IF(OR(AND(AUTOEVENTO=\"Manual\",$M23=1),$M23>(ROW(PLE.lastrow)-ROW(PLE.firstrow))),0,IF(OFFSET(PLE!$G$14,$M23,AY$13)=\"\",10^12,OFFSET(PLE!$G$14,$M23,AY$13))))","v":1000000000000},{"$f":"IF($D23<>\"Serviço\",0,IF(OR(AND(AUTOEVENTO=\"Manual\",$M23=1),$M23>(ROW(PLE.lastrow)-ROW(PLE.firstrow))),0,IF(OFFSET(PLE!$G$14,$M23,AZ$13)=\"\",10^12,OFFSET(PLE!$G$14,$M23,AZ$13))))","v":1000000000000},{"$f":"IF($D23<>\"Serviço\",0,IF(OR(AND(AUTOEVENTO=\"Manual\",$M23=1),$M23>(ROW(PLE.lastrow)-ROW(PLE.firstrow))),0,IF(OFFSET(PLE!$G$14,$M23,BA$13)=\"\",10^12,OFFSET(PLE!$G$14,$M23,BA$13))))","v":1000000000000},{"$f":"IF($D23<>\"Serviço\",0,IF(OR(AND(AUTOEVENTO=\"Manual\",$M23=1),$M23>(ROW(PLE.lastrow)-ROW(PLE.firstrow))),0,IF(OFFSET(PLE!$G$14,$M23,BB$13)=\"\",10^12,OFFSET(PLE!$G$14,$M23,BB$13))))","v":1000000000000},{"$f":"IF($D23<>\"Serviço\",0,IF(OR(AND(AUTOEVENTO=\"Manual\",$M23=1),$M23>(ROW(PLE.lastrow)-ROW(PLE.firstrow))),0,IF(OFFSET(PLE!$G$14,$M23,BC$13)=\"\",10^12,OFFSET(PLE!$G$14,$M23,BC$13))))","v":1000000000000},{"$f":"IF($D23<>\"Serviço\",0,IF(OR(AND(AUTOEVENTO=\"Manual\",$M23=1),$M23>(ROW(PLE.lastrow)-ROW(PLE.firstrow))),0,IF(OFFSET(PLE!$G$14,$M23,BD$13)=\"\",10^12,OFFSET(PLE!$G$14,$M23,BD$13))))","v":1000000000000},{"$f":"IF($D23<>\"Serviço\",0,IF(OR(AND(AUTOEVENTO=\"Manual\",$M23=1),$M23>(ROW(PLE.lastrow)-ROW(PLE.firstrow))),0,IF(OFFSET(PLE!$G$14,$M23,BE$13)=\"\",10^12,OFFSET(PLE!$G$14,$M23,BE$13))))","v":1000000000000},{"$f":"IF($D23<>\"Serviço\",0,IF(OR(AND(AUTOEVENTO=\"Manual\",$M23=1),$M23>(ROW(PLE.lastrow)-ROW(PLE.firstrow))),0,IF(OFFSET(PLE!$G$14,$M23,BF$13)=\"\",10^12,OFFSET(PLE!$G$14,$M23,BF$13))))","v":1000000000000},{"$f":"IF($D23<>\"Serviço\",0,IF(OR(AND(AUTOEVENTO=\"Manual\",$M23=1),$M23>(ROW(PLE.lastrow)-ROW(PLE.firstrow))),0,IF(OFFSET(PLE!$G$14,$M23,BG$13)=\"\",10^12,OFFSET(PLE!$G$14,$M23,BG$13))))","v":1000000000000}]
["4",{"$f":"OFFSET(ORÇAMENTO!C$15,ROW(B24)-ROW(B$15),0)","v":"S"},{"$f":"OFFSET(ORÇAMENTO!L$15,ROW(C24)-ROW(C$15),0)","v":"F"},{"$f":"OFFSET(ORÇAMENTO!N$15,ROW(D24)-ROW(D$15),0)","v":"Serviço"},{"$f":"OFFSET(ORÇAMENTO!O$15,ROW(E24)-ROW(E$15),0)","v":"1.2.5."},{"$f":"OFFSET(ORÇAMENTO!R$15,ROW(F24)-ROW(F$15),0)","v":"ARMAÇÃO DE PILAR OU VIGA DE UMA ESTRUTURA CONVENCIONAL DE CONCRETO ARMADO EM UM EDIFÍCIO DE MÚLTIPLOS PAVIMENTOS UTILIZANDO AÇO CA-50 DE 6,3 MM - MONTAGEM. AF_12/2015"},{"$f":"IF($D24<>\"Serviço\",\"\",OFFSET(ORÇAMENTO!S$15,ROW(G24)-ROW(G$15),0))","v":"KG"},{"$f":"IF($D24<>\"Serviço\",0,IF(ACOMPANHAMENTO=\"BM\",ROUND(OFFSET(ORÇAMENTO!AJ$15,ROW(H24)-ROW(H$15),0),15-13*ORÇAMENTO!$AF$7),SUMPRODUCT(($Q$12:$AA$12<>\"\")*ROUND($Q24:$AA24,15-13*ORÇAMENTO!$AF$7))))","v":5.0999999999999996},null,null,null,".",{"$f":"IF($D24<>\"Serviço\",\"\",IF(AUTOEVENTO=\"manual\",$A24,IF(ISERROR(MATCH($A24,$A$15:OFFSET($A24,-1,0),0)),MAX($M$15:OFFSET(M24,-1,0))+1,INDEX($M$15:OFFSET(M24,-1,0),MATCH($A24,$A$15:OFFSET($A24,-1,0),0)))))","v":3},{"$f":"IF($D24<>\"Serviço\",\"\",IF(AUTOEVENTO=\"Manual\",IF($A24=0,\"<-- defina o número do agrupador\",OFFSET(EVENTOS!$D$14,$A24,0)),OFFSET($F$15,$A24,0)))","v":"ESTRUTURA"},null,null,null,null,null,null,null,null,null,null,null,null,null,{"$f":"IF(AND($D24=\"Serviço\",AB$12<>0,$H24>0,OR(AUTOEVENTO<>\"manual\",$M24<>1)),ROUND(OFFSET($P24,0,AB$13),15-13*ORÇAMENTO!$AF$7)/$H24*OFFSET(ORÇAMENTO!$X$15,ROW(AB24)-ROW(AB$15),0),0)","v":0},{"$f":"IF(AND($D24=\"Serviço\",AC$12<>0,$H24>0,OR(AUTOEVENTO<>\"manual\",$M24<>1)),ROUND(OFFSET($P24,0,AC$13),15-13*ORÇAMENTO!$AF$7)/$H24*OFFSET(ORÇAMENTO!$X$15,ROW(AC24)-ROW(AC$15),0),0)","v":0},{"$f":"IF(AND($D24=\"Serviço\",AD$12<>0,$H24>0,OR(AUTOEVENTO<>\"manual\",$M24<>1)),ROUND(OFFSET($P24,0,AD$13),15-13*ORÇAMENTO!$AF$7)/$H24*OFFSET(ORÇAMENTO!$X$15,ROW(AD24)-ROW(AD$15),0),0)","v":0},{"$f":"IF(AND($D24=\"Serviço\",AE$12<>0,$H24>0,OR(AUTOEVENTO<>\"manual\",$M24<>1)),ROUND(OFFSET($P24,0,AE$13),15-13*ORÇAMENTO!$AF$7)/$H24*OFFSET(ORÇAMENTO!$X$15,ROW(AE24)-ROW(AE$15),0),0)","v":0},{"$f":"IF(AND($D24=\"Serviço\",AF$12<>0,$H24>0,OR(AUTOEVENTO<>\"manual\",$M24<>1)),ROUND(OFFSET($P24,0,AF$13),15-13*ORÇAMENTO!$AF$7)/$H24*OFFSET(ORÇAMENTO!$X$15,ROW(AF24)-ROW(AF$15),0),0)","v":0},{"$f":"IF(AND($D24=\"Serviço\",AG$12<>0,$H24>0,OR(AUTOEVENTO<>\"manual\",$M24<>1)),ROUND(OFFSET($P24,0,AG$13),15-13*ORÇAMENTO!$AF$7)/$H24*OFFSET(ORÇAMENTO!$X$15,ROW(AG24)-ROW(AG$15),0),0)","v":0},{"$f":"IF(AND($D24=\"Serviço\",AH$12<>0,$H24>0,OR(AUTOEVENTO<>\"manual\",$M24<>1)),ROUND(OFFSET($P24,0,AH$13),15-13*ORÇAMENTO!$AF$7)/$H24*OFFSET(ORÇAMENTO!$X$15,ROW(AH24)-ROW(AH$15),0),0)","v":0},{"$f":"IF(AND($D24=\"Serviço\",AI$12<>0,$H24>0,OR(AUTOEVENTO<>\"manual\",$M24<>1)),ROUND(OFFSET($P24,0,AI$13),15-13*ORÇAMENTO!$AF$7)/$H24*OFFSET(ORÇAMENTO!$X$15,ROW(AI24)-ROW(AI$15),0),0)","v":0},{"$f":"IF(AND($D24=\"Serviço\",AJ$12<>0,$H24>0,OR(AUTOEVENTO<>\"manual\",$M24<>1)),ROUND(OFFSET($P24,0,AJ$13),15-13*ORÇAMENTO!$AF$7)/$H24*OFFSET(ORÇAMENTO!$X$15,ROW(AJ24)-ROW(AJ$15),0),0)","v":0},{"$f":"IF(AND($D24=\"Serviço\",AK$12<>0,$H24>0,OR(AUTOEVENTO<>\"manual\",$M24<>1)),ROUND(OFFSET($P24,0,AK$13),15-13*ORÇAMENTO!$AF$7)/$H24*OFFSET(ORÇAMENTO!$X$15,ROW(AK24)-ROW(AK$15),0),0)","v":0},null,{"$f":"IF($D24<>\"Serviço\",0,IF(AND(AUTOEVENTO=\"Manual\",$M24=1),0,IF(OFFSET(CRONOPLE!$F$14,$M24,AM$13)=\"\",10^12,OFFSET(CRONOPLE!$F$14,$M24,AM$13))))","v":1000000000000},{"$f":"IF($D24<>\"Serviço\",0,IF(AND(AUTOEVENTO=\"Manual\",$M24=1),0,IF(OFFSET(CRONOPLE!$F$14,$M24,AN$13)=\"\",10^12,OFFSET(CRONOPLE!$F$14,$M24,AN$13))))","v":1000000000000},{"$f":"IF($D24<>\"Serviço\",0,IF(AND(AUTOEVENTO=\"Manual\",$M24=1),0,IF(OFFSET(CRONOPLE!$F$14,$M24,AO$13)=\"\",10^12,OFFSET(CRONOPLE!$F$14,$M24,AO$13))))","v":1000000000000},{"$f":"IF($D24<>\"Serviço\",0,IF(AND(AUTOEVENTO=\"Manual\",$M24=1),0,IF(OFFSET(CRONOPLE!$F$14,$M24,AP$13)=\"\",10^12,OFFSET(CRONOPLE!$F$14,$M24,AP$13))))","v":1000000000000},{"$f":"IF($D24<>\"Serviço\",0,IF(AND(AUTOEVENTO=\"Manual\",$M24=1),0,IF(OFFSET(CRONOPLE!$F$14,$M24,AQ$13)=\"\",10^12,OFFSET(CRONOPLE!$F$14,$M24,AQ$13))))","v":1000000000000},{"$f":"IF($D24<>\"Serviço\",0,IF(AND(AUTOEVENTO=\"Manual\",$M24=1),0,IF(OFFSET(CRONOPLE!$F$14,$M24,AR$13)=\"\",10^12,OFFSET(CRONOPLE!$F$14,$M24,AR$13))))","v":1000000000000},{"$f":"IF($D24<>\"Serviço\",0,IF(AND(AUTOEVENTO=\"Manual\",$M24=1),0,IF(OFFSET(CRONOPLE!$F$14,$M24,AS$13)=\"\",10^12,OFFSET(CRONOPLE!$F$14,$M24,AS$13))))","v":1000000000000},{"$f":"IF($D24<>\"Serviço\",0,IF(AND(AUTOEVENTO=\"Manual\",$M24=1),0,IF(OFFSET(CRONOPLE!$F$14,$M24,AT$13)=\"\",10^12,OFFSET(CRONOPLE!$F$14,$M24,AT$13))))","v":1000000000000},{"$f":"IF($D24<>\"Serviço\",0,IF(AND(AUTOEVENTO=\"Manual\",$M24=1),0,IF(OFFSET(CRONOPLE!$F$14,$M24,AU$13)=\"\",10^12,OFFSET(CRONOPLE!$F$14,$M24,AU$13))))","v":1000000000000},{"$f":"IF($D24<>\"Serviço\",0,IF(AND(AUTOEVENTO=\"Manual\",$M24=1),0,IF(OFFSET(CRONOPLE!$F$14,$M24,AV$13)=\"\",10^12,OFFSET(CRONOPLE!$F$14,$M24,AV$13))))","v":1000000000000},null,{"$f":"IF($D24<>\"Serviço\",0,IF(OR(AND(AUTOEVENTO=\"Manual\",$M24=1),$M24>(ROW(PLE.lastrow)-ROW(PLE.firstrow))),0,IF(OFFSET(PLE!$G$14,$M24,AX$13)=\"\",10^12,OFFSET(PLE!$G$14,$M24,AX$13))))","v":1000000000000},{"$f":"IF($D24<>\"Serviço\",0,IF(OR(AND(AUTOEVENTO=\"Manual\",$M24=1),$M24>(ROW(PLE.lastrow)-ROW(PLE.firstrow))),0,IF(OFFSET(PLE!$G$14,$M24,AY$13)=\"\",10^12,OFFSET(PLE!$G$14,$M24,AY$13))))","v":1000000000000},{"$f":"IF($D24<>\"Serviço\",0,IF(OR(AND(AUTOEVENTO=\"Manual\",$M24=1),$M24>(ROW(PLE.lastrow)-ROW(PLE.firstrow))),0,IF(OFFSET(PLE!$G$14,$M24,AZ$13)=\"\",10^12,OFFSET(PLE!$G$14,$M24,AZ$13))))","v":1000000000000},{"$f":"IF($D24<>\"Serviço\",0,IF(OR(AND(AUTOEVENTO=\"Manual\",$M24=1),$M24>(ROW(PLE.lastrow)-ROW(PLE.firstrow))),0,IF(OFFSET(PLE!$G$14,$M24,BA$13)=\"\",10^12,OFFSET(PLE!$G$14,$M24,BA$13))))","v":1000000000000},{"$f":"IF($D24<>\"Serviço\",0,IF(OR(AND(AUTOEVENTO=\"Manual\",$M24=1),$M24>(ROW(PLE.lastrow)-ROW(PLE.firstrow))),0,IF(OFFSET(PLE!$G$14,$M24,BB$13)=\"\",10^12,OFFSET(PLE!$G$14,$M24,BB$13))))","v":1000000000000},{"$f":"IF($D24<>\"Serviço\",0,IF(OR(AND(AUTOEVENTO=\"Manual\",$M24=1),$M24>(ROW(PLE.lastrow)-ROW(PLE.firstrow))),0,IF(OFFSET(PLE!$G$14,$M24,BC$13)=\"\",10^12,OFFSET(PLE!$G$14,$M24,BC$13))))","v":1000000000000},{"$f":"IF($D24<>\"Serviço\",0,IF(OR(AND(AUTOEVENTO=\"Manual\",$M24=1),$M24>(ROW(PLE.lastrow)-ROW(PLE.firstrow))),0,IF(OFFSET(PLE!$G$14,$M24,BD$13)=\"\",10^12,OFFSET(PLE!$G$14,$M24,BD$13))))","v":1000000000000},{"$f":"IF($D24<>\"Serviço\",0,IF(OR(AND(AUTOEVENTO=\"Manual\",$M24=1),$M24>(ROW(PLE.lastrow)-ROW(PLE.firstrow))),0,IF(OFFSET(PLE!$G$14,$M24,BE$13)=\"\",10^12,OFFSET(PLE!$G$14,$M24,BE$13))))","v":1000000000000},{"$f":"IF($D24<>\"Serviço\",0,IF(OR(AND(AUTOEVENTO=\"Manual\",$M24=1),$M24>(ROW(PLE.lastrow)-ROW(PLE.firstrow))),0,IF(OFFSET(PLE!$G$14,$M24,BF$13)=\"\",10^12,OFFSET(PLE!$G$14,$M24,BF$13))))","v":1000000000000},{"$f":"IF($D24<>\"Serviço\",0,IF(OR(AND(AUTOEVENTO=\"Manual\",$M24=1),$M24>(ROW(PLE.lastrow)-ROW(PLE.firstrow))),0,IF(OFFSET(PLE!$G$14,$M24,BG$13)=\"\",10^12,OFFSET(PLE!$G$14,$M24,BG$13))))","v":1000000000000}]
["4",{"$f":"OFFSET(ORÇAMENTO!C$15,ROW(B25)-ROW(B$15),0)","v":"S"},{"$f":"OFFSET(ORÇAMENTO!L$15,ROW(C25)-ROW(C$15),0)","v":"F"},{"$f":"OFFSET(ORÇAMENTO!N$15,ROW(D25)-ROW(D$15),0)","v":"Serviço"},{"$f":"OFFSET(ORÇAMENTO!O$15,ROW(E25)-ROW(E$15),0)","v":"1.2.6."},{"$f":"OFFSET(ORÇAMENTO!R$15,ROW(F25)-ROW(F$15),0)","v":"ARMAÇÃO DE PILAR OU VIGA DE UMA ESTRUTURA CONVENCIONAL DE CONCRETO ARMADO EM UM EDIFÍCIO DE MÚLTIPLOS PAVIMENTOS UTILIZANDO AÇO CA-50 DE 8,0 MM - MONTAGEM. AF_12/2015"},{"$f":"IF($D25<>\"Serviço\",\"\",OFFSET(ORÇAMENTO!S$15,ROW(G25)-ROW(G$15),0))","v":"KG"},{"$f":"IF($D25<>\"Serviço\",0,IF(ACOMPANHAMENTO=\"BM\",ROUND(OFFSET(ORÇAMENTO!AJ$15,ROW(H25)-ROW(H$15),0),15-13*ORÇAMENTO!$AF$7),SUMPRODUCT(($Q$12:$AA$12<>\"\")*ROUND($Q25:$AA25,15-13*ORÇAMENTO!$AF$7))))","v":86.8},null,null,null,".",{"$f":"IF($D25<>\"Serviço\",\"\",IF(AUTOEVENTO=\"manual\",$A25,IF(ISERROR(MATCH($A25,$A$15:OFFSET($A25,-1,0),0)),MAX($M$15:OFFSET(M25,-1,0))+1,INDEX($M$15:OFFSET(M25,-1,0),MATCH($A25,$A$15:OFFSET($A25,-1,0),0)))))","v":3},{"$f":"IF($D25<>\"Serviço\",\"\",IF(AUTOEVENTO=\"Manual\",IF($A25=0,\"<-- defina o número do agrupador\",OFFSET(EVENTOS!$D$14,$A25,0)),OFFSET($F$15,$A25,0)))","v":"ESTRUTURA"},null,null,null,null,null,null,null,null,null,null,null,null,null,{"$f":"IF(AND($D25=\"Serviço\",AB$12<>0,$H25>0,OR(AUTOEVENTO<>\"manual\",$M25<>1)),ROUND(OFFSET($P25,0,AB$13),15-13*ORÇAMENTO!$AF$7)/$H25*OFFSET(ORÇAMENTO!$X$15,ROW(AB25)-ROW(AB$15),0),0)","v":0},{"$f":"IF(AND($D25=\"Serviço\",AC$12<>0,$H25>0,OR(AUTOEVENTO<>\"manual\",$M25<>1)),ROUND(OFFSET($P25,0,AC$13),15-13*ORÇAMENTO!$AF$7)/$H25*OFFSET(ORÇAMENTO!$X$15,ROW(AC25)-ROW(AC$15),0),0)","v":0},{"$f":"IF(AND($D25=\"Serviço\",AD$12<>0,$H25>0,OR(AUTOEVENTO<>\"manual\",$M25<>1)),ROUND(OFFSET($P25,0,AD$13),15-13*ORÇAMENTO!$AF$7)/$H25*OFFSET(ORÇAMENTO!$X$15,ROW(AD25)-ROW(AD$15),0),0)","v":0},{"$f":"IF(AND($D25=\"Serviço\",AE$12<>0,$H25>0,OR(AUTOEVENTO<>\"manual\",$M25<>1)),ROUND(OFFSET($P25,0,AE$13),15-13*ORÇAMENTO!$AF$7)/$H25*OFFSET(ORÇAMENTO!$X$15,ROW(AE25)-ROW(AE$15),0),0)","v":0},{"$f":"IF(AND($D25=\"Serviço\",AF$12<>0,$H25>0,OR(AUTOEVENTO<>\"manual\",$M25<>1)),ROUND(OFFSET($P25,0,AF$13),15-13*ORÇAMENTO!$AF$7)/$H25*OFFSET(ORÇAMENTO!$X$15,ROW(AF25)-ROW(AF$15),0),0)","v":0},{"$f":"IF(AND($D25=\"Serviço\",AG$12<>0,$H25>0,OR(AUTOEVENTO<>\"manual\",$M25<>1)),ROUND(OFFSET($P25,0,AG$13),15-13*ORÇAMENTO!$AF$7)/$H25*OFFSET(ORÇAMENTO!$X$15,ROW(AG25)-ROW(AG$15),0),0)","v":0},{"$f":"IF(AND($D25=\"Serviço\",AH$12<>0,$H25>0,OR(AUTOEVENTO<>\"manual\",$M25<>1)),ROUND(OFFSET($P25,0,AH$13),15-13*ORÇAMENTO!$AF$7)/$H25*OFFSET(ORÇAMENTO!$X$15,ROW(AH25)-ROW(AH$15),0),0)","v":0},{"$f":"IF(AND($D25=\"Serviço\",AI$12<>0,$H25>0,OR(AUTOEVENTO<>\"manual\",$M25<>1)),ROUND(OFFSET($P25,0,AI$13),15-13*ORÇAMENTO!$AF$7)/$H25*OFFSET(ORÇAMENTO!$X$15,ROW(AI25)-ROW(AI$15),0),0)","v":0},{"$f":"IF(AND($D25=\"Serviço\",AJ$12<>0,$H25>0,OR(AUTOEVENTO<>\"manual\",$M25<>1)),ROUND(OFFSET($P25,0,AJ$13),15-13*ORÇAMENTO!$AF$7)/$H25*OFFSET(ORÇAMENTO!$X$15,ROW(AJ25)-ROW(AJ$15),0),0)","v":0},{"$f":"IF(AND($D25=\"Serviço\",AK$12<>0,$H25>0,OR(AUTOEVENTO<>\"manual\",$M25<>1)),ROUND(OFFSET($P25,0,AK$13),15-13*ORÇAMENTO!$AF$7)/$H25*OFFSET(ORÇAMENTO!$X$15,ROW(AK25)-ROW(AK$15),0),0)","v":0},null,{"$f":"IF($D25<>\"Serviço\",0,IF(AND(AUTOEVENTO=\"Manual\",$M25=1),0,IF(OFFSET(CRONOPLE!$F$14,$M25,AM$13)=\"\",10^12,OFFSET(CRONOPLE!$F$14,$M25,AM$13))))","v":1000000000000},{"$f":"IF($D25<>\"Serviço\",0,IF(AND(AUTOEVENTO=\"Manual\",$M25=1),0,IF(OFFSET(CRONOPLE!$F$14,$M25,AN$13)=\"\",10^12,OFFSET(CRONOPLE!$F$14,$M25,AN$13))))","v":1000000000000},{"$f":"IF($D25<>\"Serviço\",0,IF(AND(AUTOEVENTO=\"Manual\",$M25=1),0,IF(OFFSET(CRONOPLE!$F$14,$M25,AO$13)=\"\",10^12,OFFSET(CRONOPLE!$F$14,$M25,AO$13))))","v":1000000000000},{"$f":"IF($D25<>\"Serviço\",0,IF(AND(AUTOEVENTO=\"Manual\",$M25=1),0,IF(OFFSET(CRONOPLE!$F$14,$M25,AP$13)=\"\",10^12,OFFSET(CRONOPLE!$F$14,$M25,AP$13))))","v":1000000000000},{"$f":"IF($D25<>\"Serviço\",0,IF(AND(AUTOEVENTO=\"Manual\",$M25=1),0,IF(OFFSET(CRONOPLE!$F$14,$M25,AQ$13)=\"\",10^12,OFFSET(CRONOPLE!$F$14,$M25,AQ$13))))","v":1000000000000},{"$f":"IF($D25<>\"Serviço\",0,IF(AND(AUTOEVENTO=\"Manual\",$M25=1),0,IF(OFFSET(CRONOPLE!$F$14,$M25,AR$13)=\"\",10^12,OFFSET(CRONOPLE!$F$14,$M25,AR$13))))","v":1000000000000},{"$f":"IF($D25<>\"Serviço\",0,IF(AND(AUTOEVENTO=\"Manual\",$M25=1),0,IF(OFFSET(CRONOPLE!$F$14,$M25,AS$13)=\"\",10^12,OFFSET(CRONOPLE!$F$14,$M25,AS$13))))","v":1000000000000},{"$f":"IF($D25<>\"Serviço\",0,IF(AND(AUTOEVENTO=\"Manual\",$M25=1),0,IF(OFFSET(CRONOPLE!$F$14,$M25,AT$13)=\"\",10^12,OFFSET(CRONOPLE!$F$14,$M25,AT$13))))","v":1000000000000},{"$f":"IF($D25<>\"Serviço\",0,IF(AND(AUTOEVENTO=\"Manual\",$M25=1),0,IF(OFFSET(CRONOPLE!$F$14,$M25,AU$13)=\"\",10^12,OFFSET(CRONOPLE!$F$14,$M25,AU$13))))","v":1000000000000},{"$f":"IF($D25<>\"Serviço\",0,IF(AND(AUTOEVENTO=\"Manual\",$M25=1),0,IF(OFFSET(CRONOPLE!$F$14,$M25,AV$13)=\"\",10^12,OFFSET(CRONOPLE!$F$14,$M25,AV$13))))","v":1000000000000},null,{"$f":"IF($D25<>\"Serviço\",0,IF(OR(AND(AUTOEVENTO=\"Manual\",$M25=1),$M25>(ROW(PLE.lastrow)-ROW(PLE.firstrow))),0,IF(OFFSET(PLE!$G$14,$M25,AX$13)=\"\",10^12,OFFSET(PLE!$G$14,$M25,AX$13))))","v":1000000000000},{"$f":"IF($D25<>\"Serviço\",0,IF(OR(AND(AUTOEVENTO=\"Manual\",$M25=1),$M25>(ROW(PLE.lastrow)-ROW(PLE.firstrow))),0,IF(OFFSET(PLE!$G$14,$M25,AY$13)=\"\",10^12,OFFSET(PLE!$G$14,$M25,AY$13))))","v":1000000000000},{"$f":"IF($D25<>\"Serviço\",0,IF(OR(AND(AUTOEVENTO=\"Manual\",$M25=1),$M25>(ROW(PLE.lastrow)-ROW(PLE.firstrow))),0,IF(OFFSET(PLE!$G$14,$M25,AZ$13)=\"\",10^12,OFFSET(PLE!$G$14,$M25,AZ$13))))","v":1000000000000},{"$f":"IF($D25<>\"Serviço\",0,IF(OR(AND(AUTOEVENTO=\"Manual\",$M25=1),$M25>(ROW(PLE.lastrow)-ROW(PLE.firstrow))),0,IF(OFFSET(PLE!$G$14,$M25,BA$13)=\"\",10^12,OFFSET(PLE!$G$14,$M25,BA$13))))","v":1000000000000},{"$f":"IF($D25<>\"Serviço\",0,IF(OR(AND(AUTOEVENTO=\"Manual\",$M25=1),$M25>(ROW(PLE.lastrow)-ROW(PLE.firstrow))),0,IF(OFFSET(PLE!$G$14,$M25,BB$13)=\"\",10^12,OFFSET(PLE!$G$14,$M25,BB$13))))","v":1000000000000},{"$f":"IF($D25<>\"Serviço\",0,IF(OR(AND(AUTOEVENTO=\"Manual\",$M25=1),$M25>(ROW(PLE.lastrow)-ROW(PLE.firstrow))),0,IF(OFFSET(PLE!$G$14,$M25,BC$13)=\"\",10^12,OFFSET(PLE!$G$14,$M25,BC$13))))","v":1000000000000},{"$f":"IF($D25<>\"Serviço\",0,IF(OR(AND(AUTOEVENTO=\"Manual\",$M25=1),$M25>(ROW(PLE.lastrow)-ROW(PLE.firstrow))),0,IF(OFFSET(PLE!$G$14,$M25,BD$13)=\"\",10^12,OFFSET(PLE!$G$14,$M25,BD$13))))","v":1000000000000},{"$f":"IF($D25<>\"Serviço\",0,IF(OR(AND(AUTOEVENTO=\"Manual\",$M25=1),$M25>(ROW(PLE.lastrow)-ROW(PLE.firstrow))),0,IF(OFFSET(PLE!$G$14,$M25,BE$13)=\"\",10^12,OFFSET(PLE!$G$14,$M25,BE$13))))","v":1000000000000},{"$f":"IF($D25<>\"Serviço\",0,IF(OR(AND(AUTOEVENTO=\"Manual\",$M25=1),$M25>(ROW(PLE.lastrow)-ROW(PLE.firstrow))),0,IF(OFFSET(PLE!$G$14,$M25,BF$13)=\"\",10^12,OFFSET(PLE!$G$14,$M25,BF$13))))","v":1000000000000},{"$f":"IF($D25<>\"Serviço\",0,IF(OR(AND(AUTOEVENTO=\"Manual\",$M25=1),$M25>(ROW(PLE.lastrow)-ROW(PLE.firstrow))),0,IF(OFFSET(PLE!$G$14,$M25,BG$13)=\"\",10^12,OFFSET(PLE!$G$14,$M25,BG$13))))","v":1000000000000}]
["4",{"$f":"OFFSET(ORÇAMENTO!C$15,ROW(B26)-ROW(B$15),0)","v":"S"},{"$f":"OFFSET(ORÇAMENTO!L$15,ROW(C26)-ROW(C$15),0)","v":"F"},{"$f":"OFFSET(ORÇAMENTO!N$15,ROW(D26)-ROW(D$15),0)","v":"Serviço"},{"$f":"OFFSET(ORÇAMENTO!O$15,ROW(E26)-ROW(E$15),0)","v":"1.2.7."},{"$f":"OFFSET(ORÇAMENTO!R$15,ROW(F26)-ROW(F$15),0)","v":"ARMAÇÃO DE PILAR OU VIGA DE UMA ESTRUTURA CONVENCIONAL DE CONCRETO ARMADO EM UM EDIFÍCIO DE MÚLTIPLOS PAVIMENTOS UTILIZANDO AÇO CA-50 DE 10,0 MM - MONTAGEM. AF_12/2015"},{"$f":"IF($D26<>\"Serviço\",\"\",OFFSET(ORÇAMENTO!S$15,ROW(G26)-ROW(G$15),0))","v":"KG"},{"$f":"IF($D26<>\"Serviço\",0,IF(ACOMPANHAMENTO=\"BM\",ROUND(OFFSET(ORÇAMENTO!AJ$15,ROW(H26)-ROW(H$15),0),15-13*ORÇAMENTO!$AF$7),SUMPRODUCT(($Q$12:$AA$12<>\"\")*ROUND($Q26:$AA26,15-13*ORÇAMENTO!$AF$7))))","v":168.8},null,null,null,".",{"$f":"IF($D26<>\"Serviço\",\"\",IF(AUTOEVENTO=\"manual\",$A26,IF(ISERROR(MATCH($A26,$A$15:OFFSET($A26,-1,0),0)),MAX($M$15:OFFSET(M26,-1,0))+1,INDEX($M$15:OFFSET(M26,-1,0),MATCH($A26,$A$15:OFFSET($A26,-1,0),0)))))","v":3},{"$f":"IF($D26<>\"Serviço\",\"\",IF(AUTOEVENTO=\"Manual\",IF($A26=0,\"<-- defina o número do agrupador\",OFFSET(EVENTOS!$D$14,$A26,0)),OFFSET($F$15,$A26,0)))","v":"ESTRUTURA"},null,null,null,null,null,null,null,null,null,null,null,null,null,{"$f":"IF(AND($D26=\"Serviço\",AB$12<>0,$H26>0,OR(AUTOEVENTO<>\"manual\",$M26<>1)),ROUND(OFFSET($P26,0,AB$13),15-13*ORÇAMENTO!$AF$7)/$H26*OFFSET(ORÇAMENTO!$X$15,ROW(AB26)-ROW(AB$15),0),0)","v":0},{"$f":"IF(AND($D26=\"Serviço\",AC$12<>0,$H26>0,OR(AUTOEVENTO<>\"manual\",$M26<>1)),ROUND(OFFSET($P26,0,AC$13),15-13*ORÇAMENTO!$AF$7)/$H26*OFFSET(ORÇAMENTO!$X$15,ROW(AC26)-ROW(AC$15),0),0)","v":0},{"$f":"IF(AND($D26=\"Serviço\",AD$12<>0,$H26>0,OR(AUTOEVENTO<>\"manual\",$M26<>1)),ROUND(OFFSET($P26,0,AD$13),15-13*ORÇAMENTO!$AF$7)/$H26*OFFSET(ORÇAMENTO!$X$15,ROW(AD26)-ROW(AD$15),0),0)","v":0},{"$f":"IF(AND($D26=\"Serviço\",AE$12<>0,$H26>0,OR(AUTOEVENTO<>\"manual\",$M26<>1)),ROUND(OFFSET($P26,0,AE$13),15-13*ORÇAMENTO!$AF$7)/$H26*OFFSET(ORÇAMENTO!$X$15,ROW(AE26)-ROW(AE$15),0),0)","v":0},{"$f":"IF(AND($D26=\"Serviço\",AF$12<>0,$H26>0,OR(AUTOEVENTO<>\"manual\",$M26<>1)),ROUND(OFFSET($P26,0,AF$13),15-13*ORÇAMENTO!$AF$7)/$H26*OFFSET(ORÇAMENTO!$X$15,ROW(AF26)-ROW(AF$15),0),0)","v":0},{"$f":"IF(AND($D26=\"Serviço\",AG$12<>0,$H26>0,OR(AUTOEVENTO<>\"manual\",$M26<>1)),ROUND(OFFSET($P26,0,AG$13),15-13*ORÇAMENTO!$AF$7)/$H26*OFFSET(ORÇAMENTO!$X$15,ROW(AG26)-ROW(AG$15),0),0)","v":0},{"$f":"IF(AND($D26=\"Serviço\",AH$12<>0,$H26>0,OR(AUTOEVENTO<>\"manual\",$M26<>1)),ROUND(OFFSET($P26,0,AH$13),15-13*ORÇAMENTO!$AF$7)/$H26*OFFSET(ORÇAMENTO!$X$15,ROW(AH26)-ROW(AH$15),0),0)","v":0},{"$f":"IF(AND($D26=\"Serviço\",AI$12<>0,$H26>0,OR(AUTOEVENTO<>\"manual\",$M26<>1)),ROUND(OFFSET($P26,0,AI$13),15-13*ORÇAMENTO!$AF$7)/$H26*OFFSET(ORÇAMENTO!$X$15,ROW(AI26)-ROW(AI$15),0),0)","v":0},{"$f":"IF(AND($D26=\"Serviço\",AJ$12<>0,$H26>0,OR(AUTOEVENTO<>\"manual\",$M26<>1)),ROUND(OFFSET($P26,0,AJ$13),15-13*ORÇAMENTO!$AF$7)/$H26*OFFSET(ORÇAMENTO!$X$15,ROW(AJ26)-ROW(AJ$15),0),0)","v":0},{"$f":"IF(AND($D26=\"Serviço\",AK$12<>0,$H26>0,OR(AUTOEVENTO<>\"manual\",$M26<>1)),ROUND(OFFSET($P26,0,AK$13),15-13*ORÇAMENTO!$AF$7)/$H26*OFFSET(ORÇAMENTO!$X$15,ROW(AK26)-ROW(AK$15),0),0)","v":0},null,{"$f":"IF($D26<>\"Serviço\",0,IF(AND(AUTOEVENTO=\"Manual\",$M26=1),0,IF(OFFSET(CRONOPLE!$F$14,$M26,AM$13)=\"\",10^12,OFFSET(CRONOPLE!$F$14,$M26,AM$13))))","v":1000000000000},{"$f":"IF($D26<>\"Serviço\",0,IF(AND(AUTOEVENTO=\"Manual\",$M26=1),0,IF(OFFSET(CRONOPLE!$F$14,$M26,AN$13)=\"\",10^12,OFFSET(CRONOPLE!$F$14,$M26,AN$13))))","v":1000000000000},{"$f":"IF($D26<>\"Serviço\",0,IF(AND(AUTOEVENTO=\"Manual\",$M26=1),0,IF(OFFSET(CRONOPLE!$F$14,$M26,AO$13)=\"\",10^12,OFFSET(CRONOPLE!$F$14,$M26,AO$13))))","v":1000000000000},{"$f":"IF($D26<>\"Serviço\",0,IF(AND(AUTOEVENTO=\"Manual\",$M26=1),0,IF(OFFSET(CRONOPLE!$F$14,$M26,AP$13)=\"\",10^12,OFFSET(CRONOPLE!$F$14,$M26,AP$13))))","v":1000000000000},{"$f":"IF($D26<>\"Serviço\",0,IF(AND(AUTOEVENTO=\"Manual\",$M26=1),0,IF(OFFSET(CRONOPLE!$F$14,$M26,AQ$13)=\"\",10^12,OFFSET(CRONOPLE!$F$14,$M26,AQ$13))))","v":1000000000000},{"$f":"IF($D26<>\"Serviço\",0,IF(AND(AUTOEVENTO=\"Manual\",$M26=1),0,IF(OFFSET(CRONOPLE!$F$14,$M26,AR$13)=\"\",10^12,OFFSET(CRONOPLE!$F$14,$M26,AR$13))))","v":1000000000000},{"$f":"IF($D26<>\"Serviço\",0,IF(AND(AUTOEVENTO=\"Manual\",$M26=1),0,IF(OFFSET(CRONOPLE!$F$14,$M26,AS$13)=\"\",10^12,OFFSET(CRONOPLE!$F$14,$M26,AS$13))))","v":1000000000000},{"$f":"IF($D26<>\"Serviço\",0,IF(AND(AUTOEVENTO=\"Manual\",$M26=1),0,IF(OFFSET(CRONOPLE!$F$14,$M26,AT$13)=\"\",10^12,OFFSET(CRONOPLE!$F$14,$M26,AT$13))))","v":1000000000000},{"$f":"IF($D26<>\"Serviço\",0,IF(AND(AUTOEVENTO=\"Manual\",$M26=1),0,IF(OFFSET(CRONOPLE!$F$14,$M26,AU$13)=\"\",10^12,OFFSET(CRONOPLE!$F$14,$M26,AU$13))))","v":1000000000000},{"$f":"IF($D26<>\"Serviço\",0,IF(AND(AUTOEVENTO=\"Manual\",$M26=1),0,IF(OFFSET(CRONOPLE!$F$14,$M26,AV$13)=\"\",10^12,OFFSET(CRONOPLE!$F$14,$M26,AV$13))))","v":1000000000000},null,{"$f":"IF($D26<>\"Serviço\",0,IF(OR(AND(AUTOEVENTO=\"Manual\",$M26=1),$M26>(ROW(PLE.lastrow)-ROW(PLE.firstrow))),0,IF(OFFSET(PLE!$G$14,$M26,AX$13)=\"\",10^12,OFFSET(PLE!$G$14,$M26,AX$13))))","v":1000000000000},{"$f":"IF($D26<>\"Serviço\",0,IF(OR(AND(AUTOEVENTO=\"Manual\",$M26=1),$M26>(ROW(PLE.lastrow)-ROW(PLE.firstrow))),0,IF(OFFSET(PLE!$G$14,$M26,AY$13)=\"\",10^12,OFFSET(PLE!$G$14,$M26,AY$13))))","v":1000000000000},{"$f":"IF($D26<>\"Serviço\",0,IF(OR(AND(AUTOEVENTO=\"Manual\",$M26=1),$M26>(ROW(PLE.lastrow)-ROW(PLE.firstrow))),0,IF(OFFSET(PLE!$G$14,$M26,AZ$13)=\"\",10^12,OFFSET(PLE!$G$14,$M26,AZ$13))))","v":1000000000000},{"$f":"IF($D26<>\"Serviço\",0,IF(OR(AND(AUTOEVENTO=\"Manual\",$M26=1),$M26>(ROW(PLE.lastrow)-ROW(PLE.firstrow))),0,IF(OFFSET(PLE!$G$14,$M26,BA$13)=\"\",10^12,OFFSET(PLE!$G$14,$M26,BA$13))))","v":1000000000000},{"$f":"IF($D26<>\"Serviço\",0,IF(OR(AND(AUTOEVENTO=\"Manual\",$M26=1),$M26>(ROW(PLE.lastrow)-ROW(PLE.firstrow))),0,IF(OFFSET(PLE!$G$14,$M26,BB$13)=\"\",10^12,OFFSET(PLE!$G$14,$M26,BB$13))))","v":1000000000000},{"$f":"IF($D26<>\"Serviço\",0,IF(OR(AND(AUTOEVENTO=\"Manual\",$M26=1),$M26>(ROW(PLE.lastrow)-ROW(PLE.firstrow))),0,IF(OFFSET(PLE!$G$14,$M26,BC$13)=\"\",10^12,OFFSET(PLE!$G$14,$M26,BC$13))))","v":1000000000000},{"$f":"IF($D26<>\"Serviço\",0,IF(OR(AND(AUTOEVENTO=\"Manual\",$M26=1),$M26>(ROW(PLE.lastrow)-ROW(PLE.firstrow))),0,IF(OFFSET(PLE!$G$14,$M26,BD$13)=\"\",10^12,OFFSET(PLE!$G$14,$M26,BD$13))))","v":1000000000000},{"$f":"IF($D26<>\"Serviço\",0,IF(OR(AND(AUTOEVENTO=\"Manual\",$M26=1),$M26>(ROW(PLE.lastrow)-ROW(PLE.firstrow))),0,IF(OFFSET(PLE!$G$14,$M26,BE$13)=\"\",10^12,OFFSET(PLE!$G$14,$M26,BE$13))))","v":1000000000000},{"$f":"IF($D26<>\"Serviço\",0,IF(OR(AND(AUTOEVENTO=\"Manual\",$M26=1),$M26>(ROW(PLE.lastrow)-ROW(PLE.firstrow))),0,IF(OFFSET(PLE!$G$14,$M26,BF$13)=\"\",10^12,OFFSET(PLE!$G$14,$M26,BF$13))))","v":1000000000000},{"$f":"IF($D26<>\"Serviço\",0,IF(OR(AND(AUTOEVENTO=\"Manual\",$M26=1),$M26>(ROW(PLE.lastrow)-ROW(PLE.firstrow))),0,IF(OFFSET(PLE!$G$14,$M26,BG$13)=\"\",10^12,OFFSET(PLE!$G$14,$M26,BG$13))))","v":1000000000000}]
["4",{"$f":"OFFSET(ORÇAMENTO!C$15,ROW(B27)-ROW(B$15),0)","v":"S"},{"$f":"OFFSET(ORÇAMENTO!L$15,ROW(C27)-ROW(C$15),0)","v":"F"},{"$f":"OFFSET(ORÇAMENTO!N$15,ROW(D27)-ROW(D$15),0)","v":"Serviço"},{"$f":"OFFSET(ORÇAMENTO!O$15,ROW(E27)-ROW(E$15),0)","v":"1.2.8."},{"$f":"OFFSET(ORÇAMENTO!R$15,ROW(F27)-ROW(F$15),0)","v":"ARMAÇÃO DE PILAR OU VIGA DE UMA ESTRUTURA CONVENCIONAL DE CONCRETO ARMADO EM UM EDIFÍCIO DE MÚLTIPLOS PAVIMENTOS UTILIZANDO AÇO CA-50 DE 12,5 MM - MONTAGEM. AF_12/2015"},{"$f":"IF($D27<>\"Serviço\",\"\",OFFSET(ORÇAMENTO!S$15,ROW(G27)-ROW(G$15),0))","v":"KG"},{"$f":"IF($D27<>\"Serviço\",0,IF(ACOMPANHAMENTO=\"BM\",ROUND(OFFSET(ORÇAMENTO!AJ$15,ROW(H27)-ROW(H$15),0),15-13*ORÇAMENTO!$AF$7),SUMPRODUCT(($Q$12:$AA$12<>\"\")*ROUND($Q27:$AA27,15-13*ORÇAMENTO!$AF$7))))","v":303.5},null,null,null,".",{"$f":"IF($D27<>\"Serviço\",\"\",IF(AUTOEVENTO=\"manual\",$A27,IF(ISERROR(MATCH($A27,$A$15:OFFSET($A27,-1,0),0)),MAX($M$15:OFFSET(M27,-1,0))+1,INDEX($M$15:OFFSET(M27,-1,0),MATCH($A27,$A$15:OFFSET($A27,-1,0),0)))))","v":3},{"$f":"IF($D27<>\"Serviço\",\"\",IF(AUTOEVENTO=\"Manual\",IF($A27=0,\"<-- defina o número do agrupador\",OFFSET(EVENTOS!$D$14,$A27,0)),OFFSET($F$15,$A27,0)))","v":"ESTRUTURA"},null,null,null,null,null,null,null,null,null,null,null,null,null,{"$f":"IF(AND($D27=\"Serviço\",AB$12<>0,$H27>0,OR(AUTOEVENTO<>\"manual\",$M27<>1)),ROUND(OFFSET($P27,0,AB$13),15-13*ORÇAMENTO!$AF$7)/$H27*OFFSET(ORÇAMENTO!$X$15,ROW(AB27)-ROW(AB$15),0),0)","v":0},{"$f":"IF(AND($D27=\"Serviço\",AC$12<>0,$H27>0,OR(AUTOEVENTO<>\"manual\",$M27<>1)),ROUND(OFFSET($P27,0,AC$13),15-13*ORÇAMENTO!$AF$7)/$H27*OFFSET(ORÇAMENTO!$X$15,ROW(AC27)-ROW(AC$15),0),0)","v":0},{"$f":"IF(AND($D27=\"Serviço\",AD$12<>0,$H27>0,OR(AUTOEVENTO<>\"manual\",$M27<>1)),ROUND(OFFSET($P27,0,AD$13),15-13*ORÇAMENTO!$AF$7)/$H27*OFFSET(ORÇAMENTO!$X$15,ROW(AD27)-ROW(AD$15),0),0)","v":0},{"$f":"IF(AND($D27=\"Serviço\",AE$12<>0,$H27>0,OR(AUTOEVENTO<>\"manual\",$M27<>1)),ROUND(OFFSET($P27,0,AE$13),15-13*ORÇAMENTO!$AF$7)/$H27*OFFSET(ORÇAMENTO!$X$15,ROW(AE27)-ROW(AE$15),0),0)","v":0},{"$f":"IF(AND($D27=\"Serviço\",AF$12<>0,$H27>0,OR(AUTOEVENTO<>\"manual\",$M27<>1)),ROUND(OFFSET($P27,0,AF$13),15-13*ORÇAMENTO!$AF$7)/$H27*OFFSET(ORÇAMENTO!$X$15,ROW(AF27)-ROW(AF$15),0),0)","v":0},{"$f":"IF(AND($D27=\"Serviço\",AG$12<>0,$H27>0,OR(AUTOEVENTO<>\"manual\",$M27<>1)),ROUND(OFFSET($P27,0,AG$13),15-13*ORÇAMENTO!$AF$7)/$H27*OFFSET(ORÇAMENTO!$X$15,ROW(AG27)-ROW(AG$15),0),0)","v":0},{"$f":"IF(AND($D27=\"Serviço\",AH$12<>0,$H27>0,OR(AUTOEVENTO<>\"manual\",$M27<>1)),ROUND(OFFSET($P27,0,AH$13),15-13*ORÇAMENTO!$AF$7)/$H27*OFFSET(ORÇAMENTO!$X$15,ROW(AH27)-ROW(AH$15),0),0)","v":0},{"$f":"IF(AND($D27=\"Serviço\",AI$12<>0,$H27>0,OR(AUTOEVENTO<>\"manual\",$M27<>1)),ROUND(OFFSET($P27,0,AI$13),15-13*ORÇAMENTO!$AF$7)/$H27*OFFSET(ORÇAMENTO!$X$15,ROW(AI27)-ROW(AI$15),0),0)","v":0},{"$f":"IF(AND($D27=\"Serviço\",AJ$12<>0,$H27>0,OR(AUTOEVENTO<>\"manual\",$M27<>1)),ROUND(OFFSET($P27,0,AJ$13),15-13*ORÇAMENTO!$AF$7)/$H27*OFFSET(ORÇAMENTO!$X$15,ROW(AJ27)-ROW(AJ$15),0),0)","v":0},{"$f":"IF(AND($D27=\"Serviço\",AK$12<>0,$H27>0,OR(AUTOEVENTO<>\"manual\",$M27<>1)),ROUND(OFFSET($P27,0,AK$13),15-13*ORÇAMENTO!$AF$7)/$H27*OFFSET(ORÇAMENTO!$X$15,ROW(AK27)-ROW(AK$15),0),0)","v":0},null,{"$f":"IF($D27<>\"Serviço\",0,IF(AND(AUTOEVENTO=\"Manual\",$M27=1),0,IF(OFFSET(CRONOPLE!$F$14,$M27,AM$13)=\"\",10^12,OFFSET(CRONOPLE!$F$14,$M27,AM$13))))","v":1000000000000},{"$f":"IF($D27<>\"Serviço\",0,IF(AND(AUTOEVENTO=\"Manual\",$M27=1),0,IF(OFFSET(CRONOPLE!$F$14,$M27,AN$13)=\"\",10^12,OFFSET(CRONOPLE!$F$14,$M27,AN$13))))","v":1000000000000},{"$f":"IF($D27<>\"Serviço\",0,IF(AND(AUTOEVENTO=\"Manual\",$M27=1),0,IF(OFFSET(CRONOPLE!$F$14,$M27,AO$13)=\"\",10^12,OFFSET(CRONOPLE!$F$14,$M27,AO$13))))","v":1000000000000},{"$f":"IF($D27<>\"Serviço\",0,IF(AND(AUTOEVENTO=\"Manual\",$M27=1),0,IF(OFFSET(CRONOPLE!$F$14,$M27,AP$13)=\"\",10^12,OFFSET(CRONOPLE!$F$14,$M27,AP$13))))","v":1000000000000},{"$f":"IF($D27<>\"Serviço\",0,IF(AND(AUTOEVENTO=\"Manual\",$M27=1),0,IF(OFFSET(CRONOPLE!$F$14,$M27,AQ$13)=\"\",10^12,OFFSET(CRONOPLE!$F$14,$M27,AQ$13))))","v":1000000000000},{"$f":"IF($D27<>\"Serviço\",0,IF(AND(AUTOEVENTO=\"Manual\",$M27=1),0,IF(OFFSET(CRONOPLE!$F$14,$M27,AR$13)=\"\",10^12,OFFSET(CRONOPLE!$F$14,$M27,AR$13))))","v":1000000000000},{"$f":"IF($D27<>\"Serviço\",0,IF(AND(AUTOEVENTO=\"Manual\",$M27=1),0,IF(OFFSET(CRONOPLE!$F$14,$M27,AS$13)=\"\",10^12,OFFSET(CRONOPLE!$F$14,$M27,AS$13))))","v":1000000000000},{"$f":"IF($D27<>\"Serviço\",0,IF(AND(AUTOEVENTO=\"Manual\",$M27=1),0,IF(OFFSET(CRONOPLE!$F$14,$M27,AT$13)=\"\",10^12,OFFSET(CRONOPLE!$F$14,$M27,AT$13))))","v":1000000000000},{"$f":"IF($D27<>\"Serviço\",0,IF(AND(AUTOEVENTO=\"Manual\",$M27=1),0,IF(OFFSET(CRONOPLE!$F$14,$M27,AU$13)=\"\",10^12,OFFSET(CRONOPLE!$F$14,$M27,AU$13))))","v":1000000000000},{"$f":"IF($D27<>\"Serviço\",0,IF(AND(AUTOEVENTO=\"Manual\",$M27=1),0,IF(OFFSET(CRONOPLE!$F$14,$M27,AV$13)=\"\",10^12,OFFSET(CRONOPLE!$F$14,$M27,AV$13))))","v":1000000000000},null,{"$f":"IF($D27<>\"Serviço\",0,IF(OR(AND(AUTOEVENTO=\"Manual\",$M27=1),$M27>(ROW(PLE.lastrow)-ROW(PLE.firstrow))),0,IF(OFFSET(PLE!$G$14,$M27,AX$13)=\"\",10^12,OFFSET(PLE!$G$14,$M27,AX$13))))","v":1000000000000},{"$f":"IF($D27<>\"Serviço\",0,IF(OR(AND(AUTOEVENTO=\"Manual\",$M27=1),$M27>(ROW(PLE.lastrow)-ROW(PLE.firstrow))),0,IF(OFFSET(PLE!$G$14,$M27,AY$13)=\"\",10^12,OFFSET(PLE!$G$14,$M27,AY$13))))","v":1000000000000},{"$f":"IF($D27<>\"Serviço\",0,IF(OR(AND(AUTOEVENTO=\"Manual\",$M27=1),$M27>(ROW(PLE.lastrow)-ROW(PLE.firstrow))),0,IF(OFFSET(PLE!$G$14,$M27,AZ$13)=\"\",10^12,OFFSET(PLE!$G$14,$M27,AZ$13))))","v":1000000000000},{"$f":"IF($D27<>\"Serviço\",0,IF(OR(AND(AUTOEVENTO=\"Manual\",$M27=1),$M27>(ROW(PLE.lastrow)-ROW(PLE.firstrow))),0,IF(OFFSET(PLE!$G$14,$M27,BA$13)=\"\",10^12,OFFSET(PLE!$G$14,$M27,BA$13))))","v":1000000000000},{"$f":"IF($D27<>\"Serviço\",0,IF(OR(AND(AUTOEVENTO=\"Manual\",$M27=1),$M27>(ROW(PLE.lastrow)-ROW(PLE.firstrow))),0,IF(OFFSET(PLE!$G$14,$M27,BB$13)=\"\",10^12,OFFSET(PLE!$G$14,$M27,BB$13))))","v":1000000000000},{"$f":"IF($D27<>\"Serviço\",0,IF(OR(AND(AUTOEVENTO=\"Manual\",$M27=1),$M27>(ROW(PLE.lastrow)-ROW(PLE.firstrow))),0,IF(OFFSET(PLE!$G$14,$M27,BC$13)=\"\",10^12,OFFSET(PLE!$G$14,$M27,BC$13))))","v":1000000000000},{"$f":"IF($D27<>\"Serviço\",0,IF(OR(AND(AUTOEVENTO=\"Manual\",$M27=1),$M27>(ROW(PLE.lastrow)-ROW(PLE.firstrow))),0,IF(OFFSET(PLE!$G$14,$M27,BD$13)=\"\",10^12,OFFSET(PLE!$G$14,$M27,BD$13))))","v":1000000000000},{"$f":"IF($D27<>\"Serviço\",0,IF(OR(AND(AUTOEVENTO=\"Manual\",$M27=1),$M27>(ROW(PLE.lastrow)-ROW(PLE.firstrow))),0,IF(OFFSET(PLE!$G$14,$M27,BE$13)=\"\",10^12,OFFSET(PLE!$G$14,$M27,BE$13))))","v":1000000000000},{"$f":"IF($D27<>\"Serviço\",0,IF(OR(AND(AUTOEVENTO=\"Manual\",$M27=1),$M27>(ROW(PLE.lastrow)-ROW(PLE.firstrow))),0,IF(OFFSET(PLE!$G$14,$M27,BF$13)=\"\",10^12,OFFSET(PLE!$G$14,$M27,BF$13))))","v":1000000000000},{"$f":"IF($D27<>\"Serviço\",0,IF(OR(AND(AUTOEVENTO=\"Manual\",$M27=1),$M27>(ROW(PLE.lastrow)-ROW(PLE.firstrow))),0,IF(OFFSET(PLE!$G$14,$M27,BG$13)=\"\",10^12,OFFSET(PLE!$G$14,$M27,BG$13))))","v":1000000000000}]
["4",{"$f":"OFFSET(ORÇAMENTO!C$15,ROW(B28)-ROW(B$15),0)","v":"S"},{"$f":"OFFSET(ORÇAMENTO!L$15,ROW(C28)-ROW(C$15),0)","v":"F"},{"$f":"OFFSET(ORÇAMENTO!N$15,ROW(D28)-ROW(D$15),0)","v":"Serviço"},{"$f":"OFFSET(ORÇAMENTO!O$15,ROW(E28)-ROW(E$15),0)","v":"1.2.9."},{"$f":"OFFSET(ORÇAMENTO!R$15,ROW(F28)-ROW(F$15),0)","v":"ARMAÇÃO DE LAJE DE UMA ESTRUTURA CONVENCIONAL DE CONCRETO ARMADO EM UM EDIFÍCIO DE MÚLTIPLOS PAVIMENTOS UTILIZANDO AÇO CA-50 DE 6,3 MM - MONTAGEM. AF_12/2015"},{"$f":"IF($D28<>\"Serviço\",\"\",OFFSET(ORÇAMENTO!S$15,ROW(G28)-ROW(G$15),0))","v":"KG"},{"$f":"IF($D28<>\"Serviço\",0,IF(ACOMPANHAMENTO=\"BM\",ROUND(OFFSET(ORÇAMENTO!AJ$15,ROW(H28)-ROW(H$15),0),15-13*ORÇAMENTO!$AF$7),SUMPRODUCT(($Q$12:$AA$12<>\"\")*ROUND($Q28:$AA28,15-13*ORÇAMENTO!$AF$7))))","v":128.19999999999999},null,null,null,".",{"$f":"IF($D28<>\"Serviço\",\"\",IF(AUTOEVENTO=\"manual\",$A28,IF(ISERROR(MATCH($A28,$A$15:OFFSET($A28,-1,0),0)),MAX($M$15:OFFSET(M28,-1,0))+1,INDEX($M$15:OFFSET(M28,-1,0),MATCH($A28,$A$15:OFFSET($A28,-1,0),0)))))","v":3},{"$f":"IF($D28<>\"Serviço\",\"\",IF(AUTOEVENTO=\"Manual\",IF($A28=0,\"<-- defina o número do agrupador\",OFFSET(EVENTOS!$D$14,$A28,0)),OFFSET($F$15,$A28,0)))","v":"ESTRUTURA"},null,null,null,null,null,null,null,null,null,null,null,null,null,{"$f":"IF(AND($D28=\"Serviço\",AB$12<>0,$H28>0,OR(AUTOEVENTO<>\"manual\",$M28<>1)),ROUND(OFFSET($P28,0,AB$13),15-13*ORÇAMENTO!$AF$7)/$H28*OFFSET(ORÇAMENTO!$X$15,ROW(AB28)-ROW(AB$15),0),0)","v":0},{"$f":"IF(AND($D28=\"Serviço\",AC$12<>0,$H28>0,OR(AUTOEVENTO<>\"manual\",$M28<>1)),ROUND(OFFSET($P28,0,AC$13),15-13*ORÇAMENTO!$AF$7)/$H28*OFFSET(ORÇAMENTO!$X$15,ROW(AC28)-ROW(AC$15),0),0)","v":0},{"$f":"IF(AND($D28=\"Serviço\",AD$12<>0,$H28>0,OR(AUTOEVENTO<>\"manual\",$M28<>1)),ROUND(OFFSET($P28,0,AD$13),15-13*ORÇAMENTO!$AF$7)/$H28*OFFSET(ORÇAMENTO!$X$15,ROW(AD28)-ROW(AD$15),0),0)","v":0},{"$f":"IF(AND($D28=\"Serviço\",AE$12<>0,$H28>0,OR(AUTOEVENTO<>\"manual\",$M28<>1)),ROUND(OFFSET($P28,0,AE$13),15-13*ORÇAMENTO!$AF$7)/$H28*OFFSET(ORÇAMENTO!$X$15,ROW(AE28)-ROW(AE$15),0),0)","v":0},{"$f":"IF(AND($D28=\"Serviço\",AF$12<>0,$H28>0,OR(AUTOEVENTO<>\"manual\",$M28<>1)),ROUND(OFFSET($P28,0,AF$13),15-13*ORÇAMENTO!$AF$7)/$H28*OFFSET(ORÇAMENTO!$X$15,ROW(AF28)-ROW(AF$15),0),0)","v":0},{"$f":"IF(AND($D28=\"Serviço\",AG$12<>0,$H28>0,OR(AUTOEVENTO<>\"manual\",$M28<>1)),ROUND(OFFSET($P28,0,AG$13),15-13*ORÇAMENTO!$AF$7)/$H28*OFFSET(ORÇAMENTO!$X$15,ROW(AG28)-ROW(AG$15),0),0)","v":0},{"$f":"IF(AND($D28=\"Serviço\",AH$12<>0,$H28>0,OR(AUTOEVENTO<>\"manual\",$M28<>1)),ROUND(OFFSET($P28,0,AH$13),15-13*ORÇAMENTO!$AF$7)/$H28*OFFSET(ORÇAMENTO!$X$15,ROW(AH28)-ROW(AH$15),0),0)","v":0},{"$f":"IF(AND($D28=\"Serviço\",AI$12<>0,$H28>0,OR(AUTOEVENTO<>\"manual\",$M28<>1)),ROUND(OFFSET($P28,0,AI$13),15-13*ORÇAMENTO!$AF$7)/$H28*OFFSET(ORÇAMENTO!$X$15,ROW(AI28)-ROW(AI$15),0),0)","v":0},{"$f":"IF(AND($D28=\"Serviço\",AJ$12<>0,$H28>0,OR(AUTOEVENTO<>\"manual\",$M28<>1)),ROUND(OFFSET($P28,0,AJ$13),15-13*ORÇAMENTO!$AF$7)/$H28*OFFSET(ORÇAMENTO!$X$15,ROW(AJ28)-ROW(AJ$15),0),0)","v":0},{"$f":"IF(AND($D28=\"Serviço\",AK$12<>0,$H28>0,OR(AUTOEVENTO<>\"manual\",$M28<>1)),ROUND(OFFSET($P28,0,AK$13),15-13*ORÇAMENTO!$AF$7)/$H28*OFFSET(ORÇAMENTO!$X$15,ROW(AK28)-ROW(AK$15),0),0)","v":0},null,{"$f":"IF($D28<>\"Serviço\",0,IF(AND(AUTOEVENTO=\"Manual\",$M28=1),0,IF(OFFSET(CRONOPLE!$F$14,$M28,AM$13)=\"\",10^12,OFFSET(CRONOPLE!$F$14,$M28,AM$13))))","v":1000000000000},{"$f":"IF($D28<>\"Serviço\",0,IF(AND(AUTOEVENTO=\"Manual\",$M28=1),0,IF(OFFSET(CRONOPLE!$F$14,$M28,AN$13)=\"\",10^12,OFFSET(CRONOPLE!$F$14,$M28,AN$13))))","v":1000000000000},{"$f":"IF($D28<>\"Serviço\",0,IF(AND(AUTOEVENTO=\"Manual\",$M28=1),0,IF(OFFSET(CRONOPLE!$F$14,$M28,AO$13)=\"\",10^12,OFFSET(CRONOPLE!$F$14,$M28,AO$13))))","v":1000000000000},{"$f":"IF($D28<>\"Serviço\",0,IF(AND(AUTOEVENTO=\"Manual\",$M28=1),0,IF(OFFSET(CRONOPLE!$F$14,$M28,AP$13)=\"\",10^12,OFFSET(CRONOPLE!$F$14,$M28,AP$13))))","v":1000000000000},{"$f":"IF($D28<>\"Serviço\",0,IF(AND(AUTOEVENTO=\"Manual\",$M28=1),0,IF(OFFSET(CRONOPLE!$F$14,$M28,AQ$13)=\"\",10^12,OFFSET(CRONOPLE!$F$14,$M28,AQ$13))))","v":1000000000000},{"$f":"IF($D28<>\"Serviço\",0,IF(AND(AUTOEVENTO=\"Manual\",$M28=1),0,IF(OFFSET(CRONOPLE!$F$14,$M28,AR$13)=\"\",10^12,OFFSET(CRONOPLE!$F$14,$M28,AR$13))))","v":1000000000000},{"$f":"IF($D28<>\"Serviço\",0,IF(AND(AUTOEVENTO=\"Manual\",$M28=1),0,IF(OFFSET(CRONOPLE!$F$14,$M28,AS$13)=\"\",10^12,OFFSET(CRONOPLE!$F$14,$M28,AS$13))))","v":1000000000000},{"$f":"IF($D28<>\"Serviço\",0,IF(AND(AUTOEVENTO=\"Manual\",$M28=1),0,IF(OFFSET(CRONOPLE!$F$14,$M28,AT$13)=\"\",10^12,OFFSET(CRONOPLE!$F$14,$M28,AT$13))))","v":1000000000000},{"$f":"IF($D28<>\"Serviço\",0,IF(AND(AUTOEVENTO=\"Manual\",$M28=1),0,IF(OFFSET(CRONOPLE!$F$14,$M28,AU$13)=\"\",10^12,OFFSET(CRONOPLE!$F$14,$M28,AU$13))))","v":1000000000000},{"$f":"IF($D28<>\"Serviço\",0,IF(AND(AUTOEVENTO=\"Manual\",$M28=1),0,IF(OFFSET(CRONOPLE!$F$14,$M28,AV$13)=\"\",10^12,OFFSET(CRONOPLE!$F$14,$M28,AV$13))))","v":1000000000000},null,{"$f":"IF($D28<>\"Serviço\",0,IF(OR(AND(AUTOEVENTO=\"Manual\",$M28=1),$M28>(ROW(PLE.lastrow)-ROW(PLE.firstrow))),0,IF(OFFSET(PLE!$G$14,$M28,AX$13)=\"\",10^12,OFFSET(PLE!$G$14,$M28,AX$13))))","v":1000000000000},{"$f":"IF($D28<>\"Serviço\",0,IF(OR(AND(AUTOEVENTO=\"Manual\",$M28=1),$M28>(ROW(PLE.lastrow)-ROW(PLE.firstrow))),0,IF(OFFSET(PLE!$G$14,$M28,AY$13)=\"\",10^12,OFFSET(PLE!$G$14,$M28,AY$13))))","v":1000000000000},{"$f":"IF($D28<>\"Serviço\",0,IF(OR(AND(AUTOEVENTO=\"Manual\",$M28=1),$M28>(ROW(PLE.lastrow)-ROW(PLE.firstrow))),0,IF(OFFSET(PLE!$G$14,$M28,AZ$13)=\"\",10^12,OFFSET(PLE!$G$14,$M28,AZ$13))))","v":1000000000000},{"$f":"IF($D28<>\"Serviço\",0,IF(OR(AND(AUTOEVENTO=\"Manual\",$M28=1),$M28>(ROW(PLE.lastrow)-ROW(PLE.firstrow))),0,IF(OFFSET(PLE!$G$14,$M28,BA$13)=\"\",10^12,OFFSET(PLE!$G$14,$M28,BA$13))))","v":1000000000000},{"$f":"IF($D28<>\"Serviço\",0,IF(OR(AND(AUTOEVENTO=\"Manual\",$M28=1),$M28>(ROW(PLE.lastrow)-ROW(PLE.firstrow))),0,IF(OFFSET(PLE!$G$14,$M28,BB$13)=\"\",10^12,OFFSET(PLE!$G$14,$M28,BB$13))))","v":1000000000000},{"$f":"IF($D28<>\"Serviço\",0,IF(OR(AND(AUTOEVENTO=\"Manual\",$M28=1),$M28>(ROW(PLE.lastrow)-ROW(PLE.firstrow))),0,IF(OFFSET(PLE!$G$14,$M28,BC$13)=\"\",10^12,OFFSET(PLE!$G$14,$M28,BC$13))))","v":1000000000000},{"$f":"IF($D28<>\"Serviço\",0,IF(OR(AND(AUTOEVENTO=\"Manual\",$M28=1),$M28>(ROW(PLE.lastrow)-ROW(PLE.firstrow))),0,IF(OFFSET(PLE!$G$14,$M28,BD$13)=\"\",10^12,OFFSET(PLE!$G$14,$M28,BD$13))))","v":1000000000000},{"$f":"IF($D28<>\"Serviço\",0,IF(OR(AND(AUTOEVENTO=\"Manual\",$M28=1),$M28>(ROW(PLE.lastrow)-ROW(PLE.firstrow))),0,IF(OFFSET(PLE!$G$14,$M28,BE$13)=\"\",10^12,OFFSET(PLE!$G$14,$M28,BE$13))))","v":1000000000000},{"$f":"IF($D28<>\"Serviço\",0,IF(OR(AND(AUTOEVENTO=\"Manual\",$M28=1),$M28>(ROW(PLE.lastrow)-ROW(PLE.firstrow))),0,IF(OFFSET(PLE!$G$14,$M28,BF$13)=\"\",10^12,OFFSET(PLE!$G$14,$M28,BF$13))))","v":1000000000000},{"$f":"IF($D28<>\"Serviço\",0,IF(OR(AND(AUTOEVENTO=\"Manual\",$M28=1),$M28>(ROW(PLE.lastrow)-ROW(PLE.firstrow))),0,IF(OFFSET(PLE!$G$14,$M28,BG$13)=\"\",10^12,OFFSET(PLE!$G$14,$M28,BG$13))))","v":1000000000000}]
["4",{"$f":"OFFSET(ORÇAMENTO!C$15,ROW(B29)-ROW(B$15),0)","v":"S"},{"$f":"OFFSET(ORÇAMENTO!L$15,ROW(C29)-ROW(C$15),0)","v":"F"},{"$f":"OFFSET(ORÇAMENTO!N$15,ROW(D29)-ROW(D$15),0)","v":"Serviço"},{"$f":"OFFSET(ORÇAMENTO!O$15,ROW(E29)-ROW(E$15),0)","v":"1.2.10."},{"$f":"OFFSET(ORÇAMENTO!R$15,ROW(F29)-ROW(F$15),0)","v":"ARMAÇÃO DE LAJE DE UMA ESTRUTURA CONVENCIONAL DE CONCRETO ARMADO EM UM EDIFÍCIO DE MÚLTIPLOS PAVIMENTOS UTILIZANDO AÇO CA-50 DE 8,0 MM - MONTAGEM. AF_12/2015"},{"$f":"IF($D29<>\"Serviço\",\"\",OFFSET(ORÇAMENTO!S$15,ROW(G29)-ROW(G$15),0))","v":"KG"},{"$f":"IF($D29<>\"Serviço\",0,IF(ACOMPANHAMENTO=\"BM\",ROUND(OFFSET(ORÇAMENTO!AJ$15,ROW(H29)-ROW(H$15),0),15-13*ORÇAMENTO!$AF$7),SUMPRODUCT(($Q$12:$AA$12<>\"\")*ROUND($Q29:$AA29,15-13*ORÇAMENTO!$AF$7))))","v":306.3},null,null,null,".",{"$f":"IF($D29<>\"Serviço\",\"\",IF(AUTOEVENTO=\"manual\",$A29,IF(ISERROR(MATCH($A29,$A$15:OFFSET($A29,-1,0),0)),MAX($M$15:OFFSET(M29,-1,0))+1,INDEX($M$15:OFFSET(M29,-1,0),MATCH($A29,$A$15:OFFSET($A29,-1,0),0)))))","v":3},{"$f":"IF($D29<>\"Serviço\",\"\",IF(AUTOEVENTO=\"Manual\",IF($A29=0,\"<-- defina o número do agrupador\",OFFSET(EVENTOS!$D$14,$A29,0)),OFFSET($F$15,$A29,0)))","v":"ESTRUTURA"},null,null,null,null,null,null,null,null,null,null,null,null,null,{"$f":"IF(AND($D29=\"Serviço\",AB$12<>0,$H29>0,OR(AUTOEVENTO<>\"manual\",$M29<>1)),ROUND(OFFSET($P29,0,AB$13),15-13*ORÇAMENTO!$AF$7)/$H29*OFFSET(ORÇAMENTO!$X$15,ROW(AB29)-ROW(AB$15),0),0)","v":0},{"$f":"IF(AND($D29=\"Serviço\",AC$12<>0,$H29>0,OR(AUTOEVENTO<>\"manual\",$M29<>1)),ROUND(OFFSET($P29,0,AC$13),15-13*ORÇAMENTO!$AF$7)/$H29*OFFSET(ORÇAMENTO!$X$15,ROW(AC29)-ROW(AC$15),0),0)","v":0},{"$f":"IF(AND($D29=\"Serviço\",AD$12<>0,$H29>0,OR(AUTOEVENTO<>\"manual\",$M29<>1)),ROUND(OFFSET($P29,0,AD$13),15-13*ORÇAMENTO!$AF$7)/$H29*OFFSET(ORÇAMENTO!$X$15,ROW(AD29)-ROW(AD$15),0),0)","v":0},{"$f":"IF(AND($D29=\"Serviço\",AE$12<>0,$H29>0,OR(AUTOEVENTO<>\"manual\",$M29<>1)),ROUND(OFFSET($P29,0,AE$13),15-13*ORÇAMENTO!$AF$7)/$H29*OFFSET(ORÇAMENTO!$X$15,ROW(AE29)-ROW(AE$15),0),0)","v":0},{"$f":"IF(AND($D29=\"Serviço\",AF$12<>0,$H29>0,OR(AUTOEVENTO<>\"manual\",$M29<>1)),ROUND(OFFSET($P29,0,AF$13),15-13*ORÇAMENTO!$AF$7)/$H29*OFFSET(ORÇAMENTO!$X$15,ROW(AF29)-ROW(AF$15),0),0)","v":0},{"$f":"IF(AND($D29=\"Serviço\",AG$12<>0,$H29>0,OR(AUTOEVENTO<>\"manual\",$M29<>1)),ROUND(OFFSET($P29,0,AG$13),15-13*ORÇAMENTO!$AF$7)/$H29*OFFSET(ORÇAMENTO!$X$15,ROW(AG29)-ROW(AG$15),0),0)","v":0},{"$f":"IF(AND($D29=\"Serviço\",AH$12<>0,$H29>0,OR(AUTOEVENTO<>\"manual\",$M29<>1)),ROUND(OFFSET($P29,0,AH$13),15-13*ORÇAMENTO!$AF$7)/$H29*OFFSET(ORÇAMENTO!$X$15,ROW(AH29)-ROW(AH$15),0),0)","v":0},{"$f":"IF(AND($D29=\"Serviço\",AI$12<>0,$H29>0,OR(AUTOEVENTO<>\"manual\",$M29<>1)),ROUND(OFFSET($P29,0,AI$13),15-13*ORÇAMENTO!$AF$7)/$H29*OFFSET(ORÇAMENTO!$X$15,ROW(AI29)-ROW(AI$15),0),0)","v":0},{"$f":"IF(AND($D29=\"Serviço\",AJ$12<>0,$H29>0,OR(AUTOEVENTO<>\"manual\",$M29<>1)),ROUND(OFFSET($P29,0,AJ$13),15-13*ORÇAMENTO!$AF$7)/$H29*OFFSET(ORÇAMENTO!$X$15,ROW(AJ29)-ROW(AJ$15),0),0)","v":0},{"$f":"IF(AND($D29=\"Serviço\",AK$12<>0,$H29>0,OR(AUTOEVENTO<>\"manual\",$M29<>1)),ROUND(OFFSET($P29,0,AK$13),15-13*ORÇAMENTO!$AF$7)/$H29*OFFSET(ORÇAMENTO!$X$15,ROW(AK29)-ROW(AK$15),0),0)","v":0},null,{"$f":"IF($D29<>\"Serviço\",0,IF(AND(AUTOEVENTO=\"Manual\",$M29=1),0,IF(OFFSET(CRONOPLE!$F$14,$M29,AM$13)=\"\",10^12,OFFSET(CRONOPLE!$F$14,$M29,AM$13))))","v":1000000000000},{"$f":"IF($D29<>\"Serviço\",0,IF(AND(AUTOEVENTO=\"Manual\",$M29=1),0,IF(OFFSET(CRONOPLE!$F$14,$M29,AN$13)=\"\",10^12,OFFSET(CRONOPLE!$F$14,$M29,AN$13))))","v":1000000000000},{"$f":"IF($D29<>\"Serviço\",0,IF(AND(AUTOEVENTO=\"Manual\",$M29=1),0,IF(OFFSET(CRONOPLE!$F$14,$M29,AO$13)=\"\",10^12,OFFSET(CRONOPLE!$F$14,$M29,AO$13))))","v":1000000000000},{"$f":"IF($D29<>\"Serviço\",0,IF(AND(AUTOEVENTO=\"Manual\",$M29=1),0,IF(OFFSET(CRONOPLE!$F$14,$M29,AP$13)=\"\",10^12,OFFSET(CRONOPLE!$F$14,$M29,AP$13))))","v":1000000000000},{"$f":"IF($D29<>\"Serviço\",0,IF(AND(AUTOEVENTO=\"Manual\",$M29=1),0,IF(OFFSET(CRONOPLE!$F$14,$M29,AQ$13)=\"\",10^12,OFFSET(CRONOPLE!$F$14,$M29,AQ$13))))","v":1000000000000},{"$f":"IF($D29<>\"Serviço\",0,IF(AND(AUTOEVENTO=\"Manual\",$M29=1),0,IF(OFFSET(CRONOPLE!$F$14,$M29,AR$13)=\"\",10^12,OFFSET(CRONOPLE!$F$14,$M29,AR$13))))","v":1000000000000},{"$f":"IF($D29<>\"Serviço\",0,IF(AND(AUTOEVENTO=\"Manual\",$M29=1),0,IF(OFFSET(CRONOPLE!$F$14,$M29,AS$13)=\"\",10^12,OFFSET(CRONOPLE!$F$14,$M29,AS$13))))","v":1000000000000},{"$f":"IF($D29<>\"Serviço\",0,IF(AND(AUTOEVENTO=\"Manual\",$M29=1),0,IF(OFFSET(CRONOPLE!$F$14,$M29,AT$13)=\"\",10^12,OFFSET(CRONOPLE!$F$14,$M29,AT$13))))","v":1000000000000},{"$f":"IF($D29<>\"Serviço\",0,IF(AND(AUTOEVENTO=\"Manual\",$M29=1),0,IF(OFFSET(CRONOPLE!$F$14,$M29,AU$13)=\"\",10^12,OFFSET(CRONOPLE!$F$14,$M29,AU$13))))","v":1000000000000},{"$f":"IF($D29<>\"Serviço\",0,IF(AND(AUTOEVENTO=\"Manual\",$M29=1),0,IF(OFFSET(CRONOPLE!$F$14,$M29,AV$13)=\"\",10^12,OFFSET(CRONOPLE!$F$14,$M29,AV$13))))","v":1000000000000},null,{"$f":"IF($D29<>\"Serviço\",0,IF(OR(AND(AUTOEVENTO=\"Manual\",$M29=1),$M29>(ROW(PLE.lastrow)-ROW(PLE.firstrow))),0,IF(OFFSET(PLE!$G$14,$M29,AX$13)=\"\",10^12,OFFSET(PLE!$G$14,$M29,AX$13))))","v":1000000000000},{"$f":"IF($D29<>\"Serviço\",0,IF(OR(AND(AUTOEVENTO=\"Manual\",$M29=1),$M29>(ROW(PLE.lastrow)-ROW(PLE.firstrow))),0,IF(OFFSET(PLE!$G$14,$M29,AY$13)=\"\",10^12,OFFSET(PLE!$G$14,$M29,AY$13))))","v":1000000000000},{"$f":"IF($D29<>\"Serviço\",0,IF(OR(AND(AUTOEVENTO=\"Manual\",$M29=1),$M29>(ROW(PLE.lastrow)-ROW(PLE.firstrow))),0,IF(OFFSET(PLE!$G$14,$M29,AZ$13)=\"\",10^12,OFFSET(PLE!$G$14,$M29,AZ$13))))","v":1000000000000},{"$f":"IF($D29<>\"Serviço\",0,IF(OR(AND(AUTOEVENTO=\"Manual\",$M29=1),$M29>(ROW(PLE.lastrow)-ROW(PLE.firstrow))),0,IF(OFFSET(PLE!$G$14,$M29,BA$13)=\"\",10^12,OFFSET(PLE!$G$14,$M29,BA$13))))","v":1000000000000},{"$f":"IF($D29<>\"Serviço\",0,IF(OR(AND(AUTOEVENTO=\"Manual\",$M29=1),$M29>(ROW(PLE.lastrow)-ROW(PLE.firstrow))),0,IF(OFFSET(PLE!$G$14,$M29,BB$13)=\"\",10^12,OFFSET(PLE!$G$14,$M29,BB$13))))","v":1000000000000},{"$f":"IF($D29<>\"Serviço\",0,IF(OR(AND(AUTOEVENTO=\"Manual\",$M29=1),$M29>(ROW(PLE.lastrow)-ROW(PLE.firstrow))),0,IF(OFFSET(PLE!$G$14,$M29,BC$13)=\"\",10^12,OFFSET(PLE!$G$14,$M29,BC$13))))","v":1000000000000},{"$f":"IF($D29<>\"Serviço\",0,IF(OR(AND(AUTOEVENTO=\"Manual\",$M29=1),$M29>(ROW(PLE.lastrow)-ROW(PLE.firstrow))),0,IF(OFFSET(PLE!$G$14,$M29,BD$13)=\"\",10^12,OFFSET(PLE!$G$14,$M29,BD$13))))","v":1000000000000},{"$f":"IF($D29<>\"Serviço\",0,IF(OR(AND(AUTOEVENTO=\"Manual\",$M29=1),$M29>(ROW(PLE.lastrow)-ROW(PLE.firstrow))),0,IF(OFFSET(PLE!$G$14,$M29,BE$13)=\"\",10^12,OFFSET(PLE!$G$14,$M29,BE$13))))","v":1000000000000},{"$f":"IF($D29<>\"Serviço\",0,IF(OR(AND(AUTOEVENTO=\"Manual\",$M29=1),$M29>(ROW(PLE.lastrow)-ROW(PLE.firstrow))),0,IF(OFFSET(PLE!$G$14,$M29,BF$13)=\"\",10^12,OFFSET(PLE!$G$14,$M29,BF$13))))","v":1000000000000},{"$f":"IF($D29<>\"Serviço\",0,IF(OR(AND(AUTOEVENTO=\"Manual\",$M29=1),$M29>(ROW(PLE.lastrow)-ROW(PLE.firstrow))),0,IF(OFFSET(PLE!$G$14,$M29,BG$13)=\"\",10^12,OFFSET(PLE!$G$14,$M29,BG$13))))","v":1000000000000}]
[{"$f":"IF(AUTOEVENTO=\"Manual\",IF(K30<>\"\",MIN(VALUE(LEFT(K30,FIND(\".\",K30)-1)),COUNTA(EVENTOS.Lista)),0),IF(OR($B30>AUTOEVENTO,$B30=\"S\",$B30=0),SUBSTITUTE(OFFSET($A30,-1,0),IF($D30=\"Serviço\",\".\",\"\"),\"\"),ROW(A30)-ROW($A$15)&\".\"))","v":"4"},{"$f":"OFFSET(ORÇAMENTO!C$15,ROW(B30)-ROW(B$15),0)","v":"S"},{"$f":"OFFSET(ORÇAMENTO!L$15,ROW(C30)-ROW(C$15),0)","v":"F"},{"$f":"OFFSET(ORÇAMENTO!N$15,ROW(D30)-ROW(D$15),0)","v":"Serviço"},{"$f":"OFFSET(ORÇAMENTO!O$15,ROW(E30)-ROW(E$15),0)","v":"1.2.11."},{"$f":"OFFSET(ORÇAMENTO!R$15,ROW(F30)-ROW(F$15),0)","v":"ARMAÇÃO DE LAJE DE UMA ESTRUTURA CONVENCIONAL DE CONCRETO ARMADO EM UM EDIFÍCIO DE MÚLTIPLOS PAVIMENTOS UTILIZANDO AÇO CA-50 DE 10,0 MM - MONTAGEM. AF_12/2015"},{"$f":"IF($D30<>\"Serviço\",\"\",OFFSET(ORÇAMENTO!S$15,ROW(G30)-ROW(G$15),0))","v":"KG"},{"$f":"IF($D30<>\"Serviço\",0,IF(ACOMPANHAMENTO=\"BM\",ROUND(OFFSET(ORÇAMENTO!AJ$15,ROW(H30)-ROW(H$15),0),15-13*ORÇAMENTO!$AF$7),SUMPRODUCT(($Q$12:$AA$12<>\"\")*ROUND($Q30:$AA30,15-13*ORÇAMENTO!$AF$7))))","v":67.5},null,null,null,".",{"$f":"IF($D30<>\"Serviço\",\"\",IF(AUTOEVENTO=\"manual\",$A30,IF(ISERROR(MATCH($A30,$A$15:OFFSET($A30,-1,0),0)),MAX($M$15:OFFSET(M30,-1,0))+1,INDEX($M$15:OFFSET(M30,-1,0),MATCH($A30,$A$15:OFFSET($A30,-1,0),0)))))","v":3},{"$f":"IF($D30<>\"Serviço\",\"\",IF(AUTOEVENTO=\"Manual\",IF($A30=0,\"<-- defina o número do agrupador\",OFFSET(EVENTOS!$D$14,$A30,0)),OFFSET($F$15,$A30,0)))","v":"ESTRUTURA"},null,null,null,null,null,null,null,null,null,null,null,null,null,{"$f":"IF(AND($D30=\"Serviço\",AB$12<>0,$H30>0,OR(AUTOEVENTO<>\"manual\",$M30<>1)),ROUND(OFFSET($P30,0,AB$13),15-13*ORÇAMENTO!$AF$7)/$H30*OFFSET(ORÇAMENTO!$X$15,ROW(AB30)-ROW(AB$15),0),0)","v":0},{"$f":"IF(AND($D30=\"Serviço\",AC$12<>0,$H30>0,OR(AUTOEVENTO<>\"manual\",$M30<>1)),ROUND(OFFSET($P30,0,AC$13),15-13*ORÇAMENTO!$AF$7)/$H30*OFFSET(ORÇAMENTO!$X$15,ROW(AC30)-ROW(AC$15),0),0)","v":0},{"$f":"IF(AND($D30=\"Serviço\",AD$12<>0,$H30>0,OR(AUTOEVENTO<>\"manual\",$M30<>1)),ROUND(OFFSET($P30,0,AD$13),15-13*ORÇAMENTO!$AF$7)/$H30*OFFSET(ORÇAMENTO!$X$15,ROW(AD30)-ROW(AD$15),0),0)","v":0},{"$f":"IF(AND($D30=\"Serviço\",AE$12<>0,$H30>0,OR(AUTOEVENTO<>\"manual\",$M30<>1)),ROUND(OFFSET($P30,0,AE$13),15-13*ORÇAMENTO!$AF$7)/$H30*OFFSET(ORÇAMENTO!$X$15,ROW(AE30)-ROW(AE$15),0),0)","v":0},{"$f":"IF(AND($D30=\"Serviço\",AF$12<>0,$H30>0,OR(AUTOEVENTO<>\"manual\",$M30<>1)),ROUND(OFFSET($P30,0,AF$13),15-13*ORÇAMENTO!$AF$7)/$H30*OFFSET(ORÇAMENTO!$X$15,ROW(AF30)-ROW(AF$15),0),0)","v":0},{"$f":"IF(AND($D30=\"Serviço\",AG$12<>0,$H30>0,OR(AUTOEVENTO<>\"manual\",$M30<>1)),ROUND(OFFSET($P30,0,AG$13),15-13*ORÇAMENTO!$AF$7)/$H30*OFFSET(ORÇAMENTO!$X$15,ROW(AG30)-ROW(AG$15),0),0)","v":0},{"$f":"IF(AND($D30=\"Serviço\",AH$12<>0,$H30>0,OR(AUTOEVENTO<>\"manual\",$M30<>1)),ROUND(OFFSET($P30,0,AH$13),15-13*ORÇAMENTO!$AF$7)/$H30*OFFSET(ORÇAMENTO!$X$15,ROW(AH30)-ROW(AH$15),0),0)","v":0},{"$f":"IF(AND($D30=\"Serviço\",AI$12<>0,$H30>0,OR(AUTOEVENTO<>\"manual\",$M30<>1)),ROUND(OFFSET($P30,0,AI$13),15-13*ORÇAMENTO!$AF$7)/$H30*OFFSET(ORÇAMENTO!$X$15,ROW(AI30)-ROW(AI$15),0),0)","v":0},{"$f":"IF(AND($D30=\"Serviço\",AJ$12<>0,$H30>0,OR(AUTOEVENTO<>\"manual\",$M30<>1)),ROUND(OFFSET($P30,0,AJ$13),15-13*ORÇAMENTO!$AF$7)/$H30*OFFSET(ORÇAMENTO!$X$15,ROW(AJ30)-ROW(AJ$15),0),0)","v":0},{"$f":"IF(AND($D30=\"Serviço\",AK$12<>0,$H30>0,OR(AUTOEVENTO<>\"manual\",$M30<>1)),ROUND(OFFSET($P30,0,AK$13),15-13*ORÇAMENTO!$AF$7)/$H30*OFFSET(ORÇAMENTO!$X$15,ROW(AK30)-ROW(AK$15),0),0)","v":0},null,{"$f":"IF($D30<>\"Serviço\",0,IF(AND(AUTOEVENTO=\"Manual\",$M30=1),0,IF(OFFSET(CRONOPLE!$F$14,$M30,AM$13)=\"\",10^12,OFFSET(CRONOPLE!$F$14,$M30,AM$13))))","v":1000000000000},{"$f":"IF($D30<>\"Serviço\",0,IF(AND(AUTOEVENTO=\"Manual\",$M30=1),0,IF(OFFSET(CRONOPLE!$F$14,$M30,AN$13)=\"\",10^12,OFFSET(CRONOPLE!$F$14,$M30,AN$13))))","v":1000000000000},{"$f":"IF($D30<>\"Serviço\",0,IF(AND(AUTOEVENTO=\"Manual\",$M30=1),0,IF(OFFSET(CRONOPLE!$F$14,$M30,AO$13)=\"\",10^12,OFFSET(CRONOPLE!$F$14,$M30,AO$13))))","v":1000000000000},{"$f":"IF($D30<>\"Serviço\",0,IF(AND(AUTOEVENTO=\"Manual\",$M30=1),0,IF(OFFSET(CRONOPLE!$F$14,$M30,AP$13)=\"\",10^12,OFFSET(CRONOPLE!$F$14,$M30,AP$13))))","v":1000000000000},{"$f":"IF($D30<>\"Serviço\",0,IF(AND(AUTOEVENTO=\"Manual\",$M30=1),0,IF(OFFSET(CRONOPLE!$F$14,$M30,AQ$13)=\"\",10^12,OFFSET(CRONOPLE!$F$14,$M30,AQ$13))))","v":1000000000000},{"$f":"IF($D30<>\"Serviço\",0,IF(AND(AUTOEVENTO=\"Manual\",$M30=1),0,IF(OFFSET(CRONOPLE!$F$14,$M30,AR$13)=\"\",10^12,OFFSET(CRONOPLE!$F$14,$M30,AR$13))))","v":1000000000000},{"$f":"IF($D30<>\"Serviço\",0,IF(AND(AUTOEVENTO=\"Manual\",$M30=1),0,IF(OFFSET(CRONOPLE!$F$14,$M30,AS$13)=\"\",10^12,OFFSET(CRONOPLE!$F$14,$M30,AS$13))))","v":1000000000000},{"$f":"IF($D30<>\"Serviço\",0,IF(AND(AUTOEVENTO=\"Manual\",$M30=1),0,IF(OFFSET(CRONOPLE!$F$14,$M30,AT$13)=\"\",10^12,OFFSET(CRONOPLE!$F$14,$M30,AT$13))))","v":1000000000000},{"$f":"IF($D30<>\"Serviço\",0,IF(AND(AUTOEVENTO=\"Manual\",$M30=1),0,IF(OFFSET(CRONOPLE!$F$14,$M30,AU$13)=\"\",10^12,OFFSET(CRONOPLE!$F$14,$M30,AU$13))))","v":1000000000000},{"$f":"IF($D30<>\"Serviço\",0,IF(AND(AUTOEVENTO=\"Manual\",$M30=1),0,IF(OFFSET(CRONOPLE!$F$14,$M30,AV$13)=\"\",10^12,OFFSET(CRONOPLE!$F$14,$M30,AV$13))))","v":1000000000000},null,{"$f":"IF($D30<>\"Serviço\",0,IF(OR(AND(AUTOEVENTO=\"Manual\",$M30=1),$M30>(ROW(PLE.lastrow)-ROW(PLE.firstrow))),0,IF(OFFSET(PLE!$G$14,$M30,AX$13)=\"\",10^12,OFFSET(PLE!$G$14,$M30,AX$13))))","v":1000000000000},{"$f":"IF($D30<>\"Serviço\",0,IF(OR(AND(AUTOEVENTO=\"Manual\",$M30=1),$M30>(ROW(PLE.lastrow)-ROW(PLE.firstrow))),0,IF(OFFSET(PLE!$G$14,$M30,AY$13)=\"\",10^12,OFFSET(PLE!$G$14,$M30,AY$13))))","v":1000000000000},{"$f":"IF($D30<>\"Serviço\",0,IF(OR(AND(AUTOEVENTO=\"Manual\",$M30=1),$M30>(ROW(PLE.lastrow)-ROW(PLE.firstrow))),0,IF(OFFSET(PLE!$G$14,$M30,AZ$13)=\"\",10^12,OFFSET(PLE!$G$14,$M30,AZ$13))))","v":1000000000000},{"$f":"IF($D30<>\"Serviço\",0,IF(OR(AND(AUTOEVENTO=\"Manual\",$M30=1),$M30>(ROW(PLE.lastrow)-ROW(PLE.firstrow))),0,IF(OFFSET(PLE!$G$14,$M30,BA$13)=\"\",10^12,OFFSET(PLE!$G$14,$M30,BA$13))))","v":1000000000000},{"$f":"IF($D30<>\"Serviço\",0,IF(OR(AND(AUTOEVENTO=\"Manual\",$M30=1),$M30>(ROW(PLE.lastrow)-ROW(PLE.firstrow))),0,IF(OFFSET(PLE!$G$14,$M30,BB$13)=\"\",10^12,OFFSET(PLE!$G$14,$M30,BB$13))))","v":1000000000000},{"$f":"IF($D30<>\"Serviço\",0,IF(OR(AND(AUTOEVENTO=\"Manual\",$M30=1),$M30>(ROW(PLE.lastrow)-ROW(PLE.firstrow))),0,IF(OFFSET(PLE!$G$14,$M30,BC$13)=\"\",10^12,OFFSET(PLE!$G$14,$M30,BC$13))))","v":1000000000000},{"$f":"IF($D30<>\"Serviço\",0,IF(OR(AND(AUTOEVENTO=\"Manual\",$M30=1),$M30>(ROW(PLE.lastrow)-ROW(PLE.firstrow))),0,IF(OFFSET(PLE!$G$14,$M30,BD$13)=\"\",10^12,OFFSET(PLE!$G$14,$M30,BD$13))))","v":1000000000000},{"$f":"IF($D30<>\"Serviço\",0,IF(OR(AND(AUTOEVENTO=\"Manual\",$M30=1),$M30>(ROW(PLE.lastrow)-ROW(PLE.firstrow))),0,IF(OFFSET(PLE!$G$14,$M30,BE$13)=\"\",10^12,OFFSET(PLE!$G$14,$M30,BE$13))))","v":1000000000000},{"$f":"IF($D30<>\"Serviço\",0,IF(OR(AND(AUTOEVENTO=\"Manual\",$M30=1),$M30>(ROW(PLE.lastrow)-ROW(PLE.firstrow))),0,IF(OFFSET(PLE!$G$14,$M30,BF$13)=\"\",10^12,OFFSET(PLE!$G$14,$M30,BF$13))))","v":1000000000000},{"$f":"IF($D30<>\"Serviço\",0,IF(OR(AND(AUTOEVENTO=\"Manual\",$M30=1),$M30>(ROW(PLE.lastrow)-ROW(PLE.firstrow))),0,IF(OFFSET(PLE!$G$14,$M30,BG$13)=\"\",10^12,OFFSET(PLE!$G$14,$M30,BG$13))))","v":1000000000000}]
["4",{"$f":"OFFSET(ORÇAMENTO!C$15,ROW(B31)-ROW(B$15),0)","v":"S"},{"$f":"OFFSET(ORÇAMENTO!L$15,ROW(C31)-ROW(C$15),0)","v":"F"},{"$f":"OFFSET(ORÇAMENTO!N$15,ROW(D31)-ROW(D$15),0)","v":"Serviço"},{"$f":"OFFSET(ORÇAMENTO!O$15,ROW(E31)-ROW(E$15),0)","v":"1.2.12."},{"$f":"OFFSET(ORÇAMENTO!R$15,ROW(F31)-ROW(F$15),0)","v":"ARMAÇÃO DE LAJE DE UMA ESTRUTURA CONVENCIONAL DE CONCRETO ARMADO EM UM EDIFÍCIO DE MÚLTIPLOS PAVIMENTOS UTILIZANDO AÇO CA-50 DE 12,5 MM - MONTAGEM. AF_12/2015"},{"$f":"IF($D31<>\"Serviço\",\"\",OFFSET(ORÇAMENTO!S$15,ROW(G31)-ROW(G$15),0))","v":"KG"},{"$f":"IF($D31<>\"Serviço\",0,IF(ACOMPANHAMENTO=\"BM\",ROUND(OFFSET(ORÇAMENTO!AJ$15,ROW(H31)-ROW(H$15),0),15-13*ORÇAMENTO!$AF$7),SUMPRODUCT(($Q$12:$AA$12<>\"\")*ROUND($Q31:$AA31,15-13*ORÇAMENTO!$AF$7))))","v":6.9},null,null,null,".",{"$f":"IF($D31<>\"Serviço\",\"\",IF(AUTOEVENTO=\"manual\",$A31,IF(ISERROR(MATCH($A31,$A$15:OFFSET($A31,-1,0),0)),MAX($M$15:OFFSET(M31,-1,0))+1,INDEX($M$15:OFFSET(M31,-1,0),MATCH($A31,$A$15:OFFSET($A31,-1,0),0)))))","v":3},{"$f":"IF($D31<>\"Serviço\",\"\",IF(AUTOEVENTO=\"Manual\",IF($A31=0,\"<-- defina o número do agrupador\",OFFSET(EVENTOS!$D$14,$A31,0)),OFFSET($F$15,$A31,0)))","v":"ESTRUTURA"},null,null,null,null,null,null,null,null,null,null,null,null,null,{"$f":"IF(AND($D31=\"Serviço\",AB$12<>0,$H31>0,OR(AUTOEVENTO<>\"manual\",$M31<>1)),ROUND(OFFSET($P31,0,AB$13),15-13*ORÇAMENTO!$AF$7)/$H31*OFFSET(ORÇAMENTO!$X$15,ROW(AB31)-ROW(AB$15),0),0)","v":0},{"$f":"IF(AND($D31=\"Serviço\",AC$12<>0,$H31>0,OR(AUTOEVENTO<>\"manual\",$M31<>1)),ROUND(OFFSET($P31,0,AC$13),15-13*ORÇAMENTO!$AF$7)/$H31*OFFSET(ORÇAMENTO!$X$15,ROW(AC31)-ROW(AC$15),0),0)","v":0},{"$f":"IF(AND($D31=\"Serviço\",AD$12<>0,$H31>0,OR(AUTOEVENTO<>\"manual\",$M31<>1)),ROUND(OFFSET($P31,0,AD$13),15-13*ORÇAMENTO!$AF$7)/$H31*OFFSET(ORÇAMENTO!$X$15,ROW(AD31)-ROW(AD$15),0),0)","v":0},{"$f":"IF(AND($D31=\"Serviço\",AE$12<>0,$H31>0,OR(AUTOEVENTO<>\"manual\",$M31<>1)),ROUND(OFFSET($P31,0,AE$13),15-13*ORÇAMENTO!$AF$7)/$H31*OFFSET(ORÇAMENTO!$X$15,ROW(AE31)-ROW(AE$15),0),0)","v":0},{"$f":"IF(AND($D31=\"Serviço\",AF$12<>0,$H31>0,OR(AUTOEVENTO<>\"manual\",$M31<>1)),ROUND(OFFSET($P31,0,AF$13),15-13*ORÇAMENTO!$AF$7)/$H31*OFFSET(ORÇAMENTO!$X$15,ROW(AF31)-ROW(AF$15),0),0)","v":0},{"$f":"IF(AND($D31=\"Serviço\",AG$12<>0,$H31>0,OR(AUTOEVENTO<>\"manual\",$M31<>1)),ROUND(OFFSET($P31,0,AG$13),15-13*ORÇAMENTO!$AF$7)/$H31*OFFSET(ORÇAMENTO!$X$15,ROW(AG31)-ROW(AG$15),0),0)","v":0},{"$f":"IF(AND($D31=\"Serviço\",AH$12<>0,$H31>0,OR(AUTOEVENTO<>\"manual\",$M31<>1)),ROUND(OFFSET($P31,0,AH$13),15-13*ORÇAMENTO!$AF$7)/$H31*OFFSET(ORÇAMENTO!$X$15,ROW(AH31)-ROW(AH$15),0),0)","v":0},{"$f":"IF(AND($D31=\"Serviço\",AI$12<>0,$H31>0,OR(AUTOEVENTO<>\"manual\",$M31<>1)),ROUND(OFFSET($P31,0,AI$13),15-13*ORÇAMENTO!$AF$7)/$H31*OFFSET(ORÇAMENTO!$X$15,ROW(AI31)-ROW(AI$15),0),0)","v":0},{"$f":"IF(AND($D31=\"Serviço\",AJ$12<>0,$H31>0,OR(AUTOEVENTO<>\"manual\",$M31<>1)),ROUND(OFFSET($P31,0,AJ$13),15-13*ORÇAMENTO!$AF$7)/$H31*OFFSET(ORÇAMENTO!$X$15,ROW(AJ31)-ROW(AJ$15),0),0)","v":0},{"$f":"IF(AND($D31=\"Serviço\",AK$12<>0,$H31>0,OR(AUTOEVENTO<>\"manual\",$M31<>1)),ROUND(OFFSET($P31,0,AK$13),15-13*ORÇAMENTO!$AF$7)/$H31*OFFSET(ORÇAMENTO!$X$15,ROW(AK31)-ROW(AK$15),0),0)","v":0},null,{"$f":"IF($D31<>\"Serviço\",0,IF(AND(AUTOEVENTO=\"Manual\",$M31=1),0,IF(OFFSET(CRONOPLE!$F$14,$M31,AM$13)=\"\",10^12,OFFSET(CRONOPLE!$F$14,$M31,AM$13))))","v":1000000000000},{"$f":"IF($D31<>\"Serviço\",0,IF(AND(AUTOEVENTO=\"Manual\",$M31=1),0,IF(OFFSET(CRONOPLE!$F$14,$M31,AN$13)=\"\",10^12,OFFSET(CRONOPLE!$F$14,$M31,AN$13))))","v":1000000000000},{"$f":"IF($D31<>\"Serviço\",0,IF(AND(AUTOEVENTO=\"Manual\",$M31=1),0,IF(OFFSET(CRONOPLE!$F$14,$M31,AO$13)=\"\",10^12,OFFSET(CRONOPLE!$F$14,$M31,AO$13))))","v":1000000000000},{"$f":"IF($D31<>\"Serviço\",0,IF(AND(AUTOEVENTO=\"Manual\",$M31=1),0,IF(OFFSET(CRONOPLE!$F$14,$M31,AP$13)=\"\",10^12,OFFSET(CRONOPLE!$F$14,$M31,AP$13))))","v":1000000000000},{"$f":"IF($D31<>\"Serviço\",0,IF(AND(AUTOEVENTO=\"Manual\",$M31=1),0,IF(OFFSET(CRONOPLE!$F$14,$M31,AQ$13)=\"\",10^12,OFFSET(CRONOPLE!$F$14,$M31,AQ$13))))","v":1000000000000},{"$f":"IF($D31<>\"Serviço\",0,IF(AND(AUTOEVENTO=\"Manual\",$M31=1),0,IF(OFFSET(CRONOPLE!$F$14,$M31,AR$13)=\"\",10^12,OFFSET(CRONOPLE!$F$14,$M31,AR$13))))","v":1000000000000},{"$f":"IF($D31<>\"Serviço\",0,IF(AND(AUTOEVENTO=\"Manual\",$M31=1),0,IF(OFFSET(CRONOPLE!$F$14,$M31,AS$13)=\"\",10^12,OFFSET(CRONOPLE!$F$14,$M31,AS$13))))","v":1000000000000},{"$f":"IF($D31<>\"Serviço\",0,IF(AND(AUTOEVENTO=\"Manual\",$M31=1),0,IF(OFFSET(CRONOPLE!$F$14,$M31,AT$13)=\"\",10^12,OFFSET(CRONOPLE!$F$14,$M31,AT$13))))","v":1000000000000},{"$f":"IF($D31<>\"Serviço\",0,IF(AND(AUTOEVENTO=\"Manual\",$M31=1),0,IF(OFFSET(CRONOPLE!$F$14,$M31,AU$13)=\"\",10^12,OFFSET(CRONOPLE!$F$14,$M31,AU$13))))","v":1000000000000},{"$f":"IF($D31<>\"Serviço\",0,IF(AND(AUTOEVENTO=\"Manual\",$M31=1),0,IF(OFFSET(CRONOPLE!$F$14,$M31,AV$13)=\"\",10^12,OFFSET(CRONOPLE!$F$14,$M31,AV$13))))","v":1000000000000},null,{"$f":"IF($D31<>\"Serviço\",0,IF(OR(AND(AUTOEVENTO=\"Manual\",$M31=1),$M31>(ROW(PLE.lastrow)-ROW(PLE.firstrow))),0,IF(OFFSET(PLE!$G$14,$M31,AX$13)=\"\",10^12,OFFSET(PLE!$G$14,$M31,AX$13))))","v":1000000000000},{"$f":"IF($D31<>\"Serviço\",0,IF(OR(AND(AUTOEVENTO=\"Manual\",$M31=1),$M31>(ROW(PLE.lastrow)-ROW(PLE.firstrow))),0,IF(OFFSET(PLE!$G$14,$M31,AY$13)=\"\",10^12,OFFSET(PLE!$G$14,$M31,AY$13))))","v":1000000000000},{"$f":"IF($D31<>\"Serviço\",0,IF(OR(AND(AUTOEVENTO=\"Manual\",$M31=1),$M31>(ROW(PLE.lastrow)-ROW(PLE.firstrow))),0,IF(OFFSET(PLE!$G$14,$M31,AZ$13)=\"\",10^12,OFFSET(PLE!$G$14,$M31,AZ$13))))","v":1000000000000},{"$f":"IF($D31<>\"Serviço\",0,IF(OR(AND(AUTOEVENTO=\"Manual\",$M31=1),$M31>(ROW(PLE.lastrow)-ROW(PLE.firstrow))),0,IF(OFFSET(PLE!$G$14,$M31,BA$13)=\"\",10^12,OFFSET(PLE!$G$14,$M31,BA$13))))","v":1000000000000},{"$f":"IF($D31<>\"Serviço\",0,IF(OR(AND(AUTOEVENTO=\"Manual\",$M31=1),$M31>(ROW(PLE.lastrow)-ROW(PLE.firstrow))),0,IF(OFFSET(PLE!$G$14,$M31,BB$13)=\"\",10^12,OFFSET(PLE!$G$14,$M31,BB$13))))","v":1000000000000},{"$f":"IF($D31<>\"Serviço\",0,IF(OR(AND(AUTOEVENTO=\"Manual\",$M31=1),$M31>(ROW(PLE.lastrow)-ROW(PLE.firstrow))),0,IF(OFFSET(PLE!$G$14,$M31,BC$13)=\"\",10^12,OFFSET(PLE!$G$14,$M31,BC$13))))","v":1000000000000},{"$f":"IF($D31<>\"Serviço\",0,IF(OR(AND(AUTOEVENTO=\"Manual\",$M31=1),$M31>(ROW(PLE.lastrow)-ROW(PLE.firstrow))),0,IF(OFFSET(PLE!$G$14,$M31,BD$13)=\"\",10^12,OFFSET(PLE!$G$14,$M31,BD$13))))","v":1000000000000},{"$f":"IF($D31<>\"Serviço\",0,IF(OR(AND(AUTOEVENTO=\"Manual\",$M31=1),$M31>(ROW(PLE.lastrow)-ROW(PLE.firstrow))),0,IF(OFFSET(PLE!$G$14,$M31,BE$13)=\"\",10^12,OFFSET(PLE!$G$14,$M31,BE$13))))","v":1000000000000},{"$f":"IF($D31<>\"Serviço\",0,IF(OR(AND(AUTOEVENTO=\"Manual\",$M31=1),$M31>(ROW(PLE.lastrow)-ROW(PLE.firstrow))),0,IF(OFFSET(PLE!$G$14,$M31,BF$13)=\"\",10^12,OFFSET(PLE!$G$14,$M31,BF$13))))","v":1000000000000},{"$f":"IF($D31<>\"Serviço\",0,IF(OR(AND(AUTOEVENTO=\"Manual\",$M31=1),$M31>(ROW(PLE.lastrow)-ROW(PLE.firstrow))),0,IF(OFFSET(PLE!$G$14,$M31,BG$13)=\"\",10^12,OFFSET(PLE!$G$14,$M31,BG$13))))","v":1000000000000}]
["4",{"$f":"OFFSET(ORÇAMENTO!C$15,ROW(B32)-ROW(B$15),0)","v":"S"},{"$f":"OFFSET(ORÇAMENTO!L$15,ROW(C32)-ROW(C$15),0)","v":"F"},{"$f":"OFFSET(ORÇAMENTO!N$15,ROW(D32)-ROW(D$15),0)","v":"Serviço"},{"$f":"OFFSET(ORÇAMENTO!O$15,ROW(E32)-ROW(E$15),0)","v":"1.2.13."},{"$f":"OFFSET(ORÇAMENTO!R$15,ROW(F32)-ROW(F$15),0)","v":"ARMAÇÃO DE LAJE DE UMA ESTRUTURA CONVENCIONAL DE CONCRETO ARMADO EM UM EDIFÍCIO DE MÚLTIPLOS PAVIMENTOS UTILIZANDO AÇO CA-50 DE 16,0 MM - MONTAGEM. AF_12/2015"},{"$f":"IF($D32<>\"Serviço\",\"\",OFFSET(ORÇAMENTO!S$15,ROW(G32)-ROW(G$15),0))","v":"KG"},{"$f":"IF($D32<>\"Serviço\",0,IF(ACOMPANHAMENTO=\"BM\",ROUND(OFFSET(ORÇAMENTO!AJ$15,ROW(H32)-ROW(H$15),0),15-13*ORÇAMENTO!$AF$7),SUMPRODUCT(($Q$12:$AA$12<>\"\")*ROUND($Q32:$AA32,15-13*ORÇAMENTO!$AF$7))))","v":65.900000000000006},null,null,null,".",{"$f":"IF($D32<>\"Serviço\",\"\",IF(AUTOEVENTO=\"manual\",$A32,IF(ISERROR(MATCH($A32,$A$15:OFFSET($A32,-1,0),0)),MAX($M$15:OFFSET(M32,-1,0))+1,INDEX($M$15:OFFSET(M32,-1,0),MATCH($A32,$A$15:OFFSET($A32,-1,0),0)))))","v":3},{"$f":"IF($D32<>\"Serviço\",\"\",IF(AUTOEVENTO=\"Manual\",IF($A32=0,\"<-- defina o número do agrupador\",OFFSET(EVENTOS!$D$14,$A32,0)),OFFSET($F$15,$A32,0)))","v":"ESTRUTURA"},null,null,null,null,null,null,null,null,null,null,null,null,null,{"$f":"IF(AND($D32=\"Serviço\",AB$12<>0,$H32>0,OR(AUTOEVENTO<>\"manual\",$M32<>1)),ROUND(OFFSET($P32,0,AB$13),15-13*ORÇAMENTO!$AF$7)/$H32*OFFSET(ORÇAMENTO!$X$15,ROW(AB32)-ROW(AB$15),0),0)","v":0},{"$f":"IF(AND($D32=\"Serviço\",AC$12<>0,$H32>0,OR(AUTOEVENTO<>\"manual\",$M32<>1)),ROUND(OFFSET($P32,0,AC$13),15-13*ORÇAMENTO!$AF$7)/$H32*OFFSET(ORÇAMENTO!$X$15,ROW(AC32)-ROW(AC$15),0),0)","v":0},{"$f":"IF(AND($D32=\"Serviço\",AD$12<>0,$H32>0,OR(AUTOEVENTO<>\"manual\",$M32<>1)),ROUND(OFFSET($P32,0,AD$13),15-13*ORÇAMENTO!$AF$7)/$H32*OFFSET(ORÇAMENTO!$X$15,ROW(AD32)-ROW(AD$15),0),0)","v":0},{"$f":"IF(AND($D32=\"Serviço\",AE$12<>0,$H32>0,OR(AUTOEVENTO<>\"manual\",$M32<>1)),ROUND(OFFSET($P32,0,AE$13),15-13*ORÇAMENTO!$AF$7)/$H32*OFFSET(ORÇAMENTO!$X$15,ROW(AE32)-ROW(AE$15),0),0)","v":0},{"$f":"IF(AND($D32=\"Serviço\",AF$12<>0,$H32>0,OR(AUTOEVENTO<>\"manual\",$M32<>1)),ROUND(OFFSET($P32,0,AF$13),15-13*ORÇAMENTO!$AF$7)/$H32*OFFSET(ORÇAMENTO!$X$15,ROW(AF32)-ROW(AF$15),0),0)","v":0},{"$f":"IF(AND($D32=\"Serviço\",AG$12<>0,$H32>0,OR(AUTOEVENTO<>\"manual\",$M32<>1)),ROUND(OFFSET($P32,0,AG$13),15-13*ORÇAMENTO!$AF$7)/$H32*OFFSET(ORÇAMENTO!$X$15,ROW(AG32)-ROW(AG$15),0),0)","v":0},{"$f":"IF(AND($D32=\"Serviço\",AH$12<>0,$H32>0,OR(AUTOEVENTO<>\"manual\",$M32<>1)),ROUND(OFFSET($P32,0,AH$13),15-13*ORÇAMENTO!$AF$7)/$H32*OFFSET(ORÇAMENTO!$X$15,ROW(AH32)-ROW(AH$15),0),0)","v":0},{"$f":"IF(AND($D32=\"Serviço\",AI$12<>0,$H32>0,OR(AUTOEVENTO<>\"manual\",$M32<>1)),ROUND(OFFSET($P32,0,AI$13),15-13*ORÇAMENTO!$AF$7)/$H32*OFFSET(ORÇAMENTO!$X$15,ROW(AI32)-ROW(AI$15),0),0)","v":0},{"$f":"IF(AND($D32=\"Serviço\",AJ$12<>0,$H32>0,OR(AUTOEVENTO<>\"manual\",$M32<>1)),ROUND(OFFSET($P32,0,AJ$13),15-13*ORÇAMENTO!$AF$7)/$H32*OFFSET(ORÇAMENTO!$X$15,ROW(AJ32)-ROW(AJ$15),0),0)","v":0},{"$f":"IF(AND($D32=\"Serviço\",AK$12<>0,$H32>0,OR(AUTOEVENTO<>\"manual\",$M32<>1)),ROUND(OFFSET($P32,0,AK$13),15-13*ORÇAMENTO!$AF$7)/$H32*OFFSET(ORÇAMENTO!$X$15,ROW(AK32)-ROW(AK$15),0),0)","v":0},null,{"$f":"IF($D32<>\"Serviço\",0,IF(AND(AUTOEVENTO=\"Manual\",$M32=1),0,IF(OFFSET(CRONOPLE!$F$14,$M32,AM$13)=\"\",10^12,OFFSET(CRONOPLE!$F$14,$M32,AM$13))))","v":1000000000000},{"$f":"IF($D32<>\"Serviço\",0,IF(AND(AUTOEVENTO=\"Manual\",$M32=1),0,IF(OFFSET(CRONOPLE!$F$14,$M32,AN$13)=\"\",10^12,OFFSET(CRONOPLE!$F$14,$M32,AN$13))))","v":1000000000000},{"$f":"IF($D32<>\"Serviço\",0,IF(AND(AUTOEVENTO=\"Manual\",$M32=1),0,IF(OFFSET(CRONOPLE!$F$14,$M32,AO$13)=\"\",10^12,OFFSET(CRONOPLE!$F$14,$M32,AO$13))))","v":1000000000000},{"$f":"IF($D32<>\"Serviço\",0,IF(AND(AUTOEVENTO=\"Manual\",$M32=1),0,IF(OFFSET(CRONOPLE!$F$14,$M32,AP$13)=\"\",10^12,OFFSET(CRONOPLE!$F$14,$M32,AP$13))))","v":1000000000000},{"$f":"IF($D32<>\"Serviço\",0,IF(AND(AUTOEVENTO=\"Manual\",$M32=1),0,IF(OFFSET(CRONOPLE!$F$14,$M32,AQ$13)=\"\",10^12,OFFSET(CRONOPLE!$F$14,$M32,AQ$13))))","v":1000000000000},{"$f":"IF($D32<>\"Serviço\",0,IF(AND(AUTOEVENTO=\"Manual\",$M32=1),0,IF(OFFSET(CRONOPLE!$F$14,$M32,AR$13)=\"\",10^12,OFFSET(CRONOPLE!$F$14,$M32,AR$13))))","v":1000000000000},{"$f":"IF($D32<>\"Serviço\",0,IF(AND(AUTOEVENTO=\"Manual\",$M32=1),0,IF(OFFSET(CRONOPLE!$F$14,$M32,AS$13)=\"\",10^12,OFFSET(CRONOPLE!$F$14,$M32,AS$13))))","v":1000000000000},{"$f":"IF($D32<>\"Serviço\",0,IF(AND(AUTOEVENTO=\"Manual\",$M32=1),0,IF(OFFSET(CRONOPLE!$F$14,$M32,AT$13)=\"\",10^12,OFFSET(CRONOPLE!$F$14,$M32,AT$13))))","v":1000000000000},{"$f":"IF($D32<>\"Serviço\",0,IF(AND(AUTOEVENTO=\"Manual\",$M32=1),0,IF(OFFSET(CRONOPLE!$F$14,$M32,AU$13)=\"\",10^12,OFFSET(CRONOPLE!$F$14,$M32,AU$13))))","v":1000000000000},{"$f":"IF($D32<>\"Serviço\",0,IF(AND(AUTOEVENTO=\"Manual\",$M32=1),0,IF(OFFSET(CRONOPLE!$F$14,$M32,AV$13)=\"\",10^12,OFFSET(CRONOPLE!$F$14,$M32,AV$13))))","v":1000000000000},null,{"$f":"IF($D32<>\"Serviço\",0,IF(OR(AND(AUTOEVENTO=\"Manual\",$M32=1),$M32>(ROW(PLE.lastrow)-ROW(PLE.firstrow))),0,IF(OFFSET(PLE!$G$14,$M32,AX$13)=\"\",10^12,OFFSET(PLE!$G$14,$M32,AX$13))))","v":1000000000000},{"$f":"IF($D32<>\"Serviço\",0,IF(OR(AND(AUTOEVENTO=\"Manual\",$M32=1),$M32>(ROW(PLE.lastrow)-ROW(PLE.firstrow))),0,IF(OFFSET(PLE!$G$14,$M32,AY$13)=\"\",10^12,OFFSET(PLE!$G$14,$M32,AY$13))))","v":1000000000000},{"$f":"IF($D32<>\"Serviço\",0,IF(OR(AND(AUTOEVENTO=\"Manual\",$M32=1),$M32>(ROW(PLE.lastrow)-ROW(PLE.firstrow))),0,IF(OFFSET(PLE!$G$14,$M32,AZ$13)=\"\",10^12,OFFSET(PLE!$G$14,$M32,AZ$13))))","v":1000000000000},{"$f":"IF($D32<>\"Serviço\",0,IF(OR(AND(AUTOEVENTO=\"Manual\",$M32=1),$M32>(ROW(PLE.lastrow)-ROW(PLE.firstrow))),0,IF(OFFSET(PLE!$G$14,$M32,BA$13)=\"\",10^12,OFFSET(PLE!$G$14,$M32,BA$13))))","v":1000000000000},{"$f":"IF($D32<>\"Serviço\",0,IF(OR(AND(AUTOEVENTO=\"Manual\",$M32=1),$M32>(ROW(PLE.lastrow)-ROW(PLE.firstrow))),0,IF(OFFSET(PLE!$G$14,$M32,BB$13)=\"\",10^12,OFFSET(PLE!$G$14,$M32,BB$13))))","v":1000000000000},{"$f":"IF($D32<>\"Serviço\",0,IF(OR(AND(AUTOEVENTO=\"Manual\",$M32=1),$M32>(ROW(PLE.lastrow)-ROW(PLE.firstrow))),0,IF(OFFSET(PLE!$G$14,$M32,BC$13)=\"\",10^12,OFFSET(PLE!$G$14,$M32,BC$13))))","v":1000000000000},{"$f":"IF($D32<>\"Serviço\",0,IF(OR(AND(AUTOEVENTO=\"Manual\",$M32=1),$M32>(ROW(PLE.lastrow)-ROW(PLE.firstrow))),0,IF(OFFSET(PLE!$G$14,$M32,BD$13)=\"\",10^12,OFFSET(PLE!$G$14,$M32,BD$13))))","v":1000000000000},{"$f":"IF($D32<>\"Serviço\",0,IF(OR(AND(AUTOEVENTO=\"Manual\",$M32=1),$M32>(ROW(PLE.lastrow)-ROW(PLE.firstrow))),0,IF(OFFSET(PLE!$G$14,$M32,BE$13)=\"\",10^12,OFFSET(PLE!$G$14,$M32,BE$13))))","v":1000000000000},{"$f":"IF($D32<>\"Serviço\",0,IF(OR(AND(AUTOEVENTO=\"Manual\",$M32=1),$M32>(ROW(PLE.lastrow)-ROW(PLE.firstrow))),0,IF(OFFSET(PLE!$G$14,$M32,BF$13)=\"\",10^12,OFFSET(PLE!$G$14,$M32,BF$13))))","v":1000000000000},{"$f":"IF($D32<>\"Serviço\",0,IF(OR(AND(AUTOEVENTO=\"Manual\",$M32=1),$M32>(ROW(PLE.lastrow)-ROW(PLE.firstrow))),0,IF(OFFSET(PLE!$G$14,$M32,BG$13)=\"\",10^12,OFFSET(PLE!$G$14,$M32,BG$13))))","v":1000000000000}]
["4",{"$f":"OFFSET(ORÇAMENTO!C$15,ROW(B33)-ROW(B$15),0)","v":"S"},{"$f":"OFFSET(ORÇAMENTO!L$15,ROW(C33)-ROW(C$15),0)","v":"F"},{"$f":"OFFSET(ORÇAMENTO!N$15,ROW(D33)-ROW(D$15),0)","v":"Serviço"},{"$f":"OFFSET(ORÇAMENTO!O$15,ROW(E33)-ROW(E$15),0)","v":"1.2.14."},{"$f":"OFFSET(ORÇAMENTO!R$15,ROW(F33)-ROW(F$15),0)","v":"ARMAÇÃO DE ESCADA, COM 2 LANCES, DE UMA ESTRUTURA CONVENCIONAL DE CONCRETO ARMADO UTILIZANDO AÇO CA-60 DE 5,0 MM - MONTAGEM. AF_01/2017"},{"$f":"IF($D33<>\"Serviço\",\"\",OFFSET(ORÇAMENTO!S$15,ROW(G33)-ROW(G$15),0))","v":"KG"},{"$f":"IF($D33<>\"Serviço\",0,IF(ACOMPANHAMENTO=\"BM\",ROUND(OFFSET(ORÇAMENTO!AJ$15,ROW(H33)-ROW(H$15),0),15-13*ORÇAMENTO!$AF$7),SUMPRODUCT(($Q$12:$AA$12<>\"\")*ROUND($Q33:$AA33,15-13*ORÇAMENTO!$AF$7))))","v":20.3},null,null,null,".",{"$f":"IF($D33<>\"Serviço\",\"\",IF(AUTOEVENTO=\"manual\",$A33,IF(ISERROR(MATCH($A33,$A$15:OFFSET($A33,-1,0),0)),MAX($M$15:OFFSET(M33,-1,0))+1,INDEX($M$15:OFFSET(M33,-1,0),MATCH($A33,$A$15:OFFSET($A33,-1,0),0)))))","v":3},{"$f":"IF($D33<>\"Serviço\",\"\",IF(AUTOEVENTO=\"Manual\",IF($A33=0,\"<-- defina o número do agrupador\",OFFSET(EVENTOS!$D$14,$A33,0)),OFFSET($F$15,$A33,0)))","v":"ESTRUTURA"},null,null,null,null,null,null,null,null,null,null,null,null,null,{"$f":"IF(AND($D33=\"Serviço\",AB$12<>0,$H33>0,OR(AUTOEVENTO<>\"manual\",$M33<>1)),ROUND(OFFSET($P33,0,AB$13),15-13*ORÇAMENTO!$AF$7)/$H33*OFFSET(ORÇAMENTO!$X$15,ROW(AB33)-ROW(AB$15),0),0)","v":0},{"$f":"IF(AND($D33=\"Serviço\",AC$12<>0,$H33>0,OR(AUTOEVENTO<>\"manual\",$M33<>1)),ROUND(OFFSET($P33,0,AC$13),15-13*ORÇAMENTO!$AF$7)/$H33*OFFSET(ORÇAMENTO!$X$15,ROW(AC33)-ROW(AC$15),0),0)","v":0},{"$f":"IF(AND($D33=\"Serviço\",AD$12<>0,$H33>0,OR(AUTOEVENTO<>\"manual\",$M33<>1)),ROUND(OFFSET($P33,0,AD$13),15-13*ORÇAMENTO!$AF$7)/$H33*OFFSET(ORÇAMENTO!$X$15,ROW(AD33)-ROW(AD$15),0),0)","v":0},{"$f":"IF(AND($D33=\"Serviço\",AE$12<>0,$H33>0,OR(AUTOEVENTO<>\"manual\",$M33<>1)),ROUND(OFFSET($P33,0,AE$13),15-13*ORÇAMENTO!$AF$7)/$H33*OFFSET(ORÇAMENTO!$X$15,ROW(AE33)-ROW(AE$15),0),0)","v":0},{"$f":"IF(AND($D33=\"Serviço\",AF$12<>0,$H33>0,OR(AUTOEVENTO<>\"manual\",$M33<>1)),ROUND(OFFSET($P33,0,AF$13),15-13*ORÇAMENTO!$AF$7)/$H33*OFFSET(ORÇAMENTO!$X$15,ROW(AF33)-ROW(AF$15),0),0)","v":0},{"$f":"IF(AND($D33=\"Serviço\",AG$12<>0,$H33>0,OR(AUTOEVENTO<>\"manual\",$M33<>1)),ROUND(OFFSET($P33,0,AG$13),15-13*ORÇAMENTO!$AF$7)/$H33*OFFSET(ORÇAMENTO!$X$15,ROW(AG33)-ROW(AG$15),0),0)","v":0},{"$f":"IF(AND($D33=\"Serviço\",AH$12<>0,$H33>0,OR(AUTOEVENTO<>\"manual\",$M33<>1)),ROUND(OFFSET($P33,0,AH$13),15-13*ORÇAMENTO!$AF$7)/$H33*OFFSET(ORÇAMENTO!$X$15,ROW(AH33)-ROW(AH$15),0),0)","v":0},{"$f":"IF(AND($D33=\"Serviço\",AI$12<>0,$H33>0,OR(AUTOEVENTO<>\"manual\",$M33<>1)),ROUND(OFFSET($P33,0,AI$13),15-13*ORÇAMENTO!$AF$7)/$H33*OFFSET(ORÇAMENTO!$X$15,ROW(AI33)-ROW(AI$15),0),0)","v":0},{"$f":"IF(AND($D33=\"Serviço\",AJ$12<>0,$H33>0,OR(AUTOEVENTO<>\"manual\",$M33<>1)),ROUND(OFFSET($P33,0,AJ$13),15-13*ORÇAMENTO!$AF$7)/$H33*OFFSET(ORÇAMENTO!$X$15,ROW(AJ33)-ROW(AJ$15),0),0)","v":0},{"$f":"IF(AND($D33=\"Serviço\",AK$12<>0,$H33>0,OR(AUTOEVENTO<>\"manual\",$M33<>1)),ROUND(OFFSET($P33,0,AK$13),15-13*ORÇAMENTO!$AF$7)/$H33*OFFSET(ORÇAMENTO!$X$15,ROW(AK33)-ROW(AK$15),0),0)","v":0},null,{"$f":"IF($D33<>\"Serviço\",0,IF(AND(AUTOEVENTO=\"Manual\",$M33=1),0,IF(OFFSET(CRONOPLE!$F$14,$M33,AM$13)=\"\",10^12,OFFSET(CRONOPLE!$F$14,$M33,AM$13))))","v":1000000000000},{"$f":"IF($D33<>\"Serviço\",0,IF(AND(AUTOEVENTO=\"Manual\",$M33=1),0,IF(OFFSET(CRONOPLE!$F$14,$M33,AN$13)=\"\",10^12,OFFSET(CRONOPLE!$F$14,$M33,AN$13))))","v":1000000000000},{"$f":"IF($D33<>\"Serviço\",0,IF(AND(AUTOEVENTO=\"Manual\",$M33=1),0,IF(OFFSET(CRONOPLE!$F$14,$M33,AO$13)=\"\",10^12,OFFSET(CRONOPLE!$F$14,$M33,AO$13))))","v":1000000000000},{"$f":"IF($D33<>\"Serviço\",0,IF(AND(AUTOEVENTO=\"Manual\",$M33=1),0,IF(OFFSET(CRONOPLE!$F$14,$M33,AP$13)=\"\",10^12,OFFSET(CRONOPLE!$F$14,$M33,AP$13))))","v":1000000000000},{"$f":"IF($D33<>\"Serviço\",0,IF(AND(AUTOEVENTO=\"Manual\",$M33=1),0,IF(OFFSET(CRONOPLE!$F$14,$M33,AQ$13)=\"\",10^12,OFFSET(CRONOPLE!$F$14,$M33,AQ$13))))","v":1000000000000},{"$f":"IF($D33<>\"Serviço\",0,IF(AND(AUTOEVENTO=\"Manual\",$M33=1),0,IF(OFFSET(CRONOPLE!$F$14,$M33,AR$13)=\"\",10^12,OFFSET(CRONOPLE!$F$14,$M33,AR$13))))","v":1000000000000},{"$f":"IF($D33<>\"Serviço\",0,IF(AND(AUTOEVENTO=\"Manual\",$M33=1),0,IF(OFFSET(CRONOPLE!$F$14,$M33,AS$13)=\"\",10^12,OFFSET(CRONOPLE!$F$14,$M33,AS$13))))","v":1000000000000},{"$f":"IF($D33<>\"Serviço\",0,IF(AND(AUTOEVENTO=\"Manual\",$M33=1),0,IF(OFFSET(CRONOPLE!$F$14,$M33,AT$13)=\"\",10^12,OFFSET(CRONOPLE!$F$14,$M33,AT$13))))","v":1000000000000},{"$f":"IF($D33<>\"Serviço\",0,IF(AND(AUTOEVENTO=\"Manual\",$M33=1),0,IF(OFFSET(CRONOPLE!$F$14,$M33,AU$13)=\"\",10^12,OFFSET(CRONOPLE!$F$14,$M33,AU$13))))","v":1000000000000},{"$f":"IF($D33<>\"Serviço\",0,IF(AND(AUTOEVENTO=\"Manual\",$M33=1),0,IF(OFFSET(CRONOPLE!$F$14,$M33,AV$13)=\"\",10^12,OFFSET(CRONOPLE!$F$14,$M33,AV$13))))","v":1000000000000},null,{"$f":"IF($D33<>\"Serviço\",0,IF(OR(AND(AUTOEVENTO=\"Manual\",$M33=1),$M33>(ROW(PLE.lastrow)-ROW(PLE.firstrow))),0,IF(OFFSET(PLE!$G$14,$M33,AX$13)=\"\",10^12,OFFSET(PLE!$G$14,$M33,AX$13))))","v":1000000000000},{"$f":"IF($D33<>\"Serviço\",0,IF(OR(AND(AUTOEVENTO=\"Manual\",$M33=1),$M33>(ROW(PLE.lastrow)-ROW(PLE.firstrow))),0,IF(OFFSET(PLE!$G$14,$M33,AY$13)=\"\",10^12,OFFSET(PLE!$G$14,$M33,AY$13))))","v":1000000000000},{"$f":"IF($D33<>\"Serviço\",0,IF(OR(AND(AUTOEVENTO=\"Manual\",$M33=1),$M33>(ROW(PLE.lastrow)-ROW(PLE.firstrow))),0,IF(OFFSET(PLE!$G$14,$M33,AZ$13)=\"\",10^12,OFFSET(PLE!$G$14,$M33,AZ$13))))","v":1000000000000},{"$f":"IF($D33<>\"Serviço\",0,IF(OR(AND(AUTOEVENTO=\"Manual\",$M33=1),$M33>(ROW(PLE.lastrow)-ROW(PLE.firstrow))),0,IF(OFFSET(PLE!$G$14,$M33,BA$13)=\"\",10^12,OFFSET(PLE!$G$14,$M33,BA$13))))","v":1000000000000},{"$f":"IF($D33<>\"Serviço\",0,IF(OR(AND(AUTOEVENTO=\"Manual\",$M33=1),$M33>(ROW(PLE.lastrow)-ROW(PLE.firstrow))),0,IF(OFFSET(PLE!$G$14,$M33,BB$13)=\"\",10^12,OFFSET(PLE!$G$14,$M33,BB$13))))","v":1000000000000},{"$f":"IF($D33<>\"Serviço\",0,IF(OR(AND(AUTOEVENTO=\"Manual\",$M33=1),$M33>(ROW(PLE.lastrow)-ROW(PLE.firstrow))),0,IF(OFFSET(PLE!$G$14,$M33,BC$13)=\"\",10^12,OFFSET(PLE!$G$14,$M33,BC$13))))","v":1000000000000},{"$f":"IF($D33<>\"Serviço\",0,IF(OR(AND(AUTOEVENTO=\"Manual\",$M33=1),$M33>(ROW(PLE.lastrow)-ROW(PLE.firstrow))),0,IF(OFFSET(PLE!$G$14,$M33,BD$13)=\"\",10^12,OFFSET(PLE!$G$14,$M33,BD$13))))","v":1000000000000},{"$f":"IF($D33<>\"Serviço\",0,IF(OR(AND(AUTOEVENTO=\"Manual\",$M33=1),$M33>(ROW(PLE.lastrow)-ROW(PLE.firstrow))),0,IF(OFFSET(PLE!$G$14,$M33,BE$13)=\"\",10^12,OFFSET(PLE!$G$14,$M33,BE$13))))","v":1000000000000},{"$f":"IF($D33<>\"Serviço\",0,IF(OR(AND(AUTOEVENTO=\"Manual\",$M33=1),$M33>(ROW(PLE.lastrow)-ROW(PLE.firstrow))),0,IF(OFFSET(PLE!$G$14,$M33,BF$13)=\"\",10^12,OFFSET(PLE!$G$14,$M33,BF$13))))","v":1000000000000},{"$f":"IF($D33<>\"Serviço\",0,IF(OR(AND(AUTOEVENTO=\"Manual\",$M33=1),$M33>(ROW(PLE.lastrow)-ROW(PLE.firstrow))),0,IF(OFFSET(PLE!$G$14,$M33,BG$13)=\"\",10^12,OFFSET(PLE!$G$14,$M33,BG$13))))","v":1000000000000}]
["4",{"$f":"OFFSET(ORÇAMENTO!C$15,ROW(B34)-ROW(B$15),0)","v":"S"},{"$f":"OFFSET(ORÇAMENTO!L$15,ROW(C34)-ROW(C$15),0)","v":"F"},{"$f":"OFFSET(ORÇAMENTO!N$15,ROW(D34)-ROW(D$15),0)","v":"Serviço"},{"$f":"OFFSET(ORÇAMENTO!O$15,ROW(E34)-ROW(E$15),0)","v":"1.2.15."},{"$f":"OFFSET(ORÇAMENTO!R$15,ROW(F34)-ROW(F$15),0)","v":"ARMAÇÃO DE ESCADA, COM 2 LANCES, DE UMA ESTRUTURA CONVENCIONAL DE CONCRETO ARMADO UTILIZANDO AÇO CA-50 DE 6,3 MM - MONTAGEM. AF_01/2017"},{"$f":"IF($D34<>\"Serviço\",\"\",OFFSET(ORÇAMENTO!S$15,ROW(G34)-ROW(G$15),0))","v":"KG"},{"$f":"IF($D34<>\"Serviço\",0,IF(ACOMPANHAMENTO=\"BM\",ROUND(OFFSET(ORÇAMENTO!AJ$15,ROW(H34)-ROW(H$15),0),15-13*ORÇAMENTO!$AF$7),SUMPRODUCT(($Q$12:$AA$12<>\"\")*ROUND($Q34:$AA34,15-13*ORÇAMENTO!$AF$7))))","v":22.2},null,null,null,".",{"$f":"IF($D34<>\"Serviço\",\"\",IF(AUTOEVENTO=\"manual\",$A34,IF(ISERROR(MATCH($A34,$A$15:OFFSET($A34,-1,0),0)),MAX($M$15:OFFSET(M34,-1,0))+1,INDEX($M$15:OFFSET(M34,-1,0),MATCH($A34,$A$15:OFFSET($A34,-1,0),0)))))","v":3},{"$f":"IF($D34<>\"Serviço\",\"\",IF(AUTOEVENTO=\"Manual\",IF($A34=0,\"<-- defina o número do agrupador\",OFFSET(EVENTOS!$D$14,$A34,0)),OFFSET($F$15,$A34,0)))","v":"ESTRUTURA"},null,null,null,null,null,null,null,null,null,null,null,null,null,{"$f":"IF(AND($D34=\"Serviço\",AB$12<>0,$H34>0,OR(AUTOEVENTO<>\"manual\",$M34<>1)),ROUND(OFFSET($P34,0,AB$13),15-13*ORÇAMENTO!$AF$7)/$H34*OFFSET(ORÇAMENTO!$X$15,ROW(AB34)-ROW(AB$15),0),0)","v":0},{"$f":"IF(AND($D34=\"Serviço\",AC$12<>0,$H34>0,OR(AUTOEVENTO<>\"manual\",$M34<>1)),ROUND(OFFSET($P34,0,AC$13),15-13*ORÇAMENTO!$AF$7)/$H34*OFFSET(ORÇAMENTO!$X$15,ROW(AC34)-ROW(AC$15),0),0)","v":0},{"$f":"IF(AND($D34=\"Serviço\",AD$12<>0,$H34>0,OR(AUTOEVENTO<>\"manual\",$M34<>1)),ROUND(OFFSET($P34,0,AD$13),15-13*ORÇAMENTO!$AF$7)/$H34*OFFSET(ORÇAMENTO!$X$15,ROW(AD34)-ROW(AD$15),0),0)","v":0},{"$f":"IF(AND($D34=\"Serviço\",AE$12<>0,$H34>0,OR(AUTOEVENTO<>\"manual\",$M34<>1)),ROUND(OFFSET($P34,0,AE$13),15-13*ORÇAMENTO!$AF$7)/$H34*OFFSET(ORÇAMENTO!$X$15,ROW(AE34)-ROW(AE$15),0),0)","v":0},{"$f":"IF(AND($D34=\"Serviço\",AF$12<>0,$H34>0,OR(AUTOEVENTO<>\"manual\",$M34<>1)),ROUND(OFFSET($P34,0,AF$13),15-13*ORÇAMENTO!$AF$7)/$H34*OFFSET(ORÇAMENTO!$X$15,ROW(AF34)-ROW(AF$15),0),0)","v":0},{"$f":"IF(AND($D34=\"Serviço\",AG$12<>0,$H34>0,OR(AUTOEVENTO<>\"manual\",$M34<>1)),ROUND(OFFSET($P34,0,AG$13),15-13*ORÇAMENTO!$AF$7)/$H34*OFFSET(ORÇAMENTO!$X$15,ROW(AG34)-ROW(AG$15),0),0)","v":0},{"$f":"IF(AND($D34=\"Serviço\",AH$12<>0,$H34>0,OR(AUTOEVENTO<>\"manual\",$M34<>1)),ROUND(OFFSET($P34,0,AH$13),15-13*ORÇAMENTO!$AF$7)/$H34*OFFSET(ORÇAMENTO!$X$15,ROW(AH34)-ROW(AH$15),0),0)","v":0},{"$f":"IF(AND($D34=\"Serviço\",AI$12<>0,$H34>0,OR(AUTOEVENTO<>\"manual\",$M34<>1)),ROUND(OFFSET($P34,0,AI$13),15-13*ORÇAMENTO!$AF$7)/$H34*OFFSET(ORÇAMENTO!$X$15,ROW(AI34)-ROW(AI$15),0),0)","v":0},{"$f":"IF(AND($D34=\"Serviço\",AJ$12<>0,$H34>0,OR(AUTOEVENTO<>\"manual\",$M34<>1)),ROUND(OFFSET($P34,0,AJ$13),15-13*ORÇAMENTO!$AF$7)/$H34*OFFSET(ORÇAMENTO!$X$15,ROW(AJ34)-ROW(AJ$15),0),0)","v":0},{"$f":"IF(AND($D34=\"Serviço\",AK$12<>0,$H34>0,OR(AUTOEVENTO<>\"manual\",$M34<>1)),ROUND(OFFSET($P34,0,AK$13),15-13*ORÇAMENTO!$AF$7)/$H34*OFFSET(ORÇAMENTO!$X$15,ROW(AK34)-ROW(AK$15),0),0)","v":0},null,{"$f":"IF($D34<>\"Serviço\",0,IF(AND(AUTOEVENTO=\"Manual\",$M34=1),0,IF(OFFSET(CRONOPLE!$F$14,$M34,AM$13)=\"\",10^12,OFFSET(CRONOPLE!$F$14,$M34,AM$13))))","v":1000000000000},{"$f":"IF($D34<>\"Serviço\",0,IF(AND(AUTOEVENTO=\"Manual\",$M34=1),0,IF(OFFSET(CRONOPLE!$F$14,$M34,AN$13)=\"\",10^12,OFFSET(CRONOPLE!$F$14,$M34,AN$13))))","v":1000000000000},{"$f":"IF($D34<>\"Serviço\",0,IF(AND(AUTOEVENTO=\"Manual\",$M34=1),0,IF(OFFSET(CRONOPLE!$F$14,$M34,AO$13)=\"\",10^12,OFFSET(CRONOPLE!$F$14,$M34,AO$13))))","v":1000000000000},{"$f":"IF($D34<>\"Serviço\",0,IF(AND(AUTOEVENTO=\"Manual\",$M34=1),0,IF(OFFSET(CRONOPLE!$F$14,$M34,AP$13)=\"\",10^12,OFFSET(CRONOPLE!$F$14,$M34,AP$13))))","v":1000000000000},{"$f":"IF($D34<>\"Serviço\",0,IF(AND(AUTOEVENTO=\"Manual\",$M34=1),0,IF(OFFSET(CRONOPLE!$F$14,$M34,AQ$13)=\"\",10^12,OFFSET(CRONOPLE!$F$14,$M34,AQ$13))))","v":1000000000000},{"$f":"IF($D34<>\"Serviço\",0,IF(AND(AUTOEVENTO=\"Manual\",$M34=1),0,IF(OFFSET(CRONOPLE!$F$14,$M34,AR$13)=\"\",10^12,OFFSET(CRONOPLE!$F$14,$M34,AR$13))))","v":1000000000000},{"$f":"IF($D34<>\"Serviço\",0,IF(AND(AUTOEVENTO=\"Manual\",$M34=1),0,IF(OFFSET(CRONOPLE!$F$14,$M34,AS$13)=\"\",10^12,OFFSET(CRONOPLE!$F$14,$M34,AS$13))))","v":1000000000000},{"$f":"IF($D34<>\"Serviço\",0,IF(AND(AUTOEVENTO=\"Manual\",$M34=1),0,IF(OFFSET(CRONOPLE!$F$14,$M34,AT$13)=\"\",10^12,OFFSET(CRONOPLE!$F$14,$M34,AT$13))))","v":1000000000000},{"$f":"IF($D34<>\"Serviço\",0,IF(AND(AUTOEVENTO=\"Manual\",$M34=1),0,IF(OFFSET(CRONOPLE!$F$14,$M34,AU$13)=\"\",10^12,OFFSET(CRONOPLE!$F$14,$M34,AU$13))))","v":1000000000000},{"$f":"IF($D34<>\"Serviço\",0,IF(AND(AUTOEVENTO=\"Manual\",$M34=1),0,IF(OFFSET(CRONOPLE!$F$14,$M34,AV$13)=\"\",10^12,OFFSET(CRONOPLE!$F$14,$M34,AV$13))))","v":1000000000000},null,{"$f":"IF($D34<>\"Serviço\",0,IF(OR(AND(AUTOEVENTO=\"Manual\",$M34=1),$M34>(ROW(PLE.lastrow)-ROW(PLE.firstrow))),0,IF(OFFSET(PLE!$G$14,$M34,AX$13)=\"\",10^12,OFFSET(PLE!$G$14,$M34,AX$13))))","v":1000000000000},{"$f":"IF($D34<>\"Serviço\",0,IF(OR(AND(AUTOEVENTO=\"Manual\",$M34=1),$M34>(ROW(PLE.lastrow)-ROW(PLE.firstrow))),0,IF(OFFSET(PLE!$G$14,$M34,AY$13)=\"\",10^12,OFFSET(PLE!$G$14,$M34,AY$13))))","v":1000000000000},{"$f":"IF($D34<>\"Serviço\",0,IF(OR(AND(AUTOEVENTO=\"Manual\",$M34=1),$M34>(ROW(PLE.lastrow)-ROW(PLE.firstrow))),0,IF(OFFSET(PLE!$G$14,$M34,AZ$13)=\"\",10^12,OFFSET(PLE!$G$14,$M34,AZ$13))))","v":1000000000000},{"$f":"IF($D34<>\"Serviço\",0,IF(OR(AND(AUTOEVENTO=\"Manual\",$M34=1),$M34>(ROW(PLE.lastrow)-ROW(PLE.firstrow))),0,IF(OFFSET(PLE!$G$14,$M34,BA$13)=\"\",10^12,OFFSET(PLE!$G$14,$M34,BA$13))))","v":1000000000000},{"$f":"IF($D34<>\"Serviço\",0,IF(OR(AND(AUTOEVENTO=\"Manual\",$M34=1),$M34>(ROW(PLE.lastrow)-ROW(PLE.firstrow))),0,IF(OFFSET(PLE!$G$14,$M34,BB$13)=\"\",10^12,OFFSET(PLE!$G$14,$M34,BB$13))))","v":1000000000000},{"$f":"IF($D34<>\"Serviço\",0,IF(OR(AND(AUTOEVENTO=\"Manual\",$M34=1),$M34>(ROW(PLE.lastrow)-ROW(PLE.firstrow))),0,IF(OFFSET(PLE!$G$14,$M34,BC$13)=\"\",10^12,OFFSET(PLE!$G$14,$M34,BC$13))))","v":1000000000000},{"$f":"IF($D34<>\"Serviço\",0,IF(OR(AND(AUTOEVENTO=\"Manual\",$M34=1),$M34>(ROW(PLE.lastrow)-ROW(PLE.firstrow))),0,IF(OFFSET(PLE!$G$14,$M34,BD$13)=\"\",10^12,OFFSET(PLE!$G$14,$M34,BD$13))))","v":1000000000000},{"$f":"IF($D34<>\"Serviço\",0,IF(OR(AND(AUTOEVENTO=\"Manual\",$M34=1),$M34>(ROW(PLE.lastrow)-ROW(PLE.firstrow))),0,IF(OFFSET(PLE!$G$14,$M34,BE$13)=\"\",10^12,OFFSET(PLE!$G$14,$M34,BE$13))))","v":1000000000000},{"$f":"IF($D34<>\"Serviço\",0,IF(OR(AND(AUTOEVENTO=\"Manual\",$M34=1),$M34>(ROW(PLE.lastrow)-ROW(PLE.firstrow))),0,IF(OFFSET(PLE!$G$14,$M34,BF$13)=\"\",10^12,OFFSET(PLE!$G$14,$M34,BF$13))))","v":1000000000000},{"$f":"IF($D34<>\"Serviço\",0,IF(OR(AND(AUTOEVENTO=\"Manual\",$M34=1),$M34>(ROW(PLE.lastrow)-ROW(PLE.firstrow))),0,IF(OFFSET(PLE!$G$14,$M34,BG$13)=\"\",10^12,OFFSET(PLE!$G$14,$M34,BG$13))))","v":1000000000000}]
["4",{"$f":"OFFSET(ORÇAMENTO!C$15,ROW(B35)-ROW(B$15),0)","v":"S"},{"$f":"OFFSET(ORÇAMENTO!L$15,ROW(C35)-ROW(C$15),0)","v":"F"},{"$f":"OFFSET(ORÇAMENTO!N$15,ROW(D35)-ROW(D$15),0)","v":"Serviço"},{"$f":"OFFSET(ORÇAMENTO!O$15,ROW(E35)-ROW(E$15),0)","v":"1.2.16."},{"$f":"OFFSET(ORÇAMENTO!R$15,ROW(F35)-ROW(F$15),0)","v":"ARMAÇÃO DE ESCADA, COM 2 LANCES, DE UMA ESTRUTURA CONVENCIONAL DE CONCRETO ARMADO UTILIZANDO AÇO CA-50 DE 8,0 MM - MONTAGEM. AF_01/2017"},{"$f":"IF($D35<>\"Serviço\",\"\",OFFSET(ORÇAMENTO!S$15,ROW(G35)-ROW(G$15),0))","v":"KG"},{"$f":"IF($D35<>\"Serviço\",0,IF(ACOMPANHAMENTO=\"BM\",ROUND(OFFSET(ORÇAMENTO!AJ$15,ROW(H35)-ROW(H$15),0),15-13*ORÇAMENTO!$AF$7),SUMPRODUCT(($Q$12:$AA$12<>\"\")*ROUND($Q35:$AA35,15-13*ORÇAMENTO!$AF$7))))","v":10},null,null,null,".",{"$f":"IF($D35<>\"Serviço\",\"\",IF(AUTOEVENTO=\"manual\",$A35,IF(ISERROR(MATCH($A35,$A$15:OFFSET($A35,-1,0),0)),MAX($M$15:OFFSET(M35,-1,0))+1,INDEX($M$15:OFFSET(M35,-1,0),MATCH($A35,$A$15:OFFSET($A35,-1,0),0)))))","v":3},{"$f":"IF($D35<>\"Serviço\",\"\",IF(AUTOEVENTO=\"Manual\",IF($A35=0,\"<-- defina o número do agrupador\",OFFSET(EVENTOS!$D$14,$A35,0)),OFFSET($F$15,$A35,0)))","v":"ESTRUTURA"},null,null,null,null,null,null,null,null,null,null,null,null,null,{"$f":"IF(AND($D35=\"Serviço\",AB$12<>0,$H35>0,OR(AUTOEVENTO<>\"manual\",$M35<>1)),ROUND(OFFSET($P35,0,AB$13),15-13*ORÇAMENTO!$AF$7)/$H35*OFFSET(ORÇAMENTO!$X$15,ROW(AB35)-ROW(AB$15),0),0)","v":0},{"$f":"IF(AND($D35=\"Serviço\",AC$12<>0,$H35>0,OR(AUTOEVENTO<>\"manual\",$M35<>1)),ROUND(OFFSET($P35,0,AC$13),15-13*ORÇAMENTO!$AF$7)/$H35*OFFSET(ORÇAMENTO!$X$15,ROW(AC35)-ROW(AC$15),0),0)","v":0},{"$f":"IF(AND($D35=\"Serviço\",AD$12<>0,$H35>0,OR(AUTOEVENTO<>\"manual\",$M35<>1)),ROUND(OFFSET($P35,0,AD$13),15-13*ORÇAMENTO!$AF$7)/$H35*OFFSET(ORÇAMENTO!$X$15,ROW(AD35)-ROW(AD$15),0),0)","v":0},{"$f":"IF(AND($D35=\"Serviço\",AE$12<>0,$H35>0,OR(AUTOEVENTO<>\"manual\",$M35<>1)),ROUND(OFFSET($P35,0,AE$13),15-13*ORÇAMENTO!$AF$7)/$H35*OFFSET(ORÇAMENTO!$X$15,ROW(AE35)-ROW(AE$15),0),0)","v":0},{"$f":"IF(AND($D35=\"Serviço\",AF$12<>0,$H35>0,OR(AUTOEVENTO<>\"manual\",$M35<>1)),ROUND(OFFSET($P35,0,AF$13),15-13*ORÇAMENTO!$AF$7)/$H35*OFFSET(ORÇAMENTO!$X$15,ROW(AF35)-ROW(AF$15),0),0)","v":0},{"$f":"IF(AND($D35=\"Serviço\",AG$12<>0,$H35>0,OR(AUTOEVENTO<>\"manual\",$M35<>1)),ROUND(OFFSET($P35,0,AG$13),15-13*ORÇAMENTO!$AF$7)/$H35*OFFSET(ORÇAMENTO!$X$15,ROW(AG35)-ROW(AG$15),0),0)","v":0},{"$f":"IF(AND($D35=\"Serviço\",AH$12<>0,$H35>0,OR(AUTOEVENTO<>\"manual\",$M35<>1)),ROUND(OFFSET($P35,0,AH$13),15-13*ORÇAMENTO!$AF$7)/$H35*OFFSET(ORÇAMENTO!$X$15,ROW(AH35)-ROW(AH$15),0),0)","v":0},{"$f":"IF(AND($D35=\"Serviço\",AI$12<>0,$H35>0,OR(AUTOEVENTO<>\"manual\",$M35<>1)),ROUND(OFFSET($P35,0,AI$13),15-13*ORÇAMENTO!$AF$7)/$H35*OFFSET(ORÇAMENTO!$X$15,ROW(AI35)-ROW(AI$15),0),0)","v":0},{"$f":"IF(AND($D35=\"Serviço\",AJ$12<>0,$H35>0,OR(AUTOEVENTO<>\"manual\",$M35<>1)),ROUND(OFFSET($P35,0,AJ$13),15-13*ORÇAMENTO!$AF$7)/$H35*OFFSET(ORÇAMENTO!$X$15,ROW(AJ35)-ROW(AJ$15),0),0)","v":0},{"$f":"IF(AND($D35=\"Serviço\",AK$12<>0,$H35>0,OR(AUTOEVENTO<>\"manual\",$M35<>1)),ROUND(OFFSET($P35,0,AK$13),15-13*ORÇAMENTO!$AF$7)/$H35*OFFSET(ORÇAMENTO!$X$15,ROW(AK35)-ROW(AK$15),0),0)","v":0},null,{"$f":"IF($D35<>\"Serviço\",0,IF(AND(AUTOEVENTO=\"Manual\",$M35=1),0,IF(OFFSET(CRONOPLE!$F$14,$M35,AM$13)=\"\",10^12,OFFSET(CRONOPLE!$F$14,$M35,AM$13))))","v":1000000000000},{"$f":"IF($D35<>\"Serviço\",0,IF(AND(AUTOEVENTO=\"Manual\",$M35=1),0,IF(OFFSET(CRONOPLE!$F$14,$M35,AN$13)=\"\",10^12,OFFSET(CRONOPLE!$F$14,$M35,AN$13))))","v":1000000000000},{"$f":"IF($D35<>\"Serviço\",0,IF(AND(AUTOEVENTO=\"Manual\",$M35=1),0,IF(OFFSET(CRONOPLE!$F$14,$M35,AO$13)=\"\",10^12,OFFSET(CRONOPLE!$F$14,$M35,AO$13))))","v":1000000000000},{"$f":"IF($D35<>\"Serviço\",0,IF(AND(AUTOEVENTO=\"Manual\",$M35=1),0,IF(OFFSET(CRONOPLE!$F$14,$M35,AP$13)=\"\",10^12,OFFSET(CRONOPLE!$F$14,$M35,AP$13))))","v":1000000000000},{"$f":"IF($D35<>\"Serviço\",0,IF(AND(AUTOEVENTO=\"Manual\",$M35=1),0,IF(OFFSET(CRONOPLE!$F$14,$M35,AQ$13)=\"\",10^12,OFFSET(CRONOPLE!$F$14,$M35,AQ$13))))","v":1000000000000},{"$f":"IF($D35<>\"Serviço\",0,IF(AND(AUTOEVENTO=\"Manual\",$M35=1),0,IF(OFFSET(CRONOPLE!$F$14,$M35,AR$13)=\"\",10^12,OFFSET(CRONOPLE!$F$14,$M35,AR$13))))","v":1000000000000},{"$f":"IF($D35<>\"Serviço\",0,IF(AND(AUTOEVENTO=\"Manual\",$M35=1),0,IF(OFFSET(CRONOPLE!$F$14,$M35,AS$13)=\"\",10^12,OFFSET(CRONOPLE!$F$14,$M35,AS$13))))","v":1000000000000},{"$f":"IF($D35<>\"Serviço\",0,IF(AND(AUTOEVENTO=\"Manual\",$M35=1),0,IF(OFFSET(CRONOPLE!$F$14,$M35,AT$13)=\"\",10^12,OFFSET(CRONOPLE!$F$14,$M35,AT$13))))","v":1000000000000},{"$f":"IF($D35<>\"Serviço\",0,IF(AND(AUTOEVENTO=\"Manual\",$M35=1),0,IF(OFFSET(CRONOPLE!$F$14,$M35,AU$13)=\"\",10^12,OFFSET(CRONOPLE!$F$14,$M35,AU$13))))","v":1000000000000},{"$f":"IF($D35<>\"Serviço\",0,IF(AND(AUTOEVENTO=\"Manual\",$M35=1),0,IF(OFFSET(CRONOPLE!$F$14,$M35,AV$13)=\"\",10^12,OFFSET(CRONOPLE!$F$14,$M35,AV$13))))","v":1000000000000},null,{"$f":"IF($D35<>\"Serviço\",0,IF(OR(AND(AUTOEVENTO=\"Manual\",$M35=1),$M35>(ROW(PLE.lastrow)-ROW(PLE.firstrow))),0,IF(OFFSET(PLE!$G$14,$M35,AX$13)=\"\",10^12,OFFSET(PLE!$G$14,$M35,AX$13))))","v":1000000000000},{"$f":"IF($D35<>\"Serviço\",0,IF(OR(AND(AUTOEVENTO=\"Manual\",$M35=1),$M35>(ROW(PLE.lastrow)-ROW(PLE.firstrow))),0,IF(OFFSET(PLE!$G$14,$M35,AY$13)=\"\",10^12,OFFSET(PLE!$G$14,$M35,AY$13))))","v":1000000000000},{"$f":"IF($D35<>\"Serviço\",0,IF(OR(AND(AUTOEVENTO=\"Manual\",$M35=1),$M35>(ROW(PLE.lastrow)-ROW(PLE.firstrow))),0,IF(OFFSET(PLE!$G$14,$M35,AZ$13)=\"\",10^12,OFFSET(PLE!$G$14,$M35,AZ$13))))","v":1000000000000},{"$f":"IF($D35<>\"Serviço\",0,IF(OR(AND(AUTOEVENTO=\"Manual\",$M35=1),$M35>(ROW(PLE.lastrow)-ROW(PLE.firstrow))),0,IF(OFFSET(PLE!$G$14,$M35,BA$13)=\"\",10^12,OFFSET(PLE!$G$14,$M35,BA$13))))","v":1000000000000},{"$f":"IF($D35<>\"Serviço\",0,IF(OR(AND(AUTOEVENTO=\"Manual\",$M35=1),$M35>(ROW(PLE.lastrow)-ROW(PLE.firstrow))),0,IF(OFFSET(PLE!$G$14,$M35,BB$13)=\"\",10^12,OFFSET(PLE!$G$14,$M35,BB$13))))","v":1000000000000},{"$f":"IF($D35<>\"Serviço\",0,IF(OR(AND(AUTOEVENTO=\"Manual\",$M35=1),$M35>(ROW(PLE.lastrow)-ROW(PLE.firstrow))),0,IF(OFFSET(PLE!$G$14,$M35,BC$13)=\"\",10^12,OFFSET(PLE!$G$14,$M35,BC$13))))","v":1000000000000},{"$f":"IF($D35<>\"Serviço\",0,IF(OR(AND(AUTOEVENTO=\"Manual\",$M35=1),$M35>(ROW(PLE.lastrow)-ROW(PLE.firstrow))),0,IF(OFFSET(PLE!$G$14,$M35,BD$13)=\"\",10^12,OFFSET(PLE!$G$14,$M35,BD$13))))","v":1000000000000},{"$f":"IF($D35<>\"Serviço\",0,IF(OR(AND(AUTOEVENTO=\"Manual\",$M35=1),$M35>(ROW(PLE.lastrow)-ROW(PLE.firstrow))),0,IF(OFFSET(PLE!$G$14,$M35,BE$13)=\"\",10^12,OFFSET(PLE!$G$14,$M35,BE$13))))","v":1000000000000},{"$f":"IF($D35<>\"Serviço\",0,IF(OR(AND(AUTOEVENTO=\"Manual\",$M35=1),$M35>(ROW(PLE.lastrow)-ROW(PLE.firstrow))),0,IF(OFFSET(PLE!$G$14,$M35,BF$13)=\"\",10^12,OFFSET(PLE!$G$14,$M35,BF$13))))","v":1000000000000},{"$f":"IF($D35<>\"Serviço\",0,IF(OR(AND(AUTOEVENTO=\"Manual\",$M35=1),$M35>(ROW(PLE.lastrow)-ROW(PLE.firstrow))),0,IF(OFFSET(PLE!$G$14,$M35,BG$13)=\"\",10^12,OFFSET(PLE!$G$14,$M35,BG$13))))","v":1000000000000}]
["4",{"$f":"OFFSET(ORÇAMENTO!C$15,ROW(B36)-ROW(B$15),0)","v":"S"},{"$f":"OFFSET(ORÇAMENTO!L$15,ROW(C36)-ROW(C$15),0)","v":"F"},{"$f":"OFFSET(ORÇAMENTO!N$15,ROW(D36)-ROW(D$15),0)","v":"Serviço"},{"$f":"OFFSET(ORÇAMENTO!O$15,ROW(E36)-ROW(E$15),0)","v":"1.2.17."},{"$f":"OFFSET(ORÇAMENTO!R$15,ROW(F36)-ROW(F$15),0)","v":"ARMAÇÃO DE ESCADA, COM 2 LANCES, DE UMA ESTRUTURA CONVENCIONAL DE CONCRETO ARMADO UTILIZANDO AÇO CA-50 DE 10,0 MM - MONTAGEM. AF_01/2017"},{"$f":"IF($D36<>\"Serviço\",\"\",OFFSET(ORÇAMENTO!S$15,ROW(G36)-ROW(G$15),0))","v":"KG"},{"$f":"IF($D36<>\"Serviço\",0,IF(ACOMPANHAMENTO=\"BM\",ROUND(OFFSET(ORÇAMENTO!AJ$15,ROW(H36)-ROW(H$15),0),15-13*ORÇAMENTO!$AF$7),SUMPRODUCT(($Q$12:$AA$12<>\"\")*ROUND($Q36:$AA36,15-13*ORÇAMENTO!$AF$7))))","v":68.2},null,null,null,".",{"$f":"IF($D36<>\"Serviço\",\"\",IF(AUTOEVENTO=\"manual\",$A36,IF(ISERROR(MATCH($A36,$A$15:OFFSET($A36,-1,0),0)),MAX($M$15:OFFSET(M36,-1,0))+1,INDEX($M$15:OFFSET(M36,-1,0),MATCH($A36,$A$15:OFFSET($A36,-1,0),0)))))","v":3},{"$f":"IF($D36<>\"Serviço\",\"\",IF(AUTOEVENTO=\"Manual\",IF($A36=0,\"<-- defina o número do agrupador\",OFFSET(EVENTOS!$D$14,$A36,0)),OFFSET($F$15,$A36,0)))","v":"ESTRUTURA"},null,null,null,null,null,null,null,null,null,null,null,null,null,{"$f":"IF(AND($D36=\"Serviço\",AB$12<>0,$H36>0,OR(AUTOEVENTO<>\"manual\",$M36<>1)),ROUND(OFFSET($P36,0,AB$13),15-13*ORÇAMENTO!$AF$7)/$H36*OFFSET(ORÇAMENTO!$X$15,ROW(AB36)-ROW(AB$15),0),0)","v":0},{"$f":"IF(AND($D36=\"Serviço\",AC$12<>0,$H36>0,OR(AUTOEVENTO<>\"manual\",$M36<>1)),ROUND(OFFSET($P36,0,AC$13),15-13*ORÇAMENTO!$AF$7)/$H36*OFFSET(ORÇAMENTO!$X$15,ROW(AC36)-ROW(AC$15),0),0)","v":0},{"$f":"IF(AND($D36=\"Serviço\",AD$12<>0,$H36>0,OR(AUTOEVENTO<>\"manual\",$M36<>1)),ROUND(OFFSET($P36,0,AD$13),15-13*ORÇAMENTO!$AF$7)/$H36*OFFSET(ORÇAMENTO!$X$15,ROW(AD36)-ROW(AD$15),0),0)","v":0},{"$f":"IF(AND($D36=\"Serviço\",AE$12<>0,$H36>0,OR(AUTOEVENTO<>\"manual\",$M36<>1)),ROUND(OFFSET($P36,0,AE$13),15-13*ORÇAMENTO!$AF$7)/$H36*OFFSET(ORÇAMENTO!$X$15,ROW(AE36)-ROW(AE$15),0),0)","v":0},{"$f":"IF(AND($D36=\"Serviço\",AF$12<>0,$H36>0,OR(AUTOEVENTO<>\"manual\",$M36<>1)),ROUND(OFFSET($P36,0,AF$13),15-13*ORÇAMENTO!$AF$7)/$H36*OFFSET(ORÇAMENTO!$X$15,ROW(AF36)-ROW(AF$15),0),0)","v":0},{"$f":"IF(AND($D36=\"Serviço\",AG$12<>0,$H36>0,OR(AUTOEVENTO<>\"manual\",$M36<>1)),ROUND(OFFSET($P36,0,AG$13),15-13*ORÇAMENTO!$AF$7)/$H36*OFFSET(ORÇAMENTO!$X$15,ROW(AG36)-ROW(AG$15),0),0)","v":0},{"$f":"IF(AND($D36=\"Serviço\",AH$12<>0,$H36>0,OR(AUTOEVENTO<>\"manual\",$M36<>1)),ROUND(OFFSET($P36,0,AH$13),15-13*ORÇAMENTO!$AF$7)/$H36*OFFSET(ORÇAMENTO!$X$15,ROW(AH36)-ROW(AH$15),0),0)","v":0},{"$f":"IF(AND($D36=\"Serviço\",AI$12<>0,$H36>0,OR(AUTOEVENTO<>\"manual\",$M36<>1)),ROUND(OFFSET($P36,0,AI$13),15-13*ORÇAMENTO!$AF$7)/$H36*OFFSET(ORÇAMENTO!$X$15,ROW(AI36)-ROW(AI$15),0),0)","v":0},{"$f":"IF(AND($D36=\"Serviço\",AJ$12<>0,$H36>0,OR(AUTOEVENTO<>\"manual\",$M36<>1)),ROUND(OFFSET($P36,0,AJ$13),15-13*ORÇAMENTO!$AF$7)/$H36*OFFSET(ORÇAMENTO!$X$15,ROW(AJ36)-ROW(AJ$15),0),0)","v":0},{"$f":"IF(AND($D36=\"Serviço\",AK$12<>0,$H36>0,OR(AUTOEVENTO<>\"manual\",$M36<>1)),ROUND(OFFSET($P36,0,AK$13),15-13*ORÇAMENTO!$AF$7)/$H36*OFFSET(ORÇAMENTO!$X$15,ROW(AK36)-ROW(AK$15),0),0)","v":0},null,{"$f":"IF($D36<>\"Serviço\",0,IF(AND(AUTOEVENTO=\"Manual\",$M36=1),0,IF(OFFSET(CRONOPLE!$F$14,$M36,AM$13)=\"\",10^12,OFFSET(CRONOPLE!$F$14,$M36,AM$13))))","v":1000000000000},{"$f":"IF($D36<>\"Serviço\",0,IF(AND(AUTOEVENTO=\"Manual\",$M36=1),0,IF(OFFSET(CRONOPLE!$F$14,$M36,AN$13)=\"\",10^12,OFFSET(CRONOPLE!$F$14,$M36,AN$13))))","v":1000000000000},{"$f":"IF($D36<>\"Serviço\",0,IF(AND(AUTOEVENTO=\"Manual\",$M36=1),0,IF(OFFSET(CRONOPLE!$F$14,$M36,AO$13)=\"\",10^12,OFFSET(CRONOPLE!$F$14,$M36,AO$13))))","v":1000000000000},{"$f":"IF($D36<>\"Serviço\",0,IF(AND(AUTOEVENTO=\"Manual\",$M36=1),0,IF(OFFSET(CRONOPLE!$F$14,$M36,AP$13)=\"\",10^12,OFFSET(CRONOPLE!$F$14,$M36,AP$13))))","v":1000000000000},{"$f":"IF($D36<>\"Serviço\",0,IF(AND(AUTOEVENTO=\"Manual\",$M36=1),0,IF(OFFSET(CRONOPLE!$F$14,$M36,AQ$13)=\"\",10^12,OFFSET(CRONOPLE!$F$14,$M36,AQ$13))))","v":1000000000000},{"$f":"IF($D36<>\"Serviço\",0,IF(AND(AUTOEVENTO=\"Manual\",$M36=1),0,IF(OFFSET(CRONOPLE!$F$14,$M36,AR$13)=\"\",10^12,OFFSET(CRONOPLE!$F$14,$M36,AR$13))))","v":1000000000000},{"$f":"IF($D36<>\"Serviço\",0,IF(AND(AUTOEVENTO=\"Manual\",$M36=1),0,IF(OFFSET(CRONOPLE!$F$14,$M36,AS$13)=\"\",10^12,OFFSET(CRONOPLE!$F$14,$M36,AS$13))))","v":1000000000000},{"$f":"IF($D36<>\"Serviço\",0,IF(AND(AUTOEVENTO=\"Manual\",$M36=1),0,IF(OFFSET(CRONOPLE!$F$14,$M36,AT$13)=\"\",10^12,OFFSET(CRONOPLE!$F$14,$M36,AT$13))))","v":1000000000000},{"$f":"IF($D36<>\"Serviço\",0,IF(AND(AUTOEVENTO=\"Manual\",$M36=1),0,IF(OFFSET(CRONOPLE!$F$14,$M36,AU$13)=\"\",10^12,OFFSET(CRONOPLE!$F$14,$M36,AU$13))))","v":1000000000000},{"$f":"IF($D36<>\"Serviço\",0,IF(AND(AUTOEVENTO=\"Manual\",$M36=1),0,IF(OFFSET(CRONOPLE!$F$14,$M36,AV$13)=\"\",10^12,OFFSET(CRONOPLE!$F$14,$M36,AV$13))))","v":1000000000000},null,{"$f":"IF($D36<>\"Serviço\",0,IF(OR(AND(AUTOEVENTO=\"Manual\",$M36=1),$M36>(ROW(PLE.lastrow)-ROW(PLE.firstrow))),0,IF(OFFSET(PLE!$G$14,$M36,AX$13)=\"\",10^12,OFFSET(PLE!$G$14,$M36,AX$13))))","v":1000000000000},{"$f":"IF($D36<>\"Serviço\",0,IF(OR(AND(AUTOEVENTO=\"Manual\",$M36=1),$M36>(ROW(PLE.lastrow)-ROW(PLE.firstrow))),0,IF(OFFSET(PLE!$G$14,$M36,AY$13)=\"\",10^12,OFFSET(PLE!$G$14,$M36,AY$13))))","v":1000000000000},{"$f":"IF($D36<>\"Serviço\",0,IF(OR(AND(AUTOEVENTO=\"Manual\",$M36=1),$M36>(ROW(PLE.lastrow)-ROW(PLE.firstrow))),0,IF(OFFSET(PLE!$G$14,$M36,AZ$13)=\"\",10^12,OFFSET(PLE!$G$14,$M36,AZ$13))))","v":1000000000000},{"$f":"IF($D36<>\"Serviço\",0,IF(OR(AND(AUTOEVENTO=\"Manual\",$M36=1),$M36>(ROW(PLE.lastrow)-ROW(PLE.firstrow))),0,IF(OFFSET(PLE!$G$14,$M36,BA$13)=\"\",10^12,OFFSET(PLE!$G$14,$M36,BA$13))))","v":1000000000000},{"$f":"IF($D36<>\"Serviço\",0,IF(OR(AND(AUTOEVENTO=\"Manual\",$M36=1),$M36>(ROW(PLE.lastrow)-ROW(PLE.firstrow))),0,IF(OFFSET(PLE!$G$14,$M36,BB$13)=\"\",10^12,OFFSET(PLE!$G$14,$M36,BB$13))))","v":1000000000000},{"$f":"IF($D36<>\"Serviço\",0,IF(OR(AND(AUTOEVENTO=\"Manual\",$M36=1),$M36>(ROW(PLE.lastrow)-ROW(PLE.firstrow))),0,IF(OFFSET(PLE!$G$14,$M36,BC$13)=\"\",10^12,OFFSET(PLE!$G$14,$M36,BC$13))))","v":1000000000000},{"$f":"IF($D36<>\"Serviço\",0,IF(OR(AND(AUTOEVENTO=\"Manual\",$M36=1),$M36>(ROW(PLE.lastrow)-ROW(PLE.firstrow))),0,IF(OFFSET(PLE!$G$14,$M36,BD$13)=\"\",10^12,OFFSET(PLE!$G$14,$M36,BD$13))))","v":1000000000000},{"$f":"IF($D36<>\"Serviço\",0,IF(OR(AND(AUTOEVENTO=\"Manual\",$M36=1),$M36>(ROW(PLE.lastrow)-ROW(PLE.firstrow))),0,IF(OFFSET(PLE!$G$14,$M36,BE$13)=\"\",10^12,OFFSET(PLE!$G$14,$M36,BE$13))))","v":1000000000000},{"$f":"IF($D36<>\"Serviço\",0,IF(OR(AND(AUTOEVENTO=\"Manual\",$M36=1),$M36>(ROW(PLE.lastrow)-ROW(PLE.firstrow))),0,IF(OFFSET(PLE!$G$14,$M36,BF$13)=\"\",10^12,OFFSET(PLE!$G$14,$M36,BF$13))))","v":1000000000000},{"$f":"IF($D36<>\"Serviço\",0,IF(OR(AND(AUTOEVENTO=\"Manual\",$M36=1),$M36>(ROW(PLE.lastrow)-ROW(PLE.firstrow))),0,IF(OFFSET(PLE!$G$14,$M36,BG$13)=\"\",10^12,OFFSET(PLE!$G$14,$M36,BG$13))))","v":1000000000000}]
["4",{"$f":"OFFSET(ORÇAMENTO!C$15,ROW(B37)-ROW(B$15),0)","v":"S"},{"$f":"OFFSET(ORÇAMENTO!L$15,ROW(C37)-ROW(C$15),0)","v":"F"},{"$f":"OFFSET(ORÇAMENTO!N$15,ROW(D37)-ROW(D$15),0)","v":"Serviço"},{"$f":"OFFSET(ORÇAMENTO!O$15,ROW(E37)-ROW(E$15),0)","v":"1.2.18."},{"$f":"OFFSET(ORÇAMENTO!R$15,ROW(F37)-ROW(F$15),0)","v":"FABRICAÇÃO, MONTAGEM E DESMONTAGEM DE FÔRMA DE PILARES RETANGULARES E ESTRUTURAS SIMILARES, PÉ-DIREITO SIMPLES, EM MADEIRA SERRADA"},{"$f":"IF($D37<>\"Serviço\",\"\",OFFSET(ORÇAMENTO!S$15,ROW(G37)-ROW(G$15),0))","v":"M2"},{"$f":"IF($D37<>\"Serviço\",0,IF(ACOMPANHAMENTO=\"BM\",ROUND(OFFSET(ORÇAMENTO!AJ$15,ROW(H37)-ROW(H$15),0),15-13*ORÇAMENTO!$AF$7),SUMPRODUCT(($Q$12:$AA$12<>\"\")*ROUND($Q37:$AA37,15-13*ORÇAMENTO!$AF$7))))","v":10.8},null,null,null,".",{"$f":"IF($D37<>\"Serviço\",\"\",IF(AUTOEVENTO=\"manual\",$A37,IF(ISERROR(MATCH($A37,$A$15:OFFSET($A37,-1,0),0)),MAX($M$15:OFFSET(M37,-1,0))+1,INDEX($M$15:OFFSET(M37,-1,0),MATCH($A37,$A$15:OFFSET($A37,-1,0),0)))))","v":3},{"$f":"IF($D37<>\"Serviço\",\"\",IF(AUTOEVENTO=\"Manual\",IF($A37=0,\"<-- defina o número do agrupador\",OFFSET(EVENTOS!$D$14,$A37,0)),OFFSET($F$15,$A37,0)))","v":"ESTRUTURA"},null,null,null,null,null,null,null,null,null,null,null,null,null,{"$f":"IF(AND($D37=\"Serviço\",AB$12<>0,$H37>0,OR(AUTOEVENTO<>\"manual\",$M37<>1)),ROUND(OFFSET($P37,0,AB$13),15-13*ORÇAMENTO!$AF$7)/$H37*OFFSET(ORÇAMENTO!$X$15,ROW(AB37)-ROW(AB$15),0),0)","v":0},{"$f":"IF(AND($D37=\"Serviço\",AC$12<>0,$H37>0,OR(AUTOEVENTO<>\"manual\",$M37<>1)),ROUND(OFFSET($P37,0,AC$13),15-13*ORÇAMENTO!$AF$7)/$H37*OFFSET(ORÇAMENTO!$X$15,ROW(AC37)-ROW(AC$15),0),0)","v":0},{"$f":"IF(AND($D37=\"Serviço\",AD$12<>0,$H37>0,OR(AUTOEVENTO<>\"manual\",$M37<>1)),ROUND(OFFSET($P37,0,AD$13),15-13*ORÇAMENTO!$AF$7)/$H37*OFFSET(ORÇAMENTO!$X$15,ROW(AD37)-ROW(AD$15),0),0)","v":0},{"$f":"IF(AND($D37=\"Serviço\",AE$12<>0,$H37>0,OR(AUTOEVENTO<>\"manual\",$M37<>1)),ROUND(OFFSET($P37,0,AE$13),15-13*ORÇAMENTO!$AF$7)/$H37*OFFSET(ORÇAMENTO!$X$15,ROW(AE37)-ROW(AE$15),0),0)","v":0},{"$f":"IF(AND($D37=\"Serviço\",AF$12<>0,$H37>0,OR(AUTOEVENTO<>\"manual\",$M37<>1)),ROUND(OFFSET($P37,0,AF$13),15-13*ORÇAMENTO!$AF$7)/$H37*OFFSET(ORÇAMENTO!$X$15,ROW(AF37)-ROW(AF$15),0),0)","v":0},{"$f":"IF(AND($D37=\"Serviço\",AG$12<>0,$H37>0,OR(AUTOEVENTO<>\"manual\",$M37<>1)),ROUND(OFFSET($P37,0,AG$13),15-13*ORÇAMENTO!$AF$7)/$H37*OFFSET(ORÇAMENTO!$X$15,ROW(AG37)-ROW(AG$15),0),0)","v":0},{"$f":"IF(AND($D37=\"Serviço\",AH$12<>0,$H37>0,OR(AUTOEVENTO<>\"manual\",$M37<>1)),ROUND(OFFSET($P37,0,AH$13),15-13*ORÇAMENTO!$AF$7)/$H37*OFFSET(ORÇAMENTO!$X$15,ROW(AH37)-ROW(AH$15),0),0)","v":0},{"$f":"IF(AND($D37=\"Serviço\",AI$12<>0,$H37>0,OR(AUTOEVENTO<>\"manual\",$M37<>1)),ROUND(OFFSET($P37,0,AI$13),15-13*ORÇAMENTO!$AF$7)/$H37*OFFSET(ORÇAMENTO!$X$15,ROW(AI37)-ROW(AI$15),0),0)","v":0},{"$f":"IF(AND($D37=\"Serviço\",AJ$12<>0,$H37>0,OR(AUTOEVENTO<>\"manual\",$M37<>1)),ROUND(OFFSET($P37,0,AJ$13),15-13*ORÇAMENTO!$AF$7)/$H37*OFFSET(ORÇAMENTO!$X$15,ROW(AJ37)-ROW(AJ$15),0),0)","v":0},{"$f":"IF(AND($D37=\"Serviço\",AK$12<>0,$H37>0,OR(AUTOEVENTO<>\"manual\",$M37<>1)),ROUND(OFFSET($P37,0,AK$13),15-13*ORÇAMENTO!$AF$7)/$H37*OFFSET(ORÇAMENTO!$X$15,ROW(AK37)-ROW(AK$15),0),0)","v":0},null,{"$f":"IF($D37<>\"Serviço\",0,IF(AND(AUTOEVENTO=\"Manual\",$M37=1),0,IF(OFFSET(CRONOPLE!$F$14,$M37,AM$13)=\"\",10^12,OFFSET(CRONOPLE!$F$14,$M37,AM$13))))","v":1000000000000},{"$f":"IF($D37<>\"Serviço\",0,IF(AND(AUTOEVENTO=\"Manual\",$M37=1),0,IF(OFFSET(CRONOPLE!$F$14,$M37,AN$13)=\"\",10^12,OFFSET(CRONOPLE!$F$14,$M37,AN$13))))","v":1000000000000},{"$f":"IF($D37<>\"Serviço\",0,IF(AND(AUTOEVENTO=\"Manual\",$M37=1),0,IF(OFFSET(CRONOPLE!$F$14,$M37,AO$13)=\"\",10^12,OFFSET(CRONOPLE!$F$14,$M37,AO$13))))","v":1000000000000},{"$f":"IF($D37<>\"Serviço\",0,IF(AND(AUTOEVENTO=\"Manual\",$M37=1),0,IF(OFFSET(CRONOPLE!$F$14,$M37,AP$13)=\"\",10^12,OFFSET(CRONOPLE!$F$14,$M37,AP$13))))","v":1000000000000},{"$f":"IF($D37<>\"Serviço\",0,IF(AND(AUTOEVENTO=\"Manual\",$M37=1),0,IF(OFFSET(CRONOPLE!$F$14,$M37,AQ$13)=\"\",10^12,OFFSET(CRONOPLE!$F$14,$M37,AQ$13))))","v":1000000000000},{"$f":"IF($D37<>\"Serviço\",0,IF(AND(AUTOEVENTO=\"Manual\",$M37=1),0,IF(OFFSET(CRONOPLE!$F$14,$M37,AR$13)=\"\",10^12,OFFSET(CRONOPLE!$F$14,$M37,AR$13))))","v":1000000000000},{"$f":"IF($D37<>\"Serviço\",0,IF(AND(AUTOEVENTO=\"Manual\",$M37=1),0,IF(OFFSET(CRONOPLE!$F$14,$M37,AS$13)=\"\",10^12,OFFSET(CRONOPLE!$F$14,$M37,AS$13))))","v":1000000000000},{"$f":"IF($D37<>\"Serviço\",0,IF(AND(AUTOEVENTO=\"Manual\",$M37=1),0,IF(OFFSET(CRONOPLE!$F$14,$M37,AT$13)=\"\",10^12,OFFSET(CRONOPLE!$F$14,$M37,AT$13))))","v":1000000000000},{"$f":"IF($D37<>\"Serviço\",0,IF(AND(AUTOEVENTO=\"Manual\",$M37=1),0,IF(OFFSET(CRONOPLE!$F$14,$M37,AU$13)=\"\",10^12,OFFSET(CRONOPLE!$F$14,$M37,AU$13))))","v":1000000000000},{"$f":"IF($D37<>\"Serviço\",0,IF(AND(AUTOEVENTO=\"Manual\",$M37=1),0,IF(OFFSET(CRONOPLE!$F$14,$M37,AV$13)=\"\",10^12,OFFSET(CRONOPLE!$F$14,$M37,AV$13))))","v":1000000000000},null,{"$f":"IF($D37<>\"Serviço\",0,IF(OR(AND(AUTOEVENTO=\"Manual\",$M37=1),$M37>(ROW(PLE.lastrow)-ROW(PLE.firstrow))),0,IF(OFFSET(PLE!$G$14,$M37,AX$13)=\"\",10^12,OFFSET(PLE!$G$14,$M37,AX$13))))","v":1000000000000},{"$f":"IF($D37<>\"Serviço\",0,IF(OR(AND(AUTOEVENTO=\"Manual\",$M37=1),$M37>(ROW(PLE.lastrow)-ROW(PLE.firstrow))),0,IF(OFFSET(PLE!$G$14,$M37,AY$13)=\"\",10^12,OFFSET(PLE!$G$14,$M37,AY$13))))","v":1000000000000},{"$f":"IF($D37<>\"Serviço\",0,IF(OR(AND(AUTOEVENTO=\"Manual\",$M37=1),$M37>(ROW(PLE.lastrow)-ROW(PLE.firstrow))),0,IF(OFFSET(PLE!$G$14,$M37,AZ$13)=\"\",10^12,OFFSET(PLE!$G$14,$M37,AZ$13))))","v":1000000000000},{"$f":"IF($D37<>\"Serviço\",0,IF(OR(AND(AUTOEVENTO=\"Manual\",$M37=1),$M37>(ROW(PLE.lastrow)-ROW(PLE.firstrow))),0,IF(OFFSET(PLE!$G$14,$M37,BA$13)=\"\",10^12,OFFSET(PLE!$G$14,$M37,BA$13))))","v":1000000000000},{"$f":"IF($D37<>\"Serviço\",0,IF(OR(AND(AUTOEVENTO=\"Manual\",$M37=1),$M37>(ROW(PLE.lastrow)-ROW(PLE.firstrow))),0,IF(OFFSET(PLE!$G$14,$M37,BB$13)=\"\",10^12,OFFSET(PLE!$G$14,$M37,BB$13))))","v":1000000000000},{"$f":"IF($D37<>\"Serviço\",0,IF(OR(AND(AUTOEVENTO=\"Manual\",$M37=1),$M37>(ROW(PLE.lastrow)-ROW(PLE.firstrow))),0,IF(OFFSET(PLE!$G$14,$M37,BC$13)=\"\",10^12,OFFSET(PLE!$G$14,$M37,BC$13))))","v":1000000000000},{"$f":"IF($D37<>\"Serviço\",0,IF(OR(AND(AUTOEVENTO=\"Manual\",$M37=1),$M37>(ROW(PLE.lastrow)-ROW(PLE.firstrow))),0,IF(OFFSET(PLE!$G$14,$M37,BD$13)=\"\",10^12,OFFSET(PLE!$G$14,$M37,BD$13))))","v":1000000000000},{"$f":"IF($D37<>\"Serviço\",0,IF(OR(AND(AUTOEVENTO=\"Manual\",$M37=1),$M37>(ROW(PLE.lastrow)-ROW(PLE.firstrow))),0,IF(OFFSET(PLE!$G$14,$M37,BE$13)=\"\",10^12,OFFSET(PLE!$G$14,$M37,BE$13))))","v":1000000000000},{"$f":"IF($D37<>\"Serviço\",0,IF(OR(AND(AUTOEVENTO=\"Manual\",$M37=1),$M37>(ROW(PLE.lastrow)-ROW(PLE.firstrow))),0,IF(OFFSET(PLE!$G$14,$M37,BF$13)=\"\",10^12,OFFSET(PLE!$G$14,$M37,BF$13))))","v":1000000000000},{"$f":"IF($D37<>\"Serviço\",0,IF(OR(AND(AUTOEVENTO=\"Manual\",$M37=1),$M37>(ROW(PLE.lastrow)-ROW(PLE.firstrow))),0,IF(OFFSET(PLE!$G$14,$M37,BG$13)=\"\",10^12,OFFSET(PLE!$G$14,$M37,BG$13))))","v":1000000000000}]
["4",{"$f":"OFFSET(ORÇAMENTO!C$15,ROW(B38)-ROW(B$15),0)","v":"S"},{"$f":"OFFSET(ORÇAMENTO!L$15,ROW(C38)-ROW(C$15),0)","v":"F"},{"$f":"OFFSET(ORÇAMENTO!N$15,ROW(D38)-ROW(D$15),0)","v":"Serviço"},{"$f":"OFFSET(ORÇAMENTO!O$15,ROW(E38)-ROW(E$15),0)","v":"1.2.19."},{"$f":"OFFSET(ORÇAMENTO!R$15,ROW(F38)-ROW(F$15),0)","v":"FABRICAÇÃO, MONTAGEM E DESMONTAGEM DE FÔRMA PARA VIGA, EM MADEIRA SERRADA, E=25 MM"},{"$f":"IF($D38<>\"Serviço\",\"\",OFFSET(ORÇAMENTO!S$15,ROW(G38)-ROW(G$15),0))","v":"M2"},{"$f":"IF($D38<>\"Serviço\",0,IF(ACOMPANHAMENTO=\"BM\",ROUND(OFFSET(ORÇAMENTO!AJ$15,ROW(H38)-ROW(H$15),0),15-13*ORÇAMENTO!$AF$7),SUMPRODUCT(($Q$12:$AA$12<>\"\")*ROUND($Q38:$AA38,15-13*ORÇAMENTO!$AF$7))))","v":91.29},null,null,null,".",{"$f":"IF($D38<>\"Serviço\",\"\",IF(AUTOEVENTO=\"manual\",$A38,IF(ISERROR(MATCH($A38,$A$15:OFFSET($A38,-1,0),0)),MAX($M$15:OFFSET(M38,-1,0))+1,INDEX($M$15:OFFSET(M38,-1,0),MATCH($A38,$A$15:OFFSET($A38,-1,0),0)))))","v":3},{"$f":"IF($D38<>\"Serviço\",\"\",IF(AUTOEVENTO=\"Manual\",IF($A38=0,\"<-- defina o número do agrupador\",OFFSET(EVENTOS!$D$14,$A38,0)),OFFSET($F$15,$A38,0)))","v":"ESTRUTURA"},null,null,null,null,null,null,null,null,null,null,null,null,null,{"$f":"IF(AND($D38=\"Serviço\",AB$12<>0,$H38>0,OR(AUTOEVENTO<>\"manual\",$M38<>1)),ROUND(OFFSET($P38,0,AB$13),15-13*ORÇAMENTO!$AF$7)/$H38*OFFSET(ORÇAMENTO!$X$15,ROW(AB38)-ROW(AB$15),0),0)","v":0},{"$f":"IF(AND($D38=\"Serviço\",AC$12<>0,$H38>0,OR(AUTOEVENTO<>\"manual\",$M38<>1)),ROUND(OFFSET($P38,0,AC$13),15-13*ORÇAMENTO!$AF$7)/$H38*OFFSET(ORÇAMENTO!$X$15,ROW(AC38)-ROW(AC$15),0),0)","v":0},{"$f":"IF(AND($D38=\"Serviço\",AD$12<>0,$H38>0,OR(AUTOEVENTO<>\"manual\",$M38<>1)),ROUND(OFFSET($P38,0,AD$13),15-13*ORÇAMENTO!$AF$7)/$H38*OFFSET(ORÇAMENTO!$X$15,ROW(AD38)-ROW(AD$15),0),0)","v":0},{"$f":"IF(AND($D38=\"Serviço\",AE$12<>0,$H38>0,OR(AUTOEVENTO<>\"manual\",$M38<>1)),ROUND(OFFSET($P38,0,AE$13),15-13*ORÇAMENTO!$AF$7)/$H38*OFFSET(ORÇAMENTO!$X$15,ROW(AE38)-ROW(AE$15),0),0)","v":0},{"$f":"IF(AND($D38=\"Serviço\",AF$12<>0,$H38>0,OR(AUTOEVENTO<>\"manual\",$M38<>1)),ROUND(OFFSET($P38,0,AF$13),15-13*ORÇAMENTO!$AF$7)/$H38*OFFSET(ORÇAMENTO!$X$15,ROW(AF38)-ROW(AF$15),0),0)","v":0},{"$f":"IF(AND($D38=\"Serviço\",AG$12<>0,$H38>0,OR(AUTOEVENTO<>\"manual\",$M38<>1)),ROUND(OFFSET($P38,0,AG$13),15-13*ORÇAMENTO!$AF$7)/$H38*OFFSET(ORÇAMENTO!$X$15,ROW(AG38)-ROW(AG$15),0),0)","v":0},{"$f":"IF(AND($D38=\"Serviço\",AH$12<>0,$H38>0,OR(AUTOEVENTO<>\"manual\",$M38<>1)),ROUND(OFFSET($P38,0,AH$13),15-13*ORÇAMENTO!$AF$7)/$H38*OFFSET(ORÇAMENTO!$X$15,ROW(AH38)-ROW(AH$15),0),0)","v":0},{"$f":"IF(AND($D38=\"Serviço\",AI$12<>0,$H38>0,OR(AUTOEVENTO<>\"manual\",$M38<>1)),ROUND(OFFSET($P38,0,AI$13),15-13*ORÇAMENTO!$AF$7)/$H38*OFFSET(ORÇAMENTO!$X$15,ROW(AI38)-ROW(AI$15),0),0)","v":0},{"$f":"IF(AND($D38=\"Serviço\",AJ$12<>0,$H38>0,OR(AUTOEVENTO<>\"manual\",$M38<>1)),ROUND(OFFSET($P38,0,AJ$13),15-13*ORÇAMENTO!$AF$7)/$H38*OFFSET(ORÇAMENTO!$X$15,ROW(AJ38)-ROW(AJ$15),0),0)","v":0},{"$f":"IF(AND($D38=\"Serviço\",AK$12<>0,$H38>0,OR(AUTOEVENTO<>\"manual\",$M38<>1)),ROUND(OFFSET($P38,0,AK$13),15-13*ORÇAMENTO!$AF$7)/$H38*OFFSET(ORÇAMENTO!$X$15,ROW(AK38)-ROW(AK$15),0),0)","v":0},null,{"$f":"IF($D38<>\"Serviço\",0,IF(AND(AUTOEVENTO=\"Manual\",$M38=1),0,IF(OFFSET(CRONOPLE!$F$14,$M38,AM$13)=\"\",10^12,OFFSET(CRONOPLE!$F$14,$M38,AM$13))))","v":1000000000000},{"$f":"IF($D38<>\"Serviço\",0,IF(AND(AUTOEVENTO=\"Manual\",$M38=1),0,IF(OFFSET(CRONOPLE!$F$14,$M38,AN$13)=\"\",10^12,OFFSET(CRONOPLE!$F$14,$M38,AN$13))))","v":1000000000000},{"$f":"IF($D38<>\"Serviço\",0,IF(AND(AUTOEVENTO=\"Manual\",$M38=1),0,IF(OFFSET(CRONOPLE!$F$14,$M38,AO$13)=\"\",10^12,OFFSET(CRONOPLE!$F$14,$M38,AO$13))))","v":1000000000000},{"$f":"IF($D38<>\"Serviço\",0,IF(AND(AUTOEVENTO=\"Manual\",$M38=1),0,IF(OFFSET(CRONOPLE!$F$14,$M38,AP$13)=\"\",10^12,OFFSET(CRONOPLE!$F$14,$M38,AP$13))))","v":1000000000000},{"$f":"IF($D38<>\"Serviço\",0,IF(AND(AUTOEVENTO=\"Manual\",$M38=1),0,IF(OFFSET(CRONOPLE!$F$14,$M38,AQ$13)=\"\",10^12,OFFSET(CRONOPLE!$F$14,$M38,AQ$13))))","v":1000000000000},{"$f":"IF($D38<>\"Serviço\",0,IF(AND(AUTOEVENTO=\"Manual\",$M38=1),0,IF(OFFSET(CRONOPLE!$F$14,$M38,AR$13)=\"\",10^12,OFFSET(CRONOPLE!$F$14,$M38,AR$13))))","v":1000000000000},{"$f":"IF($D38<>\"Serviço\",0,IF(AND(AUTOEVENTO=\"Manual\",$M38=1),0,IF(OFFSET(CRONOPLE!$F$14,$M38,AS$13)=\"\",10^12,OFFSET(CRONOPLE!$F$14,$M38,AS$13))))","v":1000000000000},{"$f":"IF($D38<>\"Serviço\",0,IF(AND(AUTOEVENTO=\"Manual\",$M38=1),0,IF(OFFSET(CRONOPLE!$F$14,$M38,AT$13)=\"\",10^12,OFFSET(CRONOPLE!$F$14,$M38,AT$13))))","v":1000000000000},{"$f":"IF($D38<>\"Serviço\",0,IF(AND(AUTOEVENTO=\"Manual\",$M38=1),0,IF(OFFSET(CRONOPLE!$F$14,$M38,AU$13)=\"\",10^12,OFFSET(CRONOPLE!$F$14,$M38,AU$13))))","v":1000000000000},{"$f":"IF($D38<>\"Serviço\",0,IF(AND(AUTOEVENTO=\"Manual\",$M38=1),0,IF(OFFSET(CRONOPLE!$F$14,$M38,AV$13)=\"\",10^12,OFFSET(CRONOPLE!$F$14,$M38,AV$13))))","v":1000000000000},null,{"$f":"IF($D38<>\"Serviço\",0,IF(OR(AND(AUTOEVENTO=\"Manual\",$M38=1),$M38>(ROW(PLE.lastrow)-ROW(PLE.firstrow))),0,IF(OFFSET(PLE!$G$14,$M38,AX$13)=\"\",10^12,OFFSET(PLE!$G$14,$M38,AX$13))))","v":1000000000000},{"$f":"IF($D38<>\"Serviço\",0,IF(OR(AND(AUTOEVENTO=\"Manual\",$M38=1),$M38>(ROW(PLE.lastrow)-ROW(PLE.firstrow))),0,IF(OFFSET(PLE!$G$14,$M38,AY$13)=\"\",10^12,OFFSET(PLE!$G$14,$M38,AY$13))))","v":1000000000000},{"$f":"IF($D38<>\"Serviço\",0,IF(OR(AND(AUTOEVENTO=\"Manual\",$M38=1),$M38>(ROW(PLE.lastrow)-ROW(PLE.firstrow))),0,IF(OFFSET(PLE!$G$14,$M38,AZ$13)=\"\",10^12,OFFSET(PLE!$G$14,$M38,AZ$13))))","v":1000000000000},{"$f":"IF($D38<>\"Serviço\",0,IF(OR(AND(AUTOEVENTO=\"Manual\",$M38=1),$M38>(ROW(PLE.lastrow)-ROW(PLE.firstrow))),0,IF(OFFSET(PLE!$G$14,$M38,BA$13)=\"\",10^12,OFFSET(PLE!$G$14,$M38,BA$13))))","v":1000000000000},{"$f":"IF($D38<>\"Serviço\",0,IF(OR(AND(AUTOEVENTO=\"Manual\",$M38=1),$M38>(ROW(PLE.lastrow)-ROW(PLE.firstrow))),0,IF(OFFSET(PLE!$G$14,$M38,BB$13)=\"\",10^12,OFFSET(PLE!$G$14,$M38,BB$13))))","v":1000000000000},{"$f":"IF($D38<>\"Serviço\",0,IF(OR(AND(AUTOEVENTO=\"Manual\",$M38=1),$M38>(ROW(PLE.lastrow)-ROW(PLE.firstrow))),0,IF(OFFSET(PLE!$G$14,$M38,BC$13)=\"\",10^12,OFFSET(PLE!$G$14,$M38,BC$13))))","v":1000000000000},{"$f":"IF($D38<>\"Serviço\",0,IF(OR(AND(AUTOEVENTO=\"Manual\",$M38=1),$M38>(ROW(PLE.lastrow)-ROW(PLE.firstrow))),0,IF(OFFSET(PLE!$G$14,$M38,BD$13)=\"\",10^12,OFFSET(PLE!$G$14,$M38,BD$13))))","v":1000000000000},{"$f":"IF($D38<>\"Serviço\",0,IF(OR(AND(AUTOEVENTO=\"Manual\",$M38=1),$M38>(ROW(PLE.lastrow)-ROW(PLE.firstrow))),0,IF(OFFSET(PLE!$G$14,$M38,BE$13)=\"\",10^12,OFFSET(PLE!$G$14,$M38,BE$13))))","v":1000000000000},{"$f":"IF($D38<>\"Serviço\",0,IF(OR(AND(AUTOEVENTO=\"Manual\",$M38=1),$M38>(ROW(PLE.lastrow)-ROW(PLE.firstrow))),0,IF(OFFSET(PLE!$G$14,$M38,BF$13)=\"\",10^12,OFFSET(PLE!$G$14,$M38,BF$13))))","v":1000000000000},{"$f":"IF($D38<>\"Serviço\",0,IF(OR(AND(AUTOEVENTO=\"Manual\",$M38=1),$M38>(ROW(PLE.lastrow)-ROW(PLE.firstrow))),0,IF(OFFSET(PLE!$G$14,$M38,BG$13)=\"\",10^12,OFFSET(PLE!$G$14,$M38,BG$13))))","v":1000000000000}]
[{"$f":"IF(AUTOEVENTO=\"Manual\",IF(K39<>\"\",MIN(VALUE(LEFT(K39,FIND(\".\",K39)-1)),COUNTA(EVENTOS.Lista)),0),IF(OR($B39>AUTOEVENTO,$B39=\"S\",$B39=0),SUBSTITUTE(OFFSET($A39,-1,0),IF($D39=\"Serviço\",\".\",\"\"),\"\"),ROW(A39)-ROW($A$15)&\".\"))","v":"4"},{"$f":"OFFSET(ORÇAMENTO!C$15,ROW(B39)-ROW(B$15),0)","v":"S"},{"$f":"OFFSET(ORÇAMENTO!L$15,ROW(C39)-ROW(C$15),0)","v":"F"},{"$f":"OFFSET(ORÇAMENTO!N$15,ROW(D39)-ROW(D$15),0)","v":"Serviço"},{"$f":"OFFSET(ORÇAMENTO!O$15,ROW(E39)-ROW(E$15),0)","v":"1.2.20."},{"$f":"OFFSET(ORÇAMENTO!R$15,ROW(F39)-ROW(F$15),0)","v":"FABRICAÇÃO, MONTAGEM E DESMONTAGEM DE FORMA PARA RADIER, EM MADEIRA SERRADA, 4 UTILIZAÇÕES. AF_09/2017"},{"$f":"IF($D39<>\"Serviço\",\"\",OFFSET(ORÇAMENTO!S$15,ROW(G39)-ROW(G$15),0))","v":"M2"},{"$f":"IF($D39<>\"Serviço\",0,IF(ACOMPANHAMENTO=\"BM\",ROUND(OFFSET(ORÇAMENTO!AJ$15,ROW(H39)-ROW(H$15),0),15-13*ORÇAMENTO!$AF$7),SUMPRODUCT(($Q$12:$AA$12<>\"\")*ROUND($Q39:$AA39,15-13*ORÇAMENTO!$AF$7))))","v":2.74},null,null,null,".",{"$f":"IF($D39<>\"Serviço\",\"\",IF(AUTOEVENTO=\"manual\",$A39,IF(ISERROR(MATCH($A39,$A$15:OFFSET($A39,-1,0),0)),MAX($M$15:OFFSET(M39,-1,0))+1,INDEX($M$15:OFFSET(M39,-1,0),MATCH($A39,$A$15:OFFSET($A39,-1,0),0)))))","v":3},{"$f":"IF($D39<>\"Serviço\",\"\",IF(AUTOEVENTO=\"Manual\",IF($A39=0,\"<-- defina o número do agrupador\",OFFSET(EVENTOS!$D$14,$A39,0)),OFFSET($F$15,$A39,0)))","v":"ESTRUTURA"},null,null,null,null,null,null,null,null,null,null,null,null,null,{"$f":"IF(AND($D39=\"Serviço\",AB$12<>0,$H39>0,OR(AUTOEVENTO<>\"manual\",$M39<>1)),ROUND(OFFSET($P39,0,AB$13),15-13*ORÇAMENTO!$AF$7)/$H39*OFFSET(ORÇAMENTO!$X$15,ROW(AB39)-ROW(AB$15),0),0)","v":0},{"$f":"IF(AND($D39=\"Serviço\",AC$12<>0,$H39>0,OR(AUTOEVENTO<>\"manual\",$M39<>1)),ROUND(OFFSET($P39,0,AC$13),15-13*ORÇAMENTO!$AF$7)/$H39*OFFSET(ORÇAMENTO!$X$15,ROW(AC39)-ROW(AC$15),0),0)","v":0},{"$f":"IF(AND($D39=\"Serviço\",AD$12<>0,$H39>0,OR(AUTOEVENTO<>\"manual\",$M39<>1)),ROUND(OFFSET($P39,0,AD$13),15-13*ORÇAMENTO!$AF$7)/$H39*OFFSET(ORÇAMENTO!$X$15,ROW(AD39)-ROW(AD$15),0),0)","v":0},{"$f":"IF(AND($D39=\"Serviço\",AE$12<>0,$H39>0,OR(AUTOEVENTO<>\"manual\",$M39<>1)),ROUND(OFFSET($P39,0,AE$13),15-13*ORÇAMENTO!$AF$7)/$H39*OFFSET(ORÇAMENTO!$X$15,ROW(AE39)-ROW(AE$15),0),0)","v":0},{"$f":"IF(AND($D39=\"Serviço\",AF$12<>0,$H39>0,OR(AUTOEVENTO<>\"manual\",$M39<>1)),ROUND(OFFSET($P39,0,AF$13),15-13*ORÇAMENTO!$AF$7)/$H39*OFFSET(ORÇAMENTO!$X$15,ROW(AF39)-ROW(AF$15),0),0)","v":0},{"$f":"IF(AND($D39=\"Serviço\",AG$12<>0,$H39>0,OR(AUTOEVENTO<>\"manual\",$M39<>1)),ROUND(OFFSET($P39,0,AG$13),15-13*ORÇAMENTO!$AF$7)/$H39*OFFSET(ORÇAMENTO!$X$15,ROW(AG39)-ROW(AG$15),0),0)","v":0},{"$f":"IF(AND($D39=\"Serviço\",AH$12<>0,$H39>0,OR(AUTOEVENTO<>\"manual\",$M39<>1)),ROUND(OFFSET($P39,0,AH$13),15-13*ORÇAMENTO!$AF$7)/$H39*OFFSET(ORÇAMENTO!$X$15,ROW(AH39)-ROW(AH$15),0),0)","v":0},{"$f":"IF(AND($D39=\"Serviço\",AI$12<>0,$H39>0,OR(AUTOEVENTO<>\"manual\",$M39<>1)),ROUND(OFFSET($P39,0,AI$13),15-13*ORÇAMENTO!$AF$7)/$H39*OFFSET(ORÇAMENTO!$X$15,ROW(AI39)-ROW(AI$15),0),0)","v":0},{"$f":"IF(AND($D39=\"Serviço\",AJ$12<>0,$H39>0,OR(AUTOEVENTO<>\"manual\",$M39<>1)),ROUND(OFFSET($P39,0,AJ$13),15-13*ORÇAMENTO!$AF$7)/$H39*OFFSET(ORÇAMENTO!$X$15,ROW(AJ39)-ROW(AJ$15),0),0)","v":0},{"$f":"IF(AND($D39=\"Serviço\",AK$12<>0,$H39>0,OR(AUTOEVENTO<>\"manual\",$M39<>1)),ROUND(OFFSET($P39,0,AK$13),15-13*ORÇAMENTO!$AF$7)/$H39*OFFSET(ORÇAMENTO!$X$15,ROW(AK39)-ROW(AK$15),0),0)","v":0},null,{"$f":"IF($D39<>\"Serviço\",0,IF(AND(AUTOEVENTO=\"Manual\",$M39=1),0,IF(OFFSET(CRONOPLE!$F$14,$M39,AM$13)=\"\",10^12,OFFSET(CRONOPLE!$F$14,$M39,AM$13))))","v":1000000000000},{"$f":"IF($D39<>\"Serviço\",0,IF(AND(AUTOEVENTO=\"Manual\",$M39=1),0,IF(OFFSET(CRONOPLE!$F$14,$M39,AN$13)=\"\",10^12,OFFSET(CRONOPLE!$F$14,$M39,AN$13))))","v":1000000000000},{"$f":"IF($D39<>\"Serviço\",0,IF(AND(AUTOEVENTO=\"Manual\",$M39=1),0,IF(OFFSET(CRONOPLE!$F$14,$M39,AO$13)=\"\",10^12,OFFSET(CRONOPLE!$F$14,$M39,AO$13))))","v":1000000000000},{"$f":"IF($D39<>\"Serviço\",0,IF(AND(AUTOEVENTO=\"Manual\",$M39=1),0,IF(OFFSET(CRONOPLE!$F$14,$M39,AP$13)=\"\",10^12,OFFSET(CRONOPLE!$F$14,$M39,AP$13))))","v":1000000000000},{"$f":"IF($D39<>\"Serviço\",0,IF(AND(AUTOEVENTO=\"Manual\",$M39=1),0,IF(OFFSET(CRONOPLE!$F$14,$M39,AQ$13)=\"\",10^12,OFFSET(CRONOPLE!$F$14,$M39,AQ$13))))","v":1000000000000},{"$f":"IF($D39<>\"Serviço\",0,IF(AND(AUTOEVENTO=\"Manual\",$M39=1),0,IF(OFFSET(CRONOPLE!$F$14,$M39,AR$13)=\"\",10^12,OFFSET(CRONOPLE!$F$14,$M39,AR$13))))","v":1000000000000},{"$f":"IF($D39<>\"Serviço\",0,IF(AND(AUTOEVENTO=\"Manual\",$M39=1),0,IF(OFFSET(CRONOPLE!$F$14,$M39,AS$13)=\"\",10^12,OFFSET(CRONOPLE!$F$14,$M39,AS$13))))","v":1000000000000},{"$f":"IF($D39<>\"Serviço\",0,IF(AND(AUTOEVENTO=\"Manual\",$M39=1),0,IF(OFFSET(CRONOPLE!$F$14,$M39,AT$13)=\"\",10^12,OFFSET(CRONOPLE!$F$14,$M39,AT$13))))","v":1000000000000},{"$f":"IF($D39<>\"Serviço\",0,IF(AND(AUTOEVENTO=\"Manual\",$M39=1),0,IF(OFFSET(CRONOPLE!$F$14,$M39,AU$13)=\"\",10^12,OFFSET(CRONOPLE!$F$14,$M39,AU$13))))","v":1000000000000},{"$f":"IF($D39<>\"Serviço\",0,IF(AND(AUTOEVENTO=\"Manual\",$M39=1),0,IF(OFFSET(CRONOPLE!$F$14,$M39,AV$13)=\"\",10^12,OFFSET(CRONOPLE!$F$14,$M39,AV$13))))","v":1000000000000},null,{"$f":"IF($D39<>\"Serviço\",0,IF(OR(AND(AUTOEVENTO=\"Manual\",$M39=1),$M39>(ROW(PLE.lastrow)-ROW(PLE.firstrow))),0,IF(OFFSET(PLE!$G$14,$M39,AX$13)=\"\",10^12,OFFSET(PLE!$G$14,$M39,AX$13))))","v":1000000000000},{"$f":"IF($D39<>\"Serviço\",0,IF(OR(AND(AUTOEVENTO=\"Manual\",$M39=1),$M39>(ROW(PLE.lastrow)-ROW(PLE.firstrow))),0,IF(OFFSET(PLE!$G$14,$M39,AY$13)=\"\",10^12,OFFSET(PLE!$G$14,$M39,AY$13))))","v":1000000000000},{"$f":"IF($D39<>\"Serviço\",0,IF(OR(AND(AUTOEVENTO=\"Manual\",$M39=1),$M39>(ROW(PLE.lastrow)-ROW(PLE.firstrow))),0,IF(OFFSET(PLE!$G$14,$M39,AZ$13)=\"\",10^12,OFFSET(PLE!$G$14,$M39,AZ$13))))","v":1000000000000},{"$f":"IF($D39<>\"Serviço\",0,IF(OR(AND(AUTOEVENTO=\"Manual\",$M39=1),$M39>(ROW(PLE.lastrow)-ROW(PLE.firstrow))),0,IF(OFFSET(PLE!$G$14,$M39,BA$13)=\"\",10^12,OFFSET(PLE!$G$14,$M39,BA$13))))","v":1000000000000},{"$f":"IF($D39<>\"Serviço\",0,IF(OR(AND(AUTOEVENTO=\"Manual\",$M39=1),$M39>(ROW(PLE.lastrow)-ROW(PLE.firstrow))),0,IF(OFFSET(PLE!$G$14,$M39,BB$13)=\"\",10^12,OFFSET(PLE!$G$14,$M39,BB$13))))","v":1000000000000},{"$f":"IF($D39<>\"Serviço\",0,IF(OR(AND(AUTOEVENTO=\"Manual\",$M39=1),$M39>(ROW(PLE.lastrow)-ROW(PLE.firstrow))),0,IF(OFFSET(PLE!$G$14,$M39,BC$13)=\"\",10^12,OFFSET(PLE!$G$14,$M39,BC$13))))","v":1000000000000},{"$f":"IF($D39<>\"Serviço\",0,IF(OR(AND(AUTOEVENTO=\"Manual\",$M39=1),$M39>(ROW(PLE.lastrow)-ROW(PLE.firstrow))),0,IF(OFFSET(PLE!$G$14,$M39,BD$13)=\"\",10^12,OFFSET(PLE!$G$14,$M39,BD$13))))","v":1000000000000},{"$f":"IF($D39<>\"Serviço\",0,IF(OR(AND(AUTOEVENTO=\"Manual\",$M39=1),$M39>(ROW(PLE.lastrow)-ROW(PLE.firstrow))),0,IF(OFFSET(PLE!$G$14,$M39,BE$13)=\"\",10^12,OFFSET(PLE!$G$14,$M39,BE$13))))","v":1000000000000},{"$f":"IF($D39<>\"Serviço\",0,IF(OR(AND(AUTOEVENTO=\"Manual\",$M39=1),$M39>(ROW(PLE.lastrow)-ROW(PLE.firstrow))),0,IF(OFFSET(PLE!$G$14,$M39,BF$13)=\"\",10^12,OFFSET(PLE!$G$14,$M39,BF$13))))","v":1000000000000},{"$f":"IF($D39<>\"Serviço\",0,IF(OR(AND(AUTOEVENTO=\"Manual\",$M39=1),$M39>(ROW(PLE.lastrow)-ROW(PLE.firstrow))),0,IF(OFFSET(PLE!$G$14,$M39,BG$13)=\"\",10^12,OFFSET(PLE!$G$14,$M39,BG$13))))","v":1000000000000}]
[{"$f":"IF(AUTOEVENTO=\"Manual\",IF(K40<>\"\",MIN(VALUE(LEFT(K40,FIND(\".\",K40)-1)),COUNTA(EVENTOS.Lista)),0),IF(OR($B40>AUTOEVENTO,$B40=\"S\",$B40=0),SUBSTITUTE(OFFSET($A40,-1,0),IF($D40=\"Serviço\",\".\",\"\"),\"\"),ROW(A40)-ROW($A$15)&\".\"))","v":"4"},{"$f":"OFFSET(ORÇAMENTO!C$15,ROW(B40)-ROW(B$15),0)","v":"S"},{"$f":"OFFSET(ORÇAMENTO!L$15,ROW(C40)-ROW(C$15),0)","v":"F"},{"$f":"OFFSET(ORÇAMENTO!N$15,ROW(D40)-ROW(D$15),0)","v":"Serviço"},{"$f":"OFFSET(ORÇAMENTO!O$15,ROW(E40)-ROW(E$15),0)","v":"1.2.21."},{"$f":"OFFSET(ORÇAMENTO!R$15,ROW(F40)-ROW(F$15),0)","v":"MONTAGEM E DESMONTAGEM DE FÔRMA DE LAJE MACIÇA COM ÁREA MÉDIA MAIOR QUE 20 M², PÉ-DIREITO SIMPLES, EM CHAPA DE MADEIRA COMPENSADA RESINADA, 2 UTILIZAÇÕES. AF_12/2015"},{"$f":"IF($D40<>\"Serviço\",\"\",OFFSET(ORÇAMENTO!S$15,ROW(G40)-ROW(G$15),0))","v":"M2"},{"$f":"IF($D40<>\"Serviço\",0,IF(ACOMPANHAMENTO=\"BM\",ROUND(OFFSET(ORÇAMENTO!AJ$15,ROW(H40)-ROW(H$15),0),15-13*ORÇAMENTO!$AF$7),SUMPRODUCT(($Q$12:$AA$12<>\"\")*ROUND($Q40:$AA40,15-13*ORÇAMENTO!$AF$7))))","v":69.44},null,null,null,".",{"$f":"IF($D40<>\"Serviço\",\"\",IF(AUTOEVENTO=\"manual\",$A40,IF(ISERROR(MATCH($A40,$A$15:OFFSET($A40,-1,0),0)),MAX($M$15:OFFSET(M40,-1,0))+1,INDEX($M$15:OFFSET(M40,-1,0),MATCH($A40,$A$15:OFFSET($A40,-1,0),0)))))","v":3},{"$f":"IF($D40<>\"Serviço\",\"\",IF(AUTOEVENTO=\"Manual\",IF($A40=0,\"<-- defina o número do agrupador\",OFFSET(EVENTOS!$D$14,$A40,0)),OFFSET($F$15,$A40,0)))","v":"ESTRUTURA"},null,null,null,null,null,null,null,null,null,null,null,null,null,{"$f":"IF(AND($D40=\"Serviço\",AB$12<>0,$H40>0,OR(AUTOEVENTO<>\"manual\",$M40<>1)),ROUND(OFFSET($P40,0,AB$13),15-13*ORÇAMENTO!$AF$7)/$H40*OFFSET(ORÇAMENTO!$X$15,ROW(AB40)-ROW(AB$15),0),0)","v":0},{"$f":"IF(AND($D40=\"Serviço\",AC$12<>0,$H40>0,OR(AUTOEVENTO<>\"manual\",$M40<>1)),ROUND(OFFSET($P40,0,AC$13),15-13*ORÇAMENTO!$AF$7)/$H40*OFFSET(ORÇAMENTO!$X$15,ROW(AC40)-ROW(AC$15),0),0)","v":0},{"$f":"IF(AND($D40=\"Serviço\",AD$12<>0,$H40>0,OR(AUTOEVENTO<>\"manual\",$M40<>1)),ROUND(OFFSET($P40,0,AD$13),15-13*ORÇAMENTO!$AF$7)/$H40*OFFSET(ORÇAMENTO!$X$15,ROW(AD40)-ROW(AD$15),0),0)","v":0},{"$f":"IF(AND($D40=\"Serviço\",AE$12<>0,$H40>0,OR(AUTOEVENTO<>\"manual\",$M40<>1)),ROUND(OFFSET($P40,0,AE$13),15-13*ORÇAMENTO!$AF$7)/$H40*OFFSET(ORÇAMENTO!$X$15,ROW(AE40)-ROW(AE$15),0),0)","v":0},{"$f":"IF(AND($D40=\"Serviço\",AF$12<>0,$H40>0,OR(AUTOEVENTO<>\"manual\",$M40<>1)),ROUND(OFFSET($P40,0,AF$13),15-13*ORÇAMENTO!$AF$7)/$H40*OFFSET(ORÇAMENTO!$X$15,ROW(AF40)-ROW(AF$15),0),0)","v":0},{"$f":"IF(AND($D40=\"Serviço\",AG$12<>0,$H40>0,OR(AUTOEVENTO<>\"manual\",$M40<>1)),ROUND(OFFSET($P40,0,AG$13),15-13*ORÇAMENTO!$AF$7)/$H40*OFFSET(ORÇAMENTO!$X$15,ROW(AG40)-ROW(AG$15),0),0)","v":0},{"$f":"IF(AND($D40=\"Serviço\",AH$12<>0,$H40>0,OR(AUTOEVENTO<>\"manual\",$M40<>1)),ROUND(OFFSET($P40,0,AH$13),15-13*ORÇAMENTO!$AF$7)/$H40*OFFSET(ORÇAMENTO!$X$15,ROW(AH40)-ROW(AH$15),0),0)","v":0},{"$f":"IF(AND($D40=\"Serviço\",AI$12<>0,$H40>0,OR(AUTOEVENTO<>\"manual\",$M40<>1)),ROUND(OFFSET($P40,0,AI$13),15-13*ORÇAMENTO!$AF$7)/$H40*OFFSET(ORÇAMENTO!$X$15,ROW(AI40)-ROW(AI$15),0),0)","v":0},{"$f":"IF(AND($D40=\"Serviço\",AJ$12<>0,$H40>0,OR(AUTOEVENTO<>\"manual\",$M40<>1)),ROUND(OFFSET($P40,0,AJ$13),15-13*ORÇAMENTO!$AF$7)/$H40*OFFSET(ORÇAMENTO!$X$15,ROW(AJ40)-ROW(AJ$15),0),0)","v":0},{"$f":"IF(AND($D40=\"Serviço\",AK$12<>0,$H40>0,OR(AUTOEVENTO<>\"manual\",$M40<>1)),ROUND(OFFSET($P40,0,AK$13),15-13*ORÇAMENTO!$AF$7)/$H40*OFFSET(ORÇAMENTO!$X$15,ROW(AK40)-ROW(AK$15),0),0)","v":0},null,{"$f":"IF($D40<>\"Serviço\",0,IF(AND(AUTOEVENTO=\"Manual\",$M40=1),0,IF(OFFSET(CRONOPLE!$F$14,$M40,AM$13)=\"\",10^12,OFFSET(CRONOPLE!$F$14,$M40,AM$13))))","v":1000000000000},{"$f":"IF($D40<>\"Serviço\",0,IF(AND(AUTOEVENTO=\"Manual\",$M40=1),0,IF(OFFSET(CRONOPLE!$F$14,$M40,AN$13)=\"\",10^12,OFFSET(CRONOPLE!$F$14,$M40,AN$13))))","v":1000000000000},{"$f":"IF($D40<>\"Serviço\",0,IF(AND(AUTOEVENTO=\"Manual\",$M40=1),0,IF(OFFSET(CRONOPLE!$F$14,$M40,AO$13)=\"\",10^12,OFFSET(CRONOPLE!$F$14,$M40,AO$13))))","v":1000000000000},{"$f":"IF($D40<>\"Serviço\",0,IF(AND(AUTOEVENTO=\"Manual\",$M40=1),0,IF(OFFSET(CRONOPLE!$F$14,$M40,AP$13)=\"\",10^12,OFFSET(CRONOPLE!$F$14,$M40,AP$13))))","v":1000000000000},{"$f":"IF($D40<>\"Serviço\",0,IF(AND(AUTOEVENTO=\"Manual\",$M40=1),0,IF(OFFSET(CRONOPLE!$F$14,$M40,AQ$13)=\"\",10^12,OFFSET(CRONOPLE!$F$14,$M40,AQ$13))))","v":1000000000000},{"$f":"IF($D40<>\"Serviço\",0,IF(AND(AUTOEVENTO=\"Manual\",$M40=1),0,IF(OFFSET(CRONOPLE!$F$14,$M40,AR$13)=\"\",10^12,OFFSET(CRONOPLE!$F$14,$M40,AR$13))))","v":1000000000000},{"$f":"IF($D40<>\"Serviço\",0,IF(AND(AUTOEVENTO=\"Manual\",$M40=1),0,IF(OFFSET(CRONOPLE!$F$14,$M40,AS$13)=\"\",10^12,OFFSET(CRONOPLE!$F$14,$M40,AS$13))))","v":1000000000000},{"$f":"IF($D40<>\"Serviço\",0,IF(AND(AUTOEVENTO=\"Manual\",$M40=1),0,IF(OFFSET(CRONOPLE!$F$14,$M40,AT$13)=\"\",10^12,OFFSET(CRONOPLE!$F$14,$M40,AT$13))))","v":1000000000000},{"$f":"IF($D40<>\"Serviço\",0,IF(AND(AUTOEVENTO=\"Manual\",$M40=1),0,IF(OFFSET(CRONOPLE!$F$14,$M40,AU$13)=\"\",10^12,OFFSET(CRONOPLE!$F$14,$M40,AU$13))))","v":1000000000000},{"$f":"IF($D40<>\"Serviço\",0,IF(AND(AUTOEVENTO=\"Manual\",$M40=1),0,IF(OFFSET(CRONOPLE!$F$14,$M40,AV$13)=\"\",10^12,OFFSET(CRONOPLE!$F$14,$M40,AV$13))))","v":1000000000000},null,{"$f":"IF($D40<>\"Serviço\",0,IF(OR(AND(AUTOEVENTO=\"Manual\",$M40=1),$M40>(ROW(PLE.lastrow)-ROW(PLE.firstrow))),0,IF(OFFSET(PLE!$G$14,$M40,AX$13)=\"\",10^12,OFFSET(PLE!$G$14,$M40,AX$13))))","v":1000000000000},{"$f":"IF($D40<>\"Serviço\",0,IF(OR(AND(AUTOEVENTO=\"Manual\",$M40=1),$M40>(ROW(PLE.lastrow)-ROW(PLE.firstrow))),0,IF(OFFSET(PLE!$G$14,$M40,AY$13)=\"\",10^12,OFFSET(PLE!$G$14,$M40,AY$13))))","v":1000000000000},{"$f":"IF($D40<>\"Serviço\",0,IF(OR(AND(AUTOEVENTO=\"Manual\",$M40=1),$M40>(ROW(PLE.lastrow)-ROW(PLE.firstrow))),0,IF(OFFSET(PLE!$G$14,$M40,AZ$13)=\"\",10^12,OFFSET(PLE!$G$14,$M40,AZ$13))))","v":1000000000000},{"$f":"IF($D40<>\"Serviço\",0,IF(OR(AND(AUTOEVENTO=\"Manual\",$M40=1),$M40>(ROW(PLE.lastrow)-ROW(PLE.firstrow))),0,IF(OFFSET(PLE!$G$14,$M40,BA$13)=\"\",10^12,OFFSET(PLE!$G$14,$M40,BA$13))))","v":1000000000000},{"$f":"IF($D40<>\"Serviço\",0,IF(OR(AND(AUTOEVENTO=\"Manual\",$M40=1),$M40>(ROW(PLE.lastrow)-ROW(PLE.firstrow))),0,IF(OFFSET(PLE!$G$14,$M40,BB$13)=\"\",10^12,OFFSET(PLE!$G$14,$M40,BB$13))))","v":1000000000000},{"$f":"IF($D40<>\"Serviço\",0,IF(OR(AND(AUTOEVENTO=\"Manual\",$M40=1),$M40>(ROW(PLE.lastrow)-ROW(PLE.firstrow))),0,IF(OFFSET(PLE!$G$14,$M40,BC$13)=\"\",10^12,OFFSET(PLE!$G$14,$M40,BC$13))))","v":1000000000000},{"$f":"IF($D40<>\"Serviço\",0,IF(OR(AND(AUTOEVENTO=\"Manual\",$M40=1),$M40>(ROW(PLE.lastrow)-ROW(PLE.firstrow))),0,IF(OFFSET(PLE!$G$14,$M40,BD$13)=\"\",10^12,OFFSET(PLE!$G$14,$M40,BD$13))))","v":1000000000000},{"$f":"IF($D40<>\"Serviço\",0,IF(OR(AND(AUTOEVENTO=\"Manual\",$M40=1),$M40>(ROW(PLE.lastrow)-ROW(PLE.firstrow))),0,IF(OFFSET(PLE!$G$14,$M40,BE$13)=\"\",10^12,OFFSET(PLE!$G$14,$M40,BE$13))))","v":1000000000000},{"$f":"IF($D40<>\"Serviço\",0,IF(OR(AND(AUTOEVENTO=\"Manual\",$M40=1),$M40>(ROW(PLE.lastrow)-ROW(PLE.firstrow))),0,IF(OFFSET(PLE!$G$14,$M40,BF$13)=\"\",10^12,OFFSET(PLE!$G$14,$M40,BF$13))))","v":1000000000000},{"$f":"IF($D40<>\"Serviço\",0,IF(OR(AND(AUTOEVENTO=\"Manual\",$M40=1),$M40>(ROW(PLE.lastrow)-ROW(PLE.firstrow))),0,IF(OFFSET(PLE!$G$14,$M40,BG$13)=\"\",10^12,OFFSET(PLE!$G$14,$M40,BG$13))))","v":1000000000000}]
[{"$f":"IF(AUTOEVENTO=\"Manual\",IF(K41<>\"\",MIN(VALUE(LEFT(K41,FIND(\".\",K41)-1)),COUNTA(EVENTOS.Lista)),0),IF(OR($B41>AUTOEVENTO,$B41=\"S\",$B41=0),SUBSTITUTE(OFFSET($A41,-1,0),IF($D41=\"Serviço\",\".\",\"\"),\"\"),ROW(A41)-ROW($A$15)&\".\"))","v":"4"},{"$f":"OFFSET(ORÇAMENTO!C$15,ROW(B41)-ROW(B$15),0)","v":"S"},{"$f":"OFFSET(ORÇAMENTO!L$15,ROW(C41)-ROW(C$15),0)","v":"F"},{"$f":"OFFSET(ORÇAMENTO!N$15,ROW(D41)-ROW(D$15),0)","v":"Serviço"},{"$f":"OFFSET(ORÇAMENTO!O$15,ROW(E41)-ROW(E$15),0)","v":"1.2.22."},{"$f":"OFFSET(ORÇAMENTO!R$15,ROW(F41)-ROW(F$15),0)","v":"ESCORAMENTO FORMAS ATE H = 3,30M, COM MADEIRA DE 3A QUALIDADE, NAO APARELHADA, APROVEITAMENTO TABUAS 3X E PRUMOS 4X."},{"$f":"IF($D41<>\"Serviço\",\"\",OFFSET(ORÇAMENTO!S$15,ROW(G41)-ROW(G$15),0))","v":"M3"},{"$f":"IF($D41<>\"Serviço\",0,IF(ACOMPANHAMENTO=\"BM\",ROUND(OFFSET(ORÇAMENTO!AJ$15,ROW(H41)-ROW(H$15),0),15-13*ORÇAMENTO!$AF$7),SUMPRODUCT(($Q$12:$AA$12<>\"\")*ROUND($Q41:$AA41,15-13*ORÇAMENTO!$AF$7))))","v":265.07},null,null,null,".",{"$f":"IF($D41<>\"Serviço\",\"\",IF(AUTOEVENTO=\"manual\",$A41,IF(ISERROR(MATCH($A41,$A$15:OFFSET($A41,-1,0),0)),MAX($M$15:OFFSET(M41,-1,0))+1,INDEX($M$15:OFFSET(M41,-1,0),MATCH($A41,$A$15:OFFSET($A41,-1,0),0)))))","v":3},{"$f":"IF($D41<>\"Serviço\",\"\",IF(AUTOEVENTO=\"Manual\",IF($A41=0,\"<-- defina o número do agrupador\",OFFSET(EVENTOS!$D$14,$A41,0)),OFFSET($F$15,$A41,0)))","v":"ESTRUTURA"},null,null,null,null,null,null,null,null,null,null,null,null,null,{"$f":"IF(AND($D41=\"Serviço\",AB$12<>0,$H41>0,OR(AUTOEVENTO<>\"manual\",$M41<>1)),ROUND(OFFSET($P41,0,AB$13),15-13*ORÇAMENTO!$AF$7)/$H41*OFFSET(ORÇAMENTO!$X$15,ROW(AB41)-ROW(AB$15),0),0)","v":0},{"$f":"IF(AND($D41=\"Serviço\",AC$12<>0,$H41>0,OR(AUTOEVENTO<>\"manual\",$M41<>1)),ROUND(OFFSET($P41,0,AC$13),15-13*ORÇAMENTO!$AF$7)/$H41*OFFSET(ORÇAMENTO!$X$15,ROW(AC41)-ROW(AC$15),0),0)","v":0},{"$f":"IF(AND($D41=\"Serviço\",AD$12<>0,$H41>0,OR(AUTOEVENTO<>\"manual\",$M41<>1)),ROUND(OFFSET($P41,0,AD$13),15-13*ORÇAMENTO!$AF$7)/$H41*OFFSET(ORÇAMENTO!$X$15,ROW(AD41)-ROW(AD$15),0),0)","v":0},{"$f":"IF(AND($D41=\"Serviço\",AE$12<>0,$H41>0,OR(AUTOEVENTO<>\"manual\",$M41<>1)),ROUND(OFFSET($P41,0,AE$13),15-13*ORÇAMENTO!$AF$7)/$H41*OFFSET(ORÇAMENTO!$X$15,ROW(AE41)-ROW(AE$15),0),0)","v":0},{"$f":"IF(AND($D41=\"Serviço\",AF$12<>0,$H41>0,OR(AUTOEVENTO<>\"manual\",$M41<>1)),ROUND(OFFSET($P41,0,AF$13),15-13*ORÇAMENTO!$AF$7)/$H41*OFFSET(ORÇAMENTO!$X$15,ROW(AF41)-ROW(AF$15),0),0)","v":0},{"$f":"IF(AND($D41=\"Serviço\",AG$12<>0,$H41>0,OR(AUTOEVENTO<>\"manual\",$M41<>1)),ROUND(OFFSET($P41,0,AG$13),15-13*ORÇAMENTO!$AF$7)/$H41*OFFSET(ORÇAMENTO!$X$15,ROW(AG41)-ROW(AG$15),0),0)","v":0},{"$f":"IF(AND($D41=\"Serviço\",AH$12<>0,$H41>0,OR(AUTOEVENTO<>\"manual\",$M41<>1)),ROUND(OFFSET($P41,0,AH$13),15-13*ORÇAMENTO!$AF$7)/$H41*OFFSET(ORÇAMENTO!$X$15,ROW(AH41)-ROW(AH$15),0),0)","v":0},{"$f":"IF(AND($D41=\"Serviço\",AI$12<>0,$H41>0,OR(AUTOEVENTO<>\"manual\",$M41<>1)),ROUND(OFFSET($P41,0,AI$13),15-13*ORÇAMENTO!$AF$7)/$H41*OFFSET(ORÇAMENTO!$X$15,ROW(AI41)-ROW(AI$15),0),0)","v":0},{"$f":"IF(AND($D41=\"Serviço\",AJ$12<>0,$H41>0,OR(AUTOEVENTO<>\"manual\",$M41<>1)),ROUND(OFFSET($P41,0,AJ$13),15-13*ORÇAMENTO!$AF$7)/$H41*OFFSET(ORÇAMENTO!$X$15,ROW(AJ41)-ROW(AJ$15),0),0)","v":0},{"$f":"IF(AND($D41=\"Serviço\",AK$12<>0,$H41>0,OR(AUTOEVENTO<>\"manual\",$M41<>1)),ROUND(OFFSET($P41,0,AK$13),15-13*ORÇAMENTO!$AF$7)/$H41*OFFSET(ORÇAMENTO!$X$15,ROW(AK41)-ROW(AK$15),0),0)","v":0},null,{"$f":"IF($D41<>\"Serviço\",0,IF(AND(AUTOEVENTO=\"Manual\",$M41=1),0,IF(OFFSET(CRONOPLE!$F$14,$M41,AM$13)=\"\",10^12,OFFSET(CRONOPLE!$F$14,$M41,AM$13))))","v":1000000000000},{"$f":"IF($D41<>\"Serviço\",0,IF(AND(AUTOEVENTO=\"Manual\",$M41=1),0,IF(OFFSET(CRONOPLE!$F$14,$M41,AN$13)=\"\",10^12,OFFSET(CRONOPLE!$F$14,$M41,AN$13))))","v":1000000000000},{"$f":"IF($D41<>\"Serviço\",0,IF(AND(AUTOEVENTO=\"Manual\",$M41=1),0,IF(OFFSET(CRONOPLE!$F$14,$M41,AO$13)=\"\",10^12,OFFSET(CRONOPLE!$F$14,$M41,AO$13))))","v":1000000000000},{"$f":"IF($D41<>\"Serviço\",0,IF(AND(AUTOEVENTO=\"Manual\",$M41=1),0,IF(OFFSET(CRONOPLE!$F$14,$M41,AP$13)=\"\",10^12,OFFSET(CRONOPLE!$F$14,$M41,AP$13))))","v":1000000000000},{"$f":"IF($D41<>\"Serviço\",0,IF(AND(AUTOEVENTO=\"Manual\",$M41=1),0,IF(OFFSET(CRONOPLE!$F$14,$M41,AQ$13)=\"\",10^12,OFFSET(CRONOPLE!$F$14,$M41,AQ$13))))","v":1000000000000},{"$f":"IF($D41<>\"Serviço\",0,IF(AND(AUTOEVENTO=\"Manual\",$M41=1),0,IF(OFFSET(CRONOPLE!$F$14,$M41,AR$13)=\"\",10^12,OFFSET(CRONOPLE!$F$14,$M41,AR$13))))","v":1000000000000},{"$f":"IF($D41<>\"Serviço\",0,IF(AND(AUTOEVENTO=\"Manual\",$M41=1),0,IF(OFFSET(CRONOPLE!$F$14,$M41,AS$13)=\"\",10^12,OFFSET(CRONOPLE!$F$14,$M41,AS$13))))","v":1000000000000},{"$f":"IF($D41<>\"Serviço\",0,IF(AND(AUTOEVENTO=\"Manual\",$M41=1),0,IF(OFFSET(CRONOPLE!$F$14,$M41,AT$13)=\"\",10^12,OFFSET(CRONOPLE!$F$14,$M41,AT$13))))","v":1000000000000},{"$f":"IF($D41<>\"Serviço\",0,IF(AND(AUTOEVENTO=\"Manual\",$M41=1),0,IF(OFFSET(CRONOPLE!$F$14,$M41,AU$13)=\"\",10^12,OFFSET(CRONOPLE!$F$14,$M41,AU$13))))","v":1000000000000},{"$f":"IF($D41<>\"Serviço\",0,IF(AND(AUTOEVENTO=\"Manual\",$M41=1),0,IF(OFFSET(CRONOPLE!$F$14,$M41,AV$13)=\"\",10^12,OFFSET(CRONOPLE!$F$14,$M41,AV$13))))","v":1000000000000},null,{"$f":"IF($D41<>\"Serviço\",0,IF(OR(AND(AUTOEVENTO=\"Manual\",$M41=1),$M41>(ROW(PLE.lastrow)-ROW(PLE.firstrow))),0,IF(OFFSET(PLE!$G$14,$M41,AX$13)=\"\",10^12,OFFSET(PLE!$G$14,$M41,AX$13))))","v":1000000000000},{"$f":"IF($D41<>\"Serviço\",0,IF(OR(AND(AUTOEVENTO=\"Manual\",$M41=1),$M41>(ROW(PLE.lastrow)-ROW(PLE.firstrow))),0,IF(OFFSET(PLE!$G$14,$M41,AY$13)=\"\",10^12,OFFSET(PLE!$G$14,$M41,AY$13))))","v":1000000000000},{"$f":"IF($D41<>\"Serviço\",0,IF(OR(AND(AUTOEVENTO=\"Manual\",$M41=1),$M41>(ROW(PLE.lastrow)-ROW(PLE.firstrow))),0,IF(OFFSET(PLE!$G$14,$M41,AZ$13)=\"\",10^12,OFFSET(PLE!$G$14,$M41,AZ$13))))","v":1000000000000},{"$f":"IF($D41<>\"Serviço\",0,IF(OR(AND(AUTOEVENTO=\"Manual\",$M41=1),$M41>(ROW(PLE.lastrow)-ROW(PLE.firstrow))),0,IF(OFFSET(PLE!$G$14,$M41,BA$13)=\"\",10^12,OFFSET(PLE!$G$14,$M41,BA$13))))","v":1000000000000},{"$f":"IF($D41<>\"Serviço\",0,IF(OR(AND(AUTOEVENTO=\"Manual\",$M41=1),$M41>(ROW(PLE.lastrow)-ROW(PLE.firstrow))),0,IF(OFFSET(PLE!$G$14,$M41,BB$13)=\"\",10^12,OFFSET(PLE!$G$14,$M41,BB$13))))","v":1000000000000},{"$f":"IF($D41<>\"Serviço\",0,IF(OR(AND(AUTOEVENTO=\"Manual\",$M41=1),$M41>(ROW(PLE.lastrow)-ROW(PLE.firstrow))),0,IF(OFFSET(PLE!$G$14,$M41,BC$13)=\"\",10^12,OFFSET(PLE!$G$14,$M41,BC$13))))","v":1000000000000},{"$f":"IF($D41<>\"Serviço\",0,IF(OR(AND(AUTOEVENTO=\"Manual\",$M41=1),$M41>(ROW(PLE.lastrow)-ROW(PLE.firstrow))),0,IF(OFFSET(PLE!$G$14,$M41,BD$13)=\"\",10^12,OFFSET(PLE!$G$14,$M41,BD$13))))","v":1000000000000},{"$f":"IF($D41<>\"Serviço\",0,IF(OR(AND(AUTOEVENTO=\"Manual\",$M41=1),$M41>(ROW(PLE.lastrow)-ROW(PLE.firstrow))),0,IF(OFFSET(PLE!$G$14,$M41,BE$13)=\"\",10^12,OFFSET(PLE!$G$14,$M41,BE$13))))","v":1000000000000},{"$f":"IF($D41<>\"Serviço\",0,IF(OR(AND(AUTOEVENTO=\"Manual\",$M41=1),$M41>(ROW(PLE.lastrow)-ROW(PLE.firstrow))),0,IF(OFFSET(PLE!$G$14,$M41,BF$13)=\"\",10^12,OFFSET(PLE!$G$14,$M41,BF$13))))","v":1000000000000},{"$f":"IF($D41<>\"Serviço\",0,IF(OR(AND(AUTOEVENTO=\"Manual\",$M41=1),$M41>(ROW(PLE.lastrow)-ROW(PLE.firstrow))),0,IF(OFFSET(PLE!$G$14,$M41,BG$13)=\"\",10^12,OFFSET(PLE!$G$14,$M41,BG$13))))","v":1000000000000}]
[{"$f":"IF(AUTOEVENTO=\"Manual\",IF(K42<>\"\",MIN(VALUE(LEFT(K42,FIND(\".\",K42)-1)),COUNTA(EVENTOS.Lista)),0),IF(OR($B42>AUTOEVENTO,$B42=\"S\",$B42=0),SUBSTITUTE(OFFSET($A42,-1,0),IF($D42=\"Serviço\",\".\",\"\"),\"\"),ROW(A42)-ROW($A$15)&\".\"))","v":"4"},{"$f":"OFFSET(ORÇAMENTO!C$15,ROW(B42)-ROW(B$15),0)","v":"S"},{"$f":"OFFSET(ORÇAMENTO!L$15,ROW(C42)-ROW(C$15),0)","v":"F"},{"$f":"OFFSET(ORÇAMENTO!N$15,ROW(D42)-ROW(D$15),0)","v":"Serviço"},{"$f":"OFFSET(ORÇAMENTO!O$15,ROW(E42)-ROW(E$15),0)","v":"1.2.23."},{"$f":"OFFSET(ORÇAMENTO!R$15,ROW(F42)-ROW(F$15),0)","v":"MONTAGEM E DESMONTAGEM DE FÔRMA PARA ESCADAS, COM 2 LANCES, EM CHAPA DE MADEIRA COMPENSADA RESINADA, 4 UTILIZAÇÕES. AF_01/2017"},{"$f":"IF($D42<>\"Serviço\",\"\",OFFSET(ORÇAMENTO!S$15,ROW(G42)-ROW(G$15),0))","v":"M2"},{"$f":"IF($D42<>\"Serviço\",0,IF(ACOMPANHAMENTO=\"BM\",ROUND(OFFSET(ORÇAMENTO!AJ$15,ROW(H42)-ROW(H$15),0),15-13*ORÇAMENTO!$AF$7),SUMPRODUCT(($Q$12:$AA$12<>\"\")*ROUND($Q42:$AA42,15-13*ORÇAMENTO!$AF$7))))","v":21.1},null,null,null,".",{"$f":"IF($D42<>\"Serviço\",\"\",IF(AUTOEVENTO=\"manual\",$A42,IF(ISERROR(MATCH($A42,$A$15:OFFSET($A42,-1,0),0)),MAX($M$15:OFFSET(M42,-1,0))+1,INDEX($M$15:OFFSET(M42,-1,0),MATCH($A42,$A$15:OFFSET($A42,-1,0),0)))))","v":3},{"$f":"IF($D42<>\"Serviço\",\"\",IF(AUTOEVENTO=\"Manual\",IF($A42=0,\"<-- defina o número do agrupador\",OFFSET(EVENTOS!$D$14,$A42,0)),OFFSET($F$15,$A42,0)))","v":"ESTRUTURA"},null,null,null,null,null,null,null,null,null,null,null,null,null,{"$f":"IF(AND($D42=\"Serviço\",AB$12<>0,$H42>0,OR(AUTOEVENTO<>\"manual\",$M42<>1)),ROUND(OFFSET($P42,0,AB$13),15-13*ORÇAMENTO!$AF$7)/$H42*OFFSET(ORÇAMENTO!$X$15,ROW(AB42)-ROW(AB$15),0),0)","v":0},{"$f":"IF(AND($D42=\"Serviço\",AC$12<>0,$H42>0,OR(AUTOEVENTO<>\"manual\",$M42<>1)),ROUND(OFFSET($P42,0,AC$13),15-13*ORÇAMENTO!$AF$7)/$H42*OFFSET(ORÇAMENTO!$X$15,ROW(AC42)-ROW(AC$15),0),0)","v":0},{"$f":"IF(AND($D42=\"Serviço\",AD$12<>0,$H42>0,OR(AUTOEVENTO<>\"manual\",$M42<>1)),ROUND(OFFSET($P42,0,AD$13),15-13*ORÇAMENTO!$AF$7)/$H42*OFFSET(ORÇAMENTO!$X$15,ROW(AD42)-ROW(AD$15),0),0)","v":0},{"$f":"IF(AND($D42=\"Serviço\",AE$12<>0,$H42>0,OR(AUTOEVENTO<>\"manual\",$M42<>1)),ROUND(OFFSET($P42,0,AE$13),15-13*ORÇAMENTO!$AF$7)/$H42*OFFSET(ORÇAMENTO!$X$15,ROW(AE42)-ROW(AE$15),0),0)","v":0},{"$f":"IF(AND($D42=\"Serviço\",AF$12<>0,$H42>0,OR(AUTOEVENTO<>\"manual\",$M42<>1)),ROUND(OFFSET($P42,0,AF$13),15-13*ORÇAMENTO!$AF$7)/$H42*OFFSET(ORÇAMENTO!$X$15,ROW(AF42)-ROW(AF$15),0),0)","v":0},{"$f":"IF(AND($D42=\"Serviço\",AG$12<>0,$H42>0,OR(AUTOEVENTO<>\"manual\",$M42<>1)),ROUND(OFFSET($P42,0,AG$13),15-13*ORÇAMENTO!$AF$7)/$H42*OFFSET(ORÇAMENTO!$X$15,ROW(AG42)-ROW(AG$15),0),0)","v":0},{"$f":"IF(AND($D42=\"Serviço\",AH$12<>0,$H42>0,OR(AUTOEVENTO<>\"manual\",$M42<>1)),ROUND(OFFSET($P42,0,AH$13),15-13*ORÇAMENTO!$AF$7)/$H42*OFFSET(ORÇAMENTO!$X$15,ROW(AH42)-ROW(AH$15),0),0)","v":0},{"$f":"IF(AND($D42=\"Serviço\",AI$12<>0,$H42>0,OR(AUTOEVENTO<>\"manual\",$M42<>1)),ROUND(OFFSET($P42,0,AI$13),15-13*ORÇAMENTO!$AF$7)/$H42*OFFSET(ORÇAMENTO!$X$15,ROW(AI42)-ROW(AI$15),0),0)","v":0},{"$f":"IF(AND($D42=\"Serviço\",AJ$12<>0,$H42>0,OR(AUTOEVENTO<>\"manual\",$M42<>1)),ROUND(OFFSET($P42,0,AJ$13),15-13*ORÇAMENTO!$AF$7)/$H42*OFFSET(ORÇAMENTO!$X$15,ROW(AJ42)-ROW(AJ$15),0),0)","v":0},{"$f":"IF(AND($D42=\"Serviço\",AK$12<>0,$H42>0,OR(AUTOEVENTO<>\"manual\",$M42<>1)),ROUND(OFFSET($P42,0,AK$13),15-13*ORÇAMENTO!$AF$7)/$H42*OFFSET(ORÇAMENTO!$X$15,ROW(AK42)-ROW(AK$15),0),0)","v":0},null,{"$f":"IF($D42<>\"Serviço\",0,IF(AND(AUTOEVENTO=\"Manual\",$M42=1),0,IF(OFFSET(CRONOPLE!$F$14,$M42,AM$13)=\"\",10^12,OFFSET(CRONOPLE!$F$14,$M42,AM$13))))","v":1000000000000},{"$f":"IF($D42<>\"Serviço\",0,IF(AND(AUTOEVENTO=\"Manual\",$M42=1),0,IF(OFFSET(CRONOPLE!$F$14,$M42,AN$13)=\"\",10^12,OFFSET(CRONOPLE!$F$14,$M42,AN$13))))","v":1000000000000},{"$f":"IF($D42<>\"Serviço\",0,IF(AND(AUTOEVENTO=\"Manual\",$M42=1),0,IF(OFFSET(CRONOPLE!$F$14,$M42,AO$13)=\"\",10^12,OFFSET(CRONOPLE!$F$14,$M42,AO$13))))","v":1000000000000},{"$f":"IF($D42<>\"Serviço\",0,IF(AND(AUTOEVENTO=\"Manual\",$M42=1),0,IF(OFFSET(CRONOPLE!$F$14,$M42,AP$13)=\"\",10^12,OFFSET(CRONOPLE!$F$14,$M42,AP$13))))","v":1000000000000},{"$f":"IF($D42<>\"Serviço\",0,IF(AND(AUTOEVENTO=\"Manual\",$M42=1),0,IF(OFFSET(CRONOPLE!$F$14,$M42,AQ$13)=\"\",10^12,OFFSET(CRONOPLE!$F$14,$M42,AQ$13))))","v":1000000000000},{"$f":"IF($D42<>\"Serviço\",0,IF(AND(AUTOEVENTO=\"Manual\",$M42=1),0,IF(OFFSET(CRONOPLE!$F$14,$M42,AR$13)=\"\",10^12,OFFSET(CRONOPLE!$F$14,$M42,AR$13))))","v":1000000000000},{"$f":"IF($D42<>\"Serviço\",0,IF(AND(AUTOEVENTO=\"Manual\",$M42=1),0,IF(OFFSET(CRONOPLE!$F$14,$M42,AS$13)=\"\",10^12,OFFSET(CRONOPLE!$F$14,$M42,AS$13))))","v":1000000000000},{"$f":"IF($D42<>\"Serviço\",0,IF(AND(AUTOEVENTO=\"Manual\",$M42=1),0,IF(OFFSET(CRONOPLE!$F$14,$M42,AT$13)=\"\",10^12,OFFSET(CRONOPLE!$F$14,$M42,AT$13))))","v":1000000000000},{"$f":"IF($D42<>\"Serviço\",0,IF(AND(AUTOEVENTO=\"Manual\",$M42=1),0,IF(OFFSET(CRONOPLE!$F$14,$M42,AU$13)=\"\",10^12,OFFSET(CRONOPLE!$F$14,$M42,AU$13))))","v":1000000000000},{"$f":"IF($D42<>\"Serviço\",0,IF(AND(AUTOEVENTO=\"Manual\",$M42=1),0,IF(OFFSET(CRONOPLE!$F$14,$M42,AV$13)=\"\",10^12,OFFSET(CRONOPLE!$F$14,$M42,AV$13))))","v":1000000000000},null,{"$f":"IF($D42<>\"Serviço\",0,IF(OR(AND(AUTOEVENTO=\"Manual\",$M42=1),$M42>(ROW(PLE.lastrow)-ROW(PLE.firstrow))),0,IF(OFFSET(PLE!$G$14,$M42,AX$13)=\"\",10^12,OFFSET(PLE!$G$14,$M42,AX$13))))","v":1000000000000},{"$f":"IF($D42<>\"Serviço\",0,IF(OR(AND(AUTOEVENTO=\"Manual\",$M42=1),$M42>(ROW(PLE.lastrow)-ROW(PLE.firstrow))),0,IF(OFFSET(PLE!$G$14,$M42,AY$13)=\"\",10^12,OFFSET(PLE!$G$14,$M42,AY$13))))","v":1000000000000},{"$f":"IF($D42<>\"Serviço\",0,IF(OR(AND(AUTOEVENTO=\"Manual\",$M42=1),$M42>(ROW(PLE.lastrow)-ROW(PLE.firstrow))),0,IF(OFFSET(PLE!$G$14,$M42,AZ$13)=\"\",10^12,OFFSET(PLE!$G$14,$M42,AZ$13))))","v":1000000000000},{"$f":"IF($D42<>\"Serviço\",0,IF(OR(AND(AUTOEVENTO=\"Manual\",$M42=1),$M42>(ROW(PLE.lastrow)-ROW(PLE.firstrow))),0,IF(OFFSET(PLE!$G$14,$M42,BA$13)=\"\",10^12,OFFSET(PLE!$G$14,$M42,BA$13))))","v":1000000000000},{"$f":"IF($D42<>\"Serviço\",0,IF(OR(AND(AUTOEVENTO=\"Manual\",$M42=1),$M42>(ROW(PLE.lastrow)-ROW(PLE.firstrow))),0,IF(OFFSET(PLE!$G$14,$M42,BB$13)=\"\",10^12,OFFSET(PLE!$G$14,$M42,BB$13))))","v":1000000000000},{"$f":"IF($D42<>\"Serviço\",0,IF(OR(AND(AUTOEVENTO=\"Manual\",$M42=1),$M42>(ROW(PLE.lastrow)-ROW(PLE.firstrow))),0,IF(OFFSET(PLE!$G$14,$M42,BC$13)=\"\",10^12,OFFSET(PLE!$G$14,$M42,BC$13))))","v":1000000000000},{"$f":"IF($D42<>\"Serviço\",0,IF(OR(AND(AUTOEVENTO=\"Manual\",$M42=1),$M42>(ROW(PLE.lastrow)-ROW(PLE.firstrow))),0,IF(OFFSET(PLE!$G$14,$M42,BD$13)=\"\",10^12,OFFSET(PLE!$G$14,$M42,BD$13))))","v":1000000000000},{"$f":"IF($D42<>\"Serviço\",0,IF(OR(AND(AUTOEVENTO=\"Manual\",$M42=1),$M42>(ROW(PLE.lastrow)-ROW(PLE.firstrow))),0,IF(OFFSET(PLE!$G$14,$M42,BE$13)=\"\",10^12,OFFSET(PLE!$G$14,$M42,BE$13))))","v":1000000000000},{"$f":"IF($D42<>\"Serviço\",0,IF(OR(AND(AUTOEVENTO=\"Manual\",$M42=1),$M42>(ROW(PLE.lastrow)-ROW(PLE.firstrow))),0,IF(OFFSET(PLE!$G$14,$M42,BF$13)=\"\",10^12,OFFSET(PLE!$G$14,$M42,BF$13))))","v":1000000000000},{"$f":"IF($D42<>\"Serviço\",0,IF(OR(AND(AUTOEVENTO=\"Manual\",$M42=1),$M42>(ROW(PLE.lastrow)-ROW(PLE.firstrow))),0,IF(OFFSET(PLE!$G$14,$M42,BG$13)=\"\",10^12,OFFSET(PLE!$G$14,$M42,BG$13))))","v":1000000000000}]
[{"$f":"IF(AUTOEVENTO=\"Manual\",IF(K43<>\"\",MIN(VALUE(LEFT(K43,FIND(\".\",K43)-1)),COUNTA(EVENTOS.Lista)),0),IF(OR($B43>AUTOEVENTO,$B43=\"S\",$B43=0),SUBSTITUTE(OFFSET($A43,-1,0),IF($D43=\"Serviço\",\".\",\"\"),\"\"),ROW(A43)-ROW($A$15)&\".\"))","v":"4"},{"$f":"OFFSET(ORÇAMENTO!C$15,ROW(B43)-ROW(B$15),0)","v":"S"},{"$f":"OFFSET(ORÇAMENTO!L$15,ROW(C43)-ROW(C$15),0)","v":"F"},{"$f":"OFFSET(ORÇAMENTO!N$15,ROW(D43)-ROW(D$15),0)","v":"Serviço"},{"$f":"OFFSET(ORÇAMENTO!O$15,ROW(E43)-ROW(E$15),0)","v":"1.2.24."},{"$f":"OFFSET(ORÇAMENTO!R$15,ROW(F43)-ROW(F$15),0)","v":"LASTRO COM MATERIAL GRANULAR (PEDRA BRITADA N.2), APLICADO EM RADIERS E VIGAS DE BALDRAME, ESPESSURA DE 10 CM"},{"$f":"IF($D43<>\"Serviço\",\"\",OFFSET(ORÇAMENTO!S$15,ROW(G43)-ROW(G$15),0))","v":"M3"},{"$f":"IF($D43<>\"Serviço\",0,IF(ACOMPANHAMENTO=\"BM\",ROUND(OFFSET(ORÇAMENTO!AJ$15,ROW(H43)-ROW(H$15),0),15-13*ORÇAMENTO!$AF$7),SUMPRODUCT(($Q$12:$AA$12<>\"\")*ROUND($Q43:$AA43,15-13*ORÇAMENTO!$AF$7))))","v":6.25},null,null,null,".",{"$f":"IF($D43<>\"Serviço\",\"\",IF(AUTOEVENTO=\"manual\",$A43,IF(ISERROR(MATCH($A43,$A$15:OFFSET($A43,-1,0),0)),MAX($M$15:OFFSET(M43,-1,0))+1,INDEX($M$15:OFFSET(M43,-1,0),MATCH($A43,$A$15:OFFSET($A43,-1,0),0)))))","v":3},{"$f":"IF($D43<>\"Serviço\",\"\",IF(AUTOEVENTO=\"Manual\",IF($A43=0,\"<-- defina o número do agrupador\",OFFSET(EVENTOS!$D$14,$A43,0)),OFFSET($F$15,$A43,0)))","v":"ESTRUTURA"},null,null,null,null,null,null,null,null,null,null,null,null,null,{"$f":"IF(AND($D43=\"Serviço\",AB$12<>0,$H43>0,OR(AUTOEVENTO<>\"manual\",$M43<>1)),ROUND(OFFSET($P43,0,AB$13),15-13*ORÇAMENTO!$AF$7)/$H43*OFFSET(ORÇAMENTO!$X$15,ROW(AB43)-ROW(AB$15),0),0)","v":0},{"$f":"IF(AND($D43=\"Serviço\",AC$12<>0,$H43>0,OR(AUTOEVENTO<>\"manual\",$M43<>1)),ROUND(OFFSET($P43,0,AC$13),15-13*ORÇAMENTO!$AF$7)/$H43*OFFSET(ORÇAMENTO!$X$15,ROW(AC43)-ROW(AC$15),0),0)","v":0},{"$f":"IF(AND($D43=\"Serviço\",AD$12<>0,$H43>0,OR(AUTOEVENTO<>\"manual\",$M43<>1)),ROUND(OFFSET($P43,0,AD$13),15-13*ORÇAMENTO!$AF$7)/$H43*OFFSET(ORÇAMENTO!$X$15,ROW(AD43)-ROW(AD$15),0),0)","v":0},{"$f":"IF(AND($D43=\"Serviço\",AE$12<>0,$H43>0,OR(AUTOEVENTO<>\"manual\",$M43<>1)),ROUND(OFFSET($P43,0,AE$13),15-13*ORÇAMENTO!$AF$7)/$H43*OFFSET(ORÇAMENTO!$X$15,ROW(AE43)-ROW(AE$15),0),0)","v":0},{"$f":"IF(AND($D43=\"Serviço\",AF$12<>0,$H43>0,OR(AUTOEVENTO<>\"manual\",$M43<>1)),ROUND(OFFSET($P43,0,AF$13),15-13*ORÇAMENTO!$AF$7)/$H43*OFFSET(ORÇAMENTO!$X$15,ROW(AF43)-ROW(AF$15),0),0)","v":0},{"$f":"IF(AND($D43=\"Serviço\",AG$12<>0,$H43>0,OR(AUTOEVENTO<>\"manual\",$M43<>1)),ROUND(OFFSET($P43,0,AG$13),15-13*ORÇAMENTO!$AF$7)/$H43*OFFSET(ORÇAMENTO!$X$15,ROW(AG43)-ROW(AG$15),0),0)","v":0},{"$f":"IF(AND($D43=\"Serviço\",AH$12<>0,$H43>0,OR(AUTOEVENTO<>\"manual\",$M43<>1)),ROUND(OFFSET($P43,0,AH$13),15-13*ORÇAMENTO!$AF$7)/$H43*OFFSET(ORÇAMENTO!$X$15,ROW(AH43)-ROW(AH$15),0),0)","v":0},{"$f":"IF(AND($D43=\"Serviço\",AI$12<>0,$H43>0,OR(AUTOEVENTO<>\"manual\",$M43<>1)),ROUND(OFFSET($P43,0,AI$13),15-13*ORÇAMENTO!$AF$7)/$H43*OFFSET(ORÇAMENTO!$X$15,ROW(AI43)-ROW(AI$15),0),0)","v":0},{"$f":"IF(AND($D43=\"Serviço\",AJ$12<>0,$H43>0,OR(AUTOEVENTO<>\"manual\",$M43<>1)),ROUND(OFFSET($P43,0,AJ$13),15-13*ORÇAMENTO!$AF$7)/$H43*OFFSET(ORÇAMENTO!$X$15,ROW(AJ43)-ROW(AJ$15),0),0)","v":0},{"$f":"IF(AND($D43=\"Serviço\",AK$12<>0,$H43>0,OR(AUTOEVENTO<>\"manual\",$M43<>1)),ROUND(OFFSET($P43,0,AK$13),15-13*ORÇAMENTO!$AF$7)/$H43*OFFSET(ORÇAMENTO!$X$15,ROW(AK43)-ROW(AK$15),0),0)","v":0},null,{"$f":"IF($D43<>\"Serviço\",0,IF(AND(AUTOEVENTO=\"Manual\",$M43=1),0,IF(OFFSET(CRONOPLE!$F$14,$M43,AM$13)=\"\",10^12,OFFSET(CRONOPLE!$F$14,$M43,AM$13))))","v":1000000000000},{"$f":"IF($D43<>\"Serviço\",0,IF(AND(AUTOEVENTO=\"Manual\",$M43=1),0,IF(OFFSET(CRONOPLE!$F$14,$M43,AN$13)=\"\",10^12,OFFSET(CRONOPLE!$F$14,$M43,AN$13))))","v":1000000000000},{"$f":"IF($D43<>\"Serviço\",0,IF(AND(AUTOEVENTO=\"Manual\",$M43=1),0,IF(OFFSET(CRONOPLE!$F$14,$M43,AO$13)=\"\",10^12,OFFSET(CRONOPLE!$F$14,$M43,AO$13))))","v":1000000000000},{"$f":"IF($D43<>\"Serviço\",0,IF(AND(AUTOEVENTO=\"Manual\",$M43=1),0,IF(OFFSET(CRONOPLE!$F$14,$M43,AP$13)=\"\",10^12,OFFSET(CRONOPLE!$F$14,$M43,AP$13))))","v":1000000000000},{"$f":"IF($D43<>\"Serviço\",0,IF(AND(AUTOEVENTO=\"Manual\",$M43=1),0,IF(OFFSET(CRONOPLE!$F$14,$M43,AQ$13)=\"\",10^12,OFFSET(CRONOPLE!$F$14,$M43,AQ$13))))","v":1000000000000},{"$f":"IF($D43<>\"Serviço\",0,IF(AND(AUTOEVENTO=\"Manual\",$M43=1),0,IF(OFFSET(CRONOPLE!$F$14,$M43,AR$13)=\"\",10^12,OFFSET(CRONOPLE!$F$14,$M43,AR$13))))","v":1000000000000},{"$f":"IF($D43<>\"Serviço\",0,IF(AND(AUTOEVENTO=\"Manual\",$M43=1),0,IF(OFFSET(CRONOPLE!$F$14,$M43,AS$13)=\"\",10^12,OFFSET(CRONOPLE!$F$14,$M43,AS$13))))","v":1000000000000},{"$f":"IF($D43<>\"Serviço\",0,IF(AND(AUTOEVENTO=\"Manual\",$M43=1),0,IF(OFFSET(CRONOPLE!$F$14,$M43,AT$13)=\"\",10^12,OFFSET(CRONOPLE!$F$14,$M43,AT$13))))","v":1000000000000},{"$f":"IF($D43<>\"Serviço\",0,IF(AND(AUTOEVENTO=\"Manual\",$M43=1),0,IF(OFFSET(CRONOPLE!$F$14,$M43,AU$13)=\"\",10^12,OFFSET(CRONOPLE!$F$14,$M43,AU$13))))","v":1000000000000},{"$f":"IF($D43<>\"Serviço\",0,IF(AND(AUTOEVENTO=\"Manual\",$M43=1),0,IF(OFFSET(CRONOPLE!$F$14,$M43,AV$13)=\"\",10^12,OFFSET(CRONOPLE!$F$14,$M43,AV$13))))","v":1000000000000},null,{"$f":"IF($D43<>\"Serviço\",0,IF(OR(AND(AUTOEVENTO=\"Manual\",$M43=1),$M43>(ROW(PLE.lastrow)-ROW(PLE.firstrow))),0,IF(OFFSET(PLE!$G$14,$M43,AX$13)=\"\",10^12,OFFSET(PLE!$G$14,$M43,AX$13))))","v":1000000000000},{"$f":"IF($D43<>\"Serviço\",0,IF(OR(AND(AUTOEVENTO=\"Manual\",$M43=1),$M43>(ROW(PLE.lastrow)-ROW(PLE.firstrow))),0,IF(OFFSET(PLE!$G$14,$M43,AY$13)=\"\",10^12,OFFSET(PLE!$G$14,$M43,AY$13))))","v":1000000000000},{"$f":"IF($D43<>\"Serviço\",0,IF(OR(AND(AUTOEVENTO=\"Manual\",$M43=1),$M43>(ROW(PLE.lastrow)-ROW(PLE.firstrow))),0,IF(OFFSET(PLE!$G$14,$M43,AZ$13)=\"\",10^12,OFFSET(PLE!$G$14,$M43,AZ$13))))","v":1000000000000},{"$f":"IF($D43<>\"Serviço\",0,IF(OR(AND(AUTOEVENTO=\"Manual\",$M43=1),$M43>(ROW(PLE.lastrow)-ROW(PLE.firstrow))),0,IF(OFFSET(PLE!$G$14,$M43,BA$13)=\"\",10^12,OFFSET(PLE!$G$14,$M43,BA$13))))","v":1000000000000},{"$f":"IF($D43<>\"Serviço\",0,IF(OR(AND(AUTOEVENTO=\"Manual\",$M43=1),$M43>(ROW(PLE.lastrow)-ROW(PLE.firstrow))),0,IF(OFFSET(PLE!$G$14,$M43,BB$13)=\"\",10^12,OFFSET(PLE!$G$14,$M43,BB$13))))","v":1000000000000},{"$f":"IF($D43<>\"Serviço\",0,IF(OR(AND(AUTOEVENTO=\"Manual\",$M43=1),$M43>(ROW(PLE.lastrow)-ROW(PLE.firstrow))),0,IF(OFFSET(PLE!$G$14,$M43,BC$13)=\"\",10^12,OFFSET(PLE!$G$14,$M43,BC$13))))","v":1000000000000},{"$f":"IF($D43<>\"Serviço\",0,IF(OR(AND(AUTOEVENTO=\"Manual\",$M43=1),$M43>(ROW(PLE.lastrow)-ROW(PLE.firstrow))),0,IF(OFFSET(PLE!$G$14,$M43,BD$13)=\"\",10^12,OFFSET(PLE!$G$14,$M43,BD$13))))","v":1000000000000},{"$f":"IF($D43<>\"Serviço\",0,IF(OR(AND(AUTOEVENTO=\"Manual\",$M43=1),$M43>(ROW(PLE.lastrow)-ROW(PLE.firstrow))),0,IF(OFFSET(PLE!$G$14,$M43,BE$13)=\"\",10^12,OFFSET(PLE!$G$14,$M43,BE$13))))","v":1000000000000},{"$f":"IF($D43<>\"Serviço\",0,IF(OR(AND(AUTOEVENTO=\"Manual\",$M43=1),$M43>(ROW(PLE.lastrow)-ROW(PLE.firstrow))),0,IF(OFFSET(PLE!$G$14,$M43,BF$13)=\"\",10^12,OFFSET(PLE!$G$14,$M43,BF$13))))","v":1000000000000},{"$f":"IF($D43<>\"Serviço\",0,IF(OR(AND(AUTOEVENTO=\"Manual\",$M43=1),$M43>(ROW(PLE.lastrow)-ROW(PLE.firstrow))),0,IF(OFFSET(PLE!$G$14,$M43,BG$13)=\"\",10^12,OFFSET(PLE!$G$14,$M43,BG$13))))","v":1000000000000}]
["4",{"$f":"OFFSET(ORÇAMENTO!C$15,ROW(B44)-ROW(B$15),0)","v":"S"},{"$f":"OFFSET(ORÇAMENTO!L$15,ROW(C44)-ROW(C$15),0)","v":"F"},{"$f":"OFFSET(ORÇAMENTO!N$15,ROW(D44)-ROW(D$15),0)","v":"Serviço"},{"$f":"OFFSET(ORÇAMENTO!O$15,ROW(E44)-ROW(E$15),0)","v":"1.2.25."},{"$f":"OFFSET(ORÇAMENTO!R$15,ROW(F44)-ROW(F$15),0)","v":"IMPERMEABILIZAÇÃO DE SUPERFÍCIE COM EMULSÃO ASFÁLTICA, 2 DEMÃOS"},{"$f":"IF($D44<>\"Serviço\",\"\",OFFSET(ORÇAMENTO!S$15,ROW(G44)-ROW(G$15),0))","v":"M2"},{"$f":"IF($D44<>\"Serviço\",0,IF(ACOMPANHAMENTO=\"BM\",ROUND(OFFSET(ORÇAMENTO!AJ$15,ROW(H44)-ROW(H$15),0),15-13*ORÇAMENTO!$AF$7),SUMPRODUCT(($Q$12:$AA$12<>\"\")*ROUND($Q44:$AA44,15-13*ORÇAMENTO!$AF$7))))","v":66.88},null,null,null,".",{"$f":"IF($D44<>\"Serviço\",\"\",IF(AUTOEVENTO=\"manual\",$A44,IF(ISERROR(MATCH($A44,$A$15:OFFSET($A44,-1,0),0)),MAX($M$15:OFFSET(M44,-1,0))+1,INDEX($M$15:OFFSET(M44,-1,0),MATCH($A44,$A$15:OFFSET($A44,-1,0),0)))))","v":3},{"$f":"IF($D44<>\"Serviço\",\"\",IF(AUTOEVENTO=\"Manual\",IF($A44=0,\"<-- defina o número do agrupador\",OFFSET(EVENTOS!$D$14,$A44,0)),OFFSET($F$15,$A44,0)))","v":"ESTRUTURA"},null,null,null,null,null,null,null,null,null,null,null,null,null,{"$f":"IF(AND($D44=\"Serviço\",AB$12<>0,$H44>0,OR(AUTOEVENTO<>\"manual\",$M44<>1)),ROUND(OFFSET($P44,0,AB$13),15-13*ORÇAMENTO!$AF$7)/$H44*OFFSET(ORÇAMENTO!$X$15,ROW(AB44)-ROW(AB$15),0),0)","v":0},{"$f":"IF(AND($D44=\"Serviço\",AC$12<>0,$H44>0,OR(AUTOEVENTO<>\"manual\",$M44<>1)),ROUND(OFFSET($P44,0,AC$13),15-13*ORÇAMENTO!$AF$7)/$H44*OFFSET(ORÇAMENTO!$X$15,ROW(AC44)-ROW(AC$15),0),0)","v":0},{"$f":"IF(AND($D44=\"Serviço\",AD$12<>0,$H44>0,OR(AUTOEVENTO<>\"manual\",$M44<>1)),ROUND(OFFSET($P44,0,AD$13),15-13*ORÇAMENTO!$AF$7)/$H44*OFFSET(ORÇAMENTO!$X$15,ROW(AD44)-ROW(AD$15),0),0)","v":0},{"$f":"IF(AND($D44=\"Serviço\",AE$12<>0,$H44>0,OR(AUTOEVENTO<>\"manual\",$M44<>1)),ROUND(OFFSET($P44,0,AE$13),15-13*ORÇAMENTO!$AF$7)/$H44*OFFSET(ORÇAMENTO!$X$15,ROW(AE44)-ROW(AE$15),0),0)","v":0},{"$f":"IF(AND($D44=\"Serviço\",AF$12<>0,$H44>0,OR(AUTOEVENTO<>\"manual\",$M44<>1)),ROUND(OFFSET($P44,0,AF$13),15-13*ORÇAMENTO!$AF$7)/$H44*OFFSET(ORÇAMENTO!$X$15,ROW(AF44)-ROW(AF$15),0),0)","v":0},{"$f":"IF(AND($D44=\"Serviço\",AG$12<>0,$H44>0,OR(AUTOEVENTO<>\"manual\",$M44<>1)),ROUND(OFFSET($P44,0,AG$13),15-13*ORÇAMENTO!$AF$7)/$H44*OFFSET(ORÇAMENTO!$X$15,ROW(AG44)-ROW(AG$15),0),0)","v":0},{"$f":"IF(AND($D44=\"Serviço\",AH$12<>0,$H44>0,OR(AUTOEVENTO<>\"manual\",$M44<>1)),ROUND(OFFSET($P44,0,AH$13),15-13*ORÇAMENTO!$AF$7)/$H44*OFFSET(ORÇAMENTO!$X$15,ROW(AH44)-ROW(AH$15),0),0)","v":0},{"$f":"IF(AND($D44=\"Serviço\",AI$12<>0,$H44>0,OR(AUTOEVENTO<>\"manual\",$M44<>1)),ROUND(OFFSET($P44,0,AI$13),15-13*ORÇAMENTO!$AF$7)/$H44*OFFSET(ORÇAMENTO!$X$15,ROW(AI44)-ROW(AI$15),0),0)","v":0},{"$f":"IF(AND($D44=\"Serviço\",AJ$12<>0,$H44>0,OR(AUTOEVENTO<>\"manual\",$M44<>1)),ROUND(OFFSET($P44,0,AJ$13),15-13*ORÇAMENTO!$AF$7)/$H44*OFFSET(ORÇAMENTO!$X$15,ROW(AJ44)-ROW(AJ$15),0),0)","v":0},{"$f":"IF(AND($D44=\"Serviço\",AK$12<>0,$H44>0,OR(AUTOEVENTO<>\"manual\",$M44<>1)),ROUND(OFFSET($P44,0,AK$13),15-13*ORÇAMENTO!$AF$7)/$H44*OFFSET(ORÇAMENTO!$X$15,ROW(AK44)-ROW(AK$15),0),0)","v":0},null,{"$f":"IF($D44<>\"Serviço\",0,IF(AND(AUTOEVENTO=\"Manual\",$M44=1),0,IF(OFFSET(CRONOPLE!$F$14,$M44,AM$13)=\"\",10^12,OFFSET(CRONOPLE!$F$14,$M44,AM$13))))","v":1000000000000},{"$f":"IF($D44<>\"Serviço\",0,IF(AND(AUTOEVENTO=\"Manual\",$M44=1),0,IF(OFFSET(CRONOPLE!$F$14,$M44,AN$13)=\"\",10^12,OFFSET(CRONOPLE!$F$14,$M44,AN$13))))","v":1000000000000},{"$f":"IF($D44<>\"Serviço\",0,IF(AND(AUTOEVENTO=\"Manual\",$M44=1),0,IF(OFFSET(CRONOPLE!$F$14,$M44,AO$13)=\"\",10^12,OFFSET(CRONOPLE!$F$14,$M44,AO$13))))","v":1000000000000},{"$f":"IF($D44<>\"Serviço\",0,IF(AND(AUTOEVENTO=\"Manual\",$M44=1),0,IF(OFFSET(CRONOPLE!$F$14,$M44,AP$13)=\"\",10^12,OFFSET(CRONOPLE!$F$14,$M44,AP$13))))","v":1000000000000},{"$f":"IF($D44<>\"Serviço\",0,IF(AND(AUTOEVENTO=\"Manual\",$M44=1),0,IF(OFFSET(CRONOPLE!$F$14,$M44,AQ$13)=\"\",10^12,OFFSET(CRONOPLE!$F$14,$M44,AQ$13))))","v":1000000000000},{"$f":"IF($D44<>\"Serviço\",0,IF(AND(AUTOEVENTO=\"Manual\",$M44=1),0,IF(OFFSET(CRONOPLE!$F$14,$M44,AR$13)=\"\",10^12,OFFSET(CRONOPLE!$F$14,$M44,AR$13))))","v":1000000000000},{"$f":"IF($D44<>\"Serviço\",0,IF(AND(AUTOEVENTO=\"Manual\",$M44=1),0,IF(OFFSET(CRONOPLE!$F$14,$M44,AS$13)=\"\",10^12,OFFSET(CRONOPLE!$F$14,$M44,AS$13))))","v":1000000000000},{"$f":"IF($D44<>\"Serviço\",0,IF(AND(AUTOEVENTO=\"Manual\",$M44=1),0,IF(OFFSET(CRONOPLE!$F$14,$M44,AT$13)=\"\",10^12,OFFSET(CRONOPLE!$F$14,$M44,AT$13))))","v":1000000000000},{"$f":"IF($D44<>\"Serviço\",0,IF(AND(AUTOEVENTO=\"Manual\",$M44=1),0,IF(OFFSET(CRONOPLE!$F$14,$M44,AU$13)=\"\",10^12,OFFSET(CRONOPLE!$F$14,$M44,AU$13))))","v":1000000000000},{"$f":"IF($D44<>\"Serviço\",0,IF(AND(AUTOEVENTO=\"Manual\",$M44=1),0,IF(OFFSET(CRONOPLE!$F$14,$M44,AV$13)=\"\",10^12,OFFSET(CRONOPLE!$F$14,$M44,AV$13))))","v":1000000000000},null,{"$f":"IF($D44<>\"Serviço\",0,IF(OR(AND(AUTOEVENTO=\"Manual\",$M44=1),$M44>(ROW(PLE.lastrow)-ROW(PLE.firstrow))),0,IF(OFFSET(PLE!$G$14,$M44,AX$13)=\"\",10^12,OFFSET(PLE!$G$14,$M44,AX$13))))","v":1000000000000},{"$f":"IF($D44<>\"Serviço\",0,IF(OR(AND(AUTOEVENTO=\"Manual\",$M44=1),$M44>(ROW(PLE.lastrow)-ROW(PLE.firstrow))),0,IF(OFFSET(PLE!$G$14,$M44,AY$13)=\"\",10^12,OFFSET(PLE!$G$14,$M44,AY$13))))","v":1000000000000},{"$f":"IF($D44<>\"Serviço\",0,IF(OR(AND(AUTOEVENTO=\"Manual\",$M44=1),$M44>(ROW(PLE.lastrow)-ROW(PLE.firstrow))),0,IF(OFFSET(PLE!$G$14,$M44,AZ$13)=\"\",10^12,OFFSET(PLE!$G$14,$M44,AZ$13))))","v":1000000000000},{"$f":"IF($D44<>\"Serviço\",0,IF(OR(AND(AUTOEVENTO=\"Manual\",$M44=1),$M44>(ROW(PLE.lastrow)-ROW(PLE.firstrow))),0,IF(OFFSET(PLE!$G$14,$M44,BA$13)=\"\",10^12,OFFSET(PLE!$G$14,$M44,BA$13))))","v":1000000000000},{"$f":"IF($D44<>\"Serviço\",0,IF(OR(AND(AUTOEVENTO=\"Manual\",$M44=1),$M44>(ROW(PLE.lastrow)-ROW(PLE.firstrow))),0,IF(OFFSET(PLE!$G$14,$M44,BB$13)=\"\",10^12,OFFSET(PLE!$G$14,$M44,BB$13))))","v":1000000000000},{"$f":"IF($D44<>\"Serviço\",0,IF(OR(AND(AUTOEVENTO=\"Manual\",$M44=1),$M44>(ROW(PLE.lastrow)-ROW(PLE.firstrow))),0,IF(OFFSET(PLE!$G$14,$M44,BC$13)=\"\",10^12,OFFSET(PLE!$G$14,$M44,BC$13))))","v":1000000000000},{"$f":"IF($D44<>\"Serviço\",0,IF(OR(AND(AUTOEVENTO=\"Manual\",$M44=1),$M44>(ROW(PLE.lastrow)-ROW(PLE.firstrow))),0,IF(OFFSET(PLE!$G$14,$M44,BD$13)=\"\",10^12,OFFSET(PLE!$G$14,$M44,BD$13))))","v":1000000000000},{"$f":"IF($D44<>\"Serviço\",0,IF(OR(AND(AUTOEVENTO=\"Manual\",$M44=1),$M44>(ROW(PLE.lastrow)-ROW(PLE.firstrow))),0,IF(OFFSET(PLE!$G$14,$M44,BE$13)=\"\",10^12,OFFSET(PLE!$G$14,$M44,BE$13))))","v":1000000000000},{"$f":"IF($D44<>\"Serviço\",0,IF(OR(AND(AUTOEVENTO=\"Manual\",$M44=1),$M44>(ROW(PLE.lastrow)-ROW(PLE.firstrow))),0,IF(OFFSET(PLE!$G$14,$M44,BF$13)=\"\",10^12,OFFSET(PLE!$G$14,$M44,BF$13))))","v":1000000000000},{"$f":"IF($D44<>\"Serviço\",0,IF(OR(AND(AUTOEVENTO=\"Manual\",$M44=1),$M44>(ROW(PLE.lastrow)-ROW(PLE.firstrow))),0,IF(OFFSET(PLE!$G$14,$M44,BG$13)=\"\",10^12,OFFSET(PLE!$G$14,$M44,BG$13))))","v":1000000000000}]
["4",{"$f":"OFFSET(ORÇAMENTO!C$15,ROW(B45)-ROW(B$15),0)","v":"S"},{"$f":"OFFSET(ORÇAMENTO!L$15,ROW(C45)-ROW(C$15),0)","v":"F"},{"$f":"OFFSET(ORÇAMENTO!N$15,ROW(D45)-ROW(D$15),0)","v":"Serviço"},{"$f":"OFFSET(ORÇAMENTO!O$15,ROW(E45)-ROW(E$15),0)","v":"1.2.26."},{"$f":"OFFSET(ORÇAMENTO!R$15,ROW(F45)-ROW(F$15),0)","v":"CONCRETAGEM DE ESTRUTURAS DE CONCRETO ARMADO, FCK 30 MPA, COM USO DE BOMBA -\u0096 LANÇAMENTO, ADENSAMENTO E ACABAMENTO"},{"$f":"IF($D45<>\"Serviço\",\"\",OFFSET(ORÇAMENTO!S$15,ROW(G45)-ROW(G$15),0))","v":"M3"},{"$f":"IF($D45<>\"Serviço\",0,IF(ACOMPANHAMENTO=\"BM\",ROUND(OFFSET(ORÇAMENTO!AJ$15,ROW(H45)-ROW(H$15),0),15-13*ORÇAMENTO!$AF$7),SUMPRODUCT(($Q$12:$AA$12<>\"\")*ROUND($Q45:$AA45,15-13*ORÇAMENTO!$AF$7))))","v":21.08},null,null,null,".",{"$f":"IF($D45<>\"Serviço\",\"\",IF(AUTOEVENTO=\"manual\",$A45,IF(ISERROR(MATCH($A45,$A$15:OFFSET($A45,-1,0),0)),MAX($M$15:OFFSET(M45,-1,0))+1,INDEX($M$15:OFFSET(M45,-1,0),MATCH($A45,$A$15:OFFSET($A45,-1,0),0)))))","v":3},{"$f":"IF($D45<>\"Serviço\",\"\",IF(AUTOEVENTO=\"Manual\",IF($A45=0,\"<-- defina o número do agrupador\",OFFSET(EVENTOS!$D$14,$A45,0)),OFFSET($F$15,$A45,0)))","v":"ESTRUTURA"},null,null,null,null,null,null,null,null,null,null,null,null,null,{"$f":"IF(AND($D45=\"Serviço\",AB$12<>0,$H45>0,OR(AUTOEVENTO<>\"manual\",$M45<>1)),ROUND(OFFSET($P45,0,AB$13),15-13*ORÇAMENTO!$AF$7)/$H45*OFFSET(ORÇAMENTO!$X$15,ROW(AB45)-ROW(AB$15),0),0)","v":0},{"$f":"IF(AND($D45=\"Serviço\",AC$12<>0,$H45>0,OR(AUTOEVENTO<>\"manual\",$M45<>1)),ROUND(OFFSET($P45,0,AC$13),15-13*ORÇAMENTO!$AF$7)/$H45*OFFSET(ORÇAMENTO!$X$15,ROW(AC45)-ROW(AC$15),0),0)","v":0},{"$f":"IF(AND($D45=\"Serviço\",AD$12<>0,$H45>0,OR(AUTOEVENTO<>\"manual\",$M45<>1)),ROUND(OFFSET($P45,0,AD$13),15-13*ORÇAMENTO!$AF$7)/$H45*OFFSET(ORÇAMENTO!$X$15,ROW(AD45)-ROW(AD$15),0),0)","v":0},{"$f":"IF(AND($D45=\"Serviço\",AE$12<>0,$H45>0,OR(AUTOEVENTO<>\"manual\",$M45<>1)),ROUND(OFFSET($P45,0,AE$13),15-13*ORÇAMENTO!$AF$7)/$H45*OFFSET(ORÇAMENTO!$X$15,ROW(AE45)-ROW(AE$15),0),0)","v":0},{"$f":"IF(AND($D45=\"Serviço\",AF$12<>0,$H45>0,OR(AUTOEVENTO<>\"manual\",$M45<>1)),ROUND(OFFSET($P45,0,AF$13),15-13*ORÇAMENTO!$AF$7)/$H45*OFFSET(ORÇAMENTO!$X$15,ROW(AF45)-ROW(AF$15),0),0)","v":0},{"$f":"IF(AND($D45=\"Serviço\",AG$12<>0,$H45>0,OR(AUTOEVENTO<>\"manual\",$M45<>1)),ROUND(OFFSET($P45,0,AG$13),15-13*ORÇAMENTO!$AF$7)/$H45*OFFSET(ORÇAMENTO!$X$15,ROW(AG45)-ROW(AG$15),0),0)","v":0},{"$f":"IF(AND($D45=\"Serviço\",AH$12<>0,$H45>0,OR(AUTOEVENTO<>\"manual\",$M45<>1)),ROUND(OFFSET($P45,0,AH$13),15-13*ORÇAMENTO!$AF$7)/$H45*OFFSET(ORÇAMENTO!$X$15,ROW(AH45)-ROW(AH$15),0),0)","v":0},{"$f":"IF(AND($D45=\"Serviço\",AI$12<>0,$H45>0,OR(AUTOEVENTO<>\"manual\",$M45<>1)),ROUND(OFFSET($P45,0,AI$13),15-13*ORÇAMENTO!$AF$7)/$H45*OFFSET(ORÇAMENTO!$X$15,ROW(AI45)-ROW(AI$15),0),0)","v":0},{"$f":"IF(AND($D45=\"Serviço\",AJ$12<>0,$H45>0,OR(AUTOEVENTO<>\"manual\",$M45<>1)),ROUND(OFFSET($P45,0,AJ$13),15-13*ORÇAMENTO!$AF$7)/$H45*OFFSET(ORÇAMENTO!$X$15,ROW(AJ45)-ROW(AJ$15),0),0)","v":0},{"$f":"IF(AND($D45=\"Serviço\",AK$12<>0,$H45>0,OR(AUTOEVENTO<>\"manual\",$M45<>1)),ROUND(OFFSET($P45,0,AK$13),15-13*ORÇAMENTO!$AF$7)/$H45*OFFSET(ORÇAMENTO!$X$15,ROW(AK45)-ROW(AK$15),0),0)","v":0},null,{"$f":"IF($D45<>\"Serviço\",0,IF(AND(AUTOEVENTO=\"Manual\",$M45=1),0,IF(OFFSET(CRONOPLE!$F$14,$M45,AM$13)=\"\",10^12,OFFSET(CRONOPLE!$F$14,$M45,AM$13))))","v":1000000000000},{"$f":"IF($D45<>\"Serviço\",0,IF(AND(AUTOEVENTO=\"Manual\",$M45=1),0,IF(OFFSET(CRONOPLE!$F$14,$M45,AN$13)=\"\",10^12,OFFSET(CRONOPLE!$F$14,$M45,AN$13))))","v":1000000000000},{"$f":"IF($D45<>\"Serviço\",0,IF(AND(AUTOEVENTO=\"Manual\",$M45=1),0,IF(OFFSET(CRONOPLE!$F$14,$M45,AO$13)=\"\",10^12,OFFSET(CRONOPLE!$F$14,$M45,AO$13))))","v":1000000000000},{"$f":"IF($D45<>\"Serviço\",0,IF(AND(AUTOEVENTO=\"Manual\",$M45=1),0,IF(OFFSET(CRONOPLE!$F$14,$M45,AP$13)=\"\",10^12,OFFSET(CRONOPLE!$F$14,$M45,AP$13))))","v":1000000000000},{"$f":"IF($D45<>\"Serviço\",0,IF(AND(AUTOEVENTO=\"Manual\",$M45=1),0,IF(OFFSET(CRONOPLE!$F$14,$M45,AQ$13)=\"\",10^12,OFFSET(CRONOPLE!$F$14,$M45,AQ$13))))","v":1000000000000},{"$f":"IF($D45<>\"Serviço\",0,IF(AND(AUTOEVENTO=\"Manual\",$M45=1),0,IF(OFFSET(CRONOPLE!$F$14,$M45,AR$13)=\"\",10^12,OFFSET(CRONOPLE!$F$14,$M45,AR$13))))","v":1000000000000},{"$f":"IF($D45<>\"Serviço\",0,IF(AND(AUTOEVENTO=\"Manual\",$M45=1),0,IF(OFFSET(CRONOPLE!$F$14,$M45,AS$13)=\"\",10^12,OFFSET(CRONOPLE!$F$14,$M45,AS$13))))","v":1000000000000},{"$f":"IF($D45<>\"Serviço\",0,IF(AND(AUTOEVENTO=\"Manual\",$M45=1),0,IF(OFFSET(CRONOPLE!$F$14,$M45,AT$13)=\"\",10^12,OFFSET(CRONOPLE!$F$14,$M45,AT$13))))","v":1000000000000},{"$f":"IF($D45<>\"Serviço\",0,IF(AND(AUTOEVENTO=\"Manual\",$M45=1),0,IF(OFFSET(CRONOPLE!$F$14,$M45,AU$13)=\"\",10^12,OFFSET(CRONOPLE!$F$14,$M45,AU$13))))","v":1000000000000},{"$f":"IF($D45<>\"Serviço\",0,IF(AND(AUTOEVENTO=\"Manual\",$M45=1),0,IF(OFFSET(CRONOPLE!$F$14,$M45,AV$13)=\"\",10^12,OFFSET(CRONOPLE!$F$14,$M45,AV$13))))","v":1000000000000},null,{"$f":"IF($D45<>\"Serviço\",0,IF(OR(AND(AUTOEVENTO=\"Manual\",$M45=1),$M45>(ROW(PLE.lastrow)-ROW(PLE.firstrow))),0,IF(OFFSET(PLE!$G$14,$M45,AX$13)=\"\",10^12,OFFSET(PLE!$G$14,$M45,AX$13))))","v":1000000000000},{"$f":"IF($D45<>\"Serviço\",0,IF(OR(AND(AUTOEVENTO=\"Manual\",$M45=1),$M45>(ROW(PLE.lastrow)-ROW(PLE.firstrow))),0,IF(OFFSET(PLE!$G$14,$M45,AY$13)=\"\",10^12,OFFSET(PLE!$G$14,$M45,AY$13))))","v":1000000000000},{"$f":"IF($D45<>\"Serviço\",0,IF(OR(AND(AUTOEVENTO=\"Manual\",$M45=1),$M45>(ROW(PLE.lastrow)-ROW(PLE.firstrow))),0,IF(OFFSET(PLE!$G$14,$M45,AZ$13)=\"\",10^12,OFFSET(PLE!$G$14,$M45,AZ$13))))","v":1000000000000},{"$f":"IF($D45<>\"Serviço\",0,IF(OR(AND(AUTOEVENTO=\"Manual\",$M45=1),$M45>(ROW(PLE.lastrow)-ROW(PLE.firstrow))),0,IF(OFFSET(PLE!$G$14,$M45,BA$13)=\"\",10^12,OFFSET(PLE!$G$14,$M45,BA$13))))","v":1000000000000},{"$f":"IF($D45<>\"Serviço\",0,IF(OR(AND(AUTOEVENTO=\"Manual\",$M45=1),$M45>(ROW(PLE.lastrow)-ROW(PLE.firstrow))),0,IF(OFFSET(PLE!$G$14,$M45,BB$13)=\"\",10^12,OFFSET(PLE!$G$14,$M45,BB$13))))","v":1000000000000},{"$f":"IF($D45<>\"Serviço\",0,IF(OR(AND(AUTOEVENTO=\"Manual\",$M45=1),$M45>(ROW(PLE.lastrow)-ROW(PLE.firstrow))),0,IF(OFFSET(PLE!$G$14,$M45,BC$13)=\"\",10^12,OFFSET(PLE!$G$14,$M45,BC$13))))","v":1000000000000},{"$f":"IF($D45<>\"Serviço\",0,IF(OR(AND(AUTOEVENTO=\"Manual\",$M45=1),$M45>(ROW(PLE.lastrow)-ROW(PLE.firstrow))),0,IF(OFFSET(PLE!$G$14,$M45,BD$13)=\"\",10^12,OFFSET(PLE!$G$14,$M45,BD$13))))","v":1000000000000},{"$f":"IF($D45<>\"Serviço\",0,IF(OR(AND(AUTOEVENTO=\"Manual\",$M45=1),$M45>(ROW(PLE.lastrow)-ROW(PLE.firstrow))),0,IF(OFFSET(PLE!$G$14,$M45,BE$13)=\"\",10^12,OFFSET(PLE!$G$14,$M45,BE$13))))","v":1000000000000},{"$f":"IF($D45<>\"Serviço\",0,IF(OR(AND(AUTOEVENTO=\"Manual\",$M45=1),$M45>(ROW(PLE.lastrow)-ROW(PLE.firstrow))),0,IF(OFFSET(PLE!$G$14,$M45,BF$13)=\"\",10^12,OFFSET(PLE!$G$14,$M45,BF$13))))","v":1000000000000},{"$f":"IF($D45<>\"Serviço\",0,IF(OR(AND(AUTOEVENTO=\"Manual\",$M45=1),$M45>(ROW(PLE.lastrow)-ROW(PLE.firstrow))),0,IF(OFFSET(PLE!$G$14,$M45,BG$13)=\"\",10^12,OFFSET(PLE!$G$14,$M45,BG$13))))","v":1000000000000}]
[{"$f":"IF(AUTOEVENTO=\"Manual\",IF(K46<>\"\",MIN(VALUE(LEFT(K46,FIND(\".\",K46)-1)),COUNTA(EVENTOS.Lista)),0),IF(OR($B46>AUTOEVENTO,$B46=\"S\",$B46=0),SUBSTITUTE(OFFSET($A46,-1,0),IF($D46=\"Serviço\",\".\",\"\"),\"\"),ROW(A46)-ROW($A$15)&\".\"))","v":"31."},{"$f":"OFFSET(ORÇAMENTO!C$15,ROW(B46)-ROW(B$15),0)","v":2},{"$f":"OFFSET(ORÇAMENTO!L$15,ROW(C46)-ROW(C$15),0)","v":"F"},{"$f":"OFFSET(ORÇAMENTO!N$15,ROW(D46)-ROW(D$15),0)","v":"Nível 2"},{"$f":"OFFSET(ORÇAMENTO!O$15,ROW(E46)-ROW(E$15),0)","v":"1.3."},{"$f":"OFFSET(ORÇAMENTO!R$15,ROW(F46)-ROW(F$15),0)","v":"ALVENARIA, REVESTIMENTO E PINTURA"},{"$f":"IF($D46<>\"Serviço\",\"\",OFFSET(ORÇAMENTO!S$15,ROW(G46)-ROW(G$15),0))","v":""},{"$f":"IF($D46<>\"Serviço\",0,IF(ACOMPANHAMENTO=\"BM\",ROUND(OFFSET(ORÇAMENTO!AJ$15,ROW(H46)-ROW(H$15),0),15-13*ORÇAMENTO!$AF$7),SUMPRODUCT(($Q$12:$AA$12<>\"\")*ROUND($Q46:$AA46,15-13*ORÇAMENTO!$AF$7))))","v":0},null,null,null,".",{"$f":"IF($D46<>\"Serviço\",\"\",IF(AUTOEVENTO=\"manual\",$A46,IF(ISERROR(MATCH($A46,$A$15:OFFSET($A46,-1,0),0)),MAX($M$15:OFFSET(M46,-1,0))+1,INDEX($M$15:OFFSET(M46,-1,0),MATCH($A46,$A$15:OFFSET($A46,-1,0),0)))))","v":""},{"$f":"IF($D46<>\"Serviço\",\"\",IF(AUTOEVENTO=\"Manual\",IF($A46=0,\"<-- defina o número do agrupador\",OFFSET(EVENTOS!$D$14,$A46,0)),OFFSET($F$15,$A46,0)))","v":""},null,null,null,null,null,null,null,null,null,null,null,null,null,{"$f":"IF(AND($D46=\"Serviço\",AB$12<>0,$H46>0,OR(AUTOEVENTO<>\"manual\",$M46<>1)),ROUND(OFFSET($P46,0,AB$13),15-13*ORÇAMENTO!$AF$7)/$H46*OFFSET(ORÇAMENTO!$X$15,ROW(AB46)-ROW(AB$15),0),0)","v":0},{"$f":"IF(AND($D46=\"Serviço\",AC$12<>0,$H46>0,OR(AUTOEVENTO<>\"manual\",$M46<>1)),ROUND(OFFSET($P46,0,AC$13),15-13*ORÇAMENTO!$AF$7)/$H46*OFFSET(ORÇAMENTO!$X$15,ROW(AC46)-ROW(AC$15),0),0)","v":0},{"$f":"IF(AND($D46=\"Serviço\",AD$12<>0,$H46>0,OR(AUTOEVENTO<>\"manual\",$M46<>1)),ROUND(OFFSET($P46,0,AD$13),15-13*ORÇAMENTO!$AF$7)/$H46*OFFSET(ORÇAMENTO!$X$15,ROW(AD46)-ROW(AD$15),0),0)","v":0},{"$f":"IF(AND($D46=\"Serviço\",AE$12<>0,$H46>0,OR(AUTOEVENTO<>\"manual\",$M46<>1)),ROUND(OFFSET($P46,0,AE$13),15-13*ORÇAMENTO!$AF$7)/$H46*OFFSET(ORÇAMENTO!$X$15,ROW(AE46)-ROW(AE$15),0),0)","v":0},{"$f":"IF(AND($D46=\"Serviço\",AF$12<>0,$H46>0,OR(AUTOEVENTO<>\"manual\",$M46<>1)),ROUND(OFFSET($P46,0,AF$13),15-13*ORÇAMENTO!$AF$7)/$H46*OFFSET(ORÇAMENTO!$X$15,ROW(AF46)-ROW(AF$15),0),0)","v":0},{"$f":"IF(AND($D46=\"Serviço\",AG$12<>0,$H46>0,OR(AUTOEVENTO<>\"manual\",$M46<>1)),ROUND(OFFSET($P46,0,AG$13),15-13*ORÇAMENTO!$AF$7)/$H46*OFFSET(ORÇAMENTO!$X$15,ROW(AG46)-ROW(AG$15),0),0)","v":0},{"$f":"IF(AND($D46=\"Serviço\",AH$12<>0,$H46>0,OR(AUTOEVENTO<>\"manual\",$M46<>1)),ROUND(OFFSET($P46,0,AH$13),15-13*ORÇAMENTO!$AF$7)/$H46*OFFSET(ORÇAMENTO!$X$15,ROW(AH46)-ROW(AH$15),0),0)","v":0},{"$f":"IF(AND($D46=\"Serviço\",AI$12<>0,$H46>0,OR(AUTOEVENTO<>\"manual\",$M46<>1)),ROUND(OFFSET($P46,0,AI$13),15-13*ORÇAMENTO!$AF$7)/$H46*OFFSET(ORÇAMENTO!$X$15,ROW(AI46)-ROW(AI$15),0),0)","v":0},{"$f":"IF(AND($D46=\"Serviço\",AJ$12<>0,$H46>0,OR(AUTOEVENTO<>\"manual\",$M46<>1)),ROUND(OFFSET($P46,0,AJ$13),15-13*ORÇAMENTO!$AF$7)/$H46*OFFSET(ORÇAMENTO!$X$15,ROW(AJ46)-ROW(AJ$15),0),0)","v":0},{"$f":"IF(AND($D46=\"Serviço\",AK$12<>0,$H46>0,OR(AUTOEVENTO<>\"manual\",$M46<>1)),ROUND(OFFSET($P46,0,AK$13),15-13*ORÇAMENTO!$AF$7)/$H46*OFFSET(ORÇAMENTO!$X$15,ROW(AK46)-ROW(AK$15),0),0)","v":0},null,{"$f":"IF($D46<>\"Serviço\",0,IF(AND(AUTOEVENTO=\"Manual\",$M46=1),0,IF(OFFSET(CRONOPLE!$F$14,$M46,AM$13)=\"\",10^12,OFFSET(CRONOPLE!$F$14,$M46,AM$13))))","v":0},{"$f":"IF($D46<>\"Serviço\",0,IF(AND(AUTOEVENTO=\"Manual\",$M46=1),0,IF(OFFSET(CRONOPLE!$F$14,$M46,AN$13)=\"\",10^12,OFFSET(CRONOPLE!$F$14,$M46,AN$13))))","v":0},{"$f":"IF($D46<>\"Serviço\",0,IF(AND(AUTOEVENTO=\"Manual\",$M46=1),0,IF(OFFSET(CRONOPLE!$F$14,$M46,AO$13)=\"\",10^12,OFFSET(CRONOPLE!$F$14,$M46,AO$13))))","v":0},{"$f":"IF($D46<>\"Serviço\",0,IF(AND(AUTOEVENTO=\"Manual\",$M46=1),0,IF(OFFSET(CRONOPLE!$F$14,$M46,AP$13)=\"\",10^12,OFFSET(CRONOPLE!$F$14,$M46,AP$13))))","v":0},{"$f":"IF($D46<>\"Serviço\",0,IF(AND(AUTOEVENTO=\"Manual\",$M46=1),0,IF(OFFSET(CRONOPLE!$F$14,$M46,AQ$13)=\"\",10^12,OFFSET(CRONOPLE!$F$14,$M46,AQ$13))))","v":0},{"$f":"IF($D46<>\"Serviço\",0,IF(AND(AUTOEVENTO=\"Manual\",$M46=1),0,IF(OFFSET(CRONOPLE!$F$14,$M46,AR$13)=\"\",10^12,OFFSET(CRONOPLE!$F$14,$M46,AR$13))))","v":0},{"$f":"IF($D46<>\"Serviço\",0,IF(AND(AUTOEVENTO=\"Manual\",$M46=1),0,IF(OFFSET(CRONOPLE!$F$14,$M46,AS$13)=\"\",10^12,OFFSET(CRONOPLE!$F$14,$M46,AS$13))))","v":0},{"$f":"IF($D46<>\"Serviço\",0,IF(AND(AUTOEVENTO=\"Manual\",$M46=1),0,IF(OFFSET(CRONOPLE!$F$14,$M46,AT$13)=\"\",10^12,OFFSET(CRONOPLE!$F$14,$M46,AT$13))))","v":0},{"$f":"IF($D46<>\"Serviço\",0,IF(AND(AUTOEVENTO=\"Manual\",$M46=1),0,IF(OFFSET(CRONOPLE!$F$14,$M46,AU$13)=\"\",10^12,OFFSET(CRONOPLE!$F$14,$M46,AU$13))))","v":0},{"$f":"IF($D46<>\"Serviço\",0,IF(AND(AUTOEVENTO=\"Manual\",$M46=1),0,IF(OFFSET(CRONOPLE!$F$14,$M46,AV$13)=\"\",10^12,OFFSET(CRONOPLE!$F$14,$M46,AV$13))))","v":0},null,{"$f":"IF($D46<>\"Serviço\",0,IF(OR(AND(AUTOEVENTO=\"Manual\",$M46=1),$M46>(ROW(PLE.lastrow)-ROW(PLE.firstrow))),0,IF(OFFSET(PLE!$G$14,$M46,AX$13)=\"\",10^12,OFFSET(PLE!$G$14,$M46,AX$13))))","v":0},{"$f":"IF($D46<>\"Serviço\",0,IF(OR(AND(AUTOEVENTO=\"Manual\",$M46=1),$M46>(ROW(PLE.lastrow)-ROW(PLE.firstrow))),0,IF(OFFSET(PLE!$G$14,$M46,AY$13)=\"\",10^12,OFFSET(PLE!$G$14,$M46,AY$13))))","v":0},{"$f":"IF($D46<>\"Serviço\",0,IF(OR(AND(AUTOEVENTO=\"Manual\",$M46=1),$M46>(ROW(PLE.lastrow)-ROW(PLE.firstrow))),0,IF(OFFSET(PLE!$G$14,$M46,AZ$13)=\"\",10^12,OFFSET(PLE!$G$14,$M46,AZ$13))))","v":0},{"$f":"IF($D46<>\"Serviço\",0,IF(OR(AND(AUTOEVENTO=\"Manual\",$M46=1),$M46>(ROW(PLE.lastrow)-ROW(PLE.firstrow))),0,IF(OFFSET(PLE!$G$14,$M46,BA$13)=\"\",10^12,OFFSET(PLE!$G$14,$M46,BA$13))))","v":0},{"$f":"IF($D46<>\"Serviço\",0,IF(OR(AND(AUTOEVENTO=\"Manual\",$M46=1),$M46>(ROW(PLE.lastrow)-ROW(PLE.firstrow))),0,IF(OFFSET(PLE!$G$14,$M46,BB$13)=\"\",10^12,OFFSET(PLE!$G$14,$M46,BB$13))))","v":0},{"$f":"IF($D46<>\"Serviço\",0,IF(OR(AND(AUTOEVENTO=\"Manual\",$M46=1),$M46>(ROW(PLE.lastrow)-ROW(PLE.firstrow))),0,IF(OFFSET(PLE!$G$14,$M46,BC$13)=\"\",10^12,OFFSET(PLE!$G$14,$M46,BC$13))))","v":0},{"$f":"IF($D46<>\"Serviço\",0,IF(OR(AND(AUTOEVENTO=\"Manual\",$M46=1),$M46>(ROW(PLE.lastrow)-ROW(PLE.firstrow))),0,IF(OFFSET(PLE!$G$14,$M46,BD$13)=\"\",10^12,OFFSET(PLE!$G$14,$M46,BD$13))))","v":0},{"$f":"IF($D46<>\"Serviço\",0,IF(OR(AND(AUTOEVENTO=\"Manual\",$M46=1),$M46>(ROW(PLE.lastrow)-ROW(PLE.firstrow))),0,IF(OFFSET(PLE!$G$14,$M46,BE$13)=\"\",10^12,OFFSET(PLE!$G$14,$M46,BE$13))))","v":0},{"$f":"IF($D46<>\"Serviço\",0,IF(OR(AND(AUTOEVENTO=\"Manual\",$M46=1),$M46>(ROW(PLE.lastrow)-ROW(PLE.firstrow))),0,IF(OFFSET(PLE!$G$14,$M46,BF$13)=\"\",10^12,OFFSET(PLE!$G$14,$M46,BF$13))))","v":0},{"$f":"IF($D46<>\"Serviço\",0,IF(OR(AND(AUTOEVENTO=\"Manual\",$M46=1),$M46>(ROW(PLE.lastrow)-ROW(PLE.firstrow))),0,IF(OFFSET(PLE!$G$14,$M46,BG$13)=\"\",10^12,OFFSET(PLE!$G$14,$M46,BG$13))))","v":0}]
[{"$f":"IF(AUTOEVENTO=\"Manual\",IF(K47<>\"\",MIN(VALUE(LEFT(K47,FIND(\".\",K47)-1)),COUNTA(EVENTOS.Lista)),0),IF(OR($B47>AUTOEVENTO,$B47=\"S\",$B47=0),SUBSTITUTE(OFFSET($A47,-1,0),IF($D47=\"Serviço\",\".\",\"\"),\"\"),ROW(A47)-ROW($A$15)&\".\"))","v":"31"},{"$f":"OFFSET(ORÇAMENTO!C$15,ROW(B47)-ROW(B$15),0)","v":"S"},{"$f":"OFFSET(ORÇAMENTO!L$15,ROW(C47)-ROW(C$15),0)","v":"F"},{"$f":"OFFSET(ORÇAMENTO!N$15,ROW(D47)-ROW(D$15),0)","v":"Serviço"},{"$f":"OFFSET(ORÇAMENTO!O$15,ROW(E47)-ROW(E$15),0)","v":"1.3.1."},{"$f":"OFFSET(ORÇAMENTO!R$15,ROW(F47)-ROW(F$15),0)","v":"ALVENARIA BLOCOS CERÂMICOS APARENTE (ESPESSURA DE 14 CM), PARA PAREDES COM VÃOS, UTILIZANDO PALHETA E ARGAMASSA DE ASSENTAMENTO COM PREPARO EM BETONEIRA"},{"$f":"IF($D47<>\"Serviço\",\"\",OFFSET(ORÇAMENTO!S$15,ROW(G47)-ROW(G$15),0))","v":"M2"},{"$f":"IF($D47<>\"Serviço\",0,IF(ACOMPANHAMENTO=\"BM\",ROUND(OFFSET(ORÇAMENTO!AJ$15,ROW(H47)-ROW(H$15),0),15-13*ORÇAMENTO!$AF$7),SUMPRODUCT(($Q$12:$AA$12<>\"\")*ROUND($Q47:$AA47,15-13*ORÇAMENTO!$AF$7))))","v":338.84},null,null,null,".",{"$f":"IF($D47<>\"Serviço\",\"\",IF(AUTOEVENTO=\"manual\",$A47,IF(ISERROR(MATCH($A47,$A$15:OFFSET($A47,-1,0),0)),MAX($M$15:OFFSET(M47,-1,0))+1,INDEX($M$15:OFFSET(M47,-1,0),MATCH($A47,$A$15:OFFSET($A47,-1,0),0)))))","v":4},{"$f":"IF($D47<>\"Serviço\",\"\",IF(AUTOEVENTO=\"Manual\",IF($A47=0,\"<-- defina o número do agrupador\",OFFSET(EVENTOS!$D$14,$A47,0)),OFFSET($F$15,$A47,0)))","v":"ALVENARIA, REVESTIMENTO E PINTURA"},null,null,null,null,null,null,null,null,null,null,null,null,null,{"$f":"IF(AND($D47=\"Serviço\",AB$12<>0,$H47>0,OR(AUTOEVENTO<>\"manual\",$M47<>1)),ROUND(OFFSET($P47,0,AB$13),15-13*ORÇAMENTO!$AF$7)/$H47*OFFSET(ORÇAMENTO!$X$15,ROW(AB47)-ROW(AB$15),0),0)","v":0},{"$f":"IF(AND($D47=\"Serviço\",AC$12<>0,$H47>0,OR(AUTOEVENTO<>\"manual\",$M47<>1)),ROUND(OFFSET($P47,0,AC$13),15-13*ORÇAMENTO!$AF$7)/$H47*OFFSET(ORÇAMENTO!$X$15,ROW(AC47)-ROW(AC$15),0),0)","v":0},{"$f":"IF(AND($D47=\"Serviço\",AD$12<>0,$H47>0,OR(AUTOEVENTO<>\"manual\",$M47<>1)),ROUND(OFFSET($P47,0,AD$13),15-13*ORÇAMENTO!$AF$7)/$H47*OFFSET(ORÇAMENTO!$X$15,ROW(AD47)-ROW(AD$15),0),0)","v":0},{"$f":"IF(AND($D47=\"Serviço\",AE$12<>0,$H47>0,OR(AUTOEVENTO<>\"manual\",$M47<>1)),ROUND(OFFSET($P47,0,AE$13),15-13*ORÇAMENTO!$AF$7)/$H47*OFFSET(ORÇAMENTO!$X$15,ROW(AE47)-ROW(AE$15),0),0)","v":0},{"$f":"IF(AND($D47=\"Serviço\",AF$12<>0,$H47>0,OR(AUTOEVENTO<>\"manual\",$M47<>1)),ROUND(OFFSET($P47,0,AF$13),15-13*ORÇAMENTO!$AF$7)/$H47*OFFSET(ORÇAMENTO!$X$15,ROW(AF47)-ROW(AF$15),0),0)","v":0},{"$f":"IF(AND($D47=\"Serviço\",AG$12<>0,$H47>0,OR(AUTOEVENTO<>\"manual\",$M47<>1)),ROUND(OFFSET($P47,0,AG$13),15-13*ORÇAMENTO!$AF$7)/$H47*OFFSET(ORÇAMENTO!$X$15,ROW(AG47)-ROW(AG$15),0),0)","v":0},{"$f":"IF(AND($D47=\"Serviço\",AH$12<>0,$H47>0,OR(AUTOEVENTO<>\"manual\",$M47<>1)),ROUND(OFFSET($P47,0,AH$13),15-13*ORÇAMENTO!$AF$7)/$H47*OFFSET(ORÇAMENTO!$X$15,ROW(AH47)-ROW(AH$15),0),0)","v":0},{"$f":"IF(AND($D47=\"Serviço\",AI$12<>0,$H47>0,OR(AUTOEVENTO<>\"manual\",$M47<>1)),ROUND(OFFSET($P47,0,AI$13),15-13*ORÇAMENTO!$AF$7)/$H47*OFFSET(ORÇAMENTO!$X$15,ROW(AI47)-ROW(AI$15),0),0)","v":0},{"$f":"IF(AND($D47=\"Serviço\",AJ$12<>0,$H47>0,OR(AUTOEVENTO<>\"manual\",$M47<>1)),ROUND(OFFSET($P47,0,AJ$13),15-13*ORÇAMENTO!$AF$7)/$H47*OFFSET(ORÇAMENTO!$X$15,ROW(AJ47)-ROW(AJ$15),0),0)","v":0},{"$f":"IF(AND($D47=\"Serviço\",AK$12<>0,$H47>0,OR(AUTOEVENTO<>\"manual\",$M47<>1)),ROUND(OFFSET($P47,0,AK$13),15-13*ORÇAMENTO!$AF$7)/$H47*OFFSET(ORÇAMENTO!$X$15,ROW(AK47)-ROW(AK$15),0),0)","v":0},null,{"$f":"IF($D47<>\"Serviço\",0,IF(AND(AUTOEVENTO=\"Manual\",$M47=1),0,IF(OFFSET(CRONOPLE!$F$14,$M47,AM$13)=\"\",10^12,OFFSET(CRONOPLE!$F$14,$M47,AM$13))))","v":1000000000000},{"$f":"IF($D47<>\"Serviço\",0,IF(AND(AUTOEVENTO=\"Manual\",$M47=1),0,IF(OFFSET(CRONOPLE!$F$14,$M47,AN$13)=\"\",10^12,OFFSET(CRONOPLE!$F$14,$M47,AN$13))))","v":1000000000000},{"$f":"IF($D47<>\"Serviço\",0,IF(AND(AUTOEVENTO=\"Manual\",$M47=1),0,IF(OFFSET(CRONOPLE!$F$14,$M47,AO$13)=\"\",10^12,OFFSET(CRONOPLE!$F$14,$M47,AO$13))))","v":1000000000000},{"$f":"IF($D47<>\"Serviço\",0,IF(AND(AUTOEVENTO=\"Manual\",$M47=1),0,IF(OFFSET(CRONOPLE!$F$14,$M47,AP$13)=\"\",10^12,OFFSET(CRONOPLE!$F$14,$M47,AP$13))))","v":1000000000000},{"$f":"IF($D47<>\"Serviço\",0,IF(AND(AUTOEVENTO=\"Manual\",$M47=1),0,IF(OFFSET(CRONOPLE!$F$14,$M47,AQ$13)=\"\",10^12,OFFSET(CRONOPLE!$F$14,$M47,AQ$13))))","v":1000000000000},{"$f":"IF($D47<>\"Serviço\",0,IF(AND(AUTOEVENTO=\"Manual\",$M47=1),0,IF(OFFSET(CRONOPLE!$F$14,$M47,AR$13)=\"\",10^12,OFFSET(CRONOPLE!$F$14,$M47,AR$13))))","v":1000000000000},{"$f":"IF($D47<>\"Serviço\",0,IF(AND(AUTOEVENTO=\"Manual\",$M47=1),0,IF(OFFSET(CRONOPLE!$F$14,$M47,AS$13)=\"\",10^12,OFFSET(CRONOPLE!$F$14,$M47,AS$13))))","v":1000000000000},{"$f":"IF($D47<>\"Serviço\",0,IF(AND(AUTOEVENTO=\"Manual\",$M47=1),0,IF(OFFSET(CRONOPLE!$F$14,$M47,AT$13)=\"\",10^12,OFFSET(CRONOPLE!$F$14,$M47,AT$13))))","v":1000000000000},{"$f":"IF($D47<>\"Serviço\",0,IF(AND(AUTOEVENTO=\"Manual\",$M47=1),0,IF(OFFSET(CRONOPLE!$F$14,$M47,AU$13)=\"\",10^12,OFFSET(CRONOPLE!$F$14,$M47,AU$13))))","v":1000000000000},{"$f":"IF($D47<>\"Serviço\",0,IF(AND(AUTOEVENTO=\"Manual\",$M47=1),0,IF(OFFSET(CRONOPLE!$F$14,$M47,AV$13)=\"\",10^12,OFFSET(CRONOPLE!$F$14,$M47,AV$13))))","v":1000000000000},null,{"$f":"IF($D47<>\"Serviço\",0,IF(OR(AND(AUTOEVENTO=\"Manual\",$M47=1),$M47>(ROW(PLE.lastrow)-ROW(PLE.firstrow))),0,IF(OFFSET(PLE!$G$14,$M47,AX$13)=\"\",10^12,OFFSET(PLE!$G$14,$M47,AX$13))))","v":1000000000000},{"$f":"IF($D47<>\"Serviço\",0,IF(OR(AND(AUTOEVENTO=\"Manual\",$M47=1),$M47>(ROW(PLE.lastrow)-ROW(PLE.firstrow))),0,IF(OFFSET(PLE!$G$14,$M47,AY$13)=\"\",10^12,OFFSET(PLE!$G$14,$M47,AY$13))))","v":1000000000000},{"$f":"IF($D47<>\"Serviço\",0,IF(OR(AND(AUTOEVENTO=\"Manual\",$M47=1),$M47>(ROW(PLE.lastrow)-ROW(PLE.firstrow))),0,IF(OFFSET(PLE!$G$14,$M47,AZ$13)=\"\",10^12,OFFSET(PLE!$G$14,$M47,AZ$13))))","v":1000000000000},{"$f":"IF($D47<>\"Serviço\",0,IF(OR(AND(AUTOEVENTO=\"Manual\",$M47=1),$M47>(ROW(PLE.lastrow)-ROW(PLE.firstrow))),0,IF(OFFSET(PLE!$G$14,$M47,BA$13)=\"\",10^12,OFFSET(PLE!$G$14,$M47,BA$13))))","v":1000000000000},{"$f":"IF($D47<>\"Serviço\",0,IF(OR(AND(AUTOEVENTO=\"Manual\",$M47=1),$M47>(ROW(PLE.lastrow)-ROW(PLE.firstrow))),0,IF(OFFSET(PLE!$G$14,$M47,BB$13)=\"\",10^12,OFFSET(PLE!$G$14,$M47,BB$13))))","v":1000000000000},{"$f":"IF($D47<>\"Serviço\",0,IF(OR(AND(AUTOEVENTO=\"Manual\",$M47=1),$M47>(ROW(PLE.lastrow)-ROW(PLE.firstrow))),0,IF(OFFSET(PLE!$G$14,$M47,BC$13)=\"\",10^12,OFFSET(PLE!$G$14,$M47,BC$13))))","v":1000000000000},{"$f":"IF($D47<>\"Serviço\",0,IF(OR(AND(AUTOEVENTO=\"Manual\",$M47=1),$M47>(ROW(PLE.lastrow)-ROW(PLE.firstrow))),0,IF(OFFSET(PLE!$G$14,$M47,BD$13)=\"\",10^12,OFFSET(PLE!$G$14,$M47,BD$13))))","v":1000000000000},{"$f":"IF($D47<>\"Serviço\",0,IF(OR(AND(AUTOEVENTO=\"Manual\",$M47=1),$M47>(ROW(PLE.lastrow)-ROW(PLE.firstrow))),0,IF(OFFSET(PLE!$G$14,$M47,BE$13)=\"\",10^12,OFFSET(PLE!$G$14,$M47,BE$13))))","v":1000000000000},{"$f":"IF($D47<>\"Serviço\",0,IF(OR(AND(AUTOEVENTO=\"Manual\",$M47=1),$M47>(ROW(PLE.lastrow)-ROW(PLE.firstrow))),0,IF(OFFSET(PLE!$G$14,$M47,BF$13)=\"\",10^12,OFFSET(PLE!$G$14,$M47,BF$13))))","v":1000000000000},{"$f":"IF($D47<>\"Serviço\",0,IF(OR(AND(AUTOEVENTO=\"Manual\",$M47=1),$M47>(ROW(PLE.lastrow)-ROW(PLE.firstrow))),0,IF(OFFSET(PLE!$G$14,$M47,BG$13)=\"\",10^12,OFFSET(PLE!$G$14,$M47,BG$13))))","v":1000000000000}]
["31",{"$f":"OFFSET(ORÇAMENTO!C$15,ROW(B48)-ROW(B$15),0)","v":"S"},{"$f":"OFFSET(ORÇAMENTO!L$15,ROW(C48)-ROW(C$15),0)","v":"F"},{"$f":"OFFSET(ORÇAMENTO!N$15,ROW(D48)-ROW(D$15),0)","v":"Serviço"},{"$f":"OFFSET(ORÇAMENTO!O$15,ROW(E48)-ROW(E$15),0)","v":"1.3.2."},{"$f":"OFFSET(ORÇAMENTO!R$15,ROW(F48)-ROW(F$15),0)","v":"CHAPISCO APLICADO EM ALVENARIAS E ESTRUTURAS DE CONCRETO INTERNAS, ARGAMASSA TRAÇO 1:3 COM PREPARO MECÂNICO"},{"$f":"IF($D48<>\"Serviço\",\"\",OFFSET(ORÇAMENTO!S$15,ROW(G48)-ROW(G$15),0))","v":"M2"},{"$f":"IF($D48<>\"Serviço\",0,IF(ACOMPANHAMENTO=\"BM\",ROUND(OFFSET(ORÇAMENTO!AJ$15,ROW(H48)-ROW(H$15),0),15-13*ORÇAMENTO!$AF$7),SUMPRODUCT(($Q$12:$AA$12<>\"\")*ROUND($Q48:$AA48,15-13*ORÇAMENTO!$AF$7))))","v":45.23},null,null,null,".",{"$f":"IF($D48<>\"Serviço\",\"\",IF(AUTOEVENTO=\"manual\",$A48,IF(ISERROR(MATCH($A48,$A$15:OFFSET($A48,-1,0),0)),MAX($M$15:OFFSET(M48,-1,0))+1,INDEX($M$15:OFFSET(M48,-1,0),MATCH($A48,$A$15:OFFSET($A48,-1,0),0)))))","v":4},{"$f":"IF($D48<>\"Serviço\",\"\",IF(AUTOEVENTO=\"Manual\",IF($A48=0,\"<-- defina o número do agrupador\",OFFSET(EVENTOS!$D$14,$A48,0)),OFFSET($F$15,$A48,0)))","v":"ALVENARIA, REVESTIMENTO E PINTURA"},null,null,null,null,null,null,null,null,null,null,null,null,null,{"$f":"IF(AND($D48=\"Serviço\",AB$12<>0,$H48>0,OR(AUTOEVENTO<>\"manual\",$M48<>1)),ROUND(OFFSET($P48,0,AB$13),15-13*ORÇAMENTO!$AF$7)/$H48*OFFSET(ORÇAMENTO!$X$15,ROW(AB48)-ROW(AB$15),0),0)","v":0},{"$f":"IF(AND($D48=\"Serviço\",AC$12<>0,$H48>0,OR(AUTOEVENTO<>\"manual\",$M48<>1)),ROUND(OFFSET($P48,0,AC$13),15-13*ORÇAMENTO!$AF$7)/$H48*OFFSET(ORÇAMENTO!$X$15,ROW(AC48)-ROW(AC$15),0),0)","v":0},{"$f":"IF(AND($D48=\"Serviço\",AD$12<>0,$H48>0,OR(AUTOEVENTO<>\"manual\",$M48<>1)),ROUND(OFFSET($P48,0,AD$13),15-13*ORÇAMENTO!$AF$7)/$H48*OFFSET(ORÇAMENTO!$X$15,ROW(AD48)-ROW(AD$15),0),0)","v":0},{"$f":"IF(AND($D48=\"Serviço\",AE$12<>0,$H48>0,OR(AUTOEVENTO<>\"manual\",$M48<>1)),ROUND(OFFSET($P48,0,AE$13),15-13*ORÇAMENTO!$AF$7)/$H48*OFFSET(ORÇAMENTO!$X$15,ROW(AE48)-ROW(AE$15),0),0)","v":0},{"$f":"IF(AND($D48=\"Serviço\",AF$12<>0,$H48>0,OR(AUTOEVENTO<>\"manual\",$M48<>1)),ROUND(OFFSET($P48,0,AF$13),15-13*ORÇAMENTO!$AF$7)/$H48*OFFSET(ORÇAMENTO!$X$15,ROW(AF48)-ROW(AF$15),0),0)","v":0},{"$f":"IF(AND($D48=\"Serviço\",AG$12<>0,$H48>0,OR(AUTOEVENTO<>\"manual\",$M48<>1)),ROUND(OFFSET($P48,0,AG$13),15-13*ORÇAMENTO!$AF$7)/$H48*OFFSET(ORÇAMENTO!$X$15,ROW(AG48)-ROW(AG$15),0),0)","v":0},{"$f":"IF(AND($D48=\"Serviço\",AH$12<>0,$H48>0,OR(AUTOEVENTO<>\"manual\",$M48<>1)),ROUND(OFFSET($P48,0,AH$13),15-13*ORÇAMENTO!$AF$7)/$H48*OFFSET(ORÇAMENTO!$X$15,ROW(AH48)-ROW(AH$15),0),0)","v":0},{"$f":"IF(AND($D48=\"Serviço\",AI$12<>0,$H48>0,OR(AUTOEVENTO<>\"manual\",$M48<>1)),ROUND(OFFSET($P48,0,AI$13),15-13*ORÇAMENTO!$AF$7)/$H48*OFFSET(ORÇAMENTO!$X$15,ROW(AI48)-ROW(AI$15),0),0)","v":0},{"$f":"IF(AND($D48=\"Serviço\",AJ$12<>0,$H48>0,OR(AUTOEVENTO<>\"manual\",$M48<>1)),ROUND(OFFSET($P48,0,AJ$13),15-13*ORÇAMENTO!$AF$7)/$H48*OFFSET(ORÇAMENTO!$X$15,ROW(AJ48)-ROW(AJ$15),0),0)","v":0},{"$f":"IF(AND($D48=\"Serviço\",AK$12<>0,$H48>0,OR(AUTOEVENTO<>\"manual\",$M48<>1)),ROUND(OFFSET($P48,0,AK$13),15-13*ORÇAMENTO!$AF$7)/$H48*OFFSET(ORÇAMENTO!$X$15,ROW(AK48)-ROW(AK$15),0),0)","v":0},null,{"$f":"IF($D48<>\"Serviço\",0,IF(AND(AUTOEVENTO=\"Manual\",$M48=1),0,IF(OFFSET(CRONOPLE!$F$14,$M48,AM$13)=\"\",10^12,OFFSET(CRONOPLE!$F$14,$M48,AM$13))))","v":1000000000000},{"$f":"IF($D48<>\"Serviço\",0,IF(AND(AUTOEVENTO=\"Manual\",$M48=1),0,IF(OFFSET(CRONOPLE!$F$14,$M48,AN$13)=\"\",10^12,OFFSET(CRONOPLE!$F$14,$M48,AN$13))))","v":1000000000000},{"$f":"IF($D48<>\"Serviço\",0,IF(AND(AUTOEVENTO=\"Manual\",$M48=1),0,IF(OFFSET(CRONOPLE!$F$14,$M48,AO$13)=\"\",10^12,OFFSET(CRONOPLE!$F$14,$M48,AO$13))))","v":1000000000000},{"$f":"IF($D48<>\"Serviço\",0,IF(AND(AUTOEVENTO=\"Manual\",$M48=1),0,IF(OFFSET(CRONOPLE!$F$14,$M48,AP$13)=\"\",10^12,OFFSET(CRONOPLE!$F$14,$M48,AP$13))))","v":1000000000000},{"$f":"IF($D48<>\"Serviço\",0,IF(AND(AUTOEVENTO=\"Manual\",$M48=1),0,IF(OFFSET(CRONOPLE!$F$14,$M48,AQ$13)=\"\",10^12,OFFSET(CRONOPLE!$F$14,$M48,AQ$13))))","v":1000000000000},{"$f":"IF($D48<>\"Serviço\",0,IF(AND(AUTOEVENTO=\"Manual\",$M48=1),0,IF(OFFSET(CRONOPLE!$F$14,$M48,AR$13)=\"\",10^12,OFFSET(CRONOPLE!$F$14,$M48,AR$13))))","v":1000000000000},{"$f":"IF($D48<>\"Serviço\",0,IF(AND(AUTOEVENTO=\"Manual\",$M48=1),0,IF(OFFSET(CRONOPLE!$F$14,$M48,AS$13)=\"\",10^12,OFFSET(CRONOPLE!$F$14,$M48,AS$13))))","v":1000000000000},{"$f":"IF($D48<>\"Serviço\",0,IF(AND(AUTOEVENTO=\"Manual\",$M48=1),0,IF(OFFSET(CRONOPLE!$F$14,$M48,AT$13)=\"\",10^12,OFFSET(CRONOPLE!$F$14,$M48,AT$13))))","v":1000000000000},{"$f":"IF($D48<>\"Serviço\",0,IF(AND(AUTOEVENTO=\"Manual\",$M48=1),0,IF(OFFSET(CRONOPLE!$F$14,$M48,AU$13)=\"\",10^12,OFFSET(CRONOPLE!$F$14,$M48,AU$13))))","v":1000000000000},{"$f":"IF($D48<>\"Serviço\",0,IF(AND(AUTOEVENTO=\"Manual\",$M48=1),0,IF(OFFSET(CRONOPLE!$F$14,$M48,AV$13)=\"\",10^12,OFFSET(CRONOPLE!$F$14,$M48,AV$13))))","v":1000000000000},null,{"$f":"IF($D48<>\"Serviço\",0,IF(OR(AND(AUTOEVENTO=\"Manual\",$M48=1),$M48>(ROW(PLE.lastrow)-ROW(PLE.firstrow))),0,IF(OFFSET(PLE!$G$14,$M48,AX$13)=\"\",10^12,OFFSET(PLE!$G$14,$M48,AX$13))))","v":1000000000000},{"$f":"IF($D48<>\"Serviço\",0,IF(OR(AND(AUTOEVENTO=\"Manual\",$M48=1),$M48>(ROW(PLE.lastrow)-ROW(PLE.firstrow))),0,IF(OFFSET(PLE!$G$14,$M48,AY$13)=\"\",10^12,OFFSET(PLE!$G$14,$M48,AY$13))))","v":1000000000000},{"$f":"IF($D48<>\"Serviço\",0,IF(OR(AND(AUTOEVENTO=\"Manual\",$M48=1),$M48>(ROW(PLE.lastrow)-ROW(PLE.firstrow))),0,IF(OFFSET(PLE!$G$14,$M48,AZ$13)=\"\",10^12,OFFSET(PLE!$G$14,$M48,AZ$13))))","v":1000000000000},{"$f":"IF($D48<>\"Serviço\",0,IF(OR(AND(AUTOEVENTO=\"Manual\",$M48=1),$M48>(ROW(PLE.lastrow)-ROW(PLE.firstrow))),0,IF(OFFSET(PLE!$G$14,$M48,BA$13)=\"\",10^12,OFFSET(PLE!$G$14,$M48,BA$13))))","v":1000000000000},{"$f":"IF($D48<>\"Serviço\",0,IF(OR(AND(AUTOEVENTO=\"Manual\",$M48=1),$M48>(ROW(PLE.lastrow)-ROW(PLE.firstrow))),0,IF(OFFSET(PLE!$G$14,$M48,BB$13)=\"\",10^12,OFFSET(PLE!$G$14,$M48,BB$13))))","v":1000000000000},{"$f":"IF($D48<>\"Serviço\",0,IF(OR(AND(AUTOEVENTO=\"Manual\",$M48=1),$M48>(ROW(PLE.lastrow)-ROW(PLE.firstrow))),0,IF(OFFSET(PLE!$G$14,$M48,BC$13)=\"\",10^12,OFFSET(PLE!$G$14,$M48,BC$13))))","v":1000000000000},{"$f":"IF($D48<>\"Serviço\",0,IF(OR(AND(AUTOEVENTO=\"Manual\",$M48=1),$M48>(ROW(PLE.lastrow)-ROW(PLE.firstrow))),0,IF(OFFSET(PLE!$G$14,$M48,BD$13)=\"\",10^12,OFFSET(PLE!$G$14,$M48,BD$13))))","v":1000000000000},{"$f":"IF($D48<>\"Serviço\",0,IF(OR(AND(AUTOEVENTO=\"Manual\",$M48=1),$M48>(ROW(PLE.lastrow)-ROW(PLE.firstrow))),0,IF(OFFSET(PLE!$G$14,$M48,BE$13)=\"\",10^12,OFFSET(PLE!$G$14,$M48,BE$13))))","v":1000000000000},{"$f":"IF($D48<>\"Serviço\",0,IF(OR(AND(AUTOEVENTO=\"Manual\",$M48=1),$M48>(ROW(PLE.lastrow)-ROW(PLE.firstrow))),0,IF(OFFSET(PLE!$G$14,$M48,BF$13)=\"\",10^12,OFFSET(PLE!$G$14,$M48,BF$13))))","v":1000000000000},{"$f":"IF($D48<>\"Serviço\",0,IF(OR(AND(AUTOEVENTO=\"Manual\",$M48=1),$M48>(ROW(PLE.lastrow)-ROW(PLE.firstrow))),0,IF(OFFSET(PLE!$G$14,$M48,BG$13)=\"\",10^12,OFFSET(PLE!$G$14,$M48,BG$13))))","v":1000000000000}]
["31",{"$f":"OFFSET(ORÇAMENTO!C$15,ROW(B49)-ROW(B$15),0)","v":"S"},{"$f":"OFFSET(ORÇAMENTO!L$15,ROW(C49)-ROW(C$15),0)","v":"F"},{"$f":"OFFSET(ORÇAMENTO!N$15,ROW(D49)-ROW(D$15),0)","v":"Serviço"},{"$f":"OFFSET(ORÇAMENTO!O$15,ROW(E49)-ROW(E$15),0)","v":"1.3.3."},{"$f":"OFFSET(ORÇAMENTO!R$15,ROW(F49)-ROW(F$15),0)","v":"EMBOÇO, PARA RECEBIMENTO DE CERÂMICA, EM ARGAMASSA TRAÇO 1:2:8, PREPARO MECÂNICO, APLICADO MANUALMENTE EM FACES INTERNAS DE PAREDES, ESPESSURA DE 20MM, COM EXECUÇÃO DE TALISCAS"},{"$f":"IF($D49<>\"Serviço\",\"\",OFFSET(ORÇAMENTO!S$15,ROW(G49)-ROW(G$15),0))","v":"M2"},{"$f":"IF($D49<>\"Serviço\",0,IF(ACOMPANHAMENTO=\"BM\",ROUND(OFFSET(ORÇAMENTO!AJ$15,ROW(H49)-ROW(H$15),0),15-13*ORÇAMENTO!$AF$7),SUMPRODUCT(($Q$12:$AA$12<>\"\")*ROUND($Q49:$AA49,15-13*ORÇAMENTO!$AF$7))))","v":45.23},null,null,null,".",{"$f":"IF($D49<>\"Serviço\",\"\",IF(AUTOEVENTO=\"manual\",$A49,IF(ISERROR(MATCH($A49,$A$15:OFFSET($A49,-1,0),0)),MAX($M$15:OFFSET(M49,-1,0))+1,INDEX($M$15:OFFSET(M49,-1,0),MATCH($A49,$A$15:OFFSET($A49,-1,0),0)))))","v":4},{"$f":"IF($D49<>\"Serviço\",\"\",IF(AUTOEVENTO=\"Manual\",IF($A49=0,\"<-- defina o número do agrupador\",OFFSET(EVENTOS!$D$14,$A49,0)),OFFSET($F$15,$A49,0)))","v":"ALVENARIA, REVESTIMENTO E PINTURA"},null,null,null,null,null,null,null,null,null,null,null,null,null,{"$f":"IF(AND($D49=\"Serviço\",AB$12<>0,$H49>0,OR(AUTOEVENTO<>\"manual\",$M49<>1)),ROUND(OFFSET($P49,0,AB$13),15-13*ORÇAMENTO!$AF$7)/$H49*OFFSET(ORÇAMENTO!$X$15,ROW(AB49)-ROW(AB$15),0),0)","v":0},{"$f":"IF(AND($D49=\"Serviço\",AC$12<>0,$H49>0,OR(AUTOEVENTO<>\"manual\",$M49<>1)),ROUND(OFFSET($P49,0,AC$13),15-13*ORÇAMENTO!$AF$7)/$H49*OFFSET(ORÇAMENTO!$X$15,ROW(AC49)-ROW(AC$15),0),0)","v":0},{"$f":"IF(AND($D49=\"Serviço\",AD$12<>0,$H49>0,OR(AUTOEVENTO<>\"manual\",$M49<>1)),ROUND(OFFSET($P49,0,AD$13),15-13*ORÇAMENTO!$AF$7)/$H49*OFFSET(ORÇAMENTO!$X$15,ROW(AD49)-ROW(AD$15),0),0)","v":0},{"$f":"IF(AND($D49=\"Serviço\",AE$12<>0,$H49>0,OR(AUTOEVENTO<>\"manual\",$M49<>1)),ROUND(OFFSET($P49,0,AE$13),15-13*ORÇAMENTO!$AF$7)/$H49*OFFSET(ORÇAMENTO!$X$15,ROW(AE49)-ROW(AE$15),0),0)","v":0},{"$f":"IF(AND($D49=\"Serviço\",AF$12<>0,$H49>0,OR(AUTOEVENTO<>\"manual\",$M49<>1)),ROUND(OFFSET($P49,0,AF$13),15-13*ORÇAMENTO!$AF$7)/$H49*OFFSET(ORÇAMENTO!$X$15,ROW(AF49)-ROW(AF$15),0),0)","v":0},{"$f":"IF(AND($D49=\"Serviço\",AG$12<>0,$H49>0,OR(AUTOEVENTO<>\"manual\",$M49<>1)),ROUND(OFFSET($P49,0,AG$13),15-13*ORÇAMENTO!$AF$7)/$H49*OFFSET(ORÇAMENTO!$X$15,ROW(AG49)-ROW(AG$15),0),0)","v":0},{"$f":"IF(AND($D49=\"Serviço\",AH$12<>0,$H49>0,OR(AUTOEVENTO<>\"manual\",$M49<>1)),ROUND(OFFSET($P49,0,AH$13),15-13*ORÇAMENTO!$AF$7)/$H49*OFFSET(ORÇAMENTO!$X$15,ROW(AH49)-ROW(AH$15),0),0)","v":0},{"$f":"IF(AND($D49=\"Serviço\",AI$12<>0,$H49>0,OR(AUTOEVENTO<>\"manual\",$M49<>1)),ROUND(OFFSET($P49,0,AI$13),15-13*ORÇAMENTO!$AF$7)/$H49*OFFSET(ORÇAMENTO!$X$15,ROW(AI49)-ROW(AI$15),0),0)","v":0},{"$f":"IF(AND($D49=\"Serviço\",AJ$12<>0,$H49>0,OR(AUTOEVENTO<>\"manual\",$M49<>1)),ROUND(OFFSET($P49,0,AJ$13),15-13*ORÇAMENTO!$AF$7)/$H49*OFFSET(ORÇAMENTO!$X$15,ROW(AJ49)-ROW(AJ$15),0),0)","v":0},{"$f":"IF(AND($D49=\"Serviço\",AK$12<>0,$H49>0,OR(AUTOEVENTO<>\"manual\",$M49<>1)),ROUND(OFFSET($P49,0,AK$13),15-13*ORÇAMENTO!$AF$7)/$H49*OFFSET(ORÇAMENTO!$X$15,ROW(AK49)-ROW(AK$15),0),0)","v":0},null,{"$f":"IF($D49<>\"Serviço\",0,IF(AND(AUTOEVENTO=\"Manual\",$M49=1),0,IF(OFFSET(CRONOPLE!$F$14,$M49,AM$13)=\"\",10^12,OFFSET(CRONOPLE!$F$14,$M49,AM$13))))","v":1000000000000},{"$f":"IF($D49<>\"Serviço\",0,IF(AND(AUTOEVENTO=\"Manual\",$M49=1),0,IF(OFFSET(CRONOPLE!$F$14,$M49,AN$13)=\"\",10^12,OFFSET(CRONOPLE!$F$14,$M49,AN$13))))","v":1000000000000},{"$f":"IF($D49<>\"Serviço\",0,IF(AND(AUTOEVENTO=\"Manual\",$M49=1),0,IF(OFFSET(CRONOPLE!$F$14,$M49,AO$13)=\"\",10^12,OFFSET(CRONOPLE!$F$14,$M49,AO$13))))","v":1000000000000},{"$f":"IF($D49<>\"Serviço\",0,IF(AND(AUTOEVENTO=\"Manual\",$M49=1),0,IF(OFFSET(CRONOPLE!$F$14,$M49,AP$13)=\"\",10^12,OFFSET(CRONOPLE!$F$14,$M49,AP$13))))","v":1000000000000},{"$f":"IF($D49<>\"Serviço\",0,IF(AND(AUTOEVENTO=\"Manual\",$M49=1),0,IF(OFFSET(CRONOPLE!$F$14,$M49,AQ$13)=\"\",10^12,OFFSET(CRONOPLE!$F$14,$M49,AQ$13))))","v":1000000000000},{"$f":"IF($D49<>\"Serviço\",0,IF(AND(AUTOEVENTO=\"Manual\",$M49=1),0,IF(OFFSET(CRONOPLE!$F$14,$M49,AR$13)=\"\",10^12,OFFSET(CRONOPLE!$F$14,$M49,AR$13))))","v":1000000000000},{"$f":"IF($D49<>\"Serviço\",0,IF(AND(AUTOEVENTO=\"Manual\",$M49=1),0,IF(OFFSET(CRONOPLE!$F$14,$M49,AS$13)=\"\",10^12,OFFSET(CRONOPLE!$F$14,$M49,AS$13))))","v":1000000000000},{"$f":"IF($D49<>\"Serviço\",0,IF(AND(AUTOEVENTO=\"Manual\",$M49=1),0,IF(OFFSET(CRONOPLE!$F$14,$M49,AT$13)=\"\",10^12,OFFSET(CRONOPLE!$F$14,$M49,AT$13))))","v":1000000000000},{"$f":"IF($D49<>\"Serviço\",0,IF(AND(AUTOEVENTO=\"Manual\",$M49=1),0,IF(OFFSET(CRONOPLE!$F$14,$M49,AU$13)=\"\",10^12,OFFSET(CRONOPLE!$F$14,$M49,AU$13))))","v":1000000000000},{"$f":"IF($D49<>\"Serviço\",0,IF(AND(AUTOEVENTO=\"Manual\",$M49=1),0,IF(OFFSET(CRONOPLE!$F$14,$M49,AV$13)=\"\",10^12,OFFSET(CRONOPLE!$F$14,$M49,AV$13))))","v":1000000000000},null,{"$f":"IF($D49<>\"Serviço\",0,IF(OR(AND(AUTOEVENTO=\"Manual\",$M49=1),$M49>(ROW(PLE.lastrow)-ROW(PLE.firstrow))),0,IF(OFFSET(PLE!$G$14,$M49,AX$13)=\"\",10^12,OFFSET(PLE!$G$14,$M49,AX$13))))","v":1000000000000},{"$f":"IF($D49<>\"Serviço\",0,IF(OR(AND(AUTOEVENTO=\"Manual\",$M49=1),$M49>(ROW(PLE.lastrow)-ROW(PLE.firstrow))),0,IF(OFFSET(PLE!$G$14,$M49,AY$13)=\"\",10^12,OFFSET(PLE!$G$14,$M49,AY$13))))","v":1000000000000},{"$f":"IF($D49<>\"Serviço\",0,IF(OR(AND(AUTOEVENTO=\"Manual\",$M49=1),$M49>(ROW(PLE.lastrow)-ROW(PLE.firstrow))),0,IF(OFFSET(PLE!$G$14,$M49,AZ$13)=\"\",10^12,OFFSET(PLE!$G$14,$M49,AZ$13))))","v":1000000000000},{"$f":"IF($D49<>\"Serviço\",0,IF(OR(AND(AUTOEVENTO=\"Manual\",$M49=1),$M49>(ROW(PLE.lastrow)-ROW(PLE.firstrow))),0,IF(OFFSET(PLE!$G$14,$M49,BA$13)=\"\",10^12,OFFSET(PLE!$G$14,$M49,BA$13))))","v":1000000000000},{"$f":"IF($D49<>\"Serviço\",0,IF(OR(AND(AUTOEVENTO=\"Manual\",$M49=1),$M49>(ROW(PLE.lastrow)-ROW(PLE.firstrow))),0,IF(OFFSET(PLE!$G$14,$M49,BB$13)=\"\",10^12,OFFSET(PLE!$G$14,$M49,BB$13))))","v":1000000000000},{"$f":"IF($D49<>\"Serviço\",0,IF(OR(AND(AUTOEVENTO=\"Manual\",$M49=1),$M49>(ROW(PLE.lastrow)-ROW(PLE.firstrow))),0,IF(OFFSET(PLE!$G$14,$M49,BC$13)=\"\",10^12,OFFSET(PLE!$G$14,$M49,BC$13))))","v":1000000000000},{"$f":"IF($D49<>\"Serviço\",0,IF(OR(AND(AUTOEVENTO=\"Manual\",$M49=1),$M49>(ROW(PLE.lastrow)-ROW(PLE.firstrow))),0,IF(OFFSET(PLE!$G$14,$M49,BD$13)=\"\",10^12,OFFSET(PLE!$G$14,$M49,BD$13))))","v":1000000000000},{"$f":"IF($D49<>\"Serviço\",0,IF(OR(AND(AUTOEVENTO=\"Manual\",$M49=1),$M49>(ROW(PLE.lastrow)-ROW(PLE.firstrow))),0,IF(OFFSET(PLE!$G$14,$M49,BE$13)=\"\",10^12,OFFSET(PLE!$G$14,$M49,BE$13))))","v":1000000000000},{"$f":"IF($D49<>\"Serviço\",0,IF(OR(AND(AUTOEVENTO=\"Manual\",$M49=1),$M49>(ROW(PLE.lastrow)-ROW(PLE.firstrow))),0,IF(OFFSET(PLE!$G$14,$M49,BF$13)=\"\",10^12,OFFSET(PLE!$G$14,$M49,BF$13))))","v":1000000000000},{"$f":"IF($D49<>\"Serviço\",0,IF(OR(AND(AUTOEVENTO=\"Manual\",$M49=1),$M49>(ROW(PLE.lastrow)-ROW(PLE.firstrow))),0,IF(OFFSET(PLE!$G$14,$M49,BG$13)=\"\",10^12,OFFSET(PLE!$G$14,$M49,BG$13))))","v":1000000000000}]
["31",{"$f":"OFFSET(ORÇAMENTO!C$15,ROW(B50)-ROW(B$15),0)","v":"S"},{"$f":"OFFSET(ORÇAMENTO!L$15,ROW(C50)-ROW(C$15),0)","v":"F"},{"$f":"OFFSET(ORÇAMENTO!N$15,ROW(D50)-ROW(D$15),0)","v":"Serviço"},{"$f":"OFFSET(ORÇAMENTO!O$15,ROW(E50)-ROW(E$15),0)","v":"1.3.4."},{"$f":"OFFSET(ORÇAMENTO!R$15,ROW(F50)-ROW(F$15),0)","v":"REVESTIMENTO CERÂMICO PARA PAREDES INTERNAS COM PLACAS TIPO ESMALTADA EXTRA DE DIMENSÕES 33X45 CM"},{"$f":"IF($D50<>\"Serviço\",\"\",OFFSET(ORÇAMENTO!S$15,ROW(G50)-ROW(G$15),0))","v":"M2"},{"$f":"IF($D50<>\"Serviço\",0,IF(ACOMPANHAMENTO=\"BM\",ROUND(OFFSET(ORÇAMENTO!AJ$15,ROW(H50)-ROW(H$15),0),15-13*ORÇAMENTO!$AF$7),SUMPRODUCT(($Q$12:$AA$12<>\"\")*ROUND($Q50:$AA50,15-13*ORÇAMENTO!$AF$7))))","v":45.23},null,null,null,".",{"$f":"IF($D50<>\"Serviço\",\"\",IF(AUTOEVENTO=\"manual\",$A50,IF(ISERROR(MATCH($A50,$A$15:OFFSET($A50,-1,0),0)),MAX($M$15:OFFSET(M50,-1,0))+1,INDEX($M$15:OFFSET(M50,-1,0),MATCH($A50,$A$15:OFFSET($A50,-1,0),0)))))","v":4},{"$f":"IF($D50<>\"Serviço\",\"\",IF(AUTOEVENTO=\"Manual\",IF($A50=0,\"<-- defina o número do agrupador\",OFFSET(EVENTOS!$D$14,$A50,0)),OFFSET($F$15,$A50,0)))","v":"ALVENARIA, REVESTIMENTO E PINTURA"},null,null,null,null,null,null,null,null,null,null,null,null,null,{"$f":"IF(AND($D50=\"Serviço\",AB$12<>0,$H50>0,OR(AUTOEVENTO<>\"manual\",$M50<>1)),ROUND(OFFSET($P50,0,AB$13),15-13*ORÇAMENTO!$AF$7)/$H50*OFFSET(ORÇAMENTO!$X$15,ROW(AB50)-ROW(AB$15),0),0)","v":0},{"$f":"IF(AND($D50=\"Serviço\",AC$12<>0,$H50>0,OR(AUTOEVENTO<>\"manual\",$M50<>1)),ROUND(OFFSET($P50,0,AC$13),15-13*ORÇAMENTO!$AF$7)/$H50*OFFSET(ORÇAMENTO!$X$15,ROW(AC50)-ROW(AC$15),0),0)","v":0},{"$f":"IF(AND($D50=\"Serviço\",AD$12<>0,$H50>0,OR(AUTOEVENTO<>\"manual\",$M50<>1)),ROUND(OFFSET($P50,0,AD$13),15-13*ORÇAMENTO!$AF$7)/$H50*OFFSET(ORÇAMENTO!$X$15,ROW(AD50)-ROW(AD$15),0),0)","v":0},{"$f":"IF(AND($D50=\"Serviço\",AE$12<>0,$H50>0,OR(AUTOEVENTO<>\"manual\",$M50<>1)),ROUND(OFFSET($P50,0,AE$13),15-13*ORÇAMENTO!$AF$7)/$H50*OFFSET(ORÇAMENTO!$X$15,ROW(AE50)-ROW(AE$15),0),0)","v":0},{"$f":"IF(AND($D50=\"Serviço\",AF$12<>0,$H50>0,OR(AUTOEVENTO<>\"manual\",$M50<>1)),ROUND(OFFSET($P50,0,AF$13),15-13*ORÇAMENTO!$AF$7)/$H50*OFFSET(ORÇAMENTO!$X$15,ROW(AF50)-ROW(AF$15),0),0)","v":0},{"$f":"IF(AND($D50=\"Serviço\",AG$12<>0,$H50>0,OR(AUTOEVENTO<>\"manual\",$M50<>1)),ROUND(OFFSET($P50,0,AG$13),15-13*ORÇAMENTO!$AF$7)/$H50*OFFSET(ORÇAMENTO!$X$15,ROW(AG50)-ROW(AG$15),0),0)","v":0},{"$f":"IF(AND($D50=\"Serviço\",AH$12<>0,$H50>0,OR(AUTOEVENTO<>\"manual\",$M50<>1)),ROUND(OFFSET($P50,0,AH$13),15-13*ORÇAMENTO!$AF$7)/$H50*OFFSET(ORÇAMENTO!$X$15,ROW(AH50)-ROW(AH$15),0),0)","v":0},{"$f":"IF(AND($D50=\"Serviço\",AI$12<>0,$H50>0,OR(AUTOEVENTO<>\"manual\",$M50<>1)),ROUND(OFFSET($P50,0,AI$13),15-13*ORÇAMENTO!$AF$7)/$H50*OFFSET(ORÇAMENTO!$X$15,ROW(AI50)-ROW(AI$15),0),0)","v":0},{"$f":"IF(AND($D50=\"Serviço\",AJ$12<>0,$H50>0,OR(AUTOEVENTO<>\"manual\",$M50<>1)),ROUND(OFFSET($P50,0,AJ$13),15-13*ORÇAMENTO!$AF$7)/$H50*OFFSET(ORÇAMENTO!$X$15,ROW(AJ50)-ROW(AJ$15),0),0)","v":0},{"$f":"IF(AND($D50=\"Serviço\",AK$12<>0,$H50>0,OR(AUTOEVENTO<>\"manual\",$M50<>1)),ROUND(OFFSET($P50,0,AK$13),15-13*ORÇAMENTO!$AF$7)/$H50*OFFSET(ORÇAMENTO!$X$15,ROW(AK50)-ROW(AK$15),0),0)","v":0},null,{"$f":"IF($D50<>\"Serviço\",0,IF(AND(AUTOEVENTO=\"Manual\",$M50=1),0,IF(OFFSET(CRONOPLE!$F$14,$M50,AM$13)=\"\",10^12,OFFSET(CRONOPLE!$F$14,$M50,AM$13))))","v":1000000000000},{"$f":"IF($D50<>\"Serviço\",0,IF(AND(AUTOEVENTO=\"Manual\",$M50=1),0,IF(OFFSET(CRONOPLE!$F$14,$M50,AN$13)=\"\",10^12,OFFSET(CRONOPLE!$F$14,$M50,AN$13))))","v":1000000000000},{"$f":"IF($D50<>\"Serviço\",0,IF(AND(AUTOEVENTO=\"Manual\",$M50=1),0,IF(OFFSET(CRONOPLE!$F$14,$M50,AO$13)=\"\",10^12,OFFSET(CRONOPLE!$F$14,$M50,AO$13))))","v":1000000000000},{"$f":"IF($D50<>\"Serviço\",0,IF(AND(AUTOEVENTO=\"Manual\",$M50=1),0,IF(OFFSET(CRONOPLE!$F$14,$M50,AP$13)=\"\",10^12,OFFSET(CRONOPLE!$F$14,$M50,AP$13))))","v":1000000000000},{"$f":"IF($D50<>\"Serviço\",0,IF(AND(AUTOEVENTO=\"Manual\",$M50=1),0,IF(OFFSET(CRONOPLE!$F$14,$M50,AQ$13)=\"\",10^12,OFFSET(CRONOPLE!$F$14,$M50,AQ$13))))","v":1000000000000},{"$f":"IF($D50<>\"Serviço\",0,IF(AND(AUTOEVENTO=\"Manual\",$M50=1),0,IF(OFFSET(CRONOPLE!$F$14,$M50,AR$13)=\"\",10^12,OFFSET(CRONOPLE!$F$14,$M50,AR$13))))","v":1000000000000},{"$f":"IF($D50<>\"Serviço\",0,IF(AND(AUTOEVENTO=\"Manual\",$M50=1),0,IF(OFFSET(CRONOPLE!$F$14,$M50,AS$13)=\"\",10^12,OFFSET(CRONOPLE!$F$14,$M50,AS$13))))","v":1000000000000},{"$f":"IF($D50<>\"Serviço\",0,IF(AND(AUTOEVENTO=\"Manual\",$M50=1),0,IF(OFFSET(CRONOPLE!$F$14,$M50,AT$13)=\"\",10^12,OFFSET(CRONOPLE!$F$14,$M50,AT$13))))","v":1000000000000},{"$f":"IF($D50<>\"Serviço\",0,IF(AND(AUTOEVENTO=\"Manual\",$M50=1),0,IF(OFFSET(CRONOPLE!$F$14,$M50,AU$13)=\"\",10^12,OFFSET(CRONOPLE!$F$14,$M50,AU$13))))","v":1000000000000},{"$f":"IF($D50<>\"Serviço\",0,IF(AND(AUTOEVENTO=\"Manual\",$M50=1),0,IF(OFFSET(CRONOPLE!$F$14,$M50,AV$13)=\"\",10^12,OFFSET(CRONOPLE!$F$14,$M50,AV$13))))","v":1000000000000},null,{"$f":"IF($D50<>\"Serviço\",0,IF(OR(AND(AUTOEVENTO=\"Manual\",$M50=1),$M50>(ROW(PLE.lastrow)-ROW(PLE.firstrow))),0,IF(OFFSET(PLE!$G$14,$M50,AX$13)=\"\",10^12,OFFSET(PLE!$G$14,$M50,AX$13))))","v":1000000000000},{"$f":"IF($D50<>\"Serviço\",0,IF(OR(AND(AUTOEVENTO=\"Manual\",$M50=1),$M50>(ROW(PLE.lastrow)-ROW(PLE.firstrow))),0,IF(OFFSET(PLE!$G$14,$M50,AY$13)=\"\",10^12,OFFSET(PLE!$G$14,$M50,AY$13))))","v":1000000000000},{"$f":"IF($D50<>\"Serviço\",0,IF(OR(AND(AUTOEVENTO=\"Manual\",$M50=1),$M50>(ROW(PLE.lastrow)-ROW(PLE.firstrow))),0,IF(OFFSET(PLE!$G$14,$M50,AZ$13)=\"\",10^12,OFFSET(PLE!$G$14,$M50,AZ$13))))","v":1000000000000},{"$f":"IF($D50<>\"Serviço\",0,IF(OR(AND(AUTOEVENTO=\"Manual\",$M50=1),$M50>(ROW(PLE.lastrow)-ROW(PLE.firstrow))),0,IF(OFFSET(PLE!$G$14,$M50,BA$13)=\"\",10^12,OFFSET(PLE!$G$14,$M50,BA$13))))","v":1000000000000},{"$f":"IF($D50<>\"Serviço\",0,IF(OR(AND(AUTOEVENTO=\"Manual\",$M50=1),$M50>(ROW(PLE.lastrow)-ROW(PLE.firstrow))),0,IF(OFFSET(PLE!$G$14,$M50,BB$13)=\"\",10^12,OFFSET(PLE!$G$14,$M50,BB$13))))","v":1000000000000},{"$f":"IF($D50<>\"Serviço\",0,IF(OR(AND(AUTOEVENTO=\"Manual\",$M50=1),$M50>(ROW(PLE.lastrow)-ROW(PLE.firstrow))),0,IF(OFFSET(PLE!$G$14,$M50,BC$13)=\"\",10^12,OFFSET(PLE!$G$14,$M50,BC$13))))","v":1000000000000},{"$f":"IF($D50<>\"Serviço\",0,IF(OR(AND(AUTOEVENTO=\"Manual\",$M50=1),$M50>(ROW(PLE.lastrow)-ROW(PLE.firstrow))),0,IF(OFFSET(PLE!$G$14,$M50,BD$13)=\"\",10^12,OFFSET(PLE!$G$14,$M50,BD$13))))","v":1000000000000},{"$f":"IF($D50<>\"Serviço\",0,IF(OR(AND(AUTOEVENTO=\"Manual\",$M50=1),$M50>(ROW(PLE.lastrow)-ROW(PLE.firstrow))),0,IF(OFFSET(PLE!$G$14,$M50,BE$13)=\"\",10^12,OFFSET(PLE!$G$14,$M50,BE$13))))","v":1000000000000},{"$f":"IF($D50<>\"Serviço\",0,IF(OR(AND(AUTOEVENTO=\"Manual\",$M50=1),$M50>(ROW(PLE.lastrow)-ROW(PLE.firstrow))),0,IF(OFFSET(PLE!$G$14,$M50,BF$13)=\"\",10^12,OFFSET(PLE!$G$14,$M50,BF$13))))","v":1000000000000},{"$f":"IF($D50<>\"Serviço\",0,IF(OR(AND(AUTOEVENTO=\"Manual\",$M50=1),$M50>(ROW(PLE.lastrow)-ROW(PLE.firstrow))),0,IF(OFFSET(PLE!$G$14,$M50,BG$13)=\"\",10^12,OFFSET(PLE!$G$14,$M50,BG$13))))","v":1000000000000}]
["31",{"$f":"OFFSET(ORÇAMENTO!C$15,ROW(B51)-ROW(B$15),0)","v":"S"},{"$f":"OFFSET(ORÇAMENTO!L$15,ROW(C51)-ROW(C$15),0)","v":"F"},{"$f":"OFFSET(ORÇAMENTO!N$15,ROW(D51)-ROW(D$15),0)","v":"Serviço"},{"$f":"OFFSET(ORÇAMENTO!O$15,ROW(E51)-ROW(E$15),0)","v":"1.3.5."},{"$f":"OFFSET(ORÇAMENTO!R$15,ROW(F51)-ROW(F$15),0)","v":"APLICAÇÃO DE FUNDO SELADOR ACRÍLICO EM TETO, UMA DEMÃO. AF_06/2014"},{"$f":"IF($D51<>\"Serviço\",\"\",OFFSET(ORÇAMENTO!S$15,ROW(G51)-ROW(G$15),0))","v":"M2"},{"$f":"IF($D51<>\"Serviço\",0,IF(ACOMPANHAMENTO=\"BM\",ROUND(OFFSET(ORÇAMENTO!AJ$15,ROW(H51)-ROW(H$15),0),15-13*ORÇAMENTO!$AF$7),SUMPRODUCT(($Q$12:$AA$12<>\"\")*ROUND($Q51:$AA51,15-13*ORÇAMENTO!$AF$7))))","v":71.39},null,null,null,".",{"$f":"IF($D51<>\"Serviço\",\"\",IF(AUTOEVENTO=\"manual\",$A51,IF(ISERROR(MATCH($A51,$A$15:OFFSET($A51,-1,0),0)),MAX($M$15:OFFSET(M51,-1,0))+1,INDEX($M$15:OFFSET(M51,-1,0),MATCH($A51,$A$15:OFFSET($A51,-1,0),0)))))","v":4},{"$f":"IF($D51<>\"Serviço\",\"\",IF(AUTOEVENTO=\"Manual\",IF($A51=0,\"<-- defina o número do agrupador\",OFFSET(EVENTOS!$D$14,$A51,0)),OFFSET($F$15,$A51,0)))","v":"ALVENARIA, REVESTIMENTO E PINTURA"},null,null,null,null,null,null,null,null,null,null,null,null,null,{"$f":"IF(AND($D51=\"Serviço\",AB$12<>0,$H51>0,OR(AUTOEVENTO<>\"manual\",$M51<>1)),ROUND(OFFSET($P51,0,AB$13),15-13*ORÇAMENTO!$AF$7)/$H51*OFFSET(ORÇAMENTO!$X$15,ROW(AB51)-ROW(AB$15),0),0)","v":0},{"$f":"IF(AND($D51=\"Serviço\",AC$12<>0,$H51>0,OR(AUTOEVENTO<>\"manual\",$M51<>1)),ROUND(OFFSET($P51,0,AC$13),15-13*ORÇAMENTO!$AF$7)/$H51*OFFSET(ORÇAMENTO!$X$15,ROW(AC51)-ROW(AC$15),0),0)","v":0},{"$f":"IF(AND($D51=\"Serviço\",AD$12<>0,$H51>0,OR(AUTOEVENTO<>\"manual\",$M51<>1)),ROUND(OFFSET($P51,0,AD$13),15-13*ORÇAMENTO!$AF$7)/$H51*OFFSET(ORÇAMENTO!$X$15,ROW(AD51)-ROW(AD$15),0),0)","v":0},{"$f":"IF(AND($D51=\"Serviço\",AE$12<>0,$H51>0,OR(AUTOEVENTO<>\"manual\",$M51<>1)),ROUND(OFFSET($P51,0,AE$13),15-13*ORÇAMENTO!$AF$7)/$H51*OFFSET(ORÇAMENTO!$X$15,ROW(AE51)-ROW(AE$15),0),0)","v":0},{"$f":"IF(AND($D51=\"Serviço\",AF$12<>0,$H51>0,OR(AUTOEVENTO<>\"manual\",$M51<>1)),ROUND(OFFSET($P51,0,AF$13),15-13*ORÇAMENTO!$AF$7)/$H51*OFFSET(ORÇAMENTO!$X$15,ROW(AF51)-ROW(AF$15),0),0)","v":0},{"$f":"IF(AND($D51=\"Serviço\",AG$12<>0,$H51>0,OR(AUTOEVENTO<>\"manual\",$M51<>1)),ROUND(OFFSET($P51,0,AG$13),15-13*ORÇAMENTO!$AF$7)/$H51*OFFSET(ORÇAMENTO!$X$15,ROW(AG51)-ROW(AG$15),0),0)","v":0},{"$f":"IF(AND($D51=\"Serviço\",AH$12<>0,$H51>0,OR(AUTOEVENTO<>\"manual\",$M51<>1)),ROUND(OFFSET($P51,0,AH$13),15-13*ORÇAMENTO!$AF$7)/$H51*OFFSET(ORÇAMENTO!$X$15,ROW(AH51)-ROW(AH$15),0),0)","v":0},{"$f":"IF(AND($D51=\"Serviço\",AI$12<>0,$H51>0,OR(AUTOEVENTO<>\"manual\",$M51<>1)),ROUND(OFFSET($P51,0,AI$13),15-13*ORÇAMENTO!$AF$7)/$H51*OFFSET(ORÇAMENTO!$X$15,ROW(AI51)-ROW(AI$15),0),0)","v":0},{"$f":"IF(AND($D51=\"Serviço\",AJ$12<>0,$H51>0,OR(AUTOEVENTO<>\"manual\",$M51<>1)),ROUND(OFFSET($P51,0,AJ$13),15-13*ORÇAMENTO!$AF$7)/$H51*OFFSET(ORÇAMENTO!$X$15,ROW(AJ51)-ROW(AJ$15),0),0)","v":0},{"$f":"IF(AND($D51=\"Serviço\",AK$12<>0,$H51>0,OR(AUTOEVENTO<>\"manual\",$M51<>1)),ROUND(OFFSET($P51,0,AK$13),15-13*ORÇAMENTO!$AF$7)/$H51*OFFSET(ORÇAMENTO!$X$15,ROW(AK51)-ROW(AK$15),0),0)","v":0},null,{"$f":"IF($D51<>\"Serviço\",0,IF(AND(AUTOEVENTO=\"Manual\",$M51=1),0,IF(OFFSET(CRONOPLE!$F$14,$M51,AM$13)=\"\",10^12,OFFSET(CRONOPLE!$F$14,$M51,AM$13))))","v":1000000000000},{"$f":"IF($D51<>\"Serviço\",0,IF(AND(AUTOEVENTO=\"Manual\",$M51=1),0,IF(OFFSET(CRONOPLE!$F$14,$M51,AN$13)=\"\",10^12,OFFSET(CRONOPLE!$F$14,$M51,AN$13))))","v":1000000000000},{"$f":"IF($D51<>\"Serviço\",0,IF(AND(AUTOEVENTO=\"Manual\",$M51=1),0,IF(OFFSET(CRONOPLE!$F$14,$M51,AO$13)=\"\",10^12,OFFSET(CRONOPLE!$F$14,$M51,AO$13))))","v":1000000000000},{"$f":"IF($D51<>\"Serviço\",0,IF(AND(AUTOEVENTO=\"Manual\",$M51=1),0,IF(OFFSET(CRONOPLE!$F$14,$M51,AP$13)=\"\",10^12,OFFSET(CRONOPLE!$F$14,$M51,AP$13))))","v":1000000000000},{"$f":"IF($D51<>\"Serviço\",0,IF(AND(AUTOEVENTO=\"Manual\",$M51=1),0,IF(OFFSET(CRONOPLE!$F$14,$M51,AQ$13)=\"\",10^12,OFFSET(CRONOPLE!$F$14,$M51,AQ$13))))","v":1000000000000},{"$f":"IF($D51<>\"Serviço\",0,IF(AND(AUTOEVENTO=\"Manual\",$M51=1),0,IF(OFFSET(CRONOPLE!$F$14,$M51,AR$13)=\"\",10^12,OFFSET(CRONOPLE!$F$14,$M51,AR$13))))","v":1000000000000},{"$f":"IF($D51<>\"Serviço\",0,IF(AND(AUTOEVENTO=\"Manual\",$M51=1),0,IF(OFFSET(CRONOPLE!$F$14,$M51,AS$13)=\"\",10^12,OFFSET(CRONOPLE!$F$14,$M51,AS$13))))","v":1000000000000},{"$f":"IF($D51<>\"Serviço\",0,IF(AND(AUTOEVENTO=\"Manual\",$M51=1),0,IF(OFFSET(CRONOPLE!$F$14,$M51,AT$13)=\"\",10^12,OFFSET(CRONOPLE!$F$14,$M51,AT$13))))","v":1000000000000},{"$f":"IF($D51<>\"Serviço\",0,IF(AND(AUTOEVENTO=\"Manual\",$M51=1),0,IF(OFFSET(CRONOPLE!$F$14,$M51,AU$13)=\"\",10^12,OFFSET(CRONOPLE!$F$14,$M51,AU$13))))","v":1000000000000},{"$f":"IF($D51<>\"Serviço\",0,IF(AND(AUTOEVENTO=\"Manual\",$M51=1),0,IF(OFFSET(CRONOPLE!$F$14,$M51,AV$13)=\"\",10^12,OFFSET(CRONOPLE!$F$14,$M51,AV$13))))","v":1000000000000},null,{"$f":"IF($D51<>\"Serviço\",0,IF(OR(AND(AUTOEVENTO=\"Manual\",$M51=1),$M51>(ROW(PLE.lastrow)-ROW(PLE.firstrow))),0,IF(OFFSET(PLE!$G$14,$M51,AX$13)=\"\",10^12,OFFSET(PLE!$G$14,$M51,AX$13))))","v":1000000000000},{"$f":"IF($D51<>\"Serviço\",0,IF(OR(AND(AUTOEVENTO=\"Manual\",$M51=1),$M51>(ROW(PLE.lastrow)-ROW(PLE.firstrow))),0,IF(OFFSET(PLE!$G$14,$M51,AY$13)=\"\",10^12,OFFSET(PLE!$G$14,$M51,AY$13))))","v":1000000000000},{"$f":"IF($D51<>\"Serviço\",0,IF(OR(AND(AUTOEVENTO=\"Manual\",$M51=1),$M51>(ROW(PLE.lastrow)-ROW(PLE.firstrow))),0,IF(OFFSET(PLE!$G$14,$M51,AZ$13)=\"\",10^12,OFFSET(PLE!$G$14,$M51,AZ$13))))","v":1000000000000},{"$f":"IF($D51<>\"Serviço\",0,IF(OR(AND(AUTOEVENTO=\"Manual\",$M51=1),$M51>(ROW(PLE.lastrow)-ROW(PLE.firstrow))),0,IF(OFFSET(PLE!$G$14,$M51,BA$13)=\"\",10^12,OFFSET(PLE!$G$14,$M51,BA$13))))","v":1000000000000},{"$f":"IF($D51<>\"Serviço\",0,IF(OR(AND(AUTOEVENTO=\"Manual\",$M51=1),$M51>(ROW(PLE.lastrow)-ROW(PLE.firstrow))),0,IF(OFFSET(PLE!$G$14,$M51,BB$13)=\"\",10^12,OFFSET(PLE!$G$14,$M51,BB$13))))","v":1000000000000},{"$f":"IF($D51<>\"Serviço\",0,IF(OR(AND(AUTOEVENTO=\"Manual\",$M51=1),$M51>(ROW(PLE.lastrow)-ROW(PLE.firstrow))),0,IF(OFFSET(PLE!$G$14,$M51,BC$13)=\"\",10^12,OFFSET(PLE!$G$14,$M51,BC$13))))","v":1000000000000},{"$f":"IF($D51<>\"Serviço\",0,IF(OR(AND(AUTOEVENTO=\"Manual\",$M51=1),$M51>(ROW(PLE.lastrow)-ROW(PLE.firstrow))),0,IF(OFFSET(PLE!$G$14,$M51,BD$13)=\"\",10^12,OFFSET(PLE!$G$14,$M51,BD$13))))","v":1000000000000},{"$f":"IF($D51<>\"Serviço\",0,IF(OR(AND(AUTOEVENTO=\"Manual\",$M51=1),$M51>(ROW(PLE.lastrow)-ROW(PLE.firstrow))),0,IF(OFFSET(PLE!$G$14,$M51,BE$13)=\"\",10^12,OFFSET(PLE!$G$14,$M51,BE$13))))","v":1000000000000},{"$f":"IF($D51<>\"Serviço\",0,IF(OR(AND(AUTOEVENTO=\"Manual\",$M51=1),$M51>(ROW(PLE.lastrow)-ROW(PLE.firstrow))),0,IF(OFFSET(PLE!$G$14,$M51,BF$13)=\"\",10^12,OFFSET(PLE!$G$14,$M51,BF$13))))","v":1000000000000},{"$f":"IF($D51<>\"Serviço\",0,IF(OR(AND(AUTOEVENTO=\"Manual\",$M51=1),$M51>(ROW(PLE.lastrow)-ROW(PLE.firstrow))),0,IF(OFFSET(PLE!$G$14,$M51,BG$13)=\"\",10^12,OFFSET(PLE!$G$14,$M51,BG$13))))","v":1000000000000}]
["31",{"$f":"OFFSET(ORÇAMENTO!C$15,ROW(B52)-ROW(B$15),0)","v":"S"},{"$f":"OFFSET(ORÇAMENTO!L$15,ROW(C52)-ROW(C$15),0)","v":"F"},{"$f":"OFFSET(ORÇAMENTO!N$15,ROW(D52)-ROW(D$15),0)","v":"Serviço"},{"$f":"OFFSET(ORÇAMENTO!O$15,ROW(E52)-ROW(E$15),0)","v":"1.3.6."},{"$f":"OFFSET(ORÇAMENTO!R$15,ROW(F52)-ROW(F$15),0)","v":"APLICAÇÃO MANUAL DE PINTURA COM TINTA LÁTEX ACRÍLICA EM TETO, DUAS DEMÃOS. AF_06/2014"},{"$f":"IF($D52<>\"Serviço\",\"\",OFFSET(ORÇAMENTO!S$15,ROW(G52)-ROW(G$15),0))","v":"M2"},{"$f":"IF($D52<>\"Serviço\",0,IF(ACOMPANHAMENTO=\"BM\",ROUND(OFFSET(ORÇAMENTO!AJ$15,ROW(H52)-ROW(H$15),0),15-13*ORÇAMENTO!$AF$7),SUMPRODUCT(($Q$12:$AA$12<>\"\")*ROUND($Q52:$AA52,15-13*ORÇAMENTO!$AF$7))))","v":71.39},null,null,null,".",{"$f":"IF($D52<>\"Serviço\",\"\",IF(AUTOEVENTO=\"manual\",$A52,IF(ISERROR(MATCH($A52,$A$15:OFFSET($A52,-1,0),0)),MAX($M$15:OFFSET(M52,-1,0))+1,INDEX($M$15:OFFSET(M52,-1,0),MATCH($A52,$A$15:OFFSET($A52,-1,0),0)))))","v":4},{"$f":"IF($D52<>\"Serviço\",\"\",IF(AUTOEVENTO=\"Manual\",IF($A52=0,\"<-- defina o número do agrupador\",OFFSET(EVENTOS!$D$14,$A52,0)),OFFSET($F$15,$A52,0)))","v":"ALVENARIA, REVESTIMENTO E PINTURA"},null,null,null,null,null,null,null,null,null,null,null,null,null,{"$f":"IF(AND($D52=\"Serviço\",AB$12<>0,$H52>0,OR(AUTOEVENTO<>\"manual\",$M52<>1)),ROUND(OFFSET($P52,0,AB$13),15-13*ORÇAMENTO!$AF$7)/$H52*OFFSET(ORÇAMENTO!$X$15,ROW(AB52)-ROW(AB$15),0),0)","v":0},{"$f":"IF(AND($D52=\"Serviço\",AC$12<>0,$H52>0,OR(AUTOEVENTO<>\"manual\",$M52<>1)),ROUND(OFFSET($P52,0,AC$13),15-13*ORÇAMENTO!$AF$7)/$H52*OFFSET(ORÇAMENTO!$X$15,ROW(AC52)-ROW(AC$15),0),0)","v":0},{"$f":"IF(AND($D52=\"Serviço\",AD$12<>0,$H52>0,OR(AUTOEVENTO<>\"manual\",$M52<>1)),ROUND(OFFSET($P52,0,AD$13),15-13*ORÇAMENTO!$AF$7)/$H52*OFFSET(ORÇAMENTO!$X$15,ROW(AD52)-ROW(AD$15),0),0)","v":0},{"$f":"IF(AND($D52=\"Serviço\",AE$12<>0,$H52>0,OR(AUTOEVENTO<>\"manual\",$M52<>1)),ROUND(OFFSET($P52,0,AE$13),15-13*ORÇAMENTO!$AF$7)/$H52*OFFSET(ORÇAMENTO!$X$15,ROW(AE52)-ROW(AE$15),0),0)","v":0},{"$f":"IF(AND($D52=\"Serviço\",AF$12<>0,$H52>0,OR(AUTOEVENTO<>\"manual\",$M52<>1)),ROUND(OFFSET($P52,0,AF$13),15-13*ORÇAMENTO!$AF$7)/$H52*OFFSET(ORÇAMENTO!$X$15,ROW(AF52)-ROW(AF$15),0),0)","v":0},{"$f":"IF(AND($D52=\"Serviço\",AG$12<>0,$H52>0,OR(AUTOEVENTO<>\"manual\",$M52<>1)),ROUND(OFFSET($P52,0,AG$13),15-13*ORÇAMENTO!$AF$7)/$H52*OFFSET(ORÇAMENTO!$X$15,ROW(AG52)-ROW(AG$15),0),0)","v":0},{"$f":"IF(AND($D52=\"Serviço\",AH$12<>0,$H52>0,OR(AUTOEVENTO<>\"manual\",$M52<>1)),ROUND(OFFSET($P52,0,AH$13),15-13*ORÇAMENTO!$AF$7)/$H52*OFFSET(ORÇAMENTO!$X$15,ROW(AH52)-ROW(AH$15),0),0)","v":0},{"$f":"IF(AND($D52=\"Serviço\",AI$12<>0,$H52>0,OR(AUTOEVENTO<>\"manual\",$M52<>1)),ROUND(OFFSET($P52,0,AI$13),15-13*ORÇAMENTO!$AF$7)/$H52*OFFSET(ORÇAMENTO!$X$15,ROW(AI52)-ROW(AI$15),0),0)","v":0},{"$f":"IF(AND($D52=\"Serviço\",AJ$12<>0,$H52>0,OR(AUTOEVENTO<>\"manual\",$M52<>1)),ROUND(OFFSET($P52,0,AJ$13),15-13*ORÇAMENTO!$AF$7)/$H52*OFFSET(ORÇAMENTO!$X$15,ROW(AJ52)-ROW(AJ$15),0),0)","v":0},{"$f":"IF(AND($D52=\"Serviço\",AK$12<>0,$H52>0,OR(AUTOEVENTO<>\"manual\",$M52<>1)),ROUND(OFFSET($P52,0,AK$13),15-13*ORÇAMENTO!$AF$7)/$H52*OFFSET(ORÇAMENTO!$X$15,ROW(AK52)-ROW(AK$15),0),0)","v":0},null,{"$f":"IF($D52<>\"Serviço\",0,IF(AND(AUTOEVENTO=\"Manual\",$M52=1),0,IF(OFFSET(CRONOPLE!$F$14,$M52,AM$13)=\"\",10^12,OFFSET(CRONOPLE!$F$14,$M52,AM$13))))","v":1000000000000},{"$f":"IF($D52<>\"Serviço\",0,IF(AND(AUTOEVENTO=\"Manual\",$M52=1),0,IF(OFFSET(CRONOPLE!$F$14,$M52,AN$13)=\"\",10^12,OFFSET(CRONOPLE!$F$14,$M52,AN$13))))","v":1000000000000},{"$f":"IF($D52<>\"Serviço\",0,IF(AND(AUTOEVENTO=\"Manual\",$M52=1),0,IF(OFFSET(CRONOPLE!$F$14,$M52,AO$13)=\"\",10^12,OFFSET(CRONOPLE!$F$14,$M52,AO$13))))","v":1000000000000},{"$f":"IF($D52<>\"Serviço\",0,IF(AND(AUTOEVENTO=\"Manual\",$M52=1),0,IF(OFFSET(CRONOPLE!$F$14,$M52,AP$13)=\"\",10^12,OFFSET(CRONOPLE!$F$14,$M52,AP$13))))","v":1000000000000},{"$f":"IF($D52<>\"Serviço\",0,IF(AND(AUTOEVENTO=\"Manual\",$M52=1),0,IF(OFFSET(CRONOPLE!$F$14,$M52,AQ$13)=\"\",10^12,OFFSET(CRONOPLE!$F$14,$M52,AQ$13))))","v":1000000000000},{"$f":"IF($D52<>\"Serviço\",0,IF(AND(AUTOEVENTO=\"Manual\",$M52=1),0,IF(OFFSET(CRONOPLE!$F$14,$M52,AR$13)=\"\",10^12,OFFSET(CRONOPLE!$F$14,$M52,AR$13))))","v":1000000000000},{"$f":"IF($D52<>\"Serviço\",0,IF(AND(AUTOEVENTO=\"Manual\",$M52=1),0,IF(OFFSET(CRONOPLE!$F$14,$M52,AS$13)=\"\",10^12,OFFSET(CRONOPLE!$F$14,$M52,AS$13))))","v":1000000000000},{"$f":"IF($D52<>\"Serviço\",0,IF(AND(AUTOEVENTO=\"Manual\",$M52=1),0,IF(OFFSET(CRONOPLE!$F$14,$M52,AT$13)=\"\",10^12,OFFSET(CRONOPLE!$F$14,$M52,AT$13))))","v":1000000000000},{"$f":"IF($D52<>\"Serviço\",0,IF(AND(AUTOEVENTO=\"Manual\",$M52=1),0,IF(OFFSET(CRONOPLE!$F$14,$M52,AU$13)=\"\",10^12,OFFSET(CRONOPLE!$F$14,$M52,AU$13))))","v":1000000000000},{"$f":"IF($D52<>\"Serviço\",0,IF(AND(AUTOEVENTO=\"Manual\",$M52=1),0,IF(OFFSET(CRONOPLE!$F$14,$M52,AV$13)=\"\",10^12,OFFSET(CRONOPLE!$F$14,$M52,AV$13))))","v":1000000000000},null,{"$f":"IF($D52<>\"Serviço\",0,IF(OR(AND(AUTOEVENTO=\"Manual\",$M52=1),$M52>(ROW(PLE.lastrow)-ROW(PLE.firstrow))),0,IF(OFFSET(PLE!$G$14,$M52,AX$13)=\"\",10^12,OFFSET(PLE!$G$14,$M52,AX$13))))","v":1000000000000},{"$f":"IF($D52<>\"Serviço\",0,IF(OR(AND(AUTOEVENTO=\"Manual\",$M52=1),$M52>(ROW(PLE.lastrow)-ROW(PLE.firstrow))),0,IF(OFFSET(PLE!$G$14,$M52,AY$13)=\"\",10^12,OFFSET(PLE!$G$14,$M52,AY$13))))","v":1000000000000},{"$f":"IF($D52<>\"Serviço\",0,IF(OR(AND(AUTOEVENTO=\"Manual\",$M52=1),$M52>(ROW(PLE.lastrow)-ROW(PLE.firstrow))),0,IF(OFFSET(PLE!$G$14,$M52,AZ$13)=\"\",10^12,OFFSET(PLE!$G$14,$M52,AZ$13))))","v":1000000000000},{"$f":"IF($D52<>\"Serviço\",0,IF(OR(AND(AUTOEVENTO=\"Manual\",$M52=1),$M52>(ROW(PLE.lastrow)-ROW(PLE.firstrow))),0,IF(OFFSET(PLE!$G$14,$M52,BA$13)=\"\",10^12,OFFSET(PLE!$G$14,$M52,BA$13))))","v":1000000000000},{"$f":"IF($D52<>\"Serviço\",0,IF(OR(AND(AUTOEVENTO=\"Manual\",$M52=1),$M52>(ROW(PLE.lastrow)-ROW(PLE.firstrow))),0,IF(OFFSET(PLE!$G$14,$M52,BB$13)=\"\",10^12,OFFSET(PLE!$G$14,$M52,BB$13))))","v":1000000000000},{"$f":"IF($D52<>\"Serviço\",0,IF(OR(AND(AUTOEVENTO=\"Manual\",$M52=1),$M52>(ROW(PLE.lastrow)-ROW(PLE.firstrow))),0,IF(OFFSET(PLE!$G$14,$M52,BC$13)=\"\",10^12,OFFSET(PLE!$G$14,$M52,BC$13))))","v":1000000000000},{"$f":"IF($D52<>\"Serviço\",0,IF(OR(AND(AUTOEVENTO=\"Manual\",$M52=1),$M52>(ROW(PLE.lastrow)-ROW(PLE.firstrow))),0,IF(OFFSET(PLE!$G$14,$M52,BD$13)=\"\",10^12,OFFSET(PLE!$G$14,$M52,BD$13))))","v":1000000000000},{"$f":"IF($D52<>\"Serviço\",0,IF(OR(AND(AUTOEVENTO=\"Manual\",$M52=1),$M52>(ROW(PLE.lastrow)-ROW(PLE.firstrow))),0,IF(OFFSET(PLE!$G$14,$M52,BE$13)=\"\",10^12,OFFSET(PLE!$G$14,$M52,BE$13))))","v":1000000000000},{"$f":"IF($D52<>\"Serviço\",0,IF(OR(AND(AUTOEVENTO=\"Manual\",$M52=1),$M52>(ROW(PLE.lastrow)-ROW(PLE.firstrow))),0,IF(OFFSET(PLE!$G$14,$M52,BF$13)=\"\",10^12,OFFSET(PLE!$G$14,$M52,BF$13))))","v":1000000000000},{"$f":"IF($D52<>\"Serviço\",0,IF(OR(AND(AUTOEVENTO=\"Manual\",$M52=1),$M52>(ROW(PLE.lastrow)-ROW(PLE.firstrow))),0,IF(OFFSET(PLE!$G$14,$M52,BG$13)=\"\",10^12,OFFSET(PLE!$G$14,$M52,BG$13))))","v":1000000000000}]
[{"$f":"IF(AUTOEVENTO=\"Manual\",IF(K53<>\"\",MIN(VALUE(LEFT(K53,FIND(\".\",K53)-1)),COUNTA(EVENTOS.Lista)),0),IF(OR($B53>AUTOEVENTO,$B53=\"S\",$B53=0),SUBSTITUTE(OFFSET($A53,-1,0),IF($D53=\"Serviço\",\".\",\"\"),\"\"),ROW(A53)-ROW($A$15)&\".\"))","v":"31"},{"$f":"OFFSET(ORÇAMENTO!C$15,ROW(B53)-ROW(B$15),0)","v":"S"},{"$f":"OFFSET(ORÇAMENTO!L$15,ROW(C53)-ROW(C$15),0)","v":"F"},{"$f":"OFFSET(ORÇAMENTO!N$15,ROW(D53)-ROW(D$15),0)","v":"Serviço"},{"$f":"OFFSET(ORÇAMENTO!O$15,ROW(E53)-ROW(E$15),0)","v":"1.3.7."},{"$f":"OFFSET(ORÇAMENTO!R$15,ROW(F53)-ROW(F$15),0)","v":"PINTURA COM VERNIZ POLIURETANO, 2 DEMAOS"},{"$f":"IF($D53<>\"Serviço\",\"\",OFFSET(ORÇAMENTO!S$15,ROW(G53)-ROW(G$15),0))","v":"M2"},{"$f":"IF($D53<>\"Serviço\",0,IF(ACOMPANHAMENTO=\"BM\",ROUND(OFFSET(ORÇAMENTO!AJ$15,ROW(H53)-ROW(H$15),0),15-13*ORÇAMENTO!$AF$7),SUMPRODUCT(($Q$12:$AA$12<>\"\")*ROUND($Q53:$AA53,15-13*ORÇAMENTO!$AF$7))))","v":904.78},null,null,null,".",{"$f":"IF($D53<>\"Serviço\",\"\",IF(AUTOEVENTO=\"manual\",$A53,IF(ISERROR(MATCH($A53,$A$15:OFFSET($A53,-1,0),0)),MAX($M$15:OFFSET(M53,-1,0))+1,INDEX($M$15:OFFSET(M53,-1,0),MATCH($A53,$A$15:OFFSET($A53,-1,0),0)))))","v":4},{"$f":"IF($D53<>\"Serviço\",\"\",IF(AUTOEVENTO=\"Manual\",IF($A53=0,\"<-- defina o número do agrupador\",OFFSET(EVENTOS!$D$14,$A53,0)),OFFSET($F$15,$A53,0)))","v":"ALVENARIA, REVESTIMENTO E PINTURA"},null,null,null,null,null,null,null,null,null,null,null,null,null,{"$f":"IF(AND($D53=\"Serviço\",AB$12<>0,$H53>0,OR(AUTOEVENTO<>\"manual\",$M53<>1)),ROUND(OFFSET($P53,0,AB$13),15-13*ORÇAMENTO!$AF$7)/$H53*OFFSET(ORÇAMENTO!$X$15,ROW(AB53)-ROW(AB$15),0),0)","v":0},{"$f":"IF(AND($D53=\"Serviço\",AC$12<>0,$H53>0,OR(AUTOEVENTO<>\"manual\",$M53<>1)),ROUND(OFFSET($P53,0,AC$13),15-13*ORÇAMENTO!$AF$7)/$H53*OFFSET(ORÇAMENTO!$X$15,ROW(AC53)-ROW(AC$15),0),0)","v":0},{"$f":"IF(AND($D53=\"Serviço\",AD$12<>0,$H53>0,OR(AUTOEVENTO<>\"manual\",$M53<>1)),ROUND(OFFSET($P53,0,AD$13),15-13*ORÇAMENTO!$AF$7)/$H53*OFFSET(ORÇAMENTO!$X$15,ROW(AD53)-ROW(AD$15),0),0)","v":0},{"$f":"IF(AND($D53=\"Serviço\",AE$12<>0,$H53>0,OR(AUTOEVENTO<>\"manual\",$M53<>1)),ROUND(OFFSET($P53,0,AE$13),15-13*ORÇAMENTO!$AF$7)/$H53*OFFSET(ORÇAMENTO!$X$15,ROW(AE53)-ROW(AE$15),0),0)","v":0},{"$f":"IF(AND($D53=\"Serviço\",AF$12<>0,$H53>0,OR(AUTOEVENTO<>\"manual\",$M53<>1)),ROUND(OFFSET($P53,0,AF$13),15-13*ORÇAMENTO!$AF$7)/$H53*OFFSET(ORÇAMENTO!$X$15,ROW(AF53)-ROW(AF$15),0),0)","v":0},{"$f":"IF(AND($D53=\"Serviço\",AG$12<>0,$H53>0,OR(AUTOEVENTO<>\"manual\",$M53<>1)),ROUND(OFFSET($P53,0,AG$13),15-13*ORÇAMENTO!$AF$7)/$H53*OFFSET(ORÇAMENTO!$X$15,ROW(AG53)-ROW(AG$15),0),0)","v":0},{"$f":"IF(AND($D53=\"Serviço\",AH$12<>0,$H53>0,OR(AUTOEVENTO<>\"manual\",$M53<>1)),ROUND(OFFSET($P53,0,AH$13),15-13*ORÇAMENTO!$AF$7)/$H53*OFFSET(ORÇAMENTO!$X$15,ROW(AH53)-ROW(AH$15),0),0)","v":0},{"$f":"IF(AND($D53=\"Serviço\",AI$12<>0,$H53>0,OR(AUTOEVENTO<>\"manual\",$M53<>1)),ROUND(OFFSET($P53,0,AI$13),15-13*ORÇAMENTO!$AF$7)/$H53*OFFSET(ORÇAMENTO!$X$15,ROW(AI53)-ROW(AI$15),0),0)","v":0},{"$f":"IF(AND($D53=\"Serviço\",AJ$12<>0,$H53>0,OR(AUTOEVENTO<>\"manual\",$M53<>1)),ROUND(OFFSET($P53,0,AJ$13),15-13*ORÇAMENTO!$AF$7)/$H53*OFFSET(ORÇAMENTO!$X$15,ROW(AJ53)-ROW(AJ$15),0),0)","v":0},{"$f":"IF(AND($D53=\"Serviço\",AK$12<>0,$H53>0,OR(AUTOEVENTO<>\"manual\",$M53<>1)),ROUND(OFFSET($P53,0,AK$13),15-13*ORÇAMENTO!$AF$7)/$H53*OFFSET(ORÇAMENTO!$X$15,ROW(AK53)-ROW(AK$15),0),0)","v":0},null,{"$f":"IF($D53<>\"Serviço\",0,IF(AND(AUTOEVENTO=\"Manual\",$M53=1),0,IF(OFFSET(CRONOPLE!$F$14,$M53,AM$13)=\"\",10^12,OFFSET(CRONOPLE!$F$14,$M53,AM$13))))","v":1000000000000},{"$f":"IF($D53<>\"Serviço\",0,IF(AND(AUTOEVENTO=\"Manual\",$M53=1),0,IF(OFFSET(CRONOPLE!$F$14,$M53,AN$13)=\"\",10^12,OFFSET(CRONOPLE!$F$14,$M53,AN$13))))","v":1000000000000},{"$f":"IF($D53<>\"Serviço\",0,IF(AND(AUTOEVENTO=\"Manual\",$M53=1),0,IF(OFFSET(CRONOPLE!$F$14,$M53,AO$13)=\"\",10^12,OFFSET(CRONOPLE!$F$14,$M53,AO$13))))","v":1000000000000},{"$f":"IF($D53<>\"Serviço\",0,IF(AND(AUTOEVENTO=\"Manual\",$M53=1),0,IF(OFFSET(CRONOPLE!$F$14,$M53,AP$13)=\"\",10^12,OFFSET(CRONOPLE!$F$14,$M53,AP$13))))","v":1000000000000},{"$f":"IF($D53<>\"Serviço\",0,IF(AND(AUTOEVENTO=\"Manual\",$M53=1),0,IF(OFFSET(CRONOPLE!$F$14,$M53,AQ$13)=\"\",10^12,OFFSET(CRONOPLE!$F$14,$M53,AQ$13))))","v":1000000000000},{"$f":"IF($D53<>\"Serviço\",0,IF(AND(AUTOEVENTO=\"Manual\",$M53=1),0,IF(OFFSET(CRONOPLE!$F$14,$M53,AR$13)=\"\",10^12,OFFSET(CRONOPLE!$F$14,$M53,AR$13))))","v":1000000000000},{"$f":"IF($D53<>\"Serviço\",0,IF(AND(AUTOEVENTO=\"Manual\",$M53=1),0,IF(OFFSET(CRONOPLE!$F$14,$M53,AS$13)=\"\",10^12,OFFSET(CRONOPLE!$F$14,$M53,AS$13))))","v":1000000000000},{"$f":"IF($D53<>\"Serviço\",0,IF(AND(AUTOEVENTO=\"Manual\",$M53=1),0,IF(OFFSET(CRONOPLE!$F$14,$M53,AT$13)=\"\",10^12,OFFSET(CRONOPLE!$F$14,$M53,AT$13))))","v":1000000000000},{"$f":"IF($D53<>\"Serviço\",0,IF(AND(AUTOEVENTO=\"Manual\",$M53=1),0,IF(OFFSET(CRONOPLE!$F$14,$M53,AU$13)=\"\",10^12,OFFSET(CRONOPLE!$F$14,$M53,AU$13))))","v":1000000000000},{"$f":"IF($D53<>\"Serviço\",0,IF(AND(AUTOEVENTO=\"Manual\",$M53=1),0,IF(OFFSET(CRONOPLE!$F$14,$M53,AV$13)=\"\",10^12,OFFSET(CRONOPLE!$F$14,$M53,AV$13))))","v":1000000000000},null,{"$f":"IF($D53<>\"Serviço\",0,IF(OR(AND(AUTOEVENTO=\"Manual\",$M53=1),$M53>(ROW(PLE.lastrow)-ROW(PLE.firstrow))),0,IF(OFFSET(PLE!$G$14,$M53,AX$13)=\"\",10^12,OFFSET(PLE!$G$14,$M53,AX$13))))","v":1000000000000},{"$f":"IF($D53<>\"Serviço\",0,IF(OR(AND(AUTOEVENTO=\"Manual\",$M53=1),$M53>(ROW(PLE.lastrow)-ROW(PLE.firstrow))),0,IF(OFFSET(PLE!$G$14,$M53,AY$13)=\"\",10^12,OFFSET(PLE!$G$14,$M53,AY$13))))","v":1000000000000},{"$f":"IF($D53<>\"Serviço\",0,IF(OR(AND(AUTOEVENTO=\"Manual\",$M53=1),$M53>(ROW(PLE.lastrow)-ROW(PLE.firstrow))),0,IF(OFFSET(PLE!$G$14,$M53,AZ$13)=\"\",10^12,OFFSET(PLE!$G$14,$M53,AZ$13))))","v":1000000000000},{"$f":"IF($D53<>\"Serviço\",0,IF(OR(AND(AUTOEVENTO=\"Manual\",$M53=1),$M53>(ROW(PLE.lastrow)-ROW(PLE.firstrow))),0,IF(OFFSET(PLE!$G$14,$M53,BA$13)=\"\",10^12,OFFSET(PLE!$G$14,$M53,BA$13))))","v":1000000000000},{"$f":"IF($D53<>\"Serviço\",0,IF(OR(AND(AUTOEVENTO=\"Manual\",$M53=1),$M53>(ROW(PLE.lastrow)-ROW(PLE.firstrow))),0,IF(OFFSET(PLE!$G$14,$M53,BB$13)=\"\",10^12,OFFSET(PLE!$G$14,$M53,BB$13))))","v":1000000000000},{"$f":"IF($D53<>\"Serviço\",0,IF(OR(AND(AUTOEVENTO=\"Manual\",$M53=1),$M53>(ROW(PLE.lastrow)-ROW(PLE.firstrow))),0,IF(OFFSET(PLE!$G$14,$M53,BC$13)=\"\",10^12,OFFSET(PLE!$G$14,$M53,BC$13))))","v":1000000000000},{"$f":"IF($D53<>\"Serviço\",0,IF(OR(AND(AUTOEVENTO=\"Manual\",$M53=1),$M53>(ROW(PLE.lastrow)-ROW(PLE.firstrow))),0,IF(OFFSET(PLE!$G$14,$M53,BD$13)=\"\",10^12,OFFSET(PLE!$G$14,$M53,BD$13))))","v":1000000000000},{"$f":"IF($D53<>\"Serviço\",0,IF(OR(AND(AUTOEVENTO=\"Manual\",$M53=1),$M53>(ROW(PLE.lastrow)-ROW(PLE.firstrow))),0,IF(OFFSET(PLE!$G$14,$M53,BE$13)=\"\",10^12,OFFSET(PLE!$G$14,$M53,BE$13))))","v":1000000000000},{"$f":"IF($D53<>\"Serviço\",0,IF(OR(AND(AUTOEVENTO=\"Manual\",$M53=1),$M53>(ROW(PLE.lastrow)-ROW(PLE.firstrow))),0,IF(OFFSET(PLE!$G$14,$M53,BF$13)=\"\",10^12,OFFSET(PLE!$G$14,$M53,BF$13))))","v":1000000000000},{"$f":"IF($D53<>\"Serviço\",0,IF(OR(AND(AUTOEVENTO=\"Manual\",$M53=1),$M53>(ROW(PLE.lastrow)-ROW(PLE.firstrow))),0,IF(OFFSET(PLE!$G$14,$M53,BG$13)=\"\",10^12,OFFSET(PLE!$G$14,$M53,BG$13))))","v":1000000000000}]
[{"$f":"IF(AUTOEVENTO=\"Manual\",IF(K54<>\"\",MIN(VALUE(LEFT(K54,FIND(\".\",K54)-1)),COUNTA(EVENTOS.Lista)),0),IF(OR($B54>AUTOEVENTO,$B54=\"S\",$B54=0),SUBSTITUTE(OFFSET($A54,-1,0),IF($D54=\"Serviço\",\".\",\"\"),\"\"),ROW(A54)-ROW($A$15)&\".\"))","v":"31"},{"$f":"OFFSET(ORÇAMENTO!C$15,ROW(B54)-ROW(B$15),0)","v":"S"},{"$f":"OFFSET(ORÇAMENTO!L$15,ROW(C54)-ROW(C$15),0)","v":"F"},{"$f":"OFFSET(ORÇAMENTO!N$15,ROW(D54)-ROW(D$15),0)","v":"Serviço"},{"$f":"OFFSET(ORÇAMENTO!O$15,ROW(E54)-ROW(E$15),0)","v":"1.3.8."},{"$f":"OFFSET(ORÇAMENTO!R$15,ROW(F54)-ROW(F$15),0)","v":"TELHAMENTO COM TELHA DE AÇO/ALUMÍNIO E = 0,5 MM, INCLUSO IÇAMENTO"},{"$f":"IF($D54<>\"Serviço\",\"\",OFFSET(ORÇAMENTO!S$15,ROW(G54)-ROW(G$15),0))","v":"M2"},{"$f":"IF($D54<>\"Serviço\",0,IF(ACOMPANHAMENTO=\"BM\",ROUND(OFFSET(ORÇAMENTO!AJ$15,ROW(H54)-ROW(H$15),0),15-13*ORÇAMENTO!$AF$7),SUMPRODUCT(($Q$12:$AA$12<>\"\")*ROUND($Q54:$AA54,15-13*ORÇAMENTO!$AF$7))))","v":311.14},null,null,null,".",{"$f":"IF($D54<>\"Serviço\",\"\",IF(AUTOEVENTO=\"manual\",$A54,IF(ISERROR(MATCH($A54,$A$15:OFFSET($A54,-1,0),0)),MAX($M$15:OFFSET(M54,-1,0))+1,INDEX($M$15:OFFSET(M54,-1,0),MATCH($A54,$A$15:OFFSET($A54,-1,0),0)))))","v":4},{"$f":"IF($D54<>\"Serviço\",\"\",IF(AUTOEVENTO=\"Manual\",IF($A54=0,\"<-- defina o número do agrupador\",OFFSET(EVENTOS!$D$14,$A54,0)),OFFSET($F$15,$A54,0)))","v":"ALVENARIA, REVESTIMENTO E PINTURA"},null,null,null,null,null,null,null,null,null,null,null,null,null,{"$f":"IF(AND($D54=\"Serviço\",AB$12<>0,$H54>0,OR(AUTOEVENTO<>\"manual\",$M54<>1)),ROUND(OFFSET($P54,0,AB$13),15-13*ORÇAMENTO!$AF$7)/$H54*OFFSET(ORÇAMENTO!$X$15,ROW(AB54)-ROW(AB$15),0),0)","v":0},{"$f":"IF(AND($D54=\"Serviço\",AC$12<>0,$H54>0,OR(AUTOEVENTO<>\"manual\",$M54<>1)),ROUND(OFFSET($P54,0,AC$13),15-13*ORÇAMENTO!$AF$7)/$H54*OFFSET(ORÇAMENTO!$X$15,ROW(AC54)-ROW(AC$15),0),0)","v":0},{"$f":"IF(AND($D54=\"Serviço\",AD$12<>0,$H54>0,OR(AUTOEVENTO<>\"manual\",$M54<>1)),ROUND(OFFSET($P54,0,AD$13),15-13*ORÇAMENTO!$AF$7)/$H54*OFFSET(ORÇAMENTO!$X$15,ROW(AD54)-ROW(AD$15),0),0)","v":0},{"$f":"IF(AND($D54=\"Serviço\",AE$12<>0,$H54>0,OR(AUTOEVENTO<>\"manual\",$M54<>1)),ROUND(OFFSET($P54,0,AE$13),15-13*ORÇAMENTO!$AF$7)/$H54*OFFSET(ORÇAMENTO!$X$15,ROW(AE54)-ROW(AE$15),0),0)","v":0},{"$f":"IF(AND($D54=\"Serviço\",AF$12<>0,$H54>0,OR(AUTOEVENTO<>\"manual\",$M54<>1)),ROUND(OFFSET($P54,0,AF$13),15-13*ORÇAMENTO!$AF$7)/$H54*OFFSET(ORÇAMENTO!$X$15,ROW(AF54)-ROW(AF$15),0),0)","v":0},{"$f":"IF(AND($D54=\"Serviço\",AG$12<>0,$H54>0,OR(AUTOEVENTO<>\"manual\",$M54<>1)),ROUND(OFFSET($P54,0,AG$13),15-13*ORÇAMENTO!$AF$7)/$H54*OFFSET(ORÇAMENTO!$X$15,ROW(AG54)-ROW(AG$15),0),0)","v":0},{"$f":"IF(AND($D54=\"Serviço\",AH$12<>0,$H54>0,OR(AUTOEVENTO<>\"manual\",$M54<>1)),ROUND(OFFSET($P54,0,AH$13),15-13*ORÇAMENTO!$AF$7)/$H54*OFFSET(ORÇAMENTO!$X$15,ROW(AH54)-ROW(AH$15),0),0)","v":0},{"$f":"IF(AND($D54=\"Serviço\",AI$12<>0,$H54>0,OR(AUTOEVENTO<>\"manual\",$M54<>1)),ROUND(OFFSET($P54,0,AI$13),15-13*ORÇAMENTO!$AF$7)/$H54*OFFSET(ORÇAMENTO!$X$15,ROW(AI54)-ROW(AI$15),0),0)","v":0},{"$f":"IF(AND($D54=\"Serviço\",AJ$12<>0,$H54>0,OR(AUTOEVENTO<>\"manual\",$M54<>1)),ROUND(OFFSET($P54,0,AJ$13),15-13*ORÇAMENTO!$AF$7)/$H54*OFFSET(ORÇAMENTO!$X$15,ROW(AJ54)-ROW(AJ$15),0),0)","v":0},{"$f":"IF(AND($D54=\"Serviço\",AK$12<>0,$H54>0,OR(AUTOEVENTO<>\"manual\",$M54<>1)),ROUND(OFFSET($P54,0,AK$13),15-13*ORÇAMENTO!$AF$7)/$H54*OFFSET(ORÇAMENTO!$X$15,ROW(AK54)-ROW(AK$15),0),0)","v":0},null,{"$f":"IF($D54<>\"Serviço\",0,IF(AND(AUTOEVENTO=\"Manual\",$M54=1),0,IF(OFFSET(CRONOPLE!$F$14,$M54,AM$13)=\"\",10^12,OFFSET(CRONOPLE!$F$14,$M54,AM$13))))","v":1000000000000},{"$f":"IF($D54<>\"Serviço\",0,IF(AND(AUTOEVENTO=\"Manual\",$M54=1),0,IF(OFFSET(CRONOPLE!$F$14,$M54,AN$13)=\"\",10^12,OFFSET(CRONOPLE!$F$14,$M54,AN$13))))","v":1000000000000},{"$f":"IF($D54<>\"Serviço\",0,IF(AND(AUTOEVENTO=\"Manual\",$M54=1),0,IF(OFFSET(CRONOPLE!$F$14,$M54,AO$13)=\"\",10^12,OFFSET(CRONOPLE!$F$14,$M54,AO$13))))","v":1000000000000},{"$f":"IF($D54<>\"Serviço\",0,IF(AND(AUTOEVENTO=\"Manual\",$M54=1),0,IF(OFFSET(CRONOPLE!$F$14,$M54,AP$13)=\"\",10^12,OFFSET(CRONOPLE!$F$14,$M54,AP$13))))","v":1000000000000},{"$f":"IF($D54<>\"Serviço\",0,IF(AND(AUTOEVENTO=\"Manual\",$M54=1),0,IF(OFFSET(CRONOPLE!$F$14,$M54,AQ$13)=\"\",10^12,OFFSET(CRONOPLE!$F$14,$M54,AQ$13))))","v":1000000000000},{"$f":"IF($D54<>\"Serviço\",0,IF(AND(AUTOEVENTO=\"Manual\",$M54=1),0,IF(OFFSET(CRONOPLE!$F$14,$M54,AR$13)=\"\",10^12,OFFSET(CRONOPLE!$F$14,$M54,AR$13))))","v":1000000000000},{"$f":"IF($D54<>\"Serviço\",0,IF(AND(AUTOEVENTO=\"Manual\",$M54=1),0,IF(OFFSET(CRONOPLE!$F$14,$M54,AS$13)=\"\",10^12,OFFSET(CRONOPLE!$F$14,$M54,AS$13))))","v":1000000000000},{"$f":"IF($D54<>\"Serviço\",0,IF(AND(AUTOEVENTO=\"Manual\",$M54=1),0,IF(OFFSET(CRONOPLE!$F$14,$M54,AT$13)=\"\",10^12,OFFSET(CRONOPLE!$F$14,$M54,AT$13))))","v":1000000000000},{"$f":"IF($D54<>\"Serviço\",0,IF(AND(AUTOEVENTO=\"Manual\",$M54=1),0,IF(OFFSET(CRONOPLE!$F$14,$M54,AU$13)=\"\",10^12,OFFSET(CRONOPLE!$F$14,$M54,AU$13))))","v":1000000000000},{"$f":"IF($D54<>\"Serviço\",0,IF(AND(AUTOEVENTO=\"Manual\",$M54=1),0,IF(OFFSET(CRONOPLE!$F$14,$M54,AV$13)=\"\",10^12,OFFSET(CRONOPLE!$F$14,$M54,AV$13))))","v":1000000000000},null,{"$f":"IF($D54<>\"Serviço\",0,IF(OR(AND(AUTOEVENTO=\"Manual\",$M54=1),$M54>(ROW(PLE.lastrow)-ROW(PLE.firstrow))),0,IF(OFFSET(PLE!$G$14,$M54,AX$13)=\"\",10^12,OFFSET(PLE!$G$14,$M54,AX$13))))","v":1000000000000},{"$f":"IF($D54<>\"Serviço\",0,IF(OR(AND(AUTOEVENTO=\"Manual\",$M54=1),$M54>(ROW(PLE.lastrow)-ROW(PLE.firstrow))),0,IF(OFFSET(PLE!$G$14,$M54,AY$13)=\"\",10^12,OFFSET(PLE!$G$14,$M54,AY$13))))","v":1000000000000},{"$f":"IF($D54<>\"Serviço\",0,IF(OR(AND(AUTOEVENTO=\"Manual\",$M54=1),$M54>(ROW(PLE.lastrow)-ROW(PLE.firstrow))),0,IF(OFFSET(PLE!$G$14,$M54,AZ$13)=\"\",10^12,OFFSET(PLE!$G$14,$M54,AZ$13))))","v":1000000000000},{"$f":"IF($D54<>\"Serviço\",0,IF(OR(AND(AUTOEVENTO=\"Manual\",$M54=1),$M54>(ROW(PLE.lastrow)-ROW(PLE.firstrow))),0,IF(OFFSET(PLE!$G$14,$M54,BA$13)=\"\",10^12,OFFSET(PLE!$G$14,$M54,BA$13))))","v":1000000000000},{"$f":"IF($D54<>\"Serviço\",0,IF(OR(AND(AUTOEVENTO=\"Manual\",$M54=1),$M54>(ROW(PLE.lastrow)-ROW(PLE.firstrow))),0,IF(OFFSET(PLE!$G$14,$M54,BB$13)=\"\",10^12,OFFSET(PLE!$G$14,$M54,BB$13))))","v":1000000000000},{"$f":"IF($D54<>\"Serviço\",0,IF(OR(AND(AUTOEVENTO=\"Manual\",$M54=1),$M54>(ROW(PLE.lastrow)-ROW(PLE.firstrow))),0,IF(OFFSET(PLE!$G$14,$M54,BC$13)=\"\",10^12,OFFSET(PLE!$G$14,$M54,BC$13))))","v":1000000000000},{"$f":"IF($D54<>\"Serviço\",0,IF(OR(AND(AUTOEVENTO=\"Manual\",$M54=1),$M54>(ROW(PLE.lastrow)-ROW(PLE.firstrow))),0,IF(OFFSET(PLE!$G$14,$M54,BD$13)=\"\",10^12,OFFSET(PLE!$G$14,$M54,BD$13))))","v":1000000000000},{"$f":"IF($D54<>\"Serviço\",0,IF(OR(AND(AUTOEVENTO=\"Manual\",$M54=1),$M54>(ROW(PLE.lastrow)-ROW(PLE.firstrow))),0,IF(OFFSET(PLE!$G$14,$M54,BE$13)=\"\",10^12,OFFSET(PLE!$G$14,$M54,BE$13))))","v":1000000000000},{"$f":"IF($D54<>\"Serviço\",0,IF(OR(AND(AUTOEVENTO=\"Manual\",$M54=1),$M54>(ROW(PLE.lastrow)-ROW(PLE.firstrow))),0,IF(OFFSET(PLE!$G$14,$M54,BF$13)=\"\",10^12,OFFSET(PLE!$G$14,$M54,BF$13))))","v":1000000000000},{"$f":"IF($D54<>\"Serviço\",0,IF(OR(AND(AUTOEVENTO=\"Manual\",$M54=1),$M54>(ROW(PLE.lastrow)-ROW(PLE.firstrow))),0,IF(OFFSET(PLE!$G$14,$M54,BG$13)=\"\",10^12,OFFSET(PLE!$G$14,$M54,BG$13))))","v":1000000000000}]
[{"$f":"IF(AUTOEVENTO=\"Manual\",IF(K55<>\"\",MIN(VALUE(LEFT(K55,FIND(\".\",K55)-1)),COUNTA(EVENTOS.Lista)),0),IF(OR($B55>AUTOEVENTO,$B55=\"S\",$B55=0),SUBSTITUTE(OFFSET($A55,-1,0),IF($D55=\"Serviço\",\".\",\"\"),\"\"),ROW(A55)-ROW($A$15)&\".\"))","v":"31"},{"$f":"OFFSET(ORÇAMENTO!C$15,ROW(B55)-ROW(B$15),0)","v":"S"},{"$f":"OFFSET(ORÇAMENTO!L$15,ROW(C55)-ROW(C$15),0)","v":"F"},{"$f":"OFFSET(ORÇAMENTO!N$15,ROW(D55)-ROW(D$15),0)","v":"Serviço"},{"$f":"OFFSET(ORÇAMENTO!O$15,ROW(E55)-ROW(E$15),0)","v":"1.3.9."},{"$f":"OFFSET(ORÇAMENTO!R$15,ROW(F55)-ROW(F$15),0)","v":"ESTRUTURA EM AÇO GALVANIZADO PARA FIXAÇÃO DE TELHA EM FECHAMENTO VERTICAL"},{"$f":"IF($D55<>\"Serviço\",\"\",OFFSET(ORÇAMENTO!S$15,ROW(G55)-ROW(G$15),0))","v":"M²"},{"$f":"IF($D55<>\"Serviço\",0,IF(ACOMPANHAMENTO=\"BM\",ROUND(OFFSET(ORÇAMENTO!AJ$15,ROW(H55)-ROW(H$15),0),15-13*ORÇAMENTO!$AF$7),SUMPRODUCT(($Q$12:$AA$12<>\"\")*ROUND($Q55:$AA55,15-13*ORÇAMENTO!$AF$7))))","v":311.14},null,null,null,".",{"$f":"IF($D55<>\"Serviço\",\"\",IF(AUTOEVENTO=\"manual\",$A55,IF(ISERROR(MATCH($A55,$A$15:OFFSET($A55,-1,0),0)),MAX($M$15:OFFSET(M55,-1,0))+1,INDEX($M$15:OFFSET(M55,-1,0),MATCH($A55,$A$15:OFFSET($A55,-1,0),0)))))","v":4},{"$f":"IF($D55<>\"Serviço\",\"\",IF(AUTOEVENTO=\"Manual\",IF($A55=0,\"<-- defina o número do agrupador\",OFFSET(EVENTOS!$D$14,$A55,0)),OFFSET($F$15,$A55,0)))","v":"ALVENARIA, REVESTIMENTO E PINTURA"},null,null,null,null,null,null,null,null,null,null,null,null,null,{"$f":"IF(AND($D55=\"Serviço\",AB$12<>0,$H55>0,OR(AUTOEVENTO<>\"manual\",$M55<>1)),ROUND(OFFSET($P55,0,AB$13),15-13*ORÇAMENTO!$AF$7)/$H55*OFFSET(ORÇAMENTO!$X$15,ROW(AB55)-ROW(AB$15),0),0)","v":0},{"$f":"IF(AND($D55=\"Serviço\",AC$12<>0,$H55>0,OR(AUTOEVENTO<>\"manual\",$M55<>1)),ROUND(OFFSET($P55,0,AC$13),15-13*ORÇAMENTO!$AF$7)/$H55*OFFSET(ORÇAMENTO!$X$15,ROW(AC55)-ROW(AC$15),0),0)","v":0},{"$f":"IF(AND($D55=\"Serviço\",AD$12<>0,$H55>0,OR(AUTOEVENTO<>\"manual\",$M55<>1)),ROUND(OFFSET($P55,0,AD$13),15-13*ORÇAMENTO!$AF$7)/$H55*OFFSET(ORÇAMENTO!$X$15,ROW(AD55)-ROW(AD$15),0),0)","v":0},{"$f":"IF(AND($D55=\"Serviço\",AE$12<>0,$H55>0,OR(AUTOEVENTO<>\"manual\",$M55<>1)),ROUND(OFFSET($P55,0,AE$13),15-13*ORÇAMENTO!$AF$7)/$H55*OFFSET(ORÇAMENTO!$X$15,ROW(AE55)-ROW(AE$15),0),0)","v":0},{"$f":"IF(AND($D55=\"Serviço\",AF$12<>0,$H55>0,OR(AUTOEVENTO<>\"manual\",$M55<>1)),ROUND(OFFSET($P55,0,AF$13),15-13*ORÇAMENTO!$AF$7)/$H55*OFFSET(ORÇAMENTO!$X$15,ROW(AF55)-ROW(AF$15),0),0)","v":0},{"$f":"IF(AND($D55=\"Serviço\",AG$12<>0,$H55>0,OR(AUTOEVENTO<>\"manual\",$M55<>1)),ROUND(OFFSET($P55,0,AG$13),15-13*ORÇAMENTO!$AF$7)/$H55*OFFSET(ORÇAMENTO!$X$15,ROW(AG55)-ROW(AG$15),0),0)","v":0},{"$f":"IF(AND($D55=\"Serviço\",AH$12<>0,$H55>0,OR(AUTOEVENTO<>\"manual\",$M55<>1)),ROUND(OFFSET($P55,0,AH$13),15-13*ORÇAMENTO!$AF$7)/$H55*OFFSET(ORÇAMENTO!$X$15,ROW(AH55)-ROW(AH$15),0),0)","v":0},{"$f":"IF(AND($D55=\"Serviço\",AI$12<>0,$H55>0,OR(AUTOEVENTO<>\"manual\",$M55<>1)),ROUND(OFFSET($P55,0,AI$13),15-13*ORÇAMENTO!$AF$7)/$H55*OFFSET(ORÇAMENTO!$X$15,ROW(AI55)-ROW(AI$15),0),0)","v":0},{"$f":"IF(AND($D55=\"Serviço\",AJ$12<>0,$H55>0,OR(AUTOEVENTO<>\"manual\",$M55<>1)),ROUND(OFFSET($P55,0,AJ$13),15-13*ORÇAMENTO!$AF$7)/$H55*OFFSET(ORÇAMENTO!$X$15,ROW(AJ55)-ROW(AJ$15),0),0)","v":0},{"$f":"IF(AND($D55=\"Serviço\",AK$12<>0,$H55>0,OR(AUTOEVENTO<>\"manual\",$M55<>1)),ROUND(OFFSET($P55,0,AK$13),15-13*ORÇAMENTO!$AF$7)/$H55*OFFSET(ORÇAMENTO!$X$15,ROW(AK55)-ROW(AK$15),0),0)","v":0},null,{"$f":"IF($D55<>\"Serviço\",0,IF(AND(AUTOEVENTO=\"Manual\",$M55=1),0,IF(OFFSET(CRONOPLE!$F$14,$M55,AM$13)=\"\",10^12,OFFSET(CRONOPLE!$F$14,$M55,AM$13))))","v":1000000000000},{"$f":"IF($D55<>\"Serviço\",0,IF(AND(AUTOEVENTO=\"Manual\",$M55=1),0,IF(OFFSET(CRONOPLE!$F$14,$M55,AN$13)=\"\",10^12,OFFSET(CRONOPLE!$F$14,$M55,AN$13))))","v":1000000000000},{"$f":"IF($D55<>\"Serviço\",0,IF(AND(AUTOEVENTO=\"Manual\",$M55=1),0,IF(OFFSET(CRONOPLE!$F$14,$M55,AO$13)=\"\",10^12,OFFSET(CRONOPLE!$F$14,$M55,AO$13))))","v":1000000000000},{"$f":"IF($D55<>\"Serviço\",0,IF(AND(AUTOEVENTO=\"Manual\",$M55=1),0,IF(OFFSET(CRONOPLE!$F$14,$M55,AP$13)=\"\",10^12,OFFSET(CRONOPLE!$F$14,$M55,AP$13))))","v":1000000000000},{"$f":"IF($D55<>\"Serviço\",0,IF(AND(AUTOEVENTO=\"Manual\",$M55=1),0,IF(OFFSET(CRONOPLE!$F$14,$M55,AQ$13)=\"\",10^12,OFFSET(CRONOPLE!$F$14,$M55,AQ$13))))","v":1000000000000},{"$f":"IF($D55<>\"Serviço\",0,IF(AND(AUTOEVENTO=\"Manual\",$M55=1),0,IF(OFFSET(CRONOPLE!$F$14,$M55,AR$13)=\"\",10^12,OFFSET(CRONOPLE!$F$14,$M55,AR$13))))","v":1000000000000},{"$f":"IF($D55<>\"Serviço\",0,IF(AND(AUTOEVENTO=\"Manual\",$M55=1),0,IF(OFFSET(CRONOPLE!$F$14,$M55,AS$13)=\"\",10^12,OFFSET(CRONOPLE!$F$14,$M55,AS$13))))","v":1000000000000},{"$f":"IF($D55<>\"Serviço\",0,IF(AND(AUTOEVENTO=\"Manual\",$M55=1),0,IF(OFFSET(CRONOPLE!$F$14,$M55,AT$13)=\"\",10^12,OFFSET(CRONOPLE!$F$14,$M55,AT$13))))","v":1000000000000},{"$f":"IF($D55<>\"Serviço\",0,IF(AND(AUTOEVENTO=\"Manual\",$M55=1),0,IF(OFFSET(CRONOPLE!$F$14,$M55,AU$13)=\"\",10^12,OFFSET(CRONOPLE!$F$14,$M55,AU$13))))","v":1000000000000},{"$f":"IF($D55<>\"Serviço\",0,IF(AND(AUTOEVENTO=\"Manual\",$M55=1),0,IF(OFFSET(CRONOPLE!$F$14,$M55,AV$13)=\"\",10^12,OFFSET(CRONOPLE!$F$14,$M55,AV$13))))","v":1000000000000},null,{"$f":"IF($D55<>\"Serviço\",0,IF(OR(AND(AUTOEVENTO=\"Manual\",$M55=1),$M55>(ROW(PLE.lastrow)-ROW(PLE.firstrow))),0,IF(OFFSET(PLE!$G$14,$M55,AX$13)=\"\",10^12,OFFSET(PLE!$G$14,$M55,AX$13))))","v":1000000000000},{"$f":"IF($D55<>\"Serviço\",0,IF(OR(AND(AUTOEVENTO=\"Manual\",$M55=1),$M55>(ROW(PLE.lastrow)-ROW(PLE.firstrow))),0,IF(OFFSET(PLE!$G$14,$M55,AY$13)=\"\",10^12,OFFSET(PLE!$G$14,$M55,AY$13))))","v":1000000000000},{"$f":"IF($D55<>\"Serviço\",0,IF(OR(AND(AUTOEVENTO=\"Manual\",$M55=1),$M55>(ROW(PLE.lastrow)-ROW(PLE.firstrow))),0,IF(OFFSET(PLE!$G$14,$M55,AZ$13)=\"\",10^12,OFFSET(PLE!$G$14,$M55,AZ$13))))","v":1000000000000},{"$f":"IF($D55<>\"Serviço\",0,IF(OR(AND(AUTOEVENTO=\"Manual\",$M55=1),$M55>(ROW(PLE.lastrow)-ROW(PLE.firstrow))),0,IF(OFFSET(PLE!$G$14,$M55,BA$13)=\"\",10^12,OFFSET(PLE!$G$14,$M55,BA$13))))","v":1000000000000},{"$f":"IF($D55<>\"Serviço\",0,IF(OR(AND(AUTOEVENTO=\"Manual\",$M55=1),$M55>(ROW(PLE.lastrow)-ROW(PLE.firstrow))),0,IF(OFFSET(PLE!$G$14,$M55,BB$13)=\"\",10^12,OFFSET(PLE!$G$14,$M55,BB$13))))","v":1000000000000},{"$f":"IF($D55<>\"Serviço\",0,IF(OR(AND(AUTOEVENTO=\"Manual\",$M55=1),$M55>(ROW(PLE.lastrow)-ROW(PLE.firstrow))),0,IF(OFFSET(PLE!$G$14,$M55,BC$13)=\"\",10^12,OFFSET(PLE!$G$14,$M55,BC$13))))","v":1000000000000},{"$f":"IF($D55<>\"Serviço\",0,IF(OR(AND(AUTOEVENTO=\"Manual\",$M55=1),$M55>(ROW(PLE.lastrow)-ROW(PLE.firstrow))),0,IF(OFFSET(PLE!$G$14,$M55,BD$13)=\"\",10^12,OFFSET(PLE!$G$14,$M55,BD$13))))","v":1000000000000},{"$f":"IF($D55<>\"Serviço\",0,IF(OR(AND(AUTOEVENTO=\"Manual\",$M55=1),$M55>(ROW(PLE.lastrow)-ROW(PLE.firstrow))),0,IF(OFFSET(PLE!$G$14,$M55,BE$13)=\"\",10^12,OFFSET(PLE!$G$14,$M55,BE$13))))","v":1000000000000},{"$f":"IF($D55<>\"Serviço\",0,IF(OR(AND(AUTOEVENTO=\"Manual\",$M55=1),$M55>(ROW(PLE.lastrow)-ROW(PLE.firstrow))),0,IF(OFFSET(PLE!$G$14,$M55,BF$13)=\"\",10^12,OFFSET(PLE!$G$14,$M55,BF$13))))","v":1000000000000},{"$f":"IF($D55<>\"Serviço\",0,IF(OR(AND(AUTOEVENTO=\"Manual\",$M55=1),$M55>(ROW(PLE.lastrow)-ROW(PLE.firstrow))),0,IF(OFFSET(PLE!$G$14,$M55,BG$13)=\"\",10^12,OFFSET(PLE!$G$14,$M55,BG$13))))","v":1000000000000}]
["41.",{"$f":"OFFSET(ORÇAMENTO!C$15,ROW(B56)-ROW(B$15),0)","v":2},{"$f":"OFFSET(ORÇAMENTO!L$15,ROW(C56)-ROW(C$15),0)","v":"F"},{"$f":"OFFSET(ORÇAMENTO!N$15,ROW(D56)-ROW(D$15),0)","v":"Nível 2"},{"$f":"OFFSET(ORÇAMENTO!O$15,ROW(E56)-ROW(E$15),0)","v":"1.4."},{"$f":"OFFSET(ORÇAMENTO!R$15,ROW(F56)-ROW(F$15),0)","v":"FORRO"},{"$f":"IF($D56<>\"Serviço\",\"\",OFFSET(ORÇAMENTO!S$15,ROW(G56)-ROW(G$15),0))","v":""},{"$f":"IF($D56<>\"Serviço\",0,IF(ACOMPANHAMENTO=\"BM\",ROUND(OFFSET(ORÇAMENTO!AJ$15,ROW(H56)-ROW(H$15),0),15-13*ORÇAMENTO!$AF$7),SUMPRODUCT(($Q$12:$AA$12<>\"\")*ROUND($Q56:$AA56,15-13*ORÇAMENTO!$AF$7))))","v":0},null,null,null,".",{"$f":"IF($D56<>\"Serviço\",\"\",IF(AUTOEVENTO=\"manual\",$A56,IF(ISERROR(MATCH($A56,$A$15:OFFSET($A56,-1,0),0)),MAX($M$15:OFFSET(M56,-1,0))+1,INDEX($M$15:OFFSET(M56,-1,0),MATCH($A56,$A$15:OFFSET($A56,-1,0),0)))))","v":""},{"$f":"IF($D56<>\"Serviço\",\"\",IF(AUTOEVENTO=\"Manual\",IF($A56=0,\"<-- defina o número do agrupador\",OFFSET(EVENTOS!$D$14,$A56,0)),OFFSET($F$15,$A56,0)))","v":""},null,null,null,null,null,null,null,null,null,null,null,null,null,{"$f":"IF(AND($D56=\"Serviço\",AB$12<>0,$H56>0,OR(AUTOEVENTO<>\"manual\",$M56<>1)),ROUND(OFFSET($P56,0,AB$13),15-13*ORÇAMENTO!$AF$7)/$H56*OFFSET(ORÇAMENTO!$X$15,ROW(AB56)-ROW(AB$15),0),0)","v":0},{"$f":"IF(AND($D56=\"Serviço\",AC$12<>0,$H56>0,OR(AUTOEVENTO<>\"manual\",$M56<>1)),ROUND(OFFSET($P56,0,AC$13),15-13*ORÇAMENTO!$AF$7)/$H56*OFFSET(ORÇAMENTO!$X$15,ROW(AC56)-ROW(AC$15),0),0)","v":0},{"$f":"IF(AND($D56=\"Serviço\",AD$12<>0,$H56>0,OR(AUTOEVENTO<>\"manual\",$M56<>1)),ROUND(OFFSET($P56,0,AD$13),15-13*ORÇAMENTO!$AF$7)/$H56*OFFSET(ORÇAMENTO!$X$15,ROW(AD56)-ROW(AD$15),0),0)","v":0},{"$f":"IF(AND($D56=\"Serviço\",AE$12<>0,$H56>0,OR(AUTOEVENTO<>\"manual\",$M56<>1)),ROUND(OFFSET($P56,0,AE$13),15-13*ORÇAMENTO!$AF$7)/$H56*OFFSET(ORÇAMENTO!$X$15,ROW(AE56)-ROW(AE$15),0),0)","v":0},{"$f":"IF(AND($D56=\"Serviço\",AF$12<>0,$H56>0,OR(AUTOEVENTO<>\"manual\",$M56<>1)),ROUND(OFFSET($P56,0,AF$13),15-13*ORÇAMENTO!$AF$7)/$H56*OFFSET(ORÇAMENTO!$X$15,ROW(AF56)-ROW(AF$15),0),0)","v":0},{"$f":"IF(AND($D56=\"Serviço\",AG$12<>0,$H56>0,OR(AUTOEVENTO<>\"manual\",$M56<>1)),ROUND(OFFSET($P56,0,AG$13),15-13*ORÇAMENTO!$AF$7)/$H56*OFFSET(ORÇAMENTO!$X$15,ROW(AG56)-ROW(AG$15),0),0)","v":0},{"$f":"IF(AND($D56=\"Serviço\",AH$12<>0,$H56>0,OR(AUTOEVENTO<>\"manual\",$M56<>1)),ROUND(OFFSET($P56,0,AH$13),15-13*ORÇAMENTO!$AF$7)/$H56*OFFSET(ORÇAMENTO!$X$15,ROW(AH56)-ROW(AH$15),0),0)","v":0},{"$f":"IF(AND($D56=\"Serviço\",AI$12<>0,$H56>0,OR(AUTOEVENTO<>\"manual\",$M56<>1)),ROUND(OFFSET($P56,0,AI$13),15-13*ORÇAMENTO!$AF$7)/$H56*OFFSET(ORÇAMENTO!$X$15,ROW(AI56)-ROW(AI$15),0),0)","v":0},{"$f":"IF(AND($D56=\"Serviço\",AJ$12<>0,$H56>0,OR(AUTOEVENTO<>\"manual\",$M56<>1)),ROUND(OFFSET($P56,0,AJ$13),15-13*ORÇAMENTO!$AF$7)/$H56*OFFSET(ORÇAMENTO!$X$15,ROW(AJ56)-ROW(AJ$15),0),0)","v":0},{"$f":"IF(AND($D56=\"Serviço\",AK$12<>0,$H56>0,OR(AUTOEVENTO<>\"manual\",$M56<>1)),ROUND(OFFSET($P56,0,AK$13),15-13*ORÇAMENTO!$AF$7)/$H56*OFFSET(ORÇAMENTO!$X$15,ROW(AK56)-ROW(AK$15),0),0)","v":0},null,{"$f":"IF($D56<>\"Serviço\",0,IF(AND(AUTOEVENTO=\"Manual\",$M56=1),0,IF(OFFSET(CRONOPLE!$F$14,$M56,AM$13)=\"\",10^12,OFFSET(CRONOPLE!$F$14,$M56,AM$13))))","v":0},{"$f":"IF($D56<>\"Serviço\",0,IF(AND(AUTOEVENTO=\"Manual\",$M56=1),0,IF(OFFSET(CRONOPLE!$F$14,$M56,AN$13)=\"\",10^12,OFFSET(CRONOPLE!$F$14,$M56,AN$13))))","v":0},{"$f":"IF($D56<>\"Serviço\",0,IF(AND(AUTOEVENTO=\"Manual\",$M56=1),0,IF(OFFSET(CRONOPLE!$F$14,$M56,AO$13)=\"\",10^12,OFFSET(CRONOPLE!$F$14,$M56,AO$13))))","v":0},{"$f":"IF($D56<>\"Serviço\",0,IF(AND(AUTOEVENTO=\"Manual\",$M56=1),0,IF(OFFSET(CRONOPLE!$F$14,$M56,AP$13)=\"\",10^12,OFFSET(CRONOPLE!$F$14,$M56,AP$13))))","v":0},{"$f":"IF($D56<>\"Serviço\",0,IF(AND(AUTOEVENTO=\"Manual\",$M56=1),0,IF(OFFSET(CRONOPLE!$F$14,$M56,AQ$13)=\"\",10^12,OFFSET(CRONOPLE!$F$14,$M56,AQ$13))))","v":0},{"$f":"IF($D56<>\"Serviço\",0,IF(AND(AUTOEVENTO=\"Manual\",$M56=1),0,IF(OFFSET(CRONOPLE!$F$14,$M56,AR$13)=\"\",10^12,OFFSET(CRONOPLE!$F$14,$M56,AR$13))))","v":0},{"$f":"IF($D56<>\"Serviço\",0,IF(AND(AUTOEVENTO=\"Manual\",$M56=1),0,IF(OFFSET(CRONOPLE!$F$14,$M56,AS$13)=\"\",10^12,OFFSET(CRONOPLE!$F$14,$M56,AS$13))))","v":0},{"$f":"IF($D56<>\"Serviço\",0,IF(AND(AUTOEVENTO=\"Manual\",$M56=1),0,IF(OFFSET(CRONOPLE!$F$14,$M56,AT$13)=\"\",10^12,OFFSET(CRONOPLE!$F$14,$M56,AT$13))))","v":0},{"$f":"IF($D56<>\"Serviço\",0,IF(AND(AUTOEVENTO=\"Manual\",$M56=1),0,IF(OFFSET(CRONOPLE!$F$14,$M56,AU$13)=\"\",10^12,OFFSET(CRONOPLE!$F$14,$M56,AU$13))))","v":0},{"$f":"IF($D56<>\"Serviço\",0,IF(AND(AUTOEVENTO=\"Manual\",$M56=1),0,IF(OFFSET(CRONOPLE!$F$14,$M56,AV$13)=\"\",10^12,OFFSET(CRONOPLE!$F$14,$M56,AV$13))))","v":0},null,{"$f":"IF($D56<>\"Serviço\",0,IF(OR(AND(AUTOEVENTO=\"Manual\",$M56=1),$M56>(ROW(PLE.lastrow)-ROW(PLE.firstrow))),0,IF(OFFSET(PLE!$G$14,$M56,AX$13)=\"\",10^12,OFFSET(PLE!$G$14,$M56,AX$13))))","v":0},{"$f":"IF($D56<>\"Serviço\",0,IF(OR(AND(AUTOEVENTO=\"Manual\",$M56=1),$M56>(ROW(PLE.lastrow)-ROW(PLE.firstrow))),0,IF(OFFSET(PLE!$G$14,$M56,AY$13)=\"\",10^12,OFFSET(PLE!$G$14,$M56,AY$13))))","v":0},{"$f":"IF($D56<>\"Serviço\",0,IF(OR(AND(AUTOEVENTO=\"Manual\",$M56=1),$M56>(ROW(PLE.lastrow)-ROW(PLE.firstrow))),0,IF(OFFSET(PLE!$G$14,$M56,AZ$13)=\"\",10^12,OFFSET(PLE!$G$14,$M56,AZ$13))))","v":0},{"$f":"IF($D56<>\"Serviço\",0,IF(OR(AND(AUTOEVENTO=\"Manual\",$M56=1),$M56>(ROW(PLE.lastrow)-ROW(PLE.firstrow))),0,IF(OFFSET(PLE!$G$14,$M56,BA$13)=\"\",10^12,OFFSET(PLE!$G$14,$M56,BA$13))))","v":0},{"$f":"IF($D56<>\"Serviço\",0,IF(OR(AND(AUTOEVENTO=\"Manual\",$M56=1),$M56>(ROW(PLE.lastrow)-ROW(PLE.firstrow))),0,IF(OFFSET(PLE!$G$14,$M56,BB$13)=\"\",10^12,OFFSET(PLE!$G$14,$M56,BB$13))))","v":0},{"$f":"IF($D56<>\"Serviço\",0,IF(OR(AND(AUTOEVENTO=\"Manual\",$M56=1),$M56>(ROW(PLE.lastrow)-ROW(PLE.firstrow))),0,IF(OFFSET(PLE!$G$14,$M56,BC$13)=\"\",10^12,OFFSET(PLE!$G$14,$M56,BC$13))))","v":0},{"$f":"IF($D56<>\"Serviço\",0,IF(OR(AND(AUTOEVENTO=\"Manual\",$M56=1),$M56>(ROW(PLE.lastrow)-ROW(PLE.firstrow))),0,IF(OFFSET(PLE!$G$14,$M56,BD$13)=\"\",10^12,OFFSET(PLE!$G$14,$M56,BD$13))))","v":0},{"$f":"IF($D56<>\"Serviço\",0,IF(OR(AND(AUTOEVENTO=\"Manual\",$M56=1),$M56>(ROW(PLE.lastrow)-ROW(PLE.firstrow))),0,IF(OFFSET(PLE!$G$14,$M56,BE$13)=\"\",10^12,OFFSET(PLE!$G$14,$M56,BE$13))))","v":0},{"$f":"IF($D56<>\"Serviço\",0,IF(OR(AND(AUTOEVENTO=\"Manual\",$M56=1),$M56>(ROW(PLE.lastrow)-ROW(PLE.firstrow))),0,IF(OFFSET(PLE!$G$14,$M56,BF$13)=\"\",10^12,OFFSET(PLE!$G$14,$M56,BF$13))))","v":0},{"$f":"IF($D56<>\"Serviço\",0,IF(OR(AND(AUTOEVENTO=\"Manual\",$M56=1),$M56>(ROW(PLE.lastrow)-ROW(PLE.firstrow))),0,IF(OFFSET(PLE!$G$14,$M56,BG$13)=\"\",10^12,OFFSET(PLE!$G$14,$M56,BG$13))))","v":0}]
[{"$f":"IF(AUTOEVENTO=\"Manual\",IF(K57<>\"\",MIN(VALUE(LEFT(K57,FIND(\".\",K57)-1)),COUNTA(EVENTOS.Lista)),0),IF(OR($B57>AUTOEVENTO,$B57=\"S\",$B57=0),SUBSTITUTE(OFFSET($A57,-1,0),IF($D57=\"Serviço\",\".\",\"\"),\"\"),ROW(A57)-ROW($A$15)&\".\"))","v":"41"},{"$f":"OFFSET(ORÇAMENTO!C$15,ROW(B57)-ROW(B$15),0)","v":"S"},{"$f":"OFFSET(ORÇAMENTO!L$15,ROW(C57)-ROW(C$15),0)","v":"F"},{"$f":"OFFSET(ORÇAMENTO!N$15,ROW(D57)-ROW(D$15),0)","v":"Serviço"},{"$f":"OFFSET(ORÇAMENTO!O$15,ROW(E57)-ROW(E$15),0)","v":"1.4.1."},{"$f":"OFFSET(ORÇAMENTO!R$15,ROW(F57)-ROW(F$15),0)","v":"FORRO EM RÉGUAS DE PVC, FRISADO, PARA AMBIENTES COMERCIAIS, INCLUSIVE ESTRUTURA DE FIXAÇÃO"},{"$f":"IF($D57<>\"Serviço\",\"\",OFFSET(ORÇAMENTO!S$15,ROW(G57)-ROW(G$15),0))","v":"M2"},{"$f":"IF($D57<>\"Serviço\",0,IF(ACOMPANHAMENTO=\"BM\",ROUND(OFFSET(ORÇAMENTO!AJ$15,ROW(H57)-ROW(H$15),0),15-13*ORÇAMENTO!$AF$7),SUMPRODUCT(($Q$12:$AA$12<>\"\")*ROUND($Q57:$AA57,15-13*ORÇAMENTO!$AF$7))))","v":72.59},null,null,null,".",{"$f":"IF($D57<>\"Serviço\",\"\",IF(AUTOEVENTO=\"manual\",$A57,IF(ISERROR(MATCH($A57,$A$15:OFFSET($A57,-1,0),0)),MAX($M$15:OFFSET(M57,-1,0))+1,INDEX($M$15:OFFSET(M57,-1,0),MATCH($A57,$A$15:OFFSET($A57,-1,0),0)))))","v":5},{"$f":"IF($D57<>\"Serviço\",\"\",IF(AUTOEVENTO=\"Manual\",IF($A57=0,\"<-- defina o número do agrupador\",OFFSET(EVENTOS!$D$14,$A57,0)),OFFSET($F$15,$A57,0)))","v":"FORRO"},null,null,null,null,null,null,null,null,null,null,null,null,null,{"$f":"IF(AND($D57=\"Serviço\",AB$12<>0,$H57>0,OR(AUTOEVENTO<>\"manual\",$M57<>1)),ROUND(OFFSET($P57,0,AB$13),15-13*ORÇAMENTO!$AF$7)/$H57*OFFSET(ORÇAMENTO!$X$15,ROW(AB57)-ROW(AB$15),0),0)","v":0},{"$f":"IF(AND($D57=\"Serviço\",AC$12<>0,$H57>0,OR(AUTOEVENTO<>\"manual\",$M57<>1)),ROUND(OFFSET($P57,0,AC$13),15-13*ORÇAMENTO!$AF$7)/$H57*OFFSET(ORÇAMENTO!$X$15,ROW(AC57)-ROW(AC$15),0),0)","v":0},{"$f":"IF(AND($D57=\"Serviço\",AD$12<>0,$H57>0,OR(AUTOEVENTO<>\"manual\",$M57<>1)),ROUND(OFFSET($P57,0,AD$13),15-13*ORÇAMENTO!$AF$7)/$H57*OFFSET(ORÇAMENTO!$X$15,ROW(AD57)-ROW(AD$15),0),0)","v":0},{"$f":"IF(AND($D57=\"Serviço\",AE$12<>0,$H57>0,OR(AUTOEVENTO<>\"manual\",$M57<>1)),ROUND(OFFSET($P57,0,AE$13),15-13*ORÇAMENTO!$AF$7)/$H57*OFFSET(ORÇAMENTO!$X$15,ROW(AE57)-ROW(AE$15),0),0)","v":0},{"$f":"IF(AND($D57=\"Serviço\",AF$12<>0,$H57>0,OR(AUTOEVENTO<>\"manual\",$M57<>1)),ROUND(OFFSET($P57,0,AF$13),15-13*ORÇAMENTO!$AF$7)/$H57*OFFSET(ORÇAMENTO!$X$15,ROW(AF57)-ROW(AF$15),0),0)","v":0},{"$f":"IF(AND($D57=\"Serviço\",AG$12<>0,$H57>0,OR(AUTOEVENTO<>\"manual\",$M57<>1)),ROUND(OFFSET($P57,0,AG$13),15-13*ORÇAMENTO!$AF$7)/$H57*OFFSET(ORÇAMENTO!$X$15,ROW(AG57)-ROW(AG$15),0),0)","v":0},{"$f":"IF(AND($D57=\"Serviço\",AH$12<>0,$H57>0,OR(AUTOEVENTO<>\"manual\",$M57<>1)),ROUND(OFFSET($P57,0,AH$13),15-13*ORÇAMENTO!$AF$7)/$H57*OFFSET(ORÇAMENTO!$X$15,ROW(AH57)-ROW(AH$15),0),0)","v":0},{"$f":"IF(AND($D57=\"Serviço\",AI$12<>0,$H57>0,OR(AUTOEVENTO<>\"manual\",$M57<>1)),ROUND(OFFSET($P57,0,AI$13),15-13*ORÇAMENTO!$AF$7)/$H57*OFFSET(ORÇAMENTO!$X$15,ROW(AI57)-ROW(AI$15),0),0)","v":0},{"$f":"IF(AND($D57=\"Serviço\",AJ$12<>0,$H57>0,OR(AUTOEVENTO<>\"manual\",$M57<>1)),ROUND(OFFSET($P57,0,AJ$13),15-13*ORÇAMENTO!$AF$7)/$H57*OFFSET(ORÇAMENTO!$X$15,ROW(AJ57)-ROW(AJ$15),0),0)","v":0},{"$f":"IF(AND($D57=\"Serviço\",AK$12<>0,$H57>0,OR(AUTOEVENTO<>\"manual\",$M57<>1)),ROUND(OFFSET($P57,0,AK$13),15-13*ORÇAMENTO!$AF$7)/$H57*OFFSET(ORÇAMENTO!$X$15,ROW(AK57)-ROW(AK$15),0),0)","v":0},null,{"$f":"IF($D57<>\"Serviço\",0,IF(AND(AUTOEVENTO=\"Manual\",$M57=1),0,IF(OFFSET(CRONOPLE!$F$14,$M57,AM$13)=\"\",10^12,OFFSET(CRONOPLE!$F$14,$M57,AM$13))))","v":1000000000000},{"$f":"IF($D57<>\"Serviço\",0,IF(AND(AUTOEVENTO=\"Manual\",$M57=1),0,IF(OFFSET(CRONOPLE!$F$14,$M57,AN$13)=\"\",10^12,OFFSET(CRONOPLE!$F$14,$M57,AN$13))))","v":1000000000000},{"$f":"IF($D57<>\"Serviço\",0,IF(AND(AUTOEVENTO=\"Manual\",$M57=1),0,IF(OFFSET(CRONOPLE!$F$14,$M57,AO$13)=\"\",10^12,OFFSET(CRONOPLE!$F$14,$M57,AO$13))))","v":1000000000000},{"$f":"IF($D57<>\"Serviço\",0,IF(AND(AUTOEVENTO=\"Manual\",$M57=1),0,IF(OFFSET(CRONOPLE!$F$14,$M57,AP$13)=\"\",10^12,OFFSET(CRONOPLE!$F$14,$M57,AP$13))))","v":1000000000000},{"$f":"IF($D57<>\"Serviço\",0,IF(AND(AUTOEVENTO=\"Manual\",$M57=1),0,IF(OFFSET(CRONOPLE!$F$14,$M57,AQ$13)=\"\",10^12,OFFSET(CRONOPLE!$F$14,$M57,AQ$13))))","v":1000000000000},{"$f":"IF($D57<>\"Serviço\",0,IF(AND(AUTOEVENTO=\"Manual\",$M57=1),0,IF(OFFSET(CRONOPLE!$F$14,$M57,AR$13)=\"\",10^12,OFFSET(CRONOPLE!$F$14,$M57,AR$13))))","v":1000000000000},{"$f":"IF($D57<>\"Serviço\",0,IF(AND(AUTOEVENTO=\"Manual\",$M57=1),0,IF(OFFSET(CRONOPLE!$F$14,$M57,AS$13)=\"\",10^12,OFFSET(CRONOPLE!$F$14,$M57,AS$13))))","v":1000000000000},{"$f":"IF($D57<>\"Serviço\",0,IF(AND(AUTOEVENTO=\"Manual\",$M57=1),0,IF(OFFSET(CRONOPLE!$F$14,$M57,AT$13)=\"\",10^12,OFFSET(CRONOPLE!$F$14,$M57,AT$13))))","v":1000000000000},{"$f":"IF($D57<>\"Serviço\",0,IF(AND(AUTOEVENTO=\"Manual\",$M57=1),0,IF(OFFSET(CRONOPLE!$F$14,$M57,AU$13)=\"\",10^12,OFFSET(CRONOPLE!$F$14,$M57,AU$13))))","v":1000000000000},{"$f":"IF($D57<>\"Serviço\",0,IF(AND(AUTOEVENTO=\"Manual\",$M57=1),0,IF(OFFSET(CRONOPLE!$F$14,$M57,AV$13)=\"\",10^12,OFFSET(CRONOPLE!$F$14,$M57,AV$13))))","v":1000000000000},null,{"$f":"IF($D57<>\"Serviço\",0,IF(OR(AND(AUTOEVENTO=\"Manual\",$M57=1),$M57>(ROW(PLE.lastrow)-ROW(PLE.firstrow))),0,IF(OFFSET(PLE!$G$14,$M57,AX$13)=\"\",10^12,OFFSET(PLE!$G$14,$M57,AX$13))))","v":1000000000000},{"$f":"IF($D57<>\"Serviço\",0,IF(OR(AND(AUTOEVENTO=\"Manual\",$M57=1),$M57>(ROW(PLE.lastrow)-ROW(PLE.firstrow))),0,IF(OFFSET(PLE!$G$14,$M57,AY$13)=\"\",10^12,OFFSET(PLE!$G$14,$M57,AY$13))))","v":1000000000000},{"$f":"IF($D57<>\"Serviço\",0,IF(OR(AND(AUTOEVENTO=\"Manual\",$M57=1),$M57>(ROW(PLE.lastrow)-ROW(PLE.firstrow))),0,IF(OFFSET(PLE!$G$14,$M57,AZ$13)=\"\",10^12,OFFSET(PLE!$G$14,$M57,AZ$13))))","v":1000000000000},{"$f":"IF($D57<>\"Serviço\",0,IF(OR(AND(AUTOEVENTO=\"Manual\",$M57=1),$M57>(ROW(PLE.lastrow)-ROW(PLE.firstrow))),0,IF(OFFSET(PLE!$G$14,$M57,BA$13)=\"\",10^12,OFFSET(PLE!$G$14,$M57,BA$13))))","v":1000000000000},{"$f":"IF($D57<>\"Serviço\",0,IF(OR(AND(AUTOEVENTO=\"Manual\",$M57=1),$M57>(ROW(PLE.lastrow)-ROW(PLE.firstrow))),0,IF(OFFSET(PLE!$G$14,$M57,BB$13)=\"\",10^12,OFFSET(PLE!$G$14,$M57,BB$13))))","v":1000000000000},{"$f":"IF($D57<>\"Serviço\",0,IF(OR(AND(AUTOEVENTO=\"Manual\",$M57=1),$M57>(ROW(PLE.lastrow)-ROW(PLE.firstrow))),0,IF(OFFSET(PLE!$G$14,$M57,BC$13)=\"\",10^12,OFFSET(PLE!$G$14,$M57,BC$13))))","v":1000000000000},{"$f":"IF($D57<>\"Serviço\",0,IF(OR(AND(AUTOEVENTO=\"Manual\",$M57=1),$M57>(ROW(PLE.lastrow)-ROW(PLE.firstrow))),0,IF(OFFSET(PLE!$G$14,$M57,BD$13)=\"\",10^12,OFFSET(PLE!$G$14,$M57,BD$13))))","v":1000000000000},{"$f":"IF($D57<>\"Serviço\",0,IF(OR(AND(AUTOEVENTO=\"Manual\",$M57=1),$M57>(ROW(PLE.lastrow)-ROW(PLE.firstrow))),0,IF(OFFSET(PLE!$G$14,$M57,BE$13)=\"\",10^12,OFFSET(PLE!$G$14,$M57,BE$13))))","v":1000000000000},{"$f":"IF($D57<>\"Serviço\",0,IF(OR(AND(AUTOEVENTO=\"Manual\",$M57=1),$M57>(ROW(PLE.lastrow)-ROW(PLE.firstrow))),0,IF(OFFSET(PLE!$G$14,$M57,BF$13)=\"\",10^12,OFFSET(PLE!$G$14,$M57,BF$13))))","v":1000000000000},{"$f":"IF($D57<>\"Serviço\",0,IF(OR(AND(AUTOEVENTO=\"Manual\",$M57=1),$M57>(ROW(PLE.lastrow)-ROW(PLE.firstrow))),0,IF(OFFSET(PLE!$G$14,$M57,BG$13)=\"\",10^12,OFFSET(PLE!$G$14,$M57,BG$13))))","v":1000000000000}]
[{"$f":"IF(AUTOEVENTO=\"Manual\",IF(K58<>\"\",MIN(VALUE(LEFT(K58,FIND(\".\",K58)-1)),COUNTA(EVENTOS.Lista)),0),IF(OR($B58>AUTOEVENTO,$B58=\"S\",$B58=0),SUBSTITUTE(OFFSET($A58,-1,0),IF($D58=\"Serviço\",\".\",\"\"),\"\"),ROW(A58)-ROW($A$15)&\".\"))","v":"41"},{"$f":"OFFSET(ORÇAMENTO!C$15,ROW(B58)-ROW(B$15),0)","v":"S"},{"$f":"OFFSET(ORÇAMENTO!L$15,ROW(C58)-ROW(C$15),0)","v":"F"},{"$f":"OFFSET(ORÇAMENTO!N$15,ROW(D58)-ROW(D$15),0)","v":"Serviço"},{"$f":"OFFSET(ORÇAMENTO!O$15,ROW(E58)-ROW(E$15),0)","v":"1.4.2."},{"$f":"OFFSET(ORÇAMENTO!R$15,ROW(F58)-ROW(F$15),0)","v":"ACABAMENTOS PARA FORRO (RODA-FORRO EM PVC)"},{"$f":"IF($D58<>\"Serviço\",\"\",OFFSET(ORÇAMENTO!S$15,ROW(G58)-ROW(G$15),0))","v":"M"},{"$f":"IF($D58<>\"Serviço\",0,IF(ACOMPANHAMENTO=\"BM\",ROUND(OFFSET(ORÇAMENTO!AJ$15,ROW(H58)-ROW(H$15),0),15-13*ORÇAMENTO!$AF$7),SUMPRODUCT(($Q$12:$AA$12<>\"\")*ROUND($Q58:$AA58,15-13*ORÇAMENTO!$AF$7))))","v":60.5},null,null,null,".",{"$f":"IF($D58<>\"Serviço\",\"\",IF(AUTOEVENTO=\"manual\",$A58,IF(ISERROR(MATCH($A58,$A$15:OFFSET($A58,-1,0),0)),MAX($M$15:OFFSET(M58,-1,0))+1,INDEX($M$15:OFFSET(M58,-1,0),MATCH($A58,$A$15:OFFSET($A58,-1,0),0)))))","v":5},{"$f":"IF($D58<>\"Serviço\",\"\",IF(AUTOEVENTO=\"Manual\",IF($A58=0,\"<-- defina o número do agrupador\",OFFSET(EVENTOS!$D$14,$A58,0)),OFFSET($F$15,$A58,0)))","v":"FORRO"},null,null,null,null,null,null,null,null,null,null,null,null,null,{"$f":"IF(AND($D58=\"Serviço\",AB$12<>0,$H58>0,OR(AUTOEVENTO<>\"manual\",$M58<>1)),ROUND(OFFSET($P58,0,AB$13),15-13*ORÇAMENTO!$AF$7)/$H58*OFFSET(ORÇAMENTO!$X$15,ROW(AB58)-ROW(AB$15),0),0)","v":0},{"$f":"IF(AND($D58=\"Serviço\",AC$12<>0,$H58>0,OR(AUTOEVENTO<>\"manual\",$M58<>1)),ROUND(OFFSET($P58,0,AC$13),15-13*ORÇAMENTO!$AF$7)/$H58*OFFSET(ORÇAMENTO!$X$15,ROW(AC58)-ROW(AC$15),0),0)","v":0},{"$f":"IF(AND($D58=\"Serviço\",AD$12<>0,$H58>0,OR(AUTOEVENTO<>\"manual\",$M58<>1)),ROUND(OFFSET($P58,0,AD$13),15-13*ORÇAMENTO!$AF$7)/$H58*OFFSET(ORÇAMENTO!$X$15,ROW(AD58)-ROW(AD$15),0),0)","v":0},{"$f":"IF(AND($D58=\"Serviço\",AE$12<>0,$H58>0,OR(AUTOEVENTO<>\"manual\",$M58<>1)),ROUND(OFFSET($P58,0,AE$13),15-13*ORÇAMENTO!$AF$7)/$H58*OFFSET(ORÇAMENTO!$X$15,ROW(AE58)-ROW(AE$15),0),0)","v":0},{"$f":"IF(AND($D58=\"Serviço\",AF$12<>0,$H58>0,OR(AUTOEVENTO<>\"manual\",$M58<>1)),ROUND(OFFSET($P58,0,AF$13),15-13*ORÇAMENTO!$AF$7)/$H58*OFFSET(ORÇAMENTO!$X$15,ROW(AF58)-ROW(AF$15),0),0)","v":0},{"$f":"IF(AND($D58=\"Serviço\",AG$12<>0,$H58>0,OR(AUTOEVENTO<>\"manual\",$M58<>1)),ROUND(OFFSET($P58,0,AG$13),15-13*ORÇAMENTO!$AF$7)/$H58*OFFSET(ORÇAMENTO!$X$15,ROW(AG58)-ROW(AG$15),0),0)","v":0},{"$f":"IF(AND($D58=\"Serviço\",AH$12<>0,$H58>0,OR(AUTOEVENTO<>\"manual\",$M58<>1)),ROUND(OFFSET($P58,0,AH$13),15-13*ORÇAMENTO!$AF$7)/$H58*OFFSET(ORÇAMENTO!$X$15,ROW(AH58)-ROW(AH$15),0),0)","v":0},{"$f":"IF(AND($D58=\"Serviço\",AI$12<>0,$H58>0,OR(AUTOEVENTO<>\"manual\",$M58<>1)),ROUND(OFFSET($P58,0,AI$13),15-13*ORÇAMENTO!$AF$7)/$H58*OFFSET(ORÇAMENTO!$X$15,ROW(AI58)-ROW(AI$15),0),0)","v":0},{"$f":"IF(AND($D58=\"Serviço\",AJ$12<>0,$H58>0,OR(AUTOEVENTO<>\"manual\",$M58<>1)),ROUND(OFFSET($P58,0,AJ$13),15-13*ORÇAMENTO!$AF$7)/$H58*OFFSET(ORÇAMENTO!$X$15,ROW(AJ58)-ROW(AJ$15),0),0)","v":0},{"$f":"IF(AND($D58=\"Serviço\",AK$12<>0,$H58>0,OR(AUTOEVENTO<>\"manual\",$M58<>1)),ROUND(OFFSET($P58,0,AK$13),15-13*ORÇAMENTO!$AF$7)/$H58*OFFSET(ORÇAMENTO!$X$15,ROW(AK58)-ROW(AK$15),0),0)","v":0},null,{"$f":"IF($D58<>\"Serviço\",0,IF(AND(AUTOEVENTO=\"Manual\",$M58=1),0,IF(OFFSET(CRONOPLE!$F$14,$M58,AM$13)=\"\",10^12,OFFSET(CRONOPLE!$F$14,$M58,AM$13))))","v":1000000000000},{"$f":"IF($D58<>\"Serviço\",0,IF(AND(AUTOEVENTO=\"Manual\",$M58=1),0,IF(OFFSET(CRONOPLE!$F$14,$M58,AN$13)=\"\",10^12,OFFSET(CRONOPLE!$F$14,$M58,AN$13))))","v":1000000000000},{"$f":"IF($D58<>\"Serviço\",0,IF(AND(AUTOEVENTO=\"Manual\",$M58=1),0,IF(OFFSET(CRONOPLE!$F$14,$M58,AO$13)=\"\",10^12,OFFSET(CRONOPLE!$F$14,$M58,AO$13))))","v":1000000000000},{"$f":"IF($D58<>\"Serviço\",0,IF(AND(AUTOEVENTO=\"Manual\",$M58=1),0,IF(OFFSET(CRONOPLE!$F$14,$M58,AP$13)=\"\",10^12,OFFSET(CRONOPLE!$F$14,$M58,AP$13))))","v":1000000000000},{"$f":"IF($D58<>\"Serviço\",0,IF(AND(AUTOEVENTO=\"Manual\",$M58=1),0,IF(OFFSET(CRONOPLE!$F$14,$M58,AQ$13)=\"\",10^12,OFFSET(CRONOPLE!$F$14,$M58,AQ$13))))","v":1000000000000},{"$f":"IF($D58<>\"Serviço\",0,IF(AND(AUTOEVENTO=\"Manual\",$M58=1),0,IF(OFFSET(CRONOPLE!$F$14,$M58,AR$13)=\"\",10^12,OFFSET(CRONOPLE!$F$14,$M58,AR$13))))","v":1000000000000},{"$f":"IF($D58<>\"Serviço\",0,IF(AND(AUTOEVENTO=\"Manual\",$M58=1),0,IF(OFFSET(CRONOPLE!$F$14,$M58,AS$13)=\"\",10^12,OFFSET(CRONOPLE!$F$14,$M58,AS$13))))","v":1000000000000},{"$f":"IF($D58<>\"Serviço\",0,IF(AND(AUTOEVENTO=\"Manual\",$M58=1),0,IF(OFFSET(CRONOPLE!$F$14,$M58,AT$13)=\"\",10^12,OFFSET(CRONOPLE!$F$14,$M58,AT$13))))","v":1000000000000},{"$f":"IF($D58<>\"Serviço\",0,IF(AND(AUTOEVENTO=\"Manual\",$M58=1),0,IF(OFFSET(CRONOPLE!$F$14,$M58,AU$13)=\"\",10^12,OFFSET(CRONOPLE!$F$14,$M58,AU$13))))","v":1000000000000},{"$f":"IF($D58<>\"Serviço\",0,IF(AND(AUTOEVENTO=\"Manual\",$M58=1),0,IF(OFFSET(CRONOPLE!$F$14,$M58,AV$13)=\"\",10^12,OFFSET(CRONOPLE!$F$14,$M58,AV$13))))","v":1000000000000},null,{"$f":"IF($D58<>\"Serviço\",0,IF(OR(AND(AUTOEVENTO=\"Manual\",$M58=1),$M58>(ROW(PLE.lastrow)-ROW(PLE.firstrow))),0,IF(OFFSET(PLE!$G$14,$M58,AX$13)=\"\",10^12,OFFSET(PLE!$G$14,$M58,AX$13))))","v":1000000000000},{"$f":"IF($D58<>\"Serviço\",0,IF(OR(AND(AUTOEVENTO=\"Manual\",$M58=1),$M58>(ROW(PLE.lastrow)-ROW(PLE.firstrow))),0,IF(OFFSET(PLE!$G$14,$M58,AY$13)=\"\",10^12,OFFSET(PLE!$G$14,$M58,AY$13))))","v":1000000000000},{"$f":"IF($D58<>\"Serviço\",0,IF(OR(AND(AUTOEVENTO=\"Manual\",$M58=1),$M58>(ROW(PLE.lastrow)-ROW(PLE.firstrow))),0,IF(OFFSET(PLE!$G$14,$M58,AZ$13)=\"\",10^12,OFFSET(PLE!$G$14,$M58,AZ$13))))","v":1000000000000},{"$f":"IF($D58<>\"Serviço\",0,IF(OR(AND(AUTOEVENTO=\"Manual\",$M58=1),$M58>(ROW(PLE.lastrow)-ROW(PLE.firstrow))),0,IF(OFFSET(PLE!$G$14,$M58,BA$13)=\"\",10^12,OFFSET(PLE!$G$14,$M58,BA$13))))","v":1000000000000},{"$f":"IF($D58<>\"Serviço\",0,IF(OR(AND(AUTOEVENTO=\"Manual\",$M58=1),$M58>(ROW(PLE.lastrow)-ROW(PLE.firstrow))),0,IF(OFFSET(PLE!$G$14,$M58,BB$13)=\"\",10^12,OFFSET(PLE!$G$14,$M58,BB$13))))","v":1000000000000},{"$f":"IF($D58<>\"Serviço\",0,IF(OR(AND(AUTOEVENTO=\"Manual\",$M58=1),$M58>(ROW(PLE.lastrow)-ROW(PLE.firstrow))),0,IF(OFFSET(PLE!$G$14,$M58,BC$13)=\"\",10^12,OFFSET(PLE!$G$14,$M58,BC$13))))","v":1000000000000},{"$f":"IF($D58<>\"Serviço\",0,IF(OR(AND(AUTOEVENTO=\"Manual\",$M58=1),$M58>(ROW(PLE.lastrow)-ROW(PLE.firstrow))),0,IF(OFFSET(PLE!$G$14,$M58,BD$13)=\"\",10^12,OFFSET(PLE!$G$14,$M58,BD$13))))","v":1000000000000},{"$f":"IF($D58<>\"Serviço\",0,IF(OR(AND(AUTOEVENTO=\"Manual\",$M58=1),$M58>(ROW(PLE.lastrow)-ROW(PLE.firstrow))),0,IF(OFFSET(PLE!$G$14,$M58,BE$13)=\"\",10^12,OFFSET(PLE!$G$14,$M58,BE$13))))","v":1000000000000},{"$f":"IF($D58<>\"Serviço\",0,IF(OR(AND(AUTOEVENTO=\"Manual\",$M58=1),$M58>(ROW(PLE.lastrow)-ROW(PLE.firstrow))),0,IF(OFFSET(PLE!$G$14,$M58,BF$13)=\"\",10^12,OFFSET(PLE!$G$14,$M58,BF$13))))","v":1000000000000},{"$f":"IF($D58<>\"Serviço\",0,IF(OR(AND(AUTOEVENTO=\"Manual\",$M58=1),$M58>(ROW(PLE.lastrow)-ROW(PLE.firstrow))),0,IF(OFFSET(PLE!$G$14,$M58,BG$13)=\"\",10^12,OFFSET(PLE!$G$14,$M58,BG$13))))","v":1000000000000}]
["44.",{"$f":"OFFSET(ORÇAMENTO!C$15,ROW(B59)-ROW(B$15),0)","v":2},{"$f":"OFFSET(ORÇAMENTO!L$15,ROW(C59)-ROW(C$15),0)","v":"F"},{"$f":"OFFSET(ORÇAMENTO!N$15,ROW(D59)-ROW(D$15),0)","v":"Nível 2"},{"$f":"OFFSET(ORÇAMENTO!O$15,ROW(E59)-ROW(E$15),0)","v":"1.5."},{"$f":"OFFSET(ORÇAMENTO!R$15,ROW(F59)-ROW(F$15),0)","v":"ESQUADRIAS"},{"$f":"IF($D59<>\"Serviço\",\"\",OFFSET(ORÇAMENTO!S$15,ROW(G59)-ROW(G$15),0))","v":""},{"$f":"IF($D59<>\"Serviço\",0,IF(ACOMPANHAMENTO=\"BM\",ROUND(OFFSET(ORÇAMENTO!AJ$15,ROW(H59)-ROW(H$15),0),15-13*ORÇAMENTO!$AF$7),SUMPRODUCT(($Q$12:$AA$12<>\"\")*ROUND($Q59:$AA59,15-13*ORÇAMENTO!$AF$7))))","v":0},null,null,null,".",{"$f":"IF($D59<>\"Serviço\",\"\",IF(AUTOEVENTO=\"manual\",$A59,IF(ISERROR(MATCH($A59,$A$15:OFFSET($A59,-1,0),0)),MAX($M$15:OFFSET(M59,-1,0))+1,INDEX($M$15:OFFSET(M59,-1,0),MATCH($A59,$A$15:OFFSET($A59,-1,0),0)))))","v":""},{"$f":"IF($D59<>\"Serviço\",\"\",IF(AUTOEVENTO=\"Manual\",IF($A59=0,\"<-- defina o número do agrupador\",OFFSET(EVENTOS!$D$14,$A59,0)),OFFSET($F$15,$A59,0)))","v":""},null,null,null,null,null,null,null,null,null,null,null,null,null,{"$f":"IF(AND($D59=\"Serviço\",AB$12<>0,$H59>0,OR(AUTOEVENTO<>\"manual\",$M59<>1)),ROUND(OFFSET($P59,0,AB$13),15-13*ORÇAMENTO!$AF$7)/$H59*OFFSET(ORÇAMENTO!$X$15,ROW(AB59)-ROW(AB$15),0),0)","v":0},{"$f":"IF(AND($D59=\"Serviço\",AC$12<>0,$H59>0,OR(AUTOEVENTO<>\"manual\",$M59<>1)),ROUND(OFFSET($P59,0,AC$13),15-13*ORÇAMENTO!$AF$7)/$H59*OFFSET(ORÇAMENTO!$X$15,ROW(AC59)-ROW(AC$15),0),0)","v":0},{"$f":"IF(AND($D59=\"Serviço\",AD$12<>0,$H59>0,OR(AUTOEVENTO<>\"manual\",$M59<>1)),ROUND(OFFSET($P59,0,AD$13),15-13*ORÇAMENTO!$AF$7)/$H59*OFFSET(ORÇAMENTO!$X$15,ROW(AD59)-ROW(AD$15),0),0)","v":0},{"$f":"IF(AND($D59=\"Serviço\",AE$12<>0,$H59>0,OR(AUTOEVENTO<>\"manual\",$M59<>1)),ROUND(OFFSET($P59,0,AE$13),15-13*ORÇAMENTO!$AF$7)/$H59*OFFSET(ORÇAMENTO!$X$15,ROW(AE59)-ROW(AE$15),0),0)","v":0},{"$f":"IF(AND($D59=\"Serviço\",AF$12<>0,$H59>0,OR(AUTOEVENTO<>\"manual\",$M59<>1)),ROUND(OFFSET($P59,0,AF$13),15-13*ORÇAMENTO!$AF$7)/$H59*OFFSET(ORÇAMENTO!$X$15,ROW(AF59)-ROW(AF$15),0),0)","v":0},{"$f":"IF(AND($D59=\"Serviço\",AG$12<>0,$H59>0,OR(AUTOEVENTO<>\"manual\",$M59<>1)),ROUND(OFFSET($P59,0,AG$13),15-13*ORÇAMENTO!$AF$7)/$H59*OFFSET(ORÇAMENTO!$X$15,ROW(AG59)-ROW(AG$15),0),0)","v":0},{"$f":"IF(AND($D59=\"Serviço\",AH$12<>0,$H59>0,OR(AUTOEVENTO<>\"manual\",$M59<>1)),ROUND(OFFSET($P59,0,AH$13),15-13*ORÇAMENTO!$AF$7)/$H59*OFFSET(ORÇAMENTO!$X$15,ROW(AH59)-ROW(AH$15),0),0)","v":0},{"$f":"IF(AND($D59=\"Serviço\",AI$12<>0,$H59>0,OR(AUTOEVENTO<>\"manual\",$M59<>1)),ROUND(OFFSET($P59,0,AI$13),15-13*ORÇAMENTO!$AF$7)/$H59*OFFSET(ORÇAMENTO!$X$15,ROW(AI59)-ROW(AI$15),0),0)","v":0},{"$f":"IF(AND($D59=\"Serviço\",AJ$12<>0,$H59>0,OR(AUTOEVENTO<>\"manual\",$M59<>1)),ROUND(OFFSET($P59,0,AJ$13),15-13*ORÇAMENTO!$AF$7)/$H59*OFFSET(ORÇAMENTO!$X$15,ROW(AJ59)-ROW(AJ$15),0),0)","v":0},{"$f":"IF(AND($D59=\"Serviço\",AK$12<>0,$H59>0,OR(AUTOEVENTO<>\"manual\",$M59<>1)),ROUND(OFFSET($P59,0,AK$13),15-13*ORÇAMENTO!$AF$7)/$H59*OFFSET(ORÇAMENTO!$X$15,ROW(AK59)-ROW(AK$15),0),0)","v":0},null,{"$f":"IF($D59<>\"Serviço\",0,IF(AND(AUTOEVENTO=\"Manual\",$M59=1),0,IF(OFFSET(CRONOPLE!$F$14,$M59,AM$13)=\"\",10^12,OFFSET(CRONOPLE!$F$14,$M59,AM$13))))","v":0},{"$f":"IF($D59<>\"Serviço\",0,IF(AND(AUTOEVENTO=\"Manual\",$M59=1),0,IF(OFFSET(CRONOPLE!$F$14,$M59,AN$13)=\"\",10^12,OFFSET(CRONOPLE!$F$14,$M59,AN$13))))","v":0},{"$f":"IF($D59<>\"Serviço\",0,IF(AND(AUTOEVENTO=\"Manual\",$M59=1),0,IF(OFFSET(CRONOPLE!$F$14,$M59,AO$13)=\"\",10^12,OFFSET(CRONOPLE!$F$14,$M59,AO$13))))","v":0},{"$f":"IF($D59<>\"Serviço\",0,IF(AND(AUTOEVENTO=\"Manual\",$M59=1),0,IF(OFFSET(CRONOPLE!$F$14,$M59,AP$13)=\"\",10^12,OFFSET(CRONOPLE!$F$14,$M59,AP$13))))","v":0},{"$f":"IF($D59<>\"Serviço\",0,IF(AND(AUTOEVENTO=\"Manual\",$M59=1),0,IF(OFFSET(CRONOPLE!$F$14,$M59,AQ$13)=\"\",10^12,OFFSET(CRONOPLE!$F$14,$M59,AQ$13))))","v":0},{"$f":"IF($D59<>\"Serviço\",0,IF(AND(AUTOEVENTO=\"Manual\",$M59=1),0,IF(OFFSET(CRONOPLE!$F$14,$M59,AR$13)=\"\",10^12,OFFSET(CRONOPLE!$F$14,$M59,AR$13))))","v":0},{"$f":"IF($D59<>\"Serviço\",0,IF(AND(AUTOEVENTO=\"Manual\",$M59=1),0,IF(OFFSET(CRONOPLE!$F$14,$M59,AS$13)=\"\",10^12,OFFSET(CRONOPLE!$F$14,$M59,AS$13))))","v":0},{"$f":"IF($D59<>\"Serviço\",0,IF(AND(AUTOEVENTO=\"Manual\",$M59=1),0,IF(OFFSET(CRONOPLE!$F$14,$M59,AT$13)=\"\",10^12,OFFSET(CRONOPLE!$F$14,$M59,AT$13))))","v":0},{"$f":"IF($D59<>\"Serviço\",0,IF(AND(AUTOEVENTO=\"Manual\",$M59=1),0,IF(OFFSET(CRONOPLE!$F$14,$M59,AU$13)=\"\",10^12,OFFSET(CRONOPLE!$F$14,$M59,AU$13))))","v":0},{"$f":"IF($D59<>\"Serviço\",0,IF(AND(AUTOEVENTO=\"Manual\",$M59=1),0,IF(OFFSET(CRONOPLE!$F$14,$M59,AV$13)=\"\",10^12,OFFSET(CRONOPLE!$F$14,$M59,AV$13))))","v":0},null,{"$f":"IF($D59<>\"Serviço\",0,IF(OR(AND(AUTOEVENTO=\"Manual\",$M59=1),$M59>(ROW(PLE.lastrow)-ROW(PLE.firstrow))),0,IF(OFFSET(PLE!$G$14,$M59,AX$13)=\"\",10^12,OFFSET(PLE!$G$14,$M59,AX$13))))","v":0},{"$f":"IF($D59<>\"Serviço\",0,IF(OR(AND(AUTOEVENTO=\"Manual\",$M59=1),$M59>(ROW(PLE.lastrow)-ROW(PLE.firstrow))),0,IF(OFFSET(PLE!$G$14,$M59,AY$13)=\"\",10^12,OFFSET(PLE!$G$14,$M59,AY$13))))","v":0},{"$f":"IF($D59<>\"Serviço\",0,IF(OR(AND(AUTOEVENTO=\"Manual\",$M59=1),$M59>(ROW(PLE.lastrow)-ROW(PLE.firstrow))),0,IF(OFFSET(PLE!$G$14,$M59,AZ$13)=\"\",10^12,OFFSET(PLE!$G$14,$M59,AZ$13))))","v":0},{"$f":"IF($D59<>\"Serviço\",0,IF(OR(AND(AUTOEVENTO=\"Manual\",$M59=1),$M59>(ROW(PLE.lastrow)-ROW(PLE.firstrow))),0,IF(OFFSET(PLE!$G$14,$M59,BA$13)=\"\",10^12,OFFSET(PLE!$G$14,$M59,BA$13))))","v":0},{"$f":"IF($D59<>\"Serviço\",0,IF(OR(AND(AUTOEVENTO=\"Manual\",$M59=1),$M59>(ROW(PLE.lastrow)-ROW(PLE.firstrow))),0,IF(OFFSET(PLE!$G$14,$M59,BB$13)=\"\",10^12,OFFSET(PLE!$G$14,$M59,BB$13))))","v":0},{"$f":"IF($D59<>\"Serviço\",0,IF(OR(AND(AUTOEVENTO=\"Manual\",$M59=1),$M59>(ROW(PLE.lastrow)-ROW(PLE.firstrow))),0,IF(OFFSET(PLE!$G$14,$M59,BC$13)=\"\",10^12,OFFSET(PLE!$G$14,$M59,BC$13))))","v":0},{"$f":"IF($D59<>\"Serviço\",0,IF(OR(AND(AUTOEVENTO=\"Manual\",$M59=1),$M59>(ROW(PLE.lastrow)-ROW(PLE.firstrow))),0,IF(OFFSET(PLE!$G$14,$M59,BD$13)=\"\",10^12,OFFSET(PLE!$G$14,$M59,BD$13))))","v":0},{"$f":"IF($D59<>\"Serviço\",0,IF(OR(AND(AUTOEVENTO=\"Manual\",$M59=1),$M59>(ROW(PLE.lastrow)-ROW(PLE.firstrow))),0,IF(OFFSET(PLE!$G$14,$M59,BE$13)=\"\",10^12,OFFSET(PLE!$G$14,$M59,BE$13))))","v":0},{"$f":"IF($D59<>\"Serviço\",0,IF(OR(AND(AUTOEVENTO=\"Manual\",$M59=1),$M59>(ROW(PLE.lastrow)-ROW(PLE.firstrow))),0,IF(OFFSET(PLE!$G$14,$M59,BF$13)=\"\",10^12,OFFSET(PLE!$G$14,$M59,BF$13))))","v":0},{"$f":"IF($D59<>\"Serviço\",0,IF(OR(AND(AUTOEVENTO=\"Manual\",$M59=1),$M59>(ROW(PLE.lastrow)-ROW(PLE.firstrow))),0,IF(OFFSET(PLE!$G$14,$M59,BG$13)=\"\",10^12,OFFSET(PLE!$G$14,$M59,BG$13))))","v":0}]
["44",{"$f":"OFFSET(ORÇAMENTO!C$15,ROW(B60)-ROW(B$15),0)","v":"S"},{"$f":"OFFSET(ORÇAMENTO!L$15,ROW(C60)-ROW(C$15),0)","v":"F"},{"$f":"OFFSET(ORÇAMENTO!N$15,ROW(D60)-ROW(D$15),0)","v":"Serviço"},{"$f":"OFFSET(ORÇAMENTO!O$15,ROW(E60)-ROW(E$15),0)","v":"1.5.1."},{"$f":"OFFSET(ORÇAMENTO!R$15,ROW(F60)-ROW(F$15),0)","v":"JANELA DE ALUMÍNIO DE CORRER COM 2 FOLHAS PARA VIDROS, COM VIDROS, BATENTE, ACABAMENTO COM ACETATO OU BRILHANTE E FERRAGENS. FORNECIMENTO E INSTALAÇÃO"},{"$f":"IF($D60<>\"Serviço\",\"\",OFFSET(ORÇAMENTO!S$15,ROW(G60)-ROW(G$15),0))","v":"M2"},{"$f":"IF($D60<>\"Serviço\",0,IF(ACOMPANHAMENTO=\"BM\",ROUND(OFFSET(ORÇAMENTO!AJ$15,ROW(H60)-ROW(H$15),0),15-13*ORÇAMENTO!$AF$7),SUMPRODUCT(($Q$12:$AA$12<>\"\")*ROUND($Q60:$AA60,15-13*ORÇAMENTO!$AF$7))))","v":5.4},null,null,null,".",{"$f":"IF($D60<>\"Serviço\",\"\",IF(AUTOEVENTO=\"manual\",$A60,IF(ISERROR(MATCH($A60,$A$15:OFFSET($A60,-1,0),0)),MAX($M$15:OFFSET(M60,-1,0))+1,INDEX($M$15:OFFSET(M60,-1,0),MATCH($A60,$A$15:OFFSET($A60,-1,0),0)))))","v":6},{"$f":"IF($D60<>\"Serviço\",\"\",IF(AUTOEVENTO=\"Manual\",IF($A60=0,\"<-- defina o número do agrupador\",OFFSET(EVENTOS!$D$14,$A60,0)),OFFSET($F$15,$A60,0)))","v":"ESQUADRIAS"},null,null,null,null,null,null,null,null,null,null,null,null,null,{"$f":"IF(AND($D60=\"Serviço\",AB$12<>0,$H60>0,OR(AUTOEVENTO<>\"manual\",$M60<>1)),ROUND(OFFSET($P60,0,AB$13),15-13*ORÇAMENTO!$AF$7)/$H60*OFFSET(ORÇAMENTO!$X$15,ROW(AB60)-ROW(AB$15),0),0)","v":0},{"$f":"IF(AND($D60=\"Serviço\",AC$12<>0,$H60>0,OR(AUTOEVENTO<>\"manual\",$M60<>1)),ROUND(OFFSET($P60,0,AC$13),15-13*ORÇAMENTO!$AF$7)/$H60*OFFSET(ORÇAMENTO!$X$15,ROW(AC60)-ROW(AC$15),0),0)","v":0},{"$f":"IF(AND($D60=\"Serviço\",AD$12<>0,$H60>0,OR(AUTOEVENTO<>\"manual\",$M60<>1)),ROUND(OFFSET($P60,0,AD$13),15-13*ORÇAMENTO!$AF$7)/$H60*OFFSET(ORÇAMENTO!$X$15,ROW(AD60)-ROW(AD$15),0),0)","v":0},{"$f":"IF(AND($D60=\"Serviço\",AE$12<>0,$H60>0,OR(AUTOEVENTO<>\"manual\",$M60<>1)),ROUND(OFFSET($P60,0,AE$13),15-13*ORÇAMENTO!$AF$7)/$H60*OFFSET(ORÇAMENTO!$X$15,ROW(AE60)-ROW(AE$15),0),0)","v":0},{"$f":"IF(AND($D60=\"Serviço\",AF$12<>0,$H60>0,OR(AUTOEVENTO<>\"manual\",$M60<>1)),ROUND(OFFSET($P60,0,AF$13),15-13*ORÇAMENTO!$AF$7)/$H60*OFFSET(ORÇAMENTO!$X$15,ROW(AF60)-ROW(AF$15),0),0)","v":0},{"$f":"IF(AND($D60=\"Serviço\",AG$12<>0,$H60>0,OR(AUTOEVENTO<>\"manual\",$M60<>1)),ROUND(OFFSET($P60,0,AG$13),15-13*ORÇAMENTO!$AF$7)/$H60*OFFSET(ORÇAMENTO!$X$15,ROW(AG60)-ROW(AG$15),0),0)","v":0},{"$f":"IF(AND($D60=\"Serviço\",AH$12<>0,$H60>0,OR(AUTOEVENTO<>\"manual\",$M60<>1)),ROUND(OFFSET($P60,0,AH$13),15-13*ORÇAMENTO!$AF$7)/$H60*OFFSET(ORÇAMENTO!$X$15,ROW(AH60)-ROW(AH$15),0),0)","v":0},{"$f":"IF(AND($D60=\"Serviço\",AI$12<>0,$H60>0,OR(AUTOEVENTO<>\"manual\",$M60<>1)),ROUND(OFFSET($P60,0,AI$13),15-13*ORÇAMENTO!$AF$7)/$H60*OFFSET(ORÇAMENTO!$X$15,ROW(AI60)-ROW(AI$15),0),0)","v":0},{"$f":"IF(AND($D60=\"Serviço\",AJ$12<>0,$H60>0,OR(AUTOEVENTO<>\"manual\",$M60<>1)),ROUND(OFFSET($P60,0,AJ$13),15-13*ORÇAMENTO!$AF$7)/$H60*OFFSET(ORÇAMENTO!$X$15,ROW(AJ60)-ROW(AJ$15),0),0)","v":0},{"$f":"IF(AND($D60=\"Serviço\",AK$12<>0,$H60>0,OR(AUTOEVENTO<>\"manual\",$M60<>1)),ROUND(OFFSET($P60,0,AK$13),15-13*ORÇAMENTO!$AF$7)/$H60*OFFSET(ORÇAMENTO!$X$15,ROW(AK60)-ROW(AK$15),0),0)","v":0},null,{"$f":"IF($D60<>\"Serviço\",0,IF(AND(AUTOEVENTO=\"Manual\",$M60=1),0,IF(OFFSET(CRONOPLE!$F$14,$M60,AM$13)=\"\",10^12,OFFSET(CRONOPLE!$F$14,$M60,AM$13))))","v":1000000000000},{"$f":"IF($D60<>\"Serviço\",0,IF(AND(AUTOEVENTO=\"Manual\",$M60=1),0,IF(OFFSET(CRONOPLE!$F$14,$M60,AN$13)=\"\",10^12,OFFSET(CRONOPLE!$F$14,$M60,AN$13))))","v":1000000000000},{"$f":"IF($D60<>\"Serviço\",0,IF(AND(AUTOEVENTO=\"Manual\",$M60=1),0,IF(OFFSET(CRONOPLE!$F$14,$M60,AO$13)=\"\",10^12,OFFSET(CRONOPLE!$F$14,$M60,AO$13))))","v":1000000000000},{"$f":"IF($D60<>\"Serviço\",0,IF(AND(AUTOEVENTO=\"Manual\",$M60=1),0,IF(OFFSET(CRONOPLE!$F$14,$M60,AP$13)=\"\",10^12,OFFSET(CRONOPLE!$F$14,$M60,AP$13))))","v":1000000000000},{"$f":"IF($D60<>\"Serviço\",0,IF(AND(AUTOEVENTO=\"Manual\",$M60=1),0,IF(OFFSET(CRONOPLE!$F$14,$M60,AQ$13)=\"\",10^12,OFFSET(CRONOPLE!$F$14,$M60,AQ$13))))","v":1000000000000},{"$f":"IF($D60<>\"Serviço\",0,IF(AND(AUTOEVENTO=\"Manual\",$M60=1),0,IF(OFFSET(CRONOPLE!$F$14,$M60,AR$13)=\"\",10^12,OFFSET(CRONOPLE!$F$14,$M60,AR$13))))","v":1000000000000},{"$f":"IF($D60<>\"Serviço\",0,IF(AND(AUTOEVENTO=\"Manual\",$M60=1),0,IF(OFFSET(CRONOPLE!$F$14,$M60,AS$13)=\"\",10^12,OFFSET(CRONOPLE!$F$14,$M60,AS$13))))","v":1000000000000},{"$f":"IF($D60<>\"Serviço\",0,IF(AND(AUTOEVENTO=\"Manual\",$M60=1),0,IF(OFFSET(CRONOPLE!$F$14,$M60,AT$13)=\"\",10^12,OFFSET(CRONOPLE!$F$14,$M60,AT$13))))","v":1000000000000},{"$f":"IF($D60<>\"Serviço\",0,IF(AND(AUTOEVENTO=\"Manual\",$M60=1),0,IF(OFFSET(CRONOPLE!$F$14,$M60,AU$13)=\"\",10^12,OFFSET(CRONOPLE!$F$14,$M60,AU$13))))","v":1000000000000},{"$f":"IF($D60<>\"Serviço\",0,IF(AND(AUTOEVENTO=\"Manual\",$M60=1),0,IF(OFFSET(CRONOPLE!$F$14,$M60,AV$13)=\"\",10^12,OFFSET(CRONOPLE!$F$14,$M60,AV$13))))","v":1000000000000},null,{"$f":"IF($D60<>\"Serviço\",0,IF(OR(AND(AUTOEVENTO=\"Manual\",$M60=1),$M60>(ROW(PLE.lastrow)-ROW(PLE.firstrow))),0,IF(OFFSET(PLE!$G$14,$M60,AX$13)=\"\",10^12,OFFSET(PLE!$G$14,$M60,AX$13))))","v":1000000000000},{"$f":"IF($D60<>\"Serviço\",0,IF(OR(AND(AUTOEVENTO=\"Manual\",$M60=1),$M60>(ROW(PLE.lastrow)-ROW(PLE.firstrow))),0,IF(OFFSET(PLE!$G$14,$M60,AY$13)=\"\",10^12,OFFSET(PLE!$G$14,$M60,AY$13))))","v":1000000000000},{"$f":"IF($D60<>\"Serviço\",0,IF(OR(AND(AUTOEVENTO=\"Manual\",$M60=1),$M60>(ROW(PLE.lastrow)-ROW(PLE.firstrow))),0,IF(OFFSET(PLE!$G$14,$M60,AZ$13)=\"\",10^12,OFFSET(PLE!$G$14,$M60,AZ$13))))","v":1000000000000},{"$f":"IF($D60<>\"Serviço\",0,IF(OR(AND(AUTOEVENTO=\"Manual\",$M60=1),$M60>(ROW(PLE.lastrow)-ROW(PLE.firstrow))),0,IF(OFFSET(PLE!$G$14,$M60,BA$13)=\"\",10^12,OFFSET(PLE!$G$14,$M60,BA$13))))","v":1000000000000},{"$f":"IF($D60<>\"Serviço\",0,IF(OR(AND(AUTOEVENTO=\"Manual\",$M60=1),$M60>(ROW(PLE.lastrow)-ROW(PLE.firstrow))),0,IF(OFFSET(PLE!$G$14,$M60,BB$13)=\"\",10^12,OFFSET(PLE!$G$14,$M60,BB$13))))","v":1000000000000},{"$f":"IF($D60<>\"Serviço\",0,IF(OR(AND(AUTOEVENTO=\"Manual\",$M60=1),$M60>(ROW(PLE.lastrow)-ROW(PLE.firstrow))),0,IF(OFFSET(PLE!$G$14,$M60,BC$13)=\"\",10^12,OFFSET(PLE!$G$14,$M60,BC$13))))","v":1000000000000},{"$f":"IF($D60<>\"Serviço\",0,IF(OR(AND(AUTOEVENTO=\"Manual\",$M60=1),$M60>(ROW(PLE.lastrow)-ROW(PLE.firstrow))),0,IF(OFFSET(PLE!$G$14,$M60,BD$13)=\"\",10^12,OFFSET(PLE!$G$14,$M60,BD$13))))","v":1000000000000},{"$f":"IF($D60<>\"Serviço\",0,IF(OR(AND(AUTOEVENTO=\"Manual\",$M60=1),$M60>(ROW(PLE.lastrow)-ROW(PLE.firstrow))),0,IF(OFFSET(PLE!$G$14,$M60,BE$13)=\"\",10^12,OFFSET(PLE!$G$14,$M60,BE$13))))","v":1000000000000},{"$f":"IF($D60<>\"Serviço\",0,IF(OR(AND(AUTOEVENTO=\"Manual\",$M60=1),$M60>(ROW(PLE.lastrow)-ROW(PLE.firstrow))),0,IF(OFFSET(PLE!$G$14,$M60,BF$13)=\"\",10^12,OFFSET(PLE!$G$14,$M60,BF$13))))","v":1000000000000},{"$f":"IF($D60<>\"Serviço\",0,IF(OR(AND(AUTOEVENTO=\"Manual\",$M60=1),$M60>(ROW(PLE.lastrow)-ROW(PLE.firstrow))),0,IF(OFFSET(PLE!$G$14,$M60,BG$13)=\"\",10^12,OFFSET(PLE!$G$14,$M60,BG$13))))","v":1000000000000}]
["44",{"$f":"OFFSET(ORÇAMENTO!C$15,ROW(B61)-ROW(B$15),0)","v":"S"},{"$f":"OFFSET(ORÇAMENTO!L$15,ROW(C61)-ROW(C$15),0)","v":"F"},{"$f":"OFFSET(ORÇAMENTO!N$15,ROW(D61)-ROW(D$15),0)","v":"Serviço"},{"$f":"OFFSET(ORÇAMENTO!O$15,ROW(E61)-ROW(E$15),0)","v":"1.5.2."},{"$f":"OFFSET(ORÇAMENTO!R$15,ROW(F61)-ROW(F$15),0)","v":"JANELA DE ALUMÍNIO DE CORRER COM 4 FOLHAS PARA VIDROS, COM VIDROS, BATENTE, ACABAMENTO COM ACETATO OU BRILHANTE E FERRAGENS. FORNECIMENTO E INSTALAÇÃO"},{"$f":"IF($D61<>\"Serviço\",\"\",OFFSET(ORÇAMENTO!S$15,ROW(G61)-ROW(G$15),0))","v":"M2"},{"$f":"IF($D61<>\"Serviço\",0,IF(ACOMPANHAMENTO=\"BM\",ROUND(OFFSET(ORÇAMENTO!AJ$15,ROW(H61)-ROW(H$15),0),15-13*ORÇAMENTO!$AF$7),SUMPRODUCT(($Q$12:$AA$12<>\"\")*ROUND($Q61:$AA61,15-13*ORÇAMENTO!$AF$7))))","v":16.559999999999999},null,null,null,".",{"$f":"IF($D61<>\"Serviço\",\"\",IF(AUTOEVENTO=\"manual\",$A61,IF(ISERROR(MATCH($A61,$A$15:OFFSET($A61,-1,0),0)),MAX($M$15:OFFSET(M61,-1,0))+1,INDEX($M$15:OFFSET(M61,-1,0),MATCH($A61,$A$15:OFFSET($A61,-1,0),0)))))","v":6},{"$f":"IF($D61<>\"Serviço\",\"\",IF(AUTOEVENTO=\"Manual\",IF($A61=0,\"<-- defina o número do agrupador\",OFFSET(EVENTOS!$D$14,$A61,0)),OFFSET($F$15,$A61,0)))","v":"ESQUADRIAS"},null,null,null,null,null,null,null,null,null,null,null,null,null,{"$f":"IF(AND($D61=\"Serviço\",AB$12<>0,$H61>0,OR(AUTOEVENTO<>\"manual\",$M61<>1)),ROUND(OFFSET($P61,0,AB$13),15-13*ORÇAMENTO!$AF$7)/$H61*OFFSET(ORÇAMENTO!$X$15,ROW(AB61)-ROW(AB$15),0),0)","v":0},{"$f":"IF(AND($D61=\"Serviço\",AC$12<>0,$H61>0,OR(AUTOEVENTO<>\"manual\",$M61<>1)),ROUND(OFFSET($P61,0,AC$13),15-13*ORÇAMENTO!$AF$7)/$H61*OFFSET(ORÇAMENTO!$X$15,ROW(AC61)-ROW(AC$15),0),0)","v":0},{"$f":"IF(AND($D61=\"Serviço\",AD$12<>0,$H61>0,OR(AUTOEVENTO<>\"manual\",$M61<>1)),ROUND(OFFSET($P61,0,AD$13),15-13*ORÇAMENTO!$AF$7)/$H61*OFFSET(ORÇAMENTO!$X$15,ROW(AD61)-ROW(AD$15),0),0)","v":0},{"$f":"IF(AND($D61=\"Serviço\",AE$12<>0,$H61>0,OR(AUTOEVENTO<>\"manual\",$M61<>1)),ROUND(OFFSET($P61,0,AE$13),15-13*ORÇAMENTO!$AF$7)/$H61*OFFSET(ORÇAMENTO!$X$15,ROW(AE61)-ROW(AE$15),0),0)","v":0},{"$f":"IF(AND($D61=\"Serviço\",AF$12<>0,$H61>0,OR(AUTOEVENTO<>\"manual\",$M61<>1)),ROUND(OFFSET($P61,0,AF$13),15-13*ORÇAMENTO!$AF$7)/$H61*OFFSET(ORÇAMENTO!$X$15,ROW(AF61)-ROW(AF$15),0),0)","v":0},{"$f":"IF(AND($D61=\"Serviço\",AG$12<>0,$H61>0,OR(AUTOEVENTO<>\"manual\",$M61<>1)),ROUND(OFFSET($P61,0,AG$13),15-13*ORÇAMENTO!$AF$7)/$H61*OFFSET(ORÇAMENTO!$X$15,ROW(AG61)-ROW(AG$15),0),0)","v":0},{"$f":"IF(AND($D61=\"Serviço\",AH$12<>0,$H61>0,OR(AUTOEVENTO<>\"manual\",$M61<>1)),ROUND(OFFSET($P61,0,AH$13),15-13*ORÇAMENTO!$AF$7)/$H61*OFFSET(ORÇAMENTO!$X$15,ROW(AH61)-ROW(AH$15),0),0)","v":0},{"$f":"IF(AND($D61=\"Serviço\",AI$12<>0,$H61>0,OR(AUTOEVENTO<>\"manual\",$M61<>1)),ROUND(OFFSET($P61,0,AI$13),15-13*ORÇAMENTO!$AF$7)/$H61*OFFSET(ORÇAMENTO!$X$15,ROW(AI61)-ROW(AI$15),0),0)","v":0},{"$f":"IF(AND($D61=\"Serviço\",AJ$12<>0,$H61>0,OR(AUTOEVENTO<>\"manual\",$M61<>1)),ROUND(OFFSET($P61,0,AJ$13),15-13*ORÇAMENTO!$AF$7)/$H61*OFFSET(ORÇAMENTO!$X$15,ROW(AJ61)-ROW(AJ$15),0),0)","v":0},{"$f":"IF(AND($D61=\"Serviço\",AK$12<>0,$H61>0,OR(AUTOEVENTO<>\"manual\",$M61<>1)),ROUND(OFFSET($P61,0,AK$13),15-13*ORÇAMENTO!$AF$7)/$H61*OFFSET(ORÇAMENTO!$X$15,ROW(AK61)-ROW(AK$15),0),0)","v":0},null,{"$f":"IF($D61<>\"Serviço\",0,IF(AND(AUTOEVENTO=\"Manual\",$M61=1),0,IF(OFFSET(CRONOPLE!$F$14,$M61,AM$13)=\"\",10^12,OFFSET(CRONOPLE!$F$14,$M61,AM$13))))","v":1000000000000},{"$f":"IF($D61<>\"Serviço\",0,IF(AND(AUTOEVENTO=\"Manual\",$M61=1),0,IF(OFFSET(CRONOPLE!$F$14,$M61,AN$13)=\"\",10^12,OFFSET(CRONOPLE!$F$14,$M61,AN$13))))","v":1000000000000},{"$f":"IF($D61<>\"Serviço\",0,IF(AND(AUTOEVENTO=\"Manual\",$M61=1),0,IF(OFFSET(CRONOPLE!$F$14,$M61,AO$13)=\"\",10^12,OFFSET(CRONOPLE!$F$14,$M61,AO$13))))","v":1000000000000},{"$f":"IF($D61<>\"Serviço\",0,IF(AND(AUTOEVENTO=\"Manual\",$M61=1),0,IF(OFFSET(CRONOPLE!$F$14,$M61,AP$13)=\"\",10^12,OFFSET(CRONOPLE!$F$14,$M61,AP$13))))","v":1000000000000},{"$f":"IF($D61<>\"Serviço\",0,IF(AND(AUTOEVENTO=\"Manual\",$M61=1),0,IF(OFFSET(CRONOPLE!$F$14,$M61,AQ$13)=\"\",10^12,OFFSET(CRONOPLE!$F$14,$M61,AQ$13))))","v":1000000000000},{"$f":"IF($D61<>\"Serviço\",0,IF(AND(AUTOEVENTO=\"Manual\",$M61=1),0,IF(OFFSET(CRONOPLE!$F$14,$M61,AR$13)=\"\",10^12,OFFSET(CRONOPLE!$F$14,$M61,AR$13))))","v":1000000000000},{"$f":"IF($D61<>\"Serviço\",0,IF(AND(AUTOEVENTO=\"Manual\",$M61=1),0,IF(OFFSET(CRONOPLE!$F$14,$M61,AS$13)=\"\",10^12,OFFSET(CRONOPLE!$F$14,$M61,AS$13))))","v":1000000000000},{"$f":"IF($D61<>\"Serviço\",0,IF(AND(AUTOEVENTO=\"Manual\",$M61=1),0,IF(OFFSET(CRONOPLE!$F$14,$M61,AT$13)=\"\",10^12,OFFSET(CRONOPLE!$F$14,$M61,AT$13))))","v":1000000000000},{"$f":"IF($D61<>\"Serviço\",0,IF(AND(AUTOEVENTO=\"Manual\",$M61=1),0,IF(OFFSET(CRONOPLE!$F$14,$M61,AU$13)=\"\",10^12,OFFSET(CRONOPLE!$F$14,$M61,AU$13))))","v":1000000000000},{"$f":"IF($D61<>\"Serviço\",0,IF(AND(AUTOEVENTO=\"Manual\",$M61=1),0,IF(OFFSET(CRONOPLE!$F$14,$M61,AV$13)=\"\",10^12,OFFSET(CRONOPLE!$F$14,$M61,AV$13))))","v":1000000000000},null,{"$f":"IF($D61<>\"Serviço\",0,IF(OR(AND(AUTOEVENTO=\"Manual\",$M61=1),$M61>(ROW(PLE.lastrow)-ROW(PLE.firstrow))),0,IF(OFFSET(PLE!$G$14,$M61,AX$13)=\"\",10^12,OFFSET(PLE!$G$14,$M61,AX$13))))","v":1000000000000},{"$f":"IF($D61<>\"Serviço\",0,IF(OR(AND(AUTOEVENTO=\"Manual\",$M61=1),$M61>(ROW(PLE.lastrow)-ROW(PLE.firstrow))),0,IF(OFFSET(PLE!$G$14,$M61,AY$13)=\"\",10^12,OFFSET(PLE!$G$14,$M61,AY$13))))","v":1000000000000},{"$f":"IF($D61<>\"Serviço\",0,IF(OR(AND(AUTOEVENTO=\"Manual\",$M61=1),$M61>(ROW(PLE.lastrow)-ROW(PLE.firstrow))),0,IF(OFFSET(PLE!$G$14,$M61,AZ$13)=\"\",10^12,OFFSET(PLE!$G$14,$M61,AZ$13))))","v":1000000000000},{"$f":"IF($D61<>\"Serviço\",0,IF(OR(AND(AUTOEVENTO=\"Manual\",$M61=1),$M61>(ROW(PLE.lastrow)-ROW(PLE.firstrow))),0,IF(OFFSET(PLE!$G$14,$M61,BA$13)=\"\",10^12,OFFSET(PLE!$G$14,$M61,BA$13))))","v":1000000000000},{"$f":"IF($D61<>\"Serviço\",0,IF(OR(AND(AUTOEVENTO=\"Manual\",$M61=1),$M61>(ROW(PLE.lastrow)-ROW(PLE.firstrow))),0,IF(OFFSET(PLE!$G$14,$M61,BB$13)=\"\",10^12,OFFSET(PLE!$G$14,$M61,BB$13))))","v":1000000000000},{"$f":"IF($D61<>\"Serviço\",0,IF(OR(AND(AUTOEVENTO=\"Manual\",$M61=1),$M61>(ROW(PLE.lastrow)-ROW(PLE.firstrow))),0,IF(OFFSET(PLE!$G$14,$M61,BC$13)=\"\",10^12,OFFSET(PLE!$G$14,$M61,BC$13))))","v":1000000000000},{"$f":"IF($D61<>\"Serviço\",0,IF(OR(AND(AUTOEVENTO=\"Manual\",$M61=1),$M61>(ROW(PLE.lastrow)-ROW(PLE.firstrow))),0,IF(OFFSET(PLE!$G$14,$M61,BD$13)=\"\",10^12,OFFSET(PLE!$G$14,$M61,BD$13))))","v":1000000000000},{"$f":"IF($D61<>\"Serviço\",0,IF(OR(AND(AUTOEVENTO=\"Manual\",$M61=1),$M61>(ROW(PLE.lastrow)-ROW(PLE.firstrow))),0,IF(OFFSET(PLE!$G$14,$M61,BE$13)=\"\",10^12,OFFSET(PLE!$G$14,$M61,BE$13))))","v":1000000000000},{"$f":"IF($D61<>\"Serviço\",0,IF(OR(AND(AUTOEVENTO=\"Manual\",$M61=1),$M61>(ROW(PLE.lastrow)-ROW(PLE.firstrow))),0,IF(OFFSET(PLE!$G$14,$M61,BF$13)=\"\",10^12,OFFSET(PLE!$G$14,$M61,BF$13))))","v":1000000000000},{"$f":"IF($D61<>\"Serviço\",0,IF(OR(AND(AUTOEVENTO=\"Manual\",$M61=1),$M61>(ROW(PLE.lastrow)-ROW(PLE.firstrow))),0,IF(OFFSET(PLE!$G$14,$M61,BG$13)=\"\",10^12,OFFSET(PLE!$G$14,$M61,BG$13))))","v":1000000000000}]
["44",{"$f":"OFFSET(ORÇAMENTO!C$15,ROW(B62)-ROW(B$15),0)","v":"S"},{"$f":"OFFSET(ORÇAMENTO!L$15,ROW(C62)-ROW(C$15),0)","v":"F"},{"$f":"OFFSET(ORÇAMENTO!N$15,ROW(D62)-ROW(D$15),0)","v":"Serviço"},{"$f":"OFFSET(ORÇAMENTO!O$15,ROW(E62)-ROW(E$15),0)","v":"1.5.3."},{"$f":"OFFSET(ORÇAMENTO!R$15,ROW(F62)-ROW(F$15),0)","v":"JANELA DE AÇO TIPO BASCULANTE PARA VIDROS, COM BATENTE, FERRAGENS E PINTURA ANTICORROSIVA. EXCLUSIVE VIDROS. FORNECIMENTO E INSTALAÇÃO"},{"$f":"IF($D62<>\"Serviço\",\"\",OFFSET(ORÇAMENTO!S$15,ROW(G62)-ROW(G$15),0))","v":"M2"},{"$f":"IF($D62<>\"Serviço\",0,IF(ACOMPANHAMENTO=\"BM\",ROUND(OFFSET(ORÇAMENTO!AJ$15,ROW(H62)-ROW(H$15),0),15-13*ORÇAMENTO!$AF$7),SUMPRODUCT(($Q$12:$AA$12<>\"\")*ROUND($Q62:$AA62,15-13*ORÇAMENTO!$AF$7))))","v":0.84},null,null,null,".",{"$f":"IF($D62<>\"Serviço\",\"\",IF(AUTOEVENTO=\"manual\",$A62,IF(ISERROR(MATCH($A62,$A$15:OFFSET($A62,-1,0),0)),MAX($M$15:OFFSET(M62,-1,0))+1,INDEX($M$15:OFFSET(M62,-1,0),MATCH($A62,$A$15:OFFSET($A62,-1,0),0)))))","v":6},{"$f":"IF($D62<>\"Serviço\",\"\",IF(AUTOEVENTO=\"Manual\",IF($A62=0,\"<-- defina o número do agrupador\",OFFSET(EVENTOS!$D$14,$A62,0)),OFFSET($F$15,$A62,0)))","v":"ESQUADRIAS"},null,null,null,null,null,null,null,null,null,null,null,null,null,{"$f":"IF(AND($D62=\"Serviço\",AB$12<>0,$H62>0,OR(AUTOEVENTO<>\"manual\",$M62<>1)),ROUND(OFFSET($P62,0,AB$13),15-13*ORÇAMENTO!$AF$7)/$H62*OFFSET(ORÇAMENTO!$X$15,ROW(AB62)-ROW(AB$15),0),0)","v":0},{"$f":"IF(AND($D62=\"Serviço\",AC$12<>0,$H62>0,OR(AUTOEVENTO<>\"manual\",$M62<>1)),ROUND(OFFSET($P62,0,AC$13),15-13*ORÇAMENTO!$AF$7)/$H62*OFFSET(ORÇAMENTO!$X$15,ROW(AC62)-ROW(AC$15),0),0)","v":0},{"$f":"IF(AND($D62=\"Serviço\",AD$12<>0,$H62>0,OR(AUTOEVENTO<>\"manual\",$M62<>1)),ROUND(OFFSET($P62,0,AD$13),15-13*ORÇAMENTO!$AF$7)/$H62*OFFSET(ORÇAMENTO!$X$15,ROW(AD62)-ROW(AD$15),0),0)","v":0},{"$f":"IF(AND($D62=\"Serviço\",AE$12<>0,$H62>0,OR(AUTOEVENTO<>\"manual\",$M62<>1)),ROUND(OFFSET($P62,0,AE$13),15-13*ORÇAMENTO!$AF$7)/$H62*OFFSET(ORÇAMENTO!$X$15,ROW(AE62)-ROW(AE$15),0),0)","v":0},{"$f":"IF(AND($D62=\"Serviço\",AF$12<>0,$H62>0,OR(AUTOEVENTO<>\"manual\",$M62<>1)),ROUND(OFFSET($P62,0,AF$13),15-13*ORÇAMENTO!$AF$7)/$H62*OFFSET(ORÇAMENTO!$X$15,ROW(AF62)-ROW(AF$15),0),0)","v":0},{"$f":"IF(AND($D62=\"Serviço\",AG$12<>0,$H62>0,OR(AUTOEVENTO<>\"manual\",$M62<>1)),ROUND(OFFSET($P62,0,AG$13),15-13*ORÇAMENTO!$AF$7)/$H62*OFFSET(ORÇAMENTO!$X$15,ROW(AG62)-ROW(AG$15),0),0)","v":0},{"$f":"IF(AND($D62=\"Serviço\",AH$12<>0,$H62>0,OR(AUTOEVENTO<>\"manual\",$M62<>1)),ROUND(OFFSET($P62,0,AH$13),15-13*ORÇAMENTO!$AF$7)/$H62*OFFSET(ORÇAMENTO!$X$15,ROW(AH62)-ROW(AH$15),0),0)","v":0},{"$f":"IF(AND($D62=\"Serviço\",AI$12<>0,$H62>0,OR(AUTOEVENTO<>\"manual\",$M62<>1)),ROUND(OFFSET($P62,0,AI$13),15-13*ORÇAMENTO!$AF$7)/$H62*OFFSET(ORÇAMENTO!$X$15,ROW(AI62)-ROW(AI$15),0),0)","v":0},{"$f":"IF(AND($D62=\"Serviço\",AJ$12<>0,$H62>0,OR(AUTOEVENTO<>\"manual\",$M62<>1)),ROUND(OFFSET($P62,0,AJ$13),15-13*ORÇAMENTO!$AF$7)/$H62*OFFSET(ORÇAMENTO!$X$15,ROW(AJ62)-ROW(AJ$15),0),0)","v":0},{"$f":"IF(AND($D62=\"Serviço\",AK$12<>0,$H62>0,OR(AUTOEVENTO<>\"manual\",$M62<>1)),ROUND(OFFSET($P62,0,AK$13),15-13*ORÇAMENTO!$AF$7)/$H62*OFFSET(ORÇAMENTO!$X$15,ROW(AK62)-ROW(AK$15),0),0)","v":0},null,{"$f":"IF($D62<>\"Serviço\",0,IF(AND(AUTOEVENTO=\"Manual\",$M62=1),0,IF(OFFSET(CRONOPLE!$F$14,$M62,AM$13)=\"\",10^12,OFFSET(CRONOPLE!$F$14,$M62,AM$13))))","v":1000000000000},{"$f":"IF($D62<>\"Serviço\",0,IF(AND(AUTOEVENTO=\"Manual\",$M62=1),0,IF(OFFSET(CRONOPLE!$F$14,$M62,AN$13)=\"\",10^12,OFFSET(CRONOPLE!$F$14,$M62,AN$13))))","v":1000000000000},{"$f":"IF($D62<>\"Serviço\",0,IF(AND(AUTOEVENTO=\"Manual\",$M62=1),0,IF(OFFSET(CRONOPLE!$F$14,$M62,AO$13)=\"\",10^12,OFFSET(CRONOPLE!$F$14,$M62,AO$13))))","v":1000000000000},{"$f":"IF($D62<>\"Serviço\",0,IF(AND(AUTOEVENTO=\"Manual\",$M62=1),0,IF(OFFSET(CRONOPLE!$F$14,$M62,AP$13)=\"\",10^12,OFFSET(CRONOPLE!$F$14,$M62,AP$13))))","v":1000000000000},{"$f":"IF($D62<>\"Serviço\",0,IF(AND(AUTOEVENTO=\"Manual\",$M62=1),0,IF(OFFSET(CRONOPLE!$F$14,$M62,AQ$13)=\"\",10^12,OFFSET(CRONOPLE!$F$14,$M62,AQ$13))))","v":1000000000000},{"$f":"IF($D62<>\"Serviço\",0,IF(AND(AUTOEVENTO=\"Manual\",$M62=1),0,IF(OFFSET(CRONOPLE!$F$14,$M62,AR$13)=\"\",10^12,OFFSET(CRONOPLE!$F$14,$M62,AR$13))))","v":1000000000000},{"$f":"IF($D62<>\"Serviço\",0,IF(AND(AUTOEVENTO=\"Manual\",$M62=1),0,IF(OFFSET(CRONOPLE!$F$14,$M62,AS$13)=\"\",10^12,OFFSET(CRONOPLE!$F$14,$M62,AS$13))))","v":1000000000000},{"$f":"IF($D62<>\"Serviço\",0,IF(AND(AUTOEVENTO=\"Manual\",$M62=1),0,IF(OFFSET(CRONOPLE!$F$14,$M62,AT$13)=\"\",10^12,OFFSET(CRONOPLE!$F$14,$M62,AT$13))))","v":1000000000000},{"$f":"IF($D62<>\"Serviço\",0,IF(AND(AUTOEVENTO=\"Manual\",$M62=1),0,IF(OFFSET(CRONOPLE!$F$14,$M62,AU$13)=\"\",10^12,OFFSET(CRONOPLE!$F$14,$M62,AU$13))))","v":1000000000000},{"$f":"IF($D62<>\"Serviço\",0,IF(AND(AUTOEVENTO=\"Manual\",$M62=1),0,IF(OFFSET(CRONOPLE!$F$14,$M62,AV$13)=\"\",10^12,OFFSET(CRONOPLE!$F$14,$M62,AV$13))))","v":1000000000000},null,{"$f":"IF($D62<>\"Serviço\",0,IF(OR(AND(AUTOEVENTO=\"Manual\",$M62=1),$M62>(ROW(PLE.lastrow)-ROW(PLE.firstrow))),0,IF(OFFSET(PLE!$G$14,$M62,AX$13)=\"\",10^12,OFFSET(PLE!$G$14,$M62,AX$13))))","v":1000000000000},{"$f":"IF($D62<>\"Serviço\",0,IF(OR(AND(AUTOEVENTO=\"Manual\",$M62=1),$M62>(ROW(PLE.lastrow)-ROW(PLE.firstrow))),0,IF(OFFSET(PLE!$G$14,$M62,AY$13)=\"\",10^12,OFFSET(PLE!$G$14,$M62,AY$13))))","v":1000000000000},{"$f":"IF($D62<>\"Serviço\",0,IF(OR(AND(AUTOEVENTO=\"Manual\",$M62=1),$M62>(ROW(PLE.lastrow)-ROW(PLE.firstrow))),0,IF(OFFSET(PLE!$G$14,$M62,AZ$13)=\"\",10^12,OFFSET(PLE!$G$14,$M62,AZ$13))))","v":1000000000000},{"$f":"IF($D62<>\"Serviço\",0,IF(OR(AND(AUTOEVENTO=\"Manual\",$M62=1),$M62>(ROW(PLE.lastrow)-ROW(PLE.firstrow))),0,IF(OFFSET(PLE!$G$14,$M62,BA$13)=\"\",10^12,OFFSET(PLE!$G$14,$M62,BA$13))))","v":1000000000000},{"$f":"IF($D62<>\"Serviço\",0,IF(OR(AND(AUTOEVENTO=\"Manual\",$M62=1),$M62>(ROW(PLE.lastrow)-ROW(PLE.firstrow))),0,IF(OFFSET(PLE!$G$14,$M62,BB$13)=\"\",10^12,OFFSET(PLE!$G$14,$M62,BB$13))))","v":1000000000000},{"$f":"IF($D62<>\"Serviço\",0,IF(OR(AND(AUTOEVENTO=\"Manual\",$M62=1),$M62>(ROW(PLE.lastrow)-ROW(PLE.firstrow))),0,IF(OFFSET(PLE!$G$14,$M62,BC$13)=\"\",10^12,OFFSET(PLE!$G$14,$M62,BC$13))))","v":1000000000000},{"$f":"IF($D62<>\"Serviço\",0,IF(OR(AND(AUTOEVENTO=\"Manual\",$M62=1),$M62>(ROW(PLE.lastrow)-ROW(PLE.firstrow))),0,IF(OFFSET(PLE!$G$14,$M62,BD$13)=\"\",10^12,OFFSET(PLE!$G$14,$M62,BD$13))))","v":1000000000000},{"$f":"IF($D62<>\"Serviço\",0,IF(OR(AND(AUTOEVENTO=\"Manual\",$M62=1),$M62>(ROW(PLE.lastrow)-ROW(PLE.firstrow))),0,IF(OFFSET(PLE!$G$14,$M62,BE$13)=\"\",10^12,OFFSET(PLE!$G$14,$M62,BE$13))))","v":1000000000000},{"$f":"IF($D62<>\"Serviço\",0,IF(OR(AND(AUTOEVENTO=\"Manual\",$M62=1),$M62>(ROW(PLE.lastrow)-ROW(PLE.firstrow))),0,IF(OFFSET(PLE!$G$14,$M62,BF$13)=\"\",10^12,OFFSET(PLE!$G$14,$M62,BF$13))))","v":1000000000000},{"$f":"IF($D62<>\"Serviço\",0,IF(OR(AND(AUTOEVENTO=\"Manual\",$M62=1),$M62>(ROW(PLE.lastrow)-ROW(PLE.firstrow))),0,IF(OFFSET(PLE!$G$14,$M62,BG$13)=\"\",10^12,OFFSET(PLE!$G$14,$M62,BG$13))))","v":1000000000000}]
["44",{"$f":"OFFSET(ORÇAMENTO!C$15,ROW(B63)-ROW(B$15),0)","v":"S"},{"$f":"OFFSET(ORÇAMENTO!L$15,ROW(C63)-ROW(C$15),0)","v":"F"},{"$f":"OFFSET(ORÇAMENTO!N$15,ROW(D63)-ROW(D$15),0)","v":"Serviço"},{"$f":"OFFSET(ORÇAMENTO!O$15,ROW(E63)-ROW(E$15),0)","v":"1.5.4."},{"$f":"OFFSET(ORÇAMENTO!R$15,ROW(F63)-ROW(F$15),0)","v":"VIDRO TEMPERADO INCOLOR, ESPESSURA 10 MM, FORNECIMENTO E INSTALACAO, INCLUSIVE MASSA PARA VEDAÇÃO"},{"$f":"IF($D63<>\"Serviço\",\"\",OFFSET(ORÇAMENTO!S$15,ROW(G63)-ROW(G$15),0))","v":"M2"},{"$f":"IF($D63<>\"Serviço\",0,IF(ACOMPANHAMENTO=\"BM\",ROUND(OFFSET(ORÇAMENTO!AJ$15,ROW(H63)-ROW(H$15),0),15-13*ORÇAMENTO!$AF$7),SUMPRODUCT(($Q$12:$AA$12<>\"\")*ROUND($Q63:$AA63,15-13*ORÇAMENTO!$AF$7))))","v":0.84},null,null,null,".",{"$f":"IF($D63<>\"Serviço\",\"\",IF(AUTOEVENTO=\"manual\",$A63,IF(ISERROR(MATCH($A63,$A$15:OFFSET($A63,-1,0),0)),MAX($M$15:OFFSET(M63,-1,0))+1,INDEX($M$15:OFFSET(M63,-1,0),MATCH($A63,$A$15:OFFSET($A63,-1,0),0)))))","v":6},{"$f":"IF($D63<>\"Serviço\",\"\",IF(AUTOEVENTO=\"Manual\",IF($A63=0,\"<-- defina o número do agrupador\",OFFSET(EVENTOS!$D$14,$A63,0)),OFFSET($F$15,$A63,0)))","v":"ESQUADRIAS"},null,null,null,null,null,null,null,null,null,null,null,null,null,{"$f":"IF(AND($D63=\"Serviço\",AB$12<>0,$H63>0,OR(AUTOEVENTO<>\"manual\",$M63<>1)),ROUND(OFFSET($P63,0,AB$13),15-13*ORÇAMENTO!$AF$7)/$H63*OFFSET(ORÇAMENTO!$X$15,ROW(AB63)-ROW(AB$15),0),0)","v":0},{"$f":"IF(AND($D63=\"Serviço\",AC$12<>0,$H63>0,OR(AUTOEVENTO<>\"manual\",$M63<>1)),ROUND(OFFSET($P63,0,AC$13),15-13*ORÇAMENTO!$AF$7)/$H63*OFFSET(ORÇAMENTO!$X$15,ROW(AC63)-ROW(AC$15),0),0)","v":0},{"$f":"IF(AND($D63=\"Serviço\",AD$12<>0,$H63>0,OR(AUTOEVENTO<>\"manual\",$M63<>1)),ROUND(OFFSET($P63,0,AD$13),15-13*ORÇAMENTO!$AF$7)/$H63*OFFSET(ORÇAMENTO!$X$15,ROW(AD63)-ROW(AD$15),0),0)","v":0},{"$f":"IF(AND($D63=\"Serviço\",AE$12<>0,$H63>0,OR(AUTOEVENTO<>\"manual\",$M63<>1)),ROUND(OFFSET($P63,0,AE$13),15-13*ORÇAMENTO!$AF$7)/$H63*OFFSET(ORÇAMENTO!$X$15,ROW(AE63)-ROW(AE$15),0),0)","v":0},{"$f":"IF(AND($D63=\"Serviço\",AF$12<>0,$H63>0,OR(AUTOEVENTO<>\"manual\",$M63<>1)),ROUND(OFFSET($P63,0,AF$13),15-13*ORÇAMENTO!$AF$7)/$H63*OFFSET(ORÇAMENTO!$X$15,ROW(AF63)-ROW(AF$15),0),0)","v":0},{"$f":"IF(AND($D63=\"Serviço\",AG$12<>0,$H63>0,OR(AUTOEVENTO<>\"manual\",$M63<>1)),ROUND(OFFSET($P63,0,AG$13),15-13*ORÇAMENTO!$AF$7)/$H63*OFFSET(ORÇAMENTO!$X$15,ROW(AG63)-ROW(AG$15),0),0)","v":0},{"$f":"IF(AND($D63=\"Serviço\",AH$12<>0,$H63>0,OR(AUTOEVENTO<>\"manual\",$M63<>1)),ROUND(OFFSET($P63,0,AH$13),15-13*ORÇAMENTO!$AF$7)/$H63*OFFSET(ORÇAMENTO!$X$15,ROW(AH63)-ROW(AH$15),0),0)","v":0},{"$f":"IF(AND($D63=\"Serviço\",AI$12<>0,$H63>0,OR(AUTOEVENTO<>\"manual\",$M63<>1)),ROUND(OFFSET($P63,0,AI$13),15-13*ORÇAMENTO!$AF$7)/$H63*OFFSET(ORÇAMENTO!$X$15,ROW(AI63)-ROW(AI$15),0),0)","v":0},{"$f":"IF(AND($D63=\"Serviço\",AJ$12<>0,$H63>0,OR(AUTOEVENTO<>\"manual\",$M63<>1)),ROUND(OFFSET($P63,0,AJ$13),15-13*ORÇAMENTO!$AF$7)/$H63*OFFSET(ORÇAMENTO!$X$15,ROW(AJ63)-ROW(AJ$15),0),0)","v":0},{"$f":"IF(AND($D63=\"Serviço\",AK$12<>0,$H63>0,OR(AUTOEVENTO<>\"manual\",$M63<>1)),ROUND(OFFSET($P63,0,AK$13),15-13*ORÇAMENTO!$AF$7)/$H63*OFFSET(ORÇAMENTO!$X$15,ROW(AK63)-ROW(AK$15),0),0)","v":0},null,{"$f":"IF($D63<>\"Serviço\",0,IF(AND(AUTOEVENTO=\"Manual\",$M63=1),0,IF(OFFSET(CRONOPLE!$F$14,$M63,AM$13)=\"\",10^12,OFFSET(CRONOPLE!$F$14,$M63,AM$13))))","v":1000000000000},{"$f":"IF($D63<>\"Serviço\",0,IF(AND(AUTOEVENTO=\"Manual\",$M63=1),0,IF(OFFSET(CRONOPLE!$F$14,$M63,AN$13)=\"\",10^12,OFFSET(CRONOPLE!$F$14,$M63,AN$13))))","v":1000000000000},{"$f":"IF($D63<>\"Serviço\",0,IF(AND(AUTOEVENTO=\"Manual\",$M63=1),0,IF(OFFSET(CRONOPLE!$F$14,$M63,AO$13)=\"\",10^12,OFFSET(CRONOPLE!$F$14,$M63,AO$13))))","v":1000000000000},{"$f":"IF($D63<>\"Serviço\",0,IF(AND(AUTOEVENTO=\"Manual\",$M63=1),0,IF(OFFSET(CRONOPLE!$F$14,$M63,AP$13)=\"\",10^12,OFFSET(CRONOPLE!$F$14,$M63,AP$13))))","v":1000000000000},{"$f":"IF($D63<>\"Serviço\",0,IF(AND(AUTOEVENTO=\"Manual\",$M63=1),0,IF(OFFSET(CRONOPLE!$F$14,$M63,AQ$13)=\"\",10^12,OFFSET(CRONOPLE!$F$14,$M63,AQ$13))))","v":1000000000000},{"$f":"IF($D63<>\"Serviço\",0,IF(AND(AUTOEVENTO=\"Manual\",$M63=1),0,IF(OFFSET(CRONOPLE!$F$14,$M63,AR$13)=\"\",10^12,OFFSET(CRONOPLE!$F$14,$M63,AR$13))))","v":1000000000000},{"$f":"IF($D63<>\"Serviço\",0,IF(AND(AUTOEVENTO=\"Manual\",$M63=1),0,IF(OFFSET(CRONOPLE!$F$14,$M63,AS$13)=\"\",10^12,OFFSET(CRONOPLE!$F$14,$M63,AS$13))))","v":1000000000000},{"$f":"IF($D63<>\"Serviço\",0,IF(AND(AUTOEVENTO=\"Manual\",$M63=1),0,IF(OFFSET(CRONOPLE!$F$14,$M63,AT$13)=\"\",10^12,OFFSET(CRONOPLE!$F$14,$M63,AT$13))))","v":1000000000000},{"$f":"IF($D63<>\"Serviço\",0,IF(AND(AUTOEVENTO=\"Manual\",$M63=1),0,IF(OFFSET(CRONOPLE!$F$14,$M63,AU$13)=\"\",10^12,OFFSET(CRONOPLE!$F$14,$M63,AU$13))))","v":1000000000000},{"$f":"IF($D63<>\"Serviço\",0,IF(AND(AUTOEVENTO=\"Manual\",$M63=1),0,IF(OFFSET(CRONOPLE!$F$14,$M63,AV$13)=\"\",10^12,OFFSET(CRONOPLE!$F$14,$M63,AV$13))))","v":1000000000000},null,{"$f":"IF($D63<>\"Serviço\",0,IF(OR(AND(AUTOEVENTO=\"Manual\",$M63=1),$M63>(ROW(PLE.lastrow)-ROW(PLE.firstrow))),0,IF(OFFSET(PLE!$G$14,$M63,AX$13)=\"\",10^12,OFFSET(PLE!$G$14,$M63,AX$13))))","v":1000000000000},{"$f":"IF($D63<>\"Serviço\",0,IF(OR(AND(AUTOEVENTO=\"Manual\",$M63=1),$M63>(ROW(PLE.lastrow)-ROW(PLE.firstrow))),0,IF(OFFSET(PLE!$G$14,$M63,AY$13)=\"\",10^12,OFFSET(PLE!$G$14,$M63,AY$13))))","v":1000000000000},{"$f":"IF($D63<>\"Serviço\",0,IF(OR(AND(AUTOEVENTO=\"Manual\",$M63=1),$M63>(ROW(PLE.lastrow)-ROW(PLE.firstrow))),0,IF(OFFSET(PLE!$G$14,$M63,AZ$13)=\"\",10^12,OFFSET(PLE!$G$14,$M63,AZ$13))))","v":1000000000000},{"$f":"IF($D63<>\"Serviço\",0,IF(OR(AND(AUTOEVENTO=\"Manual\",$M63=1),$M63>(ROW(PLE.lastrow)-ROW(PLE.firstrow))),0,IF(OFFSET(PLE!$G$14,$M63,BA$13)=\"\",10^12,OFFSET(PLE!$G$14,$M63,BA$13))))","v":1000000000000},{"$f":"IF($D63<>\"Serviço\",0,IF(OR(AND(AUTOEVENTO=\"Manual\",$M63=1),$M63>(ROW(PLE.lastrow)-ROW(PLE.firstrow))),0,IF(OFFSET(PLE!$G$14,$M63,BB$13)=\"\",10^12,OFFSET(PLE!$G$14,$M63,BB$13))))","v":1000000000000},{"$f":"IF($D63<>\"Serviço\",0,IF(OR(AND(AUTOEVENTO=\"Manual\",$M63=1),$M63>(ROW(PLE.lastrow)-ROW(PLE.firstrow))),0,IF(OFFSET(PLE!$G$14,$M63,BC$13)=\"\",10^12,OFFSET(PLE!$G$14,$M63,BC$13))))","v":1000000000000},{"$f":"IF($D63<>\"Serviço\",0,IF(OR(AND(AUTOEVENTO=\"Manual\",$M63=1),$M63>(ROW(PLE.lastrow)-ROW(PLE.firstrow))),0,IF(OFFSET(PLE!$G$14,$M63,BD$13)=\"\",10^12,OFFSET(PLE!$G$14,$M63,BD$13))))","v":1000000000000},{"$f":"IF($D63<>\"Serviço\",0,IF(OR(AND(AUTOEVENTO=\"Manual\",$M63=1),$M63>(ROW(PLE.lastrow)-ROW(PLE.firstrow))),0,IF(OFFSET(PLE!$G$14,$M63,BE$13)=\"\",10^12,OFFSET(PLE!$G$14,$M63,BE$13))))","v":1000000000000},{"$f":"IF($D63<>\"Serviço\",0,IF(OR(AND(AUTOEVENTO=\"Manual\",$M63=1),$M63>(ROW(PLE.lastrow)-ROW(PLE.firstrow))),0,IF(OFFSET(PLE!$G$14,$M63,BF$13)=\"\",10^12,OFFSET(PLE!$G$14,$M63,BF$13))))","v":1000000000000},{"$f":"IF($D63<>\"Serviço\",0,IF(OR(AND(AUTOEVENTO=\"Manual\",$M63=1),$M63>(ROW(PLE.lastrow)-ROW(PLE.firstrow))),0,IF(OFFSET(PLE!$G$14,$M63,BG$13)=\"\",10^12,OFFSET(PLE!$G$14,$M63,BG$13))))","v":1000000000000}]
["44",{"$f":"OFFSET(ORÇAMENTO!C$15,ROW(B64)-ROW(B$15),0)","v":"S"},{"$f":"OFFSET(ORÇAMENTO!L$15,ROW(C64)-ROW(C$15),0)","v":"F"},{"$f":"OFFSET(ORÇAMENTO!N$15,ROW(D64)-ROW(D$15),0)","v":"Serviço"},{"$f":"OFFSET(ORÇAMENTO!O$15,ROW(E64)-ROW(E$15),0)","v":"1.5.5."},{"$f":"OFFSET(ORÇAMENTO!R$15,ROW(F64)-ROW(F$15),0)","v":"PORTA EM ALUMÍNIO DE ABRIR TIPO VENEZIANA COM GUARNIÇÃO, FIXAÇÃO COM PARAFUSOS - FORNECIMENTO E INSTALAÇÃO"},{"$f":"IF($D64<>\"Serviço\",\"\",OFFSET(ORÇAMENTO!S$15,ROW(G64)-ROW(G$15),0))","v":"M2"},{"$f":"IF($D64<>\"Serviço\",0,IF(ACOMPANHAMENTO=\"BM\",ROUND(OFFSET(ORÇAMENTO!AJ$15,ROW(H64)-ROW(H$15),0),15-13*ORÇAMENTO!$AF$7),SUMPRODUCT(($Q$12:$AA$12<>\"\")*ROUND($Q64:$AA64,15-13*ORÇAMENTO!$AF$7))))","v":3.57},null,null,null,".",{"$f":"IF($D64<>\"Serviço\",\"\",IF(AUTOEVENTO=\"manual\",$A64,IF(ISERROR(MATCH($A64,$A$15:OFFSET($A64,-1,0),0)),MAX($M$15:OFFSET(M64,-1,0))+1,INDEX($M$15:OFFSET(M64,-1,0),MATCH($A64,$A$15:OFFSET($A64,-1,0),0)))))","v":6},{"$f":"IF($D64<>\"Serviço\",\"\",IF(AUTOEVENTO=\"Manual\",IF($A64=0,\"<-- defina o número do agrupador\",OFFSET(EVENTOS!$D$14,$A64,0)),OFFSET($F$15,$A64,0)))","v":"ESQUADRIAS"},null,null,null,null,null,null,null,null,null,null,null,null,null,{"$f":"IF(AND($D64=\"Serviço\",AB$12<>0,$H64>0,OR(AUTOEVENTO<>\"manual\",$M64<>1)),ROUND(OFFSET($P64,0,AB$13),15-13*ORÇAMENTO!$AF$7)/$H64*OFFSET(ORÇAMENTO!$X$15,ROW(AB64)-ROW(AB$15),0),0)","v":0},{"$f":"IF(AND($D64=\"Serviço\",AC$12<>0,$H64>0,OR(AUTOEVENTO<>\"manual\",$M64<>1)),ROUND(OFFSET($P64,0,AC$13),15-13*ORÇAMENTO!$AF$7)/$H64*OFFSET(ORÇAMENTO!$X$15,ROW(AC64)-ROW(AC$15),0),0)","v":0},{"$f":"IF(AND($D64=\"Serviço\",AD$12<>0,$H64>0,OR(AUTOEVENTO<>\"manual\",$M64<>1)),ROUND(OFFSET($P64,0,AD$13),15-13*ORÇAMENTO!$AF$7)/$H64*OFFSET(ORÇAMENTO!$X$15,ROW(AD64)-ROW(AD$15),0),0)","v":0},{"$f":"IF(AND($D64=\"Serviço\",AE$12<>0,$H64>0,OR(AUTOEVENTO<>\"manual\",$M64<>1)),ROUND(OFFSET($P64,0,AE$13),15-13*ORÇAMENTO!$AF$7)/$H64*OFFSET(ORÇAMENTO!$X$15,ROW(AE64)-ROW(AE$15),0),0)","v":0},{"$f":"IF(AND($D64=\"Serviço\",AF$12<>0,$H64>0,OR(AUTOEVENTO<>\"manual\",$M64<>1)),ROUND(OFFSET($P64,0,AF$13),15-13*ORÇAMENTO!$AF$7)/$H64*OFFSET(ORÇAMENTO!$X$15,ROW(AF64)-ROW(AF$15),0),0)","v":0},{"$f":"IF(AND($D64=\"Serviço\",AG$12<>0,$H64>0,OR(AUTOEVENTO<>\"manual\",$M64<>1)),ROUND(OFFSET($P64,0,AG$13),15-13*ORÇAMENTO!$AF$7)/$H64*OFFSET(ORÇAMENTO!$X$15,ROW(AG64)-ROW(AG$15),0),0)","v":0},{"$f":"IF(AND($D64=\"Serviço\",AH$12<>0,$H64>0,OR(AUTOEVENTO<>\"manual\",$M64<>1)),ROUND(OFFSET($P64,0,AH$13),15-13*ORÇAMENTO!$AF$7)/$H64*OFFSET(ORÇAMENTO!$X$15,ROW(AH64)-ROW(AH$15),0),0)","v":0},{"$f":"IF(AND($D64=\"Serviço\",AI$12<>0,$H64>0,OR(AUTOEVENTO<>\"manual\",$M64<>1)),ROUND(OFFSET($P64,0,AI$13),15-13*ORÇAMENTO!$AF$7)/$H64*OFFSET(ORÇAMENTO!$X$15,ROW(AI64)-ROW(AI$15),0),0)","v":0},{"$f":"IF(AND($D64=\"Serviço\",AJ$12<>0,$H64>0,OR(AUTOEVENTO<>\"manual\",$M64<>1)),ROUND(OFFSET($P64,0,AJ$13),15-13*ORÇAMENTO!$AF$7)/$H64*OFFSET(ORÇAMENTO!$X$15,ROW(AJ64)-ROW(AJ$15),0),0)","v":0},{"$f":"IF(AND($D64=\"Serviço\",AK$12<>0,$H64>0,OR(AUTOEVENTO<>\"manual\",$M64<>1)),ROUND(OFFSET($P64,0,AK$13),15-13*ORÇAMENTO!$AF$7)/$H64*OFFSET(ORÇAMENTO!$X$15,ROW(AK64)-ROW(AK$15),0),0)","v":0},null,{"$f":"IF($D64<>\"Serviço\",0,IF(AND(AUTOEVENTO=\"Manual\",$M64=1),0,IF(OFFSET(CRONOPLE!$F$14,$M64,AM$13)=\"\",10^12,OFFSET(CRONOPLE!$F$14,$M64,AM$13))))","v":1000000000000},{"$f":"IF($D64<>\"Serviço\",0,IF(AND(AUTOEVENTO=\"Manual\",$M64=1),0,IF(OFFSET(CRONOPLE!$F$14,$M64,AN$13)=\"\",10^12,OFFSET(CRONOPLE!$F$14,$M64,AN$13))))","v":1000000000000},{"$f":"IF($D64<>\"Serviço\",0,IF(AND(AUTOEVENTO=\"Manual\",$M64=1),0,IF(OFFSET(CRONOPLE!$F$14,$M64,AO$13)=\"\",10^12,OFFSET(CRONOPLE!$F$14,$M64,AO$13))))","v":1000000000000},{"$f":"IF($D64<>\"Serviço\",0,IF(AND(AUTOEVENTO=\"Manual\",$M64=1),0,IF(OFFSET(CRONOPLE!$F$14,$M64,AP$13)=\"\",10^12,OFFSET(CRONOPLE!$F$14,$M64,AP$13))))","v":1000000000000},{"$f":"IF($D64<>\"Serviço\",0,IF(AND(AUTOEVENTO=\"Manual\",$M64=1),0,IF(OFFSET(CRONOPLE!$F$14,$M64,AQ$13)=\"\",10^12,OFFSET(CRONOPLE!$F$14,$M64,AQ$13))))","v":1000000000000},{"$f":"IF($D64<>\"Serviço\",0,IF(AND(AUTOEVENTO=\"Manual\",$M64=1),0,IF(OFFSET(CRONOPLE!$F$14,$M64,AR$13)=\"\",10^12,OFFSET(CRONOPLE!$F$14,$M64,AR$13))))","v":1000000000000},{"$f":"IF($D64<>\"Serviço\",0,IF(AND(AUTOEVENTO=\"Manual\",$M64=1),0,IF(OFFSET(CRONOPLE!$F$14,$M64,AS$13)=\"\",10^12,OFFSET(CRONOPLE!$F$14,$M64,AS$13))))","v":1000000000000},{"$f":"IF($D64<>\"Serviço\",0,IF(AND(AUTOEVENTO=\"Manual\",$M64=1),0,IF(OFFSET(CRONOPLE!$F$14,$M64,AT$13)=\"\",10^12,OFFSET(CRONOPLE!$F$14,$M64,AT$13))))","v":1000000000000},{"$f":"IF($D64<>\"Serviço\",0,IF(AND(AUTOEVENTO=\"Manual\",$M64=1),0,IF(OFFSET(CRONOPLE!$F$14,$M64,AU$13)=\"\",10^12,OFFSET(CRONOPLE!$F$14,$M64,AU$13))))","v":1000000000000},{"$f":"IF($D64<>\"Serviço\",0,IF(AND(AUTOEVENTO=\"Manual\",$M64=1),0,IF(OFFSET(CRONOPLE!$F$14,$M64,AV$13)=\"\",10^12,OFFSET(CRONOPLE!$F$14,$M64,AV$13))))","v":1000000000000},null,{"$f":"IF($D64<>\"Serviço\",0,IF(OR(AND(AUTOEVENTO=\"Manual\",$M64=1),$M64>(ROW(PLE.lastrow)-ROW(PLE.firstrow))),0,IF(OFFSET(PLE!$G$14,$M64,AX$13)=\"\",10^12,OFFSET(PLE!$G$14,$M64,AX$13))))","v":1000000000000},{"$f":"IF($D64<>\"Serviço\",0,IF(OR(AND(AUTOEVENTO=\"Manual\",$M64=1),$M64>(ROW(PLE.lastrow)-ROW(PLE.firstrow))),0,IF(OFFSET(PLE!$G$14,$M64,AY$13)=\"\",10^12,OFFSET(PLE!$G$14,$M64,AY$13))))","v":1000000000000},{"$f":"IF($D64<>\"Serviço\",0,IF(OR(AND(AUTOEVENTO=\"Manual\",$M64=1),$M64>(ROW(PLE.lastrow)-ROW(PLE.firstrow))),0,IF(OFFSET(PLE!$G$14,$M64,AZ$13)=\"\",10^12,OFFSET(PLE!$G$14,$M64,AZ$13))))","v":1000000000000},{"$f":"IF($D64<>\"Serviço\",0,IF(OR(AND(AUTOEVENTO=\"Manual\",$M64=1),$M64>(ROW(PLE.lastrow)-ROW(PLE.firstrow))),0,IF(OFFSET(PLE!$G$14,$M64,BA$13)=\"\",10^12,OFFSET(PLE!$G$14,$M64,BA$13))))","v":1000000000000},{"$f":"IF($D64<>\"Serviço\",0,IF(OR(AND(AUTOEVENTO=\"Manual\",$M64=1),$M64>(ROW(PLE.lastrow)-ROW(PLE.firstrow))),0,IF(OFFSET(PLE!$G$14,$M64,BB$13)=\"\",10^12,OFFSET(PLE!$G$14,$M64,BB$13))))","v":1000000000000},{"$f":"IF($D64<>\"Serviço\",0,IF(OR(AND(AUTOEVENTO=\"Manual\",$M64=1),$M64>(ROW(PLE.lastrow)-ROW(PLE.firstrow))),0,IF(OFFSET(PLE!$G$14,$M64,BC$13)=\"\",10^12,OFFSET(PLE!$G$14,$M64,BC$13))))","v":1000000000000},{"$f":"IF($D64<>\"Serviço\",0,IF(OR(AND(AUTOEVENTO=\"Manual\",$M64=1),$M64>(ROW(PLE.lastrow)-ROW(PLE.firstrow))),0,IF(OFFSET(PLE!$G$14,$M64,BD$13)=\"\",10^12,OFFSET(PLE!$G$14,$M64,BD$13))))","v":1000000000000},{"$f":"IF($D64<>\"Serviço\",0,IF(OR(AND(AUTOEVENTO=\"Manual\",$M64=1),$M64>(ROW(PLE.lastrow)-ROW(PLE.firstrow))),0,IF(OFFSET(PLE!$G$14,$M64,BE$13)=\"\",10^12,OFFSET(PLE!$G$14,$M64,BE$13))))","v":1000000000000},{"$f":"IF($D64<>\"Serviço\",0,IF(OR(AND(AUTOEVENTO=\"Manual\",$M64=1),$M64>(ROW(PLE.lastrow)-ROW(PLE.firstrow))),0,IF(OFFSET(PLE!$G$14,$M64,BF$13)=\"\",10^12,OFFSET(PLE!$G$14,$M64,BF$13))))","v":1000000000000},{"$f":"IF($D64<>\"Serviço\",0,IF(OR(AND(AUTOEVENTO=\"Manual\",$M64=1),$M64>(ROW(PLE.lastrow)-ROW(PLE.firstrow))),0,IF(OFFSET(PLE!$G$14,$M64,BG$13)=\"\",10^12,OFFSET(PLE!$G$14,$M64,BG$13))))","v":1000000000000}]
["44",{"$f":"OFFSET(ORÇAMENTO!C$15,ROW(B65)-ROW(B$15),0)","v":"S"},{"$f":"OFFSET(ORÇAMENTO!L$15,ROW(C65)-ROW(C$15),0)","v":"F"},{"$f":"OFFSET(ORÇAMENTO!N$15,ROW(D65)-ROW(D$15),0)","v":"Serviço"},{"$f":"OFFSET(ORÇAMENTO!O$15,ROW(E65)-ROW(E$15),0)","v":"1.5.6."},{"$f":"OFFSET(ORÇAMENTO!R$15,ROW(F65)-ROW(F$15),0)","v":"PORTA DE ALUMÍNIO DE ABRIR COM LAMBRI, COM GUARNIÇÃO, FIXAÇÃO COM PARAFUSOS - FORNECIMENTO E INSTALAÇÃO"},{"$f":"IF($D65<>\"Serviço\",\"\",OFFSET(ORÇAMENTO!S$15,ROW(G65)-ROW(G$15),0))","v":"M2"},{"$f":"IF($D65<>\"Serviço\",0,IF(ACOMPANHAMENTO=\"BM\",ROUND(OFFSET(ORÇAMENTO!AJ$15,ROW(H65)-ROW(H$15),0),15-13*ORÇAMENTO!$AF$7),SUMPRODUCT(($Q$12:$AA$12<>\"\")*ROUND($Q65:$AA65,15-13*ORÇAMENTO!$AF$7))))","v":9.24},null,null,null,".",{"$f":"IF($D65<>\"Serviço\",\"\",IF(AUTOEVENTO=\"manual\",$A65,IF(ISERROR(MATCH($A65,$A$15:OFFSET($A65,-1,0),0)),MAX($M$15:OFFSET(M65,-1,0))+1,INDEX($M$15:OFFSET(M65,-1,0),MATCH($A65,$A$15:OFFSET($A65,-1,0),0)))))","v":6},{"$f":"IF($D65<>\"Serviço\",\"\",IF(AUTOEVENTO=\"Manual\",IF($A65=0,\"<-- defina o número do agrupador\",OFFSET(EVENTOS!$D$14,$A65,0)),OFFSET($F$15,$A65,0)))","v":"ESQUADRIAS"},null,null,null,null,null,null,null,null,null,null,null,null,null,{"$f":"IF(AND($D65=\"Serviço\",AB$12<>0,$H65>0,OR(AUTOEVENTO<>\"manual\",$M65<>1)),ROUND(OFFSET($P65,0,AB$13),15-13*ORÇAMENTO!$AF$7)/$H65*OFFSET(ORÇAMENTO!$X$15,ROW(AB65)-ROW(AB$15),0),0)","v":0},{"$f":"IF(AND($D65=\"Serviço\",AC$12<>0,$H65>0,OR(AUTOEVENTO<>\"manual\",$M65<>1)),ROUND(OFFSET($P65,0,AC$13),15-13*ORÇAMENTO!$AF$7)/$H65*OFFSET(ORÇAMENTO!$X$15,ROW(AC65)-ROW(AC$15),0),0)","v":0},{"$f":"IF(AND($D65=\"Serviço\",AD$12<>0,$H65>0,OR(AUTOEVENTO<>\"manual\",$M65<>1)),ROUND(OFFSET($P65,0,AD$13),15-13*ORÇAMENTO!$AF$7)/$H65*OFFSET(ORÇAMENTO!$X$15,ROW(AD65)-ROW(AD$15),0),0)","v":0},{"$f":"IF(AND($D65=\"Serviço\",AE$12<>0,$H65>0,OR(AUTOEVENTO<>\"manual\",$M65<>1)),ROUND(OFFSET($P65,0,AE$13),15-13*ORÇAMENTO!$AF$7)/$H65*OFFSET(ORÇAMENTO!$X$15,ROW(AE65)-ROW(AE$15),0),0)","v":0},{"$f":"IF(AND($D65=\"Serviço\",AF$12<>0,$H65>0,OR(AUTOEVENTO<>\"manual\",$M65<>1)),ROUND(OFFSET($P65,0,AF$13),15-13*ORÇAMENTO!$AF$7)/$H65*OFFSET(ORÇAMENTO!$X$15,ROW(AF65)-ROW(AF$15),0),0)","v":0},{"$f":"IF(AND($D65=\"Serviço\",AG$12<>0,$H65>0,OR(AUTOEVENTO<>\"manual\",$M65<>1)),ROUND(OFFSET($P65,0,AG$13),15-13*ORÇAMENTO!$AF$7)/$H65*OFFSET(ORÇAMENTO!$X$15,ROW(AG65)-ROW(AG$15),0),0)","v":0},{"$f":"IF(AND($D65=\"Serviço\",AH$12<>0,$H65>0,OR(AUTOEVENTO<>\"manual\",$M65<>1)),ROUND(OFFSET($P65,0,AH$13),15-13*ORÇAMENTO!$AF$7)/$H65*OFFSET(ORÇAMENTO!$X$15,ROW(AH65)-ROW(AH$15),0),0)","v":0},{"$f":"IF(AND($D65=\"Serviço\",AI$12<>0,$H65>0,OR(AUTOEVENTO<>\"manual\",$M65<>1)),ROUND(OFFSET($P65,0,AI$13),15-13*ORÇAMENTO!$AF$7)/$H65*OFFSET(ORÇAMENTO!$X$15,ROW(AI65)-ROW(AI$15),0),0)","v":0},{"$f":"IF(AND($D65=\"Serviço\",AJ$12<>0,$H65>0,OR(AUTOEVENTO<>\"manual\",$M65<>1)),ROUND(OFFSET($P65,0,AJ$13),15-13*ORÇAMENTO!$AF$7)/$H65*OFFSET(ORÇAMENTO!$X$15,ROW(AJ65)-ROW(AJ$15),0),0)","v":0},{"$f":"IF(AND($D65=\"Serviço\",AK$12<>0,$H65>0,OR(AUTOEVENTO<>\"manual\",$M65<>1)),ROUND(OFFSET($P65,0,AK$13),15-13*ORÇAMENTO!$AF$7)/$H65*OFFSET(ORÇAMENTO!$X$15,ROW(AK65)-ROW(AK$15),0),0)","v":0},null,{"$f":"IF($D65<>\"Serviço\",0,IF(AND(AUTOEVENTO=\"Manual\",$M65=1),0,IF(OFFSET(CRONOPLE!$F$14,$M65,AM$13)=\"\",10^12,OFFSET(CRONOPLE!$F$14,$M65,AM$13))))","v":1000000000000},{"$f":"IF($D65<>\"Serviço\",0,IF(AND(AUTOEVENTO=\"Manual\",$M65=1),0,IF(OFFSET(CRONOPLE!$F$14,$M65,AN$13)=\"\",10^12,OFFSET(CRONOPLE!$F$14,$M65,AN$13))))","v":1000000000000},{"$f":"IF($D65<>\"Serviço\",0,IF(AND(AUTOEVENTO=\"Manual\",$M65=1),0,IF(OFFSET(CRONOPLE!$F$14,$M65,AO$13)=\"\",10^12,OFFSET(CRONOPLE!$F$14,$M65,AO$13))))","v":1000000000000},{"$f":"IF($D65<>\"Serviço\",0,IF(AND(AUTOEVENTO=\"Manual\",$M65=1),0,IF(OFFSET(CRONOPLE!$F$14,$M65,AP$13)=\"\",10^12,OFFSET(CRONOPLE!$F$14,$M65,AP$13))))","v":1000000000000},{"$f":"IF($D65<>\"Serviço\",0,IF(AND(AUTOEVENTO=\"Manual\",$M65=1),0,IF(OFFSET(CRONOPLE!$F$14,$M65,AQ$13)=\"\",10^12,OFFSET(CRONOPLE!$F$14,$M65,AQ$13))))","v":1000000000000},{"$f":"IF($D65<>\"Serviço\",0,IF(AND(AUTOEVENTO=\"Manual\",$M65=1),0,IF(OFFSET(CRONOPLE!$F$14,$M65,AR$13)=\"\",10^12,OFFSET(CRONOPLE!$F$14,$M65,AR$13))))","v":1000000000000},{"$f":"IF($D65<>\"Serviço\",0,IF(AND(AUTOEVENTO=\"Manual\",$M65=1),0,IF(OFFSET(CRONOPLE!$F$14,$M65,AS$13)=\"\",10^12,OFFSET(CRONOPLE!$F$14,$M65,AS$13))))","v":1000000000000},{"$f":"IF($D65<>\"Serviço\",0,IF(AND(AUTOEVENTO=\"Manual\",$M65=1),0,IF(OFFSET(CRONOPLE!$F$14,$M65,AT$13)=\"\",10^12,OFFSET(CRONOPLE!$F$14,$M65,AT$13))))","v":1000000000000},{"$f":"IF($D65<>\"Serviço\",0,IF(AND(AUTOEVENTO=\"Manual\",$M65=1),0,IF(OFFSET(CRONOPLE!$F$14,$M65,AU$13)=\"\",10^12,OFFSET(CRONOPLE!$F$14,$M65,AU$13))))","v":1000000000000},{"$f":"IF($D65<>\"Serviço\",0,IF(AND(AUTOEVENTO=\"Manual\",$M65=1),0,IF(OFFSET(CRONOPLE!$F$14,$M65,AV$13)=\"\",10^12,OFFSET(CRONOPLE!$F$14,$M65,AV$13))))","v":1000000000000},null,{"$f":"IF($D65<>\"Serviço\",0,IF(OR(AND(AUTOEVENTO=\"Manual\",$M65=1),$M65>(ROW(PLE.lastrow)-ROW(PLE.firstrow))),0,IF(OFFSET(PLE!$G$14,$M65,AX$13)=\"\",10^12,OFFSET(PLE!$G$14,$M65,AX$13))))","v":1000000000000},{"$f":"IF($D65<>\"Serviço\",0,IF(OR(AND(AUTOEVENTO=\"Manual\",$M65=1),$M65>(ROW(PLE.lastrow)-ROW(PLE.firstrow))),0,IF(OFFSET(PLE!$G$14,$M65,AY$13)=\"\",10^12,OFFSET(PLE!$G$14,$M65,AY$13))))","v":1000000000000},{"$f":"IF($D65<>\"Serviço\",0,IF(OR(AND(AUTOEVENTO=\"Manual\",$M65=1),$M65>(ROW(PLE.lastrow)-ROW(PLE.firstrow))),0,IF(OFFSET(PLE!$G$14,$M65,AZ$13)=\"\",10^12,OFFSET(PLE!$G$14,$M65,AZ$13))))","v":1000000000000},{"$f":"IF($D65<>\"Serviço\",0,IF(OR(AND(AUTOEVENTO=\"Manual\",$M65=1),$M65>(ROW(PLE.lastrow)-ROW(PLE.firstrow))),0,IF(OFFSET(PLE!$G$14,$M65,BA$13)=\"\",10^12,OFFSET(PLE!$G$14,$M65,BA$13))))","v":1000000000000},{"$f":"IF($D65<>\"Serviço\",0,IF(OR(AND(AUTOEVENTO=\"Manual\",$M65=1),$M65>(ROW(PLE.lastrow)-ROW(PLE.firstrow))),0,IF(OFFSET(PLE!$G$14,$M65,BB$13)=\"\",10^12,OFFSET(PLE!$G$14,$M65,BB$13))))","v":1000000000000},{"$f":"IF($D65<>\"Serviço\",0,IF(OR(AND(AUTOEVENTO=\"Manual\",$M65=1),$M65>(ROW(PLE.lastrow)-ROW(PLE.firstrow))),0,IF(OFFSET(PLE!$G$14,$M65,BC$13)=\"\",10^12,OFFSET(PLE!$G$14,$M65,BC$13))))","v":1000000000000},{"$f":"IF($D65<>\"Serviço\",0,IF(OR(AND(AUTOEVENTO=\"Manual\",$M65=1),$M65>(ROW(PLE.lastrow)-ROW(PLE.firstrow))),0,IF(OFFSET(PLE!$G$14,$M65,BD$13)=\"\",10^12,OFFSET(PLE!$G$14,$M65,BD$13))))","v":1000000000000},{"$f":"IF($D65<>\"Serviço\",0,IF(OR(AND(AUTOEVENTO=\"Manual\",$M65=1),$M65>(ROW(PLE.lastrow)-ROW(PLE.firstrow))),0,IF(OFFSET(PLE!$G$14,$M65,BE$13)=\"\",10^12,OFFSET(PLE!$G$14,$M65,BE$13))))","v":1000000000000},{"$f":"IF($D65<>\"Serviço\",0,IF(OR(AND(AUTOEVENTO=\"Manual\",$M65=1),$M65>(ROW(PLE.lastrow)-ROW(PLE.firstrow))),0,IF(OFFSET(PLE!$G$14,$M65,BF$13)=\"\",10^12,OFFSET(PLE!$G$14,$M65,BF$13))))","v":1000000000000},{"$f":"IF($D65<>\"Serviço\",0,IF(OR(AND(AUTOEVENTO=\"Manual\",$M65=1),$M65>(ROW(PLE.lastrow)-ROW(PLE.firstrow))),0,IF(OFFSET(PLE!$G$14,$M65,BG$13)=\"\",10^12,OFFSET(PLE!$G$14,$M65,BG$13))))","v":1000000000000}]
[{"$f":"IF(AUTOEVENTO=\"Manual\",IF(K66<>\"\",MIN(VALUE(LEFT(K66,FIND(\".\",K66)-1)),COUNTA(EVENTOS.Lista)),0),IF(OR($B66>AUTOEVENTO,$B66=\"S\",$B66=0),SUBSTITUTE(OFFSET($A66,-1,0),IF($D66=\"Serviço\",\".\",\"\"),\"\"),ROW(A66)-ROW($A$15)&\".\"))","v":"44"},{"$f":"OFFSET(ORÇAMENTO!C$15,ROW(B66)-ROW(B$15),0)","v":"S"},{"$f":"OFFSET(ORÇAMENTO!L$15,ROW(C66)-ROW(C$15),0)","v":"F"},{"$f":"OFFSET(ORÇAMENTO!N$15,ROW(D66)-ROW(D$15),0)","v":"Serviço"},{"$f":"OFFSET(ORÇAMENTO!O$15,ROW(E66)-ROW(E$15),0)","v":"1.5.7."},{"$f":"OFFSET(ORÇAMENTO!R$15,ROW(F66)-ROW(F$15),0)","v":"CONTRAMARCO DE AÇO, FIXAÇÃO COM ARGAMASSA - FORNECIMENTO E INSTALAÇÃO"},{"$f":"IF($D66<>\"Serviço\",\"\",OFFSET(ORÇAMENTO!S$15,ROW(G66)-ROW(G$15),0))","v":"M"},{"$f":"IF($D66<>\"Serviço\",0,IF(ACOMPANHAMENTO=\"BM\",ROUND(OFFSET(ORÇAMENTO!AJ$15,ROW(H66)-ROW(H$15),0),15-13*ORÇAMENTO!$AF$7),SUMPRODUCT(($Q$12:$AA$12<>\"\")*ROUND($Q66:$AA66,15-13*ORÇAMENTO!$AF$7))))","v":35.5},null,null,null,".",{"$f":"IF($D66<>\"Serviço\",\"\",IF(AUTOEVENTO=\"manual\",$A66,IF(ISERROR(MATCH($A66,$A$15:OFFSET($A66,-1,0),0)),MAX($M$15:OFFSET(M66,-1,0))+1,INDEX($M$15:OFFSET(M66,-1,0),MATCH($A66,$A$15:OFFSET($A66,-1,0),0)))))","v":6},{"$f":"IF($D66<>\"Serviço\",\"\",IF(AUTOEVENTO=\"Manual\",IF($A66=0,\"<-- defina o número do agrupador\",OFFSET(EVENTOS!$D$14,$A66,0)),OFFSET($F$15,$A66,0)))","v":"ESQUADRIAS"},null,null,null,null,null,null,null,null,null,null,null,null,null,{"$f":"IF(AND($D66=\"Serviço\",AB$12<>0,$H66>0,OR(AUTOEVENTO<>\"manual\",$M66<>1)),ROUND(OFFSET($P66,0,AB$13),15-13*ORÇAMENTO!$AF$7)/$H66*OFFSET(ORÇAMENTO!$X$15,ROW(AB66)-ROW(AB$15),0),0)","v":0},{"$f":"IF(AND($D66=\"Serviço\",AC$12<>0,$H66>0,OR(AUTOEVENTO<>\"manual\",$M66<>1)),ROUND(OFFSET($P66,0,AC$13),15-13*ORÇAMENTO!$AF$7)/$H66*OFFSET(ORÇAMENTO!$X$15,ROW(AC66)-ROW(AC$15),0),0)","v":0},{"$f":"IF(AND($D66=\"Serviço\",AD$12<>0,$H66>0,OR(AUTOEVENTO<>\"manual\",$M66<>1)),ROUND(OFFSET($P66,0,AD$13),15-13*ORÇAMENTO!$AF$7)/$H66*OFFSET(ORÇAMENTO!$X$15,ROW(AD66)-ROW(AD$15),0),0)","v":0},{"$f":"IF(AND($D66=\"Serviço\",AE$12<>0,$H66>0,OR(AUTOEVENTO<>\"manual\",$M66<>1)),ROUND(OFFSET($P66,0,AE$13),15-13*ORÇAMENTO!$AF$7)/$H66*OFFSET(ORÇAMENTO!$X$15,ROW(AE66)-ROW(AE$15),0),0)","v":0},{"$f":"IF(AND($D66=\"Serviço\",AF$12<>0,$H66>0,OR(AUTOEVENTO<>\"manual\",$M66<>1)),ROUND(OFFSET($P66,0,AF$13),15-13*ORÇAMENTO!$AF$7)/$H66*OFFSET(ORÇAMENTO!$X$15,ROW(AF66)-ROW(AF$15),0),0)","v":0},{"$f":"IF(AND($D66=\"Serviço\",AG$12<>0,$H66>0,OR(AUTOEVENTO<>\"manual\",$M66<>1)),ROUND(OFFSET($P66,0,AG$13),15-13*ORÇAMENTO!$AF$7)/$H66*OFFSET(ORÇAMENTO!$X$15,ROW(AG66)-ROW(AG$15),0),0)","v":0},{"$f":"IF(AND($D66=\"Serviço\",AH$12<>0,$H66>0,OR(AUTOEVENTO<>\"manual\",$M66<>1)),ROUND(OFFSET($P66,0,AH$13),15-13*ORÇAMENTO!$AF$7)/$H66*OFFSET(ORÇAMENTO!$X$15,ROW(AH66)-ROW(AH$15),0),0)","v":0},{"$f":"IF(AND($D66=\"Serviço\",AI$12<>0,$H66>0,OR(AUTOEVENTO<>\"manual\",$M66<>1)),ROUND(OFFSET($P66,0,AI$13),15-13*ORÇAMENTO!$AF$7)/$H66*OFFSET(ORÇAMENTO!$X$15,ROW(AI66)-ROW(AI$15),0),0)","v":0},{"$f":"IF(AND($D66=\"Serviço\",AJ$12<>0,$H66>0,OR(AUTOEVENTO<>\"manual\",$M66<>1)),ROUND(OFFSET($P66,0,AJ$13),15-13*ORÇAMENTO!$AF$7)/$H66*OFFSET(ORÇAMENTO!$X$15,ROW(AJ66)-ROW(AJ$15),0),0)","v":0},{"$f":"IF(AND($D66=\"Serviço\",AK$12<>0,$H66>0,OR(AUTOEVENTO<>\"manual\",$M66<>1)),ROUND(OFFSET($P66,0,AK$13),15-13*ORÇAMENTO!$AF$7)/$H66*OFFSET(ORÇAMENTO!$X$15,ROW(AK66)-ROW(AK$15),0),0)","v":0},null,{"$f":"IF($D66<>\"Serviço\",0,IF(AND(AUTOEVENTO=\"Manual\",$M66=1),0,IF(OFFSET(CRONOPLE!$F$14,$M66,AM$13)=\"\",10^12,OFFSET(CRONOPLE!$F$14,$M66,AM$13))))","v":1000000000000},{"$f":"IF($D66<>\"Serviço\",0,IF(AND(AUTOEVENTO=\"Manual\",$M66=1),0,IF(OFFSET(CRONOPLE!$F$14,$M66,AN$13)=\"\",10^12,OFFSET(CRONOPLE!$F$14,$M66,AN$13))))","v":1000000000000},{"$f":"IF($D66<>\"Serviço\",0,IF(AND(AUTOEVENTO=\"Manual\",$M66=1),0,IF(OFFSET(CRONOPLE!$F$14,$M66,AO$13)=\"\",10^12,OFFSET(CRONOPLE!$F$14,$M66,AO$13))))","v":1000000000000},{"$f":"IF($D66<>\"Serviço\",0,IF(AND(AUTOEVENTO=\"Manual\",$M66=1),0,IF(OFFSET(CRONOPLE!$F$14,$M66,AP$13)=\"\",10^12,OFFSET(CRONOPLE!$F$14,$M66,AP$13))))","v":1000000000000},{"$f":"IF($D66<>\"Serviço\",0,IF(AND(AUTOEVENTO=\"Manual\",$M66=1),0,IF(OFFSET(CRONOPLE!$F$14,$M66,AQ$13)=\"\",10^12,OFFSET(CRONOPLE!$F$14,$M66,AQ$13))))","v":1000000000000},{"$f":"IF($D66<>\"Serviço\",0,IF(AND(AUTOEVENTO=\"Manual\",$M66=1),0,IF(OFFSET(CRONOPLE!$F$14,$M66,AR$13)=\"\",10^12,OFFSET(CRONOPLE!$F$14,$M66,AR$13))))","v":1000000000000},{"$f":"IF($D66<>\"Serviço\",0,IF(AND(AUTOEVENTO=\"Manual\",$M66=1),0,IF(OFFSET(CRONOPLE!$F$14,$M66,AS$13)=\"\",10^12,OFFSET(CRONOPLE!$F$14,$M66,AS$13))))","v":1000000000000},{"$f":"IF($D66<>\"Serviço\",0,IF(AND(AUTOEVENTO=\"Manual\",$M66=1),0,IF(OFFSET(CRONOPLE!$F$14,$M66,AT$13)=\"\",10^12,OFFSET(CRONOPLE!$F$14,$M66,AT$13))))","v":1000000000000},{"$f":"IF($D66<>\"Serviço\",0,IF(AND(AUTOEVENTO=\"Manual\",$M66=1),0,IF(OFFSET(CRONOPLE!$F$14,$M66,AU$13)=\"\",10^12,OFFSET(CRONOPLE!$F$14,$M66,AU$13))))","v":1000000000000},{"$f":"IF($D66<>\"Serviço\",0,IF(AND(AUTOEVENTO=\"Manual\",$M66=1),0,IF(OFFSET(CRONOPLE!$F$14,$M66,AV$13)=\"\",10^12,OFFSET(CRONOPLE!$F$14,$M66,AV$13))))","v":1000000000000},null,{"$f":"IF($D66<>\"Serviço\",0,IF(OR(AND(AUTOEVENTO=\"Manual\",$M66=1),$M66>(ROW(PLE.lastrow)-ROW(PLE.firstrow))),0,IF(OFFSET(PLE!$G$14,$M66,AX$13)=\"\",10^12,OFFSET(PLE!$G$14,$M66,AX$13))))","v":1000000000000},{"$f":"IF($D66<>\"Serviço\",0,IF(OR(AND(AUTOEVENTO=\"Manual\",$M66=1),$M66>(ROW(PLE.lastrow)-ROW(PLE.firstrow))),0,IF(OFFSET(PLE!$G$14,$M66,AY$13)=\"\",10^12,OFFSET(PLE!$G$14,$M66,AY$13))))","v":1000000000000},{"$f":"IF($D66<>\"Serviço\",0,IF(OR(AND(AUTOEVENTO=\"Manual\",$M66=1),$M66>(ROW(PLE.lastrow)-ROW(PLE.firstrow))),0,IF(OFFSET(PLE!$G$14,$M66,AZ$13)=\"\",10^12,OFFSET(PLE!$G$14,$M66,AZ$13))))","v":1000000000000},{"$f":"IF($D66<>\"Serviço\",0,IF(OR(AND(AUTOEVENTO=\"Manual\",$M66=1),$M66>(ROW(PLE.lastrow)-ROW(PLE.firstrow))),0,IF(OFFSET(PLE!$G$14,$M66,BA$13)=\"\",10^12,OFFSET(PLE!$G$14,$M66,BA$13))))","v":1000000000000},{"$f":"IF($D66<>\"Serviço\",0,IF(OR(AND(AUTOEVENTO=\"Manual\",$M66=1),$M66>(ROW(PLE.lastrow)-ROW(PLE.firstrow))),0,IF(OFFSET(PLE!$G$14,$M66,BB$13)=\"\",10^12,OFFSET(PLE!$G$14,$M66,BB$13))))","v":1000000000000},{"$f":"IF($D66<>\"Serviço\",0,IF(OR(AND(AUTOEVENTO=\"Manual\",$M66=1),$M66>(ROW(PLE.lastrow)-ROW(PLE.firstrow))),0,IF(OFFSET(PLE!$G$14,$M66,BC$13)=\"\",10^12,OFFSET(PLE!$G$14,$M66,BC$13))))","v":1000000000000},{"$f":"IF($D66<>\"Serviço\",0,IF(OR(AND(AUTOEVENTO=\"Manual\",$M66=1),$M66>(ROW(PLE.lastrow)-ROW(PLE.firstrow))),0,IF(OFFSET(PLE!$G$14,$M66,BD$13)=\"\",10^12,OFFSET(PLE!$G$14,$M66,BD$13))))","v":1000000000000},{"$f":"IF($D66<>\"Serviço\",0,IF(OR(AND(AUTOEVENTO=\"Manual\",$M66=1),$M66>(ROW(PLE.lastrow)-ROW(PLE.firstrow))),0,IF(OFFSET(PLE!$G$14,$M66,BE$13)=\"\",10^12,OFFSET(PLE!$G$14,$M66,BE$13))))","v":1000000000000},{"$f":"IF($D66<>\"Serviço\",0,IF(OR(AND(AUTOEVENTO=\"Manual\",$M66=1),$M66>(ROW(PLE.lastrow)-ROW(PLE.firstrow))),0,IF(OFFSET(PLE!$G$14,$M66,BF$13)=\"\",10^12,OFFSET(PLE!$G$14,$M66,BF$13))))","v":1000000000000},{"$f":"IF($D66<>\"Serviço\",0,IF(OR(AND(AUTOEVENTO=\"Manual\",$M66=1),$M66>(ROW(PLE.lastrow)-ROW(PLE.firstrow))),0,IF(OFFSET(PLE!$G$14,$M66,BG$13)=\"\",10^12,OFFSET(PLE!$G$14,$M66,BG$13))))","v":1000000000000}]
["52.",{"$f":"OFFSET(ORÇAMENTO!C$15,ROW(B67)-ROW(B$15),0)","v":2},{"$f":"OFFSET(ORÇAMENTO!L$15,ROW(C67)-ROW(C$15),0)","v":"F"},{"$f":"OFFSET(ORÇAMENTO!N$15,ROW(D67)-ROW(D$15),0)","v":"Nível 2"},{"$f":"OFFSET(ORÇAMENTO!O$15,ROW(E67)-ROW(E$15),0)","v":"1.6."},{"$f":"OFFSET(ORÇAMENTO!R$15,ROW(F67)-ROW(F$15),0)","v":"PAVIMENTAÇÃO"},{"$f":"IF($D67<>\"Serviço\",\"\",OFFSET(ORÇAMENTO!S$15,ROW(G67)-ROW(G$15),0))","v":""},{"$f":"IF($D67<>\"Serviço\",0,IF(ACOMPANHAMENTO=\"BM\",ROUND(OFFSET(ORÇAMENTO!AJ$15,ROW(H67)-ROW(H$15),0),15-13*ORÇAMENTO!$AF$7),SUMPRODUCT(($Q$12:$AA$12<>\"\")*ROUND($Q67:$AA67,15-13*ORÇAMENTO!$AF$7))))","v":0},null,null,null,".",{"$f":"IF($D67<>\"Serviço\",\"\",IF(AUTOEVENTO=\"manual\",$A67,IF(ISERROR(MATCH($A67,$A$15:OFFSET($A67,-1,0),0)),MAX($M$15:OFFSET(M67,-1,0))+1,INDEX($M$15:OFFSET(M67,-1,0),MATCH($A67,$A$15:OFFSET($A67,-1,0),0)))))","v":""},{"$f":"IF($D67<>\"Serviço\",\"\",IF(AUTOEVENTO=\"Manual\",IF($A67=0,\"<-- defina o número do agrupador\",OFFSET(EVENTOS!$D$14,$A67,0)),OFFSET($F$15,$A67,0)))","v":""},null,null,null,null,null,null,null,null,null,null,null,null,null,{"$f":"IF(AND($D67=\"Serviço\",AB$12<>0,$H67>0,OR(AUTOEVENTO<>\"manual\",$M67<>1)),ROUND(OFFSET($P67,0,AB$13),15-13*ORÇAMENTO!$AF$7)/$H67*OFFSET(ORÇAMENTO!$X$15,ROW(AB67)-ROW(AB$15),0),0)","v":0},{"$f":"IF(AND($D67=\"Serviço\",AC$12<>0,$H67>0,OR(AUTOEVENTO<>\"manual\",$M67<>1)),ROUND(OFFSET($P67,0,AC$13),15-13*ORÇAMENTO!$AF$7)/$H67*OFFSET(ORÇAMENTO!$X$15,ROW(AC67)-ROW(AC$15),0),0)","v":0},{"$f":"IF(AND($D67=\"Serviço\",AD$12<>0,$H67>0,OR(AUTOEVENTO<>\"manual\",$M67<>1)),ROUND(OFFSET($P67,0,AD$13),15-13*ORÇAMENTO!$AF$7)/$H67*OFFSET(ORÇAMENTO!$X$15,ROW(AD67)-ROW(AD$15),0),0)","v":0},{"$f":"IF(AND($D67=\"Serviço\",AE$12<>0,$H67>0,OR(AUTOEVENTO<>\"manual\",$M67<>1)),ROUND(OFFSET($P67,0,AE$13),15-13*ORÇAMENTO!$AF$7)/$H67*OFFSET(ORÇAMENTO!$X$15,ROW(AE67)-ROW(AE$15),0),0)","v":0},{"$f":"IF(AND($D67=\"Serviço\",AF$12<>0,$H67>0,OR(AUTOEVENTO<>\"manual\",$M67<>1)),ROUND(OFFSET($P67,0,AF$13),15-13*ORÇAMENTO!$AF$7)/$H67*OFFSET(ORÇAMENTO!$X$15,ROW(AF67)-ROW(AF$15),0),0)","v":0},{"$f":"IF(AND($D67=\"Serviço\",AG$12<>0,$H67>0,OR(AUTOEVENTO<>\"manual\",$M67<>1)),ROUND(OFFSET($P67,0,AG$13),15-13*ORÇAMENTO!$AF$7)/$H67*OFFSET(ORÇAMENTO!$X$15,ROW(AG67)-ROW(AG$15),0),0)","v":0},{"$f":"IF(AND($D67=\"Serviço\",AH$12<>0,$H67>0,OR(AUTOEVENTO<>\"manual\",$M67<>1)),ROUND(OFFSET($P67,0,AH$13),15-13*ORÇAMENTO!$AF$7)/$H67*OFFSET(ORÇAMENTO!$X$15,ROW(AH67)-ROW(AH$15),0),0)","v":0},{"$f":"IF(AND($D67=\"Serviço\",AI$12<>0,$H67>0,OR(AUTOEVENTO<>\"manual\",$M67<>1)),ROUND(OFFSET($P67,0,AI$13),15-13*ORÇAMENTO!$AF$7)/$H67*OFFSET(ORÇAMENTO!$X$15,ROW(AI67)-ROW(AI$15),0),0)","v":0},{"$f":"IF(AND($D67=\"Serviço\",AJ$12<>0,$H67>0,OR(AUTOEVENTO<>\"manual\",$M67<>1)),ROUND(OFFSET($P67,0,AJ$13),15-13*ORÇAMENTO!$AF$7)/$H67*OFFSET(ORÇAMENTO!$X$15,ROW(AJ67)-ROW(AJ$15),0),0)","v":0},{"$f":"IF(AND($D67=\"Serviço\",AK$12<>0,$H67>0,OR(AUTOEVENTO<>\"manual\",$M67<>1)),ROUND(OFFSET($P67,0,AK$13),15-13*ORÇAMENTO!$AF$7)/$H67*OFFSET(ORÇAMENTO!$X$15,ROW(AK67)-ROW(AK$15),0),0)","v":0},null,{"$f":"IF($D67<>\"Serviço\",0,IF(AND(AUTOEVENTO=\"Manual\",$M67=1),0,IF(OFFSET(CRONOPLE!$F$14,$M67,AM$13)=\"\",10^12,OFFSET(CRONOPLE!$F$14,$M67,AM$13))))","v":0},{"$f":"IF($D67<>\"Serviço\",0,IF(AND(AUTOEVENTO=\"Manual\",$M67=1),0,IF(OFFSET(CRONOPLE!$F$14,$M67,AN$13)=\"\",10^12,OFFSET(CRONOPLE!$F$14,$M67,AN$13))))","v":0},{"$f":"IF($D67<>\"Serviço\",0,IF(AND(AUTOEVENTO=\"Manual\",$M67=1),0,IF(OFFSET(CRONOPLE!$F$14,$M67,AO$13)=\"\",10^12,OFFSET(CRONOPLE!$F$14,$M67,AO$13))))","v":0},{"$f":"IF($D67<>\"Serviço\",0,IF(AND(AUTOEVENTO=\"Manual\",$M67=1),0,IF(OFFSET(CRONOPLE!$F$14,$M67,AP$13)=\"\",10^12,OFFSET(CRONOPLE!$F$14,$M67,AP$13))))","v":0},{"$f":"IF($D67<>\"Serviço\",0,IF(AND(AUTOEVENTO=\"Manual\",$M67=1),0,IF(OFFSET(CRONOPLE!$F$14,$M67,AQ$13)=\"\",10^12,OFFSET(CRONOPLE!$F$14,$M67,AQ$13))))","v":0},{"$f":"IF($D67<>\"Serviço\",0,IF(AND(AUTOEVENTO=\"Manual\",$M67=1),0,IF(OFFSET(CRONOPLE!$F$14,$M67,AR$13)=\"\",10^12,OFFSET(CRONOPLE!$F$14,$M67,AR$13))))","v":0},{"$f":"IF($D67<>\"Serviço\",0,IF(AND(AUTOEVENTO=\"Manual\",$M67=1),0,IF(OFFSET(CRONOPLE!$F$14,$M67,AS$13)=\"\",10^12,OFFSET(CRONOPLE!$F$14,$M67,AS$13))))","v":0},{"$f":"IF($D67<>\"Serviço\",0,IF(AND(AUTOEVENTO=\"Manual\",$M67=1),0,IF(OFFSET(CRONOPLE!$F$14,$M67,AT$13)=\"\",10^12,OFFSET(CRONOPLE!$F$14,$M67,AT$13))))","v":0},{"$f":"IF($D67<>\"Serviço\",0,IF(AND(AUTOEVENTO=\"Manual\",$M67=1),0,IF(OFFSET(CRONOPLE!$F$14,$M67,AU$13)=\"\",10^12,OFFSET(CRONOPLE!$F$14,$M67,AU$13))))","v":0},{"$f":"IF($D67<>\"Serviço\",0,IF(AND(AUTOEVENTO=\"Manual\",$M67=1),0,IF(OFFSET(CRONOPLE!$F$14,$M67,AV$13)=\"\",10^12,OFFSET(CRONOPLE!$F$14,$M67,AV$13))))","v":0},null,{"$f":"IF($D67<>\"Serviço\",0,IF(OR(AND(AUTOEVENTO=\"Manual\",$M67=1),$M67>(ROW(PLE.lastrow)-ROW(PLE.firstrow))),0,IF(OFFSET(PLE!$G$14,$M67,AX$13)=\"\",10^12,OFFSET(PLE!$G$14,$M67,AX$13))))","v":0},{"$f":"IF($D67<>\"Serviço\",0,IF(OR(AND(AUTOEVENTO=\"Manual\",$M67=1),$M67>(ROW(PLE.lastrow)-ROW(PLE.firstrow))),0,IF(OFFSET(PLE!$G$14,$M67,AY$13)=\"\",10^12,OFFSET(PLE!$G$14,$M67,AY$13))))","v":0},{"$f":"IF($D67<>\"Serviço\",0,IF(OR(AND(AUTOEVENTO=\"Manual\",$M67=1),$M67>(ROW(PLE.lastrow)-ROW(PLE.firstrow))),0,IF(OFFSET(PLE!$G$14,$M67,AZ$13)=\"\",10^12,OFFSET(PLE!$G$14,$M67,AZ$13))))","v":0},{"$f":"IF($D67<>\"Serviço\",0,IF(OR(AND(AUTOEVENTO=\"Manual\",$M67=1),$M67>(ROW(PLE.lastrow)-ROW(PLE.firstrow))),0,IF(OFFSET(PLE!$G$14,$M67,BA$13)=\"\",10^12,OFFSET(PLE!$G$14,$M67,BA$13))))","v":0},{"$f":"IF($D67<>\"Serviço\",0,IF(OR(AND(AUTOEVENTO=\"Manual\",$M67=1),$M67>(ROW(PLE.lastrow)-ROW(PLE.firstrow))),0,IF(OFFSET(PLE!$G$14,$M67,BB$13)=\"\",10^12,OFFSET(PLE!$G$14,$M67,BB$13))))","v":0},{"$f":"IF($D67<>\"Serviço\",0,IF(OR(AND(AUTOEVENTO=\"Manual\",$M67=1),$M67>(ROW(PLE.lastrow)-ROW(PLE.firstrow))),0,IF(OFFSET(PLE!$G$14,$M67,BC$13)=\"\",10^12,OFFSET(PLE!$G$14,$M67,BC$13))))","v":0},{"$f":"IF($D67<>\"Serviço\",0,IF(OR(AND(AUTOEVENTO=\"Manual\",$M67=1),$M67>(ROW(PLE.lastrow)-ROW(PLE.firstrow))),0,IF(OFFSET(PLE!$G$14,$M67,BD$13)=\"\",10^12,OFFSET(PLE!$G$14,$M67,BD$13))))","v":0},{"$f":"IF($D67<>\"Serviço\",0,IF(OR(AND(AUTOEVENTO=\"Manual\",$M67=1),$M67>(ROW(PLE.lastrow)-ROW(PLE.firstrow))),0,IF(OFFSET(PLE!$G$14,$M67,BE$13)=\"\",10^12,OFFSET(PLE!$G$14,$M67,BE$13))))","v":0},{"$f":"IF($D67<>\"Serviço\",0,IF(OR(AND(AUTOEVENTO=\"Manual\",$M67=1),$M67>(ROW(PLE.lastrow)-ROW(PLE.firstrow))),0,IF(OFFSET(PLE!$G$14,$M67,BF$13)=\"\",10^12,OFFSET(PLE!$G$14,$M67,BF$13))))","v":0},{"$f":"IF($D67<>\"Serviço\",0,IF(OR(AND(AUTOEVENTO=\"Manual\",$M67=1),$M67>(ROW(PLE.lastrow)-ROW(PLE.firstrow))),0,IF(OFFSET(PLE!$G$14,$M67,BG$13)=\"\",10^12,OFFSET(PLE!$G$14,$M67,BG$13))))","v":0}]
["52",{"$f":"OFFSET(ORÇAMENTO!C$15,ROW(B68)-ROW(B$15),0)","v":"S"},{"$f":"OFFSET(ORÇAMENTO!L$15,ROW(C68)-ROW(C$15),0)","v":"F"},{"$f":"OFFSET(ORÇAMENTO!N$15,ROW(D68)-ROW(D$15),0)","v":"Serviço"},{"$f":"OFFSET(ORÇAMENTO!O$15,ROW(E68)-ROW(E$15),0)","v":"1.6.1."},{"$f":"OFFSET(ORÇAMENTO!R$15,ROW(F68)-ROW(F$15),0)","v":"LASTRO COM MATERIAL GRANULAR, APLICAÇÃO EM PISOS OU RADIERS, ESPESSURA DE 5 CM"},{"$f":"IF($D68<>\"Serviço\",\"\",OFFSET(ORÇAMENTO!S$15,ROW(G68)-ROW(G$15),0))","v":"M3"},{"$f":"IF($D68<>\"Serviço\",0,IF(ACOMPANHAMENTO=\"BM\",ROUND(OFFSET(ORÇAMENTO!AJ$15,ROW(H68)-ROW(H$15),0),15-13*ORÇAMENTO!$AF$7),SUMPRODUCT(($Q$12:$AA$12<>\"\")*ROUND($Q68:$AA68,15-13*ORÇAMENTO!$AF$7))))","v":1.1399999999999999},null,null,null,".",{"$f":"IF($D68<>\"Serviço\",\"\",IF(AUTOEVENTO=\"manual\",$A68,IF(ISERROR(MATCH($A68,$A$15:OFFSET($A68,-1,0),0)),MAX($M$15:OFFSET(M68,-1,0))+1,INDEX($M$15:OFFSET(M68,-1,0),MATCH($A68,$A$15:OFFSET($A68,-1,0),0)))))","v":7},{"$f":"IF($D68<>\"Serviço\",\"\",IF(AUTOEVENTO=\"Manual\",IF($A68=0,\"<-- defina o número do agrupador\",OFFSET(EVENTOS!$D$14,$A68,0)),OFFSET($F$15,$A68,0)))","v":"PAVIMENTAÇÃO"},null,null,null,null,null,null,null,null,null,null,null,null,null,{"$f":"IF(AND($D68=\"Serviço\",AB$12<>0,$H68>0,OR(AUTOEVENTO<>\"manual\",$M68<>1)),ROUND(OFFSET($P68,0,AB$13),15-13*ORÇAMENTO!$AF$7)/$H68*OFFSET(ORÇAMENTO!$X$15,ROW(AB68)-ROW(AB$15),0),0)","v":0},{"$f":"IF(AND($D68=\"Serviço\",AC$12<>0,$H68>0,OR(AUTOEVENTO<>\"manual\",$M68<>1)),ROUND(OFFSET($P68,0,AC$13),15-13*ORÇAMENTO!$AF$7)/$H68*OFFSET(ORÇAMENTO!$X$15,ROW(AC68)-ROW(AC$15),0),0)","v":0},{"$f":"IF(AND($D68=\"Serviço\",AD$12<>0,$H68>0,OR(AUTOEVENTO<>\"manual\",$M68<>1)),ROUND(OFFSET($P68,0,AD$13),15-13*ORÇAMENTO!$AF$7)/$H68*OFFSET(ORÇAMENTO!$X$15,ROW(AD68)-ROW(AD$15),0),0)","v":0},{"$f":"IF(AND($D68=\"Serviço\",AE$12<>0,$H68>0,OR(AUTOEVENTO<>\"manual\",$M68<>1)),ROUND(OFFSET($P68,0,AE$13),15-13*ORÇAMENTO!$AF$7)/$H68*OFFSET(ORÇAMENTO!$X$15,ROW(AE68)-ROW(AE$15),0),0)","v":0},{"$f":"IF(AND($D68=\"Serviço\",AF$12<>0,$H68>0,OR(AUTOEVENTO<>\"manual\",$M68<>1)),ROUND(OFFSET($P68,0,AF$13),15-13*ORÇAMENTO!$AF$7)/$H68*OFFSET(ORÇAMENTO!$X$15,ROW(AF68)-ROW(AF$15),0),0)","v":0},{"$f":"IF(AND($D68=\"Serviço\",AG$12<>0,$H68>0,OR(AUTOEVENTO<>\"manual\",$M68<>1)),ROUND(OFFSET($P68,0,AG$13),15-13*ORÇAMENTO!$AF$7)/$H68*OFFSET(ORÇAMENTO!$X$15,ROW(AG68)-ROW(AG$15),0),0)","v":0},{"$f":"IF(AND($D68=\"Serviço\",AH$12<>0,$H68>0,OR(AUTOEVENTO<>\"manual\",$M68<>1)),ROUND(OFFSET($P68,0,AH$13),15-13*ORÇAMENTO!$AF$7)/$H68*OFFSET(ORÇAMENTO!$X$15,ROW(AH68)-ROW(AH$15),0),0)","v":0},{"$f":"IF(AND($D68=\"Serviço\",AI$12<>0,$H68>0,OR(AUTOEVENTO<>\"manual\",$M68<>1)),ROUND(OFFSET($P68,0,AI$13),15-13*ORÇAMENTO!$AF$7)/$H68*OFFSET(ORÇAMENTO!$X$15,ROW(AI68)-ROW(AI$15),0),0)","v":0},{"$f":"IF(AND($D68=\"Serviço\",AJ$12<>0,$H68>0,OR(AUTOEVENTO<>\"manual\",$M68<>1)),ROUND(OFFSET($P68,0,AJ$13),15-13*ORÇAMENTO!$AF$7)/$H68*OFFSET(ORÇAMENTO!$X$15,ROW(AJ68)-ROW(AJ$15),0),0)","v":0},{"$f":"IF(AND($D68=\"Serviço\",AK$12<>0,$H68>0,OR(AUTOEVENTO<>\"manual\",$M68<>1)),ROUND(OFFSET($P68,0,AK$13),15-13*ORÇAMENTO!$AF$7)/$H68*OFFSET(ORÇAMENTO!$X$15,ROW(AK68)-ROW(AK$15),0),0)","v":0},null,{"$f":"IF($D68<>\"Serviço\",0,IF(AND(AUTOEVENTO=\"Manual\",$M68=1),0,IF(OFFSET(CRONOPLE!$F$14,$M68,AM$13)=\"\",10^12,OFFSET(CRONOPLE!$F$14,$M68,AM$13))))","v":1000000000000},{"$f":"IF($D68<>\"Serviço\",0,IF(AND(AUTOEVENTO=\"Manual\",$M68=1),0,IF(OFFSET(CRONOPLE!$F$14,$M68,AN$13)=\"\",10^12,OFFSET(CRONOPLE!$F$14,$M68,AN$13))))","v":1000000000000},{"$f":"IF($D68<>\"Serviço\",0,IF(AND(AUTOEVENTO=\"Manual\",$M68=1),0,IF(OFFSET(CRONOPLE!$F$14,$M68,AO$13)=\"\",10^12,OFFSET(CRONOPLE!$F$14,$M68,AO$13))))","v":1000000000000},{"$f":"IF($D68<>\"Serviço\",0,IF(AND(AUTOEVENTO=\"Manual\",$M68=1),0,IF(OFFSET(CRONOPLE!$F$14,$M68,AP$13)=\"\",10^12,OFFSET(CRONOPLE!$F$14,$M68,AP$13))))","v":1000000000000},{"$f":"IF($D68<>\"Serviço\",0,IF(AND(AUTOEVENTO=\"Manual\",$M68=1),0,IF(OFFSET(CRONOPLE!$F$14,$M68,AQ$13)=\"\",10^12,OFFSET(CRONOPLE!$F$14,$M68,AQ$13))))","v":1000000000000},{"$f":"IF($D68<>\"Serviço\",0,IF(AND(AUTOEVENTO=\"Manual\",$M68=1),0,IF(OFFSET(CRONOPLE!$F$14,$M68,AR$13)=\"\",10^12,OFFSET(CRONOPLE!$F$14,$M68,AR$13))))","v":1000000000000},{"$f":"IF($D68<>\"Serviço\",0,IF(AND(AUTOEVENTO=\"Manual\",$M68=1),0,IF(OFFSET(CRONOPLE!$F$14,$M68,AS$13)=\"\",10^12,OFFSET(CRONOPLE!$F$14,$M68,AS$13))))","v":1000000000000},{"$f":"IF($D68<>\"Serviço\",0,IF(AND(AUTOEVENTO=\"Manual\",$M68=1),0,IF(OFFSET(CRONOPLE!$F$14,$M68,AT$13)=\"\",10^12,OFFSET(CRONOPLE!$F$14,$M68,AT$13))))","v":1000000000000},{"$f":"IF($D68<>\"Serviço\",0,IF(AND(AUTOEVENTO=\"Manual\",$M68=1),0,IF(OFFSET(CRONOPLE!$F$14,$M68,AU$13)=\"\",10^12,OFFSET(CRONOPLE!$F$14,$M68,AU$13))))","v":1000000000000},{"$f":"IF($D68<>\"Serviço\",0,IF(AND(AUTOEVENTO=\"Manual\",$M68=1),0,IF(OFFSET(CRONOPLE!$F$14,$M68,AV$13)=\"\",10^12,OFFSET(CRONOPLE!$F$14,$M68,AV$13))))","v":1000000000000},null,{"$f":"IF($D68<>\"Serviço\",0,IF(OR(AND(AUTOEVENTO=\"Manual\",$M68=1),$M68>(ROW(PLE.lastrow)-ROW(PLE.firstrow))),0,IF(OFFSET(PLE!$G$14,$M68,AX$13)=\"\",10^12,OFFSET(PLE!$G$14,$M68,AX$13))))","v":1000000000000},{"$f":"IF($D68<>\"Serviço\",0,IF(OR(AND(AUTOEVENTO=\"Manual\",$M68=1),$M68>(ROW(PLE.lastrow)-ROW(PLE.firstrow))),0,IF(OFFSET(PLE!$G$14,$M68,AY$13)=\"\",10^12,OFFSET(PLE!$G$14,$M68,AY$13))))","v":1000000000000},{"$f":"IF($D68<>\"Serviço\",0,IF(OR(AND(AUTOEVENTO=\"Manual\",$M68=1),$M68>(ROW(PLE.lastrow)-ROW(PLE.firstrow))),0,IF(OFFSET(PLE!$G$14,$M68,AZ$13)=\"\",10^12,OFFSET(PLE!$G$14,$M68,AZ$13))))","v":1000000000000},{"$f":"IF($D68<>\"Serviço\",0,IF(OR(AND(AUTOEVENTO=\"Manual\",$M68=1),$M68>(ROW(PLE.lastrow)-ROW(PLE.firstrow))),0,IF(OFFSET(PLE!$G$14,$M68,BA$13)=\"\",10^12,OFFSET(PLE!$G$14,$M68,BA$13))))","v":1000000000000},{"$f":"IF($D68<>\"Serviço\",0,IF(OR(AND(AUTOEVENTO=\"Manual\",$M68=1),$M68>(ROW(PLE.lastrow)-ROW(PLE.firstrow))),0,IF(OFFSET(PLE!$G$14,$M68,BB$13)=\"\",10^12,OFFSET(PLE!$G$14,$M68,BB$13))))","v":1000000000000},{"$f":"IF($D68<>\"Serviço\",0,IF(OR(AND(AUTOEVENTO=\"Manual\",$M68=1),$M68>(ROW(PLE.lastrow)-ROW(PLE.firstrow))),0,IF(OFFSET(PLE!$G$14,$M68,BC$13)=\"\",10^12,OFFSET(PLE!$G$14,$M68,BC$13))))","v":1000000000000},{"$f":"IF($D68<>\"Serviço\",0,IF(OR(AND(AUTOEVENTO=\"Manual\",$M68=1),$M68>(ROW(PLE.lastrow)-ROW(PLE.firstrow))),0,IF(OFFSET(PLE!$G$14,$M68,BD$13)=\"\",10^12,OFFSET(PLE!$G$14,$M68,BD$13))))","v":1000000000000},{"$f":"IF($D68<>\"Serviço\",0,IF(OR(AND(AUTOEVENTO=\"Manual\",$M68=1),$M68>(ROW(PLE.lastrow)-ROW(PLE.firstrow))),0,IF(OFFSET(PLE!$G$14,$M68,BE$13)=\"\",10^12,OFFSET(PLE!$G$14,$M68,BE$13))))","v":1000000000000},{"$f":"IF($D68<>\"Serviço\",0,IF(OR(AND(AUTOEVENTO=\"Manual\",$M68=1),$M68>(ROW(PLE.lastrow)-ROW(PLE.firstrow))),0,IF(OFFSET(PLE!$G$14,$M68,BF$13)=\"\",10^12,OFFSET(PLE!$G$14,$M68,BF$13))))","v":1000000000000},{"$f":"IF($D68<>\"Serviço\",0,IF(OR(AND(AUTOEVENTO=\"Manual\",$M68=1),$M68>(ROW(PLE.lastrow)-ROW(PLE.firstrow))),0,IF(OFFSET(PLE!$G$14,$M68,BG$13)=\"\",10^12,OFFSET(PLE!$G$14,$M68,BG$13))))","v":1000000000000}]
["52",{"$f":"OFFSET(ORÇAMENTO!C$15,ROW(B69)-ROW(B$15),0)","v":"S"},{"$f":"OFFSET(ORÇAMENTO!L$15,ROW(C69)-ROW(C$15),0)","v":"F"},{"$f":"OFFSET(ORÇAMENTO!N$15,ROW(D69)-ROW(D$15),0)","v":"Serviço"},{"$f":"OFFSET(ORÇAMENTO!O$15,ROW(E69)-ROW(E$15),0)","v":"1.6.2."},{"$f":"OFFSET(ORÇAMENTO!R$15,ROW(F69)-ROW(F$15),0)","v":"EXECUÇÃO DE PASSEIO (CALÇADA) OU PISO DE CONCRETO COM CONCRETO MOLDADO IN LOCO, USINADO, ACABAMENTO CONVENCIONAL, ESPESSURA 8 CM, ARMADO"},{"$f":"IF($D69<>\"Serviço\",\"\",OFFSET(ORÇAMENTO!S$15,ROW(G69)-ROW(G$15),0))","v":"M2"},{"$f":"IF($D69<>\"Serviço\",0,IF(ACOMPANHAMENTO=\"BM\",ROUND(OFFSET(ORÇAMENTO!AJ$15,ROW(H69)-ROW(H$15),0),15-13*ORÇAMENTO!$AF$7),SUMPRODUCT(($Q$12:$AA$12<>\"\")*ROUND($Q69:$AA69,15-13*ORÇAMENTO!$AF$7))))","v":22.72},null,null,null,".",{"$f":"IF($D69<>\"Serviço\",\"\",IF(AUTOEVENTO=\"manual\",$A69,IF(ISERROR(MATCH($A69,$A$15:OFFSET($A69,-1,0),0)),MAX($M$15:OFFSET(M69,-1,0))+1,INDEX($M$15:OFFSET(M69,-1,0),MATCH($A69,$A$15:OFFSET($A69,-1,0),0)))))","v":7},{"$f":"IF($D69<>\"Serviço\",\"\",IF(AUTOEVENTO=\"Manual\",IF($A69=0,\"<-- defina o número do agrupador\",OFFSET(EVENTOS!$D$14,$A69,0)),OFFSET($F$15,$A69,0)))","v":"PAVIMENTAÇÃO"},null,null,null,null,null,null,null,null,null,null,null,null,null,{"$f":"IF(AND($D69=\"Serviço\",AB$12<>0,$H69>0,OR(AUTOEVENTO<>\"manual\",$M69<>1)),ROUND(OFFSET($P69,0,AB$13),15-13*ORÇAMENTO!$AF$7)/$H69*OFFSET(ORÇAMENTO!$X$15,ROW(AB69)-ROW(AB$15),0),0)","v":0},{"$f":"IF(AND($D69=\"Serviço\",AC$12<>0,$H69>0,OR(AUTOEVENTO<>\"manual\",$M69<>1)),ROUND(OFFSET($P69,0,AC$13),15-13*ORÇAMENTO!$AF$7)/$H69*OFFSET(ORÇAMENTO!$X$15,ROW(AC69)-ROW(AC$15),0),0)","v":0},{"$f":"IF(AND($D69=\"Serviço\",AD$12<>0,$H69>0,OR(AUTOEVENTO<>\"manual\",$M69<>1)),ROUND(OFFSET($P69,0,AD$13),15-13*ORÇAMENTO!$AF$7)/$H69*OFFSET(ORÇAMENTO!$X$15,ROW(AD69)-ROW(AD$15),0),0)","v":0},{"$f":"IF(AND($D69=\"Serviço\",AE$12<>0,$H69>0,OR(AUTOEVENTO<>\"manual\",$M69<>1)),ROUND(OFFSET($P69,0,AE$13),15-13*ORÇAMENTO!$AF$7)/$H69*OFFSET(ORÇAMENTO!$X$15,ROW(AE69)-ROW(AE$15),0),0)","v":0},{"$f":"IF(AND($D69=\"Serviço\",AF$12<>0,$H69>0,OR(AUTOEVENTO<>\"manual\",$M69<>1)),ROUND(OFFSET($P69,0,AF$13),15-13*ORÇAMENTO!$AF$7)/$H69*OFFSET(ORÇAMENTO!$X$15,ROW(AF69)-ROW(AF$15),0),0)","v":0},{"$f":"IF(AND($D69=\"Serviço\",AG$12<>0,$H69>0,OR(AUTOEVENTO<>\"manual\",$M69<>1)),ROUND(OFFSET($P69,0,AG$13),15-13*ORÇAMENTO!$AF$7)/$H69*OFFSET(ORÇAMENTO!$X$15,ROW(AG69)-ROW(AG$15),0),0)","v":0},{"$f":"IF(AND($D69=\"Serviço\",AH$12<>0,$H69>0,OR(AUTOEVENTO<>\"manual\",$M69<>1)),ROUND(OFFSET($P69,0,AH$13),15-13*ORÇAMENTO!$AF$7)/$H69*OFFSET(ORÇAMENTO!$X$15,ROW(AH69)-ROW(AH$15),0),0)","v":0},{"$f":"IF(AND($D69=\"Serviço\",AI$12<>0,$H69>0,OR(AUTOEVENTO<>\"manual\",$M69<>1)),ROUND(OFFSET($P69,0,AI$13),15-13*ORÇAMENTO!$AF$7)/$H69*OFFSET(ORÇAMENTO!$X$15,ROW(AI69)-ROW(AI$15),0),0)","v":0},{"$f":"IF(AND($D69=\"Serviço\",AJ$12<>0,$H69>0,OR(AUTOEVENTO<>\"manual\",$M69<>1)),ROUND(OFFSET($P69,0,AJ$13),15-13*ORÇAMENTO!$AF$7)/$H69*OFFSET(ORÇAMENTO!$X$15,ROW(AJ69)-ROW(AJ$15),0),0)","v":0},{"$f":"IF(AND($D69=\"Serviço\",AK$12<>0,$H69>0,OR(AUTOEVENTO<>\"manual\",$M69<>1)),ROUND(OFFSET($P69,0,AK$13),15-13*ORÇAMENTO!$AF$7)/$H69*OFFSET(ORÇAMENTO!$X$15,ROW(AK69)-ROW(AK$15),0),0)","v":0},null,{"$f":"IF($D69<>\"Serviço\",0,IF(AND(AUTOEVENTO=\"Manual\",$M69=1),0,IF(OFFSET(CRONOPLE!$F$14,$M69,AM$13)=\"\",10^12,OFFSET(CRONOPLE!$F$14,$M69,AM$13))))","v":1000000000000},{"$f":"IF($D69<>\"Serviço\",0,IF(AND(AUTOEVENTO=\"Manual\",$M69=1),0,IF(OFFSET(CRONOPLE!$F$14,$M69,AN$13)=\"\",10^12,OFFSET(CRONOPLE!$F$14,$M69,AN$13))))","v":1000000000000},{"$f":"IF($D69<>\"Serviço\",0,IF(AND(AUTOEVENTO=\"Manual\",$M69=1),0,IF(OFFSET(CRONOPLE!$F$14,$M69,AO$13)=\"\",10^12,OFFSET(CRONOPLE!$F$14,$M69,AO$13))))","v":1000000000000},{"$f":"IF($D69<>\"Serviço\",0,IF(AND(AUTOEVENTO=\"Manual\",$M69=1),0,IF(OFFSET(CRONOPLE!$F$14,$M69,AP$13)=\"\",10^12,OFFSET(CRONOPLE!$F$14,$M69,AP$13))))","v":1000000000000},{"$f":"IF($D69<>\"Serviço\",0,IF(AND(AUTOEVENTO=\"Manual\",$M69=1),0,IF(OFFSET(CRONOPLE!$F$14,$M69,AQ$13)=\"\",10^12,OFFSET(CRONOPLE!$F$14,$M69,AQ$13))))","v":1000000000000},{"$f":"IF($D69<>\"Serviço\",0,IF(AND(AUTOEVENTO=\"Manual\",$M69=1),0,IF(OFFSET(CRONOPLE!$F$14,$M69,AR$13)=\"\",10^12,OFFSET(CRONOPLE!$F$14,$M69,AR$13))))","v":1000000000000},{"$f":"IF($D69<>\"Serviço\",0,IF(AND(AUTOEVENTO=\"Manual\",$M69=1),0,IF(OFFSET(CRONOPLE!$F$14,$M69,AS$13)=\"\",10^12,OFFSET(CRONOPLE!$F$14,$M69,AS$13))))","v":1000000000000},{"$f":"IF($D69<>\"Serviço\",0,IF(AND(AUTOEVENTO=\"Manual\",$M69=1),0,IF(OFFSET(CRONOPLE!$F$14,$M69,AT$13)=\"\",10^12,OFFSET(CRONOPLE!$F$14,$M69,AT$13))))","v":1000000000000},{"$f":"IF($D69<>\"Serviço\",0,IF(AND(AUTOEVENTO=\"Manual\",$M69=1),0,IF(OFFSET(CRONOPLE!$F$14,$M69,AU$13)=\"\",10^12,OFFSET(CRONOPLE!$F$14,$M69,AU$13))))","v":1000000000000},{"$f":"IF($D69<>\"Serviço\",0,IF(AND(AUTOEVENTO=\"Manual\",$M69=1),0,IF(OFFSET(CRONOPLE!$F$14,$M69,AV$13)=\"\",10^12,OFFSET(CRONOPLE!$F$14,$M69,AV$13))))","v":1000000000000},null,{"$f":"IF($D69<>\"Serviço\",0,IF(OR(AND(AUTOEVENTO=\"Manual\",$M69=1),$M69>(ROW(PLE.lastrow)-ROW(PLE.firstrow))),0,IF(OFFSET(PLE!$G$14,$M69,AX$13)=\"\",10^12,OFFSET(PLE!$G$14,$M69,AX$13))))","v":1000000000000},{"$f":"IF($D69<>\"Serviço\",0,IF(OR(AND(AUTOEVENTO=\"Manual\",$M69=1),$M69>(ROW(PLE.lastrow)-ROW(PLE.firstrow))),0,IF(OFFSET(PLE!$G$14,$M69,AY$13)=\"\",10^12,OFFSET(PLE!$G$14,$M69,AY$13))))","v":1000000000000},{"$f":"IF($D69<>\"Serviço\",0,IF(OR(AND(AUTOEVENTO=\"Manual\",$M69=1),$M69>(ROW(PLE.lastrow)-ROW(PLE.firstrow))),0,IF(OFFSET(PLE!$G$14,$M69,AZ$13)=\"\",10^12,OFFSET(PLE!$G$14,$M69,AZ$13))))","v":1000000000000},{"$f":"IF($D69<>\"Serviço\",0,IF(OR(AND(AUTOEVENTO=\"Manual\",$M69=1),$M69>(ROW(PLE.lastrow)-ROW(PLE.firstrow))),0,IF(OFFSET(PLE!$G$14,$M69,BA$13)=\"\",10^12,OFFSET(PLE!$G$14,$M69,BA$13))))","v":1000000000000},{"$f":"IF($D69<>\"Serviço\",0,IF(OR(AND(AUTOEVENTO=\"Manual\",$M69=1),$M69>(ROW(PLE.lastrow)-ROW(PLE.firstrow))),0,IF(OFFSET(PLE!$G$14,$M69,BB$13)=\"\",10^12,OFFSET(PLE!$G$14,$M69,BB$13))))","v":1000000000000},{"$f":"IF($D69<>\"Serviço\",0,IF(OR(AND(AUTOEVENTO=\"Manual\",$M69=1),$M69>(ROW(PLE.lastrow)-ROW(PLE.firstrow))),0,IF(OFFSET(PLE!$G$14,$M69,BC$13)=\"\",10^12,OFFSET(PLE!$G$14,$M69,BC$13))))","v":1000000000000},{"$f":"IF($D69<>\"Serviço\",0,IF(OR(AND(AUTOEVENTO=\"Manual\",$M69=1),$M69>(ROW(PLE.lastrow)-ROW(PLE.firstrow))),0,IF(OFFSET(PLE!$G$14,$M69,BD$13)=\"\",10^12,OFFSET(PLE!$G$14,$M69,BD$13))))","v":1000000000000},{"$f":"IF($D69<>\"Serviço\",0,IF(OR(AND(AUTOEVENTO=\"Manual\",$M69=1),$M69>(ROW(PLE.lastrow)-ROW(PLE.firstrow))),0,IF(OFFSET(PLE!$G$14,$M69,BE$13)=\"\",10^12,OFFSET(PLE!$G$14,$M69,BE$13))))","v":1000000000000},{"$f":"IF($D69<>\"Serviço\",0,IF(OR(AND(AUTOEVENTO=\"Manual\",$M69=1),$M69>(ROW(PLE.lastrow)-ROW(PLE.firstrow))),0,IF(OFFSET(PLE!$G$14,$M69,BF$13)=\"\",10^12,OFFSET(PLE!$G$14,$M69,BF$13))))","v":1000000000000},{"$f":"IF($D69<>\"Serviço\",0,IF(OR(AND(AUTOEVENTO=\"Manual\",$M69=1),$M69>(ROW(PLE.lastrow)-ROW(PLE.firstrow))),0,IF(OFFSET(PLE!$G$14,$M69,BG$13)=\"\",10^12,OFFSET(PLE!$G$14,$M69,BG$13))))","v":1000000000000}]
[{"$f":"IF(AUTOEVENTO=\"Manual\",IF(K70<>\"\",MIN(VALUE(LEFT(K70,FIND(\".\",K70)-1)),COUNTA(EVENTOS.Lista)),0),IF(OR($B70>AUTOEVENTO,$B70=\"S\",$B70=0),SUBSTITUTE(OFFSET($A70,-1,0),IF($D70=\"Serviço\",\".\",\"\"),\"\"),ROW(A70)-ROW($A$15)&\".\"))","v":"52"},{"$f":"OFFSET(ORÇAMENTO!C$15,ROW(B70)-ROW(B$15),0)","v":"S"},{"$f":"OFFSET(ORÇAMENTO!L$15,ROW(C70)-ROW(C$15),0)","v":"F"},{"$f":"OFFSET(ORÇAMENTO!N$15,ROW(D70)-ROW(D$15),0)","v":"Serviço"},{"$f":"OFFSET(ORÇAMENTO!O$15,ROW(E70)-ROW(E$15),0)","v":"1.6.3."},{"$f":"OFFSET(ORÇAMENTO!R$15,ROW(F70)-ROW(F$15),0)","v":"CONTRAPISO EM ARGAMASSA TRAÇO 1:4 (CIMENTO E AREIA), PREPARO MANUAL, APLICADO EM ÁREAS SECAS SOBRE LAJE, ADERIDO, ESPESSURA 4 CM"},{"$f":"IF($D70<>\"Serviço\",\"\",OFFSET(ORÇAMENTO!S$15,ROW(G70)-ROW(G$15),0))","v":"M2"},{"$f":"IF($D70<>\"Serviço\",0,IF(ACOMPANHAMENTO=\"BM\",ROUND(OFFSET(ORÇAMENTO!AJ$15,ROW(H70)-ROW(H$15),0),15-13*ORÇAMENTO!$AF$7),SUMPRODUCT(($Q$12:$AA$12<>\"\")*ROUND($Q70:$AA70,15-13*ORÇAMENTO!$AF$7))))","v":174.91},null,null,null,".",{"$f":"IF($D70<>\"Serviço\",\"\",IF(AUTOEVENTO=\"manual\",$A70,IF(ISERROR(MATCH($A70,$A$15:OFFSET($A70,-1,0),0)),MAX($M$15:OFFSET(M70,-1,0))+1,INDEX($M$15:OFFSET(M70,-1,0),MATCH($A70,$A$15:OFFSET($A70,-1,0),0)))))","v":7},{"$f":"IF($D70<>\"Serviço\",\"\",IF(AUTOEVENTO=\"Manual\",IF($A70=0,\"<-- defina o número do agrupador\",OFFSET(EVENTOS!$D$14,$A70,0)),OFFSET($F$15,$A70,0)))","v":"PAVIMENTAÇÃO"},null,null,null,null,null,null,null,null,null,null,null,null,null,{"$f":"IF(AND($D70=\"Serviço\",AB$12<>0,$H70>0,OR(AUTOEVENTO<>\"manual\",$M70<>1)),ROUND(OFFSET($P70,0,AB$13),15-13*ORÇAMENTO!$AF$7)/$H70*OFFSET(ORÇAMENTO!$X$15,ROW(AB70)-ROW(AB$15),0),0)","v":0},{"$f":"IF(AND($D70=\"Serviço\",AC$12<>0,$H70>0,OR(AUTOEVENTO<>\"manual\",$M70<>1)),ROUND(OFFSET($P70,0,AC$13),15-13*ORÇAMENTO!$AF$7)/$H70*OFFSET(ORÇAMENTO!$X$15,ROW(AC70)-ROW(AC$15),0),0)","v":0},{"$f":"IF(AND($D70=\"Serviço\",AD$12<>0,$H70>0,OR(AUTOEVENTO<>\"manual\",$M70<>1)),ROUND(OFFSET($P70,0,AD$13),15-13*ORÇAMENTO!$AF$7)/$H70*OFFSET(ORÇAMENTO!$X$15,ROW(AD70)-ROW(AD$15),0),0)","v":0},{"$f":"IF(AND($D70=\"Serviço\",AE$12<>0,$H70>0,OR(AUTOEVENTO<>\"manual\",$M70<>1)),ROUND(OFFSET($P70,0,AE$13),15-13*ORÇAMENTO!$AF$7)/$H70*OFFSET(ORÇAMENTO!$X$15,ROW(AE70)-ROW(AE$15),0),0)","v":0},{"$f":"IF(AND($D70=\"Serviço\",AF$12<>0,$H70>0,OR(AUTOEVENTO<>\"manual\",$M70<>1)),ROUND(OFFSET($P70,0,AF$13),15-13*ORÇAMENTO!$AF$7)/$H70*OFFSET(ORÇAMENTO!$X$15,ROW(AF70)-ROW(AF$15),0),0)","v":0},{"$f":"IF(AND($D70=\"Serviço\",AG$12<>0,$H70>0,OR(AUTOEVENTO<>\"manual\",$M70<>1)),ROUND(OFFSET($P70,0,AG$13),15-13*ORÇAMENTO!$AF$7)/$H70*OFFSET(ORÇAMENTO!$X$15,ROW(AG70)-ROW(AG$15),0),0)","v":0},{"$f":"IF(AND($D70=\"Serviço\",AH$12<>0,$H70>0,OR(AUTOEVENTO<>\"manual\",$M70<>1)),ROUND(OFFSET($P70,0,AH$13),15-13*ORÇAMENTO!$AF$7)/$H70*OFFSET(ORÇAMENTO!$X$15,ROW(AH70)-ROW(AH$15),0),0)","v":0},{"$f":"IF(AND($D70=\"Serviço\",AI$12<>0,$H70>0,OR(AUTOEVENTO<>\"manual\",$M70<>1)),ROUND(OFFSET($P70,0,AI$13),15-13*ORÇAMENTO!$AF$7)/$H70*OFFSET(ORÇAMENTO!$X$15,ROW(AI70)-ROW(AI$15),0),0)","v":0},{"$f":"IF(AND($D70=\"Serviço\",AJ$12<>0,$H70>0,OR(AUTOEVENTO<>\"manual\",$M70<>1)),ROUND(OFFSET($P70,0,AJ$13),15-13*ORÇAMENTO!$AF$7)/$H70*OFFSET(ORÇAMENTO!$X$15,ROW(AJ70)-ROW(AJ$15),0),0)","v":0},{"$f":"IF(AND($D70=\"Serviço\",AK$12<>0,$H70>0,OR(AUTOEVENTO<>\"manual\",$M70<>1)),ROUND(OFFSET($P70,0,AK$13),15-13*ORÇAMENTO!$AF$7)/$H70*OFFSET(ORÇAMENTO!$X$15,ROW(AK70)-ROW(AK$15),0),0)","v":0},null,{"$f":"IF($D70<>\"Serviço\",0,IF(AND(AUTOEVENTO=\"Manual\",$M70=1),0,IF(OFFSET(CRONOPLE!$F$14,$M70,AM$13)=\"\",10^12,OFFSET(CRONOPLE!$F$14,$M70,AM$13))))","v":1000000000000},{"$f":"IF($D70<>\"Serviço\",0,IF(AND(AUTOEVENTO=\"Manual\",$M70=1),0,IF(OFFSET(CRONOPLE!$F$14,$M70,AN$13)=\"\",10^12,OFFSET(CRONOPLE!$F$14,$M70,AN$13))))","v":1000000000000},{"$f":"IF($D70<>\"Serviço\",0,IF(AND(AUTOEVENTO=\"Manual\",$M70=1),0,IF(OFFSET(CRONOPLE!$F$14,$M70,AO$13)=\"\",10^12,OFFSET(CRONOPLE!$F$14,$M70,AO$13))))","v":1000000000000},{"$f":"IF($D70<>\"Serviço\",0,IF(AND(AUTOEVENTO=\"Manual\",$M70=1),0,IF(OFFSET(CRONOPLE!$F$14,$M70,AP$13)=\"\",10^12,OFFSET(CRONOPLE!$F$14,$M70,AP$13))))","v":1000000000000},{"$f":"IF($D70<>\"Serviço\",0,IF(AND(AUTOEVENTO=\"Manual\",$M70=1),0,IF(OFFSET(CRONOPLE!$F$14,$M70,AQ$13)=\"\",10^12,OFFSET(CRONOPLE!$F$14,$M70,AQ$13))))","v":1000000000000},{"$f":"IF($D70<>\"Serviço\",0,IF(AND(AUTOEVENTO=\"Manual\",$M70=1),0,IF(OFFSET(CRONOPLE!$F$14,$M70,AR$13)=\"\",10^12,OFFSET(CRONOPLE!$F$14,$M70,AR$13))))","v":1000000000000},{"$f":"IF($D70<>\"Serviço\",0,IF(AND(AUTOEVENTO=\"Manual\",$M70=1),0,IF(OFFSET(CRONOPLE!$F$14,$M70,AS$13)=\"\",10^12,OFFSET(CRONOPLE!$F$14,$M70,AS$13))))","v":1000000000000},{"$f":"IF($D70<>\"Serviço\",0,IF(AND(AUTOEVENTO=\"Manual\",$M70=1),0,IF(OFFSET(CRONOPLE!$F$14,$M70,AT$13)=\"\",10^12,OFFSET(CRONOPLE!$F$14,$M70,AT$13))))","v":1000000000000},{"$f":"IF($D70<>\"Serviço\",0,IF(AND(AUTOEVENTO=\"Manual\",$M70=1),0,IF(OFFSET(CRONOPLE!$F$14,$M70,AU$13)=\"\",10^12,OFFSET(CRONOPLE!$F$14,$M70,AU$13))))","v":1000000000000},{"$f":"IF($D70<>\"Serviço\",0,IF(AND(AUTOEVENTO=\"Manual\",$M70=1),0,IF(OFFSET(CRONOPLE!$F$14,$M70,AV$13)=\"\",10^12,OFFSET(CRONOPLE!$F$14,$M70,AV$13))))","v":1000000000000},null,{"$f":"IF($D70<>\"Serviço\",0,IF(OR(AND(AUTOEVENTO=\"Manual\",$M70=1),$M70>(ROW(PLE.lastrow)-ROW(PLE.firstrow))),0,IF(OFFSET(PLE!$G$14,$M70,AX$13)=\"\",10^12,OFFSET(PLE!$G$14,$M70,AX$13))))","v":1000000000000},{"$f":"IF($D70<>\"Serviço\",0,IF(OR(AND(AUTOEVENTO=\"Manual\",$M70=1),$M70>(ROW(PLE.lastrow)-ROW(PLE.firstrow))),0,IF(OFFSET(PLE!$G$14,$M70,AY$13)=\"\",10^12,OFFSET(PLE!$G$14,$M70,AY$13))))","v":1000000000000},{"$f":"IF($D70<>\"Serviço\",0,IF(OR(AND(AUTOEVENTO=\"Manual\",$M70=1),$M70>(ROW(PLE.lastrow)-ROW(PLE.firstrow))),0,IF(OFFSET(PLE!$G$14,$M70,AZ$13)=\"\",10^12,OFFSET(PLE!$G$14,$M70,AZ$13))))","v":1000000000000},{"$f":"IF($D70<>\"Serviço\",0,IF(OR(AND(AUTOEVENTO=\"Manual\",$M70=1),$M70>(ROW(PLE.lastrow)-ROW(PLE.firstrow))),0,IF(OFFSET(PLE!$G$14,$M70,BA$13)=\"\",10^12,OFFSET(PLE!$G$14,$M70,BA$13))))","v":1000000000000},{"$f":"IF($D70<>\"Serviço\",0,IF(OR(AND(AUTOEVENTO=\"Manual\",$M70=1),$M70>(ROW(PLE.lastrow)-ROW(PLE.firstrow))),0,IF(OFFSET(PLE!$G$14,$M70,BB$13)=\"\",10^12,OFFSET(PLE!$G$14,$M70,BB$13))))","v":1000000000000},{"$f":"IF($D70<>\"Serviço\",0,IF(OR(AND(AUTOEVENTO=\"Manual\",$M70=1),$M70>(ROW(PLE.lastrow)-ROW(PLE.firstrow))),0,IF(OFFSET(PLE!$G$14,$M70,BC$13)=\"\",10^12,OFFSET(PLE!$G$14,$M70,BC$13))))","v":1000000000000},{"$f":"IF($D70<>\"Serviço\",0,IF(OR(AND(AUTOEVENTO=\"Manual\",$M70=1),$M70>(ROW(PLE.lastrow)-ROW(PLE.firstrow))),0,IF(OFFSET(PLE!$G$14,$M70,BD$13)=\"\",10^12,OFFSET(PLE!$G$14,$M70,BD$13))))","v":1000000000000},{"$f":"IF($D70<>\"Serviço\",0,IF(OR(AND(AUTOEVENTO=\"Manual\",$M70=1),$M70>(ROW(PLE.lastrow)-ROW(PLE.firstrow))),0,IF(OFFSET(PLE!$G$14,$M70,BE$13)=\"\",10^12,OFFSET(PLE!$G$14,$M70,BE$13))))","v":1000000000000},{"$f":"IF($D70<>\"Serviço\",0,IF(OR(AND(AUTOEVENTO=\"Manual\",$M70=1),$M70>(ROW(PLE.lastrow)-ROW(PLE.firstrow))),0,IF(OFFSET(PLE!$G$14,$M70,BF$13)=\"\",10^12,OFFSET(PLE!$G$14,$M70,BF$13))))","v":1000000000000},{"$f":"IF($D70<>\"Serviço\",0,IF(OR(AND(AUTOEVENTO=\"Manual\",$M70=1),$M70>(ROW(PLE.lastrow)-ROW(PLE.firstrow))),0,IF(OFFSET(PLE!$G$14,$M70,BG$13)=\"\",10^12,OFFSET(PLE!$G$14,$M70,BG$13))))","v":1000000000000}]
["52",{"$f":"OFFSET(ORÇAMENTO!C$15,ROW(B71)-ROW(B$15),0)","v":"S"},{"$f":"OFFSET(ORÇAMENTO!L$15,ROW(C71)-ROW(C$15),0)","v":"F"},{"$f":"OFFSET(ORÇAMENTO!N$15,ROW(D71)-ROW(D$15),0)","v":"Serviço"},{"$f":"OFFSET(ORÇAMENTO!O$15,ROW(E71)-ROW(E$15),0)","v":"1.6.4."},{"$f":"OFFSET(ORÇAMENTO!R$15,ROW(F71)-ROW(F$15),0)","v":"IMPERMEABILIZAÇÃO DE SUPERFÍCIE COM EMULSÃO ASFÁLTICA, 2 DEMÃOS"},{"$f":"IF($D71<>\"Serviço\",\"\",OFFSET(ORÇAMENTO!S$15,ROW(G71)-ROW(G$15),0))","v":"M2"},{"$f":"IF($D71<>\"Serviço\",0,IF(ACOMPANHAMENTO=\"BM\",ROUND(OFFSET(ORÇAMENTO!AJ$15,ROW(H71)-ROW(H$15),0),15-13*ORÇAMENTO!$AF$7),SUMPRODUCT(($Q$12:$AA$12<>\"\")*ROUND($Q71:$AA71,15-13*ORÇAMENTO!$AF$7))))","v":5.62},null,null,null,".",{"$f":"IF($D71<>\"Serviço\",\"\",IF(AUTOEVENTO=\"manual\",$A71,IF(ISERROR(MATCH($A71,$A$15:OFFSET($A71,-1,0),0)),MAX($M$15:OFFSET(M71,-1,0))+1,INDEX($M$15:OFFSET(M71,-1,0),MATCH($A71,$A$15:OFFSET($A71,-1,0),0)))))","v":7},{"$f":"IF($D71<>\"Serviço\",\"\",IF(AUTOEVENTO=\"Manual\",IF($A71=0,\"<-- defina o número do agrupador\",OFFSET(EVENTOS!$D$14,$A71,0)),OFFSET($F$15,$A71,0)))","v":"PAVIMENTAÇÃO"},null,null,null,null,null,null,null,null,null,null,null,null,null,{"$f":"IF(AND($D71=\"Serviço\",AB$12<>0,$H71>0,OR(AUTOEVENTO<>\"manual\",$M71<>1)),ROUND(OFFSET($P71,0,AB$13),15-13*ORÇAMENTO!$AF$7)/$H71*OFFSET(ORÇAMENTO!$X$15,ROW(AB71)-ROW(AB$15),0),0)","v":0},{"$f":"IF(AND($D71=\"Serviço\",AC$12<>0,$H71>0,OR(AUTOEVENTO<>\"manual\",$M71<>1)),ROUND(OFFSET($P71,0,AC$13),15-13*ORÇAMENTO!$AF$7)/$H71*OFFSET(ORÇAMENTO!$X$15,ROW(AC71)-ROW(AC$15),0),0)","v":0},{"$f":"IF(AND($D71=\"Serviço\",AD$12<>0,$H71>0,OR(AUTOEVENTO<>\"manual\",$M71<>1)),ROUND(OFFSET($P71,0,AD$13),15-13*ORÇAMENTO!$AF$7)/$H71*OFFSET(ORÇAMENTO!$X$15,ROW(AD71)-ROW(AD$15),0),0)","v":0},{"$f":"IF(AND($D71=\"Serviço\",AE$12<>0,$H71>0,OR(AUTOEVENTO<>\"manual\",$M71<>1)),ROUND(OFFSET($P71,0,AE$13),15-13*ORÇAMENTO!$AF$7)/$H71*OFFSET(ORÇAMENTO!$X$15,ROW(AE71)-ROW(AE$15),0),0)","v":0},{"$f":"IF(AND($D71=\"Serviço\",AF$12<>0,$H71>0,OR(AUTOEVENTO<>\"manual\",$M71<>1)),ROUND(OFFSET($P71,0,AF$13),15-13*ORÇAMENTO!$AF$7)/$H71*OFFSET(ORÇAMENTO!$X$15,ROW(AF71)-ROW(AF$15),0),0)","v":0},{"$f":"IF(AND($D71=\"Serviço\",AG$12<>0,$H71>0,OR(AUTOEVENTO<>\"manual\",$M71<>1)),ROUND(OFFSET($P71,0,AG$13),15-13*ORÇAMENTO!$AF$7)/$H71*OFFSET(ORÇAMENTO!$X$15,ROW(AG71)-ROW(AG$15),0),0)","v":0},{"$f":"IF(AND($D71=\"Serviço\",AH$12<>0,$H71>0,OR(AUTOEVENTO<>\"manual\",$M71<>1)),ROUND(OFFSET($P71,0,AH$13),15-13*ORÇAMENTO!$AF$7)/$H71*OFFSET(ORÇAMENTO!$X$15,ROW(AH71)-ROW(AH$15),0),0)","v":0},{"$f":"IF(AND($D71=\"Serviço\",AI$12<>0,$H71>0,OR(AUTOEVENTO<>\"manual\",$M71<>1)),ROUND(OFFSET($P71,0,AI$13),15-13*ORÇAMENTO!$AF$7)/$H71*OFFSET(ORÇAMENTO!$X$15,ROW(AI71)-ROW(AI$15),0),0)","v":0},{"$f":"IF(AND($D71=\"Serviço\",AJ$12<>0,$H71>0,OR(AUTOEVENTO<>\"manual\",$M71<>1)),ROUND(OFFSET($P71,0,AJ$13),15-13*ORÇAMENTO!$AF$7)/$H71*OFFSET(ORÇAMENTO!$X$15,ROW(AJ71)-ROW(AJ$15),0),0)","v":0},{"$f":"IF(AND($D71=\"Serviço\",AK$12<>0,$H71>0,OR(AUTOEVENTO<>\"manual\",$M71<>1)),ROUND(OFFSET($P71,0,AK$13),15-13*ORÇAMENTO!$AF$7)/$H71*OFFSET(ORÇAMENTO!$X$15,ROW(AK71)-ROW(AK$15),0),0)","v":0},null,{"$f":"IF($D71<>\"Serviço\",0,IF(AND(AUTOEVENTO=\"Manual\",$M71=1),0,IF(OFFSET(CRONOPLE!$F$14,$M71,AM$13)=\"\",10^12,OFFSET(CRONOPLE!$F$14,$M71,AM$13))))","v":1000000000000},{"$f":"IF($D71<>\"Serviço\",0,IF(AND(AUTOEVENTO=\"Manual\",$M71=1),0,IF(OFFSET(CRONOPLE!$F$14,$M71,AN$13)=\"\",10^12,OFFSET(CRONOPLE!$F$14,$M71,AN$13))))","v":1000000000000},{"$f":"IF($D71<>\"Serviço\",0,IF(AND(AUTOEVENTO=\"Manual\",$M71=1),0,IF(OFFSET(CRONOPLE!$F$14,$M71,AO$13)=\"\",10^12,OFFSET(CRONOPLE!$F$14,$M71,AO$13))))","v":1000000000000},{"$f":"IF($D71<>\"Serviço\",0,IF(AND(AUTOEVENTO=\"Manual\",$M71=1),0,IF(OFFSET(CRONOPLE!$F$14,$M71,AP$13)=\"\",10^12,OFFSET(CRONOPLE!$F$14,$M71,AP$13))))","v":1000000000000},{"$f":"IF($D71<>\"Serviço\",0,IF(AND(AUTOEVENTO=\"Manual\",$M71=1),0,IF(OFFSET(CRONOPLE!$F$14,$M71,AQ$13)=\"\",10^12,OFFSET(CRONOPLE!$F$14,$M71,AQ$13))))","v":1000000000000},{"$f":"IF($D71<>\"Serviço\",0,IF(AND(AUTOEVENTO=\"Manual\",$M71=1),0,IF(OFFSET(CRONOPLE!$F$14,$M71,AR$13)=\"\",10^12,OFFSET(CRONOPLE!$F$14,$M71,AR$13))))","v":1000000000000},{"$f":"IF($D71<>\"Serviço\",0,IF(AND(AUTOEVENTO=\"Manual\",$M71=1),0,IF(OFFSET(CRONOPLE!$F$14,$M71,AS$13)=\"\",10^12,OFFSET(CRONOPLE!$F$14,$M71,AS$13))))","v":1000000000000},{"$f":"IF($D71<>\"Serviço\",0,IF(AND(AUTOEVENTO=\"Manual\",$M71=1),0,IF(OFFSET(CRONOPLE!$F$14,$M71,AT$13)=\"\",10^12,OFFSET(CRONOPLE!$F$14,$M71,AT$13))))","v":1000000000000},{"$f":"IF($D71<>\"Serviço\",0,IF(AND(AUTOEVENTO=\"Manual\",$M71=1),0,IF(OFFSET(CRONOPLE!$F$14,$M71,AU$13)=\"\",10^12,OFFSET(CRONOPLE!$F$14,$M71,AU$13))))","v":1000000000000},{"$f":"IF($D71<>\"Serviço\",0,IF(AND(AUTOEVENTO=\"Manual\",$M71=1),0,IF(OFFSET(CRONOPLE!$F$14,$M71,AV$13)=\"\",10^12,OFFSET(CRONOPLE!$F$14,$M71,AV$13))))","v":1000000000000},null,{"$f":"IF($D71<>\"Serviço\",0,IF(OR(AND(AUTOEVENTO=\"Manual\",$M71=1),$M71>(ROW(PLE.lastrow)-ROW(PLE.firstrow))),0,IF(OFFSET(PLE!$G$14,$M71,AX$13)=\"\",10^12,OFFSET(PLE!$G$14,$M71,AX$13))))","v":1000000000000},{"$f":"IF($D71<>\"Serviço\",0,IF(OR(AND(AUTOEVENTO=\"Manual\",$M71=1),$M71>(ROW(PLE.lastrow)-ROW(PLE.firstrow))),0,IF(OFFSET(PLE!$G$14,$M71,AY$13)=\"\",10^12,OFFSET(PLE!$G$14,$M71,AY$13))))","v":1000000000000},{"$f":"IF($D71<>\"Serviço\",0,IF(OR(AND(AUTOEVENTO=\"Manual\",$M71=1),$M71>(ROW(PLE.lastrow)-ROW(PLE.firstrow))),0,IF(OFFSET(PLE!$G$14,$M71,AZ$13)=\"\",10^12,OFFSET(PLE!$G$14,$M71,AZ$13))))","v":1000000000000},{"$f":"IF($D71<>\"Serviço\",0,IF(OR(AND(AUTOEVENTO=\"Manual\",$M71=1),$M71>(ROW(PLE.lastrow)-ROW(PLE.firstrow))),0,IF(OFFSET(PLE!$G$14,$M71,BA$13)=\"\",10^12,OFFSET(PLE!$G$14,$M71,BA$13))))","v":1000000000000},{"$f":"IF($D71<>\"Serviço\",0,IF(OR(AND(AUTOEVENTO=\"Manual\",$M71=1),$M71>(ROW(PLE.lastrow)-ROW(PLE.firstrow))),0,IF(OFFSET(PLE!$G$14,$M71,BB$13)=\"\",10^12,OFFSET(PLE!$G$14,$M71,BB$13))))","v":1000000000000},{"$f":"IF($D71<>\"Serviço\",0,IF(OR(AND(AUTOEVENTO=\"Manual\",$M71=1),$M71>(ROW(PLE.lastrow)-ROW(PLE.firstrow))),0,IF(OFFSET(PLE!$G$14,$M71,BC$13)=\"\",10^12,OFFSET(PLE!$G$14,$M71,BC$13))))","v":1000000000000},{"$f":"IF($D71<>\"Serviço\",0,IF(OR(AND(AUTOEVENTO=\"Manual\",$M71=1),$M71>(ROW(PLE.lastrow)-ROW(PLE.firstrow))),0,IF(OFFSET(PLE!$G$14,$M71,BD$13)=\"\",10^12,OFFSET(PLE!$G$14,$M71,BD$13))))","v":1000000000000},{"$f":"IF($D71<>\"Serviço\",0,IF(OR(AND(AUTOEVENTO=\"Manual\",$M71=1),$M71>(ROW(PLE.lastrow)-ROW(PLE.firstrow))),0,IF(OFFSET(PLE!$G$14,$M71,BE$13)=\"\",10^12,OFFSET(PLE!$G$14,$M71,BE$13))))","v":1000000000000},{"$f":"IF($D71<>\"Serviço\",0,IF(OR(AND(AUTOEVENTO=\"Manual\",$M71=1),$M71>(ROW(PLE.lastrow)-ROW(PLE.firstrow))),0,IF(OFFSET(PLE!$G$14,$M71,BF$13)=\"\",10^12,OFFSET(PLE!$G$14,$M71,BF$13))))","v":1000000000000},{"$f":"IF($D71<>\"Serviço\",0,IF(OR(AND(AUTOEVENTO=\"Manual\",$M71=1),$M71>(ROW(PLE.lastrow)-ROW(PLE.firstrow))),0,IF(OFFSET(PLE!$G$14,$M71,BG$13)=\"\",10^12,OFFSET(PLE!$G$14,$M71,BG$13))))","v":1000000000000}]
["52",{"$f":"OFFSET(ORÇAMENTO!C$15,ROW(B72)-ROW(B$15),0)","v":"S"},{"$f":"OFFSET(ORÇAMENTO!L$15,ROW(C72)-ROW(C$15),0)","v":"F"},{"$f":"OFFSET(ORÇAMENTO!N$15,ROW(D72)-ROW(D$15),0)","v":"Serviço"},{"$f":"OFFSET(ORÇAMENTO!O$15,ROW(E72)-ROW(E$15),0)","v":"1.6.5."},{"$f":"OFFSET(ORÇAMENTO!R$15,ROW(F72)-ROW(F$15),0)","v":"REVESTIMENTO CERÂMICO PARA PISO COM PLACAS TIPO ESMALTADA EXTRA DE DIMENSÕES 60X60 CM"},{"$f":"IF($D72<>\"Serviço\",\"\",OFFSET(ORÇAMENTO!S$15,ROW(G72)-ROW(G$15),0))","v":"M2"},{"$f":"IF($D72<>\"Serviço\",0,IF(ACOMPANHAMENTO=\"BM\",ROUND(OFFSET(ORÇAMENTO!AJ$15,ROW(H72)-ROW(H$15),0),15-13*ORÇAMENTO!$AF$7),SUMPRODUCT(($Q$12:$AA$12<>\"\")*ROUND($Q72:$AA72,15-13*ORÇAMENTO!$AF$7))))","v":174.91},null,null,null,".",{"$f":"IF($D72<>\"Serviço\",\"\",IF(AUTOEVENTO=\"manual\",$A72,IF(ISERROR(MATCH($A72,$A$15:OFFSET($A72,-1,0),0)),MAX($M$15:OFFSET(M72,-1,0))+1,INDEX($M$15:OFFSET(M72,-1,0),MATCH($A72,$A$15:OFFSET($A72,-1,0),0)))))","v":7},{"$f":"IF($D72<>\"Serviço\",\"\",IF(AUTOEVENTO=\"Manual\",IF($A72=0,\"<-- defina o número do agrupador\",OFFSET(EVENTOS!$D$14,$A72,0)),OFFSET($F$15,$A72,0)))","v":"PAVIMENTAÇÃO"},null,null,null,null,null,null,null,null,null,null,null,null,null,{"$f":"IF(AND($D72=\"Serviço\",AB$12<>0,$H72>0,OR(AUTOEVENTO<>\"manual\",$M72<>1)),ROUND(OFFSET($P72,0,AB$13),15-13*ORÇAMENTO!$AF$7)/$H72*OFFSET(ORÇAMENTO!$X$15,ROW(AB72)-ROW(AB$15),0),0)","v":0},{"$f":"IF(AND($D72=\"Serviço\",AC$12<>0,$H72>0,OR(AUTOEVENTO<>\"manual\",$M72<>1)),ROUND(OFFSET($P72,0,AC$13),15-13*ORÇAMENTO!$AF$7)/$H72*OFFSET(ORÇAMENTO!$X$15,ROW(AC72)-ROW(AC$15),0),0)","v":0},{"$f":"IF(AND($D72=\"Serviço\",AD$12<>0,$H72>0,OR(AUTOEVENTO<>\"manual\",$M72<>1)),ROUND(OFFSET($P72,0,AD$13),15-13*ORÇAMENTO!$AF$7)/$H72*OFFSET(ORÇAMENTO!$X$15,ROW(AD72)-ROW(AD$15),0),0)","v":0},{"$f":"IF(AND($D72=\"Serviço\",AE$12<>0,$H72>0,OR(AUTOEVENTO<>\"manual\",$M72<>1)),ROUND(OFFSET($P72,0,AE$13),15-13*ORÇAMENTO!$AF$7)/$H72*OFFSET(ORÇAMENTO!$X$15,ROW(AE72)-ROW(AE$15),0),0)","v":0},{"$f":"IF(AND($D72=\"Serviço\",AF$12<>0,$H72>0,OR(AUTOEVENTO<>\"manual\",$M72<>1)),ROUND(OFFSET($P72,0,AF$13),15-13*ORÇAMENTO!$AF$7)/$H72*OFFSET(ORÇAMENTO!$X$15,ROW(AF72)-ROW(AF$15),0),0)","v":0},{"$f":"IF(AND($D72=\"Serviço\",AG$12<>0,$H72>0,OR(AUTOEVENTO<>\"manual\",$M72<>1)),ROUND(OFFSET($P72,0,AG$13),15-13*ORÇAMENTO!$AF$7)/$H72*OFFSET(ORÇAMENTO!$X$15,ROW(AG72)-ROW(AG$15),0),0)","v":0},{"$f":"IF(AND($D72=\"Serviço\",AH$12<>0,$H72>0,OR(AUTOEVENTO<>\"manual\",$M72<>1)),ROUND(OFFSET($P72,0,AH$13),15-13*ORÇAMENTO!$AF$7)/$H72*OFFSET(ORÇAMENTO!$X$15,ROW(AH72)-ROW(AH$15),0),0)","v":0},{"$f":"IF(AND($D72=\"Serviço\",AI$12<>0,$H72>0,OR(AUTOEVENTO<>\"manual\",$M72<>1)),ROUND(OFFSET($P72,0,AI$13),15-13*ORÇAMENTO!$AF$7)/$H72*OFFSET(ORÇAMENTO!$X$15,ROW(AI72)-ROW(AI$15),0),0)","v":0},{"$f":"IF(AND($D72=\"Serviço\",AJ$12<>0,$H72>0,OR(AUTOEVENTO<>\"manual\",$M72<>1)),ROUND(OFFSET($P72,0,AJ$13),15-13*ORÇAMENTO!$AF$7)/$H72*OFFSET(ORÇAMENTO!$X$15,ROW(AJ72)-ROW(AJ$15),0),0)","v":0},{"$f":"IF(AND($D72=\"Serviço\",AK$12<>0,$H72>0,OR(AUTOEVENTO<>\"manual\",$M72<>1)),ROUND(OFFSET($P72,0,AK$13),15-13*ORÇAMENTO!$AF$7)/$H72*OFFSET(ORÇAMENTO!$X$15,ROW(AK72)-ROW(AK$15),0),0)","v":0},null,{"$f":"IF($D72<>\"Serviço\",0,IF(AND(AUTOEVENTO=\"Manual\",$M72=1),0,IF(OFFSET(CRONOPLE!$F$14,$M72,AM$13)=\"\",10^12,OFFSET(CRONOPLE!$F$14,$M72,AM$13))))","v":1000000000000},{"$f":"IF($D72<>\"Serviço\",0,IF(AND(AUTOEVENTO=\"Manual\",$M72=1),0,IF(OFFSET(CRONOPLE!$F$14,$M72,AN$13)=\"\",10^12,OFFSET(CRONOPLE!$F$14,$M72,AN$13))))","v":1000000000000},{"$f":"IF($D72<>\"Serviço\",0,IF(AND(AUTOEVENTO=\"Manual\",$M72=1),0,IF(OFFSET(CRONOPLE!$F$14,$M72,AO$13)=\"\",10^12,OFFSET(CRONOPLE!$F$14,$M72,AO$13))))","v":1000000000000},{"$f":"IF($D72<>\"Serviço\",0,IF(AND(AUTOEVENTO=\"Manual\",$M72=1),0,IF(OFFSET(CRONOPLE!$F$14,$M72,AP$13)=\"\",10^12,OFFSET(CRONOPLE!$F$14,$M72,AP$13))))","v":1000000000000},{"$f":"IF($D72<>\"Serviço\",0,IF(AND(AUTOEVENTO=\"Manual\",$M72=1),0,IF(OFFSET(CRONOPLE!$F$14,$M72,AQ$13)=\"\",10^12,OFFSET(CRONOPLE!$F$14,$M72,AQ$13))))","v":1000000000000},{"$f":"IF($D72<>\"Serviço\",0,IF(AND(AUTOEVENTO=\"Manual\",$M72=1),0,IF(OFFSET(CRONOPLE!$F$14,$M72,AR$13)=\"\",10^12,OFFSET(CRONOPLE!$F$14,$M72,AR$13))))","v":1000000000000},{"$f":"IF($D72<>\"Serviço\",0,IF(AND(AUTOEVENTO=\"Manual\",$M72=1),0,IF(OFFSET(CRONOPLE!$F$14,$M72,AS$13)=\"\",10^12,OFFSET(CRONOPLE!$F$14,$M72,AS$13))))","v":1000000000000},{"$f":"IF($D72<>\"Serviço\",0,IF(AND(AUTOEVENTO=\"Manual\",$M72=1),0,IF(OFFSET(CRONOPLE!$F$14,$M72,AT$13)=\"\",10^12,OFFSET(CRONOPLE!$F$14,$M72,AT$13))))","v":1000000000000},{"$f":"IF($D72<>\"Serviço\",0,IF(AND(AUTOEVENTO=\"Manual\",$M72=1),0,IF(OFFSET(CRONOPLE!$F$14,$M72,AU$13)=\"\",10^12,OFFSET(CRONOPLE!$F$14,$M72,AU$13))))","v":1000000000000},{"$f":"IF($D72<>\"Serviço\",0,IF(AND(AUTOEVENTO=\"Manual\",$M72=1),0,IF(OFFSET(CRONOPLE!$F$14,$M72,AV$13)=\"\",10^12,OFFSET(CRONOPLE!$F$14,$M72,AV$13))))","v":1000000000000},null,{"$f":"IF($D72<>\"Serviço\",0,IF(OR(AND(AUTOEVENTO=\"Manual\",$M72=1),$M72>(ROW(PLE.lastrow)-ROW(PLE.firstrow))),0,IF(OFFSET(PLE!$G$14,$M72,AX$13)=\"\",10^12,OFFSET(PLE!$G$14,$M72,AX$13))))","v":1000000000000},{"$f":"IF($D72<>\"Serviço\",0,IF(OR(AND(AUTOEVENTO=\"Manual\",$M72=1),$M72>(ROW(PLE.lastrow)-ROW(PLE.firstrow))),0,IF(OFFSET(PLE!$G$14,$M72,AY$13)=\"\",10^12,OFFSET(PLE!$G$14,$M72,AY$13))))","v":1000000000000},{"$f":"IF($D72<>\"Serviço\",0,IF(OR(AND(AUTOEVENTO=\"Manual\",$M72=1),$M72>(ROW(PLE.lastrow)-ROW(PLE.firstrow))),0,IF(OFFSET(PLE!$G$14,$M72,AZ$13)=\"\",10^12,OFFSET(PLE!$G$14,$M72,AZ$13))))","v":1000000000000},{"$f":"IF($D72<>\"Serviço\",0,IF(OR(AND(AUTOEVENTO=\"Manual\",$M72=1),$M72>(ROW(PLE.lastrow)-ROW(PLE.firstrow))),0,IF(OFFSET(PLE!$G$14,$M72,BA$13)=\"\",10^12,OFFSET(PLE!$G$14,$M72,BA$13))))","v":1000000000000},{"$f":"IF($D72<>\"Serviço\",0,IF(OR(AND(AUTOEVENTO=\"Manual\",$M72=1),$M72>(ROW(PLE.lastrow)-ROW(PLE.firstrow))),0,IF(OFFSET(PLE!$G$14,$M72,BB$13)=\"\",10^12,OFFSET(PLE!$G$14,$M72,BB$13))))","v":1000000000000},{"$f":"IF($D72<>\"Serviço\",0,IF(OR(AND(AUTOEVENTO=\"Manual\",$M72=1),$M72>(ROW(PLE.lastrow)-ROW(PLE.firstrow))),0,IF(OFFSET(PLE!$G$14,$M72,BC$13)=\"\",10^12,OFFSET(PLE!$G$14,$M72,BC$13))))","v":1000000000000},{"$f":"IF($D72<>\"Serviço\",0,IF(OR(AND(AUTOEVENTO=\"Manual\",$M72=1),$M72>(ROW(PLE.lastrow)-ROW(PLE.firstrow))),0,IF(OFFSET(PLE!$G$14,$M72,BD$13)=\"\",10^12,OFFSET(PLE!$G$14,$M72,BD$13))))","v":1000000000000},{"$f":"IF($D72<>\"Serviço\",0,IF(OR(AND(AUTOEVENTO=\"Manual\",$M72=1),$M72>(ROW(PLE.lastrow)-ROW(PLE.firstrow))),0,IF(OFFSET(PLE!$G$14,$M72,BE$13)=\"\",10^12,OFFSET(PLE!$G$14,$M72,BE$13))))","v":1000000000000},{"$f":"IF($D72<>\"Serviço\",0,IF(OR(AND(AUTOEVENTO=\"Manual\",$M72=1),$M72>(ROW(PLE.lastrow)-ROW(PLE.firstrow))),0,IF(OFFSET(PLE!$G$14,$M72,BF$13)=\"\",10^12,OFFSET(PLE!$G$14,$M72,BF$13))))","v":1000000000000},{"$f":"IF($D72<>\"Serviço\",0,IF(OR(AND(AUTOEVENTO=\"Manual\",$M72=1),$M72>(ROW(PLE.lastrow)-ROW(PLE.firstrow))),0,IF(OFFSET(PLE!$G$14,$M72,BG$13)=\"\",10^12,OFFSET(PLE!$G$14,$M72,BG$13))))","v":1000000000000}]
["52",{"$f":"OFFSET(ORÇAMENTO!C$15,ROW(B73)-ROW(B$15),0)","v":"S"},{"$f":"OFFSET(ORÇAMENTO!L$15,ROW(C73)-ROW(C$15),0)","v":"F"},{"$f":"OFFSET(ORÇAMENTO!N$15,ROW(D73)-ROW(D$15),0)","v":"Serviço"},{"$f":"OFFSET(ORÇAMENTO!O$15,ROW(E73)-ROW(E$15),0)","v":"1.6.6."},{"$f":"OFFSET(ORÇAMENTO!R$15,ROW(F73)-ROW(F$15),0)","v":"RODAPÉ CERÂMICO DE 7 CM DE ALTURA COM PLACAS TIPO ESMALTADA EXTRA DE DIMENSÕES 60X60 CM"},{"$f":"IF($D73<>\"Serviço\",\"\",OFFSET(ORÇAMENTO!S$15,ROW(G73)-ROW(G$15),0))","v":"M"},{"$f":"IF($D73<>\"Serviço\",0,IF(ACOMPANHAMENTO=\"BM\",ROUND(OFFSET(ORÇAMENTO!AJ$15,ROW(H73)-ROW(H$15),0),15-13*ORÇAMENTO!$AF$7),SUMPRODUCT(($Q$12:$AA$12<>\"\")*ROUND($Q73:$AA73,15-13*ORÇAMENTO!$AF$7))))","v":138},null,null,null,".",{"$f":"IF($D73<>\"Serviço\",\"\",IF(AUTOEVENTO=\"manual\",$A73,IF(ISERROR(MATCH($A73,$A$15:OFFSET($A73,-1,0),0)),MAX($M$15:OFFSET(M73,-1,0))+1,INDEX($M$15:OFFSET(M73,-1,0),MATCH($A73,$A$15:OFFSET($A73,-1,0),0)))))","v":7},{"$f":"IF($D73<>\"Serviço\",\"\",IF(AUTOEVENTO=\"Manual\",IF($A73=0,\"<-- defina o número do agrupador\",OFFSET(EVENTOS!$D$14,$A73,0)),OFFSET($F$15,$A73,0)))","v":"PAVIMENTAÇÃO"},null,null,null,null,null,null,null,null,null,null,null,null,null,{"$f":"IF(AND($D73=\"Serviço\",AB$12<>0,$H73>0,OR(AUTOEVENTO<>\"manual\",$M73<>1)),ROUND(OFFSET($P73,0,AB$13),15-13*ORÇAMENTO!$AF$7)/$H73*OFFSET(ORÇAMENTO!$X$15,ROW(AB73)-ROW(AB$15),0),0)","v":0},{"$f":"IF(AND($D73=\"Serviço\",AC$12<>0,$H73>0,OR(AUTOEVENTO<>\"manual\",$M73<>1)),ROUND(OFFSET($P73,0,AC$13),15-13*ORÇAMENTO!$AF$7)/$H73*OFFSET(ORÇAMENTO!$X$15,ROW(AC73)-ROW(AC$15),0),0)","v":0},{"$f":"IF(AND($D73=\"Serviço\",AD$12<>0,$H73>0,OR(AUTOEVENTO<>\"manual\",$M73<>1)),ROUND(OFFSET($P73,0,AD$13),15-13*ORÇAMENTO!$AF$7)/$H73*OFFSET(ORÇAMENTO!$X$15,ROW(AD73)-ROW(AD$15),0),0)","v":0},{"$f":"IF(AND($D73=\"Serviço\",AE$12<>0,$H73>0,OR(AUTOEVENTO<>\"manual\",$M73<>1)),ROUND(OFFSET($P73,0,AE$13),15-13*ORÇAMENTO!$AF$7)/$H73*OFFSET(ORÇAMENTO!$X$15,ROW(AE73)-ROW(AE$15),0),0)","v":0},{"$f":"IF(AND($D73=\"Serviço\",AF$12<>0,$H73>0,OR(AUTOEVENTO<>\"manual\",$M73<>1)),ROUND(OFFSET($P73,0,AF$13),15-13*ORÇAMENTO!$AF$7)/$H73*OFFSET(ORÇAMENTO!$X$15,ROW(AF73)-ROW(AF$15),0),0)","v":0},{"$f":"IF(AND($D73=\"Serviço\",AG$12<>0,$H73>0,OR(AUTOEVENTO<>\"manual\",$M73<>1)),ROUND(OFFSET($P73,0,AG$13),15-13*ORÇAMENTO!$AF$7)/$H73*OFFSET(ORÇAMENTO!$X$15,ROW(AG73)-ROW(AG$15),0),0)","v":0},{"$f":"IF(AND($D73=\"Serviço\",AH$12<>0,$H73>0,OR(AUTOEVENTO<>\"manual\",$M73<>1)),ROUND(OFFSET($P73,0,AH$13),15-13*ORÇAMENTO!$AF$7)/$H73*OFFSET(ORÇAMENTO!$X$15,ROW(AH73)-ROW(AH$15),0),0)","v":0},{"$f":"IF(AND($D73=\"Serviço\",AI$12<>0,$H73>0,OR(AUTOEVENTO<>\"manual\",$M73<>1)),ROUND(OFFSET($P73,0,AI$13),15-13*ORÇAMENTO!$AF$7)/$H73*OFFSET(ORÇAMENTO!$X$15,ROW(AI73)-ROW(AI$15),0),0)","v":0},{"$f":"IF(AND($D73=\"Serviço\",AJ$12<>0,$H73>0,OR(AUTOEVENTO<>\"manual\",$M73<>1)),ROUND(OFFSET($P73,0,AJ$13),15-13*ORÇAMENTO!$AF$7)/$H73*OFFSET(ORÇAMENTO!$X$15,ROW(AJ73)-ROW(AJ$15),0),0)","v":0},{"$f":"IF(AND($D73=\"Serviço\",AK$12<>0,$H73>0,OR(AUTOEVENTO<>\"manual\",$M73<>1)),ROUND(OFFSET($P73,0,AK$13),15-13*ORÇAMENTO!$AF$7)/$H73*OFFSET(ORÇAMENTO!$X$15,ROW(AK73)-ROW(AK$15),0),0)","v":0},null,{"$f":"IF($D73<>\"Serviço\",0,IF(AND(AUTOEVENTO=\"Manual\",$M73=1),0,IF(OFFSET(CRONOPLE!$F$14,$M73,AM$13)=\"\",10^12,OFFSET(CRONOPLE!$F$14,$M73,AM$13))))","v":1000000000000},{"$f":"IF($D73<>\"Serviço\",0,IF(AND(AUTOEVENTO=\"Manual\",$M73=1),0,IF(OFFSET(CRONOPLE!$F$14,$M73,AN$13)=\"\",10^12,OFFSET(CRONOPLE!$F$14,$M73,AN$13))))","v":1000000000000},{"$f":"IF($D73<>\"Serviço\",0,IF(AND(AUTOEVENTO=\"Manual\",$M73=1),0,IF(OFFSET(CRONOPLE!$F$14,$M73,AO$13)=\"\",10^12,OFFSET(CRONOPLE!$F$14,$M73,AO$13))))","v":1000000000000},{"$f":"IF($D73<>\"Serviço\",0,IF(AND(AUTOEVENTO=\"Manual\",$M73=1),0,IF(OFFSET(CRONOPLE!$F$14,$M73,AP$13)=\"\",10^12,OFFSET(CRONOPLE!$F$14,$M73,AP$13))))","v":1000000000000},{"$f":"IF($D73<>\"Serviço\",0,IF(AND(AUTOEVENTO=\"Manual\",$M73=1),0,IF(OFFSET(CRONOPLE!$F$14,$M73,AQ$13)=\"\",10^12,OFFSET(CRONOPLE!$F$14,$M73,AQ$13))))","v":1000000000000},{"$f":"IF($D73<>\"Serviço\",0,IF(AND(AUTOEVENTO=\"Manual\",$M73=1),0,IF(OFFSET(CRONOPLE!$F$14,$M73,AR$13)=\"\",10^12,OFFSET(CRONOPLE!$F$14,$M73,AR$13))))","v":1000000000000},{"$f":"IF($D73<>\"Serviço\",0,IF(AND(AUTOEVENTO=\"Manual\",$M73=1),0,IF(OFFSET(CRONOPLE!$F$14,$M73,AS$13)=\"\",10^12,OFFSET(CRONOPLE!$F$14,$M73,AS$13))))","v":1000000000000},{"$f":"IF($D73<>\"Serviço\",0,IF(AND(AUTOEVENTO=\"Manual\",$M73=1),0,IF(OFFSET(CRONOPLE!$F$14,$M73,AT$13)=\"\",10^12,OFFSET(CRONOPLE!$F$14,$M73,AT$13))))","v":1000000000000},{"$f":"IF($D73<>\"Serviço\",0,IF(AND(AUTOEVENTO=\"Manual\",$M73=1),0,IF(OFFSET(CRONOPLE!$F$14,$M73,AU$13)=\"\",10^12,OFFSET(CRONOPLE!$F$14,$M73,AU$13))))","v":1000000000000},{"$f":"IF($D73<>\"Serviço\",0,IF(AND(AUTOEVENTO=\"Manual\",$M73=1),0,IF(OFFSET(CRONOPLE!$F$14,$M73,AV$13)=\"\",10^12,OFFSET(CRONOPLE!$F$14,$M73,AV$13))))","v":1000000000000},null,{"$f":"IF($D73<>\"Serviço\",0,IF(OR(AND(AUTOEVENTO=\"Manual\",$M73=1),$M73>(ROW(PLE.lastrow)-ROW(PLE.firstrow))),0,IF(OFFSET(PLE!$G$14,$M73,AX$13)=\"\",10^12,OFFSET(PLE!$G$14,$M73,AX$13))))","v":1000000000000},{"$f":"IF($D73<>\"Serviço\",0,IF(OR(AND(AUTOEVENTO=\"Manual\",$M73=1),$M73>(ROW(PLE.lastrow)-ROW(PLE.firstrow))),0,IF(OFFSET(PLE!$G$14,$M73,AY$13)=\"\",10^12,OFFSET(PLE!$G$14,$M73,AY$13))))","v":1000000000000},{"$f":"IF($D73<>\"Serviço\",0,IF(OR(AND(AUTOEVENTO=\"Manual\",$M73=1),$M73>(ROW(PLE.lastrow)-ROW(PLE.firstrow))),0,IF(OFFSET(PLE!$G$14,$M73,AZ$13)=\"\",10^12,OFFSET(PLE!$G$14,$M73,AZ$13))))","v":1000000000000},{"$f":"IF($D73<>\"Serviço\",0,IF(OR(AND(AUTOEVENTO=\"Manual\",$M73=1),$M73>(ROW(PLE.lastrow)-ROW(PLE.firstrow))),0,IF(OFFSET(PLE!$G$14,$M73,BA$13)=\"\",10^12,OFFSET(PLE!$G$14,$M73,BA$13))))","v":1000000000000},{"$f":"IF($D73<>\"Serviço\",0,IF(OR(AND(AUTOEVENTO=\"Manual\",$M73=1),$M73>(ROW(PLE.lastrow)-ROW(PLE.firstrow))),0,IF(OFFSET(PLE!$G$14,$M73,BB$13)=\"\",10^12,OFFSET(PLE!$G$14,$M73,BB$13))))","v":1000000000000},{"$f":"IF($D73<>\"Serviço\",0,IF(OR(AND(AUTOEVENTO=\"Manual\",$M73=1),$M73>(ROW(PLE.lastrow)-ROW(PLE.firstrow))),0,IF(OFFSET(PLE!$G$14,$M73,BC$13)=\"\",10^12,OFFSET(PLE!$G$14,$M73,BC$13))))","v":1000000000000},{"$f":"IF($D73<>\"Serviço\",0,IF(OR(AND(AUTOEVENTO=\"Manual\",$M73=1),$M73>(ROW(PLE.lastrow)-ROW(PLE.firstrow))),0,IF(OFFSET(PLE!$G$14,$M73,BD$13)=\"\",10^12,OFFSET(PLE!$G$14,$M73,BD$13))))","v":1000000000000},{"$f":"IF($D73<>\"Serviço\",0,IF(OR(AND(AUTOEVENTO=\"Manual\",$M73=1),$M73>(ROW(PLE.lastrow)-ROW(PLE.firstrow))),0,IF(OFFSET(PLE!$G$14,$M73,BE$13)=\"\",10^12,OFFSET(PLE!$G$14,$M73,BE$13))))","v":1000000000000},{"$f":"IF($D73<>\"Serviço\",0,IF(OR(AND(AUTOEVENTO=\"Manual\",$M73=1),$M73>(ROW(PLE.lastrow)-ROW(PLE.firstrow))),0,IF(OFFSET(PLE!$G$14,$M73,BF$13)=\"\",10^12,OFFSET(PLE!$G$14,$M73,BF$13))))","v":1000000000000},{"$f":"IF($D73<>\"Serviço\",0,IF(OR(AND(AUTOEVENTO=\"Manual\",$M73=1),$M73>(ROW(PLE.lastrow)-ROW(PLE.firstrow))),0,IF(OFFSET(PLE!$G$14,$M73,BG$13)=\"\",10^12,OFFSET(PLE!$G$14,$M73,BG$13))))","v":1000000000000}]
["52",{"$f":"OFFSET(ORÇAMENTO!C$15,ROW(B74)-ROW(B$15),0)","v":"S"},{"$f":"OFFSET(ORÇAMENTO!L$15,ROW(C74)-ROW(C$15),0)","v":"F"},{"$f":"OFFSET(ORÇAMENTO!N$15,ROW(D74)-ROW(D$15),0)","v":"Serviço"},{"$f":"OFFSET(ORÇAMENTO!O$15,ROW(E74)-ROW(E$15),0)","v":"1.6.7."},{"$f":"OFFSET(ORÇAMENTO!R$15,ROW(F74)-ROW(F$15),0)","v":"GUARDA-CORPO DE AÇO GALVANIZADO DE 1,10M, MONTANTES TUBULARES DE 1.1/4\" ESPAÇADOS DE 1,20M, TRAVESSA SUPERIOR DE 1.1/2\", GRADIL FORMADO POR TUBOS HORIZONTAIS DE 1\" E VERTICAIS DE 3/4\", FIXADO COM CHUMBADOR MECÂNICO"},{"$f":"IF($D74<>\"Serviço\",\"\",OFFSET(ORÇAMENTO!S$15,ROW(G74)-ROW(G$15),0))","v":"M"},{"$f":"IF($D74<>\"Serviço\",0,IF(ACOMPANHAMENTO=\"BM\",ROUND(OFFSET(ORÇAMENTO!AJ$15,ROW(H74)-ROW(H$15),0),15-13*ORÇAMENTO!$AF$7),SUMPRODUCT(($Q$12:$AA$12<>\"\")*ROUND($Q74:$AA74,15-13*ORÇAMENTO!$AF$7))))","v":17.350000000000001},null,null,null,".",{"$f":"IF($D74<>\"Serviço\",\"\",IF(AUTOEVENTO=\"manual\",$A74,IF(ISERROR(MATCH($A74,$A$15:OFFSET($A74,-1,0),0)),MAX($M$15:OFFSET(M74,-1,0))+1,INDEX($M$15:OFFSET(M74,-1,0),MATCH($A74,$A$15:OFFSET($A74,-1,0),0)))))","v":7},{"$f":"IF($D74<>\"Serviço\",\"\",IF(AUTOEVENTO=\"Manual\",IF($A74=0,\"<-- defina o número do agrupador\",OFFSET(EVENTOS!$D$14,$A74,0)),OFFSET($F$15,$A74,0)))","v":"PAVIMENTAÇÃO"},null,null,null,null,null,null,null,null,null,null,null,null,null,{"$f":"IF(AND($D74=\"Serviço\",AB$12<>0,$H74>0,OR(AUTOEVENTO<>\"manual\",$M74<>1)),ROUND(OFFSET($P74,0,AB$13),15-13*ORÇAMENTO!$AF$7)/$H74*OFFSET(ORÇAMENTO!$X$15,ROW(AB74)-ROW(AB$15),0),0)","v":0},{"$f":"IF(AND($D74=\"Serviço\",AC$12<>0,$H74>0,OR(AUTOEVENTO<>\"manual\",$M74<>1)),ROUND(OFFSET($P74,0,AC$13),15-13*ORÇAMENTO!$AF$7)/$H74*OFFSET(ORÇAMENTO!$X$15,ROW(AC74)-ROW(AC$15),0),0)","v":0},{"$f":"IF(AND($D74=\"Serviço\",AD$12<>0,$H74>0,OR(AUTOEVENTO<>\"manual\",$M74<>1)),ROUND(OFFSET($P74,0,AD$13),15-13*ORÇAMENTO!$AF$7)/$H74*OFFSET(ORÇAMENTO!$X$15,ROW(AD74)-ROW(AD$15),0),0)","v":0},{"$f":"IF(AND($D74=\"Serviço\",AE$12<>0,$H74>0,OR(AUTOEVENTO<>\"manual\",$M74<>1)),ROUND(OFFSET($P74,0,AE$13),15-13*ORÇAMENTO!$AF$7)/$H74*OFFSET(ORÇAMENTO!$X$15,ROW(AE74)-ROW(AE$15),0),0)","v":0},{"$f":"IF(AND($D74=\"Serviço\",AF$12<>0,$H74>0,OR(AUTOEVENTO<>\"manual\",$M74<>1)),ROUND(OFFSET($P74,0,AF$13),15-13*ORÇAMENTO!$AF$7)/$H74*OFFSET(ORÇAMENTO!$X$15,ROW(AF74)-ROW(AF$15),0),0)","v":0},{"$f":"IF(AND($D74=\"Serviço\",AG$12<>0,$H74>0,OR(AUTOEVENTO<>\"manual\",$M74<>1)),ROUND(OFFSET($P74,0,AG$13),15-13*ORÇAMENTO!$AF$7)/$H74*OFFSET(ORÇAMENTO!$X$15,ROW(AG74)-ROW(AG$15),0),0)","v":0},{"$f":"IF(AND($D74=\"Serviço\",AH$12<>0,$H74>0,OR(AUTOEVENTO<>\"manual\",$M74<>1)),ROUND(OFFSET($P74,0,AH$13),15-13*ORÇAMENTO!$AF$7)/$H74*OFFSET(ORÇAMENTO!$X$15,ROW(AH74)-ROW(AH$15),0),0)","v":0},{"$f":"IF(AND($D74=\"Serviço\",AI$12<>0,$H74>0,OR(AUTOEVENTO<>\"manual\",$M74<>1)),ROUND(OFFSET($P74,0,AI$13),15-13*ORÇAMENTO!$AF$7)/$H74*OFFSET(ORÇAMENTO!$X$15,ROW(AI74)-ROW(AI$15),0),0)","v":0},{"$f":"IF(AND($D74=\"Serviço\",AJ$12<>0,$H74>0,OR(AUTOEVENTO<>\"manual\",$M74<>1)),ROUND(OFFSET($P74,0,AJ$13),15-13*ORÇAMENTO!$AF$7)/$H74*OFFSET(ORÇAMENTO!$X$15,ROW(AJ74)-ROW(AJ$15),0),0)","v":0},{"$f":"IF(AND($D74=\"Serviço\",AK$12<>0,$H74>0,OR(AUTOEVENTO<>\"manual\",$M74<>1)),ROUND(OFFSET($P74,0,AK$13),15-13*ORÇAMENTO!$AF$7)/$H74*OFFSET(ORÇAMENTO!$X$15,ROW(AK74)-ROW(AK$15),0),0)","v":0},null,{"$f":"IF($D74<>\"Serviço\",0,IF(AND(AUTOEVENTO=\"Manual\",$M74=1),0,IF(OFFSET(CRONOPLE!$F$14,$M74,AM$13)=\"\",10^12,OFFSET(CRONOPLE!$F$14,$M74,AM$13))))","v":1000000000000},{"$f":"IF($D74<>\"Serviço\",0,IF(AND(AUTOEVENTO=\"Manual\",$M74=1),0,IF(OFFSET(CRONOPLE!$F$14,$M74,AN$13)=\"\",10^12,OFFSET(CRONOPLE!$F$14,$M74,AN$13))))","v":1000000000000},{"$f":"IF($D74<>\"Serviço\",0,IF(AND(AUTOEVENTO=\"Manual\",$M74=1),0,IF(OFFSET(CRONOPLE!$F$14,$M74,AO$13)=\"\",10^12,OFFSET(CRONOPLE!$F$14,$M74,AO$13))))","v":1000000000000},{"$f":"IF($D74<>\"Serviço\",0,IF(AND(AUTOEVENTO=\"Manual\",$M74=1),0,IF(OFFSET(CRONOPLE!$F$14,$M74,AP$13)=\"\",10^12,OFFSET(CRONOPLE!$F$14,$M74,AP$13))))","v":1000000000000},{"$f":"IF($D74<>\"Serviço\",0,IF(AND(AUTOEVENTO=\"Manual\",$M74=1),0,IF(OFFSET(CRONOPLE!$F$14,$M74,AQ$13)=\"\",10^12,OFFSET(CRONOPLE!$F$14,$M74,AQ$13))))","v":1000000000000},{"$f":"IF($D74<>\"Serviço\",0,IF(AND(AUTOEVENTO=\"Manual\",$M74=1),0,IF(OFFSET(CRONOPLE!$F$14,$M74,AR$13)=\"\",10^12,OFFSET(CRONOPLE!$F$14,$M74,AR$13))))","v":1000000000000},{"$f":"IF($D74<>\"Serviço\",0,IF(AND(AUTOEVENTO=\"Manual\",$M74=1),0,IF(OFFSET(CRONOPLE!$F$14,$M74,AS$13)=\"\",10^12,OFFSET(CRONOPLE!$F$14,$M74,AS$13))))","v":1000000000000},{"$f":"IF($D74<>\"Serviço\",0,IF(AND(AUTOEVENTO=\"Manual\",$M74=1),0,IF(OFFSET(CRONOPLE!$F$14,$M74,AT$13)=\"\",10^12,OFFSET(CRONOPLE!$F$14,$M74,AT$13))))","v":1000000000000},{"$f":"IF($D74<>\"Serviço\",0,IF(AND(AUTOEVENTO=\"Manual\",$M74=1),0,IF(OFFSET(CRONOPLE!$F$14,$M74,AU$13)=\"\",10^12,OFFSET(CRONOPLE!$F$14,$M74,AU$13))))","v":1000000000000},{"$f":"IF($D74<>\"Serviço\",0,IF(AND(AUTOEVENTO=\"Manual\",$M74=1),0,IF(OFFSET(CRONOPLE!$F$14,$M74,AV$13)=\"\",10^12,OFFSET(CRONOPLE!$F$14,$M74,AV$13))))","v":1000000000000},null,{"$f":"IF($D74<>\"Serviço\",0,IF(OR(AND(AUTOEVENTO=\"Manual\",$M74=1),$M74>(ROW(PLE.lastrow)-ROW(PLE.firstrow))),0,IF(OFFSET(PLE!$G$14,$M74,AX$13)=\"\",10^12,OFFSET(PLE!$G$14,$M74,AX$13))))","v":1000000000000},{"$f":"IF($D74<>\"Serviço\",0,IF(OR(AND(AUTOEVENTO=\"Manual\",$M74=1),$M74>(ROW(PLE.lastrow)-ROW(PLE.firstrow))),0,IF(OFFSET(PLE!$G$14,$M74,AY$13)=\"\",10^12,OFFSET(PLE!$G$14,$M74,AY$13))))","v":1000000000000},{"$f":"IF($D74<>\"Serviço\",0,IF(OR(AND(AUTOEVENTO=\"Manual\",$M74=1),$M74>(ROW(PLE.lastrow)-ROW(PLE.firstrow))),0,IF(OFFSET(PLE!$G$14,$M74,AZ$13)=\"\",10^12,OFFSET(PLE!$G$14,$M74,AZ$13))))","v":1000000000000},{"$f":"IF($D74<>\"Serviço\",0,IF(OR(AND(AUTOEVENTO=\"Manual\",$M74=1),$M74>(ROW(PLE.lastrow)-ROW(PLE.firstrow))),0,IF(OFFSET(PLE!$G$14,$M74,BA$13)=\"\",10^12,OFFSET(PLE!$G$14,$M74,BA$13))))","v":1000000000000},{"$f":"IF($D74<>\"Serviço\",0,IF(OR(AND(AUTOEVENTO=\"Manual\",$M74=1),$M74>(ROW(PLE.lastrow)-ROW(PLE.firstrow))),0,IF(OFFSET(PLE!$G$14,$M74,BB$13)=\"\",10^12,OFFSET(PLE!$G$14,$M74,BB$13))))","v":1000000000000},{"$f":"IF($D74<>\"Serviço\",0,IF(OR(AND(AUTOEVENTO=\"Manual\",$M74=1),$M74>(ROW(PLE.lastrow)-ROW(PLE.firstrow))),0,IF(OFFSET(PLE!$G$14,$M74,BC$13)=\"\",10^12,OFFSET(PLE!$G$14,$M74,BC$13))))","v":1000000000000},{"$f":"IF($D74<>\"Serviço\",0,IF(OR(AND(AUTOEVENTO=\"Manual\",$M74=1),$M74>(ROW(PLE.lastrow)-ROW(PLE.firstrow))),0,IF(OFFSET(PLE!$G$14,$M74,BD$13)=\"\",10^12,OFFSET(PLE!$G$14,$M74,BD$13))))","v":1000000000000},{"$f":"IF($D74<>\"Serviço\",0,IF(OR(AND(AUTOEVENTO=\"Manual\",$M74=1),$M74>(ROW(PLE.lastrow)-ROW(PLE.firstrow))),0,IF(OFFSET(PLE!$G$14,$M74,BE$13)=\"\",10^12,OFFSET(PLE!$G$14,$M74,BE$13))))","v":1000000000000},{"$f":"IF($D74<>\"Serviço\",0,IF(OR(AND(AUTOEVENTO=\"Manual\",$M74=1),$M74>(ROW(PLE.lastrow)-ROW(PLE.firstrow))),0,IF(OFFSET(PLE!$G$14,$M74,BF$13)=\"\",10^12,OFFSET(PLE!$G$14,$M74,BF$13))))","v":1000000000000},{"$f":"IF($D74<>\"Serviço\",0,IF(OR(AND(AUTOEVENTO=\"Manual\",$M74=1),$M74>(ROW(PLE.lastrow)-ROW(PLE.firstrow))),0,IF(OFFSET(PLE!$G$14,$M74,BG$13)=\"\",10^12,OFFSET(PLE!$G$14,$M74,BG$13))))","v":1000000000000}]
[{"$f":"IF(AUTOEVENTO=\"Manual\",IF(K75<>\"\",MIN(VALUE(LEFT(K75,FIND(\".\",K75)-1)),COUNTA(EVENTOS.Lista)),0),IF(OR($B75>AUTOEVENTO,$B75=\"S\",$B75=0),SUBSTITUTE(OFFSET($A75,-1,0),IF($D75=\"Serviço\",\".\",\"\"),\"\"),ROW(A75)-ROW($A$15)&\".\"))","v":"60."},{"$f":"OFFSET(ORÇAMENTO!C$15,ROW(B75)-ROW(B$15),0)","v":2},{"$f":"OFFSET(ORÇAMENTO!L$15,ROW(C75)-ROW(C$15),0)","v":"F"},{"$f":"OFFSET(ORÇAMENTO!N$15,ROW(D75)-ROW(D$15),0)","v":"Nível 2"},{"$f":"OFFSET(ORÇAMENTO!O$15,ROW(E75)-ROW(E$15),0)","v":"1.7."},{"$f":"OFFSET(ORÇAMENTO!R$15,ROW(F75)-ROW(F$15),0)","v":"APARELHOS SANITÁRIOS"},{"$f":"IF($D75<>\"Serviço\",\"\",OFFSET(ORÇAMENTO!S$15,ROW(G75)-ROW(G$15),0))","v":""},{"$f":"IF($D75<>\"Serviço\",0,IF(ACOMPANHAMENTO=\"BM\",ROUND(OFFSET(ORÇAMENTO!AJ$15,ROW(H75)-ROW(H$15),0),15-13*ORÇAMENTO!$AF$7),SUMPRODUCT(($Q$12:$AA$12<>\"\")*ROUND($Q75:$AA75,15-13*ORÇAMENTO!$AF$7))))","v":0},null,null,null,".",{"$f":"IF($D75<>\"Serviço\",\"\",IF(AUTOEVENTO=\"manual\",$A75,IF(ISERROR(MATCH($A75,$A$15:OFFSET($A75,-1,0),0)),MAX($M$15:OFFSET(M75,-1,0))+1,INDEX($M$15:OFFSET(M75,-1,0),MATCH($A75,$A$15:OFFSET($A75,-1,0),0)))))","v":""},{"$f":"IF($D75<>\"Serviço\",\"\",IF(AUTOEVENTO=\"Manual\",IF($A75=0,\"<-- defina o número do agrupador\",OFFSET(EVENTOS!$D$14,$A75,0)),OFFSET($F$15,$A75,0)))","v":""},null,null,null,null,null,null,null,null,null,null,null,null,null,{"$f":"IF(AND($D75=\"Serviço\",AB$12<>0,$H75>0,OR(AUTOEVENTO<>\"manual\",$M75<>1)),ROUND(OFFSET($P75,0,AB$13),15-13*ORÇAMENTO!$AF$7)/$H75*OFFSET(ORÇAMENTO!$X$15,ROW(AB75)-ROW(AB$15),0),0)","v":0},{"$f":"IF(AND($D75=\"Serviço\",AC$12<>0,$H75>0,OR(AUTOEVENTO<>\"manual\",$M75<>1)),ROUND(OFFSET($P75,0,AC$13),15-13*ORÇAMENTO!$AF$7)/$H75*OFFSET(ORÇAMENTO!$X$15,ROW(AC75)-ROW(AC$15),0),0)","v":0},{"$f":"IF(AND($D75=\"Serviço\",AD$12<>0,$H75>0,OR(AUTOEVENTO<>\"manual\",$M75<>1)),ROUND(OFFSET($P75,0,AD$13),15-13*ORÇAMENTO!$AF$7)/$H75*OFFSET(ORÇAMENTO!$X$15,ROW(AD75)-ROW(AD$15),0),0)","v":0},{"$f":"IF(AND($D75=\"Serviço\",AE$12<>0,$H75>0,OR(AUTOEVENTO<>\"manual\",$M75<>1)),ROUND(OFFSET($P75,0,AE$13),15-13*ORÇAMENTO!$AF$7)/$H75*OFFSET(ORÇAMENTO!$X$15,ROW(AE75)-ROW(AE$15),0),0)","v":0},{"$f":"IF(AND($D75=\"Serviço\",AF$12<>0,$H75>0,OR(AUTOEVENTO<>\"manual\",$M75<>1)),ROUND(OFFSET($P75,0,AF$13),15-13*ORÇAMENTO!$AF$7)/$H75*OFFSET(ORÇAMENTO!$X$15,ROW(AF75)-ROW(AF$15),0),0)","v":0},{"$f":"IF(AND($D75=\"Serviço\",AG$12<>0,$H75>0,OR(AUTOEVENTO<>\"manual\",$M75<>1)),ROUND(OFFSET($P75,0,AG$13),15-13*ORÇAMENTO!$AF$7)/$H75*OFFSET(ORÇAMENTO!$X$15,ROW(AG75)-ROW(AG$15),0),0)","v":0},{"$f":"IF(AND($D75=\"Serviço\",AH$12<>0,$H75>0,OR(AUTOEVENTO<>\"manual\",$M75<>1)),ROUND(OFFSET($P75,0,AH$13),15-13*ORÇAMENTO!$AF$7)/$H75*OFFSET(ORÇAMENTO!$X$15,ROW(AH75)-ROW(AH$15),0),0)","v":0},{"$f":"IF(AND($D75=\"Serviço\",AI$12<>0,$H75>0,OR(AUTOEVENTO<>\"manual\",$M75<>1)),ROUND(OFFSET($P75,0,AI$13),15-13*ORÇAMENTO!$AF$7)/$H75*OFFSET(ORÇAMENTO!$X$15,ROW(AI75)-ROW(AI$15),0),0)","v":0},{"$f":"IF(AND($D75=\"Serviço\",AJ$12<>0,$H75>0,OR(AUTOEVENTO<>\"manual\",$M75<>1)),ROUND(OFFSET($P75,0,AJ$13),15-13*ORÇAMENTO!$AF$7)/$H75*OFFSET(ORÇAMENTO!$X$15,ROW(AJ75)-ROW(AJ$15),0),0)","v":0},{"$f":"IF(AND($D75=\"Serviço\",AK$12<>0,$H75>0,OR(AUTOEVENTO<>\"manual\",$M75<>1)),ROUND(OFFSET($P75,0,AK$13),15-13*ORÇAMENTO!$AF$7)/$H75*OFFSET(ORÇAMENTO!$X$15,ROW(AK75)-ROW(AK$15),0),0)","v":0},null,{"$f":"IF($D75<>\"Serviço\",0,IF(AND(AUTOEVENTO=\"Manual\",$M75=1),0,IF(OFFSET(CRONOPLE!$F$14,$M75,AM$13)=\"\",10^12,OFFSET(CRONOPLE!$F$14,$M75,AM$13))))","v":0},{"$f":"IF($D75<>\"Serviço\",0,IF(AND(AUTOEVENTO=\"Manual\",$M75=1),0,IF(OFFSET(CRONOPLE!$F$14,$M75,AN$13)=\"\",10^12,OFFSET(CRONOPLE!$F$14,$M75,AN$13))))","v":0},{"$f":"IF($D75<>\"Serviço\",0,IF(AND(AUTOEVENTO=\"Manual\",$M75=1),0,IF(OFFSET(CRONOPLE!$F$14,$M75,AO$13)=\"\",10^12,OFFSET(CRONOPLE!$F$14,$M75,AO$13))))","v":0},{"$f":"IF($D75<>\"Serviço\",0,IF(AND(AUTOEVENTO=\"Manual\",$M75=1),0,IF(OFFSET(CRONOPLE!$F$14,$M75,AP$13)=\"\",10^12,OFFSET(CRONOPLE!$F$14,$M75,AP$13))))","v":0},{"$f":"IF($D75<>\"Serviço\",0,IF(AND(AUTOEVENTO=\"Manual\",$M75=1),0,IF(OFFSET(CRONOPLE!$F$14,$M75,AQ$13)=\"\",10^12,OFFSET(CRONOPLE!$F$14,$M75,AQ$13))))","v":0},{"$f":"IF($D75<>\"Serviço\",0,IF(AND(AUTOEVENTO=\"Manual\",$M75=1),0,IF(OFFSET(CRONOPLE!$F$14,$M75,AR$13)=\"\",10^12,OFFSET(CRONOPLE!$F$14,$M75,AR$13))))","v":0},{"$f":"IF($D75<>\"Serviço\",0,IF(AND(AUTOEVENTO=\"Manual\",$M75=1),0,IF(OFFSET(CRONOPLE!$F$14,$M75,AS$13)=\"\",10^12,OFFSET(CRONOPLE!$F$14,$M75,AS$13))))","v":0},{"$f":"IF($D75<>\"Serviço\",0,IF(AND(AUTOEVENTO=\"Manual\",$M75=1),0,IF(OFFSET(CRONOPLE!$F$14,$M75,AT$13)=\"\",10^12,OFFSET(CRONOPLE!$F$14,$M75,AT$13))))","v":0},{"$f":"IF($D75<>\"Serviço\",0,IF(AND(AUTOEVENTO=\"Manual\",$M75=1),0,IF(OFFSET(CRONOPLE!$F$14,$M75,AU$13)=\"\",10^12,OFFSET(CRONOPLE!$F$14,$M75,AU$13))))","v":0},{"$f":"IF($D75<>\"Serviço\",0,IF(AND(AUTOEVENTO=\"Manual\",$M75=1),0,IF(OFFSET(CRONOPLE!$F$14,$M75,AV$13)=\"\",10^12,OFFSET(CRONOPLE!$F$14,$M75,AV$13))))","v":0},null,{"$f":"IF($D75<>\"Serviço\",0,IF(OR(AND(AUTOEVENTO=\"Manual\",$M75=1),$M75>(ROW(PLE.lastrow)-ROW(PLE.firstrow))),0,IF(OFFSET(PLE!$G$14,$M75,AX$13)=\"\",10^12,OFFSET(PLE!$G$14,$M75,AX$13))))","v":0},{"$f":"IF($D75<>\"Serviço\",0,IF(OR(AND(AUTOEVENTO=\"Manual\",$M75=1),$M75>(ROW(PLE.lastrow)-ROW(PLE.firstrow))),0,IF(OFFSET(PLE!$G$14,$M75,AY$13)=\"\",10^12,OFFSET(PLE!$G$14,$M75,AY$13))))","v":0},{"$f":"IF($D75<>\"Serviço\",0,IF(OR(AND(AUTOEVENTO=\"Manual\",$M75=1),$M75>(ROW(PLE.lastrow)-ROW(PLE.firstrow))),0,IF(OFFSET(PLE!$G$14,$M75,AZ$13)=\"\",10^12,OFFSET(PLE!$G$14,$M75,AZ$13))))","v":0},{"$f":"IF($D75<>\"Serviço\",0,IF(OR(AND(AUTOEVENTO=\"Manual\",$M75=1),$M75>(ROW(PLE.lastrow)-ROW(PLE.firstrow))),0,IF(OFFSET(PLE!$G$14,$M75,BA$13)=\"\",10^12,OFFSET(PLE!$G$14,$M75,BA$13))))","v":0},{"$f":"IF($D75<>\"Serviço\",0,IF(OR(AND(AUTOEVENTO=\"Manual\",$M75=1),$M75>(ROW(PLE.lastrow)-ROW(PLE.firstrow))),0,IF(OFFSET(PLE!$G$14,$M75,BB$13)=\"\",10^12,OFFSET(PLE!$G$14,$M75,BB$13))))","v":0},{"$f":"IF($D75<>\"Serviço\",0,IF(OR(AND(AUTOEVENTO=\"Manual\",$M75=1),$M75>(ROW(PLE.lastrow)-ROW(PLE.firstrow))),0,IF(OFFSET(PLE!$G$14,$M75,BC$13)=\"\",10^12,OFFSET(PLE!$G$14,$M75,BC$13))))","v":0},{"$f":"IF($D75<>\"Serviço\",0,IF(OR(AND(AUTOEVENTO=\"Manual\",$M75=1),$M75>(ROW(PLE.lastrow)-ROW(PLE.firstrow))),0,IF(OFFSET(PLE!$G$14,$M75,BD$13)=\"\",10^12,OFFSET(PLE!$G$14,$M75,BD$13))))","v":0},{"$f":"IF($D75<>\"Serviço\",0,IF(OR(AND(AUTOEVENTO=\"Manual\",$M75=1),$M75>(ROW(PLE.lastrow)-ROW(PLE.firstrow))),0,IF(OFFSET(PLE!$G$14,$M75,BE$13)=\"\",10^12,OFFSET(PLE!$G$14,$M75,BE$13))))","v":0},{"$f":"IF($D75<>\"Serviço\",0,IF(OR(AND(AUTOEVENTO=\"Manual\",$M75=1),$M75>(ROW(PLE.lastrow)-ROW(PLE.firstrow))),0,IF(OFFSET(PLE!$G$14,$M75,BF$13)=\"\",10^12,OFFSET(PLE!$G$14,$M75,BF$13))))","v":0},{"$f":"IF($D75<>\"Serviço\",0,IF(OR(AND(AUTOEVENTO=\"Manual\",$M75=1),$M75>(ROW(PLE.lastrow)-ROW(PLE.firstrow))),0,IF(OFFSET(PLE!$G$14,$M75,BG$13)=\"\",10^12,OFFSET(PLE!$G$14,$M75,BG$13))))","v":0}]
["60",{"$f":"OFFSET(ORÇAMENTO!C$15,ROW(B76)-ROW(B$15),0)","v":"S"},{"$f":"OFFSET(ORÇAMENTO!L$15,ROW(C76)-ROW(C$15),0)","v":"F"},{"$f":"OFFSET(ORÇAMENTO!N$15,ROW(D76)-ROW(D$15),0)","v":"Serviço"},{"$f":"OFFSET(ORÇAMENTO!O$15,ROW(E76)-ROW(E$15),0)","v":"1.7.1."},{"$f":"OFFSET(ORÇAMENTO!R$15,ROW(F76)-ROW(F$15),0)","v":"LAVATÓRIO LOUÇA BRANCA SUSPENSO OU EMBUTIDO, 29,5X39 CM OU EQUIVALENTE, PADRÃO POPULAR, INCLUSO SIFÃO TIPO GARRAFA EM PVC, VÁLVULA E ENGATE FLEXÍVEL 30 CM EM PLÁSTICO E TORNEIRA CROMADA DE MESA, PADRÃO POPULAR - FORNECIMENTO E INSTALAÇÃO"},{"$f":"IF($D76<>\"Serviço\",\"\",OFFSET(ORÇAMENTO!S$15,ROW(G76)-ROW(G$15),0))","v":"UN"},{"$f":"IF($D76<>\"Serviço\",0,IF(ACOMPANHAMENTO=\"BM\",ROUND(OFFSET(ORÇAMENTO!AJ$15,ROW(H76)-ROW(H$15),0),15-13*ORÇAMENTO!$AF$7),SUMPRODUCT(($Q$12:$AA$12<>\"\")*ROUND($Q76:$AA76,15-13*ORÇAMENTO!$AF$7))))","v":2},null,null,null,".",{"$f":"IF($D76<>\"Serviço\",\"\",IF(AUTOEVENTO=\"manual\",$A76,IF(ISERROR(MATCH($A76,$A$15:OFFSET($A76,-1,0),0)),MAX($M$15:OFFSET(M76,-1,0))+1,INDEX($M$15:OFFSET(M76,-1,0),MATCH($A76,$A$15:OFFSET($A76,-1,0),0)))))","v":8},{"$f":"IF($D76<>\"Serviço\",\"\",IF(AUTOEVENTO=\"Manual\",IF($A76=0,\"<-- defina o número do agrupador\",OFFSET(EVENTOS!$D$14,$A76,0)),OFFSET($F$15,$A76,0)))","v":"APARELHOS SANITÁRIOS"},null,null,null,null,null,null,null,null,null,null,null,null,null,{"$f":"IF(AND($D76=\"Serviço\",AB$12<>0,$H76>0,OR(AUTOEVENTO<>\"manual\",$M76<>1)),ROUND(OFFSET($P76,0,AB$13),15-13*ORÇAMENTO!$AF$7)/$H76*OFFSET(ORÇAMENTO!$X$15,ROW(AB76)-ROW(AB$15),0),0)","v":0},{"$f":"IF(AND($D76=\"Serviço\",AC$12<>0,$H76>0,OR(AUTOEVENTO<>\"manual\",$M76<>1)),ROUND(OFFSET($P76,0,AC$13),15-13*ORÇAMENTO!$AF$7)/$H76*OFFSET(ORÇAMENTO!$X$15,ROW(AC76)-ROW(AC$15),0),0)","v":0},{"$f":"IF(AND($D76=\"Serviço\",AD$12<>0,$H76>0,OR(AUTOEVENTO<>\"manual\",$M76<>1)),ROUND(OFFSET($P76,0,AD$13),15-13*ORÇAMENTO!$AF$7)/$H76*OFFSET(ORÇAMENTO!$X$15,ROW(AD76)-ROW(AD$15),0),0)","v":0},{"$f":"IF(AND($D76=\"Serviço\",AE$12<>0,$H76>0,OR(AUTOEVENTO<>\"manual\",$M76<>1)),ROUND(OFFSET($P76,0,AE$13),15-13*ORÇAMENTO!$AF$7)/$H76*OFFSET(ORÇAMENTO!$X$15,ROW(AE76)-ROW(AE$15),0),0)","v":0},{"$f":"IF(AND($D76=\"Serviço\",AF$12<>0,$H76>0,OR(AUTOEVENTO<>\"manual\",$M76<>1)),ROUND(OFFSET($P76,0,AF$13),15-13*ORÇAMENTO!$AF$7)/$H76*OFFSET(ORÇAMENTO!$X$15,ROW(AF76)-ROW(AF$15),0),0)","v":0},{"$f":"IF(AND($D76=\"Serviço\",AG$12<>0,$H76>0,OR(AUTOEVENTO<>\"manual\",$M76<>1)),ROUND(OFFSET($P76,0,AG$13),15-13*ORÇAMENTO!$AF$7)/$H76*OFFSET(ORÇAMENTO!$X$15,ROW(AG76)-ROW(AG$15),0),0)","v":0},{"$f":"IF(AND($D76=\"Serviço\",AH$12<>0,$H76>0,OR(AUTOEVENTO<>\"manual\",$M76<>1)),ROUND(OFFSET($P76,0,AH$13),15-13*ORÇAMENTO!$AF$7)/$H76*OFFSET(ORÇAMENTO!$X$15,ROW(AH76)-ROW(AH$15),0),0)","v":0},{"$f":"IF(AND($D76=\"Serviço\",AI$12<>0,$H76>0,OR(AUTOEVENTO<>\"manual\",$M76<>1)),ROUND(OFFSET($P76,0,AI$13),15-13*ORÇAMENTO!$AF$7)/$H76*OFFSET(ORÇAMENTO!$X$15,ROW(AI76)-ROW(AI$15),0),0)","v":0},{"$f":"IF(AND($D76=\"Serviço\",AJ$12<>0,$H76>0,OR(AUTOEVENTO<>\"manual\",$M76<>1)),ROUND(OFFSET($P76,0,AJ$13),15-13*ORÇAMENTO!$AF$7)/$H76*OFFSET(ORÇAMENTO!$X$15,ROW(AJ76)-ROW(AJ$15),0),0)","v":0},{"$f":"IF(AND($D76=\"Serviço\",AK$12<>0,$H76>0,OR(AUTOEVENTO<>\"manual\",$M76<>1)),ROUND(OFFSET($P76,0,AK$13),15-13*ORÇAMENTO!$AF$7)/$H76*OFFSET(ORÇAMENTO!$X$15,ROW(AK76)-ROW(AK$15),0),0)","v":0},null,{"$f":"IF($D76<>\"Serviço\",0,IF(AND(AUTOEVENTO=\"Manual\",$M76=1),0,IF(OFFSET(CRONOPLE!$F$14,$M76,AM$13)=\"\",10^12,OFFSET(CRONOPLE!$F$14,$M76,AM$13))))","v":1000000000000},{"$f":"IF($D76<>\"Serviço\",0,IF(AND(AUTOEVENTO=\"Manual\",$M76=1),0,IF(OFFSET(CRONOPLE!$F$14,$M76,AN$13)=\"\",10^12,OFFSET(CRONOPLE!$F$14,$M76,AN$13))))","v":1000000000000},{"$f":"IF($D76<>\"Serviço\",0,IF(AND(AUTOEVENTO=\"Manual\",$M76=1),0,IF(OFFSET(CRONOPLE!$F$14,$M76,AO$13)=\"\",10^12,OFFSET(CRONOPLE!$F$14,$M76,AO$13))))","v":1000000000000},{"$f":"IF($D76<>\"Serviço\",0,IF(AND(AUTOEVENTO=\"Manual\",$M76=1),0,IF(OFFSET(CRONOPLE!$F$14,$M76,AP$13)=\"\",10^12,OFFSET(CRONOPLE!$F$14,$M76,AP$13))))","v":1000000000000},{"$f":"IF($D76<>\"Serviço\",0,IF(AND(AUTOEVENTO=\"Manual\",$M76=1),0,IF(OFFSET(CRONOPLE!$F$14,$M76,AQ$13)=\"\",10^12,OFFSET(CRONOPLE!$F$14,$M76,AQ$13))))","v":1000000000000},{"$f":"IF($D76<>\"Serviço\",0,IF(AND(AUTOEVENTO=\"Manual\",$M76=1),0,IF(OFFSET(CRONOPLE!$F$14,$M76,AR$13)=\"\",10^12,OFFSET(CRONOPLE!$F$14,$M76,AR$13))))","v":1000000000000},{"$f":"IF($D76<>\"Serviço\",0,IF(AND(AUTOEVENTO=\"Manual\",$M76=1),0,IF(OFFSET(CRONOPLE!$F$14,$M76,AS$13)=\"\",10^12,OFFSET(CRONOPLE!$F$14,$M76,AS$13))))","v":1000000000000},{"$f":"IF($D76<>\"Serviço\",0,IF(AND(AUTOEVENTO=\"Manual\",$M76=1),0,IF(OFFSET(CRONOPLE!$F$14,$M76,AT$13)=\"\",10^12,OFFSET(CRONOPLE!$F$14,$M76,AT$13))))","v":1000000000000},{"$f":"IF($D76<>\"Serviço\",0,IF(AND(AUTOEVENTO=\"Manual\",$M76=1),0,IF(OFFSET(CRONOPLE!$F$14,$M76,AU$13)=\"\",10^12,OFFSET(CRONOPLE!$F$14,$M76,AU$13))))","v":1000000000000},{"$f":"IF($D76<>\"Serviço\",0,IF(AND(AUTOEVENTO=\"Manual\",$M76=1),0,IF(OFFSET(CRONOPLE!$F$14,$M76,AV$13)=\"\",10^12,OFFSET(CRONOPLE!$F$14,$M76,AV$13))))","v":1000000000000},null,{"$f":"IF($D76<>\"Serviço\",0,IF(OR(AND(AUTOEVENTO=\"Manual\",$M76=1),$M76>(ROW(PLE.lastrow)-ROW(PLE.firstrow))),0,IF(OFFSET(PLE!$G$14,$M76,AX$13)=\"\",10^12,OFFSET(PLE!$G$14,$M76,AX$13))))","v":1000000000000},{"$f":"IF($D76<>\"Serviço\",0,IF(OR(AND(AUTOEVENTO=\"Manual\",$M76=1),$M76>(ROW(PLE.lastrow)-ROW(PLE.firstrow))),0,IF(OFFSET(PLE!$G$14,$M76,AY$13)=\"\",10^12,OFFSET(PLE!$G$14,$M76,AY$13))))","v":1000000000000},{"$f":"IF($D76<>\"Serviço\",0,IF(OR(AND(AUTOEVENTO=\"Manual\",$M76=1),$M76>(ROW(PLE.lastrow)-ROW(PLE.firstrow))),0,IF(OFFSET(PLE!$G$14,$M76,AZ$13)=\"\",10^12,OFFSET(PLE!$G$14,$M76,AZ$13))))","v":1000000000000},{"$f":"IF($D76<>\"Serviço\",0,IF(OR(AND(AUTOEVENTO=\"Manual\",$M76=1),$M76>(ROW(PLE.lastrow)-ROW(PLE.firstrow))),0,IF(OFFSET(PLE!$G$14,$M76,BA$13)=\"\",10^12,OFFSET(PLE!$G$14,$M76,BA$13))))","v":1000000000000},{"$f":"IF($D76<>\"Serviço\",0,IF(OR(AND(AUTOEVENTO=\"Manual\",$M76=1),$M76>(ROW(PLE.lastrow)-ROW(PLE.firstrow))),0,IF(OFFSET(PLE!$G$14,$M76,BB$13)=\"\",10^12,OFFSET(PLE!$G$14,$M76,BB$13))))","v":1000000000000},{"$f":"IF($D76<>\"Serviço\",0,IF(OR(AND(AUTOEVENTO=\"Manual\",$M76=1),$M76>(ROW(PLE.lastrow)-ROW(PLE.firstrow))),0,IF(OFFSET(PLE!$G$14,$M76,BC$13)=\"\",10^12,OFFSET(PLE!$G$14,$M76,BC$13))))","v":1000000000000},{"$f":"IF($D76<>\"Serviço\",0,IF(OR(AND(AUTOEVENTO=\"Manual\",$M76=1),$M76>(ROW(PLE.lastrow)-ROW(PLE.firstrow))),0,IF(OFFSET(PLE!$G$14,$M76,BD$13)=\"\",10^12,OFFSET(PLE!$G$14,$M76,BD$13))))","v":1000000000000},{"$f":"IF($D76<>\"Serviço\",0,IF(OR(AND(AUTOEVENTO=\"Manual\",$M76=1),$M76>(ROW(PLE.lastrow)-ROW(PLE.firstrow))),0,IF(OFFSET(PLE!$G$14,$M76,BE$13)=\"\",10^12,OFFSET(PLE!$G$14,$M76,BE$13))))","v":1000000000000},{"$f":"IF($D76<>\"Serviço\",0,IF(OR(AND(AUTOEVENTO=\"Manual\",$M76=1),$M76>(ROW(PLE.lastrow)-ROW(PLE.firstrow))),0,IF(OFFSET(PLE!$G$14,$M76,BF$13)=\"\",10^12,OFFSET(PLE!$G$14,$M76,BF$13))))","v":1000000000000},{"$f":"IF($D76<>\"Serviço\",0,IF(OR(AND(AUTOEVENTO=\"Manual\",$M76=1),$M76>(ROW(PLE.lastrow)-ROW(PLE.firstrow))),0,IF(OFFSET(PLE!$G$14,$M76,BG$13)=\"\",10^12,OFFSET(PLE!$G$14,$M76,BG$13))))","v":1000000000000}]
["60",{"$f":"OFFSET(ORÇAMENTO!C$15,ROW(B77)-ROW(B$15),0)","v":"S"},{"$f":"OFFSET(ORÇAMENTO!L$15,ROW(C77)-ROW(C$15),0)","v":"F"},{"$f":"OFFSET(ORÇAMENTO!N$15,ROW(D77)-ROW(D$15),0)","v":"Serviço"},{"$f":"OFFSET(ORÇAMENTO!O$15,ROW(E77)-ROW(E$15),0)","v":"1.7.2."},{"$f":"OFFSET(ORÇAMENTO!R$15,ROW(F77)-ROW(F$15),0)","v":"VASO SANITÁRIO SIFONADO CONVENCIONAL PARA PCD SEM FURO FRONTAL COM LOUÇA BRANCA SEM ASSENTO, INCLUSO CONJUNTO DE LIGAÇÃO PARA BACIA SANITÁRIA AJUSTÁVEL - FORNECIMENTO E INSTALAÇÃO"},{"$f":"IF($D77<>\"Serviço\",\"\",OFFSET(ORÇAMENTO!S$15,ROW(G77)-ROW(G$15),0))","v":"UN"},{"$f":"IF($D77<>\"Serviço\",0,IF(ACOMPANHAMENTO=\"BM\",ROUND(OFFSET(ORÇAMENTO!AJ$15,ROW(H77)-ROW(H$15),0),15-13*ORÇAMENTO!$AF$7),SUMPRODUCT(($Q$12:$AA$12<>\"\")*ROUND($Q77:$AA77,15-13*ORÇAMENTO!$AF$7))))","v":1},null,null,null,".",{"$f":"IF($D77<>\"Serviço\",\"\",IF(AUTOEVENTO=\"manual\",$A77,IF(ISERROR(MATCH($A77,$A$15:OFFSET($A77,-1,0),0)),MAX($M$15:OFFSET(M77,-1,0))+1,INDEX($M$15:OFFSET(M77,-1,0),MATCH($A77,$A$15:OFFSET($A77,-1,0),0)))))","v":8},{"$f":"IF($D77<>\"Serviço\",\"\",IF(AUTOEVENTO=\"Manual\",IF($A77=0,\"<-- defina o número do agrupador\",OFFSET(EVENTOS!$D$14,$A77,0)),OFFSET($F$15,$A77,0)))","v":"APARELHOS SANITÁRIOS"},null,null,null,null,null,null,null,null,null,null,null,null,null,{"$f":"IF(AND($D77=\"Serviço\",AB$12<>0,$H77>0,OR(AUTOEVENTO<>\"manual\",$M77<>1)),ROUND(OFFSET($P77,0,AB$13),15-13*ORÇAMENTO!$AF$7)/$H77*OFFSET(ORÇAMENTO!$X$15,ROW(AB77)-ROW(AB$15),0),0)","v":0},{"$f":"IF(AND($D77=\"Serviço\",AC$12<>0,$H77>0,OR(AUTOEVENTO<>\"manual\",$M77<>1)),ROUND(OFFSET($P77,0,AC$13),15-13*ORÇAMENTO!$AF$7)/$H77*OFFSET(ORÇAMENTO!$X$15,ROW(AC77)-ROW(AC$15),0),0)","v":0},{"$f":"IF(AND($D77=\"Serviço\",AD$12<>0,$H77>0,OR(AUTOEVENTO<>\"manual\",$M77<>1)),ROUND(OFFSET($P77,0,AD$13),15-13*ORÇAMENTO!$AF$7)/$H77*OFFSET(ORÇAMENTO!$X$15,ROW(AD77)-ROW(AD$15),0),0)","v":0},{"$f":"IF(AND($D77=\"Serviço\",AE$12<>0,$H77>0,OR(AUTOEVENTO<>\"manual\",$M77<>1)),ROUND(OFFSET($P77,0,AE$13),15-13*ORÇAMENTO!$AF$7)/$H77*OFFSET(ORÇAMENTO!$X$15,ROW(AE77)-ROW(AE$15),0),0)","v":0},{"$f":"IF(AND($D77=\"Serviço\",AF$12<>0,$H77>0,OR(AUTOEVENTO<>\"manual\",$M77<>1)),ROUND(OFFSET($P77,0,AF$13),15-13*ORÇAMENTO!$AF$7)/$H77*OFFSET(ORÇAMENTO!$X$15,ROW(AF77)-ROW(AF$15),0),0)","v":0},{"$f":"IF(AND($D77=\"Serviço\",AG$12<>0,$H77>0,OR(AUTOEVENTO<>\"manual\",$M77<>1)),ROUND(OFFSET($P77,0,AG$13),15-13*ORÇAMENTO!$AF$7)/$H77*OFFSET(ORÇAMENTO!$X$15,ROW(AG77)-ROW(AG$15),0),0)","v":0},{"$f":"IF(AND($D77=\"Serviço\",AH$12<>0,$H77>0,OR(AUTOEVENTO<>\"manual\",$M77<>1)),ROUND(OFFSET($P77,0,AH$13),15-13*ORÇAMENTO!$AF$7)/$H77*OFFSET(ORÇAMENTO!$X$15,ROW(AH77)-ROW(AH$15),0),0)","v":0},{"$f":"IF(AND($D77=\"Serviço\",AI$12<>0,$H77>0,OR(AUTOEVENTO<>\"manual\",$M77<>1)),ROUND(OFFSET($P77,0,AI$13),15-13*ORÇAMENTO!$AF$7)/$H77*OFFSET(ORÇAMENTO!$X$15,ROW(AI77)-ROW(AI$15),0),0)","v":0},{"$f":"IF(AND($D77=\"Serviço\",AJ$12<>0,$H77>0,OR(AUTOEVENTO<>\"manual\",$M77<>1)),ROUND(OFFSET($P77,0,AJ$13),15-13*ORÇAMENTO!$AF$7)/$H77*OFFSET(ORÇAMENTO!$X$15,ROW(AJ77)-ROW(AJ$15),0),0)","v":0},{"$f":"IF(AND($D77=\"Serviço\",AK$12<>0,$H77>0,OR(AUTOEVENTO<>\"manual\",$M77<>1)),ROUND(OFFSET($P77,0,AK$13),15-13*ORÇAMENTO!$AF$7)/$H77*OFFSET(ORÇAMENTO!$X$15,ROW(AK77)-ROW(AK$15),0),0)","v":0},null,{"$f":"IF($D77<>\"Serviço\",0,IF(AND(AUTOEVENTO=\"Manual\",$M77=1),0,IF(OFFSET(CRONOPLE!$F$14,$M77,AM$13)=\"\",10^12,OFFSET(CRONOPLE!$F$14,$M77,AM$13))))","v":1000000000000},{"$f":"IF($D77<>\"Serviço\",0,IF(AND(AUTOEVENTO=\"Manual\",$M77=1),0,IF(OFFSET(CRONOPLE!$F$14,$M77,AN$13)=\"\",10^12,OFFSET(CRONOPLE!$F$14,$M77,AN$13))))","v":1000000000000},{"$f":"IF($D77<>\"Serviço\",0,IF(AND(AUTOEVENTO=\"Manual\",$M77=1),0,IF(OFFSET(CRONOPLE!$F$14,$M77,AO$13)=\"\",10^12,OFFSET(CRONOPLE!$F$14,$M77,AO$13))))","v":1000000000000},{"$f":"IF($D77<>\"Serviço\",0,IF(AND(AUTOEVENTO=\"Manual\",$M77=1),0,IF(OFFSET(CRONOPLE!$F$14,$M77,AP$13)=\"\",10^12,OFFSET(CRONOPLE!$F$14,$M77,AP$13))))","v":1000000000000},{"$f":"IF($D77<>\"Serviço\",0,IF(AND(AUTOEVENTO=\"Manual\",$M77=1),0,IF(OFFSET(CRONOPLE!$F$14,$M77,AQ$13)=\"\",10^12,OFFSET(CRONOPLE!$F$14,$M77,AQ$13))))","v":1000000000000},{"$f":"IF($D77<>\"Serviço\",0,IF(AND(AUTOEVENTO=\"Manual\",$M77=1),0,IF(OFFSET(CRONOPLE!$F$14,$M77,AR$13)=\"\",10^12,OFFSET(CRONOPLE!$F$14,$M77,AR$13))))","v":1000000000000},{"$f":"IF($D77<>\"Serviço\",0,IF(AND(AUTOEVENTO=\"Manual\",$M77=1),0,IF(OFFSET(CRONOPLE!$F$14,$M77,AS$13)=\"\",10^12,OFFSET(CRONOPLE!$F$14,$M77,AS$13))))","v":1000000000000},{"$f":"IF($D77<>\"Serviço\",0,IF(AND(AUTOEVENTO=\"Manual\",$M77=1),0,IF(OFFSET(CRONOPLE!$F$14,$M77,AT$13)=\"\",10^12,OFFSET(CRONOPLE!$F$14,$M77,AT$13))))","v":1000000000000},{"$f":"IF($D77<>\"Serviço\",0,IF(AND(AUTOEVENTO=\"Manual\",$M77=1),0,IF(OFFSET(CRONOPLE!$F$14,$M77,AU$13)=\"\",10^12,OFFSET(CRONOPLE!$F$14,$M77,AU$13))))","v":1000000000000},{"$f":"IF($D77<>\"Serviço\",0,IF(AND(AUTOEVENTO=\"Manual\",$M77=1),0,IF(OFFSET(CRONOPLE!$F$14,$M77,AV$13)=\"\",10^12,OFFSET(CRONOPLE!$F$14,$M77,AV$13))))","v":1000000000000},null,{"$f":"IF($D77<>\"Serviço\",0,IF(OR(AND(AUTOEVENTO=\"Manual\",$M77=1),$M77>(ROW(PLE.lastrow)-ROW(PLE.firstrow))),0,IF(OFFSET(PLE!$G$14,$M77,AX$13)=\"\",10^12,OFFSET(PLE!$G$14,$M77,AX$13))))","v":1000000000000},{"$f":"IF($D77<>\"Serviço\",0,IF(OR(AND(AUTOEVENTO=\"Manual\",$M77=1),$M77>(ROW(PLE.lastrow)-ROW(PLE.firstrow))),0,IF(OFFSET(PLE!$G$14,$M77,AY$13)=\"\",10^12,OFFSET(PLE!$G$14,$M77,AY$13))))","v":1000000000000},{"$f":"IF($D77<>\"Serviço\",0,IF(OR(AND(AUTOEVENTO=\"Manual\",$M77=1),$M77>(ROW(PLE.lastrow)-ROW(PLE.firstrow))),0,IF(OFFSET(PLE!$G$14,$M77,AZ$13)=\"\",10^12,OFFSET(PLE!$G$14,$M77,AZ$13))))","v":1000000000000},{"$f":"IF($D77<>\"Serviço\",0,IF(OR(AND(AUTOEVENTO=\"Manual\",$M77=1),$M77>(ROW(PLE.lastrow)-ROW(PLE.firstrow))),0,IF(OFFSET(PLE!$G$14,$M77,BA$13)=\"\",10^12,OFFSET(PLE!$G$14,$M77,BA$13))))","v":1000000000000},{"$f":"IF($D77<>\"Serviço\",0,IF(OR(AND(AUTOEVENTO=\"Manual\",$M77=1),$M77>(ROW(PLE.lastrow)-ROW(PLE.firstrow))),0,IF(OFFSET(PLE!$G$14,$M77,BB$13)=\"\",10^12,OFFSET(PLE!$G$14,$M77,BB$13))))","v":1000000000000},{"$f":"IF($D77<>\"Serviço\",0,IF(OR(AND(AUTOEVENTO=\"Manual\",$M77=1),$M77>(ROW(PLE.lastrow)-ROW(PLE.firstrow))),0,IF(OFFSET(PLE!$G$14,$M77,BC$13)=\"\",10^12,OFFSET(PLE!$G$14,$M77,BC$13))))","v":1000000000000},{"$f":"IF($D77<>\"Serviço\",0,IF(OR(AND(AUTOEVENTO=\"Manual\",$M77=1),$M77>(ROW(PLE.lastrow)-ROW(PLE.firstrow))),0,IF(OFFSET(PLE!$G$14,$M77,BD$13)=\"\",10^12,OFFSET(PLE!$G$14,$M77,BD$13))))","v":1000000000000},{"$f":"IF($D77<>\"Serviço\",0,IF(OR(AND(AUTOEVENTO=\"Manual\",$M77=1),$M77>(ROW(PLE.lastrow)-ROW(PLE.firstrow))),0,IF(OFFSET(PLE!$G$14,$M77,BE$13)=\"\",10^12,OFFSET(PLE!$G$14,$M77,BE$13))))","v":1000000000000},{"$f":"IF($D77<>\"Serviço\",0,IF(OR(AND(AUTOEVENTO=\"Manual\",$M77=1),$M77>(ROW(PLE.lastrow)-ROW(PLE.firstrow))),0,IF(OFFSET(PLE!$G$14,$M77,BF$13)=\"\",10^12,OFFSET(PLE!$G$14,$M77,BF$13))))","v":1000000000000},{"$f":"IF($D77<>\"Serviço\",0,IF(OR(AND(AUTOEVENTO=\"Manual\",$M77=1),$M77>(ROW(PLE.lastrow)-ROW(PLE.firstrow))),0,IF(OFFSET(PLE!$G$14,$M77,BG$13)=\"\",10^12,OFFSET(PLE!$G$14,$M77,BG$13))))","v":1000000000000}]
["60",{"$f":"OFFSET(ORÇAMENTO!C$15,ROW(B78)-ROW(B$15),0)","v":"S"},{"$f":"OFFSET(ORÇAMENTO!L$15,ROW(C78)-ROW(C$15),0)","v":"F"},{"$f":"OFFSET(ORÇAMENTO!N$15,ROW(D78)-ROW(D$15),0)","v":"Serviço"},{"$f":"OFFSET(ORÇAMENTO!O$15,ROW(E78)-ROW(E$15),0)","v":"1.7.3."},{"$f":"OFFSET(ORÇAMENTO!R$15,ROW(F78)-ROW(F$15),0)","v":"VASO SANITÁRIO SIFONADO CONVENCIONAL COM LOUÇA BRANCA, INCLUSO CONJUNTO DE LIGAÇÃO PARA BACIA SANITÁRIA AJUSTÁVEL - FORNECIMENTO E INSTALAÇÃO"},{"$f":"IF($D78<>\"Serviço\",\"\",OFFSET(ORÇAMENTO!S$15,ROW(G78)-ROW(G$15),0))","v":"UN"},{"$f":"IF($D78<>\"Serviço\",0,IF(ACOMPANHAMENTO=\"BM\",ROUND(OFFSET(ORÇAMENTO!AJ$15,ROW(H78)-ROW(H$15),0),15-13*ORÇAMENTO!$AF$7),SUMPRODUCT(($Q$12:$AA$12<>\"\")*ROUND($Q78:$AA78,15-13*ORÇAMENTO!$AF$7))))","v":1},null,null,null,".",{"$f":"IF($D78<>\"Serviço\",\"\",IF(AUTOEVENTO=\"manual\",$A78,IF(ISERROR(MATCH($A78,$A$15:OFFSET($A78,-1,0),0)),MAX($M$15:OFFSET(M78,-1,0))+1,INDEX($M$15:OFFSET(M78,-1,0),MATCH($A78,$A$15:OFFSET($A78,-1,0),0)))))","v":8},{"$f":"IF($D78<>\"Serviço\",\"\",IF(AUTOEVENTO=\"Manual\",IF($A78=0,\"<-- defina o número do agrupador\",OFFSET(EVENTOS!$D$14,$A78,0)),OFFSET($F$15,$A78,0)))","v":"APARELHOS SANITÁRIOS"},null,null,null,null,null,null,null,null,null,null,null,null,null,{"$f":"IF(AND($D78=\"Serviço\",AB$12<>0,$H78>0,OR(AUTOEVENTO<>\"manual\",$M78<>1)),ROUND(OFFSET($P78,0,AB$13),15-13*ORÇAMENTO!$AF$7)/$H78*OFFSET(ORÇAMENTO!$X$15,ROW(AB78)-ROW(AB$15),0),0)","v":0},{"$f":"IF(AND($D78=\"Serviço\",AC$12<>0,$H78>0,OR(AUTOEVENTO<>\"manual\",$M78<>1)),ROUND(OFFSET($P78,0,AC$13),15-13*ORÇAMENTO!$AF$7)/$H78*OFFSET(ORÇAMENTO!$X$15,ROW(AC78)-ROW(AC$15),0),0)","v":0},{"$f":"IF(AND($D78=\"Serviço\",AD$12<>0,$H78>0,OR(AUTOEVENTO<>\"manual\",$M78<>1)),ROUND(OFFSET($P78,0,AD$13),15-13*ORÇAMENTO!$AF$7)/$H78*OFFSET(ORÇAMENTO!$X$15,ROW(AD78)-ROW(AD$15),0),0)","v":0},{"$f":"IF(AND($D78=\"Serviço\",AE$12<>0,$H78>0,OR(AUTOEVENTO<>\"manual\",$M78<>1)),ROUND(OFFSET($P78,0,AE$13),15-13*ORÇAMENTO!$AF$7)/$H78*OFFSET(ORÇAMENTO!$X$15,ROW(AE78)-ROW(AE$15),0),0)","v":0},{"$f":"IF(AND($D78=\"Serviço\",AF$12<>0,$H78>0,OR(AUTOEVENTO<>\"manual\",$M78<>1)),ROUND(OFFSET($P78,0,AF$13),15-13*ORÇAMENTO!$AF$7)/$H78*OFFSET(ORÇAMENTO!$X$15,ROW(AF78)-ROW(AF$15),0),0)","v":0},{"$f":"IF(AND($D78=\"Serviço\",AG$12<>0,$H78>0,OR(AUTOEVENTO<>\"manual\",$M78<>1)),ROUND(OFFSET($P78,0,AG$13),15-13*ORÇAMENTO!$AF$7)/$H78*OFFSET(ORÇAMENTO!$X$15,ROW(AG78)-ROW(AG$15),0),0)","v":0},{"$f":"IF(AND($D78=\"Serviço\",AH$12<>0,$H78>0,OR(AUTOEVENTO<>\"manual\",$M78<>1)),ROUND(OFFSET($P78,0,AH$13),15-13*ORÇAMENTO!$AF$7)/$H78*OFFSET(ORÇAMENTO!$X$15,ROW(AH78)-ROW(AH$15),0),0)","v":0},{"$f":"IF(AND($D78=\"Serviço\",AI$12<>0,$H78>0,OR(AUTOEVENTO<>\"manual\",$M78<>1)),ROUND(OFFSET($P78,0,AI$13),15-13*ORÇAMENTO!$AF$7)/$H78*OFFSET(ORÇAMENTO!$X$15,ROW(AI78)-ROW(AI$15),0),0)","v":0},{"$f":"IF(AND($D78=\"Serviço\",AJ$12<>0,$H78>0,OR(AUTOEVENTO<>\"manual\",$M78<>1)),ROUND(OFFSET($P78,0,AJ$13),15-13*ORÇAMENTO!$AF$7)/$H78*OFFSET(ORÇAMENTO!$X$15,ROW(AJ78)-ROW(AJ$15),0),0)","v":0},{"$f":"IF(AND($D78=\"Serviço\",AK$12<>0,$H78>0,OR(AUTOEVENTO<>\"manual\",$M78<>1)),ROUND(OFFSET($P78,0,AK$13),15-13*ORÇAMENTO!$AF$7)/$H78*OFFSET(ORÇAMENTO!$X$15,ROW(AK78)-ROW(AK$15),0),0)","v":0},null,{"$f":"IF($D78<>\"Serviço\",0,IF(AND(AUTOEVENTO=\"Manual\",$M78=1),0,IF(OFFSET(CRONOPLE!$F$14,$M78,AM$13)=\"\",10^12,OFFSET(CRONOPLE!$F$14,$M78,AM$13))))","v":1000000000000},{"$f":"IF($D78<>\"Serviço\",0,IF(AND(AUTOEVENTO=\"Manual\",$M78=1),0,IF(OFFSET(CRONOPLE!$F$14,$M78,AN$13)=\"\",10^12,OFFSET(CRONOPLE!$F$14,$M78,AN$13))))","v":1000000000000},{"$f":"IF($D78<>\"Serviço\",0,IF(AND(AUTOEVENTO=\"Manual\",$M78=1),0,IF(OFFSET(CRONOPLE!$F$14,$M78,AO$13)=\"\",10^12,OFFSET(CRONOPLE!$F$14,$M78,AO$13))))","v":1000000000000},{"$f":"IF($D78<>\"Serviço\",0,IF(AND(AUTOEVENTO=\"Manual\",$M78=1),0,IF(OFFSET(CRONOPLE!$F$14,$M78,AP$13)=\"\",10^12,OFFSET(CRONOPLE!$F$14,$M78,AP$13))))","v":1000000000000},{"$f":"IF($D78<>\"Serviço\",0,IF(AND(AUTOEVENTO=\"Manual\",$M78=1),0,IF(OFFSET(CRONOPLE!$F$14,$M78,AQ$13)=\"\",10^12,OFFSET(CRONOPLE!$F$14,$M78,AQ$13))))","v":1000000000000},{"$f":"IF($D78<>\"Serviço\",0,IF(AND(AUTOEVENTO=\"Manual\",$M78=1),0,IF(OFFSET(CRONOPLE!$F$14,$M78,AR$13)=\"\",10^12,OFFSET(CRONOPLE!$F$14,$M78,AR$13))))","v":1000000000000},{"$f":"IF($D78<>\"Serviço\",0,IF(AND(AUTOEVENTO=\"Manual\",$M78=1),0,IF(OFFSET(CRONOPLE!$F$14,$M78,AS$13)=\"\",10^12,OFFSET(CRONOPLE!$F$14,$M78,AS$13))))","v":1000000000000},{"$f":"IF($D78<>\"Serviço\",0,IF(AND(AUTOEVENTO=\"Manual\",$M78=1),0,IF(OFFSET(CRONOPLE!$F$14,$M78,AT$13)=\"\",10^12,OFFSET(CRONOPLE!$F$14,$M78,AT$13))))","v":1000000000000},{"$f":"IF($D78<>\"Serviço\",0,IF(AND(AUTOEVENTO=\"Manual\",$M78=1),0,IF(OFFSET(CRONOPLE!$F$14,$M78,AU$13)=\"\",10^12,OFFSET(CRONOPLE!$F$14,$M78,AU$13))))","v":1000000000000},{"$f":"IF($D78<>\"Serviço\",0,IF(AND(AUTOEVENTO=\"Manual\",$M78=1),0,IF(OFFSET(CRONOPLE!$F$14,$M78,AV$13)=\"\",10^12,OFFSET(CRONOPLE!$F$14,$M78,AV$13))))","v":1000000000000},null,{"$f":"IF($D78<>\"Serviço\",0,IF(OR(AND(AUTOEVENTO=\"Manual\",$M78=1),$M78>(ROW(PLE.lastrow)-ROW(PLE.firstrow))),0,IF(OFFSET(PLE!$G$14,$M78,AX$13)=\"\",10^12,OFFSET(PLE!$G$14,$M78,AX$13))))","v":1000000000000},{"$f":"IF($D78<>\"Serviço\",0,IF(OR(AND(AUTOEVENTO=\"Manual\",$M78=1),$M78>(ROW(PLE.lastrow)-ROW(PLE.firstrow))),0,IF(OFFSET(PLE!$G$14,$M78,AY$13)=\"\",10^12,OFFSET(PLE!$G$14,$M78,AY$13))))","v":1000000000000},{"$f":"IF($D78<>\"Serviço\",0,IF(OR(AND(AUTOEVENTO=\"Manual\",$M78=1),$M78>(ROW(PLE.lastrow)-ROW(PLE.firstrow))),0,IF(OFFSET(PLE!$G$14,$M78,AZ$13)=\"\",10^12,OFFSET(PLE!$G$14,$M78,AZ$13))))","v":1000000000000},{"$f":"IF($D78<>\"Serviço\",0,IF(OR(AND(AUTOEVENTO=\"Manual\",$M78=1),$M78>(ROW(PLE.lastrow)-ROW(PLE.firstrow))),0,IF(OFFSET(PLE!$G$14,$M78,BA$13)=\"\",10^12,OFFSET(PLE!$G$14,$M78,BA$13))))","v":1000000000000},{"$f":"IF($D78<>\"Serviço\",0,IF(OR(AND(AUTOEVENTO=\"Manual\",$M78=1),$M78>(ROW(PLE.lastrow)-ROW(PLE.firstrow))),0,IF(OFFSET(PLE!$G$14,$M78,BB$13)=\"\",10^12,OFFSET(PLE!$G$14,$M78,BB$13))))","v":1000000000000},{"$f":"IF($D78<>\"Serviço\",0,IF(OR(AND(AUTOEVENTO=\"Manual\",$M78=1),$M78>(ROW(PLE.lastrow)-ROW(PLE.firstrow))),0,IF(OFFSET(PLE!$G$14,$M78,BC$13)=\"\",10^12,OFFSET(PLE!$G$14,$M78,BC$13))))","v":1000000000000},{"$f":"IF($D78<>\"Serviço\",0,IF(OR(AND(AUTOEVENTO=\"Manual\",$M78=1),$M78>(ROW(PLE.lastrow)-ROW(PLE.firstrow))),0,IF(OFFSET(PLE!$G$14,$M78,BD$13)=\"\",10^12,OFFSET(PLE!$G$14,$M78,BD$13))))","v":1000000000000},{"$f":"IF($D78<>\"Serviço\",0,IF(OR(AND(AUTOEVENTO=\"Manual\",$M78=1),$M78>(ROW(PLE.lastrow)-ROW(PLE.firstrow))),0,IF(OFFSET(PLE!$G$14,$M78,BE$13)=\"\",10^12,OFFSET(PLE!$G$14,$M78,BE$13))))","v":1000000000000},{"$f":"IF($D78<>\"Serviço\",0,IF(OR(AND(AUTOEVENTO=\"Manual\",$M78=1),$M78>(ROW(PLE.lastrow)-ROW(PLE.firstrow))),0,IF(OFFSET(PLE!$G$14,$M78,BF$13)=\"\",10^12,OFFSET(PLE!$G$14,$M78,BF$13))))","v":1000000000000},{"$f":"IF($D78<>\"Serviço\",0,IF(OR(AND(AUTOEVENTO=\"Manual\",$M78=1),$M78>(ROW(PLE.lastrow)-ROW(PLE.firstrow))),0,IF(OFFSET(PLE!$G$14,$M78,BG$13)=\"\",10^12,OFFSET(PLE!$G$14,$M78,BG$13))))","v":1000000000000}]
["60",{"$f":"OFFSET(ORÇAMENTO!C$15,ROW(B79)-ROW(B$15),0)","v":"S"},{"$f":"OFFSET(ORÇAMENTO!L$15,ROW(C79)-ROW(C$15),0)","v":"F"},{"$f":"OFFSET(ORÇAMENTO!N$15,ROW(D79)-ROW(D$15),0)","v":"Serviço"},{"$f":"OFFSET(ORÇAMENTO!O$15,ROW(E79)-ROW(E$15),0)","v":"1.7.4."},{"$f":"OFFSET(ORÇAMENTO!R$15,ROW(F79)-ROW(F$15),0)","v":"VÁLVULA DE DESCARGA METÁLICA, BASE 1 1/2 \", ACABAMENTO METALICO CROMADO - FORNECIMENTO E INSTALAÇÃO"},{"$f":"IF($D79<>\"Serviço\",\"\",OFFSET(ORÇAMENTO!S$15,ROW(G79)-ROW(G$15),0))","v":"UN"},{"$f":"IF($D79<>\"Serviço\",0,IF(ACOMPANHAMENTO=\"BM\",ROUND(OFFSET(ORÇAMENTO!AJ$15,ROW(H79)-ROW(H$15),0),15-13*ORÇAMENTO!$AF$7),SUMPRODUCT(($Q$12:$AA$12<>\"\")*ROUND($Q79:$AA79,15-13*ORÇAMENTO!$AF$7))))","v":2},null,null,null,".",{"$f":"IF($D79<>\"Serviço\",\"\",IF(AUTOEVENTO=\"manual\",$A79,IF(ISERROR(MATCH($A79,$A$15:OFFSET($A79,-1,0),0)),MAX($M$15:OFFSET(M79,-1,0))+1,INDEX($M$15:OFFSET(M79,-1,0),MATCH($A79,$A$15:OFFSET($A79,-1,0),0)))))","v":8},{"$f":"IF($D79<>\"Serviço\",\"\",IF(AUTOEVENTO=\"Manual\",IF($A79=0,\"<-- defina o número do agrupador\",OFFSET(EVENTOS!$D$14,$A79,0)),OFFSET($F$15,$A79,0)))","v":"APARELHOS SANITÁRIOS"},null,null,null,null,null,null,null,null,null,null,null,null,null,{"$f":"IF(AND($D79=\"Serviço\",AB$12<>0,$H79>0,OR(AUTOEVENTO<>\"manual\",$M79<>1)),ROUND(OFFSET($P79,0,AB$13),15-13*ORÇAMENTO!$AF$7)/$H79*OFFSET(ORÇAMENTO!$X$15,ROW(AB79)-ROW(AB$15),0),0)","v":0},{"$f":"IF(AND($D79=\"Serviço\",AC$12<>0,$H79>0,OR(AUTOEVENTO<>\"manual\",$M79<>1)),ROUND(OFFSET($P79,0,AC$13),15-13*ORÇAMENTO!$AF$7)/$H79*OFFSET(ORÇAMENTO!$X$15,ROW(AC79)-ROW(AC$15),0),0)","v":0},{"$f":"IF(AND($D79=\"Serviço\",AD$12<>0,$H79>0,OR(AUTOEVENTO<>\"manual\",$M79<>1)),ROUND(OFFSET($P79,0,AD$13),15-13*ORÇAMENTO!$AF$7)/$H79*OFFSET(ORÇAMENTO!$X$15,ROW(AD79)-ROW(AD$15),0),0)","v":0},{"$f":"IF(AND($D79=\"Serviço\",AE$12<>0,$H79>0,OR(AUTOEVENTO<>\"manual\",$M79<>1)),ROUND(OFFSET($P79,0,AE$13),15-13*ORÇAMENTO!$AF$7)/$H79*OFFSET(ORÇAMENTO!$X$15,ROW(AE79)-ROW(AE$15),0),0)","v":0},{"$f":"IF(AND($D79=\"Serviço\",AF$12<>0,$H79>0,OR(AUTOEVENTO<>\"manual\",$M79<>1)),ROUND(OFFSET($P79,0,AF$13),15-13*ORÇAMENTO!$AF$7)/$H79*OFFSET(ORÇAMENTO!$X$15,ROW(AF79)-ROW(AF$15),0),0)","v":0},{"$f":"IF(AND($D79=\"Serviço\",AG$12<>0,$H79>0,OR(AUTOEVENTO<>\"manual\",$M79<>1)),ROUND(OFFSET($P79,0,AG$13),15-13*ORÇAMENTO!$AF$7)/$H79*OFFSET(ORÇAMENTO!$X$15,ROW(AG79)-ROW(AG$15),0),0)","v":0},{"$f":"IF(AND($D79=\"Serviço\",AH$12<>0,$H79>0,OR(AUTOEVENTO<>\"manual\",$M79<>1)),ROUND(OFFSET($P79,0,AH$13),15-13*ORÇAMENTO!$AF$7)/$H79*OFFSET(ORÇAMENTO!$X$15,ROW(AH79)-ROW(AH$15),0),0)","v":0},{"$f":"IF(AND($D79=\"Serviço\",AI$12<>0,$H79>0,OR(AUTOEVENTO<>\"manual\",$M79<>1)),ROUND(OFFSET($P79,0,AI$13),15-13*ORÇAMENTO!$AF$7)/$H79*OFFSET(ORÇAMENTO!$X$15,ROW(AI79)-ROW(AI$15),0),0)","v":0},{"$f":"IF(AND($D79=\"Serviço\",AJ$12<>0,$H79>0,OR(AUTOEVENTO<>\"manual\",$M79<>1)),ROUND(OFFSET($P79,0,AJ$13),15-13*ORÇAMENTO!$AF$7)/$H79*OFFSET(ORÇAMENTO!$X$15,ROW(AJ79)-ROW(AJ$15),0),0)","v":0},{"$f":"IF(AND($D79=\"Serviço\",AK$12<>0,$H79>0,OR(AUTOEVENTO<>\"manual\",$M79<>1)),ROUND(OFFSET($P79,0,AK$13),15-13*ORÇAMENTO!$AF$7)/$H79*OFFSET(ORÇAMENTO!$X$15,ROW(AK79)-ROW(AK$15),0),0)","v":0},null,{"$f":"IF($D79<>\"Serviço\",0,IF(AND(AUTOEVENTO=\"Manual\",$M79=1),0,IF(OFFSET(CRONOPLE!$F$14,$M79,AM$13)=\"\",10^12,OFFSET(CRONOPLE!$F$14,$M79,AM$13))))","v":1000000000000},{"$f":"IF($D79<>\"Serviço\",0,IF(AND(AUTOEVENTO=\"Manual\",$M79=1),0,IF(OFFSET(CRONOPLE!$F$14,$M79,AN$13)=\"\",10^12,OFFSET(CRONOPLE!$F$14,$M79,AN$13))))","v":1000000000000},{"$f":"IF($D79<>\"Serviço\",0,IF(AND(AUTOEVENTO=\"Manual\",$M79=1),0,IF(OFFSET(CRONOPLE!$F$14,$M79,AO$13)=\"\",10^12,OFFSET(CRONOPLE!$F$14,$M79,AO$13))))","v":1000000000000},{"$f":"IF($D79<>\"Serviço\",0,IF(AND(AUTOEVENTO=\"Manual\",$M79=1),0,IF(OFFSET(CRONOPLE!$F$14,$M79,AP$13)=\"\",10^12,OFFSET(CRONOPLE!$F$14,$M79,AP$13))))","v":1000000000000},{"$f":"IF($D79<>\"Serviço\",0,IF(AND(AUTOEVENTO=\"Manual\",$M79=1),0,IF(OFFSET(CRONOPLE!$F$14,$M79,AQ$13)=\"\",10^12,OFFSET(CRONOPLE!$F$14,$M79,AQ$13))))","v":1000000000000},{"$f":"IF($D79<>\"Serviço\",0,IF(AND(AUTOEVENTO=\"Manual\",$M79=1),0,IF(OFFSET(CRONOPLE!$F$14,$M79,AR$13)=\"\",10^12,OFFSET(CRONOPLE!$F$14,$M79,AR$13))))","v":1000000000000},{"$f":"IF($D79<>\"Serviço\",0,IF(AND(AUTOEVENTO=\"Manual\",$M79=1),0,IF(OFFSET(CRONOPLE!$F$14,$M79,AS$13)=\"\",10^12,OFFSET(CRONOPLE!$F$14,$M79,AS$13))))","v":1000000000000},{"$f":"IF($D79<>\"Serviço\",0,IF(AND(AUTOEVENTO=\"Manual\",$M79=1),0,IF(OFFSET(CRONOPLE!$F$14,$M79,AT$13)=\"\",10^12,OFFSET(CRONOPLE!$F$14,$M79,AT$13))))","v":1000000000000},{"$f":"IF($D79<>\"Serviço\",0,IF(AND(AUTOEVENTO=\"Manual\",$M79=1),0,IF(OFFSET(CRONOPLE!$F$14,$M79,AU$13)=\"\",10^12,OFFSET(CRONOPLE!$F$14,$M79,AU$13))))","v":1000000000000},{"$f":"IF($D79<>\"Serviço\",0,IF(AND(AUTOEVENTO=\"Manual\",$M79=1),0,IF(OFFSET(CRONOPLE!$F$14,$M79,AV$13)=\"\",10^12,OFFSET(CRONOPLE!$F$14,$M79,AV$13))))","v":1000000000000},null,{"$f":"IF($D79<>\"Serviço\",0,IF(OR(AND(AUTOEVENTO=\"Manual\",$M79=1),$M79>(ROW(PLE.lastrow)-ROW(PLE.firstrow))),0,IF(OFFSET(PLE!$G$14,$M79,AX$13)=\"\",10^12,OFFSET(PLE!$G$14,$M79,AX$13))))","v":1000000000000},{"$f":"IF($D79<>\"Serviço\",0,IF(OR(AND(AUTOEVENTO=\"Manual\",$M79=1),$M79>(ROW(PLE.lastrow)-ROW(PLE.firstrow))),0,IF(OFFSET(PLE!$G$14,$M79,AY$13)=\"\",10^12,OFFSET(PLE!$G$14,$M79,AY$13))))","v":1000000000000},{"$f":"IF($D79<>\"Serviço\",0,IF(OR(AND(AUTOEVENTO=\"Manual\",$M79=1),$M79>(ROW(PLE.lastrow)-ROW(PLE.firstrow))),0,IF(OFFSET(PLE!$G$14,$M79,AZ$13)=\"\",10^12,OFFSET(PLE!$G$14,$M79,AZ$13))))","v":1000000000000},{"$f":"IF($D79<>\"Serviço\",0,IF(OR(AND(AUTOEVENTO=\"Manual\",$M79=1),$M79>(ROW(PLE.lastrow)-ROW(PLE.firstrow))),0,IF(OFFSET(PLE!$G$14,$M79,BA$13)=\"\",10^12,OFFSET(PLE!$G$14,$M79,BA$13))))","v":1000000000000},{"$f":"IF($D79<>\"Serviço\",0,IF(OR(AND(AUTOEVENTO=\"Manual\",$M79=1),$M79>(ROW(PLE.lastrow)-ROW(PLE.firstrow))),0,IF(OFFSET(PLE!$G$14,$M79,BB$13)=\"\",10^12,OFFSET(PLE!$G$14,$M79,BB$13))))","v":1000000000000},{"$f":"IF($D79<>\"Serviço\",0,IF(OR(AND(AUTOEVENTO=\"Manual\",$M79=1),$M79>(ROW(PLE.lastrow)-ROW(PLE.firstrow))),0,IF(OFFSET(PLE!$G$14,$M79,BC$13)=\"\",10^12,OFFSET(PLE!$G$14,$M79,BC$13))))","v":1000000000000},{"$f":"IF($D79<>\"Serviço\",0,IF(OR(AND(AUTOEVENTO=\"Manual\",$M79=1),$M79>(ROW(PLE.lastrow)-ROW(PLE.firstrow))),0,IF(OFFSET(PLE!$G$14,$M79,BD$13)=\"\",10^12,OFFSET(PLE!$G$14,$M79,BD$13))))","v":1000000000000},{"$f":"IF($D79<>\"Serviço\",0,IF(OR(AND(AUTOEVENTO=\"Manual\",$M79=1),$M79>(ROW(PLE.lastrow)-ROW(PLE.firstrow))),0,IF(OFFSET(PLE!$G$14,$M79,BE$13)=\"\",10^12,OFFSET(PLE!$G$14,$M79,BE$13))))","v":1000000000000},{"$f":"IF($D79<>\"Serviço\",0,IF(OR(AND(AUTOEVENTO=\"Manual\",$M79=1),$M79>(ROW(PLE.lastrow)-ROW(PLE.firstrow))),0,IF(OFFSET(PLE!$G$14,$M79,BF$13)=\"\",10^12,OFFSET(PLE!$G$14,$M79,BF$13))))","v":1000000000000},{"$f":"IF($D79<>\"Serviço\",0,IF(OR(AND(AUTOEVENTO=\"Manual\",$M79=1),$M79>(ROW(PLE.lastrow)-ROW(PLE.firstrow))),0,IF(OFFSET(PLE!$G$14,$M79,BG$13)=\"\",10^12,OFFSET(PLE!$G$14,$M79,BG$13))))","v":1000000000000}]
["60",{"$f":"OFFSET(ORÇAMENTO!C$15,ROW(B80)-ROW(B$15),0)","v":"S"},{"$f":"OFFSET(ORÇAMENTO!L$15,ROW(C80)-ROW(C$15),0)","v":"F"},{"$f":"OFFSET(ORÇAMENTO!N$15,ROW(D80)-ROW(D$15),0)","v":"Serviço"},{"$f":"OFFSET(ORÇAMENTO!O$15,ROW(E80)-ROW(E$15),0)","v":"1.7.5."},{"$f":"OFFSET(ORÇAMENTO!R$15,ROW(F80)-ROW(F$15),0)","v":"TORNEIRA CROMADA DE MESA PARA LAVATORIO COM SENSOR DE PRESENCA"},{"$f":"IF($D80<>\"Serviço\",\"\",OFFSET(ORÇAMENTO!S$15,ROW(G80)-ROW(G$15),0))","v":"UN    "},{"$f":"IF($D80<>\"Serviço\",0,IF(ACOMPANHAMENTO=\"BM\",ROUND(OFFSET(ORÇAMENTO!AJ$15,ROW(H80)-ROW(H$15),0),15-13*ORÇAMENTO!$AF$7),SUMPRODUCT(($Q$12:$AA$12<>\"\")*ROUND($Q80:$AA80,15-13*ORÇAMENTO!$AF$7))))","v":2},null,null,null,".",{"$f":"IF($D80<>\"Serviço\",\"\",IF(AUTOEVENTO=\"manual\",$A80,IF(ISERROR(MATCH($A80,$A$15:OFFSET($A80,-1,0),0)),MAX($M$15:OFFSET(M80,-1,0))+1,INDEX($M$15:OFFSET(M80,-1,0),MATCH($A80,$A$15:OFFSET($A80,-1,0),0)))))","v":8},{"$f":"IF($D80<>\"Serviço\",\"\",IF(AUTOEVENTO=\"Manual\",IF($A80=0,\"<-- defina o número do agrupador\",OFFSET(EVENTOS!$D$14,$A80,0)),OFFSET($F$15,$A80,0)))","v":"APARELHOS SANITÁRIOS"},null,null,null,null,null,null,null,null,null,null,null,null,null,{"$f":"IF(AND($D80=\"Serviço\",AB$12<>0,$H80>0,OR(AUTOEVENTO<>\"manual\",$M80<>1)),ROUND(OFFSET($P80,0,AB$13),15-13*ORÇAMENTO!$AF$7)/$H80*OFFSET(ORÇAMENTO!$X$15,ROW(AB80)-ROW(AB$15),0),0)","v":0},{"$f":"IF(AND($D80=\"Serviço\",AC$12<>0,$H80>0,OR(AUTOEVENTO<>\"manual\",$M80<>1)),ROUND(OFFSET($P80,0,AC$13),15-13*ORÇAMENTO!$AF$7)/$H80*OFFSET(ORÇAMENTO!$X$15,ROW(AC80)-ROW(AC$15),0),0)","v":0},{"$f":"IF(AND($D80=\"Serviço\",AD$12<>0,$H80>0,OR(AUTOEVENTO<>\"manual\",$M80<>1)),ROUND(OFFSET($P80,0,AD$13),15-13*ORÇAMENTO!$AF$7)/$H80*OFFSET(ORÇAMENTO!$X$15,ROW(AD80)-ROW(AD$15),0),0)","v":0},{"$f":"IF(AND($D80=\"Serviço\",AE$12<>0,$H80>0,OR(AUTOEVENTO<>\"manual\",$M80<>1)),ROUND(OFFSET($P80,0,AE$13),15-13*ORÇAMENTO!$AF$7)/$H80*OFFSET(ORÇAMENTO!$X$15,ROW(AE80)-ROW(AE$15),0),0)","v":0},{"$f":"IF(AND($D80=\"Serviço\",AF$12<>0,$H80>0,OR(AUTOEVENTO<>\"manual\",$M80<>1)),ROUND(OFFSET($P80,0,AF$13),15-13*ORÇAMENTO!$AF$7)/$H80*OFFSET(ORÇAMENTO!$X$15,ROW(AF80)-ROW(AF$15),0),0)","v":0},{"$f":"IF(AND($D80=\"Serviço\",AG$12<>0,$H80>0,OR(AUTOEVENTO<>\"manual\",$M80<>1)),ROUND(OFFSET($P80,0,AG$13),15-13*ORÇAMENTO!$AF$7)/$H80*OFFSET(ORÇAMENTO!$X$15,ROW(AG80)-ROW(AG$15),0),0)","v":0},{"$f":"IF(AND($D80=\"Serviço\",AH$12<>0,$H80>0,OR(AUTOEVENTO<>\"manual\",$M80<>1)),ROUND(OFFSET($P80,0,AH$13),15-13*ORÇAMENTO!$AF$7)/$H80*OFFSET(ORÇAMENTO!$X$15,ROW(AH80)-ROW(AH$15),0),0)","v":0},{"$f":"IF(AND($D80=\"Serviço\",AI$12<>0,$H80>0,OR(AUTOEVENTO<>\"manual\",$M80<>1)),ROUND(OFFSET($P80,0,AI$13),15-13*ORÇAMENTO!$AF$7)/$H80*OFFSET(ORÇAMENTO!$X$15,ROW(AI80)-ROW(AI$15),0),0)","v":0},{"$f":"IF(AND($D80=\"Serviço\",AJ$12<>0,$H80>0,OR(AUTOEVENTO<>\"manual\",$M80<>1)),ROUND(OFFSET($P80,0,AJ$13),15-13*ORÇAMENTO!$AF$7)/$H80*OFFSET(ORÇAMENTO!$X$15,ROW(AJ80)-ROW(AJ$15),0),0)","v":0},{"$f":"IF(AND($D80=\"Serviço\",AK$12<>0,$H80>0,OR(AUTOEVENTO<>\"manual\",$M80<>1)),ROUND(OFFSET($P80,0,AK$13),15-13*ORÇAMENTO!$AF$7)/$H80*OFFSET(ORÇAMENTO!$X$15,ROW(AK80)-ROW(AK$15),0),0)","v":0},null,{"$f":"IF($D80<>\"Serviço\",0,IF(AND(AUTOEVENTO=\"Manual\",$M80=1),0,IF(OFFSET(CRONOPLE!$F$14,$M80,AM$13)=\"\",10^12,OFFSET(CRONOPLE!$F$14,$M80,AM$13))))","v":1000000000000},{"$f":"IF($D80<>\"Serviço\",0,IF(AND(AUTOEVENTO=\"Manual\",$M80=1),0,IF(OFFSET(CRONOPLE!$F$14,$M80,AN$13)=\"\",10^12,OFFSET(CRONOPLE!$F$14,$M80,AN$13))))","v":1000000000000},{"$f":"IF($D80<>\"Serviço\",0,IF(AND(AUTOEVENTO=\"Manual\",$M80=1),0,IF(OFFSET(CRONOPLE!$F$14,$M80,AO$13)=\"\",10^12,OFFSET(CRONOPLE!$F$14,$M80,AO$13))))","v":1000000000000},{"$f":"IF($D80<>\"Serviço\",0,IF(AND(AUTOEVENTO=\"Manual\",$M80=1),0,IF(OFFSET(CRONOPLE!$F$14,$M80,AP$13)=\"\",10^12,OFFSET(CRONOPLE!$F$14,$M80,AP$13))))","v":1000000000000},{"$f":"IF($D80<>\"Serviço\",0,IF(AND(AUTOEVENTO=\"Manual\",$M80=1),0,IF(OFFSET(CRONOPLE!$F$14,$M80,AQ$13)=\"\",10^12,OFFSET(CRONOPLE!$F$14,$M80,AQ$13))))","v":1000000000000},{"$f":"IF($D80<>\"Serviço\",0,IF(AND(AUTOEVENTO=\"Manual\",$M80=1),0,IF(OFFSET(CRONOPLE!$F$14,$M80,AR$13)=\"\",10^12,OFFSET(CRONOPLE!$F$14,$M80,AR$13))))","v":1000000000000},{"$f":"IF($D80<>\"Serviço\",0,IF(AND(AUTOEVENTO=\"Manual\",$M80=1),0,IF(OFFSET(CRONOPLE!$F$14,$M80,AS$13)=\"\",10^12,OFFSET(CRONOPLE!$F$14,$M80,AS$13))))","v":1000000000000},{"$f":"IF($D80<>\"Serviço\",0,IF(AND(AUTOEVENTO=\"Manual\",$M80=1),0,IF(OFFSET(CRONOPLE!$F$14,$M80,AT$13)=\"\",10^12,OFFSET(CRONOPLE!$F$14,$M80,AT$13))))","v":1000000000000},{"$f":"IF($D80<>\"Serviço\",0,IF(AND(AUTOEVENTO=\"Manual\",$M80=1),0,IF(OFFSET(CRONOPLE!$F$14,$M80,AU$13)=\"\",10^12,OFFSET(CRONOPLE!$F$14,$M80,AU$13))))","v":1000000000000},{"$f":"IF($D80<>\"Serviço\",0,IF(AND(AUTOEVENTO=\"Manual\",$M80=1),0,IF(OFFSET(CRONOPLE!$F$14,$M80,AV$13)=\"\",10^12,OFFSET(CRONOPLE!$F$14,$M80,AV$13))))","v":1000000000000},null,{"$f":"IF($D80<>\"Serviço\",0,IF(OR(AND(AUTOEVENTO=\"Manual\",$M80=1),$M80>(ROW(PLE.lastrow)-ROW(PLE.firstrow))),0,IF(OFFSET(PLE!$G$14,$M80,AX$13)=\"\",10^12,OFFSET(PLE!$G$14,$M80,AX$13))))","v":1000000000000},{"$f":"IF($D80<>\"Serviço\",0,IF(OR(AND(AUTOEVENTO=\"Manual\",$M80=1),$M80>(ROW(PLE.lastrow)-ROW(PLE.firstrow))),0,IF(OFFSET(PLE!$G$14,$M80,AY$13)=\"\",10^12,OFFSET(PLE!$G$14,$M80,AY$13))))","v":1000000000000},{"$f":"IF($D80<>\"Serviço\",0,IF(OR(AND(AUTOEVENTO=\"Manual\",$M80=1),$M80>(ROW(PLE.lastrow)-ROW(PLE.firstrow))),0,IF(OFFSET(PLE!$G$14,$M80,AZ$13)=\"\",10^12,OFFSET(PLE!$G$14,$M80,AZ$13))))","v":1000000000000},{"$f":"IF($D80<>\"Serviço\",0,IF(OR(AND(AUTOEVENTO=\"Manual\",$M80=1),$M80>(ROW(PLE.lastrow)-ROW(PLE.firstrow))),0,IF(OFFSET(PLE!$G$14,$M80,BA$13)=\"\",10^12,OFFSET(PLE!$G$14,$M80,BA$13))))","v":1000000000000},{"$f":"IF($D80<>\"Serviço\",0,IF(OR(AND(AUTOEVENTO=\"Manual\",$M80=1),$M80>(ROW(PLE.lastrow)-ROW(PLE.firstrow))),0,IF(OFFSET(PLE!$G$14,$M80,BB$13)=\"\",10^12,OFFSET(PLE!$G$14,$M80,BB$13))))","v":1000000000000},{"$f":"IF($D80<>\"Serviço\",0,IF(OR(AND(AUTOEVENTO=\"Manual\",$M80=1),$M80>(ROW(PLE.lastrow)-ROW(PLE.firstrow))),0,IF(OFFSET(PLE!$G$14,$M80,BC$13)=\"\",10^12,OFFSET(PLE!$G$14,$M80,BC$13))))","v":1000000000000},{"$f":"IF($D80<>\"Serviço\",0,IF(OR(AND(AUTOEVENTO=\"Manual\",$M80=1),$M80>(ROW(PLE.lastrow)-ROW(PLE.firstrow))),0,IF(OFFSET(PLE!$G$14,$M80,BD$13)=\"\",10^12,OFFSET(PLE!$G$14,$M80,BD$13))))","v":1000000000000},{"$f":"IF($D80<>\"Serviço\",0,IF(OR(AND(AUTOEVENTO=\"Manual\",$M80=1),$M80>(ROW(PLE.lastrow)-ROW(PLE.firstrow))),0,IF(OFFSET(PLE!$G$14,$M80,BE$13)=\"\",10^12,OFFSET(PLE!$G$14,$M80,BE$13))))","v":1000000000000},{"$f":"IF($D80<>\"Serviço\",0,IF(OR(AND(AUTOEVENTO=\"Manual\",$M80=1),$M80>(ROW(PLE.lastrow)-ROW(PLE.firstrow))),0,IF(OFFSET(PLE!$G$14,$M80,BF$13)=\"\",10^12,OFFSET(PLE!$G$14,$M80,BF$13))))","v":1000000000000},{"$f":"IF($D80<>\"Serviço\",0,IF(OR(AND(AUTOEVENTO=\"Manual\",$M80=1),$M80>(ROW(PLE.lastrow)-ROW(PLE.firstrow))),0,IF(OFFSET(PLE!$G$14,$M80,BG$13)=\"\",10^12,OFFSET(PLE!$G$14,$M80,BG$13))))","v":1000000000000}]
["60",{"$f":"OFFSET(ORÇAMENTO!C$15,ROW(B81)-ROW(B$15),0)","v":"S"},{"$f":"OFFSET(ORÇAMENTO!L$15,ROW(C81)-ROW(C$15),0)","v":"F"},{"$f":"OFFSET(ORÇAMENTO!N$15,ROW(D81)-ROW(D$15),0)","v":"Serviço"},{"$f":"OFFSET(ORÇAMENTO!O$15,ROW(E81)-ROW(E$15),0)","v":"1.7.6."},{"$f":"OFFSET(ORÇAMENTO!R$15,ROW(F81)-ROW(F$15),0)","v":"PAPELEIRA PLASTICA TIPO DISPENSER PARA PAPEL HIGIENICO ROLAO"},{"$f":"IF($D81<>\"Serviço\",\"\",OFFSET(ORÇAMENTO!S$15,ROW(G81)-ROW(G$15),0))","v":"UN    "},{"$f":"IF($D81<>\"Serviço\",0,IF(ACOMPANHAMENTO=\"BM\",ROUND(OFFSET(ORÇAMENTO!AJ$15,ROW(H81)-ROW(H$15),0),15-13*ORÇAMENTO!$AF$7),SUMPRODUCT(($Q$12:$AA$12<>\"\")*ROUND($Q81:$AA81,15-13*ORÇAMENTO!$AF$7))))","v":2},null,null,null,".",{"$f":"IF($D81<>\"Serviço\",\"\",IF(AUTOEVENTO=\"manual\",$A81,IF(ISERROR(MATCH($A81,$A$15:OFFSET($A81,-1,0),0)),MAX($M$15:OFFSET(M81,-1,0))+1,INDEX($M$15:OFFSET(M81,-1,0),MATCH($A81,$A$15:OFFSET($A81,-1,0),0)))))","v":8},{"$f":"IF($D81<>\"Serviço\",\"\",IF(AUTOEVENTO=\"Manual\",IF($A81=0,\"<-- defina o número do agrupador\",OFFSET(EVENTOS!$D$14,$A81,0)),OFFSET($F$15,$A81,0)))","v":"APARELHOS SANITÁRIOS"},null,null,null,null,null,null,null,null,null,null,null,null,null,{"$f":"IF(AND($D81=\"Serviço\",AB$12<>0,$H81>0,OR(AUTOEVENTO<>\"manual\",$M81<>1)),ROUND(OFFSET($P81,0,AB$13),15-13*ORÇAMENTO!$AF$7)/$H81*OFFSET(ORÇAMENTO!$X$15,ROW(AB81)-ROW(AB$15),0),0)","v":0},{"$f":"IF(AND($D81=\"Serviço\",AC$12<>0,$H81>0,OR(AUTOEVENTO<>\"manual\",$M81<>1)),ROUND(OFFSET($P81,0,AC$13),15-13*ORÇAMENTO!$AF$7)/$H81*OFFSET(ORÇAMENTO!$X$15,ROW(AC81)-ROW(AC$15),0),0)","v":0},{"$f":"IF(AND($D81=\"Serviço\",AD$12<>0,$H81>0,OR(AUTOEVENTO<>\"manual\",$M81<>1)),ROUND(OFFSET($P81,0,AD$13),15-13*ORÇAMENTO!$AF$7)/$H81*OFFSET(ORÇAMENTO!$X$15,ROW(AD81)-ROW(AD$15),0),0)","v":0},{"$f":"IF(AND($D81=\"Serviço\",AE$12<>0,$H81>0,OR(AUTOEVENTO<>\"manual\",$M81<>1)),ROUND(OFFSET($P81,0,AE$13),15-13*ORÇAMENTO!$AF$7)/$H81*OFFSET(ORÇAMENTO!$X$15,ROW(AE81)-ROW(AE$15),0),0)","v":0},{"$f":"IF(AND($D81=\"Serviço\",AF$12<>0,$H81>0,OR(AUTOEVENTO<>\"manual\",$M81<>1)),ROUND(OFFSET($P81,0,AF$13),15-13*ORÇAMENTO!$AF$7)/$H81*OFFSET(ORÇAMENTO!$X$15,ROW(AF81)-ROW(AF$15),0),0)","v":0},{"$f":"IF(AND($D81=\"Serviço\",AG$12<>0,$H81>0,OR(AUTOEVENTO<>\"manual\",$M81<>1)),ROUND(OFFSET($P81,0,AG$13),15-13*ORÇAMENTO!$AF$7)/$H81*OFFSET(ORÇAMENTO!$X$15,ROW(AG81)-ROW(AG$15),0),0)","v":0},{"$f":"IF(AND($D81=\"Serviço\",AH$12<>0,$H81>0,OR(AUTOEVENTO<>\"manual\",$M81<>1)),ROUND(OFFSET($P81,0,AH$13),15-13*ORÇAMENTO!$AF$7)/$H81*OFFSET(ORÇAMENTO!$X$15,ROW(AH81)-ROW(AH$15),0),0)","v":0},{"$f":"IF(AND($D81=\"Serviço\",AI$12<>0,$H81>0,OR(AUTOEVENTO<>\"manual\",$M81<>1)),ROUND(OFFSET($P81,0,AI$13),15-13*ORÇAMENTO!$AF$7)/$H81*OFFSET(ORÇAMENTO!$X$15,ROW(AI81)-ROW(AI$15),0),0)","v":0},{"$f":"IF(AND($D81=\"Serviço\",AJ$12<>0,$H81>0,OR(AUTOEVENTO<>\"manual\",$M81<>1)),ROUND(OFFSET($P81,0,AJ$13),15-13*ORÇAMENTO!$AF$7)/$H81*OFFSET(ORÇAMENTO!$X$15,ROW(AJ81)-ROW(AJ$15),0),0)","v":0},{"$f":"IF(AND($D81=\"Serviço\",AK$12<>0,$H81>0,OR(AUTOEVENTO<>\"manual\",$M81<>1)),ROUND(OFFSET($P81,0,AK$13),15-13*ORÇAMENTO!$AF$7)/$H81*OFFSET(ORÇAMENTO!$X$15,ROW(AK81)-ROW(AK$15),0),0)","v":0},null,{"$f":"IF($D81<>\"Serviço\",0,IF(AND(AUTOEVENTO=\"Manual\",$M81=1),0,IF(OFFSET(CRONOPLE!$F$14,$M81,AM$13)=\"\",10^12,OFFSET(CRONOPLE!$F$14,$M81,AM$13))))","v":1000000000000},{"$f":"IF($D81<>\"Serviço\",0,IF(AND(AUTOEVENTO=\"Manual\",$M81=1),0,IF(OFFSET(CRONOPLE!$F$14,$M81,AN$13)=\"\",10^12,OFFSET(CRONOPLE!$F$14,$M81,AN$13))))","v":1000000000000},{"$f":"IF($D81<>\"Serviço\",0,IF(AND(AUTOEVENTO=\"Manual\",$M81=1),0,IF(OFFSET(CRONOPLE!$F$14,$M81,AO$13)=\"\",10^12,OFFSET(CRONOPLE!$F$14,$M81,AO$13))))","v":1000000000000},{"$f":"IF($D81<>\"Serviço\",0,IF(AND(AUTOEVENTO=\"Manual\",$M81=1),0,IF(OFFSET(CRONOPLE!$F$14,$M81,AP$13)=\"\",10^12,OFFSET(CRONOPLE!$F$14,$M81,AP$13))))","v":1000000000000},{"$f":"IF($D81<>\"Serviço\",0,IF(AND(AUTOEVENTO=\"Manual\",$M81=1),0,IF(OFFSET(CRONOPLE!$F$14,$M81,AQ$13)=\"\",10^12,OFFSET(CRONOPLE!$F$14,$M81,AQ$13))))","v":1000000000000},{"$f":"IF($D81<>\"Serviço\",0,IF(AND(AUTOEVENTO=\"Manual\",$M81=1),0,IF(OFFSET(CRONOPLE!$F$14,$M81,AR$13)=\"\",10^12,OFFSET(CRONOPLE!$F$14,$M81,AR$13))))","v":1000000000000},{"$f":"IF($D81<>\"Serviço\",0,IF(AND(AUTOEVENTO=\"Manual\",$M81=1),0,IF(OFFSET(CRONOPLE!$F$14,$M81,AS$13)=\"\",10^12,OFFSET(CRONOPLE!$F$14,$M81,AS$13))))","v":1000000000000},{"$f":"IF($D81<>\"Serviço\",0,IF(AND(AUTOEVENTO=\"Manual\",$M81=1),0,IF(OFFSET(CRONOPLE!$F$14,$M81,AT$13)=\"\",10^12,OFFSET(CRONOPLE!$F$14,$M81,AT$13))))","v":1000000000000},{"$f":"IF($D81<>\"Serviço\",0,IF(AND(AUTOEVENTO=\"Manual\",$M81=1),0,IF(OFFSET(CRONOPLE!$F$14,$M81,AU$13)=\"\",10^12,OFFSET(CRONOPLE!$F$14,$M81,AU$13))))","v":1000000000000},{"$f":"IF($D81<>\"Serviço\",0,IF(AND(AUTOEVENTO=\"Manual\",$M81=1),0,IF(OFFSET(CRONOPLE!$F$14,$M81,AV$13)=\"\",10^12,OFFSET(CRONOPLE!$F$14,$M81,AV$13))))","v":1000000000000},null,{"$f":"IF($D81<>\"Serviço\",0,IF(OR(AND(AUTOEVENTO=\"Manual\",$M81=1),$M81>(ROW(PLE.lastrow)-ROW(PLE.firstrow))),0,IF(OFFSET(PLE!$G$14,$M81,AX$13)=\"\",10^12,OFFSET(PLE!$G$14,$M81,AX$13))))","v":1000000000000},{"$f":"IF($D81<>\"Serviço\",0,IF(OR(AND(AUTOEVENTO=\"Manual\",$M81=1),$M81>(ROW(PLE.lastrow)-ROW(PLE.firstrow))),0,IF(OFFSET(PLE!$G$14,$M81,AY$13)=\"\",10^12,OFFSET(PLE!$G$14,$M81,AY$13))))","v":1000000000000},{"$f":"IF($D81<>\"Serviço\",0,IF(OR(AND(AUTOEVENTO=\"Manual\",$M81=1),$M81>(ROW(PLE.lastrow)-ROW(PLE.firstrow))),0,IF(OFFSET(PLE!$G$14,$M81,AZ$13)=\"\",10^12,OFFSET(PLE!$G$14,$M81,AZ$13))))","v":1000000000000},{"$f":"IF($D81<>\"Serviço\",0,IF(OR(AND(AUTOEVENTO=\"Manual\",$M81=1),$M81>(ROW(PLE.lastrow)-ROW(PLE.firstrow))),0,IF(OFFSET(PLE!$G$14,$M81,BA$13)=\"\",10^12,OFFSET(PLE!$G$14,$M81,BA$13))))","v":1000000000000},{"$f":"IF($D81<>\"Serviço\",0,IF(OR(AND(AUTOEVENTO=\"Manual\",$M81=1),$M81>(ROW(PLE.lastrow)-ROW(PLE.firstrow))),0,IF(OFFSET(PLE!$G$14,$M81,BB$13)=\"\",10^12,OFFSET(PLE!$G$14,$M81,BB$13))))","v":1000000000000},{"$f":"IF($D81<>\"Serviço\",0,IF(OR(AND(AUTOEVENTO=\"Manual\",$M81=1),$M81>(ROW(PLE.lastrow)-ROW(PLE.firstrow))),0,IF(OFFSET(PLE!$G$14,$M81,BC$13)=\"\",10^12,OFFSET(PLE!$G$14,$M81,BC$13))))","v":1000000000000},{"$f":"IF($D81<>\"Serviço\",0,IF(OR(AND(AUTOEVENTO=\"Manual\",$M81=1),$M81>(ROW(PLE.lastrow)-ROW(PLE.firstrow))),0,IF(OFFSET(PLE!$G$14,$M81,BD$13)=\"\",10^12,OFFSET(PLE!$G$14,$M81,BD$13))))","v":1000000000000},{"$f":"IF($D81<>\"Serviço\",0,IF(OR(AND(AUTOEVENTO=\"Manual\",$M81=1),$M81>(ROW(PLE.lastrow)-ROW(PLE.firstrow))),0,IF(OFFSET(PLE!$G$14,$M81,BE$13)=\"\",10^12,OFFSET(PLE!$G$14,$M81,BE$13))))","v":1000000000000},{"$f":"IF($D81<>\"Serviço\",0,IF(OR(AND(AUTOEVENTO=\"Manual\",$M81=1),$M81>(ROW(PLE.lastrow)-ROW(PLE.firstrow))),0,IF(OFFSET(PLE!$G$14,$M81,BF$13)=\"\",10^12,OFFSET(PLE!$G$14,$M81,BF$13))))","v":1000000000000},{"$f":"IF($D81<>\"Serviço\",0,IF(OR(AND(AUTOEVENTO=\"Manual\",$M81=1),$M81>(ROW(PLE.lastrow)-ROW(PLE.firstrow))),0,IF(OFFSET(PLE!$G$14,$M81,BG$13)=\"\",10^12,OFFSET(PLE!$G$14,$M81,BG$13))))","v":1000000000000}]
[{"$f":"IF(AUTOEVENTO=\"Manual\",IF(K82<>\"\",MIN(VALUE(LEFT(K82,FIND(\".\",K82)-1)),COUNTA(EVENTOS.Lista)),0),IF(OR($B82>AUTOEVENTO,$B82=\"S\",$B82=0),SUBSTITUTE(OFFSET($A82,-1,0),IF($D82=\"Serviço\",\".\",\"\"),\"\"),ROW(A82)-ROW($A$15)&\".\"))","v":"60"},{"$f":"OFFSET(ORÇAMENTO!C$15,ROW(B82)-ROW(B$15),0)","v":"S"},{"$f":"OFFSET(ORÇAMENTO!L$15,ROW(C82)-ROW(C$15),0)","v":"F"},{"$f":"OFFSET(ORÇAMENTO!N$15,ROW(D82)-ROW(D$15),0)","v":"Serviço"},{"$f":"OFFSET(ORÇAMENTO!O$15,ROW(E82)-ROW(E$15),0)","v":"1.7.7."},{"$f":"OFFSET(ORÇAMENTO!R$15,ROW(F82)-ROW(F$15),0)","v":"TOALHEIRO PLASTICO TIPO DISPENSER PARA PAPEL TOALHA INTERFOLHADO"},{"$f":"IF($D82<>\"Serviço\",\"\",OFFSET(ORÇAMENTO!S$15,ROW(G82)-ROW(G$15),0))","v":"UN    "},{"$f":"IF($D82<>\"Serviço\",0,IF(ACOMPANHAMENTO=\"BM\",ROUND(OFFSET(ORÇAMENTO!AJ$15,ROW(H82)-ROW(H$15),0),15-13*ORÇAMENTO!$AF$7),SUMPRODUCT(($Q$12:$AA$12<>\"\")*ROUND($Q82:$AA82,15-13*ORÇAMENTO!$AF$7))))","v":2},null,null,null,".",{"$f":"IF($D82<>\"Serviço\",\"\",IF(AUTOEVENTO=\"manual\",$A82,IF(ISERROR(MATCH($A82,$A$15:OFFSET($A82,-1,0),0)),MAX($M$15:OFFSET(M82,-1,0))+1,INDEX($M$15:OFFSET(M82,-1,0),MATCH($A82,$A$15:OFFSET($A82,-1,0),0)))))","v":8},{"$f":"IF($D82<>\"Serviço\",\"\",IF(AUTOEVENTO=\"Manual\",IF($A82=0,\"<-- defina o número do agrupador\",OFFSET(EVENTOS!$D$14,$A82,0)),OFFSET($F$15,$A82,0)))","v":"APARELHOS SANITÁRIOS"},null,null,null,null,null,null,null,null,null,null,null,null,null,{"$f":"IF(AND($D82=\"Serviço\",AB$12<>0,$H82>0,OR(AUTOEVENTO<>\"manual\",$M82<>1)),ROUND(OFFSET($P82,0,AB$13),15-13*ORÇAMENTO!$AF$7)/$H82*OFFSET(ORÇAMENTO!$X$15,ROW(AB82)-ROW(AB$15),0),0)","v":0},{"$f":"IF(AND($D82=\"Serviço\",AC$12<>0,$H82>0,OR(AUTOEVENTO<>\"manual\",$M82<>1)),ROUND(OFFSET($P82,0,AC$13),15-13*ORÇAMENTO!$AF$7)/$H82*OFFSET(ORÇAMENTO!$X$15,ROW(AC82)-ROW(AC$15),0),0)","v":0},{"$f":"IF(AND($D82=\"Serviço\",AD$12<>0,$H82>0,OR(AUTOEVENTO<>\"manual\",$M82<>1)),ROUND(OFFSET($P82,0,AD$13),15-13*ORÇAMENTO!$AF$7)/$H82*OFFSET(ORÇAMENTO!$X$15,ROW(AD82)-ROW(AD$15),0),0)","v":0},{"$f":"IF(AND($D82=\"Serviço\",AE$12<>0,$H82>0,OR(AUTOEVENTO<>\"manual\",$M82<>1)),ROUND(OFFSET($P82,0,AE$13),15-13*ORÇAMENTO!$AF$7)/$H82*OFFSET(ORÇAMENTO!$X$15,ROW(AE82)-ROW(AE$15),0),0)","v":0},{"$f":"IF(AND($D82=\"Serviço\",AF$12<>0,$H82>0,OR(AUTOEVENTO<>\"manual\",$M82<>1)),ROUND(OFFSET($P82,0,AF$13),15-13*ORÇAMENTO!$AF$7)/$H82*OFFSET(ORÇAMENTO!$X$15,ROW(AF82)-ROW(AF$15),0),0)","v":0},{"$f":"IF(AND($D82=\"Serviço\",AG$12<>0,$H82>0,OR(AUTOEVENTO<>\"manual\",$M82<>1)),ROUND(OFFSET($P82,0,AG$13),15-13*ORÇAMENTO!$AF$7)/$H82*OFFSET(ORÇAMENTO!$X$15,ROW(AG82)-ROW(AG$15),0),0)","v":0},{"$f":"IF(AND($D82=\"Serviço\",AH$12<>0,$H82>0,OR(AUTOEVENTO<>\"manual\",$M82<>1)),ROUND(OFFSET($P82,0,AH$13),15-13*ORÇAMENTO!$AF$7)/$H82*OFFSET(ORÇAMENTO!$X$15,ROW(AH82)-ROW(AH$15),0),0)","v":0},{"$f":"IF(AND($D82=\"Serviço\",AI$12<>0,$H82>0,OR(AUTOEVENTO<>\"manual\",$M82<>1)),ROUND(OFFSET($P82,0,AI$13),15-13*ORÇAMENTO!$AF$7)/$H82*OFFSET(ORÇAMENTO!$X$15,ROW(AI82)-ROW(AI$15),0),0)","v":0},{"$f":"IF(AND($D82=\"Serviço\",AJ$12<>0,$H82>0,OR(AUTOEVENTO<>\"manual\",$M82<>1)),ROUND(OFFSET($P82,0,AJ$13),15-13*ORÇAMENTO!$AF$7)/$H82*OFFSET(ORÇAMENTO!$X$15,ROW(AJ82)-ROW(AJ$15),0),0)","v":0},{"$f":"IF(AND($D82=\"Serviço\",AK$12<>0,$H82>0,OR(AUTOEVENTO<>\"manual\",$M82<>1)),ROUND(OFFSET($P82,0,AK$13),15-13*ORÇAMENTO!$AF$7)/$H82*OFFSET(ORÇAMENTO!$X$15,ROW(AK82)-ROW(AK$15),0),0)","v":0},null,{"$f":"IF($D82<>\"Serviço\",0,IF(AND(AUTOEVENTO=\"Manual\",$M82=1),0,IF(OFFSET(CRONOPLE!$F$14,$M82,AM$13)=\"\",10^12,OFFSET(CRONOPLE!$F$14,$M82,AM$13))))","v":1000000000000},{"$f":"IF($D82<>\"Serviço\",0,IF(AND(AUTOEVENTO=\"Manual\",$M82=1),0,IF(OFFSET(CRONOPLE!$F$14,$M82,AN$13)=\"\",10^12,OFFSET(CRONOPLE!$F$14,$M82,AN$13))))","v":1000000000000},{"$f":"IF($D82<>\"Serviço\",0,IF(AND(AUTOEVENTO=\"Manual\",$M82=1),0,IF(OFFSET(CRONOPLE!$F$14,$M82,AO$13)=\"\",10^12,OFFSET(CRONOPLE!$F$14,$M82,AO$13))))","v":1000000000000},{"$f":"IF($D82<>\"Serviço\",0,IF(AND(AUTOEVENTO=\"Manual\",$M82=1),0,IF(OFFSET(CRONOPLE!$F$14,$M82,AP$13)=\"\",10^12,OFFSET(CRONOPLE!$F$14,$M82,AP$13))))","v":1000000000000},{"$f":"IF($D82<>\"Serviço\",0,IF(AND(AUTOEVENTO=\"Manual\",$M82=1),0,IF(OFFSET(CRONOPLE!$F$14,$M82,AQ$13)=\"\",10^12,OFFSET(CRONOPLE!$F$14,$M82,AQ$13))))","v":1000000000000},{"$f":"IF($D82<>\"Serviço\",0,IF(AND(AUTOEVENTO=\"Manual\",$M82=1),0,IF(OFFSET(CRONOPLE!$F$14,$M82,AR$13)=\"\",10^12,OFFSET(CRONOPLE!$F$14,$M82,AR$13))))","v":1000000000000},{"$f":"IF($D82<>\"Serviço\",0,IF(AND(AUTOEVENTO=\"Manual\",$M82=1),0,IF(OFFSET(CRONOPLE!$F$14,$M82,AS$13)=\"\",10^12,OFFSET(CRONOPLE!$F$14,$M82,AS$13))))","v":1000000000000},{"$f":"IF($D82<>\"Serviço\",0,IF(AND(AUTOEVENTO=\"Manual\",$M82=1),0,IF(OFFSET(CRONOPLE!$F$14,$M82,AT$13)=\"\",10^12,OFFSET(CRONOPLE!$F$14,$M82,AT$13))))","v":1000000000000},{"$f":"IF($D82<>\"Serviço\",0,IF(AND(AUTOEVENTO=\"Manual\",$M82=1),0,IF(OFFSET(CRONOPLE!$F$14,$M82,AU$13)=\"\",10^12,OFFSET(CRONOPLE!$F$14,$M82,AU$13))))","v":1000000000000},{"$f":"IF($D82<>\"Serviço\",0,IF(AND(AUTOEVENTO=\"Manual\",$M82=1),0,IF(OFFSET(CRONOPLE!$F$14,$M82,AV$13)=\"\",10^12,OFFSET(CRONOPLE!$F$14,$M82,AV$13))))","v":1000000000000},null,{"$f":"IF($D82<>\"Serviço\",0,IF(OR(AND(AUTOEVENTO=\"Manual\",$M82=1),$M82>(ROW(PLE.lastrow)-ROW(PLE.firstrow))),0,IF(OFFSET(PLE!$G$14,$M82,AX$13)=\"\",10^12,OFFSET(PLE!$G$14,$M82,AX$13))))","v":1000000000000},{"$f":"IF($D82<>\"Serviço\",0,IF(OR(AND(AUTOEVENTO=\"Manual\",$M82=1),$M82>(ROW(PLE.lastrow)-ROW(PLE.firstrow))),0,IF(OFFSET(PLE!$G$14,$M82,AY$13)=\"\",10^12,OFFSET(PLE!$G$14,$M82,AY$13))))","v":1000000000000},{"$f":"IF($D82<>\"Serviço\",0,IF(OR(AND(AUTOEVENTO=\"Manual\",$M82=1),$M82>(ROW(PLE.lastrow)-ROW(PLE.firstrow))),0,IF(OFFSET(PLE!$G$14,$M82,AZ$13)=\"\",10^12,OFFSET(PLE!$G$14,$M82,AZ$13))))","v":1000000000000},{"$f":"IF($D82<>\"Serviço\",0,IF(OR(AND(AUTOEVENTO=\"Manual\",$M82=1),$M82>(ROW(PLE.lastrow)-ROW(PLE.firstrow))),0,IF(OFFSET(PLE!$G$14,$M82,BA$13)=\"\",10^12,OFFSET(PLE!$G$14,$M82,BA$13))))","v":1000000000000},{"$f":"IF($D82<>\"Serviço\",0,IF(OR(AND(AUTOEVENTO=\"Manual\",$M82=1),$M82>(ROW(PLE.lastrow)-ROW(PLE.firstrow))),0,IF(OFFSET(PLE!$G$14,$M82,BB$13)=\"\",10^12,OFFSET(PLE!$G$14,$M82,BB$13))))","v":1000000000000},{"$f":"IF($D82<>\"Serviço\",0,IF(OR(AND(AUTOEVENTO=\"Manual\",$M82=1),$M82>(ROW(PLE.lastrow)-ROW(PLE.firstrow))),0,IF(OFFSET(PLE!$G$14,$M82,BC$13)=\"\",10^12,OFFSET(PLE!$G$14,$M82,BC$13))))","v":1000000000000},{"$f":"IF($D82<>\"Serviço\",0,IF(OR(AND(AUTOEVENTO=\"Manual\",$M82=1),$M82>(ROW(PLE.lastrow)-ROW(PLE.firstrow))),0,IF(OFFSET(PLE!$G$14,$M82,BD$13)=\"\",10^12,OFFSET(PLE!$G$14,$M82,BD$13))))","v":1000000000000},{"$f":"IF($D82<>\"Serviço\",0,IF(OR(AND(AUTOEVENTO=\"Manual\",$M82=1),$M82>(ROW(PLE.lastrow)-ROW(PLE.firstrow))),0,IF(OFFSET(PLE!$G$14,$M82,BE$13)=\"\",10^12,OFFSET(PLE!$G$14,$M82,BE$13))))","v":1000000000000},{"$f":"IF($D82<>\"Serviço\",0,IF(OR(AND(AUTOEVENTO=\"Manual\",$M82=1),$M82>(ROW(PLE.lastrow)-ROW(PLE.firstrow))),0,IF(OFFSET(PLE!$G$14,$M82,BF$13)=\"\",10^12,OFFSET(PLE!$G$14,$M82,BF$13))))","v":1000000000000},{"$f":"IF($D82<>\"Serviço\",0,IF(OR(AND(AUTOEVENTO=\"Manual\",$M82=1),$M82>(ROW(PLE.lastrow)-ROW(PLE.firstrow))),0,IF(OFFSET(PLE!$G$14,$M82,BG$13)=\"\",10^12,OFFSET(PLE!$G$14,$M82,BG$13))))","v":1000000000000}]
["60",{"$f":"OFFSET(ORÇAMENTO!C$15,ROW(B83)-ROW(B$15),0)","v":"S"},{"$f":"OFFSET(ORÇAMENTO!L$15,ROW(C83)-ROW(C$15),0)","v":"F"},{"$f":"OFFSET(ORÇAMENTO!N$15,ROW(D83)-ROW(D$15),0)","v":"Serviço"},{"$f":"OFFSET(ORÇAMENTO!O$15,ROW(E83)-ROW(E$15),0)","v":"1.7.8."},{"$f":"OFFSET(ORÇAMENTO!R$15,ROW(F83)-ROW(F$15),0)","v":"SABONETEIRA PLASTICA TIPO DISPENSER PARA SABONETE LIQUIDO COM RESERVATORIO 800 A 1500 ML"},{"$f":"IF($D83<>\"Serviço\",\"\",OFFSET(ORÇAMENTO!S$15,ROW(G83)-ROW(G$15),0))","v":"UN    "},{"$f":"IF($D83<>\"Serviço\",0,IF(ACOMPANHAMENTO=\"BM\",ROUND(OFFSET(ORÇAMENTO!AJ$15,ROW(H83)-ROW(H$15),0),15-13*ORÇAMENTO!$AF$7),SUMPRODUCT(($Q$12:$AA$12<>\"\")*ROUND($Q83:$AA83,15-13*ORÇAMENTO!$AF$7))))","v":2},null,null,null,".",{"$f":"IF($D83<>\"Serviço\",\"\",IF(AUTOEVENTO=\"manual\",$A83,IF(ISERROR(MATCH($A83,$A$15:OFFSET($A83,-1,0),0)),MAX($M$15:OFFSET(M83,-1,0))+1,INDEX($M$15:OFFSET(M83,-1,0),MATCH($A83,$A$15:OFFSET($A83,-1,0),0)))))","v":8},{"$f":"IF($D83<>\"Serviço\",\"\",IF(AUTOEVENTO=\"Manual\",IF($A83=0,\"<-- defina o número do agrupador\",OFFSET(EVENTOS!$D$14,$A83,0)),OFFSET($F$15,$A83,0)))","v":"APARELHOS SANITÁRIOS"},null,null,null,null,null,null,null,null,null,null,null,null,null,{"$f":"IF(AND($D83=\"Serviço\",AB$12<>0,$H83>0,OR(AUTOEVENTO<>\"manual\",$M83<>1)),ROUND(OFFSET($P83,0,AB$13),15-13*ORÇAMENTO!$AF$7)/$H83*OFFSET(ORÇAMENTO!$X$15,ROW(AB83)-ROW(AB$15),0),0)","v":0},{"$f":"IF(AND($D83=\"Serviço\",AC$12<>0,$H83>0,OR(AUTOEVENTO<>\"manual\",$M83<>1)),ROUND(OFFSET($P83,0,AC$13),15-13*ORÇAMENTO!$AF$7)/$H83*OFFSET(ORÇAMENTO!$X$15,ROW(AC83)-ROW(AC$15),0),0)","v":0},{"$f":"IF(AND($D83=\"Serviço\",AD$12<>0,$H83>0,OR(AUTOEVENTO<>\"manual\",$M83<>1)),ROUND(OFFSET($P83,0,AD$13),15-13*ORÇAMENTO!$AF$7)/$H83*OFFSET(ORÇAMENTO!$X$15,ROW(AD83)-ROW(AD$15),0),0)","v":0},{"$f":"IF(AND($D83=\"Serviço\",AE$12<>0,$H83>0,OR(AUTOEVENTO<>\"manual\",$M83<>1)),ROUND(OFFSET($P83,0,AE$13),15-13*ORÇAMENTO!$AF$7)/$H83*OFFSET(ORÇAMENTO!$X$15,ROW(AE83)-ROW(AE$15),0),0)","v":0},{"$f":"IF(AND($D83=\"Serviço\",AF$12<>0,$H83>0,OR(AUTOEVENTO<>\"manual\",$M83<>1)),ROUND(OFFSET($P83,0,AF$13),15-13*ORÇAMENTO!$AF$7)/$H83*OFFSET(ORÇAMENTO!$X$15,ROW(AF83)-ROW(AF$15),0),0)","v":0},{"$f":"IF(AND($D83=\"Serviço\",AG$12<>0,$H83>0,OR(AUTOEVENTO<>\"manual\",$M83<>1)),ROUND(OFFSET($P83,0,AG$13),15-13*ORÇAMENTO!$AF$7)/$H83*OFFSET(ORÇAMENTO!$X$15,ROW(AG83)-ROW(AG$15),0),0)","v":0},{"$f":"IF(AND($D83=\"Serviço\",AH$12<>0,$H83>0,OR(AUTOEVENTO<>\"manual\",$M83<>1)),ROUND(OFFSET($P83,0,AH$13),15-13*ORÇAMENTO!$AF$7)/$H83*OFFSET(ORÇAMENTO!$X$15,ROW(AH83)-ROW(AH$15),0),0)","v":0},{"$f":"IF(AND($D83=\"Serviço\",AI$12<>0,$H83>0,OR(AUTOEVENTO<>\"manual\",$M83<>1)),ROUND(OFFSET($P83,0,AI$13),15-13*ORÇAMENTO!$AF$7)/$H83*OFFSET(ORÇAMENTO!$X$15,ROW(AI83)-ROW(AI$15),0),0)","v":0},{"$f":"IF(AND($D83=\"Serviço\",AJ$12<>0,$H83>0,OR(AUTOEVENTO<>\"manual\",$M83<>1)),ROUND(OFFSET($P83,0,AJ$13),15-13*ORÇAMENTO!$AF$7)/$H83*OFFSET(ORÇAMENTO!$X$15,ROW(AJ83)-ROW(AJ$15),0),0)","v":0},{"$f":"IF(AND($D83=\"Serviço\",AK$12<>0,$H83>0,OR(AUTOEVENTO<>\"manual\",$M83<>1)),ROUND(OFFSET($P83,0,AK$13),15-13*ORÇAMENTO!$AF$7)/$H83*OFFSET(ORÇAMENTO!$X$15,ROW(AK83)-ROW(AK$15),0),0)","v":0},null,{"$f":"IF($D83<>\"Serviço\",0,IF(AND(AUTOEVENTO=\"Manual\",$M83=1),0,IF(OFFSET(CRONOPLE!$F$14,$M83,AM$13)=\"\",10^12,OFFSET(CRONOPLE!$F$14,$M83,AM$13))))","v":1000000000000},{"$f":"IF($D83<>\"Serviço\",0,IF(AND(AUTOEVENTO=\"Manual\",$M83=1),0,IF(OFFSET(CRONOPLE!$F$14,$M83,AN$13)=\"\",10^12,OFFSET(CRONOPLE!$F$14,$M83,AN$13))))","v":1000000000000},{"$f":"IF($D83<>\"Serviço\",0,IF(AND(AUTOEVENTO=\"Manual\",$M83=1),0,IF(OFFSET(CRONOPLE!$F$14,$M83,AO$13)=\"\",10^12,OFFSET(CRONOPLE!$F$14,$M83,AO$13))))","v":1000000000000},{"$f":"IF($D83<>\"Serviço\",0,IF(AND(AUTOEVENTO=\"Manual\",$M83=1),0,IF(OFFSET(CRONOPLE!$F$14,$M83,AP$13)=\"\",10^12,OFFSET(CRONOPLE!$F$14,$M83,AP$13))))","v":1000000000000},{"$f":"IF($D83<>\"Serviço\",0,IF(AND(AUTOEVENTO=\"Manual\",$M83=1),0,IF(OFFSET(CRONOPLE!$F$14,$M83,AQ$13)=\"\",10^12,OFFSET(CRONOPLE!$F$14,$M83,AQ$13))))","v":1000000000000},{"$f":"IF($D83<>\"Serviço\",0,IF(AND(AUTOEVENTO=\"Manual\",$M83=1),0,IF(OFFSET(CRONOPLE!$F$14,$M83,AR$13)=\"\",10^12,OFFSET(CRONOPLE!$F$14,$M83,AR$13))))","v":1000000000000},{"$f":"IF($D83<>\"Serviço\",0,IF(AND(AUTOEVENTO=\"Manual\",$M83=1),0,IF(OFFSET(CRONOPLE!$F$14,$M83,AS$13)=\"\",10^12,OFFSET(CRONOPLE!$F$14,$M83,AS$13))))","v":1000000000000},{"$f":"IF($D83<>\"Serviço\",0,IF(AND(AUTOEVENTO=\"Manual\",$M83=1),0,IF(OFFSET(CRONOPLE!$F$14,$M83,AT$13)=\"\",10^12,OFFSET(CRONOPLE!$F$14,$M83,AT$13))))","v":1000000000000},{"$f":"IF($D83<>\"Serviço\",0,IF(AND(AUTOEVENTO=\"Manual\",$M83=1),0,IF(OFFSET(CRONOPLE!$F$14,$M83,AU$13)=\"\",10^12,OFFSET(CRONOPLE!$F$14,$M83,AU$13))))","v":1000000000000},{"$f":"IF($D83<>\"Serviço\",0,IF(AND(AUTOEVENTO=\"Manual\",$M83=1),0,IF(OFFSET(CRONOPLE!$F$14,$M83,AV$13)=\"\",10^12,OFFSET(CRONOPLE!$F$14,$M83,AV$13))))","v":1000000000000},null,{"$f":"IF($D83<>\"Serviço\",0,IF(OR(AND(AUTOEVENTO=\"Manual\",$M83=1),$M83>(ROW(PLE.lastrow)-ROW(PLE.firstrow))),0,IF(OFFSET(PLE!$G$14,$M83,AX$13)=\"\",10^12,OFFSET(PLE!$G$14,$M83,AX$13))))","v":1000000000000},{"$f":"IF($D83<>\"Serviço\",0,IF(OR(AND(AUTOEVENTO=\"Manual\",$M83=1),$M83>(ROW(PLE.lastrow)-ROW(PLE.firstrow))),0,IF(OFFSET(PLE!$G$14,$M83,AY$13)=\"\",10^12,OFFSET(PLE!$G$14,$M83,AY$13))))","v":1000000000000},{"$f":"IF($D83<>\"Serviço\",0,IF(OR(AND(AUTOEVENTO=\"Manual\",$M83=1),$M83>(ROW(PLE.lastrow)-ROW(PLE.firstrow))),0,IF(OFFSET(PLE!$G$14,$M83,AZ$13)=\"\",10^12,OFFSET(PLE!$G$14,$M83,AZ$13))))","v":1000000000000},{"$f":"IF($D83<>\"Serviço\",0,IF(OR(AND(AUTOEVENTO=\"Manual\",$M83=1),$M83>(ROW(PLE.lastrow)-ROW(PLE.firstrow))),0,IF(OFFSET(PLE!$G$14,$M83,BA$13)=\"\",10^12,OFFSET(PLE!$G$14,$M83,BA$13))))","v":1000000000000},{"$f":"IF($D83<>\"Serviço\",0,IF(OR(AND(AUTOEVENTO=\"Manual\",$M83=1),$M83>(ROW(PLE.lastrow)-ROW(PLE.firstrow))),0,IF(OFFSET(PLE!$G$14,$M83,BB$13)=\"\",10^12,OFFSET(PLE!$G$14,$M83,BB$13))))","v":1000000000000},{"$f":"IF($D83<>\"Serviço\",0,IF(OR(AND(AUTOEVENTO=\"Manual\",$M83=1),$M83>(ROW(PLE.lastrow)-ROW(PLE.firstrow))),0,IF(OFFSET(PLE!$G$14,$M83,BC$13)=\"\",10^12,OFFSET(PLE!$G$14,$M83,BC$13))))","v":1000000000000},{"$f":"IF($D83<>\"Serviço\",0,IF(OR(AND(AUTOEVENTO=\"Manual\",$M83=1),$M83>(ROW(PLE.lastrow)-ROW(PLE.firstrow))),0,IF(OFFSET(PLE!$G$14,$M83,BD$13)=\"\",10^12,OFFSET(PLE!$G$14,$M83,BD$13))))","v":1000000000000},{"$f":"IF($D83<>\"Serviço\",0,IF(OR(AND(AUTOEVENTO=\"Manual\",$M83=1),$M83>(ROW(PLE.lastrow)-ROW(PLE.firstrow))),0,IF(OFFSET(PLE!$G$14,$M83,BE$13)=\"\",10^12,OFFSET(PLE!$G$14,$M83,BE$13))))","v":1000000000000},{"$f":"IF($D83<>\"Serviço\",0,IF(OR(AND(AUTOEVENTO=\"Manual\",$M83=1),$M83>(ROW(PLE.lastrow)-ROW(PLE.firstrow))),0,IF(OFFSET(PLE!$G$14,$M83,BF$13)=\"\",10^12,OFFSET(PLE!$G$14,$M83,BF$13))))","v":1000000000000},{"$f":"IF($D83<>\"Serviço\",0,IF(OR(AND(AUTOEVENTO=\"Manual\",$M83=1),$M83>(ROW(PLE.lastrow)-ROW(PLE.firstrow))),0,IF(OFFSET(PLE!$G$14,$M83,BG$13)=\"\",10^12,OFFSET(PLE!$G$14,$M83,BG$13))))","v":1000000000000}]
["60",{"$f":"OFFSET(ORÇAMENTO!C$15,ROW(B84)-ROW(B$15),0)","v":"S"},{"$f":"OFFSET(ORÇAMENTO!L$15,ROW(C84)-ROW(C$15),0)","v":"F"},{"$f":"OFFSET(ORÇAMENTO!N$15,ROW(D84)-ROW(D$15),0)","v":"Serviço"},{"$f":"OFFSET(ORÇAMENTO!O$15,ROW(E84)-ROW(E$15),0)","v":"1.7.9."},{"$f":"OFFSET(ORÇAMENTO!R$15,ROW(F84)-ROW(F$15),0)","v":"CABIDE/GANCHO DE BANHEIRO SIMPLES EM METAL CROMADO"},{"$f":"IF($D84<>\"Serviço\",\"\",OFFSET(ORÇAMENTO!S$15,ROW(G84)-ROW(G$15),0))","v":"UN    "},{"$f":"IF($D84<>\"Serviço\",0,IF(ACOMPANHAMENTO=\"BM\",ROUND(OFFSET(ORÇAMENTO!AJ$15,ROW(H84)-ROW(H$15),0),15-13*ORÇAMENTO!$AF$7),SUMPRODUCT(($Q$12:$AA$12<>\"\")*ROUND($Q84:$AA84,15-13*ORÇAMENTO!$AF$7))))","v":2},null,null,null,".",{"$f":"IF($D84<>\"Serviço\",\"\",IF(AUTOEVENTO=\"manual\",$A84,IF(ISERROR(MATCH($A84,$A$15:OFFSET($A84,-1,0),0)),MAX($M$15:OFFSET(M84,-1,0))+1,INDEX($M$15:OFFSET(M84,-1,0),MATCH($A84,$A$15:OFFSET($A84,-1,0),0)))))","v":8},{"$f":"IF($D84<>\"Serviço\",\"\",IF(AUTOEVENTO=\"Manual\",IF($A84=0,\"<-- defina o número do agrupador\",OFFSET(EVENTOS!$D$14,$A84,0)),OFFSET($F$15,$A84,0)))","v":"APARELHOS SANITÁRIOS"},null,null,null,null,null,null,null,null,null,null,null,null,null,{"$f":"IF(AND($D84=\"Serviço\",AB$12<>0,$H84>0,OR(AUTOEVENTO<>\"manual\",$M84<>1)),ROUND(OFFSET($P84,0,AB$13),15-13*ORÇAMENTO!$AF$7)/$H84*OFFSET(ORÇAMENTO!$X$15,ROW(AB84)-ROW(AB$15),0),0)","v":0},{"$f":"IF(AND($D84=\"Serviço\",AC$12<>0,$H84>0,OR(AUTOEVENTO<>\"manual\",$M84<>1)),ROUND(OFFSET($P84,0,AC$13),15-13*ORÇAMENTO!$AF$7)/$H84*OFFSET(ORÇAMENTO!$X$15,ROW(AC84)-ROW(AC$15),0),0)","v":0},{"$f":"IF(AND($D84=\"Serviço\",AD$12<>0,$H84>0,OR(AUTOEVENTO<>\"manual\",$M84<>1)),ROUND(OFFSET($P84,0,AD$13),15-13*ORÇAMENTO!$AF$7)/$H84*OFFSET(ORÇAMENTO!$X$15,ROW(AD84)-ROW(AD$15),0),0)","v":0},{"$f":"IF(AND($D84=\"Serviço\",AE$12<>0,$H84>0,OR(AUTOEVENTO<>\"manual\",$M84<>1)),ROUND(OFFSET($P84,0,AE$13),15-13*ORÇAMENTO!$AF$7)/$H84*OFFSET(ORÇAMENTO!$X$15,ROW(AE84)-ROW(AE$15),0),0)","v":0},{"$f":"IF(AND($D84=\"Serviço\",AF$12<>0,$H84>0,OR(AUTOEVENTO<>\"manual\",$M84<>1)),ROUND(OFFSET($P84,0,AF$13),15-13*ORÇAMENTO!$AF$7)/$H84*OFFSET(ORÇAMENTO!$X$15,ROW(AF84)-ROW(AF$15),0),0)","v":0},{"$f":"IF(AND($D84=\"Serviço\",AG$12<>0,$H84>0,OR(AUTOEVENTO<>\"manual\",$M84<>1)),ROUND(OFFSET($P84,0,AG$13),15-13*ORÇAMENTO!$AF$7)/$H84*OFFSET(ORÇAMENTO!$X$15,ROW(AG84)-ROW(AG$15),0),0)","v":0},{"$f":"IF(AND($D84=\"Serviço\",AH$12<>0,$H84>0,OR(AUTOEVENTO<>\"manual\",$M84<>1)),ROUND(OFFSET($P84,0,AH$13),15-13*ORÇAMENTO!$AF$7)/$H84*OFFSET(ORÇAMENTO!$X$15,ROW(AH84)-ROW(AH$15),0),0)","v":0},{"$f":"IF(AND($D84=\"Serviço\",AI$12<>0,$H84>0,OR(AUTOEVENTO<>\"manual\",$M84<>1)),ROUND(OFFSET($P84,0,AI$13),15-13*ORÇAMENTO!$AF$7)/$H84*OFFSET(ORÇAMENTO!$X$15,ROW(AI84)-ROW(AI$15),0),0)","v":0},{"$f":"IF(AND($D84=\"Serviço\",AJ$12<>0,$H84>0,OR(AUTOEVENTO<>\"manual\",$M84<>1)),ROUND(OFFSET($P84,0,AJ$13),15-13*ORÇAMENTO!$AF$7)/$H84*OFFSET(ORÇAMENTO!$X$15,ROW(AJ84)-ROW(AJ$15),0),0)","v":0},{"$f":"IF(AND($D84=\"Serviço\",AK$12<>0,$H84>0,OR(AUTOEVENTO<>\"manual\",$M84<>1)),ROUND(OFFSET($P84,0,AK$13),15-13*ORÇAMENTO!$AF$7)/$H84*OFFSET(ORÇAMENTO!$X$15,ROW(AK84)-ROW(AK$15),0),0)","v":0},null,{"$f":"IF($D84<>\"Serviço\",0,IF(AND(AUTOEVENTO=\"Manual\",$M84=1),0,IF(OFFSET(CRONOPLE!$F$14,$M84,AM$13)=\"\",10^12,OFFSET(CRONOPLE!$F$14,$M84,AM$13))))","v":1000000000000},{"$f":"IF($D84<>\"Serviço\",0,IF(AND(AUTOEVENTO=\"Manual\",$M84=1),0,IF(OFFSET(CRONOPLE!$F$14,$M84,AN$13)=\"\",10^12,OFFSET(CRONOPLE!$F$14,$M84,AN$13))))","v":1000000000000},{"$f":"IF($D84<>\"Serviço\",0,IF(AND(AUTOEVENTO=\"Manual\",$M84=1),0,IF(OFFSET(CRONOPLE!$F$14,$M84,AO$13)=\"\",10^12,OFFSET(CRONOPLE!$F$14,$M84,AO$13))))","v":1000000000000},{"$f":"IF($D84<>\"Serviço\",0,IF(AND(AUTOEVENTO=\"Manual\",$M84=1),0,IF(OFFSET(CRONOPLE!$F$14,$M84,AP$13)=\"\",10^12,OFFSET(CRONOPLE!$F$14,$M84,AP$13))))","v":1000000000000},{"$f":"IF($D84<>\"Serviço\",0,IF(AND(AUTOEVENTO=\"Manual\",$M84=1),0,IF(OFFSET(CRONOPLE!$F$14,$M84,AQ$13)=\"\",10^12,OFFSET(CRONOPLE!$F$14,$M84,AQ$13))))","v":1000000000000},{"$f":"IF($D84<>\"Serviço\",0,IF(AND(AUTOEVENTO=\"Manual\",$M84=1),0,IF(OFFSET(CRONOPLE!$F$14,$M84,AR$13)=\"\",10^12,OFFSET(CRONOPLE!$F$14,$M84,AR$13))))","v":1000000000000},{"$f":"IF($D84<>\"Serviço\",0,IF(AND(AUTOEVENTO=\"Manual\",$M84=1),0,IF(OFFSET(CRONOPLE!$F$14,$M84,AS$13)=\"\",10^12,OFFSET(CRONOPLE!$F$14,$M84,AS$13))))","v":1000000000000},{"$f":"IF($D84<>\"Serviço\",0,IF(AND(AUTOEVENTO=\"Manual\",$M84=1),0,IF(OFFSET(CRONOPLE!$F$14,$M84,AT$13)=\"\",10^12,OFFSET(CRONOPLE!$F$14,$M84,AT$13))))","v":1000000000000},{"$f":"IF($D84<>\"Serviço\",0,IF(AND(AUTOEVENTO=\"Manual\",$M84=1),0,IF(OFFSET(CRONOPLE!$F$14,$M84,AU$13)=\"\",10^12,OFFSET(CRONOPLE!$F$14,$M84,AU$13))))","v":1000000000000},{"$f":"IF($D84<>\"Serviço\",0,IF(AND(AUTOEVENTO=\"Manual\",$M84=1),0,IF(OFFSET(CRONOPLE!$F$14,$M84,AV$13)=\"\",10^12,OFFSET(CRONOPLE!$F$14,$M84,AV$13))))","v":1000000000000},null,{"$f":"IF($D84<>\"Serviço\",0,IF(OR(AND(AUTOEVENTO=\"Manual\",$M84=1),$M84>(ROW(PLE.lastrow)-ROW(PLE.firstrow))),0,IF(OFFSET(PLE!$G$14,$M84,AX$13)=\"\",10^12,OFFSET(PLE!$G$14,$M84,AX$13))))","v":1000000000000},{"$f":"IF($D84<>\"Serviço\",0,IF(OR(AND(AUTOEVENTO=\"Manual\",$M84=1),$M84>(ROW(PLE.lastrow)-ROW(PLE.firstrow))),0,IF(OFFSET(PLE!$G$14,$M84,AY$13)=\"\",10^12,OFFSET(PLE!$G$14,$M84,AY$13))))","v":1000000000000},{"$f":"IF($D84<>\"Serviço\",0,IF(OR(AND(AUTOEVENTO=\"Manual\",$M84=1),$M84>(ROW(PLE.lastrow)-ROW(PLE.firstrow))),0,IF(OFFSET(PLE!$G$14,$M84,AZ$13)=\"\",10^12,OFFSET(PLE!$G$14,$M84,AZ$13))))","v":1000000000000},{"$f":"IF($D84<>\"Serviço\",0,IF(OR(AND(AUTOEVENTO=\"Manual\",$M84=1),$M84>(ROW(PLE.lastrow)-ROW(PLE.firstrow))),0,IF(OFFSET(PLE!$G$14,$M84,BA$13)=\"\",10^12,OFFSET(PLE!$G$14,$M84,BA$13))))","v":1000000000000},{"$f":"IF($D84<>\"Serviço\",0,IF(OR(AND(AUTOEVENTO=\"Manual\",$M84=1),$M84>(ROW(PLE.lastrow)-ROW(PLE.firstrow))),0,IF(OFFSET(PLE!$G$14,$M84,BB$13)=\"\",10^12,OFFSET(PLE!$G$14,$M84,BB$13))))","v":1000000000000},{"$f":"IF($D84<>\"Serviço\",0,IF(OR(AND(AUTOEVENTO=\"Manual\",$M84=1),$M84>(ROW(PLE.lastrow)-ROW(PLE.firstrow))),0,IF(OFFSET(PLE!$G$14,$M84,BC$13)=\"\",10^12,OFFSET(PLE!$G$14,$M84,BC$13))))","v":1000000000000},{"$f":"IF($D84<>\"Serviço\",0,IF(OR(AND(AUTOEVENTO=\"Manual\",$M84=1),$M84>(ROW(PLE.lastrow)-ROW(PLE.firstrow))),0,IF(OFFSET(PLE!$G$14,$M84,BD$13)=\"\",10^12,OFFSET(PLE!$G$14,$M84,BD$13))))","v":1000000000000},{"$f":"IF($D84<>\"Serviço\",0,IF(OR(AND(AUTOEVENTO=\"Manual\",$M84=1),$M84>(ROW(PLE.lastrow)-ROW(PLE.firstrow))),0,IF(OFFSET(PLE!$G$14,$M84,BE$13)=\"\",10^12,OFFSET(PLE!$G$14,$M84,BE$13))))","v":1000000000000},{"$f":"IF($D84<>\"Serviço\",0,IF(OR(AND(AUTOEVENTO=\"Manual\",$M84=1),$M84>(ROW(PLE.lastrow)-ROW(PLE.firstrow))),0,IF(OFFSET(PLE!$G$14,$M84,BF$13)=\"\",10^12,OFFSET(PLE!$G$14,$M84,BF$13))))","v":1000000000000},{"$f":"IF($D84<>\"Serviço\",0,IF(OR(AND(AUTOEVENTO=\"Manual\",$M84=1),$M84>(ROW(PLE.lastrow)-ROW(PLE.firstrow))),0,IF(OFFSET(PLE!$G$14,$M84,BG$13)=\"\",10^12,OFFSET(PLE!$G$14,$M84,BG$13))))","v":1000000000000}]
["60",{"$f":"OFFSET(ORÇAMENTO!C$15,ROW(B85)-ROW(B$15),0)","v":"S"},{"$f":"OFFSET(ORÇAMENTO!L$15,ROW(C85)-ROW(C$15),0)","v":"F"},{"$f":"OFFSET(ORÇAMENTO!N$15,ROW(D85)-ROW(D$15),0)","v":"Serviço"},{"$f":"OFFSET(ORÇAMENTO!O$15,ROW(E85)-ROW(E$15),0)","v":"1.7.10."},{"$f":"OFFSET(ORÇAMENTO!R$15,ROW(F85)-ROW(F$15),0)","v":"GRANITO PARA BANCADA, POLIDO, TIPO ANDORINHA/ QUARTZ/ CASTELO/ CORUMBA OU OUTROS EQUIVALENTES DA REGIÃO, E= 2,5 CM"},{"$f":"IF($D85<>\"Serviço\",\"\",OFFSET(ORÇAMENTO!S$15,ROW(G85)-ROW(G$15),0))","v":"M2    "},{"$f":"IF($D85<>\"Serviço\",0,IF(ACOMPANHAMENTO=\"BM\",ROUND(OFFSET(ORÇAMENTO!AJ$15,ROW(H85)-ROW(H$15),0),15-13*ORÇAMENTO!$AF$7),SUMPRODUCT(($Q$12:$AA$12<>\"\")*ROUND($Q85:$AA85,15-13*ORÇAMENTO!$AF$7))))","v":1.6},null,null,null,".",{"$f":"IF($D85<>\"Serviço\",\"\",IF(AUTOEVENTO=\"manual\",$A85,IF(ISERROR(MATCH($A85,$A$15:OFFSET($A85,-1,0),0)),MAX($M$15:OFFSET(M85,-1,0))+1,INDEX($M$15:OFFSET(M85,-1,0),MATCH($A85,$A$15:OFFSET($A85,-1,0),0)))))","v":8},{"$f":"IF($D85<>\"Serviço\",\"\",IF(AUTOEVENTO=\"Manual\",IF($A85=0,\"<-- defina o número do agrupador\",OFFSET(EVENTOS!$D$14,$A85,0)),OFFSET($F$15,$A85,0)))","v":"APARELHOS SANITÁRIOS"},null,null,null,null,null,null,null,null,null,null,null,null,null,{"$f":"IF(AND($D85=\"Serviço\",AB$12<>0,$H85>0,OR(AUTOEVENTO<>\"manual\",$M85<>1)),ROUND(OFFSET($P85,0,AB$13),15-13*ORÇAMENTO!$AF$7)/$H85*OFFSET(ORÇAMENTO!$X$15,ROW(AB85)-ROW(AB$15),0),0)","v":0},{"$f":"IF(AND($D85=\"Serviço\",AC$12<>0,$H85>0,OR(AUTOEVENTO<>\"manual\",$M85<>1)),ROUND(OFFSET($P85,0,AC$13),15-13*ORÇAMENTO!$AF$7)/$H85*OFFSET(ORÇAMENTO!$X$15,ROW(AC85)-ROW(AC$15),0),0)","v":0},{"$f":"IF(AND($D85=\"Serviço\",AD$12<>0,$H85>0,OR(AUTOEVENTO<>\"manual\",$M85<>1)),ROUND(OFFSET($P85,0,AD$13),15-13*ORÇAMENTO!$AF$7)/$H85*OFFSET(ORÇAMENTO!$X$15,ROW(AD85)-ROW(AD$15),0),0)","v":0},{"$f":"IF(AND($D85=\"Serviço\",AE$12<>0,$H85>0,OR(AUTOEVENTO<>\"manual\",$M85<>1)),ROUND(OFFSET($P85,0,AE$13),15-13*ORÇAMENTO!$AF$7)/$H85*OFFSET(ORÇAMENTO!$X$15,ROW(AE85)-ROW(AE$15),0),0)","v":0},{"$f":"IF(AND($D85=\"Serviço\",AF$12<>0,$H85>0,OR(AUTOEVENTO<>\"manual\",$M85<>1)),ROUND(OFFSET($P85,0,AF$13),15-13*ORÇAMENTO!$AF$7)/$H85*OFFSET(ORÇAMENTO!$X$15,ROW(AF85)-ROW(AF$15),0),0)","v":0},{"$f":"IF(AND($D85=\"Serviço\",AG$12<>0,$H85>0,OR(AUTOEVENTO<>\"manual\",$M85<>1)),ROUND(OFFSET($P85,0,AG$13),15-13*ORÇAMENTO!$AF$7)/$H85*OFFSET(ORÇAMENTO!$X$15,ROW(AG85)-ROW(AG$15),0),0)","v":0},{"$f":"IF(AND($D85=\"Serviço\",AH$12<>0,$H85>0,OR(AUTOEVENTO<>\"manual\",$M85<>1)),ROUND(OFFSET($P85,0,AH$13),15-13*ORÇAMENTO!$AF$7)/$H85*OFFSET(ORÇAMENTO!$X$15,ROW(AH85)-ROW(AH$15),0),0)","v":0},{"$f":"IF(AND($D85=\"Serviço\",AI$12<>0,$H85>0,OR(AUTOEVENTO<>\"manual\",$M85<>1)),ROUND(OFFSET($P85,0,AI$13),15-13*ORÇAMENTO!$AF$7)/$H85*OFFSET(ORÇAMENTO!$X$15,ROW(AI85)-ROW(AI$15),0),0)","v":0},{"$f":"IF(AND($D85=\"Serviço\",AJ$12<>0,$H85>0,OR(AUTOEVENTO<>\"manual\",$M85<>1)),ROUND(OFFSET($P85,0,AJ$13),15-13*ORÇAMENTO!$AF$7)/$H85*OFFSET(ORÇAMENTO!$X$15,ROW(AJ85)-ROW(AJ$15),0),0)","v":0},{"$f":"IF(AND($D85=\"Serviço\",AK$12<>0,$H85>0,OR(AUTOEVENTO<>\"manual\",$M85<>1)),ROUND(OFFSET($P85,0,AK$13),15-13*ORÇAMENTO!$AF$7)/$H85*OFFSET(ORÇAMENTO!$X$15,ROW(AK85)-ROW(AK$15),0),0)","v":0},null,{"$f":"IF($D85<>\"Serviço\",0,IF(AND(AUTOEVENTO=\"Manual\",$M85=1),0,IF(OFFSET(CRONOPLE!$F$14,$M85,AM$13)=\"\",10^12,OFFSET(CRONOPLE!$F$14,$M85,AM$13))))","v":1000000000000},{"$f":"IF($D85<>\"Serviço\",0,IF(AND(AUTOEVENTO=\"Manual\",$M85=1),0,IF(OFFSET(CRONOPLE!$F$14,$M85,AN$13)=\"\",10^12,OFFSET(CRONOPLE!$F$14,$M85,AN$13))))","v":1000000000000},{"$f":"IF($D85<>\"Serviço\",0,IF(AND(AUTOEVENTO=\"Manual\",$M85=1),0,IF(OFFSET(CRONOPLE!$F$14,$M85,AO$13)=\"\",10^12,OFFSET(CRONOPLE!$F$14,$M85,AO$13))))","v":1000000000000},{"$f":"IF($D85<>\"Serviço\",0,IF(AND(AUTOEVENTO=\"Manual\",$M85=1),0,IF(OFFSET(CRONOPLE!$F$14,$M85,AP$13)=\"\",10^12,OFFSET(CRONOPLE!$F$14,$M85,AP$13))))","v":1000000000000},{"$f":"IF($D85<>\"Serviço\",0,IF(AND(AUTOEVENTO=\"Manual\",$M85=1),0,IF(OFFSET(CRONOPLE!$F$14,$M85,AQ$13)=\"\",10^12,OFFSET(CRONOPLE!$F$14,$M85,AQ$13))))","v":1000000000000},{"$f":"IF($D85<>\"Serviço\",0,IF(AND(AUTOEVENTO=\"Manual\",$M85=1),0,IF(OFFSET(CRONOPLE!$F$14,$M85,AR$13)=\"\",10^12,OFFSET(CRONOPLE!$F$14,$M85,AR$13))))","v":1000000000000},{"$f":"IF($D85<>\"Serviço\",0,IF(AND(AUTOEVENTO=\"Manual\",$M85=1),0,IF(OFFSET(CRONOPLE!$F$14,$M85,AS$13)=\"\",10^12,OFFSET(CRONOPLE!$F$14,$M85,AS$13))))","v":1000000000000},{"$f":"IF($D85<>\"Serviço\",0,IF(AND(AUTOEVENTO=\"Manual\",$M85=1),0,IF(OFFSET(CRONOPLE!$F$14,$M85,AT$13)=\"\",10^12,OFFSET(CRONOPLE!$F$14,$M85,AT$13))))","v":1000000000000},{"$f":"IF($D85<>\"Serviço\",0,IF(AND(AUTOEVENTO=\"Manual\",$M85=1),0,IF(OFFSET(CRONOPLE!$F$14,$M85,AU$13)=\"\",10^12,OFFSET(CRONOPLE!$F$14,$M85,AU$13))))","v":1000000000000},{"$f":"IF($D85<>\"Serviço\",0,IF(AND(AUTOEVENTO=\"Manual\",$M85=1),0,IF(OFFSET(CRONOPLE!$F$14,$M85,AV$13)=\"\",10^12,OFFSET(CRONOPLE!$F$14,$M85,AV$13))))","v":1000000000000},null,{"$f":"IF($D85<>\"Serviço\",0,IF(OR(AND(AUTOEVENTO=\"Manual\",$M85=1),$M85>(ROW(PLE.lastrow)-ROW(PLE.firstrow))),0,IF(OFFSET(PLE!$G$14,$M85,AX$13)=\"\",10^12,OFFSET(PLE!$G$14,$M85,AX$13))))","v":1000000000000},{"$f":"IF($D85<>\"Serviço\",0,IF(OR(AND(AUTOEVENTO=\"Manual\",$M85=1),$M85>(ROW(PLE.lastrow)-ROW(PLE.firstrow))),0,IF(OFFSET(PLE!$G$14,$M85,AY$13)=\"\",10^12,OFFSET(PLE!$G$14,$M85,AY$13))))","v":1000000000000},{"$f":"IF($D85<>\"Serviço\",0,IF(OR(AND(AUTOEVENTO=\"Manual\",$M85=1),$M85>(ROW(PLE.lastrow)-ROW(PLE.firstrow))),0,IF(OFFSET(PLE!$G$14,$M85,AZ$13)=\"\",10^12,OFFSET(PLE!$G$14,$M85,AZ$13))))","v":1000000000000},{"$f":"IF($D85<>\"Serviço\",0,IF(OR(AND(AUTOEVENTO=\"Manual\",$M85=1),$M85>(ROW(PLE.lastrow)-ROW(PLE.firstrow))),0,IF(OFFSET(PLE!$G$14,$M85,BA$13)=\"\",10^12,OFFSET(PLE!$G$14,$M85,BA$13))))","v":1000000000000},{"$f":"IF($D85<>\"Serviço\",0,IF(OR(AND(AUTOEVENTO=\"Manual\",$M85=1),$M85>(ROW(PLE.lastrow)-ROW(PLE.firstrow))),0,IF(OFFSET(PLE!$G$14,$M85,BB$13)=\"\",10^12,OFFSET(PLE!$G$14,$M85,BB$13))))","v":1000000000000},{"$f":"IF($D85<>\"Serviço\",0,IF(OR(AND(AUTOEVENTO=\"Manual\",$M85=1),$M85>(ROW(PLE.lastrow)-ROW(PLE.firstrow))),0,IF(OFFSET(PLE!$G$14,$M85,BC$13)=\"\",10^12,OFFSET(PLE!$G$14,$M85,BC$13))))","v":1000000000000},{"$f":"IF($D85<>\"Serviço\",0,IF(OR(AND(AUTOEVENTO=\"Manual\",$M85=1),$M85>(ROW(PLE.lastrow)-ROW(PLE.firstrow))),0,IF(OFFSET(PLE!$G$14,$M85,BD$13)=\"\",10^12,OFFSET(PLE!$G$14,$M85,BD$13))))","v":1000000000000},{"$f":"IF($D85<>\"Serviço\",0,IF(OR(AND(AUTOEVENTO=\"Manual\",$M85=1),$M85>(ROW(PLE.lastrow)-ROW(PLE.firstrow))),0,IF(OFFSET(PLE!$G$14,$M85,BE$13)=\"\",10^12,OFFSET(PLE!$G$14,$M85,BE$13))))","v":1000000000000},{"$f":"IF($D85<>\"Serviço\",0,IF(OR(AND(AUTOEVENTO=\"Manual\",$M85=1),$M85>(ROW(PLE.lastrow)-ROW(PLE.firstrow))),0,IF(OFFSET(PLE!$G$14,$M85,BF$13)=\"\",10^12,OFFSET(PLE!$G$14,$M85,BF$13))))","v":1000000000000},{"$f":"IF($D85<>\"Serviço\",0,IF(OR(AND(AUTOEVENTO=\"Manual\",$M85=1),$M85>(ROW(PLE.lastrow)-ROW(PLE.firstrow))),0,IF(OFFSET(PLE!$G$14,$M85,BG$13)=\"\",10^12,OFFSET(PLE!$G$14,$M85,BG$13))))","v":1000000000000}]
["60",{"$f":"OFFSET(ORÇAMENTO!C$15,ROW(B86)-ROW(B$15),0)","v":"S"},{"$f":"OFFSET(ORÇAMENTO!L$15,ROW(C86)-ROW(C$15),0)","v":"F"},{"$f":"OFFSET(ORÇAMENTO!N$15,ROW(D86)-ROW(D$15),0)","v":"Serviço"},{"$f":"OFFSET(ORÇAMENTO!O$15,ROW(E86)-ROW(E$15),0)","v":"1.7.11."},{"$f":"OFFSET(ORÇAMENTO!R$15,ROW(F86)-ROW(F$15),0)","v":"ESPELHO CRISTAL E = 4 MM"},{"$f":"IF($D86<>\"Serviço\",\"\",OFFSET(ORÇAMENTO!S$15,ROW(G86)-ROW(G$15),0))","v":"M2    "},{"$f":"IF($D86<>\"Serviço\",0,IF(ACOMPANHAMENTO=\"BM\",ROUND(OFFSET(ORÇAMENTO!AJ$15,ROW(H86)-ROW(H$15),0),15-13*ORÇAMENTO!$AF$7),SUMPRODUCT(($Q$12:$AA$12<>\"\")*ROUND($Q86:$AA86,15-13*ORÇAMENTO!$AF$7))))","v":1.92},null,null,null,".",{"$f":"IF($D86<>\"Serviço\",\"\",IF(AUTOEVENTO=\"manual\",$A86,IF(ISERROR(MATCH($A86,$A$15:OFFSET($A86,-1,0),0)),MAX($M$15:OFFSET(M86,-1,0))+1,INDEX($M$15:OFFSET(M86,-1,0),MATCH($A86,$A$15:OFFSET($A86,-1,0),0)))))","v":8},{"$f":"IF($D86<>\"Serviço\",\"\",IF(AUTOEVENTO=\"Manual\",IF($A86=0,\"<-- defina o número do agrupador\",OFFSET(EVENTOS!$D$14,$A86,0)),OFFSET($F$15,$A86,0)))","v":"APARELHOS SANITÁRIOS"},null,null,null,null,null,null,null,null,null,null,null,null,null,{"$f":"IF(AND($D86=\"Serviço\",AB$12<>0,$H86>0,OR(AUTOEVENTO<>\"manual\",$M86<>1)),ROUND(OFFSET($P86,0,AB$13),15-13*ORÇAMENTO!$AF$7)/$H86*OFFSET(ORÇAMENTO!$X$15,ROW(AB86)-ROW(AB$15),0),0)","v":0},{"$f":"IF(AND($D86=\"Serviço\",AC$12<>0,$H86>0,OR(AUTOEVENTO<>\"manual\",$M86<>1)),ROUND(OFFSET($P86,0,AC$13),15-13*ORÇAMENTO!$AF$7)/$H86*OFFSET(ORÇAMENTO!$X$15,ROW(AC86)-ROW(AC$15),0),0)","v":0},{"$f":"IF(AND($D86=\"Serviço\",AD$12<>0,$H86>0,OR(AUTOEVENTO<>\"manual\",$M86<>1)),ROUND(OFFSET($P86,0,AD$13),15-13*ORÇAMENTO!$AF$7)/$H86*OFFSET(ORÇAMENTO!$X$15,ROW(AD86)-ROW(AD$15),0),0)","v":0},{"$f":"IF(AND($D86=\"Serviço\",AE$12<>0,$H86>0,OR(AUTOEVENTO<>\"manual\",$M86<>1)),ROUND(OFFSET($P86,0,AE$13),15-13*ORÇAMENTO!$AF$7)/$H86*OFFSET(ORÇAMENTO!$X$15,ROW(AE86)-ROW(AE$15),0),0)","v":0},{"$f":"IF(AND($D86=\"Serviço\",AF$12<>0,$H86>0,OR(AUTOEVENTO<>\"manual\",$M86<>1)),ROUND(OFFSET($P86,0,AF$13),15-13*ORÇAMENTO!$AF$7)/$H86*OFFSET(ORÇAMENTO!$X$15,ROW(AF86)-ROW(AF$15),0),0)","v":0},{"$f":"IF(AND($D86=\"Serviço\",AG$12<>0,$H86>0,OR(AUTOEVENTO<>\"manual\",$M86<>1)),ROUND(OFFSET($P86,0,AG$13),15-13*ORÇAMENTO!$AF$7)/$H86*OFFSET(ORÇAMENTO!$X$15,ROW(AG86)-ROW(AG$15),0),0)","v":0},{"$f":"IF(AND($D86=\"Serviço\",AH$12<>0,$H86>0,OR(AUTOEVENTO<>\"manual\",$M86<>1)),ROUND(OFFSET($P86,0,AH$13),15-13*ORÇAMENTO!$AF$7)/$H86*OFFSET(ORÇAMENTO!$X$15,ROW(AH86)-ROW(AH$15),0),0)","v":0},{"$f":"IF(AND($D86=\"Serviço\",AI$12<>0,$H86>0,OR(AUTOEVENTO<>\"manual\",$M86<>1)),ROUND(OFFSET($P86,0,AI$13),15-13*ORÇAMENTO!$AF$7)/$H86*OFFSET(ORÇAMENTO!$X$15,ROW(AI86)-ROW(AI$15),0),0)","v":0},{"$f":"IF(AND($D86=\"Serviço\",AJ$12<>0,$H86>0,OR(AUTOEVENTO<>\"manual\",$M86<>1)),ROUND(OFFSET($P86,0,AJ$13),15-13*ORÇAMENTO!$AF$7)/$H86*OFFSET(ORÇAMENTO!$X$15,ROW(AJ86)-ROW(AJ$15),0),0)","v":0},{"$f":"IF(AND($D86=\"Serviço\",AK$12<>0,$H86>0,OR(AUTOEVENTO<>\"manual\",$M86<>1)),ROUND(OFFSET($P86,0,AK$13),15-13*ORÇAMENTO!$AF$7)/$H86*OFFSET(ORÇAMENTO!$X$15,ROW(AK86)-ROW(AK$15),0),0)","v":0},null,{"$f":"IF($D86<>\"Serviço\",0,IF(AND(AUTOEVENTO=\"Manual\",$M86=1),0,IF(OFFSET(CRONOPLE!$F$14,$M86,AM$13)=\"\",10^12,OFFSET(CRONOPLE!$F$14,$M86,AM$13))))","v":1000000000000},{"$f":"IF($D86<>\"Serviço\",0,IF(AND(AUTOEVENTO=\"Manual\",$M86=1),0,IF(OFFSET(CRONOPLE!$F$14,$M86,AN$13)=\"\",10^12,OFFSET(CRONOPLE!$F$14,$M86,AN$13))))","v":1000000000000},{"$f":"IF($D86<>\"Serviço\",0,IF(AND(AUTOEVENTO=\"Manual\",$M86=1),0,IF(OFFSET(CRONOPLE!$F$14,$M86,AO$13)=\"\",10^12,OFFSET(CRONOPLE!$F$14,$M86,AO$13))))","v":1000000000000},{"$f":"IF($D86<>\"Serviço\",0,IF(AND(AUTOEVENTO=\"Manual\",$M86=1),0,IF(OFFSET(CRONOPLE!$F$14,$M86,AP$13)=\"\",10^12,OFFSET(CRONOPLE!$F$14,$M86,AP$13))))","v":1000000000000},{"$f":"IF($D86<>\"Serviço\",0,IF(AND(AUTOEVENTO=\"Manual\",$M86=1),0,IF(OFFSET(CRONOPLE!$F$14,$M86,AQ$13)=\"\",10^12,OFFSET(CRONOPLE!$F$14,$M86,AQ$13))))","v":1000000000000},{"$f":"IF($D86<>\"Serviço\",0,IF(AND(AUTOEVENTO=\"Manual\",$M86=1),0,IF(OFFSET(CRONOPLE!$F$14,$M86,AR$13)=\"\",10^12,OFFSET(CRONOPLE!$F$14,$M86,AR$13))))","v":1000000000000},{"$f":"IF($D86<>\"Serviço\",0,IF(AND(AUTOEVENTO=\"Manual\",$M86=1),0,IF(OFFSET(CRONOPLE!$F$14,$M86,AS$13)=\"\",10^12,OFFSET(CRONOPLE!$F$14,$M86,AS$13))))","v":1000000000000},{"$f":"IF($D86<>\"Serviço\",0,IF(AND(AUTOEVENTO=\"Manual\",$M86=1),0,IF(OFFSET(CRONOPLE!$F$14,$M86,AT$13)=\"\",10^12,OFFSET(CRONOPLE!$F$14,$M86,AT$13))))","v":1000000000000},{"$f":"IF($D86<>\"Serviço\",0,IF(AND(AUTOEVENTO=\"Manual\",$M86=1),0,IF(OFFSET(CRONOPLE!$F$14,$M86,AU$13)=\"\",10^12,OFFSET(CRONOPLE!$F$14,$M86,AU$13))))","v":1000000000000},{"$f":"IF($D86<>\"Serviço\",0,IF(AND(AUTOEVENTO=\"Manual\",$M86=1),0,IF(OFFSET(CRONOPLE!$F$14,$M86,AV$13)=\"\",10^12,OFFSET(CRONOPLE!$F$14,$M86,AV$13))))","v":1000000000000},null,{"$f":"IF($D86<>\"Serviço\",0,IF(OR(AND(AUTOEVENTO=\"Manual\",$M86=1),$M86>(ROW(PLE.lastrow)-ROW(PLE.firstrow))),0,IF(OFFSET(PLE!$G$14,$M86,AX$13)=\"\",10^12,OFFSET(PLE!$G$14,$M86,AX$13))))","v":1000000000000},{"$f":"IF($D86<>\"Serviço\",0,IF(OR(AND(AUTOEVENTO=\"Manual\",$M86=1),$M86>(ROW(PLE.lastrow)-ROW(PLE.firstrow))),0,IF(OFFSET(PLE!$G$14,$M86,AY$13)=\"\",10^12,OFFSET(PLE!$G$14,$M86,AY$13))))","v":1000000000000},{"$f":"IF($D86<>\"Serviço\",0,IF(OR(AND(AUTOEVENTO=\"Manual\",$M86=1),$M86>(ROW(PLE.lastrow)-ROW(PLE.firstrow))),0,IF(OFFSET(PLE!$G$14,$M86,AZ$13)=\"\",10^12,OFFSET(PLE!$G$14,$M86,AZ$13))))","v":1000000000000},{"$f":"IF($D86<>\"Serviço\",0,IF(OR(AND(AUTOEVENTO=\"Manual\",$M86=1),$M86>(ROW(PLE.lastrow)-ROW(PLE.firstrow))),0,IF(OFFSET(PLE!$G$14,$M86,BA$13)=\"\",10^12,OFFSET(PLE!$G$14,$M86,BA$13))))","v":1000000000000},{"$f":"IF($D86<>\"Serviço\",0,IF(OR(AND(AUTOEVENTO=\"Manual\",$M86=1),$M86>(ROW(PLE.lastrow)-ROW(PLE.firstrow))),0,IF(OFFSET(PLE!$G$14,$M86,BB$13)=\"\",10^12,OFFSET(PLE!$G$14,$M86,BB$13))))","v":1000000000000},{"$f":"IF($D86<>\"Serviço\",0,IF(OR(AND(AUTOEVENTO=\"Manual\",$M86=1),$M86>(ROW(PLE.lastrow)-ROW(PLE.firstrow))),0,IF(OFFSET(PLE!$G$14,$M86,BC$13)=\"\",10^12,OFFSET(PLE!$G$14,$M86,BC$13))))","v":1000000000000},{"$f":"IF($D86<>\"Serviço\",0,IF(OR(AND(AUTOEVENTO=\"Manual\",$M86=1),$M86>(ROW(PLE.lastrow)-ROW(PLE.firstrow))),0,IF(OFFSET(PLE!$G$14,$M86,BD$13)=\"\",10^12,OFFSET(PLE!$G$14,$M86,BD$13))))","v":1000000000000},{"$f":"IF($D86<>\"Serviço\",0,IF(OR(AND(AUTOEVENTO=\"Manual\",$M86=1),$M86>(ROW(PLE.lastrow)-ROW(PLE.firstrow))),0,IF(OFFSET(PLE!$G$14,$M86,BE$13)=\"\",10^12,OFFSET(PLE!$G$14,$M86,BE$13))))","v":1000000000000},{"$f":"IF($D86<>\"Serviço\",0,IF(OR(AND(AUTOEVENTO=\"Manual\",$M86=1),$M86>(ROW(PLE.lastrow)-ROW(PLE.firstrow))),0,IF(OFFSET(PLE!$G$14,$M86,BF$13)=\"\",10^12,OFFSET(PLE!$G$14,$M86,BF$13))))","v":1000000000000},{"$f":"IF($D86<>\"Serviço\",0,IF(OR(AND(AUTOEVENTO=\"Manual\",$M86=1),$M86>(ROW(PLE.lastrow)-ROW(PLE.firstrow))),0,IF(OFFSET(PLE!$G$14,$M86,BG$13)=\"\",10^12,OFFSET(PLE!$G$14,$M86,BG$13))))","v":1000000000000}]
["60",{"$f":"OFFSET(ORÇAMENTO!C$15,ROW(B87)-ROW(B$15),0)","v":"S"},{"$f":"OFFSET(ORÇAMENTO!L$15,ROW(C87)-ROW(C$15),0)","v":"F"},{"$f":"OFFSET(ORÇAMENTO!N$15,ROW(D87)-ROW(D$15),0)","v":"Serviço"},{"$f":"OFFSET(ORÇAMENTO!O$15,ROW(E87)-ROW(E$15),0)","v":"1.7.12."},{"$f":"OFFSET(ORÇAMENTO!R$15,ROW(F87)-ROW(F$15),0)","v":"TANQUE DE LOUÇA BRANCA COM COLUNA, 30 L OU EQUIVALENTE, INCLUSO SIFÃO FLEXÍVEL EM PVC, VÁLVULA PLÁSTICA E TORNEIRA DE METAL CROMADO PADRÃO POPULAR - FORNECIMENTO E INSTALAÇÃO"},{"$f":"IF($D87<>\"Serviço\",\"\",OFFSET(ORÇAMENTO!S$15,ROW(G87)-ROW(G$15),0))","v":"UN"},{"$f":"IF($D87<>\"Serviço\",0,IF(ACOMPANHAMENTO=\"BM\",ROUND(OFFSET(ORÇAMENTO!AJ$15,ROW(H87)-ROW(H$15),0),15-13*ORÇAMENTO!$AF$7),SUMPRODUCT(($Q$12:$AA$12<>\"\")*ROUND($Q87:$AA87,15-13*ORÇAMENTO!$AF$7))))","v":1},null,null,null,".",{"$f":"IF($D87<>\"Serviço\",\"\",IF(AUTOEVENTO=\"manual\",$A87,IF(ISERROR(MATCH($A87,$A$15:OFFSET($A87,-1,0),0)),MAX($M$15:OFFSET(M87,-1,0))+1,INDEX($M$15:OFFSET(M87,-1,0),MATCH($A87,$A$15:OFFSET($A87,-1,0),0)))))","v":8},{"$f":"IF($D87<>\"Serviço\",\"\",IF(AUTOEVENTO=\"Manual\",IF($A87=0,\"<-- defina o número do agrupador\",OFFSET(EVENTOS!$D$14,$A87,0)),OFFSET($F$15,$A87,0)))","v":"APARELHOS SANITÁRIOS"},null,null,null,null,null,null,null,null,null,null,null,null,null,{"$f":"IF(AND($D87=\"Serviço\",AB$12<>0,$H87>0,OR(AUTOEVENTO<>\"manual\",$M87<>1)),ROUND(OFFSET($P87,0,AB$13),15-13*ORÇAMENTO!$AF$7)/$H87*OFFSET(ORÇAMENTO!$X$15,ROW(AB87)-ROW(AB$15),0),0)","v":0},{"$f":"IF(AND($D87=\"Serviço\",AC$12<>0,$H87>0,OR(AUTOEVENTO<>\"manual\",$M87<>1)),ROUND(OFFSET($P87,0,AC$13),15-13*ORÇAMENTO!$AF$7)/$H87*OFFSET(ORÇAMENTO!$X$15,ROW(AC87)-ROW(AC$15),0),0)","v":0},{"$f":"IF(AND($D87=\"Serviço\",AD$12<>0,$H87>0,OR(AUTOEVENTO<>\"manual\",$M87<>1)),ROUND(OFFSET($P87,0,AD$13),15-13*ORÇAMENTO!$AF$7)/$H87*OFFSET(ORÇAMENTO!$X$15,ROW(AD87)-ROW(AD$15),0),0)","v":0},{"$f":"IF(AND($D87=\"Serviço\",AE$12<>0,$H87>0,OR(AUTOEVENTO<>\"manual\",$M87<>1)),ROUND(OFFSET($P87,0,AE$13),15-13*ORÇAMENTO!$AF$7)/$H87*OFFSET(ORÇAMENTO!$X$15,ROW(AE87)-ROW(AE$15),0),0)","v":0},{"$f":"IF(AND($D87=\"Serviço\",AF$12<>0,$H87>0,OR(AUTOEVENTO<>\"manual\",$M87<>1)),ROUND(OFFSET($P87,0,AF$13),15-13*ORÇAMENTO!$AF$7)/$H87*OFFSET(ORÇAMENTO!$X$15,ROW(AF87)-ROW(AF$15),0),0)","v":0},{"$f":"IF(AND($D87=\"Serviço\",AG$12<>0,$H87>0,OR(AUTOEVENTO<>\"manual\",$M87<>1)),ROUND(OFFSET($P87,0,AG$13),15-13*ORÇAMENTO!$AF$7)/$H87*OFFSET(ORÇAMENTO!$X$15,ROW(AG87)-ROW(AG$15),0),0)","v":0},{"$f":"IF(AND($D87=\"Serviço\",AH$12<>0,$H87>0,OR(AUTOEVENTO<>\"manual\",$M87<>1)),ROUND(OFFSET($P87,0,AH$13),15-13*ORÇAMENTO!$AF$7)/$H87*OFFSET(ORÇAMENTO!$X$15,ROW(AH87)-ROW(AH$15),0),0)","v":0},{"$f":"IF(AND($D87=\"Serviço\",AI$12<>0,$H87>0,OR(AUTOEVENTO<>\"manual\",$M87<>1)),ROUND(OFFSET($P87,0,AI$13),15-13*ORÇAMENTO!$AF$7)/$H87*OFFSET(ORÇAMENTO!$X$15,ROW(AI87)-ROW(AI$15),0),0)","v":0},{"$f":"IF(AND($D87=\"Serviço\",AJ$12<>0,$H87>0,OR(AUTOEVENTO<>\"manual\",$M87<>1)),ROUND(OFFSET($P87,0,AJ$13),15-13*ORÇAMENTO!$AF$7)/$H87*OFFSET(ORÇAMENTO!$X$15,ROW(AJ87)-ROW(AJ$15),0),0)","v":0},{"$f":"IF(AND($D87=\"Serviço\",AK$12<>0,$H87>0,OR(AUTOEVENTO<>\"manual\",$M87<>1)),ROUND(OFFSET($P87,0,AK$13),15-13*ORÇAMENTO!$AF$7)/$H87*OFFSET(ORÇAMENTO!$X$15,ROW(AK87)-ROW(AK$15),0),0)","v":0},null,{"$f":"IF($D87<>\"Serviço\",0,IF(AND(AUTOEVENTO=\"Manual\",$M87=1),0,IF(OFFSET(CRONOPLE!$F$14,$M87,AM$13)=\"\",10^12,OFFSET(CRONOPLE!$F$14,$M87,AM$13))))","v":1000000000000},{"$f":"IF($D87<>\"Serviço\",0,IF(AND(AUTOEVENTO=\"Manual\",$M87=1),0,IF(OFFSET(CRONOPLE!$F$14,$M87,AN$13)=\"\",10^12,OFFSET(CRONOPLE!$F$14,$M87,AN$13))))","v":1000000000000},{"$f":"IF($D87<>\"Serviço\",0,IF(AND(AUTOEVENTO=\"Manual\",$M87=1),0,IF(OFFSET(CRONOPLE!$F$14,$M87,AO$13)=\"\",10^12,OFFSET(CRONOPLE!$F$14,$M87,AO$13))))","v":1000000000000},{"$f":"IF($D87<>\"Serviço\",0,IF(AND(AUTOEVENTO=\"Manual\",$M87=1),0,IF(OFFSET(CRONOPLE!$F$14,$M87,AP$13)=\"\",10^12,OFFSET(CRONOPLE!$F$14,$M87,AP$13))))","v":1000000000000},{"$f":"IF($D87<>\"Serviço\",0,IF(AND(AUTOEVENTO=\"Manual\",$M87=1),0,IF(OFFSET(CRONOPLE!$F$14,$M87,AQ$13)=\"\",10^12,OFFSET(CRONOPLE!$F$14,$M87,AQ$13))))","v":1000000000000},{"$f":"IF($D87<>\"Serviço\",0,IF(AND(AUTOEVENTO=\"Manual\",$M87=1),0,IF(OFFSET(CRONOPLE!$F$14,$M87,AR$13)=\"\",10^12,OFFSET(CRONOPLE!$F$14,$M87,AR$13))))","v":1000000000000},{"$f":"IF($D87<>\"Serviço\",0,IF(AND(AUTOEVENTO=\"Manual\",$M87=1),0,IF(OFFSET(CRONOPLE!$F$14,$M87,AS$13)=\"\",10^12,OFFSET(CRONOPLE!$F$14,$M87,AS$13))))","v":1000000000000},{"$f":"IF($D87<>\"Serviço\",0,IF(AND(AUTOEVENTO=\"Manual\",$M87=1),0,IF(OFFSET(CRONOPLE!$F$14,$M87,AT$13)=\"\",10^12,OFFSET(CRONOPLE!$F$14,$M87,AT$13))))","v":1000000000000},{"$f":"IF($D87<>\"Serviço\",0,IF(AND(AUTOEVENTO=\"Manual\",$M87=1),0,IF(OFFSET(CRONOPLE!$F$14,$M87,AU$13)=\"\",10^12,OFFSET(CRONOPLE!$F$14,$M87,AU$13))))","v":1000000000000},{"$f":"IF($D87<>\"Serviço\",0,IF(AND(AUTOEVENTO=\"Manual\",$M87=1),0,IF(OFFSET(CRONOPLE!$F$14,$M87,AV$13)=\"\",10^12,OFFSET(CRONOPLE!$F$14,$M87,AV$13))))","v":1000000000000},null,{"$f":"IF($D87<>\"Serviço\",0,IF(OR(AND(AUTOEVENTO=\"Manual\",$M87=1),$M87>(ROW(PLE.lastrow)-ROW(PLE.firstrow))),0,IF(OFFSET(PLE!$G$14,$M87,AX$13)=\"\",10^12,OFFSET(PLE!$G$14,$M87,AX$13))))","v":1000000000000},{"$f":"IF($D87<>\"Serviço\",0,IF(OR(AND(AUTOEVENTO=\"Manual\",$M87=1),$M87>(ROW(PLE.lastrow)-ROW(PLE.firstrow))),0,IF(OFFSET(PLE!$G$14,$M87,AY$13)=\"\",10^12,OFFSET(PLE!$G$14,$M87,AY$13))))","v":1000000000000},{"$f":"IF($D87<>\"Serviço\",0,IF(OR(AND(AUTOEVENTO=\"Manual\",$M87=1),$M87>(ROW(PLE.lastrow)-ROW(PLE.firstrow))),0,IF(OFFSET(PLE!$G$14,$M87,AZ$13)=\"\",10^12,OFFSET(PLE!$G$14,$M87,AZ$13))))","v":1000000000000},{"$f":"IF($D87<>\"Serviço\",0,IF(OR(AND(AUTOEVENTO=\"Manual\",$M87=1),$M87>(ROW(PLE.lastrow)-ROW(PLE.firstrow))),0,IF(OFFSET(PLE!$G$14,$M87,BA$13)=\"\",10^12,OFFSET(PLE!$G$14,$M87,BA$13))))","v":1000000000000},{"$f":"IF($D87<>\"Serviço\",0,IF(OR(AND(AUTOEVENTO=\"Manual\",$M87=1),$M87>(ROW(PLE.lastrow)-ROW(PLE.firstrow))),0,IF(OFFSET(PLE!$G$14,$M87,BB$13)=\"\",10^12,OFFSET(PLE!$G$14,$M87,BB$13))))","v":1000000000000},{"$f":"IF($D87<>\"Serviço\",0,IF(OR(AND(AUTOEVENTO=\"Manual\",$M87=1),$M87>(ROW(PLE.lastrow)-ROW(PLE.firstrow))),0,IF(OFFSET(PLE!$G$14,$M87,BC$13)=\"\",10^12,OFFSET(PLE!$G$14,$M87,BC$13))))","v":1000000000000},{"$f":"IF($D87<>\"Serviço\",0,IF(OR(AND(AUTOEVENTO=\"Manual\",$M87=1),$M87>(ROW(PLE.lastrow)-ROW(PLE.firstrow))),0,IF(OFFSET(PLE!$G$14,$M87,BD$13)=\"\",10^12,OFFSET(PLE!$G$14,$M87,BD$13))))","v":1000000000000},{"$f":"IF($D87<>\"Serviço\",0,IF(OR(AND(AUTOEVENTO=\"Manual\",$M87=1),$M87>(ROW(PLE.lastrow)-ROW(PLE.firstrow))),0,IF(OFFSET(PLE!$G$14,$M87,BE$13)=\"\",10^12,OFFSET(PLE!$G$14,$M87,BE$13))))","v":1000000000000},{"$f":"IF($D87<>\"Serviço\",0,IF(OR(AND(AUTOEVENTO=\"Manual\",$M87=1),$M87>(ROW(PLE.lastrow)-ROW(PLE.firstrow))),0,IF(OFFSET(PLE!$G$14,$M87,BF$13)=\"\",10^12,OFFSET(PLE!$G$14,$M87,BF$13))))","v":1000000000000},{"$f":"IF($D87<>\"Serviço\",0,IF(OR(AND(AUTOEVENTO=\"Manual\",$M87=1),$M87>(ROW(PLE.lastrow)-ROW(PLE.firstrow))),0,IF(OFFSET(PLE!$G$14,$M87,BG$13)=\"\",10^12,OFFSET(PLE!$G$14,$M87,BG$13))))","v":1000000000000}]
["60",{"$f":"OFFSET(ORÇAMENTO!C$15,ROW(B88)-ROW(B$15),0)","v":"S"},{"$f":"OFFSET(ORÇAMENTO!L$15,ROW(C88)-ROW(C$15),0)","v":"F"},{"$f":"OFFSET(ORÇAMENTO!N$15,ROW(D88)-ROW(D$15),0)","v":"Serviço"},{"$f":"OFFSET(ORÇAMENTO!O$15,ROW(E88)-ROW(E$15),0)","v":"1.7.13."},{"$f":"OFFSET(ORÇAMENTO!R$15,ROW(F88)-ROW(F$15),0)","v":"BARRA DE APOIO INOX POLIDO 40 CM"},{"$f":"IF($D88<>\"Serviço\",\"\",OFFSET(ORÇAMENTO!S$15,ROW(G88)-ROW(G$15),0))","v":"UN"},{"$f":"IF($D88<>\"Serviço\",0,IF(ACOMPANHAMENTO=\"BM\",ROUND(OFFSET(ORÇAMENTO!AJ$15,ROW(H88)-ROW(H$15),0),15-13*ORÇAMENTO!$AF$7),SUMPRODUCT(($Q$12:$AA$12<>\"\")*ROUND($Q88:$AA88,15-13*ORÇAMENTO!$AF$7))))","v":3},null,null,null,".",{"$f":"IF($D88<>\"Serviço\",\"\",IF(AUTOEVENTO=\"manual\",$A88,IF(ISERROR(MATCH($A88,$A$15:OFFSET($A88,-1,0),0)),MAX($M$15:OFFSET(M88,-1,0))+1,INDEX($M$15:OFFSET(M88,-1,0),MATCH($A88,$A$15:OFFSET($A88,-1,0),0)))))","v":8},{"$f":"IF($D88<>\"Serviço\",\"\",IF(AUTOEVENTO=\"Manual\",IF($A88=0,\"<-- defina o número do agrupador\",OFFSET(EVENTOS!$D$14,$A88,0)),OFFSET($F$15,$A88,0)))","v":"APARELHOS SANITÁRIOS"},null,null,null,null,null,null,null,null,null,null,null,null,null,{"$f":"IF(AND($D88=\"Serviço\",AB$12<>0,$H88>0,OR(AUTOEVENTO<>\"manual\",$M88<>1)),ROUND(OFFSET($P88,0,AB$13),15-13*ORÇAMENTO!$AF$7)/$H88*OFFSET(ORÇAMENTO!$X$15,ROW(AB88)-ROW(AB$15),0),0)","v":0},{"$f":"IF(AND($D88=\"Serviço\",AC$12<>0,$H88>0,OR(AUTOEVENTO<>\"manual\",$M88<>1)),ROUND(OFFSET($P88,0,AC$13),15-13*ORÇAMENTO!$AF$7)/$H88*OFFSET(ORÇAMENTO!$X$15,ROW(AC88)-ROW(AC$15),0),0)","v":0},{"$f":"IF(AND($D88=\"Serviço\",AD$12<>0,$H88>0,OR(AUTOEVENTO<>\"manual\",$M88<>1)),ROUND(OFFSET($P88,0,AD$13),15-13*ORÇAMENTO!$AF$7)/$H88*OFFSET(ORÇAMENTO!$X$15,ROW(AD88)-ROW(AD$15),0),0)","v":0},{"$f":"IF(AND($D88=\"Serviço\",AE$12<>0,$H88>0,OR(AUTOEVENTO<>\"manual\",$M88<>1)),ROUND(OFFSET($P88,0,AE$13),15-13*ORÇAMENTO!$AF$7)/$H88*OFFSET(ORÇAMENTO!$X$15,ROW(AE88)-ROW(AE$15),0),0)","v":0},{"$f":"IF(AND($D88=\"Serviço\",AF$12<>0,$H88>0,OR(AUTOEVENTO<>\"manual\",$M88<>1)),ROUND(OFFSET($P88,0,AF$13),15-13*ORÇAMENTO!$AF$7)/$H88*OFFSET(ORÇAMENTO!$X$15,ROW(AF88)-ROW(AF$15),0),0)","v":0},{"$f":"IF(AND($D88=\"Serviço\",AG$12<>0,$H88>0,OR(AUTOEVENTO<>\"manual\",$M88<>1)),ROUND(OFFSET($P88,0,AG$13),15-13*ORÇAMENTO!$AF$7)/$H88*OFFSET(ORÇAMENTO!$X$15,ROW(AG88)-ROW(AG$15),0),0)","v":0},{"$f":"IF(AND($D88=\"Serviço\",AH$12<>0,$H88>0,OR(AUTOEVENTO<>\"manual\",$M88<>1)),ROUND(OFFSET($P88,0,AH$13),15-13*ORÇAMENTO!$AF$7)/$H88*OFFSET(ORÇAMENTO!$X$15,ROW(AH88)-ROW(AH$15),0),0)","v":0},{"$f":"IF(AND($D88=\"Serviço\",AI$12<>0,$H88>0,OR(AUTOEVENTO<>\"manual\",$M88<>1)),ROUND(OFFSET($P88,0,AI$13),15-13*ORÇAMENTO!$AF$7)/$H88*OFFSET(ORÇAMENTO!$X$15,ROW(AI88)-ROW(AI$15),0),0)","v":0},{"$f":"IF(AND($D88=\"Serviço\",AJ$12<>0,$H88>0,OR(AUTOEVENTO<>\"manual\",$M88<>1)),ROUND(OFFSET($P88,0,AJ$13),15-13*ORÇAMENTO!$AF$7)/$H88*OFFSET(ORÇAMENTO!$X$15,ROW(AJ88)-ROW(AJ$15),0),0)","v":0},{"$f":"IF(AND($D88=\"Serviço\",AK$12<>0,$H88>0,OR(AUTOEVENTO<>\"manual\",$M88<>1)),ROUND(OFFSET($P88,0,AK$13),15-13*ORÇAMENTO!$AF$7)/$H88*OFFSET(ORÇAMENTO!$X$15,ROW(AK88)-ROW(AK$15),0),0)","v":0},null,{"$f":"IF($D88<>\"Serviço\",0,IF(AND(AUTOEVENTO=\"Manual\",$M88=1),0,IF(OFFSET(CRONOPLE!$F$14,$M88,AM$13)=\"\",10^12,OFFSET(CRONOPLE!$F$14,$M88,AM$13))))","v":1000000000000},{"$f":"IF($D88<>\"Serviço\",0,IF(AND(AUTOEVENTO=\"Manual\",$M88=1),0,IF(OFFSET(CRONOPLE!$F$14,$M88,AN$13)=\"\",10^12,OFFSET(CRONOPLE!$F$14,$M88,AN$13))))","v":1000000000000},{"$f":"IF($D88<>\"Serviço\",0,IF(AND(AUTOEVENTO=\"Manual\",$M88=1),0,IF(OFFSET(CRONOPLE!$F$14,$M88,AO$13)=\"\",10^12,OFFSET(CRONOPLE!$F$14,$M88,AO$13))))","v":1000000000000},{"$f":"IF($D88<>\"Serviço\",0,IF(AND(AUTOEVENTO=\"Manual\",$M88=1),0,IF(OFFSET(CRONOPLE!$F$14,$M88,AP$13)=\"\",10^12,OFFSET(CRONOPLE!$F$14,$M88,AP$13))))","v":1000000000000},{"$f":"IF($D88<>\"Serviço\",0,IF(AND(AUTOEVENTO=\"Manual\",$M88=1),0,IF(OFFSET(CRONOPLE!$F$14,$M88,AQ$13)=\"\",10^12,OFFSET(CRONOPLE!$F$14,$M88,AQ$13))))","v":1000000000000},{"$f":"IF($D88<>\"Serviço\",0,IF(AND(AUTOEVENTO=\"Manual\",$M88=1),0,IF(OFFSET(CRONOPLE!$F$14,$M88,AR$13)=\"\",10^12,OFFSET(CRONOPLE!$F$14,$M88,AR$13))))","v":1000000000000},{"$f":"IF($D88<>\"Serviço\",0,IF(AND(AUTOEVENTO=\"Manual\",$M88=1),0,IF(OFFSET(CRONOPLE!$F$14,$M88,AS$13)=\"\",10^12,OFFSET(CRONOPLE!$F$14,$M88,AS$13))))","v":1000000000000},{"$f":"IF($D88<>\"Serviço\",0,IF(AND(AUTOEVENTO=\"Manual\",$M88=1),0,IF(OFFSET(CRONOPLE!$F$14,$M88,AT$13)=\"\",10^12,OFFSET(CRONOPLE!$F$14,$M88,AT$13))))","v":1000000000000},{"$f":"IF($D88<>\"Serviço\",0,IF(AND(AUTOEVENTO=\"Manual\",$M88=1),0,IF(OFFSET(CRONOPLE!$F$14,$M88,AU$13)=\"\",10^12,OFFSET(CRONOPLE!$F$14,$M88,AU$13))))","v":1000000000000},{"$f":"IF($D88<>\"Serviço\",0,IF(AND(AUTOEVENTO=\"Manual\",$M88=1),0,IF(OFFSET(CRONOPLE!$F$14,$M88,AV$13)=\"\",10^12,OFFSET(CRONOPLE!$F$14,$M88,AV$13))))","v":1000000000000},null,{"$f":"IF($D88<>\"Serviço\",0,IF(OR(AND(AUTOEVENTO=\"Manual\",$M88=1),$M88>(ROW(PLE.lastrow)-ROW(PLE.firstrow))),0,IF(OFFSET(PLE!$G$14,$M88,AX$13)=\"\",10^12,OFFSET(PLE!$G$14,$M88,AX$13))))","v":1000000000000},{"$f":"IF($D88<>\"Serviço\",0,IF(OR(AND(AUTOEVENTO=\"Manual\",$M88=1),$M88>(ROW(PLE.lastrow)-ROW(PLE.firstrow))),0,IF(OFFSET(PLE!$G$14,$M88,AY$13)=\"\",10^12,OFFSET(PLE!$G$14,$M88,AY$13))))","v":1000000000000},{"$f":"IF($D88<>\"Serviço\",0,IF(OR(AND(AUTOEVENTO=\"Manual\",$M88=1),$M88>(ROW(PLE.lastrow)-ROW(PLE.firstrow))),0,IF(OFFSET(PLE!$G$14,$M88,AZ$13)=\"\",10^12,OFFSET(PLE!$G$14,$M88,AZ$13))))","v":1000000000000},{"$f":"IF($D88<>\"Serviço\",0,IF(OR(AND(AUTOEVENTO=\"Manual\",$M88=1),$M88>(ROW(PLE.lastrow)-ROW(PLE.firstrow))),0,IF(OFFSET(PLE!$G$14,$M88,BA$13)=\"\",10^12,OFFSET(PLE!$G$14,$M88,BA$13))))","v":1000000000000},{"$f":"IF($D88<>\"Serviço\",0,IF(OR(AND(AUTOEVENTO=\"Manual\",$M88=1),$M88>(ROW(PLE.lastrow)-ROW(PLE.firstrow))),0,IF(OFFSET(PLE!$G$14,$M88,BB$13)=\"\",10^12,OFFSET(PLE!$G$14,$M88,BB$13))))","v":1000000000000},{"$f":"IF($D88<>\"Serviço\",0,IF(OR(AND(AUTOEVENTO=\"Manual\",$M88=1),$M88>(ROW(PLE.lastrow)-ROW(PLE.firstrow))),0,IF(OFFSET(PLE!$G$14,$M88,BC$13)=\"\",10^12,OFFSET(PLE!$G$14,$M88,BC$13))))","v":1000000000000},{"$f":"IF($D88<>\"Serviço\",0,IF(OR(AND(AUTOEVENTO=\"Manual\",$M88=1),$M88>(ROW(PLE.lastrow)-ROW(PLE.firstrow))),0,IF(OFFSET(PLE!$G$14,$M88,BD$13)=\"\",10^12,OFFSET(PLE!$G$14,$M88,BD$13))))","v":1000000000000},{"$f":"IF($D88<>\"Serviço\",0,IF(OR(AND(AUTOEVENTO=\"Manual\",$M88=1),$M88>(ROW(PLE.lastrow)-ROW(PLE.firstrow))),0,IF(OFFSET(PLE!$G$14,$M88,BE$13)=\"\",10^12,OFFSET(PLE!$G$14,$M88,BE$13))))","v":1000000000000},{"$f":"IF($D88<>\"Serviço\",0,IF(OR(AND(AUTOEVENTO=\"Manual\",$M88=1),$M88>(ROW(PLE.lastrow)-ROW(PLE.firstrow))),0,IF(OFFSET(PLE!$G$14,$M88,BF$13)=\"\",10^12,OFFSET(PLE!$G$14,$M88,BF$13))))","v":1000000000000},{"$f":"IF($D88<>\"Serviço\",0,IF(OR(AND(AUTOEVENTO=\"Manual\",$M88=1),$M88>(ROW(PLE.lastrow)-ROW(PLE.firstrow))),0,IF(OFFSET(PLE!$G$14,$M88,BG$13)=\"\",10^12,OFFSET(PLE!$G$14,$M88,BG$13))))","v":1000000000000}]
["60",{"$f":"OFFSET(ORÇAMENTO!C$15,ROW(B89)-ROW(B$15),0)","v":"S"},{"$f":"OFFSET(ORÇAMENTO!L$15,ROW(C89)-ROW(C$15),0)","v":"F"},{"$f":"OFFSET(ORÇAMENTO!N$15,ROW(D89)-ROW(D$15),0)","v":"Serviço"},{"$f":"OFFSET(ORÇAMENTO!O$15,ROW(E89)-ROW(E$15),0)","v":"1.7.14."},{"$f":"OFFSET(ORÇAMENTO!R$15,ROW(F89)-ROW(F$15),0)","v":"BARRA DE APOIO RETA, EM AÇO INOX POLIDO, COMPRIMENTO 80 CM, DIÂMETRO MINIMO 3 CM"},{"$f":"IF($D89<>\"Serviço\",\"\",OFFSET(ORÇAMENTO!S$15,ROW(G89)-ROW(G$15),0))","v":"UN    "},{"$f":"IF($D89<>\"Serviço\",0,IF(ACOMPANHAMENTO=\"BM\",ROUND(OFFSET(ORÇAMENTO!AJ$15,ROW(H89)-ROW(H$15),0),15-13*ORÇAMENTO!$AF$7),SUMPRODUCT(($Q$12:$AA$12<>\"\")*ROUND($Q89:$AA89,15-13*ORÇAMENTO!$AF$7))))","v":2},null,null,null,".",{"$f":"IF($D89<>\"Serviço\",\"\",IF(AUTOEVENTO=\"manual\",$A89,IF(ISERROR(MATCH($A89,$A$15:OFFSET($A89,-1,0),0)),MAX($M$15:OFFSET(M89,-1,0))+1,INDEX($M$15:OFFSET(M89,-1,0),MATCH($A89,$A$15:OFFSET($A89,-1,0),0)))))","v":8},{"$f":"IF($D89<>\"Serviço\",\"\",IF(AUTOEVENTO=\"Manual\",IF($A89=0,\"<-- defina o número do agrupador\",OFFSET(EVENTOS!$D$14,$A89,0)),OFFSET($F$15,$A89,0)))","v":"APARELHOS SANITÁRIOS"},null,null,null,null,null,null,null,null,null,null,null,null,null,{"$f":"IF(AND($D89=\"Serviço\",AB$12<>0,$H89>0,OR(AUTOEVENTO<>\"manual\",$M89<>1)),ROUND(OFFSET($P89,0,AB$13),15-13*ORÇAMENTO!$AF$7)/$H89*OFFSET(ORÇAMENTO!$X$15,ROW(AB89)-ROW(AB$15),0),0)","v":0},{"$f":"IF(AND($D89=\"Serviço\",AC$12<>0,$H89>0,OR(AUTOEVENTO<>\"manual\",$M89<>1)),ROUND(OFFSET($P89,0,AC$13),15-13*ORÇAMENTO!$AF$7)/$H89*OFFSET(ORÇAMENTO!$X$15,ROW(AC89)-ROW(AC$15),0),0)","v":0},{"$f":"IF(AND($D89=\"Serviço\",AD$12<>0,$H89>0,OR(AUTOEVENTO<>\"manual\",$M89<>1)),ROUND(OFFSET($P89,0,AD$13),15-13*ORÇAMENTO!$AF$7)/$H89*OFFSET(ORÇAMENTO!$X$15,ROW(AD89)-ROW(AD$15),0),0)","v":0},{"$f":"IF(AND($D89=\"Serviço\",AE$12<>0,$H89>0,OR(AUTOEVENTO<>\"manual\",$M89<>1)),ROUND(OFFSET($P89,0,AE$13),15-13*ORÇAMENTO!$AF$7)/$H89*OFFSET(ORÇAMENTO!$X$15,ROW(AE89)-ROW(AE$15),0),0)","v":0},{"$f":"IF(AND($D89=\"Serviço\",AF$12<>0,$H89>0,OR(AUTOEVENTO<>\"manual\",$M89<>1)),ROUND(OFFSET($P89,0,AF$13),15-13*ORÇAMENTO!$AF$7)/$H89*OFFSET(ORÇAMENTO!$X$15,ROW(AF89)-ROW(AF$15),0),0)","v":0},{"$f":"IF(AND($D89=\"Serviço\",AG$12<>0,$H89>0,OR(AUTOEVENTO<>\"manual\",$M89<>1)),ROUND(OFFSET($P89,0,AG$13),15-13*ORÇAMENTO!$AF$7)/$H89*OFFSET(ORÇAMENTO!$X$15,ROW(AG89)-ROW(AG$15),0),0)","v":0},{"$f":"IF(AND($D89=\"Serviço\",AH$12<>0,$H89>0,OR(AUTOEVENTO<>\"manual\",$M89<>1)),ROUND(OFFSET($P89,0,AH$13),15-13*ORÇAMENTO!$AF$7)/$H89*OFFSET(ORÇAMENTO!$X$15,ROW(AH89)-ROW(AH$15),0),0)","v":0},{"$f":"IF(AND($D89=\"Serviço\",AI$12<>0,$H89>0,OR(AUTOEVENTO<>\"manual\",$M89<>1)),ROUND(OFFSET($P89,0,AI$13),15-13*ORÇAMENTO!$AF$7)/$H89*OFFSET(ORÇAMENTO!$X$15,ROW(AI89)-ROW(AI$15),0),0)","v":0},{"$f":"IF(AND($D89=\"Serviço\",AJ$12<>0,$H89>0,OR(AUTOEVENTO<>\"manual\",$M89<>1)),ROUND(OFFSET($P89,0,AJ$13),15-13*ORÇAMENTO!$AF$7)/$H89*OFFSET(ORÇAMENTO!$X$15,ROW(AJ89)-ROW(AJ$15),0),0)","v":0},{"$f":"IF(AND($D89=\"Serviço\",AK$12<>0,$H89>0,OR(AUTOEVENTO<>\"manual\",$M89<>1)),ROUND(OFFSET($P89,0,AK$13),15-13*ORÇAMENTO!$AF$7)/$H89*OFFSET(ORÇAMENTO!$X$15,ROW(AK89)-ROW(AK$15),0),0)","v":0},null,{"$f":"IF($D89<>\"Serviço\",0,IF(AND(AUTOEVENTO=\"Manual\",$M89=1),0,IF(OFFSET(CRONOPLE!$F$14,$M89,AM$13)=\"\",10^12,OFFSET(CRONOPLE!$F$14,$M89,AM$13))))","v":1000000000000},{"$f":"IF($D89<>\"Serviço\",0,IF(AND(AUTOEVENTO=\"Manual\",$M89=1),0,IF(OFFSET(CRONOPLE!$F$14,$M89,AN$13)=\"\",10^12,OFFSET(CRONOPLE!$F$14,$M89,AN$13))))","v":1000000000000},{"$f":"IF($D89<>\"Serviço\",0,IF(AND(AUTOEVENTO=\"Manual\",$M89=1),0,IF(OFFSET(CRONOPLE!$F$14,$M89,AO$13)=\"\",10^12,OFFSET(CRONOPLE!$F$14,$M89,AO$13))))","v":1000000000000},{"$f":"IF($D89<>\"Serviço\",0,IF(AND(AUTOEVENTO=\"Manual\",$M89=1),0,IF(OFFSET(CRONOPLE!$F$14,$M89,AP$13)=\"\",10^12,OFFSET(CRONOPLE!$F$14,$M89,AP$13))))","v":1000000000000},{"$f":"IF($D89<>\"Serviço\",0,IF(AND(AUTOEVENTO=\"Manual\",$M89=1),0,IF(OFFSET(CRONOPLE!$F$14,$M89,AQ$13)=\"\",10^12,OFFSET(CRONOPLE!$F$14,$M89,AQ$13))))","v":1000000000000},{"$f":"IF($D89<>\"Serviço\",0,IF(AND(AUTOEVENTO=\"Manual\",$M89=1),0,IF(OFFSET(CRONOPLE!$F$14,$M89,AR$13)=\"\",10^12,OFFSET(CRONOPLE!$F$14,$M89,AR$13))))","v":1000000000000},{"$f":"IF($D89<>\"Serviço\",0,IF(AND(AUTOEVENTO=\"Manual\",$M89=1),0,IF(OFFSET(CRONOPLE!$F$14,$M89,AS$13)=\"\",10^12,OFFSET(CRONOPLE!$F$14,$M89,AS$13))))","v":1000000000000},{"$f":"IF($D89<>\"Serviço\",0,IF(AND(AUTOEVENTO=\"Manual\",$M89=1),0,IF(OFFSET(CRONOPLE!$F$14,$M89,AT$13)=\"\",10^12,OFFSET(CRONOPLE!$F$14,$M89,AT$13))))","v":1000000000000},{"$f":"IF($D89<>\"Serviço\",0,IF(AND(AUTOEVENTO=\"Manual\",$M89=1),0,IF(OFFSET(CRONOPLE!$F$14,$M89,AU$13)=\"\",10^12,OFFSET(CRONOPLE!$F$14,$M89,AU$13))))","v":1000000000000},{"$f":"IF($D89<>\"Serviço\",0,IF(AND(AUTOEVENTO=\"Manual\",$M89=1),0,IF(OFFSET(CRONOPLE!$F$14,$M89,AV$13)=\"\",10^12,OFFSET(CRONOPLE!$F$14,$M89,AV$13))))","v":1000000000000},null,{"$f":"IF($D89<>\"Serviço\",0,IF(OR(AND(AUTOEVENTO=\"Manual\",$M89=1),$M89>(ROW(PLE.lastrow)-ROW(PLE.firstrow))),0,IF(OFFSET(PLE!$G$14,$M89,AX$13)=\"\",10^12,OFFSET(PLE!$G$14,$M89,AX$13))))","v":1000000000000},{"$f":"IF($D89<>\"Serviço\",0,IF(OR(AND(AUTOEVENTO=\"Manual\",$M89=1),$M89>(ROW(PLE.lastrow)-ROW(PLE.firstrow))),0,IF(OFFSET(PLE!$G$14,$M89,AY$13)=\"\",10^12,OFFSET(PLE!$G$14,$M89,AY$13))))","v":1000000000000},{"$f":"IF($D89<>\"Serviço\",0,IF(OR(AND(AUTOEVENTO=\"Manual\",$M89=1),$M89>(ROW(PLE.lastrow)-ROW(PLE.firstrow))),0,IF(OFFSET(PLE!$G$14,$M89,AZ$13)=\"\",10^12,OFFSET(PLE!$G$14,$M89,AZ$13))))","v":1000000000000},{"$f":"IF($D89<>\"Serviço\",0,IF(OR(AND(AUTOEVENTO=\"Manual\",$M89=1),$M89>(ROW(PLE.lastrow)-ROW(PLE.firstrow))),0,IF(OFFSET(PLE!$G$14,$M89,BA$13)=\"\",10^12,OFFSET(PLE!$G$14,$M89,BA$13))))","v":1000000000000},{"$f":"IF($D89<>\"Serviço\",0,IF(OR(AND(AUTOEVENTO=\"Manual\",$M89=1),$M89>(ROW(PLE.lastrow)-ROW(PLE.firstrow))),0,IF(OFFSET(PLE!$G$14,$M89,BB$13)=\"\",10^12,OFFSET(PLE!$G$14,$M89,BB$13))))","v":1000000000000},{"$f":"IF($D89<>\"Serviço\",0,IF(OR(AND(AUTOEVENTO=\"Manual\",$M89=1),$M89>(ROW(PLE.lastrow)-ROW(PLE.firstrow))),0,IF(OFFSET(PLE!$G$14,$M89,BC$13)=\"\",10^12,OFFSET(PLE!$G$14,$M89,BC$13))))","v":1000000000000},{"$f":"IF($D89<>\"Serviço\",0,IF(OR(AND(AUTOEVENTO=\"Manual\",$M89=1),$M89>(ROW(PLE.lastrow)-ROW(PLE.firstrow))),0,IF(OFFSET(PLE!$G$14,$M89,BD$13)=\"\",10^12,OFFSET(PLE!$G$14,$M89,BD$13))))","v":1000000000000},{"$f":"IF($D89<>\"Serviço\",0,IF(OR(AND(AUTOEVENTO=\"Manual\",$M89=1),$M89>(ROW(PLE.lastrow)-ROW(PLE.firstrow))),0,IF(OFFSET(PLE!$G$14,$M89,BE$13)=\"\",10^12,OFFSET(PLE!$G$14,$M89,BE$13))))","v":1000000000000},{"$f":"IF($D89<>\"Serviço\",0,IF(OR(AND(AUTOEVENTO=\"Manual\",$M89=1),$M89>(ROW(PLE.lastrow)-ROW(PLE.firstrow))),0,IF(OFFSET(PLE!$G$14,$M89,BF$13)=\"\",10^12,OFFSET(PLE!$G$14,$M89,BF$13))))","v":1000000000000},{"$f":"IF($D89<>\"Serviço\",0,IF(OR(AND(AUTOEVENTO=\"Manual\",$M89=1),$M89>(ROW(PLE.lastrow)-ROW(PLE.firstrow))),0,IF(OFFSET(PLE!$G$14,$M89,BG$13)=\"\",10^12,OFFSET(PLE!$G$14,$M89,BG$13))))","v":1000000000000}]
["60",{"$f":"OFFSET(ORÇAMENTO!C$15,ROW(B90)-ROW(B$15),0)","v":"S"},{"$f":"OFFSET(ORÇAMENTO!L$15,ROW(C90)-ROW(C$15),0)","v":"F"},{"$f":"OFFSET(ORÇAMENTO!N$15,ROW(D90)-ROW(D$15),0)","v":"Serviço"},{"$f":"OFFSET(ORÇAMENTO!O$15,ROW(E90)-ROW(E$15),0)","v":"1.7.15."},{"$f":"OFFSET(ORÇAMENTO!R$15,ROW(F90)-ROW(F$15),0)","v":"BARRA DE APOIO RETA, EM ACO INOX POLIDO, COMPRIMENTO 70 CM, DIÂMETRO MINIMO 3 CM"},{"$f":"IF($D90<>\"Serviço\",\"\",OFFSET(ORÇAMENTO!S$15,ROW(G90)-ROW(G$15),0))","v":"UN    "},{"$f":"IF($D90<>\"Serviço\",0,IF(ACOMPANHAMENTO=\"BM\",ROUND(OFFSET(ORÇAMENTO!AJ$15,ROW(H90)-ROW(H$15),0),15-13*ORÇAMENTO!$AF$7),SUMPRODUCT(($Q$12:$AA$12<>\"\")*ROUND($Q90:$AA90,15-13*ORÇAMENTO!$AF$7))))","v":1},null,null,null,".",{"$f":"IF($D90<>\"Serviço\",\"\",IF(AUTOEVENTO=\"manual\",$A90,IF(ISERROR(MATCH($A90,$A$15:OFFSET($A90,-1,0),0)),MAX($M$15:OFFSET(M90,-1,0))+1,INDEX($M$15:OFFSET(M90,-1,0),MATCH($A90,$A$15:OFFSET($A90,-1,0),0)))))","v":8},{"$f":"IF($D90<>\"Serviço\",\"\",IF(AUTOEVENTO=\"Manual\",IF($A90=0,\"<-- defina o número do agrupador\",OFFSET(EVENTOS!$D$14,$A90,0)),OFFSET($F$15,$A90,0)))","v":"APARELHOS SANITÁRIOS"},null,null,null,null,null,null,null,null,null,null,null,null,null,{"$f":"IF(AND($D90=\"Serviço\",AB$12<>0,$H90>0,OR(AUTOEVENTO<>\"manual\",$M90<>1)),ROUND(OFFSET($P90,0,AB$13),15-13*ORÇAMENTO!$AF$7)/$H90*OFFSET(ORÇAMENTO!$X$15,ROW(AB90)-ROW(AB$15),0),0)","v":0},{"$f":"IF(AND($D90=\"Serviço\",AC$12<>0,$H90>0,OR(AUTOEVENTO<>\"manual\",$M90<>1)),ROUND(OFFSET($P90,0,AC$13),15-13*ORÇAMENTO!$AF$7)/$H90*OFFSET(ORÇAMENTO!$X$15,ROW(AC90)-ROW(AC$15),0),0)","v":0},{"$f":"IF(AND($D90=\"Serviço\",AD$12<>0,$H90>0,OR(AUTOEVENTO<>\"manual\",$M90<>1)),ROUND(OFFSET($P90,0,AD$13),15-13*ORÇAMENTO!$AF$7)/$H90*OFFSET(ORÇAMENTO!$X$15,ROW(AD90)-ROW(AD$15),0),0)","v":0},{"$f":"IF(AND($D90=\"Serviço\",AE$12<>0,$H90>0,OR(AUTOEVENTO<>\"manual\",$M90<>1)),ROUND(OFFSET($P90,0,AE$13),15-13*ORÇAMENTO!$AF$7)/$H90*OFFSET(ORÇAMENTO!$X$15,ROW(AE90)-ROW(AE$15),0),0)","v":0},{"$f":"IF(AND($D90=\"Serviço\",AF$12<>0,$H90>0,OR(AUTOEVENTO<>\"manual\",$M90<>1)),ROUND(OFFSET($P90,0,AF$13),15-13*ORÇAMENTO!$AF$7)/$H90*OFFSET(ORÇAMENTO!$X$15,ROW(AF90)-ROW(AF$15),0),0)","v":0},{"$f":"IF(AND($D90=\"Serviço\",AG$12<>0,$H90>0,OR(AUTOEVENTO<>\"manual\",$M90<>1)),ROUND(OFFSET($P90,0,AG$13),15-13*ORÇAMENTO!$AF$7)/$H90*OFFSET(ORÇAMENTO!$X$15,ROW(AG90)-ROW(AG$15),0),0)","v":0},{"$f":"IF(AND($D90=\"Serviço\",AH$12<>0,$H90>0,OR(AUTOEVENTO<>\"manual\",$M90<>1)),ROUND(OFFSET($P90,0,AH$13),15-13*ORÇAMENTO!$AF$7)/$H90*OFFSET(ORÇAMENTO!$X$15,ROW(AH90)-ROW(AH$15),0),0)","v":0},{"$f":"IF(AND($D90=\"Serviço\",AI$12<>0,$H90>0,OR(AUTOEVENTO<>\"manual\",$M90<>1)),ROUND(OFFSET($P90,0,AI$13),15-13*ORÇAMENTO!$AF$7)/$H90*OFFSET(ORÇAMENTO!$X$15,ROW(AI90)-ROW(AI$15),0),0)","v":0},{"$f":"IF(AND($D90=\"Serviço\",AJ$12<>0,$H90>0,OR(AUTOEVENTO<>\"manual\",$M90<>1)),ROUND(OFFSET($P90,0,AJ$13),15-13*ORÇAMENTO!$AF$7)/$H90*OFFSET(ORÇAMENTO!$X$15,ROW(AJ90)-ROW(AJ$15),0),0)","v":0},{"$f":"IF(AND($D90=\"Serviço\",AK$12<>0,$H90>0,OR(AUTOEVENTO<>\"manual\",$M90<>1)),ROUND(OFFSET($P90,0,AK$13),15-13*ORÇAMENTO!$AF$7)/$H90*OFFSET(ORÇAMENTO!$X$15,ROW(AK90)-ROW(AK$15),0),0)","v":0},null,{"$f":"IF($D90<>\"Serviço\",0,IF(AND(AUTOEVENTO=\"Manual\",$M90=1),0,IF(OFFSET(CRONOPLE!$F$14,$M90,AM$13)=\"\",10^12,OFFSET(CRONOPLE!$F$14,$M90,AM$13))))","v":1000000000000},{"$f":"IF($D90<>\"Serviço\",0,IF(AND(AUTOEVENTO=\"Manual\",$M90=1),0,IF(OFFSET(CRONOPLE!$F$14,$M90,AN$13)=\"\",10^12,OFFSET(CRONOPLE!$F$14,$M90,AN$13))))","v":1000000000000},{"$f":"IF($D90<>\"Serviço\",0,IF(AND(AUTOEVENTO=\"Manual\",$M90=1),0,IF(OFFSET(CRONOPLE!$F$14,$M90,AO$13)=\"\",10^12,OFFSET(CRONOPLE!$F$14,$M90,AO$13))))","v":1000000000000},{"$f":"IF($D90<>\"Serviço\",0,IF(AND(AUTOEVENTO=\"Manual\",$M90=1),0,IF(OFFSET(CRONOPLE!$F$14,$M90,AP$13)=\"\",10^12,OFFSET(CRONOPLE!$F$14,$M90,AP$13))))","v":1000000000000},{"$f":"IF($D90<>\"Serviço\",0,IF(AND(AUTOEVENTO=\"Manual\",$M90=1),0,IF(OFFSET(CRONOPLE!$F$14,$M90,AQ$13)=\"\",10^12,OFFSET(CRONOPLE!$F$14,$M90,AQ$13))))","v":1000000000000},{"$f":"IF($D90<>\"Serviço\",0,IF(AND(AUTOEVENTO=\"Manual\",$M90=1),0,IF(OFFSET(CRONOPLE!$F$14,$M90,AR$13)=\"\",10^12,OFFSET(CRONOPLE!$F$14,$M90,AR$13))))","v":1000000000000},{"$f":"IF($D90<>\"Serviço\",0,IF(AND(AUTOEVENTO=\"Manual\",$M90=1),0,IF(OFFSET(CRONOPLE!$F$14,$M90,AS$13)=\"\",10^12,OFFSET(CRONOPLE!$F$14,$M90,AS$13))))","v":1000000000000},{"$f":"IF($D90<>\"Serviço\",0,IF(AND(AUTOEVENTO=\"Manual\",$M90=1),0,IF(OFFSET(CRONOPLE!$F$14,$M90,AT$13)=\"\",10^12,OFFSET(CRONOPLE!$F$14,$M90,AT$13))))","v":1000000000000},{"$f":"IF($D90<>\"Serviço\",0,IF(AND(AUTOEVENTO=\"Manual\",$M90=1),0,IF(OFFSET(CRONOPLE!$F$14,$M90,AU$13)=\"\",10^12,OFFSET(CRONOPLE!$F$14,$M90,AU$13))))","v":1000000000000},{"$f":"IF($D90<>\"Serviço\",0,IF(AND(AUTOEVENTO=\"Manual\",$M90=1),0,IF(OFFSET(CRONOPLE!$F$14,$M90,AV$13)=\"\",10^12,OFFSET(CRONOPLE!$F$14,$M90,AV$13))))","v":1000000000000},null,{"$f":"IF($D90<>\"Serviço\",0,IF(OR(AND(AUTOEVENTO=\"Manual\",$M90=1),$M90>(ROW(PLE.lastrow)-ROW(PLE.firstrow))),0,IF(OFFSET(PLE!$G$14,$M90,AX$13)=\"\",10^12,OFFSET(PLE!$G$14,$M90,AX$13))))","v":1000000000000},{"$f":"IF($D90<>\"Serviço\",0,IF(OR(AND(AUTOEVENTO=\"Manual\",$M90=1),$M90>(ROW(PLE.lastrow)-ROW(PLE.firstrow))),0,IF(OFFSET(PLE!$G$14,$M90,AY$13)=\"\",10^12,OFFSET(PLE!$G$14,$M90,AY$13))))","v":1000000000000},{"$f":"IF($D90<>\"Serviço\",0,IF(OR(AND(AUTOEVENTO=\"Manual\",$M90=1),$M90>(ROW(PLE.lastrow)-ROW(PLE.firstrow))),0,IF(OFFSET(PLE!$G$14,$M90,AZ$13)=\"\",10^12,OFFSET(PLE!$G$14,$M90,AZ$13))))","v":1000000000000},{"$f":"IF($D90<>\"Serviço\",0,IF(OR(AND(AUTOEVENTO=\"Manual\",$M90=1),$M90>(ROW(PLE.lastrow)-ROW(PLE.firstrow))),0,IF(OFFSET(PLE!$G$14,$M90,BA$13)=\"\",10^12,OFFSET(PLE!$G$14,$M90,BA$13))))","v":1000000000000},{"$f":"IF($D90<>\"Serviço\",0,IF(OR(AND(AUTOEVENTO=\"Manual\",$M90=1),$M90>(ROW(PLE.lastrow)-ROW(PLE.firstrow))),0,IF(OFFSET(PLE!$G$14,$M90,BB$13)=\"\",10^12,OFFSET(PLE!$G$14,$M90,BB$13))))","v":1000000000000},{"$f":"IF($D90<>\"Serviço\",0,IF(OR(AND(AUTOEVENTO=\"Manual\",$M90=1),$M90>(ROW(PLE.lastrow)-ROW(PLE.firstrow))),0,IF(OFFSET(PLE!$G$14,$M90,BC$13)=\"\",10^12,OFFSET(PLE!$G$14,$M90,BC$13))))","v":1000000000000},{"$f":"IF($D90<>\"Serviço\",0,IF(OR(AND(AUTOEVENTO=\"Manual\",$M90=1),$M90>(ROW(PLE.lastrow)-ROW(PLE.firstrow))),0,IF(OFFSET(PLE!$G$14,$M90,BD$13)=\"\",10^12,OFFSET(PLE!$G$14,$M90,BD$13))))","v":1000000000000},{"$f":"IF($D90<>\"Serviço\",0,IF(OR(AND(AUTOEVENTO=\"Manual\",$M90=1),$M90>(ROW(PLE.lastrow)-ROW(PLE.firstrow))),0,IF(OFFSET(PLE!$G$14,$M90,BE$13)=\"\",10^12,OFFSET(PLE!$G$14,$M90,BE$13))))","v":1000000000000},{"$f":"IF($D90<>\"Serviço\",0,IF(OR(AND(AUTOEVENTO=\"Manual\",$M90=1),$M90>(ROW(PLE.lastrow)-ROW(PLE.firstrow))),0,IF(OFFSET(PLE!$G$14,$M90,BF$13)=\"\",10^12,OFFSET(PLE!$G$14,$M90,BF$13))))","v":1000000000000},{"$f":"IF($D90<>\"Serviço\",0,IF(OR(AND(AUTOEVENTO=\"Manual\",$M90=1),$M90>(ROW(PLE.lastrow)-ROW(PLE.firstrow))),0,IF(OFFSET(PLE!$G$14,$M90,BG$13)=\"\",10^12,OFFSET(PLE!$G$14,$M90,BG$13))))","v":1000000000000}]
["60",{"$f":"OFFSET(ORÇAMENTO!C$15,ROW(B91)-ROW(B$15),0)","v":"S"},{"$f":"OFFSET(ORÇAMENTO!L$15,ROW(C91)-ROW(C$15),0)","v":"F"},{"$f":"OFFSET(ORÇAMENTO!N$15,ROW(D91)-ROW(D$15),0)","v":"Serviço"},{"$f":"OFFSET(ORÇAMENTO!O$15,ROW(E91)-ROW(E$15),0)","v":"1.7.16."},{"$f":"OFFSET(ORÇAMENTO!R$15,ROW(F91)-ROW(F$15),0)","v":"SIRENE AUDIOVISUAL PCD (NBR 9050), INCLUSO TODO O SISTEMA COM ACIONADOR  E INSTALAÇÃO"},{"$f":"IF($D91<>\"Serviço\",\"\",OFFSET(ORÇAMENTO!S$15,ROW(G91)-ROW(G$15),0))","v":"UN"},{"$f":"IF($D91<>\"Serviço\",0,IF(ACOMPANHAMENTO=\"BM\",ROUND(OFFSET(ORÇAMENTO!AJ$15,ROW(H91)-ROW(H$15),0),15-13*ORÇAMENTO!$AF$7),SUMPRODUCT(($Q$12:$AA$12<>\"\")*ROUND($Q91:$AA91,15-13*ORÇAMENTO!$AF$7))))","v":1},null,null,null,".",{"$f":"IF($D91<>\"Serviço\",\"\",IF(AUTOEVENTO=\"manual\",$A91,IF(ISERROR(MATCH($A91,$A$15:OFFSET($A91,-1,0),0)),MAX($M$15:OFFSET(M91,-1,0))+1,INDEX($M$15:OFFSET(M91,-1,0),MATCH($A91,$A$15:OFFSET($A91,-1,0),0)))))","v":8},{"$f":"IF($D91<>\"Serviço\",\"\",IF(AUTOEVENTO=\"Manual\",IF($A91=0,\"<-- defina o número do agrupador\",OFFSET(EVENTOS!$D$14,$A91,0)),OFFSET($F$15,$A91,0)))","v":"APARELHOS SANITÁRIOS"},null,null,null,null,null,null,null,null,null,null,null,null,null,{"$f":"IF(AND($D91=\"Serviço\",AB$12<>0,$H91>0,OR(AUTOEVENTO<>\"manual\",$M91<>1)),ROUND(OFFSET($P91,0,AB$13),15-13*ORÇAMENTO!$AF$7)/$H91*OFFSET(ORÇAMENTO!$X$15,ROW(AB91)-ROW(AB$15),0),0)","v":0},{"$f":"IF(AND($D91=\"Serviço\",AC$12<>0,$H91>0,OR(AUTOEVENTO<>\"manual\",$M91<>1)),ROUND(OFFSET($P91,0,AC$13),15-13*ORÇAMENTO!$AF$7)/$H91*OFFSET(ORÇAMENTO!$X$15,ROW(AC91)-ROW(AC$15),0),0)","v":0},{"$f":"IF(AND($D91=\"Serviço\",AD$12<>0,$H91>0,OR(AUTOEVENTO<>\"manual\",$M91<>1)),ROUND(OFFSET($P91,0,AD$13),15-13*ORÇAMENTO!$AF$7)/$H91*OFFSET(ORÇAMENTO!$X$15,ROW(AD91)-ROW(AD$15),0),0)","v":0},{"$f":"IF(AND($D91=\"Serviço\",AE$12<>0,$H91>0,OR(AUTOEVENTO<>\"manual\",$M91<>1)),ROUND(OFFSET($P91,0,AE$13),15-13*ORÇAMENTO!$AF$7)/$H91*OFFSET(ORÇAMENTO!$X$15,ROW(AE91)-ROW(AE$15),0),0)","v":0},{"$f":"IF(AND($D91=\"Serviço\",AF$12<>0,$H91>0,OR(AUTOEVENTO<>\"manual\",$M91<>1)),ROUND(OFFSET($P91,0,AF$13),15-13*ORÇAMENTO!$AF$7)/$H91*OFFSET(ORÇAMENTO!$X$15,ROW(AF91)-ROW(AF$15),0),0)","v":0},{"$f":"IF(AND($D91=\"Serviço\",AG$12<>0,$H91>0,OR(AUTOEVENTO<>\"manual\",$M91<>1)),ROUND(OFFSET($P91,0,AG$13),15-13*ORÇAMENTO!$AF$7)/$H91*OFFSET(ORÇAMENTO!$X$15,ROW(AG91)-ROW(AG$15),0),0)","v":0},{"$f":"IF(AND($D91=\"Serviço\",AH$12<>0,$H91>0,OR(AUTOEVENTO<>\"manual\",$M91<>1)),ROUND(OFFSET($P91,0,AH$13),15-13*ORÇAMENTO!$AF$7)/$H91*OFFSET(ORÇAMENTO!$X$15,ROW(AH91)-ROW(AH$15),0),0)","v":0},{"$f":"IF(AND($D91=\"Serviço\",AI$12<>0,$H91>0,OR(AUTOEVENTO<>\"manual\",$M91<>1)),ROUND(OFFSET($P91,0,AI$13),15-13*ORÇAMENTO!$AF$7)/$H91*OFFSET(ORÇAMENTO!$X$15,ROW(AI91)-ROW(AI$15),0),0)","v":0},{"$f":"IF(AND($D91=\"Serviço\",AJ$12<>0,$H91>0,OR(AUTOEVENTO<>\"manual\",$M91<>1)),ROUND(OFFSET($P91,0,AJ$13),15-13*ORÇAMENTO!$AF$7)/$H91*OFFSET(ORÇAMENTO!$X$15,ROW(AJ91)-ROW(AJ$15),0),0)","v":0},{"$f":"IF(AND($D91=\"Serviço\",AK$12<>0,$H91>0,OR(AUTOEVENTO<>\"manual\",$M91<>1)),ROUND(OFFSET($P91,0,AK$13),15-13*ORÇAMENTO!$AF$7)/$H91*OFFSET(ORÇAMENTO!$X$15,ROW(AK91)-ROW(AK$15),0),0)","v":0},null,{"$f":"IF($D91<>\"Serviço\",0,IF(AND(AUTOEVENTO=\"Manual\",$M91=1),0,IF(OFFSET(CRONOPLE!$F$14,$M91,AM$13)=\"\",10^12,OFFSET(CRONOPLE!$F$14,$M91,AM$13))))","v":1000000000000},{"$f":"IF($D91<>\"Serviço\",0,IF(AND(AUTOEVENTO=\"Manual\",$M91=1),0,IF(OFFSET(CRONOPLE!$F$14,$M91,AN$13)=\"\",10^12,OFFSET(CRONOPLE!$F$14,$M91,AN$13))))","v":1000000000000},{"$f":"IF($D91<>\"Serviço\",0,IF(AND(AUTOEVENTO=\"Manual\",$M91=1),0,IF(OFFSET(CRONOPLE!$F$14,$M91,AO$13)=\"\",10^12,OFFSET(CRONOPLE!$F$14,$M91,AO$13))))","v":1000000000000},{"$f":"IF($D91<>\"Serviço\",0,IF(AND(AUTOEVENTO=\"Manual\",$M91=1),0,IF(OFFSET(CRONOPLE!$F$14,$M91,AP$13)=\"\",10^12,OFFSET(CRONOPLE!$F$14,$M91,AP$13))))","v":1000000000000},{"$f":"IF($D91<>\"Serviço\",0,IF(AND(AUTOEVENTO=\"Manual\",$M91=1),0,IF(OFFSET(CRONOPLE!$F$14,$M91,AQ$13)=\"\",10^12,OFFSET(CRONOPLE!$F$14,$M91,AQ$13))))","v":1000000000000},{"$f":"IF($D91<>\"Serviço\",0,IF(AND(AUTOEVENTO=\"Manual\",$M91=1),0,IF(OFFSET(CRONOPLE!$F$14,$M91,AR$13)=\"\",10^12,OFFSET(CRONOPLE!$F$14,$M91,AR$13))))","v":1000000000000},{"$f":"IF($D91<>\"Serviço\",0,IF(AND(AUTOEVENTO=\"Manual\",$M91=1),0,IF(OFFSET(CRONOPLE!$F$14,$M91,AS$13)=\"\",10^12,OFFSET(CRONOPLE!$F$14,$M91,AS$13))))","v":1000000000000},{"$f":"IF($D91<>\"Serviço\",0,IF(AND(AUTOEVENTO=\"Manual\",$M91=1),0,IF(OFFSET(CRONOPLE!$F$14,$M91,AT$13)=\"\",10^12,OFFSET(CRONOPLE!$F$14,$M91,AT$13))))","v":1000000000000},{"$f":"IF($D91<>\"Serviço\",0,IF(AND(AUTOEVENTO=\"Manual\",$M91=1),0,IF(OFFSET(CRONOPLE!$F$14,$M91,AU$13)=\"\",10^12,OFFSET(CRONOPLE!$F$14,$M91,AU$13))))","v":1000000000000},{"$f":"IF($D91<>\"Serviço\",0,IF(AND(AUTOEVENTO=\"Manual\",$M91=1),0,IF(OFFSET(CRONOPLE!$F$14,$M91,AV$13)=\"\",10^12,OFFSET(CRONOPLE!$F$14,$M91,AV$13))))","v":1000000000000},null,{"$f":"IF($D91<>\"Serviço\",0,IF(OR(AND(AUTOEVENTO=\"Manual\",$M91=1),$M91>(ROW(PLE.lastrow)-ROW(PLE.firstrow))),0,IF(OFFSET(PLE!$G$14,$M91,AX$13)=\"\",10^12,OFFSET(PLE!$G$14,$M91,AX$13))))","v":1000000000000},{"$f":"IF($D91<>\"Serviço\",0,IF(OR(AND(AUTOEVENTO=\"Manual\",$M91=1),$M91>(ROW(PLE.lastrow)-ROW(PLE.firstrow))),0,IF(OFFSET(PLE!$G$14,$M91,AY$13)=\"\",10^12,OFFSET(PLE!$G$14,$M91,AY$13))))","v":1000000000000},{"$f":"IF($D91<>\"Serviço\",0,IF(OR(AND(AUTOEVENTO=\"Manual\",$M91=1),$M91>(ROW(PLE.lastrow)-ROW(PLE.firstrow))),0,IF(OFFSET(PLE!$G$14,$M91,AZ$13)=\"\",10^12,OFFSET(PLE!$G$14,$M91,AZ$13))))","v":1000000000000},{"$f":"IF($D91<>\"Serviço\",0,IF(OR(AND(AUTOEVENTO=\"Manual\",$M91=1),$M91>(ROW(PLE.lastrow)-ROW(PLE.firstrow))),0,IF(OFFSET(PLE!$G$14,$M91,BA$13)=\"\",10^12,OFFSET(PLE!$G$14,$M91,BA$13))))","v":1000000000000},{"$f":"IF($D91<>\"Serviço\",0,IF(OR(AND(AUTOEVENTO=\"Manual\",$M91=1),$M91>(ROW(PLE.lastrow)-ROW(PLE.firstrow))),0,IF(OFFSET(PLE!$G$14,$M91,BB$13)=\"\",10^12,OFFSET(PLE!$G$14,$M91,BB$13))))","v":1000000000000},{"$f":"IF($D91<>\"Serviço\",0,IF(OR(AND(AUTOEVENTO=\"Manual\",$M91=1),$M91>(ROW(PLE.lastrow)-ROW(PLE.firstrow))),0,IF(OFFSET(PLE!$G$14,$M91,BC$13)=\"\",10^12,OFFSET(PLE!$G$14,$M91,BC$13))))","v":1000000000000},{"$f":"IF($D91<>\"Serviço\",0,IF(OR(AND(AUTOEVENTO=\"Manual\",$M91=1),$M91>(ROW(PLE.lastrow)-ROW(PLE.firstrow))),0,IF(OFFSET(PLE!$G$14,$M91,BD$13)=\"\",10^12,OFFSET(PLE!$G$14,$M91,BD$13))))","v":1000000000000},{"$f":"IF($D91<>\"Serviço\",0,IF(OR(AND(AUTOEVENTO=\"Manual\",$M91=1),$M91>(ROW(PLE.lastrow)-ROW(PLE.firstrow))),0,IF(OFFSET(PLE!$G$14,$M91,BE$13)=\"\",10^12,OFFSET(PLE!$G$14,$M91,BE$13))))","v":1000000000000},{"$f":"IF($D91<>\"Serviço\",0,IF(OR(AND(AUTOEVENTO=\"Manual\",$M91=1),$M91>(ROW(PLE.lastrow)-ROW(PLE.firstrow))),0,IF(OFFSET(PLE!$G$14,$M91,BF$13)=\"\",10^12,OFFSET(PLE!$G$14,$M91,BF$13))))","v":1000000000000},{"$f":"IF($D91<>\"Serviço\",0,IF(OR(AND(AUTOEVENTO=\"Manual\",$M91=1),$M91>(ROW(PLE.lastrow)-ROW(PLE.firstrow))),0,IF(OFFSET(PLE!$G$14,$M91,BG$13)=\"\",10^12,OFFSET(PLE!$G$14,$M91,BG$13))))","v":1000000000000}]
["77.",{"$f":"OFFSET(ORÇAMENTO!C$15,ROW(B92)-ROW(B$15),0)","v":2},{"$f":"OFFSET(ORÇAMENTO!L$15,ROW(C92)-ROW(C$15),0)","v":"F"},{"$f":"OFFSET(ORÇAMENTO!N$15,ROW(D92)-ROW(D$15),0)","v":"Nível 2"},{"$f":"OFFSET(ORÇAMENTO!O$15,ROW(E92)-ROW(E$15),0)","v":"1.8."},{"$f":"OFFSET(ORÇAMENTO!R$15,ROW(F92)-ROW(F$15),0)","v":"INSTALAÇÕES HIDROSSANITÁRIAS"},{"$f":"IF($D92<>\"Serviço\",\"\",OFFSET(ORÇAMENTO!S$15,ROW(G92)-ROW(G$15),0))","v":""},{"$f":"IF($D92<>\"Serviço\",0,IF(ACOMPANHAMENTO=\"BM\",ROUND(OFFSET(ORÇAMENTO!AJ$15,ROW(H92)-ROW(H$15),0),15-13*ORÇAMENTO!$AF$7),SUMPRODUCT(($Q$12:$AA$12<>\"\")*ROUND($Q92:$AA92,15-13*ORÇAMENTO!$AF$7))))","v":0},null,null,null,".",{"$f":"IF($D92<>\"Serviço\",\"\",IF(AUTOEVENTO=\"manual\",$A92,IF(ISERROR(MATCH($A92,$A$15:OFFSET($A92,-1,0),0)),MAX($M$15:OFFSET(M92,-1,0))+1,INDEX($M$15:OFFSET(M92,-1,0),MATCH($A92,$A$15:OFFSET($A92,-1,0),0)))))","v":""},{"$f":"IF($D92<>\"Serviço\",\"\",IF(AUTOEVENTO=\"Manual\",IF($A92=0,\"<-- defina o número do agrupador\",OFFSET(EVENTOS!$D$14,$A92,0)),OFFSET($F$15,$A92,0)))","v":""},null,null,null,null,null,null,null,null,null,null,null,null,null,{"$f":"IF(AND($D92=\"Serviço\",AB$12<>0,$H92>0,OR(AUTOEVENTO<>\"manual\",$M92<>1)),ROUND(OFFSET($P92,0,AB$13),15-13*ORÇAMENTO!$AF$7)/$H92*OFFSET(ORÇAMENTO!$X$15,ROW(AB92)-ROW(AB$15),0),0)","v":0},{"$f":"IF(AND($D92=\"Serviço\",AC$12<>0,$H92>0,OR(AUTOEVENTO<>\"manual\",$M92<>1)),ROUND(OFFSET($P92,0,AC$13),15-13*ORÇAMENTO!$AF$7)/$H92*OFFSET(ORÇAMENTO!$X$15,ROW(AC92)-ROW(AC$15),0),0)","v":0},{"$f":"IF(AND($D92=\"Serviço\",AD$12<>0,$H92>0,OR(AUTOEVENTO<>\"manual\",$M92<>1)),ROUND(OFFSET($P92,0,AD$13),15-13*ORÇAMENTO!$AF$7)/$H92*OFFSET(ORÇAMENTO!$X$15,ROW(AD92)-ROW(AD$15),0),0)","v":0},{"$f":"IF(AND($D92=\"Serviço\",AE$12<>0,$H92>0,OR(AUTOEVENTO<>\"manual\",$M92<>1)),ROUND(OFFSET($P92,0,AE$13),15-13*ORÇAMENTO!$AF$7)/$H92*OFFSET(ORÇAMENTO!$X$15,ROW(AE92)-ROW(AE$15),0),0)","v":0},{"$f":"IF(AND($D92=\"Serviço\",AF$12<>0,$H92>0,OR(AUTOEVENTO<>\"manual\",$M92<>1)),ROUND(OFFSET($P92,0,AF$13),15-13*ORÇAMENTO!$AF$7)/$H92*OFFSET(ORÇAMENTO!$X$15,ROW(AF92)-ROW(AF$15),0),0)","v":0},{"$f":"IF(AND($D92=\"Serviço\",AG$12<>0,$H92>0,OR(AUTOEVENTO<>\"manual\",$M92<>1)),ROUND(OFFSET($P92,0,AG$13),15-13*ORÇAMENTO!$AF$7)/$H92*OFFSET(ORÇAMENTO!$X$15,ROW(AG92)-ROW(AG$15),0),0)","v":0},{"$f":"IF(AND($D92=\"Serviço\",AH$12<>0,$H92>0,OR(AUTOEVENTO<>\"manual\",$M92<>1)),ROUND(OFFSET($P92,0,AH$13),15-13*ORÇAMENTO!$AF$7)/$H92*OFFSET(ORÇAMENTO!$X$15,ROW(AH92)-ROW(AH$15),0),0)","v":0},{"$f":"IF(AND($D92=\"Serviço\",AI$12<>0,$H92>0,OR(AUTOEVENTO<>\"manual\",$M92<>1)),ROUND(OFFSET($P92,0,AI$13),15-13*ORÇAMENTO!$AF$7)/$H92*OFFSET(ORÇAMENTO!$X$15,ROW(AI92)-ROW(AI$15),0),0)","v":0},{"$f":"IF(AND($D92=\"Serviço\",AJ$12<>0,$H92>0,OR(AUTOEVENTO<>\"manual\",$M92<>1)),ROUND(OFFSET($P92,0,AJ$13),15-13*ORÇAMENTO!$AF$7)/$H92*OFFSET(ORÇAMENTO!$X$15,ROW(AJ92)-ROW(AJ$15),0),0)","v":0},{"$f":"IF(AND($D92=\"Serviço\",AK$12<>0,$H92>0,OR(AUTOEVENTO<>\"manual\",$M92<>1)),ROUND(OFFSET($P92,0,AK$13),15-13*ORÇAMENTO!$AF$7)/$H92*OFFSET(ORÇAMENTO!$X$15,ROW(AK92)-ROW(AK$15),0),0)","v":0},null,{"$f":"IF($D92<>\"Serviço\",0,IF(AND(AUTOEVENTO=\"Manual\",$M92=1),0,IF(OFFSET(CRONOPLE!$F$14,$M92,AM$13)=\"\",10^12,OFFSET(CRONOPLE!$F$14,$M92,AM$13))))","v":0},{"$f":"IF($D92<>\"Serviço\",0,IF(AND(AUTOEVENTO=\"Manual\",$M92=1),0,IF(OFFSET(CRONOPLE!$F$14,$M92,AN$13)=\"\",10^12,OFFSET(CRONOPLE!$F$14,$M92,AN$13))))","v":0},{"$f":"IF($D92<>\"Serviço\",0,IF(AND(AUTOEVENTO=\"Manual\",$M92=1),0,IF(OFFSET(CRONOPLE!$F$14,$M92,AO$13)=\"\",10^12,OFFSET(CRONOPLE!$F$14,$M92,AO$13))))","v":0},{"$f":"IF($D92<>\"Serviço\",0,IF(AND(AUTOEVENTO=\"Manual\",$M92=1),0,IF(OFFSET(CRONOPLE!$F$14,$M92,AP$13)=\"\",10^12,OFFSET(CRONOPLE!$F$14,$M92,AP$13))))","v":0},{"$f":"IF($D92<>\"Serviço\",0,IF(AND(AUTOEVENTO=\"Manual\",$M92=1),0,IF(OFFSET(CRONOPLE!$F$14,$M92,AQ$13)=\"\",10^12,OFFSET(CRONOPLE!$F$14,$M92,AQ$13))))","v":0},{"$f":"IF($D92<>\"Serviço\",0,IF(AND(AUTOEVENTO=\"Manual\",$M92=1),0,IF(OFFSET(CRONOPLE!$F$14,$M92,AR$13)=\"\",10^12,OFFSET(CRONOPLE!$F$14,$M92,AR$13))))","v":0},{"$f":"IF($D92<>\"Serviço\",0,IF(AND(AUTOEVENTO=\"Manual\",$M92=1),0,IF(OFFSET(CRONOPLE!$F$14,$M92,AS$13)=\"\",10^12,OFFSET(CRONOPLE!$F$14,$M92,AS$13))))","v":0},{"$f":"IF($D92<>\"Serviço\",0,IF(AND(AUTOEVENTO=\"Manual\",$M92=1),0,IF(OFFSET(CRONOPLE!$F$14,$M92,AT$13)=\"\",10^12,OFFSET(CRONOPLE!$F$14,$M92,AT$13))))","v":0},{"$f":"IF($D92<>\"Serviço\",0,IF(AND(AUTOEVENTO=\"Manual\",$M92=1),0,IF(OFFSET(CRONOPLE!$F$14,$M92,AU$13)=\"\",10^12,OFFSET(CRONOPLE!$F$14,$M92,AU$13))))","v":0},{"$f":"IF($D92<>\"Serviço\",0,IF(AND(AUTOEVENTO=\"Manual\",$M92=1),0,IF(OFFSET(CRONOPLE!$F$14,$M92,AV$13)=\"\",10^12,OFFSET(CRONOPLE!$F$14,$M92,AV$13))))","v":0},null,{"$f":"IF($D92<>\"Serviço\",0,IF(OR(AND(AUTOEVENTO=\"Manual\",$M92=1),$M92>(ROW(PLE.lastrow)-ROW(PLE.firstrow))),0,IF(OFFSET(PLE!$G$14,$M92,AX$13)=\"\",10^12,OFFSET(PLE!$G$14,$M92,AX$13))))","v":0},{"$f":"IF($D92<>\"Serviço\",0,IF(OR(AND(AUTOEVENTO=\"Manual\",$M92=1),$M92>(ROW(PLE.lastrow)-ROW(PLE.firstrow))),0,IF(OFFSET(PLE!$G$14,$M92,AY$13)=\"\",10^12,OFFSET(PLE!$G$14,$M92,AY$13))))","v":0},{"$f":"IF($D92<>\"Serviço\",0,IF(OR(AND(AUTOEVENTO=\"Manual\",$M92=1),$M92>(ROW(PLE.lastrow)-ROW(PLE.firstrow))),0,IF(OFFSET(PLE!$G$14,$M92,AZ$13)=\"\",10^12,OFFSET(PLE!$G$14,$M92,AZ$13))))","v":0},{"$f":"IF($D92<>\"Serviço\",0,IF(OR(AND(AUTOEVENTO=\"Manual\",$M92=1),$M92>(ROW(PLE.lastrow)-ROW(PLE.firstrow))),0,IF(OFFSET(PLE!$G$14,$M92,BA$13)=\"\",10^12,OFFSET(PLE!$G$14,$M92,BA$13))))","v":0},{"$f":"IF($D92<>\"Serviço\",0,IF(OR(AND(AUTOEVENTO=\"Manual\",$M92=1),$M92>(ROW(PLE.lastrow)-ROW(PLE.firstrow))),0,IF(OFFSET(PLE!$G$14,$M92,BB$13)=\"\",10^12,OFFSET(PLE!$G$14,$M92,BB$13))))","v":0},{"$f":"IF($D92<>\"Serviço\",0,IF(OR(AND(AUTOEVENTO=\"Manual\",$M92=1),$M92>(ROW(PLE.lastrow)-ROW(PLE.firstrow))),0,IF(OFFSET(PLE!$G$14,$M92,BC$13)=\"\",10^12,OFFSET(PLE!$G$14,$M92,BC$13))))","v":0},{"$f":"IF($D92<>\"Serviço\",0,IF(OR(AND(AUTOEVENTO=\"Manual\",$M92=1),$M92>(ROW(PLE.lastrow)-ROW(PLE.firstrow))),0,IF(OFFSET(PLE!$G$14,$M92,BD$13)=\"\",10^12,OFFSET(PLE!$G$14,$M92,BD$13))))","v":0},{"$f":"IF($D92<>\"Serviço\",0,IF(OR(AND(AUTOEVENTO=\"Manual\",$M92=1),$M92>(ROW(PLE.lastrow)-ROW(PLE.firstrow))),0,IF(OFFSET(PLE!$G$14,$M92,BE$13)=\"\",10^12,OFFSET(PLE!$G$14,$M92,BE$13))))","v":0},{"$f":"IF($D92<>\"Serviço\",0,IF(OR(AND(AUTOEVENTO=\"Manual\",$M92=1),$M92>(ROW(PLE.lastrow)-ROW(PLE.firstrow))),0,IF(OFFSET(PLE!$G$14,$M92,BF$13)=\"\",10^12,OFFSET(PLE!$G$14,$M92,BF$13))))","v":0},{"$f":"IF($D92<>\"Serviço\",0,IF(OR(AND(AUTOEVENTO=\"Manual\",$M92=1),$M92>(ROW(PLE.lastrow)-ROW(PLE.firstrow))),0,IF(OFFSET(PLE!$G$14,$M92,BG$13)=\"\",10^12,OFFSET(PLE!$G$14,$M92,BG$13))))","v":0}]
["77",{"$f":"OFFSET(ORÇAMENTO!C$15,ROW(B93)-ROW(B$15),0)","v":"S"},{"$f":"OFFSET(ORÇAMENTO!L$15,ROW(C93)-ROW(C$15),0)","v":"F"},{"$f":"OFFSET(ORÇAMENTO!N$15,ROW(D93)-ROW(D$15),0)","v":"Serviço"},{"$f":"OFFSET(ORÇAMENTO!O$15,ROW(E93)-ROW(E$15),0)","v":"1.8.1."},{"$f":"OFFSET(ORÇAMENTO!R$15,ROW(F93)-ROW(F$15),0)","v":"HIDRÔMETRO DN 25 (3/4), 5,0 M³/H FORNECIMENTO E INSTALAÇÃO"},{"$f":"IF($D93<>\"Serviço\",\"\",OFFSET(ORÇAMENTO!S$15,ROW(G93)-ROW(G$15),0))","v":"UN"},{"$f":"IF($D93<>\"Serviço\",0,IF(ACOMPANHAMENTO=\"BM\",ROUND(OFFSET(ORÇAMENTO!AJ$15,ROW(H93)-ROW(H$15),0),15-13*ORÇAMENTO!$AF$7),SUMPRODUCT(($Q$12:$AA$12<>\"\")*ROUND($Q93:$AA93,15-13*ORÇAMENTO!$AF$7))))","v":1},null,null,null,".",{"$f":"IF($D93<>\"Serviço\",\"\",IF(AUTOEVENTO=\"manual\",$A93,IF(ISERROR(MATCH($A93,$A$15:OFFSET($A93,-1,0),0)),MAX($M$15:OFFSET(M93,-1,0))+1,INDEX($M$15:OFFSET(M93,-1,0),MATCH($A93,$A$15:OFFSET($A93,-1,0),0)))))","v":9},{"$f":"IF($D93<>\"Serviço\",\"\",IF(AUTOEVENTO=\"Manual\",IF($A93=0,\"<-- defina o número do agrupador\",OFFSET(EVENTOS!$D$14,$A93,0)),OFFSET($F$15,$A93,0)))","v":"INSTALAÇÕES HIDROSSANITÁRIAS"},null,null,null,null,null,null,null,null,null,null,null,null,null,{"$f":"IF(AND($D93=\"Serviço\",AB$12<>0,$H93>0,OR(AUTOEVENTO<>\"manual\",$M93<>1)),ROUND(OFFSET($P93,0,AB$13),15-13*ORÇAMENTO!$AF$7)/$H93*OFFSET(ORÇAMENTO!$X$15,ROW(AB93)-ROW(AB$15),0),0)","v":0},{"$f":"IF(AND($D93=\"Serviço\",AC$12<>0,$H93>0,OR(AUTOEVENTO<>\"manual\",$M93<>1)),ROUND(OFFSET($P93,0,AC$13),15-13*ORÇAMENTO!$AF$7)/$H93*OFFSET(ORÇAMENTO!$X$15,ROW(AC93)-ROW(AC$15),0),0)","v":0},{"$f":"IF(AND($D93=\"Serviço\",AD$12<>0,$H93>0,OR(AUTOEVENTO<>\"manual\",$M93<>1)),ROUND(OFFSET($P93,0,AD$13),15-13*ORÇAMENTO!$AF$7)/$H93*OFFSET(ORÇAMENTO!$X$15,ROW(AD93)-ROW(AD$15),0),0)","v":0},{"$f":"IF(AND($D93=\"Serviço\",AE$12<>0,$H93>0,OR(AUTOEVENTO<>\"manual\",$M93<>1)),ROUND(OFFSET($P93,0,AE$13),15-13*ORÇAMENTO!$AF$7)/$H93*OFFSET(ORÇAMENTO!$X$15,ROW(AE93)-ROW(AE$15),0),0)","v":0},{"$f":"IF(AND($D93=\"Serviço\",AF$12<>0,$H93>0,OR(AUTOEVENTO<>\"manual\",$M93<>1)),ROUND(OFFSET($P93,0,AF$13),15-13*ORÇAMENTO!$AF$7)/$H93*OFFSET(ORÇAMENTO!$X$15,ROW(AF93)-ROW(AF$15),0),0)","v":0},{"$f":"IF(AND($D93=\"Serviço\",AG$12<>0,$H93>0,OR(AUTOEVENTO<>\"manual\",$M93<>1)),ROUND(OFFSET($P93,0,AG$13),15-13*ORÇAMENTO!$AF$7)/$H93*OFFSET(ORÇAMENTO!$X$15,ROW(AG93)-ROW(AG$15),0),0)","v":0},{"$f":"IF(AND($D93=\"Serviço\",AH$12<>0,$H93>0,OR(AUTOEVENTO<>\"manual\",$M93<>1)),ROUND(OFFSET($P93,0,AH$13),15-13*ORÇAMENTO!$AF$7)/$H93*OFFSET(ORÇAMENTO!$X$15,ROW(AH93)-ROW(AH$15),0),0)","v":0},{"$f":"IF(AND($D93=\"Serviço\",AI$12<>0,$H93>0,OR(AUTOEVENTO<>\"manual\",$M93<>1)),ROUND(OFFSET($P93,0,AI$13),15-13*ORÇAMENTO!$AF$7)/$H93*OFFSET(ORÇAMENTO!$X$15,ROW(AI93)-ROW(AI$15),0),0)","v":0},{"$f":"IF(AND($D93=\"Serviço\",AJ$12<>0,$H93>0,OR(AUTOEVENTO<>\"manual\",$M93<>1)),ROUND(OFFSET($P93,0,AJ$13),15-13*ORÇAMENTO!$AF$7)/$H93*OFFSET(ORÇAMENTO!$X$15,ROW(AJ93)-ROW(AJ$15),0),0)","v":0},{"$f":"IF(AND($D93=\"Serviço\",AK$12<>0,$H93>0,OR(AUTOEVENTO<>\"manual\",$M93<>1)),ROUND(OFFSET($P93,0,AK$13),15-13*ORÇAMENTO!$AF$7)/$H93*OFFSET(ORÇAMENTO!$X$15,ROW(AK93)-ROW(AK$15),0),0)","v":0},null,{"$f":"IF($D93<>\"Serviço\",0,IF(AND(AUTOEVENTO=\"Manual\",$M93=1),0,IF(OFFSET(CRONOPLE!$F$14,$M93,AM$13)=\"\",10^12,OFFSET(CRONOPLE!$F$14,$M93,AM$13))))","v":1000000000000},{"$f":"IF($D93<>\"Serviço\",0,IF(AND(AUTOEVENTO=\"Manual\",$M93=1),0,IF(OFFSET(CRONOPLE!$F$14,$M93,AN$13)=\"\",10^12,OFFSET(CRONOPLE!$F$14,$M93,AN$13))))","v":1000000000000},{"$f":"IF($D93<>\"Serviço\",0,IF(AND(AUTOEVENTO=\"Manual\",$M93=1),0,IF(OFFSET(CRONOPLE!$F$14,$M93,AO$13)=\"\",10^12,OFFSET(CRONOPLE!$F$14,$M93,AO$13))))","v":1000000000000},{"$f":"IF($D93<>\"Serviço\",0,IF(AND(AUTOEVENTO=\"Manual\",$M93=1),0,IF(OFFSET(CRONOPLE!$F$14,$M93,AP$13)=\"\",10^12,OFFSET(CRONOPLE!$F$14,$M93,AP$13))))","v":1000000000000},{"$f":"IF($D93<>\"Serviço\",0,IF(AND(AUTOEVENTO=\"Manual\",$M93=1),0,IF(OFFSET(CRONOPLE!$F$14,$M93,AQ$13)=\"\",10^12,OFFSET(CRONOPLE!$F$14,$M93,AQ$13))))","v":1000000000000},{"$f":"IF($D93<>\"Serviço\",0,IF(AND(AUTOEVENTO=\"Manual\",$M93=1),0,IF(OFFSET(CRONOPLE!$F$14,$M93,AR$13)=\"\",10^12,OFFSET(CRONOPLE!$F$14,$M93,AR$13))))","v":1000000000000},{"$f":"IF($D93<>\"Serviço\",0,IF(AND(AUTOEVENTO=\"Manual\",$M93=1),0,IF(OFFSET(CRONOPLE!$F$14,$M93,AS$13)=\"\",10^12,OFFSET(CRONOPLE!$F$14,$M93,AS$13))))","v":1000000000000},{"$f":"IF($D93<>\"Serviço\",0,IF(AND(AUTOEVENTO=\"Manual\",$M93=1),0,IF(OFFSET(CRONOPLE!$F$14,$M93,AT$13)=\"\",10^12,OFFSET(CRONOPLE!$F$14,$M93,AT$13))))","v":1000000000000},{"$f":"IF($D93<>\"Serviço\",0,IF(AND(AUTOEVENTO=\"Manual\",$M93=1),0,IF(OFFSET(CRONOPLE!$F$14,$M93,AU$13)=\"\",10^12,OFFSET(CRONOPLE!$F$14,$M93,AU$13))))","v":1000000000000},{"$f":"IF($D93<>\"Serviço\",0,IF(AND(AUTOEVENTO=\"Manual\",$M93=1),0,IF(OFFSET(CRONOPLE!$F$14,$M93,AV$13)=\"\",10^12,OFFSET(CRONOPLE!$F$14,$M93,AV$13))))","v":1000000000000},null,{"$f":"IF($D93<>\"Serviço\",0,IF(OR(AND(AUTOEVENTO=\"Manual\",$M93=1),$M93>(ROW(PLE.lastrow)-ROW(PLE.firstrow))),0,IF(OFFSET(PLE!$G$14,$M93,AX$13)=\"\",10^12,OFFSET(PLE!$G$14,$M93,AX$13))))","v":1000000000000},{"$f":"IF($D93<>\"Serviço\",0,IF(OR(AND(AUTOEVENTO=\"Manual\",$M93=1),$M93>(ROW(PLE.lastrow)-ROW(PLE.firstrow))),0,IF(OFFSET(PLE!$G$14,$M93,AY$13)=\"\",10^12,OFFSET(PLE!$G$14,$M93,AY$13))))","v":1000000000000},{"$f":"IF($D93<>\"Serviço\",0,IF(OR(AND(AUTOEVENTO=\"Manual\",$M93=1),$M93>(ROW(PLE.lastrow)-ROW(PLE.firstrow))),0,IF(OFFSET(PLE!$G$14,$M93,AZ$13)=\"\",10^12,OFFSET(PLE!$G$14,$M93,AZ$13))))","v":1000000000000},{"$f":"IF($D93<>\"Serviço\",0,IF(OR(AND(AUTOEVENTO=\"Manual\",$M93=1),$M93>(ROW(PLE.lastrow)-ROW(PLE.firstrow))),0,IF(OFFSET(PLE!$G$14,$M93,BA$13)=\"\",10^12,OFFSET(PLE!$G$14,$M93,BA$13))))","v":1000000000000},{"$f":"IF($D93<>\"Serviço\",0,IF(OR(AND(AUTOEVENTO=\"Manual\",$M93=1),$M93>(ROW(PLE.lastrow)-ROW(PLE.firstrow))),0,IF(OFFSET(PLE!$G$14,$M93,BB$13)=\"\",10^12,OFFSET(PLE!$G$14,$M93,BB$13))))","v":1000000000000},{"$f":"IF($D93<>\"Serviço\",0,IF(OR(AND(AUTOEVENTO=\"Manual\",$M93=1),$M93>(ROW(PLE.lastrow)-ROW(PLE.firstrow))),0,IF(OFFSET(PLE!$G$14,$M93,BC$13)=\"\",10^12,OFFSET(PLE!$G$14,$M93,BC$13))))","v":1000000000000},{"$f":"IF($D93<>\"Serviço\",0,IF(OR(AND(AUTOEVENTO=\"Manual\",$M93=1),$M93>(ROW(PLE.lastrow)-ROW(PLE.firstrow))),0,IF(OFFSET(PLE!$G$14,$M93,BD$13)=\"\",10^12,OFFSET(PLE!$G$14,$M93,BD$13))))","v":1000000000000},{"$f":"IF($D93<>\"Serviço\",0,IF(OR(AND(AUTOEVENTO=\"Manual\",$M93=1),$M93>(ROW(PLE.lastrow)-ROW(PLE.firstrow))),0,IF(OFFSET(PLE!$G$14,$M93,BE$13)=\"\",10^12,OFFSET(PLE!$G$14,$M93,BE$13))))","v":1000000000000},{"$f":"IF($D93<>\"Serviço\",0,IF(OR(AND(AUTOEVENTO=\"Manual\",$M93=1),$M93>(ROW(PLE.lastrow)-ROW(PLE.firstrow))),0,IF(OFFSET(PLE!$G$14,$M93,BF$13)=\"\",10^12,OFFSET(PLE!$G$14,$M93,BF$13))))","v":1000000000000},{"$f":"IF($D93<>\"Serviço\",0,IF(OR(AND(AUTOEVENTO=\"Manual\",$M93=1),$M93>(ROW(PLE.lastrow)-ROW(PLE.firstrow))),0,IF(OFFSET(PLE!$G$14,$M93,BG$13)=\"\",10^12,OFFSET(PLE!$G$14,$M93,BG$13))))","v":1000000000000}]
["77",{"$f":"OFFSET(ORÇAMENTO!C$15,ROW(B94)-ROW(B$15),0)","v":"S"},{"$f":"OFFSET(ORÇAMENTO!L$15,ROW(C94)-ROW(C$15),0)","v":"F"},{"$f":"OFFSET(ORÇAMENTO!N$15,ROW(D94)-ROW(D$15),0)","v":"Serviço"},{"$f":"OFFSET(ORÇAMENTO!O$15,ROW(E94)-ROW(E$15),0)","v":"1.8.2."},{"$f":"OFFSET(ORÇAMENTO!R$15,ROW(F94)-ROW(F$15),0)","v":"KIT CAVALETE PARA MEDIÇÃO DE ÁGUA - ENTRADA PRINCIPAL, EM PVC SOLDÁVEL DN 25 (3/4\") FORNECIMENTO E INSTALAÇÃO (EXCLUSIVE HIDRÔMETRO)"},{"$f":"IF($D94<>\"Serviço\",\"\",OFFSET(ORÇAMENTO!S$15,ROW(G94)-ROW(G$15),0))","v":"UN"},{"$f":"IF($D94<>\"Serviço\",0,IF(ACOMPANHAMENTO=\"BM\",ROUND(OFFSET(ORÇAMENTO!AJ$15,ROW(H94)-ROW(H$15),0),15-13*ORÇAMENTO!$AF$7),SUMPRODUCT(($Q$12:$AA$12<>\"\")*ROUND($Q94:$AA94,15-13*ORÇAMENTO!$AF$7))))","v":1},null,null,null,".",{"$f":"IF($D94<>\"Serviço\",\"\",IF(AUTOEVENTO=\"manual\",$A94,IF(ISERROR(MATCH($A94,$A$15:OFFSET($A94,-1,0),0)),MAX($M$15:OFFSET(M94,-1,0))+1,INDEX($M$15:OFFSET(M94,-1,0),MATCH($A94,$A$15:OFFSET($A94,-1,0),0)))))","v":9},{"$f":"IF($D94<>\"Serviço\",\"\",IF(AUTOEVENTO=\"Manual\",IF($A94=0,\"<-- defina o número do agrupador\",OFFSET(EVENTOS!$D$14,$A94,0)),OFFSET($F$15,$A94,0)))","v":"INSTALAÇÕES HIDROSSANITÁRIAS"},null,null,null,null,null,null,null,null,null,null,null,null,null,{"$f":"IF(AND($D94=\"Serviço\",AB$12<>0,$H94>0,OR(AUTOEVENTO<>\"manual\",$M94<>1)),ROUND(OFFSET($P94,0,AB$13),15-13*ORÇAMENTO!$AF$7)/$H94*OFFSET(ORÇAMENTO!$X$15,ROW(AB94)-ROW(AB$15),0),0)","v":0},{"$f":"IF(AND($D94=\"Serviço\",AC$12<>0,$H94>0,OR(AUTOEVENTO<>\"manual\",$M94<>1)),ROUND(OFFSET($P94,0,AC$13),15-13*ORÇAMENTO!$AF$7)/$H94*OFFSET(ORÇAMENTO!$X$15,ROW(AC94)-ROW(AC$15),0),0)","v":0},{"$f":"IF(AND($D94=\"Serviço\",AD$12<>0,$H94>0,OR(AUTOEVENTO<>\"manual\",$M94<>1)),ROUND(OFFSET($P94,0,AD$13),15-13*ORÇAMENTO!$AF$7)/$H94*OFFSET(ORÇAMENTO!$X$15,ROW(AD94)-ROW(AD$15),0),0)","v":0},{"$f":"IF(AND($D94=\"Serviço\",AE$12<>0,$H94>0,OR(AUTOEVENTO<>\"manual\",$M94<>1)),ROUND(OFFSET($P94,0,AE$13),15-13*ORÇAMENTO!$AF$7)/$H94*OFFSET(ORÇAMENTO!$X$15,ROW(AE94)-ROW(AE$15),0),0)","v":0},{"$f":"IF(AND($D94=\"Serviço\",AF$12<>0,$H94>0,OR(AUTOEVENTO<>\"manual\",$M94<>1)),ROUND(OFFSET($P94,0,AF$13),15-13*ORÇAMENTO!$AF$7)/$H94*OFFSET(ORÇAMENTO!$X$15,ROW(AF94)-ROW(AF$15),0),0)","v":0},{"$f":"IF(AND($D94=\"Serviço\",AG$12<>0,$H94>0,OR(AUTOEVENTO<>\"manual\",$M94<>1)),ROUND(OFFSET($P94,0,AG$13),15-13*ORÇAMENTO!$AF$7)/$H94*OFFSET(ORÇAMENTO!$X$15,ROW(AG94)-ROW(AG$15),0),0)","v":0},{"$f":"IF(AND($D94=\"Serviço\",AH$12<>0,$H94>0,OR(AUTOEVENTO<>\"manual\",$M94<>1)),ROUND(OFFSET($P94,0,AH$13),15-13*ORÇAMENTO!$AF$7)/$H94*OFFSET(ORÇAMENTO!$X$15,ROW(AH94)-ROW(AH$15),0),0)","v":0},{"$f":"IF(AND($D94=\"Serviço\",AI$12<>0,$H94>0,OR(AUTOEVENTO<>\"manual\",$M94<>1)),ROUND(OFFSET($P94,0,AI$13),15-13*ORÇAMENTO!$AF$7)/$H94*OFFSET(ORÇAMENTO!$X$15,ROW(AI94)-ROW(AI$15),0),0)","v":0},{"$f":"IF(AND($D94=\"Serviço\",AJ$12<>0,$H94>0,OR(AUTOEVENTO<>\"manual\",$M94<>1)),ROUND(OFFSET($P94,0,AJ$13),15-13*ORÇAMENTO!$AF$7)/$H94*OFFSET(ORÇAMENTO!$X$15,ROW(AJ94)-ROW(AJ$15),0),0)","v":0},{"$f":"IF(AND($D94=\"Serviço\",AK$12<>0,$H94>0,OR(AUTOEVENTO<>\"manual\",$M94<>1)),ROUND(OFFSET($P94,0,AK$13),15-13*ORÇAMENTO!$AF$7)/$H94*OFFSET(ORÇAMENTO!$X$15,ROW(AK94)-ROW(AK$15),0),0)","v":0},null,{"$f":"IF($D94<>\"Serviço\",0,IF(AND(AUTOEVENTO=\"Manual\",$M94=1),0,IF(OFFSET(CRONOPLE!$F$14,$M94,AM$13)=\"\",10^12,OFFSET(CRONOPLE!$F$14,$M94,AM$13))))","v":1000000000000},{"$f":"IF($D94<>\"Serviço\",0,IF(AND(AUTOEVENTO=\"Manual\",$M94=1),0,IF(OFFSET(CRONOPLE!$F$14,$M94,AN$13)=\"\",10^12,OFFSET(CRONOPLE!$F$14,$M94,AN$13))))","v":1000000000000},{"$f":"IF($D94<>\"Serviço\",0,IF(AND(AUTOEVENTO=\"Manual\",$M94=1),0,IF(OFFSET(CRONOPLE!$F$14,$M94,AO$13)=\"\",10^12,OFFSET(CRONOPLE!$F$14,$M94,AO$13))))","v":1000000000000},{"$f":"IF($D94<>\"Serviço\",0,IF(AND(AUTOEVENTO=\"Manual\",$M94=1),0,IF(OFFSET(CRONOPLE!$F$14,$M94,AP$13)=\"\",10^12,OFFSET(CRONOPLE!$F$14,$M94,AP$13))))","v":1000000000000},{"$f":"IF($D94<>\"Serviço\",0,IF(AND(AUTOEVENTO=\"Manual\",$M94=1),0,IF(OFFSET(CRONOPLE!$F$14,$M94,AQ$13)=\"\",10^12,OFFSET(CRONOPLE!$F$14,$M94,AQ$13))))","v":1000000000000},{"$f":"IF($D94<>\"Serviço\",0,IF(AND(AUTOEVENTO=\"Manual\",$M94=1),0,IF(OFFSET(CRONOPLE!$F$14,$M94,AR$13)=\"\",10^12,OFFSET(CRONOPLE!$F$14,$M94,AR$13))))","v":1000000000000},{"$f":"IF($D94<>\"Serviço\",0,IF(AND(AUTOEVENTO=\"Manual\",$M94=1),0,IF(OFFSET(CRONOPLE!$F$14,$M94,AS$13)=\"\",10^12,OFFSET(CRONOPLE!$F$14,$M94,AS$13))))","v":1000000000000},{"$f":"IF($D94<>\"Serviço\",0,IF(AND(AUTOEVENTO=\"Manual\",$M94=1),0,IF(OFFSET(CRONOPLE!$F$14,$M94,AT$13)=\"\",10^12,OFFSET(CRONOPLE!$F$14,$M94,AT$13))))","v":1000000000000},{"$f":"IF($D94<>\"Serviço\",0,IF(AND(AUTOEVENTO=\"Manual\",$M94=1),0,IF(OFFSET(CRONOPLE!$F$14,$M94,AU$13)=\"\",10^12,OFFSET(CRONOPLE!$F$14,$M94,AU$13))))","v":1000000000000},{"$f":"IF($D94<>\"Serviço\",0,IF(AND(AUTOEVENTO=\"Manual\",$M94=1),0,IF(OFFSET(CRONOPLE!$F$14,$M94,AV$13)=\"\",10^12,OFFSET(CRONOPLE!$F$14,$M94,AV$13))))","v":1000000000000},null,{"$f":"IF($D94<>\"Serviço\",0,IF(OR(AND(AUTOEVENTO=\"Manual\",$M94=1),$M94>(ROW(PLE.lastrow)-ROW(PLE.firstrow))),0,IF(OFFSET(PLE!$G$14,$M94,AX$13)=\"\",10^12,OFFSET(PLE!$G$14,$M94,AX$13))))","v":1000000000000},{"$f":"IF($D94<>\"Serviço\",0,IF(OR(AND(AUTOEVENTO=\"Manual\",$M94=1),$M94>(ROW(PLE.lastrow)-ROW(PLE.firstrow))),0,IF(OFFSET(PLE!$G$14,$M94,AY$13)=\"\",10^12,OFFSET(PLE!$G$14,$M94,AY$13))))","v":1000000000000},{"$f":"IF($D94<>\"Serviço\",0,IF(OR(AND(AUTOEVENTO=\"Manual\",$M94=1),$M94>(ROW(PLE.lastrow)-ROW(PLE.firstrow))),0,IF(OFFSET(PLE!$G$14,$M94,AZ$13)=\"\",10^12,OFFSET(PLE!$G$14,$M94,AZ$13))))","v":1000000000000},{"$f":"IF($D94<>\"Serviço\",0,IF(OR(AND(AUTOEVENTO=\"Manual\",$M94=1),$M94>(ROW(PLE.lastrow)-ROW(PLE.firstrow))),0,IF(OFFSET(PLE!$G$14,$M94,BA$13)=\"\",10^12,OFFSET(PLE!$G$14,$M94,BA$13))))","v":1000000000000},{"$f":"IF($D94<>\"Serviço\",0,IF(OR(AND(AUTOEVENTO=\"Manual\",$M94=1),$M94>(ROW(PLE.lastrow)-ROW(PLE.firstrow))),0,IF(OFFSET(PLE!$G$14,$M94,BB$13)=\"\",10^12,OFFSET(PLE!$G$14,$M94,BB$13))))","v":1000000000000},{"$f":"IF($D94<>\"Serviço\",0,IF(OR(AND(AUTOEVENTO=\"Manual\",$M94=1),$M94>(ROW(PLE.lastrow)-ROW(PLE.firstrow))),0,IF(OFFSET(PLE!$G$14,$M94,BC$13)=\"\",10^12,OFFSET(PLE!$G$14,$M94,BC$13))))","v":1000000000000},{"$f":"IF($D94<>\"Serviço\",0,IF(OR(AND(AUTOEVENTO=\"Manual\",$M94=1),$M94>(ROW(PLE.lastrow)-ROW(PLE.firstrow))),0,IF(OFFSET(PLE!$G$14,$M94,BD$13)=\"\",10^12,OFFSET(PLE!$G$14,$M94,BD$13))))","v":1000000000000},{"$f":"IF($D94<>\"Serviço\",0,IF(OR(AND(AUTOEVENTO=\"Manual\",$M94=1),$M94>(ROW(PLE.lastrow)-ROW(PLE.firstrow))),0,IF(OFFSET(PLE!$G$14,$M94,BE$13)=\"\",10^12,OFFSET(PLE!$G$14,$M94,BE$13))))","v":1000000000000},{"$f":"IF($D94<>\"Serviço\",0,IF(OR(AND(AUTOEVENTO=\"Manual\",$M94=1),$M94>(ROW(PLE.lastrow)-ROW(PLE.firstrow))),0,IF(OFFSET(PLE!$G$14,$M94,BF$13)=\"\",10^12,OFFSET(PLE!$G$14,$M94,BF$13))))","v":1000000000000},{"$f":"IF($D94<>\"Serviço\",0,IF(OR(AND(AUTOEVENTO=\"Manual\",$M94=1),$M94>(ROW(PLE.lastrow)-ROW(PLE.firstrow))),0,IF(OFFSET(PLE!$G$14,$M94,BG$13)=\"\",10^12,OFFSET(PLE!$G$14,$M94,BG$13))))","v":1000000000000}]
["77",{"$f":"OFFSET(ORÇAMENTO!C$15,ROW(B95)-ROW(B$15),0)","v":"S"},{"$f":"OFFSET(ORÇAMENTO!L$15,ROW(C95)-ROW(C$15),0)","v":"F"},{"$f":"OFFSET(ORÇAMENTO!N$15,ROW(D95)-ROW(D$15),0)","v":"Serviço"},{"$f":"OFFSET(ORÇAMENTO!O$15,ROW(E95)-ROW(E$15),0)","v":"1.8.3."},{"$f":"OFFSET(ORÇAMENTO!R$15,ROW(F95)-ROW(F$15),0)","v":"CAIXA EM CONCRETO PRÉ-MOLDADO PARA ABRIGO DE HIDRÔMETRO COM DN 20 (1/2\u0094)\u0096 FORNECIMENTO E INSTALAÇÃO"},{"$f":"IF($D95<>\"Serviço\",\"\",OFFSET(ORÇAMENTO!S$15,ROW(G95)-ROW(G$15),0))","v":"UN"},{"$f":"IF($D95<>\"Serviço\",0,IF(ACOMPANHAMENTO=\"BM\",ROUND(OFFSET(ORÇAMENTO!AJ$15,ROW(H95)-ROW(H$15),0),15-13*ORÇAMENTO!$AF$7),SUMPRODUCT(($Q$12:$AA$12<>\"\")*ROUND($Q95:$AA95,15-13*ORÇAMENTO!$AF$7))))","v":1},null,null,null,".",{"$f":"IF($D95<>\"Serviço\",\"\",IF(AUTOEVENTO=\"manual\",$A95,IF(ISERROR(MATCH($A95,$A$15:OFFSET($A95,-1,0),0)),MAX($M$15:OFFSET(M95,-1,0))+1,INDEX($M$15:OFFSET(M95,-1,0),MATCH($A95,$A$15:OFFSET($A95,-1,0),0)))))","v":9},{"$f":"IF($D95<>\"Serviço\",\"\",IF(AUTOEVENTO=\"Manual\",IF($A95=0,\"<-- defina o número do agrupador\",OFFSET(EVENTOS!$D$14,$A95,0)),OFFSET($F$15,$A95,0)))","v":"INSTALAÇÕES HIDROSSANITÁRIAS"},null,null,null,null,null,null,null,null,null,null,null,null,null,{"$f":"IF(AND($D95=\"Serviço\",AB$12<>0,$H95>0,OR(AUTOEVENTO<>\"manual\",$M95<>1)),ROUND(OFFSET($P95,0,AB$13),15-13*ORÇAMENTO!$AF$7)/$H95*OFFSET(ORÇAMENTO!$X$15,ROW(AB95)-ROW(AB$15),0),0)","v":0},{"$f":"IF(AND($D95=\"Serviço\",AC$12<>0,$H95>0,OR(AUTOEVENTO<>\"manual\",$M95<>1)),ROUND(OFFSET($P95,0,AC$13),15-13*ORÇAMENTO!$AF$7)/$H95*OFFSET(ORÇAMENTO!$X$15,ROW(AC95)-ROW(AC$15),0),0)","v":0},{"$f":"IF(AND($D95=\"Serviço\",AD$12<>0,$H95>0,OR(AUTOEVENTO<>\"manual\",$M95<>1)),ROUND(OFFSET($P95,0,AD$13),15-13*ORÇAMENTO!$AF$7)/$H95*OFFSET(ORÇAMENTO!$X$15,ROW(AD95)-ROW(AD$15),0),0)","v":0},{"$f":"IF(AND($D95=\"Serviço\",AE$12<>0,$H95>0,OR(AUTOEVENTO<>\"manual\",$M95<>1)),ROUND(OFFSET($P95,0,AE$13),15-13*ORÇAMENTO!$AF$7)/$H95*OFFSET(ORÇAMENTO!$X$15,ROW(AE95)-ROW(AE$15),0),0)","v":0},{"$f":"IF(AND($D95=\"Serviço\",AF$12<>0,$H95>0,OR(AUTOEVENTO<>\"manual\",$M95<>1)),ROUND(OFFSET($P95,0,AF$13),15-13*ORÇAMENTO!$AF$7)/$H95*OFFSET(ORÇAMENTO!$X$15,ROW(AF95)-ROW(AF$15),0),0)","v":0},{"$f":"IF(AND($D95=\"Serviço\",AG$12<>0,$H95>0,OR(AUTOEVENTO<>\"manual\",$M95<>1)),ROUND(OFFSET($P95,0,AG$13),15-13*ORÇAMENTO!$AF$7)/$H95*OFFSET(ORÇAMENTO!$X$15,ROW(AG95)-ROW(AG$15),0),0)","v":0},{"$f":"IF(AND($D95=\"Serviço\",AH$12<>0,$H95>0,OR(AUTOEVENTO<>\"manual\",$M95<>1)),ROUND(OFFSET($P95,0,AH$13),15-13*ORÇAMENTO!$AF$7)/$H95*OFFSET(ORÇAMENTO!$X$15,ROW(AH95)-ROW(AH$15),0),0)","v":0},{"$f":"IF(AND($D95=\"Serviço\",AI$12<>0,$H95>0,OR(AUTOEVENTO<>\"manual\",$M95<>1)),ROUND(OFFSET($P95,0,AI$13),15-13*ORÇAMENTO!$AF$7)/$H95*OFFSET(ORÇAMENTO!$X$15,ROW(AI95)-ROW(AI$15),0),0)","v":0},{"$f":"IF(AND($D95=\"Serviço\",AJ$12<>0,$H95>0,OR(AUTOEVENTO<>\"manual\",$M95<>1)),ROUND(OFFSET($P95,0,AJ$13),15-13*ORÇAMENTO!$AF$7)/$H95*OFFSET(ORÇAMENTO!$X$15,ROW(AJ95)-ROW(AJ$15),0),0)","v":0},{"$f":"IF(AND($D95=\"Serviço\",AK$12<>0,$H95>0,OR(AUTOEVENTO<>\"manual\",$M95<>1)),ROUND(OFFSET($P95,0,AK$13),15-13*ORÇAMENTO!$AF$7)/$H95*OFFSET(ORÇAMENTO!$X$15,ROW(AK95)-ROW(AK$15),0),0)","v":0},null,{"$f":"IF($D95<>\"Serviço\",0,IF(AND(AUTOEVENTO=\"Manual\",$M95=1),0,IF(OFFSET(CRONOPLE!$F$14,$M95,AM$13)=\"\",10^12,OFFSET(CRONOPLE!$F$14,$M95,AM$13))))","v":1000000000000},{"$f":"IF($D95<>\"Serviço\",0,IF(AND(AUTOEVENTO=\"Manual\",$M95=1),0,IF(OFFSET(CRONOPLE!$F$14,$M95,AN$13)=\"\",10^12,OFFSET(CRONOPLE!$F$14,$M95,AN$13))))","v":1000000000000},{"$f":"IF($D95<>\"Serviço\",0,IF(AND(AUTOEVENTO=\"Manual\",$M95=1),0,IF(OFFSET(CRONOPLE!$F$14,$M95,AO$13)=\"\",10^12,OFFSET(CRONOPLE!$F$14,$M95,AO$13))))","v":1000000000000},{"$f":"IF($D95<>\"Serviço\",0,IF(AND(AUTOEVENTO=\"Manual\",$M95=1),0,IF(OFFSET(CRONOPLE!$F$14,$M95,AP$13)=\"\",10^12,OFFSET(CRONOPLE!$F$14,$M95,AP$13))))","v":1000000000000},{"$f":"IF($D95<>\"Serviço\",0,IF(AND(AUTOEVENTO=\"Manual\",$M95=1),0,IF(OFFSET(CRONOPLE!$F$14,$M95,AQ$13)=\"\",10^12,OFFSET(CRONOPLE!$F$14,$M95,AQ$13))))","v":1000000000000},{"$f":"IF($D95<>\"Serviço\",0,IF(AND(AUTOEVENTO=\"Manual\",$M95=1),0,IF(OFFSET(CRONOPLE!$F$14,$M95,AR$13)=\"\",10^12,OFFSET(CRONOPLE!$F$14,$M95,AR$13))))","v":1000000000000},{"$f":"IF($D95<>\"Serviço\",0,IF(AND(AUTOEVENTO=\"Manual\",$M95=1),0,IF(OFFSET(CRONOPLE!$F$14,$M95,AS$13)=\"\",10^12,OFFSET(CRONOPLE!$F$14,$M95,AS$13))))","v":1000000000000},{"$f":"IF($D95<>\"Serviço\",0,IF(AND(AUTOEVENTO=\"Manual\",$M95=1),0,IF(OFFSET(CRONOPLE!$F$14,$M95,AT$13)=\"\",10^12,OFFSET(CRONOPLE!$F$14,$M95,AT$13))))","v":1000000000000},{"$f":"IF($D95<>\"Serviço\",0,IF(AND(AUTOEVENTO=\"Manual\",$M95=1),0,IF(OFFSET(CRONOPLE!$F$14,$M95,AU$13)=\"\",10^12,OFFSET(CRONOPLE!$F$14,$M95,AU$13))))","v":1000000000000},{"$f":"IF($D95<>\"Serviço\",0,IF(AND(AUTOEVENTO=\"Manual\",$M95=1),0,IF(OFFSET(CRONOPLE!$F$14,$M95,AV$13)=\"\",10^12,OFFSET(CRONOPLE!$F$14,$M95,AV$13))))","v":1000000000000},null,{"$f":"IF($D95<>\"Serviço\",0,IF(OR(AND(AUTOEVENTO=\"Manual\",$M95=1),$M95>(ROW(PLE.lastrow)-ROW(PLE.firstrow))),0,IF(OFFSET(PLE!$G$14,$M95,AX$13)=\"\",10^12,OFFSET(PLE!$G$14,$M95,AX$13))))","v":1000000000000},{"$f":"IF($D95<>\"Serviço\",0,IF(OR(AND(AUTOEVENTO=\"Manual\",$M95=1),$M95>(ROW(PLE.lastrow)-ROW(PLE.firstrow))),0,IF(OFFSET(PLE!$G$14,$M95,AY$13)=\"\",10^12,OFFSET(PLE!$G$14,$M95,AY$13))))","v":1000000000000},{"$f":"IF($D95<>\"Serviço\",0,IF(OR(AND(AUTOEVENTO=\"Manual\",$M95=1),$M95>(ROW(PLE.lastrow)-ROW(PLE.firstrow))),0,IF(OFFSET(PLE!$G$14,$M95,AZ$13)=\"\",10^12,OFFSET(PLE!$G$14,$M95,AZ$13))))","v":1000000000000},{"$f":"IF($D95<>\"Serviço\",0,IF(OR(AND(AUTOEVENTO=\"Manual\",$M95=1),$M95>(ROW(PLE.lastrow)-ROW(PLE.firstrow))),0,IF(OFFSET(PLE!$G$14,$M95,BA$13)=\"\",10^12,OFFSET(PLE!$G$14,$M95,BA$13))))","v":1000000000000},{"$f":"IF($D95<>\"Serviço\",0,IF(OR(AND(AUTOEVENTO=\"Manual\",$M95=1),$M95>(ROW(PLE.lastrow)-ROW(PLE.firstrow))),0,IF(OFFSET(PLE!$G$14,$M95,BB$13)=\"\",10^12,OFFSET(PLE!$G$14,$M95,BB$13))))","v":1000000000000},{"$f":"IF($D95<>\"Serviço\",0,IF(OR(AND(AUTOEVENTO=\"Manual\",$M95=1),$M95>(ROW(PLE.lastrow)-ROW(PLE.firstrow))),0,IF(OFFSET(PLE!$G$14,$M95,BC$13)=\"\",10^12,OFFSET(PLE!$G$14,$M95,BC$13))))","v":1000000000000},{"$f":"IF($D95<>\"Serviço\",0,IF(OR(AND(AUTOEVENTO=\"Manual\",$M95=1),$M95>(ROW(PLE.lastrow)-ROW(PLE.firstrow))),0,IF(OFFSET(PLE!$G$14,$M95,BD$13)=\"\",10^12,OFFSET(PLE!$G$14,$M95,BD$13))))","v":1000000000000},{"$f":"IF($D95<>\"Serviço\",0,IF(OR(AND(AUTOEVENTO=\"Manual\",$M95=1),$M95>(ROW(PLE.lastrow)-ROW(PLE.firstrow))),0,IF(OFFSET(PLE!$G$14,$M95,BE$13)=\"\",10^12,OFFSET(PLE!$G$14,$M95,BE$13))))","v":1000000000000},{"$f":"IF($D95<>\"Serviço\",0,IF(OR(AND(AUTOEVENTO=\"Manual\",$M95=1),$M95>(ROW(PLE.lastrow)-ROW(PLE.firstrow))),0,IF(OFFSET(PLE!$G$14,$M95,BF$13)=\"\",10^12,OFFSET(PLE!$G$14,$M95,BF$13))))","v":1000000000000},{"$f":"IF($D95<>\"Serviço\",0,IF(OR(AND(AUTOEVENTO=\"Manual\",$M95=1),$M95>(ROW(PLE.lastrow)-ROW(PLE.firstrow))),0,IF(OFFSET(PLE!$G$14,$M95,BG$13)=\"\",10^12,OFFSET(PLE!$G$14,$M95,BG$13))))","v":1000000000000}]
["77",{"$f":"OFFSET(ORÇAMENTO!C$15,ROW(B96)-ROW(B$15),0)","v":"S"},{"$f":"OFFSET(ORÇAMENTO!L$15,ROW(C96)-ROW(C$15),0)","v":"F"},{"$f":"OFFSET(ORÇAMENTO!N$15,ROW(D96)-ROW(D$15),0)","v":"Serviço"},{"$f":"OFFSET(ORÇAMENTO!O$15,ROW(E96)-ROW(E$15),0)","v":"1.8.4."},{"$f":"OFFSET(ORÇAMENTO!R$15,ROW(F96)-ROW(F$15),0)","v":"INSTALAÇÃO DE TUBOS DE PVC, SOLDÁVEL, ÁGUA FRIA, DN 20 MM (INSTALADO EM RAMAL, SUB-RAMAL OU RAMAL DE DISTRIBUIÇÃO), INCLUSIVE CONEXÕES, CORTES E FIXAÇÕES"},{"$f":"IF($D96<>\"Serviço\",\"\",OFFSET(ORÇAMENTO!S$15,ROW(G96)-ROW(G$15),0))","v":"M"},{"$f":"IF($D96<>\"Serviço\",0,IF(ACOMPANHAMENTO=\"BM\",ROUND(OFFSET(ORÇAMENTO!AJ$15,ROW(H96)-ROW(H$15),0),15-13*ORÇAMENTO!$AF$7),SUMPRODUCT(($Q$12:$AA$12<>\"\")*ROUND($Q96:$AA96,15-13*ORÇAMENTO!$AF$7))))","v":20},null,null,null,".",{"$f":"IF($D96<>\"Serviço\",\"\",IF(AUTOEVENTO=\"manual\",$A96,IF(ISERROR(MATCH($A96,$A$15:OFFSET($A96,-1,0),0)),MAX($M$15:OFFSET(M96,-1,0))+1,INDEX($M$15:OFFSET(M96,-1,0),MATCH($A96,$A$15:OFFSET($A96,-1,0),0)))))","v":9},{"$f":"IF($D96<>\"Serviço\",\"\",IF(AUTOEVENTO=\"Manual\",IF($A96=0,\"<-- defina o número do agrupador\",OFFSET(EVENTOS!$D$14,$A96,0)),OFFSET($F$15,$A96,0)))","v":"INSTALAÇÕES HIDROSSANITÁRIAS"},null,null,null,null,null,null,null,null,null,null,null,null,null,{"$f":"IF(AND($D96=\"Serviço\",AB$12<>0,$H96>0,OR(AUTOEVENTO<>\"manual\",$M96<>1)),ROUND(OFFSET($P96,0,AB$13),15-13*ORÇAMENTO!$AF$7)/$H96*OFFSET(ORÇAMENTO!$X$15,ROW(AB96)-ROW(AB$15),0),0)","v":0},{"$f":"IF(AND($D96=\"Serviço\",AC$12<>0,$H96>0,OR(AUTOEVENTO<>\"manual\",$M96<>1)),ROUND(OFFSET($P96,0,AC$13),15-13*ORÇAMENTO!$AF$7)/$H96*OFFSET(ORÇAMENTO!$X$15,ROW(AC96)-ROW(AC$15),0),0)","v":0},{"$f":"IF(AND($D96=\"Serviço\",AD$12<>0,$H96>0,OR(AUTOEVENTO<>\"manual\",$M96<>1)),ROUND(OFFSET($P96,0,AD$13),15-13*ORÇAMENTO!$AF$7)/$H96*OFFSET(ORÇAMENTO!$X$15,ROW(AD96)-ROW(AD$15),0),0)","v":0},{"$f":"IF(AND($D96=\"Serviço\",AE$12<>0,$H96>0,OR(AUTOEVENTO<>\"manual\",$M96<>1)),ROUND(OFFSET($P96,0,AE$13),15-13*ORÇAMENTO!$AF$7)/$H96*OFFSET(ORÇAMENTO!$X$15,ROW(AE96)-ROW(AE$15),0),0)","v":0},{"$f":"IF(AND($D96=\"Serviço\",AF$12<>0,$H96>0,OR(AUTOEVENTO<>\"manual\",$M96<>1)),ROUND(OFFSET($P96,0,AF$13),15-13*ORÇAMENTO!$AF$7)/$H96*OFFSET(ORÇAMENTO!$X$15,ROW(AF96)-ROW(AF$15),0),0)","v":0},{"$f":"IF(AND($D96=\"Serviço\",AG$12<>0,$H96>0,OR(AUTOEVENTO<>\"manual\",$M96<>1)),ROUND(OFFSET($P96,0,AG$13),15-13*ORÇAMENTO!$AF$7)/$H96*OFFSET(ORÇAMENTO!$X$15,ROW(AG96)-ROW(AG$15),0),0)","v":0},{"$f":"IF(AND($D96=\"Serviço\",AH$12<>0,$H96>0,OR(AUTOEVENTO<>\"manual\",$M96<>1)),ROUND(OFFSET($P96,0,AH$13),15-13*ORÇAMENTO!$AF$7)/$H96*OFFSET(ORÇAMENTO!$X$15,ROW(AH96)-ROW(AH$15),0),0)","v":0},{"$f":"IF(AND($D96=\"Serviço\",AI$12<>0,$H96>0,OR(AUTOEVENTO<>\"manual\",$M96<>1)),ROUND(OFFSET($P96,0,AI$13),15-13*ORÇAMENTO!$AF$7)/$H96*OFFSET(ORÇAMENTO!$X$15,ROW(AI96)-ROW(AI$15),0),0)","v":0},{"$f":"IF(AND($D96=\"Serviço\",AJ$12<>0,$H96>0,OR(AUTOEVENTO<>\"manual\",$M96<>1)),ROUND(OFFSET($P96,0,AJ$13),15-13*ORÇAMENTO!$AF$7)/$H96*OFFSET(ORÇAMENTO!$X$15,ROW(AJ96)-ROW(AJ$15),0),0)","v":0},{"$f":"IF(AND($D96=\"Serviço\",AK$12<>0,$H96>0,OR(AUTOEVENTO<>\"manual\",$M96<>1)),ROUND(OFFSET($P96,0,AK$13),15-13*ORÇAMENTO!$AF$7)/$H96*OFFSET(ORÇAMENTO!$X$15,ROW(AK96)-ROW(AK$15),0),0)","v":0},null,{"$f":"IF($D96<>\"Serviço\",0,IF(AND(AUTOEVENTO=\"Manual\",$M96=1),0,IF(OFFSET(CRONOPLE!$F$14,$M96,AM$13)=\"\",10^12,OFFSET(CRONOPLE!$F$14,$M96,AM$13))))","v":1000000000000},{"$f":"IF($D96<>\"Serviço\",0,IF(AND(AUTOEVENTO=\"Manual\",$M96=1),0,IF(OFFSET(CRONOPLE!$F$14,$M96,AN$13)=\"\",10^12,OFFSET(CRONOPLE!$F$14,$M96,AN$13))))","v":1000000000000},{"$f":"IF($D96<>\"Serviço\",0,IF(AND(AUTOEVENTO=\"Manual\",$M96=1),0,IF(OFFSET(CRONOPLE!$F$14,$M96,AO$13)=\"\",10^12,OFFSET(CRONOPLE!$F$14,$M96,AO$13))))","v":1000000000000},{"$f":"IF($D96<>\"Serviço\",0,IF(AND(AUTOEVENTO=\"Manual\",$M96=1),0,IF(OFFSET(CRONOPLE!$F$14,$M96,AP$13)=\"\",10^12,OFFSET(CRONOPLE!$F$14,$M96,AP$13))))","v":1000000000000},{"$f":"IF($D96<>\"Serviço\",0,IF(AND(AUTOEVENTO=\"Manual\",$M96=1),0,IF(OFFSET(CRONOPLE!$F$14,$M96,AQ$13)=\"\",10^12,OFFSET(CRONOPLE!$F$14,$M96,AQ$13))))","v":1000000000000},{"$f":"IF($D96<>\"Serviço\",0,IF(AND(AUTOEVENTO=\"Manual\",$M96=1),0,IF(OFFSET(CRONOPLE!$F$14,$M96,AR$13)=\"\",10^12,OFFSET(CRONOPLE!$F$14,$M96,AR$13))))","v":1000000000000},{"$f":"IF($D96<>\"Serviço\",0,IF(AND(AUTOEVENTO=\"Manual\",$M96=1),0,IF(OFFSET(CRONOPLE!$F$14,$M96,AS$13)=\"\",10^12,OFFSET(CRONOPLE!$F$14,$M96,AS$13))))","v":1000000000000},{"$f":"IF($D96<>\"Serviço\",0,IF(AND(AUTOEVENTO=\"Manual\",$M96=1),0,IF(OFFSET(CRONOPLE!$F$14,$M96,AT$13)=\"\",10^12,OFFSET(CRONOPLE!$F$14,$M96,AT$13))))","v":1000000000000},{"$f":"IF($D96<>\"Serviço\",0,IF(AND(AUTOEVENTO=\"Manual\",$M96=1),0,IF(OFFSET(CRONOPLE!$F$14,$M96,AU$13)=\"\",10^12,OFFSET(CRONOPLE!$F$14,$M96,AU$13))))","v":1000000000000},{"$f":"IF($D96<>\"Serviço\",0,IF(AND(AUTOEVENTO=\"Manual\",$M96=1),0,IF(OFFSET(CRONOPLE!$F$14,$M96,AV$13)=\"\",10^12,OFFSET(CRONOPLE!$F$14,$M96,AV$13))))","v":1000000000000},null,{"$f":"IF($D96<>\"Serviço\",0,IF(OR(AND(AUTOEVENTO=\"Manual\",$M96=1),$M96>(ROW(PLE.lastrow)-ROW(PLE.firstrow))),0,IF(OFFSET(PLE!$G$14,$M96,AX$13)=\"\",10^12,OFFSET(PLE!$G$14,$M96,AX$13))))","v":1000000000000},{"$f":"IF($D96<>\"Serviço\",0,IF(OR(AND(AUTOEVENTO=\"Manual\",$M96=1),$M96>(ROW(PLE.lastrow)-ROW(PLE.firstrow))),0,IF(OFFSET(PLE!$G$14,$M96,AY$13)=\"\",10^12,OFFSET(PLE!$G$14,$M96,AY$13))))","v":1000000000000},{"$f":"IF($D96<>\"Serviço\",0,IF(OR(AND(AUTOEVENTO=\"Manual\",$M96=1),$M96>(ROW(PLE.lastrow)-ROW(PLE.firstrow))),0,IF(OFFSET(PLE!$G$14,$M96,AZ$13)=\"\",10^12,OFFSET(PLE!$G$14,$M96,AZ$13))))","v":1000000000000},{"$f":"IF($D96<>\"Serviço\",0,IF(OR(AND(AUTOEVENTO=\"Manual\",$M96=1),$M96>(ROW(PLE.lastrow)-ROW(PLE.firstrow))),0,IF(OFFSET(PLE!$G$14,$M96,BA$13)=\"\",10^12,OFFSET(PLE!$G$14,$M96,BA$13))))","v":1000000000000},{"$f":"IF($D96<>\"Serviço\",0,IF(OR(AND(AUTOEVENTO=\"Manual\",$M96=1),$M96>(ROW(PLE.lastrow)-ROW(PLE.firstrow))),0,IF(OFFSET(PLE!$G$14,$M96,BB$13)=\"\",10^12,OFFSET(PLE!$G$14,$M96,BB$13))))","v":1000000000000},{"$f":"IF($D96<>\"Serviço\",0,IF(OR(AND(AUTOEVENTO=\"Manual\",$M96=1),$M96>(ROW(PLE.lastrow)-ROW(PLE.firstrow))),0,IF(OFFSET(PLE!$G$14,$M96,BC$13)=\"\",10^12,OFFSET(PLE!$G$14,$M96,BC$13))))","v":1000000000000},{"$f":"IF($D96<>\"Serviço\",0,IF(OR(AND(AUTOEVENTO=\"Manual\",$M96=1),$M96>(ROW(PLE.lastrow)-ROW(PLE.firstrow))),0,IF(OFFSET(PLE!$G$14,$M96,BD$13)=\"\",10^12,OFFSET(PLE!$G$14,$M96,BD$13))))","v":1000000000000},{"$f":"IF($D96<>\"Serviço\",0,IF(OR(AND(AUTOEVENTO=\"Manual\",$M96=1),$M96>(ROW(PLE.lastrow)-ROW(PLE.firstrow))),0,IF(OFFSET(PLE!$G$14,$M96,BE$13)=\"\",10^12,OFFSET(PLE!$G$14,$M96,BE$13))))","v":1000000000000},{"$f":"IF($D96<>\"Serviço\",0,IF(OR(AND(AUTOEVENTO=\"Manual\",$M96=1),$M96>(ROW(PLE.lastrow)-ROW(PLE.firstrow))),0,IF(OFFSET(PLE!$G$14,$M96,BF$13)=\"\",10^12,OFFSET(PLE!$G$14,$M96,BF$13))))","v":1000000000000},{"$f":"IF($D96<>\"Serviço\",0,IF(OR(AND(AUTOEVENTO=\"Manual\",$M96=1),$M96>(ROW(PLE.lastrow)-ROW(PLE.firstrow))),0,IF(OFFSET(PLE!$G$14,$M96,BG$13)=\"\",10^12,OFFSET(PLE!$G$14,$M96,BG$13))))","v":1000000000000}]
["77",{"$f":"OFFSET(ORÇAMENTO!C$15,ROW(B97)-ROW(B$15),0)","v":"S"},{"$f":"OFFSET(ORÇAMENTO!L$15,ROW(C97)-ROW(C$15),0)","v":"F"},{"$f":"OFFSET(ORÇAMENTO!N$15,ROW(D97)-ROW(D$15),0)","v":"Serviço"},{"$f":"OFFSET(ORÇAMENTO!O$15,ROW(E97)-ROW(E$15),0)","v":"1.8.5."},{"$f":"OFFSET(ORÇAMENTO!R$15,ROW(F97)-ROW(F$15),0)","v":"INSTALAÇÃO DE TUBOS DE PVC, SOLDÁVEL, ÁGUA FRIA, DN 25 MM (INSTALADO EM RAMAL, SUB-RAMAL, RAMAL DE DISTRIBUIÇÃO OU PRUMADA), INCLUSIVE CONEXÕES, CORTES E FIXAÇÕES"},{"$f":"IF($D97<>\"Serviço\",\"\",OFFSET(ORÇAMENTO!S$15,ROW(G97)-ROW(G$15),0))","v":"M"},{"$f":"IF($D97<>\"Serviço\",0,IF(ACOMPANHAMENTO=\"BM\",ROUND(OFFSET(ORÇAMENTO!AJ$15,ROW(H97)-ROW(H$15),0),15-13*ORÇAMENTO!$AF$7),SUMPRODUCT(($Q$12:$AA$12<>\"\")*ROUND($Q97:$AA97,15-13*ORÇAMENTO!$AF$7))))","v":40.9},null,null,null,".",{"$f":"IF($D97<>\"Serviço\",\"\",IF(AUTOEVENTO=\"manual\",$A97,IF(ISERROR(MATCH($A97,$A$15:OFFSET($A97,-1,0),0)),MAX($M$15:OFFSET(M97,-1,0))+1,INDEX($M$15:OFFSET(M97,-1,0),MATCH($A97,$A$15:OFFSET($A97,-1,0),0)))))","v":9},{"$f":"IF($D97<>\"Serviço\",\"\",IF(AUTOEVENTO=\"Manual\",IF($A97=0,\"<-- defina o número do agrupador\",OFFSET(EVENTOS!$D$14,$A97,0)),OFFSET($F$15,$A97,0)))","v":"INSTALAÇÕES HIDROSSANITÁRIAS"},null,null,null,null,null,null,null,null,null,null,null,null,null,{"$f":"IF(AND($D97=\"Serviço\",AB$12<>0,$H97>0,OR(AUTOEVENTO<>\"manual\",$M97<>1)),ROUND(OFFSET($P97,0,AB$13),15-13*ORÇAMENTO!$AF$7)/$H97*OFFSET(ORÇAMENTO!$X$15,ROW(AB97)-ROW(AB$15),0),0)","v":0},{"$f":"IF(AND($D97=\"Serviço\",AC$12<>0,$H97>0,OR(AUTOEVENTO<>\"manual\",$M97<>1)),ROUND(OFFSET($P97,0,AC$13),15-13*ORÇAMENTO!$AF$7)/$H97*OFFSET(ORÇAMENTO!$X$15,ROW(AC97)-ROW(AC$15),0),0)","v":0},{"$f":"IF(AND($D97=\"Serviço\",AD$12<>0,$H97>0,OR(AUTOEVENTO<>\"manual\",$M97<>1)),ROUND(OFFSET($P97,0,AD$13),15-13*ORÇAMENTO!$AF$7)/$H97*OFFSET(ORÇAMENTO!$X$15,ROW(AD97)-ROW(AD$15),0),0)","v":0},{"$f":"IF(AND($D97=\"Serviço\",AE$12<>0,$H97>0,OR(AUTOEVENTO<>\"manual\",$M97<>1)),ROUND(OFFSET($P97,0,AE$13),15-13*ORÇAMENTO!$AF$7)/$H97*OFFSET(ORÇAMENTO!$X$15,ROW(AE97)-ROW(AE$15),0),0)","v":0},{"$f":"IF(AND($D97=\"Serviço\",AF$12<>0,$H97>0,OR(AUTOEVENTO<>\"manual\",$M97<>1)),ROUND(OFFSET($P97,0,AF$13),15-13*ORÇAMENTO!$AF$7)/$H97*OFFSET(ORÇAMENTO!$X$15,ROW(AF97)-ROW(AF$15),0),0)","v":0},{"$f":"IF(AND($D97=\"Serviço\",AG$12<>0,$H97>0,OR(AUTOEVENTO<>\"manual\",$M97<>1)),ROUND(OFFSET($P97,0,AG$13),15-13*ORÇAMENTO!$AF$7)/$H97*OFFSET(ORÇAMENTO!$X$15,ROW(AG97)-ROW(AG$15),0),0)","v":0},{"$f":"IF(AND($D97=\"Serviço\",AH$12<>0,$H97>0,OR(AUTOEVENTO<>\"manual\",$M97<>1)),ROUND(OFFSET($P97,0,AH$13),15-13*ORÇAMENTO!$AF$7)/$H97*OFFSET(ORÇAMENTO!$X$15,ROW(AH97)-ROW(AH$15),0),0)","v":0},{"$f":"IF(AND($D97=\"Serviço\",AI$12<>0,$H97>0,OR(AUTOEVENTO<>\"manual\",$M97<>1)),ROUND(OFFSET($P97,0,AI$13),15-13*ORÇAMENTO!$AF$7)/$H97*OFFSET(ORÇAMENTO!$X$15,ROW(AI97)-ROW(AI$15),0),0)","v":0},{"$f":"IF(AND($D97=\"Serviço\",AJ$12<>0,$H97>0,OR(AUTOEVENTO<>\"manual\",$M97<>1)),ROUND(OFFSET($P97,0,AJ$13),15-13*ORÇAMENTO!$AF$7)/$H97*OFFSET(ORÇAMENTO!$X$15,ROW(AJ97)-ROW(AJ$15),0),0)","v":0},{"$f":"IF(AND($D97=\"Serviço\",AK$12<>0,$H97>0,OR(AUTOEVENTO<>\"manual\",$M97<>1)),ROUND(OFFSET($P97,0,AK$13),15-13*ORÇAMENTO!$AF$7)/$H97*OFFSET(ORÇAMENTO!$X$15,ROW(AK97)-ROW(AK$15),0),0)","v":0},null,{"$f":"IF($D97<>\"Serviço\",0,IF(AND(AUTOEVENTO=\"Manual\",$M97=1),0,IF(OFFSET(CRONOPLE!$F$14,$M97,AM$13)=\"\",10^12,OFFSET(CRONOPLE!$F$14,$M97,AM$13))))","v":1000000000000},{"$f":"IF($D97<>\"Serviço\",0,IF(AND(AUTOEVENTO=\"Manual\",$M97=1),0,IF(OFFSET(CRONOPLE!$F$14,$M97,AN$13)=\"\",10^12,OFFSET(CRONOPLE!$F$14,$M97,AN$13))))","v":1000000000000},{"$f":"IF($D97<>\"Serviço\",0,IF(AND(AUTOEVENTO=\"Manual\",$M97=1),0,IF(OFFSET(CRONOPLE!$F$14,$M97,AO$13)=\"\",10^12,OFFSET(CRONOPLE!$F$14,$M97,AO$13))))","v":1000000000000},{"$f":"IF($D97<>\"Serviço\",0,IF(AND(AUTOEVENTO=\"Manual\",$M97=1),0,IF(OFFSET(CRONOPLE!$F$14,$M97,AP$13)=\"\",10^12,OFFSET(CRONOPLE!$F$14,$M97,AP$13))))","v":1000000000000},{"$f":"IF($D97<>\"Serviço\",0,IF(AND(AUTOEVENTO=\"Manual\",$M97=1),0,IF(OFFSET(CRONOPLE!$F$14,$M97,AQ$13)=\"\",10^12,OFFSET(CRONOPLE!$F$14,$M97,AQ$13))))","v":1000000000000},{"$f":"IF($D97<>\"Serviço\",0,IF(AND(AUTOEVENTO=\"Manual\",$M97=1),0,IF(OFFSET(CRONOPLE!$F$14,$M97,AR$13)=\"\",10^12,OFFSET(CRONOPLE!$F$14,$M97,AR$13))))","v":1000000000000},{"$f":"IF($D97<>\"Serviço\",0,IF(AND(AUTOEVENTO=\"Manual\",$M97=1),0,IF(OFFSET(CRONOPLE!$F$14,$M97,AS$13)=\"\",10^12,OFFSET(CRONOPLE!$F$14,$M97,AS$13))))","v":1000000000000},{"$f":"IF($D97<>\"Serviço\",0,IF(AND(AUTOEVENTO=\"Manual\",$M97=1),0,IF(OFFSET(CRONOPLE!$F$14,$M97,AT$13)=\"\",10^12,OFFSET(CRONOPLE!$F$14,$M97,AT$13))))","v":1000000000000},{"$f":"IF($D97<>\"Serviço\",0,IF(AND(AUTOEVENTO=\"Manual\",$M97=1),0,IF(OFFSET(CRONOPLE!$F$14,$M97,AU$13)=\"\",10^12,OFFSET(CRONOPLE!$F$14,$M97,AU$13))))","v":1000000000000},{"$f":"IF($D97<>\"Serviço\",0,IF(AND(AUTOEVENTO=\"Manual\",$M97=1),0,IF(OFFSET(CRONOPLE!$F$14,$M97,AV$13)=\"\",10^12,OFFSET(CRONOPLE!$F$14,$M97,AV$13))))","v":1000000000000},null,{"$f":"IF($D97<>\"Serviço\",0,IF(OR(AND(AUTOEVENTO=\"Manual\",$M97=1),$M97>(ROW(PLE.lastrow)-ROW(PLE.firstrow))),0,IF(OFFSET(PLE!$G$14,$M97,AX$13)=\"\",10^12,OFFSET(PLE!$G$14,$M97,AX$13))))","v":1000000000000},{"$f":"IF($D97<>\"Serviço\",0,IF(OR(AND(AUTOEVENTO=\"Manual\",$M97=1),$M97>(ROW(PLE.lastrow)-ROW(PLE.firstrow))),0,IF(OFFSET(PLE!$G$14,$M97,AY$13)=\"\",10^12,OFFSET(PLE!$G$14,$M97,AY$13))))","v":1000000000000},{"$f":"IF($D97<>\"Serviço\",0,IF(OR(AND(AUTOEVENTO=\"Manual\",$M97=1),$M97>(ROW(PLE.lastrow)-ROW(PLE.firstrow))),0,IF(OFFSET(PLE!$G$14,$M97,AZ$13)=\"\",10^12,OFFSET(PLE!$G$14,$M97,AZ$13))))","v":1000000000000},{"$f":"IF($D97<>\"Serviço\",0,IF(OR(AND(AUTOEVENTO=\"Manual\",$M97=1),$M97>(ROW(PLE.lastrow)-ROW(PLE.firstrow))),0,IF(OFFSET(PLE!$G$14,$M97,BA$13)=\"\",10^12,OFFSET(PLE!$G$14,$M97,BA$13))))","v":1000000000000},{"$f":"IF($D97<>\"Serviço\",0,IF(OR(AND(AUTOEVENTO=\"Manual\",$M97=1),$M97>(ROW(PLE.lastrow)-ROW(PLE.firstrow))),0,IF(OFFSET(PLE!$G$14,$M97,BB$13)=\"\",10^12,OFFSET(PLE!$G$14,$M97,BB$13))))","v":1000000000000},{"$f":"IF($D97<>\"Serviço\",0,IF(OR(AND(AUTOEVENTO=\"Manual\",$M97=1),$M97>(ROW(PLE.lastrow)-ROW(PLE.firstrow))),0,IF(OFFSET(PLE!$G$14,$M97,BC$13)=\"\",10^12,OFFSET(PLE!$G$14,$M97,BC$13))))","v":1000000000000},{"$f":"IF($D97<>\"Serviço\",0,IF(OR(AND(AUTOEVENTO=\"Manual\",$M97=1),$M97>(ROW(PLE.lastrow)-ROW(PLE.firstrow))),0,IF(OFFSET(PLE!$G$14,$M97,BD$13)=\"\",10^12,OFFSET(PLE!$G$14,$M97,BD$13))))","v":1000000000000},{"$f":"IF($D97<>\"Serviço\",0,IF(OR(AND(AUTOEVENTO=\"Manual\",$M97=1),$M97>(ROW(PLE.lastrow)-ROW(PLE.firstrow))),0,IF(OFFSET(PLE!$G$14,$M97,BE$13)=\"\",10^12,OFFSET(PLE!$G$14,$M97,BE$13))))","v":1000000000000},{"$f":"IF($D97<>\"Serviço\",0,IF(OR(AND(AUTOEVENTO=\"Manual\",$M97=1),$M97>(ROW(PLE.lastrow)-ROW(PLE.firstrow))),0,IF(OFFSET(PLE!$G$14,$M97,BF$13)=\"\",10^12,OFFSET(PLE!$G$14,$M97,BF$13))))","v":1000000000000},{"$f":"IF($D97<>\"Serviço\",0,IF(OR(AND(AUTOEVENTO=\"Manual\",$M97=1),$M97>(ROW(PLE.lastrow)-ROW(PLE.firstrow))),0,IF(OFFSET(PLE!$G$14,$M97,BG$13)=\"\",10^12,OFFSET(PLE!$G$14,$M97,BG$13))))","v":1000000000000}]
["77",{"$f":"OFFSET(ORÇAMENTO!C$15,ROW(B98)-ROW(B$15),0)","v":"S"},{"$f":"OFFSET(ORÇAMENTO!L$15,ROW(C98)-ROW(C$15),0)","v":"F"},{"$f":"OFFSET(ORÇAMENTO!N$15,ROW(D98)-ROW(D$15),0)","v":"Serviço"},{"$f":"OFFSET(ORÇAMENTO!O$15,ROW(E98)-ROW(E$15),0)","v":"1.8.6."},{"$f":"OFFSET(ORÇAMENTO!R$15,ROW(F98)-ROW(F$15),0)","v":"INSTALAÇÃO TUBOS DE PVC, SOLDÁVEL, ÁGUA FRIA, DN 32 MM (INSTALADO EM RAMAL, SUB-RAMAL, RAMAL DE DISTRIBUIÇÃO OU PRUMADA), INCLUSIVE CONEXÕES, CORTES E FIXAÇÕES"},{"$f":"IF($D98<>\"Serviço\",\"\",OFFSET(ORÇAMENTO!S$15,ROW(G98)-ROW(G$15),0))","v":"M"},{"$f":"IF($D98<>\"Serviço\",0,IF(ACOMPANHAMENTO=\"BM\",ROUND(OFFSET(ORÇAMENTO!AJ$15,ROW(H98)-ROW(H$15),0),15-13*ORÇAMENTO!$AF$7),SUMPRODUCT(($Q$12:$AA$12<>\"\")*ROUND($Q98:$AA98,15-13*ORÇAMENTO!$AF$7))))","v":5},null,null,null,".",{"$f":"IF($D98<>\"Serviço\",\"\",IF(AUTOEVENTO=\"manual\",$A98,IF(ISERROR(MATCH($A98,$A$15:OFFSET($A98,-1,0),0)),MAX($M$15:OFFSET(M98,-1,0))+1,INDEX($M$15:OFFSET(M98,-1,0),MATCH($A98,$A$15:OFFSET($A98,-1,0),0)))))","v":9},{"$f":"IF($D98<>\"Serviço\",\"\",IF(AUTOEVENTO=\"Manual\",IF($A98=0,\"<-- defina o número do agrupador\",OFFSET(EVENTOS!$D$14,$A98,0)),OFFSET($F$15,$A98,0)))","v":"INSTALAÇÕES HIDROSSANITÁRIAS"},null,null,null,null,null,null,null,null,null,null,null,null,null,{"$f":"IF(AND($D98=\"Serviço\",AB$12<>0,$H98>0,OR(AUTOEVENTO<>\"manual\",$M98<>1)),ROUND(OFFSET($P98,0,AB$13),15-13*ORÇAMENTO!$AF$7)/$H98*OFFSET(ORÇAMENTO!$X$15,ROW(AB98)-ROW(AB$15),0),0)","v":0},{"$f":"IF(AND($D98=\"Serviço\",AC$12<>0,$H98>0,OR(AUTOEVENTO<>\"manual\",$M98<>1)),ROUND(OFFSET($P98,0,AC$13),15-13*ORÇAMENTO!$AF$7)/$H98*OFFSET(ORÇAMENTO!$X$15,ROW(AC98)-ROW(AC$15),0),0)","v":0},{"$f":"IF(AND($D98=\"Serviço\",AD$12<>0,$H98>0,OR(AUTOEVENTO<>\"manual\",$M98<>1)),ROUND(OFFSET($P98,0,AD$13),15-13*ORÇAMENTO!$AF$7)/$H98*OFFSET(ORÇAMENTO!$X$15,ROW(AD98)-ROW(AD$15),0),0)","v":0},{"$f":"IF(AND($D98=\"Serviço\",AE$12<>0,$H98>0,OR(AUTOEVENTO<>\"manual\",$M98<>1)),ROUND(OFFSET($P98,0,AE$13),15-13*ORÇAMENTO!$AF$7)/$H98*OFFSET(ORÇAMENTO!$X$15,ROW(AE98)-ROW(AE$15),0),0)","v":0},{"$f":"IF(AND($D98=\"Serviço\",AF$12<>0,$H98>0,OR(AUTOEVENTO<>\"manual\",$M98<>1)),ROUND(OFFSET($P98,0,AF$13),15-13*ORÇAMENTO!$AF$7)/$H98*OFFSET(ORÇAMENTO!$X$15,ROW(AF98)-ROW(AF$15),0),0)","v":0},{"$f":"IF(AND($D98=\"Serviço\",AG$12<>0,$H98>0,OR(AUTOEVENTO<>\"manual\",$M98<>1)),ROUND(OFFSET($P98,0,AG$13),15-13*ORÇAMENTO!$AF$7)/$H98*OFFSET(ORÇAMENTO!$X$15,ROW(AG98)-ROW(AG$15),0),0)","v":0},{"$f":"IF(AND($D98=\"Serviço\",AH$12<>0,$H98>0,OR(AUTOEVENTO<>\"manual\",$M98<>1)),ROUND(OFFSET($P98,0,AH$13),15-13*ORÇAMENTO!$AF$7)/$H98*OFFSET(ORÇAMENTO!$X$15,ROW(AH98)-ROW(AH$15),0),0)","v":0},{"$f":"IF(AND($D98=\"Serviço\",AI$12<>0,$H98>0,OR(AUTOEVENTO<>\"manual\",$M98<>1)),ROUND(OFFSET($P98,0,AI$13),15-13*ORÇAMENTO!$AF$7)/$H98*OFFSET(ORÇAMENTO!$X$15,ROW(AI98)-ROW(AI$15),0),0)","v":0},{"$f":"IF(AND($D98=\"Serviço\",AJ$12<>0,$H98>0,OR(AUTOEVENTO<>\"manual\",$M98<>1)),ROUND(OFFSET($P98,0,AJ$13),15-13*ORÇAMENTO!$AF$7)/$H98*OFFSET(ORÇAMENTO!$X$15,ROW(AJ98)-ROW(AJ$15),0),0)","v":0},{"$f":"IF(AND($D98=\"Serviço\",AK$12<>0,$H98>0,OR(AUTOEVENTO<>\"manual\",$M98<>1)),ROUND(OFFSET($P98,0,AK$13),15-13*ORÇAMENTO!$AF$7)/$H98*OFFSET(ORÇAMENTO!$X$15,ROW(AK98)-ROW(AK$15),0),0)","v":0},null,{"$f":"IF($D98<>\"Serviço\",0,IF(AND(AUTOEVENTO=\"Manual\",$M98=1),0,IF(OFFSET(CRONOPLE!$F$14,$M98,AM$13)=\"\",10^12,OFFSET(CRONOPLE!$F$14,$M98,AM$13))))","v":1000000000000},{"$f":"IF($D98<>\"Serviço\",0,IF(AND(AUTOEVENTO=\"Manual\",$M98=1),0,IF(OFFSET(CRONOPLE!$F$14,$M98,AN$13)=\"\",10^12,OFFSET(CRONOPLE!$F$14,$M98,AN$13))))","v":1000000000000},{"$f":"IF($D98<>\"Serviço\",0,IF(AND(AUTOEVENTO=\"Manual\",$M98=1),0,IF(OFFSET(CRONOPLE!$F$14,$M98,AO$13)=\"\",10^12,OFFSET(CRONOPLE!$F$14,$M98,AO$13))))","v":1000000000000},{"$f":"IF($D98<>\"Serviço\",0,IF(AND(AUTOEVENTO=\"Manual\",$M98=1),0,IF(OFFSET(CRONOPLE!$F$14,$M98,AP$13)=\"\",10^12,OFFSET(CRONOPLE!$F$14,$M98,AP$13))))","v":1000000000000},{"$f":"IF($D98<>\"Serviço\",0,IF(AND(AUTOEVENTO=\"Manual\",$M98=1),0,IF(OFFSET(CRONOPLE!$F$14,$M98,AQ$13)=\"\",10^12,OFFSET(CRONOPLE!$F$14,$M98,AQ$13))))","v":1000000000000},{"$f":"IF($D98<>\"Serviço\",0,IF(AND(AUTOEVENTO=\"Manual\",$M98=1),0,IF(OFFSET(CRONOPLE!$F$14,$M98,AR$13)=\"\",10^12,OFFSET(CRONOPLE!$F$14,$M98,AR$13))))","v":1000000000000},{"$f":"IF($D98<>\"Serviço\",0,IF(AND(AUTOEVENTO=\"Manual\",$M98=1),0,IF(OFFSET(CRONOPLE!$F$14,$M98,AS$13)=\"\",10^12,OFFSET(CRONOPLE!$F$14,$M98,AS$13))))","v":1000000000000},{"$f":"IF($D98<>\"Serviço\",0,IF(AND(AUTOEVENTO=\"Manual\",$M98=1),0,IF(OFFSET(CRONOPLE!$F$14,$M98,AT$13)=\"\",10^12,OFFSET(CRONOPLE!$F$14,$M98,AT$13))))","v":1000000000000},{"$f":"IF($D98<>\"Serviço\",0,IF(AND(AUTOEVENTO=\"Manual\",$M98=1),0,IF(OFFSET(CRONOPLE!$F$14,$M98,AU$13)=\"\",10^12,OFFSET(CRONOPLE!$F$14,$M98,AU$13))))","v":1000000000000},{"$f":"IF($D98<>\"Serviço\",0,IF(AND(AUTOEVENTO=\"Manual\",$M98=1),0,IF(OFFSET(CRONOPLE!$F$14,$M98,AV$13)=\"\",10^12,OFFSET(CRONOPLE!$F$14,$M98,AV$13))))","v":1000000000000},null,{"$f":"IF($D98<>\"Serviço\",0,IF(OR(AND(AUTOEVENTO=\"Manual\",$M98=1),$M98>(ROW(PLE.lastrow)-ROW(PLE.firstrow))),0,IF(OFFSET(PLE!$G$14,$M98,AX$13)=\"\",10^12,OFFSET(PLE!$G$14,$M98,AX$13))))","v":1000000000000},{"$f":"IF($D98<>\"Serviço\",0,IF(OR(AND(AUTOEVENTO=\"Manual\",$M98=1),$M98>(ROW(PLE.lastrow)-ROW(PLE.firstrow))),0,IF(OFFSET(PLE!$G$14,$M98,AY$13)=\"\",10^12,OFFSET(PLE!$G$14,$M98,AY$13))))","v":1000000000000},{"$f":"IF($D98<>\"Serviço\",0,IF(OR(AND(AUTOEVENTO=\"Manual\",$M98=1),$M98>(ROW(PLE.lastrow)-ROW(PLE.firstrow))),0,IF(OFFSET(PLE!$G$14,$M98,AZ$13)=\"\",10^12,OFFSET(PLE!$G$14,$M98,AZ$13))))","v":1000000000000},{"$f":"IF($D98<>\"Serviço\",0,IF(OR(AND(AUTOEVENTO=\"Manual\",$M98=1),$M98>(ROW(PLE.lastrow)-ROW(PLE.firstrow))),0,IF(OFFSET(PLE!$G$14,$M98,BA$13)=\"\",10^12,OFFSET(PLE!$G$14,$M98,BA$13))))","v":1000000000000},{"$f":"IF($D98<>\"Serviço\",0,IF(OR(AND(AUTOEVENTO=\"Manual\",$M98=1),$M98>(ROW(PLE.lastrow)-ROW(PLE.firstrow))),0,IF(OFFSET(PLE!$G$14,$M98,BB$13)=\"\",10^12,OFFSET(PLE!$G$14,$M98,BB$13))))","v":1000000000000},{"$f":"IF($D98<>\"Serviço\",0,IF(OR(AND(AUTOEVENTO=\"Manual\",$M98=1),$M98>(ROW(PLE.lastrow)-ROW(PLE.firstrow))),0,IF(OFFSET(PLE!$G$14,$M98,BC$13)=\"\",10^12,OFFSET(PLE!$G$14,$M98,BC$13))))","v":1000000000000},{"$f":"IF($D98<>\"Serviço\",0,IF(OR(AND(AUTOEVENTO=\"Manual\",$M98=1),$M98>(ROW(PLE.lastrow)-ROW(PLE.firstrow))),0,IF(OFFSET(PLE!$G$14,$M98,BD$13)=\"\",10^12,OFFSET(PLE!$G$14,$M98,BD$13))))","v":1000000000000},{"$f":"IF($D98<>\"Serviço\",0,IF(OR(AND(AUTOEVENTO=\"Manual\",$M98=1),$M98>(ROW(PLE.lastrow)-ROW(PLE.firstrow))),0,IF(OFFSET(PLE!$G$14,$M98,BE$13)=\"\",10^12,OFFSET(PLE!$G$14,$M98,BE$13))))","v":1000000000000},{"$f":"IF($D98<>\"Serviço\",0,IF(OR(AND(AUTOEVENTO=\"Manual\",$M98=1),$M98>(ROW(PLE.lastrow)-ROW(PLE.firstrow))),0,IF(OFFSET(PLE!$G$14,$M98,BF$13)=\"\",10^12,OFFSET(PLE!$G$14,$M98,BF$13))))","v":1000000000000},{"$f":"IF($D98<>\"Serviço\",0,IF(OR(AND(AUTOEVENTO=\"Manual\",$M98=1),$M98>(ROW(PLE.lastrow)-ROW(PLE.firstrow))),0,IF(OFFSET(PLE!$G$14,$M98,BG$13)=\"\",10^12,OFFSET(PLE!$G$14,$M98,BG$13))))","v":1000000000000}]
[{"$f":"IF(AUTOEVENTO=\"Manual\",IF(K99<>\"\",MIN(VALUE(LEFT(K99,FIND(\".\",K99)-1)),COUNTA(EVENTOS.Lista)),0),IF(OR($B99>AUTOEVENTO,$B99=\"S\",$B99=0),SUBSTITUTE(OFFSET($A99,-1,0),IF($D99=\"Serviço\",\".\",\"\"),\"\"),ROW(A99)-ROW($A$15)&\".\"))","v":"77"},{"$f":"OFFSET(ORÇAMENTO!C$15,ROW(B99)-ROW(B$15),0)","v":"S"},{"$f":"OFFSET(ORÇAMENTO!L$15,ROW(C99)-ROW(C$15),0)","v":"F"},{"$f":"OFFSET(ORÇAMENTO!N$15,ROW(D99)-ROW(D$15),0)","v":"Serviço"},{"$f":"OFFSET(ORÇAMENTO!O$15,ROW(E99)-ROW(E$15),0)","v":"1.8.7."},{"$f":"OFFSET(ORÇAMENTO!R$15,ROW(F99)-ROW(F$15),0)","v":"(COMPOSIÇÃO REPRESENTATIVA) DO SERVIÇO DE INSTALAÇÃO DE TUBOS DE PVC, SOLDÁVEL, ÁGUA FRIA, DN 50 MM (INSTALADO EM PRUMADA), INCLUSIVE CONEXÕES, CORTES E FIXAÇÕES, PARA PRÉDIOS"},{"$f":"IF($D99<>\"Serviço\",\"\",OFFSET(ORÇAMENTO!S$15,ROW(G99)-ROW(G$15),0))","v":"M"},{"$f":"IF($D99<>\"Serviço\",0,IF(ACOMPANHAMENTO=\"BM\",ROUND(OFFSET(ORÇAMENTO!AJ$15,ROW(H99)-ROW(H$15),0),15-13*ORÇAMENTO!$AF$7),SUMPRODUCT(($Q$12:$AA$12<>\"\")*ROUND($Q99:$AA99,15-13*ORÇAMENTO!$AF$7))))","v":14},null,null,null,".",{"$f":"IF($D99<>\"Serviço\",\"\",IF(AUTOEVENTO=\"manual\",$A99,IF(ISERROR(MATCH($A99,$A$15:OFFSET($A99,-1,0),0)),MAX($M$15:OFFSET(M99,-1,0))+1,INDEX($M$15:OFFSET(M99,-1,0),MATCH($A99,$A$15:OFFSET($A99,-1,0),0)))))","v":9},{"$f":"IF($D99<>\"Serviço\",\"\",IF(AUTOEVENTO=\"Manual\",IF($A99=0,\"<-- defina o número do agrupador\",OFFSET(EVENTOS!$D$14,$A99,0)),OFFSET($F$15,$A99,0)))","v":"INSTALAÇÕES HIDROSSANITÁRIAS"},null,null,null,null,null,null,null,null,null,null,null,null,null,{"$f":"IF(AND($D99=\"Serviço\",AB$12<>0,$H99>0,OR(AUTOEVENTO<>\"manual\",$M99<>1)),ROUND(OFFSET($P99,0,AB$13),15-13*ORÇAMENTO!$AF$7)/$H99*OFFSET(ORÇAMENTO!$X$15,ROW(AB99)-ROW(AB$15),0),0)","v":0},{"$f":"IF(AND($D99=\"Serviço\",AC$12<>0,$H99>0,OR(AUTOEVENTO<>\"manual\",$M99<>1)),ROUND(OFFSET($P99,0,AC$13),15-13*ORÇAMENTO!$AF$7)/$H99*OFFSET(ORÇAMENTO!$X$15,ROW(AC99)-ROW(AC$15),0),0)","v":0},{"$f":"IF(AND($D99=\"Serviço\",AD$12<>0,$H99>0,OR(AUTOEVENTO<>\"manual\",$M99<>1)),ROUND(OFFSET($P99,0,AD$13),15-13*ORÇAMENTO!$AF$7)/$H99*OFFSET(ORÇAMENTO!$X$15,ROW(AD99)-ROW(AD$15),0),0)","v":0},{"$f":"IF(AND($D99=\"Serviço\",AE$12<>0,$H99>0,OR(AUTOEVENTO<>\"manual\",$M99<>1)),ROUND(OFFSET($P99,0,AE$13),15-13*ORÇAMENTO!$AF$7)/$H99*OFFSET(ORÇAMENTO!$X$15,ROW(AE99)-ROW(AE$15),0),0)","v":0},{"$f":"IF(AND($D99=\"Serviço\",AF$12<>0,$H99>0,OR(AUTOEVENTO<>\"manual\",$M99<>1)),ROUND(OFFSET($P99,0,AF$13),15-13*ORÇAMENTO!$AF$7)/$H99*OFFSET(ORÇAMENTO!$X$15,ROW(AF99)-ROW(AF$15),0),0)","v":0},{"$f":"IF(AND($D99=\"Serviço\",AG$12<>0,$H99>0,OR(AUTOEVENTO<>\"manual\",$M99<>1)),ROUND(OFFSET($P99,0,AG$13),15-13*ORÇAMENTO!$AF$7)/$H99*OFFSET(ORÇAMENTO!$X$15,ROW(AG99)-ROW(AG$15),0),0)","v":0},{"$f":"IF(AND($D99=\"Serviço\",AH$12<>0,$H99>0,OR(AUTOEVENTO<>\"manual\",$M99<>1)),ROUND(OFFSET($P99,0,AH$13),15-13*ORÇAMENTO!$AF$7)/$H99*OFFSET(ORÇAMENTO!$X$15,ROW(AH99)-ROW(AH$15),0),0)","v":0},{"$f":"IF(AND($D99=\"Serviço\",AI$12<>0,$H99>0,OR(AUTOEVENTO<>\"manual\",$M99<>1)),ROUND(OFFSET($P99,0,AI$13),15-13*ORÇAMENTO!$AF$7)/$H99*OFFSET(ORÇAMENTO!$X$15,ROW(AI99)-ROW(AI$15),0),0)","v":0},{"$f":"IF(AND($D99=\"Serviço\",AJ$12<>0,$H99>0,OR(AUTOEVENTO<>\"manual\",$M99<>1)),ROUND(OFFSET($P99,0,AJ$13),15-13*ORÇAMENTO!$AF$7)/$H99*OFFSET(ORÇAMENTO!$X$15,ROW(AJ99)-ROW(AJ$15),0),0)","v":0},{"$f":"IF(AND($D99=\"Serviço\",AK$12<>0,$H99>0,OR(AUTOEVENTO<>\"manual\",$M99<>1)),ROUND(OFFSET($P99,0,AK$13),15-13*ORÇAMENTO!$AF$7)/$H99*OFFSET(ORÇAMENTO!$X$15,ROW(AK99)-ROW(AK$15),0),0)","v":0},null,{"$f":"IF($D99<>\"Serviço\",0,IF(AND(AUTOEVENTO=\"Manual\",$M99=1),0,IF(OFFSET(CRONOPLE!$F$14,$M99,AM$13)=\"\",10^12,OFFSET(CRONOPLE!$F$14,$M99,AM$13))))","v":1000000000000},{"$f":"IF($D99<>\"Serviço\",0,IF(AND(AUTOEVENTO=\"Manual\",$M99=1),0,IF(OFFSET(CRONOPLE!$F$14,$M99,AN$13)=\"\",10^12,OFFSET(CRONOPLE!$F$14,$M99,AN$13))))","v":1000000000000},{"$f":"IF($D99<>\"Serviço\",0,IF(AND(AUTOEVENTO=\"Manual\",$M99=1),0,IF(OFFSET(CRONOPLE!$F$14,$M99,AO$13)=\"\",10^12,OFFSET(CRONOPLE!$F$14,$M99,AO$13))))","v":1000000000000},{"$f":"IF($D99<>\"Serviço\",0,IF(AND(AUTOEVENTO=\"Manual\",$M99=1),0,IF(OFFSET(CRONOPLE!$F$14,$M99,AP$13)=\"\",10^12,OFFSET(CRONOPLE!$F$14,$M99,AP$13))))","v":1000000000000},{"$f":"IF($D99<>\"Serviço\",0,IF(AND(AUTOEVENTO=\"Manual\",$M99=1),0,IF(OFFSET(CRONOPLE!$F$14,$M99,AQ$13)=\"\",10^12,OFFSET(CRONOPLE!$F$14,$M99,AQ$13))))","v":1000000000000},{"$f":"IF($D99<>\"Serviço\",0,IF(AND(AUTOEVENTO=\"Manual\",$M99=1),0,IF(OFFSET(CRONOPLE!$F$14,$M99,AR$13)=\"\",10^12,OFFSET(CRONOPLE!$F$14,$M99,AR$13))))","v":1000000000000},{"$f":"IF($D99<>\"Serviço\",0,IF(AND(AUTOEVENTO=\"Manual\",$M99=1),0,IF(OFFSET(CRONOPLE!$F$14,$M99,AS$13)=\"\",10^12,OFFSET(CRONOPLE!$F$14,$M99,AS$13))))","v":1000000000000},{"$f":"IF($D99<>\"Serviço\",0,IF(AND(AUTOEVENTO=\"Manual\",$M99=1),0,IF(OFFSET(CRONOPLE!$F$14,$M99,AT$13)=\"\",10^12,OFFSET(CRONOPLE!$F$14,$M99,AT$13))))","v":1000000000000},{"$f":"IF($D99<>\"Serviço\",0,IF(AND(AUTOEVENTO=\"Manual\",$M99=1),0,IF(OFFSET(CRONOPLE!$F$14,$M99,AU$13)=\"\",10^12,OFFSET(CRONOPLE!$F$14,$M99,AU$13))))","v":1000000000000},{"$f":"IF($D99<>\"Serviço\",0,IF(AND(AUTOEVENTO=\"Manual\",$M99=1),0,IF(OFFSET(CRONOPLE!$F$14,$M99,AV$13)=\"\",10^12,OFFSET(CRONOPLE!$F$14,$M99,AV$13))))","v":1000000000000},null,{"$f":"IF($D99<>\"Serviço\",0,IF(OR(AND(AUTOEVENTO=\"Manual\",$M99=1),$M99>(ROW(PLE.lastrow)-ROW(PLE.firstrow))),0,IF(OFFSET(PLE!$G$14,$M99,AX$13)=\"\",10^12,OFFSET(PLE!$G$14,$M99,AX$13))))","v":1000000000000},{"$f":"IF($D99<>\"Serviço\",0,IF(OR(AND(AUTOEVENTO=\"Manual\",$M99=1),$M99>(ROW(PLE.lastrow)-ROW(PLE.firstrow))),0,IF(OFFSET(PLE!$G$14,$M99,AY$13)=\"\",10^12,OFFSET(PLE!$G$14,$M99,AY$13))))","v":1000000000000},{"$f":"IF($D99<>\"Serviço\",0,IF(OR(AND(AUTOEVENTO=\"Manual\",$M99=1),$M99>(ROW(PLE.lastrow)-ROW(PLE.firstrow))),0,IF(OFFSET(PLE!$G$14,$M99,AZ$13)=\"\",10^12,OFFSET(PLE!$G$14,$M99,AZ$13))))","v":1000000000000},{"$f":"IF($D99<>\"Serviço\",0,IF(OR(AND(AUTOEVENTO=\"Manual\",$M99=1),$M99>(ROW(PLE.lastrow)-ROW(PLE.firstrow))),0,IF(OFFSET(PLE!$G$14,$M99,BA$13)=\"\",10^12,OFFSET(PLE!$G$14,$M99,BA$13))))","v":1000000000000},{"$f":"IF($D99<>\"Serviço\",0,IF(OR(AND(AUTOEVENTO=\"Manual\",$M99=1),$M99>(ROW(PLE.lastrow)-ROW(PLE.firstrow))),0,IF(OFFSET(PLE!$G$14,$M99,BB$13)=\"\",10^12,OFFSET(PLE!$G$14,$M99,BB$13))))","v":1000000000000},{"$f":"IF($D99<>\"Serviço\",0,IF(OR(AND(AUTOEVENTO=\"Manual\",$M99=1),$M99>(ROW(PLE.lastrow)-ROW(PLE.firstrow))),0,IF(OFFSET(PLE!$G$14,$M99,BC$13)=\"\",10^12,OFFSET(PLE!$G$14,$M99,BC$13))))","v":1000000000000},{"$f":"IF($D99<>\"Serviço\",0,IF(OR(AND(AUTOEVENTO=\"Manual\",$M99=1),$M99>(ROW(PLE.lastrow)-ROW(PLE.firstrow))),0,IF(OFFSET(PLE!$G$14,$M99,BD$13)=\"\",10^12,OFFSET(PLE!$G$14,$M99,BD$13))))","v":1000000000000},{"$f":"IF($D99<>\"Serviço\",0,IF(OR(AND(AUTOEVENTO=\"Manual\",$M99=1),$M99>(ROW(PLE.lastrow)-ROW(PLE.firstrow))),0,IF(OFFSET(PLE!$G$14,$M99,BE$13)=\"\",10^12,OFFSET(PLE!$G$14,$M99,BE$13))))","v":1000000000000},{"$f":"IF($D99<>\"Serviço\",0,IF(OR(AND(AUTOEVENTO=\"Manual\",$M99=1),$M99>(ROW(PLE.lastrow)-ROW(PLE.firstrow))),0,IF(OFFSET(PLE!$G$14,$M99,BF$13)=\"\",10^12,OFFSET(PLE!$G$14,$M99,BF$13))))","v":1000000000000},{"$f":"IF($D99<>\"Serviço\",0,IF(OR(AND(AUTOEVENTO=\"Manual\",$M99=1),$M99>(ROW(PLE.lastrow)-ROW(PLE.firstrow))),0,IF(OFFSET(PLE!$G$14,$M99,BG$13)=\"\",10^12,OFFSET(PLE!$G$14,$M99,BG$13))))","v":1000000000000}]
[{"$f":"IF(AUTOEVENTO=\"Manual\",IF(K100<>\"\",MIN(VALUE(LEFT(K100,FIND(\".\",K100)-1)),COUNTA(EVENTOS.Lista)),0),IF(OR($B100>AUTOEVENTO,$B100=\"S\",$B100=0),SUBSTITUTE(OFFSET($A100,-1,0),IF($D100=\"Serviço\",\".\",\"\"),\"\"),ROW(A100)-ROW($A$15)&\".\"))","v":"77"},{"$f":"OFFSET(ORÇAMENTO!C$15,ROW(B100)-ROW(B$15),0)","v":"S"},{"$f":"OFFSET(ORÇAMENTO!L$15,ROW(C100)-ROW(C$15),0)","v":"F"},{"$f":"OFFSET(ORÇAMENTO!N$15,ROW(D100)-ROW(D$15),0)","v":"Serviço"},{"$f":"OFFSET(ORÇAMENTO!O$15,ROW(E100)-ROW(E$15),0)","v":"1.8.8."},{"$f":"OFFSET(ORÇAMENTO!R$15,ROW(F100)-ROW(F$15),0)","v":"CAIXA D´AGUA EM POLIETILENO, 500 LITROS, COM ACESSÓRIOS"},{"$f":"IF($D100<>\"Serviço\",\"\",OFFSET(ORÇAMENTO!S$15,ROW(G100)-ROW(G$15),0))","v":"UN"},{"$f":"IF($D100<>\"Serviço\",0,IF(ACOMPANHAMENTO=\"BM\",ROUND(OFFSET(ORÇAMENTO!AJ$15,ROW(H100)-ROW(H$15),0),15-13*ORÇAMENTO!$AF$7),SUMPRODUCT(($Q$12:$AA$12<>\"\")*ROUND($Q100:$AA100,15-13*ORÇAMENTO!$AF$7))))","v":1},null,null,null,".",{"$f":"IF($D100<>\"Serviço\",\"\",IF(AUTOEVENTO=\"manual\",$A100,IF(ISERROR(MATCH($A100,$A$15:OFFSET($A100,-1,0),0)),MAX($M$15:OFFSET(M100,-1,0))+1,INDEX($M$15:OFFSET(M100,-1,0),MATCH($A100,$A$15:OFFSET($A100,-1,0),0)))))","v":9},{"$f":"IF($D100<>\"Serviço\",\"\",IF(AUTOEVENTO=\"Manual\",IF($A100=0,\"<-- defina o número do agrupador\",OFFSET(EVENTOS!$D$14,$A100,0)),OFFSET($F$15,$A100,0)))","v":"INSTALAÇÕES HIDROSSANITÁRIAS"},null,null,null,null,null,null,null,null,null,null,null,null,null,{"$f":"IF(AND($D100=\"Serviço\",AB$12<>0,$H100>0,OR(AUTOEVENTO<>\"manual\",$M100<>1)),ROUND(OFFSET($P100,0,AB$13),15-13*ORÇAMENTO!$AF$7)/$H100*OFFSET(ORÇAMENTO!$X$15,ROW(AB100)-ROW(AB$15),0),0)","v":0},{"$f":"IF(AND($D100=\"Serviço\",AC$12<>0,$H100>0,OR(AUTOEVENTO<>\"manual\",$M100<>1)),ROUND(OFFSET($P100,0,AC$13),15-13*ORÇAMENTO!$AF$7)/$H100*OFFSET(ORÇAMENTO!$X$15,ROW(AC100)-ROW(AC$15),0),0)","v":0},{"$f":"IF(AND($D100=\"Serviço\",AD$12<>0,$H100>0,OR(AUTOEVENTO<>\"manual\",$M100<>1)),ROUND(OFFSET($P100,0,AD$13),15-13*ORÇAMENTO!$AF$7)/$H100*OFFSET(ORÇAMENTO!$X$15,ROW(AD100)-ROW(AD$15),0),0)","v":0},{"$f":"IF(AND($D100=\"Serviço\",AE$12<>0,$H100>0,OR(AUTOEVENTO<>\"manual\",$M100<>1)),ROUND(OFFSET($P100,0,AE$13),15-13*ORÇAMENTO!$AF$7)/$H100*OFFSET(ORÇAMENTO!$X$15,ROW(AE100)-ROW(AE$15),0),0)","v":0},{"$f":"IF(AND($D100=\"Serviço\",AF$12<>0,$H100>0,OR(AUTOEVENTO<>\"manual\",$M100<>1)),ROUND(OFFSET($P100,0,AF$13),15-13*ORÇAMENTO!$AF$7)/$H100*OFFSET(ORÇAMENTO!$X$15,ROW(AF100)-ROW(AF$15),0),0)","v":0},{"$f":"IF(AND($D100=\"Serviço\",AG$12<>0,$H100>0,OR(AUTOEVENTO<>\"manual\",$M100<>1)),ROUND(OFFSET($P100,0,AG$13),15-13*ORÇAMENTO!$AF$7)/$H100*OFFSET(ORÇAMENTO!$X$15,ROW(AG100)-ROW(AG$15),0),0)","v":0},{"$f":"IF(AND($D100=\"Serviço\",AH$12<>0,$H100>0,OR(AUTOEVENTO<>\"manual\",$M100<>1)),ROUND(OFFSET($P100,0,AH$13),15-13*ORÇAMENTO!$AF$7)/$H100*OFFSET(ORÇAMENTO!$X$15,ROW(AH100)-ROW(AH$15),0),0)","v":0},{"$f":"IF(AND($D100=\"Serviço\",AI$12<>0,$H100>0,OR(AUTOEVENTO<>\"manual\",$M100<>1)),ROUND(OFFSET($P100,0,AI$13),15-13*ORÇAMENTO!$AF$7)/$H100*OFFSET(ORÇAMENTO!$X$15,ROW(AI100)-ROW(AI$15),0),0)","v":0},{"$f":"IF(AND($D100=\"Serviço\",AJ$12<>0,$H100>0,OR(AUTOEVENTO<>\"manual\",$M100<>1)),ROUND(OFFSET($P100,0,AJ$13),15-13*ORÇAMENTO!$AF$7)/$H100*OFFSET(ORÇAMENTO!$X$15,ROW(AJ100)-ROW(AJ$15),0),0)","v":0},{"$f":"IF(AND($D100=\"Serviço\",AK$12<>0,$H100>0,OR(AUTOEVENTO<>\"manual\",$M100<>1)),ROUND(OFFSET($P100,0,AK$13),15-13*ORÇAMENTO!$AF$7)/$H100*OFFSET(ORÇAMENTO!$X$15,ROW(AK100)-ROW(AK$15),0),0)","v":0},null,{"$f":"IF($D100<>\"Serviço\",0,IF(AND(AUTOEVENTO=\"Manual\",$M100=1),0,IF(OFFSET(CRONOPLE!$F$14,$M100,AM$13)=\"\",10^12,OFFSET(CRONOPLE!$F$14,$M100,AM$13))))","v":1000000000000},{"$f":"IF($D100<>\"Serviço\",0,IF(AND(AUTOEVENTO=\"Manual\",$M100=1),0,IF(OFFSET(CRONOPLE!$F$14,$M100,AN$13)=\"\",10^12,OFFSET(CRONOPLE!$F$14,$M100,AN$13))))","v":1000000000000},{"$f":"IF($D100<>\"Serviço\",0,IF(AND(AUTOEVENTO=\"Manual\",$M100=1),0,IF(OFFSET(CRONOPLE!$F$14,$M100,AO$13)=\"\",10^12,OFFSET(CRONOPLE!$F$14,$M100,AO$13))))","v":1000000000000},{"$f":"IF($D100<>\"Serviço\",0,IF(AND(AUTOEVENTO=\"Manual\",$M100=1),0,IF(OFFSET(CRONOPLE!$F$14,$M100,AP$13)=\"\",10^12,OFFSET(CRONOPLE!$F$14,$M100,AP$13))))","v":1000000000000},{"$f":"IF($D100<>\"Serviço\",0,IF(AND(AUTOEVENTO=\"Manual\",$M100=1),0,IF(OFFSET(CRONOPLE!$F$14,$M100,AQ$13)=\"\",10^12,OFFSET(CRONOPLE!$F$14,$M100,AQ$13))))","v":1000000000000},{"$f":"IF($D100<>\"Serviço\",0,IF(AND(AUTOEVENTO=\"Manual\",$M100=1),0,IF(OFFSET(CRONOPLE!$F$14,$M100,AR$13)=\"\",10^12,OFFSET(CRONOPLE!$F$14,$M100,AR$13))))","v":1000000000000},{"$f":"IF($D100<>\"Serviço\",0,IF(AND(AUTOEVENTO=\"Manual\",$M100=1),0,IF(OFFSET(CRONOPLE!$F$14,$M100,AS$13)=\"\",10^12,OFFSET(CRONOPLE!$F$14,$M100,AS$13))))","v":1000000000000},{"$f":"IF($D100<>\"Serviço\",0,IF(AND(AUTOEVENTO=\"Manual\",$M100=1),0,IF(OFFSET(CRONOPLE!$F$14,$M100,AT$13)=\"\",10^12,OFFSET(CRONOPLE!$F$14,$M100,AT$13))))","v":1000000000000},{"$f":"IF($D100<>\"Serviço\",0,IF(AND(AUTOEVENTO=\"Manual\",$M100=1),0,IF(OFFSET(CRONOPLE!$F$14,$M100,AU$13)=\"\",10^12,OFFSET(CRONOPLE!$F$14,$M100,AU$13))))","v":1000000000000},{"$f":"IF($D100<>\"Serviço\",0,IF(AND(AUTOEVENTO=\"Manual\",$M100=1),0,IF(OFFSET(CRONOPLE!$F$14,$M100,AV$13)=\"\",10^12,OFFSET(CRONOPLE!$F$14,$M100,AV$13))))","v":1000000000000},null,{"$f":"IF($D100<>\"Serviço\",0,IF(OR(AND(AUTOEVENTO=\"Manual\",$M100=1),$M100>(ROW(PLE.lastrow)-ROW(PLE.firstrow))),0,IF(OFFSET(PLE!$G$14,$M100,AX$13)=\"\",10^12,OFFSET(PLE!$G$14,$M100,AX$13))))","v":1000000000000},{"$f":"IF($D100<>\"Serviço\",0,IF(OR(AND(AUTOEVENTO=\"Manual\",$M100=1),$M100>(ROW(PLE.lastrow)-ROW(PLE.firstrow))),0,IF(OFFSET(PLE!$G$14,$M100,AY$13)=\"\",10^12,OFFSET(PLE!$G$14,$M100,AY$13))))","v":1000000000000},{"$f":"IF($D100<>\"Serviço\",0,IF(OR(AND(AUTOEVENTO=\"Manual\",$M100=1),$M100>(ROW(PLE.lastrow)-ROW(PLE.firstrow))),0,IF(OFFSET(PLE!$G$14,$M100,AZ$13)=\"\",10^12,OFFSET(PLE!$G$14,$M100,AZ$13))))","v":1000000000000},{"$f":"IF($D100<>\"Serviço\",0,IF(OR(AND(AUTOEVENTO=\"Manual\",$M100=1),$M100>(ROW(PLE.lastrow)-ROW(PLE.firstrow))),0,IF(OFFSET(PLE!$G$14,$M100,BA$13)=\"\",10^12,OFFSET(PLE!$G$14,$M100,BA$13))))","v":1000000000000},{"$f":"IF($D100<>\"Serviço\",0,IF(OR(AND(AUTOEVENTO=\"Manual\",$M100=1),$M100>(ROW(PLE.lastrow)-ROW(PLE.firstrow))),0,IF(OFFSET(PLE!$G$14,$M100,BB$13)=\"\",10^12,OFFSET(PLE!$G$14,$M100,BB$13))))","v":1000000000000},{"$f":"IF($D100<>\"Serviço\",0,IF(OR(AND(AUTOEVENTO=\"Manual\",$M100=1),$M100>(ROW(PLE.lastrow)-ROW(PLE.firstrow))),0,IF(OFFSET(PLE!$G$14,$M100,BC$13)=\"\",10^12,OFFSET(PLE!$G$14,$M100,BC$13))))","v":1000000000000},{"$f":"IF($D100<>\"Serviço\",0,IF(OR(AND(AUTOEVENTO=\"Manual\",$M100=1),$M100>(ROW(PLE.lastrow)-ROW(PLE.firstrow))),0,IF(OFFSET(PLE!$G$14,$M100,BD$13)=\"\",10^12,OFFSET(PLE!$G$14,$M100,BD$13))))","v":1000000000000},{"$f":"IF($D100<>\"Serviço\",0,IF(OR(AND(AUTOEVENTO=\"Manual\",$M100=1),$M100>(ROW(PLE.lastrow)-ROW(PLE.firstrow))),0,IF(OFFSET(PLE!$G$14,$M100,BE$13)=\"\",10^12,OFFSET(PLE!$G$14,$M100,BE$13))))","v":1000000000000},{"$f":"IF($D100<>\"Serviço\",0,IF(OR(AND(AUTOEVENTO=\"Manual\",$M100=1),$M100>(ROW(PLE.lastrow)-ROW(PLE.firstrow))),0,IF(OFFSET(PLE!$G$14,$M100,BF$13)=\"\",10^12,OFFSET(PLE!$G$14,$M100,BF$13))))","v":1000000000000},{"$f":"IF($D100<>\"Serviço\",0,IF(OR(AND(AUTOEVENTO=\"Manual\",$M100=1),$M100>(ROW(PLE.lastrow)-ROW(PLE.firstrow))),0,IF(OFFSET(PLE!$G$14,$M100,BG$13)=\"\",10^12,OFFSET(PLE!$G$14,$M100,BG$13))))","v":1000000000000}]
[{"$f":"IF(AUTOEVENTO=\"Manual\",IF(K101<>\"\",MIN(VALUE(LEFT(K101,FIND(\".\",K101)-1)),COUNTA(EVENTOS.Lista)),0),IF(OR($B101>AUTOEVENTO,$B101=\"S\",$B101=0),SUBSTITUTE(OFFSET($A101,-1,0),IF($D101=\"Serviço\",\".\",\"\"),\"\"),ROW(A101)-ROW($A$15)&\".\"))","v":"77"},{"$f":"OFFSET(ORÇAMENTO!C$15,ROW(B101)-ROW(B$15),0)","v":"S"},{"$f":"OFFSET(ORÇAMENTO!L$15,ROW(C101)-ROW(C$15),0)","v":"F"},{"$f":"OFFSET(ORÇAMENTO!N$15,ROW(D101)-ROW(D$15),0)","v":"Serviço"},{"$f":"OFFSET(ORÇAMENTO!O$15,ROW(E101)-ROW(E$15),0)","v":"1.8.9."},{"$f":"OFFSET(ORÇAMENTO!R$15,ROW(F101)-ROW(F$15),0)","v":"REGISTRO DE GAVETA BRUTO, LATÃO, ROSCÁVEL, 1 1/2\u0094, INSTALADO EM RESERVAÇÃO DE ÁGUA DE EDIFICAÇÃO QUE POSSUA RESERVATÓRIO DE FIBRA/FIBROCIMENTO \u0096 FORNECIMENTO E INSTALAÇÃO"},{"$f":"IF($D101<>\"Serviço\",\"\",OFFSET(ORÇAMENTO!S$15,ROW(G101)-ROW(G$15),0))","v":"UN"},{"$f":"IF($D101<>\"Serviço\",0,IF(ACOMPANHAMENTO=\"BM\",ROUND(OFFSET(ORÇAMENTO!AJ$15,ROW(H101)-ROW(H$15),0),15-13*ORÇAMENTO!$AF$7),SUMPRODUCT(($Q$12:$AA$12<>\"\")*ROUND($Q101:$AA101,15-13*ORÇAMENTO!$AF$7))))","v":1},null,null,null,".",{"$f":"IF($D101<>\"Serviço\",\"\",IF(AUTOEVENTO=\"manual\",$A101,IF(ISERROR(MATCH($A101,$A$15:OFFSET($A101,-1,0),0)),MAX($M$15:OFFSET(M101,-1,0))+1,INDEX($M$15:OFFSET(M101,-1,0),MATCH($A101,$A$15:OFFSET($A101,-1,0),0)))))","v":9},{"$f":"IF($D101<>\"Serviço\",\"\",IF(AUTOEVENTO=\"Manual\",IF($A101=0,\"<-- defina o número do agrupador\",OFFSET(EVENTOS!$D$14,$A101,0)),OFFSET($F$15,$A101,0)))","v":"INSTALAÇÕES HIDROSSANITÁRIAS"},null,null,null,null,null,null,null,null,null,null,null,null,null,{"$f":"IF(AND($D101=\"Serviço\",AB$12<>0,$H101>0,OR(AUTOEVENTO<>\"manual\",$M101<>1)),ROUND(OFFSET($P101,0,AB$13),15-13*ORÇAMENTO!$AF$7)/$H101*OFFSET(ORÇAMENTO!$X$15,ROW(AB101)-ROW(AB$15),0),0)","v":0},{"$f":"IF(AND($D101=\"Serviço\",AC$12<>0,$H101>0,OR(AUTOEVENTO<>\"manual\",$M101<>1)),ROUND(OFFSET($P101,0,AC$13),15-13*ORÇAMENTO!$AF$7)/$H101*OFFSET(ORÇAMENTO!$X$15,ROW(AC101)-ROW(AC$15),0),0)","v":0},{"$f":"IF(AND($D101=\"Serviço\",AD$12<>0,$H101>0,OR(AUTOEVENTO<>\"manual\",$M101<>1)),ROUND(OFFSET($P101,0,AD$13),15-13*ORÇAMENTO!$AF$7)/$H101*OFFSET(ORÇAMENTO!$X$15,ROW(AD101)-ROW(AD$15),0),0)","v":0},{"$f":"IF(AND($D101=\"Serviço\",AE$12<>0,$H101>0,OR(AUTOEVENTO<>\"manual\",$M101<>1)),ROUND(OFFSET($P101,0,AE$13),15-13*ORÇAMENTO!$AF$7)/$H101*OFFSET(ORÇAMENTO!$X$15,ROW(AE101)-ROW(AE$15),0),0)","v":0},{"$f":"IF(AND($D101=\"Serviço\",AF$12<>0,$H101>0,OR(AUTOEVENTO<>\"manual\",$M101<>1)),ROUND(OFFSET($P101,0,AF$13),15-13*ORÇAMENTO!$AF$7)/$H101*OFFSET(ORÇAMENTO!$X$15,ROW(AF101)-ROW(AF$15),0),0)","v":0},{"$f":"IF(AND($D101=\"Serviço\",AG$12<>0,$H101>0,OR(AUTOEVENTO<>\"manual\",$M101<>1)),ROUND(OFFSET($P101,0,AG$13),15-13*ORÇAMENTO!$AF$7)/$H101*OFFSET(ORÇAMENTO!$X$15,ROW(AG101)-ROW(AG$15),0),0)","v":0},{"$f":"IF(AND($D101=\"Serviço\",AH$12<>0,$H101>0,OR(AUTOEVENTO<>\"manual\",$M101<>1)),ROUND(OFFSET($P101,0,AH$13),15-13*ORÇAMENTO!$AF$7)/$H101*OFFSET(ORÇAMENTO!$X$15,ROW(AH101)-ROW(AH$15),0),0)","v":0},{"$f":"IF(AND($D101=\"Serviço\",AI$12<>0,$H101>0,OR(AUTOEVENTO<>\"manual\",$M101<>1)),ROUND(OFFSET($P101,0,AI$13),15-13*ORÇAMENTO!$AF$7)/$H101*OFFSET(ORÇAMENTO!$X$15,ROW(AI101)-ROW(AI$15),0),0)","v":0},{"$f":"IF(AND($D101=\"Serviço\",AJ$12<>0,$H101>0,OR(AUTOEVENTO<>\"manual\",$M101<>1)),ROUND(OFFSET($P101,0,AJ$13),15-13*ORÇAMENTO!$AF$7)/$H101*OFFSET(ORÇAMENTO!$X$15,ROW(AJ101)-ROW(AJ$15),0),0)","v":0},{"$f":"IF(AND($D101=\"Serviço\",AK$12<>0,$H101>0,OR(AUTOEVENTO<>\"manual\",$M101<>1)),ROUND(OFFSET($P101,0,AK$13),15-13*ORÇAMENTO!$AF$7)/$H101*OFFSET(ORÇAMENTO!$X$15,ROW(AK101)-ROW(AK$15),0),0)","v":0},null,{"$f":"IF($D101<>\"Serviço\",0,IF(AND(AUTOEVENTO=\"Manual\",$M101=1),0,IF(OFFSET(CRONOPLE!$F$14,$M101,AM$13)=\"\",10^12,OFFSET(CRONOPLE!$F$14,$M101,AM$13))))","v":1000000000000},{"$f":"IF($D101<>\"Serviço\",0,IF(AND(AUTOEVENTO=\"Manual\",$M101=1),0,IF(OFFSET(CRONOPLE!$F$14,$M101,AN$13)=\"\",10^12,OFFSET(CRONOPLE!$F$14,$M101,AN$13))))","v":1000000000000},{"$f":"IF($D101<>\"Serviço\",0,IF(AND(AUTOEVENTO=\"Manual\",$M101=1),0,IF(OFFSET(CRONOPLE!$F$14,$M101,AO$13)=\"\",10^12,OFFSET(CRONOPLE!$F$14,$M101,AO$13))))","v":1000000000000},{"$f":"IF($D101<>\"Serviço\",0,IF(AND(AUTOEVENTO=\"Manual\",$M101=1),0,IF(OFFSET(CRONOPLE!$F$14,$M101,AP$13)=\"\",10^12,OFFSET(CRONOPLE!$F$14,$M101,AP$13))))","v":1000000000000},{"$f":"IF($D101<>\"Serviço\",0,IF(AND(AUTOEVENTO=\"Manual\",$M101=1),0,IF(OFFSET(CRONOPLE!$F$14,$M101,AQ$13)=\"\",10^12,OFFSET(CRONOPLE!$F$14,$M101,AQ$13))))","v":1000000000000},{"$f":"IF($D101<>\"Serviço\",0,IF(AND(AUTOEVENTO=\"Manual\",$M101=1),0,IF(OFFSET(CRONOPLE!$F$14,$M101,AR$13)=\"\",10^12,OFFSET(CRONOPLE!$F$14,$M101,AR$13))))","v":1000000000000},{"$f":"IF($D101<>\"Serviço\",0,IF(AND(AUTOEVENTO=\"Manual\",$M101=1),0,IF(OFFSET(CRONOPLE!$F$14,$M101,AS$13)=\"\",10^12,OFFSET(CRONOPLE!$F$14,$M101,AS$13))))","v":1000000000000},{"$f":"IF($D101<>\"Serviço\",0,IF(AND(AUTOEVENTO=\"Manual\",$M101=1),0,IF(OFFSET(CRONOPLE!$F$14,$M101,AT$13)=\"\",10^12,OFFSET(CRONOPLE!$F$14,$M101,AT$13))))","v":1000000000000},{"$f":"IF($D101<>\"Serviço\",0,IF(AND(AUTOEVENTO=\"Manual\",$M101=1),0,IF(OFFSET(CRONOPLE!$F$14,$M101,AU$13)=\"\",10^12,OFFSET(CRONOPLE!$F$14,$M101,AU$13))))","v":1000000000000},{"$f":"IF($D101<>\"Serviço\",0,IF(AND(AUTOEVENTO=\"Manual\",$M101=1),0,IF(OFFSET(CRONOPLE!$F$14,$M101,AV$13)=\"\",10^12,OFFSET(CRONOPLE!$F$14,$M101,AV$13))))","v":1000000000000},null,{"$f":"IF($D101<>\"Serviço\",0,IF(OR(AND(AUTOEVENTO=\"Manual\",$M101=1),$M101>(ROW(PLE.lastrow)-ROW(PLE.firstrow))),0,IF(OFFSET(PLE!$G$14,$M101,AX$13)=\"\",10^12,OFFSET(PLE!$G$14,$M101,AX$13))))","v":1000000000000},{"$f":"IF($D101<>\"Serviço\",0,IF(OR(AND(AUTOEVENTO=\"Manual\",$M101=1),$M101>(ROW(PLE.lastrow)-ROW(PLE.firstrow))),0,IF(OFFSET(PLE!$G$14,$M101,AY$13)=\"\",10^12,OFFSET(PLE!$G$14,$M101,AY$13))))","v":1000000000000},{"$f":"IF($D101<>\"Serviço\",0,IF(OR(AND(AUTOEVENTO=\"Manual\",$M101=1),$M101>(ROW(PLE.lastrow)-ROW(PLE.firstrow))),0,IF(OFFSET(PLE!$G$14,$M101,AZ$13)=\"\",10^12,OFFSET(PLE!$G$14,$M101,AZ$13))))","v":1000000000000},{"$f":"IF($D101<>\"Serviço\",0,IF(OR(AND(AUTOEVENTO=\"Manual\",$M101=1),$M101>(ROW(PLE.lastrow)-ROW(PLE.firstrow))),0,IF(OFFSET(PLE!$G$14,$M101,BA$13)=\"\",10^12,OFFSET(PLE!$G$14,$M101,BA$13))))","v":1000000000000},{"$f":"IF($D101<>\"Serviço\",0,IF(OR(AND(AUTOEVENTO=\"Manual\",$M101=1),$M101>(ROW(PLE.lastrow)-ROW(PLE.firstrow))),0,IF(OFFSET(PLE!$G$14,$M101,BB$13)=\"\",10^12,OFFSET(PLE!$G$14,$M101,BB$13))))","v":1000000000000},{"$f":"IF($D101<>\"Serviço\",0,IF(OR(AND(AUTOEVENTO=\"Manual\",$M101=1),$M101>(ROW(PLE.lastrow)-ROW(PLE.firstrow))),0,IF(OFFSET(PLE!$G$14,$M101,BC$13)=\"\",10^12,OFFSET(PLE!$G$14,$M101,BC$13))))","v":1000000000000},{"$f":"IF($D101<>\"Serviço\",0,IF(OR(AND(AUTOEVENTO=\"Manual\",$M101=1),$M101>(ROW(PLE.lastrow)-ROW(PLE.firstrow))),0,IF(OFFSET(PLE!$G$14,$M101,BD$13)=\"\",10^12,OFFSET(PLE!$G$14,$M101,BD$13))))","v":1000000000000},{"$f":"IF($D101<>\"Serviço\",0,IF(OR(AND(AUTOEVENTO=\"Manual\",$M101=1),$M101>(ROW(PLE.lastrow)-ROW(PLE.firstrow))),0,IF(OFFSET(PLE!$G$14,$M101,BE$13)=\"\",10^12,OFFSET(PLE!$G$14,$M101,BE$13))))","v":1000000000000},{"$f":"IF($D101<>\"Serviço\",0,IF(OR(AND(AUTOEVENTO=\"Manual\",$M101=1),$M101>(ROW(PLE.lastrow)-ROW(PLE.firstrow))),0,IF(OFFSET(PLE!$G$14,$M101,BF$13)=\"\",10^12,OFFSET(PLE!$G$14,$M101,BF$13))))","v":1000000000000},{"$f":"IF($D101<>\"Serviço\",0,IF(OR(AND(AUTOEVENTO=\"Manual\",$M101=1),$M101>(ROW(PLE.lastrow)-ROW(PLE.firstrow))),0,IF(OFFSET(PLE!$G$14,$M101,BG$13)=\"\",10^12,OFFSET(PLE!$G$14,$M101,BG$13))))","v":1000000000000}]
["77",{"$f":"OFFSET(ORÇAMENTO!C$15,ROW(B102)-ROW(B$15),0)","v":"S"},{"$f":"OFFSET(ORÇAMENTO!L$15,ROW(C102)-ROW(C$15),0)","v":"F"},{"$f":"OFFSET(ORÇAMENTO!N$15,ROW(D102)-ROW(D$15),0)","v":"Serviço"},{"$f":"OFFSET(ORÇAMENTO!O$15,ROW(E102)-ROW(E$15),0)","v":"1.8.10."},{"$f":"OFFSET(ORÇAMENTO!R$15,ROW(F102)-ROW(F$15),0)","v":"REGISTRO DE GAVETA BRUTO, LATÃO, ROSCÁVEL, 1\u0094, INSTALADO EM RESERVAÇÃO DE ÁGUA DE EDIFICAÇÃO QUE POSSUA RESERVATÓRIO DE FIBRA/FIBROCIMENTO \u0096 FORNECIMENTO E INSTALAÇÃO"},{"$f":"IF($D102<>\"Serviço\",\"\",OFFSET(ORÇAMENTO!S$15,ROW(G102)-ROW(G$15),0))","v":"UN"},{"$f":"IF($D102<>\"Serviço\",0,IF(ACOMPANHAMENTO=\"BM\",ROUND(OFFSET(ORÇAMENTO!AJ$15,ROW(H102)-ROW(H$15),0),15-13*ORÇAMENTO!$AF$7),SUMPRODUCT(($Q$12:$AA$12<>\"\")*ROUND($Q102:$AA102,15-13*ORÇAMENTO!$AF$7))))","v":1},null,null,null,".",{"$f":"IF($D102<>\"Serviço\",\"\",IF(AUTOEVENTO=\"manual\",$A102,IF(ISERROR(MATCH($A102,$A$15:OFFSET($A102,-1,0),0)),MAX($M$15:OFFSET(M102,-1,0))+1,INDEX($M$15:OFFSET(M102,-1,0),MATCH($A102,$A$15:OFFSET($A102,-1,0),0)))))","v":9},{"$f":"IF($D102<>\"Serviço\",\"\",IF(AUTOEVENTO=\"Manual\",IF($A102=0,\"<-- defina o número do agrupador\",OFFSET(EVENTOS!$D$14,$A102,0)),OFFSET($F$15,$A102,0)))","v":"INSTALAÇÕES HIDROSSANITÁRIAS"},null,null,null,null,null,null,null,null,null,null,null,null,null,{"$f":"IF(AND($D102=\"Serviço\",AB$12<>0,$H102>0,OR(AUTOEVENTO<>\"manual\",$M102<>1)),ROUND(OFFSET($P102,0,AB$13),15-13*ORÇAMENTO!$AF$7)/$H102*OFFSET(ORÇAMENTO!$X$15,ROW(AB102)-ROW(AB$15),0),0)","v":0},{"$f":"IF(AND($D102=\"Serviço\",AC$12<>0,$H102>0,OR(AUTOEVENTO<>\"manual\",$M102<>1)),ROUND(OFFSET($P102,0,AC$13),15-13*ORÇAMENTO!$AF$7)/$H102*OFFSET(ORÇAMENTO!$X$15,ROW(AC102)-ROW(AC$15),0),0)","v":0},{"$f":"IF(AND($D102=\"Serviço\",AD$12<>0,$H102>0,OR(AUTOEVENTO<>\"manual\",$M102<>1)),ROUND(OFFSET($P102,0,AD$13),15-13*ORÇAMENTO!$AF$7)/$H102*OFFSET(ORÇAMENTO!$X$15,ROW(AD102)-ROW(AD$15),0),0)","v":0},{"$f":"IF(AND($D102=\"Serviço\",AE$12<>0,$H102>0,OR(AUTOEVENTO<>\"manual\",$M102<>1)),ROUND(OFFSET($P102,0,AE$13),15-13*ORÇAMENTO!$AF$7)/$H102*OFFSET(ORÇAMENTO!$X$15,ROW(AE102)-ROW(AE$15),0),0)","v":0},{"$f":"IF(AND($D102=\"Serviço\",AF$12<>0,$H102>0,OR(AUTOEVENTO<>\"manual\",$M102<>1)),ROUND(OFFSET($P102,0,AF$13),15-13*ORÇAMENTO!$AF$7)/$H102*OFFSET(ORÇAMENTO!$X$15,ROW(AF102)-ROW(AF$15),0),0)","v":0},{"$f":"IF(AND($D102=\"Serviço\",AG$12<>0,$H102>0,OR(AUTOEVENTO<>\"manual\",$M102<>1)),ROUND(OFFSET($P102,0,AG$13),15-13*ORÇAMENTO!$AF$7)/$H102*OFFSET(ORÇAMENTO!$X$15,ROW(AG102)-ROW(AG$15),0),0)","v":0},{"$f":"IF(AND($D102=\"Serviço\",AH$12<>0,$H102>0,OR(AUTOEVENTO<>\"manual\",$M102<>1)),ROUND(OFFSET($P102,0,AH$13),15-13*ORÇAMENTO!$AF$7)/$H102*OFFSET(ORÇAMENTO!$X$15,ROW(AH102)-ROW(AH$15),0),0)","v":0},{"$f":"IF(AND($D102=\"Serviço\",AI$12<>0,$H102>0,OR(AUTOEVENTO<>\"manual\",$M102<>1)),ROUND(OFFSET($P102,0,AI$13),15-13*ORÇAMENTO!$AF$7)/$H102*OFFSET(ORÇAMENTO!$X$15,ROW(AI102)-ROW(AI$15),0),0)","v":0},{"$f":"IF(AND($D102=\"Serviço\",AJ$12<>0,$H102>0,OR(AUTOEVENTO<>\"manual\",$M102<>1)),ROUND(OFFSET($P102,0,AJ$13),15-13*ORÇAMENTO!$AF$7)/$H102*OFFSET(ORÇAMENTO!$X$15,ROW(AJ102)-ROW(AJ$15),0),0)","v":0},{"$f":"IF(AND($D102=\"Serviço\",AK$12<>0,$H102>0,OR(AUTOEVENTO<>\"manual\",$M102<>1)),ROUND(OFFSET($P102,0,AK$13),15-13*ORÇAMENTO!$AF$7)/$H102*OFFSET(ORÇAMENTO!$X$15,ROW(AK102)-ROW(AK$15),0),0)","v":0},null,{"$f":"IF($D102<>\"Serviço\",0,IF(AND(AUTOEVENTO=\"Manual\",$M102=1),0,IF(OFFSET(CRONOPLE!$F$14,$M102,AM$13)=\"\",10^12,OFFSET(CRONOPLE!$F$14,$M102,AM$13))))","v":1000000000000},{"$f":"IF($D102<>\"Serviço\",0,IF(AND(AUTOEVENTO=\"Manual\",$M102=1),0,IF(OFFSET(CRONOPLE!$F$14,$M102,AN$13)=\"\",10^12,OFFSET(CRONOPLE!$F$14,$M102,AN$13))))","v":1000000000000},{"$f":"IF($D102<>\"Serviço\",0,IF(AND(AUTOEVENTO=\"Manual\",$M102=1),0,IF(OFFSET(CRONOPLE!$F$14,$M102,AO$13)=\"\",10^12,OFFSET(CRONOPLE!$F$14,$M102,AO$13))))","v":1000000000000},{"$f":"IF($D102<>\"Serviço\",0,IF(AND(AUTOEVENTO=\"Manual\",$M102=1),0,IF(OFFSET(CRONOPLE!$F$14,$M102,AP$13)=\"\",10^12,OFFSET(CRONOPLE!$F$14,$M102,AP$13))))","v":1000000000000},{"$f":"IF($D102<>\"Serviço\",0,IF(AND(AUTOEVENTO=\"Manual\",$M102=1),0,IF(OFFSET(CRONOPLE!$F$14,$M102,AQ$13)=\"\",10^12,OFFSET(CRONOPLE!$F$14,$M102,AQ$13))))","v":1000000000000},{"$f":"IF($D102<>\"Serviço\",0,IF(AND(AUTOEVENTO=\"Manual\",$M102=1),0,IF(OFFSET(CRONOPLE!$F$14,$M102,AR$13)=\"\",10^12,OFFSET(CRONOPLE!$F$14,$M102,AR$13))))","v":1000000000000},{"$f":"IF($D102<>\"Serviço\",0,IF(AND(AUTOEVENTO=\"Manual\",$M102=1),0,IF(OFFSET(CRONOPLE!$F$14,$M102,AS$13)=\"\",10^12,OFFSET(CRONOPLE!$F$14,$M102,AS$13))))","v":1000000000000},{"$f":"IF($D102<>\"Serviço\",0,IF(AND(AUTOEVENTO=\"Manual\",$M102=1),0,IF(OFFSET(CRONOPLE!$F$14,$M102,AT$13)=\"\",10^12,OFFSET(CRONOPLE!$F$14,$M102,AT$13))))","v":1000000000000},{"$f":"IF($D102<>\"Serviço\",0,IF(AND(AUTOEVENTO=\"Manual\",$M102=1),0,IF(OFFSET(CRONOPLE!$F$14,$M102,AU$13)=\"\",10^12,OFFSET(CRONOPLE!$F$14,$M102,AU$13))))","v":1000000000000},{"$f":"IF($D102<>\"Serviço\",0,IF(AND(AUTOEVENTO=\"Manual\",$M102=1),0,IF(OFFSET(CRONOPLE!$F$14,$M102,AV$13)=\"\",10^12,OFFSET(CRONOPLE!$F$14,$M102,AV$13))))","v":1000000000000},null,{"$f":"IF($D102<>\"Serviço\",0,IF(OR(AND(AUTOEVENTO=\"Manual\",$M102=1),$M102>(ROW(PLE.lastrow)-ROW(PLE.firstrow))),0,IF(OFFSET(PLE!$G$14,$M102,AX$13)=\"\",10^12,OFFSET(PLE!$G$14,$M102,AX$13))))","v":1000000000000},{"$f":"IF($D102<>\"Serviço\",0,IF(OR(AND(AUTOEVENTO=\"Manual\",$M102=1),$M102>(ROW(PLE.lastrow)-ROW(PLE.firstrow))),0,IF(OFFSET(PLE!$G$14,$M102,AY$13)=\"\",10^12,OFFSET(PLE!$G$14,$M102,AY$13))))","v":1000000000000},{"$f":"IF($D102<>\"Serviço\",0,IF(OR(AND(AUTOEVENTO=\"Manual\",$M102=1),$M102>(ROW(PLE.lastrow)-ROW(PLE.firstrow))),0,IF(OFFSET(PLE!$G$14,$M102,AZ$13)=\"\",10^12,OFFSET(PLE!$G$14,$M102,AZ$13))))","v":1000000000000},{"$f":"IF($D102<>\"Serviço\",0,IF(OR(AND(AUTOEVENTO=\"Manual\",$M102=1),$M102>(ROW(PLE.lastrow)-ROW(PLE.firstrow))),0,IF(OFFSET(PLE!$G$14,$M102,BA$13)=\"\",10^12,OFFSET(PLE!$G$14,$M102,BA$13))))","v":1000000000000},{"$f":"IF($D102<>\"Serviço\",0,IF(OR(AND(AUTOEVENTO=\"Manual\",$M102=1),$M102>(ROW(PLE.lastrow)-ROW(PLE.firstrow))),0,IF(OFFSET(PLE!$G$14,$M102,BB$13)=\"\",10^12,OFFSET(PLE!$G$14,$M102,BB$13))))","v":1000000000000},{"$f":"IF($D102<>\"Serviço\",0,IF(OR(AND(AUTOEVENTO=\"Manual\",$M102=1),$M102>(ROW(PLE.lastrow)-ROW(PLE.firstrow))),0,IF(OFFSET(PLE!$G$14,$M102,BC$13)=\"\",10^12,OFFSET(PLE!$G$14,$M102,BC$13))))","v":1000000000000},{"$f":"IF($D102<>\"Serviço\",0,IF(OR(AND(AUTOEVENTO=\"Manual\",$M102=1),$M102>(ROW(PLE.lastrow)-ROW(PLE.firstrow))),0,IF(OFFSET(PLE!$G$14,$M102,BD$13)=\"\",10^12,OFFSET(PLE!$G$14,$M102,BD$13))))","v":1000000000000},{"$f":"IF($D102<>\"Serviço\",0,IF(OR(AND(AUTOEVENTO=\"Manual\",$M102=1),$M102>(ROW(PLE.lastrow)-ROW(PLE.firstrow))),0,IF(OFFSET(PLE!$G$14,$M102,BE$13)=\"\",10^12,OFFSET(PLE!$G$14,$M102,BE$13))))","v":1000000000000},{"$f":"IF($D102<>\"Serviço\",0,IF(OR(AND(AUTOEVENTO=\"Manual\",$M102=1),$M102>(ROW(PLE.lastrow)-ROW(PLE.firstrow))),0,IF(OFFSET(PLE!$G$14,$M102,BF$13)=\"\",10^12,OFFSET(PLE!$G$14,$M102,BF$13))))","v":1000000000000},{"$f":"IF($D102<>\"Serviço\",0,IF(OR(AND(AUTOEVENTO=\"Manual\",$M102=1),$M102>(ROW(PLE.lastrow)-ROW(PLE.firstrow))),0,IF(OFFSET(PLE!$G$14,$M102,BG$13)=\"\",10^12,OFFSET(PLE!$G$14,$M102,BG$13))))","v":1000000000000}]
[{"$f":"IF(AUTOEVENTO=\"Manual\",IF(K103<>\"\",MIN(VALUE(LEFT(K103,FIND(\".\",K103)-1)),COUNTA(EVENTOS.Lista)),0),IF(OR($B103>AUTOEVENTO,$B103=\"S\",$B103=0),SUBSTITUTE(OFFSET($A103,-1,0),IF($D103=\"Serviço\",\".\",\"\"),\"\"),ROW(A103)-ROW($A$15)&\".\"))","v":"77"},{"$f":"OFFSET(ORÇAMENTO!C$15,ROW(B103)-ROW(B$15),0)","v":"S"},{"$f":"OFFSET(ORÇAMENTO!L$15,ROW(C103)-ROW(C$15),0)","v":"F"},{"$f":"OFFSET(ORÇAMENTO!N$15,ROW(D103)-ROW(D$15),0)","v":"Serviço"},{"$f":"OFFSET(ORÇAMENTO!O$15,ROW(E103)-ROW(E$15),0)","v":"1.8.11."},{"$f":"OFFSET(ORÇAMENTO!R$15,ROW(F103)-ROW(F$15),0)","v":"REGISTRO DE GAVETA BRUTO, LATÃO, ROSCÁVEL, 3/4\", FORNECIDO E INSTALADO EM RAMAL DE ÁGUA"},{"$f":"IF($D103<>\"Serviço\",\"\",OFFSET(ORÇAMENTO!S$15,ROW(G103)-ROW(G$15),0))","v":"UN"},{"$f":"IF($D103<>\"Serviço\",0,IF(ACOMPANHAMENTO=\"BM\",ROUND(OFFSET(ORÇAMENTO!AJ$15,ROW(H103)-ROW(H$15),0),15-13*ORÇAMENTO!$AF$7),SUMPRODUCT(($Q$12:$AA$12<>\"\")*ROUND($Q103:$AA103,15-13*ORÇAMENTO!$AF$7))))","v":1},null,null,null,".",{"$f":"IF($D103<>\"Serviço\",\"\",IF(AUTOEVENTO=\"manual\",$A103,IF(ISERROR(MATCH($A103,$A$15:OFFSET($A103,-1,0),0)),MAX($M$15:OFFSET(M103,-1,0))+1,INDEX($M$15:OFFSET(M103,-1,0),MATCH($A103,$A$15:OFFSET($A103,-1,0),0)))))","v":9},{"$f":"IF($D103<>\"Serviço\",\"\",IF(AUTOEVENTO=\"Manual\",IF($A103=0,\"<-- defina o número do agrupador\",OFFSET(EVENTOS!$D$14,$A103,0)),OFFSET($F$15,$A103,0)))","v":"INSTALAÇÕES HIDROSSANITÁRIAS"},null,null,null,null,null,null,null,null,null,null,null,null,null,{"$f":"IF(AND($D103=\"Serviço\",AB$12<>0,$H103>0,OR(AUTOEVENTO<>\"manual\",$M103<>1)),ROUND(OFFSET($P103,0,AB$13),15-13*ORÇAMENTO!$AF$7)/$H103*OFFSET(ORÇAMENTO!$X$15,ROW(AB103)-ROW(AB$15),0),0)","v":0},{"$f":"IF(AND($D103=\"Serviço\",AC$12<>0,$H103>0,OR(AUTOEVENTO<>\"manual\",$M103<>1)),ROUND(OFFSET($P103,0,AC$13),15-13*ORÇAMENTO!$AF$7)/$H103*OFFSET(ORÇAMENTO!$X$15,ROW(AC103)-ROW(AC$15),0),0)","v":0},{"$f":"IF(AND($D103=\"Serviço\",AD$12<>0,$H103>0,OR(AUTOEVENTO<>\"manual\",$M103<>1)),ROUND(OFFSET($P103,0,AD$13),15-13*ORÇAMENTO!$AF$7)/$H103*OFFSET(ORÇAMENTO!$X$15,ROW(AD103)-ROW(AD$15),0),0)","v":0},{"$f":"IF(AND($D103=\"Serviço\",AE$12<>0,$H103>0,OR(AUTOEVENTO<>\"manual\",$M103<>1)),ROUND(OFFSET($P103,0,AE$13),15-13*ORÇAMENTO!$AF$7)/$H103*OFFSET(ORÇAMENTO!$X$15,ROW(AE103)-ROW(AE$15),0),0)","v":0},{"$f":"IF(AND($D103=\"Serviço\",AF$12<>0,$H103>0,OR(AUTOEVENTO<>\"manual\",$M103<>1)),ROUND(OFFSET($P103,0,AF$13),15-13*ORÇAMENTO!$AF$7)/$H103*OFFSET(ORÇAMENTO!$X$15,ROW(AF103)-ROW(AF$15),0),0)","v":0},{"$f":"IF(AND($D103=\"Serviço\",AG$12<>0,$H103>0,OR(AUTOEVENTO<>\"manual\",$M103<>1)),ROUND(OFFSET($P103,0,AG$13),15-13*ORÇAMENTO!$AF$7)/$H103*OFFSET(ORÇAMENTO!$X$15,ROW(AG103)-ROW(AG$15),0),0)","v":0},{"$f":"IF(AND($D103=\"Serviço\",AH$12<>0,$H103>0,OR(AUTOEVENTO<>\"manual\",$M103<>1)),ROUND(OFFSET($P103,0,AH$13),15-13*ORÇAMENTO!$AF$7)/$H103*OFFSET(ORÇAMENTO!$X$15,ROW(AH103)-ROW(AH$15),0),0)","v":0},{"$f":"IF(AND($D103=\"Serviço\",AI$12<>0,$H103>0,OR(AUTOEVENTO<>\"manual\",$M103<>1)),ROUND(OFFSET($P103,0,AI$13),15-13*ORÇAMENTO!$AF$7)/$H103*OFFSET(ORÇAMENTO!$X$15,ROW(AI103)-ROW(AI$15),0),0)","v":0},{"$f":"IF(AND($D103=\"Serviço\",AJ$12<>0,$H103>0,OR(AUTOEVENTO<>\"manual\",$M103<>1)),ROUND(OFFSET($P103,0,AJ$13),15-13*ORÇAMENTO!$AF$7)/$H103*OFFSET(ORÇAMENTO!$X$15,ROW(AJ103)-ROW(AJ$15),0),0)","v":0},{"$f":"IF(AND($D103=\"Serviço\",AK$12<>0,$H103>0,OR(AUTOEVENTO<>\"manual\",$M103<>1)),ROUND(OFFSET($P103,0,AK$13),15-13*ORÇAMENTO!$AF$7)/$H103*OFFSET(ORÇAMENTO!$X$15,ROW(AK103)-ROW(AK$15),0),0)","v":0},null,{"$f":"IF($D103<>\"Serviço\",0,IF(AND(AUTOEVENTO=\"Manual\",$M103=1),0,IF(OFFSET(CRONOPLE!$F$14,$M103,AM$13)=\"\",10^12,OFFSET(CRONOPLE!$F$14,$M103,AM$13))))","v":1000000000000},{"$f":"IF($D103<>\"Serviço\",0,IF(AND(AUTOEVENTO=\"Manual\",$M103=1),0,IF(OFFSET(CRONOPLE!$F$14,$M103,AN$13)=\"\",10^12,OFFSET(CRONOPLE!$F$14,$M103,AN$13))))","v":1000000000000},{"$f":"IF($D103<>\"Serviço\",0,IF(AND(AUTOEVENTO=\"Manual\",$M103=1),0,IF(OFFSET(CRONOPLE!$F$14,$M103,AO$13)=\"\",10^12,OFFSET(CRONOPLE!$F$14,$M103,AO$13))))","v":1000000000000},{"$f":"IF($D103<>\"Serviço\",0,IF(AND(AUTOEVENTO=\"Manual\",$M103=1),0,IF(OFFSET(CRONOPLE!$F$14,$M103,AP$13)=\"\",10^12,OFFSET(CRONOPLE!$F$14,$M103,AP$13))))","v":1000000000000},{"$f":"IF($D103<>\"Serviço\",0,IF(AND(AUTOEVENTO=\"Manual\",$M103=1),0,IF(OFFSET(CRONOPLE!$F$14,$M103,AQ$13)=\"\",10^12,OFFSET(CRONOPLE!$F$14,$M103,AQ$13))))","v":1000000000000},{"$f":"IF($D103<>\"Serviço\",0,IF(AND(AUTOEVENTO=\"Manual\",$M103=1),0,IF(OFFSET(CRONOPLE!$F$14,$M103,AR$13)=\"\",10^12,OFFSET(CRONOPLE!$F$14,$M103,AR$13))))","v":1000000000000},{"$f":"IF($D103<>\"Serviço\",0,IF(AND(AUTOEVENTO=\"Manual\",$M103=1),0,IF(OFFSET(CRONOPLE!$F$14,$M103,AS$13)=\"\",10^12,OFFSET(CRONOPLE!$F$14,$M103,AS$13))))","v":1000000000000},{"$f":"IF($D103<>\"Serviço\",0,IF(AND(AUTOEVENTO=\"Manual\",$M103=1),0,IF(OFFSET(CRONOPLE!$F$14,$M103,AT$13)=\"\",10^12,OFFSET(CRONOPLE!$F$14,$M103,AT$13))))","v":1000000000000},{"$f":"IF($D103<>\"Serviço\",0,IF(AND(AUTOEVENTO=\"Manual\",$M103=1),0,IF(OFFSET(CRONOPLE!$F$14,$M103,AU$13)=\"\",10^12,OFFSET(CRONOPLE!$F$14,$M103,AU$13))))","v":1000000000000},{"$f":"IF($D103<>\"Serviço\",0,IF(AND(AUTOEVENTO=\"Manual\",$M103=1),0,IF(OFFSET(CRONOPLE!$F$14,$M103,AV$13)=\"\",10^12,OFFSET(CRONOPLE!$F$14,$M103,AV$13))))","v":1000000000000},null,{"$f":"IF($D103<>\"Serviço\",0,IF(OR(AND(AUTOEVENTO=\"Manual\",$M103=1),$M103>(ROW(PLE.lastrow)-ROW(PLE.firstrow))),0,IF(OFFSET(PLE!$G$14,$M103,AX$13)=\"\",10^12,OFFSET(PLE!$G$14,$M103,AX$13))))","v":1000000000000},{"$f":"IF($D103<>\"Serviço\",0,IF(OR(AND(AUTOEVENTO=\"Manual\",$M103=1),$M103>(ROW(PLE.lastrow)-ROW(PLE.firstrow))),0,IF(OFFSET(PLE!$G$14,$M103,AY$13)=\"\",10^12,OFFSET(PLE!$G$14,$M103,AY$13))))","v":1000000000000},{"$f":"IF($D103<>\"Serviço\",0,IF(OR(AND(AUTOEVENTO=\"Manual\",$M103=1),$M103>(ROW(PLE.lastrow)-ROW(PLE.firstrow))),0,IF(OFFSET(PLE!$G$14,$M103,AZ$13)=\"\",10^12,OFFSET(PLE!$G$14,$M103,AZ$13))))","v":1000000000000},{"$f":"IF($D103<>\"Serviço\",0,IF(OR(AND(AUTOEVENTO=\"Manual\",$M103=1),$M103>(ROW(PLE.lastrow)-ROW(PLE.firstrow))),0,IF(OFFSET(PLE!$G$14,$M103,BA$13)=\"\",10^12,OFFSET(PLE!$G$14,$M103,BA$13))))","v":1000000000000},{"$f":"IF($D103<>\"Serviço\",0,IF(OR(AND(AUTOEVENTO=\"Manual\",$M103=1),$M103>(ROW(PLE.lastrow)-ROW(PLE.firstrow))),0,IF(OFFSET(PLE!$G$14,$M103,BB$13)=\"\",10^12,OFFSET(PLE!$G$14,$M103,BB$13))))","v":1000000000000},{"$f":"IF($D103<>\"Serviço\",0,IF(OR(AND(AUTOEVENTO=\"Manual\",$M103=1),$M103>(ROW(PLE.lastrow)-ROW(PLE.firstrow))),0,IF(OFFSET(PLE!$G$14,$M103,BC$13)=\"\",10^12,OFFSET(PLE!$G$14,$M103,BC$13))))","v":1000000000000},{"$f":"IF($D103<>\"Serviço\",0,IF(OR(AND(AUTOEVENTO=\"Manual\",$M103=1),$M103>(ROW(PLE.lastrow)-ROW(PLE.firstrow))),0,IF(OFFSET(PLE!$G$14,$M103,BD$13)=\"\",10^12,OFFSET(PLE!$G$14,$M103,BD$13))))","v":1000000000000},{"$f":"IF($D103<>\"Serviço\",0,IF(OR(AND(AUTOEVENTO=\"Manual\",$M103=1),$M103>(ROW(PLE.lastrow)-ROW(PLE.firstrow))),0,IF(OFFSET(PLE!$G$14,$M103,BE$13)=\"\",10^12,OFFSET(PLE!$G$14,$M103,BE$13))))","v":1000000000000},{"$f":"IF($D103<>\"Serviço\",0,IF(OR(AND(AUTOEVENTO=\"Manual\",$M103=1),$M103>(ROW(PLE.lastrow)-ROW(PLE.firstrow))),0,IF(OFFSET(PLE!$G$14,$M103,BF$13)=\"\",10^12,OFFSET(PLE!$G$14,$M103,BF$13))))","v":1000000000000},{"$f":"IF($D103<>\"Serviço\",0,IF(OR(AND(AUTOEVENTO=\"Manual\",$M103=1),$M103>(ROW(PLE.lastrow)-ROW(PLE.firstrow))),0,IF(OFFSET(PLE!$G$14,$M103,BG$13)=\"\",10^12,OFFSET(PLE!$G$14,$M103,BG$13))))","v":1000000000000}]
[{"$f":"IF(AUTOEVENTO=\"Manual\",IF(K104<>\"\",MIN(VALUE(LEFT(K104,FIND(\".\",K104)-1)),COUNTA(EVENTOS.Lista)),0),IF(OR($B104>AUTOEVENTO,$B104=\"S\",$B104=0),SUBSTITUTE(OFFSET($A104,-1,0),IF($D104=\"Serviço\",\".\",\"\"),\"\"),ROW(A104)-ROW($A$15)&\".\"))","v":"77"},{"$f":"OFFSET(ORÇAMENTO!C$15,ROW(B104)-ROW(B$15),0)","v":"S"},{"$f":"OFFSET(ORÇAMENTO!L$15,ROW(C104)-ROW(C$15),0)","v":"F"},{"$f":"OFFSET(ORÇAMENTO!N$15,ROW(D104)-ROW(D$15),0)","v":"Serviço"},{"$f":"OFFSET(ORÇAMENTO!O$15,ROW(E104)-ROW(E$15),0)","v":"1.8.12."},{"$f":"OFFSET(ORÇAMENTO!R$15,ROW(F104)-ROW(F$15),0)","v":"REGISTRO DE GAVETA BRUTO, LATÃO, ROSCÁVEL, 1/2\", FORNECIDO E INSTALADO EM RAMAL DE ÁGUA"},{"$f":"IF($D104<>\"Serviço\",\"\",OFFSET(ORÇAMENTO!S$15,ROW(G104)-ROW(G$15),0))","v":"UN"},{"$f":"IF($D104<>\"Serviço\",0,IF(ACOMPANHAMENTO=\"BM\",ROUND(OFFSET(ORÇAMENTO!AJ$15,ROW(H104)-ROW(H$15),0),15-13*ORÇAMENTO!$AF$7),SUMPRODUCT(($Q$12:$AA$12<>\"\")*ROUND($Q104:$AA104,15-13*ORÇAMENTO!$AF$7))))","v":1},null,null,null,".",{"$f":"IF($D104<>\"Serviço\",\"\",IF(AUTOEVENTO=\"manual\",$A104,IF(ISERROR(MATCH($A104,$A$15:OFFSET($A104,-1,0),0)),MAX($M$15:OFFSET(M104,-1,0))+1,INDEX($M$15:OFFSET(M104,-1,0),MATCH($A104,$A$15:OFFSET($A104,-1,0),0)))))","v":9},{"$f":"IF($D104<>\"Serviço\",\"\",IF(AUTOEVENTO=\"Manual\",IF($A104=0,\"<-- defina o número do agrupador\",OFFSET(EVENTOS!$D$14,$A104,0)),OFFSET($F$15,$A104,0)))","v":"INSTALAÇÕES HIDROSSANITÁRIAS"},null,null,null,null,null,null,null,null,null,null,null,null,null,{"$f":"IF(AND($D104=\"Serviço\",AB$12<>0,$H104>0,OR(AUTOEVENTO<>\"manual\",$M104<>1)),ROUND(OFFSET($P104,0,AB$13),15-13*ORÇAMENTO!$AF$7)/$H104*OFFSET(ORÇAMENTO!$X$15,ROW(AB104)-ROW(AB$15),0),0)","v":0},{"$f":"IF(AND($D104=\"Serviço\",AC$12<>0,$H104>0,OR(AUTOEVENTO<>\"manual\",$M104<>1)),ROUND(OFFSET($P104,0,AC$13),15-13*ORÇAMENTO!$AF$7)/$H104*OFFSET(ORÇAMENTO!$X$15,ROW(AC104)-ROW(AC$15),0),0)","v":0},{"$f":"IF(AND($D104=\"Serviço\",AD$12<>0,$H104>0,OR(AUTOEVENTO<>\"manual\",$M104<>1)),ROUND(OFFSET($P104,0,AD$13),15-13*ORÇAMENTO!$AF$7)/$H104*OFFSET(ORÇAMENTO!$X$15,ROW(AD104)-ROW(AD$15),0),0)","v":0},{"$f":"IF(AND($D104=\"Serviço\",AE$12<>0,$H104>0,OR(AUTOEVENTO<>\"manual\",$M104<>1)),ROUND(OFFSET($P104,0,AE$13),15-13*ORÇAMENTO!$AF$7)/$H104*OFFSET(ORÇAMENTO!$X$15,ROW(AE104)-ROW(AE$15),0),0)","v":0},{"$f":"IF(AND($D104=\"Serviço\",AF$12<>0,$H104>0,OR(AUTOEVENTO<>\"manual\",$M104<>1)),ROUND(OFFSET($P104,0,AF$13),15-13*ORÇAMENTO!$AF$7)/$H104*OFFSET(ORÇAMENTO!$X$15,ROW(AF104)-ROW(AF$15),0),0)","v":0},{"$f":"IF(AND($D104=\"Serviço\",AG$12<>0,$H104>0,OR(AUTOEVENTO<>\"manual\",$M104<>1)),ROUND(OFFSET($P104,0,AG$13),15-13*ORÇAMENTO!$AF$7)/$H104*OFFSET(ORÇAMENTO!$X$15,ROW(AG104)-ROW(AG$15),0),0)","v":0},{"$f":"IF(AND($D104=\"Serviço\",AH$12<>0,$H104>0,OR(AUTOEVENTO<>\"manual\",$M104<>1)),ROUND(OFFSET($P104,0,AH$13),15-13*ORÇAMENTO!$AF$7)/$H104*OFFSET(ORÇAMENTO!$X$15,ROW(AH104)-ROW(AH$15),0),0)","v":0},{"$f":"IF(AND($D104=\"Serviço\",AI$12<>0,$H104>0,OR(AUTOEVENTO<>\"manual\",$M104<>1)),ROUND(OFFSET($P104,0,AI$13),15-13*ORÇAMENTO!$AF$7)/$H104*OFFSET(ORÇAMENTO!$X$15,ROW(AI104)-ROW(AI$15),0),0)","v":0},{"$f":"IF(AND($D104=\"Serviço\",AJ$12<>0,$H104>0,OR(AUTOEVENTO<>\"manual\",$M104<>1)),ROUND(OFFSET($P104,0,AJ$13),15-13*ORÇAMENTO!$AF$7)/$H104*OFFSET(ORÇAMENTO!$X$15,ROW(AJ104)-ROW(AJ$15),0),0)","v":0},{"$f":"IF(AND($D104=\"Serviço\",AK$12<>0,$H104>0,OR(AUTOEVENTO<>\"manual\",$M104<>1)),ROUND(OFFSET($P104,0,AK$13),15-13*ORÇAMENTO!$AF$7)/$H104*OFFSET(ORÇAMENTO!$X$15,ROW(AK104)-ROW(AK$15),0),0)","v":0},null,{"$f":"IF($D104<>\"Serviço\",0,IF(AND(AUTOEVENTO=\"Manual\",$M104=1),0,IF(OFFSET(CRONOPLE!$F$14,$M104,AM$13)=\"\",10^12,OFFSET(CRONOPLE!$F$14,$M104,AM$13))))","v":1000000000000},{"$f":"IF($D104<>\"Serviço\",0,IF(AND(AUTOEVENTO=\"Manual\",$M104=1),0,IF(OFFSET(CRONOPLE!$F$14,$M104,AN$13)=\"\",10^12,OFFSET(CRONOPLE!$F$14,$M104,AN$13))))","v":1000000000000},{"$f":"IF($D104<>\"Serviço\",0,IF(AND(AUTOEVENTO=\"Manual\",$M104=1),0,IF(OFFSET(CRONOPLE!$F$14,$M104,AO$13)=\"\",10^12,OFFSET(CRONOPLE!$F$14,$M104,AO$13))))","v":1000000000000},{"$f":"IF($D104<>\"Serviço\",0,IF(AND(AUTOEVENTO=\"Manual\",$M104=1),0,IF(OFFSET(CRONOPLE!$F$14,$M104,AP$13)=\"\",10^12,OFFSET(CRONOPLE!$F$14,$M104,AP$13))))","v":1000000000000},{"$f":"IF($D104<>\"Serviço\",0,IF(AND(AUTOEVENTO=\"Manual\",$M104=1),0,IF(OFFSET(CRONOPLE!$F$14,$M104,AQ$13)=\"\",10^12,OFFSET(CRONOPLE!$F$14,$M104,AQ$13))))","v":1000000000000},{"$f":"IF($D104<>\"Serviço\",0,IF(AND(AUTOEVENTO=\"Manual\",$M104=1),0,IF(OFFSET(CRONOPLE!$F$14,$M104,AR$13)=\"\",10^12,OFFSET(CRONOPLE!$F$14,$M104,AR$13))))","v":1000000000000},{"$f":"IF($D104<>\"Serviço\",0,IF(AND(AUTOEVENTO=\"Manual\",$M104=1),0,IF(OFFSET(CRONOPLE!$F$14,$M104,AS$13)=\"\",10^12,OFFSET(CRONOPLE!$F$14,$M104,AS$13))))","v":1000000000000},{"$f":"IF($D104<>\"Serviço\",0,IF(AND(AUTOEVENTO=\"Manual\",$M104=1),0,IF(OFFSET(CRONOPLE!$F$14,$M104,AT$13)=\"\",10^12,OFFSET(CRONOPLE!$F$14,$M104,AT$13))))","v":1000000000000},{"$f":"IF($D104<>\"Serviço\",0,IF(AND(AUTOEVENTO=\"Manual\",$M104=1),0,IF(OFFSET(CRONOPLE!$F$14,$M104,AU$13)=\"\",10^12,OFFSET(CRONOPLE!$F$14,$M104,AU$13))))","v":1000000000000},{"$f":"IF($D104<>\"Serviço\",0,IF(AND(AUTOEVENTO=\"Manual\",$M104=1),0,IF(OFFSET(CRONOPLE!$F$14,$M104,AV$13)=\"\",10^12,OFFSET(CRONOPLE!$F$14,$M104,AV$13))))","v":1000000000000},null,{"$f":"IF($D104<>\"Serviço\",0,IF(OR(AND(AUTOEVENTO=\"Manual\",$M104=1),$M104>(ROW(PLE.lastrow)-ROW(PLE.firstrow))),0,IF(OFFSET(PLE!$G$14,$M104,AX$13)=\"\",10^12,OFFSET(PLE!$G$14,$M104,AX$13))))","v":1000000000000},{"$f":"IF($D104<>\"Serviço\",0,IF(OR(AND(AUTOEVENTO=\"Manual\",$M104=1),$M104>(ROW(PLE.lastrow)-ROW(PLE.firstrow))),0,IF(OFFSET(PLE!$G$14,$M104,AY$13)=\"\",10^12,OFFSET(PLE!$G$14,$M104,AY$13))))","v":1000000000000},{"$f":"IF($D104<>\"Serviço\",0,IF(OR(AND(AUTOEVENTO=\"Manual\",$M104=1),$M104>(ROW(PLE.lastrow)-ROW(PLE.firstrow))),0,IF(OFFSET(PLE!$G$14,$M104,AZ$13)=\"\",10^12,OFFSET(PLE!$G$14,$M104,AZ$13))))","v":1000000000000},{"$f":"IF($D104<>\"Serviço\",0,IF(OR(AND(AUTOEVENTO=\"Manual\",$M104=1),$M104>(ROW(PLE.lastrow)-ROW(PLE.firstrow))),0,IF(OFFSET(PLE!$G$14,$M104,BA$13)=\"\",10^12,OFFSET(PLE!$G$14,$M104,BA$13))))","v":1000000000000},{"$f":"IF($D104<>\"Serviço\",0,IF(OR(AND(AUTOEVENTO=\"Manual\",$M104=1),$M104>(ROW(PLE.lastrow)-ROW(PLE.firstrow))),0,IF(OFFSET(PLE!$G$14,$M104,BB$13)=\"\",10^12,OFFSET(PLE!$G$14,$M104,BB$13))))","v":1000000000000},{"$f":"IF($D104<>\"Serviço\",0,IF(OR(AND(AUTOEVENTO=\"Manual\",$M104=1),$M104>(ROW(PLE.lastrow)-ROW(PLE.firstrow))),0,IF(OFFSET(PLE!$G$14,$M104,BC$13)=\"\",10^12,OFFSET(PLE!$G$14,$M104,BC$13))))","v":1000000000000},{"$f":"IF($D104<>\"Serviço\",0,IF(OR(AND(AUTOEVENTO=\"Manual\",$M104=1),$M104>(ROW(PLE.lastrow)-ROW(PLE.firstrow))),0,IF(OFFSET(PLE!$G$14,$M104,BD$13)=\"\",10^12,OFFSET(PLE!$G$14,$M104,BD$13))))","v":1000000000000},{"$f":"IF($D104<>\"Serviço\",0,IF(OR(AND(AUTOEVENTO=\"Manual\",$M104=1),$M104>(ROW(PLE.lastrow)-ROW(PLE.firstrow))),0,IF(OFFSET(PLE!$G$14,$M104,BE$13)=\"\",10^12,OFFSET(PLE!$G$14,$M104,BE$13))))","v":1000000000000},{"$f":"IF($D104<>\"Serviço\",0,IF(OR(AND(AUTOEVENTO=\"Manual\",$M104=1),$M104>(ROW(PLE.lastrow)-ROW(PLE.firstrow))),0,IF(OFFSET(PLE!$G$14,$M104,BF$13)=\"\",10^12,OFFSET(PLE!$G$14,$M104,BF$13))))","v":1000000000000},{"$f":"IF($D104<>\"Serviço\",0,IF(OR(AND(AUTOEVENTO=\"Manual\",$M104=1),$M104>(ROW(PLE.lastrow)-ROW(PLE.firstrow))),0,IF(OFFSET(PLE!$G$14,$M104,BG$13)=\"\",10^12,OFFSET(PLE!$G$14,$M104,BG$13))))","v":1000000000000}]
["77",{"$f":"OFFSET(ORÇAMENTO!C$15,ROW(B105)-ROW(B$15),0)","v":"S"},{"$f":"OFFSET(ORÇAMENTO!L$15,ROW(C105)-ROW(C$15),0)","v":"F"},{"$f":"OFFSET(ORÇAMENTO!N$15,ROW(D105)-ROW(D$15),0)","v":"Serviço"},{"$f":"OFFSET(ORÇAMENTO!O$15,ROW(E105)-ROW(E$15),0)","v":"1.8.13."},{"$f":"OFFSET(ORÇAMENTO!R$15,ROW(F105)-ROW(F$15),0)","v":"INSTALAÇÃO DE TUBO DE PVC, SÉRIE NORMAL, ESGOTO PREDIAL, DN 40 MM (INSTALADO EM RAMAL DE DESCARGA OU RAMAL DE ESGOTO SANITÁRIO), INCLUSIVE CONEXÕES, CORTES E FIXAÇÕES"},{"$f":"IF($D105<>\"Serviço\",\"\",OFFSET(ORÇAMENTO!S$15,ROW(G105)-ROW(G$15),0))","v":"M"},{"$f":"IF($D105<>\"Serviço\",0,IF(ACOMPANHAMENTO=\"BM\",ROUND(OFFSET(ORÇAMENTO!AJ$15,ROW(H105)-ROW(H$15),0),15-13*ORÇAMENTO!$AF$7),SUMPRODUCT(($Q$12:$AA$12<>\"\")*ROUND($Q105:$AA105,15-13*ORÇAMENTO!$AF$7))))","v":4},null,null,null,".",{"$f":"IF($D105<>\"Serviço\",\"\",IF(AUTOEVENTO=\"manual\",$A105,IF(ISERROR(MATCH($A105,$A$15:OFFSET($A105,-1,0),0)),MAX($M$15:OFFSET(M105,-1,0))+1,INDEX($M$15:OFFSET(M105,-1,0),MATCH($A105,$A$15:OFFSET($A105,-1,0),0)))))","v":9},{"$f":"IF($D105<>\"Serviço\",\"\",IF(AUTOEVENTO=\"Manual\",IF($A105=0,\"<-- defina o número do agrupador\",OFFSET(EVENTOS!$D$14,$A105,0)),OFFSET($F$15,$A105,0)))","v":"INSTALAÇÕES HIDROSSANITÁRIAS"},null,null,null,null,null,null,null,null,null,null,null,null,null,{"$f":"IF(AND($D105=\"Serviço\",AB$12<>0,$H105>0,OR(AUTOEVENTO<>\"manual\",$M105<>1)),ROUND(OFFSET($P105,0,AB$13),15-13*ORÇAMENTO!$AF$7)/$H105*OFFSET(ORÇAMENTO!$X$15,ROW(AB105)-ROW(AB$15),0),0)","v":0},{"$f":"IF(AND($D105=\"Serviço\",AC$12<>0,$H105>0,OR(AUTOEVENTO<>\"manual\",$M105<>1)),ROUND(OFFSET($P105,0,AC$13),15-13*ORÇAMENTO!$AF$7)/$H105*OFFSET(ORÇAMENTO!$X$15,ROW(AC105)-ROW(AC$15),0),0)","v":0},{"$f":"IF(AND($D105=\"Serviço\",AD$12<>0,$H105>0,OR(AUTOEVENTO<>\"manual\",$M105<>1)),ROUND(OFFSET($P105,0,AD$13),15-13*ORÇAMENTO!$AF$7)/$H105*OFFSET(ORÇAMENTO!$X$15,ROW(AD105)-ROW(AD$15),0),0)","v":0},{"$f":"IF(AND($D105=\"Serviço\",AE$12<>0,$H105>0,OR(AUTOEVENTO<>\"manual\",$M105<>1)),ROUND(OFFSET($P105,0,AE$13),15-13*ORÇAMENTO!$AF$7)/$H105*OFFSET(ORÇAMENTO!$X$15,ROW(AE105)-ROW(AE$15),0),0)","v":0},{"$f":"IF(AND($D105=\"Serviço\",AF$12<>0,$H105>0,OR(AUTOEVENTO<>\"manual\",$M105<>1)),ROUND(OFFSET($P105,0,AF$13),15-13*ORÇAMENTO!$AF$7)/$H105*OFFSET(ORÇAMENTO!$X$15,ROW(AF105)-ROW(AF$15),0),0)","v":0},{"$f":"IF(AND($D105=\"Serviço\",AG$12<>0,$H105>0,OR(AUTOEVENTO<>\"manual\",$M105<>1)),ROUND(OFFSET($P105,0,AG$13),15-13*ORÇAMENTO!$AF$7)/$H105*OFFSET(ORÇAMENTO!$X$15,ROW(AG105)-ROW(AG$15),0),0)","v":0},{"$f":"IF(AND($D105=\"Serviço\",AH$12<>0,$H105>0,OR(AUTOEVENTO<>\"manual\",$M105<>1)),ROUND(OFFSET($P105,0,AH$13),15-13*ORÇAMENTO!$AF$7)/$H105*OFFSET(ORÇAMENTO!$X$15,ROW(AH105)-ROW(AH$15),0),0)","v":0},{"$f":"IF(AND($D105=\"Serviço\",AI$12<>0,$H105>0,OR(AUTOEVENTO<>\"manual\",$M105<>1)),ROUND(OFFSET($P105,0,AI$13),15-13*ORÇAMENTO!$AF$7)/$H105*OFFSET(ORÇAMENTO!$X$15,ROW(AI105)-ROW(AI$15),0),0)","v":0},{"$f":"IF(AND($D105=\"Serviço\",AJ$12<>0,$H105>0,OR(AUTOEVENTO<>\"manual\",$M105<>1)),ROUND(OFFSET($P105,0,AJ$13),15-13*ORÇAMENTO!$AF$7)/$H105*OFFSET(ORÇAMENTO!$X$15,ROW(AJ105)-ROW(AJ$15),0),0)","v":0},{"$f":"IF(AND($D105=\"Serviço\",AK$12<>0,$H105>0,OR(AUTOEVENTO<>\"manual\",$M105<>1)),ROUND(OFFSET($P105,0,AK$13),15-13*ORÇAMENTO!$AF$7)/$H105*OFFSET(ORÇAMENTO!$X$15,ROW(AK105)-ROW(AK$15),0),0)","v":0},null,{"$f":"IF($D105<>\"Serviço\",0,IF(AND(AUTOEVENTO=\"Manual\",$M105=1),0,IF(OFFSET(CRONOPLE!$F$14,$M105,AM$13)=\"\",10^12,OFFSET(CRONOPLE!$F$14,$M105,AM$13))))","v":1000000000000},{"$f":"IF($D105<>\"Serviço\",0,IF(AND(AUTOEVENTO=\"Manual\",$M105=1),0,IF(OFFSET(CRONOPLE!$F$14,$M105,AN$13)=\"\",10^12,OFFSET(CRONOPLE!$F$14,$M105,AN$13))))","v":1000000000000},{"$f":"IF($D105<>\"Serviço\",0,IF(AND(AUTOEVENTO=\"Manual\",$M105=1),0,IF(OFFSET(CRONOPLE!$F$14,$M105,AO$13)=\"\",10^12,OFFSET(CRONOPLE!$F$14,$M105,AO$13))))","v":1000000000000},{"$f":"IF($D105<>\"Serviço\",0,IF(AND(AUTOEVENTO=\"Manual\",$M105=1),0,IF(OFFSET(CRONOPLE!$F$14,$M105,AP$13)=\"\",10^12,OFFSET(CRONOPLE!$F$14,$M105,AP$13))))","v":1000000000000},{"$f":"IF($D105<>\"Serviço\",0,IF(AND(AUTOEVENTO=\"Manual\",$M105=1),0,IF(OFFSET(CRONOPLE!$F$14,$M105,AQ$13)=\"\",10^12,OFFSET(CRONOPLE!$F$14,$M105,AQ$13))))","v":1000000000000},{"$f":"IF($D105<>\"Serviço\",0,IF(AND(AUTOEVENTO=\"Manual\",$M105=1),0,IF(OFFSET(CRONOPLE!$F$14,$M105,AR$13)=\"\",10^12,OFFSET(CRONOPLE!$F$14,$M105,AR$13))))","v":1000000000000},{"$f":"IF($D105<>\"Serviço\",0,IF(AND(AUTOEVENTO=\"Manual\",$M105=1),0,IF(OFFSET(CRONOPLE!$F$14,$M105,AS$13)=\"\",10^12,OFFSET(CRONOPLE!$F$14,$M105,AS$13))))","v":1000000000000},{"$f":"IF($D105<>\"Serviço\",0,IF(AND(AUTOEVENTO=\"Manual\",$M105=1),0,IF(OFFSET(CRONOPLE!$F$14,$M105,AT$13)=\"\",10^12,OFFSET(CRONOPLE!$F$14,$M105,AT$13))))","v":1000000000000},{"$f":"IF($D105<>\"Serviço\",0,IF(AND(AUTOEVENTO=\"Manual\",$M105=1),0,IF(OFFSET(CRONOPLE!$F$14,$M105,AU$13)=\"\",10^12,OFFSET(CRONOPLE!$F$14,$M105,AU$13))))","v":1000000000000},{"$f":"IF($D105<>\"Serviço\",0,IF(AND(AUTOEVENTO=\"Manual\",$M105=1),0,IF(OFFSET(CRONOPLE!$F$14,$M105,AV$13)=\"\",10^12,OFFSET(CRONOPLE!$F$14,$M105,AV$13))))","v":1000000000000},null,{"$f":"IF($D105<>\"Serviço\",0,IF(OR(AND(AUTOEVENTO=\"Manual\",$M105=1),$M105>(ROW(PLE.lastrow)-ROW(PLE.firstrow))),0,IF(OFFSET(PLE!$G$14,$M105,AX$13)=\"\",10^12,OFFSET(PLE!$G$14,$M105,AX$13))))","v":1000000000000},{"$f":"IF($D105<>\"Serviço\",0,IF(OR(AND(AUTOEVENTO=\"Manual\",$M105=1),$M105>(ROW(PLE.lastrow)-ROW(PLE.firstrow))),0,IF(OFFSET(PLE!$G$14,$M105,AY$13)=\"\",10^12,OFFSET(PLE!$G$14,$M105,AY$13))))","v":1000000000000},{"$f":"IF($D105<>\"Serviço\",0,IF(OR(AND(AUTOEVENTO=\"Manual\",$M105=1),$M105>(ROW(PLE.lastrow)-ROW(PLE.firstrow))),0,IF(OFFSET(PLE!$G$14,$M105,AZ$13)=\"\",10^12,OFFSET(PLE!$G$14,$M105,AZ$13))))","v":1000000000000},{"$f":"IF($D105<>\"Serviço\",0,IF(OR(AND(AUTOEVENTO=\"Manual\",$M105=1),$M105>(ROW(PLE.lastrow)-ROW(PLE.firstrow))),0,IF(OFFSET(PLE!$G$14,$M105,BA$13)=\"\",10^12,OFFSET(PLE!$G$14,$M105,BA$13))))","v":1000000000000},{"$f":"IF($D105<>\"Serviço\",0,IF(OR(AND(AUTOEVENTO=\"Manual\",$M105=1),$M105>(ROW(PLE.lastrow)-ROW(PLE.firstrow))),0,IF(OFFSET(PLE!$G$14,$M105,BB$13)=\"\",10^12,OFFSET(PLE!$G$14,$M105,BB$13))))","v":1000000000000},{"$f":"IF($D105<>\"Serviço\",0,IF(OR(AND(AUTOEVENTO=\"Manual\",$M105=1),$M105>(ROW(PLE.lastrow)-ROW(PLE.firstrow))),0,IF(OFFSET(PLE!$G$14,$M105,BC$13)=\"\",10^12,OFFSET(PLE!$G$14,$M105,BC$13))))","v":1000000000000},{"$f":"IF($D105<>\"Serviço\",0,IF(OR(AND(AUTOEVENTO=\"Manual\",$M105=1),$M105>(ROW(PLE.lastrow)-ROW(PLE.firstrow))),0,IF(OFFSET(PLE!$G$14,$M105,BD$13)=\"\",10^12,OFFSET(PLE!$G$14,$M105,BD$13))))","v":1000000000000},{"$f":"IF($D105<>\"Serviço\",0,IF(OR(AND(AUTOEVENTO=\"Manual\",$M105=1),$M105>(ROW(PLE.lastrow)-ROW(PLE.firstrow))),0,IF(OFFSET(PLE!$G$14,$M105,BE$13)=\"\",10^12,OFFSET(PLE!$G$14,$M105,BE$13))))","v":1000000000000},{"$f":"IF($D105<>\"Serviço\",0,IF(OR(AND(AUTOEVENTO=\"Manual\",$M105=1),$M105>(ROW(PLE.lastrow)-ROW(PLE.firstrow))),0,IF(OFFSET(PLE!$G$14,$M105,BF$13)=\"\",10^12,OFFSET(PLE!$G$14,$M105,BF$13))))","v":1000000000000},{"$f":"IF($D105<>\"Serviço\",0,IF(OR(AND(AUTOEVENTO=\"Manual\",$M105=1),$M105>(ROW(PLE.lastrow)-ROW(PLE.firstrow))),0,IF(OFFSET(PLE!$G$14,$M105,BG$13)=\"\",10^12,OFFSET(PLE!$G$14,$M105,BG$13))))","v":1000000000000}]
["77",{"$f":"OFFSET(ORÇAMENTO!C$15,ROW(B106)-ROW(B$15),0)","v":"S"},{"$f":"OFFSET(ORÇAMENTO!L$15,ROW(C106)-ROW(C$15),0)","v":"F"},{"$f":"OFFSET(ORÇAMENTO!N$15,ROW(D106)-ROW(D$15),0)","v":"Serviço"},{"$f":"OFFSET(ORÇAMENTO!O$15,ROW(E106)-ROW(E$15),0)","v":"1.8.14."},{"$f":"OFFSET(ORÇAMENTO!R$15,ROW(F106)-ROW(F$15),0)","v":"INSTALAÇÃO DE TUBO DE PVC, SÉRIE NORMAL, ESGOTO PREDIAL, DN 50 MM (INSTALADO EM RAMAL DE DESCARGA OU RAMAL DE ESGOTO SANITÁRIO), INCLUSIVE CONEXÕES, CORTES E FIXAÇÕES"},{"$f":"IF($D106<>\"Serviço\",\"\",OFFSET(ORÇAMENTO!S$15,ROW(G106)-ROW(G$15),0))","v":"M"},{"$f":"IF($D106<>\"Serviço\",0,IF(ACOMPANHAMENTO=\"BM\",ROUND(OFFSET(ORÇAMENTO!AJ$15,ROW(H106)-ROW(H$15),0),15-13*ORÇAMENTO!$AF$7),SUMPRODUCT(($Q$12:$AA$12<>\"\")*ROUND($Q106:$AA106,15-13*ORÇAMENTO!$AF$7))))","v":10},null,null,null,".",{"$f":"IF($D106<>\"Serviço\",\"\",IF(AUTOEVENTO=\"manual\",$A106,IF(ISERROR(MATCH($A106,$A$15:OFFSET($A106,-1,0),0)),MAX($M$15:OFFSET(M106,-1,0))+1,INDEX($M$15:OFFSET(M106,-1,0),MATCH($A106,$A$15:OFFSET($A106,-1,0),0)))))","v":9},{"$f":"IF($D106<>\"Serviço\",\"\",IF(AUTOEVENTO=\"Manual\",IF($A106=0,\"<-- defina o número do agrupador\",OFFSET(EVENTOS!$D$14,$A106,0)),OFFSET($F$15,$A106,0)))","v":"INSTALAÇÕES HIDROSSANITÁRIAS"},null,null,null,null,null,null,null,null,null,null,null,null,null,{"$f":"IF(AND($D106=\"Serviço\",AB$12<>0,$H106>0,OR(AUTOEVENTO<>\"manual\",$M106<>1)),ROUND(OFFSET($P106,0,AB$13),15-13*ORÇAMENTO!$AF$7)/$H106*OFFSET(ORÇAMENTO!$X$15,ROW(AB106)-ROW(AB$15),0),0)","v":0},{"$f":"IF(AND($D106=\"Serviço\",AC$12<>0,$H106>0,OR(AUTOEVENTO<>\"manual\",$M106<>1)),ROUND(OFFSET($P106,0,AC$13),15-13*ORÇAMENTO!$AF$7)/$H106*OFFSET(ORÇAMENTO!$X$15,ROW(AC106)-ROW(AC$15),0),0)","v":0},{"$f":"IF(AND($D106=\"Serviço\",AD$12<>0,$H106>0,OR(AUTOEVENTO<>\"manual\",$M106<>1)),ROUND(OFFSET($P106,0,AD$13),15-13*ORÇAMENTO!$AF$7)/$H106*OFFSET(ORÇAMENTO!$X$15,ROW(AD106)-ROW(AD$15),0),0)","v":0},{"$f":"IF(AND($D106=\"Serviço\",AE$12<>0,$H106>0,OR(AUTOEVENTO<>\"manual\",$M106<>1)),ROUND(OFFSET($P106,0,AE$13),15-13*ORÇAMENTO!$AF$7)/$H106*OFFSET(ORÇAMENTO!$X$15,ROW(AE106)-ROW(AE$15),0),0)","v":0},{"$f":"IF(AND($D106=\"Serviço\",AF$12<>0,$H106>0,OR(AUTOEVENTO<>\"manual\",$M106<>1)),ROUND(OFFSET($P106,0,AF$13),15-13*ORÇAMENTO!$AF$7)/$H106*OFFSET(ORÇAMENTO!$X$15,ROW(AF106)-ROW(AF$15),0),0)","v":0},{"$f":"IF(AND($D106=\"Serviço\",AG$12<>0,$H106>0,OR(AUTOEVENTO<>\"manual\",$M106<>1)),ROUND(OFFSET($P106,0,AG$13),15-13*ORÇAMENTO!$AF$7)/$H106*OFFSET(ORÇAMENTO!$X$15,ROW(AG106)-ROW(AG$15),0),0)","v":0},{"$f":"IF(AND($D106=\"Serviço\",AH$12<>0,$H106>0,OR(AUTOEVENTO<>\"manual\",$M106<>1)),ROUND(OFFSET($P106,0,AH$13),15-13*ORÇAMENTO!$AF$7)/$H106*OFFSET(ORÇAMENTO!$X$15,ROW(AH106)-ROW(AH$15),0),0)","v":0},{"$f":"IF(AND($D106=\"Serviço\",AI$12<>0,$H106>0,OR(AUTOEVENTO<>\"manual\",$M106<>1)),ROUND(OFFSET($P106,0,AI$13),15-13*ORÇAMENTO!$AF$7)/$H106*OFFSET(ORÇAMENTO!$X$15,ROW(AI106)-ROW(AI$15),0),0)","v":0},{"$f":"IF(AND($D106=\"Serviço\",AJ$12<>0,$H106>0,OR(AUTOEVENTO<>\"manual\",$M106<>1)),ROUND(OFFSET($P106,0,AJ$13),15-13*ORÇAMENTO!$AF$7)/$H106*OFFSET(ORÇAMENTO!$X$15,ROW(AJ106)-ROW(AJ$15),0),0)","v":0},{"$f":"IF(AND($D106=\"Serviço\",AK$12<>0,$H106>0,OR(AUTOEVENTO<>\"manual\",$M106<>1)),ROUND(OFFSET($P106,0,AK$13),15-13*ORÇAMENTO!$AF$7)/$H106*OFFSET(ORÇAMENTO!$X$15,ROW(AK106)-ROW(AK$15),0),0)","v":0},null,{"$f":"IF($D106<>\"Serviço\",0,IF(AND(AUTOEVENTO=\"Manual\",$M106=1),0,IF(OFFSET(CRONOPLE!$F$14,$M106,AM$13)=\"\",10^12,OFFSET(CRONOPLE!$F$14,$M106,AM$13))))","v":1000000000000},{"$f":"IF($D106<>\"Serviço\",0,IF(AND(AUTOEVENTO=\"Manual\",$M106=1),0,IF(OFFSET(CRONOPLE!$F$14,$M106,AN$13)=\"\",10^12,OFFSET(CRONOPLE!$F$14,$M106,AN$13))))","v":1000000000000},{"$f":"IF($D106<>\"Serviço\",0,IF(AND(AUTOEVENTO=\"Manual\",$M106=1),0,IF(OFFSET(CRONOPLE!$F$14,$M106,AO$13)=\"\",10^12,OFFSET(CRONOPLE!$F$14,$M106,AO$13))))","v":1000000000000},{"$f":"IF($D106<>\"Serviço\",0,IF(AND(AUTOEVENTO=\"Manual\",$M106=1),0,IF(OFFSET(CRONOPLE!$F$14,$M106,AP$13)=\"\",10^12,OFFSET(CRONOPLE!$F$14,$M106,AP$13))))","v":1000000000000},{"$f":"IF($D106<>\"Serviço\",0,IF(AND(AUTOEVENTO=\"Manual\",$M106=1),0,IF(OFFSET(CRONOPLE!$F$14,$M106,AQ$13)=\"\",10^12,OFFSET(CRONOPLE!$F$14,$M106,AQ$13))))","v":1000000000000},{"$f":"IF($D106<>\"Serviço\",0,IF(AND(AUTOEVENTO=\"Manual\",$M106=1),0,IF(OFFSET(CRONOPLE!$F$14,$M106,AR$13)=\"\",10^12,OFFSET(CRONOPLE!$F$14,$M106,AR$13))))","v":1000000000000},{"$f":"IF($D106<>\"Serviço\",0,IF(AND(AUTOEVENTO=\"Manual\",$M106=1),0,IF(OFFSET(CRONOPLE!$F$14,$M106,AS$13)=\"\",10^12,OFFSET(CRONOPLE!$F$14,$M106,AS$13))))","v":1000000000000},{"$f":"IF($D106<>\"Serviço\",0,IF(AND(AUTOEVENTO=\"Manual\",$M106=1),0,IF(OFFSET(CRONOPLE!$F$14,$M106,AT$13)=\"\",10^12,OFFSET(CRONOPLE!$F$14,$M106,AT$13))))","v":1000000000000},{"$f":"IF($D106<>\"Serviço\",0,IF(AND(AUTOEVENTO=\"Manual\",$M106=1),0,IF(OFFSET(CRONOPLE!$F$14,$M106,AU$13)=\"\",10^12,OFFSET(CRONOPLE!$F$14,$M106,AU$13))))","v":1000000000000},{"$f":"IF($D106<>\"Serviço\",0,IF(AND(AUTOEVENTO=\"Manual\",$M106=1),0,IF(OFFSET(CRONOPLE!$F$14,$M106,AV$13)=\"\",10^12,OFFSET(CRONOPLE!$F$14,$M106,AV$13))))","v":1000000000000},null,{"$f":"IF($D106<>\"Serviço\",0,IF(OR(AND(AUTOEVENTO=\"Manual\",$M106=1),$M106>(ROW(PLE.lastrow)-ROW(PLE.firstrow))),0,IF(OFFSET(PLE!$G$14,$M106,AX$13)=\"\",10^12,OFFSET(PLE!$G$14,$M106,AX$13))))","v":1000000000000},{"$f":"IF($D106<>\"Serviço\",0,IF(OR(AND(AUTOEVENTO=\"Manual\",$M106=1),$M106>(ROW(PLE.lastrow)-ROW(PLE.firstrow))),0,IF(OFFSET(PLE!$G$14,$M106,AY$13)=\"\",10^12,OFFSET(PLE!$G$14,$M106,AY$13))))","v":1000000000000},{"$f":"IF($D106<>\"Serviço\",0,IF(OR(AND(AUTOEVENTO=\"Manual\",$M106=1),$M106>(ROW(PLE.lastrow)-ROW(PLE.firstrow))),0,IF(OFFSET(PLE!$G$14,$M106,AZ$13)=\"\",10^12,OFFSET(PLE!$G$14,$M106,AZ$13))))","v":1000000000000},{"$f":"IF($D106<>\"Serviço\",0,IF(OR(AND(AUTOEVENTO=\"Manual\",$M106=1),$M106>(ROW(PLE.lastrow)-ROW(PLE.firstrow))),0,IF(OFFSET(PLE!$G$14,$M106,BA$13)=\"\",10^12,OFFSET(PLE!$G$14,$M106,BA$13))))","v":1000000000000},{"$f":"IF($D106<>\"Serviço\",0,IF(OR(AND(AUTOEVENTO=\"Manual\",$M106=1),$M106>(ROW(PLE.lastrow)-ROW(PLE.firstrow))),0,IF(OFFSET(PLE!$G$14,$M106,BB$13)=\"\",10^12,OFFSET(PLE!$G$14,$M106,BB$13))))","v":1000000000000},{"$f":"IF($D106<>\"Serviço\",0,IF(OR(AND(AUTOEVENTO=\"Manual\",$M106=1),$M106>(ROW(PLE.lastrow)-ROW(PLE.firstrow))),0,IF(OFFSET(PLE!$G$14,$M106,BC$13)=\"\",10^12,OFFSET(PLE!$G$14,$M106,BC$13))))","v":1000000000000},{"$f":"IF($D106<>\"Serviço\",0,IF(OR(AND(AUTOEVENTO=\"Manual\",$M106=1),$M106>(ROW(PLE.lastrow)-ROW(PLE.firstrow))),0,IF(OFFSET(PLE!$G$14,$M106,BD$13)=\"\",10^12,OFFSET(PLE!$G$14,$M106,BD$13))))","v":1000000000000},{"$f":"IF($D106<>\"Serviço\",0,IF(OR(AND(AUTOEVENTO=\"Manual\",$M106=1),$M106>(ROW(PLE.lastrow)-ROW(PLE.firstrow))),0,IF(OFFSET(PLE!$G$14,$M106,BE$13)=\"\",10^12,OFFSET(PLE!$G$14,$M106,BE$13))))","v":1000000000000},{"$f":"IF($D106<>\"Serviço\",0,IF(OR(AND(AUTOEVENTO=\"Manual\",$M106=1),$M106>(ROW(PLE.lastrow)-ROW(PLE.firstrow))),0,IF(OFFSET(PLE!$G$14,$M106,BF$13)=\"\",10^12,OFFSET(PLE!$G$14,$M106,BF$13))))","v":1000000000000},{"$f":"IF($D106<>\"Serviço\",0,IF(OR(AND(AUTOEVENTO=\"Manual\",$M106=1),$M106>(ROW(PLE.lastrow)-ROW(PLE.firstrow))),0,IF(OFFSET(PLE!$G$14,$M106,BG$13)=\"\",10^12,OFFSET(PLE!$G$14,$M106,BG$13))))","v":1000000000000}]
["77",{"$f":"OFFSET(ORÇAMENTO!C$15,ROW(B107)-ROW(B$15),0)","v":"S"},{"$f":"OFFSET(ORÇAMENTO!L$15,ROW(C107)-ROW(C$15),0)","v":"F"},{"$f":"OFFSET(ORÇAMENTO!N$15,ROW(D107)-ROW(D$15),0)","v":"Serviço"},{"$f":"OFFSET(ORÇAMENTO!O$15,ROW(E107)-ROW(E$15),0)","v":"1.8.15."},{"$f":"OFFSET(ORÇAMENTO!R$15,ROW(F107)-ROW(F$15),0)","v":"INSTALAÇÃO TUBO PVC, SÉRIE N, ESGOTO PREDIAL, 100 MM (INSTALADO RAMAL DESCARGA, RAMAL DE ESGOTO, PRUMADA, VENTILAÇÃO OU SUB-COLETOR AÉREO), INCLUSIVE CONEXÕES E CORTES, FIXAÇÕES"},{"$f":"IF($D107<>\"Serviço\",\"\",OFFSET(ORÇAMENTO!S$15,ROW(G107)-ROW(G$15),0))","v":"M"},{"$f":"IF($D107<>\"Serviço\",0,IF(ACOMPANHAMENTO=\"BM\",ROUND(OFFSET(ORÇAMENTO!AJ$15,ROW(H107)-ROW(H$15),0),15-13*ORÇAMENTO!$AF$7),SUMPRODUCT(($Q$12:$AA$12<>\"\")*ROUND($Q107:$AA107,15-13*ORÇAMENTO!$AF$7))))","v":25},null,null,null,".",{"$f":"IF($D107<>\"Serviço\",\"\",IF(AUTOEVENTO=\"manual\",$A107,IF(ISERROR(MATCH($A107,$A$15:OFFSET($A107,-1,0),0)),MAX($M$15:OFFSET(M107,-1,0))+1,INDEX($M$15:OFFSET(M107,-1,0),MATCH($A107,$A$15:OFFSET($A107,-1,0),0)))))","v":9},{"$f":"IF($D107<>\"Serviço\",\"\",IF(AUTOEVENTO=\"Manual\",IF($A107=0,\"<-- defina o número do agrupador\",OFFSET(EVENTOS!$D$14,$A107,0)),OFFSET($F$15,$A107,0)))","v":"INSTALAÇÕES HIDROSSANITÁRIAS"},null,null,null,null,null,null,null,null,null,null,null,null,null,{"$f":"IF(AND($D107=\"Serviço\",AB$12<>0,$H107>0,OR(AUTOEVENTO<>\"manual\",$M107<>1)),ROUND(OFFSET($P107,0,AB$13),15-13*ORÇAMENTO!$AF$7)/$H107*OFFSET(ORÇAMENTO!$X$15,ROW(AB107)-ROW(AB$15),0),0)","v":0},{"$f":"IF(AND($D107=\"Serviço\",AC$12<>0,$H107>0,OR(AUTOEVENTO<>\"manual\",$M107<>1)),ROUND(OFFSET($P107,0,AC$13),15-13*ORÇAMENTO!$AF$7)/$H107*OFFSET(ORÇAMENTO!$X$15,ROW(AC107)-ROW(AC$15),0),0)","v":0},{"$f":"IF(AND($D107=\"Serviço\",AD$12<>0,$H107>0,OR(AUTOEVENTO<>\"manual\",$M107<>1)),ROUND(OFFSET($P107,0,AD$13),15-13*ORÇAMENTO!$AF$7)/$H107*OFFSET(ORÇAMENTO!$X$15,ROW(AD107)-ROW(AD$15),0),0)","v":0},{"$f":"IF(AND($D107=\"Serviço\",AE$12<>0,$H107>0,OR(AUTOEVENTO<>\"manual\",$M107<>1)),ROUND(OFFSET($P107,0,AE$13),15-13*ORÇAMENTO!$AF$7)/$H107*OFFSET(ORÇAMENTO!$X$15,ROW(AE107)-ROW(AE$15),0),0)","v":0},{"$f":"IF(AND($D107=\"Serviço\",AF$12<>0,$H107>0,OR(AUTOEVENTO<>\"manual\",$M107<>1)),ROUND(OFFSET($P107,0,AF$13),15-13*ORÇAMENTO!$AF$7)/$H107*OFFSET(ORÇAMENTO!$X$15,ROW(AF107)-ROW(AF$15),0),0)","v":0},{"$f":"IF(AND($D107=\"Serviço\",AG$12<>0,$H107>0,OR(AUTOEVENTO<>\"manual\",$M107<>1)),ROUND(OFFSET($P107,0,AG$13),15-13*ORÇAMENTO!$AF$7)/$H107*OFFSET(ORÇAMENTO!$X$15,ROW(AG107)-ROW(AG$15),0),0)","v":0},{"$f":"IF(AND($D107=\"Serviço\",AH$12<>0,$H107>0,OR(AUTOEVENTO<>\"manual\",$M107<>1)),ROUND(OFFSET($P107,0,AH$13),15-13*ORÇAMENTO!$AF$7)/$H107*OFFSET(ORÇAMENTO!$X$15,ROW(AH107)-ROW(AH$15),0),0)","v":0},{"$f":"IF(AND($D107=\"Serviço\",AI$12<>0,$H107>0,OR(AUTOEVENTO<>\"manual\",$M107<>1)),ROUND(OFFSET($P107,0,AI$13),15-13*ORÇAMENTO!$AF$7)/$H107*OFFSET(ORÇAMENTO!$X$15,ROW(AI107)-ROW(AI$15),0),0)","v":0},{"$f":"IF(AND($D107=\"Serviço\",AJ$12<>0,$H107>0,OR(AUTOEVENTO<>\"manual\",$M107<>1)),ROUND(OFFSET($P107,0,AJ$13),15-13*ORÇAMENTO!$AF$7)/$H107*OFFSET(ORÇAMENTO!$X$15,ROW(AJ107)-ROW(AJ$15),0),0)","v":0},{"$f":"IF(AND($D107=\"Serviço\",AK$12<>0,$H107>0,OR(AUTOEVENTO<>\"manual\",$M107<>1)),ROUND(OFFSET($P107,0,AK$13),15-13*ORÇAMENTO!$AF$7)/$H107*OFFSET(ORÇAMENTO!$X$15,ROW(AK107)-ROW(AK$15),0),0)","v":0},null,{"$f":"IF($D107<>\"Serviço\",0,IF(AND(AUTOEVENTO=\"Manual\",$M107=1),0,IF(OFFSET(CRONOPLE!$F$14,$M107,AM$13)=\"\",10^12,OFFSET(CRONOPLE!$F$14,$M107,AM$13))))","v":1000000000000},{"$f":"IF($D107<>\"Serviço\",0,IF(AND(AUTOEVENTO=\"Manual\",$M107=1),0,IF(OFFSET(CRONOPLE!$F$14,$M107,AN$13)=\"\",10^12,OFFSET(CRONOPLE!$F$14,$M107,AN$13))))","v":1000000000000},{"$f":"IF($D107<>\"Serviço\",0,IF(AND(AUTOEVENTO=\"Manual\",$M107=1),0,IF(OFFSET(CRONOPLE!$F$14,$M107,AO$13)=\"\",10^12,OFFSET(CRONOPLE!$F$14,$M107,AO$13))))","v":1000000000000},{"$f":"IF($D107<>\"Serviço\",0,IF(AND(AUTOEVENTO=\"Manual\",$M107=1),0,IF(OFFSET(CRONOPLE!$F$14,$M107,AP$13)=\"\",10^12,OFFSET(CRONOPLE!$F$14,$M107,AP$13))))","v":1000000000000},{"$f":"IF($D107<>\"Serviço\",0,IF(AND(AUTOEVENTO=\"Manual\",$M107=1),0,IF(OFFSET(CRONOPLE!$F$14,$M107,AQ$13)=\"\",10^12,OFFSET(CRONOPLE!$F$14,$M107,AQ$13))))","v":1000000000000},{"$f":"IF($D107<>\"Serviço\",0,IF(AND(AUTOEVENTO=\"Manual\",$M107=1),0,IF(OFFSET(CRONOPLE!$F$14,$M107,AR$13)=\"\",10^12,OFFSET(CRONOPLE!$F$14,$M107,AR$13))))","v":1000000000000},{"$f":"IF($D107<>\"Serviço\",0,IF(AND(AUTOEVENTO=\"Manual\",$M107=1),0,IF(OFFSET(CRONOPLE!$F$14,$M107,AS$13)=\"\",10^12,OFFSET(CRONOPLE!$F$14,$M107,AS$13))))","v":1000000000000},{"$f":"IF($D107<>\"Serviço\",0,IF(AND(AUTOEVENTO=\"Manual\",$M107=1),0,IF(OFFSET(CRONOPLE!$F$14,$M107,AT$13)=\"\",10^12,OFFSET(CRONOPLE!$F$14,$M107,AT$13))))","v":1000000000000},{"$f":"IF($D107<>\"Serviço\",0,IF(AND(AUTOEVENTO=\"Manual\",$M107=1),0,IF(OFFSET(CRONOPLE!$F$14,$M107,AU$13)=\"\",10^12,OFFSET(CRONOPLE!$F$14,$M107,AU$13))))","v":1000000000000},{"$f":"IF($D107<>\"Serviço\",0,IF(AND(AUTOEVENTO=\"Manual\",$M107=1),0,IF(OFFSET(CRONOPLE!$F$14,$M107,AV$13)=\"\",10^12,OFFSET(CRONOPLE!$F$14,$M107,AV$13))))","v":1000000000000},null,{"$f":"IF($D107<>\"Serviço\",0,IF(OR(AND(AUTOEVENTO=\"Manual\",$M107=1),$M107>(ROW(PLE.lastrow)-ROW(PLE.firstrow))),0,IF(OFFSET(PLE!$G$14,$M107,AX$13)=\"\",10^12,OFFSET(PLE!$G$14,$M107,AX$13))))","v":1000000000000},{"$f":"IF($D107<>\"Serviço\",0,IF(OR(AND(AUTOEVENTO=\"Manual\",$M107=1),$M107>(ROW(PLE.lastrow)-ROW(PLE.firstrow))),0,IF(OFFSET(PLE!$G$14,$M107,AY$13)=\"\",10^12,OFFSET(PLE!$G$14,$M107,AY$13))))","v":1000000000000},{"$f":"IF($D107<>\"Serviço\",0,IF(OR(AND(AUTOEVENTO=\"Manual\",$M107=1),$M107>(ROW(PLE.lastrow)-ROW(PLE.firstrow))),0,IF(OFFSET(PLE!$G$14,$M107,AZ$13)=\"\",10^12,OFFSET(PLE!$G$14,$M107,AZ$13))))","v":1000000000000},{"$f":"IF($D107<>\"Serviço\",0,IF(OR(AND(AUTOEVENTO=\"Manual\",$M107=1),$M107>(ROW(PLE.lastrow)-ROW(PLE.firstrow))),0,IF(OFFSET(PLE!$G$14,$M107,BA$13)=\"\",10^12,OFFSET(PLE!$G$14,$M107,BA$13))))","v":1000000000000},{"$f":"IF($D107<>\"Serviço\",0,IF(OR(AND(AUTOEVENTO=\"Manual\",$M107=1),$M107>(ROW(PLE.lastrow)-ROW(PLE.firstrow))),0,IF(OFFSET(PLE!$G$14,$M107,BB$13)=\"\",10^12,OFFSET(PLE!$G$14,$M107,BB$13))))","v":1000000000000},{"$f":"IF($D107<>\"Serviço\",0,IF(OR(AND(AUTOEVENTO=\"Manual\",$M107=1),$M107>(ROW(PLE.lastrow)-ROW(PLE.firstrow))),0,IF(OFFSET(PLE!$G$14,$M107,BC$13)=\"\",10^12,OFFSET(PLE!$G$14,$M107,BC$13))))","v":1000000000000},{"$f":"IF($D107<>\"Serviço\",0,IF(OR(AND(AUTOEVENTO=\"Manual\",$M107=1),$M107>(ROW(PLE.lastrow)-ROW(PLE.firstrow))),0,IF(OFFSET(PLE!$G$14,$M107,BD$13)=\"\",10^12,OFFSET(PLE!$G$14,$M107,BD$13))))","v":1000000000000},{"$f":"IF($D107<>\"Serviço\",0,IF(OR(AND(AUTOEVENTO=\"Manual\",$M107=1),$M107>(ROW(PLE.lastrow)-ROW(PLE.firstrow))),0,IF(OFFSET(PLE!$G$14,$M107,BE$13)=\"\",10^12,OFFSET(PLE!$G$14,$M107,BE$13))))","v":1000000000000},{"$f":"IF($D107<>\"Serviço\",0,IF(OR(AND(AUTOEVENTO=\"Manual\",$M107=1),$M107>(ROW(PLE.lastrow)-ROW(PLE.firstrow))),0,IF(OFFSET(PLE!$G$14,$M107,BF$13)=\"\",10^12,OFFSET(PLE!$G$14,$M107,BF$13))))","v":1000000000000},{"$f":"IF($D107<>\"Serviço\",0,IF(OR(AND(AUTOEVENTO=\"Manual\",$M107=1),$M107>(ROW(PLE.lastrow)-ROW(PLE.firstrow))),0,IF(OFFSET(PLE!$G$14,$M107,BG$13)=\"\",10^12,OFFSET(PLE!$G$14,$M107,BG$13))))","v":1000000000000}]
["77",{"$f":"OFFSET(ORÇAMENTO!C$15,ROW(B108)-ROW(B$15),0)","v":"S"},{"$f":"OFFSET(ORÇAMENTO!L$15,ROW(C108)-ROW(C$15),0)","v":"F"},{"$f":"OFFSET(ORÇAMENTO!N$15,ROW(D108)-ROW(D$15),0)","v":"Serviço"},{"$f":"OFFSET(ORÇAMENTO!O$15,ROW(E108)-ROW(E$15),0)","v":"1.8.16."},{"$f":"OFFSET(ORÇAMENTO!R$15,ROW(F108)-ROW(F$15),0)","v":"CAIXA DE GORDURA SIMPLES (CAPACIDADE: 36 L), RETANGULAR, EM ALVENARIA COM TIJOLOS CERÂMICOS MACIÇOS, DIMENSÕES INTERNAS = 0,4X0,4 M, ALTURA INTERNA MÁXIMA = 0,8 M"},{"$f":"IF($D108<>\"Serviço\",\"\",OFFSET(ORÇAMENTO!S$15,ROW(G108)-ROW(G$15),0))","v":"UN"},{"$f":"IF($D108<>\"Serviço\",0,IF(ACOMPANHAMENTO=\"BM\",ROUND(OFFSET(ORÇAMENTO!AJ$15,ROW(H108)-ROW(H$15),0),15-13*ORÇAMENTO!$AF$7),SUMPRODUCT(($Q$12:$AA$12<>\"\")*ROUND($Q108:$AA108,15-13*ORÇAMENTO!$AF$7))))","v":1},null,null,null,".",{"$f":"IF($D108<>\"Serviço\",\"\",IF(AUTOEVENTO=\"manual\",$A108,IF(ISERROR(MATCH($A108,$A$15:OFFSET($A108,-1,0),0)),MAX($M$15:OFFSET(M108,-1,0))+1,INDEX($M$15:OFFSET(M108,-1,0),MATCH($A108,$A$15:OFFSET($A108,-1,0),0)))))","v":9},{"$f":"IF($D108<>\"Serviço\",\"\",IF(AUTOEVENTO=\"Manual\",IF($A108=0,\"<-- defina o número do agrupador\",OFFSET(EVENTOS!$D$14,$A108,0)),OFFSET($F$15,$A108,0)))","v":"INSTALAÇÕES HIDROSSANITÁRIAS"},null,null,null,null,null,null,null,null,null,null,null,null,null,{"$f":"IF(AND($D108=\"Serviço\",AB$12<>0,$H108>0,OR(AUTOEVENTO<>\"manual\",$M108<>1)),ROUND(OFFSET($P108,0,AB$13),15-13*ORÇAMENTO!$AF$7)/$H108*OFFSET(ORÇAMENTO!$X$15,ROW(AB108)-ROW(AB$15),0),0)","v":0},{"$f":"IF(AND($D108=\"Serviço\",AC$12<>0,$H108>0,OR(AUTOEVENTO<>\"manual\",$M108<>1)),ROUND(OFFSET($P108,0,AC$13),15-13*ORÇAMENTO!$AF$7)/$H108*OFFSET(ORÇAMENTO!$X$15,ROW(AC108)-ROW(AC$15),0),0)","v":0},{"$f":"IF(AND($D108=\"Serviço\",AD$12<>0,$H108>0,OR(AUTOEVENTO<>\"manual\",$M108<>1)),ROUND(OFFSET($P108,0,AD$13),15-13*ORÇAMENTO!$AF$7)/$H108*OFFSET(ORÇAMENTO!$X$15,ROW(AD108)-ROW(AD$15),0),0)","v":0},{"$f":"IF(AND($D108=\"Serviço\",AE$12<>0,$H108>0,OR(AUTOEVENTO<>\"manual\",$M108<>1)),ROUND(OFFSET($P108,0,AE$13),15-13*ORÇAMENTO!$AF$7)/$H108*OFFSET(ORÇAMENTO!$X$15,ROW(AE108)-ROW(AE$15),0),0)","v":0},{"$f":"IF(AND($D108=\"Serviço\",AF$12<>0,$H108>0,OR(AUTOEVENTO<>\"manual\",$M108<>1)),ROUND(OFFSET($P108,0,AF$13),15-13*ORÇAMENTO!$AF$7)/$H108*OFFSET(ORÇAMENTO!$X$15,ROW(AF108)-ROW(AF$15),0),0)","v":0},{"$f":"IF(AND($D108=\"Serviço\",AG$12<>0,$H108>0,OR(AUTOEVENTO<>\"manual\",$M108<>1)),ROUND(OFFSET($P108,0,AG$13),15-13*ORÇAMENTO!$AF$7)/$H108*OFFSET(ORÇAMENTO!$X$15,ROW(AG108)-ROW(AG$15),0),0)","v":0},{"$f":"IF(AND($D108=\"Serviço\",AH$12<>0,$H108>0,OR(AUTOEVENTO<>\"manual\",$M108<>1)),ROUND(OFFSET($P108,0,AH$13),15-13*ORÇAMENTO!$AF$7)/$H108*OFFSET(ORÇAMENTO!$X$15,ROW(AH108)-ROW(AH$15),0),0)","v":0},{"$f":"IF(AND($D108=\"Serviço\",AI$12<>0,$H108>0,OR(AUTOEVENTO<>\"manual\",$M108<>1)),ROUND(OFFSET($P108,0,AI$13),15-13*ORÇAMENTO!$AF$7)/$H108*OFFSET(ORÇAMENTO!$X$15,ROW(AI108)-ROW(AI$15),0),0)","v":0},{"$f":"IF(AND($D108=\"Serviço\",AJ$12<>0,$H108>0,OR(AUTOEVENTO<>\"manual\",$M108<>1)),ROUND(OFFSET($P108,0,AJ$13),15-13*ORÇAMENTO!$AF$7)/$H108*OFFSET(ORÇAMENTO!$X$15,ROW(AJ108)-ROW(AJ$15),0),0)","v":0},{"$f":"IF(AND($D108=\"Serviço\",AK$12<>0,$H108>0,OR(AUTOEVENTO<>\"manual\",$M108<>1)),ROUND(OFFSET($P108,0,AK$13),15-13*ORÇAMENTO!$AF$7)/$H108*OFFSET(ORÇAMENTO!$X$15,ROW(AK108)-ROW(AK$15),0),0)","v":0},null,{"$f":"IF($D108<>\"Serviço\",0,IF(AND(AUTOEVENTO=\"Manual\",$M108=1),0,IF(OFFSET(CRONOPLE!$F$14,$M108,AM$13)=\"\",10^12,OFFSET(CRONOPLE!$F$14,$M108,AM$13))))","v":1000000000000},{"$f":"IF($D108<>\"Serviço\",0,IF(AND(AUTOEVENTO=\"Manual\",$M108=1),0,IF(OFFSET(CRONOPLE!$F$14,$M108,AN$13)=\"\",10^12,OFFSET(CRONOPLE!$F$14,$M108,AN$13))))","v":1000000000000},{"$f":"IF($D108<>\"Serviço\",0,IF(AND(AUTOEVENTO=\"Manual\",$M108=1),0,IF(OFFSET(CRONOPLE!$F$14,$M108,AO$13)=\"\",10^12,OFFSET(CRONOPLE!$F$14,$M108,AO$13))))","v":1000000000000},{"$f":"IF($D108<>\"Serviço\",0,IF(AND(AUTOEVENTO=\"Manual\",$M108=1),0,IF(OFFSET(CRONOPLE!$F$14,$M108,AP$13)=\"\",10^12,OFFSET(CRONOPLE!$F$14,$M108,AP$13))))","v":1000000000000},{"$f":"IF($D108<>\"Serviço\",0,IF(AND(AUTOEVENTO=\"Manual\",$M108=1),0,IF(OFFSET(CRONOPLE!$F$14,$M108,AQ$13)=\"\",10^12,OFFSET(CRONOPLE!$F$14,$M108,AQ$13))))","v":1000000000000},{"$f":"IF($D108<>\"Serviço\",0,IF(AND(AUTOEVENTO=\"Manual\",$M108=1),0,IF(OFFSET(CRONOPLE!$F$14,$M108,AR$13)=\"\",10^12,OFFSET(CRONOPLE!$F$14,$M108,AR$13))))","v":1000000000000},{"$f":"IF($D108<>\"Serviço\",0,IF(AND(AUTOEVENTO=\"Manual\",$M108=1),0,IF(OFFSET(CRONOPLE!$F$14,$M108,AS$13)=\"\",10^12,OFFSET(CRONOPLE!$F$14,$M108,AS$13))))","v":1000000000000},{"$f":"IF($D108<>\"Serviço\",0,IF(AND(AUTOEVENTO=\"Manual\",$M108=1),0,IF(OFFSET(CRONOPLE!$F$14,$M108,AT$13)=\"\",10^12,OFFSET(CRONOPLE!$F$14,$M108,AT$13))))","v":1000000000000},{"$f":"IF($D108<>\"Serviço\",0,IF(AND(AUTOEVENTO=\"Manual\",$M108=1),0,IF(OFFSET(CRONOPLE!$F$14,$M108,AU$13)=\"\",10^12,OFFSET(CRONOPLE!$F$14,$M108,AU$13))))","v":1000000000000},{"$f":"IF($D108<>\"Serviço\",0,IF(AND(AUTOEVENTO=\"Manual\",$M108=1),0,IF(OFFSET(CRONOPLE!$F$14,$M108,AV$13)=\"\",10^12,OFFSET(CRONOPLE!$F$14,$M108,AV$13))))","v":1000000000000},null,{"$f":"IF($D108<>\"Serviço\",0,IF(OR(AND(AUTOEVENTO=\"Manual\",$M108=1),$M108>(ROW(PLE.lastrow)-ROW(PLE.firstrow))),0,IF(OFFSET(PLE!$G$14,$M108,AX$13)=\"\",10^12,OFFSET(PLE!$G$14,$M108,AX$13))))","v":1000000000000},{"$f":"IF($D108<>\"Serviço\",0,IF(OR(AND(AUTOEVENTO=\"Manual\",$M108=1),$M108>(ROW(PLE.lastrow)-ROW(PLE.firstrow))),0,IF(OFFSET(PLE!$G$14,$M108,AY$13)=\"\",10^12,OFFSET(PLE!$G$14,$M108,AY$13))))","v":1000000000000},{"$f":"IF($D108<>\"Serviço\",0,IF(OR(AND(AUTOEVENTO=\"Manual\",$M108=1),$M108>(ROW(PLE.lastrow)-ROW(PLE.firstrow))),0,IF(OFFSET(PLE!$G$14,$M108,AZ$13)=\"\",10^12,OFFSET(PLE!$G$14,$M108,AZ$13))))","v":1000000000000},{"$f":"IF($D108<>\"Serviço\",0,IF(OR(AND(AUTOEVENTO=\"Manual\",$M108=1),$M108>(ROW(PLE.lastrow)-ROW(PLE.firstrow))),0,IF(OFFSET(PLE!$G$14,$M108,BA$13)=\"\",10^12,OFFSET(PLE!$G$14,$M108,BA$13))))","v":1000000000000},{"$f":"IF($D108<>\"Serviço\",0,IF(OR(AND(AUTOEVENTO=\"Manual\",$M108=1),$M108>(ROW(PLE.lastrow)-ROW(PLE.firstrow))),0,IF(OFFSET(PLE!$G$14,$M108,BB$13)=\"\",10^12,OFFSET(PLE!$G$14,$M108,BB$13))))","v":1000000000000},{"$f":"IF($D108<>\"Serviço\",0,IF(OR(AND(AUTOEVENTO=\"Manual\",$M108=1),$M108>(ROW(PLE.lastrow)-ROW(PLE.firstrow))),0,IF(OFFSET(PLE!$G$14,$M108,BC$13)=\"\",10^12,OFFSET(PLE!$G$14,$M108,BC$13))))","v":1000000000000},{"$f":"IF($D108<>\"Serviço\",0,IF(OR(AND(AUTOEVENTO=\"Manual\",$M108=1),$M108>(ROW(PLE.lastrow)-ROW(PLE.firstrow))),0,IF(OFFSET(PLE!$G$14,$M108,BD$13)=\"\",10^12,OFFSET(PLE!$G$14,$M108,BD$13))))","v":1000000000000},{"$f":"IF($D108<>\"Serviço\",0,IF(OR(AND(AUTOEVENTO=\"Manual\",$M108=1),$M108>(ROW(PLE.lastrow)-ROW(PLE.firstrow))),0,IF(OFFSET(PLE!$G$14,$M108,BE$13)=\"\",10^12,OFFSET(PLE!$G$14,$M108,BE$13))))","v":1000000000000},{"$f":"IF($D108<>\"Serviço\",0,IF(OR(AND(AUTOEVENTO=\"Manual\",$M108=1),$M108>(ROW(PLE.lastrow)-ROW(PLE.firstrow))),0,IF(OFFSET(PLE!$G$14,$M108,BF$13)=\"\",10^12,OFFSET(PLE!$G$14,$M108,BF$13))))","v":1000000000000},{"$f":"IF($D108<>\"Serviço\",0,IF(OR(AND(AUTOEVENTO=\"Manual\",$M108=1),$M108>(ROW(PLE.lastrow)-ROW(PLE.firstrow))),0,IF(OFFSET(PLE!$G$14,$M108,BG$13)=\"\",10^12,OFFSET(PLE!$G$14,$M108,BG$13))))","v":1000000000000}]
["77",{"$f":"OFFSET(ORÇAMENTO!C$15,ROW(B109)-ROW(B$15),0)","v":"S"},{"$f":"OFFSET(ORÇAMENTO!L$15,ROW(C109)-ROW(C$15),0)","v":"F"},{"$f":"OFFSET(ORÇAMENTO!N$15,ROW(D109)-ROW(D$15),0)","v":"Serviço"},{"$f":"OFFSET(ORÇAMENTO!O$15,ROW(E109)-ROW(E$15),0)","v":"1.8.17."},{"$f":"OFFSET(ORÇAMENTO!R$15,ROW(F109)-ROW(F$15),0)","v":"CAIXA DE INSPEÇÃO EM CONCRETO PRÉ-MOLDADO DN 60 CM COM TAMPA H= 60 CM - FORNECIMENTO E INSTALAÇÃO"},{"$f":"IF($D109<>\"Serviço\",\"\",OFFSET(ORÇAMENTO!S$15,ROW(G109)-ROW(G$15),0))","v":"UN"},{"$f":"IF($D109<>\"Serviço\",0,IF(ACOMPANHAMENTO=\"BM\",ROUND(OFFSET(ORÇAMENTO!AJ$15,ROW(H109)-ROW(H$15),0),15-13*ORÇAMENTO!$AF$7),SUMPRODUCT(($Q$12:$AA$12<>\"\")*ROUND($Q109:$AA109,15-13*ORÇAMENTO!$AF$7))))","v":3},null,null,null,".",{"$f":"IF($D109<>\"Serviço\",\"\",IF(AUTOEVENTO=\"manual\",$A109,IF(ISERROR(MATCH($A109,$A$15:OFFSET($A109,-1,0),0)),MAX($M$15:OFFSET(M109,-1,0))+1,INDEX($M$15:OFFSET(M109,-1,0),MATCH($A109,$A$15:OFFSET($A109,-1,0),0)))))","v":9},{"$f":"IF($D109<>\"Serviço\",\"\",IF(AUTOEVENTO=\"Manual\",IF($A109=0,\"<-- defina o número do agrupador\",OFFSET(EVENTOS!$D$14,$A109,0)),OFFSET($F$15,$A109,0)))","v":"INSTALAÇÕES HIDROSSANITÁRIAS"},null,null,null,null,null,null,null,null,null,null,null,null,null,{"$f":"IF(AND($D109=\"Serviço\",AB$12<>0,$H109>0,OR(AUTOEVENTO<>\"manual\",$M109<>1)),ROUND(OFFSET($P109,0,AB$13),15-13*ORÇAMENTO!$AF$7)/$H109*OFFSET(ORÇAMENTO!$X$15,ROW(AB109)-ROW(AB$15),0),0)","v":0},{"$f":"IF(AND($D109=\"Serviço\",AC$12<>0,$H109>0,OR(AUTOEVENTO<>\"manual\",$M109<>1)),ROUND(OFFSET($P109,0,AC$13),15-13*ORÇAMENTO!$AF$7)/$H109*OFFSET(ORÇAMENTO!$X$15,ROW(AC109)-ROW(AC$15),0),0)","v":0},{"$f":"IF(AND($D109=\"Serviço\",AD$12<>0,$H109>0,OR(AUTOEVENTO<>\"manual\",$M109<>1)),ROUND(OFFSET($P109,0,AD$13),15-13*ORÇAMENTO!$AF$7)/$H109*OFFSET(ORÇAMENTO!$X$15,ROW(AD109)-ROW(AD$15),0),0)","v":0},{"$f":"IF(AND($D109=\"Serviço\",AE$12<>0,$H109>0,OR(AUTOEVENTO<>\"manual\",$M109<>1)),ROUND(OFFSET($P109,0,AE$13),15-13*ORÇAMENTO!$AF$7)/$H109*OFFSET(ORÇAMENTO!$X$15,ROW(AE109)-ROW(AE$15),0),0)","v":0},{"$f":"IF(AND($D109=\"Serviço\",AF$12<>0,$H109>0,OR(AUTOEVENTO<>\"manual\",$M109<>1)),ROUND(OFFSET($P109,0,AF$13),15-13*ORÇAMENTO!$AF$7)/$H109*OFFSET(ORÇAMENTO!$X$15,ROW(AF109)-ROW(AF$15),0),0)","v":0},{"$f":"IF(AND($D109=\"Serviço\",AG$12<>0,$H109>0,OR(AUTOEVENTO<>\"manual\",$M109<>1)),ROUND(OFFSET($P109,0,AG$13),15-13*ORÇAMENTO!$AF$7)/$H109*OFFSET(ORÇAMENTO!$X$15,ROW(AG109)-ROW(AG$15),0),0)","v":0},{"$f":"IF(AND($D109=\"Serviço\",AH$12<>0,$H109>0,OR(AUTOEVENTO<>\"manual\",$M109<>1)),ROUND(OFFSET($P109,0,AH$13),15-13*ORÇAMENTO!$AF$7)/$H109*OFFSET(ORÇAMENTO!$X$15,ROW(AH109)-ROW(AH$15),0),0)","v":0},{"$f":"IF(AND($D109=\"Serviço\",AI$12<>0,$H109>0,OR(AUTOEVENTO<>\"manual\",$M109<>1)),ROUND(OFFSET($P109,0,AI$13),15-13*ORÇAMENTO!$AF$7)/$H109*OFFSET(ORÇAMENTO!$X$15,ROW(AI109)-ROW(AI$15),0),0)","v":0},{"$f":"IF(AND($D109=\"Serviço\",AJ$12<>0,$H109>0,OR(AUTOEVENTO<>\"manual\",$M109<>1)),ROUND(OFFSET($P109,0,AJ$13),15-13*ORÇAMENTO!$AF$7)/$H109*OFFSET(ORÇAMENTO!$X$15,ROW(AJ109)-ROW(AJ$15),0),0)","v":0},{"$f":"IF(AND($D109=\"Serviço\",AK$12<>0,$H109>0,OR(AUTOEVENTO<>\"manual\",$M109<>1)),ROUND(OFFSET($P109,0,AK$13),15-13*ORÇAMENTO!$AF$7)/$H109*OFFSET(ORÇAMENTO!$X$15,ROW(AK109)-ROW(AK$15),0),0)","v":0},null,{"$f":"IF($D109<>\"Serviço\",0,IF(AND(AUTOEVENTO=\"Manual\",$M109=1),0,IF(OFFSET(CRONOPLE!$F$14,$M109,AM$13)=\"\",10^12,OFFSET(CRONOPLE!$F$14,$M109,AM$13))))","v":1000000000000},{"$f":"IF($D109<>\"Serviço\",0,IF(AND(AUTOEVENTO=\"Manual\",$M109=1),0,IF(OFFSET(CRONOPLE!$F$14,$M109,AN$13)=\"\",10^12,OFFSET(CRONOPLE!$F$14,$M109,AN$13))))","v":1000000000000},{"$f":"IF($D109<>\"Serviço\",0,IF(AND(AUTOEVENTO=\"Manual\",$M109=1),0,IF(OFFSET(CRONOPLE!$F$14,$M109,AO$13)=\"\",10^12,OFFSET(CRONOPLE!$F$14,$M109,AO$13))))","v":1000000000000},{"$f":"IF($D109<>\"Serviço\",0,IF(AND(AUTOEVENTO=\"Manual\",$M109=1),0,IF(OFFSET(CRONOPLE!$F$14,$M109,AP$13)=\"\",10^12,OFFSET(CRONOPLE!$F$14,$M109,AP$13))))","v":1000000000000},{"$f":"IF($D109<>\"Serviço\",0,IF(AND(AUTOEVENTO=\"Manual\",$M109=1),0,IF(OFFSET(CRONOPLE!$F$14,$M109,AQ$13)=\"\",10^12,OFFSET(CRONOPLE!$F$14,$M109,AQ$13))))","v":1000000000000},{"$f":"IF($D109<>\"Serviço\",0,IF(AND(AUTOEVENTO=\"Manual\",$M109=1),0,IF(OFFSET(CRONOPLE!$F$14,$M109,AR$13)=\"\",10^12,OFFSET(CRONOPLE!$F$14,$M109,AR$13))))","v":1000000000000},{"$f":"IF($D109<>\"Serviço\",0,IF(AND(AUTOEVENTO=\"Manual\",$M109=1),0,IF(OFFSET(CRONOPLE!$F$14,$M109,AS$13)=\"\",10^12,OFFSET(CRONOPLE!$F$14,$M109,AS$13))))","v":1000000000000},{"$f":"IF($D109<>\"Serviço\",0,IF(AND(AUTOEVENTO=\"Manual\",$M109=1),0,IF(OFFSET(CRONOPLE!$F$14,$M109,AT$13)=\"\",10^12,OFFSET(CRONOPLE!$F$14,$M109,AT$13))))","v":1000000000000},{"$f":"IF($D109<>\"Serviço\",0,IF(AND(AUTOEVENTO=\"Manual\",$M109=1),0,IF(OFFSET(CRONOPLE!$F$14,$M109,AU$13)=\"\",10^12,OFFSET(CRONOPLE!$F$14,$M109,AU$13))))","v":1000000000000},{"$f":"IF($D109<>\"Serviço\",0,IF(AND(AUTOEVENTO=\"Manual\",$M109=1),0,IF(OFFSET(CRONOPLE!$F$14,$M109,AV$13)=\"\",10^12,OFFSET(CRONOPLE!$F$14,$M109,AV$13))))","v":1000000000000},null,{"$f":"IF($D109<>\"Serviço\",0,IF(OR(AND(AUTOEVENTO=\"Manual\",$M109=1),$M109>(ROW(PLE.lastrow)-ROW(PLE.firstrow))),0,IF(OFFSET(PLE!$G$14,$M109,AX$13)=\"\",10^12,OFFSET(PLE!$G$14,$M109,AX$13))))","v":1000000000000},{"$f":"IF($D109<>\"Serviço\",0,IF(OR(AND(AUTOEVENTO=\"Manual\",$M109=1),$M109>(ROW(PLE.lastrow)-ROW(PLE.firstrow))),0,IF(OFFSET(PLE!$G$14,$M109,AY$13)=\"\",10^12,OFFSET(PLE!$G$14,$M109,AY$13))))","v":1000000000000},{"$f":"IF($D109<>\"Serviço\",0,IF(OR(AND(AUTOEVENTO=\"Manual\",$M109=1),$M109>(ROW(PLE.lastrow)-ROW(PLE.firstrow))),0,IF(OFFSET(PLE!$G$14,$M109,AZ$13)=\"\",10^12,OFFSET(PLE!$G$14,$M109,AZ$13))))","v":1000000000000},{"$f":"IF($D109<>\"Serviço\",0,IF(OR(AND(AUTOEVENTO=\"Manual\",$M109=1),$M109>(ROW(PLE.lastrow)-ROW(PLE.firstrow))),0,IF(OFFSET(PLE!$G$14,$M109,BA$13)=\"\",10^12,OFFSET(PLE!$G$14,$M109,BA$13))))","v":1000000000000},{"$f":"IF($D109<>\"Serviço\",0,IF(OR(AND(AUTOEVENTO=\"Manual\",$M109=1),$M109>(ROW(PLE.lastrow)-ROW(PLE.firstrow))),0,IF(OFFSET(PLE!$G$14,$M109,BB$13)=\"\",10^12,OFFSET(PLE!$G$14,$M109,BB$13))))","v":1000000000000},{"$f":"IF($D109<>\"Serviço\",0,IF(OR(AND(AUTOEVENTO=\"Manual\",$M109=1),$M109>(ROW(PLE.lastrow)-ROW(PLE.firstrow))),0,IF(OFFSET(PLE!$G$14,$M109,BC$13)=\"\",10^12,OFFSET(PLE!$G$14,$M109,BC$13))))","v":1000000000000},{"$f":"IF($D109<>\"Serviço\",0,IF(OR(AND(AUTOEVENTO=\"Manual\",$M109=1),$M109>(ROW(PLE.lastrow)-ROW(PLE.firstrow))),0,IF(OFFSET(PLE!$G$14,$M109,BD$13)=\"\",10^12,OFFSET(PLE!$G$14,$M109,BD$13))))","v":1000000000000},{"$f":"IF($D109<>\"Serviço\",0,IF(OR(AND(AUTOEVENTO=\"Manual\",$M109=1),$M109>(ROW(PLE.lastrow)-ROW(PLE.firstrow))),0,IF(OFFSET(PLE!$G$14,$M109,BE$13)=\"\",10^12,OFFSET(PLE!$G$14,$M109,BE$13))))","v":1000000000000},{"$f":"IF($D109<>\"Serviço\",0,IF(OR(AND(AUTOEVENTO=\"Manual\",$M109=1),$M109>(ROW(PLE.lastrow)-ROW(PLE.firstrow))),0,IF(OFFSET(PLE!$G$14,$M109,BF$13)=\"\",10^12,OFFSET(PLE!$G$14,$M109,BF$13))))","v":1000000000000},{"$f":"IF($D109<>\"Serviço\",0,IF(OR(AND(AUTOEVENTO=\"Manual\",$M109=1),$M109>(ROW(PLE.lastrow)-ROW(PLE.firstrow))),0,IF(OFFSET(PLE!$G$14,$M109,BG$13)=\"\",10^12,OFFSET(PLE!$G$14,$M109,BG$13))))","v":1000000000000}]
[{"$f":"IF(AUTOEVENTO=\"Manual\",IF(K110<>\"\",MIN(VALUE(LEFT(K110,FIND(\".\",K110)-1)),COUNTA(EVENTOS.Lista)),0),IF(OR($B110>AUTOEVENTO,$B110=\"S\",$B110=0),SUBSTITUTE(OFFSET($A110,-1,0),IF($D110=\"Serviço\",\".\",\"\"),\"\"),ROW(A110)-ROW($A$15)&\".\"))","v":"77"},{"$f":"OFFSET(ORÇAMENTO!C$15,ROW(B110)-ROW(B$15),0)","v":"S"},{"$f":"OFFSET(ORÇAMENTO!L$15,ROW(C110)-ROW(C$15),0)","v":"F"},{"$f":"OFFSET(ORÇAMENTO!N$15,ROW(D110)-ROW(D$15),0)","v":"Serviço"},{"$f":"OFFSET(ORÇAMENTO!O$15,ROW(E110)-ROW(E$15),0)","v":"1.8.18."},{"$f":"OFFSET(ORÇAMENTO!R$15,ROW(F110)-ROW(F$15),0)","v":"RALO SECO, PVC, DN 100 X 40 MM, JUNTA SOLDÁVEL, FORNECIDO E INSTALADO EM RAMAL DE DESCARGA OU EM RAMAL DE ESGOTO SANITÁRIO"},{"$f":"IF($D110<>\"Serviço\",\"\",OFFSET(ORÇAMENTO!S$15,ROW(G110)-ROW(G$15),0))","v":"UN"},{"$f":"IF($D110<>\"Serviço\",0,IF(ACOMPANHAMENTO=\"BM\",ROUND(OFFSET(ORÇAMENTO!AJ$15,ROW(H110)-ROW(H$15),0),15-13*ORÇAMENTO!$AF$7),SUMPRODUCT(($Q$12:$AA$12<>\"\")*ROUND($Q110:$AA110,15-13*ORÇAMENTO!$AF$7))))","v":1},null,null,null,".",{"$f":"IF($D110<>\"Serviço\",\"\",IF(AUTOEVENTO=\"manual\",$A110,IF(ISERROR(MATCH($A110,$A$15:OFFSET($A110,-1,0),0)),MAX($M$15:OFFSET(M110,-1,0))+1,INDEX($M$15:OFFSET(M110,-1,0),MATCH($A110,$A$15:OFFSET($A110,-1,0),0)))))","v":9},{"$f":"IF($D110<>\"Serviço\",\"\",IF(AUTOEVENTO=\"Manual\",IF($A110=0,\"<-- defina o número do agrupador\",OFFSET(EVENTOS!$D$14,$A110,0)),OFFSET($F$15,$A110,0)))","v":"INSTALAÇÕES HIDROSSANITÁRIAS"},null,null,null,null,null,null,null,null,null,null,null,null,null,{"$f":"IF(AND($D110=\"Serviço\",AB$12<>0,$H110>0,OR(AUTOEVENTO<>\"manual\",$M110<>1)),ROUND(OFFSET($P110,0,AB$13),15-13*ORÇAMENTO!$AF$7)/$H110*OFFSET(ORÇAMENTO!$X$15,ROW(AB110)-ROW(AB$15),0),0)","v":0},{"$f":"IF(AND($D110=\"Serviço\",AC$12<>0,$H110>0,OR(AUTOEVENTO<>\"manual\",$M110<>1)),ROUND(OFFSET($P110,0,AC$13),15-13*ORÇAMENTO!$AF$7)/$H110*OFFSET(ORÇAMENTO!$X$15,ROW(AC110)-ROW(AC$15),0),0)","v":0},{"$f":"IF(AND($D110=\"Serviço\",AD$12<>0,$H110>0,OR(AUTOEVENTO<>\"manual\",$M110<>1)),ROUND(OFFSET($P110,0,AD$13),15-13*ORÇAMENTO!$AF$7)/$H110*OFFSET(ORÇAMENTO!$X$15,ROW(AD110)-ROW(AD$15),0),0)","v":0},{"$f":"IF(AND($D110=\"Serviço\",AE$12<>0,$H110>0,OR(AUTOEVENTO<>\"manual\",$M110<>1)),ROUND(OFFSET($P110,0,AE$13),15-13*ORÇAMENTO!$AF$7)/$H110*OFFSET(ORÇAMENTO!$X$15,ROW(AE110)-ROW(AE$15),0),0)","v":0},{"$f":"IF(AND($D110=\"Serviço\",AF$12<>0,$H110>0,OR(AUTOEVENTO<>\"manual\",$M110<>1)),ROUND(OFFSET($P110,0,AF$13),15-13*ORÇAMENTO!$AF$7)/$H110*OFFSET(ORÇAMENTO!$X$15,ROW(AF110)-ROW(AF$15),0),0)","v":0},{"$f":"IF(AND($D110=\"Serviço\",AG$12<>0,$H110>0,OR(AUTOEVENTO<>\"manual\",$M110<>1)),ROUND(OFFSET($P110,0,AG$13),15-13*ORÇAMENTO!$AF$7)/$H110*OFFSET(ORÇAMENTO!$X$15,ROW(AG110)-ROW(AG$15),0),0)","v":0},{"$f":"IF(AND($D110=\"Serviço\",AH$12<>0,$H110>0,OR(AUTOEVENTO<>\"manual\",$M110<>1)),ROUND(OFFSET($P110,0,AH$13),15-13*ORÇAMENTO!$AF$7)/$H110*OFFSET(ORÇAMENTO!$X$15,ROW(AH110)-ROW(AH$15),0),0)","v":0},{"$f":"IF(AND($D110=\"Serviço\",AI$12<>0,$H110>0,OR(AUTOEVENTO<>\"manual\",$M110<>1)),ROUND(OFFSET($P110,0,AI$13),15-13*ORÇAMENTO!$AF$7)/$H110*OFFSET(ORÇAMENTO!$X$15,ROW(AI110)-ROW(AI$15),0),0)","v":0},{"$f":"IF(AND($D110=\"Serviço\",AJ$12<>0,$H110>0,OR(AUTOEVENTO<>\"manual\",$M110<>1)),ROUND(OFFSET($P110,0,AJ$13),15-13*ORÇAMENTO!$AF$7)/$H110*OFFSET(ORÇAMENTO!$X$15,ROW(AJ110)-ROW(AJ$15),0),0)","v":0},{"$f":"IF(AND($D110=\"Serviço\",AK$12<>0,$H110>0,OR(AUTOEVENTO<>\"manual\",$M110<>1)),ROUND(OFFSET($P110,0,AK$13),15-13*ORÇAMENTO!$AF$7)/$H110*OFFSET(ORÇAMENTO!$X$15,ROW(AK110)-ROW(AK$15),0),0)","v":0},null,{"$f":"IF($D110<>\"Serviço\",0,IF(AND(AUTOEVENTO=\"Manual\",$M110=1),0,IF(OFFSET(CRONOPLE!$F$14,$M110,AM$13)=\"\",10^12,OFFSET(CRONOPLE!$F$14,$M110,AM$13))))","v":1000000000000},{"$f":"IF($D110<>\"Serviço\",0,IF(AND(AUTOEVENTO=\"Manual\",$M110=1),0,IF(OFFSET(CRONOPLE!$F$14,$M110,AN$13)=\"\",10^12,OFFSET(CRONOPLE!$F$14,$M110,AN$13))))","v":1000000000000},{"$f":"IF($D110<>\"Serviço\",0,IF(AND(AUTOEVENTO=\"Manual\",$M110=1),0,IF(OFFSET(CRONOPLE!$F$14,$M110,AO$13)=\"\",10^12,OFFSET(CRONOPLE!$F$14,$M110,AO$13))))","v":1000000000000},{"$f":"IF($D110<>\"Serviço\",0,IF(AND(AUTOEVENTO=\"Manual\",$M110=1),0,IF(OFFSET(CRONOPLE!$F$14,$M110,AP$13)=\"\",10^12,OFFSET(CRONOPLE!$F$14,$M110,AP$13))))","v":1000000000000},{"$f":"IF($D110<>\"Serviço\",0,IF(AND(AUTOEVENTO=\"Manual\",$M110=1),0,IF(OFFSET(CRONOPLE!$F$14,$M110,AQ$13)=\"\",10^12,OFFSET(CRONOPLE!$F$14,$M110,AQ$13))))","v":1000000000000},{"$f":"IF($D110<>\"Serviço\",0,IF(AND(AUTOEVENTO=\"Manual\",$M110=1),0,IF(OFFSET(CRONOPLE!$F$14,$M110,AR$13)=\"\",10^12,OFFSET(CRONOPLE!$F$14,$M110,AR$13))))","v":1000000000000},{"$f":"IF($D110<>\"Serviço\",0,IF(AND(AUTOEVENTO=\"Manual\",$M110=1),0,IF(OFFSET(CRONOPLE!$F$14,$M110,AS$13)=\"\",10^12,OFFSET(CRONOPLE!$F$14,$M110,AS$13))))","v":1000000000000},{"$f":"IF($D110<>\"Serviço\",0,IF(AND(AUTOEVENTO=\"Manual\",$M110=1),0,IF(OFFSET(CRONOPLE!$F$14,$M110,AT$13)=\"\",10^12,OFFSET(CRONOPLE!$F$14,$M110,AT$13))))","v":1000000000000},{"$f":"IF($D110<>\"Serviço\",0,IF(AND(AUTOEVENTO=\"Manual\",$M110=1),0,IF(OFFSET(CRONOPLE!$F$14,$M110,AU$13)=\"\",10^12,OFFSET(CRONOPLE!$F$14,$M110,AU$13))))","v":1000000000000},{"$f":"IF($D110<>\"Serviço\",0,IF(AND(AUTOEVENTO=\"Manual\",$M110=1),0,IF(OFFSET(CRONOPLE!$F$14,$M110,AV$13)=\"\",10^12,OFFSET(CRONOPLE!$F$14,$M110,AV$13))))","v":1000000000000},null,{"$f":"IF($D110<>\"Serviço\",0,IF(OR(AND(AUTOEVENTO=\"Manual\",$M110=1),$M110>(ROW(PLE.lastrow)-ROW(PLE.firstrow))),0,IF(OFFSET(PLE!$G$14,$M110,AX$13)=\"\",10^12,OFFSET(PLE!$G$14,$M110,AX$13))))","v":1000000000000},{"$f":"IF($D110<>\"Serviço\",0,IF(OR(AND(AUTOEVENTO=\"Manual\",$M110=1),$M110>(ROW(PLE.lastrow)-ROW(PLE.firstrow))),0,IF(OFFSET(PLE!$G$14,$M110,AY$13)=\"\",10^12,OFFSET(PLE!$G$14,$M110,AY$13))))","v":1000000000000},{"$f":"IF($D110<>\"Serviço\",0,IF(OR(AND(AUTOEVENTO=\"Manual\",$M110=1),$M110>(ROW(PLE.lastrow)-ROW(PLE.firstrow))),0,IF(OFFSET(PLE!$G$14,$M110,AZ$13)=\"\",10^12,OFFSET(PLE!$G$14,$M110,AZ$13))))","v":1000000000000},{"$f":"IF($D110<>\"Serviço\",0,IF(OR(AND(AUTOEVENTO=\"Manual\",$M110=1),$M110>(ROW(PLE.lastrow)-ROW(PLE.firstrow))),0,IF(OFFSET(PLE!$G$14,$M110,BA$13)=\"\",10^12,OFFSET(PLE!$G$14,$M110,BA$13))))","v":1000000000000},{"$f":"IF($D110<>\"Serviço\",0,IF(OR(AND(AUTOEVENTO=\"Manual\",$M110=1),$M110>(ROW(PLE.lastrow)-ROW(PLE.firstrow))),0,IF(OFFSET(PLE!$G$14,$M110,BB$13)=\"\",10^12,OFFSET(PLE!$G$14,$M110,BB$13))))","v":1000000000000},{"$f":"IF($D110<>\"Serviço\",0,IF(OR(AND(AUTOEVENTO=\"Manual\",$M110=1),$M110>(ROW(PLE.lastrow)-ROW(PLE.firstrow))),0,IF(OFFSET(PLE!$G$14,$M110,BC$13)=\"\",10^12,OFFSET(PLE!$G$14,$M110,BC$13))))","v":1000000000000},{"$f":"IF($D110<>\"Serviço\",0,IF(OR(AND(AUTOEVENTO=\"Manual\",$M110=1),$M110>(ROW(PLE.lastrow)-ROW(PLE.firstrow))),0,IF(OFFSET(PLE!$G$14,$M110,BD$13)=\"\",10^12,OFFSET(PLE!$G$14,$M110,BD$13))))","v":1000000000000},{"$f":"IF($D110<>\"Serviço\",0,IF(OR(AND(AUTOEVENTO=\"Manual\",$M110=1),$M110>(ROW(PLE.lastrow)-ROW(PLE.firstrow))),0,IF(OFFSET(PLE!$G$14,$M110,BE$13)=\"\",10^12,OFFSET(PLE!$G$14,$M110,BE$13))))","v":1000000000000},{"$f":"IF($D110<>\"Serviço\",0,IF(OR(AND(AUTOEVENTO=\"Manual\",$M110=1),$M110>(ROW(PLE.lastrow)-ROW(PLE.firstrow))),0,IF(OFFSET(PLE!$G$14,$M110,BF$13)=\"\",10^12,OFFSET(PLE!$G$14,$M110,BF$13))))","v":1000000000000},{"$f":"IF($D110<>\"Serviço\",0,IF(OR(AND(AUTOEVENTO=\"Manual\",$M110=1),$M110>(ROW(PLE.lastrow)-ROW(PLE.firstrow))),0,IF(OFFSET(PLE!$G$14,$M110,BG$13)=\"\",10^12,OFFSET(PLE!$G$14,$M110,BG$13))))","v":1000000000000}]
["77",{"$f":"OFFSET(ORÇAMENTO!C$15,ROW(B111)-ROW(B$15),0)","v":"S"},{"$f":"OFFSET(ORÇAMENTO!L$15,ROW(C111)-ROW(C$15),0)","v":"F"},{"$f":"OFFSET(ORÇAMENTO!N$15,ROW(D111)-ROW(D$15),0)","v":"Serviço"},{"$f":"OFFSET(ORÇAMENTO!O$15,ROW(E111)-ROW(E$15),0)","v":"1.8.19."},{"$f":"OFFSET(ORÇAMENTO!R$15,ROW(F111)-ROW(F$15),0)","v":"CAIXA SIFONADA PVC, 150 X 150 X 50 MM, COM GRELHA QUADRADA BRANCA (NBR 5688)"},{"$f":"IF($D111<>\"Serviço\",\"\",OFFSET(ORÇAMENTO!S$15,ROW(G111)-ROW(G$15),0))","v":"UN    "},{"$f":"IF($D111<>\"Serviço\",0,IF(ACOMPANHAMENTO=\"BM\",ROUND(OFFSET(ORÇAMENTO!AJ$15,ROW(H111)-ROW(H$15),0),15-13*ORÇAMENTO!$AF$7),SUMPRODUCT(($Q$12:$AA$12<>\"\")*ROUND($Q111:$AA111,15-13*ORÇAMENTO!$AF$7))))","v":1},null,null,null,".",{"$f":"IF($D111<>\"Serviço\",\"\",IF(AUTOEVENTO=\"manual\",$A111,IF(ISERROR(MATCH($A111,$A$15:OFFSET($A111,-1,0),0)),MAX($M$15:OFFSET(M111,-1,0))+1,INDEX($M$15:OFFSET(M111,-1,0),MATCH($A111,$A$15:OFFSET($A111,-1,0),0)))))","v":9},{"$f":"IF($D111<>\"Serviço\",\"\",IF(AUTOEVENTO=\"Manual\",IF($A111=0,\"<-- defina o número do agrupador\",OFFSET(EVENTOS!$D$14,$A111,0)),OFFSET($F$15,$A111,0)))","v":"INSTALAÇÕES HIDROSSANITÁRIAS"},null,null,null,null,null,null,null,null,null,null,null,null,null,{"$f":"IF(AND($D111=\"Serviço\",AB$12<>0,$H111>0,OR(AUTOEVENTO<>\"manual\",$M111<>1)),ROUND(OFFSET($P111,0,AB$13),15-13*ORÇAMENTO!$AF$7)/$H111*OFFSET(ORÇAMENTO!$X$15,ROW(AB111)-ROW(AB$15),0),0)","v":0},{"$f":"IF(AND($D111=\"Serviço\",AC$12<>0,$H111>0,OR(AUTOEVENTO<>\"manual\",$M111<>1)),ROUND(OFFSET($P111,0,AC$13),15-13*ORÇAMENTO!$AF$7)/$H111*OFFSET(ORÇAMENTO!$X$15,ROW(AC111)-ROW(AC$15),0),0)","v":0},{"$f":"IF(AND($D111=\"Serviço\",AD$12<>0,$H111>0,OR(AUTOEVENTO<>\"manual\",$M111<>1)),ROUND(OFFSET($P111,0,AD$13),15-13*ORÇAMENTO!$AF$7)/$H111*OFFSET(ORÇAMENTO!$X$15,ROW(AD111)-ROW(AD$15),0),0)","v":0},{"$f":"IF(AND($D111=\"Serviço\",AE$12<>0,$H111>0,OR(AUTOEVENTO<>\"manual\",$M111<>1)),ROUND(OFFSET($P111,0,AE$13),15-13*ORÇAMENTO!$AF$7)/$H111*OFFSET(ORÇAMENTO!$X$15,ROW(AE111)-ROW(AE$15),0),0)","v":0},{"$f":"IF(AND($D111=\"Serviço\",AF$12<>0,$H111>0,OR(AUTOEVENTO<>\"manual\",$M111<>1)),ROUND(OFFSET($P111,0,AF$13),15-13*ORÇAMENTO!$AF$7)/$H111*OFFSET(ORÇAMENTO!$X$15,ROW(AF111)-ROW(AF$15),0),0)","v":0},{"$f":"IF(AND($D111=\"Serviço\",AG$12<>0,$H111>0,OR(AUTOEVENTO<>\"manual\",$M111<>1)),ROUND(OFFSET($P111,0,AG$13),15-13*ORÇAMENTO!$AF$7)/$H111*OFFSET(ORÇAMENTO!$X$15,ROW(AG111)-ROW(AG$15),0),0)","v":0},{"$f":"IF(AND($D111=\"Serviço\",AH$12<>0,$H111>0,OR(AUTOEVENTO<>\"manual\",$M111<>1)),ROUND(OFFSET($P111,0,AH$13),15-13*ORÇAMENTO!$AF$7)/$H111*OFFSET(ORÇAMENTO!$X$15,ROW(AH111)-ROW(AH$15),0),0)","v":0},{"$f":"IF(AND($D111=\"Serviço\",AI$12<>0,$H111>0,OR(AUTOEVENTO<>\"manual\",$M111<>1)),ROUND(OFFSET($P111,0,AI$13),15-13*ORÇAMENTO!$AF$7)/$H111*OFFSET(ORÇAMENTO!$X$15,ROW(AI111)-ROW(AI$15),0),0)","v":0},{"$f":"IF(AND($D111=\"Serviço\",AJ$12<>0,$H111>0,OR(AUTOEVENTO<>\"manual\",$M111<>1)),ROUND(OFFSET($P111,0,AJ$13),15-13*ORÇAMENTO!$AF$7)/$H111*OFFSET(ORÇAMENTO!$X$15,ROW(AJ111)-ROW(AJ$15),0),0)","v":0},{"$f":"IF(AND($D111=\"Serviço\",AK$12<>0,$H111>0,OR(AUTOEVENTO<>\"manual\",$M111<>1)),ROUND(OFFSET($P111,0,AK$13),15-13*ORÇAMENTO!$AF$7)/$H111*OFFSET(ORÇAMENTO!$X$15,ROW(AK111)-ROW(AK$15),0),0)","v":0},null,{"$f":"IF($D111<>\"Serviço\",0,IF(AND(AUTOEVENTO=\"Manual\",$M111=1),0,IF(OFFSET(CRONOPLE!$F$14,$M111,AM$13)=\"\",10^12,OFFSET(CRONOPLE!$F$14,$M111,AM$13))))","v":1000000000000},{"$f":"IF($D111<>\"Serviço\",0,IF(AND(AUTOEVENTO=\"Manual\",$M111=1),0,IF(OFFSET(CRONOPLE!$F$14,$M111,AN$13)=\"\",10^12,OFFSET(CRONOPLE!$F$14,$M111,AN$13))))","v":1000000000000},{"$f":"IF($D111<>\"Serviço\",0,IF(AND(AUTOEVENTO=\"Manual\",$M111=1),0,IF(OFFSET(CRONOPLE!$F$14,$M111,AO$13)=\"\",10^12,OFFSET(CRONOPLE!$F$14,$M111,AO$13))))","v":1000000000000},{"$f":"IF($D111<>\"Serviço\",0,IF(AND(AUTOEVENTO=\"Manual\",$M111=1),0,IF(OFFSET(CRONOPLE!$F$14,$M111,AP$13)=\"\",10^12,OFFSET(CRONOPLE!$F$14,$M111,AP$13))))","v":1000000000000},{"$f":"IF($D111<>\"Serviço\",0,IF(AND(AUTOEVENTO=\"Manual\",$M111=1),0,IF(OFFSET(CRONOPLE!$F$14,$M111,AQ$13)=\"\",10^12,OFFSET(CRONOPLE!$F$14,$M111,AQ$13))))","v":1000000000000},{"$f":"IF($D111<>\"Serviço\",0,IF(AND(AUTOEVENTO=\"Manual\",$M111=1),0,IF(OFFSET(CRONOPLE!$F$14,$M111,AR$13)=\"\",10^12,OFFSET(CRONOPLE!$F$14,$M111,AR$13))))","v":1000000000000},{"$f":"IF($D111<>\"Serviço\",0,IF(AND(AUTOEVENTO=\"Manual\",$M111=1),0,IF(OFFSET(CRONOPLE!$F$14,$M111,AS$13)=\"\",10^12,OFFSET(CRONOPLE!$F$14,$M111,AS$13))))","v":1000000000000},{"$f":"IF($D111<>\"Serviço\",0,IF(AND(AUTOEVENTO=\"Manual\",$M111=1),0,IF(OFFSET(CRONOPLE!$F$14,$M111,AT$13)=\"\",10^12,OFFSET(CRONOPLE!$F$14,$M111,AT$13))))","v":1000000000000},{"$f":"IF($D111<>\"Serviço\",0,IF(AND(AUTOEVENTO=\"Manual\",$M111=1),0,IF(OFFSET(CRONOPLE!$F$14,$M111,AU$13)=\"\",10^12,OFFSET(CRONOPLE!$F$14,$M111,AU$13))))","v":1000000000000},{"$f":"IF($D111<>\"Serviço\",0,IF(AND(AUTOEVENTO=\"Manual\",$M111=1),0,IF(OFFSET(CRONOPLE!$F$14,$M111,AV$13)=\"\",10^12,OFFSET(CRONOPLE!$F$14,$M111,AV$13))))","v":1000000000000},null,{"$f":"IF($D111<>\"Serviço\",0,IF(OR(AND(AUTOEVENTO=\"Manual\",$M111=1),$M111>(ROW(PLE.lastrow)-ROW(PLE.firstrow))),0,IF(OFFSET(PLE!$G$14,$M111,AX$13)=\"\",10^12,OFFSET(PLE!$G$14,$M111,AX$13))))","v":1000000000000},{"$f":"IF($D111<>\"Serviço\",0,IF(OR(AND(AUTOEVENTO=\"Manual\",$M111=1),$M111>(ROW(PLE.lastrow)-ROW(PLE.firstrow))),0,IF(OFFSET(PLE!$G$14,$M111,AY$13)=\"\",10^12,OFFSET(PLE!$G$14,$M111,AY$13))))","v":1000000000000},{"$f":"IF($D111<>\"Serviço\",0,IF(OR(AND(AUTOEVENTO=\"Manual\",$M111=1),$M111>(ROW(PLE.lastrow)-ROW(PLE.firstrow))),0,IF(OFFSET(PLE!$G$14,$M111,AZ$13)=\"\",10^12,OFFSET(PLE!$G$14,$M111,AZ$13))))","v":1000000000000},{"$f":"IF($D111<>\"Serviço\",0,IF(OR(AND(AUTOEVENTO=\"Manual\",$M111=1),$M111>(ROW(PLE.lastrow)-ROW(PLE.firstrow))),0,IF(OFFSET(PLE!$G$14,$M111,BA$13)=\"\",10^12,OFFSET(PLE!$G$14,$M111,BA$13))))","v":1000000000000},{"$f":"IF($D111<>\"Serviço\",0,IF(OR(AND(AUTOEVENTO=\"Manual\",$M111=1),$M111>(ROW(PLE.lastrow)-ROW(PLE.firstrow))),0,IF(OFFSET(PLE!$G$14,$M111,BB$13)=\"\",10^12,OFFSET(PLE!$G$14,$M111,BB$13))))","v":1000000000000},{"$f":"IF($D111<>\"Serviço\",0,IF(OR(AND(AUTOEVENTO=\"Manual\",$M111=1),$M111>(ROW(PLE.lastrow)-ROW(PLE.firstrow))),0,IF(OFFSET(PLE!$G$14,$M111,BC$13)=\"\",10^12,OFFSET(PLE!$G$14,$M111,BC$13))))","v":1000000000000},{"$f":"IF($D111<>\"Serviço\",0,IF(OR(AND(AUTOEVENTO=\"Manual\",$M111=1),$M111>(ROW(PLE.lastrow)-ROW(PLE.firstrow))),0,IF(OFFSET(PLE!$G$14,$M111,BD$13)=\"\",10^12,OFFSET(PLE!$G$14,$M111,BD$13))))","v":1000000000000},{"$f":"IF($D111<>\"Serviço\",0,IF(OR(AND(AUTOEVENTO=\"Manual\",$M111=1),$M111>(ROW(PLE.lastrow)-ROW(PLE.firstrow))),0,IF(OFFSET(PLE!$G$14,$M111,BE$13)=\"\",10^12,OFFSET(PLE!$G$14,$M111,BE$13))))","v":1000000000000},{"$f":"IF($D111<>\"Serviço\",0,IF(OR(AND(AUTOEVENTO=\"Manual\",$M111=1),$M111>(ROW(PLE.lastrow)-ROW(PLE.firstrow))),0,IF(OFFSET(PLE!$G$14,$M111,BF$13)=\"\",10^12,OFFSET(PLE!$G$14,$M111,BF$13))))","v":1000000000000},{"$f":"IF($D111<>\"Serviço\",0,IF(OR(AND(AUTOEVENTO=\"Manual\",$M111=1),$M111>(ROW(PLE.lastrow)-ROW(PLE.firstrow))),0,IF(OFFSET(PLE!$G$14,$M111,BG$13)=\"\",10^12,OFFSET(PLE!$G$14,$M111,BG$13))))","v":1000000000000}]
[{"$f":"IF(AUTOEVENTO=\"Manual\",IF(K112<>\"\",MIN(VALUE(LEFT(K112,FIND(\".\",K112)-1)),COUNTA(EVENTOS.Lista)),0),IF(OR($B112>AUTOEVENTO,$B112=\"S\",$B112=0),SUBSTITUTE(OFFSET($A112,-1,0),IF($D112=\"Serviço\",\".\",\"\"),\"\"),ROW(A112)-ROW($A$15)&\".\"))","v":"77"},{"$f":"OFFSET(ORÇAMENTO!C$15,ROW(B112)-ROW(B$15),0)","v":"S"},{"$f":"OFFSET(ORÇAMENTO!L$15,ROW(C112)-ROW(C$15),0)","v":"F"},{"$f":"OFFSET(ORÇAMENTO!N$15,ROW(D112)-ROW(D$15),0)","v":"Serviço"},{"$f":"OFFSET(ORÇAMENTO!O$15,ROW(E112)-ROW(E$15),0)","v":"1.8.20."},{"$f":"OFFSET(ORÇAMENTO!R$15,ROW(F112)-ROW(F$15),0)","v":"TANQUE SÉPTICO CIRCULAR, EM CONCRETO PRÉ-MOLDADO, DIÂMETRO INTERNO = 1,88 M, ALTURA INTERNA = 2,50 M, VOLUME ÚTIL: 6245,8 L (PARA 32 CONTRIBUINTES)"},{"$f":"IF($D112<>\"Serviço\",\"\",OFFSET(ORÇAMENTO!S$15,ROW(G112)-ROW(G$15),0))","v":"UN"},{"$f":"IF($D112<>\"Serviço\",0,IF(ACOMPANHAMENTO=\"BM\",ROUND(OFFSET(ORÇAMENTO!AJ$15,ROW(H112)-ROW(H$15),0),15-13*ORÇAMENTO!$AF$7),SUMPRODUCT(($Q$12:$AA$12<>\"\")*ROUND($Q112:$AA112,15-13*ORÇAMENTO!$AF$7))))","v":1},null,null,null,".",{"$f":"IF($D112<>\"Serviço\",\"\",IF(AUTOEVENTO=\"manual\",$A112,IF(ISERROR(MATCH($A112,$A$15:OFFSET($A112,-1,0),0)),MAX($M$15:OFFSET(M112,-1,0))+1,INDEX($M$15:OFFSET(M112,-1,0),MATCH($A112,$A$15:OFFSET($A112,-1,0),0)))))","v":9},{"$f":"IF($D112<>\"Serviço\",\"\",IF(AUTOEVENTO=\"Manual\",IF($A112=0,\"<-- defina o número do agrupador\",OFFSET(EVENTOS!$D$14,$A112,0)),OFFSET($F$15,$A112,0)))","v":"INSTALAÇÕES HIDROSSANITÁRIAS"},null,null,null,null,null,null,null,null,null,null,null,null,null,{"$f":"IF(AND($D112=\"Serviço\",AB$12<>0,$H112>0,OR(AUTOEVENTO<>\"manual\",$M112<>1)),ROUND(OFFSET($P112,0,AB$13),15-13*ORÇAMENTO!$AF$7)/$H112*OFFSET(ORÇAMENTO!$X$15,ROW(AB112)-ROW(AB$15),0),0)","v":0},{"$f":"IF(AND($D112=\"Serviço\",AC$12<>0,$H112>0,OR(AUTOEVENTO<>\"manual\",$M112<>1)),ROUND(OFFSET($P112,0,AC$13),15-13*ORÇAMENTO!$AF$7)/$H112*OFFSET(ORÇAMENTO!$X$15,ROW(AC112)-ROW(AC$15),0),0)","v":0},{"$f":"IF(AND($D112=\"Serviço\",AD$12<>0,$H112>0,OR(AUTOEVENTO<>\"manual\",$M112<>1)),ROUND(OFFSET($P112,0,AD$13),15-13*ORÇAMENTO!$AF$7)/$H112*OFFSET(ORÇAMENTO!$X$15,ROW(AD112)-ROW(AD$15),0),0)","v":0},{"$f":"IF(AND($D112=\"Serviço\",AE$12<>0,$H112>0,OR(AUTOEVENTO<>\"manual\",$M112<>1)),ROUND(OFFSET($P112,0,AE$13),15-13*ORÇAMENTO!$AF$7)/$H112*OFFSET(ORÇAMENTO!$X$15,ROW(AE112)-ROW(AE$15),0),0)","v":0},{"$f":"IF(AND($D112=\"Serviço\",AF$12<>0,$H112>0,OR(AUTOEVENTO<>\"manual\",$M112<>1)),ROUND(OFFSET($P112,0,AF$13),15-13*ORÇAMENTO!$AF$7)/$H112*OFFSET(ORÇAMENTO!$X$15,ROW(AF112)-ROW(AF$15),0),0)","v":0},{"$f":"IF(AND($D112=\"Serviço\",AG$12<>0,$H112>0,OR(AUTOEVENTO<>\"manual\",$M112<>1)),ROUND(OFFSET($P112,0,AG$13),15-13*ORÇAMENTO!$AF$7)/$H112*OFFSET(ORÇAMENTO!$X$15,ROW(AG112)-ROW(AG$15),0),0)","v":0},{"$f":"IF(AND($D112=\"Serviço\",AH$12<>0,$H112>0,OR(AUTOEVENTO<>\"manual\",$M112<>1)),ROUND(OFFSET($P112,0,AH$13),15-13*ORÇAMENTO!$AF$7)/$H112*OFFSET(ORÇAMENTO!$X$15,ROW(AH112)-ROW(AH$15),0),0)","v":0},{"$f":"IF(AND($D112=\"Serviço\",AI$12<>0,$H112>0,OR(AUTOEVENTO<>\"manual\",$M112<>1)),ROUND(OFFSET($P112,0,AI$13),15-13*ORÇAMENTO!$AF$7)/$H112*OFFSET(ORÇAMENTO!$X$15,ROW(AI112)-ROW(AI$15),0),0)","v":0},{"$f":"IF(AND($D112=\"Serviço\",AJ$12<>0,$H112>0,OR(AUTOEVENTO<>\"manual\",$M112<>1)),ROUND(OFFSET($P112,0,AJ$13),15-13*ORÇAMENTO!$AF$7)/$H112*OFFSET(ORÇAMENTO!$X$15,ROW(AJ112)-ROW(AJ$15),0),0)","v":0},{"$f":"IF(AND($D112=\"Serviço\",AK$12<>0,$H112>0,OR(AUTOEVENTO<>\"manual\",$M112<>1)),ROUND(OFFSET($P112,0,AK$13),15-13*ORÇAMENTO!$AF$7)/$H112*OFFSET(ORÇAMENTO!$X$15,ROW(AK112)-ROW(AK$15),0),0)","v":0},null,{"$f":"IF($D112<>\"Serviço\",0,IF(AND(AUTOEVENTO=\"Manual\",$M112=1),0,IF(OFFSET(CRONOPLE!$F$14,$M112,AM$13)=\"\",10^12,OFFSET(CRONOPLE!$F$14,$M112,AM$13))))","v":1000000000000},{"$f":"IF($D112<>\"Serviço\",0,IF(AND(AUTOEVENTO=\"Manual\",$M112=1),0,IF(OFFSET(CRONOPLE!$F$14,$M112,AN$13)=\"\",10^12,OFFSET(CRONOPLE!$F$14,$M112,AN$13))))","v":1000000000000},{"$f":"IF($D112<>\"Serviço\",0,IF(AND(AUTOEVENTO=\"Manual\",$M112=1),0,IF(OFFSET(CRONOPLE!$F$14,$M112,AO$13)=\"\",10^12,OFFSET(CRONOPLE!$F$14,$M112,AO$13))))","v":1000000000000},{"$f":"IF($D112<>\"Serviço\",0,IF(AND(AUTOEVENTO=\"Manual\",$M112=1),0,IF(OFFSET(CRONOPLE!$F$14,$M112,AP$13)=\"\",10^12,OFFSET(CRONOPLE!$F$14,$M112,AP$13))))","v":1000000000000},{"$f":"IF($D112<>\"Serviço\",0,IF(AND(AUTOEVENTO=\"Manual\",$M112=1),0,IF(OFFSET(CRONOPLE!$F$14,$M112,AQ$13)=\"\",10^12,OFFSET(CRONOPLE!$F$14,$M112,AQ$13))))","v":1000000000000},{"$f":"IF($D112<>\"Serviço\",0,IF(AND(AUTOEVENTO=\"Manual\",$M112=1),0,IF(OFFSET(CRONOPLE!$F$14,$M112,AR$13)=\"\",10^12,OFFSET(CRONOPLE!$F$14,$M112,AR$13))))","v":1000000000000},{"$f":"IF($D112<>\"Serviço\",0,IF(AND(AUTOEVENTO=\"Manual\",$M112=1),0,IF(OFFSET(CRONOPLE!$F$14,$M112,AS$13)=\"\",10^12,OFFSET(CRONOPLE!$F$14,$M112,AS$13))))","v":1000000000000},{"$f":"IF($D112<>\"Serviço\",0,IF(AND(AUTOEVENTO=\"Manual\",$M112=1),0,IF(OFFSET(CRONOPLE!$F$14,$M112,AT$13)=\"\",10^12,OFFSET(CRONOPLE!$F$14,$M112,AT$13))))","v":1000000000000},{"$f":"IF($D112<>\"Serviço\",0,IF(AND(AUTOEVENTO=\"Manual\",$M112=1),0,IF(OFFSET(CRONOPLE!$F$14,$M112,AU$13)=\"\",10^12,OFFSET(CRONOPLE!$F$14,$M112,AU$13))))","v":1000000000000},{"$f":"IF($D112<>\"Serviço\",0,IF(AND(AUTOEVENTO=\"Manual\",$M112=1),0,IF(OFFSET(CRONOPLE!$F$14,$M112,AV$13)=\"\",10^12,OFFSET(CRONOPLE!$F$14,$M112,AV$13))))","v":1000000000000},null,{"$f":"IF($D112<>\"Serviço\",0,IF(OR(AND(AUTOEVENTO=\"Manual\",$M112=1),$M112>(ROW(PLE.lastrow)-ROW(PLE.firstrow))),0,IF(OFFSET(PLE!$G$14,$M112,AX$13)=\"\",10^12,OFFSET(PLE!$G$14,$M112,AX$13))))","v":1000000000000},{"$f":"IF($D112<>\"Serviço\",0,IF(OR(AND(AUTOEVENTO=\"Manual\",$M112=1),$M112>(ROW(PLE.lastrow)-ROW(PLE.firstrow))),0,IF(OFFSET(PLE!$G$14,$M112,AY$13)=\"\",10^12,OFFSET(PLE!$G$14,$M112,AY$13))))","v":1000000000000},{"$f":"IF($D112<>\"Serviço\",0,IF(OR(AND(AUTOEVENTO=\"Manual\",$M112=1),$M112>(ROW(PLE.lastrow)-ROW(PLE.firstrow))),0,IF(OFFSET(PLE!$G$14,$M112,AZ$13)=\"\",10^12,OFFSET(PLE!$G$14,$M112,AZ$13))))","v":1000000000000},{"$f":"IF($D112<>\"Serviço\",0,IF(OR(AND(AUTOEVENTO=\"Manual\",$M112=1),$M112>(ROW(PLE.lastrow)-ROW(PLE.firstrow))),0,IF(OFFSET(PLE!$G$14,$M112,BA$13)=\"\",10^12,OFFSET(PLE!$G$14,$M112,BA$13))))","v":1000000000000},{"$f":"IF($D112<>\"Serviço\",0,IF(OR(AND(AUTOEVENTO=\"Manual\",$M112=1),$M112>(ROW(PLE.lastrow)-ROW(PLE.firstrow))),0,IF(OFFSET(PLE!$G$14,$M112,BB$13)=\"\",10^12,OFFSET(PLE!$G$14,$M112,BB$13))))","v":1000000000000},{"$f":"IF($D112<>\"Serviço\",0,IF(OR(AND(AUTOEVENTO=\"Manual\",$M112=1),$M112>(ROW(PLE.lastrow)-ROW(PLE.firstrow))),0,IF(OFFSET(PLE!$G$14,$M112,BC$13)=\"\",10^12,OFFSET(PLE!$G$14,$M112,BC$13))))","v":1000000000000},{"$f":"IF($D112<>\"Serviço\",0,IF(OR(AND(AUTOEVENTO=\"Manual\",$M112=1),$M112>(ROW(PLE.lastrow)-ROW(PLE.firstrow))),0,IF(OFFSET(PLE!$G$14,$M112,BD$13)=\"\",10^12,OFFSET(PLE!$G$14,$M112,BD$13))))","v":1000000000000},{"$f":"IF($D112<>\"Serviço\",0,IF(OR(AND(AUTOEVENTO=\"Manual\",$M112=1),$M112>(ROW(PLE.lastrow)-ROW(PLE.firstrow))),0,IF(OFFSET(PLE!$G$14,$M112,BE$13)=\"\",10^12,OFFSET(PLE!$G$14,$M112,BE$13))))","v":1000000000000},{"$f":"IF($D112<>\"Serviço\",0,IF(OR(AND(AUTOEVENTO=\"Manual\",$M112=1),$M112>(ROW(PLE.lastrow)-ROW(PLE.firstrow))),0,IF(OFFSET(PLE!$G$14,$M112,BF$13)=\"\",10^12,OFFSET(PLE!$G$14,$M112,BF$13))))","v":1000000000000},{"$f":"IF($D112<>\"Serviço\",0,IF(OR(AND(AUTOEVENTO=\"Manual\",$M112=1),$M112>(ROW(PLE.lastrow)-ROW(PLE.firstrow))),0,IF(OFFSET(PLE!$G$14,$M112,BG$13)=\"\",10^12,OFFSET(PLE!$G$14,$M112,BG$13))))","v":1000000000000}]
[{"$f":"IF(AUTOEVENTO=\"Manual\",IF(K113<>\"\",MIN(VALUE(LEFT(K113,FIND(\".\",K113)-1)),COUNTA(EVENTOS.Lista)),0),IF(OR($B113>AUTOEVENTO,$B113=\"S\",$B113=0),SUBSTITUTE(OFFSET($A113,-1,0),IF($D113=\"Serviço\",\".\",\"\"),\"\"),ROW(A113)-ROW($A$15)&\".\"))","v":"77"},{"$f":"OFFSET(ORÇAMENTO!C$15,ROW(B113)-ROW(B$15),0)","v":"S"},{"$f":"OFFSET(ORÇAMENTO!L$15,ROW(C113)-ROW(C$15),0)","v":"F"},{"$f":"OFFSET(ORÇAMENTO!N$15,ROW(D113)-ROW(D$15),0)","v":"Serviço"},{"$f":"OFFSET(ORÇAMENTO!O$15,ROW(E113)-ROW(E$15),0)","v":"1.8.21."},{"$f":"OFFSET(ORÇAMENTO!R$15,ROW(F113)-ROW(F$15),0)","v":"SUMIDOURO EM ANEL PRÉ MOLDADO FURADO D=2M, H= 2,00 M, INCLUSO ESCAVAÇÃO, REJUNTAMENTO, FUNDO, PREENCHIMENTO EM RACHÃO E TAMPA"},{"$f":"IF($D113<>\"Serviço\",\"\",OFFSET(ORÇAMENTO!S$15,ROW(G113)-ROW(G$15),0))","v":"UN"},{"$f":"IF($D113<>\"Serviço\",0,IF(ACOMPANHAMENTO=\"BM\",ROUND(OFFSET(ORÇAMENTO!AJ$15,ROW(H113)-ROW(H$15),0),15-13*ORÇAMENTO!$AF$7),SUMPRODUCT(($Q$12:$AA$12<>\"\")*ROUND($Q113:$AA113,15-13*ORÇAMENTO!$AF$7))))","v":1},null,null,null,".",{"$f":"IF($D113<>\"Serviço\",\"\",IF(AUTOEVENTO=\"manual\",$A113,IF(ISERROR(MATCH($A113,$A$15:OFFSET($A113,-1,0),0)),MAX($M$15:OFFSET(M113,-1,0))+1,INDEX($M$15:OFFSET(M113,-1,0),MATCH($A113,$A$15:OFFSET($A113,-1,0),0)))))","v":9},{"$f":"IF($D113<>\"Serviço\",\"\",IF(AUTOEVENTO=\"Manual\",IF($A113=0,\"<-- defina o número do agrupador\",OFFSET(EVENTOS!$D$14,$A113,0)),OFFSET($F$15,$A113,0)))","v":"INSTALAÇÕES HIDROSSANITÁRIAS"},null,null,null,null,null,null,null,null,null,null,null,null,null,{"$f":"IF(AND($D113=\"Serviço\",AB$12<>0,$H113>0,OR(AUTOEVENTO<>\"manual\",$M113<>1)),ROUND(OFFSET($P113,0,AB$13),15-13*ORÇAMENTO!$AF$7)/$H113*OFFSET(ORÇAMENTO!$X$15,ROW(AB113)-ROW(AB$15),0),0)","v":0},{"$f":"IF(AND($D113=\"Serviço\",AC$12<>0,$H113>0,OR(AUTOEVENTO<>\"manual\",$M113<>1)),ROUND(OFFSET($P113,0,AC$13),15-13*ORÇAMENTO!$AF$7)/$H113*OFFSET(ORÇAMENTO!$X$15,ROW(AC113)-ROW(AC$15),0),0)","v":0},{"$f":"IF(AND($D113=\"Serviço\",AD$12<>0,$H113>0,OR(AUTOEVENTO<>\"manual\",$M113<>1)),ROUND(OFFSET($P113,0,AD$13),15-13*ORÇAMENTO!$AF$7)/$H113*OFFSET(ORÇAMENTO!$X$15,ROW(AD113)-ROW(AD$15),0),0)","v":0},{"$f":"IF(AND($D113=\"Serviço\",AE$12<>0,$H113>0,OR(AUTOEVENTO<>\"manual\",$M113<>1)),ROUND(OFFSET($P113,0,AE$13),15-13*ORÇAMENTO!$AF$7)/$H113*OFFSET(ORÇAMENTO!$X$15,ROW(AE113)-ROW(AE$15),0),0)","v":0},{"$f":"IF(AND($D113=\"Serviço\",AF$12<>0,$H113>0,OR(AUTOEVENTO<>\"manual\",$M113<>1)),ROUND(OFFSET($P113,0,AF$13),15-13*ORÇAMENTO!$AF$7)/$H113*OFFSET(ORÇAMENTO!$X$15,ROW(AF113)-ROW(AF$15),0),0)","v":0},{"$f":"IF(AND($D113=\"Serviço\",AG$12<>0,$H113>0,OR(AUTOEVENTO<>\"manual\",$M113<>1)),ROUND(OFFSET($P113,0,AG$13),15-13*ORÇAMENTO!$AF$7)/$H113*OFFSET(ORÇAMENTO!$X$15,ROW(AG113)-ROW(AG$15),0),0)","v":0},{"$f":"IF(AND($D113=\"Serviço\",AH$12<>0,$H113>0,OR(AUTOEVENTO<>\"manual\",$M113<>1)),ROUND(OFFSET($P113,0,AH$13),15-13*ORÇAMENTO!$AF$7)/$H113*OFFSET(ORÇAMENTO!$X$15,ROW(AH113)-ROW(AH$15),0),0)","v":0},{"$f":"IF(AND($D113=\"Serviço\",AI$12<>0,$H113>0,OR(AUTOEVENTO<>\"manual\",$M113<>1)),ROUND(OFFSET($P113,0,AI$13),15-13*ORÇAMENTO!$AF$7)/$H113*OFFSET(ORÇAMENTO!$X$15,ROW(AI113)-ROW(AI$15),0),0)","v":0},{"$f":"IF(AND($D113=\"Serviço\",AJ$12<>0,$H113>0,OR(AUTOEVENTO<>\"manual\",$M113<>1)),ROUND(OFFSET($P113,0,AJ$13),15-13*ORÇAMENTO!$AF$7)/$H113*OFFSET(ORÇAMENTO!$X$15,ROW(AJ113)-ROW(AJ$15),0),0)","v":0},{"$f":"IF(AND($D113=\"Serviço\",AK$12<>0,$H113>0,OR(AUTOEVENTO<>\"manual\",$M113<>1)),ROUND(OFFSET($P113,0,AK$13),15-13*ORÇAMENTO!$AF$7)/$H113*OFFSET(ORÇAMENTO!$X$15,ROW(AK113)-ROW(AK$15),0),0)","v":0},null,{"$f":"IF($D113<>\"Serviço\",0,IF(AND(AUTOEVENTO=\"Manual\",$M113=1),0,IF(OFFSET(CRONOPLE!$F$14,$M113,AM$13)=\"\",10^12,OFFSET(CRONOPLE!$F$14,$M113,AM$13))))","v":1000000000000},{"$f":"IF($D113<>\"Serviço\",0,IF(AND(AUTOEVENTO=\"Manual\",$M113=1),0,IF(OFFSET(CRONOPLE!$F$14,$M113,AN$13)=\"\",10^12,OFFSET(CRONOPLE!$F$14,$M113,AN$13))))","v":1000000000000},{"$f":"IF($D113<>\"Serviço\",0,IF(AND(AUTOEVENTO=\"Manual\",$M113=1),0,IF(OFFSET(CRONOPLE!$F$14,$M113,AO$13)=\"\",10^12,OFFSET(CRONOPLE!$F$14,$M113,AO$13))))","v":1000000000000},{"$f":"IF($D113<>\"Serviço\",0,IF(AND(AUTOEVENTO=\"Manual\",$M113=1),0,IF(OFFSET(CRONOPLE!$F$14,$M113,AP$13)=\"\",10^12,OFFSET(CRONOPLE!$F$14,$M113,AP$13))))","v":1000000000000},{"$f":"IF($D113<>\"Serviço\",0,IF(AND(AUTOEVENTO=\"Manual\",$M113=1),0,IF(OFFSET(CRONOPLE!$F$14,$M113,AQ$13)=\"\",10^12,OFFSET(CRONOPLE!$F$14,$M113,AQ$13))))","v":1000000000000},{"$f":"IF($D113<>\"Serviço\",0,IF(AND(AUTOEVENTO=\"Manual\",$M113=1),0,IF(OFFSET(CRONOPLE!$F$14,$M113,AR$13)=\"\",10^12,OFFSET(CRONOPLE!$F$14,$M113,AR$13))))","v":1000000000000},{"$f":"IF($D113<>\"Serviço\",0,IF(AND(AUTOEVENTO=\"Manual\",$M113=1),0,IF(OFFSET(CRONOPLE!$F$14,$M113,AS$13)=\"\",10^12,OFFSET(CRONOPLE!$F$14,$M113,AS$13))))","v":1000000000000},{"$f":"IF($D113<>\"Serviço\",0,IF(AND(AUTOEVENTO=\"Manual\",$M113=1),0,IF(OFFSET(CRONOPLE!$F$14,$M113,AT$13)=\"\",10^12,OFFSET(CRONOPLE!$F$14,$M113,AT$13))))","v":1000000000000},{"$f":"IF($D113<>\"Serviço\",0,IF(AND(AUTOEVENTO=\"Manual\",$M113=1),0,IF(OFFSET(CRONOPLE!$F$14,$M113,AU$13)=\"\",10^12,OFFSET(CRONOPLE!$F$14,$M113,AU$13))))","v":1000000000000},{"$f":"IF($D113<>\"Serviço\",0,IF(AND(AUTOEVENTO=\"Manual\",$M113=1),0,IF(OFFSET(CRONOPLE!$F$14,$M113,AV$13)=\"\",10^12,OFFSET(CRONOPLE!$F$14,$M113,AV$13))))","v":1000000000000},null,{"$f":"IF($D113<>\"Serviço\",0,IF(OR(AND(AUTOEVENTO=\"Manual\",$M113=1),$M113>(ROW(PLE.lastrow)-ROW(PLE.firstrow))),0,IF(OFFSET(PLE!$G$14,$M113,AX$13)=\"\",10^12,OFFSET(PLE!$G$14,$M113,AX$13))))","v":1000000000000},{"$f":"IF($D113<>\"Serviço\",0,IF(OR(AND(AUTOEVENTO=\"Manual\",$M113=1),$M113>(ROW(PLE.lastrow)-ROW(PLE.firstrow))),0,IF(OFFSET(PLE!$G$14,$M113,AY$13)=\"\",10^12,OFFSET(PLE!$G$14,$M113,AY$13))))","v":1000000000000},{"$f":"IF($D113<>\"Serviço\",0,IF(OR(AND(AUTOEVENTO=\"Manual\",$M113=1),$M113>(ROW(PLE.lastrow)-ROW(PLE.firstrow))),0,IF(OFFSET(PLE!$G$14,$M113,AZ$13)=\"\",10^12,OFFSET(PLE!$G$14,$M113,AZ$13))))","v":1000000000000},{"$f":"IF($D113<>\"Serviço\",0,IF(OR(AND(AUTOEVENTO=\"Manual\",$M113=1),$M113>(ROW(PLE.lastrow)-ROW(PLE.firstrow))),0,IF(OFFSET(PLE!$G$14,$M113,BA$13)=\"\",10^12,OFFSET(PLE!$G$14,$M113,BA$13))))","v":1000000000000},{"$f":"IF($D113<>\"Serviço\",0,IF(OR(AND(AUTOEVENTO=\"Manual\",$M113=1),$M113>(ROW(PLE.lastrow)-ROW(PLE.firstrow))),0,IF(OFFSET(PLE!$G$14,$M113,BB$13)=\"\",10^12,OFFSET(PLE!$G$14,$M113,BB$13))))","v":1000000000000},{"$f":"IF($D113<>\"Serviço\",0,IF(OR(AND(AUTOEVENTO=\"Manual\",$M113=1),$M113>(ROW(PLE.lastrow)-ROW(PLE.firstrow))),0,IF(OFFSET(PLE!$G$14,$M113,BC$13)=\"\",10^12,OFFSET(PLE!$G$14,$M113,BC$13))))","v":1000000000000},{"$f":"IF($D113<>\"Serviço\",0,IF(OR(AND(AUTOEVENTO=\"Manual\",$M113=1),$M113>(ROW(PLE.lastrow)-ROW(PLE.firstrow))),0,IF(OFFSET(PLE!$G$14,$M113,BD$13)=\"\",10^12,OFFSET(PLE!$G$14,$M113,BD$13))))","v":1000000000000},{"$f":"IF($D113<>\"Serviço\",0,IF(OR(AND(AUTOEVENTO=\"Manual\",$M113=1),$M113>(ROW(PLE.lastrow)-ROW(PLE.firstrow))),0,IF(OFFSET(PLE!$G$14,$M113,BE$13)=\"\",10^12,OFFSET(PLE!$G$14,$M113,BE$13))))","v":1000000000000},{"$f":"IF($D113<>\"Serviço\",0,IF(OR(AND(AUTOEVENTO=\"Manual\",$M113=1),$M113>(ROW(PLE.lastrow)-ROW(PLE.firstrow))),0,IF(OFFSET(PLE!$G$14,$M113,BF$13)=\"\",10^12,OFFSET(PLE!$G$14,$M113,BF$13))))","v":1000000000000},{"$f":"IF($D113<>\"Serviço\",0,IF(OR(AND(AUTOEVENTO=\"Manual\",$M113=1),$M113>(ROW(PLE.lastrow)-ROW(PLE.firstrow))),0,IF(OFFSET(PLE!$G$14,$M113,BG$13)=\"\",10^12,OFFSET(PLE!$G$14,$M113,BG$13))))","v":1000000000000}]
["99.",{"$f":"OFFSET(ORÇAMENTO!C$15,ROW(B114)-ROW(B$15),0)","v":2},{"$f":"OFFSET(ORÇAMENTO!L$15,ROW(C114)-ROW(C$15),0)","v":"F"},{"$f":"OFFSET(ORÇAMENTO!N$15,ROW(D114)-ROW(D$15),0)","v":"Nível 2"},{"$f":"OFFSET(ORÇAMENTO!O$15,ROW(E114)-ROW(E$15),0)","v":"1.9."},{"$f":"OFFSET(ORÇAMENTO!R$15,ROW(F114)-ROW(F$15),0)","v":"INSTALAÇÕES ELÉTRICAS"},{"$f":"IF($D114<>\"Serviço\",\"\",OFFSET(ORÇAMENTO!S$15,ROW(G114)-ROW(G$15),0))","v":""},{"$f":"IF($D114<>\"Serviço\",0,IF(ACOMPANHAMENTO=\"BM\",ROUND(OFFSET(ORÇAMENTO!AJ$15,ROW(H114)-ROW(H$15),0),15-13*ORÇAMENTO!$AF$7),SUMPRODUCT(($Q$12:$AA$12<>\"\")*ROUND($Q114:$AA114,15-13*ORÇAMENTO!$AF$7))))","v":0},null,null,null,".",{"$f":"IF($D114<>\"Serviço\",\"\",IF(AUTOEVENTO=\"manual\",$A114,IF(ISERROR(MATCH($A114,$A$15:OFFSET($A114,-1,0),0)),MAX($M$15:OFFSET(M114,-1,0))+1,INDEX($M$15:OFFSET(M114,-1,0),MATCH($A114,$A$15:OFFSET($A114,-1,0),0)))))","v":""},{"$f":"IF($D114<>\"Serviço\",\"\",IF(AUTOEVENTO=\"Manual\",IF($A114=0,\"<-- defina o número do agrupador\",OFFSET(EVENTOS!$D$14,$A114,0)),OFFSET($F$15,$A114,0)))","v":""},null,null,null,null,null,null,null,null,null,null,null,null,null,{"$f":"IF(AND($D114=\"Serviço\",AB$12<>0,$H114>0,OR(AUTOEVENTO<>\"manual\",$M114<>1)),ROUND(OFFSET($P114,0,AB$13),15-13*ORÇAMENTO!$AF$7)/$H114*OFFSET(ORÇAMENTO!$X$15,ROW(AB114)-ROW(AB$15),0),0)","v":0},{"$f":"IF(AND($D114=\"Serviço\",AC$12<>0,$H114>0,OR(AUTOEVENTO<>\"manual\",$M114<>1)),ROUND(OFFSET($P114,0,AC$13),15-13*ORÇAMENTO!$AF$7)/$H114*OFFSET(ORÇAMENTO!$X$15,ROW(AC114)-ROW(AC$15),0),0)","v":0},{"$f":"IF(AND($D114=\"Serviço\",AD$12<>0,$H114>0,OR(AUTOEVENTO<>\"manual\",$M114<>1)),ROUND(OFFSET($P114,0,AD$13),15-13*ORÇAMENTO!$AF$7)/$H114*OFFSET(ORÇAMENTO!$X$15,ROW(AD114)-ROW(AD$15),0),0)","v":0},{"$f":"IF(AND($D114=\"Serviço\",AE$12<>0,$H114>0,OR(AUTOEVENTO<>\"manual\",$M114<>1)),ROUND(OFFSET($P114,0,AE$13),15-13*ORÇAMENTO!$AF$7)/$H114*OFFSET(ORÇAMENTO!$X$15,ROW(AE114)-ROW(AE$15),0),0)","v":0},{"$f":"IF(AND($D114=\"Serviço\",AF$12<>0,$H114>0,OR(AUTOEVENTO<>\"manual\",$M114<>1)),ROUND(OFFSET($P114,0,AF$13),15-13*ORÇAMENTO!$AF$7)/$H114*OFFSET(ORÇAMENTO!$X$15,ROW(AF114)-ROW(AF$15),0),0)","v":0},{"$f":"IF(AND($D114=\"Serviço\",AG$12<>0,$H114>0,OR(AUTOEVENTO<>\"manual\",$M114<>1)),ROUND(OFFSET($P114,0,AG$13),15-13*ORÇAMENTO!$AF$7)/$H114*OFFSET(ORÇAMENTO!$X$15,ROW(AG114)-ROW(AG$15),0),0)","v":0},{"$f":"IF(AND($D114=\"Serviço\",AH$12<>0,$H114>0,OR(AUTOEVENTO<>\"manual\",$M114<>1)),ROUND(OFFSET($P114,0,AH$13),15-13*ORÇAMENTO!$AF$7)/$H114*OFFSET(ORÇAMENTO!$X$15,ROW(AH114)-ROW(AH$15),0),0)","v":0},{"$f":"IF(AND($D114=\"Serviço\",AI$12<>0,$H114>0,OR(AUTOEVENTO<>\"manual\",$M114<>1)),ROUND(OFFSET($P114,0,AI$13),15-13*ORÇAMENTO!$AF$7)/$H114*OFFSET(ORÇAMENTO!$X$15,ROW(AI114)-ROW(AI$15),0),0)","v":0},{"$f":"IF(AND($D114=\"Serviço\",AJ$12<>0,$H114>0,OR(AUTOEVENTO<>\"manual\",$M114<>1)),ROUND(OFFSET($P114,0,AJ$13),15-13*ORÇAMENTO!$AF$7)/$H114*OFFSET(ORÇAMENTO!$X$15,ROW(AJ114)-ROW(AJ$15),0),0)","v":0},{"$f":"IF(AND($D114=\"Serviço\",AK$12<>0,$H114>0,OR(AUTOEVENTO<>\"manual\",$M114<>1)),ROUND(OFFSET($P114,0,AK$13),15-13*ORÇAMENTO!$AF$7)/$H114*OFFSET(ORÇAMENTO!$X$15,ROW(AK114)-ROW(AK$15),0),0)","v":0},null,{"$f":"IF($D114<>\"Serviço\",0,IF(AND(AUTOEVENTO=\"Manual\",$M114=1),0,IF(OFFSET(CRONOPLE!$F$14,$M114,AM$13)=\"\",10^12,OFFSET(CRONOPLE!$F$14,$M114,AM$13))))","v":0},{"$f":"IF($D114<>\"Serviço\",0,IF(AND(AUTOEVENTO=\"Manual\",$M114=1),0,IF(OFFSET(CRONOPLE!$F$14,$M114,AN$13)=\"\",10^12,OFFSET(CRONOPLE!$F$14,$M114,AN$13))))","v":0},{"$f":"IF($D114<>\"Serviço\",0,IF(AND(AUTOEVENTO=\"Manual\",$M114=1),0,IF(OFFSET(CRONOPLE!$F$14,$M114,AO$13)=\"\",10^12,OFFSET(CRONOPLE!$F$14,$M114,AO$13))))","v":0},{"$f":"IF($D114<>\"Serviço\",0,IF(AND(AUTOEVENTO=\"Manual\",$M114=1),0,IF(OFFSET(CRONOPLE!$F$14,$M114,AP$13)=\"\",10^12,OFFSET(CRONOPLE!$F$14,$M114,AP$13))))","v":0},{"$f":"IF($D114<>\"Serviço\",0,IF(AND(AUTOEVENTO=\"Manual\",$M114=1),0,IF(OFFSET(CRONOPLE!$F$14,$M114,AQ$13)=\"\",10^12,OFFSET(CRONOPLE!$F$14,$M114,AQ$13))))","v":0},{"$f":"IF($D114<>\"Serviço\",0,IF(AND(AUTOEVENTO=\"Manual\",$M114=1),0,IF(OFFSET(CRONOPLE!$F$14,$M114,AR$13)=\"\",10^12,OFFSET(CRONOPLE!$F$14,$M114,AR$13))))","v":0},{"$f":"IF($D114<>\"Serviço\",0,IF(AND(AUTOEVENTO=\"Manual\",$M114=1),0,IF(OFFSET(CRONOPLE!$F$14,$M114,AS$13)=\"\",10^12,OFFSET(CRONOPLE!$F$14,$M114,AS$13))))","v":0},{"$f":"IF($D114<>\"Serviço\",0,IF(AND(AUTOEVENTO=\"Manual\",$M114=1),0,IF(OFFSET(CRONOPLE!$F$14,$M114,AT$13)=\"\",10^12,OFFSET(CRONOPLE!$F$14,$M114,AT$13))))","v":0},{"$f":"IF($D114<>\"Serviço\",0,IF(AND(AUTOEVENTO=\"Manual\",$M114=1),0,IF(OFFSET(CRONOPLE!$F$14,$M114,AU$13)=\"\",10^12,OFFSET(CRONOPLE!$F$14,$M114,AU$13))))","v":0},{"$f":"IF($D114<>\"Serviço\",0,IF(AND(AUTOEVENTO=\"Manual\",$M114=1),0,IF(OFFSET(CRONOPLE!$F$14,$M114,AV$13)=\"\",10^12,OFFSET(CRONOPLE!$F$14,$M114,AV$13))))","v":0},null,{"$f":"IF($D114<>\"Serviço\",0,IF(OR(AND(AUTOEVENTO=\"Manual\",$M114=1),$M114>(ROW(PLE.lastrow)-ROW(PLE.firstrow))),0,IF(OFFSET(PLE!$G$14,$M114,AX$13)=\"\",10^12,OFFSET(PLE!$G$14,$M114,AX$13))))","v":0},{"$f":"IF($D114<>\"Serviço\",0,IF(OR(AND(AUTOEVENTO=\"Manual\",$M114=1),$M114>(ROW(PLE.lastrow)-ROW(PLE.firstrow))),0,IF(OFFSET(PLE!$G$14,$M114,AY$13)=\"\",10^12,OFFSET(PLE!$G$14,$M114,AY$13))))","v":0},{"$f":"IF($D114<>\"Serviço\",0,IF(OR(AND(AUTOEVENTO=\"Manual\",$M114=1),$M114>(ROW(PLE.lastrow)-ROW(PLE.firstrow))),0,IF(OFFSET(PLE!$G$14,$M114,AZ$13)=\"\",10^12,OFFSET(PLE!$G$14,$M114,AZ$13))))","v":0},{"$f":"IF($D114<>\"Serviço\",0,IF(OR(AND(AUTOEVENTO=\"Manual\",$M114=1),$M114>(ROW(PLE.lastrow)-ROW(PLE.firstrow))),0,IF(OFFSET(PLE!$G$14,$M114,BA$13)=\"\",10^12,OFFSET(PLE!$G$14,$M114,BA$13))))","v":0},{"$f":"IF($D114<>\"Serviço\",0,IF(OR(AND(AUTOEVENTO=\"Manual\",$M114=1),$M114>(ROW(PLE.lastrow)-ROW(PLE.firstrow))),0,IF(OFFSET(PLE!$G$14,$M114,BB$13)=\"\",10^12,OFFSET(PLE!$G$14,$M114,BB$13))))","v":0},{"$f":"IF($D114<>\"Serviço\",0,IF(OR(AND(AUTOEVENTO=\"Manual\",$M114=1),$M114>(ROW(PLE.lastrow)-ROW(PLE.firstrow))),0,IF(OFFSET(PLE!$G$14,$M114,BC$13)=\"\",10^12,OFFSET(PLE!$G$14,$M114,BC$13))))","v":0},{"$f":"IF($D114<>\"Serviço\",0,IF(OR(AND(AUTOEVENTO=\"Manual\",$M114=1),$M114>(ROW(PLE.lastrow)-ROW(PLE.firstrow))),0,IF(OFFSET(PLE!$G$14,$M114,BD$13)=\"\",10^12,OFFSET(PLE!$G$14,$M114,BD$13))))","v":0},{"$f":"IF($D114<>\"Serviço\",0,IF(OR(AND(AUTOEVENTO=\"Manual\",$M114=1),$M114>(ROW(PLE.lastrow)-ROW(PLE.firstrow))),0,IF(OFFSET(PLE!$G$14,$M114,BE$13)=\"\",10^12,OFFSET(PLE!$G$14,$M114,BE$13))))","v":0},{"$f":"IF($D114<>\"Serviço\",0,IF(OR(AND(AUTOEVENTO=\"Manual\",$M114=1),$M114>(ROW(PLE.lastrow)-ROW(PLE.firstrow))),0,IF(OFFSET(PLE!$G$14,$M114,BF$13)=\"\",10^12,OFFSET(PLE!$G$14,$M114,BF$13))))","v":0},{"$f":"IF($D114<>\"Serviço\",0,IF(OR(AND(AUTOEVENTO=\"Manual\",$M114=1),$M114>(ROW(PLE.lastrow)-ROW(PLE.firstrow))),0,IF(OFFSET(PLE!$G$14,$M114,BG$13)=\"\",10^12,OFFSET(PLE!$G$14,$M114,BG$13))))","v":0}]
[{"$f":"IF(AUTOEVENTO=\"Manual\",IF(K115<>\"\",MIN(VALUE(LEFT(K115,FIND(\".\",K115)-1)),COUNTA(EVENTOS.Lista)),0),IF(OR($B115>AUTOEVENTO,$B115=\"S\",$B115=0),SUBSTITUTE(OFFSET($A115,-1,0),IF($D115=\"Serviço\",\".\",\"\"),\"\"),ROW(A115)-ROW($A$15)&\".\"))","v":"99"},{"$f":"OFFSET(ORÇAMENTO!C$15,ROW(B115)-ROW(B$15),0)","v":"S"},{"$f":"OFFSET(ORÇAMENTO!L$15,ROW(C115)-ROW(C$15),0)","v":"F"},{"$f":"OFFSET(ORÇAMENTO!N$15,ROW(D115)-ROW(D$15),0)","v":"Serviço"},{"$f":"OFFSET(ORÇAMENTO!O$15,ROW(E115)-ROW(E$15),0)","v":"1.9.1."},{"$f":"OFFSET(ORÇAMENTO!R$15,ROW(F115)-ROW(F$15),0)","v":"ENTRADA DE ENERGIA ELÉTRICA POSTE PADRÃO CELESC"},{"$f":"IF($D115<>\"Serviço\",\"\",OFFSET(ORÇAMENTO!S$15,ROW(G115)-ROW(G$15),0))","v":"UN "},{"$f":"IF($D115<>\"Serviço\",0,IF(ACOMPANHAMENTO=\"BM\",ROUND(OFFSET(ORÇAMENTO!AJ$15,ROW(H115)-ROW(H$15),0),15-13*ORÇAMENTO!$AF$7),SUMPRODUCT(($Q$12:$AA$12<>\"\")*ROUND($Q115:$AA115,15-13*ORÇAMENTO!$AF$7))))","v":1},null,null,null,".",{"$f":"IF($D115<>\"Serviço\",\"\",IF(AUTOEVENTO=\"manual\",$A115,IF(ISERROR(MATCH($A115,$A$15:OFFSET($A115,-1,0),0)),MAX($M$15:OFFSET(M115,-1,0))+1,INDEX($M$15:OFFSET(M115,-1,0),MATCH($A115,$A$15:OFFSET($A115,-1,0),0)))))","v":10},{"$f":"IF($D115<>\"Serviço\",\"\",IF(AUTOEVENTO=\"Manual\",IF($A115=0,\"<-- defina o número do agrupador\",OFFSET(EVENTOS!$D$14,$A115,0)),OFFSET($F$15,$A115,0)))","v":"INSTALAÇÕES ELÉTRICAS"},null,null,null,null,null,null,null,null,null,null,null,null,null,{"$f":"IF(AND($D115=\"Serviço\",AB$12<>0,$H115>0,OR(AUTOEVENTO<>\"manual\",$M115<>1)),ROUND(OFFSET($P115,0,AB$13),15-13*ORÇAMENTO!$AF$7)/$H115*OFFSET(ORÇAMENTO!$X$15,ROW(AB115)-ROW(AB$15),0),0)","v":0},{"$f":"IF(AND($D115=\"Serviço\",AC$12<>0,$H115>0,OR(AUTOEVENTO<>\"manual\",$M115<>1)),ROUND(OFFSET($P115,0,AC$13),15-13*ORÇAMENTO!$AF$7)/$H115*OFFSET(ORÇAMENTO!$X$15,ROW(AC115)-ROW(AC$15),0),0)","v":0},{"$f":"IF(AND($D115=\"Serviço\",AD$12<>0,$H115>0,OR(AUTOEVENTO<>\"manual\",$M115<>1)),ROUND(OFFSET($P115,0,AD$13),15-13*ORÇAMENTO!$AF$7)/$H115*OFFSET(ORÇAMENTO!$X$15,ROW(AD115)-ROW(AD$15),0),0)","v":0},{"$f":"IF(AND($D115=\"Serviço\",AE$12<>0,$H115>0,OR(AUTOEVENTO<>\"manual\",$M115<>1)),ROUND(OFFSET($P115,0,AE$13),15-13*ORÇAMENTO!$AF$7)/$H115*OFFSET(ORÇAMENTO!$X$15,ROW(AE115)-ROW(AE$15),0),0)","v":0},{"$f":"IF(AND($D115=\"Serviço\",AF$12<>0,$H115>0,OR(AUTOEVENTO<>\"manual\",$M115<>1)),ROUND(OFFSET($P115,0,AF$13),15-13*ORÇAMENTO!$AF$7)/$H115*OFFSET(ORÇAMENTO!$X$15,ROW(AF115)-ROW(AF$15),0),0)","v":0},{"$f":"IF(AND($D115=\"Serviço\",AG$12<>0,$H115>0,OR(AUTOEVENTO<>\"manual\",$M115<>1)),ROUND(OFFSET($P115,0,AG$13),15-13*ORÇAMENTO!$AF$7)/$H115*OFFSET(ORÇAMENTO!$X$15,ROW(AG115)-ROW(AG$15),0),0)","v":0},{"$f":"IF(AND($D115=\"Serviço\",AH$12<>0,$H115>0,OR(AUTOEVENTO<>\"manual\",$M115<>1)),ROUND(OFFSET($P115,0,AH$13),15-13*ORÇAMENTO!$AF$7)/$H115*OFFSET(ORÇAMENTO!$X$15,ROW(AH115)-ROW(AH$15),0),0)","v":0},{"$f":"IF(AND($D115=\"Serviço\",AI$12<>0,$H115>0,OR(AUTOEVENTO<>\"manual\",$M115<>1)),ROUND(OFFSET($P115,0,AI$13),15-13*ORÇAMENTO!$AF$7)/$H115*OFFSET(ORÇAMENTO!$X$15,ROW(AI115)-ROW(AI$15),0),0)","v":0},{"$f":"IF(AND($D115=\"Serviço\",AJ$12<>0,$H115>0,OR(AUTOEVENTO<>\"manual\",$M115<>1)),ROUND(OFFSET($P115,0,AJ$13),15-13*ORÇAMENTO!$AF$7)/$H115*OFFSET(ORÇAMENTO!$X$15,ROW(AJ115)-ROW(AJ$15),0),0)","v":0},{"$f":"IF(AND($D115=\"Serviço\",AK$12<>0,$H115>0,OR(AUTOEVENTO<>\"manual\",$M115<>1)),ROUND(OFFSET($P115,0,AK$13),15-13*ORÇAMENTO!$AF$7)/$H115*OFFSET(ORÇAMENTO!$X$15,ROW(AK115)-ROW(AK$15),0),0)","v":0},null,{"$f":"IF($D115<>\"Serviço\",0,IF(AND(AUTOEVENTO=\"Manual\",$M115=1),0,IF(OFFSET(CRONOPLE!$F$14,$M115,AM$13)=\"\",10^12,OFFSET(CRONOPLE!$F$14,$M115,AM$13))))","v":1000000000000},{"$f":"IF($D115<>\"Serviço\",0,IF(AND(AUTOEVENTO=\"Manual\",$M115=1),0,IF(OFFSET(CRONOPLE!$F$14,$M115,AN$13)=\"\",10^12,OFFSET(CRONOPLE!$F$14,$M115,AN$13))))","v":1000000000000},{"$f":"IF($D115<>\"Serviço\",0,IF(AND(AUTOEVENTO=\"Manual\",$M115=1),0,IF(OFFSET(CRONOPLE!$F$14,$M115,AO$13)=\"\",10^12,OFFSET(CRONOPLE!$F$14,$M115,AO$13))))","v":1000000000000},{"$f":"IF($D115<>\"Serviço\",0,IF(AND(AUTOEVENTO=\"Manual\",$M115=1),0,IF(OFFSET(CRONOPLE!$F$14,$M115,AP$13)=\"\",10^12,OFFSET(CRONOPLE!$F$14,$M115,AP$13))))","v":1000000000000},{"$f":"IF($D115<>\"Serviço\",0,IF(AND(AUTOEVENTO=\"Manual\",$M115=1),0,IF(OFFSET(CRONOPLE!$F$14,$M115,AQ$13)=\"\",10^12,OFFSET(CRONOPLE!$F$14,$M115,AQ$13))))","v":1000000000000},{"$f":"IF($D115<>\"Serviço\",0,IF(AND(AUTOEVENTO=\"Manual\",$M115=1),0,IF(OFFSET(CRONOPLE!$F$14,$M115,AR$13)=\"\",10^12,OFFSET(CRONOPLE!$F$14,$M115,AR$13))))","v":1000000000000},{"$f":"IF($D115<>\"Serviço\",0,IF(AND(AUTOEVENTO=\"Manual\",$M115=1),0,IF(OFFSET(CRONOPLE!$F$14,$M115,AS$13)=\"\",10^12,OFFSET(CRONOPLE!$F$14,$M115,AS$13))))","v":1000000000000},{"$f":"IF($D115<>\"Serviço\",0,IF(AND(AUTOEVENTO=\"Manual\",$M115=1),0,IF(OFFSET(CRONOPLE!$F$14,$M115,AT$13)=\"\",10^12,OFFSET(CRONOPLE!$F$14,$M115,AT$13))))","v":1000000000000},{"$f":"IF($D115<>\"Serviço\",0,IF(AND(AUTOEVENTO=\"Manual\",$M115=1),0,IF(OFFSET(CRONOPLE!$F$14,$M115,AU$13)=\"\",10^12,OFFSET(CRONOPLE!$F$14,$M115,AU$13))))","v":1000000000000},{"$f":"IF($D115<>\"Serviço\",0,IF(AND(AUTOEVENTO=\"Manual\",$M115=1),0,IF(OFFSET(CRONOPLE!$F$14,$M115,AV$13)=\"\",10^12,OFFSET(CRONOPLE!$F$14,$M115,AV$13))))","v":1000000000000},null,{"$f":"IF($D115<>\"Serviço\",0,IF(OR(AND(AUTOEVENTO=\"Manual\",$M115=1),$M115>(ROW(PLE.lastrow)-ROW(PLE.firstrow))),0,IF(OFFSET(PLE!$G$14,$M115,AX$13)=\"\",10^12,OFFSET(PLE!$G$14,$M115,AX$13))))","v":1000000000000},{"$f":"IF($D115<>\"Serviço\",0,IF(OR(AND(AUTOEVENTO=\"Manual\",$M115=1),$M115>(ROW(PLE.lastrow)-ROW(PLE.firstrow))),0,IF(OFFSET(PLE!$G$14,$M115,AY$13)=\"\",10^12,OFFSET(PLE!$G$14,$M115,AY$13))))","v":1000000000000},{"$f":"IF($D115<>\"Serviço\",0,IF(OR(AND(AUTOEVENTO=\"Manual\",$M115=1),$M115>(ROW(PLE.lastrow)-ROW(PLE.firstrow))),0,IF(OFFSET(PLE!$G$14,$M115,AZ$13)=\"\",10^12,OFFSET(PLE!$G$14,$M115,AZ$13))))","v":1000000000000},{"$f":"IF($D115<>\"Serviço\",0,IF(OR(AND(AUTOEVENTO=\"Manual\",$M115=1),$M115>(ROW(PLE.lastrow)-ROW(PLE.firstrow))),0,IF(OFFSET(PLE!$G$14,$M115,BA$13)=\"\",10^12,OFFSET(PLE!$G$14,$M115,BA$13))))","v":1000000000000},{"$f":"IF($D115<>\"Serviço\",0,IF(OR(AND(AUTOEVENTO=\"Manual\",$M115=1),$M115>(ROW(PLE.lastrow)-ROW(PLE.firstrow))),0,IF(OFFSET(PLE!$G$14,$M115,BB$13)=\"\",10^12,OFFSET(PLE!$G$14,$M115,BB$13))))","v":1000000000000},{"$f":"IF($D115<>\"Serviço\",0,IF(OR(AND(AUTOEVENTO=\"Manual\",$M115=1),$M115>(ROW(PLE.lastrow)-ROW(PLE.firstrow))),0,IF(OFFSET(PLE!$G$14,$M115,BC$13)=\"\",10^12,OFFSET(PLE!$G$14,$M115,BC$13))))","v":1000000000000},{"$f":"IF($D115<>\"Serviço\",0,IF(OR(AND(AUTOEVENTO=\"Manual\",$M115=1),$M115>(ROW(PLE.lastrow)-ROW(PLE.firstrow))),0,IF(OFFSET(PLE!$G$14,$M115,BD$13)=\"\",10^12,OFFSET(PLE!$G$14,$M115,BD$13))))","v":1000000000000},{"$f":"IF($D115<>\"Serviço\",0,IF(OR(AND(AUTOEVENTO=\"Manual\",$M115=1),$M115>(ROW(PLE.lastrow)-ROW(PLE.firstrow))),0,IF(OFFSET(PLE!$G$14,$M115,BE$13)=\"\",10^12,OFFSET(PLE!$G$14,$M115,BE$13))))","v":1000000000000},{"$f":"IF($D115<>\"Serviço\",0,IF(OR(AND(AUTOEVENTO=\"Manual\",$M115=1),$M115>(ROW(PLE.lastrow)-ROW(PLE.firstrow))),0,IF(OFFSET(PLE!$G$14,$M115,BF$13)=\"\",10^12,OFFSET(PLE!$G$14,$M115,BF$13))))","v":1000000000000},{"$f":"IF($D115<>\"Serviço\",0,IF(OR(AND(AUTOEVENTO=\"Manual\",$M115=1),$M115>(ROW(PLE.lastrow)-ROW(PLE.firstrow))),0,IF(OFFSET(PLE!$G$14,$M115,BG$13)=\"\",10^12,OFFSET(PLE!$G$14,$M115,BG$13))))","v":1000000000000}]
[{"$f":"IF(AUTOEVENTO=\"Manual\",IF(K116<>\"\",MIN(VALUE(LEFT(K116,FIND(\".\",K116)-1)),COUNTA(EVENTOS.Lista)),0),IF(OR($B116>AUTOEVENTO,$B116=\"S\",$B116=0),SUBSTITUTE(OFFSET($A116,-1,0),IF($D116=\"Serviço\",\".\",\"\"),\"\"),ROW(A116)-ROW($A$15)&\".\"))","v":"99"},{"$f":"OFFSET(ORÇAMENTO!C$15,ROW(B116)-ROW(B$15),0)","v":"S"},{"$f":"OFFSET(ORÇAMENTO!L$15,ROW(C116)-ROW(C$15),0)","v":"F"},{"$f":"OFFSET(ORÇAMENTO!N$15,ROW(D116)-ROW(D$15),0)","v":"Serviço"},{"$f":"OFFSET(ORÇAMENTO!O$15,ROW(E116)-ROW(E$15),0)","v":"1.9.2."},{"$f":"OFFSET(ORÇAMENTO!R$15,ROW(F116)-ROW(F$15),0)","v":"CAIXA DE PASSAGEM/ LUZ / TELEFONIA, DE EMBUTIR,  EM CHAPA DE ACO GALVANIZADO, DIMENSOES 40 X 40 X *12* CM (PADRAO CONCESSIONARIA LOCAL)"},{"$f":"IF($D116<>\"Serviço\",\"\",OFFSET(ORÇAMENTO!S$15,ROW(G116)-ROW(G$15),0))","v":"UN    "},{"$f":"IF($D116<>\"Serviço\",0,IF(ACOMPANHAMENTO=\"BM\",ROUND(OFFSET(ORÇAMENTO!AJ$15,ROW(H116)-ROW(H$15),0),15-13*ORÇAMENTO!$AF$7),SUMPRODUCT(($Q$12:$AA$12<>\"\")*ROUND($Q116:$AA116,15-13*ORÇAMENTO!$AF$7))))","v":1},null,null,null,".",{"$f":"IF($D116<>\"Serviço\",\"\",IF(AUTOEVENTO=\"manual\",$A116,IF(ISERROR(MATCH($A116,$A$15:OFFSET($A116,-1,0),0)),MAX($M$15:OFFSET(M116,-1,0))+1,INDEX($M$15:OFFSET(M116,-1,0),MATCH($A116,$A$15:OFFSET($A116,-1,0),0)))))","v":10},{"$f":"IF($D116<>\"Serviço\",\"\",IF(AUTOEVENTO=\"Manual\",IF($A116=0,\"<-- defina o número do agrupador\",OFFSET(EVENTOS!$D$14,$A116,0)),OFFSET($F$15,$A116,0)))","v":"INSTALAÇÕES ELÉTRICAS"},null,null,null,null,null,null,null,null,null,null,null,null,null,{"$f":"IF(AND($D116=\"Serviço\",AB$12<>0,$H116>0,OR(AUTOEVENTO<>\"manual\",$M116<>1)),ROUND(OFFSET($P116,0,AB$13),15-13*ORÇAMENTO!$AF$7)/$H116*OFFSET(ORÇAMENTO!$X$15,ROW(AB116)-ROW(AB$15),0),0)","v":0},{"$f":"IF(AND($D116=\"Serviço\",AC$12<>0,$H116>0,OR(AUTOEVENTO<>\"manual\",$M116<>1)),ROUND(OFFSET($P116,0,AC$13),15-13*ORÇAMENTO!$AF$7)/$H116*OFFSET(ORÇAMENTO!$X$15,ROW(AC116)-ROW(AC$15),0),0)","v":0},{"$f":"IF(AND($D116=\"Serviço\",AD$12<>0,$H116>0,OR(AUTOEVENTO<>\"manual\",$M116<>1)),ROUND(OFFSET($P116,0,AD$13),15-13*ORÇAMENTO!$AF$7)/$H116*OFFSET(ORÇAMENTO!$X$15,ROW(AD116)-ROW(AD$15),0),0)","v":0},{"$f":"IF(AND($D116=\"Serviço\",AE$12<>0,$H116>0,OR(AUTOEVENTO<>\"manual\",$M116<>1)),ROUND(OFFSET($P116,0,AE$13),15-13*ORÇAMENTO!$AF$7)/$H116*OFFSET(ORÇAMENTO!$X$15,ROW(AE116)-ROW(AE$15),0),0)","v":0},{"$f":"IF(AND($D116=\"Serviço\",AF$12<>0,$H116>0,OR(AUTOEVENTO<>\"manual\",$M116<>1)),ROUND(OFFSET($P116,0,AF$13),15-13*ORÇAMENTO!$AF$7)/$H116*OFFSET(ORÇAMENTO!$X$15,ROW(AF116)-ROW(AF$15),0),0)","v":0},{"$f":"IF(AND($D116=\"Serviço\",AG$12<>0,$H116>0,OR(AUTOEVENTO<>\"manual\",$M116<>1)),ROUND(OFFSET($P116,0,AG$13),15-13*ORÇAMENTO!$AF$7)/$H116*OFFSET(ORÇAMENTO!$X$15,ROW(AG116)-ROW(AG$15),0),0)","v":0},{"$f":"IF(AND($D116=\"Serviço\",AH$12<>0,$H116>0,OR(AUTOEVENTO<>\"manual\",$M116<>1)),ROUND(OFFSET($P116,0,AH$13),15-13*ORÇAMENTO!$AF$7)/$H116*OFFSET(ORÇAMENTO!$X$15,ROW(AH116)-ROW(AH$15),0),0)","v":0},{"$f":"IF(AND($D116=\"Serviço\",AI$12<>0,$H116>0,OR(AUTOEVENTO<>\"manual\",$M116<>1)),ROUND(OFFSET($P116,0,AI$13),15-13*ORÇAMENTO!$AF$7)/$H116*OFFSET(ORÇAMENTO!$X$15,ROW(AI116)-ROW(AI$15),0),0)","v":0},{"$f":"IF(AND($D116=\"Serviço\",AJ$12<>0,$H116>0,OR(AUTOEVENTO<>\"manual\",$M116<>1)),ROUND(OFFSET($P116,0,AJ$13),15-13*ORÇAMENTO!$AF$7)/$H116*OFFSET(ORÇAMENTO!$X$15,ROW(AJ116)-ROW(AJ$15),0),0)","v":0},{"$f":"IF(AND($D116=\"Serviço\",AK$12<>0,$H116>0,OR(AUTOEVENTO<>\"manual\",$M116<>1)),ROUND(OFFSET($P116,0,AK$13),15-13*ORÇAMENTO!$AF$7)/$H116*OFFSET(ORÇAMENTO!$X$15,ROW(AK116)-ROW(AK$15),0),0)","v":0},null,{"$f":"IF($D116<>\"Serviço\",0,IF(AND(AUTOEVENTO=\"Manual\",$M116=1),0,IF(OFFSET(CRONOPLE!$F$14,$M116,AM$13)=\"\",10^12,OFFSET(CRONOPLE!$F$14,$M116,AM$13))))","v":1000000000000},{"$f":"IF($D116<>\"Serviço\",0,IF(AND(AUTOEVENTO=\"Manual\",$M116=1),0,IF(OFFSET(CRONOPLE!$F$14,$M116,AN$13)=\"\",10^12,OFFSET(CRONOPLE!$F$14,$M116,AN$13))))","v":1000000000000},{"$f":"IF($D116<>\"Serviço\",0,IF(AND(AUTOEVENTO=\"Manual\",$M116=1),0,IF(OFFSET(CRONOPLE!$F$14,$M116,AO$13)=\"\",10^12,OFFSET(CRONOPLE!$F$14,$M116,AO$13))))","v":1000000000000},{"$f":"IF($D116<>\"Serviço\",0,IF(AND(AUTOEVENTO=\"Manual\",$M116=1),0,IF(OFFSET(CRONOPLE!$F$14,$M116,AP$13)=\"\",10^12,OFFSET(CRONOPLE!$F$14,$M116,AP$13))))","v":1000000000000},{"$f":"IF($D116<>\"Serviço\",0,IF(AND(AUTOEVENTO=\"Manual\",$M116=1),0,IF(OFFSET(CRONOPLE!$F$14,$M116,AQ$13)=\"\",10^12,OFFSET(CRONOPLE!$F$14,$M116,AQ$13))))","v":1000000000000},{"$f":"IF($D116<>\"Serviço\",0,IF(AND(AUTOEVENTO=\"Manual\",$M116=1),0,IF(OFFSET(CRONOPLE!$F$14,$M116,AR$13)=\"\",10^12,OFFSET(CRONOPLE!$F$14,$M116,AR$13))))","v":1000000000000},{"$f":"IF($D116<>\"Serviço\",0,IF(AND(AUTOEVENTO=\"Manual\",$M116=1),0,IF(OFFSET(CRONOPLE!$F$14,$M116,AS$13)=\"\",10^12,OFFSET(CRONOPLE!$F$14,$M116,AS$13))))","v":1000000000000},{"$f":"IF($D116<>\"Serviço\",0,IF(AND(AUTOEVENTO=\"Manual\",$M116=1),0,IF(OFFSET(CRONOPLE!$F$14,$M116,AT$13)=\"\",10^12,OFFSET(CRONOPLE!$F$14,$M116,AT$13))))","v":1000000000000},{"$f":"IF($D116<>\"Serviço\",0,IF(AND(AUTOEVENTO=\"Manual\",$M116=1),0,IF(OFFSET(CRONOPLE!$F$14,$M116,AU$13)=\"\",10^12,OFFSET(CRONOPLE!$F$14,$M116,AU$13))))","v":1000000000000},{"$f":"IF($D116<>\"Serviço\",0,IF(AND(AUTOEVENTO=\"Manual\",$M116=1),0,IF(OFFSET(CRONOPLE!$F$14,$M116,AV$13)=\"\",10^12,OFFSET(CRONOPLE!$F$14,$M116,AV$13))))","v":1000000000000},null,{"$f":"IF($D116<>\"Serviço\",0,IF(OR(AND(AUTOEVENTO=\"Manual\",$M116=1),$M116>(ROW(PLE.lastrow)-ROW(PLE.firstrow))),0,IF(OFFSET(PLE!$G$14,$M116,AX$13)=\"\",10^12,OFFSET(PLE!$G$14,$M116,AX$13))))","v":1000000000000},{"$f":"IF($D116<>\"Serviço\",0,IF(OR(AND(AUTOEVENTO=\"Manual\",$M116=1),$M116>(ROW(PLE.lastrow)-ROW(PLE.firstrow))),0,IF(OFFSET(PLE!$G$14,$M116,AY$13)=\"\",10^12,OFFSET(PLE!$G$14,$M116,AY$13))))","v":1000000000000},{"$f":"IF($D116<>\"Serviço\",0,IF(OR(AND(AUTOEVENTO=\"Manual\",$M116=1),$M116>(ROW(PLE.lastrow)-ROW(PLE.firstrow))),0,IF(OFFSET(PLE!$G$14,$M116,AZ$13)=\"\",10^12,OFFSET(PLE!$G$14,$M116,AZ$13))))","v":1000000000000},{"$f":"IF($D116<>\"Serviço\",0,IF(OR(AND(AUTOEVENTO=\"Manual\",$M116=1),$M116>(ROW(PLE.lastrow)-ROW(PLE.firstrow))),0,IF(OFFSET(PLE!$G$14,$M116,BA$13)=\"\",10^12,OFFSET(PLE!$G$14,$M116,BA$13))))","v":1000000000000},{"$f":"IF($D116<>\"Serviço\",0,IF(OR(AND(AUTOEVENTO=\"Manual\",$M116=1),$M116>(ROW(PLE.lastrow)-ROW(PLE.firstrow))),0,IF(OFFSET(PLE!$G$14,$M116,BB$13)=\"\",10^12,OFFSET(PLE!$G$14,$M116,BB$13))))","v":1000000000000},{"$f":"IF($D116<>\"Serviço\",0,IF(OR(AND(AUTOEVENTO=\"Manual\",$M116=1),$M116>(ROW(PLE.lastrow)-ROW(PLE.firstrow))),0,IF(OFFSET(PLE!$G$14,$M116,BC$13)=\"\",10^12,OFFSET(PLE!$G$14,$M116,BC$13))))","v":1000000000000},{"$f":"IF($D116<>\"Serviço\",0,IF(OR(AND(AUTOEVENTO=\"Manual\",$M116=1),$M116>(ROW(PLE.lastrow)-ROW(PLE.firstrow))),0,IF(OFFSET(PLE!$G$14,$M116,BD$13)=\"\",10^12,OFFSET(PLE!$G$14,$M116,BD$13))))","v":1000000000000},{"$f":"IF($D116<>\"Serviço\",0,IF(OR(AND(AUTOEVENTO=\"Manual\",$M116=1),$M116>(ROW(PLE.lastrow)-ROW(PLE.firstrow))),0,IF(OFFSET(PLE!$G$14,$M116,BE$13)=\"\",10^12,OFFSET(PLE!$G$14,$M116,BE$13))))","v":1000000000000},{"$f":"IF($D116<>\"Serviço\",0,IF(OR(AND(AUTOEVENTO=\"Manual\",$M116=1),$M116>(ROW(PLE.lastrow)-ROW(PLE.firstrow))),0,IF(OFFSET(PLE!$G$14,$M116,BF$13)=\"\",10^12,OFFSET(PLE!$G$14,$M116,BF$13))))","v":1000000000000},{"$f":"IF($D116<>\"Serviço\",0,IF(OR(AND(AUTOEVENTO=\"Manual\",$M116=1),$M116>(ROW(PLE.lastrow)-ROW(PLE.firstrow))),0,IF(OFFSET(PLE!$G$14,$M116,BG$13)=\"\",10^12,OFFSET(PLE!$G$14,$M116,BG$13))))","v":1000000000000}]
[{"$f":"IF(AUTOEVENTO=\"Manual\",IF(K117<>\"\",MIN(VALUE(LEFT(K117,FIND(\".\",K117)-1)),COUNTA(EVENTOS.Lista)),0),IF(OR($B117>AUTOEVENTO,$B117=\"S\",$B117=0),SUBSTITUTE(OFFSET($A117,-1,0),IF($D117=\"Serviço\",\".\",\"\"),\"\"),ROW(A117)-ROW($A$15)&\".\"))","v":"99"},{"$f":"OFFSET(ORÇAMENTO!C$15,ROW(B117)-ROW(B$15),0)","v":"S"},{"$f":"OFFSET(ORÇAMENTO!L$15,ROW(C117)-ROW(C$15),0)","v":"F"},{"$f":"OFFSET(ORÇAMENTO!N$15,ROW(D117)-ROW(D$15),0)","v":"Serviço"},{"$f":"OFFSET(ORÇAMENTO!O$15,ROW(E117)-ROW(E$15),0)","v":"1.9.3."},{"$f":"OFFSET(ORÇAMENTO!R$15,ROW(F117)-ROW(F$15),0)","v":"CAIXA DE PROTECAO EXTERNA PARA MEDIDOR HOROSAZONAL, DE BAIXA TENSAO, COM MODULO, EM CHAPA DE ACO (PADRAO DA CONCESSIONARIA LOCAL)"},{"$f":"IF($D117<>\"Serviço\",\"\",OFFSET(ORÇAMENTO!S$15,ROW(G117)-ROW(G$15),0))","v":"UN    "},{"$f":"IF($D117<>\"Serviço\",0,IF(ACOMPANHAMENTO=\"BM\",ROUND(OFFSET(ORÇAMENTO!AJ$15,ROW(H117)-ROW(H$15),0),15-13*ORÇAMENTO!$AF$7),SUMPRODUCT(($Q$12:$AA$12<>\"\")*ROUND($Q117:$AA117,15-13*ORÇAMENTO!$AF$7))))","v":1},null,null,null,".",{"$f":"IF($D117<>\"Serviço\",\"\",IF(AUTOEVENTO=\"manual\",$A117,IF(ISERROR(MATCH($A117,$A$15:OFFSET($A117,-1,0),0)),MAX($M$15:OFFSET(M117,-1,0))+1,INDEX($M$15:OFFSET(M117,-1,0),MATCH($A117,$A$15:OFFSET($A117,-1,0),0)))))","v":10},{"$f":"IF($D117<>\"Serviço\",\"\",IF(AUTOEVENTO=\"Manual\",IF($A117=0,\"<-- defina o número do agrupador\",OFFSET(EVENTOS!$D$14,$A117,0)),OFFSET($F$15,$A117,0)))","v":"INSTALAÇÕES ELÉTRICAS"},null,null,null,null,null,null,null,null,null,null,null,null,null,{"$f":"IF(AND($D117=\"Serviço\",AB$12<>0,$H117>0,OR(AUTOEVENTO<>\"manual\",$M117<>1)),ROUND(OFFSET($P117,0,AB$13),15-13*ORÇAMENTO!$AF$7)/$H117*OFFSET(ORÇAMENTO!$X$15,ROW(AB117)-ROW(AB$15),0),0)","v":0},{"$f":"IF(AND($D117=\"Serviço\",AC$12<>0,$H117>0,OR(AUTOEVENTO<>\"manual\",$M117<>1)),ROUND(OFFSET($P117,0,AC$13),15-13*ORÇAMENTO!$AF$7)/$H117*OFFSET(ORÇAMENTO!$X$15,ROW(AC117)-ROW(AC$15),0),0)","v":0},{"$f":"IF(AND($D117=\"Serviço\",AD$12<>0,$H117>0,OR(AUTOEVENTO<>\"manual\",$M117<>1)),ROUND(OFFSET($P117,0,AD$13),15-13*ORÇAMENTO!$AF$7)/$H117*OFFSET(ORÇAMENTO!$X$15,ROW(AD117)-ROW(AD$15),0),0)","v":0},{"$f":"IF(AND($D117=\"Serviço\",AE$12<>0,$H117>0,OR(AUTOEVENTO<>\"manual\",$M117<>1)),ROUND(OFFSET($P117,0,AE$13),15-13*ORÇAMENTO!$AF$7)/$H117*OFFSET(ORÇAMENTO!$X$15,ROW(AE117)-ROW(AE$15),0),0)","v":0},{"$f":"IF(AND($D117=\"Serviço\",AF$12<>0,$H117>0,OR(AUTOEVENTO<>\"manual\",$M117<>1)),ROUND(OFFSET($P117,0,AF$13),15-13*ORÇAMENTO!$AF$7)/$H117*OFFSET(ORÇAMENTO!$X$15,ROW(AF117)-ROW(AF$15),0),0)","v":0},{"$f":"IF(AND($D117=\"Serviço\",AG$12<>0,$H117>0,OR(AUTOEVENTO<>\"manual\",$M117<>1)),ROUND(OFFSET($P117,0,AG$13),15-13*ORÇAMENTO!$AF$7)/$H117*OFFSET(ORÇAMENTO!$X$15,ROW(AG117)-ROW(AG$15),0),0)","v":0},{"$f":"IF(AND($D117=\"Serviço\",AH$12<>0,$H117>0,OR(AUTOEVENTO<>\"manual\",$M117<>1)),ROUND(OFFSET($P117,0,AH$13),15-13*ORÇAMENTO!$AF$7)/$H117*OFFSET(ORÇAMENTO!$X$15,ROW(AH117)-ROW(AH$15),0),0)","v":0},{"$f":"IF(AND($D117=\"Serviço\",AI$12<>0,$H117>0,OR(AUTOEVENTO<>\"manual\",$M117<>1)),ROUND(OFFSET($P117,0,AI$13),15-13*ORÇAMENTO!$AF$7)/$H117*OFFSET(ORÇAMENTO!$X$15,ROW(AI117)-ROW(AI$15),0),0)","v":0},{"$f":"IF(AND($D117=\"Serviço\",AJ$12<>0,$H117>0,OR(AUTOEVENTO<>\"manual\",$M117<>1)),ROUND(OFFSET($P117,0,AJ$13),15-13*ORÇAMENTO!$AF$7)/$H117*OFFSET(ORÇAMENTO!$X$15,ROW(AJ117)-ROW(AJ$15),0),0)","v":0},{"$f":"IF(AND($D117=\"Serviço\",AK$12<>0,$H117>0,OR(AUTOEVENTO<>\"manual\",$M117<>1)),ROUND(OFFSET($P117,0,AK$13),15-13*ORÇAMENTO!$AF$7)/$H117*OFFSET(ORÇAMENTO!$X$15,ROW(AK117)-ROW(AK$15),0),0)","v":0},null,{"$f":"IF($D117<>\"Serviço\",0,IF(AND(AUTOEVENTO=\"Manual\",$M117=1),0,IF(OFFSET(CRONOPLE!$F$14,$M117,AM$13)=\"\",10^12,OFFSET(CRONOPLE!$F$14,$M117,AM$13))))","v":1000000000000},{"$f":"IF($D117<>\"Serviço\",0,IF(AND(AUTOEVENTO=\"Manual\",$M117=1),0,IF(OFFSET(CRONOPLE!$F$14,$M117,AN$13)=\"\",10^12,OFFSET(CRONOPLE!$F$14,$M117,AN$13))))","v":1000000000000},{"$f":"IF($D117<>\"Serviço\",0,IF(AND(AUTOEVENTO=\"Manual\",$M117=1),0,IF(OFFSET(CRONOPLE!$F$14,$M117,AO$13)=\"\",10^12,OFFSET(CRONOPLE!$F$14,$M117,AO$13))))","v":1000000000000},{"$f":"IF($D117<>\"Serviço\",0,IF(AND(AUTOEVENTO=\"Manual\",$M117=1),0,IF(OFFSET(CRONOPLE!$F$14,$M117,AP$13)=\"\",10^12,OFFSET(CRONOPLE!$F$14,$M117,AP$13))))","v":1000000000000},{"$f":"IF($D117<>\"Serviço\",0,IF(AND(AUTOEVENTO=\"Manual\",$M117=1),0,IF(OFFSET(CRONOPLE!$F$14,$M117,AQ$13)=\"\",10^12,OFFSET(CRONOPLE!$F$14,$M117,AQ$13))))","v":1000000000000},{"$f":"IF($D117<>\"Serviço\",0,IF(AND(AUTOEVENTO=\"Manual\",$M117=1),0,IF(OFFSET(CRONOPLE!$F$14,$M117,AR$13)=\"\",10^12,OFFSET(CRONOPLE!$F$14,$M117,AR$13))))","v":1000000000000},{"$f":"IF($D117<>\"Serviço\",0,IF(AND(AUTOEVENTO=\"Manual\",$M117=1),0,IF(OFFSET(CRONOPLE!$F$14,$M117,AS$13)=\"\",10^12,OFFSET(CRONOPLE!$F$14,$M117,AS$13))))","v":1000000000000},{"$f":"IF($D117<>\"Serviço\",0,IF(AND(AUTOEVENTO=\"Manual\",$M117=1),0,IF(OFFSET(CRONOPLE!$F$14,$M117,AT$13)=\"\",10^12,OFFSET(CRONOPLE!$F$14,$M117,AT$13))))","v":1000000000000},{"$f":"IF($D117<>\"Serviço\",0,IF(AND(AUTOEVENTO=\"Manual\",$M117=1),0,IF(OFFSET(CRONOPLE!$F$14,$M117,AU$13)=\"\",10^12,OFFSET(CRONOPLE!$F$14,$M117,AU$13))))","v":1000000000000},{"$f":"IF($D117<>\"Serviço\",0,IF(AND(AUTOEVENTO=\"Manual\",$M117=1),0,IF(OFFSET(CRONOPLE!$F$14,$M117,AV$13)=\"\",10^12,OFFSET(CRONOPLE!$F$14,$M117,AV$13))))","v":1000000000000},null,{"$f":"IF($D117<>\"Serviço\",0,IF(OR(AND(AUTOEVENTO=\"Manual\",$M117=1),$M117>(ROW(PLE.lastrow)-ROW(PLE.firstrow))),0,IF(OFFSET(PLE!$G$14,$M117,AX$13)=\"\",10^12,OFFSET(PLE!$G$14,$M117,AX$13))))","v":1000000000000},{"$f":"IF($D117<>\"Serviço\",0,IF(OR(AND(AUTOEVENTO=\"Manual\",$M117=1),$M117>(ROW(PLE.lastrow)-ROW(PLE.firstrow))),0,IF(OFFSET(PLE!$G$14,$M117,AY$13)=\"\",10^12,OFFSET(PLE!$G$14,$M117,AY$13))))","v":1000000000000},{"$f":"IF($D117<>\"Serviço\",0,IF(OR(AND(AUTOEVENTO=\"Manual\",$M117=1),$M117>(ROW(PLE.lastrow)-ROW(PLE.firstrow))),0,IF(OFFSET(PLE!$G$14,$M117,AZ$13)=\"\",10^12,OFFSET(PLE!$G$14,$M117,AZ$13))))","v":1000000000000},{"$f":"IF($D117<>\"Serviço\",0,IF(OR(AND(AUTOEVENTO=\"Manual\",$M117=1),$M117>(ROW(PLE.lastrow)-ROW(PLE.firstrow))),0,IF(OFFSET(PLE!$G$14,$M117,BA$13)=\"\",10^12,OFFSET(PLE!$G$14,$M117,BA$13))))","v":1000000000000},{"$f":"IF($D117<>\"Serviço\",0,IF(OR(AND(AUTOEVENTO=\"Manual\",$M117=1),$M117>(ROW(PLE.lastrow)-ROW(PLE.firstrow))),0,IF(OFFSET(PLE!$G$14,$M117,BB$13)=\"\",10^12,OFFSET(PLE!$G$14,$M117,BB$13))))","v":1000000000000},{"$f":"IF($D117<>\"Serviço\",0,IF(OR(AND(AUTOEVENTO=\"Manual\",$M117=1),$M117>(ROW(PLE.lastrow)-ROW(PLE.firstrow))),0,IF(OFFSET(PLE!$G$14,$M117,BC$13)=\"\",10^12,OFFSET(PLE!$G$14,$M117,BC$13))))","v":1000000000000},{"$f":"IF($D117<>\"Serviço\",0,IF(OR(AND(AUTOEVENTO=\"Manual\",$M117=1),$M117>(ROW(PLE.lastrow)-ROW(PLE.firstrow))),0,IF(OFFSET(PLE!$G$14,$M117,BD$13)=\"\",10^12,OFFSET(PLE!$G$14,$M117,BD$13))))","v":1000000000000},{"$f":"IF($D117<>\"Serviço\",0,IF(OR(AND(AUTOEVENTO=\"Manual\",$M117=1),$M117>(ROW(PLE.lastrow)-ROW(PLE.firstrow))),0,IF(OFFSET(PLE!$G$14,$M117,BE$13)=\"\",10^12,OFFSET(PLE!$G$14,$M117,BE$13))))","v":1000000000000},{"$f":"IF($D117<>\"Serviço\",0,IF(OR(AND(AUTOEVENTO=\"Manual\",$M117=1),$M117>(ROW(PLE.lastrow)-ROW(PLE.firstrow))),0,IF(OFFSET(PLE!$G$14,$M117,BF$13)=\"\",10^12,OFFSET(PLE!$G$14,$M117,BF$13))))","v":1000000000000},{"$f":"IF($D117<>\"Serviço\",0,IF(OR(AND(AUTOEVENTO=\"Manual\",$M117=1),$M117>(ROW(PLE.lastrow)-ROW(PLE.firstrow))),0,IF(OFFSET(PLE!$G$14,$M117,BG$13)=\"\",10^12,OFFSET(PLE!$G$14,$M117,BG$13))))","v":1000000000000}]
["99",{"$f":"OFFSET(ORÇAMENTO!C$15,ROW(B118)-ROW(B$15),0)","v":"S"},{"$f":"OFFSET(ORÇAMENTO!L$15,ROW(C118)-ROW(C$15),0)","v":"F"},{"$f":"OFFSET(ORÇAMENTO!N$15,ROW(D118)-ROW(D$15),0)","v":"Serviço"},{"$f":"OFFSET(ORÇAMENTO!O$15,ROW(E118)-ROW(E$15),0)","v":"1.9.4."},{"$f":"OFFSET(ORÇAMENTO!R$15,ROW(F118)-ROW(F$15),0)","v":"QUADRO DE DISTRIBUIÇÃO DE ENERGIA DE EMBUTIR, EM CHAPA METÁLICA, PARA 24 DISJUNTORES TERMOMAGNÉTICOS MONOPOLARES, COM BARRAMENTO TRIFÁSICO E NEUTRO, FORNECIMENTO E INSTALAÇÃO"},{"$f":"IF($D118<>\"Serviço\",\"\",OFFSET(ORÇAMENTO!S$15,ROW(G118)-ROW(G$15),0))","v":"UN"},{"$f":"IF($D118<>\"Serviço\",0,IF(ACOMPANHAMENTO=\"BM\",ROUND(OFFSET(ORÇAMENTO!AJ$15,ROW(H118)-ROW(H$15),0),15-13*ORÇAMENTO!$AF$7),SUMPRODUCT(($Q$12:$AA$12<>\"\")*ROUND($Q118:$AA118,15-13*ORÇAMENTO!$AF$7))))","v":1},null,null,null,".",{"$f":"IF($D118<>\"Serviço\",\"\",IF(AUTOEVENTO=\"manual\",$A118,IF(ISERROR(MATCH($A118,$A$15:OFFSET($A118,-1,0),0)),MAX($M$15:OFFSET(M118,-1,0))+1,INDEX($M$15:OFFSET(M118,-1,0),MATCH($A118,$A$15:OFFSET($A118,-1,0),0)))))","v":10},{"$f":"IF($D118<>\"Serviço\",\"\",IF(AUTOEVENTO=\"Manual\",IF($A118=0,\"<-- defina o número do agrupador\",OFFSET(EVENTOS!$D$14,$A118,0)),OFFSET($F$15,$A118,0)))","v":"INSTALAÇÕES ELÉTRICAS"},null,null,null,null,null,null,null,null,null,null,null,null,null,{"$f":"IF(AND($D118=\"Serviço\",AB$12<>0,$H118>0,OR(AUTOEVENTO<>\"manual\",$M118<>1)),ROUND(OFFSET($P118,0,AB$13),15-13*ORÇAMENTO!$AF$7)/$H118*OFFSET(ORÇAMENTO!$X$15,ROW(AB118)-ROW(AB$15),0),0)","v":0},{"$f":"IF(AND($D118=\"Serviço\",AC$12<>0,$H118>0,OR(AUTOEVENTO<>\"manual\",$M118<>1)),ROUND(OFFSET($P118,0,AC$13),15-13*ORÇAMENTO!$AF$7)/$H118*OFFSET(ORÇAMENTO!$X$15,ROW(AC118)-ROW(AC$15),0),0)","v":0},{"$f":"IF(AND($D118=\"Serviço\",AD$12<>0,$H118>0,OR(AUTOEVENTO<>\"manual\",$M118<>1)),ROUND(OFFSET($P118,0,AD$13),15-13*ORÇAMENTO!$AF$7)/$H118*OFFSET(ORÇAMENTO!$X$15,ROW(AD118)-ROW(AD$15),0),0)","v":0},{"$f":"IF(AND($D118=\"Serviço\",AE$12<>0,$H118>0,OR(AUTOEVENTO<>\"manual\",$M118<>1)),ROUND(OFFSET($P118,0,AE$13),15-13*ORÇAMENTO!$AF$7)/$H118*OFFSET(ORÇAMENTO!$X$15,ROW(AE118)-ROW(AE$15),0),0)","v":0},{"$f":"IF(AND($D118=\"Serviço\",AF$12<>0,$H118>0,OR(AUTOEVENTO<>\"manual\",$M118<>1)),ROUND(OFFSET($P118,0,AF$13),15-13*ORÇAMENTO!$AF$7)/$H118*OFFSET(ORÇAMENTO!$X$15,ROW(AF118)-ROW(AF$15),0),0)","v":0},{"$f":"IF(AND($D118=\"Serviço\",AG$12<>0,$H118>0,OR(AUTOEVENTO<>\"manual\",$M118<>1)),ROUND(OFFSET($P118,0,AG$13),15-13*ORÇAMENTO!$AF$7)/$H118*OFFSET(ORÇAMENTO!$X$15,ROW(AG118)-ROW(AG$15),0),0)","v":0},{"$f":"IF(AND($D118=\"Serviço\",AH$12<>0,$H118>0,OR(AUTOEVENTO<>\"manual\",$M118<>1)),ROUND(OFFSET($P118,0,AH$13),15-13*ORÇAMENTO!$AF$7)/$H118*OFFSET(ORÇAMENTO!$X$15,ROW(AH118)-ROW(AH$15),0),0)","v":0},{"$f":"IF(AND($D118=\"Serviço\",AI$12<>0,$H118>0,OR(AUTOEVENTO<>\"manual\",$M118<>1)),ROUND(OFFSET($P118,0,AI$13),15-13*ORÇAMENTO!$AF$7)/$H118*OFFSET(ORÇAMENTO!$X$15,ROW(AI118)-ROW(AI$15),0),0)","v":0},{"$f":"IF(AND($D118=\"Serviço\",AJ$12<>0,$H118>0,OR(AUTOEVENTO<>\"manual\",$M118<>1)),ROUND(OFFSET($P118,0,AJ$13),15-13*ORÇAMENTO!$AF$7)/$H118*OFFSET(ORÇAMENTO!$X$15,ROW(AJ118)-ROW(AJ$15),0),0)","v":0},{"$f":"IF(AND($D118=\"Serviço\",AK$12<>0,$H118>0,OR(AUTOEVENTO<>\"manual\",$M118<>1)),ROUND(OFFSET($P118,0,AK$13),15-13*ORÇAMENTO!$AF$7)/$H118*OFFSET(ORÇAMENTO!$X$15,ROW(AK118)-ROW(AK$15),0),0)","v":0},null,{"$f":"IF($D118<>\"Serviço\",0,IF(AND(AUTOEVENTO=\"Manual\",$M118=1),0,IF(OFFSET(CRONOPLE!$F$14,$M118,AM$13)=\"\",10^12,OFFSET(CRONOPLE!$F$14,$M118,AM$13))))","v":1000000000000},{"$f":"IF($D118<>\"Serviço\",0,IF(AND(AUTOEVENTO=\"Manual\",$M118=1),0,IF(OFFSET(CRONOPLE!$F$14,$M118,AN$13)=\"\",10^12,OFFSET(CRONOPLE!$F$14,$M118,AN$13))))","v":1000000000000},{"$f":"IF($D118<>\"Serviço\",0,IF(AND(AUTOEVENTO=\"Manual\",$M118=1),0,IF(OFFSET(CRONOPLE!$F$14,$M118,AO$13)=\"\",10^12,OFFSET(CRONOPLE!$F$14,$M118,AO$13))))","v":1000000000000},{"$f":"IF($D118<>\"Serviço\",0,IF(AND(AUTOEVENTO=\"Manual\",$M118=1),0,IF(OFFSET(CRONOPLE!$F$14,$M118,AP$13)=\"\",10^12,OFFSET(CRONOPLE!$F$14,$M118,AP$13))))","v":1000000000000},{"$f":"IF($D118<>\"Serviço\",0,IF(AND(AUTOEVENTO=\"Manual\",$M118=1),0,IF(OFFSET(CRONOPLE!$F$14,$M118,AQ$13)=\"\",10^12,OFFSET(CRONOPLE!$F$14,$M118,AQ$13))))","v":1000000000000},{"$f":"IF($D118<>\"Serviço\",0,IF(AND(AUTOEVENTO=\"Manual\",$M118=1),0,IF(OFFSET(CRONOPLE!$F$14,$M118,AR$13)=\"\",10^12,OFFSET(CRONOPLE!$F$14,$M118,AR$13))))","v":1000000000000},{"$f":"IF($D118<>\"Serviço\",0,IF(AND(AUTOEVENTO=\"Manual\",$M118=1),0,IF(OFFSET(CRONOPLE!$F$14,$M118,AS$13)=\"\",10^12,OFFSET(CRONOPLE!$F$14,$M118,AS$13))))","v":1000000000000},{"$f":"IF($D118<>\"Serviço\",0,IF(AND(AUTOEVENTO=\"Manual\",$M118=1),0,IF(OFFSET(CRONOPLE!$F$14,$M118,AT$13)=\"\",10^12,OFFSET(CRONOPLE!$F$14,$M118,AT$13))))","v":1000000000000},{"$f":"IF($D118<>\"Serviço\",0,IF(AND(AUTOEVENTO=\"Manual\",$M118=1),0,IF(OFFSET(CRONOPLE!$F$14,$M118,AU$13)=\"\",10^12,OFFSET(CRONOPLE!$F$14,$M118,AU$13))))","v":1000000000000},{"$f":"IF($D118<>\"Serviço\",0,IF(AND(AUTOEVENTO=\"Manual\",$M118=1),0,IF(OFFSET(CRONOPLE!$F$14,$M118,AV$13)=\"\",10^12,OFFSET(CRONOPLE!$F$14,$M118,AV$13))))","v":1000000000000},null,{"$f":"IF($D118<>\"Serviço\",0,IF(OR(AND(AUTOEVENTO=\"Manual\",$M118=1),$M118>(ROW(PLE.lastrow)-ROW(PLE.firstrow))),0,IF(OFFSET(PLE!$G$14,$M118,AX$13)=\"\",10^12,OFFSET(PLE!$G$14,$M118,AX$13))))","v":1000000000000},{"$f":"IF($D118<>\"Serviço\",0,IF(OR(AND(AUTOEVENTO=\"Manual\",$M118=1),$M118>(ROW(PLE.lastrow)-ROW(PLE.firstrow))),0,IF(OFFSET(PLE!$G$14,$M118,AY$13)=\"\",10^12,OFFSET(PLE!$G$14,$M118,AY$13))))","v":1000000000000},{"$f":"IF($D118<>\"Serviço\",0,IF(OR(AND(AUTOEVENTO=\"Manual\",$M118=1),$M118>(ROW(PLE.lastrow)-ROW(PLE.firstrow))),0,IF(OFFSET(PLE!$G$14,$M118,AZ$13)=\"\",10^12,OFFSET(PLE!$G$14,$M118,AZ$13))))","v":1000000000000},{"$f":"IF($D118<>\"Serviço\",0,IF(OR(AND(AUTOEVENTO=\"Manual\",$M118=1),$M118>(ROW(PLE.lastrow)-ROW(PLE.firstrow))),0,IF(OFFSET(PLE!$G$14,$M118,BA$13)=\"\",10^12,OFFSET(PLE!$G$14,$M118,BA$13))))","v":1000000000000},{"$f":"IF($D118<>\"Serviço\",0,IF(OR(AND(AUTOEVENTO=\"Manual\",$M118=1),$M118>(ROW(PLE.lastrow)-ROW(PLE.firstrow))),0,IF(OFFSET(PLE!$G$14,$M118,BB$13)=\"\",10^12,OFFSET(PLE!$G$14,$M118,BB$13))))","v":1000000000000},{"$f":"IF($D118<>\"Serviço\",0,IF(OR(AND(AUTOEVENTO=\"Manual\",$M118=1),$M118>(ROW(PLE.lastrow)-ROW(PLE.firstrow))),0,IF(OFFSET(PLE!$G$14,$M118,BC$13)=\"\",10^12,OFFSET(PLE!$G$14,$M118,BC$13))))","v":1000000000000},{"$f":"IF($D118<>\"Serviço\",0,IF(OR(AND(AUTOEVENTO=\"Manual\",$M118=1),$M118>(ROW(PLE.lastrow)-ROW(PLE.firstrow))),0,IF(OFFSET(PLE!$G$14,$M118,BD$13)=\"\",10^12,OFFSET(PLE!$G$14,$M118,BD$13))))","v":1000000000000},{"$f":"IF($D118<>\"Serviço\",0,IF(OR(AND(AUTOEVENTO=\"Manual\",$M118=1),$M118>(ROW(PLE.lastrow)-ROW(PLE.firstrow))),0,IF(OFFSET(PLE!$G$14,$M118,BE$13)=\"\",10^12,OFFSET(PLE!$G$14,$M118,BE$13))))","v":1000000000000},{"$f":"IF($D118<>\"Serviço\",0,IF(OR(AND(AUTOEVENTO=\"Manual\",$M118=1),$M118>(ROW(PLE.lastrow)-ROW(PLE.firstrow))),0,IF(OFFSET(PLE!$G$14,$M118,BF$13)=\"\",10^12,OFFSET(PLE!$G$14,$M118,BF$13))))","v":1000000000000},{"$f":"IF($D118<>\"Serviço\",0,IF(OR(AND(AUTOEVENTO=\"Manual\",$M118=1),$M118>(ROW(PLE.lastrow)-ROW(PLE.firstrow))),0,IF(OFFSET(PLE!$G$14,$M118,BG$13)=\"\",10^12,OFFSET(PLE!$G$14,$M118,BG$13))))","v":1000000000000}]
["99",{"$f":"OFFSET(ORÇAMENTO!C$15,ROW(B119)-ROW(B$15),0)","v":"S"},{"$f":"OFFSET(ORÇAMENTO!L$15,ROW(C119)-ROW(C$15),0)","v":"F"},{"$f":"OFFSET(ORÇAMENTO!N$15,ROW(D119)-ROW(D$15),0)","v":"Serviço"},{"$f":"OFFSET(ORÇAMENTO!O$15,ROW(E119)-ROW(E$15),0)","v":"1.9.5."},{"$f":"OFFSET(ORÇAMENTO!R$15,ROW(F119)-ROW(F$15),0)","v":"DISJUNTOR TERMOMAGNÉTICO TRIPOLAR PADRÃO NEMA (AMERICANO) 60 A 100A, 240 V, FORNECIMENTO E INSTALAÇÃO"},{"$f":"IF($D119<>\"Serviço\",\"\",OFFSET(ORÇAMENTO!S$15,ROW(G119)-ROW(G$15),0))","v":"UN"},{"$f":"IF($D119<>\"Serviço\",0,IF(ACOMPANHAMENTO=\"BM\",ROUND(OFFSET(ORÇAMENTO!AJ$15,ROW(H119)-ROW(H$15),0),15-13*ORÇAMENTO!$AF$7),SUMPRODUCT(($Q$12:$AA$12<>\"\")*ROUND($Q119:$AA119,15-13*ORÇAMENTO!$AF$7))))","v":1},null,null,null,".",{"$f":"IF($D119<>\"Serviço\",\"\",IF(AUTOEVENTO=\"manual\",$A119,IF(ISERROR(MATCH($A119,$A$15:OFFSET($A119,-1,0),0)),MAX($M$15:OFFSET(M119,-1,0))+1,INDEX($M$15:OFFSET(M119,-1,0),MATCH($A119,$A$15:OFFSET($A119,-1,0),0)))))","v":10},{"$f":"IF($D119<>\"Serviço\",\"\",IF(AUTOEVENTO=\"Manual\",IF($A119=0,\"<-- defina o número do agrupador\",OFFSET(EVENTOS!$D$14,$A119,0)),OFFSET($F$15,$A119,0)))","v":"INSTALAÇÕES ELÉTRICAS"},null,null,null,null,null,null,null,null,null,null,null,null,null,{"$f":"IF(AND($D119=\"Serviço\",AB$12<>0,$H119>0,OR(AUTOEVENTO<>\"manual\",$M119<>1)),ROUND(OFFSET($P119,0,AB$13),15-13*ORÇAMENTO!$AF$7)/$H119*OFFSET(ORÇAMENTO!$X$15,ROW(AB119)-ROW(AB$15),0),0)","v":0},{"$f":"IF(AND($D119=\"Serviço\",AC$12<>0,$H119>0,OR(AUTOEVENTO<>\"manual\",$M119<>1)),ROUND(OFFSET($P119,0,AC$13),15-13*ORÇAMENTO!$AF$7)/$H119*OFFSET(ORÇAMENTO!$X$15,ROW(AC119)-ROW(AC$15),0),0)","v":0},{"$f":"IF(AND($D119=\"Serviço\",AD$12<>0,$H119>0,OR(AUTOEVENTO<>\"manual\",$M119<>1)),ROUND(OFFSET($P119,0,AD$13),15-13*ORÇAMENTO!$AF$7)/$H119*OFFSET(ORÇAMENTO!$X$15,ROW(AD119)-ROW(AD$15),0),0)","v":0},{"$f":"IF(AND($D119=\"Serviço\",AE$12<>0,$H119>0,OR(AUTOEVENTO<>\"manual\",$M119<>1)),ROUND(OFFSET($P119,0,AE$13),15-13*ORÇAMENTO!$AF$7)/$H119*OFFSET(ORÇAMENTO!$X$15,ROW(AE119)-ROW(AE$15),0),0)","v":0},{"$f":"IF(AND($D119=\"Serviço\",AF$12<>0,$H119>0,OR(AUTOEVENTO<>\"manual\",$M119<>1)),ROUND(OFFSET($P119,0,AF$13),15-13*ORÇAMENTO!$AF$7)/$H119*OFFSET(ORÇAMENTO!$X$15,ROW(AF119)-ROW(AF$15),0),0)","v":0},{"$f":"IF(AND($D119=\"Serviço\",AG$12<>0,$H119>0,OR(AUTOEVENTO<>\"manual\",$M119<>1)),ROUND(OFFSET($P119,0,AG$13),15-13*ORÇAMENTO!$AF$7)/$H119*OFFSET(ORÇAMENTO!$X$15,ROW(AG119)-ROW(AG$15),0),0)","v":0},{"$f":"IF(AND($D119=\"Serviço\",AH$12<>0,$H119>0,OR(AUTOEVENTO<>\"manual\",$M119<>1)),ROUND(OFFSET($P119,0,AH$13),15-13*ORÇAMENTO!$AF$7)/$H119*OFFSET(ORÇAMENTO!$X$15,ROW(AH119)-ROW(AH$15),0),0)","v":0},{"$f":"IF(AND($D119=\"Serviço\",AI$12<>0,$H119>0,OR(AUTOEVENTO<>\"manual\",$M119<>1)),ROUND(OFFSET($P119,0,AI$13),15-13*ORÇAMENTO!$AF$7)/$H119*OFFSET(ORÇAMENTO!$X$15,ROW(AI119)-ROW(AI$15),0),0)","v":0},{"$f":"IF(AND($D119=\"Serviço\",AJ$12<>0,$H119>0,OR(AUTOEVENTO<>\"manual\",$M119<>1)),ROUND(OFFSET($P119,0,AJ$13),15-13*ORÇAMENTO!$AF$7)/$H119*OFFSET(ORÇAMENTO!$X$15,ROW(AJ119)-ROW(AJ$15),0),0)","v":0},{"$f":"IF(AND($D119=\"Serviço\",AK$12<>0,$H119>0,OR(AUTOEVENTO<>\"manual\",$M119<>1)),ROUND(OFFSET($P119,0,AK$13),15-13*ORÇAMENTO!$AF$7)/$H119*OFFSET(ORÇAMENTO!$X$15,ROW(AK119)-ROW(AK$15),0),0)","v":0},null,{"$f":"IF($D119<>\"Serviço\",0,IF(AND(AUTOEVENTO=\"Manual\",$M119=1),0,IF(OFFSET(CRONOPLE!$F$14,$M119,AM$13)=\"\",10^12,OFFSET(CRONOPLE!$F$14,$M119,AM$13))))","v":1000000000000},{"$f":"IF($D119<>\"Serviço\",0,IF(AND(AUTOEVENTO=\"Manual\",$M119=1),0,IF(OFFSET(CRONOPLE!$F$14,$M119,AN$13)=\"\",10^12,OFFSET(CRONOPLE!$F$14,$M119,AN$13))))","v":1000000000000},{"$f":"IF($D119<>\"Serviço\",0,IF(AND(AUTOEVENTO=\"Manual\",$M119=1),0,IF(OFFSET(CRONOPLE!$F$14,$M119,AO$13)=\"\",10^12,OFFSET(CRONOPLE!$F$14,$M119,AO$13))))","v":1000000000000},{"$f":"IF($D119<>\"Serviço\",0,IF(AND(AUTOEVENTO=\"Manual\",$M119=1),0,IF(OFFSET(CRONOPLE!$F$14,$M119,AP$13)=\"\",10^12,OFFSET(CRONOPLE!$F$14,$M119,AP$13))))","v":1000000000000},{"$f":"IF($D119<>\"Serviço\",0,IF(AND(AUTOEVENTO=\"Manual\",$M119=1),0,IF(OFFSET(CRONOPLE!$F$14,$M119,AQ$13)=\"\",10^12,OFFSET(CRONOPLE!$F$14,$M119,AQ$13))))","v":1000000000000},{"$f":"IF($D119<>\"Serviço\",0,IF(AND(AUTOEVENTO=\"Manual\",$M119=1),0,IF(OFFSET(CRONOPLE!$F$14,$M119,AR$13)=\"\",10^12,OFFSET(CRONOPLE!$F$14,$M119,AR$13))))","v":1000000000000},{"$f":"IF($D119<>\"Serviço\",0,IF(AND(AUTOEVENTO=\"Manual\",$M119=1),0,IF(OFFSET(CRONOPLE!$F$14,$M119,AS$13)=\"\",10^12,OFFSET(CRONOPLE!$F$14,$M119,AS$13))))","v":1000000000000},{"$f":"IF($D119<>\"Serviço\",0,IF(AND(AUTOEVENTO=\"Manual\",$M119=1),0,IF(OFFSET(CRONOPLE!$F$14,$M119,AT$13)=\"\",10^12,OFFSET(CRONOPLE!$F$14,$M119,AT$13))))","v":1000000000000},{"$f":"IF($D119<>\"Serviço\",0,IF(AND(AUTOEVENTO=\"Manual\",$M119=1),0,IF(OFFSET(CRONOPLE!$F$14,$M119,AU$13)=\"\",10^12,OFFSET(CRONOPLE!$F$14,$M119,AU$13))))","v":1000000000000},{"$f":"IF($D119<>\"Serviço\",0,IF(AND(AUTOEVENTO=\"Manual\",$M119=1),0,IF(OFFSET(CRONOPLE!$F$14,$M119,AV$13)=\"\",10^12,OFFSET(CRONOPLE!$F$14,$M119,AV$13))))","v":1000000000000},null,{"$f":"IF($D119<>\"Serviço\",0,IF(OR(AND(AUTOEVENTO=\"Manual\",$M119=1),$M119>(ROW(PLE.lastrow)-ROW(PLE.firstrow))),0,IF(OFFSET(PLE!$G$14,$M119,AX$13)=\"\",10^12,OFFSET(PLE!$G$14,$M119,AX$13))))","v":1000000000000},{"$f":"IF($D119<>\"Serviço\",0,IF(OR(AND(AUTOEVENTO=\"Manual\",$M119=1),$M119>(ROW(PLE.lastrow)-ROW(PLE.firstrow))),0,IF(OFFSET(PLE!$G$14,$M119,AY$13)=\"\",10^12,OFFSET(PLE!$G$14,$M119,AY$13))))","v":1000000000000},{"$f":"IF($D119<>\"Serviço\",0,IF(OR(AND(AUTOEVENTO=\"Manual\",$M119=1),$M119>(ROW(PLE.lastrow)-ROW(PLE.firstrow))),0,IF(OFFSET(PLE!$G$14,$M119,AZ$13)=\"\",10^12,OFFSET(PLE!$G$14,$M119,AZ$13))))","v":1000000000000},{"$f":"IF($D119<>\"Serviço\",0,IF(OR(AND(AUTOEVENTO=\"Manual\",$M119=1),$M119>(ROW(PLE.lastrow)-ROW(PLE.firstrow))),0,IF(OFFSET(PLE!$G$14,$M119,BA$13)=\"\",10^12,OFFSET(PLE!$G$14,$M119,BA$13))))","v":1000000000000},{"$f":"IF($D119<>\"Serviço\",0,IF(OR(AND(AUTOEVENTO=\"Manual\",$M119=1),$M119>(ROW(PLE.lastrow)-ROW(PLE.firstrow))),0,IF(OFFSET(PLE!$G$14,$M119,BB$13)=\"\",10^12,OFFSET(PLE!$G$14,$M119,BB$13))))","v":1000000000000},{"$f":"IF($D119<>\"Serviço\",0,IF(OR(AND(AUTOEVENTO=\"Manual\",$M119=1),$M119>(ROW(PLE.lastrow)-ROW(PLE.firstrow))),0,IF(OFFSET(PLE!$G$14,$M119,BC$13)=\"\",10^12,OFFSET(PLE!$G$14,$M119,BC$13))))","v":1000000000000},{"$f":"IF($D119<>\"Serviço\",0,IF(OR(AND(AUTOEVENTO=\"Manual\",$M119=1),$M119>(ROW(PLE.lastrow)-ROW(PLE.firstrow))),0,IF(OFFSET(PLE!$G$14,$M119,BD$13)=\"\",10^12,OFFSET(PLE!$G$14,$M119,BD$13))))","v":1000000000000},{"$f":"IF($D119<>\"Serviço\",0,IF(OR(AND(AUTOEVENTO=\"Manual\",$M119=1),$M119>(ROW(PLE.lastrow)-ROW(PLE.firstrow))),0,IF(OFFSET(PLE!$G$14,$M119,BE$13)=\"\",10^12,OFFSET(PLE!$G$14,$M119,BE$13))))","v":1000000000000},{"$f":"IF($D119<>\"Serviço\",0,IF(OR(AND(AUTOEVENTO=\"Manual\",$M119=1),$M119>(ROW(PLE.lastrow)-ROW(PLE.firstrow))),0,IF(OFFSET(PLE!$G$14,$M119,BF$13)=\"\",10^12,OFFSET(PLE!$G$14,$M119,BF$13))))","v":1000000000000},{"$f":"IF($D119<>\"Serviço\",0,IF(OR(AND(AUTOEVENTO=\"Manual\",$M119=1),$M119>(ROW(PLE.lastrow)-ROW(PLE.firstrow))),0,IF(OFFSET(PLE!$G$14,$M119,BG$13)=\"\",10^12,OFFSET(PLE!$G$14,$M119,BG$13))))","v":1000000000000}]
[{"$f":"IF(AUTOEVENTO=\"Manual\",IF(K120<>\"\",MIN(VALUE(LEFT(K120,FIND(\".\",K120)-1)),COUNTA(EVENTOS.Lista)),0),IF(OR($B120>AUTOEVENTO,$B120=\"S\",$B120=0),SUBSTITUTE(OFFSET($A120,-1,0),IF($D120=\"Serviço\",\".\",\"\"),\"\"),ROW(A120)-ROW($A$15)&\".\"))","v":"99"},{"$f":"OFFSET(ORÇAMENTO!C$15,ROW(B120)-ROW(B$15),0)","v":"S"},{"$f":"OFFSET(ORÇAMENTO!L$15,ROW(C120)-ROW(C$15),0)","v":"F"},{"$f":"OFFSET(ORÇAMENTO!N$15,ROW(D120)-ROW(D$15),0)","v":"Serviço"},{"$f":"OFFSET(ORÇAMENTO!O$15,ROW(E120)-ROW(E$15),0)","v":"1.9.6."},{"$f":"OFFSET(ORÇAMENTO!R$15,ROW(F120)-ROW(F$15),0)","v":"DISJUNTOR TRIPOLAR TIPO DIN, CORRENTE NOMINAL DE 16A - FORNECIMENTO E INSTALAÇÃO. AF_04/2016"},{"$f":"IF($D120<>\"Serviço\",\"\",OFFSET(ORÇAMENTO!S$15,ROW(G120)-ROW(G$15),0))","v":"UN"},{"$f":"IF($D120<>\"Serviço\",0,IF(ACOMPANHAMENTO=\"BM\",ROUND(OFFSET(ORÇAMENTO!AJ$15,ROW(H120)-ROW(H$15),0),15-13*ORÇAMENTO!$AF$7),SUMPRODUCT(($Q$12:$AA$12<>\"\")*ROUND($Q120:$AA120,15-13*ORÇAMENTO!$AF$7))))","v":2},null,null,null,".",{"$f":"IF($D120<>\"Serviço\",\"\",IF(AUTOEVENTO=\"manual\",$A120,IF(ISERROR(MATCH($A120,$A$15:OFFSET($A120,-1,0),0)),MAX($M$15:OFFSET(M120,-1,0))+1,INDEX($M$15:OFFSET(M120,-1,0),MATCH($A120,$A$15:OFFSET($A120,-1,0),0)))))","v":10},{"$f":"IF($D120<>\"Serviço\",\"\",IF(AUTOEVENTO=\"Manual\",IF($A120=0,\"<-- defina o número do agrupador\",OFFSET(EVENTOS!$D$14,$A120,0)),OFFSET($F$15,$A120,0)))","v":"INSTALAÇÕES ELÉTRICAS"},null,null,null,null,null,null,null,null,null,null,null,null,null,{"$f":"IF(AND($D120=\"Serviço\",AB$12<>0,$H120>0,OR(AUTOEVENTO<>\"manual\",$M120<>1)),ROUND(OFFSET($P120,0,AB$13),15-13*ORÇAMENTO!$AF$7)/$H120*OFFSET(ORÇAMENTO!$X$15,ROW(AB120)-ROW(AB$15),0),0)","v":0},{"$f":"IF(AND($D120=\"Serviço\",AC$12<>0,$H120>0,OR(AUTOEVENTO<>\"manual\",$M120<>1)),ROUND(OFFSET($P120,0,AC$13),15-13*ORÇAMENTO!$AF$7)/$H120*OFFSET(ORÇAMENTO!$X$15,ROW(AC120)-ROW(AC$15),0),0)","v":0},{"$f":"IF(AND($D120=\"Serviço\",AD$12<>0,$H120>0,OR(AUTOEVENTO<>\"manual\",$M120<>1)),ROUND(OFFSET($P120,0,AD$13),15-13*ORÇAMENTO!$AF$7)/$H120*OFFSET(ORÇAMENTO!$X$15,ROW(AD120)-ROW(AD$15),0),0)","v":0},{"$f":"IF(AND($D120=\"Serviço\",AE$12<>0,$H120>0,OR(AUTOEVENTO<>\"manual\",$M120<>1)),ROUND(OFFSET($P120,0,AE$13),15-13*ORÇAMENTO!$AF$7)/$H120*OFFSET(ORÇAMENTO!$X$15,ROW(AE120)-ROW(AE$15),0),0)","v":0},{"$f":"IF(AND($D120=\"Serviço\",AF$12<>0,$H120>0,OR(AUTOEVENTO<>\"manual\",$M120<>1)),ROUND(OFFSET($P120,0,AF$13),15-13*ORÇAMENTO!$AF$7)/$H120*OFFSET(ORÇAMENTO!$X$15,ROW(AF120)-ROW(AF$15),0),0)","v":0},{"$f":"IF(AND($D120=\"Serviço\",AG$12<>0,$H120>0,OR(AUTOEVENTO<>\"manual\",$M120<>1)),ROUND(OFFSET($P120,0,AG$13),15-13*ORÇAMENTO!$AF$7)/$H120*OFFSET(ORÇAMENTO!$X$15,ROW(AG120)-ROW(AG$15),0),0)","v":0},{"$f":"IF(AND($D120=\"Serviço\",AH$12<>0,$H120>0,OR(AUTOEVENTO<>\"manual\",$M120<>1)),ROUND(OFFSET($P120,0,AH$13),15-13*ORÇAMENTO!$AF$7)/$H120*OFFSET(ORÇAMENTO!$X$15,ROW(AH120)-ROW(AH$15),0),0)","v":0},{"$f":"IF(AND($D120=\"Serviço\",AI$12<>0,$H120>0,OR(AUTOEVENTO<>\"manual\",$M120<>1)),ROUND(OFFSET($P120,0,AI$13),15-13*ORÇAMENTO!$AF$7)/$H120*OFFSET(ORÇAMENTO!$X$15,ROW(AI120)-ROW(AI$15),0),0)","v":0},{"$f":"IF(AND($D120=\"Serviço\",AJ$12<>0,$H120>0,OR(AUTOEVENTO<>\"manual\",$M120<>1)),ROUND(OFFSET($P120,0,AJ$13),15-13*ORÇAMENTO!$AF$7)/$H120*OFFSET(ORÇAMENTO!$X$15,ROW(AJ120)-ROW(AJ$15),0),0)","v":0},{"$f":"IF(AND($D120=\"Serviço\",AK$12<>0,$H120>0,OR(AUTOEVENTO<>\"manual\",$M120<>1)),ROUND(OFFSET($P120,0,AK$13),15-13*ORÇAMENTO!$AF$7)/$H120*OFFSET(ORÇAMENTO!$X$15,ROW(AK120)-ROW(AK$15),0),0)","v":0},null,{"$f":"IF($D120<>\"Serviço\",0,IF(AND(AUTOEVENTO=\"Manual\",$M120=1),0,IF(OFFSET(CRONOPLE!$F$14,$M120,AM$13)=\"\",10^12,OFFSET(CRONOPLE!$F$14,$M120,AM$13))))","v":1000000000000},{"$f":"IF($D120<>\"Serviço\",0,IF(AND(AUTOEVENTO=\"Manual\",$M120=1),0,IF(OFFSET(CRONOPLE!$F$14,$M120,AN$13)=\"\",10^12,OFFSET(CRONOPLE!$F$14,$M120,AN$13))))","v":1000000000000},{"$f":"IF($D120<>\"Serviço\",0,IF(AND(AUTOEVENTO=\"Manual\",$M120=1),0,IF(OFFSET(CRONOPLE!$F$14,$M120,AO$13)=\"\",10^12,OFFSET(CRONOPLE!$F$14,$M120,AO$13))))","v":1000000000000},{"$f":"IF($D120<>\"Serviço\",0,IF(AND(AUTOEVENTO=\"Manual\",$M120=1),0,IF(OFFSET(CRONOPLE!$F$14,$M120,AP$13)=\"\",10^12,OFFSET(CRONOPLE!$F$14,$M120,AP$13))))","v":1000000000000},{"$f":"IF($D120<>\"Serviço\",0,IF(AND(AUTOEVENTO=\"Manual\",$M120=1),0,IF(OFFSET(CRONOPLE!$F$14,$M120,AQ$13)=\"\",10^12,OFFSET(CRONOPLE!$F$14,$M120,AQ$13))))","v":1000000000000},{"$f":"IF($D120<>\"Serviço\",0,IF(AND(AUTOEVENTO=\"Manual\",$M120=1),0,IF(OFFSET(CRONOPLE!$F$14,$M120,AR$13)=\"\",10^12,OFFSET(CRONOPLE!$F$14,$M120,AR$13))))","v":1000000000000},{"$f":"IF($D120<>\"Serviço\",0,IF(AND(AUTOEVENTO=\"Manual\",$M120=1),0,IF(OFFSET(CRONOPLE!$F$14,$M120,AS$13)=\"\",10^12,OFFSET(CRONOPLE!$F$14,$M120,AS$13))))","v":1000000000000},{"$f":"IF($D120<>\"Serviço\",0,IF(AND(AUTOEVENTO=\"Manual\",$M120=1),0,IF(OFFSET(CRONOPLE!$F$14,$M120,AT$13)=\"\",10^12,OFFSET(CRONOPLE!$F$14,$M120,AT$13))))","v":1000000000000},{"$f":"IF($D120<>\"Serviço\",0,IF(AND(AUTOEVENTO=\"Manual\",$M120=1),0,IF(OFFSET(CRONOPLE!$F$14,$M120,AU$13)=\"\",10^12,OFFSET(CRONOPLE!$F$14,$M120,AU$13))))","v":1000000000000},{"$f":"IF($D120<>\"Serviço\",0,IF(AND(AUTOEVENTO=\"Manual\",$M120=1),0,IF(OFFSET(CRONOPLE!$F$14,$M120,AV$13)=\"\",10^12,OFFSET(CRONOPLE!$F$14,$M120,AV$13))))","v":1000000000000},null,{"$f":"IF($D120<>\"Serviço\",0,IF(OR(AND(AUTOEVENTO=\"Manual\",$M120=1),$M120>(ROW(PLE.lastrow)-ROW(PLE.firstrow))),0,IF(OFFSET(PLE!$G$14,$M120,AX$13)=\"\",10^12,OFFSET(PLE!$G$14,$M120,AX$13))))","v":1000000000000},{"$f":"IF($D120<>\"Serviço\",0,IF(OR(AND(AUTOEVENTO=\"Manual\",$M120=1),$M120>(ROW(PLE.lastrow)-ROW(PLE.firstrow))),0,IF(OFFSET(PLE!$G$14,$M120,AY$13)=\"\",10^12,OFFSET(PLE!$G$14,$M120,AY$13))))","v":1000000000000},{"$f":"IF($D120<>\"Serviço\",0,IF(OR(AND(AUTOEVENTO=\"Manual\",$M120=1),$M120>(ROW(PLE.lastrow)-ROW(PLE.firstrow))),0,IF(OFFSET(PLE!$G$14,$M120,AZ$13)=\"\",10^12,OFFSET(PLE!$G$14,$M120,AZ$13))))","v":1000000000000},{"$f":"IF($D120<>\"Serviço\",0,IF(OR(AND(AUTOEVENTO=\"Manual\",$M120=1),$M120>(ROW(PLE.lastrow)-ROW(PLE.firstrow))),0,IF(OFFSET(PLE!$G$14,$M120,BA$13)=\"\",10^12,OFFSET(PLE!$G$14,$M120,BA$13))))","v":1000000000000},{"$f":"IF($D120<>\"Serviço\",0,IF(OR(AND(AUTOEVENTO=\"Manual\",$M120=1),$M120>(ROW(PLE.lastrow)-ROW(PLE.firstrow))),0,IF(OFFSET(PLE!$G$14,$M120,BB$13)=\"\",10^12,OFFSET(PLE!$G$14,$M120,BB$13))))","v":1000000000000},{"$f":"IF($D120<>\"Serviço\",0,IF(OR(AND(AUTOEVENTO=\"Manual\",$M120=1),$M120>(ROW(PLE.lastrow)-ROW(PLE.firstrow))),0,IF(OFFSET(PLE!$G$14,$M120,BC$13)=\"\",10^12,OFFSET(PLE!$G$14,$M120,BC$13))))","v":1000000000000},{"$f":"IF($D120<>\"Serviço\",0,IF(OR(AND(AUTOEVENTO=\"Manual\",$M120=1),$M120>(ROW(PLE.lastrow)-ROW(PLE.firstrow))),0,IF(OFFSET(PLE!$G$14,$M120,BD$13)=\"\",10^12,OFFSET(PLE!$G$14,$M120,BD$13))))","v":1000000000000},{"$f":"IF($D120<>\"Serviço\",0,IF(OR(AND(AUTOEVENTO=\"Manual\",$M120=1),$M120>(ROW(PLE.lastrow)-ROW(PLE.firstrow))),0,IF(OFFSET(PLE!$G$14,$M120,BE$13)=\"\",10^12,OFFSET(PLE!$G$14,$M120,BE$13))))","v":1000000000000},{"$f":"IF($D120<>\"Serviço\",0,IF(OR(AND(AUTOEVENTO=\"Manual\",$M120=1),$M120>(ROW(PLE.lastrow)-ROW(PLE.firstrow))),0,IF(OFFSET(PLE!$G$14,$M120,BF$13)=\"\",10^12,OFFSET(PLE!$G$14,$M120,BF$13))))","v":1000000000000},{"$f":"IF($D120<>\"Serviço\",0,IF(OR(AND(AUTOEVENTO=\"Manual\",$M120=1),$M120>(ROW(PLE.lastrow)-ROW(PLE.firstrow))),0,IF(OFFSET(PLE!$G$14,$M120,BG$13)=\"\",10^12,OFFSET(PLE!$G$14,$M120,BG$13))))","v":1000000000000}]
[{"$f":"IF(AUTOEVENTO=\"Manual\",IF(K121<>\"\",MIN(VALUE(LEFT(K121,FIND(\".\",K121)-1)),COUNTA(EVENTOS.Lista)),0),IF(OR($B121>AUTOEVENTO,$B121=\"S\",$B121=0),SUBSTITUTE(OFFSET($A121,-1,0),IF($D121=\"Serviço\",\".\",\"\"),\"\"),ROW(A121)-ROW($A$15)&\".\"))","v":"99"},{"$f":"OFFSET(ORÇAMENTO!C$15,ROW(B121)-ROW(B$15),0)","v":"S"},{"$f":"OFFSET(ORÇAMENTO!L$15,ROW(C121)-ROW(C$15),0)","v":"F"},{"$f":"OFFSET(ORÇAMENTO!N$15,ROW(D121)-ROW(D$15),0)","v":"Serviço"},{"$f":"OFFSET(ORÇAMENTO!O$15,ROW(E121)-ROW(E$15),0)","v":"1.9.7."},{"$f":"OFFSET(ORÇAMENTO!R$15,ROW(F121)-ROW(F$15),0)","v":"DISJUNTOR TRIPOLAR TIPO DIN, CORRENTE NOMINAL DE 40A - FORNECIMENTO E INSTALAÇÃO"},{"$f":"IF($D121<>\"Serviço\",\"\",OFFSET(ORÇAMENTO!S$15,ROW(G121)-ROW(G$15),0))","v":"UN"},{"$f":"IF($D121<>\"Serviço\",0,IF(ACOMPANHAMENTO=\"BM\",ROUND(OFFSET(ORÇAMENTO!AJ$15,ROW(H121)-ROW(H$15),0),15-13*ORÇAMENTO!$AF$7),SUMPRODUCT(($Q$12:$AA$12<>\"\")*ROUND($Q121:$AA121,15-13*ORÇAMENTO!$AF$7))))","v":1},null,null,null,".",{"$f":"IF($D121<>\"Serviço\",\"\",IF(AUTOEVENTO=\"manual\",$A121,IF(ISERROR(MATCH($A121,$A$15:OFFSET($A121,-1,0),0)),MAX($M$15:OFFSET(M121,-1,0))+1,INDEX($M$15:OFFSET(M121,-1,0),MATCH($A121,$A$15:OFFSET($A121,-1,0),0)))))","v":10},{"$f":"IF($D121<>\"Serviço\",\"\",IF(AUTOEVENTO=\"Manual\",IF($A121=0,\"<-- defina o número do agrupador\",OFFSET(EVENTOS!$D$14,$A121,0)),OFFSET($F$15,$A121,0)))","v":"INSTALAÇÕES ELÉTRICAS"},null,null,null,null,null,null,null,null,null,null,null,null,null,{"$f":"IF(AND($D121=\"Serviço\",AB$12<>0,$H121>0,OR(AUTOEVENTO<>\"manual\",$M121<>1)),ROUND(OFFSET($P121,0,AB$13),15-13*ORÇAMENTO!$AF$7)/$H121*OFFSET(ORÇAMENTO!$X$15,ROW(AB121)-ROW(AB$15),0),0)","v":0},{"$f":"IF(AND($D121=\"Serviço\",AC$12<>0,$H121>0,OR(AUTOEVENTO<>\"manual\",$M121<>1)),ROUND(OFFSET($P121,0,AC$13),15-13*ORÇAMENTO!$AF$7)/$H121*OFFSET(ORÇAMENTO!$X$15,ROW(AC121)-ROW(AC$15),0),0)","v":0},{"$f":"IF(AND($D121=\"Serviço\",AD$12<>0,$H121>0,OR(AUTOEVENTO<>\"manual\",$M121<>1)),ROUND(OFFSET($P121,0,AD$13),15-13*ORÇAMENTO!$AF$7)/$H121*OFFSET(ORÇAMENTO!$X$15,ROW(AD121)-ROW(AD$15),0),0)","v":0},{"$f":"IF(AND($D121=\"Serviço\",AE$12<>0,$H121>0,OR(AUTOEVENTO<>\"manual\",$M121<>1)),ROUND(OFFSET($P121,0,AE$13),15-13*ORÇAMENTO!$AF$7)/$H121*OFFSET(ORÇAMENTO!$X$15,ROW(AE121)-ROW(AE$15),0),0)","v":0},{"$f":"IF(AND($D121=\"Serviço\",AF$12<>0,$H121>0,OR(AUTOEVENTO<>\"manual\",$M121<>1)),ROUND(OFFSET($P121,0,AF$13),15-13*ORÇAMENTO!$AF$7)/$H121*OFFSET(ORÇAMENTO!$X$15,ROW(AF121)-ROW(AF$15),0),0)","v":0},{"$f":"IF(AND($D121=\"Serviço\",AG$12<>0,$H121>0,OR(AUTOEVENTO<>\"manual\",$M121<>1)),ROUND(OFFSET($P121,0,AG$13),15-13*ORÇAMENTO!$AF$7)/$H121*OFFSET(ORÇAMENTO!$X$15,ROW(AG121)-ROW(AG$15),0),0)","v":0},{"$f":"IF(AND($D121=\"Serviço\",AH$12<>0,$H121>0,OR(AUTOEVENTO<>\"manual\",$M121<>1)),ROUND(OFFSET($P121,0,AH$13),15-13*ORÇAMENTO!$AF$7)/$H121*OFFSET(ORÇAMENTO!$X$15,ROW(AH121)-ROW(AH$15),0),0)","v":0},{"$f":"IF(AND($D121=\"Serviço\",AI$12<>0,$H121>0,OR(AUTOEVENTO<>\"manual\",$M121<>1)),ROUND(OFFSET($P121,0,AI$13),15-13*ORÇAMENTO!$AF$7)/$H121*OFFSET(ORÇAMENTO!$X$15,ROW(AI121)-ROW(AI$15),0),0)","v":0},{"$f":"IF(AND($D121=\"Serviço\",AJ$12<>0,$H121>0,OR(AUTOEVENTO<>\"manual\",$M121<>1)),ROUND(OFFSET($P121,0,AJ$13),15-13*ORÇAMENTO!$AF$7)/$H121*OFFSET(ORÇAMENTO!$X$15,ROW(AJ121)-ROW(AJ$15),0),0)","v":0},{"$f":"IF(AND($D121=\"Serviço\",AK$12<>0,$H121>0,OR(AUTOEVENTO<>\"manual\",$M121<>1)),ROUND(OFFSET($P121,0,AK$13),15-13*ORÇAMENTO!$AF$7)/$H121*OFFSET(ORÇAMENTO!$X$15,ROW(AK121)-ROW(AK$15),0),0)","v":0},null,{"$f":"IF($D121<>\"Serviço\",0,IF(AND(AUTOEVENTO=\"Manual\",$M121=1),0,IF(OFFSET(CRONOPLE!$F$14,$M121,AM$13)=\"\",10^12,OFFSET(CRONOPLE!$F$14,$M121,AM$13))))","v":1000000000000},{"$f":"IF($D121<>\"Serviço\",0,IF(AND(AUTOEVENTO=\"Manual\",$M121=1),0,IF(OFFSET(CRONOPLE!$F$14,$M121,AN$13)=\"\",10^12,OFFSET(CRONOPLE!$F$14,$M121,AN$13))))","v":1000000000000},{"$f":"IF($D121<>\"Serviço\",0,IF(AND(AUTOEVENTO=\"Manual\",$M121=1),0,IF(OFFSET(CRONOPLE!$F$14,$M121,AO$13)=\"\",10^12,OFFSET(CRONOPLE!$F$14,$M121,AO$13))))","v":1000000000000},{"$f":"IF($D121<>\"Serviço\",0,IF(AND(AUTOEVENTO=\"Manual\",$M121=1),0,IF(OFFSET(CRONOPLE!$F$14,$M121,AP$13)=\"\",10^12,OFFSET(CRONOPLE!$F$14,$M121,AP$13))))","v":1000000000000},{"$f":"IF($D121<>\"Serviço\",0,IF(AND(AUTOEVENTO=\"Manual\",$M121=1),0,IF(OFFSET(CRONOPLE!$F$14,$M121,AQ$13)=\"\",10^12,OFFSET(CRONOPLE!$F$14,$M121,AQ$13))))","v":1000000000000},{"$f":"IF($D121<>\"Serviço\",0,IF(AND(AUTOEVENTO=\"Manual\",$M121=1),0,IF(OFFSET(CRONOPLE!$F$14,$M121,AR$13)=\"\",10^12,OFFSET(CRONOPLE!$F$14,$M121,AR$13))))","v":1000000000000},{"$f":"IF($D121<>\"Serviço\",0,IF(AND(AUTOEVENTO=\"Manual\",$M121=1),0,IF(OFFSET(CRONOPLE!$F$14,$M121,AS$13)=\"\",10^12,OFFSET(CRONOPLE!$F$14,$M121,AS$13))))","v":1000000000000},{"$f":"IF($D121<>\"Serviço\",0,IF(AND(AUTOEVENTO=\"Manual\",$M121=1),0,IF(OFFSET(CRONOPLE!$F$14,$M121,AT$13)=\"\",10^12,OFFSET(CRONOPLE!$F$14,$M121,AT$13))))","v":1000000000000},{"$f":"IF($D121<>\"Serviço\",0,IF(AND(AUTOEVENTO=\"Manual\",$M121=1),0,IF(OFFSET(CRONOPLE!$F$14,$M121,AU$13)=\"\",10^12,OFFSET(CRONOPLE!$F$14,$M121,AU$13))))","v":1000000000000},{"$f":"IF($D121<>\"Serviço\",0,IF(AND(AUTOEVENTO=\"Manual\",$M121=1),0,IF(OFFSET(CRONOPLE!$F$14,$M121,AV$13)=\"\",10^12,OFFSET(CRONOPLE!$F$14,$M121,AV$13))))","v":1000000000000},null,{"$f":"IF($D121<>\"Serviço\",0,IF(OR(AND(AUTOEVENTO=\"Manual\",$M121=1),$M121>(ROW(PLE.lastrow)-ROW(PLE.firstrow))),0,IF(OFFSET(PLE!$G$14,$M121,AX$13)=\"\",10^12,OFFSET(PLE!$G$14,$M121,AX$13))))","v":1000000000000},{"$f":"IF($D121<>\"Serviço\",0,IF(OR(AND(AUTOEVENTO=\"Manual\",$M121=1),$M121>(ROW(PLE.lastrow)-ROW(PLE.firstrow))),0,IF(OFFSET(PLE!$G$14,$M121,AY$13)=\"\",10^12,OFFSET(PLE!$G$14,$M121,AY$13))))","v":1000000000000},{"$f":"IF($D121<>\"Serviço\",0,IF(OR(AND(AUTOEVENTO=\"Manual\",$M121=1),$M121>(ROW(PLE.lastrow)-ROW(PLE.firstrow))),0,IF(OFFSET(PLE!$G$14,$M121,AZ$13)=\"\",10^12,OFFSET(PLE!$G$14,$M121,AZ$13))))","v":1000000000000},{"$f":"IF($D121<>\"Serviço\",0,IF(OR(AND(AUTOEVENTO=\"Manual\",$M121=1),$M121>(ROW(PLE.lastrow)-ROW(PLE.firstrow))),0,IF(OFFSET(PLE!$G$14,$M121,BA$13)=\"\",10^12,OFFSET(PLE!$G$14,$M121,BA$13))))","v":1000000000000},{"$f":"IF($D121<>\"Serviço\",0,IF(OR(AND(AUTOEVENTO=\"Manual\",$M121=1),$M121>(ROW(PLE.lastrow)-ROW(PLE.firstrow))),0,IF(OFFSET(PLE!$G$14,$M121,BB$13)=\"\",10^12,OFFSET(PLE!$G$14,$M121,BB$13))))","v":1000000000000},{"$f":"IF($D121<>\"Serviço\",0,IF(OR(AND(AUTOEVENTO=\"Manual\",$M121=1),$M121>(ROW(PLE.lastrow)-ROW(PLE.firstrow))),0,IF(OFFSET(PLE!$G$14,$M121,BC$13)=\"\",10^12,OFFSET(PLE!$G$14,$M121,BC$13))))","v":1000000000000},{"$f":"IF($D121<>\"Serviço\",0,IF(OR(AND(AUTOEVENTO=\"Manual\",$M121=1),$M121>(ROW(PLE.lastrow)-ROW(PLE.firstrow))),0,IF(OFFSET(PLE!$G$14,$M121,BD$13)=\"\",10^12,OFFSET(PLE!$G$14,$M121,BD$13))))","v":1000000000000},{"$f":"IF($D121<>\"Serviço\",0,IF(OR(AND(AUTOEVENTO=\"Manual\",$M121=1),$M121>(ROW(PLE.lastrow)-ROW(PLE.firstrow))),0,IF(OFFSET(PLE!$G$14,$M121,BE$13)=\"\",10^12,OFFSET(PLE!$G$14,$M121,BE$13))))","v":1000000000000},{"$f":"IF($D121<>\"Serviço\",0,IF(OR(AND(AUTOEVENTO=\"Manual\",$M121=1),$M121>(ROW(PLE.lastrow)-ROW(PLE.firstrow))),0,IF(OFFSET(PLE!$G$14,$M121,BF$13)=\"\",10^12,OFFSET(PLE!$G$14,$M121,BF$13))))","v":1000000000000},{"$f":"IF($D121<>\"Serviço\",0,IF(OR(AND(AUTOEVENTO=\"Manual\",$M121=1),$M121>(ROW(PLE.lastrow)-ROW(PLE.firstrow))),0,IF(OFFSET(PLE!$G$14,$M121,BG$13)=\"\",10^12,OFFSET(PLE!$G$14,$M121,BG$13))))","v":1000000000000}]
[{"$f":"IF(AUTOEVENTO=\"Manual\",IF(K122<>\"\",MIN(VALUE(LEFT(K122,FIND(\".\",K122)-1)),COUNTA(EVENTOS.Lista)),0),IF(OR($B122>AUTOEVENTO,$B122=\"S\",$B122=0),SUBSTITUTE(OFFSET($A122,-1,0),IF($D122=\"Serviço\",\".\",\"\"),\"\"),ROW(A122)-ROW($A$15)&\".\"))","v":"99"},{"$f":"OFFSET(ORÇAMENTO!C$15,ROW(B122)-ROW(B$15),0)","v":"S"},{"$f":"OFFSET(ORÇAMENTO!L$15,ROW(C122)-ROW(C$15),0)","v":"F"},{"$f":"OFFSET(ORÇAMENTO!N$15,ROW(D122)-ROW(D$15),0)","v":"Serviço"},{"$f":"OFFSET(ORÇAMENTO!O$15,ROW(E122)-ROW(E$15),0)","v":"1.9.8."},{"$f":"OFFSET(ORÇAMENTO!R$15,ROW(F122)-ROW(F$15),0)","v":"DISJUNTOR MONOPOLAR TIPO DIN, CORRENTE NOMINAL DE 10A - FORNECIMENTO E INSTALAÇÃO"},{"$f":"IF($D122<>\"Serviço\",\"\",OFFSET(ORÇAMENTO!S$15,ROW(G122)-ROW(G$15),0))","v":"UN"},{"$f":"IF($D122<>\"Serviço\",0,IF(ACOMPANHAMENTO=\"BM\",ROUND(OFFSET(ORÇAMENTO!AJ$15,ROW(H122)-ROW(H$15),0),15-13*ORÇAMENTO!$AF$7),SUMPRODUCT(($Q$12:$AA$12<>\"\")*ROUND($Q122:$AA122,15-13*ORÇAMENTO!$AF$7))))","v":9},null,null,null,".",{"$f":"IF($D122<>\"Serviço\",\"\",IF(AUTOEVENTO=\"manual\",$A122,IF(ISERROR(MATCH($A122,$A$15:OFFSET($A122,-1,0),0)),MAX($M$15:OFFSET(M122,-1,0))+1,INDEX($M$15:OFFSET(M122,-1,0),MATCH($A122,$A$15:OFFSET($A122,-1,0),0)))))","v":10},{"$f":"IF($D122<>\"Serviço\",\"\",IF(AUTOEVENTO=\"Manual\",IF($A122=0,\"<-- defina o número do agrupador\",OFFSET(EVENTOS!$D$14,$A122,0)),OFFSET($F$15,$A122,0)))","v":"INSTALAÇÕES ELÉTRICAS"},null,null,null,null,null,null,null,null,null,null,null,null,null,{"$f":"IF(AND($D122=\"Serviço\",AB$12<>0,$H122>0,OR(AUTOEVENTO<>\"manual\",$M122<>1)),ROUND(OFFSET($P122,0,AB$13),15-13*ORÇAMENTO!$AF$7)/$H122*OFFSET(ORÇAMENTO!$X$15,ROW(AB122)-ROW(AB$15),0),0)","v":0},{"$f":"IF(AND($D122=\"Serviço\",AC$12<>0,$H122>0,OR(AUTOEVENTO<>\"manual\",$M122<>1)),ROUND(OFFSET($P122,0,AC$13),15-13*ORÇAMENTO!$AF$7)/$H122*OFFSET(ORÇAMENTO!$X$15,ROW(AC122)-ROW(AC$15),0),0)","v":0},{"$f":"IF(AND($D122=\"Serviço\",AD$12<>0,$H122>0,OR(AUTOEVENTO<>\"manual\",$M122<>1)),ROUND(OFFSET($P122,0,AD$13),15-13*ORÇAMENTO!$AF$7)/$H122*OFFSET(ORÇAMENTO!$X$15,ROW(AD122)-ROW(AD$15),0),0)","v":0},{"$f":"IF(AND($D122=\"Serviço\",AE$12<>0,$H122>0,OR(AUTOEVENTO<>\"manual\",$M122<>1)),ROUND(OFFSET($P122,0,AE$13),15-13*ORÇAMENTO!$AF$7)/$H122*OFFSET(ORÇAMENTO!$X$15,ROW(AE122)-ROW(AE$15),0),0)","v":0},{"$f":"IF(AND($D122=\"Serviço\",AF$12<>0,$H122>0,OR(AUTOEVENTO<>\"manual\",$M122<>1)),ROUND(OFFSET($P122,0,AF$13),15-13*ORÇAMENTO!$AF$7)/$H122*OFFSET(ORÇAMENTO!$X$15,ROW(AF122)-ROW(AF$15),0),0)","v":0},{"$f":"IF(AND($D122=\"Serviço\",AG$12<>0,$H122>0,OR(AUTOEVENTO<>\"manual\",$M122<>1)),ROUND(OFFSET($P122,0,AG$13),15-13*ORÇAMENTO!$AF$7)/$H122*OFFSET(ORÇAMENTO!$X$15,ROW(AG122)-ROW(AG$15),0),0)","v":0},{"$f":"IF(AND($D122=\"Serviço\",AH$12<>0,$H122>0,OR(AUTOEVENTO<>\"manual\",$M122<>1)),ROUND(OFFSET($P122,0,AH$13),15-13*ORÇAMENTO!$AF$7)/$H122*OFFSET(ORÇAMENTO!$X$15,ROW(AH122)-ROW(AH$15),0),0)","v":0},{"$f":"IF(AND($D122=\"Serviço\",AI$12<>0,$H122>0,OR(AUTOEVENTO<>\"manual\",$M122<>1)),ROUND(OFFSET($P122,0,AI$13),15-13*ORÇAMENTO!$AF$7)/$H122*OFFSET(ORÇAMENTO!$X$15,ROW(AI122)-ROW(AI$15),0),0)","v":0},{"$f":"IF(AND($D122=\"Serviço\",AJ$12<>0,$H122>0,OR(AUTOEVENTO<>\"manual\",$M122<>1)),ROUND(OFFSET($P122,0,AJ$13),15-13*ORÇAMENTO!$AF$7)/$H122*OFFSET(ORÇAMENTO!$X$15,ROW(AJ122)-ROW(AJ$15),0),0)","v":0},{"$f":"IF(AND($D122=\"Serviço\",AK$12<>0,$H122>0,OR(AUTOEVENTO<>\"manual\",$M122<>1)),ROUND(OFFSET($P122,0,AK$13),15-13*ORÇAMENTO!$AF$7)/$H122*OFFSET(ORÇAMENTO!$X$15,ROW(AK122)-ROW(AK$15),0),0)","v":0},null,{"$f":"IF($D122<>\"Serviço\",0,IF(AND(AUTOEVENTO=\"Manual\",$M122=1),0,IF(OFFSET(CRONOPLE!$F$14,$M122,AM$13)=\"\",10^12,OFFSET(CRONOPLE!$F$14,$M122,AM$13))))","v":1000000000000},{"$f":"IF($D122<>\"Serviço\",0,IF(AND(AUTOEVENTO=\"Manual\",$M122=1),0,IF(OFFSET(CRONOPLE!$F$14,$M122,AN$13)=\"\",10^12,OFFSET(CRONOPLE!$F$14,$M122,AN$13))))","v":1000000000000},{"$f":"IF($D122<>\"Serviço\",0,IF(AND(AUTOEVENTO=\"Manual\",$M122=1),0,IF(OFFSET(CRONOPLE!$F$14,$M122,AO$13)=\"\",10^12,OFFSET(CRONOPLE!$F$14,$M122,AO$13))))","v":1000000000000},{"$f":"IF($D122<>\"Serviço\",0,IF(AND(AUTOEVENTO=\"Manual\",$M122=1),0,IF(OFFSET(CRONOPLE!$F$14,$M122,AP$13)=\"\",10^12,OFFSET(CRONOPLE!$F$14,$M122,AP$13))))","v":1000000000000},{"$f":"IF($D122<>\"Serviço\",0,IF(AND(AUTOEVENTO=\"Manual\",$M122=1),0,IF(OFFSET(CRONOPLE!$F$14,$M122,AQ$13)=\"\",10^12,OFFSET(CRONOPLE!$F$14,$M122,AQ$13))))","v":1000000000000},{"$f":"IF($D122<>\"Serviço\",0,IF(AND(AUTOEVENTO=\"Manual\",$M122=1),0,IF(OFFSET(CRONOPLE!$F$14,$M122,AR$13)=\"\",10^12,OFFSET(CRONOPLE!$F$14,$M122,AR$13))))","v":1000000000000},{"$f":"IF($D122<>\"Serviço\",0,IF(AND(AUTOEVENTO=\"Manual\",$M122=1),0,IF(OFFSET(CRONOPLE!$F$14,$M122,AS$13)=\"\",10^12,OFFSET(CRONOPLE!$F$14,$M122,AS$13))))","v":1000000000000},{"$f":"IF($D122<>\"Serviço\",0,IF(AND(AUTOEVENTO=\"Manual\",$M122=1),0,IF(OFFSET(CRONOPLE!$F$14,$M122,AT$13)=\"\",10^12,OFFSET(CRONOPLE!$F$14,$M122,AT$13))))","v":1000000000000},{"$f":"IF($D122<>\"Serviço\",0,IF(AND(AUTOEVENTO=\"Manual\",$M122=1),0,IF(OFFSET(CRONOPLE!$F$14,$M122,AU$13)=\"\",10^12,OFFSET(CRONOPLE!$F$14,$M122,AU$13))))","v":1000000000000},{"$f":"IF($D122<>\"Serviço\",0,IF(AND(AUTOEVENTO=\"Manual\",$M122=1),0,IF(OFFSET(CRONOPLE!$F$14,$M122,AV$13)=\"\",10^12,OFFSET(CRONOPLE!$F$14,$M122,AV$13))))","v":1000000000000},null,{"$f":"IF($D122<>\"Serviço\",0,IF(OR(AND(AUTOEVENTO=\"Manual\",$M122=1),$M122>(ROW(PLE.lastrow)-ROW(PLE.firstrow))),0,IF(OFFSET(PLE!$G$14,$M122,AX$13)=\"\",10^12,OFFSET(PLE!$G$14,$M122,AX$13))))","v":1000000000000},{"$f":"IF($D122<>\"Serviço\",0,IF(OR(AND(AUTOEVENTO=\"Manual\",$M122=1),$M122>(ROW(PLE.lastrow)-ROW(PLE.firstrow))),0,IF(OFFSET(PLE!$G$14,$M122,AY$13)=\"\",10^12,OFFSET(PLE!$G$14,$M122,AY$13))))","v":1000000000000},{"$f":"IF($D122<>\"Serviço\",0,IF(OR(AND(AUTOEVENTO=\"Manual\",$M122=1),$M122>(ROW(PLE.lastrow)-ROW(PLE.firstrow))),0,IF(OFFSET(PLE!$G$14,$M122,AZ$13)=\"\",10^12,OFFSET(PLE!$G$14,$M122,AZ$13))))","v":1000000000000},{"$f":"IF($D122<>\"Serviço\",0,IF(OR(AND(AUTOEVENTO=\"Manual\",$M122=1),$M122>(ROW(PLE.lastrow)-ROW(PLE.firstrow))),0,IF(OFFSET(PLE!$G$14,$M122,BA$13)=\"\",10^12,OFFSET(PLE!$G$14,$M122,BA$13))))","v":1000000000000},{"$f":"IF($D122<>\"Serviço\",0,IF(OR(AND(AUTOEVENTO=\"Manual\",$M122=1),$M122>(ROW(PLE.lastrow)-ROW(PLE.firstrow))),0,IF(OFFSET(PLE!$G$14,$M122,BB$13)=\"\",10^12,OFFSET(PLE!$G$14,$M122,BB$13))))","v":1000000000000},{"$f":"IF($D122<>\"Serviço\",0,IF(OR(AND(AUTOEVENTO=\"Manual\",$M122=1),$M122>(ROW(PLE.lastrow)-ROW(PLE.firstrow))),0,IF(OFFSET(PLE!$G$14,$M122,BC$13)=\"\",10^12,OFFSET(PLE!$G$14,$M122,BC$13))))","v":1000000000000},{"$f":"IF($D122<>\"Serviço\",0,IF(OR(AND(AUTOEVENTO=\"Manual\",$M122=1),$M122>(ROW(PLE.lastrow)-ROW(PLE.firstrow))),0,IF(OFFSET(PLE!$G$14,$M122,BD$13)=\"\",10^12,OFFSET(PLE!$G$14,$M122,BD$13))))","v":1000000000000},{"$f":"IF($D122<>\"Serviço\",0,IF(OR(AND(AUTOEVENTO=\"Manual\",$M122=1),$M122>(ROW(PLE.lastrow)-ROW(PLE.firstrow))),0,IF(OFFSET(PLE!$G$14,$M122,BE$13)=\"\",10^12,OFFSET(PLE!$G$14,$M122,BE$13))))","v":1000000000000},{"$f":"IF($D122<>\"Serviço\",0,IF(OR(AND(AUTOEVENTO=\"Manual\",$M122=1),$M122>(ROW(PLE.lastrow)-ROW(PLE.firstrow))),0,IF(OFFSET(PLE!$G$14,$M122,BF$13)=\"\",10^12,OFFSET(PLE!$G$14,$M122,BF$13))))","v":1000000000000},{"$f":"IF($D122<>\"Serviço\",0,IF(OR(AND(AUTOEVENTO=\"Manual\",$M122=1),$M122>(ROW(PLE.lastrow)-ROW(PLE.firstrow))),0,IF(OFFSET(PLE!$G$14,$M122,BG$13)=\"\",10^12,OFFSET(PLE!$G$14,$M122,BG$13))))","v":1000000000000}]
["99",{"$f":"OFFSET(ORÇAMENTO!C$15,ROW(B123)-ROW(B$15),0)","v":"S"},{"$f":"OFFSET(ORÇAMENTO!L$15,ROW(C123)-ROW(C$15),0)","v":"F"},{"$f":"OFFSET(ORÇAMENTO!N$15,ROW(D123)-ROW(D$15),0)","v":"Serviço"},{"$f":"OFFSET(ORÇAMENTO!O$15,ROW(E123)-ROW(E$15),0)","v":"1.9.9."},{"$f":"OFFSET(ORÇAMENTO!R$15,ROW(F123)-ROW(F$15),0)","v":"PONTO DE ILUMINAÇÃO RESIDENCIAL INCLUINDO INTERRUPTOR SIMPLES, CAIXA ELÉTRICA, ELETRODUTO, CABO, RASGO, QUEBRA E CHUMBAMENTO (EXCLUINDO LUMINÁRIA E LÂMPADA)"},{"$f":"IF($D123<>\"Serviço\",\"\",OFFSET(ORÇAMENTO!S$15,ROW(G123)-ROW(G$15),0))","v":"UN"},{"$f":"IF($D123<>\"Serviço\",0,IF(ACOMPANHAMENTO=\"BM\",ROUND(OFFSET(ORÇAMENTO!AJ$15,ROW(H123)-ROW(H$15),0),15-13*ORÇAMENTO!$AF$7),SUMPRODUCT(($Q$12:$AA$12<>\"\")*ROUND($Q123:$AA123,15-13*ORÇAMENTO!$AF$7))))","v":26},null,null,null,".",{"$f":"IF($D123<>\"Serviço\",\"\",IF(AUTOEVENTO=\"manual\",$A123,IF(ISERROR(MATCH($A123,$A$15:OFFSET($A123,-1,0),0)),MAX($M$15:OFFSET(M123,-1,0))+1,INDEX($M$15:OFFSET(M123,-1,0),MATCH($A123,$A$15:OFFSET($A123,-1,0),0)))))","v":10},{"$f":"IF($D123<>\"Serviço\",\"\",IF(AUTOEVENTO=\"Manual\",IF($A123=0,\"<-- defina o número do agrupador\",OFFSET(EVENTOS!$D$14,$A123,0)),OFFSET($F$15,$A123,0)))","v":"INSTALAÇÕES ELÉTRICAS"},null,null,null,null,null,null,null,null,null,null,null,null,null,{"$f":"IF(AND($D123=\"Serviço\",AB$12<>0,$H123>0,OR(AUTOEVENTO<>\"manual\",$M123<>1)),ROUND(OFFSET($P123,0,AB$13),15-13*ORÇAMENTO!$AF$7)/$H123*OFFSET(ORÇAMENTO!$X$15,ROW(AB123)-ROW(AB$15),0),0)","v":0},{"$f":"IF(AND($D123=\"Serviço\",AC$12<>0,$H123>0,OR(AUTOEVENTO<>\"manual\",$M123<>1)),ROUND(OFFSET($P123,0,AC$13),15-13*ORÇAMENTO!$AF$7)/$H123*OFFSET(ORÇAMENTO!$X$15,ROW(AC123)-ROW(AC$15),0),0)","v":0},{"$f":"IF(AND($D123=\"Serviço\",AD$12<>0,$H123>0,OR(AUTOEVENTO<>\"manual\",$M123<>1)),ROUND(OFFSET($P123,0,AD$13),15-13*ORÇAMENTO!$AF$7)/$H123*OFFSET(ORÇAMENTO!$X$15,ROW(AD123)-ROW(AD$15),0),0)","v":0},{"$f":"IF(AND($D123=\"Serviço\",AE$12<>0,$H123>0,OR(AUTOEVENTO<>\"manual\",$M123<>1)),ROUND(OFFSET($P123,0,AE$13),15-13*ORÇAMENTO!$AF$7)/$H123*OFFSET(ORÇAMENTO!$X$15,ROW(AE123)-ROW(AE$15),0),0)","v":0},{"$f":"IF(AND($D123=\"Serviço\",AF$12<>0,$H123>0,OR(AUTOEVENTO<>\"manual\",$M123<>1)),ROUND(OFFSET($P123,0,AF$13),15-13*ORÇAMENTO!$AF$7)/$H123*OFFSET(ORÇAMENTO!$X$15,ROW(AF123)-ROW(AF$15),0),0)","v":0},{"$f":"IF(AND($D123=\"Serviço\",AG$12<>0,$H123>0,OR(AUTOEVENTO<>\"manual\",$M123<>1)),ROUND(OFFSET($P123,0,AG$13),15-13*ORÇAMENTO!$AF$7)/$H123*OFFSET(ORÇAMENTO!$X$15,ROW(AG123)-ROW(AG$15),0),0)","v":0},{"$f":"IF(AND($D123=\"Serviço\",AH$12<>0,$H123>0,OR(AUTOEVENTO<>\"manual\",$M123<>1)),ROUND(OFFSET($P123,0,AH$13),15-13*ORÇAMENTO!$AF$7)/$H123*OFFSET(ORÇAMENTO!$X$15,ROW(AH123)-ROW(AH$15),0),0)","v":0},{"$f":"IF(AND($D123=\"Serviço\",AI$12<>0,$H123>0,OR(AUTOEVENTO<>\"manual\",$M123<>1)),ROUND(OFFSET($P123,0,AI$13),15-13*ORÇAMENTO!$AF$7)/$H123*OFFSET(ORÇAMENTO!$X$15,ROW(AI123)-ROW(AI$15),0),0)","v":0},{"$f":"IF(AND($D123=\"Serviço\",AJ$12<>0,$H123>0,OR(AUTOEVENTO<>\"manual\",$M123<>1)),ROUND(OFFSET($P123,0,AJ$13),15-13*ORÇAMENTO!$AF$7)/$H123*OFFSET(ORÇAMENTO!$X$15,ROW(AJ123)-ROW(AJ$15),0),0)","v":0},{"$f":"IF(AND($D123=\"Serviço\",AK$12<>0,$H123>0,OR(AUTOEVENTO<>\"manual\",$M123<>1)),ROUND(OFFSET($P123,0,AK$13),15-13*ORÇAMENTO!$AF$7)/$H123*OFFSET(ORÇAMENTO!$X$15,ROW(AK123)-ROW(AK$15),0),0)","v":0},null,{"$f":"IF($D123<>\"Serviço\",0,IF(AND(AUTOEVENTO=\"Manual\",$M123=1),0,IF(OFFSET(CRONOPLE!$F$14,$M123,AM$13)=\"\",10^12,OFFSET(CRONOPLE!$F$14,$M123,AM$13))))","v":1000000000000},{"$f":"IF($D123<>\"Serviço\",0,IF(AND(AUTOEVENTO=\"Manual\",$M123=1),0,IF(OFFSET(CRONOPLE!$F$14,$M123,AN$13)=\"\",10^12,OFFSET(CRONOPLE!$F$14,$M123,AN$13))))","v":1000000000000},{"$f":"IF($D123<>\"Serviço\",0,IF(AND(AUTOEVENTO=\"Manual\",$M123=1),0,IF(OFFSET(CRONOPLE!$F$14,$M123,AO$13)=\"\",10^12,OFFSET(CRONOPLE!$F$14,$M123,AO$13))))","v":1000000000000},{"$f":"IF($D123<>\"Serviço\",0,IF(AND(AUTOEVENTO=\"Manual\",$M123=1),0,IF(OFFSET(CRONOPLE!$F$14,$M123,AP$13)=\"\",10^12,OFFSET(CRONOPLE!$F$14,$M123,AP$13))))","v":1000000000000},{"$f":"IF($D123<>\"Serviço\",0,IF(AND(AUTOEVENTO=\"Manual\",$M123=1),0,IF(OFFSET(CRONOPLE!$F$14,$M123,AQ$13)=\"\",10^12,OFFSET(CRONOPLE!$F$14,$M123,AQ$13))))","v":1000000000000},{"$f":"IF($D123<>\"Serviço\",0,IF(AND(AUTOEVENTO=\"Manual\",$M123=1),0,IF(OFFSET(CRONOPLE!$F$14,$M123,AR$13)=\"\",10^12,OFFSET(CRONOPLE!$F$14,$M123,AR$13))))","v":1000000000000},{"$f":"IF($D123<>\"Serviço\",0,IF(AND(AUTOEVENTO=\"Manual\",$M123=1),0,IF(OFFSET(CRONOPLE!$F$14,$M123,AS$13)=\"\",10^12,OFFSET(CRONOPLE!$F$14,$M123,AS$13))))","v":1000000000000},{"$f":"IF($D123<>\"Serviço\",0,IF(AND(AUTOEVENTO=\"Manual\",$M123=1),0,IF(OFFSET(CRONOPLE!$F$14,$M123,AT$13)=\"\",10^12,OFFSET(CRONOPLE!$F$14,$M123,AT$13))))","v":1000000000000},{"$f":"IF($D123<>\"Serviço\",0,IF(AND(AUTOEVENTO=\"Manual\",$M123=1),0,IF(OFFSET(CRONOPLE!$F$14,$M123,AU$13)=\"\",10^12,OFFSET(CRONOPLE!$F$14,$M123,AU$13))))","v":1000000000000},{"$f":"IF($D123<>\"Serviço\",0,IF(AND(AUTOEVENTO=\"Manual\",$M123=1),0,IF(OFFSET(CRONOPLE!$F$14,$M123,AV$13)=\"\",10^12,OFFSET(CRONOPLE!$F$14,$M123,AV$13))))","v":1000000000000},null,{"$f":"IF($D123<>\"Serviço\",0,IF(OR(AND(AUTOEVENTO=\"Manual\",$M123=1),$M123>(ROW(PLE.lastrow)-ROW(PLE.firstrow))),0,IF(OFFSET(PLE!$G$14,$M123,AX$13)=\"\",10^12,OFFSET(PLE!$G$14,$M123,AX$13))))","v":1000000000000},{"$f":"IF($D123<>\"Serviço\",0,IF(OR(AND(AUTOEVENTO=\"Manual\",$M123=1),$M123>(ROW(PLE.lastrow)-ROW(PLE.firstrow))),0,IF(OFFSET(PLE!$G$14,$M123,AY$13)=\"\",10^12,OFFSET(PLE!$G$14,$M123,AY$13))))","v":1000000000000},{"$f":"IF($D123<>\"Serviço\",0,IF(OR(AND(AUTOEVENTO=\"Manual\",$M123=1),$M123>(ROW(PLE.lastrow)-ROW(PLE.firstrow))),0,IF(OFFSET(PLE!$G$14,$M123,AZ$13)=\"\",10^12,OFFSET(PLE!$G$14,$M123,AZ$13))))","v":1000000000000},{"$f":"IF($D123<>\"Serviço\",0,IF(OR(AND(AUTOEVENTO=\"Manual\",$M123=1),$M123>(ROW(PLE.lastrow)-ROW(PLE.firstrow))),0,IF(OFFSET(PLE!$G$14,$M123,BA$13)=\"\",10^12,OFFSET(PLE!$G$14,$M123,BA$13))))","v":1000000000000},{"$f":"IF($D123<>\"Serviço\",0,IF(OR(AND(AUTOEVENTO=\"Manual\",$M123=1),$M123>(ROW(PLE.lastrow)-ROW(PLE.firstrow))),0,IF(OFFSET(PLE!$G$14,$M123,BB$13)=\"\",10^12,OFFSET(PLE!$G$14,$M123,BB$13))))","v":1000000000000},{"$f":"IF($D123<>\"Serviço\",0,IF(OR(AND(AUTOEVENTO=\"Manual\",$M123=1),$M123>(ROW(PLE.lastrow)-ROW(PLE.firstrow))),0,IF(OFFSET(PLE!$G$14,$M123,BC$13)=\"\",10^12,OFFSET(PLE!$G$14,$M123,BC$13))))","v":1000000000000},{"$f":"IF($D123<>\"Serviço\",0,IF(OR(AND(AUTOEVENTO=\"Manual\",$M123=1),$M123>(ROW(PLE.lastrow)-ROW(PLE.firstrow))),0,IF(OFFSET(PLE!$G$14,$M123,BD$13)=\"\",10^12,OFFSET(PLE!$G$14,$M123,BD$13))))","v":1000000000000},{"$f":"IF($D123<>\"Serviço\",0,IF(OR(AND(AUTOEVENTO=\"Manual\",$M123=1),$M123>(ROW(PLE.lastrow)-ROW(PLE.firstrow))),0,IF(OFFSET(PLE!$G$14,$M123,BE$13)=\"\",10^12,OFFSET(PLE!$G$14,$M123,BE$13))))","v":1000000000000},{"$f":"IF($D123<>\"Serviço\",0,IF(OR(AND(AUTOEVENTO=\"Manual\",$M123=1),$M123>(ROW(PLE.lastrow)-ROW(PLE.firstrow))),0,IF(OFFSET(PLE!$G$14,$M123,BF$13)=\"\",10^12,OFFSET(PLE!$G$14,$M123,BF$13))))","v":1000000000000},{"$f":"IF($D123<>\"Serviço\",0,IF(OR(AND(AUTOEVENTO=\"Manual\",$M123=1),$M123>(ROW(PLE.lastrow)-ROW(PLE.firstrow))),0,IF(OFFSET(PLE!$G$14,$M123,BG$13)=\"\",10^12,OFFSET(PLE!$G$14,$M123,BG$13))))","v":1000000000000}]
[{"$f":"IF(AUTOEVENTO=\"Manual\",IF(K124<>\"\",MIN(VALUE(LEFT(K124,FIND(\".\",K124)-1)),COUNTA(EVENTOS.Lista)),0),IF(OR($B124>AUTOEVENTO,$B124=\"S\",$B124=0),SUBSTITUTE(OFFSET($A124,-1,0),IF($D124=\"Serviço\",\".\",\"\"),\"\"),ROW(A124)-ROW($A$15)&\".\"))","v":"99"},{"$f":"OFFSET(ORÇAMENTO!C$15,ROW(B124)-ROW(B$15),0)","v":"S"},{"$f":"OFFSET(ORÇAMENTO!L$15,ROW(C124)-ROW(C$15),0)","v":"F"},{"$f":"OFFSET(ORÇAMENTO!N$15,ROW(D124)-ROW(D$15),0)","v":"Serviço"},{"$f":"OFFSET(ORÇAMENTO!O$15,ROW(E124)-ROW(E$15),0)","v":"1.9.10."},{"$f":"OFFSET(ORÇAMENTO!R$15,ROW(F124)-ROW(F$15),0)","v":"PONTO DE ILUMINAÇÃO E TOMADA, RESIDENCIAL, INCLUINDO INTERRUPTOR SIMPLES E TOMADA 10A/250V, CAIXA ELÉTRICA, ELETRODUTO, CABO, RASGO, QUEBRA E CHUMBAMENTO (EXCLUINDO LUMINÁRIA E LÂMPADA)"},{"$f":"IF($D124<>\"Serviço\",\"\",OFFSET(ORÇAMENTO!S$15,ROW(G124)-ROW(G$15),0))","v":"UN"},{"$f":"IF($D124<>\"Serviço\",0,IF(ACOMPANHAMENTO=\"BM\",ROUND(OFFSET(ORÇAMENTO!AJ$15,ROW(H124)-ROW(H$15),0),15-13*ORÇAMENTO!$AF$7),SUMPRODUCT(($Q$12:$AA$12<>\"\")*ROUND($Q124:$AA124,15-13*ORÇAMENTO!$AF$7))))","v":7},null,null,null,".",{"$f":"IF($D124<>\"Serviço\",\"\",IF(AUTOEVENTO=\"manual\",$A124,IF(ISERROR(MATCH($A124,$A$15:OFFSET($A124,-1,0),0)),MAX($M$15:OFFSET(M124,-1,0))+1,INDEX($M$15:OFFSET(M124,-1,0),MATCH($A124,$A$15:OFFSET($A124,-1,0),0)))))","v":10},{"$f":"IF($D124<>\"Serviço\",\"\",IF(AUTOEVENTO=\"Manual\",IF($A124=0,\"<-- defina o número do agrupador\",OFFSET(EVENTOS!$D$14,$A124,0)),OFFSET($F$15,$A124,0)))","v":"INSTALAÇÕES ELÉTRICAS"},null,null,null,null,null,null,null,null,null,null,null,null,null,{"$f":"IF(AND($D124=\"Serviço\",AB$12<>0,$H124>0,OR(AUTOEVENTO<>\"manual\",$M124<>1)),ROUND(OFFSET($P124,0,AB$13),15-13*ORÇAMENTO!$AF$7)/$H124*OFFSET(ORÇAMENTO!$X$15,ROW(AB124)-ROW(AB$15),0),0)","v":0},{"$f":"IF(AND($D124=\"Serviço\",AC$12<>0,$H124>0,OR(AUTOEVENTO<>\"manual\",$M124<>1)),ROUND(OFFSET($P124,0,AC$13),15-13*ORÇAMENTO!$AF$7)/$H124*OFFSET(ORÇAMENTO!$X$15,ROW(AC124)-ROW(AC$15),0),0)","v":0},{"$f":"IF(AND($D124=\"Serviço\",AD$12<>0,$H124>0,OR(AUTOEVENTO<>\"manual\",$M124<>1)),ROUND(OFFSET($P124,0,AD$13),15-13*ORÇAMENTO!$AF$7)/$H124*OFFSET(ORÇAMENTO!$X$15,ROW(AD124)-ROW(AD$15),0),0)","v":0},{"$f":"IF(AND($D124=\"Serviço\",AE$12<>0,$H124>0,OR(AUTOEVENTO<>\"manual\",$M124<>1)),ROUND(OFFSET($P124,0,AE$13),15-13*ORÇAMENTO!$AF$7)/$H124*OFFSET(ORÇAMENTO!$X$15,ROW(AE124)-ROW(AE$15),0),0)","v":0},{"$f":"IF(AND($D124=\"Serviço\",AF$12<>0,$H124>0,OR(AUTOEVENTO<>\"manual\",$M124<>1)),ROUND(OFFSET($P124,0,AF$13),15-13*ORÇAMENTO!$AF$7)/$H124*OFFSET(ORÇAMENTO!$X$15,ROW(AF124)-ROW(AF$15),0),0)","v":0},{"$f":"IF(AND($D124=\"Serviço\",AG$12<>0,$H124>0,OR(AUTOEVENTO<>\"manual\",$M124<>1)),ROUND(OFFSET($P124,0,AG$13),15-13*ORÇAMENTO!$AF$7)/$H124*OFFSET(ORÇAMENTO!$X$15,ROW(AG124)-ROW(AG$15),0),0)","v":0},{"$f":"IF(AND($D124=\"Serviço\",AH$12<>0,$H124>0,OR(AUTOEVENTO<>\"manual\",$M124<>1)),ROUND(OFFSET($P124,0,AH$13),15-13*ORÇAMENTO!$AF$7)/$H124*OFFSET(ORÇAMENTO!$X$15,ROW(AH124)-ROW(AH$15),0),0)","v":0},{"$f":"IF(AND($D124=\"Serviço\",AI$12<>0,$H124>0,OR(AUTOEVENTO<>\"manual\",$M124<>1)),ROUND(OFFSET($P124,0,AI$13),15-13*ORÇAMENTO!$AF$7)/$H124*OFFSET(ORÇAMENTO!$X$15,ROW(AI124)-ROW(AI$15),0),0)","v":0},{"$f":"IF(AND($D124=\"Serviço\",AJ$12<>0,$H124>0,OR(AUTOEVENTO<>\"manual\",$M124<>1)),ROUND(OFFSET($P124,0,AJ$13),15-13*ORÇAMENTO!$AF$7)/$H124*OFFSET(ORÇAMENTO!$X$15,ROW(AJ124)-ROW(AJ$15),0),0)","v":0},{"$f":"IF(AND($D124=\"Serviço\",AK$12<>0,$H124>0,OR(AUTOEVENTO<>\"manual\",$M124<>1)),ROUND(OFFSET($P124,0,AK$13),15-13*ORÇAMENTO!$AF$7)/$H124*OFFSET(ORÇAMENTO!$X$15,ROW(AK124)-ROW(AK$15),0),0)","v":0},null,{"$f":"IF($D124<>\"Serviço\",0,IF(AND(AUTOEVENTO=\"Manual\",$M124=1),0,IF(OFFSET(CRONOPLE!$F$14,$M124,AM$13)=\"\",10^12,OFFSET(CRONOPLE!$F$14,$M124,AM$13))))","v":1000000000000},{"$f":"IF($D124<>\"Serviço\",0,IF(AND(AUTOEVENTO=\"Manual\",$M124=1),0,IF(OFFSET(CRONOPLE!$F$14,$M124,AN$13)=\"\",10^12,OFFSET(CRONOPLE!$F$14,$M124,AN$13))))","v":1000000000000},{"$f":"IF($D124<>\"Serviço\",0,IF(AND(AUTOEVENTO=\"Manual\",$M124=1),0,IF(OFFSET(CRONOPLE!$F$14,$M124,AO$13)=\"\",10^12,OFFSET(CRONOPLE!$F$14,$M124,AO$13))))","v":1000000000000},{"$f":"IF($D124<>\"Serviço\",0,IF(AND(AUTOEVENTO=\"Manual\",$M124=1),0,IF(OFFSET(CRONOPLE!$F$14,$M124,AP$13)=\"\",10^12,OFFSET(CRONOPLE!$F$14,$M124,AP$13))))","v":1000000000000},{"$f":"IF($D124<>\"Serviço\",0,IF(AND(AUTOEVENTO=\"Manual\",$M124=1),0,IF(OFFSET(CRONOPLE!$F$14,$M124,AQ$13)=\"\",10^12,OFFSET(CRONOPLE!$F$14,$M124,AQ$13))))","v":1000000000000},{"$f":"IF($D124<>\"Serviço\",0,IF(AND(AUTOEVENTO=\"Manual\",$M124=1),0,IF(OFFSET(CRONOPLE!$F$14,$M124,AR$13)=\"\",10^12,OFFSET(CRONOPLE!$F$14,$M124,AR$13))))","v":1000000000000},{"$f":"IF($D124<>\"Serviço\",0,IF(AND(AUTOEVENTO=\"Manual\",$M124=1),0,IF(OFFSET(CRONOPLE!$F$14,$M124,AS$13)=\"\",10^12,OFFSET(CRONOPLE!$F$14,$M124,AS$13))))","v":1000000000000},{"$f":"IF($D124<>\"Serviço\",0,IF(AND(AUTOEVENTO=\"Manual\",$M124=1),0,IF(OFFSET(CRONOPLE!$F$14,$M124,AT$13)=\"\",10^12,OFFSET(CRONOPLE!$F$14,$M124,AT$13))))","v":1000000000000},{"$f":"IF($D124<>\"Serviço\",0,IF(AND(AUTOEVENTO=\"Manual\",$M124=1),0,IF(OFFSET(CRONOPLE!$F$14,$M124,AU$13)=\"\",10^12,OFFSET(CRONOPLE!$F$14,$M124,AU$13))))","v":1000000000000},{"$f":"IF($D124<>\"Serviço\",0,IF(AND(AUTOEVENTO=\"Manual\",$M124=1),0,IF(OFFSET(CRONOPLE!$F$14,$M124,AV$13)=\"\",10^12,OFFSET(CRONOPLE!$F$14,$M124,AV$13))))","v":1000000000000},null,{"$f":"IF($D124<>\"Serviço\",0,IF(OR(AND(AUTOEVENTO=\"Manual\",$M124=1),$M124>(ROW(PLE.lastrow)-ROW(PLE.firstrow))),0,IF(OFFSET(PLE!$G$14,$M124,AX$13)=\"\",10^12,OFFSET(PLE!$G$14,$M124,AX$13))))","v":1000000000000},{"$f":"IF($D124<>\"Serviço\",0,IF(OR(AND(AUTOEVENTO=\"Manual\",$M124=1),$M124>(ROW(PLE.lastrow)-ROW(PLE.firstrow))),0,IF(OFFSET(PLE!$G$14,$M124,AY$13)=\"\",10^12,OFFSET(PLE!$G$14,$M124,AY$13))))","v":1000000000000},{"$f":"IF($D124<>\"Serviço\",0,IF(OR(AND(AUTOEVENTO=\"Manual\",$M124=1),$M124>(ROW(PLE.lastrow)-ROW(PLE.firstrow))),0,IF(OFFSET(PLE!$G$14,$M124,AZ$13)=\"\",10^12,OFFSET(PLE!$G$14,$M124,AZ$13))))","v":1000000000000},{"$f":"IF($D124<>\"Serviço\",0,IF(OR(AND(AUTOEVENTO=\"Manual\",$M124=1),$M124>(ROW(PLE.lastrow)-ROW(PLE.firstrow))),0,IF(OFFSET(PLE!$G$14,$M124,BA$13)=\"\",10^12,OFFSET(PLE!$G$14,$M124,BA$13))))","v":1000000000000},{"$f":"IF($D124<>\"Serviço\",0,IF(OR(AND(AUTOEVENTO=\"Manual\",$M124=1),$M124>(ROW(PLE.lastrow)-ROW(PLE.firstrow))),0,IF(OFFSET(PLE!$G$14,$M124,BB$13)=\"\",10^12,OFFSET(PLE!$G$14,$M124,BB$13))))","v":1000000000000},{"$f":"IF($D124<>\"Serviço\",0,IF(OR(AND(AUTOEVENTO=\"Manual\",$M124=1),$M124>(ROW(PLE.lastrow)-ROW(PLE.firstrow))),0,IF(OFFSET(PLE!$G$14,$M124,BC$13)=\"\",10^12,OFFSET(PLE!$G$14,$M124,BC$13))))","v":1000000000000},{"$f":"IF($D124<>\"Serviço\",0,IF(OR(AND(AUTOEVENTO=\"Manual\",$M124=1),$M124>(ROW(PLE.lastrow)-ROW(PLE.firstrow))),0,IF(OFFSET(PLE!$G$14,$M124,BD$13)=\"\",10^12,OFFSET(PLE!$G$14,$M124,BD$13))))","v":1000000000000},{"$f":"IF($D124<>\"Serviço\",0,IF(OR(AND(AUTOEVENTO=\"Manual\",$M124=1),$M124>(ROW(PLE.lastrow)-ROW(PLE.firstrow))),0,IF(OFFSET(PLE!$G$14,$M124,BE$13)=\"\",10^12,OFFSET(PLE!$G$14,$M124,BE$13))))","v":1000000000000},{"$f":"IF($D124<>\"Serviço\",0,IF(OR(AND(AUTOEVENTO=\"Manual\",$M124=1),$M124>(ROW(PLE.lastrow)-ROW(PLE.firstrow))),0,IF(OFFSET(PLE!$G$14,$M124,BF$13)=\"\",10^12,OFFSET(PLE!$G$14,$M124,BF$13))))","v":1000000000000},{"$f":"IF($D124<>\"Serviço\",0,IF(OR(AND(AUTOEVENTO=\"Manual\",$M124=1),$M124>(ROW(PLE.lastrow)-ROW(PLE.firstrow))),0,IF(OFFSET(PLE!$G$14,$M124,BG$13)=\"\",10^12,OFFSET(PLE!$G$14,$M124,BG$13))))","v":1000000000000}]
["99",{"$f":"OFFSET(ORÇAMENTO!C$15,ROW(B125)-ROW(B$15),0)","v":"S"},{"$f":"OFFSET(ORÇAMENTO!L$15,ROW(C125)-ROW(C$15),0)","v":"F"},{"$f":"OFFSET(ORÇAMENTO!N$15,ROW(D125)-ROW(D$15),0)","v":"Serviço"},{"$f":"OFFSET(ORÇAMENTO!O$15,ROW(E125)-ROW(E$15),0)","v":"1.9.11."},{"$f":"OFFSET(ORÇAMENTO!R$15,ROW(F125)-ROW(F$15),0)","v":"PONTO DE TOMADA RESIDENCIAL INCLUINDO TOMADA 10A/250V, CAIXA ELÉTRICA, ELETRODUTO, CABO, RASGO, QUEBRA E CHUMBAMENTO"},{"$f":"IF($D125<>\"Serviço\",\"\",OFFSET(ORÇAMENTO!S$15,ROW(G125)-ROW(G$15),0))","v":"UN"},{"$f":"IF($D125<>\"Serviço\",0,IF(ACOMPANHAMENTO=\"BM\",ROUND(OFFSET(ORÇAMENTO!AJ$15,ROW(H125)-ROW(H$15),0),15-13*ORÇAMENTO!$AF$7),SUMPRODUCT(($Q$12:$AA$12<>\"\")*ROUND($Q125:$AA125,15-13*ORÇAMENTO!$AF$7))))","v":18},null,null,null,".",{"$f":"IF($D125<>\"Serviço\",\"\",IF(AUTOEVENTO=\"manual\",$A125,IF(ISERROR(MATCH($A125,$A$15:OFFSET($A125,-1,0),0)),MAX($M$15:OFFSET(M125,-1,0))+1,INDEX($M$15:OFFSET(M125,-1,0),MATCH($A125,$A$15:OFFSET($A125,-1,0),0)))))","v":10},{"$f":"IF($D125<>\"Serviço\",\"\",IF(AUTOEVENTO=\"Manual\",IF($A125=0,\"<-- defina o número do agrupador\",OFFSET(EVENTOS!$D$14,$A125,0)),OFFSET($F$15,$A125,0)))","v":"INSTALAÇÕES ELÉTRICAS"},null,null,null,null,null,null,null,null,null,null,null,null,null,{"$f":"IF(AND($D125=\"Serviço\",AB$12<>0,$H125>0,OR(AUTOEVENTO<>\"manual\",$M125<>1)),ROUND(OFFSET($P125,0,AB$13),15-13*ORÇAMENTO!$AF$7)/$H125*OFFSET(ORÇAMENTO!$X$15,ROW(AB125)-ROW(AB$15),0),0)","v":0},{"$f":"IF(AND($D125=\"Serviço\",AC$12<>0,$H125>0,OR(AUTOEVENTO<>\"manual\",$M125<>1)),ROUND(OFFSET($P125,0,AC$13),15-13*ORÇAMENTO!$AF$7)/$H125*OFFSET(ORÇAMENTO!$X$15,ROW(AC125)-ROW(AC$15),0),0)","v":0},{"$f":"IF(AND($D125=\"Serviço\",AD$12<>0,$H125>0,OR(AUTOEVENTO<>\"manual\",$M125<>1)),ROUND(OFFSET($P125,0,AD$13),15-13*ORÇAMENTO!$AF$7)/$H125*OFFSET(ORÇAMENTO!$X$15,ROW(AD125)-ROW(AD$15),0),0)","v":0},{"$f":"IF(AND($D125=\"Serviço\",AE$12<>0,$H125>0,OR(AUTOEVENTO<>\"manual\",$M125<>1)),ROUND(OFFSET($P125,0,AE$13),15-13*ORÇAMENTO!$AF$7)/$H125*OFFSET(ORÇAMENTO!$X$15,ROW(AE125)-ROW(AE$15),0),0)","v":0},{"$f":"IF(AND($D125=\"Serviço\",AF$12<>0,$H125>0,OR(AUTOEVENTO<>\"manual\",$M125<>1)),ROUND(OFFSET($P125,0,AF$13),15-13*ORÇAMENTO!$AF$7)/$H125*OFFSET(ORÇAMENTO!$X$15,ROW(AF125)-ROW(AF$15),0),0)","v":0},{"$f":"IF(AND($D125=\"Serviço\",AG$12<>0,$H125>0,OR(AUTOEVENTO<>\"manual\",$M125<>1)),ROUND(OFFSET($P125,0,AG$13),15-13*ORÇAMENTO!$AF$7)/$H125*OFFSET(ORÇAMENTO!$X$15,ROW(AG125)-ROW(AG$15),0),0)","v":0},{"$f":"IF(AND($D125=\"Serviço\",AH$12<>0,$H125>0,OR(AUTOEVENTO<>\"manual\",$M125<>1)),ROUND(OFFSET($P125,0,AH$13),15-13*ORÇAMENTO!$AF$7)/$H125*OFFSET(ORÇAMENTO!$X$15,ROW(AH125)-ROW(AH$15),0),0)","v":0},{"$f":"IF(AND($D125=\"Serviço\",AI$12<>0,$H125>0,OR(AUTOEVENTO<>\"manual\",$M125<>1)),ROUND(OFFSET($P125,0,AI$13),15-13*ORÇAMENTO!$AF$7)/$H125*OFFSET(ORÇAMENTO!$X$15,ROW(AI125)-ROW(AI$15),0),0)","v":0},{"$f":"IF(AND($D125=\"Serviço\",AJ$12<>0,$H125>0,OR(AUTOEVENTO<>\"manual\",$M125<>1)),ROUND(OFFSET($P125,0,AJ$13),15-13*ORÇAMENTO!$AF$7)/$H125*OFFSET(ORÇAMENTO!$X$15,ROW(AJ125)-ROW(AJ$15),0),0)","v":0},{"$f":"IF(AND($D125=\"Serviço\",AK$12<>0,$H125>0,OR(AUTOEVENTO<>\"manual\",$M125<>1)),ROUND(OFFSET($P125,0,AK$13),15-13*ORÇAMENTO!$AF$7)/$H125*OFFSET(ORÇAMENTO!$X$15,ROW(AK125)-ROW(AK$15),0),0)","v":0},null,{"$f":"IF($D125<>\"Serviço\",0,IF(AND(AUTOEVENTO=\"Manual\",$M125=1),0,IF(OFFSET(CRONOPLE!$F$14,$M125,AM$13)=\"\",10^12,OFFSET(CRONOPLE!$F$14,$M125,AM$13))))","v":1000000000000},{"$f":"IF($D125<>\"Serviço\",0,IF(AND(AUTOEVENTO=\"Manual\",$M125=1),0,IF(OFFSET(CRONOPLE!$F$14,$M125,AN$13)=\"\",10^12,OFFSET(CRONOPLE!$F$14,$M125,AN$13))))","v":1000000000000},{"$f":"IF($D125<>\"Serviço\",0,IF(AND(AUTOEVENTO=\"Manual\",$M125=1),0,IF(OFFSET(CRONOPLE!$F$14,$M125,AO$13)=\"\",10^12,OFFSET(CRONOPLE!$F$14,$M125,AO$13))))","v":1000000000000},{"$f":"IF($D125<>\"Serviço\",0,IF(AND(AUTOEVENTO=\"Manual\",$M125=1),0,IF(OFFSET(CRONOPLE!$F$14,$M125,AP$13)=\"\",10^12,OFFSET(CRONOPLE!$F$14,$M125,AP$13))))","v":1000000000000},{"$f":"IF($D125<>\"Serviço\",0,IF(AND(AUTOEVENTO=\"Manual\",$M125=1),0,IF(OFFSET(CRONOPLE!$F$14,$M125,AQ$13)=\"\",10^12,OFFSET(CRONOPLE!$F$14,$M125,AQ$13))))","v":1000000000000},{"$f":"IF($D125<>\"Serviço\",0,IF(AND(AUTOEVENTO=\"Manual\",$M125=1),0,IF(OFFSET(CRONOPLE!$F$14,$M125,AR$13)=\"\",10^12,OFFSET(CRONOPLE!$F$14,$M125,AR$13))))","v":1000000000000},{"$f":"IF($D125<>\"Serviço\",0,IF(AND(AUTOEVENTO=\"Manual\",$M125=1),0,IF(OFFSET(CRONOPLE!$F$14,$M125,AS$13)=\"\",10^12,OFFSET(CRONOPLE!$F$14,$M125,AS$13))))","v":1000000000000},{"$f":"IF($D125<>\"Serviço\",0,IF(AND(AUTOEVENTO=\"Manual\",$M125=1),0,IF(OFFSET(CRONOPLE!$F$14,$M125,AT$13)=\"\",10^12,OFFSET(CRONOPLE!$F$14,$M125,AT$13))))","v":1000000000000},{"$f":"IF($D125<>\"Serviço\",0,IF(AND(AUTOEVENTO=\"Manual\",$M125=1),0,IF(OFFSET(CRONOPLE!$F$14,$M125,AU$13)=\"\",10^12,OFFSET(CRONOPLE!$F$14,$M125,AU$13))))","v":1000000000000},{"$f":"IF($D125<>\"Serviço\",0,IF(AND(AUTOEVENTO=\"Manual\",$M125=1),0,IF(OFFSET(CRONOPLE!$F$14,$M125,AV$13)=\"\",10^12,OFFSET(CRONOPLE!$F$14,$M125,AV$13))))","v":1000000000000},null,{"$f":"IF($D125<>\"Serviço\",0,IF(OR(AND(AUTOEVENTO=\"Manual\",$M125=1),$M125>(ROW(PLE.lastrow)-ROW(PLE.firstrow))),0,IF(OFFSET(PLE!$G$14,$M125,AX$13)=\"\",10^12,OFFSET(PLE!$G$14,$M125,AX$13))))","v":1000000000000},{"$f":"IF($D125<>\"Serviço\",0,IF(OR(AND(AUTOEVENTO=\"Manual\",$M125=1),$M125>(ROW(PLE.lastrow)-ROW(PLE.firstrow))),0,IF(OFFSET(PLE!$G$14,$M125,AY$13)=\"\",10^12,OFFSET(PLE!$G$14,$M125,AY$13))))","v":1000000000000},{"$f":"IF($D125<>\"Serviço\",0,IF(OR(AND(AUTOEVENTO=\"Manual\",$M125=1),$M125>(ROW(PLE.lastrow)-ROW(PLE.firstrow))),0,IF(OFFSET(PLE!$G$14,$M125,AZ$13)=\"\",10^12,OFFSET(PLE!$G$14,$M125,AZ$13))))","v":1000000000000},{"$f":"IF($D125<>\"Serviço\",0,IF(OR(AND(AUTOEVENTO=\"Manual\",$M125=1),$M125>(ROW(PLE.lastrow)-ROW(PLE.firstrow))),0,IF(OFFSET(PLE!$G$14,$M125,BA$13)=\"\",10^12,OFFSET(PLE!$G$14,$M125,BA$13))))","v":1000000000000},{"$f":"IF($D125<>\"Serviço\",0,IF(OR(AND(AUTOEVENTO=\"Manual\",$M125=1),$M125>(ROW(PLE.lastrow)-ROW(PLE.firstrow))),0,IF(OFFSET(PLE!$G$14,$M125,BB$13)=\"\",10^12,OFFSET(PLE!$G$14,$M125,BB$13))))","v":1000000000000},{"$f":"IF($D125<>\"Serviço\",0,IF(OR(AND(AUTOEVENTO=\"Manual\",$M125=1),$M125>(ROW(PLE.lastrow)-ROW(PLE.firstrow))),0,IF(OFFSET(PLE!$G$14,$M125,BC$13)=\"\",10^12,OFFSET(PLE!$G$14,$M125,BC$13))))","v":1000000000000},{"$f":"IF($D125<>\"Serviço\",0,IF(OR(AND(AUTOEVENTO=\"Manual\",$M125=1),$M125>(ROW(PLE.lastrow)-ROW(PLE.firstrow))),0,IF(OFFSET(PLE!$G$14,$M125,BD$13)=\"\",10^12,OFFSET(PLE!$G$14,$M125,BD$13))))","v":1000000000000},{"$f":"IF($D125<>\"Serviço\",0,IF(OR(AND(AUTOEVENTO=\"Manual\",$M125=1),$M125>(ROW(PLE.lastrow)-ROW(PLE.firstrow))),0,IF(OFFSET(PLE!$G$14,$M125,BE$13)=\"\",10^12,OFFSET(PLE!$G$14,$M125,BE$13))))","v":1000000000000},{"$f":"IF($D125<>\"Serviço\",0,IF(OR(AND(AUTOEVENTO=\"Manual\",$M125=1),$M125>(ROW(PLE.lastrow)-ROW(PLE.firstrow))),0,IF(OFFSET(PLE!$G$14,$M125,BF$13)=\"\",10^12,OFFSET(PLE!$G$14,$M125,BF$13))))","v":1000000000000},{"$f":"IF($D125<>\"Serviço\",0,IF(OR(AND(AUTOEVENTO=\"Manual\",$M125=1),$M125>(ROW(PLE.lastrow)-ROW(PLE.firstrow))),0,IF(OFFSET(PLE!$G$14,$M125,BG$13)=\"\",10^12,OFFSET(PLE!$G$14,$M125,BG$13))))","v":1000000000000}]
["99",{"$f":"OFFSET(ORÇAMENTO!C$15,ROW(B126)-ROW(B$15),0)","v":"S"},{"$f":"OFFSET(ORÇAMENTO!L$15,ROW(C126)-ROW(C$15),0)","v":"F"},{"$f":"OFFSET(ORÇAMENTO!N$15,ROW(D126)-ROW(D$15),0)","v":"Serviço"},{"$f":"OFFSET(ORÇAMENTO!O$15,ROW(E126)-ROW(E$15),0)","v":"1.9.12."},{"$f":"OFFSET(ORÇAMENTO!R$15,ROW(F126)-ROW(F$15),0)","v":"LUMINÁRIA TIPO CALHA, DE SOBREPOR, COM 2 LÂMPADAS TUBULARES FLUORESCENTES DE 18 W, COM REATOR DE PARTIDA RÁPIDA - FORNECIMENTO E INSTALAÇÃO"},{"$f":"IF($D126<>\"Serviço\",\"\",OFFSET(ORÇAMENTO!S$15,ROW(G126)-ROW(G$15),0))","v":"UN"},{"$f":"IF($D126<>\"Serviço\",0,IF(ACOMPANHAMENTO=\"BM\",ROUND(OFFSET(ORÇAMENTO!AJ$15,ROW(H126)-ROW(H$15),0),15-13*ORÇAMENTO!$AF$7),SUMPRODUCT(($Q$12:$AA$12<>\"\")*ROUND($Q126:$AA126,15-13*ORÇAMENTO!$AF$7))))","v":14},null,null,null,".",{"$f":"IF($D126<>\"Serviço\",\"\",IF(AUTOEVENTO=\"manual\",$A126,IF(ISERROR(MATCH($A126,$A$15:OFFSET($A126,-1,0),0)),MAX($M$15:OFFSET(M126,-1,0))+1,INDEX($M$15:OFFSET(M126,-1,0),MATCH($A126,$A$15:OFFSET($A126,-1,0),0)))))","v":10},{"$f":"IF($D126<>\"Serviço\",\"\",IF(AUTOEVENTO=\"Manual\",IF($A126=0,\"<-- defina o número do agrupador\",OFFSET(EVENTOS!$D$14,$A126,0)),OFFSET($F$15,$A126,0)))","v":"INSTALAÇÕES ELÉTRICAS"},null,null,null,null,null,null,null,null,null,null,null,null,null,{"$f":"IF(AND($D126=\"Serviço\",AB$12<>0,$H126>0,OR(AUTOEVENTO<>\"manual\",$M126<>1)),ROUND(OFFSET($P126,0,AB$13),15-13*ORÇAMENTO!$AF$7)/$H126*OFFSET(ORÇAMENTO!$X$15,ROW(AB126)-ROW(AB$15),0),0)","v":0},{"$f":"IF(AND($D126=\"Serviço\",AC$12<>0,$H126>0,OR(AUTOEVENTO<>\"manual\",$M126<>1)),ROUND(OFFSET($P126,0,AC$13),15-13*ORÇAMENTO!$AF$7)/$H126*OFFSET(ORÇAMENTO!$X$15,ROW(AC126)-ROW(AC$15),0),0)","v":0},{"$f":"IF(AND($D126=\"Serviço\",AD$12<>0,$H126>0,OR(AUTOEVENTO<>\"manual\",$M126<>1)),ROUND(OFFSET($P126,0,AD$13),15-13*ORÇAMENTO!$AF$7)/$H126*OFFSET(ORÇAMENTO!$X$15,ROW(AD126)-ROW(AD$15),0),0)","v":0},{"$f":"IF(AND($D126=\"Serviço\",AE$12<>0,$H126>0,OR(AUTOEVENTO<>\"manual\",$M126<>1)),ROUND(OFFSET($P126,0,AE$13),15-13*ORÇAMENTO!$AF$7)/$H126*OFFSET(ORÇAMENTO!$X$15,ROW(AE126)-ROW(AE$15),0),0)","v":0},{"$f":"IF(AND($D126=\"Serviço\",AF$12<>0,$H126>0,OR(AUTOEVENTO<>\"manual\",$M126<>1)),ROUND(OFFSET($P126,0,AF$13),15-13*ORÇAMENTO!$AF$7)/$H126*OFFSET(ORÇAMENTO!$X$15,ROW(AF126)-ROW(AF$15),0),0)","v":0},{"$f":"IF(AND($D126=\"Serviço\",AG$12<>0,$H126>0,OR(AUTOEVENTO<>\"manual\",$M126<>1)),ROUND(OFFSET($P126,0,AG$13),15-13*ORÇAMENTO!$AF$7)/$H126*OFFSET(ORÇAMENTO!$X$15,ROW(AG126)-ROW(AG$15),0),0)","v":0},{"$f":"IF(AND($D126=\"Serviço\",AH$12<>0,$H126>0,OR(AUTOEVENTO<>\"manual\",$M126<>1)),ROUND(OFFSET($P126,0,AH$13),15-13*ORÇAMENTO!$AF$7)/$H126*OFFSET(ORÇAMENTO!$X$15,ROW(AH126)-ROW(AH$15),0),0)","v":0},{"$f":"IF(AND($D126=\"Serviço\",AI$12<>0,$H126>0,OR(AUTOEVENTO<>\"manual\",$M126<>1)),ROUND(OFFSET($P126,0,AI$13),15-13*ORÇAMENTO!$AF$7)/$H126*OFFSET(ORÇAMENTO!$X$15,ROW(AI126)-ROW(AI$15),0),0)","v":0},{"$f":"IF(AND($D126=\"Serviço\",AJ$12<>0,$H126>0,OR(AUTOEVENTO<>\"manual\",$M126<>1)),ROUND(OFFSET($P126,0,AJ$13),15-13*ORÇAMENTO!$AF$7)/$H126*OFFSET(ORÇAMENTO!$X$15,ROW(AJ126)-ROW(AJ$15),0),0)","v":0},{"$f":"IF(AND($D126=\"Serviço\",AK$12<>0,$H126>0,OR(AUTOEVENTO<>\"manual\",$M126<>1)),ROUND(OFFSET($P126,0,AK$13),15-13*ORÇAMENTO!$AF$7)/$H126*OFFSET(ORÇAMENTO!$X$15,ROW(AK126)-ROW(AK$15),0),0)","v":0},null,{"$f":"IF($D126<>\"Serviço\",0,IF(AND(AUTOEVENTO=\"Manual\",$M126=1),0,IF(OFFSET(CRONOPLE!$F$14,$M126,AM$13)=\"\",10^12,OFFSET(CRONOPLE!$F$14,$M126,AM$13))))","v":1000000000000},{"$f":"IF($D126<>\"Serviço\",0,IF(AND(AUTOEVENTO=\"Manual\",$M126=1),0,IF(OFFSET(CRONOPLE!$F$14,$M126,AN$13)=\"\",10^12,OFFSET(CRONOPLE!$F$14,$M126,AN$13))))","v":1000000000000},{"$f":"IF($D126<>\"Serviço\",0,IF(AND(AUTOEVENTO=\"Manual\",$M126=1),0,IF(OFFSET(CRONOPLE!$F$14,$M126,AO$13)=\"\",10^12,OFFSET(CRONOPLE!$F$14,$M126,AO$13))))","v":1000000000000},{"$f":"IF($D126<>\"Serviço\",0,IF(AND(AUTOEVENTO=\"Manual\",$M126=1),0,IF(OFFSET(CRONOPLE!$F$14,$M126,AP$13)=\"\",10^12,OFFSET(CRONOPLE!$F$14,$M126,AP$13))))","v":1000000000000},{"$f":"IF($D126<>\"Serviço\",0,IF(AND(AUTOEVENTO=\"Manual\",$M126=1),0,IF(OFFSET(CRONOPLE!$F$14,$M126,AQ$13)=\"\",10^12,OFFSET(CRONOPLE!$F$14,$M126,AQ$13))))","v":1000000000000},{"$f":"IF($D126<>\"Serviço\",0,IF(AND(AUTOEVENTO=\"Manual\",$M126=1),0,IF(OFFSET(CRONOPLE!$F$14,$M126,AR$13)=\"\",10^12,OFFSET(CRONOPLE!$F$14,$M126,AR$13))))","v":1000000000000},{"$f":"IF($D126<>\"Serviço\",0,IF(AND(AUTOEVENTO=\"Manual\",$M126=1),0,IF(OFFSET(CRONOPLE!$F$14,$M126,AS$13)=\"\",10^12,OFFSET(CRONOPLE!$F$14,$M126,AS$13))))","v":1000000000000},{"$f":"IF($D126<>\"Serviço\",0,IF(AND(AUTOEVENTO=\"Manual\",$M126=1),0,IF(OFFSET(CRONOPLE!$F$14,$M126,AT$13)=\"\",10^12,OFFSET(CRONOPLE!$F$14,$M126,AT$13))))","v":1000000000000},{"$f":"IF($D126<>\"Serviço\",0,IF(AND(AUTOEVENTO=\"Manual\",$M126=1),0,IF(OFFSET(CRONOPLE!$F$14,$M126,AU$13)=\"\",10^12,OFFSET(CRONOPLE!$F$14,$M126,AU$13))))","v":1000000000000},{"$f":"IF($D126<>\"Serviço\",0,IF(AND(AUTOEVENTO=\"Manual\",$M126=1),0,IF(OFFSET(CRONOPLE!$F$14,$M126,AV$13)=\"\",10^12,OFFSET(CRONOPLE!$F$14,$M126,AV$13))))","v":1000000000000},null,{"$f":"IF($D126<>\"Serviço\",0,IF(OR(AND(AUTOEVENTO=\"Manual\",$M126=1),$M126>(ROW(PLE.lastrow)-ROW(PLE.firstrow))),0,IF(OFFSET(PLE!$G$14,$M126,AX$13)=\"\",10^12,OFFSET(PLE!$G$14,$M126,AX$13))))","v":1000000000000},{"$f":"IF($D126<>\"Serviço\",0,IF(OR(AND(AUTOEVENTO=\"Manual\",$M126=1),$M126>(ROW(PLE.lastrow)-ROW(PLE.firstrow))),0,IF(OFFSET(PLE!$G$14,$M126,AY$13)=\"\",10^12,OFFSET(PLE!$G$14,$M126,AY$13))))","v":1000000000000},{"$f":"IF($D126<>\"Serviço\",0,IF(OR(AND(AUTOEVENTO=\"Manual\",$M126=1),$M126>(ROW(PLE.lastrow)-ROW(PLE.firstrow))),0,IF(OFFSET(PLE!$G$14,$M126,AZ$13)=\"\",10^12,OFFSET(PLE!$G$14,$M126,AZ$13))))","v":1000000000000},{"$f":"IF($D126<>\"Serviço\",0,IF(OR(AND(AUTOEVENTO=\"Manual\",$M126=1),$M126>(ROW(PLE.lastrow)-ROW(PLE.firstrow))),0,IF(OFFSET(PLE!$G$14,$M126,BA$13)=\"\",10^12,OFFSET(PLE!$G$14,$M126,BA$13))))","v":1000000000000},{"$f":"IF($D126<>\"Serviço\",0,IF(OR(AND(AUTOEVENTO=\"Manual\",$M126=1),$M126>(ROW(PLE.lastrow)-ROW(PLE.firstrow))),0,IF(OFFSET(PLE!$G$14,$M126,BB$13)=\"\",10^12,OFFSET(PLE!$G$14,$M126,BB$13))))","v":1000000000000},{"$f":"IF($D126<>\"Serviço\",0,IF(OR(AND(AUTOEVENTO=\"Manual\",$M126=1),$M126>(ROW(PLE.lastrow)-ROW(PLE.firstrow))),0,IF(OFFSET(PLE!$G$14,$M126,BC$13)=\"\",10^12,OFFSET(PLE!$G$14,$M126,BC$13))))","v":1000000000000},{"$f":"IF($D126<>\"Serviço\",0,IF(OR(AND(AUTOEVENTO=\"Manual\",$M126=1),$M126>(ROW(PLE.lastrow)-ROW(PLE.firstrow))),0,IF(OFFSET(PLE!$G$14,$M126,BD$13)=\"\",10^12,OFFSET(PLE!$G$14,$M126,BD$13))))","v":1000000000000},{"$f":"IF($D126<>\"Serviço\",0,IF(OR(AND(AUTOEVENTO=\"Manual\",$M126=1),$M126>(ROW(PLE.lastrow)-ROW(PLE.firstrow))),0,IF(OFFSET(PLE!$G$14,$M126,BE$13)=\"\",10^12,OFFSET(PLE!$G$14,$M126,BE$13))))","v":1000000000000},{"$f":"IF($D126<>\"Serviço\",0,IF(OR(AND(AUTOEVENTO=\"Manual\",$M126=1),$M126>(ROW(PLE.lastrow)-ROW(PLE.firstrow))),0,IF(OFFSET(PLE!$G$14,$M126,BF$13)=\"\",10^12,OFFSET(PLE!$G$14,$M126,BF$13))))","v":1000000000000},{"$f":"IF($D126<>\"Serviço\",0,IF(OR(AND(AUTOEVENTO=\"Manual\",$M126=1),$M126>(ROW(PLE.lastrow)-ROW(PLE.firstrow))),0,IF(OFFSET(PLE!$G$14,$M126,BG$13)=\"\",10^12,OFFSET(PLE!$G$14,$M126,BG$13))))","v":1000000000000}]
[{"$f":"IF(AUTOEVENTO=\"Manual\",IF(K127<>\"\",MIN(VALUE(LEFT(K127,FIND(\".\",K127)-1)),COUNTA(EVENTOS.Lista)),0),IF(OR($B127>AUTOEVENTO,$B127=\"S\",$B127=0),SUBSTITUTE(OFFSET($A127,-1,0),IF($D127=\"Serviço\",\".\",\"\"),\"\"),ROW(A127)-ROW($A$15)&\".\"))","v":"99"},{"$f":"OFFSET(ORÇAMENTO!C$15,ROW(B127)-ROW(B$15),0)","v":"S"},{"$f":"OFFSET(ORÇAMENTO!L$15,ROW(C127)-ROW(C$15),0)","v":"F"},{"$f":"OFFSET(ORÇAMENTO!N$15,ROW(D127)-ROW(D$15),0)","v":"Serviço"},{"$f":"OFFSET(ORÇAMENTO!O$15,ROW(E127)-ROW(E$15),0)","v":"1.9.13."},{"$f":"OFFSET(ORÇAMENTO!R$15,ROW(F127)-ROW(F$15),0)","v":"LUMINÁRIA TIPO SPOT, DE SOBREPOR, COM 1 LÂMPADA FLUORESCENTE DE 15 W, SEM REATOR - FORNECIMENTO E INSTALAÇÃO"},{"$f":"IF($D127<>\"Serviço\",\"\",OFFSET(ORÇAMENTO!S$15,ROW(G127)-ROW(G$15),0))","v":"UN"},{"$f":"IF($D127<>\"Serviço\",0,IF(ACOMPANHAMENTO=\"BM\",ROUND(OFFSET(ORÇAMENTO!AJ$15,ROW(H127)-ROW(H$15),0),15-13*ORÇAMENTO!$AF$7),SUMPRODUCT(($Q$12:$AA$12<>\"\")*ROUND($Q127:$AA127,15-13*ORÇAMENTO!$AF$7))))","v":6},null,null,null,".",{"$f":"IF($D127<>\"Serviço\",\"\",IF(AUTOEVENTO=\"manual\",$A127,IF(ISERROR(MATCH($A127,$A$15:OFFSET($A127,-1,0),0)),MAX($M$15:OFFSET(M127,-1,0))+1,INDEX($M$15:OFFSET(M127,-1,0),MATCH($A127,$A$15:OFFSET($A127,-1,0),0)))))","v":10},{"$f":"IF($D127<>\"Serviço\",\"\",IF(AUTOEVENTO=\"Manual\",IF($A127=0,\"<-- defina o número do agrupador\",OFFSET(EVENTOS!$D$14,$A127,0)),OFFSET($F$15,$A127,0)))","v":"INSTALAÇÕES ELÉTRICAS"},null,null,null,null,null,null,null,null,null,null,null,null,null,{"$f":"IF(AND($D127=\"Serviço\",AB$12<>0,$H127>0,OR(AUTOEVENTO<>\"manual\",$M127<>1)),ROUND(OFFSET($P127,0,AB$13),15-13*ORÇAMENTO!$AF$7)/$H127*OFFSET(ORÇAMENTO!$X$15,ROW(AB127)-ROW(AB$15),0),0)","v":0},{"$f":"IF(AND($D127=\"Serviço\",AC$12<>0,$H127>0,OR(AUTOEVENTO<>\"manual\",$M127<>1)),ROUND(OFFSET($P127,0,AC$13),15-13*ORÇAMENTO!$AF$7)/$H127*OFFSET(ORÇAMENTO!$X$15,ROW(AC127)-ROW(AC$15),0),0)","v":0},{"$f":"IF(AND($D127=\"Serviço\",AD$12<>0,$H127>0,OR(AUTOEVENTO<>\"manual\",$M127<>1)),ROUND(OFFSET($P127,0,AD$13),15-13*ORÇAMENTO!$AF$7)/$H127*OFFSET(ORÇAMENTO!$X$15,ROW(AD127)-ROW(AD$15),0),0)","v":0},{"$f":"IF(AND($D127=\"Serviço\",AE$12<>0,$H127>0,OR(AUTOEVENTO<>\"manual\",$M127<>1)),ROUND(OFFSET($P127,0,AE$13),15-13*ORÇAMENTO!$AF$7)/$H127*OFFSET(ORÇAMENTO!$X$15,ROW(AE127)-ROW(AE$15),0),0)","v":0},{"$f":"IF(AND($D127=\"Serviço\",AF$12<>0,$H127>0,OR(AUTOEVENTO<>\"manual\",$M127<>1)),ROUND(OFFSET($P127,0,AF$13),15-13*ORÇAMENTO!$AF$7)/$H127*OFFSET(ORÇAMENTO!$X$15,ROW(AF127)-ROW(AF$15),0),0)","v":0},{"$f":"IF(AND($D127=\"Serviço\",AG$12<>0,$H127>0,OR(AUTOEVENTO<>\"manual\",$M127<>1)),ROUND(OFFSET($P127,0,AG$13),15-13*ORÇAMENTO!$AF$7)/$H127*OFFSET(ORÇAMENTO!$X$15,ROW(AG127)-ROW(AG$15),0),0)","v":0},{"$f":"IF(AND($D127=\"Serviço\",AH$12<>0,$H127>0,OR(AUTOEVENTO<>\"manual\",$M127<>1)),ROUND(OFFSET($P127,0,AH$13),15-13*ORÇAMENTO!$AF$7)/$H127*OFFSET(ORÇAMENTO!$X$15,ROW(AH127)-ROW(AH$15),0),0)","v":0},{"$f":"IF(AND($D127=\"Serviço\",AI$12<>0,$H127>0,OR(AUTOEVENTO<>\"manual\",$M127<>1)),ROUND(OFFSET($P127,0,AI$13),15-13*ORÇAMENTO!$AF$7)/$H127*OFFSET(ORÇAMENTO!$X$15,ROW(AI127)-ROW(AI$15),0),0)","v":0},{"$f":"IF(AND($D127=\"Serviço\",AJ$12<>0,$H127>0,OR(AUTOEVENTO<>\"manual\",$M127<>1)),ROUND(OFFSET($P127,0,AJ$13),15-13*ORÇAMENTO!$AF$7)/$H127*OFFSET(ORÇAMENTO!$X$15,ROW(AJ127)-ROW(AJ$15),0),0)","v":0},{"$f":"IF(AND($D127=\"Serviço\",AK$12<>0,$H127>0,OR(AUTOEVENTO<>\"manual\",$M127<>1)),ROUND(OFFSET($P127,0,AK$13),15-13*ORÇAMENTO!$AF$7)/$H127*OFFSET(ORÇAMENTO!$X$15,ROW(AK127)-ROW(AK$15),0),0)","v":0},null,{"$f":"IF($D127<>\"Serviço\",0,IF(AND(AUTOEVENTO=\"Manual\",$M127=1),0,IF(OFFSET(CRONOPLE!$F$14,$M127,AM$13)=\"\",10^12,OFFSET(CRONOPLE!$F$14,$M127,AM$13))))","v":1000000000000},{"$f":"IF($D127<>\"Serviço\",0,IF(AND(AUTOEVENTO=\"Manual\",$M127=1),0,IF(OFFSET(CRONOPLE!$F$14,$M127,AN$13)=\"\",10^12,OFFSET(CRONOPLE!$F$14,$M127,AN$13))))","v":1000000000000},{"$f":"IF($D127<>\"Serviço\",0,IF(AND(AUTOEVENTO=\"Manual\",$M127=1),0,IF(OFFSET(CRONOPLE!$F$14,$M127,AO$13)=\"\",10^12,OFFSET(CRONOPLE!$F$14,$M127,AO$13))))","v":1000000000000},{"$f":"IF($D127<>\"Serviço\",0,IF(AND(AUTOEVENTO=\"Manual\",$M127=1),0,IF(OFFSET(CRONOPLE!$F$14,$M127,AP$13)=\"\",10^12,OFFSET(CRONOPLE!$F$14,$M127,AP$13))))","v":1000000000000},{"$f":"IF($D127<>\"Serviço\",0,IF(AND(AUTOEVENTO=\"Manual\",$M127=1),0,IF(OFFSET(CRONOPLE!$F$14,$M127,AQ$13)=\"\",10^12,OFFSET(CRONOPLE!$F$14,$M127,AQ$13))))","v":1000000000000},{"$f":"IF($D127<>\"Serviço\",0,IF(AND(AUTOEVENTO=\"Manual\",$M127=1),0,IF(OFFSET(CRONOPLE!$F$14,$M127,AR$13)=\"\",10^12,OFFSET(CRONOPLE!$F$14,$M127,AR$13))))","v":1000000000000},{"$f":"IF($D127<>\"Serviço\",0,IF(AND(AUTOEVENTO=\"Manual\",$M127=1),0,IF(OFFSET(CRONOPLE!$F$14,$M127,AS$13)=\"\",10^12,OFFSET(CRONOPLE!$F$14,$M127,AS$13))))","v":1000000000000},{"$f":"IF($D127<>\"Serviço\",0,IF(AND(AUTOEVENTO=\"Manual\",$M127=1),0,IF(OFFSET(CRONOPLE!$F$14,$M127,AT$13)=\"\",10^12,OFFSET(CRONOPLE!$F$14,$M127,AT$13))))","v":1000000000000},{"$f":"IF($D127<>\"Serviço\",0,IF(AND(AUTOEVENTO=\"Manual\",$M127=1),0,IF(OFFSET(CRONOPLE!$F$14,$M127,AU$13)=\"\",10^12,OFFSET(CRONOPLE!$F$14,$M127,AU$13))))","v":1000000000000},{"$f":"IF($D127<>\"Serviço\",0,IF(AND(AUTOEVENTO=\"Manual\",$M127=1),0,IF(OFFSET(CRONOPLE!$F$14,$M127,AV$13)=\"\",10^12,OFFSET(CRONOPLE!$F$14,$M127,AV$13))))","v":1000000000000},null,{"$f":"IF($D127<>\"Serviço\",0,IF(OR(AND(AUTOEVENTO=\"Manual\",$M127=1),$M127>(ROW(PLE.lastrow)-ROW(PLE.firstrow))),0,IF(OFFSET(PLE!$G$14,$M127,AX$13)=\"\",10^12,OFFSET(PLE!$G$14,$M127,AX$13))))","v":1000000000000},{"$f":"IF($D127<>\"Serviço\",0,IF(OR(AND(AUTOEVENTO=\"Manual\",$M127=1),$M127>(ROW(PLE.lastrow)-ROW(PLE.firstrow))),0,IF(OFFSET(PLE!$G$14,$M127,AY$13)=\"\",10^12,OFFSET(PLE!$G$14,$M127,AY$13))))","v":1000000000000},{"$f":"IF($D127<>\"Serviço\",0,IF(OR(AND(AUTOEVENTO=\"Manual\",$M127=1),$M127>(ROW(PLE.lastrow)-ROW(PLE.firstrow))),0,IF(OFFSET(PLE!$G$14,$M127,AZ$13)=\"\",10^12,OFFSET(PLE!$G$14,$M127,AZ$13))))","v":1000000000000},{"$f":"IF($D127<>\"Serviço\",0,IF(OR(AND(AUTOEVENTO=\"Manual\",$M127=1),$M127>(ROW(PLE.lastrow)-ROW(PLE.firstrow))),0,IF(OFFSET(PLE!$G$14,$M127,BA$13)=\"\",10^12,OFFSET(PLE!$G$14,$M127,BA$13))))","v":1000000000000},{"$f":"IF($D127<>\"Serviço\",0,IF(OR(AND(AUTOEVENTO=\"Manual\",$M127=1),$M127>(ROW(PLE.lastrow)-ROW(PLE.firstrow))),0,IF(OFFSET(PLE!$G$14,$M127,BB$13)=\"\",10^12,OFFSET(PLE!$G$14,$M127,BB$13))))","v":1000000000000},{"$f":"IF($D127<>\"Serviço\",0,IF(OR(AND(AUTOEVENTO=\"Manual\",$M127=1),$M127>(ROW(PLE.lastrow)-ROW(PLE.firstrow))),0,IF(OFFSET(PLE!$G$14,$M127,BC$13)=\"\",10^12,OFFSET(PLE!$G$14,$M127,BC$13))))","v":1000000000000},{"$f":"IF($D127<>\"Serviço\",0,IF(OR(AND(AUTOEVENTO=\"Manual\",$M127=1),$M127>(ROW(PLE.lastrow)-ROW(PLE.firstrow))),0,IF(OFFSET(PLE!$G$14,$M127,BD$13)=\"\",10^12,OFFSET(PLE!$G$14,$M127,BD$13))))","v":1000000000000},{"$f":"IF($D127<>\"Serviço\",0,IF(OR(AND(AUTOEVENTO=\"Manual\",$M127=1),$M127>(ROW(PLE.lastrow)-ROW(PLE.firstrow))),0,IF(OFFSET(PLE!$G$14,$M127,BE$13)=\"\",10^12,OFFSET(PLE!$G$14,$M127,BE$13))))","v":1000000000000},{"$f":"IF($D127<>\"Serviço\",0,IF(OR(AND(AUTOEVENTO=\"Manual\",$M127=1),$M127>(ROW(PLE.lastrow)-ROW(PLE.firstrow))),0,IF(OFFSET(PLE!$G$14,$M127,BF$13)=\"\",10^12,OFFSET(PLE!$G$14,$M127,BF$13))))","v":1000000000000},{"$f":"IF($D127<>\"Serviço\",0,IF(OR(AND(AUTOEVENTO=\"Manual\",$M127=1),$M127>(ROW(PLE.lastrow)-ROW(PLE.firstrow))),0,IF(OFFSET(PLE!$G$14,$M127,BG$13)=\"\",10^12,OFFSET(PLE!$G$14,$M127,BG$13))))","v":1000000000000}]
[{"$f":"IF(AUTOEVENTO=\"Manual\",IF(K128<>\"\",MIN(VALUE(LEFT(K128,FIND(\".\",K128)-1)),COUNTA(EVENTOS.Lista)),0),IF(OR($B128>AUTOEVENTO,$B128=\"S\",$B128=0),SUBSTITUTE(OFFSET($A128,-1,0),IF($D128=\"Serviço\",\".\",\"\"),\"\"),ROW(A128)-ROW($A$15)&\".\"))","v":"99"},{"$f":"OFFSET(ORÇAMENTO!C$15,ROW(B128)-ROW(B$15),0)","v":"S"},{"$f":"OFFSET(ORÇAMENTO!L$15,ROW(C128)-ROW(C$15),0)","v":"F"},{"$f":"OFFSET(ORÇAMENTO!N$15,ROW(D128)-ROW(D$15),0)","v":"Serviço"},{"$f":"OFFSET(ORÇAMENTO!O$15,ROW(E128)-ROW(E$15),0)","v":"1.9.14."},{"$f":"OFFSET(ORÇAMENTO!R$15,ROW(F128)-ROW(F$15),0)","v":"LUMINARIA LED REFLETOR RETANGULAR BIVOLT, LUZ BRANCA, 50 W"},{"$f":"IF($D128<>\"Serviço\",\"\",OFFSET(ORÇAMENTO!S$15,ROW(G128)-ROW(G$15),0))","v":"UN    "},{"$f":"IF($D128<>\"Serviço\",0,IF(ACOMPANHAMENTO=\"BM\",ROUND(OFFSET(ORÇAMENTO!AJ$15,ROW(H128)-ROW(H$15),0),15-13*ORÇAMENTO!$AF$7),SUMPRODUCT(($Q$12:$AA$12<>\"\")*ROUND($Q128:$AA128,15-13*ORÇAMENTO!$AF$7))))","v":5},null,null,null,".",{"$f":"IF($D128<>\"Serviço\",\"\",IF(AUTOEVENTO=\"manual\",$A128,IF(ISERROR(MATCH($A128,$A$15:OFFSET($A128,-1,0),0)),MAX($M$15:OFFSET(M128,-1,0))+1,INDEX($M$15:OFFSET(M128,-1,0),MATCH($A128,$A$15:OFFSET($A128,-1,0),0)))))","v":10},{"$f":"IF($D128<>\"Serviço\",\"\",IF(AUTOEVENTO=\"Manual\",IF($A128=0,\"<-- defina o número do agrupador\",OFFSET(EVENTOS!$D$14,$A128,0)),OFFSET($F$15,$A128,0)))","v":"INSTALAÇÕES ELÉTRICAS"},null,null,null,null,null,null,null,null,null,null,null,null,null,{"$f":"IF(AND($D128=\"Serviço\",AB$12<>0,$H128>0,OR(AUTOEVENTO<>\"manual\",$M128<>1)),ROUND(OFFSET($P128,0,AB$13),15-13*ORÇAMENTO!$AF$7)/$H128*OFFSET(ORÇAMENTO!$X$15,ROW(AB128)-ROW(AB$15),0),0)","v":0},{"$f":"IF(AND($D128=\"Serviço\",AC$12<>0,$H128>0,OR(AUTOEVENTO<>\"manual\",$M128<>1)),ROUND(OFFSET($P128,0,AC$13),15-13*ORÇAMENTO!$AF$7)/$H128*OFFSET(ORÇAMENTO!$X$15,ROW(AC128)-ROW(AC$15),0),0)","v":0},{"$f":"IF(AND($D128=\"Serviço\",AD$12<>0,$H128>0,OR(AUTOEVENTO<>\"manual\",$M128<>1)),ROUND(OFFSET($P128,0,AD$13),15-13*ORÇAMENTO!$AF$7)/$H128*OFFSET(ORÇAMENTO!$X$15,ROW(AD128)-ROW(AD$15),0),0)","v":0},{"$f":"IF(AND($D128=\"Serviço\",AE$12<>0,$H128>0,OR(AUTOEVENTO<>\"manual\",$M128<>1)),ROUND(OFFSET($P128,0,AE$13),15-13*ORÇAMENTO!$AF$7)/$H128*OFFSET(ORÇAMENTO!$X$15,ROW(AE128)-ROW(AE$15),0),0)","v":0},{"$f":"IF(AND($D128=\"Serviço\",AF$12<>0,$H128>0,OR(AUTOEVENTO<>\"manual\",$M128<>1)),ROUND(OFFSET($P128,0,AF$13),15-13*ORÇAMENTO!$AF$7)/$H128*OFFSET(ORÇAMENTO!$X$15,ROW(AF128)-ROW(AF$15),0),0)","v":0},{"$f":"IF(AND($D128=\"Serviço\",AG$12<>0,$H128>0,OR(AUTOEVENTO<>\"manual\",$M128<>1)),ROUND(OFFSET($P128,0,AG$13),15-13*ORÇAMENTO!$AF$7)/$H128*OFFSET(ORÇAMENTO!$X$15,ROW(AG128)-ROW(AG$15),0),0)","v":0},{"$f":"IF(AND($D128=\"Serviço\",AH$12<>0,$H128>0,OR(AUTOEVENTO<>\"manual\",$M128<>1)),ROUND(OFFSET($P128,0,AH$13),15-13*ORÇAMENTO!$AF$7)/$H128*OFFSET(ORÇAMENTO!$X$15,ROW(AH128)-ROW(AH$15),0),0)","v":0},{"$f":"IF(AND($D128=\"Serviço\",AI$12<>0,$H128>0,OR(AUTOEVENTO<>\"manual\",$M128<>1)),ROUND(OFFSET($P128,0,AI$13),15-13*ORÇAMENTO!$AF$7)/$H128*OFFSET(ORÇAMENTO!$X$15,ROW(AI128)-ROW(AI$15),0),0)","v":0},{"$f":"IF(AND($D128=\"Serviço\",AJ$12<>0,$H128>0,OR(AUTOEVENTO<>\"manual\",$M128<>1)),ROUND(OFFSET($P128,0,AJ$13),15-13*ORÇAMENTO!$AF$7)/$H128*OFFSET(ORÇAMENTO!$X$15,ROW(AJ128)-ROW(AJ$15),0),0)","v":0},{"$f":"IF(AND($D128=\"Serviço\",AK$12<>0,$H128>0,OR(AUTOEVENTO<>\"manual\",$M128<>1)),ROUND(OFFSET($P128,0,AK$13),15-13*ORÇAMENTO!$AF$7)/$H128*OFFSET(ORÇAMENTO!$X$15,ROW(AK128)-ROW(AK$15),0),0)","v":0},null,{"$f":"IF($D128<>\"Serviço\",0,IF(AND(AUTOEVENTO=\"Manual\",$M128=1),0,IF(OFFSET(CRONOPLE!$F$14,$M128,AM$13)=\"\",10^12,OFFSET(CRONOPLE!$F$14,$M128,AM$13))))","v":1000000000000},{"$f":"IF($D128<>\"Serviço\",0,IF(AND(AUTOEVENTO=\"Manual\",$M128=1),0,IF(OFFSET(CRONOPLE!$F$14,$M128,AN$13)=\"\",10^12,OFFSET(CRONOPLE!$F$14,$M128,AN$13))))","v":1000000000000},{"$f":"IF($D128<>\"Serviço\",0,IF(AND(AUTOEVENTO=\"Manual\",$M128=1),0,IF(OFFSET(CRONOPLE!$F$14,$M128,AO$13)=\"\",10^12,OFFSET(CRONOPLE!$F$14,$M128,AO$13))))","v":1000000000000},{"$f":"IF($D128<>\"Serviço\",0,IF(AND(AUTOEVENTO=\"Manual\",$M128=1),0,IF(OFFSET(CRONOPLE!$F$14,$M128,AP$13)=\"\",10^12,OFFSET(CRONOPLE!$F$14,$M128,AP$13))))","v":1000000000000},{"$f":"IF($D128<>\"Serviço\",0,IF(AND(AUTOEVENTO=\"Manual\",$M128=1),0,IF(OFFSET(CRONOPLE!$F$14,$M128,AQ$13)=\"\",10^12,OFFSET(CRONOPLE!$F$14,$M128,AQ$13))))","v":1000000000000},{"$f":"IF($D128<>\"Serviço\",0,IF(AND(AUTOEVENTO=\"Manual\",$M128=1),0,IF(OFFSET(CRONOPLE!$F$14,$M128,AR$13)=\"\",10^12,OFFSET(CRONOPLE!$F$14,$M128,AR$13))))","v":1000000000000},{"$f":"IF($D128<>\"Serviço\",0,IF(AND(AUTOEVENTO=\"Manual\",$M128=1),0,IF(OFFSET(CRONOPLE!$F$14,$M128,AS$13)=\"\",10^12,OFFSET(CRONOPLE!$F$14,$M128,AS$13))))","v":1000000000000},{"$f":"IF($D128<>\"Serviço\",0,IF(AND(AUTOEVENTO=\"Manual\",$M128=1),0,IF(OFFSET(CRONOPLE!$F$14,$M128,AT$13)=\"\",10^12,OFFSET(CRONOPLE!$F$14,$M128,AT$13))))","v":1000000000000},{"$f":"IF($D128<>\"Serviço\",0,IF(AND(AUTOEVENTO=\"Manual\",$M128=1),0,IF(OFFSET(CRONOPLE!$F$14,$M128,AU$13)=\"\",10^12,OFFSET(CRONOPLE!$F$14,$M128,AU$13))))","v":1000000000000},{"$f":"IF($D128<>\"Serviço\",0,IF(AND(AUTOEVENTO=\"Manual\",$M128=1),0,IF(OFFSET(CRONOPLE!$F$14,$M128,AV$13)=\"\",10^12,OFFSET(CRONOPLE!$F$14,$M128,AV$13))))","v":1000000000000},null,{"$f":"IF($D128<>\"Serviço\",0,IF(OR(AND(AUTOEVENTO=\"Manual\",$M128=1),$M128>(ROW(PLE.lastrow)-ROW(PLE.firstrow))),0,IF(OFFSET(PLE!$G$14,$M128,AX$13)=\"\",10^12,OFFSET(PLE!$G$14,$M128,AX$13))))","v":1000000000000},{"$f":"IF($D128<>\"Serviço\",0,IF(OR(AND(AUTOEVENTO=\"Manual\",$M128=1),$M128>(ROW(PLE.lastrow)-ROW(PLE.firstrow))),0,IF(OFFSET(PLE!$G$14,$M128,AY$13)=\"\",10^12,OFFSET(PLE!$G$14,$M128,AY$13))))","v":1000000000000},{"$f":"IF($D128<>\"Serviço\",0,IF(OR(AND(AUTOEVENTO=\"Manual\",$M128=1),$M128>(ROW(PLE.lastrow)-ROW(PLE.firstrow))),0,IF(OFFSET(PLE!$G$14,$M128,AZ$13)=\"\",10^12,OFFSET(PLE!$G$14,$M128,AZ$13))))","v":1000000000000},{"$f":"IF($D128<>\"Serviço\",0,IF(OR(AND(AUTOEVENTO=\"Manual\",$M128=1),$M128>(ROW(PLE.lastrow)-ROW(PLE.firstrow))),0,IF(OFFSET(PLE!$G$14,$M128,BA$13)=\"\",10^12,OFFSET(PLE!$G$14,$M128,BA$13))))","v":1000000000000},{"$f":"IF($D128<>\"Serviço\",0,IF(OR(AND(AUTOEVENTO=\"Manual\",$M128=1),$M128>(ROW(PLE.lastrow)-ROW(PLE.firstrow))),0,IF(OFFSET(PLE!$G$14,$M128,BB$13)=\"\",10^12,OFFSET(PLE!$G$14,$M128,BB$13))))","v":1000000000000},{"$f":"IF($D128<>\"Serviço\",0,IF(OR(AND(AUTOEVENTO=\"Manual\",$M128=1),$M128>(ROW(PLE.lastrow)-ROW(PLE.firstrow))),0,IF(OFFSET(PLE!$G$14,$M128,BC$13)=\"\",10^12,OFFSET(PLE!$G$14,$M128,BC$13))))","v":1000000000000},{"$f":"IF($D128<>\"Serviço\",0,IF(OR(AND(AUTOEVENTO=\"Manual\",$M128=1),$M128>(ROW(PLE.lastrow)-ROW(PLE.firstrow))),0,IF(OFFSET(PLE!$G$14,$M128,BD$13)=\"\",10^12,OFFSET(PLE!$G$14,$M128,BD$13))))","v":1000000000000},{"$f":"IF($D128<>\"Serviço\",0,IF(OR(AND(AUTOEVENTO=\"Manual\",$M128=1),$M128>(ROW(PLE.lastrow)-ROW(PLE.firstrow))),0,IF(OFFSET(PLE!$G$14,$M128,BE$13)=\"\",10^12,OFFSET(PLE!$G$14,$M128,BE$13))))","v":1000000000000},{"$f":"IF($D128<>\"Serviço\",0,IF(OR(AND(AUTOEVENTO=\"Manual\",$M128=1),$M128>(ROW(PLE.lastrow)-ROW(PLE.firstrow))),0,IF(OFFSET(PLE!$G$14,$M128,BF$13)=\"\",10^12,OFFSET(PLE!$G$14,$M128,BF$13))))","v":1000000000000},{"$f":"IF($D128<>\"Serviço\",0,IF(OR(AND(AUTOEVENTO=\"Manual\",$M128=1),$M128>(ROW(PLE.lastrow)-ROW(PLE.firstrow))),0,IF(OFFSET(PLE!$G$14,$M128,BG$13)=\"\",10^12,OFFSET(PLE!$G$14,$M128,BG$13))))","v":1000000000000}]
["99",{"$f":"OFFSET(ORÇAMENTO!C$15,ROW(B129)-ROW(B$15),0)","v":"S"},{"$f":"OFFSET(ORÇAMENTO!L$15,ROW(C129)-ROW(C$15),0)","v":"F"},{"$f":"OFFSET(ORÇAMENTO!N$15,ROW(D129)-ROW(D$15),0)","v":"Serviço"},{"$f":"OFFSET(ORÇAMENTO!O$15,ROW(E129)-ROW(E$15),0)","v":"1.9.15."},{"$f":"OFFSET(ORÇAMENTO!R$15,ROW(F129)-ROW(F$15),0)","v":"CABO DE COBRE FLEXÍVEL ISOLADO, 1,5 MM², ANTI-CHAMA 450/750 V, PARA CIRCUITOS TERMINAIS - FORNECIMENTO E INSTALAÇÃO"},{"$f":"IF($D129<>\"Serviço\",\"\",OFFSET(ORÇAMENTO!S$15,ROW(G129)-ROW(G$15),0))","v":"M"},{"$f":"IF($D129<>\"Serviço\",0,IF(ACOMPANHAMENTO=\"BM\",ROUND(OFFSET(ORÇAMENTO!AJ$15,ROW(H129)-ROW(H$15),0),15-13*ORÇAMENTO!$AF$7),SUMPRODUCT(($Q$12:$AA$12<>\"\")*ROUND($Q129:$AA129,15-13*ORÇAMENTO!$AF$7))))","v":157.4},null,null,null,".",{"$f":"IF($D129<>\"Serviço\",\"\",IF(AUTOEVENTO=\"manual\",$A129,IF(ISERROR(MATCH($A129,$A$15:OFFSET($A129,-1,0),0)),MAX($M$15:OFFSET(M129,-1,0))+1,INDEX($M$15:OFFSET(M129,-1,0),MATCH($A129,$A$15:OFFSET($A129,-1,0),0)))))","v":10},{"$f":"IF($D129<>\"Serviço\",\"\",IF(AUTOEVENTO=\"Manual\",IF($A129=0,\"<-- defina o número do agrupador\",OFFSET(EVENTOS!$D$14,$A129,0)),OFFSET($F$15,$A129,0)))","v":"INSTALAÇÕES ELÉTRICAS"},null,null,null,null,null,null,null,null,null,null,null,null,null,{"$f":"IF(AND($D129=\"Serviço\",AB$12<>0,$H129>0,OR(AUTOEVENTO<>\"manual\",$M129<>1)),ROUND(OFFSET($P129,0,AB$13),15-13*ORÇAMENTO!$AF$7)/$H129*OFFSET(ORÇAMENTO!$X$15,ROW(AB129)-ROW(AB$15),0),0)","v":0},{"$f":"IF(AND($D129=\"Serviço\",AC$12<>0,$H129>0,OR(AUTOEVENTO<>\"manual\",$M129<>1)),ROUND(OFFSET($P129,0,AC$13),15-13*ORÇAMENTO!$AF$7)/$H129*OFFSET(ORÇAMENTO!$X$15,ROW(AC129)-ROW(AC$15),0),0)","v":0},{"$f":"IF(AND($D129=\"Serviço\",AD$12<>0,$H129>0,OR(AUTOEVENTO<>\"manual\",$M129<>1)),ROUND(OFFSET($P129,0,AD$13),15-13*ORÇAMENTO!$AF$7)/$H129*OFFSET(ORÇAMENTO!$X$15,ROW(AD129)-ROW(AD$15),0),0)","v":0},{"$f":"IF(AND($D129=\"Serviço\",AE$12<>0,$H129>0,OR(AUTOEVENTO<>\"manual\",$M129<>1)),ROUND(OFFSET($P129,0,AE$13),15-13*ORÇAMENTO!$AF$7)/$H129*OFFSET(ORÇAMENTO!$X$15,ROW(AE129)-ROW(AE$15),0),0)","v":0},{"$f":"IF(AND($D129=\"Serviço\",AF$12<>0,$H129>0,OR(AUTOEVENTO<>\"manual\",$M129<>1)),ROUND(OFFSET($P129,0,AF$13),15-13*ORÇAMENTO!$AF$7)/$H129*OFFSET(ORÇAMENTO!$X$15,ROW(AF129)-ROW(AF$15),0),0)","v":0},{"$f":"IF(AND($D129=\"Serviço\",AG$12<>0,$H129>0,OR(AUTOEVENTO<>\"manual\",$M129<>1)),ROUND(OFFSET($P129,0,AG$13),15-13*ORÇAMENTO!$AF$7)/$H129*OFFSET(ORÇAMENTO!$X$15,ROW(AG129)-ROW(AG$15),0),0)","v":0},{"$f":"IF(AND($D129=\"Serviço\",AH$12<>0,$H129>0,OR(AUTOEVENTO<>\"manual\",$M129<>1)),ROUND(OFFSET($P129,0,AH$13),15-13*ORÇAMENTO!$AF$7)/$H129*OFFSET(ORÇAMENTO!$X$15,ROW(AH129)-ROW(AH$15),0),0)","v":0},{"$f":"IF(AND($D129=\"Serviço\",AI$12<>0,$H129>0,OR(AUTOEVENTO<>\"manual\",$M129<>1)),ROUND(OFFSET($P129,0,AI$13),15-13*ORÇAMENTO!$AF$7)/$H129*OFFSET(ORÇAMENTO!$X$15,ROW(AI129)-ROW(AI$15),0),0)","v":0},{"$f":"IF(AND($D129=\"Serviço\",AJ$12<>0,$H129>0,OR(AUTOEVENTO<>\"manual\",$M129<>1)),ROUND(OFFSET($P129,0,AJ$13),15-13*ORÇAMENTO!$AF$7)/$H129*OFFSET(ORÇAMENTO!$X$15,ROW(AJ129)-ROW(AJ$15),0),0)","v":0},{"$f":"IF(AND($D129=\"Serviço\",AK$12<>0,$H129>0,OR(AUTOEVENTO<>\"manual\",$M129<>1)),ROUND(OFFSET($P129,0,AK$13),15-13*ORÇAMENTO!$AF$7)/$H129*OFFSET(ORÇAMENTO!$X$15,ROW(AK129)-ROW(AK$15),0),0)","v":0},null,{"$f":"IF($D129<>\"Serviço\",0,IF(AND(AUTOEVENTO=\"Manual\",$M129=1),0,IF(OFFSET(CRONOPLE!$F$14,$M129,AM$13)=\"\",10^12,OFFSET(CRONOPLE!$F$14,$M129,AM$13))))","v":1000000000000},{"$f":"IF($D129<>\"Serviço\",0,IF(AND(AUTOEVENTO=\"Manual\",$M129=1),0,IF(OFFSET(CRONOPLE!$F$14,$M129,AN$13)=\"\",10^12,OFFSET(CRONOPLE!$F$14,$M129,AN$13))))","v":1000000000000},{"$f":"IF($D129<>\"Serviço\",0,IF(AND(AUTOEVENTO=\"Manual\",$M129=1),0,IF(OFFSET(CRONOPLE!$F$14,$M129,AO$13)=\"\",10^12,OFFSET(CRONOPLE!$F$14,$M129,AO$13))))","v":1000000000000},{"$f":"IF($D129<>\"Serviço\",0,IF(AND(AUTOEVENTO=\"Manual\",$M129=1),0,IF(OFFSET(CRONOPLE!$F$14,$M129,AP$13)=\"\",10^12,OFFSET(CRONOPLE!$F$14,$M129,AP$13))))","v":1000000000000},{"$f":"IF($D129<>\"Serviço\",0,IF(AND(AUTOEVENTO=\"Manual\",$M129=1),0,IF(OFFSET(CRONOPLE!$F$14,$M129,AQ$13)=\"\",10^12,OFFSET(CRONOPLE!$F$14,$M129,AQ$13))))","v":1000000000000},{"$f":"IF($D129<>\"Serviço\",0,IF(AND(AUTOEVENTO=\"Manual\",$M129=1),0,IF(OFFSET(CRONOPLE!$F$14,$M129,AR$13)=\"\",10^12,OFFSET(CRONOPLE!$F$14,$M129,AR$13))))","v":1000000000000},{"$f":"IF($D129<>\"Serviço\",0,IF(AND(AUTOEVENTO=\"Manual\",$M129=1),0,IF(OFFSET(CRONOPLE!$F$14,$M129,AS$13)=\"\",10^12,OFFSET(CRONOPLE!$F$14,$M129,AS$13))))","v":1000000000000},{"$f":"IF($D129<>\"Serviço\",0,IF(AND(AUTOEVENTO=\"Manual\",$M129=1),0,IF(OFFSET(CRONOPLE!$F$14,$M129,AT$13)=\"\",10^12,OFFSET(CRONOPLE!$F$14,$M129,AT$13))))","v":1000000000000},{"$f":"IF($D129<>\"Serviço\",0,IF(AND(AUTOEVENTO=\"Manual\",$M129=1),0,IF(OFFSET(CRONOPLE!$F$14,$M129,AU$13)=\"\",10^12,OFFSET(CRONOPLE!$F$14,$M129,AU$13))))","v":1000000000000},{"$f":"IF($D129<>\"Serviço\",0,IF(AND(AUTOEVENTO=\"Manual\",$M129=1),0,IF(OFFSET(CRONOPLE!$F$14,$M129,AV$13)=\"\",10^12,OFFSET(CRONOPLE!$F$14,$M129,AV$13))))","v":1000000000000},null,{"$f":"IF($D129<>\"Serviço\",0,IF(OR(AND(AUTOEVENTO=\"Manual\",$M129=1),$M129>(ROW(PLE.lastrow)-ROW(PLE.firstrow))),0,IF(OFFSET(PLE!$G$14,$M129,AX$13)=\"\",10^12,OFFSET(PLE!$G$14,$M129,AX$13))))","v":1000000000000},{"$f":"IF($D129<>\"Serviço\",0,IF(OR(AND(AUTOEVENTO=\"Manual\",$M129=1),$M129>(ROW(PLE.lastrow)-ROW(PLE.firstrow))),0,IF(OFFSET(PLE!$G$14,$M129,AY$13)=\"\",10^12,OFFSET(PLE!$G$14,$M129,AY$13))))","v":1000000000000},{"$f":"IF($D129<>\"Serviço\",0,IF(OR(AND(AUTOEVENTO=\"Manual\",$M129=1),$M129>(ROW(PLE.lastrow)-ROW(PLE.firstrow))),0,IF(OFFSET(PLE!$G$14,$M129,AZ$13)=\"\",10^12,OFFSET(PLE!$G$14,$M129,AZ$13))))","v":1000000000000},{"$f":"IF($D129<>\"Serviço\",0,IF(OR(AND(AUTOEVENTO=\"Manual\",$M129=1),$M129>(ROW(PLE.lastrow)-ROW(PLE.firstrow))),0,IF(OFFSET(PLE!$G$14,$M129,BA$13)=\"\",10^12,OFFSET(PLE!$G$14,$M129,BA$13))))","v":1000000000000},{"$f":"IF($D129<>\"Serviço\",0,IF(OR(AND(AUTOEVENTO=\"Manual\",$M129=1),$M129>(ROW(PLE.lastrow)-ROW(PLE.firstrow))),0,IF(OFFSET(PLE!$G$14,$M129,BB$13)=\"\",10^12,OFFSET(PLE!$G$14,$M129,BB$13))))","v":1000000000000},{"$f":"IF($D129<>\"Serviço\",0,IF(OR(AND(AUTOEVENTO=\"Manual\",$M129=1),$M129>(ROW(PLE.lastrow)-ROW(PLE.firstrow))),0,IF(OFFSET(PLE!$G$14,$M129,BC$13)=\"\",10^12,OFFSET(PLE!$G$14,$M129,BC$13))))","v":1000000000000},{"$f":"IF($D129<>\"Serviço\",0,IF(OR(AND(AUTOEVENTO=\"Manual\",$M129=1),$M129>(ROW(PLE.lastrow)-ROW(PLE.firstrow))),0,IF(OFFSET(PLE!$G$14,$M129,BD$13)=\"\",10^12,OFFSET(PLE!$G$14,$M129,BD$13))))","v":1000000000000},{"$f":"IF($D129<>\"Serviço\",0,IF(OR(AND(AUTOEVENTO=\"Manual\",$M129=1),$M129>(ROW(PLE.lastrow)-ROW(PLE.firstrow))),0,IF(OFFSET(PLE!$G$14,$M129,BE$13)=\"\",10^12,OFFSET(PLE!$G$14,$M129,BE$13))))","v":1000000000000},{"$f":"IF($D129<>\"Serviço\",0,IF(OR(AND(AUTOEVENTO=\"Manual\",$M129=1),$M129>(ROW(PLE.lastrow)-ROW(PLE.firstrow))),0,IF(OFFSET(PLE!$G$14,$M129,BF$13)=\"\",10^12,OFFSET(PLE!$G$14,$M129,BF$13))))","v":1000000000000},{"$f":"IF($D129<>\"Serviço\",0,IF(OR(AND(AUTOEVENTO=\"Manual\",$M129=1),$M129>(ROW(PLE.lastrow)-ROW(PLE.firstrow))),0,IF(OFFSET(PLE!$G$14,$M129,BG$13)=\"\",10^12,OFFSET(PLE!$G$14,$M129,BG$13))))","v":1000000000000}]
["99",{"$f":"OFFSET(ORÇAMENTO!C$15,ROW(B130)-ROW(B$15),0)","v":"S"},{"$f":"OFFSET(ORÇAMENTO!L$15,ROW(C130)-ROW(C$15),0)","v":"F"},{"$f":"OFFSET(ORÇAMENTO!N$15,ROW(D130)-ROW(D$15),0)","v":"Serviço"},{"$f":"OFFSET(ORÇAMENTO!O$15,ROW(E130)-ROW(E$15),0)","v":"1.9.16."},{"$f":"OFFSET(ORÇAMENTO!R$15,ROW(F130)-ROW(F$15),0)","v":"CABO DE COBRE FLEXÍVEL ISOLADO, 2,5 MM², ANTI-CHAMA 450/750 V, PARA CIRCUITOS TERMINAIS - FORNECIMENTO E INSTALAÇÃO"},{"$f":"IF($D130<>\"Serviço\",\"\",OFFSET(ORÇAMENTO!S$15,ROW(G130)-ROW(G$15),0))","v":"M"},{"$f":"IF($D130<>\"Serviço\",0,IF(ACOMPANHAMENTO=\"BM\",ROUND(OFFSET(ORÇAMENTO!AJ$15,ROW(H130)-ROW(H$15),0),15-13*ORÇAMENTO!$AF$7),SUMPRODUCT(($Q$12:$AA$12<>\"\")*ROUND($Q130:$AA130,15-13*ORÇAMENTO!$AF$7))))","v":402.55},null,null,null,".",{"$f":"IF($D130<>\"Serviço\",\"\",IF(AUTOEVENTO=\"manual\",$A130,IF(ISERROR(MATCH($A130,$A$15:OFFSET($A130,-1,0),0)),MAX($M$15:OFFSET(M130,-1,0))+1,INDEX($M$15:OFFSET(M130,-1,0),MATCH($A130,$A$15:OFFSET($A130,-1,0),0)))))","v":10},{"$f":"IF($D130<>\"Serviço\",\"\",IF(AUTOEVENTO=\"Manual\",IF($A130=0,\"<-- defina o número do agrupador\",OFFSET(EVENTOS!$D$14,$A130,0)),OFFSET($F$15,$A130,0)))","v":"INSTALAÇÕES ELÉTRICAS"},null,null,null,null,null,null,null,null,null,null,null,null,null,{"$f":"IF(AND($D130=\"Serviço\",AB$12<>0,$H130>0,OR(AUTOEVENTO<>\"manual\",$M130<>1)),ROUND(OFFSET($P130,0,AB$13),15-13*ORÇAMENTO!$AF$7)/$H130*OFFSET(ORÇAMENTO!$X$15,ROW(AB130)-ROW(AB$15),0),0)","v":0},{"$f":"IF(AND($D130=\"Serviço\",AC$12<>0,$H130>0,OR(AUTOEVENTO<>\"manual\",$M130<>1)),ROUND(OFFSET($P130,0,AC$13),15-13*ORÇAMENTO!$AF$7)/$H130*OFFSET(ORÇAMENTO!$X$15,ROW(AC130)-ROW(AC$15),0),0)","v":0},{"$f":"IF(AND($D130=\"Serviço\",AD$12<>0,$H130>0,OR(AUTOEVENTO<>\"manual\",$M130<>1)),ROUND(OFFSET($P130,0,AD$13),15-13*ORÇAMENTO!$AF$7)/$H130*OFFSET(ORÇAMENTO!$X$15,ROW(AD130)-ROW(AD$15),0),0)","v":0},{"$f":"IF(AND($D130=\"Serviço\",AE$12<>0,$H130>0,OR(AUTOEVENTO<>\"manual\",$M130<>1)),ROUND(OFFSET($P130,0,AE$13),15-13*ORÇAMENTO!$AF$7)/$H130*OFFSET(ORÇAMENTO!$X$15,ROW(AE130)-ROW(AE$15),0),0)","v":0},{"$f":"IF(AND($D130=\"Serviço\",AF$12<>0,$H130>0,OR(AUTOEVENTO<>\"manual\",$M130<>1)),ROUND(OFFSET($P130,0,AF$13),15-13*ORÇAMENTO!$AF$7)/$H130*OFFSET(ORÇAMENTO!$X$15,ROW(AF130)-ROW(AF$15),0),0)","v":0},{"$f":"IF(AND($D130=\"Serviço\",AG$12<>0,$H130>0,OR(AUTOEVENTO<>\"manual\",$M130<>1)),ROUND(OFFSET($P130,0,AG$13),15-13*ORÇAMENTO!$AF$7)/$H130*OFFSET(ORÇAMENTO!$X$15,ROW(AG130)-ROW(AG$15),0),0)","v":0},{"$f":"IF(AND($D130=\"Serviço\",AH$12<>0,$H130>0,OR(AUTOEVENTO<>\"manual\",$M130<>1)),ROUND(OFFSET($P130,0,AH$13),15-13*ORÇAMENTO!$AF$7)/$H130*OFFSET(ORÇAMENTO!$X$15,ROW(AH130)-ROW(AH$15),0),0)","v":0},{"$f":"IF(AND($D130=\"Serviço\",AI$12<>0,$H130>0,OR(AUTOEVENTO<>\"manual\",$M130<>1)),ROUND(OFFSET($P130,0,AI$13),15-13*ORÇAMENTO!$AF$7)/$H130*OFFSET(ORÇAMENTO!$X$15,ROW(AI130)-ROW(AI$15),0),0)","v":0},{"$f":"IF(AND($D130=\"Serviço\",AJ$12<>0,$H130>0,OR(AUTOEVENTO<>\"manual\",$M130<>1)),ROUND(OFFSET($P130,0,AJ$13),15-13*ORÇAMENTO!$AF$7)/$H130*OFFSET(ORÇAMENTO!$X$15,ROW(AJ130)-ROW(AJ$15),0),0)","v":0},{"$f":"IF(AND($D130=\"Serviço\",AK$12<>0,$H130>0,OR(AUTOEVENTO<>\"manual\",$M130<>1)),ROUND(OFFSET($P130,0,AK$13),15-13*ORÇAMENTO!$AF$7)/$H130*OFFSET(ORÇAMENTO!$X$15,ROW(AK130)-ROW(AK$15),0),0)","v":0},null,{"$f":"IF($D130<>\"Serviço\",0,IF(AND(AUTOEVENTO=\"Manual\",$M130=1),0,IF(OFFSET(CRONOPLE!$F$14,$M130,AM$13)=\"\",10^12,OFFSET(CRONOPLE!$F$14,$M130,AM$13))))","v":1000000000000},{"$f":"IF($D130<>\"Serviço\",0,IF(AND(AUTOEVENTO=\"Manual\",$M130=1),0,IF(OFFSET(CRONOPLE!$F$14,$M130,AN$13)=\"\",10^12,OFFSET(CRONOPLE!$F$14,$M130,AN$13))))","v":1000000000000},{"$f":"IF($D130<>\"Serviço\",0,IF(AND(AUTOEVENTO=\"Manual\",$M130=1),0,IF(OFFSET(CRONOPLE!$F$14,$M130,AO$13)=\"\",10^12,OFFSET(CRONOPLE!$F$14,$M130,AO$13))))","v":1000000000000},{"$f":"IF($D130<>\"Serviço\",0,IF(AND(AUTOEVENTO=\"Manual\",$M130=1),0,IF(OFFSET(CRONOPLE!$F$14,$M130,AP$13)=\"\",10^12,OFFSET(CRONOPLE!$F$14,$M130,AP$13))))","v":1000000000000},{"$f":"IF($D130<>\"Serviço\",0,IF(AND(AUTOEVENTO=\"Manual\",$M130=1),0,IF(OFFSET(CRONOPLE!$F$14,$M130,AQ$13)=\"\",10^12,OFFSET(CRONOPLE!$F$14,$M130,AQ$13))))","v":1000000000000},{"$f":"IF($D130<>\"Serviço\",0,IF(AND(AUTOEVENTO=\"Manual\",$M130=1),0,IF(OFFSET(CRONOPLE!$F$14,$M130,AR$13)=\"\",10^12,OFFSET(CRONOPLE!$F$14,$M130,AR$13))))","v":1000000000000},{"$f":"IF($D130<>\"Serviço\",0,IF(AND(AUTOEVENTO=\"Manual\",$M130=1),0,IF(OFFSET(CRONOPLE!$F$14,$M130,AS$13)=\"\",10^12,OFFSET(CRONOPLE!$F$14,$M130,AS$13))))","v":1000000000000},{"$f":"IF($D130<>\"Serviço\",0,IF(AND(AUTOEVENTO=\"Manual\",$M130=1),0,IF(OFFSET(CRONOPLE!$F$14,$M130,AT$13)=\"\",10^12,OFFSET(CRONOPLE!$F$14,$M130,AT$13))))","v":1000000000000},{"$f":"IF($D130<>\"Serviço\",0,IF(AND(AUTOEVENTO=\"Manual\",$M130=1),0,IF(OFFSET(CRONOPLE!$F$14,$M130,AU$13)=\"\",10^12,OFFSET(CRONOPLE!$F$14,$M130,AU$13))))","v":1000000000000},{"$f":"IF($D130<>\"Serviço\",0,IF(AND(AUTOEVENTO=\"Manual\",$M130=1),0,IF(OFFSET(CRONOPLE!$F$14,$M130,AV$13)=\"\",10^12,OFFSET(CRONOPLE!$F$14,$M130,AV$13))))","v":1000000000000},null,{"$f":"IF($D130<>\"Serviço\",0,IF(OR(AND(AUTOEVENTO=\"Manual\",$M130=1),$M130>(ROW(PLE.lastrow)-ROW(PLE.firstrow))),0,IF(OFFSET(PLE!$G$14,$M130,AX$13)=\"\",10^12,OFFSET(PLE!$G$14,$M130,AX$13))))","v":1000000000000},{"$f":"IF($D130<>\"Serviço\",0,IF(OR(AND(AUTOEVENTO=\"Manual\",$M130=1),$M130>(ROW(PLE.lastrow)-ROW(PLE.firstrow))),0,IF(OFFSET(PLE!$G$14,$M130,AY$13)=\"\",10^12,OFFSET(PLE!$G$14,$M130,AY$13))))","v":1000000000000},{"$f":"IF($D130<>\"Serviço\",0,IF(OR(AND(AUTOEVENTO=\"Manual\",$M130=1),$M130>(ROW(PLE.lastrow)-ROW(PLE.firstrow))),0,IF(OFFSET(PLE!$G$14,$M130,AZ$13)=\"\",10^12,OFFSET(PLE!$G$14,$M130,AZ$13))))","v":1000000000000},{"$f":"IF($D130<>\"Serviço\",0,IF(OR(AND(AUTOEVENTO=\"Manual\",$M130=1),$M130>(ROW(PLE.lastrow)-ROW(PLE.firstrow))),0,IF(OFFSET(PLE!$G$14,$M130,BA$13)=\"\",10^12,OFFSET(PLE!$G$14,$M130,BA$13))))","v":1000000000000},{"$f":"IF($D130<>\"Serviço\",0,IF(OR(AND(AUTOEVENTO=\"Manual\",$M130=1),$M130>(ROW(PLE.lastrow)-ROW(PLE.firstrow))),0,IF(OFFSET(PLE!$G$14,$M130,BB$13)=\"\",10^12,OFFSET(PLE!$G$14,$M130,BB$13))))","v":1000000000000},{"$f":"IF($D130<>\"Serviço\",0,IF(OR(AND(AUTOEVENTO=\"Manual\",$M130=1),$M130>(ROW(PLE.lastrow)-ROW(PLE.firstrow))),0,IF(OFFSET(PLE!$G$14,$M130,BC$13)=\"\",10^12,OFFSET(PLE!$G$14,$M130,BC$13))))","v":1000000000000},{"$f":"IF($D130<>\"Serviço\",0,IF(OR(AND(AUTOEVENTO=\"Manual\",$M130=1),$M130>(ROW(PLE.lastrow)-ROW(PLE.firstrow))),0,IF(OFFSET(PLE!$G$14,$M130,BD$13)=\"\",10^12,OFFSET(PLE!$G$14,$M130,BD$13))))","v":1000000000000},{"$f":"IF($D130<>\"Serviço\",0,IF(OR(AND(AUTOEVENTO=\"Manual\",$M130=1),$M130>(ROW(PLE.lastrow)-ROW(PLE.firstrow))),0,IF(OFFSET(PLE!$G$14,$M130,BE$13)=\"\",10^12,OFFSET(PLE!$G$14,$M130,BE$13))))","v":1000000000000},{"$f":"IF($D130<>\"Serviço\",0,IF(OR(AND(AUTOEVENTO=\"Manual\",$M130=1),$M130>(ROW(PLE.lastrow)-ROW(PLE.firstrow))),0,IF(OFFSET(PLE!$G$14,$M130,BF$13)=\"\",10^12,OFFSET(PLE!$G$14,$M130,BF$13))))","v":1000000000000},{"$f":"IF($D130<>\"Serviço\",0,IF(OR(AND(AUTOEVENTO=\"Manual\",$M130=1),$M130>(ROW(PLE.lastrow)-ROW(PLE.firstrow))),0,IF(OFFSET(PLE!$G$14,$M130,BG$13)=\"\",10^12,OFFSET(PLE!$G$14,$M130,BG$13))))","v":1000000000000}]
[{"$f":"IF(AUTOEVENTO=\"Manual\",IF(K131<>\"\",MIN(VALUE(LEFT(K131,FIND(\".\",K131)-1)),COUNTA(EVENTOS.Lista)),0),IF(OR($B131>AUTOEVENTO,$B131=\"S\",$B131=0),SUBSTITUTE(OFFSET($A131,-1,0),IF($D131=\"Serviço\",\".\",\"\"),\"\"),ROW(A131)-ROW($A$15)&\".\"))","v":"99"},{"$f":"OFFSET(ORÇAMENTO!C$15,ROW(B131)-ROW(B$15),0)","v":"S"},{"$f":"OFFSET(ORÇAMENTO!L$15,ROW(C131)-ROW(C$15),0)","v":"F"},{"$f":"OFFSET(ORÇAMENTO!N$15,ROW(D131)-ROW(D$15),0)","v":"Serviço"},{"$f":"OFFSET(ORÇAMENTO!O$15,ROW(E131)-ROW(E$15),0)","v":"1.9.17."},{"$f":"OFFSET(ORÇAMENTO!R$15,ROW(F131)-ROW(F$15),0)","v":"CABO DE COBRE FLEXÍVEL ISOLADO, 10 MM², ANTI-CHAMA 450/750 V, PARA CIRCUITOS TERMINAIS - FORNECIMENTO E INSTALAÇÃO"},{"$f":"IF($D131<>\"Serviço\",\"\",OFFSET(ORÇAMENTO!S$15,ROW(G131)-ROW(G$15),0))","v":"M"},{"$f":"IF($D131<>\"Serviço\",0,IF(ACOMPANHAMENTO=\"BM\",ROUND(OFFSET(ORÇAMENTO!AJ$15,ROW(H131)-ROW(H$15),0),15-13*ORÇAMENTO!$AF$7),SUMPRODUCT(($Q$12:$AA$12<>\"\")*ROUND($Q131:$AA131,15-13*ORÇAMENTO!$AF$7))))","v":20},null,null,null,".",{"$f":"IF($D131<>\"Serviço\",\"\",IF(AUTOEVENTO=\"manual\",$A131,IF(ISERROR(MATCH($A131,$A$15:OFFSET($A131,-1,0),0)),MAX($M$15:OFFSET(M131,-1,0))+1,INDEX($M$15:OFFSET(M131,-1,0),MATCH($A131,$A$15:OFFSET($A131,-1,0),0)))))","v":10},{"$f":"IF($D131<>\"Serviço\",\"\",IF(AUTOEVENTO=\"Manual\",IF($A131=0,\"<-- defina o número do agrupador\",OFFSET(EVENTOS!$D$14,$A131,0)),OFFSET($F$15,$A131,0)))","v":"INSTALAÇÕES ELÉTRICAS"},null,null,null,null,null,null,null,null,null,null,null,null,null,{"$f":"IF(AND($D131=\"Serviço\",AB$12<>0,$H131>0,OR(AUTOEVENTO<>\"manual\",$M131<>1)),ROUND(OFFSET($P131,0,AB$13),15-13*ORÇAMENTO!$AF$7)/$H131*OFFSET(ORÇAMENTO!$X$15,ROW(AB131)-ROW(AB$15),0),0)","v":0},{"$f":"IF(AND($D131=\"Serviço\",AC$12<>0,$H131>0,OR(AUTOEVENTO<>\"manual\",$M131<>1)),ROUND(OFFSET($P131,0,AC$13),15-13*ORÇAMENTO!$AF$7)/$H131*OFFSET(ORÇAMENTO!$X$15,ROW(AC131)-ROW(AC$15),0),0)","v":0},{"$f":"IF(AND($D131=\"Serviço\",AD$12<>0,$H131>0,OR(AUTOEVENTO<>\"manual\",$M131<>1)),ROUND(OFFSET($P131,0,AD$13),15-13*ORÇAMENTO!$AF$7)/$H131*OFFSET(ORÇAMENTO!$X$15,ROW(AD131)-ROW(AD$15),0),0)","v":0},{"$f":"IF(AND($D131=\"Serviço\",AE$12<>0,$H131>0,OR(AUTOEVENTO<>\"manual\",$M131<>1)),ROUND(OFFSET($P131,0,AE$13),15-13*ORÇAMENTO!$AF$7)/$H131*OFFSET(ORÇAMENTO!$X$15,ROW(AE131)-ROW(AE$15),0),0)","v":0},{"$f":"IF(AND($D131=\"Serviço\",AF$12<>0,$H131>0,OR(AUTOEVENTO<>\"manual\",$M131<>1)),ROUND(OFFSET($P131,0,AF$13),15-13*ORÇAMENTO!$AF$7)/$H131*OFFSET(ORÇAMENTO!$X$15,ROW(AF131)-ROW(AF$15),0),0)","v":0},{"$f":"IF(AND($D131=\"Serviço\",AG$12<>0,$H131>0,OR(AUTOEVENTO<>\"manual\",$M131<>1)),ROUND(OFFSET($P131,0,AG$13),15-13*ORÇAMENTO!$AF$7)/$H131*OFFSET(ORÇAMENTO!$X$15,ROW(AG131)-ROW(AG$15),0),0)","v":0},{"$f":"IF(AND($D131=\"Serviço\",AH$12<>0,$H131>0,OR(AUTOEVENTO<>\"manual\",$M131<>1)),ROUND(OFFSET($P131,0,AH$13),15-13*ORÇAMENTO!$AF$7)/$H131*OFFSET(ORÇAMENTO!$X$15,ROW(AH131)-ROW(AH$15),0),0)","v":0},{"$f":"IF(AND($D131=\"Serviço\",AI$12<>0,$H131>0,OR(AUTOEVENTO<>\"manual\",$M131<>1)),ROUND(OFFSET($P131,0,AI$13),15-13*ORÇAMENTO!$AF$7)/$H131*OFFSET(ORÇAMENTO!$X$15,ROW(AI131)-ROW(AI$15),0),0)","v":0},{"$f":"IF(AND($D131=\"Serviço\",AJ$12<>0,$H131>0,OR(AUTOEVENTO<>\"manual\",$M131<>1)),ROUND(OFFSET($P131,0,AJ$13),15-13*ORÇAMENTO!$AF$7)/$H131*OFFSET(ORÇAMENTO!$X$15,ROW(AJ131)-ROW(AJ$15),0),0)","v":0},{"$f":"IF(AND($D131=\"Serviço\",AK$12<>0,$H131>0,OR(AUTOEVENTO<>\"manual\",$M131<>1)),ROUND(OFFSET($P131,0,AK$13),15-13*ORÇAMENTO!$AF$7)/$H131*OFFSET(ORÇAMENTO!$X$15,ROW(AK131)-ROW(AK$15),0),0)","v":0},null,{"$f":"IF($D131<>\"Serviço\",0,IF(AND(AUTOEVENTO=\"Manual\",$M131=1),0,IF(OFFSET(CRONOPLE!$F$14,$M131,AM$13)=\"\",10^12,OFFSET(CRONOPLE!$F$14,$M131,AM$13))))","v":1000000000000},{"$f":"IF($D131<>\"Serviço\",0,IF(AND(AUTOEVENTO=\"Manual\",$M131=1),0,IF(OFFSET(CRONOPLE!$F$14,$M131,AN$13)=\"\",10^12,OFFSET(CRONOPLE!$F$14,$M131,AN$13))))","v":1000000000000},{"$f":"IF($D131<>\"Serviço\",0,IF(AND(AUTOEVENTO=\"Manual\",$M131=1),0,IF(OFFSET(CRONOPLE!$F$14,$M131,AO$13)=\"\",10^12,OFFSET(CRONOPLE!$F$14,$M131,AO$13))))","v":1000000000000},{"$f":"IF($D131<>\"Serviço\",0,IF(AND(AUTOEVENTO=\"Manual\",$M131=1),0,IF(OFFSET(CRONOPLE!$F$14,$M131,AP$13)=\"\",10^12,OFFSET(CRONOPLE!$F$14,$M131,AP$13))))","v":1000000000000},{"$f":"IF($D131<>\"Serviço\",0,IF(AND(AUTOEVENTO=\"Manual\",$M131=1),0,IF(OFFSET(CRONOPLE!$F$14,$M131,AQ$13)=\"\",10^12,OFFSET(CRONOPLE!$F$14,$M131,AQ$13))))","v":1000000000000},{"$f":"IF($D131<>\"Serviço\",0,IF(AND(AUTOEVENTO=\"Manual\",$M131=1),0,IF(OFFSET(CRONOPLE!$F$14,$M131,AR$13)=\"\",10^12,OFFSET(CRONOPLE!$F$14,$M131,AR$13))))","v":1000000000000},{"$f":"IF($D131<>\"Serviço\",0,IF(AND(AUTOEVENTO=\"Manual\",$M131=1),0,IF(OFFSET(CRONOPLE!$F$14,$M131,AS$13)=\"\",10^12,OFFSET(CRONOPLE!$F$14,$M131,AS$13))))","v":1000000000000},{"$f":"IF($D131<>\"Serviço\",0,IF(AND(AUTOEVENTO=\"Manual\",$M131=1),0,IF(OFFSET(CRONOPLE!$F$14,$M131,AT$13)=\"\",10^12,OFFSET(CRONOPLE!$F$14,$M131,AT$13))))","v":1000000000000},{"$f":"IF($D131<>\"Serviço\",0,IF(AND(AUTOEVENTO=\"Manual\",$M131=1),0,IF(OFFSET(CRONOPLE!$F$14,$M131,AU$13)=\"\",10^12,OFFSET(CRONOPLE!$F$14,$M131,AU$13))))","v":1000000000000},{"$f":"IF($D131<>\"Serviço\",0,IF(AND(AUTOEVENTO=\"Manual\",$M131=1),0,IF(OFFSET(CRONOPLE!$F$14,$M131,AV$13)=\"\",10^12,OFFSET(CRONOPLE!$F$14,$M131,AV$13))))","v":1000000000000},null,{"$f":"IF($D131<>\"Serviço\",0,IF(OR(AND(AUTOEVENTO=\"Manual\",$M131=1),$M131>(ROW(PLE.lastrow)-ROW(PLE.firstrow))),0,IF(OFFSET(PLE!$G$14,$M131,AX$13)=\"\",10^12,OFFSET(PLE!$G$14,$M131,AX$13))))","v":1000000000000},{"$f":"IF($D131<>\"Serviço\",0,IF(OR(AND(AUTOEVENTO=\"Manual\",$M131=1),$M131>(ROW(PLE.lastrow)-ROW(PLE.firstrow))),0,IF(OFFSET(PLE!$G$14,$M131,AY$13)=\"\",10^12,OFFSET(PLE!$G$14,$M131,AY$13))))","v":1000000000000},{"$f":"IF($D131<>\"Serviço\",0,IF(OR(AND(AUTOEVENTO=\"Manual\",$M131=1),$M131>(ROW(PLE.lastrow)-ROW(PLE.firstrow))),0,IF(OFFSET(PLE!$G$14,$M131,AZ$13)=\"\",10^12,OFFSET(PLE!$G$14,$M131,AZ$13))))","v":1000000000000},{"$f":"IF($D131<>\"Serviço\",0,IF(OR(AND(AUTOEVENTO=\"Manual\",$M131=1),$M131>(ROW(PLE.lastrow)-ROW(PLE.firstrow))),0,IF(OFFSET(PLE!$G$14,$M131,BA$13)=\"\",10^12,OFFSET(PLE!$G$14,$M131,BA$13))))","v":1000000000000},{"$f":"IF($D131<>\"Serviço\",0,IF(OR(AND(AUTOEVENTO=\"Manual\",$M131=1),$M131>(ROW(PLE.lastrow)-ROW(PLE.firstrow))),0,IF(OFFSET(PLE!$G$14,$M131,BB$13)=\"\",10^12,OFFSET(PLE!$G$14,$M131,BB$13))))","v":1000000000000},{"$f":"IF($D131<>\"Serviço\",0,IF(OR(AND(AUTOEVENTO=\"Manual\",$M131=1),$M131>(ROW(PLE.lastrow)-ROW(PLE.firstrow))),0,IF(OFFSET(PLE!$G$14,$M131,BC$13)=\"\",10^12,OFFSET(PLE!$G$14,$M131,BC$13))))","v":1000000000000},{"$f":"IF($D131<>\"Serviço\",0,IF(OR(AND(AUTOEVENTO=\"Manual\",$M131=1),$M131>(ROW(PLE.lastrow)-ROW(PLE.firstrow))),0,IF(OFFSET(PLE!$G$14,$M131,BD$13)=\"\",10^12,OFFSET(PLE!$G$14,$M131,BD$13))))","v":1000000000000},{"$f":"IF($D131<>\"Serviço\",0,IF(OR(AND(AUTOEVENTO=\"Manual\",$M131=1),$M131>(ROW(PLE.lastrow)-ROW(PLE.firstrow))),0,IF(OFFSET(PLE!$G$14,$M131,BE$13)=\"\",10^12,OFFSET(PLE!$G$14,$M131,BE$13))))","v":1000000000000},{"$f":"IF($D131<>\"Serviço\",0,IF(OR(AND(AUTOEVENTO=\"Manual\",$M131=1),$M131>(ROW(PLE.lastrow)-ROW(PLE.firstrow))),0,IF(OFFSET(PLE!$G$14,$M131,BF$13)=\"\",10^12,OFFSET(PLE!$G$14,$M131,BF$13))))","v":1000000000000},{"$f":"IF($D131<>\"Serviço\",0,IF(OR(AND(AUTOEVENTO=\"Manual\",$M131=1),$M131>(ROW(PLE.lastrow)-ROW(PLE.firstrow))),0,IF(OFFSET(PLE!$G$14,$M131,BG$13)=\"\",10^12,OFFSET(PLE!$G$14,$M131,BG$13))))","v":1000000000000}]
[{"$f":"IF(AUTOEVENTO=\"Manual\",IF(K132<>\"\",MIN(VALUE(LEFT(K132,FIND(\".\",K132)-1)),COUNTA(EVENTOS.Lista)),0),IF(OR($B132>AUTOEVENTO,$B132=\"S\",$B132=0),SUBSTITUTE(OFFSET($A132,-1,0),IF($D132=\"Serviço\",\".\",\"\"),\"\"),ROW(A132)-ROW($A$15)&\".\"))","v":"99"},{"$f":"OFFSET(ORÇAMENTO!C$15,ROW(B132)-ROW(B$15),0)","v":"S"},{"$f":"OFFSET(ORÇAMENTO!L$15,ROW(C132)-ROW(C$15),0)","v":"F"},{"$f":"OFFSET(ORÇAMENTO!N$15,ROW(D132)-ROW(D$15),0)","v":"Serviço"},{"$f":"OFFSET(ORÇAMENTO!O$15,ROW(E132)-ROW(E$15),0)","v":"1.9.18."},{"$f":"OFFSET(ORÇAMENTO!R$15,ROW(F132)-ROW(F$15),0)","v":"ELETRODUTO FLEXÍVEL CORRUGADO, PVC, DN 25 MM (3/4\"), PARA CIRCUITOS TERMINAIS, INSTALADO EM FORRO - FORNECIMENTO E INSTALAÇÃO"},{"$f":"IF($D132<>\"Serviço\",\"\",OFFSET(ORÇAMENTO!S$15,ROW(G132)-ROW(G$15),0))","v":"M"},{"$f":"IF($D132<>\"Serviço\",0,IF(ACOMPANHAMENTO=\"BM\",ROUND(OFFSET(ORÇAMENTO!AJ$15,ROW(H132)-ROW(H$15),0),15-13*ORÇAMENTO!$AF$7),SUMPRODUCT(($Q$12:$AA$12<>\"\")*ROUND($Q132:$AA132,15-13*ORÇAMENTO!$AF$7))))","v":114.6},null,null,null,".",{"$f":"IF($D132<>\"Serviço\",\"\",IF(AUTOEVENTO=\"manual\",$A132,IF(ISERROR(MATCH($A132,$A$15:OFFSET($A132,-1,0),0)),MAX($M$15:OFFSET(M132,-1,0))+1,INDEX($M$15:OFFSET(M132,-1,0),MATCH($A132,$A$15:OFFSET($A132,-1,0),0)))))","v":10},{"$f":"IF($D132<>\"Serviço\",\"\",IF(AUTOEVENTO=\"Manual\",IF($A132=0,\"<-- defina o número do agrupador\",OFFSET(EVENTOS!$D$14,$A132,0)),OFFSET($F$15,$A132,0)))","v":"INSTALAÇÕES ELÉTRICAS"},null,null,null,null,null,null,null,null,null,null,null,null,null,{"$f":"IF(AND($D132=\"Serviço\",AB$12<>0,$H132>0,OR(AUTOEVENTO<>\"manual\",$M132<>1)),ROUND(OFFSET($P132,0,AB$13),15-13*ORÇAMENTO!$AF$7)/$H132*OFFSET(ORÇAMENTO!$X$15,ROW(AB132)-ROW(AB$15),0),0)","v":0},{"$f":"IF(AND($D132=\"Serviço\",AC$12<>0,$H132>0,OR(AUTOEVENTO<>\"manual\",$M132<>1)),ROUND(OFFSET($P132,0,AC$13),15-13*ORÇAMENTO!$AF$7)/$H132*OFFSET(ORÇAMENTO!$X$15,ROW(AC132)-ROW(AC$15),0),0)","v":0},{"$f":"IF(AND($D132=\"Serviço\",AD$12<>0,$H132>0,OR(AUTOEVENTO<>\"manual\",$M132<>1)),ROUND(OFFSET($P132,0,AD$13),15-13*ORÇAMENTO!$AF$7)/$H132*OFFSET(ORÇAMENTO!$X$15,ROW(AD132)-ROW(AD$15),0),0)","v":0},{"$f":"IF(AND($D132=\"Serviço\",AE$12<>0,$H132>0,OR(AUTOEVENTO<>\"manual\",$M132<>1)),ROUND(OFFSET($P132,0,AE$13),15-13*ORÇAMENTO!$AF$7)/$H132*OFFSET(ORÇAMENTO!$X$15,ROW(AE132)-ROW(AE$15),0),0)","v":0},{"$f":"IF(AND($D132=\"Serviço\",AF$12<>0,$H132>0,OR(AUTOEVENTO<>\"manual\",$M132<>1)),ROUND(OFFSET($P132,0,AF$13),15-13*ORÇAMENTO!$AF$7)/$H132*OFFSET(ORÇAMENTO!$X$15,ROW(AF132)-ROW(AF$15),0),0)","v":0},{"$f":"IF(AND($D132=\"Serviço\",AG$12<>0,$H132>0,OR(AUTOEVENTO<>\"manual\",$M132<>1)),ROUND(OFFSET($P132,0,AG$13),15-13*ORÇAMENTO!$AF$7)/$H132*OFFSET(ORÇAMENTO!$X$15,ROW(AG132)-ROW(AG$15),0),0)","v":0},{"$f":"IF(AND($D132=\"Serviço\",AH$12<>0,$H132>0,OR(AUTOEVENTO<>\"manual\",$M132<>1)),ROUND(OFFSET($P132,0,AH$13),15-13*ORÇAMENTO!$AF$7)/$H132*OFFSET(ORÇAMENTO!$X$15,ROW(AH132)-ROW(AH$15),0),0)","v":0},{"$f":"IF(AND($D132=\"Serviço\",AI$12<>0,$H132>0,OR(AUTOEVENTO<>\"manual\",$M132<>1)),ROUND(OFFSET($P132,0,AI$13),15-13*ORÇAMENTO!$AF$7)/$H132*OFFSET(ORÇAMENTO!$X$15,ROW(AI132)-ROW(AI$15),0),0)","v":0},{"$f":"IF(AND($D132=\"Serviço\",AJ$12<>0,$H132>0,OR(AUTOEVENTO<>\"manual\",$M132<>1)),ROUND(OFFSET($P132,0,AJ$13),15-13*ORÇAMENTO!$AF$7)/$H132*OFFSET(ORÇAMENTO!$X$15,ROW(AJ132)-ROW(AJ$15),0),0)","v":0},{"$f":"IF(AND($D132=\"Serviço\",AK$12<>0,$H132>0,OR(AUTOEVENTO<>\"manual\",$M132<>1)),ROUND(OFFSET($P132,0,AK$13),15-13*ORÇAMENTO!$AF$7)/$H132*OFFSET(ORÇAMENTO!$X$15,ROW(AK132)-ROW(AK$15),0),0)","v":0},null,{"$f":"IF($D132<>\"Serviço\",0,IF(AND(AUTOEVENTO=\"Manual\",$M132=1),0,IF(OFFSET(CRONOPLE!$F$14,$M132,AM$13)=\"\",10^12,OFFSET(CRONOPLE!$F$14,$M132,AM$13))))","v":1000000000000},{"$f":"IF($D132<>\"Serviço\",0,IF(AND(AUTOEVENTO=\"Manual\",$M132=1),0,IF(OFFSET(CRONOPLE!$F$14,$M132,AN$13)=\"\",10^12,OFFSET(CRONOPLE!$F$14,$M132,AN$13))))","v":1000000000000},{"$f":"IF($D132<>\"Serviço\",0,IF(AND(AUTOEVENTO=\"Manual\",$M132=1),0,IF(OFFSET(CRONOPLE!$F$14,$M132,AO$13)=\"\",10^12,OFFSET(CRONOPLE!$F$14,$M132,AO$13))))","v":1000000000000},{"$f":"IF($D132<>\"Serviço\",0,IF(AND(AUTOEVENTO=\"Manual\",$M132=1),0,IF(OFFSET(CRONOPLE!$F$14,$M132,AP$13)=\"\",10^12,OFFSET(CRONOPLE!$F$14,$M132,AP$13))))","v":1000000000000},{"$f":"IF($D132<>\"Serviço\",0,IF(AND(AUTOEVENTO=\"Manual\",$M132=1),0,IF(OFFSET(CRONOPLE!$F$14,$M132,AQ$13)=\"\",10^12,OFFSET(CRONOPLE!$F$14,$M132,AQ$13))))","v":1000000000000},{"$f":"IF($D132<>\"Serviço\",0,IF(AND(AUTOEVENTO=\"Manual\",$M132=1),0,IF(OFFSET(CRONOPLE!$F$14,$M132,AR$13)=\"\",10^12,OFFSET(CRONOPLE!$F$14,$M132,AR$13))))","v":1000000000000},{"$f":"IF($D132<>\"Serviço\",0,IF(AND(AUTOEVENTO=\"Manual\",$M132=1),0,IF(OFFSET(CRONOPLE!$F$14,$M132,AS$13)=\"\",10^12,OFFSET(CRONOPLE!$F$14,$M132,AS$13))))","v":1000000000000},{"$f":"IF($D132<>\"Serviço\",0,IF(AND(AUTOEVENTO=\"Manual\",$M132=1),0,IF(OFFSET(CRONOPLE!$F$14,$M132,AT$13)=\"\",10^12,OFFSET(CRONOPLE!$F$14,$M132,AT$13))))","v":1000000000000},{"$f":"IF($D132<>\"Serviço\",0,IF(AND(AUTOEVENTO=\"Manual\",$M132=1),0,IF(OFFSET(CRONOPLE!$F$14,$M132,AU$13)=\"\",10^12,OFFSET(CRONOPLE!$F$14,$M132,AU$13))))","v":1000000000000},{"$f":"IF($D132<>\"Serviço\",0,IF(AND(AUTOEVENTO=\"Manual\",$M132=1),0,IF(OFFSET(CRONOPLE!$F$14,$M132,AV$13)=\"\",10^12,OFFSET(CRONOPLE!$F$14,$M132,AV$13))))","v":1000000000000},null,{"$f":"IF($D132<>\"Serviço\",0,IF(OR(AND(AUTOEVENTO=\"Manual\",$M132=1),$M132>(ROW(PLE.lastrow)-ROW(PLE.firstrow))),0,IF(OFFSET(PLE!$G$14,$M132,AX$13)=\"\",10^12,OFFSET(PLE!$G$14,$M132,AX$13))))","v":1000000000000},{"$f":"IF($D132<>\"Serviço\",0,IF(OR(AND(AUTOEVENTO=\"Manual\",$M132=1),$M132>(ROW(PLE.lastrow)-ROW(PLE.firstrow))),0,IF(OFFSET(PLE!$G$14,$M132,AY$13)=\"\",10^12,OFFSET(PLE!$G$14,$M132,AY$13))))","v":1000000000000},{"$f":"IF($D132<>\"Serviço\",0,IF(OR(AND(AUTOEVENTO=\"Manual\",$M132=1),$M132>(ROW(PLE.lastrow)-ROW(PLE.firstrow))),0,IF(OFFSET(PLE!$G$14,$M132,AZ$13)=\"\",10^12,OFFSET(PLE!$G$14,$M132,AZ$13))))","v":1000000000000},{"$f":"IF($D132<>\"Serviço\",0,IF(OR(AND(AUTOEVENTO=\"Manual\",$M132=1),$M132>(ROW(PLE.lastrow)-ROW(PLE.firstrow))),0,IF(OFFSET(PLE!$G$14,$M132,BA$13)=\"\",10^12,OFFSET(PLE!$G$14,$M132,BA$13))))","v":1000000000000},{"$f":"IF($D132<>\"Serviço\",0,IF(OR(AND(AUTOEVENTO=\"Manual\",$M132=1),$M132>(ROW(PLE.lastrow)-ROW(PLE.firstrow))),0,IF(OFFSET(PLE!$G$14,$M132,BB$13)=\"\",10^12,OFFSET(PLE!$G$14,$M132,BB$13))))","v":1000000000000},{"$f":"IF($D132<>\"Serviço\",0,IF(OR(AND(AUTOEVENTO=\"Manual\",$M132=1),$M132>(ROW(PLE.lastrow)-ROW(PLE.firstrow))),0,IF(OFFSET(PLE!$G$14,$M132,BC$13)=\"\",10^12,OFFSET(PLE!$G$14,$M132,BC$13))))","v":1000000000000},{"$f":"IF($D132<>\"Serviço\",0,IF(OR(AND(AUTOEVENTO=\"Manual\",$M132=1),$M132>(ROW(PLE.lastrow)-ROW(PLE.firstrow))),0,IF(OFFSET(PLE!$G$14,$M132,BD$13)=\"\",10^12,OFFSET(PLE!$G$14,$M132,BD$13))))","v":1000000000000},{"$f":"IF($D132<>\"Serviço\",0,IF(OR(AND(AUTOEVENTO=\"Manual\",$M132=1),$M132>(ROW(PLE.lastrow)-ROW(PLE.firstrow))),0,IF(OFFSET(PLE!$G$14,$M132,BE$13)=\"\",10^12,OFFSET(PLE!$G$14,$M132,BE$13))))","v":1000000000000},{"$f":"IF($D132<>\"Serviço\",0,IF(OR(AND(AUTOEVENTO=\"Manual\",$M132=1),$M132>(ROW(PLE.lastrow)-ROW(PLE.firstrow))),0,IF(OFFSET(PLE!$G$14,$M132,BF$13)=\"\",10^12,OFFSET(PLE!$G$14,$M132,BF$13))))","v":1000000000000},{"$f":"IF($D132<>\"Serviço\",0,IF(OR(AND(AUTOEVENTO=\"Manual\",$M132=1),$M132>(ROW(PLE.lastrow)-ROW(PLE.firstrow))),0,IF(OFFSET(PLE!$G$14,$M132,BG$13)=\"\",10^12,OFFSET(PLE!$G$14,$M132,BG$13))))","v":1000000000000}]
[{"$f":"IF(AUTOEVENTO=\"Manual\",IF(K133<>\"\",MIN(VALUE(LEFT(K133,FIND(\".\",K133)-1)),COUNTA(EVENTOS.Lista)),0),IF(OR($B133>AUTOEVENTO,$B133=\"S\",$B133=0),SUBSTITUTE(OFFSET($A133,-1,0),IF($D133=\"Serviço\",\".\",\"\"),\"\"),ROW(A133)-ROW($A$15)&\".\"))","v":"99"},{"$f":"OFFSET(ORÇAMENTO!C$15,ROW(B133)-ROW(B$15),0)","v":"S"},{"$f":"OFFSET(ORÇAMENTO!L$15,ROW(C133)-ROW(C$15),0)","v":"F"},{"$f":"OFFSET(ORÇAMENTO!N$15,ROW(D133)-ROW(D$15),0)","v":"Serviço"},{"$f":"OFFSET(ORÇAMENTO!O$15,ROW(E133)-ROW(E$15),0)","v":"1.9.19."},{"$f":"OFFSET(ORÇAMENTO!R$15,ROW(F133)-ROW(F$15),0)","v":"ELETRODUTO FLEXÍVEL CORRUGADO, PVC, DN 32 MM (1\"), PARA CIRCUITOS TERMINAIS, INSTALADO EM FORRO - FORNECIMENTO E INSTALAÇÃO"},{"$f":"IF($D133<>\"Serviço\",\"\",OFFSET(ORÇAMENTO!S$15,ROW(G133)-ROW(G$15),0))","v":"M"},{"$f":"IF($D133<>\"Serviço\",0,IF(ACOMPANHAMENTO=\"BM\",ROUND(OFFSET(ORÇAMENTO!AJ$15,ROW(H133)-ROW(H$15),0),15-13*ORÇAMENTO!$AF$7),SUMPRODUCT(($Q$12:$AA$12<>\"\")*ROUND($Q133:$AA133,15-13*ORÇAMENTO!$AF$7))))","v":8},null,null,null,".",{"$f":"IF($D133<>\"Serviço\",\"\",IF(AUTOEVENTO=\"manual\",$A133,IF(ISERROR(MATCH($A133,$A$15:OFFSET($A133,-1,0),0)),MAX($M$15:OFFSET(M133,-1,0))+1,INDEX($M$15:OFFSET(M133,-1,0),MATCH($A133,$A$15:OFFSET($A133,-1,0),0)))))","v":10},{"$f":"IF($D133<>\"Serviço\",\"\",IF(AUTOEVENTO=\"Manual\",IF($A133=0,\"<-- defina o número do agrupador\",OFFSET(EVENTOS!$D$14,$A133,0)),OFFSET($F$15,$A133,0)))","v":"INSTALAÇÕES ELÉTRICAS"},null,null,null,null,null,null,null,null,null,null,null,null,null,{"$f":"IF(AND($D133=\"Serviço\",AB$12<>0,$H133>0,OR(AUTOEVENTO<>\"manual\",$M133<>1)),ROUND(OFFSET($P133,0,AB$13),15-13*ORÇAMENTO!$AF$7)/$H133*OFFSET(ORÇAMENTO!$X$15,ROW(AB133)-ROW(AB$15),0),0)","v":0},{"$f":"IF(AND($D133=\"Serviço\",AC$12<>0,$H133>0,OR(AUTOEVENTO<>\"manual\",$M133<>1)),ROUND(OFFSET($P133,0,AC$13),15-13*ORÇAMENTO!$AF$7)/$H133*OFFSET(ORÇAMENTO!$X$15,ROW(AC133)-ROW(AC$15),0),0)","v":0},{"$f":"IF(AND($D133=\"Serviço\",AD$12<>0,$H133>0,OR(AUTOEVENTO<>\"manual\",$M133<>1)),ROUND(OFFSET($P133,0,AD$13),15-13*ORÇAMENTO!$AF$7)/$H133*OFFSET(ORÇAMENTO!$X$15,ROW(AD133)-ROW(AD$15),0),0)","v":0},{"$f":"IF(AND($D133=\"Serviço\",AE$12<>0,$H133>0,OR(AUTOEVENTO<>\"manual\",$M133<>1)),ROUND(OFFSET($P133,0,AE$13),15-13*ORÇAMENTO!$AF$7)/$H133*OFFSET(ORÇAMENTO!$X$15,ROW(AE133)-ROW(AE$15),0),0)","v":0},{"$f":"IF(AND($D133=\"Serviço\",AF$12<>0,$H133>0,OR(AUTOEVENTO<>\"manual\",$M133<>1)),ROUND(OFFSET($P133,0,AF$13),15-13*ORÇAMENTO!$AF$7)/$H133*OFFSET(ORÇAMENTO!$X$15,ROW(AF133)-ROW(AF$15),0),0)","v":0},{"$f":"IF(AND($D133=\"Serviço\",AG$12<>0,$H133>0,OR(AUTOEVENTO<>\"manual\",$M133<>1)),ROUND(OFFSET($P133,0,AG$13),15-13*ORÇAMENTO!$AF$7)/$H133*OFFSET(ORÇAMENTO!$X$15,ROW(AG133)-ROW(AG$15),0),0)","v":0},{"$f":"IF(AND($D133=\"Serviço\",AH$12<>0,$H133>0,OR(AUTOEVENTO<>\"manual\",$M133<>1)),ROUND(OFFSET($P133,0,AH$13),15-13*ORÇAMENTO!$AF$7)/$H133*OFFSET(ORÇAMENTO!$X$15,ROW(AH133)-ROW(AH$15),0),0)","v":0},{"$f":"IF(AND($D133=\"Serviço\",AI$12<>0,$H133>0,OR(AUTOEVENTO<>\"manual\",$M133<>1)),ROUND(OFFSET($P133,0,AI$13),15-13*ORÇAMENTO!$AF$7)/$H133*OFFSET(ORÇAMENTO!$X$15,ROW(AI133)-ROW(AI$15),0),0)","v":0},{"$f":"IF(AND($D133=\"Serviço\",AJ$12<>0,$H133>0,OR(AUTOEVENTO<>\"manual\",$M133<>1)),ROUND(OFFSET($P133,0,AJ$13),15-13*ORÇAMENTO!$AF$7)/$H133*OFFSET(ORÇAMENTO!$X$15,ROW(AJ133)-ROW(AJ$15),0),0)","v":0},{"$f":"IF(AND($D133=\"Serviço\",AK$12<>0,$H133>0,OR(AUTOEVENTO<>\"manual\",$M133<>1)),ROUND(OFFSET($P133,0,AK$13),15-13*ORÇAMENTO!$AF$7)/$H133*OFFSET(ORÇAMENTO!$X$15,ROW(AK133)-ROW(AK$15),0),0)","v":0},null,{"$f":"IF($D133<>\"Serviço\",0,IF(AND(AUTOEVENTO=\"Manual\",$M133=1),0,IF(OFFSET(CRONOPLE!$F$14,$M133,AM$13)=\"\",10^12,OFFSET(CRONOPLE!$F$14,$M133,AM$13))))","v":1000000000000},{"$f":"IF($D133<>\"Serviço\",0,IF(AND(AUTOEVENTO=\"Manual\",$M133=1),0,IF(OFFSET(CRONOPLE!$F$14,$M133,AN$13)=\"\",10^12,OFFSET(CRONOPLE!$F$14,$M133,AN$13))))","v":1000000000000},{"$f":"IF($D133<>\"Serviço\",0,IF(AND(AUTOEVENTO=\"Manual\",$M133=1),0,IF(OFFSET(CRONOPLE!$F$14,$M133,AO$13)=\"\",10^12,OFFSET(CRONOPLE!$F$14,$M133,AO$13))))","v":1000000000000},{"$f":"IF($D133<>\"Serviço\",0,IF(AND(AUTOEVENTO=\"Manual\",$M133=1),0,IF(OFFSET(CRONOPLE!$F$14,$M133,AP$13)=\"\",10^12,OFFSET(CRONOPLE!$F$14,$M133,AP$13))))","v":1000000000000},{"$f":"IF($D133<>\"Serviço\",0,IF(AND(AUTOEVENTO=\"Manual\",$M133=1),0,IF(OFFSET(CRONOPLE!$F$14,$M133,AQ$13)=\"\",10^12,OFFSET(CRONOPLE!$F$14,$M133,AQ$13))))","v":1000000000000},{"$f":"IF($D133<>\"Serviço\",0,IF(AND(AUTOEVENTO=\"Manual\",$M133=1),0,IF(OFFSET(CRONOPLE!$F$14,$M133,AR$13)=\"\",10^12,OFFSET(CRONOPLE!$F$14,$M133,AR$13))))","v":1000000000000},{"$f":"IF($D133<>\"Serviço\",0,IF(AND(AUTOEVENTO=\"Manual\",$M133=1),0,IF(OFFSET(CRONOPLE!$F$14,$M133,AS$13)=\"\",10^12,OFFSET(CRONOPLE!$F$14,$M133,AS$13))))","v":1000000000000},{"$f":"IF($D133<>\"Serviço\",0,IF(AND(AUTOEVENTO=\"Manual\",$M133=1),0,IF(OFFSET(CRONOPLE!$F$14,$M133,AT$13)=\"\",10^12,OFFSET(CRONOPLE!$F$14,$M133,AT$13))))","v":1000000000000},{"$f":"IF($D133<>\"Serviço\",0,IF(AND(AUTOEVENTO=\"Manual\",$M133=1),0,IF(OFFSET(CRONOPLE!$F$14,$M133,AU$13)=\"\",10^12,OFFSET(CRONOPLE!$F$14,$M133,AU$13))))","v":1000000000000},{"$f":"IF($D133<>\"Serviço\",0,IF(AND(AUTOEVENTO=\"Manual\",$M133=1),0,IF(OFFSET(CRONOPLE!$F$14,$M133,AV$13)=\"\",10^12,OFFSET(CRONOPLE!$F$14,$M133,AV$13))))","v":1000000000000},null,{"$f":"IF($D133<>\"Serviço\",0,IF(OR(AND(AUTOEVENTO=\"Manual\",$M133=1),$M133>(ROW(PLE.lastrow)-ROW(PLE.firstrow))),0,IF(OFFSET(PLE!$G$14,$M133,AX$13)=\"\",10^12,OFFSET(PLE!$G$14,$M133,AX$13))))","v":1000000000000},{"$f":"IF($D133<>\"Serviço\",0,IF(OR(AND(AUTOEVENTO=\"Manual\",$M133=1),$M133>(ROW(PLE.lastrow)-ROW(PLE.firstrow))),0,IF(OFFSET(PLE!$G$14,$M133,AY$13)=\"\",10^12,OFFSET(PLE!$G$14,$M133,AY$13))))","v":1000000000000},{"$f":"IF($D133<>\"Serviço\",0,IF(OR(AND(AUTOEVENTO=\"Manual\",$M133=1),$M133>(ROW(PLE.lastrow)-ROW(PLE.firstrow))),0,IF(OFFSET(PLE!$G$14,$M133,AZ$13)=\"\",10^12,OFFSET(PLE!$G$14,$M133,AZ$13))))","v":1000000000000},{"$f":"IF($D133<>\"Serviço\",0,IF(OR(AND(AUTOEVENTO=\"Manual\",$M133=1),$M133>(ROW(PLE.lastrow)-ROW(PLE.firstrow))),0,IF(OFFSET(PLE!$G$14,$M133,BA$13)=\"\",10^12,OFFSET(PLE!$G$14,$M133,BA$13))))","v":1000000000000},{"$f":"IF($D133<>\"Serviço\",0,IF(OR(AND(AUTOEVENTO=\"Manual\",$M133=1),$M133>(ROW(PLE.lastrow)-ROW(PLE.firstrow))),0,IF(OFFSET(PLE!$G$14,$M133,BB$13)=\"\",10^12,OFFSET(PLE!$G$14,$M133,BB$13))))","v":1000000000000},{"$f":"IF($D133<>\"Serviço\",0,IF(OR(AND(AUTOEVENTO=\"Manual\",$M133=1),$M133>(ROW(PLE.lastrow)-ROW(PLE.firstrow))),0,IF(OFFSET(PLE!$G$14,$M133,BC$13)=\"\",10^12,OFFSET(PLE!$G$14,$M133,BC$13))))","v":1000000000000},{"$f":"IF($D133<>\"Serviço\",0,IF(OR(AND(AUTOEVENTO=\"Manual\",$M133=1),$M133>(ROW(PLE.lastrow)-ROW(PLE.firstrow))),0,IF(OFFSET(PLE!$G$14,$M133,BD$13)=\"\",10^12,OFFSET(PLE!$G$14,$M133,BD$13))))","v":1000000000000},{"$f":"IF($D133<>\"Serviço\",0,IF(OR(AND(AUTOEVENTO=\"Manual\",$M133=1),$M133>(ROW(PLE.lastrow)-ROW(PLE.firstrow))),0,IF(OFFSET(PLE!$G$14,$M133,BE$13)=\"\",10^12,OFFSET(PLE!$G$14,$M133,BE$13))))","v":1000000000000},{"$f":"IF($D133<>\"Serviço\",0,IF(OR(AND(AUTOEVENTO=\"Manual\",$M133=1),$M133>(ROW(PLE.lastrow)-ROW(PLE.firstrow))),0,IF(OFFSET(PLE!$G$14,$M133,BF$13)=\"\",10^12,OFFSET(PLE!$G$14,$M133,BF$13))))","v":1000000000000},{"$f":"IF($D133<>\"Serviço\",0,IF(OR(AND(AUTOEVENTO=\"Manual\",$M133=1),$M133>(ROW(PLE.lastrow)-ROW(PLE.firstrow))),0,IF(OFFSET(PLE!$G$14,$M133,BG$13)=\"\",10^12,OFFSET(PLE!$G$14,$M133,BG$13))))","v":1000000000000}]
["99",{"$f":"OFFSET(ORÇAMENTO!C$15,ROW(B134)-ROW(B$15),0)","v":"S"},{"$f":"OFFSET(ORÇAMENTO!L$15,ROW(C134)-ROW(C$15),0)","v":"F"},{"$f":"OFFSET(ORÇAMENTO!N$15,ROW(D134)-ROW(D$15),0)","v":"Serviço"},{"$f":"OFFSET(ORÇAMENTO!O$15,ROW(E134)-ROW(E$15),0)","v":"1.9.20."},{"$f":"OFFSET(ORÇAMENTO!R$15,ROW(F134)-ROW(F$15),0)","v":"HASTE DE ATERRAMENTO EM ACO COM 3,00 M DE COMPRIMENTO E DN = 5/8\", REVESTIDA COM BAIXA CAMADA DE COBRE, COM CONECTOR TIPO GRAMPO"},{"$f":"IF($D134<>\"Serviço\",\"\",OFFSET(ORÇAMENTO!S$15,ROW(G134)-ROW(G$15),0))","v":"UN    "},{"$f":"IF($D134<>\"Serviço\",0,IF(ACOMPANHAMENTO=\"BM\",ROUND(OFFSET(ORÇAMENTO!AJ$15,ROW(H134)-ROW(H$15),0),15-13*ORÇAMENTO!$AF$7),SUMPRODUCT(($Q$12:$AA$12<>\"\")*ROUND($Q134:$AA134,15-13*ORÇAMENTO!$AF$7))))","v":6},null,null,null,".",{"$f":"IF($D134<>\"Serviço\",\"\",IF(AUTOEVENTO=\"manual\",$A134,IF(ISERROR(MATCH($A134,$A$15:OFFSET($A134,-1,0),0)),MAX($M$15:OFFSET(M134,-1,0))+1,INDEX($M$15:OFFSET(M134,-1,0),MATCH($A134,$A$15:OFFSET($A134,-1,0),0)))))","v":10},{"$f":"IF($D134<>\"Serviço\",\"\",IF(AUTOEVENTO=\"Manual\",IF($A134=0,\"<-- defina o número do agrupador\",OFFSET(EVENTOS!$D$14,$A134,0)),OFFSET($F$15,$A134,0)))","v":"INSTALAÇÕES ELÉTRICAS"},null,null,null,null,null,null,null,null,null,null,null,null,null,{"$f":"IF(AND($D134=\"Serviço\",AB$12<>0,$H134>0,OR(AUTOEVENTO<>\"manual\",$M134<>1)),ROUND(OFFSET($P134,0,AB$13),15-13*ORÇAMENTO!$AF$7)/$H134*OFFSET(ORÇAMENTO!$X$15,ROW(AB134)-ROW(AB$15),0),0)","v":0},{"$f":"IF(AND($D134=\"Serviço\",AC$12<>0,$H134>0,OR(AUTOEVENTO<>\"manual\",$M134<>1)),ROUND(OFFSET($P134,0,AC$13),15-13*ORÇAMENTO!$AF$7)/$H134*OFFSET(ORÇAMENTO!$X$15,ROW(AC134)-ROW(AC$15),0),0)","v":0},{"$f":"IF(AND($D134=\"Serviço\",AD$12<>0,$H134>0,OR(AUTOEVENTO<>\"manual\",$M134<>1)),ROUND(OFFSET($P134,0,AD$13),15-13*ORÇAMENTO!$AF$7)/$H134*OFFSET(ORÇAMENTO!$X$15,ROW(AD134)-ROW(AD$15),0),0)","v":0},{"$f":"IF(AND($D134=\"Serviço\",AE$12<>0,$H134>0,OR(AUTOEVENTO<>\"manual\",$M134<>1)),ROUND(OFFSET($P134,0,AE$13),15-13*ORÇAMENTO!$AF$7)/$H134*OFFSET(ORÇAMENTO!$X$15,ROW(AE134)-ROW(AE$15),0),0)","v":0},{"$f":"IF(AND($D134=\"Serviço\",AF$12<>0,$H134>0,OR(AUTOEVENTO<>\"manual\",$M134<>1)),ROUND(OFFSET($P134,0,AF$13),15-13*ORÇAMENTO!$AF$7)/$H134*OFFSET(ORÇAMENTO!$X$15,ROW(AF134)-ROW(AF$15),0),0)","v":0},{"$f":"IF(AND($D134=\"Serviço\",AG$12<>0,$H134>0,OR(AUTOEVENTO<>\"manual\",$M134<>1)),ROUND(OFFSET($P134,0,AG$13),15-13*ORÇAMENTO!$AF$7)/$H134*OFFSET(ORÇAMENTO!$X$15,ROW(AG134)-ROW(AG$15),0),0)","v":0},{"$f":"IF(AND($D134=\"Serviço\",AH$12<>0,$H134>0,OR(AUTOEVENTO<>\"manual\",$M134<>1)),ROUND(OFFSET($P134,0,AH$13),15-13*ORÇAMENTO!$AF$7)/$H134*OFFSET(ORÇAMENTO!$X$15,ROW(AH134)-ROW(AH$15),0),0)","v":0},{"$f":"IF(AND($D134=\"Serviço\",AI$12<>0,$H134>0,OR(AUTOEVENTO<>\"manual\",$M134<>1)),ROUND(OFFSET($P134,0,AI$13),15-13*ORÇAMENTO!$AF$7)/$H134*OFFSET(ORÇAMENTO!$X$15,ROW(AI134)-ROW(AI$15),0),0)","v":0},{"$f":"IF(AND($D134=\"Serviço\",AJ$12<>0,$H134>0,OR(AUTOEVENTO<>\"manual\",$M134<>1)),ROUND(OFFSET($P134,0,AJ$13),15-13*ORÇAMENTO!$AF$7)/$H134*OFFSET(ORÇAMENTO!$X$15,ROW(AJ134)-ROW(AJ$15),0),0)","v":0},{"$f":"IF(AND($D134=\"Serviço\",AK$12<>0,$H134>0,OR(AUTOEVENTO<>\"manual\",$M134<>1)),ROUND(OFFSET($P134,0,AK$13),15-13*ORÇAMENTO!$AF$7)/$H134*OFFSET(ORÇAMENTO!$X$15,ROW(AK134)-ROW(AK$15),0),0)","v":0},null,{"$f":"IF($D134<>\"Serviço\",0,IF(AND(AUTOEVENTO=\"Manual\",$M134=1),0,IF(OFFSET(CRONOPLE!$F$14,$M134,AM$13)=\"\",10^12,OFFSET(CRONOPLE!$F$14,$M134,AM$13))))","v":1000000000000},{"$f":"IF($D134<>\"Serviço\",0,IF(AND(AUTOEVENTO=\"Manual\",$M134=1),0,IF(OFFSET(CRONOPLE!$F$14,$M134,AN$13)=\"\",10^12,OFFSET(CRONOPLE!$F$14,$M134,AN$13))))","v":1000000000000},{"$f":"IF($D134<>\"Serviço\",0,IF(AND(AUTOEVENTO=\"Manual\",$M134=1),0,IF(OFFSET(CRONOPLE!$F$14,$M134,AO$13)=\"\",10^12,OFFSET(CRONOPLE!$F$14,$M134,AO$13))))","v":1000000000000},{"$f":"IF($D134<>\"Serviço\",0,IF(AND(AUTOEVENTO=\"Manual\",$M134=1),0,IF(OFFSET(CRONOPLE!$F$14,$M134,AP$13)=\"\",10^12,OFFSET(CRONOPLE!$F$14,$M134,AP$13))))","v":1000000000000},{"$f":"IF($D134<>\"Serviço\",0,IF(AND(AUTOEVENTO=\"Manual\",$M134=1),0,IF(OFFSET(CRONOPLE!$F$14,$M134,AQ$13)=\"\",10^12,OFFSET(CRONOPLE!$F$14,$M134,AQ$13))))","v":1000000000000},{"$f":"IF($D134<>\"Serviço\",0,IF(AND(AUTOEVENTO=\"Manual\",$M134=1),0,IF(OFFSET(CRONOPLE!$F$14,$M134,AR$13)=\"\",10^12,OFFSET(CRONOPLE!$F$14,$M134,AR$13))))","v":1000000000000},{"$f":"IF($D134<>\"Serviço\",0,IF(AND(AUTOEVENTO=\"Manual\",$M134=1),0,IF(OFFSET(CRONOPLE!$F$14,$M134,AS$13)=\"\",10^12,OFFSET(CRONOPLE!$F$14,$M134,AS$13))))","v":1000000000000},{"$f":"IF($D134<>\"Serviço\",0,IF(AND(AUTOEVENTO=\"Manual\",$M134=1),0,IF(OFFSET(CRONOPLE!$F$14,$M134,AT$13)=\"\",10^12,OFFSET(CRONOPLE!$F$14,$M134,AT$13))))","v":1000000000000},{"$f":"IF($D134<>\"Serviço\",0,IF(AND(AUTOEVENTO=\"Manual\",$M134=1),0,IF(OFFSET(CRONOPLE!$F$14,$M134,AU$13)=\"\",10^12,OFFSET(CRONOPLE!$F$14,$M134,AU$13))))","v":1000000000000},{"$f":"IF($D134<>\"Serviço\",0,IF(AND(AUTOEVENTO=\"Manual\",$M134=1),0,IF(OFFSET(CRONOPLE!$F$14,$M134,AV$13)=\"\",10^12,OFFSET(CRONOPLE!$F$14,$M134,AV$13))))","v":1000000000000},null,{"$f":"IF($D134<>\"Serviço\",0,IF(OR(AND(AUTOEVENTO=\"Manual\",$M134=1),$M134>(ROW(PLE.lastrow)-ROW(PLE.firstrow))),0,IF(OFFSET(PLE!$G$14,$M134,AX$13)=\"\",10^12,OFFSET(PLE!$G$14,$M134,AX$13))))","v":1000000000000},{"$f":"IF($D134<>\"Serviço\",0,IF(OR(AND(AUTOEVENTO=\"Manual\",$M134=1),$M134>(ROW(PLE.lastrow)-ROW(PLE.firstrow))),0,IF(OFFSET(PLE!$G$14,$M134,AY$13)=\"\",10^12,OFFSET(PLE!$G$14,$M134,AY$13))))","v":1000000000000},{"$f":"IF($D134<>\"Serviço\",0,IF(OR(AND(AUTOEVENTO=\"Manual\",$M134=1),$M134>(ROW(PLE.lastrow)-ROW(PLE.firstrow))),0,IF(OFFSET(PLE!$G$14,$M134,AZ$13)=\"\",10^12,OFFSET(PLE!$G$14,$M134,AZ$13))))","v":1000000000000},{"$f":"IF($D134<>\"Serviço\",0,IF(OR(AND(AUTOEVENTO=\"Manual\",$M134=1),$M134>(ROW(PLE.lastrow)-ROW(PLE.firstrow))),0,IF(OFFSET(PLE!$G$14,$M134,BA$13)=\"\",10^12,OFFSET(PLE!$G$14,$M134,BA$13))))","v":1000000000000},{"$f":"IF($D134<>\"Serviço\",0,IF(OR(AND(AUTOEVENTO=\"Manual\",$M134=1),$M134>(ROW(PLE.lastrow)-ROW(PLE.firstrow))),0,IF(OFFSET(PLE!$G$14,$M134,BB$13)=\"\",10^12,OFFSET(PLE!$G$14,$M134,BB$13))))","v":1000000000000},{"$f":"IF($D134<>\"Serviço\",0,IF(OR(AND(AUTOEVENTO=\"Manual\",$M134=1),$M134>(ROW(PLE.lastrow)-ROW(PLE.firstrow))),0,IF(OFFSET(PLE!$G$14,$M134,BC$13)=\"\",10^12,OFFSET(PLE!$G$14,$M134,BC$13))))","v":1000000000000},{"$f":"IF($D134<>\"Serviço\",0,IF(OR(AND(AUTOEVENTO=\"Manual\",$M134=1),$M134>(ROW(PLE.lastrow)-ROW(PLE.firstrow))),0,IF(OFFSET(PLE!$G$14,$M134,BD$13)=\"\",10^12,OFFSET(PLE!$G$14,$M134,BD$13))))","v":1000000000000},{"$f":"IF($D134<>\"Serviço\",0,IF(OR(AND(AUTOEVENTO=\"Manual\",$M134=1),$M134>(ROW(PLE.lastrow)-ROW(PLE.firstrow))),0,IF(OFFSET(PLE!$G$14,$M134,BE$13)=\"\",10^12,OFFSET(PLE!$G$14,$M134,BE$13))))","v":1000000000000},{"$f":"IF($D134<>\"Serviço\",0,IF(OR(AND(AUTOEVENTO=\"Manual\",$M134=1),$M134>(ROW(PLE.lastrow)-ROW(PLE.firstrow))),0,IF(OFFSET(PLE!$G$14,$M134,BF$13)=\"\",10^12,OFFSET(PLE!$G$14,$M134,BF$13))))","v":1000000000000},{"$f":"IF($D134<>\"Serviço\",0,IF(OR(AND(AUTOEVENTO=\"Manual\",$M134=1),$M134>(ROW(PLE.lastrow)-ROW(PLE.firstrow))),0,IF(OFFSET(PLE!$G$14,$M134,BG$13)=\"\",10^12,OFFSET(PLE!$G$14,$M134,BG$13))))","v":1000000000000}]
["120.",{"$f":"OFFSET(ORÇAMENTO!C$15,ROW(B135)-ROW(B$15),0)","v":2},{"$f":"OFFSET(ORÇAMENTO!L$15,ROW(C135)-ROW(C$15),0)","v":"F"},{"$f":"OFFSET(ORÇAMENTO!N$15,ROW(D135)-ROW(D$15),0)","v":"Nível 2"},{"$f":"OFFSET(ORÇAMENTO!O$15,ROW(E135)-ROW(E$15),0)","v":"1.10."},{"$f":"OFFSET(ORÇAMENTO!R$15,ROW(F135)-ROW(F$15),0)","v":"PLUVIAIS"},{"$f":"IF($D135<>\"Serviço\",\"\",OFFSET(ORÇAMENTO!S$15,ROW(G135)-ROW(G$15),0))","v":""},{"$f":"IF($D135<>\"Serviço\",0,IF(ACOMPANHAMENTO=\"BM\",ROUND(OFFSET(ORÇAMENTO!AJ$15,ROW(H135)-ROW(H$15),0),15-13*ORÇAMENTO!$AF$7),SUMPRODUCT(($Q$12:$AA$12<>\"\")*ROUND($Q135:$AA135,15-13*ORÇAMENTO!$AF$7))))","v":0},null,null,null,".",{"$f":"IF($D135<>\"Serviço\",\"\",IF(AUTOEVENTO=\"manual\",$A135,IF(ISERROR(MATCH($A135,$A$15:OFFSET($A135,-1,0),0)),MAX($M$15:OFFSET(M135,-1,0))+1,INDEX($M$15:OFFSET(M135,-1,0),MATCH($A135,$A$15:OFFSET($A135,-1,0),0)))))","v":""},{"$f":"IF($D135<>\"Serviço\",\"\",IF(AUTOEVENTO=\"Manual\",IF($A135=0,\"<-- defina o número do agrupador\",OFFSET(EVENTOS!$D$14,$A135,0)),OFFSET($F$15,$A135,0)))","v":""},null,null,null,null,null,null,null,null,null,null,null,null,null,{"$f":"IF(AND($D135=\"Serviço\",AB$12<>0,$H135>0,OR(AUTOEVENTO<>\"manual\",$M135<>1)),ROUND(OFFSET($P135,0,AB$13),15-13*ORÇAMENTO!$AF$7)/$H135*OFFSET(ORÇAMENTO!$X$15,ROW(AB135)-ROW(AB$15),0),0)","v":0},{"$f":"IF(AND($D135=\"Serviço\",AC$12<>0,$H135>0,OR(AUTOEVENTO<>\"manual\",$M135<>1)),ROUND(OFFSET($P135,0,AC$13),15-13*ORÇAMENTO!$AF$7)/$H135*OFFSET(ORÇAMENTO!$X$15,ROW(AC135)-ROW(AC$15),0),0)","v":0},{"$f":"IF(AND($D135=\"Serviço\",AD$12<>0,$H135>0,OR(AUTOEVENTO<>\"manual\",$M135<>1)),ROUND(OFFSET($P135,0,AD$13),15-13*ORÇAMENTO!$AF$7)/$H135*OFFSET(ORÇAMENTO!$X$15,ROW(AD135)-ROW(AD$15),0),0)","v":0},{"$f":"IF(AND($D135=\"Serviço\",AE$12<>0,$H135>0,OR(AUTOEVENTO<>\"manual\",$M135<>1)),ROUND(OFFSET($P135,0,AE$13),15-13*ORÇAMENTO!$AF$7)/$H135*OFFSET(ORÇAMENTO!$X$15,ROW(AE135)-ROW(AE$15),0),0)","v":0},{"$f":"IF(AND($D135=\"Serviço\",AF$12<>0,$H135>0,OR(AUTOEVENTO<>\"manual\",$M135<>1)),ROUND(OFFSET($P135,0,AF$13),15-13*ORÇAMENTO!$AF$7)/$H135*OFFSET(ORÇAMENTO!$X$15,ROW(AF135)-ROW(AF$15),0),0)","v":0},{"$f":"IF(AND($D135=\"Serviço\",AG$12<>0,$H135>0,OR(AUTOEVENTO<>\"manual\",$M135<>1)),ROUND(OFFSET($P135,0,AG$13),15-13*ORÇAMENTO!$AF$7)/$H135*OFFSET(ORÇAMENTO!$X$15,ROW(AG135)-ROW(AG$15),0),0)","v":0},{"$f":"IF(AND($D135=\"Serviço\",AH$12<>0,$H135>0,OR(AUTOEVENTO<>\"manual\",$M135<>1)),ROUND(OFFSET($P135,0,AH$13),15-13*ORÇAMENTO!$AF$7)/$H135*OFFSET(ORÇAMENTO!$X$15,ROW(AH135)-ROW(AH$15),0),0)","v":0},{"$f":"IF(AND($D135=\"Serviço\",AI$12<>0,$H135>0,OR(AUTOEVENTO<>\"manual\",$M135<>1)),ROUND(OFFSET($P135,0,AI$13),15-13*ORÇAMENTO!$AF$7)/$H135*OFFSET(ORÇAMENTO!$X$15,ROW(AI135)-ROW(AI$15),0),0)","v":0},{"$f":"IF(AND($D135=\"Serviço\",AJ$12<>0,$H135>0,OR(AUTOEVENTO<>\"manual\",$M135<>1)),ROUND(OFFSET($P135,0,AJ$13),15-13*ORÇAMENTO!$AF$7)/$H135*OFFSET(ORÇAMENTO!$X$15,ROW(AJ135)-ROW(AJ$15),0),0)","v":0},{"$f":"IF(AND($D135=\"Serviço\",AK$12<>0,$H135>0,OR(AUTOEVENTO<>\"manual\",$M135<>1)),ROUND(OFFSET($P135,0,AK$13),15-13*ORÇAMENTO!$AF$7)/$H135*OFFSET(ORÇAMENTO!$X$15,ROW(AK135)-ROW(AK$15),0),0)","v":0},null,{"$f":"IF($D135<>\"Serviço\",0,IF(AND(AUTOEVENTO=\"Manual\",$M135=1),0,IF(OFFSET(CRONOPLE!$F$14,$M135,AM$13)=\"\",10^12,OFFSET(CRONOPLE!$F$14,$M135,AM$13))))","v":0},{"$f":"IF($D135<>\"Serviço\",0,IF(AND(AUTOEVENTO=\"Manual\",$M135=1),0,IF(OFFSET(CRONOPLE!$F$14,$M135,AN$13)=\"\",10^12,OFFSET(CRONOPLE!$F$14,$M135,AN$13))))","v":0},{"$f":"IF($D135<>\"Serviço\",0,IF(AND(AUTOEVENTO=\"Manual\",$M135=1),0,IF(OFFSET(CRONOPLE!$F$14,$M135,AO$13)=\"\",10^12,OFFSET(CRONOPLE!$F$14,$M135,AO$13))))","v":0},{"$f":"IF($D135<>\"Serviço\",0,IF(AND(AUTOEVENTO=\"Manual\",$M135=1),0,IF(OFFSET(CRONOPLE!$F$14,$M135,AP$13)=\"\",10^12,OFFSET(CRONOPLE!$F$14,$M135,AP$13))))","v":0},{"$f":"IF($D135<>\"Serviço\",0,IF(AND(AUTOEVENTO=\"Manual\",$M135=1),0,IF(OFFSET(CRONOPLE!$F$14,$M135,AQ$13)=\"\",10^12,OFFSET(CRONOPLE!$F$14,$M135,AQ$13))))","v":0},{"$f":"IF($D135<>\"Serviço\",0,IF(AND(AUTOEVENTO=\"Manual\",$M135=1),0,IF(OFFSET(CRONOPLE!$F$14,$M135,AR$13)=\"\",10^12,OFFSET(CRONOPLE!$F$14,$M135,AR$13))))","v":0},{"$f":"IF($D135<>\"Serviço\",0,IF(AND(AUTOEVENTO=\"Manual\",$M135=1),0,IF(OFFSET(CRONOPLE!$F$14,$M135,AS$13)=\"\",10^12,OFFSET(CRONOPLE!$F$14,$M135,AS$13))))","v":0},{"$f":"IF($D135<>\"Serviço\",0,IF(AND(AUTOEVENTO=\"Manual\",$M135=1),0,IF(OFFSET(CRONOPLE!$F$14,$M135,AT$13)=\"\",10^12,OFFSET(CRONOPLE!$F$14,$M135,AT$13))))","v":0},{"$f":"IF($D135<>\"Serviço\",0,IF(AND(AUTOEVENTO=\"Manual\",$M135=1),0,IF(OFFSET(CRONOPLE!$F$14,$M135,AU$13)=\"\",10^12,OFFSET(CRONOPLE!$F$14,$M135,AU$13))))","v":0},{"$f":"IF($D135<>\"Serviço\",0,IF(AND(AUTOEVENTO=\"Manual\",$M135=1),0,IF(OFFSET(CRONOPLE!$F$14,$M135,AV$13)=\"\",10^12,OFFSET(CRONOPLE!$F$14,$M135,AV$13))))","v":0},null,{"$f":"IF($D135<>\"Serviço\",0,IF(OR(AND(AUTOEVENTO=\"Manual\",$M135=1),$M135>(ROW(PLE.lastrow)-ROW(PLE.firstrow))),0,IF(OFFSET(PLE!$G$14,$M135,AX$13)=\"\",10^12,OFFSET(PLE!$G$14,$M135,AX$13))))","v":0},{"$f":"IF($D135<>\"Serviço\",0,IF(OR(AND(AUTOEVENTO=\"Manual\",$M135=1),$M135>(ROW(PLE.lastrow)-ROW(PLE.firstrow))),0,IF(OFFSET(PLE!$G$14,$M135,AY$13)=\"\",10^12,OFFSET(PLE!$G$14,$M135,AY$13))))","v":0},{"$f":"IF($D135<>\"Serviço\",0,IF(OR(AND(AUTOEVENTO=\"Manual\",$M135=1),$M135>(ROW(PLE.lastrow)-ROW(PLE.firstrow))),0,IF(OFFSET(PLE!$G$14,$M135,AZ$13)=\"\",10^12,OFFSET(PLE!$G$14,$M135,AZ$13))))","v":0},{"$f":"IF($D135<>\"Serviço\",0,IF(OR(AND(AUTOEVENTO=\"Manual\",$M135=1),$M135>(ROW(PLE.lastrow)-ROW(PLE.firstrow))),0,IF(OFFSET(PLE!$G$14,$M135,BA$13)=\"\",10^12,OFFSET(PLE!$G$14,$M135,BA$13))))","v":0},{"$f":"IF($D135<>\"Serviço\",0,IF(OR(AND(AUTOEVENTO=\"Manual\",$M135=1),$M135>(ROW(PLE.lastrow)-ROW(PLE.firstrow))),0,IF(OFFSET(PLE!$G$14,$M135,BB$13)=\"\",10^12,OFFSET(PLE!$G$14,$M135,BB$13))))","v":0},{"$f":"IF($D135<>\"Serviço\",0,IF(OR(AND(AUTOEVENTO=\"Manual\",$M135=1),$M135>(ROW(PLE.lastrow)-ROW(PLE.firstrow))),0,IF(OFFSET(PLE!$G$14,$M135,BC$13)=\"\",10^12,OFFSET(PLE!$G$14,$M135,BC$13))))","v":0},{"$f":"IF($D135<>\"Serviço\",0,IF(OR(AND(AUTOEVENTO=\"Manual\",$M135=1),$M135>(ROW(PLE.lastrow)-ROW(PLE.firstrow))),0,IF(OFFSET(PLE!$G$14,$M135,BD$13)=\"\",10^12,OFFSET(PLE!$G$14,$M135,BD$13))))","v":0},{"$f":"IF($D135<>\"Serviço\",0,IF(OR(AND(AUTOEVENTO=\"Manual\",$M135=1),$M135>(ROW(PLE.lastrow)-ROW(PLE.firstrow))),0,IF(OFFSET(PLE!$G$14,$M135,BE$13)=\"\",10^12,OFFSET(PLE!$G$14,$M135,BE$13))))","v":0},{"$f":"IF($D135<>\"Serviço\",0,IF(OR(AND(AUTOEVENTO=\"Manual\",$M135=1),$M135>(ROW(PLE.lastrow)-ROW(PLE.firstrow))),0,IF(OFFSET(PLE!$G$14,$M135,BF$13)=\"\",10^12,OFFSET(PLE!$G$14,$M135,BF$13))))","v":0},{"$f":"IF($D135<>\"Serviço\",0,IF(OR(AND(AUTOEVENTO=\"Manual\",$M135=1),$M135>(ROW(PLE.lastrow)-ROW(PLE.firstrow))),0,IF(OFFSET(PLE!$G$14,$M135,BG$13)=\"\",10^12,OFFSET(PLE!$G$14,$M135,BG$13))))","v":0}]
["120",{"$f":"OFFSET(ORÇAMENTO!C$15,ROW(B136)-ROW(B$15),0)","v":"S"},{"$f":"OFFSET(ORÇAMENTO!L$15,ROW(C136)-ROW(C$15),0)","v":"F"},{"$f":"OFFSET(ORÇAMENTO!N$15,ROW(D136)-ROW(D$15),0)","v":"Serviço"},{"$f":"OFFSET(ORÇAMENTO!O$15,ROW(E136)-ROW(E$15),0)","v":"1.10.1."},{"$f":"OFFSET(ORÇAMENTO!R$15,ROW(F136)-ROW(F$15),0)","v":"CISTERNA COM RESERVATÓRIO DE 5.000L,  PARA COLETAS DE AGUAS DA CHUVA E REUTILIZAÇÃO, COM BOMBA CENTRÍFUGA"},{"$f":"IF($D136<>\"Serviço\",\"\",OFFSET(ORÇAMENTO!S$15,ROW(G136)-ROW(G$15),0))","v":"UN "},{"$f":"IF($D136<>\"Serviço\",0,IF(ACOMPANHAMENTO=\"BM\",ROUND(OFFSET(ORÇAMENTO!AJ$15,ROW(H136)-ROW(H$15),0),15-13*ORÇAMENTO!$AF$7),SUMPRODUCT(($Q$12:$AA$12<>\"\")*ROUND($Q136:$AA136,15-13*ORÇAMENTO!$AF$7))))","v":1},null,null,null,".",{"$f":"IF($D136<>\"Serviço\",\"\",IF(AUTOEVENTO=\"manual\",$A136,IF(ISERROR(MATCH($A136,$A$15:OFFSET($A136,-1,0),0)),MAX($M$15:OFFSET(M136,-1,0))+1,INDEX($M$15:OFFSET(M136,-1,0),MATCH($A136,$A$15:OFFSET($A136,-1,0),0)))))","v":11},{"$f":"IF($D136<>\"Serviço\",\"\",IF(AUTOEVENTO=\"Manual\",IF($A136=0,\"<-- defina o número do agrupador\",OFFSET(EVENTOS!$D$14,$A136,0)),OFFSET($F$15,$A136,0)))","v":"PLUVIAIS"},null,null,null,null,null,null,null,null,null,null,null,null,null,{"$f":"IF(AND($D136=\"Serviço\",AB$12<>0,$H136>0,OR(AUTOEVENTO<>\"manual\",$M136<>1)),ROUND(OFFSET($P136,0,AB$13),15-13*ORÇAMENTO!$AF$7)/$H136*OFFSET(ORÇAMENTO!$X$15,ROW(AB136)-ROW(AB$15),0),0)","v":0},{"$f":"IF(AND($D136=\"Serviço\",AC$12<>0,$H136>0,OR(AUTOEVENTO<>\"manual\",$M136<>1)),ROUND(OFFSET($P136,0,AC$13),15-13*ORÇAMENTO!$AF$7)/$H136*OFFSET(ORÇAMENTO!$X$15,ROW(AC136)-ROW(AC$15),0),0)","v":0},{"$f":"IF(AND($D136=\"Serviço\",AD$12<>0,$H136>0,OR(AUTOEVENTO<>\"manual\",$M136<>1)),ROUND(OFFSET($P136,0,AD$13),15-13*ORÇAMENTO!$AF$7)/$H136*OFFSET(ORÇAMENTO!$X$15,ROW(AD136)-ROW(AD$15),0),0)","v":0},{"$f":"IF(AND($D136=\"Serviço\",AE$12<>0,$H136>0,OR(AUTOEVENTO<>\"manual\",$M136<>1)),ROUND(OFFSET($P136,0,AE$13),15-13*ORÇAMENTO!$AF$7)/$H136*OFFSET(ORÇAMENTO!$X$15,ROW(AE136)-ROW(AE$15),0),0)","v":0},{"$f":"IF(AND($D136=\"Serviço\",AF$12<>0,$H136>0,OR(AUTOEVENTO<>\"manual\",$M136<>1)),ROUND(OFFSET($P136,0,AF$13),15-13*ORÇAMENTO!$AF$7)/$H136*OFFSET(ORÇAMENTO!$X$15,ROW(AF136)-ROW(AF$15),0),0)","v":0},{"$f":"IF(AND($D136=\"Serviço\",AG$12<>0,$H136>0,OR(AUTOEVENTO<>\"manual\",$M136<>1)),ROUND(OFFSET($P136,0,AG$13),15-13*ORÇAMENTO!$AF$7)/$H136*OFFSET(ORÇAMENTO!$X$15,ROW(AG136)-ROW(AG$15),0),0)","v":0},{"$f":"IF(AND($D136=\"Serviço\",AH$12<>0,$H136>0,OR(AUTOEVENTO<>\"manual\",$M136<>1)),ROUND(OFFSET($P136,0,AH$13),15-13*ORÇAMENTO!$AF$7)/$H136*OFFSET(ORÇAMENTO!$X$15,ROW(AH136)-ROW(AH$15),0),0)","v":0},{"$f":"IF(AND($D136=\"Serviço\",AI$12<>0,$H136>0,OR(AUTOEVENTO<>\"manual\",$M136<>1)),ROUND(OFFSET($P136,0,AI$13),15-13*ORÇAMENTO!$AF$7)/$H136*OFFSET(ORÇAMENTO!$X$15,ROW(AI136)-ROW(AI$15),0),0)","v":0},{"$f":"IF(AND($D136=\"Serviço\",AJ$12<>0,$H136>0,OR(AUTOEVENTO<>\"manual\",$M136<>1)),ROUND(OFFSET($P136,0,AJ$13),15-13*ORÇAMENTO!$AF$7)/$H136*OFFSET(ORÇAMENTO!$X$15,ROW(AJ136)-ROW(AJ$15),0),0)","v":0},{"$f":"IF(AND($D136=\"Serviço\",AK$12<>0,$H136>0,OR(AUTOEVENTO<>\"manual\",$M136<>1)),ROUND(OFFSET($P136,0,AK$13),15-13*ORÇAMENTO!$AF$7)/$H136*OFFSET(ORÇAMENTO!$X$15,ROW(AK136)-ROW(AK$15),0),0)","v":0},null,{"$f":"IF($D136<>\"Serviço\",0,IF(AND(AUTOEVENTO=\"Manual\",$M136=1),0,IF(OFFSET(CRONOPLE!$F$14,$M136,AM$13)=\"\",10^12,OFFSET(CRONOPLE!$F$14,$M136,AM$13))))","v":1000000000000},{"$f":"IF($D136<>\"Serviço\",0,IF(AND(AUTOEVENTO=\"Manual\",$M136=1),0,IF(OFFSET(CRONOPLE!$F$14,$M136,AN$13)=\"\",10^12,OFFSET(CRONOPLE!$F$14,$M136,AN$13))))","v":1000000000000},{"$f":"IF($D136<>\"Serviço\",0,IF(AND(AUTOEVENTO=\"Manual\",$M136=1),0,IF(OFFSET(CRONOPLE!$F$14,$M136,AO$13)=\"\",10^12,OFFSET(CRONOPLE!$F$14,$M136,AO$13))))","v":1000000000000},{"$f":"IF($D136<>\"Serviço\",0,IF(AND(AUTOEVENTO=\"Manual\",$M136=1),0,IF(OFFSET(CRONOPLE!$F$14,$M136,AP$13)=\"\",10^12,OFFSET(CRONOPLE!$F$14,$M136,AP$13))))","v":1000000000000},{"$f":"IF($D136<>\"Serviço\",0,IF(AND(AUTOEVENTO=\"Manual\",$M136=1),0,IF(OFFSET(CRONOPLE!$F$14,$M136,AQ$13)=\"\",10^12,OFFSET(CRONOPLE!$F$14,$M136,AQ$13))))","v":1000000000000},{"$f":"IF($D136<>\"Serviço\",0,IF(AND(AUTOEVENTO=\"Manual\",$M136=1),0,IF(OFFSET(CRONOPLE!$F$14,$M136,AR$13)=\"\",10^12,OFFSET(CRONOPLE!$F$14,$M136,AR$13))))","v":1000000000000},{"$f":"IF($D136<>\"Serviço\",0,IF(AND(AUTOEVENTO=\"Manual\",$M136=1),0,IF(OFFSET(CRONOPLE!$F$14,$M136,AS$13)=\"\",10^12,OFFSET(CRONOPLE!$F$14,$M136,AS$13))))","v":1000000000000},{"$f":"IF($D136<>\"Serviço\",0,IF(AND(AUTOEVENTO=\"Manual\",$M136=1),0,IF(OFFSET(CRONOPLE!$F$14,$M136,AT$13)=\"\",10^12,OFFSET(CRONOPLE!$F$14,$M136,AT$13))))","v":1000000000000},{"$f":"IF($D136<>\"Serviço\",0,IF(AND(AUTOEVENTO=\"Manual\",$M136=1),0,IF(OFFSET(CRONOPLE!$F$14,$M136,AU$13)=\"\",10^12,OFFSET(CRONOPLE!$F$14,$M136,AU$13))))","v":1000000000000},{"$f":"IF($D136<>\"Serviço\",0,IF(AND(AUTOEVENTO=\"Manual\",$M136=1),0,IF(OFFSET(CRONOPLE!$F$14,$M136,AV$13)=\"\",10^12,OFFSET(CRONOPLE!$F$14,$M136,AV$13))))","v":1000000000000},null,{"$f":"IF($D136<>\"Serviço\",0,IF(OR(AND(AUTOEVENTO=\"Manual\",$M136=1),$M136>(ROW(PLE.lastrow)-ROW(PLE.firstrow))),0,IF(OFFSET(PLE!$G$14,$M136,AX$13)=\"\",10^12,OFFSET(PLE!$G$14,$M136,AX$13))))","v":1000000000000},{"$f":"IF($D136<>\"Serviço\",0,IF(OR(AND(AUTOEVENTO=\"Manual\",$M136=1),$M136>(ROW(PLE.lastrow)-ROW(PLE.firstrow))),0,IF(OFFSET(PLE!$G$14,$M136,AY$13)=\"\",10^12,OFFSET(PLE!$G$14,$M136,AY$13))))","v":1000000000000},{"$f":"IF($D136<>\"Serviço\",0,IF(OR(AND(AUTOEVENTO=\"Manual\",$M136=1),$M136>(ROW(PLE.lastrow)-ROW(PLE.firstrow))),0,IF(OFFSET(PLE!$G$14,$M136,AZ$13)=\"\",10^12,OFFSET(PLE!$G$14,$M136,AZ$13))))","v":1000000000000},{"$f":"IF($D136<>\"Serviço\",0,IF(OR(AND(AUTOEVENTO=\"Manual\",$M136=1),$M136>(ROW(PLE.lastrow)-ROW(PLE.firstrow))),0,IF(OFFSET(PLE!$G$14,$M136,BA$13)=\"\",10^12,OFFSET(PLE!$G$14,$M136,BA$13))))","v":1000000000000},{"$f":"IF($D136<>\"Serviço\",0,IF(OR(AND(AUTOEVENTO=\"Manual\",$M136=1),$M136>(ROW(PLE.lastrow)-ROW(PLE.firstrow))),0,IF(OFFSET(PLE!$G$14,$M136,BB$13)=\"\",10^12,OFFSET(PLE!$G$14,$M136,BB$13))))","v":1000000000000},{"$f":"IF($D136<>\"Serviço\",0,IF(OR(AND(AUTOEVENTO=\"Manual\",$M136=1),$M136>(ROW(PLE.lastrow)-ROW(PLE.firstrow))),0,IF(OFFSET(PLE!$G$14,$M136,BC$13)=\"\",10^12,OFFSET(PLE!$G$14,$M136,BC$13))))","v":1000000000000},{"$f":"IF($D136<>\"Serviço\",0,IF(OR(AND(AUTOEVENTO=\"Manual\",$M136=1),$M136>(ROW(PLE.lastrow)-ROW(PLE.firstrow))),0,IF(OFFSET(PLE!$G$14,$M136,BD$13)=\"\",10^12,OFFSET(PLE!$G$14,$M136,BD$13))))","v":1000000000000},{"$f":"IF($D136<>\"Serviço\",0,IF(OR(AND(AUTOEVENTO=\"Manual\",$M136=1),$M136>(ROW(PLE.lastrow)-ROW(PLE.firstrow))),0,IF(OFFSET(PLE!$G$14,$M136,BE$13)=\"\",10^12,OFFSET(PLE!$G$14,$M136,BE$13))))","v":1000000000000},{"$f":"IF($D136<>\"Serviço\",0,IF(OR(AND(AUTOEVENTO=\"Manual\",$M136=1),$M136>(ROW(PLE.lastrow)-ROW(PLE.firstrow))),0,IF(OFFSET(PLE!$G$14,$M136,BF$13)=\"\",10^12,OFFSET(PLE!$G$14,$M136,BF$13))))","v":1000000000000},{"$f":"IF($D136<>\"Serviço\",0,IF(OR(AND(AUTOEVENTO=\"Manual\",$M136=1),$M136>(ROW(PLE.lastrow)-ROW(PLE.firstrow))),0,IF(OFFSET(PLE!$G$14,$M136,BG$13)=\"\",10^12,OFFSET(PLE!$G$14,$M136,BG$13))))","v":1000000000000}]
["120",{"$f":"OFFSET(ORÇAMENTO!C$15,ROW(B137)-ROW(B$15),0)","v":"S"},{"$f":"OFFSET(ORÇAMENTO!L$15,ROW(C137)-ROW(C$15),0)","v":"F"},{"$f":"OFFSET(ORÇAMENTO!N$15,ROW(D137)-ROW(D$15),0)","v":"Serviço"},{"$f":"OFFSET(ORÇAMENTO!O$15,ROW(E137)-ROW(E$15),0)","v":"1.10.2."},{"$f":"OFFSET(ORÇAMENTO!R$15,ROW(F137)-ROW(F$15),0)","v":"CALHA EM CHAPA DE AÇO GALVANIZADO NÚMERO 24, DESENVOLVIMENTO DE 100 CM, INCLUSO TRANSPORTE VERTICAL"},{"$f":"IF($D137<>\"Serviço\",\"\",OFFSET(ORÇAMENTO!S$15,ROW(G137)-ROW(G$15),0))","v":"M"},{"$f":"IF($D137<>\"Serviço\",0,IF(ACOMPANHAMENTO=\"BM\",ROUND(OFFSET(ORÇAMENTO!AJ$15,ROW(H137)-ROW(H$15),0),15-13*ORÇAMENTO!$AF$7),SUMPRODUCT(($Q$12:$AA$12<>\"\")*ROUND($Q137:$AA137,15-13*ORÇAMENTO!$AF$7))))","v":103.3},null,null,null,".",{"$f":"IF($D137<>\"Serviço\",\"\",IF(AUTOEVENTO=\"manual\",$A137,IF(ISERROR(MATCH($A137,$A$15:OFFSET($A137,-1,0),0)),MAX($M$15:OFFSET(M137,-1,0))+1,INDEX($M$15:OFFSET(M137,-1,0),MATCH($A137,$A$15:OFFSET($A137,-1,0),0)))))","v":11},{"$f":"IF($D137<>\"Serviço\",\"\",IF(AUTOEVENTO=\"Manual\",IF($A137=0,\"<-- defina o número do agrupador\",OFFSET(EVENTOS!$D$14,$A137,0)),OFFSET($F$15,$A137,0)))","v":"PLUVIAIS"},null,null,null,null,null,null,null,null,null,null,null,null,null,{"$f":"IF(AND($D137=\"Serviço\",AB$12<>0,$H137>0,OR(AUTOEVENTO<>\"manual\",$M137<>1)),ROUND(OFFSET($P137,0,AB$13),15-13*ORÇAMENTO!$AF$7)/$H137*OFFSET(ORÇAMENTO!$X$15,ROW(AB137)-ROW(AB$15),0),0)","v":0},{"$f":"IF(AND($D137=\"Serviço\",AC$12<>0,$H137>0,OR(AUTOEVENTO<>\"manual\",$M137<>1)),ROUND(OFFSET($P137,0,AC$13),15-13*ORÇAMENTO!$AF$7)/$H137*OFFSET(ORÇAMENTO!$X$15,ROW(AC137)-ROW(AC$15),0),0)","v":0},{"$f":"IF(AND($D137=\"Serviço\",AD$12<>0,$H137>0,OR(AUTOEVENTO<>\"manual\",$M137<>1)),ROUND(OFFSET($P137,0,AD$13),15-13*ORÇAMENTO!$AF$7)/$H137*OFFSET(ORÇAMENTO!$X$15,ROW(AD137)-ROW(AD$15),0),0)","v":0},{"$f":"IF(AND($D137=\"Serviço\",AE$12<>0,$H137>0,OR(AUTOEVENTO<>\"manual\",$M137<>1)),ROUND(OFFSET($P137,0,AE$13),15-13*ORÇAMENTO!$AF$7)/$H137*OFFSET(ORÇAMENTO!$X$15,ROW(AE137)-ROW(AE$15),0),0)","v":0},{"$f":"IF(AND($D137=\"Serviço\",AF$12<>0,$H137>0,OR(AUTOEVENTO<>\"manual\",$M137<>1)),ROUND(OFFSET($P137,0,AF$13),15-13*ORÇAMENTO!$AF$7)/$H137*OFFSET(ORÇAMENTO!$X$15,ROW(AF137)-ROW(AF$15),0),0)","v":0},{"$f":"IF(AND($D137=\"Serviço\",AG$12<>0,$H137>0,OR(AUTOEVENTO<>\"manual\",$M137<>1)),ROUND(OFFSET($P137,0,AG$13),15-13*ORÇAMENTO!$AF$7)/$H137*OFFSET(ORÇAMENTO!$X$15,ROW(AG137)-ROW(AG$15),0),0)","v":0},{"$f":"IF(AND($D137=\"Serviço\",AH$12<>0,$H137>0,OR(AUTOEVENTO<>\"manual\",$M137<>1)),ROUND(OFFSET($P137,0,AH$13),15-13*ORÇAMENTO!$AF$7)/$H137*OFFSET(ORÇAMENTO!$X$15,ROW(AH137)-ROW(AH$15),0),0)","v":0},{"$f":"IF(AND($D137=\"Serviço\",AI$12<>0,$H137>0,OR(AUTOEVENTO<>\"manual\",$M137<>1)),ROUND(OFFSET($P137,0,AI$13),15-13*ORÇAMENTO!$AF$7)/$H137*OFFSET(ORÇAMENTO!$X$15,ROW(AI137)-ROW(AI$15),0),0)","v":0},{"$f":"IF(AND($D137=\"Serviço\",AJ$12<>0,$H137>0,OR(AUTOEVENTO<>\"manual\",$M137<>1)),ROUND(OFFSET($P137,0,AJ$13),15-13*ORÇAMENTO!$AF$7)/$H137*OFFSET(ORÇAMENTO!$X$15,ROW(AJ137)-ROW(AJ$15),0),0)","v":0},{"$f":"IF(AND($D137=\"Serviço\",AK$12<>0,$H137>0,OR(AUTOEVENTO<>\"manual\",$M137<>1)),ROUND(OFFSET($P137,0,AK$13),15-13*ORÇAMENTO!$AF$7)/$H137*OFFSET(ORÇAMENTO!$X$15,ROW(AK137)-ROW(AK$15),0),0)","v":0},null,{"$f":"IF($D137<>\"Serviço\",0,IF(AND(AUTOEVENTO=\"Manual\",$M137=1),0,IF(OFFSET(CRONOPLE!$F$14,$M137,AM$13)=\"\",10^12,OFFSET(CRONOPLE!$F$14,$M137,AM$13))))","v":1000000000000},{"$f":"IF($D137<>\"Serviço\",0,IF(AND(AUTOEVENTO=\"Manual\",$M137=1),0,IF(OFFSET(CRONOPLE!$F$14,$M137,AN$13)=\"\",10^12,OFFSET(CRONOPLE!$F$14,$M137,AN$13))))","v":1000000000000},{"$f":"IF($D137<>\"Serviço\",0,IF(AND(AUTOEVENTO=\"Manual\",$M137=1),0,IF(OFFSET(CRONOPLE!$F$14,$M137,AO$13)=\"\",10^12,OFFSET(CRONOPLE!$F$14,$M137,AO$13))))","v":1000000000000},{"$f":"IF($D137<>\"Serviço\",0,IF(AND(AUTOEVENTO=\"Manual\",$M137=1),0,IF(OFFSET(CRONOPLE!$F$14,$M137,AP$13)=\"\",10^12,OFFSET(CRONOPLE!$F$14,$M137,AP$13))))","v":1000000000000},{"$f":"IF($D137<>\"Serviço\",0,IF(AND(AUTOEVENTO=\"Manual\",$M137=1),0,IF(OFFSET(CRONOPLE!$F$14,$M137,AQ$13)=\"\",10^12,OFFSET(CRONOPLE!$F$14,$M137,AQ$13))))","v":1000000000000},{"$f":"IF($D137<>\"Serviço\",0,IF(AND(AUTOEVENTO=\"Manual\",$M137=1),0,IF(OFFSET(CRONOPLE!$F$14,$M137,AR$13)=\"\",10^12,OFFSET(CRONOPLE!$F$14,$M137,AR$13))))","v":1000000000000},{"$f":"IF($D137<>\"Serviço\",0,IF(AND(AUTOEVENTO=\"Manual\",$M137=1),0,IF(OFFSET(CRONOPLE!$F$14,$M137,AS$13)=\"\",10^12,OFFSET(CRONOPLE!$F$14,$M137,AS$13))))","v":1000000000000},{"$f":"IF($D137<>\"Serviço\",0,IF(AND(AUTOEVENTO=\"Manual\",$M137=1),0,IF(OFFSET(CRONOPLE!$F$14,$M137,AT$13)=\"\",10^12,OFFSET(CRONOPLE!$F$14,$M137,AT$13))))","v":1000000000000},{"$f":"IF($D137<>\"Serviço\",0,IF(AND(AUTOEVENTO=\"Manual\",$M137=1),0,IF(OFFSET(CRONOPLE!$F$14,$M137,AU$13)=\"\",10^12,OFFSET(CRONOPLE!$F$14,$M137,AU$13))))","v":1000000000000},{"$f":"IF($D137<>\"Serviço\",0,IF(AND(AUTOEVENTO=\"Manual\",$M137=1),0,IF(OFFSET(CRONOPLE!$F$14,$M137,AV$13)=\"\",10^12,OFFSET(CRONOPLE!$F$14,$M137,AV$13))))","v":1000000000000},null,{"$f":"IF($D137<>\"Serviço\",0,IF(OR(AND(AUTOEVENTO=\"Manual\",$M137=1),$M137>(ROW(PLE.lastrow)-ROW(PLE.firstrow))),0,IF(OFFSET(PLE!$G$14,$M137,AX$13)=\"\",10^12,OFFSET(PLE!$G$14,$M137,AX$13))))","v":1000000000000},{"$f":"IF($D137<>\"Serviço\",0,IF(OR(AND(AUTOEVENTO=\"Manual\",$M137=1),$M137>(ROW(PLE.lastrow)-ROW(PLE.firstrow))),0,IF(OFFSET(PLE!$G$14,$M137,AY$13)=\"\",10^12,OFFSET(PLE!$G$14,$M137,AY$13))))","v":1000000000000},{"$f":"IF($D137<>\"Serviço\",0,IF(OR(AND(AUTOEVENTO=\"Manual\",$M137=1),$M137>(ROW(PLE.lastrow)-ROW(PLE.firstrow))),0,IF(OFFSET(PLE!$G$14,$M137,AZ$13)=\"\",10^12,OFFSET(PLE!$G$14,$M137,AZ$13))))","v":1000000000000},{"$f":"IF($D137<>\"Serviço\",0,IF(OR(AND(AUTOEVENTO=\"Manual\",$M137=1),$M137>(ROW(PLE.lastrow)-ROW(PLE.firstrow))),0,IF(OFFSET(PLE!$G$14,$M137,BA$13)=\"\",10^12,OFFSET(PLE!$G$14,$M137,BA$13))))","v":1000000000000},{"$f":"IF($D137<>\"Serviço\",0,IF(OR(AND(AUTOEVENTO=\"Manual\",$M137=1),$M137>(ROW(PLE.lastrow)-ROW(PLE.firstrow))),0,IF(OFFSET(PLE!$G$14,$M137,BB$13)=\"\",10^12,OFFSET(PLE!$G$14,$M137,BB$13))))","v":1000000000000},{"$f":"IF($D137<>\"Serviço\",0,IF(OR(AND(AUTOEVENTO=\"Manual\",$M137=1),$M137>(ROW(PLE.lastrow)-ROW(PLE.firstrow))),0,IF(OFFSET(PLE!$G$14,$M137,BC$13)=\"\",10^12,OFFSET(PLE!$G$14,$M137,BC$13))))","v":1000000000000},{"$f":"IF($D137<>\"Serviço\",0,IF(OR(AND(AUTOEVENTO=\"Manual\",$M137=1),$M137>(ROW(PLE.lastrow)-ROW(PLE.firstrow))),0,IF(OFFSET(PLE!$G$14,$M137,BD$13)=\"\",10^12,OFFSET(PLE!$G$14,$M137,BD$13))))","v":1000000000000},{"$f":"IF($D137<>\"Serviço\",0,IF(OR(AND(AUTOEVENTO=\"Manual\",$M137=1),$M137>(ROW(PLE.lastrow)-ROW(PLE.firstrow))),0,IF(OFFSET(PLE!$G$14,$M137,BE$13)=\"\",10^12,OFFSET(PLE!$G$14,$M137,BE$13))))","v":1000000000000},{"$f":"IF($D137<>\"Serviço\",0,IF(OR(AND(AUTOEVENTO=\"Manual\",$M137=1),$M137>(ROW(PLE.lastrow)-ROW(PLE.firstrow))),0,IF(OFFSET(PLE!$G$14,$M137,BF$13)=\"\",10^12,OFFSET(PLE!$G$14,$M137,BF$13))))","v":1000000000000},{"$f":"IF($D137<>\"Serviço\",0,IF(OR(AND(AUTOEVENTO=\"Manual\",$M137=1),$M137>(ROW(PLE.lastrow)-ROW(PLE.firstrow))),0,IF(OFFSET(PLE!$G$14,$M137,BG$13)=\"\",10^12,OFFSET(PLE!$G$14,$M137,BG$13))))","v":1000000000000}]
["120",{"$f":"OFFSET(ORÇAMENTO!C$15,ROW(B138)-ROW(B$15),0)","v":"S"},{"$f":"OFFSET(ORÇAMENTO!L$15,ROW(C138)-ROW(C$15),0)","v":"F"},{"$f":"OFFSET(ORÇAMENTO!N$15,ROW(D138)-ROW(D$15),0)","v":"Serviço"},{"$f":"OFFSET(ORÇAMENTO!O$15,ROW(E138)-ROW(E$15),0)","v":"1.10.3."},{"$f":"OFFSET(ORÇAMENTO!R$15,ROW(F138)-ROW(F$15),0)","v":"(COMPOSIÇÃO REPRESENTATIVA) DO SERVIÇO DE INSTALAÇÃO DE TUBOS DE PVC, SÉRIE R, ÁGUA PLUVIAL, DN 100 MM (INSTALADO EM RAMAL DE ENCAMINHAMENTO, OU CONDUTORES VERTICAIS), INCLUSIVE CONEXÕES, CORTES E FIXAÇÕES, PARA PRÉDIOS"},{"$f":"IF($D138<>\"Serviço\",\"\",OFFSET(ORÇAMENTO!S$15,ROW(G138)-ROW(G$15),0))","v":"M"},{"$f":"IF($D138<>\"Serviço\",0,IF(ACOMPANHAMENTO=\"BM\",ROUND(OFFSET(ORÇAMENTO!AJ$15,ROW(H138)-ROW(H$15),0),15-13*ORÇAMENTO!$AF$7),SUMPRODUCT(($Q$12:$AA$12<>\"\")*ROUND($Q138:$AA138,15-13*ORÇAMENTO!$AF$7))))","v":159.30000000000001},null,null,null,".",{"$f":"IF($D138<>\"Serviço\",\"\",IF(AUTOEVENTO=\"manual\",$A138,IF(ISERROR(MATCH($A138,$A$15:OFFSET($A138,-1,0),0)),MAX($M$15:OFFSET(M138,-1,0))+1,INDEX($M$15:OFFSET(M138,-1,0),MATCH($A138,$A$15:OFFSET($A138,-1,0),0)))))","v":11},{"$f":"IF($D138<>\"Serviço\",\"\",IF(AUTOEVENTO=\"Manual\",IF($A138=0,\"<-- defina o número do agrupador\",OFFSET(EVENTOS!$D$14,$A138,0)),OFFSET($F$15,$A138,0)))","v":"PLUVIAIS"},null,null,null,null,null,null,null,null,null,null,null,null,null,{"$f":"IF(AND($D138=\"Serviço\",AB$12<>0,$H138>0,OR(AUTOEVENTO<>\"manual\",$M138<>1)),ROUND(OFFSET($P138,0,AB$13),15-13*ORÇAMENTO!$AF$7)/$H138*OFFSET(ORÇAMENTO!$X$15,ROW(AB138)-ROW(AB$15),0),0)","v":0},{"$f":"IF(AND($D138=\"Serviço\",AC$12<>0,$H138>0,OR(AUTOEVENTO<>\"manual\",$M138<>1)),ROUND(OFFSET($P138,0,AC$13),15-13*ORÇAMENTO!$AF$7)/$H138*OFFSET(ORÇAMENTO!$X$15,ROW(AC138)-ROW(AC$15),0),0)","v":0},{"$f":"IF(AND($D138=\"Serviço\",AD$12<>0,$H138>0,OR(AUTOEVENTO<>\"manual\",$M138<>1)),ROUND(OFFSET($P138,0,AD$13),15-13*ORÇAMENTO!$AF$7)/$H138*OFFSET(ORÇAMENTO!$X$15,ROW(AD138)-ROW(AD$15),0),0)","v":0},{"$f":"IF(AND($D138=\"Serviço\",AE$12<>0,$H138>0,OR(AUTOEVENTO<>\"manual\",$M138<>1)),ROUND(OFFSET($P138,0,AE$13),15-13*ORÇAMENTO!$AF$7)/$H138*OFFSET(ORÇAMENTO!$X$15,ROW(AE138)-ROW(AE$15),0),0)","v":0},{"$f":"IF(AND($D138=\"Serviço\",AF$12<>0,$H138>0,OR(AUTOEVENTO<>\"manual\",$M138<>1)),ROUND(OFFSET($P138,0,AF$13),15-13*ORÇAMENTO!$AF$7)/$H138*OFFSET(ORÇAMENTO!$X$15,ROW(AF138)-ROW(AF$15),0),0)","v":0},{"$f":"IF(AND($D138=\"Serviço\",AG$12<>0,$H138>0,OR(AUTOEVENTO<>\"manual\",$M138<>1)),ROUND(OFFSET($P138,0,AG$13),15-13*ORÇAMENTO!$AF$7)/$H138*OFFSET(ORÇAMENTO!$X$15,ROW(AG138)-ROW(AG$15),0),0)","v":0},{"$f":"IF(AND($D138=\"Serviço\",AH$12<>0,$H138>0,OR(AUTOEVENTO<>\"manual\",$M138<>1)),ROUND(OFFSET($P138,0,AH$13),15-13*ORÇAMENTO!$AF$7)/$H138*OFFSET(ORÇAMENTO!$X$15,ROW(AH138)-ROW(AH$15),0),0)","v":0},{"$f":"IF(AND($D138=\"Serviço\",AI$12<>0,$H138>0,OR(AUTOEVENTO<>\"manual\",$M138<>1)),ROUND(OFFSET($P138,0,AI$13),15-13*ORÇAMENTO!$AF$7)/$H138*OFFSET(ORÇAMENTO!$X$15,ROW(AI138)-ROW(AI$15),0),0)","v":0},{"$f":"IF(AND($D138=\"Serviço\",AJ$12<>0,$H138>0,OR(AUTOEVENTO<>\"manual\",$M138<>1)),ROUND(OFFSET($P138,0,AJ$13),15-13*ORÇAMENTO!$AF$7)/$H138*OFFSET(ORÇAMENTO!$X$15,ROW(AJ138)-ROW(AJ$15),0),0)","v":0},{"$f":"IF(AND($D138=\"Serviço\",AK$12<>0,$H138>0,OR(AUTOEVENTO<>\"manual\",$M138<>1)),ROUND(OFFSET($P138,0,AK$13),15-13*ORÇAMENTO!$AF$7)/$H138*OFFSET(ORÇAMENTO!$X$15,ROW(AK138)-ROW(AK$15),0),0)","v":0},null,{"$f":"IF($D138<>\"Serviço\",0,IF(AND(AUTOEVENTO=\"Manual\",$M138=1),0,IF(OFFSET(CRONOPLE!$F$14,$M138,AM$13)=\"\",10^12,OFFSET(CRONOPLE!$F$14,$M138,AM$13))))","v":1000000000000},{"$f":"IF($D138<>\"Serviço\",0,IF(AND(AUTOEVENTO=\"Manual\",$M138=1),0,IF(OFFSET(CRONOPLE!$F$14,$M138,AN$13)=\"\",10^12,OFFSET(CRONOPLE!$F$14,$M138,AN$13))))","v":1000000000000},{"$f":"IF($D138<>\"Serviço\",0,IF(AND(AUTOEVENTO=\"Manual\",$M138=1),0,IF(OFFSET(CRONOPLE!$F$14,$M138,AO$13)=\"\",10^12,OFFSET(CRONOPLE!$F$14,$M138,AO$13))))","v":1000000000000},{"$f":"IF($D138<>\"Serviço\",0,IF(AND(AUTOEVENTO=\"Manual\",$M138=1),0,IF(OFFSET(CRONOPLE!$F$14,$M138,AP$13)=\"\",10^12,OFFSET(CRONOPLE!$F$14,$M138,AP$13))))","v":1000000000000},{"$f":"IF($D138<>\"Serviço\",0,IF(AND(AUTOEVENTO=\"Manual\",$M138=1),0,IF(OFFSET(CRONOPLE!$F$14,$M138,AQ$13)=\"\",10^12,OFFSET(CRONOPLE!$F$14,$M138,AQ$13))))","v":1000000000000},{"$f":"IF($D138<>\"Serviço\",0,IF(AND(AUTOEVENTO=\"Manual\",$M138=1),0,IF(OFFSET(CRONOPLE!$F$14,$M138,AR$13)=\"\",10^12,OFFSET(CRONOPLE!$F$14,$M138,AR$13))))","v":1000000000000},{"$f":"IF($D138<>\"Serviço\",0,IF(AND(AUTOEVENTO=\"Manual\",$M138=1),0,IF(OFFSET(CRONOPLE!$F$14,$M138,AS$13)=\"\",10^12,OFFSET(CRONOPLE!$F$14,$M138,AS$13))))","v":1000000000000},{"$f":"IF($D138<>\"Serviço\",0,IF(AND(AUTOEVENTO=\"Manual\",$M138=1),0,IF(OFFSET(CRONOPLE!$F$14,$M138,AT$13)=\"\",10^12,OFFSET(CRONOPLE!$F$14,$M138,AT$13))))","v":1000000000000},{"$f":"IF($D138<>\"Serviço\",0,IF(AND(AUTOEVENTO=\"Manual\",$M138=1),0,IF(OFFSET(CRONOPLE!$F$14,$M138,AU$13)=\"\",10^12,OFFSET(CRONOPLE!$F$14,$M138,AU$13))))","v":1000000000000},{"$f":"IF($D138<>\"Serviço\",0,IF(AND(AUTOEVENTO=\"Manual\",$M138=1),0,IF(OFFSET(CRONOPLE!$F$14,$M138,AV$13)=\"\",10^12,OFFSET(CRONOPLE!$F$14,$M138,AV$13))))","v":1000000000000},null,{"$f":"IF($D138<>\"Serviço\",0,IF(OR(AND(AUTOEVENTO=\"Manual\",$M138=1),$M138>(ROW(PLE.lastrow)-ROW(PLE.firstrow))),0,IF(OFFSET(PLE!$G$14,$M138,AX$13)=\"\",10^12,OFFSET(PLE!$G$14,$M138,AX$13))))","v":1000000000000},{"$f":"IF($D138<>\"Serviço\",0,IF(OR(AND(AUTOEVENTO=\"Manual\",$M138=1),$M138>(ROW(PLE.lastrow)-ROW(PLE.firstrow))),0,IF(OFFSET(PLE!$G$14,$M138,AY$13)=\"\",10^12,OFFSET(PLE!$G$14,$M138,AY$13))))","v":1000000000000},{"$f":"IF($D138<>\"Serviço\",0,IF(OR(AND(AUTOEVENTO=\"Manual\",$M138=1),$M138>(ROW(PLE.lastrow)-ROW(PLE.firstrow))),0,IF(OFFSET(PLE!$G$14,$M138,AZ$13)=\"\",10^12,OFFSET(PLE!$G$14,$M138,AZ$13))))","v":1000000000000},{"$f":"IF($D138<>\"Serviço\",0,IF(OR(AND(AUTOEVENTO=\"Manual\",$M138=1),$M138>(ROW(PLE.lastrow)-ROW(PLE.firstrow))),0,IF(OFFSET(PLE!$G$14,$M138,BA$13)=\"\",10^12,OFFSET(PLE!$G$14,$M138,BA$13))))","v":1000000000000},{"$f":"IF($D138<>\"Serviço\",0,IF(OR(AND(AUTOEVENTO=\"Manual\",$M138=1),$M138>(ROW(PLE.lastrow)-ROW(PLE.firstrow))),0,IF(OFFSET(PLE!$G$14,$M138,BB$13)=\"\",10^12,OFFSET(PLE!$G$14,$M138,BB$13))))","v":1000000000000},{"$f":"IF($D138<>\"Serviço\",0,IF(OR(AND(AUTOEVENTO=\"Manual\",$M138=1),$M138>(ROW(PLE.lastrow)-ROW(PLE.firstrow))),0,IF(OFFSET(PLE!$G$14,$M138,BC$13)=\"\",10^12,OFFSET(PLE!$G$14,$M138,BC$13))))","v":1000000000000},{"$f":"IF($D138<>\"Serviço\",0,IF(OR(AND(AUTOEVENTO=\"Manual\",$M138=1),$M138>(ROW(PLE.lastrow)-ROW(PLE.firstrow))),0,IF(OFFSET(PLE!$G$14,$M138,BD$13)=\"\",10^12,OFFSET(PLE!$G$14,$M138,BD$13))))","v":1000000000000},{"$f":"IF($D138<>\"Serviço\",0,IF(OR(AND(AUTOEVENTO=\"Manual\",$M138=1),$M138>(ROW(PLE.lastrow)-ROW(PLE.firstrow))),0,IF(OFFSET(PLE!$G$14,$M138,BE$13)=\"\",10^12,OFFSET(PLE!$G$14,$M138,BE$13))))","v":1000000000000},{"$f":"IF($D138<>\"Serviço\",0,IF(OR(AND(AUTOEVENTO=\"Manual\",$M138=1),$M138>(ROW(PLE.lastrow)-ROW(PLE.firstrow))),0,IF(OFFSET(PLE!$G$14,$M138,BF$13)=\"\",10^12,OFFSET(PLE!$G$14,$M138,BF$13))))","v":1000000000000},{"$f":"IF($D138<>\"Serviço\",0,IF(OR(AND(AUTOEVENTO=\"Manual\",$M138=1),$M138>(ROW(PLE.lastrow)-ROW(PLE.firstrow))),0,IF(OFFSET(PLE!$G$14,$M138,BG$13)=\"\",10^12,OFFSET(PLE!$G$14,$M138,BG$13))))","v":1000000000000}]
["120",{"$f":"OFFSET(ORÇAMENTO!C$15,ROW(B139)-ROW(B$15),0)","v":"S"},{"$f":"OFFSET(ORÇAMENTO!L$15,ROW(C139)-ROW(C$15),0)","v":"F"},{"$f":"OFFSET(ORÇAMENTO!N$15,ROW(D139)-ROW(D$15),0)","v":"Serviço"},{"$f":"OFFSET(ORÇAMENTO!O$15,ROW(E139)-ROW(E$15),0)","v":"1.10.4."},{"$f":"OFFSET(ORÇAMENTO!R$15,ROW(F139)-ROW(F$15),0)","v":"CAIXA DE PASSAGEM 30X30X40 COM TAMPA E DRENO BRITA"},{"$f":"IF($D139<>\"Serviço\",\"\",OFFSET(ORÇAMENTO!S$15,ROW(G139)-ROW(G$15),0))","v":"UN"},{"$f":"IF($D139<>\"Serviço\",0,IF(ACOMPANHAMENTO=\"BM\",ROUND(OFFSET(ORÇAMENTO!AJ$15,ROW(H139)-ROW(H$15),0),15-13*ORÇAMENTO!$AF$7),SUMPRODUCT(($Q$12:$AA$12<>\"\")*ROUND($Q139:$AA139,15-13*ORÇAMENTO!$AF$7))))","v":10},null,null,null,".",{"$f":"IF($D139<>\"Serviço\",\"\",IF(AUTOEVENTO=\"manual\",$A139,IF(ISERROR(MATCH($A139,$A$15:OFFSET($A139,-1,0),0)),MAX($M$15:OFFSET(M139,-1,0))+1,INDEX($M$15:OFFSET(M139,-1,0),MATCH($A139,$A$15:OFFSET($A139,-1,0),0)))))","v":11},{"$f":"IF($D139<>\"Serviço\",\"\",IF(AUTOEVENTO=\"Manual\",IF($A139=0,\"<-- defina o número do agrupador\",OFFSET(EVENTOS!$D$14,$A139,0)),OFFSET($F$15,$A139,0)))","v":"PLUVIAIS"},null,null,null,null,null,null,null,null,null,null,null,null,null,{"$f":"IF(AND($D139=\"Serviço\",AB$12<>0,$H139>0,OR(AUTOEVENTO<>\"manual\",$M139<>1)),ROUND(OFFSET($P139,0,AB$13),15-13*ORÇAMENTO!$AF$7)/$H139*OFFSET(ORÇAMENTO!$X$15,ROW(AB139)-ROW(AB$15),0),0)","v":0},{"$f":"IF(AND($D139=\"Serviço\",AC$12<>0,$H139>0,OR(AUTOEVENTO<>\"manual\",$M139<>1)),ROUND(OFFSET($P139,0,AC$13),15-13*ORÇAMENTO!$AF$7)/$H139*OFFSET(ORÇAMENTO!$X$15,ROW(AC139)-ROW(AC$15),0),0)","v":0},{"$f":"IF(AND($D139=\"Serviço\",AD$12<>0,$H139>0,OR(AUTOEVENTO<>\"manual\",$M139<>1)),ROUND(OFFSET($P139,0,AD$13),15-13*ORÇAMENTO!$AF$7)/$H139*OFFSET(ORÇAMENTO!$X$15,ROW(AD139)-ROW(AD$15),0),0)","v":0},{"$f":"IF(AND($D139=\"Serviço\",AE$12<>0,$H139>0,OR(AUTOEVENTO<>\"manual\",$M139<>1)),ROUND(OFFSET($P139,0,AE$13),15-13*ORÇAMENTO!$AF$7)/$H139*OFFSET(ORÇAMENTO!$X$15,ROW(AE139)-ROW(AE$15),0),0)","v":0},{"$f":"IF(AND($D139=\"Serviço\",AF$12<>0,$H139>0,OR(AUTOEVENTO<>\"manual\",$M139<>1)),ROUND(OFFSET($P139,0,AF$13),15-13*ORÇAMENTO!$AF$7)/$H139*OFFSET(ORÇAMENTO!$X$15,ROW(AF139)-ROW(AF$15),0),0)","v":0},{"$f":"IF(AND($D139=\"Serviço\",AG$12<>0,$H139>0,OR(AUTOEVENTO<>\"manual\",$M139<>1)),ROUND(OFFSET($P139,0,AG$13),15-13*ORÇAMENTO!$AF$7)/$H139*OFFSET(ORÇAMENTO!$X$15,ROW(AG139)-ROW(AG$15),0),0)","v":0},{"$f":"IF(AND($D139=\"Serviço\",AH$12<>0,$H139>0,OR(AUTOEVENTO<>\"manual\",$M139<>1)),ROUND(OFFSET($P139,0,AH$13),15-13*ORÇAMENTO!$AF$7)/$H139*OFFSET(ORÇAMENTO!$X$15,ROW(AH139)-ROW(AH$15),0),0)","v":0},{"$f":"IF(AND($D139=\"Serviço\",AI$12<>0,$H139>0,OR(AUTOEVENTO<>\"manual\",$M139<>1)),ROUND(OFFSET($P139,0,AI$13),15-13*ORÇAMENTO!$AF$7)/$H139*OFFSET(ORÇAMENTO!$X$15,ROW(AI139)-ROW(AI$15),0),0)","v":0},{"$f":"IF(AND($D139=\"Serviço\",AJ$12<>0,$H139>0,OR(AUTOEVENTO<>\"manual\",$M139<>1)),ROUND(OFFSET($P139,0,AJ$13),15-13*ORÇAMENTO!$AF$7)/$H139*OFFSET(ORÇAMENTO!$X$15,ROW(AJ139)-ROW(AJ$15),0),0)","v":0},{"$f":"IF(AND($D139=\"Serviço\",AK$12<>0,$H139>0,OR(AUTOEVENTO<>\"manual\",$M139<>1)),ROUND(OFFSET($P139,0,AK$13),15-13*ORÇAMENTO!$AF$7)/$H139*OFFSET(ORÇAMENTO!$X$15,ROW(AK139)-ROW(AK$15),0),0)","v":0},null,{"$f":"IF($D139<>\"Serviço\",0,IF(AND(AUTOEVENTO=\"Manual\",$M139=1),0,IF(OFFSET(CRONOPLE!$F$14,$M139,AM$13)=\"\",10^12,OFFSET(CRONOPLE!$F$14,$M139,AM$13))))","v":1000000000000},{"$f":"IF($D139<>\"Serviço\",0,IF(AND(AUTOEVENTO=\"Manual\",$M139=1),0,IF(OFFSET(CRONOPLE!$F$14,$M139,AN$13)=\"\",10^12,OFFSET(CRONOPLE!$F$14,$M139,AN$13))))","v":1000000000000},{"$f":"IF($D139<>\"Serviço\",0,IF(AND(AUTOEVENTO=\"Manual\",$M139=1),0,IF(OFFSET(CRONOPLE!$F$14,$M139,AO$13)=\"\",10^12,OFFSET(CRONOPLE!$F$14,$M139,AO$13))))","v":1000000000000},{"$f":"IF($D139<>\"Serviço\",0,IF(AND(AUTOEVENTO=\"Manual\",$M139=1),0,IF(OFFSET(CRONOPLE!$F$14,$M139,AP$13)=\"\",10^12,OFFSET(CRONOPLE!$F$14,$M139,AP$13))))","v":1000000000000},{"$f":"IF($D139<>\"Serviço\",0,IF(AND(AUTOEVENTO=\"Manual\",$M139=1),0,IF(OFFSET(CRONOPLE!$F$14,$M139,AQ$13)=\"\",10^12,OFFSET(CRONOPLE!$F$14,$M139,AQ$13))))","v":1000000000000},{"$f":"IF($D139<>\"Serviço\",0,IF(AND(AUTOEVENTO=\"Manual\",$M139=1),0,IF(OFFSET(CRONOPLE!$F$14,$M139,AR$13)=\"\",10^12,OFFSET(CRONOPLE!$F$14,$M139,AR$13))))","v":1000000000000},{"$f":"IF($D139<>\"Serviço\",0,IF(AND(AUTOEVENTO=\"Manual\",$M139=1),0,IF(OFFSET(CRONOPLE!$F$14,$M139,AS$13)=\"\",10^12,OFFSET(CRONOPLE!$F$14,$M139,AS$13))))","v":1000000000000},{"$f":"IF($D139<>\"Serviço\",0,IF(AND(AUTOEVENTO=\"Manual\",$M139=1),0,IF(OFFSET(CRONOPLE!$F$14,$M139,AT$13)=\"\",10^12,OFFSET(CRONOPLE!$F$14,$M139,AT$13))))","v":1000000000000},{"$f":"IF($D139<>\"Serviço\",0,IF(AND(AUTOEVENTO=\"Manual\",$M139=1),0,IF(OFFSET(CRONOPLE!$F$14,$M139,AU$13)=\"\",10^12,OFFSET(CRONOPLE!$F$14,$M139,AU$13))))","v":1000000000000},{"$f":"IF($D139<>\"Serviço\",0,IF(AND(AUTOEVENTO=\"Manual\",$M139=1),0,IF(OFFSET(CRONOPLE!$F$14,$M139,AV$13)=\"\",10^12,OFFSET(CRONOPLE!$F$14,$M139,AV$13))))","v":1000000000000},null,{"$f":"IF($D139<>\"Serviço\",0,IF(OR(AND(AUTOEVENTO=\"Manual\",$M139=1),$M139>(ROW(PLE.lastrow)-ROW(PLE.firstrow))),0,IF(OFFSET(PLE!$G$14,$M139,AX$13)=\"\",10^12,OFFSET(PLE!$G$14,$M139,AX$13))))","v":1000000000000},{"$f":"IF($D139<>\"Serviço\",0,IF(OR(AND(AUTOEVENTO=\"Manual\",$M139=1),$M139>(ROW(PLE.lastrow)-ROW(PLE.firstrow))),0,IF(OFFSET(PLE!$G$14,$M139,AY$13)=\"\",10^12,OFFSET(PLE!$G$14,$M139,AY$13))))","v":1000000000000},{"$f":"IF($D139<>\"Serviço\",0,IF(OR(AND(AUTOEVENTO=\"Manual\",$M139=1),$M139>(ROW(PLE.lastrow)-ROW(PLE.firstrow))),0,IF(OFFSET(PLE!$G$14,$M139,AZ$13)=\"\",10^12,OFFSET(PLE!$G$14,$M139,AZ$13))))","v":1000000000000},{"$f":"IF($D139<>\"Serviço\",0,IF(OR(AND(AUTOEVENTO=\"Manual\",$M139=1),$M139>(ROW(PLE.lastrow)-ROW(PLE.firstrow))),0,IF(OFFSET(PLE!$G$14,$M139,BA$13)=\"\",10^12,OFFSET(PLE!$G$14,$M139,BA$13))))","v":1000000000000},{"$f":"IF($D139<>\"Serviço\",0,IF(OR(AND(AUTOEVENTO=\"Manual\",$M139=1),$M139>(ROW(PLE.lastrow)-ROW(PLE.firstrow))),0,IF(OFFSET(PLE!$G$14,$M139,BB$13)=\"\",10^12,OFFSET(PLE!$G$14,$M139,BB$13))))","v":1000000000000},{"$f":"IF($D139<>\"Serviço\",0,IF(OR(AND(AUTOEVENTO=\"Manual\",$M139=1),$M139>(ROW(PLE.lastrow)-ROW(PLE.firstrow))),0,IF(OFFSET(PLE!$G$14,$M139,BC$13)=\"\",10^12,OFFSET(PLE!$G$14,$M139,BC$13))))","v":1000000000000},{"$f":"IF($D139<>\"Serviço\",0,IF(OR(AND(AUTOEVENTO=\"Manual\",$M139=1),$M139>(ROW(PLE.lastrow)-ROW(PLE.firstrow))),0,IF(OFFSET(PLE!$G$14,$M139,BD$13)=\"\",10^12,OFFSET(PLE!$G$14,$M139,BD$13))))","v":1000000000000},{"$f":"IF($D139<>\"Serviço\",0,IF(OR(AND(AUTOEVENTO=\"Manual\",$M139=1),$M139>(ROW(PLE.lastrow)-ROW(PLE.firstrow))),0,IF(OFFSET(PLE!$G$14,$M139,BE$13)=\"\",10^12,OFFSET(PLE!$G$14,$M139,BE$13))))","v":1000000000000},{"$f":"IF($D139<>\"Serviço\",0,IF(OR(AND(AUTOEVENTO=\"Manual\",$M139=1),$M139>(ROW(PLE.lastrow)-ROW(PLE.firstrow))),0,IF(OFFSET(PLE!$G$14,$M139,BF$13)=\"\",10^12,OFFSET(PLE!$G$14,$M139,BF$13))))","v":1000000000000},{"$f":"IF($D139<>\"Serviço\",0,IF(OR(AND(AUTOEVENTO=\"Manual\",$M139=1),$M139>(ROW(PLE.lastrow)-ROW(PLE.firstrow))),0,IF(OFFSET(PLE!$G$14,$M139,BG$13)=\"\",10^12,OFFSET(PLE!$G$14,$M139,BG$13))))","v":1000000000000}]
["120",{"$f":"OFFSET(ORÇAMENTO!C$15,ROW(B140)-ROW(B$15),0)","v":"S"},{"$f":"OFFSET(ORÇAMENTO!L$15,ROW(C140)-ROW(C$15),0)","v":"F"},{"$f":"OFFSET(ORÇAMENTO!N$15,ROW(D140)-ROW(D$15),0)","v":"Serviço"},{"$f":"OFFSET(ORÇAMENTO!O$15,ROW(E140)-ROW(E$15),0)","v":"1.10.5."},{"$f":"OFFSET(ORÇAMENTO!R$15,ROW(F140)-ROW(F$15),0)","v":"PONTO DE CONSUMO TERMINAL DE ÁGUA FRIA (SUBRAMAL) COM TUBULAÇÃO DE PVC, DN 25 MM, INSTALADO EM RAMAL DE ÁGUA, INCLUSOS, FIXAÇÃO, TORNEIRA, CHUMBAMENTO"},{"$f":"IF($D140<>\"Serviço\",\"\",OFFSET(ORÇAMENTO!S$15,ROW(G140)-ROW(G$15),0))","v":"UN"},{"$f":"IF($D140<>\"Serviço\",0,IF(ACOMPANHAMENTO=\"BM\",ROUND(OFFSET(ORÇAMENTO!AJ$15,ROW(H140)-ROW(H$15),0),15-13*ORÇAMENTO!$AF$7),SUMPRODUCT(($Q$12:$AA$12<>\"\")*ROUND($Q140:$AA140,15-13*ORÇAMENTO!$AF$7))))","v":1},null,null,null,".",{"$f":"IF($D140<>\"Serviço\",\"\",IF(AUTOEVENTO=\"manual\",$A140,IF(ISERROR(MATCH($A140,$A$15:OFFSET($A140,-1,0),0)),MAX($M$15:OFFSET(M140,-1,0))+1,INDEX($M$15:OFFSET(M140,-1,0),MATCH($A140,$A$15:OFFSET($A140,-1,0),0)))))","v":11},{"$f":"IF($D140<>\"Serviço\",\"\",IF(AUTOEVENTO=\"Manual\",IF($A140=0,\"<-- defina o número do agrupador\",OFFSET(EVENTOS!$D$14,$A140,0)),OFFSET($F$15,$A140,0)))","v":"PLUVIAIS"},null,null,null,null,null,null,null,null,null,null,null,null,null,{"$f":"IF(AND($D140=\"Serviço\",AB$12<>0,$H140>0,OR(AUTOEVENTO<>\"manual\",$M140<>1)),ROUND(OFFSET($P140,0,AB$13),15-13*ORÇAMENTO!$AF$7)/$H140*OFFSET(ORÇAMENTO!$X$15,ROW(AB140)-ROW(AB$15),0),0)","v":0},{"$f":"IF(AND($D140=\"Serviço\",AC$12<>0,$H140>0,OR(AUTOEVENTO<>\"manual\",$M140<>1)),ROUND(OFFSET($P140,0,AC$13),15-13*ORÇAMENTO!$AF$7)/$H140*OFFSET(ORÇAMENTO!$X$15,ROW(AC140)-ROW(AC$15),0),0)","v":0},{"$f":"IF(AND($D140=\"Serviço\",AD$12<>0,$H140>0,OR(AUTOEVENTO<>\"manual\",$M140<>1)),ROUND(OFFSET($P140,0,AD$13),15-13*ORÇAMENTO!$AF$7)/$H140*OFFSET(ORÇAMENTO!$X$15,ROW(AD140)-ROW(AD$15),0),0)","v":0},{"$f":"IF(AND($D140=\"Serviço\",AE$12<>0,$H140>0,OR(AUTOEVENTO<>\"manual\",$M140<>1)),ROUND(OFFSET($P140,0,AE$13),15-13*ORÇAMENTO!$AF$7)/$H140*OFFSET(ORÇAMENTO!$X$15,ROW(AE140)-ROW(AE$15),0),0)","v":0},{"$f":"IF(AND($D140=\"Serviço\",AF$12<>0,$H140>0,OR(AUTOEVENTO<>\"manual\",$M140<>1)),ROUND(OFFSET($P140,0,AF$13),15-13*ORÇAMENTO!$AF$7)/$H140*OFFSET(ORÇAMENTO!$X$15,ROW(AF140)-ROW(AF$15),0),0)","v":0},{"$f":"IF(AND($D140=\"Serviço\",AG$12<>0,$H140>0,OR(AUTOEVENTO<>\"manual\",$M140<>1)),ROUND(OFFSET($P140,0,AG$13),15-13*ORÇAMENTO!$AF$7)/$H140*OFFSET(ORÇAMENTO!$X$15,ROW(AG140)-ROW(AG$15),0),0)","v":0},{"$f":"IF(AND($D140=\"Serviço\",AH$12<>0,$H140>0,OR(AUTOEVENTO<>\"manual\",$M140<>1)),ROUND(OFFSET($P140,0,AH$13),15-13*ORÇAMENTO!$AF$7)/$H140*OFFSET(ORÇAMENTO!$X$15,ROW(AH140)-ROW(AH$15),0),0)","v":0},{"$f":"IF(AND($D140=\"Serviço\",AI$12<>0,$H140>0,OR(AUTOEVENTO<>\"manual\",$M140<>1)),ROUND(OFFSET($P140,0,AI$13),15-13*ORÇAMENTO!$AF$7)/$H140*OFFSET(ORÇAMENTO!$X$15,ROW(AI140)-ROW(AI$15),0),0)","v":0},{"$f":"IF(AND($D140=\"Serviço\",AJ$12<>0,$H140>0,OR(AUTOEVENTO<>\"manual\",$M140<>1)),ROUND(OFFSET($P140,0,AJ$13),15-13*ORÇAMENTO!$AF$7)/$H140*OFFSET(ORÇAMENTO!$X$15,ROW(AJ140)-ROW(AJ$15),0),0)","v":0},{"$f":"IF(AND($D140=\"Serviço\",AK$12<>0,$H140>0,OR(AUTOEVENTO<>\"manual\",$M140<>1)),ROUND(OFFSET($P140,0,AK$13),15-13*ORÇAMENTO!$AF$7)/$H140*OFFSET(ORÇAMENTO!$X$15,ROW(AK140)-ROW(AK$15),0),0)","v":0},null,{"$f":"IF($D140<>\"Serviço\",0,IF(AND(AUTOEVENTO=\"Manual\",$M140=1),0,IF(OFFSET(CRONOPLE!$F$14,$M140,AM$13)=\"\",10^12,OFFSET(CRONOPLE!$F$14,$M140,AM$13))))","v":1000000000000},{"$f":"IF($D140<>\"Serviço\",0,IF(AND(AUTOEVENTO=\"Manual\",$M140=1),0,IF(OFFSET(CRONOPLE!$F$14,$M140,AN$13)=\"\",10^12,OFFSET(CRONOPLE!$F$14,$M140,AN$13))))","v":1000000000000},{"$f":"IF($D140<>\"Serviço\",0,IF(AND(AUTOEVENTO=\"Manual\",$M140=1),0,IF(OFFSET(CRONOPLE!$F$14,$M140,AO$13)=\"\",10^12,OFFSET(CRONOPLE!$F$14,$M140,AO$13))))","v":1000000000000},{"$f":"IF($D140<>\"Serviço\",0,IF(AND(AUTOEVENTO=\"Manual\",$M140=1),0,IF(OFFSET(CRONOPLE!$F$14,$M140,AP$13)=\"\",10^12,OFFSET(CRONOPLE!$F$14,$M140,AP$13))))","v":1000000000000},{"$f":"IF($D140<>\"Serviço\",0,IF(AND(AUTOEVENTO=\"Manual\",$M140=1),0,IF(OFFSET(CRONOPLE!$F$14,$M140,AQ$13)=\"\",10^12,OFFSET(CRONOPLE!$F$14,$M140,AQ$13))))","v":1000000000000},{"$f":"IF($D140<>\"Serviço\",0,IF(AND(AUTOEVENTO=\"Manual\",$M140=1),0,IF(OFFSET(CRONOPLE!$F$14,$M140,AR$13)=\"\",10^12,OFFSET(CRONOPLE!$F$14,$M140,AR$13))))","v":1000000000000},{"$f":"IF($D140<>\"Serviço\",0,IF(AND(AUTOEVENTO=\"Manual\",$M140=1),0,IF(OFFSET(CRONOPLE!$F$14,$M140,AS$13)=\"\",10^12,OFFSET(CRONOPLE!$F$14,$M140,AS$13))))","v":1000000000000},{"$f":"IF($D140<>\"Serviço\",0,IF(AND(AUTOEVENTO=\"Manual\",$M140=1),0,IF(OFFSET(CRONOPLE!$F$14,$M140,AT$13)=\"\",10^12,OFFSET(CRONOPLE!$F$14,$M140,AT$13))))","v":1000000000000},{"$f":"IF($D140<>\"Serviço\",0,IF(AND(AUTOEVENTO=\"Manual\",$M140=1),0,IF(OFFSET(CRONOPLE!$F$14,$M140,AU$13)=\"\",10^12,OFFSET(CRONOPLE!$F$14,$M140,AU$13))))","v":1000000000000},{"$f":"IF($D140<>\"Serviço\",0,IF(AND(AUTOEVENTO=\"Manual\",$M140=1),0,IF(OFFSET(CRONOPLE!$F$14,$M140,AV$13)=\"\",10^12,OFFSET(CRONOPLE!$F$14,$M140,AV$13))))","v":1000000000000},null,{"$f":"IF($D140<>\"Serviço\",0,IF(OR(AND(AUTOEVENTO=\"Manual\",$M140=1),$M140>(ROW(PLE.lastrow)-ROW(PLE.firstrow))),0,IF(OFFSET(PLE!$G$14,$M140,AX$13)=\"\",10^12,OFFSET(PLE!$G$14,$M140,AX$13))))","v":1000000000000},{"$f":"IF($D140<>\"Serviço\",0,IF(OR(AND(AUTOEVENTO=\"Manual\",$M140=1),$M140>(ROW(PLE.lastrow)-ROW(PLE.firstrow))),0,IF(OFFSET(PLE!$G$14,$M140,AY$13)=\"\",10^12,OFFSET(PLE!$G$14,$M140,AY$13))))","v":1000000000000},{"$f":"IF($D140<>\"Serviço\",0,IF(OR(AND(AUTOEVENTO=\"Manual\",$M140=1),$M140>(ROW(PLE.lastrow)-ROW(PLE.firstrow))),0,IF(OFFSET(PLE!$G$14,$M140,AZ$13)=\"\",10^12,OFFSET(PLE!$G$14,$M140,AZ$13))))","v":1000000000000},{"$f":"IF($D140<>\"Serviço\",0,IF(OR(AND(AUTOEVENTO=\"Manual\",$M140=1),$M140>(ROW(PLE.lastrow)-ROW(PLE.firstrow))),0,IF(OFFSET(PLE!$G$14,$M140,BA$13)=\"\",10^12,OFFSET(PLE!$G$14,$M140,BA$13))))","v":1000000000000},{"$f":"IF($D140<>\"Serviço\",0,IF(OR(AND(AUTOEVENTO=\"Manual\",$M140=1),$M140>(ROW(PLE.lastrow)-ROW(PLE.firstrow))),0,IF(OFFSET(PLE!$G$14,$M140,BB$13)=\"\",10^12,OFFSET(PLE!$G$14,$M140,BB$13))))","v":1000000000000},{"$f":"IF($D140<>\"Serviço\",0,IF(OR(AND(AUTOEVENTO=\"Manual\",$M140=1),$M140>(ROW(PLE.lastrow)-ROW(PLE.firstrow))),0,IF(OFFSET(PLE!$G$14,$M140,BC$13)=\"\",10^12,OFFSET(PLE!$G$14,$M140,BC$13))))","v":1000000000000},{"$f":"IF($D140<>\"Serviço\",0,IF(OR(AND(AUTOEVENTO=\"Manual\",$M140=1),$M140>(ROW(PLE.lastrow)-ROW(PLE.firstrow))),0,IF(OFFSET(PLE!$G$14,$M140,BD$13)=\"\",10^12,OFFSET(PLE!$G$14,$M140,BD$13))))","v":1000000000000},{"$f":"IF($D140<>\"Serviço\",0,IF(OR(AND(AUTOEVENTO=\"Manual\",$M140=1),$M140>(ROW(PLE.lastrow)-ROW(PLE.firstrow))),0,IF(OFFSET(PLE!$G$14,$M140,BE$13)=\"\",10^12,OFFSET(PLE!$G$14,$M140,BE$13))))","v":1000000000000},{"$f":"IF($D140<>\"Serviço\",0,IF(OR(AND(AUTOEVENTO=\"Manual\",$M140=1),$M140>(ROW(PLE.lastrow)-ROW(PLE.firstrow))),0,IF(OFFSET(PLE!$G$14,$M140,BF$13)=\"\",10^12,OFFSET(PLE!$G$14,$M140,BF$13))))","v":1000000000000},{"$f":"IF($D140<>\"Serviço\",0,IF(OR(AND(AUTOEVENTO=\"Manual\",$M140=1),$M140>(ROW(PLE.lastrow)-ROW(PLE.firstrow))),0,IF(OFFSET(PLE!$G$14,$M140,BG$13)=\"\",10^12,OFFSET(PLE!$G$14,$M140,BG$13))))","v":1000000000000}]
["120",{"$f":"OFFSET(ORÇAMENTO!C$15,ROW(B141)-ROW(B$15),0)","v":"S"},{"$f":"OFFSET(ORÇAMENTO!L$15,ROW(C141)-ROW(C$15),0)","v":"F"},{"$f":"OFFSET(ORÇAMENTO!N$15,ROW(D141)-ROW(D$15),0)","v":"Serviço"},{"$f":"OFFSET(ORÇAMENTO!O$15,ROW(E141)-ROW(E$15),0)","v":"1.10.6."},{"$f":"OFFSET(ORÇAMENTO!R$15,ROW(F141)-ROW(F$15),0)","v":"EXTRAVASOR, DA CISTERNA EM  TUBOS DE PVC, SÉRIE R, ÁGUA PLUVIAL, DN 100 MM (INSTALADO EM CONDUTORES VERTICAIS), INCLUSIVE CONEXÕES, CORTES E FIXAÇÕES"},{"$f":"IF($D141<>\"Serviço\",\"\",OFFSET(ORÇAMENTO!S$15,ROW(G141)-ROW(G$15),0))","v":"M"},{"$f":"IF($D141<>\"Serviço\",0,IF(ACOMPANHAMENTO=\"BM\",ROUND(OFFSET(ORÇAMENTO!AJ$15,ROW(H141)-ROW(H$15),0),15-13*ORÇAMENTO!$AF$7),SUMPRODUCT(($Q$12:$AA$12<>\"\")*ROUND($Q141:$AA141,15-13*ORÇAMENTO!$AF$7))))","v":50},null,null,null,".",{"$f":"IF($D141<>\"Serviço\",\"\",IF(AUTOEVENTO=\"manual\",$A141,IF(ISERROR(MATCH($A141,$A$15:OFFSET($A141,-1,0),0)),MAX($M$15:OFFSET(M141,-1,0))+1,INDEX($M$15:OFFSET(M141,-1,0),MATCH($A141,$A$15:OFFSET($A141,-1,0),0)))))","v":11},{"$f":"IF($D141<>\"Serviço\",\"\",IF(AUTOEVENTO=\"Manual\",IF($A141=0,\"<-- defina o número do agrupador\",OFFSET(EVENTOS!$D$14,$A141,0)),OFFSET($F$15,$A141,0)))","v":"PLUVIAIS"},null,null,null,null,null,null,null,null,null,null,null,null,null,{"$f":"IF(AND($D141=\"Serviço\",AB$12<>0,$H141>0,OR(AUTOEVENTO<>\"manual\",$M141<>1)),ROUND(OFFSET($P141,0,AB$13),15-13*ORÇAMENTO!$AF$7)/$H141*OFFSET(ORÇAMENTO!$X$15,ROW(AB141)-ROW(AB$15),0),0)","v":0},{"$f":"IF(AND($D141=\"Serviço\",AC$12<>0,$H141>0,OR(AUTOEVENTO<>\"manual\",$M141<>1)),ROUND(OFFSET($P141,0,AC$13),15-13*ORÇAMENTO!$AF$7)/$H141*OFFSET(ORÇAMENTO!$X$15,ROW(AC141)-ROW(AC$15),0),0)","v":0},{"$f":"IF(AND($D141=\"Serviço\",AD$12<>0,$H141>0,OR(AUTOEVENTO<>\"manual\",$M141<>1)),ROUND(OFFSET($P141,0,AD$13),15-13*ORÇAMENTO!$AF$7)/$H141*OFFSET(ORÇAMENTO!$X$15,ROW(AD141)-ROW(AD$15),0),0)","v":0},{"$f":"IF(AND($D141=\"Serviço\",AE$12<>0,$H141>0,OR(AUTOEVENTO<>\"manual\",$M141<>1)),ROUND(OFFSET($P141,0,AE$13),15-13*ORÇAMENTO!$AF$7)/$H141*OFFSET(ORÇAMENTO!$X$15,ROW(AE141)-ROW(AE$15),0),0)","v":0},{"$f":"IF(AND($D141=\"Serviço\",AF$12<>0,$H141>0,OR(AUTOEVENTO<>\"manual\",$M141<>1)),ROUND(OFFSET($P141,0,AF$13),15-13*ORÇAMENTO!$AF$7)/$H141*OFFSET(ORÇAMENTO!$X$15,ROW(AF141)-ROW(AF$15),0),0)","v":0},{"$f":"IF(AND($D141=\"Serviço\",AG$12<>0,$H141>0,OR(AUTOEVENTO<>\"manual\",$M141<>1)),ROUND(OFFSET($P141,0,AG$13),15-13*ORÇAMENTO!$AF$7)/$H141*OFFSET(ORÇAMENTO!$X$15,ROW(AG141)-ROW(AG$15),0),0)","v":0},{"$f":"IF(AND($D141=\"Serviço\",AH$12<>0,$H141>0,OR(AUTOEVENTO<>\"manual\",$M141<>1)),ROUND(OFFSET($P141,0,AH$13),15-13*ORÇAMENTO!$AF$7)/$H141*OFFSET(ORÇAMENTO!$X$15,ROW(AH141)-ROW(AH$15),0),0)","v":0},{"$f":"IF(AND($D141=\"Serviço\",AI$12<>0,$H141>0,OR(AUTOEVENTO<>\"manual\",$M141<>1)),ROUND(OFFSET($P141,0,AI$13),15-13*ORÇAMENTO!$AF$7)/$H141*OFFSET(ORÇAMENTO!$X$15,ROW(AI141)-ROW(AI$15),0),0)","v":0},{"$f":"IF(AND($D141=\"Serviço\",AJ$12<>0,$H141>0,OR(AUTOEVENTO<>\"manual\",$M141<>1)),ROUND(OFFSET($P141,0,AJ$13),15-13*ORÇAMENTO!$AF$7)/$H141*OFFSET(ORÇAMENTO!$X$15,ROW(AJ141)-ROW(AJ$15),0),0)","v":0},{"$f":"IF(AND($D141=\"Serviço\",AK$12<>0,$H141>0,OR(AUTOEVENTO<>\"manual\",$M141<>1)),ROUND(OFFSET($P141,0,AK$13),15-13*ORÇAMENTO!$AF$7)/$H141*OFFSET(ORÇAMENTO!$X$15,ROW(AK141)-ROW(AK$15),0),0)","v":0},null,{"$f":"IF($D141<>\"Serviço\",0,IF(AND(AUTOEVENTO=\"Manual\",$M141=1),0,IF(OFFSET(CRONOPLE!$F$14,$M141,AM$13)=\"\",10^12,OFFSET(CRONOPLE!$F$14,$M141,AM$13))))","v":1000000000000},{"$f":"IF($D141<>\"Serviço\",0,IF(AND(AUTOEVENTO=\"Manual\",$M141=1),0,IF(OFFSET(CRONOPLE!$F$14,$M141,AN$13)=\"\",10^12,OFFSET(CRONOPLE!$F$14,$M141,AN$13))))","v":1000000000000},{"$f":"IF($D141<>\"Serviço\",0,IF(AND(AUTOEVENTO=\"Manual\",$M141=1),0,IF(OFFSET(CRONOPLE!$F$14,$M141,AO$13)=\"\",10^12,OFFSET(CRONOPLE!$F$14,$M141,AO$13))))","v":1000000000000},{"$f":"IF($D141<>\"Serviço\",0,IF(AND(AUTOEVENTO=\"Manual\",$M141=1),0,IF(OFFSET(CRONOPLE!$F$14,$M141,AP$13)=\"\",10^12,OFFSET(CRONOPLE!$F$14,$M141,AP$13))))","v":1000000000000},{"$f":"IF($D141<>\"Serviço\",0,IF(AND(AUTOEVENTO=\"Manual\",$M141=1),0,IF(OFFSET(CRONOPLE!$F$14,$M141,AQ$13)=\"\",10^12,OFFSET(CRONOPLE!$F$14,$M141,AQ$13))))","v":1000000000000},{"$f":"IF($D141<>\"Serviço\",0,IF(AND(AUTOEVENTO=\"Manual\",$M141=1),0,IF(OFFSET(CRONOPLE!$F$14,$M141,AR$13)=\"\",10^12,OFFSET(CRONOPLE!$F$14,$M141,AR$13))))","v":1000000000000},{"$f":"IF($D141<>\"Serviço\",0,IF(AND(AUTOEVENTO=\"Manual\",$M141=1),0,IF(OFFSET(CRONOPLE!$F$14,$M141,AS$13)=\"\",10^12,OFFSET(CRONOPLE!$F$14,$M141,AS$13))))","v":1000000000000},{"$f":"IF($D141<>\"Serviço\",0,IF(AND(AUTOEVENTO=\"Manual\",$M141=1),0,IF(OFFSET(CRONOPLE!$F$14,$M141,AT$13)=\"\",10^12,OFFSET(CRONOPLE!$F$14,$M141,AT$13))))","v":1000000000000},{"$f":"IF($D141<>\"Serviço\",0,IF(AND(AUTOEVENTO=\"Manual\",$M141=1),0,IF(OFFSET(CRONOPLE!$F$14,$M141,AU$13)=\"\",10^12,OFFSET(CRONOPLE!$F$14,$M141,AU$13))))","v":1000000000000},{"$f":"IF($D141<>\"Serviço\",0,IF(AND(AUTOEVENTO=\"Manual\",$M141=1),0,IF(OFFSET(CRONOPLE!$F$14,$M141,AV$13)=\"\",10^12,OFFSET(CRONOPLE!$F$14,$M141,AV$13))))","v":1000000000000},null,{"$f":"IF($D141<>\"Serviço\",0,IF(OR(AND(AUTOEVENTO=\"Manual\",$M141=1),$M141>(ROW(PLE.lastrow)-ROW(PLE.firstrow))),0,IF(OFFSET(PLE!$G$14,$M141,AX$13)=\"\",10^12,OFFSET(PLE!$G$14,$M141,AX$13))))","v":1000000000000},{"$f":"IF($D141<>\"Serviço\",0,IF(OR(AND(AUTOEVENTO=\"Manual\",$M141=1),$M141>(ROW(PLE.lastrow)-ROW(PLE.firstrow))),0,IF(OFFSET(PLE!$G$14,$M141,AY$13)=\"\",10^12,OFFSET(PLE!$G$14,$M141,AY$13))))","v":1000000000000},{"$f":"IF($D141<>\"Serviço\",0,IF(OR(AND(AUTOEVENTO=\"Manual\",$M141=1),$M141>(ROW(PLE.lastrow)-ROW(PLE.firstrow))),0,IF(OFFSET(PLE!$G$14,$M141,AZ$13)=\"\",10^12,OFFSET(PLE!$G$14,$M141,AZ$13))))","v":1000000000000},{"$f":"IF($D141<>\"Serviço\",0,IF(OR(AND(AUTOEVENTO=\"Manual\",$M141=1),$M141>(ROW(PLE.lastrow)-ROW(PLE.firstrow))),0,IF(OFFSET(PLE!$G$14,$M141,BA$13)=\"\",10^12,OFFSET(PLE!$G$14,$M141,BA$13))))","v":1000000000000},{"$f":"IF($D141<>\"Serviço\",0,IF(OR(AND(AUTOEVENTO=\"Manual\",$M141=1),$M141>(ROW(PLE.lastrow)-ROW(PLE.firstrow))),0,IF(OFFSET(PLE!$G$14,$M141,BB$13)=\"\",10^12,OFFSET(PLE!$G$14,$M141,BB$13))))","v":1000000000000},{"$f":"IF($D141<>\"Serviço\",0,IF(OR(AND(AUTOEVENTO=\"Manual\",$M141=1),$M141>(ROW(PLE.lastrow)-ROW(PLE.firstrow))),0,IF(OFFSET(PLE!$G$14,$M141,BC$13)=\"\",10^12,OFFSET(PLE!$G$14,$M141,BC$13))))","v":1000000000000},{"$f":"IF($D141<>\"Serviço\",0,IF(OR(AND(AUTOEVENTO=\"Manual\",$M141=1),$M141>(ROW(PLE.lastrow)-ROW(PLE.firstrow))),0,IF(OFFSET(PLE!$G$14,$M141,BD$13)=\"\",10^12,OFFSET(PLE!$G$14,$M141,BD$13))))","v":1000000000000},{"$f":"IF($D141<>\"Serviço\",0,IF(OR(AND(AUTOEVENTO=\"Manual\",$M141=1),$M141>(ROW(PLE.lastrow)-ROW(PLE.firstrow))),0,IF(OFFSET(PLE!$G$14,$M141,BE$13)=\"\",10^12,OFFSET(PLE!$G$14,$M141,BE$13))))","v":1000000000000},{"$f":"IF($D141<>\"Serviço\",0,IF(OR(AND(AUTOEVENTO=\"Manual\",$M141=1),$M141>(ROW(PLE.lastrow)-ROW(PLE.firstrow))),0,IF(OFFSET(PLE!$G$14,$M141,BF$13)=\"\",10^12,OFFSET(PLE!$G$14,$M141,BF$13))))","v":1000000000000},{"$f":"IF($D141<>\"Serviço\",0,IF(OR(AND(AUTOEVENTO=\"Manual\",$M141=1),$M141>(ROW(PLE.lastrow)-ROW(PLE.firstrow))),0,IF(OFFSET(PLE!$G$14,$M141,BG$13)=\"\",10^12,OFFSET(PLE!$G$14,$M141,BG$13))))","v":1000000000000}]
["127.",{"$f":"OFFSET(ORÇAMENTO!C$15,ROW(B142)-ROW(B$15),0)","v":2},{"$f":"OFFSET(ORÇAMENTO!L$15,ROW(C142)-ROW(C$15),0)","v":"F"},{"$f":"OFFSET(ORÇAMENTO!N$15,ROW(D142)-ROW(D$15),0)","v":"Nível 2"},{"$f":"OFFSET(ORÇAMENTO!O$15,ROW(E142)-ROW(E$15),0)","v":"1.11."},{"$f":"OFFSET(ORÇAMENTO!R$15,ROW(F142)-ROW(F$15),0)","v":"PREVENTIVO DE INCÊNDIO"},{"$f":"IF($D142<>\"Serviço\",\"\",OFFSET(ORÇAMENTO!S$15,ROW(G142)-ROW(G$15),0))","v":""},{"$f":"IF($D142<>\"Serviço\",0,IF(ACOMPANHAMENTO=\"BM\",ROUND(OFFSET(ORÇAMENTO!AJ$15,ROW(H142)-ROW(H$15),0),15-13*ORÇAMENTO!$AF$7),SUMPRODUCT(($Q$12:$AA$12<>\"\")*ROUND($Q142:$AA142,15-13*ORÇAMENTO!$AF$7))))","v":0},null,null,null,".",{"$f":"IF($D142<>\"Serviço\",\"\",IF(AUTOEVENTO=\"manual\",$A142,IF(ISERROR(MATCH($A142,$A$15:OFFSET($A142,-1,0),0)),MAX($M$15:OFFSET(M142,-1,0))+1,INDEX($M$15:OFFSET(M142,-1,0),MATCH($A142,$A$15:OFFSET($A142,-1,0),0)))))","v":""},{"$f":"IF($D142<>\"Serviço\",\"\",IF(AUTOEVENTO=\"Manual\",IF($A142=0,\"<-- defina o número do agrupador\",OFFSET(EVENTOS!$D$14,$A142,0)),OFFSET($F$15,$A142,0)))","v":""},null,null,null,null,null,null,null,null,null,null,null,null,null,{"$f":"IF(AND($D142=\"Serviço\",AB$12<>0,$H142>0,OR(AUTOEVENTO<>\"manual\",$M142<>1)),ROUND(OFFSET($P142,0,AB$13),15-13*ORÇAMENTO!$AF$7)/$H142*OFFSET(ORÇAMENTO!$X$15,ROW(AB142)-ROW(AB$15),0),0)","v":0},{"$f":"IF(AND($D142=\"Serviço\",AC$12<>0,$H142>0,OR(AUTOEVENTO<>\"manual\",$M142<>1)),ROUND(OFFSET($P142,0,AC$13),15-13*ORÇAMENTO!$AF$7)/$H142*OFFSET(ORÇAMENTO!$X$15,ROW(AC142)-ROW(AC$15),0),0)","v":0},{"$f":"IF(AND($D142=\"Serviço\",AD$12<>0,$H142>0,OR(AUTOEVENTO<>\"manual\",$M142<>1)),ROUND(OFFSET($P142,0,AD$13),15-13*ORÇAMENTO!$AF$7)/$H142*OFFSET(ORÇAMENTO!$X$15,ROW(AD142)-ROW(AD$15),0),0)","v":0},{"$f":"IF(AND($D142=\"Serviço\",AE$12<>0,$H142>0,OR(AUTOEVENTO<>\"manual\",$M142<>1)),ROUND(OFFSET($P142,0,AE$13),15-13*ORÇAMENTO!$AF$7)/$H142*OFFSET(ORÇAMENTO!$X$15,ROW(AE142)-ROW(AE$15),0),0)","v":0},{"$f":"IF(AND($D142=\"Serviço\",AF$12<>0,$H142>0,OR(AUTOEVENTO<>\"manual\",$M142<>1)),ROUND(OFFSET($P142,0,AF$13),15-13*ORÇAMENTO!$AF$7)/$H142*OFFSET(ORÇAMENTO!$X$15,ROW(AF142)-ROW(AF$15),0),0)","v":0},{"$f":"IF(AND($D142=\"Serviço\",AG$12<>0,$H142>0,OR(AUTOEVENTO<>\"manual\",$M142<>1)),ROUND(OFFSET($P142,0,AG$13),15-13*ORÇAMENTO!$AF$7)/$H142*OFFSET(ORÇAMENTO!$X$15,ROW(AG142)-ROW(AG$15),0),0)","v":0},{"$f":"IF(AND($D142=\"Serviço\",AH$12<>0,$H142>0,OR(AUTOEVENTO<>\"manual\",$M142<>1)),ROUND(OFFSET($P142,0,AH$13),15-13*ORÇAMENTO!$AF$7)/$H142*OFFSET(ORÇAMENTO!$X$15,ROW(AH142)-ROW(AH$15),0),0)","v":0},{"$f":"IF(AND($D142=\"Serviço\",AI$12<>0,$H142>0,OR(AUTOEVENTO<>\"manual\",$M142<>1)),ROUND(OFFSET($P142,0,AI$13),15-13*ORÇAMENTO!$AF$7)/$H142*OFFSET(ORÇAMENTO!$X$15,ROW(AI142)-ROW(AI$15),0),0)","v":0},{"$f":"IF(AND($D142=\"Serviço\",AJ$12<>0,$H142>0,OR(AUTOEVENTO<>\"manual\",$M142<>1)),ROUND(OFFSET($P142,0,AJ$13),15-13*ORÇAMENTO!$AF$7)/$H142*OFFSET(ORÇAMENTO!$X$15,ROW(AJ142)-ROW(AJ$15),0),0)","v":0},{"$f":"IF(AND($D142=\"Serviço\",AK$12<>0,$H142>0,OR(AUTOEVENTO<>\"manual\",$M142<>1)),ROUND(OFFSET($P142,0,AK$13),15-13*ORÇAMENTO!$AF$7)/$H142*OFFSET(ORÇAMENTO!$X$15,ROW(AK142)-ROW(AK$15),0),0)","v":0},null,{"$f":"IF($D142<>\"Serviço\",0,IF(AND(AUTOEVENTO=\"Manual\",$M142=1),0,IF(OFFSET(CRONOPLE!$F$14,$M142,AM$13)=\"\",10^12,OFFSET(CRONOPLE!$F$14,$M142,AM$13))))","v":0},{"$f":"IF($D142<>\"Serviço\",0,IF(AND(AUTOEVENTO=\"Manual\",$M142=1),0,IF(OFFSET(CRONOPLE!$F$14,$M142,AN$13)=\"\",10^12,OFFSET(CRONOPLE!$F$14,$M142,AN$13))))","v":0},{"$f":"IF($D142<>\"Serviço\",0,IF(AND(AUTOEVENTO=\"Manual\",$M142=1),0,IF(OFFSET(CRONOPLE!$F$14,$M142,AO$13)=\"\",10^12,OFFSET(CRONOPLE!$F$14,$M142,AO$13))))","v":0},{"$f":"IF($D142<>\"Serviço\",0,IF(AND(AUTOEVENTO=\"Manual\",$M142=1),0,IF(OFFSET(CRONOPLE!$F$14,$M142,AP$13)=\"\",10^12,OFFSET(CRONOPLE!$F$14,$M142,AP$13))))","v":0},{"$f":"IF($D142<>\"Serviço\",0,IF(AND(AUTOEVENTO=\"Manual\",$M142=1),0,IF(OFFSET(CRONOPLE!$F$14,$M142,AQ$13)=\"\",10^12,OFFSET(CRONOPLE!$F$14,$M142,AQ$13))))","v":0},{"$f":"IF($D142<>\"Serviço\",0,IF(AND(AUTOEVENTO=\"Manual\",$M142=1),0,IF(OFFSET(CRONOPLE!$F$14,$M142,AR$13)=\"\",10^12,OFFSET(CRONOPLE!$F$14,$M142,AR$13))))","v":0},{"$f":"IF($D142<>\"Serviço\",0,IF(AND(AUTOEVENTO=\"Manual\",$M142=1),0,IF(OFFSET(CRONOPLE!$F$14,$M142,AS$13)=\"\",10^12,OFFSET(CRONOPLE!$F$14,$M142,AS$13))))","v":0},{"$f":"IF($D142<>\"Serviço\",0,IF(AND(AUTOEVENTO=\"Manual\",$M142=1),0,IF(OFFSET(CRONOPLE!$F$14,$M142,AT$13)=\"\",10^12,OFFSET(CRONOPLE!$F$14,$M142,AT$13))))","v":0},{"$f":"IF($D142<>\"Serviço\",0,IF(AND(AUTOEVENTO=\"Manual\",$M142=1),0,IF(OFFSET(CRONOPLE!$F$14,$M142,AU$13)=\"\",10^12,OFFSET(CRONOPLE!$F$14,$M142,AU$13))))","v":0},{"$f":"IF($D142<>\"Serviço\",0,IF(AND(AUTOEVENTO=\"Manual\",$M142=1),0,IF(OFFSET(CRONOPLE!$F$14,$M142,AV$13)=\"\",10^12,OFFSET(CRONOPLE!$F$14,$M142,AV$13))))","v":0},null,{"$f":"IF($D142<>\"Serviço\",0,IF(OR(AND(AUTOEVENTO=\"Manual\",$M142=1),$M142>(ROW(PLE.lastrow)-ROW(PLE.firstrow))),0,IF(OFFSET(PLE!$G$14,$M142,AX$13)=\"\",10^12,OFFSET(PLE!$G$14,$M142,AX$13))))","v":0},{"$f":"IF($D142<>\"Serviço\",0,IF(OR(AND(AUTOEVENTO=\"Manual\",$M142=1),$M142>(ROW(PLE.lastrow)-ROW(PLE.firstrow))),0,IF(OFFSET(PLE!$G$14,$M142,AY$13)=\"\",10^12,OFFSET(PLE!$G$14,$M142,AY$13))))","v":0},{"$f":"IF($D142<>\"Serviço\",0,IF(OR(AND(AUTOEVENTO=\"Manual\",$M142=1),$M142>(ROW(PLE.lastrow)-ROW(PLE.firstrow))),0,IF(OFFSET(PLE!$G$14,$M142,AZ$13)=\"\",10^12,OFFSET(PLE!$G$14,$M142,AZ$13))))","v":0},{"$f":"IF($D142<>\"Serviço\",0,IF(OR(AND(AUTOEVENTO=\"Manual\",$M142=1),$M142>(ROW(PLE.lastrow)-ROW(PLE.firstrow))),0,IF(OFFSET(PLE!$G$14,$M142,BA$13)=\"\",10^12,OFFSET(PLE!$G$14,$M142,BA$13))))","v":0},{"$f":"IF($D142<>\"Serviço\",0,IF(OR(AND(AUTOEVENTO=\"Manual\",$M142=1),$M142>(ROW(PLE.lastrow)-ROW(PLE.firstrow))),0,IF(OFFSET(PLE!$G$14,$M142,BB$13)=\"\",10^12,OFFSET(PLE!$G$14,$M142,BB$13))))","v":0},{"$f":"IF($D142<>\"Serviço\",0,IF(OR(AND(AUTOEVENTO=\"Manual\",$M142=1),$M142>(ROW(PLE.lastrow)-ROW(PLE.firstrow))),0,IF(OFFSET(PLE!$G$14,$M142,BC$13)=\"\",10^12,OFFSET(PLE!$G$14,$M142,BC$13))))","v":0},{"$f":"IF($D142<>\"Serviço\",0,IF(OR(AND(AUTOEVENTO=\"Manual\",$M142=1),$M142>(ROW(PLE.lastrow)-ROW(PLE.firstrow))),0,IF(OFFSET(PLE!$G$14,$M142,BD$13)=\"\",10^12,OFFSET(PLE!$G$14,$M142,BD$13))))","v":0},{"$f":"IF($D142<>\"Serviço\",0,IF(OR(AND(AUTOEVENTO=\"Manual\",$M142=1),$M142>(ROW(PLE.lastrow)-ROW(PLE.firstrow))),0,IF(OFFSET(PLE!$G$14,$M142,BE$13)=\"\",10^12,OFFSET(PLE!$G$14,$M142,BE$13))))","v":0},{"$f":"IF($D142<>\"Serviço\",0,IF(OR(AND(AUTOEVENTO=\"Manual\",$M142=1),$M142>(ROW(PLE.lastrow)-ROW(PLE.firstrow))),0,IF(OFFSET(PLE!$G$14,$M142,BF$13)=\"\",10^12,OFFSET(PLE!$G$14,$M142,BF$13))))","v":0},{"$f":"IF($D142<>\"Serviço\",0,IF(OR(AND(AUTOEVENTO=\"Manual\",$M142=1),$M142>(ROW(PLE.lastrow)-ROW(PLE.firstrow))),0,IF(OFFSET(PLE!$G$14,$M142,BG$13)=\"\",10^12,OFFSET(PLE!$G$14,$M142,BG$13))))","v":0}]
["127",{"$f":"OFFSET(ORÇAMENTO!C$15,ROW(B143)-ROW(B$15),0)","v":"S"},{"$f":"OFFSET(ORÇAMENTO!L$15,ROW(C143)-ROW(C$15),0)","v":"F"},{"$f":"OFFSET(ORÇAMENTO!N$15,ROW(D143)-ROW(D$15),0)","v":"Serviço"},{"$f":"OFFSET(ORÇAMENTO!O$15,ROW(E143)-ROW(E$15),0)","v":"1.11.1."},{"$f":"OFFSET(ORÇAMENTO!R$15,ROW(F143)-ROW(F$15),0)","v":"EXTINTOR DE PQS 4 KG - FORNECIMENTO E INSTALAÇÃO"},{"$f":"IF($D143<>\"Serviço\",\"\",OFFSET(ORÇAMENTO!S$15,ROW(G143)-ROW(G$15),0))","v":"UN"},{"$f":"IF($D143<>\"Serviço\",0,IF(ACOMPANHAMENTO=\"BM\",ROUND(OFFSET(ORÇAMENTO!AJ$15,ROW(H143)-ROW(H$15),0),15-13*ORÇAMENTO!$AF$7),SUMPRODUCT(($Q$12:$AA$12<>\"\")*ROUND($Q143:$AA143,15-13*ORÇAMENTO!$AF$7))))","v":3},null,null,null,".",{"$f":"IF($D143<>\"Serviço\",\"\",IF(AUTOEVENTO=\"manual\",$A143,IF(ISERROR(MATCH($A143,$A$15:OFFSET($A143,-1,0),0)),MAX($M$15:OFFSET(M143,-1,0))+1,INDEX($M$15:OFFSET(M143,-1,0),MATCH($A143,$A$15:OFFSET($A143,-1,0),0)))))","v":12},{"$f":"IF($D143<>\"Serviço\",\"\",IF(AUTOEVENTO=\"Manual\",IF($A143=0,\"<-- defina o número do agrupador\",OFFSET(EVENTOS!$D$14,$A143,0)),OFFSET($F$15,$A143,0)))","v":"PREVENTIVO DE INCÊNDIO"},null,null,null,null,null,null,null,null,null,null,null,null,null,{"$f":"IF(AND($D143=\"Serviço\",AB$12<>0,$H143>0,OR(AUTOEVENTO<>\"manual\",$M143<>1)),ROUND(OFFSET($P143,0,AB$13),15-13*ORÇAMENTO!$AF$7)/$H143*OFFSET(ORÇAMENTO!$X$15,ROW(AB143)-ROW(AB$15),0),0)","v":0},{"$f":"IF(AND($D143=\"Serviço\",AC$12<>0,$H143>0,OR(AUTOEVENTO<>\"manual\",$M143<>1)),ROUND(OFFSET($P143,0,AC$13),15-13*ORÇAMENTO!$AF$7)/$H143*OFFSET(ORÇAMENTO!$X$15,ROW(AC143)-ROW(AC$15),0),0)","v":0},{"$f":"IF(AND($D143=\"Serviço\",AD$12<>0,$H143>0,OR(AUTOEVENTO<>\"manual\",$M143<>1)),ROUND(OFFSET($P143,0,AD$13),15-13*ORÇAMENTO!$AF$7)/$H143*OFFSET(ORÇAMENTO!$X$15,ROW(AD143)-ROW(AD$15),0),0)","v":0},{"$f":"IF(AND($D143=\"Serviço\",AE$12<>0,$H143>0,OR(AUTOEVENTO<>\"manual\",$M143<>1)),ROUND(OFFSET($P143,0,AE$13),15-13*ORÇAMENTO!$AF$7)/$H143*OFFSET(ORÇAMENTO!$X$15,ROW(AE143)-ROW(AE$15),0),0)","v":0},{"$f":"IF(AND($D143=\"Serviço\",AF$12<>0,$H143>0,OR(AUTOEVENTO<>\"manual\",$M143<>1)),ROUND(OFFSET($P143,0,AF$13),15-13*ORÇAMENTO!$AF$7)/$H143*OFFSET(ORÇAMENTO!$X$15,ROW(AF143)-ROW(AF$15),0),0)","v":0},{"$f":"IF(AND($D143=\"Serviço\",AG$12<>0,$H143>0,OR(AUTOEVENTO<>\"manual\",$M143<>1)),ROUND(OFFSET($P143,0,AG$13),15-13*ORÇAMENTO!$AF$7)/$H143*OFFSET(ORÇAMENTO!$X$15,ROW(AG143)-ROW(AG$15),0),0)","v":0},{"$f":"IF(AND($D143=\"Serviço\",AH$12<>0,$H143>0,OR(AUTOEVENTO<>\"manual\",$M143<>1)),ROUND(OFFSET($P143,0,AH$13),15-13*ORÇAMENTO!$AF$7)/$H143*OFFSET(ORÇAMENTO!$X$15,ROW(AH143)-ROW(AH$15),0),0)","v":0},{"$f":"IF(AND($D143=\"Serviço\",AI$12<>0,$H143>0,OR(AUTOEVENTO<>\"manual\",$M143<>1)),ROUND(OFFSET($P143,0,AI$13),15-13*ORÇAMENTO!$AF$7)/$H143*OFFSET(ORÇAMENTO!$X$15,ROW(AI143)-ROW(AI$15),0),0)","v":0},{"$f":"IF(AND($D143=\"Serviço\",AJ$12<>0,$H143>0,OR(AUTOEVENTO<>\"manual\",$M143<>1)),ROUND(OFFSET($P143,0,AJ$13),15-13*ORÇAMENTO!$AF$7)/$H143*OFFSET(ORÇAMENTO!$X$15,ROW(AJ143)-ROW(AJ$15),0),0)","v":0},{"$f":"IF(AND($D143=\"Serviço\",AK$12<>0,$H143>0,OR(AUTOEVENTO<>\"manual\",$M143<>1)),ROUND(OFFSET($P143,0,AK$13),15-13*ORÇAMENTO!$AF$7)/$H143*OFFSET(ORÇAMENTO!$X$15,ROW(AK143)-ROW(AK$15),0),0)","v":0},null,{"$f":"IF($D143<>\"Serviço\",0,IF(AND(AUTOEVENTO=\"Manual\",$M143=1),0,IF(OFFSET(CRONOPLE!$F$14,$M143,AM$13)=\"\",10^12,OFFSET(CRONOPLE!$F$14,$M143,AM$13))))","v":1000000000000},{"$f":"IF($D143<>\"Serviço\",0,IF(AND(AUTOEVENTO=\"Manual\",$M143=1),0,IF(OFFSET(CRONOPLE!$F$14,$M143,AN$13)=\"\",10^12,OFFSET(CRONOPLE!$F$14,$M143,AN$13))))","v":1000000000000},{"$f":"IF($D143<>\"Serviço\",0,IF(AND(AUTOEVENTO=\"Manual\",$M143=1),0,IF(OFFSET(CRONOPLE!$F$14,$M143,AO$13)=\"\",10^12,OFFSET(CRONOPLE!$F$14,$M143,AO$13))))","v":1000000000000},{"$f":"IF($D143<>\"Serviço\",0,IF(AND(AUTOEVENTO=\"Manual\",$M143=1),0,IF(OFFSET(CRONOPLE!$F$14,$M143,AP$13)=\"\",10^12,OFFSET(CRONOPLE!$F$14,$M143,AP$13))))","v":1000000000000},{"$f":"IF($D143<>\"Serviço\",0,IF(AND(AUTOEVENTO=\"Manual\",$M143=1),0,IF(OFFSET(CRONOPLE!$F$14,$M143,AQ$13)=\"\",10^12,OFFSET(CRONOPLE!$F$14,$M143,AQ$13))))","v":1000000000000},{"$f":"IF($D143<>\"Serviço\",0,IF(AND(AUTOEVENTO=\"Manual\",$M143=1),0,IF(OFFSET(CRONOPLE!$F$14,$M143,AR$13)=\"\",10^12,OFFSET(CRONOPLE!$F$14,$M143,AR$13))))","v":1000000000000},{"$f":"IF($D143<>\"Serviço\",0,IF(AND(AUTOEVENTO=\"Manual\",$M143=1),0,IF(OFFSET(CRONOPLE!$F$14,$M143,AS$13)=\"\",10^12,OFFSET(CRONOPLE!$F$14,$M143,AS$13))))","v":1000000000000},{"$f":"IF($D143<>\"Serviço\",0,IF(AND(AUTOEVENTO=\"Manual\",$M143=1),0,IF(OFFSET(CRONOPLE!$F$14,$M143,AT$13)=\"\",10^12,OFFSET(CRONOPLE!$F$14,$M143,AT$13))))","v":1000000000000},{"$f":"IF($D143<>\"Serviço\",0,IF(AND(AUTOEVENTO=\"Manual\",$M143=1),0,IF(OFFSET(CRONOPLE!$F$14,$M143,AU$13)=\"\",10^12,OFFSET(CRONOPLE!$F$14,$M143,AU$13))))","v":1000000000000},{"$f":"IF($D143<>\"Serviço\",0,IF(AND(AUTOEVENTO=\"Manual\",$M143=1),0,IF(OFFSET(CRONOPLE!$F$14,$M143,AV$13)=\"\",10^12,OFFSET(CRONOPLE!$F$14,$M143,AV$13))))","v":1000000000000},null,{"$f":"IF($D143<>\"Serviço\",0,IF(OR(AND(AUTOEVENTO=\"Manual\",$M143=1),$M143>(ROW(PLE.lastrow)-ROW(PLE.firstrow))),0,IF(OFFSET(PLE!$G$14,$M143,AX$13)=\"\",10^12,OFFSET(PLE!$G$14,$M143,AX$13))))","v":1000000000000},{"$f":"IF($D143<>\"Serviço\",0,IF(OR(AND(AUTOEVENTO=\"Manual\",$M143=1),$M143>(ROW(PLE.lastrow)-ROW(PLE.firstrow))),0,IF(OFFSET(PLE!$G$14,$M143,AY$13)=\"\",10^12,OFFSET(PLE!$G$14,$M143,AY$13))))","v":1000000000000},{"$f":"IF($D143<>\"Serviço\",0,IF(OR(AND(AUTOEVENTO=\"Manual\",$M143=1),$M143>(ROW(PLE.lastrow)-ROW(PLE.firstrow))),0,IF(OFFSET(PLE!$G$14,$M143,AZ$13)=\"\",10^12,OFFSET(PLE!$G$14,$M143,AZ$13))))","v":1000000000000},{"$f":"IF($D143<>\"Serviço\",0,IF(OR(AND(AUTOEVENTO=\"Manual\",$M143=1),$M143>(ROW(PLE.lastrow)-ROW(PLE.firstrow))),0,IF(OFFSET(PLE!$G$14,$M143,BA$13)=\"\",10^12,OFFSET(PLE!$G$14,$M143,BA$13))))","v":1000000000000},{"$f":"IF($D143<>\"Serviço\",0,IF(OR(AND(AUTOEVENTO=\"Manual\",$M143=1),$M143>(ROW(PLE.lastrow)-ROW(PLE.firstrow))),0,IF(OFFSET(PLE!$G$14,$M143,BB$13)=\"\",10^12,OFFSET(PLE!$G$14,$M143,BB$13))))","v":1000000000000},{"$f":"IF($D143<>\"Serviço\",0,IF(OR(AND(AUTOEVENTO=\"Manual\",$M143=1),$M143>(ROW(PLE.lastrow)-ROW(PLE.firstrow))),0,IF(OFFSET(PLE!$G$14,$M143,BC$13)=\"\",10^12,OFFSET(PLE!$G$14,$M143,BC$13))))","v":1000000000000},{"$f":"IF($D143<>\"Serviço\",0,IF(OR(AND(AUTOEVENTO=\"Manual\",$M143=1),$M143>(ROW(PLE.lastrow)-ROW(PLE.firstrow))),0,IF(OFFSET(PLE!$G$14,$M143,BD$13)=\"\",10^12,OFFSET(PLE!$G$14,$M143,BD$13))))","v":1000000000000},{"$f":"IF($D143<>\"Serviço\",0,IF(OR(AND(AUTOEVENTO=\"Manual\",$M143=1),$M143>(ROW(PLE.lastrow)-ROW(PLE.firstrow))),0,IF(OFFSET(PLE!$G$14,$M143,BE$13)=\"\",10^12,OFFSET(PLE!$G$14,$M143,BE$13))))","v":1000000000000},{"$f":"IF($D143<>\"Serviço\",0,IF(OR(AND(AUTOEVENTO=\"Manual\",$M143=1),$M143>(ROW(PLE.lastrow)-ROW(PLE.firstrow))),0,IF(OFFSET(PLE!$G$14,$M143,BF$13)=\"\",10^12,OFFSET(PLE!$G$14,$M143,BF$13))))","v":1000000000000},{"$f":"IF($D143<>\"Serviço\",0,IF(OR(AND(AUTOEVENTO=\"Manual\",$M143=1),$M143>(ROW(PLE.lastrow)-ROW(PLE.firstrow))),0,IF(OFFSET(PLE!$G$14,$M143,BG$13)=\"\",10^12,OFFSET(PLE!$G$14,$M143,BG$13))))","v":1000000000000}]
["127",{"$f":"OFFSET(ORÇAMENTO!C$15,ROW(B144)-ROW(B$15),0)","v":"S"},{"$f":"OFFSET(ORÇAMENTO!L$15,ROW(C144)-ROW(C$15),0)","v":"F"},{"$f":"OFFSET(ORÇAMENTO!N$15,ROW(D144)-ROW(D$15),0)","v":"Serviço"},{"$f":"OFFSET(ORÇAMENTO!O$15,ROW(E144)-ROW(E$15),0)","v":"1.11.2."},{"$f":"OFFSET(ORÇAMENTO!R$15,ROW(F144)-ROW(F$15),0)","v":"LUMINÁRIA DE EMERGÊNCIA 30 LEDS - FORNECIMENTO E INSTALAÇÃO"},{"$f":"IF($D144<>\"Serviço\",\"\",OFFSET(ORÇAMENTO!S$15,ROW(G144)-ROW(G$15),0))","v":"UN    "},{"$f":"IF($D144<>\"Serviço\",0,IF(ACOMPANHAMENTO=\"BM\",ROUND(OFFSET(ORÇAMENTO!AJ$15,ROW(H144)-ROW(H$15),0),15-13*ORÇAMENTO!$AF$7),SUMPRODUCT(($Q$12:$AA$12<>\"\")*ROUND($Q144:$AA144,15-13*ORÇAMENTO!$AF$7))))","v":9},null,null,null,".",{"$f":"IF($D144<>\"Serviço\",\"\",IF(AUTOEVENTO=\"manual\",$A144,IF(ISERROR(MATCH($A144,$A$15:OFFSET($A144,-1,0),0)),MAX($M$15:OFFSET(M144,-1,0))+1,INDEX($M$15:OFFSET(M144,-1,0),MATCH($A144,$A$15:OFFSET($A144,-1,0),0)))))","v":12},{"$f":"IF($D144<>\"Serviço\",\"\",IF(AUTOEVENTO=\"Manual\",IF($A144=0,\"<-- defina o número do agrupador\",OFFSET(EVENTOS!$D$14,$A144,0)),OFFSET($F$15,$A144,0)))","v":"PREVENTIVO DE INCÊNDIO"},null,null,null,null,null,null,null,null,null,null,null,null,null,{"$f":"IF(AND($D144=\"Serviço\",AB$12<>0,$H144>0,OR(AUTOEVENTO<>\"manual\",$M144<>1)),ROUND(OFFSET($P144,0,AB$13),15-13*ORÇAMENTO!$AF$7)/$H144*OFFSET(ORÇAMENTO!$X$15,ROW(AB144)-ROW(AB$15),0),0)","v":0},{"$f":"IF(AND($D144=\"Serviço\",AC$12<>0,$H144>0,OR(AUTOEVENTO<>\"manual\",$M144<>1)),ROUND(OFFSET($P144,0,AC$13),15-13*ORÇAMENTO!$AF$7)/$H144*OFFSET(ORÇAMENTO!$X$15,ROW(AC144)-ROW(AC$15),0),0)","v":0},{"$f":"IF(AND($D144=\"Serviço\",AD$12<>0,$H144>0,OR(AUTOEVENTO<>\"manual\",$M144<>1)),ROUND(OFFSET($P144,0,AD$13),15-13*ORÇAMENTO!$AF$7)/$H144*OFFSET(ORÇAMENTO!$X$15,ROW(AD144)-ROW(AD$15),0),0)","v":0},{"$f":"IF(AND($D144=\"Serviço\",AE$12<>0,$H144>0,OR(AUTOEVENTO<>\"manual\",$M144<>1)),ROUND(OFFSET($P144,0,AE$13),15-13*ORÇAMENTO!$AF$7)/$H144*OFFSET(ORÇAMENTO!$X$15,ROW(AE144)-ROW(AE$15),0),0)","v":0},{"$f":"IF(AND($D144=\"Serviço\",AF$12<>0,$H144>0,OR(AUTOEVENTO<>\"manual\",$M144<>1)),ROUND(OFFSET($P144,0,AF$13),15-13*ORÇAMENTO!$AF$7)/$H144*OFFSET(ORÇAMENTO!$X$15,ROW(AF144)-ROW(AF$15),0),0)","v":0},{"$f":"IF(AND($D144=\"Serviço\",AG$12<>0,$H144>0,OR(AUTOEVENTO<>\"manual\",$M144<>1)),ROUND(OFFSET($P144,0,AG$13),15-13*ORÇAMENTO!$AF$7)/$H144*OFFSET(ORÇAMENTO!$X$15,ROW(AG144)-ROW(AG$15),0),0)","v":0},{"$f":"IF(AND($D144=\"Serviço\",AH$12<>0,$H144>0,OR(AUTOEVENTO<>\"manual\",$M144<>1)),ROUND(OFFSET($P144,0,AH$13),15-13*ORÇAMENTO!$AF$7)/$H144*OFFSET(ORÇAMENTO!$X$15,ROW(AH144)-ROW(AH$15),0),0)","v":0},{"$f":"IF(AND($D144=\"Serviço\",AI$12<>0,$H144>0,OR(AUTOEVENTO<>\"manual\",$M144<>1)),ROUND(OFFSET($P144,0,AI$13),15-13*ORÇAMENTO!$AF$7)/$H144*OFFSET(ORÇAMENTO!$X$15,ROW(AI144)-ROW(AI$15),0),0)","v":0},{"$f":"IF(AND($D144=\"Serviço\",AJ$12<>0,$H144>0,OR(AUTOEVENTO<>\"manual\",$M144<>1)),ROUND(OFFSET($P144,0,AJ$13),15-13*ORÇAMENTO!$AF$7)/$H144*OFFSET(ORÇAMENTO!$X$15,ROW(AJ144)-ROW(AJ$15),0),0)","v":0},{"$f":"IF(AND($D144=\"Serviço\",AK$12<>0,$H144>0,OR(AUTOEVENTO<>\"manual\",$M144<>1)),ROUND(OFFSET($P144,0,AK$13),15-13*ORÇAMENTO!$AF$7)/$H144*OFFSET(ORÇAMENTO!$X$15,ROW(AK144)-ROW(AK$15),0),0)","v":0},null,{"$f":"IF($D144<>\"Serviço\",0,IF(AND(AUTOEVENTO=\"Manual\",$M144=1),0,IF(OFFSET(CRONOPLE!$F$14,$M144,AM$13)=\"\",10^12,OFFSET(CRONOPLE!$F$14,$M144,AM$13))))","v":1000000000000},{"$f":"IF($D144<>\"Serviço\",0,IF(AND(AUTOEVENTO=\"Manual\",$M144=1),0,IF(OFFSET(CRONOPLE!$F$14,$M144,AN$13)=\"\",10^12,OFFSET(CRONOPLE!$F$14,$M144,AN$13))))","v":1000000000000},{"$f":"IF($D144<>\"Serviço\",0,IF(AND(AUTOEVENTO=\"Manual\",$M144=1),0,IF(OFFSET(CRONOPLE!$F$14,$M144,AO$13)=\"\",10^12,OFFSET(CRONOPLE!$F$14,$M144,AO$13))))","v":1000000000000},{"$f":"IF($D144<>\"Serviço\",0,IF(AND(AUTOEVENTO=\"Manual\",$M144=1),0,IF(OFFSET(CRONOPLE!$F$14,$M144,AP$13)=\"\",10^12,OFFSET(CRONOPLE!$F$14,$M144,AP$13))))","v":1000000000000},{"$f":"IF($D144<>\"Serviço\",0,IF(AND(AUTOEVENTO=\"Manual\",$M144=1),0,IF(OFFSET(CRONOPLE!$F$14,$M144,AQ$13)=\"\",10^12,OFFSET(CRONOPLE!$F$14,$M144,AQ$13))))","v":1000000000000},{"$f":"IF($D144<>\"Serviço\",0,IF(AND(AUTOEVENTO=\"Manual\",$M144=1),0,IF(OFFSET(CRONOPLE!$F$14,$M144,AR$13)=\"\",10^12,OFFSET(CRONOPLE!$F$14,$M144,AR$13))))","v":1000000000000},{"$f":"IF($D144<>\"Serviço\",0,IF(AND(AUTOEVENTO=\"Manual\",$M144=1),0,IF(OFFSET(CRONOPLE!$F$14,$M144,AS$13)=\"\",10^12,OFFSET(CRONOPLE!$F$14,$M144,AS$13))))","v":1000000000000},{"$f":"IF($D144<>\"Serviço\",0,IF(AND(AUTOEVENTO=\"Manual\",$M144=1),0,IF(OFFSET(CRONOPLE!$F$14,$M144,AT$13)=\"\",10^12,OFFSET(CRONOPLE!$F$14,$M144,AT$13))))","v":1000000000000},{"$f":"IF($D144<>\"Serviço\",0,IF(AND(AUTOEVENTO=\"Manual\",$M144=1),0,IF(OFFSET(CRONOPLE!$F$14,$M144,AU$13)=\"\",10^12,OFFSET(CRONOPLE!$F$14,$M144,AU$13))))","v":1000000000000},{"$f":"IF($D144<>\"Serviço\",0,IF(AND(AUTOEVENTO=\"Manual\",$M144=1),0,IF(OFFSET(CRONOPLE!$F$14,$M144,AV$13)=\"\",10^12,OFFSET(CRONOPLE!$F$14,$M144,AV$13))))","v":1000000000000},null,{"$f":"IF($D144<>\"Serviço\",0,IF(OR(AND(AUTOEVENTO=\"Manual\",$M144=1),$M144>(ROW(PLE.lastrow)-ROW(PLE.firstrow))),0,IF(OFFSET(PLE!$G$14,$M144,AX$13)=\"\",10^12,OFFSET(PLE!$G$14,$M144,AX$13))))","v":1000000000000},{"$f":"IF($D144<>\"Serviço\",0,IF(OR(AND(AUTOEVENTO=\"Manual\",$M144=1),$M144>(ROW(PLE.lastrow)-ROW(PLE.firstrow))),0,IF(OFFSET(PLE!$G$14,$M144,AY$13)=\"\",10^12,OFFSET(PLE!$G$14,$M144,AY$13))))","v":1000000000000},{"$f":"IF($D144<>\"Serviço\",0,IF(OR(AND(AUTOEVENTO=\"Manual\",$M144=1),$M144>(ROW(PLE.lastrow)-ROW(PLE.firstrow))),0,IF(OFFSET(PLE!$G$14,$M144,AZ$13)=\"\",10^12,OFFSET(PLE!$G$14,$M144,AZ$13))))","v":1000000000000},{"$f":"IF($D144<>\"Serviço\",0,IF(OR(AND(AUTOEVENTO=\"Manual\",$M144=1),$M144>(ROW(PLE.lastrow)-ROW(PLE.firstrow))),0,IF(OFFSET(PLE!$G$14,$M144,BA$13)=\"\",10^12,OFFSET(PLE!$G$14,$M144,BA$13))))","v":1000000000000},{"$f":"IF($D144<>\"Serviço\",0,IF(OR(AND(AUTOEVENTO=\"Manual\",$M144=1),$M144>(ROW(PLE.lastrow)-ROW(PLE.firstrow))),0,IF(OFFSET(PLE!$G$14,$M144,BB$13)=\"\",10^12,OFFSET(PLE!$G$14,$M144,BB$13))))","v":1000000000000},{"$f":"IF($D144<>\"Serviço\",0,IF(OR(AND(AUTOEVENTO=\"Manual\",$M144=1),$M144>(ROW(PLE.lastrow)-ROW(PLE.firstrow))),0,IF(OFFSET(PLE!$G$14,$M144,BC$13)=\"\",10^12,OFFSET(PLE!$G$14,$M144,BC$13))))","v":1000000000000},{"$f":"IF($D144<>\"Serviço\",0,IF(OR(AND(AUTOEVENTO=\"Manual\",$M144=1),$M144>(ROW(PLE.lastrow)-ROW(PLE.firstrow))),0,IF(OFFSET(PLE!$G$14,$M144,BD$13)=\"\",10^12,OFFSET(PLE!$G$14,$M144,BD$13))))","v":1000000000000},{"$f":"IF($D144<>\"Serviço\",0,IF(OR(AND(AUTOEVENTO=\"Manual\",$M144=1),$M144>(ROW(PLE.lastrow)-ROW(PLE.firstrow))),0,IF(OFFSET(PLE!$G$14,$M144,BE$13)=\"\",10^12,OFFSET(PLE!$G$14,$M144,BE$13))))","v":1000000000000},{"$f":"IF($D144<>\"Serviço\",0,IF(OR(AND(AUTOEVENTO=\"Manual\",$M144=1),$M144>(ROW(PLE.lastrow)-ROW(PLE.firstrow))),0,IF(OFFSET(PLE!$G$14,$M144,BF$13)=\"\",10^12,OFFSET(PLE!$G$14,$M144,BF$13))))","v":1000000000000},{"$f":"IF($D144<>\"Serviço\",0,IF(OR(AND(AUTOEVENTO=\"Manual\",$M144=1),$M144>(ROW(PLE.lastrow)-ROW(PLE.firstrow))),0,IF(OFFSET(PLE!$G$14,$M144,BG$13)=\"\",10^12,OFFSET(PLE!$G$14,$M144,BG$13))))","v":1000000000000}]
[{"$f":"IF(AUTOEVENTO=\"Manual\",IF(K145<>\"\",MIN(VALUE(LEFT(K145,FIND(\".\",K145)-1)),COUNTA(EVENTOS.Lista)),0),IF(OR($B145>AUTOEVENTO,$B145=\"S\",$B145=0),SUBSTITUTE(OFFSET($A145,-1,0),IF($D145=\"Serviço\",\".\",\"\"),\"\"),ROW(A145)-ROW($A$15)&\".\"))","v":"127"},{"$f":"OFFSET(ORÇAMENTO!C$15,ROW(B145)-ROW(B$15),0)","v":"S"},{"$f":"OFFSET(ORÇAMENTO!L$15,ROW(C145)-ROW(C$15),0)","v":"F"},{"$f":"OFFSET(ORÇAMENTO!N$15,ROW(D145)-ROW(D$15),0)","v":"Serviço"},{"$f":"OFFSET(ORÇAMENTO!O$15,ROW(E145)-ROW(E$15),0)","v":"1.11.3."},{"$f":"OFFSET(ORÇAMENTO!R$15,ROW(F145)-ROW(F$15),0)","v":"LUMINÁRIA DE EMERGÊNCIA, BLOCO AUTONOMO 2 x 55 LEDS, FORNECIMENTO E INSTALAÇÃO"},{"$f":"IF($D145<>\"Serviço\",\"\",OFFSET(ORÇAMENTO!S$15,ROW(G145)-ROW(G$15),0))","v":"UN"},{"$f":"IF($D145<>\"Serviço\",0,IF(ACOMPANHAMENTO=\"BM\",ROUND(OFFSET(ORÇAMENTO!AJ$15,ROW(H145)-ROW(H$15),0),15-13*ORÇAMENTO!$AF$7),SUMPRODUCT(($Q$12:$AA$12<>\"\")*ROUND($Q145:$AA145,15-13*ORÇAMENTO!$AF$7))))","v":2},null,null,null,".",{"$f":"IF($D145<>\"Serviço\",\"\",IF(AUTOEVENTO=\"manual\",$A145,IF(ISERROR(MATCH($A145,$A$15:OFFSET($A145,-1,0),0)),MAX($M$15:OFFSET(M145,-1,0))+1,INDEX($M$15:OFFSET(M145,-1,0),MATCH($A145,$A$15:OFFSET($A145,-1,0),0)))))","v":12},{"$f":"IF($D145<>\"Serviço\",\"\",IF(AUTOEVENTO=\"Manual\",IF($A145=0,\"<-- defina o número do agrupador\",OFFSET(EVENTOS!$D$14,$A145,0)),OFFSET($F$15,$A145,0)))","v":"PREVENTIVO DE INCÊNDIO"},null,null,null,null,null,null,null,null,null,null,null,null,null,{"$f":"IF(AND($D145=\"Serviço\",AB$12<>0,$H145>0,OR(AUTOEVENTO<>\"manual\",$M145<>1)),ROUND(OFFSET($P145,0,AB$13),15-13*ORÇAMENTO!$AF$7)/$H145*OFFSET(ORÇAMENTO!$X$15,ROW(AB145)-ROW(AB$15),0),0)","v":0},{"$f":"IF(AND($D145=\"Serviço\",AC$12<>0,$H145>0,OR(AUTOEVENTO<>\"manual\",$M145<>1)),ROUND(OFFSET($P145,0,AC$13),15-13*ORÇAMENTO!$AF$7)/$H145*OFFSET(ORÇAMENTO!$X$15,ROW(AC145)-ROW(AC$15),0),0)","v":0},{"$f":"IF(AND($D145=\"Serviço\",AD$12<>0,$H145>0,OR(AUTOEVENTO<>\"manual\",$M145<>1)),ROUND(OFFSET($P145,0,AD$13),15-13*ORÇAMENTO!$AF$7)/$H145*OFFSET(ORÇAMENTO!$X$15,ROW(AD145)-ROW(AD$15),0),0)","v":0},{"$f":"IF(AND($D145=\"Serviço\",AE$12<>0,$H145>0,OR(AUTOEVENTO<>\"manual\",$M145<>1)),ROUND(OFFSET($P145,0,AE$13),15-13*ORÇAMENTO!$AF$7)/$H145*OFFSET(ORÇAMENTO!$X$15,ROW(AE145)-ROW(AE$15),0),0)","v":0},{"$f":"IF(AND($D145=\"Serviço\",AF$12<>0,$H145>0,OR(AUTOEVENTO<>\"manual\",$M145<>1)),ROUND(OFFSET($P145,0,AF$13),15-13*ORÇAMENTO!$AF$7)/$H145*OFFSET(ORÇAMENTO!$X$15,ROW(AF145)-ROW(AF$15),0),0)","v":0},{"$f":"IF(AND($D145=\"Serviço\",AG$12<>0,$H145>0,OR(AUTOEVENTO<>\"manual\",$M145<>1)),ROUND(OFFSET($P145,0,AG$13),15-13*ORÇAMENTO!$AF$7)/$H145*OFFSET(ORÇAMENTO!$X$15,ROW(AG145)-ROW(AG$15),0),0)","v":0},{"$f":"IF(AND($D145=\"Serviço\",AH$12<>0,$H145>0,OR(AUTOEVENTO<>\"manual\",$M145<>1)),ROUND(OFFSET($P145,0,AH$13),15-13*ORÇAMENTO!$AF$7)/$H145*OFFSET(ORÇAMENTO!$X$15,ROW(AH145)-ROW(AH$15),0),0)","v":0},{"$f":"IF(AND($D145=\"Serviço\",AI$12<>0,$H145>0,OR(AUTOEVENTO<>\"manual\",$M145<>1)),ROUND(OFFSET($P145,0,AI$13),15-13*ORÇAMENTO!$AF$7)/$H145*OFFSET(ORÇAMENTO!$X$15,ROW(AI145)-ROW(AI$15),0),0)","v":0},{"$f":"IF(AND($D145=\"Serviço\",AJ$12<>0,$H145>0,OR(AUTOEVENTO<>\"manual\",$M145<>1)),ROUND(OFFSET($P145,0,AJ$13),15-13*ORÇAMENTO!$AF$7)/$H145*OFFSET(ORÇAMENTO!$X$15,ROW(AJ145)-ROW(AJ$15),0),0)","v":0},{"$f":"IF(AND($D145=\"Serviço\",AK$12<>0,$H145>0,OR(AUTOEVENTO<>\"manual\",$M145<>1)),ROUND(OFFSET($P145,0,AK$13),15-13*ORÇAMENTO!$AF$7)/$H145*OFFSET(ORÇAMENTO!$X$15,ROW(AK145)-ROW(AK$15),0),0)","v":0},null,{"$f":"IF($D145<>\"Serviço\",0,IF(AND(AUTOEVENTO=\"Manual\",$M145=1),0,IF(OFFSET(CRONOPLE!$F$14,$M145,AM$13)=\"\",10^12,OFFSET(CRONOPLE!$F$14,$M145,AM$13))))","v":1000000000000},{"$f":"IF($D145<>\"Serviço\",0,IF(AND(AUTOEVENTO=\"Manual\",$M145=1),0,IF(OFFSET(CRONOPLE!$F$14,$M145,AN$13)=\"\",10^12,OFFSET(CRONOPLE!$F$14,$M145,AN$13))))","v":1000000000000},{"$f":"IF($D145<>\"Serviço\",0,IF(AND(AUTOEVENTO=\"Manual\",$M145=1),0,IF(OFFSET(CRONOPLE!$F$14,$M145,AO$13)=\"\",10^12,OFFSET(CRONOPLE!$F$14,$M145,AO$13))))","v":1000000000000},{"$f":"IF($D145<>\"Serviço\",0,IF(AND(AUTOEVENTO=\"Manual\",$M145=1),0,IF(OFFSET(CRONOPLE!$F$14,$M145,AP$13)=\"\",10^12,OFFSET(CRONOPLE!$F$14,$M145,AP$13))))","v":1000000000000},{"$f":"IF($D145<>\"Serviço\",0,IF(AND(AUTOEVENTO=\"Manual\",$M145=1),0,IF(OFFSET(CRONOPLE!$F$14,$M145,AQ$13)=\"\",10^12,OFFSET(CRONOPLE!$F$14,$M145,AQ$13))))","v":1000000000000},{"$f":"IF($D145<>\"Serviço\",0,IF(AND(AUTOEVENTO=\"Manual\",$M145=1),0,IF(OFFSET(CRONOPLE!$F$14,$M145,AR$13)=\"\",10^12,OFFSET(CRONOPLE!$F$14,$M145,AR$13))))","v":1000000000000},{"$f":"IF($D145<>\"Serviço\",0,IF(AND(AUTOEVENTO=\"Manual\",$M145=1),0,IF(OFFSET(CRONOPLE!$F$14,$M145,AS$13)=\"\",10^12,OFFSET(CRONOPLE!$F$14,$M145,AS$13))))","v":1000000000000},{"$f":"IF($D145<>\"Serviço\",0,IF(AND(AUTOEVENTO=\"Manual\",$M145=1),0,IF(OFFSET(CRONOPLE!$F$14,$M145,AT$13)=\"\",10^12,OFFSET(CRONOPLE!$F$14,$M145,AT$13))))","v":1000000000000},{"$f":"IF($D145<>\"Serviço\",0,IF(AND(AUTOEVENTO=\"Manual\",$M145=1),0,IF(OFFSET(CRONOPLE!$F$14,$M145,AU$13)=\"\",10^12,OFFSET(CRONOPLE!$F$14,$M145,AU$13))))","v":1000000000000},{"$f":"IF($D145<>\"Serviço\",0,IF(AND(AUTOEVENTO=\"Manual\",$M145=1),0,IF(OFFSET(CRONOPLE!$F$14,$M145,AV$13)=\"\",10^12,OFFSET(CRONOPLE!$F$14,$M145,AV$13))))","v":1000000000000},null,{"$f":"IF($D145<>\"Serviço\",0,IF(OR(AND(AUTOEVENTO=\"Manual\",$M145=1),$M145>(ROW(PLE.lastrow)-ROW(PLE.firstrow))),0,IF(OFFSET(PLE!$G$14,$M145,AX$13)=\"\",10^12,OFFSET(PLE!$G$14,$M145,AX$13))))","v":1000000000000},{"$f":"IF($D145<>\"Serviço\",0,IF(OR(AND(AUTOEVENTO=\"Manual\",$M145=1),$M145>(ROW(PLE.lastrow)-ROW(PLE.firstrow))),0,IF(OFFSET(PLE!$G$14,$M145,AY$13)=\"\",10^12,OFFSET(PLE!$G$14,$M145,AY$13))))","v":1000000000000},{"$f":"IF($D145<>\"Serviço\",0,IF(OR(AND(AUTOEVENTO=\"Manual\",$M145=1),$M145>(ROW(PLE.lastrow)-ROW(PLE.firstrow))),0,IF(OFFSET(PLE!$G$14,$M145,AZ$13)=\"\",10^12,OFFSET(PLE!$G$14,$M145,AZ$13))))","v":1000000000000},{"$f":"IF($D145<>\"Serviço\",0,IF(OR(AND(AUTOEVENTO=\"Manual\",$M145=1),$M145>(ROW(PLE.lastrow)-ROW(PLE.firstrow))),0,IF(OFFSET(PLE!$G$14,$M145,BA$13)=\"\",10^12,OFFSET(PLE!$G$14,$M145,BA$13))))","v":1000000000000},{"$f":"IF($D145<>\"Serviço\",0,IF(OR(AND(AUTOEVENTO=\"Manual\",$M145=1),$M145>(ROW(PLE.lastrow)-ROW(PLE.firstrow))),0,IF(OFFSET(PLE!$G$14,$M145,BB$13)=\"\",10^12,OFFSET(PLE!$G$14,$M145,BB$13))))","v":1000000000000},{"$f":"IF($D145<>\"Serviço\",0,IF(OR(AND(AUTOEVENTO=\"Manual\",$M145=1),$M145>(ROW(PLE.lastrow)-ROW(PLE.firstrow))),0,IF(OFFSET(PLE!$G$14,$M145,BC$13)=\"\",10^12,OFFSET(PLE!$G$14,$M145,BC$13))))","v":1000000000000},{"$f":"IF($D145<>\"Serviço\",0,IF(OR(AND(AUTOEVENTO=\"Manual\",$M145=1),$M145>(ROW(PLE.lastrow)-ROW(PLE.firstrow))),0,IF(OFFSET(PLE!$G$14,$M145,BD$13)=\"\",10^12,OFFSET(PLE!$G$14,$M145,BD$13))))","v":1000000000000},{"$f":"IF($D145<>\"Serviço\",0,IF(OR(AND(AUTOEVENTO=\"Manual\",$M145=1),$M145>(ROW(PLE.lastrow)-ROW(PLE.firstrow))),0,IF(OFFSET(PLE!$G$14,$M145,BE$13)=\"\",10^12,OFFSET(PLE!$G$14,$M145,BE$13))))","v":1000000000000},{"$f":"IF($D145<>\"Serviço\",0,IF(OR(AND(AUTOEVENTO=\"Manual\",$M145=1),$M145>(ROW(PLE.lastrow)-ROW(PLE.firstrow))),0,IF(OFFSET(PLE!$G$14,$M145,BF$13)=\"\",10^12,OFFSET(PLE!$G$14,$M145,BF$13))))","v":1000000000000},{"$f":"IF($D145<>\"Serviço\",0,IF(OR(AND(AUTOEVENTO=\"Manual\",$M145=1),$M145>(ROW(PLE.lastrow)-ROW(PLE.firstrow))),0,IF(OFFSET(PLE!$G$14,$M145,BG$13)=\"\",10^12,OFFSET(PLE!$G$14,$M145,BG$13))))","v":1000000000000}]
["127",{"$f":"OFFSET(ORÇAMENTO!C$15,ROW(B146)-ROW(B$15),0)","v":"S"},{"$f":"OFFSET(ORÇAMENTO!L$15,ROW(C146)-ROW(C$15),0)","v":"F"},{"$f":"OFFSET(ORÇAMENTO!N$15,ROW(D146)-ROW(D$15),0)","v":"Serviço"},{"$f":"OFFSET(ORÇAMENTO!O$15,ROW(E146)-ROW(E$15),0)","v":"1.11.4."},{"$f":"OFFSET(ORÇAMENTO!R$15,ROW(F146)-ROW(F$15),0)","v":"PLACA DE SINALIZAÇÃO DE SEGURANCA CONTRA INCÊNDIO, FOTOLUMINESCENTE, RETANGULAR, ATÉ 20X40 CM, EM PVC 2 MM ANTI-CHAMAS (SÍMBOLOS, CORES E PICTOGRAMAS CONFORME NBR 13434)"},{"$f":"IF($D146<>\"Serviço\",\"\",OFFSET(ORÇAMENTO!S$15,ROW(G146)-ROW(G$15),0))","v":"UN    "},{"$f":"IF($D146<>\"Serviço\",0,IF(ACOMPANHAMENTO=\"BM\",ROUND(OFFSET(ORÇAMENTO!AJ$15,ROW(H146)-ROW(H$15),0),15-13*ORÇAMENTO!$AF$7),SUMPRODUCT(($Q$12:$AA$12<>\"\")*ROUND($Q146:$AA146,15-13*ORÇAMENTO!$AF$7))))","v":2},null,null,null,".",{"$f":"IF($D146<>\"Serviço\",\"\",IF(AUTOEVENTO=\"manual\",$A146,IF(ISERROR(MATCH($A146,$A$15:OFFSET($A146,-1,0),0)),MAX($M$15:OFFSET(M146,-1,0))+1,INDEX($M$15:OFFSET(M146,-1,0),MATCH($A146,$A$15:OFFSET($A146,-1,0),0)))))","v":12},{"$f":"IF($D146<>\"Serviço\",\"\",IF(AUTOEVENTO=\"Manual\",IF($A146=0,\"<-- defina o número do agrupador\",OFFSET(EVENTOS!$D$14,$A146,0)),OFFSET($F$15,$A146,0)))","v":"PREVENTIVO DE INCÊNDIO"},null,null,null,null,null,null,null,null,null,null,null,null,null,{"$f":"IF(AND($D146=\"Serviço\",AB$12<>0,$H146>0,OR(AUTOEVENTO<>\"manual\",$M146<>1)),ROUND(OFFSET($P146,0,AB$13),15-13*ORÇAMENTO!$AF$7)/$H146*OFFSET(ORÇAMENTO!$X$15,ROW(AB146)-ROW(AB$15),0),0)","v":0},{"$f":"IF(AND($D146=\"Serviço\",AC$12<>0,$H146>0,OR(AUTOEVENTO<>\"manual\",$M146<>1)),ROUND(OFFSET($P146,0,AC$13),15-13*ORÇAMENTO!$AF$7)/$H146*OFFSET(ORÇAMENTO!$X$15,ROW(AC146)-ROW(AC$15),0),0)","v":0},{"$f":"IF(AND($D146=\"Serviço\",AD$12<>0,$H146>0,OR(AUTOEVENTO<>\"manual\",$M146<>1)),ROUND(OFFSET($P146,0,AD$13),15-13*ORÇAMENTO!$AF$7)/$H146*OFFSET(ORÇAMENTO!$X$15,ROW(AD146)-ROW(AD$15),0),0)","v":0},{"$f":"IF(AND($D146=\"Serviço\",AE$12<>0,$H146>0,OR(AUTOEVENTO<>\"manual\",$M146<>1)),ROUND(OFFSET($P146,0,AE$13),15-13*ORÇAMENTO!$AF$7)/$H146*OFFSET(ORÇAMENTO!$X$15,ROW(AE146)-ROW(AE$15),0),0)","v":0},{"$f":"IF(AND($D146=\"Serviço\",AF$12<>0,$H146>0,OR(AUTOEVENTO<>\"manual\",$M146<>1)),ROUND(OFFSET($P146,0,AF$13),15-13*ORÇAMENTO!$AF$7)/$H146*OFFSET(ORÇAMENTO!$X$15,ROW(AF146)-ROW(AF$15),0),0)","v":0},{"$f":"IF(AND($D146=\"Serviço\",AG$12<>0,$H146>0,OR(AUTOEVENTO<>\"manual\",$M146<>1)),ROUND(OFFSET($P146,0,AG$13),15-13*ORÇAMENTO!$AF$7)/$H146*OFFSET(ORÇAMENTO!$X$15,ROW(AG146)-ROW(AG$15),0),0)","v":0},{"$f":"IF(AND($D146=\"Serviço\",AH$12<>0,$H146>0,OR(AUTOEVENTO<>\"manual\",$M146<>1)),ROUND(OFFSET($P146,0,AH$13),15-13*ORÇAMENTO!$AF$7)/$H146*OFFSET(ORÇAMENTO!$X$15,ROW(AH146)-ROW(AH$15),0),0)","v":0},{"$f":"IF(AND($D146=\"Serviço\",AI$12<>0,$H146>0,OR(AUTOEVENTO<>\"manual\",$M146<>1)),ROUND(OFFSET($P146,0,AI$13),15-13*ORÇAMENTO!$AF$7)/$H146*OFFSET(ORÇAMENTO!$X$15,ROW(AI146)-ROW(AI$15),0),0)","v":0},{"$f":"IF(AND($D146=\"Serviço\",AJ$12<>0,$H146>0,OR(AUTOEVENTO<>\"manual\",$M146<>1)),ROUND(OFFSET($P146,0,AJ$13),15-13*ORÇAMENTO!$AF$7)/$H146*OFFSET(ORÇAMENTO!$X$15,ROW(AJ146)-ROW(AJ$15),0),0)","v":0},{"$f":"IF(AND($D146=\"Serviço\",AK$12<>0,$H146>0,OR(AUTOEVENTO<>\"manual\",$M146<>1)),ROUND(OFFSET($P146,0,AK$13),15-13*ORÇAMENTO!$AF$7)/$H146*OFFSET(ORÇAMENTO!$X$15,ROW(AK146)-ROW(AK$15),0),0)","v":0},null,{"$f":"IF($D146<>\"Serviço\",0,IF(AND(AUTOEVENTO=\"Manual\",$M146=1),0,IF(OFFSET(CRONOPLE!$F$14,$M146,AM$13)=\"\",10^12,OFFSET(CRONOPLE!$F$14,$M146,AM$13))))","v":1000000000000},{"$f":"IF($D146<>\"Serviço\",0,IF(AND(AUTOEVENTO=\"Manual\",$M146=1),0,IF(OFFSET(CRONOPLE!$F$14,$M146,AN$13)=\"\",10^12,OFFSET(CRONOPLE!$F$14,$M146,AN$13))))","v":1000000000000},{"$f":"IF($D146<>\"Serviço\",0,IF(AND(AUTOEVENTO=\"Manual\",$M146=1),0,IF(OFFSET(CRONOPLE!$F$14,$M146,AO$13)=\"\",10^12,OFFSET(CRONOPLE!$F$14,$M146,AO$13))))","v":1000000000000},{"$f":"IF($D146<>\"Serviço\",0,IF(AND(AUTOEVENTO=\"Manual\",$M146=1),0,IF(OFFSET(CRONOPLE!$F$14,$M146,AP$13)=\"\",10^12,OFFSET(CRONOPLE!$F$14,$M146,AP$13))))","v":1000000000000},{"$f":"IF($D146<>\"Serviço\",0,IF(AND(AUTOEVENTO=\"Manual\",$M146=1),0,IF(OFFSET(CRONOPLE!$F$14,$M146,AQ$13)=\"\",10^12,OFFSET(CRONOPLE!$F$14,$M146,AQ$13))))","v":1000000000000},{"$f":"IF($D146<>\"Serviço\",0,IF(AND(AUTOEVENTO=\"Manual\",$M146=1),0,IF(OFFSET(CRONOPLE!$F$14,$M146,AR$13)=\"\",10^12,OFFSET(CRONOPLE!$F$14,$M146,AR$13))))","v":1000000000000},{"$f":"IF($D146<>\"Serviço\",0,IF(AND(AUTOEVENTO=\"Manual\",$M146=1),0,IF(OFFSET(CRONOPLE!$F$14,$M146,AS$13)=\"\",10^12,OFFSET(CRONOPLE!$F$14,$M146,AS$13))))","v":1000000000000},{"$f":"IF($D146<>\"Serviço\",0,IF(AND(AUTOEVENTO=\"Manual\",$M146=1),0,IF(OFFSET(CRONOPLE!$F$14,$M146,AT$13)=\"\",10^12,OFFSET(CRONOPLE!$F$14,$M146,AT$13))))","v":1000000000000},{"$f":"IF($D146<>\"Serviço\",0,IF(AND(AUTOEVENTO=\"Manual\",$M146=1),0,IF(OFFSET(CRONOPLE!$F$14,$M146,AU$13)=\"\",10^12,OFFSET(CRONOPLE!$F$14,$M146,AU$13))))","v":1000000000000},{"$f":"IF($D146<>\"Serviço\",0,IF(AND(AUTOEVENTO=\"Manual\",$M146=1),0,IF(OFFSET(CRONOPLE!$F$14,$M146,AV$13)=\"\",10^12,OFFSET(CRONOPLE!$F$14,$M146,AV$13))))","v":1000000000000},null,{"$f":"IF($D146<>\"Serviço\",0,IF(OR(AND(AUTOEVENTO=\"Manual\",$M146=1),$M146>(ROW(PLE.lastrow)-ROW(PLE.firstrow))),0,IF(OFFSET(PLE!$G$14,$M146,AX$13)=\"\",10^12,OFFSET(PLE!$G$14,$M146,AX$13))))","v":1000000000000},{"$f":"IF($D146<>\"Serviço\",0,IF(OR(AND(AUTOEVENTO=\"Manual\",$M146=1),$M146>(ROW(PLE.lastrow)-ROW(PLE.firstrow))),0,IF(OFFSET(PLE!$G$14,$M146,AY$13)=\"\",10^12,OFFSET(PLE!$G$14,$M146,AY$13))))","v":1000000000000},{"$f":"IF($D146<>\"Serviço\",0,IF(OR(AND(AUTOEVENTO=\"Manual\",$M146=1),$M146>(ROW(PLE.lastrow)-ROW(PLE.firstrow))),0,IF(OFFSET(PLE!$G$14,$M146,AZ$13)=\"\",10^12,OFFSET(PLE!$G$14,$M146,AZ$13))))","v":1000000000000},{"$f":"IF($D146<>\"Serviço\",0,IF(OR(AND(AUTOEVENTO=\"Manual\",$M146=1),$M146>(ROW(PLE.lastrow)-ROW(PLE.firstrow))),0,IF(OFFSET(PLE!$G$14,$M146,BA$13)=\"\",10^12,OFFSET(PLE!$G$14,$M146,BA$13))))","v":1000000000000},{"$f":"IF($D146<>\"Serviço\",0,IF(OR(AND(AUTOEVENTO=\"Manual\",$M146=1),$M146>(ROW(PLE.lastrow)-ROW(PLE.firstrow))),0,IF(OFFSET(PLE!$G$14,$M146,BB$13)=\"\",10^12,OFFSET(PLE!$G$14,$M146,BB$13))))","v":1000000000000},{"$f":"IF($D146<>\"Serviço\",0,IF(OR(AND(AUTOEVENTO=\"Manual\",$M146=1),$M146>(ROW(PLE.lastrow)-ROW(PLE.firstrow))),0,IF(OFFSET(PLE!$G$14,$M146,BC$13)=\"\",10^12,OFFSET(PLE!$G$14,$M146,BC$13))))","v":1000000000000},{"$f":"IF($D146<>\"Serviço\",0,IF(OR(AND(AUTOEVENTO=\"Manual\",$M146=1),$M146>(ROW(PLE.lastrow)-ROW(PLE.firstrow))),0,IF(OFFSET(PLE!$G$14,$M146,BD$13)=\"\",10^12,OFFSET(PLE!$G$14,$M146,BD$13))))","v":1000000000000},{"$f":"IF($D146<>\"Serviço\",0,IF(OR(AND(AUTOEVENTO=\"Manual\",$M146=1),$M146>(ROW(PLE.lastrow)-ROW(PLE.firstrow))),0,IF(OFFSET(PLE!$G$14,$M146,BE$13)=\"\",10^12,OFFSET(PLE!$G$14,$M146,BE$13))))","v":1000000000000},{"$f":"IF($D146<>\"Serviço\",0,IF(OR(AND(AUTOEVENTO=\"Manual\",$M146=1),$M146>(ROW(PLE.lastrow)-ROW(PLE.firstrow))),0,IF(OFFSET(PLE!$G$14,$M146,BF$13)=\"\",10^12,OFFSET(PLE!$G$14,$M146,BF$13))))","v":1000000000000},{"$f":"IF($D146<>\"Serviço\",0,IF(OR(AND(AUTOEVENTO=\"Manual\",$M146=1),$M146>(ROW(PLE.lastrow)-ROW(PLE.firstrow))),0,IF(OFFSET(PLE!$G$14,$M146,BG$13)=\"\",10^12,OFFSET(PLE!$G$14,$M146,BG$13))))","v":1000000000000}]
[{"$f":"IF(AUTOEVENTO=\"Manual\",IF(K147<>\"\",MIN(VALUE(LEFT(K147,FIND(\".\",K147)-1)),COUNTA(EVENTOS.Lista)),0),IF(OR($B147>AUTOEVENTO,$B147=\"S\",$B147=0),SUBSTITUTE(OFFSET($A147,-1,0),IF($D147=\"Serviço\",\".\",\"\"),\"\"),ROW(A147)-ROW($A$15)&\".\"))","v":"127"},{"$f":"OFFSET(ORÇAMENTO!C$15,ROW(B147)-ROW(B$15),0)","v":"S"},{"$f":"OFFSET(ORÇAMENTO!L$15,ROW(C147)-ROW(C$15),0)","v":"F"},{"$f":"OFFSET(ORÇAMENTO!N$15,ROW(D147)-ROW(D$15),0)","v":"Serviço"},{"$f":"OFFSET(ORÇAMENTO!O$15,ROW(E147)-ROW(E$15),0)","v":"1.11.5."},{"$f":"OFFSET(ORÇAMENTO!R$15,ROW(F147)-ROW(F$15),0)","v":"PLACA DE SINALIZAÇÃO FACE ÚNICA COM LÂMPADA DE LED"},{"$f":"IF($D147<>\"Serviço\",\"\",OFFSET(ORÇAMENTO!S$15,ROW(G147)-ROW(G$15),0))","v":"UN"},{"$f":"IF($D147<>\"Serviço\",0,IF(ACOMPANHAMENTO=\"BM\",ROUND(OFFSET(ORÇAMENTO!AJ$15,ROW(H147)-ROW(H$15),0),15-13*ORÇAMENTO!$AF$7),SUMPRODUCT(($Q$12:$AA$12<>\"\")*ROUND($Q147:$AA147,15-13*ORÇAMENTO!$AF$7))))","v":1},null,null,null,".",{"$f":"IF($D147<>\"Serviço\",\"\",IF(AUTOEVENTO=\"manual\",$A147,IF(ISERROR(MATCH($A147,$A$15:OFFSET($A147,-1,0),0)),MAX($M$15:OFFSET(M147,-1,0))+1,INDEX($M$15:OFFSET(M147,-1,0),MATCH($A147,$A$15:OFFSET($A147,-1,0),0)))))","v":12},{"$f":"IF($D147<>\"Serviço\",\"\",IF(AUTOEVENTO=\"Manual\",IF($A147=0,\"<-- defina o número do agrupador\",OFFSET(EVENTOS!$D$14,$A147,0)),OFFSET($F$15,$A147,0)))","v":"PREVENTIVO DE INCÊNDIO"},null,null,null,null,null,null,null,null,null,null,null,null,null,{"$f":"IF(AND($D147=\"Serviço\",AB$12<>0,$H147>0,OR(AUTOEVENTO<>\"manual\",$M147<>1)),ROUND(OFFSET($P147,0,AB$13),15-13*ORÇAMENTO!$AF$7)/$H147*OFFSET(ORÇAMENTO!$X$15,ROW(AB147)-ROW(AB$15),0),0)","v":0},{"$f":"IF(AND($D147=\"Serviço\",AC$12<>0,$H147>0,OR(AUTOEVENTO<>\"manual\",$M147<>1)),ROUND(OFFSET($P147,0,AC$13),15-13*ORÇAMENTO!$AF$7)/$H147*OFFSET(ORÇAMENTO!$X$15,ROW(AC147)-ROW(AC$15),0),0)","v":0},{"$f":"IF(AND($D147=\"Serviço\",AD$12<>0,$H147>0,OR(AUTOEVENTO<>\"manual\",$M147<>1)),ROUND(OFFSET($P147,0,AD$13),15-13*ORÇAMENTO!$AF$7)/$H147*OFFSET(ORÇAMENTO!$X$15,ROW(AD147)-ROW(AD$15),0),0)","v":0},{"$f":"IF(AND($D147=\"Serviço\",AE$12<>0,$H147>0,OR(AUTOEVENTO<>\"manual\",$M147<>1)),ROUND(OFFSET($P147,0,AE$13),15-13*ORÇAMENTO!$AF$7)/$H147*OFFSET(ORÇAMENTO!$X$15,ROW(AE147)-ROW(AE$15),0),0)","v":0},{"$f":"IF(AND($D147=\"Serviço\",AF$12<>0,$H147>0,OR(AUTOEVENTO<>\"manual\",$M147<>1)),ROUND(OFFSET($P147,0,AF$13),15-13*ORÇAMENTO!$AF$7)/$H147*OFFSET(ORÇAMENTO!$X$15,ROW(AF147)-ROW(AF$15),0),0)","v":0},{"$f":"IF(AND($D147=\"Serviço\",AG$12<>0,$H147>0,OR(AUTOEVENTO<>\"manual\",$M147<>1)),ROUND(OFFSET($P147,0,AG$13),15-13*ORÇAMENTO!$AF$7)/$H147*OFFSET(ORÇAMENTO!$X$15,ROW(AG147)-ROW(AG$15),0),0)","v":0},{"$f":"IF(AND($D147=\"Serviço\",AH$12<>0,$H147>0,OR(AUTOEVENTO<>\"manual\",$M147<>1)),ROUND(OFFSET($P147,0,AH$13),15-13*ORÇAMENTO!$AF$7)/$H147*OFFSET(ORÇAMENTO!$X$15,ROW(AH147)-ROW(AH$15),0),0)","v":0},{"$f":"IF(AND($D147=\"Serviço\",AI$12<>0,$H147>0,OR(AUTOEVENTO<>\"manual\",$M147<>1)),ROUND(OFFSET($P147,0,AI$13),15-13*ORÇAMENTO!$AF$7)/$H147*OFFSET(ORÇAMENTO!$X$15,ROW(AI147)-ROW(AI$15),0),0)","v":0},{"$f":"IF(AND($D147=\"Serviço\",AJ$12<>0,$H147>0,OR(AUTOEVENTO<>\"manual\",$M147<>1)),ROUND(OFFSET($P147,0,AJ$13),15-13*ORÇAMENTO!$AF$7)/$H147*OFFSET(ORÇAMENTO!$X$15,ROW(AJ147)-ROW(AJ$15),0),0)","v":0},{"$f":"IF(AND($D147=\"Serviço\",AK$12<>0,$H147>0,OR(AUTOEVENTO<>\"manual\",$M147<>1)),ROUND(OFFSET($P147,0,AK$13),15-13*ORÇAMENTO!$AF$7)/$H147*OFFSET(ORÇAMENTO!$X$15,ROW(AK147)-ROW(AK$15),0),0)","v":0},null,{"$f":"IF($D147<>\"Serviço\",0,IF(AND(AUTOEVENTO=\"Manual\",$M147=1),0,IF(OFFSET(CRONOPLE!$F$14,$M147,AM$13)=\"\",10^12,OFFSET(CRONOPLE!$F$14,$M147,AM$13))))","v":1000000000000},{"$f":"IF($D147<>\"Serviço\",0,IF(AND(AUTOEVENTO=\"Manual\",$M147=1),0,IF(OFFSET(CRONOPLE!$F$14,$M147,AN$13)=\"\",10^12,OFFSET(CRONOPLE!$F$14,$M147,AN$13))))","v":1000000000000},{"$f":"IF($D147<>\"Serviço\",0,IF(AND(AUTOEVENTO=\"Manual\",$M147=1),0,IF(OFFSET(CRONOPLE!$F$14,$M147,AO$13)=\"\",10^12,OFFSET(CRONOPLE!$F$14,$M147,AO$13))))","v":1000000000000},{"$f":"IF($D147<>\"Serviço\",0,IF(AND(AUTOEVENTO=\"Manual\",$M147=1),0,IF(OFFSET(CRONOPLE!$F$14,$M147,AP$13)=\"\",10^12,OFFSET(CRONOPLE!$F$14,$M147,AP$13))))","v":1000000000000},{"$f":"IF($D147<>\"Serviço\",0,IF(AND(AUTOEVENTO=\"Manual\",$M147=1),0,IF(OFFSET(CRONOPLE!$F$14,$M147,AQ$13)=\"\",10^12,OFFSET(CRONOPLE!$F$14,$M147,AQ$13))))","v":1000000000000},{"$f":"IF($D147<>\"Serviço\",0,IF(AND(AUTOEVENTO=\"Manual\",$M147=1),0,IF(OFFSET(CRONOPLE!$F$14,$M147,AR$13)=\"\",10^12,OFFSET(CRONOPLE!$F$14,$M147,AR$13))))","v":1000000000000},{"$f":"IF($D147<>\"Serviço\",0,IF(AND(AUTOEVENTO=\"Manual\",$M147=1),0,IF(OFFSET(CRONOPLE!$F$14,$M147,AS$13)=\"\",10^12,OFFSET(CRONOPLE!$F$14,$M147,AS$13))))","v":1000000000000},{"$f":"IF($D147<>\"Serviço\",0,IF(AND(AUTOEVENTO=\"Manual\",$M147=1),0,IF(OFFSET(CRONOPLE!$F$14,$M147,AT$13)=\"\",10^12,OFFSET(CRONOPLE!$F$14,$M147,AT$13))))","v":1000000000000},{"$f":"IF($D147<>\"Serviço\",0,IF(AND(AUTOEVENTO=\"Manual\",$M147=1),0,IF(OFFSET(CRONOPLE!$F$14,$M147,AU$13)=\"\",10^12,OFFSET(CRONOPLE!$F$14,$M147,AU$13))))","v":1000000000000},{"$f":"IF($D147<>\"Serviço\",0,IF(AND(AUTOEVENTO=\"Manual\",$M147=1),0,IF(OFFSET(CRONOPLE!$F$14,$M147,AV$13)=\"\",10^12,OFFSET(CRONOPLE!$F$14,$M147,AV$13))))","v":1000000000000},null,{"$f":"IF($D147<>\"Serviço\",0,IF(OR(AND(AUTOEVENTO=\"Manual\",$M147=1),$M147>(ROW(PLE.lastrow)-ROW(PLE.firstrow))),0,IF(OFFSET(PLE!$G$14,$M147,AX$13)=\"\",10^12,OFFSET(PLE!$G$14,$M147,AX$13))))","v":1000000000000},{"$f":"IF($D147<>\"Serviço\",0,IF(OR(AND(AUTOEVENTO=\"Manual\",$M147=1),$M147>(ROW(PLE.lastrow)-ROW(PLE.firstrow))),0,IF(OFFSET(PLE!$G$14,$M147,AY$13)=\"\",10^12,OFFSET(PLE!$G$14,$M147,AY$13))))","v":1000000000000},{"$f":"IF($D147<>\"Serviço\",0,IF(OR(AND(AUTOEVENTO=\"Manual\",$M147=1),$M147>(ROW(PLE.lastrow)-ROW(PLE.firstrow))),0,IF(OFFSET(PLE!$G$14,$M147,AZ$13)=\"\",10^12,OFFSET(PLE!$G$14,$M147,AZ$13))))","v":1000000000000},{"$f":"IF($D147<>\"Serviço\",0,IF(OR(AND(AUTOEVENTO=\"Manual\",$M147=1),$M147>(ROW(PLE.lastrow)-ROW(PLE.firstrow))),0,IF(OFFSET(PLE!$G$14,$M147,BA$13)=\"\",10^12,OFFSET(PLE!$G$14,$M147,BA$13))))","v":1000000000000},{"$f":"IF($D147<>\"Serviço\",0,IF(OR(AND(AUTOEVENTO=\"Manual\",$M147=1),$M147>(ROW(PLE.lastrow)-ROW(PLE.firstrow))),0,IF(OFFSET(PLE!$G$14,$M147,BB$13)=\"\",10^12,OFFSET(PLE!$G$14,$M147,BB$13))))","v":1000000000000},{"$f":"IF($D147<>\"Serviço\",0,IF(OR(AND(AUTOEVENTO=\"Manual\",$M147=1),$M147>(ROW(PLE.lastrow)-ROW(PLE.firstrow))),0,IF(OFFSET(PLE!$G$14,$M147,BC$13)=\"\",10^12,OFFSET(PLE!$G$14,$M147,BC$13))))","v":1000000000000},{"$f":"IF($D147<>\"Serviço\",0,IF(OR(AND(AUTOEVENTO=\"Manual\",$M147=1),$M147>(ROW(PLE.lastrow)-ROW(PLE.firstrow))),0,IF(OFFSET(PLE!$G$14,$M147,BD$13)=\"\",10^12,OFFSET(PLE!$G$14,$M147,BD$13))))","v":1000000000000},{"$f":"IF($D147<>\"Serviço\",0,IF(OR(AND(AUTOEVENTO=\"Manual\",$M147=1),$M147>(ROW(PLE.lastrow)-ROW(PLE.firstrow))),0,IF(OFFSET(PLE!$G$14,$M147,BE$13)=\"\",10^12,OFFSET(PLE!$G$14,$M147,BE$13))))","v":1000000000000},{"$f":"IF($D147<>\"Serviço\",0,IF(OR(AND(AUTOEVENTO=\"Manual\",$M147=1),$M147>(ROW(PLE.lastrow)-ROW(PLE.firstrow))),0,IF(OFFSET(PLE!$G$14,$M147,BF$13)=\"\",10^12,OFFSET(PLE!$G$14,$M147,BF$13))))","v":1000000000000},{"$f":"IF($D147<>\"Serviço\",0,IF(OR(AND(AUTOEVENTO=\"Manual\",$M147=1),$M147>(ROW(PLE.lastrow)-ROW(PLE.firstrow))),0,IF(OFFSET(PLE!$G$14,$M147,BG$13)=\"\",10^12,OFFSET(PLE!$G$14,$M147,BG$13))))","v":1000000000000}]
[{"$f":"IF(AUTOEVENTO=\"Manual\",IF(K148<>\"\",MIN(VALUE(LEFT(K148,FIND(\".\",K148)-1)),COUNTA(EVENTOS.Lista)),0),IF(OR($B148>AUTOEVENTO,$B148=\"S\",$B148=0),SUBSTITUTE(OFFSET($A148,-1,0),IF($D148=\"Serviço\",\".\",\"\"),\"\"),ROW(A148)-ROW($A$15)&\".\"))","v":"127"},{"$f":"OFFSET(ORÇAMENTO!C$15,ROW(B148)-ROW(B$15),0)","v":"S"},{"$f":"OFFSET(ORÇAMENTO!L$15,ROW(C148)-ROW(C$15),0)","v":"F"},{"$f":"OFFSET(ORÇAMENTO!N$15,ROW(D148)-ROW(D$15),0)","v":"Serviço"},{"$f":"OFFSET(ORÇAMENTO!O$15,ROW(E148)-ROW(E$15),0)","v":"1.11.6."},{"$f":"OFFSET(ORÇAMENTO!R$15,ROW(F148)-ROW(F$15),0)","v":"FOGÃO ELÉTRICO 2 BOCAS - 2.000 W - 220 V"},{"$f":"IF($D148<>\"Serviço\",\"\",OFFSET(ORÇAMENTO!S$15,ROW(G148)-ROW(G$15),0))","v":"UN "},{"$f":"IF($D148<>\"Serviço\",0,IF(ACOMPANHAMENTO=\"BM\",ROUND(OFFSET(ORÇAMENTO!AJ$15,ROW(H148)-ROW(H$15),0),15-13*ORÇAMENTO!$AF$7),SUMPRODUCT(($Q$12:$AA$12<>\"\")*ROUND($Q148:$AA148,15-13*ORÇAMENTO!$AF$7))))","v":1},null,null,null,".",{"$f":"IF($D148<>\"Serviço\",\"\",IF(AUTOEVENTO=\"manual\",$A148,IF(ISERROR(MATCH($A148,$A$15:OFFSET($A148,-1,0),0)),MAX($M$15:OFFSET(M148,-1,0))+1,INDEX($M$15:OFFSET(M148,-1,0),MATCH($A148,$A$15:OFFSET($A148,-1,0),0)))))","v":12},{"$f":"IF($D148<>\"Serviço\",\"\",IF(AUTOEVENTO=\"Manual\",IF($A148=0,\"<-- defina o número do agrupador\",OFFSET(EVENTOS!$D$14,$A148,0)),OFFSET($F$15,$A148,0)))","v":"PREVENTIVO DE INCÊNDIO"},null,null,null,null,null,null,null,null,null,null,null,null,null,{"$f":"IF(AND($D148=\"Serviço\",AB$12<>0,$H148>0,OR(AUTOEVENTO<>\"manual\",$M148<>1)),ROUND(OFFSET($P148,0,AB$13),15-13*ORÇAMENTO!$AF$7)/$H148*OFFSET(ORÇAMENTO!$X$15,ROW(AB148)-ROW(AB$15),0),0)","v":0},{"$f":"IF(AND($D148=\"Serviço\",AC$12<>0,$H148>0,OR(AUTOEVENTO<>\"manual\",$M148<>1)),ROUND(OFFSET($P148,0,AC$13),15-13*ORÇAMENTO!$AF$7)/$H148*OFFSET(ORÇAMENTO!$X$15,ROW(AC148)-ROW(AC$15),0),0)","v":0},{"$f":"IF(AND($D148=\"Serviço\",AD$12<>0,$H148>0,OR(AUTOEVENTO<>\"manual\",$M148<>1)),ROUND(OFFSET($P148,0,AD$13),15-13*ORÇAMENTO!$AF$7)/$H148*OFFSET(ORÇAMENTO!$X$15,ROW(AD148)-ROW(AD$15),0),0)","v":0},{"$f":"IF(AND($D148=\"Serviço\",AE$12<>0,$H148>0,OR(AUTOEVENTO<>\"manual\",$M148<>1)),ROUND(OFFSET($P148,0,AE$13),15-13*ORÇAMENTO!$AF$7)/$H148*OFFSET(ORÇAMENTO!$X$15,ROW(AE148)-ROW(AE$15),0),0)","v":0},{"$f":"IF(AND($D148=\"Serviço\",AF$12<>0,$H148>0,OR(AUTOEVENTO<>\"manual\",$M148<>1)),ROUND(OFFSET($P148,0,AF$13),15-13*ORÇAMENTO!$AF$7)/$H148*OFFSET(ORÇAMENTO!$X$15,ROW(AF148)-ROW(AF$15),0),0)","v":0},{"$f":"IF(AND($D148=\"Serviço\",AG$12<>0,$H148>0,OR(AUTOEVENTO<>\"manual\",$M148<>1)),ROUND(OFFSET($P148,0,AG$13),15-13*ORÇAMENTO!$AF$7)/$H148*OFFSET(ORÇAMENTO!$X$15,ROW(AG148)-ROW(AG$15),0),0)","v":0},{"$f":"IF(AND($D148=\"Serviço\",AH$12<>0,$H148>0,OR(AUTOEVENTO<>\"manual\",$M148<>1)),ROUND(OFFSET($P148,0,AH$13),15-13*ORÇAMENTO!$AF$7)/$H148*OFFSET(ORÇAMENTO!$X$15,ROW(AH148)-ROW(AH$15),0),0)","v":0},{"$f":"IF(AND($D148=\"Serviço\",AI$12<>0,$H148>0,OR(AUTOEVENTO<>\"manual\",$M148<>1)),ROUND(OFFSET($P148,0,AI$13),15-13*ORÇAMENTO!$AF$7)/$H148*OFFSET(ORÇAMENTO!$X$15,ROW(AI148)-ROW(AI$15),0),0)","v":0},{"$f":"IF(AND($D148=\"Serviço\",AJ$12<>0,$H148>0,OR(AUTOEVENTO<>\"manual\",$M148<>1)),ROUND(OFFSET($P148,0,AJ$13),15-13*ORÇAMENTO!$AF$7)/$H148*OFFSET(ORÇAMENTO!$X$15,ROW(AJ148)-ROW(AJ$15),0),0)","v":0},{"$f":"IF(AND($D148=\"Serviço\",AK$12<>0,$H148>0,OR(AUTOEVENTO<>\"manual\",$M148<>1)),ROUND(OFFSET($P148,0,AK$13),15-13*ORÇAMENTO!$AF$7)/$H148*OFFSET(ORÇAMENTO!$X$15,ROW(AK148)-ROW(AK$15),0),0)","v":0},null,{"$f":"IF($D148<>\"Serviço\",0,IF(AND(AUTOEVENTO=\"Manual\",$M148=1),0,IF(OFFSET(CRONOPLE!$F$14,$M148,AM$13)=\"\",10^12,OFFSET(CRONOPLE!$F$14,$M148,AM$13))))","v":1000000000000},{"$f":"IF($D148<>\"Serviço\",0,IF(AND(AUTOEVENTO=\"Manual\",$M148=1),0,IF(OFFSET(CRONOPLE!$F$14,$M148,AN$13)=\"\",10^12,OFFSET(CRONOPLE!$F$14,$M148,AN$13))))","v":1000000000000},{"$f":"IF($D148<>\"Serviço\",0,IF(AND(AUTOEVENTO=\"Manual\",$M148=1),0,IF(OFFSET(CRONOPLE!$F$14,$M148,AO$13)=\"\",10^12,OFFSET(CRONOPLE!$F$14,$M148,AO$13))))","v":1000000000000},{"$f":"IF($D148<>\"Serviço\",0,IF(AND(AUTOEVENTO=\"Manual\",$M148=1),0,IF(OFFSET(CRONOPLE!$F$14,$M148,AP$13)=\"\",10^12,OFFSET(CRONOPLE!$F$14,$M148,AP$13))))","v":1000000000000},{"$f":"IF($D148<>\"Serviço\",0,IF(AND(AUTOEVENTO=\"Manual\",$M148=1),0,IF(OFFSET(CRONOPLE!$F$14,$M148,AQ$13)=\"\",10^12,OFFSET(CRONOPLE!$F$14,$M148,AQ$13))))","v":1000000000000},{"$f":"IF($D148<>\"Serviço\",0,IF(AND(AUTOEVENTO=\"Manual\",$M148=1),0,IF(OFFSET(CRONOPLE!$F$14,$M148,AR$13)=\"\",10^12,OFFSET(CRONOPLE!$F$14,$M148,AR$13))))","v":1000000000000},{"$f":"IF($D148<>\"Serviço\",0,IF(AND(AUTOEVENTO=\"Manual\",$M148=1),0,IF(OFFSET(CRONOPLE!$F$14,$M148,AS$13)=\"\",10^12,OFFSET(CRONOPLE!$F$14,$M148,AS$13))))","v":1000000000000},{"$f":"IF($D148<>\"Serviço\",0,IF(AND(AUTOEVENTO=\"Manual\",$M148=1),0,IF(OFFSET(CRONOPLE!$F$14,$M148,AT$13)=\"\",10^12,OFFSET(CRONOPLE!$F$14,$M148,AT$13))))","v":1000000000000},{"$f":"IF($D148<>\"Serviço\",0,IF(AND(AUTOEVENTO=\"Manual\",$M148=1),0,IF(OFFSET(CRONOPLE!$F$14,$M148,AU$13)=\"\",10^12,OFFSET(CRONOPLE!$F$14,$M148,AU$13))))","v":1000000000000},{"$f":"IF($D148<>\"Serviço\",0,IF(AND(AUTOEVENTO=\"Manual\",$M148=1),0,IF(OFFSET(CRONOPLE!$F$14,$M148,AV$13)=\"\",10^12,OFFSET(CRONOPLE!$F$14,$M148,AV$13))))","v":1000000000000},null,{"$f":"IF($D148<>\"Serviço\",0,IF(OR(AND(AUTOEVENTO=\"Manual\",$M148=1),$M148>(ROW(PLE.lastrow)-ROW(PLE.firstrow))),0,IF(OFFSET(PLE!$G$14,$M148,AX$13)=\"\",10^12,OFFSET(PLE!$G$14,$M148,AX$13))))","v":1000000000000},{"$f":"IF($D148<>\"Serviço\",0,IF(OR(AND(AUTOEVENTO=\"Manual\",$M148=1),$M148>(ROW(PLE.lastrow)-ROW(PLE.firstrow))),0,IF(OFFSET(PLE!$G$14,$M148,AY$13)=\"\",10^12,OFFSET(PLE!$G$14,$M148,AY$13))))","v":1000000000000},{"$f":"IF($D148<>\"Serviço\",0,IF(OR(AND(AUTOEVENTO=\"Manual\",$M148=1),$M148>(ROW(PLE.lastrow)-ROW(PLE.firstrow))),0,IF(OFFSET(PLE!$G$14,$M148,AZ$13)=\"\",10^12,OFFSET(PLE!$G$14,$M148,AZ$13))))","v":1000000000000},{"$f":"IF($D148<>\"Serviço\",0,IF(OR(AND(AUTOEVENTO=\"Manual\",$M148=1),$M148>(ROW(PLE.lastrow)-ROW(PLE.firstrow))),0,IF(OFFSET(PLE!$G$14,$M148,BA$13)=\"\",10^12,OFFSET(PLE!$G$14,$M148,BA$13))))","v":1000000000000},{"$f":"IF($D148<>\"Serviço\",0,IF(OR(AND(AUTOEVENTO=\"Manual\",$M148=1),$M148>(ROW(PLE.lastrow)-ROW(PLE.firstrow))),0,IF(OFFSET(PLE!$G$14,$M148,BB$13)=\"\",10^12,OFFSET(PLE!$G$14,$M148,BB$13))))","v":1000000000000},{"$f":"IF($D148<>\"Serviço\",0,IF(OR(AND(AUTOEVENTO=\"Manual\",$M148=1),$M148>(ROW(PLE.lastrow)-ROW(PLE.firstrow))),0,IF(OFFSET(PLE!$G$14,$M148,BC$13)=\"\",10^12,OFFSET(PLE!$G$14,$M148,BC$13))))","v":1000000000000},{"$f":"IF($D148<>\"Serviço\",0,IF(OR(AND(AUTOEVENTO=\"Manual\",$M148=1),$M148>(ROW(PLE.lastrow)-ROW(PLE.firstrow))),0,IF(OFFSET(PLE!$G$14,$M148,BD$13)=\"\",10^12,OFFSET(PLE!$G$14,$M148,BD$13))))","v":1000000000000},{"$f":"IF($D148<>\"Serviço\",0,IF(OR(AND(AUTOEVENTO=\"Manual\",$M148=1),$M148>(ROW(PLE.lastrow)-ROW(PLE.firstrow))),0,IF(OFFSET(PLE!$G$14,$M148,BE$13)=\"\",10^12,OFFSET(PLE!$G$14,$M148,BE$13))))","v":1000000000000},{"$f":"IF($D148<>\"Serviço\",0,IF(OR(AND(AUTOEVENTO=\"Manual\",$M148=1),$M148>(ROW(PLE.lastrow)-ROW(PLE.firstrow))),0,IF(OFFSET(PLE!$G$14,$M148,BF$13)=\"\",10^12,OFFSET(PLE!$G$14,$M148,BF$13))))","v":1000000000000},{"$f":"IF($D148<>\"Serviço\",0,IF(OR(AND(AUTOEVENTO=\"Manual\",$M148=1),$M148>(ROW(PLE.lastrow)-ROW(PLE.firstrow))),0,IF(OFFSET(PLE!$G$14,$M148,BG$13)=\"\",10^12,OFFSET(PLE!$G$14,$M148,BG$13))))","v":1000000000000}]
[{"$f":"IF(AUTOEVENTO=\"Manual\",IF(K149<>\"\",MIN(VALUE(LEFT(K149,FIND(\".\",K149)-1)),COUNTA(EVENTOS.Lista)),0),IF(OR($B149>AUTOEVENTO,$B149=\"S\",$B149=0),SUBSTITUTE(OFFSET($A149,-1,0),IF($D149=\"Serviço\",\".\",\"\"),\"\"),ROW(A149)-ROW($A$15)&\".\"))","v":"134."},{"$f":"OFFSET(ORÇAMENTO!C$15,ROW(B149)-ROW(B$15),0)","v":2},{"$f":"OFFSET(ORÇAMENTO!L$15,ROW(C149)-ROW(C$15),0)","v":"F"},{"$f":"OFFSET(ORÇAMENTO!N$15,ROW(D149)-ROW(D$15),0)","v":"Nível 2"},{"$f":"OFFSET(ORÇAMENTO!O$15,ROW(E149)-ROW(E$15),0)","v":"1.12."},{"$f":"OFFSET(ORÇAMENTO!R$15,ROW(F149)-ROW(F$15),0)","v":"CERCAMENTO"},{"$f":"IF($D149<>\"Serviço\",\"\",OFFSET(ORÇAMENTO!S$15,ROW(G149)-ROW(G$15),0))","v":""},{"$f":"IF($D149<>\"Serviço\",0,IF(ACOMPANHAMENTO=\"BM\",ROUND(OFFSET(ORÇAMENTO!AJ$15,ROW(H149)-ROW(H$15),0),15-13*ORÇAMENTO!$AF$7),SUMPRODUCT(($Q$12:$AA$12<>\"\")*ROUND($Q149:$AA149,15-13*ORÇAMENTO!$AF$7))))","v":0},null,null,null,".",{"$f":"IF($D149<>\"Serviço\",\"\",IF(AUTOEVENTO=\"manual\",$A149,IF(ISERROR(MATCH($A149,$A$15:OFFSET($A149,-1,0),0)),MAX($M$15:OFFSET(M149,-1,0))+1,INDEX($M$15:OFFSET(M149,-1,0),MATCH($A149,$A$15:OFFSET($A149,-1,0),0)))))","v":""},{"$f":"IF($D149<>\"Serviço\",\"\",IF(AUTOEVENTO=\"Manual\",IF($A149=0,\"<-- defina o número do agrupador\",OFFSET(EVENTOS!$D$14,$A149,0)),OFFSET($F$15,$A149,0)))","v":""},null,null,null,null,null,null,null,null,null,null,null,null,null,{"$f":"IF(AND($D149=\"Serviço\",AB$12<>0,$H149>0,OR(AUTOEVENTO<>\"manual\",$M149<>1)),ROUND(OFFSET($P149,0,AB$13),15-13*ORÇAMENTO!$AF$7)/$H149*OFFSET(ORÇAMENTO!$X$15,ROW(AB149)-ROW(AB$15),0),0)","v":0},{"$f":"IF(AND($D149=\"Serviço\",AC$12<>0,$H149>0,OR(AUTOEVENTO<>\"manual\",$M149<>1)),ROUND(OFFSET($P149,0,AC$13),15-13*ORÇAMENTO!$AF$7)/$H149*OFFSET(ORÇAMENTO!$X$15,ROW(AC149)-ROW(AC$15),0),0)","v":0},{"$f":"IF(AND($D149=\"Serviço\",AD$12<>0,$H149>0,OR(AUTOEVENTO<>\"manual\",$M149<>1)),ROUND(OFFSET($P149,0,AD$13),15-13*ORÇAMENTO!$AF$7)/$H149*OFFSET(ORÇAMENTO!$X$15,ROW(AD149)-ROW(AD$15),0),0)","v":0},{"$f":"IF(AND($D149=\"Serviço\",AE$12<>0,$H149>0,OR(AUTOEVENTO<>\"manual\",$M149<>1)),ROUND(OFFSET($P149,0,AE$13),15-13*ORÇAMENTO!$AF$7)/$H149*OFFSET(ORÇAMENTO!$X$15,ROW(AE149)-ROW(AE$15),0),0)","v":0},{"$f":"IF(AND($D149=\"Serviço\",AF$12<>0,$H149>0,OR(AUTOEVENTO<>\"manual\",$M149<>1)),ROUND(OFFSET($P149,0,AF$13),15-13*ORÇAMENTO!$AF$7)/$H149*OFFSET(ORÇAMENTO!$X$15,ROW(AF149)-ROW(AF$15),0),0)","v":0},{"$f":"IF(AND($D149=\"Serviço\",AG$12<>0,$H149>0,OR(AUTOEVENTO<>\"manual\",$M149<>1)),ROUND(OFFSET($P149,0,AG$13),15-13*ORÇAMENTO!$AF$7)/$H149*OFFSET(ORÇAMENTO!$X$15,ROW(AG149)-ROW(AG$15),0),0)","v":0},{"$f":"IF(AND($D149=\"Serviço\",AH$12<>0,$H149>0,OR(AUTOEVENTO<>\"manual\",$M149<>1)),ROUND(OFFSET($P149,0,AH$13),15-13*ORÇAMENTO!$AF$7)/$H149*OFFSET(ORÇAMENTO!$X$15,ROW(AH149)-ROW(AH$15),0),0)","v":0},{"$f":"IF(AND($D149=\"Serviço\",AI$12<>0,$H149>0,OR(AUTOEVENTO<>\"manual\",$M149<>1)),ROUND(OFFSET($P149,0,AI$13),15-13*ORÇAMENTO!$AF$7)/$H149*OFFSET(ORÇAMENTO!$X$15,ROW(AI149)-ROW(AI$15),0),0)","v":0},{"$f":"IF(AND($D149=\"Serviço\",AJ$12<>0,$H149>0,OR(AUTOEVENTO<>\"manual\",$M149<>1)),ROUND(OFFSET($P149,0,AJ$13),15-13*ORÇAMENTO!$AF$7)/$H149*OFFSET(ORÇAMENTO!$X$15,ROW(AJ149)-ROW(AJ$15),0),0)","v":0},{"$f":"IF(AND($D149=\"Serviço\",AK$12<>0,$H149>0,OR(AUTOEVENTO<>\"manual\",$M149<>1)),ROUND(OFFSET($P149,0,AK$13),15-13*ORÇAMENTO!$AF$7)/$H149*OFFSET(ORÇAMENTO!$X$15,ROW(AK149)-ROW(AK$15),0),0)","v":0},null,{"$f":"IF($D149<>\"Serviço\",0,IF(AND(AUTOEVENTO=\"Manual\",$M149=1),0,IF(OFFSET(CRONOPLE!$F$14,$M149,AM$13)=\"\",10^12,OFFSET(CRONOPLE!$F$14,$M149,AM$13))))","v":0},{"$f":"IF($D149<>\"Serviço\",0,IF(AND(AUTOEVENTO=\"Manual\",$M149=1),0,IF(OFFSET(CRONOPLE!$F$14,$M149,AN$13)=\"\",10^12,OFFSET(CRONOPLE!$F$14,$M149,AN$13))))","v":0},{"$f":"IF($D149<>\"Serviço\",0,IF(AND(AUTOEVENTO=\"Manual\",$M149=1),0,IF(OFFSET(CRONOPLE!$F$14,$M149,AO$13)=\"\",10^12,OFFSET(CRONOPLE!$F$14,$M149,AO$13))))","v":0},{"$f":"IF($D149<>\"Serviço\",0,IF(AND(AUTOEVENTO=\"Manual\",$M149=1),0,IF(OFFSET(CRONOPLE!$F$14,$M149,AP$13)=\"\",10^12,OFFSET(CRONOPLE!$F$14,$M149,AP$13))))","v":0},{"$f":"IF($D149<>\"Serviço\",0,IF(AND(AUTOEVENTO=\"Manual\",$M149=1),0,IF(OFFSET(CRONOPLE!$F$14,$M149,AQ$13)=\"\",10^12,OFFSET(CRONOPLE!$F$14,$M149,AQ$13))))","v":0},{"$f":"IF($D149<>\"Serviço\",0,IF(AND(AUTOEVENTO=\"Manual\",$M149=1),0,IF(OFFSET(CRONOPLE!$F$14,$M149,AR$13)=\"\",10^12,OFFSET(CRONOPLE!$F$14,$M149,AR$13))))","v":0},{"$f":"IF($D149<>\"Serviço\",0,IF(AND(AUTOEVENTO=\"Manual\",$M149=1),0,IF(OFFSET(CRONOPLE!$F$14,$M149,AS$13)=\"\",10^12,OFFSET(CRONOPLE!$F$14,$M149,AS$13))))","v":0},{"$f":"IF($D149<>\"Serviço\",0,IF(AND(AUTOEVENTO=\"Manual\",$M149=1),0,IF(OFFSET(CRONOPLE!$F$14,$M149,AT$13)=\"\",10^12,OFFSET(CRONOPLE!$F$14,$M149,AT$13))))","v":0},{"$f":"IF($D149<>\"Serviço\",0,IF(AND(AUTOEVENTO=\"Manual\",$M149=1),0,IF(OFFSET(CRONOPLE!$F$14,$M149,AU$13)=\"\",10^12,OFFSET(CRONOPLE!$F$14,$M149,AU$13))))","v":0},{"$f":"IF($D149<>\"Serviço\",0,IF(AND(AUTOEVENTO=\"Manual\",$M149=1),0,IF(OFFSET(CRONOPLE!$F$14,$M149,AV$13)=\"\",10^12,OFFSET(CRONOPLE!$F$14,$M149,AV$13))))","v":0},null,{"$f":"IF($D149<>\"Serviço\",0,IF(OR(AND(AUTOEVENTO=\"Manual\",$M149=1),$M149>(ROW(PLE.lastrow)-ROW(PLE.firstrow))),0,IF(OFFSET(PLE!$G$14,$M149,AX$13)=\"\",10^12,OFFSET(PLE!$G$14,$M149,AX$13))))","v":0},{"$f":"IF($D149<>\"Serviço\",0,IF(OR(AND(AUTOEVENTO=\"Manual\",$M149=1),$M149>(ROW(PLE.lastrow)-ROW(PLE.firstrow))),0,IF(OFFSET(PLE!$G$14,$M149,AY$13)=\"\",10^12,OFFSET(PLE!$G$14,$M149,AY$13))))","v":0},{"$f":"IF($D149<>\"Serviço\",0,IF(OR(AND(AUTOEVENTO=\"Manual\",$M149=1),$M149>(ROW(PLE.lastrow)-ROW(PLE.firstrow))),0,IF(OFFSET(PLE!$G$14,$M149,AZ$13)=\"\",10^12,OFFSET(PLE!$G$14,$M149,AZ$13))))","v":0},{"$f":"IF($D149<>\"Serviço\",0,IF(OR(AND(AUTOEVENTO=\"Manual\",$M149=1),$M149>(ROW(PLE.lastrow)-ROW(PLE.firstrow))),0,IF(OFFSET(PLE!$G$14,$M149,BA$13)=\"\",10^12,OFFSET(PLE!$G$14,$M149,BA$13))))","v":0},{"$f":"IF($D149<>\"Serviço\",0,IF(OR(AND(AUTOEVENTO=\"Manual\",$M149=1),$M149>(ROW(PLE.lastrow)-ROW(PLE.firstrow))),0,IF(OFFSET(PLE!$G$14,$M149,BB$13)=\"\",10^12,OFFSET(PLE!$G$14,$M149,BB$13))))","v":0},{"$f":"IF($D149<>\"Serviço\",0,IF(OR(AND(AUTOEVENTO=\"Manual\",$M149=1),$M149>(ROW(PLE.lastrow)-ROW(PLE.firstrow))),0,IF(OFFSET(PLE!$G$14,$M149,BC$13)=\"\",10^12,OFFSET(PLE!$G$14,$M149,BC$13))))","v":0},{"$f":"IF($D149<>\"Serviço\",0,IF(OR(AND(AUTOEVENTO=\"Manual\",$M149=1),$M149>(ROW(PLE.lastrow)-ROW(PLE.firstrow))),0,IF(OFFSET(PLE!$G$14,$M149,BD$13)=\"\",10^12,OFFSET(PLE!$G$14,$M149,BD$13))))","v":0},{"$f":"IF($D149<>\"Serviço\",0,IF(OR(AND(AUTOEVENTO=\"Manual\",$M149=1),$M149>(ROW(PLE.lastrow)-ROW(PLE.firstrow))),0,IF(OFFSET(PLE!$G$14,$M149,BE$13)=\"\",10^12,OFFSET(PLE!$G$14,$M149,BE$13))))","v":0},{"$f":"IF($D149<>\"Serviço\",0,IF(OR(AND(AUTOEVENTO=\"Manual\",$M149=1),$M149>(ROW(PLE.lastrow)-ROW(PLE.firstrow))),0,IF(OFFSET(PLE!$G$14,$M149,BF$13)=\"\",10^12,OFFSET(PLE!$G$14,$M149,BF$13))))","v":0},{"$f":"IF($D149<>\"Serviço\",0,IF(OR(AND(AUTOEVENTO=\"Manual\",$M149=1),$M149>(ROW(PLE.lastrow)-ROW(PLE.firstrow))),0,IF(OFFSET(PLE!$G$14,$M149,BG$13)=\"\",10^12,OFFSET(PLE!$G$14,$M149,BG$13))))","v":0}]
[{"$f":"IF(AUTOEVENTO=\"Manual\",IF(K150<>\"\",MIN(VALUE(LEFT(K150,FIND(\".\",K150)-1)),COUNTA(EVENTOS.Lista)),0),IF(OR($B150>AUTOEVENTO,$B150=\"S\",$B150=0),SUBSTITUTE(OFFSET($A150,-1,0),IF($D150=\"Serviço\",\".\",\"\"),\"\"),ROW(A150)-ROW($A$15)&\".\"))","v":"134"},{"$f":"OFFSET(ORÇAMENTO!C$15,ROW(B150)-ROW(B$15),0)","v":"S"},{"$f":"OFFSET(ORÇAMENTO!L$15,ROW(C150)-ROW(C$15),0)","v":"F"},{"$f":"OFFSET(ORÇAMENTO!N$15,ROW(D150)-ROW(D$15),0)","v":"Serviço"},{"$f":"OFFSET(ORÇAMENTO!O$15,ROW(E150)-ROW(E$15),0)","v":"1.12.1."},{"$f":"OFFSET(ORÇAMENTO!R$15,ROW(F150)-ROW(F$15),0)","v":"ALAMBRADO COM MOUROES EM CONCRETO, CHUMBADOS EM CONCRETO, MURETA EM BLOCOS COM CINTA DE AMARRAÇÃO, ACABAMENTO COM CHAPISCO,  EMBOCO E PINTURA (H=0,50M) E TELA EM ARAME GALVANIZADO H=1,50M, FIXADA COM ARAME INCLUSO ESTICADORES"},{"$f":"IF($D150<>\"Serviço\",\"\",OFFSET(ORÇAMENTO!S$15,ROW(G150)-ROW(G$15),0))","v":"M"},{"$f":"IF($D150<>\"Serviço\",0,IF(ACOMPANHAMENTO=\"BM\",ROUND(OFFSET(ORÇAMENTO!AJ$15,ROW(H150)-ROW(H$15),0),15-13*ORÇAMENTO!$AF$7),SUMPRODUCT(($Q$12:$AA$12<>\"\")*ROUND($Q150:$AA150,15-13*ORÇAMENTO!$AF$7))))","v":339.36},null,null,null,".",{"$f":"IF($D150<>\"Serviço\",\"\",IF(AUTOEVENTO=\"manual\",$A150,IF(ISERROR(MATCH($A150,$A$15:OFFSET($A150,-1,0),0)),MAX($M$15:OFFSET(M150,-1,0))+1,INDEX($M$15:OFFSET(M150,-1,0),MATCH($A150,$A$15:OFFSET($A150,-1,0),0)))))","v":13},{"$f":"IF($D150<>\"Serviço\",\"\",IF(AUTOEVENTO=\"Manual\",IF($A150=0,\"<-- defina o número do agrupador\",OFFSET(EVENTOS!$D$14,$A150,0)),OFFSET($F$15,$A150,0)))","v":"CERCAMENTO"},null,null,null,null,null,null,null,null,null,null,null,null,null,{"$f":"IF(AND($D150=\"Serviço\",AB$12<>0,$H150>0,OR(AUTOEVENTO<>\"manual\",$M150<>1)),ROUND(OFFSET($P150,0,AB$13),15-13*ORÇAMENTO!$AF$7)/$H150*OFFSET(ORÇAMENTO!$X$15,ROW(AB150)-ROW(AB$15),0),0)","v":0},{"$f":"IF(AND($D150=\"Serviço\",AC$12<>0,$H150>0,OR(AUTOEVENTO<>\"manual\",$M150<>1)),ROUND(OFFSET($P150,0,AC$13),15-13*ORÇAMENTO!$AF$7)/$H150*OFFSET(ORÇAMENTO!$X$15,ROW(AC150)-ROW(AC$15),0),0)","v":0},{"$f":"IF(AND($D150=\"Serviço\",AD$12<>0,$H150>0,OR(AUTOEVENTO<>\"manual\",$M150<>1)),ROUND(OFFSET($P150,0,AD$13),15-13*ORÇAMENTO!$AF$7)/$H150*OFFSET(ORÇAMENTO!$X$15,ROW(AD150)-ROW(AD$15),0),0)","v":0},{"$f":"IF(AND($D150=\"Serviço\",AE$12<>0,$H150>0,OR(AUTOEVENTO<>\"manual\",$M150<>1)),ROUND(OFFSET($P150,0,AE$13),15-13*ORÇAMENTO!$AF$7)/$H150*OFFSET(ORÇAMENTO!$X$15,ROW(AE150)-ROW(AE$15),0),0)","v":0},{"$f":"IF(AND($D150=\"Serviço\",AF$12<>0,$H150>0,OR(AUTOEVENTO<>\"manual\",$M150<>1)),ROUND(OFFSET($P150,0,AF$13),15-13*ORÇAMENTO!$AF$7)/$H150*OFFSET(ORÇAMENTO!$X$15,ROW(AF150)-ROW(AF$15),0),0)","v":0},{"$f":"IF(AND($D150=\"Serviço\",AG$12<>0,$H150>0,OR(AUTOEVENTO<>\"manual\",$M150<>1)),ROUND(OFFSET($P150,0,AG$13),15-13*ORÇAMENTO!$AF$7)/$H150*OFFSET(ORÇAMENTO!$X$15,ROW(AG150)-ROW(AG$15),0),0)","v":0},{"$f":"IF(AND($D150=\"Serviço\",AH$12<>0,$H150>0,OR(AUTOEVENTO<>\"manual\",$M150<>1)),ROUND(OFFSET($P150,0,AH$13),15-13*ORÇAMENTO!$AF$7)/$H150*OFFSET(ORÇAMENTO!$X$15,ROW(AH150)-ROW(AH$15),0),0)","v":0},{"$f":"IF(AND($D150=\"Serviço\",AI$12<>0,$H150>0,OR(AUTOEVENTO<>\"manual\",$M150<>1)),ROUND(OFFSET($P150,0,AI$13),15-13*ORÇAMENTO!$AF$7)/$H150*OFFSET(ORÇAMENTO!$X$15,ROW(AI150)-ROW(AI$15),0),0)","v":0},{"$f":"IF(AND($D150=\"Serviço\",AJ$12<>0,$H150>0,OR(AUTOEVENTO<>\"manual\",$M150<>1)),ROUND(OFFSET($P150,0,AJ$13),15-13*ORÇAMENTO!$AF$7)/$H150*OFFSET(ORÇAMENTO!$X$15,ROW(AJ150)-ROW(AJ$15),0),0)","v":0},{"$f":"IF(AND($D150=\"Serviço\",AK$12<>0,$H150>0,OR(AUTOEVENTO<>\"manual\",$M150<>1)),ROUND(OFFSET($P150,0,AK$13),15-13*ORÇAMENTO!$AF$7)/$H150*OFFSET(ORÇAMENTO!$X$15,ROW(AK150)-ROW(AK$15),0),0)","v":0},null,{"$f":"IF($D150<>\"Serviço\",0,IF(AND(AUTOEVENTO=\"Manual\",$M150=1),0,IF(OFFSET(CRONOPLE!$F$14,$M150,AM$13)=\"\",10^12,OFFSET(CRONOPLE!$F$14,$M150,AM$13))))","v":1000000000000},{"$f":"IF($D150<>\"Serviço\",0,IF(AND(AUTOEVENTO=\"Manual\",$M150=1),0,IF(OFFSET(CRONOPLE!$F$14,$M150,AN$13)=\"\",10^12,OFFSET(CRONOPLE!$F$14,$M150,AN$13))))","v":1000000000000},{"$f":"IF($D150<>\"Serviço\",0,IF(AND(AUTOEVENTO=\"Manual\",$M150=1),0,IF(OFFSET(CRONOPLE!$F$14,$M150,AO$13)=\"\",10^12,OFFSET(CRONOPLE!$F$14,$M150,AO$13))))","v":1000000000000},{"$f":"IF($D150<>\"Serviço\",0,IF(AND(AUTOEVENTO=\"Manual\",$M150=1),0,IF(OFFSET(CRONOPLE!$F$14,$M150,AP$13)=\"\",10^12,OFFSET(CRONOPLE!$F$14,$M150,AP$13))))","v":1000000000000},{"$f":"IF($D150<>\"Serviço\",0,IF(AND(AUTOEVENTO=\"Manual\",$M150=1),0,IF(OFFSET(CRONOPLE!$F$14,$M150,AQ$13)=\"\",10^12,OFFSET(CRONOPLE!$F$14,$M150,AQ$13))))","v":1000000000000},{"$f":"IF($D150<>\"Serviço\",0,IF(AND(AUTOEVENTO=\"Manual\",$M150=1),0,IF(OFFSET(CRONOPLE!$F$14,$M150,AR$13)=\"\",10^12,OFFSET(CRONOPLE!$F$14,$M150,AR$13))))","v":1000000000000},{"$f":"IF($D150<>\"Serviço\",0,IF(AND(AUTOEVENTO=\"Manual\",$M150=1),0,IF(OFFSET(CRONOPLE!$F$14,$M150,AS$13)=\"\",10^12,OFFSET(CRONOPLE!$F$14,$M150,AS$13))))","v":1000000000000},{"$f":"IF($D150<>\"Serviço\",0,IF(AND(AUTOEVENTO=\"Manual\",$M150=1),0,IF(OFFSET(CRONOPLE!$F$14,$M150,AT$13)=\"\",10^12,OFFSET(CRONOPLE!$F$14,$M150,AT$13))))","v":1000000000000},{"$f":"IF($D150<>\"Serviço\",0,IF(AND(AUTOEVENTO=\"Manual\",$M150=1),0,IF(OFFSET(CRONOPLE!$F$14,$M150,AU$13)=\"\",10^12,OFFSET(CRONOPLE!$F$14,$M150,AU$13))))","v":1000000000000},{"$f":"IF($D150<>\"Serviço\",0,IF(AND(AUTOEVENTO=\"Manual\",$M150=1),0,IF(OFFSET(CRONOPLE!$F$14,$M150,AV$13)=\"\",10^12,OFFSET(CRONOPLE!$F$14,$M150,AV$13))))","v":1000000000000},null,{"$f":"IF($D150<>\"Serviço\",0,IF(OR(AND(AUTOEVENTO=\"Manual\",$M150=1),$M150>(ROW(PLE.lastrow)-ROW(PLE.firstrow))),0,IF(OFFSET(PLE!$G$14,$M150,AX$13)=\"\",10^12,OFFSET(PLE!$G$14,$M150,AX$13))))","v":1000000000000},{"$f":"IF($D150<>\"Serviço\",0,IF(OR(AND(AUTOEVENTO=\"Manual\",$M150=1),$M150>(ROW(PLE.lastrow)-ROW(PLE.firstrow))),0,IF(OFFSET(PLE!$G$14,$M150,AY$13)=\"\",10^12,OFFSET(PLE!$G$14,$M150,AY$13))))","v":1000000000000},{"$f":"IF($D150<>\"Serviço\",0,IF(OR(AND(AUTOEVENTO=\"Manual\",$M150=1),$M150>(ROW(PLE.lastrow)-ROW(PLE.firstrow))),0,IF(OFFSET(PLE!$G$14,$M150,AZ$13)=\"\",10^12,OFFSET(PLE!$G$14,$M150,AZ$13))))","v":1000000000000},{"$f":"IF($D150<>\"Serviço\",0,IF(OR(AND(AUTOEVENTO=\"Manual\",$M150=1),$M150>(ROW(PLE.lastrow)-ROW(PLE.firstrow))),0,IF(OFFSET(PLE!$G$14,$M150,BA$13)=\"\",10^12,OFFSET(PLE!$G$14,$M150,BA$13))))","v":1000000000000},{"$f":"IF($D150<>\"Serviço\",0,IF(OR(AND(AUTOEVENTO=\"Manual\",$M150=1),$M150>(ROW(PLE.lastrow)-ROW(PLE.firstrow))),0,IF(OFFSET(PLE!$G$14,$M150,BB$13)=\"\",10^12,OFFSET(PLE!$G$14,$M150,BB$13))))","v":1000000000000},{"$f":"IF($D150<>\"Serviço\",0,IF(OR(AND(AUTOEVENTO=\"Manual\",$M150=1),$M150>(ROW(PLE.lastrow)-ROW(PLE.firstrow))),0,IF(OFFSET(PLE!$G$14,$M150,BC$13)=\"\",10^12,OFFSET(PLE!$G$14,$M150,BC$13))))","v":1000000000000},{"$f":"IF($D150<>\"Serviço\",0,IF(OR(AND(AUTOEVENTO=\"Manual\",$M150=1),$M150>(ROW(PLE.lastrow)-ROW(PLE.firstrow))),0,IF(OFFSET(PLE!$G$14,$M150,BD$13)=\"\",10^12,OFFSET(PLE!$G$14,$M150,BD$13))))","v":1000000000000},{"$f":"IF($D150<>\"Serviço\",0,IF(OR(AND(AUTOEVENTO=\"Manual\",$M150=1),$M150>(ROW(PLE.lastrow)-ROW(PLE.firstrow))),0,IF(OFFSET(PLE!$G$14,$M150,BE$13)=\"\",10^12,OFFSET(PLE!$G$14,$M150,BE$13))))","v":1000000000000},{"$f":"IF($D150<>\"Serviço\",0,IF(OR(AND(AUTOEVENTO=\"Manual\",$M150=1),$M150>(ROW(PLE.lastrow)-ROW(PLE.firstrow))),0,IF(OFFSET(PLE!$G$14,$M150,BF$13)=\"\",10^12,OFFSET(PLE!$G$14,$M150,BF$13))))","v":1000000000000},{"$f":"IF($D150<>\"Serviço\",0,IF(OR(AND(AUTOEVENTO=\"Manual\",$M150=1),$M150>(ROW(PLE.lastrow)-ROW(PLE.firstrow))),0,IF(OFFSET(PLE!$G$14,$M150,BG$13)=\"\",10^12,OFFSET(PLE!$G$14,$M150,BG$13))))","v":1000000000000}]
[{"$f":"IF(AUTOEVENTO=\"Manual\",IF(K151<>\"\",MIN(VALUE(LEFT(K151,FIND(\".\",K151)-1)),COUNTA(EVENTOS.Lista)),0),IF(OR($B151>AUTOEVENTO,$B151=\"S\",$B151=0),SUBSTITUTE(OFFSET($A151,-1,0),IF($D151=\"Serviço\",\".\",\"\"),\"\"),ROW(A151)-ROW($A$15)&\".\"))","v":"134"},{"$f":"OFFSET(ORÇAMENTO!C$15,ROW(B151)-ROW(B$15),0)","v":"S"},{"$f":"OFFSET(ORÇAMENTO!L$15,ROW(C151)-ROW(C$15),0)","v":"F"},{"$f":"OFFSET(ORÇAMENTO!N$15,ROW(D151)-ROW(D$15),0)","v":"Serviço"},{"$f":"OFFSET(ORÇAMENTO!O$15,ROW(E151)-ROW(E$15),0)","v":"1.12.2."},{"$f":"OFFSET(ORÇAMENTO!R$15,ROW(F151)-ROW(F$15),0)","v":"PORTAO DE CORRER EM GRADIL FIXO DE BARRA DE FERRO CHATA DE 3 X 1/4\" NA VERTICAL, ACABAMENTO NATURAL, COM TRILHOS E ROLDANAS"},{"$f":"IF($D151<>\"Serviço\",\"\",OFFSET(ORÇAMENTO!S$15,ROW(G151)-ROW(G$15),0))","v":"M2    "},{"$f":"IF($D151<>\"Serviço\",0,IF(ACOMPANHAMENTO=\"BM\",ROUND(OFFSET(ORÇAMENTO!AJ$15,ROW(H151)-ROW(H$15),0),15-13*ORÇAMENTO!$AF$7),SUMPRODUCT(($Q$12:$AA$12<>\"\")*ROUND($Q151:$AA151,15-13*ORÇAMENTO!$AF$7))))","v":10},null,null,null,".",{"$f":"IF($D151<>\"Serviço\",\"\",IF(AUTOEVENTO=\"manual\",$A151,IF(ISERROR(MATCH($A151,$A$15:OFFSET($A151,-1,0),0)),MAX($M$15:OFFSET(M151,-1,0))+1,INDEX($M$15:OFFSET(M151,-1,0),MATCH($A151,$A$15:OFFSET($A151,-1,0),0)))))","v":13},{"$f":"IF($D151<>\"Serviço\",\"\",IF(AUTOEVENTO=\"Manual\",IF($A151=0,\"<-- defina o número do agrupador\",OFFSET(EVENTOS!$D$14,$A151,0)),OFFSET($F$15,$A151,0)))","v":"CERCAMENTO"},null,null,null,null,null,null,null,null,null,null,null,null,null,{"$f":"IF(AND($D151=\"Serviço\",AB$12<>0,$H151>0,OR(AUTOEVENTO<>\"manual\",$M151<>1)),ROUND(OFFSET($P151,0,AB$13),15-13*ORÇAMENTO!$AF$7)/$H151*OFFSET(ORÇAMENTO!$X$15,ROW(AB151)-ROW(AB$15),0),0)","v":0},{"$f":"IF(AND($D151=\"Serviço\",AC$12<>0,$H151>0,OR(AUTOEVENTO<>\"manual\",$M151<>1)),ROUND(OFFSET($P151,0,AC$13),15-13*ORÇAMENTO!$AF$7)/$H151*OFFSET(ORÇAMENTO!$X$15,ROW(AC151)-ROW(AC$15),0),0)","v":0},{"$f":"IF(AND($D151=\"Serviço\",AD$12<>0,$H151>0,OR(AUTOEVENTO<>\"manual\",$M151<>1)),ROUND(OFFSET($P151,0,AD$13),15-13*ORÇAMENTO!$AF$7)/$H151*OFFSET(ORÇAMENTO!$X$15,ROW(AD151)-ROW(AD$15),0),0)","v":0},{"$f":"IF(AND($D151=\"Serviço\",AE$12<>0,$H151>0,OR(AUTOEVENTO<>\"manual\",$M151<>1)),ROUND(OFFSET($P151,0,AE$13),15-13*ORÇAMENTO!$AF$7)/$H151*OFFSET(ORÇAMENTO!$X$15,ROW(AE151)-ROW(AE$15),0),0)","v":0},{"$f":"IF(AND($D151=\"Serviço\",AF$12<>0,$H151>0,OR(AUTOEVENTO<>\"manual\",$M151<>1)),ROUND(OFFSET($P151,0,AF$13),15-13*ORÇAMENTO!$AF$7)/$H151*OFFSET(ORÇAMENTO!$X$15,ROW(AF151)-ROW(AF$15),0),0)","v":0},{"$f":"IF(AND($D151=\"Serviço\",AG$12<>0,$H151>0,OR(AUTOEVENTO<>\"manual\",$M151<>1)),ROUND(OFFSET($P151,0,AG$13),15-13*ORÇAMENTO!$AF$7)/$H151*OFFSET(ORÇAMENTO!$X$15,ROW(AG151)-ROW(AG$15),0),0)","v":0},{"$f":"IF(AND($D151=\"Serviço\",AH$12<>0,$H151>0,OR(AUTOEVENTO<>\"manual\",$M151<>1)),ROUND(OFFSET($P151,0,AH$13),15-13*ORÇAMENTO!$AF$7)/$H151*OFFSET(ORÇAMENTO!$X$15,ROW(AH151)-ROW(AH$15),0),0)","v":0},{"$f":"IF(AND($D151=\"Serviço\",AI$12<>0,$H151>0,OR(AUTOEVENTO<>\"manual\",$M151<>1)),ROUND(OFFSET($P151,0,AI$13),15-13*ORÇAMENTO!$AF$7)/$H151*OFFSET(ORÇAMENTO!$X$15,ROW(AI151)-ROW(AI$15),0),0)","v":0},{"$f":"IF(AND($D151=\"Serviço\",AJ$12<>0,$H151>0,OR(AUTOEVENTO<>\"manual\",$M151<>1)),ROUND(OFFSET($P151,0,AJ$13),15-13*ORÇAMENTO!$AF$7)/$H151*OFFSET(ORÇAMENTO!$X$15,ROW(AJ151)-ROW(AJ$15),0),0)","v":0},{"$f":"IF(AND($D151=\"Serviço\",AK$12<>0,$H151>0,OR(AUTOEVENTO<>\"manual\",$M151<>1)),ROUND(OFFSET($P151,0,AK$13),15-13*ORÇAMENTO!$AF$7)/$H151*OFFSET(ORÇAMENTO!$X$15,ROW(AK151)-ROW(AK$15),0),0)","v":0},null,{"$f":"IF($D151<>\"Serviço\",0,IF(AND(AUTOEVENTO=\"Manual\",$M151=1),0,IF(OFFSET(CRONOPLE!$F$14,$M151,AM$13)=\"\",10^12,OFFSET(CRONOPLE!$F$14,$M151,AM$13))))","v":1000000000000},{"$f":"IF($D151<>\"Serviço\",0,IF(AND(AUTOEVENTO=\"Manual\",$M151=1),0,IF(OFFSET(CRONOPLE!$F$14,$M151,AN$13)=\"\",10^12,OFFSET(CRONOPLE!$F$14,$M151,AN$13))))","v":1000000000000},{"$f":"IF($D151<>\"Serviço\",0,IF(AND(AUTOEVENTO=\"Manual\",$M151=1),0,IF(OFFSET(CRONOPLE!$F$14,$M151,AO$13)=\"\",10^12,OFFSET(CRONOPLE!$F$14,$M151,AO$13))))","v":1000000000000},{"$f":"IF($D151<>\"Serviço\",0,IF(AND(AUTOEVENTO=\"Manual\",$M151=1),0,IF(OFFSET(CRONOPLE!$F$14,$M151,AP$13)=\"\",10^12,OFFSET(CRONOPLE!$F$14,$M151,AP$13))))","v":1000000000000},{"$f":"IF($D151<>\"Serviço\",0,IF(AND(AUTOEVENTO=\"Manual\",$M151=1),0,IF(OFFSET(CRONOPLE!$F$14,$M151,AQ$13)=\"\",10^12,OFFSET(CRONOPLE!$F$14,$M151,AQ$13))))","v":1000000000000},{"$f":"IF($D151<>\"Serviço\",0,IF(AND(AUTOEVENTO=\"Manual\",$M151=1),0,IF(OFFSET(CRONOPLE!$F$14,$M151,AR$13)=\"\",10^12,OFFSET(CRONOPLE!$F$14,$M151,AR$13))))","v":1000000000000},{"$f":"IF($D151<>\"Serviço\",0,IF(AND(AUTOEVENTO=\"Manual\",$M151=1),0,IF(OFFSET(CRONOPLE!$F$14,$M151,AS$13)=\"\",10^12,OFFSET(CRONOPLE!$F$14,$M151,AS$13))))","v":1000000000000},{"$f":"IF($D151<>\"Serviço\",0,IF(AND(AUTOEVENTO=\"Manual\",$M151=1),0,IF(OFFSET(CRONOPLE!$F$14,$M151,AT$13)=\"\",10^12,OFFSET(CRONOPLE!$F$14,$M151,AT$13))))","v":1000000000000},{"$f":"IF($D151<>\"Serviço\",0,IF(AND(AUTOEVENTO=\"Manual\",$M151=1),0,IF(OFFSET(CRONOPLE!$F$14,$M151,AU$13)=\"\",10^12,OFFSET(CRONOPLE!$F$14,$M151,AU$13))))","v":1000000000000},{"$f":"IF($D151<>\"Serviço\",0,IF(AND(AUTOEVENTO=\"Manual\",$M151=1),0,IF(OFFSET(CRONOPLE!$F$14,$M151,AV$13)=\"\",10^12,OFFSET(CRONOPLE!$F$14,$M151,AV$13))))","v":1000000000000},null,{"$f":"IF($D151<>\"Serviço\",0,IF(OR(AND(AUTOEVENTO=\"Manual\",$M151=1),$M151>(ROW(PLE.lastrow)-ROW(PLE.firstrow))),0,IF(OFFSET(PLE!$G$14,$M151,AX$13)=\"\",10^12,OFFSET(PLE!$G$14,$M151,AX$13))))","v":1000000000000},{"$f":"IF($D151<>\"Serviço\",0,IF(OR(AND(AUTOEVENTO=\"Manual\",$M151=1),$M151>(ROW(PLE.lastrow)-ROW(PLE.firstrow))),0,IF(OFFSET(PLE!$G$14,$M151,AY$13)=\"\",10^12,OFFSET(PLE!$G$14,$M151,AY$13))))","v":1000000000000},{"$f":"IF($D151<>\"Serviço\",0,IF(OR(AND(AUTOEVENTO=\"Manual\",$M151=1),$M151>(ROW(PLE.lastrow)-ROW(PLE.firstrow))),0,IF(OFFSET(PLE!$G$14,$M151,AZ$13)=\"\",10^12,OFFSET(PLE!$G$14,$M151,AZ$13))))","v":1000000000000},{"$f":"IF($D151<>\"Serviço\",0,IF(OR(AND(AUTOEVENTO=\"Manual\",$M151=1),$M151>(ROW(PLE.lastrow)-ROW(PLE.firstrow))),0,IF(OFFSET(PLE!$G$14,$M151,BA$13)=\"\",10^12,OFFSET(PLE!$G$14,$M151,BA$13))))","v":1000000000000},{"$f":"IF($D151<>\"Serviço\",0,IF(OR(AND(AUTOEVENTO=\"Manual\",$M151=1),$M151>(ROW(PLE.lastrow)-ROW(PLE.firstrow))),0,IF(OFFSET(PLE!$G$14,$M151,BB$13)=\"\",10^12,OFFSET(PLE!$G$14,$M151,BB$13))))","v":1000000000000},{"$f":"IF($D151<>\"Serviço\",0,IF(OR(AND(AUTOEVENTO=\"Manual\",$M151=1),$M151>(ROW(PLE.lastrow)-ROW(PLE.firstrow))),0,IF(OFFSET(PLE!$G$14,$M151,BC$13)=\"\",10^12,OFFSET(PLE!$G$14,$M151,BC$13))))","v":1000000000000},{"$f":"IF($D151<>\"Serviço\",0,IF(OR(AND(AUTOEVENTO=\"Manual\",$M151=1),$M151>(ROW(PLE.lastrow)-ROW(PLE.firstrow))),0,IF(OFFSET(PLE!$G$14,$M151,BD$13)=\"\",10^12,OFFSET(PLE!$G$14,$M151,BD$13))))","v":1000000000000},{"$f":"IF($D151<>\"Serviço\",0,IF(OR(AND(AUTOEVENTO=\"Manual\",$M151=1),$M151>(ROW(PLE.lastrow)-ROW(PLE.firstrow))),0,IF(OFFSET(PLE!$G$14,$M151,BE$13)=\"\",10^12,OFFSET(PLE!$G$14,$M151,BE$13))))","v":1000000000000},{"$f":"IF($D151<>\"Serviço\",0,IF(OR(AND(AUTOEVENTO=\"Manual\",$M151=1),$M151>(ROW(PLE.lastrow)-ROW(PLE.firstrow))),0,IF(OFFSET(PLE!$G$14,$M151,BF$13)=\"\",10^12,OFFSET(PLE!$G$14,$M151,BF$13))))","v":1000000000000},{"$f":"IF($D151<>\"Serviço\",0,IF(OR(AND(AUTOEVENTO=\"Manual\",$M151=1),$M151>(ROW(PLE.lastrow)-ROW(PLE.firstrow))),0,IF(OFFSET(PLE!$G$14,$M151,BG$13)=\"\",10^12,OFFSET(PLE!$G$14,$M151,BG$13))))","v":1000000000000}]
["137.",{"$f":"OFFSET(ORÇAMENTO!C$15,ROW(B152)-ROW(B$15),0)","v":2},{"$f":"OFFSET(ORÇAMENTO!L$15,ROW(C152)-ROW(C$15),0)","v":"F"},{"$f":"OFFSET(ORÇAMENTO!N$15,ROW(D152)-ROW(D$15),0)","v":"Nível 2"},{"$f":"OFFSET(ORÇAMENTO!O$15,ROW(E152)-ROW(E$15),0)","v":"1.13."},{"$f":"OFFSET(ORÇAMENTO!R$15,ROW(F152)-ROW(F$15),0)","v":"SERVIÇOS FINAIS"},{"$f":"IF($D152<>\"Serviço\",\"\",OFFSET(ORÇAMENTO!S$15,ROW(G152)-ROW(G$15),0))","v":""},{"$f":"IF($D152<>\"Serviço\",0,IF(ACOMPANHAMENTO=\"BM\",ROUND(OFFSET(ORÇAMENTO!AJ$15,ROW(H152)-ROW(H$15),0),15-13*ORÇAMENTO!$AF$7),SUMPRODUCT(($Q$12:$AA$12<>\"\")*ROUND($Q152:$AA152,15-13*ORÇAMENTO!$AF$7))))","v":0},null,null,null,".",{"$f":"IF($D152<>\"Serviço\",\"\",IF(AUTOEVENTO=\"manual\",$A152,IF(ISERROR(MATCH($A152,$A$15:OFFSET($A152,-1,0),0)),MAX($M$15:OFFSET(M152,-1,0))+1,INDEX($M$15:OFFSET(M152,-1,0),MATCH($A152,$A$15:OFFSET($A152,-1,0),0)))))","v":""},{"$f":"IF($D152<>\"Serviço\",\"\",IF(AUTOEVENTO=\"Manual\",IF($A152=0,\"<-- defina o número do agrupador\",OFFSET(EVENTOS!$D$14,$A152,0)),OFFSET($F$15,$A152,0)))","v":""},null,null,null,null,null,null,null,null,null,null,null,null,null,{"$f":"IF(AND($D152=\"Serviço\",AB$12<>0,$H152>0,OR(AUTOEVENTO<>\"manual\",$M152<>1)),ROUND(OFFSET($P152,0,AB$13),15-13*ORÇAMENTO!$AF$7)/$H152*OFFSET(ORÇAMENTO!$X$15,ROW(AB152)-ROW(AB$15),0),0)","v":0},{"$f":"IF(AND($D152=\"Serviço\",AC$12<>0,$H152>0,OR(AUTOEVENTO<>\"manual\",$M152<>1)),ROUND(OFFSET($P152,0,AC$13),15-13*ORÇAMENTO!$AF$7)/$H152*OFFSET(ORÇAMENTO!$X$15,ROW(AC152)-ROW(AC$15),0),0)","v":0},{"$f":"IF(AND($D152=\"Serviço\",AD$12<>0,$H152>0,OR(AUTOEVENTO<>\"manual\",$M152<>1)),ROUND(OFFSET($P152,0,AD$13),15-13*ORÇAMENTO!$AF$7)/$H152*OFFSET(ORÇAMENTO!$X$15,ROW(AD152)-ROW(AD$15),0),0)","v":0},{"$f":"IF(AND($D152=\"Serviço\",AE$12<>0,$H152>0,OR(AUTOEVENTO<>\"manual\",$M152<>1)),ROUND(OFFSET($P152,0,AE$13),15-13*ORÇAMENTO!$AF$7)/$H152*OFFSET(ORÇAMENTO!$X$15,ROW(AE152)-ROW(AE$15),0),0)","v":0},{"$f":"IF(AND($D152=\"Serviço\",AF$12<>0,$H152>0,OR(AUTOEVENTO<>\"manual\",$M152<>1)),ROUND(OFFSET($P152,0,AF$13),15-13*ORÇAMENTO!$AF$7)/$H152*OFFSET(ORÇAMENTO!$X$15,ROW(AF152)-ROW(AF$15),0),0)","v":0},{"$f":"IF(AND($D152=\"Serviço\",AG$12<>0,$H152>0,OR(AUTOEVENTO<>\"manual\",$M152<>1)),ROUND(OFFSET($P152,0,AG$13),15-13*ORÇAMENTO!$AF$7)/$H152*OFFSET(ORÇAMENTO!$X$15,ROW(AG152)-ROW(AG$15),0),0)","v":0},{"$f":"IF(AND($D152=\"Serviço\",AH$12<>0,$H152>0,OR(AUTOEVENTO<>\"manual\",$M152<>1)),ROUND(OFFSET($P152,0,AH$13),15-13*ORÇAMENTO!$AF$7)/$H152*OFFSET(ORÇAMENTO!$X$15,ROW(AH152)-ROW(AH$15),0),0)","v":0},{"$f":"IF(AND($D152=\"Serviço\",AI$12<>0,$H152>0,OR(AUTOEVENTO<>\"manual\",$M152<>1)),ROUND(OFFSET($P152,0,AI$13),15-13*ORÇAMENTO!$AF$7)/$H152*OFFSET(ORÇAMENTO!$X$15,ROW(AI152)-ROW(AI$15),0),0)","v":0},{"$f":"IF(AND($D152=\"Serviço\",AJ$12<>0,$H152>0,OR(AUTOEVENTO<>\"manual\",$M152<>1)),ROUND(OFFSET($P152,0,AJ$13),15-13*ORÇAMENTO!$AF$7)/$H152*OFFSET(ORÇAMENTO!$X$15,ROW(AJ152)-ROW(AJ$15),0),0)","v":0},{"$f":"IF(AND($D152=\"Serviço\",AK$12<>0,$H152>0,OR(AUTOEVENTO<>\"manual\",$M152<>1)),ROUND(OFFSET($P152,0,AK$13),15-13*ORÇAMENTO!$AF$7)/$H152*OFFSET(ORÇAMENTO!$X$15,ROW(AK152)-ROW(AK$15),0),0)","v":0},null,{"$f":"IF($D152<>\"Serviço\",0,IF(AND(AUTOEVENTO=\"Manual\",$M152=1),0,IF(OFFSET(CRONOPLE!$F$14,$M152,AM$13)=\"\",10^12,OFFSET(CRONOPLE!$F$14,$M152,AM$13))))","v":0},{"$f":"IF($D152<>\"Serviço\",0,IF(AND(AUTOEVENTO=\"Manual\",$M152=1),0,IF(OFFSET(CRONOPLE!$F$14,$M152,AN$13)=\"\",10^12,OFFSET(CRONOPLE!$F$14,$M152,AN$13))))","v":0},{"$f":"IF($D152<>\"Serviço\",0,IF(AND(AUTOEVENTO=\"Manual\",$M152=1),0,IF(OFFSET(CRONOPLE!$F$14,$M152,AO$13)=\"\",10^12,OFFSET(CRONOPLE!$F$14,$M152,AO$13))))","v":0},{"$f":"IF($D152<>\"Serviço\",0,IF(AND(AUTOEVENTO=\"Manual\",$M152=1),0,IF(OFFSET(CRONOPLE!$F$14,$M152,AP$13)=\"\",10^12,OFFSET(CRONOPLE!$F$14,$M152,AP$13))))","v":0},{"$f":"IF($D152<>\"Serviço\",0,IF(AND(AUTOEVENTO=\"Manual\",$M152=1),0,IF(OFFSET(CRONOPLE!$F$14,$M152,AQ$13)=\"\",10^12,OFFSET(CRONOPLE!$F$14,$M152,AQ$13))))","v":0},{"$f":"IF($D152<>\"Serviço\",0,IF(AND(AUTOEVENTO=\"Manual\",$M152=1),0,IF(OFFSET(CRONOPLE!$F$14,$M152,AR$13)=\"\",10^12,OFFSET(CRONOPLE!$F$14,$M152,AR$13))))","v":0},{"$f":"IF($D152<>\"Serviço\",0,IF(AND(AUTOEVENTO=\"Manual\",$M152=1),0,IF(OFFSET(CRONOPLE!$F$14,$M152,AS$13)=\"\",10^12,OFFSET(CRONOPLE!$F$14,$M152,AS$13))))","v":0},{"$f":"IF($D152<>\"Serviço\",0,IF(AND(AUTOEVENTO=\"Manual\",$M152=1),0,IF(OFFSET(CRONOPLE!$F$14,$M152,AT$13)=\"\",10^12,OFFSET(CRONOPLE!$F$14,$M152,AT$13))))","v":0},{"$f":"IF($D152<>\"Serviço\",0,IF(AND(AUTOEVENTO=\"Manual\",$M152=1),0,IF(OFFSET(CRONOPLE!$F$14,$M152,AU$13)=\"\",10^12,OFFSET(CRONOPLE!$F$14,$M152,AU$13))))","v":0},{"$f":"IF($D152<>\"Serviço\",0,IF(AND(AUTOEVENTO=\"Manual\",$M152=1),0,IF(OFFSET(CRONOPLE!$F$14,$M152,AV$13)=\"\",10^12,OFFSET(CRONOPLE!$F$14,$M152,AV$13))))","v":0},null,{"$f":"IF($D152<>\"Serviço\",0,IF(OR(AND(AUTOEVENTO=\"Manual\",$M152=1),$M152>(ROW(PLE.lastrow)-ROW(PLE.firstrow))),0,IF(OFFSET(PLE!$G$14,$M152,AX$13)=\"\",10^12,OFFSET(PLE!$G$14,$M152,AX$13))))","v":0},{"$f":"IF($D152<>\"Serviço\",0,IF(OR(AND(AUTOEVENTO=\"Manual\",$M152=1),$M152>(ROW(PLE.lastrow)-ROW(PLE.firstrow))),0,IF(OFFSET(PLE!$G$14,$M152,AY$13)=\"\",10^12,OFFSET(PLE!$G$14,$M152,AY$13))))","v":0},{"$f":"IF($D152<>\"Serviço\",0,IF(OR(AND(AUTOEVENTO=\"Manual\",$M152=1),$M152>(ROW(PLE.lastrow)-ROW(PLE.firstrow))),0,IF(OFFSET(PLE!$G$14,$M152,AZ$13)=\"\",10^12,OFFSET(PLE!$G$14,$M152,AZ$13))))","v":0},{"$f":"IF($D152<>\"Serviço\",0,IF(OR(AND(AUTOEVENTO=\"Manual\",$M152=1),$M152>(ROW(PLE.lastrow)-ROW(PLE.firstrow))),0,IF(OFFSET(PLE!$G$14,$M152,BA$13)=\"\",10^12,OFFSET(PLE!$G$14,$M152,BA$13))))","v":0},{"$f":"IF($D152<>\"Serviço\",0,IF(OR(AND(AUTOEVENTO=\"Manual\",$M152=1),$M152>(ROW(PLE.lastrow)-ROW(PLE.firstrow))),0,IF(OFFSET(PLE!$G$14,$M152,BB$13)=\"\",10^12,OFFSET(PLE!$G$14,$M152,BB$13))))","v":0},{"$f":"IF($D152<>\"Serviço\",0,IF(OR(AND(AUTOEVENTO=\"Manual\",$M152=1),$M152>(ROW(PLE.lastrow)-ROW(PLE.firstrow))),0,IF(OFFSET(PLE!$G$14,$M152,BC$13)=\"\",10^12,OFFSET(PLE!$G$14,$M152,BC$13))))","v":0},{"$f":"IF($D152<>\"Serviço\",0,IF(OR(AND(AUTOEVENTO=\"Manual\",$M152=1),$M152>(ROW(PLE.lastrow)-ROW(PLE.firstrow))),0,IF(OFFSET(PLE!$G$14,$M152,BD$13)=\"\",10^12,OFFSET(PLE!$G$14,$M152,BD$13))))","v":0},{"$f":"IF($D152<>\"Serviço\",0,IF(OR(AND(AUTOEVENTO=\"Manual\",$M152=1),$M152>(ROW(PLE.lastrow)-ROW(PLE.firstrow))),0,IF(OFFSET(PLE!$G$14,$M152,BE$13)=\"\",10^12,OFFSET(PLE!$G$14,$M152,BE$13))))","v":0},{"$f":"IF($D152<>\"Serviço\",0,IF(OR(AND(AUTOEVENTO=\"Manual\",$M152=1),$M152>(ROW(PLE.lastrow)-ROW(PLE.firstrow))),0,IF(OFFSET(PLE!$G$14,$M152,BF$13)=\"\",10^12,OFFSET(PLE!$G$14,$M152,BF$13))))","v":0},{"$f":"IF($D152<>\"Serviço\",0,IF(OR(AND(AUTOEVENTO=\"Manual\",$M152=1),$M152>(ROW(PLE.lastrow)-ROW(PLE.firstrow))),0,IF(OFFSET(PLE!$G$14,$M152,BG$13)=\"\",10^12,OFFSET(PLE!$G$14,$M152,BG$13))))","v":0}]
["137",{"$f":"OFFSET(ORÇAMENTO!C$15,ROW(B153)-ROW(B$15),0)","v":"S"},{"$f":"OFFSET(ORÇAMENTO!L$15,ROW(C153)-ROW(C$15),0)","v":"F"},{"$f":"OFFSET(ORÇAMENTO!N$15,ROW(D153)-ROW(D$15),0)","v":"Serviço"},{"$f":"OFFSET(ORÇAMENTO!O$15,ROW(E153)-ROW(E$15),0)","v":"1.13.1."},{"$f":"OFFSET(ORÇAMENTO!R$15,ROW(F153)-ROW(F$15),0)","v":"LIMPEZA DE OBRA - PISO, PAREDES, APARELHOS E DEMAIS"},{"$f":"IF($D153<>\"Serviço\",\"\",OFFSET(ORÇAMENTO!S$15,ROW(G153)-ROW(G$15),0))","v":"M2"},{"$f":"IF($D153<>\"Serviço\",0,IF(ACOMPANHAMENTO=\"BM\",ROUND(OFFSET(ORÇAMENTO!AJ$15,ROW(H153)-ROW(H$15),0),15-13*ORÇAMENTO!$AF$7),SUMPRODUCT(($Q$12:$AA$12<>\"\")*ROUND($Q153:$AA153,15-13*ORÇAMENTO!$AF$7))))","v":500},null,null,null,".",{"$f":"IF($D153<>\"Serviço\",\"\",IF(AUTOEVENTO=\"manual\",$A153,IF(ISERROR(MATCH($A153,$A$15:OFFSET($A153,-1,0),0)),MAX($M$15:OFFSET(M153,-1,0))+1,INDEX($M$15:OFFSET(M153,-1,0),MATCH($A153,$A$15:OFFSET($A153,-1,0),0)))))","v":14},{"$f":"IF($D153<>\"Serviço\",\"\",IF(AUTOEVENTO=\"Manual\",IF($A153=0,\"<-- defina o número do agrupador\",OFFSET(EVENTOS!$D$14,$A153,0)),OFFSET($F$15,$A153,0)))","v":"SERVIÇOS FINAIS"},null,null,null,null,null,null,null,null,null,null,null,null,null,{"$f":"IF(AND($D153=\"Serviço\",AB$12<>0,$H153>0,OR(AUTOEVENTO<>\"manual\",$M153<>1)),ROUND(OFFSET($P153,0,AB$13),15-13*ORÇAMENTO!$AF$7)/$H153*OFFSET(ORÇAMENTO!$X$15,ROW(AB153)-ROW(AB$15),0),0)","v":0},{"$f":"IF(AND($D153=\"Serviço\",AC$12<>0,$H153>0,OR(AUTOEVENTO<>\"manual\",$M153<>1)),ROUND(OFFSET($P153,0,AC$13),15-13*ORÇAMENTO!$AF$7)/$H153*OFFSET(ORÇAMENTO!$X$15,ROW(AC153)-ROW(AC$15),0),0)","v":0},{"$f":"IF(AND($D153=\"Serviço\",AD$12<>0,$H153>0,OR(AUTOEVENTO<>\"manual\",$M153<>1)),ROUND(OFFSET($P153,0,AD$13),15-13*ORÇAMENTO!$AF$7)/$H153*OFFSET(ORÇAMENTO!$X$15,ROW(AD153)-ROW(AD$15),0),0)","v":0},{"$f":"IF(AND($D153=\"Serviço\",AE$12<>0,$H153>0,OR(AUTOEVENTO<>\"manual\",$M153<>1)),ROUND(OFFSET($P153,0,AE$13),15-13*ORÇAMENTO!$AF$7)/$H153*OFFSET(ORÇAMENTO!$X$15,ROW(AE153)-ROW(AE$15),0),0)","v":0},{"$f":"IF(AND($D153=\"Serviço\",AF$12<>0,$H153>0,OR(AUTOEVENTO<>\"manual\",$M153<>1)),ROUND(OFFSET($P153,0,AF$13),15-13*ORÇAMENTO!$AF$7)/$H153*OFFSET(ORÇAMENTO!$X$15,ROW(AF153)-ROW(AF$15),0),0)","v":0},{"$f":"IF(AND($D153=\"Serviço\",AG$12<>0,$H153>0,OR(AUTOEVENTO<>\"manual\",$M153<>1)),ROUND(OFFSET($P153,0,AG$13),15-13*ORÇAMENTO!$AF$7)/$H153*OFFSET(ORÇAMENTO!$X$15,ROW(AG153)-ROW(AG$15),0),0)","v":0},{"$f":"IF(AND($D153=\"Serviço\",AH$12<>0,$H153>0,OR(AUTOEVENTO<>\"manual\",$M153<>1)),ROUND(OFFSET($P153,0,AH$13),15-13*ORÇAMENTO!$AF$7)/$H153*OFFSET(ORÇAMENTO!$X$15,ROW(AH153)-ROW(AH$15),0),0)","v":0},{"$f":"IF(AND($D153=\"Serviço\",AI$12<>0,$H153>0,OR(AUTOEVENTO<>\"manual\",$M153<>1)),ROUND(OFFSET($P153,0,AI$13),15-13*ORÇAMENTO!$AF$7)/$H153*OFFSET(ORÇAMENTO!$X$15,ROW(AI153)-ROW(AI$15),0),0)","v":0},{"$f":"IF(AND($D153=\"Serviço\",AJ$12<>0,$H153>0,OR(AUTOEVENTO<>\"manual\",$M153<>1)),ROUND(OFFSET($P153,0,AJ$13),15-13*ORÇAMENTO!$AF$7)/$H153*OFFSET(ORÇAMENTO!$X$15,ROW(AJ153)-ROW(AJ$15),0),0)","v":0},{"$f":"IF(AND($D153=\"Serviço\",AK$12<>0,$H153>0,OR(AUTOEVENTO<>\"manual\",$M153<>1)),ROUND(OFFSET($P153,0,AK$13),15-13*ORÇAMENTO!$AF$7)/$H153*OFFSET(ORÇAMENTO!$X$15,ROW(AK153)-ROW(AK$15),0),0)","v":0},null,{"$f":"IF($D153<>\"Serviço\",0,IF(AND(AUTOEVENTO=\"Manual\",$M153=1),0,IF(OFFSET(CRONOPLE!$F$14,$M153,AM$13)=\"\",10^12,OFFSET(CRONOPLE!$F$14,$M153,AM$13))))","v":1000000000000},{"$f":"IF($D153<>\"Serviço\",0,IF(AND(AUTOEVENTO=\"Manual\",$M153=1),0,IF(OFFSET(CRONOPLE!$F$14,$M153,AN$13)=\"\",10^12,OFFSET(CRONOPLE!$F$14,$M153,AN$13))))","v":1000000000000},{"$f":"IF($D153<>\"Serviço\",0,IF(AND(AUTOEVENTO=\"Manual\",$M153=1),0,IF(OFFSET(CRONOPLE!$F$14,$M153,AO$13)=\"\",10^12,OFFSET(CRONOPLE!$F$14,$M153,AO$13))))","v":1000000000000},{"$f":"IF($D153<>\"Serviço\",0,IF(AND(AUTOEVENTO=\"Manual\",$M153=1),0,IF(OFFSET(CRONOPLE!$F$14,$M153,AP$13)=\"\",10^12,OFFSET(CRONOPLE!$F$14,$M153,AP$13))))","v":1000000000000},{"$f":"IF($D153<>\"Serviço\",0,IF(AND(AUTOEVENTO=\"Manual\",$M153=1),0,IF(OFFSET(CRONOPLE!$F$14,$M153,AQ$13)=\"\",10^12,OFFSET(CRONOPLE!$F$14,$M153,AQ$13))))","v":1000000000000},{"$f":"IF($D153<>\"Serviço\",0,IF(AND(AUTOEVENTO=\"Manual\",$M153=1),0,IF(OFFSET(CRONOPLE!$F$14,$M153,AR$13)=\"\",10^12,OFFSET(CRONOPLE!$F$14,$M153,AR$13))))","v":1000000000000},{"$f":"IF($D153<>\"Serviço\",0,IF(AND(AUTOEVENTO=\"Manual\",$M153=1),0,IF(OFFSET(CRONOPLE!$F$14,$M153,AS$13)=\"\",10^12,OFFSET(CRONOPLE!$F$14,$M153,AS$13))))","v":1000000000000},{"$f":"IF($D153<>\"Serviço\",0,IF(AND(AUTOEVENTO=\"Manual\",$M153=1),0,IF(OFFSET(CRONOPLE!$F$14,$M153,AT$13)=\"\",10^12,OFFSET(CRONOPLE!$F$14,$M153,AT$13))))","v":1000000000000},{"$f":"IF($D153<>\"Serviço\",0,IF(AND(AUTOEVENTO=\"Manual\",$M153=1),0,IF(OFFSET(CRONOPLE!$F$14,$M153,AU$13)=\"\",10^12,OFFSET(CRONOPLE!$F$14,$M153,AU$13))))","v":1000000000000},{"$f":"IF($D153<>\"Serviço\",0,IF(AND(AUTOEVENTO=\"Manual\",$M153=1),0,IF(OFFSET(CRONOPLE!$F$14,$M153,AV$13)=\"\",10^12,OFFSET(CRONOPLE!$F$14,$M153,AV$13))))","v":1000000000000},null,{"$f":"IF($D153<>\"Serviço\",0,IF(OR(AND(AUTOEVENTO=\"Manual\",$M153=1),$M153>(ROW(PLE.lastrow)-ROW(PLE.firstrow))),0,IF(OFFSET(PLE!$G$14,$M153,AX$13)=\"\",10^12,OFFSET(PLE!$G$14,$M153,AX$13))))","v":1000000000000},{"$f":"IF($D153<>\"Serviço\",0,IF(OR(AND(AUTOEVENTO=\"Manual\",$M153=1),$M153>(ROW(PLE.lastrow)-ROW(PLE.firstrow))),0,IF(OFFSET(PLE!$G$14,$M153,AY$13)=\"\",10^12,OFFSET(PLE!$G$14,$M153,AY$13))))","v":1000000000000},{"$f":"IF($D153<>\"Serviço\",0,IF(OR(AND(AUTOEVENTO=\"Manual\",$M153=1),$M153>(ROW(PLE.lastrow)-ROW(PLE.firstrow))),0,IF(OFFSET(PLE!$G$14,$M153,AZ$13)=\"\",10^12,OFFSET(PLE!$G$14,$M153,AZ$13))))","v":1000000000000},{"$f":"IF($D153<>\"Serviço\",0,IF(OR(AND(AUTOEVENTO=\"Manual\",$M153=1),$M153>(ROW(PLE.lastrow)-ROW(PLE.firstrow))),0,IF(OFFSET(PLE!$G$14,$M153,BA$13)=\"\",10^12,OFFSET(PLE!$G$14,$M153,BA$13))))","v":1000000000000},{"$f":"IF($D153<>\"Serviço\",0,IF(OR(AND(AUTOEVENTO=\"Manual\",$M153=1),$M153>(ROW(PLE.lastrow)-ROW(PLE.firstrow))),0,IF(OFFSET(PLE!$G$14,$M153,BB$13)=\"\",10^12,OFFSET(PLE!$G$14,$M153,BB$13))))","v":1000000000000},{"$f":"IF($D153<>\"Serviço\",0,IF(OR(AND(AUTOEVENTO=\"Manual\",$M153=1),$M153>(ROW(PLE.lastrow)-ROW(PLE.firstrow))),0,IF(OFFSET(PLE!$G$14,$M153,BC$13)=\"\",10^12,OFFSET(PLE!$G$14,$M153,BC$13))))","v":1000000000000},{"$f":"IF($D153<>\"Serviço\",0,IF(OR(AND(AUTOEVENTO=\"Manual\",$M153=1),$M153>(ROW(PLE.lastrow)-ROW(PLE.firstrow))),0,IF(OFFSET(PLE!$G$14,$M153,BD$13)=\"\",10^12,OFFSET(PLE!$G$14,$M153,BD$13))))","v":1000000000000},{"$f":"IF($D153<>\"Serviço\",0,IF(OR(AND(AUTOEVENTO=\"Manual\",$M153=1),$M153>(ROW(PLE.lastrow)-ROW(PLE.firstrow))),0,IF(OFFSET(PLE!$G$14,$M153,BE$13)=\"\",10^12,OFFSET(PLE!$G$14,$M153,BE$13))))","v":1000000000000},{"$f":"IF($D153<>\"Serviço\",0,IF(OR(AND(AUTOEVENTO=\"Manual\",$M153=1),$M153>(ROW(PLE.lastrow)-ROW(PLE.firstrow))),0,IF(OFFSET(PLE!$G$14,$M153,BF$13)=\"\",10^12,OFFSET(PLE!$G$14,$M153,BF$13))))","v":1000000000000},{"$f":"IF($D153<>\"Serviço\",0,IF(OR(AND(AUTOEVENTO=\"Manual\",$M153=1),$M153>(ROW(PLE.lastrow)-ROW(PLE.firstrow))),0,IF(OFFSET(PLE!$G$14,$M153,BG$13)=\"\",10^12,OFFSET(PLE!$G$14,$M153,BG$13))))","v":1000000000000}]
[null,{"$f":"OFFSET(ORÇAMENTO!C$15,ROW(B154)-ROW(B$15),0)","v":-1},{"$f":"OFFSET(ORÇAMENTO!L$15,ROW(C154)-ROW(C$15),0)","v":"F"},"LOTE",null,null,null,null,null,null,null,"."]
[]
[]
[]
[null,null,null,null,null,{"$f":"Import.Município","v":"Ouro/SC"}]
[null,null,null,null,null,"Local",null,null,"Responsável Técnico",null,null,null,null,null,null,null,null,null,null,"Responsável Técnico"]
[null,null,null,null,null,null,null,null,{"$f":"OFFSET(Import.RespOrçamento,0,-1) & \" \" & Import.RespOrçamento","v":"Nome: André Brito Dotti"},null,null,null,null,null,null,null,null,null,null,{"$f":"OFFSET(Import.RespOrçamento,0,-1) & \" \" & Import.RespOrçamento","v":"Nome: André Brito Dotti"}]
[null,null,null,null,null,{"$f":"DADOS!$F$25","v":"2020-07-23"},null,null,"CREA/CAU: 162.237-5",null,null,null,null,null,null,null,null,null,null,"CREA/CAU: 162.237-5"]
[null,null,null,null,null,"Data",null,null,"ART/RRT: 7.438.364-2",null,null,null,null,null,null,null,null,null,null,"ART/RRT: 7.438.364-2"]

{"sheet":"EVENTOS","index":6,"n_rows":64,"n_cols":6,"rows_kept":64,"cut":false,"hidden":false,"merged":[[61,3,61,4],[62,3,62,4],[63,3,63,4],[43,3,43,4],[44,3,44,4],[45,3,45,4],[55,3,55,4],[56,3,56,4],[57,3,57,4],[58,3,58,4],[50,3,50,4],[48,3,48,4],[49,3,49,4],[47,3,47,4],[5,2,5,5],[8,2,10,5],[12,3,12,4],[13,3,13,4],[18,3,18,4],[14,3,14,4],[15,3,15,4],[16,3,16,4],[17,3,17,4],[25,3,25,4],[26,3,26,4],[29,3,29,4],[32,3,32,4],[20,3,20,4],[21,3,21,4],[33,3,33,4],[46,3,46,4],[41,3,41,4],[19,3,19,4],[22,3,22,4],[23,3,23,4],[24,3,24,4],[27,3,27,4],[28,3,28,4],[30,3,30,4],[31,3,31,4],[34,3,34,4],[35,3,35,4],[36,3,36,4],[37,3,37,4],[38,3,38,4],[39,3,39,4],[60,3,60,4],[51,3,51,4],[52,3,52,4],[53,3,53,4],[54,3,54,4],[59,3,59,4],[40,3,40,4],[42,3,42,4]]}
[]
[null,null,"AGRUPADORES DE EVENTOS"]
[]
[null,null,"1. Selecione abaixo a forma de definição dos agrupadores de eventos:"]
[]
[null,null,"Automática, conforme os agrupadores Nível 2 do Orçamento"]
[]
[]
[null,null,{"$f":"IF(ACOMPANHAMENTO=\"BM\",\"Foi selecionado na aba 'MENU' o acompanhamento por BM. Não há necessidade de definição de Eventos.\",\"\")","v":"Foi selecionado na aba 'MENU' o acompanhamento por BM. Não há necessidade de definição de Eventos."}]
[]
[]
[]
[null,null,"Nº do Evento","Título do Evento",null,"Valor Total dos Eventos (R$)"]
[null,{"$f":"CONCATENATE(C14,\".\",D14)","v":{"$error":"#VALUE!"}},{"$f":"OFFSET(C14,-1,0)+1","v":{"$error":"#VALUE!"}},null,null,{"$f":"IF(AUTOEVENTO=\"Manual\",ROUND(SUMPRODUCT((CÁLCULO!$M$15:$M$154=EVENTOS!$C14)*(OFFSET(CÁLCULO!$AA$15,0,1):OFFSET(CÁLCULO!$AL$154,0,-1))),2),0)","v":0}]
[null,{"$f":"CONCATENATE(C15,\".\",D15)","v":"1.Administração Local"},1,"Administração Local",null,{"$f":"IF(AUTOEVENTO=\"Manual\",ROUND(SUMIF(CÁLCULO!$M$15:$M$154,1,ORÇAMENTO!$X$15:$X$154),2),0)","v":0}]
[null,{"$f":"CONCATENATE(C16,\".\",D16)","v":"2."},{"$f":"OFFSET(C16,-1,0)+1","v":2},null,null,{"$f":"IF(AUTOEVENTO=\"Manual\",ROUND(SUMPRODUCT((CÁLCULO!$M$15:$M$154=EVENTOS!$C16)*(OFFSET(CÁLCULO!$AA$15,0,1):OFFSET(CÁLCULO!$AL$154,0,-1))),2),0)","v":0}]
[null,"3.",3,null,null,{"$f":"IF(AUTOEVENTO=\"Manual\",ROUND(SUMPRODUCT((CÁLCULO!$M$15:$M$154=EVENTOS!$C17)*(OFFSET(CÁLCULO!$AA$15,0,1):OFFSET(CÁLCULO!$AL$154,0,-1))),2),0)","v":0}]
[null,"4.",4,null,null,{"$f":"IF(AUTOEVENTO=\"Manual\",ROUND(SUMPRODUCT((CÁLCULO!$M$15:$M$154=EVENTOS!$C18)*(OFFSET(CÁLCULO!$AA$15,0,1):OFFSET(CÁLCULO!$AL$154,0,-1))),2),0)","v":0}]
[null,"5.",5,null,null,{"$f":"IF(AUTOEVENTO=\"Manual\",ROUND(SUMPRODUCT((CÁLCULO!$M$15:$M$154=EVENTOS!$C19)*(OFFSET(CÁLCULO!$AA$15,0,1):OFFSET(CÁLCULO!$AL$154,0,-1))),2),0)","v":0}]
[null,"6.",6,null,null,{"$f":"IF(AUTOEVENTO=\"Manual\",ROUND(SUMPRODUCT((CÁLCULO!$M$15:$M$154=EVENTOS!$C20)*(OFFSET(CÁLCULO!$AA$15,0,1):OFFSET(CÁLCULO!$AL$154,0,-1))),2),0)","v":0}]
[null,"7.",7,null,null,{"$f":"IF(AUTOEVENTO=\"Manual\",ROUND(SUMPRODUCT((CÁLCULO!$M$15:$M$154=EVENTOS!$C21)*(OFFSET(CÁLCULO!$AA$15,0,1):OFFSET(CÁLCULO!$AL$154,0,-1))),2),0)","v":0}]
[null,"8.",8,null,null,{"$f":"IF(AUTOEVENTO=\"Manual\",ROUND(SUMPRODUCT((CÁLCULO!$M$15:$M$154=EVENTOS!$C22)*(OFFSET(CÁLCULO!$AA$15,0,1):OFFSET(CÁLCULO!$AL$154,0,-1))),2),0)","v":0}]
[null,"9.",9,null,null,{"$f":"IF(AUTOEVENTO=\"Manual\",ROUND(SUMPRODUCT((CÁLCULO!$M$15:$M$154=EVENTOS!$C23)*(OFFSET(CÁLCULO!$AA$15,0,1):OFFSET(CÁLCULO!$AL$154,0,-1))),2),0)","v":0}]
[null,"10.",10,null,null,{"$f":"IF(AUTOEVENTO=\"Manual\",ROUND(SUMPRODUCT((CÁLCULO!$M$15:$M$154=EVENTOS!$C24)*(OFFSET(CÁLCULO!$AA$15,0,1):OFFSET(CÁLCULO!$AL$154,0,-1))),2),0)","v":0}]
[null,"11.",11,null,null,{"$f":"IF(AUTOEVENTO=\"Manual\",ROUND(SUMPRODUCT((CÁLCULO!$M$15:$M$154=EVENTOS!$C25)*(OFFSET(CÁLCULO!$AA$15,0,1):OFFSET(CÁLCULO!$AL$154,0,-1))),2),0)","v":0}]
[null,"12.",12,null,null,{"$f":"IF(AUTOEVENTO=\"Manual\",ROUND(SUMPRODUCT((CÁLCULO!$M$15:$M$154=EVENTOS!$C26)*(OFFSET(CÁLCULO!$AA$15,0,1):OFFSET(CÁLCULO!$AL$154,0,-1))),2),0)","v":0}]
[null,"13.",13,null,null,{"$f":"IF(AUTOEVENTO=\"Manual\",ROUND(SUMPRODUCT((CÁLCULO!$M$15:$M$154=EVENTOS!$C27)*(OFFSET(CÁLCULO!$AA$15,0,1):OFFSET(CÁLCULO!$AL$154,0,-1))),2),0)","v":0}]
[null,"14.",14,null,null,{"$f":"IF(AUTOEVENTO=\"Manual\",ROUND(SUMPRODUCT((CÁLCULO!$M$15:$M$154=EVENTOS!$C28)*(OFFSET(CÁLCULO!$AA$15,0,1):OFFSET(CÁLCULO!$AL$154,0,-1))),2),0)","v":0}]
[null,"15.",15,null,null,{"$f":"IF(AUTOEVENTO=\"Manual\",ROUND(SUMPRODUCT((CÁLCULO!$M$15:$M$154=EVENTOS!$C29)*(OFFSET(CÁLCULO!$AA$15,0,1):OFFSET(CÁLCULO!$AL$154,0,-1))),2),0)","v":0}]
[null,"16.",16,null,null,{"$f":"IF(AUTOEVENTO=\"Manual\",ROUND(SUMPRODUCT((CÁLCULO!$M$15:$M$154=EVENTOS!$C30)*(OFFSET(CÁLCULO!$AA$15,0,1):OFFSET(CÁLCULO!$AL$154,0,-1))),2),0)","v":0}]
[null,"17.",17,null,null,{"$f":"IF(AUTOEVENTO=\"Manual\",ROUND(SUMPRODUCT((CÁLCULO!$M$15:$M$154=EVENTOS!$C31)*(OFFSET(CÁLCULO!$AA$15,0,1):OFFSET(CÁLCULO!$AL$154,0,-1))),2),0)","v":0}]
[null,"18.",18,null,null,{"$f":"IF(AUTOEVENTO=\"Manual\",ROUND(SUMPRODUCT((CÁLCULO!$M$15:$M$154=EVENTOS!$C32)*(OFFSET(CÁLCULO!$AA$15,0,1):OFFSET(CÁLCULO!$AL$154,0,-1))),2),0)","v":0}]
[null,"19.",19,null,null,{"$f":"IF(AUTOEVENTO=\"Manual\",ROUND(SUMPRODUCT((CÁLCULO!$M$15:$M$154=EVENTOS!$C33)*(OFFSET(CÁLCULO!$AA$15,0,1):OFFSET(CÁLCULO!$AL$154,0,-1))),2),0)","v":0}]
[null,"20.",20,null,null,{"$f":"IF(AUTOEVENTO=\"Manual\",ROUND(SUMPRODUCT((CÁLCULO!$M$15:$M$154=EVENTOS!$C34)*(OFFSET(CÁLCULO!$AA$15,0,1):OFFSET(CÁLCULO!$AL$154,0,-1))),2),0)","v":0}]
[null,"21.",21,null,null,{"$f":"IF(AUTOEVENTO=\"Manual\",ROUND(SUMPRODUCT((CÁLCULO!$M$15:$M$154=EVENTOS!$C35)*(OFFSET(CÁLCULO!$AA$15,0,1):OFFSET(CÁLCULO!$AL$154,0,-1))),2),0)","v":0}]
[null,"22.",22,null,null,{"$f":"IF(AUTOEVENTO=\"Manual\",ROUND(SUMPRODUCT((CÁLCULO!$M$15:$M$154=EVENTOS!$C36)*(OFFSET(CÁLCULO!$AA$15,0,1):OFFSET(CÁLCULO!$AL$154,0,-1))),2),0)","v":0}]
[null,"23.",23,null,null,{"$f":"IF(AUTOEVENTO=\"Manual\",ROUND(SUMPRODUCT((CÁLCULO!$M$15:$M$154=EVENTOS!$C37)*(OFFSET(CÁLCULO!$AA$15,0,1):OFFSET(CÁLCULO!$AL$154,0,-1))),2),0)","v":0}]
[null,"24.",24,null,null,{"$f":"IF(AUTOEVENTO=\"Manual\",ROUND(SUMPRODUCT((CÁLCULO!$M$15:$M$154=EVENTOS!$C38)*(OFFSET(CÁLCULO!$AA$15,0,1):OFFSET(CÁLCULO!$AL$154,0,-1))),2),0)","v":0}]
[null,"25.",25,null,null,{"$f":"IF(AUTOEVENTO=\"Manual\",ROUND(SUMPRODUCT((CÁLCULO!$M$15:$M$154=EVENTOS!$C39)*(OFFSET(CÁLCULO!$AA$15,0,1):OFFSET(CÁLCULO!$AL$154,0,-1))),2),0)","v":0}]
[null,"26.",26,null,null,{"$f":"IF(AUTOEVENTO=\"Manual\",ROUND(SUMPRODUCT((CÁLCULO!$M$15:$M$154=EVENTOS!$C40)*(OFFSET(CÁLCULO!$AA$15,0,1):OFFSET(CÁLCULO!$AL$154,0,-1))),2),0)","v":0}]
[null,"27.",27,null,null,{"$f":"IF(AUTOEVENTO=\"Manual\",ROUND(SUMPRODUCT((CÁLCULO!$M$15:$M$154=EVENTOS!$C41)*(OFFSET(CÁLCULO!$AA$15,0,1):OFFSET(CÁLCULO!$AL$154,0,-1))),2),0)","v":0}]
[null,"28.",28,null,null,{"$f":"IF(AUTOEVENTO=\"Manual\",ROUND(SUMPRODUCT((CÁLCULO!$M$15:$M$154=EVENTOS!$C42)*(OFFSET(CÁLCULO!$AA$15,0,1):OFFSET(CÁLCULO!$AL$154,0,-1))),2),0)","v":0}]
[null,"29.",29,null,null,{"$f":"IF(AUTOEVENTO=\"Manual\",ROUND(SUMPRODUCT((CÁLCULO!$M$15:$M$154=EVENTOS!$C43)*(OFFSET(CÁLCULO!$AA$15,0,1):OFFSET(CÁLCULO!$AL$154,0,-1))),2),0)","v":0}]
[null,"30.",30,null,null,{"$f":"IF(AUTOEVENTO=\"Manual\",ROUND(SUMPRODUCT((CÁLCULO!$M$15:$M$154=EVENTOS!$C44)*(OFFSET(CÁLCULO!$AA$15,0,1):OFFSET(CÁLCULO!$AL$154,0,-1))),2),0)","v":0}]
[null,"31.",31,null,null,{"$f":"IF(AUTOEVENTO=\"Manual\",ROUND(SUMPRODUCT((CÁLCULO!$M$15:$M$154=EVENTOS!$C45)*(OFFSET(CÁLCULO!$AA$15,0,1):OFFSET(CÁLCULO!$AL$154,0,-1))),2),0)","v":0}]
[null,"32.",32,null,null,{"$f":"IF(AUTOEVENTO=\"Manual\",ROUND(SUMPRODUCT((CÁLCULO!$M$15:$M$154=EVENTOS!$C46)*(OFFSET(CÁLCULO!$AA$15,0,1):OFFSET(CÁLCULO!$AL$154,0,-1))),2),0)","v":0}]
[null,"33.",33,null,null,{"$f":"IF(AUTOEVENTO=\"Manual\",ROUND(SUMPRODUCT((CÁLCULO!$M$15:$M$154=EVENTOS!$C47)*(OFFSET(CÁLCULO!$AA$15,0,1):OFFSET(CÁLCULO!$AL$154,0,-1))),2),0)","v":0}]
[null,"34.",34,null,null,{"$f":"IF(AUTOEVENTO=\"Manual\",ROUND(SUMPRODUCT((CÁLCULO!$M$15:$M$154=EVENTOS!$C48)*(OFFSET(CÁLCULO!$AA$15,0,1):OFFSET(CÁLCULO!$AL$154,0,-1))),2),0)","v":0}]
[null,"35.",35,null,null,{"$f":"IF(AUTOEVENTO=\"Manual\",ROUND(SUMPRODUCT((CÁLCULO!$M$15:$M$154=EVENTOS!$C49)*(OFFSET(CÁLCULO!$AA$15,0,1):OFFSET(CÁLCULO!$AL$154,0,-1))),2),0)","v":0}]
[null,"36.",36,null,null,{"$f":"IF(AUTOEVENTO=\"Manual\",ROUND(SUMPRODUCT((CÁLCULO!$M$15:$M$154=EVENTOS!$C50)*(OFFSET(CÁLCULO!$AA$15,0,1):OFFSET(CÁLCULO!$AL$154,0,-1))),2),0)","v":0}]
[null,"37.",37,null,null,{"$f":"IF(AUTOEVENTO=\"Manual\",ROUND(SUMPRODUCT((CÁLCULO!$M$15:$M$154=EVENTOS!$C51)*(OFFSET(CÁLCULO!$AA$15,0,1):OFFSET(CÁLCULO!$AL$154,0,-1))),2),0)","v":0}]
[null,"38.",38,null,null,{"$f":"IF(AUTOEVENTO=\"Manual\",ROUND(SUMPRODUCT((CÁLCULO!$M$15:$M$154=EVENTOS!$C52)*(OFFSET(CÁLCULO!$AA$15,0,1):OFFSET(CÁLCULO!$AL$154,0,-1))),2),0)","v":0}]
[null,"39.",39,null,null,{"$f":"IF(AUTOEVENTO=\"Manual\",ROUND(SUMPRODUCT((CÁLCULO!$M$15:$M$154=EVENTOS!$C53)*(OFFSET(CÁLCULO!$AA$15,0,1):OFFSET(CÁLCULO!$AL$154,0,-1))),2),0)","v":0}]
[null,"40.",40,null,null,{"$f":"IF(AUTOEVENTO=\"Manual\",ROUND(SUMPRODUCT((CÁLCULO!$M$15:$M$154=EVENTOS!$C54)*(OFFSET(CÁLCULO!$AA$15,0,1):OFFSET(CÁLCULO!$AL$154,0,-1))),2),0)","v":0}]
[null,"41.",41,null,null,{"$f":"IF(AUTOEVENTO=\"Manual\",ROUND(SUMPRODUCT((CÁLCULO!$M$15:$M$154=EVENTOS!$C55)*(OFFSET(CÁLCULO!$AA$15,0,1):OFFSET(CÁLCULO!$AL$154,0,-1))),2),0)","v":0}]
[null,"42.",42,null,null,{"$f":"IF(AUTOEVENTO=\"Manual\",ROUND(SUMPRODUCT((CÁLCULO!$M$15:$M$154=EVENTOS!$C56)*(OFFSET(CÁLCULO!$AA$15,0,1):OFFSET(CÁLCULO!$AL$154,0,-1))),2),0)","v":0}]
[null,"43.",43,null,null,{"$f":"IF(AUTOEVENTO=\"Manual\",ROUND(SUMPRODUCT((CÁLCULO!$M$15:$M$154=EVENTOS!$C57)*(OFFSET(CÁLCULO!$AA$15,0,1):OFFSET(CÁLCULO!$AL$154,0,-1))),2),0)","v":0}]
[null,"44.",44,null,null,{"$f":"IF(AUTOEVENTO=\"Manual\",ROUND(SUMPRODUCT((CÁLCULO!$M$15:$M$154=EVENTOS!$C58)*(OFFSET(CÁLCULO!$AA$15,0,1):OFFSET(CÁLCULO!$AL$154,0,-1))),2),0)","v":0}]
[null,"45.",45,null,null,{"$f":"IF(AUTOEVENTO=\"Manual\",ROUND(SUMPRODUCT((CÁLCULO!$M$15:$M$154=EVENTOS!$C59)*(OFFSET(CÁLCULO!$AA$15,0,1):OFFSET(CÁLCULO!$AL$154,0,-1))),2),0)","v":0}]
[null,"46.",46,null,null,{"$f":"IF(AUTOEVENTO=\"Manual\",ROUND(SUMPRODUCT((CÁLCULO!$M$15:$M$154=EVENTOS!$C60)*(OFFSET(CÁLCULO!$AA$15,0,1):OFFSET(CÁLCULO!$AL$154,0,-1))),2),0)","v":0}]
[null,"47.",47,null,null,{"$f":"IF(AUTOEVENTO=\"Manual\",ROUND(SUMPRODUCT((CÁLCULO!$M$15:$M$154=EVENTOS!$C61)*(OFFSET(CÁLCULO!$AA$15,0,1):OFFSET(CÁLCULO!$AL$154,0,-1))),2),0)","v":0}]
[null,"48.",48,null,null,{"$f":"IF(AUTOEVENTO=\"Manual\",ROUND(SUMPRODUCT((CÁLCULO!$M$15:$M$154=EVENTOS!$C62)*(OFFSET(CÁLCULO!$AA$15,0,1):OFFSET(CÁLCULO!$AL$154,0,-1))),2),0)","v":0}]
[null,"49.",49,null,null,{"$f":"IF(AUTOEVENTO=\"Manual\",ROUND(SUMPRODUCT((CÁLCULO!$M$15:$M$154=EVENTOS!$C63)*(OFFSET(CÁLCULO!$AA$15,0,1):OFFSET(CÁLCULO!$AL$154,0,-1))),2),0)","v":0}]
[null,"50.",50,null,null,{"$f":"IF(AUTOEVENTO=\"Manual\",ROUND(SUMPRODUCT((CÁLCULO!$M$15:$M$154=EVENTOS!$C64)*(OFFSET(CÁLCULO!$AA$15,0,1):OFFSET(CÁLCULO!$AL$154,0,-1))),2),0)","v":0}]

{"sheet":"CRONO","index":7,"n_rows":72,"n_cols":32,"rows_kept":72,"cut":false,"hidden":false,"merged":[[70,7,70,9],[3,29,3,30],[4,29,4,30],[7,24,7,29],[11,17,12,17],[11,18,12,18],[7,10,7,18],[7,19,7,23],[9,9,10,18],[67,7,67,17],[7,5,10,5],[7,7,7,8],[6,6,8,6],[56,7,57,9],[11,6,12,6],[11,7,12,7],[11,8,12,8]]}
[{"$f":"OFFSET(A1,-3,0)+1","v":{"$error":"#REF!"}},{"$f":"IF($Q1<>2,0,IF($R1=0,1,IF(E2>0,OFFSET(QCI!$M$13,SUBSTITUTE(E2,\".\",\"\"),0),OFFSET(ORÇAMENTO!$AA$15,CRONO!$E1,0))/$R1))","v":{"$error":"#REF!"}},{"$f":"IF($Q1<>2,0,IF($R1=0,1,IF(E2>0,OFFSET(QCI!$N$13,SUBSTITUTE(E2,\".\",\"\"),0),OFFSET(ORÇAMENTO!$AB$15,CRONO!$E1,0))/$R1))","v":{"$error":"#REF!"}},{"$f":"IF(AND($Q1=2,ACOMPANHAMENTO=\"BM\"),D2,D3/$R1)","v":{"$error":"#REF!"}},{"$f":"IF(A1<=ORÇAMENTO.MáximoListaCrono,MATCH(A1,ORÇAMENTO.ListaCrono,0),NA())","v":{"$error":"#REF!"}},{"$f":"IF(AND($E2<>-1,$R1>0),\"F\",\"\")","v":{"$error":"#REF!"}},{"$f":"IF(OR(R1=0,R1=\"\"),\"Linha\",IF(AND(OR(ACOMPANHAMENTO=\"PLE\",$Q1<>2),$E2=0),\"Linha\",1-SUM(T1:AF1)))","v":{"$error":"#REF!"}},{"$f":"IF($E2=0,OFFSET(ORÇAMENTO!O$15,$E1,0),IF($E2<>-1,OFFSET(QCI!$D$13,$E2,0),\"\"))","v":{"$error":"#REF!"}},{"$f":"IF($E2=0,OFFSET(ORÇAMENTO!R$15,$E1,0),IF($E2<>-1,OFFSET(QCI!$G$13,$E2,0),\"\"))","v":{"$error":"#REF!"}},null,null,{"$f":"IF($E2=0,OFFSET(ORÇAMENTO!C$15,$E1,0),1)","v":{"$error":"#REF!"}},{"$f":"IF($E2=-1,0,IF(M$13<=$L1,IF(ISERROR(MATCH(M$13,OFFSET($L1,1,0,ROW($L$56)-ROW($L1)-1),0)),ROW($L$56)-ROW($L1)-1,MATCH(M$13,OFFSET($L1,1,0,ROW($L$56)-ROW($L1)-1),0)-1),0))","v":{"$error":"#REF!"}},{"$f":"IF($E2=-1,0,IF(N$13<=$L1,IF(ISERROR(MATCH(N$13,OFFSET($L1,1,0,ROW($L$56)-ROW($L1)-1),0)),ROW($L$56)-ROW($L1)-1,MATCH(N$13,OFFSET($L1,1,0,ROW($L$56)-ROW($L1)-1),0)-1),0))","v":{"$error":"#REF!"}},{"$f":"IF($E2=-1,0,IF(O$13<=$L1,IF(ISERROR(MATCH(O$13,OFFSET($L1,1,0,ROW($L$56)-ROW($L1)-1),0)),ROW($L$56)-ROW($L1)-1,MATCH(O$13,OFFSET($L1,1,0,ROW($L$56)-ROW($L1)-1),0)-1),0))","v":{"$error":"#REF!"}},{"$f":"IF($E2=-1,0,IF(P$13<=$L1,IF(ISERROR(MATCH(P$13,OFFSET($L1,1,0,ROW($L$56)-ROW($L1)-1),0)),ROW($L$56)-ROW($L1)-1,MATCH(P$13,OFFSET($L1,1,0,ROW($L$56)-ROW($L1)-1),0)-1),0))","v":{"$error":"#REF!"}},{"$f":"MIN(OFFSET(L1,0,1,,L1))","v":{"$error":"#REF!"}},{"$f":"IF($E2=0,OFFSET(ORÇAMENTO!X$15,$E1,0),IF($E2<>-1,OFFSET(QCI!$O$13,$E2,0),\"\"))","v":{"$error":"#REF!"}},"% Período:",{"$f":"IF(AND($Q1=2,ACOMPANHAMENTO=\"BM\"),T2,T3/$R1)","v":{"$error":"#REF!"}},{"$error":"#REF!"},{"$error":"#REF!"},{"$error":"#REF!"},{"$error":"#REF!"},{"$error":"#REF!"},{"$error":"#REF!"},{"$error":"#REF!"},{"$error":"#REF!"},{"$error":"#REF!"},{"$error":"#REF!"},{"$error":"#REF!"}]
[null,null,null,null,{"$f":"IF(ISERROR(E1),IF(1+COUNTIF($L$13:OFFSET(L1,-1,0),1)<=MAX(QCI!$D$13:$D$24),1+COUNTIF($L$13:OFFSET(L1,-1,0),1),-1),0)","v":{"$error":"#REF!"}},{"$f":"IF(AND($E2<>-1,$R1>0),\"F\",\"\")","v":{"$error":"#REF!"}},{"$f":"IF(OR(R1=0,R1=\"\"),\"vazia\",IF(AND(OR(ACOMPANHAMENTO=\"PLE\",$Q1<>2),$E2=0),\"calculada\",\"-->\"))","v":{"$error":"#REF!"}},null,{"$f":"IF(AND(G1<>0,ISNUMBER(G1)),\"PREENCHA ESTA LINHA -->\",\"\")","v":{"$error":"#REF!"}}]
[null,null,null,{"$f":"IF($Q1=2,IF(AND(ACOMPANHAMENTO=\"PLE\",ISNUMBER($E1)),SUMIF((OFFSET(CÁLCULO!$AM$15:$AW$15,$E1,0,OFFSET(ORÇAMENTO!$D$15,CRONO!$E1,0))),\"=\"&CRONO!D$12,OFFSET(CÁLCULO!$AB$15:$AL$15,$E1,0,OFFSET(ORÇAMENTO!$D$15,CRONO!$E1,0)))+IF(AND($E3<>\"\",$E3<>0),SUMIF(CÁLCULO!$AM$15:$AW$154,\"=\"&CRONO!D$12,CÁLCULO!$AB$15:$AL$154)/(ORÇAMENTO!$X$15-CÁLCULO.TotalAdmLocal)*CRONO!$E3,0),D2*$R1),SUMIF(OFFSET($R3,1,0,$Q1-2),($L1+1)&\"$\",OFFSET(D3,1,0,$Q1-2)))","v":{"$error":"#REF!"}},{"$f":"IF(OR($Q1<>2,AUTOEVENTO<>\"manual\",$E2>0),\"\",SUMIF(OFFSET(CÁLCULO!$M$15,CRONO!$E1,0,OFFSET(ORÇAMENTO!$D$15,CRONO!$E1,0)),1,OFFSET(ORÇAMENTO!$X$15,CRONO!$E1,0,OFFSET(ORÇAMENTO!$D$15,CRONO!$E1,0))))","v":{"$error":"#REF!"}},null,null,null,null,null,null,null,null,null,null,null,null,{"$f":"L1&\"$\"","v":{"$error":"#REF!"}},null,{"$f":"IF($Q1=2,IF(AND(ACOMPANHAMENTO=\"PLE\",ISNUMBER($E1)),SUMIF((OFFSET(CÁLCULO!$AM$15:$AW$15,$E1,0,OFFSET(ORÇAMENTO!$D$15,CRONO!$E1,0))),\"<=\"&CRONO!T$12,OFFSET(CÁLCULO!$AB$15:$AL$15,$E1,0,OFFSET(ORÇAMENTO!$D$15,CRONO!$E1,0)))+IF(AND($E3<>\"\",$E3<>0),SUMIF(CÁLCULO!$AM$15:$AW$154,\"<=\"&CRONO!T$12,CÁLCULO!$AB$15:$AL$154)/(ORÇAMENTO!$X$15-CÁLCULO.TotalAdmLocal)*CRONO!$E3,0),T2*$R1),SUMIF(OFFSET($R3,1,0,$Q1-2),($L1+1)&\"$\",OFFSET(T3,1,0,$Q1-2)))","v":{"$error":"#REF!"}},{"$f":"IF($Q1=2,IF(AND(ACOMPANHAMENTO=\"PLE\",ISNUMBER($E1)),SUMIF((OFFSET(CÁLCULO!$AM$15:$AW$15,$E1,0,OFFSET(ORÇAMENTO!$D$15,CRONO!$E1,0))),\"=\"&CRONO!U$12,OFFSET(CÁLCULO!$AB$15:$AL$15,$E1,0,OFFSET(ORÇAMENTO!$D$15,CRONO!$E1,0)))+IF(AND($E3<>\"\",$E3<>0),SUMIF(CÁLCULO!$AM$15:$AW$154,\"=\"&CRONO!U$12,CÁLCULO!$AB$15:$AL$154)/(ORÇAMENTO!$X$15-CÁLCULO.TotalAdmLocal)*CRONO!$E3,0),U2*$R1),SUMIF(OFFSET($R3,1,0,$Q1-2),($L1+1)&\"$\",OFFSET(U3,1,0,$Q1-2)))","v":{"$error":"#REF!"}},{"$f":"IF($Q1=2,IF(AND(ACOMPANHAMENTO=\"PLE\",ISNUMBER($E1)),SUMIF((OFFSET(CÁLCULO!$AM$15:$AW$15,$E1,0,OFFSET(ORÇAMENTO!$D$15,CRONO!$E1,0))),\"=\"&CRONO!V$12,OFFSET(CÁLCULO!$AB$15:$AL$15,$E1,0,OFFSET(ORÇAMENTO!$D$15,CRONO!$E1,0)))+IF(AND($E3<>\"\",$E3<>0),SUMIF(CÁLCULO!$AM$15:$AW$154,\"=\"&CRONO!V$12,CÁLCULO!$AB$15:$AL$154)/(ORÇAMENTO!$X$15-CÁLCULO.TotalAdmLocal)*CRONO!$E3,0),V2*$R1),SUMIF(OFFSET($R3,1,0,$Q1-2),($L1+1)&\"$\",OFFSET(V3,1,0,$Q1-2)))","v":{"$error":"#REF!"}},{"$f":"IF($Q1=2,IF(AND(ACOMPANHAMENTO=\"PLE\",ISNUMBER($E1)),SUMIF((OFFSET(CÁLCULO!$AM$15:$AW$15,$E1,0,OFFSET(ORÇAMENTO!$D$15,CRONO!$E1,0))),\"=\"&CRONO!W$12,OFFSET(CÁLCULO!$AB$15:$AL$15,$E1,0,OFFSET(ORÇAMENTO!$D$15,CRONO!$E1,0)))+IF(AND($E3<>\"\",$E3<>0),SUMIF(CÁLCULO!$AM$15:$AW$154,\"=\"&CRONO!W$12,CÁLCULO!$AB$15:$AL$154)/(ORÇAMENTO!$X$15-CÁLCULO.TotalAdmLocal)*CRONO!$E3,0),W2*$R1),SUMIF(OFFSET($R3,1,0,$Q1-2),($L1+1)&\"$\",OFFSET(W3,1,0,$Q1-2)))","v":{"$error":"#REF!"}},{"$f":"IF($Q1=2,IF(AND(ACOMPANHAMENTO=\"PLE\",ISNUMBER($E1)),SUMIF((OFFSET(CÁLCULO!$AM$15:$AW$15,$E1,0,OFFSET(ORÇAMENTO!$D$15,CRONO!$E1,0))),\"=\"&CRONO!X$12,OFFSET(CÁLCULO!$AB$15:$AL$15,$E1,0,OFFSET(ORÇAMENTO!$D$15,CRONO!$E1,0)))+IF(AND($E3<>\"\",$E3<>0),SUMIF(CÁLCULO!$AM$15:$AW$154,\"=\"&CRONO!X$12,CÁLCULO!$AB$15:$AL$154)/(ORÇAMENTO!$X$15-CÁLCULO.TotalAdmLocal)*CRONO!$E3,0),X2*$R1),SUMIF(OFFSET($R3,1,0,$Q1-2),($L1+1)&\"$\",OFFSET(X3,1,0,$Q1-2)))","v":{"$error":"#REF!"}},{"$f":"IF($Q1=2,IF(AND(ACOMPANHAMENTO=\"PLE\",ISNUMBER($E1)),SUMIF((OFFSET(CÁLCULO!$AM$15:$AW$15,$E1,0,OFFSET(ORÇAMENTO!$D$15,CRONO!$E1,0))),\"=\"&CRONO!Y$12,OFFSET(CÁLCULO!$AB$15:$AL$15,$E1,0,OFFSET(ORÇAMENTO!$D$15,CRONO!$E1,0)))+IF(AND($E3<>\"\",$E3<>0),SUMIF(CÁLCULO!$AM$15:$AW$154,\"=\"&CRONO!Y$12,CÁLCULO!$AB$15:$AL$154)/(ORÇAMENTO!$X$15-CÁLCULO.TotalAdmLocal)*CRONO!$E3,0),Y2*$R1),SUMIF(OFFSET($R3,1,0,$Q1-2),($L1+1)&\"$\",OFFSET(Y3,1,0,$Q1-2)))","v":{"$error":"#REF!"}},{"$f":"IF($Q1=2,IF(AND(ACOMPANHAMENTO=\"PLE\",ISNUMBER($E1)),SUMIF((OFFSET(CÁLCULO!$AM$15:$AW$15,$E1,0,OFFSET(ORÇAMENTO!$D$15,CRONO!$E1,0))),\"=\"&CRONO!Z$12,OFFSET(CÁLCULO!$AB$15:$AL$15,$E1,0,OFFSET(ORÇAMENTO!$D$15,CRONO!$E1,0)))+IF(AND($E3<>\"\",$E3<>0),SUMIF(CÁLCULO!$AM$15:$AW$154,\"=\"&CRONO!Z$12,CÁLCULO!$AB$15:$AL$154)/(ORÇAMENTO!$X$15-CÁLCULO.TotalAdmLocal)*CRONO!$E3,0),Z2*$R1),SUMIF(OFFSET($R3,1,0,$Q1-2),($L1+1)&\"$\",OFFSET(Z3,1,0,$Q1-2)))","v":{"$error":"#REF!"}},{"$f":"IF($Q1=2,IF(AND(ACOMPANHAMENTO=\"PLE\",ISNUMBER($E1)),SUMIF((OFFSET(CÁLCULO!$AM$15:$AW$15,$E1,0,OFFSET(ORÇAMENTO!$D$15,CRONO!$E1,0))),\"=\"&CRONO!AA$12,OFFSET(CÁLCULO!$AB$15:$AL$15,$E1,0,OFFSET(ORÇAMENTO!$D$15,CRONO!$E1,0)))+IF(AND($E3<>\"\",$E3<>0),SUMIF(CÁLCULO!$AM$15:$AW$154,\"=\"&CRONO!AA$12,CÁLCULO!$AB$15:$AL$154)/(ORÇAMENTO!$X$15-CÁLCULO.TotalAdmLocal)*CRONO!$E3,0),AA2*$R1),SUMIF(OFFSET($R3,1,0,$Q1-2),($L1+1)&\"$\",OFFSET(AA3,1,0,$Q1-2)))","v":{"$error":"#REF!"}},{"$f":"IF($Q1=2,IF(AND(ACOMPANHAMENTO=\"PLE\",ISNUMBER($E1)),SUMIF((OFFSET(CÁLCULO!$AM$15:$AW$15,$E1,0,OFFSET(ORÇAMENTO!$D$15,CRONO!$E1,0))),\"=\"&CRONO!AB$12,OFFSET(CÁLCULO!$AB$15:$AL$15,$E1,0,OFFSET(ORÇAMENTO!$D$15,CRONO!$E1,0)))+IF(AND($E3<>\"\",$E3<>0),SUMIF(CÁLCULO!$AM$15:$AW$154,\"=\"&CRONO!AB$12,CÁLCULO!$AB$15:$AL$154)/(ORÇAMENTO!$X$15-CÁLCULO.TotalAdmLocal)*CRONO!$E3,0),AB2*$R1),SUMIF(OFFSET($R3,1,0,$Q1-2),($L1+1)&\"$\",OFFSET(AB3,1,0,$Q1-2)))","v":{"$error":"#REF!"}},{"$f":"IF($Q1=2,IF(AND(ACOMPANHAMENTO=\"PLE\",ISNUMBER($E1)),SUMIF((OFFSET(CÁLCULO!$AM$15:$AW$15,$E1,0,OFFSET(ORÇAMENTO!$D$15,CRONO!$E1,0))),\"=\"&CRONO!AC$12,OFFSET(CÁLCULO!$AB$15:$AL$15,$E1,0,OFFSET(ORÇAMENTO!$D$15,CRONO!$E1,0)))+IF(AND($E3<>\"\",$E3<>0),SUMIF(CÁLCULO!$AM$15:$AW$154,\"=\"&CRONO!AC$12,CÁLCULO!$AB$15:$AL$154)/(ORÇAMENTO!$X$15-CÁLCULO.TotalAdmLocal)*CRONO!$E3,0),AC2*$R1),SUMIF(OFFSET($R3,1,0,$Q1-2),($L1+1)&\"$\",OFFSET(AC3,1,0,$Q1-2)))","v":{"$error":"#REF!"}},{"$f":"IF($Q1=2,IF(AND(ACOMPANHAMENTO=\"PLE\",ISNUMBER($E1)),SUMIF((OFFSET(CÁLCULO!$AM$15:$AW$15,$E1,0,OFFSET(ORÇAMENTO!$D$15,CRONO!$E1,0))),\"=\"&CRONO!AD$12,OFFSET(CÁLCULO!$AB$15:$AL$15,$E1,0,OFFSET(ORÇAMENTO!$D$15,CRONO!$E1,0)))+IF(AND($E3<>\"\",$E3<>0),SUMIF(CÁLCULO!$AM$15:$AW$154,\"=\"&CRONO!AD$12,CÁLCULO!$AB$15:$AL$154)/(ORÇAMENTO!$X$15-CÁLCULO.TotalAdmLocal)*CRONO!$E3,0),AD2*$R1),SUMIF(OFFSET($R3,1,0,$Q1-2),($L1+1)&\"$\",OFFSET(AD3,1,0,$Q1-2)))","v":{"$error":"#REF!"}},{"$f":"IF($Q1=2,IF(AND(ACOMPANHAMENTO=\"PLE\",ISNUMBER($E1)),SUMIF((OFFSET(CÁLCULO!$AM$15:$AW$15,$E1,0,OFFSET(ORÇAMENTO!$D$15,CRONO!$E1,0))),\"=\"&CRONO!AE$12,OFFSET(CÁLCULO!$AB$15:$AL$15,$E1,0,OFFSET(ORÇAMENTO!$D$15,CRONO!$E1,0)))+IF(AND($E3<>\"\",$E3<>0),SUMIF(CÁLCULO!$AM$15:$AW$154,\"=\"&CRONO!AE$12,CÁLCULO!$AB$15:$AL$154)/(ORÇAMENTO!$X$15-CÁLCULO.TotalAdmLocal)*CRONO!$E3,0),AE2*$R1),SUMIF(OFFSET($R3,1,0,$Q1-2),($L1+1)&\"$\",OFFSET(AE3,1,0,$Q1-2)))","v":{"$error":"#REF!"}}]
[null,null,null,null,null,null,null,null,null,null,null,null,null,null,null,null,null,{"$f":"IF(TIPOORCAMENTO=\"licitado\",\"CRONOGRAMA FÍSICO-FINANCEIRO LICITADO\",\"CRONOGRAMA FÍSICO-FINANCEIRO\")","v":"CRONOGRAMA FÍSICO-FINANCEIRO"},null,null,null,null,null,null,null,null,null,null,null,"Grau de Sigilo"]
[null,null,null,null,null,null,null,null,null,null,null,null,null,null,null,null,null,{"$f":"import.recurso","v":"(SELECIONAR)"},null,null,null,null,null,null,null,null,null,null,null,"#PUBLICO"]
[]
[null,null,null,null,null,null,"Níveis a Exibir no Cronograma:","Nº OPERAÇÃO",null,"Nº SICONV","PROPONENTE TOMADOR",null,null,null,null,null,null,null,null,"APELIDO EMPREENDIMENTO",null,null,null,null,{"$f":"IF(TIPOORCAMENTO=\"Licitado\",\"NOME DA EMPRESA\",\"DESCRIÇÃO DO LOTE\")","v":"DESCRIÇÃO DO LOTE"},null,null,null,null,null,{"$f":"IF(TIPOORCAMENTO=\"Licitado\",\"Nº CTEF\",\"\")","v":""}]
[null,null,null,null,null,"FILTRO",null,{"$f":"Import.CR","v":0},null,{"$f":"Import.SICONV","v":0},{"$f":"Import.Proponente","v":"Prefeitura Municipal de Ouro/SC"},null,null,null,null,null,null,null,null,{"$f":"Import.Apelido","v":"FECHAMENTO DA GARAGEM DE MÁQUINAS"},null,null,null,null,{"$f":"IF(TIPOORCAMENTO=\"Licitado\",Import.empresa,Import.DescLote)","v":"GARAGEM DE MÁQUINAS"},null,null,null,null,null,{"$f":"IF(TIPOORCAMENTO=\"Licitado\",Import.CTEF,\"\")","v":""}]
[]
[null,null,null,null,null,null,2,null,null,{"$f":"IF(MAX($A$13:$A$56)<CRONO.LinhasNecessarias,\"ERRO: NÚMERO DE LINHAS DO CRONOGRAMA INSUFICIENTE. CLIQUE EM ATUALIZAR LINHAS.\",IF(AND(ACOMPANHAMENTO=\"PLE\",ROUND(OFFSET($AF$66,0,-1),2)=0),\"CRONOGRAMA DEVE SER PREENCHIDO POR EVENTOS\",IF(ROUND(OFFSET($AF$66,0,-1),2)<>$Q$57,\"ERRO: CRONOGRAMA NÃO FECHA 100%\",\"\")))","v":""}]
[]
[null,null,null,{"$f":"OFFSET(D12,0,-1)+1","v":1},null,"↓","Falta distribuir:","Item","Descrição",null,null,null,null,null,null,null,null,"Valor (R$)","Parcelas:",1,{"$f":"OFFSET(U12,0,-1)+1","v":2},{"$f":"OFFSET(V12,0,-1)+1","v":3},4,5,6,7,8,9,10,11,12]
["Item CRONO","CP","OU",{"$f":"OFFSET(D13,0,-1)+41-DAY(OFFSET(D13,0,-1)+40)","v":{"$error":"#VALUE!"}},"Linha PO\nLinha QCI\nTotal Adm Local",null,null,null,null,null,null,"Nível",1,2,3,4,"Linhas a somar",null,null,"2020-08-01",{"$f":"OFFSET(U13,0,-1)+41-DAY(OFFSET(U13,0,-1)+40)","v":"2020-09-01"},{"$f":"OFFSET(V13,0,-1)+41-DAY(OFFSET(V13,0,-1)+40)","v":"2020-10-01"},{"$f":"OFFSET(W13,0,-1)+41-DAY(OFFSET(W13,0,-1)+40)","v":"2020-11-01"},"2020-12-01","2021-01-01","2021-02-01","2021-03-01","2021-04-01","2021-05-01","2021-06-01","2021-07-01"]
[{"$f":"OFFSET(A14,-3,0)+1","v":1},{"$f":"IF($Q14<>2,0,IF($R14=0,1,IF(E15>0,OFFSET(QCI!$M$13,SUBSTITUTE(E15,\".\",\"\"),0),OFFSET(ORÇAMENTO!$AA$15,CRONO!$E14,0))/$R14))","v":0},{"$f":"IF($Q14<>2,0,IF($R14=0,1,IF(E15>0,OFFSET(QCI!$N$13,SUBSTITUTE(E15,\".\",\"\"),0),OFFSET(ORÇAMENTO!$AB$15,CRONO!$E14,0))/$R14))","v":0},{"$f":"IF(AND($Q14=2,ACOMPANHAMENTO=\"BM\"),D15,D16/$R14)","v":0},{"$f":"IF(A14<=ORÇAMENTO.MáximoListaCrono,MATCH(A14,ORÇAMENTO.ListaCrono,0),NA())","v":1},{"$f":"IF(AND($E15<>-1,$R14>0),\"F\",\"\")","v":"F"},{"$f":"IF(OR(R14=0,R14=\"\"),\"Linha\",IF(AND(OR(ACOMPANHAMENTO=\"PLE\",$Q14<>2),$E15=0),\"Linha\",1-SUM(T14:AF14)))","v":"Linha"},{"$f":"IF($E15=0,OFFSET(ORÇAMENTO!O$15,$E14,0),IF($E15<>-1,OFFSET(QCI!$D$13,$E15,0),\"\"))","v":"1."},{"$f":"IF($E15=0,OFFSET(ORÇAMENTO!R$15,$E14,0),IF($E15<>-1,OFFSET(QCI!$G$13,$E15,0),\"\"))","v":"FECHAMENTO GARAGEM DE MÁQUINAS"},null,null,{"$f":"IF($E15=0,OFFSET(ORÇAMENTO!C$15,$E14,0),1)","v":1},{"$f":"IF($E15=-1,0,IF(M$13<=$L14,IF(ISERROR(MATCH(M$13,OFFSET($L14,1,0,ROW($L$56)-ROW($L14)-1),0)),ROW($L$56)-ROW($L14)-1,MATCH(M$13,OFFSET($L14,1,0,ROW($L$56)-ROW($L14)-1),0)-1),0))","v":41},{"$f":"IF($E15=-1,0,IF(N$13<=$L14,IF(ISERROR(MATCH(N$13,OFFSET($L14,1,0,ROW($L$56)-ROW($L14)-1),0)),ROW($L$56)-ROW($L14)-1,MATCH(N$13,OFFSET($L14,1,0,ROW($L$56)-ROW($L14)-1),0)-1),0))","v":0},{"$f":"IF($E15=-1,0,IF(O$13<=$L14,IF(ISERROR(MATCH(O$13,OFFSET($L14,1,0,ROW($L$56)-ROW($L14)-1),0)),ROW($L$56)-ROW($L14)-1,MATCH(O$13,OFFSET($L14,1,0,ROW($L$56)-ROW($L14)-1),0)-1),0))","v":0},{"$f":"IF($E15=-1,0,IF(P$13<=$L14,IF(ISERROR(MATCH(P$13,OFFSET($L14,1,0,ROW($L$56)-ROW($L14)-1),0)),ROW($L$56)-ROW($L14)-1,MATCH(P$13,OFFSET($L14,1,0,ROW($L$56)-ROW($L14)-1),0)-1),0))","v":0},{"$f":"MIN(OFFSET(L14,0,1,,L14))","v":41},{"$f":"IF($E15=0,OFFSET(ORÇAMENTO!X$15,$E14,0),IF($E15<>-1,OFFSET(QCI!$O$13,$E15,0),\"\"))","v":298436.46000000002},"% Período:",{"$f":"IF(AND($Q14=2,ACOMPANHAMENTO=\"BM\"),T15,T16/$R14)","v":0.19335912408289521},0.23502382215631429,0.30000832337979072,0.2716087303809997,0,0,0,0,0,0,0,0]
[null,null,null,null,{"$f":"IF(ISERROR(E14),IF(1+COUNTIF($L$13:OFFSET(L14,-1,0),1)<=MAX(QCI!$D$13:$D$24),1+COUNTIF($L$13:OFFSET(L14,-1,0),1),-1),0)","v":0},{"$f":"IF(AND($E15<>-1,$R14>0),\"F\",\"\")","v":"F"},{"$f":"IF(OR(R14=0,R14=\"\"),\"vazia\",IF(AND(OR(ACOMPANHAMENTO=\"PLE\",$Q14<>2),$E15=0),\"calculada\",\"-->\"))","v":"calculada"},null,{"$f":"IF(AND(G14<>0,ISNUMBER(G14)),\"PREENCHA ESTA LINHA -->\",\"\")","v":""}]
[null,null,null,{"$f":"IF($Q14=2,IF(AND(ACOMPANHAMENTO=\"PLE\",ISNUMBER($E14)),SUMIF((OFFSET(CÁLCULO!$AM$15:$AW$15,$E14,0,OFFSET(ORÇAMENTO!$D$15,CRONO!$E14,0))),\"=\"&CRONO!D$12,OFFSET(CÁLCULO!$AB$15:$AL$15,$E14,0,OFFSET(ORÇAMENTO!$D$15,CRONO!$E14,0)))+IF(AND($E16<>\"\",$E16<>0),SUMIF(CÁLCULO!$AM$15:$AW$154,\"=\"&CRONO!D$12,CÁLCULO!$AB$15:$AL$154)/(ORÇAMENTO!$X$15-CÁLCULO.TotalAdmLocal)*CRONO!$E16,0),D15*$R14),SUMIF(OFFSET($R16,1,0,$Q14-2),($L14+1)&\"$\",OFFSET(D16,1,0,$Q14-2)))","v":0},{"$f":"IF(OR($Q14<>2,AUTOEVENTO<>\"manual\",$E15>0),\"\",SUMIF(OFFSET(CÁLCULO!$M$15,CRONO!$E14,0,OFFSET(ORÇAMENTO!$D$15,CRONO!$E14,0)),1,OFFSET(ORÇAMENTO!$X$15,CRONO!$E14,0,OFFSET(ORÇAMENTO!$D$15,CRONO!$E14,0))))","v":""},null,null,null,null,null,null,null,null,null,null,null,null,{"$f":"L14&\"$\"","v":"1$"},null,{"$f":"IF($Q14=2,IF(AND(ACOMPANHAMENTO=\"PLE\",ISNUMBER($E14)),SUMIF((OFFSET(CÁLCULO!$AM$15:$AW$15,$E14,0,OFFSET(ORÇAMENTO!$D$15,CRONO!$E14,0))),\"<=\"&CRONO!T$12,OFFSET(CÁLCULO!$AB$15:$AL$15,$E14,0,OFFSET(ORÇAMENTO!$D$15,CRONO!$E14,0)))+IF(AND($E16<>\"\",$E16<>0),SUMIF(CÁLCULO!$AM$15:$AW$154,\"<=\"&CRONO!T$12,CÁLCULO!$AB$15:$AL$154)/(ORÇAMENTO!$X$15-CÁLCULO.TotalAdmLocal)*CRONO!$E16,0),T15*$R14),SUMIF(OFFSET($R16,1,0,$Q14-2),($L14+1)&\"$\",OFFSET(T16,1,0,$Q14-2)))","v":57705.412499999999},{"$f":"IF($Q14=2,IF(AND(ACOMPANHAMENTO=\"PLE\",ISNUMBER($E14)),SUMIF((OFFSET(CÁLCULO!$AM$15:$AW$15,$E14,0,OFFSET(ORÇAMENTO!$D$15,CRONO!$E14,0))),\"=\"&CRONO!U$12,OFFSET(CÁLCULO!$AB$15:$AL$15,$E14,0,OFFSET(ORÇAMENTO!$D$15,CRONO!$E14,0)))+IF(AND($E16<>\"\",$E16<>0),SUMIF(CÁLCULO!$AM$15:$AW$154,\"=\"&CRONO!U$12,CÁLCULO!$AB$15:$AL$154)/(ORÇAMENTO!$X$15-CÁLCULO.TotalAdmLocal)*CRONO!$E16,0),U15*$R14),SUMIF(OFFSET($R16,1,0,$Q14-2),($L14+1)&\"$\",OFFSET(U16,1,0,$Q14-2)))","v":70139.677500000005},{"$f":"IF($Q14=2,IF(AND(ACOMPANHAMENTO=\"PLE\",ISNUMBER($E14)),SUMIF((OFFSET(CÁLCULO!$AM$15:$AW$15,$E14,0,OFFSET(ORÇAMENTO!$D$15,CRONO!$E14,0))),\"=\"&CRONO!V$12,OFFSET(CÁLCULO!$AB$15:$AL$15,$E14,0,OFFSET(ORÇAMENTO!$D$15,CRONO!$E14,0)))+IF(AND($E16<>\"\",$E16<>0),SUMIF(CÁLCULO!$AM$15:$AW$154,\"=\"&CRONO!V$12,CÁLCULO!$AB$15:$AL$154)/(ORÇAMENTO!$X$15-CÁLCULO.TotalAdmLocal)*CRONO!$E16,0),V15*$R14),SUMIF(OFFSET($R16,1,0,$Q14-2),($L14+1)&\"$\",OFFSET(V16,1,0,$Q14-2)))","v":89533.421999999991},{"$f":"IF($Q14=2,IF(AND(ACOMPANHAMENTO=\"PLE\",ISNUMBER($E14)),SUMIF((OFFSET(CÁLCULO!$AM$15:$AW$15,$E14,0,OFFSET(ORÇAMENTO!$D$15,CRONO!$E14,0))),\"=\"&CRONO!W$12,OFFSET(CÁLCULO!$AB$15:$AL$15,$E14,0,OFFSET(ORÇAMENTO!$D$15,CRONO!$E14,0)))+IF(AND($E16<>\"\",$E16<>0),SUMIF(CÁLCULO!$AM$15:$AW$154,\"=\"&CRONO!W$12,CÁLCULO!$AB$15:$AL$154)/(ORÇAMENTO!$X$15-CÁLCULO.TotalAdmLocal)*CRONO!$E16,0),W15*$R14),SUMIF(OFFSET($R16,1,0,$Q14-2),($L14+1)&\"$\",OFFSET(W16,1,0,$Q14-2)))","v":81057.948000000004},{"$f":"IF($Q14=2,IF(AND(ACOMPANHAMENTO=\"PLE\",ISNUMBER($E14)),SUMIF((OFFSET(CÁLCULO!$AM$15:$AW$15,$E14,0,OFFSET(ORÇAMENTO!$D$15,CRONO!$E14,0))),\"=\"&CRONO!X$12,OFFSET(CÁLCULO!$AB$15:$AL$15,$E14,0,OFFSET(ORÇAMENTO!$D$15,CRONO!$E14,0)))+IF(AND($E16<>\"\",$E16<>0),SUMIF(CÁLCULO!$AM$15:$AW$154,\"=\"&CRONO!X$12,CÁLCULO!$AB$15:$AL$154)/(ORÇAMENTO!$X$15-CÁLCULO.TotalAdmLocal)*CRONO!$E16,0),X15*$R14),SUMIF(OFFSET($R16,1,0,$Q14-2),($L14+1)&\"$\",OFFSET(X16,1,0,$Q14-2)))","v":0},{"$f":"IF($Q14=2,IF(AND(ACOMPANHAMENTO=\"PLE\",ISNUMBER($E14)),SUMIF((OFFSET(CÁLCULO!$AM$15:$AW$15,$E14,0,OFFSET(ORÇAMENTO!$D$15,CRONO!$E14,0))),\"=\"&CRONO!Y$12,OFFSET(CÁLCULO!$AB$15:$AL$15,$E14,0,OFFSET(ORÇAMENTO!$D$15,CRONO!$E14,0)))+IF(AND($E16<>\"\",$E16<>0),SUMIF(CÁLCULO!$AM$15:$AW$154,\"=\"&CRONO!Y$12,CÁLCULO!$AB$15:$AL$154)/(ORÇAMENTO!$X$15-CÁLCULO.TotalAdmLocal)*CRONO!$E16,0),Y15*$R14),SUMIF(OFFSET($R16,1,0,$Q14-2),($L14+1)&\"$\",OFFSET(Y16,1,0,$Q14-2)))","v":0},{"$f":"IF($Q14=2,IF(AND(ACOMPANHAMENTO=\"PLE\",ISNUMBER($E14)),SUMIF((OFFSET(CÁLCULO!$AM$15:$AW$15,$E14,0,OFFSET(ORÇAMENTO!$D$15,CRONO!$E14,0))),\"=\"&CRONO!Z$12,OFFSET(CÁLCULO!$AB$15:$AL$15,$E14,0,OFFSET(ORÇAMENTO!$D$15,CRONO!$E14,0)))+IF(AND($E16<>\"\",$E16<>0),SUMIF(CÁLCULO!$AM$15:$AW$154,\"=\"&CRONO!Z$12,CÁLCULO!$AB$15:$AL$154)/(ORÇAMENTO!$X$15-CÁLCULO.TotalAdmLocal)*CRONO!$E16,0),Z15*$R14),SUMIF(OFFSET($R16,1,0,$Q14-2),($L14+1)&\"$\",OFFSET(Z16,1,0,$Q14-2)))","v":0},{"$f":"IF($Q14=2,IF(AND(ACOMPANHAMENTO=\"PLE\",ISNUMBER($E14)),SUMIF((OFFSET(CÁLCULO!$AM$15:$AW$15,$E14,0,OFFSET(ORÇAMENTO!$D$15,CRONO!$E14,0))),\"=\"&CRONO!AA$12,OFFSET(CÁLCULO!$AB$15:$AL$15,$E14,0,OFFSET(ORÇAMENTO!$D$15,CRONO!$E14,0)))+IF(AND($E16<>\"\",$E16<>0),SUMIF(CÁLCULO!$AM$15:$AW$154,\"=\"&CRONO!AA$12,CÁLCULO!$AB$15:$AL$154)/(ORÇAMENTO!$X$15-CÁLCULO.TotalAdmLocal)*CRONO!$E16,0),AA15*$R14),SUMIF(OFFSET($R16,1,0,$Q14-2),($L14+1)&\"$\",OFFSET(AA16,1,0,$Q14-2)))","v":0},{"$f":"IF($Q14=2,IF(AND(ACOMPANHAMENTO=\"PLE\",ISNUMBER($E14)),SUMIF((OFFSET(CÁLCULO!$AM$15:$AW$15,$E14,0,OFFSET(ORÇAMENTO!$D$15,CRONO!$E14,0))),\"=\"&CRONO!AB$12,OFFSET(CÁLCULO!$AB$15:$AL$15,$E14,0,OFFSET(ORÇAMENTO!$D$15,CRONO!$E14,0)))+IF(AND($E16<>\"\",$E16<>0),SUMIF(CÁLCULO!$AM$15:$AW$154,\"=\"&CRONO!AB$12,CÁLCULO!$AB$15:$AL$154)/(ORÇAMENTO!$X$15-CÁLCULO.TotalAdmLocal)*CRONO!$E16,0),AB15*$R14),SUMIF(OFFSET($R16,1,0,$Q14-2),($L14+1)&\"$\",OFFSET(AB16,1,0,$Q14-2)))","v":0},{"$f":"IF($Q14=2,IF(AND(ACOMPANHAMENTO=\"PLE\",ISNUMBER($E14)),SUMIF((OFFSET(CÁLCULO!$AM$15:$AW$15,$E14,0,OFFSET(ORÇAMENTO!$D$15,CRONO!$E14,0))),\"=\"&CRONO!AC$12,OFFSET(CÁLCULO!$AB$15:$AL$15,$E14,0,OFFSET(ORÇAMENTO!$D$15,CRONO!$E14,0)))+IF(AND($E16<>\"\",$E16<>0),SUMIF(CÁLCULO!$AM$15:$AW$154,\"=\"&CRONO!AC$12,CÁLCULO!$AB$15:$AL$154)/(ORÇAMENTO!$X$15-CÁLCULO.TotalAdmLocal)*CRONO!$E16,0),AC15*$R14),SUMIF(OFFSET($R16,1,0,$Q14-2),($L14+1)&\"$\",OFFSET(AC16,1,0,$Q14-2)))","v":0},{"$f":"IF($Q14=2,IF(AND(ACOMPANHAMENTO=\"PLE\",ISNUMBER($E14)),SUMIF((OFFSET(CÁLCULO!$AM$15:$AW$15,$E14,0,OFFSET(ORÇAMENTO!$D$15,CRONO!$E14,0))),\"=\"&CRONO!AD$12,OFFSET(CÁLCULO!$AB$15:$AL$15,$E14,0,OFFSET(ORÇAMENTO!$D$15,CRONO!$E14,0)))+IF(AND($E16<>\"\",$E16<>0),SUMIF(CÁLCULO!$AM$15:$AW$154,\"=\"&CRONO!AD$12,CÁLCULO!$AB$15:$AL$154)/(ORÇAMENTO!$X$15-CÁLCULO.TotalAdmLocal)*CRONO!$E16,0),AD15*$R14),SUMIF(OFFSET($R16,1,0,$Q14-2),($L14+1)&\"$\",OFFSET(AD16,1,0,$Q14-2)))","v":0},{"$f":"IF($Q14=2,IF(AND(ACOMPANHAMENTO=\"PLE\",ISNUMBER($E14)),SUMIF((OFFSET(CÁLCULO!$AM$15:$AW$15,$E14,0,OFFSET(ORÇAMENTO!$D$15,CRONO!$E14,0))),\"=\"&CRONO!AE$12,OFFSET(CÁLCULO!$AB$15:$AL$15,$E14,0,OFFSET(ORÇAMENTO!$D$15,CRONO!$E14,0)))+IF(AND($E16<>\"\",$E16<>0),SUMIF(CÁLCULO!$AM$15:$AW$154,\"=\"&CRONO!AE$12,CÁLCULO!$AB$15:$AL$154)/(ORÇAMENTO!$X$15-CÁLCULO.TotalAdmLocal)*CRONO!$E16,0),AE15*$R14),SUMIF(OFFSET($R16,1,0,$Q14-2),($L14+1)&\"$\",OFFSET(AE16,1,0,$Q14-2)))","v":0}]
[{"$f":"OFFSET(A17,-3,0)+1","v":2},{"$f":"IF($Q17<>2,0,IF($R17=0,1,IF(E18>0,OFFSET(QCI!$M$13,SUBSTITUTE(E18,\".\",\"\"),0),OFFSET(ORÇAMENTO!$AA$15,CRONO!$E17,0))/$R17))","v":1},{"$f":"IF($Q17<>2,0,IF($R17=0,1,IF(E18>0,OFFSET(QCI!$N$13,SUBSTITUTE(E18,\".\",\"\"),0),OFFSET(ORÇAMENTO!$AB$15,CRONO!$E17,0))/$R17))","v":0},{"$f":"IF(AND($Q17=2,ACOMPANHAMENTO=\"BM\"),D18,D19/$R17)","v":0},{"$f":"IF(A17<=ORÇAMENTO.MáximoListaCrono,MATCH(A17,ORÇAMENTO.ListaCrono,0),NA())","v":2},{"$f":"IF(AND($E18<>-1,$R17>0),\"F\",\"\")","v":"F"},{"$f":"IF(OR(R17=0,R17=\"\"),\"Linha\",IF(AND(OR(ACOMPANHAMENTO=\"PLE\",$Q17<>2),$E18=0),\"Linha\",1-SUM(T17:AF17)))","v":0},{"$f":"IF($E18=0,OFFSET(ORÇAMENTO!O$15,$E17,0),IF($E18<>-1,OFFSET(QCI!$D$13,$E18,0),\"\"))","v":"1.1."},{"$f":"IF($E18=0,OFFSET(ORÇAMENTO!R$15,$E17,0),IF($E18<>-1,OFFSET(QCI!$G$13,$E18,0),\"\"))","v":"SERVIÇOS INICIAIS"},null,null,{"$f":"IF($E18=0,OFFSET(ORÇAMENTO!C$15,$E17,0),1)","v":2},{"$f":"IF($E18=-1,0,IF(M$13<=$L17,IF(ISERROR(MATCH(M$13,OFFSET($L17,1,0,ROW($L$56)-ROW($L17)-1),0)),ROW($L$56)-ROW($L17)-1,MATCH(M$13,OFFSET($L17,1,0,ROW($L$56)-ROW($L17)-1),0)-1),0))","v":38},{"$f":"IF($E18=-1,0,IF(N$13<=$L17,IF(ISERROR(MATCH(N$13,OFFSET($L17,1,0,ROW($L$56)-ROW($L17)-1),0)),ROW($L$56)-ROW($L17)-1,MATCH(N$13,OFFSET($L17,1,0,ROW($L$56)-ROW($L17)-1),0)-1),0))","v":2},{"$f":"IF($E18=-1,0,IF(O$13<=$L17,IF(ISERROR(MATCH(O$13,OFFSET($L17,1,0,ROW($L$56)-ROW($L17)-1),0)),ROW($L$56)-ROW($L17)-1,MATCH(O$13,OFFSET($L17,1,0,ROW($L$56)-ROW($L17)-1),0)-1),0))","v":0},{"$f":"IF($E18=-1,0,IF(P$13<=$L17,IF(ISERROR(MATCH(P$13,OFFSET($L17,1,0,ROW($L$56)-ROW($L17)-1),0)),ROW($L$56)-ROW($L17)-1,MATCH(P$13,OFFSET($L17,1,0,ROW($L$56)-ROW($L17)-1),0)-1),0))","v":0},{"$f":"MIN(OFFSET(L17,0,1,,L17))","v":2},{"$f":"IF($E18=0,OFFSET(ORÇAMENTO!X$15,$E17,0),IF($E18<>-1,OFFSET(QCI!$O$13,$E18,0),\"\"))","v":752.2},"% Período:",{"$f":"IF(AND($Q17=2,ACOMPANHAMENTO=\"BM\"),T18,T19/$R17)","v":1},0,0,0,0,0,0,0,0,0,0,0]
[null,null,null,null,{"$f":"IF(ISERROR(E17),IF(1+COUNTIF($L$13:OFFSET(L17,-1,0),1)<=MAX(QCI!$D$13:$D$24),1+COUNTIF($L$13:OFFSET(L17,-1,0),1),-1),0)","v":0},{"$f":"IF(AND($E18<>-1,$R17>0),\"F\",\"\")","v":"F"},{"$f":"IF(OR(R17=0,R17=\"\"),\"vazia\",IF(AND(OR(ACOMPANHAMENTO=\"PLE\",$Q17<>2),$E18=0),\"calculada\",\"-->\"))","v":"-->"},null,{"$f":"IF(AND(G17<>0,ISNUMBER(G17)),\"PREENCHA ESTA LINHA -->\",\"\")","v":""},null,null,null,null,null,null,null,null,null,null,1]
[null,null,null,{"$f":"IF($Q17=2,IF(AND(ACOMPANHAMENTO=\"PLE\",ISNUMBER($E17)),SUMIF((OFFSET(CÁLCULO!$AM$15:$AW$15,$E17,0,OFFSET(ORÇAMENTO!$D$15,CRONO!$E17,0))),\"=\"&CRONO!D$12,OFFSET(CÁLCULO!$AB$15:$AL$15,$E17,0,OFFSET(ORÇAMENTO!$D$15,CRONO!$E17,0)))+IF(AND($E19<>\"\",$E19<>0),SUMIF(CÁLCULO!$AM$15:$AW$154,\"=\"&CRONO!D$12,CÁLCULO!$AB$15:$AL$154)/(ORÇAMENTO!$X$15-CÁLCULO.TotalAdmLocal)*CRONO!$E19,0),D18*$R17),SUMIF(OFFSET($R19,1,0,$Q17-2),($L17+1)&\"$\",OFFSET(D19,1,0,$Q17-2)))","v":0},{"$f":"IF(OR($Q17<>2,AUTOEVENTO<>\"manual\",$E18>0),\"\",SUMIF(OFFSET(CÁLCULO!$M$15,CRONO!$E17,0,OFFSET(ORÇAMENTO!$D$15,CRONO!$E17,0)),1,OFFSET(ORÇAMENTO!$X$15,CRONO!$E17,0,OFFSET(ORÇAMENTO!$D$15,CRONO!$E17,0))))","v":""},null,null,null,null,null,null,null,null,null,null,null,null,{"$f":"L17&\"$\"","v":"2$"},null,{"$f":"IF($Q17=2,IF(AND(ACOMPANHAMENTO=\"PLE\",ISNUMBER($E17)),SUMIF((OFFSET(CÁLCULO!$AM$15:$AW$15,$E17,0,OFFSET(ORÇAMENTO!$D$15,CRONO!$E17,0))),\"<=\"&CRONO!T$12,OFFSET(CÁLCULO!$AB$15:$AL$15,$E17,0,OFFSET(ORÇAMENTO!$D$15,CRONO!$E17,0)))+IF(AND($E19<>\"\",$E19<>0),SUMIF(CÁLCULO!$AM$15:$AW$154,\"<=\"&CRONO!T$12,CÁLCULO!$AB$15:$AL$154)/(ORÇAMENTO!$X$15-CÁLCULO.TotalAdmLocal)*CRONO!$E19,0),T18*$R17),SUMIF(OFFSET($R19,1,0,$Q17-2),($L17+1)&\"$\",OFFSET(T19,1,0,$Q17-2)))","v":752.2},{"$f":"IF($Q17=2,IF(AND(ACOMPANHAMENTO=\"PLE\",ISNUMBER($E17)),SUMIF((OFFSET(CÁLCULO!$AM$15:$AW$15,$E17,0,OFFSET(ORÇAMENTO!$D$15,CRONO!$E17,0))),\"=\"&CRONO!U$12,OFFSET(CÁLCULO!$AB$15:$AL$15,$E17,0,OFFSET(ORÇAMENTO!$D$15,CRONO!$E17,0)))+IF(AND($E19<>\"\",$E19<>0),SUMIF(CÁLCULO!$AM$15:$AW$154,\"=\"&CRONO!U$12,CÁLCULO!$AB$15:$AL$154)/(ORÇAMENTO!$X$15-CÁLCULO.TotalAdmLocal)*CRONO!$E19,0),U18*$R17),SUMIF(OFFSET($R19,1,0,$Q17-2),($L17+1)&\"$\",OFFSET(U19,1,0,$Q17-2)))","v":0},{"$f":"IF($Q17=2,IF(AND(ACOMPANHAMENTO=\"PLE\",ISNUMBER($E17)),SUMIF((OFFSET(CÁLCULO!$AM$15:$AW$15,$E17,0,OFFSET(ORÇAMENTO!$D$15,CRONO!$E17,0))),\"=\"&CRONO!V$12,OFFSET(CÁLCULO!$AB$15:$AL$15,$E17,0,OFFSET(ORÇAMENTO!$D$15,CRONO!$E17,0)))+IF(AND($E19<>\"\",$E19<>0),SUMIF(CÁLCULO!$AM$15:$AW$154,\"=\"&CRONO!V$12,CÁLCULO!$AB$15:$AL$154)/(ORÇAMENTO!$X$15-CÁLCULO.TotalAdmLocal)*CRONO!$E19,0),V18*$R17),SUMIF(OFFSET($R19,1,0,$Q17-2),($L17+1)&\"$\",OFFSET(V19,1,0,$Q17-2)))","v":0},{"$f":"IF($Q17=2,IF(AND(ACOMPANHAMENTO=\"PLE\",ISNUMBER($E17)),SUMIF((OFFSET(CÁLCULO!$AM$15:$AW$15,$E17,0,OFFSET(ORÇAMENTO!$D$15,CRONO!$E17,0))),\"=\"&CRONO!W$12,OFFSET(CÁLCULO!$AB$15:$AL$15,$E17,0,OFFSET(ORÇAMENTO!$D$15,CRONO!$E17,0)))+IF(AND($E19<>\"\",$E19<>0),SUMIF(CÁLCULO!$AM$15:$AW$154,\"=\"&CRONO!W$12,CÁLCULO!$AB$15:$AL$154)/(ORÇAMENTO!$X$15-CÁLCULO.TotalAdmLocal)*CRONO!$E19,0),W18*$R17),SUMIF(OFFSET($R19,1,0,$Q17-2),($L17+1)&\"$\",OFFSET(W19,1,0,$Q17-2)))","v":0},{"$f":"IF($Q17=2,IF(AND(ACOMPANHAMENTO=\"PLE\",ISNUMBER($E17)),SUMIF((OFFSET(CÁLCULO!$AM$15:$AW$15,$E17,0,OFFSET(ORÇAMENTO!$D$15,CRONO!$E17,0))),\"=\"&CRONO!X$12,OFFSET(CÁLCULO!$AB$15:$AL$15,$E17,0,OFFSET(ORÇAMENTO!$D$15,CRONO!$E17,0)))+IF(AND($E19<>\"\",$E19<>0),SUMIF(CÁLCULO!$AM$15:$AW$154,\"=\"&CRONO!X$12,CÁLCULO!$AB$15:$AL$154)/(ORÇAMENTO!$X$15-CÁLCULO.TotalAdmLocal)*CRONO!$E19,0),X18*$R17),SUMIF(OFFSET($R19,1,0,$Q17-2),($L17+1)&\"$\",OFFSET(X19,1,0,$Q17-2)))","v":0},{"$f":"IF($Q17=2,IF(AND(ACOMPANHAMENTO=\"PLE\",ISNUMBER($E17)),SUMIF((OFFSET(CÁLCULO!$AM$15:$AW$15,$E17,0,OFFSET(ORÇAMENTO!$D$15,CRONO!$E17,0))),\"=\"&CRONO!Y$12,OFFSET(CÁLCULO!$AB$15:$AL$15,$E17,0,OFFSET(ORÇAMENTO!$D$15,CRONO!$E17,0)))+IF(AND($E19<>\"\",$E19<>0),SUMIF(CÁLCULO!$AM$15:$AW$154,\"=\"&CRONO!Y$12,CÁLCULO!$AB$15:$AL$154)/(ORÇAMENTO!$X$15-CÁLCULO.TotalAdmLocal)*CRONO!$E19,0),Y18*$R17),SUMIF(OFFSET($R19,1,0,$Q17-2),($L17+1)&\"$\",OFFSET(Y19,1,0,$Q17-2)))","v":0},{"$f":"IF($Q17=2,IF(AND(ACOMPANHAMENTO=\"PLE\",ISNUMBER($E17)),SUMIF((OFFSET(CÁLCULO!$AM$15:$AW$15,$E17,0,OFFSET(ORÇAMENTO!$D$15,CRONO!$E17,0))),\"=\"&CRONO!Z$12,OFFSET(CÁLCULO!$AB$15:$AL$15,$E17,0,OFFSET(ORÇAMENTO!$D$15,CRONO!$E17,0)))+IF(AND($E19<>\"\",$E19<>0),SUMIF(CÁLCULO!$AM$15:$AW$154,\"=\"&CRONO!Z$12,CÁLCULO!$AB$15:$AL$154)/(ORÇAMENTO!$X$15-CÁLCULO.TotalAdmLocal)*CRONO!$E19,0),Z18*$R17),SUMIF(OFFSET($R19,1,0,$Q17-2),($L17+1)&\"$\",OFFSET(Z19,1,0,$Q17-2)))","v":0},{"$f":"IF($Q17=2,IF(AND(ACOMPANHAMENTO=\"PLE\",ISNUMBER($E17)),SUMIF((OFFSET(CÁLCULO!$AM$15:$AW$15,$E17,0,OFFSET(ORÇAMENTO!$D$15,CRONO!$E17,0))),\"=\"&CRONO!AA$12,OFFSET(CÁLCULO!$AB$15:$AL$15,$E17,0,OFFSET(ORÇAMENTO!$D$15,CRONO!$E17,0)))+IF(AND($E19<>\"\",$E19<>0),SUMIF(CÁLCULO!$AM$15:$AW$154,\"=\"&CRONO!AA$12,CÁLCULO!$AB$15:$AL$154)/(ORÇAMENTO!$X$15-CÁLCULO.TotalAdmLocal)*CRONO!$E19,0),AA18*$R17),SUMIF(OFFSET($R19,1,0,$Q17-2),($L17+1)&\"$\",OFFSET(AA19,1,0,$Q17-2)))","v":0},{"$f":"IF($Q17=2,IF(AND(ACOMPANHAMENTO=\"PLE\",ISNUMBER($E17)),SUMIF((OFFSET(CÁLCULO!$AM$15:$AW$15,$E17,0,OFFSET(ORÇAMENTO!$D$15,CRONO!$E17,0))),\"=\"&CRONO!AB$12,OFFSET(CÁLCULO!$AB$15:$AL$15,$E17,0,OFFSET(ORÇAMENTO!$D$15,CRONO!$E17,0)))+IF(AND($E19<>\"\",$E19<>0),SUMIF(CÁLCULO!$AM$15:$AW$154,\"=\"&CRONO!AB$12,CÁLCULO!$AB$15:$AL$154)/(ORÇAMENTO!$X$15-CÁLCULO.TotalAdmLocal)*CRONO!$E19,0),AB18*$R17),SUMIF(OFFSET($R19,1,0,$Q17-2),($L17+1)&\"$\",OFFSET(AB19,1,0,$Q17-2)))","v":0},{"$f":"IF($Q17=2,IF(AND(ACOMPANHAMENTO=\"PLE\",ISNUMBER($E17)),SUMIF((OFFSET(CÁLCULO!$AM$15:$AW$15,$E17,0,OFFSET(ORÇAMENTO!$D$15,CRONO!$E17,0))),\"=\"&CRONO!AC$12,OFFSET(CÁLCULO!$AB$15:$AL$15,$E17,0,OFFSET(ORÇAMENTO!$D$15,CRONO!$E17,0)))+IF(AND($E19<>\"\",$E19<>0),SUMIF(CÁLCULO!$AM$15:$AW$154,\"=\"&CRONO!AC$12,CÁLCULO!$AB$15:$AL$154)/(ORÇAMENTO!$X$15-CÁLCULO.TotalAdmLocal)*CRONO!$E19,0),AC18*$R17),SUMIF(OFFSET($R19,1,0,$Q17-2),($L17+1)&\"$\",OFFSET(AC19,1,0,$Q17-2)))","v":0},{"$f":"IF($Q17=2,IF(AND(ACOMPANHAMENTO=\"PLE\",ISNUMBER($E17)),SUMIF((OFFSET(CÁLCULO!$AM$15:$AW$15,$E17,0,OFFSET(ORÇAMENTO!$D$15,CRONO!$E17,0))),\"=\"&CRONO!AD$12,OFFSET(CÁLCULO!$AB$15:$AL$15,$E17,0,OFFSET(ORÇAMENTO!$D$15,CRONO!$E17,0)))+IF(AND($E19<>\"\",$E19<>0),SUMIF(CÁLCULO!$AM$15:$AW$154,\"=\"&CRONO!AD$12,CÁLCULO!$AB$15:$AL$154)/(ORÇAMENTO!$X$15-CÁLCULO.TotalAdmLocal)*CRONO!$E19,0),AD18*$R17),SUMIF(OFFSET($R19,1,0,$Q17-2),($L17+1)&\"$\",OFFSET(AD19,1,0,$Q17-2)))","v":0},{"$f":"IF($Q17=2,IF(AND(ACOMPANHAMENTO=\"PLE\",ISNUMBER($E17)),SUMIF((OFFSET(CÁLCULO!$AM$15:$AW$15,$E17,0,OFFSET(ORÇAMENTO!$D$15,CRONO!$E17,0))),\"=\"&CRONO!AE$12,OFFSET(CÁLCULO!$AB$15:$AL$15,$E17,0,OFFSET(ORÇAMENTO!$D$15,CRONO!$E17,0)))+IF(AND($E19<>\"\",$E19<>0),SUMIF(CÁLCULO!$AM$15:$AW$154,\"=\"&CRONO!AE$12,CÁLCULO!$AB$15:$AL$154)/(ORÇAMENTO!$X$15-CÁLCULO.TotalAdmLocal)*CRONO!$E19,0),AE18*$R17),SUMIF(OFFSET($R19,1,0,$Q17-2),($L17+1)&\"$\",OFFSET(AE19,1,0,$Q17-2)))","v":0}]
[{"$f":"OFFSET(A20,-3,0)+1","v":3},{"$f":"IF($Q20<>2,0,IF($R20=0,1,IF(E21>0,OFFSET(QCI!$M$13,SUBSTITUTE(E21,\".\",\"\"),0),OFFSET(ORÇAMENTO!$AA$15,CRONO!$E20,0))/$R20))","v":0.99999999999999978},{"$f":"IF($Q20<>2,0,IF($R20=0,1,IF(E21>0,OFFSET(QCI!$N$13,SUBSTITUTE(E21,\".\",\"\"),0),OFFSET(ORÇAMENTO!$AB$15,CRONO!$E20,0))/$R20))","v":0},{"$f":"IF(AND($Q20=2,ACOMPANHAMENTO=\"BM\"),D21,D22/$R20)","v":0},{"$f":"IF(A20<=ORÇAMENTO.MáximoListaCrono,MATCH(A20,ORÇAMENTO.ListaCrono,0),NA())","v":4},{"$f":"IF(AND($E21<>-1,$R20>0),\"F\",\"\")","v":"F"},{"$f":"IF(OR(R20=0,R20=\"\"),\"Linha\",IF(AND(OR(ACOMPANHAMENTO=\"PLE\",$Q20<>2),$E21=0),\"Linha\",1-SUM(T20:AF20)))","v":0},{"$f":"IF($E21=0,OFFSET(ORÇAMENTO!O$15,$E20,0),IF($E21<>-1,OFFSET(QCI!$D$13,$E21,0),\"\"))","v":"1.2."},{"$f":"IF($E21=0,OFFSET(ORÇAMENTO!R$15,$E20,0),IF($E21<>-1,OFFSET(QCI!$G$13,$E21,0),\"\"))","v":"ESTRUTURA"},null,null,{"$f":"IF($E21=0,OFFSET(ORÇAMENTO!C$15,$E20,0),1)","v":2},{"$f":"IF($E21=-1,0,IF(M$13<=$L20,IF(ISERROR(MATCH(M$13,OFFSET($L20,1,0,ROW($L$56)-ROW($L20)-1),0)),ROW($L$56)-ROW($L20)-1,MATCH(M$13,OFFSET($L20,1,0,ROW($L$56)-ROW($L20)-1),0)-1),0))","v":35},{"$f":"IF($E21=-1,0,IF(N$13<=$L20,IF(ISERROR(MATCH(N$13,OFFSET($L20,1,0,ROW($L$56)-ROW($L20)-1),0)),ROW($L$56)-ROW($L20)-1,MATCH(N$13,OFFSET($L20,1,0,ROW($L$56)-ROW($L20)-1),0)-1),0))","v":2},{"$f":"IF($E21=-1,0,IF(O$13<=$L20,IF(ISERROR(MATCH(O$13,OFFSET($L20,1,0,ROW($L$56)-ROW($L20)-1),0)),ROW($L$56)-ROW($L20)-1,MATCH(O$13,OFFSET($L20,1,0,ROW($L$56)-ROW($L20)-1),0)-1),0))","v":0},{"$f":"IF($E21=-1,0,IF(P$13<=$L20,IF(ISERROR(MATCH(P$13,OFFSET($L20,1,0,ROW($L$56)-ROW($L20)-1),0)),ROW($L$56)-ROW($L20)-1,MATCH(P$13,OFFSET($L20,1,0,ROW($L$56)-ROW($L20)-1),0)-1),0))","v":0},{"$f":"MIN(OFFSET(L20,0,1,,L20))","v":2},{"$f":"IF($E21=0,OFFSET(ORÇAMENTO!X$15,$E20,0),IF($E21<>-1,OFFSET(QCI!$O$13,$E21,0),\"\"))","v":36611.370000000003},"% Período:",{"$f":"IF(AND($Q20=2,ACOMPANHAMENTO=\"BM\"),T21,T22/$R20)","v":1},0,0,0,0,0,0,0,0,0,0,0]
[null,null,null,null,{"$f":"IF(ISERROR(E20),IF(1+COUNTIF($L$13:OFFSET(L20,-1,0),1)<=MAX(QCI!$D$13:$D$24),1+COUNTIF($L$13:OFFSET(L20,-1,0),1),-1),0)","v":0},{"$f":"IF(AND($E21<>-1,$R20>0),\"F\",\"\")","v":"F"},{"$f":"IF(OR(R20=0,R20=\"\"),\"vazia\",IF(AND(OR(ACOMPANHAMENTO=\"PLE\",$Q20<>2),$E21=0),\"calculada\",\"-->\"))","v":"-->"},null,{"$f":"IF(AND(G20<>0,ISNUMBER(G20)),\"PREENCHA ESTA LINHA -->\",\"\")","v":""},null,null,null,null,null,null,null,null,null,null,1]
[null,null,null,{"$f":"IF($Q20=2,IF(AND(ACOMPANHAMENTO=\"PLE\",ISNUMBER($E20)),SUMIF((OFFSET(CÁLCULO!$AM$15:$AW$15,$E20,0,OFFSET(ORÇAMENTO!$D$15,CRONO!$E20,0))),\"=\"&CRONO!D$12,OFFSET(CÁLCULO!$AB$15:$AL$15,$E20,0,OFFSET(ORÇAMENTO!$D$15,CRONO!$E20,0)))+IF(AND($E22<>\"\",$E22<>0),SUMIF(CÁLCULO!$AM$15:$AW$154,\"=\"&CRONO!D$12,CÁLCULO!$AB$15:$AL$154)/(ORÇAMENTO!$X$15-CÁLCULO.TotalAdmLocal)*CRONO!$E22,0),D21*$R20),SUMIF(OFFSET($R22,1,0,$Q20-2),($L20+1)&\"$\",OFFSET(D22,1,0,$Q20-2)))","v":0},{"$f":"IF(OR($Q20<>2,AUTOEVENTO<>\"manual\",$E21>0),\"\",SUMIF(OFFSET(CÁLCULO!$M$15,CRONO!$E20,0,OFFSET(ORÇAMENTO!$D$15,CRONO!$E20,0)),1,OFFSET(ORÇAMENTO!$X$15,CRONO!$E20,0,OFFSET(ORÇAMENTO!$D$15,CRONO!$E20,0))))","v":""},null,null,null,null,null,null,null,null,null,null,null,null,{"$f":"L20&\"$\"","v":"2$"},null,{"$f":"IF($Q20=2,IF(AND(ACOMPANHAMENTO=\"PLE\",ISNUMBER($E20)),SUMIF((OFFSET(CÁLCULO!$AM$15:$AW$15,$E20,0,OFFSET(ORÇAMENTO!$D$15,CRONO!$E20,0))),\"<=\"&CRONO!T$12,OFFSET(CÁLCULO!$AB$15:$AL$15,$E20,0,OFFSET(ORÇAMENTO!$D$15,CRONO!$E20,0)))+IF(AND($E22<>\"\",$E22<>0),SUMIF(CÁLCULO!$AM$15:$AW$154,\"<=\"&CRONO!T$12,CÁLCULO!$AB$15:$AL$154)/(ORÇAMENTO!$X$15-CÁLCULO.TotalAdmLocal)*CRONO!$E22,0),T21*$R20),SUMIF(OFFSET($R22,1,0,$Q20-2),($L20+1)&\"$\",OFFSET(T22,1,0,$Q20-2)))","v":36611.370000000003},{"$f":"IF($Q20=2,IF(AND(ACOMPANHAMENTO=\"PLE\",ISNUMBER($E20)),SUMIF((OFFSET(CÁLCULO!$AM$15:$AW$15,$E20,0,OFFSET(ORÇAMENTO!$D$15,CRONO!$E20,0))),\"=\"&CRONO!U$12,OFFSET(CÁLCULO!$AB$15:$AL$15,$E20,0,OFFSET(ORÇAMENTO!$D$15,CRONO!$E20,0)))+IF(AND($E22<>\"\",$E22<>0),SUMIF(CÁLCULO!$AM$15:$AW$154,\"=\"&CRONO!U$12,CÁLCULO!$AB$15:$AL$154)/(ORÇAMENTO!$X$15-CÁLCULO.TotalAdmLocal)*CRONO!$E22,0),U21*$R20),SUMIF(OFFSET($R22,1,0,$Q20-2),($L20+1)&\"$\",OFFSET(U22,1,0,$Q20-2)))","v":0},{"$f":"IF($Q20=2,IF(AND(ACOMPANHAMENTO=\"PLE\",ISNUMBER($E20)),SUMIF((OFFSET(CÁLCULO!$AM$15:$AW$15,$E20,0,OFFSET(ORÇAMENTO!$D$15,CRONO!$E20,0))),\"=\"&CRONO!V$12,OFFSET(CÁLCULO!$AB$15:$AL$15,$E20,0,OFFSET(ORÇAMENTO!$D$15,CRONO!$E20,0)))+IF(AND($E22<>\"\",$E22<>0),SUMIF(CÁLCULO!$AM$15:$AW$154,\"=\"&CRONO!V$12,CÁLCULO!$AB$15:$AL$154)/(ORÇAMENTO!$X$15-CÁLCULO.TotalAdmLocal)*CRONO!$E22,0),V21*$R20),SUMIF(OFFSET($R22,1,0,$Q20-2),($L20+1)&\"$\",OFFSET(V22,1,0,$Q20-2)))","v":0},{"$f":"IF($Q20=2,IF(AND(ACOMPANHAMENTO=\"PLE\",ISNUMBER($E20)),SUMIF((OFFSET(CÁLCULO!$AM$15:$AW$15,$E20,0,OFFSET(ORÇAMENTO!$D$15,CRONO!$E20,0))),\"=\"&CRONO!W$12,OFFSET(CÁLCULO!$AB$15:$AL$15,$E20,0,OFFSET(ORÇAMENTO!$D$15,CRONO!$E20,0)))+IF(AND($E22<>\"\",$E22<>0),SUMIF(CÁLCULO!$AM$15:$AW$154,\"=\"&CRONO!W$12,CÁLCULO!$AB$15:$AL$154)/(ORÇAMENTO!$X$15-CÁLCULO.TotalAdmLocal)*CRONO!$E22,0),W21*$R20),SUMIF(OFFSET($R22,1,0,$Q20-2),($L20+1)&\"$\",OFFSET(W22,1,0,$Q20-2)))","v":0},{"$f":"IF($Q20=2,IF(AND(ACOMPANHAMENTO=\"PLE\",ISNUMBER($E20)),SUMIF((OFFSET(CÁLCULO!$AM$15:$AW$15,$E20,0,OFFSET(ORÇAMENTO!$D$15,CRONO!$E20,0))),\"=\"&CRONO!X$12,OFFSET(CÁLCULO!$AB$15:$AL$15,$E20,0,OFFSET(ORÇAMENTO!$D$15,CRONO!$E20,0)))+IF(AND($E22<>\"\",$E22<>0),SUMIF(CÁLCULO!$AM$15:$AW$154,\"=\"&CRONO!X$12,CÁLCULO!$AB$15:$AL$154)/(ORÇAMENTO!$X$15-CÁLCULO.TotalAdmLocal)*CRONO!$E22,0),X21*$R20),SUMIF(OFFSET($R22,1,0,$Q20-2),($L20+1)&\"$\",OFFSET(X22,1,0,$Q20-2)))","v":0},{"$f":"IF($Q20=2,IF(AND(ACOMPANHAMENTO=\"PLE\",ISNUMBER($E20)),SUMIF((OFFSET(CÁLCULO!$AM$15:$AW$15,$E20,0,OFFSET(ORÇAMENTO!$D$15,CRONO!$E20,0))),\"=\"&CRONO!Y$12,OFFSET(CÁLCULO!$AB$15:$AL$15,$E20,0,OFFSET(ORÇAMENTO!$D$15,CRONO!$E20,0)))+IF(AND($E22<>\"\",$E22<>0),SUMIF(CÁLCULO!$AM$15:$AW$154,\"=\"&CRONO!Y$12,CÁLCULO!$AB$15:$AL$154)/(ORÇAMENTO!$X$15-CÁLCULO.TotalAdmLocal)*CRONO!$E22,0),Y21*$R20),SUMIF(OFFSET($R22,1,0,$Q20-2),($L20+1)&\"$\",OFFSET(Y22,1,0,$Q20-2)))","v":0},{"$f":"IF($Q20=2,IF(AND(ACOMPANHAMENTO=\"PLE\",ISNUMBER($E20)),SUMIF((OFFSET(CÁLCULO!$AM$15:$AW$15,$E20,0,OFFSET(ORÇAMENTO!$D$15,CRONO!$E20,0))),\"=\"&CRONO!Z$12,OFFSET(CÁLCULO!$AB$15:$AL$15,$E20,0,OFFSET(ORÇAMENTO!$D$15,CRONO!$E20,0)))+IF(AND($E22<>\"\",$E22<>0),SUMIF(CÁLCULO!$AM$15:$AW$154,\"=\"&CRONO!Z$12,CÁLCULO!$AB$15:$AL$154)/(ORÇAMENTO!$X$15-CÁLCULO.TotalAdmLocal)*CRONO!$E22,0),Z21*$R20),SUMIF(OFFSET($R22,1,0,$Q20-2),($L20+1)&\"$\",OFFSET(Z22,1,0,$Q20-2)))","v":0},{"$f":"IF($Q20=2,IF(AND(ACOMPANHAMENTO=\"PLE\",ISNUMBER($E20)),SUMIF((OFFSET(CÁLCULO!$AM$15:$AW$15,$E20,0,OFFSET(ORÇAMENTO!$D$15,CRONO!$E20,0))),\"=\"&CRONO!AA$12,OFFSET(CÁLCULO!$AB$15:$AL$15,$E20,0,OFFSET(ORÇAMENTO!$D$15,CRONO!$E20,0)))+IF(AND($E22<>\"\",$E22<>0),SUMIF(CÁLCULO!$AM$15:$AW$154,\"=\"&CRONO!AA$12,CÁLCULO!$AB$15:$AL$154)/(ORÇAMENTO!$X$15-CÁLCULO.TotalAdmLocal)*CRONO!$E22,0),AA21*$R20),SUMIF(OFFSET($R22,1,0,$Q20-2),($L20+1)&\"$\",OFFSET(AA22,1,0,$Q20-2)))","v":0},{"$f":"IF($Q20=2,IF(AND(ACOMPANHAMENTO=\"PLE\",ISNUMBER($E20)),SUMIF((OFFSET(CÁLCULO!$AM$15:$AW$15,$E20,0,OFFSET(ORÇAMENTO!$D$15,CRONO!$E20,0))),\"=\"&CRONO!AB$12,OFFSET(CÁLCULO!$AB$15:$AL$15,$E20,0,OFFSET(ORÇAMENTO!$D$15,CRONO!$E20,0)))+IF(AND($E22<>\"\",$E22<>0),SUMIF(CÁLCULO!$AM$15:$AW$154,\"=\"&CRONO!AB$12,CÁLCULO!$AB$15:$AL$154)/(ORÇAMENTO!$X$15-CÁLCULO.TotalAdmLocal)*CRONO!$E22,0),AB21*$R20),SUMIF(OFFSET($R22,1,0,$Q20-2),($L20+1)&\"$\",OFFSET(AB22,1,0,$Q20-2)))","v":0},{"$f":"IF($Q20=2,IF(AND(ACOMPANHAMENTO=\"PLE\",ISNUMBER($E20)),SUMIF((OFFSET(CÁLCULO!$AM$15:$AW$15,$E20,0,OFFSET(ORÇAMENTO!$D$15,CRONO!$E20,0))),\"=\"&CRONO!AC$12,OFFSET(CÁLCULO!$AB$15:$AL$15,$E20,0,OFFSET(ORÇAMENTO!$D$15,CRONO!$E20,0)))+IF(AND($E22<>\"\",$E22<>0),SUMIF(CÁLCULO!$AM$15:$AW$154,\"=\"&CRONO!AC$12,CÁLCULO!$AB$15:$AL$154)/(ORÇAMENTO!$X$15-CÁLCULO.TotalAdmLocal)*CRONO!$E22,0),AC21*$R20),SUMIF(OFFSET($R22,1,0,$Q20-2),($L20+1)&\"$\",OFFSET(AC22,1,0,$Q20-2)))","v":0},{"$f":"IF($Q20=2,IF(AND(ACOMPANHAMENTO=\"PLE\",ISNUMBER($E20)),SUMIF((OFFSET(CÁLCULO!$AM$15:$AW$15,$E20,0,OFFSET(ORÇAMENTO!$D$15,CRONO!$E20,0))),\"=\"&CRONO!AD$12,OFFSET(CÁLCULO!$AB$15:$AL$15,$E20,0,OFFSET(ORÇAMENTO!$D$15,CRONO!$E20,0)))+IF(AND($E22<>\"\",$E22<>0),SUMIF(CÁLCULO!$AM$15:$AW$154,\"=\"&CRONO!AD$12,CÁLCULO!$AB$15:$AL$154)/(ORÇAMENTO!$X$15-CÁLCULO.TotalAdmLocal)*CRONO!$E22,0),AD21*$R20),SUMIF(OFFSET($R22,1,0,$Q20-2),($L20+1)&\"$\",OFFSET(AD22,1,0,$Q20-2)))","v":0},{"$f":"IF($Q20=2,IF(AND(ACOMPANHAMENTO=\"PLE\",ISNUMBER($E20)),SUMIF((OFFSET(CÁLCULO!$AM$15:$AW$15,$E20,0,OFFSET(ORÇAMENTO!$D$15,CRONO!$E20,0))),\"=\"&CRONO!AE$12,OFFSET(CÁLCULO!$AB$15:$AL$15,$E20,0,OFFSET(ORÇAMENTO!$D$15,CRONO!$E20,0)))+IF(AND($E22<>\"\",$E22<>0),SUMIF(CÁLCULO!$AM$15:$AW$154,\"=\"&CRONO!AE$12,CÁLCULO!$AB$15:$AL$154)/(ORÇAMENTO!$X$15-CÁLCULO.TotalAdmLocal)*CRONO!$E22,0),AE21*$R20),SUMIF(OFFSET($R22,1,0,$Q20-2),($L20+1)&\"$\",OFFSET(AE22,1,0,$Q20-2)))","v":0}]
[{"$f":"OFFSET(A23,-3,0)+1","v":4},{"$f":"IF($Q23<>2,0,IF($R23=0,1,IF(E24>0,OFFSET(QCI!$M$13,SUBSTITUTE(E24,\".\",\"\"),0),OFFSET(ORÇAMENTO!$AA$15,CRONO!$E23,0))/$R23))","v":1.0000000000000002},{"$f":"IF($Q23<>2,0,IF($R23=0,1,IF(E24>0,OFFSET(QCI!$N$13,SUBSTITUTE(E24,\".\",\"\"),0),OFFSET(ORÇAMENTO!$AB$15,CRONO!$E23,0))/$R23))","v":0},{"$f":"IF(AND($Q23=2,ACOMPANHAMENTO=\"BM\"),D24,D25/$R23)","v":0},{"$f":"IF(A23<=ORÇAMENTO.MáximoListaCrono,MATCH(A23,ORÇAMENTO.ListaCrono,0),NA())","v":31},{"$f":"IF(AND($E24<>-1,$R23>0),\"F\",\"\")","v":"F"},{"$f":"IF(OR(R23=0,R23=\"\"),\"Linha\",IF(AND(OR(ACOMPANHAMENTO=\"PLE\",$Q23<>2),$E24=0),\"Linha\",1-SUM(T23:AF23)))","v":0},{"$f":"IF($E24=0,OFFSET(ORÇAMENTO!O$15,$E23,0),IF($E24<>-1,OFFSET(QCI!$D$13,$E24,0),\"\"))","v":"1.3."},{"$f":"IF($E24=0,OFFSET(ORÇAMENTO!R$15,$E23,0),IF($E24<>-1,OFFSET(QCI!$G$13,$E24,0),\"\"))","v":"ALVENARIA, REVESTIMENTO E PINTURA"},null,null,{"$f":"IF($E24=0,OFFSET(ORÇAMENTO!C$15,$E23,0),1)","v":2},{"$f":"IF($E24=-1,0,IF(M$13<=$L23,IF(ISERROR(MATCH(M$13,OFFSET($L23,1,0,ROW($L$56)-ROW($L23)-1),0)),ROW($L$56)-ROW($L23)-1,MATCH(M$13,OFFSET($L23,1,0,ROW($L$56)-ROW($L23)-1),0)-1),0))","v":32},{"$f":"IF($E24=-1,0,IF(N$13<=$L23,IF(ISERROR(MATCH(N$13,OFFSET($L23,1,0,ROW($L$56)-ROW($L23)-1),0)),ROW($L$56)-ROW($L23)-1,MATCH(N$13,OFFSET($L23,1,0,ROW($L$56)-ROW($L23)-1),0)-1),0))","v":2},{"$f":"IF($E24=-1,0,IF(O$13<=$L23,IF(ISERROR(MATCH(O$13,OFFSET($L23,1,0,ROW($L$56)-ROW($L23)-1),0)),ROW($L$56)-ROW($L23)-1,MATCH(O$13,OFFSET($L23,1,0,ROW($L$56)-ROW($L23)-1),0)-1),0))","v":0},{"$f":"IF($E24=-1,0,IF(P$13<=$L23,IF(ISERROR(MATCH(P$13,OFFSET($L23,1,0,ROW($L$56)-ROW($L23)-1),0)),ROW($L$56)-ROW($L23)-1,MATCH(P$13,OFFSET($L23,1,0,ROW($L$56)-ROW($L23)-1),0)-1),0))","v":0},{"$f":"MIN(OFFSET(L23,0,1,,L23))","v":2},{"$f":"IF($E24=0,OFFSET(ORÇAMENTO!X$15,$E23,0),IF($E24<>-1,OFFSET(QCI!$O$13,$E24,0),\"\"))","v":61155.35},"% Período:",{"$f":"IF(AND($Q23=2,ACOMPANHAMENTO=\"BM\"),T24,T25/$R23)","v":0},0.6,0.2,0.2,0,0,0,0,0,0,0,0]
[null,null,null,null,{"$f":"IF(ISERROR(E23),IF(1+COUNTIF($L$13:OFFSET(L23,-1,0),1)<=MAX(QCI!$D$13:$D$24),1+COUNTIF($L$13:OFFSET(L23,-1,0),1),-1),0)","v":0},{"$f":"IF(AND($E24<>-1,$R23>0),\"F\",\"\")","v":"F"},{"$f":"IF(OR(R23=0,R23=\"\"),\"vazia\",IF(AND(OR(ACOMPANHAMENTO=\"PLE\",$Q23<>2),$E24=0),\"calculada\",\"-->\"))","v":"-->"},null,{"$f":"IF(AND(G23<>0,ISNUMBER(G23)),\"PREENCHA ESTA LINHA -->\",\"\")","v":""},null,null,null,null,null,null,null,null,null,null,null,0.6,0.2,0.2]
[null,null,null,{"$f":"IF($Q23=2,IF(AND(ACOMPANHAMENTO=\"PLE\",ISNUMBER($E23)),SUMIF((OFFSET(CÁLCULO!$AM$15:$AW$15,$E23,0,OFFSET(ORÇAMENTO!$D$15,CRONO!$E23,0))),\"=\"&CRONO!D$12,OFFSET(CÁLCULO!$AB$15:$AL$15,$E23,0,OFFSET(ORÇAMENTO!$D$15,CRONO!$E23,0)))+IF(AND($E25<>\"\",$E25<>0),SUMIF(CÁLCULO!$AM$15:$AW$154,\"=\"&CRONO!D$12,CÁLCULO!$AB$15:$AL$154)/(ORÇAMENTO!$X$15-CÁLCULO.TotalAdmLocal)*CRONO!$E25,0),D24*$R23),SUMIF(OFFSET($R25,1,0,$Q23-2),($L23+1)&\"$\",OFFSET(D25,1,0,$Q23-2)))","v":0},{"$f":"IF(OR($Q23<>2,AUTOEVENTO<>\"manual\",$E24>0),\"\",SUMIF(OFFSET(CÁLCULO!$M$15,CRONO!$E23,0,OFFSET(ORÇAMENTO!$D$15,CRONO!$E23,0)),1,OFFSET(ORÇAMENTO!$X$15,CRONO!$E23,0,OFFSET(ORÇAMENTO!$D$15,CRONO!$E23,0))))","v":""},null,null,null,null,null,null,null,null,null,null,null,null,{"$f":"L23&\"$\"","v":"2$"},null,{"$f":"IF($Q23=2,IF(AND(ACOMPANHAMENTO=\"PLE\",ISNUMBER($E23)),SUMIF((OFFSET(CÁLCULO!$AM$15:$AW$15,$E23,0,OFFSET(ORÇAMENTO!$D$15,CRONO!$E23,0))),\"<=\"&CRONO!T$12,OFFSET(CÁLCULO!$AB$15:$AL$15,$E23,0,OFFSET(ORÇAMENTO!$D$15,CRONO!$E23,0)))+IF(AND($E25<>\"\",$E25<>0),SUMIF(CÁLCULO!$AM$15:$AW$154,\"<=\"&CRONO!T$12,CÁLCULO!$AB$15:$AL$154)/(ORÇAMENTO!$X$15-CÁLCULO.TotalAdmLocal)*CRONO!$E25,0),T24*$R23),SUMIF(OFFSET($R25,1,0,$Q23-2),($L23+1)&\"$\",OFFSET(T25,1,0,$Q23-2)))","v":0},{"$f":"IF($Q23=2,IF(AND(ACOMPANHAMENTO=\"PLE\",ISNUMBER($E23)),SUMIF((OFFSET(CÁLCULO!$AM$15:$AW$15,$E23,0,OFFSET(ORÇAMENTO!$D$15,CRONO!$E23,0))),\"=\"&CRONO!U$12,OFFSET(CÁLCULO!$AB$15:$AL$15,$E23,0,OFFSET(ORÇAMENTO!$D$15,CRONO!$E23,0)))+IF(AND($E25<>\"\",$E25<>0),SUMIF(CÁLCULO!$AM$15:$AW$154,\"=\"&CRONO!U$12,CÁLCULO!$AB$15:$AL$154)/(ORÇAMENTO!$X$15-CÁLCULO.TotalAdmLocal)*CRONO!$E25,0),U24*$R23),SUMIF(OFFSET($R25,1,0,$Q23-2),($L23+1)&\"$\",OFFSET(U25,1,0,$Q23-2)))","v":36693.21},{"$f":"IF($Q23=2,IF(AND(ACOMPANHAMENTO=\"PLE\",ISNUMBER($E23)),SUMIF((OFFSET(CÁLCULO!$AM$15:$AW$15,$E23,0,OFFSET(ORÇAMENTO!$D$15,CRONO!$E23,0))),\"=\"&CRONO!V$12,OFFSET(CÁLCULO!$AB$15:$AL$15,$E23,0,OFFSET(ORÇAMENTO!$D$15,CRONO!$E23,0)))+IF(AND($E25<>\"\",$E25<>0),SUMIF(CÁLCULO!$AM$15:$AW$154,\"=\"&CRONO!V$12,CÁLCULO!$AB$15:$AL$154)/(ORÇAMENTO!$X$15-CÁLCULO.TotalAdmLocal)*CRONO!$E25,0),V24*$R23),SUMIF(OFFSET($R25,1,0,$Q23-2),($L23+1)&\"$\",OFFSET(V25,1,0,$Q23-2)))","v":12231.07},{"$f":"IF($Q23=2,IF(AND(ACOMPANHAMENTO=\"PLE\",ISNUMBER($E23)),SUMIF((OFFSET(CÁLCULO!$AM$15:$AW$15,$E23,0,OFFSET(ORÇAMENTO!$D$15,CRONO!$E23,0))),\"=\"&CRONO!W$12,OFFSET(CÁLCULO!$AB$15:$AL$15,$E23,0,OFFSET(ORÇAMENTO!$D$15,CRONO!$E23,0)))+IF(AND($E25<>\"\",$E25<>0),SUMIF(CÁLCULO!$AM$15:$AW$154,\"=\"&CRONO!W$12,CÁLCULO!$AB$15:$AL$154)/(ORÇAMENTO!$X$15-CÁLCULO.TotalAdmLocal)*CRONO!$E25,0),W24*$R23),SUMIF(OFFSET($R25,1,0,$Q23-2),($L23+1)&\"$\",OFFSET(W25,1,0,$Q23-2)))","v":12231.07},{"$f":"IF($Q23=2,IF(AND(ACOMPANHAMENTO=\"PLE\",ISNUMBER($E23)),SUMIF((OFFSET(CÁLCULO!$AM$15:$AW$15,$E23,0,OFFSET(ORÇAMENTO!$D$15,CRONO!$E23,0))),\"=\"&CRONO!X$12,OFFSET(CÁLCULO!$AB$15:$AL$15,$E23,0,OFFSET(ORÇAMENTO!$D$15,CRONO!$E23,0)))+IF(AND($E25<>\"\",$E25<>0),SUMIF(CÁLCULO!$AM$15:$AW$154,\"=\"&CRONO!X$12,CÁLCULO!$AB$15:$AL$154)/(ORÇAMENTO!$X$15-CÁLCULO.TotalAdmLocal)*CRONO!$E25,0),X24*$R23),SUMIF(OFFSET($R25,1,0,$Q23-2),($L23+1)&\"$\",OFFSET(X25,1,0,$Q23-2)))","v":0},{"$f":"IF($Q23=2,IF(AND(ACOMPANHAMENTO=\"PLE\",ISNUMBER($E23)),SUMIF((OFFSET(CÁLCULO!$AM$15:$AW$15,$E23,0,OFFSET(ORÇAMENTO!$D$15,CRONO!$E23,0))),\"=\"&CRONO!Y$12,OFFSET(CÁLCULO!$AB$15:$AL$15,$E23,0,OFFSET(ORÇAMENTO!$D$15,CRONO!$E23,0)))+IF(AND($E25<>\"\",$E25<>0),SUMIF(CÁLCULO!$AM$15:$AW$154,\"=\"&CRONO!Y$12,CÁLCULO!$AB$15:$AL$154)/(ORÇAMENTO!$X$15-CÁLCULO.TotalAdmLocal)*CRONO!$E25,0),Y24*$R23),SUMIF(OFFSET($R25,1,0,$Q23-2),($L23+1)&\"$\",OFFSET(Y25,1,0,$Q23-2)))","v":0},{"$f":"IF($Q23=2,IF(AND(ACOMPANHAMENTO=\"PLE\",ISNUMBER($E23)),SUMIF((OFFSET(CÁLCULO!$AM$15:$AW$15,$E23,0,OFFSET(ORÇAMENTO!$D$15,CRONO!$E23,0))),\"=\"&CRONO!Z$12,OFFSET(CÁLCULO!$AB$15:$AL$15,$E23,0,OFFSET(ORÇAMENTO!$D$15,CRONO!$E23,0)))+IF(AND($E25<>\"\",$E25<>0),SUMIF(CÁLCULO!$AM$15:$AW$154,\"=\"&CRONO!Z$12,CÁLCULO!$AB$15:$AL$154)/(ORÇAMENTO!$X$15-CÁLCULO.TotalAdmLocal)*CRONO!$E25,0),Z24*$R23),SUMIF(OFFSET($R25,1,0,$Q23-2),($L23+1)&\"$\",OFFSET(Z25,1,0,$Q23-2)))","v":0},{"$f":"IF($Q23=2,IF(AND(ACOMPANHAMENTO=\"PLE\",ISNUMBER($E23)),SUMIF((OFFSET(CÁLCULO!$AM$15:$AW$15,$E23,0,OFFSET(ORÇAMENTO!$D$15,CRONO!$E23,0))),\"=\"&CRONO!AA$12,OFFSET(CÁLCULO!$AB$15:$AL$15,$E23,0,OFFSET(ORÇAMENTO!$D$15,CRONO!$E23,0)))+IF(AND($E25<>\"\",$E25<>0),SUMIF(CÁLCULO!$AM$15:$AW$154,\"=\"&CRONO!AA$12,CÁLCULO!$AB$15:$AL$154)/(ORÇAMENTO!$X$15-CÁLCULO.TotalAdmLocal)*CRONO!$E25,0),AA24*$R23),SUMIF(OFFSET($R25,1,0,$Q23-2),($L23+1)&\"$\",OFFSET(AA25,1,0,$Q23-2)))","v":0},{"$f":"IF($Q23=2,IF(AND(ACOMPANHAMENTO=\"PLE\",ISNUMBER($E23)),SUMIF((OFFSET(CÁLCULO!$AM$15:$AW$15,$E23,0,OFFSET(ORÇAMENTO!$D$15,CRONO!$E23,0))),\"=\"&CRONO!AB$12,OFFSET(CÁLCULO!$AB$15:$AL$15,$E23,0,OFFSET(ORÇAMENTO!$D$15,CRONO!$E23,0)))+IF(AND($E25<>\"\",$E25<>0),SUMIF(CÁLCULO!$AM$15:$AW$154,\"=\"&CRONO!AB$12,CÁLCULO!$AB$15:$AL$154)/(ORÇAMENTO!$X$15-CÁLCULO.TotalAdmLocal)*CRONO!$E25,0),AB24*$R23),SUMIF(OFFSET($R25,1,0,$Q23-2),($L23+1)&\"$\",OFFSET(AB25,1,0,$Q23-2)))","v":0},{"$f":"IF($Q23=2,IF(AND(ACOMPANHAMENTO=\"PLE\",ISNUMBER($E23)),SUMIF((OFFSET(CÁLCULO!$AM$15:$AW$15,$E23,0,OFFSET(ORÇAMENTO!$D$15,CRONO!$E23,0))),\"=\"&CRONO!AC$12,OFFSET(CÁLCULO!$AB$15:$AL$15,$E23,0,OFFSET(ORÇAMENTO!$D$15,CRONO!$E23,0)))+IF(AND($E25<>\"\",$E25<>0),SUMIF(CÁLCULO!$AM$15:$AW$154,\"=\"&CRONO!AC$12,CÁLCULO!$AB$15:$AL$154)/(ORÇAMENTO!$X$15-CÁLCULO.TotalAdmLocal)*CRONO!$E25,0),AC24*$R23),SUMIF(OFFSET($R25,1,0,$Q23-2),($L23+1)&\"$\",OFFSET(AC25,1,0,$Q23-2)))","v":0},{"$f":"IF($Q23=2,IF(AND(ACOMPANHAMENTO=\"PLE\",ISNUMBER($E23)),SUMIF((OFFSET(CÁLCULO!$AM$15:$AW$15,$E23,0,OFFSET(ORÇAMENTO!$D$15,CRONO!$E23,0))),\"=\"&CRONO!AD$12,OFFSET(CÁLCULO!$AB$15:$AL$15,$E23,0,OFFSET(ORÇAMENTO!$D$15,CRONO!$E23,0)))+IF(AND($E25<>\"\",$E25<>0),SUMIF(CÁLCULO!$AM$15:$AW$154,\"=\"&CRONO!AD$12,CÁLCULO!$AB$15:$AL$154)/(ORÇAMENTO!$X$15-CÁLCULO.TotalAdmLocal)*CRONO!$E25,0),AD24*$R23),SUMIF(OFFSET($R25,1,0,$Q23-2),($L23+1)&\"$\",OFFSET(AD25,1,0,$Q23-2)))","v":0},{"$f":"IF($Q23=2,IF(AND(ACOMPANHAMENTO=\"PLE\",ISNUMBER($E23)),SUMIF((OFFSET(CÁLCULO!$AM$15:$AW$15,$E23,0,OFFSET(ORÇAMENTO!$D$15,CRONO!$E23,0))),\"=\"&CRONO!AE$12,OFFSET(CÁLCULO!$AB$15:$AL$15,$E23,0,OFFSET(ORÇAMENTO!$D$15,CRONO!$E23,0)))+IF(AND($E25<>\"\",$E25<>0),SUMIF(CÁLCULO!$AM$15:$AW$154,\"=\"&CRONO!AE$12,CÁLCULO!$AB$15:$AL$154)/(ORÇAMENTO!$X$15-CÁLCULO.TotalAdmLocal)*CRONO!$E25,0),AE24*$R23),SUMIF(OFFSET($R25,1,0,$Q23-2),($L23+1)&\"$\",OFFSET(AE25,1,0,$Q23-2)))","v":0}]
[{"$f":"OFFSET(A26,-3,0)+1","v":5},{"$f":"IF($Q26<>2,0,IF($R26=0,1,IF(E27>0,OFFSET(QCI!$M$13,SUBSTITUTE(E27,\".\",\"\"),0),OFFSET(ORÇAMENTO!$AA$15,CRONO!$E26,0))/$R26))","v":1},{"$f":"IF($Q26<>2,0,IF($R26=0,1,IF(E27>0,OFFSET(QCI!$N$13,SUBSTITUTE(E27,\".\",\"\"),0),OFFSET(ORÇAMENTO!$AB$15,CRONO!$E26,0))/$R26))","v":0},{"$f":"IF(AND($Q26=2,ACOMPANHAMENTO=\"BM\"),D27,D28/$R26)","v":0},{"$f":"IF(A26<=ORÇAMENTO.MáximoListaCrono,MATCH(A26,ORÇAMENTO.ListaCrono,0),NA())","v":41},{"$f":"IF(AND($E27<>-1,$R26>0),\"F\",\"\")","v":"F"},{"$f":"IF(OR(R26=0,R26=\"\"),\"Linha\",IF(AND(OR(ACOMPANHAMENTO=\"PLE\",$Q26<>2),$E27=0),\"Linha\",1-SUM(T26:AF26)))","v":0},{"$f":"IF($E27=0,OFFSET(ORÇAMENTO!O$15,$E26,0),IF($E27<>-1,OFFSET(QCI!$D$13,$E27,0),\"\"))","v":"1.4."},{"$f":"IF($E27=0,OFFSET(ORÇAMENTO!R$15,$E26,0),IF($E27<>-1,OFFSET(QCI!$G$13,$E27,0),\"\"))","v":"FORRO"},null,null,{"$f":"IF($E27=0,OFFSET(ORÇAMENTO!C$15,$E26,0),1)","v":2},{"$f":"IF($E27=-1,0,IF(M$13<=$L26,IF(ISERROR(MATCH(M$13,OFFSET($L26,1,0,ROW($L$56)-ROW($L26)-1),0)),ROW($L$56)-ROW($L26)-1,MATCH(M$13,OFFSET($L26,1,0,ROW($L$56)-ROW($L26)-1),0)-1),0))","v":29},{"$f":"IF($E27=-1,0,IF(N$13<=$L26,IF(ISERROR(MATCH(N$13,OFFSET($L26,1,0,ROW($L$56)-ROW($L26)-1),0)),ROW($L$56)-ROW($L26)-1,MATCH(N$13,OFFSET($L26,1,0,ROW($L$56)-ROW($L26)-1),0)-1),0))","v":2},{"$f":"IF($E27=-1,0,IF(O$13<=$L26,IF(ISERROR(MATCH(O$13,OFFSET($L26,1,0,ROW($L$56)-ROW($L26)-1),0)),ROW($L$56)-ROW($L26)-1,MATCH(O$13,OFFSET($L26,1,0,ROW($L$56)-ROW($L26)-1),0)-1),0))","v":0},{"$f":"IF($E27=-1,0,IF(P$13<=$L26,IF(ISERROR(MATCH(P$13,OFFSET($L26,1,0,ROW($L$56)-ROW($L26)-1),0)),ROW($L$56)-ROW($L26)-1,MATCH(P$13,OFFSET($L26,1,0,ROW($L$56)-ROW($L26)-1),0)-1),0))","v":0},{"$f":"MIN(OFFSET(L26,0,1,,L26))","v":2},{"$f":"IF($E27=0,OFFSET(ORÇAMENTO!X$15,$E26,0),IF($E27<>-1,OFFSET(QCI!$O$13,$E27,0),\"\"))","v":3828.95},"% Período:",{"$f":"IF(AND($Q26=2,ACOMPANHAMENTO=\"BM\"),T27,T28/$R26)","v":0},0,0,1,0,0,0,0,0,0,0,0]
[null,null,null,null,{"$f":"IF(ISERROR(E26),IF(1+COUNTIF($L$13:OFFSET(L26,-1,0),1)<=MAX(QCI!$D$13:$D$24),1+COUNTIF($L$13:OFFSET(L26,-1,0),1),-1),0)","v":0},{"$f":"IF(AND($E27<>-1,$R26>0),\"F\",\"\")","v":"F"},{"$f":"IF(OR(R26=0,R26=\"\"),\"vazia\",IF(AND(OR(ACOMPANHAMENTO=\"PLE\",$Q26<>2),$E27=0),\"calculada\",\"-->\"))","v":"-->"},null,{"$f":"IF(AND(G26<>0,ISNUMBER(G26)),\"PREENCHA ESTA LINHA -->\",\"\")","v":""},null,null,null,null,null,null,null,null,null,null,null,null,null,1]
[null,null,null,{"$f":"IF($Q26=2,IF(AND(ACOMPANHAMENTO=\"PLE\",ISNUMBER($E26)),SUMIF((OFFSET(CÁLCULO!$AM$15:$AW$15,$E26,0,OFFSET(ORÇAMENTO!$D$15,CRONO!$E26,0))),\"=\"&CRONO!D$12,OFFSET(CÁLCULO!$AB$15:$AL$15,$E26,0,OFFSET(ORÇAMENTO!$D$15,CRONO!$E26,0)))+IF(AND($E28<>\"\",$E28<>0),SUMIF(CÁLCULO!$AM$15:$AW$154,\"=\"&CRONO!D$12,CÁLCULO!$AB$15:$AL$154)/(ORÇAMENTO!$X$15-CÁLCULO.TotalAdmLocal)*CRONO!$E28,0),D27*$R26),SUMIF(OFFSET($R28,1,0,$Q26-2),($L26+1)&\"$\",OFFSET(D28,1,0,$Q26-2)))","v":0},{"$f":"IF(OR($Q26<>2,AUTOEVENTO<>\"manual\",$E27>0),\"\",SUMIF(OFFSET(CÁLCULO!$M$15,CRONO!$E26,0,OFFSET(ORÇAMENTO!$D$15,CRONO!$E26,0)),1,OFFSET(ORÇAMENTO!$X$15,CRONO!$E26,0,OFFSET(ORÇAMENTO!$D$15,CRONO!$E26,0))))","v":""},null,null,null,null,null,null,null,null,null,null,null,null,{"$f":"L26&\"$\"","v":"2$"},null,{"$f":"IF($Q26=2,IF(AND(ACOMPANHAMENTO=\"PLE\",ISNUMBER($E26)),SUMIF((OFFSET(CÁLCULO!$AM$15:$AW$15,$E26,0,OFFSET(ORÇAMENTO!$D$15,CRONO!$E26,0))),\"<=\"&CRONO!T$12,OFFSET(CÁLCULO!$AB$15:$AL$15,$E26,0,OFFSET(ORÇAMENTO!$D$15,CRONO!$E26,0)))+IF(AND($E28<>\"\",$E28<>0),SUMIF(CÁLCULO!$AM$15:$AW$154,\"<=\"&CRONO!T$12,CÁLCULO!$AB$15:$AL$154)/(ORÇAMENTO!$X$15-CÁLCULO.TotalAdmLocal)*CRONO!$E28,0),T27*$R26),SUMIF(OFFSET($R28,1,0,$Q26-2),($L26+1)&\"$\",OFFSET(T28,1,0,$Q26-2)))","v":0},{"$f":"IF($Q26=2,IF(AND(ACOMPANHAMENTO=\"PLE\",ISNUMBER($E26)),SUMIF((OFFSET(CÁLCULO!$AM$15:$AW$15,$E26,0,OFFSET(ORÇAMENTO!$D$15,CRONO!$E26,0))),\"=\"&CRONO!U$12,OFFSET(CÁLCULO!$AB$15:$AL$15,$E26,0,OFFSET(ORÇAMENTO!$D$15,CRONO!$E26,0)))+IF(AND($E28<>\"\",$E28<>0),SUMIF(CÁLCULO!$AM$15:$AW$154,\"=\"&CRONO!U$12,CÁLCULO!$AB$15:$AL$154)/(ORÇAMENTO!$X$15-CÁLCULO.TotalAdmLocal)*CRONO!$E28,0),U27*$R26),SUMIF(OFFSET($R28,1,0,$Q26-2),($L26+1)&\"$\",OFFSET(U28,1,0,$Q26-2)))","v":0},{"$f":"IF($Q26=2,IF(AND(ACOMPANHAMENTO=\"PLE\",ISNUMBER($E26)),SUMIF((OFFSET(CÁLCULO!$AM$15:$AW$15,$E26,0,OFFSET(ORÇAMENTO!$D$15,CRONO!$E26,0))),\"=\"&CRONO!V$12,OFFSET(CÁLCULO!$AB$15:$AL$15,$E26,0,OFFSET(ORÇAMENTO!$D$15,CRONO!$E26,0)))+IF(AND($E28<>\"\",$E28<>0),SUMIF(CÁLCULO!$AM$15:$AW$154,\"=\"&CRONO!V$12,CÁLCULO!$AB$15:$AL$154)/(ORÇAMENTO!$X$15-CÁLCULO.TotalAdmLocal)*CRONO!$E28,0),V27*$R26),SUMIF(OFFSET($R28,1,0,$Q26-2),($L26+1)&\"$\",OFFSET(V28,1,0,$Q26-2)))","v":0},{"$f":"IF($Q26=2,IF(AND(ACOMPANHAMENTO=\"PLE\",ISNUMBER($E26)),SUMIF((OFFSET(CÁLCULO!$AM$15:$AW$15,$E26,0,OFFSET(ORÇAMENTO!$D$15,CRONO!$E26,0))),\"=\"&CRONO!W$12,OFFSET(CÁLCULO!$AB$15:$AL$15,$E26,0,OFFSET(ORÇAMENTO!$D$15,CRONO!$E26,0)))+IF(AND($E28<>\"\",$E28<>0),SUMIF(CÁLCULO!$AM$15:$AW$154,\"=\"&CRONO!W$12,CÁLCULO!$AB$15:$AL$154)/(ORÇAMENTO!$X$15-CÁLCULO.TotalAdmLocal)*CRONO!$E28,0),W27*$R26),SUMIF(OFFSET($R28,1,0,$Q26-2),($L26+1)&\"$\",OFFSET(W28,1,0,$Q26-2)))","v":3828.95},{"$f":"IF($Q26=2,IF(AND(ACOMPANHAMENTO=\"PLE\",ISNUMBER($E26)),SUMIF((OFFSET(CÁLCULO!$AM$15:$AW$15,$E26,0,OFFSET(ORÇAMENTO!$D$15,CRONO!$E26,0))),\"=\"&CRONO!X$12,OFFSET(CÁLCULO!$AB$15:$AL$15,$E26,0,OFFSET(ORÇAMENTO!$D$15,CRONO!$E26,0)))+IF(AND($E28<>\"\",$E28<>0),SUMIF(CÁLCULO!$AM$15:$AW$154,\"=\"&CRONO!X$12,CÁLCULO!$AB$15:$AL$154)/(ORÇAMENTO!$X$15-CÁLCULO.TotalAdmLocal)*CRONO!$E28,0),X27*$R26),SUMIF(OFFSET($R28,1,0,$Q26-2),($L26+1)&\"$\",OFFSET(X28,1,0,$Q26-2)))","v":0},{"$f":"IF($Q26=2,IF(AND(ACOMPANHAMENTO=\"PLE\",ISNUMBER($E26)),SUMIF((OFFSET(CÁLCULO!$AM$15:$AW$15,$E26,0,OFFSET(ORÇAMENTO!$D$15,CRONO!$E26,0))),\"=\"&CRONO!Y$12,OFFSET(CÁLCULO!$AB$15:$AL$15,$E26,0,OFFSET(ORÇAMENTO!$D$15,CRONO!$E26,0)))+IF(AND($E28<>\"\",$E28<>0),SUMIF(CÁLCULO!$AM$15:$AW$154,\"=\"&CRONO!Y$12,CÁLCULO!$AB$15:$AL$154)/(ORÇAMENTO!$X$15-CÁLCULO.TotalAdmLocal)*CRONO!$E28,0),Y27*$R26),SUMIF(OFFSET($R28,1,0,$Q26-2),($L26+1)&\"$\",OFFSET(Y28,1,0,$Q26-2)))","v":0},{"$f":"IF($Q26=2,IF(AND(ACOMPANHAMENTO=\"PLE\",ISNUMBER($E26)),SUMIF((OFFSET(CÁLCULO!$AM$15:$AW$15,$E26,0,OFFSET(ORÇAMENTO!$D$15,CRONO!$E26,0))),\"=\"&CRONO!Z$12,OFFSET(CÁLCULO!$AB$15:$AL$15,$E26,0,OFFSET(ORÇAMENTO!$D$15,CRONO!$E26,0)))+IF(AND($E28<>\"\",$E28<>0),SUMIF(CÁLCULO!$AM$15:$AW$154,\"=\"&CRONO!Z$12,CÁLCULO!$AB$15:$AL$154)/(ORÇAMENTO!$X$15-CÁLCULO.TotalAdmLocal)*CRONO!$E28,0),Z27*$R26),SUMIF(OFFSET($R28,1,0,$Q26-2),($L26+1)&\"$\",OFFSET(Z28,1,0,$Q26-2)))","v":0},{"$f":"IF($Q26=2,IF(AND(ACOMPANHAMENTO=\"PLE\",ISNUMBER($E26)),SUMIF((OFFSET(CÁLCULO!$AM$15:$AW$15,$E26,0,OFFSET(ORÇAMENTO!$D$15,CRONO!$E26,0))),\"=\"&CRONO!AA$12,OFFSET(CÁLCULO!$AB$15:$AL$15,$E26,0,OFFSET(ORÇAMENTO!$D$15,CRONO!$E26,0)))+IF(AND($E28<>\"\",$E28<>0),SUMIF(CÁLCULO!$AM$15:$AW$154,\"=\"&CRONO!AA$12,CÁLCULO!$AB$15:$AL$154)/(ORÇAMENTO!$X$15-CÁLCULO.TotalAdmLocal)*CRONO!$E28,0),AA27*$R26),SUMIF(OFFSET($R28,1,0,$Q26-2),($L26+1)&\"$\",OFFSET(AA28,1,0,$Q26-2)))","v":0},{"$f":"IF($Q26=2,IF(AND(ACOMPANHAMENTO=\"PLE\",ISNUMBER($E26)),SUMIF((OFFSET(CÁLCULO!$AM$15:$AW$15,$E26,0,OFFSET(ORÇAMENTO!$D$15,CRONO!$E26,0))),\"=\"&CRONO!AB$12,OFFSET(CÁLCULO!$AB$15:$AL$15,$E26,0,OFFSET(ORÇAMENTO!$D$15,CRONO!$E26,0)))+IF(AND($E28<>\"\",$E28<>0),SUMIF(CÁLCULO!$AM$15:$AW$154,\"=\"&CRONO!AB$12,CÁLCULO!$AB$15:$AL$154)/(ORÇAMENTO!$X$15-CÁLCULO.TotalAdmLocal)*CRONO!$E28,0),AB27*$R26),SUMIF(OFFSET($R28,1,0,$Q26-2),($L26+1)&\"$\",OFFSET(AB28,1,0,$Q26-2)))","v":0},{"$f":"IF($Q26=2,IF(AND(ACOMPANHAMENTO=\"PLE\",ISNUMBER($E26)),SUMIF((OFFSET(CÁLCULO!$AM$15:$AW$15,$E26,0,OFFSET(ORÇAMENTO!$D$15,CRONO!$E26,0))),\"=\"&CRONO!AC$12,OFFSET(CÁLCULO!$AB$15:$AL$15,$E26,0,OFFSET(ORÇAMENTO!$D$15,CRONO!$E26,0)))+IF(AND($E28<>\"\",$E28<>0),SUMIF(CÁLCULO!$AM$15:$AW$154,\"=\"&CRONO!AC$12,CÁLCULO!$AB$15:$AL$154)/(ORÇAMENTO!$X$15-CÁLCULO.TotalAdmLocal)*CRONO!$E28,0),AC27*$R26),SUMIF(OFFSET($R28,1,0,$Q26-2),($L26+1)&\"$\",OFFSET(AC28,1,0,$Q26-2)))","v":0},{"$f":"IF($Q26=2,IF(AND(ACOMPANHAMENTO=\"PLE\",ISNUMBER($E26)),SUMIF((OFFSET(CÁLCULO!$AM$15:$AW$15,$E26,0,OFFSET(ORÇAMENTO!$D$15,CRONO!$E26,0))),\"=\"&CRONO!AD$12,OFFSET(CÁLCULO!$AB$15:$AL$15,$E26,0,OFFSET(ORÇAMENTO!$D$15,CRONO!$E26,0)))+IF(AND($E28<>\"\",$E28<>0),SUMIF(CÁLCULO!$AM$15:$AW$154,\"=\"&CRONO!AD$12,CÁLCULO!$AB$15:$AL$154)/(ORÇAMENTO!$X$15-CÁLCULO.TotalAdmLocal)*CRONO!$E28,0),AD27*$R26),SUMIF(OFFSET($R28,1,0,$Q26-2),($L26+1)&\"$\",OFFSET(AD28,1,0,$Q26-2)))","v":0},{"$f":"IF($Q26=2,IF(AND(ACOMPANHAMENTO=\"PLE\",ISNUMBER($E26)),SUMIF((OFFSET(CÁLCULO!$AM$15:$AW$15,$E26,0,OFFSET(ORÇAMENTO!$D$15,CRONO!$E26,0))),\"=\"&CRONO!AE$12,OFFSET(CÁLCULO!$AB$15:$AL$15,$E26,0,OFFSET(ORÇAMENTO!$D$15,CRONO!$E26,0)))+IF(AND($E28<>\"\",$E28<>0),SUMIF(CÁLCULO!$AM$15:$AW$154,\"=\"&CRONO!AE$12,CÁLCULO!$AB$15:$AL$154)/(ORÇAMENTO!$X$15-CÁLCULO.TotalAdmLocal)*CRONO!$E28,0),AE27*$R26),SUMIF(OFFSET($R28,1,0,$Q26-2),($L26+1)&\"$\",OFFSET(AE28,1,0,$Q26-2)))","v":0}]
[{"$f":"OFFSET(A29,-3,0)+1","v":6},{"$f":"IF($Q29<>2,0,IF($R29=0,1,IF(E30>0,OFFSET(QCI!$M$13,SUBSTITUTE(E30,\".\",\"\"),0),OFFSET(ORÇAMENTO!$AA$15,CRONO!$E29,0))/$R29))","v":1},{"$f":"IF($Q29<>2,0,IF($R29=0,1,IF(E30>0,OFFSET(QCI!$N$13,SUBSTITUTE(E30,\".\",\"\"),0),OFFSET(ORÇAMENTO!$AB$15,CRONO!$E29,0))/$R29))","v":0},{"$f":"IF(AND($Q29=2,ACOMPANHAMENTO=\"BM\"),D30,D31/$R29)","v":0},{"$f":"IF(A29<=ORÇAMENTO.MáximoListaCrono,MATCH(A29,ORÇAMENTO.ListaCrono,0),NA())","v":44},{"$f":"IF(AND($E30<>-1,$R29>0),\"F\",\"\")","v":"F"},{"$f":"IF(OR(R29=0,R29=\"\"),\"Linha\",IF(AND(OR(ACOMPANHAMENTO=\"PLE\",$Q29<>2),$E30=0),\"Linha\",1-SUM(T29:AF29)))","v":0},{"$f":"IF($E30=0,OFFSET(ORÇAMENTO!O$15,$E29,0),IF($E30<>-1,OFFSET(QCI!$D$13,$E30,0),\"\"))","v":"1.5."},{"$f":"IF($E30=0,OFFSET(ORÇAMENTO!R$15,$E29,0),IF($E30<>-1,OFFSET(QCI!$G$13,$E30,0),\"\"))","v":"ESQUADRIAS"},null,null,{"$f":"IF($E30=0,OFFSET(ORÇAMENTO!C$15,$E29,0),1)","v":2},{"$f":"IF($E30=-1,0,IF(M$13<=$L29,IF(ISERROR(MATCH(M$13,OFFSET($L29,1,0,ROW($L$56)-ROW($L29)-1),0)),ROW($L$56)-ROW($L29)-1,MATCH(M$13,OFFSET($L29,1,0,ROW($L$56)-ROW($L29)-1),0)-1),0))","v":26},{"$f":"IF($E30=-1,0,IF(N$13<=$L29,IF(ISERROR(MATCH(N$13,OFFSET($L29,1,0,ROW($L$56)-ROW($L29)-1),0)),ROW($L$56)-ROW($L29)-1,MATCH(N$13,OFFSET($L29,1,0,ROW($L$56)-ROW($L29)-1),0)-1),0))","v":2},{"$f":"IF($E30=-1,0,IF(O$13<=$L29,IF(ISERROR(MATCH(O$13,OFFSET($L29,1,0,ROW($L$56)-ROW($L29)-1),0)),ROW($L$56)-ROW($L29)-1,MATCH(O$13,OFFSET($L29,1,0,ROW($L$56)-ROW($L29)-1),0)-1),0))","v":0},{"$f":"IF($E30=-1,0,IF(P$13<=$L29,IF(ISERROR(MATCH(P$13,OFFSET($L29,1,0,ROW($L$56)-ROW($L29)-1),0)),ROW($L$56)-ROW($L29)-1,MATCH(P$13,OFFSET($L29,1,0,ROW($L$56)-ROW($L29)-1),0)-1),0))","v":0},{"$f":"MIN(OFFSET(L29,0,1,,L29))","v":2},{"$f":"IF($E30=0,OFFSET(ORÇAMENTO!X$15,$E29,0),IF($E30<>-1,OFFSET(QCI!$O$13,$E30,0),\"\"))","v":20845.04},"% Período:",{"$f":"IF(AND($Q29=2,ACOMPANHAMENTO=\"BM\"),T30,T31/$R29)","v":0},0,1,0,0,0,0,0,0,0,0,0]
[null,null,null,null,{"$f":"IF(ISERROR(E29),IF(1+COUNTIF($L$13:OFFSET(L29,-1,0),1)<=MAX(QCI!$D$13:$D$24),1+COUNTIF($L$13:OFFSET(L29,-1,0),1),-1),0)","v":0},{"$f":"IF(AND($E30<>-1,$R29>0),\"F\",\"\")","v":"F"},{"$f":"IF(OR(R29=0,R29=\"\"),\"vazia\",IF(AND(OR(ACOMPANHAMENTO=\"PLE\",$Q29<>2),$E30=0),\"calculada\",\"-->\"))","v":"-->"},null,{"$f":"IF(AND(G29<>0,ISNUMBER(G29)),\"PREENCHA ESTA LINHA -->\",\"\")","v":""},null,null,null,null,null,null,null,null,null,null,null,null,1]
[null,null,null,{"$f":"IF($Q29=2,IF(AND(ACOMPANHAMENTO=\"PLE\",ISNUMBER($E29)),SUMIF((OFFSET(CÁLCULO!$AM$15:$AW$15,$E29,0,OFFSET(ORÇAMENTO!$D$15,CRONO!$E29,0))),\"=\"&CRONO!D$12,OFFSET(CÁLCULO!$AB$15:$AL$15,$E29,0,OFFSET(ORÇAMENTO!$D$15,CRONO!$E29,0)))+IF(AND($E31<>\"\",$E31<>0),SUMIF(CÁLCULO!$AM$15:$AW$154,\"=\"&CRONO!D$12,CÁLCULO!$AB$15:$AL$154)/(ORÇAMENTO!$X$15-CÁLCULO.TotalAdmLocal)*CRONO!$E31,0),D30*$R29),SUMIF(OFFSET($R31,1,0,$Q29-2),($L29+1)&\"$\",OFFSET(D31,1,0,$Q29-2)))","v":0},{"$f":"IF(OR($Q29<>2,AUTOEVENTO<>\"manual\",$E30>0),\"\",SUMIF(OFFSET(CÁLCULO!$M$15,CRONO!$E29,0,OFFSET(ORÇAMENTO!$D$15,CRONO!$E29,0)),1,OFFSET(ORÇAMENTO!$X$15,CRONO!$E29,0,OFFSET(ORÇAMENTO!$D$15,CRONO!$E29,0))))","v":""},null,null,null,null,null,null,null,null,null,null,null,null,{"$f":"L29&\"$\"","v":"2$"},null,{"$f":"IF($Q29=2,IF(AND(ACOMPANHAMENTO=\"PLE\",ISNUMBER($E29)),SUMIF((OFFSET(CÁLCULO!$AM$15:$AW$15,$E29,0,OFFSET(ORÇAMENTO!$D$15,CRONO!$E29,0))),\"<=\"&CRONO!T$12,OFFSET(CÁLCULO!$AB$15:$AL$15,$E29,0,OFFSET(ORÇAMENTO!$D$15,CRONO!$E29,0)))+IF(AND($E31<>\"\",$E31<>0),SUMIF(CÁLCULO!$AM$15:$AW$154,\"<=\"&CRONO!T$12,CÁLCULO!$AB$15:$AL$154)/(ORÇAMENTO!$X$15-CÁLCULO.TotalAdmLocal)*CRONO!$E31,0),T30*$R29),SUMIF(OFFSET($R31,1,0,$Q29-2),($L29+1)&\"$\",OFFSET(T31,1,0,$Q29-2)))","v":0},{"$f":"IF($Q29=2,IF(AND(ACOMPANHAMENTO=\"PLE\",ISNUMBER($E29)),SUMIF((OFFSET(CÁLCULO!$AM$15:$AW$15,$E29,0,OFFSET(ORÇAMENTO!$D$15,CRONO!$E29,0))),\"=\"&CRONO!U$12,OFFSET(CÁLCULO!$AB$15:$AL$15,$E29,0,OFFSET(ORÇAMENTO!$D$15,CRONO!$E29,0)))+IF(AND($E31<>\"\",$E31<>0),SUMIF(CÁLCULO!$AM$15:$AW$154,\"=\"&CRONO!U$12,CÁLCULO!$AB$15:$AL$154)/(ORÇAMENTO!$X$15-CÁLCULO.TotalAdmLocal)*CRONO!$E31,0),U30*$R29),SUMIF(OFFSET($R31,1,0,$Q29-2),($L29+1)&\"$\",OFFSET(U31,1,0,$Q29-2)))","v":0},{"$f":"IF($Q29=2,IF(AND(ACOMPANHAMENTO=\"PLE\",ISNUMBER($E29)),SUMIF((OFFSET(CÁLCULO!$AM$15:$AW$15,$E29,0,OFFSET(ORÇAMENTO!$D$15,CRONO!$E29,0))),\"=\"&CRONO!V$12,OFFSET(CÁLCULO!$AB$15:$AL$15,$E29,0,OFFSET(ORÇAMENTO!$D$15,CRONO!$E29,0)))+IF(AND($E31<>\"\",$E31<>0),SUMIF(CÁLCULO!$AM$15:$AW$154,\"=\"&CRONO!V$12,CÁLCULO!$AB$15:$AL$154)/(ORÇAMENTO!$X$15-CÁLCULO.TotalAdmLocal)*CRONO!$E31,0),V30*$R29),SUMIF(OFFSET($R31,1,0,$Q29-2),($L29+1)&\"$\",OFFSET(V31,1,0,$Q29-2)))","v":20845.04},{"$f":"IF($Q29=2,IF(AND(ACOMPANHAMENTO=\"PLE\",ISNUMBER($E29)),SUMIF((OFFSET(CÁLCULO!$AM$15:$AW$15,$E29,0,OFFSET(ORÇAMENTO!$D$15,CRONO!$E29,0))),\"=\"&CRONO!W$12,OFFSET(CÁLCULO!$AB$15:$AL$15,$E29,0,OFFSET(ORÇAMENTO!$D$15,CRONO!$E29,0)))+IF(AND($E31<>\"\",$E31<>0),SUMIF(CÁLCULO!$AM$15:$AW$154,\"=\"&CRONO!W$12,CÁLCULO!$AB$15:$AL$154)/(ORÇAMENTO!$X$15-CÁLCULO.TotalAdmLocal)*CRONO!$E31,0),W30*$R29),SUMIF(OFFSET($R31,1,0,$Q29-2),($L29+1)&\"$\",OFFSET(W31,1,0,$Q29-2)))","v":0},{"$f":"IF($Q29=2,IF(AND(ACOMPANHAMENTO=\"PLE\",ISNUMBER($E29)),SUMIF((OFFSET(CÁLCULO!$AM$15:$AW$15,$E29,0,OFFSET(ORÇAMENTO!$D$15,CRONO!$E29,0))),\"=\"&CRONO!X$12,OFFSET(CÁLCULO!$AB$15:$AL$15,$E29,0,OFFSET(ORÇAMENTO!$D$15,CRONO!$E29,0)))+IF(AND($E31<>\"\",$E31<>0),SUMIF(CÁLCULO!$AM$15:$AW$154,\"=\"&CRONO!X$12,CÁLCULO!$AB$15:$AL$154)/(ORÇAMENTO!$X$15-CÁLCULO.TotalAdmLocal)*CRONO!$E31,0),X30*$R29),SUMIF(OFFSET($R31,1,0,$Q29-2),($L29+1)&\"$\",OFFSET(X31,1,0,$Q29-2)))","v":0},{"$f":"IF($Q29=2,IF(AND(ACOMPANHAMENTO=\"PLE\",ISNUMBER($E29)),SUMIF((OFFSET(CÁLCULO!$AM$15:$AW$15,$E29,0,OFFSET(ORÇAMENTO!$D$15,CRONO!$E29,0))),\"=\"&CRONO!Y$12,OFFSET(CÁLCULO!$AB$15:$AL$15,$E29,0,OFFSET(ORÇAMENTO!$D$15,CRONO!$E29,0)))+IF(AND($E31<>\"\",$E31<>0),SUMIF(CÁLCULO!$AM$15:$AW$154,\"=\"&CRONO!Y$12,CÁLCULO!$AB$15:$AL$154)/(ORÇAMENTO!$X$15-CÁLCULO.TotalAdmLocal)*CRONO!$E31,0),Y30*$R29),SUMIF(OFFSET($R31,1,0,$Q29-2),($L29+1)&\"$\",OFFSET(Y31,1,0,$Q29-2)))","v":0},{"$f":"IF($Q29=2,IF(AND(ACOMPANHAMENTO=\"PLE\",ISNUMBER($E29)),SUMIF((OFFSET(CÁLCULO!$AM$15:$AW$15,$E29,0,OFFSET(ORÇAMENTO!$D$15,CRONO!$E29,0))),\"=\"&CRONO!Z$12,OFFSET(CÁLCULO!$AB$15:$AL$15,$E29,0,OFFSET(ORÇAMENTO!$D$15,CRONO!$E29,0)))+IF(AND($E31<>\"\",$E31<>0),SUMIF(CÁLCULO!$AM$15:$AW$154,\"=\"&CRONO!Z$12,CÁLCULO!$AB$15:$AL$154)/(ORÇAMENTO!$X$15-CÁLCULO.TotalAdmLocal)*CRONO!$E31,0),Z30*$R29),SUMIF(OFFSET($R31,1,0,$Q29-2),($L29+1)&\"$\",OFFSET(Z31,1,0,$Q29-2)))","v":0},{"$f":"IF($Q29=2,IF(AND(ACOMPANHAMENTO=\"PLE\",ISNUMBER($E29)),SUMIF((OFFSET(CÁLCULO!$AM$15:$AW$15,$E29,0,OFFSET(ORÇAMENTO!$D$15,CRONO!$E29,0))),\"=\"&CRONO!AA$12,OFFSET(CÁLCULO!$AB$15:$AL$15,$E29,0,OFFSET(ORÇAMENTO!$D$15,CRONO!$E29,0)))+IF(AND($E31<>\"\",$E31<>0),SUMIF(CÁLCULO!$AM$15:$AW$154,\"=\"&CRONO!AA$12,CÁLCULO!$AB$15:$AL$154)/(ORÇAMENTO!$X$15-CÁLCULO.TotalAdmLocal)*CRONO!$E31,0),AA30*$R29),SUMIF(OFFSET($R31,1,0,$Q29-2),($L29+1)&\"$\",OFFSET(AA31,1,0,$Q29-2)))","v":0},{"$f":"IF($Q29=2,IF(AND(ACOMPANHAMENTO=\"PLE\",ISNUMBER($E29)),SUMIF((OFFSET(CÁLCULO!$AM$15:$AW$15,$E29,0,OFFSET(ORÇAMENTO!$D$15,CRONO!$E29,0))),\"=\"&CRONO!AB$12,OFFSET(CÁLCULO!$AB$15:$AL$15,$E29,0,OFFSET(ORÇAMENTO!$D$15,CRONO!$E29,0)))+IF(AND($E31<>\"\",$E31<>0),SUMIF(CÁLCULO!$AM$15:$AW$154,\"=\"&CRONO!AB$12,CÁLCULO!$AB$15:$AL$154)/(ORÇAMENTO!$X$15-CÁLCULO.TotalAdmLocal)*CRONO!$E31,0),AB30*$R29),SUMIF(OFFSET($R31,1,0,$Q29-2),($L29+1)&\"$\",OFFSET(AB31,1,0,$Q29-2)))","v":0},{"$f":"IF($Q29=2,IF(AND(ACOMPANHAMENTO=\"PLE\",ISNUMBER($E29)),SUMIF((OFFSET(CÁLCULO!$AM$15:$AW$15,$E29,0,OFFSET(ORÇAMENTO!$D$15,CRONO!$E29,0))),\"=\"&CRONO!AC$12,OFFSET(CÁLCULO!$AB$15:$AL$15,$E29,0,OFFSET(ORÇAMENTO!$D$15,CRONO!$E29,0)))+IF(AND($E31<>\"\",$E31<>0),SUMIF(CÁLCULO!$AM$15:$AW$154,\"=\"&CRONO!AC$12,CÁLCULO!$AB$15:$AL$154)/(ORÇAMENTO!$X$15-CÁLCULO.TotalAdmLocal)*CRONO!$E31,0),AC30*$R29),SUMIF(OFFSET($R31,1,0,$Q29-2),($L29+1)&\"$\",OFFSET(AC31,1,0,$Q29-2)))","v":0},{"$f":"IF($Q29=2,IF(AND(ACOMPANHAMENTO=\"PLE\",ISNUMBER($E29)),SUMIF((OFFSET(CÁLCULO!$AM$15:$AW$15,$E29,0,OFFSET(ORÇAMENTO!$D$15,CRONO!$E29,0))),\"=\"&CRONO!AD$12,OFFSET(CÁLCULO!$AB$15:$AL$15,$E29,0,OFFSET(ORÇAMENTO!$D$15,CRONO!$E29,0)))+IF(AND($E31<>\"\",$E31<>0),SUMIF(CÁLCULO!$AM$15:$AW$154,\"=\"&CRONO!AD$12,CÁLCULO!$AB$15:$AL$154)/(ORÇAMENTO!$X$15-CÁLCULO.TotalAdmLocal)*CRONO!$E31,0),AD30*$R29),SUMIF(OFFSET($R31,1,0,$Q29-2),($L29+1)&\"$\",OFFSET(AD31,1,0,$Q29-2)))","v":0},{"$f":"IF($Q29=2,IF(AND(ACOMPANHAMENTO=\"PLE\",ISNUMBER($E29)),SUMIF((OFFSET(CÁLCULO!$AM$15:$AW$15,$E29,0,OFFSET(ORÇAMENTO!$D$15,CRONO!$E29,0))),\"=\"&CRONO!AE$12,OFFSET(CÁLCULO!$AB$15:$AL$15,$E29,0,OFFSET(ORÇAMENTO!$D$15,CRONO!$E29,0)))+IF(AND($E31<>\"\",$E31<>0),SUMIF(CÁLCULO!$AM$15:$AW$154,\"=\"&CRONO!AE$12,CÁLCULO!$AB$15:$AL$154)/(ORÇAMENTO!$X$15-CÁLCULO.TotalAdmLocal)*CRONO!$E31,0),AE30*$R29),SUMIF(OFFSET($R31,1,0,$Q29-2),($L29+1)&\"$\",OFFSET(AE31,1,0,$Q29-2)))","v":0}]
[{"$f":"OFFSET(A32,-3,0)+1","v":7},{"$f":"IF($Q32<>2,0,IF($R32=0,1,IF(E33>0,OFFSET(QCI!$M$13,SUBSTITUTE(E33,\".\",\"\"),0),OFFSET(ORÇAMENTO!$AA$15,CRONO!$E32,0))/$R32))","v":0.99999999999999989},{"$f":"IF($Q32<>2,0,IF($R32=0,1,IF(E33>0,OFFSET(QCI!$N$13,SUBSTITUTE(E33,\".\",\"\"),0),OFFSET(ORÇAMENTO!$AB$15,CRONO!$E32,0))/$R32))","v":0},{"$f":"IF(AND($Q32=2,ACOMPANHAMENTO=\"BM\"),D33,D34/$R32)","v":0},{"$f":"IF(A32<=ORÇAMENTO.MáximoListaCrono,MATCH(A32,ORÇAMENTO.ListaCrono,0),NA())","v":52},{"$f":"IF(AND($E33<>-1,$R32>0),\"F\",\"\")","v":"F"},{"$f":"IF(OR(R32=0,R32=\"\"),\"Linha\",IF(AND(OR(ACOMPANHAMENTO=\"PLE\",$Q32<>2),$E33=0),\"Linha\",1-SUM(T32:AF32)))","v":0},{"$f":"IF($E33=0,OFFSET(ORÇAMENTO!O$15,$E32,0),IF($E33<>-1,OFFSET(QCI!$D$13,$E33,0),\"\"))","v":"1.6."},{"$f":"IF($E33=0,OFFSET(ORÇAMENTO!R$15,$E32,0),IF($E33<>-1,OFFSET(QCI!$G$13,$E33,0),\"\"))","v":"PAVIMENTAÇÃO"},null,null,{"$f":"IF($E33=0,OFFSET(ORÇAMENTO!C$15,$E32,0),1)","v":2},{"$f":"IF($E33=-1,0,IF(M$13<=$L32,IF(ISERROR(MATCH(M$13,OFFSET($L32,1,0,ROW($L$56)-ROW($L32)-1),0)),ROW($L$56)-ROW($L32)-1,MATCH(M$13,OFFSET($L32,1,0,ROW($L$56)-ROW($L32)-1),0)-1),0))","v":23},{"$f":"IF($E33=-1,0,IF(N$13<=$L32,IF(ISERROR(MATCH(N$13,OFFSET($L32,1,0,ROW($L$56)-ROW($L32)-1),0)),ROW($L$56)-ROW($L32)-1,MATCH(N$13,OFFSET($L32,1,0,ROW($L$56)-ROW($L32)-1),0)-1),0))","v":2},{"$f":"IF($E33=-1,0,IF(O$13<=$L32,IF(ISERROR(MATCH(O$13,OFFSET($L32,1,0,ROW($L$56)-ROW($L32)-1),0)),ROW($L$56)-ROW($L32)-1,MATCH(O$13,OFFSET($L32,1,0,ROW($L$56)-ROW($L32)-1),0)-1),0))","v":0},{"$f":"IF($E33=-1,0,IF(P$13<=$L32,IF(ISERROR(MATCH(P$13,OFFSET($L32,1,0,ROW($L$56)-ROW($L32)-1),0)),ROW($L$56)-ROW($L32)-1,MATCH(P$13,OFFSET($L32,1,0,ROW($L$56)-ROW($L32)-1),0)-1),0))","v":0},{"$f":"MIN(OFFSET(L32,0,1,,L32))","v":2},{"$f":"IF($E33=0,OFFSET(ORÇAMENTO!X$15,$E32,0),IF($E33<>-1,OFFSET(QCI!$O$13,$E33,0),\"\"))","v":22800.52},"% Período:",{"$f":"IF(AND($Q32=2,ACOMPANHAMENTO=\"BM\"),T33,T34/$R32)","v":0},0.6,0.4,0,0,0,0,0,0,0,0,0]
[null,null,null,null,{"$f":"IF(ISERROR(E32),IF(1+COUNTIF($L$13:OFFSET(L32,-1,0),1)<=MAX(QCI!$D$13:$D$24),1+COUNTIF($L$13:OFFSET(L32,-1,0),1),-1),0)","v":0},{"$f":"IF(AND($E33<>-1,$R32>0),\"F\",\"\")","v":"F"},{"$f":"IF(OR(R32=0,R32=\"\"),\"vazia\",IF(AND(OR(ACOMPANHAMENTO=\"PLE\",$Q32<>2),$E33=0),\"calculada\",\"-->\"))","v":"-->"},null,{"$f":"IF(AND(G32<>0,ISNUMBER(G32)),\"PREENCHA ESTA LINHA -->\",\"\")","v":""},null,null,null,null,null,null,null,null,null,null,null,0.6,0.4]
[null,null,null,{"$f":"IF($Q32=2,IF(AND(ACOMPANHAMENTO=\"PLE\",ISNUMBER($E32)),SUMIF((OFFSET(CÁLCULO!$AM$15:$AW$15,$E32,0,OFFSET(ORÇAMENTO!$D$15,CRONO!$E32,0))),\"=\"&CRONO!D$12,OFFSET(CÁLCULO!$AB$15:$AL$15,$E32,0,OFFSET(ORÇAMENTO!$D$15,CRONO!$E32,0)))+IF(AND($E34<>\"\",$E34<>0),SUMIF(CÁLCULO!$AM$15:$AW$154,\"=\"&CRONO!D$12,CÁLCULO!$AB$15:$AL$154)/(ORÇAMENTO!$X$15-CÁLCULO.TotalAdmLocal)*CRONO!$E34,0),D33*$R32),SUMIF(OFFSET($R34,1,0,$Q32-2),($L32+1)&\"$\",OFFSET(D34,1,0,$Q32-2)))","v":0},{"$f":"IF(OR($Q32<>2,AUTOEVENTO<>\"manual\",$E33>0),\"\",SUMIF(OFFSET(CÁLCULO!$M$15,CRONO!$E32,0,OFFSET(ORÇAMENTO!$D$15,CRONO!$E32,0)),1,OFFSET(ORÇAMENTO!$X$15,CRONO!$E32,0,OFFSET(ORÇAMENTO!$D$15,CRONO!$E32,0))))","v":""},null,null,null,null,null,null,null,null,null,null,null,null,{"$f":"L32&\"$\"","v":"2$"},null,{"$f":"IF($Q32=2,IF(AND(ACOMPANHAMENTO=\"PLE\",ISNUMBER($E32)),SUMIF((OFFSET(CÁLCULO!$AM$15:$AW$15,$E32,0,OFFSET(ORÇAMENTO!$D$15,CRONO!$E32,0))),\"<=\"&CRONO!T$12,OFFSET(CÁLCULO!$AB$15:$AL$15,$E32,0,OFFSET(ORÇAMENTO!$D$15,CRONO!$E32,0)))+IF(AND($E34<>\"\",$E34<>0),SUMIF(CÁLCULO!$AM$15:$AW$154,\"<=\"&CRONO!T$12,CÁLCULO!$AB$15:$AL$154)/(ORÇAMENTO!$X$15-CÁLCULO.TotalAdmLocal)*CRONO!$E34,0),T33*$R32),SUMIF(OFFSET($R34,1,0,$Q32-2),($L32+1)&\"$\",OFFSET(T34,1,0,$Q32-2)))","v":0},{"$f":"IF($Q32=2,IF(AND(ACOMPANHAMENTO=\"PLE\",ISNUMBER($E32)),SUMIF((OFFSET(CÁLCULO!$AM$15:$AW$15,$E32,0,OFFSET(ORÇAMENTO!$D$15,CRONO!$E32,0))),\"=\"&CRONO!U$12,OFFSET(CÁLCULO!$AB$15:$AL$15,$E32,0,OFFSET(ORÇAMENTO!$D$15,CRONO!$E32,0)))+IF(AND($E34<>\"\",$E34<>0),SUMIF(CÁLCULO!$AM$15:$AW$154,\"=\"&CRONO!U$12,CÁLCULO!$AB$15:$AL$154)/(ORÇAMENTO!$X$15-CÁLCULO.TotalAdmLocal)*CRONO!$E34,0),U33*$R32),SUMIF(OFFSET($R34,1,0,$Q32-2),($L32+1)&\"$\",OFFSET(U34,1,0,$Q32-2)))","v":13680.312},{"$f":"IF($Q32=2,IF(AND(ACOMPANHAMENTO=\"PLE\",ISNUMBER($E32)),SUMIF((OFFSET(CÁLCULO!$AM$15:$AW$15,$E32,0,OFFSET(ORÇAMENTO!$D$15,CRONO!$E32,0))),\"=\"&CRONO!V$12,OFFSET(CÁLCULO!$AB$15:$AL$15,$E32,0,OFFSET(ORÇAMENTO!$D$15,CRONO!$E32,0)))+IF(AND($E34<>\"\",$E34<>0),SUMIF(CÁLCULO!$AM$15:$AW$154,\"=\"&CRONO!V$12,CÁLCULO!$AB$15:$AL$154)/(ORÇAMENTO!$X$15-CÁLCULO.TotalAdmLocal)*CRONO!$E34,0),V33*$R32),SUMIF(OFFSET($R34,1,0,$Q32-2),($L32+1)&\"$\",OFFSET(V34,1,0,$Q32-2)))","v":9120.2080000000005},{"$f":"IF($Q32=2,IF(AND(ACOMPANHAMENTO=\"PLE\",ISNUMBER($E32)),SUMIF((OFFSET(CÁLCULO!$AM$15:$AW$15,$E32,0,OFFSET(ORÇAMENTO!$D$15,CRONO!$E32,0))),\"=\"&CRONO!W$12,OFFSET(CÁLCULO!$AB$15:$AL$15,$E32,0,OFFSET(ORÇAMENTO!$D$15,CRONO!$E32,0)))+IF(AND($E34<>\"\",$E34<>0),SUMIF(CÁLCULO!$AM$15:$AW$154,\"=\"&CRONO!W$12,CÁLCULO!$AB$15:$AL$154)/(ORÇAMENTO!$X$15-CÁLCULO.TotalAdmLocal)*CRONO!$E34,0),W33*$R32),SUMIF(OFFSET($R34,1,0,$Q32-2),($L32+1)&\"$\",OFFSET(W34,1,0,$Q32-2)))","v":0},{"$f":"IF($Q32=2,IF(AND(ACOMPANHAMENTO=\"PLE\",ISNUMBER($E32)),SUMIF((OFFSET(CÁLCULO!$AM$15:$AW$15,$E32,0,OFFSET(ORÇAMENTO!$D$15,CRONO!$E32,0))),\"=\"&CRONO!X$12,OFFSET(CÁLCULO!$AB$15:$AL$15,$E32,0,OFFSET(ORÇAMENTO!$D$15,CRONO!$E32,0)))+IF(AND($E34<>\"\",$E34<>0),SUMIF(CÁLCULO!$AM$15:$AW$154,\"=\"&CRONO!X$12,CÁLCULO!$AB$15:$AL$154)/(ORÇAMENTO!$X$15-CÁLCULO.TotalAdmLocal)*CRONO!$E34,0),X33*$R32),SUMIF(OFFSET($R34,1,0,$Q32-2),($L32+1)&\"$\",OFFSET(X34,1,0,$Q32-2)))","v":0},{"$f":"IF($Q32=2,IF(AND(ACOMPANHAMENTO=\"PLE\",ISNUMBER($E32)),SUMIF((OFFSET(CÁLCULO!$AM$15:$AW$15,$E32,0,OFFSET(ORÇAMENTO!$D$15,CRONO!$E32,0))),\"=\"&CRONO!Y$12,OFFSET(CÁLCULO!$AB$15:$AL$15,$E32,0,OFFSET(ORÇAMENTO!$D$15,CRONO!$E32,0)))+IF(AND($E34<>\"\",$E34<>0),SUMIF(CÁLCULO!$AM$15:$AW$154,\"=\"&CRONO!Y$12,CÁLCULO!$AB$15:$AL$154)/(ORÇAMENTO!$X$15-CÁLCULO.TotalAdmLocal)*CRONO!$E34,0),Y33*$R32),SUMIF(OFFSET($R34,1,0,$Q32-2),($L32+1)&\"$\",OFFSET(Y34,1,0,$Q32-2)))","v":0},{"$f":"IF($Q32=2,IF(AND(ACOMPANHAMENTO=\"PLE\",ISNUMBER($E32)),SUMIF((OFFSET(CÁLCULO!$AM$15:$AW$15,$E32,0,OFFSET(ORÇAMENTO!$D$15,CRONO!$E32,0))),\"=\"&CRONO!Z$12,OFFSET(CÁLCULO!$AB$15:$AL$15,$E32,0,OFFSET(ORÇAMENTO!$D$15,CRONO!$E32,0)))+IF(AND($E34<>\"\",$E34<>0),SUMIF(CÁLCULO!$AM$15:$AW$154,\"=\"&CRONO!Z$12,CÁLCULO!$AB$15:$AL$154)/(ORÇAMENTO!$X$15-CÁLCULO.TotalAdmLocal)*CRONO!$E34,0),Z33*$R32),SUMIF(OFFSET($R34,1,0,$Q32-2),($L32+1)&\"$\",OFFSET(Z34,1,0,$Q32-2)))","v":0},{"$f":"IF($Q32=2,IF(AND(ACOMPANHAMENTO=\"PLE\",ISNUMBER($E32)),SUMIF((OFFSET(CÁLCULO!$AM$15:$AW$15,$E32,0,OFFSET(ORÇAMENTO!$D$15,CRONO!$E32,0))),\"=\"&CRONO!AA$12,OFFSET(CÁLCULO!$AB$15:$AL$15,$E32,0,OFFSET(ORÇAMENTO!$D$15,CRONO!$E32,0)))+IF(AND($E34<>\"\",$E34<>0),SUMIF(CÁLCULO!$AM$15:$AW$154,\"=\"&CRONO!AA$12,CÁLCULO!$AB$15:$AL$154)/(ORÇAMENTO!$X$15-CÁLCULO.TotalAdmLocal)*CRONO!$E34,0),AA33*$R32),SUMIF(OFFSET($R34,1,0,$Q32-2),($L32+1)&\"$\",OFFSET(AA34,1,0,$Q32-2)))","v":0},{"$f":"IF($Q32=2,IF(AND(ACOMPANHAMENTO=\"PLE\",ISNUMBER($E32)),SUMIF((OFFSET(CÁLCULO!$AM$15:$AW$15,$E32,0,OFFSET(ORÇAMENTO!$D$15,CRONO!$E32,0))),\"=\"&CRONO!AB$12,OFFSET(CÁLCULO!$AB$15:$AL$15,$E32,0,OFFSET(ORÇAMENTO!$D$15,CRONO!$E32,0)))+IF(AND($E34<>\"\",$E34<>0),SUMIF(CÁLCULO!$AM$15:$AW$154,\"=\"&CRONO!AB$12,CÁLCULO!$AB$15:$AL$154)/(ORÇAMENTO!$X$15-CÁLCULO.TotalAdmLocal)*CRONO!$E34,0),AB33*$R32),SUMIF(OFFSET($R34,1,0,$Q32-2),($L32+1)&\"$\",OFFSET(AB34,1,0,$Q32-2)))","v":0},{"$f":"IF($Q32=2,IF(AND(ACOMPANHAMENTO=\"PLE\",ISNUMBER($E32)),SUMIF((OFFSET(CÁLCULO!$AM$15:$AW$15,$E32,0,OFFSET(ORÇAMENTO!$D$15,CRONO!$E32,0))),\"=\"&CRONO!AC$12,OFFSET(CÁLCULO!$AB$15:$AL$15,$E32,0,OFFSET(ORÇAMENTO!$D$15,CRONO!$E32,0)))+IF(AND($E34<>\"\",$E34<>0),SUMIF(CÁLCULO!$AM$15:$AW$154,\"=\"&CRONO!AC$12,CÁLCULO!$AB$15:$AL$154)/(ORÇAMENTO!$X$15-CÁLCULO.TotalAdmLocal)*CRONO!$E34,0),AC33*$R32),SUMIF(OFFSET($R34,1,0,$Q32-2),($L32+1)&\"$\",OFFSET(AC34,1,0,$Q32-2)))","v":0},{"$f":"IF($Q32=2,IF(AND(ACOMPANHAMENTO=\"PLE\",ISNUMBER($E32)),SUMIF((OFFSET(CÁLCULO!$AM$15:$AW$15,$E32,0,OFFSET(ORÇAMENTO!$D$15,CRONO!$E32,0))),\"=\"&CRONO!AD$12,OFFSET(CÁLCULO!$AB$15:$AL$15,$E32,0,OFFSET(ORÇAMENTO!$D$15,CRONO!$E32,0)))+IF(AND($E34<>\"\",$E34<>0),SUMIF(CÁLCULO!$AM$15:$AW$154,\"=\"&CRONO!AD$12,CÁLCULO!$AB$15:$AL$154)/(ORÇAMENTO!$X$15-CÁLCULO.TotalAdmLocal)*CRONO!$E34,0),AD33*$R32),SUMIF(OFFSET($R34,1,0,$Q32-2),($L32+1)&\"$\",OFFSET(AD34,1,0,$Q32-2)))","v":0},{"$f":"IF($Q32=2,IF(AND(ACOMPANHAMENTO=\"PLE\",ISNUMBER($E32)),SUMIF((OFFSET(CÁLCULO!$AM$15:$AW$15,$E32,0,OFFSET(ORÇAMENTO!$D$15,CRONO!$E32,0))),\"=\"&CRONO!AE$12,OFFSET(CÁLCULO!$AB$15:$AL$15,$E32,0,OFFSET(ORÇAMENTO!$D$15,CRONO!$E32,0)))+IF(AND($E34<>\"\",$E34<>0),SUMIF(CÁLCULO!$AM$15:$AW$154,\"=\"&CRONO!AE$12,CÁLCULO!$AB$15:$AL$154)/(ORÇAMENTO!$X$15-CÁLCULO.TotalAdmLocal)*CRONO!$E34,0),AE33*$R32),SUMIF(OFFSET($R34,1,0,$Q32-2),($L32+1)&\"$\",OFFSET(AE34,1,0,$Q32-2)))","v":0}]
[{"$f":"OFFSET(A35,-3,0)+1","v":8},{"$f":"IF($Q35<>2,0,IF($R35=0,1,IF(E36>0,OFFSET(QCI!$M$13,SUBSTITUTE(E36,\".\",\"\"),0),OFFSET(ORÇAMENTO!$AA$15,CRONO!$E35,0))/$R35))","v":1.0000000000000002},{"$f":"IF($Q35<>2,0,IF($R35=0,1,IF(E36>0,OFFSET(QCI!$N$13,SUBSTITUTE(E36,\".\",\"\"),0),OFFSET(ORÇAMENTO!$AB$15,CRONO!$E35,0))/$R35))","v":0},{"$f":"IF(AND($Q35=2,ACOMPANHAMENTO=\"BM\"),D36,D37/$R35)","v":0},{"$f":"IF(A35<=ORÇAMENTO.MáximoListaCrono,MATCH(A35,ORÇAMENTO.ListaCrono,0),NA())","v":60},{"$f":"IF(AND($E36<>-1,$R35>0),\"F\",\"\")","v":"F"},{"$f":"IF(OR(R35=0,R35=\"\"),\"Linha\",IF(AND(OR(ACOMPANHAMENTO=\"PLE\",$Q35<>2),$E36=0),\"Linha\",1-SUM(T35:AF35)))","v":0},{"$f":"IF($E36=0,OFFSET(ORÇAMENTO!O$15,$E35,0),IF($E36<>-1,OFFSET(QCI!$D$13,$E36,0),\"\"))","v":"1.7."},{"$f":"IF($E36=0,OFFSET(ORÇAMENTO!R$15,$E35,0),IF($E36<>-1,OFFSET(QCI!$G$13,$E36,0),\"\"))","v":"APARELHOS SANITÁRIOS"},null,null,{"$f":"IF($E36=0,OFFSET(ORÇAMENTO!C$15,$E35,0),1)","v":2},{"$f":"IF($E36=-1,0,IF(M$13<=$L35,IF(ISERROR(MATCH(M$13,OFFSET($L35,1,0,ROW($L$56)-ROW($L35)-1),0)),ROW($L$56)-ROW($L35)-1,MATCH(M$13,OFFSET($L35,1,0,ROW($L$56)-ROW($L35)-1),0)-1),0))","v":20},{"$f":"IF($E36=-1,0,IF(N$13<=$L35,IF(ISERROR(MATCH(N$13,OFFSET($L35,1,0,ROW($L$56)-ROW($L35)-1),0)),ROW($L$56)-ROW($L35)-1,MATCH(N$13,OFFSET($L35,1,0,ROW($L$56)-ROW($L35)-1),0)-1),0))","v":2},{"$f":"IF($E36=-1,0,IF(O$13<=$L35,IF(ISERROR(MATCH(O$13,OFFSET($L35,1,0,ROW($L$56)-ROW($L35)-1),0)),ROW($L$56)-ROW($L35)-1,MATCH(O$13,OFFSET($L35,1,0,ROW($L$56)-ROW($L35)-1),0)-1),0))","v":0},{"$f":"IF($E36=-1,0,IF(P$13<=$L35,IF(ISERROR(MATCH(P$13,OFFSET($L35,1,0,ROW($L$56)-ROW($L35)-1),0)),ROW($L$56)-ROW($L35)-1,MATCH(P$13,OFFSET($L35,1,0,ROW($L$56)-ROW($L35)-1),0)-1),0))","v":0},{"$f":"MIN(OFFSET(L35,0,1,,L35))","v":2},{"$f":"IF($E36=0,OFFSET(ORÇAMENTO!X$15,$E35,0),IF($E36<>-1,OFFSET(QCI!$O$13,$E36,0),\"\"))","v":7122.12},"% Período:",{"$f":"IF(AND($Q35=2,ACOMPANHAMENTO=\"BM\"),T36,T37/$R35)","v":0},0,0,1,0,0,0,0,0,0,0,0]
[null,null,null,null,{"$f":"IF(ISERROR(E35),IF(1+COUNTIF($L$13:OFFSET(L35,-1,0),1)<=MAX(QCI!$D$13:$D$24),1+COUNTIF($L$13:OFFSET(L35,-1,0),1),-1),0)","v":0},{"$f":"IF(AND($E36<>-1,$R35>0),\"F\",\"\")","v":"F"},{"$f":"IF(OR(R35=0,R35=\"\"),\"vazia\",IF(AND(OR(ACOMPANHAMENTO=\"PLE\",$Q35<>2),$E36=0),\"calculada\",\"-->\"))","v":"-->"},null,{"$f":"IF(AND(G35<>0,ISNUMBER(G35)),\"PREENCHA ESTA LINHA -->\",\"\")","v":""},null,null,null,null,null,null,null,null,null,null,null,null,null,1]
[null,null,null,{"$f":"IF($Q35=2,IF(AND(ACOMPANHAMENTO=\"PLE\",ISNUMBER($E35)),SUMIF((OFFSET(CÁLCULO!$AM$15:$AW$15,$E35,0,OFFSET(ORÇAMENTO!$D$15,CRONO!$E35,0))),\"=\"&CRONO!D$12,OFFSET(CÁLCULO!$AB$15:$AL$15,$E35,0,OFFSET(ORÇAMENTO!$D$15,CRONO!$E35,0)))+IF(AND($E37<>\"\",$E37<>0),SUMIF(CÁLCULO!$AM$15:$AW$154,\"=\"&CRONO!D$12,CÁLCULO!$AB$15:$AL$154)/(ORÇAMENTO!$X$15-CÁLCULO.TotalAdmLocal)*CRONO!$E37,0),D36*$R35),SUMIF(OFFSET($R37,1,0,$Q35-2),($L35+1)&\"$\",OFFSET(D37,1,0,$Q35-2)))","v":0},{"$f":"IF(OR($Q35<>2,AUTOEVENTO<>\"manual\",$E36>0),\"\",SUMIF(OFFSET(CÁLCULO!$M$15,CRONO!$E35,0,OFFSET(ORÇAMENTO!$D$15,CRONO!$E35,0)),1,OFFSET(ORÇAMENTO!$X$15,CRONO!$E35,0,OFFSET(ORÇAMENTO!$D$15,CRONO!$E35,0))))","v":""},null,null,null,null,null,null,null,null,null,null,null,null,{"$f":"L35&\"$\"","v":"2$"},null,{"$f":"IF($Q35=2,IF(AND(ACOMPANHAMENTO=\"PLE\",ISNUMBER($E35)),SUMIF((OFFSET(CÁLCULO!$AM$15:$AW$15,$E35,0,OFFSET(ORÇAMENTO!$D$15,CRONO!$E35,0))),\"<=\"&CRONO!T$12,OFFSET(CÁLCULO!$AB$15:$AL$15,$E35,0,OFFSET(ORÇAMENTO!$D$15,CRONO!$E35,0)))+IF(AND($E37<>\"\",$E37<>0),SUMIF(CÁLCULO!$AM$15:$AW$154,\"<=\"&CRONO!T$12,CÁLCULO!$AB$15:$AL$154)/(ORÇAMENTO!$X$15-CÁLCULO.TotalAdmLocal)*CRONO!$E37,0),T36*$R35),SUMIF(OFFSET($R37,1,0,$Q35-2),($L35+1)&\"$\",OFFSET(T37,1,0,$Q35-2)))","v":0},{"$f":"IF($Q35=2,IF(AND(ACOMPANHAMENTO=\"PLE\",ISNUMBER($E35)),SUMIF((OFFSET(CÁLCULO!$AM$15:$AW$15,$E35,0,OFFSET(ORÇAMENTO!$D$15,CRONO!$E35,0))),\"=\"&CRONO!U$12,OFFSET(CÁLCULO!$AB$15:$AL$15,$E35,0,OFFSET(ORÇAMENTO!$D$15,CRONO!$E35,0)))+IF(AND($E37<>\"\",$E37<>0),SUMIF(CÁLCULO!$AM$15:$AW$154,\"=\"&CRONO!U$12,CÁLCULO!$AB$15:$AL$154)/(ORÇAMENTO!$X$15-CÁLCULO.TotalAdmLocal)*CRONO!$E37,0),U36*$R35),SUMIF(OFFSET($R37,1,0,$Q35-2),($L35+1)&\"$\",OFFSET(U37,1,0,$Q35-2)))","v":0},{"$f":"IF($Q35=2,IF(AND(ACOMPANHAMENTO=\"PLE\",ISNUMBER($E35)),SUMIF((OFFSET(CÁLCULO!$AM$15:$AW$15,$E35,0,OFFSET(ORÇAMENTO!$D$15,CRONO!$E35,0))),\"=\"&CRONO!V$12,OFFSET(CÁLCULO!$AB$15:$AL$15,$E35,0,OFFSET(ORÇAMENTO!$D$15,CRONO!$E35,0)))+IF(AND($E37<>\"\",$E37<>0),SUMIF(CÁLCULO!$AM$15:$AW$154,\"=\"&CRONO!V$12,CÁLCULO!$AB$15:$AL$154)/(ORÇAMENTO!$X$15-CÁLCULO.TotalAdmLocal)*CRONO!$E37,0),V36*$R35),SUMIF(OFFSET($R37,1,0,$Q35-2),($L35+1)&\"$\",OFFSET(V37,1,0,$Q35-2)))","v":0},{"$f":"IF($Q35=2,IF(AND(ACOMPANHAMENTO=\"PLE\",ISNUMBER($E35)),SUMIF((OFFSET(CÁLCULO!$AM$15:$AW$15,$E35,0,OFFSET(ORÇAMENTO!$D$15,CRONO!$E35,0))),\"=\"&CRONO!W$12,OFFSET(CÁLCULO!$AB$15:$AL$15,$E35,0,OFFSET(ORÇAMENTO!$D$15,CRONO!$E35,0)))+IF(AND($E37<>\"\",$E37<>0),SUMIF(CÁLCULO!$AM$15:$AW$154,\"=\"&CRONO!W$12,CÁLCULO!$AB$15:$AL$154)/(ORÇAMENTO!$X$15-CÁLCULO.TotalAdmLocal)*CRONO!$E37,0),W36*$R35),SUMIF(OFFSET($R37,1,0,$Q35-2),($L35+1)&\"$\",OFFSET(W37,1,0,$Q35-2)))","v":7122.12},{"$f":"IF($Q35=2,IF(AND(ACOMPANHAMENTO=\"PLE\",ISNUMBER($E35)),SUMIF((OFFSET(CÁLCULO!$AM$15:$AW$15,$E35,0,OFFSET(ORÇAMENTO!$D$15,CRONO!$E35,0))),\"=\"&CRONO!X$12,OFFSET(CÁLCULO!$AB$15:$AL$15,$E35,0,OFFSET(ORÇAMENTO!$D$15,CRONO!$E35,0)))+IF(AND($E37<>\"\",$E37<>0),SUMIF(CÁLCULO!$AM$15:$AW$154,\"=\"&CRONO!X$12,CÁLCULO!$AB$15:$AL$154)/(ORÇAMENTO!$X$15-CÁLCULO.TotalAdmLocal)*CRONO!$E37,0),X36*$R35),SUMIF(OFFSET($R37,1,0,$Q35-2),($L35+1)&\"$\",OFFSET(X37,1,0,$Q35-2)))","v":0},{"$f":"IF($Q35=2,IF(AND(ACOMPANHAMENTO=\"PLE\",ISNUMBER($E35)),SUMIF((OFFSET(CÁLCULO!$AM$15:$AW$15,$E35,0,OFFSET(ORÇAMENTO!$D$15,CRONO!$E35,0))),\"=\"&CRONO!Y$12,OFFSET(CÁLCULO!$AB$15:$AL$15,$E35,0,OFFSET(ORÇAMENTO!$D$15,CRONO!$E35,0)))+IF(AND($E37<>\"\",$E37<>0),SUMIF(CÁLCULO!$AM$15:$AW$154,\"=\"&CRONO!Y$12,CÁLCULO!$AB$15:$AL$154)/(ORÇAMENTO!$X$15-CÁLCULO.TotalAdmLocal)*CRONO!$E37,0),Y36*$R35),SUMIF(OFFSET($R37,1,0,$Q35-2),($L35+1)&\"$\",OFFSET(Y37,1,0,$Q35-2)))","v":0},{"$f":"IF($Q35=2,IF(AND(ACOMPANHAMENTO=\"PLE\",ISNUMBER($E35)),SUMIF((OFFSET(CÁLCULO!$AM$15:$AW$15,$E35,0,OFFSET(ORÇAMENTO!$D$15,CRONO!$E35,0))),\"=\"&CRONO!Z$12,OFFSET(CÁLCULO!$AB$15:$AL$15,$E35,0,OFFSET(ORÇAMENTO!$D$15,CRONO!$E35,0)))+IF(AND($E37<>\"\",$E37<>0),SUMIF(CÁLCULO!$AM$15:$AW$154,\"=\"&CRONO!Z$12,CÁLCULO!$AB$15:$AL$154)/(ORÇAMENTO!$X$15-CÁLCULO.TotalAdmLocal)*CRONO!$E37,0),Z36*$R35),SUMIF(OFFSET($R37,1,0,$Q35-2),($L35+1)&\"$\",OFFSET(Z37,1,0,$Q35-2)))","v":0},{"$f":"IF($Q35=2,IF(AND(ACOMPANHAMENTO=\"PLE\",ISNUMBER($E35)),SUMIF((OFFSET(CÁLCULO!$AM$15:$AW$15,$E35,0,OFFSET(ORÇAMENTO!$D$15,CRONO!$E35,0))),\"=\"&CRONO!AA$12,OFFSET(CÁLCULO!$AB$15:$AL$15,$E35,0,OFFSET(ORÇAMENTO!$D$15,CRONO!$E35,0)))+IF(AND($E37<>\"\",$E37<>0),SUMIF(CÁLCULO!$AM$15:$AW$154,\"=\"&CRONO!AA$12,CÁLCULO!$AB$15:$AL$154)/(ORÇAMENTO!$X$15-CÁLCULO.TotalAdmLocal)*CRONO!$E37,0),AA36*$R35),SUMIF(OFFSET($R37,1,0,$Q35-2),($L35+1)&\"$\",OFFSET(AA37,1,0,$Q35-2)))","v":0},{"$f":"IF($Q35=2,IF(AND(ACOMPANHAMENTO=\"PLE\",ISNUMBER($E35)),SUMIF((OFFSET(CÁLCULO!$AM$15:$AW$15,$E35,0,OFFSET(ORÇAMENTO!$D$15,CRONO!$E35,0))),\"=\"&CRONO!AB$12,OFFSET(CÁLCULO!$AB$15:$AL$15,$E35,0,OFFSET(ORÇAMENTO!$D$15,CRONO!$E35,0)))+IF(AND($E37<>\"\",$E37<>0),SUMIF(CÁLCULO!$AM$15:$AW$154,\"=\"&CRONO!AB$12,CÁLCULO!$AB$15:$AL$154)/(ORÇAMENTO!$X$15-CÁLCULO.TotalAdmLocal)*CRONO!$E37,0),AB36*$R35),SUMIF(OFFSET($R37,1,0,$Q35-2),($L35+1)&\"$\",OFFSET(AB37,1,0,$Q35-2)))","v":0},{"$f":"IF($Q35=2,IF(AND(ACOMPANHAMENTO=\"PLE\",ISNUMBER($E35)),SUMIF((OFFSET(CÁLCULO!$AM$15:$AW$15,$E35,0,OFFSET(ORÇAMENTO!$D$15,CRONO!$E35,0))),\"=\"&CRONO!AC$12,OFFSET(CÁLCULO!$AB$15:$AL$15,$E35,0,OFFSET(ORÇAMENTO!$D$15,CRONO!$E35,0)))+IF(AND($E37<>\"\",$E37<>0),SUMIF(CÁLCULO!$AM$15:$AW$154,\"=\"&CRONO!AC$12,CÁLCULO!$AB$15:$AL$154)/(ORÇAMENTO!$X$15-CÁLCULO.TotalAdmLocal)*CRONO!$E37,0),AC36*$R35),SUMIF(OFFSET($R37,1,0,$Q35-2),($L35+1)&\"$\",OFFSET(AC37,1,0,$Q35-2)))","v":0},{"$f":"IF($Q35=2,IF(AND(ACOMPANHAMENTO=\"PLE\",ISNUMBER($E35)),SUMIF((OFFSET(CÁLCULO!$AM$15:$AW$15,$E35,0,OFFSET(ORÇAMENTO!$D$15,CRONO!$E35,0))),\"=\"&CRONO!AD$12,OFFSET(CÁLCULO!$AB$15:$AL$15,$E35,0,OFFSET(ORÇAMENTO!$D$15,CRONO!$E35,0)))+IF(AND($E37<>\"\",$E37<>0),SUMIF(CÁLCULO!$AM$15:$AW$154,\"=\"&CRONO!AD$12,CÁLCULO!$AB$15:$AL$154)/(ORÇAMENTO!$X$15-CÁLCULO.TotalAdmLocal)*CRONO!$E37,0),AD36*$R35),SUMIF(OFFSET($R37,1,0,$Q35-2),($L35+1)&\"$\",OFFSET(AD37,1,0,$Q35-2)))","v":0},{"$f":"IF($Q35=2,IF(AND(ACOMPANHAMENTO=\"PLE\",ISNUMBER($E35)),SUMIF((OFFSET(CÁLCULO!$AM$15:$AW$15,$E35,0,OFFSET(ORÇAMENTO!$D$15,CRONO!$E35,0))),\"=\"&CRONO!AE$12,OFFSET(CÁLCULO!$AB$15:$AL$15,$E35,0,OFFSET(ORÇAMENTO!$D$15,CRONO!$E35,0)))+IF(AND($E37<>\"\",$E37<>0),SUMIF(CÁLCULO!$AM$15:$AW$154,\"=\"&CRONO!AE$12,CÁLCULO!$AB$15:$AL$154)/(ORÇAMENTO!$X$15-CÁLCULO.TotalAdmLocal)*CRONO!$E37,0),AE36*$R35),SUMIF(OFFSET($R37,1,0,$Q35-2),($L35+1)&\"$\",OFFSET(AE37,1,0,$Q35-2)))","v":0}]
[{"$f":"OFFSET(A38,-3,0)+1","v":9},{"$f":"IF($Q38<>2,0,IF($R38=0,1,IF(E39>0,OFFSET(QCI!$M$13,SUBSTITUTE(E39,\".\",\"\"),0),OFFSET(ORÇAMENTO!$AA$15,CRONO!$E38,0))/$R38))","v":1},{"$f":"IF($Q38<>2,0,IF($R38=0,1,IF(E39>0,OFFSET(QCI!$N$13,SUBSTITUTE(E39,\".\",\"\"),0),OFFSET(ORÇAMENTO!$AB$15,CRONO!$E38,0))/$R38))","v":0},{"$f":"IF(AND($Q38=2,ACOMPANHAMENTO=\"BM\"),D39,D40/$R38)","v":0},{"$f":"IF(A38<=ORÇAMENTO.MáximoListaCrono,MATCH(A38,ORÇAMENTO.ListaCrono,0),NA())","v":77},{"$f":"IF(AND($E39<>-1,$R38>0),\"F\",\"\")","v":"F"},{"$f":"IF(OR(R38=0,R38=\"\"),\"Linha\",IF(AND(OR(ACOMPANHAMENTO=\"PLE\",$Q38<>2),$E39=0),\"Linha\",1-SUM(T38:AF38)))","v":0},{"$f":"IF($E39=0,OFFSET(ORÇAMENTO!O$15,$E38,0),IF($E39<>-1,OFFSET(QCI!$D$13,$E39,0),\"\"))","v":"1.8."},{"$f":"IF($E39=0,OFFSET(ORÇAMENTO!R$15,$E38,0),IF($E39<>-1,OFFSET(QCI!$G$13,$E39,0),\"\"))","v":"INSTALAÇÕES HIDROSSANITÁRIAS"},null,null,{"$f":"IF($E39=0,OFFSET(ORÇAMENTO!C$15,$E38,0),1)","v":2},{"$f":"IF($E39=-1,0,IF(M$13<=$L38,IF(ISERROR(MATCH(M$13,OFFSET($L38,1,0,ROW($L$56)-ROW($L38)-1),0)),ROW($L$56)-ROW($L38)-1,MATCH(M$13,OFFSET($L38,1,0,ROW($L$56)-ROW($L38)-1),0)-1),0))","v":17},{"$f":"IF($E39=-1,0,IF(N$13<=$L38,IF(ISERROR(MATCH(N$13,OFFSET($L38,1,0,ROW($L$56)-ROW($L38)-1),0)),ROW($L$56)-ROW($L38)-1,MATCH(N$13,OFFSET($L38,1,0,ROW($L$56)-ROW($L38)-1),0)-1),0))","v":2},{"$f":"IF($E39=-1,0,IF(O$13<=$L38,IF(ISERROR(MATCH(O$13,OFFSET($L38,1,0,ROW($L$56)-ROW($L38)-1),0)),ROW($L$56)-ROW($L38)-1,MATCH(O$13,OFFSET($L38,1,0,ROW($L$56)-ROW($L38)-1),0)-1),0))","v":0},{"$f":"IF($E39=-1,0,IF(P$13<=$L38,IF(ISERROR(MATCH(P$13,OFFSET($L38,1,0,ROW($L$56)-ROW($L38)-1),0)),ROW($L$56)-ROW($L38)-1,MATCH(P$13,OFFSET($L38,1,0,ROW($L$56)-ROW($L38)-1),0)-1),0))","v":0},{"$f":"MIN(OFFSET(L38,0,1,,L38))","v":2},{"$f":"IF($E39=0,OFFSET(ORÇAMENTO!X$15,$E38,0),IF($E39<>-1,OFFSET(QCI!$O$13,$E39,0),\"\"))","v":12251.45},"% Período:",{"$f":"IF(AND($Q38=2,ACOMPANHAMENTO=\"BM\"),T39,T40/$R38)","v":0},0.4,0.2,0.4,0,0,0,0,0,0,0,0]
[null,null,null,null,{"$f":"IF(ISERROR(E38),IF(1+COUNTIF($L$13:OFFSET(L38,-1,0),1)<=MAX(QCI!$D$13:$D$24),1+COUNTIF($L$13:OFFSET(L38,-1,0),1),-1),0)","v":0},{"$f":"IF(AND($E39<>-1,$R38>0),\"F\",\"\")","v":"F"},{"$f":"IF(OR(R38=0,R38=\"\"),\"vazia\",IF(AND(OR(ACOMPANHAMENTO=\"PLE\",$Q38<>2),$E39=0),\"calculada\",\"-->\"))","v":"-->"},null,{"$f":"IF(AND(G38<>0,ISNUMBER(G38)),\"PREENCHA ESTA LINHA -->\",\"\")","v":""},null,null,null,null,null,null,null,null,null,null,null,0.4,0.2,0.4]
[null,null,null,{"$f":"IF($Q38=2,IF(AND(ACOMPANHAMENTO=\"PLE\",ISNUMBER($E38)),SUMIF((OFFSET(CÁLCULO!$AM$15:$AW$15,$E38,0,OFFSET(ORÇAMENTO!$D$15,CRONO!$E38,0))),\"=\"&CRONO!D$12,OFFSET(CÁLCULO!$AB$15:$AL$15,$E38,0,OFFSET(ORÇAMENTO!$D$15,CRONO!$E38,0)))+IF(AND($E40<>\"\",$E40<>0),SUMIF(CÁLCULO!$AM$15:$AW$154,\"=\"&CRONO!D$12,CÁLCULO!$AB$15:$AL$154)/(ORÇAMENTO!$X$15-CÁLCULO.TotalAdmLocal)*CRONO!$E40,0),D39*$R38),SUMIF(OFFSET($R40,1,0,$Q38-2),($L38+1)&\"$\",OFFSET(D40,1,0,$Q38-2)))","v":0},{"$f":"IF(OR($Q38<>2,AUTOEVENTO<>\"manual\",$E39>0),\"\",SUMIF(OFFSET(CÁLCULO!$M$15,CRONO!$E38,0,OFFSET(ORÇAMENTO!$D$15,CRONO!$E38,0)),1,OFFSET(ORÇAMENTO!$X$15,CRONO!$E38,0,OFFSET(ORÇAMENTO!$D$15,CRONO!$E38,0))))","v":""},null,null,null,null,null,null,null,null,null,null,null,null,{"$f":"L38&\"$\"","v":"2$"},null,{"$f":"IF($Q38=2,IF(AND(ACOMPANHAMENTO=\"PLE\",ISNUMBER($E38)),SUMIF((OFFSET(CÁLCULO!$AM$15:$AW$15,$E38,0,OFFSET(ORÇAMENTO!$D$15,CRONO!$E38,0))),\"<=\"&CRONO!T$12,OFFSET(CÁLCULO!$AB$15:$AL$15,$E38,0,OFFSET(ORÇAMENTO!$D$15,CRONO!$E38,0)))+IF(AND($E40<>\"\",$E40<>0),SUMIF(CÁLCULO!$AM$15:$AW$154,\"<=\"&CRONO!T$12,CÁLCULO!$AB$15:$AL$154)/(ORÇAMENTO!$X$15-CÁLCULO.TotalAdmLocal)*CRONO!$E40,0),T39*$R38),SUMIF(OFFSET($R40,1,0,$Q38-2),($L38+1)&\"$\",OFFSET(T40,1,0,$Q38-2)))","v":0},{"$f":"IF($Q38=2,IF(AND(ACOMPANHAMENTO=\"PLE\",ISNUMBER($E38)),SUMIF((OFFSET(CÁLCULO!$AM$15:$AW$15,$E38,0,OFFSET(ORÇAMENTO!$D$15,CRONO!$E38,0))),\"=\"&CRONO!U$12,OFFSET(CÁLCULO!$AB$15:$AL$15,$E38,0,OFFSET(ORÇAMENTO!$D$15,CRONO!$E38,0)))+IF(AND($E40<>\"\",$E40<>0),SUMIF(CÁLCULO!$AM$15:$AW$154,\"=\"&CRONO!U$12,CÁLCULO!$AB$15:$AL$154)/(ORÇAMENTO!$X$15-CÁLCULO.TotalAdmLocal)*CRONO!$E40,0),U39*$R38),SUMIF(OFFSET($R40,1,0,$Q38-2),($L38+1)&\"$\",OFFSET(U40,1,0,$Q38-2)))","v":4900.5800000000008},{"$f":"IF($Q38=2,IF(AND(ACOMPANHAMENTO=\"PLE\",ISNUMBER($E38)),SUMIF((OFFSET(CÁLCULO!$AM$15:$AW$15,$E38,0,OFFSET(ORÇAMENTO!$D$15,CRONO!$E38,0))),\"=\"&CRONO!V$12,OFFSET(CÁLCULO!$AB$15:$AL$15,$E38,0,OFFSET(ORÇAMENTO!$D$15,CRONO!$E38,0)))+IF(AND($E40<>\"\",$E40<>0),SUMIF(CÁLCULO!$AM$15:$AW$154,\"=\"&CRONO!V$12,CÁLCULO!$AB$15:$AL$154)/(ORÇAMENTO!$X$15-CÁLCULO.TotalAdmLocal)*CRONO!$E40,0),V39*$R38),SUMIF(OFFSET($R40,1,0,$Q38-2),($L38+1)&\"$\",OFFSET(V40,1,0,$Q38-2)))","v":2450.2900000000004},{"$f":"IF($Q38=2,IF(AND(ACOMPANHAMENTO=\"PLE\",ISNUMBER($E38)),SUMIF((OFFSET(CÁLCULO!$AM$15:$AW$15,$E38,0,OFFSET(ORÇAMENTO!$D$15,CRONO!$E38,0))),\"=\"&CRONO!W$12,OFFSET(CÁLCULO!$AB$15:$AL$15,$E38,0,OFFSET(ORÇAMENTO!$D$15,CRONO!$E38,0)))+IF(AND($E40<>\"\",$E40<>0),SUMIF(CÁLCULO!$AM$15:$AW$154,\"=\"&CRONO!W$12,CÁLCULO!$AB$15:$AL$154)/(ORÇAMENTO!$X$15-CÁLCULO.TotalAdmLocal)*CRONO!$E40,0),W39*$R38),SUMIF(OFFSET($R40,1,0,$Q38-2),($L38+1)&\"$\",OFFSET(W40,1,0,$Q38-2)))","v":4900.5800000000008},{"$f":"IF($Q38=2,IF(AND(ACOMPANHAMENTO=\"PLE\",ISNUMBER($E38)),SUMIF((OFFSET(CÁLCULO!$AM$15:$AW$15,$E38,0,OFFSET(ORÇAMENTO!$D$15,CRONO!$E38,0))),\"=\"&CRONO!X$12,OFFSET(CÁLCULO!$AB$15:$AL$15,$E38,0,OFFSET(ORÇAMENTO!$D$15,CRONO!$E38,0)))+IF(AND($E40<>\"\",$E40<>0),SUMIF(CÁLCULO!$AM$15:$AW$154,\"=\"&CRONO!X$12,CÁLCULO!$AB$15:$AL$154)/(ORÇAMENTO!$X$15-CÁLCULO.TotalAdmLocal)*CRONO!$E40,0),X39*$R38),SUMIF(OFFSET($R40,1,0,$Q38-2),($L38+1)&\"$\",OFFSET(X40,1,0,$Q38-2)))","v":0},{"$f":"IF($Q38=2,IF(AND(ACOMPANHAMENTO=\"PLE\",ISNUMBER($E38)),SUMIF((OFFSET(CÁLCULO!$AM$15:$AW$15,$E38,0,OFFSET(ORÇAMENTO!$D$15,CRONO!$E38,0))),\"=\"&CRONO!Y$12,OFFSET(CÁLCULO!$AB$15:$AL$15,$E38,0,OFFSET(ORÇAMENTO!$D$15,CRONO!$E38,0)))+IF(AND($E40<>\"\",$E40<>0),SUMIF(CÁLCULO!$AM$15:$AW$154,\"=\"&CRONO!Y$12,CÁLCULO!$AB$15:$AL$154)/(ORÇAMENTO!$X$15-CÁLCULO.TotalAdmLocal)*CRONO!$E40,0),Y39*$R38),SUMIF(OFFSET($R40,1,0,$Q38-2),($L38+1)&\"$\",OFFSET(Y40,1,0,$Q38-2)))","v":0},{"$f":"IF($Q38=2,IF(AND(ACOMPANHAMENTO=\"PLE\",ISNUMBER($E38)),SUMIF((OFFSET(CÁLCULO!$AM$15:$AW$15,$E38,0,OFFSET(ORÇAMENTO!$D$15,CRONO!$E38,0))),\"=\"&CRONO!Z$12,OFFSET(CÁLCULO!$AB$15:$AL$15,$E38,0,OFFSET(ORÇAMENTO!$D$15,CRONO!$E38,0)))+IF(AND($E40<>\"\",$E40<>0),SUMIF(CÁLCULO!$AM$15:$AW$154,\"=\"&CRONO!Z$12,CÁLCULO!$AB$15:$AL$154)/(ORÇAMENTO!$X$15-CÁLCULO.TotalAdmLocal)*CRONO!$E40,0),Z39*$R38),SUMIF(OFFSET($R40,1,0,$Q38-2),($L38+1)&\"$\",OFFSET(Z40,1,0,$Q38-2)))","v":0},{"$f":"IF($Q38=2,IF(AND(ACOMPANHAMENTO=\"PLE\",ISNUMBER($E38)),SUMIF((OFFSET(CÁLCULO!$AM$15:$AW$15,$E38,0,OFFSET(ORÇAMENTO!$D$15,CRONO!$E38,0))),\"=\"&CRONO!AA$12,OFFSET(CÁLCULO!$AB$15:$AL$15,$E38,0,OFFSET(ORÇAMENTO!$D$15,CRONO!$E38,0)))+IF(AND($E40<>\"\",$E40<>0),SUMIF(CÁLCULO!$AM$15:$AW$154,\"=\"&CRONO!AA$12,CÁLCULO!$AB$15:$AL$154)/(ORÇAMENTO!$X$15-CÁLCULO.TotalAdmLocal)*CRONO!$E40,0),AA39*$R38),SUMIF(OFFSET($R40,1,0,$Q38-2),($L38+1)&\"$\",OFFSET(AA40,1,0,$Q38-2)))","v":0},{"$f":"IF($Q38=2,IF(AND(ACOMPANHAMENTO=\"PLE\",ISNUMBER($E38)),SUMIF((OFFSET(CÁLCULO!$AM$15:$AW$15,$E38,0,OFFSET(ORÇAMENTO!$D$15,CRONO!$E38,0))),\"=\"&CRONO!AB$12,OFFSET(CÁLCULO!$AB$15:$AL$15,$E38,0,OFFSET(ORÇAMENTO!$D$15,CRONO!$E38,0)))+IF(AND($E40<>\"\",$E40<>0),SUMIF(CÁLCULO!$AM$15:$AW$154,\"=\"&CRONO!AB$12,CÁLCULO!$AB$15:$AL$154)/(ORÇAMENTO!$X$15-CÁLCULO.TotalAdmLocal)*CRONO!$E40,0),AB39*$R38),SUMIF(OFFSET($R40,1,0,$Q38-2),($L38+1)&\"$\",OFFSET(AB40,1,0,$Q38-2)))","v":0},{"$f":"IF($Q38=2,IF(AND(ACOMPANHAMENTO=\"PLE\",ISNUMBER($E38)),SUMIF((OFFSET(CÁLCULO!$AM$15:$AW$15,$E38,0,OFFSET(ORÇAMENTO!$D$15,CRONO!$E38,0))),\"=\"&CRONO!AC$12,OFFSET(CÁLCULO!$AB$15:$AL$15,$E38,0,OFFSET(ORÇAMENTO!$D$15,CRONO!$E38,0)))+IF(AND($E40<>\"\",$E40<>0),SUMIF(CÁLCULO!$AM$15:$AW$154,\"=\"&CRONO!AC$12,CÁLCULO!$AB$15:$AL$154)/(ORÇAMENTO!$X$15-CÁLCULO.TotalAdmLocal)*CRONO!$E40,0),AC39*$R38),SUMIF(OFFSET($R40,1,0,$Q38-2),($L38+1)&\"$\",OFFSET(AC40,1,0,$Q38-2)))","v":0},{"$f":"IF($Q38=2,IF(AND(ACOMPANHAMENTO=\"PLE\",ISNUMBER($E38)),SUMIF((OFFSET(CÁLCULO!$AM$15:$AW$15,$E38,0,OFFSET(ORÇAMENTO!$D$15,CRONO!$E38,0))),\"=\"&CRONO!AD$12,OFFSET(CÁLCULO!$AB$15:$AL$15,$E38,0,OFFSET(ORÇAMENTO!$D$15,CRONO!$E38,0)))+IF(AND($E40<>\"\",$E40<>0),SUMIF(CÁLCULO!$AM$15:$AW$154,\"=\"&CRONO!AD$12,CÁLCULO!$AB$15:$AL$154)/(ORÇAMENTO!$X$15-CÁLCULO.TotalAdmLocal)*CRONO!$E40,0),AD39*$R38),SUMIF(OFFSET($R40,1,0,$Q38-2),($L38+1)&\"$\",OFFSET(AD40,1,0,$Q38-2)))","v":0},{"$f":"IF($Q38=2,IF(AND(ACOMPANHAMENTO=\"PLE\",ISNUMBER($E38)),SUMIF((OFFSET(CÁLCULO!$AM$15:$AW$15,$E38,0,OFFSET(ORÇAMENTO!$D$15,CRONO!$E38,0))),\"=\"&CRONO!AE$12,OFFSET(CÁLCULO!$AB$15:$AL$15,$E38,0,OFFSET(ORÇAMENTO!$D$15,CRONO!$E38,0)))+IF(AND($E40<>\"\",$E40<>0),SUMIF(CÁLCULO!$AM$15:$AW$154,\"=\"&CRONO!AE$12,CÁLCULO!$AB$15:$AL$154)/(ORÇAMENTO!$X$15-CÁLCULO.TotalAdmLocal)*CRONO!$E40,0),AE39*$R38),SUMIF(OFFSET($R40,1,0,$Q38-2),($L38+1)&\"$\",OFFSET(AE40,1,0,$Q38-2)))","v":0}]
[{"$f":"OFFSET(A41,-3,0)+1","v":10},{"$f":"IF($Q41<>2,0,IF($R41=0,1,IF(E42>0,OFFSET(QCI!$M$13,SUBSTITUTE(E42,\".\",\"\"),0),OFFSET(ORÇAMENTO!$AA$15,CRONO!$E41,0))/$R41))","v":1.0000000000000002},{"$f":"IF($Q41<>2,0,IF($R41=0,1,IF(E42>0,OFFSET(QCI!$N$13,SUBSTITUTE(E42,\".\",\"\"),0),OFFSET(ORÇAMENTO!$AB$15,CRONO!$E41,0))/$R41))","v":0},{"$f":"IF(AND($Q41=2,ACOMPANHAMENTO=\"BM\"),D42,D43/$R41)","v":0},{"$f":"IF(A41<=ORÇAMENTO.MáximoListaCrono,MATCH(A41,ORÇAMENTO.ListaCrono,0),NA())","v":99},{"$f":"IF(AND($E42<>-1,$R41>0),\"F\",\"\")","v":"F"},{"$f":"IF(OR(R41=0,R41=\"\"),\"Linha\",IF(AND(OR(ACOMPANHAMENTO=\"PLE\",$Q41<>2),$E42=0),\"Linha\",1-SUM(T41:AF41)))","v":0},{"$f":"IF($E42=0,OFFSET(ORÇAMENTO!O$15,$E41,0),IF($E42<>-1,OFFSET(QCI!$D$13,$E42,0),\"\"))","v":"1.9."},{"$f":"IF($E42=0,OFFSET(ORÇAMENTO!R$15,$E41,0),IF($E42<>-1,OFFSET(QCI!$G$13,$E42,0),\"\"))","v":"INSTALAÇÕES ELÉTRICAS"},null,null,{"$f":"IF($E42=0,OFFSET(ORÇAMENTO!C$15,$E41,0),1)","v":2},{"$f":"IF($E42=-1,0,IF(M$13<=$L41,IF(ISERROR(MATCH(M$13,OFFSET($L41,1,0,ROW($L$56)-ROW($L41)-1),0)),ROW($L$56)-ROW($L41)-1,MATCH(M$13,OFFSET($L41,1,0,ROW($L$56)-ROW($L41)-1),0)-1),0))","v":14},{"$f":"IF($E42=-1,0,IF(N$13<=$L41,IF(ISERROR(MATCH(N$13,OFFSET($L41,1,0,ROW($L$56)-ROW($L41)-1),0)),ROW($L$56)-ROW($L41)-1,MATCH(N$13,OFFSET($L41,1,0,ROW($L$56)-ROW($L41)-1),0)-1),0))","v":2},{"$f":"IF($E42=-1,0,IF(O$13<=$L41,IF(ISERROR(MATCH(O$13,OFFSET($L41,1,0,ROW($L$56)-ROW($L41)-1),0)),ROW($L$56)-ROW($L41)-1,MATCH(O$13,OFFSET($L41,1,0,ROW($L$56)-ROW($L41)-1),0)-1),0))","v":0},{"$f":"IF($E42=-1,0,IF(P$13<=$L41,IF(ISERROR(MATCH(P$13,OFFSET($L41,1,0,ROW($L$56)-ROW($L41)-1),0)),ROW($L$56)-ROW($L41)-1,MATCH(P$13,OFFSET($L41,1,0,ROW($L$56)-ROW($L41)-1),0)-1),0))","v":0},{"$f":"MIN(OFFSET(L41,0,1,,L41))","v":2},{"$f":"IF($E42=0,OFFSET(ORÇAMENTO!X$15,$E41,0),IF($E42<>-1,OFFSET(QCI!$O$13,$E42,0),\"\"))","v":17071.47},"% Período:",{"$f":"IF(AND($Q41=2,ACOMPANHAMENTO=\"BM\"),T42,T43/$R41)","v":0.25},0.4,0.2,0.15,0,0,0,0,0,0,0,0]
[null,null,null,null,{"$f":"IF(ISERROR(E41),IF(1+COUNTIF($L$13:OFFSET(L41,-1,0),1)<=MAX(QCI!$D$13:$D$24),1+COUNTIF($L$13:OFFSET(L41,-1,0),1),-1),0)","v":0},{"$f":"IF(AND($E42<>-1,$R41>0),\"F\",\"\")","v":"F"},{"$f":"IF(OR(R41=0,R41=\"\"),\"vazia\",IF(AND(OR(ACOMPANHAMENTO=\"PLE\",$Q41<>2),$E42=0),\"calculada\",\"-->\"))","v":"-->"},null,{"$f":"IF(AND(G41<>0,ISNUMBER(G41)),\"PREENCHA ESTA LINHA -->\",\"\")","v":""},null,null,null,null,null,null,null,null,null,null,0.25,0.4,0.2,0.15]
[null,null,null,{"$f":"IF($Q41=2,IF(AND(ACOMPANHAMENTO=\"PLE\",ISNUMBER($E41)),SUMIF((OFFSET(CÁLCULO!$AM$15:$AW$15,$E41,0,OFFSET(ORÇAMENTO!$D$15,CRONO!$E41,0))),\"=\"&CRONO!D$12,OFFSET(CÁLCULO!$AB$15:$AL$15,$E41,0,OFFSET(ORÇAMENTO!$D$15,CRONO!$E41,0)))+IF(AND($E43<>\"\",$E43<>0),SUMIF(CÁLCULO!$AM$15:$AW$154,\"=\"&CRONO!D$12,CÁLCULO!$AB$15:$AL$154)/(ORÇAMENTO!$X$15-CÁLCULO.TotalAdmLocal)*CRONO!$E43,0),D42*$R41),SUMIF(OFFSET($R43,1,0,$Q41-2),($L41+1)&\"$\",OFFSET(D43,1,0,$Q41-2)))","v":0},{"$f":"IF(OR($Q41<>2,AUTOEVENTO<>\"manual\",$E42>0),\"\",SUMIF(OFFSET(CÁLCULO!$M$15,CRONO!$E41,0,OFFSET(ORÇAMENTO!$D$15,CRONO!$E41,0)),1,OFFSET(ORÇAMENTO!$X$15,CRONO!$E41,0,OFFSET(ORÇAMENTO!$D$15,CRONO!$E41,0))))","v":""},null,null,null,null,null,null,null,null,null,null,null,null,{"$f":"L41&\"$\"","v":"2$"},null,{"$f":"IF($Q41=2,IF(AND(ACOMPANHAMENTO=\"PLE\",ISNUMBER($E41)),SUMIF((OFFSET(CÁLCULO!$AM$15:$AW$15,$E41,0,OFFSET(ORÇAMENTO!$D$15,CRONO!$E41,0))),\"<=\"&CRONO!T$12,OFFSET(CÁLCULO!$AB$15:$AL$15,$E41,0,OFFSET(ORÇAMENTO!$D$15,CRONO!$E41,0)))+IF(AND($E43<>\"\",$E43<>0),SUMIF(CÁLCULO!$AM$15:$AW$154,\"<=\"&CRONO!T$12,CÁLCULO!$AB$15:$AL$154)/(ORÇAMENTO!$X$15-CÁLCULO.TotalAdmLocal)*CRONO!$E43,0),T42*$R41),SUMIF(OFFSET($R43,1,0,$Q41-2),($L41+1)&\"$\",OFFSET(T43,1,0,$Q41-2)))","v":4267.8675000000003},{"$f":"IF($Q41=2,IF(AND(ACOMPANHAMENTO=\"PLE\",ISNUMBER($E41)),SUMIF((OFFSET(CÁLCULO!$AM$15:$AW$15,$E41,0,OFFSET(ORÇAMENTO!$D$15,CRONO!$E41,0))),\"=\"&CRONO!U$12,OFFSET(CÁLCULO!$AB$15:$AL$15,$E41,0,OFFSET(ORÇAMENTO!$D$15,CRONO!$E41,0)))+IF(AND($E43<>\"\",$E43<>0),SUMIF(CÁLCULO!$AM$15:$AW$154,\"=\"&CRONO!U$12,CÁLCULO!$AB$15:$AL$154)/(ORÇAMENTO!$X$15-CÁLCULO.TotalAdmLocal)*CRONO!$E43,0),U42*$R41),SUMIF(OFFSET($R43,1,0,$Q41-2),($L41+1)&\"$\",OFFSET(U43,1,0,$Q41-2)))","v":6828.5880000000006},{"$f":"IF($Q41=2,IF(AND(ACOMPANHAMENTO=\"PLE\",ISNUMBER($E41)),SUMIF((OFFSET(CÁLCULO!$AM$15:$AW$15,$E41,0,OFFSET(ORÇAMENTO!$D$15,CRONO!$E41,0))),\"=\"&CRONO!V$12,OFFSET(CÁLCULO!$AB$15:$AL$15,$E41,0,OFFSET(ORÇAMENTO!$D$15,CRONO!$E41,0)))+IF(AND($E43<>\"\",$E43<>0),SUMIF(CÁLCULO!$AM$15:$AW$154,\"=\"&CRONO!V$12,CÁLCULO!$AB$15:$AL$154)/(ORÇAMENTO!$X$15-CÁLCULO.TotalAdmLocal)*CRONO!$E43,0),V42*$R41),SUMIF(OFFSET($R43,1,0,$Q41-2),($L41+1)&\"$\",OFFSET(V43,1,0,$Q41-2)))","v":3414.2940000000003},{"$f":"IF($Q41=2,IF(AND(ACOMPANHAMENTO=\"PLE\",ISNUMBER($E41)),SUMIF((OFFSET(CÁLCULO!$AM$15:$AW$15,$E41,0,OFFSET(ORÇAMENTO!$D$15,CRONO!$E41,0))),\"=\"&CRONO!W$12,OFFSET(CÁLCULO!$AB$15:$AL$15,$E41,0,OFFSET(ORÇAMENTO!$D$15,CRONO!$E41,0)))+IF(AND($E43<>\"\",$E43<>0),SUMIF(CÁLCULO!$AM$15:$AW$154,\"=\"&CRONO!W$12,CÁLCULO!$AB$15:$AL$154)/(ORÇAMENTO!$X$15-CÁLCULO.TotalAdmLocal)*CRONO!$E43,0),W42*$R41),SUMIF(OFFSET($R43,1,0,$Q41-2),($L41+1)&\"$\",OFFSET(W43,1,0,$Q41-2)))","v":2560.7204999999999},{"$f":"IF($Q41=2,IF(AND(ACOMPANHAMENTO=\"PLE\",ISNUMBER($E41)),SUMIF((OFFSET(CÁLCULO!$AM$15:$AW$15,$E41,0,OFFSET(ORÇAMENTO!$D$15,CRONO!$E41,0))),\"=\"&CRONO!X$12,OFFSET(CÁLCULO!$AB$15:$AL$15,$E41,0,OFFSET(ORÇAMENTO!$D$15,CRONO!$E41,0)))+IF(AND($E43<>\"\",$E43<>0),SUMIF(CÁLCULO!$AM$15:$AW$154,\"=\"&CRONO!X$12,CÁLCULO!$AB$15:$AL$154)/(ORÇAMENTO!$X$15-CÁLCULO.TotalAdmLocal)*CRONO!$E43,0),X42*$R41),SUMIF(OFFSET($R43,1,0,$Q41-2),($L41+1)&\"$\",OFFSET(X43,1,0,$Q41-2)))","v":0},{"$f":"IF($Q41=2,IF(AND(ACOMPANHAMENTO=\"PLE\",ISNUMBER($E41)),SUMIF((OFFSET(CÁLCULO!$AM$15:$AW$15,$E41,0,OFFSET(ORÇAMENTO!$D$15,CRONO!$E41,0))),\"=\"&CRONO!Y$12,OFFSET(CÁLCULO!$AB$15:$AL$15,$E41,0,OFFSET(ORÇAMENTO!$D$15,CRONO!$E41,0)))+IF(AND($E43<>\"\",$E43<>0),SUMIF(CÁLCULO!$AM$15:$AW$154,\"=\"&CRONO!Y$12,CÁLCULO!$AB$15:$AL$154)/(ORÇAMENTO!$X$15-CÁLCULO.TotalAdmLocal)*CRONO!$E43,0),Y42*$R41),SUMIF(OFFSET($R43,1,0,$Q41-2),($L41+1)&\"$\",OFFSET(Y43,1,0,$Q41-2)))","v":0},{"$f":"IF($Q41=2,IF(AND(ACOMPANHAMENTO=\"PLE\",ISNUMBER($E41)),SUMIF((OFFSET(CÁLCULO!$AM$15:$AW$15,$E41,0,OFFSET(ORÇAMENTO!$D$15,CRONO!$E41,0))),\"=\"&CRONO!Z$12,OFFSET(CÁLCULO!$AB$15:$AL$15,$E41,0,OFFSET(ORÇAMENTO!$D$15,CRONO!$E41,0)))+IF(AND($E43<>\"\",$E43<>0),SUMIF(CÁLCULO!$AM$15:$AW$154,\"=\"&CRONO!Z$12,CÁLCULO!$AB$15:$AL$154)/(ORÇAMENTO!$X$15-CÁLCULO.TotalAdmLocal)*CRONO!$E43,0),Z42*$R41),SUMIF(OFFSET($R43,1,0,$Q41-2),($L41+1)&\"$\",OFFSET(Z43,1,0,$Q41-2)))","v":0},{"$f":"IF($Q41=2,IF(AND(ACOMPANHAMENTO=\"PLE\",ISNUMBER($E41)),SUMIF((OFFSET(CÁLCULO!$AM$15:$AW$15,$E41,0,OFFSET(ORÇAMENTO!$D$15,CRONO!$E41,0))),\"=\"&CRONO!AA$12,OFFSET(CÁLCULO!$AB$15:$AL$15,$E41,0,OFFSET(ORÇAMENTO!$D$15,CRONO!$E41,0)))+IF(AND($E43<>\"\",$E43<>0),SUMIF(CÁLCULO!$AM$15:$AW$154,\"=\"&CRONO!AA$12,CÁLCULO!$AB$15:$AL$154)/(ORÇAMENTO!$X$15-CÁLCULO.TotalAdmLocal)*CRONO!$E43,0),AA42*$R41),SUMIF(OFFSET($R43,1,0,$Q41-2),($L41+1)&\"$\",OFFSET(AA43,1,0,$Q41-2)))","v":0},{"$f":"IF($Q41=2,IF(AND(ACOMPANHAMENTO=\"PLE\",ISNUMBER($E41)),SUMIF((OFFSET(CÁLCULO!$AM$15:$AW$15,$E41,0,OFFSET(ORÇAMENTO!$D$15,CRONO!$E41,0))),\"=\"&CRONO!AB$12,OFFSET(CÁLCULO!$AB$15:$AL$15,$E41,0,OFFSET(ORÇAMENTO!$D$15,CRONO!$E41,0)))+IF(AND($E43<>\"\",$E43<>0),SUMIF(CÁLCULO!$AM$15:$AW$154,\"=\"&CRONO!AB$12,CÁLCULO!$AB$15:$AL$154)/(ORÇAMENTO!$X$15-CÁLCULO.TotalAdmLocal)*CRONO!$E43,0),AB42*$R41),SUMIF(OFFSET($R43,1,0,$Q41-2),($L41+1)&\"$\",OFFSET(AB43,1,0,$Q41-2)))","v":0},{"$f":"IF($Q41=2,IF(AND(ACOMPANHAMENTO=\"PLE\",ISNUMBER($E41)),SUMIF((OFFSET(CÁLCULO!$AM$15:$AW$15,$E41,0,OFFSET(ORÇAMENTO!$D$15,CRONO!$E41,0))),\"=\"&CRONO!AC$12,OFFSET(CÁLCULO!$AB$15:$AL$15,$E41,0,OFFSET(ORÇAMENTO!$D$15,CRONO!$E41,0)))+IF(AND($E43<>\"\",$E43<>0),SUMIF(CÁLCULO!$AM$15:$AW$154,\"=\"&CRONO!AC$12,CÁLCULO!$AB$15:$AL$154)/(ORÇAMENTO!$X$15-CÁLCULO.TotalAdmLocal)*CRONO!$E43,0),AC42*$R41),SUMIF(OFFSET($R43,1,0,$Q41-2),($L41+1)&\"$\",OFFSET(AC43,1,0,$Q41-2)))","v":0},{"$f":"IF($Q41=2,IF(AND(ACOMPANHAMENTO=\"PLE\",ISNUMBER($E41)),SUMIF((OFFSET(CÁLCULO!$AM$15:$AW$15,$E41,0,OFFSET(ORÇAMENTO!$D$15,CRONO!$E41,0))),\"=\"&CRONO!AD$12,OFFSET(CÁLCULO!$AB$15:$AL$15,$E41,0,OFFSET(ORÇAMENTO!$D$15,CRONO!$E41,0)))+IF(AND($E43<>\"\",$E43<>0),SUMIF(CÁLCULO!$AM$15:$AW$154,\"=\"&CRONO!AD$12,CÁLCULO!$AB$15:$AL$154)/(ORÇAMENTO!$X$15-CÁLCULO.TotalAdmLocal)*CRONO!$E43,0),AD42*$R41),SUMIF(OFFSET($R43,1,0,$Q41-2),($L41+1)&\"$\",OFFSET(AD43,1,0,$Q41-2)))","v":0},{"$f":"IF($Q41=2,IF(AND(ACOMPANHAMENTO=\"PLE\",ISNUMBER($E41)),SUMIF((OFFSET(CÁLCULO!$AM$15:$AW$15,$E41,0,OFFSET(ORÇAMENTO!$D$15,CRONO!$E41,0))),\"=\"&CRONO!AE$12,OFFSET(CÁLCULO!$AB$15:$AL$15,$E41,0,OFFSET(ORÇAMENTO!$D$15,CRONO!$E41,0)))+IF(AND($E43<>\"\",$E43<>0),SUMIF(CÁLCULO!$AM$15:$AW$154,\"=\"&CRONO!AE$12,CÁLCULO!$AB$15:$AL$154)/(ORÇAMENTO!$X$15-CÁLCULO.TotalAdmLocal)*CRONO!$E43,0),AE42*$R41),SUMIF(OFFSET($R43,1,0,$Q41-2),($L41+1)&\"$\",OFFSET(AE43,1,0,$Q41-2)))","v":0}]
[{"$f":"OFFSET(A44,-3,0)+1","v":11},{"$f":"IF($Q44<>2,0,IF($R44=0,1,IF(E45>0,OFFSET(QCI!$M$13,SUBSTITUTE(E45,\".\",\"\"),0),OFFSET(ORÇAMENTO!$AA$15,CRONO!$E44,0))/$R44))","v":0.99999999999999989},{"$f":"IF($Q44<>2,0,IF($R44=0,1,IF(E45>0,OFFSET(QCI!$N$13,SUBSTITUTE(E45,\".\",\"\"),0),OFFSET(ORÇAMENTO!$AB$15,CRONO!$E44,0))/$R44))","v":0},{"$f":"IF(AND($Q44=2,ACOMPANHAMENTO=\"BM\"),D45,D46/$R44)","v":0},{"$f":"IF(A44<=ORÇAMENTO.MáximoListaCrono,MATCH(A44,ORÇAMENTO.ListaCrono,0),NA())","v":120},{"$f":"IF(AND($E45<>-1,$R44>0),\"F\",\"\")","v":"F"},{"$f":"IF(OR(R44=0,R44=\"\"),\"Linha\",IF(AND(OR(ACOMPANHAMENTO=\"PLE\",$Q44<>2),$E45=0),\"Linha\",1-SUM(T44:AF44)))","v":0},{"$f":"IF($E45=0,OFFSET(ORÇAMENTO!O$15,$E44,0),IF($E45<>-1,OFFSET(QCI!$D$13,$E45,0),\"\"))","v":"1.10."},{"$f":"IF($E45=0,OFFSET(ORÇAMENTO!R$15,$E44,0),IF($E45<>-1,OFFSET(QCI!$G$13,$E45,0),\"\"))","v":"PLUVIAIS"},null,null,{"$f":"IF($E45=0,OFFSET(ORÇAMENTO!C$15,$E44,0),1)","v":2},{"$f":"IF($E45=-1,0,IF(M$13<=$L44,IF(ISERROR(MATCH(M$13,OFFSET($L44,1,0,ROW($L$56)-ROW($L44)-1),0)),ROW($L$56)-ROW($L44)-1,MATCH(M$13,OFFSET($L44,1,0,ROW($L$56)-ROW($L44)-1),0)-1),0))","v":11},{"$f":"IF($E45=-1,0,IF(N$13<=$L44,IF(ISERROR(MATCH(N$13,OFFSET($L44,1,0,ROW($L$56)-ROW($L44)-1),0)),ROW($L$56)-ROW($L44)-1,MATCH(N$13,OFFSET($L44,1,0,ROW($L$56)-ROW($L44)-1),0)-1),0))","v":2},{"$f":"IF($E45=-1,0,IF(O$13<=$L44,IF(ISERROR(MATCH(O$13,OFFSET($L44,1,0,ROW($L$56)-ROW($L44)-1),0)),ROW($L$56)-ROW($L44)-1,MATCH(O$13,OFFSET($L44,1,0,ROW($L$56)-ROW($L44)-1),0)-1),0))","v":0},{"$f":"IF($E45=-1,0,IF(P$13<=$L44,IF(ISERROR(MATCH(P$13,OFFSET($L44,1,0,ROW($L$56)-ROW($L44)-1),0)),ROW($L$56)-ROW($L44)-1,MATCH(P$13,OFFSET($L44,1,0,ROW($L$56)-ROW($L44)-1),0)-1),0))","v":0},{"$f":"MIN(OFFSET(L44,0,1,,L44))","v":2},{"$f":"IF($E45=0,OFFSET(ORÇAMENTO!X$15,$E44,0),IF($E45<>-1,OFFSET(QCI!$O$13,$E45,0),\"\"))","v":32147.95},"% Período:",{"$f":"IF(AND($Q44=2,ACOMPANHAMENTO=\"BM\"),T45,T46/$R44)","v":0.5},0.25,0,0.25,0,0,0,0,0,0,0,0]
[null,null,null,null,{"$f":"IF(ISERROR(E44),IF(1+COUNTIF($L$13:OFFSET(L44,-1,0),1)<=MAX(QCI!$D$13:$D$24),1+COUNTIF($L$13:OFFSET(L44,-1,0),1),-1),0)","v":0},{"$f":"IF(AND($E45<>-1,$R44>0),\"F\",\"\")","v":"F"},{"$f":"IF(OR(R44=0,R44=\"\"),\"vazia\",IF(AND(OR(ACOMPANHAMENTO=\"PLE\",$Q44<>2),$E45=0),\"calculada\",\"-->\"))","v":"-->"},null,{"$f":"IF(AND(G44<>0,ISNUMBER(G44)),\"PREENCHA ESTA LINHA -->\",\"\")","v":""},null,null,null,null,null,null,null,null,null,null,0.5,0.25,null,0.25]
[null,null,null,{"$f":"IF($Q44=2,IF(AND(ACOMPANHAMENTO=\"PLE\",ISNUMBER($E44)),SUMIF((OFFSET(CÁLCULO!$AM$15:$AW$15,$E44,0,OFFSET(ORÇAMENTO!$D$15,CRONO!$E44,0))),\"=\"&CRONO!D$12,OFFSET(CÁLCULO!$AB$15:$AL$15,$E44,0,OFFSET(ORÇAMENTO!$D$15,CRONO!$E44,0)))+IF(AND($E46<>\"\",$E46<>0),SUMIF(CÁLCULO!$AM$15:$AW$154,\"=\"&CRONO!D$12,CÁLCULO!$AB$15:$AL$154)/(ORÇAMENTO!$X$15-CÁLCULO.TotalAdmLocal)*CRONO!$E46,0),D45*$R44),SUMIF(OFFSET($R46,1,0,$Q44-2),($L44+1)&\"$\",OFFSET(D46,1,0,$Q44-2)))","v":0},{"$f":"IF(OR($Q44<>2,AUTOEVENTO<>\"manual\",$E45>0),\"\",SUMIF(OFFSET(CÁLCULO!$M$15,CRONO!$E44,0,OFFSET(ORÇAMENTO!$D$15,CRONO!$E44,0)),1,OFFSET(ORÇAMENTO!$X$15,CRONO!$E44,0,OFFSET(ORÇAMENTO!$D$15,CRONO!$E44,0))))","v":""},null,null,null,null,null,null,null,null,null,null,null,null,{"$f":"L44&\"$\"","v":"2$"},null,{"$f":"IF($Q44=2,IF(AND(ACOMPANHAMENTO=\"PLE\",ISNUMBER($E44)),SUMIF((OFFSET(CÁLCULO!$AM$15:$AW$15,$E44,0,OFFSET(ORÇAMENTO!$D$15,CRONO!$E44,0))),\"<=\"&CRONO!T$12,OFFSET(CÁLCULO!$AB$15:$AL$15,$E44,0,OFFSET(ORÇAMENTO!$D$15,CRONO!$E44,0)))+IF(AND($E46<>\"\",$E46<>0),SUMIF(CÁLCULO!$AM$15:$AW$154,\"<=\"&CRONO!T$12,CÁLCULO!$AB$15:$AL$154)/(ORÇAMENTO!$X$15-CÁLCULO.TotalAdmLocal)*CRONO!$E46,0),T45*$R44),SUMIF(OFFSET($R46,1,0,$Q44-2),($L44+1)&\"$\",OFFSET(T46,1,0,$Q44-2)))","v":16073.975},{"$f":"IF($Q44=2,IF(AND(ACOMPANHAMENTO=\"PLE\",ISNUMBER($E44)),SUMIF((OFFSET(CÁLCULO!$AM$15:$AW$15,$E44,0,OFFSET(ORÇAMENTO!$D$15,CRONO!$E44,0))),\"=\"&CRONO!U$12,OFFSET(CÁLCULO!$AB$15:$AL$15,$E44,0,OFFSET(ORÇAMENTO!$D$15,CRONO!$E44,0)))+IF(AND($E46<>\"\",$E46<>0),SUMIF(CÁLCULO!$AM$15:$AW$154,\"=\"&CRONO!U$12,CÁLCULO!$AB$15:$AL$154)/(ORÇAMENTO!$X$15-CÁLCULO.TotalAdmLocal)*CRONO!$E46,0),U45*$R44),SUMIF(OFFSET($R46,1,0,$Q44-2),($L44+1)&\"$\",OFFSET(U46,1,0,$Q44-2)))","v":8036.9875000000002},{"$f":"IF($Q44=2,IF(AND(ACOMPANHAMENTO=\"PLE\",ISNUMBER($E44)),SUMIF((OFFSET(CÁLCULO!$AM$15:$AW$15,$E44,0,OFFSET(ORÇAMENTO!$D$15,CRONO!$E44,0))),\"=\"&CRONO!V$12,OFFSET(CÁLCULO!$AB$15:$AL$15,$E44,0,OFFSET(ORÇAMENTO!$D$15,CRONO!$E44,0)))+IF(AND($E46<>\"\",$E46<>0),SUMIF(CÁLCULO!$AM$15:$AW$154,\"=\"&CRONO!V$12,CÁLCULO!$AB$15:$AL$154)/(ORÇAMENTO!$X$15-CÁLCULO.TotalAdmLocal)*CRONO!$E46,0),V45*$R44),SUMIF(OFFSET($R46,1,0,$Q44-2),($L44+1)&\"$\",OFFSET(V46,1,0,$Q44-2)))","v":0},{"$f":"IF($Q44=2,IF(AND(ACOMPANHAMENTO=\"PLE\",ISNUMBER($E44)),SUMIF((OFFSET(CÁLCULO!$AM$15:$AW$15,$E44,0,OFFSET(ORÇAMENTO!$D$15,CRONO!$E44,0))),\"=\"&CRONO!W$12,OFFSET(CÁLCULO!$AB$15:$AL$15,$E44,0,OFFSET(ORÇAMENTO!$D$15,CRONO!$E44,0)))+IF(AND($E46<>\"\",$E46<>0),SUMIF(CÁLCULO!$AM$15:$AW$154,\"=\"&CRONO!W$12,CÁLCULO!$AB$15:$AL$154)/(ORÇAMENTO!$X$15-CÁLCULO.TotalAdmLocal)*CRONO!$E46,0),W45*$R44),SUMIF(OFFSET($R46,1,0,$Q44-2),($L44+1)&\"$\",OFFSET(W46,1,0,$Q44-2)))","v":8036.9875000000002},{"$f":"IF($Q44=2,IF(AND(ACOMPANHAMENTO=\"PLE\",ISNUMBER($E44)),SUMIF((OFFSET(CÁLCULO!$AM$15:$AW$15,$E44,0,OFFSET(ORÇAMENTO!$D$15,CRONO!$E44,0))),\"=\"&CRONO!X$12,OFFSET(CÁLCULO!$AB$15:$AL$15,$E44,0,OFFSET(ORÇAMENTO!$D$15,CRONO!$E44,0)))+IF(AND($E46<>\"\",$E46<>0),SUMIF(CÁLCULO!$AM$15:$AW$154,\"=\"&CRONO!X$12,CÁLCULO!$AB$15:$AL$154)/(ORÇAMENTO!$X$15-CÁLCULO.TotalAdmLocal)*CRONO!$E46,0),X45*$R44),SUMIF(OFFSET($R46,1,0,$Q44-2),($L44+1)&\"$\",OFFSET(X46,1,0,$Q44-2)))","v":0},{"$f":"IF($Q44=2,IF(AND(ACOMPANHAMENTO=\"PLE\",ISNUMBER($E44)),SUMIF((OFFSET(CÁLCULO!$AM$15:$AW$15,$E44,0,OFFSET(ORÇAMENTO!$D$15,CRONO!$E44,0))),\"=\"&CRONO!Y$12,OFFSET(CÁLCULO!$AB$15:$AL$15,$E44,0,OFFSET(ORÇAMENTO!$D$15,CRONO!$E44,0)))+IF(AND($E46<>\"\",$E46<>0),SUMIF(CÁLCULO!$AM$15:$AW$154,\"=\"&CRONO!Y$12,CÁLCULO!$AB$15:$AL$154)/(ORÇAMENTO!$X$15-CÁLCULO.TotalAdmLocal)*CRONO!$E46,0),Y45*$R44),SUMIF(OFFSET($R46,1,0,$Q44-2),($L44+1)&\"$\",OFFSET(Y46,1,0,$Q44-2)))","v":0},{"$f":"IF($Q44=2,IF(AND(ACOMPANHAMENTO=\"PLE\",ISNUMBER($E44)),SUMIF((OFFSET(CÁLCULO!$AM$15:$AW$15,$E44,0,OFFSET(ORÇAMENTO!$D$15,CRONO!$E44,0))),\"=\"&CRONO!Z$12,OFFSET(CÁLCULO!$AB$15:$AL$15,$E44,0,OFFSET(ORÇAMENTO!$D$15,CRONO!$E44,0)))+IF(AND($E46<>\"\",$E46<>0),SUMIF(CÁLCULO!$AM$15:$AW$154,\"=\"&CRONO!Z$12,CÁLCULO!$AB$15:$AL$154)/(ORÇAMENTO!$X$15-CÁLCULO.TotalAdmLocal)*CRONO!$E46,0),Z45*$R44),SUMIF(OFFSET($R46,1,0,$Q44-2),($L44+1)&\"$\",OFFSET(Z46,1,0,$Q44-2)))","v":0},{"$f":"IF($Q44=2,IF(AND(ACOMPANHAMENTO=\"PLE\",ISNUMBER($E44)),SUMIF((OFFSET(CÁLCULO!$AM$15:$AW$15,$E44,0,OFFSET(ORÇAMENTO!$D$15,CRONO!$E44,0))),\"=\"&CRONO!AA$12,OFFSET(CÁLCULO!$AB$15:$AL$15,$E44,0,OFFSET(ORÇAMENTO!$D$15,CRONO!$E44,0)))+IF(AND($E46<>\"\",$E46<>0),SUMIF(CÁLCULO!$AM$15:$AW$154,\"=\"&CRONO!AA$12,CÁLCULO!$AB$15:$AL$154)/(ORÇAMENTO!$X$15-CÁLCULO.TotalAdmLocal)*CRONO!$E46,0),AA45*$R44),SUMIF(OFFSET($R46,1,0,$Q44-2),($L44+1)&\"$\",OFFSET(AA46,1,0,$Q44-2)))","v":0},{"$f":"IF($Q44=2,IF(AND(ACOMPANHAMENTO=\"PLE\",ISNUMBER($E44)),SUMIF((OFFSET(CÁLCULO!$AM$15:$AW$15,$E44,0,OFFSET(ORÇAMENTO!$D$15,CRONO!$E44,0))),\"=\"&CRONO!AB$12,OFFSET(CÁLCULO!$AB$15:$AL$15,$E44,0,OFFSET(ORÇAMENTO!$D$15,CRONO!$E44,0)))+IF(AND($E46<>\"\",$E46<>0),SUMIF(CÁLCULO!$AM$15:$AW$154,\"=\"&CRONO!AB$12,CÁLCULO!$AB$15:$AL$154)/(ORÇAMENTO!$X$15-CÁLCULO.TotalAdmLocal)*CRONO!$E46,0),AB45*$R44),SUMIF(OFFSET($R46,1,0,$Q44-2),($L44+1)&\"$\",OFFSET(AB46,1,0,$Q44-2)))","v":0},{"$f":"IF($Q44=2,IF(AND(ACOMPANHAMENTO=\"PLE\",ISNUMBER($E44)),SUMIF((OFFSET(CÁLCULO!$AM$15:$AW$15,$E44,0,OFFSET(ORÇAMENTO!$D$15,CRONO!$E44,0))),\"=\"&CRONO!AC$12,OFFSET(CÁLCULO!$AB$15:$AL$15,$E44,0,OFFSET(ORÇAMENTO!$D$15,CRONO!$E44,0)))+IF(AND($E46<>\"\",$E46<>0),SUMIF(CÁLCULO!$AM$15:$AW$154,\"=\"&CRONO!AC$12,CÁLCULO!$AB$15:$AL$154)/(ORÇAMENTO!$X$15-CÁLCULO.TotalAdmLocal)*CRONO!$E46,0),AC45*$R44),SUMIF(OFFSET($R46,1,0,$Q44-2),($L44+1)&\"$\",OFFSET(AC46,1,0,$Q44-2)))","v":0},{"$f":"IF($Q44=2,IF(AND(ACOMPANHAMENTO=\"PLE\",ISNUMBER($E44)),SUMIF((OFFSET(CÁLCULO!$AM$15:$AW$15,$E44,0,OFFSET(ORÇAMENTO!$D$15,CRONO!$E44,0))),\"=\"&CRONO!AD$12,OFFSET(CÁLCULO!$AB$15:$AL$15,$E44,0,OFFSET(ORÇAMENTO!$D$15,CRONO!$E44,0)))+IF(AND($E46<>\"\",$E46<>0),SUMIF(CÁLCULO!$AM$15:$AW$154,\"=\"&CRONO!AD$12,CÁLCULO!$AB$15:$AL$154)/(ORÇAMENTO!$X$15-CÁLCULO.TotalAdmLocal)*CRONO!$E46,0),AD45*$R44),SUMIF(OFFSET($R46,1,0,$Q44-2),($L44+1)&\"$\",OFFSET(AD46,1,0,$Q44-2)))","v":0},{"$f":"IF($Q44=2,IF(AND(ACOMPANHAMENTO=\"PLE\",ISNUMBER($E44)),SUMIF((OFFSET(CÁLCULO!$AM$15:$AW$15,$E44,0,OFFSET(ORÇAMENTO!$D$15,CRONO!$E44,0))),\"=\"&CRONO!AE$12,OFFSET(CÁLCULO!$AB$15:$AL$15,$E44,0,OFFSET(ORÇAMENTO!$D$15,CRONO!$E44,0)))+IF(AND($E46<>\"\",$E46<>0),SUMIF(CÁLCULO!$AM$15:$AW$154,\"=\"&CRONO!AE$12,CÁLCULO!$AB$15:$AL$154)/(ORÇAMENTO!$X$15-CÁLCULO.TotalAdmLocal)*CRONO!$E46,0),AE45*$R44),SUMIF(OFFSET($R46,1,0,$Q44-2),($L44+1)&\"$\",OFFSET(AE46,1,0,$Q44-2)))","v":0}]
[{"$f":"OFFSET(A47,-3,0)+1","v":12},{"$f":"IF($Q47<>2,0,IF($R47=0,1,IF(E48>0,OFFSET(QCI!$M$13,SUBSTITUTE(E48,\".\",\"\"),0),OFFSET(ORÇAMENTO!$AA$15,CRONO!$E47,0))/$R47))","v":1.0000000000000002},{"$f":"IF($Q47<>2,0,IF($R47=0,1,IF(E48>0,OFFSET(QCI!$N$13,SUBSTITUTE(E48,\".\",\"\"),0),OFFSET(ORÇAMENTO!$AB$15,CRONO!$E47,0))/$R47))","v":0},{"$f":"IF(AND($Q47=2,ACOMPANHAMENTO=\"BM\"),D48,D49/$R47)","v":0},{"$f":"IF(A47<=ORÇAMENTO.MáximoListaCrono,MATCH(A47,ORÇAMENTO.ListaCrono,0),NA())","v":127},{"$f":"IF(AND($E48<>-1,$R47>0),\"F\",\"\")","v":"F"},{"$f":"IF(OR(R47=0,R47=\"\"),\"Linha\",IF(AND(OR(ACOMPANHAMENTO=\"PLE\",$Q47<>2),$E48=0),\"Linha\",1-SUM(T47:AF47)))","v":0},{"$f":"IF($E48=0,OFFSET(ORÇAMENTO!O$15,$E47,0),IF($E48<>-1,OFFSET(QCI!$D$13,$E48,0),\"\"))","v":"1.11."},{"$f":"IF($E48=0,OFFSET(ORÇAMENTO!R$15,$E47,0),IF($E48<>-1,OFFSET(QCI!$G$13,$E48,0),\"\"))","v":"PREVENTIVO DE INCÊNDIO"},null,null,{"$f":"IF($E48=0,OFFSET(ORÇAMENTO!C$15,$E47,0),1)","v":2},{"$f":"IF($E48=-1,0,IF(M$13<=$L47,IF(ISERROR(MATCH(M$13,OFFSET($L47,1,0,ROW($L$56)-ROW($L47)-1),0)),ROW($L$56)-ROW($L47)-1,MATCH(M$13,OFFSET($L47,1,0,ROW($L$56)-ROW($L47)-1),0)-1),0))","v":8},{"$f":"IF($E48=-1,0,IF(N$13<=$L47,IF(ISERROR(MATCH(N$13,OFFSET($L47,1,0,ROW($L$56)-ROW($L47)-1),0)),ROW($L$56)-ROW($L47)-1,MATCH(N$13,OFFSET($L47,1,0,ROW($L$56)-ROW($L47)-1),0)-1),0))","v":2},{"$f":"IF($E48=-1,0,IF(O$13<=$L47,IF(ISERROR(MATCH(O$13,OFFSET($L47,1,0,ROW($L$56)-ROW($L47)-1),0)),ROW($L$56)-ROW($L47)-1,MATCH(O$13,OFFSET($L47,1,0,ROW($L$56)-ROW($L47)-1),0)-1),0))","v":0},{"$f":"IF($E48=-1,0,IF(P$13<=$L47,IF(ISERROR(MATCH(P$13,OFFSET($L47,1,0,ROW($L$56)-ROW($L47)-1),0)),ROW($L$56)-ROW($L47)-1,MATCH(P$13,OFFSET($L47,1,0,ROW($L$56)-ROW($L47)-1),0)-1),0))","v":0},{"$f":"MIN(OFFSET(L47,0,1,,L47))","v":2},{"$f":"IF($E48=0,OFFSET(ORÇAMENTO!X$15,$E47,0),IF($E48<>-1,OFFSET(QCI!$O$13,$E48,0),\"\"))","v":1733.09},"% Período:",{"$f":"IF(AND($Q47=2,ACOMPANHAMENTO=\"BM\"),T48,T49/$R47)","v":0},0,0.5,0.5,0,0,0,0,0,0,0,0]
[null,null,null,null,{"$f":"IF(ISERROR(E47),IF(1+COUNTIF($L$13:OFFSET(L47,-1,0),1)<=MAX(QCI!$D$13:$D$24),1+COUNTIF($L$13:OFFSET(L47,-1,0),1),-1),0)","v":0},{"$f":"IF(AND($E48<>-1,$R47>0),\"F\",\"\")","v":"F"},{"$f":"IF(OR(R47=0,R47=\"\"),\"vazia\",IF(AND(OR(ACOMPANHAMENTO=\"PLE\",$Q47<>2),$E48=0),\"calculada\",\"-->\"))","v":"-->"},null,{"$f":"IF(AND(G47<>0,ISNUMBER(G47)),\"PREENCHA ESTA LINHA -->\",\"\")","v":""},null,null,null,null,null,null,null,null,null,null,null,null,0.5,0.5]
[null,null,null,{"$f":"IF($Q47=2,IF(AND(ACOMPANHAMENTO=\"PLE\",ISNUMBER($E47)),SUMIF((OFFSET(CÁLCULO!$AM$15:$AW$15,$E47,0,OFFSET(ORÇAMENTO!$D$15,CRONO!$E47,0))),\"=\"&CRONO!D$12,OFFSET(CÁLCULO!$AB$15:$AL$15,$E47,0,OFFSET(ORÇAMENTO!$D$15,CRONO!$E47,0)))+IF(AND($E49<>\"\",$E49<>0),SUMIF(CÁLCULO!$AM$15:$AW$154,\"=\"&CRONO!D$12,CÁLCULO!$AB$15:$AL$154)/(ORÇAMENTO!$X$15-CÁLCULO.TotalAdmLocal)*CRONO!$E49,0),D48*$R47),SUMIF(OFFSET($R49,1,0,$Q47-2),($L47+1)&\"$\",OFFSET(D49,1,0,$Q47-2)))","v":0},{"$f":"IF(OR($Q47<>2,AUTOEVENTO<>\"manual\",$E48>0),\"\",SUMIF(OFFSET(CÁLCULO!$M$15,CRONO!$E47,0,OFFSET(ORÇAMENTO!$D$15,CRONO!$E47,0)),1,OFFSET(ORÇAMENTO!$X$15,CRONO!$E47,0,OFFSET(ORÇAMENTO!$D$15,CRONO!$E47,0))))","v":""},null,null,null,null,null,null,null,null,null,null,null,null,{"$f":"L47&\"$\"","v":"2$"},null,{"$f":"IF($Q47=2,IF(AND(ACOMPANHAMENTO=\"PLE\",ISNUMBER($E47)),SUMIF((OFFSET(CÁLCULO!$AM$15:$AW$15,$E47,0,OFFSET(ORÇAMENTO!$D$15,CRONO!$E47,0))),\"<=\"&CRONO!T$12,OFFSET(CÁLCULO!$AB$15:$AL$15,$E47,0,OFFSET(ORÇAMENTO!$D$15,CRONO!$E47,0)))+IF(AND($E49<>\"\",$E49<>0),SUMIF(CÁLCULO!$AM$15:$AW$154,\"<=\"&CRONO!T$12,CÁLCULO!$AB$15:$AL$154)/(ORÇAMENTO!$X$15-CÁLCULO.TotalAdmLocal)*CRONO!$E49,0),T48*$R47),SUMIF(OFFSET($R49,1,0,$Q47-2),($L47+1)&\"$\",OFFSET(T49,1,0,$Q47-2)))","v":0},{"$f":"IF($Q47=2,IF(AND(ACOMPANHAMENTO=\"PLE\",ISNUMBER($E47)),SUMIF((OFFSET(CÁLCULO!$AM$15:$AW$15,$E47,0,OFFSET(ORÇAMENTO!$D$15,CRONO!$E47,0))),\"=\"&CRONO!U$12,OFFSET(CÁLCULO!$AB$15:$AL$15,$E47,0,OFFSET(ORÇAMENTO!$D$15,CRONO!$E47,0)))+IF(AND($E49<>\"\",$E49<>0),SUMIF(CÁLCULO!$AM$15:$AW$154,\"=\"&CRONO!U$12,CÁLCULO!$AB$15:$AL$154)/(ORÇAMENTO!$X$15-CÁLCULO.TotalAdmLocal)*CRONO!$E49,0),U48*$R47),SUMIF(OFFSET($R49,1,0,$Q47-2),($L47+1)&\"$\",OFFSET(U49,1,0,$Q47-2)))","v":0},{"$f":"IF($Q47=2,IF(AND(ACOMPANHAMENTO=\"PLE\",ISNUMBER($E47)),SUMIF((OFFSET(CÁLCULO!$AM$15:$AW$15,$E47,0,OFFSET(ORÇAMENTO!$D$15,CRONO!$E47,0))),\"=\"&CRONO!V$12,OFFSET(CÁLCULO!$AB$15:$AL$15,$E47,0,OFFSET(ORÇAMENTO!$D$15,CRONO!$E47,0)))+IF(AND($E49<>\"\",$E49<>0),SUMIF(CÁLCULO!$AM$15:$AW$154,\"=\"&CRONO!V$12,CÁLCULO!$AB$15:$AL$154)/(ORÇAMENTO!$X$15-CÁLCULO.TotalAdmLocal)*CRONO!$E49,0),V48*$R47),SUMIF(OFFSET($R49,1,0,$Q47-2),($L47+1)&\"$\",OFFSET(V49,1,0,$Q47-2)))","v":866.54499999999996},{"$f":"IF($Q47=2,IF(AND(ACOMPANHAMENTO=\"PLE\",ISNUMBER($E47)),SUMIF((OFFSET(CÁLCULO!$AM$15:$AW$15,$E47,0,OFFSET(ORÇAMENTO!$D$15,CRONO!$E47,0))),\"=\"&CRONO!W$12,OFFSET(CÁLCULO!$AB$15:$AL$15,$E47,0,OFFSET(ORÇAMENTO!$D$15,CRONO!$E47,0)))+IF(AND($E49<>\"\",$E49<>0),SUMIF(CÁLCULO!$AM$15:$AW$154,\"=\"&CRONO!W$12,CÁLCULO!$AB$15:$AL$154)/(ORÇAMENTO!$X$15-CÁLCULO.TotalAdmLocal)*CRONO!$E49,0),W48*$R47),SUMIF(OFFSET($R49,1,0,$Q47-2),($L47+1)&\"$\",OFFSET(W49,1,0,$Q47-2)))","v":866.54499999999996},{"$f":"IF($Q47=2,IF(AND(ACOMPANHAMENTO=\"PLE\",ISNUMBER($E47)),SUMIF((OFFSET(CÁLCULO!$AM$15:$AW$15,$E47,0,OFFSET(ORÇAMENTO!$D$15,CRONO!$E47,0))),\"=\"&CRONO!X$12,OFFSET(CÁLCULO!$AB$15:$AL$15,$E47,0,OFFSET(ORÇAMENTO!$D$15,CRONO!$E47,0)))+IF(AND($E49<>\"\",$E49<>0),SUMIF(CÁLCULO!$AM$15:$AW$154,\"=\"&CRONO!X$12,CÁLCULO!$AB$15:$AL$154)/(ORÇAMENTO!$X$15-CÁLCULO.TotalAdmLocal)*CRONO!$E49,0),X48*$R47),SUMIF(OFFSET($R49,1,0,$Q47-2),($L47+1)&\"$\",OFFSET(X49,1,0,$Q47-2)))","v":0},{"$f":"IF($Q47=2,IF(AND(ACOMPANHAMENTO=\"PLE\",ISNUMBER($E47)),SUMIF((OFFSET(CÁLCULO!$AM$15:$AW$15,$E47,0,OFFSET(ORÇAMENTO!$D$15,CRONO!$E47,0))),\"=\"&CRONO!Y$12,OFFSET(CÁLCULO!$AB$15:$AL$15,$E47,0,OFFSET(ORÇAMENTO!$D$15,CRONO!$E47,0)))+IF(AND($E49<>\"\",$E49<>0),SUMIF(CÁLCULO!$AM$15:$AW$154,\"=\"&CRONO!Y$12,CÁLCULO!$AB$15:$AL$154)/(ORÇAMENTO!$X$15-CÁLCULO.TotalAdmLocal)*CRONO!$E49,0),Y48*$R47),SUMIF(OFFSET($R49,1,0,$Q47-2),($L47+1)&\"$\",OFFSET(Y49,1,0,$Q47-2)))","v":0},{"$f":"IF($Q47=2,IF(AND(ACOMPANHAMENTO=\"PLE\",ISNUMBER($E47)),SUMIF((OFFSET(CÁLCULO!$AM$15:$AW$15,$E47,0,OFFSET(ORÇAMENTO!$D$15,CRONO!$E47,0))),\"=\"&CRONO!Z$12,OFFSET(CÁLCULO!$AB$15:$AL$15,$E47,0,OFFSET(ORÇAMENTO!$D$15,CRONO!$E47,0)))+IF(AND($E49<>\"\",$E49<>0),SUMIF(CÁLCULO!$AM$15:$AW$154,\"=\"&CRONO!Z$12,CÁLCULO!$AB$15:$AL$154)/(ORÇAMENTO!$X$15-CÁLCULO.TotalAdmLocal)*CRONO!$E49,0),Z48*$R47),SUMIF(OFFSET($R49,1,0,$Q47-2),($L47+1)&\"$\",OFFSET(Z49,1,0,$Q47-2)))","v":0},{"$f":"IF($Q47=2,IF(AND(ACOMPANHAMENTO=\"PLE\",ISNUMBER($E47)),SUMIF((OFFSET(CÁLCULO!$AM$15:$AW$15,$E47,0,OFFSET(ORÇAMENTO!$D$15,CRONO!$E47,0))),\"=\"&CRONO!AA$12,OFFSET(CÁLCULO!$AB$15:$AL$15,$E47,0,OFFSET(ORÇAMENTO!$D$15,CRONO!$E47,0)))+IF(AND($E49<>\"\",$E49<>0),SUMIF(CÁLCULO!$AM$15:$AW$154,\"=\"&CRONO!AA$12,CÁLCULO!$AB$15:$AL$154)/(ORÇAMENTO!$X$15-CÁLCULO.TotalAdmLocal)*CRONO!$E49,0),AA48*$R47),SUMIF(OFFSET($R49,1,0,$Q47-2),($L47+1)&\"$\",OFFSET(AA49,1,0,$Q47-2)))","v":0},{"$f":"IF($Q47=2,IF(AND(ACOMPANHAMENTO=\"PLE\",ISNUMBER($E47)),SUMIF((OFFSET(CÁLCULO!$AM$15:$AW$15,$E47,0,OFFSET(ORÇAMENTO!$D$15,CRONO!$E47,0))),\"=\"&CRONO!AB$12,OFFSET(CÁLCULO!$AB$15:$AL$15,$E47,0,OFFSET(ORÇAMENTO!$D$15,CRONO!$E47,0)))+IF(AND($E49<>\"\",$E49<>0),SUMIF(CÁLCULO!$AM$15:$AW$154,\"=\"&CRONO!AB$12,CÁLCULO!$AB$15:$AL$154)/(ORÇAMENTO!$X$15-CÁLCULO.TotalAdmLocal)*CRONO!$E49,0),AB48*$R47),SUMIF(OFFSET($R49,1,0,$Q47-2),($L47+1)&\"$\",OFFSET(AB49,1,0,$Q47-2)))","v":0},{"$f":"IF($Q47=2,IF(AND(ACOMPANHAMENTO=\"PLE\",ISNUMBER($E47)),SUMIF((OFFSET(CÁLCULO!$AM$15:$AW$15,$E47,0,OFFSET(ORÇAMENTO!$D$15,CRONO!$E47,0))),\"=\"&CRONO!AC$12,OFFSET(CÁLCULO!$AB$15:$AL$15,$E47,0,OFFSET(ORÇAMENTO!$D$15,CRONO!$E47,0)))+IF(AND($E49<>\"\",$E49<>0),SUMIF(CÁLCULO!$AM$15:$AW$154,\"=\"&CRONO!AC$12,CÁLCULO!$AB$15:$AL$154)/(ORÇAMENTO!$X$15-CÁLCULO.TotalAdmLocal)*CRONO!$E49,0),AC48*$R47),SUMIF(OFFSET($R49,1,0,$Q47-2),($L47+1)&\"$\",OFFSET(AC49,1,0,$Q47-2)))","v":0},{"$f":"IF($Q47=2,IF(AND(ACOMPANHAMENTO=\"PLE\",ISNUMBER($E47)),SUMIF((OFFSET(CÁLCULO!$AM$15:$AW$15,$E47,0,OFFSET(ORÇAMENTO!$D$15,CRONO!$E47,0))),\"=\"&CRONO!AD$12,OFFSET(CÁLCULO!$AB$15:$AL$15,$E47,0,OFFSET(ORÇAMENTO!$D$15,CRONO!$E47,0)))+IF(AND($E49<>\"\",$E49<>0),SUMIF(CÁLCULO!$AM$15:$AW$154,\"=\"&CRONO!AD$12,CÁLCULO!$AB$15:$AL$154)/(ORÇAMENTO!$X$15-CÁLCULO.TotalAdmLocal)*CRONO!$E49,0),AD48*$R47),SUMIF(OFFSET($R49,1,0,$Q47-2),($L47+1)&\"$\",OFFSET(AD49,1,0,$Q47-2)))","v":0},{"$f":"IF($Q47=2,IF(AND(ACOMPANHAMENTO=\"PLE\",ISNUMBER($E47)),SUMIF((OFFSET(CÁLCULO!$AM$15:$AW$15,$E47,0,OFFSET(ORÇAMENTO!$D$15,CRONO!$E47,0))),\"=\"&CRONO!AE$12,OFFSET(CÁLCULO!$AB$15:$AL$15,$E47,0,OFFSET(ORÇAMENTO!$D$15,CRONO!$E47,0)))+IF(AND($E49<>\"\",$E49<>0),SUMIF(CÁLCULO!$AM$15:$AW$154,\"=\"&CRONO!AE$12,CÁLCULO!$AB$15:$AL$154)/(ORÇAMENTO!$X$15-CÁLCULO.TotalAdmLocal)*CRONO!$E49,0),AE48*$R47),SUMIF(OFFSET($R49,1,0,$Q47-2),($L47+1)&\"$\",OFFSET(AE49,1,0,$Q47-2)))","v":0}]
[{"$f":"OFFSET(A50,-3,0)+1","v":13},{"$f":"IF($Q50<>2,0,IF($R50=0,1,IF(E51>0,OFFSET(QCI!$M$13,SUBSTITUTE(E51,\".\",\"\"),0),OFFSET(ORÇAMENTO!$AA$15,CRONO!$E50,0))/$R50))","v":1},{"$f":"IF($Q50<>2,0,IF($R50=0,1,IF(E51>0,OFFSET(QCI!$N$13,SUBSTITUTE(E51,\".\",\"\"),0),OFFSET(ORÇAMENTO!$AB$15,CRONO!$E50,0))/$R50))","v":0},{"$f":"IF(AND($Q50=2,ACOMPANHAMENTO=\"BM\"),D51,D52/$R50)","v":0},{"$f":"IF(A50<=ORÇAMENTO.MáximoListaCrono,MATCH(A50,ORÇAMENTO.ListaCrono,0),NA())","v":134},{"$f":"IF(AND($E51<>-1,$R50>0),\"F\",\"\")","v":"F"},{"$f":"IF(OR(R50=0,R50=\"\"),\"Linha\",IF(AND(OR(ACOMPANHAMENTO=\"PLE\",$Q50<>2),$E51=0),\"Linha\",1-SUM(T50:AF50)))","v":0},{"$f":"IF($E51=0,OFFSET(ORÇAMENTO!O$15,$E50,0),IF($E51<>-1,OFFSET(QCI!$D$13,$E51,0),\"\"))","v":"1.12."},{"$f":"IF($E51=0,OFFSET(ORÇAMENTO!R$15,$E50,0),IF($E51<>-1,OFFSET(QCI!$G$13,$E51,0),\"\"))","v":"CERCAMENTO"},null,null,{"$f":"IF($E51=0,OFFSET(ORÇAMENTO!C$15,$E50,0),1)","v":2},{"$f":"IF($E51=-1,0,IF(M$13<=$L50,IF(ISERROR(MATCH(M$13,OFFSET($L50,1,0,ROW($L$56)-ROW($L50)-1),0)),ROW($L$56)-ROW($L50)-1,MATCH(M$13,OFFSET($L50,1,0,ROW($L$56)-ROW($L50)-1),0)-1),0))","v":5},{"$f":"IF($E51=-1,0,IF(N$13<=$L50,IF(ISERROR(MATCH(N$13,OFFSET($L50,1,0,ROW($L$56)-ROW($L50)-1),0)),ROW($L$56)-ROW($L50)-1,MATCH(N$13,OFFSET($L50,1,0,ROW($L$56)-ROW($L50)-1),0)-1),0))","v":2},{"$f":"IF($E51=-1,0,IF(O$13<=$L50,IF(ISERROR(MATCH(O$13,OFFSET($L50,1,0,ROW($L$56)-ROW($L50)-1),0)),ROW($L$56)-ROW($L50)-1,MATCH(O$13,OFFSET($L50,1,0,ROW($L$56)-ROW($L50)-1),0)-1),0))","v":0},{"$f":"IF($E51=-1,0,IF(P$13<=$L50,IF(ISERROR(MATCH(P$13,OFFSET($L50,1,0,ROW($L$56)-ROW($L50)-1),0)),ROW($L$56)-ROW($L50)-1,MATCH(P$13,OFFSET($L50,1,0,ROW($L$56)-ROW($L50)-1),0)-1),0))","v":0},{"$f":"MIN(OFFSET(L50,0,1,,L50))","v":2},{"$f":"IF($E51=0,OFFSET(ORÇAMENTO!X$15,$E50,0),IF($E51<>-1,OFFSET(QCI!$O$13,$E51,0),\"\"))","v":81211.95},"% Período:",{"$f":"IF(AND($Q50=2,ACOMPANHAMENTO=\"BM\"),T51,T52/$R50)","v":0},0,0.5,0.5,0,0,0,0,0,0,0,0]
[null,null,null,null,{"$f":"IF(ISERROR(E50),IF(1+COUNTIF($L$13:OFFSET(L50,-1,0),1)<=MAX(QCI!$D$13:$D$24),1+COUNTIF($L$13:OFFSET(L50,-1,0),1),-1),0)","v":0},{"$f":"IF(AND($E51<>-1,$R50>0),\"F\",\"\")","v":"F"},{"$f":"IF(OR(R50=0,R50=\"\"),\"vazia\",IF(AND(OR(ACOMPANHAMENTO=\"PLE\",$Q50<>2),$E51=0),\"calculada\",\"-->\"))","v":"-->"},null,{"$f":"IF(AND(G50<>0,ISNUMBER(G50)),\"PREENCHA ESTA LINHA -->\",\"\")","v":""},null,null,null,null,null,null,null,null,null,null,null,null,0.5,0.5]
[null,null,null,{"$f":"IF($Q50=2,IF(AND(ACOMPANHAMENTO=\"PLE\",ISNUMBER($E50)),SUMIF((OFFSET(CÁLCULO!$AM$15:$AW$15,$E50,0,OFFSET(ORÇAMENTO!$D$15,CRONO!$E50,0))),\"=\"&CRONO!D$12,OFFSET(CÁLCULO!$AB$15:$AL$15,$E50,0,OFFSET(ORÇAMENTO!$D$15,CRONO!$E50,0)))+IF(AND($E52<>\"\",$E52<>0),SUMIF(CÁLCULO!$AM$15:$AW$154,\"=\"&CRONO!D$12,CÁLCULO!$AB$15:$AL$154)/(ORÇAMENTO!$X$15-CÁLCULO.TotalAdmLocal)*CRONO!$E52,0),D51*$R50),SUMIF(OFFSET($R52,1,0,$Q50-2),($L50+1)&\"$\",OFFSET(D52,1,0,$Q50-2)))","v":0},{"$f":"IF(OR($Q50<>2,AUTOEVENTO<>\"manual\",$E51>0),\"\",SUMIF(OFFSET(CÁLCULO!$M$15,CRONO!$E50,0,OFFSET(ORÇAMENTO!$D$15,CRONO!$E50,0)),1,OFFSET(ORÇAMENTO!$X$15,CRONO!$E50,0,OFFSET(ORÇAMENTO!$D$15,CRONO!$E50,0))))","v":""},null,null,null,null,null,null,null,null,null,null,null,null,{"$f":"L50&\"$\"","v":"2$"},null,{"$f":"IF($Q50=2,IF(AND(ACOMPANHAMENTO=\"PLE\",ISNUMBER($E50)),SUMIF((OFFSET(CÁLCULO!$AM$15:$AW$15,$E50,0,OFFSET(ORÇAMENTO!$D$15,CRONO!$E50,0))),\"<=\"&CRONO!T$12,OFFSET(CÁLCULO!$AB$15:$AL$15,$E50,0,OFFSET(ORÇAMENTO!$D$15,CRONO!$E50,0)))+IF(AND($E52<>\"\",$E52<>0),SUMIF(CÁLCULO!$AM$15:$AW$154,\"<=\"&CRONO!T$12,CÁLCULO!$AB$15:$AL$154)/(ORÇAMENTO!$X$15-CÁLCULO.TotalAdmLocal)*CRONO!$E52,0),T51*$R50),SUMIF(OFFSET($R52,1,0,$Q50-2),($L50+1)&\"$\",OFFSET(T52,1,0,$Q50-2)))","v":0},{"$f":"IF($Q50=2,IF(AND(ACOMPANHAMENTO=\"PLE\",ISNUMBER($E50)),SUMIF((OFFSET(CÁLCULO!$AM$15:$AW$15,$E50,0,OFFSET(ORÇAMENTO!$D$15,CRONO!$E50,0))),\"=\"&CRONO!U$12,OFFSET(CÁLCULO!$AB$15:$AL$15,$E50,0,OFFSET(ORÇAMENTO!$D$15,CRONO!$E50,0)))+IF(AND($E52<>\"\",$E52<>0),SUMIF(CÁLCULO!$AM$15:$AW$154,\"=\"&CRONO!U$12,CÁLCULO!$AB$15:$AL$154)/(ORÇAMENTO!$X$15-CÁLCULO.TotalAdmLocal)*CRONO!$E52,0),U51*$R50),SUMIF(OFFSET($R52,1,0,$Q50-2),($L50+1)&\"$\",OFFSET(U52,1,0,$Q50-2)))","v":0},{"$f":"IF($Q50=2,IF(AND(ACOMPANHAMENTO=\"PLE\",ISNUMBER($E50)),SUMIF((OFFSET(CÁLCULO!$AM$15:$AW$15,$E50,0,OFFSET(ORÇAMENTO!$D$15,CRONO!$E50,0))),\"=\"&CRONO!V$12,OFFSET(CÁLCULO!$AB$15:$AL$15,$E50,0,OFFSET(ORÇAMENTO!$D$15,CRONO!$E50,0)))+IF(AND($E52<>\"\",$E52<>0),SUMIF(CÁLCULO!$AM$15:$AW$154,\"=\"&CRONO!V$12,CÁLCULO!$AB$15:$AL$154)/(ORÇAMENTO!$X$15-CÁLCULO.TotalAdmLocal)*CRONO!$E52,0),V51*$R50),SUMIF(OFFSET($R52,1,0,$Q50-2),($L50+1)&\"$\",OFFSET(V52,1,0,$Q50-2)))","v":40605.974999999999},{"$f":"IF($Q50=2,IF(AND(ACOMPANHAMENTO=\"PLE\",ISNUMBER($E50)),SUMIF((OFFSET(CÁLCULO!$AM$15:$AW$15,$E50,0,OFFSET(ORÇAMENTO!$D$15,CRONO!$E50,0))),\"=\"&CRONO!W$12,OFFSET(CÁLCULO!$AB$15:$AL$15,$E50,0,OFFSET(ORÇAMENTO!$D$15,CRONO!$E50,0)))+IF(AND($E52<>\"\",$E52<>0),SUMIF(CÁLCULO!$AM$15:$AW$154,\"=\"&CRONO!W$12,CÁLCULO!$AB$15:$AL$154)/(ORÇAMENTO!$X$15-CÁLCULO.TotalAdmLocal)*CRONO!$E52,0),W51*$R50),SUMIF(OFFSET($R52,1,0,$Q50-2),($L50+1)&\"$\",OFFSET(W52,1,0,$Q50-2)))","v":40605.974999999999},{"$f":"IF($Q50=2,IF(AND(ACOMPANHAMENTO=\"PLE\",ISNUMBER($E50)),SUMIF((OFFSET(CÁLCULO!$AM$15:$AW$15,$E50,0,OFFSET(ORÇAMENTO!$D$15,CRONO!$E50,0))),\"=\"&CRONO!X$12,OFFSET(CÁLCULO!$AB$15:$AL$15,$E50,0,OFFSET(ORÇAMENTO!$D$15,CRONO!$E50,0)))+IF(AND($E52<>\"\",$E52<>0),SUMIF(CÁLCULO!$AM$15:$AW$154,\"=\"&CRONO!X$12,CÁLCULO!$AB$15:$AL$154)/(ORÇAMENTO!$X$15-CÁLCULO.TotalAdmLocal)*CRONO!$E52,0),X51*$R50),SUMIF(OFFSET($R52,1,0,$Q50-2),($L50+1)&\"$\",OFFSET(X52,1,0,$Q50-2)))","v":0},{"$f":"IF($Q50=2,IF(AND(ACOMPANHAMENTO=\"PLE\",ISNUMBER($E50)),SUMIF((OFFSET(CÁLCULO!$AM$15:$AW$15,$E50,0,OFFSET(ORÇAMENTO!$D$15,CRONO!$E50,0))),\"=\"&CRONO!Y$12,OFFSET(CÁLCULO!$AB$15:$AL$15,$E50,0,OFFSET(ORÇAMENTO!$D$15,CRONO!$E50,0)))+IF(AND($E52<>\"\",$E52<>0),SUMIF(CÁLCULO!$AM$15:$AW$154,\"=\"&CRONO!Y$12,CÁLCULO!$AB$15:$AL$154)/(ORÇAMENTO!$X$15-CÁLCULO.TotalAdmLocal)*CRONO!$E52,0),Y51*$R50),SUMIF(OFFSET($R52,1,0,$Q50-2),($L50+1)&\"$\",OFFSET(Y52,1,0,$Q50-2)))","v":0},{"$f":"IF($Q50=2,IF(AND(ACOMPANHAMENTO=\"PLE\",ISNUMBER($E50)),SUMIF((OFFSET(CÁLCULO!$AM$15:$AW$15,$E50,0,OFFSET(ORÇAMENTO!$D$15,CRONO!$E50,0))),\"=\"&CRONO!Z$12,OFFSET(CÁLCULO!$AB$15:$AL$15,$E50,0,OFFSET(ORÇAMENTO!$D$15,CRONO!$E50,0)))+IF(AND($E52<>\"\",$E52<>0),SUMIF(CÁLCULO!$AM$15:$AW$154,\"=\"&CRONO!Z$12,CÁLCULO!$AB$15:$AL$154)/(ORÇAMENTO!$X$15-CÁLCULO.TotalAdmLocal)*CRONO!$E52,0),Z51*$R50),SUMIF(OFFSET($R52,1,0,$Q50-2),($L50+1)&\"$\",OFFSET(Z52,1,0,$Q50-2)))","v":0},{"$f":"IF($Q50=2,IF(AND(ACOMPANHAMENTO=\"PLE\",ISNUMBER($E50)),SUMIF((OFFSET(CÁLCULO!$AM$15:$AW$15,$E50,0,OFFSET(ORÇAMENTO!$D$15,CRONO!$E50,0))),\"=\"&CRONO!AA$12,OFFSET(CÁLCULO!$AB$15:$AL$15,$E50,0,OFFSET(ORÇAMENTO!$D$15,CRONO!$E50,0)))+IF(AND($E52<>\"\",$E52<>0),SUMIF(CÁLCULO!$AM$15:$AW$154,\"=\"&CRONO!AA$12,CÁLCULO!$AB$15:$AL$154)/(ORÇAMENTO!$X$15-CÁLCULO.TotalAdmLocal)*CRONO!$E52,0),AA51*$R50),SUMIF(OFFSET($R52,1,0,$Q50-2),($L50+1)&\"$\",OFFSET(AA52,1,0,$Q50-2)))","v":0},{"$f":"IF($Q50=2,IF(AND(ACOMPANHAMENTO=\"PLE\",ISNUMBER($E50)),SUMIF((OFFSET(CÁLCULO!$AM$15:$AW$15,$E50,0,OFFSET(ORÇAMENTO!$D$15,CRONO!$E50,0))),\"=\"&CRONO!AB$12,OFFSET(CÁLCULO!$AB$15:$AL$15,$E50,0,OFFSET(ORÇAMENTO!$D$15,CRONO!$E50,0)))+IF(AND($E52<>\"\",$E52<>0),SUMIF(CÁLCULO!$AM$15:$AW$154,\"=\"&CRONO!AB$12,CÁLCULO!$AB$15:$AL$154)/(ORÇAMENTO!$X$15-CÁLCULO.TotalAdmLocal)*CRONO!$E52,0),AB51*$R50),SUMIF(OFFSET($R52,1,0,$Q50-2),($L50+1)&\"$\",OFFSET(AB52,1,0,$Q50-2)))","v":0},{"$f":"IF($Q50=2,IF(AND(ACOMPANHAMENTO=\"PLE\",ISNUMBER($E50)),SUMIF((OFFSET(CÁLCULO!$AM$15:$AW$15,$E50,0,OFFSET(ORÇAMENTO!$D$15,CRONO!$E50,0))),\"=\"&CRONO!AC$12,OFFSET(CÁLCULO!$AB$15:$AL$15,$E50,0,OFFSET(ORÇAMENTO!$D$15,CRONO!$E50,0)))+IF(AND($E52<>\"\",$E52<>0),SUMIF(CÁLCULO!$AM$15:$AW$154,\"=\"&CRONO!AC$12,CÁLCULO!$AB$15:$AL$154)/(ORÇAMENTO!$X$15-CÁLCULO.TotalAdmLocal)*CRONO!$E52,0),AC51*$R50),SUMIF(OFFSET($R52,1,0,$Q50-2),($L50+1)&\"$\",OFFSET(AC52,1,0,$Q50-2)))","v":0},{"$f":"IF($Q50=2,IF(AND(ACOMPANHAMENTO=\"PLE\",ISNUMBER($E50)),SUMIF((OFFSET(CÁLCULO!$AM$15:$AW$15,$E50,0,OFFSET(ORÇAMENTO!$D$15,CRONO!$E50,0))),\"=\"&CRONO!AD$12,OFFSET(CÁLCULO!$AB$15:$AL$15,$E50,0,OFFSET(ORÇAMENTO!$D$15,CRONO!$E50,0)))+IF(AND($E52<>\"\",$E52<>0),SUMIF(CÁLCULO!$AM$15:$AW$154,\"=\"&CRONO!AD$12,CÁLCULO!$AB$15:$AL$154)/(ORÇAMENTO!$X$15-CÁLCULO.TotalAdmLocal)*CRONO!$E52,0),AD51*$R50),SUMIF(OFFSET($R52,1,0,$Q50-2),($L50+1)&\"$\",OFFSET(AD52,1,0,$Q50-2)))","v":0},{"$f":"IF($Q50=2,IF(AND(ACOMPANHAMENTO=\"PLE\",ISNUMBER($E50)),SUMIF((OFFSET(CÁLCULO!$AM$15:$AW$15,$E50,0,OFFSET(ORÇAMENTO!$D$15,CRONO!$E50,0))),\"=\"&CRONO!AE$12,OFFSET(CÁLCULO!$AB$15:$AL$15,$E50,0,OFFSET(ORÇAMENTO!$D$15,CRONO!$E50,0)))+IF(AND($E52<>\"\",$E52<>0),SUMIF(CÁLCULO!$AM$15:$AW$154,\"=\"&CRONO!AE$12,CÁLCULO!$AB$15:$AL$154)/(ORÇAMENTO!$X$15-CÁLCULO.TotalAdmLocal)*CRONO!$E52,0),AE51*$R50),SUMIF(OFFSET($R52,1,0,$Q50-2),($L50+1)&\"$\",OFFSET(AE52,1,0,$Q50-2)))","v":0}]
[{"$f":"OFFSET(A53,-3,0)+1","v":14},{"$f":"IF($Q53<>2,0,IF($R53=0,1,IF(E54>0,OFFSET(QCI!$M$13,SUBSTITUTE(E54,\".\",\"\"),0),OFFSET(ORÇAMENTO!$AA$15,CRONO!$E53,0))/$R53))","v":1},{"$f":"IF($Q53<>2,0,IF($R53=0,1,IF(E54>0,OFFSET(QCI!$N$13,SUBSTITUTE(E54,\".\",\"\"),0),OFFSET(ORÇAMENTO!$AB$15,CRONO!$E53,0))/$R53))","v":0},{"$f":"IF(AND($Q53=2,ACOMPANHAMENTO=\"BM\"),D54,D55/$R53)","v":0},{"$f":"IF(A53<=ORÇAMENTO.MáximoListaCrono,MATCH(A53,ORÇAMENTO.ListaCrono,0),NA())","v":137},{"$f":"IF(AND($E54<>-1,$R53>0),\"F\",\"\")","v":"F"},{"$f":"IF(OR(R53=0,R53=\"\"),\"Linha\",IF(AND(OR(ACOMPANHAMENTO=\"PLE\",$Q53<>2),$E54=0),\"Linha\",1-SUM(T53:AF53)))","v":0},{"$f":"IF($E54=0,OFFSET(ORÇAMENTO!O$15,$E53,0),IF($E54<>-1,OFFSET(QCI!$D$13,$E54,0),\"\"))","v":"1.13."},{"$f":"IF($E54=0,OFFSET(ORÇAMENTO!R$15,$E53,0),IF($E54<>-1,OFFSET(QCI!$G$13,$E54,0),\"\"))","v":"SERVIÇOS FINAIS"},null,null,{"$f":"IF($E54=0,OFFSET(ORÇAMENTO!C$15,$E53,0),1)","v":2},{"$f":"IF($E54=-1,0,IF(M$13<=$L53,IF(ISERROR(MATCH(M$13,OFFSET($L53,1,0,ROW($L$56)-ROW($L53)-1),0)),ROW($L$56)-ROW($L53)-1,MATCH(M$13,OFFSET($L53,1,0,ROW($L$56)-ROW($L53)-1),0)-1),0))","v":2},{"$f":"IF($E54=-1,0,IF(N$13<=$L53,IF(ISERROR(MATCH(N$13,OFFSET($L53,1,0,ROW($L$56)-ROW($L53)-1),0)),ROW($L$56)-ROW($L53)-1,MATCH(N$13,OFFSET($L53,1,0,ROW($L$56)-ROW($L53)-1),0)-1),0))","v":2},{"$f":"IF($E54=-1,0,IF(O$13<=$L53,IF(ISERROR(MATCH(O$13,OFFSET($L53,1,0,ROW($L$56)-ROW($L53)-1),0)),ROW($L$56)-ROW($L53)-1,MATCH(O$13,OFFSET($L53,1,0,ROW($L$56)-ROW($L53)-1),0)-1),0))","v":0},{"$f":"IF($E54=-1,0,IF(P$13<=$L53,IF(ISERROR(MATCH(P$13,OFFSET($L53,1,0,ROW($L$56)-ROW($L53)-1),0)),ROW($L$56)-ROW($L53)-1,MATCH(P$13,OFFSET($L53,1,0,ROW($L$56)-ROW($L53)-1),0)-1),0))","v":0},{"$f":"MIN(OFFSET(L53,0,1,,L53))","v":2},{"$f":"IF($E54=0,OFFSET(ORÇAMENTO!X$15,$E53,0),IF($E54<>-1,OFFSET(QCI!$O$13,$E54,0),\"\"))","v":905},"% Período:",{"$f":"IF(AND($Q53=2,ACOMPANHAMENTO=\"BM\"),T54,T55/$R53)","v":0},0,0,1,0,0,0,0,0,0,0,0]
[null,null,null,null,{"$f":"IF(ISERROR(E53),IF(1+COUNTIF($L$13:OFFSET(L53,-1,0),1)<=MAX(QCI!$D$13:$D$24),1+COUNTIF($L$13:OFFSET(L53,-1,0),1),-1),0)","v":0},{"$f":"IF(AND($E54<>-1,$R53>0),\"F\",\"\")","v":"F"},{"$f":"IF(OR(R53=0,R53=\"\"),\"vazia\",IF(AND(OR(ACOMPANHAMENTO=\"PLE\",$Q53<>2),$E54=0),\"calculada\",\"-->\"))","v":"-->"},null,{"$f":"IF(AND(G53<>0,ISNUMBER(G53)),\"PREENCHA ESTA LINHA -->\",\"\")","v":""},null,null,null,null,null,null,null,null,null,null,null,null,null,1]
[null,null,null,{"$f":"IF($Q53=2,IF(AND(ACOMPANHAMENTO=\"PLE\",ISNUMBER($E53)),SUMIF((OFFSET(CÁLCULO!$AM$15:$AW$15,$E53,0,OFFSET(ORÇAMENTO!$D$15,CRONO!$E53,0))),\"=\"&CRONO!D$12,OFFSET(CÁLCULO!$AB$15:$AL$15,$E53,0,OFFSET(ORÇAMENTO!$D$15,CRONO!$E53,0)))+IF(AND($E55<>\"\",$E55<>0),SUMIF(CÁLCULO!$AM$15:$AW$154,\"=\"&CRONO!D$12,CÁLCULO!$AB$15:$AL$154)/(ORÇAMENTO!$X$15-CÁLCULO.TotalAdmLocal)*CRONO!$E55,0),D54*$R53),SUMIF(OFFSET($R55,1,0,$Q53-2),($L53+1)&\"$\",OFFSET(D55,1,0,$Q53-2)))","v":0},{"$f":"IF(OR($Q53<>2,AUTOEVENTO<>\"manual\",$E54>0),\"\",SUMIF(OFFSET(CÁLCULO!$M$15,CRONO!$E53,0,OFFSET(ORÇAMENTO!$D$15,CRONO!$E53,0)),1,OFFSET(ORÇAMENTO!$X$15,CRONO!$E53,0,OFFSET(ORÇAMENTO!$D$15,CRONO!$E53,0))))","v":""},null,null,null,null,null,null,null,null,null,null,null,null,{"$f":"L53&\"$\"","v":"2$"},null,{"$f":"IF($Q53=2,IF(AND(ACOMPANHAMENTO=\"PLE\",ISNUMBER($E53)),SUMIF((OFFSET(CÁLCULO!$AM$15:$AW$15,$E53,0,OFFSET(ORÇAMENTO!$D$15,CRONO!$E53,0))),\"<=\"&CRONO!T$12,OFFSET(CÁLCULO!$AB$15:$AL$15,$E53,0,OFFSET(ORÇAMENTO!$D$15,CRONO!$E53,0)))+IF(AND($E55<>\"\",$E55<>0),SUMIF(CÁLCULO!$AM$15:$AW$154,\"<=\"&CRONO!T$12,CÁLCULO!$AB$15:$AL$154)/(ORÇAMENTO!$X$15-CÁLCULO.TotalAdmLocal)*CRONO!$E55,0),T54*$R53),SUMIF(OFFSET($R55,1,0,$Q53-2),($L53+1)&\"$\",OFFSET(T55,1,0,$Q53-2)))","v":0},{"$f":"IF($Q53=2,IF(AND(ACOMPANHAMENTO=\"PLE\",ISNUMBER($E53)),SUMIF((OFFSET(CÁLCULO!$AM$15:$AW$15,$E53,0,OFFSET(ORÇAMENTO!$D$15,CRONO!$E53,0))),\"=\"&CRONO!U$12,OFFSET(CÁLCULO!$AB$15:$AL$15,$E53,0,OFFSET(ORÇAMENTO!$D$15,CRONO!$E53,0)))+IF(AND($E55<>\"\",$E55<>0),SUMIF(CÁLCULO!$AM$15:$AW$154,\"=\"&CRONO!U$12,CÁLCULO!$AB$15:$AL$154)/(ORÇAMENTO!$X$15-CÁLCULO.TotalAdmLocal)*CRONO!$E55,0),U54*$R53),SUMIF(OFFSET($R55,1,0,$Q53-2),($L53+1)&\"$\",OFFSET(U55,1,0,$Q53-2)))","v":0},{"$f":"IF($Q53=2,IF(AND(ACOMPANHAMENTO=\"PLE\",ISNUMBER($E53)),SUMIF((OFFSET(CÁLCULO!$AM$15:$AW$15,$E53,0,OFFSET(ORÇAMENTO!$D$15,CRONO!$E53,0))),\"=\"&CRONO!V$12,OFFSET(CÁLCULO!$AB$15:$AL$15,$E53,0,OFFSET(ORÇAMENTO!$D$15,CRONO!$E53,0)))+IF(AND($E55<>\"\",$E55<>0),SUMIF(CÁLCULO!$AM$15:$AW$154,\"=\"&CRONO!V$12,CÁLCULO!$AB$15:$AL$154)/(ORÇAMENTO!$X$15-CÁLCULO.TotalAdmLocal)*CRONO!$E55,0),V54*$R53),SUMIF(OFFSET($R55,1,0,$Q53-2),($L53+1)&\"$\",OFFSET(V55,1,0,$Q53-2)))","v":0},{"$f":"IF($Q53=2,IF(AND(ACOMPANHAMENTO=\"PLE\",ISNUMBER($E53)),SUMIF((OFFSET(CÁLCULO!$AM$15:$AW$15,$E53,0,OFFSET(ORÇAMENTO!$D$15,CRONO!$E53,0))),\"=\"&CRONO!W$12,OFFSET(CÁLCULO!$AB$15:$AL$15,$E53,0,OFFSET(ORÇAMENTO!$D$15,CRONO!$E53,0)))+IF(AND($E55<>\"\",$E55<>0),SUMIF(CÁLCULO!$AM$15:$AW$154,\"=\"&CRONO!W$12,CÁLCULO!$AB$15:$AL$154)/(ORÇAMENTO!$X$15-CÁLCULO.TotalAdmLocal)*CRONO!$E55,0),W54*$R53),SUMIF(OFFSET($R55,1,0,$Q53-2),($L53+1)&\"$\",OFFSET(W55,1,0,$Q53-2)))","v":905},{"$f":"IF($Q53=2,IF(AND(ACOMPANHAMENTO=\"PLE\",ISNUMBER($E53)),SUMIF((OFFSET(CÁLCULO!$AM$15:$AW$15,$E53,0,OFFSET(ORÇAMENTO!$D$15,CRONO!$E53,0))),\"=\"&CRONO!X$12,OFFSET(CÁLCULO!$AB$15:$AL$15,$E53,0,OFFSET(ORÇAMENTO!$D$15,CRONO!$E53,0)))+IF(AND($E55<>\"\",$E55<>0),SUMIF(CÁLCULO!$AM$15:$AW$154,\"=\"&CRONO!X$12,CÁLCULO!$AB$15:$AL$154)/(ORÇAMENTO!$X$15-CÁLCULO.TotalAdmLocal)*CRONO!$E55,0),X54*$R53),SUMIF(OFFSET($R55,1,0,$Q53-2),($L53+1)&\"$\",OFFSET(X55,1,0,$Q53-2)))","v":0},{"$f":"IF($Q53=2,IF(AND(ACOMPANHAMENTO=\"PLE\",ISNUMBER($E53)),SUMIF((OFFSET(CÁLCULO!$AM$15:$AW$15,$E53,0,OFFSET(ORÇAMENTO!$D$15,CRONO!$E53,0))),\"=\"&CRONO!Y$12,OFFSET(CÁLCULO!$AB$15:$AL$15,$E53,0,OFFSET(ORÇAMENTO!$D$15,CRONO!$E53,0)))+IF(AND($E55<>\"\",$E55<>0),SUMIF(CÁLCULO!$AM$15:$AW$154,\"=\"&CRONO!Y$12,CÁLCULO!$AB$15:$AL$154)/(ORÇAMENTO!$X$15-CÁLCULO.TotalAdmLocal)*CRONO!$E55,0),Y54*$R53),SUMIF(OFFSET($R55,1,0,$Q53-2),($L53+1)&\"$\",OFFSET(Y55,1,0,$Q53-2)))","v":0},{"$f":"IF($Q53=2,IF(AND(ACOMPANHAMENTO=\"PLE\",ISNUMBER($E53)),SUMIF((OFFSET(CÁLCULO!$AM$15:$AW$15,$E53,0,OFFSET(ORÇAMENTO!$D$15,CRONO!$E53,0))),\"=\"&CRONO!Z$12,OFFSET(CÁLCULO!$AB$15:$AL$15,$E53,0,OFFSET(ORÇAMENTO!$D$15,CRONO!$E53,0)))+IF(AND($E55<>\"\",$E55<>0),SUMIF(CÁLCULO!$AM$15:$AW$154,\"=\"&CRONO!Z$12,CÁLCULO!$AB$15:$AL$154)/(ORÇAMENTO!$X$15-CÁLCULO.TotalAdmLocal)*CRONO!$E55,0),Z54*$R53),SUMIF(OFFSET($R55,1,0,$Q53-2),($L53+1)&\"$\",OFFSET(Z55,1,0,$Q53-2)))","v":0},{"$f":"IF($Q53=2,IF(AND(ACOMPANHAMENTO=\"PLE\",ISNUMBER($E53)),SUMIF((OFFSET(CÁLCULO!$AM$15:$AW$15,$E53,0,OFFSET(ORÇAMENTO!$D$15,CRONO!$E53,0))),\"=\"&CRONO!AA$12,OFFSET(CÁLCULO!$AB$15:$AL$15,$E53,0,OFFSET(ORÇAMENTO!$D$15,CRONO!$E53,0)))+IF(AND($E55<>\"\",$E55<>0),SUMIF(CÁLCULO!$AM$15:$AW$154,\"=\"&CRONO!AA$12,CÁLCULO!$AB$15:$AL$154)/(ORÇAMENTO!$X$15-CÁLCULO.TotalAdmLocal)*CRONO!$E55,0),AA54*$R53),SUMIF(OFFSET($R55,1,0,$Q53-2),($L53+1)&\"$\",OFFSET(AA55,1,0,$Q53-2)))","v":0},{"$f":"IF($Q53=2,IF(AND(ACOMPANHAMENTO=\"PLE\",ISNUMBER($E53)),SUMIF((OFFSET(CÁLCULO!$AM$15:$AW$15,$E53,0,OFFSET(ORÇAMENTO!$D$15,CRONO!$E53,0))),\"=\"&CRONO!AB$12,OFFSET(CÁLCULO!$AB$15:$AL$15,$E53,0,OFFSET(ORÇAMENTO!$D$15,CRONO!$E53,0)))+IF(AND($E55<>\"\",$E55<>0),SUMIF(CÁLCULO!$AM$15:$AW$154,\"=\"&CRONO!AB$12,CÁLCULO!$AB$15:$AL$154)/(ORÇAMENTO!$X$15-CÁLCULO.TotalAdmLocal)*CRONO!$E55,0),AB54*$R53),SUMIF(OFFSET($R55,1,0,$Q53-2),($L53+1)&\"$\",OFFSET(AB55,1,0,$Q53-2)))","v":0},{"$f":"IF($Q53=2,IF(AND(ACOMPANHAMENTO=\"PLE\",ISNUMBER($E53)),SUMIF((OFFSET(CÁLCULO!$AM$15:$AW$15,$E53,0,OFFSET(ORÇAMENTO!$D$15,CRONO!$E53,0))),\"=\"&CRONO!AC$12,OFFSET(CÁLCULO!$AB$15:$AL$15,$E53,0,OFFSET(ORÇAMENTO!$D$15,CRONO!$E53,0)))+IF(AND($E55<>\"\",$E55<>0),SUMIF(CÁLCULO!$AM$15:$AW$154,\"=\"&CRONO!AC$12,CÁLCULO!$AB$15:$AL$154)/(ORÇAMENTO!$X$15-CÁLCULO.TotalAdmLocal)*CRONO!$E55,0),AC54*$R53),SUMIF(OFFSET($R55,1,0,$Q53-2),($L53+1)&\"$\",OFFSET(AC55,1,0,$Q53-2)))","v":0},{"$f":"IF($Q53=2,IF(AND(ACOMPANHAMENTO=\"PLE\",ISNUMBER($E53)),SUMIF((OFFSET(CÁLCULO!$AM$15:$AW$15,$E53,0,OFFSET(ORÇAMENTO!$D$15,CRONO!$E53,0))),\"=\"&CRONO!AD$12,OFFSET(CÁLCULO!$AB$15:$AL$15,$E53,0,OFFSET(ORÇAMENTO!$D$15,CRONO!$E53,0)))+IF(AND($E55<>\"\",$E55<>0),SUMIF(CÁLCULO!$AM$15:$AW$154,\"=\"&CRONO!AD$12,CÁLCULO!$AB$15:$AL$154)/(ORÇAMENTO!$X$15-CÁLCULO.TotalAdmLocal)*CRONO!$E55,0),AD54*$R53),SUMIF(OFFSET($R55,1,0,$Q53-2),($L53+1)&\"$\",OFFSET(AD55,1,0,$Q53-2)))","v":0},{"$f":"IF($Q53=2,IF(AND(ACOMPANHAMENTO=\"PLE\",ISNUMBER($E53)),SUMIF((OFFSET(CÁLCULO!$AM$15:$AW$15,$E53,0,OFFSET(ORÇAMENTO!$D$15,CRONO!$E53,0))),\"=\"&CRONO!AE$12,OFFSET(CÁLCULO!$AB$15:$AL$15,$E53,0,OFFSET(ORÇAMENTO!$D$15,CRONO!$E53,0)))+IF(AND($E55<>\"\",$E55<>0),SUMIF(CÁLCULO!$AM$15:$AW$154,\"=\"&CRONO!AE$12,CÁLCULO!$AB$15:$AL$154)/(ORÇAMENTO!$X$15-CÁLCULO.TotalAdmLocal)*CRONO!$E55,0),AE54*$R53),SUMIF(OFFSET($R55,1,0,$Q53-2),($L53+1)&\"$\",OFFSET(AE55,1,0,$Q53-2)))","v":0}]
[null,null,null,null,null,"F",null,null,null,null,null,"#"]
[null,null,null,{"$f":"D61/$Q$57","v":0},null,"F",null,{"$f":"\"Total:    R$ \"&TEXT(Q57,\"#.##0,00\")","v":"Total:    R$ 298.436,46"},null,null,null,null,null,null,null,null,{"$f":"SUMIF(L12:L56,1,R12:R56)","v":298436.46000000002},null,"%:",{"$f":"ROUND(T61,2)/$Q$57","v":0.1933591157059027},0.23502383053330678,0.30000831667819672,0.2716087370825937,0,0,0,0,0,0,0,0]
[null,null,null,{"$f":"ROUND(D63,2)-ROUND(C63,2)","v":0},null,"F",null,null,null,null,null,null,null,null,null,null,null,null,{"$f":"IF(import.recurso=\"FGTS\",\"Financiamento:\",\"Repasse:\")","v":"Repasse:"},{"$f":"ROUND(T63,2)","v":0},{"$f":"ROUND(U63,2)-ROUND(T63,2)","v":0},0,0,0,0,0,0,0,0,0,0]
[null,null,null,{"$f":"ROUND(D64,2)-ROUND(C64,2)","v":0},null,"F",null,null,null,null,"Período:",null,null,null,null,null,null,null,"Contrapartida:",{"$f":"ROUND(T64,2)","v":57705.41},{"$f":"ROUND(U64,2)-ROUND(T64,2)","v":70139.679999999993},89533.420000000013,81057.950000000012,0,0,0,0,0,0,0,0]
[null,null,null,{"$f":"ROUND(D65,2)-ROUND(C65,2)","v":0},null,"F",null,null,null,null,null,null,null,null,null,null,null,null,"Outros:",{"$f":"ROUND(T65,2)","v":0},{"$f":"ROUND(U65,2)-ROUND(T65,2)","v":0},0,0,0,0,0,0,0,0,0,0]
[null,null,null,{"$f":"ROUND(D66,2)-ROUND(C66,2)","v":0},null,"F",null,null,null,null,null,null,null,null,null,null,null,null,"Investimento:",{"$f":"ROUND(T66,2)","v":57705.41},{"$f":"ROUND(U66,2)-ROUND(T66,2)","v":70139.679999999993},89533.420000000013,81057.950000000012,0,0,0,0,0,0,0,0]
[null,null,null,{"$f":"D66/$Q$57","v":0},null,"F",null,null,null,null,null,null,null,null,null,null,null,null,"%:",{"$f":"ROUND(T66,2)/$Q$57","v":0.1933591157059027},{"$f":"ROUND(U66,2)/$Q$57","v":0.42838294623920947},0.7283912629174063,1,1,1,1,1,1,1,1,1]
[null,null,null,{"$f":"ROUND(D66-D65-D64,2)","v":0},null,"F",null,null,null,null,null,null,null,null,null,null,null,null,{"$f":"IF(import.recurso=\"FGTS\",\"Financiamento:\",\"Repasse:\")","v":"Repasse:"},{"$f":"ROUND(T66-T65-T64,2)","v":0},{"$f":"ROUND(U66-U65-U64,2)","v":0},0,0,0,0,0,0,0,0,0,0,{"$f":"AE63+SUMPRODUCT((OFFSET($B$13,1,0):OFFSET($B$56,-3,0))*IF(ISNUMBER(OFFSET(AF$11,5,0):OFFSET(AF$56,-1,0)),OFFSET(AF$11,5,0):OFFSET(AF$56,-1,0),0))","v":0}]
[null,null,null,{"$f":"C64+SUM((OFFSET($B$13,1,0):OFFSET($B$56,-3,0))*IF(ISNUMBER(OFFSET(D$11,5,0):OFFSET(D$56,-1,0)),OFFSET(D$11,5,0):OFFSET(D$56,-1,0),0))","v":0},null,"F",null,null,null,null,"Acumulado:",null,null,null,null,null,null,null,"Contrapartida:",{"$f":"SUM((OFFSET($B$13,1,0):OFFSET($B$56,-3,0))*IF(ISNUMBER(OFFSET(T$11,5,0):OFFSET(T$56,-1,0)),OFFSET(T$11,5,0):OFFSET(T$56,-1,0),0))","v":57705.412499999991},{"$f":"T64+SUM((OFFSET($B$13,1,0):OFFSET($B$56,-3,0))*IF(ISNUMBER(OFFSET(U$11,5,0):OFFSET(U$56,-1,0)),OFFSET(U$11,5,0):OFFSET(U$56,-1,0),0))","v":127845.09},{"$f":"U64+SUM((OFFSET($B$13,1,0):OFFSET($B$56,-3,0))*IF(ISNUMBER(OFFSET(V$11,5,0):OFFSET(V$56,-1,0)),OFFSET(V$11,5,0):OFFSET(V$56,-1,0),0))","v":217378.51199999999},{"$f":"V64+SUM((OFFSET($B$13,1,0):OFFSET($B$56,-3,0))*IF(ISNUMBER(OFFSET(W$11,5,0):OFFSET(W$56,-1,0)),OFFSET(W$11,5,0):OFFSET(W$56,-1,0),0))","v":298436.45999999996},{"$f":"W64+SUM((OFFSET($B$13,1,0):OFFSET($B$56,-3,0))*IF(ISNUMBER(OFFSET(X$11,5,0):OFFSET(X$56,-1,0)),OFFSET(X$11,5,0):OFFSET(X$56,-1,0),0))","v":298436.45999999996},{"$f":"X64+SUM((OFFSET($B$13,1,0):OFFSET($B$56,-3,0))*IF(ISNUMBER(OFFSET(Y$11,5,0):OFFSET(Y$56,-1,0)),OFFSET(Y$11,5,0):OFFSET(Y$56,-1,0),0))","v":298436.45999999996},{"$f":"Y64+SUM((OFFSET($B$13,1,0):OFFSET($B$56,-3,0))*IF(ISNUMBER(OFFSET(Z$11,5,0):OFFSET(Z$56,-1,0)),OFFSET(Z$11,5,0):OFFSET(Z$56,-1,0),0))","v":298436.45999999996},{"$f":"Z64+SUM((OFFSET($B$13,1,0):OFFSET($B$56,-3,0))*IF(ISNUMBER(OFFSET(AA$11,5,0):OFFSET(AA$56,-1,0)),OFFSET(AA$11,5,0):OFFSET(AA$56,-1,0),0))","v":298436.45999999996},{"$f":"AA64+SUM((OFFSET($B$13,1,0):OFFSET($B$56,-3,0))*IF(ISNUMBER(OFFSET(AB$11,5,0):OFFSET(AB$56,-1,0)),OFFSET(AB$11,5,0):OFFSET(AB$56,-1,0),0))","v":298436.45999999996},{"$f":"AB64+SUM((OFFSET($B$13,1,0):OFFSET($B$56,-3,0))*IF(ISNUMBER(OFFSET(AC$11,5,0):OFFSET(AC$56,-1,0)),OFFSET(AC$11,5,0):OFFSET(AC$56,-1,0),0))","v":298436.45999999996},{"$f":"AC64+SUM((OFFSET($B$13,1,0):OFFSET($B$56,-3,0))*IF(ISNUMBER(OFFSET(AD$11,5,0):OFFSET(AD$56,-1,0)),OFFSET(AD$11,5,0):OFFSET(AD$56,-1,0),0))","v":298436.45999999996},{"$f":"AD64+SUM((OFFSET($B$13,1,0):OFFSET($B$56,-3,0))*IF(ISNUMBER(OFFSET(AE$11,5,0):OFFSET(AE$56,-1,0)),OFFSET(AE$11,5,0):OFFSET(AE$56,-1,0),0))","v":298436.45999999996},{"$f":"AE64+SUMPRODUCT((OFFSET($C$13,1,0):OFFSET($C$56,-3,0))*IF(ISNUMBER(OFFSET(AF$11,5,0):OFFSET(AF$56,-1,0)),OFFSET(AF$11,5,0):OFFSET(AF$56,-1,0),0))","v":298436.45999999996}]
[null,null,null,{"$f":"C65+SUM((OFFSET($C$13,1,0):OFFSET($C$56,-3,0))*IF(ISNUMBER(OFFSET(D$11,5,0):OFFSET(D$56,-1,0)),OFFSET(D$11,5,0):OFFSET(D$56,-1,0),0))","v":0},null,"F",null,null,null,null,null,null,null,null,null,null,null,null,"Outros:",{"$f":"SUM((OFFSET($C$13,1,0):OFFSET($C$56,-3,0))*IF(ISNUMBER(OFFSET(T$11,5,0):OFFSET(T$56,-1,0)),OFFSET(T$11,5,0):OFFSET(T$56,-1,0),0))","v":0},{"$f":"T65+SUM((OFFSET($C$13,1,0):OFFSET($C$56,-3,0))*IF(ISNUMBER(OFFSET(U$11,5,0):OFFSET(U$56,-1,0)),OFFSET(U$11,5,0):OFFSET(U$56,-1,0),0))","v":0},{"$f":"U65+SUM((OFFSET($C$13,1,0):OFFSET($C$56,-3,0))*IF(ISNUMBER(OFFSET(V$11,5,0):OFFSET(V$56,-1,0)),OFFSET(V$11,5,0):OFFSET(V$56,-1,0),0))","v":0},{"$f":"V65+SUM((OFFSET($C$13,1,0):OFFSET($C$56,-3,0))*IF(ISNUMBER(OFFSET(W$11,5,0):OFFSET(W$56,-1,0)),OFFSET(W$11,5,0):OFFSET(W$56,-1,0),0))","v":0},{"$f":"W65+SUM((OFFSET($C$13,1,0):OFFSET($C$56,-3,0))*IF(ISNUMBER(OFFSET(X$11,5,0):OFFSET(X$56,-1,0)),OFFSET(X$11,5,0):OFFSET(X$56,-1,0),0))","v":0},{"$f":"X65+SUM((OFFSET($C$13,1,0):OFFSET($C$56,-3,0))*IF(ISNUMBER(OFFSET(Y$11,5,0):OFFSET(Y$56,-1,0)),OFFSET(Y$11,5,0):OFFSET(Y$56,-1,0),0))","v":0},{"$f":"Y65+SUM((OFFSET($C$13,1,0):OFFSET($C$56,-3,0))*IF(ISNUMBER(OFFSET(Z$11,5,0):OFFSET(Z$56,-1,0)),OFFSET(Z$11,5,0):OFFSET(Z$56,-1,0),0))","v":0},{"$f":"Z65+SUM((OFFSET($C$13,1,0):OFFSET($C$56,-3,0))*IF(ISNUMBER(OFFSET(AA$11,5,0):OFFSET(AA$56,-1,0)),OFFSET(AA$11,5,0):OFFSET(AA$56,-1,0),0))","v":0},{"$f":"AA65+SUM((OFFSET($C$13,1,0):OFFSET($C$56,-3,0))*IF(ISNUMBER(OFFSET(AB$11,5,0):OFFSET(AB$56,-1,0)),OFFSET(AB$11,5,0):OFFSET(AB$56,-1,0),0))","v":0},{"$f":"AB65+SUM((OFFSET($C$13,1,0):OFFSET($C$56,-3,0))*IF(ISNUMBER(OFFSET(AC$11,5,0):OFFSET(AC$56,-1,0)),OFFSET(AC$11,5,0):OFFSET(AC$56,-1,0),0))","v":0},{"$f":"AC65+SUM((OFFSET($C$13,1,0):OFFSET($C$56,-3,0))*IF(ISNUMBER(OFFSET(AD$11,5,0):OFFSET(AD$56,-1,0)),OFFSET(AD$11,5,0):OFFSET(AD$56,-1,0),0))","v":0},{"$f":"AD65+SUM((OFFSET($C$13,1,0):OFFSET($C$56,-3,0))*IF(ISNUMBER(OFFSET(AE$11,5,0):OFFSET(AE$56,-1,0)),OFFSET(AE$11,5,0):OFFSET(AE$56,-1,0),0))","v":0},{"$f":"ROUND(AF66-AF63-AF64,2)","v":0}]
[null,null,null,{"$f":"C66+SUMIF($R$12:$R$56,\"1$\",D12:D56)","v":0},null,"F",null,null,null,null,null,null,null,null,null,null,null,null,"Investimento:",{"$f":"SUMIF($R$12:$R$56,\"1$\",T12:T56)","v":57705.412499999999},{"$f":"T66+SUMIF($R$12:$R$56,\"1$\",U12:U56)","v":127845.09},217378.51199999999,298436.45999999996,298436.45999999996,298436.45999999996,298436.45999999996,298436.45999999996,298436.45999999996,298436.45999999996,298436.45999999996,298436.45999999996,298436.45999999996]
[null,null,null,null,null,"F"]
[null,null,null,null,null,"F",null,{"$f":"Import.Município","v":"Ouro/SC"}]
[null,null,null,null,null,"F",null,"Local",null,null,null,null,null,null,null,null,null,null,null,null,null,null,null,null,null,"Responsável Técnico"]
[null,null,null,null,null,"F",null,null,null,null,null,null,null,null,null,null,null,null,null,null,null,null,null,null,null,{"$f":"OFFSET(Import.RespOrçamento,0,-1) & \" \" & Import.RespOrçamento","v":"Nome: André Brito Dotti"}]
[null,null,null,null,null,"F",null,{"$f":"DADOS!$F$25","v":"2020-07-23"},null,null,null,null,null,null,null,null,null,null,null,null,null,null,null,null,null,"CREA/CAU: 162.237-5"]
[null,null,null,null,null,"F",null,"Data",null,null,null,null,null,null,null,null,null,null,null,null,null,null,null,null,null,"ART/RRT: 7.438.364-2"]

{"sheet":"CRONOPLE","index":8,"n_rows":64,"n_cols":31,"rows_kept":64,"cut":false,"hidden":false,"merged":[[11,1,12,1],[11,2,12,2]]}
[{"$f":"IF(AUTOEVENTO=\"Manual\",IF(OFFSET(EVENTOS!$F$14,CRONOPLE!$B1,0)>0,\"F\",\"\"),IF(CRONOPLE!B1<=MAX(CÁLCULO!$M$15:$M$154),\"F\",\"\"))","v":{"$error":"#REF!"}},{"$f":"OFFSET(B1,-1,0)+1","v":{"$error":"#REF!"}},{"$f":"IF(AUTOEVENTO=\"Manual\",IF($B1<>1,OFFSET(EVENTOS!$D$14,$B1,0),0),IF(B1<=MAX(CÁLCULO!$M$15:$M$154),VLOOKUP($B1,CÁLCULO!$M$15:$N$154,2,FALSE),0))","v":{"$error":"#REF!"}}]
[]
[]
[]
[null,"CRONOGRAMA PREVISTO PLE"]
[]
[null,"1. Digite nas células em amarelo o número do período em que os eventos serão concluídos:"]
[]
[null,{"$f":"IF(ACOMPANHAMENTO=\"BM\",\"NO ACOMPANHAMENTO POR BM, UTILIZE A ABA CRONO\",IF(MAX($B$14:$B$65)<MAX(CÁLCULO!$M$15:$M$154),\"ERRO: NÚMERO DE EVENTOS INSUFICIENTE, CLIQUE EM ATUALIZAR LINHAS\",IF(ROUND(OFFSET(CRONO!$AF$66,0,-1),2)<>CRONO!$Q$57,\"ERRO: CRONOGRAMA NÃO FECHA 100%\",\"\")))","v":"NO ACOMPANHAMENTO POR BM, UTILIZE A ABA CRONO"}]
[]
[null,null,null,null,{"$f":"IF(E$12>CÁLCULO.NúmeroDeFrentes,\"\",OFFSET(CÁLCULO!$P$12,0,E$12))","v":0},null,{"$f":"IF(G$12>CÁLCULO.NúmeroDeFrentes,\"\",OFFSET(CÁLCULO!$P$12,0,G$12))","v":0},{"$f":"IF(H$12>CÁLCULO.NúmeroDeFrentes,\"\",OFFSET(CÁLCULO!$P$12,0,H$12))","v":0},{"$f":"IF(I$12>CÁLCULO.NúmeroDeFrentes,\"\",OFFSET(CÁLCULO!$P$12,0,I$12))","v":0},{"$f":"IF(J$12>CÁLCULO.NúmeroDeFrentes,\"\",OFFSET(CÁLCULO!$P$12,0,J$12))","v":0},{"$f":"IF(K$12>CÁLCULO.NúmeroDeFrentes,\"\",OFFSET(CÁLCULO!$P$12,0,K$12))","v":0},{"$f":"IF(L$12>CÁLCULO.NúmeroDeFrentes,\"\",OFFSET(CÁLCULO!$P$12,0,L$12))","v":0},{"$f":"IF(M$12>CÁLCULO.NúmeroDeFrentes,\"\",OFFSET(CÁLCULO!$P$12,0,M$12))","v":0},{"$f":"IF(N$12>CÁLCULO.NúmeroDeFrentes,\"\",OFFSET(CÁLCULO!$P$12,0,N$12))","v":0},{"$f":"IF(O$12>CÁLCULO.NúmeroDeFrentes,\"\",OFFSET(CÁLCULO!$P$12,0,O$12))","v":0},{"$f":"IF(P$12>CÁLCULO.NúmeroDeFrentes,\"\",OFFSET(CÁLCULO!$P$12,0,P$12))","v":0},{"$f":"IF(Q$12>CÁLCULO.NúmeroDeFrentes,\"\",OFFSET(CÁLCULO!$P$12,0,Q$12))","v":""},{"$f":"IF(R$12>CÁLCULO.NúmeroDeFrentes,\"\",OFFSET(CÁLCULO!$P$12,0,R$12))","v":""},{"$f":"IF(S$12>CÁLCULO.NúmeroDeFrentes,\"\",OFFSET(CÁLCULO!$P$12,0,S$12))","v":""},{"$f":"IF(T$12>CÁLCULO.NúmeroDeFrentes,\"\",OFFSET(CÁLCULO!$P$12,0,T$12))","v":""},{"$f":"IF(U$12>CÁLCULO.NúmeroDeFrentes,\"\",OFFSET(CÁLCULO!$P$12,0,U$12))","v":""},{"$f":"IF(V$12>CÁLCULO.NúmeroDeFrentes,\"\",OFFSET(CÁLCULO!$P$12,0,V$12))","v":""},{"$f":"IF(W$12>CÁLCULO.NúmeroDeFrentes,\"\",OFFSET(CÁLCULO!$P$12,0,W$12))","v":""},{"$f":"IF(X$12>CÁLCULO.NúmeroDeFrentes,\"\",OFFSET(CÁLCULO!$P$12,0,X$12))","v":""},{"$f":"IF(Y$12>CÁLCULO.NúmeroDeFrentes,\"\",OFFSET(CÁLCULO!$P$12,0,Y$12))","v":""},{"$f":"IF(Z$12>CÁLCULO.NúmeroDeFrentes,\"\",OFFSET(CÁLCULO!$P$12,0,Z$12))","v":""},{"$f":"IF(AA$12>CÁLCULO.NúmeroDeFrentes,\"\",OFFSET(CÁLCULO!$P$12,0,AA$12))","v":""},{"$f":"IF(AB$12>CÁLCULO.NúmeroDeFrentes,\"\",OFFSET(CÁLCULO!$P$12,0,AB$12))","v":""},{"$f":"IF(AC$12>CÁLCULO.NúmeroDeFrentes,\"\",OFFSET(CÁLCULO!$P$12,0,AC$12))","v":""},{"$f":"IF(AD$12>CÁLCULO.NúmeroDeFrentes,\"\",OFFSET(CÁLCULO!$P$12,0,AD$12))","v":""},{"$f":"IF(AE$12>CÁLCULO.NúmeroDeFrentes,\"\",OFFSET(CÁLCULO!$P$12,0,AE$12))","v":""}]
[null,"Nº do Evento","Título dos Eventos",null,{"$f":"OFFSET(E12,0,-1)+1","v":1},null,{"$f":"OFFSET(G12,0,-1)+1","v":1},{"$f":"OFFSET(H12,0,-1)+1","v":2},{"$f":"OFFSET(I12,0,-1)+1","v":3},4,5,6,7,8,9,10,11,12,13,14,15,16,17,18,19,20,21,22,23,24,25]
[null,null,null,null,null,null,null,null,null,null,null,null,"Informe abaixo o NÚMERO DO PERÍODO em que os eventos serão concluídos"]
[]
[null,1,"Administração Local",null,null,null,{"$f":"IF(AUTOEVENTO=\"MANUAL\",\"A administração local será proporcional a execução dos demais eventos, independente de frentes de obra.\",\"Para aplicação de Adm. Local é necessário definir os eventos manualmente.\")","v":"Para aplicação de Adm. Local é necessário definir os eventos manualmente."}]
[{"$f":"IF(AUTOEVENTO=\"Manual\",IF(OFFSET(EVENTOS!$F$14,CRONOPLE!$B16,0)>0,\"F\",\"\"),IF(CRONOPLE!B16<=MAX(CÁLCULO!$M$15:$M$154),\"F\",\"\"))","v":"F"},{"$f":"OFFSET(B16,-1,0)+1","v":2},{"$f":"IF(AUTOEVENTO=\"Manual\",IF($B16<>1,OFFSET(EVENTOS!$D$14,$B16,0),0),IF(B16<=MAX(CÁLCULO!$M$15:$M$154),VLOOKUP($B16,CÁLCULO!$M$15:$N$154,2,FALSE),0))","v":"SERVIÇOS INICIAIS"}]
[{"$f":"IF(AUTOEVENTO=\"Manual\",IF(OFFSET(EVENTOS!$F$14,CRONOPLE!$B17,0)>0,\"F\",\"\"),IF(CRONOPLE!B17<=MAX(CÁLCULO!$M$15:$M$154),\"F\",\"\"))","v":"F"},3,{"$f":"IF(AUTOEVENTO=\"Manual\",IF($B17<>1,OFFSET(EVENTOS!$D$14,$B17,0),0),IF(B17<=MAX(CÁLCULO!$M$15:$M$154),VLOOKUP($B17,CÁLCULO!$M$15:$N$154,2,FALSE),0))","v":"ESTRUTURA"}]
[{"$f":"IF(AUTOEVENTO=\"Manual\",IF(OFFSET(EVENTOS!$F$14,CRONOPLE!$B18,0)>0,\"F\",\"\"),IF(CRONOPLE!B18<=MAX(CÁLCULO!$M$15:$M$154),\"F\",\"\"))","v":"F"},4,{"$f":"IF(AUTOEVENTO=\"Manual\",IF($B18<>1,OFFSET(EVENTOS!$D$14,$B18,0),0),IF(B18<=MAX(CÁLCULO!$M$15:$M$154),VLOOKUP($B18,CÁLCULO!$M$15:$N$154,2,FALSE),0))","v":"ALVENARIA, REVESTIMENTO E PINTURA"}]
[{"$f":"IF(AUTOEVENTO=\"Manual\",IF(OFFSET(EVENTOS!$F$14,CRONOPLE!$B19,0)>0,\"F\",\"\"),IF(CRONOPLE!B19<=MAX(CÁLCULO!$M$15:$M$154),\"F\",\"\"))","v":"F"},5,{"$f":"IF(AUTOEVENTO=\"Manual\",IF($B19<>1,OFFSET(EVENTOS!$D$14,$B19,0),0),IF(B19<=MAX(CÁLCULO!$M$15:$M$154),VLOOKUP($B19,CÁLCULO!$M$15:$N$154,2,FALSE),0))","v":"FORRO"}]
[{"$f":"IF(AUTOEVENTO=\"Manual\",IF(OFFSET(EVENTOS!$F$14,CRONOPLE!$B20,0)>0,\"F\",\"\"),IF(CRONOPLE!B20<=MAX(CÁLCULO!$M$15:$M$154),\"F\",\"\"))","v":"F"},6,{"$f":"IF(AUTOEVENTO=\"Manual\",IF($B20<>1,OFFSET(EVENTOS!$D$14,$B20,0),0),IF(B20<=MAX(CÁLCULO!$M$15:$M$154),VLOOKUP($B20,CÁLCULO!$M$15:$N$154,2,FALSE),0))","v":"ESQUADRIAS"}]
[{"$f":"IF(AUTOEVENTO=\"Manual\",IF(OFFSET(EVENTOS!$F$14,CRONOPLE!$B21,0)>0,\"F\",\"\"),IF(CRONOPLE!B21<=MAX(CÁLCULO!$M$15:$M$154),\"F\",\"\"))","v":"F"},7,{"$f":"IF(AUTOEVENTO=\"Manual\",IF($B21<>1,OFFSET(EVENTOS!$D$14,$B21,0),0),IF(B21<=MAX(CÁLCULO!$M$15:$M$154),VLOOKUP($B21,CÁLCULO!$M$15:$N$154,2,FALSE),0))","v":"PAVIMENTAÇÃO"}]
[{"$f":"IF(AUTOEVENTO=\"Manual\",IF(OFFSET(EVENTOS!$F$14,CRONOPLE!$B22,0)>0,\"F\",\"\"),IF(CRONOPLE!B22<=MAX(CÁLCULO!$M$15:$M$154),\"F\",\"\"))","v":"F"},8,{"$f":"IF(AUTOEVENTO=\"Manual\",IF($B22<>1,OFFSET(EVENTOS!$D$14,$B22,0),0),IF(B22<=MAX(CÁLCULO!$M$15:$M$154),VLOOKUP($B22,CÁLCULO!$M$15:$N$154,2,FALSE),0))","v":"APARELHOS SANITÁRIOS"}]
[{"$f":"IF(AUTOEVENTO=\"Manual\",IF(OFFSET(EVENTOS!$F$14,CRONOPLE!$B23,0)>0,\"F\",\"\"),IF(CRONOPLE!B23<=MAX(CÁLCULO!$M$15:$M$154),\"F\",\"\"))","v":"F"},9,{"$f":"IF(AUTOEVENTO=\"Manual\",IF($B23<>1,OFFSET(EVENTOS!$D$14,$B23,0),0),IF(B23<=MAX(CÁLCULO!$M$15:$M$154),VLOOKUP($B23,CÁLCULO!$M$15:$N$154,2,FALSE),0))","v":"INSTALAÇÕES HIDROSSANITÁRIAS"}]
[{"$f":"IF(AUTOEVENTO=\"Manual\",IF(OFFSET(EVENTOS!$F$14,CRONOPLE!$B24,0)>0,\"F\",\"\"),IF(CRONOPLE!B24<=MAX(CÁLCULO!$M$15:$M$154),\"F\",\"\"))","v":"F"},10,{"$f":"IF(AUTOEVENTO=\"Manual\",IF($B24<>1,OFFSET(EVENTOS!$D$14,$B24,0),0),IF(B24<=MAX(CÁLCULO!$M$15:$M$154),VLOOKUP($B24,CÁLCULO!$M$15:$N$154,2,FALSE),0))","v":"INSTALAÇÕES ELÉTRICAS"}]
[{"$f":"IF(AUTOEVENTO=\"Manual\",IF(OFFSET(EVENTOS!$F$14,CRONOPLE!$B25,0)>0,\"F\",\"\"),IF(CRONOPLE!B25<=MAX(CÁLCULO!$M$15:$M$154),\"F\",\"\"))","v":"F"},11,{"$f":"IF(AUTOEVENTO=\"Manual\",IF($B25<>1,OFFSET(EVENTOS!$D$14,$B25,0),0),IF(B25<=MAX(CÁLCULO!$M$15:$M$154),VLOOKUP($B25,CÁLCULO!$M$15:$N$154,2,FALSE),0))","v":"PLUVIAIS"}]
[{"$f":"IF(AUTOEVENTO=\"Manual\",IF(OFFSET(EVENTOS!$F$14,CRONOPLE!$B26,0)>0,\"F\",\"\"),IF(CRONOPLE!B26<=MAX(CÁLCULO!$M$15:$M$154),\"F\",\"\"))","v":"F"},12,{"$f":"IF(AUTOEVENTO=\"Manual\",IF($B26<>1,OFFSET(EVENTOS!$D$14,$B26,0),0),IF(B26<=MAX(CÁLCULO!$M$15:$M$154),VLOOKUP($B26,CÁLCULO!$M$15:$N$154,2,FALSE),0))","v":"PREVENTIVO DE INCÊNDIO"}]
[{"$f":"IF(AUTOEVENTO=\"Manual\",IF(OFFSET(EVENTOS!$F$14,CRONOPLE!$B27,0)>0,\"F\",\"\"),IF(CRONOPLE!B27<=MAX(CÁLCULO!$M$15:$M$154),\"F\",\"\"))","v":"F"},13,{"$f":"IF(AUTOEVENTO=\"Manual\",IF($B27<>1,OFFSET(EVENTOS!$D$14,$B27,0),0),IF(B27<=MAX(CÁLCULO!$M$15:$M$154),VLOOKUP($B27,CÁLCULO!$M$15:$N$154,2,FALSE),0))","v":"CERCAMENTO"}]
[{"$f":"IF(AUTOEVENTO=\"Manual\",IF(OFFSET(EVENTOS!$F$14,CRONOPLE!$B28,0)>0,\"F\",\"\"),IF(CRONOPLE!B28<=MAX(CÁLCULO!$M$15:$M$154),\"F\",\"\"))","v":"F"},14,{"$f":"IF(AUTOEVENTO=\"Manual\",IF($B28<>1,OFFSET(EVENTOS!$D$14,$B28,0),0),IF(B28<=MAX(CÁLCULO!$M$15:$M$154),VLOOKUP($B28,CÁLCULO!$M$15:$N$154,2,FALSE),0))","v":"SERVIÇOS FINAIS"}]
[{"$f":"IF(AUTOEVENTO=\"Manual\",IF(OFFSET(EVENTOS!$F$14,CRONOPLE!$B29,0)>0,\"F\",\"\"),IF(CRONOPLE!B29<=MAX(CÁLCULO!$M$15:$M$154),\"F\",\"\"))","v":""},15,{"$f":"IF(AUTOEVENTO=\"Manual\",IF($B29<>1,OFFSET(EVENTOS!$D$14,$B29,0),0),IF(B29<=MAX(CÁLCULO!$M$15:$M$154),VLOOKUP($B29,CÁLCULO!$M$15:$N$154,2,FALSE),0))","v":0}]
[{"$f":"IF(AUTOEVENTO=\"Manual\",IF(OFFSET(EVENTOS!$F$14,CRONOPLE!$B30,0)>0,\"F\",\"\"),IF(CRONOPLE!B30<=MAX(CÁLCULO!$M$15:$M$154),\"F\",\"\"))","v":""},16,{"$f":"IF(AUTOEVENTO=\"Manual\",IF($B30<>1,OFFSET(EVENTOS!$D$14,$B30,0),0),IF(B30<=MAX(CÁLCULO!$M$15:$M$154),VLOOKUP($B30,CÁLCULO!$M$15:$N$154,2,FALSE),0))","v":0}]
[{"$f":"IF(AUTOEVENTO=\"Manual\",IF(OFFSET(EVENTOS!$F$14,CRONOPLE!$B31,0)>0,\"F\",\"\"),IF(CRONOPLE!B31<=MAX(CÁLCULO!$M$15:$M$154),\"F\",\"\"))","v":""},17,{"$f":"IF(AUTOEVENTO=\"Manual\",IF($B31<>1,OFFSET(EVENTOS!$D$14,$B31,0),0),IF(B31<=MAX(CÁLCULO!$M$15:$M$154),VLOOKUP($B31,CÁLCULO!$M$15:$N$154,2,FALSE),0))","v":0}]
[{"$f":"IF(AUTOEVENTO=\"Manual\",IF(OFFSET(EVENTOS!$F$14,CRONOPLE!$B32,0)>0,\"F\",\"\"),IF(CRONOPLE!B32<=MAX(CÁLCULO!$M$15:$M$154),\"F\",\"\"))","v":""},18,{"$f":"IF(AUTOEVENTO=\"Manual\",IF($B32<>1,OFFSET(EVENTOS!$D$14,$B32,0),0),IF(B32<=MAX(CÁLCULO!$M$15:$M$154),VLOOKUP($B32,CÁLCULO!$M$15:$N$154,2,FALSE),0))","v":0}]
[{"$f":"IF(AUTOEVENTO=\"Manual\",IF(OFFSET(EVENTOS!$F$14,CRONOPLE!$B33,0)>0,\"F\",\"\"),IF(CRONOPLE!B33<=MAX(CÁLCULO!$M$15:$M$154),\"F\",\"\"))","v":""},19,{"$f":"IF(AUTOEVENTO=\"Manual\",IF($B33<>1,OFFSET(EVENTOS!$D$14,$B33,0),0),IF(B33<=MAX(CÁLCULO!$M$15:$M$154),VLOOKUP($B33,CÁLCULO!$M$15:$N$154,2,FALSE),0))","v":0}]
[{"$f":"IF(AUTOEVENTO=\"Manual\",IF(OFFSET(EVENTOS!$F$14,CRONOPLE!$B34,0)>0,\"F\",\"\"),IF(CRONOPLE!B34<=MAX(CÁLCULO!$M$15:$M$154),\"F\",\"\"))","v":""},20,{"$f":"IF(AUTOEVENTO=\"Manual\",IF($B34<>1,OFFSET(EVENTOS!$D$14,$B34,0),0),IF(B34<=MAX(CÁLCULO!$M$15:$M$154),VLOOKUP($B34,CÁLCULO!$M$15:$N$154,2,FALSE),0))","v":0}]
[{"$f":"IF(AUTOEVENTO=\"Manual\",IF(OFFSET(EVENTOS!$F$14,CRONOPLE!$B35,0)>0,\"F\",\"\"),IF(CRONOPLE!B35<=MAX(CÁLCULO!$M$15:$M$154),\"F\",\"\"))","v":""},21,{"$f":"IF(AUTOEVENTO=\"Manual\",IF($B35<>1,OFFSET(EVENTOS!$D$14,$B35,0),0),IF(B35<=MAX(CÁLCULO!$M$15:$M$154),VLOOKUP($B35,CÁLCULO!$M$15:$N$154,2,FALSE),0))","v":0}]
[{"$f":"IF(AUTOEVENTO=\"Manual\",IF(OFFSET(EVENTOS!$F$14,CRONOPLE!$B36,0)>0,\"F\",\"\"),IF(CRONOPLE!B36<=MAX(CÁLCULO!$M$15:$M$154),\"F\",\"\"))","v":""},22,{"$f":"IF(AUTOEVENTO=\"Manual\",IF($B36<>1,OFFSET(EVENTOS!$D$14,$B36,0),0),IF(B36<=MAX(CÁLCULO!$M$15:$M$154),VLOOKUP($B36,CÁLCULO!$M$15:$N$154,2,FALSE),0))","v":0}]
[{"$f":"IF(AUTOEVENTO=\"Manual\",IF(OFFSET(EVENTOS!$F$14,CRONOPLE!$B37,0)>0,\"F\",\"\"),IF(CRONOPLE!B37<=MAX(CÁLCULO!$M$15:$M$154),\"F\",\"\"))","v":""},23,{"$f":"IF(AUTOEVENTO=\"Manual\",IF($B37<>1,OFFSET(EVENTOS!$D$14,$B37,0),0),IF(B37<=MAX(CÁLCULO!$M$15:$M$154),VLOOKUP($B37,CÁLCULO!$M$15:$N$154,2,FALSE),0))","v":0}]
[{"$f":"IF(AUTOEVENTO=\"Manual\",IF(OFFSET(EVENTOS!$F$14,CRONOPLE!$B38,0)>0,\"F\",\"\"),IF(CRONOPLE!B38<=MAX(CÁLCULO!$M$15:$M$154),\"F\",\"\"))","v":""},24,{"$f":"IF(AUTOEVENTO=\"Manual\",IF($B38<>1,OFFSET(EVENTOS!$D$14,$B38,0),0),IF(B38<=MAX(CÁLCULO!$M$15:$M$154),VLOOKUP($B38,CÁLCULO!$M$15:$N$154,2,FALSE),0))","v":0}]
[{"$f":"IF(AUTOEVENTO=\"Manual\",IF(OFFSET(EVENTOS!$F$14,CRONOPLE!$B39,0)>0,\"F\",\"\"),IF(CRONOPLE!B39<=MAX(CÁLCULO!$M$15:$M$154),\"F\",\"\"))","v":""},25,{"$f":"IF(AUTOEVENTO=\"Manual\",IF($B39<>1,OFFSET(EVENTOS!$D$14,$B39,0),0),IF(B39<=MAX(CÁLCULO!$M$15:$M$154),VLOOKUP($B39,CÁLCULO!$M$15:$N$154,2,FALSE),0))","v":0}]
[{"$f":"IF(AUTOEVENTO=\"Manual\",IF(OFFSET(EVENTOS!$F$14,CRONOPLE!$B40,0)>0,\"F\",\"\"),IF(CRONOPLE!B40<=MAX(CÁLCULO!$M$15:$M$154),\"F\",\"\"))","v":""},26,{"$f":"IF(AUTOEVENTO=\"Manual\",IF($B40<>1,OFFSET(EVENTOS!$D$14,$B40,0),0),IF(B40<=MAX(CÁLCULO!$M$15:$M$154),VLOOKUP($B40,CÁLCULO!$M$15:$N$154,2,FALSE),0))","v":0}]
[{"$f":"IF(AUTOEVENTO=\"Manual\",IF(OFFSET(EVENTOS!$F$14,CRONOPLE!$B41,0)>0,\"F\",\"\"),IF(CRONOPLE!B41<=MAX(CÁLCULO!$M$15:$M$154),\"F\",\"\"))","v":""},27,{"$f":"IF(AUTOEVENTO=\"Manual\",IF($B41<>1,OFFSET(EVENTOS!$D$14,$B41,0),0),IF(B41<=MAX(CÁLCULO!$M$15:$M$154),VLOOKUP($B41,CÁLCULO!$M$15:$N$154,2,FALSE),0))","v":0}]
[{"$f":"IF(AUTOEVENTO=\"Manual\",IF(OFFSET(EVENTOS!$F$14,CRONOPLE!$B42,0)>0,\"F\",\"\"),IF(CRONOPLE!B42<=MAX(CÁLCULO!$M$15:$M$154),\"F\",\"\"))","v":""},28,{"$f":"IF(AUTOEVENTO=\"Manual\",IF($B42<>1,OFFSET(EVENTOS!$D$14,$B42,0),0),IF(B42<=MAX(CÁLCULO!$M$15:$M$154),VLOOKUP($B42,CÁLCULO!$M$15:$N$154,2,FALSE),0))","v":0}]
[{"$f":"IF(AUTOEVENTO=\"Manual\",IF(OFFSET(EVENTOS!$F$14,CRONOPLE!$B43,0)>0,\"F\",\"\"),IF(CRONOPLE!B43<=MAX(CÁLCULO!$M$15:$M$154),\"F\",\"\"))","v":""},29,{"$f":"IF(AUTOEVENTO=\"Manual\",IF($B43<>1,OFFSET(EVENTOS!$D$14,$B43,0),0),IF(B43<=MAX(CÁLCULO!$M$15:$M$154),VLOOKUP($B43,CÁLCULO!$M$15:$N$154,2,FALSE),0))","v":0}]
[{"$f":"IF(AUTOEVENTO=\"Manual\",IF(OFFSET(EVENTOS!$F$14,CRONOPLE!$B44,0)>0,\"F\",\"\"),IF(CRONOPLE!B44<=MAX(CÁLCULO!$M$15:$M$154),\"F\",\"\"))","v":""},30,{"$f":"IF(AUTOEVENTO=\"Manual\",IF($B44<>1,OFFSET(EVENTOS!$D$14,$B44,0),0),IF(B44<=MAX(CÁLCULO!$M$15:$M$154),VLOOKUP($B44,CÁLCULO!$M$15:$N$154,2,FALSE),0))","v":0}]
[{"$f":"IF(AUTOEVENTO=\"Manual\",IF(OFFSET(EVENTOS!$F$14,CRONOPLE!$B45,0)>0,\"F\",\"\"),IF(CRONOPLE!B45<=MAX(CÁLCULO!$M$15:$M$154),\"F\",\"\"))","v":""},31,{"$f":"IF(AUTOEVENTO=\"Manual\",IF($B45<>1,OFFSET(EVENTOS!$D$14,$B45,0),0),IF(B45<=MAX(CÁLCULO!$M$15:$M$154),VLOOKUP($B45,CÁLCULO!$M$15:$N$154,2,FALSE),0))","v":0}]
[{"$f":"IF(AUTOEVENTO=\"Manual\",IF(OFFSET(EVENTOS!$F$14,CRONOPLE!$B46,0)>0,\"F\",\"\"),IF(CRONOPLE!B46<=MAX(CÁLCULO!$M$15:$M$154),\"F\",\"\"))","v":""},32,{"$f":"IF(AUTOEVENTO=\"Manual\",IF($B46<>1,OFFSET(EVENTOS!$D$14,$B46,0),0),IF(B46<=MAX(CÁLCULO!$M$15:$M$154),VLOOKUP($B46,CÁLCULO!$M$15:$N$154,2,FALSE),0))","v":0}]
[{"$f":"IF(AUTOEVENTO=\"Manual\",IF(OFFSET(EVENTOS!$F$14,CRONOPLE!$B47,0)>0,\"F\",\"\"),IF(CRONOPLE!B47<=MAX(CÁLCULO!$M$15:$M$154),\"F\",\"\"))","v":""},33,{"$f":"IF(AUTOEVENTO=\"Manual\",IF($B47<>1,OFFSET(EVENTOS!$D$14,$B47,0),0),IF(B47<=MAX(CÁLCULO!$M$15:$M$154),VLOOKUP($B47,CÁLCULO!$M$15:$N$154,2,FALSE),0))","v":0}]
[{"$f":"IF(AUTOEVENTO=\"Manual\",IF(OFFSET(EVENTOS!$F$14,CRONOPLE!$B48,0)>0,\"F\",\"\"),IF(CRONOPLE!B48<=MAX(CÁLCULO!$M$15:$M$154),\"F\",\"\"))","v":""},34,{"$f":"IF(AUTOEVENTO=\"Manual\",IF($B48<>1,OFFSET(EVENTOS!$D$14,$B48,0),0),IF(B48<=MAX(CÁLCULO!$M$15:$M$154),VLOOKUP($B48,CÁLCULO!$M$15:$N$154,2,FALSE),0))","v":0}]
[{"$f":"IF(AUTOEVENTO=\"Manual\",IF(OFFSET(EVENTOS!$F$14,CRONOPLE!$B49,0)>0,\"F\",\"\"),IF(CRONOPLE!B49<=MAX(CÁLCULO!$M$15:$M$154),\"F\",\"\"))","v":""},35,{"$f":"IF(AUTOEVENTO=\"Manual\",IF($B49<>1,OFFSET(EVENTOS!$D$14,$B49,0),0),IF(B49<=MAX(CÁLCULO!$M$15:$M$154),VLOOKUP($B49,CÁLCULO!$M$15:$N$154,2,FALSE),0))","v":0}]
[{"$f":"IF(AUTOEVENTO=\"Manual\",IF(OFFSET(EVENTOS!$F$14,CRONOPLE!$B50,0)>0,\"F\",\"\"),IF(CRONOPLE!B50<=MAX(CÁLCULO!$M$15:$M$154),\"F\",\"\"))","v":""},36,{"$f":"IF(AUTOEVENTO=\"Manual\",IF($B50<>1,OFFSET(EVENTOS!$D$14,$B50,0),0),IF(B50<=MAX(CÁLCULO!$M$15:$M$154),VLOOKUP($B50,CÁLCULO!$M$15:$N$154,2,FALSE),0))","v":0}]
[{"$f":"IF(AUTOEVENTO=\"Manual\",IF(OFFSET(EVENTOS!$F$14,CRONOPLE!$B51,0)>0,\"F\",\"\"),IF(CRONOPLE!B51<=MAX(CÁLCULO!$M$15:$M$154),\"F\",\"\"))","v":""},37,{"$f":"IF(AUTOEVENTO=\"Manual\",IF($B51<>1,OFFSET(EVENTOS!$D$14,$B51,0),0),IF(B51<=MAX(CÁLCULO!$M$15:$M$154),VLOOKUP($B51,CÁLCULO!$M$15:$N$154,2,FALSE),0))","v":0}]
[{"$f":"IF(AUTOEVENTO=\"Manual\",IF(OFFSET(EVENTOS!$F$14,CRONOPLE!$B52,0)>0,\"F\",\"\"),IF(CRONOPLE!B52<=MAX(CÁLCULO!$M$15:$M$154),\"F\",\"\"))","v":""},38,{"$f":"IF(AUTOEVENTO=\"Manual\",IF($B52<>1,OFFSET(EVENTOS!$D$14,$B52,0),0),IF(B52<=MAX(CÁLCULO!$M$15:$M$154),VLOOKUP($B52,CÁLCULO!$M$15:$N$154,2,FALSE),0))","v":0}]
[{"$f":"IF(AUTOEVENTO=\"Manual\",IF(OFFSET(EVENTOS!$F$14,CRONOPLE!$B53,0)>0,\"F\",\"\"),IF(CRONOPLE!B53<=MAX(CÁLCULO!$M$15:$M$154),\"F\",\"\"))","v":""},39,{"$f":"IF(AUTOEVENTO=\"Manual\",IF($B53<>1,OFFSET(EVENTOS!$D$14,$B53,0),0),IF(B53<=MAX(CÁLCULO!$M$15:$M$154),VLOOKUP($B53,CÁLCULO!$M$15:$N$154,2,FALSE),0))","v":0}]
[{"$f":"IF(AUTOEVENTO=\"Manual\",IF(OFFSET(EVENTOS!$F$14,CRONOPLE!$B54,0)>0,\"F\",\"\"),IF(CRONOPLE!B54<=MAX(CÁLCULO!$M$15:$M$154),\"F\",\"\"))","v":""},40,{"$f":"IF(AUTOEVENTO=\"Manual\",IF($B54<>1,OFFSET(EVENTOS!$D$14,$B54,0),0),IF(B54<=MAX(CÁLCULO!$M$15:$M$154),VLOOKUP($B54,CÁLCULO!$M$15:$N$154,2,FALSE),0))","v":0}]
[{"$f":"IF(AUTOEVENTO=\"Manual\",IF(OFFSET(EVENTOS!$F$14,CRONOPLE!$B55,0)>0,\"F\",\"\"),IF(CRONOPLE!B55<=MAX(CÁLCULO!$M$15:$M$154),\"F\",\"\"))","v":""},41,{"$f":"IF(AUTOEVENTO=\"Manual\",IF($B55<>1,OFFSET(EVENTOS!$D$14,$B55,0),0),IF(B55<=MAX(CÁLCULO!$M$15:$M$154),VLOOKUP($B55,CÁLCULO!$M$15:$N$154,2,FALSE),0))","v":0}]
[{"$f":"IF(AUTOEVENTO=\"Manual\",IF(OFFSET(EVENTOS!$F$14,CRONOPLE!$B56,0)>0,\"F\",\"\"),IF(CRONOPLE!B56<=MAX(CÁLCULO!$M$15:$M$154),\"F\",\"\"))","v":""},42,{"$f":"IF(AUTOEVENTO=\"Manual\",IF($B56<>1,OFFSET(EVENTOS!$D$14,$B56,0),0),IF(B56<=MAX(CÁLCULO!$M$15:$M$154),VLOOKUP($B56,CÁLCULO!$M$15:$N$154,2,FALSE),0))","v":0}]
[{"$f":"IF(AUTOEVENTO=\"Manual\",IF(OFFSET(EVENTOS!$F$14,CRONOPLE!$B57,0)>0,\"F\",\"\"),IF(CRONOPLE!B57<=MAX(CÁLCULO!$M$15:$M$154),\"F\",\"\"))","v":""},43,{"$f":"IF(AUTOEVENTO=\"Manual\",IF($B57<>1,OFFSET(EVENTOS!$D$14,$B57,0),0),IF(B57<=MAX(CÁLCULO!$M$15:$M$154),VLOOKUP($B57,CÁLCULO!$M$15:$N$154,2,FALSE),0))","v":0}]
[{"$f":"IF(AUTOEVENTO=\"Manual\",IF(OFFSET(EVENTOS!$F$14,CRONOPLE!$B58,0)>0,\"F\",\"\"),IF(CRONOPLE!B58<=MAX(CÁLCULO!$M$15:$M$154),\"F\",\"\"))","v":""},44,{"$f":"IF(AUTOEVENTO=\"Manual\",IF($B58<>1,OFFSET(EVENTOS!$D$14,$B58,0),0),IF(B58<=MAX(CÁLCULO!$M$15:$M$154),VLOOKUP($B58,CÁLCULO!$M$15:$N$154,2,FALSE),0))","v":0}]
[{"$f":"IF(AUTOEVENTO=\"Manual\",IF(OFFSET(EVENTOS!$F$14,CRONOPLE!$B59,0)>0,\"F\",\"\"),IF(CRONOPLE!B59<=MAX(CÁLCULO!$M$15:$M$154),\"F\",\"\"))","v":""},45,{"$f":"IF(AUTOEVENTO=\"Manual\",IF($B59<>1,OFFSET(EVENTOS!$D$14,$B59,0),0),IF(B59<=MAX(CÁLCULO!$M$15:$M$154),VLOOKUP($B59,CÁLCULO!$M$15:$N$154,2,FALSE),0))","v":0}]
[{"$f":"IF(AUTOEVENTO=\"Manual\",IF(OFFSET(EVENTOS!$F$14,CRONOPLE!$B60,0)>0,\"F\",\"\"),IF(CRONOPLE!B60<=MAX(CÁLCULO!$M$15:$M$154),\"F\",\"\"))","v":""},46,{"$f":"IF(AUTOEVENTO=\"Manual\",IF($B60<>1,OFFSET(EVENTOS!$D$14,$B60,0),0),IF(B60<=MAX(CÁLCULO!$M$15:$M$154),VLOOKUP($B60,CÁLCULO!$M$15:$N$154,2,FALSE),0))","v":0}]
[{"$f":"IF(AUTOEVENTO=\"Manual\",IF(OFFSET(EVENTOS!$F$14,CRONOPLE!$B61,0)>0,\"F\",\"\"),IF(CRONOPLE!B61<=MAX(CÁLCULO!$M$15:$M$154),\"F\",\"\"))","v":""},47,{"$f":"IF(AUTOEVENTO=\"Manual\",IF($B61<>1,OFFSET(EVENTOS!$D$14,$B61,0),0),IF(B61<=MAX(CÁLCULO!$M$15:$M$154),VLOOKUP($B61,CÁLCULO!$M$15:$N$154,2,FALSE),0))","v":0}]
[{"$f":"IF(AUTOEVENTO=\"Manual\",IF(OFFSET(EVENTOS!$F$14,CRONOPLE!$B62,0)>0,\"F\",\"\"),IF(CRONOPLE!B62<=MAX(CÁLCULO!$M$15:$M$154),\"F\",\"\"))","v":""},48,{"$f":"IF(AUTOEVENTO=\"Manual\",IF($B62<>1,OFFSET(EVENTOS!$D$14,$B62,0),0),IF(B62<=MAX(CÁLCULO!$M$15:$M$154),VLOOKUP($B62,CÁLCULO!$M$15:$N$154,2,FALSE),0))","v":0}]
[{"$f":"IF(AUTOEVENTO=\"Manual\",IF(OFFSET(EVENTOS!$F$14,CRONOPLE!$B63,0)>0,\"F\",\"\"),IF(CRONOPLE!B63<=MAX(CÁLCULO!$M$15:$M$154),\"F\",\"\"))","v":""},49,{"$f":"IF(AUTOEVENTO=\"Manual\",IF($B63<>1,OFFSET(EVENTOS!$D$14,$B63,0),0),IF(B63<=MAX(CÁLCULO!$M$15:$M$154),VLOOKUP($B63,CÁLCULO!$M$15:$N$154,2,FALSE),0))","v":0}]
[{"$f":"IF(AUTOEVENTO=\"Manual\",IF(OFFSET(EVENTOS!$F$14,CRONOPLE!$B64,0)>0,\"F\",\"\"),IF(CRONOPLE!B64<=MAX(CÁLCULO!$M$15:$M$154),\"F\",\"\"))","v":""},50,{"$f":"IF(AUTOEVENTO=\"Manual\",IF($B64<>1,OFFSET(EVENTOS!$D$14,$B64,0),0),IF(B64<=MAX(CÁLCULO!$M$15:$M$154),VLOOKUP($B64,CÁLCULO!$M$15:$N$154,2,FALSE),0))","v":0}]

{"sheet":"PLE","index":9,"n_rows":80,"n_cols":32,"rows_kept":80,"cut":false,"hidden":false,"merged":[[68,8,68,9],[69,8,69,9],[67,8,67,9],[68,10,68,11],[68,12,68,13],[68,14,68,15],[68,22,68,23],[70,12,70,13],[70,26,70,27],[70,18,70,19],[69,14,69,15],[67,10,67,11],[69,10,69,11],[69,26,69,27],[69,24,69,25],[69,22,69,23],[69,20,69,21],[67,12,67,13],[70,30,70,31],[72,30,72,31],[72,16,72,17],[72,24,72,25],[72,26,72,27],[70,14,70,15],[70,16,70,17],[71,30,71,31],[71,16,71,17],[70,22,70,23],[72,18,72,19],[70,24,70,25],[70,20,70,21],[72,22,72,23],[71,22,71,23],[71,20,71,21],[71,24,71,25],[72,20,72,21],[72,28,72,29],[70,28,70,29],[71,28,71,29],[71,26,71,27],[69,3,70,3],[72,10,72,11],[71,10,71,11],[71,8,71,9],[70,10,70,11],[70,8,70,9],[72,14,72,15],[71,18,71,19],[77,1,77,3],[74,1,74,3],[71,3,72,3],[71,12,71,13],[72,12,72,13],[72,8,72,9],[69,12,69,13],[71,14,71,15],[69,16,69,17],[69,18,69,19],[69,28,69,29],[69,30,69,31],[67,26,67,27],[67,24,67,25],[68,30,68,31],[68,28,68,29],[68,26,68,27],[68,20,68,21],[68,16,68,17],[68,18,68,19],[67,20,67,21],[67,30,67,31],[67,28,67,29],[67,22,67,23],[68,24,68,25],[67,16,67,17],[67,18,67,19],[23,2,23,3],[33,2,33,3],[66,8,66,31],[11,1,12,1],[67,14,67,15],[14,2,14,3],[38,2,38,3],[40,2,40,3],[41,2,41,3],[15,2,15,3],[16,2,16,3],[19,2,19,3],[17,2,17,3],[18,2,18,3],[47,2,47,3],[48,2,48,3],[35,2,35,3],[36,2,36,3],[45,2,45,3],[46,2,46,3],[20,2,20,3],[32,2,32,3],[21,2,21,3],[22,2,22,3],[0,2,0,3],[2,29,2,31],[3,29,3,31],[5,30,5,31],[6,7,6,13],[6,14,6,20],[10,2,10,3],[11,2,12,3],[8,9,8,10],[8,13,8,19],[6,1,6,2],[6,30,6,31],[6,21,6,29],[8,24,8,25],[8,30,8,31],[28,2,28,3],[29,2,29,3],[34,2,34,3],[37,2,37,3],[39,2,39,3],[42,2,42,3],[50,2,50,3],[49,2,49,3],[24,2,24,3],[25,2,25,3],[26,2,26,3],[27,2,27,3],[30,2,30,3],[31,2,31,3],[43,2,43,3],[44,2,44,3],[61,2,61,3],[62,2,62,3],[63,2,63,3],[51,2,51,3],[52,2,52,3],[53,2,53,3],[54,2,54,3],[55,2,55,3],[57,2,57,3],[60,2,60,3],[59,2,59,3],[56,2,56,3],[58,2,58,3]]}
[{"$f":"IF(AUTOEVENTO=\"Manual\",IF(OFFSET(EVENTOS!$F$14,PLE!$B1,0)>0,\"F\",\"\"),IF(PLE!B1<=MAX(CÁLCULO!$M$15:$M$154),\"F\",\"\"))","v":{"$error":"#REF!"}},{"$f":"OFFSET(B1,-1,0)+1","v":{"$error":"#REF!"}},{"$f":"IF(AUTOEVENTO=\"Manual\",IF($B1<>1,OFFSET(EVENTOS!$D$14,$B1,0),0),IF(B1<=MAX(CÁLCULO!$M$15:$M$154),VLOOKUP($B1,CÁLCULO!$M$15:$N$154,2,FALSE),0))","v":{"$error":"#REF!"}}]
[]
[null,null,null,null,null,null,null,"PLE - PLANILHA DE LEVANTAMENTO DE EVENTOS",null,null,null,null,null,null,null,null,null,null,null,null,null,null,null,null,null,null,null,null,null,"Grau de Sigilo"]
[null,null,null,null,null,null,null,{"$f":"import.recurso","v":"(SELECIONAR)"},null,null,null,null,null,null,null,null,null,null,null,null,null,null,null,null,null,null,null,null,null,"#PUBLICO"]
[]
[null,"Nº OPERAÇÃO",null,"Nº SICONV",null,null,null,"PROPONENTE TOMADOR",null,null,null,null,null,null,"APELIDO EMPREENDIMENTO",null,null,null,null,null,null,{"$f":"IF(TIPOORCAMENTO=\"Licitado\",\"NOME DA EMPRESA\",\"DESCRIÇÃO DO LOTE\")","v":"DESCRIÇÃO DO LOTE"},null,null,null,null,null,null,null,null,{"$f":"IF(TIPOORCAMENTO=\"Licitado\",\"Nº CTEF\",\"\")","v":""}]
[null,{"$f":"Import.CR","v":0},null,{"$f":"Import.SICONV","v":0},null,null,null,{"$f":"Import.Proponente","v":"Prefeitura Municipal de Ouro/SC"},null,null,null,null,null,null,{"$f":"Import.Apelido","v":"FECHAMENTO DA GARAGEM DE MÁQUINAS"},null,null,null,null,null,null,{"$f":"IF(TIPOORCAMENTO=\"Licitado\",Import.empresa,Import.DescLote)","v":"GARAGEM DE MÁQUINAS"},null,null,null,null,null,null,null,null,{"$f":"IF(TIPOORCAMENTO=\"Licitado\",Import.CTEF,\"\")","v":""}]
[]
[0,null,null,null,null,null,null,null,"Medição:",1,null,null,"Período:",{"$f":"TEXT(IF(PLE.Medicao=1,Import.DataInicioObra,OFFSET($H$68,0,1+(PLE.Medicao-$I$69)*2-2)+1),\"dd/mm/aaaa\")&\" a \"&TEXT(OFFSET($H$68,0,1+(PLE.Medicao-$I$69)*2),\"dd/mm/aaaa\")","v":"00/01/1900 a 00/01/1900"},null,null,null,null,null,null,null,null,null,"% Realizado Período.:",{"$f":"OFFSET($I$69,1+8*(ROUNDUP(($J$9-0)/((COLUMN($AG$14)-COLUMN($G$14)-1)/25*12),0)-1),ROUNDDOWN((($J$9-0)-OFFSET($I$69,8*(ROUNDUP(($J$9-0)/((COLUMN($AG$14)-COLUMN($G$14)-1)/25*12),0)-1),0))*(2+1/12),0))","v":0},null,null,null,null,"% Realizado Acum.:",{"$f":"OFFSET($I$69,3+8*(ROUNDUP(($J$9-0)/((COLUMN($AG$14)-COLUMN($G$14)-1)/25*12),0)-1),ROUNDDOWN((($J$9-0)-OFFSET($I$69,8*(ROUNDUP(($J$9-0)/((COLUMN($AG$14)-COLUMN($G$14)-1)/25*12),0)-1),0))*(2+1/12),0))","v":0}]
[]
["Filtro",null,{"$f":"IF(TIPOORCAMENTO=\"proposto\",\"ALTERE O TIPO DE ORÇAMENTO NA ABA 'MENU' PARA LICITADO.\",IF(ACOMPANHAMENTO=\"BM\",\"FOI SELECIONADO NA ABA 'MENU' O ACOMPANHAMENTO POR BM.\",\"\"))","v":"ALTERE O TIPO DE ORÇAMENTO NA ABA 'MENU' PARA LICITADO."},null,null,{"$f":"IF(F$12>CÁLCULO.NúmeroDeFrentes,\"\",OFFSET(CÁLCULO!$P$12,0,F$12))","v":0},null,{"$f":"IF(H$12>CÁLCULO.NúmeroDeFrentes,\"\",OFFSET(CÁLCULO!$P$12,0,H$12))","v":0},{"$f":"IF(I$12>CÁLCULO.NúmeroDeFrentes,\"\",OFFSET(CÁLCULO!$P$12,0,I$12))","v":0},{"$f":"IF(J$12>CÁLCULO.NúmeroDeFrentes,\"\",OFFSET(CÁLCULO!$P$12,0,J$12))","v":0},{"$f":"IF(K$12>CÁLCULO.NúmeroDeFrentes,\"\",OFFSET(CÁLCULO!$P$12,0,K$12))","v":0},{"$f":"IF(L$12>CÁLCULO.NúmeroDeFrentes,\"\",OFFSET(CÁLCULO!$P$12,0,L$12))","v":0},{"$f":"IF(M$12>CÁLCULO.NúmeroDeFrentes,\"\",OFFSET(CÁLCULO!$P$12,0,M$12))","v":0},{"$f":"IF(N$12>CÁLCULO.NúmeroDeFrentes,\"\",OFFSET(CÁLCULO!$P$12,0,N$12))","v":0},{"$f":"IF(O$12>CÁLCULO.NúmeroDeFrentes,\"\",OFFSET(CÁLCULO!$P$12,0,O$12))","v":0},{"$f":"IF(P$12>CÁLCULO.NúmeroDeFrentes,\"\",OFFSET(CÁLCULO!$P$12,0,P$12))","v":0},{"$f":"IF(Q$12>CÁLCULO.NúmeroDeFrentes,\"\",OFFSET(CÁLCULO!$P$12,0,Q$12))","v":0},{"$f":"IF(R$12>CÁLCULO.NúmeroDeFrentes,\"\",OFFSET(CÁLCULO!$P$12,0,R$12))","v":""},{"$f":"IF(S$12>CÁLCULO.NúmeroDeFrentes,\"\",OFFSET(CÁLCULO!$P$12,0,S$12))","v":""},{"$f":"IF(T$12>CÁLCULO.NúmeroDeFrentes,\"\",OFFSET(CÁLCULO!$P$12,0,T$12))","v":""},{"$f":"IF(U$12>CÁLCULO.NúmeroDeFrentes,\"\",OFFSET(CÁLCULO!$P$12,0,U$12))","v":""},{"$f":"IF(V$12>CÁLCULO.NúmeroDeFrentes,\"\",OFFSET(CÁLCULO!$P$12,0,V$12))","v":""},{"$f":"IF(W$12>CÁLCULO.NúmeroDeFrentes,\"\",OFFSET(CÁLCULO!$P$12,0,W$12))","v":""},{"$f":"IF(X$12>CÁLCULO.NúmeroDeFrentes,\"\",OFFSET(CÁLCULO!$P$12,0,X$12))","v":""},{"$f":"IF(Y$12>CÁLCULO.NúmeroDeFrentes,\"\",OFFSET(CÁLCULO!$P$12,0,Y$12))","v":""},{"$f":"IF(Z$12>CÁLCULO.NúmeroDeFrentes,\"\",OFFSET(CÁLCULO!$P$12,0,Z$12))","v":""},{"$f":"IF(AA$12>CÁLCULO.NúmeroDeFrentes,\"\",OFFSET(CÁLCULO!$P$12,0,AA$12))","v":""},{"$f":"IF(AB$12>CÁLCULO.NúmeroDeFrentes,\"\",OFFSET(CÁLCULO!$P$12,0,AB$12))","v":""},{"$f":"IF(AC$12>CÁLCULO.NúmeroDeFrentes,\"\",OFFSET(CÁLCULO!$P$12,0,AC$12))","v":""},{"$f":"IF(AD$12>CÁLCULO.NúmeroDeFrentes,\"\",OFFSET(CÁLCULO!$P$12,0,AD$12))","v":""},{"$f":"IF(AE$12>CÁLCULO.NúmeroDeFrentes,\"\",OFFSET(CÁLCULO!$P$12,0,AE$12))","v":""},{"$f":"IF(AF$12>CÁLCULO.NúmeroDeFrentes,\"\",OFFSET(CÁLCULO!$P$12,0,AF$12))","v":""}]
["↓","Nº do Evento","Título dos Eventos",null,null,{"$f":"OFFSET(F12,0,-1)+1","v":1},null,{"$f":"OFFSET(H12,0,-1)+1","v":1},{"$f":"OFFSET(I12,0,-1)+1","v":2},{"$f":"OFFSET(J12,0,-1)+1","v":3},4,5,6,7,8,9,10,11,12,13,14,15,16,17,18,19,20,21,22,23,24,25]
[null,null,null,null,null,null,null,null,null,null,null,null,null,"Informe abaixo o NÚMERO DA MEDIÇÃO em que os eventos foram concluídos"]
["F"]
[{"$f":"IF(AND(AUTOEVENTO=\"Manual\",OFFSET(EVENTOS!$F$14,1,0)>0),\"F\",\"\")","v":""},1,"Administração Local",null,null,null,null,{"$f":"IF(AUTOEVENTO=\"MANUAL\",\"A administração local será proporcional a execução dos demais eventos, independente de frentes de obra.\",\"Para aplicação de Adm. Local é necessário definir os eventos manualmente.\")","v":"Para aplicação de Adm. Local é necessário definir os eventos manualmente."}]
[{"$f":"IF(AUTOEVENTO=\"Manual\",IF(OFFSET(EVENTOS!$F$14,PLE!$B16,0)>0,\"F\",\"\"),IF(PLE!B16<=MAX(CÁLCULO!$M$15:$M$154),\"F\",\"\"))","v":"F"},{"$f":"OFFSET(B16,-1,0)+1","v":2},{"$f":"IF(AUTOEVENTO=\"Manual\",IF($B16<>1,OFFSET(EVENTOS!$D$14,$B16,0),0),IF(B16<=MAX(CÁLCULO!$M$15:$M$154),VLOOKUP($B16,CÁLCULO!$M$15:$N$154,2,FALSE),0))","v":"SERVIÇOS INICIAIS"}]
[{"$f":"IF(AUTOEVENTO=\"Manual\",IF(OFFSET(EVENTOS!$F$14,PLE!$B17,0)>0,\"F\",\"\"),IF(PLE!B17<=MAX(CÁLCULO!$M$15:$M$154),\"F\",\"\"))","v":"F"},3,{"$f":"IF(AUTOEVENTO=\"Manual\",IF($B17<>1,OFFSET(EVENTOS!$D$14,$B17,0),0),IF(B17<=MAX(CÁLCULO!$M$15:$M$154),VLOOKUP($B17,CÁLCULO!$M$15:$N$154,2,FALSE),0))","v":"ESTRUTURA"}]
[{"$f":"IF(AUTOEVENTO=\"Manual\",IF(OFFSET(EVENTOS!$F$14,PLE!$B18,0)>0,\"F\",\"\"),IF(PLE!B18<=MAX(CÁLCULO!$M$15:$M$154),\"F\",\"\"))","v":"F"},4,{"$f":"IF(AUTOEVENTO=\"Manual\",IF($B18<>1,OFFSET(EVENTOS!$D$14,$B18,0),0),IF(B18<=MAX(CÁLCULO!$M$15:$M$154),VLOOKUP($B18,CÁLCULO!$M$15:$N$154,2,FALSE),0))","v":"ALVENARIA, REVESTIMENTO E PINTURA"}]
[{"$f":"IF(AUTOEVENTO=\"Manual\",IF(OFFSET(EVENTOS!$F$14,PLE!$B19,0)>0,\"F\",\"\"),IF(PLE!B19<=MAX(CÁLCULO!$M$15:$M$154),\"F\",\"\"))","v":"F"},5,{"$f":"IF(AUTOEVENTO=\"Manual\",IF($B19<>1,OFFSET(EVENTOS!$D$14,$B19,0),0),IF(B19<=MAX(CÁLCULO!$M$15:$M$154),VLOOKUP($B19,CÁLCULO!$M$15:$N$154,2,FALSE),0))","v":"FORRO"}]
[{"$f":"IF(AUTOEVENTO=\"Manual\",IF(OFFSET(EVENTOS!$F$14,PLE!$B20,0)>0,\"F\",\"\"),IF(PLE!B20<=MAX(CÁLCULO!$M$15:$M$154),\"F\",\"\"))","v":"F"},6,{"$f":"IF(AUTOEVENTO=\"Manual\",IF($B20<>1,OFFSET(EVENTOS!$D$14,$B20,0),0),IF(B20<=MAX(CÁLCULO!$M$15:$M$154),VLOOKUP($B20,CÁLCULO!$M$15:$N$154,2,FALSE),0))","v":"ESQUADRIAS"}]
[{"$f":"IF(AUTOEVENTO=\"Manual\",IF(OFFSET(EVENTOS!$F$14,PLE!$B21,0)>0,\"F\",\"\"),IF(PLE!B21<=MAX(CÁLCULO!$M$15:$M$154),\"F\",\"\"))","v":"F"},7,{"$f":"IF(AUTOEVENTO=\"Manual\",IF($B21<>1,OFFSET(EVENTOS!$D$14,$B21,0),0),IF(B21<=MAX(CÁLCULO!$M$15:$M$154),VLOOKUP($B21,CÁLCULO!$M$15:$N$154,2,FALSE),0))","v":"PAVIMENTAÇÃO"}]
[{"$f":"IF(AUTOEVENTO=\"Manual\",IF(OFFSET(EVENTOS!$F$14,PLE!$B22,0)>0,\"F\",\"\"),IF(PLE!B22<=MAX(CÁLCULO!$M$15:$M$154),\"F\",\"\"))","v":"F"},8,{"$f":"IF(AUTOEVENTO=\"Manual\",IF($B22<>1,OFFSET(EVENTOS!$D$14,$B22,0),0),IF(B22<=MAX(CÁLCULO!$M$15:$M$154),VLOOKUP($B22,CÁLCULO!$M$15:$N$154,2,FALSE),0))","v":"APARELHOS SANITÁRIOS"}]
[{"$f":"IF(AUTOEVENTO=\"Manual\",IF(OFFSET(EVENTOS!$F$14,PLE!$B23,0)>0,\"F\",\"\"),IF(PLE!B23<=MAX(CÁLCULO!$M$15:$M$154),\"F\",\"\"))","v":"F"},9,{"$f":"IF(AUTOEVENTO=\"Manual\",IF($B23<>1,OFFSET(EVENTOS!$D$14,$B23,0),0),IF(B23<=MAX(CÁLCULO!$M$15:$M$154),VLOOKUP($B23,CÁLCULO!$M$15:$N$154,2,FALSE),0))","v":"INSTALAÇÕES HIDROSSANITÁRIAS"}]
[{"$f":"IF(AUTOEVENTO=\"Manual\",IF(OFFSET(EVENTOS!$F$14,PLE!$B24,0)>0,\"F\",\"\"),IF(PLE!B24<=MAX(CÁLCULO!$M$15:$M$154),\"F\",\"\"))","v":"F"},10,{"$f":"IF(AUTOEVENTO=\"Manual\",IF($B24<>1,OFFSET(EVENTOS!$D$14,$B24,0),0),IF(B24<=MAX(CÁLCULO!$M$15:$M$154),VLOOKUP($B24,CÁLCULO!$M$15:$N$154,2,FALSE),0))","v":"INSTALAÇÕES ELÉTRICAS"}]
[{"$f":"IF(AUTOEVENTO=\"Manual\",IF(OFFSET(EVENTOS!$F$14,PLE!$B25,0)>0,\"F\",\"\"),IF(PLE!B25<=MAX(CÁLCULO!$M$15:$M$154),\"F\",\"\"))","v":"F"},11,{"$f":"IF(AUTOEVENTO=\"Manual\",IF($B25<>1,OFFSET(EVENTOS!$D$14,$B25,0),0),IF(B25<=MAX(CÁLCULO!$M$15:$M$154),VLOOKUP($B25,CÁLCULO!$M$15:$N$154,2,FALSE),0))","v":"PLUVIAIS"}]
[{"$f":"IF(AUTOEVENTO=\"Manual\",IF(OFFSET(EVENTOS!$F$14,PLE!$B26,0)>0,\"F\",\"\"),IF(PLE!B26<=MAX(CÁLCULO!$M$15:$M$154),\"F\",\"\"))","v":"F"},12,{"$f":"IF(AUTOEVENTO=\"Manual\",IF($B26<>1,OFFSET(EVENTOS!$D$14,$B26,0),0),IF(B26<=MAX(CÁLCULO!$M$15:$M$154),VLOOKUP($B26,CÁLCULO!$M$15:$N$154,2,FALSE),0))","v":"PREVENTIVO DE INCÊNDIO"}]
[{"$f":"IF(AUTOEVENTO=\"Manual\",IF(OFFSET(EVENTOS!$F$14,PLE!$B27,0)>0,\"F\",\"\"),IF(PLE!B27<=MAX(CÁLCULO!$M$15:$M$154),\"F\",\"\"))","v":"F"},13,{"$f":"IF(AUTOEVENTO=\"Manual\",IF($B27<>1,OFFSET(EVENTOS!$D$14,$B27,0),0),IF(B27<=MAX(CÁLCULO!$M$15:$M$154),VLOOKUP($B27,CÁLCULO!$M$15:$N$154,2,FALSE),0))","v":"CERCAMENTO"}]
[{"$f":"IF(AUTOEVENTO=\"Manual\",IF(OFFSET(EVENTOS!$F$14,PLE!$B28,0)>0,\"F\",\"\"),IF(PLE!B28<=MAX(CÁLCULO!$M$15:$M$154),\"F\",\"\"))","v":"F"},14,{"$f":"IF(AUTOEVENTO=\"Manual\",IF($B28<>1,OFFSET(EVENTOS!$D$14,$B28,0),0),IF(B28<=MAX(CÁLCULO!$M$15:$M$154),VLOOKUP($B28,CÁLCULO!$M$15:$N$154,2,FALSE),0))","v":"SERVIÇOS FINAIS"}]
[{"$f":"IF(AUTOEVENTO=\"Manual\",IF(OFFSET(EVENTOS!$F$14,PLE!$B29,0)>0,\"F\",\"\"),IF(PLE!B29<=MAX(CÁLCULO!$M$15:$M$154),\"F\",\"\"))","v":""},15,{"$f":"IF(AUTOEVENTO=\"Manual\",IF($B29<>1,OFFSET(EVENTOS!$D$14,$B29,0),0),IF(B29<=MAX(CÁLCULO!$M$15:$M$154),VLOOKUP($B29,CÁLCULO!$M$15:$N$154,2,FALSE),0))","v":0}]
[{"$f":"IF(AUTOEVENTO=\"Manual\",IF(OFFSET(EVENTOS!$F$14,PLE!$B30,0)>0,\"F\",\"\"),IF(PLE!B30<=MAX(CÁLCULO!$M$15:$M$154),\"F\",\"\"))","v":""},16,{"$f":"IF(AUTOEVENTO=\"Manual\",IF($B30<>1,OFFSET(EVENTOS!$D$14,$B30,0),0),IF(B30<=MAX(CÁLCULO!$M$15:$M$154),VLOOKUP($B30,CÁLCULO!$M$15:$N$154,2,FALSE),0))","v":0}]
[{"$f":"IF(AUTOEVENTO=\"Manual\",IF(OFFSET(EVENTOS!$F$14,PLE!$B31,0)>0,\"F\",\"\"),IF(PLE!B31<=MAX(CÁLCULO!$M$15:$M$154),\"F\",\"\"))","v":""},17,{"$f":"IF(AUTOEVENTO=\"Manual\",IF($B31<>1,OFFSET(EVENTOS!$D$14,$B31,0),0),IF(B31<=MAX(CÁLCULO!$M$15:$M$154),VLOOKUP($B31,CÁLCULO!$M$15:$N$154,2,FALSE),0))","v":0}]
[{"$f":"IF(AUTOEVENTO=\"Manual\",IF(OFFSET(EVENTOS!$F$14,PLE!$B32,0)>0,\"F\",\"\"),IF(PLE!B32<=MAX(CÁLCULO!$M$15:$M$154),\"F\",\"\"))","v":""},18,{"$f":"IF(AUTOEVENTO=\"Manual\",IF($B32<>1,OFFSET(EVENTOS!$D$14,$B32,0),0),IF(B32<=MAX(CÁLCULO!$M$15:$M$154),VLOOKUP($B32,CÁLCULO!$M$15:$N$154,2,FALSE),0))","v":0}]
[{"$f":"IF(AUTOEVENTO=\"Manual\",IF(OFFSET(EVENTOS!$F$14,PLE!$B33,0)>0,\"F\",\"\"),IF(PLE!B33<=MAX(CÁLCULO!$M$15:$M$154),\"F\",\"\"))","v":""},19,{"$f":"IF(AUTOEVENTO=\"Manual\",IF($B33<>1,OFFSET(EVENTOS!$D$14,$B33,0),0),IF(B33<=MAX(CÁLCULO!$M$15:$M$154),VLOOKUP($B33,CÁLCULO!$M$15:$N$154,2,FALSE),0))","v":0}]
[{"$f":"IF(AUTOEVENTO=\"Manual\",IF(OFFSET(EVENTOS!$F$14,PLE!$B34,0)>0,\"F\",\"\"),IF(PLE!B34<=MAX(CÁLCULO!$M$15:$M$154),\"F\",\"\"))","v":""},20,{"$f":"IF(AUTOEVENTO=\"Manual\",IF($B34<>1,OFFSET(EVENTOS!$D$14,$B34,0),0),IF(B34<=MAX(CÁLCULO!$M$15:$M$154),VLOOKUP($B34,CÁLCULO!$M$15:$N$154,2,FALSE),0))","v":0}]
[{"$f":"IF(AUTOEVENTO=\"Manual\",IF(OFFSET(EVENTOS!$F$14,PLE!$B35,0)>0,\"F\",\"\"),IF(PLE!B35<=MAX(CÁLCULO!$M$15:$M$154),\"F\",\"\"))","v":""},21,{"$f":"IF(AUTOEVENTO=\"Manual\",IF($B35<>1,OFFSET(EVENTOS!$D$14,$B35,0),0),IF(B35<=MAX(CÁLCULO!$M$15:$M$154),VLOOKUP($B35,CÁLCULO!$M$15:$N$154,2,FALSE),0))","v":0}]
[{"$f":"IF(AUTOEVENTO=\"Manual\",IF(OFFSET(EVENTOS!$F$14,PLE!$B36,0)>0,\"F\",\"\"),IF(PLE!B36<=MAX(CÁLCULO!$M$15:$M$154),\"F\",\"\"))","v":""},22,{"$f":"IF(AUTOEVENTO=\"Manual\",IF($B36<>1,OFFSET(EVENTOS!$D$14,$B36,0),0),IF(B36<=MAX(CÁLCULO!$M$15:$M$154),VLOOKUP($B36,CÁLCULO!$M$15:$N$154,2,FALSE),0))","v":0}]
[{"$f":"IF(AUTOEVENTO=\"Manual\",IF(OFFSET(EVENTOS!$F$14,PLE!$B37,0)>0,\"F\",\"\"),IF(PLE!B37<=MAX(CÁLCULO!$M$15:$M$154),\"F\",\"\"))","v":""},23,{"$f":"IF(AUTOEVENTO=\"Manual\",IF($B37<>1,OFFSET(EVENTOS!$D$14,$B37,0),0),IF(B37<=MAX(CÁLCULO!$M$15:$M$154),VLOOKUP($B37,CÁLCULO!$M$15:$N$154,2,FALSE),0))","v":0}]
[{"$f":"IF(AUTOEVENTO=\"Manual\",IF(OFFSET(EVENTOS!$F$14,PLE!$B38,0)>0,\"F\",\"\"),IF(PLE!B38<=MAX(CÁLCULO!$M$15:$M$154),\"F\",\"\"))","v":""},24,{"$f":"IF(AUTOEVENTO=\"Manual\",IF($B38<>1,OFFSET(EVENTOS!$D$14,$B38,0),0),IF(B38<=MAX(CÁLCULO!$M$15:$M$154),VLOOKUP($B38,CÁLCULO!$M$15:$N$154,2,FALSE),0))","v":0}]
[{"$f":"IF(AUTOEVENTO=\"Manual\",IF(OFFSET(EVENTOS!$F$14,PLE!$B39,0)>0,\"F\",\"\"),IF(PLE!B39<=MAX(CÁLCULO!$M$15:$M$154),\"F\",\"\"))","v":""},25,{"$f":"IF(AUTOEVENTO=\"Manual\",IF($B39<>1,OFFSET(EVENTOS!$D$14,$B39,0),0),IF(B39<=MAX(CÁLCULO!$M$15:$M$154),VLOOKUP($B39,CÁLCULO!$M$15:$N$154,2,FALSE),0))","v":0}]
[{"$f":"IF(AUTOEVENTO=\"Manual\",IF(OFFSET(EVENTOS!$F$14,PLE!$B40,0)>0,\"F\",\"\"),IF(PLE!B40<=MAX(CÁLCULO!$M$15:$M$154),\"F\",\"\"))","v":""},26,{"$f":"IF(AUTOEVENTO=\"Manual\",IF($B40<>1,OFFSET(EVENTOS!$D$14,$B40,0),0),IF(B40<=MAX(CÁLCULO!$M$15:$M$154),VLOOKUP($B40,CÁLCULO!$M$15:$N$154,2,FALSE),0))","v":0}]
[{"$f":"IF(AUTOEVENTO=\"Manual\",IF(OFFSET(EVENTOS!$F$14,PLE!$B41,0)>0,\"F\",\"\"),IF(PLE!B41<=MAX(CÁLCULO!$M$15:$M$154),\"F\",\"\"))","v":""},27,{"$f":"IF(AUTOEVENTO=\"Manual\",IF($B41<>1,OFFSET(EVENTOS!$D$14,$B41,0),0),IF(B41<=MAX(CÁLCULO!$M$15:$M$154),VLOOKUP($B41,CÁLCULO!$M$15:$N$154,2,FALSE),0))","v":0}]
[{"$f":"IF(AUTOEVENTO=\"Manual\",IF(OFFSET(EVENTOS!$F$14,PLE!$B42,0)>0,\"F\",\"\"),IF(PLE!B42<=MAX(CÁLCULO!$M$15:$M$154),\"F\",\"\"))","v":""},28,{"$f":"IF(AUTOEVENTO=\"Manual\",IF($B42<>1,OFFSET(EVENTOS!$D$14,$B42,0),0),IF(B42<=MAX(CÁLCULO!$M$15:$M$154),VLOOKUP($B42,CÁLCULO!$M$15:$N$154,2,FALSE),0))","v":0}]
[{"$f":"IF(AUTOEVENTO=\"Manual\",IF(OFFSET(EVENTOS!$F$14,PLE!$B43,0)>0,\"F\",\"\"),IF(PLE!B43<=MAX(CÁLCULO!$M$15:$M$154),\"F\",\"\"))","v":""},29,{"$f":"IF(AUTOEVENTO=\"Manual\",IF($B43<>1,OFFSET(EVENTOS!$D$14,$B43,0),0),IF(B43<=MAX(CÁLCULO!$M$15:$M$154),VLOOKUP($B43,CÁLCULO!$M$15:$N$154,2,FALSE),0))","v":0}]
[{"$f":"IF(AUTOEVENTO=\"Manual\",IF(OFFSET(EVENTOS!$F$14,PLE!$B44,0)>0,\"F\",\"\"),IF(PLE!B44<=MAX(CÁLCULO!$M$15:$M$154),\"F\",\"\"))","v":""},30,{"$f":"IF(AUTOEVENTO=\"Manual\",IF($B44<>1,OFFSET(EVENTOS!$D$14,$B44,0),0),IF(B44<=MAX(CÁLCULO!$M$15:$M$154),VLOOKUP($B44,CÁLCULO!$M$15:$N$154,2,FALSE),0))","v":0}]
[{"$f":"IF(AUTOEVENTO=\"Manual\",IF(OFFSET(EVENTOS!$F$14,PLE!$B45,0)>0,\"F\",\"\"),IF(PLE!B45<=MAX(CÁLCULO!$M$15:$M$154),\"F\",\"\"))","v":""},31,{"$f":"IF(AUTOEVENTO=\"Manual\",IF($B45<>1,OFFSET(EVENTOS!$D$14,$B45,0),0),IF(B45<=MAX(CÁLCULO!$M$15:$M$154),VLOOKUP($B45,CÁLCULO!$M$15:$N$154,2,FALSE),0))","v":0}]
[{"$f":"IF(AUTOEVENTO=\"Manual\",IF(OFFSET(EVENTOS!$F$14,PLE!$B46,0)>0,\"F\",\"\"),IF(PLE!B46<=MAX(CÁLCULO!$M$15:$M$154),\"F\",\"\"))","v":""},32,{"$f":"IF(AUTOEVENTO=\"Manual\",IF($B46<>1,OFFSET(EVENTOS!$D$14,$B46,0),0),IF(B46<=MAX(CÁLCULO!$M$15:$M$154),VLOOKUP($B46,CÁLCULO!$M$15:$N$154,2,FALSE),0))","v":0}]
[{"$f":"IF(AUTOEVENTO=\"Manual\",IF(OFFSET(EVENTOS!$F$14,PLE!$B47,0)>0,\"F\",\"\"),IF(PLE!B47<=MAX(CÁLCULO!$M$15:$M$154),\"F\",\"\"))","v":""},33,{"$f":"IF(AUTOEVENTO=\"Manual\",IF($B47<>1,OFFSET(EVENTOS!$D$14,$B47,0),0),IF(B47<=MAX(CÁLCULO!$M$15:$M$154),VLOOKUP($B47,CÁLCULO!$M$15:$N$154,2,FALSE),0))","v":0}]
[{"$f":"IF(AUTOEVENTO=\"Manual\",IF(OFFSET(EVENTOS!$F$14,PLE!$B48,0)>0,\"F\",\"\"),IF(PLE!B48<=MAX(CÁLCULO!$M$15:$M$154),\"F\",\"\"))","v":""},34,{"$f":"IF(AUTOEVENTO=\"Manual\",IF($B48<>1,OFFSET(EVENTOS!$D$14,$B48,0),0),IF(B48<=MAX(CÁLCULO!$M$15:$M$154),VLOOKUP($B48,CÁLCULO!$M$15:$N$154,2,FALSE),0))","v":0}]
[{"$f":"IF(AUTOEVENTO=\"Manual\",IF(OFFSET(EVENTOS!$F$14,PLE!$B49,0)>0,\"F\",\"\"),IF(PLE!B49<=MAX(CÁLCULO!$M$15:$M$154),\"F\",\"\"))","v":""},35,{"$f":"IF(AUTOEVENTO=\"Manual\",IF($B49<>1,OFFSET(EVENTOS!$D$14,$B49,0),0),IF(B49<=MAX(CÁLCULO!$M$15:$M$154),VLOOKUP($B49,CÁLCULO!$M$15:$N$154,2,FALSE),0))","v":0}]
[{"$f":"IF(AUTOEVENTO=\"Manual\",IF(OFFSET(EVENTOS!$F$14,PLE!$B50,0)>0,\"F\",\"\"),IF(PLE!B50<=MAX(CÁLCULO!$M$15:$M$154),\"F\",\"\"))","v":""},36,{"$f":"IF(AUTOEVENTO=\"Manual\",IF($B50<>1,OFFSET(EVENTOS!$D$14,$B50,0),0),IF(B50<=MAX(CÁLCULO!$M$15:$M$154),VLOOKUP($B50,CÁLCULO!$M$15:$N$154,2,FALSE),0))","v":0}]
[{"$f":"IF(AUTOEVENTO=\"Manual\",IF(OFFSET(EVENTOS!$F$14,PLE!$B51,0)>0,\"F\",\"\"),IF(PLE!B51<=MAX(CÁLCULO!$M$15:$M$154),\"F\",\"\"))","v":""},37,{"$f":"IF(AUTOEVENTO=\"Manual\",IF($B51<>1,OFFSET(EVENTOS!$D$14,$B51,0),0),IF(B51<=MAX(CÁLCULO!$M$15:$M$154),VLOOKUP($B51,CÁLCULO!$M$15:$N$154,2,FALSE),0))","v":0}]
[{"$f":"IF(AUTOEVENTO=\"Manual\",IF(OFFSET(EVENTOS!$F$14,PLE!$B52,0)>0,\"F\",\"\"),IF(PLE!B52<=MAX(CÁLCULO!$M$15:$M$154),\"F\",\"\"))","v":""},38,{"$f":"IF(AUTOEVENTO=\"Manual\",IF($B52<>1,OFFSET(EVENTOS!$D$14,$B52,0),0),IF(B52<=MAX(CÁLCULO!$M$15:$M$154),VLOOKUP($B52,CÁLCULO!$M$15:$N$154,2,FALSE),0))","v":0}]
[{"$f":"IF(AUTOEVENTO=\"Manual\",IF(OFFSET(EVENTOS!$F$14,PLE!$B53,0)>0,\"F\",\"\"),IF(PLE!B53<=MAX(CÁLCULO!$M$15:$M$154),\"F\",\"\"))","v":""},39,{"$f":"IF(AUTOEVENTO=\"Manual\",IF($B53<>1,OFFSET(EVENTOS!$D$14,$B53,0),0),IF(B53<=MAX(CÁLCULO!$M$15:$M$154),VLOOKUP($B53,CÁLCULO!$M$15:$N$154,2,FALSE),0))","v":0}]
[{"$f":"IF(AUTOEVENTO=\"Manual\",IF(OFFSET(EVENTOS!$F$14,PLE!$B54,0)>0,\"F\",\"\"),IF(PLE!B54<=MAX(CÁLCULO!$M$15:$M$154),\"F\",\"\"))","v":""},40,{"$f":"IF(AUTOEVENTO=\"Manual\",IF($B54<>1,OFFSET(EVENTOS!$D$14,$B54,0),0),IF(B54<=MAX(CÁLCULO!$M$15:$M$154),VLOOKUP($B54,CÁLCULO!$M$15:$N$154,2,FALSE),0))","v":0}]
[{"$f":"IF(AUTOEVENTO=\"Manual\",IF(OFFSET(EVENTOS!$F$14,PLE!$B55,0)>0,\"F\",\"\"),IF(PLE!B55<=MAX(CÁLCULO!$M$15:$M$154),\"F\",\"\"))","v":""},41,{"$f":"IF(AUTOEVENTO=\"Manual\",IF($B55<>1,OFFSET(EVENTOS!$D$14,$B55,0),0),IF(B55<=MAX(CÁLCULO!$M$15:$M$154),VLOOKUP($B55,CÁLCULO!$M$15:$N$154,2,FALSE),0))","v":0}]
[{"$f":"IF(AUTOEVENTO=\"Manual\",IF(OFFSET(EVENTOS!$F$14,PLE!$B56,0)>0,\"F\",\"\"),IF(PLE!B56<=MAX(CÁLCULO!$M$15:$M$154),\"F\",\"\"))","v":""},42,{"$f":"IF(AUTOEVENTO=\"Manual\",IF($B56<>1,OFFSET(EVENTOS!$D$14,$B56,0),0),IF(B56<=MAX(CÁLCULO!$M$15:$M$154),VLOOKUP($B56,CÁLCULO!$M$15:$N$154,2,FALSE),0))","v":0}]
[{"$f":"IF(AUTOEVENTO=\"Manual\",IF(OFFSET(EVENTOS!$F$14,PLE!$B57,0)>0,\"F\",\"\"),IF(PLE!B57<=MAX(CÁLCULO!$M$15:$M$154),\"F\",\"\"))","v":""},43,{"$f":"IF(AUTOEVENTO=\"Manual\",IF($B57<>1,OFFSET(EVENTOS!$D$14,$B57,0),0),IF(B57<=MAX(CÁLCULO!$M$15:$M$154),VLOOKUP($B57,CÁLCULO!$M$15:$N$154,2,FALSE),0))","v":0}]
[{"$f":"IF(AUTOEVENTO=\"Manual\",IF(OFFSET(EVENTOS!$F$14,PLE!$B58,0)>0,\"F\",\"\"),IF(PLE!B58<=MAX(CÁLCULO!$M$15:$M$154),\"F\",\"\"))","v":""},44,{"$f":"IF(AUTOEVENTO=\"Manual\",IF($B58<>1,OFFSET(EVENTOS!$D$14,$B58,0),0),IF(B58<=MAX(CÁLCULO!$M$15:$M$154),VLOOKUP($B58,CÁLCULO!$M$15:$N$154,2,FALSE),0))","v":0}]
[{"$f":"IF(AUTOEVENTO=\"Manual\",IF(OFFSET(EVENTOS!$F$14,PLE!$B59,0)>0,\"F\",\"\"),IF(PLE!B59<=MAX(CÁLCULO!$M$15:$M$154),\"F\",\"\"))","v":""},45,{"$f":"IF(AUTOEVENTO=\"Manual\",IF($B59<>1,OFFSET(EVENTOS!$D$14,$B59,0),0),IF(B59<=MAX(CÁLCULO!$M$15:$M$154),VLOOKUP($B59,CÁLCULO!$M$15:$N$154,2,FALSE),0))","v":0}]
[{"$f":"IF(AUTOEVENTO=\"Manual\",IF(OFFSET(EVENTOS!$F$14,PLE!$B60,0)>0,\"F\",\"\"),IF(PLE!B60<=MAX(CÁLCULO!$M$15:$M$154),\"F\",\"\"))","v":""},46,{"$f":"IF(AUTOEVENTO=\"Manual\",IF($B60<>1,OFFSET(EVENTOS!$D$14,$B60,0),0),IF(B60<=MAX(CÁLCULO!$M$15:$M$154),VLOOKUP($B60,CÁLCULO!$M$15:$N$154,2,FALSE),0))","v":0}]
[{"$f":"IF(AUTOEVENTO=\"Manual\",IF(OFFSET(EVENTOS!$F$14,PLE!$B61,0)>0,\"F\",\"\"),IF(PLE!B61<=MAX(CÁLCULO!$M$15:$M$154),\"F\",\"\"))","v":""},47,{"$f":"IF(AUTOEVENTO=\"Manual\",IF($B61<>1,OFFSET(EVENTOS!$D$14,$B61,0),0),IF(B61<=MAX(CÁLCULO!$M$15:$M$154),VLOOKUP($B61,CÁLCULO!$M$15:$N$154,2,FALSE),0))","v":0}]
[{"$f":"IF(AUTOEVENTO=\"Manual\",IF(OFFSET(EVENTOS!$F$14,PLE!$B62,0)>0,\"F\",\"\"),IF(PLE!B62<=MAX(CÁLCULO!$M$15:$M$154),\"F\",\"\"))","v":""},48,{"$f":"IF(AUTOEVENTO=\"Manual\",IF($B62<>1,OFFSET(EVENTOS!$D$14,$B62,0),0),IF(B62<=MAX(CÁLCULO!$M$15:$M$154),VLOOKUP($B62,CÁLCULO!$M$15:$N$154,2,FALSE),0))","v":0}]
[{"$f":"IF(AUTOEVENTO=\"Manual\",IF(OFFSET(EVENTOS!$F$14,PLE!$B63,0)>0,\"F\",\"\"),IF(PLE!B63<=MAX(CÁLCULO!$M$15:$M$154),\"F\",\"\"))","v":""},49,{"$f":"IF(AUTOEVENTO=\"Manual\",IF($B63<>1,OFFSET(EVENTOS!$D$14,$B63,0),0),IF(B63<=MAX(CÁLCULO!$M$15:$M$154),VLOOKUP($B63,CÁLCULO!$M$15:$N$154,2,FALSE),0))","v":0}]
[{"$f":"IF(AUTOEVENTO=\"Manual\",IF(OFFSET(EVENTOS!$F$14,PLE!$B64,0)>0,\"F\",\"\"),IF(PLE!B64<=MAX(CÁLCULO!$M$15:$M$154),\"F\",\"\"))","v":""},50,{"$f":"IF(AUTOEVENTO=\"Manual\",IF($B64<>1,OFFSET(EVENTOS!$D$14,$B64,0),0),IF(B64<=MAX(CÁLCULO!$M$15:$M$154),VLOOKUP($B64,CÁLCULO!$M$15:$N$154,2,FALSE),0))","v":0}]
["F"]
["F"]
["F",null,null,null,null,null,null,null,"Data das Medições"]
["F"]
["F",null,null,"Medições",null,null,null,null,{"$f":"IF(PLE.Medicao<=12,1,TRUNC((PLE.Medicao - 2)/11,0) * 11 + 1)","v":1},null,{"$f":"I69+1","v":2},null,{"$f":"K69+1","v":3},null,{"$f":"M69+1","v":4},null,{"$f":"O69+1","v":5},null,{"$f":"Q69+1","v":6},null,{"$f":"S69+1","v":7},null,{"$f":"U69+1","v":8},null,{"$f":"W69+1","v":9},null,{"$f":"Y69+1","v":10},null,{"$f":"AA69+1","v":11},null,{"$f":"AC69+1","v":12}]
["F",null,null,"Período:",null,null,null,"%",{"$f":"ROUND(I71,2)/ORÇAMENTO!$X$15","v":0},null,{"$f":"ROUND(K71,2)/ORÇAMENTO!$X$15","v":0},null,{"$f":"ROUND(M71,2)/ORÇAMENTO!$X$15","v":0},null,{"$f":"ROUND(O71,2)/ORÇAMENTO!$X$15","v":0},null,{"$f":"ROUND(Q71,2)/ORÇAMENTO!$X$15","v":0},null,{"$f":"ROUND(S71,2)/ORÇAMENTO!$X$15","v":0},null,{"$f":"ROUND(U71,2)/ORÇAMENTO!$X$15","v":0},null,{"$f":"ROUND(W71,2)/ORÇAMENTO!$X$15","v":0},null,{"$f":"ROUND(Y71,2)/ORÇAMENTO!$X$15","v":0},null,{"$f":"ROUND(AA71,2)/ORÇAMENTO!$X$15","v":0},null,{"$f":"ROUND(AC71,2)/ORÇAMENTO!$X$15","v":0},null,{"$f":"ROUND(AE71,2)/ORÇAMENTO!$X$15","v":0}]
["F",null,null,null,null,null,null,"R$",{"$f":"IF(I69=1,I73,ROUND(I73,2)-ROUND(SUMIF(CÁLCULO!$AX$15:$BH$154,\"<=\"&PLE!I69-1,CÁLCULO!$AB$15:$AL$154)*(1+CÁLCULO.TotalAdmLocal/(ORÇAMENTO!$X$15-CÁLCULO.TotalAdmLocal)),2))","v":0},null,{"$f":"ROUND(K73,2)-ROUND(I73,2)","v":0},null,{"$f":"ROUND(M73,2)-ROUND(K73,2)","v":0},null,{"$f":"ROUND(O73,2)-ROUND(M73,2)","v":0},null,{"$f":"ROUND(Q73,2)-ROUND(O73,2)","v":0},null,{"$f":"ROUND(S73,2)-ROUND(Q73,2)","v":0},null,{"$f":"ROUND(U73,2)-ROUND(S73,2)","v":0},null,{"$f":"ROUND(W73,2)-ROUND(U73,2)","v":0},null,{"$f":"ROUND(Y73,2)-ROUND(W73,2)","v":0},null,{"$f":"ROUND(AA73,2)-ROUND(Y73,2)","v":0},null,{"$f":"ROUND(AC73,2)-ROUND(AA73,2)","v":0},null,{"$f":"ROUND(AE73,2)-ROUND(AC73,2)","v":0}]
["F",null,null,"Acumulado:",null,null,null,"%",{"$f":"ROUND(I73,2)/ORÇAMENTO!$X$15","v":0},null,{"$f":"ROUND(K73,2)/ORÇAMENTO!$X$15","v":0},null,{"$f":"ROUND(M73,2)/ORÇAMENTO!$X$15","v":0},null,{"$f":"ROUND(O73,2)/ORÇAMENTO!$X$15","v":0},null,{"$f":"ROUND(Q73,2)/ORÇAMENTO!$X$15","v":0},null,{"$f":"ROUND(S73,2)/ORÇAMENTO!$X$15","v":0},null,{"$f":"ROUND(U73,2)/ORÇAMENTO!$X$15","v":0},null,{"$f":"ROUND(W73,2)/ORÇAMENTO!$X$15","v":0},null,{"$f":"ROUND(Y73,2)/ORÇAMENTO!$X$15","v":0},null,{"$f":"ROUND(AA73,2)/ORÇAMENTO!$X$15","v":0},null,{"$f":"ROUND(AC73,2)/ORÇAMENTO!$X$15","v":0},null,{"$f":"ROUND(AE73,2)/ORÇAMENTO!$X$15","v":0}]
["F",null,null,null,null,null,null,"R$",{"$f":"SUMIF(CÁLCULO!$AX$15:$BH$154,\"<=\"&PLE!I69,CÁLCULO!$AB$15:$AL$154)*(1+CÁLCULO.TotalAdmLocal/(ORÇAMENTO!$X$15-CÁLCULO.TotalAdmLocal))","v":0},null,{"$f":"SUMIF(CÁLCULO!$AX$15:$BH$154,\"<=\"&PLE!K69,CÁLCULO!$AB$15:$AL$154)*(1+CÁLCULO.TotalAdmLocal/(ORÇAMENTO!$X$15-CÁLCULO.TotalAdmLocal))","v":0},null,{"$f":"SUMIF(CÁLCULO!$AX$15:$BH$154,\"<=\"&PLE!M69,CÁLCULO!$AB$15:$AL$154)*(1+CÁLCULO.TotalAdmLocal/(ORÇAMENTO!$X$15-CÁLCULO.TotalAdmLocal))","v":0},null,{"$f":"SUMIF(CÁLCULO!$AX$15:$BH$154,\"<=\"&PLE!O69,CÁLCULO!$AB$15:$AL$154)*(1+CÁLCULO.TotalAdmLocal/(ORÇAMENTO!$X$15-CÁLCULO.TotalAdmLocal))","v":0},null,{"$f":"SUMIF(CÁLCULO!$AX$15:$BH$154,\"<=\"&PLE!Q69,CÁLCULO!$AB$15:$AL$154)*(1+CÁLCULO.TotalAdmLocal/(ORÇAMENTO!$X$15-CÁLCULO.TotalAdmLocal))","v":0},null,{"$f":"SUMIF(CÁLCULO!$AX$15:$BH$154,\"<=\"&PLE!S69,CÁLCULO!$AB$15:$AL$154)*(1+CÁLCULO.TotalAdmLocal/(ORÇAMENTO!$X$15-CÁLCULO.TotalAdmLocal))","v":0},null,{"$f":"SUMIF(CÁLCULO!$AX$15:$BH$154,\"<=\"&PLE!U69,CÁLCULO!$AB$15:$AL$154)*(1+CÁLCULO.TotalAdmLocal/(ORÇAMENTO!$X$15-CÁLCULO.TotalAdmLocal))","v":0},null,{"$f":"SUMIF(CÁLCULO!$AX$15:$BH$154,\"<=\"&PLE!W69,CÁLCULO!$AB$15:$AL$154)*(1+CÁLCULO.TotalAdmLocal/(ORÇAMENTO!$X$15-CÁLCULO.TotalAdmLocal))","v":0},null,{"$f":"SUMIF(CÁLCULO!$AX$15:$BH$154,\"<=\"&PLE!Y69,CÁLCULO!$AB$15:$AL$154)*(1+CÁLCULO.TotalAdmLocal/(ORÇAMENTO!$X$15-CÁLCULO.TotalAdmLocal))","v":0},null,{"$f":"SUMIF(CÁLCULO!$AX$15:$BH$154,\"<=\"&PLE!AA69,CÁLCULO!$AB$15:$AL$154)*(1+CÁLCULO.TotalAdmLocal/(ORÇAMENTO!$X$15-CÁLCULO.TotalAdmLocal))","v":0},null,{"$f":"SUMIF(CÁLCULO!$AX$15:$BH$154,\"<=\"&PLE!AC69,CÁLCULO!$AB$15:$AL$154)*(1+CÁLCULO.TotalAdmLocal/(ORÇAMENTO!$X$15-CÁLCULO.TotalAdmLocal))","v":0},null,{"$f":"SUMIF(CÁLCULO!$AX$15:$BH$154,\"<=\"&PLE!AE69,CÁLCULO!$AB$15:$AL$154)*(1+CÁLCULO.TotalAdmLocal/(ORÇAMENTO!$X$15-CÁLCULO.TotalAdmLocal))","v":0}]
["F"]
["F",{"$f":"Import.Município","v":"Ouro/SC"}]
["F","Local",null,null,null,null,null,null,null,null,null,null,null,null,null,null,null,null,null,null,"Responsável Técnico pela Fiscalização"]
["F",null,null,null,null,null,null,null,null,null,null,null,null,null,null,null,null,null,null,null,"Nome:",null,{"$f":"Import.RespFiscalização","v":0}]
["F",{"$f":"DADOS!$F$47","v":"2020-07-23"},null,null,null,null,null,null,null,null,null,null,null,null,null,null,null,null,null,null,"Profissão:",null,0]
["F","Data",null,null,null,null,null,null,null,null,null,null,null,null,null,null,null,null,null,null,"CREA/CAU:",null,0]
[null,null,null,null,null,null,null,null,null,null,null,null,null,null,null,null,null,null,null,null,"ART/RRT:",null,0]

{"sheet":"QCI","index":10,"n_rows":37,"n_cols":31,"rows_kept":37,"cut":false,"hidden":false,"merged":[[5,3,5,10],[9,0,10,0],[9,25,9,27],[35,3,35,5],[27,3,29,14],[32,3,32,5],[9,29,9,30],[23,10,24,10],[6,2,10,2],[8,6,9,9],[8,10,9,10],[8,29,8,30],[6,3,6,10],[2,3,2,4],[2,6,2,8],[2,9,2,11],[2,12,3,14],[3,3,3,4],[3,6,3,8],[3,9,3,11]]}
[null,null,null,null,null,"QCI - Quadro de Composição do Investimento"]
[null,null,null,null,null,null,null,null,null,null,null,null,null,null,null,null,null,null,null,null,null,null,null,null,null,"% Maior:","% Rateio CP Fin:"]
[null,null,null,"Nº OPERAÇÃO",null,"Nº SICONV","PROPONENTE / TOMADOR",null,null,"MUNICÍPIO / UF",null,null,"VALORES CONTRATADOS (R$):",null,null,null,null,null,null,null,null,null,null,null,null,{"$f":"MAX(Z7:AB7)","v":1},{"$f":"IF(OR($O$24=ORÇAMENTO.SumINVMANUAL+QCI.SumINVMANUAL,$O$24=0),0,MIN(MAX(0,($Z$3*$O$24-ORÇAMENTO.SumCPMANUAL-QCI.SumCPMANUAL)/($O$24-ORÇAMENTO.SumINVMANUAL-QCI.SumINVMANUAL)),1))","v":1}]
[null,null,null,{"$f":"Import.CR","v":0},null,{"$f":"Import.SICONV","v":0},{"$f":"Import.Proponente","v":"Prefeitura Municipal de Ouro/SC"},null,null,{"$f":"Import.Município","v":"Ouro/SC"}]
[]
[null,null,null,"APELIDO DO EMPREENDIMENTO",null,null,null,null,null,null,null,"RECURSO",{"$f":"IF(import.recurso=\"FGTS\",\"FINANCIAMENTO\",\"REPASSE\")","v":"REPASSE"},"CONTRAPARTIDA","INVESTIMENTO",null,null,null,null,null,null,null,null,null,null,"% CP Min Prog:","% CP Absoluta:","% CP Max Rep:"]
[null,null,"FILTRO",{"$f":"Import.Apelido","v":"FECHAMENTO DA GARAGEM DE MÁQUINAS"},null,null,null,null,null,null,null,{"$f":"import.recurso","v":"(SELECIONAR)"},{"$f":"Import.Repasse","v":0},{"$f":"Import.Contrapartida","v":0},{"$f":"M7+N7","v":0},null,null,null,null,null,null,null,null,null,null,{"$f":"ROUND(Import.CPMinPerc,4)","v":0},{"$f":"IF($O$24=0,0,Import.CPMinAbsoluta/$O$24)","v":0},{"$f":"IF($O$24=0,0,($O$24-$AB$24-Import.Repasse)/($O$24))","v":1}]
[]
[null,null,null,null,null,null,{"$f":"CHOOSE(1+LOG(1+2*(AND($O$24>0,$M$25>Import.CPMaxPerc,Import.CPMaxPerc>0))+4*(OR(AND($O$24>0,$M$25<QCI!$Z$7),$M$24<ROUND(Import.CPMinAbsoluta,2)))+8*(OR($L$10<0,$M$10<0))+16*(COUNTIF($L$13:$L$24,\"<0\")>0)+32*(OFFSET($A$24,-1,0)<OFFSET(ORÇAMENTO!$E$154,-1,0)),2),\"\",\"ERRO: CONTRAPARTIDA MAIOR QUE A MÁXIMA\",\"ERRO: CONTRAPARTIDA MENOR QUE A MÍNIMA\",\"ERRO: SALDO NEGATIVO\",\"ERRO: VALORES DE REPASSE NEGATIVOS\",\"ERRO: NÚMERO DE LINHAS DO QCI INSUFICIENTE. CLIQUE NO BOTÃO ADICIONAR LINHAS\")","v":"ERRO: SALDO NEGATIVO"},null,null,null,"Saldo a Reprogramar",{"$f":"$L$13","v":"Repasse (R$)"},"Contrapartida (R$)"]
["Ordem Meta",null,null,null,null,null,null,null,null,null,null,{"$f":"Import.Repasse-L24","v":0},{"$f":"Import.Contrapartida-M24","v":-298436.46000000002},null,null,null,null,null,null,null,null,null,null,null,null,"Valores não Arredondados",null,null,null,"Arred"]
[null,null,null,null,null,null,null,null,null,null,null,null,null,null,null,null,null,null,null,null,null,null,null,null,null,"Repasse (R$)","Contrapartida (R$)","Outros (R$)"]
[{"$f":"IF(NOT(ISBLANK(QCI.DescManual)),OFFSET(A12,-1,0),D12)","v":-1},{"$f":"IF(NOT(ISBLANK(QCI.DescManual)),IF(QCI.Divisao=\"Calculado\",\"Manual\",\"SemiAuto\"),IF(ISERROR(MATCH($A12,ORÇAMENTO!$E$15:$E$154,0)),\"Branco\",\"Automático\"))","v":"Branco"},{"$f":"IF(O12>0,\"F\",\"\")","v":""},{"$f":"ROW()-ROW($D$13)","v":-1},null,null,{"$f":"IF(OR($B12=\"Manual\",$B12=\"SemiAuto\"),QCI.DescManual,IF($B12=\"Automático\",INDEX(ORÇAMENTO!$R$15:$R$154,MATCH($A12,ORÇAMENTO!$E$15:$E$154,0)),\"\"))","v":""},null,null,{"$f":"IF(AND(ISBLANK(E12),ISBLANK(F12)),\"\",VLOOKUP($F12,OFFSET(DADOS!$A$2,1,MATCH(QCI!$E12,DADOS!$2:$2,0)-1,100,50),2,FALSE))","v":""},{"$f":"IF(OR($B12=\"Manual\",$B12=\"SemiAuto\"),QCI.LoteManual,IF($B12=\"Automático\",IF(TIPOORCAMENTO=\"Licitado\",Import.CTEF,\"LOTE 1\"),\"\"))","v":""},{"$f":"ROUND($O12,2)-ROUND($M12,2)-ROUND($N12,2)","v":0},{"$f":"ROUND($AA12,2)-ROUND($AE12,2)","v":0},{"$f":"ROUND($AB12,2)","v":0},{"$f":"IF($B12=\"Branco\",0,IF(OR($B12=\"Manual\",$B12=\"SemiAuto\"),QCI.InvManual,INDEX(ORÇAMENTO!X$15:X$154,MATCH($A12,ORÇAMENTO!$E$15:$E$154,0))))","v":0},null,null,null,null,null,null,"Proporcional",{"$f":"$O12","v":0},0,null,{"$f":"$O12-$AA12-$AB12","v":0},{"$f":"IF($B12=\"Branco\",0,IF($B12=\"Manual\",QCI.CPManual,IF($B12=\"SemiAuto\",ROUND(QCI!$AA$3*QCI.InvManual,2),INDEX(ORÇAMENTO!$AA$15:$AA$154,MATCH($A12,ORÇAMENTO!$E$15:$E$154,0)))))","v":0},{"$f":"IF($B12=\"Branco\",0,IF($B12=\"Manual\",QCI.OutrosManual,IF($B12=\"SemiAuto\",0,INDEX(ORÇAMENTO!$AB$15:$AB$154,MATCH($A12,ORÇAMENTO!$E$15:$E$154,0)))))","v":0},null,{"$f":"AND($AA$3>0,$AA$3<1,$O12>0,OR($B12=\"Automático\",$B12=\"SemiAuto\"),OR(QCI!$Z$3=QCI!$Z$7,QCI!$Z$3=QCI!$AA$7,QCI!$Z$3=QCI!$AB$7))","v":false},{"$f":"IF(AND($AD12,$O12>0,COUNTIF(OFFSET($AD12,1,0):$AD$24,TRUE)=0),CHOOSE(1+LOG(1+2*(QCI!$Z$3=QCI!$Z$7)+4*(QCI!$Z$3=QCI!$AA$7)+8*(QCI!$Z$3=QCI!$AB$7),2),0,$AA$24-ROUND(Import.CPMinPerc*$O$24,2),$AA$24-Import.CPMinAbsoluta,Import.Repasse-$Z$24),0)","v":0}]
[0,"Busca","↓","Meta","Item de Investimento","Subitem de Investimento","Descrição da Meta","Situação","Quantidade","Unid.","Lote de Licitação / nº do CTEF",{"$f":"IF(import.recurso=\"FGTS\",\"Financiamento (R$)\",\"Repasse (R$)\")","v":"Repasse (R$)"},"Contrapartida Financeira (R$)","Outros (R$)","Investimento (R$)",null,null,"Descrição da Meta",null,"Lote de Licitação / nº do CTEF","Investimento (R$)","Divisão do Investimento","Contrapartida Financeira (R$)","Outros (R$)"]
[{"$f":"IF(NOT(ISBLANK(QCI.DescManual)),OFFSET(A14,-1,0),D14)","v":1},{"$f":"IF(NOT(ISBLANK(QCI.DescManual)),IF(QCI.Divisao=\"Calculado\",\"Manual\",\"SemiAuto\"),IF(ISERROR(MATCH($A14,ORÇAMENTO!$E$15:$E$154,0)),\"Branco\",\"Automático\"))","v":"Automático"},{"$f":"IF(O14>0,\"F\",\"\")","v":"F"},{"$f":"ROW()-ROW($D$13)","v":1},null,null,{"$f":"IF(OR($B14=\"Manual\",$B14=\"SemiAuto\"),QCI.DescManual,IF($B14=\"Automático\",INDEX(ORÇAMENTO!$R$15:$R$154,MATCH($A14,ORÇAMENTO!$E$15:$E$154,0)),\"\"))","v":"FECHAMENTO GARAGEM DE MÁQUINAS"},null,null,{"$f":"IF(AND(ISBLANK(E14),ISBLANK(F14)),\"\",VLOOKUP($F14,OFFSET(DADOS!$A$2,1,MATCH(QCI!$E14,DADOS!$2:$2,0)-1,100,50),2,FALSE))","v":""},{"$f":"IF(OR($B14=\"Manual\",$B14=\"SemiAuto\"),QCI.LoteManual,IF($B14=\"Automático\",IF(TIPOORCAMENTO=\"Licitado\",Import.CTEF,\"LOTE 1\"),\"\"))","v":"LOTE 1"},{"$f":"ROUND($O14,2)-ROUND($M14,2)-ROUND($N14,2)","v":0},{"$f":"ROUND($AA14,2)-ROUND($AE14,2)","v":298436.46000000002},{"$f":"ROUND($AB14,2)","v":0},{"$f":"IF($B14=\"Branco\",0,IF(OR($B14=\"Manual\",$B14=\"SemiAuto\"),QCI.InvManual,INDEX(ORÇAMENTO!X$15:X$154,MATCH($A14,ORÇAMENTO!$E$15:$E$154,0))))","v":298436.46000000002},null,null,null,null,null,null,"Proporcional",{"$f":"$O14","v":298436.46000000002},0,null,{"$f":"$O14-$AA14-$AB14","v":0},{"$f":"IF($B14=\"Branco\",0,IF($B14=\"Manual\",QCI.CPManual,IF($B14=\"SemiAuto\",ROUND(QCI!$AA$3*QCI.InvManual,2),INDEX(ORÇAMENTO!$AA$15:$AA$154,MATCH($A14,ORÇAMENTO!$E$15:$E$154,0)))))","v":298436.46000000002},{"$f":"IF($B14=\"Branco\",0,IF($B14=\"Manual\",QCI.OutrosManual,IF($B14=\"SemiAuto\",0,INDEX(ORÇAMENTO!$AB$15:$AB$154,MATCH($A14,ORÇAMENTO!$E$15:$E$154,0)))))","v":0},null,{"$f":"AND($AA$3>0,$AA$3<1,$O14>0,OR($B14=\"Automático\",$B14=\"SemiAuto\"),OR(QCI!$Z$3=QCI!$Z$7,QCI!$Z$3=QCI!$AA$7,QCI!$Z$3=QCI!$AB$7))","v":false},{"$f":"IF(AND($AD14,$O14>0,COUNTIF(OFFSET($AD14,1,0):$AD$24,TRUE)=0),CHOOSE(1+LOG(1+2*(QCI!$Z$3=QCI!$Z$7)+4*(QCI!$Z$3=QCI!$AA$7)+8*(QCI!$Z$3=QCI!$AB$7),2),0,$AA$24-ROUND(Import.CPMinPerc*$O$24,2),$AA$24-Import.CPMinAbsoluta,Import.Repasse-$Z$24),0)","v":0}]
[2,{"$f":"IF(NOT(ISBLANK(QCI.DescManual)),IF(QCI.Divisao=\"Calculado\",\"Manual\",\"SemiAuto\"),IF(ISERROR(MATCH($A15,ORÇAMENTO!$E$15:$E$154,0)),\"Branco\",\"Automático\"))","v":"Branco"},"",2,null,null,{"$f":"IF(OR($B15=\"Manual\",$B15=\"SemiAuto\"),QCI.DescManual,IF($B15=\"Automático\",INDEX(ORÇAMENTO!$R$15:$R$154,MATCH($A15,ORÇAMENTO!$E$15:$E$154,0)),\"\"))","v":""},null,null,{"$f":"IF(AND(ISBLANK(E15),ISBLANK(F15)),\"\",VLOOKUP($F15,OFFSET(DADOS!$A$2,1,MATCH(QCI!$E15,DADOS!$2:$2,0)-1,100,50),2,FALSE))","v":""},"",0,0,0,{"$f":"IF($B15=\"Branco\",0,IF(OR($B15=\"Manual\",$B15=\"SemiAuto\"),QCI.InvManual,INDEX(ORÇAMENTO!X$15:X$154,MATCH($A15,ORÇAMENTO!$E$15:$E$154,0))))","v":0},null,null,null,null,null,null,"Proporcional",0,0,null,0,{"$f":"IF($B15=\"Branco\",0,IF($B15=\"Manual\",QCI.CPManual,IF($B15=\"SemiAuto\",ROUND(QCI!$AA$3*QCI.InvManual,2),INDEX(ORÇAMENTO!$AA$15:$AA$154,MATCH($A15,ORÇAMENTO!$E$15:$E$154,0)))))","v":0},{"$f":"IF($B15=\"Branco\",0,IF($B15=\"Manual\",QCI.OutrosManual,IF($B15=\"SemiAuto\",0,INDEX(ORÇAMENTO!$AB$15:$AB$154,MATCH($A15,ORÇAMENTO!$E$15:$E$154,0)))))","v":0},null,{"$f":"AND($AA$3>0,$AA$3<1,$O15>0,OR($B15=\"Automático\",$B15=\"SemiAuto\"),OR(QCI!$Z$3=QCI!$Z$7,QCI!$Z$3=QCI!$AA$7,QCI!$Z$3=QCI!$AB$7))","v":false},{"$f":"IF(AND($AD15,$O15>0,COUNTIF(OFFSET($AD15,1,0):$AD$24,TRUE)=0),CHOOSE(1+LOG(1+2*(QCI!$Z$3=QCI!$Z$7)+4*(QCI!$Z$3=QCI!$AA$7)+8*(QCI!$Z$3=QCI!$AB$7),2),0,$AA$24-ROUND(Import.CPMinPerc*$O$24,2),$AA$24-Import.CPMinAbsoluta,Import.Repasse-$Z$24),0)","v":0}]
[3,{"$f":"IF(NOT(ISBLANK(QCI.DescManual)),IF(QCI.Divisao=\"Calculado\",\"Manual\",\"SemiAuto\"),IF(ISERROR(MATCH($A16,ORÇAMENTO!$E$15:$E$154,0)),\"Branco\",\"Automático\"))","v":"Branco"},"",3,null,null,{"$f":"IF(OR($B16=\"Manual\",$B16=\"SemiAuto\"),QCI.DescManual,IF($B16=\"Automático\",INDEX(ORÇAMENTO!$R$15:$R$154,MATCH($A16,ORÇAMENTO!$E$15:$E$154,0)),\"\"))","v":""},null,null,{"$f":"IF(AND(ISBLANK(E16),ISBLANK(F16)),\"\",VLOOKUP($F16,OFFSET(DADOS!$A$2,1,MATCH(QCI!$E16,DADOS!$2:$2,0)-1,100,50),2,FALSE))","v":""},"",0,0,0,{"$f":"IF($B16=\"Branco\",0,IF(OR($B16=\"Manual\",$B16=\"SemiAuto\"),QCI.InvManual,INDEX(ORÇAMENTO!X$15:X$154,MATCH($A16,ORÇAMENTO!$E$15:$E$154,0))))","v":0},null,null,null,null,null,null,"Proporcional",0,0,null,0,{"$f":"IF($B16=\"Branco\",0,IF($B16=\"Manual\",QCI.CPManual,IF($B16=\"SemiAuto\",ROUND(QCI!$AA$3*QCI.InvManual,2),INDEX(ORÇAMENTO!$AA$15:$AA$154,MATCH($A16,ORÇAMENTO!$E$15:$E$154,0)))))","v":0},{"$f":"IF($B16=\"Branco\",0,IF($B16=\"Manual\",QCI.OutrosManual,IF($B16=\"SemiAuto\",0,INDEX(ORÇAMENTO!$AB$15:$AB$154,MATCH($A16,ORÇAMENTO!$E$15:$E$154,0)))))","v":0},null,{"$f":"AND($AA$3>0,$AA$3<1,$O16>0,OR($B16=\"Automático\",$B16=\"SemiAuto\"),OR(QCI!$Z$3=QCI!$Z$7,QCI!$Z$3=QCI!$AA$7,QCI!$Z$3=QCI!$AB$7))","v":false},{"$f":"IF(AND($AD16,$O16>0,COUNTIF(OFFSET($AD16,1,0):$AD$24,TRUE)=0),CHOOSE(1+LOG(1+2*(QCI!$Z$3=QCI!$Z$7)+4*(QCI!$Z$3=QCI!$AA$7)+8*(QCI!$Z$3=QCI!$AB$7),2),0,$AA$24-ROUND(Import.CPMinPerc*$O$24,2),$AA$24-Import.CPMinAbsoluta,Import.Repasse-$Z$24),0)","v":0}]
[4,{"$f":"IF(NOT(ISBLANK(QCI.DescManual)),IF(QCI.Divisao=\"Calculado\",\"Manual\",\"SemiAuto\"),IF(ISERROR(MATCH($A17,ORÇAMENTO!$E$15:$E$154,0)),\"Branco\",\"Automático\"))","v":"Branco"},"",4,null,null,{"$f":"IF(OR($B17=\"Manual\",$B17=\"SemiAuto\"),QCI.DescManual,IF($B17=\"Automático\",INDEX(ORÇAMENTO!$R$15:$R$154,MATCH($A17,ORÇAMENTO!$E$15:$E$154,0)),\"\"))","v":""},null,null,{"$f":"IF(AND(ISBLANK(E17),ISBLANK(F17)),\"\",VLOOKUP($F17,OFFSET(DADOS!$A$2,1,MATCH(QCI!$E17,DADOS!$2:$2,0)-1,100,50),2,FALSE))","v":""},"",0,0,0,{"$f":"IF($B17=\"Branco\",0,IF(OR($B17=\"Manual\",$B17=\"SemiAuto\"),QCI.InvManual,INDEX(ORÇAMENTO!X$15:X$154,MATCH($A17,ORÇAMENTO!$E$15:$E$154,0))))","v":0},null,null,null,null,null,null,"Proporcional",0,0,null,0,{"$f":"IF($B17=\"Branco\",0,IF($B17=\"Manual\",QCI.CPManual,IF($B17=\"SemiAuto\",ROUND(QCI!$AA$3*QCI.InvManual,2),INDEX(ORÇAMENTO!$AA$15:$AA$154,MATCH($A17,ORÇAMENTO!$E$15:$E$154,0)))))","v":0},{"$f":"IF($B17=\"Branco\",0,IF($B17=\"Manual\",QCI.OutrosManual,IF($B17=\"SemiAuto\",0,INDEX(ORÇAMENTO!$AB$15:$AB$154,MATCH($A17,ORÇAMENTO!$E$15:$E$154,0)))))","v":0},null,{"$f":"AND($AA$3>0,$AA$3<1,$O17>0,OR($B17=\"Automático\",$B17=\"SemiAuto\"),OR(QCI!$Z$3=QCI!$Z$7,QCI!$Z$3=QCI!$AA$7,QCI!$Z$3=QCI!$AB$7))","v":false},{"$f":"IF(AND($AD17,$O17>0,COUNTIF(OFFSET($AD17,1,0):$AD$24,TRUE)=0),CHOOSE(1+LOG(1+2*(QCI!$Z$3=QCI!$Z$7)+4*(QCI!$Z$3=QCI!$AA$7)+8*(QCI!$Z$3=QCI!$AB$7),2),0,$AA$24-ROUND(Import.CPMinPerc*$O$24,2),$AA$24-Import.CPMinAbsoluta,Import.Repasse-$Z$24),0)","v":0}]
[5,{"$f":"IF(NOT(ISBLANK(QCI.DescManual)),IF(QCI.Divisao=\"Calculado\",\"Manual\",\"SemiAuto\"),IF(ISERROR(MATCH($A18,ORÇAMENTO!$E$15:$E$154,0)),\"Branco\",\"Automático\"))","v":"Branco"},"",5,null,null,{"$f":"IF(OR($B18=\"Manual\",$B18=\"SemiAuto\"),QCI.DescManual,IF($B18=\"Automático\",INDEX(ORÇAMENTO!$R$15:$R$154,MATCH($A18,ORÇAMENTO!$E$15:$E$154,0)),\"\"))","v":""},null,null,{"$f":"IF(AND(ISBLANK(E18),ISBLANK(F18)),\"\",VLOOKUP($F18,OFFSET(DADOS!$A$2,1,MATCH(QCI!$E18,DADOS!$2:$2,0)-1,100,50),2,FALSE))","v":""},"",0,0,0,{"$f":"IF($B18=\"Branco\",0,IF(OR($B18=\"Manual\",$B18=\"SemiAuto\"),QCI.InvManual,INDEX(ORÇAMENTO!X$15:X$154,MATCH($A18,ORÇAMENTO!$E$15:$E$154,0))))","v":0},null,null,null,null,null,null,"Proporcional",0,0,null,0,{"$f":"IF($B18=\"Branco\",0,IF($B18=\"Manual\",QCI.CPManual,IF($B18=\"SemiAuto\",ROUND(QCI!$AA$3*QCI.InvManual,2),INDEX(ORÇAMENTO!$AA$15:$AA$154,MATCH($A18,ORÇAMENTO!$E$15:$E$154,0)))))","v":0},{"$f":"IF($B18=\"Branco\",0,IF($B18=\"Manual\",QCI.OutrosManual,IF($B18=\"SemiAuto\",0,INDEX(ORÇAMENTO!$AB$15:$AB$154,MATCH($A18,ORÇAMENTO!$E$15:$E$154,0)))))","v":0},null,{"$f":"AND($AA$3>0,$AA$3<1,$O18>0,OR($B18=\"Automático\",$B18=\"SemiAuto\"),OR(QCI!$Z$3=QCI!$Z$7,QCI!$Z$3=QCI!$AA$7,QCI!$Z$3=QCI!$AB$7))","v":false},{"$f":"IF(AND($AD18,$O18>0,COUNTIF(OFFSET($AD18,1,0):$AD$24,TRUE)=0),CHOOSE(1+LOG(1+2*(QCI!$Z$3=QCI!$Z$7)+4*(QCI!$Z$3=QCI!$AA$7)+8*(QCI!$Z$3=QCI!$AB$7),2),0,$AA$24-ROUND(Import.CPMinPerc*$O$24,2),$AA$24-Import.CPMinAbsoluta,Import.Repasse-$Z$24),0)","v":0}]
[6,{"$f":"IF(NOT(ISBLANK(QCI.DescManual)),IF(QCI.Divisao=\"Calculado\",\"Manual\",\"SemiAuto\"),IF(ISERROR(MATCH($A19,ORÇAMENTO!$E$15:$E$154,0)),\"Branco\",\"Automático\"))","v":"Branco"},"",6,null,null,{"$f":"IF(OR($B19=\"Manual\",$B19=\"SemiAuto\"),QCI.DescManual,IF($B19=\"Automático\",INDEX(ORÇAMENTO!$R$15:$R$154,MATCH($A19,ORÇAMENTO!$E$15:$E$154,0)),\"\"))","v":""},null,null,{"$f":"IF(AND(ISBLANK(E19),ISBLANK(F19)),\"\",VLOOKUP($F19,OFFSET(DADOS!$A$2,1,MATCH(QCI!$E19,DADOS!$2:$2,0)-1,100,50),2,FALSE))","v":""},"",0,0,0,{"$f":"IF($B19=\"Branco\",0,IF(OR($B19=\"Manual\",$B19=\"SemiAuto\"),QCI.InvManual,INDEX(ORÇAMENTO!X$15:X$154,MATCH($A19,ORÇAMENTO!$E$15:$E$154,0))))","v":0},null,null,null,null,null,null,"Proporcional",0,0,null,0,{"$f":"IF($B19=\"Branco\",0,IF($B19=\"Manual\",QCI.CPManual,IF($B19=\"SemiAuto\",ROUND(QCI!$AA$3*QCI.InvManual,2),INDEX(ORÇAMENTO!$AA$15:$AA$154,MATCH($A19,ORÇAMENTO!$E$15:$E$154,0)))))","v":0},{"$f":"IF($B19=\"Branco\",0,IF($B19=\"Manual\",QCI.OutrosManual,IF($B19=\"SemiAuto\",0,INDEX(ORÇAMENTO!$AB$15:$AB$154,MATCH($A19,ORÇAMENTO!$E$15:$E$154,0)))))","v":0},null,{"$f":"AND($AA$3>0,$AA$3<1,$O19>0,OR($B19=\"Automático\",$B19=\"SemiAuto\"),OR(QCI!$Z$3=QCI!$Z$7,QCI!$Z$3=QCI!$AA$7,QCI!$Z$3=QCI!$AB$7))","v":false},{"$f":"IF(AND($AD19,$O19>0,COUNTIF(OFFSET($AD19,1,0):$AD$24,TRUE)=0),CHOOSE(1+LOG(1+2*(QCI!$Z$3=QCI!$Z$7)+4*(QCI!$Z$3=QCI!$AA$7)+8*(QCI!$Z$3=QCI!$AB$7),2),0,$AA$24-ROUND(Import.CPMinPerc*$O$24,2),$AA$24-Import.CPMinAbsoluta,Import.Repasse-$Z$24),0)","v":0}]
[7,{"$f":"IF(NOT(ISBLANK(QCI.DescManual)),IF(QCI.Divisao=\"Calculado\",\"Manual\",\"SemiAuto\"),IF(ISERROR(MATCH($A20,ORÇAMENTO!$E$15:$E$154,0)),\"Branco\",\"Automático\"))","v":"Branco"},"",7,null,null,{"$f":"IF(OR($B20=\"Manual\",$B20=\"SemiAuto\"),QCI.DescManual,IF($B20=\"Automático\",INDEX(ORÇAMENTO!$R$15:$R$154,MATCH($A20,ORÇAMENTO!$E$15:$E$154,0)),\"\"))","v":""},null,null,{"$f":"IF(AND(ISBLANK(E20),ISBLANK(F20)),\"\",VLOOKUP($F20,OFFSET(DADOS!$A$2,1,MATCH(QCI!$E20,DADOS!$2:$2,0)-1,100,50),2,FALSE))","v":""},"",0,0,0,{"$f":"IF($B20=\"Branco\",0,IF(OR($B20=\"Manual\",$B20=\"SemiAuto\"),QCI.InvManual,INDEX(ORÇAMENTO!X$15:X$154,MATCH($A20,ORÇAMENTO!$E$15:$E$154,0))))","v":0},null,null,null,null,null,null,"Proporcional",0,0,null,0,{"$f":"IF($B20=\"Branco\",0,IF($B20=\"Manual\",QCI.CPManual,IF($B20=\"SemiAuto\",ROUND(QCI!$AA$3*QCI.InvManual,2),INDEX(ORÇAMENTO!$AA$15:$AA$154,MATCH($A20,ORÇAMENTO!$E$15:$E$154,0)))))","v":0},{"$f":"IF($B20=\"Branco\",0,IF($B20=\"Manual\",QCI.OutrosManual,IF($B20=\"SemiAuto\",0,INDEX(ORÇAMENTO!$AB$15:$AB$154,MATCH($A20,ORÇAMENTO!$E$15:$E$154,0)))))","v":0},null,{"$f":"AND($AA$3>0,$AA$3<1,$O20>0,OR($B20=\"Automático\",$B20=\"SemiAuto\"),OR(QCI!$Z$3=QCI!$Z$7,QCI!$Z$3=QCI!$AA$7,QCI!$Z$3=QCI!$AB$7))","v":false},{"$f":"IF(AND($AD20,$O20>0,COUNTIF(OFFSET($AD20,1,0):$AD$24,TRUE)=0),CHOOSE(1+LOG(1+2*(QCI!$Z$3=QCI!$Z$7)+4*(QCI!$Z$3=QCI!$AA$7)+8*(QCI!$Z$3=QCI!$AB$7),2),0,$AA$24-ROUND(Import.CPMinPerc*$O$24,2),$AA$24-Import.CPMinAbsoluta,Import.Repasse-$Z$24),0)","v":0}]
[8,{"$f":"IF(NOT(ISBLANK(QCI.DescManual)),IF(QCI.Divisao=\"Calculado\",\"Manual\",\"SemiAuto\"),IF(ISERROR(MATCH($A21,ORÇAMENTO!$E$15:$E$154,0)),\"Branco\",\"Automático\"))","v":"Branco"},"",8,null,null,{"$f":"IF(OR($B21=\"Manual\",$B21=\"SemiAuto\"),QCI.DescManual,IF($B21=\"Automático\",INDEX(ORÇAMENTO!$R$15:$R$154,MATCH($A21,ORÇAMENTO!$E$15:$E$154,0)),\"\"))","v":""},null,null,{"$f":"IF(AND(ISBLANK(E21),ISBLANK(F21)),\"\",VLOOKUP($F21,OFFSET(DADOS!$A$2,1,MATCH(QCI!$E21,DADOS!$2:$2,0)-1,100,50),2,FALSE))","v":""},"",0,0,0,{"$f":"IF($B21=\"Branco\",0,IF(OR($B21=\"Manual\",$B21=\"SemiAuto\"),QCI.InvManual,INDEX(ORÇAMENTO!X$15:X$154,MATCH($A21,ORÇAMENTO!$E$15:$E$154,0))))","v":0},null,null,null,null,null,null,"Proporcional",0,0,null,0,{"$f":"IF($B21=\"Branco\",0,IF($B21=\"Manual\",QCI.CPManual,IF($B21=\"SemiAuto\",ROUND(QCI!$AA$3*QCI.InvManual,2),INDEX(ORÇAMENTO!$AA$15:$AA$154,MATCH($A21,ORÇAMENTO!$E$15:$E$154,0)))))","v":0},{"$f":"IF($B21=\"Branco\",0,IF($B21=\"Manual\",QCI.OutrosManual,IF($B21=\"SemiAuto\",0,INDEX(ORÇAMENTO!$AB$15:$AB$154,MATCH($A21,ORÇAMENTO!$E$15:$E$154,0)))))","v":0},null,{"$f":"AND($AA$3>0,$AA$3<1,$O21>0,OR($B21=\"Automático\",$B21=\"SemiAuto\"),OR(QCI!$Z$3=QCI!$Z$7,QCI!$Z$3=QCI!$AA$7,QCI!$Z$3=QCI!$AB$7))","v":false},{"$f":"IF(AND($AD21,$O21>0,COUNTIF(OFFSET($AD21,1,0):$AD$24,TRUE)=0),CHOOSE(1+LOG(1+2*(QCI!$Z$3=QCI!$Z$7)+4*(QCI!$Z$3=QCI!$AA$7)+8*(QCI!$Z$3=QCI!$AB$7),2),0,$AA$24-ROUND(Import.CPMinPerc*$O$24,2),$AA$24-Import.CPMinAbsoluta,Import.Repasse-$Z$24),0)","v":0}]
[9,{"$f":"IF(NOT(ISBLANK(QCI.DescManual)),IF(QCI.Divisao=\"Calculado\",\"Manual\",\"SemiAuto\"),IF(ISERROR(MATCH($A22,ORÇAMENTO!$E$15:$E$154,0)),\"Branco\",\"Automático\"))","v":"Branco"},"",9,null,null,{"$f":"IF(OR($B22=\"Manual\",$B22=\"SemiAuto\"),QCI.DescManual,IF($B22=\"Automático\",INDEX(ORÇAMENTO!$R$15:$R$154,MATCH($A22,ORÇAMENTO!$E$15:$E$154,0)),\"\"))","v":""},null,null,{"$f":"IF(AND(ISBLANK(E22),ISBLANK(F22)),\"\",VLOOKUP($F22,OFFSET(DADOS!$A$2,1,MATCH(QCI!$E22,DADOS!$2:$2,0)-1,100,50),2,FALSE))","v":""},"",0,0,0,{"$f":"IF($B22=\"Branco\",0,IF(OR($B22=\"Manual\",$B22=\"SemiAuto\"),QCI.InvManual,INDEX(ORÇAMENTO!X$15:X$154,MATCH($A22,ORÇAMENTO!$E$15:$E$154,0))))","v":0},null,null,null,null,null,null,"Proporcional",0,0,null,0,{"$f":"IF($B22=\"Branco\",0,IF($B22=\"Manual\",QCI.CPManual,IF($B22=\"SemiAuto\",ROUND(QCI!$AA$3*QCI.InvManual,2),INDEX(ORÇAMENTO!$AA$15:$AA$154,MATCH($A22,ORÇAMENTO!$E$15:$E$154,0)))))","v":0},{"$f":"IF($B22=\"Branco\",0,IF($B22=\"Manual\",QCI.OutrosManual,IF($B22=\"SemiAuto\",0,INDEX(ORÇAMENTO!$AB$15:$AB$154,MATCH($A22,ORÇAMENTO!$E$15:$E$154,0)))))","v":0},null,{"$f":"AND($AA$3>0,$AA$3<1,$O22>0,OR($B22=\"Automático\",$B22=\"SemiAuto\"),OR(QCI!$Z$3=QCI!$Z$7,QCI!$Z$3=QCI!$AA$7,QCI!$Z$3=QCI!$AB$7))","v":false},{"$f":"IF(AND($AD22,$O22>0,COUNTIF(OFFSET($AD22,1,0):$AD$24,TRUE)=0),CHOOSE(1+LOG(1+2*(QCI!$Z$3=QCI!$Z$7)+4*(QCI!$Z$3=QCI!$AA$7)+8*(QCI!$Z$3=QCI!$AB$7),2),0,$AA$24-ROUND(Import.CPMinPerc*$O$24,2),$AA$24-Import.CPMinAbsoluta,Import.Repasse-$Z$24),0)","v":0}]
[10,{"$f":"IF(NOT(ISBLANK(QCI.DescManual)),IF(QCI.Divisao=\"Calculado\",\"Manual\",\"SemiAuto\"),IF(ISERROR(MATCH($A23,ORÇAMENTO!$E$15:$E$154,0)),\"Branco\",\"Automático\"))","v":"Branco"},{"$f":"IF(O23>0,\"F\",\"\")","v":""},{"$f":"ROW()-ROW($D$13)","v":10},null,null,{"$f":"IF(OR($B23=\"Manual\",$B23=\"SemiAuto\"),QCI.DescManual,IF($B23=\"Automático\",INDEX(ORÇAMENTO!$R$15:$R$154,MATCH($A23,ORÇAMENTO!$E$15:$E$154,0)),\"\"))","v":""},null,null,{"$f":"IF(AND(ISBLANK(E23),ISBLANK(F23)),\"\",VLOOKUP($F23,OFFSET(DADOS!$A$2,1,MATCH(QCI!$E23,DADOS!$2:$2,0)-1,100,50),2,FALSE))","v":""},"",{"$f":"ROUND($O23,2)-ROUND($M23,2)-ROUND($N23,2)","v":0},{"$f":"ROUND($AA23,2)-ROUND($AE23,2)","v":0},{"$f":"ROUND($AB23,2)","v":0},{"$f":"IF($B23=\"Branco\",0,IF(OR($B23=\"Manual\",$B23=\"SemiAuto\"),QCI.InvManual,INDEX(ORÇAMENTO!X$15:X$154,MATCH($A23,ORÇAMENTO!$E$15:$E$154,0))))","v":0},null,null,null,null,null,null,"Proporcional",{"$f":"$O23","v":0},0,null,{"$f":"$O23-$AA23-$AB23","v":0},{"$f":"IF($B23=\"Branco\",0,IF($B23=\"Manual\",QCI.CPManual,IF($B23=\"SemiAuto\",ROUND(QCI!$AA$3*QCI.InvManual,2),INDEX(ORÇAMENTO!$AA$15:$AA$154,MATCH($A23,ORÇAMENTO!$E$15:$E$154,0)))))","v":0},{"$f":"IF($B23=\"Branco\",0,IF($B23=\"Manual\",QCI.OutrosManual,IF($B23=\"SemiAuto\",0,INDEX(ORÇAMENTO!$AB$15:$AB$154,MATCH($A23,ORÇAMENTO!$E$15:$E$154,0)))))","v":0},null,{"$f":"AND($AA$3>0,$AA$3<1,$O23>0,OR($B23=\"Automático\",$B23=\"SemiAuto\"),OR(QCI!$Z$3=QCI!$Z$7,QCI!$Z$3=QCI!$AA$7,QCI!$Z$3=QCI!$AB$7))","v":false},{"$f":"IF(AND($AD23,$O23>0,COUNTIF(OFFSET($AD23,1,0):$AD$24,TRUE)=0),CHOOSE(1+LOG(1+2*(QCI!$Z$3=QCI!$Z$7)+4*(QCI!$Z$3=QCI!$AA$7)+8*(QCI!$Z$3=QCI!$AB$7),2),0,$AA$24-ROUND(Import.CPMinPerc*$O$24,2),$AA$24-Import.CPMinAbsoluta,Import.Repasse-$Z$24),0)","v":0}]
[null,"TR$","F",null,null,null,null,null,null,null,"TOTAL",{"$f":"SUM(L13:OFFSET(L24,-1,0))","v":0},{"$f":"SUM(M13:OFFSET(M24,-1,0))","v":298436.46000000002},{"$f":"SUM(N13:OFFSET(N24,-1,0))","v":0},{"$f":"SUM(O13:OFFSET(O24,-1,0))","v":298436.46000000002},null,null,null,null,null,null,null,null,null,null,{"$f":"SUMPRODUCT(ROUND(Z13:OFFSET(Z24,-1,0),2))","v":0},{"$f":"SUMPRODUCT(ROUND(AA13:OFFSET(AA24,-1,0),2))","v":298436.46000000002},{"$f":"SUM(AB13:OFFSET(AB24,-1,0))","v":0}]
[null,"T%","F",null,null,null,null,null,null,null,null,{"$f":"IF(ISERROR(L24/$O24),0,ROUND(L24/$O24,4))","v":0},{"$f":"IF(ISERROR(M24/$O24),0,ROUND(M24/$O24,4))","v":1},{"$f":"IF(ISERROR(N24/$O24),0,ROUND(N24/$O24,4))","v":0},{"$f":"IF(ISERROR(O24/$O24),0,ROUND(O24/$O24,4))","v":1}]
[]
[null,null,null,"Observações:"]
[]
[]
[]
[]
[]
[null,null,null,{"$f":"Import.Município","v":"Ouro/SC"}]
[null,null,null,"Local",null,null,null,null,"Representante Tomador"]
[null,null,null,null,null,null,null,null,{"$f":"\"Nome:\" &  \" \" & DADOS!F28","v":"Nome: Antonio José Bissani"}]
[null,null,null,{"$f":"DADOS!$F$25","v":"2020-07-23"},null,null,null,null,{"$f":"\"Cargo:\"  & \" \" & DADOS!F29","v":"Cargo: Prefeito Municipal"}]
[null,null,null,"Data"]

{"sheet":"BM","index":11,"n_rows":169,"n_cols":41,"rows_kept":169,"cut":false,"hidden":false,"merged":[[167,23,167,25],[162,3,162,14],[163,9,163,12],[163,22,163,25],[165,23,165,25],[166,23,166,25],[160,3,160,11],[161,3,161,8],[14,27,14,38],[155,3,155,14],[155,19,155,25],[156,3,158,14],[156,19,158,25],[14,3,14,4],[10,27,10,38],[11,9,11,11],[11,12,11,14],[11,16,11,17],[6,5,6,7],[6,8,6,11],[6,12,6,13],[10,19,10,20],[7,2,11,2],[7,5,7,7],[7,8,7,11],[7,12,7,13],[9,4,10,8],[9,13,10,14],[4,3,4,4],[4,5,4,7],[4,9,4,13],[2,0,2,1],[3,3,3,4],[3,5,3,7],[3,9,3,13]]}
[null,null,null,null,{"$f":"IF(CAIXA.Modo,\"BA - Boletim de Aferição\",\"BM - Boletim de Medição\")","v":"BM - Boletim de Medição"},null,null,null,null,null,null,null,null,null,"Grau de Sigilo"]
["Modo CAIXA",null,null,null,{"$f":"IF(Import.RegimeExecução=\"(SELECIONAR)\",\"Selecione o Regime de Execução na Aba Dados\",Import.RegimeExecução&\" - \"&import.recurso)","v":"Selecione o Regime de Execução na Aba Dados"},null,null,null,null,null,null,null,null,null,"#PUBLICO"]
[false]
[null,null,null,"PROPONENTE / TOMADOR",null,"Nº OPERAÇÃO",null,null,"Nº SICONV","APELIDO DO EMPREENDIMENTO",null,null,null,null,"INÍCIO DE OBRA"]
["Regime ",null,null,{"$f":"Import.Proponente","v":"Prefeitura Municipal de Ouro/SC"},null,{"$f":"Import.CR","v":0},null,null,{"$f":"Import.SICONV","v":0},{"$f":"Import.Apelido","v":"FECHAMENTO DA GARAGEM DE MÁQUINAS"},null,null,null,null,{"$f":"Import.DataInicioObra","v":"00:00:00"},null,null,null,null,null,null,null,null,null,null,null,null,null,null,null,null,null,null,null,null,null,null,null,null,null,"Fórmula CopMed"]
[]
[{"$f":"RegimeExecucao","v":"Unitário"},null,null,"Nº CTEF","EMPRESA EXECUTORA","CNPJ",null,null,{"$f":"IF(TIPOORCAMENTO=\"Licitado\",\"REGIME DE EXECUÇÃO\",\"MUNICÍPIO / UF\")","v":"MUNICÍPIO / UF"},null,null,null,"PERÍODO DA MEDIÇÃO",null,"Nº MEDIÇÃO",null,null,null,null,null,null,null,null,null,null,null,null,null,null,null,null,null,null,null,null,null,null,null,null,null,{"$f":"BM.MEDAcumulado","v":0}]
["ARREDMED",null,"FILTRO",{"$f":"Import.CTEF","v":0},{"$f":"Import.empresa","v":0},{"$f":"Import.CNPJ","v":0},null,null,{"$f":"IF(TIPOORCAMENTO=\"Licitado\",Import.RegimeExecução,Import.Município)","v":"Ouro/SC"},null,null,null,{"$f":"TEXT(IF(BM.medicao=1,Import.DataInicioObra,OFFSET($AB$12,0,BM.medicao-1-$AB$13)+1),\"dd/mm/aaaa\")&\" a \"&TEXT(OFFSET($AB$12,0,BM.medicao-$AB$13),\"dd/mm/aaaa\")","v":"00/01/1900 a 00/01/1900"},null,1]
[true]
[null,null,null,null,{"$f":"IF(ACOMPANHAMENTO=\"PLE\",\"Foi selecionado na aba 'MENU' o acompanhamento por PLE.\",IF(TIPOORCAMENTO=\"Proposto\",\"Altere na aba 'MENU' o tipo de orçamento para 'Licitado'.\",\"\"))","v":"Altere na aba 'MENU' o tipo de orçamento para 'Licitado'."},null,null,null,null,null,null,null,null,{"$f":"\"Realizado Acumulado: \"&TEXT(ROUND($O$15/($I$15+10^-12),4),\"0,00%\")","v":"Realizado Acumulado: 0,00%"}]
[null,null,null,null,null,null,null,null,null,null,null,null,null,null,null,null,null,null,null,"Anexo",null,null,null,null,null,null,null,"Datas das Medições"]
[null,null,null,null,"Orçamento Contratado",null,null,null,null,{"$f":"\"Evolução Física \"&CHOOSE(MATCH(RegimeExecucao,{\"Unitário\",\"Global\"},0),\"(Qtde.)\",\"(%)\")","v":"Evolução Física (Qtde.)"},null,null,"Evolução Financeira (R$)",null,null,null,{"$f":"\"Aferido (CAIXA) \"&CHOOSE(MATCH(RegimeExecucao,{\"Unitário\",\"Global\"},0),\"(Qtde.)\",\"(%)\")","v":"Aferido (CAIXA) (Qtde.)"},null,null,"Quadro de Glosas"]
["n1","Altura","↓","Item","Descrição","Unidade","Quantidade","Preço Unitário (com BDI) (R$)","Preço Total\n(R$)","Acum. Anterior","Período","Acum. Incluindo o Período","Acum. Anterior","Período","Acum. Incluindo o Período",null,"Acum. Anterior","Acum. Incluindo o Período",null,"Item","Descrição",{"$f":"IF(RegimeExecucao=\"Unitário\",\"Unidade\",\"\")","v":"Unidade"},{"$f":"CHOOSE(MATCH(RegimeExecucao,{\"Unitário\",\"Global\"},0),\"Quant. Glosada (unid)\",\"Percentual Glosado (%)\")","v":"Quant. Glosada (unid)"},{"$f":"CHOOSE(MATCH(RegimeExecucao,{\"Unitário\",\"Global\"},0),\"Preço Unitário (R$)\",\"Valor Total do Item (R$)\")","v":"Preço Unitário (R$)"},"Valor Total Glosado (R$)","Motivo da Glosa",null,{"$f":"IF(BM.medicao<=12,1,TRUNC((BM.medicao - 2)/11,0) * 11 + 1)","v":1},{"$f":"OFFSET(AC13,0,-1)+1","v":2},{"$f":"OFFSET(AD13,0,-1)+1","v":3},4,5,6,7,8,9,10,11,12,null,"Valor Total Medido (R$)"]
[{"$f":"ORÇAMENTO!C14","v":"S"},{"$f":"ORÇAMENTO!D14","v":0},{"$f":"IF(OR($I14>0,$A14=1,$A14=2,$A14=3,$A14=4),\"F\",\"\")","v":""},{"$f":"ORÇAMENTO!O14","v":"-"},{"$f":"ORÇAMENTO.Descricao","v":"(Sem Código)"},{"$f":"IF(RegimeExecucao=\"Global\",\"\",ORÇAMENTO.Unidade)","v":"-"},{"$f":"IF(RegimeExecucao=\"Global\",\"\",ORÇAMENTO!T14)","v":0},{"$f":"IF(RegimeExecucao=\"Global\",\"\",ORÇAMENTO!W14)","v":0},{"$f":"ORÇAMENTO!X14","v":0},{"$f":"IF($A14=\"S\",IF(CAIXA.Modo,BM.AFAnterior,BM.MEDAnterior),IF(AND(RegimeExecucao=\"Global\",$I14>0,COUNTIF($AB$13:$AM$13,BM.medicao-1)>0),M14/$I14*100,0))","v":0},{"$f":"L14-J14","v":0},{"$f":"IF($A14=\"S\",IF(CAIXA.Modo,BM.AFAcumulado,BM.MEDAcumulado),IF(AND(RegimeExecucao=\"Global\",$I14>0,COUNTIF($AB$13:$AM$13,BM.medicao)>0),O14/$I14*100,0))","v":0},{"$f":"IF($A14=\"S\",VTOTALBM,IF($A14=0,0,ROUND(SomaAgrupBM,15-13*ORÇAMENTO!$AF$11)))","v":0},{"$f":"O14-M14","v":0},{"$f":"IF($A14=\"S\",VTOTALBM,IF($A14=0,0,ROUND(SomaAgrupBM,15-13*ORÇAMENTO!$AF$11)))","v":0},null,null,null,null,{"$f":"IF($W14>0,$D14,\"\")","v":""},{"$f":"IF($W14>0,$E14,\"\")","v":""},{"$f":"IF(AND($W14>0,RegimeExecucao=\"Unitário\"),$F14,\"\")","v":""},{"$f":"IF($Y14>0,CHOOSE(MATCH(RegimeExecucao,{\"Unitário\",\"Global\"},0),IF($A14=\"S\",$Y14/$X14,\"\"),($Y14/$X14)*100),0)","v":0},{"$f":"IF($Y14>0,CHOOSE(MATCH(RegimeExecucao,{\"Unitário\",\"Global\"},0),IF($A14=\"S\",ROUND($H14,ORÇAMENTO!$AF$10),\"\"),ROUND($I14,ORÇAMENTO!$AF$11)),\"\")","v":""},{"$f":"AO14-O14","v":0},null,null,null,null,null,null,null,null,null,null,null,null,null,null,null,{"$f":"IF($A14=\"S\",IF(BM!$I14=0,0,CHOOSE(MATCH(RegimeExecucao,{\"Global\",\"Unitário\"},0),ROUND(ROUND(BM.MEDAcumulado,15-13*BM!$A$9)/100*BM!$I14,15-13*ORÇAMENTO!$AF$11),ROUND(ROUND(BM.MEDAcumulado,15-13*BM!$A$9)*ROUND(BM!$H14,15-13*ORÇAMENTO!$AF$10),15-13*ORÇAMENTO!$AF$11))),IF($A14=0,0,ROUND(SomaAgrupBM,15-13*ORÇAMENTO!$AF$11)))","v":0}]
[null,null,"F",{"$f":"\"Objeto do CTEF: \"&Import.DescLote","v":"Objeto do CTEF: GARAGEM DE MÁQUINAS"},null,null,null,"TOTAL:",{"$f":"IF(OR(ACOMPANHAMENTO=\"PLE\",TIPOORCAMENTO=\"Proposto\"),0,ORÇAMENTO!$X$15)","v":0},{"$f":"IF(M$15=0,0,IF(RegimeExecucao=\"Global\",M$15/$I$15*100,0))","v":0},0,{"$f":"IF(O$15=0,0,IF(RegimeExecucao=\"Global\",O$15/$I$15*100,0))","v":0},{"$f":"IF(OR(ACOMPANHAMENTO=\"PLE\",TIPOORCAMENTO=\"Proposto\"),0,SUMIF(OFFSET($A15,1,0):$A$154,\"S\",OFFSET(M15,1,0):M$154))","v":0},0,{"$f":"IF(OR(ACOMPANHAMENTO=\"PLE\",TIPOORCAMENTO=\"Proposto\"),0,SUMIF(OFFSET($A15,1,0):$A$154,\"S\",OFFSET(O15,1,0):O$154))","v":0},null,null,null,null,null,null,null,null,null,null,null,null,{"$f":"\"Preencher abaixo com a \"&CHOOSE(MATCH(RegimeExecucao,{\"Unitário\",\"Global\"},0),\"QUANTIDADE\",\"PORCENTAGEM\")&\" executada no PERÍODO\"","v":"Preencher abaixo com a QUANTIDADE executada no PERÍODO"}]
[{"$f":"ORÇAMENTO!C16","v":1},{"$f":"ORÇAMENTO!D16","v":138},{"$f":"IF(OR($I16>0,$A16=1,$A16=2,$A16=3,$A16=4),\"F\",\"\")","v":"F"},{"$f":"ORÇAMENTO!O16","v":"1."},{"$f":"ORÇAMENTO.Descricao","v":"FECHAMENTO GARAGEM DE MÁQUINAS"},{"$f":"IF(RegimeExecucao=\"Global\",\"\",ORÇAMENTO.Unidade)","v":"-"},{"$f":"IF(RegimeExecucao=\"Global\",\"\",ORÇAMENTO!T16)","v":0},{"$f":"IF(RegimeExecucao=\"Global\",\"\",ORÇAMENTO!W16)","v":0},{"$f":"ORÇAMENTO!X16","v":298436.46000000002},{"$f":"IF($A16=\"S\",IF(CAIXA.Modo,BM.AFAnterior,BM.MEDAnterior),IF(AND(RegimeExecucao=\"Global\",$I16>0,COUNTIF($AB$13:$AM$13,BM.medicao-1)>0),M16/$I16*100,0))","v":0},0,{"$f":"IF($A16=\"S\",IF(CAIXA.Modo,BM.AFAcumulado,BM.MEDAcumulado),IF(AND(RegimeExecucao=\"Global\",$I16>0,COUNTIF($AB$13:$AM$13,BM.medicao)>0),O16/$I16*100,0))","v":0},{"$f":"IF($A16=\"S\",VTOTALBM,IF($A16=0,0,ROUND(SomaAgrupBM,15-13*ORÇAMENTO!$AF$11)))","v":{"$error":"#REF!"}},{"$error":"#REF!"},{"$f":"IF($A16=\"S\",VTOTALBM,IF($A16=0,0,ROUND(SomaAgrupBM,15-13*ORÇAMENTO!$AF$11)))","v":{"$error":"#REF!"}},null,null,null,null,{"$f":"IF($W16>0,$D16,\"\")","v":{"$error":"#REF!"}},{"$f":"IF($W16>0,$E16,\"\")","v":{"$error":"#REF!"}},{"$f":"IF(AND($W16>0,RegimeExecucao=\"Unitário\"),$F16,\"\")","v":{"$error":"#REF!"}},{"$f":"IF($Y16>0,CHOOSE(MATCH(RegimeExecucao,{\"Unitário\",\"Global\"},0),IF($A16=\"S\",$Y16/$X16,\"\"),($Y16/$X16)*100),0)","v":{"$error":"#REF!"}},{"$f":"IF($Y16>0,CHOOSE(MATCH(RegimeExecucao,{\"Unitário\",\"Global\"},0),IF($A16=\"S\",ROUND($H16,ORÇAMENTO!$AF$10),\"\"),ROUND($I16,ORÇAMENTO!$AF$11)),\"\")","v":{"$error":"#REF!"}},{"$f":"AO16-O16","v":{"$error":"#REF!"}},null,null,null,null,null,null,null,null,null,null,null,null,null,null,null,{"$f":"IF($A16=\"S\",IF(BM!$I16=0,0,CHOOSE(MATCH(RegimeExecucao,{\"Global\",\"Unitário\"},0),ROUND(ROUND(BM.MEDAcumulado,15-13*BM!$A$9)/100*BM!$I16,15-13*ORÇAMENTO!$AF$11),ROUND(ROUND(BM.MEDAcumulado,15-13*BM!$A$9)*ROUND(BM!$H16,15-13*ORÇAMENTO!$AF$10),15-13*ORÇAMENTO!$AF$11))),IF($A16=0,0,ROUND(SomaAgrupBM,15-13*ORÇAMENTO!$AF$11)))","v":0}]
[{"$f":"ORÇAMENTO!C17","v":2},{"$f":"ORÇAMENTO!D17","v":2},"F",{"$f":"ORÇAMENTO!O17","v":"1.1."},{"$f":"ORÇAMENTO.Descricao","v":"SERVIÇOS INICIAIS"},{"$f":"IF(RegimeExecucao=\"Global\",\"\",ORÇAMENTO.Unidade)","v":"-"},{"$f":"IF(RegimeExecucao=\"Global\",\"\",ORÇAMENTO!T17)","v":0},{"$f":"IF(RegimeExecucao=\"Global\",\"\",ORÇAMENTO!W17)","v":0},{"$f":"ORÇAMENTO!X17","v":752.2},{"$f":"IF($A17=\"S\",IF(CAIXA.Modo,BM.AFAnterior,BM.MEDAnterior),IF(AND(RegimeExecucao=\"Global\",$I17>0,COUNTIF($AB$13:$AM$13,BM.medicao-1)>0),M17/$I17*100,0))","v":0},0,{"$f":"IF($A17=\"S\",IF(CAIXA.Modo,BM.AFAcumulado,BM.MEDAcumulado),IF(AND(RegimeExecucao=\"Global\",$I17>0,COUNTIF($AB$13:$AM$13,BM.medicao)>0),O17/$I17*100,0))","v":0},{"$f":"IF($A17=\"S\",VTOTALBM,IF($A17=0,0,ROUND(SomaAgrupBM,15-13*ORÇAMENTO!$AF$11)))","v":{"$error":"#REF!"}},{"$error":"#REF!"},{"$f":"IF($A17=\"S\",VTOTALBM,IF($A17=0,0,ROUND(SomaAgrupBM,15-13*ORÇAMENTO!$AF$11)))","v":{"$error":"#REF!"}},null,null,null,null,{"$error":"#REF!"},{"$error":"#REF!"},{"$f":"IF(AND($W17>0,RegimeExecucao=\"Unitário\"),$F17,\"\")","v":{"$error":"#REF!"}},{"$f":"IF($Y17>0,CHOOSE(MATCH(RegimeExecucao,{\"Unitário\",\"Global\"},0),IF($A17=\"S\",$Y17/$X17,\"\"),($Y17/$X17)*100),0)","v":{"$error":"#REF!"}},{"$f":"IF($Y17>0,CHOOSE(MATCH(RegimeExecucao,{\"Unitário\",\"Global\"},0),IF($A17=\"S\",ROUND($H17,ORÇAMENTO!$AF$10),\"\"),ROUND($I17,ORÇAMENTO!$AF$11)),\"\")","v":{"$error":"#REF!"}},{"$error":"#REF!"},null,null,null,null,null,null,null,null,null,null,null,null,null,null,null,{"$f":"IF($A17=\"S\",IF(BM!$I17=0,0,CHOOSE(MATCH(RegimeExecucao,{\"Global\",\"Unitário\"},0),ROUND(ROUND(BM.MEDAcumulado,15-13*BM!$A$9)/100*BM!$I17,15-13*ORÇAMENTO!$AF$11),ROUND(ROUND(BM.MEDAcumulado,15-13*BM!$A$9)*ROUND(BM!$H17,15-13*ORÇAMENTO!$AF$10),15-13*ORÇAMENTO!$AF$11))),IF($A17=0,0,ROUND(SomaAgrupBM,15-13*ORÇAMENTO!$AF$11)))","v":0}]
[{"$f":"ORÇAMENTO!C18","v":"S"},{"$f":"ORÇAMENTO!D18","v":0},"F",{"$f":"ORÇAMENTO!O18","v":"1.1.1."},{"$f":"ORÇAMENTO.Descricao","v":"PLACA DE OBRA EM CHAPA GALVANIZADA"},{"$f":"IF(RegimeExecucao=\"Global\",\"\",ORÇAMENTO.Unidade)","v":"M2    "},{"$f":"IF(RegimeExecucao=\"Global\",\"\",ORÇAMENTO!T18)","v":2.5},{"$f":"IF(RegimeExecucao=\"Global\",\"\",ORÇAMENTO!W18)","v":300.88},{"$f":"ORÇAMENTO!X18","v":752.2},{"$f":"IF($A18=\"S\",IF(CAIXA.Modo,BM.AFAnterior,BM.MEDAnterior),IF(AND(RegimeExecucao=\"Global\",$I18>0,COUNTIF($AB$13:$AM$13,BM.medicao-1)>0),M18/$I18*100,0))","v":0},0,{"$f":"IF($A18=\"S\",IF(CAIXA.Modo,BM.AFAcumulado,BM.MEDAcumulado),IF(AND(RegimeExecucao=\"Global\",$I18>0,COUNTIF($AB$13:$AM$13,BM.medicao)>0),O18/$I18*100,0))","v":0},{"$f":"IF($A18=\"S\",VTOTALBM,IF($A18=0,0,ROUND(SomaAgrupBM,15-13*ORÇAMENTO!$AF$11)))","v":{"$error":"#REF!"}},{"$error":"#REF!"},{"$f":"IF($A18=\"S\",VTOTALBM,IF($A18=0,0,ROUND(SomaAgrupBM,15-13*ORÇAMENTO!$AF$11)))","v":{"$error":"#REF!"}},null,null,null,null,{"$error":"#REF!"},{"$error":"#REF!"},{"$f":"IF(AND($W18>0,RegimeExecucao=\"Unitário\"),$F18,\"\")","v":{"$error":"#REF!"}},{"$f":"IF($Y18>0,CHOOSE(MATCH(RegimeExecucao,{\"Unitário\",\"Global\"},0),IF($A18=\"S\",$Y18/$X18,\"\"),($Y18/$X18)*100),0)","v":{"$error":"#REF!"}},{"$f":"IF($Y18>0,CHOOSE(MATCH(RegimeExecucao,{\"Unitário\",\"Global\"},0),IF($A18=\"S\",ROUND($H18,ORÇAMENTO!$AF$10),\"\"),ROUND($I18,ORÇAMENTO!$AF$11)),\"\")","v":{"$error":"#REF!"}},{"$error":"#REF!"},null,null,null,null,null,null,null,null,null,null,null,null,null,null,null,{"$f":"IF($A18=\"S\",IF(BM!$I18=0,0,CHOOSE(MATCH(RegimeExecucao,{\"Global\",\"Unitário\"},0),ROUND(ROUND(BM.MEDAcumulado,15-13*BM!$A$9)/100*BM!$I18,15-13*ORÇAMENTO!$AF$11),ROUND(ROUND(BM.MEDAcumulado,15-13*BM!$A$9)*ROUND(BM!$H18,15-13*ORÇAMENTO!$AF$10),15-13*ORÇAMENTO!$AF$11))),IF($A18=0,0,ROUND(SomaAgrupBM,15-13*ORÇAMENTO!$AF$11)))","v":0}]
[{"$f":"ORÇAMENTO!C19","v":2},{"$f":"ORÇAMENTO!D19","v":27},"F",{"$f":"ORÇAMENTO!O19","v":"1.2."},{"$f":"ORÇAMENTO.Descricao","v":"ESTRUTURA"},{"$f":"IF(RegimeExecucao=\"Global\",\"\",ORÇAMENTO.Unidade)","v":"-"},{"$f":"IF(RegimeExecucao=\"Global\",\"\",ORÇAMENTO!T19)","v":0},{"$f":"IF(RegimeExecucao=\"Global\",\"\",ORÇAMENTO!W19)","v":0},{"$f":"ORÇAMENTO!X19","v":36611.370000000003},{"$f":"IF($A19=\"S\",IF(CAIXA.Modo,BM.AFAnterior,BM.MEDAnterior),IF(AND(RegimeExecucao=\"Global\",$I19>0,COUNTIF($AB$13:$AM$13,BM.medicao-1)>0),M19/$I19*100,0))","v":0},0,{"$f":"IF($A19=\"S\",IF(CAIXA.Modo,BM.AFAcumulado,BM.MEDAcumulado),IF(AND(RegimeExecucao=\"Global\",$I19>0,COUNTIF($AB$13:$AM$13,BM.medicao)>0),O19/$I19*100,0))","v":0},{"$f":"IF($A19=\"S\",VTOTALBM,IF($A19=0,0,ROUND(SomaAgrupBM,15-13*ORÇAMENTO!$AF$11)))","v":{"$error":"#REF!"}},{"$error":"#REF!"},{"$f":"IF($A19=\"S\",VTOTALBM,IF($A19=0,0,ROUND(SomaAgrupBM,15-13*ORÇAMENTO!$AF$11)))","v":{"$error":"#REF!"}},null,null,null,null,{"$error":"#REF!"},{"$error":"#REF!"},{"$f":"IF(AND($W19>0,RegimeExecucao=\"Unitário\"),$F19,\"\")","v":{"$error":"#REF!"}},{"$f":"IF($Y19>0,CHOOSE(MATCH(RegimeExecucao,{\"Unitário\",\"Global\"},0),IF($A19=\"S\",$Y19/$X19,\"\"),($Y19/$X19)*100),0)","v":{"$error":"#REF!"}},{"$f":"IF($Y19>0,CHOOSE(MATCH(RegimeExecucao,{\"Unitário\",\"Global\"},0),IF($A19=\"S\",ROUND($H19,ORÇAMENTO!$AF$10),\"\"),ROUND($I19,ORÇAMENTO!$AF$11)),\"\")","v":{"$error":"#REF!"}},{"$error":"#REF!"},null,null,null,null,null,null,null,null,null,null,null,null,null,null,null,{"$f":"IF($A19=\"S\",IF(BM!$I19=0,0,CHOOSE(MATCH(RegimeExecucao,{\"Global\",\"Unitário\"},0),ROUND(ROUND(BM.MEDAcumulado,15-13*BM!$A$9)/100*BM!$I19,15-13*ORÇAMENTO!$AF$11),ROUND(ROUND(BM.MEDAcumulado,15-13*BM!$A$9)*ROUND(BM!$H19,15-13*ORÇAMENTO!$AF$10),15-13*ORÇAMENTO!$AF$11))),IF($A19=0,0,ROUND(SomaAgrupBM,15-13*ORÇAMENTO!$AF$11)))","v":0}]
[{"$f":"ORÇAMENTO!C20","v":"S"},{"$f":"ORÇAMENTO!D20","v":0},"F",{"$f":"ORÇAMENTO!O20","v":"1.2.1."},"ESCAVAÇÃO MECANIZADA PARA VIGA BALDRAME E RADIER, COM PREVISÃO DE FÔRMA, COM RETROESCAVADEIRA","M3",{"$f":"IF(RegimeExecucao=\"Global\",\"\",ORÇAMENTO!T20)","v":10.58},{"$f":"IF(RegimeExecucao=\"Global\",\"\",ORÇAMENTO!W20)","v":31.63},{"$f":"ORÇAMENTO!X20","v":334.65},0,0,0,{"$f":"IF($A20=\"S\",VTOTALBM,IF($A20=0,0,ROUND(SomaAgrupBM,15-13*ORÇAMENTO!$AF$11)))","v":{"$error":"#REF!"}},{"$error":"#REF!"},{"$f":"IF($A20=\"S\",VTOTALBM,IF($A20=0,0,ROUND(SomaAgrupBM,15-13*ORÇAMENTO!$AF$11)))","v":{"$error":"#REF!"}},null,null,null,null,{"$error":"#REF!"},{"$error":"#REF!"},{"$error":"#REF!"},{"$f":"IF($Y20>0,CHOOSE(MATCH(RegimeExecucao,{\"Unitário\",\"Global\"},0),IF($A20=\"S\",$Y20/$X20,\"\"),($Y20/$X20)*100),0)","v":{"$error":"#REF!"}},{"$f":"IF($Y20>0,CHOOSE(MATCH(RegimeExecucao,{\"Unitário\",\"Global\"},0),IF($A20=\"S\",ROUND($H20,ORÇAMENTO!$AF$10),\"\"),ROUND($I20,ORÇAMENTO!$AF$11)),\"\")","v":{"$error":"#REF!"}},{"$error":"#REF!"},null,null,null,null,null,null,null,null,null,null,null,null,null,null,null,{"$f":"IF($A20=\"S\",IF(BM!$I20=0,0,CHOOSE(MATCH(RegimeExecucao,{\"Global\",\"Unitário\"},0),ROUND(ROUND(BM.MEDAcumulado,15-13*BM!$A$9)/100*BM!$I20,15-13*ORÇAMENTO!$AF$11),ROUND(ROUND(BM.MEDAcumulado,15-13*BM!$A$9)*ROUND(BM!$H20,15-13*ORÇAMENTO!$AF$10),15-13*ORÇAMENTO!$AF$11))),IF($A20=0,0,ROUND(SomaAgrupBM,15-13*ORÇAMENTO!$AF$11)))","v":0}]
[{"$f":"ORÇAMENTO!C21","v":"S"},{"$f":"ORÇAMENTO!D21","v":0},"F",{"$f":"ORÇAMENTO!O21","v":"1.2.2."},"REATERRO MANUAL APILOADO COM SOQUETE","M3",{"$f":"IF(RegimeExecucao=\"Global\",\"\",ORÇAMENTO!T21)","v":2.12},{"$f":"IF(RegimeExecucao=\"Global\",\"\",ORÇAMENTO!W21)","v":45.73},{"$f":"ORÇAMENTO!X21","v":96.95},0,0,0,{"$f":"IF($A21=\"S\",VTOTALBM,IF($A21=0,0,ROUND(SomaAgrupBM,15-13*ORÇAMENTO!$AF$11)))","v":{"$error":"#REF!"}},{"$error":"#REF!"},{"$f":"IF($A21=\"S\",VTOTALBM,IF($A21=0,0,ROUND(SomaAgrupBM,15-13*ORÇAMENTO!$AF$11)))","v":{"$error":"#REF!"}},null,null,null,null,{"$error":"#REF!"},{"$error":"#REF!"},{"$error":"#REF!"},{"$f":"IF($Y21>0,CHOOSE(MATCH(RegimeExecucao,{\"Unitário\",\"Global\"},0),IF($A21=\"S\",$Y21/$X21,\"\"),($Y21/$X21)*100),0)","v":{"$error":"#REF!"}},{"$f":"IF($Y21>0,CHOOSE(MATCH(RegimeExecucao,{\"Unitário\",\"Global\"},0),IF($A21=\"S\",ROUND($H21,ORÇAMENTO!$AF$10),\"\"),ROUND($I21,ORÇAMENTO!$AF$11)),\"\")","v":{"$error":"#REF!"}},{"$error":"#REF!"},null,null,null,null,null,null,null,null,null,null,null,null,null,null,null,{"$f":"IF($A21=\"S\",IF(BM!$I21=0,0,CHOOSE(MATCH(RegimeExecucao,{\"Global\",\"Unitário\"},0),ROUND(ROUND(BM.MEDAcumulado,15-13*BM!$A$9)/100*BM!$I21,15-13*ORÇAMENTO!$AF$11),ROUND(ROUND(BM.MEDAcumulado,15-13*BM!$A$9)*ROUND(BM!$H21,15-13*ORÇAMENTO!$AF$10),15-13*ORÇAMENTO!$AF$11))),IF($A21=0,0,ROUND(SomaAgrupBM,15-13*ORÇAMENTO!$AF$11)))","v":0}]
[{"$f":"ORÇAMENTO!C22","v":"S"},{"$f":"ORÇAMENTO!D22","v":0},"F",{"$f":"ORÇAMENTO!O22","v":"1.2.3."},"COMPACTAÇÃO MECÂNICA DE SOLO PARA EXECUÇÃO DE RADIER, COM COMPACTADOR DE SOLOS A PERCUSSÃO. AF_09/2017","M2",{"$f":"IF(RegimeExecucao=\"Global\",\"\",ORÇAMENTO!T22)","v":8.1},{"$f":"IF(RegimeExecucao=\"Global\",\"\",ORÇAMENTO!W22)","v":3.01},{"$f":"ORÇAMENTO!X22","v":24.38},0,{"$f":"L22-J22","v":0},0,{"$f":"IF($A22=\"S\",VTOTALBM,IF($A22=0,0,ROUND(SomaAgrupBM,15-13*ORÇAMENTO!$AF$11)))","v":{"$error":"#REF!"}},{"$f":"O22-M22","v":{"$error":"#REF!"}},{"$f":"IF($A22=\"S\",VTOTALBM,IF($A22=0,0,ROUND(SomaAgrupBM,15-13*ORÇAMENTO!$AF$11)))","v":{"$error":"#REF!"}},null,null,null,null,{"$error":"#REF!"},{"$error":"#REF!"},{"$error":"#REF!"},{"$f":"IF($Y22>0,CHOOSE(MATCH(RegimeExecucao,{\"Unitário\",\"Global\"},0),IF($A22=\"S\",$Y22/$X22,\"\"),($Y22/$X22)*100),0)","v":{"$error":"#REF!"}},{"$f":"IF($Y22>0,CHOOSE(MATCH(RegimeExecucao,{\"Unitário\",\"Global\"},0),IF($A22=\"S\",ROUND($H22,ORÇAMENTO!$AF$10),\"\"),ROUND($I22,ORÇAMENTO!$AF$11)),\"\")","v":{"$error":"#REF!"}},{"$error":"#REF!"},null,null,null,null,null,null,null,null,null,null,null,null,null,null,null,{"$f":"IF($A22=\"S\",IF(BM!$I22=0,0,CHOOSE(MATCH(RegimeExecucao,{\"Global\",\"Unitário\"},0),ROUND(ROUND(BM.MEDAcumulado,15-13*BM!$A$9)/100*BM!$I22,15-13*ORÇAMENTO!$AF$11),ROUND(ROUND(BM.MEDAcumulado,15-13*BM!$A$9)*ROUND(BM!$H22,15-13*ORÇAMENTO!$AF$10),15-13*ORÇAMENTO!$AF$11))),IF($A22=0,0,ROUND(SomaAgrupBM,15-13*ORÇAMENTO!$AF$11)))","v":0}]
[{"$f":"ORÇAMENTO!C23","v":"S"},{"$f":"ORÇAMENTO!D23","v":0},"F",{"$f":"ORÇAMENTO!O23","v":"1.2.4."},"ARMAÇÃO DE PILAR OU VIGA DE UMA ESTRUTURA CONVENCIONAL DE CONCRETO ARMADO EM UM EDIFÍCIO DE MÚLTIPLOS PAVIMENTOS UTILIZANDO AÇO CA-60 DE 5,0 MM - MONTAGEM. AF_12/2015","KG",{"$f":"IF(RegimeExecucao=\"Global\",\"\",ORÇAMENTO!T23)","v":142.4},{"$f":"IF(RegimeExecucao=\"Global\",\"\",ORÇAMENTO!W23)","v":12.04},{"$f":"ORÇAMENTO!X23","v":1714.5},0,0,0,{"$f":"IF($A23=\"S\",VTOTALBM,IF($A23=0,0,ROUND(SomaAgrupBM,15-13*ORÇAMENTO!$AF$11)))","v":{"$error":"#REF!"}},{"$error":"#REF!"},{"$f":"IF($A23=\"S\",VTOTALBM,IF($A23=0,0,ROUND(SomaAgrupBM,15-13*ORÇAMENTO!$AF$11)))","v":{"$error":"#REF!"}},null,null,null,null,{"$error":"#REF!"},{"$error":"#REF!"},{"$error":"#REF!"},{"$f":"IF($Y23>0,CHOOSE(MATCH(RegimeExecucao,{\"Unitário\",\"Global\"},0),IF($A23=\"S\",$Y23/$X23,\"\"),($Y23/$X23)*100),0)","v":{"$error":"#REF!"}},{"$f":"IF($Y23>0,CHOOSE(MATCH(RegimeExecucao,{\"Unitário\",\"Global\"},0),IF($A23=\"S\",ROUND($H23,ORÇAMENTO!$AF$10),\"\"),ROUND($I23,ORÇAMENTO!$AF$11)),\"\")","v":{"$error":"#REF!"}},{"$error":"#REF!"},null,null,null,null,null,null,null,null,null,null,null,null,null,null,null,{"$f":"IF($A23=\"S\",IF(BM!$I23=0,0,CHOOSE(MATCH(RegimeExecucao,{\"Global\",\"Unitário\"},0),ROUND(ROUND(BM.MEDAcumulado,15-13*BM!$A$9)/100*BM!$I23,15-13*ORÇAMENTO!$AF$11),ROUND(ROUND(BM.MEDAcumulado,15-13*BM!$A$9)*ROUND(BM!$H23,15-13*ORÇAMENTO!$AF$10),15-13*ORÇAMENTO!$AF$11))),IF($A23=0,0,ROUND(SomaAgrupBM,15-13*ORÇAMENTO!$AF$11)))","v":0}]
[{"$f":"ORÇAMENTO!C24","v":"S"},{"$f":"ORÇAMENTO!D24","v":0},"F",{"$f":"ORÇAMENTO!O24","v":"1.2.5."},"ARMAÇÃO DE PILAR OU VIGA DE UMA ESTRUTURA CONVENCIONAL DE CONCRETO ARMADO EM UM EDIFÍCIO DE MÚLTIPLOS PAVIMENTOS UTILIZANDO AÇO CA-50 DE 6,3 MM - MONTAGEM. AF_12/2015","KG",{"$f":"IF(RegimeExecucao=\"Global\",\"\",ORÇAMENTO!T24)","v":5.0999999999999996},{"$f":"IF(RegimeExecucao=\"Global\",\"\",ORÇAMENTO!W24)","v":10.83},{"$f":"ORÇAMENTO!X24","v":55.23},0,0,0,{"$f":"IF($A24=\"S\",VTOTALBM,IF($A24=0,0,ROUND(SomaAgrupBM,15-13*ORÇAMENTO!$AF$11)))","v":{"$error":"#REF!"}},{"$error":"#REF!"},{"$f":"IF($A24=\"S\",VTOTALBM,IF($A24=0,0,ROUND(SomaAgrupBM,15-13*ORÇAMENTO!$AF$11)))","v":{"$error":"#REF!"}},null,null,null,null,{"$error":"#REF!"},{"$error":"#REF!"},{"$error":"#REF!"},{"$f":"IF($Y24>0,CHOOSE(MATCH(RegimeExecucao,{\"Unitário\",\"Global\"},0),IF($A24=\"S\",$Y24/$X24,\"\"),($Y24/$X24)*100),0)","v":{"$error":"#REF!"}},{"$f":"IF($Y24>0,CHOOSE(MATCH(RegimeExecucao,{\"Unitário\",\"Global\"},0),IF($A24=\"S\",ROUND($H24,ORÇAMENTO!$AF$10),\"\"),ROUND($I24,ORÇAMENTO!$AF$11)),\"\")","v":{"$error":"#REF!"}},{"$error":"#REF!"},null,null,null,null,null,null,null,null,null,null,null,null,null,null,null,{"$f":"IF($A24=\"S\",IF(BM!$I24=0,0,CHOOSE(MATCH(RegimeExecucao,{\"Global\",\"Unitário\"},0),ROUND(ROUND(BM.MEDAcumulado,15-13*BM!$A$9)/100*BM!$I24,15-13*ORÇAMENTO!$AF$11),ROUND(ROUND(BM.MEDAcumulado,15-13*BM!$A$9)*ROUND(BM!$H24,15-13*ORÇAMENTO!$AF$10),15-13*ORÇAMENTO!$AF$11))),IF($A24=0,0,ROUND(SomaAgrupBM,15-13*ORÇAMENTO!$AF$11)))","v":0}]
[{"$f":"ORÇAMENTO!C25","v":"S"},{"$f":"ORÇAMENTO!D25","v":0},"F",{"$f":"ORÇAMENTO!O25","v":"1.2.6."},"ARMAÇÃO DE PILAR OU VIGA DE UMA ESTRUTURA CONVENCIONAL DE CONCRETO ARMADO EM UM EDIFÍCIO DE MÚLTIPLOS PAVIMENTOS UTILIZANDO AÇO CA-50 DE 8,0 MM - MONTAGEM. AF_12/2015","KG",{"$f":"IF(RegimeExecucao=\"Global\",\"\",ORÇAMENTO!T25)","v":86.8},{"$f":"IF(RegimeExecucao=\"Global\",\"\",ORÇAMENTO!W25)","v":9.6300000000000008},{"$f":"ORÇAMENTO!X25","v":835.88},0,0,0,{"$f":"IF($A25=\"S\",VTOTALBM,IF($A25=0,0,ROUND(SomaAgrupBM,15-13*ORÇAMENTO!$AF$11)))","v":{"$error":"#REF!"}},{"$error":"#REF!"},{"$f":"IF($A25=\"S\",VTOTALBM,IF($A25=0,0,ROUND(SomaAgrupBM,15-13*ORÇAMENTO!$AF$11)))","v":{"$error":"#REF!"}},null,null,null,null,{"$error":"#REF!"},{"$error":"#REF!"},{"$error":"#REF!"},{"$f":"IF($Y25>0,CHOOSE(MATCH(RegimeExecucao,{\"Unitário\",\"Global\"},0),IF($A25=\"S\",$Y25/$X25,\"\"),($Y25/$X25)*100),0)","v":{"$error":"#REF!"}},{"$f":"IF($Y25>0,CHOOSE(MATCH(RegimeExecucao,{\"Unitário\",\"Global\"},0),IF($A25=\"S\",ROUND($H25,ORÇAMENTO!$AF$10),\"\"),ROUND($I25,ORÇAMENTO!$AF$11)),\"\")","v":{"$error":"#REF!"}},{"$error":"#REF!"},null,null,null,null,null,null,null,null,null,null,null,null,null,null,null,{"$f":"IF($A25=\"S\",IF(BM!$I25=0,0,CHOOSE(MATCH(RegimeExecucao,{\"Global\",\"Unitário\"},0),ROUND(ROUND(BM.MEDAcumulado,15-13*BM!$A$9)/100*BM!$I25,15-13*ORÇAMENTO!$AF$11),ROUND(ROUND(BM.MEDAcumulado,15-13*BM!$A$9)*ROUND(BM!$H25,15-13*ORÇAMENTO!$AF$10),15-13*ORÇAMENTO!$AF$11))),IF($A25=0,0,ROUND(SomaAgrupBM,15-13*ORÇAMENTO!$AF$11)))","v":0}]
[{"$f":"ORÇAMENTO!C26","v":"S"},{"$f":"ORÇAMENTO!D26","v":0},"F",{"$f":"ORÇAMENTO!O26","v":"1.2.7."},"ARMAÇÃO DE PILAR OU VIGA DE UMA ESTRUTURA CONVENCIONAL DE CONCRETO ARMADO EM UM EDIFÍCIO DE MÚLTIPLOS PAVIMENTOS UTILIZANDO AÇO CA-50 DE 10,0 MM - MONTAGEM. AF_12/2015","KG",{"$f":"IF(RegimeExecucao=\"Global\",\"\",ORÇAMENTO!T26)","v":168.8},{"$f":"IF(RegimeExecucao=\"Global\",\"\",ORÇAMENTO!W26)","v":8.42},{"$f":"ORÇAMENTO!X26","v":1421.3},0,0,0,{"$f":"IF($A26=\"S\",VTOTALBM,IF($A26=0,0,ROUND(SomaAgrupBM,15-13*ORÇAMENTO!$AF$11)))","v":{"$error":"#REF!"}},{"$error":"#REF!"},{"$f":"IF($A26=\"S\",VTOTALBM,IF($A26=0,0,ROUND(SomaAgrupBM,15-13*ORÇAMENTO!$AF$11)))","v":{"$error":"#REF!"}},null,null,null,null,{"$error":"#REF!"},{"$error":"#REF!"},{"$error":"#REF!"},{"$f":"IF($Y26>0,CHOOSE(MATCH(RegimeExecucao,{\"Unitário\",\"Global\"},0),IF($A26=\"S\",$Y26/$X26,\"\"),($Y26/$X26)*100),0)","v":{"$error":"#REF!"}},{"$f":"IF($Y26>0,CHOOSE(MATCH(RegimeExecucao,{\"Unitário\",\"Global\"},0),IF($A26=\"S\",ROUND($H26,ORÇAMENTO!$AF$10),\"\"),ROUND($I26,ORÇAMENTO!$AF$11)),\"\")","v":{"$error":"#REF!"}},{"$error":"#REF!"},null,null,null,null,null,null,null,null,null,null,null,null,null,null,null,{"$f":"IF($A26=\"S\",IF(BM!$I26=0,0,CHOOSE(MATCH(RegimeExecucao,{\"Global\",\"Unitário\"},0),ROUND(ROUND(BM.MEDAcumulado,15-13*BM!$A$9)/100*BM!$I26,15-13*ORÇAMENTO!$AF$11),ROUND(ROUND(BM.MEDAcumulado,15-13*BM!$A$9)*ROUND(BM!$H26,15-13*ORÇAMENTO!$AF$10),15-13*ORÇAMENTO!$AF$11))),IF($A26=0,0,ROUND(SomaAgrupBM,15-13*ORÇAMENTO!$AF$11)))","v":0}]
[{"$f":"ORÇAMENTO!C27","v":"S"},{"$f":"ORÇAMENTO!D27","v":0},"F",{"$f":"ORÇAMENTO!O27","v":"1.2.8."},"ARMAÇÃO DE PILAR OU VIGA DE UMA ESTRUTURA CONVENCIONAL DE CONCRETO ARMADO EM UM EDIFÍCIO DE MÚLTIPLOS PAVIMENTOS UTILIZANDO AÇO CA-50 DE 12,5 MM - MONTAGEM. AF_12/2015","KG",{"$f":"IF(RegimeExecucao=\"Global\",\"\",ORÇAMENTO!T27)","v":303.5},{"$f":"IF(RegimeExecucao=\"Global\",\"\",ORÇAMENTO!W27)","v":7.22},{"$f":"ORÇAMENTO!X27","v":2191.27},0,0,0,{"$f":"IF($A27=\"S\",VTOTALBM,IF($A27=0,0,ROUND(SomaAgrupBM,15-13*ORÇAMENTO!$AF$11)))","v":{"$error":"#REF!"}},{"$error":"#REF!"},{"$f":"IF($A27=\"S\",VTOTALBM,IF($A27=0,0,ROUND(SomaAgrupBM,15-13*ORÇAMENTO!$AF$11)))","v":{"$error":"#REF!"}},null,null,null,null,{"$error":"#REF!"},{"$error":"#REF!"},{"$error":"#REF!"},{"$f":"IF($Y27>0,CHOOSE(MATCH(RegimeExecucao,{\"Unitário\",\"Global\"},0),IF($A27=\"S\",$Y27/$X27,\"\"),($Y27/$X27)*100),0)","v":{"$error":"#REF!"}},{"$f":"IF($Y27>0,CHOOSE(MATCH(RegimeExecucao,{\"Unitário\",\"Global\"},0),IF($A27=\"S\",ROUND($H27,ORÇAMENTO!$AF$10),\"\"),ROUND($I27,ORÇAMENTO!$AF$11)),\"\")","v":{"$error":"#REF!"}},{"$error":"#REF!"},null,null,null,null,null,null,null,null,null,null,null,null,null,null,null,{"$f":"IF($A27=\"S\",IF(BM!$I27=0,0,CHOOSE(MATCH(RegimeExecucao,{\"Global\",\"Unitário\"},0),ROUND(ROUND(BM.MEDAcumulado,15-13*BM!$A$9)/100*BM!$I27,15-13*ORÇAMENTO!$AF$11),ROUND(ROUND(BM.MEDAcumulado,15-13*BM!$A$9)*ROUND(BM!$H27,15-13*ORÇAMENTO!$AF$10),15-13*ORÇAMENTO!$AF$11))),IF($A27=0,0,ROUND(SomaAgrupBM,15-13*ORÇAMENTO!$AF$11)))","v":0}]
[{"$f":"ORÇAMENTO!C28","v":"S"},{"$f":"ORÇAMENTO!D28","v":0},"F",{"$f":"ORÇAMENTO!O28","v":"1.2.9."},"ARMAÇÃO DE LAJE DE UMA ESTRUTURA CONVENCIONAL DE CONCRETO ARMADO EM UM EDIFÍCIO DE MÚLTIPLOS PAVIMENTOS UTILIZANDO AÇO CA-50 DE 6,3 MM - MONTAGEM. AF_12/2015","KG",{"$f":"IF(RegimeExecucao=\"Global\",\"\",ORÇAMENTO!T28)","v":128.19999999999999},{"$f":"IF(RegimeExecucao=\"Global\",\"\",ORÇAMENTO!W28)","v":9.6300000000000008},{"$f":"ORÇAMENTO!X28","v":1234.57},0,0,0,{"$f":"IF($A28=\"S\",VTOTALBM,IF($A28=0,0,ROUND(SomaAgrupBM,15-13*ORÇAMENTO!$AF$11)))","v":{"$error":"#REF!"}},{"$error":"#REF!"},{"$f":"IF($A28=\"S\",VTOTALBM,IF($A28=0,0,ROUND(SomaAgrupBM,15-13*ORÇAMENTO!$AF$11)))","v":{"$error":"#REF!"}},null,null,null,null,{"$error":"#REF!"},{"$error":"#REF!"},{"$error":"#REF!"},{"$f":"IF($Y28>0,CHOOSE(MATCH(RegimeExecucao,{\"Unitário\",\"Global\"},0),IF($A28=\"S\",$Y28/$X28,\"\"),($Y28/$X28)*100),0)","v":{"$error":"#REF!"}},{"$f":"IF($Y28>0,CHOOSE(MATCH(RegimeExecucao,{\"Unitário\",\"Global\"},0),IF($A28=\"S\",ROUND($H28,ORÇAMENTO!$AF$10),\"\"),ROUND($I28,ORÇAMENTO!$AF$11)),\"\")","v":{"$error":"#REF!"}},{"$error":"#REF!"},null,null,null,null,null,null,null,null,null,null,null,null,null,null,null,{"$f":"IF($A28=\"S\",IF(BM!$I28=0,0,CHOOSE(MATCH(RegimeExecucao,{\"Global\",\"Unitário\"},0),ROUND(ROUND(BM.MEDAcumulado,15-13*BM!$A$9)/100*BM!$I28,15-13*ORÇAMENTO!$AF$11),ROUND(ROUND(BM.MEDAcumulado,15-13*BM!$A$9)*ROUND(BM!$H28,15-13*ORÇAMENTO!$AF$10),15-13*ORÇAMENTO!$AF$11))),IF($A28=0,0,ROUND(SomaAgrupBM,15-13*ORÇAMENTO!$AF$11)))","v":0}]
[{"$f":"ORÇAMENTO!C29","v":"S"},{"$f":"ORÇAMENTO!D29","v":0},"F",{"$f":"ORÇAMENTO!O29","v":"1.2.10."},"ARMAÇÃO DE LAJE DE UMA ESTRUTURA CONVENCIONAL DE CONCRETO ARMADO EM UM EDIFÍCIO DE MÚLTIPLOS PAVIMENTOS UTILIZANDO AÇO CA-50 DE 8,0 MM - MONTAGEM. AF_12/2015","KG",{"$f":"IF(RegimeExecucao=\"Global\",\"\",ORÇAMENTO!T29)","v":306.3},{"$f":"IF(RegimeExecucao=\"Global\",\"\",ORÇAMENTO!W29)","v":8.42},{"$f":"ORÇAMENTO!X29","v":2579.0500000000002},0,0,0,{"$f":"IF($A29=\"S\",VTOTALBM,IF($A29=0,0,ROUND(SomaAgrupBM,15-13*ORÇAMENTO!$AF$11)))","v":{"$error":"#REF!"}},{"$error":"#REF!"},{"$f":"IF($A29=\"S\",VTOTALBM,IF($A29=0,0,ROUND(SomaAgrupBM,15-13*ORÇAMENTO!$AF$11)))","v":{"$error":"#REF!"}},null,null,null,null,{"$error":"#REF!"},{"$error":"#REF!"},{"$error":"#REF!"},{"$f":"IF($Y29>0,CHOOSE(MATCH(RegimeExecucao,{\"Unitário\",\"Global\"},0),IF($A29=\"S\",$Y29/$X29,\"\"),($Y29/$X29)*100),0)","v":{"$error":"#REF!"}},{"$f":"IF($Y29>0,CHOOSE(MATCH(RegimeExecucao,{\"Unitário\",\"Global\"},0),IF($A29=\"S\",ROUND($H29,ORÇAMENTO!$AF$10),\"\"),ROUND($I29,ORÇAMENTO!$AF$11)),\"\")","v":{"$error":"#REF!"}},{"$error":"#REF!"},null,null,null,null,null,null,null,null,null,null,null,null,null,null,null,{"$f":"IF($A29=\"S\",IF(BM!$I29=0,0,CHOOSE(MATCH(RegimeExecucao,{\"Global\",\"Unitário\"},0),ROUND(ROUND(BM.MEDAcumulado,15-13*BM!$A$9)/100*BM!$I29,15-13*ORÇAMENTO!$AF$11),ROUND(ROUND(BM.MEDAcumulado,15-13*BM!$A$9)*ROUND(BM!$H29,15-13*ORÇAMENTO!$AF$10),15-13*ORÇAMENTO!$AF$11))),IF($A29=0,0,ROUND(SomaAgrupBM,15-13*ORÇAMENTO!$AF$11)))","v":0}]
[{"$f":"ORÇAMENTO!C30","v":"S"},{"$f":"ORÇAMENTO!D30","v":0},{"$f":"IF(OR($I30>0,$A30=1,$A30=2,$A30=3,$A30=4),\"F\",\"\")","v":"F"},{"$f":"ORÇAMENTO!O30","v":"1.2.11."},{"$f":"ORÇAMENTO.Descricao","v":"ARMAÇÃO DE LAJE DE UMA ESTRUTURA CONVENCIONAL DE CONCRETO ARMADO EM UM EDIFÍCIO DE MÚLTIPLOS PAVIMENTOS UTILIZANDO AÇO CA-50 DE 10,0 MM - MONTAGEM. AF_12/2015"},{"$f":"IF(RegimeExecucao=\"Global\",\"\",ORÇAMENTO.Unidade)","v":"KG"},{"$f":"IF(RegimeExecucao=\"Global\",\"\",ORÇAMENTO!T30)","v":67.5},{"$f":"IF(RegimeExecucao=\"Global\",\"\",ORÇAMENTO!W30)","v":7.22},{"$f":"ORÇAMENTO!X30","v":487.35},{"$f":"IF($A30=\"S\",IF(CAIXA.Modo,BM.AFAnterior,BM.MEDAnterior),IF(AND(RegimeExecucao=\"Global\",$I30>0,COUNTIF($AB$13:$AM$13,BM.medicao-1)>0),M30/$I30*100,0))","v":0},0,{"$f":"IF($A30=\"S\",IF(CAIXA.Modo,BM.AFAcumulado,BM.MEDAcumulado),IF(AND(RegimeExecucao=\"Global\",$I30>0,COUNTIF($AB$13:$AM$13,BM.medicao)>0),O30/$I30*100,0))","v":0},{"$f":"IF($A30=\"S\",VTOTALBM,IF($A30=0,0,ROUND(SomaAgrupBM,15-13*ORÇAMENTO!$AF$11)))","v":{"$error":"#REF!"}},{"$error":"#REF!"},{"$f":"IF($A30=\"S\",VTOTALBM,IF($A30=0,0,ROUND(SomaAgrupBM,15-13*ORÇAMENTO!$AF$11)))","v":{"$error":"#REF!"}},null,null,null,null,{"$f":"IF($W30>0,$D30,\"\")","v":{"$error":"#REF!"}},{"$f":"IF($W30>0,$E30,\"\")","v":{"$error":"#REF!"}},{"$f":"IF(AND($W30>0,RegimeExecucao=\"Unitário\"),$F30,\"\")","v":{"$error":"#REF!"}},{"$f":"IF($Y30>0,CHOOSE(MATCH(RegimeExecucao,{\"Unitário\",\"Global\"},0),IF($A30=\"S\",$Y30/$X30,\"\"),($Y30/$X30)*100),0)","v":{"$error":"#REF!"}},{"$f":"IF($Y30>0,CHOOSE(MATCH(RegimeExecucao,{\"Unitário\",\"Global\"},0),IF($A30=\"S\",ROUND($H30,ORÇAMENTO!$AF$10),\"\"),ROUND($I30,ORÇAMENTO!$AF$11)),\"\")","v":{"$error":"#REF!"}},{"$f":"AO30-O30","v":{"$error":"#REF!"}},null,null,null,null,null,null,null,null,null,null,null,null,null,null,null,{"$f":"IF($A30=\"S\",IF(BM!$I30=0,0,CHOOSE(MATCH(RegimeExecucao,{\"Global\",\"Unitário\"},0),ROUND(ROUND(BM.MEDAcumulado,15-13*BM!$A$9)/100*BM!$I30,15-13*ORÇAMENTO!$AF$11),ROUND(ROUND(BM.MEDAcumulado,15-13*BM!$A$9)*ROUND(BM!$H30,15-13*ORÇAMENTO!$AF$10),15-13*ORÇAMENTO!$AF$11))),IF($A30=0,0,ROUND(SomaAgrupBM,15-13*ORÇAMENTO!$AF$11)))","v":0}]
[{"$f":"ORÇAMENTO!C31","v":"S"},{"$f":"ORÇAMENTO!D31","v":0},{"$f":"IF(OR($I31>0,$A31=1,$A31=2,$A31=3,$A31=4),\"F\",\"\")","v":"F"},{"$f":"ORÇAMENTO!O31","v":"1.2.12."},"ARMAÇÃO DE LAJE DE UMA ESTRUTURA CONVENCIONAL DE CONCRETO ARMADO EM UM EDIFÍCIO DE MÚLTIPLOS PAVIMENTOS UTILIZANDO AÇO CA-50 DE 12,5 MM - MONTAGEM. AF_12/2015","KG",{"$f":"IF(RegimeExecucao=\"Global\",\"\",ORÇAMENTO!T31)","v":6.9},{"$f":"IF(RegimeExecucao=\"Global\",\"\",ORÇAMENTO!W31)","v":6.62},{"$f":"ORÇAMENTO!X31","v":45.68},0,0,0,{"$f":"IF($A31=\"S\",VTOTALBM,IF($A31=0,0,ROUND(SomaAgrupBM,15-13*ORÇAMENTO!$AF$11)))","v":{"$error":"#REF!"}},{"$error":"#REF!"},{"$f":"IF($A31=\"S\",VTOTALBM,IF($A31=0,0,ROUND(SomaAgrupBM,15-13*ORÇAMENTO!$AF$11)))","v":{"$error":"#REF!"}},null,null,null,null,{"$f":"IF($W31>0,$D31,\"\")","v":{"$error":"#REF!"}},{"$f":"IF($W31>0,$E31,\"\")","v":{"$error":"#REF!"}},{"$error":"#REF!"},{"$f":"IF($Y31>0,CHOOSE(MATCH(RegimeExecucao,{\"Unitário\",\"Global\"},0),IF($A31=\"S\",$Y31/$X31,\"\"),($Y31/$X31)*100),0)","v":{"$error":"#REF!"}},{"$f":"IF($Y31>0,CHOOSE(MATCH(RegimeExecucao,{\"Unitário\",\"Global\"},0),IF($A31=\"S\",ROUND($H31,ORÇAMENTO!$AF$10),\"\"),ROUND($I31,ORÇAMENTO!$AF$11)),\"\")","v":{"$error":"#REF!"}},{"$f":"AO31-O31","v":{"$error":"#REF!"}},null,null,null,null,null,null,null,null,null,null,null,null,null,null,null,{"$f":"IF($A31=\"S\",IF(BM!$I31=0,0,CHOOSE(MATCH(RegimeExecucao,{\"Global\",\"Unitário\"},0),ROUND(ROUND(BM.MEDAcumulado,15-13*BM!$A$9)/100*BM!$I31,15-13*ORÇAMENTO!$AF$11),ROUND(ROUND(BM.MEDAcumulado,15-13*BM!$A$9)*ROUND(BM!$H31,15-13*ORÇAMENTO!$AF$10),15-13*ORÇAMENTO!$AF$11))),IF($A31=0,0,ROUND(SomaAgrupBM,15-13*ORÇAMENTO!$AF$11)))","v":0}]
[{"$f":"ORÇAMENTO!C32","v":"S"},{"$f":"ORÇAMENTO!D32","v":0},"F",{"$f":"ORÇAMENTO!O32","v":"1.2.13."},"ARMAÇÃO DE LAJE DE UMA ESTRUTURA CONVENCIONAL DE CONCRETO ARMADO EM UM EDIFÍCIO DE MÚLTIPLOS PAVIMENTOS UTILIZANDO AÇO CA-50 DE 16,0 MM - MONTAGEM. AF_12/2015","KG",{"$f":"IF(RegimeExecucao=\"Global\",\"\",ORÇAMENTO!T32)","v":65.900000000000006},{"$f":"IF(RegimeExecucao=\"Global\",\"\",ORÇAMENTO!W32)","v":6.02},{"$f":"ORÇAMENTO!X32","v":396.72},0,0,0,{"$f":"IF($A32=\"S\",VTOTALBM,IF($A32=0,0,ROUND(SomaAgrupBM,15-13*ORÇAMENTO!$AF$11)))","v":{"$error":"#REF!"}},{"$error":"#REF!"},{"$f":"IF($A32=\"S\",VTOTALBM,IF($A32=0,0,ROUND(SomaAgrupBM,15-13*ORÇAMENTO!$AF$11)))","v":{"$error":"#REF!"}},null,null,null,null,{"$error":"#REF!"},{"$error":"#REF!"},{"$error":"#REF!"},{"$f":"IF($Y32>0,CHOOSE(MATCH(RegimeExecucao,{\"Unitário\",\"Global\"},0),IF($A32=\"S\",$Y32/$X32,\"\"),($Y32/$X32)*100),0)","v":{"$error":"#REF!"}},{"$f":"IF($Y32>0,CHOOSE(MATCH(RegimeExecucao,{\"Unitário\",\"Global\"},0),IF($A32=\"S\",ROUND($H32,ORÇAMENTO!$AF$10),\"\"),ROUND($I32,ORÇAMENTO!$AF$11)),\"\")","v":{"$error":"#REF!"}},{"$error":"#REF!"},null,null,null,null,null,null,null,null,null,null,null,null,null,null,null,{"$f":"IF($A32=\"S\",IF(BM!$I32=0,0,CHOOSE(MATCH(RegimeExecucao,{\"Global\",\"Unitário\"},0),ROUND(ROUND(BM.MEDAcumulado,15-13*BM!$A$9)/100*BM!$I32,15-13*ORÇAMENTO!$AF$11),ROUND(ROUND(BM.MEDAcumulado,15-13*BM!$A$9)*ROUND(BM!$H32,15-13*ORÇAMENTO!$AF$10),15-13*ORÇAMENTO!$AF$11))),IF($A32=0,0,ROUND(SomaAgrupBM,15-13*ORÇAMENTO!$AF$11)))","v":0}]
[{"$f":"ORÇAMENTO!C33","v":"S"},{"$f":"ORÇAMENTO!D33","v":0},"F",{"$f":"ORÇAMENTO!O33","v":"1.2.14."},"ARMAÇÃO DE ESCADA, COM 2 LANCES, DE UMA ESTRUTURA CONVENCIONAL DE CONCRETO ARMADO UTILIZANDO AÇO CA-60 DE 5,0 MM - MONTAGEM. AF_01/2017","KG",{"$f":"IF(RegimeExecucao=\"Global\",\"\",ORÇAMENTO!T33)","v":20.3},{"$f":"IF(RegimeExecucao=\"Global\",\"\",ORÇAMENTO!W33)","v":18.05},{"$f":"ORÇAMENTO!X33","v":366.42},0,0,0,{"$f":"IF($A33=\"S\",VTOTALBM,IF($A33=0,0,ROUND(SomaAgrupBM,15-13*ORÇAMENTO!$AF$11)))","v":{"$error":"#REF!"}},{"$error":"#REF!"},{"$f":"IF($A33=\"S\",VTOTALBM,IF($A33=0,0,ROUND(SomaAgrupBM,15-13*ORÇAMENTO!$AF$11)))","v":{"$error":"#REF!"}},null,null,null,null,{"$error":"#REF!"},{"$error":"#REF!"},{"$error":"#REF!"},{"$f":"IF($Y33>0,CHOOSE(MATCH(RegimeExecucao,{\"Unitário\",\"Global\"},0),IF($A33=\"S\",$Y33/$X33,\"\"),($Y33/$X33)*100),0)","v":{"$error":"#REF!"}},{"$f":"IF($Y33>0,CHOOSE(MATCH(RegimeExecucao,{\"Unitário\",\"Global\"},0),IF($A33=\"S\",ROUND($H33,ORÇAMENTO!$AF$10),\"\"),ROUND($I33,ORÇAMENTO!$AF$11)),\"\")","v":{"$error":"#REF!"}},{"$error":"#REF!"},null,null,null,null,null,null,null,null,null,null,null,null,null,null,null,{"$f":"IF($A33=\"S\",IF(BM!$I33=0,0,CHOOSE(MATCH(RegimeExecucao,{\"Global\",\"Unitário\"},0),ROUND(ROUND(BM.MEDAcumulado,15-13*BM!$A$9)/100*BM!$I33,15-13*ORÇAMENTO!$AF$11),ROUND(ROUND(BM.MEDAcumulado,15-13*BM!$A$9)*ROUND(BM!$H33,15-13*ORÇAMENTO!$AF$10),15-13*ORÇAMENTO!$AF$11))),IF($A33=0,0,ROUND(SomaAgrupBM,15-13*ORÇAMENTO!$AF$11)))","v":0}]
[{"$f":"ORÇAMENTO!C34","v":"S"},{"$f":"ORÇAMENTO!D34","v":0},"F",{"$f":"ORÇAMENTO!O34","v":"1.2.15."},"ARMAÇÃO DE ESCADA, COM 2 LANCES, DE UMA ESTRUTURA CONVENCIONAL DE CONCRETO ARMADO UTILIZANDO AÇO CA-50 DE 6,3 MM - MONTAGEM. AF_01/2017","KG",{"$f":"IF(RegimeExecucao=\"Global\",\"\",ORÇAMENTO!T34)","v":22.2},{"$f":"IF(RegimeExecucao=\"Global\",\"\",ORÇAMENTO!W34)","v":15.65},{"$f":"ORÇAMENTO!X34","v":347.43},0,0,0,{"$f":"IF($A34=\"S\",VTOTALBM,IF($A34=0,0,ROUND(SomaAgrupBM,15-13*ORÇAMENTO!$AF$11)))","v":{"$error":"#REF!"}},{"$error":"#REF!"},{"$f":"IF($A34=\"S\",VTOTALBM,IF($A34=0,0,ROUND(SomaAgrupBM,15-13*ORÇAMENTO!$AF$11)))","v":{"$error":"#REF!"}},null,null,null,null,{"$error":"#REF!"},{"$error":"#REF!"},{"$error":"#REF!"},{"$f":"IF($Y34>0,CHOOSE(MATCH(RegimeExecucao,{\"Unitário\",\"Global\"},0),IF($A34=\"S\",$Y34/$X34,\"\"),($Y34/$X34)*100),0)","v":{"$error":"#REF!"}},{"$f":"IF($Y34>0,CHOOSE(MATCH(RegimeExecucao,{\"Unitário\",\"Global\"},0),IF($A34=\"S\",ROUND($H34,ORÇAMENTO!$AF$10),\"\"),ROUND($I34,ORÇAMENTO!$AF$11)),\"\")","v":{"$error":"#REF!"}},{"$error":"#REF!"},null,null,null,null,null,null,null,null,null,null,null,null,null,null,null,{"$f":"IF($A34=\"S\",IF(BM!$I34=0,0,CHOOSE(MATCH(RegimeExecucao,{\"Global\",\"Unitário\"},0),ROUND(ROUND(BM.MEDAcumulado,15-13*BM!$A$9)/100*BM!$I34,15-13*ORÇAMENTO!$AF$11),ROUND(ROUND(BM.MEDAcumulado,15-13*BM!$A$9)*ROUND(BM!$H34,15-13*ORÇAMENTO!$AF$10),15-13*ORÇAMENTO!$AF$11))),IF($A34=0,0,ROUND(SomaAgrupBM,15-13*ORÇAMENTO!$AF$11)))","v":0}]
[{"$f":"ORÇAMENTO!C35","v":"S"},{"$f":"ORÇAMENTO!D35","v":0},"F",{"$f":"ORÇAMENTO!O35","v":"1.2.16."},"ARMAÇÃO DE ESCADA, COM 2 LANCES, DE UMA ESTRUTURA CONVENCIONAL DE CONCRETO ARMADO UTILIZANDO AÇO CA-50 DE 8,0 MM - MONTAGEM. AF_01/2017","KG",{"$f":"IF(RegimeExecucao=\"Global\",\"\",ORÇAMENTO!T35)","v":10},{"$f":"IF(RegimeExecucao=\"Global\",\"\",ORÇAMENTO!W35)","v":12.04},{"$f":"ORÇAMENTO!X35","v":120.4},0,0,0,{"$f":"IF($A35=\"S\",VTOTALBM,IF($A35=0,0,ROUND(SomaAgrupBM,15-13*ORÇAMENTO!$AF$11)))","v":{"$error":"#REF!"}},{"$error":"#REF!"},{"$f":"IF($A35=\"S\",VTOTALBM,IF($A35=0,0,ROUND(SomaAgrupBM,15-13*ORÇAMENTO!$AF$11)))","v":{"$error":"#REF!"}},null,null,null,null,{"$error":"#REF!"},{"$error":"#REF!"},{"$error":"#REF!"},{"$f":"IF($Y35>0,CHOOSE(MATCH(RegimeExecucao,{\"Unitário\",\"Global\"},0),IF($A35=\"S\",$Y35/$X35,\"\"),($Y35/$X35)*100),0)","v":{"$error":"#REF!"}},{"$f":"IF($Y35>0,CHOOSE(MATCH(RegimeExecucao,{\"Unitário\",\"Global\"},0),IF($A35=\"S\",ROUND($H35,ORÇAMENTO!$AF$10),\"\"),ROUND($I35,ORÇAMENTO!$AF$11)),\"\")","v":{"$error":"#REF!"}},{"$error":"#REF!"},null,null,null,null,null,null,null,null,null,null,null,null,null,null,null,{"$f":"IF($A35=\"S\",IF(BM!$I35=0,0,CHOOSE(MATCH(RegimeExecucao,{\"Global\",\"Unitário\"},0),ROUND(ROUND(BM.MEDAcumulado,15-13*BM!$A$9)/100*BM!$I35,15-13*ORÇAMENTO!$AF$11),ROUND(ROUND(BM.MEDAcumulado,15-13*BM!$A$9)*ROUND(BM!$H35,15-13*ORÇAMENTO!$AF$10),15-13*ORÇAMENTO!$AF$11))),IF($A35=0,0,ROUND(SomaAgrupBM,15-13*ORÇAMENTO!$AF$11)))","v":0}]
[{"$f":"ORÇAMENTO!C36","v":"S"},{"$f":"ORÇAMENTO!D36","v":0},"F",{"$f":"ORÇAMENTO!O36","v":"1.2.17."},"ARMAÇÃO DE ESCADA, COM 2 LANCES, DE UMA ESTRUTURA CONVENCIONAL DE CONCRETO ARMADO UTILIZANDO AÇO CA-50 DE 10,0 MM - MONTAGEM. AF_01/2017","KG",{"$f":"IF(RegimeExecucao=\"Global\",\"\",ORÇAMENTO!T36)","v":68.2},{"$f":"IF(RegimeExecucao=\"Global\",\"\",ORÇAMENTO!W36)","v":9.6300000000000008},{"$f":"ORÇAMENTO!X36","v":656.77},0,0,0,{"$f":"IF($A36=\"S\",VTOTALBM,IF($A36=0,0,ROUND(SomaAgrupBM,15-13*ORÇAMENTO!$AF$11)))","v":{"$error":"#REF!"}},{"$error":"#REF!"},{"$f":"IF($A36=\"S\",VTOTALBM,IF($A36=0,0,ROUND(SomaAgrupBM,15-13*ORÇAMENTO!$AF$11)))","v":{"$error":"#REF!"}},null,null,null,null,{"$error":"#REF!"},{"$error":"#REF!"},{"$error":"#REF!"},{"$f":"IF($Y36>0,CHOOSE(MATCH(RegimeExecucao,{\"Unitário\",\"Global\"},0),IF($A36=\"S\",$Y36/$X36,\"\"),($Y36/$X36)*100),0)","v":{"$error":"#REF!"}},{"$f":"IF($Y36>0,CHOOSE(MATCH(RegimeExecucao,{\"Unitário\",\"Global\"},0),IF($A36=\"S\",ROUND($H36,ORÇAMENTO!$AF$10),\"\"),ROUND($I36,ORÇAMENTO!$AF$11)),\"\")","v":{"$error":"#REF!"}},{"$error":"#REF!"},null,null,null,null,null,null,null,null,null,null,null,null,null,null,null,{"$f":"IF($A36=\"S\",IF(BM!$I36=0,0,CHOOSE(MATCH(RegimeExecucao,{\"Global\",\"Unitário\"},0),ROUND(ROUND(BM.MEDAcumulado,15-13*BM!$A$9)/100*BM!$I36,15-13*ORÇAMENTO!$AF$11),ROUND(ROUND(BM.MEDAcumulado,15-13*BM!$A$9)*ROUND(BM!$H36,15-13*ORÇAMENTO!$AF$10),15-13*ORÇAMENTO!$AF$11))),IF($A36=0,0,ROUND(SomaAgrupBM,15-13*ORÇAMENTO!$AF$11)))","v":0}]
[{"$f":"ORÇAMENTO!C37","v":"S"},{"$f":"ORÇAMENTO!D37","v":0},{"$f":"IF(OR($I37>0,$A37=1,$A37=2,$A37=3,$A37=4),\"F\",\"\")","v":"F"},{"$f":"ORÇAMENTO!O37","v":"1.2.18."},"FABRICAÇÃO, MONTAGEM E DESMONTAGEM DE FÔRMA DE PILARES RETANGULARES E ESTRUTURAS SIMILARES, PÉ-DIREITO SIMPLES, EM MADEIRA SERRADA","M2",{"$f":"IF(RegimeExecucao=\"Global\",\"\",ORÇAMENTO!T37)","v":10.8},{"$f":"IF(RegimeExecucao=\"Global\",\"\",ORÇAMENTO!W37)","v":90.26},{"$f":"ORÇAMENTO!X37","v":974.81},0,{"$f":"L37-J37","v":0},0,{"$f":"IF($A37=\"S\",VTOTALBM,IF($A37=0,0,ROUND(SomaAgrupBM,15-13*ORÇAMENTO!$AF$11)))","v":{"$error":"#REF!"}},{"$f":"O37-M37","v":{"$error":"#REF!"}},{"$f":"IF($A37=\"S\",VTOTALBM,IF($A37=0,0,ROUND(SomaAgrupBM,15-13*ORÇAMENTO!$AF$11)))","v":{"$error":"#REF!"}},null,null,null,null,{"$f":"IF($W37>0,$D37,\"\")","v":{"$error":"#REF!"}},{"$f":"IF($W37>0,$E37,\"\")","v":{"$error":"#REF!"}},{"$error":"#REF!"},{"$f":"IF($Y37>0,CHOOSE(MATCH(RegimeExecucao,{\"Unitário\",\"Global\"},0),IF($A37=\"S\",$Y37/$X37,\"\"),($Y37/$X37)*100),0)","v":{"$error":"#REF!"}},{"$f":"IF($Y37>0,CHOOSE(MATCH(RegimeExecucao,{\"Unitário\",\"Global\"},0),IF($A37=\"S\",ROUND($H37,ORÇAMENTO!$AF$10),\"\"),ROUND($I37,ORÇAMENTO!$AF$11)),\"\")","v":{"$error":"#REF!"}},{"$f":"AO37-O37","v":{"$error":"#REF!"}},null,null,null,null,null,null,null,null,null,null,null,null,null,null,null,{"$f":"IF($A37=\"S\",IF(BM!$I37=0,0,CHOOSE(MATCH(RegimeExecucao,{\"Global\",\"Unitário\"},0),ROUND(ROUND(BM.MEDAcumulado,15-13*BM!$A$9)/100*BM!$I37,15-13*ORÇAMENTO!$AF$11),ROUND(ROUND(BM.MEDAcumulado,15-13*BM!$A$9)*ROUND(BM!$H37,15-13*ORÇAMENTO!$AF$10),15-13*ORÇAMENTO!$AF$11))),IF($A37=0,0,ROUND(SomaAgrupBM,15-13*ORÇAMENTO!$AF$11)))","v":0}]
[{"$f":"ORÇAMENTO!C38","v":"S"},{"$f":"ORÇAMENTO!D38","v":0},"F",{"$f":"ORÇAMENTO!O38","v":"1.2.19."},"FABRICAÇÃO, MONTAGEM E DESMONTAGEM DE FÔRMA PARA VIGA, EM MADEIRA SERRADA, E=25 MM","M2",{"$f":"IF(RegimeExecucao=\"Global\",\"\",ORÇAMENTO!T38)","v":91.29},{"$f":"IF(RegimeExecucao=\"Global\",\"\",ORÇAMENTO!W38)","v":36.11},{"$f":"ORÇAMENTO!X38","v":3296.48},0,0,0,{"$f":"IF($A38=\"S\",VTOTALBM,IF($A38=0,0,ROUND(SomaAgrupBM,15-13*ORÇAMENTO!$AF$11)))","v":{"$error":"#REF!"}},{"$error":"#REF!"},{"$f":"IF($A38=\"S\",VTOTALBM,IF($A38=0,0,ROUND(SomaAgrupBM,15-13*ORÇAMENTO!$AF$11)))","v":{"$error":"#REF!"}},null,null,null,null,{"$error":"#REF!"},{"$error":"#REF!"},{"$error":"#REF!"},{"$f":"IF($Y38>0,CHOOSE(MATCH(RegimeExecucao,{\"Unitário\",\"Global\"},0),IF($A38=\"S\",$Y38/$X38,\"\"),($Y38/$X38)*100),0)","v":{"$error":"#REF!"}},{"$f":"IF($Y38>0,CHOOSE(MATCH(RegimeExecucao,{\"Unitário\",\"Global\"},0),IF($A38=\"S\",ROUND($H38,ORÇAMENTO!$AF$10),\"\"),ROUND($I38,ORÇAMENTO!$AF$11)),\"\")","v":{"$error":"#REF!"}},{"$error":"#REF!"},null,null,null,null,null,null,null,null,null,null,null,null,null,null,null,{"$f":"IF($A38=\"S\",IF(BM!$I38=0,0,CHOOSE(MATCH(RegimeExecucao,{\"Global\",\"Unitário\"},0),ROUND(ROUND(BM.MEDAcumulado,15-13*BM!$A$9)/100*BM!$I38,15-13*ORÇAMENTO!$AF$11),ROUND(ROUND(BM.MEDAcumulado,15-13*BM!$A$9)*ROUND(BM!$H38,15-13*ORÇAMENTO!$AF$10),15-13*ORÇAMENTO!$AF$11))),IF($A38=0,0,ROUND(SomaAgrupBM,15-13*ORÇAMENTO!$AF$11)))","v":0}]
[{"$f":"ORÇAMENTO!C39","v":"S"},{"$f":"ORÇAMENTO!D39","v":0},"F",{"$f":"ORÇAMENTO!O39","v":"1.2.20."},{"$f":"ORÇAMENTO.Descricao","v":"FABRICAÇÃO, MONTAGEM E DESMONTAGEM DE FORMA PARA RADIER, EM MADEIRA SERRADA, 4 UTILIZAÇÕES. AF_09/2017"},{"$f":"IF(RegimeExecucao=\"Global\",\"\",ORÇAMENTO.Unidade)","v":"M2"},{"$f":"IF(RegimeExecucao=\"Global\",\"\",ORÇAMENTO!T39)","v":2.74},{"$f":"IF(RegimeExecucao=\"Global\",\"\",ORÇAMENTO!W39)","v":96.28},{"$f":"ORÇAMENTO!X39","v":263.81},{"$f":"IF($A39=\"S\",IF(CAIXA.Modo,BM.AFAnterior,BM.MEDAnterior),IF(AND(RegimeExecucao=\"Global\",$I39>0,COUNTIF($AB$13:$AM$13,BM.medicao-1)>0),M39/$I39*100,0))","v":0},0,{"$f":"IF($A39=\"S\",IF(CAIXA.Modo,BM.AFAcumulado,BM.MEDAcumulado),IF(AND(RegimeExecucao=\"Global\",$I39>0,COUNTIF($AB$13:$AM$13,BM.medicao)>0),O39/$I39*100,0))","v":0},{"$f":"IF($A39=\"S\",VTOTALBM,IF($A39=0,0,ROUND(SomaAgrupBM,15-13*ORÇAMENTO!$AF$11)))","v":{"$error":"#REF!"}},{"$error":"#REF!"},{"$f":"IF($A39=\"S\",VTOTALBM,IF($A39=0,0,ROUND(SomaAgrupBM,15-13*ORÇAMENTO!$AF$11)))","v":{"$error":"#REF!"}},null,null,null,null,{"$error":"#REF!"},{"$error":"#REF!"},{"$f":"IF(AND($W39>0,RegimeExecucao=\"Unitário\"),$F39,\"\")","v":{"$error":"#REF!"}},{"$f":"IF($Y39>0,CHOOSE(MATCH(RegimeExecucao,{\"Unitário\",\"Global\"},0),IF($A39=\"S\",$Y39/$X39,\"\"),($Y39/$X39)*100),0)","v":{"$error":"#REF!"}},{"$f":"IF($Y39>0,CHOOSE(MATCH(RegimeExecucao,{\"Unitário\",\"Global\"},0),IF($A39=\"S\",ROUND($H39,ORÇAMENTO!$AF$10),\"\"),ROUND($I39,ORÇAMENTO!$AF$11)),\"\")","v":{"$error":"#REF!"}},{"$error":"#REF!"},null,null,null,null,null,null,null,null,null,null,null,null,null,null,null,{"$f":"IF($A39=\"S\",IF(BM!$I39=0,0,CHOOSE(MATCH(RegimeExecucao,{\"Global\",\"Unitário\"},0),ROUND(ROUND(BM.MEDAcumulado,15-13*BM!$A$9)/100*BM!$I39,15-13*ORÇAMENTO!$AF$11),ROUND(ROUND(BM.MEDAcumulado,15-13*BM!$A$9)*ROUND(BM!$H39,15-13*ORÇAMENTO!$AF$10),15-13*ORÇAMENTO!$AF$11))),IF($A39=0,0,ROUND(SomaAgrupBM,15-13*ORÇAMENTO!$AF$11)))","v":0}]
[{"$f":"ORÇAMENTO!C40","v":"S"},{"$f":"ORÇAMENTO!D40","v":0},"F",{"$f":"ORÇAMENTO!O40","v":"1.2.21."},{"$f":"ORÇAMENTO.Descricao","v":"MONTAGEM E DESMONTAGEM DE FÔRMA DE LAJE MACIÇA COM ÁREA MÉDIA MAIOR QUE 20 M², PÉ-DIREITO SIMPLES, EM CHAPA DE MADEIRA COMPENSADA RESINADA, 2 UTILIZAÇÕES. AF_12/2015"},{"$f":"IF(RegimeExecucao=\"Global\",\"\",ORÇAMENTO.Unidade)","v":"M2"},{"$f":"IF(RegimeExecucao=\"Global\",\"\",ORÇAMENTO!T40)","v":69.44},{"$f":"IF(RegimeExecucao=\"Global\",\"\",ORÇAMENTO!W40)","v":36.11},{"$f":"ORÇAMENTO!X40","v":2507.48},{"$f":"IF($A40=\"S\",IF(CAIXA.Modo,BM.AFAnterior,BM.MEDAnterior),IF(AND(RegimeExecucao=\"Global\",$I40>0,COUNTIF($AB$13:$AM$13,BM.medicao-1)>0),M40/$I40*100,0))","v":0},0,{"$f":"IF($A40=\"S\",IF(CAIXA.Modo,BM.AFAcumulado,BM.MEDAcumulado),IF(AND(RegimeExecucao=\"Global\",$I40>0,COUNTIF($AB$13:$AM$13,BM.medicao)>0),O40/$I40*100,0))","v":0},{"$f":"IF($A40=\"S\",VTOTALBM,IF($A40=0,0,ROUND(SomaAgrupBM,15-13*ORÇAMENTO!$AF$11)))","v":{"$error":"#REF!"}},{"$error":"#REF!"},{"$f":"IF($A40=\"S\",VTOTALBM,IF($A40=0,0,ROUND(SomaAgrupBM,15-13*ORÇAMENTO!$AF$11)))","v":{"$error":"#REF!"}},null,null,null,null,{"$error":"#REF!"},{"$error":"#REF!"},{"$f":"IF(AND($W40>0,RegimeExecucao=\"Unitário\"),$F40,\"\")","v":{"$error":"#REF!"}},{"$f":"IF($Y40>0,CHOOSE(MATCH(RegimeExecucao,{\"Unitário\",\"Global\"},0),IF($A40=\"S\",$Y40/$X40,\"\"),($Y40/$X40)*100),0)","v":{"$error":"#REF!"}},{"$f":"IF($Y40>0,CHOOSE(MATCH(RegimeExecucao,{\"Unitário\",\"Global\"},0),IF($A40=\"S\",ROUND($H40,ORÇAMENTO!$AF$10),\"\"),ROUND($I40,ORÇAMENTO!$AF$11)),\"\")","v":{"$error":"#REF!"}},{"$error":"#REF!"},null,null,null,null,null,null,null,null,null,null,null,null,null,null,null,{"$f":"IF($A40=\"S\",IF(BM!$I40=0,0,CHOOSE(MATCH(RegimeExecucao,{\"Global\",\"Unitário\"},0),ROUND(ROUND(BM.MEDAcumulado,15-13*BM!$A$9)/100*BM!$I40,15-13*ORÇAMENTO!$AF$11),ROUND(ROUND(BM.MEDAcumulado,15-13*BM!$A$9)*ROUND(BM!$H40,15-13*ORÇAMENTO!$AF$10),15-13*ORÇAMENTO!$AF$11))),IF($A40=0,0,ROUND(SomaAgrupBM,15-13*ORÇAMENTO!$AF$11)))","v":0}]
[{"$f":"ORÇAMENTO!C41","v":"S"},{"$f":"ORÇAMENTO!D41","v":0},"F",{"$f":"ORÇAMENTO!O41","v":"1.2.22."},{"$f":"ORÇAMENTO.Descricao","v":"ESCORAMENTO FORMAS ATE H = 3,30M, COM MADEIRA DE 3A QUALIDADE, NAO APARELHADA, APROVEITAMENTO TABUAS 3X E PRUMOS 4X."},{"$f":"IF(RegimeExecucao=\"Global\",\"\",ORÇAMENTO.Unidade)","v":"M3"},{"$f":"IF(RegimeExecucao=\"Global\",\"\",ORÇAMENTO!T41)","v":265.07},{"$f":"IF(RegimeExecucao=\"Global\",\"\",ORÇAMENTO!W41)","v":9.6300000000000008},{"$f":"ORÇAMENTO!X41","v":2552.62},{"$f":"IF($A41=\"S\",IF(CAIXA.Modo,BM.AFAnterior,BM.MEDAnterior),IF(AND(RegimeExecucao=\"Global\",$I41>0,COUNTIF($AB$13:$AM$13,BM.medicao-1)>0),M41/$I41*100,0))","v":0},0,{"$f":"IF($A41=\"S\",IF(CAIXA.Modo,BM.AFAcumulado,BM.MEDAcumulado),IF(AND(RegimeExecucao=\"Global\",$I41>0,COUNTIF($AB$13:$AM$13,BM.medicao)>0),O41/$I41*100,0))","v":0},{"$f":"IF($A41=\"S\",VTOTALBM,IF($A41=0,0,ROUND(SomaAgrupBM,15-13*ORÇAMENTO!$AF$11)))","v":{"$error":"#REF!"}},{"$error":"#REF!"},{"$f":"IF($A41=\"S\",VTOTALBM,IF($A41=0,0,ROUND(SomaAgrupBM,15-13*ORÇAMENTO!$AF$11)))","v":{"$error":"#REF!"}},null,null,null,null,{"$error":"#REF!"},{"$error":"#REF!"},{"$f":"IF(AND($W41>0,RegimeExecucao=\"Unitário\"),$F41,\"\")","v":{"$error":"#REF!"}},{"$f":"IF($Y41>0,CHOOSE(MATCH(RegimeExecucao,{\"Unitário\",\"Global\"},0),IF($A41=\"S\",$Y41/$X41,\"\"),($Y41/$X41)*100),0)","v":{"$error":"#REF!"}},{"$f":"IF($Y41>0,CHOOSE(MATCH(RegimeExecucao,{\"Unitário\",\"Global\"},0),IF($A41=\"S\",ROUND($H41,ORÇAMENTO!$AF$10),\"\"),ROUND($I41,ORÇAMENTO!$AF$11)),\"\")","v":{"$error":"#REF!"}},{"$error":"#REF!"},null,null,null,null,null,null,null,null,null,null,null,null,null,null,null,{"$f":"IF($A41=\"S\",IF(BM!$I41=0,0,CHOOSE(MATCH(RegimeExecucao,{\"Global\",\"Unitário\"},0),ROUND(ROUND(BM.MEDAcumulado,15-13*BM!$A$9)/100*BM!$I41,15-13*ORÇAMENTO!$AF$11),ROUND(ROUND(BM.MEDAcumulado,15-13*BM!$A$9)*ROUND(BM!$H41,15-13*ORÇAMENTO!$AF$10),15-13*ORÇAMENTO!$AF$11))),IF($A41=0,0,ROUND(SomaAgrupBM,15-13*ORÇAMENTO!$AF$11)))","v":0}]
[{"$f":"ORÇAMENTO!C42","v":"S"},{"$f":"ORÇAMENTO!D42","v":0},"F",{"$f":"ORÇAMENTO!O42","v":"1.2.23."},{"$f":"ORÇAMENTO.Descricao","v":"MONTAGEM E DESMONTAGEM DE FÔRMA PARA ESCADAS, COM 2 LANCES, EM CHAPA DE MADEIRA COMPENSADA RESINADA, 4 UTILIZAÇÕES. AF_01/2017"},{"$f":"IF(RegimeExecucao=\"Global\",\"\",ORÇAMENTO.Unidade)","v":"M2"},{"$f":"IF(RegimeExecucao=\"Global\",\"\",ORÇAMENTO!T42)","v":21.1},{"$f":"IF(RegimeExecucao=\"Global\",\"\",ORÇAMENTO!W42)","v":84.25},{"$f":"ORÇAMENTO!X42","v":1777.68},{"$f":"IF($A42=\"S\",IF(CAIXA.Modo,BM.AFAnterior,BM.MEDAnterior),IF(AND(RegimeExecucao=\"Global\",$I42>0,COUNTIF($AB$13:$AM$13,BM.medicao-1)>0),M42/$I42*100,0))","v":0},0,{"$f":"IF($A42=\"S\",IF(CAIXA.Modo,BM.AFAcumulado,BM.MEDAcumulado),IF(AND(RegimeExecucao=\"Global\",$I42>0,COUNTIF($AB$13:$AM$13,BM.medicao)>0),O42/$I42*100,0))","v":0},{"$f":"IF($A42=\"S\",VTOTALBM,IF($A42=0,0,ROUND(SomaAgrupBM,15-13*ORÇAMENTO!$AF$11)))","v":{"$error":"#REF!"}},{"$error":"#REF!"},{"$f":"IF($A42=\"S\",VTOTALBM,IF($A42=0,0,ROUND(SomaAgrupBM,15-13*ORÇAMENTO!$AF$11)))","v":{"$error":"#REF!"}},null,null,null,null,{"$error":"#REF!"},{"$error":"#REF!"},{"$f":"IF(AND($W42>0,RegimeExecucao=\"Unitário\"),$F42,\"\")","v":{"$error":"#REF!"}},{"$f":"IF($Y42>0,CHOOSE(MATCH(RegimeExecucao,{\"Unitário\",\"Global\"},0),IF($A42=\"S\",$Y42/$X42,\"\"),($Y42/$X42)*100),0)","v":{"$error":"#REF!"}},{"$f":"IF($Y42>0,CHOOSE(MATCH(RegimeExecucao,{\"Unitário\",\"Global\"},0),IF($A42=\"S\",ROUND($H42,ORÇAMENTO!$AF$10),\"\"),ROUND($I42,ORÇAMENTO!$AF$11)),\"\")","v":{"$error":"#REF!"}},{"$error":"#REF!"},null,null,null,null,null,null,null,null,null,null,null,null,null,null,null,{"$f":"IF($A42=\"S\",IF(BM!$I42=0,0,CHOOSE(MATCH(RegimeExecucao,{\"Global\",\"Unitário\"},0),ROUND(ROUND(BM.MEDAcumulado,15-13*BM!$A$9)/100*BM!$I42,15-13*ORÇAMENTO!$AF$11),ROUND(ROUND(BM.MEDAcumulado,15-13*BM!$A$9)*ROUND(BM!$H42,15-13*ORÇAMENTO!$AF$10),15-13*ORÇAMENTO!$AF$11))),IF($A42=0,0,ROUND(SomaAgrupBM,15-13*ORÇAMENTO!$AF$11)))","v":0}]
[{"$f":"ORÇAMENTO!C43","v":"S"},{"$f":"ORÇAMENTO!D43","v":0},"F",{"$f":"ORÇAMENTO!O43","v":"1.2.24."},{"$f":"ORÇAMENTO.Descricao","v":"LASTRO COM MATERIAL GRANULAR (PEDRA BRITADA N.2), APLICADO EM RADIERS E VIGAS DE BALDRAME, ESPESSURA DE 10 CM"},{"$f":"IF(RegimeExecucao=\"Global\",\"\",ORÇAMENTO.Unidade)","v":"M3"},{"$f":"IF(RegimeExecucao=\"Global\",\"\",ORÇAMENTO!T43)","v":6.25},{"$f":"IF(RegimeExecucao=\"Global\",\"\",ORÇAMENTO!W43)","v":108.32},{"$f":"ORÇAMENTO!X43","v":677},{"$f":"IF($A43=\"S\",IF(CAIXA.Modo,BM.AFAnterior,BM.MEDAnterior),IF(AND(RegimeExecucao=\"Global\",$I43>0,COUNTIF($AB$13:$AM$13,BM.medicao-1)>0),M43/$I43*100,0))","v":0},0,{"$f":"IF($A43=\"S\",IF(CAIXA.Modo,BM.AFAcumulado,BM.MEDAcumulado),IF(AND(RegimeExecucao=\"Global\",$I43>0,COUNTIF($AB$13:$AM$13,BM.medicao)>0),O43/$I43*100,0))","v":0},{"$f":"IF($A43=\"S\",VTOTALBM,IF($A43=0,0,ROUND(SomaAgrupBM,15-13*ORÇAMENTO!$AF$11)))","v":{"$error":"#REF!"}},{"$error":"#REF!"},{"$f":"IF($A43=\"S\",VTOTALBM,IF($A43=0,0,ROUND(SomaAgrupBM,15-13*ORÇAMENTO!$AF$11)))","v":{"$error":"#REF!"}},null,null,null,null,{"$error":"#REF!"},{"$error":"#REF!"},{"$f":"IF(AND($W43>0,RegimeExecucao=\"Unitário\"),$F43,\"\")","v":{"$error":"#REF!"}},{"$f":"IF($Y43>0,CHOOSE(MATCH(RegimeExecucao,{\"Unitário\",\"Global\"},0),IF($A43=\"S\",$Y43/$X43,\"\"),($Y43/$X43)*100),0)","v":{"$error":"#REF!"}},{"$f":"IF($Y43>0,CHOOSE(MATCH(RegimeExecucao,{\"Unitário\",\"Global\"},0),IF($A43=\"S\",ROUND($H43,ORÇAMENTO!$AF$10),\"\"),ROUND($I43,ORÇAMENTO!$AF$11)),\"\")","v":{"$error":"#REF!"}},{"$error":"#REF!"},null,null,null,null,null,null,null,null,null,null,null,null,null,null,null,{"$f":"IF($A43=\"S\",IF(BM!$I43=0,0,CHOOSE(MATCH(RegimeExecucao,{\"Global\",\"Unitário\"},0),ROUND(ROUND(BM.MEDAcumulado,15-13*BM!$A$9)/100*BM!$I43,15-13*ORÇAMENTO!$AF$11),ROUND(ROUND(BM.MEDAcumulado,15-13*BM!$A$9)*ROUND(BM!$H43,15-13*ORÇAMENTO!$AF$10),15-13*ORÇAMENTO!$AF$11))),IF($A43=0,0,ROUND(SomaAgrupBM,15-13*ORÇAMENTO!$AF$11)))","v":0}]
[{"$f":"ORÇAMENTO!C44","v":"S"},{"$f":"ORÇAMENTO!D44","v":0},"F",{"$f":"ORÇAMENTO!O44","v":"1.2.25."},"IMPERMEABILIZAÇÃO DE SUPERFÍCIE COM EMULSÃO ASFÁLTICA, 2 DEMÃOS","M2",{"$f":"IF(RegimeExecucao=\"Global\",\"\",ORÇAMENTO!T44)","v":66.88},{"$f":"IF(RegimeExecucao=\"Global\",\"\",ORÇAMENTO!W44)","v":30.09},{"$f":"ORÇAMENTO!X44","v":2012.42},0,0,0,{"$f":"IF($A44=\"S\",VTOTALBM,IF($A44=0,0,ROUND(SomaAgrupBM,15-13*ORÇAMENTO!$AF$11)))","v":{"$error":"#REF!"}},{"$error":"#REF!"},{"$f":"IF($A44=\"S\",VTOTALBM,IF($A44=0,0,ROUND(SomaAgrupBM,15-13*ORÇAMENTO!$AF$11)))","v":{"$error":"#REF!"}},null,null,null,null,{"$error":"#REF!"},{"$error":"#REF!"},{"$error":"#REF!"},{"$f":"IF($Y44>0,CHOOSE(MATCH(RegimeExecucao,{\"Unitário\",\"Global\"},0),IF($A44=\"S\",$Y44/$X44,\"\"),($Y44/$X44)*100),0)","v":{"$error":"#REF!"}},{"$f":"IF($Y44>0,CHOOSE(MATCH(RegimeExecucao,{\"Unitário\",\"Global\"},0),IF($A44=\"S\",ROUND($H44,ORÇAMENTO!$AF$10),\"\"),ROUND($I44,ORÇAMENTO!$AF$11)),\"\")","v":{"$error":"#REF!"}},{"$error":"#REF!"},null,null,null,null,null,null,null,null,null,null,null,null,null,null,null,{"$f":"IF($A44=\"S\",IF(BM!$I44=0,0,CHOOSE(MATCH(RegimeExecucao,{\"Global\",\"Unitário\"},0),ROUND(ROUND(BM.MEDAcumulado,15-13*BM!$A$9)/100*BM!$I44,15-13*ORÇAMENTO!$AF$11),ROUND(ROUND(BM.MEDAcumulado,15-13*BM!$A$9)*ROUND(BM!$H44,15-13*ORÇAMENTO!$AF$10),15-13*ORÇAMENTO!$AF$11))),IF($A44=0,0,ROUND(SomaAgrupBM,15-13*ORÇAMENTO!$AF$11)))","v":0}]
[{"$f":"ORÇAMENTO!C45","v":"S"},{"$f":"ORÇAMENTO!D45","v":0},"F",{"$f":"ORÇAMENTO!O45","v":"1.2.26."},"CONCRETAGEM DE ESTRUTURAS DE CONCRETO ARMADO, FCK 30 MPA, COM USO DE BOMBA -\u0096 LANÇAMENTO, ADENSAMENTO E ACABAMENTO","M3",{"$f":"IF(RegimeExecucao=\"Global\",\"\",ORÇAMENTO!T45)","v":21.08},{"$f":"IF(RegimeExecucao=\"Global\",\"\",ORÇAMENTO!W45)","v":457.33},{"$f":"ORÇAMENTO!X45","v":9640.52},0,0,0,{"$f":"IF($A45=\"S\",VTOTALBM,IF($A45=0,0,ROUND(SomaAgrupBM,15-13*ORÇAMENTO!$AF$11)))","v":{"$error":"#REF!"}},{"$error":"#REF!"},{"$f":"IF($A45=\"S\",VTOTALBM,IF($A45=0,0,ROUND(SomaAgrupBM,15-13*ORÇAMENTO!$AF$11)))","v":{"$error":"#REF!"}},null,null,null,null,{"$error":"#REF!"},{"$error":"#REF!"},{"$error":"#REF!"},{"$f":"IF($Y45>0,CHOOSE(MATCH(RegimeExecucao,{\"Unitário\",\"Global\"},0),IF($A45=\"S\",$Y45/$X45,\"\"),($Y45/$X45)*100),0)","v":{"$error":"#REF!"}},{"$f":"IF($Y45>0,CHOOSE(MATCH(RegimeExecucao,{\"Unitário\",\"Global\"},0),IF($A45=\"S\",ROUND($H45,ORÇAMENTO!$AF$10),\"\"),ROUND($I45,ORÇAMENTO!$AF$11)),\"\")","v":{"$error":"#REF!"}},{"$error":"#REF!"},null,null,null,null,null,null,null,null,null,null,null,null,null,null,null,{"$f":"IF($A45=\"S\",IF(BM!$I45=0,0,CHOOSE(MATCH(RegimeExecucao,{\"Global\",\"Unitário\"},0),ROUND(ROUND(BM.MEDAcumulado,15-13*BM!$A$9)/100*BM!$I45,15-13*ORÇAMENTO!$AF$11),ROUND(ROUND(BM.MEDAcumulado,15-13*BM!$A$9)*ROUND(BM!$H45,15-13*ORÇAMENTO!$AF$10),15-13*ORÇAMENTO!$AF$11))),IF($A45=0,0,ROUND(SomaAgrupBM,15-13*ORÇAMENTO!$AF$11)))","v":0}]
[{"$f":"ORÇAMENTO!C46","v":2},{"$f":"ORÇAMENTO!D46","v":10},{"$f":"IF(OR($I46>0,$A46=1,$A46=2,$A46=3,$A46=4),\"F\",\"\")","v":"F"},{"$f":"ORÇAMENTO!O46","v":"1.3."},{"$f":"ORÇAMENTO.Descricao","v":"ALVENARIA, REVESTIMENTO E PINTURA"},{"$f":"IF(RegimeExecucao=\"Global\",\"\",ORÇAMENTO.Unidade)","v":"-"},{"$f":"IF(RegimeExecucao=\"Global\",\"\",ORÇAMENTO!T46)","v":0},{"$f":"IF(RegimeExecucao=\"Global\",\"\",ORÇAMENTO!W46)","v":0},{"$f":"ORÇAMENTO!X46","v":61155.35},{"$f":"IF($A46=\"S\",IF(CAIXA.Modo,BM.AFAnterior,BM.MEDAnterior),IF(AND(RegimeExecucao=\"Global\",$I46>0,COUNTIF($AB$13:$AM$13,BM.medicao-1)>0),M46/$I46*100,0))","v":0},{"$f":"L46-J46","v":0},{"$f":"IF($A46=\"S\",IF(CAIXA.Modo,BM.AFAcumulado,BM.MEDAcumulado),IF(AND(RegimeExecucao=\"Global\",$I46>0,COUNTIF($AB$13:$AM$13,BM.medicao)>0),O46/$I46*100,0))","v":0},{"$f":"IF($A46=\"S\",VTOTALBM,IF($A46=0,0,ROUND(SomaAgrupBM,15-13*ORÇAMENTO!$AF$11)))","v":{"$error":"#REF!"}},{"$f":"O46-M46","v":{"$error":"#REF!"}},{"$f":"IF($A46=\"S\",VTOTALBM,IF($A46=0,0,ROUND(SomaAgrupBM,15-13*ORÇAMENTO!$AF$11)))","v":{"$error":"#REF!"}},null,null,null,null,{"$f":"IF($W46>0,$D46,\"\")","v":{"$error":"#REF!"}},{"$f":"IF($W46>0,$E46,\"\")","v":{"$error":"#REF!"}},{"$f":"IF(AND($W46>0,RegimeExecucao=\"Unitário\"),$F46,\"\")","v":{"$error":"#REF!"}},{"$f":"IF($Y46>0,CHOOSE(MATCH(RegimeExecucao,{\"Unitário\",\"Global\"},0),IF($A46=\"S\",$Y46/$X46,\"\"),($Y46/$X46)*100),0)","v":{"$error":"#REF!"}},{"$f":"IF($Y46>0,CHOOSE(MATCH(RegimeExecucao,{\"Unitário\",\"Global\"},0),IF($A46=\"S\",ROUND($H46,ORÇAMENTO!$AF$10),\"\"),ROUND($I46,ORÇAMENTO!$AF$11)),\"\")","v":{"$error":"#REF!"}},{"$f":"AO46-O46","v":{"$error":"#REF!"}},null,null,null,null,null,null,null,null,null,null,null,null,null,null,null,{"$f":"IF($A46=\"S\",IF(BM!$I46=0,0,CHOOSE(MATCH(RegimeExecucao,{\"Global\",\"Unitário\"},0),ROUND(ROUND(BM.MEDAcumulado,15-13*BM!$A$9)/100*BM!$I46,15-13*ORÇAMENTO!$AF$11),ROUND(ROUND(BM.MEDAcumulado,15-13*BM!$A$9)*ROUND(BM!$H46,15-13*ORÇAMENTO!$AF$10),15-13*ORÇAMENTO!$AF$11))),IF($A46=0,0,ROUND(SomaAgrupBM,15-13*ORÇAMENTO!$AF$11)))","v":0}]
[{"$f":"ORÇAMENTO!C47","v":"S"},{"$f":"ORÇAMENTO!D47","v":0},{"$f":"IF(OR($I47>0,$A47=1,$A47=2,$A47=3,$A47=4),\"F\",\"\")","v":"F"},{"$f":"ORÇAMENTO!O47","v":"1.3.1."},{"$f":"ORÇAMENTO.Descricao","v":"ALVENARIA BLOCOS CERÂMICOS APARENTE (ESPESSURA DE 14 CM), PARA PAREDES COM VÃOS, UTILIZANDO PALHETA E ARGAMASSA DE ASSENTAMENTO COM PREPARO EM BETONEIRA"},{"$f":"IF(RegimeExecucao=\"Global\",\"\",ORÇAMENTO.Unidade)","v":"M2"},{"$f":"IF(RegimeExecucao=\"Global\",\"\",ORÇAMENTO!T47)","v":338.84},{"$f":"IF(RegimeExecucao=\"Global\",\"\",ORÇAMENTO!W47)","v":48.14},{"$f":"ORÇAMENTO!X47","v":16311.76},{"$f":"IF($A47=\"S\",IF(CAIXA.Modo,BM.AFAnterior,BM.MEDAnterior),IF(AND(RegimeExecucao=\"Global\",$I47>0,COUNTIF($AB$13:$AM$13,BM.medicao-1)>0),M47/$I47*100,0))","v":0},0,{"$f":"IF($A47=\"S\",IF(CAIXA.Modo,BM.AFAcumulado,BM.MEDAcumulado),IF(AND(RegimeExecucao=\"Global\",$I47>0,COUNTIF($AB$13:$AM$13,BM.medicao)>0),O47/$I47*100,0))","v":0},{"$f":"IF($A47=\"S\",VTOTALBM,IF($A47=0,0,ROUND(SomaAgrupBM,15-13*ORÇAMENTO!$AF$11)))","v":{"$error":"#REF!"}},{"$error":"#REF!"},{"$f":"IF($A47=\"S\",VTOTALBM,IF($A47=0,0,ROUND(SomaAgrupBM,15-13*ORÇAMENTO!$AF$11)))","v":{"$error":"#REF!"}},null,null,null,null,{"$f":"IF($W47>0,$D47,\"\")","v":{"$error":"#REF!"}},{"$f":"IF($W47>0,$E47,\"\")","v":{"$error":"#REF!"}},{"$f":"IF(AND($W47>0,RegimeExecucao=\"Unitário\"),$F47,\"\")","v":{"$error":"#REF!"}},{"$f":"IF($Y47>0,CHOOSE(MATCH(RegimeExecucao,{\"Unitário\",\"Global\"},0),IF($A47=\"S\",$Y47/$X47,\"\"),($Y47/$X47)*100),0)","v":{"$error":"#REF!"}},{"$f":"IF($Y47>0,CHOOSE(MATCH(RegimeExecucao,{\"Unitário\",\"Global\"},0),IF($A47=\"S\",ROUND($H47,ORÇAMENTO!$AF$10),\"\"),ROUND($I47,ORÇAMENTO!$AF$11)),\"\")","v":{"$error":"#REF!"}},{"$f":"AO47-O47","v":{"$error":"#REF!"}},null,null,null,null,null,null,null,null,null,null,null,null,null,null,null,{"$f":"IF($A47=\"S\",IF(BM!$I47=0,0,CHOOSE(MATCH(RegimeExecucao,{\"Global\",\"Unitário\"},0),ROUND(ROUND(BM.MEDAcumulado,15-13*BM!$A$9)/100*BM!$I47,15-13*ORÇAMENTO!$AF$11),ROUND(ROUND(BM.MEDAcumulado,15-13*BM!$A$9)*ROUND(BM!$H47,15-13*ORÇAMENTO!$AF$10),15-13*ORÇAMENTO!$AF$11))),IF($A47=0,0,ROUND(SomaAgrupBM,15-13*ORÇAMENTO!$AF$11)))","v":0}]
[{"$f":"ORÇAMENTO!C48","v":"S"},{"$f":"ORÇAMENTO!D48","v":0},"F",{"$f":"ORÇAMENTO!O48","v":"1.3.2."},"CHAPISCO APLICADO EM ALVENARIAS E ESTRUTURAS DE CONCRETO INTERNAS, ARGAMASSA TRAÇO 1:3 COM PREPARO MECÂNICO","M2",{"$f":"IF(RegimeExecucao=\"Global\",\"\",ORÇAMENTO!T48)","v":45.23},{"$f":"IF(RegimeExecucao=\"Global\",\"\",ORÇAMENTO!W48)","v":3.61},{"$f":"ORÇAMENTO!X48","v":163.28},0,0,0,{"$f":"IF($A48=\"S\",VTOTALBM,IF($A48=0,0,ROUND(SomaAgrupBM,15-13*ORÇAMENTO!$AF$11)))","v":{"$error":"#REF!"}},{"$error":"#REF!"},{"$f":"IF($A48=\"S\",VTOTALBM,IF($A48=0,0,ROUND(SomaAgrupBM,15-13*ORÇAMENTO!$AF$11)))","v":{"$error":"#REF!"}},null,null,null,null,{"$error":"#REF!"},{"$error":"#REF!"},{"$error":"#REF!"},{"$f":"IF($Y48>0,CHOOSE(MATCH(RegimeExecucao,{\"Unitário\",\"Global\"},0),IF($A48=\"S\",$Y48/$X48,\"\"),($Y48/$X48)*100),0)","v":{"$error":"#REF!"}},{"$f":"IF($Y48>0,CHOOSE(MATCH(RegimeExecucao,{\"Unitário\",\"Global\"},0),IF($A48=\"S\",ROUND($H48,ORÇAMENTO!$AF$10),\"\"),ROUND($I48,ORÇAMENTO!$AF$11)),\"\")","v":{"$error":"#REF!"}},{"$error":"#REF!"},null,null,null,null,null,null,null,null,null,null,null,null,null,null,null,{"$f":"IF($A48=\"S\",IF(BM!$I48=0,0,CHOOSE(MATCH(RegimeExecucao,{\"Global\",\"Unitário\"},0),ROUND(ROUND(BM.MEDAcumulado,15-13*BM!$A$9)/100*BM!$I48,15-13*ORÇAMENTO!$AF$11),ROUND(ROUND(BM.MEDAcumulado,15-13*BM!$A$9)*ROUND(BM!$H48,15-13*ORÇAMENTO!$AF$10),15-13*ORÇAMENTO!$AF$11))),IF($A48=0,0,ROUND(SomaAgrupBM,15-13*ORÇAMENTO!$AF$11)))","v":0}]
[{"$f":"ORÇAMENTO!C49","v":"S"},{"$f":"ORÇAMENTO!D49","v":0},"F",{"$f":"ORÇAMENTO!O49","v":"1.3.3."},"EMBOÇO, PARA RECEBIMENTO DE CERÂMICA, EM ARGAMASSA TRAÇO 1:2:8, PREPARO MECÂNICO, APLICADO MANUALMENTE EM FACES INTERNAS DE PAREDES, ESPESSURA DE 20MM, COM EXECUÇÃO DE TALISCAS","M2",{"$f":"IF(RegimeExecucao=\"Global\",\"\",ORÇAMENTO!T49)","v":45.23},{"$f":"IF(RegimeExecucao=\"Global\",\"\",ORÇAMENTO!W49)","v":24.07},{"$f":"ORÇAMENTO!X49","v":1088.69},0,0,0,{"$f":"IF($A49=\"S\",VTOTALBM,IF($A49=0,0,ROUND(SomaAgrupBM,15-13*ORÇAMENTO!$AF$11)))","v":{"$error":"#REF!"}},{"$error":"#REF!"},{"$f":"IF($A49=\"S\",VTOTALBM,IF($A49=0,0,ROUND(SomaAgrupBM,15-13*ORÇAMENTO!$AF$11)))","v":{"$error":"#REF!"}},null,null,null,null,{"$error":"#REF!"},{"$error":"#REF!"},{"$error":"#REF!"},{"$f":"IF($Y49>0,CHOOSE(MATCH(RegimeExecucao,{\"Unitário\",\"Global\"},0),IF($A49=\"S\",$Y49/$X49,\"\"),($Y49/$X49)*100),0)","v":{"$error":"#REF!"}},{"$f":"IF($Y49>0,CHOOSE(MATCH(RegimeExecucao,{\"Unitário\",\"Global\"},0),IF($A49=\"S\",ROUND($H49,ORÇAMENTO!$AF$10),\"\"),ROUND($I49,ORÇAMENTO!$AF$11)),\"\")","v":{"$error":"#REF!"}},{"$error":"#REF!"},null,null,null,null,null,null,null,null,null,null,null,null,null,null,null,{"$f":"IF($A49=\"S\",IF(BM!$I49=0,0,CHOOSE(MATCH(RegimeExecucao,{\"Global\",\"Unitário\"},0),ROUND(ROUND(BM.MEDAcumulado,15-13*BM!$A$9)/100*BM!$I49,15-13*ORÇAMENTO!$AF$11),ROUND(ROUND(BM.MEDAcumulado,15-13*BM!$A$9)*ROUND(BM!$H49,15-13*ORÇAMENTO!$AF$10),15-13*ORÇAMENTO!$AF$11))),IF($A49=0,0,ROUND(SomaAgrupBM,15-13*ORÇAMENTO!$AF$11)))","v":0}]
[{"$f":"ORÇAMENTO!C50","v":"S"},{"$f":"ORÇAMENTO!D50","v":0},"F",{"$f":"ORÇAMENTO!O50","v":"1.3.4."},"REVESTIMENTO CERÂMICO PARA PAREDES INTERNAS COM PLACAS TIPO ESMALTADA EXTRA DE DIMENSÕES 33X45 CM","M2",{"$f":"IF(RegimeExecucao=\"Global\",\"\",ORÇAMENTO!T50)","v":45.23},{"$f":"IF(RegimeExecucao=\"Global\",\"\",ORÇAMENTO!W50)","v":54.16},{"$f":"ORÇAMENTO!X50","v":2449.66},0,0,0,{"$f":"IF($A50=\"S\",VTOTALBM,IF($A50=0,0,ROUND(SomaAgrupBM,15-13*ORÇAMENTO!$AF$11)))","v":{"$error":"#REF!"}},{"$error":"#REF!"},{"$f":"IF($A50=\"S\",VTOTALBM,IF($A50=0,0,ROUND(SomaAgrupBM,15-13*ORÇAMENTO!$AF$11)))","v":{"$error":"#REF!"}},null,null,null,null,{"$error":"#REF!"},{"$error":"#REF!"},{"$error":"#REF!"},{"$f":"IF($Y50>0,CHOOSE(MATCH(RegimeExecucao,{\"Unitário\",\"Global\"},0),IF($A50=\"S\",$Y50/$X50,\"\"),($Y50/$X50)*100),0)","v":{"$error":"#REF!"}},{"$f":"IF($Y50>0,CHOOSE(MATCH(RegimeExecucao,{\"Unitário\",\"Global\"},0),IF($A50=\"S\",ROUND($H50,ORÇAMENTO!$AF$10),\"\"),ROUND($I50,ORÇAMENTO!$AF$11)),\"\")","v":{"$error":"#REF!"}},{"$error":"#REF!"},null,null,null,null,null,null,null,null,null,null,null,null,null,null,null,{"$f":"IF($A50=\"S\",IF(BM!$I50=0,0,CHOOSE(MATCH(RegimeExecucao,{\"Global\",\"Unitário\"},0),ROUND(ROUND(BM.MEDAcumulado,15-13*BM!$A$9)/100*BM!$I50,15-13*ORÇAMENTO!$AF$11),ROUND(ROUND(BM.MEDAcumulado,15-13*BM!$A$9)*ROUND(BM!$H50,15-13*ORÇAMENTO!$AF$10),15-13*ORÇAMENTO!$AF$11))),IF($A50=0,0,ROUND(SomaAgrupBM,15-13*ORÇAMENTO!$AF$11)))","v":0}]
[{"$f":"ORÇAMENTO!C51","v":"S"},{"$f":"ORÇAMENTO!D51","v":0},"F",{"$f":"ORÇAMENTO!O51","v":"1.3.5."},"APLICAÇÃO DE FUNDO SELADOR ACRÍLICO EM TETO, UMA DEMÃO. AF_06/2014","M2",{"$f":"IF(RegimeExecucao=\"Global\",\"\",ORÇAMENTO!T51)","v":71.39},{"$f":"IF(RegimeExecucao=\"Global\",\"\",ORÇAMENTO!W51)","v":2.65},{"$f":"ORÇAMENTO!X51","v":189.18},0,0,0,{"$f":"IF($A51=\"S\",VTOTALBM,IF($A51=0,0,ROUND(SomaAgrupBM,15-13*ORÇAMENTO!$AF$11)))","v":{"$error":"#REF!"}},{"$error":"#REF!"},{"$f":"IF($A51=\"S\",VTOTALBM,IF($A51=0,0,ROUND(SomaAgrupBM,15-13*ORÇAMENTO!$AF$11)))","v":{"$error":"#REF!"}},null,null,null,null,{"$error":"#REF!"},{"$error":"#REF!"},{"$error":"#REF!"},{"$f":"IF($Y51>0,CHOOSE(MATCH(RegimeExecucao,{\"Unitário\",\"Global\"},0),IF($A51=\"S\",$Y51/$X51,\"\"),($Y51/$X51)*100),0)","v":{"$error":"#REF!"}},{"$f":"IF($Y51>0,CHOOSE(MATCH(RegimeExecucao,{\"Unitário\",\"Global\"},0),IF($A51=\"S\",ROUND($H51,ORÇAMENTO!$AF$10),\"\"),ROUND($I51,ORÇAMENTO!$AF$11)),\"\")","v":{"$error":"#REF!"}},{"$error":"#REF!"},null,null,null,null,null,null,null,null,null,null,null,null,null,null,null,{"$f":"IF($A51=\"S\",IF(BM!$I51=0,0,CHOOSE(MATCH(RegimeExecucao,{\"Global\",\"Unitário\"},0),ROUND(ROUND(BM.MEDAcumulado,15-13*BM!$A$9)/100*BM!$I51,15-13*ORÇAMENTO!$AF$11),ROUND(ROUND(BM.MEDAcumulado,15-13*BM!$A$9)*ROUND(BM!$H51,15-13*ORÇAMENTO!$AF$10),15-13*ORÇAMENTO!$AF$11))),IF($A51=0,0,ROUND(SomaAgrupBM,15-13*ORÇAMENTO!$AF$11)))","v":0}]
[{"$f":"ORÇAMENTO!C52","v":"S"},{"$f":"ORÇAMENTO!D52","v":0},"F",{"$f":"ORÇAMENTO!O52","v":"1.3.6."},"APLICAÇÃO MANUAL DE PINTURA COM TINTA LÁTEX ACRÍLICA EM TETO, DUAS DEMÃOS. AF_06/2014","M2",{"$f":"IF(RegimeExecucao=\"Global\",\"\",ORÇAMENTO!T52)","v":71.39},{"$f":"IF(RegimeExecucao=\"Global\",\"\",ORÇAMENTO!W52)","v":14.44},{"$f":"ORÇAMENTO!X52","v":1030.8699999999999},0,0,0,{"$f":"IF($A52=\"S\",VTOTALBM,IF($A52=0,0,ROUND(SomaAgrupBM,15-13*ORÇAMENTO!$AF$11)))","v":{"$error":"#REF!"}},{"$error":"#REF!"},{"$f":"IF($A52=\"S\",VTOTALBM,IF($A52=0,0,ROUND(SomaAgrupBM,15-13*ORÇAMENTO!$AF$11)))","v":{"$error":"#REF!"}},null,null,null,null,{"$error":"#REF!"},{"$error":"#REF!"},{"$error":"#REF!"},{"$f":"IF($Y52>0,CHOOSE(MATCH(RegimeExecucao,{\"Unitário\",\"Global\"},0),IF($A52=\"S\",$Y52/$X52,\"\"),($Y52/$X52)*100),0)","v":{"$error":"#REF!"}},{"$f":"IF($Y52>0,CHOOSE(MATCH(RegimeExecucao,{\"Unitário\",\"Global\"},0),IF($A52=\"S\",ROUND($H52,ORÇAMENTO!$AF$10),\"\"),ROUND($I52,ORÇAMENTO!$AF$11)),\"\")","v":{"$error":"#REF!"}},{"$error":"#REF!"},null,null,null,null,null,null,null,null,null,null,null,null,null,null,null,{"$f":"IF($A52=\"S\",IF(BM!$I52=0,0,CHOOSE(MATCH(RegimeExecucao,{\"Global\",\"Unitário\"},0),ROUND(ROUND(BM.MEDAcumulado,15-13*BM!$A$9)/100*BM!$I52,15-13*ORÇAMENTO!$AF$11),ROUND(ROUND(BM.MEDAcumulado,15-13*BM!$A$9)*ROUND(BM!$H52,15-13*ORÇAMENTO!$AF$10),15-13*ORÇAMENTO!$AF$11))),IF($A52=0,0,ROUND(SomaAgrupBM,15-13*ORÇAMENTO!$AF$11)))","v":0}]
[{"$f":"ORÇAMENTO!C53","v":"S"},{"$f":"ORÇAMENTO!D53","v":0},{"$f":"IF(OR($I53>0,$A53=1,$A53=2,$A53=3,$A53=4),\"F\",\"\")","v":"F"},{"$f":"ORÇAMENTO!O53","v":"1.3.7."},{"$f":"ORÇAMENTO.Descricao","v":"PINTURA COM VERNIZ POLIURETANO, 2 DEMAOS"},{"$f":"IF(RegimeExecucao=\"Global\",\"\",ORÇAMENTO.Unidade)","v":"M2"},{"$f":"IF(RegimeExecucao=\"Global\",\"\",ORÇAMENTO!T53)","v":904.78},{"$f":"IF(RegimeExecucao=\"Global\",\"\",ORÇAMENTO!W53)","v":18.05},{"$f":"ORÇAMENTO!X53","v":16331.28},{"$f":"IF($A53=\"S\",IF(CAIXA.Modo,BM.AFAnterior,BM.MEDAnterior),IF(AND(RegimeExecucao=\"Global\",$I53>0,COUNTIF($AB$13:$AM$13,BM.medicao-1)>0),M53/$I53*100,0))","v":0},0,{"$f":"IF($A53=\"S\",IF(CAIXA.Modo,BM.AFAcumulado,BM.MEDAcumulado),IF(AND(RegimeExecucao=\"Global\",$I53>0,COUNTIF($AB$13:$AM$13,BM.medicao)>0),O53/$I53*100,0))","v":0},{"$f":"IF($A53=\"S\",VTOTALBM,IF($A53=0,0,ROUND(SomaAgrupBM,15-13*ORÇAMENTO!$AF$11)))","v":{"$error":"#REF!"}},{"$error":"#REF!"},{"$f":"IF($A53=\"S\",VTOTALBM,IF($A53=0,0,ROUND(SomaAgrupBM,15-13*ORÇAMENTO!$AF$11)))","v":{"$error":"#REF!"}},null,null,null,null,{"$f":"IF($W53>0,$D53,\"\")","v":{"$error":"#REF!"}},{"$f":"IF($W53>0,$E53,\"\")","v":{"$error":"#REF!"}},{"$f":"IF(AND($W53>0,RegimeExecucao=\"Unitário\"),$F53,\"\")","v":{"$error":"#REF!"}},{"$f":"IF($Y53>0,CHOOSE(MATCH(RegimeExecucao,{\"Unitário\",\"Global\"},0),IF($A53=\"S\",$Y53/$X53,\"\"),($Y53/$X53)*100),0)","v":{"$error":"#REF!"}},{"$f":"IF($Y53>0,CHOOSE(MATCH(RegimeExecucao,{\"Unitário\",\"Global\"},0),IF($A53=\"S\",ROUND($H53,ORÇAMENTO!$AF$10),\"\"),ROUND($I53,ORÇAMENTO!$AF$11)),\"\")","v":{"$error":"#REF!"}},{"$f":"AO53-O53","v":{"$error":"#REF!"}},null,null,null,null,null,null,null,null,null,null,null,null,null,null,null,{"$f":"IF($A53=\"S\",IF(BM!$I53=0,0,CHOOSE(MATCH(RegimeExecucao,{\"Global\",\"Unitário\"},0),ROUND(ROUND(BM.MEDAcumulado,15-13*BM!$A$9)/100*BM!$I53,15-13*ORÇAMENTO!$AF$11),ROUND(ROUND(BM.MEDAcumulado,15-13*BM!$A$9)*ROUND(BM!$H53,15-13*ORÇAMENTO!$AF$10),15-13*ORÇAMENTO!$AF$11))),IF($A53=0,0,ROUND(SomaAgrupBM,15-13*ORÇAMENTO!$AF$11)))","v":0}]
[{"$f":"ORÇAMENTO!C54","v":"S"},{"$f":"ORÇAMENTO!D54","v":0},{"$f":"IF(OR($I54>0,$A54=1,$A54=2,$A54=3,$A54=4),\"F\",\"\")","v":"F"},{"$f":"ORÇAMENTO!O54","v":"1.3.8."},{"$f":"ORÇAMENTO.Descricao","v":"TELHAMENTO COM TELHA DE AÇO/ALUMÍNIO E = 0,5 MM, INCLUSO IÇAMENTO"},{"$f":"IF(RegimeExecucao=\"Global\",\"\",ORÇAMENTO.Unidade)","v":"M2"},{"$f":"IF(RegimeExecucao=\"Global\",\"\",ORÇAMENTO!T54)","v":311.14},{"$f":"IF(RegimeExecucao=\"Global\",\"\",ORÇAMENTO!W54)","v":46.94},{"$f":"ORÇAMENTO!X54","v":14604.91},{"$f":"IF($A54=\"S\",IF(CAIXA.Modo,BM.AFAnterior,BM.MEDAnterior),IF(AND(RegimeExecucao=\"Global\",$I54>0,COUNTIF($AB$13:$AM$13,BM.medicao-1)>0),M54/$I54*100,0))","v":0},0,{"$f":"IF($A54=\"S\",IF(CAIXA.Modo,BM.AFAcumulado,BM.MEDAcumulado),IF(AND(RegimeExecucao=\"Global\",$I54>0,COUNTIF($AB$13:$AM$13,BM.medicao)>0),O54/$I54*100,0))","v":0},{"$f":"IF($A54=\"S\",VTOTALBM,IF($A54=0,0,ROUND(SomaAgrupBM,15-13*ORÇAMENTO!$AF$11)))","v":{"$error":"#REF!"}},{"$error":"#REF!"},{"$f":"IF($A54=\"S\",VTOTALBM,IF($A54=0,0,ROUND(SomaAgrupBM,15-13*ORÇAMENTO!$AF$11)))","v":{"$error":"#REF!"}},null,null,null,null,{"$f":"IF($W54>0,$D54,\"\")","v":{"$error":"#REF!"}},{"$f":"IF($W54>0,$E54,\"\")","v":{"$error":"#REF!"}},{"$f":"IF(AND($W54>0,RegimeExecucao=\"Unitário\"),$F54,\"\")","v":{"$error":"#REF!"}},{"$f":"IF($Y54>0,CHOOSE(MATCH(RegimeExecucao,{\"Unitário\",\"Global\"},0),IF($A54=\"S\",$Y54/$X54,\"\"),($Y54/$X54)*100),0)","v":{"$error":"#REF!"}},{"$f":"IF($Y54>0,CHOOSE(MATCH(RegimeExecucao,{\"Unitário\",\"Global\"},0),IF($A54=\"S\",ROUND($H54,ORÇAMENTO!$AF$10),\"\"),ROUND($I54,ORÇAMENTO!$AF$11)),\"\")","v":{"$error":"#REF!"}},{"$f":"AO54-O54","v":{"$error":"#REF!"}},null,null,null,null,null,null,null,null,null,null,null,null,null,null,null,{"$f":"IF($A54=\"S\",IF(BM!$I54=0,0,CHOOSE(MATCH(RegimeExecucao,{\"Global\",\"Unitário\"},0),ROUND(ROUND(BM.MEDAcumulado,15-13*BM!$A$9)/100*BM!$I54,15-13*ORÇAMENTO!$AF$11),ROUND(ROUND(BM.MEDAcumulado,15-13*BM!$A$9)*ROUND(BM!$H54,15-13*ORÇAMENTO!$AF$10),15-13*ORÇAMENTO!$AF$11))),IF($A54=0,0,ROUND(SomaAgrupBM,15-13*ORÇAMENTO!$AF$11)))","v":0}]
[{"$f":"ORÇAMENTO!C55","v":"S"},{"$f":"ORÇAMENTO!D55","v":0},{"$f":"IF(OR($I55>0,$A55=1,$A55=2,$A55=3,$A55=4),\"F\",\"\")","v":"F"},{"$f":"ORÇAMENTO!O55","v":"1.3.9."},{"$f":"ORÇAMENTO.Descricao","v":"ESTRUTURA EM AÇO GALVANIZADO PARA FIXAÇÃO DE TELHA EM FECHAMENTO VERTICAL"},{"$f":"IF(RegimeExecucao=\"Global\",\"\",ORÇAMENTO.Unidade)","v":"M²"},{"$f":"IF(RegimeExecucao=\"Global\",\"\",ORÇAMENTO!T55)","v":311.14},{"$f":"IF(RegimeExecucao=\"Global\",\"\",ORÇAMENTO!W55)","v":28.88},{"$f":"ORÇAMENTO!X55","v":8985.7199999999993},{"$f":"IF($A55=\"S\",IF(CAIXA.Modo,BM.AFAnterior,BM.MEDAnterior),IF(AND(RegimeExecucao=\"Global\",$I55>0,COUNTIF($AB$13:$AM$13,BM.medicao-1)>0),M55/$I55*100,0))","v":0},0,{"$f":"IF($A55=\"S\",IF(CAIXA.Modo,BM.AFAcumulado,BM.MEDAcumulado),IF(AND(RegimeExecucao=\"Global\",$I55>0,COUNTIF($AB$13:$AM$13,BM.medicao)>0),O55/$I55*100,0))","v":0},{"$f":"IF($A55=\"S\",VTOTALBM,IF($A55=0,0,ROUND(SomaAgrupBM,15-13*ORÇAMENTO!$AF$11)))","v":{"$error":"#REF!"}},{"$error":"#REF!"},{"$f":"IF($A55=\"S\",VTOTALBM,IF($A55=0,0,ROUND(SomaAgrupBM,15-13*ORÇAMENTO!$AF$11)))","v":{"$error":"#REF!"}},null,null,null,null,{"$f":"IF($W55>0,$D55,\"\")","v":{"$error":"#REF!"}},{"$f":"IF($W55>0,$E55,\"\")","v":{"$error":"#REF!"}},{"$f":"IF(AND($W55>0,RegimeExecucao=\"Unitário\"),$F55,\"\")","v":{"$error":"#REF!"}},{"$f":"IF($Y55>0,CHOOSE(MATCH(RegimeExecucao,{\"Unitário\",\"Global\"},0),IF($A55=\"S\",$Y55/$X55,\"\"),($Y55/$X55)*100),0)","v":{"$error":"#REF!"}},{"$f":"IF($Y55>0,CHOOSE(MATCH(RegimeExecucao,{\"Unitário\",\"Global\"},0),IF($A55=\"S\",ROUND($H55,ORÇAMENTO!$AF$10),\"\"),ROUND($I55,ORÇAMENTO!$AF$11)),\"\")","v":{"$error":"#REF!"}},{"$f":"AO55-O55","v":{"$error":"#REF!"}},null,null,null,null,null,null,null,null,null,null,null,null,null,null,null,{"$f":"IF($A55=\"S\",IF(BM!$I55=0,0,CHOOSE(MATCH(RegimeExecucao,{\"Global\",\"Unitário\"},0),ROUND(ROUND(BM.MEDAcumulado,15-13*BM!$A$9)/100*BM!$I55,15-13*ORÇAMENTO!$AF$11),ROUND(ROUND(BM.MEDAcumulado,15-13*BM!$A$9)*ROUND(BM!$H55,15-13*ORÇAMENTO!$AF$10),15-13*ORÇAMENTO!$AF$11))),IF($A55=0,0,ROUND(SomaAgrupBM,15-13*ORÇAMENTO!$AF$11)))","v":0}]
[{"$f":"ORÇAMENTO!C56","v":2},{"$f":"ORÇAMENTO!D56","v":3},"F",{"$f":"ORÇAMENTO!O56","v":"1.4."},"FORRO","-",{"$f":"IF(RegimeExecucao=\"Global\",\"\",ORÇAMENTO!T56)","v":0},{"$f":"IF(RegimeExecucao=\"Global\",\"\",ORÇAMENTO!W56)","v":0},{"$f":"ORÇAMENTO!X56","v":3828.95},0,0,0,{"$f":"IF($A56=\"S\",VTOTALBM,IF($A56=0,0,ROUND(SomaAgrupBM,15-13*ORÇAMENTO!$AF$11)))","v":{"$error":"#REF!"}},{"$error":"#REF!"},{"$f":"IF($A56=\"S\",VTOTALBM,IF($A56=0,0,ROUND(SomaAgrupBM,15-13*ORÇAMENTO!$AF$11)))","v":{"$error":"#REF!"}},null,null,null,null,{"$error":"#REF!"},{"$error":"#REF!"},{"$error":"#REF!"},{"$f":"IF($Y56>0,CHOOSE(MATCH(RegimeExecucao,{\"Unitário\",\"Global\"},0),IF($A56=\"S\",$Y56/$X56,\"\"),($Y56/$X56)*100),0)","v":{"$error":"#REF!"}},{"$f":"IF($Y56>0,CHOOSE(MATCH(RegimeExecucao,{\"Unitário\",\"Global\"},0),IF($A56=\"S\",ROUND($H56,ORÇAMENTO!$AF$10),\"\"),ROUND($I56,ORÇAMENTO!$AF$11)),\"\")","v":{"$error":"#REF!"}},{"$error":"#REF!"},null,null,null,null,null,null,null,null,null,null,null,null,null,null,null,{"$f":"IF($A56=\"S\",IF(BM!$I56=0,0,CHOOSE(MATCH(RegimeExecucao,{\"Global\",\"Unitário\"},0),ROUND(ROUND(BM.MEDAcumulado,15-13*BM!$A$9)/100*BM!$I56,15-13*ORÇAMENTO!$AF$11),ROUND(ROUND(BM.MEDAcumulado,15-13*BM!$A$9)*ROUND(BM!$H56,15-13*ORÇAMENTO!$AF$10),15-13*ORÇAMENTO!$AF$11))),IF($A56=0,0,ROUND(SomaAgrupBM,15-13*ORÇAMENTO!$AF$11)))","v":0}]
[{"$f":"ORÇAMENTO!C57","v":"S"},{"$f":"ORÇAMENTO!D57","v":0},{"$f":"IF(OR($I57>0,$A57=1,$A57=2,$A57=3,$A57=4),\"F\",\"\")","v":"F"},{"$f":"ORÇAMENTO!O57","v":"1.4.1."},{"$f":"ORÇAMENTO.Descricao","v":"FORRO EM RÉGUAS DE PVC, FRISADO, PARA AMBIENTES COMERCIAIS, INCLUSIVE ESTRUTURA DE FIXAÇÃO"},{"$f":"IF(RegimeExecucao=\"Global\",\"\",ORÇAMENTO.Unidade)","v":"M2"},{"$f":"IF(RegimeExecucao=\"Global\",\"\",ORÇAMENTO!T57)","v":72.59},{"$f":"IF(RegimeExecucao=\"Global\",\"\",ORÇAMENTO!W57)","v":45.73},{"$f":"ORÇAMENTO!X57","v":3319.54},{"$f":"IF($A57=\"S\",IF(CAIXA.Modo,BM.AFAnterior,BM.MEDAnterior),IF(AND(RegimeExecucao=\"Global\",$I57>0,COUNTIF($AB$13:$AM$13,BM.medicao-1)>0),M57/$I57*100,0))","v":0},0,{"$f":"IF($A57=\"S\",IF(CAIXA.Modo,BM.AFAcumulado,BM.MEDAcumulado),IF(AND(RegimeExecucao=\"Global\",$I57>0,COUNTIF($AB$13:$AM$13,BM.medicao)>0),O57/$I57*100,0))","v":0},{"$f":"IF($A57=\"S\",VTOTALBM,IF($A57=0,0,ROUND(SomaAgrupBM,15-13*ORÇAMENTO!$AF$11)))","v":{"$error":"#REF!"}},{"$error":"#REF!"},{"$f":"IF($A57=\"S\",VTOTALBM,IF($A57=0,0,ROUND(SomaAgrupBM,15-13*ORÇAMENTO!$AF$11)))","v":{"$error":"#REF!"}},null,null,null,null,{"$f":"IF($W57>0,$D57,\"\")","v":{"$error":"#REF!"}},{"$f":"IF($W57>0,$E57,\"\")","v":{"$error":"#REF!"}},{"$f":"IF(AND($W57>0,RegimeExecucao=\"Unitário\"),$F57,\"\")","v":{"$error":"#REF!"}},{"$f":"IF($Y57>0,CHOOSE(MATCH(RegimeExecucao,{\"Unitário\",\"Global\"},0),IF($A57=\"S\",$Y57/$X57,\"\"),($Y57/$X57)*100),0)","v":{"$error":"#REF!"}},{"$f":"IF($Y57>0,CHOOSE(MATCH(RegimeExecucao,{\"Unitário\",\"Global\"},0),IF($A57=\"S\",ROUND($H57,ORÇAMENTO!$AF$10),\"\"),ROUND($I57,ORÇAMENTO!$AF$11)),\"\")","v":{"$error":"#REF!"}},{"$f":"AO57-O57","v":{"$error":"#REF!"}},null,null,null,null,null,null,null,null,null,null,null,null,null,null,null,{"$f":"IF($A57=\"S\",IF(BM!$I57=0,0,CHOOSE(MATCH(RegimeExecucao,{\"Global\",\"Unitário\"},0),ROUND(ROUND(BM.MEDAcumulado,15-13*BM!$A$9)/100*BM!$I57,15-13*ORÇAMENTO!$AF$11),ROUND(ROUND(BM.MEDAcumulado,15-13*BM!$A$9)*ROUND(BM!$H57,15-13*ORÇAMENTO!$AF$10),15-13*ORÇAMENTO!$AF$11))),IF($A57=0,0,ROUND(SomaAgrupBM,15-13*ORÇAMENTO!$AF$11)))","v":0}]
[{"$f":"ORÇAMENTO!C58","v":"S"},{"$f":"ORÇAMENTO!D58","v":0},{"$f":"IF(OR($I58>0,$A58=1,$A58=2,$A58=3,$A58=4),\"F\",\"\")","v":"F"},{"$f":"ORÇAMENTO!O58","v":"1.4.2."},{"$f":"ORÇAMENTO.Descricao","v":"ACABAMENTOS PARA FORRO (RODA-FORRO EM PVC)"},{"$f":"IF(RegimeExecucao=\"Global\",\"\",ORÇAMENTO.Unidade)","v":"M"},{"$f":"IF(RegimeExecucao=\"Global\",\"\",ORÇAMENTO!T58)","v":60.5},{"$f":"IF(RegimeExecucao=\"Global\",\"\",ORÇAMENTO!W58)","v":8.42},{"$f":"ORÇAMENTO!X58","v":509.41},{"$f":"IF($A58=\"S\",IF(CAIXA.Modo,BM.AFAnterior,BM.MEDAnterior),IF(AND(RegimeExecucao=\"Global\",$I58>0,COUNTIF($AB$13:$AM$13,BM.medicao-1)>0),M58/$I58*100,0))","v":0},0,{"$f":"IF($A58=\"S\",IF(CAIXA.Modo,BM.AFAcumulado,BM.MEDAcumulado),IF(AND(RegimeExecucao=\"Global\",$I58>0,COUNTIF($AB$13:$AM$13,BM.medicao)>0),O58/$I58*100,0))","v":0},{"$f":"IF($A58=\"S\",VTOTALBM,IF($A58=0,0,ROUND(SomaAgrupBM,15-13*ORÇAMENTO!$AF$11)))","v":{"$error":"#REF!"}},{"$error":"#REF!"},{"$f":"IF($A58=\"S\",VTOTALBM,IF($A58=0,0,ROUND(SomaAgrupBM,15-13*ORÇAMENTO!$AF$11)))","v":{"$error":"#REF!"}},null,null,null,null,{"$f":"IF($W58>0,$D58,\"\")","v":{"$error":"#REF!"}},{"$f":"IF($W58>0,$E58,\"\")","v":{"$error":"#REF!"}},{"$f":"IF(AND($W58>0,RegimeExecucao=\"Unitário\"),$F58,\"\")","v":{"$error":"#REF!"}},{"$f":"IF($Y58>0,CHOOSE(MATCH(RegimeExecucao,{\"Unitário\",\"Global\"},0),IF($A58=\"S\",$Y58/$X58,\"\"),($Y58/$X58)*100),0)","v":{"$error":"#REF!"}},{"$f":"IF($Y58>0,CHOOSE(MATCH(RegimeExecucao,{\"Unitário\",\"Global\"},0),IF($A58=\"S\",ROUND($H58,ORÇAMENTO!$AF$10),\"\"),ROUND($I58,ORÇAMENTO!$AF$11)),\"\")","v":{"$error":"#REF!"}},{"$f":"AO58-O58","v":{"$error":"#REF!"}},null,null,null,null,null,null,null,null,null,null,null,null,null,null,null,{"$f":"IF($A58=\"S\",IF(BM!$I58=0,0,CHOOSE(MATCH(RegimeExecucao,{\"Global\",\"Unitário\"},0),ROUND(ROUND(BM.MEDAcumulado,15-13*BM!$A$9)/100*BM!$I58,15-13*ORÇAMENTO!$AF$11),ROUND(ROUND(BM.MEDAcumulado,15-13*BM!$A$9)*ROUND(BM!$H58,15-13*ORÇAMENTO!$AF$10),15-13*ORÇAMENTO!$AF$11))),IF($A58=0,0,ROUND(SomaAgrupBM,15-13*ORÇAMENTO!$AF$11)))","v":0}]
[{"$f":"ORÇAMENTO!C59","v":2},{"$f":"ORÇAMENTO!D59","v":8},"F",{"$f":"ORÇAMENTO!O59","v":"1.5."},"ESQUADRIAS","-",{"$f":"IF(RegimeExecucao=\"Global\",\"\",ORÇAMENTO!T59)","v":0},{"$f":"IF(RegimeExecucao=\"Global\",\"\",ORÇAMENTO!W59)","v":0},{"$f":"ORÇAMENTO!X59","v":20845.04},0,0,0,{"$f":"IF($A59=\"S\",VTOTALBM,IF($A59=0,0,ROUND(SomaAgrupBM,15-13*ORÇAMENTO!$AF$11)))","v":{"$error":"#REF!"}},{"$error":"#REF!"},{"$f":"IF($A59=\"S\",VTOTALBM,IF($A59=0,0,ROUND(SomaAgrupBM,15-13*ORÇAMENTO!$AF$11)))","v":{"$error":"#REF!"}},null,null,null,null,{"$error":"#REF!"},{"$error":"#REF!"},{"$error":"#REF!"},{"$f":"IF($Y59>0,CHOOSE(MATCH(RegimeExecucao,{\"Unitário\",\"Global\"},0),IF($A59=\"S\",$Y59/$X59,\"\"),($Y59/$X59)*100),0)","v":{"$error":"#REF!"}},{"$f":"IF($Y59>0,CHOOSE(MATCH(RegimeExecucao,{\"Unitário\",\"Global\"},0),IF($A59=\"S\",ROUND($H59,ORÇAMENTO!$AF$10),\"\"),ROUND($I59,ORÇAMENTO!$AF$11)),\"\")","v":{"$error":"#REF!"}},{"$error":"#REF!"},null,null,null,null,null,null,null,null,null,null,null,null,null,null,null,{"$f":"IF($A59=\"S\",IF(BM!$I59=0,0,CHOOSE(MATCH(RegimeExecucao,{\"Global\",\"Unitário\"},0),ROUND(ROUND(BM.MEDAcumulado,15-13*BM!$A$9)/100*BM!$I59,15-13*ORÇAMENTO!$AF$11),ROUND(ROUND(BM.MEDAcumulado,15-13*BM!$A$9)*ROUND(BM!$H59,15-13*ORÇAMENTO!$AF$10),15-13*ORÇAMENTO!$AF$11))),IF($A59=0,0,ROUND(SomaAgrupBM,15-13*ORÇAMENTO!$AF$11)))","v":0}]
[{"$f":"ORÇAMENTO!C60","v":"S"},{"$f":"ORÇAMENTO!D60","v":0},"F",{"$f":"ORÇAMENTO!O60","v":"1.5.1."},"JANELA DE ALUMÍNIO DE CORRER COM 2 FOLHAS PARA VIDROS, COM VIDROS, BATENTE, ACABAMENTO COM ACETATO OU BRILHANTE E FERRAGENS. FORNECIMENTO E INSTALAÇÃO","M2",{"$f":"IF(RegimeExecucao=\"Global\",\"\",ORÇAMENTO!T60)","v":5.4},{"$f":"IF(RegimeExecucao=\"Global\",\"\",ORÇAMENTO!W60)","v":324.95},{"$f":"ORÇAMENTO!X60","v":1754.73},0,0,0,{"$f":"IF($A60=\"S\",VTOTALBM,IF($A60=0,0,ROUND(SomaAgrupBM,15-13*ORÇAMENTO!$AF$11)))","v":{"$error":"#REF!"}},{"$error":"#REF!"},{"$f":"IF($A60=\"S\",VTOTALBM,IF($A60=0,0,ROUND(SomaAgrupBM,15-13*ORÇAMENTO!$AF$11)))","v":{"$error":"#REF!"}},null,null,null,null,{"$error":"#REF!"},{"$error":"#REF!"},{"$error":"#REF!"},{"$f":"IF($Y60>0,CHOOSE(MATCH(RegimeExecucao,{\"Unitário\",\"Global\"},0),IF($A60=\"S\",$Y60/$X60,\"\"),($Y60/$X60)*100),0)","v":{"$error":"#REF!"}},{"$f":"IF($Y60>0,CHOOSE(MATCH(RegimeExecucao,{\"Unitário\",\"Global\"},0),IF($A60=\"S\",ROUND($H60,ORÇAMENTO!$AF$10),\"\"),ROUND($I60,ORÇAMENTO!$AF$11)),\"\")","v":{"$error":"#REF!"}},{"$error":"#REF!"},null,null,null,null,null,null,null,null,null,null,null,null,null,null,null,{"$f":"IF($A60=\"S\",IF(BM!$I60=0,0,CHOOSE(MATCH(RegimeExecucao,{\"Global\",\"Unitário\"},0),ROUND(ROUND(BM.MEDAcumulado,15-13*BM!$A$9)/100*BM!$I60,15-13*ORÇAMENTO!$AF$11),ROUND(ROUND(BM.MEDAcumulado,15-13*BM!$A$9)*ROUND(BM!$H60,15-13*ORÇAMENTO!$AF$10),15-13*ORÇAMENTO!$AF$11))),IF($A60=0,0,ROUND(SomaAgrupBM,15-13*ORÇAMENTO!$AF$11)))","v":0}]
[{"$f":"ORÇAMENTO!C61","v":"S"},{"$f":"ORÇAMENTO!D61","v":0},"F",{"$f":"ORÇAMENTO!O61","v":"1.5.2."},"JANELA DE ALUMÍNIO DE CORRER COM 4 FOLHAS PARA VIDROS, COM VIDROS, BATENTE, ACABAMENTO COM ACETATO OU BRILHANTE E FERRAGENS. FORNECIMENTO E INSTALAÇÃO","M2",{"$f":"IF(RegimeExecucao=\"Global\",\"\",ORÇAMENTO!T61)","v":16.559999999999999},{"$f":"IF(RegimeExecucao=\"Global\",\"\",ORÇAMENTO!W61)","v":355.03},{"$f":"ORÇAMENTO!X61","v":5879.3},0,0,0,{"$f":"IF($A61=\"S\",VTOTALBM,IF($A61=0,0,ROUND(SomaAgrupBM,15-13*ORÇAMENTO!$AF$11)))","v":{"$error":"#REF!"}},{"$error":"#REF!"},{"$f":"IF($A61=\"S\",VTOTALBM,IF($A61=0,0,ROUND(SomaAgrupBM,15-13*ORÇAMENTO!$AF$11)))","v":{"$error":"#REF!"}},null,null,null,null,{"$error":"#REF!"},{"$error":"#REF!"},{"$error":"#REF!"},{"$f":"IF($Y61>0,CHOOSE(MATCH(RegimeExecucao,{\"Unitário\",\"Global\"},0),IF($A61=\"S\",$Y61/$X61,\"\"),($Y61/$X61)*100),0)","v":{"$error":"#REF!"}},{"$f":"IF($Y61>0,CHOOSE(MATCH(RegimeExecucao,{\"Unitário\",\"Global\"},0),IF($A61=\"S\",ROUND($H61,ORÇAMENTO!$AF$10),\"\"),ROUND($I61,ORÇAMENTO!$AF$11)),\"\")","v":{"$error":"#REF!"}},{"$error":"#REF!"},null,null,null,null,null,null,null,null,null,null,null,null,null,null,null,{"$f":"IF($A61=\"S\",IF(BM!$I61=0,0,CHOOSE(MATCH(RegimeExecucao,{\"Global\",\"Unitário\"},0),ROUND(ROUND(BM.MEDAcumulado,15-13*BM!$A$9)/100*BM!$I61,15-13*ORÇAMENTO!$AF$11),ROUND(ROUND(BM.MEDAcumulado,15-13*BM!$A$9)*ROUND(BM!$H61,15-13*ORÇAMENTO!$AF$10),15-13*ORÇAMENTO!$AF$11))),IF($A61=0,0,ROUND(SomaAgrupBM,15-13*ORÇAMENTO!$AF$11)))","v":0}]
[{"$f":"ORÇAMENTO!C62","v":"S"},{"$f":"ORÇAMENTO!D62","v":0},"F",{"$f":"ORÇAMENTO!O62","v":"1.5.3."},"JANELA DE AÇO TIPO BASCULANTE PARA VIDROS, COM BATENTE, FERRAGENS E PINTURA ANTICORROSIVA. EXCLUSIVE VIDROS. FORNECIMENTO E INSTALAÇÃO","M2",{"$f":"IF(RegimeExecucao=\"Global\",\"\",ORÇAMENTO!T62)","v":0.84},{"$f":"IF(RegimeExecucao=\"Global\",\"\",ORÇAMENTO!W62)","v":686},{"$f":"ORÇAMENTO!X62","v":576.24},0,0,0,{"$f":"IF($A62=\"S\",VTOTALBM,IF($A62=0,0,ROUND(SomaAgrupBM,15-13*ORÇAMENTO!$AF$11)))","v":{"$error":"#REF!"}},{"$error":"#REF!"},{"$f":"IF($A62=\"S\",VTOTALBM,IF($A62=0,0,ROUND(SomaAgrupBM,15-13*ORÇAMENTO!$AF$11)))","v":{"$error":"#REF!"}},null,null,null,null,{"$error":"#REF!"},{"$error":"#REF!"},{"$error":"#REF!"},{"$f":"IF($Y62>0,CHOOSE(MATCH(RegimeExecucao,{\"Unitário\",\"Global\"},0),IF($A62=\"S\",$Y62/$X62,\"\"),($Y62/$X62)*100),0)","v":{"$error":"#REF!"}},{"$f":"IF($Y62>0,CHOOSE(MATCH(RegimeExecucao,{\"Unitário\",\"Global\"},0),IF($A62=\"S\",ROUND($H62,ORÇAMENTO!$AF$10),\"\"),ROUND($I62,ORÇAMENTO!$AF$11)),\"\")","v":{"$error":"#REF!"}},{"$error":"#REF!"},null,null,null,null,null,null,null,null,null,null,null,null,null,null,null,{"$f":"IF($A62=\"S\",IF(BM!$I62=0,0,CHOOSE(MATCH(RegimeExecucao,{\"Global\",\"Unitário\"},0),ROUND(ROUND(BM.MEDAcumulado,15-13*BM!$A$9)/100*BM!$I62,15-13*ORÇAMENTO!$AF$11),ROUND(ROUND(BM.MEDAcumulado,15-13*BM!$A$9)*ROUND(BM!$H62,15-13*ORÇAMENTO!$AF$10),15-13*ORÇAMENTO!$AF$11))),IF($A62=0,0,ROUND(SomaAgrupBM,15-13*ORÇAMENTO!$AF$11)))","v":0}]
[{"$f":"ORÇAMENTO!C63","v":"S"},{"$f":"ORÇAMENTO!D63","v":0},"F",{"$f":"ORÇAMENTO!O63","v":"1.5.4."},"VIDRO TEMPERADO INCOLOR, ESPESSURA 10 MM, FORNECIMENTO E INSTALACAO, INCLUSIVE MASSA PARA VEDAÇÃO","M2",{"$f":"IF(RegimeExecucao=\"Global\",\"\",ORÇAMENTO!T63)","v":0.84},{"$f":"IF(RegimeExecucao=\"Global\",\"\",ORÇAMENTO!W63)","v":264.77},{"$f":"ORÇAMENTO!X63","v":222.41},0,0,0,{"$f":"IF($A63=\"S\",VTOTALBM,IF($A63=0,0,ROUND(SomaAgrupBM,15-13*ORÇAMENTO!$AF$11)))","v":{"$error":"#REF!"}},{"$error":"#REF!"},{"$f":"IF($A63=\"S\",VTOTALBM,IF($A63=0,0,ROUND(SomaAgrupBM,15-13*ORÇAMENTO!$AF$11)))","v":{"$error":"#REF!"}},null,null,null,null,{"$error":"#REF!"},{"$error":"#REF!"},{"$error":"#REF!"},{"$f":"IF($Y63>0,CHOOSE(MATCH(RegimeExecucao,{\"Unitário\",\"Global\"},0),IF($A63=\"S\",$Y63/$X63,\"\"),($Y63/$X63)*100),0)","v":{"$error":"#REF!"}},{"$f":"IF($Y63>0,CHOOSE(MATCH(RegimeExecucao,{\"Unitário\",\"Global\"},0),IF($A63=\"S\",ROUND($H63,ORÇAMENTO!$AF$10),\"\"),ROUND($I63,ORÇAMENTO!$AF$11)),\"\")","v":{"$error":"#REF!"}},{"$error":"#REF!"},null,null,null,null,null,null,null,null,null,null,null,null,null,null,null,{"$f":"IF($A63=\"S\",IF(BM!$I63=0,0,CHOOSE(MATCH(RegimeExecucao,{\"Global\",\"Unitário\"},0),ROUND(ROUND(BM.MEDAcumulado,15-13*BM!$A$9)/100*BM!$I63,15-13*ORÇAMENTO!$AF$11),ROUND(ROUND(BM.MEDAcumulado,15-13*BM!$A$9)*ROUND(BM!$H63,15-13*ORÇAMENTO!$AF$10),15-13*ORÇAMENTO!$AF$11))),IF($A63=0,0,ROUND(SomaAgrupBM,15-13*ORÇAMENTO!$AF$11)))","v":0}]
[{"$f":"ORÇAMENTO!C64","v":"S"},{"$f":"ORÇAMENTO!D64","v":0},"F",{"$f":"ORÇAMENTO!O64","v":"1.5.5."},"PORTA EM ALUMÍNIO DE ABRIR TIPO VENEZIANA COM GUARNIÇÃO, FIXAÇÃO COM PARAFUSOS - FORNECIMENTO E INSTALAÇÃO","M2",{"$f":"IF(RegimeExecucao=\"Global\",\"\",ORÇAMENTO!T64)","v":3.57},{"$f":"IF(RegimeExecucao=\"Global\",\"\",ORÇAMENTO!W64)","v":661.93},{"$f":"ORÇAMENTO!X64","v":2363.09},0,0,0,{"$f":"IF($A64=\"S\",VTOTALBM,IF($A64=0,0,ROUND(SomaAgrupBM,15-13*ORÇAMENTO!$AF$11)))","v":{"$error":"#REF!"}},{"$error":"#REF!"},{"$f":"IF($A64=\"S\",VTOTALBM,IF($A64=0,0,ROUND(SomaAgrupBM,15-13*ORÇAMENTO!$AF$11)))","v":{"$error":"#REF!"}},null,null,null,null,{"$error":"#REF!"},{"$error":"#REF!"},{"$error":"#REF!"},{"$f":"IF($Y64>0,CHOOSE(MATCH(RegimeExecucao,{\"Unitário\",\"Global\"},0),IF($A64=\"S\",$Y64/$X64,\"\"),($Y64/$X64)*100),0)","v":{"$error":"#REF!"}},{"$f":"IF($Y64>0,CHOOSE(MATCH(RegimeExecucao,{\"Unitário\",\"Global\"},0),IF($A64=\"S\",ROUND($H64,ORÇAMENTO!$AF$10),\"\"),ROUND($I64,ORÇAMENTO!$AF$11)),\"\")","v":{"$error":"#REF!"}},{"$error":"#REF!"},null,null,null,null,null,null,null,null,null,null,null,null,null,null,null,{"$f":"IF($A64=\"S\",IF(BM!$I64=0,0,CHOOSE(MATCH(RegimeExecucao,{\"Global\",\"Unitário\"},0),ROUND(ROUND(BM.MEDAcumulado,15-13*BM!$A$9)/100*BM!$I64,15-13*ORÇAMENTO!$AF$11),ROUND(ROUND(BM.MEDAcumulado,15-13*BM!$A$9)*ROUND(BM!$H64,15-13*ORÇAMENTO!$AF$10),15-13*ORÇAMENTO!$AF$11))),IF($A64=0,0,ROUND(SomaAgrupBM,15-13*ORÇAMENTO!$AF$11)))","v":0}]
[{"$f":"ORÇAMENTO!C65","v":"S"},{"$f":"ORÇAMENTO!D65","v":0},"F",{"$f":"ORÇAMENTO!O65","v":"1.5.6."},"PORTA DE ALUMÍNIO DE ABRIR COM LAMBRI, COM GUARNIÇÃO, FIXAÇÃO COM PARAFUSOS - FORNECIMENTO E INSTALAÇÃO","M2",{"$f":"IF(RegimeExecucao=\"Global\",\"\",ORÇAMENTO!T65)","v":9.24},{"$f":"IF(RegimeExecucao=\"Global\",\"\",ORÇAMENTO!W65)","v":902.63},{"$f":"ORÇAMENTO!X65","v":8340.2999999999993},0,0,0,{"$f":"IF($A65=\"S\",VTOTALBM,IF($A65=0,0,ROUND(SomaAgrupBM,15-13*ORÇAMENTO!$AF$11)))","v":{"$error":"#REF!"}},{"$error":"#REF!"},{"$f":"IF($A65=\"S\",VTOTALBM,IF($A65=0,0,ROUND(SomaAgrupBM,15-13*ORÇAMENTO!$AF$11)))","v":{"$error":"#REF!"}},null,null,null,null,{"$error":"#REF!"},{"$error":"#REF!"},{"$error":"#REF!"},{"$f":"IF($Y65>0,CHOOSE(MATCH(RegimeExecucao,{\"Unitário\",\"Global\"},0),IF($A65=\"S\",$Y65/$X65,\"\"),($Y65/$X65)*100),0)","v":{"$error":"#REF!"}},{"$f":"IF($Y65>0,CHOOSE(MATCH(RegimeExecucao,{\"Unitário\",\"Global\"},0),IF($A65=\"S\",ROUND($H65,ORÇAMENTO!$AF$10),\"\"),ROUND($I65,ORÇAMENTO!$AF$11)),\"\")","v":{"$error":"#REF!"}},{"$error":"#REF!"},null,null,null,null,null,null,null,null,null,null,null,null,null,null,null,{"$f":"IF($A65=\"S\",IF(BM!$I65=0,0,CHOOSE(MATCH(RegimeExecucao,{\"Global\",\"Unitário\"},0),ROUND(ROUND(BM.MEDAcumulado,15-13*BM!$A$9)/100*BM!$I65,15-13*ORÇAMENTO!$AF$11),ROUND(ROUND(BM.MEDAcumulado,15-13*BM!$A$9)*ROUND(BM!$H65,15-13*ORÇAMENTO!$AF$10),15-13*ORÇAMENTO!$AF$11))),IF($A65=0,0,ROUND(SomaAgrupBM,15-13*ORÇAMENTO!$AF$11)))","v":0}]
[{"$f":"ORÇAMENTO!C66","v":"S"},{"$f":"ORÇAMENTO!D66","v":0},{"$f":"IF(OR($I66>0,$A66=1,$A66=2,$A66=3,$A66=4),\"F\",\"\")","v":"F"},{"$f":"ORÇAMENTO!O66","v":"1.5.7."},{"$f":"ORÇAMENTO.Descricao","v":"CONTRAMARCO DE AÇO, FIXAÇÃO COM ARGAMASSA - FORNECIMENTO E INSTALAÇÃO"},{"$f":"IF(RegimeExecucao=\"Global\",\"\",ORÇAMENTO.Unidade)","v":"M"},{"$f":"IF(RegimeExecucao=\"Global\",\"\",ORÇAMENTO!T66)","v":35.5},{"$f":"IF(RegimeExecucao=\"Global\",\"\",ORÇAMENTO!W66)","v":48.14},{"$f":"ORÇAMENTO!X66","v":1708.97},{"$f":"IF($A66=\"S\",IF(CAIXA.Modo,BM.AFAnterior,BM.MEDAnterior),IF(AND(RegimeExecucao=\"Global\",$I66>0,COUNTIF($AB$13:$AM$13,BM.medicao-1)>0),M66/$I66*100,0))","v":0},0,{"$f":"IF($A66=\"S\",IF(CAIXA.Modo,BM.AFAcumulado,BM.MEDAcumulado),IF(AND(RegimeExecucao=\"Global\",$I66>0,COUNTIF($AB$13:$AM$13,BM.medicao)>0),O66/$I66*100,0))","v":0},{"$f":"IF($A66=\"S\",VTOTALBM,IF($A66=0,0,ROUND(SomaAgrupBM,15-13*ORÇAMENTO!$AF$11)))","v":{"$error":"#REF!"}},{"$error":"#REF!"},{"$f":"IF($A66=\"S\",VTOTALBM,IF($A66=0,0,ROUND(SomaAgrupBM,15-13*ORÇAMENTO!$AF$11)))","v":{"$error":"#REF!"}},null,null,null,null,{"$f":"IF($W66>0,$D66,\"\")","v":{"$error":"#REF!"}},{"$f":"IF($W66>0,$E66,\"\")","v":{"$error":"#REF!"}},{"$f":"IF(AND($W66>0,RegimeExecucao=\"Unitário\"),$F66,\"\")","v":{"$error":"#REF!"}},{"$f":"IF($Y66>0,CHOOSE(MATCH(RegimeExecucao,{\"Unitário\",\"Global\"},0),IF($A66=\"S\",$Y66/$X66,\"\"),($Y66/$X66)*100),0)","v":{"$error":"#REF!"}},{"$f":"IF($Y66>0,CHOOSE(MATCH(RegimeExecucao,{\"Unitário\",\"Global\"},0),IF($A66=\"S\",ROUND($H66,ORÇAMENTO!$AF$10),\"\"),ROUND($I66,ORÇAMENTO!$AF$11)),\"\")","v":{"$error":"#REF!"}},{"$f":"AO66-O66","v":{"$error":"#REF!"}},null,null,null,null,null,null,null,null,null,null,null,null,null,null,null,{"$f":"IF($A66=\"S\",IF(BM!$I66=0,0,CHOOSE(MATCH(RegimeExecucao,{\"Global\",\"Unitário\"},0),ROUND(ROUND(BM.MEDAcumulado,15-13*BM!$A$9)/100*BM!$I66,15-13*ORÇAMENTO!$AF$11),ROUND(ROUND(BM.MEDAcumulado,15-13*BM!$A$9)*ROUND(BM!$H66,15-13*ORÇAMENTO!$AF$10),15-13*ORÇAMENTO!$AF$11))),IF($A66=0,0,ROUND(SomaAgrupBM,15-13*ORÇAMENTO!$AF$11)))","v":0}]
[{"$f":"ORÇAMENTO!C67","v":2},{"$f":"ORÇAMENTO!D67","v":8},"F",{"$f":"ORÇAMENTO!O67","v":"1.6."},"PAVIMENTAÇÃO","-",{"$f":"IF(RegimeExecucao=\"Global\",\"\",ORÇAMENTO!T67)","v":0},{"$f":"IF(RegimeExecucao=\"Global\",\"\",ORÇAMENTO!W67)","v":0},{"$f":"ORÇAMENTO!X67","v":22800.52},0,0,0,{"$f":"IF($A67=\"S\",VTOTALBM,IF($A67=0,0,ROUND(SomaAgrupBM,15-13*ORÇAMENTO!$AF$11)))","v":{"$error":"#REF!"}},{"$error":"#REF!"},{"$f":"IF($A67=\"S\",VTOTALBM,IF($A67=0,0,ROUND(SomaAgrupBM,15-13*ORÇAMENTO!$AF$11)))","v":{"$error":"#REF!"}},null,null,null,null,{"$error":"#REF!"},{"$error":"#REF!"},{"$error":"#REF!"},{"$f":"IF($Y67>0,CHOOSE(MATCH(RegimeExecucao,{\"Unitário\",\"Global\"},0),IF($A67=\"S\",$Y67/$X67,\"\"),($Y67/$X67)*100),0)","v":{"$error":"#REF!"}},{"$f":"IF($Y67>0,CHOOSE(MATCH(RegimeExecucao,{\"Unitário\",\"Global\"},0),IF($A67=\"S\",ROUND($H67,ORÇAMENTO!$AF$10),\"\"),ROUND($I67,ORÇAMENTO!$AF$11)),\"\")","v":{"$error":"#REF!"}},{"$error":"#REF!"},null,null,null,null,null,null,null,null,null,null,null,null,null,null,null,{"$f":"IF($A67=\"S\",IF(BM!$I67=0,0,CHOOSE(MATCH(RegimeExecucao,{\"Global\",\"Unitário\"},0),ROUND(ROUND(BM.MEDAcumulado,15-13*BM!$A$9)/100*BM!$I67,15-13*ORÇAMENTO!$AF$11),ROUND(ROUND(BM.MEDAcumulado,15-13*BM!$A$9)*ROUND(BM!$H67,15-13*ORÇAMENTO!$AF$10),15-13*ORÇAMENTO!$AF$11))),IF($A67=0,0,ROUND(SomaAgrupBM,15-13*ORÇAMENTO!$AF$11)))","v":0}]
[{"$f":"ORÇAMENTO!C68","v":"S"},{"$f":"ORÇAMENTO!D68","v":0},"F",{"$f":"ORÇAMENTO!O68","v":"1.6.1."},"LASTRO COM MATERIAL GRANULAR, APLICAÇÃO EM PISOS OU RADIERS, ESPESSURA DE 5 CM","M3",{"$f":"IF(RegimeExecucao=\"Global\",\"\",ORÇAMENTO!T68)","v":1.1399999999999999},{"$f":"IF(RegimeExecucao=\"Global\",\"\",ORÇAMENTO!W68)","v":102.3},{"$f":"ORÇAMENTO!X68","v":116.62},0,0,0,{"$f":"IF($A68=\"S\",VTOTALBM,IF($A68=0,0,ROUND(SomaAgrupBM,15-13*ORÇAMENTO!$AF$11)))","v":{"$error":"#REF!"}},{"$error":"#REF!"},{"$f":"IF($A68=\"S\",VTOTALBM,IF($A68=0,0,ROUND(SomaAgrupBM,15-13*ORÇAMENTO!$AF$11)))","v":{"$error":"#REF!"}},null,null,null,null,{"$error":"#REF!"},{"$error":"#REF!"},{"$error":"#REF!"},{"$f":"IF($Y68>0,CHOOSE(MATCH(RegimeExecucao,{\"Unitário\",\"Global\"},0),IF($A68=\"S\",$Y68/$X68,\"\"),($Y68/$X68)*100),0)","v":{"$error":"#REF!"}},{"$f":"IF($Y68>0,CHOOSE(MATCH(RegimeExecucao,{\"Unitário\",\"Global\"},0),IF($A68=\"S\",ROUND($H68,ORÇAMENTO!$AF$10),\"\"),ROUND($I68,ORÇAMENTO!$AF$11)),\"\")","v":{"$error":"#REF!"}},{"$error":"#REF!"},null,null,null,null,null,null,null,null,null,null,null,null,null,null,null,{"$f":"IF($A68=\"S\",IF(BM!$I68=0,0,CHOOSE(MATCH(RegimeExecucao,{\"Global\",\"Unitário\"},0),ROUND(ROUND(BM.MEDAcumulado,15-13*BM!$A$9)/100*BM!$I68,15-13*ORÇAMENTO!$AF$11),ROUND(ROUND(BM.MEDAcumulado,15-13*BM!$A$9)*ROUND(BM!$H68,15-13*ORÇAMENTO!$AF$10),15-13*ORÇAMENTO!$AF$11))),IF($A68=0,0,ROUND(SomaAgrupBM,15-13*ORÇAMENTO!$AF$11)))","v":0}]
[{"$f":"ORÇAMENTO!C69","v":"S"},{"$f":"ORÇAMENTO!D69","v":0},"F",{"$f":"ORÇAMENTO!O69","v":"1.6.2."},"EXECUÇÃO DE PASSEIO (CALÇADA) OU PISO DE CONCRETO COM CONCRETO MOLDADO IN LOCO, USINADO, ACABAMENTO CONVENCIONAL, ESPESSURA 8 CM, ARMADO","M2",{"$f":"IF(RegimeExecucao=\"Global\",\"\",ORÇAMENTO!T69)","v":22.72},{"$f":"IF(RegimeExecucao=\"Global\",\"\",ORÇAMENTO!W69)","v":72.209999999999994},{"$f":"ORÇAMENTO!X69","v":1640.61},0,0,0,{"$f":"IF($A69=\"S\",VTOTALBM,IF($A69=0,0,ROUND(SomaAgrupBM,15-13*ORÇAMENTO!$AF$11)))","v":{"$error":"#REF!"}},{"$error":"#REF!"},{"$f":"IF($A69=\"S\",VTOTALBM,IF($A69=0,0,ROUND(SomaAgrupBM,15-13*ORÇAMENTO!$AF$11)))","v":{"$error":"#REF!"}},null,null,null,null,{"$error":"#REF!"},{"$error":"#REF!"},{"$error":"#REF!"},{"$f":"IF($Y69>0,CHOOSE(MATCH(RegimeExecucao,{\"Unitário\",\"Global\"},0),IF($A69=\"S\",$Y69/$X69,\"\"),($Y69/$X69)*100),0)","v":{"$error":"#REF!"}},{"$f":"IF($Y69>0,CHOOSE(MATCH(RegimeExecucao,{\"Unitário\",\"Global\"},0),IF($A69=\"S\",ROUND($H69,ORÇAMENTO!$AF$10),\"\"),ROUND($I69,ORÇAMENTO!$AF$11)),\"\")","v":{"$error":"#REF!"}},{"$error":"#REF!"},null,null,null,null,null,null,null,null,null,null,null,null,null,null,null,{"$f":"IF($A69=\"S\",IF(BM!$I69=0,0,CHOOSE(MATCH(RegimeExecucao,{\"Global\",\"Unitário\"},0),ROUND(ROUND(BM.MEDAcumulado,15-13*BM!$A$9)/100*BM!$I69,15-13*ORÇAMENTO!$AF$11),ROUND(ROUND(BM.MEDAcumulado,15-13*BM!$A$9)*ROUND(BM!$H69,15-13*ORÇAMENTO!$AF$10),15-13*ORÇAMENTO!$AF$11))),IF($A69=0,0,ROUND(SomaAgrupBM,15-13*ORÇAMENTO!$AF$11)))","v":0}]
[{"$f":"ORÇAMENTO!C70","v":"S"},{"$f":"ORÇAMENTO!D70","v":0},{"$f":"IF(OR($I70>0,$A70=1,$A70=2,$A70=3,$A70=4),\"F\",\"\")","v":"F"},{"$f":"ORÇAMENTO!O70","v":"1.6.3."},{"$f":"ORÇAMENTO.Descricao","v":"CONTRAPISO EM ARGAMASSA TRAÇO 1:4 (CIMENTO E AREIA), PREPARO MANUAL, APLICADO EM ÁREAS SECAS SOBRE LAJE, ADERIDO, ESPESSURA 4 CM"},{"$f":"IF(RegimeExecucao=\"Global\",\"\",ORÇAMENTO.Unidade)","v":"M2"},{"$f":"IF(RegimeExecucao=\"Global\",\"\",ORÇAMENTO!T70)","v":174.91},{"$f":"IF(RegimeExecucao=\"Global\",\"\",ORÇAMENTO!W70)","v":36.11},{"$f":"ORÇAMENTO!X70","v":6316},{"$f":"IF($A70=\"S\",IF(CAIXA.Modo,BM.AFAnterior,BM.MEDAnterior),IF(AND(RegimeExecucao=\"Global\",$I70>0,COUNTIF($AB$13:$AM$13,BM.medicao-1)>0),M70/$I70*100,0))","v":0},{"$f":"L70-J70","v":0},{"$f":"IF($A70=\"S\",IF(CAIXA.Modo,BM.AFAcumulado,BM.MEDAcumulado),IF(AND(RegimeExecucao=\"Global\",$I70>0,COUNTIF($AB$13:$AM$13,BM.medicao)>0),O70/$I70*100,0))","v":0},{"$f":"IF($A70=\"S\",VTOTALBM,IF($A70=0,0,ROUND(SomaAgrupBM,15-13*ORÇAMENTO!$AF$11)))","v":{"$error":"#REF!"}},{"$f":"O70-M70","v":{"$error":"#REF!"}},{"$f":"IF($A70=\"S\",VTOTALBM,IF($A70=0,0,ROUND(SomaAgrupBM,15-13*ORÇAMENTO!$AF$11)))","v":{"$error":"#REF!"}},null,null,null,null,{"$f":"IF($W70>0,$D70,\"\")","v":{"$error":"#REF!"}},{"$f":"IF($W70>0,$E70,\"\")","v":{"$error":"#REF!"}},{"$f":"IF(AND($W70>0,RegimeExecucao=\"Unitário\"),$F70,\"\")","v":{"$error":"#REF!"}},{"$f":"IF($Y70>0,CHOOSE(MATCH(RegimeExecucao,{\"Unitário\",\"Global\"},0),IF($A70=\"S\",$Y70/$X70,\"\"),($Y70/$X70)*100),0)","v":{"$error":"#REF!"}},{"$f":"IF($Y70>0,CHOOSE(MATCH(RegimeExecucao,{\"Unitário\",\"Global\"},0),IF($A70=\"S\",ROUND($H70,ORÇAMENTO!$AF$10),\"\"),ROUND($I70,ORÇAMENTO!$AF$11)),\"\")","v":{"$error":"#REF!"}},{"$f":"AO70-O70","v":{"$error":"#REF!"}},null,null,null,null,null,null,null,null,null,null,null,null,null,null,null,{"$f":"IF($A70=\"S\",IF(BM!$I70=0,0,CHOOSE(MATCH(RegimeExecucao,{\"Global\",\"Unitário\"},0),ROUND(ROUND(BM.MEDAcumulado,15-13*BM!$A$9)/100*BM!$I70,15-13*ORÇAMENTO!$AF$11),ROUND(ROUND(BM.MEDAcumulado,15-13*BM!$A$9)*ROUND(BM!$H70,15-13*ORÇAMENTO!$AF$10),15-13*ORÇAMENTO!$AF$11))),IF($A70=0,0,ROUND(SomaAgrupBM,15-13*ORÇAMENTO!$AF$11)))","v":0}]
[{"$f":"ORÇAMENTO!C71","v":"S"},{"$f":"ORÇAMENTO!D71","v":0},{"$f":"IF(OR($I71>0,$A71=1,$A71=2,$A71=3,$A71=4),\"F\",\"\")","v":"F"},{"$f":"ORÇAMENTO!O71","v":"1.6.4."},"IMPERMEABILIZAÇÃO DE SUPERFÍCIE COM EMULSÃO ASFÁLTICA, 2 DEMÃOS","M2",{"$f":"IF(RegimeExecucao=\"Global\",\"\",ORÇAMENTO!T71)","v":5.62},{"$f":"IF(RegimeExecucao=\"Global\",\"\",ORÇAMENTO!W71)","v":33.700000000000003},{"$f":"ORÇAMENTO!X71","v":189.39},0,0,0,{"$f":"IF($A71=\"S\",VTOTALBM,IF($A71=0,0,ROUND(SomaAgrupBM,15-13*ORÇAMENTO!$AF$11)))","v":{"$error":"#REF!"}},{"$error":"#REF!"},{"$f":"IF($A71=\"S\",VTOTALBM,IF($A71=0,0,ROUND(SomaAgrupBM,15-13*ORÇAMENTO!$AF$11)))","v":{"$error":"#REF!"}},null,null,null,null,{"$f":"IF($W71>0,$D71,\"\")","v":{"$error":"#REF!"}},{"$f":"IF($W71>0,$E71,\"\")","v":{"$error":"#REF!"}},{"$error":"#REF!"},{"$f":"IF($Y71>0,CHOOSE(MATCH(RegimeExecucao,{\"Unitário\",\"Global\"},0),IF($A71=\"S\",$Y71/$X71,\"\"),($Y71/$X71)*100),0)","v":{"$error":"#REF!"}},{"$f":"IF($Y71>0,CHOOSE(MATCH(RegimeExecucao,{\"Unitário\",\"Global\"},0),IF($A71=\"S\",ROUND($H71,ORÇAMENTO!$AF$10),\"\"),ROUND($I71,ORÇAMENTO!$AF$11)),\"\")","v":{"$error":"#REF!"}},{"$f":"AO71-O71","v":{"$error":"#REF!"}},null,null,null,null,null,null,null,null,null,null,null,null,null,null,null,{"$f":"IF($A71=\"S\",IF(BM!$I71=0,0,CHOOSE(MATCH(RegimeExecucao,{\"Global\",\"Unitário\"},0),ROUND(ROUND(BM.MEDAcumulado,15-13*BM!$A$9)/100*BM!$I71,15-13*ORÇAMENTO!$AF$11),ROUND(ROUND(BM.MEDAcumulado,15-13*BM!$A$9)*ROUND(BM!$H71,15-13*ORÇAMENTO!$AF$10),15-13*ORÇAMENTO!$AF$11))),IF($A71=0,0,ROUND(SomaAgrupBM,15-13*ORÇAMENTO!$AF$11)))","v":0}]
[{"$f":"ORÇAMENTO!C72","v":"S"},{"$f":"ORÇAMENTO!D72","v":0},"F",{"$f":"ORÇAMENTO!O72","v":"1.6.5."},"REVESTIMENTO CERÂMICO PARA PISO COM PLACAS TIPO ESMALTADA EXTRA DE DIMENSÕES 60X60 CM","M2",{"$f":"IF(RegimeExecucao=\"Global\",\"\",ORÇAMENTO!T72)","v":174.91},{"$f":"IF(RegimeExecucao=\"Global\",\"\",ORÇAMENTO!W72)","v":36.11},{"$f":"ORÇAMENTO!X72","v":6316},0,0,0,{"$f":"IF($A72=\"S\",VTOTALBM,IF($A72=0,0,ROUND(SomaAgrupBM,15-13*ORÇAMENTO!$AF$11)))","v":{"$error":"#REF!"}},{"$error":"#REF!"},{"$f":"IF($A72=\"S\",VTOTALBM,IF($A72=0,0,ROUND(SomaAgrupBM,15-13*ORÇAMENTO!$AF$11)))","v":{"$error":"#REF!"}},null,null,null,null,{"$error":"#REF!"},{"$error":"#REF!"},{"$error":"#REF!"},{"$f":"IF($Y72>0,CHOOSE(MATCH(RegimeExecucao,{\"Unitário\",\"Global\"},0),IF($A72=\"S\",$Y72/$X72,\"\"),($Y72/$X72)*100),0)","v":{"$error":"#REF!"}},{"$f":"IF($Y72>0,CHOOSE(MATCH(RegimeExecucao,{\"Unitário\",\"Global\"},0),IF($A72=\"S\",ROUND($H72,ORÇAMENTO!$AF$10),\"\"),ROUND($I72,ORÇAMENTO!$AF$11)),\"\")","v":{"$error":"#REF!"}},{"$error":"#REF!"},null,null,null,null,null,null,null,null,null,null,null,null,null,null,null,{"$f":"IF($A72=\"S\",IF(BM!$I72=0,0,CHOOSE(MATCH(RegimeExecucao,{\"Global\",\"Unitário\"},0),ROUND(ROUND(BM.MEDAcumulado,15-13*BM!$A$9)/100*BM!$I72,15-13*ORÇAMENTO!$AF$11),ROUND(ROUND(BM.MEDAcumulado,15-13*BM!$A$9)*ROUND(BM!$H72,15-13*ORÇAMENTO!$AF$10),15-13*ORÇAMENTO!$AF$11))),IF($A72=0,0,ROUND(SomaAgrupBM,15-13*ORÇAMENTO!$AF$11)))","v":0}]
[{"$f":"ORÇAMENTO!C73","v":"S"},{"$f":"ORÇAMENTO!D73","v":0},"F",{"$f":"ORÇAMENTO!O73","v":"1.6.6."},"RODAPÉ CERÂMICO DE 7 CM DE ALTURA COM PLACAS TIPO ESMALTADA EXTRA DE DIMENSÕES 60X60 CM","M",{"$f":"IF(RegimeExecucao=\"Global\",\"\",ORÇAMENTO!T73)","v":138},{"$f":"IF(RegimeExecucao=\"Global\",\"\",ORÇAMENTO!W73)","v":6.62},{"$f":"ORÇAMENTO!X73","v":913.56},0,0,0,{"$f":"IF($A73=\"S\",VTOTALBM,IF($A73=0,0,ROUND(SomaAgrupBM,15-13*ORÇAMENTO!$AF$11)))","v":{"$error":"#REF!"}},{"$error":"#REF!"},{"$f":"IF($A73=\"S\",VTOTALBM,IF($A73=0,0,ROUND(SomaAgrupBM,15-13*ORÇAMENTO!$AF$11)))","v":{"$error":"#REF!"}},null,null,null,null,{"$error":"#REF!"},{"$error":"#REF!"},{"$error":"#REF!"},{"$f":"IF($Y73>0,CHOOSE(MATCH(RegimeExecucao,{\"Unitário\",\"Global\"},0),IF($A73=\"S\",$Y73/$X73,\"\"),($Y73/$X73)*100),0)","v":{"$error":"#REF!"}},{"$f":"IF($Y73>0,CHOOSE(MATCH(RegimeExecucao,{\"Unitário\",\"Global\"},0),IF($A73=\"S\",ROUND($H73,ORÇAMENTO!$AF$10),\"\"),ROUND($I73,ORÇAMENTO!$AF$11)),\"\")","v":{"$error":"#REF!"}},{"$error":"#REF!"},null,null,null,null,null,null,null,null,null,null,null,null,null,null,null,{"$f":"IF($A73=\"S\",IF(BM!$I73=0,0,CHOOSE(MATCH(RegimeExecucao,{\"Global\",\"Unitário\"},0),ROUND(ROUND(BM.MEDAcumulado,15-13*BM!$A$9)/100*BM!$I73,15-13*ORÇAMENTO!$AF$11),ROUND(ROUND(BM.MEDAcumulado,15-13*BM!$A$9)*ROUND(BM!$H73,15-13*ORÇAMENTO!$AF$10),15-13*ORÇAMENTO!$AF$11))),IF($A73=0,0,ROUND(SomaAgrupBM,15-13*ORÇAMENTO!$AF$11)))","v":0}]
[{"$f":"ORÇAMENTO!C74","v":"S"},{"$f":"ORÇAMENTO!D74","v":0},"F",{"$f":"ORÇAMENTO!O74","v":"1.6.7."},"GUARDA-CORPO DE AÇO GALVANIZADO DE 1,10M, MONTANTES TUBULARES DE 1.1/4\" ESPAÇADOS DE 1,20M, TRAVESSA SUPERIOR DE 1.1/2\", GRADIL FORMADO POR TUBOS HORIZONTAIS DE 1\" E VERTICAIS DE 3/4\", FIXADO COM CHUMBADOR MECÂNICO","M",{"$f":"IF(RegimeExecucao=\"Global\",\"\",ORÇAMENTO!T74)","v":17.350000000000001},{"$f":"IF(RegimeExecucao=\"Global\",\"\",ORÇAMENTO!W74)","v":421.23},{"$f":"ORÇAMENTO!X74","v":7308.34},0,0,0,{"$f":"IF($A74=\"S\",VTOTALBM,IF($A74=0,0,ROUND(SomaAgrupBM,15-13*ORÇAMENTO!$AF$11)))","v":{"$error":"#REF!"}},{"$error":"#REF!"},{"$f":"IF($A74=\"S\",VTOTALBM,IF($A74=0,0,ROUND(SomaAgrupBM,15-13*ORÇAMENTO!$AF$11)))","v":{"$error":"#REF!"}},null,null,null,null,{"$error":"#REF!"},{"$error":"#REF!"},{"$error":"#REF!"},{"$f":"IF($Y74>0,CHOOSE(MATCH(RegimeExecucao,{\"Unitário\",\"Global\"},0),IF($A74=\"S\",$Y74/$X74,\"\"),($Y74/$X74)*100),0)","v":{"$error":"#REF!"}},{"$f":"IF($Y74>0,CHOOSE(MATCH(RegimeExecucao,{\"Unitário\",\"Global\"},0),IF($A74=\"S\",ROUND($H74,ORÇAMENTO!$AF$10),\"\"),ROUND($I74,ORÇAMENTO!$AF$11)),\"\")","v":{"$error":"#REF!"}},{"$error":"#REF!"},null,null,null,null,null,null,null,null,null,null,null,null,null,null,null,{"$f":"IF($A74=\"S\",IF(BM!$I74=0,0,CHOOSE(MATCH(RegimeExecucao,{\"Global\",\"Unitário\"},0),ROUND(ROUND(BM.MEDAcumulado,15-13*BM!$A$9)/100*BM!$I74,15-13*ORÇAMENTO!$AF$11),ROUND(ROUND(BM.MEDAcumulado,15-13*BM!$A$9)*ROUND(BM!$H74,15-13*ORÇAMENTO!$AF$10),15-13*ORÇAMENTO!$AF$11))),IF($A74=0,0,ROUND(SomaAgrupBM,15-13*ORÇAMENTO!$AF$11)))","v":0}]
[{"$f":"ORÇAMENTO!C75","v":2},{"$f":"ORÇAMENTO!D75","v":17},"F",{"$f":"ORÇAMENTO!O75","v":"1.7."},{"$f":"ORÇAMENTO.Descricao","v":"APARELHOS SANITÁRIOS"},{"$f":"IF(RegimeExecucao=\"Global\",\"\",ORÇAMENTO.Unidade)","v":"-"},{"$f":"IF(RegimeExecucao=\"Global\",\"\",ORÇAMENTO!T75)","v":0},{"$f":"IF(RegimeExecucao=\"Global\",\"\",ORÇAMENTO!W75)","v":0},{"$f":"ORÇAMENTO!X75","v":7122.12},{"$f":"IF($A75=\"S\",IF(CAIXA.Modo,BM.AFAnterior,BM.MEDAnterior),IF(AND(RegimeExecucao=\"Global\",$I75>0,COUNTIF($AB$13:$AM$13,BM.medicao-1)>0),M75/$I75*100,0))","v":0},0,{"$f":"IF($A75=\"S\",IF(CAIXA.Modo,BM.AFAcumulado,BM.MEDAcumulado),IF(AND(RegimeExecucao=\"Global\",$I75>0,COUNTIF($AB$13:$AM$13,BM.medicao)>0),O75/$I75*100,0))","v":0},{"$f":"IF($A75=\"S\",VTOTALBM,IF($A75=0,0,ROUND(SomaAgrupBM,15-13*ORÇAMENTO!$AF$11)))","v":{"$error":"#REF!"}},{"$error":"#REF!"},{"$f":"IF($A75=\"S\",VTOTALBM,IF($A75=0,0,ROUND(SomaAgrupBM,15-13*ORÇAMENTO!$AF$11)))","v":{"$error":"#REF!"}},null,null,null,null,{"$error":"#REF!"},{"$error":"#REF!"},{"$f":"IF(AND($W75>0,RegimeExecucao=\"Unitário\"),$F75,\"\")","v":{"$error":"#REF!"}},{"$f":"IF($Y75>0,CHOOSE(MATCH(RegimeExecucao,{\"Unitário\",\"Global\"},0),IF($A75=\"S\",$Y75/$X75,\"\"),($Y75/$X75)*100),0)","v":{"$error":"#REF!"}},{"$f":"IF($Y75>0,CHOOSE(MATCH(RegimeExecucao,{\"Unitário\",\"Global\"},0),IF($A75=\"S\",ROUND($H75,ORÇAMENTO!$AF$10),\"\"),ROUND($I75,ORÇAMENTO!$AF$11)),\"\")","v":{"$error":"#REF!"}},{"$error":"#REF!"},null,null,null,null,null,null,null,null,null,null,null,null,null,null,null,{"$f":"IF($A75=\"S\",IF(BM!$I75=0,0,CHOOSE(MATCH(RegimeExecucao,{\"Global\",\"Unitário\"},0),ROUND(ROUND(BM.MEDAcumulado,15-13*BM!$A$9)/100*BM!$I75,15-13*ORÇAMENTO!$AF$11),ROUND(ROUND(BM.MEDAcumulado,15-13*BM!$A$9)*ROUND(BM!$H75,15-13*ORÇAMENTO!$AF$10),15-13*ORÇAMENTO!$AF$11))),IF($A75=0,0,ROUND(SomaAgrupBM,15-13*ORÇAMENTO!$AF$11)))","v":0}]
[{"$f":"ORÇAMENTO!C76","v":"S"},{"$f":"ORÇAMENTO!D76","v":0},"F",{"$f":"ORÇAMENTO!O76","v":"1.7.1."},"LAVATÓRIO LOUÇA BRANCA SUSPENSO OU EMBUTIDO, 29,5X39 CM OU EQUIVALENTE, PADRÃO POPULAR, INCLUSO SIFÃO TIPO GARRAFA EM PVC, VÁLVULA E ENGATE FLEXÍVEL 30 CM EM PLÁSTICO E TORNEIRA CROMADA DE MESA, PADRÃO POPULAR - FORNECIMENTO E INSTALAÇÃO","UN",{"$f":"IF(RegimeExecucao=\"Global\",\"\",ORÇAMENTO!T76)","v":2},{"$f":"IF(RegimeExecucao=\"Global\",\"\",ORÇAMENTO!W76)","v":210.61},{"$f":"ORÇAMENTO!X76","v":421.22},0,0,0,{"$f":"IF($A76=\"S\",VTOTALBM,IF($A76=0,0,ROUND(SomaAgrupBM,15-13*ORÇAMENTO!$AF$11)))","v":{"$error":"#REF!"}},{"$error":"#REF!"},{"$f":"IF($A76=\"S\",VTOTALBM,IF($A76=0,0,ROUND(SomaAgrupBM,15-13*ORÇAMENTO!$AF$11)))","v":{"$error":"#REF!"}},null,null,null,null,{"$error":"#REF!"},{"$error":"#REF!"},{"$error":"#REF!"},{"$f":"IF($Y76>0,CHOOSE(MATCH(RegimeExecucao,{\"Unitário\",\"Global\"},0),IF($A76=\"S\",$Y76/$X76,\"\"),($Y76/$X76)*100),0)","v":{"$error":"#REF!"}},{"$f":"IF($Y76>0,CHOOSE(MATCH(RegimeExecucao,{\"Unitário\",\"Global\"},0),IF($A76=\"S\",ROUND($H76,ORÇAMENTO!$AF$10),\"\"),ROUND($I76,ORÇAMENTO!$AF$11)),\"\")","v":{"$error":"#REF!"}},{"$error":"#REF!"},null,null,null,null,null,null,null,null,null,null,null,null,null,null,null,{"$f":"IF($A76=\"S\",IF(BM!$I76=0,0,CHOOSE(MATCH(RegimeExecucao,{\"Global\",\"Unitário\"},0),ROUND(ROUND(BM.MEDAcumulado,15-13*BM!$A$9)/100*BM!$I76,15-13*ORÇAMENTO!$AF$11),ROUND(ROUND(BM.MEDAcumulado,15-13*BM!$A$9)*ROUND(BM!$H76,15-13*ORÇAMENTO!$AF$10),15-13*ORÇAMENTO!$AF$11))),IF($A76=0,0,ROUND(SomaAgrupBM,15-13*ORÇAMENTO!$AF$11)))","v":0}]
[{"$f":"ORÇAMENTO!C77","v":"S"},{"$f":"ORÇAMENTO!D77","v":0},"F",{"$f":"ORÇAMENTO!O77","v":"1.7.2."},"VASO SANITÁRIO SIFONADO CONVENCIONAL PARA PCD SEM FURO FRONTAL COM LOUÇA BRANCA SEM ASSENTO, INCLUSO CONJUNTO DE LIGAÇÃO PARA BACIA SANITÁRIA AJUSTÁVEL - FORNECIMENTO E INSTALAÇÃO","UN",{"$f":"IF(RegimeExecucao=\"Global\",\"\",ORÇAMENTO!T77)","v":1},{"$f":"IF(RegimeExecucao=\"Global\",\"\",ORÇAMENTO!W77)","v":710.07},{"$f":"ORÇAMENTO!X77","v":710.07},0,0,0,{"$f":"IF($A77=\"S\",VTOTALBM,IF($A77=0,0,ROUND(SomaAgrupBM,15-13*ORÇAMENTO!$AF$11)))","v":{"$error":"#REF!"}},{"$error":"#REF!"},{"$f":"IF($A77=\"S\",VTOTALBM,IF($A77=0,0,ROUND(SomaAgrupBM,15-13*ORÇAMENTO!$AF$11)))","v":{"$error":"#REF!"}},null,null,null,null,{"$error":"#REF!"},{"$error":"#REF!"},{"$error":"#REF!"},{"$f":"IF($Y77>0,CHOOSE(MATCH(RegimeExecucao,{\"Unitário\",\"Global\"},0),IF($A77=\"S\",$Y77/$X77,\"\"),($Y77/$X77)*100),0)","v":{"$error":"#REF!"}},{"$f":"IF($Y77>0,CHOOSE(MATCH(RegimeExecucao,{\"Unitário\",\"Global\"},0),IF($A77=\"S\",ROUND($H77,ORÇAMENTO!$AF$10),\"\"),ROUND($I77,ORÇAMENTO!$AF$11)),\"\")","v":{"$error":"#REF!"}},{"$error":"#REF!"},null,null,null,null,null,null,null,null,null,null,null,null,null,null,null,{"$f":"IF($A77=\"S\",IF(BM!$I77=0,0,CHOOSE(MATCH(RegimeExecucao,{\"Global\",\"Unitário\"},0),ROUND(ROUND(BM.MEDAcumulado,15-13*BM!$A$9)/100*BM!$I77,15-13*ORÇAMENTO!$AF$11),ROUND(ROUND(BM.MEDAcumulado,15-13*BM!$A$9)*ROUND(BM!$H77,15-13*ORÇAMENTO!$AF$10),15-13*ORÇAMENTO!$AF$11))),IF($A77=0,0,ROUND(SomaAgrupBM,15-13*ORÇAMENTO!$AF$11)))","v":0}]
[{"$f":"ORÇAMENTO!C78","v":"S"},{"$f":"ORÇAMENTO!D78","v":0},"F",{"$f":"ORÇAMENTO!O78","v":"1.7.3."},"VASO SANITÁRIO SIFONADO CONVENCIONAL COM LOUÇA BRANCA, INCLUSO CONJUNTO DE LIGAÇÃO PARA BACIA SANITÁRIA AJUSTÁVEL - FORNECIMENTO E INSTALAÇÃO","UN",{"$f":"IF(RegimeExecucao=\"Global\",\"\",ORÇAMENTO!T78)","v":1},{"$f":"IF(RegimeExecucao=\"Global\",\"\",ORÇAMENTO!W78)","v":186.54},{"$f":"ORÇAMENTO!X78","v":186.54},0,0,0,{"$f":"IF($A78=\"S\",VTOTALBM,IF($A78=0,0,ROUND(SomaAgrupBM,15-13*ORÇAMENTO!$AF$11)))","v":{"$error":"#REF!"}},{"$error":"#REF!"},{"$f":"IF($A78=\"S\",VTOTALBM,IF($A78=0,0,ROUND(SomaAgrupBM,15-13*ORÇAMENTO!$AF$11)))","v":{"$error":"#REF!"}},null,null,null,null,{"$error":"#REF!"},{"$error":"#REF!"},{"$error":"#REF!"},{"$f":"IF($Y78>0,CHOOSE(MATCH(RegimeExecucao,{\"Unitário\",\"Global\"},0),IF($A78=\"S\",$Y78/$X78,\"\"),($Y78/$X78)*100),0)","v":{"$error":"#REF!"}},{"$f":"IF($Y78>0,CHOOSE(MATCH(RegimeExecucao,{\"Unitário\",\"Global\"},0),IF($A78=\"S\",ROUND($H78,ORÇAMENTO!$AF$10),\"\"),ROUND($I78,ORÇAMENTO!$AF$11)),\"\")","v":{"$error":"#REF!"}},{"$error":"#REF!"},null,null,null,null,null,null,null,null,null,null,null,null,null,null,null,{"$f":"IF($A78=\"S\",IF(BM!$I78=0,0,CHOOSE(MATCH(RegimeExecucao,{\"Global\",\"Unitário\"},0),ROUND(ROUND(BM.MEDAcumulado,15-13*BM!$A$9)/100*BM!$I78,15-13*ORÇAMENTO!$AF$11),ROUND(ROUND(BM.MEDAcumulado,15-13*BM!$A$9)*ROUND(BM!$H78,15-13*ORÇAMENTO!$AF$10),15-13*ORÇAMENTO!$AF$11))),IF($A78=0,0,ROUND(SomaAgrupBM,15-13*ORÇAMENTO!$AF$11)))","v":0}]
[{"$f":"ORÇAMENTO!C79","v":"S"},{"$f":"ORÇAMENTO!D79","v":0},"F",{"$f":"ORÇAMENTO!O79","v":"1.7.4."},"VÁLVULA DE DESCARGA METÁLICA, BASE 1 1/2 \", ACABAMENTO METALICO CROMADO - FORNECIMENTO E INSTALAÇÃO","UN",{"$f":"IF(RegimeExecucao=\"Global\",\"\",ORÇAMENTO!T79)","v":2},{"$f":"IF(RegimeExecucao=\"Global\",\"\",ORÇAMENTO!W79)","v":246.72},{"$f":"ORÇAMENTO!X79","v":493.44},0,0,0,{"$f":"IF($A79=\"S\",VTOTALBM,IF($A79=0,0,ROUND(SomaAgrupBM,15-13*ORÇAMENTO!$AF$11)))","v":{"$error":"#REF!"}},{"$error":"#REF!"},{"$f":"IF($A79=\"S\",VTOTALBM,IF($A79=0,0,ROUND(SomaAgrupBM,15-13*ORÇAMENTO!$AF$11)))","v":{"$error":"#REF!"}},null,null,null,null,{"$error":"#REF!"},{"$error":"#REF!"},{"$error":"#REF!"},{"$f":"IF($Y79>0,CHOOSE(MATCH(RegimeExecucao,{\"Unitário\",\"Global\"},0),IF($A79=\"S\",$Y79/$X79,\"\"),($Y79/$X79)*100),0)","v":{"$error":"#REF!"}},{"$f":"IF($Y79>0,CHOOSE(MATCH(RegimeExecucao,{\"Unitário\",\"Global\"},0),IF($A79=\"S\",ROUND($H79,ORÇAMENTO!$AF$10),\"\"),ROUND($I79,ORÇAMENTO!$AF$11)),\"\")","v":{"$error":"#REF!"}},{"$error":"#REF!"},null,null,null,null,null,null,null,null,null,null,null,null,null,null,null,{"$f":"IF($A79=\"S\",IF(BM!$I79=0,0,CHOOSE(MATCH(RegimeExecucao,{\"Global\",\"Unitário\"},0),ROUND(ROUND(BM.MEDAcumulado,15-13*BM!$A$9)/100*BM!$I79,15-13*ORÇAMENTO!$AF$11),ROUND(ROUND(BM.MEDAcumulado,15-13*BM!$A$9)*ROUND(BM!$H79,15-13*ORÇAMENTO!$AF$10),15-13*ORÇAMENTO!$AF$11))),IF($A79=0,0,ROUND(SomaAgrupBM,15-13*ORÇAMENTO!$AF$11)))","v":0}]
[{"$f":"ORÇAMENTO!C80","v":"S"},{"$f":"ORÇAMENTO!D80","v":0},"F",{"$f":"ORÇAMENTO!O80","v":"1.7.5."},"TORNEIRA CROMADA DE MESA PARA LAVATORIO COM SENSOR DE PRESENCA","UN    ",{"$f":"IF(RegimeExecucao=\"Global\",\"\",ORÇAMENTO!T80)","v":2},{"$f":"IF(RegimeExecucao=\"Global\",\"\",ORÇAMENTO!W80)","v":722.1},{"$f":"ORÇAMENTO!X80","v":1444.2},0,0,0,{"$f":"IF($A80=\"S\",VTOTALBM,IF($A80=0,0,ROUND(SomaAgrupBM,15-13*ORÇAMENTO!$AF$11)))","v":{"$error":"#REF!"}},{"$error":"#REF!"},{"$f":"IF($A80=\"S\",VTOTALBM,IF($A80=0,0,ROUND(SomaAgrupBM,15-13*ORÇAMENTO!$AF$11)))","v":{"$error":"#REF!"}},null,null,null,null,{"$error":"#REF!"},{"$error":"#REF!"},{"$error":"#REF!"},{"$f":"IF($Y80>0,CHOOSE(MATCH(RegimeExecucao,{\"Unitário\",\"Global\"},0),IF($A80=\"S\",$Y80/$X80,\"\"),($Y80/$X80)*100),0)","v":{"$error":"#REF!"}},{"$f":"IF($Y80>0,CHOOSE(MATCH(RegimeExecucao,{\"Unitário\",\"Global\"},0),IF($A80=\"S\",ROUND($H80,ORÇAMENTO!$AF$10),\"\"),ROUND($I80,ORÇAMENTO!$AF$11)),\"\")","v":{"$error":"#REF!"}},{"$error":"#REF!"},null,null,null,null,null,null,null,null,null,null,null,null,null,null,null,{"$f":"IF($A80=\"S\",IF(BM!$I80=0,0,CHOOSE(MATCH(RegimeExecucao,{\"Global\",\"Unitário\"},0),ROUND(ROUND(BM.MEDAcumulado,15-13*BM!$A$9)/100*BM!$I80,15-13*ORÇAMENTO!$AF$11),ROUND(ROUND(BM.MEDAcumulado,15-13*BM!$A$9)*ROUND(BM!$H80,15-13*ORÇAMENTO!$AF$10),15-13*ORÇAMENTO!$AF$11))),IF($A80=0,0,ROUND(SomaAgrupBM,15-13*ORÇAMENTO!$AF$11)))","v":0}]
[{"$f":"ORÇAMENTO!C81","v":"S"},{"$f":"ORÇAMENTO!D81","v":0},"F",{"$f":"ORÇAMENTO!O81","v":"1.7.6."},"PAPELEIRA PLASTICA TIPO DISPENSER PARA PAPEL HIGIENICO ROLAO","UN    ",{"$f":"IF(RegimeExecucao=\"Global\",\"\",ORÇAMENTO!T81)","v":2},{"$f":"IF(RegimeExecucao=\"Global\",\"\",ORÇAMENTO!W81)","v":60.18},{"$f":"ORÇAMENTO!X81","v":120.36},0,0,0,{"$f":"IF($A81=\"S\",VTOTALBM,IF($A81=0,0,ROUND(SomaAgrupBM,15-13*ORÇAMENTO!$AF$11)))","v":{"$error":"#REF!"}},{"$error":"#REF!"},{"$f":"IF($A81=\"S\",VTOTALBM,IF($A81=0,0,ROUND(SomaAgrupBM,15-13*ORÇAMENTO!$AF$11)))","v":{"$error":"#REF!"}},null,null,null,null,{"$error":"#REF!"},{"$error":"#REF!"},{"$error":"#REF!"},{"$f":"IF($Y81>0,CHOOSE(MATCH(RegimeExecucao,{\"Unitário\",\"Global\"},0),IF($A81=\"S\",$Y81/$X81,\"\"),($Y81/$X81)*100),0)","v":{"$error":"#REF!"}},{"$f":"IF($Y81>0,CHOOSE(MATCH(RegimeExecucao,{\"Unitário\",\"Global\"},0),IF($A81=\"S\",ROUND($H81,ORÇAMENTO!$AF$10),\"\"),ROUND($I81,ORÇAMENTO!$AF$11)),\"\")","v":{"$error":"#REF!"}},{"$error":"#REF!"},null,null,null,null,null,null,null,null,null,null,null,null,null,null,null,{"$f":"IF($A81=\"S\",IF(BM!$I81=0,0,CHOOSE(MATCH(RegimeExecucao,{\"Global\",\"Unitário\"},0),ROUND(ROUND(BM.MEDAcumulado,15-13*BM!$A$9)/100*BM!$I81,15-13*ORÇAMENTO!$AF$11),ROUND(ROUND(BM.MEDAcumulado,15-13*BM!$A$9)*ROUND(BM!$H81,15-13*ORÇAMENTO!$AF$10),15-13*ORÇAMENTO!$AF$11))),IF($A81=0,0,ROUND(SomaAgrupBM,15-13*ORÇAMENTO!$AF$11)))","v":0}]
[{"$f":"ORÇAMENTO!C82","v":"S"},{"$f":"ORÇAMENTO!D82","v":0},{"$f":"IF(OR($I82>0,$A82=1,$A82=2,$A82=3,$A82=4),\"F\",\"\")","v":"F"},{"$f":"ORÇAMENTO!O82","v":"1.7.7."},{"$f":"ORÇAMENTO.Descricao","v":"TOALHEIRO PLASTICO TIPO DISPENSER PARA PAPEL TOALHA INTERFOLHADO"},{"$f":"IF(RegimeExecucao=\"Global\",\"\",ORÇAMENTO.Unidade)","v":"UN    "},{"$f":"IF(RegimeExecucao=\"Global\",\"\",ORÇAMENTO!T82)","v":2},{"$f":"IF(RegimeExecucao=\"Global\",\"\",ORÇAMENTO!W82)","v":60.18},{"$f":"ORÇAMENTO!X82","v":120.36},{"$f":"IF($A82=\"S\",IF(CAIXA.Modo,BM.AFAnterior,BM.MEDAnterior),IF(AND(RegimeExecucao=\"Global\",$I82>0,COUNTIF($AB$13:$AM$13,BM.medicao-1)>0),M82/$I82*100,0))","v":0},0,{"$f":"IF($A82=\"S\",IF(CAIXA.Modo,BM.AFAcumulado,BM.MEDAcumulado),IF(AND(RegimeExecucao=\"Global\",$I82>0,COUNTIF($AB$13:$AM$13,BM.medicao)>0),O82/$I82*100,0))","v":0},{"$f":"IF($A82=\"S\",VTOTALBM,IF($A82=0,0,ROUND(SomaAgrupBM,15-13*ORÇAMENTO!$AF$11)))","v":{"$error":"#REF!"}},{"$error":"#REF!"},{"$f":"IF($A82=\"S\",VTOTALBM,IF($A82=0,0,ROUND(SomaAgrupBM,15-13*ORÇAMENTO!$AF$11)))","v":{"$error":"#REF!"}},null,null,null,null,{"$f":"IF($W82>0,$D82,\"\")","v":{"$error":"#REF!"}},{"$f":"IF($W82>0,$E82,\"\")","v":{"$error":"#REF!"}},{"$f":"IF(AND($W82>0,RegimeExecucao=\"Unitário\"),$F82,\"\")","v":{"$error":"#REF!"}},{"$f":"IF($Y82>0,CHOOSE(MATCH(RegimeExecucao,{\"Unitário\",\"Global\"},0),IF($A82=\"S\",$Y82/$X82,\"\"),($Y82/$X82)*100),0)","v":{"$error":"#REF!"}},{"$f":"IF($Y82>0,CHOOSE(MATCH(RegimeExecucao,{\"Unitário\",\"Global\"},0),IF($A82=\"S\",ROUND($H82,ORÇAMENTO!$AF$10),\"\"),ROUND($I82,ORÇAMENTO!$AF$11)),\"\")","v":{"$error":"#REF!"}},{"$f":"AO82-O82","v":{"$error":"#REF!"}},null,null,null,null,null,null,null,null,null,null,null,null,null,null,null,{"$f":"IF($A82=\"S\",IF(BM!$I82=0,0,CHOOSE(MATCH(RegimeExecucao,{\"Global\",\"Unitário\"},0),ROUND(ROUND(BM.MEDAcumulado,15-13*BM!$A$9)/100*BM!$I82,15-13*ORÇAMENTO!$AF$11),ROUND(ROUND(BM.MEDAcumulado,15-13*BM!$A$9)*ROUND(BM!$H82,15-13*ORÇAMENTO!$AF$10),15-13*ORÇAMENTO!$AF$11))),IF($A82=0,0,ROUND(SomaAgrupBM,15-13*ORÇAMENTO!$AF$11)))","v":0}]
[{"$f":"ORÇAMENTO!C83","v":"S"},{"$f":"ORÇAMENTO!D83","v":0},"F",{"$f":"ORÇAMENTO!O83","v":"1.7.8."},"SABONETEIRA PLASTICA TIPO DISPENSER PARA SABONETE LIQUIDO COM RESERVATORIO 800 A 1500 ML","UN    ",{"$f":"IF(RegimeExecucao=\"Global\",\"\",ORÇAMENTO!T83)","v":2},{"$f":"IF(RegimeExecucao=\"Global\",\"\",ORÇAMENTO!W83)","v":57.77},{"$f":"ORÇAMENTO!X83","v":115.54},0,0,0,{"$f":"IF($A83=\"S\",VTOTALBM,IF($A83=0,0,ROUND(SomaAgrupBM,15-13*ORÇAMENTO!$AF$11)))","v":{"$error":"#REF!"}},{"$error":"#REF!"},{"$f":"IF($A83=\"S\",VTOTALBM,IF($A83=0,0,ROUND(SomaAgrupBM,15-13*ORÇAMENTO!$AF$11)))","v":{"$error":"#REF!"}},null,null,null,null,{"$error":"#REF!"},{"$error":"#REF!"},{"$error":"#REF!"},{"$f":"IF($Y83>0,CHOOSE(MATCH(RegimeExecucao,{\"Unitário\",\"Global\"},0),IF($A83=\"S\",$Y83/$X83,\"\"),($Y83/$X83)*100),0)","v":{"$error":"#REF!"}},{"$f":"IF($Y83>0,CHOOSE(MATCH(RegimeExecucao,{\"Unitário\",\"Global\"},0),IF($A83=\"S\",ROUND($H83,ORÇAMENTO!$AF$10),\"\"),ROUND($I83,ORÇAMENTO!$AF$11)),\"\")","v":{"$error":"#REF!"}},{"$error":"#REF!"},null,null,null,null,null,null,null,null,null,null,null,null,null,null,null,{"$f":"IF($A83=\"S\",IF(BM!$I83=0,0,CHOOSE(MATCH(RegimeExecucao,{\"Global\",\"Unitário\"},0),ROUND(ROUND(BM.MEDAcumulado,15-13*BM!$A$9)/100*BM!$I83,15-13*ORÇAMENTO!$AF$11),ROUND(ROUND(BM.MEDAcumulado,15-13*BM!$A$9)*ROUND(BM!$H83,15-13*ORÇAMENTO!$AF$10),15-13*ORÇAMENTO!$AF$11))),IF($A83=0,0,ROUND(SomaAgrupBM,15-13*ORÇAMENTO!$AF$11)))","v":0}]
[{"$f":"ORÇAMENTO!C84","v":"S"},{"$f":"ORÇAMENTO!D84","v":0},"F",{"$f":"ORÇAMENTO!O84","v":"1.7.9."},"CABIDE/GANCHO DE BANHEIRO SIMPLES EM METAL CROMADO","UN    ",{"$f":"IF(RegimeExecucao=\"Global\",\"\",ORÇAMENTO!T84)","v":2},{"$f":"IF(RegimeExecucao=\"Global\",\"\",ORÇAMENTO!W84)","v":21.66},{"$f":"ORÇAMENTO!X84","v":43.32},0,0,0,{"$f":"IF($A84=\"S\",VTOTALBM,IF($A84=0,0,ROUND(SomaAgrupBM,15-13*ORÇAMENTO!$AF$11)))","v":{"$error":"#REF!"}},{"$error":"#REF!"},{"$f":"IF($A84=\"S\",VTOTALBM,IF($A84=0,0,ROUND(SomaAgrupBM,15-13*ORÇAMENTO!$AF$11)))","v":{"$error":"#REF!"}},null,null,null,null,{"$error":"#REF!"},{"$error":"#REF!"},{"$error":"#REF!"},{"$f":"IF($Y84>0,CHOOSE(MATCH(RegimeExecucao,{\"Unitário\",\"Global\"},0),IF($A84=\"S\",$Y84/$X84,\"\"),($Y84/$X84)*100),0)","v":{"$error":"#REF!"}},{"$f":"IF($Y84>0,CHOOSE(MATCH(RegimeExecucao,{\"Unitário\",\"Global\"},0),IF($A84=\"S\",ROUND($H84,ORÇAMENTO!$AF$10),\"\"),ROUND($I84,ORÇAMENTO!$AF$11)),\"\")","v":{"$error":"#REF!"}},{"$error":"#REF!"},null,null,null,null,null,null,null,null,null,null,null,null,null,null,null,{"$f":"IF($A84=\"S\",IF(BM!$I84=0,0,CHOOSE(MATCH(RegimeExecucao,{\"Global\",\"Unitário\"},0),ROUND(ROUND(BM.MEDAcumulado,15-13*BM!$A$9)/100*BM!$I84,15-13*ORÇAMENTO!$AF$11),ROUND(ROUND(BM.MEDAcumulado,15-13*BM!$A$9)*ROUND(BM!$H84,15-13*ORÇAMENTO!$AF$10),15-13*ORÇAMENTO!$AF$11))),IF($A84=0,0,ROUND(SomaAgrupBM,15-13*ORÇAMENTO!$AF$11)))","v":0}]
[{"$f":"ORÇAMENTO!C85","v":"S"},{"$f":"ORÇAMENTO!D85","v":0},"F",{"$f":"ORÇAMENTO!O85","v":"1.7.10."},"GRANITO PARA BANCADA, POLIDO, TIPO ANDORINHA/ QUARTZ/ CASTELO/ CORUMBA OU OUTROS EQUIVALENTES DA REGIÃO, E= 2,5 CM","M2    ",{"$f":"IF(RegimeExecucao=\"Global\",\"\",ORÇAMENTO!T85)","v":1.6},{"$f":"IF(RegimeExecucao=\"Global\",\"\",ORÇAMENTO!W85)","v":469.37},{"$f":"ORÇAMENTO!X85","v":750.99},0,0,0,{"$f":"IF($A85=\"S\",VTOTALBM,IF($A85=0,0,ROUND(SomaAgrupBM,15-13*ORÇAMENTO!$AF$11)))","v":{"$error":"#REF!"}},{"$error":"#REF!"},{"$f":"IF($A85=\"S\",VTOTALBM,IF($A85=0,0,ROUND(SomaAgrupBM,15-13*ORÇAMENTO!$AF$11)))","v":{"$error":"#REF!"}},null,null,null,null,{"$error":"#REF!"},{"$error":"#REF!"},{"$error":"#REF!"},{"$f":"IF($Y85>0,CHOOSE(MATCH(RegimeExecucao,{\"Unitário\",\"Global\"},0),IF($A85=\"S\",$Y85/$X85,\"\"),($Y85/$X85)*100),0)","v":{"$error":"#REF!"}},{"$f":"IF($Y85>0,CHOOSE(MATCH(RegimeExecucao,{\"Unitário\",\"Global\"},0),IF($A85=\"S\",ROUND($H85,ORÇAMENTO!$AF$10),\"\"),ROUND($I85,ORÇAMENTO!$AF$11)),\"\")","v":{"$error":"#REF!"}},{"$error":"#REF!"},null,null,null,null,null,null,null,null,null,null,null,null,null,null,null,{"$f":"IF($A85=\"S\",IF(BM!$I85=0,0,CHOOSE(MATCH(RegimeExecucao,{\"Global\",\"Unitário\"},0),ROUND(ROUND(BM.MEDAcumulado,15-13*BM!$A$9)/100*BM!$I85,15-13*ORÇAMENTO!$AF$11),ROUND(ROUND(BM.MEDAcumulado,15-13*BM!$A$9)*ROUND(BM!$H85,15-13*ORÇAMENTO!$AF$10),15-13*ORÇAMENTO!$AF$11))),IF($A85=0,0,ROUND(SomaAgrupBM,15-13*ORÇAMENTO!$AF$11)))","v":0}]
[{"$f":"ORÇAMENTO!C86","v":"S"},{"$f":"ORÇAMENTO!D86","v":0},"F",{"$f":"ORÇAMENTO!O86","v":"1.7.11."},"ESPELHO CRISTAL E = 4 MM","M2    ",{"$f":"IF(RegimeExecucao=\"Global\",\"\",ORÇAMENTO!T86)","v":1.92},{"$f":"IF(RegimeExecucao=\"Global\",\"\",ORÇAMENTO!W86)","v":349.02},{"$f":"ORÇAMENTO!X86","v":670.12},0,0,0,{"$f":"IF($A86=\"S\",VTOTALBM,IF($A86=0,0,ROUND(SomaAgrupBM,15-13*ORÇAMENTO!$AF$11)))","v":{"$error":"#REF!"}},{"$error":"#REF!"},{"$f":"IF($A86=\"S\",VTOTALBM,IF($A86=0,0,ROUND(SomaAgrupBM,15-13*ORÇAMENTO!$AF$11)))","v":{"$error":"#REF!"}},null,null,null,null,{"$error":"#REF!"},{"$error":"#REF!"},{"$error":"#REF!"},{"$f":"IF($Y86>0,CHOOSE(MATCH(RegimeExecucao,{\"Unitário\",\"Global\"},0),IF($A86=\"S\",$Y86/$X86,\"\"),($Y86/$X86)*100),0)","v":{"$error":"#REF!"}},{"$f":"IF($Y86>0,CHOOSE(MATCH(RegimeExecucao,{\"Unitário\",\"Global\"},0),IF($A86=\"S\",ROUND($H86,ORÇAMENTO!$AF$10),\"\"),ROUND($I86,ORÇAMENTO!$AF$11)),\"\")","v":{"$error":"#REF!"}},{"$error":"#REF!"},null,null,null,null,null,null,null,null,null,null,null,null,null,null,null,{"$f":"IF($A86=\"S\",IF(BM!$I86=0,0,CHOOSE(MATCH(RegimeExecucao,{\"Global\",\"Unitário\"},0),ROUND(ROUND(BM.MEDAcumulado,15-13*BM!$A$9)/100*BM!$I86,15-13*ORÇAMENTO!$AF$11),ROUND(ROUND(BM.MEDAcumulado,15-13*BM!$A$9)*ROUND(BM!$H86,15-13*ORÇAMENTO!$AF$10),15-13*ORÇAMENTO!$AF$11))),IF($A86=0,0,ROUND(SomaAgrupBM,15-13*ORÇAMENTO!$AF$11)))","v":0}]
[{"$f":"ORÇAMENTO!C87","v":"S"},{"$f":"ORÇAMENTO!D87","v":0},"F",{"$f":"ORÇAMENTO!O87","v":"1.7.12."},"TANQUE DE LOUÇA BRANCA COM COLUNA, 30 L OU EQUIVALENTE, INCLUSO SIFÃO FLEXÍVEL EM PVC, VÁLVULA PLÁSTICA E TORNEIRA DE METAL CROMADO PADRÃO POPULAR - FORNECIMENTO E INSTALAÇÃO","UN",{"$f":"IF(RegimeExecucao=\"Global\",\"\",ORÇAMENTO!T87)","v":1},{"$f":"IF(RegimeExecucao=\"Global\",\"\",ORÇAMENTO!W87)","v":722.1},{"$f":"ORÇAMENTO!X87","v":722.1},0,0,0,{"$f":"IF($A87=\"S\",VTOTALBM,IF($A87=0,0,ROUND(SomaAgrupBM,15-13*ORÇAMENTO!$AF$11)))","v":{"$error":"#REF!"}},{"$error":"#REF!"},{"$f":"IF($A87=\"S\",VTOTALBM,IF($A87=0,0,ROUND(SomaAgrupBM,15-13*ORÇAMENTO!$AF$11)))","v":{"$error":"#REF!"}},null,null,null,null,{"$error":"#REF!"},{"$error":"#REF!"},{"$error":"#REF!"},{"$f":"IF($Y87>0,CHOOSE(MATCH(RegimeExecucao,{\"Unitário\",\"Global\"},0),IF($A87=\"S\",$Y87/$X87,\"\"),($Y87/$X87)*100),0)","v":{"$error":"#REF!"}},{"$f":"IF($Y87>0,CHOOSE(MATCH(RegimeExecucao,{\"Unitário\",\"Global\"},0),IF($A87=\"S\",ROUND($H87,ORÇAMENTO!$AF$10),\"\"),ROUND($I87,ORÇAMENTO!$AF$11)),\"\")","v":{"$error":"#REF!"}},{"$error":"#REF!"},null,null,null,null,null,null,null,null,null,null,null,null,null,null,null,{"$f":"IF($A87=\"S\",IF(BM!$I87=0,0,CHOOSE(MATCH(RegimeExecucao,{\"Global\",\"Unitário\"},0),ROUND(ROUND(BM.MEDAcumulado,15-13*BM!$A$9)/100*BM!$I87,15-13*ORÇAMENTO!$AF$11),ROUND(ROUND(BM.MEDAcumulado,15-13*BM!$A$9)*ROUND(BM!$H87,15-13*ORÇAMENTO!$AF$10),15-13*ORÇAMENTO!$AF$11))),IF($A87=0,0,ROUND(SomaAgrupBM,15-13*ORÇAMENTO!$AF$11)))","v":0}]
[{"$f":"ORÇAMENTO!C88","v":"S"},{"$f":"ORÇAMENTO!D88","v":0},{"$f":"IF(OR($I88>0,$A88=1,$A88=2,$A88=3,$A88=4),\"F\",\"\")","v":"F"},{"$f":"ORÇAMENTO!O88","v":"1.7.13."},"BARRA DE APOIO INOX POLIDO 40 CM","UN",{"$f":"IF(RegimeExecucao=\"Global\",\"\",ORÇAMENTO!T88)","v":3},{"$f":"IF(RegimeExecucao=\"Global\",\"\",ORÇAMENTO!W88)","v":120.35},{"$f":"ORÇAMENTO!X88","v":361.05},0,{"$f":"L88-J88","v":0},0,{"$f":"IF($A88=\"S\",VTOTALBM,IF($A88=0,0,ROUND(SomaAgrupBM,15-13*ORÇAMENTO!$AF$11)))","v":{"$error":"#REF!"}},{"$f":"O88-M88","v":{"$error":"#REF!"}},{"$f":"IF($A88=\"S\",VTOTALBM,IF($A88=0,0,ROUND(SomaAgrupBM,15-13*ORÇAMENTO!$AF$11)))","v":{"$error":"#REF!"}},null,null,null,null,{"$f":"IF($W88>0,$D88,\"\")","v":{"$error":"#REF!"}},{"$f":"IF($W88>0,$E88,\"\")","v":{"$error":"#REF!"}},{"$error":"#REF!"},{"$f":"IF($Y88>0,CHOOSE(MATCH(RegimeExecucao,{\"Unitário\",\"Global\"},0),IF($A88=\"S\",$Y88/$X88,\"\"),($Y88/$X88)*100),0)","v":{"$error":"#REF!"}},{"$f":"IF($Y88>0,CHOOSE(MATCH(RegimeExecucao,{\"Unitário\",\"Global\"},0),IF($A88=\"S\",ROUND($H88,ORÇAMENTO!$AF$10),\"\"),ROUND($I88,ORÇAMENTO!$AF$11)),\"\")","v":{"$error":"#REF!"}},{"$f":"AO88-O88","v":{"$error":"#REF!"}},null,null,null,null,null,null,null,null,null,null,null,null,null,null,null,{"$f":"IF($A88=\"S\",IF(BM!$I88=0,0,CHOOSE(MATCH(RegimeExecucao,{\"Global\",\"Unitário\"},0),ROUND(ROUND(BM.MEDAcumulado,15-13*BM!$A$9)/100*BM!$I88,15-13*ORÇAMENTO!$AF$11),ROUND(ROUND(BM.MEDAcumulado,15-13*BM!$A$9)*ROUND(BM!$H88,15-13*ORÇAMENTO!$AF$10),15-13*ORÇAMENTO!$AF$11))),IF($A88=0,0,ROUND(SomaAgrupBM,15-13*ORÇAMENTO!$AF$11)))","v":0}]
[{"$f":"ORÇAMENTO!C89","v":"S"},{"$f":"ORÇAMENTO!D89","v":0},{"$f":"IF(OR($I89>0,$A89=1,$A89=2,$A89=3,$A89=4),\"F\",\"\")","v":"F"},{"$f":"ORÇAMENTO!O89","v":"1.7.14."},"BARRA DE APOIO RETA, EM AÇO INOX POLIDO, COMPRIMENTO 80 CM, DIÂMETRO MINIMO 3 CM","UN    ",{"$f":"IF(RegimeExecucao=\"Global\",\"\",ORÇAMENTO!T89)","v":2},{"$f":"IF(RegimeExecucao=\"Global\",\"\",ORÇAMENTO!W89)","v":192.56},{"$f":"ORÇAMENTO!X89","v":385.12},0,{"$f":"L89-J89","v":0},0,{"$f":"IF($A89=\"S\",VTOTALBM,IF($A89=0,0,ROUND(SomaAgrupBM,15-13*ORÇAMENTO!$AF$11)))","v":{"$error":"#REF!"}},{"$f":"O89-M89","v":{"$error":"#REF!"}},{"$f":"IF($A89=\"S\",VTOTALBM,IF($A89=0,0,ROUND(SomaAgrupBM,15-13*ORÇAMENTO!$AF$11)))","v":{"$error":"#REF!"}},null,null,null,null,{"$f":"IF($W89>0,$D89,\"\")","v":{"$error":"#REF!"}},{"$f":"IF($W89>0,$E89,\"\")","v":{"$error":"#REF!"}},{"$error":"#REF!"},{"$f":"IF($Y89>0,CHOOSE(MATCH(RegimeExecucao,{\"Unitário\",\"Global\"},0),IF($A89=\"S\",$Y89/$X89,\"\"),($Y89/$X89)*100),0)","v":{"$error":"#REF!"}},{"$f":"IF($Y89>0,CHOOSE(MATCH(RegimeExecucao,{\"Unitário\",\"Global\"},0),IF($A89=\"S\",ROUND($H89,ORÇAMENTO!$AF$10),\"\"),ROUND($I89,ORÇAMENTO!$AF$11)),\"\")","v":{"$error":"#REF!"}},{"$f":"AO89-O89","v":{"$error":"#REF!"}},null,null,null,null,null,null,null,null,null,null,null,null,null,null,null,{"$f":"IF($A89=\"S\",IF(BM!$I89=0,0,CHOOSE(MATCH(RegimeExecucao,{\"Global\",\"Unitário\"},0),ROUND(ROUND(BM.MEDAcumulado,15-13*BM!$A$9)/100*BM!$I89,15-13*ORÇAMENTO!$AF$11),ROUND(ROUND(BM.MEDAcumulado,15-13*BM!$A$9)*ROUND(BM!$H89,15-13*ORÇAMENTO!$AF$10),15-13*ORÇAMENTO!$AF$11))),IF($A89=0,0,ROUND(SomaAgrupBM,15-13*ORÇAMENTO!$AF$11)))","v":0}]
[{"$f":"ORÇAMENTO!C90","v":"S"},{"$f":"ORÇAMENTO!D90","v":0},"F",{"$f":"ORÇAMENTO!O90","v":"1.7.15."},"BARRA DE APOIO RETA, EM ACO INOX POLIDO, COMPRIMENTO 70 CM, DIÂMETRO MINIMO 3 CM","UN    ",{"$f":"IF(RegimeExecucao=\"Global\",\"\",ORÇAMENTO!T90)","v":1},{"$f":"IF(RegimeExecucao=\"Global\",\"\",ORÇAMENTO!W90)","v":180.53},{"$f":"ORÇAMENTO!X90","v":180.53},0,0,0,{"$f":"IF($A90=\"S\",VTOTALBM,IF($A90=0,0,ROUND(SomaAgrupBM,15-13*ORÇAMENTO!$AF$11)))","v":{"$error":"#REF!"}},{"$error":"#REF!"},{"$f":"IF($A90=\"S\",VTOTALBM,IF($A90=0,0,ROUND(SomaAgrupBM,15-13*ORÇAMENTO!$AF$11)))","v":{"$error":"#REF!"}},null,null,null,null,{"$error":"#REF!"},{"$error":"#REF!"},{"$error":"#REF!"},{"$f":"IF($Y90>0,CHOOSE(MATCH(RegimeExecucao,{\"Unitário\",\"Global\"},0),IF($A90=\"S\",$Y90/$X90,\"\"),($Y90/$X90)*100),0)","v":{"$error":"#REF!"}},{"$f":"IF($Y90>0,CHOOSE(MATCH(RegimeExecucao,{\"Unitário\",\"Global\"},0),IF($A90=\"S\",ROUND($H90,ORÇAMENTO!$AF$10),\"\"),ROUND($I90,ORÇAMENTO!$AF$11)),\"\")","v":{"$error":"#REF!"}},{"$error":"#REF!"},null,null,null,null,null,null,null,null,null,null,null,null,null,null,null,{"$f":"IF($A90=\"S\",IF(BM!$I90=0,0,CHOOSE(MATCH(RegimeExecucao,{\"Global\",\"Unitário\"},0),ROUND(ROUND(BM.MEDAcumulado,15-13*BM!$A$9)/100*BM!$I90,15-13*ORÇAMENTO!$AF$11),ROUND(ROUND(BM.MEDAcumulado,15-13*BM!$A$9)*ROUND(BM!$H90,15-13*ORÇAMENTO!$AF$10),15-13*ORÇAMENTO!$AF$11))),IF($A90=0,0,ROUND(SomaAgrupBM,15-13*ORÇAMENTO!$AF$11)))","v":0}]
[{"$f":"ORÇAMENTO!C91","v":"S"},{"$f":"ORÇAMENTO!D91","v":0},"F",{"$f":"ORÇAMENTO!O91","v":"1.7.16."},"SIRENE AUDIOVISUAL PCD (NBR 9050), INCLUSO TODO O SISTEMA COM ACIONADOR  E INSTALAÇÃO","UN",{"$f":"IF(RegimeExecucao=\"Global\",\"\",ORÇAMENTO!T91)","v":1},{"$f":"IF(RegimeExecucao=\"Global\",\"\",ORÇAMENTO!W91)","v":397.16},{"$f":"ORÇAMENTO!X91","v":397.16},0,0,0,{"$f":"IF($A91=\"S\",VTOTALBM,IF($A91=0,0,ROUND(SomaAgrupBM,15-13*ORÇAMENTO!$AF$11)))","v":{"$error":"#REF!"}},{"$error":"#REF!"},{"$f":"IF($A91=\"S\",VTOTALBM,IF($A91=0,0,ROUND(SomaAgrupBM,15-13*ORÇAMENTO!$AF$11)))","v":{"$error":"#REF!"}},null,null,null,null,{"$error":"#REF!"},{"$error":"#REF!"},{"$error":"#REF!"},{"$f":"IF($Y91>0,CHOOSE(MATCH(RegimeExecucao,{\"Unitário\",\"Global\"},0),IF($A91=\"S\",$Y91/$X91,\"\"),($Y91/$X91)*100),0)","v":{"$error":"#REF!"}},{"$f":"IF($Y91>0,CHOOSE(MATCH(RegimeExecucao,{\"Unitário\",\"Global\"},0),IF($A91=\"S\",ROUND($H91,ORÇAMENTO!$AF$10),\"\"),ROUND($I91,ORÇAMENTO!$AF$11)),\"\")","v":{"$error":"#REF!"}},{"$error":"#REF!"},null,null,null,null,null,null,null,null,null,null,null,null,null,null,null,{"$f":"IF($A91=\"S\",IF(BM!$I91=0,0,CHOOSE(MATCH(RegimeExecucao,{\"Global\",\"Unitário\"},0),ROUND(ROUND(BM.MEDAcumulado,15-13*BM!$A$9)/100*BM!$I91,15-13*ORÇAMENTO!$AF$11),ROUND(ROUND(BM.MEDAcumulado,15-13*BM!$A$9)*ROUND(BM!$H91,15-13*ORÇAMENTO!$AF$10),15-13*ORÇAMENTO!$AF$11))),IF($A91=0,0,ROUND(SomaAgrupBM,15-13*ORÇAMENTO!$AF$11)))","v":0}]
[{"$f":"ORÇAMENTO!C92","v":2},{"$f":"ORÇAMENTO!D92","v":22},"F",{"$f":"ORÇAMENTO!O92","v":"1.8."},"INSTALAÇÕES HIDROSSANITÁRIAS","-",{"$f":"IF(RegimeExecucao=\"Global\",\"\",ORÇAMENTO!T92)","v":0},{"$f":"IF(RegimeExecucao=\"Global\",\"\",ORÇAMENTO!W92)","v":0},{"$f":"ORÇAMENTO!X92","v":12251.45},0,0,0,{"$f":"IF($A92=\"S\",VTOTALBM,IF($A92=0,0,ROUND(SomaAgrupBM,15-13*ORÇAMENTO!$AF$11)))","v":{"$error":"#REF!"}},{"$error":"#REF!"},{"$f":"IF($A92=\"S\",VTOTALBM,IF($A92=0,0,ROUND(SomaAgrupBM,15-13*ORÇAMENTO!$AF$11)))","v":{"$error":"#REF!"}},null,null,null,null,{"$error":"#REF!"},{"$error":"#REF!"},{"$error":"#REF!"},{"$f":"IF($Y92>0,CHOOSE(MATCH(RegimeExecucao,{\"Unitário\",\"Global\"},0),IF($A92=\"S\",$Y92/$X92,\"\"),($Y92/$X92)*100),0)","v":{"$error":"#REF!"}},{"$f":"IF($Y92>0,CHOOSE(MATCH(RegimeExecucao,{\"Unitário\",\"Global\"},0),IF($A92=\"S\",ROUND($H92,ORÇAMENTO!$AF$10),\"\"),ROUND($I92,ORÇAMENTO!$AF$11)),\"\")","v":{"$error":"#REF!"}},{"$error":"#REF!"},null,null,null,null,null,null,null,null,null,null,null,null,null,null,null,{"$f":"IF($A92=\"S\",IF(BM!$I92=0,0,CHOOSE(MATCH(RegimeExecucao,{\"Global\",\"Unitário\"},0),ROUND(ROUND(BM.MEDAcumulado,15-13*BM!$A$9)/100*BM!$I92,15-13*ORÇAMENTO!$AF$11),ROUND(ROUND(BM.MEDAcumulado,15-13*BM!$A$9)*ROUND(BM!$H92,15-13*ORÇAMENTO!$AF$10),15-13*ORÇAMENTO!$AF$11))),IF($A92=0,0,ROUND(SomaAgrupBM,15-13*ORÇAMENTO!$AF$11)))","v":0}]
[{"$f":"ORÇAMENTO!C93","v":"S"},{"$f":"ORÇAMENTO!D93","v":0},"F",{"$f":"ORÇAMENTO!O93","v":"1.8.1."},"HIDRÔMETRO DN 25 (3/4), 5,0 M³/H FORNECIMENTO E INSTALAÇÃO","UN",{"$f":"IF(RegimeExecucao=\"Global\",\"\",ORÇAMENTO!T93)","v":1},{"$f":"IF(RegimeExecucao=\"Global\",\"\",ORÇAMENTO!W93)","v":216.63},{"$f":"ORÇAMENTO!X93","v":216.63},0,0,0,{"$f":"IF($A93=\"S\",VTOTALBM,IF($A93=0,0,ROUND(SomaAgrupBM,15-13*ORÇAMENTO!$AF$11)))","v":{"$error":"#REF!"}},{"$error":"#REF!"},{"$f":"IF($A93=\"S\",VTOTALBM,IF($A93=0,0,ROUND(SomaAgrupBM,15-13*ORÇAMENTO!$AF$11)))","v":{"$error":"#REF!"}},null,null,null,null,{"$error":"#REF!"},{"$error":"#REF!"},{"$error":"#REF!"},{"$f":"IF($Y93>0,CHOOSE(MATCH(RegimeExecucao,{\"Unitário\",\"Global\"},0),IF($A93=\"S\",$Y93/$X93,\"\"),($Y93/$X93)*100),0)","v":{"$error":"#REF!"}},{"$f":"IF($Y93>0,CHOOSE(MATCH(RegimeExecucao,{\"Unitário\",\"Global\"},0),IF($A93=\"S\",ROUND($H93,ORÇAMENTO!$AF$10),\"\"),ROUND($I93,ORÇAMENTO!$AF$11)),\"\")","v":{"$error":"#REF!"}},{"$error":"#REF!"},null,null,null,null,null,null,null,null,null,null,null,null,null,null,null,{"$f":"IF($A93=\"S\",IF(BM!$I93=0,0,CHOOSE(MATCH(RegimeExecucao,{\"Global\",\"Unitário\"},0),ROUND(ROUND(BM.MEDAcumulado,15-13*BM!$A$9)/100*BM!$I93,15-13*ORÇAMENTO!$AF$11),ROUND(ROUND(BM.MEDAcumulado,15-13*BM!$A$9)*ROUND(BM!$H93,15-13*ORÇAMENTO!$AF$10),15-13*ORÇAMENTO!$AF$11))),IF($A93=0,0,ROUND(SomaAgrupBM,15-13*ORÇAMENTO!$AF$11)))","v":0}]
[{"$f":"ORÇAMENTO!C94","v":"S"},{"$f":"ORÇAMENTO!D94","v":0},"F",{"$f":"ORÇAMENTO!O94","v":"1.8.2."},"KIT CAVALETE PARA MEDIÇÃO DE ÁGUA - ENTRADA PRINCIPAL, EM PVC SOLDÁVEL DN 25 (3/4\") FORNECIMENTO E INSTALAÇÃO (EXCLUSIVE HIDRÔMETRO)","UN",{"$f":"IF(RegimeExecucao=\"Global\",\"\",ORÇAMENTO!T94)","v":1},{"$f":"IF(RegimeExecucao=\"Global\",\"\",ORÇAMENTO!W94)","v":144.41999999999999},{"$f":"ORÇAMENTO!X94","v":144.41999999999999},0,0,0,{"$f":"IF($A94=\"S\",VTOTALBM,IF($A94=0,0,ROUND(SomaAgrupBM,15-13*ORÇAMENTO!$AF$11)))","v":{"$error":"#REF!"}},{"$error":"#REF!"},{"$f":"IF($A94=\"S\",VTOTALBM,IF($A94=0,0,ROUND(SomaAgrupBM,15-13*ORÇAMENTO!$AF$11)))","v":{"$error":"#REF!"}},null,null,null,null,{"$error":"#REF!"},{"$error":"#REF!"},{"$error":"#REF!"},{"$f":"IF($Y94>0,CHOOSE(MATCH(RegimeExecucao,{\"Unitário\",\"Global\"},0),IF($A94=\"S\",$Y94/$X94,\"\"),($Y94/$X94)*100),0)","v":{"$error":"#REF!"}},{"$f":"IF($Y94>0,CHOOSE(MATCH(RegimeExecucao,{\"Unitário\",\"Global\"},0),IF($A94=\"S\",ROUND($H94,ORÇAMENTO!$AF$10),\"\"),ROUND($I94,ORÇAMENTO!$AF$11)),\"\")","v":{"$error":"#REF!"}},{"$error":"#REF!"},null,null,null,null,null,null,null,null,null,null,null,null,null,null,null,{"$f":"IF($A94=\"S\",IF(BM!$I94=0,0,CHOOSE(MATCH(RegimeExecucao,{\"Global\",\"Unitário\"},0),ROUND(ROUND(BM.MEDAcumulado,15-13*BM!$A$9)/100*BM!$I94,15-13*ORÇAMENTO!$AF$11),ROUND(ROUND(BM.MEDAcumulado,15-13*BM!$A$9)*ROUND(BM!$H94,15-13*ORÇAMENTO!$AF$10),15-13*ORÇAMENTO!$AF$11))),IF($A94=0,0,ROUND(SomaAgrupBM,15-13*ORÇAMENTO!$AF$11)))","v":0}]
[{"$f":"ORÇAMENTO!C95","v":"S"},{"$f":"ORÇAMENTO!D95","v":0},"F",{"$f":"ORÇAMENTO!O95","v":"1.8.3."},"CAIXA EM CONCRETO PRÉ-MOLDADO PARA ABRIGO DE HIDRÔMETRO COM DN 20 (1/2\u0094)\u0096 FORNECIMENTO E INSTALAÇÃO","UN",{"$f":"IF(RegimeExecucao=\"Global\",\"\",ORÇAMENTO!T95)","v":1},{"$f":"IF(RegimeExecucao=\"Global\",\"\",ORÇAMENTO!W95)","v":84.25},{"$f":"ORÇAMENTO!X95","v":84.25},0,0,0,{"$f":"IF($A95=\"S\",VTOTALBM,IF($A95=0,0,ROUND(SomaAgrupBM,15-13*ORÇAMENTO!$AF$11)))","v":{"$error":"#REF!"}},{"$error":"#REF!"},{"$f":"IF($A95=\"S\",VTOTALBM,IF($A95=0,0,ROUND(SomaAgrupBM,15-13*ORÇAMENTO!$AF$11)))","v":{"$error":"#REF!"}},null,null,null,null,{"$error":"#REF!"},{"$error":"#REF!"},{"$error":"#REF!"},{"$f":"IF($Y95>0,CHOOSE(MATCH(RegimeExecucao,{\"Unitário\",\"Global\"},0),IF($A95=\"S\",$Y95/$X95,\"\"),($Y95/$X95)*100),0)","v":{"$error":"#REF!"}},{"$f":"IF($Y95>0,CHOOSE(MATCH(RegimeExecucao,{\"Unitário\",\"Global\"},0),IF($A95=\"S\",ROUND($H95,ORÇAMENTO!$AF$10),\"\"),ROUND($I95,ORÇAMENTO!$AF$11)),\"\")","v":{"$error":"#REF!"}},{"$error":"#REF!"},null,null,null,null,null,null,null,null,null,null,null,null,null,null,null,{"$f":"IF($A95=\"S\",IF(BM!$I95=0,0,CHOOSE(MATCH(RegimeExecucao,{\"Global\",\"Unitário\"},0),ROUND(ROUND(BM.MEDAcumulado,15-13*BM!$A$9)/100*BM!$I95,15-13*ORÇAMENTO!$AF$11),ROUND(ROUND(BM.MEDAcumulado,15-13*BM!$A$9)*ROUND(BM!$H95,15-13*ORÇAMENTO!$AF$10),15-13*ORÇAMENTO!$AF$11))),IF($A95=0,0,ROUND(SomaAgrupBM,15-13*ORÇAMENTO!$AF$11)))","v":0}]
[{"$f":"ORÇAMENTO!C96","v":"S"},{"$f":"ORÇAMENTO!D96","v":0},"F",{"$f":"ORÇAMENTO!O96","v":"1.8.4."},"INSTALAÇÃO DE TUBOS DE PVC, SOLDÁVEL, ÁGUA FRIA, DN 20 MM (INSTALADO EM RAMAL, SUB-RAMAL OU RAMAL DE DISTRIBUIÇÃO), INCLUSIVE CONEXÕES, CORTES E FIXAÇÕES","M",{"$f":"IF(RegimeExecucao=\"Global\",\"\",ORÇAMENTO!T96)","v":20},{"$f":"IF(RegimeExecucao=\"Global\",\"\",ORÇAMENTO!W96)","v":36.11},{"$f":"ORÇAMENTO!X96","v":722.2},0,0,0,{"$f":"IF($A96=\"S\",VTOTALBM,IF($A96=0,0,ROUND(SomaAgrupBM,15-13*ORÇAMENTO!$AF$11)))","v":{"$error":"#REF!"}},{"$error":"#REF!"},{"$f":"IF($A96=\"S\",VTOTALBM,IF($A96=0,0,ROUND(SomaAgrupBM,15-13*ORÇAMENTO!$AF$11)))","v":{"$error":"#REF!"}},null,null,null,null,{"$error":"#REF!"},{"$error":"#REF!"},{"$error":"#REF!"},{"$f":"IF($Y96>0,CHOOSE(MATCH(RegimeExecucao,{\"Unitário\",\"Global\"},0),IF($A96=\"S\",$Y96/$X96,\"\"),($Y96/$X96)*100),0)","v":{"$error":"#REF!"}},{"$f":"IF($Y96>0,CHOOSE(MATCH(RegimeExecucao,{\"Unitário\",\"Global\"},0),IF($A96=\"S\",ROUND($H96,ORÇAMENTO!$AF$10),\"\"),ROUND($I96,ORÇAMENTO!$AF$11)),\"\")","v":{"$error":"#REF!"}},{"$error":"#REF!"},null,null,null,null,null,null,null,null,null,null,null,null,null,null,null,{"$f":"IF($A96=\"S\",IF(BM!$I96=0,0,CHOOSE(MATCH(RegimeExecucao,{\"Global\",\"Unitário\"},0),ROUND(ROUND(BM.MEDAcumulado,15-13*BM!$A$9)/100*BM!$I96,15-13*ORÇAMENTO!$AF$11),ROUND(ROUND(BM.MEDAcumulado,15-13*BM!$A$9)*ROUND(BM!$H96,15-13*ORÇAMENTO!$AF$10),15-13*ORÇAMENTO!$AF$11))),IF($A96=0,0,ROUND(SomaAgrupBM,15-13*ORÇAMENTO!$AF$11)))","v":0}]
[{"$f":"ORÇAMENTO!C97","v":"S"},{"$f":"ORÇAMENTO!D97","v":0},"F",{"$f":"ORÇAMENTO!O97","v":"1.8.5."},"INSTALAÇÃO DE TUBOS DE PVC, SOLDÁVEL, ÁGUA FRIA, DN 25 MM (INSTALADO EM RAMAL, SUB-RAMAL, RAMAL DE DISTRIBUIÇÃO OU PRUMADA), INCLUSIVE CONEXÕES, CORTES E FIXAÇÕES","M",{"$f":"IF(RegimeExecucao=\"Global\",\"\",ORÇAMENTO!T97)","v":40.9},{"$f":"IF(RegimeExecucao=\"Global\",\"\",ORÇAMENTO!W97)","v":36.11},{"$f":"ORÇAMENTO!X97","v":1476.9},0,0,0,{"$f":"IF($A97=\"S\",VTOTALBM,IF($A97=0,0,ROUND(SomaAgrupBM,15-13*ORÇAMENTO!$AF$11)))","v":{"$error":"#REF!"}},{"$error":"#REF!"},{"$f":"IF($A97=\"S\",VTOTALBM,IF($A97=0,0,ROUND(SomaAgrupBM,15-13*ORÇAMENTO!$AF$11)))","v":{"$error":"#REF!"}},null,null,null,null,{"$error":"#REF!"},{"$error":"#REF!"},{"$error":"#REF!"},{"$f":"IF($Y97>0,CHOOSE(MATCH(RegimeExecucao,{\"Unitário\",\"Global\"},0),IF($A97=\"S\",$Y97/$X97,\"\"),($Y97/$X97)*100),0)","v":{"$error":"#REF!"}},{"$f":"IF($Y97>0,CHOOSE(MATCH(RegimeExecucao,{\"Unitário\",\"Global\"},0),IF($A97=\"S\",ROUND($H97,ORÇAMENTO!$AF$10),\"\"),ROUND($I97,ORÇAMENTO!$AF$11)),\"\")","v":{"$error":"#REF!"}},{"$error":"#REF!"},null,null,null,null,null,null,null,null,null,null,null,null,null,null,null,{"$f":"IF($A97=\"S\",IF(BM!$I97=0,0,CHOOSE(MATCH(RegimeExecucao,{\"Global\",\"Unitário\"},0),ROUND(ROUND(BM.MEDAcumulado,15-13*BM!$A$9)/100*BM!$I97,15-13*ORÇAMENTO!$AF$11),ROUND(ROUND(BM.MEDAcumulado,15-13*BM!$A$9)*ROUND(BM!$H97,15-13*ORÇAMENTO!$AF$10),15-13*ORÇAMENTO!$AF$11))),IF($A97=0,0,ROUND(SomaAgrupBM,15-13*ORÇAMENTO!$AF$11)))","v":0}]
[{"$f":"ORÇAMENTO!C98","v":"S"},{"$f":"ORÇAMENTO!D98","v":0},"F",{"$f":"ORÇAMENTO!O98","v":"1.8.6."},"INSTALAÇÃO TUBOS DE PVC, SOLDÁVEL, ÁGUA FRIA, DN 32 MM (INSTALADO EM RAMAL, SUB-RAMAL, RAMAL DE DISTRIBUIÇÃO OU PRUMADA), INCLUSIVE CONEXÕES, CORTES E FIXAÇÕES","M",{"$f":"IF(RegimeExecucao=\"Global\",\"\",ORÇAMENTO!T98)","v":5},{"$f":"IF(RegimeExecucao=\"Global\",\"\",ORÇAMENTO!W98)","v":24.07},{"$f":"ORÇAMENTO!X98","v":120.35},0,0,0,{"$f":"IF($A98=\"S\",VTOTALBM,IF($A98=0,0,ROUND(SomaAgrupBM,15-13*ORÇAMENTO!$AF$11)))","v":{"$error":"#REF!"}},{"$error":"#REF!"},{"$f":"IF($A98=\"S\",VTOTALBM,IF($A98=0,0,ROUND(SomaAgrupBM,15-13*ORÇAMENTO!$AF$11)))","v":{"$error":"#REF!"}},null,null,null,null,{"$error":"#REF!"},{"$error":"#REF!"},{"$error":"#REF!"},{"$f":"IF($Y98>0,CHOOSE(MATCH(RegimeExecucao,{\"Unitário\",\"Global\"},0),IF($A98=\"S\",$Y98/$X98,\"\"),($Y98/$X98)*100),0)","v":{"$error":"#REF!"}},{"$f":"IF($Y98>0,CHOOSE(MATCH(RegimeExecucao,{\"Unitário\",\"Global\"},0),IF($A98=\"S\",ROUND($H98,ORÇAMENTO!$AF$10),\"\"),ROUND($I98,ORÇAMENTO!$AF$11)),\"\")","v":{"$error":"#REF!"}},{"$error":"#REF!"},null,null,null,null,null,null,null,null,null,null,null,null,null,null,null,{"$f":"IF($A98=\"S\",IF(BM!$I98=0,0,CHOOSE(MATCH(RegimeExecucao,{\"Global\",\"Unitário\"},0),ROUND(ROUND(BM.MEDAcumulado,15-13*BM!$A$9)/100*BM!$I98,15-13*ORÇAMENTO!$AF$11),ROUND(ROUND(BM.MEDAcumulado,15-13*BM!$A$9)*ROUND(BM!$H98,15-13*ORÇAMENTO!$AF$10),15-13*ORÇAMENTO!$AF$11))),IF($A98=0,0,ROUND(SomaAgrupBM,15-13*ORÇAMENTO!$AF$11)))","v":0}]
[{"$f":"ORÇAMENTO!C99","v":"S"},{"$f":"ORÇAMENTO!D99","v":0},{"$f":"IF(OR($I99>0,$A99=1,$A99=2,$A99=3,$A99=4),\"F\",\"\")","v":"F"},{"$f":"ORÇAMENTO!O99","v":"1.8.7."},{"$f":"ORÇAMENTO.Descricao","v":"(COMPOSIÇÃO REPRESENTATIVA) DO SERVIÇO DE INSTALAÇÃO DE TUBOS DE PVC, SOLDÁVEL, ÁGUA FRIA, DN 50 MM (INSTALADO EM PRUMADA), INCLUSIVE CONEXÕES, CORTES E FIXAÇÕES, PARA PRÉDIOS"},{"$f":"IF(RegimeExecucao=\"Global\",\"\",ORÇAMENTO.Unidade)","v":"M"},{"$f":"IF(RegimeExecucao=\"Global\",\"\",ORÇAMENTO!T99)","v":14},{"$f":"IF(RegimeExecucao=\"Global\",\"\",ORÇAMENTO!W99)","v":30.09},{"$f":"ORÇAMENTO!X99","v":421.26},{"$f":"IF($A99=\"S\",IF(CAIXA.Modo,BM.AFAnterior,BM.MEDAnterior),IF(AND(RegimeExecucao=\"Global\",$I99>0,COUNTIF($AB$13:$AM$13,BM.medicao-1)>0),M99/$I99*100,0))","v":0},0,{"$f":"IF($A99=\"S\",IF(CAIXA.Modo,BM.AFAcumulado,BM.MEDAcumulado),IF(AND(RegimeExecucao=\"Global\",$I99>0,COUNTIF($AB$13:$AM$13,BM.medicao)>0),O99/$I99*100,0))","v":0},{"$f":"IF($A99=\"S\",VTOTALBM,IF($A99=0,0,ROUND(SomaAgrupBM,15-13*ORÇAMENTO!$AF$11)))","v":{"$error":"#REF!"}},{"$error":"#REF!"},{"$f":"IF($A99=\"S\",VTOTALBM,IF($A99=0,0,ROUND(SomaAgrupBM,15-13*ORÇAMENTO!$AF$11)))","v":{"$error":"#REF!"}},null,null,null,null,{"$f":"IF($W99>0,$D99,\"\")","v":{"$error":"#REF!"}},{"$f":"IF($W99>0,$E99,\"\")","v":{"$error":"#REF!"}},{"$f":"IF(AND($W99>0,RegimeExecucao=\"Unitário\"),$F99,\"\")","v":{"$error":"#REF!"}},{"$f":"IF($Y99>0,CHOOSE(MATCH(RegimeExecucao,{\"Unitário\",\"Global\"},0),IF($A99=\"S\",$Y99/$X99,\"\"),($Y99/$X99)*100),0)","v":{"$error":"#REF!"}},{"$f":"IF($Y99>0,CHOOSE(MATCH(RegimeExecucao,{\"Unitário\",\"Global\"},0),IF($A99=\"S\",ROUND($H99,ORÇAMENTO!$AF$10),\"\"),ROUND($I99,ORÇAMENTO!$AF$11)),\"\")","v":{"$error":"#REF!"}},{"$f":"AO99-O99","v":{"$error":"#REF!"}},null,null,null,null,null,null,null,null,null,null,null,null,null,null,null,{"$f":"IF($A99=\"S\",IF(BM!$I99=0,0,CHOOSE(MATCH(RegimeExecucao,{\"Global\",\"Unitário\"},0),ROUND(ROUND(BM.MEDAcumulado,15-13*BM!$A$9)/100*BM!$I99,15-13*ORÇAMENTO!$AF$11),ROUND(ROUND(BM.MEDAcumulado,15-13*BM!$A$9)*ROUND(BM!$H99,15-13*ORÇAMENTO!$AF$10),15-13*ORÇAMENTO!$AF$11))),IF($A99=0,0,ROUND(SomaAgrupBM,15-13*ORÇAMENTO!$AF$11)))","v":0}]
[{"$f":"ORÇAMENTO!C100","v":"S"},{"$f":"ORÇAMENTO!D100","v":0},{"$f":"IF(OR($I100>0,$A100=1,$A100=2,$A100=3,$A100=4),\"F\",\"\")","v":"F"},{"$f":"ORÇAMENTO!O100","v":"1.8.8."},{"$f":"ORÇAMENTO.Descricao","v":"CAIXA D´AGUA EM POLIETILENO, 500 LITROS, COM ACESSÓRIOS"},{"$f":"IF(RegimeExecucao=\"Global\",\"\",ORÇAMENTO.Unidade)","v":"UN"},{"$f":"IF(RegimeExecucao=\"Global\",\"\",ORÇAMENTO!T100)","v":1},{"$f":"IF(RegimeExecucao=\"Global\",\"\",ORÇAMENTO!W100)","v":601.75},{"$f":"ORÇAMENTO!X100","v":601.75},{"$f":"IF($A100=\"S\",IF(CAIXA.Modo,BM.AFAnterior,BM.MEDAnterior),IF(AND(RegimeExecucao=\"Global\",$I100>0,COUNTIF($AB$13:$AM$13,BM.medicao-1)>0),M100/$I100*100,0))","v":0},0,{"$f":"IF($A100=\"S\",IF(CAIXA.Modo,BM.AFAcumulado,BM.MEDAcumulado),IF(AND(RegimeExecucao=\"Global\",$I100>0,COUNTIF($AB$13:$AM$13,BM.medicao)>0),O100/$I100*100,0))","v":0},{"$f":"IF($A100=\"S\",VTOTALBM,IF($A100=0,0,ROUND(SomaAgrupBM,15-13*ORÇAMENTO!$AF$11)))","v":{"$error":"#REF!"}},{"$error":"#REF!"},{"$f":"IF($A100=\"S\",VTOTALBM,IF($A100=0,0,ROUND(SomaAgrupBM,15-13*ORÇAMENTO!$AF$11)))","v":{"$error":"#REF!"}},null,null,null,null,{"$f":"IF($W100>0,$D100,\"\")","v":{"$error":"#REF!"}},{"$f":"IF($W100>0,$E100,\"\")","v":{"$error":"#REF!"}},{"$f":"IF(AND($W100>0,RegimeExecucao=\"Unitário\"),$F100,\"\")","v":{"$error":"#REF!"}},{"$f":"IF($Y100>0,CHOOSE(MATCH(RegimeExecucao,{\"Unitário\",\"Global\"},0),IF($A100=\"S\",$Y100/$X100,\"\"),($Y100/$X100)*100),0)","v":{"$error":"#REF!"}},{"$f":"IF($Y100>0,CHOOSE(MATCH(RegimeExecucao,{\"Unitário\",\"Global\"},0),IF($A100=\"S\",ROUND($H100,ORÇAMENTO!$AF$10),\"\"),ROUND($I100,ORÇAMENTO!$AF$11)),\"\")","v":{"$error":"#REF!"}},{"$f":"AO100-O100","v":{"$error":"#REF!"}},null,null,null,null,null,null,null,null,null,null,null,null,null,null,null,{"$f":"IF($A100=\"S\",IF(BM!$I100=0,0,CHOOSE(MATCH(RegimeExecucao,{\"Global\",\"Unitário\"},0),ROUND(ROUND(BM.MEDAcumulado,15-13*BM!$A$9)/100*BM!$I100,15-13*ORÇAMENTO!$AF$11),ROUND(ROUND(BM.MEDAcumulado,15-13*BM!$A$9)*ROUND(BM!$H100,15-13*ORÇAMENTO!$AF$10),15-13*ORÇAMENTO!$AF$11))),IF($A100=0,0,ROUND(SomaAgrupBM,15-13*ORÇAMENTO!$AF$11)))","v":0}]
[{"$f":"ORÇAMENTO!C101","v":"S"},{"$f":"ORÇAMENTO!D101","v":0},"F",{"$f":"ORÇAMENTO!O101","v":"1.8.9."},{"$f":"ORÇAMENTO.Descricao","v":"REGISTRO DE GAVETA BRUTO, LATÃO, ROSCÁVEL, 1 1/2\u0094, INSTALADO EM RESERVAÇÃO DE ÁGUA DE EDIFICAÇÃO QUE POSSUA RESERVATÓRIO DE FIBRA/FIBROCIMENTO \u0096 FORNECIMENTO E INSTALAÇÃO"},{"$f":"IF(RegimeExecucao=\"Global\",\"\",ORÇAMENTO.Unidade)","v":"UN"},{"$f":"IF(RegimeExecucao=\"Global\",\"\",ORÇAMENTO!T101)","v":1},{"$f":"IF(RegimeExecucao=\"Global\",\"\",ORÇAMENTO!W101)","v":114.33},{"$f":"ORÇAMENTO!X101","v":114.33},{"$f":"IF($A101=\"S\",IF(CAIXA.Modo,BM.AFAnterior,BM.MEDAnterior),IF(AND(RegimeExecucao=\"Global\",$I101>0,COUNTIF($AB$13:$AM$13,BM.medicao-1)>0),M101/$I101*100,0))","v":0},0,{"$f":"IF($A101=\"S\",IF(CAIXA.Modo,BM.AFAcumulado,BM.MEDAcumulado),IF(AND(RegimeExecucao=\"Global\",$I101>0,COUNTIF($AB$13:$AM$13,BM.medicao)>0),O101/$I101*100,0))","v":0},{"$f":"IF($A101=\"S\",VTOTALBM,IF($A101=0,0,ROUND(SomaAgrupBM,15-13*ORÇAMENTO!$AF$11)))","v":{"$error":"#REF!"}},{"$error":"#REF!"},{"$f":"IF($A101=\"S\",VTOTALBM,IF($A101=0,0,ROUND(SomaAgrupBM,15-13*ORÇAMENTO!$AF$11)))","v":{"$error":"#REF!"}},null,null,null,null,{"$error":"#REF!"},{"$error":"#REF!"},{"$f":"IF(AND($W101>0,RegimeExecucao=\"Unitário\"),$F101,\"\")","v":{"$error":"#REF!"}},{"$f":"IF($Y101>0,CHOOSE(MATCH(RegimeExecucao,{\"Unitário\",\"Global\"},0),IF($A101=\"S\",$Y101/$X101,\"\"),($Y101/$X101)*100),0)","v":{"$error":"#REF!"}},{"$f":"IF($Y101>0,CHOOSE(MATCH(RegimeExecucao,{\"Unitário\",\"Global\"},0),IF($A101=\"S\",ROUND($H101,ORÇAMENTO!$AF$10),\"\"),ROUND($I101,ORÇAMENTO!$AF$11)),\"\")","v":{"$error":"#REF!"}},{"$error":"#REF!"},null,null,null,null,null,null,null,null,null,null,null,null,null,null,null,{"$f":"IF($A101=\"S\",IF(BM!$I101=0,0,CHOOSE(MATCH(RegimeExecucao,{\"Global\",\"Unitário\"},0),ROUND(ROUND(BM.MEDAcumulado,15-13*BM!$A$9)/100*BM!$I101,15-13*ORÇAMENTO!$AF$11),ROUND(ROUND(BM.MEDAcumulado,15-13*BM!$A$9)*ROUND(BM!$H101,15-13*ORÇAMENTO!$AF$10),15-13*ORÇAMENTO!$AF$11))),IF($A101=0,0,ROUND(SomaAgrupBM,15-13*ORÇAMENTO!$AF$11)))","v":0}]
[{"$f":"ORÇAMENTO!C102","v":"S"},{"$f":"ORÇAMENTO!D102","v":0},"F",{"$f":"ORÇAMENTO!O102","v":"1.8.10."},"REGISTRO DE GAVETA BRUTO, LATÃO, ROSCÁVEL, 1\u0094, INSTALADO EM RESERVAÇÃO DE ÁGUA DE EDIFICAÇÃO QUE POSSUA RESERVATÓRIO DE FIBRA/FIBROCIMENTO \u0096 FORNECIMENTO E INSTALAÇÃO","UN",{"$f":"IF(RegimeExecucao=\"Global\",\"\",ORÇAMENTO!T102)","v":1},{"$f":"IF(RegimeExecucao=\"Global\",\"\",ORÇAMENTO!W102)","v":78.23},{"$f":"ORÇAMENTO!X102","v":78.23},0,0,0,{"$f":"IF($A102=\"S\",VTOTALBM,IF($A102=0,0,ROUND(SomaAgrupBM,15-13*ORÇAMENTO!$AF$11)))","v":{"$error":"#REF!"}},{"$error":"#REF!"},{"$f":"IF($A102=\"S\",VTOTALBM,IF($A102=0,0,ROUND(SomaAgrupBM,15-13*ORÇAMENTO!$AF$11)))","v":{"$error":"#REF!"}},null,null,null,null,{"$error":"#REF!"},{"$error":"#REF!"},{"$error":"#REF!"},{"$f":"IF($Y102>0,CHOOSE(MATCH(RegimeExecucao,{\"Unitário\",\"Global\"},0),IF($A102=\"S\",$Y102/$X102,\"\"),($Y102/$X102)*100),0)","v":{"$error":"#REF!"}},{"$f":"IF($Y102>0,CHOOSE(MATCH(RegimeExecucao,{\"Unitário\",\"Global\"},0),IF($A102=\"S\",ROUND($H102,ORÇAMENTO!$AF$10),\"\"),ROUND($I102,ORÇAMENTO!$AF$11)),\"\")","v":{"$error":"#REF!"}},{"$error":"#REF!"},null,null,null,null,null,null,null,null,null,null,null,null,null,null,null,{"$f":"IF($A102=\"S\",IF(BM!$I102=0,0,CHOOSE(MATCH(RegimeExecucao,{\"Global\",\"Unitário\"},0),ROUND(ROUND(BM.MEDAcumulado,15-13*BM!$A$9)/100*BM!$I102,15-13*ORÇAMENTO!$AF$11),ROUND(ROUND(BM.MEDAcumulado,15-13*BM!$A$9)*ROUND(BM!$H102,15-13*ORÇAMENTO!$AF$10),15-13*ORÇAMENTO!$AF$11))),IF($A102=0,0,ROUND(SomaAgrupBM,15-13*ORÇAMENTO!$AF$11)))","v":0}]
[{"$f":"ORÇAMENTO!C103","v":"S"},{"$f":"ORÇAMENTO!D103","v":0},{"$f":"IF(OR($I103>0,$A103=1,$A103=2,$A103=3,$A103=4),\"F\",\"\")","v":"F"},{"$f":"ORÇAMENTO!O103","v":"1.8.11."},{"$f":"ORÇAMENTO.Descricao","v":"REGISTRO DE GAVETA BRUTO, LATÃO, ROSCÁVEL, 3/4\", FORNECIDO E INSTALADO EM RAMAL DE ÁGUA"},{"$f":"IF(RegimeExecucao=\"Global\",\"\",ORÇAMENTO.Unidade)","v":"UN"},{"$f":"IF(RegimeExecucao=\"Global\",\"\",ORÇAMENTO!T103)","v":1},{"$f":"IF(RegimeExecucao=\"Global\",\"\",ORÇAMENTO!W103)","v":36.11},{"$f":"ORÇAMENTO!X103","v":36.11},{"$f":"IF($A103=\"S\",IF(CAIXA.Modo,BM.AFAnterior,BM.MEDAnterior),IF(AND(RegimeExecucao=\"Global\",$I103>0,COUNTIF($AB$13:$AM$13,BM.medicao-1)>0),M103/$I103*100,0))","v":0},0,{"$f":"IF($A103=\"S\",IF(CAIXA.Modo,BM.AFAcumulado,BM.MEDAcumulado),IF(AND(RegimeExecucao=\"Global\",$I103>0,COUNTIF($AB$13:$AM$13,BM.medicao)>0),O103/$I103*100,0))","v":0},{"$f":"IF($A103=\"S\",VTOTALBM,IF($A103=0,0,ROUND(SomaAgrupBM,15-13*ORÇAMENTO!$AF$11)))","v":{"$error":"#REF!"}},{"$error":"#REF!"},{"$f":"IF($A103=\"S\",VTOTALBM,IF($A103=0,0,ROUND(SomaAgrupBM,15-13*ORÇAMENTO!$AF$11)))","v":{"$error":"#REF!"}},null,null,null,null,{"$f":"IF($W103>0,$D103,\"\")","v":{"$error":"#REF!"}},{"$f":"IF($W103>0,$E103,\"\")","v":{"$error":"#REF!"}},{"$f":"IF(AND($W103>0,RegimeExecucao=\"Unitário\"),$F103,\"\")","v":{"$error":"#REF!"}},{"$f":"IF($Y103>0,CHOOSE(MATCH(RegimeExecucao,{\"Unitário\",\"Global\"},0),IF($A103=\"S\",$Y103/$X103,\"\"),($Y103/$X103)*100),0)","v":{"$error":"#REF!"}},{"$f":"IF($Y103>0,CHOOSE(MATCH(RegimeExecucao,{\"Unitário\",\"Global\"},0),IF($A103=\"S\",ROUND($H103,ORÇAMENTO!$AF$10),\"\"),ROUND($I103,ORÇAMENTO!$AF$11)),\"\")","v":{"$error":"#REF!"}},{"$f":"AO103-O103","v":{"$error":"#REF!"}},null,null,null,null,null,null,null,null,null,null,null,null,null,null,null,{"$f":"IF($A103=\"S\",IF(BM!$I103=0,0,CHOOSE(MATCH(RegimeExecucao,{\"Global\",\"Unitário\"},0),ROUND(ROUND(BM.MEDAcumulado,15-13*BM!$A$9)/100*BM!$I103,15-13*ORÇAMENTO!$AF$11),ROUND(ROUND(BM.MEDAcumulado,15-13*BM!$A$9)*ROUND(BM!$H103,15-13*ORÇAMENTO!$AF$10),15-13*ORÇAMENTO!$AF$11))),IF($A103=0,0,ROUND(SomaAgrupBM,15-13*ORÇAMENTO!$AF$11)))","v":0}]
[{"$f":"ORÇAMENTO!C104","v":"S"},{"$f":"ORÇAMENTO!D104","v":0},{"$f":"IF(OR($I104>0,$A104=1,$A104=2,$A104=3,$A104=4),\"F\",\"\")","v":"F"},{"$f":"ORÇAMENTO!O104","v":"1.8.12."},{"$f":"ORÇAMENTO.Descricao","v":"REGISTRO DE GAVETA BRUTO, LATÃO, ROSCÁVEL, 1/2\", FORNECIDO E INSTALADO EM RAMAL DE ÁGUA"},{"$f":"IF(RegimeExecucao=\"Global\",\"\",ORÇAMENTO.Unidade)","v":"UN"},{"$f":"IF(RegimeExecucao=\"Global\",\"\",ORÇAMENTO!T104)","v":1},{"$f":"IF(RegimeExecucao=\"Global\",\"\",ORÇAMENTO!W104)","v":36.11},{"$f":"ORÇAMENTO!X104","v":36.11},{"$f":"IF($A104=\"S\",IF(CAIXA.Modo,BM.AFAnterior,BM.MEDAnterior),IF(AND(RegimeExecucao=\"Global\",$I104>0,COUNTIF($AB$13:$AM$13,BM.medicao-1)>0),M104/$I104*100,0))","v":0},0,{"$f":"IF($A104=\"S\",IF(CAIXA.Modo,BM.AFAcumulado,BM.MEDAcumulado),IF(AND(RegimeExecucao=\"Global\",$I104>0,COUNTIF($AB$13:$AM$13,BM.medicao)>0),O104/$I104*100,0))","v":0},{"$f":"IF($A104=\"S\",VTOTALBM,IF($A104=0,0,ROUND(SomaAgrupBM,15-13*ORÇAMENTO!$AF$11)))","v":{"$error":"#REF!"}},{"$error":"#REF!"},{"$f":"IF($A104=\"S\",VTOTALBM,IF($A104=0,0,ROUND(SomaAgrupBM,15-13*ORÇAMENTO!$AF$11)))","v":{"$error":"#REF!"}},null,null,null,null,{"$f":"IF($W104>0,$D104,\"\")","v":{"$error":"#REF!"}},{"$f":"IF($W104>0,$E104,\"\")","v":{"$error":"#REF!"}},{"$f":"IF(AND($W104>0,RegimeExecucao=\"Unitário\"),$F104,\"\")","v":{"$error":"#REF!"}},{"$f":"IF($Y104>0,CHOOSE(MATCH(RegimeExecucao,{\"Unitário\",\"Global\"},0),IF($A104=\"S\",$Y104/$X104,\"\"),($Y104/$X104)*100),0)","v":{"$error":"#REF!"}},{"$f":"IF($Y104>0,CHOOSE(MATCH(RegimeExecucao,{\"Unitário\",\"Global\"},0),IF($A104=\"S\",ROUND($H104,ORÇAMENTO!$AF$10),\"\"),ROUND($I104,ORÇAMENTO!$AF$11)),\"\")","v":{"$error":"#REF!"}},{"$f":"AO104-O104","v":{"$error":"#REF!"}},null,null,null,null,null,null,null,null,null,null,null,null,null,null,null,{"$f":"IF($A104=\"S\",IF(BM!$I104=0,0,CHOOSE(MATCH(RegimeExecucao,{\"Global\",\"Unitário\"},0),ROUND(ROUND(BM.MEDAcumulado,15-13*BM!$A$9)/100*BM!$I104,15-13*ORÇAMENTO!$AF$11),ROUND(ROUND(BM.MEDAcumulado,15-13*BM!$A$9)*ROUND(BM!$H104,15-13*ORÇAMENTO!$AF$10),15-13*ORÇAMENTO!$AF$11))),IF($A104=0,0,ROUND(SomaAgrupBM,15-13*ORÇAMENTO!$AF$11)))","v":0}]
[{"$f":"ORÇAMENTO!C105","v":"S"},{"$f":"ORÇAMENTO!D105","v":0},"F",{"$f":"ORÇAMENTO!O105","v":"1.8.13."},"INSTALAÇÃO DE TUBO DE PVC, SÉRIE NORMAL, ESGOTO PREDIAL, DN 40 MM (INSTALADO EM RAMAL DE DESCARGA OU RAMAL DE ESGOTO SANITÁRIO), INCLUSIVE CONEXÕES, CORTES E FIXAÇÕES","M",{"$f":"IF(RegimeExecucao=\"Global\",\"\",ORÇAMENTO!T105)","v":4},{"$f":"IF(RegimeExecucao=\"Global\",\"\",ORÇAMENTO!W105)","v":48.14},{"$f":"ORÇAMENTO!X105","v":192.56},0,0,0,{"$f":"IF($A105=\"S\",VTOTALBM,IF($A105=0,0,ROUND(SomaAgrupBM,15-13*ORÇAMENTO!$AF$11)))","v":{"$error":"#REF!"}},{"$error":"#REF!"},{"$f":"IF($A105=\"S\",VTOTALBM,IF($A105=0,0,ROUND(SomaAgrupBM,15-13*ORÇAMENTO!$AF$11)))","v":{"$error":"#REF!"}},null,null,null,null,{"$error":"#REF!"},{"$error":"#REF!"},{"$error":"#REF!"},{"$f":"IF($Y105>0,CHOOSE(MATCH(RegimeExecucao,{\"Unitário\",\"Global\"},0),IF($A105=\"S\",$Y105/$X105,\"\"),($Y105/$X105)*100),0)","v":{"$error":"#REF!"}},{"$f":"IF($Y105>0,CHOOSE(MATCH(RegimeExecucao,{\"Unitário\",\"Global\"},0),IF($A105=\"S\",ROUND($H105,ORÇAMENTO!$AF$10),\"\"),ROUND($I105,ORÇAMENTO!$AF$11)),\"\")","v":{"$error":"#REF!"}},{"$error":"#REF!"},null,null,null,null,null,null,null,null,null,null,null,null,null,null,null,{"$f":"IF($A105=\"S\",IF(BM!$I105=0,0,CHOOSE(MATCH(RegimeExecucao,{\"Global\",\"Unitário\"},0),ROUND(ROUND(BM.MEDAcumulado,15-13*BM!$A$9)/100*BM!$I105,15-13*ORÇAMENTO!$AF$11),ROUND(ROUND(BM.MEDAcumulado,15-13*BM!$A$9)*ROUND(BM!$H105,15-13*ORÇAMENTO!$AF$10),15-13*ORÇAMENTO!$AF$11))),IF($A105=0,0,ROUND(SomaAgrupBM,15-13*ORÇAMENTO!$AF$11)))","v":0}]
[{"$f":"ORÇAMENTO!C106","v":"S"},{"$f":"ORÇAMENTO!D106","v":0},"F",{"$f":"ORÇAMENTO!O106","v":"1.8.14."},"INSTALAÇÃO DE TUBO DE PVC, SÉRIE NORMAL, ESGOTO PREDIAL, DN 50 MM (INSTALADO EM RAMAL DE DESCARGA OU RAMAL DE ESGOTO SANITÁRIO), INCLUSIVE CONEXÕES, CORTES E FIXAÇÕES","M",{"$f":"IF(RegimeExecucao=\"Global\",\"\",ORÇAMENTO!T106)","v":10},{"$f":"IF(RegimeExecucao=\"Global\",\"\",ORÇAMENTO!W106)","v":72.209999999999994},{"$f":"ORÇAMENTO!X106","v":722.1},0,0,0,{"$f":"IF($A106=\"S\",VTOTALBM,IF($A106=0,0,ROUND(SomaAgrupBM,15-13*ORÇAMENTO!$AF$11)))","v":{"$error":"#REF!"}},{"$error":"#REF!"},{"$f":"IF($A106=\"S\",VTOTALBM,IF($A106=0,0,ROUND(SomaAgrupBM,15-13*ORÇAMENTO!$AF$11)))","v":{"$error":"#REF!"}},null,null,null,null,{"$error":"#REF!"},{"$error":"#REF!"},{"$error":"#REF!"},{"$f":"IF($Y106>0,CHOOSE(MATCH(RegimeExecucao,{\"Unitário\",\"Global\"},0),IF($A106=\"S\",$Y106/$X106,\"\"),($Y106/$X106)*100),0)","v":{"$error":"#REF!"}},{"$f":"IF($Y106>0,CHOOSE(MATCH(RegimeExecucao,{\"Unitário\",\"Global\"},0),IF($A106=\"S\",ROUND($H106,ORÇAMENTO!$AF$10),\"\"),ROUND($I106,ORÇAMENTO!$AF$11)),\"\")","v":{"$error":"#REF!"}},{"$error":"#REF!"},null,null,null,null,null,null,null,null,null,null,null,null,null,null,null,{"$f":"IF($A106=\"S\",IF(BM!$I106=0,0,CHOOSE(MATCH(RegimeExecucao,{\"Global\",\"Unitário\"},0),ROUND(ROUND(BM.MEDAcumulado,15-13*BM!$A$9)/100*BM!$I106,15-13*ORÇAMENTO!$AF$11),ROUND(ROUND(BM.MEDAcumulado,15-13*BM!$A$9)*ROUND(BM!$H106,15-13*ORÇAMENTO!$AF$10),15-13*ORÇAMENTO!$AF$11))),IF($A106=0,0,ROUND(SomaAgrupBM,15-13*ORÇAMENTO!$AF$11)))","v":0}]
[{"$f":"ORÇAMENTO!C107","v":"S"},{"$f":"ORÇAMENTO!D107","v":0},"F",{"$f":"ORÇAMENTO!O107","v":"1.8.15."},"INSTALAÇÃO TUBO PVC, SÉRIE N, ESGOTO PREDIAL, 100 MM (INSTALADO RAMAL DESCARGA, RAMAL DE ESGOTO, PRUMADA, VENTILAÇÃO OU SUB-COLETOR AÉREO), INCLUSIVE CONEXÕES E CORTES, FIXAÇÕES","M",{"$f":"IF(RegimeExecucao=\"Global\",\"\",ORÇAMENTO!T107)","v":25},{"$f":"IF(RegimeExecucao=\"Global\",\"\",ORÇAMENTO!W107)","v":54.16},{"$f":"ORÇAMENTO!X107","v":1354},0,0,0,{"$f":"IF($A107=\"S\",VTOTALBM,IF($A107=0,0,ROUND(SomaAgrupBM,15-13*ORÇAMENTO!$AF$11)))","v":{"$error":"#REF!"}},{"$error":"#REF!"},{"$f":"IF($A107=\"S\",VTOTALBM,IF($A107=0,0,ROUND(SomaAgrupBM,15-13*ORÇAMENTO!$AF$11)))","v":{"$error":"#REF!"}},null,null,null,null,{"$error":"#REF!"},{"$error":"#REF!"},{"$error":"#REF!"},{"$f":"IF($Y107>0,CHOOSE(MATCH(RegimeExecucao,{\"Unitário\",\"Global\"},0),IF($A107=\"S\",$Y107/$X107,\"\"),($Y107/$X107)*100),0)","v":{"$error":"#REF!"}},{"$f":"IF($Y107>0,CHOOSE(MATCH(RegimeExecucao,{\"Unitário\",\"Global\"},0),IF($A107=\"S\",ROUND($H107,ORÇAMENTO!$AF$10),\"\"),ROUND($I107,ORÇAMENTO!$AF$11)),\"\")","v":{"$error":"#REF!"}},{"$error":"#REF!"},null,null,null,null,null,null,null,null,null,null,null,null,null,null,null,{"$f":"IF($A107=\"S\",IF(BM!$I107=0,0,CHOOSE(MATCH(RegimeExecucao,{\"Global\",\"Unitário\"},0),ROUND(ROUND(BM.MEDAcumulado,15-13*BM!$A$9)/100*BM!$I107,15-13*ORÇAMENTO!$AF$11),ROUND(ROUND(BM.MEDAcumulado,15-13*BM!$A$9)*ROUND(BM!$H107,15-13*ORÇAMENTO!$AF$10),15-13*ORÇAMENTO!$AF$11))),IF($A107=0,0,ROUND(SomaAgrupBM,15-13*ORÇAMENTO!$AF$11)))","v":0}]
[{"$f":"ORÇAMENTO!C108","v":"S"},{"$f":"ORÇAMENTO!D108","v":0},"F",{"$f":"ORÇAMENTO!O108","v":"1.8.16."},"CAIXA DE GORDURA SIMPLES (CAPACIDADE: 36 L), RETANGULAR, EM ALVENARIA COM TIJOLOS CERÂMICOS MACIÇOS, DIMENSÕES INTERNAS = 0,4X0,4 M, ALTURA INTERNA MÁXIMA = 0,8 M","UN",{"$f":"IF(RegimeExecucao=\"Global\",\"\",ORÇAMENTO!T108)","v":1},{"$f":"IF(RegimeExecucao=\"Global\",\"\",ORÇAMENTO!W108)","v":361.05},{"$f":"ORÇAMENTO!X108","v":361.05},0,0,0,{"$f":"IF($A108=\"S\",VTOTALBM,IF($A108=0,0,ROUND(SomaAgrupBM,15-13*ORÇAMENTO!$AF$11)))","v":{"$error":"#REF!"}},{"$error":"#REF!"},{"$f":"IF($A108=\"S\",VTOTALBM,IF($A108=0,0,ROUND(SomaAgrupBM,15-13*ORÇAMENTO!$AF$11)))","v":{"$error":"#REF!"}},null,null,null,null,{"$error":"#REF!"},{"$error":"#REF!"},{"$error":"#REF!"},{"$f":"IF($Y108>0,CHOOSE(MATCH(RegimeExecucao,{\"Unitário\",\"Global\"},0),IF($A108=\"S\",$Y108/$X108,\"\"),($Y108/$X108)*100),0)","v":{"$error":"#REF!"}},{"$f":"IF($Y108>0,CHOOSE(MATCH(RegimeExecucao,{\"Unitário\",\"Global\"},0),IF($A108=\"S\",ROUND($H108,ORÇAMENTO!$AF$10),\"\"),ROUND($I108,ORÇAMENTO!$AF$11)),\"\")","v":{"$error":"#REF!"}},{"$error":"#REF!"},null,null,null,null,null,null,null,null,null,null,null,null,null,null,null,{"$f":"IF($A108=\"S\",IF(BM!$I108=0,0,CHOOSE(MATCH(RegimeExecucao,{\"Global\",\"Unitário\"},0),ROUND(ROUND(BM.MEDAcumulado,15-13*BM!$A$9)/100*BM!$I108,15-13*ORÇAMENTO!$AF$11),ROUND(ROUND(BM.MEDAcumulado,15-13*BM!$A$9)*ROUND(BM!$H108,15-13*ORÇAMENTO!$AF$10),15-13*ORÇAMENTO!$AF$11))),IF($A108=0,0,ROUND(SomaAgrupBM,15-13*ORÇAMENTO!$AF$11)))","v":0}]
[{"$f":"ORÇAMENTO!C109","v":"S"},{"$f":"ORÇAMENTO!D109","v":0},"F",{"$f":"ORÇAMENTO!O109","v":"1.8.17."},"CAIXA DE INSPEÇÃO EM CONCRETO PRÉ-MOLDADO DN 60 CM COM TAMPA H= 60 CM - FORNECIMENTO E INSTALAÇÃO","UN",{"$f":"IF(RegimeExecucao=\"Global\",\"\",ORÇAMENTO!T109)","v":3},{"$f":"IF(RegimeExecucao=\"Global\",\"\",ORÇAMENTO!W109)","v":240.7},{"$f":"ORÇAMENTO!X109","v":722.1},0,0,0,{"$f":"IF($A109=\"S\",VTOTALBM,IF($A109=0,0,ROUND(SomaAgrupBM,15-13*ORÇAMENTO!$AF$11)))","v":{"$error":"#REF!"}},{"$error":"#REF!"},{"$f":"IF($A109=\"S\",VTOTALBM,IF($A109=0,0,ROUND(SomaAgrupBM,15-13*ORÇAMENTO!$AF$11)))","v":{"$error":"#REF!"}},null,null,null,null,{"$error":"#REF!"},{"$error":"#REF!"},{"$error":"#REF!"},{"$f":"IF($Y109>0,CHOOSE(MATCH(RegimeExecucao,{\"Unitário\",\"Global\"},0),IF($A109=\"S\",$Y109/$X109,\"\"),($Y109/$X109)*100),0)","v":{"$error":"#REF!"}},{"$f":"IF($Y109>0,CHOOSE(MATCH(RegimeExecucao,{\"Unitário\",\"Global\"},0),IF($A109=\"S\",ROUND($H109,ORÇAMENTO!$AF$10),\"\"),ROUND($I109,ORÇAMENTO!$AF$11)),\"\")","v":{"$error":"#REF!"}},{"$error":"#REF!"},null,null,null,null,null,null,null,null,null,null,null,null,null,null,null,{"$f":"IF($A109=\"S\",IF(BM!$I109=0,0,CHOOSE(MATCH(RegimeExecucao,{\"Global\",\"Unitário\"},0),ROUND(ROUND(BM.MEDAcumulado,15-13*BM!$A$9)/100*BM!$I109,15-13*ORÇAMENTO!$AF$11),ROUND(ROUND(BM.MEDAcumulado,15-13*BM!$A$9)*ROUND(BM!$H109,15-13*ORÇAMENTO!$AF$10),15-13*ORÇAMENTO!$AF$11))),IF($A109=0,0,ROUND(SomaAgrupBM,15-13*ORÇAMENTO!$AF$11)))","v":0}]
[{"$f":"ORÇAMENTO!C110","v":"S"},{"$f":"ORÇAMENTO!D110","v":0},{"$f":"IF(OR($I110>0,$A110=1,$A110=2,$A110=3,$A110=4),\"F\",\"\")","v":"F"},{"$f":"ORÇAMENTO!O110","v":"1.8.18."},{"$f":"ORÇAMENTO.Descricao","v":"RALO SECO, PVC, DN 100 X 40 MM, JUNTA SOLDÁVEL, FORNECIDO E INSTALADO EM RAMAL DE DESCARGA OU EM RAMAL DE ESGOTO SANITÁRIO"},{"$f":"IF(RegimeExecucao=\"Global\",\"\",ORÇAMENTO.Unidade)","v":"UN"},{"$f":"IF(RegimeExecucao=\"Global\",\"\",ORÇAMENTO!T110)","v":1},{"$f":"IF(RegimeExecucao=\"Global\",\"\",ORÇAMENTO!W110)","v":9.0299999999999994},{"$f":"ORÇAMENTO!X110","v":9.0299999999999994},{"$f":"IF($A110=\"S\",IF(CAIXA.Modo,BM.AFAnterior,BM.MEDAnterior),IF(AND(RegimeExecucao=\"Global\",$I110>0,COUNTIF($AB$13:$AM$13,BM.medicao-1)>0),M110/$I110*100,0))","v":0},0,{"$f":"IF($A110=\"S\",IF(CAIXA.Modo,BM.AFAcumulado,BM.MEDAcumulado),IF(AND(RegimeExecucao=\"Global\",$I110>0,COUNTIF($AB$13:$AM$13,BM.medicao)>0),O110/$I110*100,0))","v":0},{"$f":"IF($A110=\"S\",VTOTALBM,IF($A110=0,0,ROUND(SomaAgrupBM,15-13*ORÇAMENTO!$AF$11)))","v":{"$error":"#REF!"}},{"$error":"#REF!"},{"$f":"IF($A110=\"S\",VTOTALBM,IF($A110=0,0,ROUND(SomaAgrupBM,15-13*ORÇAMENTO!$AF$11)))","v":{"$error":"#REF!"}},null,null,null,null,{"$f":"IF($W110>0,$D110,\"\")","v":{"$error":"#REF!"}},{"$f":"IF($W110>0,$E110,\"\")","v":{"$error":"#REF!"}},{"$f":"IF(AND($W110>0,RegimeExecucao=\"Unitário\"),$F110,\"\")","v":{"$error":"#REF!"}},{"$f":"IF($Y110>0,CHOOSE(MATCH(RegimeExecucao,{\"Unitário\",\"Global\"},0),IF($A110=\"S\",$Y110/$X110,\"\"),($Y110/$X110)*100),0)","v":{"$error":"#REF!"}},{"$f":"IF($Y110>0,CHOOSE(MATCH(RegimeExecucao,{\"Unitário\",\"Global\"},0),IF($A110=\"S\",ROUND($H110,ORÇAMENTO!$AF$10),\"\"),ROUND($I110,ORÇAMENTO!$AF$11)),\"\")","v":{"$error":"#REF!"}},{"$f":"AO110-O110","v":{"$error":"#REF!"}},null,null,null,null,null,null,null,null,null,null,null,null,null,null,null,{"$f":"IF($A110=\"S\",IF(BM!$I110=0,0,CHOOSE(MATCH(RegimeExecucao,{\"Global\",\"Unitário\"},0),ROUND(ROUND(BM.MEDAcumulado,15-13*BM!$A$9)/100*BM!$I110,15-13*ORÇAMENTO!$AF$11),ROUND(ROUND(BM.MEDAcumulado,15-13*BM!$A$9)*ROUND(BM!$H110,15-13*ORÇAMENTO!$AF$10),15-13*ORÇAMENTO!$AF$11))),IF($A110=0,0,ROUND(SomaAgrupBM,15-13*ORÇAMENTO!$AF$11)))","v":0}]
[{"$f":"ORÇAMENTO!C111","v":"S"},{"$f":"ORÇAMENTO!D111","v":0},"F",{"$f":"ORÇAMENTO!O111","v":"1.8.19."},"CAIXA SIFONADA PVC, 150 X 150 X 50 MM, COM GRELHA QUADRADA BRANCA (NBR 5688)","UN    ",{"$f":"IF(RegimeExecucao=\"Global\",\"\",ORÇAMENTO!T111)","v":1},{"$f":"IF(RegimeExecucao=\"Global\",\"\",ORÇAMENTO!W111)","v":24.07},{"$f":"ORÇAMENTO!X111","v":24.07},0,0,0,{"$f":"IF($A111=\"S\",VTOTALBM,IF($A111=0,0,ROUND(SomaAgrupBM,15-13*ORÇAMENTO!$AF$11)))","v":{"$error":"#REF!"}},{"$error":"#REF!"},{"$f":"IF($A111=\"S\",VTOTALBM,IF($A111=0,0,ROUND(SomaAgrupBM,15-13*ORÇAMENTO!$AF$11)))","v":{"$error":"#REF!"}},null,null,null,null,{"$error":"#REF!"},{"$error":"#REF!"},{"$error":"#REF!"},{"$f":"IF($Y111>0,CHOOSE(MATCH(RegimeExecucao,{\"Unitário\",\"Global\"},0),IF($A111=\"S\",$Y111/$X111,\"\"),($Y111/$X111)*100),0)","v":{"$error":"#REF!"}},{"$f":"IF($Y111>0,CHOOSE(MATCH(RegimeExecucao,{\"Unitário\",\"Global\"},0),IF($A111=\"S\",ROUND($H111,ORÇAMENTO!$AF$10),\"\"),ROUND($I111,ORÇAMENTO!$AF$11)),\"\")","v":{"$error":"#REF!"}},{"$error":"#REF!"},null,null,null,null,null,null,null,null,null,null,null,null,null,null,null,{"$f":"IF($A111=\"S\",IF(BM!$I111=0,0,CHOOSE(MATCH(RegimeExecucao,{\"Global\",\"Unitário\"},0),ROUND(ROUND(BM.MEDAcumulado,15-13*BM!$A$9)/100*BM!$I111,15-13*ORÇAMENTO!$AF$11),ROUND(ROUND(BM.MEDAcumulado,15-13*BM!$A$9)*ROUND(BM!$H111,15-13*ORÇAMENTO!$AF$10),15-13*ORÇAMENTO!$AF$11))),IF($A111=0,0,ROUND(SomaAgrupBM,15-13*ORÇAMENTO!$AF$11)))","v":0}]
[{"$f":"ORÇAMENTO!C112","v":"S"},{"$f":"ORÇAMENTO!D112","v":0},{"$f":"IF(OR($I112>0,$A112=1,$A112=2,$A112=3,$A112=4),\"F\",\"\")","v":"F"},{"$f":"ORÇAMENTO!O112","v":"1.8.20."},{"$f":"ORÇAMENTO.Descricao","v":"TANQUE SÉPTICO CIRCULAR, EM CONCRETO PRÉ-MOLDADO, DIÂMETRO INTERNO = 1,88 M, ALTURA INTERNA = 2,50 M, VOLUME ÚTIL: 6245,8 L (PARA 32 CONTRIBUINTES)"},{"$f":"IF(RegimeExecucao=\"Global\",\"\",ORÇAMENTO.Unidade)","v":"UN"},{"$f":"IF(RegimeExecucao=\"Global\",\"\",ORÇAMENTO!T112)","v":1},{"$f":"IF(RegimeExecucao=\"Global\",\"\",ORÇAMENTO!W112)","v":2647.7},{"$f":"ORÇAMENTO!X112","v":2647.7},{"$f":"IF($A112=\"S\",IF(CAIXA.Modo,BM.AFAnterior,BM.MEDAnterior),IF(AND(RegimeExecucao=\"Global\",$I112>0,COUNTIF($AB$13:$AM$13,BM.medicao-1)>0),M112/$I112*100,0))","v":0},0,{"$f":"IF($A112=\"S\",IF(CAIXA.Modo,BM.AFAcumulado,BM.MEDAcumulado),IF(AND(RegimeExecucao=\"Global\",$I112>0,COUNTIF($AB$13:$AM$13,BM.medicao)>0),O112/$I112*100,0))","v":0},{"$f":"IF($A112=\"S\",VTOTALBM,IF($A112=0,0,ROUND(SomaAgrupBM,15-13*ORÇAMENTO!$AF$11)))","v":{"$error":"#REF!"}},{"$error":"#REF!"},{"$f":"IF($A112=\"S\",VTOTALBM,IF($A112=0,0,ROUND(SomaAgrupBM,15-13*ORÇAMENTO!$AF$11)))","v":{"$error":"#REF!"}},null,null,null,null,{"$f":"IF($W112>0,$D112,\"\")","v":{"$error":"#REF!"}},{"$f":"IF($W112>0,$E112,\"\")","v":{"$error":"#REF!"}},{"$f":"IF(AND($W112>0,RegimeExecucao=\"Unitário\"),$F112,\"\")","v":{"$error":"#REF!"}},{"$f":"IF($Y112>0,CHOOSE(MATCH(RegimeExecucao,{\"Unitário\",\"Global\"},0),IF($A112=\"S\",$Y112/$X112,\"\"),($Y112/$X112)*100),0)","v":{"$error":"#REF!"}},{"$f":"IF($Y112>0,CHOOSE(MATCH(RegimeExecucao,{\"Unitário\",\"Global\"},0),IF($A112=\"S\",ROUND($H112,ORÇAMENTO!$AF$10),\"\"),ROUND($I112,ORÇAMENTO!$AF$11)),\"\")","v":{"$error":"#REF!"}},{"$f":"AO112-O112","v":{"$error":"#REF!"}},null,null,null,null,null,null,null,null,null,null,null,null,null,null,null,{"$f":"IF($A112=\"S\",IF(BM!$I112=0,0,CHOOSE(MATCH(RegimeExecucao,{\"Global\",\"Unitário\"},0),ROUND(ROUND(BM.MEDAcumulado,15-13*BM!$A$9)/100*BM!$I112,15-13*ORÇAMENTO!$AF$11),ROUND(ROUND(BM.MEDAcumulado,15-13*BM!$A$9)*ROUND(BM!$H112,15-13*ORÇAMENTO!$AF$10),15-13*ORÇAMENTO!$AF$11))),IF($A112=0,0,ROUND(SomaAgrupBM,15-13*ORÇAMENTO!$AF$11)))","v":0}]
[{"$f":"ORÇAMENTO!C113","v":"S"},{"$f":"ORÇAMENTO!D113","v":0},{"$f":"IF(OR($I113>0,$A113=1,$A113=2,$A113=3,$A113=4),\"F\",\"\")","v":"F"},{"$f":"ORÇAMENTO!O113","v":"1.8.21."},{"$f":"ORÇAMENTO.Descricao","v":"SUMIDOURO EM ANEL PRÉ MOLDADO FURADO D=2M, H= 2,00 M, INCLUSO ESCAVAÇÃO, REJUNTAMENTO, FUNDO, PREENCHIMENTO EM RACHÃO E TAMPA"},{"$f":"IF(RegimeExecucao=\"Global\",\"\",ORÇAMENTO.Unidade)","v":"UN"},{"$f":"IF(RegimeExecucao=\"Global\",\"\",ORÇAMENTO!T113)","v":1},{"$f":"IF(RegimeExecucao=\"Global\",\"\",ORÇAMENTO!W113)","v":2166.3000000000002},{"$f":"ORÇAMENTO!X113","v":2166.3000000000002},{"$f":"IF($A113=\"S\",IF(CAIXA.Modo,BM.AFAnterior,BM.MEDAnterior),IF(AND(RegimeExecucao=\"Global\",$I113>0,COUNTIF($AB$13:$AM$13,BM.medicao-1)>0),M113/$I113*100,0))","v":0},0,{"$f":"IF($A113=\"S\",IF(CAIXA.Modo,BM.AFAcumulado,BM.MEDAcumulado),IF(AND(RegimeExecucao=\"Global\",$I113>0,COUNTIF($AB$13:$AM$13,BM.medicao)>0),O113/$I113*100,0))","v":0},{"$f":"IF($A113=\"S\",VTOTALBM,IF($A113=0,0,ROUND(SomaAgrupBM,15-13*ORÇAMENTO!$AF$11)))","v":{"$error":"#REF!"}},{"$error":"#REF!"},{"$f":"IF($A113=\"S\",VTOTALBM,IF($A113=0,0,ROUND(SomaAgrupBM,15-13*ORÇAMENTO!$AF$11)))","v":{"$error":"#REF!"}},null,null,null,null,{"$f":"IF($W113>0,$D113,\"\")","v":{"$error":"#REF!"}},{"$f":"IF($W113>0,$E113,\"\")","v":{"$error":"#REF!"}},{"$f":"IF(AND($W113>0,RegimeExecucao=\"Unitário\"),$F113,\"\")","v":{"$error":"#REF!"}},{"$f":"IF($Y113>0,CHOOSE(MATCH(RegimeExecucao,{\"Unitário\",\"Global\"},0),IF($A113=\"S\",$Y113/$X113,\"\"),($Y113/$X113)*100),0)","v":{"$error":"#REF!"}},{"$f":"IF($Y113>0,CHOOSE(MATCH(RegimeExecucao,{\"Unitário\",\"Global\"},0),IF($A113=\"S\",ROUND($H113,ORÇAMENTO!$AF$10),\"\"),ROUND($I113,ORÇAMENTO!$AF$11)),\"\")","v":{"$error":"#REF!"}},{"$f":"AO113-O113","v":{"$error":"#REF!"}},null,null,null,null,null,null,null,null,null,null,null,null,null,null,null,{"$f":"IF($A113=\"S\",IF(BM!$I113=0,0,CHOOSE(MATCH(RegimeExecucao,{\"Global\",\"Unitário\"},0),ROUND(ROUND(BM.MEDAcumulado,15-13*BM!$A$9)/100*BM!$I113,15-13*ORÇAMENTO!$AF$11),ROUND(ROUND(BM.MEDAcumulado,15-13*BM!$A$9)*ROUND(BM!$H113,15-13*ORÇAMENTO!$AF$10),15-13*ORÇAMENTO!$AF$11))),IF($A113=0,0,ROUND(SomaAgrupBM,15-13*ORÇAMENTO!$AF$11)))","v":0}]
[{"$f":"ORÇAMENTO!C114","v":2},{"$f":"ORÇAMENTO!D114","v":21},"F",{"$f":"ORÇAMENTO!O114","v":"1.9."},"INSTALAÇÕES ELÉTRICAS","-",{"$f":"IF(RegimeExecucao=\"Global\",\"\",ORÇAMENTO!T114)","v":0},{"$f":"IF(RegimeExecucao=\"Global\",\"\",ORÇAMENTO!W114)","v":0},{"$f":"ORÇAMENTO!X114","v":17071.47},0,0,0,{"$f":"IF($A114=\"S\",VTOTALBM,IF($A114=0,0,ROUND(SomaAgrupBM,15-13*ORÇAMENTO!$AF$11)))","v":{"$error":"#REF!"}},{"$error":"#REF!"},{"$f":"IF($A114=\"S\",VTOTALBM,IF($A114=0,0,ROUND(SomaAgrupBM,15-13*ORÇAMENTO!$AF$11)))","v":{"$error":"#REF!"}},null,null,null,null,{"$error":"#REF!"},{"$error":"#REF!"},{"$error":"#REF!"},{"$f":"IF($Y114>0,CHOOSE(MATCH(RegimeExecucao,{\"Unitário\",\"Global\"},0),IF($A114=\"S\",$Y114/$X114,\"\"),($Y114/$X114)*100),0)","v":{"$error":"#REF!"}},{"$f":"IF($Y114>0,CHOOSE(MATCH(RegimeExecucao,{\"Unitário\",\"Global\"},0),IF($A114=\"S\",ROUND($H114,ORÇAMENTO!$AF$10),\"\"),ROUND($I114,ORÇAMENTO!$AF$11)),\"\")","v":{"$error":"#REF!"}},{"$error":"#REF!"},null,null,null,null,null,null,null,null,null,null,null,null,null,null,null,{"$f":"IF($A114=\"S\",IF(BM!$I114=0,0,CHOOSE(MATCH(RegimeExecucao,{\"Global\",\"Unitário\"},0),ROUND(ROUND(BM.MEDAcumulado,15-13*BM!$A$9)/100*BM!$I114,15-13*ORÇAMENTO!$AF$11),ROUND(ROUND(BM.MEDAcumulado,15-13*BM!$A$9)*ROUND(BM!$H114,15-13*ORÇAMENTO!$AF$10),15-13*ORÇAMENTO!$AF$11))),IF($A114=0,0,ROUND(SomaAgrupBM,15-13*ORÇAMENTO!$AF$11)))","v":0}]
[{"$f":"ORÇAMENTO!C115","v":"S"},{"$f":"ORÇAMENTO!D115","v":0},{"$f":"IF(OR($I115>0,$A115=1,$A115=2,$A115=3,$A115=4),\"F\",\"\")","v":"F"},{"$f":"ORÇAMENTO!O115","v":"1.9.1."},{"$f":"ORÇAMENTO.Descricao","v":"ENTRADA DE ENERGIA ELÉTRICA POSTE PADRÃO CELESC"},{"$f":"IF(RegimeExecucao=\"Global\",\"\",ORÇAMENTO.Unidade)","v":"UN "},{"$f":"IF(RegimeExecucao=\"Global\",\"\",ORÇAMENTO!T115)","v":1},{"$f":"IF(RegimeExecucao=\"Global\",\"\",ORÇAMENTO!W115)","v":2166.3000000000002},{"$f":"ORÇAMENTO!X115","v":2166.3000000000002},{"$f":"IF($A115=\"S\",IF(CAIXA.Modo,BM.AFAnterior,BM.MEDAnterior),IF(AND(RegimeExecucao=\"Global\",$I115>0,COUNTIF($AB$13:$AM$13,BM.medicao-1)>0),M115/$I115*100,0))","v":0},0,{"$f":"IF($A115=\"S\",IF(CAIXA.Modo,BM.AFAcumulado,BM.MEDAcumulado),IF(AND(RegimeExecucao=\"Global\",$I115>0,COUNTIF($AB$13:$AM$13,BM.medicao)>0),O115/$I115*100,0))","v":0},{"$f":"IF($A115=\"S\",VTOTALBM,IF($A115=0,0,ROUND(SomaAgrupBM,15-13*ORÇAMENTO!$AF$11)))","v":{"$error":"#REF!"}},{"$error":"#REF!"},{"$f":"IF($A115=\"S\",VTOTALBM,IF($A115=0,0,ROUND(SomaAgrupBM,15-13*ORÇAMENTO!$AF$11)))","v":{"$error":"#REF!"}},null,null,null,null,{"$f":"IF($W115>0,$D115,\"\")","v":{"$error":"#REF!"}},{"$f":"IF($W115>0,$E115,\"\")","v":{"$error":"#REF!"}},{"$f":"IF(AND($W115>0,RegimeExecucao=\"Unitário\"),$F115,\"\")","v":{"$error":"#REF!"}},{"$f":"IF($Y115>0,CHOOSE(MATCH(RegimeExecucao,{\"Unitário\",\"Global\"},0),IF($A115=\"S\",$Y115/$X115,\"\"),($Y115/$X115)*100),0)","v":{"$error":"#REF!"}},{"$f":"IF($Y115>0,CHOOSE(MATCH(RegimeExecucao,{\"Unitário\",\"Global\"},0),IF($A115=\"S\",ROUND($H115,ORÇAMENTO!$AF$10),\"\"),ROUND($I115,ORÇAMENTO!$AF$11)),\"\")","v":{"$error":"#REF!"}},{"$f":"AO115-O115","v":{"$error":"#REF!"}},null,null,null,null,null,null,null,null,null,null,null,null,null,null,null,{"$f":"IF($A115=\"S\",IF(BM!$I115=0,0,CHOOSE(MATCH(RegimeExecucao,{\"Global\",\"Unitário\"},0),ROUND(ROUND(BM.MEDAcumulado,15-13*BM!$A$9)/100*BM!$I115,15-13*ORÇAMENTO!$AF$11),ROUND(ROUND(BM.MEDAcumulado,15-13*BM!$A$9)*ROUND(BM!$H115,15-13*ORÇAMENTO!$AF$10),15-13*ORÇAMENTO!$AF$11))),IF($A115=0,0,ROUND(SomaAgrupBM,15-13*ORÇAMENTO!$AF$11)))","v":0}]
[{"$f":"ORÇAMENTO!C116","v":"S"},{"$f":"ORÇAMENTO!D116","v":0},{"$f":"IF(OR($I116>0,$A116=1,$A116=2,$A116=3,$A116=4),\"F\",\"\")","v":"F"},{"$f":"ORÇAMENTO!O116","v":"1.9.2."},{"$f":"ORÇAMENTO.Descricao","v":"CAIXA DE PASSAGEM/ LUZ / TELEFONIA, DE EMBUTIR,  EM CHAPA DE ACO GALVANIZADO, DIMENSOES 40 X 40 X *12* CM (PADRAO CONCESSIONARIA LOCAL)"},{"$f":"IF(RegimeExecucao=\"Global\",\"\",ORÇAMENTO.Unidade)","v":"UN    "},{"$f":"IF(RegimeExecucao=\"Global\",\"\",ORÇAMENTO!T116)","v":1},{"$f":"IF(RegimeExecucao=\"Global\",\"\",ORÇAMENTO!W116)","v":90.26},{"$f":"ORÇAMENTO!X116","v":90.26},{"$f":"IF($A116=\"S\",IF(CAIXA.Modo,BM.AFAnterior,BM.MEDAnterior),IF(AND(RegimeExecucao=\"Global\",$I116>0,COUNTIF($AB$13:$AM$13,BM.medicao-1)>0),M116/$I116*100,0))","v":0},0,{"$f":"IF($A116=\"S\",IF(CAIXA.Modo,BM.AFAcumulado,BM.MEDAcumulado),IF(AND(RegimeExecucao=\"Global\",$I116>0,COUNTIF($AB$13:$AM$13,BM.medicao)>0),O116/$I116*100,0))","v":0},{"$f":"IF($A116=\"S\",VTOTALBM,IF($A116=0,0,ROUND(SomaAgrupBM,15-13*ORÇAMENTO!$AF$11)))","v":{"$error":"#REF!"}},{"$error":"#REF!"},{"$f":"IF($A116=\"S\",VTOTALBM,IF($A116=0,0,ROUND(SomaAgrupBM,15-13*ORÇAMENTO!$AF$11)))","v":{"$error":"#REF!"}},null,null,null,null,{"$f":"IF($W116>0,$D116,\"\")","v":{"$error":"#REF!"}},{"$f":"IF($W116>0,$E116,\"\")","v":{"$error":"#REF!"}},{"$f":"IF(AND($W116>0,RegimeExecucao=\"Unitário\"),$F116,\"\")","v":{"$error":"#REF!"}},{"$f":"IF($Y116>0,CHOOSE(MATCH(RegimeExecucao,{\"Unitário\",\"Global\"},0),IF($A116=\"S\",$Y116/$X116,\"\"),($Y116/$X116)*100),0)","v":{"$error":"#REF!"}},{"$f":"IF($Y116>0,CHOOSE(MATCH(RegimeExecucao,{\"Unitário\",\"Global\"},0),IF($A116=\"S\",ROUND($H116,ORÇAMENTO!$AF$10),\"\"),ROUND($I116,ORÇAMENTO!$AF$11)),\"\")","v":{"$error":"#REF!"}},{"$f":"AO116-O116","v":{"$error":"#REF!"}},null,null,null,null,null,null,null,null,null,null,null,null,null,null,null,{"$f":"IF($A116=\"S\",IF(BM!$I116=0,0,CHOOSE(MATCH(RegimeExecucao,{\"Global\",\"Unitário\"},0),ROUND(ROUND(BM.MEDAcumulado,15-13*BM!$A$9)/100*BM!$I116,15-13*ORÇAMENTO!$AF$11),ROUND(ROUND(BM.MEDAcumulado,15-13*BM!$A$9)*ROUND(BM!$H116,15-13*ORÇAMENTO!$AF$10),15-13*ORÇAMENTO!$AF$11))),IF($A116=0,0,ROUND(SomaAgrupBM,15-13*ORÇAMENTO!$AF$11)))","v":0}]
[{"$f":"ORÇAMENTO!C117","v":"S"},{"$f":"ORÇAMENTO!D117","v":0},{"$f":"IF(OR($I117>0,$A117=1,$A117=2,$A117=3,$A117=4),\"F\",\"\")","v":"F"},{"$f":"ORÇAMENTO!O117","v":"1.9.3."},{"$f":"ORÇAMENTO.Descricao","v":"CAIXA DE PROTECAO EXTERNA PARA MEDIDOR HOROSAZONAL, DE BAIXA TENSAO, COM MODULO, EM CHAPA DE ACO (PADRAO DA CONCESSIONARIA LOCAL)"},{"$f":"IF(RegimeExecucao=\"Global\",\"\",ORÇAMENTO.Unidade)","v":"UN    "},{"$f":"IF(RegimeExecucao=\"Global\",\"\",ORÇAMENTO!T117)","v":1},{"$f":"IF(RegimeExecucao=\"Global\",\"\",ORÇAMENTO!W117)","v":1684.9},{"$f":"ORÇAMENTO!X117","v":1684.9},{"$f":"IF($A117=\"S\",IF(CAIXA.Modo,BM.AFAnterior,BM.MEDAnterior),IF(AND(RegimeExecucao=\"Global\",$I117>0,COUNTIF($AB$13:$AM$13,BM.medicao-1)>0),M117/$I117*100,0))","v":0},0,{"$f":"IF($A117=\"S\",IF(CAIXA.Modo,BM.AFAcumulado,BM.MEDAcumulado),IF(AND(RegimeExecucao=\"Global\",$I117>0,COUNTIF($AB$13:$AM$13,BM.medicao)>0),O117/$I117*100,0))","v":0},{"$f":"IF($A117=\"S\",VTOTALBM,IF($A117=0,0,ROUND(SomaAgrupBM,15-13*ORÇAMENTO!$AF$11)))","v":{"$error":"#REF!"}},{"$error":"#REF!"},{"$f":"IF($A117=\"S\",VTOTALBM,IF($A117=0,0,ROUND(SomaAgrupBM,15-13*ORÇAMENTO!$AF$11)))","v":{"$error":"#REF!"}},null,null,null,null,{"$f":"IF($W117>0,$D117,\"\")","v":{"$error":"#REF!"}},{"$f":"IF($W117>0,$E117,\"\")","v":{"$error":"#REF!"}},{"$f":"IF(AND($W117>0,RegimeExecucao=\"Unitário\"),$F117,\"\")","v":{"$error":"#REF!"}},{"$f":"IF($Y117>0,CHOOSE(MATCH(RegimeExecucao,{\"Unitário\",\"Global\"},0),IF($A117=\"S\",$Y117/$X117,\"\"),($Y117/$X117)*100),0)","v":{"$error":"#REF!"}},{"$f":"IF($Y117>0,CHOOSE(MATCH(RegimeExecucao,{\"Unitário\",\"Global\"},0),IF($A117=\"S\",ROUND($H117,ORÇAMENTO!$AF$10),\"\"),ROUND($I117,ORÇAMENTO!$AF$11)),\"\")","v":{"$error":"#REF!"}},{"$f":"AO117-O117","v":{"$error":"#REF!"}},null,null,null,null,null,null,null,null,null,null,null,null,null,null,null,{"$f":"IF($A117=\"S\",IF(BM!$I117=0,0,CHOOSE(MATCH(RegimeExecucao,{\"Global\",\"Unitário\"},0),ROUND(ROUND(BM.MEDAcumulado,15-13*BM!$A$9)/100*BM!$I117,15-13*ORÇAMENTO!$AF$11),ROUND(ROUND(BM.MEDAcumulado,15-13*BM!$A$9)*ROUND(BM!$H117,15-13*ORÇAMENTO!$AF$10),15-13*ORÇAMENTO!$AF$11))),IF($A117=0,0,ROUND(SomaAgrupBM,15-13*ORÇAMENTO!$AF$11)))","v":0}]
[{"$f":"ORÇAMENTO!C118","v":"S"},{"$f":"ORÇAMENTO!D118","v":0},"F",{"$f":"ORÇAMENTO!O118","v":"1.9.4."},"QUADRO DE DISTRIBUIÇÃO DE ENERGIA DE EMBUTIR, EM CHAPA METÁLICA, PARA 24 DISJUNTORES TERMOMAGNÉTICOS MONOPOLARES, COM BARRAMENTO TRIFÁSICO E NEUTRO, FORNECIMENTO E INSTALAÇÃO","UN",{"$f":"IF(RegimeExecucao=\"Global\",\"\",ORÇAMENTO!T118)","v":1},{"$f":"IF(RegimeExecucao=\"Global\",\"\",ORÇAMENTO!W118)","v":481.4},{"$f":"ORÇAMENTO!X118","v":481.4},0,0,0,{"$f":"IF($A118=\"S\",VTOTALBM,IF($A118=0,0,ROUND(SomaAgrupBM,15-13*ORÇAMENTO!$AF$11)))","v":{"$error":"#REF!"}},{"$error":"#REF!"},{"$f":"IF($A118=\"S\",VTOTALBM,IF($A118=0,0,ROUND(SomaAgrupBM,15-13*ORÇAMENTO!$AF$11)))","v":{"$error":"#REF!"}},null,null,null,null,{"$error":"#REF!"},{"$error":"#REF!"},{"$error":"#REF!"},{"$f":"IF($Y118>0,CHOOSE(MATCH(RegimeExecucao,{\"Unitário\",\"Global\"},0),IF($A118=\"S\",$Y118/$X118,\"\"),($Y118/$X118)*100),0)","v":{"$error":"#REF!"}},{"$f":"IF($Y118>0,CHOOSE(MATCH(RegimeExecucao,{\"Unitário\",\"Global\"},0),IF($A118=\"S\",ROUND($H118,ORÇAMENTO!$AF$10),\"\"),ROUND($I118,ORÇAMENTO!$AF$11)),\"\")","v":{"$error":"#REF!"}},{"$error":"#REF!"},null,null,null,null,null,null,null,null,null,null,null,null,null,null,null,{"$f":"IF($A118=\"S\",IF(BM!$I118=0,0,CHOOSE(MATCH(RegimeExecucao,{\"Global\",\"Unitário\"},0),ROUND(ROUND(BM.MEDAcumulado,15-13*BM!$A$9)/100*BM!$I118,15-13*ORÇAMENTO!$AF$11),ROUND(ROUND(BM.MEDAcumulado,15-13*BM!$A$9)*ROUND(BM!$H118,15-13*ORÇAMENTO!$AF$10),15-13*ORÇAMENTO!$AF$11))),IF($A118=0,0,ROUND(SomaAgrupBM,15-13*ORÇAMENTO!$AF$11)))","v":0}]
[{"$f":"ORÇAMENTO!C119","v":"S"},{"$f":"ORÇAMENTO!D119","v":0},"F",{"$f":"ORÇAMENTO!O119","v":"1.9.5."},"DISJUNTOR TERMOMAGNÉTICO TRIPOLAR PADRÃO NEMA (AMERICANO) 60 A 100A, 240 V, FORNECIMENTO E INSTALAÇÃO","UN",{"$f":"IF(RegimeExecucao=\"Global\",\"\",ORÇAMENTO!T119)","v":1},{"$f":"IF(RegimeExecucao=\"Global\",\"\",ORÇAMENTO!W119)","v":132.38999999999999},{"$f":"ORÇAMENTO!X119","v":132.38999999999999},0,0,0,{"$f":"IF($A119=\"S\",VTOTALBM,IF($A119=0,0,ROUND(SomaAgrupBM,15-13*ORÇAMENTO!$AF$11)))","v":{"$error":"#REF!"}},{"$error":"#REF!"},{"$f":"IF($A119=\"S\",VTOTALBM,IF($A119=0,0,ROUND(SomaAgrupBM,15-13*ORÇAMENTO!$AF$11)))","v":{"$error":"#REF!"}},null,null,null,null,{"$error":"#REF!"},{"$error":"#REF!"},{"$error":"#REF!"},{"$f":"IF($Y119>0,CHOOSE(MATCH(RegimeExecucao,{\"Unitário\",\"Global\"},0),IF($A119=\"S\",$Y119/$X119,\"\"),($Y119/$X119)*100),0)","v":{"$error":"#REF!"}},{"$f":"IF($Y119>0,CHOOSE(MATCH(RegimeExecucao,{\"Unitário\",\"Global\"},0),IF($A119=\"S\",ROUND($H119,ORÇAMENTO!$AF$10),\"\"),ROUND($I119,ORÇAMENTO!$AF$11)),\"\")","v":{"$error":"#REF!"}},{"$error":"#REF!"},null,null,null,null,null,null,null,null,null,null,null,null,null,null,null,{"$f":"IF($A119=\"S\",IF(BM!$I119=0,0,CHOOSE(MATCH(RegimeExecucao,{\"Global\",\"Unitário\"},0),ROUND(ROUND(BM.MEDAcumulado,15-13*BM!$A$9)/100*BM!$I119,15-13*ORÇAMENTO!$AF$11),ROUND(ROUND(BM.MEDAcumulado,15-13*BM!$A$9)*ROUND(BM!$H119,15-13*ORÇAMENTO!$AF$10),15-13*ORÇAMENTO!$AF$11))),IF($A119=0,0,ROUND(SomaAgrupBM,15-13*ORÇAMENTO!$AF$11)))","v":0}]
[{"$f":"ORÇAMENTO!C120","v":"S"},{"$f":"ORÇAMENTO!D120","v":0},{"$f":"IF(OR($I120>0,$A120=1,$A120=2,$A120=3,$A120=4),\"F\",\"\")","v":"F"},{"$f":"ORÇAMENTO!O120","v":"1.9.6."},{"$f":"ORÇAMENTO.Descricao","v":"DISJUNTOR TRIPOLAR TIPO DIN, CORRENTE NOMINAL DE 16A - FORNECIMENTO E INSTALAÇÃO. AF_04/2016"},{"$f":"IF(RegimeExecucao=\"Global\",\"\",ORÇAMENTO.Unidade)","v":"UN"},{"$f":"IF(RegimeExecucao=\"Global\",\"\",ORÇAMENTO!T120)","v":2},{"$f":"IF(RegimeExecucao=\"Global\",\"\",ORÇAMENTO!W120)","v":72.209999999999994},{"$f":"ORÇAMENTO!X120","v":144.41999999999999},{"$f":"IF($A120=\"S\",IF(CAIXA.Modo,BM.AFAnterior,BM.MEDAnterior),IF(AND(RegimeExecucao=\"Global\",$I120>0,COUNTIF($AB$13:$AM$13,BM.medicao-1)>0),M120/$I120*100,0))","v":0},0,{"$f":"IF($A120=\"S\",IF(CAIXA.Modo,BM.AFAcumulado,BM.MEDAcumulado),IF(AND(RegimeExecucao=\"Global\",$I120>0,COUNTIF($AB$13:$AM$13,BM.medicao)>0),O120/$I120*100,0))","v":0},{"$f":"IF($A120=\"S\",VTOTALBM,IF($A120=0,0,ROUND(SomaAgrupBM,15-13*ORÇAMENTO!$AF$11)))","v":{"$error":"#REF!"}},{"$error":"#REF!"},{"$f":"IF($A120=\"S\",VTOTALBM,IF($A120=0,0,ROUND(SomaAgrupBM,15-13*ORÇAMENTO!$AF$11)))","v":{"$error":"#REF!"}},null,null,null,null,{"$f":"IF($W120>0,$D120,\"\")","v":{"$error":"#REF!"}},{"$f":"IF($W120>0,$E120,\"\")","v":{"$error":"#REF!"}},{"$f":"IF(AND($W120>0,RegimeExecucao=\"Unitário\"),$F120,\"\")","v":{"$error":"#REF!"}},{"$f":"IF($Y120>0,CHOOSE(MATCH(RegimeExecucao,{\"Unitário\",\"Global\"},0),IF($A120=\"S\",$Y120/$X120,\"\"),($Y120/$X120)*100),0)","v":{"$error":"#REF!"}},{"$f":"IF($Y120>0,CHOOSE(MATCH(RegimeExecucao,{\"Unitário\",\"Global\"},0),IF($A120=\"S\",ROUND($H120,ORÇAMENTO!$AF$10),\"\"),ROUND($I120,ORÇAMENTO!$AF$11)),\"\")","v":{"$error":"#REF!"}},{"$f":"AO120-O120","v":{"$error":"#REF!"}},null,null,null,null,null,null,null,null,null,null,null,null,null,null,null,{"$f":"IF($A120=\"S\",IF(BM!$I120=0,0,CHOOSE(MATCH(RegimeExecucao,{\"Global\",\"Unitário\"},0),ROUND(ROUND(BM.MEDAcumulado,15-13*BM!$A$9)/100*BM!$I120,15-13*ORÇAMENTO!$AF$11),ROUND(ROUND(BM.MEDAcumulado,15-13*BM!$A$9)*ROUND(BM!$H120,15-13*ORÇAMENTO!$AF$10),15-13*ORÇAMENTO!$AF$11))),IF($A120=0,0,ROUND(SomaAgrupBM,15-13*ORÇAMENTO!$AF$11)))","v":0}]
[{"$f":"ORÇAMENTO!C121","v":"S"},{"$f":"ORÇAMENTO!D121","v":0},{"$f":"IF(OR($I121>0,$A121=1,$A121=2,$A121=3,$A121=4),\"F\",\"\")","v":"F"},{"$f":"ORÇAMENTO!O121","v":"1.9.7."},{"$f":"ORÇAMENTO.Descricao","v":"DISJUNTOR TRIPOLAR TIPO DIN, CORRENTE NOMINAL DE 40A - FORNECIMENTO E INSTALAÇÃO"},{"$f":"IF(RegimeExecucao=\"Global\",\"\",ORÇAMENTO.Unidade)","v":"UN"},{"$f":"IF(RegimeExecucao=\"Global\",\"\",ORÇAMENTO!T121)","v":1},{"$f":"IF(RegimeExecucao=\"Global\",\"\",ORÇAMENTO!W121)","v":90.26},{"$f":"ORÇAMENTO!X121","v":90.26},{"$f":"IF($A121=\"S\",IF(CAIXA.Modo,BM.AFAnterior,BM.MEDAnterior),IF(AND(RegimeExecucao=\"Global\",$I121>0,COUNTIF($AB$13:$AM$13,BM.medicao-1)>0),M121/$I121*100,0))","v":0},0,{"$f":"IF($A121=\"S\",IF(CAIXA.Modo,BM.AFAcumulado,BM.MEDAcumulado),IF(AND(RegimeExecucao=\"Global\",$I121>0,COUNTIF($AB$13:$AM$13,BM.medicao)>0),O121/$I121*100,0))","v":0},{"$f":"IF($A121=\"S\",VTOTALBM,IF($A121=0,0,ROUND(SomaAgrupBM,15-13*ORÇAMENTO!$AF$11)))","v":{"$error":"#REF!"}},{"$error":"#REF!"},{"$f":"IF($A121=\"S\",VTOTALBM,IF($A121=0,0,ROUND(SomaAgrupBM,15-13*ORÇAMENTO!$AF$11)))","v":{"$error":"#REF!"}},null,null,null,null,{"$f":"IF($W121>0,$D121,\"\")","v":{"$error":"#REF!"}},{"$f":"IF($W121>0,$E121,\"\")","v":{"$error":"#REF!"}},{"$f":"IF(AND($W121>0,RegimeExecucao=\"Unitário\"),$F121,\"\")","v":{"$error":"#REF!"}},{"$f":"IF($Y121>0,CHOOSE(MATCH(RegimeExecucao,{\"Unitário\",\"Global\"},0),IF($A121=\"S\",$Y121/$X121,\"\"),($Y121/$X121)*100),0)","v":{"$error":"#REF!"}},{"$f":"IF($Y121>0,CHOOSE(MATCH(RegimeExecucao,{\"Unitário\",\"Global\"},0),IF($A121=\"S\",ROUND($H121,ORÇAMENTO!$AF$10),\"\"),ROUND($I121,ORÇAMENTO!$AF$11)),\"\")","v":{"$error":"#REF!"}},{"$f":"AO121-O121","v":{"$error":"#REF!"}},null,null,null,null,null,null,null,null,null,null,null,null,null,null,null,{"$f":"IF($A121=\"S\",IF(BM!$I121=0,0,CHOOSE(MATCH(RegimeExecucao,{\"Global\",\"Unitário\"},0),ROUND(ROUND(BM.MEDAcumulado,15-13*BM!$A$9)/100*BM!$I121,15-13*ORÇAMENTO!$AF$11),ROUND(ROUND(BM.MEDAcumulado,15-13*BM!$A$9)*ROUND(BM!$H121,15-13*ORÇAMENTO!$AF$10),15-13*ORÇAMENTO!$AF$11))),IF($A121=0,0,ROUND(SomaAgrupBM,15-13*ORÇAMENTO!$AF$11)))","v":0}]
[{"$f":"ORÇAMENTO!C122","v":"S"},{"$f":"ORÇAMENTO!D122","v":0},{"$f":"IF(OR($I122>0,$A122=1,$A122=2,$A122=3,$A122=4),\"F\",\"\")","v":"F"},{"$f":"ORÇAMENTO!O122","v":"1.9.8."},{"$f":"ORÇAMENTO.Descricao","v":"DISJUNTOR MONOPOLAR TIPO DIN, CORRENTE NOMINAL DE 10A - FORNECIMENTO E INSTALAÇÃO"},{"$f":"IF(RegimeExecucao=\"Global\",\"\",ORÇAMENTO.Unidade)","v":"UN"},{"$f":"IF(RegimeExecucao=\"Global\",\"\",ORÇAMENTO!T122)","v":9},{"$f":"IF(RegimeExecucao=\"Global\",\"\",ORÇAMENTO!W122)","v":12.04},{"$f":"ORÇAMENTO!X122","v":108.36},{"$f":"IF($A122=\"S\",IF(CAIXA.Modo,BM.AFAnterior,BM.MEDAnterior),IF(AND(RegimeExecucao=\"Global\",$I122>0,COUNTIF($AB$13:$AM$13,BM.medicao-1)>0),M122/$I122*100,0))","v":0},0,{"$f":"IF($A122=\"S\",IF(CAIXA.Modo,BM.AFAcumulado,BM.MEDAcumulado),IF(AND(RegimeExecucao=\"Global\",$I122>0,COUNTIF($AB$13:$AM$13,BM.medicao)>0),O122/$I122*100,0))","v":0},{"$f":"IF($A122=\"S\",VTOTALBM,IF($A122=0,0,ROUND(SomaAgrupBM,15-13*ORÇAMENTO!$AF$11)))","v":{"$error":"#REF!"}},{"$error":"#REF!"},{"$f":"IF($A122=\"S\",VTOTALBM,IF($A122=0,0,ROUND(SomaAgrupBM,15-13*ORÇAMENTO!$AF$11)))","v":{"$error":"#REF!"}},null,null,null,null,{"$f":"IF($W122>0,$D122,\"\")","v":{"$error":"#REF!"}},{"$f":"IF($W122>0,$E122,\"\")","v":{"$error":"#REF!"}},{"$f":"IF(AND($W122>0,RegimeExecucao=\"Unitário\"),$F122,\"\")","v":{"$error":"#REF!"}},{"$f":"IF($Y122>0,CHOOSE(MATCH(RegimeExecucao,{\"Unitário\",\"Global\"},0),IF($A122=\"S\",$Y122/$X122,\"\"),($Y122/$X122)*100),0)","v":{"$error":"#REF!"}},{"$f":"IF($Y122>0,CHOOSE(MATCH(RegimeExecucao,{\"Unitário\",\"Global\"},0),IF($A122=\"S\",ROUND($H122,ORÇAMENTO!$AF$10),\"\"),ROUND($I122,ORÇAMENTO!$AF$11)),\"\")","v":{"$error":"#REF!"}},{"$f":"AO122-O122","v":{"$error":"#REF!"}},null,null,null,null,null,null,null,null,null,null,null,null,null,null,null,{"$f":"IF($A122=\"S\",IF(BM!$I122=0,0,CHOOSE(MATCH(RegimeExecucao,{\"Global\",\"Unitário\"},0),ROUND(ROUND(BM.MEDAcumulado,15-13*BM!$A$9)/100*BM!$I122,15-13*ORÇAMENTO!$AF$11),ROUND(ROUND(BM.MEDAcumulado,15-13*BM!$A$9)*ROUND(BM!$H122,15-13*ORÇAMENTO!$AF$10),15-13*ORÇAMENTO!$AF$11))),IF($A122=0,0,ROUND(SomaAgrupBM,15-13*ORÇAMENTO!$AF$11)))","v":0}]
[{"$f":"ORÇAMENTO!C123","v":"S"},{"$f":"ORÇAMENTO!D123","v":0},"F",{"$f":"ORÇAMENTO!O123","v":"1.9.9."},"PONTO DE ILUMINAÇÃO RESIDENCIAL INCLUINDO INTERRUPTOR SIMPLES, CAIXA ELÉTRICA, ELETRODUTO, CABO, RASGO, QUEBRA E CHUMBAMENTO (EXCLUINDO LUMINÁRIA E LÂMPADA)","UN",{"$f":"IF(RegimeExecucao=\"Global\",\"\",ORÇAMENTO!T123)","v":26},{"$f":"IF(RegimeExecucao=\"Global\",\"\",ORÇAMENTO!W123)","v":120.35},{"$f":"ORÇAMENTO!X123","v":3129.1},0,0,0,{"$f":"IF($A123=\"S\",VTOTALBM,IF($A123=0,0,ROUND(SomaAgrupBM,15-13*ORÇAMENTO!$AF$11)))","v":{"$error":"#REF!"}},{"$error":"#REF!"},{"$f":"IF($A123=\"S\",VTOTALBM,IF($A123=0,0,ROUND(SomaAgrupBM,15-13*ORÇAMENTO!$AF$11)))","v":{"$error":"#REF!"}},null,null,null,null,{"$error":"#REF!"},{"$error":"#REF!"},{"$error":"#REF!"},{"$f":"IF($Y123>0,CHOOSE(MATCH(RegimeExecucao,{\"Unitário\",\"Global\"},0),IF($A123=\"S\",$Y123/$X123,\"\"),($Y123/$X123)*100),0)","v":{"$error":"#REF!"}},{"$f":"IF($Y123>0,CHOOSE(MATCH(RegimeExecucao,{\"Unitário\",\"Global\"},0),IF($A123=\"S\",ROUND($H123,ORÇAMENTO!$AF$10),\"\"),ROUND($I123,ORÇAMENTO!$AF$11)),\"\")","v":{"$error":"#REF!"}},{"$error":"#REF!"},null,null,null,null,null,null,null,null,null,null,null,null,null,null,null,{"$f":"IF($A123=\"S\",IF(BM!$I123=0,0,CHOOSE(MATCH(RegimeExecucao,{\"Global\",\"Unitário\"},0),ROUND(ROUND(BM.MEDAcumulado,15-13*BM!$A$9)/100*BM!$I123,15-13*ORÇAMENTO!$AF$11),ROUND(ROUND(BM.MEDAcumulado,15-13*BM!$A$9)*ROUND(BM!$H123,15-13*ORÇAMENTO!$AF$10),15-13*ORÇAMENTO!$AF$11))),IF($A123=0,0,ROUND(SomaAgrupBM,15-13*ORÇAMENTO!$AF$11)))","v":0}]
[{"$f":"ORÇAMENTO!C124","v":"S"},{"$f":"ORÇAMENTO!D124","v":0},{"$f":"IF(OR($I124>0,$A124=1,$A124=2,$A124=3,$A124=4),\"F\",\"\")","v":"F"},{"$f":"ORÇAMENTO!O124","v":"1.9.10."},{"$f":"ORÇAMENTO.Descricao","v":"PONTO DE ILUMINAÇÃO E TOMADA, RESIDENCIAL, INCLUINDO INTERRUPTOR SIMPLES E TOMADA 10A/250V, CAIXA ELÉTRICA, ELETRODUTO, CABO, RASGO, QUEBRA E CHUMBAMENTO (EXCLUINDO LUMINÁRIA E LÂMPADA)"},{"$f":"IF(RegimeExecucao=\"Global\",\"\",ORÇAMENTO.Unidade)","v":"UN"},{"$f":"IF(RegimeExecucao=\"Global\",\"\",ORÇAMENTO!T124)","v":7},{"$f":"IF(RegimeExecucao=\"Global\",\"\",ORÇAMENTO!W124)","v":180.53},{"$f":"ORÇAMENTO!X124","v":1263.71},{"$f":"IF($A124=\"S\",IF(CAIXA.Modo,BM.AFAnterior,BM.MEDAnterior),IF(AND(RegimeExecucao=\"Global\",$I124>0,COUNTIF($AB$13:$AM$13,BM.medicao-1)>0),M124/$I124*100,0))","v":0},0,{"$f":"IF($A124=\"S\",IF(CAIXA.Modo,BM.AFAcumulado,BM.MEDAcumulado),IF(AND(RegimeExecucao=\"Global\",$I124>0,COUNTIF($AB$13:$AM$13,BM.medicao)>0),O124/$I124*100,0))","v":0},{"$f":"IF($A124=\"S\",VTOTALBM,IF($A124=0,0,ROUND(SomaAgrupBM,15-13*ORÇAMENTO!$AF$11)))","v":{"$error":"#REF!"}},{"$error":"#REF!"},{"$f":"IF($A124=\"S\",VTOTALBM,IF($A124=0,0,ROUND(SomaAgrupBM,15-13*ORÇAMENTO!$AF$11)))","v":{"$error":"#REF!"}},null,null,null,null,{"$f":"IF($W124>0,$D124,\"\")","v":{"$error":"#REF!"}},{"$f":"IF($W124>0,$E124,\"\")","v":{"$error":"#REF!"}},{"$f":"IF(AND($W124>0,RegimeExecucao=\"Unitário\"),$F124,\"\")","v":{"$error":"#REF!"}},{"$f":"IF($Y124>0,CHOOSE(MATCH(RegimeExecucao,{\"Unitário\",\"Global\"},0),IF($A124=\"S\",$Y124/$X124,\"\"),($Y124/$X124)*100),0)","v":{"$error":"#REF!"}},{"$f":"IF($Y124>0,CHOOSE(MATCH(RegimeExecucao,{\"Unitário\",\"Global\"},0),IF($A124=\"S\",ROUND($H124,ORÇAMENTO!$AF$10),\"\"),ROUND($I124,ORÇAMENTO!$AF$11)),\"\")","v":{"$error":"#REF!"}},{"$f":"AO124-O124","v":{"$error":"#REF!"}},null,null,null,null,null,null,null,null,null,null,null,null,null,null,null,{"$f":"IF($A124=\"S\",IF(BM!$I124=0,0,CHOOSE(MATCH(RegimeExecucao,{\"Global\",\"Unitário\"},0),ROUND(ROUND(BM.MEDAcumulado,15-13*BM!$A$9)/100*BM!$I124,15-13*ORÇAMENTO!$AF$11),ROUND(ROUND(BM.MEDAcumulado,15-13*BM!$A$9)*ROUND(BM!$H124,15-13*ORÇAMENTO!$AF$10),15-13*ORÇAMENTO!$AF$11))),IF($A124=0,0,ROUND(SomaAgrupBM,15-13*ORÇAMENTO!$AF$11)))","v":0}]
[{"$f":"ORÇAMENTO!C125","v":"S"},{"$f":"ORÇAMENTO!D125","v":0},"F",{"$f":"ORÇAMENTO!O125","v":"1.9.11."},"PONTO DE TOMADA RESIDENCIAL INCLUINDO TOMADA 10A/250V, CAIXA ELÉTRICA, ELETRODUTO, CABO, RASGO, QUEBRA E CHUMBAMENTO","UN",{"$f":"IF(RegimeExecucao=\"Global\",\"\",ORÇAMENTO!T125)","v":18},{"$f":"IF(RegimeExecucao=\"Global\",\"\",ORÇAMENTO!W125)","v":162.47},{"$f":"ORÇAMENTO!X125","v":2924.46},0,0,0,{"$f":"IF($A125=\"S\",VTOTALBM,IF($A125=0,0,ROUND(SomaAgrupBM,15-13*ORÇAMENTO!$AF$11)))","v":{"$error":"#REF!"}},{"$error":"#REF!"},{"$f":"IF($A125=\"S\",VTOTALBM,IF($A125=0,0,ROUND(SomaAgrupBM,15-13*ORÇAMENTO!$AF$11)))","v":{"$error":"#REF!"}},null,null,null,null,{"$error":"#REF!"},{"$error":"#REF!"},{"$error":"#REF!"},{"$f":"IF($Y125>0,CHOOSE(MATCH(RegimeExecucao,{\"Unitário\",\"Global\"},0),IF($A125=\"S\",$Y125/$X125,\"\"),($Y125/$X125)*100),0)","v":{"$error":"#REF!"}},{"$f":"IF($Y125>0,CHOOSE(MATCH(RegimeExecucao,{\"Unitário\",\"Global\"},0),IF($A125=\"S\",ROUND($H125,ORÇAMENTO!$AF$10),\"\"),ROUND($I125,ORÇAMENTO!$AF$11)),\"\")","v":{"$error":"#REF!"}},{"$error":"#REF!"},null,null,null,null,null,null,null,null,null,null,null,null,null,null,null,{"$f":"IF($A125=\"S\",IF(BM!$I125=0,0,CHOOSE(MATCH(RegimeExecucao,{\"Global\",\"Unitário\"},0),ROUND(ROUND(BM.MEDAcumulado,15-13*BM!$A$9)/100*BM!$I125,15-13*ORÇAMENTO!$AF$11),ROUND(ROUND(BM.MEDAcumulado,15-13*BM!$A$9)*ROUND(BM!$H125,15-13*ORÇAMENTO!$AF$10),15-13*ORÇAMENTO!$AF$11))),IF($A125=0,0,ROUND(SomaAgrupBM,15-13*ORÇAMENTO!$AF$11)))","v":0}]
[{"$f":"ORÇAMENTO!C126","v":"S"},{"$f":"ORÇAMENTO!D126","v":0},"F",{"$f":"ORÇAMENTO!O126","v":"1.9.12."},"LUMINÁRIA TIPO CALHA, DE SOBREPOR, COM 2 LÂMPADAS TUBULARES FLUORESCENTES DE 18 W, COM REATOR DE PARTIDA RÁPIDA - FORNECIMENTO E INSTALAÇÃO","UN",{"$f":"IF(RegimeExecucao=\"Global\",\"\",ORÇAMENTO!T126)","v":14},{"$f":"IF(RegimeExecucao=\"Global\",\"\",ORÇAMENTO!W126)","v":66.19},{"$f":"ORÇAMENTO!X126","v":926.66},0,0,0,{"$f":"IF($A126=\"S\",VTOTALBM,IF($A126=0,0,ROUND(SomaAgrupBM,15-13*ORÇAMENTO!$AF$11)))","v":{"$error":"#REF!"}},{"$error":"#REF!"},{"$f":"IF($A126=\"S\",VTOTALBM,IF($A126=0,0,ROUND(SomaAgrupBM,15-13*ORÇAMENTO!$AF$11)))","v":{"$error":"#REF!"}},null,null,null,null,{"$error":"#REF!"},{"$error":"#REF!"},{"$error":"#REF!"},{"$f":"IF($Y126>0,CHOOSE(MATCH(RegimeExecucao,{\"Unitário\",\"Global\"},0),IF($A126=\"S\",$Y126/$X126,\"\"),($Y126/$X126)*100),0)","v":{"$error":"#REF!"}},{"$f":"IF($Y126>0,CHOOSE(MATCH(RegimeExecucao,{\"Unitário\",\"Global\"},0),IF($A126=\"S\",ROUND($H126,ORÇAMENTO!$AF$10),\"\"),ROUND($I126,ORÇAMENTO!$AF$11)),\"\")","v":{"$error":"#REF!"}},{"$error":"#REF!"},null,null,null,null,null,null,null,null,null,null,null,null,null,null,null,{"$f":"IF($A126=\"S\",IF(BM!$I126=0,0,CHOOSE(MATCH(RegimeExecucao,{\"Global\",\"Unitário\"},0),ROUND(ROUND(BM.MEDAcumulado,15-13*BM!$A$9)/100*BM!$I126,15-13*ORÇAMENTO!$AF$11),ROUND(ROUND(BM.MEDAcumulado,15-13*BM!$A$9)*ROUND(BM!$H126,15-13*ORÇAMENTO!$AF$10),15-13*ORÇAMENTO!$AF$11))),IF($A126=0,0,ROUND(SomaAgrupBM,15-13*ORÇAMENTO!$AF$11)))","v":0}]
[{"$f":"ORÇAMENTO!C127","v":"S"},{"$f":"ORÇAMENTO!D127","v":0},{"$f":"IF(OR($I127>0,$A127=1,$A127=2,$A127=3,$A127=4),\"F\",\"\")","v":"F"},{"$f":"ORÇAMENTO!O127","v":"1.9.13."},{"$f":"ORÇAMENTO.Descricao","v":"LUMINÁRIA TIPO SPOT, DE SOBREPOR, COM 1 LÂMPADA FLUORESCENTE DE 15 W, SEM REATOR - FORNECIMENTO E INSTALAÇÃO"},{"$f":"IF(RegimeExecucao=\"Global\",\"\",ORÇAMENTO.Unidade)","v":"UN"},{"$f":"IF(RegimeExecucao=\"Global\",\"\",ORÇAMENTO!T127)","v":6},{"$f":"IF(RegimeExecucao=\"Global\",\"\",ORÇAMENTO!W127)","v":84.25},{"$f":"ORÇAMENTO!X127","v":505.5},{"$f":"IF($A127=\"S\",IF(CAIXA.Modo,BM.AFAnterior,BM.MEDAnterior),IF(AND(RegimeExecucao=\"Global\",$I127>0,COUNTIF($AB$13:$AM$13,BM.medicao-1)>0),M127/$I127*100,0))","v":0},0,{"$f":"IF($A127=\"S\",IF(CAIXA.Modo,BM.AFAcumulado,BM.MEDAcumulado),IF(AND(RegimeExecucao=\"Global\",$I127>0,COUNTIF($AB$13:$AM$13,BM.medicao)>0),O127/$I127*100,0))","v":0},{"$f":"IF($A127=\"S\",VTOTALBM,IF($A127=0,0,ROUND(SomaAgrupBM,15-13*ORÇAMENTO!$AF$11)))","v":{"$error":"#REF!"}},{"$error":"#REF!"},{"$f":"IF($A127=\"S\",VTOTALBM,IF($A127=0,0,ROUND(SomaAgrupBM,15-13*ORÇAMENTO!$AF$11)))","v":{"$error":"#REF!"}},null,null,null,null,{"$f":"IF($W127>0,$D127,\"\")","v":{"$error":"#REF!"}},{"$f":"IF($W127>0,$E127,\"\")","v":{"$error":"#REF!"}},{"$f":"IF(AND($W127>0,RegimeExecucao=\"Unitário\"),$F127,\"\")","v":{"$error":"#REF!"}},{"$f":"IF($Y127>0,CHOOSE(MATCH(RegimeExecucao,{\"Unitário\",\"Global\"},0),IF($A127=\"S\",$Y127/$X127,\"\"),($Y127/$X127)*100),0)","v":{"$error":"#REF!"}},{"$f":"IF($Y127>0,CHOOSE(MATCH(RegimeExecucao,{\"Unitário\",\"Global\"},0),IF($A127=\"S\",ROUND($H127,ORÇAMENTO!$AF$10),\"\"),ROUND($I127,ORÇAMENTO!$AF$11)),\"\")","v":{"$error":"#REF!"}},{"$f":"AO127-O127","v":{"$error":"#REF!"}},null,null,null,null,null,null,null,null,null,null,null,null,null,null,null,{"$f":"IF($A127=\"S\",IF(BM!$I127=0,0,CHOOSE(MATCH(RegimeExecucao,{\"Global\",\"Unitário\"},0),ROUND(ROUND(BM.MEDAcumulado,15-13*BM!$A$9)/100*BM!$I127,15-13*ORÇAMENTO!$AF$11),ROUND(ROUND(BM.MEDAcumulado,15-13*BM!$A$9)*ROUND(BM!$H127,15-13*ORÇAMENTO!$AF$10),15-13*ORÇAMENTO!$AF$11))),IF($A127=0,0,ROUND(SomaAgrupBM,15-13*ORÇAMENTO!$AF$11)))","v":0}]
[{"$f":"ORÇAMENTO!C128","v":"S"},{"$f":"ORÇAMENTO!D128","v":0},{"$f":"IF(OR($I128>0,$A128=1,$A128=2,$A128=3,$A128=4),\"F\",\"\")","v":"F"},{"$f":"ORÇAMENTO!O128","v":"1.9.14."},{"$f":"ORÇAMENTO.Descricao","v":"LUMINARIA LED REFLETOR RETANGULAR BIVOLT, LUZ BRANCA, 50 W"},{"$f":"IF(RegimeExecucao=\"Global\",\"\",ORÇAMENTO.Unidade)","v":"UN    "},{"$f":"IF(RegimeExecucao=\"Global\",\"\",ORÇAMENTO!T128)","v":5},{"$f":"IF(RegimeExecucao=\"Global\",\"\",ORÇAMENTO!W128)","v":54.16},{"$f":"ORÇAMENTO!X128","v":270.8},{"$f":"IF($A128=\"S\",IF(CAIXA.Modo,BM.AFAnterior,BM.MEDAnterior),IF(AND(RegimeExecucao=\"Global\",$I128>0,COUNTIF($AB$13:$AM$13,BM.medicao-1)>0),M128/$I128*100,0))","v":0},0,{"$f":"IF($A128=\"S\",IF(CAIXA.Modo,BM.AFAcumulado,BM.MEDAcumulado),IF(AND(RegimeExecucao=\"Global\",$I128>0,COUNTIF($AB$13:$AM$13,BM.medicao)>0),O128/$I128*100,0))","v":0},{"$f":"IF($A128=\"S\",VTOTALBM,IF($A128=0,0,ROUND(SomaAgrupBM,15-13*ORÇAMENTO!$AF$11)))","v":{"$error":"#REF!"}},{"$error":"#REF!"},{"$f":"IF($A128=\"S\",VTOTALBM,IF($A128=0,0,ROUND(SomaAgrupBM,15-13*ORÇAMENTO!$AF$11)))","v":{"$error":"#REF!"}},null,null,null,null,{"$f":"IF($W128>0,$D128,\"\")","v":{"$error":"#REF!"}},{"$f":"IF($W128>0,$E128,\"\")","v":{"$error":"#REF!"}},{"$f":"IF(AND($W128>0,RegimeExecucao=\"Unitário\"),$F128,\"\")","v":{"$error":"#REF!"}},{"$f":"IF($Y128>0,CHOOSE(MATCH(RegimeExecucao,{\"Unitário\",\"Global\"},0),IF($A128=\"S\",$Y128/$X128,\"\"),($Y128/$X128)*100),0)","v":{"$error":"#REF!"}},{"$f":"IF($Y128>0,CHOOSE(MATCH(RegimeExecucao,{\"Unitário\",\"Global\"},0),IF($A128=\"S\",ROUND($H128,ORÇAMENTO!$AF$10),\"\"),ROUND($I128,ORÇAMENTO!$AF$11)),\"\")","v":{"$error":"#REF!"}},{"$f":"AO128-O128","v":{"$error":"#REF!"}},null,null,null,null,null,null,null,null,null,null,null,null,null,null,null,{"$f":"IF($A128=\"S\",IF(BM!$I128=0,0,CHOOSE(MATCH(RegimeExecucao,{\"Global\",\"Unitário\"},0),ROUND(ROUND(BM.MEDAcumulado,15-13*BM!$A$9)/100*BM!$I128,15-13*ORÇAMENTO!$AF$11),ROUND(ROUND(BM.MEDAcumulado,15-13*BM!$A$9)*ROUND(BM!$H128,15-13*ORÇAMENTO!$AF$10),15-13*ORÇAMENTO!$AF$11))),IF($A128=0,0,ROUND(SomaAgrupBM,15-13*ORÇAMENTO!$AF$11)))","v":0}]
[{"$f":"ORÇAMENTO!C129","v":"S"},{"$f":"ORÇAMENTO!D129","v":0},"F",{"$f":"ORÇAMENTO!O129","v":"1.9.15."},"CABO DE COBRE FLEXÍVEL ISOLADO, 1,5 MM², ANTI-CHAMA 450/750 V, PARA CIRCUITOS TERMINAIS - FORNECIMENTO E INSTALAÇÃO","M",{"$f":"IF(RegimeExecucao=\"Global\",\"\",ORÇAMENTO!T129)","v":157.4},{"$f":"IF(RegimeExecucao=\"Global\",\"\",ORÇAMENTO!W129)","v":2.41},{"$f":"ORÇAMENTO!X129","v":379.33},0,0,0,{"$f":"IF($A129=\"S\",VTOTALBM,IF($A129=0,0,ROUND(SomaAgrupBM,15-13*ORÇAMENTO!$AF$11)))","v":{"$error":"#REF!"}},{"$error":"#REF!"},{"$f":"IF($A129=\"S\",VTOTALBM,IF($A129=0,0,ROUND(SomaAgrupBM,15-13*ORÇAMENTO!$AF$11)))","v":{"$error":"#REF!"}},null,null,null,null,{"$error":"#REF!"},{"$error":"#REF!"},{"$error":"#REF!"},{"$f":"IF($Y129>0,CHOOSE(MATCH(RegimeExecucao,{\"Unitário\",\"Global\"},0),IF($A129=\"S\",$Y129/$X129,\"\"),($Y129/$X129)*100),0)","v":{"$error":"#REF!"}},{"$f":"IF($Y129>0,CHOOSE(MATCH(RegimeExecucao,{\"Unitário\",\"Global\"},0),IF($A129=\"S\",ROUND($H129,ORÇAMENTO!$AF$10),\"\"),ROUND($I129,ORÇAMENTO!$AF$11)),\"\")","v":{"$error":"#REF!"}},{"$error":"#REF!"},null,null,null,null,null,null,null,null,null,null,null,null,null,null,null,{"$f":"IF($A129=\"S\",IF(BM!$I129=0,0,CHOOSE(MATCH(RegimeExecucao,{\"Global\",\"Unitário\"},0),ROUND(ROUND(BM.MEDAcumulado,15-13*BM!$A$9)/100*BM!$I129,15-13*ORÇAMENTO!$AF$11),ROUND(ROUND(BM.MEDAcumulado,15-13*BM!$A$9)*ROUND(BM!$H129,15-13*ORÇAMENTO!$AF$10),15-13*ORÇAMENTO!$AF$11))),IF($A129=0,0,ROUND(SomaAgrupBM,15-13*ORÇAMENTO!$AF$11)))","v":0}]
[{"$f":"ORÇAMENTO!C130","v":"S"},{"$f":"ORÇAMENTO!D130","v":0},"F",{"$f":"ORÇAMENTO!O130","v":"1.9.16."},"CABO DE COBRE FLEXÍVEL ISOLADO, 2,5 MM², ANTI-CHAMA 450/750 V, PARA CIRCUITOS TERMINAIS - FORNECIMENTO E INSTALAÇÃO","M",{"$f":"IF(RegimeExecucao=\"Global\",\"\",ORÇAMENTO!T130)","v":402.55},{"$f":"IF(RegimeExecucao=\"Global\",\"\",ORÇAMENTO!W130)","v":3.37},{"$f":"ORÇAMENTO!X130","v":1356.59},0,0,0,{"$f":"IF($A130=\"S\",VTOTALBM,IF($A130=0,0,ROUND(SomaAgrupBM,15-13*ORÇAMENTO!$AF$11)))","v":{"$error":"#REF!"}},{"$error":"#REF!"},{"$f":"IF($A130=\"S\",VTOTALBM,IF($A130=0,0,ROUND(SomaAgrupBM,15-13*ORÇAMENTO!$AF$11)))","v":{"$error":"#REF!"}},null,null,null,null,{"$error":"#REF!"},{"$error":"#REF!"},{"$error":"#REF!"},{"$f":"IF($Y130>0,CHOOSE(MATCH(RegimeExecucao,{\"Unitário\",\"Global\"},0),IF($A130=\"S\",$Y130/$X130,\"\"),($Y130/$X130)*100),0)","v":{"$error":"#REF!"}},{"$f":"IF($Y130>0,CHOOSE(MATCH(RegimeExecucao,{\"Unitário\",\"Global\"},0),IF($A130=\"S\",ROUND($H130,ORÇAMENTO!$AF$10),\"\"),ROUND($I130,ORÇAMENTO!$AF$11)),\"\")","v":{"$error":"#REF!"}},{"$error":"#REF!"},null,null,null,null,null,null,null,null,null,null,null,null,null,null,null,{"$f":"IF($A130=\"S\",IF(BM!$I130=0,0,CHOOSE(MATCH(RegimeExecucao,{\"Global\",\"Unitário\"},0),ROUND(ROUND(BM.MEDAcumulado,15-13*BM!$A$9)/100*BM!$I130,15-13*ORÇAMENTO!$AF$11),ROUND(ROUND(BM.MEDAcumulado,15-13*BM!$A$9)*ROUND(BM!$H130,15-13*ORÇAMENTO!$AF$10),15-13*ORÇAMENTO!$AF$11))),IF($A130=0,0,ROUND(SomaAgrupBM,15-13*ORÇAMENTO!$AF$11)))","v":0}]
[{"$f":"ORÇAMENTO!C131","v":"S"},{"$f":"ORÇAMENTO!D131","v":0},{"$f":"IF(OR($I131>0,$A131=1,$A131=2,$A131=3,$A131=4),\"F\",\"\")","v":"F"},{"$f":"ORÇAMENTO!O131","v":"1.9.17."},{"$f":"ORÇAMENTO.Descricao","v":"CABO DE COBRE FLEXÍVEL ISOLADO, 10 MM², ANTI-CHAMA 450/750 V, PARA CIRCUITOS TERMINAIS - FORNECIMENTO E INSTALAÇÃO"},{"$f":"IF(RegimeExecucao=\"Global\",\"\",ORÇAMENTO.Unidade)","v":"M"},{"$f":"IF(RegimeExecucao=\"Global\",\"\",ORÇAMENTO!T131)","v":20},{"$f":"IF(RegimeExecucao=\"Global\",\"\",ORÇAMENTO!W131)","v":11.91},{"$f":"ORÇAMENTO!X131","v":238.2},{"$f":"IF($A131=\"S\",IF(CAIXA.Modo,BM.AFAnterior,BM.MEDAnterior),IF(AND(RegimeExecucao=\"Global\",$I131>0,COUNTIF($AB$13:$AM$13,BM.medicao-1)>0),M131/$I131*100,0))","v":0},0,{"$f":"IF($A131=\"S\",IF(CAIXA.Modo,BM.AFAcumulado,BM.MEDAcumulado),IF(AND(RegimeExecucao=\"Global\",$I131>0,COUNTIF($AB$13:$AM$13,BM.medicao)>0),O131/$I131*100,0))","v":0},{"$f":"IF($A131=\"S\",VTOTALBM,IF($A131=0,0,ROUND(SomaAgrupBM,15-13*ORÇAMENTO!$AF$11)))","v":{"$error":"#REF!"}},{"$error":"#REF!"},{"$f":"IF($A131=\"S\",VTOTALBM,IF($A131=0,0,ROUND(SomaAgrupBM,15-13*ORÇAMENTO!$AF$11)))","v":{"$error":"#REF!"}},null,null,null,null,{"$f":"IF($W131>0,$D131,\"\")","v":{"$error":"#REF!"}},{"$f":"IF($W131>0,$E131,\"\")","v":{"$error":"#REF!"}},{"$f":"IF(AND($W131>0,RegimeExecucao=\"Unitário\"),$F131,\"\")","v":{"$error":"#REF!"}},{"$f":"IF($Y131>0,CHOOSE(MATCH(RegimeExecucao,{\"Unitário\",\"Global\"},0),IF($A131=\"S\",$Y131/$X131,\"\"),($Y131/$X131)*100),0)","v":{"$error":"#REF!"}},{"$f":"IF($Y131>0,CHOOSE(MATCH(RegimeExecucao,{\"Unitário\",\"Global\"},0),IF($A131=\"S\",ROUND($H131,ORÇAMENTO!$AF$10),\"\"),ROUND($I131,ORÇAMENTO!$AF$11)),\"\")","v":{"$error":"#REF!"}},{"$f":"AO131-O131","v":{"$error":"#REF!"}},null,null,null,null,null,null,null,null,null,null,null,null,null,null,null,{"$f":"IF($A131=\"S\",IF(BM!$I131=0,0,CHOOSE(MATCH(RegimeExecucao,{\"Global\",\"Unitário\"},0),ROUND(ROUND(BM.MEDAcumulado,15-13*BM!$A$9)/100*BM!$I131,15-13*ORÇAMENTO!$AF$11),ROUND(ROUND(BM.MEDAcumulado,15-13*BM!$A$9)*ROUND(BM!$H131,15-13*ORÇAMENTO!$AF$10),15-13*ORÇAMENTO!$AF$11))),IF($A131=0,0,ROUND(SomaAgrupBM,15-13*ORÇAMENTO!$AF$11)))","v":0}]
[{"$f":"ORÇAMENTO!C132","v":"S"},{"$f":"ORÇAMENTO!D132","v":0},"F",{"$f":"ORÇAMENTO!O132","v":"1.9.18."},{"$f":"ORÇAMENTO.Descricao","v":"ELETRODUTO FLEXÍVEL CORRUGADO, PVC, DN 25 MM (3/4\"), PARA CIRCUITOS TERMINAIS, INSTALADO EM FORRO - FORNECIMENTO E INSTALAÇÃO"},{"$f":"IF(RegimeExecucao=\"Global\",\"\",ORÇAMENTO.Unidade)","v":"M"},{"$f":"IF(RegimeExecucao=\"Global\",\"\",ORÇAMENTO!T132)","v":114.6},{"$f":"IF(RegimeExecucao=\"Global\",\"\",ORÇAMENTO!W132)","v":7.22},{"$f":"ORÇAMENTO!X132","v":827.41},{"$f":"IF($A132=\"S\",IF(CAIXA.Modo,BM.AFAnterior,BM.MEDAnterior),IF(AND(RegimeExecucao=\"Global\",$I132>0,COUNTIF($AB$13:$AM$13,BM.medicao-1)>0),M132/$I132*100,0))","v":0},0,{"$f":"IF($A132=\"S\",IF(CAIXA.Modo,BM.AFAcumulado,BM.MEDAcumulado),IF(AND(RegimeExecucao=\"Global\",$I132>0,COUNTIF($AB$13:$AM$13,BM.medicao)>0),O132/$I132*100,0))","v":0},{"$f":"IF($A132=\"S\",VTOTALBM,IF($A132=0,0,ROUND(SomaAgrupBM,15-13*ORÇAMENTO!$AF$11)))","v":{"$error":"#REF!"}},{"$error":"#REF!"},{"$f":"IF($A132=\"S\",VTOTALBM,IF($A132=0,0,ROUND(SomaAgrupBM,15-13*ORÇAMENTO!$AF$11)))","v":{"$error":"#REF!"}},null,null,null,null,{"$error":"#REF!"},{"$error":"#REF!"},{"$f":"IF(AND($W132>0,RegimeExecucao=\"Unitário\"),$F132,\"\")","v":{"$error":"#REF!"}},{"$f":"IF($Y132>0,CHOOSE(MATCH(RegimeExecucao,{\"Unitário\",\"Global\"},0),IF($A132=\"S\",$Y132/$X132,\"\"),($Y132/$X132)*100),0)","v":{"$error":"#REF!"}},{"$f":"IF($Y132>0,CHOOSE(MATCH(RegimeExecucao,{\"Unitário\",\"Global\"},0),IF($A132=\"S\",ROUND($H132,ORÇAMENTO!$AF$10),\"\"),ROUND($I132,ORÇAMENTO!$AF$11)),\"\")","v":{"$error":"#REF!"}},{"$error":"#REF!"},null,null,null,null,null,null,null,null,null,null,null,null,null,null,null,{"$f":"IF($A132=\"S\",IF(BM!$I132=0,0,CHOOSE(MATCH(RegimeExecucao,{\"Global\",\"Unitário\"},0),ROUND(ROUND(BM.MEDAcumulado,15-13*BM!$A$9)/100*BM!$I132,15-13*ORÇAMENTO!$AF$11),ROUND(ROUND(BM.MEDAcumulado,15-13*BM!$A$9)*ROUND(BM!$H132,15-13*ORÇAMENTO!$AF$10),15-13*ORÇAMENTO!$AF$11))),IF($A132=0,0,ROUND(SomaAgrupBM,15-13*ORÇAMENTO!$AF$11)))","v":0}]
[{"$f":"ORÇAMENTO!C133","v":"S"},{"$f":"ORÇAMENTO!D133","v":0},{"$f":"IF(OR($I133>0,$A133=1,$A133=2,$A133=3,$A133=4),\"F\",\"\")","v":"F"},{"$f":"ORÇAMENTO!O133","v":"1.9.19."},{"$f":"ORÇAMENTO.Descricao","v":"ELETRODUTO FLEXÍVEL CORRUGADO, PVC, DN 32 MM (1\"), PARA CIRCUITOS TERMINAIS, INSTALADO EM FORRO - FORNECIMENTO E INSTALAÇÃO"},{"$f":"IF(RegimeExecucao=\"Global\",\"\",ORÇAMENTO.Unidade)","v":"M"},{"$f":"IF(RegimeExecucao=\"Global\",\"\",ORÇAMENTO!T133)","v":8},{"$f":"IF(RegimeExecucao=\"Global\",\"\",ORÇAMENTO!W133)","v":9.6300000000000008},{"$f":"ORÇAMENTO!X133","v":77.040000000000006},{"$f":"IF($A133=\"S\",IF(CAIXA.Modo,BM.AFAnterior,BM.MEDAnterior),IF(AND(RegimeExecucao=\"Global\",$I133>0,COUNTIF($AB$13:$AM$13,BM.medicao-1)>0),M133/$I133*100,0))","v":0},0,{"$f":"IF($A133=\"S\",IF(CAIXA.Modo,BM.AFAcumulado,BM.MEDAcumulado),IF(AND(RegimeExecucao=\"Global\",$I133>0,COUNTIF($AB$13:$AM$13,BM.medicao)>0),O133/$I133*100,0))","v":0},{"$f":"IF($A133=\"S\",VTOTALBM,IF($A133=0,0,ROUND(SomaAgrupBM,15-13*ORÇAMENTO!$AF$11)))","v":{"$error":"#REF!"}},{"$error":"#REF!"},{"$f":"IF($A133=\"S\",VTOTALBM,IF($A133=0,0,ROUND(SomaAgrupBM,15-13*ORÇAMENTO!$AF$11)))","v":{"$error":"#REF!"}},null,null,null,null,{"$f":"IF($W133>0,$D133,\"\")","v":{"$error":"#REF!"}},{"$f":"IF($W133>0,$E133,\"\")","v":{"$error":"#REF!"}},{"$f":"IF(AND($W133>0,RegimeExecucao=\"Unitário\"),$F133,\"\")","v":{"$error":"#REF!"}},{"$f":"IF($Y133>0,CHOOSE(MATCH(RegimeExecucao,{\"Unitário\",\"Global\"},0),IF($A133=\"S\",$Y133/$X133,\"\"),($Y133/$X133)*100),0)","v":{"$error":"#REF!"}},{"$f":"IF($Y133>0,CHOOSE(MATCH(RegimeExecucao,{\"Unitário\",\"Global\"},0),IF($A133=\"S\",ROUND($H133,ORÇAMENTO!$AF$10),\"\"),ROUND($I133,ORÇAMENTO!$AF$11)),\"\")","v":{"$error":"#REF!"}},{"$f":"AO133-O133","v":{"$error":"#REF!"}},null,null,null,null,null,null,null,null,null,null,null,null,null,null,null,{"$f":"IF($A133=\"S\",IF(BM!$I133=0,0,CHOOSE(MATCH(RegimeExecucao,{\"Global\",\"Unitário\"},0),ROUND(ROUND(BM.MEDAcumulado,15-13*BM!$A$9)/100*BM!$I133,15-13*ORÇAMENTO!$AF$11),ROUND(ROUND(BM.MEDAcumulado,15-13*BM!$A$9)*ROUND(BM!$H133,15-13*ORÇAMENTO!$AF$10),15-13*ORÇAMENTO!$AF$11))),IF($A133=0,0,ROUND(SomaAgrupBM,15-13*ORÇAMENTO!$AF$11)))","v":0}]
[{"$f":"ORÇAMENTO!C134","v":"S"},{"$f":"ORÇAMENTO!D134","v":0},"F",{"$f":"ORÇAMENTO!O134","v":"1.9.20."},"HASTE DE ATERRAMENTO EM ACO COM 3,00 M DE COMPRIMENTO E DN = 5/8\", REVESTIDA COM BAIXA CAMADA DE COBRE, COM CONECTOR TIPO GRAMPO","UN    ",{"$f":"IF(RegimeExecucao=\"Global\",\"\",ORÇAMENTO!T134)","v":6},{"$f":"IF(RegimeExecucao=\"Global\",\"\",ORÇAMENTO!W134)","v":45.73},{"$f":"ORÇAMENTO!X134","v":274.38},0,0,0,{"$f":"IF($A134=\"S\",VTOTALBM,IF($A134=0,0,ROUND(SomaAgrupBM,15-13*ORÇAMENTO!$AF$11)))","v":{"$error":"#REF!"}},{"$error":"#REF!"},{"$f":"IF($A134=\"S\",VTOTALBM,IF($A134=0,0,ROUND(SomaAgrupBM,15-13*ORÇAMENTO!$AF$11)))","v":{"$error":"#REF!"}},null,null,null,null,{"$error":"#REF!"},{"$error":"#REF!"},{"$error":"#REF!"},{"$f":"IF($Y134>0,CHOOSE(MATCH(RegimeExecucao,{\"Unitário\",\"Global\"},0),IF($A134=\"S\",$Y134/$X134,\"\"),($Y134/$X134)*100),0)","v":{"$error":"#REF!"}},{"$f":"IF($Y134>0,CHOOSE(MATCH(RegimeExecucao,{\"Unitário\",\"Global\"},0),IF($A134=\"S\",ROUND($H134,ORÇAMENTO!$AF$10),\"\"),ROUND($I134,ORÇAMENTO!$AF$11)),\"\")","v":{"$error":"#REF!"}},{"$error":"#REF!"},null,null,null,null,null,null,null,null,null,null,null,null,null,null,null,{"$f":"IF($A134=\"S\",IF(BM!$I134=0,0,CHOOSE(MATCH(RegimeExecucao,{\"Global\",\"Unitário\"},0),ROUND(ROUND(BM.MEDAcumulado,15-13*BM!$A$9)/100*BM!$I134,15-13*ORÇAMENTO!$AF$11),ROUND(ROUND(BM.MEDAcumulado,15-13*BM!$A$9)*ROUND(BM!$H134,15-13*ORÇAMENTO!$AF$10),15-13*ORÇAMENTO!$AF$11))),IF($A134=0,0,ROUND(SomaAgrupBM,15-13*ORÇAMENTO!$AF$11)))","v":0}]
[{"$f":"ORÇAMENTO!C135","v":2},{"$f":"ORÇAMENTO!D135","v":7},"F",{"$f":"ORÇAMENTO!O135","v":"1.10."},"PLUVIAIS","-",{"$f":"IF(RegimeExecucao=\"Global\",\"\",ORÇAMENTO!T135)","v":0},{"$f":"IF(RegimeExecucao=\"Global\",\"\",ORÇAMENTO!W135)","v":0},{"$f":"ORÇAMENTO!X135","v":32147.95},0,0,0,{"$f":"IF($A135=\"S\",VTOTALBM,IF($A135=0,0,ROUND(SomaAgrupBM,15-13*ORÇAMENTO!$AF$11)))","v":{"$error":"#REF!"}},{"$error":"#REF!"},{"$f":"IF($A135=\"S\",VTOTALBM,IF($A135=0,0,ROUND(SomaAgrupBM,15-13*ORÇAMENTO!$AF$11)))","v":{"$error":"#REF!"}},null,null,null,null,{"$error":"#REF!"},{"$error":"#REF!"},{"$error":"#REF!"},{"$f":"IF($Y135>0,CHOOSE(MATCH(RegimeExecucao,{\"Unitário\",\"Global\"},0),IF($A135=\"S\",$Y135/$X135,\"\"),($Y135/$X135)*100),0)","v":{"$error":"#REF!"}},{"$f":"IF($Y135>0,CHOOSE(MATCH(RegimeExecucao,{\"Unitário\",\"Global\"},0),IF($A135=\"S\",ROUND($H135,ORÇAMENTO!$AF$10),\"\"),ROUND($I135,ORÇAMENTO!$AF$11)),\"\")","v":{"$error":"#REF!"}},{"$error":"#REF!"},null,null,null,null,null,null,null,null,null,null,null,null,null,null,null,{"$f":"IF($A135=\"S\",IF(BM!$I135=0,0,CHOOSE(MATCH(RegimeExecucao,{\"Global\",\"Unitário\"},0),ROUND(ROUND(BM.MEDAcumulado,15-13*BM!$A$9)/100*BM!$I135,15-13*ORÇAMENTO!$AF$11),ROUND(ROUND(BM.MEDAcumulado,15-13*BM!$A$9)*ROUND(BM!$H135,15-13*ORÇAMENTO!$AF$10),15-13*ORÇAMENTO!$AF$11))),IF($A135=0,0,ROUND(SomaAgrupBM,15-13*ORÇAMENTO!$AF$11)))","v":0}]
[{"$f":"ORÇAMENTO!C136","v":"S"},{"$f":"ORÇAMENTO!D136","v":0},"F",{"$f":"ORÇAMENTO!O136","v":"1.10.1."},"CISTERNA COM RESERVATÓRIO DE 5.000L,  PARA COLETAS DE AGUAS DA CHUVA E REUTILIZAÇÃO, COM BOMBA CENTRÍFUGA","UN ",{"$f":"IF(RegimeExecucao=\"Global\",\"\",ORÇAMENTO!T136)","v":1},{"$f":"IF(RegimeExecucao=\"Global\",\"\",ORÇAMENTO!W136)","v":7702.4},{"$f":"ORÇAMENTO!X136","v":7702.4},0,0,0,{"$f":"IF($A136=\"S\",VTOTALBM,IF($A136=0,0,ROUND(SomaAgrupBM,15-13*ORÇAMENTO!$AF$11)))","v":{"$error":"#REF!"}},{"$error":"#REF!"},{"$f":"IF($A136=\"S\",VTOTALBM,IF($A136=0,0,ROUND(SomaAgrupBM,15-13*ORÇAMENTO!$AF$11)))","v":{"$error":"#REF!"}},null,null,null,null,{"$error":"#REF!"},{"$error":"#REF!"},{"$error":"#REF!"},{"$f":"IF($Y136>0,CHOOSE(MATCH(RegimeExecucao,{\"Unitário\",\"Global\"},0),IF($A136=\"S\",$Y136/$X136,\"\"),($Y136/$X136)*100),0)","v":{"$error":"#REF!"}},{"$f":"IF($Y136>0,CHOOSE(MATCH(RegimeExecucao,{\"Unitário\",\"Global\"},0),IF($A136=\"S\",ROUND($H136,ORÇAMENTO!$AF$10),\"\"),ROUND($I136,ORÇAMENTO!$AF$11)),\"\")","v":{"$error":"#REF!"}},{"$error":"#REF!"},null,null,null,null,null,null,null,null,null,null,null,null,null,null,null,{"$f":"IF($A136=\"S\",IF(BM!$I136=0,0,CHOOSE(MATCH(RegimeExecucao,{\"Global\",\"Unitário\"},0),ROUND(ROUND(BM.MEDAcumulado,15-13*BM!$A$9)/100*BM!$I136,15-13*ORÇAMENTO!$AF$11),ROUND(ROUND(BM.MEDAcumulado,15-13*BM!$A$9)*ROUND(BM!$H136,15-13*ORÇAMENTO!$AF$10),15-13*ORÇAMENTO!$AF$11))),IF($A136=0,0,ROUND(SomaAgrupBM,15-13*ORÇAMENTO!$AF$11)))","v":0}]
[{"$f":"ORÇAMENTO!C137","v":"S"},{"$f":"ORÇAMENTO!D137","v":0},"F",{"$f":"ORÇAMENTO!O137","v":"1.10.2."},"CALHA EM CHAPA DE AÇO GALVANIZADO NÚMERO 24, DESENVOLVIMENTO DE 100 CM, INCLUSO TRANSPORTE VERTICAL","M",{"$f":"IF(RegimeExecucao=\"Global\",\"\",ORÇAMENTO!T137)","v":103.3},{"$f":"IF(RegimeExecucao=\"Global\",\"\",ORÇAMENTO!W137)","v":120.35},{"$f":"ORÇAMENTO!X137","v":12432.16},0,0,0,{"$f":"IF($A137=\"S\",VTOTALBM,IF($A137=0,0,ROUND(SomaAgrupBM,15-13*ORÇAMENTO!$AF$11)))","v":{"$error":"#REF!"}},{"$error":"#REF!"},{"$f":"IF($A137=\"S\",VTOTALBM,IF($A137=0,0,ROUND(SomaAgrupBM,15-13*ORÇAMENTO!$AF$11)))","v":{"$error":"#REF!"}},null,null,null,null,{"$error":"#REF!"},{"$error":"#REF!"},{"$error":"#REF!"},{"$f":"IF($Y137>0,CHOOSE(MATCH(RegimeExecucao,{\"Unitário\",\"Global\"},0),IF($A137=\"S\",$Y137/$X137,\"\"),($Y137/$X137)*100),0)","v":{"$error":"#REF!"}},{"$f":"IF($Y137>0,CHOOSE(MATCH(RegimeExecucao,{\"Unitário\",\"Global\"},0),IF($A137=\"S\",ROUND($H137,ORÇAMENTO!$AF$10),\"\"),ROUND($I137,ORÇAMENTO!$AF$11)),\"\")","v":{"$error":"#REF!"}},{"$error":"#REF!"},null,null,null,null,null,null,null,null,null,null,null,null,null,null,null,{"$f":"IF($A137=\"S\",IF(BM!$I137=0,0,CHOOSE(MATCH(RegimeExecucao,{\"Global\",\"Unitário\"},0),ROUND(ROUND(BM.MEDAcumulado,15-13*BM!$A$9)/100*BM!$I137,15-13*ORÇAMENTO!$AF$11),ROUND(ROUND(BM.MEDAcumulado,15-13*BM!$A$9)*ROUND(BM!$H137,15-13*ORÇAMENTO!$AF$10),15-13*ORÇAMENTO!$AF$11))),IF($A137=0,0,ROUND(SomaAgrupBM,15-13*ORÇAMENTO!$AF$11)))","v":0}]
[{"$f":"ORÇAMENTO!C138","v":"S"},{"$f":"ORÇAMENTO!D138","v":0},"F",{"$f":"ORÇAMENTO!O138","v":"1.10.3."},"(COMPOSIÇÃO REPRESENTATIVA) DO SERVIÇO DE INSTALAÇÃO DE TUBOS DE PVC, SÉRIE R, ÁGUA PLUVIAL, DN 100 MM (INSTALADO EM RAMAL DE ENCAMINHAMENTO, OU CONDUTORES VERTICAIS), INCLUSIVE CONEXÕES, CORTES E FIXAÇÕES, PARA PRÉDIOS","M",{"$f":"IF(RegimeExecucao=\"Global\",\"\",ORÇAMENTO!T138)","v":159.30000000000001},{"$f":"IF(RegimeExecucao=\"Global\",\"\",ORÇAMENTO!W138)","v":48.14},{"$f":"ORÇAMENTO!X138","v":7668.7},0,0,0,{"$f":"IF($A138=\"S\",VTOTALBM,IF($A138=0,0,ROUND(SomaAgrupBM,15-13*ORÇAMENTO!$AF$11)))","v":{"$error":"#REF!"}},{"$error":"#REF!"},{"$f":"IF($A138=\"S\",VTOTALBM,IF($A138=0,0,ROUND(SomaAgrupBM,15-13*ORÇAMENTO!$AF$11)))","v":{"$error":"#REF!"}},null,null,null,null,{"$error":"#REF!"},{"$error":"#REF!"},{"$error":"#REF!"},{"$f":"IF($Y138>0,CHOOSE(MATCH(RegimeExecucao,{\"Unitário\",\"Global\"},0),IF($A138=\"S\",$Y138/$X138,\"\"),($Y138/$X138)*100),0)","v":{"$error":"#REF!"}},{"$f":"IF($Y138>0,CHOOSE(MATCH(RegimeExecucao,{\"Unitário\",\"Global\"},0),IF($A138=\"S\",ROUND($H138,ORÇAMENTO!$AF$10),\"\"),ROUND($I138,ORÇAMENTO!$AF$11)),\"\")","v":{"$error":"#REF!"}},{"$error":"#REF!"},null,null,null,null,null,null,null,null,null,null,null,null,null,null,null,{"$f":"IF($A138=\"S\",IF(BM!$I138=0,0,CHOOSE(MATCH(RegimeExecucao,{\"Global\",\"Unitário\"},0),ROUND(ROUND(BM.MEDAcumulado,15-13*BM!$A$9)/100*BM!$I138,15-13*ORÇAMENTO!$AF$11),ROUND(ROUND(BM.MEDAcumulado,15-13*BM!$A$9)*ROUND(BM!$H138,15-13*ORÇAMENTO!$AF$10),15-13*ORÇAMENTO!$AF$11))),IF($A138=0,0,ROUND(SomaAgrupBM,15-13*ORÇAMENTO!$AF$11)))","v":0}]
[{"$f":"ORÇAMENTO!C139","v":"S"},{"$f":"ORÇAMENTO!D139","v":0},"F",{"$f":"ORÇAMENTO!O139","v":"1.10.4."},"CAIXA DE PASSAGEM 30X30X40 COM TAMPA E DRENO BRITA","UN",{"$f":"IF(RegimeExecucao=\"Global\",\"\",ORÇAMENTO!T139)","v":10},{"$f":"IF(RegimeExecucao=\"Global\",\"\",ORÇAMENTO!W139)","v":180.53},{"$f":"ORÇAMENTO!X139","v":1805.3},0,0,0,{"$f":"IF($A139=\"S\",VTOTALBM,IF($A139=0,0,ROUND(SomaAgrupBM,15-13*ORÇAMENTO!$AF$11)))","v":{"$error":"#REF!"}},{"$error":"#REF!"},{"$f":"IF($A139=\"S\",VTOTALBM,IF($A139=0,0,ROUND(SomaAgrupBM,15-13*ORÇAMENTO!$AF$11)))","v":{"$error":"#REF!"}},null,null,null,null,{"$error":"#REF!"},{"$error":"#REF!"},{"$error":"#REF!"},{"$f":"IF($Y139>0,CHOOSE(MATCH(RegimeExecucao,{\"Unitário\",\"Global\"},0),IF($A139=\"S\",$Y139/$X139,\"\"),($Y139/$X139)*100),0)","v":{"$error":"#REF!"}},{"$f":"IF($Y139>0,CHOOSE(MATCH(RegimeExecucao,{\"Unitário\",\"Global\"},0),IF($A139=\"S\",ROUND($H139,ORÇAMENTO!$AF$10),\"\"),ROUND($I139,ORÇAMENTO!$AF$11)),\"\")","v":{"$error":"#REF!"}},{"$error":"#REF!"},null,null,null,null,null,null,null,null,null,null,null,null,null,null,null,{"$f":"IF($A139=\"S\",IF(BM!$I139=0,0,CHOOSE(MATCH(RegimeExecucao,{\"Global\",\"Unitário\"},0),ROUND(ROUND(BM.MEDAcumulado,15-13*BM!$A$9)/100*BM!$I139,15-13*ORÇAMENTO!$AF$11),ROUND(ROUND(BM.MEDAcumulado,15-13*BM!$A$9)*ROUND(BM!$H139,15-13*ORÇAMENTO!$AF$10),15-13*ORÇAMENTO!$AF$11))),IF($A139=0,0,ROUND(SomaAgrupBM,15-13*ORÇAMENTO!$AF$11)))","v":0}]
[{"$f":"ORÇAMENTO!C140","v":"S"},{"$f":"ORÇAMENTO!D140","v":0},"F",{"$f":"ORÇAMENTO!O140","v":"1.10.5."},"PONTO DE CONSUMO TERMINAL DE ÁGUA FRIA (SUBRAMAL) COM TUBULAÇÃO DE PVC, DN 25 MM, INSTALADO EM RAMAL DE ÁGUA, INCLUSOS, FIXAÇÃO, TORNEIRA, CHUMBAMENTO","UN",{"$f":"IF(RegimeExecucao=\"Global\",\"\",ORÇAMENTO!T140)","v":1},{"$f":"IF(RegimeExecucao=\"Global\",\"\",ORÇAMENTO!W140)","v":132.38999999999999},{"$f":"ORÇAMENTO!X140","v":132.38999999999999},0,0,0,{"$f":"IF($A140=\"S\",VTOTALBM,IF($A140=0,0,ROUND(SomaAgrupBM,15-13*ORÇAMENTO!$AF$11)))","v":{"$error":"#REF!"}},{"$error":"#REF!"},{"$f":"IF($A140=\"S\",VTOTALBM,IF($A140=0,0,ROUND(SomaAgrupBM,15-13*ORÇAMENTO!$AF$11)))","v":{"$error":"#REF!"}},null,null,null,null,{"$error":"#REF!"},{"$error":"#REF!"},{"$error":"#REF!"},{"$f":"IF($Y140>0,CHOOSE(MATCH(RegimeExecucao,{\"Unitário\",\"Global\"},0),IF($A140=\"S\",$Y140/$X140,\"\"),($Y140/$X140)*100),0)","v":{"$error":"#REF!"}},{"$f":"IF($Y140>0,CHOOSE(MATCH(RegimeExecucao,{\"Unitário\",\"Global\"},0),IF($A140=\"S\",ROUND($H140,ORÇAMENTO!$AF$10),\"\"),ROUND($I140,ORÇAMENTO!$AF$11)),\"\")","v":{"$error":"#REF!"}},{"$error":"#REF!"},null,null,null,null,null,null,null,null,null,null,null,null,null,null,null,{"$f":"IF($A140=\"S\",IF(BM!$I140=0,0,CHOOSE(MATCH(RegimeExecucao,{\"Global\",\"Unitário\"},0),ROUND(ROUND(BM.MEDAcumulado,15-13*BM!$A$9)/100*BM!$I140,15-13*ORÇAMENTO!$AF$11),ROUND(ROUND(BM.MEDAcumulado,15-13*BM!$A$9)*ROUND(BM!$H140,15-13*ORÇAMENTO!$AF$10),15-13*ORÇAMENTO!$AF$11))),IF($A140=0,0,ROUND(SomaAgrupBM,15-13*ORÇAMENTO!$AF$11)))","v":0}]
[{"$f":"ORÇAMENTO!C141","v":"S"},{"$f":"ORÇAMENTO!D141","v":0},"F",{"$f":"ORÇAMENTO!O141","v":"1.10.6."},"EXTRAVASOR, DA CISTERNA EM  TUBOS DE PVC, SÉRIE R, ÁGUA PLUVIAL, DN 100 MM (INSTALADO EM CONDUTORES VERTICAIS), INCLUSIVE CONEXÕES, CORTES E FIXAÇÕES","M",{"$f":"IF(RegimeExecucao=\"Global\",\"\",ORÇAMENTO!T141)","v":50},{"$f":"IF(RegimeExecucao=\"Global\",\"\",ORÇAMENTO!W141)","v":48.14},{"$f":"ORÇAMENTO!X141","v":2407},0,0,0,{"$f":"IF($A141=\"S\",VTOTALBM,IF($A141=0,0,ROUND(SomaAgrupBM,15-13*ORÇAMENTO!$AF$11)))","v":{"$error":"#REF!"}},{"$error":"#REF!"},{"$f":"IF($A141=\"S\",VTOTALBM,IF($A141=0,0,ROUND(SomaAgrupBM,15-13*ORÇAMENTO!$AF$11)))","v":{"$error":"#REF!"}},null,null,null,null,{"$error":"#REF!"},{"$error":"#REF!"},{"$error":"#REF!"},{"$f":"IF($Y141>0,CHOOSE(MATCH(RegimeExecucao,{\"Unitário\",\"Global\"},0),IF($A141=\"S\",$Y141/$X141,\"\"),($Y141/$X141)*100),0)","v":{"$error":"#REF!"}},{"$f":"IF($Y141>0,CHOOSE(MATCH(RegimeExecucao,{\"Unitário\",\"Global\"},0),IF($A141=\"S\",ROUND($H141,ORÇAMENTO!$AF$10),\"\"),ROUND($I141,ORÇAMENTO!$AF$11)),\"\")","v":{"$error":"#REF!"}},{"$error":"#REF!"},null,null,null,null,null,null,null,null,null,null,null,null,null,null,null,{"$f":"IF($A141=\"S\",IF(BM!$I141=0,0,CHOOSE(MATCH(RegimeExecucao,{\"Global\",\"Unitário\"},0),ROUND(ROUND(BM.MEDAcumulado,15-13*BM!$A$9)/100*BM!$I141,15-13*ORÇAMENTO!$AF$11),ROUND(ROUND(BM.MEDAcumulado,15-13*BM!$A$9)*ROUND(BM!$H141,15-13*ORÇAMENTO!$AF$10),15-13*ORÇAMENTO!$AF$11))),IF($A141=0,0,ROUND(SomaAgrupBM,15-13*ORÇAMENTO!$AF$11)))","v":0}]
[{"$f":"ORÇAMENTO!C142","v":2},{"$f":"ORÇAMENTO!D142","v":7},"F",{"$f":"ORÇAMENTO!O142","v":"1.11."},"PREVENTIVO DE INCÊNDIO","-",{"$f":"IF(RegimeExecucao=\"Global\",\"\",ORÇAMENTO!T142)","v":0},{"$f":"IF(RegimeExecucao=\"Global\",\"\",ORÇAMENTO!W142)","v":0},{"$f":"ORÇAMENTO!X142","v":1733.09},0,0,0,{"$f":"IF($A142=\"S\",VTOTALBM,IF($A142=0,0,ROUND(SomaAgrupBM,15-13*ORÇAMENTO!$AF$11)))","v":{"$error":"#REF!"}},{"$error":"#REF!"},{"$f":"IF($A142=\"S\",VTOTALBM,IF($A142=0,0,ROUND(SomaAgrupBM,15-13*ORÇAMENTO!$AF$11)))","v":{"$error":"#REF!"}},null,null,null,null,{"$error":"#REF!"},{"$error":"#REF!"},{"$error":"#REF!"},{"$f":"IF($Y142>0,CHOOSE(MATCH(RegimeExecucao,{\"Unitário\",\"Global\"},0),IF($A142=\"S\",$Y142/$X142,\"\"),($Y142/$X142)*100),0)","v":{"$error":"#REF!"}},{"$f":"IF($Y142>0,CHOOSE(MATCH(RegimeExecucao,{\"Unitário\",\"Global\"},0),IF($A142=\"S\",ROUND($H142,ORÇAMENTO!$AF$10),\"\"),ROUND($I142,ORÇAMENTO!$AF$11)),\"\")","v":{"$error":"#REF!"}},{"$error":"#REF!"},null,null,null,null,null,null,null,null,null,null,null,null,null,null,null,{"$f":"IF($A142=\"S\",IF(BM!$I142=0,0,CHOOSE(MATCH(RegimeExecucao,{\"Global\",\"Unitário\"},0),ROUND(ROUND(BM.MEDAcumulado,15-13*BM!$A$9)/100*BM!$I142,15-13*ORÇAMENTO!$AF$11),ROUND(ROUND(BM.MEDAcumulado,15-13*BM!$A$9)*ROUND(BM!$H142,15-13*ORÇAMENTO!$AF$10),15-13*ORÇAMENTO!$AF$11))),IF($A142=0,0,ROUND(SomaAgrupBM,15-13*ORÇAMENTO!$AF$11)))","v":0}]
[{"$f":"ORÇAMENTO!C143","v":"S"},{"$f":"ORÇAMENTO!D143","v":0},"F",{"$f":"ORÇAMENTO!O143","v":"1.11.1."},"EXTINTOR DE PQS 4 KG - FORNECIMENTO E INSTALAÇÃO","UN",{"$f":"IF(RegimeExecucao=\"Global\",\"\",ORÇAMENTO!T143)","v":3},{"$f":"IF(RegimeExecucao=\"Global\",\"\",ORÇAMENTO!W143)","v":132.38999999999999},{"$f":"ORÇAMENTO!X143","v":397.17},0,0,0,{"$f":"IF($A143=\"S\",VTOTALBM,IF($A143=0,0,ROUND(SomaAgrupBM,15-13*ORÇAMENTO!$AF$11)))","v":{"$error":"#REF!"}},{"$error":"#REF!"},{"$f":"IF($A143=\"S\",VTOTALBM,IF($A143=0,0,ROUND(SomaAgrupBM,15-13*ORÇAMENTO!$AF$11)))","v":{"$error":"#REF!"}},null,null,null,null,{"$error":"#REF!"},{"$error":"#REF!"},{"$error":"#REF!"},{"$f":"IF($Y143>0,CHOOSE(MATCH(RegimeExecucao,{\"Unitário\",\"Global\"},0),IF($A143=\"S\",$Y143/$X143,\"\"),($Y143/$X143)*100),0)","v":{"$error":"#REF!"}},{"$f":"IF($Y143>0,CHOOSE(MATCH(RegimeExecucao,{\"Unitário\",\"Global\"},0),IF($A143=\"S\",ROUND($H143,ORÇAMENTO!$AF$10),\"\"),ROUND($I143,ORÇAMENTO!$AF$11)),\"\")","v":{"$error":"#REF!"}},{"$error":"#REF!"},null,null,null,null,null,null,null,null,null,null,null,null,null,null,null,{"$f":"IF($A143=\"S\",IF(BM!$I143=0,0,CHOOSE(MATCH(RegimeExecucao,{\"Global\",\"Unitário\"},0),ROUND(ROUND(BM.MEDAcumulado,15-13*BM!$A$9)/100*BM!$I143,15-13*ORÇAMENTO!$AF$11),ROUND(ROUND(BM.MEDAcumulado,15-13*BM!$A$9)*ROUND(BM!$H143,15-13*ORÇAMENTO!$AF$10),15-13*ORÇAMENTO!$AF$11))),IF($A143=0,0,ROUND(SomaAgrupBM,15-13*ORÇAMENTO!$AF$11)))","v":0}]
[{"$f":"ORÇAMENTO!C144","v":"S"},{"$f":"ORÇAMENTO!D144","v":0},"F",{"$f":"ORÇAMENTO!O144","v":"1.11.2."},"LUMINÁRIA DE EMERGÊNCIA 30 LEDS - FORNECIMENTO E INSTALAÇÃO","UN    ",{"$f":"IF(RegimeExecucao=\"Global\",\"\",ORÇAMENTO!T144)","v":9},{"$f":"IF(RegimeExecucao=\"Global\",\"\",ORÇAMENTO!W144)","v":30.09},{"$f":"ORÇAMENTO!X144","v":270.81},0,0,0,{"$f":"IF($A144=\"S\",VTOTALBM,IF($A144=0,0,ROUND(SomaAgrupBM,15-13*ORÇAMENTO!$AF$11)))","v":{"$error":"#REF!"}},{"$error":"#REF!"},{"$f":"IF($A144=\"S\",VTOTALBM,IF($A144=0,0,ROUND(SomaAgrupBM,15-13*ORÇAMENTO!$AF$11)))","v":{"$error":"#REF!"}},null,null,null,null,{"$error":"#REF!"},{"$error":"#REF!"},{"$error":"#REF!"},{"$f":"IF($Y144>0,CHOOSE(MATCH(RegimeExecucao,{\"Unitário\",\"Global\"},0),IF($A144=\"S\",$Y144/$X144,\"\"),($Y144/$X144)*100),0)","v":{"$error":"#REF!"}},{"$f":"IF($Y144>0,CHOOSE(MATCH(RegimeExecucao,{\"Unitário\",\"Global\"},0),IF($A144=\"S\",ROUND($H144,ORÇAMENTO!$AF$10),\"\"),ROUND($I144,ORÇAMENTO!$AF$11)),\"\")","v":{"$error":"#REF!"}},{"$error":"#REF!"},null,null,null,null,null,null,null,null,null,null,null,null,null,null,null,{"$f":"IF($A144=\"S\",IF(BM!$I144=0,0,CHOOSE(MATCH(RegimeExecucao,{\"Global\",\"Unitário\"},0),ROUND(ROUND(BM.MEDAcumulado,15-13*BM!$A$9)/100*BM!$I144,15-13*ORÇAMENTO!$AF$11),ROUND(ROUND(BM.MEDAcumulado,15-13*BM!$A$9)*ROUND(BM!$H144,15-13*ORÇAMENTO!$AF$10),15-13*ORÇAMENTO!$AF$11))),IF($A144=0,0,ROUND(SomaAgrupBM,15-13*ORÇAMENTO!$AF$11)))","v":0}]
[{"$f":"ORÇAMENTO!C145","v":"S"},{"$f":"ORÇAMENTO!D145","v":0},{"$f":"IF(OR($I145>0,$A145=1,$A145=2,$A145=3,$A145=4),\"F\",\"\")","v":"F"},{"$f":"ORÇAMENTO!O145","v":"1.11.3."},{"$f":"ORÇAMENTO.Descricao","v":"LUMINÁRIA DE EMERGÊNCIA, BLOCO AUTONOMO 2 x 55 LEDS, FORNECIMENTO E INSTALAÇÃO"},{"$f":"IF(RegimeExecucao=\"Global\",\"\",ORÇAMENTO.Unidade)","v":"UN"},{"$f":"IF(RegimeExecucao=\"Global\",\"\",ORÇAMENTO!T145)","v":2},{"$f":"IF(RegimeExecucao=\"Global\",\"\",ORÇAMENTO!W145)","v":397.16},{"$f":"ORÇAMENTO!X145","v":794.32},{"$f":"IF($A145=\"S\",IF(CAIXA.Modo,BM.AFAnterior,BM.MEDAnterior),IF(AND(RegimeExecucao=\"Global\",$I145>0,COUNTIF($AB$13:$AM$13,BM.medicao-1)>0),M145/$I145*100,0))","v":0},0,{"$f":"IF($A145=\"S\",IF(CAIXA.Modo,BM.AFAcumulado,BM.MEDAcumulado),IF(AND(RegimeExecucao=\"Global\",$I145>0,COUNTIF($AB$13:$AM$13,BM.medicao)>0),O145/$I145*100,0))","v":0},{"$f":"IF($A145=\"S\",VTOTALBM,IF($A145=0,0,ROUND(SomaAgrupBM,15-13*ORÇAMENTO!$AF$11)))","v":{"$error":"#REF!"}},{"$error":"#REF!"},{"$f":"IF($A145=\"S\",VTOTALBM,IF($A145=0,0,ROUND(SomaAgrupBM,15-13*ORÇAMENTO!$AF$11)))","v":{"$error":"#REF!"}},null,null,null,null,{"$f":"IF($W145>0,$D145,\"\")","v":{"$error":"#REF!"}},{"$f":"IF($W145>0,$E145,\"\")","v":{"$error":"#REF!"}},{"$f":"IF(AND($W145>0,RegimeExecucao=\"Unitário\"),$F145,\"\")","v":{"$error":"#REF!"}},{"$f":"IF($Y145>0,CHOOSE(MATCH(RegimeExecucao,{\"Unitário\",\"Global\"},0),IF($A145=\"S\",$Y145/$X145,\"\"),($Y145/$X145)*100),0)","v":{"$error":"#REF!"}},{"$f":"IF($Y145>0,CHOOSE(MATCH(RegimeExecucao,{\"Unitário\",\"Global\"},0),IF($A145=\"S\",ROUND($H145,ORÇAMENTO!$AF$10),\"\"),ROUND($I145,ORÇAMENTO!$AF$11)),\"\")","v":{"$error":"#REF!"}},{"$f":"AO145-O145","v":{"$error":"#REF!"}},null,null,null,null,null,null,null,null,null,null,null,null,null,null,null,{"$f":"IF($A145=\"S\",IF(BM!$I145=0,0,CHOOSE(MATCH(RegimeExecucao,{\"Global\",\"Unitário\"},0),ROUND(ROUND(BM.MEDAcumulado,15-13*BM!$A$9)/100*BM!$I145,15-13*ORÇAMENTO!$AF$11),ROUND(ROUND(BM.MEDAcumulado,15-13*BM!$A$9)*ROUND(BM!$H145,15-13*ORÇAMENTO!$AF$10),15-13*ORÇAMENTO!$AF$11))),IF($A145=0,0,ROUND(SomaAgrupBM,15-13*ORÇAMENTO!$AF$11)))","v":0}]
[{"$f":"ORÇAMENTO!C146","v":"S"},{"$f":"ORÇAMENTO!D146","v":0},"F",{"$f":"ORÇAMENTO!O146","v":"1.11.4."},"PLACA DE SINALIZAÇÃO DE SEGURANCA CONTRA INCÊNDIO, FOTOLUMINESCENTE, RETANGULAR, ATÉ 20X40 CM, EM PVC 2 MM ANTI-CHAMAS (SÍMBOLOS, CORES E PICTOGRAMAS CONFORME NBR 13434)","UN    ",{"$f":"IF(RegimeExecucao=\"Global\",\"\",ORÇAMENTO!T146)","v":2},{"$f":"IF(RegimeExecucao=\"Global\",\"\",ORÇAMENTO!W146)","v":30.09},{"$f":"ORÇAMENTO!X146","v":60.18},0,0,0,{"$f":"IF($A146=\"S\",VTOTALBM,IF($A146=0,0,ROUND(SomaAgrupBM,15-13*ORÇAMENTO!$AF$11)))","v":{"$error":"#REF!"}},{"$error":"#REF!"},{"$f":"IF($A146=\"S\",VTOTALBM,IF($A146=0,0,ROUND(SomaAgrupBM,15-13*ORÇAMENTO!$AF$11)))","v":{"$error":"#REF!"}},null,null,null,null,{"$error":"#REF!"},{"$error":"#REF!"},{"$error":"#REF!"},{"$f":"IF($Y146>0,CHOOSE(MATCH(RegimeExecucao,{\"Unitário\",\"Global\"},0),IF($A146=\"S\",$Y146/$X146,\"\"),($Y146/$X146)*100),0)","v":{"$error":"#REF!"}},{"$f":"IF($Y146>0,CHOOSE(MATCH(RegimeExecucao,{\"Unitário\",\"Global\"},0),IF($A146=\"S\",ROUND($H146,ORÇAMENTO!$AF$10),\"\"),ROUND($I146,ORÇAMENTO!$AF$11)),\"\")","v":{"$error":"#REF!"}},{"$error":"#REF!"},null,null,null,null,null,null,null,null,null,null,null,null,null,null,null,{"$f":"IF($A146=\"S\",IF(BM!$I146=0,0,CHOOSE(MATCH(RegimeExecucao,{\"Global\",\"Unitário\"},0),ROUND(ROUND(BM.MEDAcumulado,15-13*BM!$A$9)/100*BM!$I146,15-13*ORÇAMENTO!$AF$11),ROUND(ROUND(BM.MEDAcumulado,15-13*BM!$A$9)*ROUND(BM!$H146,15-13*ORÇAMENTO!$AF$10),15-13*ORÇAMENTO!$AF$11))),IF($A146=0,0,ROUND(SomaAgrupBM,15-13*ORÇAMENTO!$AF$11)))","v":0}]
[{"$f":"ORÇAMENTO!C147","v":"S"},{"$f":"ORÇAMENTO!D147","v":0},{"$f":"IF(OR($I147>0,$A147=1,$A147=2,$A147=3,$A147=4),\"F\",\"\")","v":"F"},{"$f":"ORÇAMENTO!O147","v":"1.11.5."},{"$f":"ORÇAMENTO.Descricao","v":"PLACA DE SINALIZAÇÃO FACE ÚNICA COM LÂMPADA DE LED"},{"$f":"IF(RegimeExecucao=\"Global\",\"\",ORÇAMENTO.Unidade)","v":"UN"},{"$f":"IF(RegimeExecucao=\"Global\",\"\",ORÇAMENTO!T147)","v":1},{"$f":"IF(RegimeExecucao=\"Global\",\"\",ORÇAMENTO!W147)","v":114.33},{"$f":"ORÇAMENTO!X147","v":114.33},{"$f":"IF($A147=\"S\",IF(CAIXA.Modo,BM.AFAnterior,BM.MEDAnterior),IF(AND(RegimeExecucao=\"Global\",$I147>0,COUNTIF($AB$13:$AM$13,BM.medicao-1)>0),M147/$I147*100,0))","v":0},0,{"$f":"IF($A147=\"S\",IF(CAIXA.Modo,BM.AFAcumulado,BM.MEDAcumulado),IF(AND(RegimeExecucao=\"Global\",$I147>0,COUNTIF($AB$13:$AM$13,BM.medicao)>0),O147/$I147*100,0))","v":0},{"$f":"IF($A147=\"S\",VTOTALBM,IF($A147=0,0,ROUND(SomaAgrupBM,15-13*ORÇAMENTO!$AF$11)))","v":{"$error":"#REF!"}},{"$error":"#REF!"},{"$f":"IF($A147=\"S\",VTOTALBM,IF($A147=0,0,ROUND(SomaAgrupBM,15-13*ORÇAMENTO!$AF$11)))","v":{"$error":"#REF!"}},null,null,null,null,{"$f":"IF($W147>0,$D147,\"\")","v":{"$error":"#REF!"}},{"$f":"IF($W147>0,$E147,\"\")","v":{"$error":"#REF!"}},{"$f":"IF(AND($W147>0,RegimeExecucao=\"Unitário\"),$F147,\"\")","v":{"$error":"#REF!"}},{"$f":"IF($Y147>0,CHOOSE(MATCH(RegimeExecucao,{\"Unitário\",\"Global\"},0),IF($A147=\"S\",$Y147/$X147,\"\"),($Y147/$X147)*100),0)","v":{"$error":"#REF!"}},{"$f":"IF($Y147>0,CHOOSE(MATCH(RegimeExecucao,{\"Unitário\",\"Global\"},0),IF($A147=\"S\",ROUND($H147,ORÇAMENTO!$AF$10),\"\"),ROUND($I147,ORÇAMENTO!$AF$11)),\"\")","v":{"$error":"#REF!"}},{"$f":"AO147-O147","v":{"$error":"#REF!"}},null,null,null,null,null,null,null,null,null,null,null,null,null,null,null,{"$f":"IF($A147=\"S\",IF(BM!$I147=0,0,CHOOSE(MATCH(RegimeExecucao,{\"Global\",\"Unitário\"},0),ROUND(ROUND(BM.MEDAcumulado,15-13*BM!$A$9)/100*BM!$I147,15-13*ORÇAMENTO!$AF$11),ROUND(ROUND(BM.MEDAcumulado,15-13*BM!$A$9)*ROUND(BM!$H147,15-13*ORÇAMENTO!$AF$10),15-13*ORÇAMENTO!$AF$11))),IF($A147=0,0,ROUND(SomaAgrupBM,15-13*ORÇAMENTO!$AF$11)))","v":0}]
[{"$f":"ORÇAMENTO!C148","v":"S"},{"$f":"ORÇAMENTO!D148","v":0},{"$f":"IF(OR($I148>0,$A148=1,$A148=2,$A148=3,$A148=4),\"F\",\"\")","v":"F"},{"$f":"ORÇAMENTO!O148","v":"1.11.6."},{"$f":"ORÇAMENTO.Descricao","v":"FOGÃO ELÉTRICO 2 BOCAS - 2.000 W - 220 V"},{"$f":"IF(RegimeExecucao=\"Global\",\"\",ORÇAMENTO.Unidade)","v":"UN "},{"$f":"IF(RegimeExecucao=\"Global\",\"\",ORÇAMENTO!T148)","v":1},{"$f":"IF(RegimeExecucao=\"Global\",\"\",ORÇAMENTO!W148)","v":96.28},{"$f":"ORÇAMENTO!X148","v":96.28},{"$f":"IF($A148=\"S\",IF(CAIXA.Modo,BM.AFAnterior,BM.MEDAnterior),IF(AND(RegimeExecucao=\"Global\",$I148>0,COUNTIF($AB$13:$AM$13,BM.medicao-1)>0),M148/$I148*100,0))","v":0},0,{"$f":"IF($A148=\"S\",IF(CAIXA.Modo,BM.AFAcumulado,BM.MEDAcumulado),IF(AND(RegimeExecucao=\"Global\",$I148>0,COUNTIF($AB$13:$AM$13,BM.medicao)>0),O148/$I148*100,0))","v":0},{"$f":"IF($A148=\"S\",VTOTALBM,IF($A148=0,0,ROUND(SomaAgrupBM,15-13*ORÇAMENTO!$AF$11)))","v":{"$error":"#REF!"}},{"$error":"#REF!"},{"$f":"IF($A148=\"S\",VTOTALBM,IF($A148=0,0,ROUND(SomaAgrupBM,15-13*ORÇAMENTO!$AF$11)))","v":{"$error":"#REF!"}},null,null,null,null,{"$f":"IF($W148>0,$D148,\"\")","v":{"$error":"#REF!"}},{"$f":"IF($W148>0,$E148,\"\")","v":{"$error":"#REF!"}},{"$f":"IF(AND($W148>0,RegimeExecucao=\"Unitário\"),$F148,\"\")","v":{"$error":"#REF!"}},{"$f":"IF($Y148>0,CHOOSE(MATCH(RegimeExecucao,{\"Unitário\",\"Global\"},0),IF($A148=\"S\",$Y148/$X148,\"\"),($Y148/$X148)*100),0)","v":{"$error":"#REF!"}},{"$f":"IF($Y148>0,CHOOSE(MATCH(RegimeExecucao,{\"Unitário\",\"Global\"},0),IF($A148=\"S\",ROUND($H148,ORÇAMENTO!$AF$10),\"\"),ROUND($I148,ORÇAMENTO!$AF$11)),\"\")","v":{"$error":"#REF!"}},{"$f":"AO148-O148","v":{"$error":"#REF!"}},null,null,null,null,null,null,null,null,null,null,null,null,null,null,null,{"$f":"IF($A148=\"S\",IF(BM!$I148=0,0,CHOOSE(MATCH(RegimeExecucao,{\"Global\",\"Unitário\"},0),ROUND(ROUND(BM.MEDAcumulado,15-13*BM!$A$9)/100*BM!$I148,15-13*ORÇAMENTO!$AF$11),ROUND(ROUND(BM.MEDAcumulado,15-13*BM!$A$9)*ROUND(BM!$H148,15-13*ORÇAMENTO!$AF$10),15-13*ORÇAMENTO!$AF$11))),IF($A148=0,0,ROUND(SomaAgrupBM,15-13*ORÇAMENTO!$AF$11)))","v":0}]
[{"$f":"ORÇAMENTO!C149","v":2},{"$f":"ORÇAMENTO!D149","v":3},{"$f":"IF(OR($I149>0,$A149=1,$A149=2,$A149=3,$A149=4),\"F\",\"\")","v":"F"},{"$f":"ORÇAMENTO!O149","v":"1.12."},{"$f":"ORÇAMENTO.Descricao","v":"CERCAMENTO"},{"$f":"IF(RegimeExecucao=\"Global\",\"\",ORÇAMENTO.Unidade)","v":"-"},{"$f":"IF(RegimeExecucao=\"Global\",\"\",ORÇAMENTO!T149)","v":0},{"$f":"IF(RegimeExecucao=\"Global\",\"\",ORÇAMENTO!W149)","v":0},{"$f":"ORÇAMENTO!X149","v":81211.95},{"$f":"IF($A149=\"S\",IF(CAIXA.Modo,BM.AFAnterior,BM.MEDAnterior),IF(AND(RegimeExecucao=\"Global\",$I149>0,COUNTIF($AB$13:$AM$13,BM.medicao-1)>0),M149/$I149*100,0))","v":0},0,{"$f":"IF($A149=\"S\",IF(CAIXA.Modo,BM.AFAcumulado,BM.MEDAcumulado),IF(AND(RegimeExecucao=\"Global\",$I149>0,COUNTIF($AB$13:$AM$13,BM.medicao)>0),O149/$I149*100,0))","v":0},{"$f":"IF($A149=\"S\",VTOTALBM,IF($A149=0,0,ROUND(SomaAgrupBM,15-13*ORÇAMENTO!$AF$11)))","v":{"$error":"#REF!"}},{"$error":"#REF!"},{"$f":"IF($A149=\"S\",VTOTALBM,IF($A149=0,0,ROUND(SomaAgrupBM,15-13*ORÇAMENTO!$AF$11)))","v":{"$error":"#REF!"}},null,null,null,null,{"$f":"IF($W149>0,$D149,\"\")","v":{"$error":"#REF!"}},{"$f":"IF($W149>0,$E149,\"\")","v":{"$error":"#REF!"}},{"$f":"IF(AND($W149>0,RegimeExecucao=\"Unitário\"),$F149,\"\")","v":{"$error":"#REF!"}},{"$f":"IF($Y149>0,CHOOSE(MATCH(RegimeExecucao,{\"Unitário\",\"Global\"},0),IF($A149=\"S\",$Y149/$X149,\"\"),($Y149/$X149)*100),0)","v":{"$error":"#REF!"}},{"$f":"IF($Y149>0,CHOOSE(MATCH(RegimeExecucao,{\"Unitário\",\"Global\"},0),IF($A149=\"S\",ROUND($H149,ORÇAMENTO!$AF$10),\"\"),ROUND($I149,ORÇAMENTO!$AF$11)),\"\")","v":{"$error":"#REF!"}},{"$f":"AO149-O149","v":{"$error":"#REF!"}},null,null,null,null,null,null,null,null,null,null,null,null,null,null,null,{"$f":"IF($A149=\"S\",IF(BM!$I149=0,0,CHOOSE(MATCH(RegimeExecucao,{\"Global\",\"Unitário\"},0),ROUND(ROUND(BM.MEDAcumulado,15-13*BM!$A$9)/100*BM!$I149,15-13*ORÇAMENTO!$AF$11),ROUND(ROUND(BM.MEDAcumulado,15-13*BM!$A$9)*ROUND(BM!$H149,15-13*ORÇAMENTO!$AF$10),15-13*ORÇAMENTO!$AF$11))),IF($A149=0,0,ROUND(SomaAgrupBM,15-13*ORÇAMENTO!$AF$11)))","v":0}]
[{"$f":"ORÇAMENTO!C150","v":"S"},{"$f":"ORÇAMENTO!D150","v":0},{"$f":"IF(OR($I150>0,$A150=1,$A150=2,$A150=3,$A150=4),\"F\",\"\")","v":"F"},{"$f":"ORÇAMENTO!O150","v":"1.12.1."},{"$f":"ORÇAMENTO.Descricao","v":"ALAMBRADO COM MOUROES EM CONCRETO, CHUMBADOS EM CONCRETO, MURETA EM BLOCOS COM CINTA DE AMARRAÇÃO, ACABAMENTO COM CHAPISCO,  EMBOCO E PINTURA (H=0,50M) E TELA EM ARAME GALVANIZADO H=1,50M, FIXADA COM ARAME INCLUSO ESTICADORES"},{"$f":"IF(RegimeExecucao=\"Global\",\"\",ORÇAMENTO.Unidade)","v":"M"},{"$f":"IF(RegimeExecucao=\"Global\",\"\",ORÇAMENTO!T150)","v":339.36},{"$f":"IF(RegimeExecucao=\"Global\",\"\",ORÇAMENTO!W150)","v":228.67},{"$f":"ORÇAMENTO!X150","v":77601.45},{"$f":"IF($A150=\"S\",IF(CAIXA.Modo,BM.AFAnterior,BM.MEDAnterior),IF(AND(RegimeExecucao=\"Global\",$I150>0,COUNTIF($AB$13:$AM$13,BM.medicao-1)>0),M150/$I150*100,0))","v":0},0,{"$f":"IF($A150=\"S\",IF(CAIXA.Modo,BM.AFAcumulado,BM.MEDAcumulado),IF(AND(RegimeExecucao=\"Global\",$I150>0,COUNTIF($AB$13:$AM$13,BM.medicao)>0),O150/$I150*100,0))","v":0},{"$f":"IF($A150=\"S\",VTOTALBM,IF($A150=0,0,ROUND(SomaAgrupBM,15-13*ORÇAMENTO!$AF$11)))","v":{"$error":"#REF!"}},{"$error":"#REF!"},{"$f":"IF($A150=\"S\",VTOTALBM,IF($A150=0,0,ROUND(SomaAgrupBM,15-13*ORÇAMENTO!$AF$11)))","v":{"$error":"#REF!"}},null,null,null,null,{"$f":"IF($W150>0,$D150,\"\")","v":{"$error":"#REF!"}},{"$f":"IF($W150>0,$E150,\"\")","v":{"$error":"#REF!"}},{"$f":"IF(AND($W150>0,RegimeExecucao=\"Unitário\"),$F150,\"\")","v":{"$error":"#REF!"}},{"$f":"IF($Y150>0,CHOOSE(MATCH(RegimeExecucao,{\"Unitário\",\"Global\"},0),IF($A150=\"S\",$Y150/$X150,\"\"),($Y150/$X150)*100),0)","v":{"$error":"#REF!"}},{"$f":"IF($Y150>0,CHOOSE(MATCH(RegimeExecucao,{\"Unitário\",\"Global\"},0),IF($A150=\"S\",ROUND($H150,ORÇAMENTO!$AF$10),\"\"),ROUND($I150,ORÇAMENTO!$AF$11)),\"\")","v":{"$error":"#REF!"}},{"$f":"AO150-O150","v":{"$error":"#REF!"}},null,null,null,null,null,null,null,null,null,null,null,null,null,null,null,{"$f":"IF($A150=\"S\",IF(BM!$I150=0,0,CHOOSE(MATCH(RegimeExecucao,{\"Global\",\"Unitário\"},0),ROUND(ROUND(BM.MEDAcumulado,15-13*BM!$A$9)/100*BM!$I150,15-13*ORÇAMENTO!$AF$11),ROUND(ROUND(BM.MEDAcumulado,15-13*BM!$A$9)*ROUND(BM!$H150,15-13*ORÇAMENTO!$AF$10),15-13*ORÇAMENTO!$AF$11))),IF($A150=0,0,ROUND(SomaAgrupBM,15-13*ORÇAMENTO!$AF$11)))","v":0}]
[{"$f":"ORÇAMENTO!C151","v":"S"},{"$f":"ORÇAMENTO!D151","v":0},{"$f":"IF(OR($I151>0,$A151=1,$A151=2,$A151=3,$A151=4),\"F\",\"\")","v":"F"},{"$f":"ORÇAMENTO!O151","v":"1.12.2."},{"$f":"ORÇAMENTO.Descricao","v":"PORTAO DE CORRER EM GRADIL FIXO DE BARRA DE FERRO CHATA DE 3 X 1/4\" NA VERTICAL, ACABAMENTO NATURAL, COM TRILHOS E ROLDANAS"},{"$f":"IF(RegimeExecucao=\"Global\",\"\",ORÇAMENTO.Unidade)","v":"M2    "},{"$f":"IF(RegimeExecucao=\"Global\",\"\",ORÇAMENTO!T151)","v":10},{"$f":"IF(RegimeExecucao=\"Global\",\"\",ORÇAMENTO!W151)","v":361.05},{"$f":"ORÇAMENTO!X151","v":3610.5},{"$f":"IF($A151=\"S\",IF(CAIXA.Modo,BM.AFAnterior,BM.MEDAnterior),IF(AND(RegimeExecucao=\"Global\",$I151>0,COUNTIF($AB$13:$AM$13,BM.medicao-1)>0),M151/$I151*100,0))","v":0},0,{"$f":"IF($A151=\"S\",IF(CAIXA.Modo,BM.AFAcumulado,BM.MEDAcumulado),IF(AND(RegimeExecucao=\"Global\",$I151>0,COUNTIF($AB$13:$AM$13,BM.medicao)>0),O151/$I151*100,0))","v":0},{"$f":"IF($A151=\"S\",VTOTALBM,IF($A151=0,0,ROUND(SomaAgrupBM,15-13*ORÇAMENTO!$AF$11)))","v":{"$error":"#REF!"}},{"$error":"#REF!"},{"$f":"IF($A151=\"S\",VTOTALBM,IF($A151=0,0,ROUND(SomaAgrupBM,15-13*ORÇAMENTO!$AF$11)))","v":{"$error":"#REF!"}},null,null,null,null,{"$f":"IF($W151>0,$D151,\"\")","v":{"$error":"#REF!"}},{"$f":"IF($W151>0,$E151,\"\")","v":{"$error":"#REF!"}},{"$f":"IF(AND($W151>0,RegimeExecucao=\"Unitário\"),$F151,\"\")","v":{"$error":"#REF!"}},{"$f":"IF($Y151>0,CHOOSE(MATCH(RegimeExecucao,{\"Unitário\",\"Global\"},0),IF($A151=\"S\",$Y151/$X151,\"\"),($Y151/$X151)*100),0)","v":{"$error":"#REF!"}},{"$f":"IF($Y151>0,CHOOSE(MATCH(RegimeExecucao,{\"Unitário\",\"Global\"},0),IF($A151=\"S\",ROUND($H151,ORÇAMENTO!$AF$10),\"\"),ROUND($I151,ORÇAMENTO!$AF$11)),\"\")","v":{"$error":"#REF!"}},{"$f":"AO151-O151","v":{"$error":"#REF!"}},null,null,null,null,null,null,null,null,null,null,null,null,null,null,null,{"$f":"IF($A151=\"S\",IF(BM!$I151=0,0,CHOOSE(MATCH(RegimeExecucao,{\"Global\",\"Unitário\"},0),ROUND(ROUND(BM.MEDAcumulado,15-13*BM!$A$9)/100*BM!$I151,15-13*ORÇAMENTO!$AF$11),ROUND(ROUND(BM.MEDAcumulado,15-13*BM!$A$9)*ROUND(BM!$H151,15-13*ORÇAMENTO!$AF$10),15-13*ORÇAMENTO!$AF$11))),IF($A151=0,0,ROUND(SomaAgrupBM,15-13*ORÇAMENTO!$AF$11)))","v":0}]
[{"$f":"ORÇAMENTO!C152","v":2},{"$f":"ORÇAMENTO!D152","v":2},"F",{"$f":"ORÇAMENTO!O152","v":"1.13."},"SERVIÇOS FINAIS","-",{"$f":"IF(RegimeExecucao=\"Global\",\"\",ORÇAMENTO!T152)","v":0},{"$f":"IF(RegimeExecucao=\"Global\",\"\",ORÇAMENTO!W152)","v":0},{"$f":"ORÇAMENTO!X152","v":905},0,0,0,{"$f":"IF($A152=\"S\",VTOTALBM,IF($A152=0,0,ROUND(SomaAgrupBM,15-13*ORÇAMENTO!$AF$11)))","v":{"$error":"#REF!"}},{"$error":"#REF!"},{"$f":"IF($A152=\"S\",VTOTALBM,IF($A152=0,0,ROUND(SomaAgrupBM,15-13*ORÇAMENTO!$AF$11)))","v":{"$error":"#REF!"}},null,null,null,null,{"$error":"#REF!"},{"$error":"#REF!"},{"$error":"#REF!"},{"$f":"IF($Y152>0,CHOOSE(MATCH(RegimeExecucao,{\"Unitário\",\"Global\"},0),IF($A152=\"S\",$Y152/$X152,\"\"),($Y152/$X152)*100),0)","v":{"$error":"#REF!"}},{"$f":"IF($Y152>0,CHOOSE(MATCH(RegimeExecucao,{\"Unitário\",\"Global\"},0),IF($A152=\"S\",ROUND($H152,ORÇAMENTO!$AF$10),\"\"),ROUND($I152,ORÇAMENTO!$AF$11)),\"\")","v":{"$error":"#REF!"}},{"$error":"#REF!"},null,null,null,null,null,null,null,null,null,null,null,null,null,null,null,{"$f":"IF($A152=\"S\",IF(BM!$I152=0,0,CHOOSE(MATCH(RegimeExecucao,{\"Global\",\"Unitário\"},0),ROUND(ROUND(BM.MEDAcumulado,15-13*BM!$A$9)/100*BM!$I152,15-13*ORÇAMENTO!$AF$11),ROUND(ROUND(BM.MEDAcumulado,15-13*BM!$A$9)*ROUND(BM!$H152,15-13*ORÇAMENTO!$AF$10),15-13*ORÇAMENTO!$AF$11))),IF($A152=0,0,ROUND(SomaAgrupBM,15-13*ORÇAMENTO!$AF$11)))","v":0}]
[{"$f":"ORÇAMENTO!C153","v":"S"},{"$f":"ORÇAMENTO!D153","v":0},"F",{"$f":"ORÇAMENTO!O153","v":"1.13.1."},"LIMPEZA DE OBRA - PISO, PAREDES, APARELHOS E DEMAIS","M2",{"$f":"IF(RegimeExecucao=\"Global\",\"\",ORÇAMENTO!T153)","v":500},{"$f":"IF(RegimeExecucao=\"Global\",\"\",ORÇAMENTO!W153)","v":1.81},{"$f":"ORÇAMENTO!X153","v":905},0,0,0,{"$f":"IF($A153=\"S\",VTOTALBM,IF($A153=0,0,ROUND(SomaAgrupBM,15-13*ORÇAMENTO!$AF$11)))","v":{"$error":"#REF!"}},{"$error":"#REF!"},{"$f":"IF($A153=\"S\",VTOTALBM,IF($A153=0,0,ROUND(SomaAgrupBM,15-13*ORÇAMENTO!$AF$11)))","v":{"$error":"#REF!"}},null,null,null,null,{"$error":"#REF!"},{"$error":"#REF!"},{"$error":"#REF!"},{"$f":"IF($Y153>0,CHOOSE(MATCH(RegimeExecucao,{\"Unitário\",\"Global\"},0),IF($A153=\"S\",$Y153/$X153,\"\"),($Y153/$X153)*100),0)","v":{"$error":"#REF!"}},{"$f":"IF($Y153>0,CHOOSE(MATCH(RegimeExecucao,{\"Unitário\",\"Global\"},0),IF($A153=\"S\",ROUND($H153,ORÇAMENTO!$AF$10),\"\"),ROUND($I153,ORÇAMENTO!$AF$11)),\"\")","v":{"$error":"#REF!"}},{"$error":"#REF!"},null,null,null,null,null,null,null,null,null,null,null,null,null,null,null,{"$f":"IF($A153=\"S\",IF(BM!$I153=0,0,CHOOSE(MATCH(RegimeExecucao,{\"Global\",\"Unitário\"},0),ROUND(ROUND(BM.MEDAcumulado,15-13*BM!$A$9)/100*BM!$I153,15-13*ORÇAMENTO!$AF$11),ROUND(ROUND(BM.MEDAcumulado,15-13*BM!$A$9)*ROUND(BM!$H153,15-13*ORÇAMENTO!$AF$10),15-13*ORÇAMENTO!$AF$11))),IF($A153=0,0,ROUND(SomaAgrupBM,15-13*ORÇAMENTO!$AF$11)))","v":0}]
[null,null,"F"]
[]
[null,null,null,"Observações:",null,null,null,null,null,null,null,null,null,null,null,null,null,null,null,"Observações"]
[]
[]
[]
[]
[null,null,null,{"$f":"IF(OR(AND(ORÇAMENTO!$AF$7=FALSE,ORÇAMENTO!$AF$10=FALSE,RegimeExecucao=\"Global\"),AND(ORÇAMENTO!$AF$7=FALSE,ORÇAMENTO!$AF$10=FALSE,ORÇAMENTO!$AF$11=FALSE,BM!$A$9=FALSE)),\"Não foi considerado arredondamento nos valores da planilha.\",CONCATENATE(\"Foi considerado arredondamento de duas casas decimais para \",IF(AND(RegimeExecucao=\"Unitário\",ORÇAMENTO!$AF$7=TRUE),\"Quantidade; \",\"\"),IF(AND(RegimeExecucao=\"Unitário\",ORÇAMENTO!$AF$10=TRUE),\"Preço unitário; \",\"\"),IF(ORÇAMENTO!$AF$11=TRUE,\"Preço total; \",\"\"),,IF(BM!$A$9=TRUE,\"Medição.\",\"\")))","v":"Foi considerado arredondamento de duas casas decimais para Quantidade; Preço unitário; Preço total; Medição."}]
[]
[null,null,null,{"$f":"IF(CAIXA.Modo,\"\",\"Os serviços medidos informados neste BM encontram-se concluídos, estão em conformidade com os projetos e especificações aceitos pela CAIXA e foram executados de acordo com as normas técnicas.\")","v":"Os serviços medidos informados neste BM encontram-se concluídos, estão em conformidade com os projetos e especificações aceitos pela CAIXA e foram executados de acordo com as normas técnicas."}]
[null,null,null,null,{"$f":"Import.Município","v":"Ouro/SC"}]
[null,null,null,null,"Local",null,null,null,null,"Responsável Técnico pela Fiscalização",null,null,null,null,null,null,null,null,null,null,null,null,"Profissional CAIXA:"]
[null,null,null,null,null,null,null,null,null,"Nome:",{"$f":"Import.RespFiscalização","v":0},null,null,null,null,null,null,null,null,null,null,null,"Nome:"]
[null,null,null,null,{"$f":"DADOS!$F$47","v":"2020-07-23"},null,null,null,null,"Profissão:",0,null,null,null,null,null,null,null,null,null,null,null,"Matrícula"]
[null,null,null,null,"Data",null,null,null,null,"CREA/CAU:",0,null,null,null,null,null,null,null,null,null,null,null,"CREA/CAU:"]
[null,null,null,null,null,null,null,null,null,"ART/RRT:",0]

{"sheet":"RRE","index":12,"n_rows":49,"n_cols":41,"rows_kept":49,"cut":false,"hidden":false,"merged":[[3,12,3,14],[48,12,48,14],[30,4,32,15],[34,11,34,14],[39,12,39,14],[40,12,40,14],[41,12,41,14],[46,12,46,14],[48,5,48,6],[34,4,34,6],[46,5,46,6],[47,5,47,6],[23,9,23,10],[23,15,27,15],[24,9,24,10],[25,9,25,10],[26,9,26,10],[27,9,27,10],[28,14,28,15],[47,12,47,14],[9,28,9,33],[9,35,9,40],[10,24,10,25],[10,28,10,30],[10,31,10,33],[10,35,10,37],[10,38,10,40],[6,3,10,3],[6,4,6,7],[6,8,6,11],[8,6,8,7],[8,8,8,9],[8,11,9,11],[9,6,9,7],[5,4,5,7],[5,8,5,11],[2,4,2,7],[2,8,2,10],[3,4,3,7],[3,8,3,10]]}
[null,null,null,null,null,{"$f":"CONCATENATE(\"RRE - RELATÓRIO RESUMO DO EMPREENDIMENTO - \",IF(CAIXA.Modo,\"CAIXA\",\"TOMADOR\"))","v":"RRE - RELATÓRIO RESUMO DO EMPREENDIMENTO - TOMADOR"},null,null,null,null,null,null,null,null,null,null,null,null,null,null,null,null,null,null,null,null,null,null,null,"Acum. Previsto","Acum. Chegada"]
[null,null,null,null,null,null,null,null,null,null,null,null,null,null,null,null,null,null,null,null,null,null,null,null,null,null,null,null,{"$f":"J25","v":"Repasse"},{"$f":"AD6-AD4-AD3","v":{"$error":"#REF!"}},{"$f":"AE6-AE4-AE3","v":{"$error":"#REF!"}}]
[null,null,null,null,"PROPONENTE / TOMADOR",null,null,null,"Nº OPERAÇÃO",null,null,"Nº SICONV",null,null,null,"RECURSO",null,null,null,null,null,null,null,null,null,null,null,null,"CP",{"$f":"SUM(T13:OFFSET(T24,-1,0))","v":{"$error":"#REF!"}},{"$f":"IF(OR($O$28<$M$28,$M$26>$AD$3),MIN($M$26,$L$26),MIN($AD$3,$N$28-$N$27+$M$26))","v":{"$error":"#REF!"}}]
[null,null,null,null,{"$f":"Import.Proponente","v":"Prefeitura Municipal de Ouro/SC"},null,null,null,{"$f":"Import.CR","v":0},null,null,{"$f":"Import.SICONV","v":0},"VALORES CONTRATADOS (R$):",null,null,{"$f":"import.recurso","v":"(SELECIONAR)"},null,null,null,null,null,null,null,null,null,null,null,null,"Outros",{"$f":"SUM(U13:OFFSET(U24,-1,0))","v":{"$error":"#REF!"}},{"$f":"IF(OR($O$28<$M$28,$M$27>$AD$4),MIN($M$27,$L$27),MIN($AD$4,$N$28+$M$27))","v":{"$error":"#REF!"}}]
[]
[null,null,null,null,"APELIDO DO EMPREENDIMENTO",null,null,null,"MUNICÍPIO / UF",null,null,null,{"$f":"IF(import.recurso=\"FGTS\",\"FINANCIAMENTO\",\"REPASSE\")","v":"REPASSE"},"CONTRAPARTIDA","INVESTIMENTO","Nº RRE",null,null,null,null,null,null,null,null,null,null,null,null,"Investimento",{"$f":"$O$28","v":{"$error":"#REF!"}},{"$f":"AD6","v":{"$error":"#REF!"}}]
[null,null,null,"FILTRO",{"$f":"Import.Apelido","v":"FECHAMENTO DA GARAGEM DE MÁQUINAS"},null,null,null,{"$f":"Import.Município","v":"Ouro/SC"},null,null,null,{"$f":"Import.Repasse","v":0},{"$f":"Import.Contrapartida","v":0},{"$f":"M7+N7","v":0},{"$f":"IF(ACOMPANHAMENTO=\"PLE\",PLE.Medicao,BM.medicao)","v":1}]
[]
[null,null,null,null,null,null,"Situação do TC/CR:",null,"Percentual previsto em:",null,null,"Saldo a Reprogramar","Repasse (R$)","Contrapartida (R$)",null,null,null,null,null,null,null,"Lista CTEF"]
[null,null,null,null,null,null,{"$f":"IF(J10=\"-\",\"-\",IF($P$24<J10,\"Atrasada\",IF($P$24>J10,\"Adiantada\",\"Normal\")))","v":{"$error":"#REF!"}},null,{"$f":"DATE(YEAR($L$35),MONTH($L$35),1)","v":"2020-07-01"},{"$f":"IF($I$10<DATE(YEAR(CRONO!$T$13),MONTH(CRONO!$T$13),1),0,IF($I$10>CRONO!$AE$13,1,INDEX(CRONO!$S$62:$AG$62,MATCH(RRE!$I$10,CRONO!$S$13:$AG$13,0))))","v":0},null,null,{"$f":"QCI!L10","v":0},{"$f":"QCI!M10","v":-298436.46000000002},null,null,null,null,null,null,null,null,null,null,null,null,null,null,"PLE",null,null,null,null,null,null,"BM"]
[null,null,null,null,null,null,null,null,null,null,null,null,{"$f":"IF(CAIXA.Modo,\"Valores Aferidos (R$)\",\"Valores Medidos (R$)\")","v":"Valores Medidos (R$)"},null,null,null,null,null,null,null,null,"Lista CTEFs",null,null,{"$f":"IF(CAIXA.Modo,\"Valores Aferidos (R$)\",\"Valores Medidos (R$)\")","v":"Valores Medidos (R$)"},null,null,null,"Acumulado Período Anterior",null,null,"Acumulado incluindo o Período",null,null,null,"Acumulado Período Anterior",null,null,"Acumulado incluindo o Período"]
[{"$f":"MATCH(E12,ORÇAMENTO!$E$15:$E$154,0)-1","v":{"$error":"#N/A"}},{"$f":"IF(ISERROR($A12),NA(),OFFSET(ORÇAMENTO!$D$15,$A12,0))","v":{"$error":"#N/A"}},{"$f":"QCI!B12","v":"Branco"},{"$f":"IF(L12>0,\"F\",\"\")","v":""},{"$f":"QCI!D12","v":-1},{"$f":"QCI!G12","v":""},{"$f":"QCI!H12","v":0},{"$f":"QCI!I12","v":0},{"$f":"QCI!J12","v":""},{"$f":"QCI!K12","v":""},{"$f":"IF($C12=\"Automático\",IF(ACOMPANHAMENTO=\"BM\",BM.medicao,PLE.Medicao),IF(ISBLANK($X12),\"\",$X12))","v":""},{"$f":"QCI!$O12","v":0},{"$f":"ROUND(IF(C12=\"Automático\",AE12+AL12,Y12),2)","v":0},{"$f":"O12-M12","v":0},{"$f":"ROUND(IF(C12=\"Automático\",AH12+AO12,Z12),2)","v":0},{"$f":"O12/(L12+10^-12)","v":0},null,{"$f":"ROUND(IF($C12=\"Automático\",AC12+AJ12,$Y12*IF(ISERROR(QCI!$AA12/QCI!$O12),0,QCI!$AA12/QCI!$O12)),2)","v":0},{"$f":"ROUND(IF($C12=\"Automático\",AD12+AK12,$Y12*IF(ISERROR(QCI!$AB12/QCI!$O12),0,QCI!$AB12/QCI!$O12)),2)","v":0},{"$f":"ROUND(IF($C12=\"Automático\",AF12+AM12,$Z12*IF(ISERROR(QCI!$AA12/QCI!$O12),0,QCI!$AA12/QCI!$O12)),2)","v":0},{"$f":"ROUND(IF($C12=\"Automático\",AG12+AN12,$Z12*IF(ISERROR(QCI!$AB12/QCI!$O12),0,QCI!$AB12/QCI!$O12)),2)","v":0},{"$f":"IF(AND($L12>0,$J12<>0,$J12<>\"\",COUNTIF($J12:$J$13,$J12)=1),OFFSET(V12,-1,0)+1,OFFSET(V12,-1,0))","v":"Lista CTEFs"},null,null,null,null,null,null,{"$f":"IF(ACOMPANHAMENTO<>\"PLE\",0,SUMPRODUCT((OFFSET(CÁLCULO!$AX$15:$BH$15,$A12,0,$B12)<=(PLE.Medicao-1))*OFFSET(CÁLCULO!$AB$15:$AL$15,$A12,0,$B12)*OFFSET(ORÇAMENTO!$AA$15,$A12,0,$B12)/(OFFSET(ORÇAMENTO!$X$15,$A12,0,$B12)+10^-12))+IF(AUTOEVENTO=\"Manual\",SUMPRODUCT((OFFSET(CÁLCULO!$M$15,$A12,0,$B12)=1)*OFFSET(ORÇAMENTO!$AA$15,$A12,0,$B12)*(PLE!$AE$9-PLE!$Y$9)),0))","v":0},{"$f":"IF(ACOMPANHAMENTO<>\"PLE\",0,SUMPRODUCT((OFFSET(CÁLCULO!$AX$15:$BH$15,$A12,0,$B12)<=(PLE.Medicao-1))*OFFSET(CÁLCULO!$AB$15:$AL$15,$A12,0,$B12)*OFFSET(ORÇAMENTO!$AB$15,$A12,0,$B12)/(OFFSET(ORÇAMENTO!$X$15,$A12,0,$B12)+10^-12))+IF(AUTOEVENTO=\"Manual\",SUMPRODUCT((OFFSET(CÁLCULO!$M$15,$A12,0,$B12)=1)*OFFSET(ORÇAMENTO!$AB$15,$A12,0,$B12)*(PLE!$AE$9-PLE!$Y$9)),0))","v":0},{"$f":"ROUND(IF(ACOMPANHAMENTO<>\"PLE\",0,SUMIF(OFFSET(CÁLCULO!$AX$15:$BH$15,$A12,0,$B12),\"<=\"&(PLE.Medicao-1),OFFSET(CÁLCULO!$AB$15:$AL$15,$A12,0,$B12))+IF(AUTOEVENTO=\"Manual\",SUMIF(OFFSET(CÁLCULO!$M$15,$A12,0,$B12),1,OFFSET(ORÇAMENTO!$X$15,$A12,0,$B12))*(PLE!$AE$9-PLE!$Y$9),0)),2)","v":0},{"$f":"IF(ACOMPANHAMENTO<>\"PLE\",0,SUMPRODUCT((OFFSET(CÁLCULO!$AX$15:$BH$15,$A12,0,$B12)<=PLE.Medicao)*OFFSET(CÁLCULO!$AB$15:$AL$15,$A12,0,$B12)*OFFSET(ORÇAMENTO!$AA$15,$A12,0,$B12)/(OFFSET(ORÇAMENTO!$X$15,$A12,0,$B12)+10^-12))+IF(AUTOEVENTO=\"Manual\",SUMPRODUCT((OFFSET(CÁLCULO!$M$15,$A12,0,$B12)=1)*OFFSET(ORÇAMENTO!$AA$15,$A12,0,$B12)*PLE!$AE$9),0))","v":0},{"$f":"IF(ACOMPANHAMENTO<>\"PLE\",0,SUMPRODUCT((OFFSET(CÁLCULO!$AX$15:$BH$15,$A12,0,$B12)<=PLE.Medicao)*OFFSET(CÁLCULO!$AB$15:$AL$15,$A12,0,$B12)*OFFSET(ORÇAMENTO!$AB$15,$A12,0,$B12)/(OFFSET(ORÇAMENTO!$X$15,$A12,0,$B12)+10^-12))+IF(AUTOEVENTO=\"Manual\",SUMPRODUCT((OFFSET(CÁLCULO!$M$15,$A12,0,$B12)=1)*OFFSET(ORÇAMENTO!$AB$15,$A12,0,$B12)*PLE!$AE$9),0))","v":0},{"$f":"ROUND(IF(ACOMPANHAMENTO<>\"PLE\",0,SUMIF(OFFSET(CÁLCULO!$AX$15:$BH$15,$A12,0,$B12),\"<=\"&PLE.Medicao,OFFSET(CÁLCULO!$AB$15:$AL$15,$A12,0,$B12))+IF(AUTOEVENTO=\"Manual\",SUMIF(OFFSET(CÁLCULO!$M$15,$A12,0,$B12),1,OFFSET(ORÇAMENTO!$X$15,$A12,0,$B12))*PLE!$AE$9,0)),2)","v":0},null,{"$f":"IF(ACOMPANHAMENTO<>\"BM\",0,SUMPRODUCT(OFFSET(BM!$M$15,$A12,0,$B12)*(OFFSET(BM!$A$15,$A12,0,$B12)=\"S\")*OFFSET(ORÇAMENTO!AA$15,$A12,0,$B12)/(OFFSET(ORÇAMENTO!$X$15,$A12,0,$B12)+10^-12)))","v":{"$error":"#N/A"}},{"$f":"IF(ACOMPANHAMENTO<>\"BM\",0,SUMPRODUCT(OFFSET(BM!$M$15,$A12,0,$B12)*(OFFSET(BM!$A$15,$A12,0,$B12)=\"S\")*OFFSET(ORÇAMENTO!AB$15,$A12,0,$B12)/(OFFSET(ORÇAMENTO!$X$15,$A12,0,$B12)+10^-12)))","v":{"$error":"#N/A"}},{"$f":"IF(ACOMPANHAMENTO<>\"BM\",0,OFFSET(BM!$M$15,$A12,0))","v":{"$error":"#N/A"}},{"$f":"IF(ACOMPANHAMENTO<>\"BM\",0,SUMPRODUCT(OFFSET(BM!$O$15,$A12,0,$B12)*(OFFSET(BM!$A$15,$A12,0,$B12)=\"S\")*OFFSET(ORÇAMENTO!AA$15,$A12,0,$B12)/(OFFSET(ORÇAMENTO!$X$15,$A12,0,$B12)+10^-12)))","v":{"$error":"#N/A"}},{"$f":"IF(ACOMPANHAMENTO<>\"BM\",0,SUMPRODUCT(OFFSET(BM!$O$15,$A12,0,$B12)*(OFFSET(BM!$A$15,$A12,0,$B12)=\"S\")*OFFSET(ORÇAMENTO!AB$15,$A12,0,$B12)/(OFFSET(ORÇAMENTO!$X$15,$A12,0,$B12)+10^-12)))","v":{"$error":"#N/A"}},{"$f":"IF(ACOMPANHAMENTO<>\"BM\",0,OFFSET(BM!$O$15,$A12,0))","v":{"$error":"#N/A"}}]
["Linha\nPO","Altura","Busca","↓","Meta","Descrição da Meta","Situação","Quantidade","Unid.","Lote de Licitação / nº do CTEF","BM / PLE nº","Valor Total (R$)","Acumulado Período Anterior","No Período","Acumulado incluindo o Período","Execução Física Acum.",null,"Acum. Período Anterior - CP","Acum. Período Anterior - Outros","Acum. Incluindo Período - CP","Acum. Incluindo Período - Outros",null,null,"BM / PLE nº","Acumulado Período Anterior","Acumulado incluindo o Período",null,null,"CP","Outros","Investimento","CP","Outros","Investimento",null,"CP","Outros","Investimento","CP","Outros","Investimento"]
[{"$f":"MATCH(E14,ORÇAMENTO!$E$15:$E$154,0)-1","v":1},{"$f":"IF(ISERROR($A14),NA(),OFFSET(ORÇAMENTO!$D$15,$A14,0))","v":138},{"$f":"QCI!B14","v":"Automático"},{"$f":"IF(L14>0,\"F\",\"\")","v":"F"},{"$f":"QCI!D14","v":1},{"$f":"QCI!G14","v":"FECHAMENTO GARAGEM DE MÁQUINAS"},{"$f":"QCI!H14","v":0},{"$f":"QCI!I14","v":0},{"$f":"QCI!J14","v":""},{"$f":"QCI!K14","v":"LOTE 1"},{"$f":"IF($C14=\"Automático\",IF(ACOMPANHAMENTO=\"BM\",BM.medicao,PLE.Medicao),IF(ISBLANK($X14),\"\",$X14))","v":1},{"$f":"QCI!$O14","v":298436.46000000002},{"$f":"ROUND(IF(C14=\"Automático\",AE14+AL14,Y14),2)","v":{"$error":"#REF!"}},{"$f":"O14-M14","v":{"$error":"#REF!"}},{"$f":"ROUND(IF(C14=\"Automático\",AH14+AO14,Z14),2)","v":{"$error":"#REF!"}},{"$f":"O14/(L14+10^-12)","v":{"$error":"#REF!"}},null,{"$f":"ROUND(IF($C14=\"Automático\",AC14+AJ14,$Y14*IF(ISERROR(QCI!$AA14/QCI!$O14),0,QCI!$AA14/QCI!$O14)),2)","v":{"$error":"#REF!"}},{"$f":"ROUND(IF($C14=\"Automático\",AD14+AK14,$Y14*IF(ISERROR(QCI!$AB14/QCI!$O14),0,QCI!$AB14/QCI!$O14)),2)","v":{"$error":"#REF!"}},{"$f":"ROUND(IF($C14=\"Automático\",AF14+AM14,$Z14*IF(ISERROR(QCI!$AA14/QCI!$O14),0,QCI!$AA14/QCI!$O14)),2)","v":{"$error":"#REF!"}},{"$f":"ROUND(IF($C14=\"Automático\",AG14+AN14,$Z14*IF(ISERROR(QCI!$AB14/QCI!$O14),0,QCI!$AB14/QCI!$O14)),2)","v":{"$error":"#REF!"}},{"$f":"IF(AND($L14>0,$J14<>0,$J14<>\"\",COUNTIF($J$13:$J14,$J14)=1),OFFSET(V14,-1,0)+1,OFFSET(V14,-1,0))","v":1},null,null,null,null,null,null,{"$f":"IF(ACOMPANHAMENTO<>\"PLE\",0,SUMPRODUCT((OFFSET(CÁLCULO!$AX$15:$BH$15,$A14,0,$B14)<=(PLE.Medicao-1))*OFFSET(CÁLCULO!$AB$15:$AL$15,$A14,0,$B14)*OFFSET(ORÇAMENTO!$AA$15,$A14,0,$B14)/(OFFSET(ORÇAMENTO!$X$15,$A14,0,$B14)+10^-12))+IF(AUTOEVENTO=\"Manual\",SUMPRODUCT((OFFSET(CÁLCULO!$M$15,$A14,0,$B14)=1)*OFFSET(ORÇAMENTO!$AA$15,$A14,0,$B14)*(PLE!$AE$9-PLE!$Y$9)),0))","v":0},{"$f":"IF(ACOMPANHAMENTO<>\"PLE\",0,SUMPRODUCT((OFFSET(CÁLCULO!$AX$15:$BH$15,$A14,0,$B14)<=(PLE.Medicao-1))*OFFSET(CÁLCULO!$AB$15:$AL$15,$A14,0,$B14)*OFFSET(ORÇAMENTO!$AB$15,$A14,0,$B14)/(OFFSET(ORÇAMENTO!$X$15,$A14,0,$B14)+10^-12))+IF(AUTOEVENTO=\"Manual\",SUMPRODUCT((OFFSET(CÁLCULO!$M$15,$A14,0,$B14)=1)*OFFSET(ORÇAMENTO!$AB$15,$A14,0,$B14)*(PLE!$AE$9-PLE!$Y$9)),0))","v":0},{"$f":"ROUND(IF(ACOMPANHAMENTO<>\"PLE\",0,SUMIF(OFFSET(CÁLCULO!$AX$15:$BH$15,$A14,0,$B14),\"<=\"&(PLE.Medicao-1),OFFSET(CÁLCULO!$AB$15:$AL$15,$A14,0,$B14))+IF(AUTOEVENTO=\"Manual\",SUMIF(OFFSET(CÁLCULO!$M$15,$A14,0,$B14),1,OFFSET(ORÇAMENTO!$X$15,$A14,0,$B14))*(PLE!$AE$9-PLE!$Y$9),0)),2)","v":0},{"$f":"IF(ACOMPANHAMENTO<>\"PLE\",0,SUMPRODUCT((OFFSET(CÁLCULO!$AX$15:$BH$15,$A14,0,$B14)<=PLE.Medicao)*OFFSET(CÁLCULO!$AB$15:$AL$15,$A14,0,$B14)*OFFSET(ORÇAMENTO!$AA$15,$A14,0,$B14)/(OFFSET(ORÇAMENTO!$X$15,$A14,0,$B14)+10^-12))+IF(AUTOEVENTO=\"Manual\",SUMPRODUCT((OFFSET(CÁLCULO!$M$15,$A14,0,$B14)=1)*OFFSET(ORÇAMENTO!$AA$15,$A14,0,$B14)*PLE!$AE$9),0))","v":0},{"$f":"IF(ACOMPANHAMENTO<>\"PLE\",0,SUMPRODUCT((OFFSET(CÁLCULO!$AX$15:$BH$15,$A14,0,$B14)<=PLE.Medicao)*OFFSET(CÁLCULO!$AB$15:$AL$15,$A14,0,$B14)*OFFSET(ORÇAMENTO!$AB$15,$A14,0,$B14)/(OFFSET(ORÇAMENTO!$X$15,$A14,0,$B14)+10^-12))+IF(AUTOEVENTO=\"Manual\",SUMPRODUCT((OFFSET(CÁLCULO!$M$15,$A14,0,$B14)=1)*OFFSET(ORÇAMENTO!$AB$15,$A14,0,$B14)*PLE!$AE$9),0))","v":0},{"$f":"ROUND(IF(ACOMPANHAMENTO<>\"PLE\",0,SUMIF(OFFSET(CÁLCULO!$AX$15:$BH$15,$A14,0,$B14),\"<=\"&PLE.Medicao,OFFSET(CÁLCULO!$AB$15:$AL$15,$A14,0,$B14))+IF(AUTOEVENTO=\"Manual\",SUMIF(OFFSET(CÁLCULO!$M$15,$A14,0,$B14),1,OFFSET(ORÇAMENTO!$X$15,$A14,0,$B14))*PLE!$AE$9,0)),2)","v":0},null,{"$f":"IF(ACOMPANHAMENTO<>\"BM\",0,SUMPRODUCT(OFFSET(BM!$M$15,$A14,0,$B14)*(OFFSET(BM!$A$15,$A14,0,$B14)=\"S\")*OFFSET(ORÇAMENTO!AA$15,$A14,0,$B14)/(OFFSET(ORÇAMENTO!$X$15,$A14,0,$B14)+10^-12)))","v":{"$error":"#REF!"}},{"$f":"IF(ACOMPANHAMENTO<>\"BM\",0,SUMPRODUCT(OFFSET(BM!$M$15,$A14,0,$B14)*(OFFSET(BM!$A$15,$A14,0,$B14)=\"S\")*OFFSET(ORÇAMENTO!AB$15,$A14,0,$B14)/(OFFSET(ORÇAMENTO!$X$15,$A14,0,$B14)+10^-12)))","v":{"$error":"#REF!"}},{"$f":"IF(ACOMPANHAMENTO<>\"BM\",0,OFFSET(BM!$M$15,$A14,0))","v":{"$error":"#REF!"}},{"$f":"IF(ACOMPANHAMENTO<>\"BM\",0,SUMPRODUCT(OFFSET(BM!$O$15,$A14,0,$B14)*(OFFSET(BM!$A$15,$A14,0,$B14)=\"S\")*OFFSET(ORÇAMENTO!AA$15,$A14,0,$B14)/(OFFSET(ORÇAMENTO!$X$15,$A14,0,$B14)+10^-12)))","v":{"$error":"#REF!"}},{"$f":"IF(ACOMPANHAMENTO<>\"BM\",0,SUMPRODUCT(OFFSET(BM!$O$15,$A14,0,$B14)*(OFFSET(BM!$A$15,$A14,0,$B14)=\"S\")*OFFSET(ORÇAMENTO!AB$15,$A14,0,$B14)/(OFFSET(ORÇAMENTO!$X$15,$A14,0,$B14)+10^-12)))","v":{"$error":"#REF!"}},{"$f":"IF(ACOMPANHAMENTO<>\"BM\",0,OFFSET(BM!$O$15,$A14,0))","v":{"$error":"#REF!"}}]
[{"$f":"MATCH(E15,ORÇAMENTO!$E$15:$E$154,0)-1","v":{"$error":"#N/A"}},{"$f":"IF(ISERROR($A15),NA(),OFFSET(ORÇAMENTO!$D$15,$A15,0))","v":{"$error":"#N/A"}},{"$f":"QCI!B15","v":"Branco"},"",{"$f":"QCI!D15","v":2},{"$f":"QCI!G15","v":""},{"$f":"QCI!H15","v":0},{"$f":"QCI!I15","v":0},{"$f":"QCI!J15","v":""},{"$f":"QCI!K15","v":""},"",{"$f":"QCI!$O15","v":0},0,0,0,0,null,{"$f":"ROUND(IF($C15=\"Automático\",AC15+AJ15,$Y15*IF(ISERROR(QCI!$AA15/QCI!$O15),0,QCI!$AA15/QCI!$O15)),2)","v":0},{"$f":"ROUND(IF($C15=\"Automático\",AD15+AK15,$Y15*IF(ISERROR(QCI!$AB15/QCI!$O15),0,QCI!$AB15/QCI!$O15)),2)","v":0},{"$f":"ROUND(IF($C15=\"Automático\",AF15+AM15,$Z15*IF(ISERROR(QCI!$AA15/QCI!$O15),0,QCI!$AA15/QCI!$O15)),2)","v":0},{"$f":"ROUND(IF($C15=\"Automático\",AG15+AN15,$Z15*IF(ISERROR(QCI!$AB15/QCI!$O15),0,QCI!$AB15/QCI!$O15)),2)","v":0},{"$f":"IF(AND($L15>0,$J15<>0,$J15<>\"\",COUNTIF($J$13:$J15,$J15)=1),OFFSET(V15,-1,0)+1,OFFSET(V15,-1,0))","v":1},null,null,null,null,null,null,{"$f":"IF(ACOMPANHAMENTO<>\"PLE\",0,SUMPRODUCT((OFFSET(CÁLCULO!$AX$15:$BH$15,$A15,0,$B15)<=(PLE.Medicao-1))*OFFSET(CÁLCULO!$AB$15:$AL$15,$A15,0,$B15)*OFFSET(ORÇAMENTO!$AA$15,$A15,0,$B15)/(OFFSET(ORÇAMENTO!$X$15,$A15,0,$B15)+10^-12))+IF(AUTOEVENTO=\"Manual\",SUMPRODUCT((OFFSET(CÁLCULO!$M$15,$A15,0,$B15)=1)*OFFSET(ORÇAMENTO!$AA$15,$A15,0,$B15)*(PLE!$AE$9-PLE!$Y$9)),0))","v":0},{"$f":"IF(ACOMPANHAMENTO<>\"PLE\",0,SUMPRODUCT((OFFSET(CÁLCULO!$AX$15:$BH$15,$A15,0,$B15)<=(PLE.Medicao-1))*OFFSET(CÁLCULO!$AB$15:$AL$15,$A15,0,$B15)*OFFSET(ORÇAMENTO!$AB$15,$A15,0,$B15)/(OFFSET(ORÇAMENTO!$X$15,$A15,0,$B15)+10^-12))+IF(AUTOEVENTO=\"Manual\",SUMPRODUCT((OFFSET(CÁLCULO!$M$15,$A15,0,$B15)=1)*OFFSET(ORÇAMENTO!$AB$15,$A15,0,$B15)*(PLE!$AE$9-PLE!$Y$9)),0))","v":0},{"$f":"ROUND(IF(ACOMPANHAMENTO<>\"PLE\",0,SUMIF(OFFSET(CÁLCULO!$AX$15:$BH$15,$A15,0,$B15),\"<=\"&(PLE.Medicao-1),OFFSET(CÁLCULO!$AB$15:$AL$15,$A15,0,$B15))+IF(AUTOEVENTO=\"Manual\",SUMIF(OFFSET(CÁLCULO!$M$15,$A15,0,$B15),1,OFFSET(ORÇAMENTO!$X$15,$A15,0,$B15))*(PLE!$AE$9-PLE!$Y$9),0)),2)","v":0},{"$f":"IF(ACOMPANHAMENTO<>\"PLE\",0,SUMPRODUCT((OFFSET(CÁLCULO!$AX$15:$BH$15,$A15,0,$B15)<=PLE.Medicao)*OFFSET(CÁLCULO!$AB$15:$AL$15,$A15,0,$B15)*OFFSET(ORÇAMENTO!$AA$15,$A15,0,$B15)/(OFFSET(ORÇAMENTO!$X$15,$A15,0,$B15)+10^-12))+IF(AUTOEVENTO=\"Manual\",SUMPRODUCT((OFFSET(CÁLCULO!$M$15,$A15,0,$B15)=1)*OFFSET(ORÇAMENTO!$AA$15,$A15,0,$B15)*PLE!$AE$9),0))","v":0},{"$f":"IF(ACOMPANHAMENTO<>\"PLE\",0,SUMPRODUCT((OFFSET(CÁLCULO!$AX$15:$BH$15,$A15,0,$B15)<=PLE.Medicao)*OFFSET(CÁLCULO!$AB$15:$AL$15,$A15,0,$B15)*OFFSET(ORÇAMENTO!$AB$15,$A15,0,$B15)/(OFFSET(ORÇAMENTO!$X$15,$A15,0,$B15)+10^-12))+IF(AUTOEVENTO=\"Manual\",SUMPRODUCT((OFFSET(CÁLCULO!$M$15,$A15,0,$B15)=1)*OFFSET(ORÇAMENTO!$AB$15,$A15,0,$B15)*PLE!$AE$9),0))","v":0},{"$f":"ROUND(IF(ACOMPANHAMENTO<>\"PLE\",0,SUMIF(OFFSET(CÁLCULO!$AX$15:$BH$15,$A15,0,$B15),\"<=\"&PLE.Medicao,OFFSET(CÁLCULO!$AB$15:$AL$15,$A15,0,$B15))+IF(AUTOEVENTO=\"Manual\",SUMIF(OFFSET(CÁLCULO!$M$15,$A15,0,$B15),1,OFFSET(ORÇAMENTO!$X$15,$A15,0,$B15))*PLE!$AE$9,0)),2)","v":0},null,{"$f":"IF(ACOMPANHAMENTO<>\"BM\",0,SUMPRODUCT(OFFSET(BM!$M$15,$A15,0,$B15)*(OFFSET(BM!$A$15,$A15,0,$B15)=\"S\")*OFFSET(ORÇAMENTO!AA$15,$A15,0,$B15)/(OFFSET(ORÇAMENTO!$X$15,$A15,0,$B15)+10^-12)))","v":{"$error":"#N/A"}},{"$f":"IF(ACOMPANHAMENTO<>\"BM\",0,SUMPRODUCT(OFFSET(BM!$M$15,$A15,0,$B15)*(OFFSET(BM!$A$15,$A15,0,$B15)=\"S\")*OFFSET(ORÇAMENTO!AB$15,$A15,0,$B15)/(OFFSET(ORÇAMENTO!$X$15,$A15,0,$B15)+10^-12)))","v":{"$error":"#N/A"}},{"$f":"IF(ACOMPANHAMENTO<>\"BM\",0,OFFSET(BM!$M$15,$A15,0))","v":{"$error":"#N/A"}},{"$f":"IF(ACOMPANHAMENTO<>\"BM\",0,SUMPRODUCT(OFFSET(BM!$O$15,$A15,0,$B15)*(OFFSET(BM!$A$15,$A15,0,$B15)=\"S\")*OFFSET(ORÇAMENTO!AA$15,$A15,0,$B15)/(OFFSET(ORÇAMENTO!$X$15,$A15,0,$B15)+10^-12)))","v":{"$error":"#N/A"}},{"$f":"IF(ACOMPANHAMENTO<>\"BM\",0,SUMPRODUCT(OFFSET(BM!$O$15,$A15,0,$B15)*(OFFSET(BM!$A$15,$A15,0,$B15)=\"S\")*OFFSET(ORÇAMENTO!AB$15,$A15,0,$B15)/(OFFSET(ORÇAMENTO!$X$15,$A15,0,$B15)+10^-12)))","v":{"$error":"#N/A"}},{"$f":"IF(ACOMPANHAMENTO<>\"BM\",0,OFFSET(BM!$O$15,$A15,0))","v":{"$error":"#N/A"}}]
[{"$f":"MATCH(E16,ORÇAMENTO!$E$15:$E$154,0)-1","v":{"$error":"#N/A"}},{"$f":"IF(ISERROR($A16),NA(),OFFSET(ORÇAMENTO!$D$15,$A16,0))","v":{"$error":"#N/A"}},{"$f":"QCI!B16","v":"Branco"},"",{"$f":"QCI!D16","v":3},{"$f":"QCI!G16","v":""},{"$f":"QCI!H16","v":0},{"$f":"QCI!I16","v":0},{"$f":"QCI!J16","v":""},{"$f":"QCI!K16","v":""},"",{"$f":"QCI!$O16","v":0},0,0,0,0,null,{"$f":"ROUND(IF($C16=\"Automático\",AC16+AJ16,$Y16*IF(ISERROR(QCI!$AA16/QCI!$O16),0,QCI!$AA16/QCI!$O16)),2)","v":0},{"$f":"ROUND(IF($C16=\"Automático\",AD16+AK16,$Y16*IF(ISERROR(QCI!$AB16/QCI!$O16),0,QCI!$AB16/QCI!$O16)),2)","v":0},{"$f":"ROUND(IF($C16=\"Automático\",AF16+AM16,$Z16*IF(ISERROR(QCI!$AA16/QCI!$O16),0,QCI!$AA16/QCI!$O16)),2)","v":0},{"$f":"ROUND(IF($C16=\"Automático\",AG16+AN16,$Z16*IF(ISERROR(QCI!$AB16/QCI!$O16),0,QCI!$AB16/QCI!$O16)),2)","v":0},{"$f":"IF(AND($L16>0,$J16<>0,$J16<>\"\",COUNTIF($J$13:$J16,$J16)=1),OFFSET(V16,-1,0)+1,OFFSET(V16,-1,0))","v":1},null,null,null,null,null,null,{"$f":"IF(ACOMPANHAMENTO<>\"PLE\",0,SUMPRODUCT((OFFSET(CÁLCULO!$AX$15:$BH$15,$A16,0,$B16)<=(PLE.Medicao-1))*OFFSET(CÁLCULO!$AB$15:$AL$15,$A16,0,$B16)*OFFSET(ORÇAMENTO!$AA$15,$A16,0,$B16)/(OFFSET(ORÇAMENTO!$X$15,$A16,0,$B16)+10^-12))+IF(AUTOEVENTO=\"Manual\",SUMPRODUCT((OFFSET(CÁLCULO!$M$15,$A16,0,$B16)=1)*OFFSET(ORÇAMENTO!$AA$15,$A16,0,$B16)*(PLE!$AE$9-PLE!$Y$9)),0))","v":0},{"$f":"IF(ACOMPANHAMENTO<>\"PLE\",0,SUMPRODUCT((OFFSET(CÁLCULO!$AX$15:$BH$15,$A16,0,$B16)<=(PLE.Medicao-1))*OFFSET(CÁLCULO!$AB$15:$AL$15,$A16,0,$B16)*OFFSET(ORÇAMENTO!$AB$15,$A16,0,$B16)/(OFFSET(ORÇAMENTO!$X$15,$A16,0,$B16)+10^-12))+IF(AUTOEVENTO=\"Manual\",SUMPRODUCT((OFFSET(CÁLCULO!$M$15,$A16,0,$B16)=1)*OFFSET(ORÇAMENTO!$AB$15,$A16,0,$B16)*(PLE!$AE$9-PLE!$Y$9)),0))","v":0},{"$f":"ROUND(IF(ACOMPANHAMENTO<>\"PLE\",0,SUMIF(OFFSET(CÁLCULO!$AX$15:$BH$15,$A16,0,$B16),\"<=\"&(PLE.Medicao-1),OFFSET(CÁLCULO!$AB$15:$AL$15,$A16,0,$B16))+IF(AUTOEVENTO=\"Manual\",SUMIF(OFFSET(CÁLCULO!$M$15,$A16,0,$B16),1,OFFSET(ORÇAMENTO!$X$15,$A16,0,$B16))*(PLE!$AE$9-PLE!$Y$9),0)),2)","v":0},{"$f":"IF(ACOMPANHAMENTO<>\"PLE\",0,SUMPRODUCT((OFFSET(CÁLCULO!$AX$15:$BH$15,$A16,0,$B16)<=PLE.Medicao)*OFFSET(CÁLCULO!$AB$15:$AL$15,$A16,0,$B16)*OFFSET(ORÇAMENTO!$AA$15,$A16,0,$B16)/(OFFSET(ORÇAMENTO!$X$15,$A16,0,$B16)+10^-12))+IF(AUTOEVENTO=\"Manual\",SUMPRODUCT((OFFSET(CÁLCULO!$M$15,$A16,0,$B16)=1)*OFFSET(ORÇAMENTO!$AA$15,$A16,0,$B16)*PLE!$AE$9),0))","v":0},{"$f":"IF(ACOMPANHAMENTO<>\"PLE\",0,SUMPRODUCT((OFFSET(CÁLCULO!$AX$15:$BH$15,$A16,0,$B16)<=PLE.Medicao)*OFFSET(CÁLCULO!$AB$15:$AL$15,$A16,0,$B16)*OFFSET(ORÇAMENTO!$AB$15,$A16,0,$B16)/(OFFSET(ORÇAMENTO!$X$15,$A16,0,$B16)+10^-12))+IF(AUTOEVENTO=\"Manual\",SUMPRODUCT((OFFSET(CÁLCULO!$M$15,$A16,0,$B16)=1)*OFFSET(ORÇAMENTO!$AB$15,$A16,0,$B16)*PLE!$AE$9),0))","v":0},{"$f":"ROUND(IF(ACOMPANHAMENTO<>\"PLE\",0,SUMIF(OFFSET(CÁLCULO!$AX$15:$BH$15,$A16,0,$B16),\"<=\"&PLE.Medicao,OFFSET(CÁLCULO!$AB$15:$AL$15,$A16,0,$B16))+IF(AUTOEVENTO=\"Manual\",SUMIF(OFFSET(CÁLCULO!$M$15,$A16,0,$B16),1,OFFSET(ORÇAMENTO!$X$15,$A16,0,$B16))*PLE!$AE$9,0)),2)","v":0},null,{"$f":"IF(ACOMPANHAMENTO<>\"BM\",0,SUMPRODUCT(OFFSET(BM!$M$15,$A16,0,$B16)*(OFFSET(BM!$A$15,$A16,0,$B16)=\"S\")*OFFSET(ORÇAMENTO!AA$15,$A16,0,$B16)/(OFFSET(ORÇAMENTO!$X$15,$A16,0,$B16)+10^-12)))","v":{"$error":"#N/A"}},{"$f":"IF(ACOMPANHAMENTO<>\"BM\",0,SUMPRODUCT(OFFSET(BM!$M$15,$A16,0,$B16)*(OFFSET(BM!$A$15,$A16,0,$B16)=\"S\")*OFFSET(ORÇAMENTO!AB$15,$A16,0,$B16)/(OFFSET(ORÇAMENTO!$X$15,$A16,0,$B16)+10^-12)))","v":{"$error":"#N/A"}},{"$f":"IF(ACOMPANHAMENTO<>\"BM\",0,OFFSET(BM!$M$15,$A16,0))","v":{"$error":"#N/A"}},{"$f":"IF(ACOMPANHAMENTO<>\"BM\",0,SUMPRODUCT(OFFSET(BM!$O$15,$A16,0,$B16)*(OFFSET(BM!$A$15,$A16,0,$B16)=\"S\")*OFFSET(ORÇAMENTO!AA$15,$A16,0,$B16)/(OFFSET(ORÇAMENTO!$X$15,$A16,0,$B16)+10^-12)))","v":{"$error":"#N/A"}},{"$f":"IF(ACOMPANHAMENTO<>\"BM\",0,SUMPRODUCT(OFFSET(BM!$O$15,$A16,0,$B16)*(OFFSET(BM!$A$15,$A16,0,$B16)=\"S\")*OFFSET(ORÇAMENTO!AB$15,$A16,0,$B16)/(OFFSET(ORÇAMENTO!$X$15,$A16,0,$B16)+10^-12)))","v":{"$error":"#N/A"}},{"$f":"IF(ACOMPANHAMENTO<>\"BM\",0,OFFSET(BM!$O$15,$A16,0))","v":{"$error":"#N/A"}}]
[{"$f":"MATCH(E17,ORÇAMENTO!$E$15:$E$154,0)-1","v":{"$error":"#N/A"}},{"$f":"IF(ISERROR($A17),NA(),OFFSET(ORÇAMENTO!$D$15,$A17,0))","v":{"$error":"#N/A"}},{"$f":"QCI!B17","v":"Branco"},"",{"$f":"QCI!D17","v":4},{"$f":"QCI!G17","v":""},{"$f":"QCI!H17","v":0},{"$f":"QCI!I17","v":0},{"$f":"QCI!J17","v":""},{"$f":"QCI!K17","v":""},"",{"$f":"QCI!$O17","v":0},0,0,0,0,null,{"$f":"ROUND(IF($C17=\"Automático\",AC17+AJ17,$Y17*IF(ISERROR(QCI!$AA17/QCI!$O17),0,QCI!$AA17/QCI!$O17)),2)","v":0},{"$f":"ROUND(IF($C17=\"Automático\",AD17+AK17,$Y17*IF(ISERROR(QCI!$AB17/QCI!$O17),0,QCI!$AB17/QCI!$O17)),2)","v":0},{"$f":"ROUND(IF($C17=\"Automático\",AF17+AM17,$Z17*IF(ISERROR(QCI!$AA17/QCI!$O17),0,QCI!$AA17/QCI!$O17)),2)","v":0},{"$f":"ROUND(IF($C17=\"Automático\",AG17+AN17,$Z17*IF(ISERROR(QCI!$AB17/QCI!$O17),0,QCI!$AB17/QCI!$O17)),2)","v":0},{"$f":"IF(AND($L17>0,$J17<>0,$J17<>\"\",COUNTIF($J$13:$J17,$J17)=1),OFFSET(V17,-1,0)+1,OFFSET(V17,-1,0))","v":1},null,null,null,null,null,null,{"$f":"IF(ACOMPANHAMENTO<>\"PLE\",0,SUMPRODUCT((OFFSET(CÁLCULO!$AX$15:$BH$15,$A17,0,$B17)<=(PLE.Medicao-1))*OFFSET(CÁLCULO!$AB$15:$AL$15,$A17,0,$B17)*OFFSET(ORÇAMENTO!$AA$15,$A17,0,$B17)/(OFFSET(ORÇAMENTO!$X$15,$A17,0,$B17)+10^-12))+IF(AUTOEVENTO=\"Manual\",SUMPRODUCT((OFFSET(CÁLCULO!$M$15,$A17,0,$B17)=1)*OFFSET(ORÇAMENTO!$AA$15,$A17,0,$B17)*(PLE!$AE$9-PLE!$Y$9)),0))","v":0},{"$f":"IF(ACOMPANHAMENTO<>\"PLE\",0,SUMPRODUCT((OFFSET(CÁLCULO!$AX$15:$BH$15,$A17,0,$B17)<=(PLE.Medicao-1))*OFFSET(CÁLCULO!$AB$15:$AL$15,$A17,0,$B17)*OFFSET(ORÇAMENTO!$AB$15,$A17,0,$B17)/(OFFSET(ORÇAMENTO!$X$15,$A17,0,$B17)+10^-12))+IF(AUTOEVENTO=\"Manual\",SUMPRODUCT((OFFSET(CÁLCULO!$M$15,$A17,0,$B17)=1)*OFFSET(ORÇAMENTO!$AB$15,$A17,0,$B17)*(PLE!$AE$9-PLE!$Y$9)),0))","v":0},{"$f":"ROUND(IF(ACOMPANHAMENTO<>\"PLE\",0,SUMIF(OFFSET(CÁLCULO!$AX$15:$BH$15,$A17,0,$B17),\"<=\"&(PLE.Medicao-1),OFFSET(CÁLCULO!$AB$15:$AL$15,$A17,0,$B17))+IF(AUTOEVENTO=\"Manual\",SUMIF(OFFSET(CÁLCULO!$M$15,$A17,0,$B17),1,OFFSET(ORÇAMENTO!$X$15,$A17,0,$B17))*(PLE!$AE$9-PLE!$Y$9),0)),2)","v":0},{"$f":"IF(ACOMPANHAMENTO<>\"PLE\",0,SUMPRODUCT((OFFSET(CÁLCULO!$AX$15:$BH$15,$A17,0,$B17)<=PLE.Medicao)*OFFSET(CÁLCULO!$AB$15:$AL$15,$A17,0,$B17)*OFFSET(ORÇAMENTO!$AA$15,$A17,0,$B17)/(OFFSET(ORÇAMENTO!$X$15,$A17,0,$B17)+10^-12))+IF(AUTOEVENTO=\"Manual\",SUMPRODUCT((OFFSET(CÁLCULO!$M$15,$A17,0,$B17)=1)*OFFSET(ORÇAMENTO!$AA$15,$A17,0,$B17)*PLE!$AE$9),0))","v":0},{"$f":"IF(ACOMPANHAMENTO<>\"PLE\",0,SUMPRODUCT((OFFSET(CÁLCULO!$AX$15:$BH$15,$A17,0,$B17)<=PLE.Medicao)*OFFSET(CÁLCULO!$AB$15:$AL$15,$A17,0,$B17)*OFFSET(ORÇAMENTO!$AB$15,$A17,0,$B17)/(OFFSET(ORÇAMENTO!$X$15,$A17,0,$B17)+10^-12))+IF(AUTOEVENTO=\"Manual\",SUMPRODUCT((OFFSET(CÁLCULO!$M$15,$A17,0,$B17)=1)*OFFSET(ORÇAMENTO!$AB$15,$A17,0,$B17)*PLE!$AE$9),0))","v":0},{"$f":"ROUND(IF(ACOMPANHAMENTO<>\"PLE\",0,SUMIF(OFFSET(CÁLCULO!$AX$15:$BH$15,$A17,0,$B17),\"<=\"&PLE.Medicao,OFFSET(CÁLCULO!$AB$15:$AL$15,$A17,0,$B17))+IF(AUTOEVENTO=\"Manual\",SUMIF(OFFSET(CÁLCULO!$M$15,$A17,0,$B17),1,OFFSET(ORÇAMENTO!$X$15,$A17,0,$B17))*PLE!$AE$9,0)),2)","v":0},null,{"$f":"IF(ACOMPANHAMENTO<>\"BM\",0,SUMPRODUCT(OFFSET(BM!$M$15,$A17,0,$B17)*(OFFSET(BM!$A$15,$A17,0,$B17)=\"S\")*OFFSET(ORÇAMENTO!AA$15,$A17,0,$B17)/(OFFSET(ORÇAMENTO!$X$15,$A17,0,$B17)+10^-12)))","v":{"$error":"#N/A"}},{"$f":"IF(ACOMPANHAMENTO<>\"BM\",0,SUMPRODUCT(OFFSET(BM!$M$15,$A17,0,$B17)*(OFFSET(BM!$A$15,$A17,0,$B17)=\"S\")*OFFSET(ORÇAMENTO!AB$15,$A17,0,$B17)/(OFFSET(ORÇAMENTO!$X$15,$A17,0,$B17)+10^-12)))","v":{"$error":"#N/A"}},{"$f":"IF(ACOMPANHAMENTO<>\"BM\",0,OFFSET(BM!$M$15,$A17,0))","v":{"$error":"#N/A"}},{"$f":"IF(ACOMPANHAMENTO<>\"BM\",0,SUMPRODUCT(OFFSET(BM!$O$15,$A17,0,$B17)*(OFFSET(BM!$A$15,$A17,0,$B17)=\"S\")*OFFSET(ORÇAMENTO!AA$15,$A17,0,$B17)/(OFFSET(ORÇAMENTO!$X$15,$A17,0,$B17)+10^-12)))","v":{"$error":"#N/A"}},{"$f":"IF(ACOMPANHAMENTO<>\"BM\",0,SUMPRODUCT(OFFSET(BM!$O$15,$A17,0,$B17)*(OFFSET(BM!$A$15,$A17,0,$B17)=\"S\")*OFFSET(ORÇAMENTO!AB$15,$A17,0,$B17)/(OFFSET(ORÇAMENTO!$X$15,$A17,0,$B17)+10^-12)))","v":{"$error":"#N/A"}},{"$f":"IF(ACOMPANHAMENTO<>\"BM\",0,OFFSET(BM!$O$15,$A17,0))","v":{"$error":"#N/A"}}]
[{"$f":"MATCH(E18,ORÇAMENTO!$E$15:$E$154,0)-1","v":{"$error":"#N/A"}},{"$f":"IF(ISERROR($A18),NA(),OFFSET(ORÇAMENTO!$D$15,$A18,0))","v":{"$error":"#N/A"}},{"$f":"QCI!B18","v":"Branco"},"",{"$f":"QCI!D18","v":5},{"$f":"QCI!G18","v":""},{"$f":"QCI!H18","v":0},{"$f":"QCI!I18","v":0},{"$f":"QCI!J18","v":""},{"$f":"QCI!K18","v":""},"",{"$f":"QCI!$O18","v":0},0,0,0,0,null,{"$f":"ROUND(IF($C18=\"Automático\",AC18+AJ18,$Y18*IF(ISERROR(QCI!$AA18/QCI!$O18),0,QCI!$AA18/QCI!$O18)),2)","v":0},{"$f":"ROUND(IF($C18=\"Automático\",AD18+AK18,$Y18*IF(ISERROR(QCI!$AB18/QCI!$O18),0,QCI!$AB18/QCI!$O18)),2)","v":0},{"$f":"ROUND(IF($C18=\"Automático\",AF18+AM18,$Z18*IF(ISERROR(QCI!$AA18/QCI!$O18),0,QCI!$AA18/QCI!$O18)),2)","v":0},{"$f":"ROUND(IF($C18=\"Automático\",AG18+AN18,$Z18*IF(ISERROR(QCI!$AB18/QCI!$O18),0,QCI!$AB18/QCI!$O18)),2)","v":0},{"$f":"IF(AND($L18>0,$J18<>0,$J18<>\"\",COUNTIF($J$13:$J18,$J18)=1),OFFSET(V18,-1,0)+1,OFFSET(V18,-1,0))","v":1},null,null,null,null,null,null,{"$f":"IF(ACOMPANHAMENTO<>\"PLE\",0,SUMPRODUCT((OFFSET(CÁLCULO!$AX$15:$BH$15,$A18,0,$B18)<=(PLE.Medicao-1))*OFFSET(CÁLCULO!$AB$15:$AL$15,$A18,0,$B18)*OFFSET(ORÇAMENTO!$AA$15,$A18,0,$B18)/(OFFSET(ORÇAMENTO!$X$15,$A18,0,$B18)+10^-12))+IF(AUTOEVENTO=\"Manual\",SUMPRODUCT((OFFSET(CÁLCULO!$M$15,$A18,0,$B18)=1)*OFFSET(ORÇAMENTO!$AA$15,$A18,0,$B18)*(PLE!$AE$9-PLE!$Y$9)),0))","v":0},{"$f":"IF(ACOMPANHAMENTO<>\"PLE\",0,SUMPRODUCT((OFFSET(CÁLCULO!$AX$15:$BH$15,$A18,0,$B18)<=(PLE.Medicao-1))*OFFSET(CÁLCULO!$AB$15:$AL$15,$A18,0,$B18)*OFFSET(ORÇAMENTO!$AB$15,$A18,0,$B18)/(OFFSET(ORÇAMENTO!$X$15,$A18,0,$B18)+10^-12))+IF(AUTOEVENTO=\"Manual\",SUMPRODUCT((OFFSET(CÁLCULO!$M$15,$A18,0,$B18)=1)*OFFSET(ORÇAMENTO!$AB$15,$A18,0,$B18)*(PLE!$AE$9-PLE!$Y$9)),0))","v":0},{"$f":"ROUND(IF(ACOMPANHAMENTO<>\"PLE\",0,SUMIF(OFFSET(CÁLCULO!$AX$15:$BH$15,$A18,0,$B18),\"<=\"&(PLE.Medicao-1),OFFSET(CÁLCULO!$AB$15:$AL$15,$A18,0,$B18))+IF(AUTOEVENTO=\"Manual\",SUMIF(OFFSET(CÁLCULO!$M$15,$A18,0,$B18),1,OFFSET(ORÇAMENTO!$X$15,$A18,0,$B18))*(PLE!$AE$9-PLE!$Y$9),0)),2)","v":0},{"$f":"IF(ACOMPANHAMENTO<>\"PLE\",0,SUMPRODUCT((OFFSET(CÁLCULO!$AX$15:$BH$15,$A18,0,$B18)<=PLE.Medicao)*OFFSET(CÁLCULO!$AB$15:$AL$15,$A18,0,$B18)*OFFSET(ORÇAMENTO!$AA$15,$A18,0,$B18)/(OFFSET(ORÇAMENTO!$X$15,$A18,0,$B18)+10^-12))+IF(AUTOEVENTO=\"Manual\",SUMPRODUCT((OFFSET(CÁLCULO!$M$15,$A18,0,$B18)=1)*OFFSET(ORÇAMENTO!$AA$15,$A18,0,$B18)*PLE!$AE$9),0))","v":0},{"$f":"IF(ACOMPANHAMENTO<>\"PLE\",0,SUMPRODUCT((OFFSET(CÁLCULO!$AX$15:$BH$15,$A18,0,$B18)<=PLE.Medicao)*OFFSET(CÁLCULO!$AB$15:$AL$15,$A18,0,$B18)*OFFSET(ORÇAMENTO!$AB$15,$A18,0,$B18)/(OFFSET(ORÇAMENTO!$X$15,$A18,0,$B18)+10^-12))+IF(AUTOEVENTO=\"Manual\",SUMPRODUCT((OFFSET(CÁLCULO!$M$15,$A18,0,$B18)=1)*OFFSET(ORÇAMENTO!$AB$15,$A18,0,$B18)*PLE!$AE$9),0))","v":0},{"$f":"ROUND(IF(ACOMPANHAMENTO<>\"PLE\",0,SUMIF(OFFSET(CÁLCULO!$AX$15:$BH$15,$A18,0,$B18),\"<=\"&PLE.Medicao,OFFSET(CÁLCULO!$AB$15:$AL$15,$A18,0,$B18))+IF(AUTOEVENTO=\"Manual\",SUMIF(OFFSET(CÁLCULO!$M$15,$A18,0,$B18),1,OFFSET(ORÇAMENTO!$X$15,$A18,0,$B18))*PLE!$AE$9,0)),2)","v":0},null,{"$f":"IF(ACOMPANHAMENTO<>\"BM\",0,SUMPRODUCT(OFFSET(BM!$M$15,$A18,0,$B18)*(OFFSET(BM!$A$15,$A18,0,$B18)=\"S\")*OFFSET(ORÇAMENTO!AA$15,$A18,0,$B18)/(OFFSET(ORÇAMENTO!$X$15,$A18,0,$B18)+10^-12)))","v":{"$error":"#N/A"}},{"$f":"IF(ACOMPANHAMENTO<>\"BM\",0,SUMPRODUCT(OFFSET(BM!$M$15,$A18,0,$B18)*(OFFSET(BM!$A$15,$A18,0,$B18)=\"S\")*OFFSET(ORÇAMENTO!AB$15,$A18,0,$B18)/(OFFSET(ORÇAMENTO!$X$15,$A18,0,$B18)+10^-12)))","v":{"$error":"#N/A"}},{"$f":"IF(ACOMPANHAMENTO<>\"BM\",0,OFFSET(BM!$M$15,$A18,0))","v":{"$error":"#N/A"}},{"$f":"IF(ACOMPANHAMENTO<>\"BM\",0,SUMPRODUCT(OFFSET(BM!$O$15,$A18,0,$B18)*(OFFSET(BM!$A$15,$A18,0,$B18)=\"S\")*OFFSET(ORÇAMENTO!AA$15,$A18,0,$B18)/(OFFSET(ORÇAMENTO!$X$15,$A18,0,$B18)+10^-12)))","v":{"$error":"#N/A"}},{"$f":"IF(ACOMPANHAMENTO<>\"BM\",0,SUMPRODUCT(OFFSET(BM!$O$15,$A18,0,$B18)*(OFFSET(BM!$A$15,$A18,0,$B18)=\"S\")*OFFSET(ORÇAMENTO!AB$15,$A18,0,$B18)/(OFFSET(ORÇAMENTO!$X$15,$A18,0,$B18)+10^-12)))","v":{"$error":"#N/A"}},{"$f":"IF(ACOMPANHAMENTO<>\"BM\",0,OFFSET(BM!$O$15,$A18,0))","v":{"$error":"#N/A"}}]
[{"$f":"MATCH(E19,ORÇAMENTO!$E$15:$E$154,0)-1","v":{"$error":"#N/A"}},{"$f":"IF(ISERROR($A19),NA(),OFFSET(ORÇAMENTO!$D$15,$A19,0))","v":{"$error":"#N/A"}},{"$f":"QCI!B19","v":"Branco"},"",{"$f":"QCI!D19","v":6},{"$f":"QCI!G19","v":""},{"$f":"QCI!H19","v":0},{"$f":"QCI!I19","v":0},{"$f":"QCI!J19","v":""},{"$f":"QCI!K19","v":""},"",{"$f":"QCI!$O19","v":0},0,0,0,0,null,{"$f":"ROUND(IF($C19=\"Automático\",AC19+AJ19,$Y19*IF(ISERROR(QCI!$AA19/QCI!$O19),0,QCI!$AA19/QCI!$O19)),2)","v":0},{"$f":"ROUND(IF($C19=\"Automático\",AD19+AK19,$Y19*IF(ISERROR(QCI!$AB19/QCI!$O19),0,QCI!$AB19/QCI!$O19)),2)","v":0},{"$f":"ROUND(IF($C19=\"Automático\",AF19+AM19,$Z19*IF(ISERROR(QCI!$AA19/QCI!$O19),0,QCI!$AA19/QCI!$O19)),2)","v":0},{"$f":"ROUND(IF($C19=\"Automático\",AG19+AN19,$Z19*IF(ISERROR(QCI!$AB19/QCI!$O19),0,QCI!$AB19/QCI!$O19)),2)","v":0},{"$f":"IF(AND($L19>0,$J19<>0,$J19<>\"\",COUNTIF($J$13:$J19,$J19)=1),OFFSET(V19,-1,0)+1,OFFSET(V19,-1,0))","v":1},null,null,null,null,null,null,{"$f":"IF(ACOMPANHAMENTO<>\"PLE\",0,SUMPRODUCT((OFFSET(CÁLCULO!$AX$15:$BH$15,$A19,0,$B19)<=(PLE.Medicao-1))*OFFSET(CÁLCULO!$AB$15:$AL$15,$A19,0,$B19)*OFFSET(ORÇAMENTO!$AA$15,$A19,0,$B19)/(OFFSET(ORÇAMENTO!$X$15,$A19,0,$B19)+10^-12))+IF(AUTOEVENTO=\"Manual\",SUMPRODUCT((OFFSET(CÁLCULO!$M$15,$A19,0,$B19)=1)*OFFSET(ORÇAMENTO!$AA$15,$A19,0,$B19)*(PLE!$AE$9-PLE!$Y$9)),0))","v":0},{"$f":"IF(ACOMPANHAMENTO<>\"PLE\",0,SUMPRODUCT((OFFSET(CÁLCULO!$AX$15:$BH$15,$A19,0,$B19)<=(PLE.Medicao-1))*OFFSET(CÁLCULO!$AB$15:$AL$15,$A19,0,$B19)*OFFSET(ORÇAMENTO!$AB$15,$A19,0,$B19)/(OFFSET(ORÇAMENTO!$X$15,$A19,0,$B19)+10^-12))+IF(AUTOEVENTO=\"Manual\",SUMPRODUCT((OFFSET(CÁLCULO!$M$15,$A19,0,$B19)=1)*OFFSET(ORÇAMENTO!$AB$15,$A19,0,$B19)*(PLE!$AE$9-PLE!$Y$9)),0))","v":0},{"$f":"ROUND(IF(ACOMPANHAMENTO<>\"PLE\",0,SUMIF(OFFSET(CÁLCULO!$AX$15:$BH$15,$A19,0,$B19),\"<=\"&(PLE.Medicao-1),OFFSET(CÁLCULO!$AB$15:$AL$15,$A19,0,$B19))+IF(AUTOEVENTO=\"Manual\",SUMIF(OFFSET(CÁLCULO!$M$15,$A19,0,$B19),1,OFFSET(ORÇAMENTO!$X$15,$A19,0,$B19))*(PLE!$AE$9-PLE!$Y$9),0)),2)","v":0},{"$f":"IF(ACOMPANHAMENTO<>\"PLE\",0,SUMPRODUCT((OFFSET(CÁLCULO!$AX$15:$BH$15,$A19,0,$B19)<=PLE.Medicao)*OFFSET(CÁLCULO!$AB$15:$AL$15,$A19,0,$B19)*OFFSET(ORÇAMENTO!$AA$15,$A19,0,$B19)/(OFFSET(ORÇAMENTO!$X$15,$A19,0,$B19)+10^-12))+IF(AUTOEVENTO=\"Manual\",SUMPRODUCT((OFFSET(CÁLCULO!$M$15,$A19,0,$B19)=1)*OFFSET(ORÇAMENTO!$AA$15,$A19,0,$B19)*PLE!$AE$9),0))","v":0},{"$f":"IF(ACOMPANHAMENTO<>\"PLE\",0,SUMPRODUCT((OFFSET(CÁLCULO!$AX$15:$BH$15,$A19,0,$B19)<=PLE.Medicao)*OFFSET(CÁLCULO!$AB$15:$AL$15,$A19,0,$B19)*OFFSET(ORÇAMENTO!$AB$15,$A19,0,$B19)/(OFFSET(ORÇAMENTO!$X$15,$A19,0,$B19)+10^-12))+IF(AUTOEVENTO=\"Manual\",SUMPRODUCT((OFFSET(CÁLCULO!$M$15,$A19,0,$B19)=1)*OFFSET(ORÇAMENTO!$AB$15,$A19,0,$B19)*PLE!$AE$9),0))","v":0},{"$f":"ROUND(IF(ACOMPANHAMENTO<>\"PLE\",0,SUMIF(OFFSET(CÁLCULO!$AX$15:$BH$15,$A19,0,$B19),\"<=\"&PLE.Medicao,OFFSET(CÁLCULO!$AB$15:$AL$15,$A19,0,$B19))+IF(AUTOEVENTO=\"Manual\",SUMIF(OFFSET(CÁLCULO!$M$15,$A19,0,$B19),1,OFFSET(ORÇAMENTO!$X$15,$A19,0,$B19))*PLE!$AE$9,0)),2)","v":0},null,{"$f":"IF(ACOMPANHAMENTO<>\"BM\",0,SUMPRODUCT(OFFSET(BM!$M$15,$A19,0,$B19)*(OFFSET(BM!$A$15,$A19,0,$B19)=\"S\")*OFFSET(ORÇAMENTO!AA$15,$A19,0,$B19)/(OFFSET(ORÇAMENTO!$X$15,$A19,0,$B19)+10^-12)))","v":{"$error":"#N/A"}},{"$f":"IF(ACOMPANHAMENTO<>\"BM\",0,SUMPRODUCT(OFFSET(BM!$M$15,$A19,0,$B19)*(OFFSET(BM!$A$15,$A19,0,$B19)=\"S\")*OFFSET(ORÇAMENTO!AB$15,$A19,0,$B19)/(OFFSET(ORÇAMENTO!$X$15,$A19,0,$B19)+10^-12)))","v":{"$error":"#N/A"}},{"$f":"IF(ACOMPANHAMENTO<>\"BM\",0,OFFSET(BM!$M$15,$A19,0))","v":{"$error":"#N/A"}},{"$f":"IF(ACOMPANHAMENTO<>\"BM\",0,SUMPRODUCT(OFFSET(BM!$O$15,$A19,0,$B19)*(OFFSET(BM!$A$15,$A19,0,$B19)=\"S\")*OFFSET(ORÇAMENTO!AA$15,$A19,0,$B19)/(OFFSET(ORÇAMENTO!$X$15,$A19,0,$B19)+10^-12)))","v":{"$error":"#N/A"}},{"$f":"IF(ACOMPANHAMENTO<>\"BM\",0,SUMPRODUCT(OFFSET(BM!$O$15,$A19,0,$B19)*(OFFSET(BM!$A$15,$A19,0,$B19)=\"S\")*OFFSET(ORÇAMENTO!AB$15,$A19,0,$B19)/(OFFSET(ORÇAMENTO!$X$15,$A19,0,$B19)+10^-12)))","v":{"$error":"#N/A"}},{"$f":"IF(ACOMPANHAMENTO<>\"BM\",0,OFFSET(BM!$O$15,$A19,0))","v":{"$error":"#N/A"}}]
[{"$f":"MATCH(E20,ORÇAMENTO!$E$15:$E$154,0)-1","v":{"$error":"#N/A"}},{"$f":"IF(ISERROR($A20),NA(),OFFSET(ORÇAMENTO!$D$15,$A20,0))","v":{"$error":"#N/A"}},{"$f":"QCI!B20","v":"Branco"},"",{"$f":"QCI!D20","v":7},{"$f":"QCI!G20","v":""},{"$f":"QCI!H20","v":0},{"$f":"QCI!I20","v":0},{"$f":"QCI!J20","v":""},{"$f":"QCI!K20","v":""},"",{"$f":"QCI!$O20","v":0},0,0,0,0,null,{"$f":"ROUND(IF($C20=\"Automático\",AC20+AJ20,$Y20*IF(ISERROR(QCI!$AA20/QCI!$O20),0,QCI!$AA20/QCI!$O20)),2)","v":0},{"$f":"ROUND(IF($C20=\"Automático\",AD20+AK20,$Y20*IF(ISERROR(QCI!$AB20/QCI!$O20),0,QCI!$AB20/QCI!$O20)),2)","v":0},{"$f":"ROUND(IF($C20=\"Automático\",AF20+AM20,$Z20*IF(ISERROR(QCI!$AA20/QCI!$O20),0,QCI!$AA20/QCI!$O20)),2)","v":0},{"$f":"ROUND(IF($C20=\"Automático\",AG20+AN20,$Z20*IF(ISERROR(QCI!$AB20/QCI!$O20),0,QCI!$AB20/QCI!$O20)),2)","v":0},{"$f":"IF(AND($L20>0,$J20<>0,$J20<>\"\",COUNTIF($J$13:$J20,$J20)=1),OFFSET(V20,-1,0)+1,OFFSET(V20,-1,0))","v":1},null,null,null,null,null,null,{"$f":"IF(ACOMPANHAMENTO<>\"PLE\",0,SUMPRODUCT((OFFSET(CÁLCULO!$AX$15:$BH$15,$A20,0,$B20)<=(PLE.Medicao-1))*OFFSET(CÁLCULO!$AB$15:$AL$15,$A20,0,$B20)*OFFSET(ORÇAMENTO!$AA$15,$A20,0,$B20)/(OFFSET(ORÇAMENTO!$X$15,$A20,0,$B20)+10^-12))+IF(AUTOEVENTO=\"Manual\",SUMPRODUCT((OFFSET(CÁLCULO!$M$15,$A20,0,$B20)=1)*OFFSET(ORÇAMENTO!$AA$15,$A20,0,$B20)*(PLE!$AE$9-PLE!$Y$9)),0))","v":0},{"$f":"IF(ACOMPANHAMENTO<>\"PLE\",0,SUMPRODUCT((OFFSET(CÁLCULO!$AX$15:$BH$15,$A20,0,$B20)<=(PLE.Medicao-1))*OFFSET(CÁLCULO!$AB$15:$AL$15,$A20,0,$B20)*OFFSET(ORÇAMENTO!$AB$15,$A20,0,$B20)/(OFFSET(ORÇAMENTO!$X$15,$A20,0,$B20)+10^-12))+IF(AUTOEVENTO=\"Manual\",SUMPRODUCT((OFFSET(CÁLCULO!$M$15,$A20,0,$B20)=1)*OFFSET(ORÇAMENTO!$AB$15,$A20,0,$B20)*(PLE!$AE$9-PLE!$Y$9)),0))","v":0},{"$f":"ROUND(IF(ACOMPANHAMENTO<>\"PLE\",0,SUMIF(OFFSET(CÁLCULO!$AX$15:$BH$15,$A20,0,$B20),\"<=\"&(PLE.Medicao-1),OFFSET(CÁLCULO!$AB$15:$AL$15,$A20,0,$B20))+IF(AUTOEVENTO=\"Manual\",SUMIF(OFFSET(CÁLCULO!$M$15,$A20,0,$B20),1,OFFSET(ORÇAMENTO!$X$15,$A20,0,$B20))*(PLE!$AE$9-PLE!$Y$9),0)),2)","v":0},{"$f":"IF(ACOMPANHAMENTO<>\"PLE\",0,SUMPRODUCT((OFFSET(CÁLCULO!$AX$15:$BH$15,$A20,0,$B20)<=PLE.Medicao)*OFFSET(CÁLCULO!$AB$15:$AL$15,$A20,0,$B20)*OFFSET(ORÇAMENTO!$AA$15,$A20,0,$B20)/(OFFSET(ORÇAMENTO!$X$15,$A20,0,$B20)+10^-12))+IF(AUTOEVENTO=\"Manual\",SUMPRODUCT((OFFSET(CÁLCULO!$M$15,$A20,0,$B20)=1)*OFFSET(ORÇAMENTO!$AA$15,$A20,0,$B20)*PLE!$AE$9),0))","v":0},{"$f":"IF(ACOMPANHAMENTO<>\"PLE\",0,SUMPRODUCT((OFFSET(CÁLCULO!$AX$15:$BH$15,$A20,0,$B20)<=PLE.Medicao)*OFFSET(CÁLCULO!$AB$15:$AL$15,$A20,0,$B20)*OFFSET(ORÇAMENTO!$AB$15,$A20,0,$B20)/(OFFSET(ORÇAMENTO!$X$15,$A20,0,$B20)+10^-12))+IF(AUTOEVENTO=\"Manual\",SUMPRODUCT((OFFSET(CÁLCULO!$M$15,$A20,0,$B20)=1)*OFFSET(ORÇAMENTO!$AB$15,$A20,0,$B20)*PLE!$AE$9),0))","v":0},{"$f":"ROUND(IF(ACOMPANHAMENTO<>\"PLE\",0,SUMIF(OFFSET(CÁLCULO!$AX$15:$BH$15,$A20,0,$B20),\"<=\"&PLE.Medicao,OFFSET(CÁLCULO!$AB$15:$AL$15,$A20,0,$B20))+IF(AUTOEVENTO=\"Manual\",SUMIF(OFFSET(CÁLCULO!$M$15,$A20,0,$B20),1,OFFSET(ORÇAMENTO!$X$15,$A20,0,$B20))*PLE!$AE$9,0)),2)","v":0},null,{"$f":"IF(ACOMPANHAMENTO<>\"BM\",0,SUMPRODUCT(OFFSET(BM!$M$15,$A20,0,$B20)*(OFFSET(BM!$A$15,$A20,0,$B20)=\"S\")*OFFSET(ORÇAMENTO!AA$15,$A20,0,$B20)/(OFFSET(ORÇAMENTO!$X$15,$A20,0,$B20)+10^-12)))","v":{"$error":"#N/A"}},{"$f":"IF(ACOMPANHAMENTO<>\"BM\",0,SUMPRODUCT(OFFSET(BM!$M$15,$A20,0,$B20)*(OFFSET(BM!$A$15,$A20,0,$B20)=\"S\")*OFFSET(ORÇAMENTO!AB$15,$A20,0,$B20)/(OFFSET(ORÇAMENTO!$X$15,$A20,0,$B20)+10^-12)))","v":{"$error":"#N/A"}},{"$f":"IF(ACOMPANHAMENTO<>\"BM\",0,OFFSET(BM!$M$15,$A20,0))","v":{"$error":"#N/A"}},{"$f":"IF(ACOMPANHAMENTO<>\"BM\",0,SUMPRODUCT(OFFSET(BM!$O$15,$A20,0,$B20)*(OFFSET(BM!$A$15,$A20,0,$B20)=\"S\")*OFFSET(ORÇAMENTO!AA$15,$A20,0,$B20)/(OFFSET(ORÇAMENTO!$X$15,$A20,0,$B20)+10^-12)))","v":{"$error":"#N/A"}},{"$f":"IF(ACOMPANHAMENTO<>\"BM\",0,SUMPRODUCT(OFFSET(BM!$O$15,$A20,0,$B20)*(OFFSET(BM!$A$15,$A20,0,$B20)=\"S\")*OFFSET(ORÇAMENTO!AB$15,$A20,0,$B20)/(OFFSET(ORÇAMENTO!$X$15,$A20,0,$B20)+10^-12)))","v":{"$error":"#N/A"}},{"$f":"IF(ACOMPANHAMENTO<>\"BM\",0,OFFSET(BM!$O$15,$A20,0))","v":{"$error":"#N/A"}}]
[{"$f":"MATCH(E21,ORÇAMENTO!$E$15:$E$154,0)-1","v":{"$error":"#N/A"}},{"$f":"IF(ISERROR($A21),NA(),OFFSET(ORÇAMENTO!$D$15,$A21,0))","v":{"$error":"#N/A"}},{"$f":"QCI!B21","v":"Branco"},"",{"$f":"QCI!D21","v":8},{"$f":"QCI!G21","v":""},{"$f":"QCI!H21","v":0},{"$f":"QCI!I21","v":0},{"$f":"QCI!J21","v":""},{"$f":"QCI!K21","v":""},"",{"$f":"QCI!$O21","v":0},0,0,0,0,null,{"$f":"ROUND(IF($C21=\"Automático\",AC21+AJ21,$Y21*IF(ISERROR(QCI!$AA21/QCI!$O21),0,QCI!$AA21/QCI!$O21)),2)","v":0},{"$f":"ROUND(IF($C21=\"Automático\",AD21+AK21,$Y21*IF(ISERROR(QCI!$AB21/QCI!$O21),0,QCI!$AB21/QCI!$O21)),2)","v":0},{"$f":"ROUND(IF($C21=\"Automático\",AF21+AM21,$Z21*IF(ISERROR(QCI!$AA21/QCI!$O21),0,QCI!$AA21/QCI!$O21)),2)","v":0},{"$f":"ROUND(IF($C21=\"Automático\",AG21+AN21,$Z21*IF(ISERROR(QCI!$AB21/QCI!$O21),0,QCI!$AB21/QCI!$O21)),2)","v":0},{"$f":"IF(AND($L21>0,$J21<>0,$J21<>\"\",COUNTIF($J$13:$J21,$J21)=1),OFFSET(V21,-1,0)+1,OFFSET(V21,-1,0))","v":1},null,null,null,null,null,null,{"$f":"IF(ACOMPANHAMENTO<>\"PLE\",0,SUMPRODUCT((OFFSET(CÁLCULO!$AX$15:$BH$15,$A21,0,$B21)<=(PLE.Medicao-1))*OFFSET(CÁLCULO!$AB$15:$AL$15,$A21,0,$B21)*OFFSET(ORÇAMENTO!$AA$15,$A21,0,$B21)/(OFFSET(ORÇAMENTO!$X$15,$A21,0,$B21)+10^-12))+IF(AUTOEVENTO=\"Manual\",SUMPRODUCT((OFFSET(CÁLCULO!$M$15,$A21,0,$B21)=1)*OFFSET(ORÇAMENTO!$AA$15,$A21,0,$B21)*(PLE!$AE$9-PLE!$Y$9)),0))","v":0},{"$f":"IF(ACOMPANHAMENTO<>\"PLE\",0,SUMPRODUCT((OFFSET(CÁLCULO!$AX$15:$BH$15,$A21,0,$B21)<=(PLE.Medicao-1))*OFFSET(CÁLCULO!$AB$15:$AL$15,$A21,0,$B21)*OFFSET(ORÇAMENTO!$AB$15,$A21,0,$B21)/(OFFSET(ORÇAMENTO!$X$15,$A21,0,$B21)+10^-12))+IF(AUTOEVENTO=\"Manual\",SUMPRODUCT((OFFSET(CÁLCULO!$M$15,$A21,0,$B21)=1)*OFFSET(ORÇAMENTO!$AB$15,$A21,0,$B21)*(PLE!$AE$9-PLE!$Y$9)),0))","v":0},{"$f":"ROUND(IF(ACOMPANHAMENTO<>\"PLE\",0,SUMIF(OFFSET(CÁLCULO!$AX$15:$BH$15,$A21,0,$B21),\"<=\"&(PLE.Medicao-1),OFFSET(CÁLCULO!$AB$15:$AL$15,$A21,0,$B21))+IF(AUTOEVENTO=\"Manual\",SUMIF(OFFSET(CÁLCULO!$M$15,$A21,0,$B21),1,OFFSET(ORÇAMENTO!$X$15,$A21,0,$B21))*(PLE!$AE$9-PLE!$Y$9),0)),2)","v":0},{"$f":"IF(ACOMPANHAMENTO<>\"PLE\",0,SUMPRODUCT((OFFSET(CÁLCULO!$AX$15:$BH$15,$A21,0,$B21)<=PLE.Medicao)*OFFSET(CÁLCULO!$AB$15:$AL$15,$A21,0,$B21)*OFFSET(ORÇAMENTO!$AA$15,$A21,0,$B21)/(OFFSET(ORÇAMENTO!$X$15,$A21,0,$B21)+10^-12))+IF(AUTOEVENTO=\"Manual\",SUMPRODUCT((OFFSET(CÁLCULO!$M$15,$A21,0,$B21)=1)*OFFSET(ORÇAMENTO!$AA$15,$A21,0,$B21)*PLE!$AE$9),0))","v":0},{"$f":"IF(ACOMPANHAMENTO<>\"PLE\",0,SUMPRODUCT((OFFSET(CÁLCULO!$AX$15:$BH$15,$A21,0,$B21)<=PLE.Medicao)*OFFSET(CÁLCULO!$AB$15:$AL$15,$A21,0,$B21)*OFFSET(ORÇAMENTO!$AB$15,$A21,0,$B21)/(OFFSET(ORÇAMENTO!$X$15,$A21,0,$B21)+10^-12))+IF(AUTOEVENTO=\"Manual\",SUMPRODUCT((OFFSET(CÁLCULO!$M$15,$A21,0,$B21)=1)*OFFSET(ORÇAMENTO!$AB$15,$A21,0,$B21)*PLE!$AE$9),0))","v":0},{"$f":"ROUND(IF(ACOMPANHAMENTO<>\"PLE\",0,SUMIF(OFFSET(CÁLCULO!$AX$15:$BH$15,$A21,0,$B21),\"<=\"&PLE.Medicao,OFFSET(CÁLCULO!$AB$15:$AL$15,$A21,0,$B21))+IF(AUTOEVENTO=\"Manual\",SUMIF(OFFSET(CÁLCULO!$M$15,$A21,0,$B21),1,OFFSET(ORÇAMENTO!$X$15,$A21,0,$B21))*PLE!$AE$9,0)),2)","v":0},null,{"$f":"IF(ACOMPANHAMENTO<>\"BM\",0,SUMPRODUCT(OFFSET(BM!$M$15,$A21,0,$B21)*(OFFSET(BM!$A$15,$A21,0,$B21)=\"S\")*OFFSET(ORÇAMENTO!AA$15,$A21,0,$B21)/(OFFSET(ORÇAMENTO!$X$15,$A21,0,$B21)+10^-12)))","v":{"$error":"#N/A"}},{"$f":"IF(ACOMPANHAMENTO<>\"BM\",0,SUMPRODUCT(OFFSET(BM!$M$15,$A21,0,$B21)*(OFFSET(BM!$A$15,$A21,0,$B21)=\"S\")*OFFSET(ORÇAMENTO!AB$15,$A21,0,$B21)/(OFFSET(ORÇAMENTO!$X$15,$A21,0,$B21)+10^-12)))","v":{"$error":"#N/A"}},{"$f":"IF(ACOMPANHAMENTO<>\"BM\",0,OFFSET(BM!$M$15,$A21,0))","v":{"$error":"#N/A"}},{"$f":"IF(ACOMPANHAMENTO<>\"BM\",0,SUMPRODUCT(OFFSET(BM!$O$15,$A21,0,$B21)*(OFFSET(BM!$A$15,$A21,0,$B21)=\"S\")*OFFSET(ORÇAMENTO!AA$15,$A21,0,$B21)/(OFFSET(ORÇAMENTO!$X$15,$A21,0,$B21)+10^-12)))","v":{"$error":"#N/A"}},{"$f":"IF(ACOMPANHAMENTO<>\"BM\",0,SUMPRODUCT(OFFSET(BM!$O$15,$A21,0,$B21)*(OFFSET(BM!$A$15,$A21,0,$B21)=\"S\")*OFFSET(ORÇAMENTO!AB$15,$A21,0,$B21)/(OFFSET(ORÇAMENTO!$X$15,$A21,0,$B21)+10^-12)))","v":{"$error":"#N/A"}},{"$f":"IF(ACOMPANHAMENTO<>\"BM\",0,OFFSET(BM!$O$15,$A21,0))","v":{"$error":"#N/A"}}]
[{"$f":"MATCH(E22,ORÇAMENTO!$E$15:$E$154,0)-1","v":{"$error":"#N/A"}},{"$f":"IF(ISERROR($A22),NA(),OFFSET(ORÇAMENTO!$D$15,$A22,0))","v":{"$error":"#N/A"}},{"$f":"QCI!B22","v":"Branco"},"",{"$f":"QCI!D22","v":9},{"$f":"QCI!G22","v":""},{"$f":"QCI!H22","v":0},{"$f":"QCI!I22","v":0},{"$f":"QCI!J22","v":""},{"$f":"QCI!K22","v":""},"",{"$f":"QCI!$O22","v":0},0,0,0,0,null,{"$f":"ROUND(IF($C22=\"Automático\",AC22+AJ22,$Y22*IF(ISERROR(QCI!$AA22/QCI!$O22),0,QCI!$AA22/QCI!$O22)),2)","v":0},{"$f":"ROUND(IF($C22=\"Automático\",AD22+AK22,$Y22*IF(ISERROR(QCI!$AB22/QCI!$O22),0,QCI!$AB22/QCI!$O22)),2)","v":0},{"$f":"ROUND(IF($C22=\"Automático\",AF22+AM22,$Z22*IF(ISERROR(QCI!$AA22/QCI!$O22),0,QCI!$AA22/QCI!$O22)),2)","v":0},{"$f":"ROUND(IF($C22=\"Automático\",AG22+AN22,$Z22*IF(ISERROR(QCI!$AB22/QCI!$O22),0,QCI!$AB22/QCI!$O22)),2)","v":0},{"$f":"IF(AND($L22>0,$J22<>0,$J22<>\"\",COUNTIF($J$13:$J22,$J22)=1),OFFSET(V22,-1,0)+1,OFFSET(V22,-1,0))","v":1},null,null,null,null,null,null,{"$f":"IF(ACOMPANHAMENTO<>\"PLE\",0,SUMPRODUCT((OFFSET(CÁLCULO!$AX$15:$BH$15,$A22,0,$B22)<=(PLE.Medicao-1))*OFFSET(CÁLCULO!$AB$15:$AL$15,$A22,0,$B22)*OFFSET(ORÇAMENTO!$AA$15,$A22,0,$B22)/(OFFSET(ORÇAMENTO!$X$15,$A22,0,$B22)+10^-12))+IF(AUTOEVENTO=\"Manual\",SUMPRODUCT((OFFSET(CÁLCULO!$M$15,$A22,0,$B22)=1)*OFFSET(ORÇAMENTO!$AA$15,$A22,0,$B22)*(PLE!$AE$9-PLE!$Y$9)),0))","v":0},{"$f":"IF(ACOMPANHAMENTO<>\"PLE\",0,SUMPRODUCT((OFFSET(CÁLCULO!$AX$15:$BH$15,$A22,0,$B22)<=(PLE.Medicao-1))*OFFSET(CÁLCULO!$AB$15:$AL$15,$A22,0,$B22)*OFFSET(ORÇAMENTO!$AB$15,$A22,0,$B22)/(OFFSET(ORÇAMENTO!$X$15,$A22,0,$B22)+10^-12))+IF(AUTOEVENTO=\"Manual\",SUMPRODUCT((OFFSET(CÁLCULO!$M$15,$A22,0,$B22)=1)*OFFSET(ORÇAMENTO!$AB$15,$A22,0,$B22)*(PLE!$AE$9-PLE!$Y$9)),0))","v":0},{"$f":"ROUND(IF(ACOMPANHAMENTO<>\"PLE\",0,SUMIF(OFFSET(CÁLCULO!$AX$15:$BH$15,$A22,0,$B22),\"<=\"&(PLE.Medicao-1),OFFSET(CÁLCULO!$AB$15:$AL$15,$A22,0,$B22))+IF(AUTOEVENTO=\"Manual\",SUMIF(OFFSET(CÁLCULO!$M$15,$A22,0,$B22),1,OFFSET(ORÇAMENTO!$X$15,$A22,0,$B22))*(PLE!$AE$9-PLE!$Y$9),0)),2)","v":0},{"$f":"IF(ACOMPANHAMENTO<>\"PLE\",0,SUMPRODUCT((OFFSET(CÁLCULO!$AX$15:$BH$15,$A22,0,$B22)<=PLE.Medicao)*OFFSET(CÁLCULO!$AB$15:$AL$15,$A22,0,$B22)*OFFSET(ORÇAMENTO!$AA$15,$A22,0,$B22)/(OFFSET(ORÇAMENTO!$X$15,$A22,0,$B22)+10^-12))+IF(AUTOEVENTO=\"Manual\",SUMPRODUCT((OFFSET(CÁLCULO!$M$15,$A22,0,$B22)=1)*OFFSET(ORÇAMENTO!$AA$15,$A22,0,$B22)*PLE!$AE$9),0))","v":0},{"$f":"IF(ACOMPANHAMENTO<>\"PLE\",0,SUMPRODUCT((OFFSET(CÁLCULO!$AX$15:$BH$15,$A22,0,$B22)<=PLE.Medicao)*OFFSET(CÁLCULO!$AB$15:$AL$15,$A22,0,$B22)*OFFSET(ORÇAMENTO!$AB$15,$A22,0,$B22)/(OFFSET(ORÇAMENTO!$X$15,$A22,0,$B22)+10^-12))+IF(AUTOEVENTO=\"Manual\",SUMPRODUCT((OFFSET(CÁLCULO!$M$15,$A22,0,$B22)=1)*OFFSET(ORÇAMENTO!$AB$15,$A22,0,$B22)*PLE!$AE$9),0))","v":0},{"$f":"ROUND(IF(ACOMPANHAMENTO<>\"PLE\",0,SUMIF(OFFSET(CÁLCULO!$AX$15:$BH$15,$A22,0,$B22),\"<=\"&PLE.Medicao,OFFSET(CÁLCULO!$AB$15:$AL$15,$A22,0,$B22))+IF(AUTOEVENTO=\"Manual\",SUMIF(OFFSET(CÁLCULO!$M$15,$A22,0,$B22),1,OFFSET(ORÇAMENTO!$X$15,$A22,0,$B22))*PLE!$AE$9,0)),2)","v":0},null,{"$f":"IF(ACOMPANHAMENTO<>\"BM\",0,SUMPRODUCT(OFFSET(BM!$M$15,$A22,0,$B22)*(OFFSET(BM!$A$15,$A22,0,$B22)=\"S\")*OFFSET(ORÇAMENTO!AA$15,$A22,0,$B22)/(OFFSET(ORÇAMENTO!$X$15,$A22,0,$B22)+10^-12)))","v":{"$error":"#N/A"}},{"$f":"IF(ACOMPANHAMENTO<>\"BM\",0,SUMPRODUCT(OFFSET(BM!$M$15,$A22,0,$B22)*(OFFSET(BM!$A$15,$A22,0,$B22)=\"S\")*OFFSET(ORÇAMENTO!AB$15,$A22,0,$B22)/(OFFSET(ORÇAMENTO!$X$15,$A22,0,$B22)+10^-12)))","v":{"$error":"#N/A"}},{"$f":"IF(ACOMPANHAMENTO<>\"BM\",0,OFFSET(BM!$M$15,$A22,0))","v":{"$error":"#N/A"}},{"$f":"IF(ACOMPANHAMENTO<>\"BM\",0,SUMPRODUCT(OFFSET(BM!$O$15,$A22,0,$B22)*(OFFSET(BM!$A$15,$A22,0,$B22)=\"S\")*OFFSET(ORÇAMENTO!AA$15,$A22,0,$B22)/(OFFSET(ORÇAMENTO!$X$15,$A22,0,$B22)+10^-12)))","v":{"$error":"#N/A"}},{"$f":"IF(ACOMPANHAMENTO<>\"BM\",0,SUMPRODUCT(OFFSET(BM!$O$15,$A22,0,$B22)*(OFFSET(BM!$A$15,$A22,0,$B22)=\"S\")*OFFSET(ORÇAMENTO!AB$15,$A22,0,$B22)/(OFFSET(ORÇAMENTO!$X$15,$A22,0,$B22)+10^-12)))","v":{"$error":"#N/A"}},{"$f":"IF(ACOMPANHAMENTO<>\"BM\",0,OFFSET(BM!$O$15,$A22,0))","v":{"$error":"#N/A"}}]
[{"$f":"MATCH(E23,ORÇAMENTO!$E$15:$E$154,0)-1","v":{"$error":"#N/A"}},{"$f":"IF(ISERROR($A23),NA(),OFFSET(ORÇAMENTO!$D$15,$A23,0))","v":{"$error":"#N/A"}},{"$f":"QCI!B23","v":"Branco"},{"$f":"IF(L23>0,\"F\",\"\")","v":""},{"$f":"QCI!D23","v":10},{"$f":"QCI!G23","v":""},{"$f":"QCI!H23","v":0},{"$f":"QCI!I23","v":0},{"$f":"QCI!J23","v":""},{"$f":"QCI!K23","v":""},"",{"$f":"QCI!$O23","v":0},{"$f":"ROUND(IF(C23=\"Automático\",AE23+AL23,Y23),2)","v":0},{"$f":"O23-M23","v":0},{"$f":"ROUND(IF(C23=\"Automático\",AH23+AO23,Z23),2)","v":0},{"$f":"O23/(L23+10^-12)","v":0},null,{"$f":"ROUND(IF($C23=\"Automático\",AC23+AJ23,$Y23*IF(ISERROR(QCI!$AA23/QCI!$O23),0,QCI!$AA23/QCI!$O23)),2)","v":0},{"$f":"ROUND(IF($C23=\"Automático\",AD23+AK23,$Y23*IF(ISERROR(QCI!$AB23/QCI!$O23),0,QCI!$AB23/QCI!$O23)),2)","v":0},{"$f":"ROUND(IF($C23=\"Automático\",AF23+AM23,$Z23*IF(ISERROR(QCI!$AA23/QCI!$O23),0,QCI!$AA23/QCI!$O23)),2)","v":0},{"$f":"ROUND(IF($C23=\"Automático\",AG23+AN23,$Z23*IF(ISERROR(QCI!$AB23/QCI!$O23),0,QCI!$AB23/QCI!$O23)),2)","v":0},{"$f":"IF(AND($L23>0,$J23<>0,$J23<>\"\",COUNTIF($J$13:$J23,$J23)=1),OFFSET(V23,-1,0)+1,OFFSET(V23,-1,0))","v":1},null,null,null,null,null,null,{"$f":"IF(ACOMPANHAMENTO<>\"PLE\",0,SUMPRODUCT((OFFSET(CÁLCULO!$AX$15:$BH$15,$A23,0,$B23)<=(PLE.Medicao-1))*OFFSET(CÁLCULO!$AB$15:$AL$15,$A23,0,$B23)*OFFSET(ORÇAMENTO!$AA$15,$A23,0,$B23)/(OFFSET(ORÇAMENTO!$X$15,$A23,0,$B23)+10^-12))+IF(AUTOEVENTO=\"Manual\",SUMPRODUCT((OFFSET(CÁLCULO!$M$15,$A23,0,$B23)=1)*OFFSET(ORÇAMENTO!$AA$15,$A23,0,$B23)*(PLE!$AE$9-PLE!$Y$9)),0))","v":0},{"$f":"IF(ACOMPANHAMENTO<>\"PLE\",0,SUMPRODUCT((OFFSET(CÁLCULO!$AX$15:$BH$15,$A23,0,$B23)<=(PLE.Medicao-1))*OFFSET(CÁLCULO!$AB$15:$AL$15,$A23,0,$B23)*OFFSET(ORÇAMENTO!$AB$15,$A23,0,$B23)/(OFFSET(ORÇAMENTO!$X$15,$A23,0,$B23)+10^-12))+IF(AUTOEVENTO=\"Manual\",SUMPRODUCT((OFFSET(CÁLCULO!$M$15,$A23,0,$B23)=1)*OFFSET(ORÇAMENTO!$AB$15,$A23,0,$B23)*(PLE!$AE$9-PLE!$Y$9)),0))","v":0},{"$f":"ROUND(IF(ACOMPANHAMENTO<>\"PLE\",0,SUMIF(OFFSET(CÁLCULO!$AX$15:$BH$15,$A23,0,$B23),\"<=\"&(PLE.Medicao-1),OFFSET(CÁLCULO!$AB$15:$AL$15,$A23,0,$B23))+IF(AUTOEVENTO=\"Manual\",SUMIF(OFFSET(CÁLCULO!$M$15,$A23,0,$B23),1,OFFSET(ORÇAMENTO!$X$15,$A23,0,$B23))*(PLE!$AE$9-PLE!$Y$9),0)),2)","v":0},{"$f":"IF(ACOMPANHAMENTO<>\"PLE\",0,SUMPRODUCT((OFFSET(CÁLCULO!$AX$15:$BH$15,$A23,0,$B23)<=PLE.Medicao)*OFFSET(CÁLCULO!$AB$15:$AL$15,$A23,0,$B23)*OFFSET(ORÇAMENTO!$AA$15,$A23,0,$B23)/(OFFSET(ORÇAMENTO!$X$15,$A23,0,$B23)+10^-12))+IF(AUTOEVENTO=\"Manual\",SUMPRODUCT((OFFSET(CÁLCULO!$M$15,$A23,0,$B23)=1)*OFFSET(ORÇAMENTO!$AA$15,$A23,0,$B23)*PLE!$AE$9),0))","v":0},{"$f":"IF(ACOMPANHAMENTO<>\"PLE\",0,SUMPRODUCT((OFFSET(CÁLCULO!$AX$15:$BH$15,$A23,0,$B23)<=PLE.Medicao)*OFFSET(CÁLCULO!$AB$15:$AL$15,$A23,0,$B23)*OFFSET(ORÇAMENTO!$AB$15,$A23,0,$B23)/(OFFSET(ORÇAMENTO!$X$15,$A23,0,$B23)+10^-12))+IF(AUTOEVENTO=\"Manual\",SUMPRODUCT((OFFSET(CÁLCULO!$M$15,$A23,0,$B23)=1)*OFFSET(ORÇAMENTO!$AB$15,$A23,0,$B23)*PLE!$AE$9),0))","v":0},{"$f":"ROUND(IF(ACOMPANHAMENTO<>\"PLE\",0,SUMIF(OFFSET(CÁLCULO!$AX$15:$BH$15,$A23,0,$B23),\"<=\"&PLE.Medicao,OFFSET(CÁLCULO!$AB$15:$AL$15,$A23,0,$B23))+IF(AUTOEVENTO=\"Manual\",SUMIF(OFFSET(CÁLCULO!$M$15,$A23,0,$B23),1,OFFSET(ORÇAMENTO!$X$15,$A23,0,$B23))*PLE!$AE$9,0)),2)","v":0},null,{"$f":"IF(ACOMPANHAMENTO<>\"BM\",0,SUMPRODUCT(OFFSET(BM!$M$15,$A23,0,$B23)*(OFFSET(BM!$A$15,$A23,0,$B23)=\"S\")*OFFSET(ORÇAMENTO!AA$15,$A23,0,$B23)/(OFFSET(ORÇAMENTO!$X$15,$A23,0,$B23)+10^-12)))","v":{"$error":"#N/A"}},{"$f":"IF(ACOMPANHAMENTO<>\"BM\",0,SUMPRODUCT(OFFSET(BM!$M$15,$A23,0,$B23)*(OFFSET(BM!$A$15,$A23,0,$B23)=\"S\")*OFFSET(ORÇAMENTO!AB$15,$A23,0,$B23)/(OFFSET(ORÇAMENTO!$X$15,$A23,0,$B23)+10^-12)))","v":{"$error":"#N/A"}},{"$f":"IF(ACOMPANHAMENTO<>\"BM\",0,OFFSET(BM!$M$15,$A23,0))","v":{"$error":"#N/A"}},{"$f":"IF(ACOMPANHAMENTO<>\"BM\",0,SUMPRODUCT(OFFSET(BM!$O$15,$A23,0,$B23)*(OFFSET(BM!$A$15,$A23,0,$B23)=\"S\")*OFFSET(ORÇAMENTO!AA$15,$A23,0,$B23)/(OFFSET(ORÇAMENTO!$X$15,$A23,0,$B23)+10^-12)))","v":{"$error":"#N/A"}},{"$f":"IF(ACOMPANHAMENTO<>\"BM\",0,SUMPRODUCT(OFFSET(BM!$O$15,$A23,0,$B23)*(OFFSET(BM!$A$15,$A23,0,$B23)=\"S\")*OFFSET(ORÇAMENTO!AB$15,$A23,0,$B23)/(OFFSET(ORÇAMENTO!$X$15,$A23,0,$B23)+10^-12)))","v":{"$error":"#N/A"}},{"$f":"IF(ACOMPANHAMENTO<>\"BM\",0,OFFSET(BM!$O$15,$A23,0))","v":{"$error":"#N/A"}}]
[null,null,null,"F",null,null,null,null,null,"(%)",null,{"$f":"IF(ISERROR(L28/$L28),0,ROUND(L28/$L28,4))","v":1},{"$f":"IF(ISERROR(M28/$L28),0,ROUND(M28/$L28,4))","v":0},{"$f":"IF(ISERROR(N28/$L28),0,ROUND(N28/$L28,4))","v":0},{"$f":"IF(ISERROR(O28/$L28),0,ROUND(O28/$L28,4))","v":0},{"$f":"O28/(L28+10^-12)","v":{"$error":"#REF!"}}]
[null,null,null,"F",null,null,null,null,null,{"$f":"IF(import.recurso=\"FGTS\",\"Financiamento\",\"Repasse\")","v":"Repasse"},null,{"$f":"QCI!L24","v":0},{"$f":"M28-M27-M26","v":{"$error":"#REF!"}},{"$f":"O25-M25","v":{"$error":"#REF!"}},{"$f":"O28-O27-O26","v":{"$error":"#REF!"}},null,null,null,null,null,null,null,null,null,"Anterior (R$)","Acumulado (R$)",null,null,"Max CP/OU Ant.","Max CP/OU Acum."]
[null,null,null,"F",null,null,null,null,null,"Contrapartida",null,{"$f":"QCI!M24","v":298436.46000000002},{"$f":"ROUND(IF(OFFSET($X$26,0,1)<>\"\",OFFSET($X$26,0,1),SUM(R13:OFFSET(R24,-1,0))),2)","v":{"$error":"#REF!"}},{"$f":"O26-M26","v":{"$error":"#REF!"}},{"$f":"IF(OFFSET($X$26,0,2)<>\"\",OFFSET($X$26,0,2),$AE$3)","v":{"$error":"#REF!"}},null,null,null,null,null,null,null,null,"CP",null,null,null,null,{"$f":"MIN($L26,$O$28-OFFSET($X$27,0,1))","v":{"$error":"#REF!"}},{"$f":"MIN($L26,$O$28-OFFSET($X$27,0,2))","v":{"$error":"#REF!"}}]
[null,null,null,"F",null,null,null,null,null,"Outros",null,{"$f":"QCI!N24","v":0},{"$f":"ROUND(IF(OFFSET($X$27,0,1)<>\"\",OFFSET($X$27,0,1),SUM(S13:OFFSET(S24,-1,0))),2)","v":{"$error":"#REF!"}},{"$f":"O27-M27","v":{"$error":"#REF!"}},{"$f":"IF(OFFSET($X$27,0,2)<>\"\",OFFSET($X$27,0,2),$AE$4)","v":{"$error":"#REF!"}},null,null,null,null,null,null,null,null,"OU",null,null,null,null,{"$f":"MIN($L27,$O$28-OFFSET($X$26,0,1))","v":{"$error":"#REF!"}},{"$f":"MIN($L27,$O$28-OFFSET($X$26,0,2))","v":{"$error":"#REF!"}}]
[null,null,null,"F",null,null,null,null,null,"Investimento",null,{"$f":"SUM(L13:OFFSET(L24,-1,0))","v":298436.46000000002},{"$f":"ROUND(SUM(M13:OFFSET(M24,-1,0)),2)","v":{"$error":"#REF!"}},{"$f":"O28-M28","v":{"$error":"#REF!"}},{"$f":"SUM(O13:OFFSET(O24,-1,0))","v":{"$error":"#REF!"}}]
[null,null,null,null,null,null,null,null,null,null,null,null,null,null,{"$f":"\"Acumulado Anterior:  \"&TEXT($M$28/($L$28+10^-12),\"0,00%\")","v":{"$error":"#REF!"}}]
[null,null,null,null,"Observações:"]
[]
[]
[]
[]
[null,null,null,null,{"$f":"Import.Município","v":"Ouro/SC"},null,null,null,null,null,null,{"$f":"DADOS!$F$25","v":"2020-07-23"}]
[null,null,null,null,"Local",null,null,null,null,null,null,"Data"]
[]
[]
[null,null,null,null,{"$f":"IF(CAIXA.Modo,\"Responsável Gerencial CAIXA\",\"Representante Tomador\")","v":"Representante Tomador"},null,null,null,null,null,null,{"$f":"IF(CAIXA.Modo,\"Responsável Técnico CAIXA\",\"Responsável Técnico pela Fiscalização\")","v":"Responsável Técnico pela Fiscalização"}]
[null,null,null,null,"Nome:",{"$f":"IF(CAIXA.Modo,DADOS!F59,DADOS!F28)","v":"Antonio José Bissani"},null,null,null,null,null,"Nome:",{"$f":"IF(CAIXA.Modo,BM!X166,DADOS!F50)","v":0}]
[null,null,null,null,{"$f":"IF(CAIXA.Modo,\"Função:\",\"Cargo:\")","v":"Cargo:"},{"$f":"IF(CAIXA.Modo,DADOS!F60,DADOS!F29)","v":"Prefeito Municipal"},null,null,null,null,null,{"$f":"IF(CAIXA.Modo,\"Matrícula:\",\"Profissão:\")","v":"Profissão:"},{"$f":"IF(CAIXA.Modo,BM!X167,DADOS!F51)","v":0}]
[null,null,null,null,null,null,null,null,null,null,null,"CREA/CAU:",{"$f":"IF(CAIXA.Modo,BM!X168,DADOS!F52)","v":0}]
[null,null,null,null,null,null,null,null,null,null,null,{"$f":"IF(CAIXA.Modo,\"\",\"ART/RRT:\")","v":"ART/RRT:"},{"$f":"IF(CAIXA.Modo,\"\",DADOS!F53)","v":0}]
[]
[]
[null,null,null,null,{"$f":"IF(CAIXA.Modo,\"Responsável Social CAIXA\",\"Responsável Social\")","v":"Responsável Social"},null,null,null,null,null,null,{"$f":"IF(CAIXA.Modo,\"Responsável Operacional CAIXA\",\"Responsável Financeiro\")","v":"Responsável Financeiro"}]
[null,null,null,null,"Nome:",null,null,null,null,null,null,"Nome:"]
[null,null,null,null,{"$f":"IF(CAIXA.Modo,\"Função:\",\"Cargo:\")","v":"Cargo:"},null,null,null,null,null,null,{"$f":"IF(CAIXA.Modo,\"Função:\",\"Cargo:\")","v":"Cargo:"}]
[null,null,null,null,{"$f":"IF(CAIXA.Modo,\"Matr:\",\"\")","v":""},null,null,null,null,null,null,{"$f":"IF(CAIXA.Modo,\"Matrícula:\",\"\")","v":""}]

{"sheet":"OFÍCIO","index":13,"n_rows":55,"n_cols":12,"rows_kept":55,"cut":false,"hidden":false,"merged":[[54,1,55,6],[32,1,32,2],[32,5,32,6],[33,1,33,2],[33,5,33,6],[36,1,37,6],[38,1,39,6],[41,1,45,6],[30,1,30,2],[30,5,30,6],[29,1,29,2],[29,5,29,6],[53,1,53,6],[31,1,31,2],[31,5,31,6],[23,1,25,6],[27,1,28,2],[18,1,19,1],[18,2,19,6],[10,2,10,3],[13,2,13,6],[14,2,15,6],[17,2,17,6],[27,3,28,3],[27,4,28,4],[27,5,28,6],[3,11,4,11],[5,2,5,3],[7,1,7,6],[9,1,9,3],[0,1,3,2],[3,8,4,8],[3,9,4,9],[3,10,4,10]]}
[null,null,null,null,null,null,"Grau de Sigilo"]
[null,null,null,null,null,null,"# PÚBLICO"]
[null,null,null,null,null,null,null,null,"Resumo de Valores por CTEF:"]
[null,null,null,null,null,null,null,null,"CTEF:","Valor Vigente (R$)","Valor desta Medição (R$)","Valor Acumulado (R$)"]
[]
[null,"Ofício n°:",null,null,null,null,null,null,{"$f":"IF(ROW(I6)-ROW(L$5)>MAX(RRE!$V$13:$V$24),\"\",INDEX(RRE!$J$13:$J$24,MATCH(ROW(I6)-ROW(I$5),RRE!$V$13:$V$24,0)))","v":"LOTE 1"},{"$f":"IF(I6=\"\",\"\",SUMIF(RRE!$J$13:$J$24,OFÍCIO!$I6,RRE!$L$13:$L$24))","v":298436.46000000002},{"$f":"IF(J6=\"\",\"\",SUMIF(RRE!$J$13:$J$24,OFÍCIO!$I6,RRE!$N$13:$N$24))","v":{"$error":"#REF!"}},{"$f":"IF(K6=\"\",\"\",SUMIF(RRE!$J$13:$J$24,OFÍCIO!$I6,RRE!$O$13:$O$24))","v":{"$error":"#REF!"}}]
[null,null,null,null,null,null,null,null,{"$f":"IF(ROW(I7)-ROW(L$5)>MAX(RRE!$V$13:$V$24),\"\",INDEX(RRE!$J$13:$J$24,MATCH(ROW(I7)-ROW(I$5),RRE!$V$13:$V$24,0)))","v":""},{"$f":"IF(I7=\"\",\"\",SUMIF(RRE!$J$13:$J$24,OFÍCIO!$I7,RRE!$L$13:$L$24))","v":""},{"$f":"IF(J7=\"\",\"\",SUMIF(RRE!$J$13:$J$24,OFÍCIO!$I7,RRE!$N$13:$N$24))","v":""},{"$f":"IF(K7=\"\",\"\",SUMIF(RRE!$J$13:$J$24,OFÍCIO!$I7,RRE!$O$13:$O$24))","v":""}]
[null,{"$f":"CONCATENATE(RRE!$E$35,\", \",TEXT(RRE!$L$35,\"dd\"\" de \"\"mmmm\"\" de \"\"aaaa\"))","v":"Ouro/SC, 23 de julho de 2020"},null,null,null,null,null,null,{"$f":"IF(ROW(I8)-ROW(L$5)>MAX(RRE!$V$13:$V$24),\"\",INDEX(RRE!$J$13:$J$24,MATCH(ROW(I8)-ROW(I$5),RRE!$V$13:$V$24,0)))","v":""},{"$f":"IF(I8=\"\",\"\",SUMIF(RRE!$J$13:$J$24,OFÍCIO!$I8,RRE!$L$13:$L$24))","v":""},{"$f":"IF(J8=\"\",\"\",SUMIF(RRE!$J$13:$J$24,OFÍCIO!$I8,RRE!$N$13:$N$24))","v":""},{"$f":"IF(K8=\"\",\"\",SUMIF(RRE!$J$13:$J$24,OFÍCIO!$I8,RRE!$O$13:$O$24))","v":""}]
[null,"À",null,null,null,null,null,null,{"$f":"IF(ROW(I9)-ROW(L$5)>MAX(RRE!$V$13:$V$24),\"\",INDEX(RRE!$J$13:$J$24,MATCH(ROW(I9)-ROW(I$5),RRE!$V$13:$V$24,0)))","v":""},{"$f":"IF(I9=\"\",\"\",SUMIF(RRE!$J$13:$J$24,OFÍCIO!$I9,RRE!$L$13:$L$24))","v":""},{"$f":"IF(J9=\"\",\"\",SUMIF(RRE!$J$13:$J$24,OFÍCIO!$I9,RRE!$N$13:$N$24))","v":""},{"$f":"IF(K9=\"\",\"\",SUMIF(RRE!$J$13:$J$24,OFÍCIO!$I9,RRE!$O$13:$O$24))","v":""}]
[null,"CAIXA ECONÔMICA FEDERAL",null,null,null,null,null,null,{"$f":"IF(ROW(I10)-ROW(L$5)>MAX(RRE!$V$13:$V$24),\"\",INDEX(RRE!$J$13:$J$24,MATCH(ROW(I10)-ROW(I$5),RRE!$V$13:$V$24,0)))","v":""},{"$f":"IF(I10=\"\",\"\",SUMIF(RRE!$J$13:$J$24,OFÍCIO!$I10,RRE!$L$13:$L$24))","v":""},{"$f":"IF(J10=\"\",\"\",SUMIF(RRE!$J$13:$J$24,OFÍCIO!$I10,RRE!$N$13:$N$24))","v":""},{"$f":"IF(K10=\"\",\"\",SUMIF(RRE!$J$13:$J$24,OFÍCIO!$I10,RRE!$O$13:$O$24))","v":""}]
[null,"GIGOV",null,null,null,null,null,null,{"$f":"IF(ROW(I11)-ROW(L$5)>MAX(RRE!$V$13:$V$24),\"\",INDEX(RRE!$J$13:$J$24,MATCH(ROW(I11)-ROW(I$5),RRE!$V$13:$V$24,0)))","v":""},{"$f":"IF(I11=\"\",\"\",SUMIF(RRE!$J$13:$J$24,OFÍCIO!$I11,RRE!$L$13:$L$24))","v":""},{"$f":"IF(J11=\"\",\"\",SUMIF(RRE!$J$13:$J$24,OFÍCIO!$I11,RRE!$N$13:$N$24))","v":""},{"$f":"IF(K11=\"\",\"\",SUMIF(RRE!$J$13:$J$24,OFÍCIO!$I11,RRE!$O$13:$O$24))","v":""}]
[null,null,null,null,null,null,null,null,{"$f":"IF(ROW(I12)-ROW(L$5)>MAX(RRE!$V$13:$V$24),\"\",INDEX(RRE!$J$13:$J$24,MATCH(ROW(I12)-ROW(I$5),RRE!$V$13:$V$24,0)))","v":""},{"$f":"IF(I12=\"\",\"\",SUMIF(RRE!$J$13:$J$24,OFÍCIO!$I12,RRE!$L$13:$L$24))","v":""},{"$f":"IF(J12=\"\",\"\",SUMIF(RRE!$J$13:$J$24,OFÍCIO!$I12,RRE!$N$13:$N$24))","v":""},{"$f":"IF(K12=\"\",\"\",SUMIF(RRE!$J$13:$J$24,OFÍCIO!$I12,RRE!$O$13:$O$24))","v":""}]
[null,null,null,null,null,null,null,null,{"$f":"IF(ROW(I13)-ROW(L$5)>MAX(RRE!$V$13:$V$24),\"\",INDEX(RRE!$J$13:$J$24,MATCH(ROW(I13)-ROW(I$5),RRE!$V$13:$V$24,0)))","v":""},{"$f":"IF(I13=\"\",\"\",SUMIF(RRE!$J$13:$J$24,OFÍCIO!$I13,RRE!$L$13:$L$24))","v":""},{"$f":"IF(J13=\"\",\"\",SUMIF(RRE!$J$13:$J$24,OFÍCIO!$I13,RRE!$N$13:$N$24))","v":""},{"$f":"IF(K13=\"\",\"\",SUMIF(RRE!$J$13:$J$24,OFÍCIO!$I13,RRE!$O$13:$O$24))","v":""}]
[null,"Assunto:",{"$f":"CONCATENATE(RRE.Numero,\"ª\",\" Solicitação de \",IF(import.recurso=\"OGU\",\"Desbloqueio\",\"Desembolso\"),\" de Recursos.\")","v":"1ª Solicitação de Desembolso de Recursos."},null,null,null,null,null,{"$f":"IF(ROW(I14)-ROW(L$5)>MAX(RRE!$V$13:$V$24),\"\",INDEX(RRE!$J$13:$J$24,MATCH(ROW(I14)-ROW(I$5),RRE!$V$13:$V$24,0)))","v":""},{"$f":"IF(I14=\"\",\"\",SUMIF(RRE!$J$13:$J$24,OFÍCIO!$I14,RRE!$L$13:$L$24))","v":""},{"$f":"IF(J14=\"\",\"\",SUMIF(RRE!$J$13:$J$24,OFÍCIO!$I14,RRE!$N$13:$N$24))","v":""},{"$f":"IF(K14=\"\",\"\",SUMIF(RRE!$J$13:$J$24,OFÍCIO!$I14,RRE!$O$13:$O$24))","v":""}]
[null,"REF:",{"$f":"CONCATENATE(\"Contrato de \",IF(import.recurso=\"OGU\",\"Repasse\",\"Financiamento\"),\" - Operação nº \",Import.CR,IF(Import.SICONV=\"\",\"\",CONCATENATE(\" - SICONV nº \",Import.SICONV)))","v":"Contrato de Financiamento - Operação nº "},null,null,null,null,null,{"$f":"IF(ROW(I15)-ROW(L$5)>MAX(RRE!$V$13:$V$24),\"\",INDEX(RRE!$J$13:$J$24,MATCH(ROW(I15)-ROW(I$5),RRE!$V$13:$V$24,0)))","v":""},{"$f":"IF(I15=\"\",\"\",SUMIF(RRE!$J$13:$J$24,OFÍCIO!$I15,RRE!$L$13:$L$24))","v":""},{"$f":"IF(J15=\"\",\"\",SUMIF(RRE!$J$13:$J$24,OFÍCIO!$I15,RRE!$N$13:$N$24))","v":""},{"$f":"IF(K15=\"\",\"\",SUMIF(RRE!$J$13:$J$24,OFÍCIO!$I15,RRE!$O$13:$O$24))","v":""}]
[null,null,null,null,null,null,null,null,{"$f":"IF(ROW(I16)-ROW(L$5)>MAX(RRE!$V$13:$V$24),\"\",INDEX(RRE!$J$13:$J$24,MATCH(ROW(I16)-ROW(I$5),RRE!$V$13:$V$24,0)))","v":""},{"$f":"IF(I16=\"\",\"\",SUMIF(RRE!$J$13:$J$24,OFÍCIO!$I16,RRE!$L$13:$L$24))","v":""},{"$f":"IF(J16=\"\",\"\",SUMIF(RRE!$J$13:$J$24,OFÍCIO!$I16,RRE!$N$13:$N$24))","v":""},{"$f":"IF(K16=\"\",\"\",SUMIF(RRE!$J$13:$J$24,OFÍCIO!$I16,RRE!$O$13:$O$24))","v":""}]
[null,null,null,null,null,null,null,null,{"$f":"IF(ROW(I17)-ROW(L$5)>MAX(RRE!$V$13:$V$24),\"\",INDEX(RRE!$J$13:$J$24,MATCH(ROW(I17)-ROW(I$5),RRE!$V$13:$V$24,0)))","v":""},{"$f":"IF(I17=\"\",\"\",SUMIF(RRE!$J$13:$J$24,OFÍCIO!$I17,RRE!$L$13:$L$24))","v":""},{"$f":"IF(J17=\"\",\"\",SUMIF(RRE!$J$13:$J$24,OFÍCIO!$I17,RRE!$N$13:$N$24))","v":""},{"$f":"IF(K17=\"\",\"\",SUMIF(RRE!$J$13:$J$24,OFÍCIO!$I17,RRE!$O$13:$O$24))","v":""}]
[null,"Objeto:",{"$f":"Import.DescLote","v":"GARAGEM DE MÁQUINAS"},null,null,null,null,null,{"$f":"IF(ROW(I18)-ROW(L$5)>MAX(RRE!$V$13:$V$24),\"\",INDEX(RRE!$J$13:$J$24,MATCH(ROW(I18)-ROW(I$5),RRE!$V$13:$V$24,0)))","v":""},{"$f":"IF(I18=\"\",\"\",SUMIF(RRE!$J$13:$J$24,OFÍCIO!$I18,RRE!$L$13:$L$24))","v":""},{"$f":"IF(J18=\"\",\"\",SUMIF(RRE!$J$13:$J$24,OFÍCIO!$I18,RRE!$N$13:$N$24))","v":""},{"$f":"IF(K18=\"\",\"\",SUMIF(RRE!$J$13:$J$24,OFÍCIO!$I18,RRE!$O$13:$O$24))","v":""}]
[null,"Proponente / Tomador:",{"$f":"Import.Proponente","v":"Prefeitura Municipal de Ouro/SC"},null,null,null,null,null,{"$f":"IF(ROW(I19)-ROW(L$5)>MAX(RRE!$V$13:$V$24),\"\",INDEX(RRE!$J$13:$J$24,MATCH(ROW(I19)-ROW(I$5),RRE!$V$13:$V$24,0)))","v":""},{"$f":"IF(I19=\"\",\"\",SUMIF(RRE!$J$13:$J$24,OFÍCIO!$I19,RRE!$L$13:$L$24))","v":""},{"$f":"IF(J19=\"\",\"\",SUMIF(RRE!$J$13:$J$24,OFÍCIO!$I19,RRE!$N$13:$N$24))","v":""},{"$f":"IF(K19=\"\",\"\",SUMIF(RRE!$J$13:$J$24,OFÍCIO!$I19,RRE!$O$13:$O$24))","v":""}]
[null,null,null,null,null,null,null,null,{"$f":"IF(ROW(I20)-ROW(L$5)>MAX(RRE!$V$13:$V$24),\"\",INDEX(RRE!$J$13:$J$24,MATCH(ROW(I20)-ROW(I$5),RRE!$V$13:$V$24,0)))","v":""},{"$f":"IF(I20=\"\",\"\",SUMIF(RRE!$J$13:$J$24,OFÍCIO!$I20,RRE!$L$13:$L$24))","v":""},{"$f":"IF(J20=\"\",\"\",SUMIF(RRE!$J$13:$J$24,OFÍCIO!$I20,RRE!$N$13:$N$24))","v":""},{"$f":"IF(K20=\"\",\"\",SUMIF(RRE!$J$13:$J$24,OFÍCIO!$I20,RRE!$O$13:$O$24))","v":""}]
[null,null,null,null,null,null,null,null,{"$f":"IF(ROW(I21)-ROW(L$5)>MAX(RRE!$V$13:$V$24),\"\",INDEX(RRE!$J$13:$J$24,MATCH(ROW(I21)-ROW(I$5),RRE!$V$13:$V$24,0)))","v":""},{"$f":"IF(I21=\"\",\"\",SUMIF(RRE!$J$13:$J$24,OFÍCIO!$I21,RRE!$L$13:$L$24))","v":""},{"$f":"IF(J21=\"\",\"\",SUMIF(RRE!$J$13:$J$24,OFÍCIO!$I21,RRE!$N$13:$N$24))","v":""},{"$f":"IF(K21=\"\",\"\",SUMIF(RRE!$J$13:$J$24,OFÍCIO!$I21,RRE!$O$13:$O$24))","v":""}]
[null,{"$f":"IF(B11=\"GIGOV\",\"Senhor Gerente\",\"Senhor Superintendente\")","v":"Senhor Gerente"},null,null,null,null,null,null,{"$f":"IF(ROW(I22)-ROW(L$5)>MAX(RRE!$V$13:$V$24),\"\",INDEX(RRE!$J$13:$J$24,MATCH(ROW(I22)-ROW(I$5),RRE!$V$13:$V$24,0)))","v":""},{"$f":"IF(I22=\"\",\"\",SUMIF(RRE!$J$13:$J$24,OFÍCIO!$I22,RRE!$L$13:$L$24))","v":""},{"$f":"IF(J22=\"\",\"\",SUMIF(RRE!$J$13:$J$24,OFÍCIO!$I22,RRE!$N$13:$N$24))","v":""},{"$f":"IF(K22=\"\",\"\",SUMIF(RRE!$J$13:$J$24,OFÍCIO!$I22,RRE!$O$13:$O$24))","v":""}]
[null,null,null,null,null,null,null,null,{"$f":"IF(ROW(I23)-ROW(L$5)>MAX(RRE!$V$13:$V$24),\"\",INDEX(RRE!$J$13:$J$24,MATCH(ROW(I23)-ROW(I$5),RRE!$V$13:$V$24,0)))","v":""},{"$f":"IF(I23=\"\",\"\",SUMIF(RRE!$J$13:$J$24,OFÍCIO!$I23,RRE!$L$13:$L$24))","v":""},{"$f":"IF(J23=\"\",\"\",SUMIF(RRE!$J$13:$J$24,OFÍCIO!$I23,RRE!$N$13:$N$24))","v":""},{"$f":"IF(K23=\"\",\"\",SUMIF(RRE!$J$13:$J$24,OFÍCIO!$I23,RRE!$O$13:$O$24))","v":""}]
[null,{"$f":"CONCATENATE(\"1. Vimos pelo presente, solicitar à Caixa Econômica Federal autorização para \",IF(import.recurso=\"OGU\",\"desbloqueio\",\"desembolso\"),\" da parcela de recursos relativa ao Contrato de \",IF(import.recurso=\"OGU\",\"Repasse\",\"Financiamento\"),\" em referência, conforme valores abaixo discriminados e, para tanto, anexamos a documentação necessária ao pleito.\")","v":"1. Vimos pelo presente, solicitar à Caixa Econômica Federal autorização para desembolso da parcela de recursos relativa ao Contrato de Financiamento em referência, conforme valores abaixo discriminados e, para tanto, anexamos a documentação necessária ao pleito."},null,null,null,null,null,null,{"$f":"IF(ROW(I24)-ROW(L$5)>MAX(RRE!$V$13:$V$24),\"\",INDEX(RRE!$J$13:$J$24,MATCH(ROW(I24)-ROW(I$5),RRE!$V$13:$V$24,0)))","v":""},{"$f":"IF(I24=\"\",\"\",SUMIF(RRE!$J$13:$J$24,OFÍCIO!$I24,RRE!$L$13:$L$24))","v":""},{"$f":"IF(J24=\"\",\"\",SUMIF(RRE!$J$13:$J$24,OFÍCIO!$I24,RRE!$N$13:$N$24))","v":""},{"$f":"IF(K24=\"\",\"\",SUMIF(RRE!$J$13:$J$24,OFÍCIO!$I24,RRE!$O$13:$O$24))","v":""}]
[null,null,null,null,null,null,null,null,{"$f":"IF(ROW(I25)-ROW(L$5)>MAX(RRE!$V$13:$V$24),\"\",INDEX(RRE!$J$13:$J$24,MATCH(ROW(I25)-ROW(I$5),RRE!$V$13:$V$24,0)))","v":""},{"$f":"IF(I25=\"\",\"\",SUMIF(RRE!$J$13:$J$24,OFÍCIO!$I25,RRE!$L$13:$L$24))","v":""},{"$f":"IF(J25=\"\",\"\",SUMIF(RRE!$J$13:$J$24,OFÍCIO!$I25,RRE!$N$13:$N$24))","v":""},{"$f":"IF(K25=\"\",\"\",SUMIF(RRE!$J$13:$J$24,OFÍCIO!$I25,RRE!$O$13:$O$24))","v":""}]
[null,null,null,null,null,null,null,null,{"$f":"IF(ROW(I26)-ROW(L$5)>MAX(RRE!$V$13:$V$24),\"\",INDEX(RRE!$J$13:$J$24,MATCH(ROW(I26)-ROW(I$5),RRE!$V$13:$V$24,0)))","v":""},{"$f":"IF(I26=\"\",\"\",SUMIF(RRE!$J$13:$J$24,OFÍCIO!$I26,RRE!$L$13:$L$24))","v":""},{"$f":"IF(J26=\"\",\"\",SUMIF(RRE!$J$13:$J$24,OFÍCIO!$I26,RRE!$N$13:$N$24))","v":""},{"$f":"IF(K26=\"\",\"\",SUMIF(RRE!$J$13:$J$24,OFÍCIO!$I26,RRE!$O$13:$O$24))","v":""}]
[null,null,null,null,null,null,null,null,{"$f":"IF(ROW(I27)-ROW(L$5)>MAX(RRE!$V$13:$V$24),\"\",INDEX(RRE!$J$13:$J$24,MATCH(ROW(I27)-ROW(I$5),RRE!$V$13:$V$24,0)))","v":""},{"$f":"IF(I27=\"\",\"\",SUMIF(RRE!$J$13:$J$24,OFÍCIO!$I27,RRE!$L$13:$L$24))","v":""},{"$f":"IF(J27=\"\",\"\",SUMIF(RRE!$J$13:$J$24,OFÍCIO!$I27,RRE!$N$13:$N$24))","v":""},{"$f":"IF(K27=\"\",\"\",SUMIF(RRE!$J$13:$J$24,OFÍCIO!$I27,RRE!$O$13:$O$24))","v":""}]
[null,null,null,"Valores Vigentes do TC/CR",{"$f":"\"Evolução da \"&RRE.Numero&\"ª Medição\"","v":"Evolução da 1ª Medição"},"Valores Medidos Acumulados",null,null,{"$f":"IF(ROW(I28)-ROW(L$5)>MAX(RRE!$V$13:$V$24),\"\",INDEX(RRE!$J$13:$J$24,MATCH(ROW(I28)-ROW(I$5),RRE!$V$13:$V$24,0)))","v":""},{"$f":"IF(I28=\"\",\"\",SUMIF(RRE!$J$13:$J$24,OFÍCIO!$I28,RRE!$L$13:$L$24))","v":""},{"$f":"IF(J28=\"\",\"\",SUMIF(RRE!$J$13:$J$24,OFÍCIO!$I28,RRE!$N$13:$N$24))","v":""},{"$f":"IF(K28=\"\",\"\",SUMIF(RRE!$J$13:$J$24,OFÍCIO!$I28,RRE!$O$13:$O$24))","v":""}]
[null,null,null,null,null,null,null,null,{"$f":"IF(ROW(I29)-ROW(L$5)>MAX(RRE!$V$13:$V$24),\"\",INDEX(RRE!$J$13:$J$24,MATCH(ROW(I29)-ROW(I$5),RRE!$V$13:$V$24,0)))","v":""},{"$f":"IF(I29=\"\",\"\",SUMIF(RRE!$J$13:$J$24,OFÍCIO!$I29,RRE!$L$13:$L$24))","v":""},{"$f":"IF(J29=\"\",\"\",SUMIF(RRE!$J$13:$J$24,OFÍCIO!$I29,RRE!$N$13:$N$24))","v":""},{"$f":"IF(K29=\"\",\"\",SUMIF(RRE!$J$13:$J$24,OFÍCIO!$I29,RRE!$O$13:$O$24))","v":""}]
[null,{"$f":"IF(import.recurso=\"FGTS\",\"Financiamento:\",\"Repasse:\")","v":"Repasse:"},null,{"$f":"RRE!L25","v":0},{"$f":"RRE!N25","v":{"$error":"#REF!"}},{"$f":"RRE!O25","v":{"$error":"#REF!"}},null,null,{"$f":"IF(ROW(I30)-ROW(L$5)>MAX(RRE!$V$13:$V$24),\"\",INDEX(RRE!$J$13:$J$24,MATCH(ROW(I30)-ROW(I$5),RRE!$V$13:$V$24,0)))","v":""},{"$f":"IF(I30=\"\",\"\",SUMIF(RRE!$J$13:$J$24,OFÍCIO!$I30,RRE!$L$13:$L$24))","v":""},{"$f":"IF(J30=\"\",\"\",SUMIF(RRE!$J$13:$J$24,OFÍCIO!$I30,RRE!$N$13:$N$24))","v":""},{"$f":"IF(K30=\"\",\"\",SUMIF(RRE!$J$13:$J$24,OFÍCIO!$I30,RRE!$O$13:$O$24))","v":""}]
[null,"Contrapartida Financeira:",null,{"$f":"RRE!L26","v":298436.46000000002},{"$f":"RRE!N26","v":{"$error":"#REF!"}},{"$f":"RRE!O26","v":{"$error":"#REF!"}},null,null,{"$f":"IF(ROW(I31)-ROW(L$5)>MAX(RRE!$V$13:$V$24),\"\",INDEX(RRE!$J$13:$J$24,MATCH(ROW(I31)-ROW(I$5),RRE!$V$13:$V$24,0)))","v":""},{"$f":"IF(I31=\"\",\"\",SUMIF(RRE!$J$13:$J$24,OFÍCIO!$I31,RRE!$L$13:$L$24))","v":""},{"$f":"IF(J31=\"\",\"\",SUMIF(RRE!$J$13:$J$24,OFÍCIO!$I31,RRE!$N$13:$N$24))","v":""},{"$f":"IF(K31=\"\",\"\",SUMIF(RRE!$J$13:$J$24,OFÍCIO!$I31,RRE!$O$13:$O$24))","v":""}]
[null,"Outros:",null,{"$f":"RRE!L27","v":0},{"$f":"RRE!N27","v":{"$error":"#REF!"}},{"$f":"RRE!O27","v":{"$error":"#REF!"}},null,null,{"$f":"IF(ROW(I32)-ROW(L$5)>MAX(RRE!$V$13:$V$24),\"\",INDEX(RRE!$J$13:$J$24,MATCH(ROW(I32)-ROW(I$5),RRE!$V$13:$V$24,0)))","v":""},{"$f":"IF(I32=\"\",\"\",SUMIF(RRE!$J$13:$J$24,OFÍCIO!$I32,RRE!$L$13:$L$24))","v":""},{"$f":"IF(J32=\"\",\"\",SUMIF(RRE!$J$13:$J$24,OFÍCIO!$I32,RRE!$N$13:$N$24))","v":""},{"$f":"IF(K32=\"\",\"\",SUMIF(RRE!$J$13:$J$24,OFÍCIO!$I32,RRE!$O$13:$O$24))","v":""}]
[null,"Investimento:",null,{"$f":"RRE!L28","v":298436.46000000002},{"$f":"RRE!N28","v":{"$error":"#REF!"}},{"$f":"RRE!O28","v":{"$error":"#REF!"}},null,null,{"$f":"IF(ROW(I33)-ROW(L$5)>MAX(RRE!$V$13:$V$24),\"\",INDEX(RRE!$J$13:$J$24,MATCH(ROW(I33)-ROW(I$5),RRE!$V$13:$V$24,0)))","v":""},{"$f":"IF(I33=\"\",\"\",SUMIF(RRE!$J$13:$J$24,OFÍCIO!$I33,RRE!$L$13:$L$24))","v":""},{"$f":"IF(J33=\"\",\"\",SUMIF(RRE!$J$13:$J$24,OFÍCIO!$I33,RRE!$N$13:$N$24))","v":""},{"$f":"IF(K33=\"\",\"\",SUMIF(RRE!$J$13:$J$24,OFÍCIO!$I33,RRE!$O$13:$O$24))","v":""}]
[null,"Execução Física:",null,"-",{"$f":"RRE!$N$28/(RRE!$L$28+10^-12)","v":{"$error":"#REF!"}},{"$f":"RRE!P24","v":{"$error":"#REF!"}},null,null,{"$f":"IF(ROW(I34)-ROW(L$5)>MAX(RRE!$V$13:$V$24),\"\",INDEX(RRE!$J$13:$J$24,MATCH(ROW(I34)-ROW(I$5),RRE!$V$13:$V$24,0)))","v":""},{"$f":"IF(I34=\"\",\"\",SUMIF(RRE!$J$13:$J$24,OFÍCIO!$I34,RRE!$L$13:$L$24))","v":""},{"$f":"IF(J34=\"\",\"\",SUMIF(RRE!$J$13:$J$24,OFÍCIO!$I34,RRE!$N$13:$N$24))","v":""},{"$f":"IF(K34=\"\",\"\",SUMIF(RRE!$J$13:$J$24,OFÍCIO!$I34,RRE!$O$13:$O$24))","v":""}]
[null,null,null,null,null,null,null,null,{"$f":"IF(ROW(I35)-ROW(L$5)>MAX(RRE!$V$13:$V$24),\"\",INDEX(RRE!$J$13:$J$24,MATCH(ROW(I35)-ROW(I$5),RRE!$V$13:$V$24,0)))","v":""},{"$f":"IF(I35=\"\",\"\",SUMIF(RRE!$J$13:$J$24,OFÍCIO!$I35,RRE!$L$13:$L$24))","v":""},{"$f":"IF(J35=\"\",\"\",SUMIF(RRE!$J$13:$J$24,OFÍCIO!$I35,RRE!$N$13:$N$24))","v":""},{"$f":"IF(K35=\"\",\"\",SUMIF(RRE!$J$13:$J$24,OFÍCIO!$I35,RRE!$O$13:$O$24))","v":""}]
[null,null,null,null,null,null,null,null,{"$f":"IF(ROW(I36)-ROW(L$5)>MAX(RRE!$V$13:$V$24),\"\",INDEX(RRE!$J$13:$J$24,MATCH(ROW(I36)-ROW(I$5),RRE!$V$13:$V$24,0)))","v":""},{"$f":"IF(I36=\"\",\"\",SUMIF(RRE!$J$13:$J$24,OFÍCIO!$I36,RRE!$L$13:$L$24))","v":""},{"$f":"IF(J36=\"\",\"\",SUMIF(RRE!$J$13:$J$24,OFÍCIO!$I36,RRE!$N$13:$N$24))","v":""},{"$f":"IF(K36=\"\",\"\",SUMIF(RRE!$J$13:$J$24,OFÍCIO!$I36,RRE!$O$13:$O$24))","v":""}]
[null,{"$f":"IF(RRE.Numero>1,\"2. Encaminhamos ainda a documentação relativa à prestação de contas da etapa físico-financeira anterior.\",\"\")","v":""},null,null,null,null,null,null,{"$f":"IF(ROW(I37)-ROW(L$5)>MAX(RRE!$V$13:$V$24),\"\",INDEX(RRE!$J$13:$J$24,MATCH(ROW(I37)-ROW(I$5),RRE!$V$13:$V$24,0)))","v":""},{"$f":"IF(I37=\"\",\"\",SUMIF(RRE!$J$13:$J$24,OFÍCIO!$I37,RRE!$L$13:$L$24))","v":""},{"$f":"IF(J37=\"\",\"\",SUMIF(RRE!$J$13:$J$24,OFÍCIO!$I37,RRE!$N$13:$N$24))","v":""},{"$f":"IF(K37=\"\",\"\",SUMIF(RRE!$J$13:$J$24,OFÍCIO!$I37,RRE!$O$13:$O$24))","v":""}]
[null,null,null,null,null,null,null,null,{"$f":"IF(ROW(I38)-ROW(L$5)>MAX(RRE!$V$13:$V$24),\"\",INDEX(RRE!$J$13:$J$24,MATCH(ROW(I38)-ROW(I$5),RRE!$V$13:$V$24,0)))","v":""},{"$f":"IF(I38=\"\",\"\",SUMIF(RRE!$J$13:$J$24,OFÍCIO!$I38,RRE!$L$13:$L$24))","v":""},{"$f":"IF(J38=\"\",\"\",SUMIF(RRE!$J$13:$J$24,OFÍCIO!$I38,RRE!$N$13:$N$24))","v":""},{"$f":"IF(K38=\"\",\"\",SUMIF(RRE!$J$13:$J$24,OFÍCIO!$I38,RRE!$O$13:$O$24))","v":""}]
[null,{"$f":"IF(AND(RRE.Numero>1,NOT(ISBLANK(Import.SICONV))),\"3. Na oportunidade, informamos que a execução financeira da parcela anterior está devidamente comprovada no SICONV.\",\"\")","v":""},null,null,null,null,null,null,{"$f":"IF(ROW(I39)-ROW(L$5)>MAX(RRE!$V$13:$V$24),\"\",INDEX(RRE!$J$13:$J$24,MATCH(ROW(I39)-ROW(I$5),RRE!$V$13:$V$24,0)))","v":""},{"$f":"IF(I39=\"\",\"\",SUMIF(RRE!$J$13:$J$24,OFÍCIO!$I39,RRE!$L$13:$L$24))","v":""},{"$f":"IF(J39=\"\",\"\",SUMIF(RRE!$J$13:$J$24,OFÍCIO!$I39,RRE!$N$13:$N$24))","v":""},{"$f":"IF(K39=\"\",\"\",SUMIF(RRE!$J$13:$J$24,OFÍCIO!$I39,RRE!$O$13:$O$24))","v":""}]
[null,null,null,null,null,null,null,null,{"$f":"IF(ROW(I40)-ROW(L$5)>MAX(RRE!$V$13:$V$24),\"\",INDEX(RRE!$J$13:$J$24,MATCH(ROW(I40)-ROW(I$5),RRE!$V$13:$V$24,0)))","v":""},{"$f":"IF(I40=\"\",\"\",SUMIF(RRE!$J$13:$J$24,OFÍCIO!$I40,RRE!$L$13:$L$24))","v":""},{"$f":"IF(J40=\"\",\"\",SUMIF(RRE!$J$13:$J$24,OFÍCIO!$I40,RRE!$N$13:$N$24))","v":""},{"$f":"IF(K40=\"\",\"\",SUMIF(RRE!$J$13:$J$24,OFÍCIO!$I40,RRE!$O$13:$O$24))","v":""}]
[null,null,null,null,null,null,null,null,{"$f":"IF(ROW(I41)-ROW(L$5)>MAX(RRE!$V$13:$V$24),\"\",INDEX(RRE!$J$13:$J$24,MATCH(ROW(I41)-ROW(I$5),RRE!$V$13:$V$24,0)))","v":""},{"$f":"IF(I41=\"\",\"\",SUMIF(RRE!$J$13:$J$24,OFÍCIO!$I41,RRE!$L$13:$L$24))","v":""},{"$f":"IF(J41=\"\",\"\",SUMIF(RRE!$J$13:$J$24,OFÍCIO!$I41,RRE!$N$13:$N$24))","v":""},{"$f":"IF(K41=\"\",\"\",SUMIF(RRE!$J$13:$J$24,OFÍCIO!$I41,RRE!$O$13:$O$24))","v":""}]
[null,{"$f":"IF($B$37=\"\",0,1)+IF($B$39=\"\",0,1)+2&\". Informamos também a manutenção da Placa de Obra em local visível e de acordo com padrão estabelecido pela Presidência da República, constante do Manual Visual de Placas e Adesivos de Obra.\"","v":"2. Informamos também a manutenção da Placa de Obra em local visível e de acordo com padrão estabelecido pela Presidência da República, constante do Manual Visual de Placas e Adesivos de Obra."},null,null,null,null,null,null,{"$f":"IF(ROW(I42)-ROW(L$5)>MAX(RRE!$V$13:$V$24),\"\",INDEX(RRE!$J$13:$J$24,MATCH(ROW(I42)-ROW(I$5),RRE!$V$13:$V$24,0)))","v":""},{"$f":"IF(I42=\"\",\"\",SUMIF(RRE!$J$13:$J$24,OFÍCIO!$I42,RRE!$L$13:$L$24))","v":""},{"$f":"IF(J42=\"\",\"\",SUMIF(RRE!$J$13:$J$24,OFÍCIO!$I42,RRE!$N$13:$N$24))","v":""},{"$f":"IF(K42=\"\",\"\",SUMIF(RRE!$J$13:$J$24,OFÍCIO!$I42,RRE!$O$13:$O$24))","v":""}]
[null,null,null,null,null,null,null,null,{"$f":"IF(ROW(I43)-ROW(L$5)>MAX(RRE!$V$13:$V$24),\"\",INDEX(RRE!$J$13:$J$24,MATCH(ROW(I43)-ROW(I$5),RRE!$V$13:$V$24,0)))","v":""},{"$f":"IF(I43=\"\",\"\",SUMIF(RRE!$J$13:$J$24,OFÍCIO!$I43,RRE!$L$13:$L$24))","v":""},{"$f":"IF(J43=\"\",\"\",SUMIF(RRE!$J$13:$J$24,OFÍCIO!$I43,RRE!$N$13:$N$24))","v":""},{"$f":"IF(K43=\"\",\"\",SUMIF(RRE!$J$13:$J$24,OFÍCIO!$I43,RRE!$O$13:$O$24))","v":""}]
[null,null,null,null,null,null,null,null,{"$f":"IF(ROW(I44)-ROW(L$5)>MAX(RRE!$V$13:$V$24),\"\",INDEX(RRE!$J$13:$J$24,MATCH(ROW(I44)-ROW(I$5),RRE!$V$13:$V$24,0)))","v":""},{"$f":"IF(I44=\"\",\"\",SUMIF(RRE!$J$13:$J$24,OFÍCIO!$I44,RRE!$L$13:$L$24))","v":""},{"$f":"IF(J44=\"\",\"\",SUMIF(RRE!$J$13:$J$24,OFÍCIO!$I44,RRE!$N$13:$N$24))","v":""},{"$f":"IF(K44=\"\",\"\",SUMIF(RRE!$J$13:$J$24,OFÍCIO!$I44,RRE!$O$13:$O$24))","v":""}]
[null,null,null,null,null,null,null,null,{"$f":"IF(ROW(I45)-ROW(L$5)>MAX(RRE!$V$13:$V$24),\"\",INDEX(RRE!$J$13:$J$24,MATCH(ROW(I45)-ROW(I$5),RRE!$V$13:$V$24,0)))","v":""},{"$f":"IF(I45=\"\",\"\",SUMIF(RRE!$J$13:$J$24,OFÍCIO!$I45,RRE!$L$13:$L$24))","v":""},{"$f":"IF(J45=\"\",\"\",SUMIF(RRE!$J$13:$J$24,OFÍCIO!$I45,RRE!$N$13:$N$24))","v":""},{"$f":"IF(K45=\"\",\"\",SUMIF(RRE!$J$13:$J$24,OFÍCIO!$I45,RRE!$O$13:$O$24))","v":""}]
[null,null,null,null,null,null,null,null,{"$f":"IF(ROW(I46)-ROW(L$5)>MAX(RRE!$V$13:$V$24),\"\",INDEX(RRE!$J$13:$J$24,MATCH(ROW(I46)-ROW(I$5),RRE!$V$13:$V$24,0)))","v":""},{"$f":"IF(I46=\"\",\"\",SUMIF(RRE!$J$13:$J$24,OFÍCIO!$I46,RRE!$L$13:$L$24))","v":""},{"$f":"IF(J46=\"\",\"\",SUMIF(RRE!$J$13:$J$24,OFÍCIO!$I46,RRE!$N$13:$N$24))","v":""},{"$f":"IF(K46=\"\",\"\",SUMIF(RRE!$J$13:$J$24,OFÍCIO!$I46,RRE!$O$13:$O$24))","v":""}]
[]
[]
[null,"Atenciosamente,"]
[]
[]
[]
[]
[null,{"$f":"DADOS!$F$28","v":"Antonio José Bissani"}]
[null,{"$f":"DADOS!$F$29","v":"Prefeito Municipal"}]